{"text_format":"3","workbook":"xlsx","n_sheets":17,"sheets":["GLOBAL","SINAPI-COMP","MEMO","COMP","COTAÇÃO","CRONOGRAMA","SEINFRA-COMP","SEINFRA-INSU","SEINFRA-SERV","BDI","LS","LABOR-COMP","LABOR-SERV","LABOR-INSU","PL LICITADA","SINAPI-SERV","SINAPI-INSU"],"not_rendered":{"images":2,"defined_names":14},"read":"whole","date_system":"1900"}

{"sheet":"GLOBAL","index":0,"n_rows":102,"n_cols":13,"rows_kept":102,"merged":[[1,1,1,9],[2,1,2,9],[3,2,3,9],[4,2,4,9],[101,1,101,5]]}
[]
[null,"ORÇAMENTO GLOBAL"]
[]
[null,"OBRA:","TROCA DE COBERTURA E REFORMA ELETRICA EMEF PEDRO NOLASCO"]
[null,"LOCAL:","JOÃO NEIVA/ES"]
[null,"DATA BASE: ","atualizada para SET/2018"]
[null,"ÍTEM","DESCRIÇÃO DOS SERIÇOS","UNID.","QUANT.","VALOR UNIT","TOTAL","%","FONTE","CÓDIGO"]
[null,"1.0",{"$f":"VLOOKUP(B8,'PL LICITADA'!B:I,4,FALSE)","v":"ADMINISTRAÇÃO LOCAL"}]
[null,"1.1",{"$f":"UPPER(IF(I9=\"COMP\",VLOOKUP(B9,COMP!B:M,6,FALSE),IF(GLOBAL!I9=\"LABOR\",VLOOKUP(GLOBAL!J9,'LABOR-SERV'!A:D,2,FALSE),\"NÃO\")))","v":"EQUIPE DE OBRA, INCLUINDO ENGENHEIRO JUNIOR, TECNICO DE SEGUNDO GRAU."},{"$f":"UPPER(IF(I9=\"COMP\",VLOOKUP(B9,COMP!B:M,7,FALSE),IF(I9=\"LABOR\",VLOOKUP(J9,'LABOR-SERV'!A:D,3,FALSE),\"NÃO\")))","v":"UND"},{"$f":"VLOOKUP(B9,MEMO!B:I,8,FALSE)","v":{"v":1,"d":"1.00"}},{"$f":"TRUNC(IF(I9=\"COMP\",VLOOKUP(B9,COMP!B:M,12,FALSE),IF(I9=\"LABOR\",VLOOKUP(J9,'LABOR-SERV'!A:D,4,FALSE),\"NÃO\")),2)","v":{"v":23257.44,"d":"R$ 23,257.44"}},{"$f":"E9*F9","v":{"v":23257.44,"d":"R$ 23,257.44"}},{"$f":"G9/$G$102","v":{"v":0.051317565007335954,"d":"5.13%"}},"COMP",1]
["1.0",null,"VALOR TOTAL ITEM 1",{"$nulls":3},{"$f":"SUM(G9:G9)","v":{"v":23257.44,"d":"R$ 23,257.44"}},{"$f":"G10/$G$102","v":{"v":0.051317565007335954,"d":"5.13%"}}]
[null,"2.0",{"$f":"VLOOKUP(B11,'PL LICITADA'!B:I,4,FALSE)","v":"SERVIÇOS PRELIMINARES"}]
[null,"2.1",{"$f":"UPPER(IF(I12=\"COMP\",VLOOKUP(B12,COMP!B:M,6,FALSE),IF(GLOBAL!I12=\"LABOR\",VLOOKUP(GLOBAL!J12,'LABOR-SERV'!A:D,2,FALSE),\"NÃO\")))","v":"REMOÇÃO DE TELHA ONDULADA DE FIBROCIMENTO, INCLUSIVE CUMEEIRA"},{"$f":"UPPER(IF(I12=\"COMP\",VLOOKUP(B12,COMP!B:M,7,FALSE),IF(I12=\"LABOR\",VLOOKUP(J12,'LABOR-SERV'!A:D,3,FALSE),\"NÃO\")))","v":"M2"},{"$f":"VLOOKUP(B12,MEMO!B:I,8,FALSE)","v":{"v":856,"d":"856.00"}},{"v":6.14,"d":"R$ 6.14"},{"$f":"E12*F12","v":{"v":5255.84,"d":"R$ 5,255.84"}},{"$f":"G12/$G$102","v":{"v":0.011597016303950762,"d":"1.16%"}},"LABOR",10256]
[null,"2.2",{"$f":"UPPER(IF(I13=\"COMP\",VLOOKUP(B13,COMP!B:M,6,FALSE),IF(GLOBAL!I13=\"LABOR\",VLOOKUP(GLOBAL!J13,'LABOR-SERV'!A:D,2,FALSE),\"NÃO\")))","v":"RETIRADA DE ESTRUTURA EM MADEIRA DO TELHADO"},{"$f":"UPPER(IF(I13=\"COMP\",VLOOKUP(B13,COMP!B:M,7,FALSE),IF(I13=\"LABOR\",VLOOKUP(J13,'LABOR-SERV'!A:D,3,FALSE),\"NÃO\")))","v":"M2"},{"$f":"VLOOKUP(B13,MEMO!B:I,8,FALSE)","v":{"v":856,"d":"856.00"}},{"v":23.56,"d":"R$ 23.56"},{"v":20167.36,"d":"R$ 20,167.36"},{"v":0.04449930034545276,"d":"4.45%"},"LABOR",10326]
[null,"2.3",{"$f":"UPPER(IF(I14=\"COMP\",VLOOKUP(B14,COMP!B:M,6,FALSE),IF(GLOBAL!I14=\"LABOR\",VLOOKUP(GLOBAL!J14,'LABOR-SERV'!A:D,2,FALSE),\"NÃO\")))","v":"DEMOLIÇÃO DE FORRO DE MADEIRA, SEM REAPROVEITAMENTO"},{"$f":"UPPER(IF(I14=\"COMP\",VLOOKUP(B14,COMP!B:M,7,FALSE),IF(I14=\"LABOR\",VLOOKUP(J14,'LABOR-SERV'!A:D,3,FALSE),\"NÃO\")))","v":"M2"},{"$f":"VLOOKUP(B14,MEMO!B:I,8,FALSE)","v":{"v":278,"d":"278.00"}},{"v":5.43,"d":"R$ 5.43"},{"v":1509.54,"d":"R$ 1,509.54"},{"v":0.003330801544846463,"d":"0.33%"},"LABOR",10228]
[null,"2.4",{"$f":"UPPER(IF(I15=\"COMP\",VLOOKUP(B15,COMP!B:M,6,FALSE),IF(GLOBAL!I15=\"LABOR\",VLOOKUP(GLOBAL!J15,'LABOR-SERV'!A:D,2,FALSE),\"NÃO\")))","v":"DEMOLIÇÃO MANUAL DE CONCRETO SIMPLES (EMOP 05.001.001)"},{"$f":"UPPER(IF(I15=\"COMP\",VLOOKUP(B15,COMP!B:M,7,FALSE),IF(I15=\"LABOR\",VLOOKUP(J15,'LABOR-SERV'!A:D,3,FALSE),\"NÃO\")))","v":"M3"},{"$f":"VLOOKUP(B15,MEMO!B:I,8,FALSE)","v":{"v":4,"d":"4.00"}},{"v":225.78,"d":"R$ 225.78"},{"v":903.12,"d":"R$ 903.12"},{"v":1.9927351982602236E-3,"d":"0.20%"},"LABOR",10210]
[null,"2.5",{"$f":"UPPER(IF(I16=\"COMP\",VLOOKUP(B16,COMP!B:M,6,FALSE),IF(GLOBAL!I16=\"LABOR\",VLOOKUP(GLOBAL!J16,'LABOR-SERV'!A:D,2,FALSE),\"NÃO\")))","v":"DEMOLIÇÃO DE ALVENARIA"},{"$f":"UPPER(IF(I16=\"COMP\",VLOOKUP(B16,COMP!B:M,7,FALSE),IF(I16=\"LABOR\",VLOOKUP(J16,'LABOR-SERV'!A:D,3,FALSE),\"NÃO\")))","v":"M3"},{"$f":"VLOOKUP(B16,MEMO!B:I,8,FALSE)","v":{"v":17.558999999999997,"d":"17.56"}},{"v":48.09,"d":"R$ 48.09"},{"$f":"E16*F16","v":{"v":844.4123099999999,"d":"R$ 844.41"}},{"v":1.8631966205833368E-3,"d":"0.19%"},"LABOR",10209]
[null,"2.6",{"$f":"UPPER(IF(I17=\"COMP\",VLOOKUP(B17,COMP!B:M,6,FALSE),IF(GLOBAL!I17=\"LABOR\",VLOOKUP(GLOBAL!J17,'LABOR-SERV'!A:D,2,FALSE),\"NÃO\")))","v":"RETIRADA DE PONTOS ELÉTRICOS (LUMINÁRIAS, INTERRUPTORES E TOMADAS)"},{"$f":"UPPER(IF(I17=\"COMP\",VLOOKUP(B17,COMP!B:M,7,FALSE),IF(I17=\"LABOR\",VLOOKUP(J17,'LABOR-SERV'!A:D,3,FALSE),\"NÃO\")))","v":"UND"},{"$f":"VLOOKUP(B17,MEMO!B:I,8,FALSE)","v":{"v":126,"d":"126.00"}},{"v":8.85,"d":"R$ 8.85"},{"$f":"E17*F17","v":{"v":1115.1,"d":"R$ 1,115.10"}},{"v":0.002460469283793931,"d":"0.25%"},"LABOR",10240]
[null,"2.7",{"$f":"UPPER(IF(I18=\"COMP\",VLOOKUP(B18,COMP!B:M,6,FALSE),IF(GLOBAL!I18=\"LABOR\",VLOOKUP(GLOBAL!J18,'LABOR-SERV'!A:D,2,FALSE),\"NÃO\")))","v":"ÍNDICE DE PREÇO PARA REMOÇÃO DE ENTULHO DECORRENTE DA EXECUÇÃO DE OBRAS (CLASSE A CONAMA - NBR 10.004 - CLASSE II-B), INCLUINDO ALUGUEL DA CAÇAMBA, CARGA, TRANSPORTE E DESCARGA EM ÁREA LICENCIADA"},{"$f":"UPPER(IF(I18=\"COMP\",VLOOKUP(B18,COMP!B:M,7,FALSE),IF(I18=\"LABOR\",VLOOKUP(J18,'LABOR-SERV'!A:D,3,FALSE),\"NÃO\")))","v":"M3"},{"$f":"VLOOKUP(B18,MEMO!B:I,8,FALSE)","v":{"v":23.476699999999997,"d":"23.48"}},{"v":59.68,"d":"R$ 59.68"},{"v":1401.089456,"d":"R$ 1,401.09"},{"v":3.0915053092418153E-3,"d":"0.31%"},"LABOR",30304]
[null,"2.8",{"$f":"UPPER(IF(I19=\"COMP\",VLOOKUP(B19,COMP!B:M,6,FALSE),IF(GLOBAL!I19=\"LABOR\",VLOOKUP(GLOBAL!J19,'LABOR-SERV'!A:D,2,FALSE),\"NÃO\")))","v":"LOCAÇÃO DE ANDAIME METÁLICO PARA TRABALHO EM FACHADA DE EDIFÍCO (ALUGUEL DE 1 M² POR 1 MÊS) INCLUSIVE FRETE, MONTAGEM E DESMONTAGEM"},{"$f":"UPPER(IF(I19=\"COMP\",VLOOKUP(B19,COMP!B:M,7,FALSE),IF(I19=\"LABOR\",VLOOKUP(J19,'LABOR-SERV'!A:D,3,FALSE),\"NÃO\")))","v":"M2"},{"$f":"VLOOKUP(B19,MEMO!B:I,8,FALSE)","v":{"v":420,"d":"420.00"}},{"v":11.81,"d":"R$ 11.81"},{"$f":"E19*F19","v":{"v":4960.2,"d":"R$ 4,960.20"}},{"v":0.010944686343354548,"d":"1.09%"},"LABOR",20339]
[null,"2.9",{"$f":"UPPER(IF(I20=\"COMP\",VLOOKUP(B20,COMP!B:M,6,FALSE),IF(GLOBAL!I20=\"LABOR\",VLOOKUP(GLOBAL!J20,'LABOR-SERV'!A:D,2,FALSE),\"NÃO\")))","v":"ALUGUEL MENSAL CONTAINER PARA ALMOXARIFADO, INCL. PORTA, 2 JANELAS, 1 PT ILUMINAÇÃO, ISOLAMENTO TÉRMICO (TETO), PISO EM COMP. NAVAL PINTADO, CERT. NR18, INCL. LAUDO DESCONTAMINAÇÃO."},{"$f":"UPPER(IF(I20=\"COMP\",VLOOKUP(B20,COMP!B:M,7,FALSE),IF(I20=\"LABOR\",VLOOKUP(J20,'LABOR-SERV'!A:D,3,FALSE),\"NÃO\")))","v":"MS"},{"$f":"VLOOKUP(B20,MEMO!B:I,8,FALSE)","v":{"v":3,"d":"3.00"}},{"v":436.33,"d":"R$ 436.33"},{"$f":"E20*F20","v":{"v":1308.99,"d":"R$ 1,308.99"}},{"v":2.8882877659343717E-3,"d":"0.29%"},"LABOR",20356]
[null,"2.10",{"$f":"UPPER(IF(I21=\"COMP\",VLOOKUP(B21,COMP!B:M,6,FALSE),IF(GLOBAL!I21=\"LABOR\",VLOOKUP(GLOBAL!J21,'LABOR-SERV'!A:D,2,FALSE),\"NÃO\")))","v":"ABERTURA E FECHAMENTO DE RASGOS EM ALVENARIA, PARA PASSAGEM DE ELETRODUTOS DIÂM. 1/2\" A 1\""},{"$f":"UPPER(IF(I21=\"COMP\",VLOOKUP(B21,COMP!B:M,7,FALSE),IF(I21=\"LABOR\",VLOOKUP(J21,'LABOR-SERV'!A:D,3,FALSE),\"NÃO\")))","v":"M"},{"$f":"VLOOKUP(B21,MEMO!B:I,8,FALSE)","v":{"v":120,"d":"120.00"}},{"v":10.33,"d":"R$ 10.33"},{"$f":"E21*F21","v":{"v":1239.6,"d":"R$ 1,239.60"}},{"v":0.002735178660381093,"d":"0.27%"},"LABOR",151601]
[null,"2.11","PLACA DE OBRA NAS DIMENSÕES DE 2.0X4.0 M, PADRÃO IOPES","M2",{"$f":"MEMO!I73","v":{"v":8,"d":"8.00"}},{"v":277.46,"d":"R$ 277.46"},{"v":2219.68,"d":"R$ 2,219.68"},{"v":0.004897726176891501,"d":"0.49%"},"LABOR",20305]
["2.0",null,"VALOR TOTAL ITEM 2",{"$nulls":3},{"$f":"SUM(G12:G22)","v":{"v":40924.931765999994,"d":"R$ 40,924.93"}},{"v":0.0903009035526908,"d":"9.03%"}]
[null,"3.0","PAREDES E PAINÉIS DA COBERTURA"]
[null,"3.1","ALVENARIA "]
[null,"3.1.1",{"$f":"UPPER(IF(I26=\"COMP\",VLOOKUP(B26,COMP!B:M,6,FALSE),IF(GLOBAL!I26=\"LABOR\",VLOOKUP(GLOBAL!J26,'LABOR-SERV'!A:D,2,FALSE),\"NÃO\")))","v":"ALVENARIA DE BLOCOS CERÂMICOS 10 FUROS 10X20X20CM, ASSENTADOS C/ARGAMASSA DE CIMENTO, CAL HIDRATADA CH1 E AREIA TRAÇO 1:0,5:8, JUNTAS 12MM E ESP. DAS PAREDES S/REVESTIMENTO, 10CM (BLOCO COMPRADO NA PRAÇA DE VITÓRIA, POSTO OBRA)"},{"$f":"UPPER(IF(I26=\"COMP\",VLOOKUP(B26,COMP!B:M,7,FALSE),IF(I26=\"LABOR\",VLOOKUP(J26,'LABOR-SERV'!A:D,3,FALSE),\"NÃO\")))","v":"M2"},{"$f":"VLOOKUP(B26,MEMO!B:I,8,FALSE)","v":{"v":111.65500000000002,"d":"111.66"}},{"v":57.78,"d":"R$ 57.78"},{"$f":"E26*F26","v":{"v":6451.425900000001,"d":"R$ 6,451.43"}},{"$f":"G26/$G$102","v":{"v":0.01423507780792989,"d":"1.42%"}},"LABOR",50605]
[null,"3.2","VIGAS DE TRAVAMENTO"]
[null,"3.2.1",{"$f":"UPPER(IF(I28=\"COMP\",VLOOKUP(B28,COMP!B:M,6,FALSE),IF(GLOBAL!I28=\"LABOR\",VLOOKUP(GLOBAL!J28,'LABOR-SERV'!A:D,2,FALSE),\"NÃO\")))","v":"FORNECIMENTO E APLICAÇÃO DE CONCRETO USINADO FCK=30 MPA - CONSIDERANDO BOMBEAMENTO (5% DE PERDAS JÁ INCLUÍDO NO CUSTO) (6% DE TAXA P/ CONCR. BOMBEAVEL)"},{"$f":"UPPER(IF(I28=\"COMP\",VLOOKUP(B28,COMP!B:M,7,FALSE),IF(I28=\"LABOR\",VLOOKUP(J28,'LABOR-SERV'!A:D,3,FALSE),\"NÃO\")))","v":"M3"},{"$f":"VLOOKUP(B28,MEMO!B:I,8,FALSE)","v":{"v":5.092640000000002,"d":"5.09"}},{"v":391.13,"d":"R$ 391.13"},{"v":1991.8842832000007,"d":"R$ 1,991.88"},{"$f":"G28/$G$102","v":{"v":0.004395094696157738,"d":"0.44%"}},"LABOR",40331]
[null,"3.2.2",{"$f":"UPPER(IF(I29=\"COMP\",VLOOKUP(B29,COMP!B:M,6,FALSE),IF(GLOBAL!I29=\"LABOR\",VLOOKUP(GLOBAL!J29,'LABOR-SERV'!A:D,2,FALSE),\"NÃO\")))","v":"FORNECIMENTO, DOBRAGEM E COLOCAÇÃO EM FÔRMA, DE ARMADURA CA-50 A MÉDIA, DIÂMETRO DE 6.3 A 10.0 MM"},{"$f":"UPPER(IF(I29=\"COMP\",VLOOKUP(B29,COMP!B:M,7,FALSE),IF(I29=\"LABOR\",VLOOKUP(J29,'LABOR-SERV'!A:D,3,FALSE),\"NÃO\")))","v":"KG"},{"$f":"VLOOKUP(B29,MEMO!B:I,8,FALSE)","v":{"v":448.87984000000006,"d":"448.88"}},{"v":8.76,"d":"R$ 8.76"},{"v":3932.1873984000003,"d":"R$ 3,932.19"},{"$f":"G29/$G$102","v":{"v":0.008676375492677581,"d":"0.87%"}},"LABOR",40328]
[null,"3.2.3",{"$f":"UPPER(IF(I30=\"COMP\",VLOOKUP(B30,COMP!B:M,6,FALSE),IF(GLOBAL!I30=\"LABOR\",VLOOKUP(GLOBAL!J30,'LABOR-SERV'!A:D,2,FALSE),\"NÃO\")))","v":"FORNECIMENTO, DOBRAGEM E COLOCAÇÃO EM FÔRMA, DE ARMADURA CA-60 B FINA, DIÂMETRO DE 4.0 A 7.0MM"},{"$f":"UPPER(IF(I30=\"COMP\",VLOOKUP(B30,COMP!B:M,7,FALSE),IF(I30=\"LABOR\",VLOOKUP(J30,'LABOR-SERV'!A:D,3,FALSE),\"NÃO\")))","v":"KG"},{"$f":"VLOOKUP(B30,MEMO!B:I,8,FALSE)","v":{"v":560.1904000000001,"d":"560.19"}},{"v":8.81,"d":"R$ 8.81"},{"v":4935.277424000001,"d":"R$ 4,935.28"},{"$f":"G30/$G$102","v":{"v":0.010889694654070164,"d":"1.09%"}},"LABOR",40333]
[null,"3.2.4",{"$f":"UPPER(IF(I31=\"COMP\",VLOOKUP(B31,COMP!B:M,6,FALSE),IF(GLOBAL!I31=\"LABOR\",VLOOKUP(GLOBAL!J31,'LABOR-SERV'!A:D,2,FALSE),\"NÃO\")))","v":"FÔRMA DE TÁBUA DE MADEIRA DE 2.5X30.0CM, LEVANDO-SE EM CONTA UTILIZAÇÃO 3 VEZES (INCLUINDO O MATERIAL, CORTE, MONTAGEM, ESCORAMENTO E DESFORMA)"},{"$f":"UPPER(IF(I31=\"COMP\",VLOOKUP(B31,COMP!B:M,7,FALSE),IF(I31=\"LABOR\",VLOOKUP(J31,'LABOR-SERV'!A:D,3,FALSE),\"NÃO\")))","v":"M2"},{"$f":"VLOOKUP(B31,MEMO!B:I,8,FALSE)","v":{"v":72.75200000000001,"d":"72.75"}},{"v":186.49,"d":"R$ 186.49"},{"v":13567.520480000003,"d":"R$ 13,567.52"},{"$f":"G31/$G$102","v":{"v":0.029936747734091204,"d":"2.99%"}},"LABOR",40250]
[null,"3.3","REVESTIMENTO DE ARGAMASSA"]
[null,"3.3.1",{"$f":"UPPER(IF(I33=\"COMP\",VLOOKUP(B33,COMP!B:M,6,FALSE),IF(GLOBAL!I33=\"LABOR\",VLOOKUP(GLOBAL!J33,'LABOR-SERV'!A:D,2,FALSE),\"NÃO\")))","v":"IMPERMEABILIZAÇÃO NAS SEGUINTES ETAPAS: CHAPISCO TRAÇO 1:2 C/ SIKA 1 OU EQUIVALENTE, REVEST. DUPLO C/ ARGAMASSA DE CIMENTO E AREIA TRAÇO 1:3 C/ SIKA 1 OU EQUIVALENTE, EM 2X15 MM E ACAB. ARGAMASSA 1:1"},{"$f":"UPPER(IF(I33=\"COMP\",VLOOKUP(B33,COMP!B:M,7,FALSE),IF(I33=\"LABOR\",VLOOKUP(J33,'LABOR-SERV'!A:D,3,FALSE),\"NÃO\")))","v":"M2"},{"$f":"VLOOKUP(B33,MEMO!B:I,8,FALSE)","v":{"v":216.95000000000002,"d":"216.95"}},{"v":67.9,"d":"R$ 67.90"},{"v":14730.905000000002,"d":"R$ 14,730.91"},{"$f":"G33/$G$102","v":{"v":0.03250375686035911,"d":"3.25%"}},"LABOR",100102]
[null,"3.3.2",{"$f":"UPPER(IF(I34=\"COMP\",VLOOKUP(B34,COMP!B:M,6,FALSE),IF(GLOBAL!I34=\"LABOR\",VLOOKUP(GLOBAL!J34,'LABOR-SERV'!A:D,2,FALSE),\"NÃO\")))","v":"CHAPISCO DE ARGAMASSA DE CIMENTO E AREIA MÉDIA OU GROSSA LAVADA, NO TRAÇO 1:3, ESPESSURA 5 MM"},{"$f":"UPPER(IF(I34=\"COMP\",VLOOKUP(B34,COMP!B:M,7,FALSE),IF(I34=\"LABOR\",VLOOKUP(J34,'LABOR-SERV'!A:D,3,FALSE),\"NÃO\")))","v":"M2"},{"$f":"VLOOKUP(B34,MEMO!B:I,8,FALSE)","v":{"v":216.95000000000002,"d":"216.95"}},{"v":5.64,"d":"R$ 5.64"},{"$f":"E34*F34","v":{"v":1223.598,"d":"R$ 1,223.60"}},{"$f":"G34/$G$102","v":{"v":0.00269987023111083,"d":"0.27%"}},"LABOR",120101]
[null,"3.3.3",{"$f":"UPPER(IF(I35=\"COMP\",VLOOKUP(B35,COMP!B:M,6,FALSE),IF(GLOBAL!I35=\"LABOR\",VLOOKUP(GLOBAL!J35,'LABOR-SERV'!A:D,2,FALSE),\"NÃO\")))","v":"REBOCO TIPO PAULISTA DE ARGAMASSA DE CIMENTO, CAL HIDRATADA CH1 E AREIA MÉDIA OU GROSSA LAVADA NO TRAÇO 1:0.5:6, ESPESSURA 25 MM"},{"$f":"UPPER(IF(I35=\"COMP\",VLOOKUP(B35,COMP!B:M,7,FALSE),IF(I35=\"LABOR\",VLOOKUP(J35,'LABOR-SERV'!A:D,3,FALSE),\"NÃO\")))","v":"M2"},{"$f":"VLOOKUP(B35,MEMO!B:I,8,FALSE)","v":{"v":216.95000000000002,"d":"216.95"}},{"v":47.5,"d":"R$ 47.50"},{"v":10305.125,"d":"R$ 10,305.13"},{"$f":"G35/$G$102","v":{"v":0.022738268790383764,"d":"2.27%"}},"LABOR",120303]
[null,"3.4","PINTURA"]
[null,"3.4.1",{"$f":"UPPER(IF(I37=\"COMP\",VLOOKUP(B37,COMP!B:M,6,FALSE),IF(GLOBAL!I37=\"LABOR\",VLOOKUP(GLOBAL!J37,'LABOR-SERV'!A:D,2,FALSE),\"NÃO\")))","v":"PINTURA COM TINTA ACRÍLICA SUVINIL, CORAL OU METALATEX, INCLUSIVE SELADOR ACRÍLICO, EM PAREDES EXTERNAS A TRÊS DEMÃOS"},{"$f":"UPPER(IF(I37=\"COMP\",VLOOKUP(B37,COMP!B:M,7,FALSE),IF(I37=\"LABOR\",VLOOKUP(J37,'LABOR-SERV'!A:D,3,FALSE),\"NÃO\")))","v":"M2"},{"$f":"VLOOKUP(B37,MEMO!B:I,8,FALSE)","v":{"v":111.65500000000002,"d":"111.66"}},{"v":22.4,"d":"R$ 22.40"},{"v":2501.072,"d":"R$ 2,501.07"},{"$f":"G37/$G$102","v":{"v":0.005518617911000856,"d":"0.55%"}},"LABOR",160708]
["3.0",null,"VALOR TOTAL ITEM 3",{"$nulls":3},{"$f":"SUM(G26:G37)","v":{"v":59638.995485600004,"d":"R$ 59,639.00"}},{"$f":"G38/$G$102","v":{"v":0.13159350417778112,"d":"13.16%"}}]
[null,"4.0","COBERTURA"]
[null,"4.1","ESTRUTURA METALICA EM TESOURAS OU TRELICAS, VAO LIVRE DE 12M, FORNECIMENTO E MONTAGEM, NAO SENDO CONSIDERADOS OS FECHAMENTOS METALICOS, AS COLUNAS, OS SERVICOS GERAIS EM ALVENARIA E CONCRETO, AS TELHAS DE COBERTURA E A PINTURA DE ACABAMENTO","M2",{"$f":"VLOOKUP(B40,MEMO!B:I,8,FALSE)","v":{"v":1023.1875,"d":"1023.19"}},{"$f":"66.59*1.309","v":{"v":87.16631,"d":"R$ 87.17"}},{"$f":"E40*F40","v":{"v":89187.478813125,"d":"R$ 89,187.48"}},{"$f":"G40/$G$102","v":{"v":0.1967922626838096,"d":"19.68%"}},"SINAPI",72110,null,null,{"$f":"35+12","v":47}]
[null,"4.2","ISOLAMENTO TERMOACÚSTICO COM LÃ MINERAL NA SUBCOBERTURA, INCLUSO TRANSPORTE VERTICAL. AF_06/2016","M2",{"$f":"VLOOKUP(B41,MEMO!B:I,8,FALSE)","v":{"v":1023.1875,"d":"1023.19"}},{"$f":"12.72*1.309","v":{"v":16.65048,"d":"R$ 16.65"}},{"v":17036.563005,"d":"R$ 17,036.56"},{"v":0.03759119359270248,"d":"3.76%"},"SINAPI",94225]
[null,"4.3","TELHAMENTO COM TELHA DE AÇO/ALUMÍNIO E = 0,5 MM, COM ATÉ 2 ÁGUAS, INCLUSO IÇAMENTO. AF_06/2016","M2",{"$f":"VLOOKUP(B42,MEMO!B:I,8,FALSE)","v":{"v":1023.1875,"d":"1023.19"}},{"$f":"41.62*1.309","v":{"v":54.480579999999996,"d":"R$ 54.48"}},{"v":55743.848448749995,"d":"R$ 55,743.85"},{"v":0.12299885828052493,"d":"12.30%"},"SINAPI",94213]
[null,"4.4","CALHA EM CHAPA DE AÇO GALVANIZADO NÚMERO 24, DESENVOLVIMENTO DE 33 CM, INCLUSO TRANSPORTE VERTICAL. AF_06/2016","M",{"$f":"VLOOKUP(B43,MEMO!B:I,8,FALSE)","v":78.39},{"$f":"38.51*1.309","v":{"v":50.409589999999994,"d":"R$ 50.41"}},{"v":3951.6077600999997,"d":"R$ 3,951.61"},{"v":0.00871922654051456,"d":"0.87%"},"SINAPI",94227]
[null,"4.5","CUMEEIRA EM PERFIL ONDULADO DE ALUMÍNIO","M",{"$f":"VLOOKUP(B44,MEMO!B:I,8,FALSE)","v":38.25},{"$f":"34.37*1.309","v":{"v":44.99032999999999,"d":"R$ 44.99"}},{"v":1720.8801224999997,"d":"R$ 1,720.88"},{"v":3.7971237400258157E-3,"d":"0.38%"},"SINAPI",75220]
[null,"4.6","TUBO PVC, SÉRIE R, ÁGUA PLUVIAL, DN 100 MM, FORNECIDO E INSTALADO EM RAMAL DE ENCAMINHAMENTO. AF_12/2014","M",{"$f":"VLOOKUP(B45,MEMO!B:I,8,FALSE)","v":{"v":22.4,"d":"22.40"}},{"$f":"39.51*1.309","v":{"v":51.71858999999999,"d":"R$ 51.72"}},{"$f":"E45*F45","v":{"v":1158.4964159999997,"d":"R$ 1,158.50"}},{"v":2.5562235198218594E-3,"d":"0.26%"},"SINAPI",89512]
[null,"4.7",{"$f":"UPPER(VLOOKUP(J46,'LABOR-SERV'!A:D,2,FALSE))","v":"FORRO PVC BRANCO L = 20 CM, FRISADO, COLOCADO"},{"$f":"UPPER(IF(I46=\"COMP\",VLOOKUP(B46,COMP!B:M,7,FALSE),IF(I46=\"LABOR\",VLOOKUP(J46,'LABOR-SERV'!A:D,3,FALSE),\"NÃO\")))","v":"M2"},{"$f":"VLOOKUP(B46,MEMO!B:I,8,FALSE)","v":{"v":278,"d":"278.00"}},{"v":57.16,"d":"R$ 57.16"},{"v":15890.48,"d":"R$ 15,890.48"},{"v":0.03506236027687363,"d":"3.51%"},"LABOR",110210]
[null,"4.8",{"$f":"UPPER(IF(I47=\"COMP\",VLOOKUP(B47,COMP!B:M,6,FALSE),IF(GLOBAL!I47=\"LABOR\",VLOOKUP(GLOBAL!J47,'LABOR-SERV'!A:D,2,FALSE),\"NÃO\")))","v":"PINTURA ANTI CORROSIVA, PARA ESTRUTURA METALICA DE COBERTURA, COM TELHAS DE AÇO. "},{"$f":"UPPER(IF(I47=\"COMP\",VLOOKUP(B47,COMP!B:M,7,FALSE),IF(I47=\"LABOR\",VLOOKUP(J47,'LABOR-SERV'!A:D,3,FALSE),\"NÃO\")))","v":"UND"},{"$f":"VLOOKUP(B47,MEMO!B:I,8,FALSE)","v":{"v":1023.1875,"d":"1023.19"}},{"$f":"TRUNC(IF(I47=\"COMP\",VLOOKUP(B47,COMP!B:M,12,FALSE),IF(I47=\"LABOR\",VLOOKUP(J47,'LABOR-SERV'!A:D,4,FALSE),\"NÃO\")),2)","v":{"v":26.05,"d":"R$ 26.05"}},{"$f":"E47*F47","v":{"v":26654.034375,"d":"R$ 26,654.03"}},{"v":0.05881215394930954,"d":"5.88%"},"COMP",4]
["4.0",null,"VALOR TOTAL ITEM 4",{"$nulls":3},{"$f":"SUM(G40:G47)","v":{"v":211343.38894047498,"d":"R$ 211,343.39"}},{"v":0.46632940258358235,"d":"46.63%"}]
[null,"5.0","INSTALAÇÕES ELÉTRICAS"]
[null,"5.1","ACESSÓRIOS "]
[null,"5.1.1",{"$f":"UPPER(IF(I51=\"COMP\",VLOOKUP(B51,COMP!B:M,6,FALSE),IF(GLOBAL!I51=\"LABOR\",VLOOKUP(GLOBAL!J51,'LABOR-SERV'!A:D,2,FALSE),\"NÃO\")))","v":"CAIXA DE EMBUTIR MARCA DE REFERÊNCIA TIGREFLEX, 4X2\""},{"$f":"UPPER(IF(I51=\"COMP\",VLOOKUP(B51,COMP!B:M,7,FALSE),IF(I51=\"LABOR\",VLOOKUP(J51,'LABOR-SERV'!A:D,3,FALSE),\"NÃO\")))","v":"UND"},{"$f":"VLOOKUP(B51,MEMO!B:I,8,FALSE)","v":{"v":104,"d":"104.00"}},{"$f":"TRUNC(IF(I51=\"COMP\",VLOOKUP(B51,COMP!B:M,12,FALSE),IF(I51=\"LABOR\",VLOOKUP(J51,'LABOR-SERV'!A:D,4,FALSE),\"NÃO\")),2)","v":{"v":7.53,"d":"R$ 7.53"}},{"$f":"E51*F51","v":{"v":783.12,"d":"R$ 783.12"}},{"$f":"G51/$G$102","v":{"v":1.727955076248501E-3,"d":"0.17%"}},"LABOR",150628]
[null,"5.1.2",{"$f":"UPPER(IF(I52=\"COMP\",VLOOKUP(B52,COMP!B:M,6,FALSE),IF(GLOBAL!I52=\"LABOR\",VLOOKUP(GLOBAL!J52,'LABOR-SERV'!A:D,2,FALSE),\"NÃO\")))","v":"CAIXA SEXTAVADA EM PVC DE 3X3X1 1/2\", MARCA DE REFERÊNCIA TIGREFLEX"},{"$f":"UPPER(IF(I52=\"COMP\",VLOOKUP(B52,COMP!B:M,7,FALSE),IF(I52=\"LABOR\",VLOOKUP(J52,'LABOR-SERV'!A:D,3,FALSE),\"NÃO\")))","v":"UND"},{"$f":"VLOOKUP(B52,MEMO!B:I,8,FALSE)","v":{"v":120,"d":"120.00"}},{"v":9.27,"d":"R$ 9.27"},{"v":1112.3999999999999,"d":"R$ 1,112.40"},{"$f":"G52/$G$102","v":{"v":2.4545117310486673E-3,"d":"0.25%"}},"LABOR",150636]
[null,"5.1.2","ACABO UNIPOLAR COBRE"]
[null,"5.1.2.1",{"$f":"UPPER(IF(I54=\"COMP\",VLOOKUP(B54,COMP!B:M,6,FALSE),IF(GLOBAL!I54=\"LABOR\",VLOOKUP(GLOBAL!J54,'LABOR-SERV'!A:D,2,FALSE),\"NÃO\")))","v":"CABO DE COBRE TERMOPLÁSTICO, COM ISOLAMENTO PARA 1000V, SEÇÃO DE 35.0 MM2"},{"$f":"UPPER(IF(I54=\"COMP\",VLOOKUP(B54,COMP!B:M,7,FALSE),IF(I54=\"LABOR\",VLOOKUP(J54,'LABOR-SERV'!A:D,3,FALSE),\"NÃO\")))","v":"M"},{"$f":"VLOOKUP(B54,MEMO!B:I,8,FALSE)","v":{"v":170,"d":"170.00"}},{"v":28.31,"d":"R$ 28.31"},{"$f":"E54*F54","v":{"v":4812.7,"d":"R$ 4,812.70"}},{"$f":"G54/$G$102","v":{"v":0.010619227443381805,"d":"1.06%"}},"LABOR",151423]
[null,"5.1.2.2",{"$f":"UPPER(IF(I55=\"COMP\",VLOOKUP(B55,COMP!B:M,6,FALSE),IF(GLOBAL!I55=\"LABOR\",VLOOKUP(GLOBAL!J55,'LABOR-SERV'!A:D,2,FALSE),\"NÃO\")))","v":"CABO DE COBRE TERMOPLÁSTICO, COM ISOLAMENTO PARA 1000V, SEÇÃO DE 70,0MM2"},{"$f":"UPPER(IF(I55=\"COMP\",VLOOKUP(B55,COMP!B:M,7,FALSE),IF(I55=\"LABOR\",VLOOKUP(J55,'LABOR-SERV'!A:D,3,FALSE),\"NÃO\")))","v":"M"},{"$f":"VLOOKUP(B55,MEMO!B:I,8,FALSE)","v":{"v":40,"d":"40.00"}},{"v":52.87,"d":"R$ 52.87"},{"$f":"E55*F55","v":{"v":2114.7999999999997,"d":"R$ 2,114.80"}},{"v":0.004666308350253255,"d":"0.47%"},"LABOR",151429]
[null,"5.1.2.3",{"$f":"UPPER(IF(I56=\"COMP\",VLOOKUP(B56,COMP!B:M,6,FALSE),IF(GLOBAL!I56=\"LABOR\",VLOOKUP(GLOBAL!J56,'LABOR-SERV'!A:D,2,FALSE),\"NÃO\")))","v":"FIO OU CABO DE COBRE TERMOPLÁSTICO, COM ISOLAMENTO PARA 750V, SEÇÃO DE 16.0 MM2"},{"$f":"UPPER(IF(I56=\"COMP\",VLOOKUP(B56,COMP!B:M,7,FALSE),IF(I56=\"LABOR\",VLOOKUP(J56,'LABOR-SERV'!A:D,3,FALSE),\"NÃO\")))","v":"M"},{"$f":"VLOOKUP(B56,MEMO!B:I,8,FALSE)","v":{"v":133.4,"d":"133.40"}},{"v":14.43,"d":"R$ 14.43"},{"v":1924.962,"d":"R$ 1,924.96"},{"v":4.2474306102327445E-3,"d":"0.42%"},"LABOR",151406]
[null,"5.1.2.4",{"$f":"UPPER(IF(I57=\"COMP\",VLOOKUP(B57,COMP!B:M,6,FALSE),IF(GLOBAL!I57=\"LABOR\",VLOOKUP(GLOBAL!J57,'LABOR-SERV'!A:D,2,FALSE),\"NÃO\")))","v":"FIO OU CABO DE COBRE TERMOPLÁSTICO, COM ISOLAMENTO PARA 750V, SEÇÃO DE 10.0 MM2"},{"$f":"UPPER(IF(I57=\"COMP\",VLOOKUP(B57,COMP!B:M,7,FALSE),IF(I57=\"LABOR\",VLOOKUP(J57,'LABOR-SERV'!A:D,3,FALSE),\"NÃO\")))","v":"M"},{"$f":"VLOOKUP(B57,MEMO!B:I,8,FALSE)","v":{"v":52.4,"d":"52.40"}},{"v":10.64,"d":"R$ 10.64"},{"v":557.5360000000001,"d":"R$ 557.54"},{"v":1.230203750882731E-3,"d":"0.12%"},"LABOR",151405]
[null,"5.1.2.5",{"$f":"UPPER(IF(I58=\"COMP\",VLOOKUP(B58,COMP!B:M,6,FALSE),IF(GLOBAL!I58=\"LABOR\",VLOOKUP(GLOBAL!J58,'LABOR-SERV'!A:D,2,FALSE),\"NÃO\")))","v":"FIO DE COBRE TERMOPLÁSTICO, COM ISOLAMENTO PARA 750V, SEÇÃO DE 2.5 MM2"},{"$f":"UPPER(IF(I58=\"COMP\",VLOOKUP(B58,COMP!B:M,7,FALSE),IF(I58=\"LABOR\",VLOOKUP(J58,'LABOR-SERV'!A:D,3,FALSE),\"NÃO\")))","v":"M"},{"$f":"VLOOKUP(B58,MEMO!B:I,8,FALSE)","v":{"v":614,"d":"614.00"}},{"v":5.2,"d":"R$ 5.20"},{"v":3192.8,"d":"R$ 3,192.80"},{"v":0.00704491644632523,"d":"0.70%"},"LABOR",151402]
[null,"5.1.2.6",{"$f":"UPPER(IF(I59=\"COMP\",VLOOKUP(B59,COMP!B:M,6,FALSE),IF(GLOBAL!I59=\"LABOR\",VLOOKUP(GLOBAL!J59,'LABOR-SERV'!A:D,2,FALSE),\"NÃO\")))","v":"FIO OU CABO DE COBRE TERMOPLÁSTICO, COM ISOLAMENTO PARA 750V, SEÇÃO DE 4.0 MM2"},{"$f":"UPPER(IF(I59=\"COMP\",VLOOKUP(B59,COMP!B:M,7,FALSE),IF(I59=\"LABOR\",VLOOKUP(J59,'LABOR-SERV'!A:D,3,FALSE),\"NÃO\")))","v":"M"},{"$f":"VLOOKUP(B59,MEMO!B:I,8,FALSE)","v":{"v":1704,"d":"1704.00"}},{"v":6.4,"d":"R$ 6.40"},{"v":10905.6,"d":"R$ 10,905.60"},{"v":0.02406321748842534,"d":"2.41%"},"LABOR",151403]
[null,"5.1.2.7",{"$f":"UPPER(IF(I60=\"COMP\",VLOOKUP(B60,COMP!B:M,6,FALSE),IF(GLOBAL!I60=\"LABOR\",VLOOKUP(GLOBAL!J60,'LABOR-SERV'!A:D,2,FALSE),\"NÃO\")))","v":"FIO OU CABO DE COBRE TERMOPLÁSTICO, COM ISOLAMENTO PARA 750V, SEÇÃO DE 6.0 MM2"},{"$f":"UPPER(IF(I60=\"COMP\",VLOOKUP(B60,COMP!B:M,7,FALSE),IF(I60=\"LABOR\",VLOOKUP(J60,'LABOR-SERV'!A:D,3,FALSE),\"NÃO\")))","v":"M"},{"$f":"VLOOKUP(B60,MEMO!B:I,8,FALSE)","v":{"v":1138,"d":"1138.00"}},{"v":7.7,"d":"R$ 7.70"},{"v":8762.6,"d":"R$ 8,762.60"},{"v":0.01933468580949933,"d":"1.93%"},"LABOR",151404]
[null,"5.1.3","DISPOSITIVOS EMBUTIDOS"]
[null,"5.1.3.1",{"$f":"UPPER(IF(I62=\"COMP\",VLOOKUP(B62,COMP!B:M,6,FALSE),IF(GLOBAL!I62=\"LABOR\",VLOOKUP(GLOBAL!J62,'LABOR-SERV'!A:D,2,FALSE),\"NÃO\")))","v":"INTERRUPTOR DE UMA TECLA PARALELO 10A/250V, COM PLACA 4X2\""},{"$f":"UPPER(IF(I62=\"COMP\",VLOOKUP(B62,COMP!B:M,7,FALSE),IF(I62=\"LABOR\",VLOOKUP(J62,'LABOR-SERV'!A:D,3,FALSE),\"NÃO\")))","v":"UND"},{"$f":"VLOOKUP(B62,MEMO!B:I,8,FALSE)","v":{"v":3,"d":"3.00"}},{"v":29.26,"d":"R$ 29.26"},{"v":87.78,"d":"R$ 87.78"},{"$f":"G62/$G$102","v":{"v":1.93686659251575E-4,"d":"0.02%"}},"LABOR",180206]
[null,"5.1.3.2",{"$f":"UPPER(IF(I63=\"COMP\",VLOOKUP(B63,COMP!B:M,6,FALSE),IF(GLOBAL!I63=\"LABOR\",VLOOKUP(GLOBAL!J63,'LABOR-SERV'!A:D,2,FALSE),\"NÃO\")))","v":"INTERRUPTOR DE DUAS TECLAS SIMPLES 10A/250V, COM PLACA 4X2\""},{"$f":"UPPER(IF(I63=\"COMP\",VLOOKUP(B63,COMP!B:M,7,FALSE),IF(I63=\"LABOR\",VLOOKUP(J63,'LABOR-SERV'!A:D,3,FALSE),\"NÃO\")))","v":"UND"},{"$f":"VLOOKUP(B63,MEMO!B:I,8,FALSE)","v":{"v":2,"d":"2.00"}},{"v":38.59,"d":"R$ 38.59"},{"v":77.18,"d":"R$ 77.18"},{"$f":"G63/$G$102","v":{"v":1.7029774847387286E-4,"d":"0.02%"}},"LABOR",180205]
[null,"5.1.3.3",{"$f":"UPPER(IF(I64=\"COMP\",VLOOKUP(B64,COMP!B:M,6,FALSE),IF(GLOBAL!I64=\"LABOR\",VLOOKUP(GLOBAL!J64,'LABOR-SERV'!A:D,2,FALSE),\"NÃO\")))","v":"INTERRUPTOR DE TRÊS TECLAS SIMPLES 10A/250V, C/ PLACA 4X2\""},{"$f":"UPPER(IF(I64=\"COMP\",VLOOKUP(B64,COMP!B:M,7,FALSE),IF(I64=\"LABOR\",VLOOKUP(J64,'LABOR-SERV'!A:D,3,FALSE),\"NÃO\")))","v":"UND"},{"$f":"VLOOKUP(B64,MEMO!B:I,8,FALSE)","v":{"v":1,"d":"1.00"}},{"v":52.82,"d":"R$ 52.82"},{"v":52.82,"d":"R$ 52.82"},{"$f":"G64/$G$102","v":{"v":1.1654738370549318E-4,"d":"0.01%"}},"LABOR",180212]
[null,"5.1.3.4","INTERRUPTOR DE UMA TECLA SIMPLES 10A/250V E UMA TOMADA 3 POLOS 10A/250V, PADRÃO BRASILEIRO, NBR 14136, LINHA BRANCA, COM PLACA 4X2\"",{"$f":"UPPER(IF(I65=\"COMP\",VLOOKUP(B65,COMP!B:M,7,FALSE),IF(I65=\"LABOR\",VLOOKUP(J65,'LABOR-SERV'!A:D,3,FALSE),\"NÃO\")))","v":"UND"},{"$f":"VLOOKUP(B65,MEMO!B:I,8,FALSE)","v":{"v":20,"d":"20.00"}},{"v":42.4,"d":"R$ 42.40"},{"v":848,"d":"R$ 848.00"},{"$f":"G65/$G$102","v":{"v":1.8711128622161722E-3,"d":"0.19%"}},"LABOR",180207]
[null,"5.1.3.5",{"$f":"UPPER(IF(I66=\"COMP\",VLOOKUP(B66,COMP!B:M,6,FALSE),IF(GLOBAL!I66=\"LABOR\",VLOOKUP(GLOBAL!J66,'LABOR-SERV'!A:D,2,FALSE),\"NÃO\")))","v":"TOMADA PADRÃO BRASILEIRO LINHA BRANCA, NBR 14136 2 POLOS + TERRA 10A/250V, COM PLACA 4X2\""},{"$f":"UPPER(IF(I66=\"COMP\",VLOOKUP(B66,COMP!B:M,7,FALSE),IF(I66=\"LABOR\",VLOOKUP(J66,'LABOR-SERV'!A:D,3,FALSE),\"NÃO\")))","v":"UND"},{"$f":"VLOOKUP(B66,MEMO!B:I,8,FALSE)","v":{"v":82,"d":"82.00"}},{"v":28.16,"d":"R$ 28.16"},{"v":2309.12,"d":"R$ 2,309.12"},{"$f":"G66/$G$102","v":{"v":0.005095075627830905,"d":"0.51%"}},"LABOR",180201]
[null,"5.1.4","DISPOSITIVOS DE PROTEÇÃO"]
[null,"5.1.4.1",{"$f":"UPPER(IF(I68=\"COMP\",VLOOKUP(B68,COMP!B:M,6,FALSE),IF(GLOBAL!I68=\"LABOR\",VLOOKUP(GLOBAL!J68,'LABOR-SERV'!A:D,2,FALSE),\"NÃO\")))","v":"MINI-DISJUNTOR MONOPOLAR 20 A, CURVA C - 5KA 220/127VCA (NBR IEC 60947-2), REF. SIEMENS, GE, SCHNEIDER OU EQUIVALENTE"},{"$f":"UPPER(IF(I68=\"COMP\",VLOOKUP(B68,COMP!B:M,7,FALSE),IF(I68=\"LABOR\",VLOOKUP(J68,'LABOR-SERV'!A:D,3,FALSE),\"NÃO\")))","v":"UND"},{"$f":"VLOOKUP(B68,MEMO!B:I,8,FALSE)","v":{"v":5,"d":"5.00"}},{"v":18.86,"d":"R$ 18.86"},{"v":94.3,"d":"R$ 94.30"},{"$f":"G68/$G$102","v":{"v":2.0807304588087858E-4,"d":"0.02%"}},"LABOR",151302]
[null,"5.1.4.2",{"$f":"UPPER(IF(I69=\"COMP\",VLOOKUP(B69,COMP!B:M,6,FALSE),IF(GLOBAL!I69=\"LABOR\",VLOOKUP(GLOBAL!J69,'LABOR-SERV'!A:D,2,FALSE),\"NÃO\")))","v":"MINI-DISJUNTOR MONOPOLAR 25 A, CURVA C - 5KA 220/127VCA (NBR IEC 60947-2), REF. SIEMENS, GE, SCHNEIDER OU EQUIVALENTE"},{"$f":"UPPER(IF(I69=\"COMP\",VLOOKUP(B69,COMP!B:M,7,FALSE),IF(I69=\"LABOR\",VLOOKUP(J69,'LABOR-SERV'!A:D,3,FALSE),\"NÃO\")))","v":"UND"},{"$f":"VLOOKUP(B69,MEMO!B:I,8,FALSE)","v":{"v":19,"d":"19.00"}},{"v":18.86,"d":"R$ 18.86"},{"v":358.34,"d":"R$ 358.34"},{"$f":"G69/$G$102","v":{"v":7.9067757434733862E-4,"d":"0.08%"}},"LABOR",151303]
[null,"5.1.4.3",{"$f":"UPPER(IF(I70=\"COMP\",VLOOKUP(B70,COMP!B:M,6,FALSE),IF(GLOBAL!I70=\"LABOR\",VLOOKUP(GLOBAL!J70,'LABOR-SERV'!A:D,2,FALSE),\"NÃO\")))","v":"MINI-DISJUNTOR MONOPOLAR 32 A, CURVA C - 5KA 220/127VCA (NBR IEC 60947-2), REF. SIEMENS, GE, SCHNEIDER OU EQUIVALENTE"},{"$f":"UPPER(IF(I70=\"COMP\",VLOOKUP(B70,COMP!B:M,7,FALSE),IF(I70=\"LABOR\",VLOOKUP(J70,'LABOR-SERV'!A:D,3,FALSE),\"NÃO\")))","v":"UND"},{"$f":"VLOOKUP(B70,MEMO!B:I,8,FALSE)","v":{"v":4,"d":"4.00"}},{"v":18.86,"d":"R$ 18.86"},{"$f":"E70*F70","v":{"v":75.44,"d":"R$ 75.44"}},{"$f":"G70/$G$102","v":{"v":1.6645843670470286E-4,"d":"0.02%"}},"LABOR",151304]
[null,"5.1.4.4",{"$f":"UPPER(IF(I71=\"COMP\",VLOOKUP(B71,COMP!B:M,6,FALSE),IF(GLOBAL!I71=\"LABOR\",VLOOKUP(GLOBAL!J71,'LABOR-SERV'!A:D,2,FALSE),\"NÃO\")))","v":" MINI-DISJUNTOR TRIPOLAR 100 A, CURVA C - 15KA 220/127V (NBR IEC 60947-2), REF. SIEMENS, GE, SCHNEIDER OU EQUIVALENTE"},{"$f":"UPPER(IF(I71=\"COMP\",VLOOKUP(B71,COMP!B:M,7,FALSE),IF(I71=\"LABOR\",VLOOKUP(J71,'LABOR-SERV'!A:D,3,FALSE),\"NÃO\")))","v":"UND"},{"$f":"VLOOKUP(B71,MEMO!B:I,8,FALSE)","v":{"v":1,"d":"1.00"}},{"$f":"TRUNC(IF(I71=\"COMP\",VLOOKUP(B71,COMP!B:M,12,FALSE),IF(I71=\"LABOR\",VLOOKUP(J71,'LABOR-SERV'!A:D,4,FALSE),\"NÃO\")),2)","v":{"v":343.09,"d":"R$ 343.09"}},{"v":343.09,"d":"R$ 343.09"},{"$f":"G71/$G$102","v":{"v":7.5702843384168217E-4,"d":"0.08%"}},"COMP",5]
[null,"5.1.4.5",{"$f":"UPPER(IF(I72=\"COMP\",VLOOKUP(B72,COMP!B:M,6,FALSE),IF(GLOBAL!I72=\"LABOR\",VLOOKUP(GLOBAL!J72,'LABOR-SERV'!A:D,2,FALSE),\"NÃO\")))","v":"\nDISJUNTOR CAIXA MOLDADA 150A 45KA JM2-250L-150A - JNG\n"},{"$f":"UPPER(IF(I72=\"COMP\",VLOOKUP(B72,COMP!B:M,7,FALSE),IF(I72=\"LABOR\",VLOOKUP(J72,'LABOR-SERV'!A:D,3,FALSE),\"NÃO\")))","v":"UND"},{"$f":"VLOOKUP(B72,MEMO!B:I,8,FALSE)","v":{"v":1,"d":"1.00"}},{"$f":"TRUNC(IF(I72=\"COMP\",VLOOKUP(B72,COMP!B:M,12,FALSE),IF(I72=\"LABOR\",VLOOKUP(J72,'LABOR-SERV'!A:D,4,FALSE),\"NÃO\")),2)","v":{"v":427.53,"d":"R$ 427.53"}},{"$f":"E72*F72","v":{"v":427.53,"d":"R$ 427.53"}},{"v":9.4334537969726425E-4,"d":"0.09%"},"COMP",6]
[null,"5.1.4.6",{"$f":"UPPER(IF(I73=\"COMP\",VLOOKUP(B73,COMP!B:M,6,FALSE),IF(GLOBAL!I73=\"LABOR\",VLOOKUP(GLOBAL!J73,'LABOR-SERV'!A:D,2,FALSE),\"NÃO\")))","v":" MINI-DISJUNTOR TRIPOLAR 63 A, CURVA C - 5KA 220/127VCA (NBR IEC 60947-2), REF. SIEMENS, GE, SCHNEIDER OU EQUIVALENTE"},{"$f":"UPPER(IF(I73=\"COMP\",VLOOKUP(B73,COMP!B:M,7,FALSE),IF(I73=\"LABOR\",VLOOKUP(J73,'LABOR-SERV'!A:D,3,FALSE),\"NÃO\")))","v":"UND"},{"$f":"VLOOKUP(B73,MEMO!B:I,8,FALSE)","v":{"v":1,"d":"1.00"}},{"$f":"TRUNC(IF(I73=\"COMP\",VLOOKUP(B73,COMP!B:M,12,FALSE),IF(I73=\"LABOR\",VLOOKUP(J73,'LABOR-SERV'!A:D,4,FALSE),\"NÃO\")),2)","v":{"v":101.4,"d":"R$ 101.40"}},{"v":101.4,"d":"R$ 101.40"},{"$f":"G73/$G$102","v":{"v":2.237392030999055E-4,"d":"0.02%"}},"COMP",7]
[null,"5.1.4.7",{"$f":"UPPER(IF(I74=\"COMP\",VLOOKUP(B74,COMP!B:M,6,FALSE),IF(GLOBAL!I74=\"LABOR\",VLOOKUP(GLOBAL!J74,'LABOR-SERV'!A:D,2,FALSE),\"NÃO\")))","v":"DISPOSITIVO DE PROTEÇÃO CONTRA SURTO (DPS) BIPOLAR, TENSÃO NOMINAL MÁXIMA 275VCA, CORENTE DE SURTO MÁXIMA 40KA."},{"$f":"UPPER(IF(I74=\"COMP\",VLOOKUP(B74,COMP!B:M,7,FALSE),IF(I74=\"LABOR\",VLOOKUP(J74,'LABOR-SERV'!A:D,3,FALSE),\"NÃO\")))","v":"UND"},{"$f":"VLOOKUP(B74,MEMO!B:I,8,FALSE)","v":{"v":16,"d":"16.00"}},{"v":217.95,"d":"R$ 217.95"},{"v":3487.2,"d":"R$ 3,487.20"},{"$f":"G74/$G$102","v":{"v":0.007694510345660655,"d":"0.77%"}},"LABOR",151337]
[null,"5.1.4.8","INTERRUPTOR DIFERENCIAL DR 16A A 25A, 30MA, 2 MÓDULOS",{"$f":"UPPER(IF(I75=\"COMP\",VLOOKUP(B75,COMP!B:M,7,FALSE),IF(I75=\"LABOR\",VLOOKUP(J75,'LABOR-SERV'!A:D,3,FALSE),\"NÃO\")))","v":"UND"},{"$f":"VLOOKUP(B75,MEMO!B:I,8,FALSE)","v":{"v":24,"d":"24.00"}},{"v":144.12,"d":"R$ 144.12"},{"v":3458.88,"d":"R$ 3,458.88"},{"$f":"G75/$G$102","v":{"v":0.007632022236865889,"d":"0.76%"}},"LABOR",151350]
[null,"5.1.5","ELETRODUTO FLEXÍVEL"]
[null,"5.1.5.1",{"$f":"UPPER(IF(I77=\"COMP\",VLOOKUP(B77,COMP!B:M,6,FALSE),IF(GLOBAL!I77=\"LABOR\",VLOOKUP(GLOBAL!J77,'LABOR-SERV'!A:D,2,FALSE),\"NÃO\")))","v":"ELETRODUTO FLEXÍVEL CORRUGADO 1\", MARCA DE REFERÊNCIA TIGRE"},{"$f":"UPPER(IF(I77=\"COMP\",VLOOKUP(B77,COMP!B:M,7,FALSE),IF(I77=\"LABOR\",VLOOKUP(J77,'LABOR-SERV'!A:D,3,FALSE),\"NÃO\")))","v":"M"},{"$f":"VLOOKUP(B77,MEMO!B:I,8,FALSE)","v":{"v":156,"d":"156.00"}},{"v":8.65,"d":"R$ 8.65"},{"v":1349.4,"d":"R$ 1,349.40"},{"$f":"G77/$G$102","v":{"v":2.9774524720218194E-3,"d":"0.30%"}},"LABOR",151133]
[null,"5.1.5.2",{"$f":"UPPER(IF(I78=\"COMP\",VLOOKUP(B78,COMP!B:M,6,FALSE),IF(GLOBAL!I78=\"LABOR\",VLOOKUP(GLOBAL!J78,'LABOR-SERV'!A:D,2,FALSE),\"NÃO\")))","v":"ELETRODUTO FLEXÍVEL CORRUGADO 3/4\" , MARCA DE REFERÊNCIA TIGRE"},{"$f":"UPPER(IF(I78=\"COMP\",VLOOKUP(B78,COMP!B:M,7,FALSE),IF(I78=\"LABOR\",VLOOKUP(J78,'LABOR-SERV'!A:D,3,FALSE),\"NÃO\")))","v":"M"},{"$f":"VLOOKUP(B78,MEMO!B:I,8,FALSE)","v":{"v":290,"d":"290.00"}},{"v":7.51,"d":"R$ 7.51"},{"v":2177.9,"d":"R$ 2,177.90"},{"v":0.004805538564411087,"d":"0.48%"},"LABOR",151132]
[null,"5.1.5.3",{"$f":"UPPER(IF(I79=\"COMP\",VLOOKUP(B79,COMP!B:M,6,FALSE),IF(GLOBAL!I79=\"LABOR\",VLOOKUP(GLOBAL!J79,'LABOR-SERV'!A:D,2,FALSE),\"NÃO\")))","v":"ELETRODUTO PEAD, COR PRETA, DIAM. 1.1/2\", MARCA REF. KANAFLEX OU EQUIVALENTE"},{"$f":"UPPER(IF(I79=\"COMP\",VLOOKUP(B79,COMP!B:M,7,FALSE),IF(I79=\"LABOR\",VLOOKUP(J79,'LABOR-SERV'!A:D,3,FALSE),\"NÃO\")))","v":"M"},{"$f":"VLOOKUP(B79,MEMO!B:I,8,FALSE)","v":{"v":145,"d":"145.00"}},{"v":21.18,"d":"R$ 21.18"},{"v":3071.1,"d":"R$ 3,071.10"},{"v":0.006776385272585008,"d":"0.68%"},"LABOR",151137]
[null,"5.1.5.4",{"$f":"UPPER(IF(I80=\"COMP\",VLOOKUP(B80,COMP!B:M,6,FALSE),IF(GLOBAL!I80=\"LABOR\",VLOOKUP(GLOBAL!J80,'LABOR-SERV'!A:D,2,FALSE),\"NÃO\")))","v":"ELETRODUTO PEAD, COR PRETA, DIAM. 2\", MARCA REF. KANAFLEX OU EQUIVALENTE"},{"$f":"UPPER(IF(I80=\"COMP\",VLOOKUP(B80,COMP!B:M,7,FALSE),IF(I80=\"LABOR\",VLOOKUP(J80,'LABOR-SERV'!A:D,3,FALSE),\"NÃO\")))","v":"M"},{"$f":"VLOOKUP(B80,MEMO!B:I,8,FALSE)","v":{"v":14,"d":"14.00"}},{"v":22.33,"d":"R$ 22.33"},{"v":312.62,"d":"R$ 312.62"},{"v":6.8979634786087238E-4,"d":"0.07%"},"LABOR",151139]
[null,"5.1.5.5",{"$f":"UPPER(IF(I81=\"COMP\",VLOOKUP(B81,COMP!B:M,6,FALSE),IF(GLOBAL!I81=\"LABOR\",VLOOKUP(GLOBAL!J81,'LABOR-SERV'!A:D,2,FALSE),\"NÃO\")))","v":"ELETRODUTO PEAD, COR PRETA, DIAM. 3\", MARCA REF. KANAFLEX OU EQUIVALENTE"},{"$f":"UPPER(IF(I81=\"COMP\",VLOOKUP(B81,COMP!B:M,7,FALSE),IF(I81=\"LABOR\",VLOOKUP(J81,'LABOR-SERV'!A:D,3,FALSE),\"NÃO\")))","v":"M"},{"$f":"VLOOKUP(B81,MEMO!B:I,8,FALSE)","v":{"v":6,"d":"6.00"}},{"v":36.05,"d":"R$ 36.05"},{"v":216.29999999999998,"d":"R$ 216.30"},{"v":4.7726616992612976E-4,"d":"0.05%"},"LABOR",151140]
[null,"5.1.5.6",{"$f":"UPPER(IF(I82=\"COMP\",VLOOKUP(B82,COMP!B:M,6,FALSE),IF(GLOBAL!I82=\"LABOR\",VLOOKUP(GLOBAL!J82,'LABOR-SERV'!A:D,2,FALSE),\"NÃO\")))","v":"ELETRODUTO PEAD, COR PRETA, DIAM. 4\", MARCA REF. KANAFLEX OU EQUIVALENTE"},{"$f":"UPPER(IF(I82=\"COMP\",VLOOKUP(B82,COMP!B:M,7,FALSE),IF(I82=\"LABOR\",VLOOKUP(J82,'LABOR-SERV'!A:D,3,FALSE),\"NÃO\")))","v":"M"},{"$f":"VLOOKUP(B82,MEMO!B:I,8,FALSE)","v":{"v":27,"d":"27.00"}},{"v":49.13,"d":"R$ 49.13"},{"v":1326.51,"d":"R$ 1,326.51"},{"v":0.002926945663748083,"d":"0.29%"},"LABOR",151141]
[null,"5.1.6","LUMINARIA"]
[null,"5.1.6.1",{"$f":"UPPER(IF(I84=\"COMP\",VLOOKUP(B84,COMP!B:M,6,FALSE),IF(GLOBAL!I84=\"LABOR\",VLOOKUP(GLOBAL!J84,'LABOR-SERV'!A:D,2,FALSE),\"NÃO\")))","v":"ARANDELA COM LÂMPADA INCANDESCENTE DE 100W"},{"$f":"UPPER(IF(I84=\"COMP\",VLOOKUP(B84,COMP!B:M,7,FALSE),IF(I84=\"LABOR\",VLOOKUP(J84,'LABOR-SERV'!A:D,3,FALSE),\"NÃO\")))","v":"UND"},{"$f":"VLOOKUP(B84,MEMO!B:I,8,FALSE)","v":{"v":20,"d":"20.00"}},{"v":94.9,"d":"R$ 94.90"},{"v":1898,"d":"R$ 1,898.00"},{"$f":"G84/$G$102","v":{"v":0.004187938929818744,"d":"0.42%"}},"LABOR",180110]
[null,"5.1.6.2",{"$f":"UPPER(IF(I85=\"COMP\",VLOOKUP(B85,COMP!B:M,6,FALSE),IF(GLOBAL!I85=\"LABOR\",VLOOKUP(GLOBAL!J85,'LABOR-SERV'!A:D,2,FALSE),\"NÃO\")))","v":"LUMINARIA EMBUTIR COMPL.,CORPO CH. AÇO PINTADA BRANCA,REFLETOR, ALETAS PARABÓLICAS ALUM.ALTA PUREZA E REFLETÂNCIA,2 LÂMP. FLUOR.TUBULARES DE 32W/127V, C/ REATOR DUPLO 127V, PAR.RÁP.AFP, SOQ. ANTIVIB.,REF. CAA01-E232 LUMICENTER OU"},{"$f":"UPPER(IF(I85=\"COMP\",VLOOKUP(B85,COMP!B:M,7,FALSE),IF(I85=\"LABOR\",VLOOKUP(J85,'LABOR-SERV'!A:D,3,FALSE),\"NÃO\")))","v":"UND"},{"$f":"VLOOKUP(B85,MEMO!B:I,8,FALSE)","v":{"v":98,"d":"98.00"}},{"v":253.16,"d":"R$ 253.16"},{"v":24809.68,"d":"R$ 24,809.68"},{"$f":"G85/$G$102","v":{"v":0.05474258414559826,"d":"5.47%"}},"LABOR",180126]
[null,"5.1.7","QUADROS"]
[null,"5.1.7.1",{"$f":"UPPER(IF(I87=\"COMP\",VLOOKUP(B87,COMP!B:M,6,FALSE),IF(GLOBAL!I87=\"LABOR\",VLOOKUP(GLOBAL!J87,'LABOR-SERV'!A:D,2,FALSE),\"NÃO\")))","v":"PADRÃO DE ENTRADA DE ENERGIA ELÉTRICA, TRIFÁSICO, ENTRADA AÉREA, A 4 FIOS, CARGA INSTALADA DE 41001 ATÉ 47000W, INSTALADA EM MURO"},{"$f":"UPPER(IF(I87=\"COMP\",VLOOKUP(B87,COMP!B:M,7,FALSE),IF(I87=\"LABOR\",VLOOKUP(J87,'LABOR-SERV'!A:D,3,FALSE),\"NÃO\")))","v":"UND"},{"$f":"VLOOKUP(B87,MEMO!B:I,8,FALSE)","v":{"v":1,"d":"1.00"}},{"v":5545.97,"d":"R$ 5,545.97"},{"v":5545.97,"d":"R$ 5,545.97"},{"$f":"G87/$G$102","v":{"v":0.012237188443944605,"d":"1.22%"}},"LABOR",151706]
[null,"5.1.7.2",{"$f":"UPPER(IF(I88=\"COMP\",VLOOKUP(B88,COMP!B:M,6,FALSE),IF(GLOBAL!I88=\"LABOR\",VLOOKUP(GLOBAL!J88,'LABOR-SERV'!A:D,2,FALSE),\"NÃO\")))","v":"QUADRO DE DISTRIBUIÇÃO DE ENERGIA, DE EMBUTIR, COM 24 DIVISÕES MODULARES, COM BARRAMENTO"},{"$f":"UPPER(IF(I88=\"COMP\",VLOOKUP(B88,COMP!B:M,7,FALSE),IF(I88=\"LABOR\",VLOOKUP(J88,'LABOR-SERV'!A:D,3,FALSE),\"NÃO\")))","v":"UND"},{"$f":"VLOOKUP(B88,MEMO!B:I,8,FALSE)","v":{"v":2,"d":"2.00"}},{"v":493.17,"d":"R$ 493.17"},{"v":986.34,"d":"R$ 986.34"},{"$f":"G88/$G$102","v":{"v":0.002176360212875353,"d":"0.22%"}},"LABOR",150308]
[null,"5.1.7.3",{"$f":"UPPER(IF(I89=\"COMP\",VLOOKUP(B89,COMP!B:M,6,FALSE),IF(GLOBAL!I89=\"LABOR\",VLOOKUP(GLOBAL!J89,'LABOR-SERV'!A:D,2,FALSE),\"NÃO\")))","v":"QUADRO DE DISTRIBUIÇÃO DE ENERGIA, DE EMBUTIR, COM 32 DIVISÕES MODULARES, COM BARRAMENTO"},{"$f":"UPPER(IF(I89=\"COMP\",VLOOKUP(B89,COMP!B:M,7,FALSE),IF(I89=\"LABOR\",VLOOKUP(J89,'LABOR-SERV'!A:D,3,FALSE),\"NÃO\")))","v":"UND"},{"$f":"VLOOKUP(B89,MEMO!B:I,8,FALSE)","v":{"v":1,"d":"1.00"}},{"v":606.17,"d":"R$ 606.17"},{"v":606.17,"d":"R$ 606.17"},{"$f":"G89/$G$102","v":{"v":1.3375147213320485E-3,"d":"0.13%"}},"LABOR",150309]
[null,"5.2","SPDA"]
[null,"5.2.1",{"$f":"UPPER(IF(I91=\"COMP\",VLOOKUP(B91,COMP!B:M,6,FALSE),IF(GLOBAL!I91=\"LABOR\",VLOOKUP(GLOBAL!J91,'LABOR-SERV'!A:D,2,FALSE),\"NÃO\")))","v":"CABO DE COBRE NÚ 50MM2, REF. TEL 5750, MARCA DE REFERÊNCIA TERMOTÉCNICA OU EQUIVALENTE"},{"$f":"UPPER(IF(I91=\"COMP\",VLOOKUP(B91,COMP!B:M,7,FALSE),IF(I91=\"LABOR\",VLOOKUP(J91,'LABOR-SERV'!A:D,3,FALSE),\"NÃO\")))","v":"M"},{"$f":"VLOOKUP(B91,MEMO!B:I,8,FALSE)","v":{"v":150,"d":"150.00"}},{"v":38.38,"d":"R$ 38.38"},{"v":5757,"d":"R$ 5,757.00"},{"$f":"G91/$G$102","v":{"v":0.012702826353512386,"d":"1.27%"}},"LABOR",160317]
[null,"5.2.2",{"$f":"UPPER(IF(I92=\"COMP\",VLOOKUP(B92,COMP!B:M,6,FALSE),IF(GLOBAL!I92=\"LABOR\",VLOOKUP(GLOBAL!J92,'LABOR-SERV'!A:D,2,FALSE),\"NÃO\")))","v":"CABO DE COBRE NÚ 35MM2, REF. TEL 5735, MARCA DE REFERÊNCIA TERMOTÉCNICA OU EQUIVALENTE"},{"$f":"UPPER(IF(I92=\"COMP\",VLOOKUP(B92,COMP!B:M,7,FALSE),IF(I92=\"LABOR\",VLOOKUP(J92,'LABOR-SERV'!A:D,3,FALSE),\"NÃO\")))","v":"M"},{"$f":"VLOOKUP(B92,MEMO!B:I,8,FALSE)","v":{"v":20,"d":"20.00"}},{"v":26.69,"d":"R$ 26.69"},{"v":533.8000000000001,"d":"R$ 533.80"},{"v":1.1778302427488123E-3,"d":"0.12%"},"LABOR",160318]
[null,"5.2.3",{"$f":"UPPER(IF(I93=\"COMP\",VLOOKUP(B93,COMP!B:M,6,FALSE),IF(GLOBAL!I93=\"LABOR\",VLOOKUP(GLOBAL!J93,'LABOR-SERV'!A:D,2,FALSE),\"NÃO\")))","v":"CAIXA DE INSPEÇÃO EM PVC, DIÂMETRO 300 MM, REF TEL-552, MARCA DE REFERÊNCIA TERMOTÉCNICA OU EQUIVALENTE, INCLUSIVE ESCAVAÇÃO E REATERRO"},{"$f":"UPPER(IF(I93=\"COMP\",VLOOKUP(B93,COMP!B:M,7,FALSE),IF(I93=\"LABOR\",VLOOKUP(J93,'LABOR-SERV'!A:D,3,FALSE),\"NÃO\")))","v":"UND"},{"$f":"VLOOKUP(B93,MEMO!B:I,8,FALSE)","v":{"v":4,"d":"4.00"}},{"v":80.86,"d":"R$ 80.86"},{"v":323.44,"d":"R$ 323.44"},{"v":7.1367068886226271E-4,"d":"0.07%"},"LABOR",160316]
[null,"5.2.4",{"$f":"UPPER(IF(I94=\"COMP\",VLOOKUP(B94,COMP!B:M,6,FALSE),IF(GLOBAL!I94=\"LABOR\",VLOOKUP(GLOBAL!J94,'LABOR-SERV'!A:D,2,FALSE),\"NÃO\")))","v":"CONECTOR DE MEDIÇÃO EM LATÃO COM 2 PARAFUSOS PARA CABOS DE 16 A 50 MM2, REF. TEL-562, TERMOTÉCNICA OU EQUIVALENTE"},{"$f":"UPPER(IF(I94=\"COMP\",VLOOKUP(B94,COMP!B:M,7,FALSE),IF(I94=\"LABOR\",VLOOKUP(J94,'LABOR-SERV'!A:D,3,FALSE),\"NÃO\")))","v":"UND"},{"$f":"VLOOKUP(B94,MEMO!B:I,8,FALSE)","v":{"v":1,"d":"1.00"}},{"v":54.39,"d":"R$ 54.39"},{"v":54.39,"d":"R$ 54.39"},{"v":1.2001159030181322E-4,"d":"0.01%"},"LABOR",160310]
[null,"5.2.5",{"$f":"UPPER(IF(I95=\"COMP\",VLOOKUP(B95,COMP!B:M,6,FALSE),IF(GLOBAL!I95=\"LABOR\",VLOOKUP(GLOBAL!J95,'LABOR-SERV'!A:D,2,FALSE),\"NÃO\")))","v":"ATERRAMENTO COM HASTE TERRA 5/8\" X 2.40, CABO DE COBRE NU 6MM2, INCLUSIVE CAIXA DE CONCRETO 30 X 30 CM"},{"$f":"UPPER(IF(I95=\"COMP\",VLOOKUP(B95,COMP!B:M,7,FALSE),IF(I95=\"LABOR\",VLOOKUP(J95,'LABOR-SERV'!A:D,3,FALSE),\"NÃO\")))","v":"UND"},{"$f":"VLOOKUP(B95,MEMO!B:I,8,FALSE)","v":{"v":32,"d":"32.00"}},{"v":314.07,"d":"R$ 314.07"},{"v":10050.24,"d":"R$ 10,050.24"},{"v":0.022175864778725782,"d":"2.22%"},"LABOR",160303]
[null,"5.2.6",{"$f":"UPPER(IF(I96=\"COMP\",VLOOKUP(B96,COMP!B:M,6,FALSE),IF(GLOBAL!I96=\"LABOR\",VLOOKUP(GLOBAL!J96,'LABOR-SERV'!A:D,2,FALSE),\"NÃO\")))","v":"KIT COMPLETO PARA SOLDA EXOTÉRMICA (MOLDE HCL 5/8\" REF: TEL905611 / CARTUCHO N° 115 REF: TEL 909115 / ALICATE Z 201 REF: TEL 998201), MARCA DE REFERÊNCIA TERMOTÉCNICA OU EQUIVALENTE"},{"$f":"UPPER(IF(I96=\"COMP\",VLOOKUP(B96,COMP!B:M,7,FALSE),IF(I96=\"LABOR\",VLOOKUP(J96,'LABOR-SERV'!A:D,3,FALSE),\"NÃO\")))","v":"UND"},{"$f":"VLOOKUP(B96,MEMO!B:I,8,FALSE)","v":{"v":32,"d":"32.00"}},{"v":46.18,"d":"R$ 46.18"},{"v":1477.76,"d":"R$ 1,477.76"},{"v":3.2606789425336916E-3,"d":"0.33%"},"LABOR",160312]
[null,"5.2.7",{"$f":"UPPER(IF(I97=\"COMP\",VLOOKUP(B97,COMP!B:M,6,FALSE),IF(GLOBAL!I97=\"LABOR\",VLOOKUP(GLOBAL!J97,'LABOR-SERV'!A:D,2,FALSE),\"NÃO\")))","v":"TERMINAL AÉREO EM LATÃO (CAPTOR), COM CONECTOR E FIXAÇÃO HORIZONTAL 5/16\"X250MM, REF. TEL-024, INCLUSIVE VEDAÇÃO DOS FUROS COM POLIURETANO REF. TEL 5905, MARCA DE REF. TERMOTÉCNICA OU EQUIVALENTE"},{"$f":"UPPER(IF(I97=\"COMP\",VLOOKUP(B97,COMP!B:M,7,FALSE),IF(I97=\"LABOR\",VLOOKUP(J97,'LABOR-SERV'!A:D,3,FALSE),\"NÃO\")))","v":"UND"},{"$f":"VLOOKUP(B97,MEMO!B:I,8,FALSE)","v":{"v":32,"d":"32.00"}},{"v":48.38,"d":"R$ 48.38"},{"v":1548.16,"d":"R$ 1,548.16"},{"v":3.4160166141139025E-3,"d":"0.34%"},"LABOR",160309]
["5.0",null,"VALOR TOTAL ITEM 5",{"$nulls":3},{"$f":"SUM(G51:G97)","v":{"v":107932.37800000001,"d":"R$ 107,932.38"}},{"v":0.23815290179879461,"d":"23.82%"}]
[null,"6.0","LIMPEZA"]
[null,"6.1",{"$f":"UPPER(IF(I100=\"COMP\",VLOOKUP(B100,COMP!B:M,6,FALSE),IF(GLOBAL!I100=\"LABOR\",VLOOKUP(GLOBAL!J100,'LABOR-SERV'!A:D,2,FALSE),\"NÃO\")))","v":"LIMPEZA GERAL DA OBRA"},{"$f":"UPPER(IF(I100=\"COMP\",VLOOKUP(B100,COMP!B:M,7,FALSE),IF(I100=\"LABOR\",VLOOKUP(J100,'LABOR-SERV'!A:D,3,FALSE),\"NÃO\")))","v":"M2"},{"$f":"VLOOKUP(B100,MEMO!B:I,8,FALSE)","v":{"v":1023.1875,"d":"1023.19"}},{"v":9.88,"d":"R$ 9.88"},{"$f":"E100*F100","v":{"v":10109.0925,"d":"R$ 10,109.09"}},{"$f":"G100/$G$102","v":{"v":0.02230572287981491,"d":"2.23%"}},{"$f":"VLOOKUP(B100,'PL LICITADA'!B:K,3,FALSE)","v":"LABOR"},200401]
["6.0",null,"VALOR TOTAL ITEM 6",{"$nulls":3},{"$f":"SUM(G100:G100)","v":{"v":10109.0925,"d":"R$ 10,109.09"}},{"$f":"G101/$G$102","v":{"v":0.02230572287981491,"d":"2.23%"}}]
[null,"VALOR TOTAL",{"$nulls":4},{"$f":"SUM(G9:G101)/2","v":{"v":453206.2266920751,"d":"R$ 453,206.23"}},{"$f":"G102/$G$102","v":{"v":1,"d":"100.00%"}}]

{"sheet":"SINAPI-COMP","index":1,"n_rows":34296,"n_cols":32,"rows_kept":2250,"cut":true,"hidden":true,"merged":[[0,0,0,31],[1,0,1,31],[2,0,2,31],[3,0,3,31]],"bounds":{"rows_first":1000,"rows_last":250,"rows_between":1000,"halvings":1}}
["PCI.818.01 - CUSTOS DE COMPOSIÇÕES ANALÍTICO                                                                      DATA DE EMISSÃO:13/12/2017 23:20:36         DATA DE RT: 13/12/2017"]
["ENCARGOS SOCIAIS SOBRE PREÇOS DA MÃO-DE-OBRA: 117,73%(HORA)   73,34%(MÊS)"]
["ABRANGENCIA: NACIONAL                                                                           DATA REFERENCIA TECNICA: 13/12/2017 LOCALIDADE : SALVADOR                                                                           DATA DE PREÇO          :    11/2017"]
["REFERÊNCIA DE COLETA: MEDIANO"]
[{"$nulls":12},"SINAPI"]
["DESCRICAO DA CLASSE","SIGLA DA CLASSE","DESCRICAO DO TIPO 1","SIGLA DO TIPO 1","CODIGO DO AGRUPADOR","DESCRICAO DO AGRUPADOR","CODIGO DA COMPOSICAO","DESCRICAO DA COMPOSICAO","UNIDADE","ORIGEM DE PREÇO","CUSTO TOTAL","TIPO ITEM","SINAPI","CODIGO ITEM","COEFICIENTE","UNIDADE ITEM","ORIGEM DE PREÇO ITEM","COEFICIENTE","PRECO UNITARIO","CUSTO TOTAL","CUSTO MAO DE OBRA","% MAO DE OBRA","CUSTO MATERIAL","% MATERIAL","CUSTO EQUIPAMENTO","% EQUIPAMENTO","CUSTO SERVICOS TERCEIROS","% SERVICOS TERCEIROS","CUSTO OUTROS","% OUTROS","VINCULO"]
[{"$nulls":12},"SINAPI"]
["ASSENTAMENTO DE TUBOS E PECAS","ASTU","FORNEC E/OU ASSENT DE TUBO DE FERRO FUNDIDO JUNTA",45,"","",97141,"ASSENTAMENTO DE TUBO DE FERRO FUNDIDO PARA REDE DE ÁGUA, DN 80 MM, JUNTA ELÁSTICA, INSTALADO EM LOCAL COM NÍVEL ALTO DE INTERFERÊNCIAS (NÃO INCLUI FORNECIMENTO). AF_11/2017","M","COEFICIENTE DE REPRESENTATIVIDADE",6.63,"","SINAPI","","","","","","","",3.98,59.8736178,1.52,23.0647709,1.13,17.0616113,0,0,0,0,"CAIXA REFERENCIAL"]
["ASSENTAMENTO DE TUBOS E PECAS","ASTU","FORNEC E/OU ASSENT DE TUBO DE FERRO FUNDIDO JUNTA",45,"","",97141,"ASSENTAMENTO DE TUBO DE FERRO FUNDIDO PARA REDE DE ÁGUA, DN 80 MM, JUNTA ELÁSTICA, INSTALADO EM LOCAL COM NÍVEL ALTO DE INTERFERÊNCIAS (NÃO INCLUI FORNECIMENTO). AF_11/2017","M","COEFICIENTE DE REPRESENTATIVIDADE",6.63,"S","SINAPI",5678,0.0099,"CHP","COEFICIENTE DE REPRESENTATIVIDADE",0.0099,100.23,0.99,null,"","","","","","","","","","CAIXA REFERENCIAL"]
["ASSENTAMENTO DE TUBOS E PECAS","ASTU","FORNEC E/OU ASSENT DE TUBO DE FERRO FUNDIDO JUNTA",45,"","",97141,"ASSENTAMENTO DE TUBO DE FERRO FUNDIDO PARA REDE DE ÁGUA, DN 80 MM, JUNTA ELÁSTICA, INSTALADO EM LOCAL COM NÍVEL ALTO DE INTERFERÊNCIAS (NÃO INCLUI FORNECIMENTO). AF_11/2017","M","COEFICIENTE DE REPRESENTATIVIDADE",6.63,"S","SINAPI",5679,0.0477,"CHI","COEFICIENTE DE REPRESENTATIVIDADE",0.0477,44.39,2.11,null,"","","","","","","","","","CAIXA REFERENCIAL"]
["ASSENTAMENTO DE TUBOS E PECAS","ASTU","FORNEC E/OU ASSENT DE TUBO DE FERRO FUNDIDO JUNTA",45,"","",97141,"ASSENTAMENTO DE TUBO DE FERRO FUNDIDO PARA REDE DE ÁGUA, DN 80 MM, JUNTA ELÁSTICA, INSTALADO EM LOCAL COM NÍVEL ALTO DE INTERFERÊNCIAS (NÃO INCLUI FORNECIMENTO). AF_11/2017","M","COEFICIENTE DE REPRESENTATIVIDADE",6.63,"I","SINAPI",20078,0.0046,"UN","COEFICIENTE DE REPRESENTATIVIDADE",0.0046,17.63,0.08,null,"","","","","","","","","","CAIXA REFERENCIAL"]
["ASSENTAMENTO DE TUBOS E PECAS","ASTU","FORNEC E/OU ASSENT DE TUBO DE FERRO FUNDIDO JUNTA",45,"","",97141,"ASSENTAMENTO DE TUBO DE FERRO FUNDIDO PARA REDE DE ÁGUA, DN 80 MM, JUNTA ELÁSTICA, INSTALADO EM LOCAL COM NÍVEL ALTO DE INTERFERÊNCIAS (NÃO INCLUI FORNECIMENTO). AF_11/2017","M","COEFICIENTE DE REPRESENTATIVIDADE",6.63,"S","SINAPI",88246,0.0905,"H","COEFICIENTE DE REPRESENTATIVIDADE",0.0905,23.15,2.09,null,"","","","","","","","","","CAIXA REFERENCIAL"]
["ASSENTAMENTO DE TUBOS E PECAS","ASTU","FORNEC E/OU ASSENT DE TUBO DE FERRO FUNDIDO JUNTA",45,"","",97141,"ASSENTAMENTO DE TUBO DE FERRO FUNDIDO PARA REDE DE ÁGUA, DN 80 MM, JUNTA ELÁSTICA, INSTALADO EM LOCAL COM NÍVEL ALTO DE INTERFERÊNCIAS (NÃO INCLUI FORNECIMENTO). AF_11/2017","M","COEFICIENTE DE REPRESENTATIVIDADE",6.63,"S","SINAPI",88316,0.0905,"H","COEFICIENTE DE REPRESENTATIVIDADE",0.0905,15.03,1.36,null,"","","","","","","","","","CAIXA REFERENCIAL"]
["ASSENTAMENTO DE TUBOS E PECAS","ASTU","FORNEC E/OU ASSENT DE TUBO DE FERRO FUNDIDO JUNTA",45,"","",97142,"ASSENTAMENTO DE TUBO DE FERRO FUNDIDO PARA REDE DE ÁGUA, DN 100 MM, JUNTA ELÁSTICA, INSTALADO EM LOCAL COM NÍVEL ALTO DE INTERFERÊNCIAS (NÃO INCLUI FORNECIMENTO). AF_11/2017","M","COEFICIENTE DE REPRESENTATIVIDADE",7.39,"","SINAPI","","","","","","","",4.48,60.3667138,1.71,23.2722143,1.2,16.3610719,0,0,0,0,"CAIXA REFERENCIAL"]
["ASSENTAMENTO DE TUBOS E PECAS","ASTU","FORNEC E/OU ASSENT DE TUBO DE FERRO FUNDIDO JUNTA",45,"","",97142,"ASSENTAMENTO DE TUBO DE FERRO FUNDIDO PARA REDE DE ÁGUA, DN 100 MM, JUNTA ELÁSTICA, INSTALADO EM LOCAL COM NÍVEL ALTO DE INTERFERÊNCIAS (NÃO INCLUI FORNECIMENTO). AF_11/2017","M","COEFICIENTE DE REPRESENTATIVIDADE",7.39,"S","SINAPI",5678,0.0106,"CHP","COEFICIENTE DE REPRESENTATIVIDADE",0.0106,100.23,1.06,"","","","","","","","","","","CAIXA REFERENCIAL"]
["ASSENTAMENTO DE TUBOS E PECAS","ASTU","FORNEC E/OU ASSENT DE TUBO DE FERRO FUNDIDO JUNTA",45,"","",97142,"ASSENTAMENTO DE TUBO DE FERRO FUNDIDO PARA REDE DE ÁGUA, DN 100 MM, JUNTA ELÁSTICA, INSTALADO EM LOCAL COM NÍVEL ALTO DE INTERFERÊNCIAS (NÃO INCLUI FORNECIMENTO). AF_11/2017","M","COEFICIENTE DE REPRESENTATIVIDADE",7.39,"S","SINAPI",5679,0.051,"CHI","COEFICIENTE DE REPRESENTATIVIDADE",0.051,44.39,2.26,"","","","","","","","","","","CAIXA REFERENCIAL"]
["ASSENTAMENTO DE TUBOS E PECAS","ASTU","FORNEC E/OU ASSENT DE TUBO DE FERRO FUNDIDO JUNTA",45,"","",97142,"ASSENTAMENTO DE TUBO DE FERRO FUNDIDO PARA REDE DE ÁGUA, DN 100 MM, JUNTA ELÁSTICA, INSTALADO EM LOCAL COM NÍVEL ALTO DE INTERFERÊNCIAS (NÃO INCLUI FORNECIMENTO). AF_11/2017","M","COEFICIENTE DE REPRESENTATIVIDADE",7.39,"I","SINAPI",20078,0.0054,"UN","COEFICIENTE DE REPRESENTATIVIDADE",0.0054,17.63,0.09,"","","","","","","","","","","CAIXA REFERENCIAL"]
["ASSENTAMENTO DE TUBOS E PECAS","ASTU","FORNEC E/OU ASSENT DE TUBO DE FERRO FUNDIDO JUNTA",45,"","",97142,"ASSENTAMENTO DE TUBO DE FERRO FUNDIDO PARA REDE DE ÁGUA, DN 100 MM, JUNTA ELÁSTICA, INSTALADO EM LOCAL COM NÍVEL ALTO DE INTERFERÊNCIAS (NÃO INCLUI FORNECIMENTO). AF_11/2017","M","COEFICIENTE DE REPRESENTATIVIDADE",7.39,"S","SINAPI",88246,0.1045,"H","COEFICIENTE DE REPRESENTATIVIDADE",0.1045,23.15,2.41,"","","","","","","","","","","CAIXA REFERENCIAL"]
["ASSENTAMENTO DE TUBOS E PECAS","ASTU","FORNEC E/OU ASSENT DE TUBO DE FERRO FUNDIDO JUNTA",45,"","",97142,"ASSENTAMENTO DE TUBO DE FERRO FUNDIDO PARA REDE DE ÁGUA, DN 100 MM, JUNTA ELÁSTICA, INSTALADO EM LOCAL COM NÍVEL ALTO DE INTERFERÊNCIAS (NÃO INCLUI FORNECIMENTO). AF_11/2017","M","COEFICIENTE DE REPRESENTATIVIDADE",7.39,"S","SINAPI",88316,0.1045,"H","COEFICIENTE DE REPRESENTATIVIDADE",0.1045,15.03,1.57,"","","","","","","","","","","CAIXA REFERENCIAL"]
["ASSENTAMENTO DE TUBOS E PECAS","ASTU","FORNEC E/OU ASSENT DE TUBO DE FERRO FUNDIDO JUNTA",45,"","",97143,"ASSENTAMENTO DE TUBO DE FERRO FUNDIDO PARA REDE DE ÁGUA, DN 150 MM, JUNTA ELÁSTICA, INSTALADO EM LOCAL COM NÍVEL ALTO DE INTERFERÊNCIAS (NÃO INCLUI FORNECIMENTO). AF_11/2017","M","COEFICIENTE DE REPRESENTATIVIDADE",9.31,"","SINAPI","","","","","","","",5.7,61.1607144,2.2,23.6607142,1.41,15.1785714,0,0,0,0,"CAIXA REFERENCIAL"]
["ASSENTAMENTO DE TUBOS E PECAS","ASTU","FORNEC E/OU ASSENT DE TUBO DE FERRO FUNDIDO JUNTA",45,"","",97143,"ASSENTAMENTO DE TUBO DE FERRO FUNDIDO PARA REDE DE ÁGUA, DN 150 MM, JUNTA ELÁSTICA, INSTALADO EM LOCAL COM NÍVEL ALTO DE INTERFERÊNCIAS (NÃO INCLUI FORNECIMENTO). AF_11/2017","M","COEFICIENTE DE REPRESENTATIVIDADE",9.31,"S","SINAPI",5678,0.0124,"CHP","COEFICIENTE DE REPRESENTATIVIDADE",0.0124,100.23,1.24,"","","","","","","","","","","CAIXA REFERENCIAL"]
["ASSENTAMENTO DE TUBOS E PECAS","ASTU","FORNEC E/OU ASSENT DE TUBO DE FERRO FUNDIDO JUNTA",45,"","",97143,"ASSENTAMENTO DE TUBO DE FERRO FUNDIDO PARA REDE DE ÁGUA, DN 150 MM, JUNTA ELÁSTICA, INSTALADO EM LOCAL COM NÍVEL ALTO DE INTERFERÊNCIAS (NÃO INCLUI FORNECIMENTO). AF_11/2017","M","COEFICIENTE DE REPRESENTATIVIDADE",9.31,"S","SINAPI",5679,0.0594,"CHI","COEFICIENTE DE REPRESENTATIVIDADE",0.0594,44.39,2.63,"","","","","","","","","","","CAIXA REFERENCIAL"]
["ASSENTAMENTO DE TUBOS E PECAS","ASTU","FORNEC E/OU ASSENT DE TUBO DE FERRO FUNDIDO JUNTA",45,"","",97143,"ASSENTAMENTO DE TUBO DE FERRO FUNDIDO PARA REDE DE ÁGUA, DN 150 MM, JUNTA ELÁSTICA, INSTALADO EM LOCAL COM NÍVEL ALTO DE INTERFERÊNCIAS (NÃO INCLUI FORNECIMENTO). AF_11/2017","M","COEFICIENTE DE REPRESENTATIVIDADE",9.31,"I","SINAPI",20078,0.0071,"UN","COEFICIENTE DE REPRESENTATIVIDADE",0.0071,17.63,0.12,"","","","","","","","","","","CAIXA REFERENCIAL"]
["ASSENTAMENTO DE TUBOS E PECAS","ASTU","FORNEC E/OU ASSENT DE TUBO DE FERRO FUNDIDO JUNTA",45,"","",97143,"ASSENTAMENTO DE TUBO DE FERRO FUNDIDO PARA REDE DE ÁGUA, DN 150 MM, JUNTA ELÁSTICA, INSTALADO EM LOCAL COM NÍVEL ALTO DE INTERFERÊNCIAS (NÃO INCLUI FORNECIMENTO). AF_11/2017","M","COEFICIENTE DE REPRESENTATIVIDADE",9.31,"S","SINAPI",88246,0.1396,"H","COEFICIENTE DE REPRESENTATIVIDADE",0.1396,23.15,3.23,"","","","","","","","","","","CAIXA REFERENCIAL"]
["ASSENTAMENTO DE TUBOS E PECAS","ASTU","FORNEC E/OU ASSENT DE TUBO DE FERRO FUNDIDO JUNTA",45,"","",97143,"ASSENTAMENTO DE TUBO DE FERRO FUNDIDO PARA REDE DE ÁGUA, DN 150 MM, JUNTA ELÁSTICA, INSTALADO EM LOCAL COM NÍVEL ALTO DE INTERFERÊNCIAS (NÃO INCLUI FORNECIMENTO). AF_11/2017","M","COEFICIENTE DE REPRESENTATIVIDADE",9.31,"S","SINAPI",88316,0.1396,"H","COEFICIENTE DE REPRESENTATIVIDADE",0.1396,15.03,2.09,"","","","","","","","","","","CAIXA REFERENCIAL"]
["ASSENTAMENTO DE TUBOS E PECAS","ASTU","FORNEC E/OU ASSENT DE TUBO DE FERRO FUNDIDO JUNTA",45,"","",97144,"ASSENTAMENTO DE TUBO DE FERRO FUNDIDO PARA REDE DE ÁGUA, DN 200 MM, JUNTA ELÁSTICA, INSTALADO EM LOCAL COM NÍVEL ALTO DE INTERFERÊNCIAS (NÃO INCLUI FORNECIMENTO). AF_11/2017","M","COEFICIENTE DE REPRESENTATIVIDADE",11.22,"","SINAPI","","","","","","","",6.9,61.3970589,2.73,24.3566176,1.59,14.2463235,0,0,0,0,"CAIXA REFERENCIAL"]
["ASSENTAMENTO DE TUBOS E PECAS","ASTU","FORNEC E/OU ASSENT DE TUBO DE FERRO FUNDIDO JUNTA",45,"","",97144,"ASSENTAMENTO DE TUBO DE FERRO FUNDIDO PARA REDE DE ÁGUA, DN 200 MM, JUNTA ELÁSTICA, INSTALADO EM LOCAL COM NÍVEL ALTO DE INTERFERÊNCIAS (NÃO INCLUI FORNECIMENTO). AF_11/2017","M","COEFICIENTE DE REPRESENTATIVIDADE",11.22,"S","SINAPI",5678,0.0141,"CHP","COEFICIENTE DE REPRESENTATIVIDADE",0.0141,100.23,1.41,"","","","","","","","","","","CAIXA REFERENCIAL"]
["ASSENTAMENTO DE TUBOS E PECAS","ASTU","FORNEC E/OU ASSENT DE TUBO DE FERRO FUNDIDO JUNTA",45,"","",97144,"ASSENTAMENTO DE TUBO DE FERRO FUNDIDO PARA REDE DE ÁGUA, DN 200 MM, JUNTA ELÁSTICA, INSTALADO EM LOCAL COM NÍVEL ALTO DE INTERFERÊNCIAS (NÃO INCLUI FORNECIMENTO). AF_11/2017","M","COEFICIENTE DE REPRESENTATIVIDADE",11.22,"S","SINAPI",5679,0.0678,"CHI","COEFICIENTE DE REPRESENTATIVIDADE",0.0678,44.39,3,"","","","","","","","","","","CAIXA REFERENCIAL"]
["ASSENTAMENTO DE TUBOS E PECAS","ASTU","FORNEC E/OU ASSENT DE TUBO DE FERRO FUNDIDO JUNTA",45,"","",97144,"ASSENTAMENTO DE TUBO DE FERRO FUNDIDO PARA REDE DE ÁGUA, DN 200 MM, JUNTA ELÁSTICA, INSTALADO EM LOCAL COM NÍVEL ALTO DE INTERFERÊNCIAS (NÃO INCLUI FORNECIMENTO). AF_11/2017","M","COEFICIENTE DE REPRESENTATIVIDADE",11.22,"I","SINAPI",20078,0.0087,"UN","COEFICIENTE DE REPRESENTATIVIDADE",0.0087,17.63,0.15,"","","","","","","","","","","CAIXA REFERENCIAL"]
["ASSENTAMENTO DE TUBOS E PECAS","ASTU","FORNEC E/OU ASSENT DE TUBO DE FERRO FUNDIDO JUNTA",45,"","",97144,"ASSENTAMENTO DE TUBO DE FERRO FUNDIDO PARA REDE DE ÁGUA, DN 200 MM, JUNTA ELÁSTICA, INSTALADO EM LOCAL COM NÍVEL ALTO DE INTERFERÊNCIAS (NÃO INCLUI FORNECIMENTO). AF_11/2017","M","COEFICIENTE DE REPRESENTATIVIDADE",11.22,"S","SINAPI",88246,0.1747,"H","COEFICIENTE DE REPRESENTATIVIDADE",0.1747,23.15,4.04,"","","","","","","","","","","CAIXA REFERENCIAL"]
["ASSENTAMENTO DE TUBOS E PECAS","ASTU","FORNEC E/OU ASSENT DE TUBO DE FERRO FUNDIDO JUNTA",45,"","",97144,"ASSENTAMENTO DE TUBO DE FERRO FUNDIDO PARA REDE DE ÁGUA, DN 200 MM, JUNTA ELÁSTICA, INSTALADO EM LOCAL COM NÍVEL ALTO DE INTERFERÊNCIAS (NÃO INCLUI FORNECIMENTO). AF_11/2017","M","COEFICIENTE DE REPRESENTATIVIDADE",11.22,"S","SINAPI",88316,0.1747,"H","COEFICIENTE DE REPRESENTATIVIDADE",0.1747,15.03,2.62,"","","","","","","","","","","CAIXA REFERENCIAL"]
["ASSENTAMENTO DE TUBOS E PECAS","ASTU","FORNEC E/OU ASSENT DE TUBO DE FERRO FUNDIDO JUNTA",45,"","",97145,"ASSENTAMENTO DE TUBO DE FERRO FUNDIDO PARA REDE DE ÁGUA, DN 250 MM, JUNTA ELÁSTICA, INSTALADO EM LOCAL COM NÍVEL ALTO DE INTERFERÊNCIAS (NÃO INCLUI FORNECIMENTO). AF_11/2017","M","COEFICIENTE DE REPRESENTATIVIDADE",13.16,"","SINAPI","","","","","","","",8.14,61.7854348,3.23,24.5888801,1.79,13.6256851,0,0,0,0,"CAIXA REFERENCIAL"]
["ASSENTAMENTO DE TUBOS E PECAS","ASTU","FORNEC E/OU ASSENT DE TUBO DE FERRO FUNDIDO JUNTA",45,"","",97145,"ASSENTAMENTO DE TUBO DE FERRO FUNDIDO PARA REDE DE ÁGUA, DN 250 MM, JUNTA ELÁSTICA, INSTALADO EM LOCAL COM NÍVEL ALTO DE INTERFERÊNCIAS (NÃO INCLUI FORNECIMENTO). AF_11/2017","M","COEFICIENTE DE REPRESENTATIVIDADE",13.16,"S","SINAPI",5678,0.0159,"CHP","COEFICIENTE DE REPRESENTATIVIDADE",0.0159,100.23,1.59,"","","","","","","","","","","CAIXA REFERENCIAL"]
["ASSENTAMENTO DE TUBOS E PECAS","ASTU","FORNEC E/OU ASSENT DE TUBO DE FERRO FUNDIDO JUNTA",45,"","",97145,"ASSENTAMENTO DE TUBO DE FERRO FUNDIDO PARA REDE DE ÁGUA, DN 250 MM, JUNTA ELÁSTICA, INSTALADO EM LOCAL COM NÍVEL ALTO DE INTERFERÊNCIAS (NÃO INCLUI FORNECIMENTO). AF_11/2017","M","COEFICIENTE DE REPRESENTATIVIDADE",13.16,"S","SINAPI",5679,0.0762,"CHI","COEFICIENTE DE REPRESENTATIVIDADE",0.0762,44.39,3.38,"","","","","","","","","","","CAIXA REFERENCIAL"]
["ASSENTAMENTO DE TUBOS E PECAS","ASTU","FORNEC E/OU ASSENT DE TUBO DE FERRO FUNDIDO JUNTA",45,"","",97145,"ASSENTAMENTO DE TUBO DE FERRO FUNDIDO PARA REDE DE ÁGUA, DN 250 MM, JUNTA ELÁSTICA, INSTALADO EM LOCAL COM NÍVEL ALTO DE INTERFERÊNCIAS (NÃO INCLUI FORNECIMENTO). AF_11/2017","M","COEFICIENTE DE REPRESENTATIVIDADE",13.16,"I","SINAPI",20078,0.0113,"UN","COEFICIENTE DE REPRESENTATIVIDADE",0.0113,17.63,0.19,"","","","","","","","","","","CAIXA REFERENCIAL"]
["ASSENTAMENTO DE TUBOS E PECAS","ASTU","FORNEC E/OU ASSENT DE TUBO DE FERRO FUNDIDO JUNTA",45,"","",97145,"ASSENTAMENTO DE TUBO DE FERRO FUNDIDO PARA REDE DE ÁGUA, DN 250 MM, JUNTA ELÁSTICA, INSTALADO EM LOCAL COM NÍVEL ALTO DE INTERFERÊNCIAS (NÃO INCLUI FORNECIMENTO). AF_11/2017","M","COEFICIENTE DE REPRESENTATIVIDADE",13.16,"S","SINAPI",88246,0.2097,"H","COEFICIENTE DE REPRESENTATIVIDADE",0.2097,23.15,4.85,"","","","","","","","","","","CAIXA REFERENCIAL"]
["ASSENTAMENTO DE TUBOS E PECAS","ASTU","FORNEC E/OU ASSENT DE TUBO DE FERRO FUNDIDO JUNTA",45,"","",97145,"ASSENTAMENTO DE TUBO DE FERRO FUNDIDO PARA REDE DE ÁGUA, DN 250 MM, JUNTA ELÁSTICA, INSTALADO EM LOCAL COM NÍVEL ALTO DE INTERFERÊNCIAS (NÃO INCLUI FORNECIMENTO). AF_11/2017","M","COEFICIENTE DE REPRESENTATIVIDADE",13.16,"S","SINAPI",88316,0.2097,"H","COEFICIENTE DE REPRESENTATIVIDADE",0.2097,15.03,3.15,"","","","","","","","","","","CAIXA REFERENCIAL"]
["ASSENTAMENTO DE TUBOS E PECAS","ASTU","FORNEC E/OU ASSENT DE TUBO DE FERRO FUNDIDO JUNTA",45,"","",97146,"ASSENTAMENTO DE TUBO DE FERRO FUNDIDO PARA REDE DE ÁGUA, DN 300 MM, JUNTA ELÁSTICA, INSTALADO EM LOCAL COM NÍVEL ALTO DE INTERFERÊNCIAS (NÃO INCLUI FORNECIMENTO). AF_11/2017","M","COEFICIENTE DE REPRESENTATIVIDADE",15.08,"","SINAPI","","","","","","","",9.33,61.7946975,3.78,25.0849762,1.97,13.1203263,0,0,0,0,"CAIXA REFERENCIAL"]
["ASSENTAMENTO DE TUBOS E PECAS","ASTU","FORNEC E/OU ASSENT DE TUBO DE FERRO FUNDIDO JUNTA",45,"","",97146,"ASSENTAMENTO DE TUBO DE FERRO FUNDIDO PARA REDE DE ÁGUA, DN 300 MM, JUNTA ELÁSTICA, INSTALADO EM LOCAL COM NÍVEL ALTO DE INTERFERÊNCIAS (NÃO INCLUI FORNECIMENTO). AF_11/2017","M","COEFICIENTE DE REPRESENTATIVIDADE",15.08,"S","SINAPI",5678,0.0176,"CHP","COEFICIENTE DE REPRESENTATIVIDADE",0.0176,100.23,1.76,"","","","","","","","","","","CAIXA REFERENCIAL"]
["ASSENTAMENTO DE TUBOS E PECAS","ASTU","FORNEC E/OU ASSENT DE TUBO DE FERRO FUNDIDO JUNTA",45,"","",97146,"ASSENTAMENTO DE TUBO DE FERRO FUNDIDO PARA REDE DE ÁGUA, DN 300 MM, JUNTA ELÁSTICA, INSTALADO EM LOCAL COM NÍVEL ALTO DE INTERFERÊNCIAS (NÃO INCLUI FORNECIMENTO). AF_11/2017","M","COEFICIENTE DE REPRESENTATIVIDADE",15.08,"S","SINAPI",5679,0.0846,"CHI","COEFICIENTE DE REPRESENTATIVIDADE",0.0846,44.39,3.75,"","","","","","","","","","","CAIXA REFERENCIAL"]
["ASSENTAMENTO DE TUBOS E PECAS","ASTU","FORNEC E/OU ASSENT DE TUBO DE FERRO FUNDIDO JUNTA",45,"","",97146,"ASSENTAMENTO DE TUBO DE FERRO FUNDIDO PARA REDE DE ÁGUA, DN 300 MM, JUNTA ELÁSTICA, INSTALADO EM LOCAL COM NÍVEL ALTO DE INTERFERÊNCIAS (NÃO INCLUI FORNECIMENTO). AF_11/2017","M","COEFICIENTE DE REPRESENTATIVIDADE",15.08,"I","SINAPI",20078,0.0138,"UN","COEFICIENTE DE REPRESENTATIVIDADE",0.0138,17.63,0.24,"","","","","","","","","","","CAIXA REFERENCIAL"]
["ASSENTAMENTO DE TUBOS E PECAS","ASTU","FORNEC E/OU ASSENT DE TUBO DE FERRO FUNDIDO JUNTA",45,"","",97146,"ASSENTAMENTO DE TUBO DE FERRO FUNDIDO PARA REDE DE ÁGUA, DN 300 MM, JUNTA ELÁSTICA, INSTALADO EM LOCAL COM NÍVEL ALTO DE INTERFERÊNCIAS (NÃO INCLUI FORNECIMENTO). AF_11/2017","M","COEFICIENTE DE REPRESENTATIVIDADE",15.08,"S","SINAPI",88246,0.2448,"H","COEFICIENTE DE REPRESENTATIVIDADE",0.2448,23.15,5.66,"","","","","","","","","","","CAIXA REFERENCIAL"]
["ASSENTAMENTO DE TUBOS E PECAS","ASTU","FORNEC E/OU ASSENT DE TUBO DE FERRO FUNDIDO JUNTA",45,"","",97146,"ASSENTAMENTO DE TUBO DE FERRO FUNDIDO PARA REDE DE ÁGUA, DN 300 MM, JUNTA ELÁSTICA, INSTALADO EM LOCAL COM NÍVEL ALTO DE INTERFERÊNCIAS (NÃO INCLUI FORNECIMENTO). AF_11/2017","M","COEFICIENTE DE REPRESENTATIVIDADE",15.08,"S","SINAPI",88316,0.2448,"H","COEFICIENTE DE REPRESENTATIVIDADE",0.2448,15.03,3.67,"","","","","","","","","","","CAIXA REFERENCIAL"]
["ASSENTAMENTO DE TUBOS E PECAS","ASTU","FORNEC E/OU ASSENT DE TUBO DE FERRO FUNDIDO JUNTA",45,"","",97147,"ASSENTAMENTO DE TUBO DE FERRO FUNDIDO PARA REDE DE ÁGUA, DN 350 MM, JUNTA ELÁSTICA, INSTALADO EM LOCAL COM NÍVEL ALTO DE INTERFERÊNCIAS (NÃO INCLUI FORNECIMENTO). AF_11/2017","M","COEFICIENTE DE REPRESENTATIVIDADE",17.01,"","SINAPI","","","","","","","",10.54,61.927711,4.26,25.0602409,2.21,13.0120481,0,0,0,0,"CAIXA REFERENCIAL"]
["ASSENTAMENTO DE TUBOS E PECAS","ASTU","FORNEC E/OU ASSENT DE TUBO DE FERRO FUNDIDO JUNTA",45,"","",97147,"ASSENTAMENTO DE TUBO DE FERRO FUNDIDO PARA REDE DE ÁGUA, DN 350 MM, JUNTA ELÁSTICA, INSTALADO EM LOCAL COM NÍVEL ALTO DE INTERFERÊNCIAS (NÃO INCLUI FORNECIMENTO). AF_11/2017","M","COEFICIENTE DE REPRESENTATIVIDADE",17.01,"S","SINAPI",5678,0.0194,"CHP","COEFICIENTE DE REPRESENTATIVIDADE",0.0194,100.23,1.94,"","","","","","","","","","","CAIXA REFERENCIAL"]
["ASSENTAMENTO DE TUBOS E PECAS","ASTU","FORNEC E/OU ASSENT DE TUBO DE FERRO FUNDIDO JUNTA",45,"","",97147,"ASSENTAMENTO DE TUBO DE FERRO FUNDIDO PARA REDE DE ÁGUA, DN 350 MM, JUNTA ELÁSTICA, INSTALADO EM LOCAL COM NÍVEL ALTO DE INTERFERÊNCIAS (NÃO INCLUI FORNECIMENTO). AF_11/2017","M","COEFICIENTE DE REPRESENTATIVIDADE",17.01,"S","SINAPI",5679,0.093,"CHI","COEFICIENTE DE REPRESENTATIVIDADE",0.093,44.39,4.12,"","","","","","","","","","","CAIXA REFERENCIAL"]
["ASSENTAMENTO DE TUBOS E PECAS","ASTU","FORNEC E/OU ASSENT DE TUBO DE FERRO FUNDIDO JUNTA",45,"","",97147,"ASSENTAMENTO DE TUBO DE FERRO FUNDIDO PARA REDE DE ÁGUA, DN 350 MM, JUNTA ELÁSTICA, INSTALADO EM LOCAL COM NÍVEL ALTO DE INTERFERÊNCIAS (NÃO INCLUI FORNECIMENTO). AF_11/2017","M","COEFICIENTE DE REPRESENTATIVIDADE",17.01,"I","SINAPI",20078,0.0163,"UN","COEFICIENTE DE REPRESENTATIVIDADE",0.0163,17.63,0.28,"","","","","","","","","","","CAIXA REFERENCIAL"]
["ASSENTAMENTO DE TUBOS E PECAS","ASTU","FORNEC E/OU ASSENT DE TUBO DE FERRO FUNDIDO JUNTA",45,"","",97147,"ASSENTAMENTO DE TUBO DE FERRO FUNDIDO PARA REDE DE ÁGUA, DN 350 MM, JUNTA ELÁSTICA, INSTALADO EM LOCAL COM NÍVEL ALTO DE INTERFERÊNCIAS (NÃO INCLUI FORNECIMENTO). AF_11/2017","M","COEFICIENTE DE REPRESENTATIVIDADE",17.01,"S","SINAPI",88246,0.2799,"H","COEFICIENTE DE REPRESENTATIVIDADE",0.2799,23.15,6.47,"","","","","","","","","","","CAIXA REFERENCIAL"]
["ASSENTAMENTO DE TUBOS E PECAS","ASTU","FORNEC E/OU ASSENT DE TUBO DE FERRO FUNDIDO JUNTA",45,"","",97147,"ASSENTAMENTO DE TUBO DE FERRO FUNDIDO PARA REDE DE ÁGUA, DN 350 MM, JUNTA ELÁSTICA, INSTALADO EM LOCAL COM NÍVEL ALTO DE INTERFERÊNCIAS (NÃO INCLUI FORNECIMENTO). AF_11/2017","M","COEFICIENTE DE REPRESENTATIVIDADE",17.01,"S","SINAPI",88316,0.2799,"H","COEFICIENTE DE REPRESENTATIVIDADE",0.2799,15.03,4.2,"","","","","","","","","","","CAIXA REFERENCIAL"]
["ASSENTAMENTO DE TUBOS E PECAS","ASTU","FORNEC E/OU ASSENT DE TUBO DE FERRO FUNDIDO JUNTA",45,"","",97148,"ASSENTAMENTO DE TUBO DE FERRO FUNDIDO PARA REDE DE ÁGUA, DN 400 MM, JUNTA ELÁSTICA, INSTALADO EM LOCAL COM NÍVEL ALTO DE INTERFERÊNCIAS (NÃO INCLUI FORNECIMENTO). AF_11/2017","M","COEFICIENTE DE REPRESENTATIVIDADE",18.96,"","SINAPI","","","","","","","",11.76,62.0150863,4.8,25.3232758,2.4,12.6616379,0,0,0,0,"CAIXA REFERENCIAL"]
["ASSENTAMENTO DE TUBOS E PECAS","ASTU","FORNEC E/OU ASSENT DE TUBO DE FERRO FUNDIDO JUNTA",45,"","",97148,"ASSENTAMENTO DE TUBO DE FERRO FUNDIDO PARA REDE DE ÁGUA, DN 400 MM, JUNTA ELÁSTICA, INSTALADO EM LOCAL COM NÍVEL ALTO DE INTERFERÊNCIAS (NÃO INCLUI FORNECIMENTO). AF_11/2017","M","COEFICIENTE DE REPRESENTATIVIDADE",18.96,"S","SINAPI",5678,0.0211,"CHP","COEFICIENTE DE REPRESENTATIVIDADE",0.0211,100.23,2.11,"","","","","","","","","","","CAIXA REFERENCIAL"]
["ASSENTAMENTO DE TUBOS E PECAS","ASTU","FORNEC E/OU ASSENT DE TUBO DE FERRO FUNDIDO JUNTA",45,"","",97148,"ASSENTAMENTO DE TUBO DE FERRO FUNDIDO PARA REDE DE ÁGUA, DN 400 MM, JUNTA ELÁSTICA, INSTALADO EM LOCAL COM NÍVEL ALTO DE INTERFERÊNCIAS (NÃO INCLUI FORNECIMENTO). AF_11/2017","M","COEFICIENTE DE REPRESENTATIVIDADE",18.96,"S","SINAPI",5679,0.1014,"CHI","COEFICIENTE DE REPRESENTATIVIDADE",0.1014,44.39,4.5,"","","","","","","","","","","CAIXA REFERENCIAL"]
["ASSENTAMENTO DE TUBOS E PECAS","ASTU","FORNEC E/OU ASSENT DE TUBO DE FERRO FUNDIDO JUNTA",45,"","",97148,"ASSENTAMENTO DE TUBO DE FERRO FUNDIDO PARA REDE DE ÁGUA, DN 400 MM, JUNTA ELÁSTICA, INSTALADO EM LOCAL COM NÍVEL ALTO DE INTERFERÊNCIAS (NÃO INCLUI FORNECIMENTO). AF_11/2017","M","COEFICIENTE DE REPRESENTATIVIDADE",18.96,"I","SINAPI",20078,0.0188,"UN","COEFICIENTE DE REPRESENTATIVIDADE",0.0188,17.63,0.33,"","","","","","","","","","","CAIXA REFERENCIAL"]
["ASSENTAMENTO DE TUBOS E PECAS","ASTU","FORNEC E/OU ASSENT DE TUBO DE FERRO FUNDIDO JUNTA",45,"","",97148,"ASSENTAMENTO DE TUBO DE FERRO FUNDIDO PARA REDE DE ÁGUA, DN 400 MM, JUNTA ELÁSTICA, INSTALADO EM LOCAL COM NÍVEL ALTO DE INTERFERÊNCIAS (NÃO INCLUI FORNECIMENTO). AF_11/2017","M","COEFICIENTE DE REPRESENTATIVIDADE",18.96,"S","SINAPI",88246,0.315,"H","COEFICIENTE DE REPRESENTATIVIDADE",0.315,23.15,7.29,"","","","","","","","","","","CAIXA REFERENCIAL"]
["ASSENTAMENTO DE TUBOS E PECAS","ASTU","FORNEC E/OU ASSENT DE TUBO DE FERRO FUNDIDO JUNTA",45,"","",97148,"ASSENTAMENTO DE TUBO DE FERRO FUNDIDO PARA REDE DE ÁGUA, DN 400 MM, JUNTA ELÁSTICA, INSTALADO EM LOCAL COM NÍVEL ALTO DE INTERFERÊNCIAS (NÃO INCLUI FORNECIMENTO). AF_11/2017","M","COEFICIENTE DE REPRESENTATIVIDADE",18.96,"S","SINAPI",88316,0.315,"H","COEFICIENTE DE REPRESENTATIVIDADE",0.315,15.03,4.73,"","","","","","","","","","","CAIXA REFERENCIAL"]
["ASSENTAMENTO DE TUBOS E PECAS","ASTU","FORNEC E/OU ASSENT DE TUBO DE FERRO FUNDIDO JUNTA",45,"","",97149,"ASSENTAMENTO DE TUBO DE FERRO FUNDIDO PARA REDE DE ÁGUA, DN 450 MM, JUNTA ELÁSTICA, INSTALADO EM LOCAL COM NÍVEL ALTO DE INTERFERÊNCIAS (NÃO INCLUI FORNECIMENTO). AF_11/2017","M","COEFICIENTE DE REPRESENTATIVIDADE",20.9,"","SINAPI","","","","","","","",12.93,61.8491485,5.39,25.7907542,2.58,12.3600973,0,0,0,0,"CAIXA REFERENCIAL"]
["ASSENTAMENTO DE TUBOS E PECAS","ASTU","FORNEC E/OU ASSENT DE TUBO DE FERRO FUNDIDO JUNTA",45,"","",97149,"ASSENTAMENTO DE TUBO DE FERRO FUNDIDO PARA REDE DE ÁGUA, DN 450 MM, JUNTA ELÁSTICA, INSTALADO EM LOCAL COM NÍVEL ALTO DE INTERFERÊNCIAS (NÃO INCLUI FORNECIMENTO). AF_11/2017","M","COEFICIENTE DE REPRESENTATIVIDADE",20.9,"S","SINAPI",5678,0.0229,"CHP","COEFICIENTE DE REPRESENTATIVIDADE",0.0229,100.23,2.29,"","","","","","","","","","","CAIXA REFERENCIAL"]
["ASSENTAMENTO DE TUBOS E PECAS","ASTU","FORNEC E/OU ASSENT DE TUBO DE FERRO FUNDIDO JUNTA",45,"","",97149,"ASSENTAMENTO DE TUBO DE FERRO FUNDIDO PARA REDE DE ÁGUA, DN 450 MM, JUNTA ELÁSTICA, INSTALADO EM LOCAL COM NÍVEL ALTO DE INTERFERÊNCIAS (NÃO INCLUI FORNECIMENTO). AF_11/2017","M","COEFICIENTE DE REPRESENTATIVIDADE",20.9,"S","SINAPI",5679,0.1098,"CHI","COEFICIENTE DE REPRESENTATIVIDADE",0.1098,44.39,4.87,"","","","","","","","","","","CAIXA REFERENCIAL"]
["ASSENTAMENTO DE TUBOS E PECAS","ASTU","FORNEC E/OU ASSENT DE TUBO DE FERRO FUNDIDO JUNTA",45,"","",97149,"ASSENTAMENTO DE TUBO DE FERRO FUNDIDO PARA REDE DE ÁGUA, DN 450 MM, JUNTA ELÁSTICA, INSTALADO EM LOCAL COM NÍVEL ALTO DE INTERFERÊNCIAS (NÃO INCLUI FORNECIMENTO). AF_11/2017","M","COEFICIENTE DE REPRESENTATIVIDADE",20.9,"I","SINAPI",20078,0.0221,"UN","COEFICIENTE DE REPRESENTATIVIDADE",0.0221,17.63,0.38,"","","","","","","","","","","CAIXA REFERENCIAL"]
["ASSENTAMENTO DE TUBOS E PECAS","ASTU","FORNEC E/OU ASSENT DE TUBO DE FERRO FUNDIDO JUNTA",45,"","",97149,"ASSENTAMENTO DE TUBO DE FERRO FUNDIDO PARA REDE DE ÁGUA, DN 450 MM, JUNTA ELÁSTICA, INSTALADO EM LOCAL COM NÍVEL ALTO DE INTERFERÊNCIAS (NÃO INCLUI FORNECIMENTO). AF_11/2017","M","COEFICIENTE DE REPRESENTATIVIDADE",20.9,"S","SINAPI",88246,0.3501,"H","COEFICIENTE DE REPRESENTATIVIDADE",0.3501,23.15,8.1,"","","","","","","","","","","CAIXA REFERENCIAL"]
["ASSENTAMENTO DE TUBOS E PECAS","ASTU","FORNEC E/OU ASSENT DE TUBO DE FERRO FUNDIDO JUNTA",45,"","",97149,"ASSENTAMENTO DE TUBO DE FERRO FUNDIDO PARA REDE DE ÁGUA, DN 450 MM, JUNTA ELÁSTICA, INSTALADO EM LOCAL COM NÍVEL ALTO DE INTERFERÊNCIAS (NÃO INCLUI FORNECIMENTO). AF_11/2017","M","COEFICIENTE DE REPRESENTATIVIDADE",20.9,"S","SINAPI",88316,0.3501,"H","COEFICIENTE DE REPRESENTATIVIDADE",0.3501,15.03,5.26,"","","","","","","","","","","CAIXA REFERENCIAL"]
["ASSENTAMENTO DE TUBOS E PECAS","ASTU","FORNEC E/OU ASSENT DE TUBO DE FERRO FUNDIDO JUNTA",45,"","",97150,"ASSENTAMENTO DE TUBO DE FERRO FUNDIDO PARA REDE DE ÁGUA, DN 500 MM, JUNTA ELÁSTICA, INSTALADO EM LOCAL COM NÍVEL ALTO DE INTERFERÊNCIAS (NÃO INCLUI FORNECIMENTO). AF_11/2017","M","COEFICIENTE DE REPRESENTATIVIDADE",25.46,"","SINAPI","","","","","","","",14.13,55.4625201,6.09,23.9234449,5.24,20.614035,0,0,0,0,"CAIXA REFERENCIAL"]
["ASSENTAMENTO DE TUBOS E PECAS","ASTU","FORNEC E/OU ASSENT DE TUBO DE FERRO FUNDIDO JUNTA",45,"","",97150,"ASSENTAMENTO DE TUBO DE FERRO FUNDIDO PARA REDE DE ÁGUA, DN 500 MM, JUNTA ELÁSTICA, INSTALADO EM LOCAL COM NÍVEL ALTO DE INTERFERÊNCIAS (NÃO INCLUI FORNECIMENTO). AF_11/2017","M","COEFICIENTE DE REPRESENTATIVIDADE",25.46,"S","SINAPI",5631,0.0246,"CHP","COEFICIENTE DE REPRESENTATIVIDADE",0.0246,137.46,3.38,"","","","","","","","","","","CAIXA REFERENCIAL"]
["ASSENTAMENTO DE TUBOS E PECAS","ASTU","FORNEC E/OU ASSENT DE TUBO DE FERRO FUNDIDO JUNTA",45,"","",97150,"ASSENTAMENTO DE TUBO DE FERRO FUNDIDO PARA REDE DE ÁGUA, DN 500 MM, JUNTA ELÁSTICA, INSTALADO EM LOCAL COM NÍVEL ALTO DE INTERFERÊNCIAS (NÃO INCLUI FORNECIMENTO). AF_11/2017","M","COEFICIENTE DE REPRESENTATIVIDADE",25.46,"S","SINAPI",5632,0.1182,"CHI","COEFICIENTE DE REPRESENTATIVIDADE",0.1182,58.95,6.96,"","","","","","","","","","","CAIXA REFERENCIAL"]
["ASSENTAMENTO DE TUBOS E PECAS","ASTU","FORNEC E/OU ASSENT DE TUBO DE FERRO FUNDIDO JUNTA",45,"","",97150,"ASSENTAMENTO DE TUBO DE FERRO FUNDIDO PARA REDE DE ÁGUA, DN 500 MM, JUNTA ELÁSTICA, INSTALADO EM LOCAL COM NÍVEL ALTO DE INTERFERÊNCIAS (NÃO INCLUI FORNECIMENTO). AF_11/2017","M","COEFICIENTE DE REPRESENTATIVIDADE",25.46,"I","SINAPI",20078,0.0248,"UN","COEFICIENTE DE REPRESENTATIVIDADE",0.0248,17.63,0.43,"","","","","","","","","","","CAIXA REFERENCIAL"]
["ASSENTAMENTO DE TUBOS E PECAS","ASTU","FORNEC E/OU ASSENT DE TUBO DE FERRO FUNDIDO JUNTA",45,"","",97150,"ASSENTAMENTO DE TUBO DE FERRO FUNDIDO PARA REDE DE ÁGUA, DN 500 MM, JUNTA ELÁSTICA, INSTALADO EM LOCAL COM NÍVEL ALTO DE INTERFERÊNCIAS (NÃO INCLUI FORNECIMENTO). AF_11/2017","M","COEFICIENTE DE REPRESENTATIVIDADE",25.46,"S","SINAPI",88246,0.3851,"H","COEFICIENTE DE REPRESENTATIVIDADE",0.3851,23.15,8.91,"","","","","","","","","","","CAIXA REFERENCIAL"]
["ASSENTAMENTO DE TUBOS E PECAS","ASTU","FORNEC E/OU ASSENT DE TUBO DE FERRO FUNDIDO JUNTA",45,"","",97150,"ASSENTAMENTO DE TUBO DE FERRO FUNDIDO PARA REDE DE ÁGUA, DN 500 MM, JUNTA ELÁSTICA, INSTALADO EM LOCAL COM NÍVEL ALTO DE INTERFERÊNCIAS (NÃO INCLUI FORNECIMENTO). AF_11/2017","M","COEFICIENTE DE REPRESENTATIVIDADE",25.46,"S","SINAPI",88316,0.3851,"H","COEFICIENTE DE REPRESENTATIVIDADE",0.3851,15.03,5.78,"","","","","","","","","","","CAIXA REFERENCIAL"]
["ASSENTAMENTO DE TUBOS E PECAS","ASTU","FORNEC E/OU ASSENT DE TUBO DE FERRO FUNDIDO JUNTA",45,"","",97151,"ASSENTAMENTO DE TUBO DE FERRO FUNDIDO PARA REDE DE ÁGUA, DN 600 MM, JUNTA ELÁSTICA, INSTALADO EM LOCAL COM NÍVEL ALTO DE INTERFERÊNCIAS (NÃO INCLUI FORNECIMENTO). AF_11/2017","M","COEFICIENTE DE REPRESENTATIVIDADE",29.74,"","SINAPI","","","","","","","",16.55,55.6275581,7.2,24.2155525,5.99,20.1568894,0,0,0,0,"CAIXA REFERENCIAL"]
["ASSENTAMENTO DE TUBOS E PECAS","ASTU","FORNEC E/OU ASSENT DE TUBO DE FERRO FUNDIDO JUNTA",45,"","",97151,"ASSENTAMENTO DE TUBO DE FERRO FUNDIDO PARA REDE DE ÁGUA, DN 600 MM, JUNTA ELÁSTICA, INSTALADO EM LOCAL COM NÍVEL ALTO DE INTERFERÊNCIAS (NÃO INCLUI FORNECIMENTO). AF_11/2017","M","COEFICIENTE DE REPRESENTATIVIDADE",29.74,"S","SINAPI",5631,0.0281,"CHP","COEFICIENTE DE REPRESENTATIVIDADE",0.0281,137.46,3.86,"","","","","","","","","","","CAIXA REFERENCIAL"]
["ASSENTAMENTO DE TUBOS E PECAS","ASTU","FORNEC E/OU ASSENT DE TUBO DE FERRO FUNDIDO JUNTA",45,"","",97151,"ASSENTAMENTO DE TUBO DE FERRO FUNDIDO PARA REDE DE ÁGUA, DN 600 MM, JUNTA ELÁSTICA, INSTALADO EM LOCAL COM NÍVEL ALTO DE INTERFERÊNCIAS (NÃO INCLUI FORNECIMENTO). AF_11/2017","M","COEFICIENTE DE REPRESENTATIVIDADE",29.74,"S","SINAPI",5632,0.135,"CHI","COEFICIENTE DE REPRESENTATIVIDADE",0.135,58.95,7.95,"","","","","","","","","","","CAIXA REFERENCIAL"]
["ASSENTAMENTO DE TUBOS E PECAS","ASTU","FORNEC E/OU ASSENT DE TUBO DE FERRO FUNDIDO JUNTA",45,"","",97151,"ASSENTAMENTO DE TUBO DE FERRO FUNDIDO PARA REDE DE ÁGUA, DN 600 MM, JUNTA ELÁSTICA, INSTALADO EM LOCAL COM NÍVEL ALTO DE INTERFERÊNCIAS (NÃO INCLUI FORNECIMENTO). AF_11/2017","M","COEFICIENTE DE REPRESENTATIVIDADE",29.74,"I","SINAPI",20078,0.0313,"UN","COEFICIENTE DE REPRESENTATIVIDADE",0.0313,17.63,0.55,"","","","","","","","","","","CAIXA REFERENCIAL"]
["ASSENTAMENTO DE TUBOS E PECAS","ASTU","FORNEC E/OU ASSENT DE TUBO DE FERRO FUNDIDO JUNTA",45,"","",97151,"ASSENTAMENTO DE TUBO DE FERRO FUNDIDO PARA REDE DE ÁGUA, DN 600 MM, JUNTA ELÁSTICA, INSTALADO EM LOCAL COM NÍVEL ALTO DE INTERFERÊNCIAS (NÃO INCLUI FORNECIMENTO). AF_11/2017","M","COEFICIENTE DE REPRESENTATIVIDADE",29.74,"S","SINAPI",88246,0.4553,"H","COEFICIENTE DE REPRESENTATIVIDADE",0.4553,23.15,10.54,"","","","","","","","","","","CAIXA REFERENCIAL"]
["ASSENTAMENTO DE TUBOS E PECAS","ASTU","FORNEC E/OU ASSENT DE TUBO DE FERRO FUNDIDO JUNTA",45,"","",97151,"ASSENTAMENTO DE TUBO DE FERRO FUNDIDO PARA REDE DE ÁGUA, DN 600 MM, JUNTA ELÁSTICA, INSTALADO EM LOCAL COM NÍVEL ALTO DE INTERFERÊNCIAS (NÃO INCLUI FORNECIMENTO). AF_11/2017","M","COEFICIENTE DE REPRESENTATIVIDADE",29.74,"S","SINAPI",88316,0.4553,"H","COEFICIENTE DE REPRESENTATIVIDADE",0.4553,15.03,6.84,"","","","","","","","","","","CAIXA REFERENCIAL"]
["ASSENTAMENTO DE TUBOS E PECAS","ASTU","FORNEC E/OU ASSENT DE TUBO DE FERRO FUNDIDO JUNTA",45,"","",97152,"ASSENTAMENTO DE TUBO DE FERRO FUNDIDO PARA REDE DE ÁGUA, DN 700 MM, JUNTA ELÁSTICA, INSTALADO EM LOCAL COM NÍVEL ALTO DE INTERFERÊNCIAS (NÃO INCLUI FORNECIMENTO). AF_11/2017","M","COEFICIENTE DE REPRESENTATIVIDADE",33.83,"","SINAPI","","","","","","","",18.9,55.8437688,8.18,24.1800834,6.75,19.9761478,0,0,0,0,"CAIXA REFERENCIAL"]
["ASSENTAMENTO DE TUBOS E PECAS","ASTU","FORNEC E/OU ASSENT DE TUBO DE FERRO FUNDIDO JUNTA",45,"","",97152,"ASSENTAMENTO DE TUBO DE FERRO FUNDIDO PARA REDE DE ÁGUA, DN 700 MM, JUNTA ELÁSTICA, INSTALADO EM LOCAL COM NÍVEL ALTO DE INTERFERÊNCIAS (NÃO INCLUI FORNECIMENTO). AF_11/2017","M","COEFICIENTE DE REPRESENTATIVIDADE",33.83,"S","SINAPI",5631,0.0316,"CHP","COEFICIENTE DE REPRESENTATIVIDADE",0.0316,137.46,4.34,"","","","","","","","","","","CAIXA REFERENCIAL"]
["ASSENTAMENTO DE TUBOS E PECAS","ASTU","FORNEC E/OU ASSENT DE TUBO DE FERRO FUNDIDO JUNTA",45,"","",97152,"ASSENTAMENTO DE TUBO DE FERRO FUNDIDO PARA REDE DE ÁGUA, DN 700 MM, JUNTA ELÁSTICA, INSTALADO EM LOCAL COM NÍVEL ALTO DE INTERFERÊNCIAS (NÃO INCLUI FORNECIMENTO). AF_11/2017","M","COEFICIENTE DE REPRESENTATIVIDADE",33.83,"S","SINAPI",5632,0.1518,"CHI","COEFICIENTE DE REPRESENTATIVIDADE",0.1518,58.95,8.94,"","","","","","","","","","","CAIXA REFERENCIAL"]
["ASSENTAMENTO DE TUBOS E PECAS","ASTU","FORNEC E/OU ASSENT DE TUBO DE FERRO FUNDIDO JUNTA",45,"","",97152,"ASSENTAMENTO DE TUBO DE FERRO FUNDIDO PARA REDE DE ÁGUA, DN 700 MM, JUNTA ELÁSTICA, INSTALADO EM LOCAL COM NÍVEL ALTO DE INTERFERÊNCIAS (NÃO INCLUI FORNECIMENTO). AF_11/2017","M","COEFICIENTE DE REPRESENTATIVIDADE",33.83,"I","SINAPI",20078,0.0284,"UN","COEFICIENTE DE REPRESENTATIVIDADE",0.0284,17.63,0.5,"","","","","","","","","","","CAIXA REFERENCIAL"]
["ASSENTAMENTO DE TUBOS E PECAS","ASTU","FORNEC E/OU ASSENT DE TUBO DE FERRO FUNDIDO JUNTA",45,"","",97152,"ASSENTAMENTO DE TUBO DE FERRO FUNDIDO PARA REDE DE ÁGUA, DN 700 MM, JUNTA ELÁSTICA, INSTALADO EM LOCAL COM NÍVEL ALTO DE INTERFERÊNCIAS (NÃO INCLUI FORNECIMENTO). AF_11/2017","M","COEFICIENTE DE REPRESENTATIVIDADE",33.83,"S","SINAPI",88246,0.5255,"H","COEFICIENTE DE REPRESENTATIVIDADE",0.5255,23.15,12.16,"","","","","","","","","","","CAIXA REFERENCIAL"]
["ASSENTAMENTO DE TUBOS E PECAS","ASTU","FORNEC E/OU ASSENT DE TUBO DE FERRO FUNDIDO JUNTA",45,"","",97152,"ASSENTAMENTO DE TUBO DE FERRO FUNDIDO PARA REDE DE ÁGUA, DN 700 MM, JUNTA ELÁSTICA, INSTALADO EM LOCAL COM NÍVEL ALTO DE INTERFERÊNCIAS (NÃO INCLUI FORNECIMENTO). AF_11/2017","M","COEFICIENTE DE REPRESENTATIVIDADE",33.83,"S","SINAPI",88316,0.5255,"H","COEFICIENTE DE REPRESENTATIVIDADE",0.5255,15.03,7.89,"","","","","","","","","","","CAIXA REFERENCIAL"]
["ASSENTAMENTO DE TUBOS E PECAS","ASTU","FORNEC E/OU ASSENT DE TUBO DE FERRO FUNDIDO JUNTA",45,"","",97153,"ASSENTAMENTO DE TUBO DE FERRO FUNDIDO PARA REDE DE ÁGUA, DN 800 MM, JUNTA ELÁSTICA, INSTALADO EM LOCAL COM NÍVEL ALTO DE INTERFERÊNCIAS (NÃO INCLUI FORNECIMENTO). AF_11/2017","M","COEFICIENTE DE REPRESENTATIVIDADE",38.03,"","SINAPI","","","","","","","",21.31,56.0212202,9.23,24.270557,7.49,19.7082228,0,0,0,0,"CAIXA REFERENCIAL"]
["ASSENTAMENTO DE TUBOS E PECAS","ASTU","FORNEC E/OU ASSENT DE TUBO DE FERRO FUNDIDO JUNTA",45,"","",97153,"ASSENTAMENTO DE TUBO DE FERRO FUNDIDO PARA REDE DE ÁGUA, DN 800 MM, JUNTA ELÁSTICA, INSTALADO EM LOCAL COM NÍVEL ALTO DE INTERFERÊNCIAS (NÃO INCLUI FORNECIMENTO). AF_11/2017","M","COEFICIENTE DE REPRESENTATIVIDADE",38.03,"S","SINAPI",5631,0.0351,"CHP","COEFICIENTE DE REPRESENTATIVIDADE",0.0351,137.46,4.82,"","","","","","","","","","","CAIXA REFERENCIAL"]
["ASSENTAMENTO DE TUBOS E PECAS","ASTU","FORNEC E/OU ASSENT DE TUBO DE FERRO FUNDIDO JUNTA",45,"","",97153,"ASSENTAMENTO DE TUBO DE FERRO FUNDIDO PARA REDE DE ÁGUA, DN 800 MM, JUNTA ELÁSTICA, INSTALADO EM LOCAL COM NÍVEL ALTO DE INTERFERÊNCIAS (NÃO INCLUI FORNECIMENTO). AF_11/2017","M","COEFICIENTE DE REPRESENTATIVIDADE",38.03,"S","SINAPI",5632,0.1686,"CHI","COEFICIENTE DE REPRESENTATIVIDADE",0.1686,58.95,9.93,"","","","","","","","","","","CAIXA REFERENCIAL"]
["ASSENTAMENTO DE TUBOS E PECAS","ASTU","FORNEC E/OU ASSENT DE TUBO DE FERRO FUNDIDO JUNTA",45,"","",97153,"ASSENTAMENTO DE TUBO DE FERRO FUNDIDO PARA REDE DE ÁGUA, DN 800 MM, JUNTA ELÁSTICA, INSTALADO EM LOCAL COM NÍVEL ALTO DE INTERFERÊNCIAS (NÃO INCLUI FORNECIMENTO). AF_11/2017","M","COEFICIENTE DE REPRESENTATIVIDADE",38.03,"I","SINAPI",20078,0.0314,"UN","COEFICIENTE DE REPRESENTATIVIDADE",0.0314,17.63,0.55,"","","","","","","","","","","CAIXA REFERENCIAL"]
["ASSENTAMENTO DE TUBOS E PECAS","ASTU","FORNEC E/OU ASSENT DE TUBO DE FERRO FUNDIDO JUNTA",45,"","",97153,"ASSENTAMENTO DE TUBO DE FERRO FUNDIDO PARA REDE DE ÁGUA, DN 800 MM, JUNTA ELÁSTICA, INSTALADO EM LOCAL COM NÍVEL ALTO DE INTERFERÊNCIAS (NÃO INCLUI FORNECIMENTO). AF_11/2017","M","COEFICIENTE DE REPRESENTATIVIDADE",38.03,"S","SINAPI",88246,0.5956,"H","COEFICIENTE DE REPRESENTATIVIDADE",0.5956,23.15,13.78,"","","","","","","","","","","CAIXA REFERENCIAL"]
["ASSENTAMENTO DE TUBOS E PECAS","ASTU","FORNEC E/OU ASSENT DE TUBO DE FERRO FUNDIDO JUNTA",45,"","",97153,"ASSENTAMENTO DE TUBO DE FERRO FUNDIDO PARA REDE DE ÁGUA, DN 800 MM, JUNTA ELÁSTICA, INSTALADO EM LOCAL COM NÍVEL ALTO DE INTERFERÊNCIAS (NÃO INCLUI FORNECIMENTO). AF_11/2017","M","COEFICIENTE DE REPRESENTATIVIDADE",38.03,"S","SINAPI",88316,0.5956,"H","COEFICIENTE DE REPRESENTATIVIDADE",0.5956,15.03,8.95,"","","","","","","","","","","CAIXA REFERENCIAL"]
["ASSENTAMENTO DE TUBOS E PECAS","ASTU","FORNEC E/OU ASSENT DE TUBO DE FERRO FUNDIDO JUNTA",45,"","",97154,"ASSENTAMENTO DE TUBO DE FERRO FUNDIDO PARA REDE DE ÁGUA, DN 900 MM, JUNTA ELÁSTICA, INSTALADO EM LOCAL COM NÍVEL ALTO DE INTERFERÊNCIAS (NÃO INCLUI FORNECIMENTO). AF_11/2017","M","COEFICIENTE DE REPRESENTATIVIDADE",42.25,"","SINAPI","","","","","","","",23.8,56.3053363,10.21,24.1684613,8.24,19.5262024,0,0,0,0,"CAIXA REFERENCIAL"]
["ASSENTAMENTO DE TUBOS E PECAS","ASTU","FORNEC E/OU ASSENT DE TUBO DE FERRO FUNDIDO JUNTA",45,"","",97154,"ASSENTAMENTO DE TUBO DE FERRO FUNDIDO PARA REDE DE ÁGUA, DN 900 MM, JUNTA ELÁSTICA, INSTALADO EM LOCAL COM NÍVEL ALTO DE INTERFERÊNCIAS (NÃO INCLUI FORNECIMENTO). AF_11/2017","M","COEFICIENTE DE REPRESENTATIVIDADE",42.25,"S","SINAPI",5631,0.0386,"CHP","COEFICIENTE DE REPRESENTATIVIDADE",0.0386,137.46,5.3,"","","","","","","","","","","CAIXA REFERENCIAL"]
["ASSENTAMENTO DE TUBOS E PECAS","ASTU","FORNEC E/OU ASSENT DE TUBO DE FERRO FUNDIDO JUNTA",45,"","",97154,"ASSENTAMENTO DE TUBO DE FERRO FUNDIDO PARA REDE DE ÁGUA, DN 900 MM, JUNTA ELÁSTICA, INSTALADO EM LOCAL COM NÍVEL ALTO DE INTERFERÊNCIAS (NÃO INCLUI FORNECIMENTO). AF_11/2017","M","COEFICIENTE DE REPRESENTATIVIDADE",42.25,"S","SINAPI",5632,0.1854,"CHI","COEFICIENTE DE REPRESENTATIVIDADE",0.1854,58.95,10.92,"","","","","","","","","","","CAIXA REFERENCIAL"]
["ASSENTAMENTO DE TUBOS E PECAS","ASTU","FORNEC E/OU ASSENT DE TUBO DE FERRO FUNDIDO JUNTA",45,"","",97154,"ASSENTAMENTO DE TUBO DE FERRO FUNDIDO PARA REDE DE ÁGUA, DN 900 MM, JUNTA ELÁSTICA, INSTALADO EM LOCAL COM NÍVEL ALTO DE INTERFERÊNCIAS (NÃO INCLUI FORNECIMENTO). AF_11/2017","M","COEFICIENTE DE REPRESENTATIVIDADE",42.25,"I","SINAPI",20078,0.0355,"UN","COEFICIENTE DE REPRESENTATIVIDADE",0.0355,17.63,0.62,"","","","","","","","","","","CAIXA REFERENCIAL"]
["ASSENTAMENTO DE TUBOS E PECAS","ASTU","FORNEC E/OU ASSENT DE TUBO DE FERRO FUNDIDO JUNTA",45,"","",97154,"ASSENTAMENTO DE TUBO DE FERRO FUNDIDO PARA REDE DE ÁGUA, DN 900 MM, JUNTA ELÁSTICA, INSTALADO EM LOCAL COM NÍVEL ALTO DE INTERFERÊNCIAS (NÃO INCLUI FORNECIMENTO). AF_11/2017","M","COEFICIENTE DE REPRESENTATIVIDADE",42.25,"S","SINAPI",88246,0.6658,"H","COEFICIENTE DE REPRESENTATIVIDADE",0.6658,23.15,15.41,"","","","","","","","","","","CAIXA REFERENCIAL"]
["ASSENTAMENTO DE TUBOS E PECAS","ASTU","FORNEC E/OU ASSENT DE TUBO DE FERRO FUNDIDO JUNTA",45,"","",97154,"ASSENTAMENTO DE TUBO DE FERRO FUNDIDO PARA REDE DE ÁGUA, DN 900 MM, JUNTA ELÁSTICA, INSTALADO EM LOCAL COM NÍVEL ALTO DE INTERFERÊNCIAS (NÃO INCLUI FORNECIMENTO). AF_11/2017","M","COEFICIENTE DE REPRESENTATIVIDADE",42.25,"S","SINAPI",88316,0.6658,"H","COEFICIENTE DE REPRESENTATIVIDADE",0.6658,15.03,10,"","","","","","","","","","","CAIXA REFERENCIAL"]
["ASSENTAMENTO DE TUBOS E PECAS","ASTU","FORNEC E/OU ASSENT DE TUBO DE FERRO FUNDIDO JUNTA",45,"","",97155,"ASSENTAMENTO DE TUBO DE FERRO FUNDIDO PARA REDE DE ÁGUA, DN 1000 MM, JUNTA ELÁSTICA, INSTALADO EM LOCAL COM NÍVEL ALTO DE INTERFERÊNCIAS (NÃO INCLUI FORNECIMENTO). AF_11/2017","M","COEFICIENTE DE REPRESENTATIVIDADE",46.49,"","SINAPI","","","","","","","",26.18,56.281189,11.36,24.4521588,8.95,19.2666522,0,0,0,0,"CAIXA REFERENCIAL"]
["ASSENTAMENTO DE TUBOS E PECAS","ASTU","FORNEC E/OU ASSENT DE TUBO DE FERRO FUNDIDO JUNTA",45,"","",97155,"ASSENTAMENTO DE TUBO DE FERRO FUNDIDO PARA REDE DE ÁGUA, DN 1000 MM, JUNTA ELÁSTICA, INSTALADO EM LOCAL COM NÍVEL ALTO DE INTERFERÊNCIAS (NÃO INCLUI FORNECIMENTO). AF_11/2017","M","COEFICIENTE DE REPRESENTATIVIDADE",46.49,"S","SINAPI",5631,0.0421,"CHP","COEFICIENTE DE REPRESENTATIVIDADE",0.0421,137.46,5.78,"","","","","","","","","","","CAIXA REFERENCIAL"]
["ASSENTAMENTO DE TUBOS E PECAS","ASTU","FORNEC E/OU ASSENT DE TUBO DE FERRO FUNDIDO JUNTA",45,"","",97155,"ASSENTAMENTO DE TUBO DE FERRO FUNDIDO PARA REDE DE ÁGUA, DN 1000 MM, JUNTA ELÁSTICA, INSTALADO EM LOCAL COM NÍVEL ALTO DE INTERFERÊNCIAS (NÃO INCLUI FORNECIMENTO). AF_11/2017","M","COEFICIENTE DE REPRESENTATIVIDADE",46.49,"S","SINAPI",5632,0.2021,"CHI","COEFICIENTE DE REPRESENTATIVIDADE",0.2021,58.95,11.91,"","","","","","","","","","","CAIXA REFERENCIAL"]
["ASSENTAMENTO DE TUBOS E PECAS","ASTU","FORNEC E/OU ASSENT DE TUBO DE FERRO FUNDIDO JUNTA",45,"","",97155,"ASSENTAMENTO DE TUBO DE FERRO FUNDIDO PARA REDE DE ÁGUA, DN 1000 MM, JUNTA ELÁSTICA, INSTALADO EM LOCAL COM NÍVEL ALTO DE INTERFERÊNCIAS (NÃO INCLUI FORNECIMENTO). AF_11/2017","M","COEFICIENTE DE REPRESENTATIVIDADE",46.49,"I","SINAPI",20078,0.0403,"UN","COEFICIENTE DE REPRESENTATIVIDADE",0.0403,17.63,0.71,"","","","","","","","","","","CAIXA REFERENCIAL"]
["ASSENTAMENTO DE TUBOS E PECAS","ASTU","FORNEC E/OU ASSENT DE TUBO DE FERRO FUNDIDO JUNTA",45,"","",97155,"ASSENTAMENTO DE TUBO DE FERRO FUNDIDO PARA REDE DE ÁGUA, DN 1000 MM, JUNTA ELÁSTICA, INSTALADO EM LOCAL COM NÍVEL ALTO DE INTERFERÊNCIAS (NÃO INCLUI FORNECIMENTO). AF_11/2017","M","COEFICIENTE DE REPRESENTATIVIDADE",46.49,"S","SINAPI",88246,0.7359,"H","COEFICIENTE DE REPRESENTATIVIDADE",0.7359,23.15,17.03,"","","","","","","","","","","CAIXA REFERENCIAL"]
["ASSENTAMENTO DE TUBOS E PECAS","ASTU","FORNEC E/OU ASSENT DE TUBO DE FERRO FUNDIDO JUNTA",45,"","",97155,"ASSENTAMENTO DE TUBO DE FERRO FUNDIDO PARA REDE DE ÁGUA, DN 1000 MM, JUNTA ELÁSTICA, INSTALADO EM LOCAL COM NÍVEL ALTO DE INTERFERÊNCIAS (NÃO INCLUI FORNECIMENTO). AF_11/2017","M","COEFICIENTE DE REPRESENTATIVIDADE",46.49,"S","SINAPI",88316,0.7359,"H","COEFICIENTE DE REPRESENTATIVIDADE",0.7359,15.03,11.06,"","","","","","","","","","","CAIXA REFERENCIAL"]
["ASSENTAMENTO DE TUBOS E PECAS","ASTU","FORNEC E/OU ASSENT DE TUBO DE FERRO FUNDIDO JUNTA",45,"","",97156,"ASSENTAMENTO DE TUBO DE FERRO FUNDIDO PARA REDE DE ÁGUA, DN 1200 MM, JUNTA ELÁSTICA, INSTALADO EM LOCAL COM NÍVEL ALTO DE INTERFERÊNCIAS (NÃO INCLUI FORNECIMENTO). AF_11/2017","M","COEFICIENTE DE REPRESENTATIVIDADE",55.2,"","SINAPI","","","","","","","",31.01,56.1496351,13.73,24.8905109,10.46,18.959854,0,0,0,0,"CAIXA REFERENCIAL"]
["ASSENTAMENTO DE TUBOS E PECAS","ASTU","FORNEC E/OU ASSENT DE TUBO DE FERRO FUNDIDO JUNTA",45,"","",97156,"ASSENTAMENTO DE TUBO DE FERRO FUNDIDO PARA REDE DE ÁGUA, DN 1200 MM, JUNTA ELÁSTICA, INSTALADO EM LOCAL COM NÍVEL ALTO DE INTERFERÊNCIAS (NÃO INCLUI FORNECIMENTO). AF_11/2017","M","COEFICIENTE DE REPRESENTATIVIDADE",55.2,"S","SINAPI",5631,0.0491,"CHP","COEFICIENTE DE REPRESENTATIVIDADE",0.0491,137.46,6.74,"","","","","","","","","","","CAIXA REFERENCIAL"]
["ASSENTAMENTO DE TUBOS E PECAS","ASTU","FORNEC E/OU ASSENT DE TUBO DE FERRO FUNDIDO JUNTA",45,"","",97156,"ASSENTAMENTO DE TUBO DE FERRO FUNDIDO PARA REDE DE ÁGUA, DN 1200 MM, JUNTA ELÁSTICA, INSTALADO EM LOCAL COM NÍVEL ALTO DE INTERFERÊNCIAS (NÃO INCLUI FORNECIMENTO). AF_11/2017","M","COEFICIENTE DE REPRESENTATIVIDADE",55.2,"S","SINAPI",5632,0.2357,"CHI","COEFICIENTE DE REPRESENTATIVIDADE",0.2357,58.95,13.89,"","","","","","","","","","","CAIXA REFERENCIAL"]
["ASSENTAMENTO DE TUBOS E PECAS","ASTU","FORNEC E/OU ASSENT DE TUBO DE FERRO FUNDIDO JUNTA",45,"","",97156,"ASSENTAMENTO DE TUBO DE FERRO FUNDIDO PARA REDE DE ÁGUA, DN 1200 MM, JUNTA ELÁSTICA, INSTALADO EM LOCAL COM NÍVEL ALTO DE INTERFERÊNCIAS (NÃO INCLUI FORNECIMENTO). AF_11/2017","M","COEFICIENTE DE REPRESENTATIVIDADE",55.2,"I","SINAPI",20078,0.0646,"UN","COEFICIENTE DE REPRESENTATIVIDADE",0.0646,17.63,1.13,"","","","","","","","","","","CAIXA REFERENCIAL"]
["ASSENTAMENTO DE TUBOS E PECAS","ASTU","FORNEC E/OU ASSENT DE TUBO DE FERRO FUNDIDO JUNTA",45,"","",97156,"ASSENTAMENTO DE TUBO DE FERRO FUNDIDO PARA REDE DE ÁGUA, DN 1200 MM, JUNTA ELÁSTICA, INSTALADO EM LOCAL COM NÍVEL ALTO DE INTERFERÊNCIAS (NÃO INCLUI FORNECIMENTO). AF_11/2017","M","COEFICIENTE DE REPRESENTATIVIDADE",55.2,"S","SINAPI",88246,0.8762,"H","COEFICIENTE DE REPRESENTATIVIDADE",0.8762,23.15,20.28,"","","","","","","","","","","CAIXA REFERENCIAL"]
["ASSENTAMENTO DE TUBOS E PECAS","ASTU","FORNEC E/OU ASSENT DE TUBO DE FERRO FUNDIDO JUNTA",45,"","",97156,"ASSENTAMENTO DE TUBO DE FERRO FUNDIDO PARA REDE DE ÁGUA, DN 1200 MM, JUNTA ELÁSTICA, INSTALADO EM LOCAL COM NÍVEL ALTO DE INTERFERÊNCIAS (NÃO INCLUI FORNECIMENTO). AF_11/2017","M","COEFICIENTE DE REPRESENTATIVIDADE",55.2,"S","SINAPI",88316,0.8762,"H","COEFICIENTE DE REPRESENTATIVIDADE",0.8762,15.03,13.16,"","","","","","","","","","","CAIXA REFERENCIAL"]
["ASSENTAMENTO DE TUBOS E PECAS","ASTU","FORNEC E/OU ASSENT DE TUBO DE FERRO FUNDIDO JUNTA",45,"","",97157,"ASSENTAMENTO DE TUBO DE FERRO FUNDIDO PARA REDE DE ÁGUA, DN 80 MM, JUNTA ELÁSTICA, INSTALADO EM LOCAL COM NÍVEL BAIXO DE INTERFERÊNCIAS (NÃO INCLUI FORNECIMENTO). AF_11/2017","M","COEFICIENTE DE REPRESENTATIVIDADE",3.99,"","SINAPI","","","","","","","",2.29,57.0666668,1.06,26.6666666,0.64,16.2666666,0,0,0,0,"CAIXA REFERENCIAL"]
["ASSENTAMENTO DE TUBOS E PECAS","ASTU","FORNEC E/OU ASSENT DE TUBO DE FERRO FUNDIDO JUNTA",45,"","",97157,"ASSENTAMENTO DE TUBO DE FERRO FUNDIDO PARA REDE DE ÁGUA, DN 80 MM, JUNTA ELÁSTICA, INSTALADO EM LOCAL COM NÍVEL BAIXO DE INTERFERÊNCIAS (NÃO INCLUI FORNECIMENTO). AF_11/2017","M","COEFICIENTE DE REPRESENTATIVIDADE",3.99,"S","SINAPI",5678,0.0099,"CHP","COEFICIENTE DE REPRESENTATIVIDADE",0.0099,100.23,0.99,"","","","","","","","","","","CAIXA REFERENCIAL"]
["ASSENTAMENTO DE TUBOS E PECAS","ASTU","FORNEC E/OU ASSENT DE TUBO DE FERRO FUNDIDO JUNTA",45,"","",97157,"ASSENTAMENTO DE TUBO DE FERRO FUNDIDO PARA REDE DE ÁGUA, DN 80 MM, JUNTA ELÁSTICA, INSTALADO EM LOCAL COM NÍVEL BAIXO DE INTERFERÊNCIAS (NÃO INCLUI FORNECIMENTO). AF_11/2017","M","COEFICIENTE DE REPRESENTATIVIDADE",3.99,"S","SINAPI",5679,0.019,"CHI","COEFICIENTE DE REPRESENTATIVIDADE",0.019,44.39,0.84,"","","","","","","","","","","CAIXA REFERENCIAL"]
["ASSENTAMENTO DE TUBOS E PECAS","ASTU","FORNEC E/OU ASSENT DE TUBO DE FERRO FUNDIDO JUNTA",45,"","",97157,"ASSENTAMENTO DE TUBO DE FERRO FUNDIDO PARA REDE DE ÁGUA, DN 80 MM, JUNTA ELÁSTICA, INSTALADO EM LOCAL COM NÍVEL BAIXO DE INTERFERÊNCIAS (NÃO INCLUI FORNECIMENTO). AF_11/2017","M","COEFICIENTE DE REPRESENTATIVIDADE",3.99,"I","SINAPI",20078,0.0046,"UN","COEFICIENTE DE REPRESENTATIVIDADE",0.0046,17.63,0.08,"","","","","","","","","","","CAIXA REFERENCIAL"]
["ASSENTAMENTO DE TUBOS E PECAS","ASTU","FORNEC E/OU ASSENT DE TUBO DE FERRO FUNDIDO JUNTA",45,"","",97157,"ASSENTAMENTO DE TUBO DE FERRO FUNDIDO PARA REDE DE ÁGUA, DN 80 MM, JUNTA ELÁSTICA, INSTALADO EM LOCAL COM NÍVEL BAIXO DE INTERFERÊNCIAS (NÃO INCLUI FORNECIMENTO). AF_11/2017","M","COEFICIENTE DE REPRESENTATIVIDADE",3.99,"S","SINAPI",88246,0.0548,"H","COEFICIENTE DE REPRESENTATIVIDADE",0.0548,23.15,1.26,"","","","","","","","","","","CAIXA REFERENCIAL"]
["ASSENTAMENTO DE TUBOS E PECAS","ASTU","FORNEC E/OU ASSENT DE TUBO DE FERRO FUNDIDO JUNTA",45,"","",97157,"ASSENTAMENTO DE TUBO DE FERRO FUNDIDO PARA REDE DE ÁGUA, DN 80 MM, JUNTA ELÁSTICA, INSTALADO EM LOCAL COM NÍVEL BAIXO DE INTERFERÊNCIAS (NÃO INCLUI FORNECIMENTO). AF_11/2017","M","COEFICIENTE DE REPRESENTATIVIDADE",3.99,"S","SINAPI",88316,0.0548,"H","COEFICIENTE DE REPRESENTATIVIDADE",0.0548,15.03,0.82,"","","","","","","","","","","CAIXA REFERENCIAL"]
["ASSENTAMENTO DE TUBOS E PECAS","ASTU","FORNEC E/OU ASSENT DE TUBO DE FERRO FUNDIDO JUNTA",45,"","",97158,"ASSENTAMENTO DE TUBO DE FERRO FUNDIDO PARA REDE DE ÁGUA, DN 100 MM, JUNTA ELÁSTICA, INSTALADO EM LOCAL COM NÍVEL BAIXO DE INTERFERÊNCIAS (NÃO INCLUI FORNECIMENTO). AF_11/2017","M","COEFICIENTE DE REPRESENTATIVIDADE",4.46,"","SINAPI","","","","","","","",2.6,58.1339714,1.17,26.3157894,0.69,15.5502392,0,0,0,0,"CAIXA REFERENCIAL"]
["ASSENTAMENTO DE TUBOS E PECAS","ASTU","FORNEC E/OU ASSENT DE TUBO DE FERRO FUNDIDO JUNTA",45,"","",97158,"ASSENTAMENTO DE TUBO DE FERRO FUNDIDO PARA REDE DE ÁGUA, DN 100 MM, JUNTA ELÁSTICA, INSTALADO EM LOCAL COM NÍVEL BAIXO DE INTERFERÊNCIAS (NÃO INCLUI FORNECIMENTO). AF_11/2017","M","COEFICIENTE DE REPRESENTATIVIDADE",4.46,"S","SINAPI",5678,0.0106,"CHP","COEFICIENTE DE REPRESENTATIVIDADE",0.0106,100.23,1.06,"","","","","","","","","","","CAIXA REFERENCIAL"]
["ASSENTAMENTO DE TUBOS E PECAS","ASTU","FORNEC E/OU ASSENT DE TUBO DE FERRO FUNDIDO JUNTA",45,"","",97158,"ASSENTAMENTO DE TUBO DE FERRO FUNDIDO PARA REDE DE ÁGUA, DN 100 MM, JUNTA ELÁSTICA, INSTALADO EM LOCAL COM NÍVEL BAIXO DE INTERFERÊNCIAS (NÃO INCLUI FORNECIMENTO). AF_11/2017","M","COEFICIENTE DE REPRESENTATIVIDADE",4.46,"S","SINAPI",5679,0.0204,"CHI","COEFICIENTE DE REPRESENTATIVIDADE",0.0204,44.39,0.9,"","","","","","","","","","","CAIXA REFERENCIAL"]
["ASSENTAMENTO DE TUBOS E PECAS","ASTU","FORNEC E/OU ASSENT DE TUBO DE FERRO FUNDIDO JUNTA",45,"","",97158,"ASSENTAMENTO DE TUBO DE FERRO FUNDIDO PARA REDE DE ÁGUA, DN 100 MM, JUNTA ELÁSTICA, INSTALADO EM LOCAL COM NÍVEL BAIXO DE INTERFERÊNCIAS (NÃO INCLUI FORNECIMENTO). AF_11/2017","M","COEFICIENTE DE REPRESENTATIVIDADE",4.46,"I","SINAPI",20078,0.0054,"UN","COEFICIENTE DE REPRESENTATIVIDADE",0.0054,17.63,0.09,"","","","","","","","","","","CAIXA REFERENCIAL"]
["ASSENTAMENTO DE TUBOS E PECAS","ASTU","FORNEC E/OU ASSENT DE TUBO DE FERRO FUNDIDO JUNTA",45,"","",97158,"ASSENTAMENTO DE TUBO DE FERRO FUNDIDO PARA REDE DE ÁGUA, DN 100 MM, JUNTA ELÁSTICA, INSTALADO EM LOCAL COM NÍVEL BAIXO DE INTERFERÊNCIAS (NÃO INCLUI FORNECIMENTO). AF_11/2017","M","COEFICIENTE DE REPRESENTATIVIDADE",4.46,"S","SINAPI",88246,0.0633,"H","COEFICIENTE DE REPRESENTATIVIDADE",0.0633,23.15,1.46,"","","","","","","","","","","CAIXA REFERENCIAL"]
["ASSENTAMENTO DE TUBOS E PECAS","ASTU","FORNEC E/OU ASSENT DE TUBO DE FERRO FUNDIDO JUNTA",45,"","",97158,"ASSENTAMENTO DE TUBO DE FERRO FUNDIDO PARA REDE DE ÁGUA, DN 100 MM, JUNTA ELÁSTICA, INSTALADO EM LOCAL COM NÍVEL BAIXO DE INTERFERÊNCIAS (NÃO INCLUI FORNECIMENTO). AF_11/2017","M","COEFICIENTE DE REPRESENTATIVIDADE",4.46,"S","SINAPI",88316,0.0633,"H","COEFICIENTE DE REPRESENTATIVIDADE",0.0633,15.03,0.95,"","","","","","","","","","","CAIXA REFERENCIAL"]
["ASSENTAMENTO DE TUBOS E PECAS","ASTU","FORNEC E/OU ASSENT DE TUBO DE FERRO FUNDIDO JUNTA",45,"","",97159,"ASSENTAMENTO DE TUBO DE FERRO FUNDIDO PARA REDE DE ÁGUA, DN 150 MM, JUNTA ELÁSTICA, INSTALADO EM LOCAL COM NÍVEL BAIXO DE INTERFERÊNCIAS (NÃO INCLUI FORNECIMENTO). AF_11/2017","M","COEFICIENTE DE REPRESENTATIVIDADE",5.63,"","SINAPI","","","","","","","",3.29,58.2560298,1.54,27.458256,0.8,14.2857142,0,0,0,0,"CAIXA REFERENCIAL"]
["ASSENTAMENTO DE TUBOS E PECAS","ASTU","FORNEC E/OU ASSENT DE TUBO DE FERRO FUNDIDO JUNTA",45,"","",97159,"ASSENTAMENTO DE TUBO DE FERRO FUNDIDO PARA REDE DE ÁGUA, DN 150 MM, JUNTA ELÁSTICA, INSTALADO EM LOCAL COM NÍVEL BAIXO DE INTERFERÊNCIAS (NÃO INCLUI FORNECIMENTO). AF_11/2017","M","COEFICIENTE DE REPRESENTATIVIDADE",5.63,"S","SINAPI",5678,0.0124,"CHP","COEFICIENTE DE REPRESENTATIVIDADE",0.0124,100.23,1.24,"","","","","","","","","","","CAIXA REFERENCIAL"]
["ASSENTAMENTO DE TUBOS E PECAS","ASTU","FORNEC E/OU ASSENT DE TUBO DE FERRO FUNDIDO JUNTA",45,"","",97159,"ASSENTAMENTO DE TUBO DE FERRO FUNDIDO PARA REDE DE ÁGUA, DN 150 MM, JUNTA ELÁSTICA, INSTALADO EM LOCAL COM NÍVEL BAIXO DE INTERFERÊNCIAS (NÃO INCLUI FORNECIMENTO). AF_11/2017","M","COEFICIENTE DE REPRESENTATIVIDADE",5.63,"S","SINAPI",5679,0.0237,"CHI","COEFICIENTE DE REPRESENTATIVIDADE",0.0237,44.39,1.05,"","","","","","","","","","","CAIXA REFERENCIAL"]
["ASSENTAMENTO DE TUBOS E PECAS","ASTU","FORNEC E/OU ASSENT DE TUBO DE FERRO FUNDIDO JUNTA",45,"","",97159,"ASSENTAMENTO DE TUBO DE FERRO FUNDIDO PARA REDE DE ÁGUA, DN 150 MM, JUNTA ELÁSTICA, INSTALADO EM LOCAL COM NÍVEL BAIXO DE INTERFERÊNCIAS (NÃO INCLUI FORNECIMENTO). AF_11/2017","M","COEFICIENTE DE REPRESENTATIVIDADE",5.63,"I","SINAPI",20078,0.0071,"UN","COEFICIENTE DE REPRESENTATIVIDADE",0.0071,17.63,0.12,"","","","","","","","","","","CAIXA REFERENCIAL"]
["ASSENTAMENTO DE TUBOS E PECAS","ASTU","FORNEC E/OU ASSENT DE TUBO DE FERRO FUNDIDO JUNTA",45,"","",97159,"ASSENTAMENTO DE TUBO DE FERRO FUNDIDO PARA REDE DE ÁGUA, DN 150 MM, JUNTA ELÁSTICA, INSTALADO EM LOCAL COM NÍVEL BAIXO DE INTERFERÊNCIAS (NÃO INCLUI FORNECIMENTO). AF_11/2017","M","COEFICIENTE DE REPRESENTATIVIDADE",5.63,"S","SINAPI",88246,0.0845,"H","COEFICIENTE DE REPRESENTATIVIDADE",0.0845,23.15,1.95,"","","","","","","","","","","CAIXA REFERENCIAL"]
["ASSENTAMENTO DE TUBOS E PECAS","ASTU","FORNEC E/OU ASSENT DE TUBO DE FERRO FUNDIDO JUNTA",45,"","",97159,"ASSENTAMENTO DE TUBO DE FERRO FUNDIDO PARA REDE DE ÁGUA, DN 150 MM, JUNTA ELÁSTICA, INSTALADO EM LOCAL COM NÍVEL BAIXO DE INTERFERÊNCIAS (NÃO INCLUI FORNECIMENTO). AF_11/2017","M","COEFICIENTE DE REPRESENTATIVIDADE",5.63,"S","SINAPI",88316,0.0845,"H","COEFICIENTE DE REPRESENTATIVIDADE",0.0845,15.03,1.27,"","","","","","","","","","","CAIXA REFERENCIAL"]
["ASSENTAMENTO DE TUBOS E PECAS","ASTU","FORNEC E/OU ASSENT DE TUBO DE FERRO FUNDIDO JUNTA",45,"","",97160,"ASSENTAMENTO DE TUBO DE FERRO FUNDIDO PARA REDE DE ÁGUA, DN 200 MM, JUNTA ELÁSTICA, INSTALADO EM LOCAL COM NÍVEL BAIXO DE INTERFERÊNCIAS (NÃO INCLUI FORNECIMENTO). AF_11/2017","M","COEFICIENTE DE REPRESENTATIVIDADE",6.77,"","SINAPI","","","","","","","",4.01,59.1962907,1.83,27.0479134,0.93,13.7557959,0,0,0,0,"CAIXA REFERENCIAL"]
["ASSENTAMENTO DE TUBOS E PECAS","ASTU","FORNEC E/OU ASSENT DE TUBO DE FERRO FUNDIDO JUNTA",45,"","",97160,"ASSENTAMENTO DE TUBO DE FERRO FUNDIDO PARA REDE DE ÁGUA, DN 200 MM, JUNTA ELÁSTICA, INSTALADO EM LOCAL COM NÍVEL BAIXO DE INTERFERÊNCIAS (NÃO INCLUI FORNECIMENTO). AF_11/2017","M","COEFICIENTE DE REPRESENTATIVIDADE",6.77,"S","SINAPI",5678,0.0141,"CHP","COEFICIENTE DE REPRESENTATIVIDADE",0.0141,100.23,1.41,"","","","","","","","","","","CAIXA REFERENCIAL"]
["ASSENTAMENTO DE TUBOS E PECAS","ASTU","FORNEC E/OU ASSENT DE TUBO DE FERRO FUNDIDO JUNTA",45,"","",97160,"ASSENTAMENTO DE TUBO DE FERRO FUNDIDO PARA REDE DE ÁGUA, DN 200 MM, JUNTA ELÁSTICA, INSTALADO EM LOCAL COM NÍVEL BAIXO DE INTERFERÊNCIAS (NÃO INCLUI FORNECIMENTO). AF_11/2017","M","COEFICIENTE DE REPRESENTATIVIDADE",6.77,"S","SINAPI",5679,0.027,"CHI","COEFICIENTE DE REPRESENTATIVIDADE",0.027,44.39,1.19,"","","","","","","","","","","CAIXA REFERENCIAL"]
["ASSENTAMENTO DE TUBOS E PECAS","ASTU","FORNEC E/OU ASSENT DE TUBO DE FERRO FUNDIDO JUNTA",45,"","",97160,"ASSENTAMENTO DE TUBO DE FERRO FUNDIDO PARA REDE DE ÁGUA, DN 200 MM, JUNTA ELÁSTICA, INSTALADO EM LOCAL COM NÍVEL BAIXO DE INTERFERÊNCIAS (NÃO INCLUI FORNECIMENTO). AF_11/2017","M","COEFICIENTE DE REPRESENTATIVIDADE",6.77,"I","SINAPI",20078,0.0087,"UN","COEFICIENTE DE REPRESENTATIVIDADE",0.0087,17.63,0.15,"","","","","","","","","","","CAIXA REFERENCIAL"]
["ASSENTAMENTO DE TUBOS E PECAS","ASTU","FORNEC E/OU ASSENT DE TUBO DE FERRO FUNDIDO JUNTA",45,"","",97160,"ASSENTAMENTO DE TUBO DE FERRO FUNDIDO PARA REDE DE ÁGUA, DN 200 MM, JUNTA ELÁSTICA, INSTALADO EM LOCAL COM NÍVEL BAIXO DE INTERFERÊNCIAS (NÃO INCLUI FORNECIMENTO). AF_11/2017","M","COEFICIENTE DE REPRESENTATIVIDADE",6.77,"S","SINAPI",88246,0.1057,"H","COEFICIENTE DE REPRESENTATIVIDADE",0.1057,23.15,2.44,"","","","","","","","","","","CAIXA REFERENCIAL"]
["ASSENTAMENTO DE TUBOS E PECAS","ASTU","FORNEC E/OU ASSENT DE TUBO DE FERRO FUNDIDO JUNTA",45,"","",97160,"ASSENTAMENTO DE TUBO DE FERRO FUNDIDO PARA REDE DE ÁGUA, DN 200 MM, JUNTA ELÁSTICA, INSTALADO EM LOCAL COM NÍVEL BAIXO DE INTERFERÊNCIAS (NÃO INCLUI FORNECIMENTO). AF_11/2017","M","COEFICIENTE DE REPRESENTATIVIDADE",6.77,"S","SINAPI",88316,0.1057,"H","COEFICIENTE DE REPRESENTATIVIDADE",0.1057,15.03,1.58,"","","","","","","","","","","CAIXA REFERENCIAL"]
["ASSENTAMENTO DE TUBOS E PECAS","ASTU","FORNEC E/OU ASSENT DE TUBO DE FERRO FUNDIDO JUNTA",45,"","",97161,"ASSENTAMENTO DE TUBO DE FERRO FUNDIDO PARA REDE DE ÁGUA, DN 250 MM, JUNTA ELÁSTICA, INSTALADO EM LOCAL COM NÍVEL BAIXO DE INTERFERÊNCIAS (NÃO INCLUI FORNECIMENTO). AF_11/2017","M","COEFICIENTE DE REPRESENTATIVIDADE",7.96,"","SINAPI","","","","","","","",4.76,59.6583444,2.17,27.3324572,1.03,13.0091984,0,0,0,0,"CAIXA REFERENCIAL"]
["ASSENTAMENTO DE TUBOS E PECAS","ASTU","FORNEC E/OU ASSENT DE TUBO DE FERRO FUNDIDO JUNTA",45,"","",97161,"ASSENTAMENTO DE TUBO DE FERRO FUNDIDO PARA REDE DE ÁGUA, DN 250 MM, JUNTA ELÁSTICA, INSTALADO EM LOCAL COM NÍVEL BAIXO DE INTERFERÊNCIAS (NÃO INCLUI FORNECIMENTO). AF_11/2017","M","COEFICIENTE DE REPRESENTATIVIDADE",7.96,"S","SINAPI",5678,0.0159,"CHP","COEFICIENTE DE REPRESENTATIVIDADE",0.0159,100.23,1.59,"","","","","","","","","","","CAIXA REFERENCIAL"]
["ASSENTAMENTO DE TUBOS E PECAS","ASTU","FORNEC E/OU ASSENT DE TUBO DE FERRO FUNDIDO JUNTA",45,"","",97161,"ASSENTAMENTO DE TUBO DE FERRO FUNDIDO PARA REDE DE ÁGUA, DN 250 MM, JUNTA ELÁSTICA, INSTALADO EM LOCAL COM NÍVEL BAIXO DE INTERFERÊNCIAS (NÃO INCLUI FORNECIMENTO). AF_11/2017","M","COEFICIENTE DE REPRESENTATIVIDADE",7.96,"S","SINAPI",5679,0.0304,"CHI","COEFICIENTE DE REPRESENTATIVIDADE",0.0304,44.39,1.34,"","","","","","","","","","","CAIXA REFERENCIAL"]
["ASSENTAMENTO DE TUBOS E PECAS","ASTU","FORNEC E/OU ASSENT DE TUBO DE FERRO FUNDIDO JUNTA",45,"","",97161,"ASSENTAMENTO DE TUBO DE FERRO FUNDIDO PARA REDE DE ÁGUA, DN 250 MM, JUNTA ELÁSTICA, INSTALADO EM LOCAL COM NÍVEL BAIXO DE INTERFERÊNCIAS (NÃO INCLUI FORNECIMENTO). AF_11/2017","M","COEFICIENTE DE REPRESENTATIVIDADE",7.96,"I","SINAPI",20078,0.0113,"UN","COEFICIENTE DE REPRESENTATIVIDADE",0.0113,17.63,0.19,"","","","","","","","","","","CAIXA REFERENCIAL"]
["ASSENTAMENTO DE TUBOS E PECAS","ASTU","FORNEC E/OU ASSENT DE TUBO DE FERRO FUNDIDO JUNTA",45,"","",97161,"ASSENTAMENTO DE TUBO DE FERRO FUNDIDO PARA REDE DE ÁGUA, DN 250 MM, JUNTA ELÁSTICA, INSTALADO EM LOCAL COM NÍVEL BAIXO DE INTERFERÊNCIAS (NÃO INCLUI FORNECIMENTO). AF_11/2017","M","COEFICIENTE DE REPRESENTATIVIDADE",7.96,"S","SINAPI",88246,0.127,"H","COEFICIENTE DE REPRESENTATIVIDADE",0.127,23.15,2.94,"","","","","","","","","","","CAIXA REFERENCIAL"]
["ASSENTAMENTO DE TUBOS E PECAS","ASTU","FORNEC E/OU ASSENT DE TUBO DE FERRO FUNDIDO JUNTA",45,"","",97161,"ASSENTAMENTO DE TUBO DE FERRO FUNDIDO PARA REDE DE ÁGUA, DN 250 MM, JUNTA ELÁSTICA, INSTALADO EM LOCAL COM NÍVEL BAIXO DE INTERFERÊNCIAS (NÃO INCLUI FORNECIMENTO). AF_11/2017","M","COEFICIENTE DE REPRESENTATIVIDADE",7.96,"S","SINAPI",88316,0.127,"H","COEFICIENTE DE REPRESENTATIVIDADE",0.127,15.03,1.9,"","","","","","","","","","","CAIXA REFERENCIAL"]
["ASSENTAMENTO DE TUBOS E PECAS","ASTU","FORNEC E/OU ASSENT DE TUBO DE FERRO FUNDIDO JUNTA",45,"","",97162,"ASSENTAMENTO DE TUBO DE FERRO FUNDIDO PARA REDE DE ÁGUA, DN 300 MM, JUNTA ELÁSTICA, INSTALADO EM LOCAL COM NÍVEL BAIXO DE INTERFERÊNCIAS (NÃO INCLUI FORNECIMENTO). AF_11/2017","M","COEFICIENTE DE REPRESENTATIVIDADE",9.14,"","SINAPI","","","","","","","",5.45,59.4563987,2.56,28.0860702,1.13,12.4575311,0,0,0,0,"CAIXA REFERENCIAL"]
["ASSENTAMENTO DE TUBOS E PECAS","ASTU","FORNEC E/OU ASSENT DE TUBO DE FERRO FUNDIDO JUNTA",45,"","",97162,"ASSENTAMENTO DE TUBO DE FERRO FUNDIDO PARA REDE DE ÁGUA, DN 300 MM, JUNTA ELÁSTICA, INSTALADO EM LOCAL COM NÍVEL BAIXO DE INTERFERÊNCIAS (NÃO INCLUI FORNECIMENTO). AF_11/2017","M","COEFICIENTE DE REPRESENTATIVIDADE",9.14,"S","SINAPI",5678,0.0176,"CHP","COEFICIENTE DE REPRESENTATIVIDADE",0.0176,100.23,1.76,"","","","","","","","","","","CAIXA REFERENCIAL"]
["ASSENTAMENTO DE TUBOS E PECAS","ASTU","FORNEC E/OU ASSENT DE TUBO DE FERRO FUNDIDO JUNTA",45,"","",97162,"ASSENTAMENTO DE TUBO DE FERRO FUNDIDO PARA REDE DE ÁGUA, DN 300 MM, JUNTA ELÁSTICA, INSTALADO EM LOCAL COM NÍVEL BAIXO DE INTERFERÊNCIAS (NÃO INCLUI FORNECIMENTO). AF_11/2017","M","COEFICIENTE DE REPRESENTATIVIDADE",9.14,"S","SINAPI",5679,0.0337,"CHI","COEFICIENTE DE REPRESENTATIVIDADE",0.0337,44.39,1.49,"","","","","","","","","","","CAIXA REFERENCIAL"]
["ASSENTAMENTO DE TUBOS E PECAS","ASTU","FORNEC E/OU ASSENT DE TUBO DE FERRO FUNDIDO JUNTA",45,"","",97162,"ASSENTAMENTO DE TUBO DE FERRO FUNDIDO PARA REDE DE ÁGUA, DN 300 MM, JUNTA ELÁSTICA, INSTALADO EM LOCAL COM NÍVEL BAIXO DE INTERFERÊNCIAS (NÃO INCLUI FORNECIMENTO). AF_11/2017","M","COEFICIENTE DE REPRESENTATIVIDADE",9.14,"I","SINAPI",20078,0.0138,"UN","COEFICIENTE DE REPRESENTATIVIDADE",0.0138,17.63,0.24,"","","","","","","","","","","CAIXA REFERENCIAL"]
["ASSENTAMENTO DE TUBOS E PECAS","ASTU","FORNEC E/OU ASSENT DE TUBO DE FERRO FUNDIDO JUNTA",45,"","",97162,"ASSENTAMENTO DE TUBO DE FERRO FUNDIDO PARA REDE DE ÁGUA, DN 300 MM, JUNTA ELÁSTICA, INSTALADO EM LOCAL COM NÍVEL BAIXO DE INTERFERÊNCIAS (NÃO INCLUI FORNECIMENTO). AF_11/2017","M","COEFICIENTE DE REPRESENTATIVIDADE",9.14,"S","SINAPI",88246,0.1482,"H","COEFICIENTE DE REPRESENTATIVIDADE",0.1482,23.15,3.43,"","","","","","","","","","","CAIXA REFERENCIAL"]
["ASSENTAMENTO DE TUBOS E PECAS","ASTU","FORNEC E/OU ASSENT DE TUBO DE FERRO FUNDIDO JUNTA",45,"","",97162,"ASSENTAMENTO DE TUBO DE FERRO FUNDIDO PARA REDE DE ÁGUA, DN 300 MM, JUNTA ELÁSTICA, INSTALADO EM LOCAL COM NÍVEL BAIXO DE INTERFERÊNCIAS (NÃO INCLUI FORNECIMENTO). AF_11/2017","M","COEFICIENTE DE REPRESENTATIVIDADE",9.14,"S","SINAPI",88316,0.1482,"H","COEFICIENTE DE REPRESENTATIVIDADE",0.1482,15.03,2.22,"","","","","","","","","","","CAIXA REFERENCIAL"]
["ASSENTAMENTO DE TUBOS E PECAS","ASTU","FORNEC E/OU ASSENT DE TUBO DE FERRO FUNDIDO JUNTA",45,"","",97163,"ASSENTAMENTO DE TUBO DE FERRO FUNDIDO PARA REDE DE ÁGUA, DN 350 MM, JUNTA ELÁSTICA, INSTALADO EM LOCAL COM NÍVEL BAIXO DE INTERFERÊNCIAS (NÃO INCLUI FORNECIMENTO). AF_11/2017","M","COEFICIENTE DE REPRESENTATIVIDADE",10.32,"","SINAPI","","","","","","","",6.13,59.2814372,2.94,28.5429141,1.25,12.1756487,0,0,0,0,"CAIXA REFERENCIAL"]
["ASSENTAMENTO DE TUBOS E PECAS","ASTU","FORNEC E/OU ASSENT DE TUBO DE FERRO FUNDIDO JUNTA",45,"","",97163,"ASSENTAMENTO DE TUBO DE FERRO FUNDIDO PARA REDE DE ÁGUA, DN 350 MM, JUNTA ELÁSTICA, INSTALADO EM LOCAL COM NÍVEL BAIXO DE INTERFERÊNCIAS (NÃO INCLUI FORNECIMENTO). AF_11/2017","M","COEFICIENTE DE REPRESENTATIVIDADE",10.32,"S","SINAPI",5678,0.0194,"CHP","COEFICIENTE DE REPRESENTATIVIDADE",0.0194,100.23,1.94,"","","","","","","","","","","CAIXA REFERENCIAL"]
["ASSENTAMENTO DE TUBOS E PECAS","ASTU","FORNEC E/OU ASSENT DE TUBO DE FERRO FUNDIDO JUNTA",45,"","",97163,"ASSENTAMENTO DE TUBO DE FERRO FUNDIDO PARA REDE DE ÁGUA, DN 350 MM, JUNTA ELÁSTICA, INSTALADO EM LOCAL COM NÍVEL BAIXO DE INTERFERÊNCIAS (NÃO INCLUI FORNECIMENTO). AF_11/2017","M","COEFICIENTE DE REPRESENTATIVIDADE",10.32,"S","SINAPI",5679,0.0371,"CHI","COEFICIENTE DE REPRESENTATIVIDADE",0.0371,44.39,1.64,"","","","","","","","","","","CAIXA REFERENCIAL"]
["ASSENTAMENTO DE TUBOS E PECAS","ASTU","FORNEC E/OU ASSENT DE TUBO DE FERRO FUNDIDO JUNTA",45,"","",97163,"ASSENTAMENTO DE TUBO DE FERRO FUNDIDO PARA REDE DE ÁGUA, DN 350 MM, JUNTA ELÁSTICA, INSTALADO EM LOCAL COM NÍVEL BAIXO DE INTERFERÊNCIAS (NÃO INCLUI FORNECIMENTO). AF_11/2017","M","COEFICIENTE DE REPRESENTATIVIDADE",10.32,"I","SINAPI",20078,0.0163,"UN","COEFICIENTE DE REPRESENTATIVIDADE",0.0163,17.63,0.28,"","","","","","","","","","","CAIXA REFERENCIAL"]
["ASSENTAMENTO DE TUBOS E PECAS","ASTU","FORNEC E/OU ASSENT DE TUBO DE FERRO FUNDIDO JUNTA",45,"","",97163,"ASSENTAMENTO DE TUBO DE FERRO FUNDIDO PARA REDE DE ÁGUA, DN 350 MM, JUNTA ELÁSTICA, INSTALADO EM LOCAL COM NÍVEL BAIXO DE INTERFERÊNCIAS (NÃO INCLUI FORNECIMENTO). AF_11/2017","M","COEFICIENTE DE REPRESENTATIVIDADE",10.32,"S","SINAPI",88246,0.1694,"H","COEFICIENTE DE REPRESENTATIVIDADE",0.1694,23.15,3.92,"","","","","","","","","","","CAIXA REFERENCIAL"]
["ASSENTAMENTO DE TUBOS E PECAS","ASTU","FORNEC E/OU ASSENT DE TUBO DE FERRO FUNDIDO JUNTA",45,"","",97163,"ASSENTAMENTO DE TUBO DE FERRO FUNDIDO PARA REDE DE ÁGUA, DN 350 MM, JUNTA ELÁSTICA, INSTALADO EM LOCAL COM NÍVEL BAIXO DE INTERFERÊNCIAS (NÃO INCLUI FORNECIMENTO). AF_11/2017","M","COEFICIENTE DE REPRESENTATIVIDADE",10.32,"S","SINAPI",88316,0.1694,"H","COEFICIENTE DE REPRESENTATIVIDADE",0.1694,15.03,2.54,"","","","","","","","","","","CAIXA REFERENCIAL"]
["ASSENTAMENTO DE TUBOS E PECAS","ASTU","FORNEC E/OU ASSENT DE TUBO DE FERRO FUNDIDO JUNTA",45,"","",97164,"ASSENTAMENTO DE TUBO DE FERRO FUNDIDO PARA REDE DE ÁGUA, DN 400 MM, JUNTA ELÁSTICA, INSTALADO EM LOCAL COM NÍVEL BAIXO DE INTERFERÊNCIAS (NÃO INCLUI FORNECIMENTO). AF_11/2017","M","COEFICIENTE DE REPRESENTATIVIDADE",11.5,"","SINAPI","","","","","","","",6.87,59.623993,3.27,28.4691136,1.36,11.9068934,0,0,0,0,"CAIXA REFERENCIAL"]
["ASSENTAMENTO DE TUBOS E PECAS","ASTU","FORNEC E/OU ASSENT DE TUBO DE FERRO FUNDIDO JUNTA",45,"","",97164,"ASSENTAMENTO DE TUBO DE FERRO FUNDIDO PARA REDE DE ÁGUA, DN 400 MM, JUNTA ELÁSTICA, INSTALADO EM LOCAL COM NÍVEL BAIXO DE INTERFERÊNCIAS (NÃO INCLUI FORNECIMENTO). AF_11/2017","M","COEFICIENTE DE REPRESENTATIVIDADE",11.5,"S","SINAPI",5678,0.0211,"CHP","COEFICIENTE DE REPRESENTATIVIDADE",0.0211,100.23,2.11,"","","","","","","","","","","CAIXA REFERENCIAL"]
["ASSENTAMENTO DE TUBOS E PECAS","ASTU","FORNEC E/OU ASSENT DE TUBO DE FERRO FUNDIDO JUNTA",45,"","",97164,"ASSENTAMENTO DE TUBO DE FERRO FUNDIDO PARA REDE DE ÁGUA, DN 400 MM, JUNTA ELÁSTICA, INSTALADO EM LOCAL COM NÍVEL BAIXO DE INTERFERÊNCIAS (NÃO INCLUI FORNECIMENTO). AF_11/2017","M","COEFICIENTE DE REPRESENTATIVIDADE",11.5,"S","SINAPI",5679,0.0404,"CHI","COEFICIENTE DE REPRESENTATIVIDADE",0.0404,44.39,1.79,"","","","","","","","","","","CAIXA REFERENCIAL"]
["ASSENTAMENTO DE TUBOS E PECAS","ASTU","FORNEC E/OU ASSENT DE TUBO DE FERRO FUNDIDO JUNTA",45,"","",97164,"ASSENTAMENTO DE TUBO DE FERRO FUNDIDO PARA REDE DE ÁGUA, DN 400 MM, JUNTA ELÁSTICA, INSTALADO EM LOCAL COM NÍVEL BAIXO DE INTERFERÊNCIAS (NÃO INCLUI FORNECIMENTO). AF_11/2017","M","COEFICIENTE DE REPRESENTATIVIDADE",11.5,"I","SINAPI",20078,0.0188,"UN","COEFICIENTE DE REPRESENTATIVIDADE",0.0188,17.63,0.33,"","","","","","","","","","","CAIXA REFERENCIAL"]
["ASSENTAMENTO DE TUBOS E PECAS","ASTU","FORNEC E/OU ASSENT DE TUBO DE FERRO FUNDIDO JUNTA",45,"","",97164,"ASSENTAMENTO DE TUBO DE FERRO FUNDIDO PARA REDE DE ÁGUA, DN 400 MM, JUNTA ELÁSTICA, INSTALADO EM LOCAL COM NÍVEL BAIXO DE INTERFERÊNCIAS (NÃO INCLUI FORNECIMENTO). AF_11/2017","M","COEFICIENTE DE REPRESENTATIVIDADE",11.5,"S","SINAPI",88246,0.1907,"H","COEFICIENTE DE REPRESENTATIVIDADE",0.1907,23.15,4.41,"","","","","","","","","","","CAIXA REFERENCIAL"]
["ASSENTAMENTO DE TUBOS E PECAS","ASTU","FORNEC E/OU ASSENT DE TUBO DE FERRO FUNDIDO JUNTA",45,"","",97164,"ASSENTAMENTO DE TUBO DE FERRO FUNDIDO PARA REDE DE ÁGUA, DN 400 MM, JUNTA ELÁSTICA, INSTALADO EM LOCAL COM NÍVEL BAIXO DE INTERFERÊNCIAS (NÃO INCLUI FORNECIMENTO). AF_11/2017","M","COEFICIENTE DE REPRESENTATIVIDADE",11.5,"S","SINAPI",88316,0.1907,"H","COEFICIENTE DE REPRESENTATIVIDADE",0.1907,15.03,2.86,"","","","","","","","","","","CAIXA REFERENCIAL"]
["ASSENTAMENTO DE TUBOS E PECAS","ASTU","FORNEC E/OU ASSENT DE TUBO DE FERRO FUNDIDO JUNTA",45,"","",97165,"ASSENTAMENTO DE TUBO DE FERRO FUNDIDO PARA REDE DE ÁGUA, DN 450 MM, JUNTA ELÁSTICA, INSTALADO EM LOCAL COM NÍVEL BAIXO DE INTERFERÊNCIAS (NÃO INCLUI FORNECIMENTO). AF_11/2017","M","COEFICIENTE DE REPRESENTATIVIDADE",12.69,"","SINAPI","","","","","","","",7.59,59.7402599,3.62,28.5714285,1.48,11.6883116,0,0,0,0,"CAIXA REFERENCIAL"]
["ASSENTAMENTO DE TUBOS E PECAS","ASTU","FORNEC E/OU ASSENT DE TUBO DE FERRO FUNDIDO JUNTA",45,"","",97165,"ASSENTAMENTO DE TUBO DE FERRO FUNDIDO PARA REDE DE ÁGUA, DN 450 MM, JUNTA ELÁSTICA, INSTALADO EM LOCAL COM NÍVEL BAIXO DE INTERFERÊNCIAS (NÃO INCLUI FORNECIMENTO). AF_11/2017","M","COEFICIENTE DE REPRESENTATIVIDADE",12.69,"S","SINAPI",5678,0.0229,"CHP","COEFICIENTE DE REPRESENTATIVIDADE",0.0229,100.23,2.29,"","","","","","","","","","","CAIXA REFERENCIAL"]
["ASSENTAMENTO DE TUBOS E PECAS","ASTU","FORNEC E/OU ASSENT DE TUBO DE FERRO FUNDIDO JUNTA",45,"","",97165,"ASSENTAMENTO DE TUBO DE FERRO FUNDIDO PARA REDE DE ÁGUA, DN 450 MM, JUNTA ELÁSTICA, INSTALADO EM LOCAL COM NÍVEL BAIXO DE INTERFERÊNCIAS (NÃO INCLUI FORNECIMENTO). AF_11/2017","M","COEFICIENTE DE REPRESENTATIVIDADE",12.69,"S","SINAPI",5679,0.0438,"CHI","COEFICIENTE DE REPRESENTATIVIDADE",0.0438,44.39,1.94,"","","","","","","","","","","CAIXA REFERENCIAL"]
["ASSENTAMENTO DE TUBOS E PECAS","ASTU","FORNEC E/OU ASSENT DE TUBO DE FERRO FUNDIDO JUNTA",45,"","",97165,"ASSENTAMENTO DE TUBO DE FERRO FUNDIDO PARA REDE DE ÁGUA, DN 450 MM, JUNTA ELÁSTICA, INSTALADO EM LOCAL COM NÍVEL BAIXO DE INTERFERÊNCIAS (NÃO INCLUI FORNECIMENTO). AF_11/2017","M","COEFICIENTE DE REPRESENTATIVIDADE",12.69,"I","SINAPI",20078,0.0221,"UN","COEFICIENTE DE REPRESENTATIVIDADE",0.0221,17.63,0.38,"","","","","","","","","","","CAIXA REFERENCIAL"]
["ASSENTAMENTO DE TUBOS E PECAS","ASTU","FORNEC E/OU ASSENT DE TUBO DE FERRO FUNDIDO JUNTA",45,"","",97165,"ASSENTAMENTO DE TUBO DE FERRO FUNDIDO PARA REDE DE ÁGUA, DN 450 MM, JUNTA ELÁSTICA, INSTALADO EM LOCAL COM NÍVEL BAIXO DE INTERFERÊNCIAS (NÃO INCLUI FORNECIMENTO). AF_11/2017","M","COEFICIENTE DE REPRESENTATIVIDADE",12.69,"S","SINAPI",88246,0.2119,"H","COEFICIENTE DE REPRESENTATIVIDADE",0.2119,23.15,4.9,"","","","","","","","","","","CAIXA REFERENCIAL"]
["ASSENTAMENTO DE TUBOS E PECAS","ASTU","FORNEC E/OU ASSENT DE TUBO DE FERRO FUNDIDO JUNTA",45,"","",97165,"ASSENTAMENTO DE TUBO DE FERRO FUNDIDO PARA REDE DE ÁGUA, DN 450 MM, JUNTA ELÁSTICA, INSTALADO EM LOCAL COM NÍVEL BAIXO DE INTERFERÊNCIAS (NÃO INCLUI FORNECIMENTO). AF_11/2017","M","COEFICIENTE DE REPRESENTATIVIDADE",12.69,"S","SINAPI",88316,0.2119,"H","COEFICIENTE DE REPRESENTATIVIDADE",0.2119,15.03,3.18,"","","","","","","","","","","CAIXA REFERENCIAL"]
["ASSENTAMENTO DE TUBOS E PECAS","ASTU","FORNEC E/OU ASSENT DE TUBO DE FERRO FUNDIDO JUNTA",45,"","",97166,"ASSENTAMENTO DE TUBO DE FERRO FUNDIDO PARA REDE DE ÁGUA, DN 500 MM, JUNTA ELÁSTICA, INSTALADO EM LOCAL COM NÍVEL BAIXO DE INTERFERÊNCIAS (NÃO INCLUI FORNECIMENTO). AF_11/2017","M","COEFICIENTE DE REPRESENTATIVIDADE",15.47,"","SINAPI","","","","","","","",8.28,53.4574469,4.16,26.9281914,3.03,19.6143617,0,0,0,0,"CAIXA REFERENCIAL"]
["ASSENTAMENTO DE TUBOS E PECAS","ASTU","FORNEC E/OU ASSENT DE TUBO DE FERRO FUNDIDO JUNTA",45,"","",97166,"ASSENTAMENTO DE TUBO DE FERRO FUNDIDO PARA REDE DE ÁGUA, DN 500 MM, JUNTA ELÁSTICA, INSTALADO EM LOCAL COM NÍVEL BAIXO DE INTERFERÊNCIAS (NÃO INCLUI FORNECIMENTO). AF_11/2017","M","COEFICIENTE DE REPRESENTATIVIDADE",15.47,"S","SINAPI",5631,0.0246,"CHP","COEFICIENTE DE REPRESENTATIVIDADE",0.0246,137.46,3.38,"","","","","","","","","","","CAIXA REFERENCIAL"]
["ASSENTAMENTO DE TUBOS E PECAS","ASTU","FORNEC E/OU ASSENT DE TUBO DE FERRO FUNDIDO JUNTA",45,"","",97166,"ASSENTAMENTO DE TUBO DE FERRO FUNDIDO PARA REDE DE ÁGUA, DN 500 MM, JUNTA ELÁSTICA, INSTALADO EM LOCAL COM NÍVEL BAIXO DE INTERFERÊNCIAS (NÃO INCLUI FORNECIMENTO). AF_11/2017","M","COEFICIENTE DE REPRESENTATIVIDADE",15.47,"S","SINAPI",5632,0.0471,"CHI","COEFICIENTE DE REPRESENTATIVIDADE",0.0471,58.95,2.77,"","","","","","","","","","","CAIXA REFERENCIAL"]
["ASSENTAMENTO DE TUBOS E PECAS","ASTU","FORNEC E/OU ASSENT DE TUBO DE FERRO FUNDIDO JUNTA",45,"","",97166,"ASSENTAMENTO DE TUBO DE FERRO FUNDIDO PARA REDE DE ÁGUA, DN 500 MM, JUNTA ELÁSTICA, INSTALADO EM LOCAL COM NÍVEL BAIXO DE INTERFERÊNCIAS (NÃO INCLUI FORNECIMENTO). AF_11/2017","M","COEFICIENTE DE REPRESENTATIVIDADE",15.47,"I","SINAPI",20078,0.0248,"UN","COEFICIENTE DE REPRESENTATIVIDADE",0.0248,17.63,0.43,"","","","","","","","","","","CAIXA REFERENCIAL"]
["ASSENTAMENTO DE TUBOS E PECAS","ASTU","FORNEC E/OU ASSENT DE TUBO DE FERRO FUNDIDO JUNTA",45,"","",97166,"ASSENTAMENTO DE TUBO DE FERRO FUNDIDO PARA REDE DE ÁGUA, DN 500 MM, JUNTA ELÁSTICA, INSTALADO EM LOCAL COM NÍVEL BAIXO DE INTERFERÊNCIAS (NÃO INCLUI FORNECIMENTO). AF_11/2017","M","COEFICIENTE DE REPRESENTATIVIDADE",15.47,"S","SINAPI",88246,0.2331,"H","COEFICIENTE DE REPRESENTATIVIDADE",0.2331,23.15,5.39,"","","","","","","","","","","CAIXA REFERENCIAL"]
["ASSENTAMENTO DE TUBOS E PECAS","ASTU","FORNEC E/OU ASSENT DE TUBO DE FERRO FUNDIDO JUNTA",45,"","",97166,"ASSENTAMENTO DE TUBO DE FERRO FUNDIDO PARA REDE DE ÁGUA, DN 500 MM, JUNTA ELÁSTICA, INSTALADO EM LOCAL COM NÍVEL BAIXO DE INTERFERÊNCIAS (NÃO INCLUI FORNECIMENTO). AF_11/2017","M","COEFICIENTE DE REPRESENTATIVIDADE",15.47,"S","SINAPI",88316,0.2331,"H","COEFICIENTE DE REPRESENTATIVIDADE",0.2331,15.03,3.5,"","","","","","","","","","","CAIXA REFERENCIAL"]
["ASSENTAMENTO DE TUBOS E PECAS","ASTU","FORNEC E/OU ASSENT DE TUBO DE FERRO FUNDIDO JUNTA",45,"","",97167,"ASSENTAMENTO DE TUBO DE FERRO FUNDIDO PARA REDE DE ÁGUA, DN 600 MM, JUNTA ELÁSTICA, INSTALADO EM LOCAL COM NÍVEL BAIXO DE INTERFERÊNCIAS (NÃO INCLUI FORNECIMENTO). AF_11/2017","M","COEFICIENTE DE REPRESENTATIVIDADE",18.1,"","SINAPI","","","","","","","",9.69,53.4726144,4.94,27.3291925,3.47,19.1981931,0,0,0,0,"CAIXA REFERENCIAL"]
["ASSENTAMENTO DE TUBOS E PECAS","ASTU","FORNEC E/OU ASSENT DE TUBO DE FERRO FUNDIDO JUNTA",45,"","",97167,"ASSENTAMENTO DE TUBO DE FERRO FUNDIDO PARA REDE DE ÁGUA, DN 600 MM, JUNTA ELÁSTICA, INSTALADO EM LOCAL COM NÍVEL BAIXO DE INTERFERÊNCIAS (NÃO INCLUI FORNECIMENTO). AF_11/2017","M","COEFICIENTE DE REPRESENTATIVIDADE",18.1,"S","SINAPI",5631,0.0281,"CHP","COEFICIENTE DE REPRESENTATIVIDADE",0.0281,137.46,3.86,"","","","","","","","","","","CAIXA REFERENCIAL"]
["ASSENTAMENTO DE TUBOS E PECAS","ASTU","FORNEC E/OU ASSENT DE TUBO DE FERRO FUNDIDO JUNTA",45,"","",97167,"ASSENTAMENTO DE TUBO DE FERRO FUNDIDO PARA REDE DE ÁGUA, DN 600 MM, JUNTA ELÁSTICA, INSTALADO EM LOCAL COM NÍVEL BAIXO DE INTERFERÊNCIAS (NÃO INCLUI FORNECIMENTO). AF_11/2017","M","COEFICIENTE DE REPRESENTATIVIDADE",18.1,"S","SINAPI",5632,0.0538,"CHI","COEFICIENTE DE REPRESENTATIVIDADE",0.0538,58.95,3.17,"","","","","","","","","","","CAIXA REFERENCIAL"]
["ASSENTAMENTO DE TUBOS E PECAS","ASTU","FORNEC E/OU ASSENT DE TUBO DE FERRO FUNDIDO JUNTA",45,"","",97167,"ASSENTAMENTO DE TUBO DE FERRO FUNDIDO PARA REDE DE ÁGUA, DN 600 MM, JUNTA ELÁSTICA, INSTALADO EM LOCAL COM NÍVEL BAIXO DE INTERFERÊNCIAS (NÃO INCLUI FORNECIMENTO). AF_11/2017","M","COEFICIENTE DE REPRESENTATIVIDADE",18.1,"I","SINAPI",20078,0.0313,"UN","COEFICIENTE DE REPRESENTATIVIDADE",0.0313,17.63,0.55,"","","","","","","","","","","CAIXA REFERENCIAL"]
["ASSENTAMENTO DE TUBOS E PECAS","ASTU","FORNEC E/OU ASSENT DE TUBO DE FERRO FUNDIDO JUNTA",45,"","",97167,"ASSENTAMENTO DE TUBO DE FERRO FUNDIDO PARA REDE DE ÁGUA, DN 600 MM, JUNTA ELÁSTICA, INSTALADO EM LOCAL COM NÍVEL BAIXO DE INTERFERÊNCIAS (NÃO INCLUI FORNECIMENTO). AF_11/2017","M","COEFICIENTE DE REPRESENTATIVIDADE",18.1,"S","SINAPI",88246,0.2756,"H","COEFICIENTE DE REPRESENTATIVIDADE",0.2756,23.15,6.38,"","","","","","","","","","","CAIXA REFERENCIAL"]
["ASSENTAMENTO DE TUBOS E PECAS","ASTU","FORNEC E/OU ASSENT DE TUBO DE FERRO FUNDIDO JUNTA",45,"","",97167,"ASSENTAMENTO DE TUBO DE FERRO FUNDIDO PARA REDE DE ÁGUA, DN 600 MM, JUNTA ELÁSTICA, INSTALADO EM LOCAL COM NÍVEL BAIXO DE INTERFERÊNCIAS (NÃO INCLUI FORNECIMENTO). AF_11/2017","M","COEFICIENTE DE REPRESENTATIVIDADE",18.1,"S","SINAPI",88316,0.2756,"H","COEFICIENTE DE REPRESENTATIVIDADE",0.2756,15.03,4.14,"","","","","","","","","","","CAIXA REFERENCIAL"]
["ASSENTAMENTO DE TUBOS E PECAS","ASTU","FORNEC E/OU ASSENT DE TUBO DE FERRO FUNDIDO JUNTA",45,"","",97168,"ASSENTAMENTO DE TUBO DE FERRO FUNDIDO PARA REDE DE ÁGUA, DN 700 MM, JUNTA ELÁSTICA, INSTALADO EM LOCAL COM NÍVEL BAIXO DE INTERFERÊNCIAS (NÃO INCLUI FORNECIMENTO). AF_11/2017","M","COEFICIENTE DE REPRESENTATIVIDADE",20.54,"","SINAPI","","","","","","","",11.12,54.0983608,5.52,26.8753104,3.9,19.0263288,0,0,0,0,"CAIXA REFERENCIAL"]
["ASSENTAMENTO DE TUBOS E PECAS","ASTU","FORNEC E/OU ASSENT DE TUBO DE FERRO FUNDIDO JUNTA",45,"","",97168,"ASSENTAMENTO DE TUBO DE FERRO FUNDIDO PARA REDE DE ÁGUA, DN 700 MM, JUNTA ELÁSTICA, INSTALADO EM LOCAL COM NÍVEL BAIXO DE INTERFERÊNCIAS (NÃO INCLUI FORNECIMENTO). AF_11/2017","M","COEFICIENTE DE REPRESENTATIVIDADE",20.54,"S","SINAPI",5631,0.0316,"CHP","COEFICIENTE DE REPRESENTATIVIDADE",0.0316,137.46,4.34,"","","","","","","","","","","CAIXA REFERENCIAL"]
["ASSENTAMENTO DE TUBOS E PECAS","ASTU","FORNEC E/OU ASSENT DE TUBO DE FERRO FUNDIDO JUNTA",45,"","",97168,"ASSENTAMENTO DE TUBO DE FERRO FUNDIDO PARA REDE DE ÁGUA, DN 700 MM, JUNTA ELÁSTICA, INSTALADO EM LOCAL COM NÍVEL BAIXO DE INTERFERÊNCIAS (NÃO INCLUI FORNECIMENTO). AF_11/2017","M","COEFICIENTE DE REPRESENTATIVIDADE",20.54,"S","SINAPI",5632,0.0605,"CHI","COEFICIENTE DE REPRESENTATIVIDADE",0.0605,58.95,3.56,"","","","","","","","","","","CAIXA REFERENCIAL"]
["ASSENTAMENTO DE TUBOS E PECAS","ASTU","FORNEC E/OU ASSENT DE TUBO DE FERRO FUNDIDO JUNTA",45,"","",97168,"ASSENTAMENTO DE TUBO DE FERRO FUNDIDO PARA REDE DE ÁGUA, DN 700 MM, JUNTA ELÁSTICA, INSTALADO EM LOCAL COM NÍVEL BAIXO DE INTERFERÊNCIAS (NÃO INCLUI FORNECIMENTO). AF_11/2017","M","COEFICIENTE DE REPRESENTATIVIDADE",20.54,"I","SINAPI",20078,0.0284,"UN","COEFICIENTE DE REPRESENTATIVIDADE",0.0284,17.63,0.5,"","","","","","","","","","","CAIXA REFERENCIAL"]
["ASSENTAMENTO DE TUBOS E PECAS","ASTU","FORNEC E/OU ASSENT DE TUBO DE FERRO FUNDIDO JUNTA",45,"","",97168,"ASSENTAMENTO DE TUBO DE FERRO FUNDIDO PARA REDE DE ÁGUA, DN 700 MM, JUNTA ELÁSTICA, INSTALADO EM LOCAL COM NÍVEL BAIXO DE INTERFERÊNCIAS (NÃO INCLUI FORNECIMENTO). AF_11/2017","M","COEFICIENTE DE REPRESENTATIVIDADE",20.54,"S","SINAPI",88246,0.3181,"H","COEFICIENTE DE REPRESENTATIVIDADE",0.3181,23.15,7.36,"","","","","","","","","","","CAIXA REFERENCIAL"]
["ASSENTAMENTO DE TUBOS E PECAS","ASTU","FORNEC E/OU ASSENT DE TUBO DE FERRO FUNDIDO JUNTA",45,"","",97168,"ASSENTAMENTO DE TUBO DE FERRO FUNDIDO PARA REDE DE ÁGUA, DN 700 MM, JUNTA ELÁSTICA, INSTALADO EM LOCAL COM NÍVEL BAIXO DE INTERFERÊNCIAS (NÃO INCLUI FORNECIMENTO). AF_11/2017","M","COEFICIENTE DE REPRESENTATIVIDADE",20.54,"S","SINAPI",88316,0.3181,"H","COEFICIENTE DE REPRESENTATIVIDADE",0.3181,15.03,4.78,"","","","","","","","","","","CAIXA REFERENCIAL"]
["ASSENTAMENTO DE TUBOS E PECAS","ASTU","FORNEC E/OU ASSENT DE TUBO DE FERRO FUNDIDO JUNTA",45,"","",97169,"ASSENTAMENTO DE TUBO DE FERRO FUNDIDO PARA REDE DE ÁGUA, DN 800 MM, JUNTA ELÁSTICA, INSTALADO EM LOCAL COM NÍVEL BAIXO DE INTERFERÊNCIAS (NÃO INCLUI FORNECIMENTO). AF_11/2017","M","COEFICIENTE DE REPRESENTATIVIDADE",23.08,"","SINAPI","","","","","","","",12.5,54.0933099,6.27,27.2007042,4.31,18.7059859,0,0,0,0,"CAIXA REFERENCIAL"]
["ASSENTAMENTO DE TUBOS E PECAS","ASTU","FORNEC E/OU ASSENT DE TUBO DE FERRO FUNDIDO JUNTA",45,"","",97169,"ASSENTAMENTO DE TUBO DE FERRO FUNDIDO PARA REDE DE ÁGUA, DN 800 MM, JUNTA ELÁSTICA, INSTALADO EM LOCAL COM NÍVEL BAIXO DE INTERFERÊNCIAS (NÃO INCLUI FORNECIMENTO). AF_11/2017","M","COEFICIENTE DE REPRESENTATIVIDADE",23.08,"S","SINAPI",5631,0.0351,"CHP","COEFICIENTE DE REPRESENTATIVIDADE",0.0351,137.46,4.82,"","","","","","","","","","","CAIXA REFERENCIAL"]
["ASSENTAMENTO DE TUBOS E PECAS","ASTU","FORNEC E/OU ASSENT DE TUBO DE FERRO FUNDIDO JUNTA",45,"","",97169,"ASSENTAMENTO DE TUBO DE FERRO FUNDIDO PARA REDE DE ÁGUA, DN 800 MM, JUNTA ELÁSTICA, INSTALADO EM LOCAL COM NÍVEL BAIXO DE INTERFERÊNCIAS (NÃO INCLUI FORNECIMENTO). AF_11/2017","M","COEFICIENTE DE REPRESENTATIVIDADE",23.08,"S","SINAPI",5632,0.0672,"CHI","COEFICIENTE DE REPRESENTATIVIDADE",0.0672,58.95,3.96,"","","","","","","","","","","CAIXA REFERENCIAL"]
["ASSENTAMENTO DE TUBOS E PECAS","ASTU","FORNEC E/OU ASSENT DE TUBO DE FERRO FUNDIDO JUNTA",45,"","",97169,"ASSENTAMENTO DE TUBO DE FERRO FUNDIDO PARA REDE DE ÁGUA, DN 800 MM, JUNTA ELÁSTICA, INSTALADO EM LOCAL COM NÍVEL BAIXO DE INTERFERÊNCIAS (NÃO INCLUI FORNECIMENTO). AF_11/2017","M","COEFICIENTE DE REPRESENTATIVIDADE",23.08,"I","SINAPI",20078,0.0314,"UN","COEFICIENTE DE REPRESENTATIVIDADE",0.0314,17.63,0.55,"","","","","","","","","","","CAIXA REFERENCIAL"]
["ASSENTAMENTO DE TUBOS E PECAS","ASTU","FORNEC E/OU ASSENT DE TUBO DE FERRO FUNDIDO JUNTA",45,"","",97169,"ASSENTAMENTO DE TUBO DE FERRO FUNDIDO PARA REDE DE ÁGUA, DN 800 MM, JUNTA ELÁSTICA, INSTALADO EM LOCAL COM NÍVEL BAIXO DE INTERFERÊNCIAS (NÃO INCLUI FORNECIMENTO). AF_11/2017","M","COEFICIENTE DE REPRESENTATIVIDADE",23.08,"S","SINAPI",88246,0.3605,"H","COEFICIENTE DE REPRESENTATIVIDADE",0.3605,23.15,8.34,"","","","","","","","","","","CAIXA REFERENCIAL"]
["ASSENTAMENTO DE TUBOS E PECAS","ASTU","FORNEC E/OU ASSENT DE TUBO DE FERRO FUNDIDO JUNTA",45,"","",97169,"ASSENTAMENTO DE TUBO DE FERRO FUNDIDO PARA REDE DE ÁGUA, DN 800 MM, JUNTA ELÁSTICA, INSTALADO EM LOCAL COM NÍVEL BAIXO DE INTERFERÊNCIAS (NÃO INCLUI FORNECIMENTO). AF_11/2017","M","COEFICIENTE DE REPRESENTATIVIDADE",23.08,"S","SINAPI",88316,0.3605,"H","COEFICIENTE DE REPRESENTATIVIDADE",0.3605,15.03,5.41,"","","","","","","","","","","CAIXA REFERENCIAL"]
["ASSENTAMENTO DE TUBOS E PECAS","ASTU","FORNEC E/OU ASSENT DE TUBO DE FERRO FUNDIDO JUNTA",45,"","",97170,"ASSENTAMENTO DE TUBO DE FERRO FUNDIDO PARA REDE DE ÁGUA, DN 900 MM, JUNTA ELÁSTICA, INSTALADO EM LOCAL COM NÍVEL BAIXO DE INTERFERÊNCIAS (NÃO INCLUI FORNECIMENTO). AF_11/2017","M","COEFICIENTE DE REPRESENTATIVIDADE",25.64,"","SINAPI","","","","","","","",13.92,54.2574258,6.98,27.2475247,4.74,18.4950495,0,0,0,0,"CAIXA REFERENCIAL"]
["ASSENTAMENTO DE TUBOS E PECAS","ASTU","FORNEC E/OU ASSENT DE TUBO DE FERRO FUNDIDO JUNTA",45,"","",97170,"ASSENTAMENTO DE TUBO DE FERRO FUNDIDO PARA REDE DE ÁGUA, DN 900 MM, JUNTA ELÁSTICA, INSTALADO EM LOCAL COM NÍVEL BAIXO DE INTERFERÊNCIAS (NÃO INCLUI FORNECIMENTO). AF_11/2017","M","COEFICIENTE DE REPRESENTATIVIDADE",25.64,"S","SINAPI",5631,0.0386,"CHP","COEFICIENTE DE REPRESENTATIVIDADE",0.0386,137.46,5.3,"","","","","","","","","","","CAIXA REFERENCIAL"]
["ASSENTAMENTO DE TUBOS E PECAS","ASTU","FORNEC E/OU ASSENT DE TUBO DE FERRO FUNDIDO JUNTA",45,"","",97170,"ASSENTAMENTO DE TUBO DE FERRO FUNDIDO PARA REDE DE ÁGUA, DN 900 MM, JUNTA ELÁSTICA, INSTALADO EM LOCAL COM NÍVEL BAIXO DE INTERFERÊNCIAS (NÃO INCLUI FORNECIMENTO). AF_11/2017","M","COEFICIENTE DE REPRESENTATIVIDADE",25.64,"S","SINAPI",5632,0.0739,"CHI","COEFICIENTE DE REPRESENTATIVIDADE",0.0739,58.95,4.35,"","","","","","","","","","","CAIXA REFERENCIAL"]
["ASSENTAMENTO DE TUBOS E PECAS","ASTU","FORNEC E/OU ASSENT DE TUBO DE FERRO FUNDIDO JUNTA",45,"","",97170,"ASSENTAMENTO DE TUBO DE FERRO FUNDIDO PARA REDE DE ÁGUA, DN 900 MM, JUNTA ELÁSTICA, INSTALADO EM LOCAL COM NÍVEL BAIXO DE INTERFERÊNCIAS (NÃO INCLUI FORNECIMENTO). AF_11/2017","M","COEFICIENTE DE REPRESENTATIVIDADE",25.64,"I","SINAPI",20078,0.0355,"UN","COEFICIENTE DE REPRESENTATIVIDADE",0.0355,17.63,0.62,"","","","","","","","","","","CAIXA REFERENCIAL"]
["ASSENTAMENTO DE TUBOS E PECAS","ASTU","FORNEC E/OU ASSENT DE TUBO DE FERRO FUNDIDO JUNTA",45,"","",97170,"ASSENTAMENTO DE TUBO DE FERRO FUNDIDO PARA REDE DE ÁGUA, DN 900 MM, JUNTA ELÁSTICA, INSTALADO EM LOCAL COM NÍVEL BAIXO DE INTERFERÊNCIAS (NÃO INCLUI FORNECIMENTO). AF_11/2017","M","COEFICIENTE DE REPRESENTATIVIDADE",25.64,"S","SINAPI",88246,0.403,"H","COEFICIENTE DE REPRESENTATIVIDADE",0.403,23.15,9.32,"","","","","","","","","","","CAIXA REFERENCIAL"]
["ASSENTAMENTO DE TUBOS E PECAS","ASTU","FORNEC E/OU ASSENT DE TUBO DE FERRO FUNDIDO JUNTA",45,"","",97170,"ASSENTAMENTO DE TUBO DE FERRO FUNDIDO PARA REDE DE ÁGUA, DN 900 MM, JUNTA ELÁSTICA, INSTALADO EM LOCAL COM NÍVEL BAIXO DE INTERFERÊNCIAS (NÃO INCLUI FORNECIMENTO). AF_11/2017","M","COEFICIENTE DE REPRESENTATIVIDADE",25.64,"S","SINAPI",88316,0.403,"H","COEFICIENTE DE REPRESENTATIVIDADE",0.403,15.03,6.05,"","","","","","","","","","","CAIXA REFERENCIAL"]
["ASSENTAMENTO DE TUBOS E PECAS","ASTU","FORNEC E/OU ASSENT DE TUBO DE FERRO FUNDIDO JUNTA",45,"","",97171,"ASSENTAMENTO DE TUBO DE FERRO FUNDIDO PARA REDE DE ÁGUA, DN 1000 MM, JUNTA ELÁSTICA, INSTALADO EM LOCAL COM NÍVEL BAIXO DE INTERFERÊNCIAS (NÃO INCLUI FORNECIMENTO). AF_11/2017","M","COEFICIENTE DE REPRESENTATIVIDADE",28.24,"","SINAPI","","","","","","","",15.34,54.2939275,7.74,27.416457,5.16,18.2896155,0,0,0,0,"CAIXA REFERENCIAL"]
["ASSENTAMENTO DE TUBOS E PECAS","ASTU","FORNEC E/OU ASSENT DE TUBO DE FERRO FUNDIDO JUNTA",45,"","",97171,"ASSENTAMENTO DE TUBO DE FERRO FUNDIDO PARA REDE DE ÁGUA, DN 1000 MM, JUNTA ELÁSTICA, INSTALADO EM LOCAL COM NÍVEL BAIXO DE INTERFERÊNCIAS (NÃO INCLUI FORNECIMENTO). AF_11/2017","M","COEFICIENTE DE REPRESENTATIVIDADE",28.24,"S","SINAPI",5631,0.0421,"CHP","COEFICIENTE DE REPRESENTATIVIDADE",0.0421,137.46,5.78,"","","","","","","","","","","CAIXA REFERENCIAL"]
["ASSENTAMENTO DE TUBOS E PECAS","ASTU","FORNEC E/OU ASSENT DE TUBO DE FERRO FUNDIDO JUNTA",45,"","",97171,"ASSENTAMENTO DE TUBO DE FERRO FUNDIDO PARA REDE DE ÁGUA, DN 1000 MM, JUNTA ELÁSTICA, INSTALADO EM LOCAL COM NÍVEL BAIXO DE INTERFERÊNCIAS (NÃO INCLUI FORNECIMENTO). AF_11/2017","M","COEFICIENTE DE REPRESENTATIVIDADE",28.24,"S","SINAPI",5632,0.0806,"CHI","COEFICIENTE DE REPRESENTATIVIDADE",0.0806,58.95,4.75,"","","","","","","","","","","CAIXA REFERENCIAL"]
["ASSENTAMENTO DE TUBOS E PECAS","ASTU","FORNEC E/OU ASSENT DE TUBO DE FERRO FUNDIDO JUNTA",45,"","",97171,"ASSENTAMENTO DE TUBO DE FERRO FUNDIDO PARA REDE DE ÁGUA, DN 1000 MM, JUNTA ELÁSTICA, INSTALADO EM LOCAL COM NÍVEL BAIXO DE INTERFERÊNCIAS (NÃO INCLUI FORNECIMENTO). AF_11/2017","M","COEFICIENTE DE REPRESENTATIVIDADE",28.24,"I","SINAPI",20078,0.0403,"UN","COEFICIENTE DE REPRESENTATIVIDADE",0.0403,17.63,0.71,"","","","","","","","","","","CAIXA REFERENCIAL"]
["ASSENTAMENTO DE TUBOS E PECAS","ASTU","FORNEC E/OU ASSENT DE TUBO DE FERRO FUNDIDO JUNTA",45,"","",97171,"ASSENTAMENTO DE TUBO DE FERRO FUNDIDO PARA REDE DE ÁGUA, DN 1000 MM, JUNTA ELÁSTICA, INSTALADO EM LOCAL COM NÍVEL BAIXO DE INTERFERÊNCIAS (NÃO INCLUI FORNECIMENTO). AF_11/2017","M","COEFICIENTE DE REPRESENTATIVIDADE",28.24,"S","SINAPI",88246,0.4455,"H","COEFICIENTE DE REPRESENTATIVIDADE",0.4455,23.15,10.31,"","","","","","","","","","","CAIXA REFERENCIAL"]
["ASSENTAMENTO DE TUBOS E PECAS","ASTU","FORNEC E/OU ASSENT DE TUBO DE FERRO FUNDIDO JUNTA",45,"","",97171,"ASSENTAMENTO DE TUBO DE FERRO FUNDIDO PARA REDE DE ÁGUA, DN 1000 MM, JUNTA ELÁSTICA, INSTALADO EM LOCAL COM NÍVEL BAIXO DE INTERFERÊNCIAS (NÃO INCLUI FORNECIMENTO). AF_11/2017","M","COEFICIENTE DE REPRESENTATIVIDADE",28.24,"S","SINAPI",88316,0.4455,"H","COEFICIENTE DE REPRESENTATIVIDADE",0.4455,15.03,6.69,"","","","","","","","","","","CAIXA REFERENCIAL"]
["ASSENTAMENTO DE TUBOS E PECAS","ASTU","FORNEC E/OU ASSENT DE TUBO DE FERRO FUNDIDO JUNTA",45,"","",97172,"ASSENTAMENTO DE TUBO DE FERRO FUNDIDO PARA REDE DE ÁGUA, DN 1200 MM, JUNTA ELÁSTICA, INSTALADO EM LOCAL COM NÍVEL BAIXO DE INTERFERÊNCIAS (NÃO INCLUI FORNECIMENTO). AF_11/2017","M","COEFICIENTE DE REPRESENTATIVIDADE",33.65,"","SINAPI","","","","","","","",18.13,53.8577005,9.48,28.1897328,6.04,17.9525667,0,0,0,0,"CAIXA REFERENCIAL"]
["ASSENTAMENTO DE TUBOS E PECAS","ASTU","FORNEC E/OU ASSENT DE TUBO DE FERRO FUNDIDO JUNTA",45,"","",97172,"ASSENTAMENTO DE TUBO DE FERRO FUNDIDO PARA REDE DE ÁGUA, DN 1200 MM, JUNTA ELÁSTICA, INSTALADO EM LOCAL COM NÍVEL BAIXO DE INTERFERÊNCIAS (NÃO INCLUI FORNECIMENTO). AF_11/2017","M","COEFICIENTE DE REPRESENTATIVIDADE",33.65,"S","SINAPI",5631,0.0491,"CHP","COEFICIENTE DE REPRESENTATIVIDADE",0.0491,137.46,6.74,"","","","","","","","","","","CAIXA REFERENCIAL"]
["ASSENTAMENTO DE TUBOS E PECAS","ASTU","FORNEC E/OU ASSENT DE TUBO DE FERRO FUNDIDO JUNTA",45,"","",97172,"ASSENTAMENTO DE TUBO DE FERRO FUNDIDO PARA REDE DE ÁGUA, DN 1200 MM, JUNTA ELÁSTICA, INSTALADO EM LOCAL COM NÍVEL BAIXO DE INTERFERÊNCIAS (NÃO INCLUI FORNECIMENTO). AF_11/2017","M","COEFICIENTE DE REPRESENTATIVIDADE",33.65,"S","SINAPI",5632,0.094,"CHI","COEFICIENTE DE REPRESENTATIVIDADE",0.094,58.95,5.54,"","","","","","","","","","","CAIXA REFERENCIAL"]
["ASSENTAMENTO DE TUBOS E PECAS","ASTU","FORNEC E/OU ASSENT DE TUBO DE FERRO FUNDIDO JUNTA",45,"","",97172,"ASSENTAMENTO DE TUBO DE FERRO FUNDIDO PARA REDE DE ÁGUA, DN 1200 MM, JUNTA ELÁSTICA, INSTALADO EM LOCAL COM NÍVEL BAIXO DE INTERFERÊNCIAS (NÃO INCLUI FORNECIMENTO). AF_11/2017","M","COEFICIENTE DE REPRESENTATIVIDADE",33.65,"I","SINAPI",20078,0.0646,"UN","COEFICIENTE DE REPRESENTATIVIDADE",0.0646,17.63,1.13,"","","","","","","","","","","CAIXA REFERENCIAL"]
["ASSENTAMENTO DE TUBOS E PECAS","ASTU","FORNEC E/OU ASSENT DE TUBO DE FERRO FUNDIDO JUNTA",45,"","",97172,"ASSENTAMENTO DE TUBO DE FERRO FUNDIDO PARA REDE DE ÁGUA, DN 1200 MM, JUNTA ELÁSTICA, INSTALADO EM LOCAL COM NÍVEL BAIXO DE INTERFERÊNCIAS (NÃO INCLUI FORNECIMENTO). AF_11/2017","M","COEFICIENTE DE REPRESENTATIVIDADE",33.65,"S","SINAPI",88246,0.5304,"H","COEFICIENTE DE REPRESENTATIVIDADE",0.5304,23.15,12.27,"","","","","","","","","","","CAIXA REFERENCIAL"]
["ASSENTAMENTO DE TUBOS E PECAS","ASTU","FORNEC E/OU ASSENT DE TUBO DE FERRO FUNDIDO JUNTA",45,"","",97172,"ASSENTAMENTO DE TUBO DE FERRO FUNDIDO PARA REDE DE ÁGUA, DN 1200 MM, JUNTA ELÁSTICA, INSTALADO EM LOCAL COM NÍVEL BAIXO DE INTERFERÊNCIAS (NÃO INCLUI FORNECIMENTO). AF_11/2017","M","COEFICIENTE DE REPRESENTATIVIDADE",33.65,"S","SINAPI",88316,0.5304,"H","COEFICIENTE DE REPRESENTATIVIDADE",0.5304,15.03,7.97,"","","","","","","","","","","CAIXA REFERENCIAL"]
["ASSENTAMENTO DE TUBOS E PECAS","ASTU","FORNEC E/OU ASSENT DE TUBO DE ACO COM JUNTA SOLDAD",46,"","",97173,"ASSENTAMENTO DE TUBO DE AÇO CARBONO PARA REDE DE ÁGUA, DN 600 MM (24’’), JUNTA SOLDADA, INSTALADO EM LOCAL COM NÍVEL ALTO DE INTERFERÊNCIAS (NÃO INCLUI FORNECIMENTO). AF_11/2017","M","COEFICIENTE DE REPRESENTATIVIDADE",32.3,"","SINAPI","","","","","","","",19.13,59.189444,8.7,26.9557021,4.47,13.8548539,0,0,0,0,"CAIXA REFERENCIAL"]
["ASSENTAMENTO DE TUBOS E PECAS","ASTU","FORNEC E/OU ASSENT DE TUBO DE ACO COM JUNTA SOLDAD",46,"","",97173,"ASSENTAMENTO DE TUBO DE AÇO CARBONO PARA REDE DE ÁGUA, DN 600 MM (24’’), JUNTA SOLDADA, INSTALADO EM LOCAL COM NÍVEL ALTO DE INTERFERÊNCIAS (NÃO INCLUI FORNECIMENTO). AF_11/2017","M","COEFICIENTE DE REPRESENTATIVIDADE",32.3,"S","SINAPI",5631,0.0211,"CHP","COEFICIENTE DE REPRESENTATIVIDADE",0.0211,137.46,2.9,"","","","","","","","","","","CAIXA REFERENCIAL"]
["ASSENTAMENTO DE TUBOS E PECAS","ASTU","FORNEC E/OU ASSENT DE TUBO DE ACO COM JUNTA SOLDAD",46,"","",97173,"ASSENTAMENTO DE TUBO DE AÇO CARBONO PARA REDE DE ÁGUA, DN 600 MM (24’’), JUNTA SOLDADA, INSTALADO EM LOCAL COM NÍVEL ALTO DE INTERFERÊNCIAS (NÃO INCLUI FORNECIMENTO). AF_11/2017","M","COEFICIENTE DE REPRESENTATIVIDADE",32.3,"S","SINAPI",5632,0.1011,"CHI","COEFICIENTE DE REPRESENTATIVIDADE",0.1011,58.95,5.95,"","","","","","","","","","","CAIXA REFERENCIAL"]
["ASSENTAMENTO DE TUBOS E PECAS","ASTU","FORNEC E/OU ASSENT DE TUBO DE ACO COM JUNTA SOLDAD",46,"","",97173,"ASSENTAMENTO DE TUBO DE AÇO CARBONO PARA REDE DE ÁGUA, DN 600 MM (24’’), JUNTA SOLDADA, INSTALADO EM LOCAL COM NÍVEL ALTO DE INTERFERÊNCIAS (NÃO INCLUI FORNECIMENTO). AF_11/2017","M","COEFICIENTE DE REPRESENTATIVIDADE",32.3,"I","SINAPI",10997,0.1875,"KG","COLETADO",0.1875,19.94,3.73,"","","","","","","","","","","CAIXA REFERENCIAL"]
["ASSENTAMENTO DE TUBOS E PECAS","ASTU","FORNEC E/OU ASSENT DE TUBO DE ACO COM JUNTA SOLDAD",46,"","",97173,"ASSENTAMENTO DE TUBO DE AÇO CARBONO PARA REDE DE ÁGUA, DN 600 MM (24’’), JUNTA SOLDADA, INSTALADO EM LOCAL COM NÍVEL ALTO DE INTERFERÊNCIAS (NÃO INCLUI FORNECIMENTO). AF_11/2017","M","COEFICIENTE DE REPRESENTATIVIDADE",32.3,"S","SINAPI",88246,0.1083,"H","COEFICIENTE DE REPRESENTATIVIDADE",0.1083,23.15,2.5,"","","","","","","","","","","CAIXA REFERENCIAL"]
["ASSENTAMENTO DE TUBOS E PECAS","ASTU","FORNEC E/OU ASSENT DE TUBO DE ACO COM JUNTA SOLDAD",46,"","",97173,"ASSENTAMENTO DE TUBO DE AÇO CARBONO PARA REDE DE ÁGUA, DN 600 MM (24’’), JUNTA SOLDADA, INSTALADO EM LOCAL COM NÍVEL ALTO DE INTERFERÊNCIAS (NÃO INCLUI FORNECIMENTO). AF_11/2017","M","COEFICIENTE DE REPRESENTATIVIDADE",32.3,"S","SINAPI",88316,0.1083,"H","COEFICIENTE DE REPRESENTATIVIDADE",0.1083,15.03,1.62,"","","","","","","","","","","CAIXA REFERENCIAL"]
["ASSENTAMENTO DE TUBOS E PECAS","ASTU","FORNEC E/OU ASSENT DE TUBO DE ACO COM JUNTA SOLDAD",46,"","",97173,"ASSENTAMENTO DE TUBO DE AÇO CARBONO PARA REDE DE ÁGUA, DN 600 MM (24’’), JUNTA SOLDADA, INSTALADO EM LOCAL COM NÍVEL ALTO DE INTERFERÊNCIAS (NÃO INCLUI FORNECIMENTO). AF_11/2017","M","COEFICIENTE DE REPRESENTATIVIDADE",32.3,"S","SINAPI",88317,0.4792,"H","COEFICIENTE DE REPRESENTATIVIDADE",0.4792,32.56,15.6,"","","","","","","","","","","CAIXA REFERENCIAL"]
["ASSENTAMENTO DE TUBOS E PECAS","ASTU","FORNEC E/OU ASSENT DE TUBO DE ACO COM JUNTA SOLDAD",46,"","",97174,"ASSENTAMENTO DE TUBO DE AÇO CARBONO PARA REDE DE ÁGUA, DN 700 MM (28’’), JUNTA SOLDADA, INSTALADO EM LOCAL COM NÍVEL ALTO DE INTERFERÊNCIAS (NÃO INCLUI FORNECIMENTO). AF_11/2017","M","COEFICIENTE DE REPRESENTATIVIDADE",37.42,"","SINAPI","","","","","","","",22.09,59.0243903,10.09,26.9647696,5.24,14.0108401,0,0,0,0,"CAIXA REFERENCIAL"]
["ASSENTAMENTO DE TUBOS E PECAS","ASTU","FORNEC E/OU ASSENT DE TUBO DE ACO COM JUNTA SOLDAD",46,"","",97174,"ASSENTAMENTO DE TUBO DE AÇO CARBONO PARA REDE DE ÁGUA, DN 700 MM (28’’), JUNTA SOLDADA, INSTALADO EM LOCAL COM NÍVEL ALTO DE INTERFERÊNCIAS (NÃO INCLUI FORNECIMENTO). AF_11/2017","M","COEFICIENTE DE REPRESENTATIVIDADE",37.42,"S","SINAPI",5631,0.0246,"CHP","COEFICIENTE DE REPRESENTATIVIDADE",0.0246,137.46,3.38,"","","","","","","","","","","CAIXA REFERENCIAL"]
["ASSENTAMENTO DE TUBOS E PECAS","ASTU","FORNEC E/OU ASSENT DE TUBO DE ACO COM JUNTA SOLDAD",46,"","",97174,"ASSENTAMENTO DE TUBO DE AÇO CARBONO PARA REDE DE ÁGUA, DN 700 MM (28’’), JUNTA SOLDADA, INSTALADO EM LOCAL COM NÍVEL ALTO DE INTERFERÊNCIAS (NÃO INCLUI FORNECIMENTO). AF_11/2017","M","COEFICIENTE DE REPRESENTATIVIDADE",37.42,"S","SINAPI",5632,0.1179,"CHI","COEFICIENTE DE REPRESENTATIVIDADE",0.1179,58.95,6.95,"","","","","","","","","","","CAIXA REFERENCIAL"]
["ASSENTAMENTO DE TUBOS E PECAS","ASTU","FORNEC E/OU ASSENT DE TUBO DE ACO COM JUNTA SOLDAD",46,"","",97174,"ASSENTAMENTO DE TUBO DE AÇO CARBONO PARA REDE DE ÁGUA, DN 700 MM (28’’), JUNTA SOLDADA, INSTALADO EM LOCAL COM NÍVEL ALTO DE INTERFERÊNCIAS (NÃO INCLUI FORNECIMENTO). AF_11/2017","M","COEFICIENTE DE REPRESENTATIVIDADE",37.42,"I","SINAPI",10997,0.2187,"KG","COLETADO",0.2187,19.94,4.36,"","","","","","","","","","","CAIXA REFERENCIAL"]
["ASSENTAMENTO DE TUBOS E PECAS","ASTU","FORNEC E/OU ASSENT DE TUBO DE ACO COM JUNTA SOLDAD",46,"","",97174,"ASSENTAMENTO DE TUBO DE AÇO CARBONO PARA REDE DE ÁGUA, DN 700 MM (28’’), JUNTA SOLDADA, INSTALADO EM LOCAL COM NÍVEL ALTO DE INTERFERÊNCIAS (NÃO INCLUI FORNECIMENTO). AF_11/2017","M","COEFICIENTE DE REPRESENTATIVIDADE",37.42,"S","SINAPI",88246,0.1189,"H","COEFICIENTE DE REPRESENTATIVIDADE",0.1189,23.15,2.75,"","","","","","","","","","","CAIXA REFERENCIAL"]
["ASSENTAMENTO DE TUBOS E PECAS","ASTU","FORNEC E/OU ASSENT DE TUBO DE ACO COM JUNTA SOLDAD",46,"","",97174,"ASSENTAMENTO DE TUBO DE AÇO CARBONO PARA REDE DE ÁGUA, DN 700 MM (28’’), JUNTA SOLDADA, INSTALADO EM LOCAL COM NÍVEL ALTO DE INTERFERÊNCIAS (NÃO INCLUI FORNECIMENTO). AF_11/2017","M","COEFICIENTE DE REPRESENTATIVIDADE",37.42,"S","SINAPI",88316,0.1189,"H","COEFICIENTE DE REPRESENTATIVIDADE",0.1189,15.03,1.78,"","","","","","","","","","","CAIXA REFERENCIAL"]
["ASSENTAMENTO DE TUBOS E PECAS","ASTU","FORNEC E/OU ASSENT DE TUBO DE ACO COM JUNTA SOLDAD",46,"","",97174,"ASSENTAMENTO DE TUBO DE AÇO CARBONO PARA REDE DE ÁGUA, DN 700 MM (28’’), JUNTA SOLDADA, INSTALADO EM LOCAL COM NÍVEL ALTO DE INTERFERÊNCIAS (NÃO INCLUI FORNECIMENTO). AF_11/2017","M","COEFICIENTE DE REPRESENTATIVIDADE",37.42,"S","SINAPI",88317,0.559,"H","COEFICIENTE DE REPRESENTATIVIDADE",0.559,32.56,18.2,"","","","","","","","","","","CAIXA REFERENCIAL"]
["ASSENTAMENTO DE TUBOS E PECAS","ASTU","FORNEC E/OU ASSENT DE TUBO DE ACO COM JUNTA SOLDAD",46,"","",97175,"ASSENTAMENTO DE TUBO DE AÇO CARBONO PARA REDE DE ÁGUA, DN 800 MM (32’’), JUNTA SOLDADA, INSTALADO EM LOCAL COM NÍVEL ALTO DE INTERFERÊNCIAS (NÃO INCLUI FORNECIMENTO). AF_11/2017","M","COEFICIENTE DE REPRESENTATIVIDADE",42.51,"","SINAPI","","","","","","","",25.03,58.8711599,11.5,27.0540604,5.98,14.0747797,0,0,0,0,"CAIXA REFERENCIAL"]
["ASSENTAMENTO DE TUBOS E PECAS","ASTU","FORNEC E/OU ASSENT DE TUBO DE ACO COM JUNTA SOLDAD",46,"","",97175,"ASSENTAMENTO DE TUBO DE AÇO CARBONO PARA REDE DE ÁGUA, DN 800 MM (32’’), JUNTA SOLDADA, INSTALADO EM LOCAL COM NÍVEL ALTO DE INTERFERÊNCIAS (NÃO INCLUI FORNECIMENTO). AF_11/2017","M","COEFICIENTE DE REPRESENTATIVIDADE",42.51,"S","SINAPI",5631,0.0281,"CHP","COEFICIENTE DE REPRESENTATIVIDADE",0.0281,137.46,3.86,"","","","","","","","","","","CAIXA REFERENCIAL"]
["ASSENTAMENTO DE TUBOS E PECAS","ASTU","FORNEC E/OU ASSENT DE TUBO DE ACO COM JUNTA SOLDAD",46,"","",97175,"ASSENTAMENTO DE TUBO DE AÇO CARBONO PARA REDE DE ÁGUA, DN 800 MM (32’’), JUNTA SOLDADA, INSTALADO EM LOCAL COM NÍVEL ALTO DE INTERFERÊNCIAS (NÃO INCLUI FORNECIMENTO). AF_11/2017","M","COEFICIENTE DE REPRESENTATIVIDADE",42.51,"S","SINAPI",5632,0.1347,"CHI","COEFICIENTE DE REPRESENTATIVIDADE",0.1347,58.95,7.94,"","","","","","","","","","","CAIXA REFERENCIAL"]
["ASSENTAMENTO DE TUBOS E PECAS","ASTU","FORNEC E/OU ASSENT DE TUBO DE ACO COM JUNTA SOLDAD",46,"","",97175,"ASSENTAMENTO DE TUBO DE AÇO CARBONO PARA REDE DE ÁGUA, DN 800 MM (32’’), JUNTA SOLDADA, INSTALADO EM LOCAL COM NÍVEL ALTO DE INTERFERÊNCIAS (NÃO INCLUI FORNECIMENTO). AF_11/2017","M","COEFICIENTE DE REPRESENTATIVIDADE",42.51,"I","SINAPI",10997,0.2499,"KG","COLETADO",0.2499,19.94,4.98,"","","","","","","","","","","CAIXA REFERENCIAL"]
["ASSENTAMENTO DE TUBOS E PECAS","ASTU","FORNEC E/OU ASSENT DE TUBO DE ACO COM JUNTA SOLDAD",46,"","",97175,"ASSENTAMENTO DE TUBO DE AÇO CARBONO PARA REDE DE ÁGUA, DN 800 MM (32’’), JUNTA SOLDADA, INSTALADO EM LOCAL COM NÍVEL ALTO DE INTERFERÊNCIAS (NÃO INCLUI FORNECIMENTO). AF_11/2017","M","COEFICIENTE DE REPRESENTATIVIDADE",42.51,"S","SINAPI",88246,0.1295,"H","COEFICIENTE DE REPRESENTATIVIDADE",0.1295,23.15,2.99,"","","","","","","","","","","CAIXA REFERENCIAL"]
["ASSENTAMENTO DE TUBOS E PECAS","ASTU","FORNEC E/OU ASSENT DE TUBO DE ACO COM JUNTA SOLDAD",46,"","",97175,"ASSENTAMENTO DE TUBO DE AÇO CARBONO PARA REDE DE ÁGUA, DN 800 MM (32’’), JUNTA SOLDADA, INSTALADO EM LOCAL COM NÍVEL ALTO DE INTERFERÊNCIAS (NÃO INCLUI FORNECIMENTO). AF_11/2017","M","COEFICIENTE DE REPRESENTATIVIDADE",42.51,"S","SINAPI",88316,0.1295,"H","COEFICIENTE DE REPRESENTATIVIDADE",0.1295,15.03,1.94,"","","","","","","","","","","CAIXA REFERENCIAL"]
["ASSENTAMENTO DE TUBOS E PECAS","ASTU","FORNEC E/OU ASSENT DE TUBO DE ACO COM JUNTA SOLDAD",46,"","",97175,"ASSENTAMENTO DE TUBO DE AÇO CARBONO PARA REDE DE ÁGUA, DN 800 MM (32’’), JUNTA SOLDADA, INSTALADO EM LOCAL COM NÍVEL ALTO DE INTERFERÊNCIAS (NÃO INCLUI FORNECIMENTO). AF_11/2017","M","COEFICIENTE DE REPRESENTATIVIDADE",42.51,"S","SINAPI",88317,0.6389,"H","COEFICIENTE DE REPRESENTATIVIDADE",0.6389,32.56,20.8,"","","","","","","","","","","CAIXA REFERENCIAL"]
["ASSENTAMENTO DE TUBOS E PECAS","ASTU","FORNEC E/OU ASSENT DE TUBO DE ACO COM JUNTA SOLDAD",46,"","",97176,"ASSENTAMENTO DE TUBO DE AÇO CARBONO PARA REDE DE ÁGUA, DN 900 MM (36’’), JUNTA SOLDADA, INSTALADO EM LOCAL COM NÍVEL ALTO DE INTERFERÊNCIAS (NÃO INCLUI FORNECIMENTO). AF_11/2017","M","COEFICIENTE DE REPRESENTATIVIDADE",47.6,"","SINAPI","","","","","","","",27.95,58.7011885,12.94,27.1859083,6.71,14.1129032,0,0,0,0,"CAIXA REFERENCIAL"]
["ASSENTAMENTO DE TUBOS E PECAS","ASTU","FORNEC E/OU ASSENT DE TUBO DE ACO COM JUNTA SOLDAD",46,"","",97176,"ASSENTAMENTO DE TUBO DE AÇO CARBONO PARA REDE DE ÁGUA, DN 900 MM (36’’), JUNTA SOLDADA, INSTALADO EM LOCAL COM NÍVEL ALTO DE INTERFERÊNCIAS (NÃO INCLUI FORNECIMENTO). AF_11/2017","M","COEFICIENTE DE REPRESENTATIVIDADE",47.6,"S","SINAPI",5631,0.0316,"CHP","COEFICIENTE DE REPRESENTATIVIDADE",0.0316,137.46,4.34,"","","","","","","","","","","CAIXA REFERENCIAL"]
["ASSENTAMENTO DE TUBOS E PECAS","ASTU","FORNEC E/OU ASSENT DE TUBO DE ACO COM JUNTA SOLDAD",46,"","",97176,"ASSENTAMENTO DE TUBO DE AÇO CARBONO PARA REDE DE ÁGUA, DN 900 MM (36’’), JUNTA SOLDADA, INSTALADO EM LOCAL COM NÍVEL ALTO DE INTERFERÊNCIAS (NÃO INCLUI FORNECIMENTO). AF_11/2017","M","COEFICIENTE DE REPRESENTATIVIDADE",47.6,"S","SINAPI",5632,0.1514,"CHI","COEFICIENTE DE REPRESENTATIVIDADE",0.1514,58.95,8.92,"","","","","","","","","","","CAIXA REFERENCIAL"]
["ASSENTAMENTO DE TUBOS E PECAS","ASTU","FORNEC E/OU ASSENT DE TUBO DE ACO COM JUNTA SOLDAD",46,"","",97176,"ASSENTAMENTO DE TUBO DE AÇO CARBONO PARA REDE DE ÁGUA, DN 900 MM (36’’), JUNTA SOLDADA, INSTALADO EM LOCAL COM NÍVEL ALTO DE INTERFERÊNCIAS (NÃO INCLUI FORNECIMENTO). AF_11/2017","M","COEFICIENTE DE REPRESENTATIVIDADE",47.6,"I","SINAPI",10997,0.2812,"KG","COLETADO",0.2812,19.94,5.6,"","","","","","","","","","","CAIXA REFERENCIAL"]
["ASSENTAMENTO DE TUBOS E PECAS","ASTU","FORNEC E/OU ASSENT DE TUBO DE ACO COM JUNTA SOLDAD",46,"","",97176,"ASSENTAMENTO DE TUBO DE AÇO CARBONO PARA REDE DE ÁGUA, DN 900 MM (36’’), JUNTA SOLDADA, INSTALADO EM LOCAL COM NÍVEL ALTO DE INTERFERÊNCIAS (NÃO INCLUI FORNECIMENTO). AF_11/2017","M","COEFICIENTE DE REPRESENTATIVIDADE",47.6,"S","SINAPI",88246,0.1401,"H","COEFICIENTE DE REPRESENTATIVIDADE",0.1401,23.15,3.24,"","","","","","","","","","","CAIXA REFERENCIAL"]
["ASSENTAMENTO DE TUBOS E PECAS","ASTU","FORNEC E/OU ASSENT DE TUBO DE ACO COM JUNTA SOLDAD",46,"","",97176,"ASSENTAMENTO DE TUBO DE AÇO CARBONO PARA REDE DE ÁGUA, DN 900 MM (36’’), JUNTA SOLDADA, INSTALADO EM LOCAL COM NÍVEL ALTO DE INTERFERÊNCIAS (NÃO INCLUI FORNECIMENTO). AF_11/2017","M","COEFICIENTE DE REPRESENTATIVIDADE",47.6,"S","SINAPI",88316,0.1401,"H","COEFICIENTE DE REPRESENTATIVIDADE",0.1401,15.03,2.1,"","","","","","","","","","","CAIXA REFERENCIAL"]
["ASSENTAMENTO DE TUBOS E PECAS","ASTU","FORNEC E/OU ASSENT DE TUBO DE ACO COM JUNTA SOLDAD",46,"","",97176,"ASSENTAMENTO DE TUBO DE AÇO CARBONO PARA REDE DE ÁGUA, DN 900 MM (36’’), JUNTA SOLDADA, INSTALADO EM LOCAL COM NÍVEL ALTO DE INTERFERÊNCIAS (NÃO INCLUI FORNECIMENTO). AF_11/2017","M","COEFICIENTE DE REPRESENTATIVIDADE",47.6,"S","SINAPI",88317,0.7188,"H","COEFICIENTE DE REPRESENTATIVIDADE",0.7188,32.56,23.4,"","","","","","","","","","","CAIXA REFERENCIAL"]
["ASSENTAMENTO DE TUBOS E PECAS","ASTU","FORNEC E/OU ASSENT DE TUBO DE ACO COM JUNTA SOLDAD",46,"","",97177,"ASSENTAMENTO DE TUBO DE AÇO CARBONO PARA REDE DE ÁGUA, DN 1000 MM (40’’) OU DN 1100 MM (44’’), JUNTA SOLDADA, INSTALADO EM LOCAL COM NÍVEL ALTO DE INTERFERÊNCIAS (NÃO INCLUI FORNECIMENTO). AF_11/2017","M","COEFICIENTE DE REPRESENTATIVIDADE",57.8,"","SINAPI","","","","","","","",33.85,58.5544694,15.75,27.2520949,8.2,14.1934357,0,0,0,0,"CAIXA REFERENCIAL"]
["ASSENTAMENTO DE TUBOS E PECAS","ASTU","FORNEC E/OU ASSENT DE TUBO DE ACO COM JUNTA SOLDAD",46,"","",97177,"ASSENTAMENTO DE TUBO DE AÇO CARBONO PARA REDE DE ÁGUA, DN 1000 MM (40’’) OU DN 1100 MM (44’’), JUNTA SOLDADA, INSTALADO EM LOCAL COM NÍVEL ALTO DE INTERFERÊNCIAS (NÃO INCLUI FORNECIMENTO). AF_11/2017","M","COEFICIENTE DE REPRESENTATIVIDADE",57.8,"S","SINAPI",5631,0.0386,"CHP","COEFICIENTE DE REPRESENTATIVIDADE",0.0386,137.46,5.3,"","","","","","","","","","","CAIXA REFERENCIAL"]
["ASSENTAMENTO DE TUBOS E PECAS","ASTU","FORNEC E/OU ASSENT DE TUBO DE ACO COM JUNTA SOLDAD",46,"","",97177,"ASSENTAMENTO DE TUBO DE AÇO CARBONO PARA REDE DE ÁGUA, DN 1000 MM (40’’) OU DN 1100 MM (44’’), JUNTA SOLDADA, INSTALADO EM LOCAL COM NÍVEL ALTO DE INTERFERÊNCIAS (NÃO INCLUI FORNECIMENTO). AF_11/2017","M","COEFICIENTE DE REPRESENTATIVIDADE",57.8,"S","SINAPI",5632,0.185,"CHI","COEFICIENTE DE REPRESENTATIVIDADE",0.185,58.95,10.9,"","","","","","","","","","","CAIXA REFERENCIAL"]
["ASSENTAMENTO DE TUBOS E PECAS","ASTU","FORNEC E/OU ASSENT DE TUBO DE ACO COM JUNTA SOLDAD",46,"","",97177,"ASSENTAMENTO DE TUBO DE AÇO CARBONO PARA REDE DE ÁGUA, DN 1000 MM (40’’) OU DN 1100 MM (44’’), JUNTA SOLDADA, INSTALADO EM LOCAL COM NÍVEL ALTO DE INTERFERÊNCIAS (NÃO INCLUI FORNECIMENTO). AF_11/2017","M","COEFICIENTE DE REPRESENTATIVIDADE",57.8,"I","SINAPI",10997,0.3437,"KG","COLETADO",0.3437,19.94,6.85,"","","","","","","","","","","CAIXA REFERENCIAL"]
["ASSENTAMENTO DE TUBOS E PECAS","ASTU","FORNEC E/OU ASSENT DE TUBO DE ACO COM JUNTA SOLDAD",46,"","",97177,"ASSENTAMENTO DE TUBO DE AÇO CARBONO PARA REDE DE ÁGUA, DN 1000 MM (40’’) OU DN 1100 MM (44’’), JUNTA SOLDADA, INSTALADO EM LOCAL COM NÍVEL ALTO DE INTERFERÊNCIAS (NÃO INCLUI FORNECIMENTO). AF_11/2017","M","COEFICIENTE DE REPRESENTATIVIDADE",57.8,"S","SINAPI",88246,0.1613,"H","COEFICIENTE DE REPRESENTATIVIDADE",0.1613,23.15,3.73,"","","","","","","","","","","CAIXA REFERENCIAL"]
["ASSENTAMENTO DE TUBOS E PECAS","ASTU","FORNEC E/OU ASSENT DE TUBO DE ACO COM JUNTA SOLDAD",46,"","",97177,"ASSENTAMENTO DE TUBO DE AÇO CARBONO PARA REDE DE ÁGUA, DN 1000 MM (40’’) OU DN 1100 MM (44’’), JUNTA SOLDADA, INSTALADO EM LOCAL COM NÍVEL ALTO DE INTERFERÊNCIAS (NÃO INCLUI FORNECIMENTO). AF_11/2017","M","COEFICIENTE DE REPRESENTATIVIDADE",57.8,"S","SINAPI",88316,0.1613,"H","COEFICIENTE DE REPRESENTATIVIDADE",0.1613,15.03,2.42,"","","","","","","","","","","CAIXA REFERENCIAL"]
["ASSENTAMENTO DE TUBOS E PECAS","ASTU","FORNEC E/OU ASSENT DE TUBO DE ACO COM JUNTA SOLDAD",46,"","",97177,"ASSENTAMENTO DE TUBO DE AÇO CARBONO PARA REDE DE ÁGUA, DN 1000 MM (40’’) OU DN 1100 MM (44’’), JUNTA SOLDADA, INSTALADO EM LOCAL COM NÍVEL ALTO DE INTERFERÊNCIAS (NÃO INCLUI FORNECIMENTO). AF_11/2017","M","COEFICIENTE DE REPRESENTATIVIDADE",57.8,"S","SINAPI",88317,0.8785,"H","COEFICIENTE DE REPRESENTATIVIDADE",0.8785,32.56,28.6,"","","","","","","","","","","CAIXA REFERENCIAL"]
["ASSENTAMENTO DE TUBOS E PECAS","ASTU","FORNEC E/OU ASSENT DE TUBO DE ACO COM JUNTA SOLDAD",46,"","",97178,"ASSENTAMENTO DE TUBO DE AÇO CARBONO PARA REDE DE ÁGUA, DN 1200 MM (48’’) OU DN 1300 MM (52’’), JUNTA SOLDADA, INSTALADO EM LOCAL COM NÍVEL ALTO DE INTERFERÊNCIAS (NÃO INCLUI FORNECIMENTO). AF_11/2017","M","COEFICIENTE DE REPRESENTATIVIDADE",67.99,"","SINAPI","","","","","","","",39.69,58.3654132,18.62,27.3911755,9.68,14.2434113,0,0,0,0,"CAIXA REFERENCIAL"]
["ASSENTAMENTO DE TUBOS E PECAS","ASTU","FORNEC E/OU ASSENT DE TUBO DE ACO COM JUNTA SOLDAD",46,"","",97178,"ASSENTAMENTO DE TUBO DE AÇO CARBONO PARA REDE DE ÁGUA, DN 1200 MM (48’’) OU DN 1300 MM (52’’), JUNTA SOLDADA, INSTALADO EM LOCAL COM NÍVEL ALTO DE INTERFERÊNCIAS (NÃO INCLUI FORNECIMENTO). AF_11/2017","M","COEFICIENTE DE REPRESENTATIVIDADE",67.99,"S","SINAPI",5631,0.0456,"CHP","COEFICIENTE DE REPRESENTATIVIDADE",0.0456,137.46,6.26,"","","","","","","","","","","CAIXA REFERENCIAL"]
["ASSENTAMENTO DE TUBOS E PECAS","ASTU","FORNEC E/OU ASSENT DE TUBO DE ACO COM JUNTA SOLDAD",46,"","",97178,"ASSENTAMENTO DE TUBO DE AÇO CARBONO PARA REDE DE ÁGUA, DN 1200 MM (48’’) OU DN 1300 MM (52’’), JUNTA SOLDADA, INSTALADO EM LOCAL COM NÍVEL ALTO DE INTERFERÊNCIAS (NÃO INCLUI FORNECIMENTO). AF_11/2017","M","COEFICIENTE DE REPRESENTATIVIDADE",67.99,"S","SINAPI",5632,0.2186,"CHI","COEFICIENTE DE REPRESENTATIVIDADE",0.2186,58.95,12.88,"","","","","","","","","","","CAIXA REFERENCIAL"]
["ASSENTAMENTO DE TUBOS E PECAS","ASTU","FORNEC E/OU ASSENT DE TUBO DE ACO COM JUNTA SOLDAD",46,"","",97178,"ASSENTAMENTO DE TUBO DE AÇO CARBONO PARA REDE DE ÁGUA, DN 1200 MM (48’’) OU DN 1300 MM (52’’), JUNTA SOLDADA, INSTALADO EM LOCAL COM NÍVEL ALTO DE INTERFERÊNCIAS (NÃO INCLUI FORNECIMENTO). AF_11/2017","M","COEFICIENTE DE REPRESENTATIVIDADE",67.99,"I","SINAPI",10997,0.4062,"KG","COLETADO",0.4062,19.94,8.09,"","","","","","","","","","","CAIXA REFERENCIAL"]
["ASSENTAMENTO DE TUBOS E PECAS","ASTU","FORNEC E/OU ASSENT DE TUBO DE ACO COM JUNTA SOLDAD",46,"","",97178,"ASSENTAMENTO DE TUBO DE AÇO CARBONO PARA REDE DE ÁGUA, DN 1200 MM (48’’) OU DN 1300 MM (52’’), JUNTA SOLDADA, INSTALADO EM LOCAL COM NÍVEL ALTO DE INTERFERÊNCIAS (NÃO INCLUI FORNECIMENTO). AF_11/2017","M","COEFICIENTE DE REPRESENTATIVIDADE",67.99,"S","SINAPI",88246,0.1825,"H","COEFICIENTE DE REPRESENTATIVIDADE",0.1825,23.15,4.22,"","","","","","","","","","","CAIXA REFERENCIAL"]
["ASSENTAMENTO DE TUBOS E PECAS","ASTU","FORNEC E/OU ASSENT DE TUBO DE ACO COM JUNTA SOLDAD",46,"","",97178,"ASSENTAMENTO DE TUBO DE AÇO CARBONO PARA REDE DE ÁGUA, DN 1200 MM (48’’) OU DN 1300 MM (52’’), JUNTA SOLDADA, INSTALADO EM LOCAL COM NÍVEL ALTO DE INTERFERÊNCIAS (NÃO INCLUI FORNECIMENTO). AF_11/2017","M","COEFICIENTE DE REPRESENTATIVIDADE",67.99,"S","SINAPI",88316,0.1825,"H","COEFICIENTE DE REPRESENTATIVIDADE",0.1825,15.03,2.74,"","","","","","","","","","","CAIXA REFERENCIAL"]
["ASSENTAMENTO DE TUBOS E PECAS","ASTU","FORNEC E/OU ASSENT DE TUBO DE ACO COM JUNTA SOLDAD",46,"","",97178,"ASSENTAMENTO DE TUBO DE AÇO CARBONO PARA REDE DE ÁGUA, DN 1200 MM (48’’) OU DN 1300 MM (52’’), JUNTA SOLDADA, INSTALADO EM LOCAL COM NÍVEL ALTO DE INTERFERÊNCIAS (NÃO INCLUI FORNECIMENTO). AF_11/2017","M","COEFICIENTE DE REPRESENTATIVIDADE",67.99,"S","SINAPI",88317,1.0382,"H","COEFICIENTE DE REPRESENTATIVIDADE",1.0382,32.56,33.8,"","","","","","","","","","","CAIXA REFERENCIAL"]
["ASSENTAMENTO DE TUBOS E PECAS","ASTU","FORNEC E/OU ASSENT DE TUBO DE ACO COM JUNTA SOLDAD",46,"","",97179,"ASSENTAMENTO DE TUBO DE AÇO CARBONO PARA REDE DE ÁGUA, DN 1400 MM (56'') OU DN 1500 MM (60’’), JUNTA SOLDADA, INSTALADO EM LOCAL COM NÍVEL ALTO DE INTERFERÊNCIAS (NÃO INCLUI FORNECIMENTO). AF_11/2017","M","COEFICIENTE DE REPRESENTATIVIDADE",78.2,"","SINAPI","","","","","","","",45.6,58.2968872,21.44,27.4247491,11.16,14.2783637,0,0,0,0,"CAIXA REFERENCIAL"]
["ASSENTAMENTO DE TUBOS E PECAS","ASTU","FORNEC E/OU ASSENT DE TUBO DE ACO COM JUNTA SOLDAD",46,"","",97179,"ASSENTAMENTO DE TUBO DE AÇO CARBONO PARA REDE DE ÁGUA, DN 1400 MM (56'') OU DN 1500 MM (60’’), JUNTA SOLDADA, INSTALADO EM LOCAL COM NÍVEL ALTO DE INTERFERÊNCIAS (NÃO INCLUI FORNECIMENTO). AF_11/2017","M","COEFICIENTE DE REPRESENTATIVIDADE",78.2,"S","SINAPI",5631,0.0526,"CHP","COEFICIENTE DE REPRESENTATIVIDADE",0.0526,137.46,7.23,"","","","","","","","","","","CAIXA REFERENCIAL"]
["ASSENTAMENTO DE TUBOS E PECAS","ASTU","FORNEC E/OU ASSENT DE TUBO DE ACO COM JUNTA SOLDAD",46,"","",97179,"ASSENTAMENTO DE TUBO DE AÇO CARBONO PARA REDE DE ÁGUA, DN 1400 MM (56'') OU DN 1500 MM (60’’), JUNTA SOLDADA, INSTALADO EM LOCAL COM NÍVEL ALTO DE INTERFERÊNCIAS (NÃO INCLUI FORNECIMENTO). AF_11/2017","M","COEFICIENTE DE REPRESENTATIVIDADE",78.2,"S","SINAPI",5632,0.2522,"CHI","COEFICIENTE DE REPRESENTATIVIDADE",0.2522,58.95,14.86,"","","","","","","","","","","CAIXA REFERENCIAL"]
["ASSENTAMENTO DE TUBOS E PECAS","ASTU","FORNEC E/OU ASSENT DE TUBO DE ACO COM JUNTA SOLDAD",46,"","",97179,"ASSENTAMENTO DE TUBO DE AÇO CARBONO PARA REDE DE ÁGUA, DN 1400 MM (56'') OU DN 1500 MM (60’’), JUNTA SOLDADA, INSTALADO EM LOCAL COM NÍVEL ALTO DE INTERFERÊNCIAS (NÃO INCLUI FORNECIMENTO). AF_11/2017","M","COEFICIENTE DE REPRESENTATIVIDADE",78.2,"I","SINAPI",10997,0.4687,"KG","COLETADO",0.4687,19.94,9.34,"","","","","","","","","","","CAIXA REFERENCIAL"]
["ASSENTAMENTO DE TUBOS E PECAS","ASTU","FORNEC E/OU ASSENT DE TUBO DE ACO COM JUNTA SOLDAD",46,"","",97179,"ASSENTAMENTO DE TUBO DE AÇO CARBONO PARA REDE DE ÁGUA, DN 1400 MM (56'') OU DN 1500 MM (60’’), JUNTA SOLDADA, INSTALADO EM LOCAL COM NÍVEL ALTO DE INTERFERÊNCIAS (NÃO INCLUI FORNECIMENTO). AF_11/2017","M","COEFICIENTE DE REPRESENTATIVIDADE",78.2,"S","SINAPI",88246,0.2036,"H","COEFICIENTE DE REPRESENTATIVIDADE",0.2036,23.15,4.71,"","","","","","","","","","","CAIXA REFERENCIAL"]
["ASSENTAMENTO DE TUBOS E PECAS","ASTU","FORNEC E/OU ASSENT DE TUBO DE ACO COM JUNTA SOLDAD",46,"","",97179,"ASSENTAMENTO DE TUBO DE AÇO CARBONO PARA REDE DE ÁGUA, DN 1400 MM (56'') OU DN 1500 MM (60’’), JUNTA SOLDADA, INSTALADO EM LOCAL COM NÍVEL ALTO DE INTERFERÊNCIAS (NÃO INCLUI FORNECIMENTO). AF_11/2017","M","COEFICIENTE DE REPRESENTATIVIDADE",78.2,"S","SINAPI",88316,0.2036,"H","COEFICIENTE DE REPRESENTATIVIDADE",0.2036,15.03,3.06,"","","","","","","","","","","CAIXA REFERENCIAL"]
["ASSENTAMENTO DE TUBOS E PECAS","ASTU","FORNEC E/OU ASSENT DE TUBO DE ACO COM JUNTA SOLDAD",46,"","",97179,"ASSENTAMENTO DE TUBO DE AÇO CARBONO PARA REDE DE ÁGUA, DN 1400 MM (56'') OU DN 1500 MM (60’’), JUNTA SOLDADA, INSTALADO EM LOCAL COM NÍVEL ALTO DE INTERFERÊNCIAS (NÃO INCLUI FORNECIMENTO). AF_11/2017","M","COEFICIENTE DE REPRESENTATIVIDADE",78.2,"S","SINAPI",88317,1.198,"H","COEFICIENTE DE REPRESENTATIVIDADE",1.198,32.56,39,"","","","","","","","","","","CAIXA REFERENCIAL"]
["ASSENTAMENTO DE TUBOS E PECAS","ASTU","FORNEC E/OU ASSENT DE TUBO DE ACO COM JUNTA SOLDAD",46,"","",97180,"ASSENTAMENTO DE TUBO DE AÇO CARBONO PARA REDE DE ÁGUA, DN 1600 MM (64’’) OU DN 1700 MM (68’’), JUNTA SOLDADA, INSTALADO EM LOCAL COM NÍVEL ALTO DE INTERFERÊNCIAS (NÃO INCLUI FORNECIMENTO). AF_11/2017","M","COEFICIENTE DE REPRESENTATIVIDADE",88.39,"","SINAPI","","","","","","","",51.48,58.223385,24.28,27.4795268,12.63,14.2970882,0,0,0,0,"CAIXA REFERENCIAL"]
["ASSENTAMENTO DE TUBOS E PECAS","ASTU","FORNEC E/OU ASSENT DE TUBO DE ACO COM JUNTA SOLDAD",46,"","",97180,"ASSENTAMENTO DE TUBO DE AÇO CARBONO PARA REDE DE ÁGUA, DN 1600 MM (64’’) OU DN 1700 MM (68’’), JUNTA SOLDADA, INSTALADO EM LOCAL COM NÍVEL ALTO DE INTERFERÊNCIAS (NÃO INCLUI FORNECIMENTO). AF_11/2017","M","COEFICIENTE DE REPRESENTATIVIDADE",88.39,"S","SINAPI",5631,0.0596,"CHP","COEFICIENTE DE REPRESENTATIVIDADE",0.0596,137.46,8.19,"","","","","","","","","","","CAIXA REFERENCIAL"]
["ASSENTAMENTO DE TUBOS E PECAS","ASTU","FORNEC E/OU ASSENT DE TUBO DE ACO COM JUNTA SOLDAD",46,"","",97180,"ASSENTAMENTO DE TUBO DE AÇO CARBONO PARA REDE DE ÁGUA, DN 1600 MM (64’’) OU DN 1700 MM (68’’), JUNTA SOLDADA, INSTALADO EM LOCAL COM NÍVEL ALTO DE INTERFERÊNCIAS (NÃO INCLUI FORNECIMENTO). AF_11/2017","M","COEFICIENTE DE REPRESENTATIVIDADE",88.39,"S","SINAPI",5632,0.2858,"CHI","COEFICIENTE DE REPRESENTATIVIDADE",0.2858,58.95,16.84,"","","","","","","","","","","CAIXA REFERENCIAL"]
["ASSENTAMENTO DE TUBOS E PECAS","ASTU","FORNEC E/OU ASSENT DE TUBO DE ACO COM JUNTA SOLDAD",46,"","",97180,"ASSENTAMENTO DE TUBO DE AÇO CARBONO PARA REDE DE ÁGUA, DN 1600 MM (64’’) OU DN 1700 MM (68’’), JUNTA SOLDADA, INSTALADO EM LOCAL COM NÍVEL ALTO DE INTERFERÊNCIAS (NÃO INCLUI FORNECIMENTO). AF_11/2017","M","COEFICIENTE DE REPRESENTATIVIDADE",88.39,"I","SINAPI",10997,0.5311,"KG","COLETADO",0.5311,19.94,10.59,"","","","","","","","","","","CAIXA REFERENCIAL"]
["ASSENTAMENTO DE TUBOS E PECAS","ASTU","FORNEC E/OU ASSENT DE TUBO DE ACO COM JUNTA SOLDAD",46,"","",97180,"ASSENTAMENTO DE TUBO DE AÇO CARBONO PARA REDE DE ÁGUA, DN 1600 MM (64’’) OU DN 1700 MM (68’’), JUNTA SOLDADA, INSTALADO EM LOCAL COM NÍVEL ALTO DE INTERFERÊNCIAS (NÃO INCLUI FORNECIMENTO). AF_11/2017","M","COEFICIENTE DE REPRESENTATIVIDADE",88.39,"S","SINAPI",88246,0.2248,"H","COEFICIENTE DE REPRESENTATIVIDADE",0.2248,23.15,5.2,"","","","","","","","","","","CAIXA REFERENCIAL"]
["ASSENTAMENTO DE TUBOS E PECAS","ASTU","FORNEC E/OU ASSENT DE TUBO DE ACO COM JUNTA SOLDAD",46,"","",97180,"ASSENTAMENTO DE TUBO DE AÇO CARBONO PARA REDE DE ÁGUA, DN 1600 MM (64’’) OU DN 1700 MM (68’’), JUNTA SOLDADA, INSTALADO EM LOCAL COM NÍVEL ALTO DE INTERFERÊNCIAS (NÃO INCLUI FORNECIMENTO). AF_11/2017","M","COEFICIENTE DE REPRESENTATIVIDADE",88.39,"S","SINAPI",88316,0.2248,"H","COEFICIENTE DE REPRESENTATIVIDADE",0.2248,15.03,3.37,"","","","","","","","","","","CAIXA REFERENCIAL"]
["ASSENTAMENTO DE TUBOS E PECAS","ASTU","FORNEC E/OU ASSENT DE TUBO DE ACO COM JUNTA SOLDAD",46,"","",97180,"ASSENTAMENTO DE TUBO DE AÇO CARBONO PARA REDE DE ÁGUA, DN 1600 MM (64’’) OU DN 1700 MM (68’’), JUNTA SOLDADA, INSTALADO EM LOCAL COM NÍVEL ALTO DE INTERFERÊNCIAS (NÃO INCLUI FORNECIMENTO). AF_11/2017","M","COEFICIENTE DE REPRESENTATIVIDADE",88.39,"S","SINAPI",88317,1.3577,"H","COEFICIENTE DE REPRESENTATIVIDADE",1.3577,32.56,44.2,"","","","","","","","","","","CAIXA REFERENCIAL"]
["ASSENTAMENTO DE TUBOS E PECAS","ASTU","FORNEC E/OU ASSENT DE TUBO DE ACO COM JUNTA SOLDAD",46,"","",97181,"ASSENTAMENTO DE TUBO DE AÇO CARBONO PARA REDE DE ÁGUA, DN 1800 MM (72’’) OU DN 1900 MM (76’’), JUNTA SOLDADA, INSTALADO EM LOCAL COM NÍVEL ALTO DE INTERFERÊNCIAS (NÃO INCLUI FORNECIMENTO). AF_11/2017","M","COEFICIENTE DE REPRESENTATIVIDADE",101.41,"","SINAPI","","","","","","","",57.37,56.5665577,28.32,27.9314104,15.72,15.5020319,0,0,0,0,"CAIXA REFERENCIAL"]
["ASSENTAMENTO DE TUBOS E PECAS","ASTU","FORNEC E/OU ASSENT DE TUBO DE ACO COM JUNTA SOLDAD",46,"","",97181,"ASSENTAMENTO DE TUBO DE AÇO CARBONO PARA REDE DE ÁGUA, DN 1800 MM (72’’) OU DN 1900 MM (76’’), JUNTA SOLDADA, INSTALADO EM LOCAL COM NÍVEL ALTO DE INTERFERÊNCIAS (NÃO INCLUI FORNECIMENTO). AF_11/2017","M","COEFICIENTE DE REPRESENTATIVIDADE",101.41,"I","SINAPI",10997,0.5936,"KG","COLETADO",0.5936,19.94,11.83,"","","","","","","","","","","CAIXA REFERENCIAL"]
["ASSENTAMENTO DE TUBOS E PECAS","ASTU","FORNEC E/OU ASSENT DE TUBO DE ACO COM JUNTA SOLDAD",46,"","",97181,"ASSENTAMENTO DE TUBO DE AÇO CARBONO PARA REDE DE ÁGUA, DN 1800 MM (72’’) OU DN 1900 MM (76’’), JUNTA SOLDADA, INSTALADO EM LOCAL COM NÍVEL ALTO DE INTERFERÊNCIAS (NÃO INCLUI FORNECIMENTO). AF_11/2017","M","COEFICIENTE DE REPRESENTATIVIDADE",101.41,"S","SINAPI",88246,0.246,"H","COEFICIENTE DE REPRESENTATIVIDADE",0.246,23.15,5.69,"","","","","","","","","","","CAIXA REFERENCIAL"]
["ASSENTAMENTO DE TUBOS E PECAS","ASTU","FORNEC E/OU ASSENT DE TUBO DE ACO COM JUNTA SOLDAD",46,"","",97181,"ASSENTAMENTO DE TUBO DE AÇO CARBONO PARA REDE DE ÁGUA, DN 1800 MM (72’’) OU DN 1900 MM (76’’), JUNTA SOLDADA, INSTALADO EM LOCAL COM NÍVEL ALTO DE INTERFERÊNCIAS (NÃO INCLUI FORNECIMENTO). AF_11/2017","M","COEFICIENTE DE REPRESENTATIVIDADE",101.41,"S","SINAPI",88316,0.246,"H","COEFICIENTE DE REPRESENTATIVIDADE",0.246,15.03,3.69,"","","","","","","","","","","CAIXA REFERENCIAL"]
["ASSENTAMENTO DE TUBOS E PECAS","ASTU","FORNEC E/OU ASSENT DE TUBO DE ACO COM JUNTA SOLDAD",46,"","",97181,"ASSENTAMENTO DE TUBO DE AÇO CARBONO PARA REDE DE ÁGUA, DN 1800 MM (72’’) OU DN 1900 MM (76’’), JUNTA SOLDADA, INSTALADO EM LOCAL COM NÍVEL ALTO DE INTERFERÊNCIAS (NÃO INCLUI FORNECIMENTO). AF_11/2017","M","COEFICIENTE DE REPRESENTATIVIDADE",101.41,"S","SINAPI",88317,1.5174,"H","COEFICIENTE DE REPRESENTATIVIDADE",1.5174,32.56,49.4,"","","","","","","","","","","CAIXA REFERENCIAL"]
["ASSENTAMENTO DE TUBOS E PECAS","ASTU","FORNEC E/OU ASSENT DE TUBO DE ACO COM JUNTA SOLDAD",46,"","",97181,"ASSENTAMENTO DE TUBO DE AÇO CARBONO PARA REDE DE ÁGUA, DN 1800 MM (72’’) OU DN 1900 MM (76’’), JUNTA SOLDADA, INSTALADO EM LOCAL COM NÍVEL ALTO DE INTERFERÊNCIAS (NÃO INCLUI FORNECIMENTO). AF_11/2017","M","COEFICIENTE DE REPRESENTATIVIDADE",101.41,"S","SINAPI",88907,0.0666,"CHP","COEFICIENTE DE REPRESENTATIVIDADE",0.0666,163.28,10.87,"","","","","","","","","","","CAIXA REFERENCIAL"]
["ASSENTAMENTO DE TUBOS E PECAS","ASTU","FORNEC E/OU ASSENT DE TUBO DE ACO COM JUNTA SOLDAD",46,"","",97181,"ASSENTAMENTO DE TUBO DE AÇO CARBONO PARA REDE DE ÁGUA, DN 1800 MM (72’’) OU DN 1900 MM (76’’), JUNTA SOLDADA, INSTALADO EM LOCAL COM NÍVEL ALTO DE INTERFERÊNCIAS (NÃO INCLUI FORNECIMENTO). AF_11/2017","M","COEFICIENTE DE REPRESENTATIVIDADE",101.41,"S","SINAPI",88908,0.3193,"CHI","COEFICIENTE DE REPRESENTATIVIDADE",0.3193,62.43,19.93,"","","","","","","","","","","CAIXA REFERENCIAL"]
["ASSENTAMENTO DE TUBOS E PECAS","ASTU","FORNEC E/OU ASSENT DE TUBO DE ACO COM JUNTA SOLDAD",46,"","",97182,"ASSENTAMENTO DE TUBO DE AÇO CARBONO PARA REDE DE ÁGUA, DN 2000 MM (80’’) OU DN 2100 MM (84’’), JUNTA SOLDADA, INSTALADO EM LOCAL COM NÍVEL ALTO DE INTERFERÊNCIAS (NÃO INCLUI FORNECIMENTO). AF_11/2017","M","COEFICIENTE DE REPRESENTATIVIDADE",111.91,"","SINAPI","","","","","","","",63.23,56.4928656,31.31,27.9816925,17.37,15.5254419,0,0,0,0,"CAIXA REFERENCIAL"]
["ASSENTAMENTO DE TUBOS E PECAS","ASTU","FORNEC E/OU ASSENT DE TUBO DE ACO COM JUNTA SOLDAD",46,"","",97182,"ASSENTAMENTO DE TUBO DE AÇO CARBONO PARA REDE DE ÁGUA, DN 2000 MM (80’’) OU DN 2100 MM (84’’), JUNTA SOLDADA, INSTALADO EM LOCAL COM NÍVEL ALTO DE INTERFERÊNCIAS (NÃO INCLUI FORNECIMENTO). AF_11/2017","M","COEFICIENTE DE REPRESENTATIVIDADE",111.91,"I","SINAPI",10997,0.6561,"KG","COLETADO",0.6561,19.94,13.08,"","","","","","","","","","","CAIXA REFERENCIAL"]
["ASSENTAMENTO DE TUBOS E PECAS","ASTU","FORNEC E/OU ASSENT DE TUBO DE ACO COM JUNTA SOLDAD",46,"","",97182,"ASSENTAMENTO DE TUBO DE AÇO CARBONO PARA REDE DE ÁGUA, DN 2000 MM (80’’) OU DN 2100 MM (84’’), JUNTA SOLDADA, INSTALADO EM LOCAL COM NÍVEL ALTO DE INTERFERÊNCIAS (NÃO INCLUI FORNECIMENTO). AF_11/2017","M","COEFICIENTE DE REPRESENTATIVIDADE",111.91,"S","SINAPI",88246,0.2672,"H","COEFICIENTE DE REPRESENTATIVIDADE",0.2672,23.15,6.18,"","","","","","","","","","","CAIXA REFERENCIAL"]
["ASSENTAMENTO DE TUBOS E PECAS","ASTU","FORNEC E/OU ASSENT DE TUBO DE ACO COM JUNTA SOLDAD",46,"","",97182,"ASSENTAMENTO DE TUBO DE AÇO CARBONO PARA REDE DE ÁGUA, DN 2000 MM (80’’) OU DN 2100 MM (84’’), JUNTA SOLDADA, INSTALADO EM LOCAL COM NÍVEL ALTO DE INTERFERÊNCIAS (NÃO INCLUI FORNECIMENTO). AF_11/2017","M","COEFICIENTE DE REPRESENTATIVIDADE",111.91,"S","SINAPI",88316,0.2672,"H","COEFICIENTE DE REPRESENTATIVIDADE",0.2672,15.03,4.01,"","","","","","","","","","","CAIXA REFERENCIAL"]
["ASSENTAMENTO DE TUBOS E PECAS","ASTU","FORNEC E/OU ASSENT DE TUBO DE ACO COM JUNTA SOLDAD",46,"","",97182,"ASSENTAMENTO DE TUBO DE AÇO CARBONO PARA REDE DE ÁGUA, DN 2000 MM (80’’) OU DN 2100 MM (84’’), JUNTA SOLDADA, INSTALADO EM LOCAL COM NÍVEL ALTO DE INTERFERÊNCIAS (NÃO INCLUI FORNECIMENTO). AF_11/2017","M","COEFICIENTE DE REPRESENTATIVIDADE",111.91,"S","SINAPI",88317,1.6771,"H","COEFICIENTE DE REPRESENTATIVIDADE",1.6771,32.56,54.6,"","","","","","","","","","","CAIXA REFERENCIAL"]
["ASSENTAMENTO DE TUBOS E PECAS","ASTU","FORNEC E/OU ASSENT DE TUBO DE ACO COM JUNTA SOLDAD",46,"","",97182,"ASSENTAMENTO DE TUBO DE AÇO CARBONO PARA REDE DE ÁGUA, DN 2000 MM (80’’) OU DN 2100 MM (84’’), JUNTA SOLDADA, INSTALADO EM LOCAL COM NÍVEL ALTO DE INTERFERÊNCIAS (NÃO INCLUI FORNECIMENTO). AF_11/2017","M","COEFICIENTE DE REPRESENTATIVIDADE",111.91,"S","SINAPI",88907,0.0736,"CHP","COEFICIENTE DE REPRESENTATIVIDADE",0.0736,163.28,12.01,"","","","","","","","","","","CAIXA REFERENCIAL"]
["ASSENTAMENTO DE TUBOS E PECAS","ASTU","FORNEC E/OU ASSENT DE TUBO DE ACO COM JUNTA SOLDAD",46,"","",97182,"ASSENTAMENTO DE TUBO DE AÇO CARBONO PARA REDE DE ÁGUA, DN 2000 MM (80’’) OU DN 2100 MM (84’’), JUNTA SOLDADA, INSTALADO EM LOCAL COM NÍVEL ALTO DE INTERFERÊNCIAS (NÃO INCLUI FORNECIMENTO). AF_11/2017","M","COEFICIENTE DE REPRESENTATIVIDADE",111.91,"S","SINAPI",88908,0.3529,"CHI","COEFICIENTE DE REPRESENTATIVIDADE",0.3529,62.43,22.03,"","","","","","","","","","","CAIXA REFERENCIAL"]
["ASSENTAMENTO DE TUBOS E PECAS","ASTU","FORNEC E/OU ASSENT DE TUBO DE ACO COM JUNTA SOLDAD",46,"","",97183,"ASSENTAMENTO DE TUBO DE AÇO CARBONO PARA REDE DE ÁGUA, DN 600 MM (24’’), JUNTA SOLDADA, INSTALADO EM LOCAL COM NÍVEL BAIXO DE INTERFERÊNCIAS (NÃO INCLUI FORNECIMENTO). AF_11/2017","M","COEFICIENTE DE REPRESENTATIVIDADE",27.09,"","SINAPI","","","","","","","",16.55,61.0443277,7.97,29.4515401,2.57,9.5041322,0,0,0,0,"CAIXA REFERENCIAL"]
["ASSENTAMENTO DE TUBOS E PECAS","ASTU","FORNEC E/OU ASSENT DE TUBO DE ACO COM JUNTA SOLDAD",46,"","",97183,"ASSENTAMENTO DE TUBO DE AÇO CARBONO PARA REDE DE ÁGUA, DN 600 MM (24’’), JUNTA SOLDADA, INSTALADO EM LOCAL COM NÍVEL BAIXO DE INTERFERÊNCIAS (NÃO INCLUI FORNECIMENTO). AF_11/2017","M","COEFICIENTE DE REPRESENTATIVIDADE",27.09,"S","SINAPI",5631,0.0211,"CHP","COEFICIENTE DE REPRESENTATIVIDADE",0.0211,137.46,2.9,"","","","","","","","","","","CAIXA REFERENCIAL"]
["ASSENTAMENTO DE TUBOS E PECAS","ASTU","FORNEC E/OU ASSENT DE TUBO DE ACO COM JUNTA SOLDAD",46,"","",97183,"ASSENTAMENTO DE TUBO DE AÇO CARBONO PARA REDE DE ÁGUA, DN 600 MM (24’’), JUNTA SOLDADA, INSTALADO EM LOCAL COM NÍVEL BAIXO DE INTERFERÊNCIAS (NÃO INCLUI FORNECIMENTO). AF_11/2017","M","COEFICIENTE DE REPRESENTATIVIDADE",27.09,"S","SINAPI",5632,0.0403,"CHI","COEFICIENTE DE REPRESENTATIVIDADE",0.0403,58.95,2.37,"","","","","","","","","","","CAIXA REFERENCIAL"]
["ASSENTAMENTO DE TUBOS E PECAS","ASTU","FORNEC E/OU ASSENT DE TUBO DE ACO COM JUNTA SOLDAD",46,"","",97183,"ASSENTAMENTO DE TUBO DE AÇO CARBONO PARA REDE DE ÁGUA, DN 600 MM (24’’), JUNTA SOLDADA, INSTALADO EM LOCAL COM NÍVEL BAIXO DE INTERFERÊNCIAS (NÃO INCLUI FORNECIMENTO). AF_11/2017","M","COEFICIENTE DE REPRESENTATIVIDADE",27.09,"I","SINAPI",10997,0.1875,"KG","COLETADO",0.1875,19.94,3.73,"","","","","","","","","","","CAIXA REFERENCIAL"]
["ASSENTAMENTO DE TUBOS E PECAS","ASTU","FORNEC E/OU ASSENT DE TUBO DE ACO COM JUNTA SOLDAD",46,"","",97183,"ASSENTAMENTO DE TUBO DE AÇO CARBONO PARA REDE DE ÁGUA, DN 600 MM (24’’), JUNTA SOLDADA, INSTALADO EM LOCAL COM NÍVEL BAIXO DE INTERFERÊNCIAS (NÃO INCLUI FORNECIMENTO). AF_11/2017","M","COEFICIENTE DE REPRESENTATIVIDADE",27.09,"S","SINAPI",88246,0.0656,"H","COEFICIENTE DE REPRESENTATIVIDADE",0.0656,23.15,1.51,"","","","","","","","","","","CAIXA REFERENCIAL"]
["ASSENTAMENTO DE TUBOS E PECAS","ASTU","FORNEC E/OU ASSENT DE TUBO DE ACO COM JUNTA SOLDAD",46,"","",97183,"ASSENTAMENTO DE TUBO DE AÇO CARBONO PARA REDE DE ÁGUA, DN 600 MM (24’’), JUNTA SOLDADA, INSTALADO EM LOCAL COM NÍVEL BAIXO DE INTERFERÊNCIAS (NÃO INCLUI FORNECIMENTO). AF_11/2017","M","COEFICIENTE DE REPRESENTATIVIDADE",27.09,"S","SINAPI",88316,0.0656,"H","COEFICIENTE DE REPRESENTATIVIDADE",0.0656,15.03,0.98,"","","","","","","","","","","CAIXA REFERENCIAL"]
["ASSENTAMENTO DE TUBOS E PECAS","ASTU","FORNEC E/OU ASSENT DE TUBO DE ACO COM JUNTA SOLDAD",46,"","",97183,"ASSENTAMENTO DE TUBO DE AÇO CARBONO PARA REDE DE ÁGUA, DN 600 MM (24’’), JUNTA SOLDADA, INSTALADO EM LOCAL COM NÍVEL BAIXO DE INTERFERÊNCIAS (NÃO INCLUI FORNECIMENTO). AF_11/2017","M","COEFICIENTE DE REPRESENTATIVIDADE",27.09,"S","SINAPI",88317,0.4792,"H","COEFICIENTE DE REPRESENTATIVIDADE",0.4792,32.56,15.6,"","","","","","","","","","","CAIXA REFERENCIAL"]
["ASSENTAMENTO DE TUBOS E PECAS","ASTU","FORNEC E/OU ASSENT DE TUBO DE ACO COM JUNTA SOLDAD",46,"","",97184,"ASSENTAMENTO DE TUBO DE AÇO CARBONO PARA REDE DE ÁGUA, DN 700 MM (28’’), JUNTA SOLDADA, INSTALADO EM LOCAL COM NÍVEL BAIXO DE INTERFERÊNCIAS (NÃO INCLUI FORNECIMENTO). AF_11/2017","M","COEFICIENTE DE REPRESENTATIVIDADE",31.45,"","SINAPI","","","","","","","",19.15,60.845707,9.29,29.5674628,3.01,9.5868302,0,0,0,0,"CAIXA REFERENCIAL"]
["ASSENTAMENTO DE TUBOS E PECAS","ASTU","FORNEC E/OU ASSENT DE TUBO DE ACO COM JUNTA SOLDAD",46,"","",97184,"ASSENTAMENTO DE TUBO DE AÇO CARBONO PARA REDE DE ÁGUA, DN 700 MM (28’’), JUNTA SOLDADA, INSTALADO EM LOCAL COM NÍVEL BAIXO DE INTERFERÊNCIAS (NÃO INCLUI FORNECIMENTO). AF_11/2017","M","COEFICIENTE DE REPRESENTATIVIDADE",31.45,"S","SINAPI",5631,0.0246,"CHP","COEFICIENTE DE REPRESENTATIVIDADE",0.0246,137.46,3.38,"","","","","","","","","","","CAIXA REFERENCIAL"]
["ASSENTAMENTO DE TUBOS E PECAS","ASTU","FORNEC E/OU ASSENT DE TUBO DE ACO COM JUNTA SOLDAD",46,"","",97184,"ASSENTAMENTO DE TUBO DE AÇO CARBONO PARA REDE DE ÁGUA, DN 700 MM (28’’), JUNTA SOLDADA, INSTALADO EM LOCAL COM NÍVEL BAIXO DE INTERFERÊNCIAS (NÃO INCLUI FORNECIMENTO). AF_11/2017","M","COEFICIENTE DE REPRESENTATIVIDADE",31.45,"S","SINAPI",5632,0.047,"CHI","COEFICIENTE DE REPRESENTATIVIDADE",0.047,58.95,2.77,"","","","","","","","","","","CAIXA REFERENCIAL"]
["ASSENTAMENTO DE TUBOS E PECAS","ASTU","FORNEC E/OU ASSENT DE TUBO DE ACO COM JUNTA SOLDAD",46,"","",97184,"ASSENTAMENTO DE TUBO DE AÇO CARBONO PARA REDE DE ÁGUA, DN 700 MM (28’’), JUNTA SOLDADA, INSTALADO EM LOCAL COM NÍVEL BAIXO DE INTERFERÊNCIAS (NÃO INCLUI FORNECIMENTO). AF_11/2017","M","COEFICIENTE DE REPRESENTATIVIDADE",31.45,"I","SINAPI",10997,0.2187,"KG","COLETADO",0.2187,19.94,4.36,"","","","","","","","","","","CAIXA REFERENCIAL"]
["ASSENTAMENTO DE TUBOS E PECAS","ASTU","FORNEC E/OU ASSENT DE TUBO DE ACO COM JUNTA SOLDAD",46,"","",97184,"ASSENTAMENTO DE TUBO DE AÇO CARBONO PARA REDE DE ÁGUA, DN 700 MM (28’’), JUNTA SOLDADA, INSTALADO EM LOCAL COM NÍVEL BAIXO DE INTERFERÊNCIAS (NÃO INCLUI FORNECIMENTO). AF_11/2017","M","COEFICIENTE DE REPRESENTATIVIDADE",31.45,"S","SINAPI",88246,0.072,"H","COEFICIENTE DE REPRESENTATIVIDADE",0.072,23.15,1.66,"","","","","","","","","","","CAIXA REFERENCIAL"]
["ASSENTAMENTO DE TUBOS E PECAS","ASTU","FORNEC E/OU ASSENT DE TUBO DE ACO COM JUNTA SOLDAD",46,"","",97184,"ASSENTAMENTO DE TUBO DE AÇO CARBONO PARA REDE DE ÁGUA, DN 700 MM (28’’), JUNTA SOLDADA, INSTALADO EM LOCAL COM NÍVEL BAIXO DE INTERFERÊNCIAS (NÃO INCLUI FORNECIMENTO). AF_11/2017","M","COEFICIENTE DE REPRESENTATIVIDADE",31.45,"S","SINAPI",88316,0.072,"H","COEFICIENTE DE REPRESENTATIVIDADE",0.072,15.03,1.08,"","","","","","","","","","","CAIXA REFERENCIAL"]
["ASSENTAMENTO DE TUBOS E PECAS","ASTU","FORNEC E/OU ASSENT DE TUBO DE ACO COM JUNTA SOLDAD",46,"","",97184,"ASSENTAMENTO DE TUBO DE AÇO CARBONO PARA REDE DE ÁGUA, DN 700 MM (28’’), JUNTA SOLDADA, INSTALADO EM LOCAL COM NÍVEL BAIXO DE INTERFERÊNCIAS (NÃO INCLUI FORNECIMENTO). AF_11/2017","M","COEFICIENTE DE REPRESENTATIVIDADE",31.45,"S","SINAPI",88317,0.559,"H","COEFICIENTE DE REPRESENTATIVIDADE",0.559,32.56,18.2,"","","","","","","","","","","CAIXA REFERENCIAL"]
["ASSENTAMENTO DE TUBOS E PECAS","ASTU","FORNEC E/OU ASSENT DE TUBO DE ACO COM JUNTA SOLDAD",46,"","",97185,"ASSENTAMENTO DE TUBO DE AÇO CARBONO PARA REDE DE ÁGUA, DN 800 MM (32’’), JUNTA SOLDADA, INSTALADO EM LOCAL COM NÍVEL BAIXO DE INTERFERÊNCIAS (NÃO INCLUI FORNECIMENTO). AF_11/2017","M","COEFICIENTE DE REPRESENTATIVIDADE",35.78,"","SINAPI","","","","","","","",21.73,60.7021519,10.61,29.6715741,3.44,9.626274,0,0,0,0,"CAIXA REFERENCIAL"]
["ASSENTAMENTO DE TUBOS E PECAS","ASTU","FORNEC E/OU ASSENT DE TUBO DE ACO COM JUNTA SOLDAD",46,"","",97185,"ASSENTAMENTO DE TUBO DE AÇO CARBONO PARA REDE DE ÁGUA, DN 800 MM (32’’), JUNTA SOLDADA, INSTALADO EM LOCAL COM NÍVEL BAIXO DE INTERFERÊNCIAS (NÃO INCLUI FORNECIMENTO). AF_11/2017","M","COEFICIENTE DE REPRESENTATIVIDADE",35.78,"S","SINAPI",5631,0.0281,"CHP","COEFICIENTE DE REPRESENTATIVIDADE",0.0281,137.46,3.86,"","","","","","","","","","","CAIXA REFERENCIAL"]
["ASSENTAMENTO DE TUBOS E PECAS","ASTU","FORNEC E/OU ASSENT DE TUBO DE ACO COM JUNTA SOLDAD",46,"","",97185,"ASSENTAMENTO DE TUBO DE AÇO CARBONO PARA REDE DE ÁGUA, DN 800 MM (32’’), JUNTA SOLDADA, INSTALADO EM LOCAL COM NÍVEL BAIXO DE INTERFERÊNCIAS (NÃO INCLUI FORNECIMENTO). AF_11/2017","M","COEFICIENTE DE REPRESENTATIVIDADE",35.78,"S","SINAPI",5632,0.0537,"CHI","COEFICIENTE DE REPRESENTATIVIDADE",0.0537,58.95,3.16,"","","","","","","","","","","CAIXA REFERENCIAL"]
["ASSENTAMENTO DE TUBOS E PECAS","ASTU","FORNEC E/OU ASSENT DE TUBO DE ACO COM JUNTA SOLDAD",46,"","",97185,"ASSENTAMENTO DE TUBO DE AÇO CARBONO PARA REDE DE ÁGUA, DN 800 MM (32’’), JUNTA SOLDADA, INSTALADO EM LOCAL COM NÍVEL BAIXO DE INTERFERÊNCIAS (NÃO INCLUI FORNECIMENTO). AF_11/2017","M","COEFICIENTE DE REPRESENTATIVIDADE",35.78,"I","SINAPI",10997,0.2499,"KG","COLETADO",0.2499,19.94,4.98,"","","","","","","","","","","CAIXA REFERENCIAL"]
["ASSENTAMENTO DE TUBOS E PECAS","ASTU","FORNEC E/OU ASSENT DE TUBO DE ACO COM JUNTA SOLDAD",46,"","",97185,"ASSENTAMENTO DE TUBO DE AÇO CARBONO PARA REDE DE ÁGUA, DN 800 MM (32’’), JUNTA SOLDADA, INSTALADO EM LOCAL COM NÍVEL BAIXO DE INTERFERÊNCIAS (NÃO INCLUI FORNECIMENTO). AF_11/2017","M","COEFICIENTE DE REPRESENTATIVIDADE",35.78,"S","SINAPI",88246,0.0784,"H","COEFICIENTE DE REPRESENTATIVIDADE",0.0784,23.15,1.81,"","","","","","","","","","","CAIXA REFERENCIAL"]
["ASSENTAMENTO DE TUBOS E PECAS","ASTU","FORNEC E/OU ASSENT DE TUBO DE ACO COM JUNTA SOLDAD",46,"","",97185,"ASSENTAMENTO DE TUBO DE AÇO CARBONO PARA REDE DE ÁGUA, DN 800 MM (32’’), JUNTA SOLDADA, INSTALADO EM LOCAL COM NÍVEL BAIXO DE INTERFERÊNCIAS (NÃO INCLUI FORNECIMENTO). AF_11/2017","M","COEFICIENTE DE REPRESENTATIVIDADE",35.78,"S","SINAPI",88316,0.0784,"H","COEFICIENTE DE REPRESENTATIVIDADE",0.0784,15.03,1.17,"","","","","","","","","","","CAIXA REFERENCIAL"]
["ASSENTAMENTO DE TUBOS E PECAS","ASTU","FORNEC E/OU ASSENT DE TUBO DE ACO COM JUNTA SOLDAD",46,"","",97185,"ASSENTAMENTO DE TUBO DE AÇO CARBONO PARA REDE DE ÁGUA, DN 800 MM (32’’), JUNTA SOLDADA, INSTALADO EM LOCAL COM NÍVEL BAIXO DE INTERFERÊNCIAS (NÃO INCLUI FORNECIMENTO). AF_11/2017","M","COEFICIENTE DE REPRESENTATIVIDADE",35.78,"S","SINAPI",88317,0.6389,"H","COEFICIENTE DE REPRESENTATIVIDADE",0.6389,32.56,20.8,"","","","","","","","","","","CAIXA REFERENCIAL"]
["ASSENTAMENTO DE TUBOS E PECAS","ASTU","FORNEC E/OU ASSENT DE TUBO DE ACO COM JUNTA SOLDAD",46,"","",97186,"ASSENTAMENTO DE TUBO DE AÇO CARBONO PARA REDE DE ÁGUA, DN 900 MM (36’’), JUNTA SOLDADA, INSTALADO EM LOCAL COM NÍVEL BAIXO DE INTERFERÊNCIAS (NÃO INCLUI FORNECIMENTO). AF_11/2017","M","COEFICIENTE DE REPRESENTATIVIDADE",40.13,"","SINAPI","","","","","","","",24.29,60.4832621,11.98,29.8766675,3.86,9.6400704,0,0,0,0,"CAIXA REFERENCIAL"]
["ASSENTAMENTO DE TUBOS E PECAS","ASTU","FORNEC E/OU ASSENT DE TUBO DE ACO COM JUNTA SOLDAD",46,"","",97186,"ASSENTAMENTO DE TUBO DE AÇO CARBONO PARA REDE DE ÁGUA, DN 900 MM (36’’), JUNTA SOLDADA, INSTALADO EM LOCAL COM NÍVEL BAIXO DE INTERFERÊNCIAS (NÃO INCLUI FORNECIMENTO). AF_11/2017","M","COEFICIENTE DE REPRESENTATIVIDADE",40.13,"S","SINAPI",5631,0.0316,"CHP","COEFICIENTE DE REPRESENTATIVIDADE",0.0316,137.46,4.34,"","","","","","","","","","","CAIXA REFERENCIAL"]
["ASSENTAMENTO DE TUBOS E PECAS","ASTU","FORNEC E/OU ASSENT DE TUBO DE ACO COM JUNTA SOLDAD",46,"","",97186,"ASSENTAMENTO DE TUBO DE AÇO CARBONO PARA REDE DE ÁGUA, DN 900 MM (36’’), JUNTA SOLDADA, INSTALADO EM LOCAL COM NÍVEL BAIXO DE INTERFERÊNCIAS (NÃO INCLUI FORNECIMENTO). AF_11/2017","M","COEFICIENTE DE REPRESENTATIVIDADE",40.13,"S","SINAPI",5632,0.0604,"CHI","COEFICIENTE DE REPRESENTATIVIDADE",0.0604,58.95,3.56,"","","","","","","","","","","CAIXA REFERENCIAL"]
["ASSENTAMENTO DE TUBOS E PECAS","ASTU","FORNEC E/OU ASSENT DE TUBO DE ACO COM JUNTA SOLDAD",46,"","",97186,"ASSENTAMENTO DE TUBO DE AÇO CARBONO PARA REDE DE ÁGUA, DN 900 MM (36’’), JUNTA SOLDADA, INSTALADO EM LOCAL COM NÍVEL BAIXO DE INTERFERÊNCIAS (NÃO INCLUI FORNECIMENTO). AF_11/2017","M","COEFICIENTE DE REPRESENTATIVIDADE",40.13,"I","SINAPI",10997,0.2812,"KG","COLETADO",0.2812,19.94,5.6,"","","","","","","","","","","CAIXA REFERENCIAL"]
["ASSENTAMENTO DE TUBOS E PECAS","ASTU","FORNEC E/OU ASSENT DE TUBO DE ACO COM JUNTA SOLDAD",46,"","",97186,"ASSENTAMENTO DE TUBO DE AÇO CARBONO PARA REDE DE ÁGUA, DN 900 MM (36’’), JUNTA SOLDADA, INSTALADO EM LOCAL COM NÍVEL BAIXO DE INTERFERÊNCIAS (NÃO INCLUI FORNECIMENTO). AF_11/2017","M","COEFICIENTE DE REPRESENTATIVIDADE",40.13,"S","SINAPI",88246,0.0848,"H","COEFICIENTE DE REPRESENTATIVIDADE",0.0848,23.15,1.96,"","","","","","","","","","","CAIXA REFERENCIAL"]
["ASSENTAMENTO DE TUBOS E PECAS","ASTU","FORNEC E/OU ASSENT DE TUBO DE ACO COM JUNTA SOLDAD",46,"","",97186,"ASSENTAMENTO DE TUBO DE AÇO CARBONO PARA REDE DE ÁGUA, DN 900 MM (36’’), JUNTA SOLDADA, INSTALADO EM LOCAL COM NÍVEL BAIXO DE INTERFERÊNCIAS (NÃO INCLUI FORNECIMENTO). AF_11/2017","M","COEFICIENTE DE REPRESENTATIVIDADE",40.13,"S","SINAPI",88316,0.0848,"H","COEFICIENTE DE REPRESENTATIVIDADE",0.0848,15.03,1.27,"","","","","","","","","","","CAIXA REFERENCIAL"]
["ASSENTAMENTO DE TUBOS E PECAS","ASTU","FORNEC E/OU ASSENT DE TUBO DE ACO COM JUNTA SOLDAD",46,"","",97186,"ASSENTAMENTO DE TUBO DE AÇO CARBONO PARA REDE DE ÁGUA, DN 900 MM (36’’), JUNTA SOLDADA, INSTALADO EM LOCAL COM NÍVEL BAIXO DE INTERFERÊNCIAS (NÃO INCLUI FORNECIMENTO). AF_11/2017","M","COEFICIENTE DE REPRESENTATIVIDADE",40.13,"S","SINAPI",88317,0.7188,"H","COEFICIENTE DE REPRESENTATIVIDADE",0.7188,32.56,23.4,"","","","","","","","","","","CAIXA REFERENCIAL"]
["ASSENTAMENTO DE TUBOS E PECAS","ASTU","FORNEC E/OU ASSENT DE TUBO DE ACO COM JUNTA SOLDAD",46,"","",97187,"ASSENTAMENTO DE TUBO DE AÇO CARBONO PARA REDE DE ÁGUA, DN 1000 MM (40’’) OU DN 1100 MM (44’’), JUNTA SOLDADA, INSTALADO EM LOCAL COM NÍVEL ALTO DE INTERFERÊNCIAS (NÃO INCLUI FORNECIMENTO). AF_11/2017","M","COEFICIENTE DE REPRESENTATIVIDADE",48.81,"","SINAPI","","","","","","","",29.5,60.4261482,14.59,29.8924286,4.72,9.6814232,0,0,0,0,"CAIXA REFERENCIAL"]
["ASSENTAMENTO DE TUBOS E PECAS","ASTU","FORNEC E/OU ASSENT DE TUBO DE ACO COM JUNTA SOLDAD",46,"","",97187,"ASSENTAMENTO DE TUBO DE AÇO CARBONO PARA REDE DE ÁGUA, DN 1000 MM (40’’) OU DN 1100 MM (44’’), JUNTA SOLDADA, INSTALADO EM LOCAL COM NÍVEL ALTO DE INTERFERÊNCIAS (NÃO INCLUI FORNECIMENTO). AF_11/2017","M","COEFICIENTE DE REPRESENTATIVIDADE",48.81,"S","SINAPI",5631,0.0386,"CHP","COEFICIENTE DE REPRESENTATIVIDADE",0.0386,137.46,5.3,"","","","","","","","","","","CAIXA REFERENCIAL"]
["ASSENTAMENTO DE TUBOS E PECAS","ASTU","FORNEC E/OU ASSENT DE TUBO DE ACO COM JUNTA SOLDAD",46,"","",97187,"ASSENTAMENTO DE TUBO DE AÇO CARBONO PARA REDE DE ÁGUA, DN 1000 MM (40’’) OU DN 1100 MM (44’’), JUNTA SOLDADA, INSTALADO EM LOCAL COM NÍVEL ALTO DE INTERFERÊNCIAS (NÃO INCLUI FORNECIMENTO). AF_11/2017","M","COEFICIENTE DE REPRESENTATIVIDADE",48.81,"S","SINAPI",5632,0.0738,"CHI","COEFICIENTE DE REPRESENTATIVIDADE",0.0738,58.95,4.35,"","","","","","","","","","","CAIXA REFERENCIAL"]
["ASSENTAMENTO DE TUBOS E PECAS","ASTU","FORNEC E/OU ASSENT DE TUBO DE ACO COM JUNTA SOLDAD",46,"","",97187,"ASSENTAMENTO DE TUBO DE AÇO CARBONO PARA REDE DE ÁGUA, DN 1000 MM (40’’) OU DN 1100 MM (44’’), JUNTA SOLDADA, INSTALADO EM LOCAL COM NÍVEL ALTO DE INTERFERÊNCIAS (NÃO INCLUI FORNECIMENTO). AF_11/2017","M","COEFICIENTE DE REPRESENTATIVIDADE",48.81,"I","SINAPI",10997,0.3437,"KG","COLETADO",0.3437,19.94,6.85,"","","","","","","","","","","CAIXA REFERENCIAL"]
["ASSENTAMENTO DE TUBOS E PECAS","ASTU","FORNEC E/OU ASSENT DE TUBO DE ACO COM JUNTA SOLDAD",46,"","",97187,"ASSENTAMENTO DE TUBO DE AÇO CARBONO PARA REDE DE ÁGUA, DN 1000 MM (40’’) OU DN 1100 MM (44’’), JUNTA SOLDADA, INSTALADO EM LOCAL COM NÍVEL ALTO DE INTERFERÊNCIAS (NÃO INCLUI FORNECIMENTO). AF_11/2017","M","COEFICIENTE DE REPRESENTATIVIDADE",48.81,"S","SINAPI",88246,0.0976,"H","COEFICIENTE DE REPRESENTATIVIDADE",0.0976,23.15,2.25,"","","","","","","","","","","CAIXA REFERENCIAL"]
["ASSENTAMENTO DE TUBOS E PECAS","ASTU","FORNEC E/OU ASSENT DE TUBO DE ACO COM JUNTA SOLDAD",46,"","",97187,"ASSENTAMENTO DE TUBO DE AÇO CARBONO PARA REDE DE ÁGUA, DN 1000 MM (40’’) OU DN 1100 MM (44’’), JUNTA SOLDADA, INSTALADO EM LOCAL COM NÍVEL ALTO DE INTERFERÊNCIAS (NÃO INCLUI FORNECIMENTO). AF_11/2017","M","COEFICIENTE DE REPRESENTATIVIDADE",48.81,"S","SINAPI",88316,0.0976,"H","COEFICIENTE DE REPRESENTATIVIDADE",0.0976,15.03,1.46,"","","","","","","","","","","CAIXA REFERENCIAL"]
["ASSENTAMENTO DE TUBOS E PECAS","ASTU","FORNEC E/OU ASSENT DE TUBO DE ACO COM JUNTA SOLDAD",46,"","",97187,"ASSENTAMENTO DE TUBO DE AÇO CARBONO PARA REDE DE ÁGUA, DN 1000 MM (40’’) OU DN 1100 MM (44’’), JUNTA SOLDADA, INSTALADO EM LOCAL COM NÍVEL ALTO DE INTERFERÊNCIAS (NÃO INCLUI FORNECIMENTO). AF_11/2017","M","COEFICIENTE DE REPRESENTATIVIDADE",48.81,"S","SINAPI",88317,0.8785,"H","COEFICIENTE DE REPRESENTATIVIDADE",0.8785,32.56,28.6,"","","","","","","","","","","CAIXA REFERENCIAL"]
["ASSENTAMENTO DE TUBOS E PECAS","ASTU","FORNEC E/OU ASSENT DE TUBO DE ACO COM JUNTA SOLDAD",46,"","",97188,"ASSENTAMENTO DE TUBO DE AÇO CARBONO PARA REDE DE ÁGUA, DN 1200 MM (48’’) OU DN 1300 MM (52’’), JUNTA SOLDADA, INSTALADO EM LOCAL COM NÍVEL BAIXO DE INTERFERÊNCIAS (NÃO INCLUI FORNECIMENTO). AF_11/2017","M","COEFICIENTE DE REPRESENTATIVIDADE",57.49,"","SINAPI","","","","","","","",34.65,60.2487737,17.26,30.0280308,5.58,9.7231955,0,0,0,0,"CAIXA REFERENCIAL"]
["ASSENTAMENTO DE TUBOS E PECAS","ASTU","FORNEC E/OU ASSENT DE TUBO DE ACO COM JUNTA SOLDAD",46,"","",97188,"ASSENTAMENTO DE TUBO DE AÇO CARBONO PARA REDE DE ÁGUA, DN 1200 MM (48’’) OU DN 1300 MM (52’’), JUNTA SOLDADA, INSTALADO EM LOCAL COM NÍVEL BAIXO DE INTERFERÊNCIAS (NÃO INCLUI FORNECIMENTO). AF_11/2017","M","COEFICIENTE DE REPRESENTATIVIDADE",57.49,"S","SINAPI",5631,0.0456,"CHP","COEFICIENTE DE REPRESENTATIVIDADE",0.0456,137.46,6.26,"","","","","","","","","","","CAIXA REFERENCIAL"]
["ASSENTAMENTO DE TUBOS E PECAS","ASTU","FORNEC E/OU ASSENT DE TUBO DE ACO COM JUNTA SOLDAD",46,"","",97188,"ASSENTAMENTO DE TUBO DE AÇO CARBONO PARA REDE DE ÁGUA, DN 1200 MM (48’’) OU DN 1300 MM (52’’), JUNTA SOLDADA, INSTALADO EM LOCAL COM NÍVEL BAIXO DE INTERFERÊNCIAS (NÃO INCLUI FORNECIMENTO). AF_11/2017","M","COEFICIENTE DE REPRESENTATIVIDADE",57.49,"S","SINAPI",5632,0.0872,"CHI","COEFICIENTE DE REPRESENTATIVIDADE",0.0872,58.95,5.14,"","","","","","","","","","","CAIXA REFERENCIAL"]
["ASSENTAMENTO DE TUBOS E PECAS","ASTU","FORNEC E/OU ASSENT DE TUBO DE ACO COM JUNTA SOLDAD",46,"","",97188,"ASSENTAMENTO DE TUBO DE AÇO CARBONO PARA REDE DE ÁGUA, DN 1200 MM (48’’) OU DN 1300 MM (52’’), JUNTA SOLDADA, INSTALADO EM LOCAL COM NÍVEL BAIXO DE INTERFERÊNCIAS (NÃO INCLUI FORNECIMENTO). AF_11/2017","M","COEFICIENTE DE REPRESENTATIVIDADE",57.49,"I","SINAPI",10997,0.4062,"KG","COLETADO",0.4062,19.94,8.09,"","","","","","","","","","","CAIXA REFERENCIAL"]
["ASSENTAMENTO DE TUBOS E PECAS","ASTU","FORNEC E/OU ASSENT DE TUBO DE ACO COM JUNTA SOLDAD",46,"","",97188,"ASSENTAMENTO DE TUBO DE AÇO CARBONO PARA REDE DE ÁGUA, DN 1200 MM (48’’) OU DN 1300 MM (52’’), JUNTA SOLDADA, INSTALADO EM LOCAL COM NÍVEL BAIXO DE INTERFERÊNCIAS (NÃO INCLUI FORNECIMENTO). AF_11/2017","M","COEFICIENTE DE REPRESENTATIVIDADE",57.49,"S","SINAPI",88246,0.1104,"H","COEFICIENTE DE REPRESENTATIVIDADE",0.1104,23.15,2.55,"","","","","","","","","","","CAIXA REFERENCIAL"]
["ASSENTAMENTO DE TUBOS E PECAS","ASTU","FORNEC E/OU ASSENT DE TUBO DE ACO COM JUNTA SOLDAD",46,"","",97188,"ASSENTAMENTO DE TUBO DE AÇO CARBONO PARA REDE DE ÁGUA, DN 1200 MM (48’’) OU DN 1300 MM (52’’), JUNTA SOLDADA, INSTALADO EM LOCAL COM NÍVEL BAIXO DE INTERFERÊNCIAS (NÃO INCLUI FORNECIMENTO). AF_11/2017","M","COEFICIENTE DE REPRESENTATIVIDADE",57.49,"S","SINAPI",88316,0.1104,"H","COEFICIENTE DE REPRESENTATIVIDADE",0.1104,15.03,1.65,"","","","","","","","","","","CAIXA REFERENCIAL"]
["ASSENTAMENTO DE TUBOS E PECAS","ASTU","FORNEC E/OU ASSENT DE TUBO DE ACO COM JUNTA SOLDAD",46,"","",97188,"ASSENTAMENTO DE TUBO DE AÇO CARBONO PARA REDE DE ÁGUA, DN 1200 MM (48’’) OU DN 1300 MM (52’’), JUNTA SOLDADA, INSTALADO EM LOCAL COM NÍVEL BAIXO DE INTERFERÊNCIAS (NÃO INCLUI FORNECIMENTO). AF_11/2017","M","COEFICIENTE DE REPRESENTATIVIDADE",57.49,"S","SINAPI",88317,1.0382,"H","COEFICIENTE DE REPRESENTATIVIDADE",1.0382,32.56,33.8,"","","","","","","","","","","CAIXA REFERENCIAL"]
["ASSENTAMENTO DE TUBOS E PECAS","ASTU","FORNEC E/OU ASSENT DE TUBO DE ACO COM JUNTA SOLDAD",46,"","",97189,"ASSENTAMENTO DE TUBO DE AÇO CARBONO PARA REDE DE ÁGUA, DN 1400 MM (56'') OU DN 1500 MM (60’’), JUNTA SOLDADA, INSTALADO EM LOCAL COM NÍVEL BAIXO DE INTERFERÊNCIAS (NÃO INCLUI FORNECIMENTO). AF_11/2017","M","COEFICIENTE DE REPRESENTATIVIDADE",66.19,"","SINAPI","","","","","","","",39.89,60.2435313,19.86,30.0152207,6.44,9.741248,0,0,0,0,"CAIXA REFERENCIAL"]
["ASSENTAMENTO DE TUBOS E PECAS","ASTU","FORNEC E/OU ASSENT DE TUBO DE ACO COM JUNTA SOLDAD",46,"","",97189,"ASSENTAMENTO DE TUBO DE AÇO CARBONO PARA REDE DE ÁGUA, DN 1400 MM (56'') OU DN 1500 MM (60’’), JUNTA SOLDADA, INSTALADO EM LOCAL COM NÍVEL BAIXO DE INTERFERÊNCIAS (NÃO INCLUI FORNECIMENTO). AF_11/2017","M","COEFICIENTE DE REPRESENTATIVIDADE",66.19,"S","SINAPI",5631,0.0526,"CHP","COEFICIENTE DE REPRESENTATIVIDADE",0.0526,137.46,7.23,"","","","","","","","","","","CAIXA REFERENCIAL"]
["ASSENTAMENTO DE TUBOS E PECAS","ASTU","FORNEC E/OU ASSENT DE TUBO DE ACO COM JUNTA SOLDAD",46,"","",97189,"ASSENTAMENTO DE TUBO DE AÇO CARBONO PARA REDE DE ÁGUA, DN 1400 MM (56'') OU DN 1500 MM (60’’), JUNTA SOLDADA, INSTALADO EM LOCAL COM NÍVEL BAIXO DE INTERFERÊNCIAS (NÃO INCLUI FORNECIMENTO). AF_11/2017","M","COEFICIENTE DE REPRESENTATIVIDADE",66.19,"S","SINAPI",5632,0.1005,"CHI","COEFICIENTE DE REPRESENTATIVIDADE",0.1005,58.95,5.92,"","","","","","","","","","","CAIXA REFERENCIAL"]
["ASSENTAMENTO DE TUBOS E PECAS","ASTU","FORNEC E/OU ASSENT DE TUBO DE ACO COM JUNTA SOLDAD",46,"","",97189,"ASSENTAMENTO DE TUBO DE AÇO CARBONO PARA REDE DE ÁGUA, DN 1400 MM (56'') OU DN 1500 MM (60’’), JUNTA SOLDADA, INSTALADO EM LOCAL COM NÍVEL BAIXO DE INTERFERÊNCIAS (NÃO INCLUI FORNECIMENTO). AF_11/2017","M","COEFICIENTE DE REPRESENTATIVIDADE",66.19,"I","SINAPI",10997,0.4687,"KG","COLETADO",0.4687,19.94,9.34,"","","","","","","","","","","CAIXA REFERENCIAL"]
["ASSENTAMENTO DE TUBOS E PECAS","ASTU","FORNEC E/OU ASSENT DE TUBO DE ACO COM JUNTA SOLDAD",46,"","",97189,"ASSENTAMENTO DE TUBO DE AÇO CARBONO PARA REDE DE ÁGUA, DN 1400 MM (56'') OU DN 1500 MM (60’’), JUNTA SOLDADA, INSTALADO EM LOCAL COM NÍVEL BAIXO DE INTERFERÊNCIAS (NÃO INCLUI FORNECIMENTO). AF_11/2017","M","COEFICIENTE DE REPRESENTATIVIDADE",66.19,"S","SINAPI",88246,0.1233,"H","COEFICIENTE DE REPRESENTATIVIDADE",0.1233,23.15,2.85,"","","","","","","","","","","CAIXA REFERENCIAL"]
["ASSENTAMENTO DE TUBOS E PECAS","ASTU","FORNEC E/OU ASSENT DE TUBO DE ACO COM JUNTA SOLDAD",46,"","",97189,"ASSENTAMENTO DE TUBO DE AÇO CARBONO PARA REDE DE ÁGUA, DN 1400 MM (56'') OU DN 1500 MM (60’’), JUNTA SOLDADA, INSTALADO EM LOCAL COM NÍVEL BAIXO DE INTERFERÊNCIAS (NÃO INCLUI FORNECIMENTO). AF_11/2017","M","COEFICIENTE DE REPRESENTATIVIDADE",66.19,"S","SINAPI",88316,0.1233,"H","COEFICIENTE DE REPRESENTATIVIDADE",0.1233,15.03,1.85,"","","","","","","","","","","CAIXA REFERENCIAL"]
["ASSENTAMENTO DE TUBOS E PECAS","ASTU","FORNEC E/OU ASSENT DE TUBO DE ACO COM JUNTA SOLDAD",46,"","",97189,"ASSENTAMENTO DE TUBO DE AÇO CARBONO PARA REDE DE ÁGUA, DN 1400 MM (56'') OU DN 1500 MM (60’’), JUNTA SOLDADA, INSTALADO EM LOCAL COM NÍVEL BAIXO DE INTERFERÊNCIAS (NÃO INCLUI FORNECIMENTO). AF_11/2017","M","COEFICIENTE DE REPRESENTATIVIDADE",66.19,"S","SINAPI",88317,1.198,"H","COEFICIENTE DE REPRESENTATIVIDADE",1.198,32.56,39,"","","","","","","","","","","CAIXA REFERENCIAL"]
["ASSENTAMENTO DE TUBOS E PECAS","ASTU","FORNEC E/OU ASSENT DE TUBO DE ACO COM JUNTA SOLDAD",46,"","",97190,"ASSENTAMENTO DE TUBO DE AÇO CARBONO PARA REDE DE ÁGUA, DN 1600 MM (64’’) OU DN 1700 MM (68’’), JUNTA SOLDADA, INSTALADO EM LOCAL COM NÍVEL BAIXO DE INTERFERÊNCIAS (NÃO INCLUI FORNECIMENTO). AF_11/2017","M","COEFICIENTE DE REPRESENTATIVIDADE",74.88,"","SINAPI","","","","","","","",45.08,60.1828204,22.51,30.0712461,7.29,9.7459335,0,0,0,0,"CAIXA REFERENCIAL"]
["ASSENTAMENTO DE TUBOS E PECAS","ASTU","FORNEC E/OU ASSENT DE TUBO DE ACO COM JUNTA SOLDAD",46,"","",97190,"ASSENTAMENTO DE TUBO DE AÇO CARBONO PARA REDE DE ÁGUA, DN 1600 MM (64’’) OU DN 1700 MM (68’’), JUNTA SOLDADA, INSTALADO EM LOCAL COM NÍVEL BAIXO DE INTERFERÊNCIAS (NÃO INCLUI FORNECIMENTO). AF_11/2017","M","COEFICIENTE DE REPRESENTATIVIDADE",74.88,"S","SINAPI",5631,0.0596,"CHP","COEFICIENTE DE REPRESENTATIVIDADE",0.0596,137.46,8.19,"","","","","","","","","","","CAIXA REFERENCIAL"]
["ASSENTAMENTO DE TUBOS E PECAS","ASTU","FORNEC E/OU ASSENT DE TUBO DE ACO COM JUNTA SOLDAD",46,"","",97190,"ASSENTAMENTO DE TUBO DE AÇO CARBONO PARA REDE DE ÁGUA, DN 1600 MM (64’’) OU DN 1700 MM (68’’), JUNTA SOLDADA, INSTALADO EM LOCAL COM NÍVEL BAIXO DE INTERFERÊNCIAS (NÃO INCLUI FORNECIMENTO). AF_11/2017","M","COEFICIENTE DE REPRESENTATIVIDADE",74.88,"S","SINAPI",5632,0.1139,"CHI","COEFICIENTE DE REPRESENTATIVIDADE",0.1139,58.95,6.71,"","","","","","","","","","","CAIXA REFERENCIAL"]
["ASSENTAMENTO DE TUBOS E PECAS","ASTU","FORNEC E/OU ASSENT DE TUBO DE ACO COM JUNTA SOLDAD",46,"","",97190,"ASSENTAMENTO DE TUBO DE AÇO CARBONO PARA REDE DE ÁGUA, DN 1600 MM (64’’) OU DN 1700 MM (68’’), JUNTA SOLDADA, INSTALADO EM LOCAL COM NÍVEL BAIXO DE INTERFERÊNCIAS (NÃO INCLUI FORNECIMENTO). AF_11/2017","M","COEFICIENTE DE REPRESENTATIVIDADE",74.88,"I","SINAPI",10997,0.5311,"KG","COLETADO",0.5311,19.94,10.59,"","","","","","","","","","","CAIXA REFERENCIAL"]
["ASSENTAMENTO DE TUBOS E PECAS","ASTU","FORNEC E/OU ASSENT DE TUBO DE ACO COM JUNTA SOLDAD",46,"","",97190,"ASSENTAMENTO DE TUBO DE AÇO CARBONO PARA REDE DE ÁGUA, DN 1600 MM (64’’) OU DN 1700 MM (68’’), JUNTA SOLDADA, INSTALADO EM LOCAL COM NÍVEL BAIXO DE INTERFERÊNCIAS (NÃO INCLUI FORNECIMENTO). AF_11/2017","M","COEFICIENTE DE REPRESENTATIVIDADE",74.88,"S","SINAPI",88246,0.1361,"H","COEFICIENTE DE REPRESENTATIVIDADE",0.1361,23.15,3.15,"","","","","","","","","","","CAIXA REFERENCIAL"]
["ASSENTAMENTO DE TUBOS E PECAS","ASTU","FORNEC E/OU ASSENT DE TUBO DE ACO COM JUNTA SOLDAD",46,"","",97190,"ASSENTAMENTO DE TUBO DE AÇO CARBONO PARA REDE DE ÁGUA, DN 1600 MM (64’’) OU DN 1700 MM (68’’), JUNTA SOLDADA, INSTALADO EM LOCAL COM NÍVEL BAIXO DE INTERFERÊNCIAS (NÃO INCLUI FORNECIMENTO). AF_11/2017","M","COEFICIENTE DE REPRESENTATIVIDADE",74.88,"S","SINAPI",88316,0.1361,"H","COEFICIENTE DE REPRESENTATIVIDADE",0.1361,15.03,2.04,"","","","","","","","","","","CAIXA REFERENCIAL"]
["ASSENTAMENTO DE TUBOS E PECAS","ASTU","FORNEC E/OU ASSENT DE TUBO DE ACO COM JUNTA SOLDAD",46,"","",97190,"ASSENTAMENTO DE TUBO DE AÇO CARBONO PARA REDE DE ÁGUA, DN 1600 MM (64’’) OU DN 1700 MM (68’’), JUNTA SOLDADA, INSTALADO EM LOCAL COM NÍVEL BAIXO DE INTERFERÊNCIAS (NÃO INCLUI FORNECIMENTO). AF_11/2017","M","COEFICIENTE DE REPRESENTATIVIDADE",74.88,"S","SINAPI",88317,1.3577,"H","COEFICIENTE DE REPRESENTATIVIDADE",1.3577,32.56,44.2,"","","","","","","","","","","CAIXA REFERENCIAL"]
["ASSENTAMENTO DE TUBOS E PECAS","ASTU","FORNEC E/OU ASSENT DE TUBO DE ACO COM JUNTA SOLDAD",46,"","",97191,"ASSENTAMENTO DE TUBO DE AÇO CARBONO PARA REDE DE ÁGUA, DN 1800 MM (72’’) OU DN 1900 MM (76’’), JUNTA SOLDADA, INSTALADO EM LOCAL COM NÍVEL BAIXO DE INTERFERÊNCIAS (NÃO INCLUI FORNECIMENTO). AF_11/2017","M","COEFICIENTE DE REPRESENTATIVIDADE",85.71,"","SINAPI","","","","","","","",50.24,58.5972321,26.41,30.8233638,9.06,10.5794041,0,0,0,0,"CAIXA REFERENCIAL"]
["ASSENTAMENTO DE TUBOS E PECAS","ASTU","FORNEC E/OU ASSENT DE TUBO DE ACO COM JUNTA SOLDAD",46,"","",97191,"ASSENTAMENTO DE TUBO DE AÇO CARBONO PARA REDE DE ÁGUA, DN 1800 MM (72’’) OU DN 1900 MM (76’’), JUNTA SOLDADA, INSTALADO EM LOCAL COM NÍVEL BAIXO DE INTERFERÊNCIAS (NÃO INCLUI FORNECIMENTO). AF_11/2017","M","COEFICIENTE DE REPRESENTATIVIDADE",85.71,"I","SINAPI",10997,0.5936,"KG","COLETADO",0.5936,19.94,11.83,"","","","","","","","","","","CAIXA REFERENCIAL"]
["ASSENTAMENTO DE TUBOS E PECAS","ASTU","FORNEC E/OU ASSENT DE TUBO DE ACO COM JUNTA SOLDAD",46,"","",97191,"ASSENTAMENTO DE TUBO DE AÇO CARBONO PARA REDE DE ÁGUA, DN 1800 MM (72’’) OU DN 1900 MM (76’’), JUNTA SOLDADA, INSTALADO EM LOCAL COM NÍVEL BAIXO DE INTERFERÊNCIAS (NÃO INCLUI FORNECIMENTO). AF_11/2017","M","COEFICIENTE DE REPRESENTATIVIDADE",85.71,"S","SINAPI",88246,0.1489,"H","COEFICIENTE DE REPRESENTATIVIDADE",0.1489,23.15,3.44,"","","","","","","","","","","CAIXA REFERENCIAL"]
["ASSENTAMENTO DE TUBOS E PECAS","ASTU","FORNEC E/OU ASSENT DE TUBO DE ACO COM JUNTA SOLDAD",46,"","",97191,"ASSENTAMENTO DE TUBO DE AÇO CARBONO PARA REDE DE ÁGUA, DN 1800 MM (72’’) OU DN 1900 MM (76’’), JUNTA SOLDADA, INSTALADO EM LOCAL COM NÍVEL BAIXO DE INTERFERÊNCIAS (NÃO INCLUI FORNECIMENTO). AF_11/2017","M","COEFICIENTE DE REPRESENTATIVIDADE",85.71,"S","SINAPI",88316,0.1489,"H","COEFICIENTE DE REPRESENTATIVIDADE",0.1489,15.03,2.23,"","","","","","","","","","","CAIXA REFERENCIAL"]
["ASSENTAMENTO DE TUBOS E PECAS","ASTU","FORNEC E/OU ASSENT DE TUBO DE ACO COM JUNTA SOLDAD",46,"","",97191,"ASSENTAMENTO DE TUBO DE AÇO CARBONO PARA REDE DE ÁGUA, DN 1800 MM (72’’) OU DN 1900 MM (76’’), JUNTA SOLDADA, INSTALADO EM LOCAL COM NÍVEL BAIXO DE INTERFERÊNCIAS (NÃO INCLUI FORNECIMENTO). AF_11/2017","M","COEFICIENTE DE REPRESENTATIVIDADE",85.71,"S","SINAPI",88317,1.5174,"H","COEFICIENTE DE REPRESENTATIVIDADE",1.5174,32.56,49.4,"","","","","","","","","","","CAIXA REFERENCIAL"]
["ASSENTAMENTO DE TUBOS E PECAS","ASTU","FORNEC E/OU ASSENT DE TUBO DE ACO COM JUNTA SOLDAD",46,"","",97191,"ASSENTAMENTO DE TUBO DE AÇO CARBONO PARA REDE DE ÁGUA, DN 1800 MM (72’’) OU DN 1900 MM (76’’), JUNTA SOLDADA, INSTALADO EM LOCAL COM NÍVEL BAIXO DE INTERFERÊNCIAS (NÃO INCLUI FORNECIMENTO). AF_11/2017","M","COEFICIENTE DE REPRESENTATIVIDADE",85.71,"S","SINAPI",88907,0.0666,"CHP","COEFICIENTE DE REPRESENTATIVIDADE",0.0666,163.28,10.87,"","","","","","","","","","","CAIXA REFERENCIAL"]
["ASSENTAMENTO DE TUBOS E PECAS","ASTU","FORNEC E/OU ASSENT DE TUBO DE ACO COM JUNTA SOLDAD",46,"","",97191,"ASSENTAMENTO DE TUBO DE AÇO CARBONO PARA REDE DE ÁGUA, DN 1800 MM (72’’) OU DN 1900 MM (76’’), JUNTA SOLDADA, INSTALADO EM LOCAL COM NÍVEL BAIXO DE INTERFERÊNCIAS (NÃO INCLUI FORNECIMENTO). AF_11/2017","M","COEFICIENTE DE REPRESENTATIVIDADE",85.71,"S","SINAPI",88908,0.1273,"CHI","COEFICIENTE DE REPRESENTATIVIDADE",0.1273,62.43,7.94,"","","","","","","","","","","CAIXA REFERENCIAL"]
["ASSENTAMENTO DE TUBOS E PECAS","ASTU","FORNEC E/OU ASSENT DE TUBO DE ACO COM JUNTA SOLDAD",46,"","",97192,"ASSENTAMENTO DE TUBO DE AÇO CARBONO PARA REDE DE ÁGUA, DN 2000 MM (80’’) OU DN 2100 MM (84’’), JUNTA SOLDADA, INSTALADO EM LOCAL COM NÍVEL BAIXO DE INTERFERÊNCIAS (NÃO INCLUI FORNECIMENTO). AF_11/2017","M","COEFICIENTE DE REPRESENTATIVIDADE",94.64,"","SINAPI","","","","","","","",55.44,58.5697589,29.18,30.8362554,10.02,10.5939857,0,0,0,0,"CAIXA REFERENCIAL"]
["ASSENTAMENTO DE TUBOS E PECAS","ASTU","FORNEC E/OU ASSENT DE TUBO DE ACO COM JUNTA SOLDAD",46,"","",97192,"ASSENTAMENTO DE TUBO DE AÇO CARBONO PARA REDE DE ÁGUA, DN 2000 MM (80’’) OU DN 2100 MM (84’’), JUNTA SOLDADA, INSTALADO EM LOCAL COM NÍVEL BAIXO DE INTERFERÊNCIAS (NÃO INCLUI FORNECIMENTO). AF_11/2017","M","COEFICIENTE DE REPRESENTATIVIDADE",94.64,"I","SINAPI",10997,0.6561,"KG","COLETADO",0.6561,19.94,13.08,"","","","","","","","","","","CAIXA REFERENCIAL"]
["ASSENTAMENTO DE TUBOS E PECAS","ASTU","FORNEC E/OU ASSENT DE TUBO DE ACO COM JUNTA SOLDAD",46,"","",97192,"ASSENTAMENTO DE TUBO DE AÇO CARBONO PARA REDE DE ÁGUA, DN 2000 MM (80’’) OU DN 2100 MM (84’’), JUNTA SOLDADA, INSTALADO EM LOCAL COM NÍVEL BAIXO DE INTERFERÊNCIAS (NÃO INCLUI FORNECIMENTO). AF_11/2017","M","COEFICIENTE DE REPRESENTATIVIDADE",94.64,"S","SINAPI",88246,0.1617,"H","COEFICIENTE DE REPRESENTATIVIDADE",0.1617,23.15,3.74,"","","","","","","","","","","CAIXA REFERENCIAL"]
["ASSENTAMENTO DE TUBOS E PECAS","ASTU","FORNEC E/OU ASSENT DE TUBO DE ACO COM JUNTA SOLDAD",46,"","",97192,"ASSENTAMENTO DE TUBO DE AÇO CARBONO PARA REDE DE ÁGUA, DN 2000 MM (80’’) OU DN 2100 MM (84’’), JUNTA SOLDADA, INSTALADO EM LOCAL COM NÍVEL BAIXO DE INTERFERÊNCIAS (NÃO INCLUI FORNECIMENTO). AF_11/2017","M","COEFICIENTE DE REPRESENTATIVIDADE",94.64,"S","SINAPI",88316,0.1617,"H","COEFICIENTE DE REPRESENTATIVIDADE",0.1617,15.03,2.43,"","","","","","","","","","","CAIXA REFERENCIAL"]
["ASSENTAMENTO DE TUBOS E PECAS","ASTU","FORNEC E/OU ASSENT DE TUBO DE ACO COM JUNTA SOLDAD",46,"","",97192,"ASSENTAMENTO DE TUBO DE AÇO CARBONO PARA REDE DE ÁGUA, DN 2000 MM (80’’) OU DN 2100 MM (84’’), JUNTA SOLDADA, INSTALADO EM LOCAL COM NÍVEL BAIXO DE INTERFERÊNCIAS (NÃO INCLUI FORNECIMENTO). AF_11/2017","M","COEFICIENTE DE REPRESENTATIVIDADE",94.64,"S","SINAPI",88317,1.6771,"H","COEFICIENTE DE REPRESENTATIVIDADE",1.6771,32.56,54.6,"","","","","","","","","","","CAIXA REFERENCIAL"]
["ASSENTAMENTO DE TUBOS E PECAS","ASTU","FORNEC E/OU ASSENT DE TUBO DE ACO COM JUNTA SOLDAD",46,"","",97192,"ASSENTAMENTO DE TUBO DE AÇO CARBONO PARA REDE DE ÁGUA, DN 2000 MM (80’’) OU DN 2100 MM (84’’), JUNTA SOLDADA, INSTALADO EM LOCAL COM NÍVEL BAIXO DE INTERFERÊNCIAS (NÃO INCLUI FORNECIMENTO). AF_11/2017","M","COEFICIENTE DE REPRESENTATIVIDADE",94.64,"S","SINAPI",88907,0.0736,"CHP","COEFICIENTE DE REPRESENTATIVIDADE",0.0736,163.28,12.01,"","","","","","","","","","","CAIXA REFERENCIAL"]
["ASSENTAMENTO DE TUBOS E PECAS","ASTU","FORNEC E/OU ASSENT DE TUBO DE ACO COM JUNTA SOLDAD",46,"","",97192,"ASSENTAMENTO DE TUBO DE AÇO CARBONO PARA REDE DE ÁGUA, DN 2000 MM (80’’) OU DN 2100 MM (84’’), JUNTA SOLDADA, INSTALADO EM LOCAL COM NÍVEL BAIXO DE INTERFERÊNCIAS (NÃO INCLUI FORNECIMENTO). AF_11/2017","M","COEFICIENTE DE REPRESENTATIVIDADE",94.64,"S","SINAPI",88908,0.1407,"CHI","COEFICIENTE DE REPRESENTATIVIDADE",0.1407,62.43,8.78,"","","","","","","","","","","CAIXA REFERENCIAL"]
["ASSENTAMENTO DE TUBOS E PECAS","ASTU","FORNEC E/OU ASSENT DE TUBO DE PVC COM JUNTA ELASTI",48,"","",90694,"TUBO DE PVC PARA REDE COLETORA DE ESGOTO DE PAREDE MACIÇA, DN 100 MM, JUNTA ELÁSTICA, INSTALADO EM LOCAL COM NÍVEL BAIXO DE INTERFERÊNCIAS - FORNECIMENTO E ASSENTAMENTO. AF_06/2015","M","ATRIBUÍDO SÃO PAULO",19.69,"","SINAPI","","","","","","","",1.65,8.3973374,18.04,91.6026626,0,0,0,0,0,0,"CAIXA REFERENCIAL"]
["ASSENTAMENTO DE TUBOS E PECAS","ASTU","FORNEC E/OU ASSENT DE TUBO DE PVC COM JUNTA ELASTI",48,"","",90694,"TUBO DE PVC PARA REDE COLETORA DE ESGOTO DE PAREDE MACIÇA, DN 100 MM, JUNTA ELÁSTICA, INSTALADO EM LOCAL COM NÍVEL BAIXO DE INTERFERÊNCIAS - FORNECIMENTO E ASSENTAMENTO. AF_06/2015","M","ATRIBUÍDO SÃO PAULO",19.69,"I","SINAPI",20078,0.0104,"UN","COEFICIENTE DE REPRESENTATIVIDADE",0.0104,17.63,0.18,"","","","","","","","","","","CAIXA REFERENCIAL"]
["ASSENTAMENTO DE TUBOS E PECAS","ASTU","FORNEC E/OU ASSENT DE TUBO DE PVC COM JUNTA ELASTI",48,"","",90694,"TUBO DE PVC PARA REDE COLETORA DE ESGOTO DE PAREDE MACIÇA, DN 100 MM, JUNTA ELÁSTICA, INSTALADO EM LOCAL COM NÍVEL BAIXO DE INTERFERÊNCIAS - FORNECIMENTO E ASSENTAMENTO. AF_06/2015","M","ATRIBUÍDO SÃO PAULO",19.69,"I","SINAPI",36365,1.05,"M","ATRIBUÍDO SÃO PAULO",1.05,16.41,17.23,"","","","","","","","","","","CAIXA REFERENCIAL"]
["ASSENTAMENTO DE TUBOS E PECAS","ASTU","FORNEC E/OU ASSENT DE TUBO DE PVC COM JUNTA ELASTI",48,"","",90694,"TUBO DE PVC PARA REDE COLETORA DE ESGOTO DE PAREDE MACIÇA, DN 100 MM, JUNTA ELÁSTICA, INSTALADO EM LOCAL COM NÍVEL BAIXO DE INTERFERÊNCIAS - FORNECIMENTO E ASSENTAMENTO. AF_06/2015","M","ATRIBUÍDO SÃO PAULO",19.69,"S","SINAPI",88246,0.06,"H","COEFICIENTE DE REPRESENTATIVIDADE",0.06,23.15,1.38,"","","","","","","","","","","CAIXA REFERENCIAL"]
["ASSENTAMENTO DE TUBOS E PECAS","ASTU","FORNEC E/OU ASSENT DE TUBO DE PVC COM JUNTA ELASTI",48,"","",90694,"TUBO DE PVC PARA REDE COLETORA DE ESGOTO DE PAREDE MACIÇA, DN 100 MM, JUNTA ELÁSTICA, INSTALADO EM LOCAL COM NÍVEL BAIXO DE INTERFERÊNCIAS - FORNECIMENTO E ASSENTAMENTO. AF_06/2015","M","ATRIBUÍDO SÃO PAULO",19.69,"S","SINAPI",88316,0.06,"H","COEFICIENTE DE REPRESENTATIVIDADE",0.06,15.03,0.9,"","","","","","","","","","","CAIXA REFERENCIAL"]
["ASSENTAMENTO DE TUBOS E PECAS","ASTU","FORNEC E/OU ASSENT DE TUBO DE PVC COM JUNTA ELASTI",48,"","",90695,"TUBO DE PVC PARA REDE COLETORA DE ESGOTO DE PAREDE MACIÇA, DN 150 MM, JUNTA ELÁSTICA, INSTALADO EM LOCAL COM NÍVEL BAIXO DE INTERFERÊNCIAS - FORNECIMENTO E ASSENTAMENTO. AF_06/2015","M","ATRIBUÍDO SÃO PAULO",40.08,"","SINAPI","","","","","","","",2,5.0112753,38.08,94.9887247,0,0,0,0,0,0,"CAIXA REFERENCIAL"]
["ASSENTAMENTO DE TUBOS E PECAS","ASTU","FORNEC E/OU ASSENT DE TUBO DE PVC COM JUNTA ELASTI",48,"","",90695,"TUBO DE PVC PARA REDE COLETORA DE ESGOTO DE PAREDE MACIÇA, DN 150 MM, JUNTA ELÁSTICA, INSTALADO EM LOCAL COM NÍVEL BAIXO DE INTERFERÊNCIAS - FORNECIMENTO E ASSENTAMENTO. AF_06/2015","M","ATRIBUÍDO SÃO PAULO",40.08,"I","SINAPI",20078,0.0146,"UN","COEFICIENTE DE REPRESENTATIVIDADE",0.0146,17.63,0.25,"","","","","","","","","","","CAIXA REFERENCIAL"]
["ASSENTAMENTO DE TUBOS E PECAS","ASTU","FORNEC E/OU ASSENT DE TUBO DE PVC COM JUNTA ELASTI",48,"","",90695,"TUBO DE PVC PARA REDE COLETORA DE ESGOTO DE PAREDE MACIÇA, DN 150 MM, JUNTA ELÁSTICA, INSTALADO EM LOCAL COM NÍVEL BAIXO DE INTERFERÊNCIAS - FORNECIMENTO E ASSENTAMENTO. AF_06/2015","M","ATRIBUÍDO SÃO PAULO",40.08,"I","SINAPI",41936,1.05,"M","ATRIBUÍDO SÃO PAULO",1.05,35.3,37.06,"","","","","","","","","","","CAIXA REFERENCIAL"]
["ASSENTAMENTO DE TUBOS E PECAS","ASTU","FORNEC E/OU ASSENT DE TUBO DE PVC COM JUNTA ELASTI",48,"","",90695,"TUBO DE PVC PARA REDE COLETORA DE ESGOTO DE PAREDE MACIÇA, DN 150 MM, JUNTA ELÁSTICA, INSTALADO EM LOCAL COM NÍVEL BAIXO DE INTERFERÊNCIAS - FORNECIMENTO E ASSENTAMENTO. AF_06/2015","M","ATRIBUÍDO SÃO PAULO",40.08,"S","SINAPI",88246,0.073,"H","COEFICIENTE DE REPRESENTATIVIDADE",0.073,23.15,1.68,"","","","","","","","","","","CAIXA REFERENCIAL"]
["ASSENTAMENTO DE TUBOS E PECAS","ASTU","FORNEC E/OU ASSENT DE TUBO DE PVC COM JUNTA ELASTI",48,"","",90695,"TUBO DE PVC PARA REDE COLETORA DE ESGOTO DE PAREDE MACIÇA, DN 150 MM, JUNTA ELÁSTICA, INSTALADO EM LOCAL COM NÍVEL BAIXO DE INTERFERÊNCIAS - FORNECIMENTO E ASSENTAMENTO. AF_06/2015","M","ATRIBUÍDO SÃO PAULO",40.08,"S","SINAPI",88316,0.073,"H","COEFICIENTE DE REPRESENTATIVIDADE",0.073,15.03,1.09,"","","","","","","","","","","CAIXA REFERENCIAL"]
["ASSENTAMENTO DE TUBOS E PECAS","ASTU","FORNEC E/OU ASSENT DE TUBO DE PVC COM JUNTA ELASTI",48,"","",90696,"TUBO DE PVC PARA REDE COLETORA DE ESGOTO DE PAREDE MACIÇA, DN 200 MM, JUNTA ELÁSTICA, INSTALADO EM LOCAL COM NÍVEL BAIXO DE INTERFERÊNCIAS - FORNECIMENTO E ASSENTAMENTO. AF_06/2015","M","ATRIBUÍDO SÃO PAULO",61.45,"","SINAPI","","","","","","","",2.38,3.8831783,59.07,96.1168217,0,0,0,0,0,0,"CAIXA REFERENCIAL"]
["ASSENTAMENTO DE TUBOS E PECAS","ASTU","FORNEC E/OU ASSENT DE TUBO DE PVC COM JUNTA ELASTI",48,"","",90696,"TUBO DE PVC PARA REDE COLETORA DE ESGOTO DE PAREDE MACIÇA, DN 200 MM, JUNTA ELÁSTICA, INSTALADO EM LOCAL COM NÍVEL BAIXO DE INTERFERÊNCIAS - FORNECIMENTO E ASSENTAMENTO. AF_06/2015","M","ATRIBUÍDO SÃO PAULO",61.45,"I","SINAPI",20078,0.0167,"UN","COEFICIENTE DE REPRESENTATIVIDADE",0.0167,17.63,0.29,"","","","","","","","","","","CAIXA REFERENCIAL"]
["ASSENTAMENTO DE TUBOS E PECAS","ASTU","FORNEC E/OU ASSENT DE TUBO DE PVC COM JUNTA ELASTI",48,"","",90696,"TUBO DE PVC PARA REDE COLETORA DE ESGOTO DE PAREDE MACIÇA, DN 200 MM, JUNTA ELÁSTICA, INSTALADO EM LOCAL COM NÍVEL BAIXO DE INTERFERÊNCIAS - FORNECIMENTO E ASSENTAMENTO. AF_06/2015","M","ATRIBUÍDO SÃO PAULO",61.45,"I","SINAPI",41930,1.05,"M","ATRIBUÍDO SÃO PAULO",1.05,55.11,57.86,"","","","","","","","","","","CAIXA REFERENCIAL"]
["ASSENTAMENTO DE TUBOS E PECAS","ASTU","FORNEC E/OU ASSENT DE TUBO DE PVC COM JUNTA ELASTI",48,"","",90696,"TUBO DE PVC PARA REDE COLETORA DE ESGOTO DE PAREDE MACIÇA, DN 200 MM, JUNTA ELÁSTICA, INSTALADO EM LOCAL COM NÍVEL BAIXO DE INTERFERÊNCIAS - FORNECIMENTO E ASSENTAMENTO. AF_06/2015","M","ATRIBUÍDO SÃO PAULO",61.45,"S","SINAPI",88246,0.0867,"H","COEFICIENTE DE REPRESENTATIVIDADE",0.0867,23.15,2,"","","","","","","","","","","CAIXA REFERENCIAL"]
["ASSENTAMENTO DE TUBOS E PECAS","ASTU","FORNEC E/OU ASSENT DE TUBO DE PVC COM JUNTA ELASTI",48,"","",90696,"TUBO DE PVC PARA REDE COLETORA DE ESGOTO DE PAREDE MACIÇA, DN 200 MM, JUNTA ELÁSTICA, INSTALADO EM LOCAL COM NÍVEL BAIXO DE INTERFERÊNCIAS - FORNECIMENTO E ASSENTAMENTO. AF_06/2015","M","ATRIBUÍDO SÃO PAULO",61.45,"S","SINAPI",88316,0.0867,"H","COEFICIENTE DE REPRESENTATIVIDADE",0.0867,15.03,1.3,"","","","","","","","","","","CAIXA REFERENCIAL"]
["ASSENTAMENTO DE TUBOS E PECAS","ASTU","FORNEC E/OU ASSENT DE TUBO DE PVC COM JUNTA ELASTI",48,"","",90697,"TUBO DE PVC PARA REDE COLETORA DE ESGOTO DE PAREDE MACIÇA, DN 250 MM, JUNTA ELÁSTICA, INSTALADO EM LOCAL COM NÍVEL BAIXO DE INTERFERÊNCIAS - FORNECIMENTO E ASSENTAMENTO. AF_06/2015","M","ATRIBUÍDO SÃO PAULO",102.27,"","SINAPI","","","","","","","",2.75,2.6937016,99.52,97.3062984,0,0,0,0,0,0,"CAIXA REFERENCIAL"]
["ASSENTAMENTO DE TUBOS E PECAS","ASTU","FORNEC E/OU ASSENT DE TUBO DE PVC COM JUNTA ELASTI",48,"","",90697,"TUBO DE PVC PARA REDE COLETORA DE ESGOTO DE PAREDE MACIÇA, DN 250 MM, JUNTA ELÁSTICA, INSTALADO EM LOCAL COM NÍVEL BAIXO DE INTERFERÊNCIAS - FORNECIMENTO E ASSENTAMENTO. AF_06/2015","M","ATRIBUÍDO SÃO PAULO",102.27,"I","SINAPI",20078,0.0208,"UN","COEFICIENTE DE REPRESENTATIVIDADE",0.0208,17.63,0.36,"","","","","","","","","","","CAIXA REFERENCIAL"]
["ASSENTAMENTO DE TUBOS E PECAS","ASTU","FORNEC E/OU ASSENT DE TUBO DE PVC COM JUNTA ELASTI",48,"","",90697,"TUBO DE PVC PARA REDE COLETORA DE ESGOTO DE PAREDE MACIÇA, DN 250 MM, JUNTA ELÁSTICA, INSTALADO EM LOCAL COM NÍVEL BAIXO DE INTERFERÊNCIAS - FORNECIMENTO E ASSENTAMENTO. AF_06/2015","M","ATRIBUÍDO SÃO PAULO",102.27,"I","SINAPI",41931,1.05,"M","ATRIBUÍDO SÃO PAULO",1.05,93.43,98.1,"","","","","","","","","","","CAIXA REFERENCIAL"]
["ASSENTAMENTO DE TUBOS E PECAS","ASTU","FORNEC E/OU ASSENT DE TUBO DE PVC COM JUNTA ELASTI",48,"","",90697,"TUBO DE PVC PARA REDE COLETORA DE ESGOTO DE PAREDE MACIÇA, DN 250 MM, JUNTA ELÁSTICA, INSTALADO EM LOCAL COM NÍVEL BAIXO DE INTERFERÊNCIAS - FORNECIMENTO E ASSENTAMENTO. AF_06/2015","M","ATRIBUÍDO SÃO PAULO",102.27,"S","SINAPI",88246,0.1,"H","COEFICIENTE DE REPRESENTATIVIDADE",0.1,23.15,2.31,"","","","","","","","","","","CAIXA REFERENCIAL"]
["ASSENTAMENTO DE TUBOS E PECAS","ASTU","FORNEC E/OU ASSENT DE TUBO DE PVC COM JUNTA ELASTI",48,"","",90697,"TUBO DE PVC PARA REDE COLETORA DE ESGOTO DE PAREDE MACIÇA, DN 250 MM, JUNTA ELÁSTICA, INSTALADO EM LOCAL COM NÍVEL BAIXO DE INTERFERÊNCIAS - FORNECIMENTO E ASSENTAMENTO. AF_06/2015","M","ATRIBUÍDO SÃO PAULO",102.27,"S","SINAPI",88316,0.1,"H","COEFICIENTE DE REPRESENTATIVIDADE",0.1,15.03,1.5,"","","","","","","","","","","CAIXA REFERENCIAL"]
["ASSENTAMENTO DE TUBOS E PECAS","ASTU","FORNEC E/OU ASSENT DE TUBO DE PVC COM JUNTA ELASTI",48,"","",90698,"TUBO DE PVC PARA REDE COLETORA DE ESGOTO DE PAREDE MACIÇA, DN 300 MM, JUNTA ELÁSTICA, INSTALADO EM LOCAL COM NÍVEL BAIXO DE INTERFERÊNCIAS - FORNECIMENTO E ASSENTAMENTO. AF_06/2015","M","ATRIBUÍDO SÃO PAULO",163.73,"","SINAPI","","","","","","","",3.11,1.901908,160.62,98.098092,0,0,0,0,0,0,"CAIXA REFERENCIAL"]
["ASSENTAMENTO DE TUBOS E PECAS","ASTU","FORNEC E/OU ASSENT DE TUBO DE PVC COM JUNTA ELASTI",48,"","",90698,"TUBO DE PVC PARA REDE COLETORA DE ESGOTO DE PAREDE MACIÇA, DN 300 MM, JUNTA ELÁSTICA, INSTALADO EM LOCAL COM NÍVEL BAIXO DE INTERFERÊNCIAS - FORNECIMENTO E ASSENTAMENTO. AF_06/2015","M","ATRIBUÍDO SÃO PAULO",163.73,"I","SINAPI",20078,0.025,"UN","COEFICIENTE DE REPRESENTATIVIDADE",0.025,17.63,0.44,"","","","","","","","","","","CAIXA REFERENCIAL"]
["ASSENTAMENTO DE TUBOS E PECAS","ASTU","FORNEC E/OU ASSENT DE TUBO DE PVC COM JUNTA ELASTI",48,"","",90698,"TUBO DE PVC PARA REDE COLETORA DE ESGOTO DE PAREDE MACIÇA, DN 300 MM, JUNTA ELÁSTICA, INSTALADO EM LOCAL COM NÍVEL BAIXO DE INTERFERÊNCIAS - FORNECIMENTO E ASSENTAMENTO. AF_06/2015","M","ATRIBUÍDO SÃO PAULO",163.73,"I","SINAPI",41932,1.05,"M","ATRIBUÍDO SÃO PAULO",1.05,151.4,158.97,"","","","","","","","","","","CAIXA REFERENCIAL"]
["ASSENTAMENTO DE TUBOS E PECAS","ASTU","FORNEC E/OU ASSENT DE TUBO DE PVC COM JUNTA ELASTI",48,"","",90698,"TUBO DE PVC PARA REDE COLETORA DE ESGOTO DE PAREDE MACIÇA, DN 300 MM, JUNTA ELÁSTICA, INSTALADO EM LOCAL COM NÍVEL BAIXO DE INTERFERÊNCIAS - FORNECIMENTO E ASSENTAMENTO. AF_06/2015","M","ATRIBUÍDO SÃO PAULO",163.73,"S","SINAPI",88246,0.1134,"H","COEFICIENTE DE REPRESENTATIVIDADE",0.1134,23.15,2.62,"","","","","","","","","","","CAIXA REFERENCIAL"]
["ASSENTAMENTO DE TUBOS E PECAS","ASTU","FORNEC E/OU ASSENT DE TUBO DE PVC COM JUNTA ELASTI",48,"","",90698,"TUBO DE PVC PARA REDE COLETORA DE ESGOTO DE PAREDE MACIÇA, DN 300 MM, JUNTA ELÁSTICA, INSTALADO EM LOCAL COM NÍVEL BAIXO DE INTERFERÊNCIAS - FORNECIMENTO E ASSENTAMENTO. AF_06/2015","M","ATRIBUÍDO SÃO PAULO",163.73,"S","SINAPI",88316,0.1134,"H","COEFICIENTE DE REPRESENTATIVIDADE",0.1134,15.03,1.7,"","","","","","","","","","","CAIXA REFERENCIAL"]
["ASSENTAMENTO DE TUBOS E PECAS","ASTU","FORNEC E/OU ASSENT DE TUBO DE PVC COM JUNTA ELASTI",48,"","",90699,"TUBO DE PVC PARA REDE COLETORA DE ESGOTO DE PAREDE MACIÇA, DN 350 MM, JUNTA ELÁSTICA, INSTALADO EM LOCAL COM NÍVEL BAIXO DE INTERFERÊNCIAS - FORNECIMENTO E ASSENTAMENTO. AF_06/2015","M","ATRIBUÍDO SÃO PAULO",202.45,"","SINAPI","","","","","","","",3.48,1.720898,198.97,98.279102,0,0,0,0,0,0,"CAIXA REFERENCIAL"]
["ASSENTAMENTO DE TUBOS E PECAS","ASTU","FORNEC E/OU ASSENT DE TUBO DE PVC COM JUNTA ELASTI",48,"","",90699,"TUBO DE PVC PARA REDE COLETORA DE ESGOTO DE PAREDE MACIÇA, DN 350 MM, JUNTA ELÁSTICA, INSTALADO EM LOCAL COM NÍVEL BAIXO DE INTERFERÊNCIAS - FORNECIMENTO E ASSENTAMENTO. AF_06/2015","M","ATRIBUÍDO SÃO PAULO",202.45,"I","SINAPI",20078,0.0292,"UN","COEFICIENTE DE REPRESENTATIVIDADE",0.0292,17.63,0.51,"","","","","","","","","","","CAIXA REFERENCIAL"]
["ASSENTAMENTO DE TUBOS E PECAS","ASTU","FORNEC E/OU ASSENT DE TUBO DE PVC COM JUNTA ELASTI",48,"","",90699,"TUBO DE PVC PARA REDE COLETORA DE ESGOTO DE PAREDE MACIÇA, DN 350 MM, JUNTA ELÁSTICA, INSTALADO EM LOCAL COM NÍVEL BAIXO DE INTERFERÊNCIAS - FORNECIMENTO E ASSENTAMENTO. AF_06/2015","M","ATRIBUÍDO SÃO PAULO",202.45,"I","SINAPI",41933,1.05,"M","ATRIBUÍDO SÃO PAULO",1.05,187.73,197.11,"","","","","","","","","","","CAIXA REFERENCIAL"]
["ASSENTAMENTO DE TUBOS E PECAS","ASTU","FORNEC E/OU ASSENT DE TUBO DE PVC COM JUNTA ELASTI",48,"","",90699,"TUBO DE PVC PARA REDE COLETORA DE ESGOTO DE PAREDE MACIÇA, DN 350 MM, JUNTA ELÁSTICA, INSTALADO EM LOCAL COM NÍVEL BAIXO DE INTERFERÊNCIAS - FORNECIMENTO E ASSENTAMENTO. AF_06/2015","M","ATRIBUÍDO SÃO PAULO",202.45,"S","SINAPI",88246,0.1267,"H","COEFICIENTE DE REPRESENTATIVIDADE",0.1267,23.15,2.93,"","","","","","","","","","","CAIXA REFERENCIAL"]
["ASSENTAMENTO DE TUBOS E PECAS","ASTU","FORNEC E/OU ASSENT DE TUBO DE PVC COM JUNTA ELASTI",48,"","",90699,"TUBO DE PVC PARA REDE COLETORA DE ESGOTO DE PAREDE MACIÇA, DN 350 MM, JUNTA ELÁSTICA, INSTALADO EM LOCAL COM NÍVEL BAIXO DE INTERFERÊNCIAS - FORNECIMENTO E ASSENTAMENTO. AF_06/2015","M","ATRIBUÍDO SÃO PAULO",202.45,"S","SINAPI",88316,0.1267,"H","COEFICIENTE DE REPRESENTATIVIDADE",0.1267,15.03,1.9,"","","","","","","","","","","CAIXA REFERENCIAL"]
["ASSENTAMENTO DE TUBOS E PECAS","ASTU","FORNEC E/OU ASSENT DE TUBO DE PVC COM JUNTA ELASTI",48,"","",90700,"TUBO DE PVC PARA REDE COLETORA DE ESGOTO DE PAREDE MACIÇA, DN 400 MM, JUNTA ELÁSTICA, INSTALADO EM LOCAL COM NÍVEL BAIXO DE INTERFERÊNCIAS - FORNECIMENTO E ASSENTAMENTO. AF_06/2015","M","ATRIBUÍDO SÃO PAULO",268.25,"","SINAPI","","","","","","","",5.52,2.060778,260.8,97.2186964,1.93,0.7205256,0,0,0,0,"CAIXA REFERENCIAL"]
["ASSENTAMENTO DE TUBOS E PECAS","ASTU","FORNEC E/OU ASSENT DE TUBO DE PVC COM JUNTA ELASTI",48,"","",90700,"TUBO DE PVC PARA REDE COLETORA DE ESGOTO DE PAREDE MACIÇA, DN 400 MM, JUNTA ELÁSTICA, INSTALADO EM LOCAL COM NÍVEL BAIXO DE INTERFERÊNCIAS - FORNECIMENTO E ASSENTAMENTO. AF_06/2015","M","ATRIBUÍDO SÃO PAULO",268.25,"S","SINAPI",5678,0.0454,"CHP","COEFICIENTE DE REPRESENTATIVIDADE",0.0454,100.23,4.55,"","","","","","","","","","","CAIXA REFERENCIAL"]
["ASSENTAMENTO DE TUBOS E PECAS","ASTU","FORNEC E/OU ASSENT DE TUBO DE PVC COM JUNTA ELASTI",48,"","",90700,"TUBO DE PVC PARA REDE COLETORA DE ESGOTO DE PAREDE MACIÇA, DN 400 MM, JUNTA ELÁSTICA, INSTALADO EM LOCAL COM NÍVEL BAIXO DE INTERFERÊNCIAS - FORNECIMENTO E ASSENTAMENTO. AF_06/2015","M","ATRIBUÍDO SÃO PAULO",268.25,"S","SINAPI",5679,0.0282,"CHI","COEFICIENTE DE REPRESENTATIVIDADE",0.0282,44.39,1.25,"","","","","","","","","","","CAIXA REFERENCIAL"]
["ASSENTAMENTO DE TUBOS E PECAS","ASTU","FORNEC E/OU ASSENT DE TUBO DE PVC COM JUNTA ELASTI",48,"","",90700,"TUBO DE PVC PARA REDE COLETORA DE ESGOTO DE PAREDE MACIÇA, DN 400 MM, JUNTA ELÁSTICA, INSTALADO EM LOCAL COM NÍVEL BAIXO DE INTERFERÊNCIAS - FORNECIMENTO E ASSENTAMENTO. AF_06/2015","M","ATRIBUÍDO SÃO PAULO",268.25,"I","SINAPI",20078,0.0333,"UN","COEFICIENTE DE REPRESENTATIVIDADE",0.0333,17.63,0.58,"","","","","","","","","","","CAIXA REFERENCIAL"]
["ASSENTAMENTO DE TUBOS E PECAS","ASTU","FORNEC E/OU ASSENT DE TUBO DE PVC COM JUNTA ELASTI",48,"","",90700,"TUBO DE PVC PARA REDE COLETORA DE ESGOTO DE PAREDE MACIÇA, DN 400 MM, JUNTA ELÁSTICA, INSTALADO EM LOCAL COM NÍVEL BAIXO DE INTERFERÊNCIAS - FORNECIMENTO E ASSENTAMENTO. AF_06/2015","M","ATRIBUÍDO SÃO PAULO",268.25,"I","SINAPI",41934,1.05,"M","ATRIBUÍDO SÃO PAULO",1.05,244.32,256.53,"","","","","","","","","","","CAIXA REFERENCIAL"]
["ASSENTAMENTO DE TUBOS E PECAS","ASTU","FORNEC E/OU ASSENT DE TUBO DE PVC COM JUNTA ELASTI",48,"","",90700,"TUBO DE PVC PARA REDE COLETORA DE ESGOTO DE PAREDE MACIÇA, DN 400 MM, JUNTA ELÁSTICA, INSTALADO EM LOCAL COM NÍVEL BAIXO DE INTERFERÊNCIAS - FORNECIMENTO E ASSENTAMENTO. AF_06/2015","M","ATRIBUÍDO SÃO PAULO",268.25,"S","SINAPI",88246,0.1401,"H","COEFICIENTE DE REPRESENTATIVIDADE",0.1401,23.15,3.24,"","","","","","","","","","","CAIXA REFERENCIAL"]
["ASSENTAMENTO DE TUBOS E PECAS","ASTU","FORNEC E/OU ASSENT DE TUBO DE PVC COM JUNTA ELASTI",48,"","",90700,"TUBO DE PVC PARA REDE COLETORA DE ESGOTO DE PAREDE MACIÇA, DN 400 MM, JUNTA ELÁSTICA, INSTALADO EM LOCAL COM NÍVEL BAIXO DE INTERFERÊNCIAS - FORNECIMENTO E ASSENTAMENTO. AF_06/2015","M","ATRIBUÍDO SÃO PAULO",268.25,"S","SINAPI",88316,0.1401,"H","COEFICIENTE DE REPRESENTATIVIDADE",0.1401,15.03,2.1,"","","","","","","","","","","CAIXA REFERENCIAL"]
["ASSENTAMENTO DE TUBOS E PECAS","ASTU","FORNEC E/OU ASSENT DE TUBO DE PVC COM JUNTA ELASTI",48,"","",90701,"TUBO DE PVC CORRUGADO DE DUPLA PAREDE PARA REDE COLETORA DE ESGOTO, DN 150 MM, JUNTA ELÁSTICA, INSTALADO EM LOCAL COM NÍVEL BAIXO DE INTERFERÊNCIAS - FORNECIMENTO E ASSENTAMENTO. AF_06/2015","M","COEFICIENTE DE REPRESENTATIVIDADE",34.04,"","SINAPI","","","","","","","",3.69,10.8579881,30.35,89.1420119,0,0,0,0,0,0,"CAIXA REFERENCIAL"]
["ASSENTAMENTO DE TUBOS E PECAS","ASTU","FORNEC E/OU ASSENT DE TUBO DE PVC COM JUNTA ELASTI",48,"","",90701,"TUBO DE PVC CORRUGADO DE DUPLA PAREDE PARA REDE COLETORA DE ESGOTO, DN 150 MM, JUNTA ELÁSTICA, INSTALADO EM LOCAL COM NÍVEL BAIXO DE INTERFERÊNCIAS - FORNECIMENTO E ASSENTAMENTO. AF_06/2015","M","COEFICIENTE DE REPRESENTATIVIDADE",34.04,"I","SINAPI",305,0.1667,"UN","COEFICIENTE DE REPRESENTATIVIDADE",0.1667,5.86,0.97,"","","","","","","","","","","CAIXA REFERENCIAL"]
["ASSENTAMENTO DE TUBOS E PECAS","ASTU","FORNEC E/OU ASSENT DE TUBO DE PVC COM JUNTA ELASTI",48,"","",90701,"TUBO DE PVC CORRUGADO DE DUPLA PAREDE PARA REDE COLETORA DE ESGOTO, DN 150 MM, JUNTA ELÁSTICA, INSTALADO EM LOCAL COM NÍVEL BAIXO DE INTERFERÊNCIAS - FORNECIMENTO E ASSENTAMENTO. AF_06/2015","M","COEFICIENTE DE REPRESENTATIVIDADE",34.04,"I","SINAPI",20078,0.0146,"UN","COEFICIENTE DE REPRESENTATIVIDADE",0.0146,17.63,0.25,"","","","","","","","","","","CAIXA REFERENCIAL"]
["ASSENTAMENTO DE TUBOS E PECAS","ASTU","FORNEC E/OU ASSENT DE TUBO DE PVC COM JUNTA ELASTI",48,"","",90701,"TUBO DE PVC CORRUGADO DE DUPLA PAREDE PARA REDE COLETORA DE ESGOTO, DN 150 MM, JUNTA ELÁSTICA, INSTALADO EM LOCAL COM NÍVEL BAIXO DE INTERFERÊNCIAS - FORNECIMENTO E ASSENTAMENTO. AF_06/2015","M","COEFICIENTE DE REPRESENTATIVIDADE",34.04,"I","SINAPI",38032,1.05,"M","COLETADO",1.05,26.41,27.73,"","","","","","","","","","","CAIXA REFERENCIAL"]
["ASSENTAMENTO DE TUBOS E PECAS","ASTU","FORNEC E/OU ASSENT DE TUBO DE PVC COM JUNTA ELASTI",48,"","",90701,"TUBO DE PVC CORRUGADO DE DUPLA PAREDE PARA REDE COLETORA DE ESGOTO, DN 150 MM, JUNTA ELÁSTICA, INSTALADO EM LOCAL COM NÍVEL BAIXO DE INTERFERÊNCIAS - FORNECIMENTO E ASSENTAMENTO. AF_06/2015","M","COEFICIENTE DE REPRESENTATIVIDADE",34.04,"S","SINAPI",88246,0.1335,"H","COEFICIENTE DE REPRESENTATIVIDADE",0.1335,23.15,3.09,"","","","","","","","","","","CAIXA REFERENCIAL"]
["ASSENTAMENTO DE TUBOS E PECAS","ASTU","FORNEC E/OU ASSENT DE TUBO DE PVC COM JUNTA ELASTI",48,"","",90701,"TUBO DE PVC CORRUGADO DE DUPLA PAREDE PARA REDE COLETORA DE ESGOTO, DN 150 MM, JUNTA ELÁSTICA, INSTALADO EM LOCAL COM NÍVEL BAIXO DE INTERFERÊNCIAS - FORNECIMENTO E ASSENTAMENTO. AF_06/2015","M","COEFICIENTE DE REPRESENTATIVIDADE",34.04,"S","SINAPI",88316,0.1335,"H","COEFICIENTE DE REPRESENTATIVIDADE",0.1335,15.03,2,"","","","","","","","","","","CAIXA REFERENCIAL"]
["ASSENTAMENTO DE TUBOS E PECAS","ASTU","FORNEC E/OU ASSENT DE TUBO DE PVC COM JUNTA ELASTI",48,"","",90702,"TUBO DE PVC CORRUGADO DE DUPLA PAREDE PARA REDE COLETORA DE ESGOTO, DN 200 MM, JUNTA ELÁSTICA, INSTALADO EM LOCAL COM NÍVEL BAIXO DE INTERFERÊNCIAS - FORNECIMENTO E ASSENTAMENTO. AF_06/2015","M","COEFICIENTE DE REPRESENTATIVIDADE",50.71,"","SINAPI","","","","","","","",4.06,8.016627,46.65,91.983373,0,0,0,0,0,0,"CAIXA REFERENCIAL"]
["ASSENTAMENTO DE TUBOS E PECAS","ASTU","FORNEC E/OU ASSENT DE TUBO DE PVC COM JUNTA ELASTI",48,"","",90702,"TUBO DE PVC CORRUGADO DE DUPLA PAREDE PARA REDE COLETORA DE ESGOTO, DN 200 MM, JUNTA ELÁSTICA, INSTALADO EM LOCAL COM NÍVEL BAIXO DE INTERFERÊNCIAS - FORNECIMENTO E ASSENTAMENTO. AF_06/2015","M","COEFICIENTE DE REPRESENTATIVIDADE",50.71,"I","SINAPI",306,0.1667,"UN","COEFICIENTE DE REPRESENTATIVIDADE",0.1667,7.04,1.17,"","","","","","","","","","","CAIXA REFERENCIAL"]
["ASSENTAMENTO DE TUBOS E PECAS","ASTU","FORNEC E/OU ASSENT DE TUBO DE PVC COM JUNTA ELASTI",48,"","",90702,"TUBO DE PVC CORRUGADO DE DUPLA PAREDE PARA REDE COLETORA DE ESGOTO, DN 200 MM, JUNTA ELÁSTICA, INSTALADO EM LOCAL COM NÍVEL BAIXO DE INTERFERÊNCIAS - FORNECIMENTO E ASSENTAMENTO. AF_06/2015","M","COEFICIENTE DE REPRESENTATIVIDADE",50.71,"I","SINAPI",20078,0.0167,"UN","COEFICIENTE DE REPRESENTATIVIDADE",0.0167,17.63,0.29,"","","","","","","","","","","CAIXA REFERENCIAL"]
["ASSENTAMENTO DE TUBOS E PECAS","ASTU","FORNEC E/OU ASSENT DE TUBO DE PVC COM JUNTA ELASTI",48,"","",90702,"TUBO DE PVC CORRUGADO DE DUPLA PAREDE PARA REDE COLETORA DE ESGOTO, DN 200 MM, JUNTA ELÁSTICA, INSTALADO EM LOCAL COM NÍVEL BAIXO DE INTERFERÊNCIAS - FORNECIMENTO E ASSENTAMENTO. AF_06/2015","M","COEFICIENTE DE REPRESENTATIVIDADE",50.71,"I","SINAPI",38033,1.05,"M","COEFICIENTE DE REPRESENTATIVIDADE",1.05,41.58,43.65,"","","","","","","","","","","CAIXA REFERENCIAL"]
["ASSENTAMENTO DE TUBOS E PECAS","ASTU","FORNEC E/OU ASSENT DE TUBO DE PVC COM JUNTA ELASTI",48,"","",90702,"TUBO DE PVC CORRUGADO DE DUPLA PAREDE PARA REDE COLETORA DE ESGOTO, DN 200 MM, JUNTA ELÁSTICA, INSTALADO EM LOCAL COM NÍVEL BAIXO DE INTERFERÊNCIAS - FORNECIMENTO E ASSENTAMENTO. AF_06/2015","M","COEFICIENTE DE REPRESENTATIVIDADE",50.71,"S","SINAPI",88246,0.1469,"H","COEFICIENTE DE REPRESENTATIVIDADE",0.1469,23.15,3.4,"","","","","","","","","","","CAIXA REFERENCIAL"]
["ASSENTAMENTO DE TUBOS E PECAS","ASTU","FORNEC E/OU ASSENT DE TUBO DE PVC COM JUNTA ELASTI",48,"","",90702,"TUBO DE PVC CORRUGADO DE DUPLA PAREDE PARA REDE COLETORA DE ESGOTO, DN 200 MM, JUNTA ELÁSTICA, INSTALADO EM LOCAL COM NÍVEL BAIXO DE INTERFERÊNCIAS - FORNECIMENTO E ASSENTAMENTO. AF_06/2015","M","COEFICIENTE DE REPRESENTATIVIDADE",50.71,"S","SINAPI",88316,0.1469,"H","COEFICIENTE DE REPRESENTATIVIDADE",0.1469,15.03,2.2,"","","","","","","","","","","CAIXA REFERENCIAL"]
["ASSENTAMENTO DE TUBOS E PECAS","ASTU","FORNEC E/OU ASSENT DE TUBO DE PVC COM JUNTA ELASTI",48,"","",90703,"TUBO DE PVC CORRUGADO DE DUPLA PAREDE PARA REDE COLETORA DE ESGOTO, DN 250 MM, JUNTA ELÁSTICA, INSTALADO EM LOCAL COM NÍVEL BAIXO DE INTERFERÊNCIAS - FORNECIMENTO E ASSENTAMENTO. AF_06/2015","M","COEFICIENTE DE REPRESENTATIVIDADE",82.5,"","SINAPI","","","","","","","",4.42,5.3603986,78.08,94.6396014,0,0,0,0,0,0,"CAIXA REFERENCIAL"]
["ASSENTAMENTO DE TUBOS E PECAS","ASTU","FORNEC E/OU ASSENT DE TUBO DE PVC COM JUNTA ELASTI",48,"","",90703,"TUBO DE PVC CORRUGADO DE DUPLA PAREDE PARA REDE COLETORA DE ESGOTO, DN 250 MM, JUNTA ELÁSTICA, INSTALADO EM LOCAL COM NÍVEL BAIXO DE INTERFERÊNCIAS - FORNECIMENTO E ASSENTAMENTO. AF_06/2015","M","COEFICIENTE DE REPRESENTATIVIDADE",82.5,"I","SINAPI",307,0.1667,"UN","COEFICIENTE DE REPRESENTATIVIDADE",0.1667,13.91,2.31,"","","","","","","","","","","CAIXA REFERENCIAL"]
["ASSENTAMENTO DE TUBOS E PECAS","ASTU","FORNEC E/OU ASSENT DE TUBO DE PVC COM JUNTA ELASTI",48,"","",90703,"TUBO DE PVC CORRUGADO DE DUPLA PAREDE PARA REDE COLETORA DE ESGOTO, DN 250 MM, JUNTA ELÁSTICA, INSTALADO EM LOCAL COM NÍVEL BAIXO DE INTERFERÊNCIAS - FORNECIMENTO E ASSENTAMENTO. AF_06/2015","M","COEFICIENTE DE REPRESENTATIVIDADE",82.5,"I","SINAPI",20078,0.0188,"UN","COEFICIENTE DE REPRESENTATIVIDADE",0.0188,17.63,0.33,"","","","","","","","","","","CAIXA REFERENCIAL"]
["ASSENTAMENTO DE TUBOS E PECAS","ASTU","FORNEC E/OU ASSENT DE TUBO DE PVC COM JUNTA ELASTI",48,"","",90703,"TUBO DE PVC CORRUGADO DE DUPLA PAREDE PARA REDE COLETORA DE ESGOTO, DN 250 MM, JUNTA ELÁSTICA, INSTALADO EM LOCAL COM NÍVEL BAIXO DE INTERFERÊNCIAS - FORNECIMENTO E ASSENTAMENTO. AF_06/2015","M","COEFICIENTE DE REPRESENTATIVIDADE",82.5,"I","SINAPI",38034,1.05,"M","COEFICIENTE DE REPRESENTATIVIDADE",1.05,70.25,73.76,"","","","","","","","","","","CAIXA REFERENCIAL"]
["ASSENTAMENTO DE TUBOS E PECAS","ASTU","FORNEC E/OU ASSENT DE TUBO DE PVC COM JUNTA ELASTI",48,"","",90703,"TUBO DE PVC CORRUGADO DE DUPLA PAREDE PARA REDE COLETORA DE ESGOTO, DN 250 MM, JUNTA ELÁSTICA, INSTALADO EM LOCAL COM NÍVEL BAIXO DE INTERFERÊNCIAS - FORNECIMENTO E ASSENTAMENTO. AF_06/2015","M","COEFICIENTE DE REPRESENTATIVIDADE",82.5,"S","SINAPI",88246,0.1602,"H","COEFICIENTE DE REPRESENTATIVIDADE",0.1602,23.15,3.7,"","","","","","","","","","","CAIXA REFERENCIAL"]
["ASSENTAMENTO DE TUBOS E PECAS","ASTU","FORNEC E/OU ASSENT DE TUBO DE PVC COM JUNTA ELASTI",48,"","",90703,"TUBO DE PVC CORRUGADO DE DUPLA PAREDE PARA REDE COLETORA DE ESGOTO, DN 250 MM, JUNTA ELÁSTICA, INSTALADO EM LOCAL COM NÍVEL BAIXO DE INTERFERÊNCIAS - FORNECIMENTO E ASSENTAMENTO. AF_06/2015","M","COEFICIENTE DE REPRESENTATIVIDADE",82.5,"S","SINAPI",88316,0.1602,"H","COEFICIENTE DE REPRESENTATIVIDADE",0.1602,15.03,2.4,"","","","","","","","","","","CAIXA REFERENCIAL"]
["ASSENTAMENTO DE TUBOS E PECAS","ASTU","FORNEC E/OU ASSENT DE TUBO DE PVC COM JUNTA ELASTI",48,"","",90704,"TUBO DE PVC CORRUGADO DE DUPLA PAREDE PARA REDE COLETORA DE ESGOTO, DN 300 MM, JUNTA ELÁSTICA, INSTALADO EM LOCAL COM NÍVEL BAIXO DE INTERFERÊNCIAS - FORNECIMENTO E ASSENTAMENTO. AF_06/2015","M","COEFICIENTE DE REPRESENTATIVIDADE",128.09,"","SINAPI","","","","","","","",4.77,3.7297677,123.32,96.2702323,0,0,0,0,0,0,"CAIXA REFERENCIAL"]
["ASSENTAMENTO DE TUBOS E PECAS","ASTU","FORNEC E/OU ASSENT DE TUBO DE PVC COM JUNTA ELASTI",48,"","",90704,"TUBO DE PVC CORRUGADO DE DUPLA PAREDE PARA REDE COLETORA DE ESGOTO, DN 300 MM, JUNTA ELÁSTICA, INSTALADO EM LOCAL COM NÍVEL BAIXO DE INTERFERÊNCIAS - FORNECIMENTO E ASSENTAMENTO. AF_06/2015","M","COEFICIENTE DE REPRESENTATIVIDADE",128.09,"I","SINAPI",308,0.1667,"UN","COEFICIENTE DE REPRESENTATIVIDADE",0.1667,18.58,3.09,"","","","","","","","","","","CAIXA REFERENCIAL"]
["ASSENTAMENTO DE TUBOS E PECAS","ASTU","FORNEC E/OU ASSENT DE TUBO DE PVC COM JUNTA ELASTI",48,"","",90704,"TUBO DE PVC CORRUGADO DE DUPLA PAREDE PARA REDE COLETORA DE ESGOTO, DN 300 MM, JUNTA ELÁSTICA, INSTALADO EM LOCAL COM NÍVEL BAIXO DE INTERFERÊNCIAS - FORNECIMENTO E ASSENTAMENTO. AF_06/2015","M","COEFICIENTE DE REPRESENTATIVIDADE",128.09,"I","SINAPI",20078,0.0208,"UN","COEFICIENTE DE REPRESENTATIVIDADE",0.0208,17.63,0.36,"","","","","","","","","","","CAIXA REFERENCIAL"]
["ASSENTAMENTO DE TUBOS E PECAS","ASTU","FORNEC E/OU ASSENT DE TUBO DE PVC COM JUNTA ELASTI",48,"","",90704,"TUBO DE PVC CORRUGADO DE DUPLA PAREDE PARA REDE COLETORA DE ESGOTO, DN 300 MM, JUNTA ELÁSTICA, INSTALADO EM LOCAL COM NÍVEL BAIXO DE INTERFERÊNCIAS - FORNECIMENTO E ASSENTAMENTO. AF_06/2015","M","COEFICIENTE DE REPRESENTATIVIDADE",128.09,"I","SINAPI",38035,1.05,"M","COEFICIENTE DE REPRESENTATIVIDADE",1.05,112.41,118.03,"","","","","","","","","","","CAIXA REFERENCIAL"]
["ASSENTAMENTO DE TUBOS E PECAS","ASTU","FORNEC E/OU ASSENT DE TUBO DE PVC COM JUNTA ELASTI",48,"","",90704,"TUBO DE PVC CORRUGADO DE DUPLA PAREDE PARA REDE COLETORA DE ESGOTO, DN 300 MM, JUNTA ELÁSTICA, INSTALADO EM LOCAL COM NÍVEL BAIXO DE INTERFERÊNCIAS - FORNECIMENTO E ASSENTAMENTO. AF_06/2015","M","COEFICIENTE DE REPRESENTATIVIDADE",128.09,"S","SINAPI",88246,0.1735,"H","COEFICIENTE DE REPRESENTATIVIDADE",0.1735,23.15,4.01,"","","","","","","","","","","CAIXA REFERENCIAL"]
["ASSENTAMENTO DE TUBOS E PECAS","ASTU","FORNEC E/OU ASSENT DE TUBO DE PVC COM JUNTA ELASTI",48,"","",90704,"TUBO DE PVC CORRUGADO DE DUPLA PAREDE PARA REDE COLETORA DE ESGOTO, DN 300 MM, JUNTA ELÁSTICA, INSTALADO EM LOCAL COM NÍVEL BAIXO DE INTERFERÊNCIAS - FORNECIMENTO E ASSENTAMENTO. AF_06/2015","M","COEFICIENTE DE REPRESENTATIVIDADE",128.09,"S","SINAPI",88316,0.1735,"H","COEFICIENTE DE REPRESENTATIVIDADE",0.1735,15.03,2.6,"","","","","","","","","","","CAIXA REFERENCIAL"]
["ASSENTAMENTO DE TUBOS E PECAS","ASTU","FORNEC E/OU ASSENT DE TUBO DE PVC COM JUNTA ELASTI",48,"","",90705,"TUBO DE PVC CORRUGADO DE DUPLA PAREDE PARA REDE COLETORA DE ESGOTO, DN 350 MM, JUNTA ELÁSTICA, INSTALADO EM LOCAL COM NÍVEL BAIXO DE INTERFERÊNCIAS - FORNECIMENTO E ASSENTAMENTO. AF_06/2015","M","COEFICIENTE DE REPRESENTATIVIDADE",186.87,"","SINAPI","","","","","","","",5.14,2.7541124,181.73,97.2458876,0,0,0,0,0,0,"CAIXA REFERENCIAL"]
["ASSENTAMENTO DE TUBOS E PECAS","ASTU","FORNEC E/OU ASSENT DE TUBO DE PVC COM JUNTA ELASTI",48,"","",90705,"TUBO DE PVC CORRUGADO DE DUPLA PAREDE PARA REDE COLETORA DE ESGOTO, DN 350 MM, JUNTA ELÁSTICA, INSTALADO EM LOCAL COM NÍVEL BAIXO DE INTERFERÊNCIAS - FORNECIMENTO E ASSENTAMENTO. AF_06/2015","M","COEFICIENTE DE REPRESENTATIVIDADE",186.87,"I","SINAPI",309,0.1667,"UN","COEFICIENTE DE REPRESENTATIVIDADE",0.1667,28.51,4.75,"","","","","","","","","","","CAIXA REFERENCIAL"]
["ASSENTAMENTO DE TUBOS E PECAS","ASTU","FORNEC E/OU ASSENT DE TUBO DE PVC COM JUNTA ELASTI",48,"","",90705,"TUBO DE PVC CORRUGADO DE DUPLA PAREDE PARA REDE COLETORA DE ESGOTO, DN 350 MM, JUNTA ELÁSTICA, INSTALADO EM LOCAL COM NÍVEL BAIXO DE INTERFERÊNCIAS - FORNECIMENTO E ASSENTAMENTO. AF_06/2015","M","COEFICIENTE DE REPRESENTATIVIDADE",186.87,"I","SINAPI",20078,0.0229,"UN","COEFICIENTE DE REPRESENTATIVIDADE",0.0229,17.63,0.4,"","","","","","","","","","","CAIXA REFERENCIAL"]
["ASSENTAMENTO DE TUBOS E PECAS","ASTU","FORNEC E/OU ASSENT DE TUBO DE PVC COM JUNTA ELASTI",48,"","",90705,"TUBO DE PVC CORRUGADO DE DUPLA PAREDE PARA REDE COLETORA DE ESGOTO, DN 350 MM, JUNTA ELÁSTICA, INSTALADO EM LOCAL COM NÍVEL BAIXO DE INTERFERÊNCIAS - FORNECIMENTO E ASSENTAMENTO. AF_06/2015","M","COEFICIENTE DE REPRESENTATIVIDADE",186.87,"I","SINAPI",38036,1.05,"M","COEFICIENTE DE REPRESENTATIVIDADE",1.05,166.29,174.6,"","","","","","","","","","","CAIXA REFERENCIAL"]
["ASSENTAMENTO DE TUBOS E PECAS","ASTU","FORNEC E/OU ASSENT DE TUBO DE PVC COM JUNTA ELASTI",48,"","",90705,"TUBO DE PVC CORRUGADO DE DUPLA PAREDE PARA REDE COLETORA DE ESGOTO, DN 350 MM, JUNTA ELÁSTICA, INSTALADO EM LOCAL COM NÍVEL BAIXO DE INTERFERÊNCIAS - FORNECIMENTO E ASSENTAMENTO. AF_06/2015","M","COEFICIENTE DE REPRESENTATIVIDADE",186.87,"S","SINAPI",88246,0.1869,"H","COEFICIENTE DE REPRESENTATIVIDADE",0.1869,23.15,4.32,"","","","","","","","","","","CAIXA REFERENCIAL"]
["ASSENTAMENTO DE TUBOS E PECAS","ASTU","FORNEC E/OU ASSENT DE TUBO DE PVC COM JUNTA ELASTI",48,"","",90705,"TUBO DE PVC CORRUGADO DE DUPLA PAREDE PARA REDE COLETORA DE ESGOTO, DN 350 MM, JUNTA ELÁSTICA, INSTALADO EM LOCAL COM NÍVEL BAIXO DE INTERFERÊNCIAS - FORNECIMENTO E ASSENTAMENTO. AF_06/2015","M","COEFICIENTE DE REPRESENTATIVIDADE",186.87,"S","SINAPI",88316,0.1869,"H","COEFICIENTE DE REPRESENTATIVIDADE",0.1869,15.03,2.8,"","","","","","","","","","","CAIXA REFERENCIAL"]
["ASSENTAMENTO DE TUBOS E PECAS","ASTU","FORNEC E/OU ASSENT DE TUBO DE PVC COM JUNTA ELASTI",48,"","",90706,"TUBO DE PVC CORRUGADO DE DUPLA PAREDE PARA REDE COLETORA DE ESGOTO, DN 400 MM, JUNTA ELÁSTICA, INSTALADO EM LOCAL COM NÍVEL BAIXO DE INTERFERÊNCIAS - FORNECIMENTO E ASSENTAMENTO. AF_06/2015","M","COEFICIENTE DE REPRESENTATIVIDADE",228.78,"","SINAPI","","","","","","","",7.94,3.471371,218.09,95.3248119,2.75,1.2038171,0,0,0,0,"CAIXA REFERENCIAL"]
["ASSENTAMENTO DE TUBOS E PECAS","ASTU","FORNEC E/OU ASSENT DE TUBO DE PVC COM JUNTA ELASTI",48,"","",90706,"TUBO DE PVC CORRUGADO DE DUPLA PAREDE PARA REDE COLETORA DE ESGOTO, DN 400 MM, JUNTA ELÁSTICA, INSTALADO EM LOCAL COM NÍVEL BAIXO DE INTERFERÊNCIAS - FORNECIMENTO E ASSENTAMENTO. AF_06/2015","M","COEFICIENTE DE REPRESENTATIVIDADE",228.78,"I","SINAPI",310,0.1667,"UN","COEFICIENTE DE REPRESENTATIVIDADE",0.1667,36.16,6.02,"","","","","","","","","","","CAIXA REFERENCIAL"]
["ASSENTAMENTO DE TUBOS E PECAS","ASTU","FORNEC E/OU ASSENT DE TUBO DE PVC COM JUNTA ELASTI",48,"","",90706,"TUBO DE PVC CORRUGADO DE DUPLA PAREDE PARA REDE COLETORA DE ESGOTO, DN 400 MM, JUNTA ELÁSTICA, INSTALADO EM LOCAL COM NÍVEL BAIXO DE INTERFERÊNCIAS - FORNECIMENTO E ASSENTAMENTO. AF_06/2015","M","COEFICIENTE DE REPRESENTATIVIDADE",228.78,"S","SINAPI",5678,0.0649,"CHP","COEFICIENTE DE REPRESENTATIVIDADE",0.0649,100.23,6.5,"","","","","","","","","","","CAIXA REFERENCIAL"]
["ASSENTAMENTO DE TUBOS E PECAS","ASTU","FORNEC E/OU ASSENT DE TUBO DE PVC COM JUNTA ELASTI",48,"","",90706,"TUBO DE PVC CORRUGADO DE DUPLA PAREDE PARA REDE COLETORA DE ESGOTO, DN 400 MM, JUNTA ELÁSTICA, INSTALADO EM LOCAL COM NÍVEL BAIXO DE INTERFERÊNCIAS - FORNECIMENTO E ASSENTAMENTO. AF_06/2015","M","COEFICIENTE DE REPRESENTATIVIDADE",228.78,"S","SINAPI",5679,0.0403,"CHI","COEFICIENTE DE REPRESENTATIVIDADE",0.0403,44.39,1.78,"","","","","","","","","","","CAIXA REFERENCIAL"]
["ASSENTAMENTO DE TUBOS E PECAS","ASTU","FORNEC E/OU ASSENT DE TUBO DE PVC COM JUNTA ELASTI",48,"","",90706,"TUBO DE PVC CORRUGADO DE DUPLA PAREDE PARA REDE COLETORA DE ESGOTO, DN 400 MM, JUNTA ELÁSTICA, INSTALADO EM LOCAL COM NÍVEL BAIXO DE INTERFERÊNCIAS - FORNECIMENTO E ASSENTAMENTO. AF_06/2015","M","COEFICIENTE DE REPRESENTATIVIDADE",228.78,"I","SINAPI",20078,0.025,"UN","COEFICIENTE DE REPRESENTATIVIDADE",0.025,17.63,0.44,"","","","","","","","","","","CAIXA REFERENCIAL"]
["ASSENTAMENTO DE TUBOS E PECAS","ASTU","FORNEC E/OU ASSENT DE TUBO DE PVC COM JUNTA ELASTI",48,"","",90706,"TUBO DE PVC CORRUGADO DE DUPLA PAREDE PARA REDE COLETORA DE ESGOTO, DN 400 MM, JUNTA ELÁSTICA, INSTALADO EM LOCAL COM NÍVEL BAIXO DE INTERFERÊNCIAS - FORNECIMENTO E ASSENTAMENTO. AF_06/2015","M","COEFICIENTE DE REPRESENTATIVIDADE",228.78,"I","SINAPI",38037,1.05,"M","COEFICIENTE DE REPRESENTATIVIDADE",1.05,196.59,206.41,"","","","","","","","","","","CAIXA REFERENCIAL"]
["ASSENTAMENTO DE TUBOS E PECAS","ASTU","FORNEC E/OU ASSENT DE TUBO DE PVC COM JUNTA ELASTI",48,"","",90706,"TUBO DE PVC CORRUGADO DE DUPLA PAREDE PARA REDE COLETORA DE ESGOTO, DN 400 MM, JUNTA ELÁSTICA, INSTALADO EM LOCAL COM NÍVEL BAIXO DE INTERFERÊNCIAS - FORNECIMENTO E ASSENTAMENTO. AF_06/2015","M","COEFICIENTE DE REPRESENTATIVIDADE",228.78,"S","SINAPI",88246,0.2002,"H","COEFICIENTE DE REPRESENTATIVIDADE",0.2002,23.15,4.63,"","","","","","","","","","","CAIXA REFERENCIAL"]
["ASSENTAMENTO DE TUBOS E PECAS","ASTU","FORNEC E/OU ASSENT DE TUBO DE PVC COM JUNTA ELASTI",48,"","",90706,"TUBO DE PVC CORRUGADO DE DUPLA PAREDE PARA REDE COLETORA DE ESGOTO, DN 400 MM, JUNTA ELÁSTICA, INSTALADO EM LOCAL COM NÍVEL BAIXO DE INTERFERÊNCIAS - FORNECIMENTO E ASSENTAMENTO. AF_06/2015","M","COEFICIENTE DE REPRESENTATIVIDADE",228.78,"S","SINAPI",88316,0.2002,"H","COEFICIENTE DE REPRESENTATIVIDADE",0.2002,15.03,3,"","","","","","","","","","","CAIXA REFERENCIAL"]
["ASSENTAMENTO DE TUBOS E PECAS","ASTU","FORNEC E/OU ASSENT DE TUBO DE PVC COM JUNTA ELASTI",48,"","",90708,"TUBO DE PEAD CORRUGADO DE DUPLA PAREDE PARA REDE COLETORA DE ESGOTO, DN 600 MM, JUNTA ELÁSTICA INTEGRADA, INSTALADO EM LOCAL COM NÍVEL BAIXO DE INTERFERÊNCIAS - FORNECIMENTO E ASSENTAMENTO. AF_06/2015","M","COEFICIENTE DE REPRESENTATIVIDADE",363.7,"","SINAPI","","","","","","","",5.12,1.4093036,355.2,97.6603359,3.38,0.9303605,0,0,0,0,"CAIXA REFERENCIAL"]
["ASSENTAMENTO DE TUBOS E PECAS","ASTU","FORNEC E/OU ASSENT DE TUBO DE PVC COM JUNTA ELASTI",48,"","",90708,"TUBO DE PEAD CORRUGADO DE DUPLA PAREDE PARA REDE COLETORA DE ESGOTO, DN 600 MM, JUNTA ELÁSTICA INTEGRADA, INSTALADO EM LOCAL COM NÍVEL BAIXO DE INTERFERÊNCIAS - FORNECIMENTO E ASSENTAMENTO. AF_06/2015","M","COEFICIENTE DE REPRESENTATIVIDADE",363.7,"S","SINAPI",5631,0.0422,"CHP","COEFICIENTE DE REPRESENTATIVIDADE",0.0422,137.46,5.8,"","","","","","","","","","","CAIXA REFERENCIAL"]
["ASSENTAMENTO DE TUBOS E PECAS","ASTU","FORNEC E/OU ASSENT DE TUBO DE PVC COM JUNTA ELASTI",48,"","",90708,"TUBO DE PEAD CORRUGADO DE DUPLA PAREDE PARA REDE COLETORA DE ESGOTO, DN 600 MM, JUNTA ELÁSTICA INTEGRADA, INSTALADO EM LOCAL COM NÍVEL BAIXO DE INTERFERÊNCIAS - FORNECIMENTO E ASSENTAMENTO. AF_06/2015","M","COEFICIENTE DE REPRESENTATIVIDADE",363.7,"S","SINAPI",5632,0.0262,"CHI","COEFICIENTE DE REPRESENTATIVIDADE",0.0262,58.95,1.54,"","","","","","","","","","","CAIXA REFERENCIAL"]
["ASSENTAMENTO DE TUBOS E PECAS","ASTU","FORNEC E/OU ASSENT DE TUBO DE PVC COM JUNTA ELASTI",48,"","",90708,"TUBO DE PEAD CORRUGADO DE DUPLA PAREDE PARA REDE COLETORA DE ESGOTO, DN 600 MM, JUNTA ELÁSTICA INTEGRADA, INSTALADO EM LOCAL COM NÍVEL BAIXO DE INTERFERÊNCIAS - FORNECIMENTO E ASSENTAMENTO. AF_06/2015","M","COEFICIENTE DE REPRESENTATIVIDADE",363.7,"I","SINAPI",20078,0.0694,"UN","COEFICIENTE DE REPRESENTATIVIDADE",0.0694,17.63,1.22,"","","","","","","","","","","CAIXA REFERENCIAL"]
["ASSENTAMENTO DE TUBOS E PECAS","ASTU","FORNEC E/OU ASSENT DE TUBO DE PVC COM JUNTA ELASTI",48,"","",90708,"TUBO DE PEAD CORRUGADO DE DUPLA PAREDE PARA REDE COLETORA DE ESGOTO, DN 600 MM, JUNTA ELÁSTICA INTEGRADA, INSTALADO EM LOCAL COM NÍVEL BAIXO DE INTERFERÊNCIAS - FORNECIMENTO E ASSENTAMENTO. AF_06/2015","M","COEFICIENTE DE REPRESENTATIVIDADE",363.7,"I","SINAPI",41782,1.05,"M","COEFICIENTE DE REPRESENTATIVIDADE",1.05,333.51,350.18,"","","","","","","","","","","CAIXA REFERENCIAL"]
["ASSENTAMENTO DE TUBOS E PECAS","ASTU","FORNEC E/OU ASSENT DE TUBO DE PVC COM JUNTA ELASTI",48,"","",90708,"TUBO DE PEAD CORRUGADO DE DUPLA PAREDE PARA REDE COLETORA DE ESGOTO, DN 600 MM, JUNTA ELÁSTICA INTEGRADA, INSTALADO EM LOCAL COM NÍVEL BAIXO DE INTERFERÊNCIAS - FORNECIMENTO E ASSENTAMENTO. AF_06/2015","M","COEFICIENTE DE REPRESENTATIVIDADE",363.7,"S","SINAPI",88246,0.1301,"H","COEFICIENTE DE REPRESENTATIVIDADE",0.1301,23.15,3.01,"","","","","","","","","","","CAIXA REFERENCIAL"]
["ASSENTAMENTO DE TUBOS E PECAS","ASTU","FORNEC E/OU ASSENT DE TUBO DE PVC COM JUNTA ELASTI",48,"","",90708,"TUBO DE PEAD CORRUGADO DE DUPLA PAREDE PARA REDE COLETORA DE ESGOTO, DN 600 MM, JUNTA ELÁSTICA INTEGRADA, INSTALADO EM LOCAL COM NÍVEL BAIXO DE INTERFERÊNCIAS - FORNECIMENTO E ASSENTAMENTO. AF_06/2015","M","COEFICIENTE DE REPRESENTATIVIDADE",363.7,"S","SINAPI",88316,0.1301,"H","COEFICIENTE DE REPRESENTATIVIDADE",0.1301,15.03,1.95,"","","","","","","","","","","CAIXA REFERENCIAL"]
["ASSENTAMENTO DE TUBOS E PECAS","ASTU","FORNEC E/OU ASSENT DE TUBO DE PVC COM JUNTA ELASTI",48,"","",90709,"TUBO DE PVC PARA REDE COLETORA DE ESGOTO DE PAREDE MACIÇA, DN 100 MM, JUNTA ELÁSTICA, INSTALADO EM LOCAL COM NÍVEL ALTO DE INTERFERÊNCIAS - FORNECIMENTO E ASSENTAMENTO. AF_06/2015","M","ATRIBUÍDO SÃO PAULO",21.5,"","SINAPI","","","","","","","",2.97,13.8497652,18.53,86.1502348,0,0,0,0,0,0,"CAIXA REFERENCIAL"]
["ASSENTAMENTO DE TUBOS E PECAS","ASTU","FORNEC E/OU ASSENT DE TUBO DE PVC COM JUNTA ELASTI",48,"","",90709,"TUBO DE PVC PARA REDE COLETORA DE ESGOTO DE PAREDE MACIÇA, DN 100 MM, JUNTA ELÁSTICA, INSTALADO EM LOCAL COM NÍVEL ALTO DE INTERFERÊNCIAS - FORNECIMENTO E ASSENTAMENTO. AF_06/2015","M","ATRIBUÍDO SÃO PAULO",21.5,"I","SINAPI",20078,0.0104,"UN","COEFICIENTE DE REPRESENTATIVIDADE",0.0104,17.63,0.18,"","","","","","","","","","","CAIXA REFERENCIAL"]
["ASSENTAMENTO DE TUBOS E PECAS","ASTU","FORNEC E/OU ASSENT DE TUBO DE PVC COM JUNTA ELASTI",48,"","",90709,"TUBO DE PVC PARA REDE COLETORA DE ESGOTO DE PAREDE MACIÇA, DN 100 MM, JUNTA ELÁSTICA, INSTALADO EM LOCAL COM NÍVEL ALTO DE INTERFERÊNCIAS - FORNECIMENTO E ASSENTAMENTO. AF_06/2015","M","ATRIBUÍDO SÃO PAULO",21.5,"I","SINAPI",36365,1.05,"M","ATRIBUÍDO SÃO PAULO",1.05,16.41,17.23,"","","","","","","","","","","CAIXA REFERENCIAL"]
["ASSENTAMENTO DE TUBOS E PECAS","ASTU","FORNEC E/OU ASSENT DE TUBO DE PVC COM JUNTA ELASTI",48,"","",90709,"TUBO DE PVC PARA REDE COLETORA DE ESGOTO DE PAREDE MACIÇA, DN 100 MM, JUNTA ELÁSTICA, INSTALADO EM LOCAL COM NÍVEL ALTO DE INTERFERÊNCIAS - FORNECIMENTO E ASSENTAMENTO. AF_06/2015","M","ATRIBUÍDO SÃO PAULO",21.5,"S","SINAPI",88246,0.1074,"H","COEFICIENTE DE REPRESENTATIVIDADE",0.1074,23.15,2.48,"","","","","","","","","","","CAIXA REFERENCIAL"]
["ASSENTAMENTO DE TUBOS E PECAS","ASTU","FORNEC E/OU ASSENT DE TUBO DE PVC COM JUNTA ELASTI",48,"","",90709,"TUBO DE PVC PARA REDE COLETORA DE ESGOTO DE PAREDE MACIÇA, DN 100 MM, JUNTA ELÁSTICA, INSTALADO EM LOCAL COM NÍVEL ALTO DE INTERFERÊNCIAS - FORNECIMENTO E ASSENTAMENTO. AF_06/2015","M","ATRIBUÍDO SÃO PAULO",21.5,"S","SINAPI",88316,0.1074,"H","COEFICIENTE DE REPRESENTATIVIDADE",0.1074,15.03,1.61,"","","","","","","","","","","CAIXA REFERENCIAL"]
["ASSENTAMENTO DE TUBOS E PECAS","ASTU","FORNEC E/OU ASSENT DE TUBO DE PVC COM JUNTA ELASTI",48,"","",90710,"TUBO DE PVC PARA REDE COLETORA DE ESGOTO DE PAREDE MACIÇA, DN 150 MM, JUNTA ELÁSTICA, INSTALADO EM LOCAL COM NÍVEL ALTO DE INTERFERÊNCIAS - FORNECIMENTO E ASSENTAMENTO. AF_06/2015","M","ATRIBUÍDO SÃO PAULO",41.91,"","SINAPI","","","","","","","",3.32,7.9414587,38.59,92.0585413,0,0,0,0,0,0,"CAIXA REFERENCIAL"]
["ASSENTAMENTO DE TUBOS E PECAS","ASTU","FORNEC E/OU ASSENT DE TUBO DE PVC COM JUNTA ELASTI",48,"","",90710,"TUBO DE PVC PARA REDE COLETORA DE ESGOTO DE PAREDE MACIÇA, DN 150 MM, JUNTA ELÁSTICA, INSTALADO EM LOCAL COM NÍVEL ALTO DE INTERFERÊNCIAS - FORNECIMENTO E ASSENTAMENTO. AF_06/2015","M","ATRIBUÍDO SÃO PAULO",41.91,"I","SINAPI",20078,0.0146,"UN","COEFICIENTE DE REPRESENTATIVIDADE",0.0146,17.63,0.25,"","","","","","","","","","","CAIXA REFERENCIAL"]
["ASSENTAMENTO DE TUBOS E PECAS","ASTU","FORNEC E/OU ASSENT DE TUBO DE PVC COM JUNTA ELASTI",48,"","",90710,"TUBO DE PVC PARA REDE COLETORA DE ESGOTO DE PAREDE MACIÇA, DN 150 MM, JUNTA ELÁSTICA, INSTALADO EM LOCAL COM NÍVEL ALTO DE INTERFERÊNCIAS - FORNECIMENTO E ASSENTAMENTO. AF_06/2015","M","ATRIBUÍDO SÃO PAULO",41.91,"I","SINAPI",41936,1.05,"M","ATRIBUÍDO SÃO PAULO",1.05,35.3,37.06,"","","","","","","","","","","CAIXA REFERENCIAL"]
["ASSENTAMENTO DE TUBOS E PECAS","ASTU","FORNEC E/OU ASSENT DE TUBO DE PVC COM JUNTA ELASTI",48,"","",90710,"TUBO DE PVC PARA REDE COLETORA DE ESGOTO DE PAREDE MACIÇA, DN 150 MM, JUNTA ELÁSTICA, INSTALADO EM LOCAL COM NÍVEL ALTO DE INTERFERÊNCIAS - FORNECIMENTO E ASSENTAMENTO. AF_06/2015","M","ATRIBUÍDO SÃO PAULO",41.91,"S","SINAPI",88246,0.1207,"H","COEFICIENTE DE REPRESENTATIVIDADE",0.1207,23.15,2.79,"","","","","","","","","","","CAIXA REFERENCIAL"]
["ASSENTAMENTO DE TUBOS E PECAS","ASTU","FORNEC E/OU ASSENT DE TUBO DE PVC COM JUNTA ELASTI",48,"","",90710,"TUBO DE PVC PARA REDE COLETORA DE ESGOTO DE PAREDE MACIÇA, DN 150 MM, JUNTA ELÁSTICA, INSTALADO EM LOCAL COM NÍVEL ALTO DE INTERFERÊNCIAS - FORNECIMENTO E ASSENTAMENTO. AF_06/2015","M","ATRIBUÍDO SÃO PAULO",41.91,"S","SINAPI",88316,0.1207,"H","COEFICIENTE DE REPRESENTATIVIDADE",0.1207,15.03,1.81,"","","","","","","","","","","CAIXA REFERENCIAL"]
["ASSENTAMENTO DE TUBOS E PECAS","ASTU","FORNEC E/OU ASSENT DE TUBO DE PVC COM JUNTA ELASTI",48,"","",90711,"TUBO DE PVC PARA REDE COLETORA DE ESGOTO DE PAREDE MACIÇA, DN 200 MM, JUNTA ELÁSTICA, INSTALADO EM LOCAL COM NÍVEL ALTO DE INTERFERÊNCIAS - FORNECIMENTO E ASSENTAMENTO. AF_06/2015","M","ATRIBUÍDO SÃO PAULO",63.26,"","SINAPI","","","","","","","",3.69,5.8403428,59.57,94.1596572,0,0,0,0,0,0,"CAIXA REFERENCIAL"]
["ASSENTAMENTO DE TUBOS E PECAS","ASTU","FORNEC E/OU ASSENT DE TUBO DE PVC COM JUNTA ELASTI",48,"","",90711,"TUBO DE PVC PARA REDE COLETORA DE ESGOTO DE PAREDE MACIÇA, DN 200 MM, JUNTA ELÁSTICA, INSTALADO EM LOCAL COM NÍVEL ALTO DE INTERFERÊNCIAS - FORNECIMENTO E ASSENTAMENTO. AF_06/2015","M","ATRIBUÍDO SÃO PAULO",63.26,"I","SINAPI",20078,0.0167,"UN","COEFICIENTE DE REPRESENTATIVIDADE",0.0167,17.63,0.29,"","","","","","","","","","","CAIXA REFERENCIAL"]
["ASSENTAMENTO DE TUBOS E PECAS","ASTU","FORNEC E/OU ASSENT DE TUBO DE PVC COM JUNTA ELASTI",48,"","",90711,"TUBO DE PVC PARA REDE COLETORA DE ESGOTO DE PAREDE MACIÇA, DN 200 MM, JUNTA ELÁSTICA, INSTALADO EM LOCAL COM NÍVEL ALTO DE INTERFERÊNCIAS - FORNECIMENTO E ASSENTAMENTO. AF_06/2015","M","ATRIBUÍDO SÃO PAULO",63.26,"I","SINAPI",41930,1.05,"M","ATRIBUÍDO SÃO PAULO",1.05,55.11,57.86,"","","","","","","","","","","CAIXA REFERENCIAL"]
["ASSENTAMENTO DE TUBOS E PECAS","ASTU","FORNEC E/OU ASSENT DE TUBO DE PVC COM JUNTA ELASTI",48,"","",90711,"TUBO DE PVC PARA REDE COLETORA DE ESGOTO DE PAREDE MACIÇA, DN 200 MM, JUNTA ELÁSTICA, INSTALADO EM LOCAL COM NÍVEL ALTO DE INTERFERÊNCIAS - FORNECIMENTO E ASSENTAMENTO. AF_06/2015","M","ATRIBUÍDO SÃO PAULO",63.26,"S","SINAPI",88246,0.134,"H","COEFICIENTE DE REPRESENTATIVIDADE",0.134,23.15,3.1,"","","","","","","","","","","CAIXA REFERENCIAL"]
["ASSENTAMENTO DE TUBOS E PECAS","ASTU","FORNEC E/OU ASSENT DE TUBO DE PVC COM JUNTA ELASTI",48,"","",90711,"TUBO DE PVC PARA REDE COLETORA DE ESGOTO DE PAREDE MACIÇA, DN 200 MM, JUNTA ELÁSTICA, INSTALADO EM LOCAL COM NÍVEL ALTO DE INTERFERÊNCIAS - FORNECIMENTO E ASSENTAMENTO. AF_06/2015","M","ATRIBUÍDO SÃO PAULO",63.26,"S","SINAPI",88316,0.134,"H","COEFICIENTE DE REPRESENTATIVIDADE",0.134,15.03,2.01,"","","","","","","","","","","CAIXA REFERENCIAL"]
["ASSENTAMENTO DE TUBOS E PECAS","ASTU","FORNEC E/OU ASSENT DE TUBO DE PVC COM JUNTA ELASTI",48,"","",90712,"TUBO DE PVC PARA REDE COLETORA DE ESGOTO DE PAREDE MACIÇA, DN 250 MM, JUNTA ELÁSTICA, INSTALADO EM LOCAL COM NÍVEL ALTO DE INTERFERÊNCIAS - FORNECIMENTO E ASSENTAMENTO. AF_06/2015","M","ATRIBUÍDO SÃO PAULO",104.08,"","SINAPI","","","","","","","",4.06,3.9083557,100.02,96.0916443,0,0,0,0,0,0,"CAIXA REFERENCIAL"]
["ASSENTAMENTO DE TUBOS E PECAS","ASTU","FORNEC E/OU ASSENT DE TUBO DE PVC COM JUNTA ELASTI",48,"","",90712,"TUBO DE PVC PARA REDE COLETORA DE ESGOTO DE PAREDE MACIÇA, DN 250 MM, JUNTA ELÁSTICA, INSTALADO EM LOCAL COM NÍVEL ALTO DE INTERFERÊNCIAS - FORNECIMENTO E ASSENTAMENTO. AF_06/2015","M","ATRIBUÍDO SÃO PAULO",104.08,"I","SINAPI",20078,0.0208,"UN","COEFICIENTE DE REPRESENTATIVIDADE",0.0208,17.63,0.36,"","","","","","","","","","","CAIXA REFERENCIAL"]
["ASSENTAMENTO DE TUBOS E PECAS","ASTU","FORNEC E/OU ASSENT DE TUBO DE PVC COM JUNTA ELASTI",48,"","",90712,"TUBO DE PVC PARA REDE COLETORA DE ESGOTO DE PAREDE MACIÇA, DN 250 MM, JUNTA ELÁSTICA, INSTALADO EM LOCAL COM NÍVEL ALTO DE INTERFERÊNCIAS - FORNECIMENTO E ASSENTAMENTO. AF_06/2015","M","ATRIBUÍDO SÃO PAULO",104.08,"I","SINAPI",41931,1.05,"M","ATRIBUÍDO SÃO PAULO",1.05,93.43,98.1,"","","","","","","","","","","CAIXA REFERENCIAL"]
["ASSENTAMENTO DE TUBOS E PECAS","ASTU","FORNEC E/OU ASSENT DE TUBO DE PVC COM JUNTA ELASTI",48,"","",90712,"TUBO DE PVC PARA REDE COLETORA DE ESGOTO DE PAREDE MACIÇA, DN 250 MM, JUNTA ELÁSTICA, INSTALADO EM LOCAL COM NÍVEL ALTO DE INTERFERÊNCIAS - FORNECIMENTO E ASSENTAMENTO. AF_06/2015","M","ATRIBUÍDO SÃO PAULO",104.08,"S","SINAPI",88246,0.1474,"H","COEFICIENTE DE REPRESENTATIVIDADE",0.1474,23.15,3.41,"","","","","","","","","","","CAIXA REFERENCIAL"]
["ASSENTAMENTO DE TUBOS E PECAS","ASTU","FORNEC E/OU ASSENT DE TUBO DE PVC COM JUNTA ELASTI",48,"","",90712,"TUBO DE PVC PARA REDE COLETORA DE ESGOTO DE PAREDE MACIÇA, DN 250 MM, JUNTA ELÁSTICA, INSTALADO EM LOCAL COM NÍVEL ALTO DE INTERFERÊNCIAS - FORNECIMENTO E ASSENTAMENTO. AF_06/2015","M","ATRIBUÍDO SÃO PAULO",104.08,"S","SINAPI",88316,0.1474,"H","COEFICIENTE DE REPRESENTATIVIDADE",0.1474,15.03,2.21,"","","","","","","","","","","CAIXA REFERENCIAL"]
["ASSENTAMENTO DE TUBOS E PECAS","ASTU","FORNEC E/OU ASSENT DE TUBO DE PVC COM JUNTA ELASTI",48,"","",90713,"TUBO DE PVC PARA REDE COLETORA DE ESGOTO DE PAREDE MACIÇA, DN 300 MM, JUNTA ELÁSTICA, INSTALADO EM LOCAL COM NÍVEL ALTO DE INTERFERÊNCIAS - FORNECIMENTO E ASSENTAMENTO. AF_06/2015","M","ATRIBUÍDO SÃO PAULO",165.54,"","SINAPI","","","","","","","",4.42,2.6740879,161.12,97.3259121,0,0,0,0,0,0,"CAIXA REFERENCIAL"]
["ASSENTAMENTO DE TUBOS E PECAS","ASTU","FORNEC E/OU ASSENT DE TUBO DE PVC COM JUNTA ELASTI",48,"","",90713,"TUBO DE PVC PARA REDE COLETORA DE ESGOTO DE PAREDE MACIÇA, DN 300 MM, JUNTA ELÁSTICA, INSTALADO EM LOCAL COM NÍVEL ALTO DE INTERFERÊNCIAS - FORNECIMENTO E ASSENTAMENTO. AF_06/2015","M","ATRIBUÍDO SÃO PAULO",165.54,"I","SINAPI",20078,0.025,"UN","COEFICIENTE DE REPRESENTATIVIDADE",0.025,17.63,0.44,"","","","","","","","","","","CAIXA REFERENCIAL"]
["ASSENTAMENTO DE TUBOS E PECAS","ASTU","FORNEC E/OU ASSENT DE TUBO DE PVC COM JUNTA ELASTI",48,"","",90713,"TUBO DE PVC PARA REDE COLETORA DE ESGOTO DE PAREDE MACIÇA, DN 300 MM, JUNTA ELÁSTICA, INSTALADO EM LOCAL COM NÍVEL ALTO DE INTERFERÊNCIAS - FORNECIMENTO E ASSENTAMENTO. AF_06/2015","M","ATRIBUÍDO SÃO PAULO",165.54,"I","SINAPI",41932,1.05,"M","ATRIBUÍDO SÃO PAULO",1.05,151.4,158.97,"","","","","","","","","","","CAIXA REFERENCIAL"]
["ASSENTAMENTO DE TUBOS E PECAS","ASTU","FORNEC E/OU ASSENT DE TUBO DE PVC COM JUNTA ELASTI",48,"","",90713,"TUBO DE PVC PARA REDE COLETORA DE ESGOTO DE PAREDE MACIÇA, DN 300 MM, JUNTA ELÁSTICA, INSTALADO EM LOCAL COM NÍVEL ALTO DE INTERFERÊNCIAS - FORNECIMENTO E ASSENTAMENTO. AF_06/2015","M","ATRIBUÍDO SÃO PAULO",165.54,"S","SINAPI",88246,0.1607,"H","COEFICIENTE DE REPRESENTATIVIDADE",0.1607,23.15,3.72,"","","","","","","","","","","CAIXA REFERENCIAL"]
["ASSENTAMENTO DE TUBOS E PECAS","ASTU","FORNEC E/OU ASSENT DE TUBO DE PVC COM JUNTA ELASTI",48,"","",90713,"TUBO DE PVC PARA REDE COLETORA DE ESGOTO DE PAREDE MACIÇA, DN 300 MM, JUNTA ELÁSTICA, INSTALADO EM LOCAL COM NÍVEL ALTO DE INTERFERÊNCIAS - FORNECIMENTO E ASSENTAMENTO. AF_06/2015","M","ATRIBUÍDO SÃO PAULO",165.54,"S","SINAPI",88316,0.1607,"H","COEFICIENTE DE REPRESENTATIVIDADE",0.1607,15.03,2.41,"","","","","","","","","","","CAIXA REFERENCIAL"]
["ASSENTAMENTO DE TUBOS E PECAS","ASTU","FORNEC E/OU ASSENT DE TUBO DE PVC COM JUNTA ELASTI",48,"","",90714,"TUBO DE PVC PARA REDE COLETORA DE ESGOTO DE PAREDE MACIÇA, DN 350 MM, JUNTA ELÁSTICA, INSTALADO EM LOCAL COM NÍVEL ALTO DE INTERFERÊNCIAS - FORNECIMENTO E ASSENTAMENTO. AF_06/2015","M","ATRIBUÍDO SÃO PAULO",204.26,"","SINAPI","","","","","","","",4.79,2.3474638,199.47,97.6525362,0,0,0,0,0,0,"CAIXA REFERENCIAL"]
["ASSENTAMENTO DE TUBOS E PECAS","ASTU","FORNEC E/OU ASSENT DE TUBO DE PVC COM JUNTA ELASTI",48,"","",90714,"TUBO DE PVC PARA REDE COLETORA DE ESGOTO DE PAREDE MACIÇA, DN 350 MM, JUNTA ELÁSTICA, INSTALADO EM LOCAL COM NÍVEL ALTO DE INTERFERÊNCIAS - FORNECIMENTO E ASSENTAMENTO. AF_06/2015","M","ATRIBUÍDO SÃO PAULO",204.26,"I","SINAPI",20078,0.0292,"UN","COEFICIENTE DE REPRESENTATIVIDADE",0.0292,17.63,0.51,"","","","","","","","","","","CAIXA REFERENCIAL"]
["ASSENTAMENTO DE TUBOS E PECAS","ASTU","FORNEC E/OU ASSENT DE TUBO DE PVC COM JUNTA ELASTI",48,"","",90714,"TUBO DE PVC PARA REDE COLETORA DE ESGOTO DE PAREDE MACIÇA, DN 350 MM, JUNTA ELÁSTICA, INSTALADO EM LOCAL COM NÍVEL ALTO DE INTERFERÊNCIAS - FORNECIMENTO E ASSENTAMENTO. AF_06/2015","M","ATRIBUÍDO SÃO PAULO",204.26,"I","SINAPI",41933,1.05,"M","ATRIBUÍDO SÃO PAULO",1.05,187.73,197.11,"","","","","","","","","","","CAIXA REFERENCIAL"]
["ASSENTAMENTO DE TUBOS E PECAS","ASTU","FORNEC E/OU ASSENT DE TUBO DE PVC COM JUNTA ELASTI",48,"","",90714,"TUBO DE PVC PARA REDE COLETORA DE ESGOTO DE PAREDE MACIÇA, DN 350 MM, JUNTA ELÁSTICA, INSTALADO EM LOCAL COM NÍVEL ALTO DE INTERFERÊNCIAS - FORNECIMENTO E ASSENTAMENTO. AF_06/2015","M","ATRIBUÍDO SÃO PAULO",204.26,"S","SINAPI",88246,0.1741,"H","COEFICIENTE DE REPRESENTATIVIDADE",0.1741,23.15,4.03,"","","","","","","","","","","CAIXA REFERENCIAL"]
["ASSENTAMENTO DE TUBOS E PECAS","ASTU","FORNEC E/OU ASSENT DE TUBO DE PVC COM JUNTA ELASTI",48,"","",90714,"TUBO DE PVC PARA REDE COLETORA DE ESGOTO DE PAREDE MACIÇA, DN 350 MM, JUNTA ELÁSTICA, INSTALADO EM LOCAL COM NÍVEL ALTO DE INTERFERÊNCIAS - FORNECIMENTO E ASSENTAMENTO. AF_06/2015","M","ATRIBUÍDO SÃO PAULO",204.26,"S","SINAPI",88316,0.1741,"H","COEFICIENTE DE REPRESENTATIVIDADE",0.1741,15.03,2.61,"","","","","","","","","","","CAIXA REFERENCIAL"]
["ASSENTAMENTO DE TUBOS E PECAS","ASTU","FORNEC E/OU ASSENT DE TUBO DE PVC COM JUNTA ELASTI",48,"","",90715,"TUBO DE PVC PARA REDE COLETORA DE ESGOTO DE PAREDE MACIÇA, DN 400 MM, JUNTA ELÁSTICA, INSTALADO EM LOCAL COM NÍVEL ALTO DE INTERFERÊNCIAS - FORNECIMENTO E ASSENTAMENTO. AF_06/2015","M","ATRIBUÍDO SÃO PAULO",272.01,"","SINAPI","","","","","","","",7.42,2.7279755,262,96.3185216,2.59,0.9535029,0,0,0,0,"CAIXA REFERENCIAL"]
["ASSENTAMENTO DE TUBOS E PECAS","ASTU","FORNEC E/OU ASSENT DE TUBO DE PVC COM JUNTA ELASTI",48,"","",90715,"TUBO DE PVC PARA REDE COLETORA DE ESGOTO DE PAREDE MACIÇA, DN 400 MM, JUNTA ELÁSTICA, INSTALADO EM LOCAL COM NÍVEL ALTO DE INTERFERÊNCIAS - FORNECIMENTO E ASSENTAMENTO. AF_06/2015","M","ATRIBUÍDO SÃO PAULO",272.01,"S","SINAPI",5678,0.0608,"CHP","COEFICIENTE DE REPRESENTATIVIDADE",0.0608,100.23,6.09,"","","","","","","","","","","CAIXA REFERENCIAL"]
["ASSENTAMENTO DE TUBOS E PECAS","ASTU","FORNEC E/OU ASSENT DE TUBO DE PVC COM JUNTA ELASTI",48,"","",90715,"TUBO DE PVC PARA REDE COLETORA DE ESGOTO DE PAREDE MACIÇA, DN 400 MM, JUNTA ELÁSTICA, INSTALADO EM LOCAL COM NÍVEL ALTO DE INTERFERÊNCIAS - FORNECIMENTO E ASSENTAMENTO. AF_06/2015","M","ATRIBUÍDO SÃO PAULO",272.01,"S","SINAPI",5679,0.0378,"CHI","COEFICIENTE DE REPRESENTATIVIDADE",0.0378,44.39,1.67,"","","","","","","","","","","CAIXA REFERENCIAL"]
["ASSENTAMENTO DE TUBOS E PECAS","ASTU","FORNEC E/OU ASSENT DE TUBO DE PVC COM JUNTA ELASTI",48,"","",90715,"TUBO DE PVC PARA REDE COLETORA DE ESGOTO DE PAREDE MACIÇA, DN 400 MM, JUNTA ELÁSTICA, INSTALADO EM LOCAL COM NÍVEL ALTO DE INTERFERÊNCIAS - FORNECIMENTO E ASSENTAMENTO. AF_06/2015","M","ATRIBUÍDO SÃO PAULO",272.01,"I","SINAPI",20078,0.0333,"UN","COEFICIENTE DE REPRESENTATIVIDADE",0.0333,17.63,0.58,"","","","","","","","","","","CAIXA REFERENCIAL"]
["ASSENTAMENTO DE TUBOS E PECAS","ASTU","FORNEC E/OU ASSENT DE TUBO DE PVC COM JUNTA ELASTI",48,"","",90715,"TUBO DE PVC PARA REDE COLETORA DE ESGOTO DE PAREDE MACIÇA, DN 400 MM, JUNTA ELÁSTICA, INSTALADO EM LOCAL COM NÍVEL ALTO DE INTERFERÊNCIAS - FORNECIMENTO E ASSENTAMENTO. AF_06/2015","M","ATRIBUÍDO SÃO PAULO",272.01,"I","SINAPI",41934,1.05,"M","ATRIBUÍDO SÃO PAULO",1.05,244.32,256.53,"","","","","","","","","","","CAIXA REFERENCIAL"]
["ASSENTAMENTO DE TUBOS E PECAS","ASTU","FORNEC E/OU ASSENT DE TUBO DE PVC COM JUNTA ELASTI",48,"","",90715,"TUBO DE PVC PARA REDE COLETORA DE ESGOTO DE PAREDE MACIÇA, DN 400 MM, JUNTA ELÁSTICA, INSTALADO EM LOCAL COM NÍVEL ALTO DE INTERFERÊNCIAS - FORNECIMENTO E ASSENTAMENTO. AF_06/2015","M","ATRIBUÍDO SÃO PAULO",272.01,"S","SINAPI",88246,0.1874,"H","COEFICIENTE DE REPRESENTATIVIDADE",0.1874,23.15,4.33,"","","","","","","","","","","CAIXA REFERENCIAL"]
["ASSENTAMENTO DE TUBOS E PECAS","ASTU","FORNEC E/OU ASSENT DE TUBO DE PVC COM JUNTA ELASTI",48,"","",90715,"TUBO DE PVC PARA REDE COLETORA DE ESGOTO DE PAREDE MACIÇA, DN 400 MM, JUNTA ELÁSTICA, INSTALADO EM LOCAL COM NÍVEL ALTO DE INTERFERÊNCIAS - FORNECIMENTO E ASSENTAMENTO. AF_06/2015","M","ATRIBUÍDO SÃO PAULO",272.01,"S","SINAPI",88316,0.1874,"H","COEFICIENTE DE REPRESENTATIVIDADE",0.1874,15.03,2.81,"","","","","","","","","","","CAIXA REFERENCIAL"]
["ASSENTAMENTO DE TUBOS E PECAS","ASTU","FORNEC E/OU ASSENT DE TUBO DE PVC COM JUNTA ELASTI",48,"","",90716,"TUBO DE PVC CORRUGADO DE DUPLA PAREDE PARA REDE COLETORA DE ESGOTO, DN 150 MM, JUNTA ELÁSTICA, INSTALADO EM LOCAL COM NÍVEL ALTO DE INTERFERÊNCIAS - FORNECIMENTO E ASSENTAMENTO. AF_06/2015","M","COEFICIENTE DE REPRESENTATIVIDADE",35.84,"","SINAPI","","","","","","","",5,13.9606741,30.84,86.0393259,0,0,0,0,0,0,"CAIXA REFERENCIAL"]
["ASSENTAMENTO DE TUBOS E PECAS","ASTU","FORNEC E/OU ASSENT DE TUBO DE PVC COM JUNTA ELASTI",48,"","",90716,"TUBO DE PVC CORRUGADO DE DUPLA PAREDE PARA REDE COLETORA DE ESGOTO, DN 150 MM, JUNTA ELÁSTICA, INSTALADO EM LOCAL COM NÍVEL ALTO DE INTERFERÊNCIAS - FORNECIMENTO E ASSENTAMENTO. AF_06/2015","M","COEFICIENTE DE REPRESENTATIVIDADE",35.84,"I","SINAPI",305,0.1667,"UN","COEFICIENTE DE REPRESENTATIVIDADE",0.1667,5.86,0.97,"","","","","","","","","","","CAIXA REFERENCIAL"]
["ASSENTAMENTO DE TUBOS E PECAS","ASTU","FORNEC E/OU ASSENT DE TUBO DE PVC COM JUNTA ELASTI",48,"","",90716,"TUBO DE PVC CORRUGADO DE DUPLA PAREDE PARA REDE COLETORA DE ESGOTO, DN 150 MM, JUNTA ELÁSTICA, INSTALADO EM LOCAL COM NÍVEL ALTO DE INTERFERÊNCIAS - FORNECIMENTO E ASSENTAMENTO. AF_06/2015","M","COEFICIENTE DE REPRESENTATIVIDADE",35.84,"I","SINAPI",20078,0.0146,"UN","COEFICIENTE DE REPRESENTATIVIDADE",0.0146,17.63,0.25,"","","","","","","","","","","CAIXA REFERENCIAL"]
["ASSENTAMENTO DE TUBOS E PECAS","ASTU","FORNEC E/OU ASSENT DE TUBO DE PVC COM JUNTA ELASTI",48,"","",90716,"TUBO DE PVC CORRUGADO DE DUPLA PAREDE PARA REDE COLETORA DE ESGOTO, DN 150 MM, JUNTA ELÁSTICA, INSTALADO EM LOCAL COM NÍVEL ALTO DE INTERFERÊNCIAS - FORNECIMENTO E ASSENTAMENTO. AF_06/2015","M","COEFICIENTE DE REPRESENTATIVIDADE",35.84,"I","SINAPI",38032,1.05,"M","COLETADO",1.05,26.41,27.73,"","","","","","","","","","","CAIXA REFERENCIAL"]
["ASSENTAMENTO DE TUBOS E PECAS","ASTU","FORNEC E/OU ASSENT DE TUBO DE PVC COM JUNTA ELASTI",48,"","",90716,"TUBO DE PVC CORRUGADO DE DUPLA PAREDE PARA REDE COLETORA DE ESGOTO, DN 150 MM, JUNTA ELÁSTICA, INSTALADO EM LOCAL COM NÍVEL ALTO DE INTERFERÊNCIAS - FORNECIMENTO E ASSENTAMENTO. AF_06/2015","M","COEFICIENTE DE REPRESENTATIVIDADE",35.84,"S","SINAPI",88246,0.1809,"H","COEFICIENTE DE REPRESENTATIVIDADE",0.1809,23.15,4.18,"","","","","","","","","","","CAIXA REFERENCIAL"]
["ASSENTAMENTO DE TUBOS E PECAS","ASTU","FORNEC E/OU ASSENT DE TUBO DE PVC COM JUNTA ELASTI",48,"","",90716,"TUBO DE PVC CORRUGADO DE DUPLA PAREDE PARA REDE COLETORA DE ESGOTO, DN 150 MM, JUNTA ELÁSTICA, INSTALADO EM LOCAL COM NÍVEL ALTO DE INTERFERÊNCIAS - FORNECIMENTO E ASSENTAMENTO. AF_06/2015","M","COEFICIENTE DE REPRESENTATIVIDADE",35.84,"S","SINAPI",88316,0.1809,"H","COEFICIENTE DE REPRESENTATIVIDADE",0.1809,15.03,2.71,"","","","","","","","","","","CAIXA REFERENCIAL"]
["ASSENTAMENTO DE TUBOS E PECAS","ASTU","FORNEC E/OU ASSENT DE TUBO DE PVC COM JUNTA ELASTI",48,"","",90717,"TUBO DE PVC CORRUGADO DE DUPLA PAREDE PARA REDE COLETORA DE ESGOTO, DN 200 MM, JUNTA ELÁSTICA, INSTALADO EM LOCAL COM NÍVEL ALTO DE INTERFERÊNCIAS - FORNECIMENTO E ASSENTAMENTO. AF_06/2015","M","COEFICIENTE DE REPRESENTATIVIDADE",52.51,"","SINAPI","","","","","","","",5.38,10.2466067,47.13,89.7533933,0,0,0,0,0,0,"CAIXA REFERENCIAL"]
["ASSENTAMENTO DE TUBOS E PECAS","ASTU","FORNEC E/OU ASSENT DE TUBO DE PVC COM JUNTA ELASTI",48,"","",90717,"TUBO DE PVC CORRUGADO DE DUPLA PAREDE PARA REDE COLETORA DE ESGOTO, DN 200 MM, JUNTA ELÁSTICA, INSTALADO EM LOCAL COM NÍVEL ALTO DE INTERFERÊNCIAS - FORNECIMENTO E ASSENTAMENTO. AF_06/2015","M","COEFICIENTE DE REPRESENTATIVIDADE",52.51,"I","SINAPI",306,0.1667,"UN","COEFICIENTE DE REPRESENTATIVIDADE",0.1667,7.04,1.17,"","","","","","","","","","","CAIXA REFERENCIAL"]
["ASSENTAMENTO DE TUBOS E PECAS","ASTU","FORNEC E/OU ASSENT DE TUBO DE PVC COM JUNTA ELASTI",48,"","",90717,"TUBO DE PVC CORRUGADO DE DUPLA PAREDE PARA REDE COLETORA DE ESGOTO, DN 200 MM, JUNTA ELÁSTICA, INSTALADO EM LOCAL COM NÍVEL ALTO DE INTERFERÊNCIAS - FORNECIMENTO E ASSENTAMENTO. AF_06/2015","M","COEFICIENTE DE REPRESENTATIVIDADE",52.51,"I","SINAPI",20078,0.0167,"UN","COEFICIENTE DE REPRESENTATIVIDADE",0.0167,17.63,0.29,"","","","","","","","","","","CAIXA REFERENCIAL"]
["ASSENTAMENTO DE TUBOS E PECAS","ASTU","FORNEC E/OU ASSENT DE TUBO DE PVC COM JUNTA ELASTI",48,"","",90717,"TUBO DE PVC CORRUGADO DE DUPLA PAREDE PARA REDE COLETORA DE ESGOTO, DN 200 MM, JUNTA ELÁSTICA, INSTALADO EM LOCAL COM NÍVEL ALTO DE INTERFERÊNCIAS - FORNECIMENTO E ASSENTAMENTO. AF_06/2015","M","COEFICIENTE DE REPRESENTATIVIDADE",52.51,"I","SINAPI",38033,1.05,"M","COEFICIENTE DE REPRESENTATIVIDADE",1.05,41.58,43.65,"","","","","","","","","","","CAIXA REFERENCIAL"]
["ASSENTAMENTO DE TUBOS E PECAS","ASTU","FORNEC E/OU ASSENT DE TUBO DE PVC COM JUNTA ELASTI",48,"","",90717,"TUBO DE PVC CORRUGADO DE DUPLA PAREDE PARA REDE COLETORA DE ESGOTO, DN 200 MM, JUNTA ELÁSTICA, INSTALADO EM LOCAL COM NÍVEL ALTO DE INTERFERÊNCIAS - FORNECIMENTO E ASSENTAMENTO. AF_06/2015","M","COEFICIENTE DE REPRESENTATIVIDADE",52.51,"S","SINAPI",88246,0.1942,"H","COEFICIENTE DE REPRESENTATIVIDADE",0.1942,23.15,4.49,"","","","","","","","","","","CAIXA REFERENCIAL"]
["ASSENTAMENTO DE TUBOS E PECAS","ASTU","FORNEC E/OU ASSENT DE TUBO DE PVC COM JUNTA ELASTI",48,"","",90717,"TUBO DE PVC CORRUGADO DE DUPLA PAREDE PARA REDE COLETORA DE ESGOTO, DN 200 MM, JUNTA ELÁSTICA, INSTALADO EM LOCAL COM NÍVEL ALTO DE INTERFERÊNCIAS - FORNECIMENTO E ASSENTAMENTO. AF_06/2015","M","COEFICIENTE DE REPRESENTATIVIDADE",52.51,"S","SINAPI",88316,0.1942,"H","COEFICIENTE DE REPRESENTATIVIDADE",0.1942,15.03,2.91,"","","","","","","","","","","CAIXA REFERENCIAL"]
["ASSENTAMENTO DE TUBOS E PECAS","ASTU","FORNEC E/OU ASSENT DE TUBO DE PVC COM JUNTA ELASTI",48,"","",90718,"TUBO DE PVC CORRUGADO DE DUPLA PAREDE PARA REDE COLETORA DE ESGOTO, DN 250 MM, JUNTA ELÁSTICA, INSTALADO EM LOCAL COM NÍVEL ALTO DE INTERFERÊNCIAS - FORNECIMENTO E ASSENTAMENTO. AF_06/2015","M","COEFICIENTE DE REPRESENTATIVIDADE",84.32,"","SINAPI","","","","","","","",5.73,6.8014268,78.59,93.1985732,0,0,0,0,0,0,"CAIXA REFERENCIAL"]
["ASSENTAMENTO DE TUBOS E PECAS","ASTU","FORNEC E/OU ASSENT DE TUBO DE PVC COM JUNTA ELASTI",48,"","",90718,"TUBO DE PVC CORRUGADO DE DUPLA PAREDE PARA REDE COLETORA DE ESGOTO, DN 250 MM, JUNTA ELÁSTICA, INSTALADO EM LOCAL COM NÍVEL ALTO DE INTERFERÊNCIAS - FORNECIMENTO E ASSENTAMENTO. AF_06/2015","M","COEFICIENTE DE REPRESENTATIVIDADE",84.32,"I","SINAPI",307,0.1667,"UN","COEFICIENTE DE REPRESENTATIVIDADE",0.1667,13.91,2.31,"","","","","","","","","","","CAIXA REFERENCIAL"]
["ASSENTAMENTO DE TUBOS E PECAS","ASTU","FORNEC E/OU ASSENT DE TUBO DE PVC COM JUNTA ELASTI",48,"","",90718,"TUBO DE PVC CORRUGADO DE DUPLA PAREDE PARA REDE COLETORA DE ESGOTO, DN 250 MM, JUNTA ELÁSTICA, INSTALADO EM LOCAL COM NÍVEL ALTO DE INTERFERÊNCIAS - FORNECIMENTO E ASSENTAMENTO. AF_06/2015","M","COEFICIENTE DE REPRESENTATIVIDADE",84.32,"I","SINAPI",20078,0.0188,"UN","COEFICIENTE DE REPRESENTATIVIDADE",0.0188,17.63,0.33,"","","","","","","","","","","CAIXA REFERENCIAL"]
["ASSENTAMENTO DE TUBOS E PECAS","ASTU","FORNEC E/OU ASSENT DE TUBO DE PVC COM JUNTA ELASTI",48,"","",90718,"TUBO DE PVC CORRUGADO DE DUPLA PAREDE PARA REDE COLETORA DE ESGOTO, DN 250 MM, JUNTA ELÁSTICA, INSTALADO EM LOCAL COM NÍVEL ALTO DE INTERFERÊNCIAS - FORNECIMENTO E ASSENTAMENTO. AF_06/2015","M","COEFICIENTE DE REPRESENTATIVIDADE",84.32,"I","SINAPI",38034,1.05,"M","COEFICIENTE DE REPRESENTATIVIDADE",1.05,70.25,73.76,"","","","","","","","","","","CAIXA REFERENCIAL"]
["ASSENTAMENTO DE TUBOS E PECAS","ASTU","FORNEC E/OU ASSENT DE TUBO DE PVC COM JUNTA ELASTI",48,"","",90718,"TUBO DE PVC CORRUGADO DE DUPLA PAREDE PARA REDE COLETORA DE ESGOTO, DN 250 MM, JUNTA ELÁSTICA, INSTALADO EM LOCAL COM NÍVEL ALTO DE INTERFERÊNCIAS - FORNECIMENTO E ASSENTAMENTO. AF_06/2015","M","COEFICIENTE DE REPRESENTATIVIDADE",84.32,"S","SINAPI",88246,0.2076,"H","COEFICIENTE DE REPRESENTATIVIDADE",0.2076,23.15,4.8,"","","","","","","","","","","CAIXA REFERENCIAL"]
["ASSENTAMENTO DE TUBOS E PECAS","ASTU","FORNEC E/OU ASSENT DE TUBO DE PVC COM JUNTA ELASTI",48,"","",90718,"TUBO DE PVC CORRUGADO DE DUPLA PAREDE PARA REDE COLETORA DE ESGOTO, DN 250 MM, JUNTA ELÁSTICA, INSTALADO EM LOCAL COM NÍVEL ALTO DE INTERFERÊNCIAS - FORNECIMENTO E ASSENTAMENTO. AF_06/2015","M","COEFICIENTE DE REPRESENTATIVIDADE",84.32,"S","SINAPI",88316,0.2076,"H","COEFICIENTE DE REPRESENTATIVIDADE",0.2076,15.03,3.12,"","","","","","","","","","","CAIXA REFERENCIAL"]
["ASSENTAMENTO DE TUBOS E PECAS","ASTU","FORNEC E/OU ASSENT DE TUBO DE PVC COM JUNTA ELASTI",48,"","",90719,"TUBO DE PVC CORRUGADO DE DUPLA PAREDE PARA REDE COLETORA DE ESGOTO, DN 300 MM, JUNTA ELÁSTICA, INSTALADO EM LOCAL COM NÍVEL ALTO DE INTERFERÊNCIAS - FORNECIMENTO E ASSENTAMENTO. AF_06/2015","M","COEFICIENTE DE REPRESENTATIVIDADE",129.91,"","SINAPI","","","","","","","",6.1,4.695813,123.81,95.304187,0,0,0,0,0,0,"CAIXA REFERENCIAL"]
["ASSENTAMENTO DE TUBOS E PECAS","ASTU","FORNEC E/OU ASSENT DE TUBO DE PVC COM JUNTA ELASTI",48,"","",90719,"TUBO DE PVC CORRUGADO DE DUPLA PAREDE PARA REDE COLETORA DE ESGOTO, DN 300 MM, JUNTA ELÁSTICA, INSTALADO EM LOCAL COM NÍVEL ALTO DE INTERFERÊNCIAS - FORNECIMENTO E ASSENTAMENTO. AF_06/2015","M","COEFICIENTE DE REPRESENTATIVIDADE",129.91,"I","SINAPI",308,0.1667,"UN","COEFICIENTE DE REPRESENTATIVIDADE",0.1667,18.58,3.09,"","","","","","","","","","","CAIXA REFERENCIAL"]
["ASSENTAMENTO DE TUBOS E PECAS","ASTU","FORNEC E/OU ASSENT DE TUBO DE PVC COM JUNTA ELASTI",48,"","",90719,"TUBO DE PVC CORRUGADO DE DUPLA PAREDE PARA REDE COLETORA DE ESGOTO, DN 300 MM, JUNTA ELÁSTICA, INSTALADO EM LOCAL COM NÍVEL ALTO DE INTERFERÊNCIAS - FORNECIMENTO E ASSENTAMENTO. AF_06/2015","M","COEFICIENTE DE REPRESENTATIVIDADE",129.91,"I","SINAPI",20078,0.0208,"UN","COEFICIENTE DE REPRESENTATIVIDADE",0.0208,17.63,0.36,"","","","","","","","","","","CAIXA REFERENCIAL"]
["ASSENTAMENTO DE TUBOS E PECAS","ASTU","FORNEC E/OU ASSENT DE TUBO DE PVC COM JUNTA ELASTI",48,"","",90719,"TUBO DE PVC CORRUGADO DE DUPLA PAREDE PARA REDE COLETORA DE ESGOTO, DN 300 MM, JUNTA ELÁSTICA, INSTALADO EM LOCAL COM NÍVEL ALTO DE INTERFERÊNCIAS - FORNECIMENTO E ASSENTAMENTO. AF_06/2015","M","COEFICIENTE DE REPRESENTATIVIDADE",129.91,"I","SINAPI",38035,1.05,"M","COEFICIENTE DE REPRESENTATIVIDADE",1.05,112.41,118.03,"","","","","","","","","","","CAIXA REFERENCIAL"]
["ASSENTAMENTO DE TUBOS E PECAS","ASTU","FORNEC E/OU ASSENT DE TUBO DE PVC COM JUNTA ELASTI",48,"","",90719,"TUBO DE PVC CORRUGADO DE DUPLA PAREDE PARA REDE COLETORA DE ESGOTO, DN 300 MM, JUNTA ELÁSTICA, INSTALADO EM LOCAL COM NÍVEL ALTO DE INTERFERÊNCIAS - FORNECIMENTO E ASSENTAMENTO. AF_06/2015","M","COEFICIENTE DE REPRESENTATIVIDADE",129.91,"S","SINAPI",88246,0.2209,"H","COEFICIENTE DE REPRESENTATIVIDADE",0.2209,23.15,5.11,"","","","","","","","","","","CAIXA REFERENCIAL"]
["ASSENTAMENTO DE TUBOS E PECAS","ASTU","FORNEC E/OU ASSENT DE TUBO DE PVC COM JUNTA ELASTI",48,"","",90719,"TUBO DE PVC CORRUGADO DE DUPLA PAREDE PARA REDE COLETORA DE ESGOTO, DN 300 MM, JUNTA ELÁSTICA, INSTALADO EM LOCAL COM NÍVEL ALTO DE INTERFERÊNCIAS - FORNECIMENTO E ASSENTAMENTO. AF_06/2015","M","COEFICIENTE DE REPRESENTATIVIDADE",129.91,"S","SINAPI",88316,0.2209,"H","COEFICIENTE DE REPRESENTATIVIDADE",0.2209,15.03,3.32,"","","","","","","","","","","CAIXA REFERENCIAL"]
["ASSENTAMENTO DE TUBOS E PECAS","ASTU","FORNEC E/OU ASSENT DE TUBO DE PVC COM JUNTA ELASTI",48,"","",90720,"TUBO DE PVC CORRUGADO DE DUPLA PAREDE PARA REDE COLETORA DE ESGOTO, DN 350 MM, JUNTA ELÁSTICA, INSTALADO EM LOCAL COM NÍVEL ALTO DE INTERFERÊNCIAS - FORNECIMENTO E ASSENTAMENTO. AF_06/2015","M","COEFICIENTE DE REPRESENTATIVIDADE",188.69,"","SINAPI","","","","","","","",6.44,3.4180775,182.25,96.5819225,0,0,0,0,0,0,"CAIXA REFERENCIAL"]
["ASSENTAMENTO DE TUBOS E PECAS","ASTU","FORNEC E/OU ASSENT DE TUBO DE PVC COM JUNTA ELASTI",48,"","",90720,"TUBO DE PVC CORRUGADO DE DUPLA PAREDE PARA REDE COLETORA DE ESGOTO, DN 350 MM, JUNTA ELÁSTICA, INSTALADO EM LOCAL COM NÍVEL ALTO DE INTERFERÊNCIAS - FORNECIMENTO E ASSENTAMENTO. AF_06/2015","M","COEFICIENTE DE REPRESENTATIVIDADE",188.69,"I","SINAPI",309,0.1667,"UN","COEFICIENTE DE REPRESENTATIVIDADE",0.1667,28.51,4.75,"","","","","","","","","","","CAIXA REFERENCIAL"]
["ASSENTAMENTO DE TUBOS E PECAS","ASTU","FORNEC E/OU ASSENT DE TUBO DE PVC COM JUNTA ELASTI",48,"","",90720,"TUBO DE PVC CORRUGADO DE DUPLA PAREDE PARA REDE COLETORA DE ESGOTO, DN 350 MM, JUNTA ELÁSTICA, INSTALADO EM LOCAL COM NÍVEL ALTO DE INTERFERÊNCIAS - FORNECIMENTO E ASSENTAMENTO. AF_06/2015","M","COEFICIENTE DE REPRESENTATIVIDADE",188.69,"I","SINAPI",20078,0.0229,"UN","COEFICIENTE DE REPRESENTATIVIDADE",0.0229,17.63,0.4,"","","","","","","","","","","CAIXA REFERENCIAL"]
["ASSENTAMENTO DE TUBOS E PECAS","ASTU","FORNEC E/OU ASSENT DE TUBO DE PVC COM JUNTA ELASTI",48,"","",90720,"TUBO DE PVC CORRUGADO DE DUPLA PAREDE PARA REDE COLETORA DE ESGOTO, DN 350 MM, JUNTA ELÁSTICA, INSTALADO EM LOCAL COM NÍVEL ALTO DE INTERFERÊNCIAS - FORNECIMENTO E ASSENTAMENTO. AF_06/2015","M","COEFICIENTE DE REPRESENTATIVIDADE",188.69,"I","SINAPI",38036,1.05,"M","COEFICIENTE DE REPRESENTATIVIDADE",1.05,166.29,174.6,"","","","","","","","","","","CAIXA REFERENCIAL"]
["ASSENTAMENTO DE TUBOS E PECAS","ASTU","FORNEC E/OU ASSENT DE TUBO DE PVC COM JUNTA ELASTI",48,"","",90720,"TUBO DE PVC CORRUGADO DE DUPLA PAREDE PARA REDE COLETORA DE ESGOTO, DN 350 MM, JUNTA ELÁSTICA, INSTALADO EM LOCAL COM NÍVEL ALTO DE INTERFERÊNCIAS - FORNECIMENTO E ASSENTAMENTO. AF_06/2015","M","COEFICIENTE DE REPRESENTATIVIDADE",188.69,"S","SINAPI",88246,0.2342,"H","COEFICIENTE DE REPRESENTATIVIDADE",0.2342,23.15,5.42,"","","","","","","","","","","CAIXA REFERENCIAL"]
["ASSENTAMENTO DE TUBOS E PECAS","ASTU","FORNEC E/OU ASSENT DE TUBO DE PVC COM JUNTA ELASTI",48,"","",90720,"TUBO DE PVC CORRUGADO DE DUPLA PAREDE PARA REDE COLETORA DE ESGOTO, DN 350 MM, JUNTA ELÁSTICA, INSTALADO EM LOCAL COM NÍVEL ALTO DE INTERFERÊNCIAS - FORNECIMENTO E ASSENTAMENTO. AF_06/2015","M","COEFICIENTE DE REPRESENTATIVIDADE",188.69,"S","SINAPI",88316,0.2342,"H","COEFICIENTE DE REPRESENTATIVIDADE",0.2342,15.03,3.52,"","","","","","","","","","","CAIXA REFERENCIAL"]
["ASSENTAMENTO DE TUBOS E PECAS","ASTU","FORNEC E/OU ASSENT DE TUBO DE PVC COM JUNTA ELASTI",48,"","",90721,"TUBO DE PVC CORRUGADO DE DUPLA PAREDE PARA REDE COLETORA DE ESGOTO, DN 400 MM, EM JUNTA ELÁSTICA, INSTALADO EM LOCAL COM NÍVEL ALTO DE INTERFERÊNCIAS - FORNECIMENTO E ASSENTAMENTO. AF_06/2015","M","COEFICIENTE DE REPRESENTATIVIDADE",232.57,"","SINAPI","","","","","","","",9.82,4.2262622,219.33,94.300362,3.42,1.4733758,0,0,0,0,"CAIXA REFERENCIAL"]
["ASSENTAMENTO DE TUBOS E PECAS","ASTU","FORNEC E/OU ASSENT DE TUBO DE PVC COM JUNTA ELASTI",48,"","",90721,"TUBO DE PVC CORRUGADO DE DUPLA PAREDE PARA REDE COLETORA DE ESGOTO, DN 400 MM, EM JUNTA ELÁSTICA, INSTALADO EM LOCAL COM NÍVEL ALTO DE INTERFERÊNCIAS - FORNECIMENTO E ASSENTAMENTO. AF_06/2015","M","COEFICIENTE DE REPRESENTATIVIDADE",232.57,"I","SINAPI",310,0.1667,"UN","COEFICIENTE DE REPRESENTATIVIDADE",0.1667,36.16,6.02,"","","","","","","","","","","CAIXA REFERENCIAL"]
["ASSENTAMENTO DE TUBOS E PECAS","ASTU","FORNEC E/OU ASSENT DE TUBO DE PVC COM JUNTA ELASTI",48,"","",90721,"TUBO DE PVC CORRUGADO DE DUPLA PAREDE PARA REDE COLETORA DE ESGOTO, DN 400 MM, EM JUNTA ELÁSTICA, INSTALADO EM LOCAL COM NÍVEL ALTO DE INTERFERÊNCIAS - FORNECIMENTO E ASSENTAMENTO. AF_06/2015","M","COEFICIENTE DE REPRESENTATIVIDADE",232.57,"S","SINAPI",5678,0.0803,"CHP","COEFICIENTE DE REPRESENTATIVIDADE",0.0803,100.23,8.04,"","","","","","","","","","","CAIXA REFERENCIAL"]
["ASSENTAMENTO DE TUBOS E PECAS","ASTU","FORNEC E/OU ASSENT DE TUBO DE PVC COM JUNTA ELASTI",48,"","",90721,"TUBO DE PVC CORRUGADO DE DUPLA PAREDE PARA REDE COLETORA DE ESGOTO, DN 400 MM, EM JUNTA ELÁSTICA, INSTALADO EM LOCAL COM NÍVEL ALTO DE INTERFERÊNCIAS - FORNECIMENTO E ASSENTAMENTO. AF_06/2015","M","COEFICIENTE DE REPRESENTATIVIDADE",232.57,"S","SINAPI",5679,0.0499,"CHI","COEFICIENTE DE REPRESENTATIVIDADE",0.0499,44.39,2.21,"","","","","","","","","","","CAIXA REFERENCIAL"]
["ASSENTAMENTO DE TUBOS E PECAS","ASTU","FORNEC E/OU ASSENT DE TUBO DE PVC COM JUNTA ELASTI",48,"","",90721,"TUBO DE PVC CORRUGADO DE DUPLA PAREDE PARA REDE COLETORA DE ESGOTO, DN 400 MM, EM JUNTA ELÁSTICA, INSTALADO EM LOCAL COM NÍVEL ALTO DE INTERFERÊNCIAS - FORNECIMENTO E ASSENTAMENTO. AF_06/2015","M","COEFICIENTE DE REPRESENTATIVIDADE",232.57,"I","SINAPI",20078,0.025,"UN","COEFICIENTE DE REPRESENTATIVIDADE",0.025,17.63,0.44,"","","","","","","","","","","CAIXA REFERENCIAL"]
["ASSENTAMENTO DE TUBOS E PECAS","ASTU","FORNEC E/OU ASSENT DE TUBO DE PVC COM JUNTA ELASTI",48,"","",90721,"TUBO DE PVC CORRUGADO DE DUPLA PAREDE PARA REDE COLETORA DE ESGOTO, DN 400 MM, EM JUNTA ELÁSTICA, INSTALADO EM LOCAL COM NÍVEL ALTO DE INTERFERÊNCIAS - FORNECIMENTO E ASSENTAMENTO. AF_06/2015","M","COEFICIENTE DE REPRESENTATIVIDADE",232.57,"I","SINAPI",38037,1.05,"M","COEFICIENTE DE REPRESENTATIVIDADE",1.05,196.59,206.41,"","","","","","","","","","","CAIXA REFERENCIAL"]
["ASSENTAMENTO DE TUBOS E PECAS","ASTU","FORNEC E/OU ASSENT DE TUBO DE PVC COM JUNTA ELASTI",48,"","",90721,"TUBO DE PVC CORRUGADO DE DUPLA PAREDE PARA REDE COLETORA DE ESGOTO, DN 400 MM, EM JUNTA ELÁSTICA, INSTALADO EM LOCAL COM NÍVEL ALTO DE INTERFERÊNCIAS - FORNECIMENTO E ASSENTAMENTO. AF_06/2015","M","COEFICIENTE DE REPRESENTATIVIDADE",232.57,"S","SINAPI",88246,0.2476,"H","COEFICIENTE DE REPRESENTATIVIDADE",0.2476,23.15,5.73,"","","","","","","","","","","CAIXA REFERENCIAL"]
["ASSENTAMENTO DE TUBOS E PECAS","ASTU","FORNEC E/OU ASSENT DE TUBO DE PVC COM JUNTA ELASTI",48,"","",90721,"TUBO DE PVC CORRUGADO DE DUPLA PAREDE PARA REDE COLETORA DE ESGOTO, DN 400 MM, EM JUNTA ELÁSTICA, INSTALADO EM LOCAL COM NÍVEL ALTO DE INTERFERÊNCIAS - FORNECIMENTO E ASSENTAMENTO. AF_06/2015","M","COEFICIENTE DE REPRESENTATIVIDADE",232.57,"S","SINAPI",88316,0.2476,"H","COEFICIENTE DE REPRESENTATIVIDADE",0.2476,15.03,3.72,"","","","","","","","","","","CAIXA REFERENCIAL"]
["ASSENTAMENTO DE TUBOS E PECAS","ASTU","FORNEC E/OU ASSENT DE TUBO DE PVC COM JUNTA ELASTI",48,"","",90723,"TUBO DE PEAD CORRUGADO DE DUPLA PAREDE PARA REDE COLETORA DE ESGOTO, DN 600 MM, JUNTA ELÁSTICA INTEGRADA, INSTALADO EM LOCAL COM NÍVEL ALTO DE INTERFERÊNCIAS - FORNECIMENTO E ASSENTAMENTO. AF_06/2015","M","COEFICIENTE DE REPRESENTATIVIDADE",366.03,"","SINAPI","","","","","","","",6.12,1.6736401,355.88,97.2242734,4.03,1.1020865,0,0,0,0,"CAIXA REFERENCIAL"]
["ASSENTAMENTO DE TUBOS E PECAS","ASTU","FORNEC E/OU ASSENT DE TUBO DE PVC COM JUNTA ELASTI",48,"","",90723,"TUBO DE PEAD CORRUGADO DE DUPLA PAREDE PARA REDE COLETORA DE ESGOTO, DN 600 MM, JUNTA ELÁSTICA INTEGRADA, INSTALADO EM LOCAL COM NÍVEL ALTO DE INTERFERÊNCIAS - FORNECIMENTO E ASSENTAMENTO. AF_06/2015","M","COEFICIENTE DE REPRESENTATIVIDADE",366.03,"S","SINAPI",5631,0.0502,"CHP","COEFICIENTE DE REPRESENTATIVIDADE",0.0502,137.46,6.9,"","","","","","","","","","","CAIXA REFERENCIAL"]
["ASSENTAMENTO DE TUBOS E PECAS","ASTU","FORNEC E/OU ASSENT DE TUBO DE PVC COM JUNTA ELASTI",48,"","",90723,"TUBO DE PEAD CORRUGADO DE DUPLA PAREDE PARA REDE COLETORA DE ESGOTO, DN 600 MM, JUNTA ELÁSTICA INTEGRADA, INSTALADO EM LOCAL COM NÍVEL ALTO DE INTERFERÊNCIAS - FORNECIMENTO E ASSENTAMENTO. AF_06/2015","M","COEFICIENTE DE REPRESENTATIVIDADE",366.03,"S","SINAPI",5632,0.0312,"CHI","COEFICIENTE DE REPRESENTATIVIDADE",0.0312,58.95,1.83,"","","","","","","","","","","CAIXA REFERENCIAL"]
["ASSENTAMENTO DE TUBOS E PECAS","ASTU","FORNEC E/OU ASSENT DE TUBO DE PVC COM JUNTA ELASTI",48,"","",90723,"TUBO DE PEAD CORRUGADO DE DUPLA PAREDE PARA REDE COLETORA DE ESGOTO, DN 600 MM, JUNTA ELÁSTICA INTEGRADA, INSTALADO EM LOCAL COM NÍVEL ALTO DE INTERFERÊNCIAS - FORNECIMENTO E ASSENTAMENTO. AF_06/2015","M","COEFICIENTE DE REPRESENTATIVIDADE",366.03,"I","SINAPI",20078,0.0694,"UN","COEFICIENTE DE REPRESENTATIVIDADE",0.0694,17.63,1.22,"","","","","","","","","","","CAIXA REFERENCIAL"]
["ASSENTAMENTO DE TUBOS E PECAS","ASTU","FORNEC E/OU ASSENT DE TUBO DE PVC COM JUNTA ELASTI",48,"","",90723,"TUBO DE PEAD CORRUGADO DE DUPLA PAREDE PARA REDE COLETORA DE ESGOTO, DN 600 MM, JUNTA ELÁSTICA INTEGRADA, INSTALADO EM LOCAL COM NÍVEL ALTO DE INTERFERÊNCIAS - FORNECIMENTO E ASSENTAMENTO. AF_06/2015","M","COEFICIENTE DE REPRESENTATIVIDADE",366.03,"I","SINAPI",41782,1.05,"M","COEFICIENTE DE REPRESENTATIVIDADE",1.05,333.51,350.18,"","","","","","","","","","","CAIXA REFERENCIAL"]
["ASSENTAMENTO DE TUBOS E PECAS","ASTU","FORNEC E/OU ASSENT DE TUBO DE PVC COM JUNTA ELASTI",48,"","",90723,"TUBO DE PEAD CORRUGADO DE DUPLA PAREDE PARA REDE COLETORA DE ESGOTO, DN 600 MM, JUNTA ELÁSTICA INTEGRADA, INSTALADO EM LOCAL COM NÍVEL ALTO DE INTERFERÊNCIAS - FORNECIMENTO E ASSENTAMENTO. AF_06/2015","M","COEFICIENTE DE REPRESENTATIVIDADE",366.03,"S","SINAPI",88246,0.1549,"H","COEFICIENTE DE REPRESENTATIVIDADE",0.1549,23.15,3.58,"","","","","","","","","","","CAIXA REFERENCIAL"]
["ASSENTAMENTO DE TUBOS E PECAS","ASTU","FORNEC E/OU ASSENT DE TUBO DE PVC COM JUNTA ELASTI",48,"","",90723,"TUBO DE PEAD CORRUGADO DE DUPLA PAREDE PARA REDE COLETORA DE ESGOTO, DN 600 MM, JUNTA ELÁSTICA INTEGRADA, INSTALADO EM LOCAL COM NÍVEL ALTO DE INTERFERÊNCIAS - FORNECIMENTO E ASSENTAMENTO. AF_06/2015","M","COEFICIENTE DE REPRESENTATIVIDADE",366.03,"S","SINAPI",88316,0.1549,"H","COEFICIENTE DE REPRESENTATIVIDADE",0.1549,15.03,2.32,"","","","","","","","","","","CAIXA REFERENCIAL"]
["ASSENTAMENTO DE TUBOS E PECAS","ASTU","FORNEC E/OU ASSENT DE TUBO DE PVC COM JUNTA ELASTI",48,"","",90724,"JUNTA ARGAMASSADA ENTRE TUBO DN 100 MM E O POÇO DE VISITA/ CAIXA DE CONCRETO OU ALVENARIA EM REDES DE ESGOTO. AF_06/2015","UN","COEFICIENTE DE REPRESENTATIVIDADE",21,"","SINAPI","","","","","","","",14.5,69.0418875,6.44,30.6692344,0.06,0.2888781,0,0,0,0,"CAIXA REFERENCIAL"]
["ASSENTAMENTO DE TUBOS E PECAS","ASTU","FORNEC E/OU ASSENT DE TUBO DE PVC COM JUNTA ELASTI",48,"","",90724,"JUNTA ARGAMASSADA ENTRE TUBO DN 100 MM E O POÇO DE VISITA/ CAIXA DE CONCRETO OU ALVENARIA EM REDES DE ESGOTO. AF_06/2015","UN","COEFICIENTE DE REPRESENTATIVIDADE",21,"S","SINAPI",88246,0.5086,"H","COEFICIENTE DE REPRESENTATIVIDADE",0.5086,23.15,11.77,"","","","","","","","","","","CAIXA REFERENCIAL"]
["ASSENTAMENTO DE TUBOS E PECAS","ASTU","FORNEC E/OU ASSENT DE TUBO DE PVC COM JUNTA ELASTI",48,"","",90724,"JUNTA ARGAMASSADA ENTRE TUBO DN 100 MM E O POÇO DE VISITA/ CAIXA DE CONCRETO OU ALVENARIA EM REDES DE ESGOTO. AF_06/2015","UN","COEFICIENTE DE REPRESENTATIVIDADE",21,"S","SINAPI",88316,0.5086,"H","COEFICIENTE DE REPRESENTATIVIDADE",0.5086,15.03,7.64,"","","","","","","","","","","CAIXA REFERENCIAL"]
["ASSENTAMENTO DE TUBOS E PECAS","ASTU","FORNEC E/OU ASSENT DE TUBO DE PVC COM JUNTA ELASTI",48,"","",90724,"JUNTA ARGAMASSADA ENTRE TUBO DN 100 MM E O POÇO DE VISITA/ CAIXA DE CONCRETO OU ALVENARIA EM REDES DE ESGOTO. AF_06/2015","UN","COEFICIENTE DE REPRESENTATIVIDADE",21,"S","SINAPI",88629,0.0037,"M3","COEFICIENTE DE REPRESENTATIVIDADE",0.0037,432.29,1.59,"","","","","","","","","","","CAIXA REFERENCIAL"]
["ASSENTAMENTO DE TUBOS E PECAS","ASTU","FORNEC E/OU ASSENT DE TUBO DE PVC COM JUNTA ELASTI",48,"","",90725,"JUNTA ARGAMASSADA ENTRE TUBO DN 150 MM E O POÇO DE VISITA/ CAIXA DE CONCRETO OU ALVENARIA EM REDES DE ESGOTO. AF_06/2015","UN","COEFICIENTE DE REPRESENTATIVIDADE",25.93,"","SINAPI","","","","","","","",17.79,68.5792351,8.08,31.1865729,0.06,0.234192,0,0,0,0,"CAIXA REFERENCIAL"]
["ASSENTAMENTO DE TUBOS E PECAS","ASTU","FORNEC E/OU ASSENT DE TUBO DE PVC COM JUNTA ELASTI",48,"","",90725,"JUNTA ARGAMASSADA ENTRE TUBO DN 150 MM E O POÇO DE VISITA/ CAIXA DE CONCRETO OU ALVENARIA EM REDES DE ESGOTO. AF_06/2015","UN","COEFICIENTE DE REPRESENTATIVIDADE",25.93,"S","SINAPI",88246,0.6217,"H","COEFICIENTE DE REPRESENTATIVIDADE",0.6217,23.15,14.39,"","","","","","","","","","","CAIXA REFERENCIAL"]
["ASSENTAMENTO DE TUBOS E PECAS","ASTU","FORNEC E/OU ASSENT DE TUBO DE PVC COM JUNTA ELASTI",48,"","",90725,"JUNTA ARGAMASSADA ENTRE TUBO DN 150 MM E O POÇO DE VISITA/ CAIXA DE CONCRETO OU ALVENARIA EM REDES DE ESGOTO. AF_06/2015","UN","COEFICIENTE DE REPRESENTATIVIDADE",25.93,"S","SINAPI",88316,0.6217,"H","COEFICIENTE DE REPRESENTATIVIDADE",0.6217,15.03,9.34,"","","","","","","","","","","CAIXA REFERENCIAL"]
["ASSENTAMENTO DE TUBOS E PECAS","ASTU","FORNEC E/OU ASSENT DE TUBO DE PVC COM JUNTA ELASTI",48,"","",90725,"JUNTA ARGAMASSADA ENTRE TUBO DN 150 MM E O POÇO DE VISITA/ CAIXA DE CONCRETO OU ALVENARIA EM REDES DE ESGOTO. AF_06/2015","UN","COEFICIENTE DE REPRESENTATIVIDADE",25.93,"S","SINAPI",88629,0.0051,"M3","COEFICIENTE DE REPRESENTATIVIDADE",0.0051,432.29,2.2,"","","","","","","","","","","CAIXA REFERENCIAL"]
["ASSENTAMENTO DE TUBOS E PECAS","ASTU","FORNEC E/OU ASSENT DE TUBO DE PVC COM JUNTA ELASTI",48,"","",90726,"JUNTA ARGAMASSADA ENTRE TUBO DN 200 MM E O POÇO/ CAIXA DE CONCRETO OU ALVENARIA EM REDES DE ESGOTO. AF_06/2015","UN","COEFICIENTE DE REPRESENTATIVIDADE",30.85,"","SINAPI","","","","","","","",21.03,68.1401442,9.76,31.6633922,0.06,0.1964636,0,0,0,0,"CAIXA REFERENCIAL"]
["ASSENTAMENTO DE TUBOS E PECAS","ASTU","FORNEC E/OU ASSENT DE TUBO DE PVC COM JUNTA ELASTI",48,"","",90726,"JUNTA ARGAMASSADA ENTRE TUBO DN 200 MM E O POÇO/ CAIXA DE CONCRETO OU ALVENARIA EM REDES DE ESGOTO. AF_06/2015","UN","COEFICIENTE DE REPRESENTATIVIDADE",30.85,"S","SINAPI",88246,0.7348,"H","COEFICIENTE DE REPRESENTATIVIDADE",0.7348,23.15,17.01,"","","","","","","","","","","CAIXA REFERENCIAL"]
["ASSENTAMENTO DE TUBOS E PECAS","ASTU","FORNEC E/OU ASSENT DE TUBO DE PVC COM JUNTA ELASTI",48,"","",90726,"JUNTA ARGAMASSADA ENTRE TUBO DN 200 MM E O POÇO/ CAIXA DE CONCRETO OU ALVENARIA EM REDES DE ESGOTO. AF_06/2015","UN","COEFICIENTE DE REPRESENTATIVIDADE",30.85,"S","SINAPI",88316,0.7348,"H","COEFICIENTE DE REPRESENTATIVIDADE",0.7348,15.03,11.04,"","","","","","","","","","","CAIXA REFERENCIAL"]
["ASSENTAMENTO DE TUBOS E PECAS","ASTU","FORNEC E/OU ASSENT DE TUBO DE PVC COM JUNTA ELASTI",48,"","",90726,"JUNTA ARGAMASSADA ENTRE TUBO DN 200 MM E O POÇO/ CAIXA DE CONCRETO OU ALVENARIA EM REDES DE ESGOTO. AF_06/2015","UN","COEFICIENTE DE REPRESENTATIVIDADE",30.85,"S","SINAPI",88629,0.0065,"M3","COEFICIENTE DE REPRESENTATIVIDADE",0.0065,432.29,2.8,"","","","","","","","","","","CAIXA REFERENCIAL"]
["ASSENTAMENTO DE TUBOS E PECAS","ASTU","FORNEC E/OU ASSENT DE TUBO DE PVC COM JUNTA ELASTI",48,"","",90727,"JUNTA ARGAMASSADA ENTRE TUBO DN 250 MM E O POÇO DE VISITA/ CAIXA DE CONCRETO OU ALVENARIA EM REDES DE ESGOTO. AF_06/2015","UN","COEFICIENTE DE REPRESENTATIVIDADE",35.77,"","SINAPI","","","","","","","",24.33,68.0045224,11.36,31.7693612,0.08,0.2261164,0,0,0,0,"CAIXA REFERENCIAL"]
["ASSENTAMENTO DE TUBOS E PECAS","ASTU","FORNEC E/OU ASSENT DE TUBO DE PVC COM JUNTA ELASTI",48,"","",90727,"JUNTA ARGAMASSADA ENTRE TUBO DN 250 MM E O POÇO DE VISITA/ CAIXA DE CONCRETO OU ALVENARIA EM REDES DE ESGOTO. AF_06/2015","UN","COEFICIENTE DE REPRESENTATIVIDADE",35.77,"S","SINAPI",88246,0.8479,"H","COEFICIENTE DE REPRESENTATIVIDADE",0.8479,23.15,19.62,"","","","","","","","","","","CAIXA REFERENCIAL"]
["ASSENTAMENTO DE TUBOS E PECAS","ASTU","FORNEC E/OU ASSENT DE TUBO DE PVC COM JUNTA ELASTI",48,"","",90727,"JUNTA ARGAMASSADA ENTRE TUBO DN 250 MM E O POÇO DE VISITA/ CAIXA DE CONCRETO OU ALVENARIA EM REDES DE ESGOTO. AF_06/2015","UN","COEFICIENTE DE REPRESENTATIVIDADE",35.77,"S","SINAPI",88316,0.8479,"H","COEFICIENTE DE REPRESENTATIVIDADE",0.8479,15.03,12.74,"","","","","","","","","","","CAIXA REFERENCIAL"]
["ASSENTAMENTO DE TUBOS E PECAS","ASTU","FORNEC E/OU ASSENT DE TUBO DE PVC COM JUNTA ELASTI",48,"","",90727,"JUNTA ARGAMASSADA ENTRE TUBO DN 250 MM E O POÇO DE VISITA/ CAIXA DE CONCRETO OU ALVENARIA EM REDES DE ESGOTO. AF_06/2015","UN","COEFICIENTE DE REPRESENTATIVIDADE",35.77,"S","SINAPI",88629,0.0079,"M3","COEFICIENTE DE REPRESENTATIVIDADE",0.0079,432.29,3.41,"","","","","","","","","","","CAIXA REFERENCIAL"]
["ASSENTAMENTO DE TUBOS E PECAS","ASTU","FORNEC E/OU ASSENT DE TUBO DE PVC COM JUNTA ELASTI",48,"","",90728,"JUNTA ARGAMASSADA ENTRE TUBO DN 300 MM E O POÇO DE VISITA/ CAIXA DE CONCRETO OU ALVENARIA EM REDES DE ESGOTO. AF_06/2015","UN","COEFICIENTE DE REPRESENTATIVIDADE",40.7,"","SINAPI","","","","","","","",27.65,67.9184284,12.97,31.8826162,0.08,0.1989554,0,0,0,0,"CAIXA REFERENCIAL"]
["ASSENTAMENTO DE TUBOS E PECAS","ASTU","FORNEC E/OU ASSENT DE TUBO DE PVC COM JUNTA ELASTI",48,"","",90728,"JUNTA ARGAMASSADA ENTRE TUBO DN 300 MM E O POÇO DE VISITA/ CAIXA DE CONCRETO OU ALVENARIA EM REDES DE ESGOTO. AF_06/2015","UN","COEFICIENTE DE REPRESENTATIVIDADE",40.7,"S","SINAPI",88246,0.961,"H","COEFICIENTE DE REPRESENTATIVIDADE",0.961,23.15,22.24,"","","","","","","","","","","CAIXA REFERENCIAL"]
["ASSENTAMENTO DE TUBOS E PECAS","ASTU","FORNEC E/OU ASSENT DE TUBO DE PVC COM JUNTA ELASTI",48,"","",90728,"JUNTA ARGAMASSADA ENTRE TUBO DN 300 MM E O POÇO DE VISITA/ CAIXA DE CONCRETO OU ALVENARIA EM REDES DE ESGOTO. AF_06/2015","UN","COEFICIENTE DE REPRESENTATIVIDADE",40.7,"S","SINAPI",88316,0.961,"H","COEFICIENTE DE REPRESENTATIVIDADE",0.961,15.03,14.44,"","","","","","","","","","","CAIXA REFERENCIAL"]
["ASSENTAMENTO DE TUBOS E PECAS","ASTU","FORNEC E/OU ASSENT DE TUBO DE PVC COM JUNTA ELASTI",48,"","",90728,"JUNTA ARGAMASSADA ENTRE TUBO DN 300 MM E O POÇO DE VISITA/ CAIXA DE CONCRETO OU ALVENARIA EM REDES DE ESGOTO. AF_06/2015","UN","COEFICIENTE DE REPRESENTATIVIDADE",40.7,"S","SINAPI",88629,0.0093,"M3","COEFICIENTE DE REPRESENTATIVIDADE",0.0093,432.29,4.02,"","","","","","","","","","","CAIXA REFERENCIAL"]
["ASSENTAMENTO DE TUBOS E PECAS","ASTU","FORNEC E/OU ASSENT DE TUBO DE PVC COM JUNTA ELASTI",48,"","",90729,"JUNTA ARGAMASSADA ENTRE TUBO DN 350 MM E O POÇO DE VISITA/ CAIXA DE CONCRETO OU ALVENARIA EM REDES DE ESGOTO. AF_06/2015","UN","COEFICIENTE DE REPRESENTATIVIDADE",45.62,"","SINAPI","","","","","","","",30.74,67.3797972,14.76,32.3555359,0.12,0.2646669,0,0,0,0,"CAIXA REFERENCIAL"]
["ASSENTAMENTO DE TUBOS E PECAS","ASTU","FORNEC E/OU ASSENT DE TUBO DE PVC COM JUNTA ELASTI",48,"","",90729,"JUNTA ARGAMASSADA ENTRE TUBO DN 350 MM E O POÇO DE VISITA/ CAIXA DE CONCRETO OU ALVENARIA EM REDES DE ESGOTO. AF_06/2015","UN","COEFICIENTE DE REPRESENTATIVIDADE",45.62,"S","SINAPI",88246,1.0741,"H","COEFICIENTE DE REPRESENTATIVIDADE",1.0741,23.15,24.86,"","","","","","","","","","","CAIXA REFERENCIAL"]
["ASSENTAMENTO DE TUBOS E PECAS","ASTU","FORNEC E/OU ASSENT DE TUBO DE PVC COM JUNTA ELASTI",48,"","",90729,"JUNTA ARGAMASSADA ENTRE TUBO DN 350 MM E O POÇO DE VISITA/ CAIXA DE CONCRETO OU ALVENARIA EM REDES DE ESGOTO. AF_06/2015","UN","COEFICIENTE DE REPRESENTATIVIDADE",45.62,"S","SINAPI",88316,1.0741,"H","COEFICIENTE DE REPRESENTATIVIDADE",1.0741,15.03,16.14,"","","","","","","","","","","CAIXA REFERENCIAL"]
["ASSENTAMENTO DE TUBOS E PECAS","ASTU","FORNEC E/OU ASSENT DE TUBO DE PVC COM JUNTA ELASTI",48,"","",90729,"JUNTA ARGAMASSADA ENTRE TUBO DN 350 MM E O POÇO DE VISITA/ CAIXA DE CONCRETO OU ALVENARIA EM REDES DE ESGOTO. AF_06/2015","UN","COEFICIENTE DE REPRESENTATIVIDADE",45.62,"S","SINAPI",88629,0.0107,"M3","COEFICIENTE DE REPRESENTATIVIDADE",0.0107,432.29,4.62,"","","","","","","","","","","CAIXA REFERENCIAL"]
["ASSENTAMENTO DE TUBOS E PECAS","ASTU","FORNEC E/OU ASSENT DE TUBO DE PVC COM JUNTA ELASTI",48,"","",90730,"JUNTA ARGAMASSADA ENTRE TUBO DN 400 MM E O POÇO DE VISITA/ CAIXA DE CONCRETO OU ALVENARIA EM REDES DE ESGOTO. AF_06/2015","UN","COEFICIENTE DE REPRESENTATIVIDADE",50.59,"","SINAPI","","","","","","","",34.03,67.2640383,16.44,32.4970131,0.12,0.2389486,0,0,0,0,"CAIXA REFERENCIAL"]
["ASSENTAMENTO DE TUBOS E PECAS","ASTU","FORNEC E/OU ASSENT DE TUBO DE PVC COM JUNTA ELASTI",48,"","",90730,"JUNTA ARGAMASSADA ENTRE TUBO DN 400 MM E O POÇO DE VISITA/ CAIXA DE CONCRETO OU ALVENARIA EM REDES DE ESGOTO. AF_06/2015","UN","COEFICIENTE DE REPRESENTATIVIDADE",50.59,"S","SINAPI",88246,1.1872,"H","COEFICIENTE DE REPRESENTATIVIDADE",1.1872,23.15,27.48,"","","","","","","","","","","CAIXA REFERENCIAL"]
["ASSENTAMENTO DE TUBOS E PECAS","ASTU","FORNEC E/OU ASSENT DE TUBO DE PVC COM JUNTA ELASTI",48,"","",90730,"JUNTA ARGAMASSADA ENTRE TUBO DN 400 MM E O POÇO DE VISITA/ CAIXA DE CONCRETO OU ALVENARIA EM REDES DE ESGOTO. AF_06/2015","UN","COEFICIENTE DE REPRESENTATIVIDADE",50.59,"S","SINAPI",88316,1.1872,"H","COEFICIENTE DE REPRESENTATIVIDADE",1.1872,15.03,17.84,"","","","","","","","","","","CAIXA REFERENCIAL"]
["ASSENTAMENTO DE TUBOS E PECAS","ASTU","FORNEC E/OU ASSENT DE TUBO DE PVC COM JUNTA ELASTI",48,"","",90730,"JUNTA ARGAMASSADA ENTRE TUBO DN 400 MM E O POÇO DE VISITA/ CAIXA DE CONCRETO OU ALVENARIA EM REDES DE ESGOTO. AF_06/2015","UN","COEFICIENTE DE REPRESENTATIVIDADE",50.59,"S","SINAPI",88629,0.0122,"M3","COEFICIENTE DE REPRESENTATIVIDADE",0.0122,432.29,5.27,"","","","","","","","","","","CAIXA REFERENCIAL"]
["ASSENTAMENTO DE TUBOS E PECAS","ASTU","FORNEC E/OU ASSENT DE TUBO DE PVC COM JUNTA ELASTI",48,"","",90731,"JUNTA ARGAMASSADA ENTRE TUBO DN 450 MM E O POÇO DE VISITA/ CAIXA DE CONCRETO OU ALVENARIA EM REDES DE ESGOTO. AF_06/2015","UN","COEFICIENTE DE REPRESENTATIVIDADE",55.51,"","SINAPI","","","","","","","",37.28,67.1441524,18.09,32.6019945,0.14,0.2538531,0,0,0,0,"CAIXA REFERENCIAL"]
["ASSENTAMENTO DE TUBOS E PECAS","ASTU","FORNEC E/OU ASSENT DE TUBO DE PVC COM JUNTA ELASTI",48,"","",90731,"JUNTA ARGAMASSADA ENTRE TUBO DN 450 MM E O POÇO DE VISITA/ CAIXA DE CONCRETO OU ALVENARIA EM REDES DE ESGOTO. AF_06/2015","UN","COEFICIENTE DE REPRESENTATIVIDADE",55.51,"S","SINAPI",88246,1.3003,"H","COEFICIENTE DE REPRESENTATIVIDADE",1.3003,23.15,30.1,"","","","","","","","","","","CAIXA REFERENCIAL"]
["ASSENTAMENTO DE TUBOS E PECAS","ASTU","FORNEC E/OU ASSENT DE TUBO DE PVC COM JUNTA ELASTI",48,"","",90731,"JUNTA ARGAMASSADA ENTRE TUBO DN 450 MM E O POÇO DE VISITA/ CAIXA DE CONCRETO OU ALVENARIA EM REDES DE ESGOTO. AF_06/2015","UN","COEFICIENTE DE REPRESENTATIVIDADE",55.51,"S","SINAPI",88316,1.3003,"H","COEFICIENTE DE REPRESENTATIVIDADE",1.3003,15.03,19.54,"","","","","","","","","","","CAIXA REFERENCIAL"]
["ASSENTAMENTO DE TUBOS E PECAS","ASTU","FORNEC E/OU ASSENT DE TUBO DE PVC COM JUNTA ELASTI",48,"","",90731,"JUNTA ARGAMASSADA ENTRE TUBO DN 450 MM E O POÇO DE VISITA/ CAIXA DE CONCRETO OU ALVENARIA EM REDES DE ESGOTO. AF_06/2015","UN","COEFICIENTE DE REPRESENTATIVIDADE",55.51,"S","SINAPI",88629,0.0136,"M3","COEFICIENTE DE REPRESENTATIVIDADE",0.0136,432.29,5.87,"","","","","","","","","","","CAIXA REFERENCIAL"]
["ASSENTAMENTO DE TUBOS E PECAS","ASTU","FORNEC E/OU ASSENT DE TUBO DE PVC COM JUNTA ELASTI",48,"","",90732,"JUNTA ARGAMASSADA ENTRE TUBO DN 600 MM E O POÇO DE VISITA/ CAIXA DE CONCRETO OU ALVENARIA EM REDES DE ESGOTO. AF_06/2015","UN","COEFICIENTE DE REPRESENTATIVIDADE",70.28,"","SINAPI","","","","","","","",47.02,66.9003005,23.08,32.8422257,0.18,0.2574738,0,0,0,0,"CAIXA REFERENCIAL"]
["ASSENTAMENTO DE TUBOS E PECAS","ASTU","FORNEC E/OU ASSENT DE TUBO DE PVC COM JUNTA ELASTI",48,"","",90732,"JUNTA ARGAMASSADA ENTRE TUBO DN 600 MM E O POÇO DE VISITA/ CAIXA DE CONCRETO OU ALVENARIA EM REDES DE ESGOTO. AF_06/2015","UN","COEFICIENTE DE REPRESENTATIVIDADE",70.28,"S","SINAPI",88246,1.6396,"H","COEFICIENTE DE REPRESENTATIVIDADE",1.6396,23.15,37.95,"","","","","","","","","","","CAIXA REFERENCIAL"]
["ASSENTAMENTO DE TUBOS E PECAS","ASTU","FORNEC E/OU ASSENT DE TUBO DE PVC COM JUNTA ELASTI",48,"","",90732,"JUNTA ARGAMASSADA ENTRE TUBO DN 600 MM E O POÇO DE VISITA/ CAIXA DE CONCRETO OU ALVENARIA EM REDES DE ESGOTO. AF_06/2015","UN","COEFICIENTE DE REPRESENTATIVIDADE",70.28,"S","SINAPI",88316,1.6396,"H","COEFICIENTE DE REPRESENTATIVIDADE",1.6396,15.03,24.64,"","","","","","","","","","","CAIXA REFERENCIAL"]
["ASSENTAMENTO DE TUBOS E PECAS","ASTU","FORNEC E/OU ASSENT DE TUBO DE PVC COM JUNTA ELASTI",48,"","",90732,"JUNTA ARGAMASSADA ENTRE TUBO DN 600 MM E O POÇO DE VISITA/ CAIXA DE CONCRETO OU ALVENARIA EM REDES DE ESGOTO. AF_06/2015","UN","COEFICIENTE DE REPRESENTATIVIDADE",70.28,"S","SINAPI",88629,0.0178,"M3","COEFICIENTE DE REPRESENTATIVIDADE",0.0178,432.29,7.69,"","","","","","","","","","","CAIXA REFERENCIAL"]
["ASSENTAMENTO DE TUBOS E PECAS","ASTU","FORNEC E/OU ASSENT DE TUBO DE PVC COM JUNTA ELASTI",48,"","",90733,"ASSENTAMENTO DE TUBO DE PVC PARA REDE COLETORA DE ESGOTO DE PAREDE MACIÇA, DN 100 MM, JUNTA ELÁSTICA, INSTALADO EM LOCAL COM NÍVEL BAIXO DE INTERFERÊNCIAS (NÃO INCLUI FORNECIMENTO). AF_06/2015","M","COEFICIENTE DE REPRESENTATIVIDADE",2.28,"","SINAPI","","","","","","","",1.77,77.3584906,0.51,22.6415094,0,0,0,0,0,0,"CAIXA REFERENCIAL"]
["ASSENTAMENTO DE TUBOS E PECAS","ASTU","FORNEC E/OU ASSENT DE TUBO DE PVC COM JUNTA ELASTI",48,"","",90733,"ASSENTAMENTO DE TUBO DE PVC PARA REDE COLETORA DE ESGOTO DE PAREDE MACIÇA, DN 100 MM, JUNTA ELÁSTICA, INSTALADO EM LOCAL COM NÍVEL BAIXO DE INTERFERÊNCIAS (NÃO INCLUI FORNECIMENTO). AF_06/2015","M","COEFICIENTE DE REPRESENTATIVIDADE",2.28,"S","SINAPI",88246,0.06,"H","COEFICIENTE DE REPRESENTATIVIDADE",0.06,23.15,1.38,"","","","","","","","","","","CAIXA REFERENCIAL"]
["ASSENTAMENTO DE TUBOS E PECAS","ASTU","FORNEC E/OU ASSENT DE TUBO DE PVC COM JUNTA ELASTI",48,"","",90733,"ASSENTAMENTO DE TUBO DE PVC PARA REDE COLETORA DE ESGOTO DE PAREDE MACIÇA, DN 100 MM, JUNTA ELÁSTICA, INSTALADO EM LOCAL COM NÍVEL BAIXO DE INTERFERÊNCIAS (NÃO INCLUI FORNECIMENTO). AF_06/2015","M","COEFICIENTE DE REPRESENTATIVIDADE",2.28,"S","SINAPI",88316,0.06,"H","COEFICIENTE DE REPRESENTATIVIDADE",0.06,15.03,0.9,"","","","","","","","","","","CAIXA REFERENCIAL"]
["ASSENTAMENTO DE TUBOS E PECAS","ASTU","FORNEC E/OU ASSENT DE TUBO DE PVC COM JUNTA ELASTI",48,"","",90734,"ASSENTAMENTO DE TUBO DE PVC PARA REDE COLETORA DE ESGOTO DE PAREDE MACIÇA, DN 150 MM, JUNTA ELÁSTICA, INSTALADO EM LOCAL COM NÍVEL BAIXO DE INTERFERÊNCIAS (NÃO INCLUI FORNECIMENTO). AF_06/2015","M","COEFICIENTE DE REPRESENTATIVIDADE",2.77,"","SINAPI","","","","","","","",2.14,76.923077,0.63,23.076923,0,0,0,0,0,0,"CAIXA REFERENCIAL"]
["ASSENTAMENTO DE TUBOS E PECAS","ASTU","FORNEC E/OU ASSENT DE TUBO DE PVC COM JUNTA ELASTI",48,"","",90734,"ASSENTAMENTO DE TUBO DE PVC PARA REDE COLETORA DE ESGOTO DE PAREDE MACIÇA, DN 150 MM, JUNTA ELÁSTICA, INSTALADO EM LOCAL COM NÍVEL BAIXO DE INTERFERÊNCIAS (NÃO INCLUI FORNECIMENTO). AF_06/2015","M","COEFICIENTE DE REPRESENTATIVIDADE",2.77,"S","SINAPI",88246,0.073,"H","COEFICIENTE DE REPRESENTATIVIDADE",0.073,23.15,1.68,"","","","","","","","","","","CAIXA REFERENCIAL"]
["ASSENTAMENTO DE TUBOS E PECAS","ASTU","FORNEC E/OU ASSENT DE TUBO DE PVC COM JUNTA ELASTI",48,"","",90734,"ASSENTAMENTO DE TUBO DE PVC PARA REDE COLETORA DE ESGOTO DE PAREDE MACIÇA, DN 150 MM, JUNTA ELÁSTICA, INSTALADO EM LOCAL COM NÍVEL BAIXO DE INTERFERÊNCIAS (NÃO INCLUI FORNECIMENTO). AF_06/2015","M","COEFICIENTE DE REPRESENTATIVIDADE",2.77,"S","SINAPI",88316,0.073,"H","COEFICIENTE DE REPRESENTATIVIDADE",0.073,15.03,1.09,"","","","","","","","","","","CAIXA REFERENCIAL"]
["ASSENTAMENTO DE TUBOS E PECAS","ASTU","FORNEC E/OU ASSENT DE TUBO DE PVC COM JUNTA ELASTI",48,"","",90735,"ASSENTAMENTO DE TUBO DE PVC PARA REDE COLETORA DE ESGOTO DE PAREDE MACIÇA, DN 200 MM, JUNTA ELÁSTICA, INSTALADO EM LOCAL COM NÍVEL BAIXO DE INTERFERÊNCIAS (NÃO INCLUI FORNECIMENTO). AF_06/2015","M","COEFICIENTE DE REPRESENTATIVIDADE",3.3,"","SINAPI","","","","","","","",2.51,75.7961784,0.79,24.2038216,0,0,0,0,0,0,"CAIXA REFERENCIAL"]
["ASSENTAMENTO DE TUBOS E PECAS","ASTU","FORNEC E/OU ASSENT DE TUBO DE PVC COM JUNTA ELASTI",48,"","",90735,"ASSENTAMENTO DE TUBO DE PVC PARA REDE COLETORA DE ESGOTO DE PAREDE MACIÇA, DN 200 MM, JUNTA ELÁSTICA, INSTALADO EM LOCAL COM NÍVEL BAIXO DE INTERFERÊNCIAS (NÃO INCLUI FORNECIMENTO). AF_06/2015","M","COEFICIENTE DE REPRESENTATIVIDADE",3.3,"S","SINAPI",88246,0.0867,"H","COEFICIENTE DE REPRESENTATIVIDADE",0.0867,23.15,2,"","","","","","","","","","","CAIXA REFERENCIAL"]
["ASSENTAMENTO DE TUBOS E PECAS","ASTU","FORNEC E/OU ASSENT DE TUBO DE PVC COM JUNTA ELASTI",48,"","",90735,"ASSENTAMENTO DE TUBO DE PVC PARA REDE COLETORA DE ESGOTO DE PAREDE MACIÇA, DN 200 MM, JUNTA ELÁSTICA, INSTALADO EM LOCAL COM NÍVEL BAIXO DE INTERFERÊNCIAS (NÃO INCLUI FORNECIMENTO). AF_06/2015","M","COEFICIENTE DE REPRESENTATIVIDADE",3.3,"S","SINAPI",88316,0.0867,"H","COEFICIENTE DE REPRESENTATIVIDADE",0.0867,15.03,1.3,"","","","","","","","","","","CAIXA REFERENCIAL"]
["ASSENTAMENTO DE TUBOS E PECAS","ASTU","FORNEC E/OU ASSENT DE TUBO DE PVC COM JUNTA ELASTI",48,"","",90736,"ASSENTAMENTO DE TUBO DE PVC PARA REDE COLETORA DE ESGOTO DE PAREDE MACIÇA, DN 250 MM, JUNTA ELÁSTICA, INSTALADO EM LOCAL COM NÍVEL BAIXO DE INTERFERÊNCIAS (NÃO INCLUI FORNECIMENTO). AF_06/2015","M","COEFICIENTE DE REPRESENTATIVIDADE",3.81,"","SINAPI","","","","","","","",2.89,75.7575758,0.92,24.2424242,0,0,0,0,0,0,"CAIXA REFERENCIAL"]
["ASSENTAMENTO DE TUBOS E PECAS","ASTU","FORNEC E/OU ASSENT DE TUBO DE PVC COM JUNTA ELASTI",48,"","",90736,"ASSENTAMENTO DE TUBO DE PVC PARA REDE COLETORA DE ESGOTO DE PAREDE MACIÇA, DN 250 MM, JUNTA ELÁSTICA, INSTALADO EM LOCAL COM NÍVEL BAIXO DE INTERFERÊNCIAS (NÃO INCLUI FORNECIMENTO). AF_06/2015","M","COEFICIENTE DE REPRESENTATIVIDADE",3.81,"S","SINAPI",88246,0.1,"H","COEFICIENTE DE REPRESENTATIVIDADE",0.1,23.15,2.31,"","","","","","","","","","","CAIXA REFERENCIAL"]
["ASSENTAMENTO DE TUBOS E PECAS","ASTU","FORNEC E/OU ASSENT DE TUBO DE PVC COM JUNTA ELASTI",48,"","",90736,"ASSENTAMENTO DE TUBO DE PVC PARA REDE COLETORA DE ESGOTO DE PAREDE MACIÇA, DN 250 MM, JUNTA ELÁSTICA, INSTALADO EM LOCAL COM NÍVEL BAIXO DE INTERFERÊNCIAS (NÃO INCLUI FORNECIMENTO). AF_06/2015","M","COEFICIENTE DE REPRESENTATIVIDADE",3.81,"S","SINAPI",88316,0.1,"H","COEFICIENTE DE REPRESENTATIVIDADE",0.1,15.03,1.5,"","","","","","","","","","","CAIXA REFERENCIAL"]
["ASSENTAMENTO DE TUBOS E PECAS","ASTU","FORNEC E/OU ASSENT DE TUBO DE PVC COM JUNTA ELASTI",48,"","",90737,"ASSENTAMENTO DE TUBO DE PVC PARA REDE COLETORA DE ESGOTO DE PAREDE MACIÇA, DN 300 MM, JUNTA ELÁSTICA, INSTALADO EM LOCAL COM NÍVEL BAIXO DE INTERFERÊNCIAS (NÃO INCLUI FORNECIMENTO). AF_06/2015","M","COEFICIENTE DE REPRESENTATIVIDADE",4.32,"","SINAPI","","","","","","","",3.27,75.6690998,1.05,24.3309002,0,0,0,0,0,0,"CAIXA REFERENCIAL"]
["ASSENTAMENTO DE TUBOS E PECAS","ASTU","FORNEC E/OU ASSENT DE TUBO DE PVC COM JUNTA ELASTI",48,"","",90737,"ASSENTAMENTO DE TUBO DE PVC PARA REDE COLETORA DE ESGOTO DE PAREDE MACIÇA, DN 300 MM, JUNTA ELÁSTICA, INSTALADO EM LOCAL COM NÍVEL BAIXO DE INTERFERÊNCIAS (NÃO INCLUI FORNECIMENTO). AF_06/2015","M","COEFICIENTE DE REPRESENTATIVIDADE",4.32,"S","SINAPI",88246,0.1134,"H","COEFICIENTE DE REPRESENTATIVIDADE",0.1134,23.15,2.62,"","","","","","","","","","","CAIXA REFERENCIAL"]
["ASSENTAMENTO DE TUBOS E PECAS","ASTU","FORNEC E/OU ASSENT DE TUBO DE PVC COM JUNTA ELASTI",48,"","",90737,"ASSENTAMENTO DE TUBO DE PVC PARA REDE COLETORA DE ESGOTO DE PAREDE MACIÇA, DN 300 MM, JUNTA ELÁSTICA, INSTALADO EM LOCAL COM NÍVEL BAIXO DE INTERFERÊNCIAS (NÃO INCLUI FORNECIMENTO). AF_06/2015","M","COEFICIENTE DE REPRESENTATIVIDADE",4.32,"S","SINAPI",88316,0.1134,"H","COEFICIENTE DE REPRESENTATIVIDADE",0.1134,15.03,1.7,"","","","","","","","","","","CAIXA REFERENCIAL"]
["ASSENTAMENTO DE TUBOS E PECAS","ASTU","FORNEC E/OU ASSENT DE TUBO DE PVC COM JUNTA ELASTI",48,"","",90738,"ASSENTAMENTO DE TUBO DE PVC PARA REDE COLETORA DE ESGOTO DE PAREDE MACIÇA, DN 350 MM, JUNTA ELÁSTICA, INSTALADO EM LOCAL COM NÍVEL BAIXO DE INTERFERÊNCIAS (NÃO INCLUI FORNECIMENTO). AF_06/2015","M","COEFICIENTE DE REPRESENTATIVIDADE",4.83,"","SINAPI","","","","","","","",3.66,75.652174,1.17,24.347826,0,0,0,0,0,0,"CAIXA REFERENCIAL"]
["ASSENTAMENTO DE TUBOS E PECAS","ASTU","FORNEC E/OU ASSENT DE TUBO DE PVC COM JUNTA ELASTI",48,"","",90738,"ASSENTAMENTO DE TUBO DE PVC PARA REDE COLETORA DE ESGOTO DE PAREDE MACIÇA, DN 350 MM, JUNTA ELÁSTICA, INSTALADO EM LOCAL COM NÍVEL BAIXO DE INTERFERÊNCIAS (NÃO INCLUI FORNECIMENTO). AF_06/2015","M","COEFICIENTE DE REPRESENTATIVIDADE",4.83,"S","SINAPI",88246,0.1267,"H","COEFICIENTE DE REPRESENTATIVIDADE",0.1267,23.15,2.93,"","","","","","","","","","","CAIXA REFERENCIAL"]
["ASSENTAMENTO DE TUBOS E PECAS","ASTU","FORNEC E/OU ASSENT DE TUBO DE PVC COM JUNTA ELASTI",48,"","",90738,"ASSENTAMENTO DE TUBO DE PVC PARA REDE COLETORA DE ESGOTO DE PAREDE MACIÇA, DN 350 MM, JUNTA ELÁSTICA, INSTALADO EM LOCAL COM NÍVEL BAIXO DE INTERFERÊNCIAS (NÃO INCLUI FORNECIMENTO). AF_06/2015","M","COEFICIENTE DE REPRESENTATIVIDADE",4.83,"S","SINAPI",88316,0.1267,"H","COEFICIENTE DE REPRESENTATIVIDADE",0.1267,15.03,1.9,"","","","","","","","","","","CAIXA REFERENCIAL"]
["ASSENTAMENTO DE TUBOS E PECAS","ASTU","FORNEC E/OU ASSENT DE TUBO DE PVC COM JUNTA ELASTI",48,"","",90739,"ASSENTAMENTO DE TUBO DE PVC PARA REDE COLETORA DE ESGOTO DE PAREDE MACIÇA, DN 400 MM, JUNTA ELÁSTICA, INSTALADO EM LOCAL COM NÍVEL BAIXO DE INTERFERÊNCIAS (NÃO INCLUI FORNECIMENTO). AF_06/2015","M","COEFICIENTE DE REPRESENTATIVIDADE",11.14,"","SINAPI","","","","","","","",5.73,51.3488373,3.41,30.6976744,2,17.9534883,0,0,0,0,"CAIXA REFERENCIAL"]
["ASSENTAMENTO DE TUBOS E PECAS","ASTU","FORNEC E/OU ASSENT DE TUBO DE PVC COM JUNTA ELASTI",48,"","",90739,"ASSENTAMENTO DE TUBO DE PVC PARA REDE COLETORA DE ESGOTO DE PAREDE MACIÇA, DN 400 MM, JUNTA ELÁSTICA, INSTALADO EM LOCAL COM NÍVEL BAIXO DE INTERFERÊNCIAS (NÃO INCLUI FORNECIMENTO). AF_06/2015","M","COEFICIENTE DE REPRESENTATIVIDADE",11.14,"S","SINAPI",5678,0.0454,"CHP","COEFICIENTE DE REPRESENTATIVIDADE",0.0454,100.23,4.55,"","","","","","","","","","","CAIXA REFERENCIAL"]
["ASSENTAMENTO DE TUBOS E PECAS","ASTU","FORNEC E/OU ASSENT DE TUBO DE PVC COM JUNTA ELASTI",48,"","",90739,"ASSENTAMENTO DE TUBO DE PVC PARA REDE COLETORA DE ESGOTO DE PAREDE MACIÇA, DN 400 MM, JUNTA ELÁSTICA, INSTALADO EM LOCAL COM NÍVEL BAIXO DE INTERFERÊNCIAS (NÃO INCLUI FORNECIMENTO). AF_06/2015","M","COEFICIENTE DE REPRESENTATIVIDADE",11.14,"S","SINAPI",5679,0.0282,"CHI","COEFICIENTE DE REPRESENTATIVIDADE",0.0282,44.39,1.25,"","","","","","","","","","","CAIXA REFERENCIAL"]
["ASSENTAMENTO DE TUBOS E PECAS","ASTU","FORNEC E/OU ASSENT DE TUBO DE PVC COM JUNTA ELASTI",48,"","",90739,"ASSENTAMENTO DE TUBO DE PVC PARA REDE COLETORA DE ESGOTO DE PAREDE MACIÇA, DN 400 MM, JUNTA ELÁSTICA, INSTALADO EM LOCAL COM NÍVEL BAIXO DE INTERFERÊNCIAS (NÃO INCLUI FORNECIMENTO). AF_06/2015","M","COEFICIENTE DE REPRESENTATIVIDADE",11.14,"S","SINAPI",88246,0.1401,"H","COEFICIENTE DE REPRESENTATIVIDADE",0.1401,23.15,3.24,"","","","","","","","","","","CAIXA REFERENCIAL"]
["ASSENTAMENTO DE TUBOS E PECAS","ASTU","FORNEC E/OU ASSENT DE TUBO DE PVC COM JUNTA ELASTI",48,"","",90739,"ASSENTAMENTO DE TUBO DE PVC PARA REDE COLETORA DE ESGOTO DE PAREDE MACIÇA, DN 400 MM, JUNTA ELÁSTICA, INSTALADO EM LOCAL COM NÍVEL BAIXO DE INTERFERÊNCIAS (NÃO INCLUI FORNECIMENTO). AF_06/2015","M","COEFICIENTE DE REPRESENTATIVIDADE",11.14,"S","SINAPI",88316,0.1401,"H","COEFICIENTE DE REPRESENTATIVIDADE",0.1401,15.03,2.1,"","","","","","","","","","","CAIXA REFERENCIAL"]
["ASSENTAMENTO DE TUBOS E PECAS","ASTU","FORNEC E/OU ASSENT DE TUBO DE PVC COM JUNTA ELASTI",48,"","",90740,"ASSENTAMENTO DE TUBO DE PVC CORRUGADO DE DUPLA PAREDE PARA REDE COLETORA DE ESGOTO, DN 150 MM, JUNTA ELÁSTICA, INSTALADO EM LOCAL COM NÍVEL BAIXO DE INTERFERÊNCIAS (NÃO INCLUI FORNECIMENTO). AF_06/2015","M","COEFICIENTE DE REPRESENTATIVIDADE",5.09,"","SINAPI","","","","","","","",3.86,75.6701031,1.23,24.3298969,0,0,0,0,0,0,"CAIXA REFERENCIAL"]
["ASSENTAMENTO DE TUBOS E PECAS","ASTU","FORNEC E/OU ASSENT DE TUBO DE PVC COM JUNTA ELASTI",48,"","",90740,"ASSENTAMENTO DE TUBO DE PVC CORRUGADO DE DUPLA PAREDE PARA REDE COLETORA DE ESGOTO, DN 150 MM, JUNTA ELÁSTICA, INSTALADO EM LOCAL COM NÍVEL BAIXO DE INTERFERÊNCIAS (NÃO INCLUI FORNECIMENTO). AF_06/2015","M","COEFICIENTE DE REPRESENTATIVIDADE",5.09,"S","SINAPI",88246,0.1335,"H","COEFICIENTE DE REPRESENTATIVIDADE",0.1335,23.15,3.09,"","","","","","","","","","","CAIXA REFERENCIAL"]
["ASSENTAMENTO DE TUBOS E PECAS","ASTU","FORNEC E/OU ASSENT DE TUBO DE PVC COM JUNTA ELASTI",48,"","",90740,"ASSENTAMENTO DE TUBO DE PVC CORRUGADO DE DUPLA PAREDE PARA REDE COLETORA DE ESGOTO, DN 150 MM, JUNTA ELÁSTICA, INSTALADO EM LOCAL COM NÍVEL BAIXO DE INTERFERÊNCIAS (NÃO INCLUI FORNECIMENTO). AF_06/2015","M","COEFICIENTE DE REPRESENTATIVIDADE",5.09,"S","SINAPI",88316,0.1335,"H","COEFICIENTE DE REPRESENTATIVIDADE",0.1335,15.03,2,"","","","","","","","","","","CAIXA REFERENCIAL"]
["ASSENTAMENTO DE TUBOS E PECAS","ASTU","FORNEC E/OU ASSENT DE TUBO DE PVC COM JUNTA ELASTI",48,"","",90741,"ASSENTAMENTO DE TUBO DE PVC CORRUGADO DE DUPLA PAREDE PARA REDE COLETORA DE ESGOTO, DN 200 MM, JUNTA ELÁSTICA, INSTALADO EM LOCAL COM NÍVEL BAIXO DE INTERFERÊNCIAS (NÃO INCLUI FORNECIMENTO). AF_06/2015","M","COEFICIENTE DE REPRESENTATIVIDADE",5.6,"","SINAPI","","","","","","","",4.2,74.8613679,1.4,25.1386321,0,0,0,0,0,0,"CAIXA REFERENCIAL"]
["ASSENTAMENTO DE TUBOS E PECAS","ASTU","FORNEC E/OU ASSENT DE TUBO DE PVC COM JUNTA ELASTI",48,"","",90741,"ASSENTAMENTO DE TUBO DE PVC CORRUGADO DE DUPLA PAREDE PARA REDE COLETORA DE ESGOTO, DN 200 MM, JUNTA ELÁSTICA, INSTALADO EM LOCAL COM NÍVEL BAIXO DE INTERFERÊNCIAS (NÃO INCLUI FORNECIMENTO). AF_06/2015","M","COEFICIENTE DE REPRESENTATIVIDADE",5.6,"S","SINAPI",88246,0.1469,"H","COEFICIENTE DE REPRESENTATIVIDADE",0.1469,23.15,3.4,"","","","","","","","","","","CAIXA REFERENCIAL"]
["ASSENTAMENTO DE TUBOS E PECAS","ASTU","FORNEC E/OU ASSENT DE TUBO DE PVC COM JUNTA ELASTI",48,"","",90741,"ASSENTAMENTO DE TUBO DE PVC CORRUGADO DE DUPLA PAREDE PARA REDE COLETORA DE ESGOTO, DN 200 MM, JUNTA ELÁSTICA, INSTALADO EM LOCAL COM NÍVEL BAIXO DE INTERFERÊNCIAS (NÃO INCLUI FORNECIMENTO). AF_06/2015","M","COEFICIENTE DE REPRESENTATIVIDADE",5.6,"S","SINAPI",88316,0.1469,"H","COEFICIENTE DE REPRESENTATIVIDADE",0.1469,15.03,2.2,"","","","","","","","","","","CAIXA REFERENCIAL"]
["ASSENTAMENTO DE TUBOS E PECAS","ASTU","FORNEC E/OU ASSENT DE TUBO DE PVC COM JUNTA ELASTI",48,"","",90742,"ASSENTAMENTO DE TUBO DE PVC CORRUGADO DE DUPLA PAREDE PARA REDE COLETORA DE ESGOTO, DN 250 MM, JUNTA ELÁSTICA, INSTALADO EM LOCAL COM NÍVEL BAIXO DE INTERFERÊNCIAS (NÃO INCLUI FORNECIMENTO). AF_06/2015","M","COEFICIENTE DE REPRESENTATIVIDADE",6.1,"","SINAPI","","","","","","","",4.59,75.1277684,1.51,24.8722316,0,0,0,0,0,0,"CAIXA REFERENCIAL"]
["ASSENTAMENTO DE TUBOS E PECAS","ASTU","FORNEC E/OU ASSENT DE TUBO DE PVC COM JUNTA ELASTI",48,"","",90742,"ASSENTAMENTO DE TUBO DE PVC CORRUGADO DE DUPLA PAREDE PARA REDE COLETORA DE ESGOTO, DN 250 MM, JUNTA ELÁSTICA, INSTALADO EM LOCAL COM NÍVEL BAIXO DE INTERFERÊNCIAS (NÃO INCLUI FORNECIMENTO). AF_06/2015","M","COEFICIENTE DE REPRESENTATIVIDADE",6.1,"S","SINAPI",88246,0.1602,"H","COEFICIENTE DE REPRESENTATIVIDADE",0.1602,23.15,3.7,"","","","","","","","","","","CAIXA REFERENCIAL"]
["ASSENTAMENTO DE TUBOS E PECAS","ASTU","FORNEC E/OU ASSENT DE TUBO DE PVC COM JUNTA ELASTI",48,"","",90742,"ASSENTAMENTO DE TUBO DE PVC CORRUGADO DE DUPLA PAREDE PARA REDE COLETORA DE ESGOTO, DN 250 MM, JUNTA ELÁSTICA, INSTALADO EM LOCAL COM NÍVEL BAIXO DE INTERFERÊNCIAS (NÃO INCLUI FORNECIMENTO). AF_06/2015","M","COEFICIENTE DE REPRESENTATIVIDADE",6.1,"S","SINAPI",88316,0.1602,"H","COEFICIENTE DE REPRESENTATIVIDADE",0.1602,15.03,2.4,"","","","","","","","","","","CAIXA REFERENCIAL"]
["ASSENTAMENTO DE TUBOS E PECAS","ASTU","FORNEC E/OU ASSENT DE TUBO DE PVC COM JUNTA ELASTI",48,"","",90743,"ASSENTAMENTO DE TUBO DE PVC CORRUGADO DE DUPLA PAREDE PARA REDE COLETORA DE ESGOTO, DN 300 MM, JUNTA ELÁSTICA, INSTALADO EM LOCAL COM NÍVEL BAIXO DE INTERFERÊNCIAS (NÃO INCLUI FORNECIMENTO). AF_06/2015","M","COEFICIENTE DE REPRESENTATIVIDADE",6.61,"","SINAPI","","","","","","","",4.92,74.4149766,1.69,25.5850234,0,0,0,0,0,0,"CAIXA REFERENCIAL"]
["ASSENTAMENTO DE TUBOS E PECAS","ASTU","FORNEC E/OU ASSENT DE TUBO DE PVC COM JUNTA ELASTI",48,"","",90743,"ASSENTAMENTO DE TUBO DE PVC CORRUGADO DE DUPLA PAREDE PARA REDE COLETORA DE ESGOTO, DN 300 MM, JUNTA ELÁSTICA, INSTALADO EM LOCAL COM NÍVEL BAIXO DE INTERFERÊNCIAS (NÃO INCLUI FORNECIMENTO). AF_06/2015","M","COEFICIENTE DE REPRESENTATIVIDADE",6.61,"S","SINAPI",88246,0.1735,"H","COEFICIENTE DE REPRESENTATIVIDADE",0.1735,23.15,4.01,"","","","","","","","","","","CAIXA REFERENCIAL"]
["ASSENTAMENTO DE TUBOS E PECAS","ASTU","FORNEC E/OU ASSENT DE TUBO DE PVC COM JUNTA ELASTI",48,"","",90743,"ASSENTAMENTO DE TUBO DE PVC CORRUGADO DE DUPLA PAREDE PARA REDE COLETORA DE ESGOTO, DN 300 MM, JUNTA ELÁSTICA, INSTALADO EM LOCAL COM NÍVEL BAIXO DE INTERFERÊNCIAS (NÃO INCLUI FORNECIMENTO). AF_06/2015","M","COEFICIENTE DE REPRESENTATIVIDADE",6.61,"S","SINAPI",88316,0.1735,"H","COEFICIENTE DE REPRESENTATIVIDADE",0.1735,15.03,2.6,"","","","","","","","","","","CAIXA REFERENCIAL"]
["ASSENTAMENTO DE TUBOS E PECAS","ASTU","FORNEC E/OU ASSENT DE TUBO DE PVC COM JUNTA ELASTI",48,"","",90744,"ASSENTAMENTO DE TUBO DE PVC CORRUGADO DE DUPLA PAREDE PARA REDE COLETORA DE ESGOTO, DN 350 MM, JUNTA ELÁSTICA, INSTALADO EM LOCAL COM NÍVEL BAIXO DE INTERFERÊNCIAS (NÃO INCLUI FORNECIMENTO). AF_06/2015","M","COEFICIENTE DE REPRESENTATIVIDADE",7.12,"","SINAPI","","","","","","","",5.32,74.7093024,1.8,25.2906976,0,0,0,0,0,0,"CAIXA REFERENCIAL"]
["ASSENTAMENTO DE TUBOS E PECAS","ASTU","FORNEC E/OU ASSENT DE TUBO DE PVC COM JUNTA ELASTI",48,"","",90744,"ASSENTAMENTO DE TUBO DE PVC CORRUGADO DE DUPLA PAREDE PARA REDE COLETORA DE ESGOTO, DN 350 MM, JUNTA ELÁSTICA, INSTALADO EM LOCAL COM NÍVEL BAIXO DE INTERFERÊNCIAS (NÃO INCLUI FORNECIMENTO). AF_06/2015","M","COEFICIENTE DE REPRESENTATIVIDADE",7.12,"S","SINAPI",88246,0.1869,"H","COEFICIENTE DE REPRESENTATIVIDADE",0.1869,23.15,4.32,"","","","","","","","","","","CAIXA REFERENCIAL"]
["ASSENTAMENTO DE TUBOS E PECAS","ASTU","FORNEC E/OU ASSENT DE TUBO DE PVC COM JUNTA ELASTI",48,"","",90744,"ASSENTAMENTO DE TUBO DE PVC CORRUGADO DE DUPLA PAREDE PARA REDE COLETORA DE ESGOTO, DN 350 MM, JUNTA ELÁSTICA, INSTALADO EM LOCAL COM NÍVEL BAIXO DE INTERFERÊNCIAS (NÃO INCLUI FORNECIMENTO). AF_06/2015","M","COEFICIENTE DE REPRESENTATIVIDADE",7.12,"S","SINAPI",88316,0.1869,"H","COEFICIENTE DE REPRESENTATIVIDADE",0.1869,15.03,2.8,"","","","","","","","","","","CAIXA REFERENCIAL"]
["ASSENTAMENTO DE TUBOS E PECAS","ASTU","FORNEC E/OU ASSENT DE TUBO DE PVC COM JUNTA ELASTI",48,"","",90745,"ASSENTAMENTO DE TUBO DE PVC CORRUGADO DE DUPLA PAREDE PARA REDE COLETORA DE ESGOTO, DN 400 MM, JUNTA ELÁSTICA, INSTALADO EM LOCAL COM NÍVEL BAIXO DE INTERFERÊNCIAS (NÃO INCLUI FORNECIMENTO). AF_06/2015","M","COEFICIENTE DE REPRESENTATIVIDADE",15.91,"","SINAPI","","","","","","","",8.11,50.9312782,4.99,31.406551,2.81,17.6621708,0,0,0,0,"CAIXA REFERENCIAL"]
["ASSENTAMENTO DE TUBOS E PECAS","ASTU","FORNEC E/OU ASSENT DE TUBO DE PVC COM JUNTA ELASTI",48,"","",90745,"ASSENTAMENTO DE TUBO DE PVC CORRUGADO DE DUPLA PAREDE PARA REDE COLETORA DE ESGOTO, DN 400 MM, JUNTA ELÁSTICA, INSTALADO EM LOCAL COM NÍVEL BAIXO DE INTERFERÊNCIAS (NÃO INCLUI FORNECIMENTO). AF_06/2015","M","COEFICIENTE DE REPRESENTATIVIDADE",15.91,"S","SINAPI",5678,0.0649,"CHP","COEFICIENTE DE REPRESENTATIVIDADE",0.0649,100.23,6.5,"","","","","","","","","","","CAIXA REFERENCIAL"]
["ASSENTAMENTO DE TUBOS E PECAS","ASTU","FORNEC E/OU ASSENT DE TUBO DE PVC COM JUNTA ELASTI",48,"","",90745,"ASSENTAMENTO DE TUBO DE PVC CORRUGADO DE DUPLA PAREDE PARA REDE COLETORA DE ESGOTO, DN 400 MM, JUNTA ELÁSTICA, INSTALADO EM LOCAL COM NÍVEL BAIXO DE INTERFERÊNCIAS (NÃO INCLUI FORNECIMENTO). AF_06/2015","M","COEFICIENTE DE REPRESENTATIVIDADE",15.91,"S","SINAPI",5679,0.0403,"CHI","COEFICIENTE DE REPRESENTATIVIDADE",0.0403,44.39,1.78,"","","","","","","","","","","CAIXA REFERENCIAL"]
["ASSENTAMENTO DE TUBOS E PECAS","ASTU","FORNEC E/OU ASSENT DE TUBO DE PVC COM JUNTA ELASTI",48,"","",90745,"ASSENTAMENTO DE TUBO DE PVC CORRUGADO DE DUPLA PAREDE PARA REDE COLETORA DE ESGOTO, DN 400 MM, JUNTA ELÁSTICA, INSTALADO EM LOCAL COM NÍVEL BAIXO DE INTERFERÊNCIAS (NÃO INCLUI FORNECIMENTO). AF_06/2015","M","COEFICIENTE DE REPRESENTATIVIDADE",15.91,"S","SINAPI",88246,0.2002,"H","COEFICIENTE DE REPRESENTATIVIDADE",0.2002,23.15,4.63,"","","","","","","","","","","CAIXA REFERENCIAL"]
["ASSENTAMENTO DE TUBOS E PECAS","ASTU","FORNEC E/OU ASSENT DE TUBO DE PVC COM JUNTA ELASTI",48,"","",90745,"ASSENTAMENTO DE TUBO DE PVC CORRUGADO DE DUPLA PAREDE PARA REDE COLETORA DE ESGOTO, DN 400 MM, JUNTA ELÁSTICA, INSTALADO EM LOCAL COM NÍVEL BAIXO DE INTERFERÊNCIAS (NÃO INCLUI FORNECIMENTO). AF_06/2015","M","COEFICIENTE DE REPRESENTATIVIDADE",15.91,"S","SINAPI",88316,0.2002,"H","COEFICIENTE DE REPRESENTATIVIDADE",0.2002,15.03,3,"","","","","","","","","","","CAIXA REFERENCIAL"]
["ASSENTAMENTO DE TUBOS E PECAS","ASTU","FORNEC E/OU ASSENT DE TUBO DE PVC COM JUNTA ELASTI",48,"","",90746,"ASSENTAMENTO DE TUBO DE PEAD CORRUGADO DE DUPLA PAREDE PARA REDE COLETORA DE ESGOTO, DN 450 MM, JUNTA ELÁSTICA INTEGRADA, INSTALADO EM LOCAL COM NÍVEL BAIXO DE INTERFERÊNCIAS (NÃO INCLUI FORNECIMENTO). AF_06/2015","M","COEFICIENTE DE REPRESENTATIVIDADE",3.1,"","SINAPI","","","","","","","",2.38,76.6323025,0.72,23.3676975,0,0,0,0,0,0,"CAIXA REFERENCIAL"]
["ASSENTAMENTO DE TUBOS E PECAS","ASTU","FORNEC E/OU ASSENT DE TUBO DE PVC COM JUNTA ELASTI",48,"","",90746,"ASSENTAMENTO DE TUBO DE PEAD CORRUGADO DE DUPLA PAREDE PARA REDE COLETORA DE ESGOTO, DN 450 MM, JUNTA ELÁSTICA INTEGRADA, INSTALADO EM LOCAL COM NÍVEL BAIXO DE INTERFERÊNCIAS (NÃO INCLUI FORNECIMENTO). AF_06/2015","M","COEFICIENTE DE REPRESENTATIVIDADE",3.1,"S","SINAPI",88246,0.0814,"H","COEFICIENTE DE REPRESENTATIVIDADE",0.0814,23.15,1.88,"","","","","","","","","","","CAIXA REFERENCIAL"]
["ASSENTAMENTO DE TUBOS E PECAS","ASTU","FORNEC E/OU ASSENT DE TUBO DE PVC COM JUNTA ELASTI",48,"","",90746,"ASSENTAMENTO DE TUBO DE PEAD CORRUGADO DE DUPLA PAREDE PARA REDE COLETORA DE ESGOTO, DN 450 MM, JUNTA ELÁSTICA INTEGRADA, INSTALADO EM LOCAL COM NÍVEL BAIXO DE INTERFERÊNCIAS (NÃO INCLUI FORNECIMENTO). AF_06/2015","M","COEFICIENTE DE REPRESENTATIVIDADE",3.1,"S","SINAPI",88316,0.0814,"H","COEFICIENTE DE REPRESENTATIVIDADE",0.0814,15.03,1.22,"","","","","","","","","","","CAIXA REFERENCIAL"]
["ASSENTAMENTO DE TUBOS E PECAS","ASTU","FORNEC E/OU ASSENT DE TUBO DE PVC COM JUNTA ELASTI",48,"","",90747,"ASSENTAMENTO DE TUBO DE PEAD CORRUGADO DE DUPLA PAREDE PARA REDE COLETORA DE ESGOTO, DN 600 MM, JUNTA ELÁSTICA INTEGRADA, INSTALADO EM LOCAL COM NÍVEL BAIXO DE INTERFERÊNCIAS (NÃO INCLUI FORNECIMENTO). AF_06/2015","M","COEFICIENTE DE REPRESENTATIVIDADE",12.3,"","SINAPI","","","","","","","",5.3,43.0252102,3.51,28.5714285,3.49,28.4033613,0,0,0,0,"CAIXA REFERENCIAL"]
["ASSENTAMENTO DE TUBOS E PECAS","ASTU","FORNEC E/OU ASSENT DE TUBO DE PVC COM JUNTA ELASTI",48,"","",90747,"ASSENTAMENTO DE TUBO DE PEAD CORRUGADO DE DUPLA PAREDE PARA REDE COLETORA DE ESGOTO, DN 600 MM, JUNTA ELÁSTICA INTEGRADA, INSTALADO EM LOCAL COM NÍVEL BAIXO DE INTERFERÊNCIAS (NÃO INCLUI FORNECIMENTO). AF_06/2015","M","COEFICIENTE DE REPRESENTATIVIDADE",12.3,"S","SINAPI",5631,0.0422,"CHP","COEFICIENTE DE REPRESENTATIVIDADE",0.0422,137.46,5.8,"","","","","","","","","","","CAIXA REFERENCIAL"]
["ASSENTAMENTO DE TUBOS E PECAS","ASTU","FORNEC E/OU ASSENT DE TUBO DE PVC COM JUNTA ELASTI",48,"","",90747,"ASSENTAMENTO DE TUBO DE PEAD CORRUGADO DE DUPLA PAREDE PARA REDE COLETORA DE ESGOTO, DN 600 MM, JUNTA ELÁSTICA INTEGRADA, INSTALADO EM LOCAL COM NÍVEL BAIXO DE INTERFERÊNCIAS (NÃO INCLUI FORNECIMENTO). AF_06/2015","M","COEFICIENTE DE REPRESENTATIVIDADE",12.3,"S","SINAPI",5632,0.0262,"CHI","COEFICIENTE DE REPRESENTATIVIDADE",0.0262,58.95,1.54,"","","","","","","","","","","CAIXA REFERENCIAL"]
["ASSENTAMENTO DE TUBOS E PECAS","ASTU","FORNEC E/OU ASSENT DE TUBO DE PVC COM JUNTA ELASTI",48,"","",90747,"ASSENTAMENTO DE TUBO DE PEAD CORRUGADO DE DUPLA PAREDE PARA REDE COLETORA DE ESGOTO, DN 600 MM, JUNTA ELÁSTICA INTEGRADA, INSTALADO EM LOCAL COM NÍVEL BAIXO DE INTERFERÊNCIAS (NÃO INCLUI FORNECIMENTO). AF_06/2015","M","COEFICIENTE DE REPRESENTATIVIDADE",12.3,"S","SINAPI",88246,0.1301,"H","COEFICIENTE DE REPRESENTATIVIDADE",0.1301,23.15,3.01,"","","","","","","","","","","CAIXA REFERENCIAL"]
["ASSENTAMENTO DE TUBOS E PECAS","ASTU","FORNEC E/OU ASSENT DE TUBO DE PVC COM JUNTA ELASTI",48,"","",90747,"ASSENTAMENTO DE TUBO DE PEAD CORRUGADO DE DUPLA PAREDE PARA REDE COLETORA DE ESGOTO, DN 600 MM, JUNTA ELÁSTICA INTEGRADA, INSTALADO EM LOCAL COM NÍVEL BAIXO DE INTERFERÊNCIAS (NÃO INCLUI FORNECIMENTO). AF_06/2015","M","COEFICIENTE DE REPRESENTATIVIDADE",12.3,"S","SINAPI",88316,0.1301,"H","COEFICIENTE DE REPRESENTATIVIDADE",0.1301,15.03,1.95,"","","","","","","","","","","CAIXA REFERENCIAL"]
["ASSENTAMENTO DE TUBOS E PECAS","ASTU","FORNEC E/OU ASSENT DE TUBO DE PVC COM JUNTA ELASTI",48,"","",90748,"ASSENTAMENTO DE TUBO DE PVC PARA REDE COLETORA DE ESGOTO DE PAREDE MACIÇA, DN 100 MM, JUNTA ELÁSTICA, INSTALADO EM LOCAL COM NÍVEL ALTO DE INTERFERÊNCIAS (NÃO INCLUI FORNECIMENTO). AF_06/2015","M","COEFICIENTE DE REPRESENTATIVIDADE",4.09,"","SINAPI","","","","","","","",3.11,75.8354756,0.98,24.1645244,0,0,0,0,0,0,"CAIXA REFERENCIAL"]
["ASSENTAMENTO DE TUBOS E PECAS","ASTU","FORNEC E/OU ASSENT DE TUBO DE PVC COM JUNTA ELASTI",48,"","",90748,"ASSENTAMENTO DE TUBO DE PVC PARA REDE COLETORA DE ESGOTO DE PAREDE MACIÇA, DN 100 MM, JUNTA ELÁSTICA, INSTALADO EM LOCAL COM NÍVEL ALTO DE INTERFERÊNCIAS (NÃO INCLUI FORNECIMENTO). AF_06/2015","M","COEFICIENTE DE REPRESENTATIVIDADE",4.09,"S","SINAPI",88246,0.1074,"H","COEFICIENTE DE REPRESENTATIVIDADE",0.1074,23.15,2.48,"","","","","","","","","","","CAIXA REFERENCIAL"]
["ASSENTAMENTO DE TUBOS E PECAS","ASTU","FORNEC E/OU ASSENT DE TUBO DE PVC COM JUNTA ELASTI",48,"","",90748,"ASSENTAMENTO DE TUBO DE PVC PARA REDE COLETORA DE ESGOTO DE PAREDE MACIÇA, DN 100 MM, JUNTA ELÁSTICA, INSTALADO EM LOCAL COM NÍVEL ALTO DE INTERFERÊNCIAS (NÃO INCLUI FORNECIMENTO). AF_06/2015","M","COEFICIENTE DE REPRESENTATIVIDADE",4.09,"S","SINAPI",88316,0.1074,"H","COEFICIENTE DE REPRESENTATIVIDADE",0.1074,15.03,1.61,"","","","","","","","","","","CAIXA REFERENCIAL"]
["ASSENTAMENTO DE TUBOS E PECAS","ASTU","FORNEC E/OU ASSENT DE TUBO DE PVC COM JUNTA ELASTI",48,"","",90749,"ASSENTAMENTO DE TUBO DE PVC PARA REDE COLETORA DE ESGOTO DE PAREDE MACIÇA, DN 150 MM, JUNTA ELÁSTICA, INSTALADO EM LOCAL COM NÍVEL ALTO DE INTERFERÊNCIAS (NÃO INCLUI FORNECIMENTO). AF_06/2015","M","COEFICIENTE DE REPRESENTATIVIDADE",4.6,"","SINAPI","","","","","","","",3.49,75.7437071,1.11,24.2562929,0,0,0,0,0,0,"CAIXA REFERENCIAL"]
["ASSENTAMENTO DE TUBOS E PECAS","ASTU","FORNEC E/OU ASSENT DE TUBO DE PVC COM JUNTA ELASTI",48,"","",90749,"ASSENTAMENTO DE TUBO DE PVC PARA REDE COLETORA DE ESGOTO DE PAREDE MACIÇA, DN 150 MM, JUNTA ELÁSTICA, INSTALADO EM LOCAL COM NÍVEL ALTO DE INTERFERÊNCIAS (NÃO INCLUI FORNECIMENTO). AF_06/2015","M","COEFICIENTE DE REPRESENTATIVIDADE",4.6,"S","SINAPI",88246,0.1207,"H","COEFICIENTE DE REPRESENTATIVIDADE",0.1207,23.15,2.79,"","","","","","","","","","","CAIXA REFERENCIAL"]
["ASSENTAMENTO DE TUBOS E PECAS","ASTU","FORNEC E/OU ASSENT DE TUBO DE PVC COM JUNTA ELASTI",48,"","",90749,"ASSENTAMENTO DE TUBO DE PVC PARA REDE COLETORA DE ESGOTO DE PAREDE MACIÇA, DN 150 MM, JUNTA ELÁSTICA, INSTALADO EM LOCAL COM NÍVEL ALTO DE INTERFERÊNCIAS (NÃO INCLUI FORNECIMENTO). AF_06/2015","M","COEFICIENTE DE REPRESENTATIVIDADE",4.6,"S","SINAPI",88316,0.1207,"H","COEFICIENTE DE REPRESENTATIVIDADE",0.1207,15.03,1.81,"","","","","","","","","","","CAIXA REFERENCIAL"]
["ASSENTAMENTO DE TUBOS E PECAS","ASTU","FORNEC E/OU ASSENT DE TUBO DE PVC COM JUNTA ELASTI",48,"","",90750,"ASSENTAMENTO DE TUBO DE PVC PARA REDE COLETORA DE ESGOTO DE PAREDE MACIÇA, DN 200 MM, JUNTA ELÁSTICA, INSTALADO EM LOCAL COM NÍVEL ALTO DE INTERFERÊNCIAS (NÃO INCLUI FORNECIMENTO). AF_06/2015","M","COEFICIENTE DE REPRESENTATIVIDADE",5.11,"","SINAPI","","","","","","","",3.87,75.7201647,1.24,24.2798353,0,0,0,0,0,0,"CAIXA REFERENCIAL"]
["ASSENTAMENTO DE TUBOS E PECAS","ASTU","FORNEC E/OU ASSENT DE TUBO DE PVC COM JUNTA ELASTI",48,"","",90750,"ASSENTAMENTO DE TUBO DE PVC PARA REDE COLETORA DE ESGOTO DE PAREDE MACIÇA, DN 200 MM, JUNTA ELÁSTICA, INSTALADO EM LOCAL COM NÍVEL ALTO DE INTERFERÊNCIAS (NÃO INCLUI FORNECIMENTO). AF_06/2015","M","COEFICIENTE DE REPRESENTATIVIDADE",5.11,"S","SINAPI",88246,0.134,"H","COEFICIENTE DE REPRESENTATIVIDADE",0.134,23.15,3.1,"","","","","","","","","","","CAIXA REFERENCIAL"]
["ASSENTAMENTO DE TUBOS E PECAS","ASTU","FORNEC E/OU ASSENT DE TUBO DE PVC COM JUNTA ELASTI",48,"","",90750,"ASSENTAMENTO DE TUBO DE PVC PARA REDE COLETORA DE ESGOTO DE PAREDE MACIÇA, DN 200 MM, JUNTA ELÁSTICA, INSTALADO EM LOCAL COM NÍVEL ALTO DE INTERFERÊNCIAS (NÃO INCLUI FORNECIMENTO). AF_06/2015","M","COEFICIENTE DE REPRESENTATIVIDADE",5.11,"S","SINAPI",88316,0.134,"H","COEFICIENTE DE REPRESENTATIVIDADE",0.134,15.03,2.01,"","","","","","","","","","","CAIXA REFERENCIAL"]
["ASSENTAMENTO DE TUBOS E PECAS","ASTU","FORNEC E/OU ASSENT DE TUBO DE PVC COM JUNTA ELASTI",48,"","",90751,"ASSENTAMENTO DE TUBO DE PVC PARA REDE COLETORA DE ESGOTO DE PAREDE MACIÇA, DN 250 MM, JUNTA ELÁSTICA, INSTALADO EM LOCAL COM NÍVEL ALTO DE INTERFERÊNCIAS (NÃO INCLUI FORNECIMENTO). AF_06/2015","M","COEFICIENTE DE REPRESENTATIVIDADE",5.62,"","SINAPI","","","","","","","",4.21,74.9077491,1.41,25.0922509,0,0,0,0,0,0,"CAIXA REFERENCIAL"]
["ASSENTAMENTO DE TUBOS E PECAS","ASTU","FORNEC E/OU ASSENT DE TUBO DE PVC COM JUNTA ELASTI",48,"","",90751,"ASSENTAMENTO DE TUBO DE PVC PARA REDE COLETORA DE ESGOTO DE PAREDE MACIÇA, DN 250 MM, JUNTA ELÁSTICA, INSTALADO EM LOCAL COM NÍVEL ALTO DE INTERFERÊNCIAS (NÃO INCLUI FORNECIMENTO). AF_06/2015","M","COEFICIENTE DE REPRESENTATIVIDADE",5.62,"S","SINAPI",88246,0.1474,"H","COEFICIENTE DE REPRESENTATIVIDADE",0.1474,23.15,3.41,"","","","","","","","","","","CAIXA REFERENCIAL"]
["ASSENTAMENTO DE TUBOS E PECAS","ASTU","FORNEC E/OU ASSENT DE TUBO DE PVC COM JUNTA ELASTI",48,"","",90751,"ASSENTAMENTO DE TUBO DE PVC PARA REDE COLETORA DE ESGOTO DE PAREDE MACIÇA, DN 250 MM, JUNTA ELÁSTICA, INSTALADO EM LOCAL COM NÍVEL ALTO DE INTERFERÊNCIAS (NÃO INCLUI FORNECIMENTO). AF_06/2015","M","COEFICIENTE DE REPRESENTATIVIDADE",5.62,"S","SINAPI",88316,0.1474,"H","COEFICIENTE DE REPRESENTATIVIDADE",0.1474,15.03,2.21,"","","","","","","","","","","CAIXA REFERENCIAL"]
["ASSENTAMENTO DE TUBOS E PECAS","ASTU","FORNEC E/OU ASSENT DE TUBO DE PVC COM JUNTA ELASTI",48,"","",90752,"ASSENTAMENTO DE TUBO DE PVC PARA REDE COLETORA DE ESGOTO DE PAREDE MACIÇA, DN 300 MM, JUNTA ELÁSTICA, INSTALADO EM LOCAL COM NÍVEL ALTO DE INTERFERÊNCIAS (NÃO INCLUI FORNECIMENTO). AF_06/2015","M","COEFICIENTE DE REPRESENTATIVIDADE",6.13,"","SINAPI","","","","","","","",4.61,75.1700681,1.52,24.8299319,0,0,0,0,0,0,"CAIXA REFERENCIAL"]
["ASSENTAMENTO DE TUBOS E PECAS","ASTU","FORNEC E/OU ASSENT DE TUBO DE PVC COM JUNTA ELASTI",48,"","",90752,"ASSENTAMENTO DE TUBO DE PVC PARA REDE COLETORA DE ESGOTO DE PAREDE MACIÇA, DN 300 MM, JUNTA ELÁSTICA, INSTALADO EM LOCAL COM NÍVEL ALTO DE INTERFERÊNCIAS (NÃO INCLUI FORNECIMENTO). AF_06/2015","M","COEFICIENTE DE REPRESENTATIVIDADE",6.13,"S","SINAPI",88246,0.1607,"H","COEFICIENTE DE REPRESENTATIVIDADE",0.1607,23.15,3.72,"","","","","","","","","","","CAIXA REFERENCIAL"]
["ASSENTAMENTO DE TUBOS E PECAS","ASTU","FORNEC E/OU ASSENT DE TUBO DE PVC COM JUNTA ELASTI",48,"","",90752,"ASSENTAMENTO DE TUBO DE PVC PARA REDE COLETORA DE ESGOTO DE PAREDE MACIÇA, DN 300 MM, JUNTA ELÁSTICA, INSTALADO EM LOCAL COM NÍVEL ALTO DE INTERFERÊNCIAS (NÃO INCLUI FORNECIMENTO). AF_06/2015","M","COEFICIENTE DE REPRESENTATIVIDADE",6.13,"S","SINAPI",88316,0.1607,"H","COEFICIENTE DE REPRESENTATIVIDADE",0.1607,15.03,2.41,"","","","","","","","","","","CAIXA REFERENCIAL"]
["ASSENTAMENTO DE TUBOS E PECAS","ASTU","FORNEC E/OU ASSENT DE TUBO DE PVC COM JUNTA ELASTI",48,"","",90753,"ASSENTAMENTO DE TUBO DE PVC PARA REDE COLETORA DE ESGOTO DE PAREDE MACIÇA, DN 350 MM, JUNTA ELÁSTICA, INSTALADO EM LOCAL COM NÍVEL ALTO DE INTERFERÊNCIAS (NÃO INCLUI FORNECIMENTO). AF_06/2015","M","COEFICIENTE DE REPRESENTATIVIDADE",6.64,"","SINAPI","","","","","","","",4.95,74.4945568,1.69,25.5054432,0,0,0,0,0,0,"CAIXA REFERENCIAL"]
["ASSENTAMENTO DE TUBOS E PECAS","ASTU","FORNEC E/OU ASSENT DE TUBO DE PVC COM JUNTA ELASTI",48,"","",90753,"ASSENTAMENTO DE TUBO DE PVC PARA REDE COLETORA DE ESGOTO DE PAREDE MACIÇA, DN 350 MM, JUNTA ELÁSTICA, INSTALADO EM LOCAL COM NÍVEL ALTO DE INTERFERÊNCIAS (NÃO INCLUI FORNECIMENTO). AF_06/2015","M","COEFICIENTE DE REPRESENTATIVIDADE",6.64,"S","SINAPI",88246,0.1741,"H","COEFICIENTE DE REPRESENTATIVIDADE",0.1741,23.15,4.03,"","","","","","","","","","","CAIXA REFERENCIAL"]
["ASSENTAMENTO DE TUBOS E PECAS","ASTU","FORNEC E/OU ASSENT DE TUBO DE PVC COM JUNTA ELASTI",48,"","",90753,"ASSENTAMENTO DE TUBO DE PVC PARA REDE COLETORA DE ESGOTO DE PAREDE MACIÇA, DN 350 MM, JUNTA ELÁSTICA, INSTALADO EM LOCAL COM NÍVEL ALTO DE INTERFERÊNCIAS (NÃO INCLUI FORNECIMENTO). AF_06/2015","M","COEFICIENTE DE REPRESENTATIVIDADE",6.64,"S","SINAPI",88316,0.1741,"H","COEFICIENTE DE REPRESENTATIVIDADE",0.1741,15.03,2.61,"","","","","","","","","","","CAIXA REFERENCIAL"]
["ASSENTAMENTO DE TUBOS E PECAS","ASTU","FORNEC E/OU ASSENT DE TUBO DE PVC COM JUNTA ELASTI",48,"","",90754,"ASSENTAMENTO DE TUBO DE PVC PARA REDE COLETORA DE ESGOTO DE PAREDE MACIÇA, DN 400 MM, JUNTA ELÁSTICA, INSTALADO EM LOCAL COM NÍVEL ALTO DE INTERFERÊNCIAS (NÃO INCLUI FORNECIMENTO). AF_06/2015","M","COEFICIENTE DE REPRESENTATIVIDADE",14.9,"","SINAPI","","","","","","","",7.62,51.033058,4.63,31.1294765,2.65,17.8374655,0,0,0,0,"CAIXA REFERENCIAL"]
["ASSENTAMENTO DE TUBOS E PECAS","ASTU","FORNEC E/OU ASSENT DE TUBO DE PVC COM JUNTA ELASTI",48,"","",90754,"ASSENTAMENTO DE TUBO DE PVC PARA REDE COLETORA DE ESGOTO DE PAREDE MACIÇA, DN 400 MM, JUNTA ELÁSTICA, INSTALADO EM LOCAL COM NÍVEL ALTO DE INTERFERÊNCIAS (NÃO INCLUI FORNECIMENTO). AF_06/2015","M","COEFICIENTE DE REPRESENTATIVIDADE",14.9,"S","SINAPI",5678,0.0608,"CHP","COEFICIENTE DE REPRESENTATIVIDADE",0.0608,100.23,6.09,"","","","","","","","","","","CAIXA REFERENCIAL"]
["ASSENTAMENTO DE TUBOS E PECAS","ASTU","FORNEC E/OU ASSENT DE TUBO DE PVC COM JUNTA ELASTI",48,"","",90754,"ASSENTAMENTO DE TUBO DE PVC PARA REDE COLETORA DE ESGOTO DE PAREDE MACIÇA, DN 400 MM, JUNTA ELÁSTICA, INSTALADO EM LOCAL COM NÍVEL ALTO DE INTERFERÊNCIAS (NÃO INCLUI FORNECIMENTO). AF_06/2015","M","COEFICIENTE DE REPRESENTATIVIDADE",14.9,"S","SINAPI",5679,0.0378,"CHI","COEFICIENTE DE REPRESENTATIVIDADE",0.0378,44.39,1.67,"","","","","","","","","","","CAIXA REFERENCIAL"]
["ASSENTAMENTO DE TUBOS E PECAS","ASTU","FORNEC E/OU ASSENT DE TUBO DE PVC COM JUNTA ELASTI",48,"","",90754,"ASSENTAMENTO DE TUBO DE PVC PARA REDE COLETORA DE ESGOTO DE PAREDE MACIÇA, DN 400 MM, JUNTA ELÁSTICA, INSTALADO EM LOCAL COM NÍVEL ALTO DE INTERFERÊNCIAS (NÃO INCLUI FORNECIMENTO). AF_06/2015","M","COEFICIENTE DE REPRESENTATIVIDADE",14.9,"S","SINAPI",88246,0.1874,"H","COEFICIENTE DE REPRESENTATIVIDADE",0.1874,23.15,4.33,"","","","","","","","","","","CAIXA REFERENCIAL"]
["ASSENTAMENTO DE TUBOS E PECAS","ASTU","FORNEC E/OU ASSENT DE TUBO DE PVC COM JUNTA ELASTI",48,"","",90754,"ASSENTAMENTO DE TUBO DE PVC PARA REDE COLETORA DE ESGOTO DE PAREDE MACIÇA, DN 400 MM, JUNTA ELÁSTICA, INSTALADO EM LOCAL COM NÍVEL ALTO DE INTERFERÊNCIAS (NÃO INCLUI FORNECIMENTO). AF_06/2015","M","COEFICIENTE DE REPRESENTATIVIDADE",14.9,"S","SINAPI",88316,0.1874,"H","COEFICIENTE DE REPRESENTATIVIDADE",0.1874,15.03,2.81,"","","","","","","","","","","CAIXA REFERENCIAL"]
["ASSENTAMENTO DE TUBOS E PECAS","ASTU","FORNEC E/OU ASSENT DE TUBO DE PVC COM JUNTA ELASTI",48,"","",90755,"ASSENTAMENTO DE TUBO DE PVC CORRUGADO DE DUPLA PAREDE PARA REDE COLETORA DE ESGOTO, DN 150 MM, JUNTA ELÁSTICA, INSTALADO EM LOCAL COM NÍVEL ALTO DE INTERFERÊNCIAS (NÃO INCLUI FORNECIMENTO). AF_06/2015","M","COEFICIENTE DE REPRESENTATIVIDADE",6.89,"","SINAPI","","","","","","","",5.15,74.7368422,1.74,25.2631578,0,0,0,0,0,0,"CAIXA REFERENCIAL"]
["ASSENTAMENTO DE TUBOS E PECAS","ASTU","FORNEC E/OU ASSENT DE TUBO DE PVC COM JUNTA ELASTI",48,"","",90755,"ASSENTAMENTO DE TUBO DE PVC CORRUGADO DE DUPLA PAREDE PARA REDE COLETORA DE ESGOTO, DN 150 MM, JUNTA ELÁSTICA, INSTALADO EM LOCAL COM NÍVEL ALTO DE INTERFERÊNCIAS (NÃO INCLUI FORNECIMENTO). AF_06/2015","M","COEFICIENTE DE REPRESENTATIVIDADE",6.89,"S","SINAPI",88246,0.1809,"H","COEFICIENTE DE REPRESENTATIVIDADE",0.1809,23.15,4.18,"","","","","","","","","","","CAIXA REFERENCIAL"]
["ASSENTAMENTO DE TUBOS E PECAS","ASTU","FORNEC E/OU ASSENT DE TUBO DE PVC COM JUNTA ELASTI",48,"","",90755,"ASSENTAMENTO DE TUBO DE PVC CORRUGADO DE DUPLA PAREDE PARA REDE COLETORA DE ESGOTO, DN 150 MM, JUNTA ELÁSTICA, INSTALADO EM LOCAL COM NÍVEL ALTO DE INTERFERÊNCIAS (NÃO INCLUI FORNECIMENTO). AF_06/2015","M","COEFICIENTE DE REPRESENTATIVIDADE",6.89,"S","SINAPI",88316,0.1809,"H","COEFICIENTE DE REPRESENTATIVIDADE",0.1809,15.03,2.71,"","","","","","","","","","","CAIXA REFERENCIAL"]
["ASSENTAMENTO DE TUBOS E PECAS","ASTU","FORNEC E/OU ASSENT DE TUBO DE PVC COM JUNTA ELASTI",48,"","",90756,"ASSENTAMENTO DE TUBO DE PVC CORRUGADO DE DUPLA PAREDE PARA REDE COLETORA DE ESGOTO, DN 200 MM, JUNTA ELÁSTICA, INSTALADO EM LOCAL COM NÍVEL ALTO DE INTERFERÊNCIAS (NÃO INCLUI FORNECIMENTO). AF_06/2015","M","COEFICIENTE DE REPRESENTATIVIDADE",7.4,"","SINAPI","","","","","","","",5.51,74.4444445,1.89,25.5555555,0,0,0,0,0,0,"CAIXA REFERENCIAL"]
["ASSENTAMENTO DE TUBOS E PECAS","ASTU","FORNEC E/OU ASSENT DE TUBO DE PVC COM JUNTA ELASTI",48,"","",90756,"ASSENTAMENTO DE TUBO DE PVC CORRUGADO DE DUPLA PAREDE PARA REDE COLETORA DE ESGOTO, DN 200 MM, JUNTA ELÁSTICA, INSTALADO EM LOCAL COM NÍVEL ALTO DE INTERFERÊNCIAS (NÃO INCLUI FORNECIMENTO). AF_06/2015","M","COEFICIENTE DE REPRESENTATIVIDADE",7.4,"S","SINAPI",88246,0.1942,"H","COEFICIENTE DE REPRESENTATIVIDADE",0.1942,23.15,4.49,"","","","","","","","","","","CAIXA REFERENCIAL"]
["ASSENTAMENTO DE TUBOS E PECAS","ASTU","FORNEC E/OU ASSENT DE TUBO DE PVC COM JUNTA ELASTI",48,"","",90756,"ASSENTAMENTO DE TUBO DE PVC CORRUGADO DE DUPLA PAREDE PARA REDE COLETORA DE ESGOTO, DN 200 MM, JUNTA ELÁSTICA, INSTALADO EM LOCAL COM NÍVEL ALTO DE INTERFERÊNCIAS (NÃO INCLUI FORNECIMENTO). AF_06/2015","M","COEFICIENTE DE REPRESENTATIVIDADE",7.4,"S","SINAPI",88316,0.1942,"H","COEFICIENTE DE REPRESENTATIVIDADE",0.1942,15.03,2.91,"","","","","","","","","","","CAIXA REFERENCIAL"]
["ASSENTAMENTO DE TUBOS E PECAS","ASTU","FORNEC E/OU ASSENT DE TUBO DE PVC COM JUNTA ELASTI",48,"","",90757,"ASSENTAMENTO DE TUBO DE PVC CORRUGADO DE DUPLA PAREDE PARA REDE COLETORA DE ESGOTO, DN 250 MM, JUNTA ELÁSTICA, INSTALADO EM LOCAL COM NÍVEL ALTO DE INTERFERÊNCIAS (NÃO INCLUI FORNECIMENTO). AF_06/2015","M","COEFICIENTE DE REPRESENTATIVIDADE",7.92,"","SINAPI","","","","","","","",5.89,74.2857143,2.03,25.7142857,0,0,0,0,0,0,"CAIXA REFERENCIAL"]
["ASSENTAMENTO DE TUBOS E PECAS","ASTU","FORNEC E/OU ASSENT DE TUBO DE PVC COM JUNTA ELASTI",48,"","",90757,"ASSENTAMENTO DE TUBO DE PVC CORRUGADO DE DUPLA PAREDE PARA REDE COLETORA DE ESGOTO, DN 250 MM, JUNTA ELÁSTICA, INSTALADO EM LOCAL COM NÍVEL ALTO DE INTERFERÊNCIAS (NÃO INCLUI FORNECIMENTO). AF_06/2015","M","COEFICIENTE DE REPRESENTATIVIDADE",7.92,"S","SINAPI",88246,0.2076,"H","COEFICIENTE DE REPRESENTATIVIDADE",0.2076,23.15,4.8,"","","","","","","","","","","CAIXA REFERENCIAL"]
["ASSENTAMENTO DE TUBOS E PECAS","ASTU","FORNEC E/OU ASSENT DE TUBO DE PVC COM JUNTA ELASTI",48,"","",90757,"ASSENTAMENTO DE TUBO DE PVC CORRUGADO DE DUPLA PAREDE PARA REDE COLETORA DE ESGOTO, DN 250 MM, JUNTA ELÁSTICA, INSTALADO EM LOCAL COM NÍVEL ALTO DE INTERFERÊNCIAS (NÃO INCLUI FORNECIMENTO). AF_06/2015","M","COEFICIENTE DE REPRESENTATIVIDADE",7.92,"S","SINAPI",88316,0.2076,"H","COEFICIENTE DE REPRESENTATIVIDADE",0.2076,15.03,3.12,"","","","","","","","","","","CAIXA REFERENCIAL"]
["ASSENTAMENTO DE TUBOS E PECAS","ASTU","FORNEC E/OU ASSENT DE TUBO DE PVC COM JUNTA ELASTI",48,"","",90758,"ASSENTAMENTO DE TUBO DE PVC CORRUGADO DE DUPLA PAREDE PARA REDE COLETORA DE ESGOTO, DN 300 MM, JUNTA ELÁSTICA, INSTALADO EM LOCAL COM NÍVEL ALTO DE INTERFERÊNCIAS (NÃO INCLUI FORNECIMENTO). AF_06/2015","M","COEFICIENTE DE REPRESENTATIVIDADE",8.43,"","SINAPI","","","","","","","",6.26,74.177832,2.17,25.822168,0,0,0,0,0,0,"CAIXA REFERENCIAL"]
["ASSENTAMENTO DE TUBOS E PECAS","ASTU","FORNEC E/OU ASSENT DE TUBO DE PVC COM JUNTA ELASTI",48,"","",90758,"ASSENTAMENTO DE TUBO DE PVC CORRUGADO DE DUPLA PAREDE PARA REDE COLETORA DE ESGOTO, DN 300 MM, JUNTA ELÁSTICA, INSTALADO EM LOCAL COM NÍVEL ALTO DE INTERFERÊNCIAS (NÃO INCLUI FORNECIMENTO). AF_06/2015","M","COEFICIENTE DE REPRESENTATIVIDADE",8.43,"S","SINAPI",88246,0.2209,"H","COEFICIENTE DE REPRESENTATIVIDADE",0.2209,23.15,5.11,"","","","","","","","","","","CAIXA REFERENCIAL"]
["ASSENTAMENTO DE TUBOS E PECAS","ASTU","FORNEC E/OU ASSENT DE TUBO DE PVC COM JUNTA ELASTI",48,"","",90758,"ASSENTAMENTO DE TUBO DE PVC CORRUGADO DE DUPLA PAREDE PARA REDE COLETORA DE ESGOTO, DN 300 MM, JUNTA ELÁSTICA, INSTALADO EM LOCAL COM NÍVEL ALTO DE INTERFERÊNCIAS (NÃO INCLUI FORNECIMENTO). AF_06/2015","M","COEFICIENTE DE REPRESENTATIVIDADE",8.43,"S","SINAPI",88316,0.2209,"H","COEFICIENTE DE REPRESENTATIVIDADE",0.2209,15.03,3.32,"","","","","","","","","","","CAIXA REFERENCIAL"]
["ASSENTAMENTO DE TUBOS E PECAS","ASTU","FORNEC E/OU ASSENT DE TUBO DE PVC COM JUNTA ELASTI",48,"","",90759,"ASSENTAMENTO DE TUBO DE PVC CORRUGADO DE DUPLA PAREDE PARA REDE COLETORA DE ESGOTO, DN 350 MM, JUNTA ELÁSTICA, INSTALADO EM LOCAL COM NÍVEL ALTO DE INTERFERÊNCIAS (NÃO INCLUI FORNECIMENTO). AF_06/2015","M","COEFICIENTE DE REPRESENTATIVIDADE",8.94,"","SINAPI","","","","","","","",6.65,74.3648961,2.29,25.6351039,0,0,0,0,0,0,"CAIXA REFERENCIAL"]
["ASSENTAMENTO DE TUBOS E PECAS","ASTU","FORNEC E/OU ASSENT DE TUBO DE PVC COM JUNTA ELASTI",48,"","",90759,"ASSENTAMENTO DE TUBO DE PVC CORRUGADO DE DUPLA PAREDE PARA REDE COLETORA DE ESGOTO, DN 350 MM, JUNTA ELÁSTICA, INSTALADO EM LOCAL COM NÍVEL ALTO DE INTERFERÊNCIAS (NÃO INCLUI FORNECIMENTO). AF_06/2015","M","COEFICIENTE DE REPRESENTATIVIDADE",8.94,"S","SINAPI",88246,0.2342,"H","COEFICIENTE DE REPRESENTATIVIDADE",0.2342,23.15,5.42,"","","","","","","","","","","CAIXA REFERENCIAL"]
["ASSENTAMENTO DE TUBOS E PECAS","ASTU","FORNEC E/OU ASSENT DE TUBO DE PVC COM JUNTA ELASTI",48,"","",90759,"ASSENTAMENTO DE TUBO DE PVC CORRUGADO DE DUPLA PAREDE PARA REDE COLETORA DE ESGOTO, DN 350 MM, JUNTA ELÁSTICA, INSTALADO EM LOCAL COM NÍVEL ALTO DE INTERFERÊNCIAS (NÃO INCLUI FORNECIMENTO). AF_06/2015","M","COEFICIENTE DE REPRESENTATIVIDADE",8.94,"S","SINAPI",88316,0.2342,"H","COEFICIENTE DE REPRESENTATIVIDADE",0.2342,15.03,3.52,"","","","","","","","","","","CAIXA REFERENCIAL"]
["ASSENTAMENTO DE TUBOS E PECAS","ASTU","FORNEC E/OU ASSENT DE TUBO DE PVC COM JUNTA ELASTI",48,"","",90760,"ASSENTAMENTO DE TUBO DE PVC CORRUGADO DE DUPLA PAREDE PARA REDE COLETORA DE ESGOTO, DN 400 MM, EM JUNTA ELÁSTICA, INSTALADO EM LOCAL COM NÍVEL ALTO DE INTERFERÊNCIAS (NÃO INCLUI FORNECIMENTO). AF_06/2015","M","COEFICIENTE DE REPRESENTATIVIDADE",19.7,"","SINAPI","","","","","","","",10.05,50.9610391,6.16,31.2727272,3.49,17.7662337,0,0,0,0,"CAIXA REFERENCIAL"]
["ASSENTAMENTO DE TUBOS E PECAS","ASTU","FORNEC E/OU ASSENT DE TUBO DE PVC COM JUNTA ELASTI",48,"","",90760,"ASSENTAMENTO DE TUBO DE PVC CORRUGADO DE DUPLA PAREDE PARA REDE COLETORA DE ESGOTO, DN 400 MM, EM JUNTA ELÁSTICA, INSTALADO EM LOCAL COM NÍVEL ALTO DE INTERFERÊNCIAS (NÃO INCLUI FORNECIMENTO). AF_06/2015","M","COEFICIENTE DE REPRESENTATIVIDADE",19.7,"S","SINAPI",5678,0.0803,"CHP","COEFICIENTE DE REPRESENTATIVIDADE",0.0803,100.23,8.04,"","","","","","","","","","","CAIXA REFERENCIAL"]
["ASSENTAMENTO DE TUBOS E PECAS","ASTU","FORNEC E/OU ASSENT DE TUBO DE PVC COM JUNTA ELASTI",48,"","",90760,"ASSENTAMENTO DE TUBO DE PVC CORRUGADO DE DUPLA PAREDE PARA REDE COLETORA DE ESGOTO, DN 400 MM, EM JUNTA ELÁSTICA, INSTALADO EM LOCAL COM NÍVEL ALTO DE INTERFERÊNCIAS (NÃO INCLUI FORNECIMENTO). AF_06/2015","M","COEFICIENTE DE REPRESENTATIVIDADE",19.7,"S","SINAPI",5679,0.0499,"CHI","COEFICIENTE DE REPRESENTATIVIDADE",0.0499,44.39,2.21,"","","","","","","","","","","CAIXA REFERENCIAL"]
["ASSENTAMENTO DE TUBOS E PECAS","ASTU","FORNEC E/OU ASSENT DE TUBO DE PVC COM JUNTA ELASTI",48,"","",90760,"ASSENTAMENTO DE TUBO DE PVC CORRUGADO DE DUPLA PAREDE PARA REDE COLETORA DE ESGOTO, DN 400 MM, EM JUNTA ELÁSTICA, INSTALADO EM LOCAL COM NÍVEL ALTO DE INTERFERÊNCIAS (NÃO INCLUI FORNECIMENTO). AF_06/2015","M","COEFICIENTE DE REPRESENTATIVIDADE",19.7,"S","SINAPI",88246,0.2476,"H","COEFICIENTE DE REPRESENTATIVIDADE",0.2476,23.15,5.73,"","","","","","","","","","","CAIXA REFERENCIAL"]
["ASSENTAMENTO DE TUBOS E PECAS","ASTU","FORNEC E/OU ASSENT DE TUBO DE PVC COM JUNTA ELASTI",48,"","",90760,"ASSENTAMENTO DE TUBO DE PVC CORRUGADO DE DUPLA PAREDE PARA REDE COLETORA DE ESGOTO, DN 400 MM, EM JUNTA ELÁSTICA, INSTALADO EM LOCAL COM NÍVEL ALTO DE INTERFERÊNCIAS (NÃO INCLUI FORNECIMENTO). AF_06/2015","M","COEFICIENTE DE REPRESENTATIVIDADE",19.7,"S","SINAPI",88316,0.2476,"H","COEFICIENTE DE REPRESENTATIVIDADE",0.2476,15.03,3.72,"","","","","","","","","","","CAIXA REFERENCIAL"]
["ASSENTAMENTO DE TUBOS E PECAS","ASTU","FORNEC E/OU ASSENT DE TUBO DE PVC COM JUNTA ELASTI",48,"","",90761,"ASSENTAMENTO DE TUBO DE PEAD CORRUGADO DE DUPLA PAREDE PARA REDE COLETORA DE ESGOTO, DN 450 MM, JUNTA ELÁSTICA INTEGRADA, INSTALADO EM LOCAL COM NÍVEL ALTO DE INTERFERÊNCIAS (NÃO INCLUI FORNECIMENTO). AF_06/2015","M","COEFICIENTE DE REPRESENTATIVIDADE",3.79,"","SINAPI","","","","","","","",2.89,76.0445683,0.9,23.9554317,0,0,0,0,0,0,"CAIXA REFERENCIAL"]
["ASSENTAMENTO DE TUBOS E PECAS","ASTU","FORNEC E/OU ASSENT DE TUBO DE PVC COM JUNTA ELASTI",48,"","",90761,"ASSENTAMENTO DE TUBO DE PEAD CORRUGADO DE DUPLA PAREDE PARA REDE COLETORA DE ESGOTO, DN 450 MM, JUNTA ELÁSTICA INTEGRADA, INSTALADO EM LOCAL COM NÍVEL ALTO DE INTERFERÊNCIAS (NÃO INCLUI FORNECIMENTO). AF_06/2015","M","COEFICIENTE DE REPRESENTATIVIDADE",3.79,"S","SINAPI",88246,0.0996,"H","COEFICIENTE DE REPRESENTATIVIDADE",0.0996,23.15,2.3,"","","","","","","","","","","CAIXA REFERENCIAL"]
["ASSENTAMENTO DE TUBOS E PECAS","ASTU","FORNEC E/OU ASSENT DE TUBO DE PVC COM JUNTA ELASTI",48,"","",90761,"ASSENTAMENTO DE TUBO DE PEAD CORRUGADO DE DUPLA PAREDE PARA REDE COLETORA DE ESGOTO, DN 450 MM, JUNTA ELÁSTICA INTEGRADA, INSTALADO EM LOCAL COM NÍVEL ALTO DE INTERFERÊNCIAS (NÃO INCLUI FORNECIMENTO). AF_06/2015","M","COEFICIENTE DE REPRESENTATIVIDADE",3.79,"S","SINAPI",88316,0.0996,"H","COEFICIENTE DE REPRESENTATIVIDADE",0.0996,15.03,1.49,"","","","","","","","","","","CAIXA REFERENCIAL"]
["ASSENTAMENTO DE TUBOS E PECAS","ASTU","FORNEC E/OU ASSENT DE TUBO DE PVC COM JUNTA ELASTI",48,"","",90762,"ASSENTAMENTO DE TUBO DE PEAD CORRUGADO DE DUPLA PAREDE PARA REDE COLETORA DE ESGOTO, DN 600 MM, JUNTA ELÁSTICA INTEGRADA, INSTALADO EM LOCAL COM NÍVEL ALTO DE INTERFERÊNCIAS (NÃO INCLUI FORNECIMENTO). AF_06/2015","M","COEFICIENTE DE REPRESENTATIVIDADE",14.63,"","SINAPI","","","","","","","",6.28,42.887176,4.22,28.8717589,4.13,28.2410651,0,0,0,0,"CAIXA REFERENCIAL"]
["ASSENTAMENTO DE TUBOS E PECAS","ASTU","FORNEC E/OU ASSENT DE TUBO DE PVC COM JUNTA ELASTI",48,"","",90762,"ASSENTAMENTO DE TUBO DE PEAD CORRUGADO DE DUPLA PAREDE PARA REDE COLETORA DE ESGOTO, DN 600 MM, JUNTA ELÁSTICA INTEGRADA, INSTALADO EM LOCAL COM NÍVEL ALTO DE INTERFERÊNCIAS (NÃO INCLUI FORNECIMENTO). AF_06/2015","M","COEFICIENTE DE REPRESENTATIVIDADE",14.63,"S","SINAPI",5631,0.0502,"CHP","COEFICIENTE DE REPRESENTATIVIDADE",0.0502,137.46,6.9,"","","","","","","","","","","CAIXA REFERENCIAL"]
["ASSENTAMENTO DE TUBOS E PECAS","ASTU","FORNEC E/OU ASSENT DE TUBO DE PVC COM JUNTA ELASTI",48,"","",90762,"ASSENTAMENTO DE TUBO DE PEAD CORRUGADO DE DUPLA PAREDE PARA REDE COLETORA DE ESGOTO, DN 600 MM, JUNTA ELÁSTICA INTEGRADA, INSTALADO EM LOCAL COM NÍVEL ALTO DE INTERFERÊNCIAS (NÃO INCLUI FORNECIMENTO). AF_06/2015","M","COEFICIENTE DE REPRESENTATIVIDADE",14.63,"S","SINAPI",5632,0.0312,"CHI","COEFICIENTE DE REPRESENTATIVIDADE",0.0312,58.95,1.83,"","","","","","","","","","","CAIXA REFERENCIAL"]
["ASSENTAMENTO DE TUBOS E PECAS","ASTU","FORNEC E/OU ASSENT DE TUBO DE PVC COM JUNTA ELASTI",48,"","",90762,"ASSENTAMENTO DE TUBO DE PEAD CORRUGADO DE DUPLA PAREDE PARA REDE COLETORA DE ESGOTO, DN 600 MM, JUNTA ELÁSTICA INTEGRADA, INSTALADO EM LOCAL COM NÍVEL ALTO DE INTERFERÊNCIAS (NÃO INCLUI FORNECIMENTO). AF_06/2015","M","COEFICIENTE DE REPRESENTATIVIDADE",14.63,"S","SINAPI",88246,0.1549,"H","COEFICIENTE DE REPRESENTATIVIDADE",0.1549,23.15,3.58,"","","","","","","","","","","CAIXA REFERENCIAL"]
["ASSENTAMENTO DE TUBOS E PECAS","ASTU","FORNEC E/OU ASSENT DE TUBO DE PVC COM JUNTA ELASTI",48,"","",90762,"ASSENTAMENTO DE TUBO DE PEAD CORRUGADO DE DUPLA PAREDE PARA REDE COLETORA DE ESGOTO, DN 600 MM, JUNTA ELÁSTICA INTEGRADA, INSTALADO EM LOCAL COM NÍVEL ALTO DE INTERFERÊNCIAS (NÃO INCLUI FORNECIMENTO). AF_06/2015","M","COEFICIENTE DE REPRESENTATIVIDADE",14.63,"S","SINAPI",88316,0.1549,"H","COEFICIENTE DE REPRESENTATIVIDADE",0.1549,15.03,2.32,"","","","","","","","","","","CAIXA REFERENCIAL"]
["ASSENTAMENTO DE TUBOS E PECAS","ASTU","FORNEC E/OU ASSENT DE TUBO DE PVC COM JUNTA ELASTI",48,"","",94869,"TUBO DE PEAD CORRUGADO DE DUPLA PAREDE PARA REDE COLETORA DE ESGOTO, DN 250 MM, JUNTA ELÁSTICA INTEGRADA, INSTALADO EM LOCAL COM NÍVEL BAIXO DE INTERFERÊNCIAS - FORNECIMENTO E ASSENTAMENTO. AF_06/2016","M","COEFICIENTE DE REPRESENTATIVIDADE",62.21,"","SINAPI","","","","","","","",0.54,0.8691453,61.67,99.1308547,0,0,0,0,0,0,"CAIXA REFERENCIAL"]
["ASSENTAMENTO DE TUBOS E PECAS","ASTU","FORNEC E/OU ASSENT DE TUBO DE PVC COM JUNTA ELASTI",48,"","",94869,"TUBO DE PEAD CORRUGADO DE DUPLA PAREDE PARA REDE COLETORA DE ESGOTO, DN 250 MM, JUNTA ELÁSTICA INTEGRADA, INSTALADO EM LOCAL COM NÍVEL BAIXO DE INTERFERÊNCIAS - FORNECIMENTO E ASSENTAMENTO. AF_06/2016","M","COEFICIENTE DE REPRESENTATIVIDADE",62.21,"I","SINAPI",20078,0.0379,"UN","COEFICIENTE DE REPRESENTATIVIDADE",0.0379,17.63,0.66,"","","","","","","","","","","CAIXA REFERENCIAL"]
["ASSENTAMENTO DE TUBOS E PECAS","ASTU","FORNEC E/OU ASSENT DE TUBO DE PVC COM JUNTA ELASTI",48,"","",94869,"TUBO DE PEAD CORRUGADO DE DUPLA PAREDE PARA REDE COLETORA DE ESGOTO, DN 250 MM, JUNTA ELÁSTICA INTEGRADA, INSTALADO EM LOCAL COM NÍVEL BAIXO DE INTERFERÊNCIAS - FORNECIMENTO E ASSENTAMENTO. AF_06/2016","M","COEFICIENTE DE REPRESENTATIVIDADE",62.21,"I","SINAPI",41779,1.05,"M","COEFICIENTE DE REPRESENTATIVIDADE",1.05,57.9,60.79,"","","","","","","","","","","CAIXA REFERENCIAL"]
["ASSENTAMENTO DE TUBOS E PECAS","ASTU","FORNEC E/OU ASSENT DE TUBO DE PVC COM JUNTA ELASTI",48,"","",94869,"TUBO DE PEAD CORRUGADO DE DUPLA PAREDE PARA REDE COLETORA DE ESGOTO, DN 250 MM, JUNTA ELÁSTICA INTEGRADA, INSTALADO EM LOCAL COM NÍVEL BAIXO DE INTERFERÊNCIAS - FORNECIMENTO E ASSENTAMENTO. AF_06/2016","M","COEFICIENTE DE REPRESENTATIVIDADE",62.21,"S","SINAPI",88246,0.02,"H","COEFICIENTE DE REPRESENTATIVIDADE",0.02,23.15,0.46,"","","","","","","","","","","CAIXA REFERENCIAL"]
["ASSENTAMENTO DE TUBOS E PECAS","ASTU","FORNEC E/OU ASSENT DE TUBO DE PVC COM JUNTA ELASTI",48,"","",94869,"TUBO DE PEAD CORRUGADO DE DUPLA PAREDE PARA REDE COLETORA DE ESGOTO, DN 250 MM, JUNTA ELÁSTICA INTEGRADA, INSTALADO EM LOCAL COM NÍVEL BAIXO DE INTERFERÊNCIAS - FORNECIMENTO E ASSENTAMENTO. AF_06/2016","M","COEFICIENTE DE REPRESENTATIVIDADE",62.21,"S","SINAPI",88316,0.02,"H","COEFICIENTE DE REPRESENTATIVIDADE",0.02,15.03,0.3,"","","","","","","","","","","CAIXA REFERENCIAL"]
["ASSENTAMENTO DE TUBOS E PECAS","ASTU","FORNEC E/OU ASSENT DE TUBO DE PVC COM JUNTA ELASTI",48,"","",94870,"ASSENTAMENTO DE TUBO DE PEAD CORRUGADO DE DUPLA PAREDE PARA REDE COLETORA DE ESGOTO, DN 250 MM, JUNTA ELÁSTICA INTEGRADA, INSTALADO EM LOCAL COM NÍVEL BAIXO DE INTERFERÊNCIAS (NÃO INCLUI FORNECIMENTO). AF_06/2016","M","COEFICIENTE DE REPRESENTATIVIDADE",0.76,"","SINAPI","","","","","","","",0.61,79.4117648,0.15,20.5882352,0,0,0,0,0,0,"CAIXA REFERENCIAL"]
["ASSENTAMENTO DE TUBOS E PECAS","ASTU","FORNEC E/OU ASSENT DE TUBO DE PVC COM JUNTA ELASTI",48,"","",94870,"ASSENTAMENTO DE TUBO DE PEAD CORRUGADO DE DUPLA PAREDE PARA REDE COLETORA DE ESGOTO, DN 250 MM, JUNTA ELÁSTICA INTEGRADA, INSTALADO EM LOCAL COM NÍVEL BAIXO DE INTERFERÊNCIAS (NÃO INCLUI FORNECIMENTO). AF_06/2016","M","COEFICIENTE DE REPRESENTATIVIDADE",0.76,"S","SINAPI",88246,0.02,"H","COEFICIENTE DE REPRESENTATIVIDADE",0.02,23.15,0.46,"","","","","","","","","","","CAIXA REFERENCIAL"]
["ASSENTAMENTO DE TUBOS E PECAS","ASTU","FORNEC E/OU ASSENT DE TUBO DE PVC COM JUNTA ELASTI",48,"","",94870,"ASSENTAMENTO DE TUBO DE PEAD CORRUGADO DE DUPLA PAREDE PARA REDE COLETORA DE ESGOTO, DN 250 MM, JUNTA ELÁSTICA INTEGRADA, INSTALADO EM LOCAL COM NÍVEL BAIXO DE INTERFERÊNCIAS (NÃO INCLUI FORNECIMENTO). AF_06/2016","M","COEFICIENTE DE REPRESENTATIVIDADE",0.76,"S","SINAPI",88316,0.02,"H","COEFICIENTE DE REPRESENTATIVIDADE",0.02,15.03,0.3,"","","","","","","","","","","CAIXA REFERENCIAL"]
["ASSENTAMENTO DE TUBOS E PECAS","ASTU","FORNEC E/OU ASSENT DE TUBO DE PVC COM JUNTA ELASTI",48,"","",94871,"TUBO DE PEAD CORRUGADO DE DUPLA PAREDE PARA REDE COLETORA DE ESGOTO, DN 300 MM, JUNTA ELÁSTICA INTEGRADA, INSTALADO EM LOCAL COM NÍVEL BAIXO DE INTERFERÊNCIAS - FORNECIMENTO E ASSENTAMENTO. AF_06/2016","M","COEFICIENTE DE REPRESENTATIVIDADE",92.02,"","SINAPI","","","","","","","",0.94,1.0228509,91.08,98.9771491,0,0,0,0,0,0,"CAIXA REFERENCIAL"]
["ASSENTAMENTO DE TUBOS E PECAS","ASTU","FORNEC E/OU ASSENT DE TUBO DE PVC COM JUNTA ELASTI",48,"","",94871,"TUBO DE PEAD CORRUGADO DE DUPLA PAREDE PARA REDE COLETORA DE ESGOTO, DN 300 MM, JUNTA ELÁSTICA INTEGRADA, INSTALADO EM LOCAL COM NÍVEL BAIXO DE INTERFERÊNCIAS - FORNECIMENTO E ASSENTAMENTO. AF_06/2016","M","COEFICIENTE DE REPRESENTATIVIDADE",92.02,"I","SINAPI",20078,0.0417,"UN","COEFICIENTE DE REPRESENTATIVIDADE",0.0417,17.63,0.73,"","","","","","","","","","","CAIXA REFERENCIAL"]
["ASSENTAMENTO DE TUBOS E PECAS","ASTU","FORNEC E/OU ASSENT DE TUBO DE PVC COM JUNTA ELASTI",48,"","",94871,"TUBO DE PEAD CORRUGADO DE DUPLA PAREDE PARA REDE COLETORA DE ESGOTO, DN 300 MM, JUNTA ELÁSTICA INTEGRADA, INSTALADO EM LOCAL COM NÍVEL BAIXO DE INTERFERÊNCIAS - FORNECIMENTO E ASSENTAMENTO. AF_06/2016","M","COEFICIENTE DE REPRESENTATIVIDADE",92.02,"I","SINAPI",41780,1.05,"M","COEFICIENTE DE REPRESENTATIVIDADE",1.05,85.69,89.97,"","","","","","","","","","","CAIXA REFERENCIAL"]
["ASSENTAMENTO DE TUBOS E PECAS","ASTU","FORNEC E/OU ASSENT DE TUBO DE PVC COM JUNTA ELASTI",48,"","",94871,"TUBO DE PEAD CORRUGADO DE DUPLA PAREDE PARA REDE COLETORA DE ESGOTO, DN 300 MM, JUNTA ELÁSTICA INTEGRADA, INSTALADO EM LOCAL COM NÍVEL BAIXO DE INTERFERÊNCIAS - FORNECIMENTO E ASSENTAMENTO. AF_06/2016","M","COEFICIENTE DE REPRESENTATIVIDADE",92.02,"S","SINAPI",88246,0.0349,"H","COEFICIENTE DE REPRESENTATIVIDADE",0.0349,23.15,0.8,"","","","","","","","","","","CAIXA REFERENCIAL"]
["ASSENTAMENTO DE TUBOS E PECAS","ASTU","FORNEC E/OU ASSENT DE TUBO DE PVC COM JUNTA ELASTI",48,"","",94871,"TUBO DE PEAD CORRUGADO DE DUPLA PAREDE PARA REDE COLETORA DE ESGOTO, DN 300 MM, JUNTA ELÁSTICA INTEGRADA, INSTALADO EM LOCAL COM NÍVEL BAIXO DE INTERFERÊNCIAS - FORNECIMENTO E ASSENTAMENTO. AF_06/2016","M","COEFICIENTE DE REPRESENTATIVIDADE",92.02,"S","SINAPI",88316,0.0349,"H","COEFICIENTE DE REPRESENTATIVIDADE",0.0349,15.03,0.52,"","","","","","","","","","","CAIXA REFERENCIAL"]
["ASSENTAMENTO DE TUBOS E PECAS","ASTU","FORNEC E/OU ASSENT DE TUBO DE PVC COM JUNTA ELASTI",48,"","",94872,"ASSENTAMENTO DE TUBO DE PEAD CORRUGADO DE DUPLA PAREDE PARA REDE COLETORA DE ESGOTO, DN 300 MM, JUNTA ELÁSTICA INTEGRADA, INSTALADO EM LOCAL COM NÍVEL BAIXO DE INTERFERÊNCIAS (NÃO INCLUI FORNECIMENTO). AF_06/2016","M","COEFICIENTE DE REPRESENTATIVIDADE",1.32,"","SINAPI","","","","","","","",1.04,78.3333334,0.28,21.6666666,0,0,0,0,0,0,"CAIXA REFERENCIAL"]
["ASSENTAMENTO DE TUBOS E PECAS","ASTU","FORNEC E/OU ASSENT DE TUBO DE PVC COM JUNTA ELASTI",48,"","",94872,"ASSENTAMENTO DE TUBO DE PEAD CORRUGADO DE DUPLA PAREDE PARA REDE COLETORA DE ESGOTO, DN 300 MM, JUNTA ELÁSTICA INTEGRADA, INSTALADO EM LOCAL COM NÍVEL BAIXO DE INTERFERÊNCIAS (NÃO INCLUI FORNECIMENTO). AF_06/2016","M","COEFICIENTE DE REPRESENTATIVIDADE",1.32,"S","SINAPI",88246,0.0349,"H","COEFICIENTE DE REPRESENTATIVIDADE",0.0349,23.15,0.8,"","","","","","","","","","","CAIXA REFERENCIAL"]
["ASSENTAMENTO DE TUBOS E PECAS","ASTU","FORNEC E/OU ASSENT DE TUBO DE PVC COM JUNTA ELASTI",48,"","",94872,"ASSENTAMENTO DE TUBO DE PEAD CORRUGADO DE DUPLA PAREDE PARA REDE COLETORA DE ESGOTO, DN 300 MM, JUNTA ELÁSTICA INTEGRADA, INSTALADO EM LOCAL COM NÍVEL BAIXO DE INTERFERÊNCIAS (NÃO INCLUI FORNECIMENTO). AF_06/2016","M","COEFICIENTE DE REPRESENTATIVIDADE",1.32,"S","SINAPI",88316,0.0349,"H","COEFICIENTE DE REPRESENTATIVIDADE",0.0349,15.03,0.52,"","","","","","","","","","","CAIXA REFERENCIAL"]
["ASSENTAMENTO DE TUBOS E PECAS","ASTU","FORNEC E/OU ASSENT DE TUBO DE PVC COM JUNTA ELASTI",48,"","",94875,"TUBO DE PEAD CORRUGADO DE DUPLA PAREDE PARA REDE COLETORA DE ESGOTO, DN 750 MM, JUNTA ELÁSTICA INTEGRADA, INSTALADO EM LOCAL COM NÍVEL BAIXO DE INTERFERÊNCIAS - FORNECIMENTO E ASSENTAMENTO. AF_06/2016","M","COEFICIENTE DE REPRESENTATIVIDADE",539.82,"","SINAPI","","","","","","","",7.8,1.4459707,526.87,97.5993179,5.15,0.9547114,0,0,0,0,"CAIXA REFERENCIAL"]
["ASSENTAMENTO DE TUBOS E PECAS","ASTU","FORNEC E/OU ASSENT DE TUBO DE PVC COM JUNTA ELASTI",48,"","",94875,"TUBO DE PEAD CORRUGADO DE DUPLA PAREDE PARA REDE COLETORA DE ESGOTO, DN 750 MM, JUNTA ELÁSTICA INTEGRADA, INSTALADO EM LOCAL COM NÍVEL BAIXO DE INTERFERÊNCIAS - FORNECIMENTO E ASSENTAMENTO. AF_06/2016","M","COEFICIENTE DE REPRESENTATIVIDADE",539.82,"S","SINAPI",5631,0.0638,"CHP","COEFICIENTE DE REPRESENTATIVIDADE",0.0638,137.46,8.76,"","","","","","","","","","","CAIXA REFERENCIAL"]
["ASSENTAMENTO DE TUBOS E PECAS","ASTU","FORNEC E/OU ASSENT DE TUBO DE PVC COM JUNTA ELASTI",48,"","",94875,"TUBO DE PEAD CORRUGADO DE DUPLA PAREDE PARA REDE COLETORA DE ESGOTO, DN 750 MM, JUNTA ELÁSTICA INTEGRADA, INSTALADO EM LOCAL COM NÍVEL BAIXO DE INTERFERÊNCIAS - FORNECIMENTO E ASSENTAMENTO. AF_06/2016","M","COEFICIENTE DE REPRESENTATIVIDADE",539.82,"S","SINAPI",5632,0.0397,"CHI","COEFICIENTE DE REPRESENTATIVIDADE",0.0397,58.95,2.34,"","","","","","","","","","","CAIXA REFERENCIAL"]
["ASSENTAMENTO DE TUBOS E PECAS","ASTU","FORNEC E/OU ASSENT DE TUBO DE PVC COM JUNTA ELASTI",48,"","",94875,"TUBO DE PEAD CORRUGADO DE DUPLA PAREDE PARA REDE COLETORA DE ESGOTO, DN 750 MM, JUNTA ELÁSTICA INTEGRADA, INSTALADO EM LOCAL COM NÍVEL BAIXO DE INTERFERÊNCIAS - FORNECIMENTO E ASSENTAMENTO. AF_06/2016","M","COEFICIENTE DE REPRESENTATIVIDADE",539.82,"I","SINAPI",20078,0.1042,"UN","COEFICIENTE DE REPRESENTATIVIDADE",0.1042,17.63,1.83,"","","","","","","","","","","CAIXA REFERENCIAL"]
["ASSENTAMENTO DE TUBOS E PECAS","ASTU","FORNEC E/OU ASSENT DE TUBO DE PVC COM JUNTA ELASTI",48,"","",94875,"TUBO DE PEAD CORRUGADO DE DUPLA PAREDE PARA REDE COLETORA DE ESGOTO, DN 750 MM, JUNTA ELÁSTICA INTEGRADA, INSTALADO EM LOCAL COM NÍVEL BAIXO DE INTERFERÊNCIAS - FORNECIMENTO E ASSENTAMENTO. AF_06/2016","M","COEFICIENTE DE REPRESENTATIVIDADE",539.82,"I","SINAPI",41783,1.05,"M","COEFICIENTE DE REPRESENTATIVIDADE",1.05,494.64,519.37,"","","","","","","","","","","CAIXA REFERENCIAL"]
["ASSENTAMENTO DE TUBOS E PECAS","ASTU","FORNEC E/OU ASSENT DE TUBO DE PVC COM JUNTA ELASTI",48,"","",94875,"TUBO DE PEAD CORRUGADO DE DUPLA PAREDE PARA REDE COLETORA DE ESGOTO, DN 750 MM, JUNTA ELÁSTICA INTEGRADA, INSTALADO EM LOCAL COM NÍVEL BAIXO DE INTERFERÊNCIAS - FORNECIMENTO E ASSENTAMENTO. AF_06/2016","M","COEFICIENTE DE REPRESENTATIVIDADE",539.82,"S","SINAPI",88246,0.197,"H","COEFICIENTE DE REPRESENTATIVIDADE",0.197,23.15,4.56,"","","","","","","","","","","CAIXA REFERENCIAL"]
["ASSENTAMENTO DE TUBOS E PECAS","ASTU","FORNEC E/OU ASSENT DE TUBO DE PVC COM JUNTA ELASTI",48,"","",94875,"TUBO DE PEAD CORRUGADO DE DUPLA PAREDE PARA REDE COLETORA DE ESGOTO, DN 750 MM, JUNTA ELÁSTICA INTEGRADA, INSTALADO EM LOCAL COM NÍVEL BAIXO DE INTERFERÊNCIAS - FORNECIMENTO E ASSENTAMENTO. AF_06/2016","M","COEFICIENTE DE REPRESENTATIVIDADE",539.82,"S","SINAPI",88316,0.197,"H","COEFICIENTE DE REPRESENTATIVIDADE",0.197,15.03,2.96,"","","","","","","","","","","CAIXA REFERENCIAL"]
["ASSENTAMENTO DE TUBOS E PECAS","ASTU","FORNEC E/OU ASSENT DE TUBO DE PVC COM JUNTA ELASTI",48,"","",94876,"ASSENTAMENTO DE TUBO DE PEAD CORRUGADO DE DUPLA PAREDE PARA REDE COLETORA DE ESGOTO, DN 750 MM, JUNTA ELÁSTICA INTEGRADA, INSTALADO EM LOCAL COM NÍVEL BAIXO DE INTERFERÊNCIAS (NÃO INCLUI FORNECIMENTO). AF_06/2016","M","COEFICIENTE DE REPRESENTATIVIDADE",18.62,"","SINAPI","","","","","","","",7.97,42.7866156,5.39,28.9632473,5.26,28.2501371,0,0,0,0,"CAIXA REFERENCIAL"]
["ASSENTAMENTO DE TUBOS E PECAS","ASTU","FORNEC E/OU ASSENT DE TUBO DE PVC COM JUNTA ELASTI",48,"","",94876,"ASSENTAMENTO DE TUBO DE PEAD CORRUGADO DE DUPLA PAREDE PARA REDE COLETORA DE ESGOTO, DN 750 MM, JUNTA ELÁSTICA INTEGRADA, INSTALADO EM LOCAL COM NÍVEL BAIXO DE INTERFERÊNCIAS (NÃO INCLUI FORNECIMENTO). AF_06/2016","M","COEFICIENTE DE REPRESENTATIVIDADE",18.62,"S","SINAPI",5631,0.0638,"CHP","COEFICIENTE DE REPRESENTATIVIDADE",0.0638,137.46,8.76,"","","","","","","","","","","CAIXA REFERENCIAL"]
["ASSENTAMENTO DE TUBOS E PECAS","ASTU","FORNEC E/OU ASSENT DE TUBO DE PVC COM JUNTA ELASTI",48,"","",94876,"ASSENTAMENTO DE TUBO DE PEAD CORRUGADO DE DUPLA PAREDE PARA REDE COLETORA DE ESGOTO, DN 750 MM, JUNTA ELÁSTICA INTEGRADA, INSTALADO EM LOCAL COM NÍVEL BAIXO DE INTERFERÊNCIAS (NÃO INCLUI FORNECIMENTO). AF_06/2016","M","COEFICIENTE DE REPRESENTATIVIDADE",18.62,"S","SINAPI",5632,0.0397,"CHI","COEFICIENTE DE REPRESENTATIVIDADE",0.0397,58.95,2.34,"","","","","","","","","","","CAIXA REFERENCIAL"]
["ASSENTAMENTO DE TUBOS E PECAS","ASTU","FORNEC E/OU ASSENT DE TUBO DE PVC COM JUNTA ELASTI",48,"","",94876,"ASSENTAMENTO DE TUBO DE PEAD CORRUGADO DE DUPLA PAREDE PARA REDE COLETORA DE ESGOTO, DN 750 MM, JUNTA ELÁSTICA INTEGRADA, INSTALADO EM LOCAL COM NÍVEL BAIXO DE INTERFERÊNCIAS (NÃO INCLUI FORNECIMENTO). AF_06/2016","M","COEFICIENTE DE REPRESENTATIVIDADE",18.62,"S","SINAPI",88246,0.197,"H","COEFICIENTE DE REPRESENTATIVIDADE",0.197,23.15,4.56,"","","","","","","","","","","CAIXA REFERENCIAL"]
["ASSENTAMENTO DE TUBOS E PECAS","ASTU","FORNEC E/OU ASSENT DE TUBO DE PVC COM JUNTA ELASTI",48,"","",94876,"ASSENTAMENTO DE TUBO DE PEAD CORRUGADO DE DUPLA PAREDE PARA REDE COLETORA DE ESGOTO, DN 750 MM, JUNTA ELÁSTICA INTEGRADA, INSTALADO EM LOCAL COM NÍVEL BAIXO DE INTERFERÊNCIAS (NÃO INCLUI FORNECIMENTO). AF_06/2016","M","COEFICIENTE DE REPRESENTATIVIDADE",18.62,"S","SINAPI",88316,0.197,"H","COEFICIENTE DE REPRESENTATIVIDADE",0.197,15.03,2.96,"","","","","","","","","","","CAIXA REFERENCIAL"]
["ASSENTAMENTO DE TUBOS E PECAS","ASTU","FORNEC E/OU ASSENT DE TUBO DE PVC COM JUNTA ELASTI",48,"","",94878,"ASSENTAMENTO DE TUBO DE PEAD CORRUGADO DE DUPLA PAREDE PARA REDE COLETORA DE ESGOTO, DN 900 MM, JUNTA ELÁSTICA INTEGRADA, INSTALADO EM LOCAL COM NÍVEL BAIXO DE INTERFERÊNCIAS (NÃO INCLUI FORNECIMENTO). AF_06/2016","M","COEFICIENTE DE REPRESENTATIVIDADE",21.84,"","SINAPI","","","","","","","",9.33,42.6903317,6.35,29.098552,6.16,28.2111163,0,0,0,0,"CAIXA REFERENCIAL"]
["ASSENTAMENTO DE TUBOS E PECAS","ASTU","FORNEC E/OU ASSENT DE TUBO DE PVC COM JUNTA ELASTI",48,"","",94878,"ASSENTAMENTO DE TUBO DE PEAD CORRUGADO DE DUPLA PAREDE PARA REDE COLETORA DE ESGOTO, DN 900 MM, JUNTA ELÁSTICA INTEGRADA, INSTALADO EM LOCAL COM NÍVEL BAIXO DE INTERFERÊNCIAS (NÃO INCLUI FORNECIMENTO). AF_06/2016","M","COEFICIENTE DE REPRESENTATIVIDADE",21.84,"S","SINAPI",5631,0.0749,"CHP","COEFICIENTE DE REPRESENTATIVIDADE",0.0749,137.46,10.29,"","","","","","","","","","","CAIXA REFERENCIAL"]
["ASSENTAMENTO DE TUBOS E PECAS","ASTU","FORNEC E/OU ASSENT DE TUBO DE PVC COM JUNTA ELASTI",48,"","",94878,"ASSENTAMENTO DE TUBO DE PEAD CORRUGADO DE DUPLA PAREDE PARA REDE COLETORA DE ESGOTO, DN 900 MM, JUNTA ELÁSTICA INTEGRADA, INSTALADO EM LOCAL COM NÍVEL BAIXO DE INTERFERÊNCIAS (NÃO INCLUI FORNECIMENTO). AF_06/2016","M","COEFICIENTE DE REPRESENTATIVIDADE",21.84,"S","SINAPI",5632,0.0466,"CHI","COEFICIENTE DE REPRESENTATIVIDADE",0.0466,58.95,2.74,"","","","","","","","","","","CAIXA REFERENCIAL"]
["ASSENTAMENTO DE TUBOS E PECAS","ASTU","FORNEC E/OU ASSENT DE TUBO DE PVC COM JUNTA ELASTI",48,"","",94878,"ASSENTAMENTO DE TUBO DE PEAD CORRUGADO DE DUPLA PAREDE PARA REDE COLETORA DE ESGOTO, DN 900 MM, JUNTA ELÁSTICA INTEGRADA, INSTALADO EM LOCAL COM NÍVEL BAIXO DE INTERFERÊNCIAS (NÃO INCLUI FORNECIMENTO). AF_06/2016","M","COEFICIENTE DE REPRESENTATIVIDADE",21.84,"S","SINAPI",88246,0.2311,"H","COEFICIENTE DE REPRESENTATIVIDADE",0.2311,23.15,5.34,"","","","","","","","","","","CAIXA REFERENCIAL"]
["ASSENTAMENTO DE TUBOS E PECAS","ASTU","FORNEC E/OU ASSENT DE TUBO DE PVC COM JUNTA ELASTI",48,"","",94878,"ASSENTAMENTO DE TUBO DE PEAD CORRUGADO DE DUPLA PAREDE PARA REDE COLETORA DE ESGOTO, DN 900 MM, JUNTA ELÁSTICA INTEGRADA, INSTALADO EM LOCAL COM NÍVEL BAIXO DE INTERFERÊNCIAS (NÃO INCLUI FORNECIMENTO). AF_06/2016","M","COEFICIENTE DE REPRESENTATIVIDADE",21.84,"S","SINAPI",88316,0.2311,"H","COEFICIENTE DE REPRESENTATIVIDADE",0.2311,15.03,3.47,"","","","","","","","","","","CAIXA REFERENCIAL"]
["ASSENTAMENTO DE TUBOS E PECAS","ASTU","FORNEC E/OU ASSENT DE TUBO DE PVC COM JUNTA ELASTI",48,"","",94879,"TUBO DE PEAD CORRUGADO DE DUPLA PAREDE PARA REDE COLETORA DE ESGOTO, DN 1000 MM, JUNTA ELÁSTICA INTEGRADA, INSTALADO EM LOCAL COM NÍVEL BAIXO DE INTERFERÊNCIAS - FORNECIMENTO E ASSENTAMENTO. AF_06/2016","M","COEFICIENTE DE REPRESENTATIVIDADE",817.44,"","SINAPI","","","","","","","",11.21,1.372093,798.8,97.7184823,7.43,0.9094247,0,0,0,0,"CAIXA REFERENCIAL"]
["ASSENTAMENTO DE TUBOS E PECAS","ASTU","FORNEC E/OU ASSENT DE TUBO DE PVC COM JUNTA ELASTI",48,"","",94879,"TUBO DE PEAD CORRUGADO DE DUPLA PAREDE PARA REDE COLETORA DE ESGOTO, DN 1000 MM, JUNTA ELÁSTICA INTEGRADA, INSTALADO EM LOCAL COM NÍVEL BAIXO DE INTERFERÊNCIAS - FORNECIMENTO E ASSENTAMENTO. AF_06/2016","M","COEFICIENTE DE REPRESENTATIVIDADE",817.44,"S","SINAPI",5631,0.0917,"CHP","COEFICIENTE DE REPRESENTATIVIDADE",0.0917,137.46,12.6,"","","","","","","","","","","CAIXA REFERENCIAL"]
["ASSENTAMENTO DE TUBOS E PECAS","ASTU","FORNEC E/OU ASSENT DE TUBO DE PVC COM JUNTA ELASTI",48,"","",94879,"TUBO DE PEAD CORRUGADO DE DUPLA PAREDE PARA REDE COLETORA DE ESGOTO, DN 1000 MM, JUNTA ELÁSTICA INTEGRADA, INSTALADO EM LOCAL COM NÍVEL BAIXO DE INTERFERÊNCIAS - FORNECIMENTO E ASSENTAMENTO. AF_06/2016","M","COEFICIENTE DE REPRESENTATIVIDADE",817.44,"S","SINAPI",5632,0.057,"CHI","COEFICIENTE DE REPRESENTATIVIDADE",0.057,58.95,3.36,"","","","","","","","","","","CAIXA REFERENCIAL"]
["ASSENTAMENTO DE TUBOS E PECAS","ASTU","FORNEC E/OU ASSENT DE TUBO DE PVC COM JUNTA ELASTI",48,"","",94879,"TUBO DE PEAD CORRUGADO DE DUPLA PAREDE PARA REDE COLETORA DE ESGOTO, DN 1000 MM, JUNTA ELÁSTICA INTEGRADA, INSTALADO EM LOCAL COM NÍVEL BAIXO DE INTERFERÊNCIAS - FORNECIMENTO E ASSENTAMENTO. AF_06/2016","M","COEFICIENTE DE REPRESENTATIVIDADE",817.44,"I","SINAPI",20078,0.2083,"UN","COEFICIENTE DE REPRESENTATIVIDADE",0.2083,17.63,3.67,"","","","","","","","","","","CAIXA REFERENCIAL"]
["ASSENTAMENTO DE TUBOS E PECAS","ASTU","FORNEC E/OU ASSENT DE TUBO DE PVC COM JUNTA ELASTI",48,"","",94879,"TUBO DE PEAD CORRUGADO DE DUPLA PAREDE PARA REDE COLETORA DE ESGOTO, DN 1000 MM, JUNTA ELÁSTICA INTEGRADA, INSTALADO EM LOCAL COM NÍVEL BAIXO DE INTERFERÊNCIAS - FORNECIMENTO E ASSENTAMENTO. AF_06/2016","M","COEFICIENTE DE REPRESENTATIVIDADE",817.44,"I","SINAPI",41785,1.05,"M","COEFICIENTE DE REPRESENTATIVIDADE",1.05,749.54,787.01,"","","","","","","","","","","CAIXA REFERENCIAL"]
["ASSENTAMENTO DE TUBOS E PECAS","ASTU","FORNEC E/OU ASSENT DE TUBO DE PVC COM JUNTA ELASTI",48,"","",94879,"TUBO DE PEAD CORRUGADO DE DUPLA PAREDE PARA REDE COLETORA DE ESGOTO, DN 1000 MM, JUNTA ELÁSTICA INTEGRADA, INSTALADO EM LOCAL COM NÍVEL BAIXO DE INTERFERÊNCIAS - FORNECIMENTO E ASSENTAMENTO. AF_06/2016","M","COEFICIENTE DE REPRESENTATIVIDADE",817.44,"S","SINAPI",88246,0.283,"H","COEFICIENTE DE REPRESENTATIVIDADE",0.283,23.15,6.55,"","","","","","","","","","","CAIXA REFERENCIAL"]
["ASSENTAMENTO DE TUBOS E PECAS","ASTU","FORNEC E/OU ASSENT DE TUBO DE PVC COM JUNTA ELASTI",48,"","",94879,"TUBO DE PEAD CORRUGADO DE DUPLA PAREDE PARA REDE COLETORA DE ESGOTO, DN 1000 MM, JUNTA ELÁSTICA INTEGRADA, INSTALADO EM LOCAL COM NÍVEL BAIXO DE INTERFERÊNCIAS - FORNECIMENTO E ASSENTAMENTO. AF_06/2016","M","COEFICIENTE DE REPRESENTATIVIDADE",817.44,"S","SINAPI",88316,0.283,"H","COEFICIENTE DE REPRESENTATIVIDADE",0.283,15.03,4.25,"","","","","","","","","","","CAIXA REFERENCIAL"]
["ASSENTAMENTO DE TUBOS E PECAS","ASTU","FORNEC E/OU ASSENT DE TUBO DE PVC COM JUNTA ELASTI",48,"","",94880,"ASSENTAMENTO DE TUBO DE PEAD CORRUGADO DE DUPLA PAREDE PARA REDE COLETORA DE ESGOTO, DN 1000 MM, JUNTA ELÁSTICA INTEGRADA, INSTALADO EM LOCAL COM NÍVEL BAIXO DE INTERFERÊNCIAS (NÃO INCLUI FORNECIMENTO). AF_06/2016","M","COEFICIENTE DE REPRESENTATIVIDADE",26.76,"","SINAPI","","","","","","","",11.41,42.5911855,7.8,29.1793313,7.55,28.2294832,0,0,0,0,"CAIXA REFERENCIAL"]
["ASSENTAMENTO DE TUBOS E PECAS","ASTU","FORNEC E/OU ASSENT DE TUBO DE PVC COM JUNTA ELASTI",48,"","",94880,"ASSENTAMENTO DE TUBO DE PEAD CORRUGADO DE DUPLA PAREDE PARA REDE COLETORA DE ESGOTO, DN 1000 MM, JUNTA ELÁSTICA INTEGRADA, INSTALADO EM LOCAL COM NÍVEL BAIXO DE INTERFERÊNCIAS (NÃO INCLUI FORNECIMENTO). AF_06/2016","M","COEFICIENTE DE REPRESENTATIVIDADE",26.76,"S","SINAPI",5631,0.0917,"CHP","COEFICIENTE DE REPRESENTATIVIDADE",0.0917,137.46,12.6,"","","","","","","","","","","CAIXA REFERENCIAL"]
["ASSENTAMENTO DE TUBOS E PECAS","ASTU","FORNEC E/OU ASSENT DE TUBO DE PVC COM JUNTA ELASTI",48,"","",94880,"ASSENTAMENTO DE TUBO DE PEAD CORRUGADO DE DUPLA PAREDE PARA REDE COLETORA DE ESGOTO, DN 1000 MM, JUNTA ELÁSTICA INTEGRADA, INSTALADO EM LOCAL COM NÍVEL BAIXO DE INTERFERÊNCIAS (NÃO INCLUI FORNECIMENTO). AF_06/2016","M","COEFICIENTE DE REPRESENTATIVIDADE",26.76,"S","SINAPI",5632,0.057,"CHI","COEFICIENTE DE REPRESENTATIVIDADE",0.057,58.95,3.36,"","","","","","","","","","","CAIXA REFERENCIAL"]
["ASSENTAMENTO DE TUBOS E PECAS","ASTU","FORNEC E/OU ASSENT DE TUBO DE PVC COM JUNTA ELASTI",48,"","",94880,"ASSENTAMENTO DE TUBO DE PEAD CORRUGADO DE DUPLA PAREDE PARA REDE COLETORA DE ESGOTO, DN 1000 MM, JUNTA ELÁSTICA INTEGRADA, INSTALADO EM LOCAL COM NÍVEL BAIXO DE INTERFERÊNCIAS (NÃO INCLUI FORNECIMENTO). AF_06/2016","M","COEFICIENTE DE REPRESENTATIVIDADE",26.76,"S","SINAPI",88246,0.283,"H","COEFICIENTE DE REPRESENTATIVIDADE",0.283,23.15,6.55,"","","","","","","","","","","CAIXA REFERENCIAL"]
["ASSENTAMENTO DE TUBOS E PECAS","ASTU","FORNEC E/OU ASSENT DE TUBO DE PVC COM JUNTA ELASTI",48,"","",94880,"ASSENTAMENTO DE TUBO DE PEAD CORRUGADO DE DUPLA PAREDE PARA REDE COLETORA DE ESGOTO, DN 1000 MM, JUNTA ELÁSTICA INTEGRADA, INSTALADO EM LOCAL COM NÍVEL BAIXO DE INTERFERÊNCIAS (NÃO INCLUI FORNECIMENTO). AF_06/2016","M","COEFICIENTE DE REPRESENTATIVIDADE",26.76,"S","SINAPI",88316,0.283,"H","COEFICIENTE DE REPRESENTATIVIDADE",0.283,15.03,4.25,"","","","","","","","","","","CAIXA REFERENCIAL"]
["ASSENTAMENTO DE TUBOS E PECAS","ASTU","FORNEC E/OU ASSENT DE TUBO DE PVC COM JUNTA ELASTI",48,"","",94881,"TUBO DE PEAD CORRUGADO DE DUPLA PAREDE PARA REDE COLETORA DE ESGOTO, DN 1200 MM, JUNTA ELÁSTICA INTEGRADA, INSTALADO EM LOCAL COM NÍVEL BAIXO DE INTERFERÊNCIAS - FORNECIMENTO E ASSENTAMENTO. AF_06/2016","M","COEFICIENTE DE REPRESENTATIVIDADE",{"v":1162.45,"d":"1,162.45"},"","SINAPI","","","","","","","",13.31,1.1453206,{"v":1140.33,"d":"1,140.33"},98.0965822,8.81,0.7580972,0,0,0,0,"CAIXA REFERENCIAL"]
["ASSENTAMENTO DE TUBOS E PECAS","ASTU","FORNEC E/OU ASSENT DE TUBO DE PVC COM JUNTA ELASTI",48,"","",94881,"TUBO DE PEAD CORRUGADO DE DUPLA PAREDE PARA REDE COLETORA DE ESGOTO, DN 1200 MM, JUNTA ELÁSTICA INTEGRADA, INSTALADO EM LOCAL COM NÍVEL BAIXO DE INTERFERÊNCIAS - FORNECIMENTO E ASSENTAMENTO. AF_06/2016","M","COEFICIENTE DE REPRESENTATIVIDADE",{"v":1162.45,"d":"1,162.45"},"S","SINAPI",5631,0.1088,"CHP","COEFICIENTE DE REPRESENTATIVIDADE",0.1088,137.46,14.95,"","","","","","","","","","","CAIXA REFERENCIAL"]
["ASSENTAMENTO DE TUBOS E PECAS","ASTU","FORNEC E/OU ASSENT DE TUBO DE PVC COM JUNTA ELASTI",48,"","",94881,"TUBO DE PEAD CORRUGADO DE DUPLA PAREDE PARA REDE COLETORA DE ESGOTO, DN 1200 MM, JUNTA ELÁSTICA INTEGRADA, INSTALADO EM LOCAL COM NÍVEL BAIXO DE INTERFERÊNCIAS - FORNECIMENTO E ASSENTAMENTO. AF_06/2016","M","COEFICIENTE DE REPRESENTATIVIDADE",{"v":1162.45,"d":"1,162.45"},"S","SINAPI",5632,0.0676,"CHI","COEFICIENTE DE REPRESENTATIVIDADE",0.0676,58.95,3.98,"","","","","","","","","","","CAIXA REFERENCIAL"]
["ASSENTAMENTO DE TUBOS E PECAS","ASTU","FORNEC E/OU ASSENT DE TUBO DE PVC COM JUNTA ELASTI",48,"","",94881,"TUBO DE PEAD CORRUGADO DE DUPLA PAREDE PARA REDE COLETORA DE ESGOTO, DN 1200 MM, JUNTA ELÁSTICA INTEGRADA, INSTALADO EM LOCAL COM NÍVEL BAIXO DE INTERFERÊNCIAS - FORNECIMENTO E ASSENTAMENTO. AF_06/2016","M","COEFICIENTE DE REPRESENTATIVIDADE",{"v":1162.45,"d":"1,162.45"},"I","SINAPI",20078,0.2083,"UN","COEFICIENTE DE REPRESENTATIVIDADE",0.2083,17.63,3.67,"","","","","","","","","","","CAIXA REFERENCIAL"]
["ASSENTAMENTO DE TUBOS E PECAS","ASTU","FORNEC E/OU ASSENT DE TUBO DE PVC COM JUNTA ELASTI",48,"","",94881,"TUBO DE PEAD CORRUGADO DE DUPLA PAREDE PARA REDE COLETORA DE ESGOTO, DN 1200 MM, JUNTA ELÁSTICA INTEGRADA, INSTALADO EM LOCAL COM NÍVEL BAIXO DE INTERFERÊNCIAS - FORNECIMENTO E ASSENTAMENTO. AF_06/2016","M","COEFICIENTE DE REPRESENTATIVIDADE",{"v":1162.45,"d":"1,162.45"},"I","SINAPI",41786,1.05,"M","COEFICIENTE DE REPRESENTATIVIDADE",1.05,{"v":1073.39,"d":"1,073.39"},{"v":1127.05,"d":"1,127.05"},"","","","","","","","","","","CAIXA REFERENCIAL"]
["ASSENTAMENTO DE TUBOS E PECAS","ASTU","FORNEC E/OU ASSENT DE TUBO DE PVC COM JUNTA ELASTI",48,"","",94881,"TUBO DE PEAD CORRUGADO DE DUPLA PAREDE PARA REDE COLETORA DE ESGOTO, DN 1200 MM, JUNTA ELÁSTICA INTEGRADA, INSTALADO EM LOCAL COM NÍVEL BAIXO DE INTERFERÊNCIAS - FORNECIMENTO E ASSENTAMENTO. AF_06/2016","M","COEFICIENTE DE REPRESENTATIVIDADE",{"v":1162.45,"d":"1,162.45"},"S","SINAPI",88246,0.3355,"H","COEFICIENTE DE REPRESENTATIVIDADE",0.3355,23.15,7.76,"","","","","","","","","","","CAIXA REFERENCIAL"]
["ASSENTAMENTO DE TUBOS E PECAS","ASTU","FORNEC E/OU ASSENT DE TUBO DE PVC COM JUNTA ELASTI",48,"","",94881,"TUBO DE PEAD CORRUGADO DE DUPLA PAREDE PARA REDE COLETORA DE ESGOTO, DN 1200 MM, JUNTA ELÁSTICA INTEGRADA, INSTALADO EM LOCAL COM NÍVEL BAIXO DE INTERFERÊNCIAS - FORNECIMENTO E ASSENTAMENTO. AF_06/2016","M","COEFICIENTE DE REPRESENTATIVIDADE",{"v":1162.45,"d":"1,162.45"},"S","SINAPI",88316,0.3355,"H","COEFICIENTE DE REPRESENTATIVIDADE",0.3355,15.03,5.04,"","","","","","","","","","","CAIXA REFERENCIAL"]
["ASSENTAMENTO DE TUBOS E PECAS","ASTU","FORNEC E/OU ASSENT DE TUBO DE PVC COM JUNTA ELASTI",48,"","",94882,"ASSENTAMENTO DE TUBO DE PEAD CORRUGADO DE DUPLA PAREDE PARA REDE COLETORA DE ESGOTO, DN 1200 MM, JUNTA ELÁSTICA INTEGRADA, INSTALADO EM LOCAL COM NÍVEL BAIXO DE INTERFERÊNCIAS (NÃO INCLUI FORNECIMENTO). AF_06/2016","M","COEFICIENTE DE REPRESENTATIVIDADE",31.73,"","SINAPI","","","","","","","",13.46,42.3885351,9.37,29.5541401,8.9,28.0573248,0,0,0,0,"CAIXA REFERENCIAL"]
["ASSENTAMENTO DE TUBOS E PECAS","ASTU","FORNEC E/OU ASSENT DE TUBO DE PVC COM JUNTA ELASTI",48,"","",94882,"ASSENTAMENTO DE TUBO DE PEAD CORRUGADO DE DUPLA PAREDE PARA REDE COLETORA DE ESGOTO, DN 1200 MM, JUNTA ELÁSTICA INTEGRADA, INSTALADO EM LOCAL COM NÍVEL BAIXO DE INTERFERÊNCIAS (NÃO INCLUI FORNECIMENTO). AF_06/2016","M","COEFICIENTE DE REPRESENTATIVIDADE",31.73,"S","SINAPI",5631,0.1088,"CHP","COEFICIENTE DE REPRESENTATIVIDADE",0.1088,137.46,14.95,"","","","","","","","","","","CAIXA REFERENCIAL"]
["ASSENTAMENTO DE TUBOS E PECAS","ASTU","FORNEC E/OU ASSENT DE TUBO DE PVC COM JUNTA ELASTI",48,"","",94882,"ASSENTAMENTO DE TUBO DE PEAD CORRUGADO DE DUPLA PAREDE PARA REDE COLETORA DE ESGOTO, DN 1200 MM, JUNTA ELÁSTICA INTEGRADA, INSTALADO EM LOCAL COM NÍVEL BAIXO DE INTERFERÊNCIAS (NÃO INCLUI FORNECIMENTO). AF_06/2016","M","COEFICIENTE DE REPRESENTATIVIDADE",31.73,"S","SINAPI",5632,0.0676,"CHI","COEFICIENTE DE REPRESENTATIVIDADE",0.0676,58.95,3.98,"","","","","","","","","","","CAIXA REFERENCIAL"]
["ASSENTAMENTO DE TUBOS E PECAS","ASTU","FORNEC E/OU ASSENT DE TUBO DE PVC COM JUNTA ELASTI",48,"","",94882,"ASSENTAMENTO DE TUBO DE PEAD CORRUGADO DE DUPLA PAREDE PARA REDE COLETORA DE ESGOTO, DN 1200 MM, JUNTA ELÁSTICA INTEGRADA, INSTALADO EM LOCAL COM NÍVEL BAIXO DE INTERFERÊNCIAS (NÃO INCLUI FORNECIMENTO). AF_06/2016","M","COEFICIENTE DE REPRESENTATIVIDADE",31.73,"S","SINAPI",88246,0.3355,"H","COEFICIENTE DE REPRESENTATIVIDADE",0.3355,23.15,7.76,"","","","","","","","","","","CAIXA REFERENCIAL"]
["ASSENTAMENTO DE TUBOS E PECAS","ASTU","FORNEC E/OU ASSENT DE TUBO DE PVC COM JUNTA ELASTI",48,"","",94882,"ASSENTAMENTO DE TUBO DE PEAD CORRUGADO DE DUPLA PAREDE PARA REDE COLETORA DE ESGOTO, DN 1200 MM, JUNTA ELÁSTICA INTEGRADA, INSTALADO EM LOCAL COM NÍVEL BAIXO DE INTERFERÊNCIAS (NÃO INCLUI FORNECIMENTO). AF_06/2016","M","COEFICIENTE DE REPRESENTATIVIDADE",31.73,"S","SINAPI",88316,0.3355,"H","COEFICIENTE DE REPRESENTATIVIDADE",0.3355,15.03,5.04,"","","","","","","","","","","CAIXA REFERENCIAL"]
["ASSENTAMENTO DE TUBOS E PECAS","ASTU","FORNEC E/OU ASSENT DE TUBO DE PVC COM JUNTA ELASTI",48,"","",94884,"ASSENTAMENTO DE TUBO DE PEAD CORRUGADO DE DUPLA PAREDE PARA REDE COLETORA DE ESGOTO, DN 1500 MM, JUNTA ELÁSTICA INTEGRADA, INSTALADO EM LOCAL COM NÍVEL BAIXO DE INTERFERÊNCIAS (NÃO INCLUI FORNECIMENTO). AF_06/2016","M","COEFICIENTE DE REPRESENTATIVIDADE",41.84,"","SINAPI","","","","","","","",17.72,42.3234515,12.42,29.6939021,11.7,27.9826464,0,0,0,0,"CAIXA REFERENCIAL"]
["ASSENTAMENTO DE TUBOS E PECAS","ASTU","FORNEC E/OU ASSENT DE TUBO DE PVC COM JUNTA ELASTI",48,"","",94884,"ASSENTAMENTO DE TUBO DE PEAD CORRUGADO DE DUPLA PAREDE PARA REDE COLETORA DE ESGOTO, DN 1500 MM, JUNTA ELÁSTICA INTEGRADA, INSTALADO EM LOCAL COM NÍVEL BAIXO DE INTERFERÊNCIAS (NÃO INCLUI FORNECIMENTO). AF_06/2016","M","COEFICIENTE DE REPRESENTATIVIDADE",41.84,"S","SINAPI",5631,0.1434,"CHP","COEFICIENTE DE REPRESENTATIVIDADE",0.1434,137.46,19.71,"","","","","","","","","","","CAIXA REFERENCIAL"]
["ASSENTAMENTO DE TUBOS E PECAS","ASTU","FORNEC E/OU ASSENT DE TUBO DE PVC COM JUNTA ELASTI",48,"","",94884,"ASSENTAMENTO DE TUBO DE PEAD CORRUGADO DE DUPLA PAREDE PARA REDE COLETORA DE ESGOTO, DN 1500 MM, JUNTA ELÁSTICA INTEGRADA, INSTALADO EM LOCAL COM NÍVEL BAIXO DE INTERFERÊNCIAS (NÃO INCLUI FORNECIMENTO). AF_06/2016","M","COEFICIENTE DE REPRESENTATIVIDADE",41.84,"S","SINAPI",5632,0.0891,"CHI","COEFICIENTE DE REPRESENTATIVIDADE",0.0891,58.95,5.25,"","","","","","","","","","","CAIXA REFERENCIAL"]
["ASSENTAMENTO DE TUBOS E PECAS","ASTU","FORNEC E/OU ASSENT DE TUBO DE PVC COM JUNTA ELASTI",48,"","",94884,"ASSENTAMENTO DE TUBO DE PEAD CORRUGADO DE DUPLA PAREDE PARA REDE COLETORA DE ESGOTO, DN 1500 MM, JUNTA ELÁSTICA INTEGRADA, INSTALADO EM LOCAL COM NÍVEL BAIXO DE INTERFERÊNCIAS (NÃO INCLUI FORNECIMENTO). AF_06/2016","M","COEFICIENTE DE REPRESENTATIVIDADE",41.84,"S","SINAPI",88246,0.4424,"H","COEFICIENTE DE REPRESENTATIVIDADE",0.4424,23.15,10.24,"","","","","","","","","","","CAIXA REFERENCIAL"]
["ASSENTAMENTO DE TUBOS E PECAS","ASTU","FORNEC E/OU ASSENT DE TUBO DE PVC COM JUNTA ELASTI",48,"","",94884,"ASSENTAMENTO DE TUBO DE PEAD CORRUGADO DE DUPLA PAREDE PARA REDE COLETORA DE ESGOTO, DN 1500 MM, JUNTA ELÁSTICA INTEGRADA, INSTALADO EM LOCAL COM NÍVEL BAIXO DE INTERFERÊNCIAS (NÃO INCLUI FORNECIMENTO). AF_06/2016","M","COEFICIENTE DE REPRESENTATIVIDADE",41.84,"S","SINAPI",88316,0.4424,"H","COEFICIENTE DE REPRESENTATIVIDADE",0.4424,15.03,6.64,"","","","","","","","","","","CAIXA REFERENCIAL"]
["ASSENTAMENTO DE TUBOS E PECAS","ASTU","FORNEC E/OU ASSENT DE TUBO DE PVC COM JUNTA ELASTI",48,"","",94885,"TUBO DE PEAD CORRUGADO DE DUPLA PAREDE PARA REDE COLETORA DE ESGOTO, DN 250 MM, JUNTA ELÁSTICA INTEGRADA, INSTALADO EM LOCAL COM NÍVEL ALTO DE INTERFERÊNCIAS - FORNECIMENTO E ASSENTAMENTO. AF_06/2016","M","COEFICIENTE DE REPRESENTATIVIDADE",62.42,"","SINAPI","","","","","","","",0.69,1.1075441,61.73,98.8924559,0,0,0,0,0,0,"CAIXA REFERENCIAL"]
["ASSENTAMENTO DE TUBOS E PECAS","ASTU","FORNEC E/OU ASSENT DE TUBO DE PVC COM JUNTA ELASTI",48,"","",94885,"TUBO DE PEAD CORRUGADO DE DUPLA PAREDE PARA REDE COLETORA DE ESGOTO, DN 250 MM, JUNTA ELÁSTICA INTEGRADA, INSTALADO EM LOCAL COM NÍVEL ALTO DE INTERFERÊNCIAS - FORNECIMENTO E ASSENTAMENTO. AF_06/2016","M","COEFICIENTE DE REPRESENTATIVIDADE",62.42,"I","SINAPI",20078,0.0379,"UN","COEFICIENTE DE REPRESENTATIVIDADE",0.0379,17.63,0.66,"","","","","","","","","","","CAIXA REFERENCIAL"]
["ASSENTAMENTO DE TUBOS E PECAS","ASTU","FORNEC E/OU ASSENT DE TUBO DE PVC COM JUNTA ELASTI",48,"","",94885,"TUBO DE PEAD CORRUGADO DE DUPLA PAREDE PARA REDE COLETORA DE ESGOTO, DN 250 MM, JUNTA ELÁSTICA INTEGRADA, INSTALADO EM LOCAL COM NÍVEL ALTO DE INTERFERÊNCIAS - FORNECIMENTO E ASSENTAMENTO. AF_06/2016","M","COEFICIENTE DE REPRESENTATIVIDADE",62.42,"I","SINAPI",41779,1.05,"M","COEFICIENTE DE REPRESENTATIVIDADE",1.05,57.9,60.79,"","","","","","","","","","","CAIXA REFERENCIAL"]
["ASSENTAMENTO DE TUBOS E PECAS","ASTU","FORNEC E/OU ASSENT DE TUBO DE PVC COM JUNTA ELASTI",48,"","",94885,"TUBO DE PEAD CORRUGADO DE DUPLA PAREDE PARA REDE COLETORA DE ESGOTO, DN 250 MM, JUNTA ELÁSTICA INTEGRADA, INSTALADO EM LOCAL COM NÍVEL ALTO DE INTERFERÊNCIAS - FORNECIMENTO E ASSENTAMENTO. AF_06/2016","M","COEFICIENTE DE REPRESENTATIVIDADE",62.42,"S","SINAPI",88246,0.0258,"H","COEFICIENTE DE REPRESENTATIVIDADE",0.0258,23.15,0.59,"","","","","","","","","","","CAIXA REFERENCIAL"]
["ASSENTAMENTO DE TUBOS E PECAS","ASTU","FORNEC E/OU ASSENT DE TUBO DE PVC COM JUNTA ELASTI",48,"","",94885,"TUBO DE PEAD CORRUGADO DE DUPLA PAREDE PARA REDE COLETORA DE ESGOTO, DN 250 MM, JUNTA ELÁSTICA INTEGRADA, INSTALADO EM LOCAL COM NÍVEL ALTO DE INTERFERÊNCIAS - FORNECIMENTO E ASSENTAMENTO. AF_06/2016","M","COEFICIENTE DE REPRESENTATIVIDADE",62.42,"S","SINAPI",88316,0.0258,"H","COEFICIENTE DE REPRESENTATIVIDADE",0.0258,15.03,0.38,"","","","","","","","","","","CAIXA REFERENCIAL"]
["ASSENTAMENTO DE TUBOS E PECAS","ASTU","FORNEC E/OU ASSENT DE TUBO DE PVC COM JUNTA ELASTI",48,"","",94886,"ASSENTAMENTO DE TUBO DE PEAD CORRUGADO DE DUPLA PAREDE PARA REDE COLETORA DE ESGOTO, DN 250 MM, JUNTA ELÁSTICA INTEGRADA, INSTALADO EM LOCAL COM NÍVEL ALTO DE INTERFERÊNCIAS (NÃO INCLUI FORNECIMENTO). AF_06/2016","M","COEFICIENTE DE REPRESENTATIVIDADE",0.97,"","SINAPI","","","","","","","",0.79,81.1764706,0.18,18.8235294,0,0,0,0,0,0,"CAIXA REFERENCIAL"]
["ASSENTAMENTO DE TUBOS E PECAS","ASTU","FORNEC E/OU ASSENT DE TUBO DE PVC COM JUNTA ELASTI",48,"","",94886,"ASSENTAMENTO DE TUBO DE PEAD CORRUGADO DE DUPLA PAREDE PARA REDE COLETORA DE ESGOTO, DN 250 MM, JUNTA ELÁSTICA INTEGRADA, INSTALADO EM LOCAL COM NÍVEL ALTO DE INTERFERÊNCIAS (NÃO INCLUI FORNECIMENTO). AF_06/2016","M","COEFICIENTE DE REPRESENTATIVIDADE",0.97,"S","SINAPI",88246,0.0258,"H","COEFICIENTE DE REPRESENTATIVIDADE",0.0258,23.15,0.59,"","","","","","","","","","","CAIXA REFERENCIAL"]
["ASSENTAMENTO DE TUBOS E PECAS","ASTU","FORNEC E/OU ASSENT DE TUBO DE PVC COM JUNTA ELASTI",48,"","",94886,"ASSENTAMENTO DE TUBO DE PEAD CORRUGADO DE DUPLA PAREDE PARA REDE COLETORA DE ESGOTO, DN 250 MM, JUNTA ELÁSTICA INTEGRADA, INSTALADO EM LOCAL COM NÍVEL ALTO DE INTERFERÊNCIAS (NÃO INCLUI FORNECIMENTO). AF_06/2016","M","COEFICIENTE DE REPRESENTATIVIDADE",0.97,"S","SINAPI",88316,0.0258,"H","COEFICIENTE DE REPRESENTATIVIDADE",0.0258,15.03,0.38,"","","","","","","","","","","CAIXA REFERENCIAL"]
["ASSENTAMENTO DE TUBOS E PECAS","ASTU","FORNEC E/OU ASSENT DE TUBO DE PVC COM JUNTA ELASTI",48,"","",94887,"TUBO DE PEAD CORRUGADO DE DUPLA PAREDE PARA REDE COLETORA DE ESGOTO, DN 300 MM, JUNTA ELÁSTICA INTEGRADA, INSTALADO EM LOCAL COM NÍVEL ALTO DE INTERFERÊNCIAS - FORNECIMENTO E ASSENTAMENTO. AF_06/2016","M","COEFICIENTE DE REPRESENTATIVIDADE",92.38,"","SINAPI","","","","","","","",1.2,1.3012361,91.18,98.6987639,0,0,0,0,0,0,"CAIXA REFERENCIAL"]
["ASSENTAMENTO DE TUBOS E PECAS","ASTU","FORNEC E/OU ASSENT DE TUBO DE PVC COM JUNTA ELASTI",48,"","",94887,"TUBO DE PEAD CORRUGADO DE DUPLA PAREDE PARA REDE COLETORA DE ESGOTO, DN 300 MM, JUNTA ELÁSTICA INTEGRADA, INSTALADO EM LOCAL COM NÍVEL ALTO DE INTERFERÊNCIAS - FORNECIMENTO E ASSENTAMENTO. AF_06/2016","M","COEFICIENTE DE REPRESENTATIVIDADE",92.38,"I","SINAPI",20078,0.0417,"UN","COEFICIENTE DE REPRESENTATIVIDADE",0.0417,17.63,0.73,"","","","","","","","","","","CAIXA REFERENCIAL"]
["ASSENTAMENTO DE TUBOS E PECAS","ASTU","FORNEC E/OU ASSENT DE TUBO DE PVC COM JUNTA ELASTI",48,"","",94887,"TUBO DE PEAD CORRUGADO DE DUPLA PAREDE PARA REDE COLETORA DE ESGOTO, DN 300 MM, JUNTA ELÁSTICA INTEGRADA, INSTALADO EM LOCAL COM NÍVEL ALTO DE INTERFERÊNCIAS - FORNECIMENTO E ASSENTAMENTO. AF_06/2016","M","COEFICIENTE DE REPRESENTATIVIDADE",92.38,"I","SINAPI",41780,1.05,"M","COEFICIENTE DE REPRESENTATIVIDADE",1.05,85.69,89.97,"","","","","","","","","","","CAIXA REFERENCIAL"]
["ASSENTAMENTO DE TUBOS E PECAS","ASTU","FORNEC E/OU ASSENT DE TUBO DE PVC COM JUNTA ELASTI",48,"","",94887,"TUBO DE PEAD CORRUGADO DE DUPLA PAREDE PARA REDE COLETORA DE ESGOTO, DN 300 MM, JUNTA ELÁSTICA INTEGRADA, INSTALADO EM LOCAL COM NÍVEL ALTO DE INTERFERÊNCIAS - FORNECIMENTO E ASSENTAMENTO. AF_06/2016","M","COEFICIENTE DE REPRESENTATIVIDADE",92.38,"S","SINAPI",88246,0.0443,"H","COEFICIENTE DE REPRESENTATIVIDADE",0.0443,23.15,1.02,"","","","","","","","","","","CAIXA REFERENCIAL"]
["ASSENTAMENTO DE TUBOS E PECAS","ASTU","FORNEC E/OU ASSENT DE TUBO DE PVC COM JUNTA ELASTI",48,"","",94887,"TUBO DE PEAD CORRUGADO DE DUPLA PAREDE PARA REDE COLETORA DE ESGOTO, DN 300 MM, JUNTA ELÁSTICA INTEGRADA, INSTALADO EM LOCAL COM NÍVEL ALTO DE INTERFERÊNCIAS - FORNECIMENTO E ASSENTAMENTO. AF_06/2016","M","COEFICIENTE DE REPRESENTATIVIDADE",92.38,"S","SINAPI",88316,0.0443,"H","COEFICIENTE DE REPRESENTATIVIDADE",0.0443,15.03,0.66,"","","","","","","","","","","CAIXA REFERENCIAL"]
["ASSENTAMENTO DE TUBOS E PECAS","ASTU","FORNEC E/OU ASSENT DE TUBO DE PVC COM JUNTA ELASTI",48,"","",94888,"ASSENTAMENTO DE TUBO DE PEAD CORRUGADO DE DUPLA PAREDE PARA REDE COLETORA DE ESGOTO, DN 300 MM, JUNTA ELÁSTICA INTEGRADA, INSTALADO EM LOCAL COM NÍVEL ALTO DE INTERFERÊNCIAS (NÃO INCLUI FORNECIMENTO). AF_06/2016","M","COEFICIENTE DE REPRESENTATIVIDADE",1.68,"","SINAPI","","","","","","","",1.33,78.9473685,0.35,21.0526315,0,0,0,0,0,0,"CAIXA REFERENCIAL"]
["ASSENTAMENTO DE TUBOS E PECAS","ASTU","FORNEC E/OU ASSENT DE TUBO DE PVC COM JUNTA ELASTI",48,"","",94888,"ASSENTAMENTO DE TUBO DE PEAD CORRUGADO DE DUPLA PAREDE PARA REDE COLETORA DE ESGOTO, DN 300 MM, JUNTA ELÁSTICA INTEGRADA, INSTALADO EM LOCAL COM NÍVEL ALTO DE INTERFERÊNCIAS (NÃO INCLUI FORNECIMENTO). AF_06/2016","M","COEFICIENTE DE REPRESENTATIVIDADE",1.68,"S","SINAPI",88246,0.0443,"H","COEFICIENTE DE REPRESENTATIVIDADE",0.0443,23.15,1.02,"","","","","","","","","","","CAIXA REFERENCIAL"]
["ASSENTAMENTO DE TUBOS E PECAS","ASTU","FORNEC E/OU ASSENT DE TUBO DE PVC COM JUNTA ELASTI",48,"","",94888,"ASSENTAMENTO DE TUBO DE PEAD CORRUGADO DE DUPLA PAREDE PARA REDE COLETORA DE ESGOTO, DN 300 MM, JUNTA ELÁSTICA INTEGRADA, INSTALADO EM LOCAL COM NÍVEL ALTO DE INTERFERÊNCIAS (NÃO INCLUI FORNECIMENTO). AF_06/2016","M","COEFICIENTE DE REPRESENTATIVIDADE",1.68,"S","SINAPI",88316,0.0443,"H","COEFICIENTE DE REPRESENTATIVIDADE",0.0443,15.03,0.66,"","","","","","","","","","","CAIXA REFERENCIAL"]
["ASSENTAMENTO DE TUBOS E PECAS","ASTU","FORNEC E/OU ASSENT DE TUBO DE PVC COM JUNTA ELASTI",48,"","",94891,"TUBO DE PEAD CORRUGADO DE DUPLA PAREDE PARA REDE COLETORA DE ESGOTO, DN 750 MM, JUNTA ELÁSTICA INTEGRADA, INSTALADO EM LOCAL COM NÍVEL ALTO DE INTERFERÊNCIAS - FORNECIMENTO E ASSENTAMENTO. AF_06/2016","M","COEFICIENTE DE REPRESENTATIVIDADE",542.81,"","SINAPI","","","","","","","",9.04,1.6667281,527.79,97.2307239,5.98,1.102548,0,0,0,0,"CAIXA REFERENCIAL"]
["ASSENTAMENTO DE TUBOS E PECAS","ASTU","FORNEC E/OU ASSENT DE TUBO DE PVC COM JUNTA ELASTI",48,"","",94891,"TUBO DE PEAD CORRUGADO DE DUPLA PAREDE PARA REDE COLETORA DE ESGOTO, DN 750 MM, JUNTA ELÁSTICA INTEGRADA, INSTALADO EM LOCAL COM NÍVEL ALTO DE INTERFERÊNCIAS - FORNECIMENTO E ASSENTAMENTO. AF_06/2016","M","COEFICIENTE DE REPRESENTATIVIDADE",542.81,"S","SINAPI",5631,0.0741,"CHP","COEFICIENTE DE REPRESENTATIVIDADE",0.0741,137.46,10.18,"","","","","","","","","","","CAIXA REFERENCIAL"]
["ASSENTAMENTO DE TUBOS E PECAS","ASTU","FORNEC E/OU ASSENT DE TUBO DE PVC COM JUNTA ELASTI",48,"","",94891,"TUBO DE PEAD CORRUGADO DE DUPLA PAREDE PARA REDE COLETORA DE ESGOTO, DN 750 MM, JUNTA ELÁSTICA INTEGRADA, INSTALADO EM LOCAL COM NÍVEL ALTO DE INTERFERÊNCIAS - FORNECIMENTO E ASSENTAMENTO. AF_06/2016","M","COEFICIENTE DE REPRESENTATIVIDADE",542.81,"S","SINAPI",5632,0.0461,"CHI","COEFICIENTE DE REPRESENTATIVIDADE",0.0461,58.95,2.71,"","","","","","","","","","","CAIXA REFERENCIAL"]
["ASSENTAMENTO DE TUBOS E PECAS","ASTU","FORNEC E/OU ASSENT DE TUBO DE PVC COM JUNTA ELASTI",48,"","",94891,"TUBO DE PEAD CORRUGADO DE DUPLA PAREDE PARA REDE COLETORA DE ESGOTO, DN 750 MM, JUNTA ELÁSTICA INTEGRADA, INSTALADO EM LOCAL COM NÍVEL ALTO DE INTERFERÊNCIAS - FORNECIMENTO E ASSENTAMENTO. AF_06/2016","M","COEFICIENTE DE REPRESENTATIVIDADE",542.81,"I","SINAPI",20078,0.1042,"UN","COEFICIENTE DE REPRESENTATIVIDADE",0.1042,17.63,1.83,"","","","","","","","","","","CAIXA REFERENCIAL"]
["ASSENTAMENTO DE TUBOS E PECAS","ASTU","FORNEC E/OU ASSENT DE TUBO DE PVC COM JUNTA ELASTI",48,"","",94891,"TUBO DE PEAD CORRUGADO DE DUPLA PAREDE PARA REDE COLETORA DE ESGOTO, DN 750 MM, JUNTA ELÁSTICA INTEGRADA, INSTALADO EM LOCAL COM NÍVEL ALTO DE INTERFERÊNCIAS - FORNECIMENTO E ASSENTAMENTO. AF_06/2016","M","COEFICIENTE DE REPRESENTATIVIDADE",542.81,"I","SINAPI",41783,1.05,"M","COEFICIENTE DE REPRESENTATIVIDADE",1.05,494.64,519.37,"","","","","","","","","","","CAIXA REFERENCIAL"]
["ASSENTAMENTO DE TUBOS E PECAS","ASTU","FORNEC E/OU ASSENT DE TUBO DE PVC COM JUNTA ELASTI",48,"","",94891,"TUBO DE PEAD CORRUGADO DE DUPLA PAREDE PARA REDE COLETORA DE ESGOTO, DN 750 MM, JUNTA ELÁSTICA INTEGRADA, INSTALADO EM LOCAL COM NÍVEL ALTO DE INTERFERÊNCIAS - FORNECIMENTO E ASSENTAMENTO. AF_06/2016","M","COEFICIENTE DE REPRESENTATIVIDADE",542.81,"S","SINAPI",88246,0.2286,"H","COEFICIENTE DE REPRESENTATIVIDADE",0.2286,23.15,5.29,"","","","","","","","","","","CAIXA REFERENCIAL"]
["ASSENTAMENTO DE TUBOS E PECAS","ASTU","FORNEC E/OU ASSENT DE TUBO DE PVC COM JUNTA ELASTI",48,"","",94891,"TUBO DE PEAD CORRUGADO DE DUPLA PAREDE PARA REDE COLETORA DE ESGOTO, DN 750 MM, JUNTA ELÁSTICA INTEGRADA, INSTALADO EM LOCAL COM NÍVEL ALTO DE INTERFERÊNCIAS - FORNECIMENTO E ASSENTAMENTO. AF_06/2016","M","COEFICIENTE DE REPRESENTATIVIDADE",542.81,"S","SINAPI",88316,0.2286,"H","COEFICIENTE DE REPRESENTATIVIDADE",0.2286,15.03,3.43,"","","","","","","","","","","CAIXA REFERENCIAL"]
["ASSENTAMENTO DE TUBOS E PECAS","ASTU","FORNEC E/OU ASSENT DE TUBO DE PVC COM JUNTA ELASTI",48,"","",94892,"ASSENTAMENTO DE TUBO DE PEAD CORRUGADO DE DUPLA PAREDE PARA REDE COLETORA DE ESGOTO, DN 750 MM, JUNTA ELÁSTICA INTEGRADA, INSTALADO EM LOCAL COM NÍVEL ALTO DE INTERFERÊNCIAS (NÃO INCLUI FORNECIMENTO). AF_06/2016","M","COEFICIENTE DE REPRESENTATIVIDADE",21.61,"","SINAPI","","","","","","","",9.23,42.6817754,6.28,29.0840415,6.1,28.2341831,0,0,0,0,"CAIXA REFERENCIAL"]
["ASSENTAMENTO DE TUBOS E PECAS","ASTU","FORNEC E/OU ASSENT DE TUBO DE PVC COM JUNTA ELASTI",48,"","",94892,"ASSENTAMENTO DE TUBO DE PEAD CORRUGADO DE DUPLA PAREDE PARA REDE COLETORA DE ESGOTO, DN 750 MM, JUNTA ELÁSTICA INTEGRADA, INSTALADO EM LOCAL COM NÍVEL ALTO DE INTERFERÊNCIAS (NÃO INCLUI FORNECIMENTO). AF_06/2016","M","COEFICIENTE DE REPRESENTATIVIDADE",21.61,"S","SINAPI",5631,0.0741,"CHP","COEFICIENTE DE REPRESENTATIVIDADE",0.0741,137.46,10.18,"","","","","","","","","","","CAIXA REFERENCIAL"]
["ASSENTAMENTO DE TUBOS E PECAS","ASTU","FORNEC E/OU ASSENT DE TUBO DE PVC COM JUNTA ELASTI",48,"","",94892,"ASSENTAMENTO DE TUBO DE PEAD CORRUGADO DE DUPLA PAREDE PARA REDE COLETORA DE ESGOTO, DN 750 MM, JUNTA ELÁSTICA INTEGRADA, INSTALADO EM LOCAL COM NÍVEL ALTO DE INTERFERÊNCIAS (NÃO INCLUI FORNECIMENTO). AF_06/2016","M","COEFICIENTE DE REPRESENTATIVIDADE",21.61,"S","SINAPI",5632,0.0461,"CHI","COEFICIENTE DE REPRESENTATIVIDADE",0.0461,58.95,2.71,"","","","","","","","","","","CAIXA REFERENCIAL"]
["ASSENTAMENTO DE TUBOS E PECAS","ASTU","FORNEC E/OU ASSENT DE TUBO DE PVC COM JUNTA ELASTI",48,"","",94892,"ASSENTAMENTO DE TUBO DE PEAD CORRUGADO DE DUPLA PAREDE PARA REDE COLETORA DE ESGOTO, DN 750 MM, JUNTA ELÁSTICA INTEGRADA, INSTALADO EM LOCAL COM NÍVEL ALTO DE INTERFERÊNCIAS (NÃO INCLUI FORNECIMENTO). AF_06/2016","M","COEFICIENTE DE REPRESENTATIVIDADE",21.61,"S","SINAPI",88246,0.2286,"H","COEFICIENTE DE REPRESENTATIVIDADE",0.2286,23.15,5.29,"","","","","","","","","","","CAIXA REFERENCIAL"]
["ASSENTAMENTO DE TUBOS E PECAS","ASTU","FORNEC E/OU ASSENT DE TUBO DE PVC COM JUNTA ELASTI",48,"","",94892,"ASSENTAMENTO DE TUBO DE PEAD CORRUGADO DE DUPLA PAREDE PARA REDE COLETORA DE ESGOTO, DN 750 MM, JUNTA ELÁSTICA INTEGRADA, INSTALADO EM LOCAL COM NÍVEL ALTO DE INTERFERÊNCIAS (NÃO INCLUI FORNECIMENTO). AF_06/2016","M","COEFICIENTE DE REPRESENTATIVIDADE",21.61,"S","SINAPI",88316,0.2286,"H","COEFICIENTE DE REPRESENTATIVIDADE",0.2286,15.03,3.43,"","","","","","","","","","","CAIXA REFERENCIAL"]
["ASSENTAMENTO DE TUBOS E PECAS","ASTU","FORNEC E/OU ASSENT DE TUBO DE PVC COM JUNTA ELASTI",48,"","",94894,"ASSENTAMENTO DE TUBO DE PEAD CORRUGADO DE DUPLA PAREDE PARA REDE COLETORA DE ESGOTO, DN 900 MM, JUNTA ELÁSTICA INTEGRADA, INSTALADO EM LOCAL COM NÍVEL ALTO DE INTERFERÊNCIAS (NÃO INCLUI FORNECIMENTO). AF_06/2016","M","COEFICIENTE DE REPRESENTATIVIDADE",25.11,"","SINAPI","","","","","","","",10.7,42.5566344,7.34,29.2475728,7.07,28.1957928,0,0,0,0,"CAIXA REFERENCIAL"]
["ASSENTAMENTO DE TUBOS E PECAS","ASTU","FORNEC E/OU ASSENT DE TUBO DE PVC COM JUNTA ELASTI",48,"","",94894,"ASSENTAMENTO DE TUBO DE PEAD CORRUGADO DE DUPLA PAREDE PARA REDE COLETORA DE ESGOTO, DN 900 MM, JUNTA ELÁSTICA INTEGRADA, INSTALADO EM LOCAL COM NÍVEL ALTO DE INTERFERÊNCIAS (NÃO INCLUI FORNECIMENTO). AF_06/2016","M","COEFICIENTE DE REPRESENTATIVIDADE",25.11,"S","SINAPI",5631,0.0861,"CHP","COEFICIENTE DE REPRESENTATIVIDADE",0.0861,137.46,11.83,"","","","","","","","","","","CAIXA REFERENCIAL"]
["ASSENTAMENTO DE TUBOS E PECAS","ASTU","FORNEC E/OU ASSENT DE TUBO DE PVC COM JUNTA ELASTI",48,"","",94894,"ASSENTAMENTO DE TUBO DE PEAD CORRUGADO DE DUPLA PAREDE PARA REDE COLETORA DE ESGOTO, DN 900 MM, JUNTA ELÁSTICA INTEGRADA, INSTALADO EM LOCAL COM NÍVEL ALTO DE INTERFERÊNCIAS (NÃO INCLUI FORNECIMENTO). AF_06/2016","M","COEFICIENTE DE REPRESENTATIVIDADE",25.11,"S","SINAPI",5632,0.0535,"CHI","COEFICIENTE DE REPRESENTATIVIDADE",0.0535,58.95,3.15,"","","","","","","","","","","CAIXA REFERENCIAL"]
["ASSENTAMENTO DE TUBOS E PECAS","ASTU","FORNEC E/OU ASSENT DE TUBO DE PVC COM JUNTA ELASTI",48,"","",94894,"ASSENTAMENTO DE TUBO DE PEAD CORRUGADO DE DUPLA PAREDE PARA REDE COLETORA DE ESGOTO, DN 900 MM, JUNTA ELÁSTICA INTEGRADA, INSTALADO EM LOCAL COM NÍVEL ALTO DE INTERFERÊNCIAS (NÃO INCLUI FORNECIMENTO). AF_06/2016","M","COEFICIENTE DE REPRESENTATIVIDADE",25.11,"S","SINAPI",88246,0.2655,"H","COEFICIENTE DE REPRESENTATIVIDADE",0.2655,23.15,6.14,"","","","","","","","","","","CAIXA REFERENCIAL"]
["ASSENTAMENTO DE TUBOS E PECAS","ASTU","FORNEC E/OU ASSENT DE TUBO DE PVC COM JUNTA ELASTI",48,"","",94894,"ASSENTAMENTO DE TUBO DE PEAD CORRUGADO DE DUPLA PAREDE PARA REDE COLETORA DE ESGOTO, DN 900 MM, JUNTA ELÁSTICA INTEGRADA, INSTALADO EM LOCAL COM NÍVEL ALTO DE INTERFERÊNCIAS (NÃO INCLUI FORNECIMENTO). AF_06/2016","M","COEFICIENTE DE REPRESENTATIVIDADE",25.11,"S","SINAPI",88316,0.2655,"H","COEFICIENTE DE REPRESENTATIVIDADE",0.2655,15.03,3.99,"","","","","","","","","","","CAIXA REFERENCIAL"]
["ASSENTAMENTO DE TUBOS E PECAS","ASTU","FORNEC E/OU ASSENT DE TUBO DE PVC COM JUNTA ELASTI",48,"","",94895,"TUBO DE PEAD CORRUGADO DE DUPLA PAREDE PARA REDE COLETORA DE ESGOTO, DN 1000 MM, JUNTA ELÁSTICA INTEGRADA, INSTALADO EM LOCAL COM NÍVEL ALTO DE INTERFERÊNCIAS - FORNECIMENTO E ASSENTAMENTO. AF_06/2016","M","COEFICIENTE DE REPRESENTATIVIDADE",821.01,"","SINAPI","","","","","","","",12.71,1.5489421,799.88,97.4249295,8.42,1.0261284,0,0,0,0,"CAIXA REFERENCIAL"]
["ASSENTAMENTO DE TUBOS E PECAS","ASTU","FORNEC E/OU ASSENT DE TUBO DE PVC COM JUNTA ELASTI",48,"","",94895,"TUBO DE PEAD CORRUGADO DE DUPLA PAREDE PARA REDE COLETORA DE ESGOTO, DN 1000 MM, JUNTA ELÁSTICA INTEGRADA, INSTALADO EM LOCAL COM NÍVEL ALTO DE INTERFERÊNCIAS - FORNECIMENTO E ASSENTAMENTO. AF_06/2016","M","COEFICIENTE DE REPRESENTATIVIDADE",821.01,"S","SINAPI",5631,0.104,"CHP","COEFICIENTE DE REPRESENTATIVIDADE",0.104,137.46,14.29,"","","","","","","","","","","CAIXA REFERENCIAL"]
["ASSENTAMENTO DE TUBOS E PECAS","ASTU","FORNEC E/OU ASSENT DE TUBO DE PVC COM JUNTA ELASTI",48,"","",94895,"TUBO DE PEAD CORRUGADO DE DUPLA PAREDE PARA REDE COLETORA DE ESGOTO, DN 1000 MM, JUNTA ELÁSTICA INTEGRADA, INSTALADO EM LOCAL COM NÍVEL ALTO DE INTERFERÊNCIAS - FORNECIMENTO E ASSENTAMENTO. AF_06/2016","M","COEFICIENTE DE REPRESENTATIVIDADE",821.01,"S","SINAPI",5632,0.0646,"CHI","COEFICIENTE DE REPRESENTATIVIDADE",0.0646,58.95,3.8,"","","","","","","","","","","CAIXA REFERENCIAL"]
["ASSENTAMENTO DE TUBOS E PECAS","ASTU","FORNEC E/OU ASSENT DE TUBO DE PVC COM JUNTA ELASTI",48,"","",94895,"TUBO DE PEAD CORRUGADO DE DUPLA PAREDE PARA REDE COLETORA DE ESGOTO, DN 1000 MM, JUNTA ELÁSTICA INTEGRADA, INSTALADO EM LOCAL COM NÍVEL ALTO DE INTERFERÊNCIAS - FORNECIMENTO E ASSENTAMENTO. AF_06/2016","M","COEFICIENTE DE REPRESENTATIVIDADE",821.01,"I","SINAPI",20078,0.2083,"UN","COEFICIENTE DE REPRESENTATIVIDADE",0.2083,17.63,3.67,"","","","","","","","","","","CAIXA REFERENCIAL"]
["ASSENTAMENTO DE TUBOS E PECAS","ASTU","FORNEC E/OU ASSENT DE TUBO DE PVC COM JUNTA ELASTI",48,"","",94895,"TUBO DE PEAD CORRUGADO DE DUPLA PAREDE PARA REDE COLETORA DE ESGOTO, DN 1000 MM, JUNTA ELÁSTICA INTEGRADA, INSTALADO EM LOCAL COM NÍVEL ALTO DE INTERFERÊNCIAS - FORNECIMENTO E ASSENTAMENTO. AF_06/2016","M","COEFICIENTE DE REPRESENTATIVIDADE",821.01,"I","SINAPI",41785,1.05,"M","COEFICIENTE DE REPRESENTATIVIDADE",1.05,749.54,787.01,"","","","","","","","","","","CAIXA REFERENCIAL"]
["ASSENTAMENTO DE TUBOS E PECAS","ASTU","FORNEC E/OU ASSENT DE TUBO DE PVC COM JUNTA ELASTI",48,"","",94895,"TUBO DE PEAD CORRUGADO DE DUPLA PAREDE PARA REDE COLETORA DE ESGOTO, DN 1000 MM, JUNTA ELÁSTICA INTEGRADA, INSTALADO EM LOCAL COM NÍVEL ALTO DE INTERFERÊNCIAS - FORNECIMENTO E ASSENTAMENTO. AF_06/2016","M","COEFICIENTE DE REPRESENTATIVIDADE",821.01,"S","SINAPI",88246,0.3208,"H","COEFICIENTE DE REPRESENTATIVIDADE",0.3208,23.15,7.42,"","","","","","","","","","","CAIXA REFERENCIAL"]
["ASSENTAMENTO DE TUBOS E PECAS","ASTU","FORNEC E/OU ASSENT DE TUBO DE PVC COM JUNTA ELASTI",48,"","",94895,"TUBO DE PEAD CORRUGADO DE DUPLA PAREDE PARA REDE COLETORA DE ESGOTO, DN 1000 MM, JUNTA ELÁSTICA INTEGRADA, INSTALADO EM LOCAL COM NÍVEL ALTO DE INTERFERÊNCIAS - FORNECIMENTO E ASSENTAMENTO. AF_06/2016","M","COEFICIENTE DE REPRESENTATIVIDADE",821.01,"S","SINAPI",88316,0.3208,"H","COEFICIENTE DE REPRESENTATIVIDADE",0.3208,15.03,4.82,"","","","","","","","","","","CAIXA REFERENCIAL"]
["ASSENTAMENTO DE TUBOS E PECAS","ASTU","FORNEC E/OU ASSENT DE TUBO DE PVC COM JUNTA ELASTI",48,"","",94896,"ASSENTAMENTO DE TUBO DE PEAD CORRUGADO DE DUPLA PAREDE PARA REDE COLETORA DE ESGOTO, DN 1000 MM, JUNTA ELÁSTICA INTEGRADA, INSTALADO EM LOCAL COM NÍVEL ALTO DE INTERFERÊNCIAS (NÃO INCLUI FORNECIMENTO). AF_06/2016","M","COEFICIENTE DE REPRESENTATIVIDADE",30.33,"","SINAPI","","","","","","","",12.91,42.536814,8.88,29.2838018,8.54,28.1793842,0,0,0,0,"CAIXA REFERENCIAL"]
["ASSENTAMENTO DE TUBOS E PECAS","ASTU","FORNEC E/OU ASSENT DE TUBO DE PVC COM JUNTA ELASTI",48,"","",94896,"ASSENTAMENTO DE TUBO DE PEAD CORRUGADO DE DUPLA PAREDE PARA REDE COLETORA DE ESGOTO, DN 1000 MM, JUNTA ELÁSTICA INTEGRADA, INSTALADO EM LOCAL COM NÍVEL ALTO DE INTERFERÊNCIAS (NÃO INCLUI FORNECIMENTO). AF_06/2016","M","COEFICIENTE DE REPRESENTATIVIDADE",30.33,"S","SINAPI",5631,0.104,"CHP","COEFICIENTE DE REPRESENTATIVIDADE",0.104,137.46,14.29,"","","","","","","","","","","CAIXA REFERENCIAL"]
["ASSENTAMENTO DE TUBOS E PECAS","ASTU","FORNEC E/OU ASSENT DE TUBO DE PVC COM JUNTA ELASTI",48,"","",94896,"ASSENTAMENTO DE TUBO DE PEAD CORRUGADO DE DUPLA PAREDE PARA REDE COLETORA DE ESGOTO, DN 1000 MM, JUNTA ELÁSTICA INTEGRADA, INSTALADO EM LOCAL COM NÍVEL ALTO DE INTERFERÊNCIAS (NÃO INCLUI FORNECIMENTO). AF_06/2016","M","COEFICIENTE DE REPRESENTATIVIDADE",30.33,"S","SINAPI",5632,0.0646,"CHI","COEFICIENTE DE REPRESENTATIVIDADE",0.0646,58.95,3.8,"","","","","","","","","","","CAIXA REFERENCIAL"]
["ASSENTAMENTO DE TUBOS E PECAS","ASTU","FORNEC E/OU ASSENT DE TUBO DE PVC COM JUNTA ELASTI",48,"","",94896,"ASSENTAMENTO DE TUBO DE PEAD CORRUGADO DE DUPLA PAREDE PARA REDE COLETORA DE ESGOTO, DN 1000 MM, JUNTA ELÁSTICA INTEGRADA, INSTALADO EM LOCAL COM NÍVEL ALTO DE INTERFERÊNCIAS (NÃO INCLUI FORNECIMENTO). AF_06/2016","M","COEFICIENTE DE REPRESENTATIVIDADE",30.33,"S","SINAPI",88246,0.3208,"H","COEFICIENTE DE REPRESENTATIVIDADE",0.3208,23.15,7.42,"","","","","","","","","","","CAIXA REFERENCIAL"]
["ASSENTAMENTO DE TUBOS E PECAS","ASTU","FORNEC E/OU ASSENT DE TUBO DE PVC COM JUNTA ELASTI",48,"","",94896,"ASSENTAMENTO DE TUBO DE PEAD CORRUGADO DE DUPLA PAREDE PARA REDE COLETORA DE ESGOTO, DN 1000 MM, JUNTA ELÁSTICA INTEGRADA, INSTALADO EM LOCAL COM NÍVEL ALTO DE INTERFERÊNCIAS (NÃO INCLUI FORNECIMENTO). AF_06/2016","M","COEFICIENTE DE REPRESENTATIVIDADE",30.33,"S","SINAPI",88316,0.3208,"H","COEFICIENTE DE REPRESENTATIVIDADE",0.3208,15.03,4.82,"","","","","","","","","","","CAIXA REFERENCIAL"]
["ASSENTAMENTO DE TUBOS E PECAS","ASTU","FORNEC E/OU ASSENT DE TUBO DE PVC COM JUNTA ELASTI",48,"","",94897,"TUBO DE PEAD CORRUGADO DE DUPLA PAREDE PARA REDE COLETORA DE ESGOTO, DN 1200 MM, JUNTA ELÁSTICA INTEGRADA, INSTALADO EM LOCAL COM NÍVEL ALTO DE INTERFERÊNCIAS - FORNECIMENTO E ASSENTAMENTO. AF_06/2016","M","COEFICIENTE DE REPRESENTATIVIDADE",{"v":1166.28,"d":"1,166.28"},"","SINAPI","","","","","","","",14.92,1.2797419,{"v":1141.49,"d":"1,141.49"},97.8736728,9.87,0.8465853,0,0,0,0,"CAIXA REFERENCIAL"]
["ASSENTAMENTO DE TUBOS E PECAS","ASTU","FORNEC E/OU ASSENT DE TUBO DE PVC COM JUNTA ELASTI",48,"","",94897,"TUBO DE PEAD CORRUGADO DE DUPLA PAREDE PARA REDE COLETORA DE ESGOTO, DN 1200 MM, JUNTA ELÁSTICA INTEGRADA, INSTALADO EM LOCAL COM NÍVEL ALTO DE INTERFERÊNCIAS - FORNECIMENTO E ASSENTAMENTO. AF_06/2016","M","COEFICIENTE DE REPRESENTATIVIDADE",{"v":1166.28,"d":"1,166.28"},"S","SINAPI",5631,0.1219,"CHP","COEFICIENTE DE REPRESENTATIVIDADE",0.1219,137.46,16.75,"","","","","","","","","","","CAIXA REFERENCIAL"]
["ASSENTAMENTO DE TUBOS E PECAS","ASTU","FORNEC E/OU ASSENT DE TUBO DE PVC COM JUNTA ELASTI",48,"","",94897,"TUBO DE PEAD CORRUGADO DE DUPLA PAREDE PARA REDE COLETORA DE ESGOTO, DN 1200 MM, JUNTA ELÁSTICA INTEGRADA, INSTALADO EM LOCAL COM NÍVEL ALTO DE INTERFERÊNCIAS - FORNECIMENTO E ASSENTAMENTO. AF_06/2016","M","COEFICIENTE DE REPRESENTATIVIDADE",{"v":1166.28,"d":"1,166.28"},"S","SINAPI",5632,0.0758,"CHI","COEFICIENTE DE REPRESENTATIVIDADE",0.0758,58.95,4.46,"","","","","","","","","","","CAIXA REFERENCIAL"]
["ASSENTAMENTO DE TUBOS E PECAS","ASTU","FORNEC E/OU ASSENT DE TUBO DE PVC COM JUNTA ELASTI",48,"","",94897,"TUBO DE PEAD CORRUGADO DE DUPLA PAREDE PARA REDE COLETORA DE ESGOTO, DN 1200 MM, JUNTA ELÁSTICA INTEGRADA, INSTALADO EM LOCAL COM NÍVEL ALTO DE INTERFERÊNCIAS - FORNECIMENTO E ASSENTAMENTO. AF_06/2016","M","COEFICIENTE DE REPRESENTATIVIDADE",{"v":1166.28,"d":"1,166.28"},"I","SINAPI",20078,0.2083,"UN","COEFICIENTE DE REPRESENTATIVIDADE",0.2083,17.63,3.67,"","","","","","","","","","","CAIXA REFERENCIAL"]
["ASSENTAMENTO DE TUBOS E PECAS","ASTU","FORNEC E/OU ASSENT DE TUBO DE PVC COM JUNTA ELASTI",48,"","",94897,"TUBO DE PEAD CORRUGADO DE DUPLA PAREDE PARA REDE COLETORA DE ESGOTO, DN 1200 MM, JUNTA ELÁSTICA INTEGRADA, INSTALADO EM LOCAL COM NÍVEL ALTO DE INTERFERÊNCIAS - FORNECIMENTO E ASSENTAMENTO. AF_06/2016","M","COEFICIENTE DE REPRESENTATIVIDADE",{"v":1166.28,"d":"1,166.28"},"I","SINAPI",41786,1.05,"M","COEFICIENTE DE REPRESENTATIVIDADE",1.05,{"v":1073.39,"d":"1,073.39"},{"v":1127.05,"d":"1,127.05"},"","","","","","","","","","","CAIXA REFERENCIAL"]
["ASSENTAMENTO DE TUBOS E PECAS","ASTU","FORNEC E/OU ASSENT DE TUBO DE PVC COM JUNTA ELASTI",48,"","",94897,"TUBO DE PEAD CORRUGADO DE DUPLA PAREDE PARA REDE COLETORA DE ESGOTO, DN 1200 MM, JUNTA ELÁSTICA INTEGRADA, INSTALADO EM LOCAL COM NÍVEL ALTO DE INTERFERÊNCIAS - FORNECIMENTO E ASSENTAMENTO. AF_06/2016","M","COEFICIENTE DE REPRESENTATIVIDADE",{"v":1166.28,"d":"1,166.28"},"S","SINAPI",88246,0.3761,"H","COEFICIENTE DE REPRESENTATIVIDADE",0.3761,23.15,8.7,"","","","","","","","","","","CAIXA REFERENCIAL"]
["ASSENTAMENTO DE TUBOS E PECAS","ASTU","FORNEC E/OU ASSENT DE TUBO DE PVC COM JUNTA ELASTI",48,"","",94897,"TUBO DE PEAD CORRUGADO DE DUPLA PAREDE PARA REDE COLETORA DE ESGOTO, DN 1200 MM, JUNTA ELÁSTICA INTEGRADA, INSTALADO EM LOCAL COM NÍVEL ALTO DE INTERFERÊNCIAS - FORNECIMENTO E ASSENTAMENTO. AF_06/2016","M","COEFICIENTE DE REPRESENTATIVIDADE",{"v":1166.28,"d":"1,166.28"},"S","SINAPI",88316,0.3761,"H","COEFICIENTE DE REPRESENTATIVIDADE",0.3761,15.03,5.65,"","","","","","","","","","","CAIXA REFERENCIAL"]
["ASSENTAMENTO DE TUBOS E PECAS","ASTU","FORNEC E/OU ASSENT DE TUBO DE PVC COM JUNTA ELASTI",48,"","",94898,"ASSENTAMENTO DE TUBO DE PEAD CORRUGADO DE DUPLA PAREDE PARA REDE COLETORA DE ESGOTO, DN 1200 MM, JUNTA ELÁSTICA INTEGRADA, INSTALADO EM LOCAL COM NÍVEL ALTO DE INTERFERÊNCIAS (NÃO INCLUI FORNECIMENTO). AF_06/2016","M","COEFICIENTE DE REPRESENTATIVIDADE",35.56,"","SINAPI","","","","","","","",15.11,42.4587365,10.47,29.4536141,9.98,28.0876494,0,0,0,0,"CAIXA REFERENCIAL"]
["ASSENTAMENTO DE TUBOS E PECAS","ASTU","FORNEC E/OU ASSENT DE TUBO DE PVC COM JUNTA ELASTI",48,"","",94898,"ASSENTAMENTO DE TUBO DE PEAD CORRUGADO DE DUPLA PAREDE PARA REDE COLETORA DE ESGOTO, DN 1200 MM, JUNTA ELÁSTICA INTEGRADA, INSTALADO EM LOCAL COM NÍVEL ALTO DE INTERFERÊNCIAS (NÃO INCLUI FORNECIMENTO). AF_06/2016","M","COEFICIENTE DE REPRESENTATIVIDADE",35.56,"S","SINAPI",5631,0.1219,"CHP","COEFICIENTE DE REPRESENTATIVIDADE",0.1219,137.46,16.75,"","","","","","","","","","","CAIXA REFERENCIAL"]
["ASSENTAMENTO DE TUBOS E PECAS","ASTU","FORNEC E/OU ASSENT DE TUBO DE PVC COM JUNTA ELASTI",48,"","",94898,"ASSENTAMENTO DE TUBO DE PEAD CORRUGADO DE DUPLA PAREDE PARA REDE COLETORA DE ESGOTO, DN 1200 MM, JUNTA ELÁSTICA INTEGRADA, INSTALADO EM LOCAL COM NÍVEL ALTO DE INTERFERÊNCIAS (NÃO INCLUI FORNECIMENTO). AF_06/2016","M","COEFICIENTE DE REPRESENTATIVIDADE",35.56,"S","SINAPI",5632,0.0758,"CHI","COEFICIENTE DE REPRESENTATIVIDADE",0.0758,58.95,4.46,"","","","","","","","","","","CAIXA REFERENCIAL"]
["ASSENTAMENTO DE TUBOS E PECAS","ASTU","FORNEC E/OU ASSENT DE TUBO DE PVC COM JUNTA ELASTI",48,"","",94898,"ASSENTAMENTO DE TUBO DE PEAD CORRUGADO DE DUPLA PAREDE PARA REDE COLETORA DE ESGOTO, DN 1200 MM, JUNTA ELÁSTICA INTEGRADA, INSTALADO EM LOCAL COM NÍVEL ALTO DE INTERFERÊNCIAS (NÃO INCLUI FORNECIMENTO). AF_06/2016","M","COEFICIENTE DE REPRESENTATIVIDADE",35.56,"S","SINAPI",88246,0.3761,"H","COEFICIENTE DE REPRESENTATIVIDADE",0.3761,23.15,8.7,"","","","","","","","","","","CAIXA REFERENCIAL"]
["ASSENTAMENTO DE TUBOS E PECAS","ASTU","FORNEC E/OU ASSENT DE TUBO DE PVC COM JUNTA ELASTI",48,"","",94898,"ASSENTAMENTO DE TUBO DE PEAD CORRUGADO DE DUPLA PAREDE PARA REDE COLETORA DE ESGOTO, DN 1200 MM, JUNTA ELÁSTICA INTEGRADA, INSTALADO EM LOCAL COM NÍVEL ALTO DE INTERFERÊNCIAS (NÃO INCLUI FORNECIMENTO). AF_06/2016","M","COEFICIENTE DE REPRESENTATIVIDADE",35.56,"S","SINAPI",88316,0.3761,"H","COEFICIENTE DE REPRESENTATIVIDADE",0.3761,15.03,5.65,"","","","","","","","","","","CAIXA REFERENCIAL"]
["ASSENTAMENTO DE TUBOS E PECAS","ASTU","FORNEC E/OU ASSENT DE TUBO DE PVC COM JUNTA ELASTI",48,"","",94900,"ASSENTAMENTO DE TUBO DE PEAD CORRUGADO DE DUPLA PAREDE PARA REDE COLETORA DE ESGOTO, DN 1500 MM, JUNTA ELÁSTICA INTEGRADA, INSTALADO EM LOCAL COM NÍVEL ALTO DE INTERFERÊNCIAS (NÃO INCLUI FORNECIMENTO). AF_06/2016","M","COEFICIENTE DE REPRESENTATIVIDADE",46.04,"","SINAPI","","","","","","","",19.52,42.390351,13.62,29.5833333,12.9,28.0263157,0,0,0,0,"CAIXA REFERENCIAL"]
["ASSENTAMENTO DE TUBOS E PECAS","ASTU","FORNEC E/OU ASSENT DE TUBO DE PVC COM JUNTA ELASTI",48,"","",94900,"ASSENTAMENTO DE TUBO DE PEAD CORRUGADO DE DUPLA PAREDE PARA REDE COLETORA DE ESGOTO, DN 1500 MM, JUNTA ELÁSTICA INTEGRADA, INSTALADO EM LOCAL COM NÍVEL ALTO DE INTERFERÊNCIAS (NÃO INCLUI FORNECIMENTO). AF_06/2016","M","COEFICIENTE DE REPRESENTATIVIDADE",46.04,"S","SINAPI",5631,0.1578,"CHP","COEFICIENTE DE REPRESENTATIVIDADE",0.1578,137.46,21.69,"","","","","","","","","","","CAIXA REFERENCIAL"]
["ASSENTAMENTO DE TUBOS E PECAS","ASTU","FORNEC E/OU ASSENT DE TUBO DE PVC COM JUNTA ELASTI",48,"","",94900,"ASSENTAMENTO DE TUBO DE PEAD CORRUGADO DE DUPLA PAREDE PARA REDE COLETORA DE ESGOTO, DN 1500 MM, JUNTA ELÁSTICA INTEGRADA, INSTALADO EM LOCAL COM NÍVEL ALTO DE INTERFERÊNCIAS (NÃO INCLUI FORNECIMENTO). AF_06/2016","M","COEFICIENTE DE REPRESENTATIVIDADE",46.04,"S","SINAPI",5632,0.0981,"CHI","COEFICIENTE DE REPRESENTATIVIDADE",0.0981,58.95,5.78,"","","","","","","","","","","CAIXA REFERENCIAL"]
["ASSENTAMENTO DE TUBOS E PECAS","ASTU","FORNEC E/OU ASSENT DE TUBO DE PVC COM JUNTA ELASTI",48,"","",94900,"ASSENTAMENTO DE TUBO DE PEAD CORRUGADO DE DUPLA PAREDE PARA REDE COLETORA DE ESGOTO, DN 1500 MM, JUNTA ELÁSTICA INTEGRADA, INSTALADO EM LOCAL COM NÍVEL ALTO DE INTERFERÊNCIAS (NÃO INCLUI FORNECIMENTO). AF_06/2016","M","COEFICIENTE DE REPRESENTATIVIDADE",46.04,"S","SINAPI",88246,0.4867,"H","COEFICIENTE DE REPRESENTATIVIDADE",0.4867,23.15,11.26,"","","","","","","","","","","CAIXA REFERENCIAL"]
["ASSENTAMENTO DE TUBOS E PECAS","ASTU","FORNEC E/OU ASSENT DE TUBO DE PVC COM JUNTA ELASTI",48,"","",94900,"ASSENTAMENTO DE TUBO DE PEAD CORRUGADO DE DUPLA PAREDE PARA REDE COLETORA DE ESGOTO, DN 1500 MM, JUNTA ELÁSTICA INTEGRADA, INSTALADO EM LOCAL COM NÍVEL ALTO DE INTERFERÊNCIAS (NÃO INCLUI FORNECIMENTO). AF_06/2016","M","COEFICIENTE DE REPRESENTATIVIDADE",46.04,"S","SINAPI",88316,0.4867,"H","COEFICIENTE DE REPRESENTATIVIDADE",0.4867,15.03,7.31,"","","","","","","","","","","CAIXA REFERENCIAL"]
["ASSENTAMENTO DE TUBOS E PECAS","ASTU","FORNEC E/OU ASSENT DE TUBO DE PVC COM JUNTA ELASTI",48,"","",97121,"ASSENTAMENTO DE TUBO DE PVC PBA PARA REDE DE ÁGUA, DN 50 MM, JUNTA ELÁSTICA INTEGRADA, INSTALADO EM LOCAL COM NÍVEL ALTO DE INTERFERÊNCIAS (NÃO INCLUI FORNECIMENTO). AF_11/2017","M","COEFICIENTE DE REPRESENTATIVIDADE",1.69,"","SINAPI","","","","","","","",1.27,74.6753247,0.42,25.3246753,0,0,0,0,0,0,"CAIXA REFERENCIAL"]
["ASSENTAMENTO DE TUBOS E PECAS","ASTU","FORNEC E/OU ASSENT DE TUBO DE PVC COM JUNTA ELASTI",48,"","",97121,"ASSENTAMENTO DE TUBO DE PVC PBA PARA REDE DE ÁGUA, DN 50 MM, JUNTA ELÁSTICA INTEGRADA, INSTALADO EM LOCAL COM NÍVEL ALTO DE INTERFERÊNCIAS (NÃO INCLUI FORNECIMENTO). AF_11/2017","M","COEFICIENTE DE REPRESENTATIVIDADE",1.69,"I","SINAPI",20078,4.3E-3,"UN","COEFICIENTE DE REPRESENTATIVIDADE",4.3E-3,17.63,0.07,"","","","","","","","","","","CAIXA REFERENCIAL"]
["ASSENTAMENTO DE TUBOS E PECAS","ASTU","FORNEC E/OU ASSENT DE TUBO DE PVC COM JUNTA ELASTI",48,"","",97121,"ASSENTAMENTO DE TUBO DE PVC PBA PARA REDE DE ÁGUA, DN 50 MM, JUNTA ELÁSTICA INTEGRADA, INSTALADO EM LOCAL COM NÍVEL ALTO DE INTERFERÊNCIAS (NÃO INCLUI FORNECIMENTO). AF_11/2017","M","COEFICIENTE DE REPRESENTATIVIDADE",1.69,"S","SINAPI",88246,0.0426,"H","COEFICIENTE DE REPRESENTATIVIDADE",0.0426,23.15,0.98,"","","","","","","","","","","CAIXA REFERENCIAL"]
["ASSENTAMENTO DE TUBOS E PECAS","ASTU","FORNEC E/OU ASSENT DE TUBO DE PVC COM JUNTA ELASTI",48,"","",97121,"ASSENTAMENTO DE TUBO DE PVC PBA PARA REDE DE ÁGUA, DN 50 MM, JUNTA ELÁSTICA INTEGRADA, INSTALADO EM LOCAL COM NÍVEL ALTO DE INTERFERÊNCIAS (NÃO INCLUI FORNECIMENTO). AF_11/2017","M","COEFICIENTE DE REPRESENTATIVIDADE",1.69,"S","SINAPI",88316,0.0426,"H","COEFICIENTE DE REPRESENTATIVIDADE",0.0426,15.03,0.64,"","","","","","","","","","","CAIXA REFERENCIAL"]
["ASSENTAMENTO DE TUBOS E PECAS","ASTU","FORNEC E/OU ASSENT DE TUBO DE PVC COM JUNTA ELASTI",48,"","",97122,"ASSENTAMENTO DE TUBO DE PVC PBA PARA REDE DE ÁGUA, DN 75 MM, JUNTA ELÁSTICA INTEGRADA, INSTALADO EM LOCAL COM NÍVEL ALTO DE INTERFERÊNCIAS (NÃO INCLUI FORNECIMENTO). AF_11/2017","M","COEFICIENTE DE REPRESENTATIVIDADE",2.34,"","SINAPI","","","","","","","",1.71,72.81106,0.63,27.18894,0,0,0,0,0,0,"CAIXA REFERENCIAL"]
["ASSENTAMENTO DE TUBOS E PECAS","ASTU","FORNEC E/OU ASSENT DE TUBO DE PVC COM JUNTA ELASTI",48,"","",97122,"ASSENTAMENTO DE TUBO DE PVC PBA PARA REDE DE ÁGUA, DN 75 MM, JUNTA ELÁSTICA INTEGRADA, INSTALADO EM LOCAL COM NÍVEL ALTO DE INTERFERÊNCIAS (NÃO INCLUI FORNECIMENTO). AF_11/2017","M","COEFICIENTE DE REPRESENTATIVIDADE",2.34,"I","SINAPI",20078,0.0075,"UN","COEFICIENTE DE REPRESENTATIVIDADE",0.0075,17.63,0.13,"","","","","","","","","","","CAIXA REFERENCIAL"]
["ASSENTAMENTO DE TUBOS E PECAS","ASTU","FORNEC E/OU ASSENT DE TUBO DE PVC COM JUNTA ELASTI",48,"","",97122,"ASSENTAMENTO DE TUBO DE PVC PBA PARA REDE DE ÁGUA, DN 75 MM, JUNTA ELÁSTICA INTEGRADA, INSTALADO EM LOCAL COM NÍVEL ALTO DE INTERFERÊNCIAS (NÃO INCLUI FORNECIMENTO). AF_11/2017","M","COEFICIENTE DE REPRESENTATIVIDADE",2.34,"S","SINAPI",88246,0.0582,"H","COEFICIENTE DE REPRESENTATIVIDADE",0.0582,23.15,1.34,"","","","","","","","","","","CAIXA REFERENCIAL"]
["ASSENTAMENTO DE TUBOS E PECAS","ASTU","FORNEC E/OU ASSENT DE TUBO DE PVC COM JUNTA ELASTI",48,"","",97122,"ASSENTAMENTO DE TUBO DE PVC PBA PARA REDE DE ÁGUA, DN 75 MM, JUNTA ELÁSTICA INTEGRADA, INSTALADO EM LOCAL COM NÍVEL ALTO DE INTERFERÊNCIAS (NÃO INCLUI FORNECIMENTO). AF_11/2017","M","COEFICIENTE DE REPRESENTATIVIDADE",2.34,"S","SINAPI",88316,0.0582,"H","COEFICIENTE DE REPRESENTATIVIDADE",0.0582,15.03,0.87,"","","","","","","","","","","CAIXA REFERENCIAL"]
["ASSENTAMENTO DE TUBOS E PECAS","ASTU","FORNEC E/OU ASSENT DE TUBO DE PVC COM JUNTA ELASTI",48,"","",97123,"ASSENTAMENTO DE TUBO DE PVC PBA PARA REDE DE ÁGUA, DN 100 MM, JUNTA ELÁSTICA INTEGRADA, INSTALADO EM LOCAL COM NÍVEL ALTO DE INTERFERÊNCIAS (NÃO INCLUI FORNECIMENTO). AF_11/2017","M","COEFICIENTE DE REPRESENTATIVIDADE",2.96,"","SINAPI","","","","","","","",2.16,72.6618706,0.8,27.3381294,0,0,0,0,0,0,"CAIXA REFERENCIAL"]
["ASSENTAMENTO DE TUBOS E PECAS","ASTU","FORNEC E/OU ASSENT DE TUBO DE PVC COM JUNTA ELASTI",48,"","",97123,"ASSENTAMENTO DE TUBO DE PVC PBA PARA REDE DE ÁGUA, DN 100 MM, JUNTA ELÁSTICA INTEGRADA, INSTALADO EM LOCAL COM NÍVEL ALTO DE INTERFERÊNCIAS (NÃO INCLUI FORNECIMENTO). AF_11/2017","M","COEFICIENTE DE REPRESENTATIVIDADE",2.96,"I","SINAPI",20078,0.0096,"UN","COEFICIENTE DE REPRESENTATIVIDADE",0.0096,17.63,0.16,"","","","","","","","","","","CAIXA REFERENCIAL"]
["ASSENTAMENTO DE TUBOS E PECAS","ASTU","FORNEC E/OU ASSENT DE TUBO DE PVC COM JUNTA ELASTI",48,"","",97123,"ASSENTAMENTO DE TUBO DE PVC PBA PARA REDE DE ÁGUA, DN 100 MM, JUNTA ELÁSTICA INTEGRADA, INSTALADO EM LOCAL COM NÍVEL ALTO DE INTERFERÊNCIAS (NÃO INCLUI FORNECIMENTO). AF_11/2017","M","COEFICIENTE DE REPRESENTATIVIDADE",2.96,"S","SINAPI",88246,0.0737,"H","COEFICIENTE DE REPRESENTATIVIDADE",0.0737,23.15,1.7,"","","","","","","","","","","CAIXA REFERENCIAL"]
["ASSENTAMENTO DE TUBOS E PECAS","ASTU","FORNEC E/OU ASSENT DE TUBO DE PVC COM JUNTA ELASTI",48,"","",97123,"ASSENTAMENTO DE TUBO DE PVC PBA PARA REDE DE ÁGUA, DN 100 MM, JUNTA ELÁSTICA INTEGRADA, INSTALADO EM LOCAL COM NÍVEL ALTO DE INTERFERÊNCIAS (NÃO INCLUI FORNECIMENTO). AF_11/2017","M","COEFICIENTE DE REPRESENTATIVIDADE",2.96,"S","SINAPI",88316,0.0737,"H","COEFICIENTE DE REPRESENTATIVIDADE",0.0737,15.03,1.1,"","","","","","","","","","","CAIXA REFERENCIAL"]
["ASSENTAMENTO DE TUBOS E PECAS","ASTU","FORNEC E/OU ASSENT DE TUBO DE PVC COM JUNTA ELASTI",48,"","",97124,"ASSENTAMENTO DE TUBO DE PVC PBA PARA REDE DE ÁGUA, DN 50 MM, JUNTA ELÁSTICA INTEGRADA, INSTALADO EM LOCAL COM NÍVEL BAIXO DE INTERFERÊNCIAS (NÃO INCLUI FORNECIMENTO). AF_11/2017","M","COEFICIENTE DE REPRESENTATIVIDADE",0.73,"","SINAPI","","","","","","","",0.52,71.2121213,0.21,28.7878787,0,0,0,0,0,0,"CAIXA REFERENCIAL"]
["ASSENTAMENTO DE TUBOS E PECAS","ASTU","FORNEC E/OU ASSENT DE TUBO DE PVC COM JUNTA ELASTI",48,"","",97124,"ASSENTAMENTO DE TUBO DE PVC PBA PARA REDE DE ÁGUA, DN 50 MM, JUNTA ELÁSTICA INTEGRADA, INSTALADO EM LOCAL COM NÍVEL BAIXO DE INTERFERÊNCIAS (NÃO INCLUI FORNECIMENTO). AF_11/2017","M","COEFICIENTE DE REPRESENTATIVIDADE",0.73,"I","SINAPI",20078,4.3E-3,"UN","COEFICIENTE DE REPRESENTATIVIDADE",4.3E-3,17.63,0.07,"","","","","","","","","","","CAIXA REFERENCIAL"]
["ASSENTAMENTO DE TUBOS E PECAS","ASTU","FORNEC E/OU ASSENT DE TUBO DE PVC COM JUNTA ELASTI",48,"","",97124,"ASSENTAMENTO DE TUBO DE PVC PBA PARA REDE DE ÁGUA, DN 50 MM, JUNTA ELÁSTICA INTEGRADA, INSTALADO EM LOCAL COM NÍVEL BAIXO DE INTERFERÊNCIAS (NÃO INCLUI FORNECIMENTO). AF_11/2017","M","COEFICIENTE DE REPRESENTATIVIDADE",0.73,"S","SINAPI",88246,0.0176,"H","COEFICIENTE DE REPRESENTATIVIDADE",0.0176,23.15,0.4,"","","","","","","","","","","CAIXA REFERENCIAL"]
["ASSENTAMENTO DE TUBOS E PECAS","ASTU","FORNEC E/OU ASSENT DE TUBO DE PVC COM JUNTA ELASTI",48,"","",97124,"ASSENTAMENTO DE TUBO DE PVC PBA PARA REDE DE ÁGUA, DN 50 MM, JUNTA ELÁSTICA INTEGRADA, INSTALADO EM LOCAL COM NÍVEL BAIXO DE INTERFERÊNCIAS (NÃO INCLUI FORNECIMENTO). AF_11/2017","M","COEFICIENTE DE REPRESENTATIVIDADE",0.73,"S","SINAPI",88316,0.0176,"H","COEFICIENTE DE REPRESENTATIVIDADE",0.0176,15.03,0.26,"","","","","","","","","","","CAIXA REFERENCIAL"]
["ASSENTAMENTO DE TUBOS E PECAS","ASTU","FORNEC E/OU ASSENT DE TUBO DE PVC COM JUNTA ELASTI",48,"","",97125,"ASSENTAMENTO DE TUBO DE PVC PBA PARA REDE DE ÁGUA, DN 75 MM, JUNTA ELÁSTICA INTEGRADA, INSTALADO EM LOCAL COM NÍVEL BAIXO DE INTERFERÊNCIAS (NÃO INCLUI FORNECIMENTO). AF_11/2017","M","COEFICIENTE DE REPRESENTATIVIDADE",1.04,"","SINAPI","","","","","","","",0.72,69.1489362,0.32,30.8510638,0,0,0,0,0,0,"CAIXA REFERENCIAL"]
["ASSENTAMENTO DE TUBOS E PECAS","ASTU","FORNEC E/OU ASSENT DE TUBO DE PVC COM JUNTA ELASTI",48,"","",97125,"ASSENTAMENTO DE TUBO DE PVC PBA PARA REDE DE ÁGUA, DN 75 MM, JUNTA ELÁSTICA INTEGRADA, INSTALADO EM LOCAL COM NÍVEL BAIXO DE INTERFERÊNCIAS (NÃO INCLUI FORNECIMENTO). AF_11/2017","M","COEFICIENTE DE REPRESENTATIVIDADE",1.04,"I","SINAPI",20078,0.0075,"UN","COEFICIENTE DE REPRESENTATIVIDADE",0.0075,17.63,0.13,"","","","","","","","","","","CAIXA REFERENCIAL"]
["ASSENTAMENTO DE TUBOS E PECAS","ASTU","FORNEC E/OU ASSENT DE TUBO DE PVC COM JUNTA ELASTI",48,"","",97125,"ASSENTAMENTO DE TUBO DE PVC PBA PARA REDE DE ÁGUA, DN 75 MM, JUNTA ELÁSTICA INTEGRADA, INSTALADO EM LOCAL COM NÍVEL BAIXO DE INTERFERÊNCIAS (NÃO INCLUI FORNECIMENTO). AF_11/2017","M","COEFICIENTE DE REPRESENTATIVIDADE",1.04,"S","SINAPI",88246,0.0241,"H","COEFICIENTE DE REPRESENTATIVIDADE",0.0241,23.15,0.55,"","","","","","","","","","","CAIXA REFERENCIAL"]
["ASSENTAMENTO DE TUBOS E PECAS","ASTU","FORNEC E/OU ASSENT DE TUBO DE PVC COM JUNTA ELASTI",48,"","",97125,"ASSENTAMENTO DE TUBO DE PVC PBA PARA REDE DE ÁGUA, DN 75 MM, JUNTA ELÁSTICA INTEGRADA, INSTALADO EM LOCAL COM NÍVEL BAIXO DE INTERFERÊNCIAS (NÃO INCLUI FORNECIMENTO). AF_11/2017","M","COEFICIENTE DE REPRESENTATIVIDADE",1.04,"S","SINAPI",88316,0.0241,"H","COEFICIENTE DE REPRESENTATIVIDADE",0.0241,15.03,0.36,"","","","","","","","","","","CAIXA REFERENCIAL"]
["ASSENTAMENTO DE TUBOS E PECAS","ASTU","FORNEC E/OU ASSENT DE TUBO DE PVC COM JUNTA ELASTI",48,"","",97126,"ASSENTAMENTO DE TUBO DE PVC PBA PARA REDE DE ÁGUA, DN 100 MM, JUNTA ELÁSTICA INTEGRADA, INSTALADO EM LOCAL COM NÍVEL BAIXO DE INTERFERÊNCIAS (NÃO INCLUI FORNECIMENTO). AF_11/2017","M","COEFICIENTE DE REPRESENTATIVIDADE",1.31,"","SINAPI","","","","","","","",0.9,68.3333334,0.41,31.6666666,0,0,0,0,0,0,"CAIXA REFERENCIAL"]
["ASSENTAMENTO DE TUBOS E PECAS","ASTU","FORNEC E/OU ASSENT DE TUBO DE PVC COM JUNTA ELASTI",48,"","",97126,"ASSENTAMENTO DE TUBO DE PVC PBA PARA REDE DE ÁGUA, DN 100 MM, JUNTA ELÁSTICA INTEGRADA, INSTALADO EM LOCAL COM NÍVEL BAIXO DE INTERFERÊNCIAS (NÃO INCLUI FORNECIMENTO). AF_11/2017","M","COEFICIENTE DE REPRESENTATIVIDADE",1.31,"I","SINAPI",20078,0.0096,"UN","COEFICIENTE DE REPRESENTATIVIDADE",0.0096,17.63,0.16,"","","","","","","","","","","CAIXA REFERENCIAL"]
["ASSENTAMENTO DE TUBOS E PECAS","ASTU","FORNEC E/OU ASSENT DE TUBO DE PVC COM JUNTA ELASTI",48,"","",97126,"ASSENTAMENTO DE TUBO DE PVC PBA PARA REDE DE ÁGUA, DN 100 MM, JUNTA ELÁSTICA INTEGRADA, INSTALADO EM LOCAL COM NÍVEL BAIXO DE INTERFERÊNCIAS (NÃO INCLUI FORNECIMENTO). AF_11/2017","M","COEFICIENTE DE REPRESENTATIVIDADE",1.31,"S","SINAPI",88246,0.0305,"H","COEFICIENTE DE REPRESENTATIVIDADE",0.0305,23.15,0.7,"","","","","","","","","","","CAIXA REFERENCIAL"]
["ASSENTAMENTO DE TUBOS E PECAS","ASTU","FORNEC E/OU ASSENT DE TUBO DE PVC COM JUNTA ELASTI",48,"","",97126,"ASSENTAMENTO DE TUBO DE PVC PBA PARA REDE DE ÁGUA, DN 100 MM, JUNTA ELÁSTICA INTEGRADA, INSTALADO EM LOCAL COM NÍVEL BAIXO DE INTERFERÊNCIAS (NÃO INCLUI FORNECIMENTO). AF_11/2017","M","COEFICIENTE DE REPRESENTATIVIDADE",1.31,"S","SINAPI",88316,0.0305,"H","COEFICIENTE DE REPRESENTATIVIDADE",0.0305,15.03,0.45,"","","","","","","","","","","CAIXA REFERENCIAL"]
["ASSENTAMENTO DE TUBOS E PECAS","ASTU","FORNEC E/OU ASSENT DE TUBO DE CONCRETO COM JUNTA E",51,"","",92833,"TUBO DE CONCRETO PARA REDES COLETORAS DE ESGOTO SANITÁRIO, DIÂMETRO DE 300 MM, JUNTA ELÁSTICA, INSTALADO EM LOCAL COM BAIXO NÍVEL DE INTERFERÊNCIAS - FORNECIMENTO E ASSENTAMENTO. AF_12/2015","M","COEFICIENTE DE REPRESENTATIVIDADE",141.77,"","SINAPI","","","","","","","",3.2,2.2618037,136.92,96.5719538,1.65,1.1662425,0,0,0,0,"CAIXA REFERENCIAL"]
["ASSENTAMENTO DE TUBOS E PECAS","ASTU","FORNEC E/OU ASSENT DE TUBO DE CONCRETO COM JUNTA E",51,"","",92833,"TUBO DE CONCRETO PARA REDES COLETORAS DE ESGOTO SANITÁRIO, DIÂMETRO DE 300 MM, JUNTA ELÁSTICA, INSTALADO EM LOCAL COM BAIXO NÍVEL DE INTERFERÊNCIAS - FORNECIMENTO E ASSENTAMENTO. AF_12/2015","M","COEFICIENTE DE REPRESENTATIVIDADE",141.77,"S","SINAPI",5631,0.013,"CHP","COEFICIENTE DE REPRESENTATIVIDADE",0.013,137.46,1.78,"","","","","","","","","","","CAIXA REFERENCIAL"]
["ASSENTAMENTO DE TUBOS E PECAS","ASTU","FORNEC E/OU ASSENT DE TUBO DE CONCRETO COM JUNTA E",51,"","",92833,"TUBO DE CONCRETO PARA REDES COLETORAS DE ESGOTO SANITÁRIO, DIÂMETRO DE 300 MM, JUNTA ELÁSTICA, INSTALADO EM LOCAL COM BAIXO NÍVEL DE INTERFERÊNCIAS - FORNECIMENTO E ASSENTAMENTO. AF_12/2015","M","COEFICIENTE DE REPRESENTATIVIDADE",141.77,"S","SINAPI",5632,0.028,"CHI","COEFICIENTE DE REPRESENTATIVIDADE",0.028,58.95,1.65,"","","","","","","","","","","CAIXA REFERENCIAL"]
["ASSENTAMENTO DE TUBOS E PECAS","ASTU","FORNEC E/OU ASSENT DE TUBO DE CONCRETO COM JUNTA E",51,"","",92833,"TUBO DE CONCRETO PARA REDES COLETORAS DE ESGOTO SANITÁRIO, DIÂMETRO DE 300 MM, JUNTA ELÁSTICA, INSTALADO EM LOCAL COM BAIXO NÍVEL DE INTERFERÊNCIAS - FORNECIMENTO E ASSENTAMENTO. AF_12/2015","M","COEFICIENTE DE REPRESENTATIVIDADE",141.77,"I","SINAPI",40335,1.03,"M","COEFICIENTE DE REPRESENTATIVIDADE",1.03,109.96,113.25,"","","","","","","","","","","CAIXA REFERENCIAL"]
["ASSENTAMENTO DE TUBOS E PECAS","ASTU","FORNEC E/OU ASSENT DE TUBO DE CONCRETO COM JUNTA E",51,"","",92833,"TUBO DE CONCRETO PARA REDES COLETORAS DE ESGOTO SANITÁRIO, DIÂMETRO DE 300 MM, JUNTA ELÁSTICA, INSTALADO EM LOCAL COM BAIXO NÍVEL DE INTERFERÊNCIAS - FORNECIMENTO E ASSENTAMENTO. AF_12/2015","M","COEFICIENTE DE REPRESENTATIVIDADE",141.77,"I","SINAPI",40340,0.5,"UN","COEFICIENTE DE REPRESENTATIVIDADE",0.5,43.69,21.84,"","","","","","","","","","","CAIXA REFERENCIAL"]
["ASSENTAMENTO DE TUBOS E PECAS","ASTU","FORNEC E/OU ASSENT DE TUBO DE CONCRETO COM JUNTA E",51,"","",92833,"TUBO DE CONCRETO PARA REDES COLETORAS DE ESGOTO SANITÁRIO, DIÂMETRO DE 300 MM, JUNTA ELÁSTICA, INSTALADO EM LOCAL COM BAIXO NÍVEL DE INTERFERÊNCIAS - FORNECIMENTO E ASSENTAMENTO. AF_12/2015","M","COEFICIENTE DE REPRESENTATIVIDADE",141.77,"S","SINAPI",88277,0.061,"H","COEFICIENTE DE REPRESENTATIVIDADE",0.061,23.15,1.41,"","","","","","","","","","","CAIXA REFERENCIAL"]
["ASSENTAMENTO DE TUBOS E PECAS","ASTU","FORNEC E/OU ASSENT DE TUBO DE CONCRETO COM JUNTA E",51,"","",92833,"TUBO DE CONCRETO PARA REDES COLETORAS DE ESGOTO SANITÁRIO, DIÂMETRO DE 300 MM, JUNTA ELÁSTICA, INSTALADO EM LOCAL COM BAIXO NÍVEL DE INTERFERÊNCIAS - FORNECIMENTO E ASSENTAMENTO. AF_12/2015","M","COEFICIENTE DE REPRESENTATIVIDADE",141.77,"S","SINAPI",88316,0.123,"H","COEFICIENTE DE REPRESENTATIVIDADE",0.123,15.03,1.84,"","","","","","","","","","","CAIXA REFERENCIAL"]
["ASSENTAMENTO DE TUBOS E PECAS","ASTU","FORNEC E/OU ASSENT DE TUBO DE CONCRETO COM JUNTA E",51,"","",92834,"ASSENTAMENTO DE TUBO DE CONCRETO PARA REDES COLETORAS DE ESGOTO SANITÁRIO, DIÂMETRO DE 300 MM, JUNTA ELÁSTICA, INSTALADO EM LOCAL COM BAIXO NÍVEL DE INTERFERÊNCIAS (NÃO INCLUI FORNECIMENTO). AF_12/2015","M","COEFICIENTE DE REPRESENTATIVIDADE",6.68,"","SINAPI","","","","","","","",3.36,50.0782474,1.6,24.1001564,1.72,25.8215962,0,0,0,0,"CAIXA REFERENCIAL"]
["ASSENTAMENTO DE TUBOS E PECAS","ASTU","FORNEC E/OU ASSENT DE TUBO DE CONCRETO COM JUNTA E",51,"","",92834,"ASSENTAMENTO DE TUBO DE CONCRETO PARA REDES COLETORAS DE ESGOTO SANITÁRIO, DIÂMETRO DE 300 MM, JUNTA ELÁSTICA, INSTALADO EM LOCAL COM BAIXO NÍVEL DE INTERFERÊNCIAS (NÃO INCLUI FORNECIMENTO). AF_12/2015","M","COEFICIENTE DE REPRESENTATIVIDADE",6.68,"S","SINAPI",5631,0.013,"CHP","COEFICIENTE DE REPRESENTATIVIDADE",0.013,137.46,1.78,"","","","","","","","","","","CAIXA REFERENCIAL"]
["ASSENTAMENTO DE TUBOS E PECAS","ASTU","FORNEC E/OU ASSENT DE TUBO DE CONCRETO COM JUNTA E",51,"","",92834,"ASSENTAMENTO DE TUBO DE CONCRETO PARA REDES COLETORAS DE ESGOTO SANITÁRIO, DIÂMETRO DE 300 MM, JUNTA ELÁSTICA, INSTALADO EM LOCAL COM BAIXO NÍVEL DE INTERFERÊNCIAS (NÃO INCLUI FORNECIMENTO). AF_12/2015","M","COEFICIENTE DE REPRESENTATIVIDADE",6.68,"S","SINAPI",5632,0.028,"CHI","COEFICIENTE DE REPRESENTATIVIDADE",0.028,58.95,1.65,"","","","","","","","","","","CAIXA REFERENCIAL"]
["ASSENTAMENTO DE TUBOS E PECAS","ASTU","FORNEC E/OU ASSENT DE TUBO DE CONCRETO COM JUNTA E",51,"","",92834,"ASSENTAMENTO DE TUBO DE CONCRETO PARA REDES COLETORAS DE ESGOTO SANITÁRIO, DIÂMETRO DE 300 MM, JUNTA ELÁSTICA, INSTALADO EM LOCAL COM BAIXO NÍVEL DE INTERFERÊNCIAS (NÃO INCLUI FORNECIMENTO). AF_12/2015","M","COEFICIENTE DE REPRESENTATIVIDADE",6.68,"S","SINAPI",88246,0.061,"H","COEFICIENTE DE REPRESENTATIVIDADE",0.061,23.15,1.41,"","","","","","","","","","","CAIXA REFERENCIAL"]
["ASSENTAMENTO DE TUBOS E PECAS","ASTU","FORNEC E/OU ASSENT DE TUBO DE CONCRETO COM JUNTA E",51,"","",92834,"ASSENTAMENTO DE TUBO DE CONCRETO PARA REDES COLETORAS DE ESGOTO SANITÁRIO, DIÂMETRO DE 300 MM, JUNTA ELÁSTICA, INSTALADO EM LOCAL COM BAIXO NÍVEL DE INTERFERÊNCIAS (NÃO INCLUI FORNECIMENTO). AF_12/2015","M","COEFICIENTE DE REPRESENTATIVIDADE",6.68,"S","SINAPI",88316,0.123,"H","COEFICIENTE DE REPRESENTATIVIDADE",0.123,15.03,1.84,"","","","","","","","","","","CAIXA REFERENCIAL"]
["ASSENTAMENTO DE TUBOS E PECAS","ASTU","FORNEC E/OU ASSENT DE TUBO DE CONCRETO COM JUNTA E",51,"","",92835,"TUBO DE CONCRETO PARA REDES COLETORAS DE ESGOTO SANITÁRIO, DIÂMETRO DE 400 MM, JUNTA ELÁSTICA, INSTALADO EM LOCAL COM BAIXO NÍVEL DE INTERFERÊNCIAS - FORNECIMENTO E ASSENTAMENTO. AF_12/2015","M","COEFICIENTE DE REPRESENTATIVIDADE",188.93,"","SINAPI","","","","","","","",4.07,2.1577775,182.75,96.7235713,2.11,1.1186512,0,0,0,0,"CAIXA REFERENCIAL"]
["ASSENTAMENTO DE TUBOS E PECAS","ASTU","FORNEC E/OU ASSENT DE TUBO DE CONCRETO COM JUNTA E",51,"","",92835,"TUBO DE CONCRETO PARA REDES COLETORAS DE ESGOTO SANITÁRIO, DIÂMETRO DE 400 MM, JUNTA ELÁSTICA, INSTALADO EM LOCAL COM BAIXO NÍVEL DE INTERFERÊNCIAS - FORNECIMENTO E ASSENTAMENTO. AF_12/2015","M","COEFICIENTE DE REPRESENTATIVIDADE",188.93,"S","SINAPI",5631,0.017,"CHP","COEFICIENTE DE REPRESENTATIVIDADE",0.017,137.46,2.33,"","","","","","","","","","","CAIXA REFERENCIAL"]
["ASSENTAMENTO DE TUBOS E PECAS","ASTU","FORNEC E/OU ASSENT DE TUBO DE CONCRETO COM JUNTA E",51,"","",92835,"TUBO DE CONCRETO PARA REDES COLETORAS DE ESGOTO SANITÁRIO, DIÂMETRO DE 400 MM, JUNTA ELÁSTICA, INSTALADO EM LOCAL COM BAIXO NÍVEL DE INTERFERÊNCIAS - FORNECIMENTO E ASSENTAMENTO. AF_12/2015","M","COEFICIENTE DE REPRESENTATIVIDADE",188.93,"S","SINAPI",5632,0.035,"CHI","COEFICIENTE DE REPRESENTATIVIDADE",0.035,58.95,2.06,"","","","","","","","","","","CAIXA REFERENCIAL"]
["ASSENTAMENTO DE TUBOS E PECAS","ASTU","FORNEC E/OU ASSENT DE TUBO DE CONCRETO COM JUNTA E",51,"","",92835,"TUBO DE CONCRETO PARA REDES COLETORAS DE ESGOTO SANITÁRIO, DIÂMETRO DE 400 MM, JUNTA ELÁSTICA, INSTALADO EM LOCAL COM BAIXO NÍVEL DE INTERFERÊNCIAS - FORNECIMENTO E ASSENTAMENTO. AF_12/2015","M","COEFICIENTE DE REPRESENTATIVIDADE",188.93,"I","SINAPI",7740,1.03,"M","COEFICIENTE DE REPRESENTATIVIDADE",1.03,150.03,154.53,"","","","","","","","","","","CAIXA REFERENCIAL"]
["ASSENTAMENTO DE TUBOS E PECAS","ASTU","FORNEC E/OU ASSENT DE TUBO DE CONCRETO COM JUNTA E",51,"","",92835,"TUBO DE CONCRETO PARA REDES COLETORAS DE ESGOTO SANITÁRIO, DIÂMETRO DE 400 MM, JUNTA ELÁSTICA, INSTALADO EM LOCAL COM BAIXO NÍVEL DE INTERFERÊNCIAS - FORNECIMENTO E ASSENTAMENTO. AF_12/2015","M","COEFICIENTE DE REPRESENTATIVIDADE",188.93,"I","SINAPI",40341,0.5,"UN","COEFICIENTE DE REPRESENTATIVIDADE",0.5,51.74,25.87,"","","","","","","","","","","CAIXA REFERENCIAL"]
["ASSENTAMENTO DE TUBOS E PECAS","ASTU","FORNEC E/OU ASSENT DE TUBO DE CONCRETO COM JUNTA E",51,"","",92835,"TUBO DE CONCRETO PARA REDES COLETORAS DE ESGOTO SANITÁRIO, DIÂMETRO DE 400 MM, JUNTA ELÁSTICA, INSTALADO EM LOCAL COM BAIXO NÍVEL DE INTERFERÊNCIAS - FORNECIMENTO E ASSENTAMENTO. AF_12/2015","M","COEFICIENTE DE REPRESENTATIVIDADE",188.93,"S","SINAPI",88277,0.078,"H","COEFICIENTE DE REPRESENTATIVIDADE",0.078,23.15,1.8,"","","","","","","","","","","CAIXA REFERENCIAL"]
["ASSENTAMENTO DE TUBOS E PECAS","ASTU","FORNEC E/OU ASSENT DE TUBO DE CONCRETO COM JUNTA E",51,"","",92835,"TUBO DE CONCRETO PARA REDES COLETORAS DE ESGOTO SANITÁRIO, DIÂMETRO DE 400 MM, JUNTA ELÁSTICA, INSTALADO EM LOCAL COM BAIXO NÍVEL DE INTERFERÊNCIAS - FORNECIMENTO E ASSENTAMENTO. AF_12/2015","M","COEFICIENTE DE REPRESENTATIVIDADE",188.93,"S","SINAPI",88316,0.156,"H","COEFICIENTE DE REPRESENTATIVIDADE",0.156,15.03,2.34,"","","","","","","","","","","CAIXA REFERENCIAL"]
["ASSENTAMENTO DE TUBOS E PECAS","ASTU","FORNEC E/OU ASSENT DE TUBO DE CONCRETO COM JUNTA E",51,"","",92836,"ASSENTAMENTO DE TUBO DE CONCRETO PARA REDES COLETORAS DE ESGOTO SANITÁRIO, DIÂMETRO DE 400 MM, JUNTA ELÁSTICA, INSTALADO EM LOCAL COM BAIXO NÍVEL DE INTERFERÊNCIAS (NÃO INCLUI FORNECIMENTO). AF_12/2015","M","COEFICIENTE DE REPRESENTATIVIDADE",8.53,"","SINAPI","","","","","","","",4.24,49.5133821,2.11,24.8175182,2.18,25.6690997,0,0,0,0,"CAIXA REFERENCIAL"]
["ASSENTAMENTO DE TUBOS E PECAS","ASTU","FORNEC E/OU ASSENT DE TUBO DE CONCRETO COM JUNTA E",51,"","",92836,"ASSENTAMENTO DE TUBO DE CONCRETO PARA REDES COLETORAS DE ESGOTO SANITÁRIO, DIÂMETRO DE 400 MM, JUNTA ELÁSTICA, INSTALADO EM LOCAL COM BAIXO NÍVEL DE INTERFERÊNCIAS (NÃO INCLUI FORNECIMENTO). AF_12/2015","M","COEFICIENTE DE REPRESENTATIVIDADE",8.53,"S","SINAPI",5631,0.017,"CHP","COEFICIENTE DE REPRESENTATIVIDADE",0.017,137.46,2.33,"","","","","","","","","","","CAIXA REFERENCIAL"]
["ASSENTAMENTO DE TUBOS E PECAS","ASTU","FORNEC E/OU ASSENT DE TUBO DE CONCRETO COM JUNTA E",51,"","",92836,"ASSENTAMENTO DE TUBO DE CONCRETO PARA REDES COLETORAS DE ESGOTO SANITÁRIO, DIÂMETRO DE 400 MM, JUNTA ELÁSTICA, INSTALADO EM LOCAL COM BAIXO NÍVEL DE INTERFERÊNCIAS (NÃO INCLUI FORNECIMENTO). AF_12/2015","M","COEFICIENTE DE REPRESENTATIVIDADE",8.53,"S","SINAPI",5632,0.035,"CHI","COEFICIENTE DE REPRESENTATIVIDADE",0.035,58.95,2.06,"","","","","","","","","","","CAIXA REFERENCIAL"]
["ASSENTAMENTO DE TUBOS E PECAS","ASTU","FORNEC E/OU ASSENT DE TUBO DE CONCRETO COM JUNTA E",51,"","",92836,"ASSENTAMENTO DE TUBO DE CONCRETO PARA REDES COLETORAS DE ESGOTO SANITÁRIO, DIÂMETRO DE 400 MM, JUNTA ELÁSTICA, INSTALADO EM LOCAL COM BAIXO NÍVEL DE INTERFERÊNCIAS (NÃO INCLUI FORNECIMENTO). AF_12/2015","M","COEFICIENTE DE REPRESENTATIVIDADE",8.53,"S","SINAPI",88246,0.078,"H","COEFICIENTE DE REPRESENTATIVIDADE",0.078,23.15,1.8,"","","","","","","","","","","CAIXA REFERENCIAL"]
["ASSENTAMENTO DE TUBOS E PECAS","ASTU","FORNEC E/OU ASSENT DE TUBO DE CONCRETO COM JUNTA E",51,"","",92836,"ASSENTAMENTO DE TUBO DE CONCRETO PARA REDES COLETORAS DE ESGOTO SANITÁRIO, DIÂMETRO DE 400 MM, JUNTA ELÁSTICA, INSTALADO EM LOCAL COM BAIXO NÍVEL DE INTERFERÊNCIAS (NÃO INCLUI FORNECIMENTO). AF_12/2015","M","COEFICIENTE DE REPRESENTATIVIDADE",8.53,"S","SINAPI",88316,0.156,"H","COEFICIENTE DE REPRESENTATIVIDADE",0.156,15.03,2.34,"","","","","","","","","","","CAIXA REFERENCIAL"]
["ASSENTAMENTO DE TUBOS E PECAS","ASTU","FORNEC E/OU ASSENT DE TUBO DE CONCRETO COM JUNTA E",51,"","",92837,"TUBO DE CONCRETO PARA REDES COLETORAS DE ESGOTO SANITÁRIO, DIÂMETRO DE 500 MM, JUNTA ELÁSTICA, INSTALADO EM LOCAL COM BAIXO NÍVEL DE INTERFERÊNCIAS - FORNECIMENTO E ASSENTAMENTO. AF_12/2015","M","COEFICIENTE DE REPRESENTATIVIDADE",238.05,"","SINAPI","","","","","","","",4.93,2.0739556,230.61,96.870136,2.51,1.0559084,0,0,0,0,"CAIXA REFERENCIAL"]
["ASSENTAMENTO DE TUBOS E PECAS","ASTU","FORNEC E/OU ASSENT DE TUBO DE CONCRETO COM JUNTA E",51,"","",92837,"TUBO DE CONCRETO PARA REDES COLETORAS DE ESGOTO SANITÁRIO, DIÂMETRO DE 500 MM, JUNTA ELÁSTICA, INSTALADO EM LOCAL COM BAIXO NÍVEL DE INTERFERÊNCIAS - FORNECIMENTO E ASSENTAMENTO. AF_12/2015","M","COEFICIENTE DE REPRESENTATIVIDADE",238.05,"S","SINAPI",5631,0.02,"CHP","COEFICIENTE DE REPRESENTATIVIDADE",0.02,137.46,2.74,"","","","","","","","","","","CAIXA REFERENCIAL"]
["ASSENTAMENTO DE TUBOS E PECAS","ASTU","FORNEC E/OU ASSENT DE TUBO DE CONCRETO COM JUNTA E",51,"","",92837,"TUBO DE CONCRETO PARA REDES COLETORAS DE ESGOTO SANITÁRIO, DIÂMETRO DE 500 MM, JUNTA ELÁSTICA, INSTALADO EM LOCAL COM BAIXO NÍVEL DE INTERFERÊNCIAS - FORNECIMENTO E ASSENTAMENTO. AF_12/2015","M","COEFICIENTE DE REPRESENTATIVIDADE",238.05,"S","SINAPI",5632,0.042,"CHI","COEFICIENTE DE REPRESENTATIVIDADE",0.042,58.95,2.47,"","","","","","","","","","","CAIXA REFERENCIAL"]
["ASSENTAMENTO DE TUBOS E PECAS","ASTU","FORNEC E/OU ASSENT DE TUBO DE CONCRETO COM JUNTA E",51,"","",92837,"TUBO DE CONCRETO PARA REDES COLETORAS DE ESGOTO SANITÁRIO, DIÂMETRO DE 500 MM, JUNTA ELÁSTICA, INSTALADO EM LOCAL COM BAIXO NÍVEL DE INTERFERÊNCIAS - FORNECIMENTO E ASSENTAMENTO. AF_12/2015","M","COEFICIENTE DE REPRESENTATIVIDADE",238.05,"I","SINAPI",7741,1.03,"M","COEFICIENTE DE REPRESENTATIVIDADE",1.03,189.34,195.02,"","","","","","","","","","","CAIXA REFERENCIAL"]
["ASSENTAMENTO DE TUBOS E PECAS","ASTU","FORNEC E/OU ASSENT DE TUBO DE CONCRETO COM JUNTA E",51,"","",92837,"TUBO DE CONCRETO PARA REDES COLETORAS DE ESGOTO SANITÁRIO, DIÂMETRO DE 500 MM, JUNTA ELÁSTICA, INSTALADO EM LOCAL COM BAIXO NÍVEL DE INTERFERÊNCIAS - FORNECIMENTO E ASSENTAMENTO. AF_12/2015","M","COEFICIENTE DE REPRESENTATIVIDADE",238.05,"I","SINAPI",40342,0.5,"UN","COEFICIENTE DE REPRESENTATIVIDADE",0.5,65.59,32.79,"","","","","","","","","","","CAIXA REFERENCIAL"]
["ASSENTAMENTO DE TUBOS E PECAS","ASTU","FORNEC E/OU ASSENT DE TUBO DE CONCRETO COM JUNTA E",51,"","",92837,"TUBO DE CONCRETO PARA REDES COLETORAS DE ESGOTO SANITÁRIO, DIÂMETRO DE 500 MM, JUNTA ELÁSTICA, INSTALADO EM LOCAL COM BAIXO NÍVEL DE INTERFERÊNCIAS - FORNECIMENTO E ASSENTAMENTO. AF_12/2015","M","COEFICIENTE DE REPRESENTATIVIDADE",238.05,"S","SINAPI",88277,0.095,"H","COEFICIENTE DE REPRESENTATIVIDADE",0.095,23.15,2.19,"","","","","","","","","","","CAIXA REFERENCIAL"]
["ASSENTAMENTO DE TUBOS E PECAS","ASTU","FORNEC E/OU ASSENT DE TUBO DE CONCRETO COM JUNTA E",51,"","",92837,"TUBO DE CONCRETO PARA REDES COLETORAS DE ESGOTO SANITÁRIO, DIÂMETRO DE 500 MM, JUNTA ELÁSTICA, INSTALADO EM LOCAL COM BAIXO NÍVEL DE INTERFERÊNCIAS - FORNECIMENTO E ASSENTAMENTO. AF_12/2015","M","COEFICIENTE DE REPRESENTATIVIDADE",238.05,"S","SINAPI",88316,0.189,"H","COEFICIENTE DE REPRESENTATIVIDADE",0.189,15.03,2.84,"","","","","","","","","","","CAIXA REFERENCIAL"]
["ASSENTAMENTO DE TUBOS E PECAS","ASTU","FORNEC E/OU ASSENT DE TUBO DE CONCRETO COM JUNTA E",51,"","",92838,"ASSENTAMENTO DE TUBO DE CONCRETO PARA REDES COLETORAS DE ESGOTO SANITÁRIO, DIÂMETRO DE 500 MM, JUNTA ELÁSTICA, INSTALADO EM LOCAL COM BAIXO NÍVEL DE INTERFERÊNCIAS (NÃO INCLUI FORNECIMENTO). AF_12/2015","M","COEFICIENTE DE REPRESENTATIVIDADE",10.24,"","SINAPI","","","","","","","",5.11,49.7979799,2.54,24.8484848,2.59,25.3535353,0,0,0,0,"CAIXA REFERENCIAL"]
["ASSENTAMENTO DE TUBOS E PECAS","ASTU","FORNEC E/OU ASSENT DE TUBO DE CONCRETO COM JUNTA E",51,"","",92838,"ASSENTAMENTO DE TUBO DE CONCRETO PARA REDES COLETORAS DE ESGOTO SANITÁRIO, DIÂMETRO DE 500 MM, JUNTA ELÁSTICA, INSTALADO EM LOCAL COM BAIXO NÍVEL DE INTERFERÊNCIAS (NÃO INCLUI FORNECIMENTO). AF_12/2015","M","COEFICIENTE DE REPRESENTATIVIDADE",10.24,"S","SINAPI",5631,0.02,"CHP","COEFICIENTE DE REPRESENTATIVIDADE",0.02,137.46,2.74,"","","","","","","","","","","CAIXA REFERENCIAL"]
["ASSENTAMENTO DE TUBOS E PECAS","ASTU","FORNEC E/OU ASSENT DE TUBO DE CONCRETO COM JUNTA E",51,"","",92838,"ASSENTAMENTO DE TUBO DE CONCRETO PARA REDES COLETORAS DE ESGOTO SANITÁRIO, DIÂMETRO DE 500 MM, JUNTA ELÁSTICA, INSTALADO EM LOCAL COM BAIXO NÍVEL DE INTERFERÊNCIAS (NÃO INCLUI FORNECIMENTO). AF_12/2015","M","COEFICIENTE DE REPRESENTATIVIDADE",10.24,"S","SINAPI",5632,0.042,"CHI","COEFICIENTE DE REPRESENTATIVIDADE",0.042,58.95,2.47,"","","","","","","","","","","CAIXA REFERENCIAL"]
["ASSENTAMENTO DE TUBOS E PECAS","ASTU","FORNEC E/OU ASSENT DE TUBO DE CONCRETO COM JUNTA E",51,"","",92838,"ASSENTAMENTO DE TUBO DE CONCRETO PARA REDES COLETORAS DE ESGOTO SANITÁRIO, DIÂMETRO DE 500 MM, JUNTA ELÁSTICA, INSTALADO EM LOCAL COM BAIXO NÍVEL DE INTERFERÊNCIAS (NÃO INCLUI FORNECIMENTO). AF_12/2015","M","COEFICIENTE DE REPRESENTATIVIDADE",10.24,"S","SINAPI",88246,0.095,"H","COEFICIENTE DE REPRESENTATIVIDADE",0.095,23.15,2.19,"","","","","","","","","","","CAIXA REFERENCIAL"]
["ASSENTAMENTO DE TUBOS E PECAS","ASTU","FORNEC E/OU ASSENT DE TUBO DE CONCRETO COM JUNTA E",51,"","",92838,"ASSENTAMENTO DE TUBO DE CONCRETO PARA REDES COLETORAS DE ESGOTO SANITÁRIO, DIÂMETRO DE 500 MM, JUNTA ELÁSTICA, INSTALADO EM LOCAL COM BAIXO NÍVEL DE INTERFERÊNCIAS (NÃO INCLUI FORNECIMENTO). AF_12/2015","M","COEFICIENTE DE REPRESENTATIVIDADE",10.24,"S","SINAPI",88316,0.189,"H","COEFICIENTE DE REPRESENTATIVIDADE",0.189,15.03,2.84,"","","","","","","","","","","CAIXA REFERENCIAL"]
["ASSENTAMENTO DE TUBOS E PECAS","ASTU","FORNEC E/OU ASSENT DE TUBO DE CONCRETO COM JUNTA E",51,"","",92839,"TUBO DE CONCRETO PARA REDES COLETORAS DE ESGOTO SANITÁRIO, DIÂMETRO DE 600 MM, JUNTA ELÁSTICA, INSTALADO EM LOCAL COM BAIXO NÍVEL DE INTERFERÊNCIAS - FORNECIMENTO E ASSENTAMENTO. AF_12/2015","M","COEFICIENTE DE REPRESENTATIVIDADE",314.87,"","SINAPI","","","","","","","",5.83,1.8533825,306.03,97.1897254,3.01,0.9568921,0,0,0,0,"CAIXA REFERENCIAL"]
["ASSENTAMENTO DE TUBOS E PECAS","ASTU","FORNEC E/OU ASSENT DE TUBO DE CONCRETO COM JUNTA E",51,"","",92839,"TUBO DE CONCRETO PARA REDES COLETORAS DE ESGOTO SANITÁRIO, DIÂMETRO DE 600 MM, JUNTA ELÁSTICA, INSTALADO EM LOCAL COM BAIXO NÍVEL DE INTERFERÊNCIAS - FORNECIMENTO E ASSENTAMENTO. AF_12/2015","M","COEFICIENTE DE REPRESENTATIVIDADE",314.87,"S","SINAPI",5631,0.024,"CHP","COEFICIENTE DE REPRESENTATIVIDADE",0.024,137.46,3.29,"","","","","","","","","","","CAIXA REFERENCIAL"]
["ASSENTAMENTO DE TUBOS E PECAS","ASTU","FORNEC E/OU ASSENT DE TUBO DE CONCRETO COM JUNTA E",51,"","",92839,"TUBO DE CONCRETO PARA REDES COLETORAS DE ESGOTO SANITÁRIO, DIÂMETRO DE 600 MM, JUNTA ELÁSTICA, INSTALADO EM LOCAL COM BAIXO NÍVEL DE INTERFERÊNCIAS - FORNECIMENTO E ASSENTAMENTO. AF_12/2015","M","COEFICIENTE DE REPRESENTATIVIDADE",314.87,"S","SINAPI",5632,0.05,"CHI","COEFICIENTE DE REPRESENTATIVIDADE",0.05,58.95,2.94,"","","","","","","","","","","CAIXA REFERENCIAL"]
["ASSENTAMENTO DE TUBOS E PECAS","ASTU","FORNEC E/OU ASSENT DE TUBO DE CONCRETO COM JUNTA E",51,"","",92839,"TUBO DE CONCRETO PARA REDES COLETORAS DE ESGOTO SANITÁRIO, DIÂMETRO DE 600 MM, JUNTA ELÁSTICA, INSTALADO EM LOCAL COM BAIXO NÍVEL DE INTERFERÊNCIAS - FORNECIMENTO E ASSENTAMENTO. AF_12/2015","M","COEFICIENTE DE REPRESENTATIVIDADE",314.87,"I","SINAPI",7774,1.03,"M","COEFICIENTE DE REPRESENTATIVIDADE",1.03,254.88,262.52,"","","","","","","","","","","CAIXA REFERENCIAL"]
["ASSENTAMENTO DE TUBOS E PECAS","ASTU","FORNEC E/OU ASSENT DE TUBO DE CONCRETO COM JUNTA E",51,"","",92839,"TUBO DE CONCRETO PARA REDES COLETORAS DE ESGOTO SANITÁRIO, DIÂMETRO DE 600 MM, JUNTA ELÁSTICA, INSTALADO EM LOCAL COM BAIXO NÍVEL DE INTERFERÊNCIAS - FORNECIMENTO E ASSENTAMENTO. AF_12/2015","M","COEFICIENTE DE REPRESENTATIVIDADE",314.87,"I","SINAPI",40343,0.5,"UN","COEFICIENTE DE REPRESENTATIVIDADE",0.5,80.47,40.23,"","","","","","","","","","","CAIXA REFERENCIAL"]
["ASSENTAMENTO DE TUBOS E PECAS","ASTU","FORNEC E/OU ASSENT DE TUBO DE CONCRETO COM JUNTA E",51,"","",92839,"TUBO DE CONCRETO PARA REDES COLETORAS DE ESGOTO SANITÁRIO, DIÂMETRO DE 600 MM, JUNTA ELÁSTICA, INSTALADO EM LOCAL COM BAIXO NÍVEL DE INTERFERÊNCIAS - FORNECIMENTO E ASSENTAMENTO. AF_12/2015","M","COEFICIENTE DE REPRESENTATIVIDADE",314.87,"S","SINAPI",88277,0.111,"H","COEFICIENTE DE REPRESENTATIVIDADE",0.111,23.15,2.56,"","","","","","","","","","","CAIXA REFERENCIAL"]
["ASSENTAMENTO DE TUBOS E PECAS","ASTU","FORNEC E/OU ASSENT DE TUBO DE CONCRETO COM JUNTA E",51,"","",92839,"TUBO DE CONCRETO PARA REDES COLETORAS DE ESGOTO SANITÁRIO, DIÂMETRO DE 600 MM, JUNTA ELÁSTICA, INSTALADO EM LOCAL COM BAIXO NÍVEL DE INTERFERÊNCIAS - FORNECIMENTO E ASSENTAMENTO. AF_12/2015","M","COEFICIENTE DE REPRESENTATIVIDADE",314.87,"S","SINAPI",88316,0.222,"H","COEFICIENTE DE REPRESENTATIVIDADE",0.222,15.03,3.33,"","","","","","","","","","","CAIXA REFERENCIAL"]
["ASSENTAMENTO DE TUBOS E PECAS","ASTU","FORNEC E/OU ASSENT DE TUBO DE CONCRETO COM JUNTA E",51,"","",92840,"ASSENTAMENTO DE TUBO DE CONCRETO PARA REDES COLETORAS DE ESGOTO SANITÁRIO, DIÂMETRO DE 600 MM, JUNTA ELÁSTICA, INSTALADO EM LOCAL COM BAIXO NÍVEL DE INTERFERÊNCIAS (NÃO INCLUI FORNECIMENTO). AF_12/2015","M","COEFICIENTE DE REPRESENTATIVIDADE",12.12,"","SINAPI","","","","","","","",6,49.364945,3.04,25.1481795,3.08,25.4868755,0,0,0,0,"CAIXA REFERENCIAL"]
["ASSENTAMENTO DE TUBOS E PECAS","ASTU","FORNEC E/OU ASSENT DE TUBO DE CONCRETO COM JUNTA E",51,"","",92840,"ASSENTAMENTO DE TUBO DE CONCRETO PARA REDES COLETORAS DE ESGOTO SANITÁRIO, DIÂMETRO DE 600 MM, JUNTA ELÁSTICA, INSTALADO EM LOCAL COM BAIXO NÍVEL DE INTERFERÊNCIAS (NÃO INCLUI FORNECIMENTO). AF_12/2015","M","COEFICIENTE DE REPRESENTATIVIDADE",12.12,"S","SINAPI",5631,0.024,"CHP","COEFICIENTE DE REPRESENTATIVIDADE",0.024,137.46,3.29,"","","","","","","","","","","CAIXA REFERENCIAL"]
["ASSENTAMENTO DE TUBOS E PECAS","ASTU","FORNEC E/OU ASSENT DE TUBO DE CONCRETO COM JUNTA E",51,"","",92840,"ASSENTAMENTO DE TUBO DE CONCRETO PARA REDES COLETORAS DE ESGOTO SANITÁRIO, DIÂMETRO DE 600 MM, JUNTA ELÁSTICA, INSTALADO EM LOCAL COM BAIXO NÍVEL DE INTERFERÊNCIAS (NÃO INCLUI FORNECIMENTO). AF_12/2015","M","COEFICIENTE DE REPRESENTATIVIDADE",12.12,"S","SINAPI",5632,0.05,"CHI","COEFICIENTE DE REPRESENTATIVIDADE",0.05,58.95,2.94,"","","","","","","","","","","CAIXA REFERENCIAL"]
["ASSENTAMENTO DE TUBOS E PECAS","ASTU","FORNEC E/OU ASSENT DE TUBO DE CONCRETO COM JUNTA E",51,"","",92840,"ASSENTAMENTO DE TUBO DE CONCRETO PARA REDES COLETORAS DE ESGOTO SANITÁRIO, DIÂMETRO DE 600 MM, JUNTA ELÁSTICA, INSTALADO EM LOCAL COM BAIXO NÍVEL DE INTERFERÊNCIAS (NÃO INCLUI FORNECIMENTO). AF_12/2015","M","COEFICIENTE DE REPRESENTATIVIDADE",12.12,"S","SINAPI",88246,0.111,"H","COEFICIENTE DE REPRESENTATIVIDADE",0.111,23.15,2.56,"","","","","","","","","","","CAIXA REFERENCIAL"]
["ASSENTAMENTO DE TUBOS E PECAS","ASTU","FORNEC E/OU ASSENT DE TUBO DE CONCRETO COM JUNTA E",51,"","",92840,"ASSENTAMENTO DE TUBO DE CONCRETO PARA REDES COLETORAS DE ESGOTO SANITÁRIO, DIÂMETRO DE 600 MM, JUNTA ELÁSTICA, INSTALADO EM LOCAL COM BAIXO NÍVEL DE INTERFERÊNCIAS (NÃO INCLUI FORNECIMENTO). AF_12/2015","M","COEFICIENTE DE REPRESENTATIVIDADE",12.12,"S","SINAPI",88316,0.222,"H","COEFICIENTE DE REPRESENTATIVIDADE",0.222,15.03,3.33,"","","","","","","","","","","CAIXA REFERENCIAL"]
["ASSENTAMENTO DE TUBOS E PECAS","ASTU","FORNEC E/OU ASSENT DE TUBO DE CONCRETO COM JUNTA E",51,"","",92841,"TUBO DE CONCRETO PARA REDES COLETORAS DE ESGOTO SANITÁRIO, DIÂMETRO DE 700 MM, JUNTA ELÁSTICA, INSTALADO EM LOCAL COM BAIXO NÍVEL DE INTERFERÊNCIAS - FORNECIMENTO E ASSENTAMENTO. AF_12/2015","M","COEFICIENTE DE REPRESENTATIVIDADE",359.04,"","SINAPI","","","","","","","",6.69,1.8651202,348.92,97.1786224,3.43,0.9562574,0,0,0,0,"CAIXA REFERENCIAL"]
["ASSENTAMENTO DE TUBOS E PECAS","ASTU","FORNEC E/OU ASSENT DE TUBO DE CONCRETO COM JUNTA E",51,"","",92841,"TUBO DE CONCRETO PARA REDES COLETORAS DE ESGOTO SANITÁRIO, DIÂMETRO DE 700 MM, JUNTA ELÁSTICA, INSTALADO EM LOCAL COM BAIXO NÍVEL DE INTERFERÊNCIAS - FORNECIMENTO E ASSENTAMENTO. AF_12/2015","M","COEFICIENTE DE REPRESENTATIVIDADE",359.04,"S","SINAPI",5631,0.027,"CHP","COEFICIENTE DE REPRESENTATIVIDADE",0.027,137.46,3.71,"","","","","","","","","","","CAIXA REFERENCIAL"]
["ASSENTAMENTO DE TUBOS E PECAS","ASTU","FORNEC E/OU ASSENT DE TUBO DE CONCRETO COM JUNTA E",51,"","",92841,"TUBO DE CONCRETO PARA REDES COLETORAS DE ESGOTO SANITÁRIO, DIÂMETRO DE 700 MM, JUNTA ELÁSTICA, INSTALADO EM LOCAL COM BAIXO NÍVEL DE INTERFERÊNCIAS - FORNECIMENTO E ASSENTAMENTO. AF_12/2015","M","COEFICIENTE DE REPRESENTATIVIDADE",359.04,"S","SINAPI",5632,0.057,"CHI","COEFICIENTE DE REPRESENTATIVIDADE",0.057,58.95,3.36,"","","","","","","","","","","CAIXA REFERENCIAL"]
["ASSENTAMENTO DE TUBOS E PECAS","ASTU","FORNEC E/OU ASSENT DE TUBO DE CONCRETO COM JUNTA E",51,"","",92841,"TUBO DE CONCRETO PARA REDES COLETORAS DE ESGOTO SANITÁRIO, DIÂMETRO DE 700 MM, JUNTA ELÁSTICA, INSTALADO EM LOCAL COM BAIXO NÍVEL DE INTERFERÊNCIAS - FORNECIMENTO E ASSENTAMENTO. AF_12/2015","M","COEFICIENTE DE REPRESENTATIVIDADE",359.04,"I","SINAPI",7744,1.03,"M","COEFICIENTE DE REPRESENTATIVIDADE",1.03,293.82,302.63,"","","","","","","","","","","CAIXA REFERENCIAL"]
["ASSENTAMENTO DE TUBOS E PECAS","ASTU","FORNEC E/OU ASSENT DE TUBO DE CONCRETO COM JUNTA E",51,"","",92841,"TUBO DE CONCRETO PARA REDES COLETORAS DE ESGOTO SANITÁRIO, DIÂMETRO DE 700 MM, JUNTA ELÁSTICA, INSTALADO EM LOCAL COM BAIXO NÍVEL DE INTERFERÊNCIAS - FORNECIMENTO E ASSENTAMENTO. AF_12/2015","M","COEFICIENTE DE REPRESENTATIVIDADE",359.04,"I","SINAPI",40344,0.5,"UN","COEFICIENTE DE REPRESENTATIVIDADE",0.5,85.08,42.54,"","","","","","","","","","","CAIXA REFERENCIAL"]
["ASSENTAMENTO DE TUBOS E PECAS","ASTU","FORNEC E/OU ASSENT DE TUBO DE CONCRETO COM JUNTA E",51,"","",92841,"TUBO DE CONCRETO PARA REDES COLETORAS DE ESGOTO SANITÁRIO, DIÂMETRO DE 700 MM, JUNTA ELÁSTICA, INSTALADO EM LOCAL COM BAIXO NÍVEL DE INTERFERÊNCIAS - FORNECIMENTO E ASSENTAMENTO. AF_12/2015","M","COEFICIENTE DE REPRESENTATIVIDADE",359.04,"S","SINAPI",88277,0.128,"H","COEFICIENTE DE REPRESENTATIVIDADE",0.128,23.15,2.96,"","","","","","","","","","","CAIXA REFERENCIAL"]
["ASSENTAMENTO DE TUBOS E PECAS","ASTU","FORNEC E/OU ASSENT DE TUBO DE CONCRETO COM JUNTA E",51,"","",92841,"TUBO DE CONCRETO PARA REDES COLETORAS DE ESGOTO SANITÁRIO, DIÂMETRO DE 700 MM, JUNTA ELÁSTICA, INSTALADO EM LOCAL COM BAIXO NÍVEL DE INTERFERÊNCIAS - FORNECIMENTO E ASSENTAMENTO. AF_12/2015","M","COEFICIENTE DE REPRESENTATIVIDADE",359.04,"S","SINAPI",88316,0.256,"H","COEFICIENTE DE REPRESENTATIVIDADE",0.256,15.03,3.84,"","","","","","","","","","","CAIXA REFERENCIAL"]
["ASSENTAMENTO DE TUBOS E PECAS","ASTU","FORNEC E/OU ASSENT DE TUBO DE CONCRETO COM JUNTA E",51,"","",92842,"ASSENTAMENTO DE TUBO DE CONCRETO PARA REDES COLETORAS DE ESGOTO SANITÁRIO, DIÂMETRO DE 700 MM, JUNTA ELÁSTICA, INSTALADO EM LOCAL COM BAIXO NÍVEL DE INTERFERÊNCIAS (NÃO INCLUI FORNECIMENTO). AF_12/2015","M","COEFICIENTE DE REPRESENTATIVIDADE",13.87,"","SINAPI","","","","","","","",6.88,49.4822487,3.48,25.1479289,3.51,25.3698224,0,0,0,0,"CAIXA REFERENCIAL"]
["ASSENTAMENTO DE TUBOS E PECAS","ASTU","FORNEC E/OU ASSENT DE TUBO DE CONCRETO COM JUNTA E",51,"","",92842,"ASSENTAMENTO DE TUBO DE CONCRETO PARA REDES COLETORAS DE ESGOTO SANITÁRIO, DIÂMETRO DE 700 MM, JUNTA ELÁSTICA, INSTALADO EM LOCAL COM BAIXO NÍVEL DE INTERFERÊNCIAS (NÃO INCLUI FORNECIMENTO). AF_12/2015","M","COEFICIENTE DE REPRESENTATIVIDADE",13.87,"S","SINAPI",5631,0.027,"CHP","COEFICIENTE DE REPRESENTATIVIDADE",0.027,137.46,3.71,"","","","","","","","","","","CAIXA REFERENCIAL"]
["ASSENTAMENTO DE TUBOS E PECAS","ASTU","FORNEC E/OU ASSENT DE TUBO DE CONCRETO COM JUNTA E",51,"","",92842,"ASSENTAMENTO DE TUBO DE CONCRETO PARA REDES COLETORAS DE ESGOTO SANITÁRIO, DIÂMETRO DE 700 MM, JUNTA ELÁSTICA, INSTALADO EM LOCAL COM BAIXO NÍVEL DE INTERFERÊNCIAS (NÃO INCLUI FORNECIMENTO). AF_12/2015","M","COEFICIENTE DE REPRESENTATIVIDADE",13.87,"S","SINAPI",5632,0.057,"CHI","COEFICIENTE DE REPRESENTATIVIDADE",0.057,58.95,3.36,"","","","","","","","","","","CAIXA REFERENCIAL"]
["ASSENTAMENTO DE TUBOS E PECAS","ASTU","FORNEC E/OU ASSENT DE TUBO DE CONCRETO COM JUNTA E",51,"","",92842,"ASSENTAMENTO DE TUBO DE CONCRETO PARA REDES COLETORAS DE ESGOTO SANITÁRIO, DIÂMETRO DE 700 MM, JUNTA ELÁSTICA, INSTALADO EM LOCAL COM BAIXO NÍVEL DE INTERFERÊNCIAS (NÃO INCLUI FORNECIMENTO). AF_12/2015","M","COEFICIENTE DE REPRESENTATIVIDADE",13.87,"S","SINAPI",88246,0.128,"H","COEFICIENTE DE REPRESENTATIVIDADE",0.128,23.15,2.96,"","","","","","","","","","","CAIXA REFERENCIAL"]
["ASSENTAMENTO DE TUBOS E PECAS","ASTU","FORNEC E/OU ASSENT DE TUBO DE CONCRETO COM JUNTA E",51,"","",92842,"ASSENTAMENTO DE TUBO DE CONCRETO PARA REDES COLETORAS DE ESGOTO SANITÁRIO, DIÂMETRO DE 700 MM, JUNTA ELÁSTICA, INSTALADO EM LOCAL COM BAIXO NÍVEL DE INTERFERÊNCIAS (NÃO INCLUI FORNECIMENTO). AF_12/2015","M","COEFICIENTE DE REPRESENTATIVIDADE",13.87,"S","SINAPI",88316,0.256,"H","COEFICIENTE DE REPRESENTATIVIDADE",0.256,15.03,3.84,"","","","","","","","","","","CAIXA REFERENCIAL"]
["ASSENTAMENTO DE TUBOS E PECAS","ASTU","FORNEC E/OU ASSENT DE TUBO DE CONCRETO COM JUNTA E",51,"","",92844,"ASSENTAMENTO DE TUBO DE CONCRETO PARA REDES COLETORAS DE ESGOTO SANITÁRIO, DIÂMETRO DE 800 MM, JUNTA ELÁSTICA, INSTALADO EM LOCAL COM BAIXO NÍVEL DE INTERFERÊNCIAS (NÃO INCLUI FORNECIMENTO). AF_12/2015","M","COEFICIENTE DE REPRESENTATIVIDADE",15.76,"","SINAPI","","","","","","","",7.76,49.1239456,4,25.4380272,4,25.4380272,0,0,0,0,"CAIXA REFERENCIAL"]
["ASSENTAMENTO DE TUBOS E PECAS","ASTU","FORNEC E/OU ASSENT DE TUBO DE CONCRETO COM JUNTA E",51,"","",92844,"ASSENTAMENTO DE TUBO DE CONCRETO PARA REDES COLETORAS DE ESGOTO SANITÁRIO, DIÂMETRO DE 800 MM, JUNTA ELÁSTICA, INSTALADO EM LOCAL COM BAIXO NÍVEL DE INTERFERÊNCIAS (NÃO INCLUI FORNECIMENTO). AF_12/2015","M","COEFICIENTE DE REPRESENTATIVIDADE",15.76,"S","SINAPI",5631,0.031,"CHP","COEFICIENTE DE REPRESENTATIVIDADE",0.031,137.46,4.26,"","","","","","","","","","","CAIXA REFERENCIAL"]
["ASSENTAMENTO DE TUBOS E PECAS","ASTU","FORNEC E/OU ASSENT DE TUBO DE CONCRETO COM JUNTA E",51,"","",92844,"ASSENTAMENTO DE TUBO DE CONCRETO PARA REDES COLETORAS DE ESGOTO SANITÁRIO, DIÂMETRO DE 800 MM, JUNTA ELÁSTICA, INSTALADO EM LOCAL COM BAIXO NÍVEL DE INTERFERÊNCIAS (NÃO INCLUI FORNECIMENTO). AF_12/2015","M","COEFICIENTE DE REPRESENTATIVIDADE",15.76,"S","SINAPI",5632,0.065,"CHI","COEFICIENTE DE REPRESENTATIVIDADE",0.065,58.95,3.83,"","","","","","","","","","","CAIXA REFERENCIAL"]
["ASSENTAMENTO DE TUBOS E PECAS","ASTU","FORNEC E/OU ASSENT DE TUBO DE CONCRETO COM JUNTA E",51,"","",92844,"ASSENTAMENTO DE TUBO DE CONCRETO PARA REDES COLETORAS DE ESGOTO SANITÁRIO, DIÂMETRO DE 800 MM, JUNTA ELÁSTICA, INSTALADO EM LOCAL COM BAIXO NÍVEL DE INTERFERÊNCIAS (NÃO INCLUI FORNECIMENTO). AF_12/2015","M","COEFICIENTE DE REPRESENTATIVIDADE",15.76,"S","SINAPI",88246,0.144,"H","COEFICIENTE DE REPRESENTATIVIDADE",0.144,23.15,3.33,"","","","","","","","","","","CAIXA REFERENCIAL"]
["ASSENTAMENTO DE TUBOS E PECAS","ASTU","FORNEC E/OU ASSENT DE TUBO DE CONCRETO COM JUNTA E",51,"","",92844,"ASSENTAMENTO DE TUBO DE CONCRETO PARA REDES COLETORAS DE ESGOTO SANITÁRIO, DIÂMETRO DE 800 MM, JUNTA ELÁSTICA, INSTALADO EM LOCAL COM BAIXO NÍVEL DE INTERFERÊNCIAS (NÃO INCLUI FORNECIMENTO). AF_12/2015","M","COEFICIENTE DE REPRESENTATIVIDADE",15.76,"S","SINAPI",88316,0.289,"H","COEFICIENTE DE REPRESENTATIVIDADE",0.289,15.03,4.34,"","","","","","","","","","","CAIXA REFERENCIAL"]
["ASSENTAMENTO DE TUBOS E PECAS","ASTU","FORNEC E/OU ASSENT DE TUBO DE CONCRETO COM JUNTA E",51,"","",92846,"ASSENTAMENTO DE TUBO DE CONCRETO PARA REDES COLETORAS DE ESGOTO SANITÁRIO, DIÂMETRO DE 900 MM, JUNTA ELÁSTICA, INSTALADO EM LOCAL COM BAIXO NÍVEL DE INTERFERÊNCIAS (NÃO INCLUI FORNECIMENTO). AF_12/2015","M","COEFICIENTE DE REPRESENTATIVIDADE",17.46,"","SINAPI","","","","","","","",8.63,49.4138336,4.42,25.3223915,4.41,25.2637749,0,0,0,0,"CAIXA REFERENCIAL"]
["ASSENTAMENTO DE TUBOS E PECAS","ASTU","FORNEC E/OU ASSENT DE TUBO DE CONCRETO COM JUNTA E",51,"","",92846,"ASSENTAMENTO DE TUBO DE CONCRETO PARA REDES COLETORAS DE ESGOTO SANITÁRIO, DIÂMETRO DE 900 MM, JUNTA ELÁSTICA, INSTALADO EM LOCAL COM BAIXO NÍVEL DE INTERFERÊNCIAS (NÃO INCLUI FORNECIMENTO). AF_12/2015","M","COEFICIENTE DE REPRESENTATIVIDADE",17.46,"S","SINAPI",5631,0.034,"CHP","COEFICIENTE DE REPRESENTATIVIDADE",0.034,137.46,4.67,"","","","","","","","","","","CAIXA REFERENCIAL"]
["ASSENTAMENTO DE TUBOS E PECAS","ASTU","FORNEC E/OU ASSENT DE TUBO DE CONCRETO COM JUNTA E",51,"","",92846,"ASSENTAMENTO DE TUBO DE CONCRETO PARA REDES COLETORAS DE ESGOTO SANITÁRIO, DIÂMETRO DE 900 MM, JUNTA ELÁSTICA, INSTALADO EM LOCAL COM BAIXO NÍVEL DE INTERFERÊNCIAS (NÃO INCLUI FORNECIMENTO). AF_12/2015","M","COEFICIENTE DE REPRESENTATIVIDADE",17.46,"S","SINAPI",5632,0.072,"CHI","COEFICIENTE DE REPRESENTATIVIDADE",0.072,58.95,4.24,"","","","","","","","","","","CAIXA REFERENCIAL"]
["ASSENTAMENTO DE TUBOS E PECAS","ASTU","FORNEC E/OU ASSENT DE TUBO DE CONCRETO COM JUNTA E",51,"","",92846,"ASSENTAMENTO DE TUBO DE CONCRETO PARA REDES COLETORAS DE ESGOTO SANITÁRIO, DIÂMETRO DE 900 MM, JUNTA ELÁSTICA, INSTALADO EM LOCAL COM BAIXO NÍVEL DE INTERFERÊNCIAS (NÃO INCLUI FORNECIMENTO). AF_12/2015","M","COEFICIENTE DE REPRESENTATIVIDADE",17.46,"S","SINAPI",88246,0.161,"H","COEFICIENTE DE REPRESENTATIVIDADE",0.161,23.15,3.72,"","","","","","","","","","","CAIXA REFERENCIAL"]
["ASSENTAMENTO DE TUBOS E PECAS","ASTU","FORNEC E/OU ASSENT DE TUBO DE CONCRETO COM JUNTA E",51,"","",92846,"ASSENTAMENTO DE TUBO DE CONCRETO PARA REDES COLETORAS DE ESGOTO SANITÁRIO, DIÂMETRO DE 900 MM, JUNTA ELÁSTICA, INSTALADO EM LOCAL COM BAIXO NÍVEL DE INTERFERÊNCIAS (NÃO INCLUI FORNECIMENTO). AF_12/2015","M","COEFICIENTE DE REPRESENTATIVIDADE",17.46,"S","SINAPI",88316,0.322,"H","COEFICIENTE DE REPRESENTATIVIDADE",0.322,15.03,4.83,"","","","","","","","","","","CAIXA REFERENCIAL"]
["ASSENTAMENTO DE TUBOS E PECAS","ASTU","FORNEC E/OU ASSENT DE TUBO DE CONCRETO COM JUNTA E",51,"","",92847,"TUBO DE CONCRETO PARA REDES COLETORAS DE ESGOTO SANITÁRIO, DIÂMETRO DE 1000 MM, JUNTA ELÁSTICA, INSTALADO EM LOCAL COM BAIXO NÍVEL DE INTERFERÊNCIAS - FORNECIMENTO E ASSENTAMENTO. AF_12/2015","M","COEFICIENTE DE REPRESENTATIVIDADE",637.24,"","SINAPI","","","","","","","",9.32,1.4634299,623.1,97.7797319,4.82,0.7568382,0,0,0,0,"CAIXA REFERENCIAL"]
["ASSENTAMENTO DE TUBOS E PECAS","ASTU","FORNEC E/OU ASSENT DE TUBO DE CONCRETO COM JUNTA E",51,"","",92847,"TUBO DE CONCRETO PARA REDES COLETORAS DE ESGOTO SANITÁRIO, DIÂMETRO DE 1000 MM, JUNTA ELÁSTICA, INSTALADO EM LOCAL COM BAIXO NÍVEL DE INTERFERÊNCIAS - FORNECIMENTO E ASSENTAMENTO. AF_12/2015","M","COEFICIENTE DE REPRESENTATIVIDADE",637.24,"S","SINAPI",5631,0.038,"CHP","COEFICIENTE DE REPRESENTATIVIDADE",0.038,137.46,5.22,"","","","","","","","","","","CAIXA REFERENCIAL"]
["ASSENTAMENTO DE TUBOS E PECAS","ASTU","FORNEC E/OU ASSENT DE TUBO DE CONCRETO COM JUNTA E",51,"","",92847,"TUBO DE CONCRETO PARA REDES COLETORAS DE ESGOTO SANITÁRIO, DIÂMETRO DE 1000 MM, JUNTA ELÁSTICA, INSTALADO EM LOCAL COM BAIXO NÍVEL DE INTERFERÊNCIAS - FORNECIMENTO E ASSENTAMENTO. AF_12/2015","M","COEFICIENTE DE REPRESENTATIVIDADE",637.24,"S","SINAPI",5632,0.08,"CHI","COEFICIENTE DE REPRESENTATIVIDADE",0.08,58.95,4.71,"","","","","","","","","","","CAIXA REFERENCIAL"]
["ASSENTAMENTO DE TUBOS E PECAS","ASTU","FORNEC E/OU ASSENT DE TUBO DE CONCRETO COM JUNTA E",51,"","",92847,"TUBO DE CONCRETO PARA REDES COLETORAS DE ESGOTO SANITÁRIO, DIÂMETRO DE 1000 MM, JUNTA ELÁSTICA, INSTALADO EM LOCAL COM BAIXO NÍVEL DE INTERFERÊNCIAS - FORNECIMENTO E ASSENTAMENTO. AF_12/2015","M","COEFICIENTE DE REPRESENTATIVIDADE",637.24,"I","SINAPI",7720,1.03,"M","COEFICIENTE DE REPRESENTATIVIDADE",1.03,539.89,556.08,"","","","","","","","","","","CAIXA REFERENCIAL"]
["ASSENTAMENTO DE TUBOS E PECAS","ASTU","FORNEC E/OU ASSENT DE TUBO DE CONCRETO COM JUNTA E",51,"","",92847,"TUBO DE CONCRETO PARA REDES COLETORAS DE ESGOTO SANITÁRIO, DIÂMETRO DE 1000 MM, JUNTA ELÁSTICA, INSTALADO EM LOCAL COM BAIXO NÍVEL DE INTERFERÊNCIAS - FORNECIMENTO E ASSENTAMENTO. AF_12/2015","M","COEFICIENTE DE REPRESENTATIVIDADE",637.24,"I","SINAPI",40347,0.5,"UN","COEFICIENTE DE REPRESENTATIVIDADE",0.5,123.56,61.78,"","","","","","","","","","","CAIXA REFERENCIAL"]
["ASSENTAMENTO DE TUBOS E PECAS","ASTU","FORNEC E/OU ASSENT DE TUBO DE CONCRETO COM JUNTA E",51,"","",92847,"TUBO DE CONCRETO PARA REDES COLETORAS DE ESGOTO SANITÁRIO, DIÂMETRO DE 1000 MM, JUNTA ELÁSTICA, INSTALADO EM LOCAL COM BAIXO NÍVEL DE INTERFERÊNCIAS - FORNECIMENTO E ASSENTAMENTO. AF_12/2015","M","COEFICIENTE DE REPRESENTATIVIDADE",637.24,"S","SINAPI",88277,0.178,"H","COEFICIENTE DE REPRESENTATIVIDADE",0.178,23.15,4.12,"","","","","","","","","","","CAIXA REFERENCIAL"]
["ASSENTAMENTO DE TUBOS E PECAS","ASTU","FORNEC E/OU ASSENT DE TUBO DE CONCRETO COM JUNTA E",51,"","",92847,"TUBO DE CONCRETO PARA REDES COLETORAS DE ESGOTO SANITÁRIO, DIÂMETRO DE 1000 MM, JUNTA ELÁSTICA, INSTALADO EM LOCAL COM BAIXO NÍVEL DE INTERFERÊNCIAS - FORNECIMENTO E ASSENTAMENTO. AF_12/2015","M","COEFICIENTE DE REPRESENTATIVIDADE",637.24,"S","SINAPI",88316,0.355,"H","COEFICIENTE DE REPRESENTATIVIDADE",0.355,15.03,5.33,"","","","","","","","","","","CAIXA REFERENCIAL"]
["ASSENTAMENTO DE TUBOS E PECAS","ASTU","FORNEC E/OU ASSENT DE TUBO DE CONCRETO COM JUNTA E",51,"","",92848,"ASSENTAMENTO DE TUBO DE CONCRETO PARA REDES COLETORAS DE ESGOTO SANITÁRIO, DIÂMETRO DE 1000 MM, JUNTA ELÁSTICA, INSTALADO EM LOCAL COM BAIXO NÍVEL DE INTERFERÊNCIAS (NÃO INCLUI FORNECIMENTO). AF_12/2015","M","COEFICIENTE DE REPRESENTATIVIDADE",19.38,"","SINAPI","","","","","","","",9.52,49.0526317,4.95,25.5789473,4.91,25.368421,0,0,0,0,"CAIXA REFERENCIAL"]
["ASSENTAMENTO DE TUBOS E PECAS","ASTU","FORNEC E/OU ASSENT DE TUBO DE CONCRETO COM JUNTA E",51,"","",92848,"ASSENTAMENTO DE TUBO DE CONCRETO PARA REDES COLETORAS DE ESGOTO SANITÁRIO, DIÂMETRO DE 1000 MM, JUNTA ELÁSTICA, INSTALADO EM LOCAL COM BAIXO NÍVEL DE INTERFERÊNCIAS (NÃO INCLUI FORNECIMENTO). AF_12/2015","M","COEFICIENTE DE REPRESENTATIVIDADE",19.38,"S","SINAPI",5631,0.038,"CHP","COEFICIENTE DE REPRESENTATIVIDADE",0.038,137.46,5.22,"","","","","","","","","","","CAIXA REFERENCIAL"]
["ASSENTAMENTO DE TUBOS E PECAS","ASTU","FORNEC E/OU ASSENT DE TUBO DE CONCRETO COM JUNTA E",51,"","",92848,"ASSENTAMENTO DE TUBO DE CONCRETO PARA REDES COLETORAS DE ESGOTO SANITÁRIO, DIÂMETRO DE 1000 MM, JUNTA ELÁSTICA, INSTALADO EM LOCAL COM BAIXO NÍVEL DE INTERFERÊNCIAS (NÃO INCLUI FORNECIMENTO). AF_12/2015","M","COEFICIENTE DE REPRESENTATIVIDADE",19.38,"S","SINAPI",5632,0.08,"CHI","COEFICIENTE DE REPRESENTATIVIDADE",0.08,58.95,4.71,"","","","","","","","","","","CAIXA REFERENCIAL"]
["ASSENTAMENTO DE TUBOS E PECAS","ASTU","FORNEC E/OU ASSENT DE TUBO DE CONCRETO COM JUNTA E",51,"","",92848,"ASSENTAMENTO DE TUBO DE CONCRETO PARA REDES COLETORAS DE ESGOTO SANITÁRIO, DIÂMETRO DE 1000 MM, JUNTA ELÁSTICA, INSTALADO EM LOCAL COM BAIXO NÍVEL DE INTERFERÊNCIAS (NÃO INCLUI FORNECIMENTO). AF_12/2015","M","COEFICIENTE DE REPRESENTATIVIDADE",19.38,"S","SINAPI",88246,0.178,"H","COEFICIENTE DE REPRESENTATIVIDADE",0.178,23.15,4.12,"","","","","","","","","","","CAIXA REFERENCIAL"]
["ASSENTAMENTO DE TUBOS E PECAS","ASTU","FORNEC E/OU ASSENT DE TUBO DE CONCRETO COM JUNTA E",51,"","",92848,"ASSENTAMENTO DE TUBO DE CONCRETO PARA REDES COLETORAS DE ESGOTO SANITÁRIO, DIÂMETRO DE 1000 MM, JUNTA ELÁSTICA, INSTALADO EM LOCAL COM BAIXO NÍVEL DE INTERFERÊNCIAS (NÃO INCLUI FORNECIMENTO). AF_12/2015","M","COEFICIENTE DE REPRESENTATIVIDADE",19.38,"S","SINAPI",88316,0.355,"H","COEFICIENTE DE REPRESENTATIVIDADE",0.355,15.03,5.33,"","","","","","","","","","","CAIXA REFERENCIAL"]
["ASSENTAMENTO DE TUBOS E PECAS","ASTU","FORNEC E/OU ASSENT DE TUBO DE CONCRETO COM JUNTA E",51,"","",92849,"TUBO DE CONCRETO PARA REDES COLETORAS DE ESGOTO SANITÁRIO, DIÂMETRO DE 300 MM, JUNTA ELÁSTICA, INSTALADO EM LOCAL COM ALTO NÍVEL DE INTERFERÊNCIAS - FORNECIMENTO E ASSENTAMENTO. AF_12/2015","M","COEFICIENTE DE REPRESENTATIVIDADE",147.73,"","SINAPI","","","","","","","",6.07,4.1126569,138.53,93.7631491,3.13,2.124194,0,0,0,0,"CAIXA REFERENCIAL"]
["ASSENTAMENTO DE TUBOS E PECAS","ASTU","FORNEC E/OU ASSENT DE TUBO DE CONCRETO COM JUNTA E",51,"","",92849,"TUBO DE CONCRETO PARA REDES COLETORAS DE ESGOTO SANITÁRIO, DIÂMETRO DE 300 MM, JUNTA ELÁSTICA, INSTALADO EM LOCAL COM ALTO NÍVEL DE INTERFERÊNCIAS - FORNECIMENTO E ASSENTAMENTO. AF_12/2015","M","COEFICIENTE DE REPRESENTATIVIDADE",147.73,"S","SINAPI",5631,0.025,"CHP","COEFICIENTE DE REPRESENTATIVIDADE",0.025,137.46,3.43,"","","","","","","","","","","CAIXA REFERENCIAL"]
["ASSENTAMENTO DE TUBOS E PECAS","ASTU","FORNEC E/OU ASSENT DE TUBO DE CONCRETO COM JUNTA E",51,"","",92849,"TUBO DE CONCRETO PARA REDES COLETORAS DE ESGOTO SANITÁRIO, DIÂMETRO DE 300 MM, JUNTA ELÁSTICA, INSTALADO EM LOCAL COM ALTO NÍVEL DE INTERFERÊNCIAS - FORNECIMENTO E ASSENTAMENTO. AF_12/2015","M","COEFICIENTE DE REPRESENTATIVIDADE",147.73,"S","SINAPI",5632,0.052,"CHI","COEFICIENTE DE REPRESENTATIVIDADE",0.052,58.95,3.06,"","","","","","","","","","","CAIXA REFERENCIAL"]
["ASSENTAMENTO DE TUBOS E PECAS","ASTU","FORNEC E/OU ASSENT DE TUBO DE CONCRETO COM JUNTA E",51,"","",92849,"TUBO DE CONCRETO PARA REDES COLETORAS DE ESGOTO SANITÁRIO, DIÂMETRO DE 300 MM, JUNTA ELÁSTICA, INSTALADO EM LOCAL COM ALTO NÍVEL DE INTERFERÊNCIAS - FORNECIMENTO E ASSENTAMENTO. AF_12/2015","M","COEFICIENTE DE REPRESENTATIVIDADE",147.73,"I","SINAPI",40335,1.03,"M","COEFICIENTE DE REPRESENTATIVIDADE",1.03,109.96,113.25,"","","","","","","","","","","CAIXA REFERENCIAL"]
["ASSENTAMENTO DE TUBOS E PECAS","ASTU","FORNEC E/OU ASSENT DE TUBO DE CONCRETO COM JUNTA E",51,"","",92849,"TUBO DE CONCRETO PARA REDES COLETORAS DE ESGOTO SANITÁRIO, DIÂMETRO DE 300 MM, JUNTA ELÁSTICA, INSTALADO EM LOCAL COM ALTO NÍVEL DE INTERFERÊNCIAS - FORNECIMENTO E ASSENTAMENTO. AF_12/2015","M","COEFICIENTE DE REPRESENTATIVIDADE",147.73,"I","SINAPI",40340,0.5,"UN","COEFICIENTE DE REPRESENTATIVIDADE",0.5,43.69,21.84,"","","","","","","","","","","CAIXA REFERENCIAL"]
["ASSENTAMENTO DE TUBOS E PECAS","ASTU","FORNEC E/OU ASSENT DE TUBO DE CONCRETO COM JUNTA E",51,"","",92849,"TUBO DE CONCRETO PARA REDES COLETORAS DE ESGOTO SANITÁRIO, DIÂMETRO DE 300 MM, JUNTA ELÁSTICA, INSTALADO EM LOCAL COM ALTO NÍVEL DE INTERFERÊNCIAS - FORNECIMENTO E ASSENTAMENTO. AF_12/2015","M","COEFICIENTE DE REPRESENTATIVIDADE",147.73,"S","SINAPI",88277,0.116,"H","COEFICIENTE DE REPRESENTATIVIDADE",0.116,23.15,2.68,"","","","","","","","","","","CAIXA REFERENCIAL"]
["ASSENTAMENTO DE TUBOS E PECAS","ASTU","FORNEC E/OU ASSENT DE TUBO DE CONCRETO COM JUNTA E",51,"","",92849,"TUBO DE CONCRETO PARA REDES COLETORAS DE ESGOTO SANITÁRIO, DIÂMETRO DE 300 MM, JUNTA ELÁSTICA, INSTALADO EM LOCAL COM ALTO NÍVEL DE INTERFERÊNCIAS - FORNECIMENTO E ASSENTAMENTO. AF_12/2015","M","COEFICIENTE DE REPRESENTATIVIDADE",147.73,"S","SINAPI",88316,0.231,"H","COEFICIENTE DE REPRESENTATIVIDADE",0.231,15.03,3.47,"","","","","","","","","","","CAIXA REFERENCIAL"]
["ASSENTAMENTO DE TUBOS E PECAS","ASTU","FORNEC E/OU ASSENT DE TUBO DE CONCRETO COM JUNTA E",51,"","",92850,"ASSENTAMENTO DE TUBO DE CONCRETO PARA REDES COLETORAS DE ESGOTO SANITÁRIO, DIÂMETRO DE 300 MM, JUNTA ELÁSTICA, INSTALADO EM LOCAL COM ALTO NÍVEL DE INTERFERÊNCIAS (NÃO INCLUI FORNECIMENTO). AF_12/2015","M","COEFICIENTE DE REPRESENTATIVIDADE",12.64,"","SINAPI","","","","","","","",6.26,49.4290376,3.16,25.040783,3.22,25.5301794,0,0,0,0,"CAIXA REFERENCIAL"]
["ASSENTAMENTO DE TUBOS E PECAS","ASTU","FORNEC E/OU ASSENT DE TUBO DE CONCRETO COM JUNTA E",51,"","",92850,"ASSENTAMENTO DE TUBO DE CONCRETO PARA REDES COLETORAS DE ESGOTO SANITÁRIO, DIÂMETRO DE 300 MM, JUNTA ELÁSTICA, INSTALADO EM LOCAL COM ALTO NÍVEL DE INTERFERÊNCIAS (NÃO INCLUI FORNECIMENTO). AF_12/2015","M","COEFICIENTE DE REPRESENTATIVIDADE",12.64,"S","SINAPI",5631,0.025,"CHP","COEFICIENTE DE REPRESENTATIVIDADE",0.025,137.46,3.43,"","","","","","","","","","","CAIXA REFERENCIAL"]
["ASSENTAMENTO DE TUBOS E PECAS","ASTU","FORNEC E/OU ASSENT DE TUBO DE CONCRETO COM JUNTA E",51,"","",92850,"ASSENTAMENTO DE TUBO DE CONCRETO PARA REDES COLETORAS DE ESGOTO SANITÁRIO, DIÂMETRO DE 300 MM, JUNTA ELÁSTICA, INSTALADO EM LOCAL COM ALTO NÍVEL DE INTERFERÊNCIAS (NÃO INCLUI FORNECIMENTO). AF_12/2015","M","COEFICIENTE DE REPRESENTATIVIDADE",12.64,"S","SINAPI",5632,0.052,"CHI","COEFICIENTE DE REPRESENTATIVIDADE",0.052,58.95,3.06,"","","","","","","","","","","CAIXA REFERENCIAL"]
["ASSENTAMENTO DE TUBOS E PECAS","ASTU","FORNEC E/OU ASSENT DE TUBO DE CONCRETO COM JUNTA E",51,"","",92850,"ASSENTAMENTO DE TUBO DE CONCRETO PARA REDES COLETORAS DE ESGOTO SANITÁRIO, DIÂMETRO DE 300 MM, JUNTA ELÁSTICA, INSTALADO EM LOCAL COM ALTO NÍVEL DE INTERFERÊNCIAS (NÃO INCLUI FORNECIMENTO). AF_12/2015","M","COEFICIENTE DE REPRESENTATIVIDADE",12.64,"S","SINAPI",88246,0.116,"H","COEFICIENTE DE REPRESENTATIVIDADE",0.116,23.15,2.68,"","","","","","","","","","","CAIXA REFERENCIAL"]
["ASSENTAMENTO DE TUBOS E PECAS","ASTU","FORNEC E/OU ASSENT DE TUBO DE CONCRETO COM JUNTA E",51,"","",92850,"ASSENTAMENTO DE TUBO DE CONCRETO PARA REDES COLETORAS DE ESGOTO SANITÁRIO, DIÂMETRO DE 300 MM, JUNTA ELÁSTICA, INSTALADO EM LOCAL COM ALTO NÍVEL DE INTERFERÊNCIAS (NÃO INCLUI FORNECIMENTO). AF_12/2015","M","COEFICIENTE DE REPRESENTATIVIDADE",12.64,"S","SINAPI",88316,0.231,"H","COEFICIENTE DE REPRESENTATIVIDADE",0.231,15.03,3.47,"","","","","","","","","","","CAIXA REFERENCIAL"]
["ASSENTAMENTO DE TUBOS E PECAS","ASTU","FORNEC E/OU ASSENT DE TUBO DE CONCRETO COM JUNTA E",51,"","",92851,"TUBO DE CONCRETO PARA REDES COLETORAS DE ESGOTO SANITÁRIO, DIÂMETRO DE 400 MM, JUNTA ELÁSTICA, INSTALADO EM LOCAL COM ALTO NÍVEL DE INTERFERÊNCIAS - FORNECIMENTO E ASSENTAMENTO. AF_12/2015","M","COEFICIENTE DE REPRESENTATIVIDADE",196.38,"","SINAPI","","","","","","","",7.72,3.9336734,184.72,94.0561226,3.94,2.010204,0,0,0,0,"CAIXA REFERENCIAL"]
["ASSENTAMENTO DE TUBOS E PECAS","ASTU","FORNEC E/OU ASSENT DE TUBO DE CONCRETO COM JUNTA E",51,"","",92851,"TUBO DE CONCRETO PARA REDES COLETORAS DE ESGOTO SANITÁRIO, DIÂMETRO DE 400 MM, JUNTA ELÁSTICA, INSTALADO EM LOCAL COM ALTO NÍVEL DE INTERFERÊNCIAS - FORNECIMENTO E ASSENTAMENTO. AF_12/2015","M","COEFICIENTE DE REPRESENTATIVIDADE",196.38,"S","SINAPI",5631,0.031,"CHP","COEFICIENTE DE REPRESENTATIVIDADE",0.031,137.46,4.26,"","","","","","","","","","","CAIXA REFERENCIAL"]
["ASSENTAMENTO DE TUBOS E PECAS","ASTU","FORNEC E/OU ASSENT DE TUBO DE CONCRETO COM JUNTA E",51,"","",92851,"TUBO DE CONCRETO PARA REDES COLETORAS DE ESGOTO SANITÁRIO, DIÂMETRO DE 400 MM, JUNTA ELÁSTICA, INSTALADO EM LOCAL COM ALTO NÍVEL DE INTERFERÊNCIAS - FORNECIMENTO E ASSENTAMENTO. AF_12/2015","M","COEFICIENTE DE REPRESENTATIVIDADE",196.38,"S","SINAPI",5632,0.066,"CHI","COEFICIENTE DE REPRESENTATIVIDADE",0.066,58.95,3.89,"","","","","","","","","","","CAIXA REFERENCIAL"]
["ASSENTAMENTO DE TUBOS E PECAS","ASTU","FORNEC E/OU ASSENT DE TUBO DE CONCRETO COM JUNTA E",51,"","",92851,"TUBO DE CONCRETO PARA REDES COLETORAS DE ESGOTO SANITÁRIO, DIÂMETRO DE 400 MM, JUNTA ELÁSTICA, INSTALADO EM LOCAL COM ALTO NÍVEL DE INTERFERÊNCIAS - FORNECIMENTO E ASSENTAMENTO. AF_12/2015","M","COEFICIENTE DE REPRESENTATIVIDADE",196.38,"I","SINAPI",7740,1.03,"M","COEFICIENTE DE REPRESENTATIVIDADE",1.03,150.03,154.53,"","","","","","","","","","","CAIXA REFERENCIAL"]
["ASSENTAMENTO DE TUBOS E PECAS","ASTU","FORNEC E/OU ASSENT DE TUBO DE CONCRETO COM JUNTA E",51,"","",92851,"TUBO DE CONCRETO PARA REDES COLETORAS DE ESGOTO SANITÁRIO, DIÂMETRO DE 400 MM, JUNTA ELÁSTICA, INSTALADO EM LOCAL COM ALTO NÍVEL DE INTERFERÊNCIAS - FORNECIMENTO E ASSENTAMENTO. AF_12/2015","M","COEFICIENTE DE REPRESENTATIVIDADE",196.38,"I","SINAPI",40341,0.5,"UN","COEFICIENTE DE REPRESENTATIVIDADE",0.5,51.74,25.87,"","","","","","","","","","","CAIXA REFERENCIAL"]
["ASSENTAMENTO DE TUBOS E PECAS","ASTU","FORNEC E/OU ASSENT DE TUBO DE CONCRETO COM JUNTA E",51,"","",92851,"TUBO DE CONCRETO PARA REDES COLETORAS DE ESGOTO SANITÁRIO, DIÂMETRO DE 400 MM, JUNTA ELÁSTICA, INSTALADO EM LOCAL COM ALTO NÍVEL DE INTERFERÊNCIAS - FORNECIMENTO E ASSENTAMENTO. AF_12/2015","M","COEFICIENTE DE REPRESENTATIVIDADE",196.38,"S","SINAPI",88277,0.147,"H","COEFICIENTE DE REPRESENTATIVIDADE",0.147,23.15,3.4,"","","","","","","","","","","CAIXA REFERENCIAL"]
["ASSENTAMENTO DE TUBOS E PECAS","ASTU","FORNEC E/OU ASSENT DE TUBO DE CONCRETO COM JUNTA E",51,"","",92851,"TUBO DE CONCRETO PARA REDES COLETORAS DE ESGOTO SANITÁRIO, DIÂMETRO DE 400 MM, JUNTA ELÁSTICA, INSTALADO EM LOCAL COM ALTO NÍVEL DE INTERFERÊNCIAS - FORNECIMENTO E ASSENTAMENTO. AF_12/2015","M","COEFICIENTE DE REPRESENTATIVIDADE",196.38,"S","SINAPI",88316,0.295,"H","COEFICIENTE DE REPRESENTATIVIDADE",0.295,15.03,4.43,"","","","","","","","","","","CAIXA REFERENCIAL"]
["ASSENTAMENTO DE TUBOS E PECAS","ASTU","FORNEC E/OU ASSENT DE TUBO DE CONCRETO COM JUNTA E",51,"","",92852,"ASSENTAMENTO DE TUBO DE CONCRETO PARA REDES COLETORAS DE ESGOTO SANITÁRIO, DIÂMETRO DE 400 MM, JUNTA ELÁSTICA, INSTALADO EM LOCAL COM ALTO NÍVEL DE INTERFERÊNCIAS (NÃO INCLUI FORNECIMENTO). AF_12/2015","M","COEFICIENTE DE REPRESENTATIVIDADE",15.98,"","SINAPI","","","","","","","",7.91,49.423077,4.04,25.3205128,4.03,25.2564102,0,0,0,0,"CAIXA REFERENCIAL"]
["ASSENTAMENTO DE TUBOS E PECAS","ASTU","FORNEC E/OU ASSENT DE TUBO DE CONCRETO COM JUNTA E",51,"","",92852,"ASSENTAMENTO DE TUBO DE CONCRETO PARA REDES COLETORAS DE ESGOTO SANITÁRIO, DIÂMETRO DE 400 MM, JUNTA ELÁSTICA, INSTALADO EM LOCAL COM ALTO NÍVEL DE INTERFERÊNCIAS (NÃO INCLUI FORNECIMENTO). AF_12/2015","M","COEFICIENTE DE REPRESENTATIVIDADE",15.98,"S","SINAPI",5631,0.031,"CHP","COEFICIENTE DE REPRESENTATIVIDADE",0.031,137.46,4.26,"","","","","","","","","","","CAIXA REFERENCIAL"]
["ASSENTAMENTO DE TUBOS E PECAS","ASTU","FORNEC E/OU ASSENT DE TUBO DE CONCRETO COM JUNTA E",51,"","",92852,"ASSENTAMENTO DE TUBO DE CONCRETO PARA REDES COLETORAS DE ESGOTO SANITÁRIO, DIÂMETRO DE 400 MM, JUNTA ELÁSTICA, INSTALADO EM LOCAL COM ALTO NÍVEL DE INTERFERÊNCIAS (NÃO INCLUI FORNECIMENTO). AF_12/2015","M","COEFICIENTE DE REPRESENTATIVIDADE",15.98,"S","SINAPI",5632,0.066,"CHI","COEFICIENTE DE REPRESENTATIVIDADE",0.066,58.95,3.89,"","","","","","","","","","","CAIXA REFERENCIAL"]
["ASSENTAMENTO DE TUBOS E PECAS","ASTU","FORNEC E/OU ASSENT DE TUBO DE CONCRETO COM JUNTA E",51,"","",92852,"ASSENTAMENTO DE TUBO DE CONCRETO PARA REDES COLETORAS DE ESGOTO SANITÁRIO, DIÂMETRO DE 400 MM, JUNTA ELÁSTICA, INSTALADO EM LOCAL COM ALTO NÍVEL DE INTERFERÊNCIAS (NÃO INCLUI FORNECIMENTO). AF_12/2015","M","COEFICIENTE DE REPRESENTATIVIDADE",15.98,"S","SINAPI",88246,0.147,"H","COEFICIENTE DE REPRESENTATIVIDADE",0.147,23.15,3.4,"","","","","","","","","","","CAIXA REFERENCIAL"]
["ASSENTAMENTO DE TUBOS E PECAS","ASTU","FORNEC E/OU ASSENT DE TUBO DE CONCRETO COM JUNTA E",51,"","",92852,"ASSENTAMENTO DE TUBO DE CONCRETO PARA REDES COLETORAS DE ESGOTO SANITÁRIO, DIÂMETRO DE 400 MM, JUNTA ELÁSTICA, INSTALADO EM LOCAL COM ALTO NÍVEL DE INTERFERÊNCIAS (NÃO INCLUI FORNECIMENTO). AF_12/2015","M","COEFICIENTE DE REPRESENTATIVIDADE",15.98,"S","SINAPI",88316,0.295,"H","COEFICIENTE DE REPRESENTATIVIDADE",0.295,15.03,4.43,"","","","","","","","","","","CAIXA REFERENCIAL"]
["ASSENTAMENTO DE TUBOS E PECAS","ASTU","FORNEC E/OU ASSENT DE TUBO DE CONCRETO COM JUNTA E",51,"","",92853,"TUBO DE CONCRETO PARA REDES COLETORAS DE ESGOTO SANITÁRIO, DIÂMETRO DE 500 MM, JUNTA ELÁSTICA, INSTALADO EM LOCAL COM ALTO NÍVEL DE INTERFERÊNCIAS - FORNECIMENTO E ASSENTAMENTO. AF_12/2015","M","COEFICIENTE DE REPRESENTATIVIDADE",247.26,"","SINAPI","","","","","","","",9.38,3.7953661,233.06,94.2522684,4.82,1.9523655,0,0,0,0,"CAIXA REFERENCIAL"]
["ASSENTAMENTO DE TUBOS E PECAS","ASTU","FORNEC E/OU ASSENT DE TUBO DE CONCRETO COM JUNTA E",51,"","",92853,"TUBO DE CONCRETO PARA REDES COLETORAS DE ESGOTO SANITÁRIO, DIÂMETRO DE 500 MM, JUNTA ELÁSTICA, INSTALADO EM LOCAL COM ALTO NÍVEL DE INTERFERÊNCIAS - FORNECIMENTO E ASSENTAMENTO. AF_12/2015","M","COEFICIENTE DE REPRESENTATIVIDADE",247.26,"S","SINAPI",5631,0.038,"CHP","COEFICIENTE DE REPRESENTATIVIDADE",0.038,137.46,5.22,"","","","","","","","","","","CAIXA REFERENCIAL"]
["ASSENTAMENTO DE TUBOS E PECAS","ASTU","FORNEC E/OU ASSENT DE TUBO DE CONCRETO COM JUNTA E",51,"","",92853,"TUBO DE CONCRETO PARA REDES COLETORAS DE ESGOTO SANITÁRIO, DIÂMETRO DE 500 MM, JUNTA ELÁSTICA, INSTALADO EM LOCAL COM ALTO NÍVEL DE INTERFERÊNCIAS - FORNECIMENTO E ASSENTAMENTO. AF_12/2015","M","COEFICIENTE DE REPRESENTATIVIDADE",247.26,"S","SINAPI",5632,0.08,"CHI","COEFICIENTE DE REPRESENTATIVIDADE",0.08,58.95,4.71,"","","","","","","","","","","CAIXA REFERENCIAL"]
["ASSENTAMENTO DE TUBOS E PECAS","ASTU","FORNEC E/OU ASSENT DE TUBO DE CONCRETO COM JUNTA E",51,"","",92853,"TUBO DE CONCRETO PARA REDES COLETORAS DE ESGOTO SANITÁRIO, DIÂMETRO DE 500 MM, JUNTA ELÁSTICA, INSTALADO EM LOCAL COM ALTO NÍVEL DE INTERFERÊNCIAS - FORNECIMENTO E ASSENTAMENTO. AF_12/2015","M","COEFICIENTE DE REPRESENTATIVIDADE",247.26,"I","SINAPI",7741,1.03,"M","COEFICIENTE DE REPRESENTATIVIDADE",1.03,189.34,195.02,"","","","","","","","","","","CAIXA REFERENCIAL"]
["ASSENTAMENTO DE TUBOS E PECAS","ASTU","FORNEC E/OU ASSENT DE TUBO DE CONCRETO COM JUNTA E",51,"","",92853,"TUBO DE CONCRETO PARA REDES COLETORAS DE ESGOTO SANITÁRIO, DIÂMETRO DE 500 MM, JUNTA ELÁSTICA, INSTALADO EM LOCAL COM ALTO NÍVEL DE INTERFERÊNCIAS - FORNECIMENTO E ASSENTAMENTO. AF_12/2015","M","COEFICIENTE DE REPRESENTATIVIDADE",247.26,"I","SINAPI",40342,0.5,"UN","COEFICIENTE DE REPRESENTATIVIDADE",0.5,65.59,32.79,"","","","","","","","","","","CAIXA REFERENCIAL"]
["ASSENTAMENTO DE TUBOS E PECAS","ASTU","FORNEC E/OU ASSENT DE TUBO DE CONCRETO COM JUNTA E",51,"","",92853,"TUBO DE CONCRETO PARA REDES COLETORAS DE ESGOTO SANITÁRIO, DIÂMETRO DE 500 MM, JUNTA ELÁSTICA, INSTALADO EM LOCAL COM ALTO NÍVEL DE INTERFERÊNCIAS - FORNECIMENTO E ASSENTAMENTO. AF_12/2015","M","COEFICIENTE DE REPRESENTATIVIDADE",247.26,"S","SINAPI",88277,0.179,"H","COEFICIENTE DE REPRESENTATIVIDADE",0.179,23.15,4.14,"","","","","","","","","","","CAIXA REFERENCIAL"]
["ASSENTAMENTO DE TUBOS E PECAS","ASTU","FORNEC E/OU ASSENT DE TUBO DE CONCRETO COM JUNTA E",51,"","",92853,"TUBO DE CONCRETO PARA REDES COLETORAS DE ESGOTO SANITÁRIO, DIÂMETRO DE 500 MM, JUNTA ELÁSTICA, INSTALADO EM LOCAL COM ALTO NÍVEL DE INTERFERÊNCIAS - FORNECIMENTO E ASSENTAMENTO. AF_12/2015","M","COEFICIENTE DE REPRESENTATIVIDADE",247.26,"S","SINAPI",88316,0.358,"H","COEFICIENTE DE REPRESENTATIVIDADE",0.358,15.03,5.38,"","","","","","","","","","","CAIXA REFERENCIAL"]
["ASSENTAMENTO DE TUBOS E PECAS","ASTU","FORNEC E/OU ASSENT DE TUBO DE CONCRETO COM JUNTA E",51,"","",92854,"ASSENTAMENTO DE TUBO DE CONCRETO PARA REDES COLETORAS DE ESGOTO SANITÁRIO, DIÂMETRO DE 500 MM, JUNTA ELÁSTICA, INSTALADO EM LOCAL COM ALTO NÍVEL DE INTERFERÊNCIAS (NÃO INCLUI FORNECIMENTO). AF_12/2015","M","COEFICIENTE DE REPRESENTATIVIDADE",19.45,"","SINAPI","","","","","","","",9.57,49.1347667,4.97,25.5899318,4.91,25.2753015,0,0,0,0,"CAIXA REFERENCIAL"]
["ASSENTAMENTO DE TUBOS E PECAS","ASTU","FORNEC E/OU ASSENT DE TUBO DE CONCRETO COM JUNTA E",51,"","",92854,"ASSENTAMENTO DE TUBO DE CONCRETO PARA REDES COLETORAS DE ESGOTO SANITÁRIO, DIÂMETRO DE 500 MM, JUNTA ELÁSTICA, INSTALADO EM LOCAL COM ALTO NÍVEL DE INTERFERÊNCIAS (NÃO INCLUI FORNECIMENTO). AF_12/2015","M","COEFICIENTE DE REPRESENTATIVIDADE",19.45,"S","SINAPI",5631,0.038,"CHP","COEFICIENTE DE REPRESENTATIVIDADE",0.038,137.46,5.22,"","","","","","","","","","","CAIXA REFERENCIAL"]
["ASSENTAMENTO DE TUBOS E PECAS","ASTU","FORNEC E/OU ASSENT DE TUBO DE CONCRETO COM JUNTA E",51,"","",92854,"ASSENTAMENTO DE TUBO DE CONCRETO PARA REDES COLETORAS DE ESGOTO SANITÁRIO, DIÂMETRO DE 500 MM, JUNTA ELÁSTICA, INSTALADO EM LOCAL COM ALTO NÍVEL DE INTERFERÊNCIAS (NÃO INCLUI FORNECIMENTO). AF_12/2015","M","COEFICIENTE DE REPRESENTATIVIDADE",19.45,"S","SINAPI",5632,0.08,"CHI","COEFICIENTE DE REPRESENTATIVIDADE",0.08,58.95,4.71,"","","","","","","","","","","CAIXA REFERENCIAL"]
["ASSENTAMENTO DE TUBOS E PECAS","ASTU","FORNEC E/OU ASSENT DE TUBO DE CONCRETO COM JUNTA E",51,"","",92854,"ASSENTAMENTO DE TUBO DE CONCRETO PARA REDES COLETORAS DE ESGOTO SANITÁRIO, DIÂMETRO DE 500 MM, JUNTA ELÁSTICA, INSTALADO EM LOCAL COM ALTO NÍVEL DE INTERFERÊNCIAS (NÃO INCLUI FORNECIMENTO). AF_12/2015","M","COEFICIENTE DE REPRESENTATIVIDADE",19.45,"S","SINAPI",88246,0.179,"H","COEFICIENTE DE REPRESENTATIVIDADE",0.179,23.15,4.14,"","","","","","","","","","","CAIXA REFERENCIAL"]
["ASSENTAMENTO DE TUBOS E PECAS","ASTU","FORNEC E/OU ASSENT DE TUBO DE CONCRETO COM JUNTA E",51,"","",92854,"ASSENTAMENTO DE TUBO DE CONCRETO PARA REDES COLETORAS DE ESGOTO SANITÁRIO, DIÂMETRO DE 500 MM, JUNTA ELÁSTICA, INSTALADO EM LOCAL COM ALTO NÍVEL DE INTERFERÊNCIAS (NÃO INCLUI FORNECIMENTO). AF_12/2015","M","COEFICIENTE DE REPRESENTATIVIDADE",19.45,"S","SINAPI",88316,0.358,"H","COEFICIENTE DE REPRESENTATIVIDADE",0.358,15.03,5.38,"","","","","","","","","","","CAIXA REFERENCIAL"]
["ASSENTAMENTO DE TUBOS E PECAS","ASTU","FORNEC E/OU ASSENT DE TUBO DE CONCRETO COM JUNTA E",51,"","",92855,"TUBO DE CONCRETO PARA REDES COLETORAS DE ESGOTO SANITÁRIO, DIÂMETRO DE 600 MM, JUNTA ELÁSTICA, INSTALADO EM LOCAL COM ALTO NÍVEL DE INTERFERÊNCIAS - FORNECIMENTO E ASSENTAMENTO. AF_12/2015","M","COEFICIENTE DE REPRESENTATIVIDADE",325.67,"","SINAPI","","","","","","","",11.05,3.3942077,308.95,94.8625715,5.67,1.7432208,0,0,0,0,"CAIXA REFERENCIAL"]
["ASSENTAMENTO DE TUBOS E PECAS","ASTU","FORNEC E/OU ASSENT DE TUBO DE CONCRETO COM JUNTA E",51,"","",92855,"TUBO DE CONCRETO PARA REDES COLETORAS DE ESGOTO SANITÁRIO, DIÂMETRO DE 600 MM, JUNTA ELÁSTICA, INSTALADO EM LOCAL COM ALTO NÍVEL DE INTERFERÊNCIAS - FORNECIMENTO E ASSENTAMENTO. AF_12/2015","M","COEFICIENTE DE REPRESENTATIVIDADE",325.67,"S","SINAPI",5631,0.045,"CHP","COEFICIENTE DE REPRESENTATIVIDADE",0.045,137.46,6.18,"","","","","","","","","","","CAIXA REFERENCIAL"]
["ASSENTAMENTO DE TUBOS E PECAS","ASTU","FORNEC E/OU ASSENT DE TUBO DE CONCRETO COM JUNTA E",51,"","",92855,"TUBO DE CONCRETO PARA REDES COLETORAS DE ESGOTO SANITÁRIO, DIÂMETRO DE 600 MM, JUNTA ELÁSTICA, INSTALADO EM LOCAL COM ALTO NÍVEL DE INTERFERÊNCIAS - FORNECIMENTO E ASSENTAMENTO. AF_12/2015","M","COEFICIENTE DE REPRESENTATIVIDADE",325.67,"S","SINAPI",5632,0.094,"CHI","COEFICIENTE DE REPRESENTATIVIDADE",0.094,58.95,5.54,"","","","","","","","","","","CAIXA REFERENCIAL"]
["ASSENTAMENTO DE TUBOS E PECAS","ASTU","FORNEC E/OU ASSENT DE TUBO DE CONCRETO COM JUNTA E",51,"","",92855,"TUBO DE CONCRETO PARA REDES COLETORAS DE ESGOTO SANITÁRIO, DIÂMETRO DE 600 MM, JUNTA ELÁSTICA, INSTALADO EM LOCAL COM ALTO NÍVEL DE INTERFERÊNCIAS - FORNECIMENTO E ASSENTAMENTO. AF_12/2015","M","COEFICIENTE DE REPRESENTATIVIDADE",325.67,"I","SINAPI",7774,1.03,"M","COEFICIENTE DE REPRESENTATIVIDADE",1.03,254.88,262.52,"","","","","","","","","","","CAIXA REFERENCIAL"]
["ASSENTAMENTO DE TUBOS E PECAS","ASTU","FORNEC E/OU ASSENT DE TUBO DE CONCRETO COM JUNTA E",51,"","",92855,"TUBO DE CONCRETO PARA REDES COLETORAS DE ESGOTO SANITÁRIO, DIÂMETRO DE 600 MM, JUNTA ELÁSTICA, INSTALADO EM LOCAL COM ALTO NÍVEL DE INTERFERÊNCIAS - FORNECIMENTO E ASSENTAMENTO. AF_12/2015","M","COEFICIENTE DE REPRESENTATIVIDADE",325.67,"I","SINAPI",40343,0.5,"UN","COEFICIENTE DE REPRESENTATIVIDADE",0.5,80.47,40.23,"","","","","","","","","","","CAIXA REFERENCIAL"]
["ASSENTAMENTO DE TUBOS E PECAS","ASTU","FORNEC E/OU ASSENT DE TUBO DE CONCRETO COM JUNTA E",51,"","",92855,"TUBO DE CONCRETO PARA REDES COLETORAS DE ESGOTO SANITÁRIO, DIÂMETRO DE 600 MM, JUNTA ELÁSTICA, INSTALADO EM LOCAL COM ALTO NÍVEL DE INTERFERÊNCIAS - FORNECIMENTO E ASSENTAMENTO. AF_12/2015","M","COEFICIENTE DE REPRESENTATIVIDADE",325.67,"S","SINAPI",88277,0.211,"H","COEFICIENTE DE REPRESENTATIVIDADE",0.211,23.15,4.88,"","","","","","","","","","","CAIXA REFERENCIAL"]
["ASSENTAMENTO DE TUBOS E PECAS","ASTU","FORNEC E/OU ASSENT DE TUBO DE CONCRETO COM JUNTA E",51,"","",92855,"TUBO DE CONCRETO PARA REDES COLETORAS DE ESGOTO SANITÁRIO, DIÂMETRO DE 600 MM, JUNTA ELÁSTICA, INSTALADO EM LOCAL COM ALTO NÍVEL DE INTERFERÊNCIAS - FORNECIMENTO E ASSENTAMENTO. AF_12/2015","M","COEFICIENTE DE REPRESENTATIVIDADE",325.67,"S","SINAPI",88316,0.421,"H","COEFICIENTE DE REPRESENTATIVIDADE",0.421,15.03,6.32,"","","","","","","","","","","CAIXA REFERENCIAL"]
["ASSENTAMENTO DE TUBOS E PECAS","ASTU","FORNEC E/OU ASSENT DE TUBO DE CONCRETO COM JUNTA E",51,"","",92856,"ASSENTAMENTO DE TUBO DE CONCRETO PARA REDES COLETORAS DE ESGOTO SANITÁRIO, DIÂMETRO DE 600 MM, JUNTA ELÁSTICA, INSTALADO EM LOCAL COM ALTO NÍVEL DE INTERFERÊNCIAS (NÃO INCLUI FORNECIMENTO). AF_12/2015","M","COEFICIENTE DE REPRESENTATIVIDADE",22.92,"","SINAPI","","","","","","","",11.25,49.0448691,5.9,25.766326,5.77,25.1888049,0,0,0,0,"CAIXA REFERENCIAL"]
["ASSENTAMENTO DE TUBOS E PECAS","ASTU","FORNEC E/OU ASSENT DE TUBO DE CONCRETO COM JUNTA E",51,"","",92856,"ASSENTAMENTO DE TUBO DE CONCRETO PARA REDES COLETORAS DE ESGOTO SANITÁRIO, DIÂMETRO DE 600 MM, JUNTA ELÁSTICA, INSTALADO EM LOCAL COM ALTO NÍVEL DE INTERFERÊNCIAS (NÃO INCLUI FORNECIMENTO). AF_12/2015","M","COEFICIENTE DE REPRESENTATIVIDADE",22.92,"S","SINAPI",5631,0.045,"CHP","COEFICIENTE DE REPRESENTATIVIDADE",0.045,137.46,6.18,"","","","","","","","","","","CAIXA REFERENCIAL"]
["ASSENTAMENTO DE TUBOS E PECAS","ASTU","FORNEC E/OU ASSENT DE TUBO DE CONCRETO COM JUNTA E",51,"","",92856,"ASSENTAMENTO DE TUBO DE CONCRETO PARA REDES COLETORAS DE ESGOTO SANITÁRIO, DIÂMETRO DE 600 MM, JUNTA ELÁSTICA, INSTALADO EM LOCAL COM ALTO NÍVEL DE INTERFERÊNCIAS (NÃO INCLUI FORNECIMENTO). AF_12/2015","M","COEFICIENTE DE REPRESENTATIVIDADE",22.92,"S","SINAPI",5632,0.094,"CHI","COEFICIENTE DE REPRESENTATIVIDADE",0.094,58.95,5.54,"","","","","","","","","","","CAIXA REFERENCIAL"]
["ASSENTAMENTO DE TUBOS E PECAS","ASTU","FORNEC E/OU ASSENT DE TUBO DE CONCRETO COM JUNTA E",51,"","",92856,"ASSENTAMENTO DE TUBO DE CONCRETO PARA REDES COLETORAS DE ESGOTO SANITÁRIO, DIÂMETRO DE 600 MM, JUNTA ELÁSTICA, INSTALADO EM LOCAL COM ALTO NÍVEL DE INTERFERÊNCIAS (NÃO INCLUI FORNECIMENTO). AF_12/2015","M","COEFICIENTE DE REPRESENTATIVIDADE",22.92,"S","SINAPI",88246,0.211,"H","COEFICIENTE DE REPRESENTATIVIDADE",0.211,23.15,4.88,"","","","","","","","","","","CAIXA REFERENCIAL"]
["ASSENTAMENTO DE TUBOS E PECAS","ASTU","FORNEC E/OU ASSENT DE TUBO DE CONCRETO COM JUNTA E",51,"","",92856,"ASSENTAMENTO DE TUBO DE CONCRETO PARA REDES COLETORAS DE ESGOTO SANITÁRIO, DIÂMETRO DE 600 MM, JUNTA ELÁSTICA, INSTALADO EM LOCAL COM ALTO NÍVEL DE INTERFERÊNCIAS (NÃO INCLUI FORNECIMENTO). AF_12/2015","M","COEFICIENTE DE REPRESENTATIVIDADE",22.92,"S","SINAPI",88316,0.421,"H","COEFICIENTE DE REPRESENTATIVIDADE",0.421,15.03,6.32,"","","","","","","","","","","CAIXA REFERENCIAL"]
["ASSENTAMENTO DE TUBOS E PECAS","ASTU","FORNEC E/OU ASSENT DE TUBO DE CONCRETO COM JUNTA E",51,"","",92857,"TUBO DE CONCRETO PARA REDES COLETORAS DE ESGOTO SANITÁRIO, DIÂMETRO DE 700 MM, JUNTA ELÁSTICA, INSTALADO EM LOCAL COM ALTO NÍVEL DE INTERFERÊNCIAS - FORNECIMENTO E ASSENTAMENTO. AF_12/2015","M","COEFICIENTE DE REPRESENTATIVIDADE",371.41,"","SINAPI","","","","","","","",12.7,3.4206695,352.22,94.8299101,6.49,1.7494204,0,0,0,0,"CAIXA REFERENCIAL"]
["ASSENTAMENTO DE TUBOS E PECAS","ASTU","FORNEC E/OU ASSENT DE TUBO DE CONCRETO COM JUNTA E",51,"","",92857,"TUBO DE CONCRETO PARA REDES COLETORAS DE ESGOTO SANITÁRIO, DIÂMETRO DE 700 MM, JUNTA ELÁSTICA, INSTALADO EM LOCAL COM ALTO NÍVEL DE INTERFERÊNCIAS - FORNECIMENTO E ASSENTAMENTO. AF_12/2015","M","COEFICIENTE DE REPRESENTATIVIDADE",371.41,"S","SINAPI",5631,0.051,"CHP","COEFICIENTE DE REPRESENTATIVIDADE",0.051,137.46,7.01,"","","","","","","","","","","CAIXA REFERENCIAL"]
["ASSENTAMENTO DE TUBOS E PECAS","ASTU","FORNEC E/OU ASSENT DE TUBO DE CONCRETO COM JUNTA E",51,"","",92857,"TUBO DE CONCRETO PARA REDES COLETORAS DE ESGOTO SANITÁRIO, DIÂMETRO DE 700 MM, JUNTA ELÁSTICA, INSTALADO EM LOCAL COM ALTO NÍVEL DE INTERFERÊNCIAS - FORNECIMENTO E ASSENTAMENTO. AF_12/2015","M","COEFICIENTE DE REPRESENTATIVIDADE",371.41,"S","SINAPI",5632,0.108,"CHI","COEFICIENTE DE REPRESENTATIVIDADE",0.108,58.95,6.36,"","","","","","","","","","","CAIXA REFERENCIAL"]
["ASSENTAMENTO DE TUBOS E PECAS","ASTU","FORNEC E/OU ASSENT DE TUBO DE CONCRETO COM JUNTA E",51,"","",92857,"TUBO DE CONCRETO PARA REDES COLETORAS DE ESGOTO SANITÁRIO, DIÂMETRO DE 700 MM, JUNTA ELÁSTICA, INSTALADO EM LOCAL COM ALTO NÍVEL DE INTERFERÊNCIAS - FORNECIMENTO E ASSENTAMENTO. AF_12/2015","M","COEFICIENTE DE REPRESENTATIVIDADE",371.41,"I","SINAPI",7744,1.03,"M","COEFICIENTE DE REPRESENTATIVIDADE",1.03,293.82,302.63,"","","","","","","","","","","CAIXA REFERENCIAL"]
["ASSENTAMENTO DE TUBOS E PECAS","ASTU","FORNEC E/OU ASSENT DE TUBO DE CONCRETO COM JUNTA E",51,"","",92857,"TUBO DE CONCRETO PARA REDES COLETORAS DE ESGOTO SANITÁRIO, DIÂMETRO DE 700 MM, JUNTA ELÁSTICA, INSTALADO EM LOCAL COM ALTO NÍVEL DE INTERFERÊNCIAS - FORNECIMENTO E ASSENTAMENTO. AF_12/2015","M","COEFICIENTE DE REPRESENTATIVIDADE",371.41,"I","SINAPI",40344,0.5,"UN","COEFICIENTE DE REPRESENTATIVIDADE",0.5,85.08,42.54,"","","","","","","","","","","CAIXA REFERENCIAL"]
["ASSENTAMENTO DE TUBOS E PECAS","ASTU","FORNEC E/OU ASSENT DE TUBO DE CONCRETO COM JUNTA E",51,"","",92857,"TUBO DE CONCRETO PARA REDES COLETORAS DE ESGOTO SANITÁRIO, DIÂMETRO DE 700 MM, JUNTA ELÁSTICA, INSTALADO EM LOCAL COM ALTO NÍVEL DE INTERFERÊNCIAS - FORNECIMENTO E ASSENTAMENTO. AF_12/2015","M","COEFICIENTE DE REPRESENTATIVIDADE",371.41,"S","SINAPI",88277,0.242,"H","COEFICIENTE DE REPRESENTATIVIDADE",0.242,23.15,5.6,"","","","","","","","","","","CAIXA REFERENCIAL"]
["ASSENTAMENTO DE TUBOS E PECAS","ASTU","FORNEC E/OU ASSENT DE TUBO DE CONCRETO COM JUNTA E",51,"","",92857,"TUBO DE CONCRETO PARA REDES COLETORAS DE ESGOTO SANITÁRIO, DIÂMETRO DE 700 MM, JUNTA ELÁSTICA, INSTALADO EM LOCAL COM ALTO NÍVEL DE INTERFERÊNCIAS - FORNECIMENTO E ASSENTAMENTO. AF_12/2015","M","COEFICIENTE DE REPRESENTATIVIDADE",371.41,"S","SINAPI",88316,0.484,"H","COEFICIENTE DE REPRESENTATIVIDADE",0.484,15.03,7.27,"","","","","","","","","","","CAIXA REFERENCIAL"]
["ASSENTAMENTO DE TUBOS E PECAS","ASTU","FORNEC E/OU ASSENT DE TUBO DE CONCRETO COM JUNTA E",51,"","",92858,"ASSENTAMENTO DE TUBO DE CONCRETO PARA REDES COLETORAS DE ESGOTO SANITÁRIO, DIÂMETRO DE 700 MM, JUNTA ELÁSTICA, INSTALADO EM LOCAL COM ALTO NÍVEL DE INTERFERÊNCIAS (NÃO INCLUI FORNECIMENTO). AF_12/2015","M","COEFICIENTE DE REPRESENTATIVIDADE",26.24,"","SINAPI","","","","","","","",12.91,49.1669896,6.74,25.6877179,6.59,25.1452925,0,0,0,0,"CAIXA REFERENCIAL"]
["ASSENTAMENTO DE TUBOS E PECAS","ASTU","FORNEC E/OU ASSENT DE TUBO DE CONCRETO COM JUNTA E",51,"","",92858,"ASSENTAMENTO DE TUBO DE CONCRETO PARA REDES COLETORAS DE ESGOTO SANITÁRIO, DIÂMETRO DE 700 MM, JUNTA ELÁSTICA, INSTALADO EM LOCAL COM ALTO NÍVEL DE INTERFERÊNCIAS (NÃO INCLUI FORNECIMENTO). AF_12/2015","M","COEFICIENTE DE REPRESENTATIVIDADE",26.24,"S","SINAPI",5631,0.051,"CHP","COEFICIENTE DE REPRESENTATIVIDADE",0.051,137.46,7.01,"","","","","","","","","","","CAIXA REFERENCIAL"]
["ASSENTAMENTO DE TUBOS E PECAS","ASTU","FORNEC E/OU ASSENT DE TUBO DE CONCRETO COM JUNTA E",51,"","",92858,"ASSENTAMENTO DE TUBO DE CONCRETO PARA REDES COLETORAS DE ESGOTO SANITÁRIO, DIÂMETRO DE 700 MM, JUNTA ELÁSTICA, INSTALADO EM LOCAL COM ALTO NÍVEL DE INTERFERÊNCIAS (NÃO INCLUI FORNECIMENTO). AF_12/2015","M","COEFICIENTE DE REPRESENTATIVIDADE",26.24,"S","SINAPI",5632,0.108,"CHI","COEFICIENTE DE REPRESENTATIVIDADE",0.108,58.95,6.36,"","","","","","","","","","","CAIXA REFERENCIAL"]
["ASSENTAMENTO DE TUBOS E PECAS","ASTU","FORNEC E/OU ASSENT DE TUBO DE CONCRETO COM JUNTA E",51,"","",92858,"ASSENTAMENTO DE TUBO DE CONCRETO PARA REDES COLETORAS DE ESGOTO SANITÁRIO, DIÂMETRO DE 700 MM, JUNTA ELÁSTICA, INSTALADO EM LOCAL COM ALTO NÍVEL DE INTERFERÊNCIAS (NÃO INCLUI FORNECIMENTO). AF_12/2015","M","COEFICIENTE DE REPRESENTATIVIDADE",26.24,"S","SINAPI",88246,0.242,"H","COEFICIENTE DE REPRESENTATIVIDADE",0.242,23.15,5.6,"","","","","","","","","","","CAIXA REFERENCIAL"]
["ASSENTAMENTO DE TUBOS E PECAS","ASTU","FORNEC E/OU ASSENT DE TUBO DE CONCRETO COM JUNTA E",51,"","",92858,"ASSENTAMENTO DE TUBO DE CONCRETO PARA REDES COLETORAS DE ESGOTO SANITÁRIO, DIÂMETRO DE 700 MM, JUNTA ELÁSTICA, INSTALADO EM LOCAL COM ALTO NÍVEL DE INTERFERÊNCIAS (NÃO INCLUI FORNECIMENTO). AF_12/2015","M","COEFICIENTE DE REPRESENTATIVIDADE",26.24,"S","SINAPI",88316,0.484,"H","COEFICIENTE DE REPRESENTATIVIDADE",0.484,15.03,7.27,"","","","","","","","","","","CAIXA REFERENCIAL"]
["ASSENTAMENTO DE TUBOS E PECAS","ASTU","FORNEC E/OU ASSENT DE TUBO DE CONCRETO COM JUNTA E",51,"","",92860,"ASSENTAMENTO DE TUBO DE CONCRETO PARA REDES COLETORAS DE ESGOTO SANITÁRIO, DIÂMETRO DE 800 MM, JUNTA ELÁSTICA, INSTALADO EM LOCAL COM ALTO NÍVEL DE INTERFERÊNCIAS (NÃO INCLUI FORNECIMENTO). AF_12/2015","M","COEFICIENTE DE REPRESENTATIVIDADE",29.79,"","SINAPI","","","","","","","",14.61,48.9955738,7.68,25.8086482,7.5,25.195778,0,0,0,0,"CAIXA REFERENCIAL"]
["ASSENTAMENTO DE TUBOS E PECAS","ASTU","FORNEC E/OU ASSENT DE TUBO DE CONCRETO COM JUNTA E",51,"","",92860,"ASSENTAMENTO DE TUBO DE CONCRETO PARA REDES COLETORAS DE ESGOTO SANITÁRIO, DIÂMETRO DE 800 MM, JUNTA ELÁSTICA, INSTALADO EM LOCAL COM ALTO NÍVEL DE INTERFERÊNCIAS (NÃO INCLUI FORNECIMENTO). AF_12/2015","M","COEFICIENTE DE REPRESENTATIVIDADE",29.79,"S","SINAPI",5631,0.058,"CHP","COEFICIENTE DE REPRESENTATIVIDADE",0.058,137.46,7.97,"","","","","","","","","","","CAIXA REFERENCIAL"]
["ASSENTAMENTO DE TUBOS E PECAS","ASTU","FORNEC E/OU ASSENT DE TUBO DE CONCRETO COM JUNTA E",51,"","",92860,"ASSENTAMENTO DE TUBO DE CONCRETO PARA REDES COLETORAS DE ESGOTO SANITÁRIO, DIÂMETRO DE 800 MM, JUNTA ELÁSTICA, INSTALADO EM LOCAL COM ALTO NÍVEL DE INTERFERÊNCIAS (NÃO INCLUI FORNECIMENTO). AF_12/2015","M","COEFICIENTE DE REPRESENTATIVIDADE",29.79,"S","SINAPI",5632,0.123,"CHI","COEFICIENTE DE REPRESENTATIVIDADE",0.123,58.95,7.25,"","","","","","","","","","","CAIXA REFERENCIAL"]
["ASSENTAMENTO DE TUBOS E PECAS","ASTU","FORNEC E/OU ASSENT DE TUBO DE CONCRETO COM JUNTA E",51,"","",92860,"ASSENTAMENTO DE TUBO DE CONCRETO PARA REDES COLETORAS DE ESGOTO SANITÁRIO, DIÂMETRO DE 800 MM, JUNTA ELÁSTICA, INSTALADO EM LOCAL COM ALTO NÍVEL DE INTERFERÊNCIAS (NÃO INCLUI FORNECIMENTO). AF_12/2015","M","COEFICIENTE DE REPRESENTATIVIDADE",29.79,"S","SINAPI",88246,0.274,"H","COEFICIENTE DE REPRESENTATIVIDADE",0.274,23.15,6.34,"","","","","","","","","","","CAIXA REFERENCIAL"]
["ASSENTAMENTO DE TUBOS E PECAS","ASTU","FORNEC E/OU ASSENT DE TUBO DE CONCRETO COM JUNTA E",51,"","",92860,"ASSENTAMENTO DE TUBO DE CONCRETO PARA REDES COLETORAS DE ESGOTO SANITÁRIO, DIÂMETRO DE 800 MM, JUNTA ELÁSTICA, INSTALADO EM LOCAL COM ALTO NÍVEL DE INTERFERÊNCIAS (NÃO INCLUI FORNECIMENTO). AF_12/2015","M","COEFICIENTE DE REPRESENTATIVIDADE",29.79,"S","SINAPI",88316,0.548,"H","COEFICIENTE DE REPRESENTATIVIDADE",0.548,15.03,8.23,"","","","","","","","","","","CAIXA REFERENCIAL"]
["ASSENTAMENTO DE TUBOS E PECAS","ASTU","FORNEC E/OU ASSENT DE TUBO DE CONCRETO COM JUNTA E",51,"","",92862,"ASSENTAMENTO DE TUBO DE CONCRETO PARA REDES COLETORAS DE ESGOTO SANITÁRIO, DIÂMETRO DE 900 MM, JUNTA ELÁSTICA, INSTALADO EM LOCAL COM ALTO NÍVEL DE INTERFERÊNCIAS (NÃO INCLUI FORNECIMENTO). AF_12/2015","M","COEFICIENTE DE REPRESENTATIVIDADE",33.24,"","SINAPI","","","","","","","",16.24,48.8272922,8.62,25.9518732,8.38,25.2208346,0,0,0,0,"CAIXA REFERENCIAL"]
["ASSENTAMENTO DE TUBOS E PECAS","ASTU","FORNEC E/OU ASSENT DE TUBO DE CONCRETO COM JUNTA E",51,"","",92862,"ASSENTAMENTO DE TUBO DE CONCRETO PARA REDES COLETORAS DE ESGOTO SANITÁRIO, DIÂMETRO DE 900 MM, JUNTA ELÁSTICA, INSTALADO EM LOCAL COM ALTO NÍVEL DE INTERFERÊNCIAS (NÃO INCLUI FORNECIMENTO). AF_12/2015","M","COEFICIENTE DE REPRESENTATIVIDADE",33.24,"S","SINAPI",5631,0.065,"CHP","COEFICIENTE DE REPRESENTATIVIDADE",0.065,137.46,8.93,"","","","","","","","","","","CAIXA REFERENCIAL"]
["ASSENTAMENTO DE TUBOS E PECAS","ASTU","FORNEC E/OU ASSENT DE TUBO DE CONCRETO COM JUNTA E",51,"","",92862,"ASSENTAMENTO DE TUBO DE CONCRETO PARA REDES COLETORAS DE ESGOTO SANITÁRIO, DIÂMETRO DE 900 MM, JUNTA ELÁSTICA, INSTALADO EM LOCAL COM ALTO NÍVEL DE INTERFERÊNCIAS (NÃO INCLUI FORNECIMENTO). AF_12/2015","M","COEFICIENTE DE REPRESENTATIVIDADE",33.24,"S","SINAPI",5632,0.137,"CHI","COEFICIENTE DE REPRESENTATIVIDADE",0.137,58.95,8.07,"","","","","","","","","","","CAIXA REFERENCIAL"]
["ASSENTAMENTO DE TUBOS E PECAS","ASTU","FORNEC E/OU ASSENT DE TUBO DE CONCRETO COM JUNTA E",51,"","",92862,"ASSENTAMENTO DE TUBO DE CONCRETO PARA REDES COLETORAS DE ESGOTO SANITÁRIO, DIÂMETRO DE 900 MM, JUNTA ELÁSTICA, INSTALADO EM LOCAL COM ALTO NÍVEL DE INTERFERÊNCIAS (NÃO INCLUI FORNECIMENTO). AF_12/2015","M","COEFICIENTE DE REPRESENTATIVIDADE",33.24,"S","SINAPI",88246,0.305,"H","COEFICIENTE DE REPRESENTATIVIDADE",0.305,23.15,7.06,"","","","","","","","","","","CAIXA REFERENCIAL"]
["ASSENTAMENTO DE TUBOS E PECAS","ASTU","FORNEC E/OU ASSENT DE TUBO DE CONCRETO COM JUNTA E",51,"","",92862,"ASSENTAMENTO DE TUBO DE CONCRETO PARA REDES COLETORAS DE ESGOTO SANITÁRIO, DIÂMETRO DE 900 MM, JUNTA ELÁSTICA, INSTALADO EM LOCAL COM ALTO NÍVEL DE INTERFERÊNCIAS (NÃO INCLUI FORNECIMENTO). AF_12/2015","M","COEFICIENTE DE REPRESENTATIVIDADE",33.24,"S","SINAPI",88316,0.611,"H","COEFICIENTE DE REPRESENTATIVIDADE",0.611,15.03,9.18,"","","","","","","","","","","CAIXA REFERENCIAL"]
["ASSENTAMENTO DE TUBOS E PECAS","ASTU","FORNEC E/OU ASSENT DE TUBO DE CONCRETO COM JUNTA E",51,"","",92863,"TUBO DE CONCRETO PARA REDES COLETORAS DE ESGOTO SANITÁRIO, DIÂMETRO DE 1000 MM, JUNTA ELÁSTICA, INSTALADO EM LOCAL COM ALTO NÍVEL DE INTERFERÊNCIAS - FORNECIMENTO E ASSENTAMENTO. AF_12/2015","M","COEFICIENTE DE REPRESENTATIVIDADE",654.58,"","SINAPI","","","","","","","",17.72,2.7084033,627.72,95.8945986,9.14,1.3969981,0,0,0,0,"CAIXA REFERENCIAL"]
["ASSENTAMENTO DE TUBOS E PECAS","ASTU","FORNEC E/OU ASSENT DE TUBO DE CONCRETO COM JUNTA E",51,"","",92863,"TUBO DE CONCRETO PARA REDES COLETORAS DE ESGOTO SANITÁRIO, DIÂMETRO DE 1000 MM, JUNTA ELÁSTICA, INSTALADO EM LOCAL COM ALTO NÍVEL DE INTERFERÊNCIAS - FORNECIMENTO E ASSENTAMENTO. AF_12/2015","M","COEFICIENTE DE REPRESENTATIVIDADE",654.58,"S","SINAPI",5631,0.072,"CHP","COEFICIENTE DE REPRESENTATIVIDADE",0.072,137.46,9.89,"","","","","","","","","","","CAIXA REFERENCIAL"]
["ASSENTAMENTO DE TUBOS E PECAS","ASTU","FORNEC E/OU ASSENT DE TUBO DE CONCRETO COM JUNTA E",51,"","",92863,"TUBO DE CONCRETO PARA REDES COLETORAS DE ESGOTO SANITÁRIO, DIÂMETRO DE 1000 MM, JUNTA ELÁSTICA, INSTALADO EM LOCAL COM ALTO NÍVEL DE INTERFERÊNCIAS - FORNECIMENTO E ASSENTAMENTO. AF_12/2015","M","COEFICIENTE DE REPRESENTATIVIDADE",654.58,"S","SINAPI",5632,0.151,"CHI","COEFICIENTE DE REPRESENTATIVIDADE",0.151,58.95,8.9,"","","","","","","","","","","CAIXA REFERENCIAL"]
["ASSENTAMENTO DE TUBOS E PECAS","ASTU","FORNEC E/OU ASSENT DE TUBO DE CONCRETO COM JUNTA E",51,"","",92863,"TUBO DE CONCRETO PARA REDES COLETORAS DE ESGOTO SANITÁRIO, DIÂMETRO DE 1000 MM, JUNTA ELÁSTICA, INSTALADO EM LOCAL COM ALTO NÍVEL DE INTERFERÊNCIAS - FORNECIMENTO E ASSENTAMENTO. AF_12/2015","M","COEFICIENTE DE REPRESENTATIVIDADE",654.58,"I","SINAPI",7720,1.03,"M","COEFICIENTE DE REPRESENTATIVIDADE",1.03,539.89,556.08,"","","","","","","","","","","CAIXA REFERENCIAL"]
["ASSENTAMENTO DE TUBOS E PECAS","ASTU","FORNEC E/OU ASSENT DE TUBO DE CONCRETO COM JUNTA E",51,"","",92863,"TUBO DE CONCRETO PARA REDES COLETORAS DE ESGOTO SANITÁRIO, DIÂMETRO DE 1000 MM, JUNTA ELÁSTICA, INSTALADO EM LOCAL COM ALTO NÍVEL DE INTERFERÊNCIAS - FORNECIMENTO E ASSENTAMENTO. AF_12/2015","M","COEFICIENTE DE REPRESENTATIVIDADE",654.58,"I","SINAPI",40347,0.5,"UN","COEFICIENTE DE REPRESENTATIVIDADE",0.5,123.56,61.78,"","","","","","","","","","","CAIXA REFERENCIAL"]
["ASSENTAMENTO DE TUBOS E PECAS","ASTU","FORNEC E/OU ASSENT DE TUBO DE CONCRETO COM JUNTA E",51,"","",92863,"TUBO DE CONCRETO PARA REDES COLETORAS DE ESGOTO SANITÁRIO, DIÂMETRO DE 1000 MM, JUNTA ELÁSTICA, INSTALADO EM LOCAL COM ALTO NÍVEL DE INTERFERÊNCIAS - FORNECIMENTO E ASSENTAMENTO. AF_12/2015","M","COEFICIENTE DE REPRESENTATIVIDADE",654.58,"S","SINAPI",88277,0.337,"H","COEFICIENTE DE REPRESENTATIVIDADE",0.337,23.15,7.8,"","","","","","","","","","","CAIXA REFERENCIAL"]
["ASSENTAMENTO DE TUBOS E PECAS","ASTU","FORNEC E/OU ASSENT DE TUBO DE CONCRETO COM JUNTA E",51,"","",92863,"TUBO DE CONCRETO PARA REDES COLETORAS DE ESGOTO SANITÁRIO, DIÂMETRO DE 1000 MM, JUNTA ELÁSTICA, INSTALADO EM LOCAL COM ALTO NÍVEL DE INTERFERÊNCIAS - FORNECIMENTO E ASSENTAMENTO. AF_12/2015","M","COEFICIENTE DE REPRESENTATIVIDADE",654.58,"S","SINAPI",88316,0.674,"H","COEFICIENTE DE REPRESENTATIVIDADE",0.674,15.03,10.13,"","","","","","","","","","","CAIXA REFERENCIAL"]
["ASSENTAMENTO DE TUBOS E PECAS","ASTU","FORNEC E/OU ASSENT DE TUBO DE CONCRETO COM JUNTA E",51,"","",92864,"ASSENTAMENTO DE TUBO DE CONCRETO PARA REDES COLETORAS DE ESGOTO SANITÁRIO, DIÂMETRO DE 1000 MM, JUNTA ELÁSTICA, INSTALADO EM LOCAL COM ALTO NÍVEL DE INTERFERÊNCIAS (NÃO INCLUI FORNECIMENTO). AF_12/2015","M","COEFICIENTE DE REPRESENTATIVIDADE",36.72,"","SINAPI","","","","","","","",17.88,48.6813187,9.62,26.2087912,9.22,25.1098901,0,0,0,0,"CAIXA REFERENCIAL"]
["ASSENTAMENTO DE TUBOS E PECAS","ASTU","FORNEC E/OU ASSENT DE TUBO DE CONCRETO COM JUNTA E",51,"","",92864,"ASSENTAMENTO DE TUBO DE CONCRETO PARA REDES COLETORAS DE ESGOTO SANITÁRIO, DIÂMETRO DE 1000 MM, JUNTA ELÁSTICA, INSTALADO EM LOCAL COM ALTO NÍVEL DE INTERFERÊNCIAS (NÃO INCLUI FORNECIMENTO). AF_12/2015","M","COEFICIENTE DE REPRESENTATIVIDADE",36.72,"S","SINAPI",5631,0.072,"CHP","COEFICIENTE DE REPRESENTATIVIDADE",0.072,137.46,9.89,"","","","","","","","","","","CAIXA REFERENCIAL"]
["ASSENTAMENTO DE TUBOS E PECAS","ASTU","FORNEC E/OU ASSENT DE TUBO DE CONCRETO COM JUNTA E",51,"","",92864,"ASSENTAMENTO DE TUBO DE CONCRETO PARA REDES COLETORAS DE ESGOTO SANITÁRIO, DIÂMETRO DE 1000 MM, JUNTA ELÁSTICA, INSTALADO EM LOCAL COM ALTO NÍVEL DE INTERFERÊNCIAS (NÃO INCLUI FORNECIMENTO). AF_12/2015","M","COEFICIENTE DE REPRESENTATIVIDADE",36.72,"S","SINAPI",5632,0.151,"CHI","COEFICIENTE DE REPRESENTATIVIDADE",0.151,58.95,8.9,"","","","","","","","","","","CAIXA REFERENCIAL"]
["ASSENTAMENTO DE TUBOS E PECAS","ASTU","FORNEC E/OU ASSENT DE TUBO DE CONCRETO COM JUNTA E",51,"","",92864,"ASSENTAMENTO DE TUBO DE CONCRETO PARA REDES COLETORAS DE ESGOTO SANITÁRIO, DIÂMETRO DE 1000 MM, JUNTA ELÁSTICA, INSTALADO EM LOCAL COM ALTO NÍVEL DE INTERFERÊNCIAS (NÃO INCLUI FORNECIMENTO). AF_12/2015","M","COEFICIENTE DE REPRESENTATIVIDADE",36.72,"S","SINAPI",88246,0.337,"H","COEFICIENTE DE REPRESENTATIVIDADE",0.337,23.15,7.8,"","","","","","","","","","","CAIXA REFERENCIAL"]
["ASSENTAMENTO DE TUBOS E PECAS","ASTU","FORNEC E/OU ASSENT DE TUBO DE CONCRETO COM JUNTA E",51,"","",92864,"ASSENTAMENTO DE TUBO DE CONCRETO PARA REDES COLETORAS DE ESGOTO SANITÁRIO, DIÂMETRO DE 1000 MM, JUNTA ELÁSTICA, INSTALADO EM LOCAL COM ALTO NÍVEL DE INTERFERÊNCIAS (NÃO INCLUI FORNECIMENTO). AF_12/2015","M","COEFICIENTE DE REPRESENTATIVIDADE",36.72,"S","SINAPI",88316,0.674,"H","COEFICIENTE DE REPRESENTATIVIDADE",0.674,15.03,10.13,"","","","","","","","","","","CAIXA REFERENCIAL"]
["ASSENTAMENTO DE TUBOS E PECAS","ASTU","FORNEC E/OU ASSENT DE TUBO DE CONCRETO COM JUNTA A",52,"","",92210,"TUBO DE CONCRETO PARA REDES COLETORAS DE ÁGUAS PLUVIAIS, DIÂMETRO DE 400 MM, JUNTA RÍGIDA, INSTALADO EM LOCAL COM BAIXO NÍVEL DE INTERFERÊNCIAS - FORNECIMENTO E ASSENTAMENTO. AF_12/2015","M","COEFICIENTE DE REPRESENTATIVIDADE",123.81,"","SINAPI","","","","","","","",18.42,14.8796498,95.98,77.5184376,9.41,7.6019126,0,0,0,0,"CAIXA REFERENCIAL"]
["ASSENTAMENTO DE TUBOS E PECAS","ASTU","FORNEC E/OU ASSENT DE TUBO DE CONCRETO COM JUNTA A",52,"","",92210,"TUBO DE CONCRETO PARA REDES COLETORAS DE ÁGUAS PLUVIAIS, DIÂMETRO DE 400 MM, JUNTA RÍGIDA, INSTALADO EM LOCAL COM BAIXO NÍVEL DE INTERFERÊNCIAS - FORNECIMENTO E ASSENTAMENTO. AF_12/2015","M","COEFICIENTE DE REPRESENTATIVIDADE",123.81,"S","SINAPI",5631,0.074,"CHP","COEFICIENTE DE REPRESENTATIVIDADE",0.074,137.46,10.17,"","","","","","","","","","","CAIXA REFERENCIAL"]
["ASSENTAMENTO DE TUBOS E PECAS","ASTU","FORNEC E/OU ASSENT DE TUBO DE CONCRETO COM JUNTA A",52,"","",92210,"TUBO DE CONCRETO PARA REDES COLETORAS DE ÁGUAS PLUVIAIS, DIÂMETRO DE 400 MM, JUNTA RÍGIDA, INSTALADO EM LOCAL COM BAIXO NÍVEL DE INTERFERÊNCIAS - FORNECIMENTO E ASSENTAMENTO. AF_12/2015","M","COEFICIENTE DE REPRESENTATIVIDADE",123.81,"S","SINAPI",5632,0.155,"CHI","COEFICIENTE DE REPRESENTATIVIDADE",0.155,58.95,9.13,"","","","","","","","","","","CAIXA REFERENCIAL"]
["ASSENTAMENTO DE TUBOS E PECAS","ASTU","FORNEC E/OU ASSENT DE TUBO DE CONCRETO COM JUNTA A",52,"","",92210,"TUBO DE CONCRETO PARA REDES COLETORAS DE ÁGUAS PLUVIAIS, DIÂMETRO DE 400 MM, JUNTA RÍGIDA, INSTALADO EM LOCAL COM BAIXO NÍVEL DE INTERFERÊNCIAS - FORNECIMENTO E ASSENTAMENTO. AF_12/2015","M","COEFICIENTE DE REPRESENTATIVIDADE",123.81,"I","SINAPI",7745,1.03,"M","COEFICIENTE DE REPRESENTATIVIDADE",1.03,82.77,85.25,"","","","","","","","","","","CAIXA REFERENCIAL"]
["ASSENTAMENTO DE TUBOS E PECAS","ASTU","FORNEC E/OU ASSENT DE TUBO DE CONCRETO COM JUNTA A",52,"","",92210,"TUBO DE CONCRETO PARA REDES COLETORAS DE ÁGUAS PLUVIAIS, DIÂMETRO DE 400 MM, JUNTA RÍGIDA, INSTALADO EM LOCAL COM BAIXO NÍVEL DE INTERFERÊNCIAS - FORNECIMENTO E ASSENTAMENTO. AF_12/2015","M","COEFICIENTE DE REPRESENTATIVIDADE",123.81,"S","SINAPI",88246,0.346,"H","COEFICIENTE DE REPRESENTATIVIDADE",0.346,23.15,8,"","","","","","","","","","","CAIXA REFERENCIAL"]
["ASSENTAMENTO DE TUBOS E PECAS","ASTU","FORNEC E/OU ASSENT DE TUBO DE CONCRETO COM JUNTA A",52,"","",92210,"TUBO DE CONCRETO PARA REDES COLETORAS DE ÁGUAS PLUVIAIS, DIÂMETRO DE 400 MM, JUNTA RÍGIDA, INSTALADO EM LOCAL COM BAIXO NÍVEL DE INTERFERÊNCIAS - FORNECIMENTO E ASSENTAMENTO. AF_12/2015","M","COEFICIENTE DE REPRESENTATIVIDADE",123.81,"S","SINAPI",88316,0.692,"H","COEFICIENTE DE REPRESENTATIVIDADE",0.692,15.03,10.4,"","","","","","","","","","","CAIXA REFERENCIAL"]
["ASSENTAMENTO DE TUBOS E PECAS","ASTU","FORNEC E/OU ASSENT DE TUBO DE CONCRETO COM JUNTA A",52,"","",92210,"TUBO DE CONCRETO PARA REDES COLETORAS DE ÁGUAS PLUVIAIS, DIÂMETRO DE 400 MM, JUNTA RÍGIDA, INSTALADO EM LOCAL COM BAIXO NÍVEL DE INTERFERÊNCIAS - FORNECIMENTO E ASSENTAMENTO. AF_12/2015","M","COEFICIENTE DE REPRESENTATIVIDADE",123.81,"S","SINAPI",88629,2E-3,"M3","COEFICIENTE DE REPRESENTATIVIDADE",2E-3,432.29,0.86,"","","","","","","","","","","CAIXA REFERENCIAL"]
["ASSENTAMENTO DE TUBOS E PECAS","ASTU","FORNEC E/OU ASSENT DE TUBO DE CONCRETO COM JUNTA A",52,"","",92211,"TUBO DE CONCRETO PARA REDES COLETORAS DE ÁGUAS PLUVIAIS, DIÂMETRO DE 500 MM, JUNTA RÍGIDA, INSTALADO EM LOCAL COM BAIXO NÍVEL DE INTERFERÊNCIAS - FORNECIMENTO E ASSENTAMENTO. AF_12/2015","M","COEFICIENTE DE REPRESENTATIVIDADE",159.5,"","SINAPI","","","","","","","",22.35,14.0144608,125.76,78.8431312,11.39,7.142408,0,0,0,0,"CAIXA REFERENCIAL"]
["ASSENTAMENTO DE TUBOS E PECAS","ASTU","FORNEC E/OU ASSENT DE TUBO DE CONCRETO COM JUNTA A",52,"","",92211,"TUBO DE CONCRETO PARA REDES COLETORAS DE ÁGUAS PLUVIAIS, DIÂMETRO DE 500 MM, JUNTA RÍGIDA, INSTALADO EM LOCAL COM BAIXO NÍVEL DE INTERFERÊNCIAS - FORNECIMENTO E ASSENTAMENTO. AF_12/2015","M","COEFICIENTE DE REPRESENTATIVIDADE",159.5,"S","SINAPI",5631,0.089,"CHP","COEFICIENTE DE REPRESENTATIVIDADE",0.089,137.46,12.23,"","","","","","","","","","","CAIXA REFERENCIAL"]
["ASSENTAMENTO DE TUBOS E PECAS","ASTU","FORNEC E/OU ASSENT DE TUBO DE CONCRETO COM JUNTA A",52,"","",92211,"TUBO DE CONCRETO PARA REDES COLETORAS DE ÁGUAS PLUVIAIS, DIÂMETRO DE 500 MM, JUNTA RÍGIDA, INSTALADO EM LOCAL COM BAIXO NÍVEL DE INTERFERÊNCIAS - FORNECIMENTO E ASSENTAMENTO. AF_12/2015","M","COEFICIENTE DE REPRESENTATIVIDADE",159.5,"S","SINAPI",5632,0.188,"CHI","COEFICIENTE DE REPRESENTATIVIDADE",0.188,58.95,11.08,"","","","","","","","","","","CAIXA REFERENCIAL"]
["ASSENTAMENTO DE TUBOS E PECAS","ASTU","FORNEC E/OU ASSENT DE TUBO DE CONCRETO COM JUNTA A",52,"","",92211,"TUBO DE CONCRETO PARA REDES COLETORAS DE ÁGUAS PLUVIAIS, DIÂMETRO DE 500 MM, JUNTA RÍGIDA, INSTALADO EM LOCAL COM BAIXO NÍVEL DE INTERFERÊNCIAS - FORNECIMENTO E ASSENTAMENTO. AF_12/2015","M","COEFICIENTE DE REPRESENTATIVIDADE",159.5,"I","SINAPI",7714,1.03,"M","COEFICIENTE DE REPRESENTATIVIDADE",1.03,109.3,112.57,"","","","","","","","","","","CAIXA REFERENCIAL"]
["ASSENTAMENTO DE TUBOS E PECAS","ASTU","FORNEC E/OU ASSENT DE TUBO DE CONCRETO COM JUNTA A",52,"","",92211,"TUBO DE CONCRETO PARA REDES COLETORAS DE ÁGUAS PLUVIAIS, DIÂMETRO DE 500 MM, JUNTA RÍGIDA, INSTALADO EM LOCAL COM BAIXO NÍVEL DE INTERFERÊNCIAS - FORNECIMENTO E ASSENTAMENTO. AF_12/2015","M","COEFICIENTE DE REPRESENTATIVIDADE",159.5,"S","SINAPI",88246,0.42,"H","COEFICIENTE DE REPRESENTATIVIDADE",0.42,23.15,9.72,"","","","","","","","","","","CAIXA REFERENCIAL"]
["ASSENTAMENTO DE TUBOS E PECAS","ASTU","FORNEC E/OU ASSENT DE TUBO DE CONCRETO COM JUNTA A",52,"","",92211,"TUBO DE CONCRETO PARA REDES COLETORAS DE ÁGUAS PLUVIAIS, DIÂMETRO DE 500 MM, JUNTA RÍGIDA, INSTALADO EM LOCAL COM BAIXO NÍVEL DE INTERFERÊNCIAS - FORNECIMENTO E ASSENTAMENTO. AF_12/2015","M","COEFICIENTE DE REPRESENTATIVIDADE",159.5,"S","SINAPI",88316,0.839,"H","COEFICIENTE DE REPRESENTATIVIDADE",0.839,15.03,12.61,"","","","","","","","","","","CAIXA REFERENCIAL"]
["ASSENTAMENTO DE TUBOS E PECAS","ASTU","FORNEC E/OU ASSENT DE TUBO DE CONCRETO COM JUNTA A",52,"","",92211,"TUBO DE CONCRETO PARA REDES COLETORAS DE ÁGUAS PLUVIAIS, DIÂMETRO DE 500 MM, JUNTA RÍGIDA, INSTALADO EM LOCAL COM BAIXO NÍVEL DE INTERFERÊNCIAS - FORNECIMENTO E ASSENTAMENTO. AF_12/2015","M","COEFICIENTE DE REPRESENTATIVIDADE",159.5,"S","SINAPI",88629,0.003,"M3","COEFICIENTE DE REPRESENTATIVIDADE",0.003,432.29,1.29,"","","","","","","","","","","CAIXA REFERENCIAL"]
["ASSENTAMENTO DE TUBOS E PECAS","ASTU","FORNEC E/OU ASSENT DE TUBO DE CONCRETO COM JUNTA A",52,"","",92212,"TUBO DE CONCRETO PARA REDES COLETORAS DE ÁGUAS PLUVIAIS, DIÂMETRO DE 600 MM, JUNTA RÍGIDA, INSTALADO EM LOCAL COM BAIXO NÍVEL DE INTERFERÊNCIAS - FORNECIMENTO E ASSENTAMENTO. AF_12/2015","M","COEFICIENTE DE REPRESENTATIVIDADE",204.75,"","SINAPI","","","","","","","",26.4,12.8973793,164.97,80.5633114,13.38,6.5393093,0,0,0,0,"CAIXA REFERENCIAL"]
["ASSENTAMENTO DE TUBOS E PECAS","ASTU","FORNEC E/OU ASSENT DE TUBO DE CONCRETO COM JUNTA A",52,"","",92212,"TUBO DE CONCRETO PARA REDES COLETORAS DE ÁGUAS PLUVIAIS, DIÂMETRO DE 600 MM, JUNTA RÍGIDA, INSTALADO EM LOCAL COM BAIXO NÍVEL DE INTERFERÊNCIAS - FORNECIMENTO E ASSENTAMENTO. AF_12/2015","M","COEFICIENTE DE REPRESENTATIVIDADE",204.75,"S","SINAPI",5631,0.105,"CHP","COEFICIENTE DE REPRESENTATIVIDADE",0.105,137.46,14.43,"","","","","","","","","","","CAIXA REFERENCIAL"]
["ASSENTAMENTO DE TUBOS E PECAS","ASTU","FORNEC E/OU ASSENT DE TUBO DE CONCRETO COM JUNTA A",52,"","",92212,"TUBO DE CONCRETO PARA REDES COLETORAS DE ÁGUAS PLUVIAIS, DIÂMETRO DE 600 MM, JUNTA RÍGIDA, INSTALADO EM LOCAL COM BAIXO NÍVEL DE INTERFERÊNCIAS - FORNECIMENTO E ASSENTAMENTO. AF_12/2015","M","COEFICIENTE DE REPRESENTATIVIDADE",204.75,"S","SINAPI",5632,0.221,"CHI","COEFICIENTE DE REPRESENTATIVIDADE",0.221,58.95,13.02,"","","","","","","","","","","CAIXA REFERENCIAL"]
["ASSENTAMENTO DE TUBOS E PECAS","ASTU","FORNEC E/OU ASSENT DE TUBO DE CONCRETO COM JUNTA A",52,"","",92212,"TUBO DE CONCRETO PARA REDES COLETORAS DE ÁGUAS PLUVIAIS, DIÂMETRO DE 600 MM, JUNTA RÍGIDA, INSTALADO EM LOCAL COM BAIXO NÍVEL DE INTERFERÊNCIAS - FORNECIMENTO E ASSENTAMENTO. AF_12/2015","M","COEFICIENTE DE REPRESENTATIVIDADE",204.75,"I","SINAPI",7725,1.03,"M","COLETADO",1.03,144.59,148.92,"","","","","","","","","","","CAIXA REFERENCIAL"]
["ASSENTAMENTO DE TUBOS E PECAS","ASTU","FORNEC E/OU ASSENT DE TUBO DE CONCRETO COM JUNTA A",52,"","",92212,"TUBO DE CONCRETO PARA REDES COLETORAS DE ÁGUAS PLUVIAIS, DIÂMETRO DE 600 MM, JUNTA RÍGIDA, INSTALADO EM LOCAL COM BAIXO NÍVEL DE INTERFERÊNCIAS - FORNECIMENTO E ASSENTAMENTO. AF_12/2015","M","COEFICIENTE DE REPRESENTATIVIDADE",204.75,"S","SINAPI",88246,0.493,"H","COEFICIENTE DE REPRESENTATIVIDADE",0.493,23.15,11.41,"","","","","","","","","","","CAIXA REFERENCIAL"]
["ASSENTAMENTO DE TUBOS E PECAS","ASTU","FORNEC E/OU ASSENT DE TUBO DE CONCRETO COM JUNTA A",52,"","",92212,"TUBO DE CONCRETO PARA REDES COLETORAS DE ÁGUAS PLUVIAIS, DIÂMETRO DE 600 MM, JUNTA RÍGIDA, INSTALADO EM LOCAL COM BAIXO NÍVEL DE INTERFERÊNCIAS - FORNECIMENTO E ASSENTAMENTO. AF_12/2015","M","COEFICIENTE DE REPRESENTATIVIDADE",204.75,"S","SINAPI",88316,0.986,"H","COEFICIENTE DE REPRESENTATIVIDADE",0.986,15.03,14.81,"","","","","","","","","","","CAIXA REFERENCIAL"]
["ASSENTAMENTO DE TUBOS E PECAS","ASTU","FORNEC E/OU ASSENT DE TUBO DE CONCRETO COM JUNTA A",52,"","",92212,"TUBO DE CONCRETO PARA REDES COLETORAS DE ÁGUAS PLUVIAIS, DIÂMETRO DE 600 MM, JUNTA RÍGIDA, INSTALADO EM LOCAL COM BAIXO NÍVEL DE INTERFERÊNCIAS - FORNECIMENTO E ASSENTAMENTO. AF_12/2015","M","COEFICIENTE DE REPRESENTATIVIDADE",204.75,"S","SINAPI",88629,0.005,"M3","COEFICIENTE DE REPRESENTATIVIDADE",0.005,432.29,2.16,"","","","","","","","","","","CAIXA REFERENCIAL"]
["ASSENTAMENTO DE TUBOS E PECAS","ASTU","FORNEC E/OU ASSENT DE TUBO DE CONCRETO COM JUNTA A",52,"","",92213,"TUBO DE CONCRETO PARA REDES COLETORAS DE ÁGUAS PLUVIAIS, DIÂMETRO DE 700 MM, JUNTA RÍGIDA, INSTALADO EM LOCAL COM BAIXO NÍVEL DE INTERFERÊNCIAS - FORNECIMENTO E ASSENTAMENTO. AF_12/2015","M","COEFICIENTE DE REPRESENTATIVIDADE",273.65,"","SINAPI","","","","","","","",30.4,11.1119247,227.9,83.2753635,15.35,5.6127118,0,0,0,0,"CAIXA REFERENCIAL"]
["ASSENTAMENTO DE TUBOS E PECAS","ASTU","FORNEC E/OU ASSENT DE TUBO DE CONCRETO COM JUNTA A",52,"","",92213,"TUBO DE CONCRETO PARA REDES COLETORAS DE ÁGUAS PLUVIAIS, DIÂMETRO DE 700 MM, JUNTA RÍGIDA, INSTALADO EM LOCAL COM BAIXO NÍVEL DE INTERFERÊNCIAS - FORNECIMENTO E ASSENTAMENTO. AF_12/2015","M","COEFICIENTE DE REPRESENTATIVIDADE",273.65,"S","SINAPI",5631,0.12,"CHP","COEFICIENTE DE REPRESENTATIVIDADE",0.12,137.46,16.49,"","","","","","","","","","","CAIXA REFERENCIAL"]
["ASSENTAMENTO DE TUBOS E PECAS","ASTU","FORNEC E/OU ASSENT DE TUBO DE CONCRETO COM JUNTA A",52,"","",92213,"TUBO DE CONCRETO PARA REDES COLETORAS DE ÁGUAS PLUVIAIS, DIÂMETRO DE 700 MM, JUNTA RÍGIDA, INSTALADO EM LOCAL COM BAIXO NÍVEL DE INTERFERÊNCIAS - FORNECIMENTO E ASSENTAMENTO. AF_12/2015","M","COEFICIENTE DE REPRESENTATIVIDADE",273.65,"S","SINAPI",5632,0.254,"CHI","COEFICIENTE DE REPRESENTATIVIDADE",0.254,58.95,14.97,"","","","","","","","","","","CAIXA REFERENCIAL"]
["ASSENTAMENTO DE TUBOS E PECAS","ASTU","FORNEC E/OU ASSENT DE TUBO DE CONCRETO COM JUNTA A",52,"","",92213,"TUBO DE CONCRETO PARA REDES COLETORAS DE ÁGUAS PLUVIAIS, DIÂMETRO DE 700 MM, JUNTA RÍGIDA, INSTALADO EM LOCAL COM BAIXO NÍVEL DE INTERFERÊNCIAS - FORNECIMENTO E ASSENTAMENTO. AF_12/2015","M","COEFICIENTE DE REPRESENTATIVIDADE",273.65,"I","SINAPI",7742,1.03,"M","COEFICIENTE DE REPRESENTATIVIDADE",1.03,202.95,209.03,"","","","","","","","","","","CAIXA REFERENCIAL"]
["ASSENTAMENTO DE TUBOS E PECAS","ASTU","FORNEC E/OU ASSENT DE TUBO DE CONCRETO COM JUNTA A",52,"","",92213,"TUBO DE CONCRETO PARA REDES COLETORAS DE ÁGUAS PLUVIAIS, DIÂMETRO DE 700 MM, JUNTA RÍGIDA, INSTALADO EM LOCAL COM BAIXO NÍVEL DE INTERFERÊNCIAS - FORNECIMENTO E ASSENTAMENTO. AF_12/2015","M","COEFICIENTE DE REPRESENTATIVIDADE",273.65,"S","SINAPI",88246,0.567,"H","COEFICIENTE DE REPRESENTATIVIDADE",0.567,23.15,13.12,"","","","","","","","","","","CAIXA REFERENCIAL"]
["ASSENTAMENTO DE TUBOS E PECAS","ASTU","FORNEC E/OU ASSENT DE TUBO DE CONCRETO COM JUNTA A",52,"","",92213,"TUBO DE CONCRETO PARA REDES COLETORAS DE ÁGUAS PLUVIAIS, DIÂMETRO DE 700 MM, JUNTA RÍGIDA, INSTALADO EM LOCAL COM BAIXO NÍVEL DE INTERFERÊNCIAS - FORNECIMENTO E ASSENTAMENTO. AF_12/2015","M","COEFICIENTE DE REPRESENTATIVIDADE",273.65,"S","SINAPI",88316,1.133,"H","COEFICIENTE DE REPRESENTATIVIDADE",1.133,15.03,17.02,"","","","","","","","","","","CAIXA REFERENCIAL"]
["ASSENTAMENTO DE TUBOS E PECAS","ASTU","FORNEC E/OU ASSENT DE TUBO DE CONCRETO COM JUNTA A",52,"","",92213,"TUBO DE CONCRETO PARA REDES COLETORAS DE ÁGUAS PLUVIAIS, DIÂMETRO DE 700 MM, JUNTA RÍGIDA, INSTALADO EM LOCAL COM BAIXO NÍVEL DE INTERFERÊNCIAS - FORNECIMENTO E ASSENTAMENTO. AF_12/2015","M","COEFICIENTE DE REPRESENTATIVIDADE",273.65,"S","SINAPI",88629,0.007,"M3","COEFICIENTE DE REPRESENTATIVIDADE",0.007,432.29,3.02,"","","","","","","","","","","CAIXA REFERENCIAL"]
["ASSENTAMENTO DE TUBOS E PECAS","ASTU","FORNEC E/OU ASSENT DE TUBO DE CONCRETO COM JUNTA A",52,"","",92214,"TUBO DE CONCRETO PARA REDES COLETORAS DE ÁGUAS PLUVIAIS, DIÂMETRO DE 800 MM, JUNTA RÍGIDA, INSTALADO EM LOCAL COM BAIXO NÍVEL DE INTERFERÊNCIAS - FORNECIMENTO E ASSENTAMENTO. AF_12/2015","M","COEFICIENTE DE REPRESENTATIVIDADE",311.87,"","SINAPI","","","","","","","",34.69,11.1250281,259.79,83.2963998,17.39,5.5785721,0,0,0,0,"CAIXA REFERENCIAL"]
["ASSENTAMENTO DE TUBOS E PECAS","ASTU","FORNEC E/OU ASSENT DE TUBO DE CONCRETO COM JUNTA A",52,"","",92214,"TUBO DE CONCRETO PARA REDES COLETORAS DE ÁGUAS PLUVIAIS, DIÂMETRO DE 800 MM, JUNTA RÍGIDA, INSTALADO EM LOCAL COM BAIXO NÍVEL DE INTERFERÊNCIAS - FORNECIMENTO E ASSENTAMENTO. AF_12/2015","M","COEFICIENTE DE REPRESENTATIVIDADE",311.87,"S","SINAPI",5631,0.136,"CHP","COEFICIENTE DE REPRESENTATIVIDADE",0.136,137.46,18.69,"","","","","","","","","","","CAIXA REFERENCIAL"]
["ASSENTAMENTO DE TUBOS E PECAS","ASTU","FORNEC E/OU ASSENT DE TUBO DE CONCRETO COM JUNTA A",52,"","",92214,"TUBO DE CONCRETO PARA REDES COLETORAS DE ÁGUAS PLUVIAIS, DIÂMETRO DE 800 MM, JUNTA RÍGIDA, INSTALADO EM LOCAL COM BAIXO NÍVEL DE INTERFERÊNCIAS - FORNECIMENTO E ASSENTAMENTO. AF_12/2015","M","COEFICIENTE DE REPRESENTATIVIDADE",311.87,"S","SINAPI",5632,0.287,"CHI","COEFICIENTE DE REPRESENTATIVIDADE",0.287,58.95,16.91,"","","","","","","","","","","CAIXA REFERENCIAL"]
["ASSENTAMENTO DE TUBOS E PECAS","ASTU","FORNEC E/OU ASSENT DE TUBO DE CONCRETO COM JUNTA A",52,"","",92214,"TUBO DE CONCRETO PARA REDES COLETORAS DE ÁGUAS PLUVIAIS, DIÂMETRO DE 800 MM, JUNTA RÍGIDA, INSTALADO EM LOCAL COM BAIXO NÍVEL DE INTERFERÊNCIAS - FORNECIMENTO E ASSENTAMENTO. AF_12/2015","M","COEFICIENTE DE REPRESENTATIVIDADE",311.87,"I","SINAPI",7750,1.03,"M","COEFICIENTE DE REPRESENTATIVIDADE",1.03,230.15,237.05,"","","","","","","","","","","CAIXA REFERENCIAL"]
["ASSENTAMENTO DE TUBOS E PECAS","ASTU","FORNEC E/OU ASSENT DE TUBO DE CONCRETO COM JUNTA A",52,"","",92214,"TUBO DE CONCRETO PARA REDES COLETORAS DE ÁGUAS PLUVIAIS, DIÂMETRO DE 800 MM, JUNTA RÍGIDA, INSTALADO EM LOCAL COM BAIXO NÍVEL DE INTERFERÊNCIAS - FORNECIMENTO E ASSENTAMENTO. AF_12/2015","M","COEFICIENTE DE REPRESENTATIVIDADE",311.87,"S","SINAPI",88246,0.64,"H","COEFICIENTE DE REPRESENTATIVIDADE",0.64,23.15,14.81,"","","","","","","","","","","CAIXA REFERENCIAL"]
["ASSENTAMENTO DE TUBOS E PECAS","ASTU","FORNEC E/OU ASSENT DE TUBO DE CONCRETO COM JUNTA A",52,"","",92214,"TUBO DE CONCRETO PARA REDES COLETORAS DE ÁGUAS PLUVIAIS, DIÂMETRO DE 800 MM, JUNTA RÍGIDA, INSTALADO EM LOCAL COM BAIXO NÍVEL DE INTERFERÊNCIAS - FORNECIMENTO E ASSENTAMENTO. AF_12/2015","M","COEFICIENTE DE REPRESENTATIVIDADE",311.87,"S","SINAPI",88316,1.28,"H","COEFICIENTE DE REPRESENTATIVIDADE",1.28,15.03,19.23,"","","","","","","","","","","CAIXA REFERENCIAL"]
["ASSENTAMENTO DE TUBOS E PECAS","ASTU","FORNEC E/OU ASSENT DE TUBO DE CONCRETO COM JUNTA A",52,"","",92214,"TUBO DE CONCRETO PARA REDES COLETORAS DE ÁGUAS PLUVIAIS, DIÂMETRO DE 800 MM, JUNTA RÍGIDA, INSTALADO EM LOCAL COM BAIXO NÍVEL DE INTERFERÊNCIAS - FORNECIMENTO E ASSENTAMENTO. AF_12/2015","M","COEFICIENTE DE REPRESENTATIVIDADE",311.87,"S","SINAPI",88629,0.012,"M3","COEFICIENTE DE REPRESENTATIVIDADE",0.012,432.29,5.18,"","","","","","","","","","","CAIXA REFERENCIAL"]
["ASSENTAMENTO DE TUBOS E PECAS","ASTU","FORNEC E/OU ASSENT DE TUBO DE CONCRETO COM JUNTA A",52,"","",92215,"TUBO DE CONCRETO PARA REDES COLETORAS DE ÁGUAS PLUVIAIS, DIÂMETRO DE 900 MM, JUNTA RÍGIDA, INSTALADO EM LOCAL COM BAIXO NÍVEL DE INTERFERÊNCIAS - FORNECIMENTO E ASSENTAMENTO. AF_12/2015","M","COEFICIENTE DE REPRESENTATIVIDADE",378.14,"","SINAPI","","","","","","","",39.07,10.3339601,319.67,84.5334888,19.4,5.1325511,0,0,0,0,"CAIXA REFERENCIAL"]
["ASSENTAMENTO DE TUBOS E PECAS","ASTU","FORNEC E/OU ASSENT DE TUBO DE CONCRETO COM JUNTA A",52,"","",92215,"TUBO DE CONCRETO PARA REDES COLETORAS DE ÁGUAS PLUVIAIS, DIÂMETRO DE 900 MM, JUNTA RÍGIDA, INSTALADO EM LOCAL COM BAIXO NÍVEL DE INTERFERÊNCIAS - FORNECIMENTO E ASSENTAMENTO. AF_12/2015","M","COEFICIENTE DE REPRESENTATIVIDADE",378.14,"S","SINAPI",5631,0.152,"CHP","COEFICIENTE DE REPRESENTATIVIDADE",0.152,137.46,20.89,"","","","","","","","","","","CAIXA REFERENCIAL"]
["ASSENTAMENTO DE TUBOS E PECAS","ASTU","FORNEC E/OU ASSENT DE TUBO DE CONCRETO COM JUNTA A",52,"","",92215,"TUBO DE CONCRETO PARA REDES COLETORAS DE ÁGUAS PLUVIAIS, DIÂMETRO DE 900 MM, JUNTA RÍGIDA, INSTALADO EM LOCAL COM BAIXO NÍVEL DE INTERFERÊNCIAS - FORNECIMENTO E ASSENTAMENTO. AF_12/2015","M","COEFICIENTE DE REPRESENTATIVIDADE",378.14,"S","SINAPI",5632,0.32,"CHI","COEFICIENTE DE REPRESENTATIVIDADE",0.32,58.95,18.86,"","","","","","","","","","","CAIXA REFERENCIAL"]
["ASSENTAMENTO DE TUBOS E PECAS","ASTU","FORNEC E/OU ASSENT DE TUBO DE CONCRETO COM JUNTA A",52,"","",92215,"TUBO DE CONCRETO PARA REDES COLETORAS DE ÁGUAS PLUVIAIS, DIÂMETRO DE 900 MM, JUNTA RÍGIDA, INSTALADO EM LOCAL COM BAIXO NÍVEL DE INTERFERÊNCIAS - FORNECIMENTO E ASSENTAMENTO. AF_12/2015","M","COEFICIENTE DE REPRESENTATIVIDADE",378.14,"I","SINAPI",7756,1.03,"M","COEFICIENTE DE REPRESENTATIVIDADE",1.03,284.13,292.65,"","","","","","","","","","","CAIXA REFERENCIAL"]
["ASSENTAMENTO DE TUBOS E PECAS","ASTU","FORNEC E/OU ASSENT DE TUBO DE CONCRETO COM JUNTA A",52,"","",92215,"TUBO DE CONCRETO PARA REDES COLETORAS DE ÁGUAS PLUVIAIS, DIÂMETRO DE 900 MM, JUNTA RÍGIDA, INSTALADO EM LOCAL COM BAIXO NÍVEL DE INTERFERÊNCIAS - FORNECIMENTO E ASSENTAMENTO. AF_12/2015","M","COEFICIENTE DE REPRESENTATIVIDADE",378.14,"S","SINAPI",88246,0.714,"H","COEFICIENTE DE REPRESENTATIVIDADE",0.714,23.15,16.52,"","","","","","","","","","","CAIXA REFERENCIAL"]
["ASSENTAMENTO DE TUBOS E PECAS","ASTU","FORNEC E/OU ASSENT DE TUBO DE CONCRETO COM JUNTA A",52,"","",92215,"TUBO DE CONCRETO PARA REDES COLETORAS DE ÁGUAS PLUVIAIS, DIÂMETRO DE 900 MM, JUNTA RÍGIDA, INSTALADO EM LOCAL COM BAIXO NÍVEL DE INTERFERÊNCIAS - FORNECIMENTO E ASSENTAMENTO. AF_12/2015","M","COEFICIENTE DE REPRESENTATIVIDADE",378.14,"S","SINAPI",88316,1.427,"H","COEFICIENTE DE REPRESENTATIVIDADE",1.427,15.03,21.44,"","","","","","","","","","","CAIXA REFERENCIAL"]
["ASSENTAMENTO DE TUBOS E PECAS","ASTU","FORNEC E/OU ASSENT DE TUBO DE CONCRETO COM JUNTA A",52,"","",92215,"TUBO DE CONCRETO PARA REDES COLETORAS DE ÁGUAS PLUVIAIS, DIÂMETRO DE 900 MM, JUNTA RÍGIDA, INSTALADO EM LOCAL COM BAIXO NÍVEL DE INTERFERÊNCIAS - FORNECIMENTO E ASSENTAMENTO. AF_12/2015","M","COEFICIENTE DE REPRESENTATIVIDADE",378.14,"S","SINAPI",88629,0.018,"M3","COEFICIENTE DE REPRESENTATIVIDADE",0.018,432.29,7.78,"","","","","","","","","","","CAIXA REFERENCIAL"]
["ASSENTAMENTO DE TUBOS E PECAS","ASTU","FORNEC E/OU ASSENT DE TUBO DE CONCRETO COM JUNTA A",52,"","",92216,"TUBO DE CONCRETO PARA REDES COLETORAS DE ÁGUAS PLUVIAIS, DIÂMETRO DE 1000 MM, JUNTA RÍGIDA, INSTALADO EM LOCAL COM BAIXO NÍVEL DE INTERFERÊNCIAS - FORNECIMENTO E ASSENTAMENTO. AF_12/2015","M","COEFICIENTE DE REPRESENTATIVIDADE",423.03,"","SINAPI","","","","","","","",43.74,10.3398494,357.95,84.6144745,21.34,5.0456761,0,0,0,0,"CAIXA REFERENCIAL"]
["ASSENTAMENTO DE TUBOS E PECAS","ASTU","FORNEC E/OU ASSENT DE TUBO DE CONCRETO COM JUNTA A",52,"","",92216,"TUBO DE CONCRETO PARA REDES COLETORAS DE ÁGUAS PLUVIAIS, DIÂMETRO DE 1000 MM, JUNTA RÍGIDA, INSTALADO EM LOCAL COM BAIXO NÍVEL DE INTERFERÊNCIAS - FORNECIMENTO E ASSENTAMENTO. AF_12/2015","M","COEFICIENTE DE REPRESENTATIVIDADE",423.03,"S","SINAPI",5631,0.167,"CHP","COEFICIENTE DE REPRESENTATIVIDADE",0.167,137.46,22.95,"","","","","","","","","","","CAIXA REFERENCIAL"]
["ASSENTAMENTO DE TUBOS E PECAS","ASTU","FORNEC E/OU ASSENT DE TUBO DE CONCRETO COM JUNTA A",52,"","",92216,"TUBO DE CONCRETO PARA REDES COLETORAS DE ÁGUAS PLUVIAIS, DIÂMETRO DE 1000 MM, JUNTA RÍGIDA, INSTALADO EM LOCAL COM BAIXO NÍVEL DE INTERFERÊNCIAS - FORNECIMENTO E ASSENTAMENTO. AF_12/2015","M","COEFICIENTE DE REPRESENTATIVIDADE",423.03,"S","SINAPI",5632,0.352,"CHI","COEFICIENTE DE REPRESENTATIVIDADE",0.352,58.95,20.75,"","","","","","","","","","","CAIXA REFERENCIAL"]
["ASSENTAMENTO DE TUBOS E PECAS","ASTU","FORNEC E/OU ASSENT DE TUBO DE CONCRETO COM JUNTA A",52,"","",92216,"TUBO DE CONCRETO PARA REDES COLETORAS DE ÁGUAS PLUVIAIS, DIÂMETRO DE 1000 MM, JUNTA RÍGIDA, INSTALADO EM LOCAL COM BAIXO NÍVEL DE INTERFERÊNCIAS - FORNECIMENTO E ASSENTAMENTO. AF_12/2015","M","COEFICIENTE DE REPRESENTATIVIDADE",423.03,"I","SINAPI",7753,1.03,"M","COEFICIENTE DE REPRESENTATIVIDADE",1.03,315.9,325.37,"","","","","","","","","","","CAIXA REFERENCIAL"]
["ASSENTAMENTO DE TUBOS E PECAS","ASTU","FORNEC E/OU ASSENT DE TUBO DE CONCRETO COM JUNTA A",52,"","",92216,"TUBO DE CONCRETO PARA REDES COLETORAS DE ÁGUAS PLUVIAIS, DIÂMETRO DE 1000 MM, JUNTA RÍGIDA, INSTALADO EM LOCAL COM BAIXO NÍVEL DE INTERFERÊNCIAS - FORNECIMENTO E ASSENTAMENTO. AF_12/2015","M","COEFICIENTE DE REPRESENTATIVIDADE",423.03,"S","SINAPI",88246,0.787,"H","COEFICIENTE DE REPRESENTATIVIDADE",0.787,23.15,18.21,"","","","","","","","","","","CAIXA REFERENCIAL"]
["ASSENTAMENTO DE TUBOS E PECAS","ASTU","FORNEC E/OU ASSENT DE TUBO DE CONCRETO COM JUNTA A",52,"","",92219,"TUBO DE CONCRETO PARA REDES COLETORAS DE ÁGUAS PLUVIAIS, DIÂMETRO DE 400 MM, JUNTA RÍGIDA, INSTALADO EM LOCAL COM ALTO NÍVEL DE INTERFERÊNCIAS - FORNECIMENTO E ASSENTAMENTO. AF_12/2015","M","COEFICIENTE DE REPRESENTATIVIDADE",131.24,"S","SINAPI",5631,0.088,"CHP","COEFICIENTE DE REPRESENTATIVIDADE",0.088,137.46,12.09,"","","","","","","","","","","CAIXA REFERENCIAL"]
["ASSENTAMENTO DE TUBOS E PECAS","ASTU","FORNEC E/OU ASSENT DE TUBO DE CONCRETO COM JUNTA A",52,"","",92226,"TUBO DE CONCRETO PARA REDES COLETORAS DE ÁGUAS PLUVIAIS, DIÂMETRO DE 1000 MM, JUNTA RÍGIDA, INSTALADO EM LOCAL COM ALTO NÍVEL DE INTERFERÊNCIAS - FORNECIMENTO E ASSENTAMENTO. AF_12/2015","M","COEFICIENTE DE REPRESENTATIVIDADE",440.45,"S","SINAPI",5632,0.424,"CHI","COEFICIENTE DE REPRESENTATIVIDADE",0.424,58.95,24.99,"","","","","","","","","","","CAIXA REFERENCIAL"]
["ASSENTAMENTO DE TUBOS E PECAS","ASTU","FORNEC E/OU ASSENT DE TUBO DE CONCRETO COM JUNTA A",52,"","",92813,"ASSENTAMENTO DE TUBO DE CONCRETO PARA REDES COLETORAS DE ÁGUAS PLUVIAIS, DIÂMETRO DE 800 MM, JUNTA RÍGIDA, INSTALADO EM LOCAL COM BAIXO NÍVEL DE INTERFERÊNCIAS (NÃO INCLUI FORNECIMENTO). AF_12/2015","M","COEFICIENTE DE REPRESENTATIVIDADE",74.82,"S","SINAPI",88316,1.28,"H","COEFICIENTE DE REPRESENTATIVIDADE",1.28,15.03,19.23,"","","","","","","","","","","CAIXA REFERENCIAL"]
["ASSENTAMENTO DE TUBOS E PECAS","ASTU","FORNEC E/OU ASSENT DE TUBO DE CONCRETO COM JUNTA A",52,"","",92820,"ASSENTAMENTO DE TUBO DE CONCRETO PARA REDES COLETORAS DE ÁGUAS PLUVIAIS, DIÂMETRO DE 300 MM, JUNTA RÍGIDA, INSTALADO EM LOCAL COM ALTO NÍVEL DE INTERFERÊNCIAS (NÃO INCLUI FORNECIMENTO). AF_12/2015","M","COEFICIENTE DE REPRESENTATIVIDADE",35.9,"S","SINAPI",88246,0.327,"H","COEFICIENTE DE REPRESENTATIVIDADE",0.327,23.15,7.57,"","","","","","","","","","","CAIXA REFERENCIAL"]
["ASSENTAMENTO DE TUBOS E PECAS","ASTU","FORNEC E/OU ASSENT DE TUBO DE CONCRETO COM JUNTA A",52,"","",92821,"ASSENTAMENTO DE TUBO DE CONCRETO PARA REDES COLETORAS DE ÁGUAS PLUVIAIS, DIÂMETRO DE 400 MM, JUNTA RÍGIDA, INSTALADO EM LOCAL COM ALTO NÍVEL DE INTERFERÊNCIAS (NÃO INCLUI FORNECIMENTO). AF_12/2015","M","COEFICIENTE DE REPRESENTATIVIDADE",45.99,"S","SINAPI",88246,0.415,"H","COEFICIENTE DE REPRESENTATIVIDADE",0.415,23.15,9.6,"","","","","","","","","","","CAIXA REFERENCIAL"]
["ASSENTAMENTO DE TUBOS E PECAS","ASTU","FORNEC E/OU ASSENT DE TUBO DE CONCRETO COM JUNTA A",52,"","",92829,"TUBO DE CONCRETO PARA REDES COLETORAS DE ÁGUAS PLUVIAIS, DIÂMETRO DE 1200 MM, JUNTA RÍGIDA, INSTALADO EM LOCAL COM ALTO NÍVEL DE INTERFERÊNCIAS - FORNECIMENTO E ASSENTAMENTO. AF_12/2015","M","COEFICIENTE DE REPRESENTATIVIDADE",603.88,"","SINAPI","","","","","","","",64.7,10.714996,507.29,84.0029171,31.89,5.2820869,0,0,0,0,"CAIXA REFERENCIAL"]
["ASSENTAMENTO DE TUBOS E PECAS","ASTU","FORNEC E/OU ASSENT DE TUBO DE CONCRETO COM JUNTA A",52,"","",95567,"TUBO DE CONCRETO (SIMPLES) PARA REDES COLETORAS DE ÁGUAS PLUVIAIS, DIÂMETRO DE 300 MM, JUNTA RÍGIDA, INSTALADO EM LOCAL COM BAIXO NÍVEL DE INTERFERÊNCIAS - FORNECIMENTO E ASSENTAMENTO. AF_12/2015","M","COEFICIENTE DE REPRESENTATIVIDADE",66.14,"I","SINAPI",7796,1.03,"M","COLETADO",1.03,35,36.05,"","","","","","","","","","","CAIXA REFERENCIAL"]
["ASSENTAMENTO DE TUBOS E PECAS","ASTU","FORNEC E/OU ASSENT DE HIDRANTES TAMPOES E PECAS ES",53,"","",73606,"ASSENTAMENTO DE TAMPAO DE FERRO FUNDIDO 900 MM","UN","COEFICIENTE DE REPRESENTATIVIDADE",125.31,"","SINAPI","","","","","","","",78.87,62.9399091,46.08,36.7728034,0.36,0.2872875,0,0,0,0,"CAIXA REFERENCIAL"]
["ASSENTAMENTO DE TUBOS E PECAS","ASTU","FORNEC E/OU ASSENT DE HIDRANTES TAMPOES E PECAS ES",53,"","",83623,"GRELHA DE FERRO FUNDIDO PARA CANALETA LARG = 30CM, FORNECIMENTO E ASSENTAMENTO","M","COEFICIENTE DE REPRESENTATIVIDADE",222.93,"","SINAPI","","","","","","","",1.55,0.6956599,221.38,99.3043401,0,0,0,0,0,0,"CAIXA REFERENCIAL"]
["ASSENTAMENTO DE TUBOS E PECAS","ASTU","FORNEC E/OU ASSENT DE TUBO PVC DEFOFO COM JUNTA EL",230,"","",97129,"ASSENTAMENTO DE TUBO DE PVC DEFOFO OU PRFV OU RPVC PARA REDE DE ÁGUA, DN 250 MM, JUNTA ELÁSTICA INTEGRADA, INSTALADO EM LOCAL COM NÍVEL ALTO DE INTERFERÊNCIAS (NÃO INCLUI FORNECIMENTO). AF_11/2017","M","COEFICIENTE DE REPRESENTATIVIDADE",10.1,"S","SINAPI",88246,0.167,"H","COEFICIENTE DE REPRESENTATIVIDADE",0.167,23.15,3.86,"","","","","","","","","","","CAIXA REFERENCIAL"]
["ASSENTAMENTO DE TUBOS E PECAS","ASTU","FORNEC E/OU ASSENT DE TUBO PVC DEFOFO COM JUNTA EL",230,"","",97136,"ASSENTAMENTO DE TUBO DE PVC DEFOFO OU PRFV OU RPVC PARA REDE DE ÁGUA, DN 250 MM, JUNTA ELÁSTICA INTEGRADA, INSTALADO EM LOCAL COM NÍVEL BAIXO DE INTERFERÊNCIAS (NÃO INCLUI FORNECIMENTO). AF_11/2017","M","COEFICIENTE DE REPRESENTATIVIDADE",5,"I","SINAPI",20078,0.024,"UN","COEFICIENTE DE REPRESENTATIVIDADE",0.024,17.63,0.42,"","","","","","","","","","","CAIXA REFERENCIAL"]
["ASSENTAMENTO DE TUBOS E PECAS","ASTU","FORNEC E/OU ASSENT DE CONEXOES DIVERSAS",253,"","",83535,"CURVA PVC PARA REDE COLETOR ESGOTO, EB-644, 45 GR, 200 MM, COM JUNTA ELASTICA.","UN","ATRIBUÍDO SÃO PAULO",216.47,"S","SINAPI",88248,0.7,"H","COEFICIENTE DE REPRESENTATIVIDADE",0.7,17.65,12.35,"","","","","","","","","","","CAIXA REFERENCIAL"]
["ASSENTAMENTO DE TUBOS E PECAS","ASTU","FORNEC E/OU ASSENT DE VALVULAS E REGISTROS",254,73884,"INSTALACAO DE VALVULA OU REGISTRO C/JUNTA FLANGEADA","73884/10","INSTALAÇÃO DE VÁLVULAS OU REGISTROS COM JUNTA FLANGEADA - DN 450","UN","COEFICIENTE DE REPRESENTATIVIDADE",853.98,"S","SINAPI",88277,4.6,"H","COEFICIENTE DE REPRESENTATIVIDADE",4.6,23.15,106.49,"","","","","","","","","","","CAIXA REFERENCIAL"]
["ASSENTAMENTO DE TUBOS E PECAS","ASTU","FORNEC E/OU ASSENT DE VALVULAS E REGISTROS",254,73884,"INSTALACAO DE VALVULA OU REGISTRO C/JUNTA FLANGEADA","73884/12","INSTALAÇÃO DE VÁLVULAS OU REGISTROS COM JUNTA FLANGEADA - DN 600","UN","COEFICIENTE DE REPRESENTATIVIDADE",{"v":1002.5,"d":"1,002.50"},"","SINAPI","","","","","","","",317.97,31.7181715,539.03,53.767325,145.5,14.5145035,0,0,0,0,"CAIXA REFERENCIAL"]
["ASSENTAMENTO DE TUBOS E PECAS","ASTU","FORNEC E/OU ASSENT DE VALVULAS E REGISTROS",254,73885,"INSTALACAO DE VALVULA OU REGISTRO C/JUNTA ELASTICA","73885/7","INSTALAÇÃO DE VÁLVULAS OU REGISTROS COM JUNTA ELÁSTICA - DN 300","UN","COEFICIENTE DE REPRESENTATIVIDADE",271.03,"","SINAPI","","","","","","","",86.03,31.7422787,145.69,53.7535097,39.31,14.5042116,0,0,0,0,"CAIXA REFERENCIAL"]
["CANTEIRO DE OBRAS","CANT","CONSTRUCAO DO CANTEIRO",1,"","",93206,"EXECUÇÃO DE ESCRITÓRIO EM CANTEIRO DE OBRA EM ALVENARIA, NÃO INCLUSO MOBILIÁRIO E EQUIPAMENTOS. AF_02/2016","M2","ATRIBUÍDO SÃO PAULO",804.3,"S","SINAPI",68069,0.037,"UN","COEFICIENTE DE REPRESENTATIVIDADE",0.037,50.68,1.87,"","","","","","","","","","","CAIXA REFERENCIAL"]
["CANTEIRO DE OBRAS","CANT","CONSTRUCAO DO CANTEIRO",1,"","",93206,"EXECUÇÃO DE ESCRITÓRIO EM CANTEIRO DE OBRA EM ALVENARIA, NÃO INCLUSO MOBILIÁRIO E EQUIPAMENTOS. AF_02/2016","M2","ATRIBUÍDO SÃO PAULO",804.3,"S","SINAPI",91831,0.5084,"M","COEFICIENTE DE REPRESENTATIVIDADE",0.5084,5.88,2.98,"","","","","","","","","","","CAIXA REFERENCIAL"]
["CANTEIRO DE OBRAS","CANT","CONSTRUCAO DO CANTEIRO",1,"","",93206,"EXECUÇÃO DE ESCRITÓRIO EM CANTEIRO DE OBRA EM ALVENARIA, NÃO INCLUSO MOBILIÁRIO E EQUIPAMENTOS. AF_02/2016","M2","ATRIBUÍDO SÃO PAULO",804.3,"S","SINAPI",91939,0.0555,"UN","COEFICIENTE DE REPRESENTATIVIDADE",0.0555,22.54,1.25,"","","","","","","","","","","CAIXA REFERENCIAL"]
["CANTEIRO DE OBRAS","CANT","CONSTRUCAO DO CANTEIRO",1,"","",93207,"EXECUÇÃO DE ESCRITÓRIO EM CANTEIRO DE OBRA EM CHAPA DE MADEIRA COMPENSADA, NÃO INCLUSO MOBILIÁRIO E EQUIPAMENTOS. AF_02/2016","M2","ATRIBUÍDO SÃO PAULO",598.09,"S","SINAPI",86888,0.0385,"UN","COEFICIENTE DE REPRESENTATIVIDADE",0.0385,348.97,13.43,"","","","","","","","","","","CAIXA REFERENCIAL"]
["CANTEIRO DE OBRAS","CANT","CONSTRUCAO DO CANTEIRO",1,"","",93207,"EXECUÇÃO DE ESCRITÓRIO EM CANTEIRO DE OBRA EM CHAPA DE MADEIRA COMPENSADA, NÃO INCLUSO MOBILIÁRIO E EQUIPAMENTOS. AF_02/2016","M2","ATRIBUÍDO SÃO PAULO",598.09,"S","SINAPI",95241,1.3559,"M2","COEFICIENTE DE REPRESENTATIVIDADE",1.3559,21.46,29.09,"","","","","","","","","","","CAIXA REFERENCIAL"]
["CANTEIRO DE OBRAS","CANT","CONSTRUCAO DO CANTEIRO",1,"","",93208,"EXECUÇÃO DE ALMOXARIFADO EM CANTEIRO DE OBRA EM CHAPA DE MADEIRA COMPENSADA, INCLUSO PRATELEIRAS. AF_02/2016","M2","ATRIBUÍDO SÃO PAULO",468.48,"S","SINAPI",95811,0.0252,"UN","COEFICIENTE DE REPRESENTATIVIDADE",0.0252,10.7,0.26,"","","","","","","","","","","CAIXA REFERENCIAL"]
["CANTEIRO DE OBRAS","CANT","CONSTRUCAO DO CANTEIRO",1,"","",93209,"EXECUÇÃO DE ALMOXARIFADO EM CANTEIRO DE OBRA EM ALVENARIA, INCLUSO PRATELEIRAS. AF_02/2016","M2","ATRIBUÍDO SÃO PAULO",650.8,"S","SINAPI",89168,1.7719,"M2","COEFICIENTE DE REPRESENTATIVIDADE",1.7719,66.87,118.48,"","","","","","","","","","","CAIXA REFERENCIAL"]
["CANTEIRO DE OBRAS","CANT","CONSTRUCAO DO CANTEIRO",1,"","",93210,"EXECUÇÃO DE REFEITÓRIO EM CANTEIRO DE OBRA EM CHAPA DE MADEIRA COMPENSADA, NÃO INCLUSO MOBILIÁRIO E EQUIPAMENTOS. AF_02/2016","M2","COEFICIENTE DE REPRESENTATIVIDADE",357.36,"I","SINAPI",10891,0.0268,"UN","COEFICIENTE DE REPRESENTATIVIDADE",0.0268,152.3,4.08,"","","","","","","","","","","CAIXA REFERENCIAL"]
["CANTEIRO DE OBRAS","CANT","CONSTRUCAO DO CANTEIRO",1,"","",93211,"EXECUÇÃO DE REFEITÓRIO EM CANTEIRO DE OBRA EM ALVENARIA, NÃO INCLUSO MOBILIÁRIO E EQUIPAMENTOS. AF_02/2016","M2","COEFICIENTE DE REPRESENTATIVIDADE",395.72,"I","SINAPI",3080,0.0255,"CJ","COLETADO",0.0255,56.52,1.44,"","","","","","","","","","","CAIXA REFERENCIAL"]
["CANTEIRO DE OBRAS","CANT","CONSTRUCAO DO CANTEIRO",1,"","",93211,"EXECUÇÃO DE REFEITÓRIO EM CANTEIRO DE OBRA EM ALVENARIA, NÃO INCLUSO MOBILIÁRIO E EQUIPAMENTOS. AF_02/2016","M2","COEFICIENTE DE REPRESENTATIVIDADE",395.72,"S","SINAPI",95240,0.0061,"M2","COEFICIENTE DE REPRESENTATIVIDADE",0.0061,12.87,0.07,"","","","","","","","","","","CAIXA REFERENCIAL"]
["CANTEIRO DE OBRAS","CANT","CONSTRUCAO DO CANTEIRO",1,"","",93212,"EXECUÇÃO DE SANITÁRIO E VESTIÁRIO EM CANTEIRO DE OBRA EM CHAPA DE MADEIRA COMPENSADA, NÃO INCLUSO MOBILIÁRIO. AF_02/2016","M2","ATRIBUÍDO SÃO PAULO",578.04,"S","SINAPI",89731,0.0174,"UN","COEFICIENTE DE REPRESENTATIVIDADE",0.0174,8.3,0.14,"","","","","","","","","","","CAIXA REFERENCIAL"]
["CANTEIRO DE OBRAS","CANT","CONSTRUCAO DO CANTEIRO",1,"","",93212,"EXECUÇÃO DE SANITÁRIO E VESTIÁRIO EM CANTEIRO DE OBRA EM CHAPA DE MADEIRA COMPENSADA, NÃO INCLUSO MOBILIÁRIO. AF_02/2016","M2","ATRIBUÍDO SÃO PAULO",578.04,"S","SINAPI",90466,0.0722,"M","COEFICIENTE DE REPRESENTATIVIDADE",0.0722,10.76,0.77,"","","","","","","","","","","CAIXA REFERENCIAL"]
["CANTEIRO DE OBRAS","CANT","CONSTRUCAO DO CANTEIRO",1,"","",93213,"EXECUÇÃO DE SANITÁRIO E VESTIÁRIO EM CANTEIRO DE OBRA EM ALVENARIA, NÃO INCLUSO MOBILIÁRIO. AF_02/2016","M2","ATRIBUÍDO SÃO PAULO",717.2,"S","SINAPI","73953/6",0.1336,"UN","COEFICIENTE DE REPRESENTATIVIDADE",0.1336,91.24,12.18,"","","","","","","","","","","CAIXA REFERENCIAL"]
["CANTEIRO DE OBRAS","CANT","CONSTRUCAO DO CANTEIRO",1,"","",93213,"EXECUÇÃO DE SANITÁRIO E VESTIÁRIO EM CANTEIRO DE OBRA EM ALVENARIA, NÃO INCLUSO MOBILIÁRIO. AF_02/2016","M2","ATRIBUÍDO SÃO PAULO",717.2,"S","SINAPI",91926,0.4511,"M","COEFICIENTE DE REPRESENTATIVIDADE",0.4511,2.42,1.09,"","","","","","","","","","","CAIXA REFERENCIAL"]
["CANTEIRO DE OBRAS","CANT","CONSTRUCAO DO CANTEIRO",1,"","",93583,"EXECUÇÃO DE CENTRAL DE FÔRMAS, PRODUÇÃO DE ARGAMASSA OU CONCRETO EM CANTEIRO DE OBRA, NÃO INCLUSO MOBILIÁRIO E EQUIPAMENTOS. AF_04/2016","M2","COEFICIENTE DE REPRESENTATIVIDADE",295.22,"S","SINAPI",68069,0.0966,"UN","COEFICIENTE DE REPRESENTATIVIDADE",0.0966,50.68,4.89,"","","","","","","","","","","CAIXA REFERENCIAL"]
["CANTEIRO DE OBRAS","CANT","CONSTRUCAO DO CANTEIRO",1,"","",93583,"EXECUÇÃO DE CENTRAL DE FÔRMAS, PRODUÇÃO DE ARGAMASSA OU CONCRETO EM CANTEIRO DE OBRA, NÃO INCLUSO MOBILIÁRIO E EQUIPAMENTOS. AF_04/2016","M2","COEFICIENTE DE REPRESENTATIVIDADE",295.22,"S","SINAPI",84402,0.0966,"UN","COEFICIENTE DE REPRESENTATIVIDADE",0.0966,63.42,6.12,"","","","","","","","","","","CAIXA REFERENCIAL"]
["CANTEIRO DE OBRAS","CANT","CONSTRUCAO DO CANTEIRO",1,"","",93585,"EXECUÇÃO DE GUARITA EM CANTEIRO DE OBRA EM CHAPA DE MADEIRA COMPENSADA, NÃO INCLUSO MOBILIÁRIO. AF_04/2016","M2","COEFICIENTE DE REPRESENTATIVIDADE",556.53,"I","SINAPI",3080,0.1931,"CJ","COLETADO",0.1931,56.52,10.91,"","","","","","","","","","","CAIXA REFERENCIAL"]
["CUSTOS HORÁRIOS DE MÁQUINAS E EQUIPAMENTOS","CHOR","CUSTO HORÁRIO PRODUTIVO DIURNO",325,"","",5680,"RETROESCAVADEIRA SOBRE RODAS COM CARREGADEIRA, TRAÇÃO 4X2, POTÊNCIA LÍQ. 79 HP, CAÇAMBA CARREG. CAP. MÍN. 1 M3, CAÇAMBA RETRO CAP. 0,20 M3, PESO OPERACIONAL MÍN. 6.570 KG, PROFUNDIDADE ESCAVAÇÃO MÁX. 4,37 M - CHP DIURNO. AF_06/2014","CHP","COEFICIENTE DE REPRESENTATIVIDADE",93.6,"S","SINAPI",5667,1,"H","COEFICIENTE DE REPRESENTATIVIDADE",1,14.52,14.52,"","","","","","","","","","","CAIXA REFERENCIAL"]
["CUSTOS HORÁRIOS DE MÁQUINAS E EQUIPAMENTOS","CHOR","CUSTO HORÁRIO PRODUTIVO DIURNO",325,"","",5824,"CAMINHÃO TOCO, PBT 16.000 KG, CARGA ÚTIL MÁX. 10.685 KG, DIST. ENTRE EIXOS 4,8 M, POTÊNCIA 189 CV, INCLUSIVE CARROCERIA FIXA ABERTA DE MADEIRA P/ TRANSPORTE GERAL DE CARGA SECA, DIMEN. APROX. 2,5 X 7,00 X 0,50 M - CHP DIURNO. AF_06/2014","CHP","COEFICIENTE DE REPRESENTATIVIDADE",124.46,"S","SINAPI",89265,1,"H","COEFICIENTE DE REPRESENTATIVIDADE",1,2.47,2.47,"","","","","","","","","","","CAIXA REFERENCIAL"]
["CUSTOS HORÁRIOS DE MÁQUINAS E EQUIPAMENTOS","CHOR","CUSTO HORÁRIO PRODUTIVO DIURNO",325,"","",5863,"ROLO COMPACTADOR VIBRATÓRIO REBOCÁVEL, CILINDRO DE AÇO LISO, POTÊNCIA DE TRAÇÃO DE 65 CV, PESO 4,7 T, IMPACTO DINÂMICO 18,3 T, LARGURA DE TRABALHO 1,67 M - CHP DIURNO. AF_02/2016","CHP","COEFICIENTE DE REPRESENTATIVIDADE",11.51,"S","SINAPI",93238,1,"H","COEFICIENTE DE REPRESENTATIVIDADE",1,1.2,1.2,"","","","","","","","","","","CAIXA REFERENCIAL"]
["CUSTOS HORÁRIOS DE MÁQUINAS E EQUIPAMENTOS","CHOR","CUSTO HORÁRIO PRODUTIVO DIURNO",325,"","",5875,"RETROESCAVADEIRA SOBRE RODAS COM CARREGADEIRA, TRAÇÃO 4X4, POTÊNCIA LÍQ. 72 HP, CAÇAMBA CARREG. CAP. MÍN. 0,79 M3, CAÇAMBA RETRO CAP. 0,18 M3, PESO OPERACIONAL MÍN. 7.140 KG, PROFUNDIDADE ESCAVAÇÃO MÁX. 4,50 M - CHP DIURNO. AF_06/2014","CHP","COEFICIENTE DE REPRESENTATIVIDADE",93.07,"S","SINAPI",88294,1,"H","COEFICIENTE DE REPRESENTATIVIDADE",1,27.98,27.98,"","","","","","","","","","","CAIXA REFERENCIAL"]
["CUSTOS HORÁRIOS DE MÁQUINAS E EQUIPAMENTOS","CHOR","CUSTO HORÁRIO PRODUTIVO DIURNO",325,"","",5909,"ESPARGIDOR DE ASFALTO PRESSURIZADO COM TANQUE DE 2500 L, REBOCÁVEL COM MOTOR A GASOLINA POTÊNCIA 3,4 HP - CHP DIURNO. AF_07/2014","CHP","ATRIBUÍDO SÃO PAULO",21.65,"S","SINAPI",88316,1,"H","COEFICIENTE DE REPRESENTATIVIDADE",1,15.03,15.03,"","","","","","","","","","","CAIXA REFERENCIAL"]
["CUSTOS HORÁRIOS DE MÁQUINAS E EQUIPAMENTOS","CHOR","CUSTO HORÁRIO PRODUTIVO DIURNO",325,"","",6259,"CAMINHÃO PIPA 6.000 L, PESO BRUTO TOTAL 13.000 KG, DISTÂNCIA ENTRE EIXOS 4,80 M, POTÊNCIA 189 CV INCLUSIVE TANQUE DE AÇO PARA TRANSPORTE DE ÁGUA, CAPACIDADE 6 M3 - CHP DIURNO. AF_06/2014","CHP","COEFICIENTE DE REPRESENTATIVIDADE",127.63,"S","SINAPI",91361,1,"H","COEFICIENTE DE REPRESENTATIVIDADE",1,0.57,0.57,"","","","","","","","","","","CAIXA REFERENCIAL"]
["CUSTOS HORÁRIOS DE MÁQUINAS E EQUIPAMENTOS","CHOR","CUSTO HORÁRIO PRODUTIVO DIURNO",325,"","",73436,"ROLO COMPACTADOR VIBRATÓRIO PÉ DE CARNEIRO PARA SOLOS, POTÊNCIA 80 HP, PESO OPERACIONAL SEM/COM LASTRO 7,4 / 8,8 T, LARGURA DE TRABALHO 1,68 M - CHP DIURNO. AF_02/2016","CHP","COEFICIENTE DE REPRESENTATIVIDADE",144.54,"S","SINAPI",88303,3,"H","COEFICIENTE DE REPRESENTATIVIDADE",3,23.51,70.53,"","","","","","","","","","","CAIXA REFERENCIAL"]
["CUSTOS HORÁRIOS DE MÁQUINAS E EQUIPAMENTOS","CHOR","CUSTO HORÁRIO PRODUTIVO DIURNO",325,"","",73467,"CAMINHÃO TOCO, PBT 14.300 KG, CARGA ÚTIL MÁX. 9.710 KG, DIST. ENTRE EIXOS 3,56 M, POTÊNCIA 185 CV, INCLUSIVE CARROCERIA FIXA ABERTA DE MADEIRA P/ TRANSPORTE GERAL DE CARGA SECA, DIMEN. APROX. 2,50 X 6,50 X 0,50 M - CHP DIURNO. AF_06/2014","CHP","COEFICIENTE DE REPRESENTATIVIDADE",126.74,"S","SINAPI",91391,1,"H","COEFICIENTE DE REPRESENTATIVIDADE",1,2.94,2.94,"","","","","","","","","","","CAIXA REFERENCIAL"]
["CUSTOS HORÁRIOS DE MÁQUINAS E EQUIPAMENTOS","CHOR","CUSTO HORÁRIO PRODUTIVO DIURNO",325,"","",88418,"PROJETOR DE ARGAMASSA, CAPACIDADE DE PROJEÇÃO 1,5 M3/H, ALCANCE DE 30 ATÉ 60 M, MOTOR ELÉTRICO POTÊNCIA 7,5 HP - CHP DIURNO. AF_06/2014","CHP","COEFICIENTE DE REPRESENTATIVIDADE",11.29,"S","SINAPI",88425,1,"H","COEFICIENTE DE REPRESENTATIVIDADE",1,3.87,3.87,"","","","","","","","","","","CAIXA REFERENCIAL"]
["CUSTOS HORÁRIOS DE MÁQUINAS E EQUIPAMENTOS","CHOR","CUSTO HORÁRIO PRODUTIVO DIURNO",325,"","",89032,"TRATOR DE ESTEIRAS, POTÊNCIA 100 HP, PESO OPERACIONAL 9,4 T, COM LÂMINA 2,19 M3 - CHP DIURNO. AF_06/2014","CHP","COEFICIENTE DE REPRESENTATIVIDADE",127.94,"S","SINAPI",89030,1,"H","COEFICIENTE DE REPRESENTATIVIDADE",1,7.88,7.88,"","","","","","","","","","","CAIXA REFERENCIAL"]
["CUSTOS HORÁRIOS DE MÁQUINAS E EQUIPAMENTOS","CHOR","CUSTO HORÁRIO PRODUTIVO DIURNO",325,"","",89278,"BETONEIRA CAPACIDADE NOMINAL DE 600 L, CAPACIDADE DE MISTURA 440 L, MOTOR A DIESEL POTÊNCIA 10 HP, COM CARREGADOR - CHP DIURNO. AF_11/2014","CHP","COEFICIENTE DE REPRESENTATIVIDADE",6.59,"","SINAPI","","","","","","","",0,0,4.28,64.9468893,2.31,35.0531107,0,0,0,0,"CAIXA REFERENCIAL"]
["CUSTOS HORÁRIOS DE MÁQUINAS E EQUIPAMENTOS","CHOR","CUSTO HORÁRIO PRODUTIVO DIURNO",325,"","",90586,"VIBRADOR DE IMERSÃO, DIÂMETRO DE PONTEIRA 45MM, MOTOR ELÉTRICO TRIFÁSICO POTÊNCIA DE 2 CV - CHP DIURNO. AF_06/2015","CHP","COEFICIENTE DE REPRESENTATIVIDADE",1.13,"S","SINAPI",90583,1,"H","COEFICIENTE DE REPRESENTATIVIDADE",1,0.03,0.03,"","","","","","","","","","","CAIXA REFERENCIAL"]
["CUSTOS HORÁRIOS DE MÁQUINAS E EQUIPAMENTOS","CHOR","CUSTO HORÁRIO PRODUTIVO DIURNO",325,"","",90643,"BOMBA TRIPLEX, PARA INJEÇÃO DE NATA DE CIMENTO, VAZÃO MÁXIMA DE 100 LITROS/MINUTO, PRESSÃO MÁXIMA DE 70 BAR - CHP DIURNO. AF_06/2015","CHP","COEFICIENTE DE REPRESENTATIVIDADE",14.08,"","SINAPI","","","","","","","",0,0,4.67,33.1676136,9.41,66.8323864,0,0,0,0,"CAIXA REFERENCIAL"]
["CUSTOS HORÁRIOS DE MÁQUINAS E EQUIPAMENTOS","CHOR","CUSTO HORÁRIO PRODUTIVO DIURNO",325,"","",90686,"MANIPULADOR TELESCÓPICO, POTÊNCIA DE 85 HP, CAPACIDADE DE CARGA DE 3.500 KG, ALTURA MÁXIMA DE ELEVAÇÃO DE 12,3 M - CHP DIURNO. AF_06/2015","CHP","COEFICIENTE DE REPRESENTATIVIDADE",124.6,"S","SINAPI",90685,1,"H","COLETADO",1,36.51,36.51,"","","","","","","","","","","CAIXA REFERENCIAL"]
["CUSTOS HORÁRIOS DE MÁQUINAS E EQUIPAMENTOS","CHOR","CUSTO HORÁRIO PRODUTIVO DIURNO",325,"","",91031,"CAMINHÃO TRUCADO (C/ TERCEIRO EIXO) ELETRÔNICO - POTÊNCIA 231CV - PBT = 22000KG - DIST. ENTRE EIXOS 5170 MM - INCLUI CARROCERIA FIXA ABERTA DE MADEIRA - CHP DIURNO. AF_06/2015","CHP","COEFICIENTE DE REPRESENTATIVIDADE",151,"S","SINAPI",91030,1,"H","COLETADO",1,97.92,97.92,"","","","","","","","","","","CAIXA REFERENCIAL"]
["CUSTOS HORÁRIOS DE MÁQUINAS E EQUIPAMENTOS","CHOR","CUSTO HORÁRIO PRODUTIVO DIURNO",325,"","",91692,"SERRA CIRCULAR DE BANCADA COM MOTOR ELÉTRICO POTÊNCIA DE 5HP, COM COIFA PARA DISCO 10\" - CHP DIURNO. AF_08/2015","CHP","COEFICIENTE DE REPRESENTATIVIDADE",26.41,"S","SINAPI",88297,1,"H","COEFICIENTE DE REPRESENTATIVIDADE",1,24.24,24.24,"","","","","","","","","","","CAIXA REFERENCIAL"]
["CUSTOS HORÁRIOS DE MÁQUINAS E EQUIPAMENTOS","CHOR","CUSTO HORÁRIO PRODUTIVO DIURNO",325,"","",92106,"CAMINHÃO PARA EQUIPAMENTO DE LIMPEZA A SUCÇÃO, COM CAMINHÃO TRUCADO DE PESO BRUTO TOTAL 23000 KG, CARGA ÚTIL MÁXIMA 15935 KG, DISTÂNCIA ENTRE EIXOS 4,80 M, POTÊNCIA 230 CV, INCLUSIVE LIMPADORA A SUCÇÃO, TANQUE 12000 L - CHP DIURNO. AF_11/2015","CHP","ATRIBUÍDO SÃO PAULO",157.83,"S","SINAPI",88282,1,"H","COEFICIENTE DE REPRESENTATIVIDADE",1,23.52,23.52,"","","","","","","","","","","CAIXA REFERENCIAL"]
["CUSTOS HORÁRIOS DE MÁQUINAS E EQUIPAMENTOS","CHOR","CUSTO HORÁRIO PRODUTIVO DIURNO",325,"","",92716,"APARELHO PARA CORTE E SOLDA OXI-ACETILENO SOBRE RODAS, INCLUSIVE CILINDROS E MAÇARICOS - CHP DIURNO. AF_12/2015","CHP","COEFICIENTE DE REPRESENTATIVIDADE",14.55,"S","SINAPI",92714,1,"H","COLETADO",1,0.22,0.22,"","","","","","","","","","","CAIXA REFERENCIAL"]
["CUSTOS HORÁRIOS DE MÁQUINAS E EQUIPAMENTOS","CHOR","CUSTO HORÁRIO PRODUTIVO DIURNO",325,"","",93402,"GUINDAUTO HIDRÁULICO, CAPACIDADE MÁXIMA DE CARGA 3300 KG, MOMENTO MÁXIMO DE CARGA 5,8 TM, ALCANCE MÁXIMO HORIZONTAL 7,60 M, INCLUSIVE CAMINHÃO TOCO PBT 16.000 KG, POTÊNCIA DE 189 CV - CHP DIURNO. AF_03/2016","CHP","COEFICIENTE DE REPRESENTATIVIDADE",130.33,"S","SINAPI",88286,1,"H","COEFICIENTE DE REPRESENTATIVIDADE",1,25.55,25.55,"","","","","","","","","","","CAIXA REFERENCIAL"]
["CUSTOS HORÁRIOS DE MÁQUINAS E EQUIPAMENTOS","CHOR","CUSTO HORÁRIO PRODUTIVO DIURNO",325,"","",93439,"USINA DE ASFALTO À FRIO, CAPACIDADE DE 40 A 60 TON/HORA, ELÉTRICA POTÊNCIA 30 CV - CHP DIURNO. AF_03/2016","CHP","ATRIBUÍDO SÃO PAULO",110.55,"S","SINAPI",93437,1,"H","ATRIBUÍDO SÃO PAULO",1,6.29,6.29,"","","","","","","","","","","CAIXA REFERENCIAL"]
["CUSTOS HORÁRIOS DE MÁQUINAS E EQUIPAMENTOS","CHOR","CUSTO HORÁRIO PRODUTIVO DIURNO",325,"","",95258,"MARTELO DEMOLIDOR PNEUMÁTICO MANUAL, 32 KG - CHP DIURNO. AF_09/2016","CHP","COEFICIENTE DE REPRESENTATIVIDADE",18.29,"S","SINAPI",95255,1,"H","COEFICIENTE DE REPRESENTATIVIDADE",1,0.93,0.93,"","","","","","","","","","","CAIXA REFERENCIAL"]
["CUSTOS HORÁRIOS DE MÁQUINAS E EQUIPAMENTOS","CHOR","CUSTO HORÁRIO PRODUTIVO DIURNO",325,"","",95270,"RÉGUA VIBRATÓRIA DUPLA PARA CONCRETO, PESO DE 60KG, COMPRIMENTO 4 M, COM MOTOR A GASOLINA, POTÊNCIA 5,5 HP - CHP DIURNO. AF_09/2016","CHP","COEFICIENTE DE REPRESENTATIVIDADE",4.27,"S","SINAPI",95267,1,"H","COEFICIENTE DE REPRESENTATIVIDADE",1,0.09,0.09,"","","","","","","","","","","CAIXA REFERENCIAL"]
["CUSTOS HORÁRIOS DE MÁQUINAS E EQUIPAMENTOS","CHOR","CUSTO HORÁRIO PRODUTIVO DIURNO",325,"","",95714,"ESCAVADEIRA HIDRAULICA SOBRE ESTEIRA, COM GARRA GIRATORIA DE MANDIBULAS, PESO OPERACIONAL ENTRE 22,00 E 25,50 TON, POTENCIA LIQUIDA ENTRE 150 E 160 HP - CHP DIURNO. AF_11/2016","CHP","COEFICIENTE DE REPRESENTATIVIDADE",166.99,"S","SINAPI",95711,1,"H","COEFICIENTE DE REPRESENTATIVIDADE",1,7.42,7.42,"","","","","","","","","","","CAIXA REFERENCIAL"]
["CUSTOS HORÁRIOS DE MÁQUINAS E EQUIPAMENTOS","CHOR","CUSTO HORÁRIO PRODUTIVO DIURNO",325,"","",96157,"TRATOR DE PNEUS COM POTÊNCIA DE 85 CV, TRAÇÃO 4X4, COM VASSOURA MECÂNICA ACOPLADA - CHP DIURNO. AF_03/2017","CHP","COEFICIENTE DE REPRESENTATIVIDADE",80.45,"S","SINAPI",96056,1,"H","COEFICIENTE DE REPRESENTATIVIDADE",1,8.71,8.71,"","","","","","","","","","","CAIXA REFERENCIAL"]
["CUSTOS HORÁRIOS DE MÁQUINAS E EQUIPAMENTOS","CHOR","CUSTO HORÁRIO IMPRODUTIVO DIURNO",327,"","",5681,"RETROESCAVADEIRA SOBRE RODAS COM CARREGADEIRA, TRAÇÃO 4X2, POTÊNCIA LÍQ. 79 HP, CAÇAMBA CARREG. CAP. MÍN. 1 M3, CAÇAMBA RETRO CAP. 0,20 M3, PESO OPERACIONAL MÍN. 6.570 KG, PROFUNDIDADE ESCAVAÇÃO MÁX. 4,37 M - CHI DIURNO. AF_06/2014","CHI","COEFICIENTE DE REPRESENTATIVIDADE",42.57,"","SINAPI","","","","","","","",23.09,54.2400753,4.89,11.4869626,14.59,34.2729621,0,0,0,0,"CAIXA REFERENCIAL"]
["CUSTOS HORÁRIOS DE MÁQUINAS E EQUIPAMENTOS","CHOR","CUSTO HORÁRIO IMPRODUTIVO DIURNO",327,"","",5685,"ROLO COMPACTADOR VIBRATÓRIO DE UM CILINDRO AÇO LISO, POTÊNCIA 80 HP, PESO OPERACIONAL MÁXIMO 8,1 T, IMPACTO DINÂMICO 16,15 / 9,5 T, LARGURA DE TRABALHO 1,68 M - CHI DIURNO. AF_06/2014","CHI","COEFICIENTE DE REPRESENTATIVIDADE",42.66,"S","SINAPI",89210,1,"H","COEFICIENTE DE REPRESENTATIVIDADE",1,15.17,15.17,"","","","","","","","","","","CAIXA REFERENCIAL"]
["CUSTOS HORÁRIOS DE MÁQUINAS E EQUIPAMENTOS","CHOR","CUSTO HORÁRIO IMPRODUTIVO DIURNO",327,"","",5865,"ROLO COMPACTADOR VIBRATÓRIO REBOCÁVEL, CILINDRO DE AÇO LISO, POTÊNCIA DE TRAÇÃO DE 65 CV, PESO 4,7 T, IMPACTO DINÂMICO 18,3 T, LARGURA DE TRABALHO 1,67 M - CHI DIURNO. AF_02/2016","CHI","COEFICIENTE DE REPRESENTATIVIDADE",5.78,"S","SINAPI",93238,1,"H","COEFICIENTE DE REPRESENTATIVIDADE",1,1.2,1.2,"","","","","","","","","","","CAIXA REFERENCIAL"]
["CUSTOS HORÁRIOS DE MÁQUINAS E EQUIPAMENTOS","CHOR","CUSTO HORÁRIO IMPRODUTIVO DIURNO",327,"","",5930,"GUINDAUTO HIDRÁULICO, CAPACIDADE MÁXIMA DE CARGA 6200 KG, MOMENTO MÁXIMO DE CARGA 11,7 TM, ALCANCE MÁXIMO HORIZONTAL 9,70 M, INCLUSIVE CAMINHÃO TOCO PBT 16.000 KG, POTÊNCIA DE 189 CV - CHI DIURNO. AF_06/2014","CHI","COEFICIENTE DE REPRESENTATIVIDADE",37.35,"","SINAPI","","","","","","","",21.47,57.4832665,4.08,10.9236947,11.8,31.5930388,0,0,0,0,"CAIXA REFERENCIAL"]
["CUSTOS HORÁRIOS DE MÁQUINAS E EQUIPAMENTOS","CHOR","CUSTO HORÁRIO IMPRODUTIVO DIURNO",327,"","",7031,"TANQUE DE ASFALTO ESTACIONÁRIO COM SERPENTINA, CAPACIDADE 30.000 L - CHI DIURNO. AF_06/2014","CHI","COEFICIENTE DE REPRESENTATIVIDADE",1.59,"S","SINAPI",7032,1,"H","COEFICIENTE DE REPRESENTATIVIDADE",1,1.14,1.14,"","","","","","","","","","","CAIXA REFERENCIAL"]
["CUSTOS HORÁRIOS DE MÁQUINAS E EQUIPAMENTOS","CHOR","CUSTO HORÁRIO IMPRODUTIVO DIURNO",327,"","",67827,"CAMINHÃO BASCULANTE 6 M3 TOCO, PESO BRUTO TOTAL 16.000 KG, CARGA ÚTIL MÁXIMA 11.130 KG, DISTÂNCIA ENTRE EIXOS 5,36 M, POTÊNCIA 185 CV, INCLUSIVE CAÇAMBA METÁLICA - CHI DIURNO. AF_06/2014","CHI","COEFICIENTE DE REPRESENTATIVIDADE",36.98,"S","SINAPI",7058,1,"H","COEFICIENTE DE REPRESENTATIVIDADE",1,9.47,9.47,"","","","","","","","","","","CAIXA REFERENCIAL"]
["CUSTOS HORÁRIOS DE MÁQUINAS E EQUIPAMENTOS","CHOR","CUSTO HORÁRIO IMPRODUTIVO DIURNO",327,"","",88844,"TRATOR DE ESTEIRAS, POTÊNCIA 125 HP, PESO OPERACIONAL 12,9 T, COM LÂMINA 2,7 M3 - CHI DIURNO. AF_10/2014","CHI","COEFICIENTE DE REPRESENTATIVIDADE",53.22,"S","SINAPI",88840,1,"H","COEFICIENTE DE REPRESENTATIVIDADE",1,8.25,8.25,"","","","","","","","","","","CAIXA REFERENCIAL"]
["CUSTOS HORÁRIOS DE MÁQUINAS E EQUIPAMENTOS","CHOR","CUSTO HORÁRIO IMPRODUTIVO DIURNO",327,"","",89273,"GUINDASTE HIDRÁULICO AUTOPROPELIDO, COM LANÇA TELESCÓPICA 28,80 M, CAPACIDADE MÁXIMA 30 T, POTÊNCIA 97 KW, TRAÇÃO 4 X 4 - CHI DIURNO. AF_11/2014","CHI","COEFICIENTE DE REPRESENTATIVIDADE",64.03,"S","SINAPI",88296,1,"H","COEFICIENTE DE REPRESENTATIVIDADE",1,31.72,31.72,"","","","","","","","","","","CAIXA REFERENCIAL"]
["CUSTOS HORÁRIOS DE MÁQUINAS E EQUIPAMENTOS","CHOR","CUSTO HORÁRIO IMPRODUTIVO DIURNO",327,"","",90663,"BOMBA DE PROJEÇÃO DE CONCRETO SECO, POTÊNCIA 10 CV, VAZÃO 6 M3/H - CHI DIURNO. AF_06/2015","CHI","COEFICIENTE DE REPRESENTATIVIDADE",3.46,"","SINAPI","","","","","","","",0,0,0,0,3.46,100,0,0,0,0,"CAIXA REFERENCIAL"]
["CUSTOS HORÁRIOS DE MÁQUINAS E EQUIPAMENTOS","CHOR","CUSTO HORÁRIO IMPRODUTIVO DIURNO",327,"","",91032,"CAMINHÃO TRUCADO (C/ TERCEIRO EIXO) ELETRÔNICO - POTÊNCIA 231CV - PBT = 22000KG - DIST. ENTRE EIXOS 5170 MM - INCLUI CARROCERIA FIXA ABERTA DE MADEIRA - CHI DIURNO. AF_06/2015","CHI","COEFICIENTE DE REPRESENTATIVIDADE",36.55,"S","SINAPI",88282,1,"H","COEFICIENTE DE REPRESENTATIVIDADE",1,23.52,23.52,"","","","","","","","","","","CAIXA REFERENCIAL"]
["CUSTOS HORÁRIOS DE MÁQUINAS E EQUIPAMENTOS","CHOR","CUSTO HORÁRIO IMPRODUTIVO DIURNO",327,"","",91387,"CAMINHÃO BASCULANTE 10 M3, TRUCADO CABINE SIMPLES, PESO BRUTO TOTAL 23.000 KG, CARGA ÚTIL MÁXIMA 15.935 KG, DISTÂNCIA ENTRE EIXOS 4,80 M, POTÊNCIA 230 CV INCLUSIVE CAÇAMBA METÁLICA - CHI DIURNO. AF_06/2014","CHI","COEFICIENTE DE REPRESENTATIVIDADE",39.41,"S","SINAPI",91382,1,"H","COEFICIENTE DE REPRESENTATIVIDADE",1,0.8,0.8,"","","","","","","","","","","CAIXA REFERENCIAL"]
["CUSTOS HORÁRIOS DE MÁQUINAS E EQUIPAMENTOS","CHOR","CUSTO HORÁRIO IMPRODUTIVO DIURNO",327,"","",92113,"PENEIRA ROTATIVA COM MOTOR ELÉTRICO TRIFÁSICO DE 2 CV, CILINDRO DE 1 M X 0,60 M, COM FUROS DE 3,17 MM - CHI DIURNO. AF_11/2015","CHI","COEFICIENTE DE REPRESENTATIVIDADE",0.77,"S","SINAPI",92109,1,"H","COEFICIENTE DE REPRESENTATIVIDADE",1,0.14,0.14,"","","","","","","","","","","CAIXA REFERENCIAL"]
["CUSTOS HORÁRIOS DE MÁQUINAS E EQUIPAMENTOS","CHOR","CUSTO HORÁRIO IMPRODUTIVO DIURNO",327,"","",93244,"ROLO COMPACTADOR VIBRATÓRIO PÉ DE CARNEIRO PARA SOLOS, POTÊNCIA 80 HP, PESO OPERACIONAL SEM/COM LASTRO 7,4 / 8,8 T, LARGURA DE TRABALHO 1,68 M - CHI DIURNO. AF_02/2016","CHI","COEFICIENTE DE REPRESENTATIVIDADE",43.42,"S","SINAPI",88303,1,"H","COEFICIENTE DE REPRESENTATIVIDADE",1,23.51,23.51,"","","","","","","","","","","CAIXA REFERENCIAL"]
["CUSTOS HORÁRIOS DE MÁQUINAS E EQUIPAMENTOS","CHOR","CUSTO HORÁRIO IMPRODUTIVO DIURNO",327,"","",95122,"USINA MISTURADORA DE SOLOS, CAPACIDADE DE 200 A 500 TON/H, POTENCIA 75KW - CHI DIURNO. AF_07/2016","CHI","ATRIBUÍDO SÃO PAULO",127.43,"S","SINAPI",88304,1,"H","COEFICIENTE DE REPRESENTATIVIDADE",1,24.38,24.38,"","","","","","","","","","","CAIXA REFERENCIAL"]
["CUSTOS HORÁRIOS DE MÁQUINAS E EQUIPAMENTOS","CHOR","CUSTO HORÁRIO IMPRODUTIVO DIURNO",327,"","",95128,"DISTRIBUIDOR DE AGREGADOS AUTOPROPELIDO, CAP 3 M3, A DIESEL, POTÊNCIA 176CV - CHI DIURNO. AF_07/2016","CHI","ATRIBUÍDO SÃO PAULO",37.25,"S","SINAPI",95123,1,"H","ATRIBUÍDO SÃO PAULO",1,10.01,10.01,"","","","","","","","","","","CAIXA REFERENCIAL"]
["CUSTOS HORÁRIOS DE MÁQUINAS E EQUIPAMENTOS","CHOR","CUSTO HORÁRIO IMPRODUTIVO DIURNO",327,"","",95709,"PERFURATRIZ SOBRE ESTEIRA, TORQUE MÁXIMO 600 KGF, POTÊNCIA ENTRE 50 E 60 HP, DIÂMETRO MÁXIMO 10” - CHI DIURNO. AF_11/2016","CHI","COEFICIENTE DE REPRESENTATIVIDADE",54.58,"S","SINAPI",95704,1,"H","COEFICIENTE DE REPRESENTATIVIDADE",1,24.03,24.03,"","","","","","","","","","","CAIXA REFERENCIAL"]
["CUSTOS HORÁRIOS DE MÁQUINAS E EQUIPAMENTOS","CHOR","CUSTO HORÁRIO IMPRODUTIVO DIURNO",327,"","",96159,"MÁQUINA DEMARCADORA DE FAIXA DE TRÁFEGO À FRIO, AUTOPROPELIDA, POTÊNCIA 38 HP - CHI DIURNO. AF_07/2016","CHI","ATRIBUÍDO SÃO PAULO",50.27,"S","SINAPI",88293,1,"H","COEFICIENTE DE REPRESENTATIVIDADE",1,26.28,26.28,"","","","","","","","","","","CAIXA REFERENCIAL"]
["CUSTOS HORÁRIOS DE MÁQUINAS E EQUIPAMENTOS","CHOR","COMPOSIÇÕES AUXILIARES",329,"","",5692,"MOTOBOMBA CENTRÍFUGA, MOTOR A GASOLINA, POTÊNCIA 5,42 HP, BOCAIS 1 1/2\" X 1\", DIÂMETRO ROTOR 143 MM HM/Q = 6 MCA / 16,8 M3/H A 38 MCA / 6,6 M3/H - MANUTENÇÃO. AF_06/2014","H","COEFICIENTE DE REPRESENTATIVIDADE",0.12,"I","SINAPI",36502,7e-05,"UN","COEFICIENTE DE REPRESENTATIVIDADE",7e-05,{"v":1847.13,"d":"1,847.13"},0.12,"","","","","","","","","","","CAIXA REFERENCIAL"]
["CUSTOS HORÁRIOS DE MÁQUINAS E EQUIPAMENTOS","CHOR","COMPOSIÇÕES AUXILIARES",329,"","",5705,"CAMINHÃO TOCO, PBT 16.000 KG, CARGA ÚTIL MÁX. 10.685 KG, DIST. ENTRE EIXOS 4,8 M, POTÊNCIA 189 CV, INCLUSIVE CARROCERIA FIXA ABERTA DE MADEIRA P/ TRANSPORTE GERAL DE CARGA SECA, DIMEN. APROX. 2,5 X 7,00 X 0,50 M - MANUTENÇÃO. AF_06/2014","H","COEFICIENTE DE REPRESENTATIVIDADE",11.64,"I","SINAPI",37761,6.43e-05,"UN","COEFICIENTE DE REPRESENTATIVIDADE",6.43e-05,{"v":169469.14,"d":"169,469.14"},10.89,"","","","","","","","","","","CAIXA REFERENCIAL"]
["CUSTOS HORÁRIOS DE MÁQUINAS E EQUIPAMENTOS","CHOR","COMPOSIÇÕES AUXILIARES",329,"","",5751,"CAMINHÃO TOCO, PESO BRUTO TOTAL 14.300 KG, CARGA ÚTIL MÁXIMA 9590 KG, DISTÂNCIA ENTRE EIXOS 4,76 M, POTÊNCIA 185 CV (NÃO INCLUI CARROCERIA) - MANUTENÇÃO. AF_06/2014","H","COEFICIENTE DE REPRESENTATIVIDADE",12.93,"","SINAPI","","","","","","","",0,0,0,0,12.93,100,0,0,0,0,"CAIXA REFERENCIAL"]
["CUSTOS HORÁRIOS DE MÁQUINAS E EQUIPAMENTOS","CHOR","COMPOSIÇÕES AUXILIARES",329,"","",7052,"ROLO COMPACTADOR PE DE CARNEIRO VIBRATORIO, POTENCIA 125 HP, PESO OPERACIONAL SEM/COM LASTRO 11,95 / 13,30 T, IMPACTO DINAMICO 38,5 / 22,5 T, LARGURA DE TRABALHO 2,15 M - JUROS. AF_06/2014","H","COEFICIENTE DE REPRESENTATIVIDADE",5.52,"","SINAPI","","","","","","","",0,0,0,0,5.52,100,0,0,0,0,"CAIXA REFERENCIAL"]
["CUSTOS HORÁRIOS DE MÁQUINAS E EQUIPAMENTOS","CHOR","COMPOSIÇÕES AUXILIARES",329,"","",53810,"TRATOR DE ESTEIRAS, POTÊNCIA 150 HP, PESO OPERACIONAL 16,7 T, COM RODA MOTRIZ ELEVADA E LÂMINA 3,18 M3 - MANUTENÇÃO. AF_06/2014","H","COLETADO",42.75,"","SINAPI","","","","","","","",0,0,0,0,42.75,100,0,0,0,0,"CAIXA REFERENCIAL"]
["CUSTOS HORÁRIOS DE MÁQUINAS E EQUIPAMENTOS","CHOR","COMPOSIÇÕES AUXILIARES",329,"","",73307,"GRUPO GERADOR ESTACIONÁRIO, MOTOR DIESEL POTÊNCIA 170 KVA - MANUTENÇÃO. AF_02/2016","H","COEFICIENTE DE REPRESENTATIVIDADE",2.26,"","SINAPI","","","","","","","",0,0,0,0,2.26,100,0,0,0,0,"CAIXA REFERENCIAL"]
["CUSTOS HORÁRIOS DE MÁQUINAS E EQUIPAMENTOS","CHOR","COMPOSIÇÕES AUXILIARES",329,"","",73335,"CAMINHÃO TOCO, PBT 14.300 KG, CARGA ÚTIL MÁX. 9.710 KG, DIST. ENTRE EIXOS 3,56 M, POTÊNCIA 185 CV, INCLUSIVE CARROCERIA FIXA ABERTA DE MADEIRA P/ TRANSPORTE GERAL DE CARGA SECA, DIMEN. APROX. 2,50 X 6,50 X 0,50 M - MANUTENÇÃO. AF_06/2014","H","COEFICIENTE DE REPRESENTATIVIDADE",13.86,"","SINAPI","","","","","","","",0,0,0,0,13.86,100,0,0,0,0,"CAIXA REFERENCIAL"]
["CUSTOS HORÁRIOS DE MÁQUINAS E EQUIPAMENTOS","CHOR","COMPOSIÇÕES AUXILIARES",329,"","",88396,"MISTURADOR DE ARGAMASSA, EIXO HORIZONTAL, CAPACIDADE DE MISTURA 600 KG, MOTOR ELÉTRICO POTÊNCIA 7,5 CV - MANUTENÇÃO. AF_06/2014","H","COEFICIENTE DE REPRESENTATIVIDADE",0.85,"I","SINAPI",37545,8e-05,"UN","COEFICIENTE DE REPRESENTATIVIDADE",8e-05,{"v":10706.72,"d":"10,706.72"},0.85,"","","","","","","","","","","CAIXA REFERENCIAL"]
["CUSTOS HORÁRIOS DE MÁQUINAS E EQUIPAMENTOS","CHOR","COMPOSIÇÕES AUXILIARES",329,"","",88832,"ESCAVADEIRA HIDRÁULICA SOBRE ESTEIRAS, CAÇAMBA 0,80 M3, PESO OPERACIONAL 17,8 T, POTÊNCIA LÍQUIDA 110 HP - DEPRECIAÇÃO. AF_10/2014","H","COEFICIENTE DE REPRESENTATIVIDADE",23.5,"","SINAPI","","","","","","","",0,0,0,0,23.5,100,0,0,0,0,"CAIXA REFERENCIAL"]
["CUSTOS HORÁRIOS DE MÁQUINAS E EQUIPAMENTOS","CHOR","COMPOSIÇÕES AUXILIARES",329,"","",88904,"ESCAVADEIRA HIDRÁULICA SOBRE ESTEIRAS, CAÇAMBA 1,20 M3, PESO OPERACIONAL 21 T, POTÊNCIA BRUTA 155 HP - MATERIAIS NA OPERAÇÃO. AF_06/2014","H","COLETADO",66.59,"I","SINAPI",4221,20.81,"L","COLETADO",20.81,3.2,66.59,"","","","","","","","","","","CAIXA REFERENCIAL"]
["CUSTOS HORÁRIOS DE MÁQUINAS E EQUIPAMENTOS","CHOR","COMPOSIÇÕES AUXILIARES",329,"","",89011,"RETROESCAVADEIRA SOBRE RODAS COM CARREGADEIRA, TRAÇÃO 4X4, POTÊNCIA LÍQ. 72 HP, CAÇAMBA CARREG. CAP. MÍN. 0,79 M3, CAÇAMBA RETRO CAP. 0,18 M3, PESO OPERACIONAL MÍN. 7.140 KG, PROFUNDIDADE ESCAVAÇÃO MÁX. 4,50 M - DEPRECIAÇÃO. AF_06/2014","H","COLETADO",12.6,"I","SINAPI",6046,5.6e-05,"UN","COLETADO",5.6e-05,{"v":225000,"d":"225,000.00"},12.6,"","","","","","","","","","","CAIXA REFERENCIAL"]
["CUSTOS HORÁRIOS DE MÁQUINAS E EQUIPAMENTOS","CHOR","COMPOSIÇÕES AUXILIARES",329,"","",89210,"ROLO COMPACTADOR VIBRATÓRIO DE UM CILINDRO AÇO LISO, POTÊNCIA 80 HP, PESO OPERACIONAL MÁXIMO 8,1 T, IMPACTO DINÂMICO 16,15 / 9,5 T, LARGURA DE TRABALHO 1,68 M - DEPRECIAÇÃO. AF_06/2014","H","COEFICIENTE DE REPRESENTATIVIDADE",15.17,"","SINAPI","","","","","","","",0,0,0,0,15.17,100,0,0,0,0,"CAIXA REFERENCIAL"]
["CUSTOS HORÁRIOS DE MÁQUINAS E EQUIPAMENTOS","CHOR","COMPOSIÇÕES AUXILIARES",329,"","",89239,"FRESADORA DE ASFALTO A FRIO SOBRE RODAS, LARGURA FRESAGEM DE 2,0 M, POTÊNCIA 550 HP - MATERIAIS NA OPERAÇÃO. AF_11/2014","H","COLETADO",236.35,"I","SINAPI",4221,73.86,"L","COLETADO",73.86,3.2,236.35,"","","","","","","","","","","CAIXA REFERENCIAL"]
["CUSTOS HORÁRIOS DE MÁQUINAS E EQUIPAMENTOS","CHOR","COMPOSIÇÕES AUXILIARES",329,"","",89265,"CAMINHÃO TOCO, PBT 16.000 KG, CARGA ÚTIL MÁX. 10.685 KG, DIST. ENTRE EIXOS 4,8 M, POTÊNCIA 189 CV, INCLUSIVE CARROCERIA FIXA ABERTA DE MADEIRA P/ TRANSPORTE GERAL DE CARGA SECA, DIMEN. APROX. 2,5 X 7,00 X 0,50 M - JUROS. AF_06/2014","H","COEFICIENTE DE REPRESENTATIVIDADE",2.47,"I","SINAPI",37731,1.37e-05,"UN","COEFICIENTE DE REPRESENTATIVIDADE",1.37e-05,{"v":11676.92,"d":"11,676.92"},0.15,"","","","","","","","","","","CAIXA REFERENCIAL"]
["CUSTOS HORÁRIOS DE MÁQUINAS E EQUIPAMENTOS","CHOR","COMPOSIÇÕES AUXILIARES",329,"","",89274,"BETONEIRA CAPACIDADE NOMINAL DE 600 L, CAPACIDADE DE MISTURA 440 L, MOTOR A DIESEL POTÊNCIA 10 HP, COM CARREGADOR - DEPRECIAÇÃO. AF_11/2014","H","COEFICIENTE DE REPRESENTATIVIDADE",1.07,"I","SINAPI",36398,6.4e-05,"UN","COEFICIENTE DE REPRESENTATIVIDADE",6.4e-05,{"v":16784.86,"d":"16,784.86"},1.07,"","","","","","","","","","","CAIXA REFERENCIAL"]
["CUSTOS HORÁRIOS DE MÁQUINAS E EQUIPAMENTOS","CHOR","COMPOSIÇÕES AUXILIARES",329,"","",90582,"VIBRADOR DE IMERSÃO, DIÂMETRO DE PONTEIRA 45MM, MOTOR ELÉTRICO TRIFÁSICO POTÊNCIA DE 2 CV - DEPRECIAÇÃO. AF_06/2015","H","COEFICIENTE DE REPRESENTATIVIDADE",0.16,"","SINAPI","","","","","","","",0,0,0,0,0.16,100,0,0,0,0,"CAIXA REFERENCIAL"]
["CUSTOS HORÁRIOS DE MÁQUINAS E EQUIPAMENTOS","CHOR","COMPOSIÇÕES AUXILIARES",329,"","",90642,"BOMBA TRIPLEX, PARA INJEÇÃO DE NATA DE CIMENTO, VAZÃO MÁXIMA DE 100 LITROS/MINUTO, PRESSÃO MÁXIMA DE 70 BAR - MATERIAIS NA OPERAÇÃO. AF_06/2015","H","COLETADO",4.67,"I","SINAPI",4221,1.46,"L","COLETADO",1.46,3.2,4.67,"","","","","","","","","","","CAIXA REFERENCIAL"]
["CUSTOS HORÁRIOS DE MÁQUINAS E EQUIPAMENTOS","CHOR","COMPOSIÇÕES AUXILIARES",329,"","",90676,"PERFURATRIZ HIDRÁULICA SOBRE CAMINHÃO COM TRADO CURTO ACOPLADO, PROFUNDIDADE MÁXIMA DE 20 M, DIÂMETRO MÁXIMO DE 1500 MM, POTÊNCIA INSTALADA DE 137 HP, MESA ROTATIVA COM TORQUE MÁXIMO DE 30 KNM - DEPRECIAÇÃO. AF_06/2015","H","COEFICIENTE DE REPRESENTATIVIDADE",56.93,"","SINAPI","","","","","","","",0,0,0,0,56.93,100,0,0,0,0,"CAIXA REFERENCIAL"]
["CUSTOS HORÁRIOS DE MÁQUINAS E EQUIPAMENTOS","CHOR","COMPOSIÇÕES AUXILIARES",329,"","",90968,"COMPRESSOR DE AR REBOCAVEL, VAZÃO 250 PCM, PRESSAO DE TRABALHO 102 PSI, MOTOR A DIESEL POTÊNCIA 81 CV - DEPRECIAÇÃO. AF_06/2015","H","COEFICIENTE DE REPRESENTATIVIDADE",2.34,"","SINAPI","","","","","","","",0,0,0,0,2.34,100,0,0,0,0,"CAIXA REFERENCIAL"]
["CUSTOS HORÁRIOS DE MÁQUINAS E EQUIPAMENTOS","CHOR","COMPOSIÇÕES AUXILIARES",329,"","",90976,"COMPRESSOR DE AR REBOCÁVEL, VAZÃO 748 PCM, PRESSÃO EFETIVA DE TRABALHO 102 PSI, MOTOR DIESEL, POTÊNCIA 210 CV - JUROS. AF_06/2015","H","COEFICIENTE DE REPRESENTATIVIDADE",1.56,"","SINAPI","","","","","","","",0,0,0,0,1.56,100,0,0,0,0,"CAIXA REFERENCIAL"]
["CUSTOS HORÁRIOS DE MÁQUINAS E EQUIPAMENTOS","CHOR","COMPOSIÇÕES AUXILIARES",329,"","",91279,"CORTADORA DE PISO COM MOTOR 4 TEMPOS A GASOLINA, POTÊNCIA DE 13 HP, COM DISCO DE CORTE DIAMANTADO SEGMENTADO PARA CONCRETO, DIÂMETRO DE 350 MM, FURO DE 1\" (14 X 1\") - DEPRECIAÇÃO. AF_08/2015","H","COEFICIENTE DE REPRESENTATIVIDADE",0.59,"","SINAPI","","","","","","","",0,0,0,0,0.59,100,0,0,0,0,"CAIXA REFERENCIAL"]
["CUSTOS HORÁRIOS DE MÁQUINAS E EQUIPAMENTOS","CHOR","COMPOSIÇÕES AUXILIARES",329,"","",91377,"CAMINHÃO TOCO, PESO BRUTO TOTAL 16.000 KG, CARGA ÚTIL MÁXIMA DE 10.685 KG, DISTÂNCIA ENTRE EIXOS 4,80 M, POTÊNCIA 189 CV EXCLUSIVE CARROCERIA - IMPOSTOS E SEGUROS. AF_06/2014","H","COEFICIENTE DE REPRESENTATIVIDADE",0.47,"I","SINAPI",37761,2.8e-06,"UN","COEFICIENTE DE REPRESENTATIVIDADE",2.8e-06,{"v":169469.14,"d":"169,469.14"},0.47,"","","","","","","","","","","CAIXA REFERENCIAL"]
["CUSTOS HORÁRIOS DE MÁQUINAS E EQUIPAMENTOS","CHOR","COMPOSIÇÕES AUXILIARES",329,"","",91468,"ESPARGIDOR DE ASFALTO PRESSURIZADO, TANQUE 6 M3 COM ISOLAÇÃO TÉRMICA, AQUECIDO COM 2 MAÇARICOS, COM BARRA ESPARGIDORA 3,60 M, MONTADO SOBRE CAMINHÃO  TOCO, PBT 14.300 KG, POTÊNCIA 185 CV - DEPRECIAÇÃO. AF_08/2015","H","ATRIBUÍDO SÃO PAULO",11.28,"I","SINAPI",37754,3.33e-05,"UN","COEFICIENTE DE REPRESENTATIVIDADE",3.33e-05,{"v":201168.41,"d":"201,168.41"},6.69,"","","","","","","","","","","CAIXA REFERENCIAL"]
["CUSTOS HORÁRIOS DE MÁQUINAS E EQUIPAMENTOS","CHOR","COMPOSIÇÕES AUXILIARES",329,"","",91484,"ESPARGIDOR DE ASFALTO PRESSURIZADO, TANQUE 6 M3 COM ISOLAÇÃO TÉRMICA, AQUECIDO COM 2 MAÇARICOS, COM BARRA ESPARGIDORA 3,60 M, MONTADO SOBRE CAMINHÃO  TOCO, PBT 14.300 KG, POTÊNCIA 185 CV - IMPOSTOS E SEGUROS. AF_08/2015","H","ATRIBUÍDO SÃO PAULO",0.77,"I","SINAPI",37754,2.3E-6,"UN","COEFICIENTE DE REPRESENTATIVIDADE",2.3E-6,{"v":201168.41,"d":"201,168.41"},0.46,"","","","","","","","","","","CAIXA REFERENCIAL"]
["CUSTOS HORÁRIOS DE MÁQUINAS E EQUIPAMENTOS","CHOR","COMPOSIÇÕES AUXILIARES",329,"","",91690,"SERRA CIRCULAR DE BANCADA COM MOTOR ELÉTRICO POTÊNCIA DE 5HP, COM COIFA PARA DISCO 10\" - MANUTENÇÃO. AF_08/2015","H","COEFICIENTE DE REPRESENTATIVIDADE",0.04,"","SINAPI","","","","","","","",0,0,0,0,0.04,100,0,0,0,0,"CAIXA REFERENCIAL"]
["CUSTOS HORÁRIOS DE MÁQUINAS E EQUIPAMENTOS","CHOR","COMPOSIÇÕES AUXILIARES",329,"","",92133,"CAMINHONETE COM MOTOR A DIESEL, POTÊNCIA 180 CV, CABINE DUPLA, 4X4 - DEPRECIAÇÃO. AF_11/2015","H","COEFICIENTE DE REPRESENTATIVIDADE",7.13,"I","SINAPI",1159,4.8e-05,"UN","COEFICIENTE DE REPRESENTATIVIDADE",4.8e-05,{"v":148653.69,"d":"148,653.69"},7.13,"","","","","","","","","","","CAIXA REFERENCIAL"]
["CUSTOS HORÁRIOS DE MÁQUINAS E EQUIPAMENTOS","CHOR","COMPOSIÇÕES AUXILIARES",329,"","",92715,"APARELHO PARA CORTE E SOLDA OXI-ACETILENO SOBRE RODAS, INCLUSIVE CILINDROS E MAÇARICOS - MATERIAIS NA OPERAÇÃO. AF_12/2015","H","COEFICIENTE DE REPRESENTATIVIDADE",14.13,"","SINAPI","","","","","","","",0,0,14.13,100,0,0,0,0,0,0,"CAIXA REFERENCIAL"]
["CUSTOS HORÁRIOS DE MÁQUINAS E EQUIPAMENTOS","CHOR","COMPOSIÇÕES AUXILIARES",329,"","",92959,"MÁQUINA EXTRUSORA DE CONCRETO PARA GUIAS E SARJETAS, MOTOR A DIESEL, POTÊNCIA 14 CV - MATERIAIS NA OPERAÇÃO. AF_12/2015","H","COLETADO",5.92,"I","SINAPI",4221,1.85,"L","COLETADO",1.85,3.2,5.92,"","","","","","","","","","","CAIXA REFERENCIAL"]
["CUSTOS HORÁRIOS DE MÁQUINAS E EQUIPAMENTOS","CHOR","COMPOSIÇÕES AUXILIARES",329,"","",93277,"GUINCHO ELÉTRICO DE COLUNA, CAPACIDADE 400 KG, COM MOTO FREIO, MOTOR TRIFÁSICO DE 1,25 CV - DEPRECIAÇÃO. AF_03/2016","H","COEFICIENTE DE REPRESENTATIVIDADE",0.29,"","SINAPI","","","","","","","",0,0,0,0,0.29,100,0,0,0,0,"CAIXA REFERENCIAL"]
["CUSTOS HORÁRIOS DE MÁQUINAS E EQUIPAMENTOS","CHOR","COMPOSIÇÕES AUXILIARES",329,"","",93406,"MÁQUINA JATO DE PRESSAO PORTÁTIL PARA JATEAMENTO, CONTROLE AUTOMATICO REMOTO, CAMARA DE 1 SAIDA, CAPACIDADE 280 L, DIAMETRO 670 MM, BICO DE JATO CURTO VENTURI DE 5/16”, MANGUEIRA DE 1” COM COMPRESSOR DE AR REBOCÁVEL VAZÃO 189 PCM E MOTOR DIESEL DE 63 CV- MANUTENÇÃO. AF_03/2016","H","COEFICIENTE DE REPRESENTATIVIDADE",4.11,"I","SINAPI",36522,9e-05,"UN","COEFICIENTE DE REPRESENTATIVIDADE",9e-05,{"v":32789.76,"d":"32,789.76"},2.95,"","","","","","","","","","","CAIXA REFERENCIAL"]
["CUSTOS HORÁRIOS DE MÁQUINAS E EQUIPAMENTOS","CHOR","COMPOSIÇÕES AUXILIARES",329,"","",93438,"USINA DE ASFALTO À FRIO, CAPACIDADE DE 40 A 60 TON/HORA, ELÉTRICA POTÊNCIA 30 CV - MATERIAIS NA OPERAÇÃO. AF_03/2016","H","COLETADO",15.07,"I","SINAPI",4221,4.71,"L","COLETADO",4.71,3.2,15.07,"","","","","","","","","","","CAIXA REFERENCIAL"]
["CUSTOS HORÁRIOS DE MÁQUINAS E EQUIPAMENTOS","CHOR","COMPOSIÇÕES AUXILIARES",329,"","",95209,"GRUA ASCENCIONAL, LANCA DE 42 M, CAPACIDADE DE 1,5 T A 30 M, ALTURA ATE 39 M – JUROS. AF_08/2016","H","COEFICIENTE DE REPRESENTATIVIDADE",5.33,"","SINAPI","","","","","","","",0,0,0,0,5.33,100,0,0,0,0,"CAIXA REFERENCIAL"]
["CUSTOS HORÁRIOS DE MÁQUINAS E EQUIPAMENTOS","CHOR","COMPOSIÇÕES AUXILIARES",329,"","",95216,"PULVERIZADOR DE TINTA ELÉTRICO/MÁQUINA DE PINTURA AIRLESS, VAZÃO 2 L/MIN - MANUTENÇÃO. AF_08/2016","H","COEFICIENTE DE REPRESENTATIVIDADE",0.42,"","SINAPI","","","","","","","",0,0,0,0,0.42,100,0,0,0,0,"CAIXA REFERENCIAL"]
["CUSTOS HORÁRIOS DE MÁQUINAS E EQUIPAMENTOS","CHOR","COMPOSIÇÕES AUXILIARES",329,"","",95280,"DESEMPENADEIRA DE CONCRETO, PESO DE 75KG, 4 PÁS, MOTOR A GASOLINA, POTÊNCIA 5,5 HP - MANUTENÇÃO. AF_09/2016","H","COLETADO",0.38,"I","SINAPI",10658,5e-05,"UN","COLETADO",5e-05,{"v":7660,"d":"7,660.00"},0.38,"","","","","","","","","","","CAIXA REFERENCIAL"]
["CUSTOS HORÁRIOS DE MÁQUINAS E EQUIPAMENTOS","CHOR","COMPOSIÇÕES AUXILIARES",329,"","",95713,"ESCAVADEIRA HIDRAULICA SOBRE ESTEIRA, COM GARRA GIRATORIA DE MANDIBULAS, PESO OPERACIONAL ENTRE 22,00 E 25,50 TON, POTENCIA LIQUIDA ENTRE 150 E 160 HP - MATERIAIS NA OPERAÇÃO. AF_11/2016","H","COLETADO",66.59,"","SINAPI","","","","","","","",0,0,66.59,100,0,0,0,0,0,0,"CAIXA REFERENCIAL"]
["CUSTOS HORÁRIOS DE MÁQUINAS E EQUIPAMENTOS","CHOR","COMPOSIÇÕES AUXILIARES",329,"","",96012,"TRATOR DE PNEUS COM POTÊNCIA DE 122 CV, TRAÇÃO 4X4, COM VASSOURA MECÂNICA ACOPLADA - MATERIAIS NA OPERAÇÃO. AF_02/2017","H","COLETADO",51.71,"","SINAPI","","","","","","","",0,0,51.71,100,0,0,0,0,0,0,"CAIXA REFERENCIAL"]
["CUSTOS HORÁRIOS DE MÁQUINAS E EQUIPAMENTOS","CHOR","COMPOSIÇÕES AUXILIARES",329,"","",96027,"TRATOR DE PNEUS COM POTÊNCIA DE 85 CV, TRAÇÃO 4X4, COM GRADE DE DISCOS ACOPLADA - MATERIAIS NA OPERAÇÃO. AF_02/2017","H","COLETADO",36.03,"I","SINAPI",4221,11.26,"L","COLETADO",11.26,3.2,36.03,"","","","","","","","","","","CAIXA REFERENCIAL"]
["CUSTOS HORÁRIOS DE MÁQUINAS E EQUIPAMENTOS","CHOR","COMPOSIÇÕES AUXILIARES",329,"","",96242,"MINIESCAVADEIRA SOBRE ESTEIRAS, POTENCIA LIQUIDA DE *30* HP, PESO OPERACIONAL DE *3.500* KG - JUROS. AF_04/2017","H","COEFICIENTE DE REPRESENTATIVIDADE",2.73,"","SINAPI","","","","","","","",0,0,0,0,2.73,100,0,0,0,0,"CAIXA REFERENCIAL"]
["COBERTURA","COBE","MADEIRAMENTO",73,"","",72086,"RECOLOCACAO DE MADEIRAMENTO DO TELHADO - CAIBROS, CONSIDERANDO REAPROVEITAMENTO DE MATERIAL","M","COEFICIENTE DE REPRESENTATIVIDADE",5.97,"S","SINAPI",88262,0.15,"H","COEFICIENTE DE REPRESENTATIVIDADE",0.15,21.68,3.25,"","","","","","","","","","","CAIXA REFERENCIAL"]
["COBERTURA","COBE","MADEIRAMENTO",73,"","",92539,"TRAMA DE MADEIRA COMPOSTA POR RIPAS, CAIBROS E TERÇAS PARA TELHADOS DE ATÉ 2 ÁGUAS PARA TELHA DE ENCAIXE DE CERÂMICA OU DE CONCRETO, INCLUSO TRANSPORTE VERTICAL. AF_12/2015","M2","COEFICIENTE DE REPRESENTATIVIDADE",56.67,"I","SINAPI",40568,0.03,"KG","COEFICIENTE DE REPRESENTATIVIDADE",0.03,8.73,0.26,"","","","","","","","","","","CAIXA REFERENCIAL"]
["COBERTURA","COBE","MADEIRAMENTO",73,"","",92543,"TRAMA DE MADEIRA COMPOSTA POR TERÇAS PARA TELHADOS DE ATÉ 2 ÁGUAS PARA TELHA ONDULADA DE FIBROCIMENTO, METÁLICA, PLÁSTICA OU TERMOACÚSTICA, INCLUSO TRANSPORTE VERTICAL. AF_12/2015","M2","COEFICIENTE DE REPRESENTATIVIDADE",16.62,"S","SINAPI",93281,0.0046,"CHP","COEFICIENTE DE REPRESENTATIVIDADE",0.0046,17.12,0.07,"","","","","","","","","","","CAIXA REFERENCIAL"]
["COBERTURA","COBE","MADEIRAMENTO",73,"","",92544,"TRAMA DE MADEIRA COMPOSTA POR TERÇAS PARA TELHADOS DE ATÉ 2 ÁGUAS PARA TELHA ESTRUTURAL DE FIBROCIMENTO, INCLUSO TRANSPORTE VERTICAL. AF_12/2015","M2","COEFICIENTE DE REPRESENTATIVIDADE",14.14,"S","SINAPI",88262,0.099,"H","COEFICIENTE DE REPRESENTATIVIDADE",0.099,21.68,2.14,"","","","","","","","","","","CAIXA REFERENCIAL"]
["COBERTURA","COBE","MADEIRAMENTO",73,"","",92549,"FABRICAÇÃO E INSTALAÇÃO DE TESOURA INTEIRA EM MADEIRA NÃO APARELHADA, VÃO DE 7 M, PARA TELHA CERÂMICA OU DE CONCRETO, INCLUSO IÇAMENTO. AF_12/2015","UN","COEFICIENTE DE REPRESENTATIVIDADE",{"v":1358.26,"d":"1,358.26"},"I","SINAPI",4400,6,"M","COEFICIENTE DE REPRESENTATIVIDADE",6,12.92,77.52,"","","","","","","","","","","CAIXA REFERENCIAL"]
["COBERTURA","COBE","MADEIRAMENTO",73,"","",92552,"FABRICAÇÃO E INSTALAÇÃO DE TESOURA INTEIRA EM MADEIRA NÃO APARELHADA, VÃO DE 10 M, PARA TELHA CERÂMICA OU DE CONCRETO, INCLUSO IÇAMENTO. AF_12/2015","UN","COEFICIENTE DE REPRESENTATIVIDADE",{"v":1817.47,"d":"1,817.47"},"I","SINAPI",39027,3,"KG","COEFICIENTE DE REPRESENTATIVIDADE",3,8.66,25.98,"","","","","","","","","","","CAIXA REFERENCIAL"]
["COBERTURA","COBE","MADEIRAMENTO",73,"","",92556,"FABRICAÇÃO E INSTALAÇÃO DE TESOURA INTEIRA EM MADEIRA NÃO APARELHADA, VÃO DE 4 M, PARA TELHA ONDULADA DE FIBROCIMENTO, METÁLICA, PLÁSTICA OU TERMOACÚSTICA, INCLUSO IÇAMENTO. AF_12/2015","UN","COEFICIENTE DE REPRESENTATIVIDADE",900.47,"","SINAPI","","","","","","","",298.33,33.1310706,559.99,62.1868819,25.87,2.8739081,0,0,16.28,1.8081394,"CAIXA REFERENCIAL"]
["COBERTURA","COBE","MADEIRAMENTO",73,"","",92557,"FABRICAÇÃO E INSTALAÇÃO DE TESOURA INTEIRA EM MADEIRA NÃO APARELHADA, VÃO DE 5 M, PARA TELHA ONDULADA DE FIBROCIMENTO, METÁLICA, PLÁSTICA OU TERMOACÚSTICA, INCLUSO IÇAMENTO. AF_12/2015","UN","COEFICIENTE DE REPRESENTATIVIDADE",948.95,"I","SINAPI",4400,2.5,"M","COEFICIENTE DE REPRESENTATIVIDADE",2.5,12.92,32.3,"","","","","","","","","","","CAIXA REFERENCIAL"]
["COBERTURA","COBE","MADEIRAMENTO",73,"","",92560,"FABRICAÇÃO E INSTALAÇÃO DE TESOURA INTEIRA EM MADEIRA NÃO APARELHADA, VÃO DE 8 M, PARA TELHA ONDULADA DE FIBROCIMENTO, METÁLICA, PLÁSTICA OU TERMOACÚSTICA, INCLUSO IÇAMENTO. AF_12/2015","UN","COEFICIENTE DE REPRESENTATIVIDADE",{"v":1571.48,"d":"1,571.48"},"S","SINAPI",92261,1,"UN","COEFICIENTE DE REPRESENTATIVIDADE",1,440.28,440.28,"","","","","","","","","","","CAIXA REFERENCIAL"]
["COBERTURA","COBE","MADEIRAMENTO",73,"","",92563,"FABRICAÇÃO E INSTALAÇÃO DE TESOURA INTEIRA EM MADEIRA NÃO APARELHADA, VÃO DE 11 M, PARA TELHA ONDULADA DE FIBROCIMENTO, METÁLICA, PLÁSTICA OU TERMOACÚSTICA, INCLUSO IÇAMENTO. AF_12/2015","UN","COEFICIENTE DE REPRESENTATIVIDADE",{"v":2059.81,"d":"2,059.81"},"S","SINAPI",92262,1,"UN","COEFICIENTE DE REPRESENTATIVIDADE",1,520.6,520.6,"","","","","","","","","","","CAIXA REFERENCIAL"]
["COBERTURA","COBE","TELHAMENTO COM TELHA CERAMICA",74,"","",72089,"RECOLOCACAO DE TELHAS CERAMICAS TIPO FRANCESA, CONSIDERANDO REAPROVEITAMENTO DE MATERIAL","M2","COEFICIENTE DE REPRESENTATIVIDADE",11.22,"S","SINAPI",88323,0.5,"H","COEFICIENTE DE REPRESENTATIVIDADE",0.5,19.44,9.72,"","","","","","","","","","","CAIXA REFERENCIAL"]
["COBERTURA","COBE","TELHAMENTO COM TELHA CERAMICA",74,"","",94204,"TELHAMENTO COM TELHA CERÂMICA CAPA-CANAL, TIPO COLONIAL, COM MAIS DE 2 ÁGUAS, INCLUSO TRANSPORTE VERTICAL. AF_06/2016","M2","COEFICIENTE DE REPRESENTATIVIDADE",28.27,"S","SINAPI",93282,0.0516,"CHI","COEFICIENTE DE REPRESENTATIVIDADE",0.0516,16.35,0.84,"","","","","","","","","","","CAIXA REFERENCIAL"]
["COBERTURA","COBE","TELHAMENTO COM TELHA CERAMICA",74,"","",94225,"ISOLAMENTO TERMOACÚSTICO COM LÃ MINERAL NA SUBCOBERTURA, INCLUSO TRANSPORTE VERTICAL. AF_06/2016","M2","COEFICIENTE DE REPRESENTATIVIDADE",20.81,"I","SINAPI",40868,1.03,"M2","COEFICIENTE DE REPRESENTATIVIDADE",1.03,18.44,18.99,"","","","","","","","","","","CAIXA REFERENCIAL"]
["COBERTURA","COBE","TELHAMENTO COM TELHA CERAMICA",74,"","",94445,"TELHAMENTO COM TELHA CERÂMICA CAPA-CANAL, TIPO PLAN, COM ATÉ 2 ÁGUAS, INCLUSO TRANSPORTE VERTICAL. AF_06/2016","M2","COEFICIENTE DE REPRESENTATIVIDADE",22.7,"S","SINAPI",93281,0.0372,"CHP","COEFICIENTE DE REPRESENTATIVIDADE",0.0372,17.12,0.63,"","","","","","","","","","","CAIXA REFERENCIAL"]
["COBERTURA","COBE","TELHAMENTO COM TELHA DE FIBROCIMENTO",75,"","",94218,"TELHAMENTO COM TELHA ESTRUTURAL DE FIBROCIMENTO E= 6 MM, COM ATÉ 2 ÁGUAS, INCLUSO IÇAMENTO. AF_06/2016","M2","COEFICIENTE DE REPRESENTATIVIDADE",85.6,"I","SINAPI",7231,0.204,"UN","COEFICIENTE DE REPRESENTATIVIDADE",0.204,345.33,70.44,"","","","","","","","","","","CAIXA REFERENCIAL"]
["COBERTURA","COBE","TELHAMENTO COM TELHA METALICA",76,"","",75220,"CUMEEIRA EM PERFIL ONDULADO DE ALUMÍNIO","M","COEFICIENTE DE REPRESENTATIVIDADE",23.86,"I","SINAPI",7241,0.825,"M2","COEFICIENTE DE REPRESENTATIVIDADE",0.825,23.92,19.73,"","","","","","","","","","","CAIXA REFERENCIAL"]
["COBERTURA","COBE","TELHAMENTO COM TELHA METALICA",76,"","",94213,"TELHAMENTO COM TELHA DE AÇO/ALUMÍNIO E = 0,5 MM, COM ATÉ 2 ÁGUAS, INCLUSO IÇAMENTO. AF_06/2016","M2","COEFICIENTE DE REPRESENTATIVIDADE",38.37,"S","SINAPI",88316,0.096,"H","COEFICIENTE DE REPRESENTATIVIDADE",0.096,15.03,1.44,"","","","","","","","","","","CAIXA REFERENCIAL"]
["COBERTURA","COBE","CUMEEIRA DE FIBROCIMENTO",80,74045,"CUMEEIRA FIBROCIMENTO","74045/2","CUMEEIRA TIPO SHED PARA TELHA DE FIBROCIMENTO ONDULADA, INCLUSO JUNTAS DE VEDACAO E ACESSORIOS DE FIXACAO","M","COEFICIENTE DE REPRESENTATIVIDADE",45.33,"","SINAPI","","","","","","","",2.86,6.3178896,42.47,93.6821104,0,0,0,0,0,0,"CAIXA REFERENCIAL"]
["COBERTURA","COBE","CALHA METALICA",84,"","",94227,"CALHA EM CHAPA DE AÇO GALVANIZADO NÚMERO 24, DESENVOLVIMENTO DE 33 CM, INCLUSO TRANSPORTE VERTICAL. AF_06/2016","M","COEFICIENTE DE REPRESENTATIVIDADE",33.26,"S","SINAPI",93281,0.0132,"CHP","COEFICIENTE DE REPRESENTATIVIDADE",0.0132,17.12,0.22,"","","","","","","","","","","CAIXA REFERENCIAL"]
["COBERTURA","COBE","RUFO/ESPIGAO/RINCAO DIVERSOS",87,"","",94450,"RUFO EM FIBROCIMENTO PARA TELHA ONDULADA E = 6 MM, ABA DE 26 CM, INCLUSO TRANSPORTE VERTICAL. AF_06/2016","M","COEFICIENTE DE REPRESENTATIVIDADE",46.54,"","SINAPI","","","","","","","",2.25,4.8421962,44.29,95.1578038,0,0,0,0,0,0,"CAIXA REFERENCIAL"]
["COBERTURA","COBE","ESTRUTURA METALICA",291,"","",72110,"ESTRUTURA METALICA EM TESOURAS OU TRELICAS, VAO LIVRE DE 12M, FORNECIMENTO E MONTAGEM, NAO SENDO CONSIDERADOS OS FECHAMENTOS METALICOS, AS COLUNAS, OS SERVICOS GERAIS EM ALVENARIA E CONCRETO, AS TELHAS DE COBERTURA E A PINTURA DE ACABAMENTO","M2","COEFICIENTE DE REPRESENTATIVIDADE",79.06,"I","SINAPI",10966,10,"KG","COEFICIENTE DE REPRESENTATIVIDADE",10,5.66,56.6,"","","","","","","","","","","CAIXA REFERENCIAL"]
["COBERTURA","COBE","ESTRUTURA METALICA",291,"","",92256,"INSTALAÇÃO DE TESOURA (INTEIRA OU MEIA), EM AÇO, PARA VÃOS MAIORES OU IGUAIS A 6,0 M E MENORES QUE 8,0 M, INCLUSO IÇAMENTO. AF_12/2015","UN","COEFICIENTE DE REPRESENTATIVIDADE",157.44,"S","SINAPI",93287,0.1133,"CHP","COEFICIENTE DE REPRESENTATIVIDADE",0.1133,308.28,34.92,"","","","","","","","","","","CAIXA REFERENCIAL"]
["COBERTURA","COBE","ESTRUTURA METALICA",291,"","",92570,"TRAMA DE AÇO COMPOSTA POR RIPAS PARA TELHADOS DE ATÉ 2 ÁGUAS PARA TELHA DE ENCAIXE DE CERÂMICA OU DE CONCRETO, INCLUSO TRANSPORTE VERTICAL. AF_12/2015","M2","COEFICIENTE DE REPRESENTATIVIDADE",13.76,"I","SINAPI",40664,2.109,"KG","COEFICIENTE DE REPRESENTATIVIDADE",2.109,5.31,11.19,"","","","","","","","","","","CAIXA REFERENCIAL"]
["COBERTURA","COBE","ESTRUTURA METALICA",291,"","",92574,"TRAMA DE AÇO COMPOSTA POR RIPAS, CAIBROS E TERÇAS PARA TELHADOS DE ATÉ 2 ÁGUAS PARA TELHA CERÂMICA CAPA-CANAL, INCLUSO TRANSPORTE VERTICAL. AF_12/2015","M2","COEFICIENTE DE REPRESENTATIVIDADE",73.14,"I","SINAPI",40839,0.005,"CENTO","COEFICIENTE DE REPRESENTATIVIDADE",0.005,47.07,0.23,"","","","","","","","","","","CAIXA REFERENCIAL"]
["COBERTURA","COBE","ESTRUTURA METALICA",291,"","",92578,"TRAMA DE AÇO COMPOSTA POR RIPAS E CAIBROS PARA TELHADOS DE MAIS DE 2 ÁGUAS PARA TELHA CERÂMICA CAPA-CANAL, INCLUSO TRANSPORTE VERTICAL. AF_12/2015","M2","COEFICIENTE DE REPRESENTATIVIDADE",33.84,"I","SINAPI",40664,1.697,"KG","COEFICIENTE DE REPRESENTATIVIDADE",1.697,5.31,9.01,"","","","","","","","","","","CAIXA REFERENCIAL"]
["COBERTURA","COBE","ESTRUTURA METALICA",291,"","",92579,"TRAMA DE AÇO COMPOSTA POR RIPAS PARA TELHADOS DE MAIS DE 2 ÁGUAS PARA TELHA CERÂMICA CAPA-CANAL, INCLUSO TRANSPORTE VERTICAL. AF_12/2015","M2","COEFICIENTE DE REPRESENTATIVIDADE",13.07,"","SINAPI","","","","","","","",2.31,17.7018633,10.76,82.2981367,0,0,0,0,0,0,"CAIXA REFERENCIAL"]
["COBERTURA","COBE","ESTRUTURA METALICA",291,"","",92588,"FABRICAÇÃO E INSTALAÇÃO DE TESOURA INTEIRA EM AÇO, VÃO DE 6 M, PARA TELHA CERÂMICA OU DE CONCRETO, INCLUSO IÇAMENTO. AF_12/2015","UN","COEFICIENTE DE REPRESENTATIVIDADE",784.67,"I","SINAPI",4777,31.28,"KG","COEFICIENTE DE REPRESENTATIVIDADE",31.28,4.2,131.37,"","","","","","","","","","","CAIXA REFERENCIAL"]
["COBERTURA","COBE","ESTRUTURA METALICA",291,"","",92596,"FABRICAÇÃO E INSTALAÇÃO DE TESOURA INTEIRA EM AÇO, VÃO DE 10 M, PARA TELHA CERÂMICA OU DE CONCRETO, INCLUSO IÇAMENTO. AF_12/2015","UN","COEFICIENTE DE REPRESENTATIVIDADE",{"v":1245.64,"d":"1,245.64"},"I","SINAPI",40598,112.86,"KG","COEFICIENTE DE REPRESENTATIVIDADE",112.86,6.19,698.6,"","","","","","","","","","","CAIXA REFERENCIAL"]
["COBERTURA","COBE","ESTRUTURA METALICA",291,"","",92608,"FABRICAÇÃO E INSTALAÇÃO DE TESOURA INTEIRA EM AÇO, VÃO DE 6 M, PARA TELHA ONDULADA DE FIBROCIMENTO, METÁLICA, PLÁSTICA OU TERMOACÚSTICA, INCLUSO IÇAMENTO. AF_12/2015","UN","COEFICIENTE DE REPRESENTATIVIDADE",753.93,"S","SINAPI",88278,2.133,"H","COEFICIENTE DE REPRESENTATIVIDADE",2.133,17.06,36.38,"","","","","","","","","","","CAIXA REFERENCIAL"]
["COBERTURA","COBE","ESTRUTURA METALICA",291,"","",92610,"FABRICAÇÃO E INSTALAÇÃO DE TESOURA INTEIRA EM AÇO, VÃO DE 7 M, PARA TELHA ONDULADA DE FIBROCIMENTO, METÁLICA, PLÁSTICA OU TERMOACÚSTICA, INCLUSO IÇAMENTO. AF_12/2015","UN","COEFICIENTE DE REPRESENTATIVIDADE",832.81,"I","SINAPI",40598,82.08,"KG","COEFICIENTE DE REPRESENTATIVIDADE",82.08,6.19,508.07,"","","","","","","","","","","CAIXA REFERENCIAL"]
["COBERTURA","COBE","TELHAMENTO COM TELHA DE VIDRO",302,"","",94444,"TELHAMENTO COM TELHA DE ENCAIXE, TIPO FRANCESA DE VIDRO, COM ATÉ 2 ÁGUAS, INCLUSO TRANSPORTE VERTICAL. AF_06/2016","M2","COEFICIENTE DE REPRESENTATIVIDADE",608.03,"","SINAPI","","","","","","","",4.24,0.6976897,603.77,99.2990195,0.01,1.6454E-3,0,0,0.01,1.6454E-3,"CAIXA REFERENCIAL"]
["DRENAGEM/OBRAS DE CONTENCAO/POCOS DE VISITA E CAIX","DROP","DRENOS",28,73883,"DRENO FRANCES C/MATERIAL FILTRANTE","73883/2","EXECUCAO DE DRENO FRANCES COM BRITA NUM 2","M3","COEFICIENTE DE REPRESENTATIVIDADE",93.74,"I","SINAPI",4718,1.15,"M3","COLETADO",1.15,55.38,63.68,"","","","","","","","","","","CAIXA REFERENCIAL"]
["DRENAGEM/OBRAS DE CONTENCAO/POCOS DE VISITA E CAIX","DROP","DRENOS",28,"","",83651,"TUBO PVC CORRUGADO PERFURADO 100 MM C/ JUNTA ELASTICA PARA DRENAGEM.","M","ATRIBUÍDO SÃO PAULO",30.96,"I","SINAPI",9833,1.05,"M","ATRIBUÍDO SÃO PAULO",1.05,7.85,8.24,"","","","","","","","","","","CAIXA REFERENCIAL"]
["DRENAGEM/OBRAS DE CONTENCAO/POCOS DE VISITA E CAIX","DROP","DRENOS",28,"","",83658,"EXECUCAO DRENO PROFUNDO, COM CORTE TRAPEZOIDAL EM SOLO, DE 70X80X150CM EXCL TUBO INCL MATERIAL EXECUCAO, COM SELO ENCHIMENTO MATERIAL DRENANTE E ESCAVACAO","M","COEFICIENTE DE REPRESENTATIVIDADE",158.37,"S","SINAPI",88316,6.0375,"H","COEFICIENTE DE REPRESENTATIVIDADE",6.0375,15.03,90.74,"","","","","","","","","","","CAIXA REFERENCIAL"]
["DRENAGEM/OBRAS DE CONTENCAO/POCOS DE VISITA E CAIX","DROP","DRENOS",28,"","",83675,"TUBO CONCRETO SIMPLES DN 200 MM PARA DRENAGEM - FORNECIMENTO E INSTALACAO, INCLUSIVE ESCAVACAO MANUAL 1M3/M.","M","COEFICIENTE DE REPRESENTATIVIDADE",89.62,"I","SINAPI",370,0.0005,"M3","COLETADO",0.0005,61.6,0.03,"","","","","","","","","","","CAIXA REFERENCIAL"]
["DRENAGEM/OBRAS DE CONTENCAO/POCOS DE VISITA E CAIX","DROP","DRENOS",28,"","",83683,"CAMADA HORIZONTAL DRENANTE C/ PEDRA BRITADA 1 E 2","M3","COEFICIENTE DE REPRESENTATIVIDADE",108.21,"","SINAPI","","","","","","","",29.28,27.0584973,78.75,72.7751595,0.18,0.1663432,0,0,0,0,"CAIXA REFERENCIAL"]
["DRENAGEM/OBRAS DE CONTENCAO/POCOS DE VISITA E CAIX","DROP","GABIOES",31,"","",92743,"MURO DE GABIÃO, ENCHIMENTO COM PEDRA DE MÃO TIPO RACHÃO, DE GRAVIDADE, COM GAIOLAS DE COMPRIMENTO IGUAL A 2 METROS, ALTURA DO MURO DE ATÉ 4 METROS - FORNECIMENTO E EXECUÇÃO. AF_12/2015","M3","ATRIBUÍDO SÃO PAULO",430.16,"S","SINAPI",5631,0.158,"CHP","COEFICIENTE DE REPRESENTATIVIDADE",0.158,137.46,21.71,"","","","","","","","","","","CAIXA REFERENCIAL"]
["DRENAGEM/OBRAS DE CONTENCAO/POCOS DE VISITA E CAIX","DROP","GABIOES",31,"","",92747,"MURO DE GABIÃO, ENCHIMENTO COM PEDRA DE MÃO TIPO RACHÃO, DE GRAVIDADE, COM GAIOLAS DE COMPRIMENTO IGUAL A 2 METROS, ALTURA DO MURO ACIMA DE 6 E ATÉ 10 METROS - FORNECIMENTO E EXECUÇÃO. AF_12/2015","M3","ATRIBUÍDO SÃO PAULO",586.42,"I","SINAPI",4011,0.456,"M2","COEFICIENTE DE REPRESENTATIVIDADE",0.456,4.31,1.96,"","","","","","","","","","","CAIXA REFERENCIAL"]
["DRENAGEM/OBRAS DE CONTENCAO/POCOS DE VISITA E CAIX","DROP","GABIOES",31,"","",92747,"MURO DE GABIÃO, ENCHIMENTO COM PEDRA DE MÃO TIPO RACHÃO, DE GRAVIDADE, COM GAIOLAS DE COMPRIMENTO IGUAL A 2 METROS, ALTURA DO MURO ACIMA DE 6 E ATÉ 10 METROS - FORNECIMENTO E EXECUÇÃO. AF_12/2015","M3","ATRIBUÍDO SÃO PAULO",586.42,"S","SINAPI",88309,4.316,"H","COEFICIENTE DE REPRESENTATIVIDADE",4.316,21.8,94.08,"","","","","","","","","","","CAIXA REFERENCIAL"]
["DRENAGEM/OBRAS DE CONTENCAO/POCOS DE VISITA E CAIX","DROP","GABIOES",31,"","",92751,"MURO DE GABIÃO, ENCHIMENTO COM PEDRA DE MÃO TIPO RACHÃO, COM SOLO REFORÇADO, ALTURA DO MURO ACIMA DE 12 E ATÉ 20 METROS - FORNECIMENTO E EXECUÇÃO. AF_12/2015","M3","ATRIBUÍDO SÃO PAULO",{"v":1247.38,"d":"1,247.38"},"S","SINAPI",88309,5.123,"H","COEFICIENTE DE REPRESENTATIVIDADE",5.123,21.8,111.68,"","","","","","","","","","","CAIXA REFERENCIAL"]
["DRENAGEM/OBRAS DE CONTENCAO/POCOS DE VISITA E CAIX","DROP","GABIOES",31,"","",92755,"PROTEÇÃO SUPERFICIAL DE CANAL EM GABIÃO TIPO COLCHÃO, ALTURA DE 17 CENTÍMETROS, ENCHIMENTO COM PEDRA DE MÃO TIPO RACHÃO - FORNECIMENTO E EXECUÇÃO. AF_12/2015","M2","ATRIBUÍDO SÃO PAULO",154.01,"I","SINAPI",40451,1,"M2","ATRIBUÍDO SÃO PAULO",1,84.42,84.42,"","","","","","","","","","","CAIXA REFERENCIAL"]
["DRENAGEM/OBRAS DE CONTENCAO/POCOS DE VISITA E CAIX","DROP","MUROS DE ARRIMO",32,73843,"MURO DE ARRIMO DE CONCRETO","73843/1","MURO DE ARRIMO DE CONCRETO CICLOPICO COM 30% DE PEDRA DE MAO","M3","COEFICIENTE DE REPRESENTATIVIDADE",340.27,"I","SINAPI",370,0.5,"M3","COLETADO",0.5,61.6,30.8,"","","","","","","","","","","CAIXA REFERENCIAL"]
["DRENAGEM/OBRAS DE CONTENCAO/POCOS DE VISITA E CAIX","DROP","MUROS DE ARRIMO",32,73846,"MURO DE ARRIMO CELULAR","73846/1","MURO DE ARRIMO CELULAR PECAS PRE-MOLDADAS CONCRETO EXCL FORMAS INCL   CONFECCAO DAS PECAS MONTAGEM E COMPACTACAO DO SOLO DE ENCHIMENTO.","M3","COEFICIENTE DE REPRESENTATIVIDADE",259.18,"S","SINAPI",88316,4.2,"H","COEFICIENTE DE REPRESENTATIVIDADE",4.2,15.03,63.12,"","","","","","","","","","","CAIXA REFERENCIAL"]
["DRENAGEM/OBRAS DE CONTENCAO/POCOS DE VISITA E CAIX","DROP","MUROS DE ARRIMO",32,"","",91070,"EXECUÇÃO DE REVESTIMENTO DE CONCRETO PROJETADO COM ESPESSURA DE 10 CM, ARMADO COM TELA, INCLINAÇÃO MENOR QUE 90°, APLICAÇÃO CONTÍNUA, UTILIZANDO EQUIPAMENTO DE PROJEÇÃO COM 6 M³/H DE CAPACIDADE. AF_01/2016","M2","COEFICIENTE DE REPRESENTATIVIDADE",88.79,"S","SINAPI",90982,0.164,"CHI","COEFICIENTE DE REPRESENTATIVIDADE",0.164,7.5,1.23,"","","","","","","","","","","CAIXA REFERENCIAL"]
["DRENAGEM/OBRAS DE CONTENCAO/POCOS DE VISITA E CAIX","DROP","MUROS DE ARRIMO",32,"","",91073,"EXECUÇÃO DE REVESTIMENTO DE CONCRETO PROJETADO COM ESPESSURA DE 7 CM, ARMADO COM TELA, INCLINAÇÃO MENOR QUE 90°, APLICAÇÃO CONTÍNUA, UTILIZANDO EQUIPAMENTO DE PROJEÇÃO COM 3 M³/H DE CAPACIDADE. AF_01/2016","M2","COEFICIENTE DE REPRESENTATIVIDADE",92.39,"S","SINAPI",88316,0.9345,"H","COEFICIENTE DE REPRESENTATIVIDADE",0.9345,15.03,14.04,"","","","","","","","","","","CAIXA REFERENCIAL"]
["DRENAGEM/OBRAS DE CONTENCAO/POCOS DE VISITA E CAIX","DROP","MUROS DE ARRIMO",32,"","",91075,"EXECUÇÃO DE REVESTIMENTO DE CONCRETO PROJETADO COM ESPESSURA DE 7 CM, ARMADO COM TELA, INCLINAÇÃO DE 90°, APLICAÇÃO CONTÍNUA, UTILIZANDO EQUIPAMENTO DE PROJEÇÃO COM 3 M³/H DE CAPACIDADE. AF_01/2016","M2","COEFICIENTE DE REPRESENTATIVIDADE",129.4,"S","SINAPI",89509,0.125,"M","COEFICIENTE DE REPRESENTATIVIDADE",0.125,16.85,2.1,"","","","","","","","","","","CAIXA REFERENCIAL"]
["DRENAGEM/OBRAS DE CONTENCAO/POCOS DE VISITA E CAIX","DROP","MUROS DE ARRIMO",32,"","",91077,"EXECUÇÃO DE REVESTIMENTO DE CONCRETO PROJETADO COM ESPESSURA DE 7 CM, ARMADO COM FIBRAS DE AÇO, INCLINAÇÃO MENOR QUE 90°, APLICAÇÃO CONTÍNUA, UTILIZANDO EQUIPAMENTO DE PROJEÇÃO COM 6 M³/H DE CAPACIDADE. AF_01/2016","M2","COEFICIENTE DE REPRESENTATIVIDADE",111.46,"S","SINAPI",90663,0.0875,"CHI","COEFICIENTE DE REPRESENTATIVIDADE",0.0875,3.46,0.3,"","","","","","","","","","","CAIXA REFERENCIAL"]
["DRENAGEM/OBRAS DE CONTENCAO/POCOS DE VISITA E CAIX","DROP","MUROS DE ARRIMO",32,"","",91078,"EXECUÇÃO DE REVESTIMENTO DE CONCRETO PROJETADO COM ESPESSURA DE 10 CM, ARMADO COM FIBRAS DE AÇO, INCLINAÇÃO MENOR QUE 90°, APLICAÇÃO CONTÍNUA, UTILIZANDO EQUIPAMENTO DE PROJEÇÃO COM 6 M³/H DE CAPACIDADE. AF_01/2016","M2","COEFICIENTE DE REPRESENTATIVIDADE",131.44,"S","SINAPI",88377,0.1471,"H","COEFICIENTE DE REPRESENTATIVIDADE",0.1471,16.65,2.44,"","","","","","","","","","","CAIXA REFERENCIAL"]
["DRENAGEM/OBRAS DE CONTENCAO/POCOS DE VISITA E CAIX","DROP","MUROS DE ARRIMO",32,"","",91080,"EXECUÇÃO DE REVESTIMENTO DE CONCRETO PROJETADO COM ESPESSURA DE 10 CM, ARMADO COM FIBRAS DE AÇO, INCLINAÇÃO DE 90°, APLICAÇÃO CONTÍNUA, UTILIZANDO EQUIPAMENTO DE PROJEÇÃO COM 6 M³/H DE CAPACIDADE. AF_01/2016","M2","COEFICIENTE DE REPRESENTATIVIDADE",136.21,"S","SINAPI",89509,0.125,"M","COEFICIENTE DE REPRESENTATIVIDADE",0.125,16.85,2.1,"","","","","","","","","","","CAIXA REFERENCIAL"]
["DRENAGEM/OBRAS DE CONTENCAO/POCOS DE VISITA E CAIX","DROP","MUROS DE ARRIMO",32,"","",91083,"EXECUÇÃO DE REVESTIMENTO DE CONCRETO PROJETADO COM ESPESSURA DE 7 CM, ARMADO COM FIBRAS DE AÇO, INCLINAÇÃO DE 90°, APLICAÇÃO CONTÍNUA, UTILIZANDO EQUIPAMENTO DE PROJEÇÃO COM 3 M³/H DE CAPACIDADE. AF_01/2016","M2","COEFICIENTE DE REPRESENTATIVIDADE",134.02,"I","SINAPI",1379,42.4015,"KG","COEFICIENTE DE REPRESENTATIVIDADE",42.4015,0.53,22.47,"","","","","","","","","","","CAIXA REFERENCIAL"]
["DRENAGEM/OBRAS DE CONTENCAO/POCOS DE VISITA E CAIX","DROP","MUROS DE ARRIMO",32,"","",91086,"EXECUÇÃO DE REVESTIMENTO DE CONCRETO PROJETADO COM ESPESSURA DE 7 CM, ARMADO COM TELA, INCLINAÇÃO MENOR QUE 90°, APLICAÇÃO DESCONTÍNUA, UTILIZANDO EQUIPAMENTO DE PROJEÇÃO COM 6 M³/H DE CAPACIDADE. AF_01/2016","M2","COEFICIENTE DE REPRESENTATIVIDADE",88.67,"S","SINAPI",88297,0.5475,"H","COEFICIENTE DE REPRESENTATIVIDADE",0.5475,24.24,13.27,"","","","","","","","","","","CAIXA REFERENCIAL"]
["DRENAGEM/OBRAS DE CONTENCAO/POCOS DE VISITA E CAIX","DROP","MUROS DE ARRIMO",32,"","",91086,"EXECUÇÃO DE REVESTIMENTO DE CONCRETO PROJETADO COM ESPESSURA DE 7 CM, ARMADO COM TELA, INCLINAÇÃO MENOR QUE 90°, APLICAÇÃO DESCONTÍNUA, UTILIZANDO EQUIPAMENTO DE PROJEÇÃO COM 6 M³/H DE CAPACIDADE. AF_01/2016","M2","COEFICIENTE DE REPRESENTATIVIDADE",88.67,"S","SINAPI",90650,0.041,"CHP","COEFICIENTE DE REPRESENTATIVIDADE",0.041,7.22,0.29,"","","","","","","","","","","CAIXA REFERENCIAL"]
["DRENAGEM/OBRAS DE CONTENCAO/POCOS DE VISITA E CAIX","DROP","MUROS DE ARRIMO",32,"","",91089,"EXECUÇÃO DE REVESTIMENTO DE CONCRETO PROJETADO COM ESPESSURA DE 10 CM, ARMADO COM TELA, INCLINAÇÃO DE 90°, APLICAÇÃO DESCONTÍNUA, UTILIZANDO EQUIPAMENTO DE PROJEÇÃO COM 6 M³/H DE CAPACIDADE. AF_01/2016","M2","COEFICIENTE DE REPRESENTATIVIDADE",133.67,"I","SINAPI",1379,51.2202,"KG","COEFICIENTE DE REPRESENTATIVIDADE",51.2202,0.53,27.14,"","","","","","","","","","","CAIXA REFERENCIAL"]
["DRENAGEM/OBRAS DE CONTENCAO/POCOS DE VISITA E CAIX","DROP","MUROS DE ARRIMO",32,"","",91091,"EXECUÇÃO DE REVESTIMENTO DE CONCRETO PROJETADO COM ESPESSURA DE 10 CM, ARMADO COM TELA, INCLINAÇÃO MENOR QUE 90°, APLICAÇÃO DESCONTÍNUA, UTILIZANDO EQUIPAMENTO DE PROJEÇÃO COM 3 M³/H DE CAPACIDADE. AF_01/2016","M2","COEFICIENTE DE REPRESENTATIVIDADE",110.35,"S","SINAPI",88316,1.2022,"H","COEFICIENTE DE REPRESENTATIVIDADE",1.2022,15.03,18.06,"","","","","","","","","","","CAIXA REFERENCIAL"]
["DRENAGEM/OBRAS DE CONTENCAO/POCOS DE VISITA E CAIX","DROP","MUROS DE ARRIMO",32,"","",91093,"EXECUÇÃO DE REVESTIMENTO DE CONCRETO PROJETADO COM ESPESSURA DE 10 CM, ARMADO COM TELA, INCLINAÇÃO DE 90°, APLICAÇÃO DESCONTÍNUA, UTILIZANDO EQUIPAMENTO DE PROJEÇÃO COM 3 M³/H DE CAPACIDADE. AF_01/2016","M2","COEFICIENTE DE REPRESENTATIVIDADE",148.55,"S","SINAPI",90656,0.0906,"CHP","COEFICIENTE DE REPRESENTATIVIDADE",0.0906,10.25,0.92,"","","","","","","","","","","CAIXA REFERENCIAL"]
["DRENAGEM/OBRAS DE CONTENCAO/POCOS DE VISITA E CAIX","DROP","MUROS DE ARRIMO",32,"","",91094,"EXECUÇÃO DE REVESTIMENTO DE CONCRETO PROJETADO COM ESPESSURA DE 7 CM, ARMADO COM FIBRAS DE AÇO, INCLINAÇÃO MENOR QUE 90°, APLICAÇÃO DESCONTÍNUA, UTILIZANDO EQUIPAMENTO DE PROJEÇÃO COM 6 M³/H DE CAPACIDADE. AF_01/2016","M2","COEFICIENTE DE REPRESENTATIVIDADE",116.94,"I","SINAPI",1379,42.4015,"KG","COEFICIENTE DE REPRESENTATIVIDADE",42.4015,0.53,22.47,"","","","","","","","","","","CAIXA REFERENCIAL"]
["DRENAGEM/OBRAS DE CONTENCAO/POCOS DE VISITA E CAIX","DROP","MUROS DE ARRIMO",32,"","",91096,"EXECUÇÃO DE REVESTIMENTO DE CONCRETO PROJETADO COM ESPESSURA DE 7 CM, ARMADO COM FIBRAS DE AÇO, INCLINAÇÃO DE 90°, APLICAÇÃO DESCONTÍNUA, UTILIZANDO EQUIPAMENTO DE PROJEÇÃO COM 6 M³/H DE CAPACIDADE. AF_01/2016","M2","COEFICIENTE DE REPRESENTATIVIDADE",119.45,"S","SINAPI",88316,0.5164,"H","COEFICIENTE DE REPRESENTATIVIDADE",0.5164,15.03,7.76,"","","","","","","","","","","CAIXA REFERENCIAL"]
["DRENAGEM/OBRAS DE CONTENCAO/POCOS DE VISITA E CAIX","DROP","MUROS DE ARRIMO",32,"","",91098,"EXECUÇÃO DE REVESTIMENTO DE CONCRETO PROJETADO COM ESPESSURA DE 7 CM, ARMADO COM FIBRAS DE AÇO, INCLINAÇÃO MENOR QUE 90°, APLICAÇÃO DESCONTÍNUA, UTILIZANDO EQUIPAMENTO DE PROJEÇÃO COM 3 M³/H DE CAPACIDADE. AF_01/2016","M2","COEFICIENTE DE REPRESENTATIVIDADE",130.74,"S","SINAPI",90657,0.2238,"CHI","COEFICIENTE DE REPRESENTATIVIDADE",0.2238,3.23,0.72,"","","","","","","","","","","CAIXA REFERENCIAL"]
["DRENAGEM/OBRAS DE CONTENCAO/POCOS DE VISITA E CAIX","DROP","MUROS DE ARRIMO",32,"","",91101,"EXECUÇÃO DE REVESTIMENTO DE CONCRETO PROJETADO COM ESPESSURA DE 10 CM, ARMADO COM FIBRAS DE AÇO, INCLINAÇÃO DE 90°, APLICAÇÃO DESCONTÍNUA, UTILIZANDO EQUIPAMENTO DE PROJEÇÃO COM 3 M³/H DE CAPACIDADE. AF_01/2016","M2","COEFICIENTE DE REPRESENTATIVIDADE",159.15,"I","SINAPI",370,0.1345,"M3","COLETADO",0.1345,61.6,8.28,"","","","","","","","","","","CAIXA REFERENCIAL"]
["DRENAGEM/OBRAS DE CONTENCAO/POCOS DE VISITA E CAIX","DROP","MUROS DE ARRIMO",32,"","",93952,"EXECUÇÃO DE GRAMPO PARA SOLO GRAMPEADO COM COMPRIMENTO MENOR OU IGUAL A 4 M, DIÂMETRO DE 10 CM, PERFURAÇÃO COM EQUIPAMENTO MANUAL E ARMADURA COM DIÂMETRO DE 16 MM. AF_05/2016","M","ATRIBUÍDO SÃO PAULO",166.47,"S","SINAPI",90651,0.1702,"CHI","COEFICIENTE DE REPRESENTATIVIDADE",0.1702,0.5,0.08,"","","","","","","","","","","CAIXA REFERENCIAL"]
["DRENAGEM/OBRAS DE CONTENCAO/POCOS DE VISITA E CAIX","DROP","MUROS DE ARRIMO",32,"","",93953,"EXECUÇÃO DE GRAMPO PARA SOLO GRAMPEADO COM COMPRIMENTO MAIOR QUE 4 M E MENOR OU IGUAL A 6 M, DIÂMETRO DE 10 CM, PERFURAÇÃO COM EQUIPAMENTO MANUAL E ARMADURA COM DIÂMETRO DE 16 MM. AF_05/2016","M","ATRIBUÍDO SÃO PAULO",153.93,"I","SINAPI",14583,1.0714,"M3","COEFICIENTE DE REPRESENTATIVIDADE",1.0714,12.48,13.37,"","","","","","","","","","","CAIXA REFERENCIAL"]
["DRENAGEM/OBRAS DE CONTENCAO/POCOS DE VISITA E CAIX","DROP","MUROS DE ARRIMO",32,"","",93954,"EXECUÇÃO DE GRAMPO PARA SOLO GRAMPEADO COM COMPRIMENTO MAIOR QUE 6 M E MENOR OU IGUAL A 8 M, DIÂMETRO DE 10 CM, PERFURAÇÃO COM EQUIPAMENTO MANUAL E ARMADURA COM DIÂMETRO DE 16 MM. AF_05/2016","M","ATRIBUÍDO SÃO PAULO",146.44,"S","SINAPI",90650,0.104,"CHP","COEFICIENTE DE REPRESENTATIVIDADE",0.104,7.22,0.75,"","","","","","","","","","","CAIXA REFERENCIAL"]
["DRENAGEM/OBRAS DE CONTENCAO/POCOS DE VISITA E CAIX","DROP","MUROS DE ARRIMO",32,"","",93955,"EXECUÇÃO DE GRAMPO PARA SOLO GRAMPEADO COM COMPRIMENTO MAIOR QUE 8 M E MENOR OU IGUAL A 10 M, DIÂMETRO DE 10 CM, PERFURAÇÃO COM EQUIPAMENTO MANUAL E ARMADURA COM DIÂMETRO DE 16 MM. AF_05/2016","M","ATRIBUÍDO SÃO PAULO",141.16,"S","SINAPI",90643,0.0174,"CHP","COEFICIENTE DE REPRESENTATIVIDADE",0.0174,14.08,0.24,"","","","","","","","","","","CAIXA REFERENCIAL"]
["DRENAGEM/OBRAS DE CONTENCAO/POCOS DE VISITA E CAIX","DROP","MUROS DE ARRIMO",32,"","",93958,"EXECUÇÃO DE GRAMPO PARA SOLO GRAMPEADO COM COMPRIMENTO MAIOR QUE 4 M E MENOR OU IGUAL A 6 M, DIÂMETRO DE 10 CM, PERFURAÇÃO COM EQUIPAMENTO MANUAL E ARMADURA COM DIÂMETRO DE 20 MM. AF_05/2016","M","ATRIBUÍDO SÃO PAULO",158.68,"S","SINAPI",5632,0.2482,"CHI","COEFICIENTE DE REPRESENTATIVIDADE",0.2482,58.95,14.63,"","","","","","","","","","","CAIXA REFERENCIAL"]
["DRENAGEM/OBRAS DE CONTENCAO/POCOS DE VISITA E CAIX","DROP","MUROS DE ARRIMO",32,"","",93958,"EXECUÇÃO DE GRAMPO PARA SOLO GRAMPEADO COM COMPRIMENTO MAIOR QUE 4 M E MENOR OU IGUAL A 6 M, DIÂMETRO DE 10 CM, PERFURAÇÃO COM EQUIPAMENTO MANUAL E ARMADURA COM DIÂMETRO DE 20 MM. AF_05/2016","M","ATRIBUÍDO SÃO PAULO",158.68,"S","SINAPI",72898,0.0079,"M3","COEFICIENTE DE REPRESENTATIVIDADE",0.0079,3.65,0.02,"","","","","","","","","","","CAIXA REFERENCIAL"]
["DRENAGEM/OBRAS DE CONTENCAO/POCOS DE VISITA E CAIX","DROP","MUROS DE ARRIMO",32,"","",93960,"EXECUÇÃO DE GRAMPO PARA SOLO GRAMPEADO COM COMPRIMENTO MAIOR QUE 8 M E MENOR OU IGUAL A 10 M, DIÂMETRO DE 10 CM, PERFURAÇÃO COM EQUIPAMENTO MANUAL E ARMADURA COM DIÂMETRO DE 20 MM. AF_05/2016","M","ATRIBUÍDO SÃO PAULO",145.39,"S","SINAPI",5631,0.0039,"CHP","COEFICIENTE DE REPRESENTATIVIDADE",0.0039,137.46,0.53,"","","","","","","","","","","CAIXA REFERENCIAL"]
["DRENAGEM/OBRAS DE CONTENCAO/POCOS DE VISITA E CAIX","DROP","MUROS DE ARRIMO",32,"","",93961,"EXECUÇÃO DE GRAMPO PARA SOLO GRAMPEADO COM COMPRIMENTO MAIOR QUE 10 M, DIÂMETRO DE 10 CM, PERFURAÇÃO COM EQUIPAMENTO MANUAL E ARMADURA COM DIÂMETRO DE 20 MM. AF_05/2016","M","ATRIBUÍDO SÃO PAULO",141.11,"S","SINAPI",90637,0.0334,"CHP","COEFICIENTE DE REPRESENTATIVIDADE",0.0334,10.37,0.34,"","","","","","","","","","","CAIXA REFERENCIAL"]
["DRENAGEM/OBRAS DE CONTENCAO/POCOS DE VISITA E CAIX","DROP","MUROS DE ARRIMO",32,"","",93963,"EXECUÇÃO DE GRAMPO PARA SOLO GRAMPEADO COM COMPRIMENTO MAIOR QUE 4 E MENOR OU IGUAL A 6 M, DIÂMETRO DE 7 CM, PERFURAÇÃO COM EQUIPAMENTO MANUAL E ARMADURA COM DIÂMETRO DE 16 MM. AF_05/2016","M","ATRIBUÍDO SÃO PAULO",143.74,"S","SINAPI",6260,0.1344,"CHI","COEFICIENTE DE REPRESENTATIVIDADE",0.1344,34.09,4.58,"","","","","","","","","","","CAIXA REFERENCIAL"]
["DRENAGEM/OBRAS DE CONTENCAO/POCOS DE VISITA E CAIX","DROP","MUROS DE ARRIMO",32,"","",93963,"EXECUÇÃO DE GRAMPO PARA SOLO GRAMPEADO COM COMPRIMENTO MAIOR QUE 4 E MENOR OU IGUAL A 6 M, DIÂMETRO DE 7 CM, PERFURAÇÃO COM EQUIPAMENTO MANUAL E ARMADURA COM DIÂMETRO DE 16 MM. AF_05/2016","M","ATRIBUÍDO SÃO PAULO",143.74,"S","SINAPI",90626,0.1344,"CHI","COEFICIENTE DE REPRESENTATIVIDADE",0.1344,1.71,0.22,"","","","","","","","","","","CAIXA REFERENCIAL"]
["DRENAGEM/OBRAS DE CONTENCAO/POCOS DE VISITA E CAIX","DROP","MUROS DE ARRIMO",32,"","",93965,"EXECUÇÃO DE GRAMPO PARA SOLO GRAMPEADO COM COMPRIMENTO MAIOR QUE 8 M E MENOR OU IGUAL A 10 M, DIÂMETRO DE 7 CM, PERFURAÇÃO COM EQUIPAMENTO MANUAL E ARMADURA COM DIÂMETRO DE 16 MM. AF_05/2016","M","ATRIBUÍDO SÃO PAULO",128.63,"S","SINAPI",6259,0.1005,"CHP","COEFICIENTE DE REPRESENTATIVIDADE",0.1005,127.63,12.82,"","","","","","","","","","","CAIXA REFERENCIAL"]
["DRENAGEM/OBRAS DE CONTENCAO/POCOS DE VISITA E CAIX","DROP","MUROS DE ARRIMO",32,"","",93966,"EXECUÇÃO DE GRAMPO PARA SOLO GRAMPEADO COM COMPRIMENTO MAIOR QUE 10 M, DIÂMETRO DE 7 CM, PERFURAÇÃO COM EQUIPAMENTO MANUAL E ARMADURA COM DIÂMETRO DE 16 MM. AF_05/2016","M","ATRIBUÍDO SÃO PAULO",126.95,"S","SINAPI",95292,3.8E-3,"M3","COEFICIENTE DE REPRESENTATIVIDADE",3.8E-3,3.19,0.01,"","","","","","","","","","","CAIXA REFERENCIAL"]
["DRENAGEM/OBRAS DE CONTENCAO/POCOS DE VISITA E CAIX","DROP","MUROS DE ARRIMO",32,"","",93968,"EXECUÇÃO DE GRAMPO PARA SOLO GRAMPEADO COM COMPRIMENTO MAIOR QUE 4 E MENOR OU IGUAL A 6 M, DIÂMETRO DE 7 CM, PERFURAÇÃO COM EQUIPAMENTO MANUAL E ARMADURA COM DIÂMETRO DE 20 MM. AF_05/2016","M","ATRIBUÍDO SÃO PAULO",148.52,"S","SINAPI",88245,0.2447,"H","COEFICIENTE DE REPRESENTATIVIDADE",0.2447,21.68,5.3,"","","","","","","","","","","CAIXA REFERENCIAL"]
["DRENAGEM/OBRAS DE CONTENCAO/POCOS DE VISITA E CAIX","DROP","MUROS DE ARRIMO",32,"","",93970,"EXECUÇÃO DE GRAMPO PARA SOLO GRAMPEADO COM COMPRIMENTO MAIOR QUE 8 MENOR OU IGUAL A 10 M, DIÂMETRO DE 7 CM, PERFURAÇÃO COM EQUIPAMENTO MANUAL E ARMADURA COM DIÂMETRO DE 20 MM. AF_05/2016","M","ATRIBUÍDO SÃO PAULO",135.32,"I","SINAPI",29,2.792,"KG","COEFICIENTE DE REPRESENTATIVIDADE",2.792,3.53,9.85,"","","","","","","","","","","CAIXA REFERENCIAL"]
["DRENAGEM/OBRAS DE CONTENCAO/POCOS DE VISITA E CAIX","DROP","MUROS DE ARRIMO",32,"","",93970,"EXECUÇÃO DE GRAMPO PARA SOLO GRAMPEADO COM COMPRIMENTO MAIOR QUE 8 MENOR OU IGUAL A 10 M, DIÂMETRO DE 7 CM, PERFURAÇÃO COM EQUIPAMENTO MANUAL E ARMADURA COM DIÂMETRO DE 20 MM. AF_05/2016","M","ATRIBUÍDO SÃO PAULO",135.32,"S","SINAPI","73794/1",0.0628,"M2","COEFICIENTE DE REPRESENTATIVIDADE",0.0628,33.26,2.08,"","","","","","","","","","","CAIXA REFERENCIAL"]
["DRENAGEM/OBRAS DE CONTENCAO/POCOS DE VISITA E CAIX","DROP","MUROS DE ARRIMO",32,"","",95108,"EXECUÇÃO DE PROTEÇÃO DA CABEÇA DO TIRANTE COM USO DE FÔRMAS EM CHAPA COMPENSADA PLASTIFICADA DE MADEIRA E CONCRETO FCK =15 MPA. AF_07/2016","UN","COEFICIENTE DE REPRESENTATIVIDADE",23,"","SINAPI","","","","","","","",14.12,61.3565374,8.78,38.1972333,0.1,0.4462293,0,0,0,0,"CAIXA REFERENCIAL"]
["DRENAGEM/OBRAS DE CONTENCAO/POCOS DE VISITA E CAIX","DROP","POCOS DE VISITA/BOCAS DE LOBO/CX. DE PASSAGEM/CX.",36,73856,"BOCA PARA BUEIRO TUBULAR DE CONCRETO SIMPLES","73856/6","BOCA PARA BUEIRO DUPLO TUBULAR, DIAMETRO =0,40M, EM CONCRETO CICLOPICO, INCLUINDO FORMAS, ESCAVACAO, REATERRO E MATERIAIS, EXCLUINDO MATERIAL REATERRO JAZIDA E TRANSPORTE.","UN","COEFICIENTE DE REPRESENTATIVIDADE",905.61,"S","SINAPI",73301,11.4,"M3","COEFICIENTE DE REPRESENTATIVIDADE",11.4,12.02,137.02,"","","","","","","","","","","CAIXA REFERENCIAL"]
["DRENAGEM/OBRAS DE CONTENCAO/POCOS DE VISITA E CAIX","DROP","POCOS DE VISITA/BOCAS DE LOBO/CX. DE PASSAGEM/CX.",36,73856,"BOCA PARA BUEIRO TUBULAR DE CONCRETO SIMPLES","73856/14","BOCA PARA BUEIRO TRIPLO TUBULAR, DIAMETRO =1,00M, EM CONCRETO CICLOPICO, INCLUINDO FORMAS, ESCAVACAO, REATERRO E MATERIAIS, EXCLUINDO MATERIAL REATERRO JAZIDA E TRANSPORTE.","UN","COEFICIENTE DE REPRESENTATIVIDADE",{"v":4017.78,"d":"4,017.78"},"","SINAPI","","","","","","","",{"v":1744.66,"d":"1,744.66"},43.4236255,{"v":2263.57,"d":"2,263.57"},56.338522,6.81,0.1695012,0,0,2.74,0.0683513,"CAIXA REFERENCIAL"]
["DRENAGEM/OBRAS DE CONTENCAO/POCOS DE VISITA E CAIX","DROP","POCOS DE VISITA/BOCAS DE LOBO/CX. DE PASSAGEM/CX.",36,73856,"BOCA PARA BUEIRO TUBULAR DE CONCRETO SIMPLES","73856/15","BOCA PARA BUEIRO TRIPLO TUBULAR, DIAMETRO =1,20M, EM CONCRETO CICLOPICO, INCLUINDO FORMAS, ESCAVACAO, REATERRO E MATERIAIS, EXCLUINDO MATERIAL REATERRO JAZIDA E TRANSPORTE.","UN","COEFICIENTE DE REPRESENTATIVIDADE",{"v":5386.53,"d":"5,386.53"},"S","SINAPI",73301,65.4,"M3","COEFICIENTE DE REPRESENTATIVIDADE",65.4,12.02,786.1,"","","","","","","","","","","CAIXA REFERENCIAL"]
["DRENAGEM/OBRAS DE CONTENCAO/POCOS DE VISITA E CAIX","DROP","POCOS DE VISITA/BOCAS DE LOBO/CX. DE PASSAGEM/CX.",36,73963,"POCO VISITA ANEL CONCRETO P/COLETOR ESGOTO SANITARIO","73963/6","POCO DE VISITA PARA REDE DE ESG. SANIT., EM ANEIS DE CONCRETO, DIÂMETRO = 60CM E 110CM, PROF = 140CM, EXCLUINDO TAMPAO FERRO FUNDIDO.","UN","COEFICIENTE DE REPRESENTATIVIDADE",{"v":1241.07,"d":"1,241.07"},"S","SINAPI",94962,0.76,"M3","COEFICIENTE DE REPRESENTATIVIDADE",0.76,261.24,198.54,"","","","","","","","","","","CAIXA REFERENCIAL"]
["DRENAGEM/OBRAS DE CONTENCAO/POCOS DE VISITA E CAIX","DROP","POCOS DE VISITA/BOCAS DE LOBO/CX. DE PASSAGEM/CX.",36,73963,"POCO VISITA ANEL CONCRETO P/COLETOR ESGOTO SANITARIO","73963/11","POCO DE VISITA PARA REDE DE ESG. SANIT., EM ANEIS DE CONCRETO, DIÂMETRO = 60CM E 110CM, PROF = 230CM, EXCLUINDO TAMPAO FERRO FUNDIDO.","UN","COEFICIENTE DE REPRESENTATIVIDADE",{"v":1606.99,"d":"1,606.99"},"I","SINAPI",12530,2,"UN","COEFICIENTE DE REPRESENTATIVIDADE",2,67.88,135.76,"","","","","","","","","","","CAIXA REFERENCIAL"]
["DRENAGEM/OBRAS DE CONTENCAO/POCOS DE VISITA E CAIX","DROP","POCOS DE VISITA/BOCAS DE LOBO/CX. DE PASSAGEM/CX.",36,73963,"POCO VISITA ANEL CONCRETO P/COLETOR ESGOTO SANITARIO","73963/15","POCO DE VISITA PARA REDE DE ESG. SANIT., EM ANEIS DE CONCRETO, DIÂMETRO = 60CM E 110CM, PROF = 350CM, EXCLUINDO TAMPAO FERRO FUNDIDO.","UN","COEFICIENTE DE REPRESENTATIVIDADE",{"v":2257.56,"d":"2,257.56"},"I","SINAPI",11649,1,"UN","COEFICIENTE DE REPRESENTATIVIDADE",1,215.65,215.65,"","","","","","","","","","","CAIXA REFERENCIAL"]
["DRENAGEM/OBRAS DE CONTENCAO/POCOS DE VISITA E CAIX","DROP","POCOS DE VISITA/BOCAS DE LOBO/CX. DE PASSAGEM/CX.",36,73963,"POCO VISITA ANEL CONCRETO P/COLETOR ESGOTO SANITARIO","73963/19","POCO DE VISITA PARA REDE DE ESG. SANIT., EM ANEIS DE CONCRETO, DIÂMETRO = 60CM E 110CM, PROF = 470CM, EXCLUINDO TAMPAO FERRO FUNDIDO.","UN","COEFICIENTE DE REPRESENTATIVIDADE",{"v":2880.52,"d":"2,880.52"},"","SINAPI","","","","","","","",641.62,22.2747612,{"v":2235.29,"d":"2,235.29"},77.5997247,3.03,0.1053484,0,0,0.58,0.0201657,"CAIXA REFERENCIAL"]
["DRENAGEM/OBRAS DE CONTENCAO/POCOS DE VISITA E CAIX","DROP","POCOS DE VISITA/BOCAS DE LOBO/CX. DE PASSAGEM/CX.",36,73963,"POCO VISITA ANEL CONCRETO P/COLETOR ESGOTO SANITARIO","73963/19","POCO DE VISITA PARA REDE DE ESG. SANIT., EM ANEIS DE CONCRETO, DIÂMETRO = 60CM E 110CM, PROF = 470CM, EXCLUINDO TAMPAO FERRO FUNDIDO.","UN","COEFICIENTE DE REPRESENTATIVIDADE",{"v":2880.52,"d":"2,880.52"},"S","SINAPI",73445,14.6,"M2","COEFICIENTE DE REPRESENTATIVIDADE",14.6,8.91,130.08,"","","","","","","","","","","CAIXA REFERENCIAL"]
["DRENAGEM/OBRAS DE CONTENCAO/POCOS DE VISITA E CAIX","DROP","POCOS DE VISITA/BOCAS DE LOBO/CX. DE PASSAGEM/CX.",36,73963,"POCO VISITA ANEL CONCRETO P/COLETOR ESGOTO SANITARIO","73963/23","POCO DE VISITA PARA REDE DE ESG. SANIT., EM ANEIS DE CONCRETO, DIÂMETRO = 60CM E 110CM, PROF = 590CM, EXCLUINDO TAMPAO FERRO FUNDIDO.","UN","COEFICIENTE DE REPRESENTATIVIDADE",{"v":3521.78,"d":"3,521.78"},"I","SINAPI",13114,1,"UN","COEFICIENTE DE REPRESENTATIVIDADE",1,55.71,55.71,"","","","","","","","","","","CAIXA REFERENCIAL"]
["DRENAGEM/OBRAS DE CONTENCAO/POCOS DE VISITA E CAIX","DROP","POCOS DE VISITA/BOCAS DE LOBO/CX. DE PASSAGEM/CX.",36,73963,"POCO VISITA ANEL CONCRETO P/COLETOR ESGOTO SANITARIO","73963/26","POCO DE VISITA PARA REDE DE ESG. SANIT., EM ANEIS DE CONCRETO, DIÂMETRO = 60CM E 110CM, PROF = 680CM, EXCLUINDO TAMPAO FERRO FUNDIDO.","UN","COEFICIENTE DE REPRESENTATIVIDADE",{"v":3998.04,"d":"3,998.04"},"","SINAPI","","","","","","","",873.28,21.8428871,{"v":3120.17,"d":"3,120.17"},78.0421267,3.97,0.0994543,0,0,0.62,0.0155319,"CAIXA REFERENCIAL"]
["DRENAGEM/OBRAS DE CONTENCAO/POCOS DE VISITA E CAIX","DROP","POCOS DE VISITA/BOCAS DE LOBO/CX. DE PASSAGEM/CX.",36,73963,"POCO VISITA ANEL CONCRETO P/COLETOR ESGOTO SANITARIO","73963/31","POCO VISITA ESG SANIT ANEL CONC PRE-MOLD PROF=1,60M C/ TAMPAO FOFO ARTICULADO, CLASSE B125 CARGA MAX 12,5 T, REDONDO TAMPA 600 MM, REDE PLUVIAL / REJUNTAMENTO ANEIS / REVEST LISO CALHA INTERNA C/ARG CIM/AREIA 1:4. BASE/BANQUETA EM CONCR FCK=10MPA","UN","COEFICIENTE DE REPRESENTATIVIDADE",{"v":1636.8,"d":"1,636.80"},"","SINAPI","","","","","","","",334.68,20.4477474,{"v":1300.24,"d":"1,300.24"},79.4372574,1.59,0.0972566,0,0,0.29,0.0177386,"CAIXA REFERENCIAL"]
["DRENAGEM/OBRAS DE CONTENCAO/POCOS DE VISITA E CAIX","DROP","POCOS DE VISITA/BOCAS DE LOBO/CX. DE PASSAGEM/CX.",36,73963,"POCO VISITA ANEL CONCRETO P/COLETOR ESGOTO SANITARIO","73963/32","POCO VISITA ESG SANIT ANEL CONC PRE-MOLD PROF=1,70M C/ TAMPAO FOFO ARTICULADO, CLASSE B125 CARGA MAX 12,5 T, REDONDO TAMPA 600 MM, REDE PLUVIAL/ESGOTO /  REJUNTAMENTO ANEIS / REVEST LISO CALHA INTERNA C/ARG CIM/AREIA 1:4. BASE/BANQUETA EM CONCR FCK=10MPA","UN","COEFICIENTE DE REPRESENTATIVIDADE",{"v":1652.53,"d":"1,652.53"},"","SINAPI","","","","","","","",337.19,20.4046389,{"v":1313.46,"d":"1,313.46"},79.4814466,1.59,0.0963426,0,0,0.29,0.0175719,"CAIXA REFERENCIAL"]
["DRENAGEM/OBRAS DE CONTENCAO/POCOS DE VISITA E CAIX","DROP","POCOS DE VISITA/BOCAS DE LOBO/CX. DE PASSAGEM/CX.",36,73963,"POCO VISITA ANEL CONCRETO P/COLETOR ESGOTO SANITARIO","73963/35","POCO VISITA ESG SANIT ANEL CONC PRE-MOLD PROF=2,60M C/ TAMPAO FOFO SIMPLES COM BASE, CLASSE B125 CARGA MAX 12,5 T, REDONDO TAMPA 600 MM, REDE PLUVIAL/ESGOTO / REJUNTAMENTO ANEIS / REVEST LISO CALHA INTERNA C/ARG CIM/AREIA 1:4. BASE/BANQUETAEM CONCR FCK=10MPA","UN","COEFICIENTE DE REPRESENTATIVIDADE",{"v":2069.37,"d":"2,069.37"},"S","SINAPI",94962,0.35,"M3","COEFICIENTE DE REPRESENTATIVIDADE",0.35,261.24,91.43,"","","","","","","","","","","CAIXA REFERENCIAL"]
["DRENAGEM/OBRAS DE CONTENCAO/POCOS DE VISITA E CAIX","DROP","POCOS DE VISITA/BOCAS DE LOBO/CX. DE PASSAGEM/CX.",36,73963,"POCO VISITA ANEL CONCRETO P/COLETOR ESGOTO SANITARIO","73963/40","POCO VISITA ESG SANIT ANEL CONC PRE-MOLD PROF=4,10M C/ TAMPAO FOFO ARTICULADO, CLASSE B125 CARGA MAX 12,5 T, REDONDO TAMPA 600 MM, REDE PLUVIAL / REJUNTAMENTO ANEIS / REVEST LISO CALHA INTERNA C/ARG CIM/AREIA 1:4. BASE/BANQUETA EM CONCR FCK=10MPA","UN","COEFICIENTE DE REPRESENTATIVIDADE",{"v":2867.15,"d":"2,867.15"},"I","SINAPI",11649,1,"UN","COEFICIENTE DE REPRESENTATIVIDADE",1,215.65,215.65,"","","","","","","","","","","CAIXA REFERENCIAL"]
["DRENAGEM/OBRAS DE CONTENCAO/POCOS DE VISITA E CAIX","DROP","POCOS DE VISITA/BOCAS DE LOBO/CX. DE PASSAGEM/CX.",36,73963,"POCO VISITA ANEL CONCRETO P/COLETOR ESGOTO SANITARIO","73963/44","POCO VISITA ESG SANIT ANEL CONC PRE-MOLD PROF=0,80M C/ TAMPAO FOFO ARTICULADO, CLASSE B125 CARGA MAX 12,5 T, REDONDO TAMPA 600 MM, REDE PLUVIAL/ESGOTO / DEGRAUS FF / REJUNTAMENTO ANEIS / REVEST LISO CALHA INTERNA C/ARG CIM/AREIA 1:4. BASE / BANQUETA EM CONCR FCK=10MPA","UN","COEFICIENTE DE REPRESENTATIVIDADE",740.65,"I","SINAPI",11301,1,"UN","COEFICIENTE DE REPRESENTATIVIDADE",1,359.95,359.95,"","","","","","","","","","","CAIXA REFERENCIAL"]
["DRENAGEM/OBRAS DE CONTENCAO/POCOS DE VISITA E CAIX","DROP","POCOS DE VISITA/BOCAS DE LOBO/CX. DE PASSAGEM/CX.",36,73963,"POCO VISITA ANEL CONCRETO P/COLETOR ESGOTO SANITARIO","73963/48","POCO DE VISITA PARA REDE DE ESG. SANIT., EM ANEIS DE CONCRETO, DIÂMETRO = 60CM E 110CM, PROF = 310CM, EXCLUINDO TAMPAO FERRO FUNDIDO.","UN","COEFICIENTE DE REPRESENTATIVIDADE",{"v":2042.22,"d":"2,042.22"},"I","SINAPI",11649,1,"UN","COEFICIENTE DE REPRESENTATIVIDADE",1,215.65,215.65,"","","","","","","","","","","CAIXA REFERENCIAL"]
["DRENAGEM/OBRAS DE CONTENCAO/POCOS DE VISITA E CAIX","DROP","POCOS DE VISITA/BOCAS DE LOBO/CX. DE PASSAGEM/CX.",36,74124,"POCO VISITA CONCRETO ARMADO P/COLETOR AGUAS PLUVIAIS","74124/1","POCO VISITA AG PLUV:CONC ARM 1X1X1,40M COLETOR D=40 A 50CM PAREDE E=15CM BASE CONC FCK=10MPA REVEST C/ARG CIM/AREIA 1:4 INCL FORN TODOS MATERIAIS","UN","COEFICIENTE DE REPRESENTATIVIDADE",{"v":2432.01,"d":"2,432.01"},"","SINAPI","","","","","","","",{"v":1014.82,"d":"1,014.82"},41.7276671,{"v":1411.9,"d":"1,411.90"},58.0545529,3.66,0.1507071,0,0,1.63,0.0670729,"CAIXA REFERENCIAL"]
["DRENAGEM/OBRAS DE CONTENCAO/POCOS DE VISITA E CAIX","DROP","POCOS DE VISITA/BOCAS DE LOBO/CX. DE PASSAGEM/CX.",36,74124,"POCO VISITA CONCRETO ARMADO P/COLETOR AGUAS PLUVIAIS","74124/4","POCO VISITA AG PLUV:CONC ARM 1,30X1,30X1,40M COLETOR D=80CM PAREDE E=15CM BASE CONC FCK=10MPA REVEST C/ARG CIM/AREIA 1:4 INCL FORN TODOS MATERIAIS","UN","COEFICIENTE DE REPRESENTATIVIDADE",{"v":3431.39,"d":"3,431.39"},"","SINAPI","","","","","","","",{"v":1418.5,"d":"1,418.50"},41.3390194,{"v":2005.45,"d":"2,005.45"},58.4437885,5.13,0.1496865,0,0,2.31,0.0675056,"CAIXA REFERENCIAL"]
["DRENAGEM/OBRAS DE CONTENCAO/POCOS DE VISITA E CAIX","DROP","POCOS DE VISITA/BOCAS DE LOBO/CX. DE PASSAGEM/CX.",36,74124,"POCO VISITA CONCRETO ARMADO P/COLETOR AGUAS PLUVIAIS","74124/7","POCO VISITA AG PLUV:CONC ARM 1,60X1,60X1,70M COLETOR D=1,10M PAREDE E=15CM BASE CONC FCK=10MPA REVEST C/ARG CIM/AREIA 1:4 INCL FORN TODOS MATERIAIS","UN","COEFICIENTE DE REPRESENTATIVIDADE",{"v":4860.83,"d":"4,860.83"},"","SINAPI","","","","","","","",{"v":2021.03,"d":"2,021.03"},41.5779563,{"v":2829.18,"d":"2,829.18"},58.2035047,7.33,0.1508023,0,0,3.29,0.0677367,"CAIXA REFERENCIAL"]
["DRENAGEM/OBRAS DE CONTENCAO/POCOS DE VISITA E CAIX","DROP","POCOS DE VISITA/BOCAS DE LOBO/CX. DE PASSAGEM/CX.",36,74206,"CAIXAS COLETORAS","74206/2","CAIXA COLETORA, 0,25 X 0,85 X 1,00 M, COM FUNDO E PAREDES EM ALVENARIA","UN","COEFICIENTE DE REPRESENTATIVIDADE",762.71,"I","SINAPI",367,0.474,"M3","COLETADO",0.474,69.9,33.13,"","","","","","","","","","","CAIXA REFERENCIAL"]
["DRENAGEM/OBRAS DE CONTENCAO/POCOS DE VISITA E CAIX","DROP","POCOS DE VISITA/BOCAS DE LOBO/CX. DE PASSAGEM/CX.",36,74212,"MODULO TIPO > POCO DE INSPECAO EM ALVENARIA                           COMPREENDE: - ESCAVACAO EM QQ TERRENO, EXCETO ROCHA, TRANSPORTE,CARGA,              DESCARGA E ESPALHAMENTO DO MATERIAL EXCEDENTE EM  BOTA -              FORA.                                      - SINALIZACAO,TAPUME,LASTRO E LAJES EM CONCRETO ARMADO,AL-              VENARIA C/ REVESTIMENTO IMPERMEABILIZANTE,ATERRO COMPAC-              TADO, AQUISICAO E ASSENTAMENTO DE TAMPAO EM F0F0,600 MM.","74212/1","POCO DE VISITA PARA REDE DE ESGOTO SANITARIO, EM ALVENARIA, DIAMETRO = 60 CM, PROF 160 CM, INCLUINDO TAMPAO FERRO FUNDIDO","UN","COEFICIENTE DE REPRESENTATIVIDADE",{"v":3458.15,"d":"3,458.15"},"","SINAPI","","","","","","","",{"v":1609.35,"d":"1,609.35"},46.53817,{"v":1825.68,"d":"1,825.68"},52.7931234,23.08,0.6675497,0,0,0.04,1.1569E-3,"CAIXA REFERENCIAL"]
["DRENAGEM/OBRAS DE CONTENCAO/POCOS DE VISITA E CAIX","DROP","POCOS DE VISITA/BOCAS DE LOBO/CX. DE PASSAGEM/CX.",36,74214,"MODULO TIPO > PV EM ALVENARIA P/ REDE COLETORA                        COMPREENDE: - ESCAVACAO EM QQ TERRENO, EXCETO ROCHA, TRANSPORTE,CARGA,              DESCARGA E ESPALHAMENTO DO MATERIAL EXCEDENTE  EM  BOTA-              FORA.                                      - SINALIZACAO,TAPUME,LASTRO E LAJES EM CONCRETO ARMADO,AL-              VENARIA C/ REVESTIMENTO IMPERMEABILIZANTE,ATERRO COMPAC-              TADO,AQUISICAO E ASSENTAMENTO DE TAMPAO EM F0F0, 600 MM.","74214/1","POCO DE VISITA PARA REDE DE ESGOTO SANITÁRIO, EM ALVENARIA, DIAMETRO 120 CM, PROF ATE 200 CM, INCLUINDO TAMPAO FERRO FUNDIDO","UN","COEFICIENTE DE REPRESENTATIVIDADE",{"v":5303.03,"d":"5,303.03"},"I","SINAPI",6189,2.7421,"M","COEFICIENTE DE REPRESENTATIVIDADE",2.7421,19.31,52.94,"","","","","","","","","","","CAIXA REFERENCIAL"]
["DRENAGEM/OBRAS DE CONTENCAO/POCOS DE VISITA E CAIX","DROP","POCOS DE VISITA/BOCAS DE LOBO/CX. DE PASSAGEM/CX.",36,74224,"POCO DE VISITA - DRENAGEM PLUVIAL - EM CONCRETO ESTRUTURAL","74224/1","POCO DE VISITA PARA DRENAGEM PLUVIAL, EM CONCRETO ESTRUTURAL, DIMENSOES INTERNAS DE 90X150X80CM (LARGXCOMPXALT), PARA REDE DE 600 MM, EXCLUSOS TAMPAO E CHAMINE.","UN","COEFICIENTE DE REPRESENTATIVIDADE",{"v":1350.28,"d":"1,350.28"},"S","SINAPI",5875,0.1702,"CHP","COEFICIENTE DE REPRESENTATIVIDADE",0.1702,93.07,15.84,"","","","","","","","","","","CAIXA REFERENCIAL"]
["DRENAGEM/OBRAS DE CONTENCAO/POCOS DE VISITA E CAIX","DROP","POCOS DE VISITA/BOCAS DE LOBO/CX. DE PASSAGEM/CX.",36,"","",83708,"POCO DE VISITA EM ALVENARIA, PARA REDE D=0,40 M, PARTE FIXA C/ 1,00 M DE ALTURA","UN","COEFICIENTE DE REPRESENTATIVIDADE",{"v":1193.89,"d":"1,193.89"},"S","SINAPI",88262,0.32,"H","COEFICIENTE DE REPRESENTATIVIDADE",0.32,21.68,6.93,"","","","","","","","","","","CAIXA REFERENCIAL"]
["DRENAGEM/OBRAS DE CONTENCAO/POCOS DE VISITA E CAIX","DROP","POCOS DE VISITA/BOCAS DE LOBO/CX. DE PASSAGEM/CX.",36,"","",83709,"POCO DE VISITA EM ALVENARIA, PARA REDE D=0,60 M, PARTE FIXA C/ 1,00 M DE ALTURA","UN","COEFICIENTE DE REPRESENTATIVIDADE",{"v":1474.61,"d":"1,474.61"},"I","SINAPI",7258,530,"UN","COEFICIENTE DE REPRESENTATIVIDADE",530,0.29,153.7,"","","","","","","","","","","CAIXA REFERENCIAL"]
["DRENAGEM/OBRAS DE CONTENCAO/POCOS DE VISITA E CAIX","DROP","POCOS DE VISITA/BOCAS DE LOBO/CX. DE PASSAGEM/CX.",36,"","",83712,"POCO DE VISITA EM ALVENARIA, PARA REDE D=1,20 M, PARTE FIXA C/ 1,00 M DE ALTURA E USO DE ESCAVADEIRA HIDRAULICA","UN","COEFICIENTE DE REPRESENTATIVIDADE",{"v":4662.26,"d":"4,662.26"},"","SINAPI","","","","","","","",{"v":1752.51,"d":"1,752.51"},37.5893493,{"v":2886.35,"d":"2,886.35"},61.9086643,23.4,0.5019864,0,0,0,0,"CAIXA REFERENCIAL"]
["DRENAGEM/OBRAS DE CONTENCAO/POCOS DE VISITA E CAIX","DROP","POCOS DE VISITA/BOCAS DE LOBO/CX. DE PASSAGEM/CX.",36,"","",83714,"ACRESCIMO NA ALTURA DO POCO DE VISITA EM ALVENARIA PARA REDE D=0,40 M","M","COEFICIENTE DE REPRESENTATIVIDADE",626.23,"S","SINAPI",88309,9.77,"H","COEFICIENTE DE REPRESENTATIVIDADE",9.77,21.8,212.98,"","","","","","","","","","","CAIXA REFERENCIAL"]
["DRENAGEM/OBRAS DE CONTENCAO/POCOS DE VISITA E CAIX","DROP","MEIO FIO, LINHA D'AGUA E SARJERTA",37,"","",94266,"GUIA (MEIO-FIO) CONCRETO, MOLDADA  IN LOCO  EM TRECHO CURVO COM EXTRUSORA, 14 CM BASE X 30 CM ALTURA. AF_06/2016","M","ATRIBUÍDO SÃO PAULO",31.72,"I","SINAPI",370,0.007,"M3","COLETADO",0.007,61.6,0.43,"","","","","","","","","","","CAIXA REFERENCIAL"]
["DRENAGEM/OBRAS DE CONTENCAO/POCOS DE VISITA E CAIX","DROP","MEIO FIO, LINHA D'AGUA E SARJERTA",37,"","",94270,"GUIA (MEIO-FIO) E SARJETA CONJUGADOS DE CONCRETO, MOLDADA IN LOCO” EM TRECHO CURVO COM EXTRUSORA, GUIA 13,5 CM BASE X 26 CM ALTURA, SARJETA 45 CM BASE X 11 CM ALTURA. AF_06/2016","M","ATRIBUÍDO SÃO PAULO",51.98,"S","SINAPI",88309,0.352,"H","COEFICIENTE DE REPRESENTATIVIDADE",0.352,21.8,7.67,"","","","","","","","","","","CAIXA REFERENCIAL"]
["DRENAGEM/OBRAS DE CONTENCAO/POCOS DE VISITA E CAIX","DROP","MEIO FIO, LINHA D'AGUA E SARJERTA",37,"","",94271,"GUIA (MEIO-FIO) E SARJETA CONJUGADOS DE CONCRETO, MOLDADA “IN LOCO” EM TRECHO RETO COM EXTRUSORA, GUIA 13,5 CM BASE X 30 CM ALTURA, SARJETA 50 CM BASE X 12,5 CM ALTURA. AF_06/2016","M","ATRIBUÍDO SÃO PAULO",57.39,"S","SINAPI",88316,0.675,"H","COEFICIENTE DE REPRESENTATIVIDADE",0.675,15.03,10.14,"","","","","","","","","","","CAIXA REFERENCIAL"]
["DRENAGEM/OBRAS DE CONTENCAO/POCOS DE VISITA E CAIX","DROP","MEIO FIO, LINHA D'AGUA E SARJERTA",37,"","",94281,"EXECUÇÃO DE SARJETA DE CONCRETO USINADO, MOLDADA  IN LOCO  EM TRECHO RETO, 30 CM BASE X 15 CM ALTURA. AF_06/2016","M","COEFICIENTE DE REPRESENTATIVIDADE",36.16,"I","SINAPI",4517,0.2,"M","COEFICIENTE DE REPRESENTATIVIDADE",0.2,0.81,0.16,"","","","","","","","","","","CAIXA REFERENCIAL"]
["DRENAGEM/OBRAS DE CONTENCAO/POCOS DE VISITA E CAIX","DROP","MEIO FIO, LINHA D'AGUA E SARJERTA",37,"","",94286,"EXECUÇÃO DE SARJETA DE CONCRETO USINADO, MOLDADA  IN LOCO  EM TRECHO CURVO, 60 CM BASE X 15 CM ALTURA. AF_06/2016","M","COEFICIENTE DE REPRESENTATIVIDADE",64.25,"I","SINAPI",34492,0.112,"M3","COEFICIENTE DE REPRESENTATIVIDADE",0.112,261.63,29.3,"","","","","","","","","","","CAIXA REFERENCIAL"]
["DRENAGEM/OBRAS DE CONTENCAO/POCOS DE VISITA E CAIX","DROP","MEIO FIO, LINHA D'AGUA E SARJERTA",37,"","",94293,"EXECUÇÃO DE SARJETÃO DE CONCRETO USINADO, MOLDADA  IN LOCO  EM TRECHO RETO, 100 CM BASE X 20 CM ALTURA. AF_06/2016","M","COEFICIENTE DE REPRESENTATIVIDADE",105.1,"I","SINAPI",370,0.033,"M3","COLETADO",0.033,61.6,2.03,"","","","","","","","","","","CAIXA REFERENCIAL"]
["DRENAGEM/OBRAS DE CONTENCAO/POCOS DE VISITA E CAIX","DROP","MEIO FIO, LINHA D'AGUA E SARJERTA",37,"","",94294,"EXECUÇÃO DE ESCORAS DE CONCRETO PARA CONTENÇÃO DE GUIAS PRÉ-FABRICADAS. AF_06/2016","M","COEFICIENTE DE REPRESENTATIVIDADE",6.3,"","SINAPI","","","","","","","",1.87,29.8333333,4.42,70.0000001,0,0,0,0,0.01,0.1666666,"CAIXA REFERENCIAL"]
["ESCORAMENTO","ESCO","ESCORAMENTO DE MADEIRA EM VALAS",23,"","",94043,"ESCORAMENTO DE VALA, TIPO PONTALETEAMENTO, COM PROFUNDIDADE DE 0 A 1,5 M, LARGURA MENOR QUE 1,5 M, EM LOCAL COM NÍVEL BAIXO DE INTERFERÊNCIA. AF_06/2016","M2","COEFICIENTE DE REPRESENTATIVIDADE",17.45,"I","SINAPI",6189,0.217,"M","COEFICIENTE DE REPRESENTATIVIDADE",0.217,19.31,4.19,"","","","","","","","","","","CAIXA REFERENCIAL"]
["ESCORAMENTO","ESCO","ESCORAMENTO DE MADEIRA EM VALAS",23,"","",94049,"ESCORAMENTO DE VALA, TIPO DESCONTÍNUO, COM PROFUNDIDADE DE 0 A 1,5 M, LARGURA MENOR QUE 1,5 M, EM LOCAL COM NÍVEL ALTO DE INTERFERÊNCIA. AF_06/2016","M2","COEFICIENTE DE REPRESENTATIVIDADE",31.95,"S","SINAPI",88316,0.273,"H","COEFICIENTE DE REPRESENTATIVIDADE",0.273,15.03,4.1,"","","","","","","","","","","CAIXA REFERENCIAL"]
["ESCORAMENTO","ESCO","ESCORAMENTO DE MADEIRA EM VALAS",23,"","",94055,"ESCORAMENTO DE VALA, TIPO DESCONTÍNUO, COM PROFUNDIDADE DE 0 A 1,5 M, LARGURA MENOR QUE 1,5 M, EM LOCAL COM NÍVEL BAIXO DE INTERFERÊNCIA. AF_06/2016","M2","COEFICIENTE DE REPRESENTATIVIDADE",30.61,"I","SINAPI",5061,0.027,"KG","COLETADO",0.027,8.52,0.23,"","","","","","","","","","","CAIXA REFERENCIAL"]
["ESCORAMENTO","ESCO","ESCORAMENTO DE MADEIRA EM VALAS",23,"","",94056,"ESCORAMENTO DE VALA, TIPO DESCONTÍNUO, COM PROFUNDIDADE DE 0 A 1,5 M, LARGURA MAIOR OU IGUAL A 1,5 M E MENOR QUE 2,5 M, EM LOCAL COM NÍVEL BAIXO DE INTERFERÊNCIA. AF_06/2016","M2","COEFICIENTE DE REPRESENTATIVIDADE",39.09,"S","SINAPI",88316,0.375,"H","COEFICIENTE DE REPRESENTATIVIDADE",0.375,15.03,5.63,"","","","","","","","","","","CAIXA REFERENCIAL"]
["ESCORAMENTO","ESCO","ESCORAMENTO METALICO EM VALAS OU POCOS",24,73877,"ESCORAMENTO DE VALAS COM PRANCHOES METALICOS E QUADROS UTILIZANDO LON-GARINAS DE MADEIRA DE 3X5\", INCLUSIVE POSTERIOR RETIRADA","73877/1","ESCORAMENTO DE VALAS COM PRANCHOES METALICOS - AREA CRAVADA","M2","COEFICIENTE DE REPRESENTATIVIDADE",62.21,"I","SINAPI",13340,0.04,"M","COEFICIENTE DE REPRESENTATIVIDADE",0.04,23.75,0.95,"","","","","","","","","","","CAIXA REFERENCIAL"]
["ESCORAMENTO","ESCO","CIMBRAMENTO",293,"","",83516,"ESCORAMENTO FORMAS H=3,50 A 4,00 M, COM MADEIRA DE 3A QUALIDADE, NAO APARELHADA, APROVEITAMENTO TABUAS 3X E PRUMOS 4X.","M3","COEFICIENTE DE REPRESENTATIVIDADE",19.19,"S","SINAPI",88316,0.21375,"H","COEFICIENTE DE REPRESENTATIVIDADE",0.21375,15.03,3.21,"","","","","","","","","","","CAIXA REFERENCIAL"]
["ESQUADRIAS/FERRAGENS/VIDROS","ESQV","PORTA DE MADEIRA",89,"","",84876,"PORTA MADEIRA 1A CORRER P/VIDRO 30MM/ GUARNICAO 15CM/ALIZAR","M2","COEFICIENTE DE REPRESENTATIVIDADE",690.62,"I","SINAPI",11573,2,"UN","COEFICIENTE DE REPRESENTATIVIDADE",2,5.37,10.74,"","","","","","","","","","","CAIXA REFERENCIAL"]
["ESQUADRIAS/FERRAGENS/VIDROS","ESQV","PORTA DE MADEIRA",89,"","",90804,"ADUELA / MARCO / BATENTE PARA PORTA DE 60X210CM, FIXAÇÃO COM ARGAMASSA, PADRÃO MÉDIO - FORNECIMENTO E INSTALAÇÃO. AF_08/2015_P","UN","COEFICIENTE DE REPRESENTATIVIDADE",219.17,"S","SINAPI",88629,0.022,"M3","COEFICIENTE DE REPRESENTATIVIDADE",0.022,432.29,9.51,"","","","","","","","","","","CAIXA REFERENCIAL"]
["ESQUADRIAS/FERRAGENS/VIDROS","ESQV","PORTA DE MADEIRA",89,"","",90806,"ADUELA / MARCO / BATENTE PARA PORTA DE 70X210CM, FIXAÇÃO COM ARGAMASSA, PADRÃO MÉDIO - FORNECIMENTO E INSTALAÇÃO. AF_08/2015_P","UN","COEFICIENTE DE REPRESENTATIVIDADE",231.89,"I","SINAPI",5061,0.2,"KG","COLETADO",0.2,8.52,1.7,"","","","","","","","","","","CAIXA REFERENCIAL"]
["ESQUADRIAS/FERRAGENS/VIDROS","ESQV","PORTA DE MADEIRA",89,"","",90819,"ADUELA / MARCO / BATENTE PARA PORTA DE 90X210CM, FIXAÇÃO COM ARGAMASSA - SOMENTE INSTALAÇÃO. AF_08/2015_P","UN","COEFICIENTE DE REPRESENTATIVIDADE",79.21,"I","SINAPI",7319,0.1737,"L","COEFICIENTE DE REPRESENTATIVIDADE",0.1737,7.14,1.24,"","","","","","","","","","","CAIXA REFERENCIAL"]
["ESQUADRIAS/FERRAGENS/VIDROS","ESQV","PORTA DE MADEIRA",89,"","",90828,"ALIZAR / GUARNIÇÃO DE 5X1,5CM PARA PORTA DE 80X210CM FIXADO COM PREGOS, PADRÃO MÉDIO - FORNECIMENTO E INSTALAÇÃO. AF_08/2015","UN","COEFICIENTE DE REPRESENTATIVIDADE",25.79,"","SINAPI","","","","","","","",7.85,30.4500978,17.93,69.5107633,0.01,0.0391389,0,0,0,0,"CAIXA REFERENCIAL"]
["ESQUADRIAS/FERRAGENS/VIDROS","ESQV","PORTA DE MADEIRA",89,"","",90847,"KIT DE PORTA DE MADEIRA PARA PINTURA, SEMI-OCA (LEVE OU MÉDIA), PADRÃO MÉDIO, 60X210CM, ESPESSURA DE 3,5CM, ITENS INCLUSOS: DOBRADIÇAS, MONTAGEM E INSTALAÇÃO DO BATENTE, SEM FECHADURA - FORNECIMENTO E INSTALAÇÃO. AF_08/2015","UN","COEFICIENTE DE REPRESENTATIVIDADE",572.21,"S","SINAPI",90800,1,"UN","COEFICIENTE DE REPRESENTATIVIDADE",1,156.1,156.1,"","","","","","","","","","","CAIXA REFERENCIAL"]
["ESQUADRIAS/FERRAGENS/VIDROS","ESQV","PORTA DE MADEIRA",89,"","",90848,"KIT DE PORTA DE MADEIRA PARA PINTURA, SEMI-OCA (LEVE OU MÉDIA), PADRÃO MÉDIO, 70X210CM, ESPESSURA DE 3,5CM, ITENS INCLUSOS: DOBRADIÇAS, MONTAGEM E INSTALAÇÃO DO BATENTE, SEM FECHADURA - FORNECIMENTO E INSTALAÇÃO. AF_08/2015","UN","COEFICIENTE DE REPRESENTATIVIDADE",611.3,"S","SINAPI",90807,1,"UN","COEFICIENTE DE REPRESENTATIVIDADE",1,68.45,68.45,"","","","","","","","","","","CAIXA REFERENCIAL"]
["ESQUADRIAS/FERRAGENS/VIDROS","ESQV","PORTA DE MADEIRA",89,"","",91013,"KIT DE PORTA DE MADEIRA PARA VERNIZ, SEMI-OCA (LEVE OU MÉDIA), PADRÃO MÉDIO, 60X210CM, ESPESSURA DE 3,5CM, ITENS INCLUSOS: DOBRADIÇAS, MONTAGEM E INSTALAÇÃO DO BATENTE, SEM FECHADURA - FORNECIMENTO E INSTALAÇÃO. AF_08/2015","UN","COEFICIENTE DE REPRESENTATIVIDADE",578.41,"S","SINAPI",90805,1,"UN","COEFICIENTE DE REPRESENTATIVIDADE",1,63.07,63.07,"","","","","","","","","","","CAIXA REFERENCIAL"]
["ESQUADRIAS/FERRAGENS/VIDROS","ESQV","PORTA DE MADEIRA",89,"","",91291,"ADUELA / MARCO / BATENTE PARA PORTA DE 60X210CM, FIXAÇÃO COM ARGAMASSA, PADRÃO POPULAR - FORNECIMENTO E INSTALAÇÃO. AF_08/2015_P","UN","COEFICIENTE DE REPRESENTATIVIDADE",190.54,"I","SINAPI",5061,0.2,"KG","COLETADO",0.2,8.52,1.7,"","","","","","","","","","","CAIXA REFERENCIAL"]
["ESQUADRIAS/FERRAGENS/VIDROS","ESQV","PORTA DE MADEIRA",89,"","",91296,"PORTA DE MADEIRA FRISADA, SEMI-OCA (LEVE OU MÉDIA), 70X210CM, ESPESSURA DE 3CM, INCLUSO DOBRADIÇAS - FORNECIMENTO E INSTALAÇÃO. AF_08/2015","UN","COEFICIENTE DE REPRESENTATIVIDADE",312.41,"I","SINAPI",4962,1,"UN","COEFICIENTE DE REPRESENTATIVIDADE",1,170.4,170.4,"","","","","","","","","","","CAIXA REFERENCIAL"]
["ESQUADRIAS/FERRAGENS/VIDROS","ESQV","PORTA DE MADEIRA",89,"","",91298,"PORTA DE MADEIRA TIPO VENEZIANA, 80X210CM, ESPESSURA DE 3CM, INCLUSO DOBRADIÇAS - FORNECIMENTO E INSTALAÇÃO. AF_08/2015","UN","COEFICIENTE DE REPRESENTATIVIDADE",452.31,"","SINAPI","","","","","","","",32.6,7.2090605,419.58,92.7621829,0.13,0.0287566,0,0,0,0,"CAIXA REFERENCIAL"]
["ESQUADRIAS/FERRAGENS/VIDROS","ESQV","PORTA DE MADEIRA",89,"","",91305,"FECHADURA DE EMBUTIR PARA PORTA DE BANHEIRO, COMPLETA, ACABAMENTO PADRÃO POPULAR, INCLUSO EXECUÇÃO DE FURO - FORNECIMENTO E INSTALAÇÃO. AF_08/2015","UN","COEFICIENTE DE REPRESENTATIVIDADE",64.53,"S","SINAPI",88316,0.384,"H","COEFICIENTE DE REPRESENTATIVIDADE",0.384,15.03,5.77,"","","","","","","","","","","CAIXA REFERENCIAL"]
["ESQUADRIAS/FERRAGENS/VIDROS","ESQV","PORTA DE MADEIRA",89,"","",91319,"KIT DE PORTA DE MADEIRA PARA PINTURA, SEMI-OCA (LEVE OU MÉDIA), PADRÃO POPULAR, 70X210CM, ESPESSURA DE 3,5CM, ITENS INCLUSOS: DOBRADIÇAS, MONTAGEM E INSTALAÇÃO DO BATENTE, SEM FECHADURA - FORNECIMENTO E INSTALAÇÃO. AF_08/2015","UN","COEFICIENTE DE REPRESENTATIVIDADE",575.95,"S","SINAPI",90807,1,"UN","COEFICIENTE DE REPRESENTATIVIDADE",1,68.45,68.45,"","","","","","","","","","","CAIXA REFERENCIAL"]
["ESQUADRIAS/FERRAGENS/VIDROS","ESQV","PORTA DE MADEIRA",89,"","",91327,"KIT DE PORTA DE MADEIRA PARA VERNIZ, SEMI-OCA (LEVE OU MÉDIA), PADRÃO POPULAR, 90X210CM, ESPESSURA DE 3,5CM, ITENS INCLUSOS: DOBRADIÇAS, MONTAGEM E INSTALAÇÃO DO BATENTE, SEM FECHADURA - FORNECIMENTO E INSTALAÇÃO. AF_08/2015","UN","COEFICIENTE DE REPRESENTATIVIDADE",614.32,"S","SINAPI",90819,1,"UN","COEFICIENTE DE REPRESENTATIVIDADE",1,79.21,79.21,"","","","","","","","","","","CAIXA REFERENCIAL"]
["ESQUADRIAS/FERRAGENS/VIDROS","ESQV","PORTA DE MADEIRA",89,"","",91337,"KIT DE PORTA DE MADEIRA TIPO MEXICANA, MACIÇA (PESADA OU SUPERPESADA), PADRÃO POPULAR, 80X210CM, ESPESSURA DE 3CM, ITENS INCLUSOS: DOBRADIÇAS, MONTAGEM E INSTALAÇÃO DO BATENTE, SEM FECHADURA - FORNECIMENTO E INSTALAÇÃO. AF_08/2015","UN","COEFICIENTE DE REPRESENTATIVIDADE",{"v":1163.73,"d":"1,163.73"},"S","SINAPI",91302,2,"UN","COEFICIENTE DE REPRESENTATIVIDADE",2,22.36,44.72,"","","","","","","","","","","CAIXA REFERENCIAL"]
["ESQUADRIAS/FERRAGENS/VIDROS","ESQV","JANELA DE MADEIRA",90,73813,"JANELA DE MADEIRA","73813/1","JANELA DE MADEIRA ALMOFADADA 1A, 1,5X1,5M, DE ABRIR, INCLUSO GUARNICOES E DOBRADICAS","UN","COEFICIENTE DE REPRESENTATIVIDADE",{"v":1202,"d":"1,202.00"},"S","SINAPI",88627,0.0073,"M3","COEFICIENTE DE REPRESENTATIVIDADE",0.0073,443.43,3.23,"","","","","","","","","","","CAIXA REFERENCIAL"]
["ESQUADRIAS/FERRAGENS/VIDROS","ESQV","JANELA DE MADEIRA",90,"","",84847,"JANELA DE MADEIRA ALMOFADADA, DE ABRIR, INCLUSAS GUARNICOES SEM FERRAGENS","M2","COEFICIENTE DE REPRESENTATIVIDADE",511.65,"S","SINAPI",88239,1.4,"H","COEFICIENTE DE REPRESENTATIVIDADE",1.4,17.62,24.66,"","","","","","","","","","","CAIXA REFERENCIAL"]
["ESQUADRIAS/FERRAGENS/VIDROS","ESQV","PORTA E/OU TAMPA DE FERRO",92,73933,"PORTA DE FERRO DE ABRIR","73933/4","PORTA DE FERRO DE ABRIR TIPO BARRA CHATA, COM REQUADRO E GUARNICAO COMPLETA","M2","ATRIBUÍDO SÃO PAULO",601.53,"I","SINAPI",4930,1,"M2","ATRIBUÍDO SÃO PAULO",1,538.62,538.62,"","","","","","","","","","","CAIXA REFERENCIAL"]
["ESQUADRIAS/FERRAGENS/VIDROS","ESQV","JANELA DE FERRO",93,"","",94559,"JANELA DE AÇO BASCULANTE, FIXAÇÃO COM ARGAMASSA, SEM VIDROS, PADRONIZADA. AF_07/2016","M2","ATRIBUÍDO SÃO PAULO",448.66,"","SINAPI","","","","","","","",99.86,22.2579134,348.4,77.6528587,0.4,0.0892279,0,0,0,0,"CAIXA REFERENCIAL"]
["ESQUADRIAS/FERRAGENS/VIDROS","ESQV","JANELA DE FERRO",93,"","",94560,"JANELA DE AÇO DE CORRER, 2 FOLHAS, FIXAÇÃO COM ARGAMASSA, COM VIDROS, PADRONIZADA. AF_07/2016","M2","ATRIBUÍDO SÃO PAULO",380.19,"I","SINAPI",11197,0.5553,"UN","ATRIBUÍDO SÃO PAULO",0.5553,587.34,326.14,"","","","","","","","","","","CAIXA REFERENCIAL"]
["ESQUADRIAS/FERRAGENS/VIDROS","ESQV","GRADE DE FERRO",94,73932,"GRADE DE FERRO, BARRA CHATA","73932/1","GRADE DE FERRO EM BARRA CHATA 3/16\"","M2","COEFICIENTE DE REPRESENTATIVIDADE",246.87,"I","SINAPI",546,42,"KG","COLETADO",42,4.26,178.92,"","","","","","","","","","","CAIXA REFERENCIAL"]
["ESQUADRIAS/FERRAGENS/VIDROS","ESQV","ESCADAS/CORRIMAOS",97,74194,"ESCADA MARINHEIRO","74194/1","ESCADA TIPO MARINHEIRO EM TUBO ACO GALVANIZADO 1 1/2\" 5 DEGRAUS","M","COEFICIENTE DE REPRESENTATIVIDADE",248.48,"","SINAPI","","","","","","","",84.64,34.0640741,163.47,65.7868226,0.37,0.1491033,0,0,0,0,"CAIXA REFERENCIAL"]
["ESQUADRIAS/FERRAGENS/VIDROS","ESQV","PORTA E/OU TAMPA DE ALUMINIO",98,"","",91341,"PORTA EM ALUMÍNIO DE ABRIR TIPO VENEZIANA COM GUARNIÇÃO, FIXAÇÃO COM PARAFUSOS - FORNECIMENTO E INSTALAÇÃO. AF_08/2015","M2","COEFICIENTE DE REPRESENTATIVIDADE",366.66,"I","SINAPI",39025,0.5473,"UN","COEFICIENTE DE REPRESENTATIVIDADE",0.5473,450.36,246.48,"","","","","","","","","","","CAIXA REFERENCIAL"]
["ESQUADRIAS/FERRAGENS/VIDROS","ESQV","PORTA E/OU TAMPA DE ALUMINIO",98,"","",94806,"PORTA EM AÇO DE ABRIR PARA VIDRO SEM GUARNIÇÃO, 87X210CM, FIXAÇÃO COM PARAFUSOS, EXCLUSIVE VIDROS - FORNECIMENTO E INSTALAÇÃO. AF_08/2015","UN","ATRIBUÍDO SÃO PAULO",579.54,"","SINAPI","","","","","","","",19.66,3.3939854,559.83,96.5973829,0.05,0.0086317,0,0,0,0,"CAIXA REFERENCIAL"]
["ESQUADRIAS/FERRAGENS/VIDROS","ESQV","FERRAGENS PARA PORTAS",100,"","",84885,"JOGO DE FERRAGENS CROMADAS PARA PORTA DE VIDRO TEMPERADO, UMA FOLHA COMPOSTO DE DOBRADICAS SUPERIOR E INFERIOR, TRINCO, FECHADURA, CONTRA FECHADURA COM CAPUCHINHO SEM MOLA E PUXADOR","UN","COEFICIENTE DE REPRESENTATIVIDADE",749.87,"","SINAPI","","","","","","","",199.68,26.6293109,549.39,73.2639584,0.8,0.1067307,0,0,0,0,"CAIXA REFERENCIAL"]
["ESQUADRIAS/FERRAGENS/VIDROS","ESQV","VIDROS/ESPELHOS",103,"","",72116,"VIDRO LISO COMUM TRANSPARENTE, ESPESSURA 3MM","M2","COEFICIENTE DE REPRESENTATIVIDADE",103.96,"I","SINAPI",10490,1,"M2","COLETADO",1,80,80,"","","","","","","","","","","CAIXA REFERENCIAL"]
["ESQUADRIAS/FERRAGENS/VIDROS","ESQV","VIDROS/ESPELHOS",103,74125,"ESPELHO C/MOLDURA","74125/1","ESPELHO CRISTAL ESPESSURA 4MM, COM MOLDURA DE MADEIRA","M2","COEFICIENTE DE REPRESENTATIVIDADE",397.08,"I","SINAPI",11186,1,"M2","COEFICIENTE DE REPRESENTATIVIDADE",1,305.77,305.77,"","","","","","","","","","","CAIXA REFERENCIAL"]
["ESQUADRIAS/FERRAGENS/VIDROS","ESQV","VIDROS/ESPELHOS",103,"","",85005,"ESPELHO CRISTAL, ESPESSURA 4MM, COM PARAFUSOS DE FIXACAO, SEM MOLDURA","M2","COEFICIENTE DE REPRESENTATIVIDADE",362.08,"S","SINAPI",88316,0.4,"H","COEFICIENTE DE REPRESENTATIVIDADE",0.4,15.03,6.01,"","","","","","","","","","","CAIXA REFERENCIAL"]
["ESQUADRIAS/FERRAGENS/VIDROS","ESQV","PORTOES DE MADEIRA/FERRO/ALUMINIO",105,"","",68054,"PORTAO DE FERRO EM CHAPA GALVANIZADA PLANA 14 GSG","M2","COEFICIENTE DE REPRESENTATIVIDADE",206.46,"S","SINAPI",88316,1.5,"H","COEFICIENTE DE REPRESENTATIVIDADE",1.5,15.03,22.54,"","","","","","","","","","","CAIXA REFERENCIAL"]
["ESQUADRIAS/FERRAGENS/VIDROS","ESQV","JANELA DE ALUMINIO",222,"","",85010,"CAIXILHO FIXO, DE ALUMINIO, PARA VIDRO","M2","COEFICIENTE DE REPRESENTATIVIDADE",254.19,"S","SINAPI",88315,0.8,"H","COEFICIENTE DE REPRESENTATIVIDADE",0.8,20.75,16.6,"","","","","","","","","","","CAIXA REFERENCIAL"]
["ESQUADRIAS/FERRAGENS/VIDROS","ESQV","JANELA DE ALUMINIO",222,"","",94574,"JANELA DE ALUMÍNIO DE CORRER, 6 FOLHAS, FIXAÇÃO COM PARAFUSO SOBRE CONTRAMARCO (EXCLUSIVE CONTRAMARCO), COM VIDROS, PADRONIZADA. AF_07/2016","M2","COEFICIENTE DE REPRESENTATIVIDADE",387.23,"S","SINAPI",88316,0.56,"H","COEFICIENTE DE REPRESENTATIVIDADE",0.56,15.03,8.41,"","","","","","","","","","","CAIXA REFERENCIAL"]
["ESQUADRIAS/FERRAGENS/VIDROS","ESQV","JANELA DE ALUMINIO",222,"","",94584,"JANELA DE ALUMÍNIO DE CORRER, 3 FOLHAS, FIXAÇÃO COM ARGAMASSA, COM VIDROS, PADRONIZADA. AF_07/2016","M2","COEFICIENTE DE REPRESENTATIVIDADE",403.86,"S","SINAPI",88309,1.491,"H","COEFICIENTE DE REPRESENTATIVIDADE",1.491,21.8,32.5,"","","","","","","","","","","CAIXA REFERENCIAL"]
["ESQUADRIAS/FERRAGENS/VIDROS","ESQV","JANELA DE ALUMINIO",222,"","",94585,"JANELA DE ALUMÍNIO DE CORRER, 4 FOLHAS, FIXAÇÃO COM ARGAMASSA, COM VIDROS, PADRONIZADA. AF_07/2016","M2","COEFICIENTE DE REPRESENTATIVIDADE",272.73,"S","SINAPI",88316,0.765,"H","COEFICIENTE DE REPRESENTATIVIDADE",0.765,15.03,11.49,"","","","","","","","","","","CAIXA REFERENCIAL"]
["FUNDACOES E ESTRUTURAS","FUES","ESTACAS",39,"","",89198,"ESTACA PRÉ-MOLDADA DE CONCRETO, SEÇÃO QUADRADA, CAPACIDADE DE 25 TONELADAS, COMPRIMENTO TOTAL CRAVADO ATÉ 5M, BATE-ESTACAS POR GRAVIDADE SOBRE ROLOS (EXCLUSIVE MOBILIZAÇÃO E DESMOBILIZAÇÃO). AF_03/2016","M","COEFICIENTE DE REPRESENTATIVIDADE",84.14,"S","SINAPI",89843,0.117,"CHP","COEFICIENTE DE REPRESENTATIVIDADE",0.117,135.96,15.9,"","","","","","","","","","","CAIXA REFERENCIAL"]
["FUNDACOES E ESTRUTURAS","FUES","ESTACAS",39,"","",89203,"ESTACA PRÉ-MOLDADA DE CONCRETO CENTRIFUGADO, SEÇÃO CIRCULAR, CAPACIDADE DE 100 TONELADAS, COMPRIMENTO TOTAL CRAVADO ACIMA DE 5M ATÉ 12M, BATE-ESTACAS POR GRAVIDADE SOBRE ROLOS (EXCLUSIVE MOBILIZAÇÃO E DESMOBILIZAÇÃO). AF_03/2016","M","COEFICIENTE DE REPRESENTATIVIDADE",217.96,"S","SINAPI",88316,0.286,"H","COEFICIENTE DE REPRESENTATIVIDADE",0.286,15.03,4.29,"","","","","","","","","","","CAIXA REFERENCIAL"]
["FUNDACOES E ESTRUTURAS","FUES","ESTACAS",39,"","",90811,"ESTACA HÉLICE CONTÍNUA, DIÂMETRO DE 50 CM, COMPRIMENTO TOTAL ACIMA DE 15 M ATÉ 30 M, PERFURATRIZ COM TORQUE DE 170 KN.M (EXCLUSIVE MOBILIZAÇÃO E DESMOBILIZAÇÃO). AF_02/2015","M","COEFICIENTE DE REPRESENTATIVIDADE",127.46,"S","SINAPI",95292,0.2453,"M3","COEFICIENTE DE REPRESENTATIVIDADE",0.2453,3.19,0.78,"","","","","","","","","","","CAIXA REFERENCIAL"]
["FUNDACOES E ESTRUTURAS","FUES","ESTACAS",39,"","",90878,"ESTACA ESCAVADA MECANICAMENTE, SEM FLUIDO ESTABILIZANTE, COM 25 CM DE DIÂMETRO, ACIMA DE 9 M DE COMPRIMENTO, CONCRETO LANÇADO POR CAMINHÃO BETONEIRA (EXCLUSIVE MOBILIZAÇÃO E DESMOBILIZAÇÃO). AF_02/2015","M","COEFICIENTE DE REPRESENTATIVIDADE",39.01,"I","SINAPI",38404,0.0559,"M3","COEFICIENTE DE REPRESENTATIVIDADE",0.0559,321.23,17.95,"","","","","","","","","","","CAIXA REFERENCIAL"]
["FUNDACOES E ESTRUTURAS","FUES","ESTACAS",39,"","",90878,"ESTACA ESCAVADA MECANICAMENTE, SEM FLUIDO ESTABILIZANTE, COM 25 CM DE DIÂMETRO, ACIMA DE 9 M DE COMPRIMENTO, CONCRETO LANÇADO POR CAMINHÃO BETONEIRA (EXCLUSIVE MOBILIZAÇÃO E DESMOBILIZAÇÃO). AF_02/2015","M","COEFICIENTE DE REPRESENTATIVIDADE",39.01,"S","SINAPI",95967,0.0626,"H","COEFICIENTE DE REPRESENTATIVIDADE",0.0626,136.32,8.53,"","","","","","","","","","","CAIXA REFERENCIAL"]
["FUNDACOES E ESTRUTURAS","FUES","ESTACAS",39,"","",90885,"ESTACA ESCAVADA MECANICAMENTE, SEM FLUIDO ESTABILIZANTE, COM 40 CM DE DIÂMETRO, ACIMA DE 15 M DE COMPRIMENTO, CONCRETO LANÇADO POR CAMINHÃO BETONEIRA (EXCLUSIVE MOBILIZAÇÃO E DESMOBILIZAÇÃO). AF_02/2015","M","COEFICIENTE DE REPRESENTATIVIDADE",65.15,"S","SINAPI",95292,0.1571,"M3","COEFICIENTE DE REPRESENTATIVIDADE",0.1571,3.19,0.5,"","","","","","","","","","","CAIXA REFERENCIAL"]
["FUNDACOES E ESTRUTURAS","FUES","ESTACAS",39,"","",90891,"ESTACA ESCAVADA MECANICAMENTE, SEM FLUIDO ESTABILIZANTE, COM 60 CM DE DIÂMETRO, ACIMA DE 15 M DE COMPRIMENTO, CONCRETO LANÇADO POR BOMBA LANÇA (EXCLUSIVE MOBILIZAÇÃO E DESMOBILIZAÇÃO). AF_02/2015","M","COEFICIENTE DE REPRESENTATIVIDADE",148.81,"I","SINAPI",38404,0.3839,"M3","COEFICIENTE DE REPRESENTATIVIDADE",0.3839,321.23,123.32,"","","","","","","","","","","CAIXA REFERENCIAL"]
["FUNDACOES E ESTRUTURAS","FUES","ESTACAS",39,"","",95608,"ARRASAMENTO DE ESTACA METÁLICA, PERFIL LAMINADO TIPO “H” FAMÍLIA 250. AF_11/2016","UN","COEFICIENTE DE REPRESENTATIVIDADE",7.23,"S","SINAPI",88317,0.13,"H","COEFICIENTE DE REPRESENTATIVIDADE",0.13,32.56,4.23,"","","","","","","","","","","CAIXA REFERENCIAL"]
["FUNDACOES E ESTRUTURAS","FUES","ESTACAS",39,"","",95609,"ARRASAMENTO DE ESTACA METÁLICA, PERFIL LAMINADO TIPO “H” FAMÍLIA 310. AF_11/2016","UN","COEFICIENTE DE REPRESENTATIVIDADE",8.06,"S","SINAPI",92716,0.08,"CHP","COEFICIENTE DE REPRESENTATIVIDADE",0.08,14.55,1.16,"","","","","","","","","","","CAIXA REFERENCIAL"]
["FUNDACOES E ESTRUTURAS","FUES","ESTACAS",39,"","",96162,"ESTACA RAIZ, DIÂMETRO DE 40 CM, COMPRIMENTO DE ATÉ 10 M, SEM PRESENÇA DE ROCHA. AF_05/2017","M","COEFICIENTE DE REPRESENTATIVIDADE",336.56,"S","SINAPI",90650,0.105,"CHP","COEFICIENTE DE REPRESENTATIVIDADE",0.105,7.22,0.75,"","","","","","","","","","","CAIXA REFERENCIAL"]
["FUNDACOES E ESTRUTURAS","FUES","ESTACAS",39,"","",96164,"ESTACA RAIZ, DIÂMETRO DE 20 CM, COMPRIMENTO DE 11 A 20 M, SEM PRESENÇA DE ROCHA. AF_05/2017","M","COEFICIENTE DE REPRESENTATIVIDADE",151.55,"S","SINAPI",95967,0.155,"H","COEFICIENTE DE REPRESENTATIVIDADE",0.155,136.32,21.12,"","","","","","","","","","","CAIXA REFERENCIAL"]
["FUNDACOES E ESTRUTURAS","FUES","ESTACAS",39,"","",96167,"ESTACA RAIZ, DIÂMETRO DE 45 CM, COMPRIMENTO DE 11 A 20 M, SEM PRESENÇA DE ROCHA. AF_05/2017","M","COEFICIENTE DE REPRESENTATIVIDADE",337.84,"S","SINAPI",88316,0.8,"H","COEFICIENTE DE REPRESENTATIVIDADE",0.8,15.03,12.02,"","","","","","","","","","","CAIXA REFERENCIAL"]
["FUNDACOES E ESTRUTURAS","FUES","ESTACAS",39,"","",96169,"ESTACA RAIZ, DIÂMETRO DE 31 CM, COMPRIMENTO DE 21 A 30 M, SEM PRESENÇA DE ROCHA. AF_05/2017","M","COEFICIENTE DE REPRESENTATIVIDADE",220.11,"S","SINAPI",95563,0.143,"M3","COEFICIENTE DE REPRESENTATIVIDADE",0.143,572.46,81.86,"","","","","","","","","","","CAIXA REFERENCIAL"]
["FUNDACOES E ESTRUTURAS","FUES","ESTACAS",39,"","",96169,"ESTACA RAIZ, DIÂMETRO DE 31 CM, COMPRIMENTO DE 21 A 30 M, SEM PRESENÇA DE ROCHA. AF_05/2017","M","COEFICIENTE DE REPRESENTATIVIDADE",220.11,"S","SINAPI",96308,0.151,"CHI","COEFICIENTE DE REPRESENTATIVIDADE",0.151,0.1,0.01,"","","","","","","","","","","CAIXA REFERENCIAL"]
["FUNDACOES E ESTRUTURAS","FUES","ESTACAS",39,"","",96172,"ESTACA RAIZ, DIÂMETRO DE 20 CM, COMPRIMENTO DE ATÉ 10 M, COM PRESENÇA DE ROCHA. AF_05/2017","M","COEFICIENTE DE REPRESENTATIVIDADE",179.65,"S","SINAPI",90643,0.013,"CHP","COEFICIENTE DE REPRESENTATIVIDADE",0.013,14.08,0.18,"","","","","","","","","","","CAIXA REFERENCIAL"]
["FUNDACOES E ESTRUTURAS","FUES","ESTACAS",39,"","",96174,"ESTACA RAIZ, DIÂMETRO DE 40 CM, COMPRIMENTO DE ATÉ 10 M, COM PRESENÇA DE ROCHA. AF_05/2017","M","COEFICIENTE DE REPRESENTATIVIDADE",354.06,"S","SINAPI",90644,0.378,"CHI","COEFICIENTE DE REPRESENTATIVIDADE",0.378,4.97,1.87,"","","","","","","","","","","CAIXA REFERENCIAL"]
["FUNDACOES E ESTRUTURAS","FUES","ESTACAS",39,"","",96176,"ESTACA RAIZ, DIÂMETRO DE 20 CM, COMPRIMENTO DE 11 A 20 M, COM PRESENÇA DE ROCHA. AF_05/2017","M","COEFICIENTE DE REPRESENTATIVIDADE",158.82,"S","SINAPI",95583,0.251,"KG","COEFICIENTE DE REPRESENTATIVIDADE",0.251,11.32,2.84,"","","","","","","","","","","CAIXA REFERENCIAL"]
["FUNDACOES E ESTRUTURAS","FUES","ESTACAS",39,"","",96177,"ESTACA RAIZ, DIÂMETRO DE 31 CM, COMPRIMENTO DE 11 A 20 M, COM PRESENÇA DE ROCHA. AF_05/2017","M","COEFICIENTE DE REPRESENTATIVIDADE",238.96,"","SINAPI","","","","","","","",65.1,27.2454457,153.64,64.2884316,19.39,8.1153049,0,0,0.83,0.3508178,"CAIXA REFERENCIAL"]
["FUNDACOES E ESTRUTURAS","FUES","ESTACAS",39,"","",96179,"ESTACA RAIZ, DIÂMETRO DE 45 CM, COMPRIMENTO DE 11 A 20 M, COM PRESENÇA DE ROCHA. AF_05/2017","M","COEFICIENTE DE REPRESENTATIVIDADE",348.59,"S","SINAPI",5953,0.05,"CHP","COEFICIENTE DE REPRESENTATIVIDADE",0.05,31.09,1.55,"","","","","","","","","","","CAIXA REFERENCIAL"]
["FUNDACOES E ESTRUTURAS","FUES","ESTACAS",39,"","",96181,"ESTACA RAIZ, DIÂMETRO DE 31 CM, COMPRIMENTO DE 21 A 30 M, COM PRESENÇA DE ROCHA. AF_05/2017","M","COEFICIENTE DE REPRESENTATIVIDADE",226.32,"S","SINAPI",88316,0.518,"H","COEFICIENTE DE REPRESENTATIVIDADE",0.518,15.03,7.78,"","","","","","","","","","","CAIXA REFERENCIAL"]
["FUNDACOES E ESTRUTURAS","FUES","ESTACAS",39,"","",96183,"ESTACA RAIZ, DIÂMETRO DE 45 CM, COMPRIMENTO DE 21 A 30 M, COM PRESENÇA DE ROCHA. AF_05/2017","M","COEFICIENTE DE REPRESENTATIVIDADE",328.18,"S","SINAPI",90643,0.036,"CHP","COEFICIENTE DE REPRESENTATIVIDADE",0.036,14.08,0.5,"","","","","","","","","","","CAIXA REFERENCIAL"]
["FUNDACOES E ESTRUTURAS","FUES","LASTROS/FUNDACOES DIVERSAS",40,"","",96620,"LASTRO DE CONCRETO MAGRO, APLICADO EM PISOS OU RADIERS. AF_08/2017","M3","COEFICIENTE DE REPRESENTATIVIDADE",429.54,"S","SINAPI",88316,1.483,"H","COEFICIENTE DE REPRESENTATIVIDADE",1.483,15.03,22.28,"","","","","","","","","","","CAIXA REFERENCIAL"]
["FUNDACOES E ESTRUTURAS","FUES","LASTROS/FUNDACOES DIVERSAS",40,"","",96622,"LASTRO COM MATERIAL GRANULAR, APLICAÇÃO EM PISOS OU RADIERS, ESPESSURA DE *5 CM*. AF_08/2017","M3","COEFICIENTE DE REPRESENTATIVIDADE",95.17,"S","SINAPI",88309,1.217,"H","COEFICIENTE DE REPRESENTATIVIDADE",1.217,21.8,26.53,"","","","","","","","","","","CAIXA REFERENCIAL"]
["FUNDACOES E ESTRUTURAS","FUES","LASTROS/FUNDACOES DIVERSAS",40,"","",97086,"FABRICAÇÃO, MONTAGEM E DESMONTAGEM DE FORMA PARA RADIER, EM MADEIRA SERRADA, 4 UTILIZAÇÕES. AF_09/2017","M2","COEFICIENTE DE REPRESENTATIVIDADE",97.21,"S","SINAPI",88239,1.444,"H","COEFICIENTE DE REPRESENTATIVIDADE",1.444,17.62,25.44,"","","","","","","","","","","CAIXA REFERENCIAL"]
["FUNDACOES E ESTRUTURAS","FUES","FORMAS/CIMBRAMENTOS/ESCORAMENTOS",41,"","",91004,"FORMAS MANUSEÁVEIS PARA PAREDES DE CONCRETO MOLDADAS IN LOCO, DE EDIFICAÇÕES DE PAVIMENTO ÚNICO, EM FACES INTERNAS DE PAREDES. AF_06/2015","M2","ATRIBUÍDO SÃO PAULO",12.73,"","SINAPI","","","","","","","",7.04,55.2441955,5.68,44.6757405,0.01,0.080064,0,0,0,0,"CAIXA REFERENCIAL"]
["FUNDACOES E ESTRUTURAS","FUES","FORMAS/CIMBRAMENTOS/ESCORAMENTOS",41,"","",92264,"FABRICAÇÃO DE FÔRMA PARA PILARES E ESTRUTURAS SIMILARES, EM CHAPA DE MADEIRA COMPENSADA PLASTIFICADA, E = 18 MM. AF_12/2015","M2","COEFICIENTE DE REPRESENTATIVIDADE",109.92,"S","SINAPI",88239,0.276,"H","COEFICIENTE DE REPRESENTATIVIDADE",0.276,17.62,4.86,"","","","","","","","","","","CAIXA REFERENCIAL"]
["FUNDACOES E ESTRUTURAS","FUES","FORMAS/CIMBRAMENTOS/ESCORAMENTOS",41,"","",92265,"FABRICAÇÃO DE FÔRMA PARA VIGAS, EM CHAPA DE MADEIRA COMPENSADA RESINADA, E = 17 MM. AF_12/2015","M2","COEFICIENTE DE REPRESENTATIVIDADE",65.45,"I","SINAPI",4491,0.162,"M","COEFICIENTE DE REPRESENTATIVIDADE",0.162,5.82,0.94,"","","","","","","","","","","CAIXA REFERENCIAL"]
["FUNDACOES E ESTRUTURAS","FUES","FORMAS/CIMBRAMENTOS/ESCORAMENTOS",41,"","",92270,"FABRICAÇÃO DE FÔRMA PARA VIGAS, COM MADEIRA SERRADA, E = 25 MM. AF_12/2015","M2","COEFICIENTE DE REPRESENTATIVIDADE",88.45,"S","SINAPI",91693,0.038,"CHI","COEFICIENTE DE REPRESENTATIVIDADE",0.038,24.31,0.92,"","","","","","","","","","","CAIXA REFERENCIAL"]
["FUNDACOES E ESTRUTURAS","FUES","FORMAS/CIMBRAMENTOS/ESCORAMENTOS",41,"","",92411,"MONTAGEM E DESMONTAGEM DE FÔRMA DE PILARES RETANGULARES E ESTRUTURAS SIMILARES COM ÁREA MÉDIA DAS SEÇÕES MAIOR QUE 0,25 M², PÉ-DIREITO SIMPLES, EM MADEIRA SERRADA, 2 UTILIZAÇÕES. AF_12/2015","M2","COEFICIENTE DE REPRESENTATIVIDADE",122,"","SINAPI","","","","","","","",58.18,47.689266,63.59,52.1212622,0.17,0.1400444,0,0,0.06,0.0494274,"CAIXA REFERENCIAL"]
["FUNDACOES E ESTRUTURAS","FUES","FORMAS/CIMBRAMENTOS/ESCORAMENTOS",41,"","",92416,"MONTAGEM E DESMONTAGEM DE FÔRMA DE PILARES RETANGULARES E ESTRUTURAS SIMILARES COM ÁREA MÉDIA DAS SEÇÕES MENOR OU IGUAL A 0,25 M², PÉ-DIREITO DUPLO, EM CHAPA DE MADEIRA COMPENSADA RESINADA, 2 UTILIZAÇÕES. AF_12/2015","M2","COEFICIENTE DE REPRESENTATIVIDADE",109.46,"S","SINAPI",88262,2.204,"H","COEFICIENTE DE REPRESENTATIVIDADE",2.204,21.68,47.78,"","","","","","","","","","","CAIXA REFERENCIAL"]
["FUNDACOES E ESTRUTURAS","FUES","FORMAS/CIMBRAMENTOS/ESCORAMENTOS",41,"","",92417,"MONTAGEM E DESMONTAGEM DE FÔRMA DE PILARES RETANGULARES E ESTRUTURAS SIMILARES COM ÁREA MÉDIA DAS SEÇÕES MAIOR QUE 0,25 M², PÉ-DIREITO DUPLO, EM CHAPA DE MADEIRA COMPENSADA RESINADA, 2 UTILIZAÇÕES. AF_12/2015","M2","COEFICIENTE DE REPRESENTATIVIDADE",100.71,"I","SINAPI",40287,0.785,"MES","COEFICIENTE DE REPRESENTATIVIDADE",0.785,2.5,1.96,"","","","","","","","","","","CAIXA REFERENCIAL"]
["FUNDACOES E ESTRUTURAS","FUES","FORMAS/CIMBRAMENTOS/ESCORAMENTOS",41,"","",92421,"MONTAGEM E DESMONTAGEM DE FÔRMA DE PILARES RETANGULARES E ESTRUTURAS SIMILARES COM ÁREA MÉDIA DAS SEÇÕES MAIOR QUE 0,25 M², PÉ-DIREITO DUPLO, EM CHAPA DE MADEIRA COMPENSADA RESINADA, 4 UTILIZAÇÕES. AF_12/2015","M2","COEFICIENTE DE REPRESENTATIVIDADE",66.49,"S","SINAPI",88262,1.424,"H","COEFICIENTE DE REPRESENTATIVIDADE",1.424,21.68,30.87,"","","","","","","","","","","CAIXA REFERENCIAL"]
["FUNDACOES E ESTRUTURAS","FUES","FORMAS/CIMBRAMENTOS/ESCORAMENTOS",41,"","",92426,"MONTAGEM E DESMONTAGEM DE FÔRMA DE PILARES RETANGULARES E ESTRUTURAS SIMILARES COM ÁREA MÉDIA DAS SEÇÕES MENOR OU IGUAL A 0,25 M², PÉ-DIREITO SIMPLES, EM CHAPA DE MADEIRA COMPENSADA RESINADA, 8 UTILIZAÇÕES. AF_12/2015","M2","COEFICIENTE DE REPRESENTATIVIDADE",43.61,"I","SINAPI",40304,0.019,"KG","COEFICIENTE DE REPRESENTATIVIDADE",0.019,10.69,0.2,"","","","","","","","","","","CAIXA REFERENCIAL"]
["FUNDACOES E ESTRUTURAS","FUES","FORMAS/CIMBRAMENTOS/ESCORAMENTOS",41,"","",92430,"MONTAGEM E DESMONTAGEM DE FÔRMA DE PILARES RETANGULARES E ESTRUTURAS SIMILARES COM ÁREA MÉDIA DAS SEÇÕES MENOR OU IGUAL A 0,25 M², PÉ-DIREITO SIMPLES, EM CHAPA DE MADEIRA COMPENSADA PLASTIFICADA, 10 UTILIZAÇÕES. AF_12/2015","M2","COEFICIENTE DE REPRESENTATIVIDADE",40.53,"S","SINAPI",92264,0.105,"M2","COEFICIENTE DE REPRESENTATIVIDADE",0.105,109.92,11.54,"","","","","","","","","","","CAIXA REFERENCIAL"]
["FUNDACOES E ESTRUTURAS","FUES","FORMAS/CIMBRAMENTOS/ESCORAMENTOS",41,"","",92435,"MONTAGEM E DESMONTAGEM DE FÔRMA DE PILARES RETANGULARES E ESTRUTURAS SIMILARES COM ÁREA MÉDIA DAS SEÇÕES MAIOR QUE 0,25 M², PÉ-DIREITO SIMPLES, EM CHAPA DE MADEIRA COMPENSADA PLASTIFICADA, 12 UTILIZAÇÕES. AF_12/2015","M2","COEFICIENTE DE REPRESENTATIVIDADE",33.6,"I","SINAPI",40271,0.196,"MES","COEFICIENTE DE REPRESENTATIVIDADE",0.196,6.5,1.27,"","","","","","","","","","","CAIXA REFERENCIAL"]
["FUNDACOES E ESTRUTURAS","FUES","FORMAS/CIMBRAMENTOS/ESCORAMENTOS",41,"","",92436,"MONTAGEM E DESMONTAGEM DE FÔRMA DE PILARES RETANGULARES E ESTRUTURAS SIMILARES COM ÁREA MÉDIA DAS SEÇÕES MENOR OU IGUAL A 0,25 M², PÉ-DIREITO DUPLO, EM CHAPA DE MADEIRA COMPENSADA PLASTIFICADA, 12 UTILIZAÇÕES. AF_12/2015","M2","COEFICIENTE DE REPRESENTATIVIDADE",48.84,"I","SINAPI",40275,0.393,"MES","COEFICIENTE DE REPRESENTATIVIDADE",0.393,10,3.93,"","","","","","","","","","","CAIXA REFERENCIAL"]
["FUNDACOES E ESTRUTURAS","FUES","FORMAS/CIMBRAMENTOS/ESCORAMENTOS",41,"","",92440,"MONTAGEM E DESMONTAGEM DE FÔRMA DE PILARES RETANGULARES E ESTRUTURAS SIMILARES COM ÁREA MÉDIA DAS SEÇÕES MENOR OU IGUAL A 0,25 M², PÉ-DIREITO DUPLO, EM CHAPA DE MADEIRA COMPENSADA PLASTIFICADA, 14 UTILIZAÇÕES. AF_12/2015","M2","COEFICIENTE DE REPRESENTATIVIDADE",47.15,"S","SINAPI",88239,0.223,"H","COEFICIENTE DE REPRESENTATIVIDADE",0.223,17.62,3.92,"","","","","","","","","","","CAIXA REFERENCIAL"]
["FUNDACOES E ESTRUTURAS","FUES","FORMAS/CIMBRAMENTOS/ESCORAMENTOS",41,"","",92445,"MONTAGEM E DESMONTAGEM DE FÔRMA DE PILARES RETANGULARES E ESTRUTURAS SIMILARES COM ÁREA MÉDIA DAS SEÇÕES MAIOR QUE 0,25 M², PÉ-DIREITO DUPLO, EM CHAPA DE MADEIRA COMPENSADA PLASTIFICADA, 18 UTILIZAÇÕES. AF_12/2015","M2","COEFICIENTE DE REPRESENTATIVIDADE",39.33,"I","SINAPI",40287,0.785,"MES","COEFICIENTE DE REPRESENTATIVIDADE",0.785,2.5,1.96,"","","","","","","","","","","CAIXA REFERENCIAL"]
["FUNDACOES E ESTRUTURAS","FUES","FORMAS/CIMBRAMENTOS/ESCORAMENTOS",41,"","",92450,"MONTAGEM E DESMONTAGEM DE FÔRMA DE VIGA, ESCORAMENTO METÁLICO, PÉ-DIREITO DUPLO, EM CHAPA DE MADEIRA RESINADA, 2 UTILIZAÇÕES. AF_12/2015","M2","COEFICIENTE DE REPRESENTATIVIDADE",162.29,"I","SINAPI",40275,1.324,"MES","COEFICIENTE DE REPRESENTATIVIDADE",1.324,10,13.24,"","","","","","","","","","","CAIXA REFERENCIAL"]
["FUNDACOES E ESTRUTURAS","FUES","FORMAS/CIMBRAMENTOS/ESCORAMENTOS",41,"","",92450,"MONTAGEM E DESMONTAGEM DE FÔRMA DE VIGA, ESCORAMENTO METÁLICO, PÉ-DIREITO DUPLO, EM CHAPA DE MADEIRA RESINADA, 2 UTILIZAÇÕES. AF_12/2015","M2","COEFICIENTE DE REPRESENTATIVIDADE",162.29,"S","SINAPI",92265,0.621,"M2","COEFICIENTE DE REPRESENTATIVIDADE",0.621,65.45,40.64,"","","","","","","","","","","CAIXA REFERENCIAL"]
["FUNDACOES E ESTRUTURAS","FUES","FORMAS/CIMBRAMENTOS/ESCORAMENTOS",41,"","",92455,"MONTAGEM E DESMONTAGEM DE FÔRMA DE VIGA, ESCORAMENTO COM GARFO DE MADEIRA, PÉ-DIREITO SIMPLES, EM CHAPA DE MADEIRA RESINADA, 4 UTILIZAÇÕES. AF_12/2015","M2","COEFICIENTE DE REPRESENTATIVIDADE",97.22,"S","SINAPI",92265,0.414,"M2","COEFICIENTE DE REPRESENTATIVIDADE",0.414,65.45,27.09,"","","","","","","","","","","CAIXA REFERENCIAL"]
["FUNDACOES E ESTRUTURAS","FUES","FORMAS/CIMBRAMENTOS/ESCORAMENTOS",41,"","",92460,"MONTAGEM E DESMONTAGEM DE FÔRMA DE VIGA, ESCORAMENTO METÁLICO, PÉ-DIREITO SIMPLES, EM CHAPA DE MADEIRA RESINADA, 6 UTILIZAÇÕES. AF_12/2015","M2","COEFICIENTE DE REPRESENTATIVIDADE",70.09,"I","SINAPI",2692,0.01,"L","COEFICIENTE DE REPRESENTATIVIDADE",0.01,5.62,0.05,"","","","","","","","","","","CAIXA REFERENCIAL"]
["FUNDACOES E ESTRUTURAS","FUES","FORMAS/CIMBRAMENTOS/ESCORAMENTOS",41,"","",92464,"MONTAGEM E DESMONTAGEM DE FÔRMA DE VIGA, ESCORAMENTO METÁLICO, PÉ-DIREITO SIMPLES, EM CHAPA DE MADEIRA RESINADA, 8 UTILIZAÇÕES. AF_12/2015","M2","COEFICIENTE DE REPRESENTATIVIDADE",65.48,"I","SINAPI",40275,0.356,"MES","COEFICIENTE DE REPRESENTATIVIDADE",0.356,10,3.56,"","","","","","","","","","","CAIXA REFERENCIAL"]
["FUNDACOES E ESTRUTURAS","FUES","FORMAS/CIMBRAMENTOS/ESCORAMENTOS",41,"","",92465,"MONTAGEM E DESMONTAGEM DE FÔRMA DE VIGA, ESCORAMENTO COM GARFO DE MADEIRA, PÉ-DIREITO DUPLO, EM CHAPA DE MADEIRA PLASTIFICADA, 10 UTILIZAÇÕES. AF_12/2015","M2","COEFICIENTE DE REPRESENTATIVIDADE",98.14,"I","SINAPI",40304,0.049,"KG","COEFICIENTE DE REPRESENTATIVIDADE",0.049,10.69,0.52,"","","","","","","","","","","CAIXA REFERENCIAL"]
["FUNDACOES E ESTRUTURAS","FUES","FORMAS/CIMBRAMENTOS/ESCORAMENTOS",41,"","",92469,"MONTAGEM E DESMONTAGEM DE FÔRMA DE VIGA, ESCORAMENTO COM GARFO DE MADEIRA, PÉ-DIREITO DUPLO, EM CHAPA DE MADEIRA PLASTIFICADA, 12 UTILIZAÇÕES. AF_12/2015","M2","COEFICIENTE DE REPRESENTATIVIDADE",89.52,"S","SINAPI",92266,0.148,"M2","COEFICIENTE DE REPRESENTATIVIDADE",0.148,83.35,12.33,"","","","","","","","","","","CAIXA REFERENCIAL"]
["FUNDACOES E ESTRUTURAS","FUES","FORMAS/CIMBRAMENTOS/ESCORAMENTOS",41,"","",92472,"MONTAGEM E DESMONTAGEM DE FÔRMA DE VIGA, ESCORAMENTO METÁLICO, PÉ-DIREITO SIMPLES, EM CHAPA DE MADEIRA PLASTIFICADA, 12 UTILIZAÇÕES. AF_12/2015","M2","COEFICIENTE DE REPRESENTATIVIDADE",56.62,"I","SINAPI",40339,1.186,"MES","COEFICIENTE DE REPRESENTATIVIDADE",1.186,2.5,2.96,"","","","","","","","","","","CAIXA REFERENCIAL"]
["FUNDACOES E ESTRUTURAS","FUES","FORMAS/CIMBRAMENTOS/ESCORAMENTOS",41,"","",92479,"MONTAGEM E DESMONTAGEM DE FÔRMA DE VIGA, ESCORAMENTO COM GARFO DE MADEIRA, PÉ-DIREITO SIMPLES, EM CHAPA DE MADEIRA PLASTIFICADA, 18 UTILIZAÇÕES. AF_12/2015","M2","COEFICIENTE DE REPRESENTATIVIDADE",43.43,"","SINAPI","","","","","","","",16.54,38.0974695,26.83,61.7619495,0.03,0.0702905,0,0,0.03,0.0702905,"CAIXA REFERENCIAL"]
["FUNDACOES E ESTRUTURAS","FUES","FORMAS/CIMBRAMENTOS/ESCORAMENTOS",41,"","",92483,"MONTAGEM E DESMONTAGEM DE FÔRMA DE LAJE MACIÇA COM ÁREA MÉDIA MENOR OU IGUAL A 20 M², PÉ-DIREITO SIMPLES, EM MADEIRA SERRADA, 2 UTILIZAÇÕES. AF_12/2015","M2","COEFICIENTE DE REPRESENTATIVIDADE",176.45,"S","SINAPI",88239,0.72,"H","COEFICIENTE DE REPRESENTATIVIDADE",0.72,17.62,12.68,"","","","","","","","","","","CAIXA REFERENCIAL"]
["FUNDACOES E ESTRUTURAS","FUES","FORMAS/CIMBRAMENTOS/ESCORAMENTOS",41,"","",92484,"MONTAGEM E DESMONTAGEM DE FÔRMA DE LAJE MACIÇA COM ÁREA MÉDIA MAIOR QUE 20 M², PÉ-DIREITO SIMPLES, EM MADEIRA SERRADA, 2 UTILIZAÇÕES. AF_12/2015","M2","COEFICIENTE DE REPRESENTATIVIDADE",166.2,"S","SINAPI",92271,0.618,"M2","COEFICIENTE DE REPRESENTATIVIDADE",0.618,71.2,44,"","","","","","","","","","","CAIXA REFERENCIAL"]
["FUNDACOES E ESTRUTURAS","FUES","FORMAS/CIMBRAMENTOS/ESCORAMENTOS",41,"","",92489,"MONTAGEM E DESMONTAGEM DE FÔRMA DE LAJE NERVURADA COM CUBETA E ASSOALHO COM ÁREA MÉDIA MENOR OU IGUAL A 20 M², PÉ-DIREITO SIMPLES, EM CHAPA DE MADEIRA COMPENSADA RESINADA, 8 UTILIZAÇÕES. AF_12/2015","M2","ATRIBUÍDO SÃO PAULO",37.82,"S","SINAPI",88239,0.176,"H","COEFICIENTE DE REPRESENTATIVIDADE",0.176,17.62,3.1,"","","","","","","","","","","CAIXA REFERENCIAL"]
["FUNDACOES E ESTRUTURAS","FUES","FORMAS/CIMBRAMENTOS/ESCORAMENTOS",41,"","",92495,"MONTAGEM E DESMONTAGEM DE FÔRMA DE LAJE NERVURADA COM CUBETA E ASSOALHO COM ÁREA MÉDIA MENOR OU IGUAL A 20 M², PÉ-DIREITO DUPLO, EM CHAPA DE MADEIRA COMPENSADA RESINADA, 12 UTILIZAÇÕES. AF_12/2015","M2","ATRIBUÍDO SÃO PAULO",58.26,"","SINAPI","","","","","","","",22.68,38.9377478,11.17,19.1757199,24.41,41.8865323,0,0,0,0,"CAIXA REFERENCIAL"]
["FUNDACOES E ESTRUTURAS","FUES","FORMAS/CIMBRAMENTOS/ESCORAMENTOS",41,"","",92499,"MONTAGEM E DESMONTAGEM DE FÔRMA DE LAJE NERVURADA COM CUBETA E ASSOALHO COM ÁREA MÉDIA MENOR OU IGUAL A 20 M², PÉ-DIREITO DUPLO, EM CHAPA DE MADEIRA COMPENSADA RESINADA, 14 UTILIZAÇÕES. AF_12/2015","M2","ATRIBUÍDO SÃO PAULO",57.26,"S","SINAPI",92267,0.111,"M2","COEFICIENTE DE REPRESENTATIVIDADE",0.111,21.5,2.38,"","","","","","","","","","","CAIXA REFERENCIAL"]
["FUNDACOES E ESTRUTURAS","FUES","FORMAS/CIMBRAMENTOS/ESCORAMENTOS",41,"","",92500,"MONTAGEM E DESMONTAGEM DE FÔRMA DE LAJE NERVURADA COM CUBETA E ASSOALHO COM ÁREA MÉDIA MAIOR QUE 20 M², PÉ-DIREITO DUPLO, EM CHAPA DE MADEIRA COMPENSADA RESINADA, 14 UTILIZAÇÕES. AF_12/2015","M2","ATRIBUÍDO SÃO PAULO",54.84,"S","SINAPI",88239,0.198,"H","COEFICIENTE DE REPRESENTATIVIDADE",0.198,17.62,3.48,"","","","","","","","","","","CAIXA REFERENCIAL"]
["FUNDACOES E ESTRUTURAS","FUES","FORMAS/CIMBRAMENTOS/ESCORAMENTOS",41,"","",92506,"MONTAGEM E DESMONTAGEM DE FÔRMA DE LAJE NERVURADA COM CUBETA E ASSOALHO COM ÁREA MÉDIA MAIOR QUE 20 M², PÉ-DIREITO SIMPLES, EM CHAPA DE MADEIRA COMPENSADA RESINADA, 18 UTILIZAÇÕES. AF_12/2015","M2","ATRIBUÍDO SÃO PAULO",30.32,"","SINAPI","","","","","","","",14.03,46.2537463,7.58,25.008325,8.71,28.7379287,0,0,0,0,"CAIXA REFERENCIAL"]
["FUNDACOES E ESTRUTURAS","FUES","FORMAS/CIMBRAMENTOS/ESCORAMENTOS",41,"","",92511,"MONTAGEM E DESMONTAGEM DE FÔRMA DE LAJE MACIÇA COM ÁREA MÉDIA MENOR OU IGUAL A 20 M², PÉ-DIREITO DUPLO, EM CHAPA DE MADEIRA COMPENSADA RESINADA, 4 UTILIZAÇÕES. AF_12/2015","M2","ATRIBUÍDO SÃO PAULO",50.57,"I","SINAPI",40291,0.05,"MES","COEFICIENTE DE REPRESENTATIVIDADE",0.05,348.84,17.44,"","","","","","","","","","","CAIXA REFERENCIAL"]
["FUNDACOES E ESTRUTURAS","FUES","FORMAS/CIMBRAMENTOS/ESCORAMENTOS",41,"","",92517,"MONTAGEM E DESMONTAGEM DE FÔRMA DE LAJE MACIÇA COM ÁREA MÉDIA MENOR OU IGUAL A 20 M², PÉ-DIREITO SIMPLES, EM CHAPA DE MADEIRA COMPENSADA RESINADA, 6 UTILIZAÇÕES. AF_12/2015","M2","ATRIBUÍDO SÃO PAULO",21.21,"","SINAPI","","","","","","","",9.82,46.2786261,9.53,44.942748,1.86,8.7786259,0,0,0,0,"CAIXA REFERENCIAL"]
["FUNDACOES E ESTRUTURAS","FUES","FORMAS/CIMBRAMENTOS/ESCORAMENTOS",41,"","",92518,"MONTAGEM E DESMONTAGEM DE FÔRMA DE LAJE MACIÇA COM ÁREA MÉDIA MAIOR QUE 20 M², PÉ-DIREITO SIMPLES, EM CHAPA DE MADEIRA COMPENSADA RESINADA, 6 UTILIZAÇÕES. AF_12/2015","M2","ATRIBUÍDO SÃO PAULO",19.87,"I","SINAPI",40270,0.03,"M","ATRIBUÍDO SÃO PAULO",0.03,44,1.32,"","","","","","","","","","","CAIXA REFERENCIAL"]
["FUNDACOES E ESTRUTURAS","FUES","FORMAS/CIMBRAMENTOS/ESCORAMENTOS",41,"","",92524,"MONTAGEM E DESMONTAGEM DE FÔRMA DE LAJE MACIÇA COM ÁREA MÉDIA MAIOR QUE 20 M², PÉ-DIREITO DUPLO, EM CHAPA DE MADEIRA COMPENSADA PLASTIFICADA, 10 UTILIZAÇÕES. AF_12/2015","M2","ATRIBUÍDO SÃO PAULO",41.23,"","SINAPI","","","","","","","",13.17,31.9569997,10.45,25.3603713,17.61,42.682629,0,0,0,0,"CAIXA REFERENCIAL"]
["FUNDACOES E ESTRUTURAS","FUES","FORMAS/CIMBRAMENTOS/ESCORAMENTOS",41,"","",92530,"MONTAGEM E DESMONTAGEM DE FÔRMA DE LAJE MACIÇA COM ÁREA MÉDIA MAIOR QUE 20 M², PÉ-DIREITO SIMPLES, EM CHAPA DE MADEIRA COMPENSADA PLASTIFICADA, 12 UTILIZAÇÕES. AF_12/2015","M2","ATRIBUÍDO SÃO PAULO",17.37,"I","SINAPI",2692,0.004,"L","COEFICIENTE DE REPRESENTATIVIDADE",0.004,5.62,0.02,"","","","","","","","","","","CAIXA REFERENCIAL"]
["FUNDACOES E ESTRUTURAS","FUES","FORMAS/CIMBRAMENTOS/ESCORAMENTOS",41,"","",92535,"MONTAGEM E DESMONTAGEM DE FÔRMA DE LAJE MACIÇA COM ÁREA MÉDIA MENOR OU IGUAL A 20 M², PÉ-DIREITO DUPLO, EM CHAPA DE MADEIRA COMPENSADA PLASTIFICADA, 18 UTILIZAÇÕES. AF_12/2015","M2","ATRIBUÍDO SÃO PAULO",38.96,"S","SINAPI",88262,0.68,"H","COEFICIENTE DE REPRESENTATIVIDADE",0.68,21.68,14.74,"","","","","","","","","","","CAIXA REFERENCIAL"]
["FUNDACOES E ESTRUTURAS","FUES","FORMAS/CIMBRAMENTOS/ESCORAMENTOS",41,"","",95935,"FABRICAÇÃO DE FÔRMA PARA ESCADAS, COM 2 LANCES, EM CHAPA DE MADEIRA COMPENSADA RESINADA, E= 17 MM. AF_01/2017","M2","COEFICIENTE DE REPRESENTATIVIDADE",96.56,"S","SINAPI",88239,0.205,"H","COEFICIENTE DE REPRESENTATIVIDADE",0.205,17.62,3.61,"","","","","","","","","","","CAIXA REFERENCIAL"]
["FUNDACOES E ESTRUTURAS","FUES","FORMAS/CIMBRAMENTOS/ESCORAMENTOS",41,"","",95936,"FABRICAÇÃO DE FÔRMA PARA ESCADAS, COM 2 LANCES, EM MADEIRA SERRADA, E=25 MM. AF_01/2017","M2","COEFICIENTE DE REPRESENTATIVIDADE",149.52,"S","SINAPI",91692,0.036,"CHP","COEFICIENTE DE REPRESENTATIVIDADE",0.036,26.41,0.95,"","","","","","","","","","","CAIXA REFERENCIAL"]
["FUNDACOES E ESTRUTURAS","FUES","FORMAS/CIMBRAMENTOS/ESCORAMENTOS",41,"","",95941,"MONTAGEM E DESMONTAGEM DE FÔRMA PARA ESCADAS, COM 2 LANCES, EM CHAPA DE MADEIRA COMPENSADA PLASTIFICADA, 8 UTILIZAÇÕES. AF_01/2017","M2","COEFICIENTE DE REPRESENTATIVIDADE",111.6,"S","SINAPI",88239,0.32,"H","COEFICIENTE DE REPRESENTATIVIDADE",0.32,17.62,5.63,"","","","","","","","","","","CAIXA REFERENCIAL"]
["FUNDACOES E ESTRUTURAS","FUES","FORMAS/CIMBRAMENTOS/ESCORAMENTOS",41,"","",96259,"MONTAGEM E DESMONTAGEM DE FÔRMA DE PILARES CIRCULARES, COM ÁREA MÉDIA DAS SEÇÕES MENOR OU IGUAL A 0,28 M², PÉ-DIREITO DUPLO, EM MADEIRA, 2 UTILIZAÇÕES. AF_06/2017","M2","COEFICIENTE DE REPRESENTATIVIDADE",149.89,"I","SINAPI",2692,0.0095,"L","COEFICIENTE DE REPRESENTATIVIDADE",0.0095,5.62,0.05,"","","","","","","","","","","CAIXA REFERENCIAL"]
["FUNDACOES E ESTRUTURAS","FUES","FORMAS/CIMBRAMENTOS/ESCORAMENTOS",41,"","",96532,"FABRICAÇÃO, MONTAGEM E DESMONTAGEM DE FÔRMA PARA SAPATA, EM MADEIRA SERRADA, E=25 MM, 2 UTILIZAÇÕES. AF_06/2017","M2","COEFICIENTE DE REPRESENTATIVIDADE",154.9,"I","SINAPI",5073,0.091,"KG","COEFICIENTE DE REPRESENTATIVIDADE",0.091,8.83,0.8,"","","","","","","","","","","CAIXA REFERENCIAL"]
["FUNDACOES E ESTRUTURAS","FUES","FORMAS/CIMBRAMENTOS/ESCORAMENTOS",41,"","",96532,"FABRICAÇÃO, MONTAGEM E DESMONTAGEM DE FÔRMA PARA SAPATA, EM MADEIRA SERRADA, E=25 MM, 2 UTILIZAÇÕES. AF_06/2017","M2","COEFICIENTE DE REPRESENTATIVIDADE",154.9,"S","SINAPI",91692,0.153,"CHP","COEFICIENTE DE REPRESENTATIVIDADE",0.153,26.41,4.04,"","","","","","","","","","","CAIXA REFERENCIAL"]
["FUNDACOES E ESTRUTURAS","FUES","FORMAS/CIMBRAMENTOS/ESCORAMENTOS",41,"","",96536,"FABRICAÇÃO, MONTAGEM E DESMONTAGEM DE FÔRMA PARA VIGA BALDRAME, EM MADEIRA SERRADA, E=25 MM, 4 UTILIZAÇÕES. AF_06/2017","M2","COEFICIENTE DE REPRESENTATIVIDADE",57.99,"S","SINAPI",88262,1.145,"H","COEFICIENTE DE REPRESENTATIVIDADE",1.145,21.68,24.82,"","","","","","","","","","","CAIXA REFERENCIAL"]
["FUNDACOES E ESTRUTURAS","FUES","FORMAS/CIMBRAMENTOS/ESCORAMENTOS",41,"","",96539,"FABRICAÇÃO, MONTAGEM E DESMONTAGEM DE FÔRMA PARA VIGA BALDRAME, EM CHAPA DE MADEIRA COMPENSADA RESINADA, E=17 MM, 2 UTILIZAÇÕES. AF_06/2017","M2","COEFICIENTE DE REPRESENTATIVIDADE",84.08,"I","SINAPI",2692,0.01,"L","COEFICIENTE DE REPRESENTATIVIDADE",0.01,5.62,0.05,"","","","","","","","","","","CAIXA REFERENCIAL"]
["FUNDACOES E ESTRUTURAS","FUES","FORMAS/CIMBRAMENTOS/ESCORAMENTOS",41,"","",96543,"ARMAÇÃO DE BLOCO, VIGA BALDRAME E SAPATA UTILIZANDO AÇO CA-60 DE 5 MM - MONTAGEM. AF_06/2017","KG","COEFICIENTE DE REPRESENTATIVIDADE",11.91,"","SINAPI","","","","","","","",5.48,46.0344827,6.43,53.9655173,0,0,0,0,0,0,"CAIXA REFERENCIAL"]
["FUNDACOES E ESTRUTURAS","FUES","ARMADURAS",42,73990,"ARMACAO CA-50 P/1,0M3 DE CONCRETO","73990/1","ARMACAO ACO CA-50 P/1,0M3 DE CONCRETO","UN","COEFICIENTE DE REPRESENTATIVIDADE",483.45,"S","SINAPI",92917,22,"KG","COEFICIENTE DE REPRESENTATIVIDADE",22,8.45,185.9,"","","","","","","","","","","CAIXA REFERENCIAL"]
["FUNDACOES E ESTRUTURAS","FUES","ARMADURAS",42,79504,"TIRANTES","79504/10","TIRANTES P/PROTENSAO E ANCORAGEM EM SOLO TRECHO ANCOR C/ 8 FIOS ACO DURO 8MM , INCLUSIVE PROTECAO ANTICORROSIVA.","M","COEFICIENTE DE REPRESENTATIVIDADE",118.75,"","SINAPI","","","","","","","",68.98,58.0819148,49.53,41.7158267,0.24,0.2022585,0,0,0,0,"CAIXA REFERENCIAL"]
["FUNDACOES E ESTRUTURAS","FUES","ARMADURAS",42,"","",91594,"ARMAÇÃO DO SISTEMA DE PAREDES DE CONCRETO, EXECUTADA EM PAREDES DE EDIFICAÇÕES TÉRREAS OU DE MÚLTIPLOS PAVIMENTOS, TELA Q-92. AF_06/2015","KG","COEFICIENTE DE REPRESENTATIVIDADE",7.49,"","SINAPI","","","","","","","",0.88,11.7886178,6.61,88.2113822,0,0,0,0,0,0,"CAIXA REFERENCIAL"]
["FUNDACOES E ESTRUTURAS","FUES","ARMADURAS",42,"","",91600,"ARMAÇÃO DO SISTEMA DE PAREDES DE CONCRETO, EXECUTADA EM PLATIBANDAS, TELA Q-92. AF_06/2015","KG","COEFICIENTE DE REPRESENTATIVIDADE",8.25,"I","SINAPI",39017,1.959,"UN","COEFICIENTE DE REPRESENTATIVIDADE",1.959,0.11,0.21,"","","","","","","","","","","CAIXA REFERENCIAL"]
["FUNDACOES E ESTRUTURAS","FUES","ARMADURAS",42,"","",92762,"ARMAÇÃO DE PILAR OU VIGA DE UMA ESTRUTURA CONVENCIONAL DE CONCRETO ARMADO EM UM EDIFÍCIO DE MÚLTIPLOS PAVIMENTOS UTILIZANDO AÇO CA-50 DE 10,0 MM - MONTAGEM. AF_12/2015","KG","COEFICIENTE DE REPRESENTATIVIDADE",6.27,"S","SINAPI",88238,8.6E-3,"H","COEFICIENTE DE REPRESENTATIVIDADE",8.6E-3,17.59,0.15,"","","","","","","","","","","CAIXA REFERENCIAL"]
["FUNDACOES E ESTRUTURAS","FUES","ARMADURAS",42,"","",92764,"ARMAÇÃO DE PILAR OU VIGA DE UMA ESTRUTURA CONVENCIONAL DE CONCRETO ARMADO EM UM EDIFÍCIO DE MÚLTIPLOS PAVIMENTOS UTILIZANDO AÇO CA-50 DE 16,0 MM - MONTAGEM. AF_12/2015","KG","COEFICIENTE DE REPRESENTATIVIDADE",5.15,"I","SINAPI",337,0.025,"KG","COLETADO",0.025,9.5,0.23,"","","","","","","","","","","CAIXA REFERENCIAL"]
["FUNDACOES E ESTRUTURAS","FUES","ARMADURAS",42,"","",92770,"ARMAÇÃO DE LAJE DE UMA ESTRUTURA CONVENCIONAL DE CONCRETO ARMADO EM UM EDIFÍCIO DE MÚLTIPLOS PAVIMENTOS UTILIZANDO AÇO CA-50 DE 8,0 MM - MONTAGEM. AF_12/2015","KG","COEFICIENTE DE REPRESENTATIVIDADE",7.03,"S","SINAPI",92802,1,"KG","COEFICIENTE DE REPRESENTATIVIDADE",1,5.57,5.57,"","","","","","","","","","","CAIXA REFERENCIAL"]
["FUNDACOES E ESTRUTURAS","FUES","ARMADURAS",42,"","",92777,"ARMAÇÃO DE PILAR OU VIGA DE UMA ESTRUTURA CONVENCIONAL DE CONCRETO ARMADO EM UMA EDIFICAÇÃO TÉRREA OU SOBRADO UTILIZANDO AÇO CA-50 DE 8,0 MM - MONTAGEM. AF_12/2015","KG","COEFICIENTE DE REPRESENTATIVIDADE",9.15,"S","SINAPI",88245,0.1278,"H","COEFICIENTE DE REPRESENTATIVIDADE",0.1278,21.68,2.77,"","","","","","","","","","","CAIXA REFERENCIAL"]
["FUNDACOES E ESTRUTURAS","FUES","ARMADURAS",42,"","",92785,"ARMAÇÃO DE LAJE DE UMA ESTRUTURA CONVENCIONAL DE CONCRETO ARMADO EM UMA EDIFICAÇÃO TÉRREA OU SOBRADO UTILIZANDO AÇO CA-50 DE 6,3 MM - MONTAGEM. AF_12/2015","KG","COEFICIENTE DE REPRESENTATIVIDADE",8.42,"","SINAPI","","","","","","","",2.75,32.6829268,5.67,67.3170732,0,0,0,0,0,0,"CAIXA REFERENCIAL"]
["FUNDACOES E ESTRUTURAS","FUES","ARMADURAS",42,"","",92786,"ARMAÇÃO DE LAJE DE UMA ESTRUTURA CONVENCIONAL DE CONCRETO ARMADO EM UMA EDIFICAÇÃO TÉRREA OU SOBRADO UTILIZANDO AÇO CA-50 DE 8,0 MM - MONTAGEM. AF_12/2015","KG","COEFICIENTE DE REPRESENTATIVIDADE",7.98,"","SINAPI","","","","","","","",1.89,23.68758,6.09,76.31242,0,0,0,0,0,0,"CAIXA REFERENCIAL"]
["FUNDACOES E ESTRUTURAS","FUES","ARMADURAS",42,"","",92794,"CORTE E DOBRA DE AÇO CA-50, DIÂMETRO DE 10,0 MM, UTILIZADO EM ESTRUTURAS DIVERSAS, EXCETO LAJES. AF_12/2015","KG","COEFICIENTE DE REPRESENTATIVIDADE",4.7,"S","SINAPI",88245,0.0125,"H","COEFICIENTE DE REPRESENTATIVIDADE",0.0125,21.68,0.27,"","","","","","","","","","","CAIXA REFERENCIAL"]
["FUNDACOES E ESTRUTURAS","FUES","ARMADURAS",42,"","",92805,"CORTE E DOBRA DE AÇO CA-50, DIÂMETRO DE 16,0 MM, UTILIZADO EM LAJE. AF_12/2015","KG","COEFICIENTE DE REPRESENTATIVIDADE",4.24,"I","SINAPI",27,1.11,"KG","COLETADO",1.11,3.78,4.19,"","","","","","","","","","","CAIXA REFERENCIAL"]
["FUNDACOES E ESTRUTURAS","FUES","ARMADURAS",42,"","",92883,"ARMAÇÃO UTILIZANDO AÇO CA-25 DE 8,0 MM - MONTAGEM. AF_12/2015","KG","COEFICIENTE DE REPRESENTATIVIDADE",7.03,"S","SINAPI",88238,0.0115,"H","COEFICIENTE DE REPRESENTATIVIDADE",0.0115,17.59,0.2,"","","","","","","","","","","CAIXA REFERENCIAL"]
["FUNDACOES E ESTRUTURAS","FUES","ARMADURAS",42,"","",92916,"ARMAÇÃO DE ESTRUTURAS DE CONCRETO ARMADO, EXCETO VIGAS, PILARES, LAJES E FUNDAÇÕES, UTILIZANDO AÇO CA-50 DE 6,3 MM - MONTAGEM. AF_12/2015","KG","COEFICIENTE DE REPRESENTATIVIDADE",9.05,"S","SINAPI",92792,1,"KG","COEFICIENTE DE REPRESENTATIVIDADE",1,5.46,5.46,"","","","","","","","","","","CAIXA REFERENCIAL"]
["FUNDACOES E ESTRUTURAS","FUES","ARMADURAS",42,"","",92917,"ARMAÇÃO DE ESTRUTURAS DE CONCRETO ARMADO, EXCETO VIGAS, PILARES, LAJES E FUNDAÇÕES, UTILIZANDO AÇO CA-50 DE 8,0 MM - MONTAGEM. AF_12/2015","KG","COEFICIENTE DE REPRESENTATIVIDADE",8.45,"S","SINAPI",92793,1,"KG","COEFICIENTE DE REPRESENTATIVIDADE",1,5.71,5.71,"","","","","","","","","","","CAIXA REFERENCIAL"]
["FUNDACOES E ESTRUTURAS","FUES","ARMADURAS",42,"","",95577,"MONTAGEM DE ARMADURA LONGITUDINAL DE ESTACAS DE SEÇÃO CIRCULAR, DIÂMETRO = 10,0 MM. AF_11/2016","KG","COEFICIENTE DE REPRESENTATIVIDADE",6.54,"","SINAPI","","","","","","","",1.48,22.7629513,5.06,77.2370487,0,0,0,0,0,0,"CAIXA REFERENCIAL"]
["FUNDACOES E ESTRUTURAS","FUES","ARMADURAS",42,"","",95585,"MONTAGEM DE ARMADURA LONGITUDINAL DE ESTACAS DE SEÇÃO RETANGULAR (BARRETE), DIÂMETRO = 8,0 MM. AF_11/2016","KG","COEFICIENTE DE REPRESENTATIVIDADE",8.38,"S","SINAPI",92793,1,"KG","COEFICIENTE DE REPRESENTATIVIDADE",1,5.71,5.71,"","","","","","","","","","","CAIXA REFERENCIAL"]
["FUNDACOES E ESTRUTURAS","FUES","ARMADURAS",42,"","",95943,"ARMAÇÃO DE ESCADA, COM 2 LANCES, DE UMA ESTRUTURA CONVENCIONAL DE CONCRETO ARMADO UTILIZANDO AÇO CA-60 DE 5,0 MM - MONTAGEM. AF_01/2017","KG","COEFICIENTE DE REPRESENTATIVIDADE",14.89,"S","SINAPI",88238,0.058,"H","COEFICIENTE DE REPRESENTATIVIDADE",0.058,17.59,1.02,"","","","","","","","","","","CAIXA REFERENCIAL"]
["FUNDACOES E ESTRUTURAS","FUES","ARMADURAS",42,"","",95945,"ARMAÇÃO DE ESCADA, COM 2 LANCES, DE UMA ESTRUTURA CONVENCIONAL DE CONCRETO ARMADO UTILIZANDO AÇO CA-50 DE 8,0 MM - MONTAGEM. AF_01/2017","KG","COEFICIENTE DE REPRESENTATIVIDADE",10.14,"I","SINAPI",337,0.025,"KG","COLETADO",0.025,9.5,0.23,"","","","","","","","","","","CAIXA REFERENCIAL"]
["FUNDACOES E ESTRUTURAS","FUES","ARMADURAS",42,"","",96545,"ARMAÇÃO DE BLOCO, VIGA BALDRAME OU SAPATA UTILIZANDO AÇO CA-50 DE 8 MM - MONTAGEM. AF_06/2017","KG","COEFICIENTE DE REPRESENTATIVIDADE",9.2,"","SINAPI","","","","","","","",2.79,30.3910614,6.41,69.6089386,0,0,0,0,0,0,"CAIXA REFERENCIAL"]
["FUNDACOES E ESTRUTURAS","FUES","CONCRETOS",43,"","",89994,"GRAUTEAMENTO DE CINTA INTERMEDIÁRIA OU DE CONTRAVERGA EM ALVENARIA ESTRUTURAL. AF_01/2015","M3","COEFICIENTE DE REPRESENTATIVIDADE",548.85,"S","SINAPI",88309,4.7314,"H","COEFICIENTE DE REPRESENTATIVIDADE",4.7314,21.8,103.14,"","","","","","","","","","","CAIXA REFERENCIAL"]
["FUNDACOES E ESTRUTURAS","FUES","CONCRETOS",43,"","",90282,"GRAUTE FGK=15 MPA; TRAÇO 1:2,0:2,4 (CIMENTO/ AREIA GROSSA/ BRITA 0/ ADITIVO) - PREPARO MECÂNICO COM BETONEIRA 400 L. AF_02/2015","M3","COEFICIENTE DE REPRESENTATIVIDADE",309.28,"I","SINAPI",4720,0.59,"M3","COEFICIENTE DE REPRESENTATIVIDADE",0.59,70.71,41.71,"","","","","","","","","","","CAIXA REFERENCIAL"]
["FUNDACOES E ESTRUTURAS","FUES","CONCRETOS",43,"","",90854,"CONCRETAGEM DE PAREDES EM EDIFICAÇÕES UNIFAMILIARES FEITAS COM SISTEMA DE FÔRMAS MANUSEÁVEIS COM CONCRETO USINADO BOMBEÁVEL, FCK 20 MPA, LANÇADO COM BOMBA LANÇA - LANÇAMENTO, ADENSAMENTO E ACABAMENTO. AF_06/2015","M3","COEFICIENTE DE REPRESENTATIVIDADE",372.18,"S","SINAPI",88316,0.662,"H","COEFICIENTE DE REPRESENTATIVIDADE",0.662,15.03,9.94,"","","","","","","","","","","CAIXA REFERENCIAL"]
["FUNDACOES E ESTRUTURAS","FUES","CONCRETOS",43,"","",90856,"CONCRETAGEM DE LAJES EM EDIFICAÇÕES MULTIFAMILIARES FEITAS COM SISTEMA DE FÔRMAS MANUSEÁVEIS COM CONCRETO USINADO BOMBEÁVEL, FCK 20 MPA, LANÇADO COM BOMBA LANÇA - LANÇAMENTO, ADENSAMENTO E ACABAMENTO. AF_06/2015","M3","COEFICIENTE DE REPRESENTATIVIDADE",387.86,"","SINAPI","","","","","","","",22.91,5.9075541,364.81,94.0563141,0.09,0.0232276,0,0,0.05,0.0129042,"CAIXA REFERENCIAL"]
["FUNDACOES E ESTRUTURAS","FUES","CONCRETOS",43,"","",90862,"CONCRETAGEM DE EDIFICAÇÕES (PAREDES E LAJES) FEITAS COM SISTEMA DE FÔRMAS MANUSEÁVEIS COM CONCRETO USINADO AUTOADENSÁVEL, FCK 20 MPA, LANÇADO COM BOMBA LANÇA - LANÇAMENTO E ACABAMENTO. AF_06/2015","M3","COEFICIENTE DE REPRESENTATIVIDADE",342.54,"I","SINAPI",11147,1.09,"M3","COEFICIENTE DE REPRESENTATIVIDADE",1.09,299.01,325.92,"","","","","","","","","","","CAIXA REFERENCIAL"]
["FUNDACOES E ESTRUTURAS","FUES","CONCRETOS",43,"","",92723,"CONCRETAGEM DE VIGAS E LAJES, FCK=20 MPA, PARA LAJES PREMOLDADAS COM USO DE BOMBA EM EDIFICAÇÃO COM ÁREA MÉDIA DE LAJES MENOR OU IGUAL A 20 M² - LANÇAMENTO, ADENSAMENTO E ACABAMENTO. AF_12/2015","M3","COEFICIENTE DE REPRESENTATIVIDADE",363.99,"","SINAPI","","","","","","","",20.16,5.5408898,343.67,94.4151131,0.1,0.0274982,0,0,0.06,0.0164989,"CAIXA REFERENCIAL"]
["FUNDACOES E ESTRUTURAS","FUES","CONCRETOS",43,"","",92729,"CONCRETAGEM DE VIGAS E LAJES, FCK=20 MPA, PARA LAJES MACIÇAS OU NERVURADAS COM JERICAS EM ELEVADOR DE CABO EM EDIFICAÇÃO DE MULTIPAVIMENTOS ATÉ 16 ANDARES, COM ÁREA MÉDIA DE LAJES MENOR OU IGUAL A 20 M² - LANÇAMENTO, ADENSAMENTO E ACABAMENTO. AF_12/2015","M3","COEFICIENTE DE REPRESENTATIVIDADE",372.77,"I","SINAPI",34492,1.103,"M3","COEFICIENTE DE REPRESENTATIVIDADE",1.103,261.63,288.57,"","","","","","","","","","","CAIXA REFERENCIAL"]
["FUNDACOES E ESTRUTURAS","FUES","CONCRETOS",43,"","",92730,"CONCRETAGEM DE VIGAS E LAJES, FCK=20 MPA, PARA LAJES MACIÇAS OU NERVURADAS COM JERICAS EM ELEVADOR DE CABO EM EDIFICAÇÃO DE MULTIPAVIMENTOS ATÉ 16 ANDARES, COM ÁREA MÉDIA DE LAJES MAIOR QUE 20 M² - LANÇAMENTO, ADENSAMENTO E ACABAMENTO. AF_12/2015","M3","COEFICIENTE DE REPRESENTATIVIDADE",357.97,"","SINAPI","","","","","","","",47.87,13.3726784,309.7,86.5154398,0.27,0.0755202,0,0,0.13,0.0363616,"CAIXA REFERENCIAL"]
["FUNDACOES E ESTRUTURAS","FUES","CONCRETOS",43,"","",92735,"CONCRETAGEM DE VIGAS E LAJES, FCK=20 MPA, PARA LAJES PREMOLDADAS COM GRUA DE CAÇAMBA DE 350 L EM EDIFICAÇÃO DE MULTIPAVIMENTOS ATÉ 16 ANDARES, COM ÁREA MÉDIA DE LAJES MENOR OU IGUAL A 20 M² - LANÇAMENTO, ADENSAMENTO E ACABAMENTO. AF_12/2015","M3","COEFICIENTE DE REPRESENTATIVIDADE",353.07,"S","SINAPI",88316,1.303,"H","COEFICIENTE DE REPRESENTATIVIDADE",1.303,15.03,19.58,"","","","","","","","","","","CAIXA REFERENCIAL"]
["FUNDACOES E ESTRUTURAS","FUES","CONCRETOS",43,"","",92873,"LANÇAMENTO COM USO DE BALDES, ADENSAMENTO E ACABAMENTO DE CONCRETO EM ESTRUTURAS. AF_12/2015","M3","COEFICIENTE DE REPRESENTATIVIDADE",164.46,"S","SINAPI",90587,1.174,"CHI","COEFICIENTE DE REPRESENTATIVIDADE",1.174,0.19,0.22,"","","","","","","","","","","CAIXA REFERENCIAL"]
["FUNDACOES E ESTRUTURAS","FUES","CONCRETOS",43,"","",94966,"CONCRETO FCK = 30MPA, TRAÇO 1:2,1:2,5 (CIMENTO/ AREIA MÉDIA/ BRITA 1)  - PREPARO MECÂNICO COM BETONEIRA 400 L. AF_07/2016","M3","COEFICIENTE DE REPRESENTATIVIDADE",343.79,"","SINAPI","","","","","","","",39.5,11.4923461,303.07,88.1526107,0.62,0.1804318,0,0,0.6,0.1746114,"CAIXA REFERENCIAL"]
["FUNDACOES E ESTRUTURAS","FUES","CONCRETOS",43,"","",94967,"CONCRETO FCK = 40MPA, TRAÇO 1:1,6:1,9 (CIMENTO/ AREIA MÉDIA/ BRITA 1)  - PREPARO MECÂNICO COM BETONEIRA 400 L. AF_07/2016","M3","COEFICIENTE DE REPRESENTATIVIDADE",395.75,"I","SINAPI",1379,486.85,"KG","COEFICIENTE DE REPRESENTATIVIDADE",486.85,0.53,258.03,"","","","","","","","","","","CAIXA REFERENCIAL"]
["FUNDACOES E ESTRUTURAS","FUES","CONCRETOS",43,"","",94972,"CONCRETO FCK = 30MPA, TRAÇO 1:2,1:2,5 (CIMENTO/ AREIA MÉDIA/ BRITA 1)  - PREPARO MECÂNICO COM BETONEIRA 600 L. AF_07/2016","M3","COEFICIENTE DE REPRESENTATIVIDADE",340.71,"I","SINAPI",370,0.74,"M3","COLETADO",0.74,61.6,45.58,"","","","","","","","","","","CAIXA REFERENCIAL"]
["FUNDACOES E ESTRUTURAS","FUES","CONCRETOS",43,"","",96557,"CONCRETAGEM DE BLOCOS DE COROAMENTO E VIGAS BALDRAMES, FCK 30 MPA, COM USO DE BOMBA – LANÇAMENTO, ADENSAMENTO E ACABAMENTO. AF_06/2017","M3","COEFICIENTE DE REPRESENTATIVIDADE",393.19,"S","SINAPI",88309,0.363,"H","COEFICIENTE DE REPRESENTATIVIDADE",0.363,21.8,7.91,"","","","","","","","","","","CAIXA REFERENCIAL"]
["FUNDACOES E ESTRUTURAS","FUES","LAJE PRE-FABRICADA",44,74141,"LAJE PRE-MOLDADA","74141/4","LAJE PRE-MOLD BETA 20 P/3,5KN/M2 VAO 6,2M INCL VIGOTAS TIJOLOS ARMADU-RA NEGATIVA CAPEAMENTO 3CM CONCRETO 15MPA ESCORAMENTO MATERIAL E MAO  DE OBRA.","M2","COEFICIENTE DE REPRESENTATIVIDADE",107.68,"I","SINAPI",5075,0.02,"KG","COEFICIENTE DE REPRESENTATIVIDADE",0.02,8.66,0.17,"","","","","","","","","","","CAIXA REFERENCIAL"]
["FUNDACOES E ESTRUTURAS","FUES","EMBASAMENTOS",247,74078,"AGULHAMENTO DE PEDRA MARROADA NO FUNDO DE VALAS","74078/1","AGULHAMENTO FUNDO DE VALAS C/MACO 30KG PEDRA-DE-MAO H=10CM","M2","COEFICIENTE DE REPRESENTATIVIDADE",28.33,"S","SINAPI",88316,1.5,"H","COEFICIENTE DE REPRESENTATIVIDADE",1.5,15.03,22.54,"","","","","","","","","","","CAIXA REFERENCIAL"]
["FUNDACOES E ESTRUTURAS","FUES","EMBASAMENTOS",247,"","",95467,"EMBASAMENTO C/PEDRA ARGAMASSADA UTILIZANDO ARG.CIM/AREIA 1:4","M3","COEFICIENTE DE REPRESENTATIVIDADE",383.61,"S","SINAPI",88316,6,"H","COEFICIENTE DE REPRESENTATIVIDADE",6,15.03,90.18,"","","","","","","","","","","CAIXA REFERENCIAL"]
["FUNDACOES E ESTRUTURAS","FUES","CINTAS E VERGAS",296,"","",93184,"VERGA PRÉ-MOLDADA PARA PORTAS COM ATÉ 1,5 M DE VÃO. AF_03/2016","M","COEFICIENTE DE REPRESENTATIVIDADE",21.46,"I","SINAPI",39017,6,"UN","COEFICIENTE DE REPRESENTATIVIDADE",6,0.11,0.66,"","","","","","","","","","","CAIXA REFERENCIAL"]
["FUNDACOES E ESTRUTURAS","FUES","CINTAS E VERGAS",296,"","",93188,"VERGA MOLDADA IN LOCO EM CONCRETO PARA PORTAS COM ATÉ 1,5 M DE VÃO. AF_03/2016","M","COEFICIENTE DE REPRESENTATIVIDADE",51.19,"S","SINAPI",88316,0.193,"H","COEFICIENTE DE REPRESENTATIVIDADE",0.193,15.03,2.9,"","","","","","","","","","","CAIXA REFERENCIAL"]
["FUNDACOES E ESTRUTURAS","FUES","CINTAS E VERGAS",296,"","",93193,"VERGA MOLDADA IN LOCO COM UTILIZAÇÃO DE BLOCOS CANALETA PARA PORTAS COM MAIS DE 1,5 M DE VÃO. AF_03/2016","M","COEFICIENTE DE REPRESENTATIVIDADE",29.27,"I","SINAPI",6193,0.19,"M","COEFICIENTE DE REPRESENTATIVIDADE",0.19,12.87,2.44,"","","","","","","","","","","CAIXA REFERENCIAL"]
["FUNDACOES E ESTRUTURAS","FUES","CINTAS E VERGAS",296,"","",93194,"CONTRAVERGA PRÉ-MOLDADA PARA VÃOS DE ATÉ 1,5 M DE COMPRIMENTO. AF_03/2016","M","COEFICIENTE DE REPRESENTATIVIDADE",27.56,"","SINAPI","","","","","","","",5.14,18.652271,22.39,81.2360389,0.01,0.03723,0,0,0.02,0.0744601,"CAIXA REFERENCIAL"]
["FUNDACOES E ESTRUTURAS","FUES","CINTAS E VERGAS",296,"","",93198,"CONTRAVERGA MOLDADA IN LOCO COM UTILIZAÇÃO DE BLOCOS CANALETA PARA VÃOS DE ATÉ 1,5 M DE COMPRIMENTO. AF_03/2016","M","COEFICIENTE DE REPRESENTATIVIDADE",23.56,"S","SINAPI",88316,0.134,"H","COEFICIENTE DE REPRESENTATIVIDADE",0.134,15.03,2.01,"","","","","","","","","","","CAIXA REFERENCIAL"]
["FUNDACOES E ESTRUTURAS","FUES","ESTRUTURAS DIVERSAS",301,"","",71623,"CHAPIM DE CONCRETO APARENTE COM ACABAMENTO DESEMPENADO, FORMA DE COMPENSADO PLASTIFICADO (MADEIRIT) DE 14 X 10 CM, FUNDIDO NO LOCAL.","M","COEFICIENTE DE REPRESENTATIVIDADE",29.58,"S","SINAPI",88309,0.3,"H","COEFICIENTE DE REPRESENTATIVIDADE",0.3,21.8,6.54,"","","","","","","","","","","CAIXA REFERENCIAL"]
["FUNDACOES E ESTRUTURAS","FUES","ESTRUTURAS DIVERSAS",301,"","",95952,"(COMPOSIÇÃO REPRESENTATIVA) EXECUÇÃO DE ESTRUTURAS DE CONCRETO ARMADO CONVENCIONAL, PARA EDIFICAÇÃO HABITACIONAL MULTIFAMILIAR (PRÉDIO), FCK = 25 MPA. AF_01/2017","M3","ATRIBUÍDO SÃO PAULO",{"v":1350.48,"d":"1,350.48"},"S","SINAPI",92521,1.61,"M2","ATRIBUÍDO SÃO PAULO",1.61,19.17,30.86,"","","","","","","","","","","CAIXA REFERENCIAL"]
["FUNDACOES E ESTRUTURAS","FUES","ESTRUTURAS DIVERSAS",301,"","",95952,"(COMPOSIÇÃO REPRESENTATIVA) EXECUÇÃO DE ESTRUTURAS DE CONCRETO ARMADO CONVENCIONAL, PARA EDIFICAÇÃO HABITACIONAL MULTIFAMILIAR (PRÉDIO), FCK = 25 MPA. AF_01/2017","M3","ATRIBUÍDO SÃO PAULO",{"v":1350.48,"d":"1,350.48"},"S","SINAPI",92769,8.47,"KG","COEFICIENTE DE REPRESENTATIVIDADE",8.47,7.14,60.47,"","","","","","","","","","","CAIXA REFERENCIAL"]
["FUNDACOES E ESTRUTURAS","FUES","ESTRUTURAS DIVERSAS",301,"","",95954,"(COMPOSIÇÃO REPRESENTATIVA) EXECUÇÃO DE ESTRUTURAS DE CONCRETO ARMADO, PARA EDIFICAÇÃO HABITACIONAL UNIFAMILIAR COM DOIS PAVIMENTOS (CASA EM EMPREENDIMENTOS), FCK = 25 MPA. AF_01/2017","M3","ATRIBUÍDO SÃO PAULO",{"v":1650.78,"d":"1,650.78"},"S","SINAPI",92775,9.61,"KG","COEFICIENTE DE REPRESENTATIVIDADE",9.61,11.91,114.45,"","","","","","","","","","","CAIXA REFERENCIAL"]
["FUNDACOES E ESTRUTURAS","FUES","ESTRUTURAS DIVERSAS",301,"","",95956,"(COMPOSIÇÃO REPRESENTATIVA) EXECUÇÃO DE ESTRUTURAS DE CONCRETO ARMADO, PARA EDIFICAÇÃO HABITACIONAL UNIFAMILIAR TÉRREA (CASA EM EMPREENDIMENTOS), FCK = 25 MPA. AF_01/2017","M3","ATRIBUÍDO SÃO PAULO",{"v":1633.99,"d":"1,633.99"},"","SINAPI","","","","","","","",479.35,29.3361977,{"v":1128.04,"d":"1,128.04"},69.0351864,26.2,1.60378,0,0,0.4,0.0248359,"CAIXA REFERENCIAL"]
["FUNDACOES E ESTRUTURAS","FUES","ESTRUTURAS DIVERSAS",301,"","",95957,"(COMPOSIÇÃO REPRESENTATIVA) EXECUÇÃO DE ESTRUTURAS DE CONCRETO ARMADO, PARA EDIFICAÇÃO INSTITUCIONAL TÉRREA, FCK = 25 MPA. AF_01/2017","M3","ATRIBUÍDO SÃO PAULO",{"v":1974.22,"d":"1,974.22"},"S","SINAPI",96546,6.6,"KG","COEFICIENTE DE REPRESENTATIVIDADE",6.6,7.43,49.03,"","","","","","","","","","","CAIXA REFERENCIAL"]
["IMPERMEABILIZACOES E PROTECOES DIVERSAS","IMPE","IMPERMEABILIZACAO COM MANTA",141,74033,"ESTABILIZAÇÃO DE SOLO COM GEOMEMBRANA","74033/1","IMPERMEABILIZACAO DE SUPERFICIE COM GEOMEMBRANA (MANTA TERMOPLASTICA LISA) TIPO PEAD, E=2MM.","M2","ATRIBUÍDO SÃO PAULO",40.57,"I","SINAPI",25865,1.05,"M2","ATRIBUÍDO SÃO PAULO",1.05,31.63,33.21,"","","","","","","","","","","CAIXA REFERENCIAL"]
["IMPERMEABILIZACOES E PROTECOES DIVERSAS","IMPE","IMPERMEABILIZACAO COM MANTA",141,"","",83738,"IMPERMEABILIZACAO DE SUPERFICIE COM MANTA ASFALTICA (COM POLIMEROS TIPO APP), E=4 MM","M2","COEFICIENTE DE REPRESENTATIVIDADE",71.49,"","SINAPI","","","","","","","",15.53,21.728742,55.93,78.2290936,0.03,0.0421644,0,0,0,0,"CAIXA REFERENCIAL"]
["IMPERMEABILIZACOES E PROTECOES DIVERSAS","IMPE","IMPERMEABILIZACAO BETUMINOSA C/EMULSAO ASFALTICA E",145,73762,"IMPERMEABILIZACAO DE TERRACOS E LAJES","73762/4","IMPERMEABILIZACAO DE SUPERFICIE COM ASFALTO ELASTOMERICO, INCLUSOS PRIMER E VEU DE FIBRA DE VIDRO.","M2","COEFICIENTE DE REPRESENTATIVIDADE",131.72,"S","SINAPI",88316,1.2,"H","COEFICIENTE DE REPRESENTATIVIDADE",1.2,15.03,18.03,"","","","","","","","","","","CAIXA REFERENCIAL"]
["IMPERMEABILIZACOES E PROTECOES DIVERSAS","IMPE","IMPERMEABILIZACAO COM MASTIQUE",147,74025,"CONSERVACAO DE CALHAS DE CONCRETO - PAR","74025/1","IMPERMEABILIZACAO DE SUPERFICIE COM MASTIQUE BETUMINOSO A FRIO, POR METRO.","M","COEFICIENTE DE REPRESENTATIVIDADE",48.04,"I","SINAPI",38366,0.345,"M2","COEFICIENTE DE REPRESENTATIVIDADE",0.345,3.13,1.07,"","","","","","","","","","","CAIXA REFERENCIAL"]
["INSTALACAO ELETRICA/ELETRIFICACAO E ILUMINACAO EXT","INEL","ELETRODUTOS/CALHAS PARA LEITO DE CABOS",165,"","",91846,"ELETRODUTO FLEXÍVEL CORRUGADO, PVC, DN 32 MM (1\"), PARA CIRCUITOS TERMINAIS, INSTALADO EM LAJE - FORNECIMENTO E INSTALAÇÃO. AF_12/2015","M","COEFICIENTE DE REPRESENTATIVIDADE",6.81,"","SINAPI","","","","","","","",3.2,47.0499243,3.61,52.9500757,0,0,0,0,0,0,"CAIXA REFERENCIAL"]
["INSTALACAO ELETRICA/ELETRIFICACAO E ILUMINACAO EXT","INEL","ELETRODUTOS/CALHAS PARA LEITO DE CABOS",165,"","",91852,"ELETRODUTO FLEXÍVEL CORRUGADO, PVC, DN 20 MM (1/2\"), PARA CIRCUITOS TERMINAIS, INSTALADO EM PAREDE - FORNECIMENTO E INSTALAÇÃO. AF_12/2015","M","COEFICIENTE DE REPRESENTATIVIDADE",6.4,"I","SINAPI",2689,1.017,"M","COEFICIENTE DE REPRESENTATIVIDADE",1.017,1.25,1.27,"","","","","","","","","","","CAIXA REFERENCIAL"]
["INSTALACAO ELETRICA/ELETRIFICACAO E ILUMINACAO EXT","INEL","ELETRODUTOS/CALHAS PARA LEITO DE CABOS",165,"","",91867,"ELETRODUTO RÍGIDO ROSCÁVEL, PVC, DN 25 MM (3/4\"), PARA CIRCUITOS TERMINAIS, INSTALADO EM LAJE - FORNECIMENTO E INSTALAÇÃO. AF_12/2015","M","COEFICIENTE DE REPRESENTATIVIDADE",6.67,"S","SINAPI",88247,0.102,"H","COEFICIENTE DE REPRESENTATIVIDADE",0.102,17.84,1.81,"","","","","","","","","","","CAIXA REFERENCIAL"]
["INSTALACAO ELETRICA/ELETRIFICACAO E ILUMINACAO EXT","INEL","ELETRODUTOS/CALHAS PARA LEITO DE CABOS",165,"","",93011,"ELETRODUTO RÍGIDO ROSCÁVEL, PVC, DN 85 MM (3\") - FORNECIMENTO E INSTALAÇÃO. AF_12/2015","M","COEFICIENTE DE REPRESENTATIVIDADE",26.19,"S","SINAPI",88264,0.171,"H","COEFICIENTE DE REPRESENTATIVIDADE",0.171,22.01,3.76,"","","","","","","","","","","CAIXA REFERENCIAL"]
["INSTALACAO ELETRICA/ELETRIFICACAO E ILUMINACAO EXT","INEL","ELETRODUTOS/CALHAS PARA LEITO DE CABOS",165,"","",95732,"LUVA PARA ELETRODUTO, PVC, SOLDÁVEL, DN 20 MM (1/2’’), APARENTE, INSTALADA EM TETO - FORNECIMENTO E INSTALAÇÃO. AF_11/2016_P","UN","COEFICIENTE DE REPRESENTATIVIDADE",3.35,"S","SINAPI",88264,0.0608,"H","COEFICIENTE DE REPRESENTATIVIDADE",0.0608,22.01,1.33,"","","","","","","","","","","CAIXA REFERENCIAL"]
["INSTALACAO ELETRICA/ELETRIFICACAO E ILUMINACAO EXT","INEL","ELETRODUTOS/CALHAS PARA LEITO DE CABOS",165,"","",95746,"ELETRODUTO DE AÇO GALVANIZADO, CLASSE LEVE, DN 25 MM (1’’), APARENTE, INSTALADO EM TETO - FORNECIMENTO E INSTALAÇÃO. AF_11/2016_P","M","COEFICIENTE DE REPRESENTATIVIDADE",12.27,"S","SINAPI",91170,1,"M","COEFICIENTE DE REPRESENTATIVIDADE",1,2.32,2.32,"","","","","","","","","","","CAIXA REFERENCIAL"]
["INSTALACAO ELETRICA/ELETRIFICACAO E ILUMINACAO EXT","INEL","CONEXOES",166,"","",72261,"TERMINAL OU CONECTOR DE PRESSAO - PARA CABO 25MM2 - FORNECIMENTO E INSTALACAO","UN","COEFICIENTE DE REPRESENTATIVIDADE",15.12,"","SINAPI","","","","","","","",8.92,58.9381721,6.18,40.9274193,0.02,0.1344086,0,0,0,0,"CAIXA REFERENCIAL"]
["INSTALACAO ELETRICA/ELETRIFICACAO E ILUMINACAO EXT","INEL","CONEXOES",166,"","",72270,"TERMINAL OU CONECTOR DE PRESSAO - PARA CABO 300MM2 - FORNECIMENTO E INSTALACAO","UN","COEFICIENTE DE REPRESENTATIVIDADE",45,"S","SINAPI",88264,0.5,"H","COEFICIENTE DE REPRESENTATIVIDADE",0.5,22.01,11,"","","","","","","","","","","CAIXA REFERENCIAL"]
["INSTALACAO ELETRICA/ELETRIFICACAO E ILUMINACAO EXT","INEL","CONEXOES",166,"","",91877,"LUVA PARA ELETRODUTO, PVC, ROSCÁVEL, DN 40 MM (1 1/4\"), PARA CIRCUITOS TERMINAIS, INSTALADA EM FORRO - FORNECIMENTO E INSTALAÇÃO. AF_12/2015","UN","COEFICIENTE DE REPRESENTATIVIDADE",8.63,"S","SINAPI",88264,0.176,"H","COEFICIENTE DE REPRESENTATIVIDADE",0.176,22.01,3.87,"","","","","","","","","","","CAIXA REFERENCIAL"]
["INSTALACAO ELETRICA/ELETRIFICACAO E ILUMINACAO EXT","INEL","CONEXOES",166,"","",91889,"CURVA 180 GRAUS PARA ELETRODUTO, PVC, ROSCÁVEL, DN 20 MM (1/2\"), PARA CIRCUITOS TERMINAIS, INSTALADA EM FORRO - FORNECIMENTO E INSTALAÇÃO. AF_12/2015","UN","COEFICIENTE DE REPRESENTATIVIDADE",6.5,"S","SINAPI",88247,0.125,"H","COEFICIENTE DE REPRESENTATIVIDADE",0.125,17.84,2.23,"","","","","","","","","","","CAIXA REFERENCIAL"]
["INSTALACAO ELETRICA/ELETRIFICACAO E ILUMINACAO EXT","INEL","CONEXOES",166,"","",91892,"CURVA 180 GRAUS PARA ELETRODUTO, PVC, ROSCÁVEL, DN 25 MM (3/4\"), PARA CIRCUITOS TERMINAIS, INSTALADA EM FORRO - FORNECIMENTO E INSTALAÇÃO. AF_12/2015","UN","COEFICIENTE DE REPRESENTATIVIDADE",9.34,"","SINAPI","","","","","","","",4.8,51.3186814,4.54,48.6813186,0,0,0,0,0,0,"CAIXA REFERENCIAL"]
["INSTALACAO ELETRICA/ELETRIFICACAO E ILUMINACAO EXT","INEL","CONEXOES",166,"","",91904,"CURVA 180 GRAUS PARA ELETRODUTO, PVC, ROSCÁVEL, DN 25 MM (3/4\"), PARA CIRCUITOS TERMINAIS, INSTALADA EM LAJE - FORNECIMENTO E INSTALAÇÃO. AF_12/2015","UN","COEFICIENTE DE REPRESENTATIVIDADE",11.01,"S","SINAPI",88264,0.202,"H","COEFICIENTE DE REPRESENTATIVIDADE",0.202,22.01,4.44,"","","","","","","","","","","CAIXA REFERENCIAL"]
["INSTALACAO ELETRICA/ELETRIFICACAO E ILUMINACAO EXT","INEL","CONEXOES",166,"","",93015,"LUVA PARA ELETRODUTO, PVC, ROSCÁVEL, DN 75 MM (2 1/2\") - FORNECIMENTO E INSTALAÇÃO. AF_12/2015","UN","COEFICIENTE DE REPRESENTATIVIDADE",19.46,"S","SINAPI",88264,0.308,"H","COEFICIENTE DE REPRESENTATIVIDADE",0.308,22.01,6.77,"","","","","","","","","","","CAIXA REFERENCIAL"]
["INSTALACAO ELETRICA/ELETRIFICACAO E ILUMINACAO EXT","INEL","CONEXOES",166,"","",95735,"LUVA PARA ELETRODUTO, PVC, SOLDÁVEL, DN 20 MM (1/2’’), APARENTE, INSTALADA EM PAREDE - FORNECIMENTO E INSTALAÇÃO. AF_11/2016_P","UN","COEFICIENTE DE REPRESENTATIVIDADE",5.12,"S","SINAPI",88264,0.1051,"H","COEFICIENTE DE REPRESENTATIVIDADE",0.1051,22.01,2.31,"","","","","","","","","","","CAIXA REFERENCIAL"]
["INSTALACAO ELETRICA/ELETRIFICACAO E ILUMINACAO EXT","INEL","CONEXOES",166,"","",95738,"LUVA PARA ELETRODUTO, PVC, SOLDÁVEL, DN 32 MM (1’’), APARENTE, INSTALADA EM PAREDE - FORNECIMENTO E INSTALAÇÃO. AF_11/2016_P","UN","COEFICIENTE DE REPRESENTATIVIDADE",7.06,"","SINAPI","","","","","","","",4.04,57.1847508,3.02,42.8152492,0,0,0,0,0,0,"CAIXA REFERENCIAL"]
["INSTALACAO ELETRICA/ELETRIFICACAO E ILUMINACAO EXT","INEL","FIOS/CABOS",167,"","",72250,"CABO DE COBRE NU 10MM2 - FORNECIMENTO E INSTALACAO","M","COEFICIENTE DE REPRESENTATIVIDADE",7.97,"S","SINAPI",88247,0.1,"H","COEFICIENTE DE REPRESENTATIVIDADE",0.1,17.84,1.78,"","","","","","","","","","","CAIXA REFERENCIAL"]
["INSTALACAO ELETRICA/ELETRIFICACAO E ILUMINACAO EXT","INEL","FIOS/CABOS",167,"","",91926,"CABO DE COBRE FLEXÍVEL ISOLADO, 2,5 MM², ANTI-CHAMA 450/750 V, PARA CIRCUITOS TERMINAIS - FORNECIMENTO E INSTALAÇÃO. AF_12/2015","M","COEFICIENTE DE REPRESENTATIVIDADE",2.42,"S","SINAPI",88247,0.03,"H","COEFICIENTE DE REPRESENTATIVIDADE",0.03,17.84,0.53,"","","","","","","","","","","CAIXA REFERENCIAL"]
["INSTALACAO ELETRICA/ELETRIFICACAO E ILUMINACAO EXT","INEL","FIOS/CABOS",167,"","",91934,"CABO DE COBRE FLEXÍVEL ISOLADO, 16 MM², ANTI-CHAMA 450/750 V, PARA CIRCUITOS TERMINAIS - FORNECIMENTO E INSTALAÇÃO. AF_12/2015","M","COEFICIENTE DE REPRESENTATIVIDADE",12.6,"I","SINAPI",21127,0.009,"UN","COEFICIENTE DE REPRESENTATIVIDADE",0.009,3.23,0.02,"","","","","","","","","","","CAIXA REFERENCIAL"]
["INSTALACAO ELETRICA/ELETRIFICACAO E ILUMINACAO EXT","INEL","FIOS/CABOS",167,"","",92979,"CABO DE COBRE FLEXÍVEL ISOLADO, 10 MM², ANTI-CHAMA 450/750 V, PARA DISTRIBUIÇÃO - FORNECIMENTO E INSTALAÇÃO. AF_12/2015","M","COEFICIENTE DE REPRESENTATIVIDADE",4.85,"I","SINAPI",21127,0.01,"UN","COEFICIENTE DE REPRESENTATIVIDADE",0.01,3.23,0.03,"","","","","","","","","","","CAIXA REFERENCIAL"]
["INSTALACAO ELETRICA/ELETRIFICACAO E ILUMINACAO EXT","INEL","FIOS/CABOS",167,"","",92987,"CABO DE COBRE FLEXÍVEL ISOLADO, 50 MM², ANTI-CHAMA 450/750 V, PARA DISTRIBUIÇÃO - FORNECIMENTO E INSTALAÇÃO. AF_12/2015","M","COEFICIENTE DE REPRESENTATIVIDADE",25.58,"I","SINAPI",21127,0.009,"UN","COEFICIENTE DE REPRESENTATIVIDADE",0.009,3.23,0.02,"","","","","","","","","","","CAIXA REFERENCIAL"]
["INSTALACAO ELETRICA/ELETRIFICACAO E ILUMINACAO EXT","INEL","FIOS/CABOS",167,"","",92995,"CABO DE COBRE FLEXÍVEL ISOLADO, 150 MM², ANTI-CHAMA 450/750 V, PARA DISTRIBUIÇÃO - FORNECIMENTO E INSTALAÇÃO. AF_12/2015","M","COEFICIENTE DE REPRESENTATIVIDADE",72.74,"","SINAPI","","","","","","","",5.24,7.2108093,67.5,92.7891907,0,0,0,0,0,0,"CAIXA REFERENCIAL"]
["INSTALACAO ELETRICA/ELETRIFICACAO E ILUMINACAO EXT","INEL","CAIXAS",168,"","",83443,"CAIXA DE PASSAGEM 20X20X25 FUNDO BRITA COM TAMPA","UN","COEFICIENTE DE REPRESENTATIVIDADE",46.1,"I","SINAPI",370,0.02,"M3","COLETADO",0.02,61.6,1.23,"","","","","","","","","","","CAIXA REFERENCIAL"]
["INSTALACAO ELETRICA/ELETRIFICACAO E ILUMINACAO EXT","INEL","CAIXAS",168,"","",83448,"CAIXA DE PASSGEM 50X50X60 FUNDO BRITA C/ TAMPA","UN","COEFICIENTE DE REPRESENTATIVIDADE",247.32,"I","SINAPI",4718,0.00949,"M3","COLETADO",0.00949,55.38,0.52,"","","","","","","","","","","CAIXA REFERENCIAL"]
["INSTALACAO ELETRICA/ELETRIFICACAO E ILUMINACAO EXT","INEL","CAIXAS",168,"","",83449,"CAIXA DE PASSAGEM 60X60X70 FUNDO BRITA COM TAMPA","UN","COEFICIENTE DE REPRESENTATIVIDADE",347.25,"I","SINAPI",39,1.26,"KG","COEFICIENTE DE REPRESENTATIVIDADE",1.26,3.94,4.96,"","","","","","","","","","","CAIXA REFERENCIAL"]
["INSTALACAO ELETRICA/ELETRIFICACAO E ILUMINACAO EXT","INEL","CAIXAS",168,"","",91941,"CAIXA RETANGULAR 4\" X 2\" BAIXA (0,30 M DO PISO), PVC, INSTALADA EM PAREDE - FORNECIMENTO E INSTALAÇÃO. AF_12/2015","UN","COEFICIENTE DE REPRESENTATIVIDADE",7.64,"S","SINAPI",88247,0.145,"H","COEFICIENTE DE REPRESENTATIVIDADE",0.145,17.84,2.58,"","","","","","","","","","","CAIXA REFERENCIAL"]
["INSTALACAO ELETRICA/ELETRIFICACAO E ILUMINACAO EXT","INEL","CAIXAS",168,"","",92869,"CAIXA RETANGULAR 4\" X 2\" BAIXA (0,30 M DO PISO), METÁLICA, INSTALADA EM PAREDE - FORNECIMENTO E INSTALAÇÃO. AF_12/2015","UN","COEFICIENTE DE REPRESENTATIVIDADE",7.04,"S","SINAPI",88264,0.145,"H","COEFICIENTE DE REPRESENTATIVIDADE",0.145,22.01,3.19,"","","","","","","","","","","CAIXA REFERENCIAL"]
["INSTALACAO ELETRICA/ELETRIFICACAO E ILUMINACAO EXT","INEL","CAIXAS",168,"","",95782,"CONDULETE DE ALUMÍNIO, TIPO E, ELETRODUTO DE AÇO GALVANIZADO DN 25 MM (1''), APARENTE - FORNECIMENTO E INSTALAÇÃO. AF_11/2016_P","UN","COEFICIENTE DE REPRESENTATIVIDADE",25.49,"I","SINAPI",2590,1,"UN","COEFICIENTE DE REPRESENTATIVIDADE",1,10.88,10.88,"","","","","","","","","","","CAIXA REFERENCIAL"]
["INSTALACAO ELETRICA/ELETRIFICACAO E ILUMINACAO EXT","INEL","CAIXAS",168,"","",95785,"CONDULETE DE ALUMÍNIO, TIPO E, PARA ELETRODUTO DE AÇO GALVANIZADO DN 32 MM (1 1/4''), APARENTE - FORNECIMENTO E INSTALAÇÃO. AF_11/2016_P","UN","COEFICIENTE DE REPRESENTATIVIDADE",28.73,"I","SINAPI",11950,2,"UN","COEFICIENTE DE REPRESENTATIVIDADE",2,0.2,0.4,"","","","","","","","","","","CAIXA REFERENCIAL"]
["INSTALACAO ELETRICA/ELETRIFICACAO E ILUMINACAO EXT","INEL","CAIXAS",168,"","",95802,"CONDULETE DE ALUMÍNIO, TIPO X, PARA ELETRODUTO DE AÇO GALVANIZADO DN 25 MM (1''), APARENTE - FORNECIMENTO E INSTALAÇÃO. AF_11/2016_P","UN","COEFICIENTE DE REPRESENTATIVIDADE",33.75,"I","SINAPI",2581,1,"UN","COEFICIENTE DE REPRESENTATIVIDADE",1,11.9,11.9,"","","","","","","","","","","CAIXA REFERENCIAL"]
["INSTALACAO ELETRICA/ELETRIFICACAO E ILUMINACAO EXT","INEL","CAIXAS",168,"","",95811,"CONDULETE DE PVC, TIPO LB, PARA ELETRODUTO DE PVC SOLDÁVEL DN 25 MM (3/4''), APARENTE - FORNECIMENTO E INSTALAÇÃO. AF_11/2016","UN","COEFICIENTE DE REPRESENTATIVIDADE",10.7,"","SINAPI","","","","","","","",2.82,26.3558515,7.88,73.6441485,0,0,0,0,0,0,"CAIXA REFERENCIAL"]
["INSTALACAO ELETRICA/ELETRIFICACAO E ILUMINACAO EXT","INEL","QUADROS/DISJUNTORES",169,"","",68066,"CAIXA DE PROTECAO PARA MEDIDOR MONOFASICO, FORNECIMENTO E INSTALACAO","UN","COEFICIENTE DE REPRESENTATIVIDADE",107.59,"S","SINAPI",88309,1.34,"H","COEFICIENTE DE REPRESENTATIVIDADE",1.34,21.8,29.21,"","","","","","","","","","","CAIXA REFERENCIAL"]
["INSTALACAO ELETRICA/ELETRIFICACAO E ILUMINACAO EXT","INEL","QUADROS/DISJUNTORES",169,74052,"P/DISTRIBUICAO 4 CIRCUITOS INCLUSIVE ACESSORIOS","74052/5","QUADRO DE MEDICAO GERAL EM CHAPA METALICA PARA EDIFICIOS COM 16 APTOS, INCLUSIVE DISJUNTORES E ATERRAMENTO","UN","COEFICIENTE DE REPRESENTATIVIDADE",{"v":1362.11,"d":"1,362.11"},"S","SINAPI",88247,5.8,"H","COEFICIENTE DE REPRESENTATIVIDADE",5.8,17.84,103.47,"","","","","","","","","","","CAIXA REFERENCIAL"]
["INSTALACAO ELETRICA/ELETRIFICACAO E ILUMINACAO EXT","INEL","QUADROS/DISJUNTORES",169,74130,"DISJUNTORES","74130/2","DISJUNTOR TERMOMAGNETICO MONOPOLAR PADRAO NEMA (AMERICANO) 35 A 50A 240V, FORNECIMENTO E INSTALACAO","UN","COEFICIENTE DE REPRESENTATIVIDADE",20.03,"S","SINAPI",88264,0.125,"H","COEFICIENTE DE REPRESENTATIVIDADE",0.125,22.01,2.75,"","","","","","","","","","","CAIXA REFERENCIAL"]
["INSTALACAO ELETRICA/ELETRIFICACAO E ILUMINACAO EXT","INEL","QUADROS/DISJUNTORES",169,74131,"QUADROS DE DISTRIBUICAO.","74131/4","QUADRO DE DISTRIBUICAO DE ENERGIA DE EMBUTIR, EM CHAPA METALICA, PARA 18 DISJUNTORES TERMOMAGNETICOS MONOPOLARES, COM BARRAMENTO TRIFASICO E NEUTRO, FORNECIMENTO E INSTALACAO","UN","COEFICIENTE DE REPRESENTATIVIDADE",317.55,"","SINAPI","","","","","","","",73.3,23.0829815,243.95,76.8225065,0.3,0.094512,0,0,0,0,"CAIXA REFERENCIAL"]
["INSTALACAO ELETRICA/ELETRIFICACAO E ILUMINACAO EXT","INEL","QUADROS/DISJUNTORES",169,"","",93656,"DISJUNTOR MONOPOLAR TIPO DIN, CORRENTE NOMINAL DE 25A - FORNECIMENTO E INSTALAÇÃO. AF_04/2016","UN","COEFICIENTE DE REPRESENTATIVIDADE",11.16,"","SINAPI","","","","","","","",1.95,17.4863387,9.21,82.5136613,0,0,0,0,0,0,"CAIXA REFERENCIAL"]
["INSTALACAO ELETRICA/ELETRIFICACAO E ILUMINACAO EXT","INEL","QUADROS/DISJUNTORES",169,"","",93663,"DISJUNTOR BIPOLAR TIPO DIN, CORRENTE NOMINAL DE 25A - FORNECIMENTO E INSTALAÇÃO. AF_04/2016","UN","COEFICIENTE DE REPRESENTATIVIDADE",52.05,"S","SINAPI",88264,0.133,"H","COEFICIENTE DE REPRESENTATIVIDADE",0.133,22.01,2.92,"","","","","","","","","","","CAIXA REFERENCIAL"]
["INSTALACAO ELETRICA/ELETRIFICACAO E ILUMINACAO EXT","INEL","QUADROS/DISJUNTORES",169,"","",93665,"DISJUNTOR BIPOLAR TIPO DIN, CORRENTE NOMINAL DE 40A - FORNECIMENTO E INSTALAÇÃO. AF_04/2016","UN","COEFICIENTE DE REPRESENTATIVIDADE",57.15,"","SINAPI","","","","","","","",7.92,13.8688697,49.21,86.0959748,0.02,0.0351555,0,0,0,0,"CAIXA REFERENCIAL"]
["INSTALACAO ELETRICA/ELETRIFICACAO E ILUMINACAO EXT","INEL","QUADROS/DISJUNTORES",169,"","",93673,"DISJUNTOR TRIPOLAR TIPO DIN, CORRENTE NOMINAL DE 50A - FORNECIMENTO E INSTALAÇÃO. AF_04/2016","UN","COEFICIENTE DE REPRESENTATIVIDADE",81.21,"S","SINAPI",88247,0.568,"H","COEFICIENTE DE REPRESENTATIVIDADE",0.568,17.84,10.13,"","","","","","","","","","","CAIXA REFERENCIAL"]
["INSTALACAO ELETRICA/ELETRIFICACAO E ILUMINACAO EXT","INEL","INTERRUPTOR/TOMADA",170,"","",91952,"INTERRUPTOR SIMPLES (1 MÓDULO), 10A/250V, SEM SUPORTE E SEM PLACA - FORNECIMENTO E INSTALAÇÃO. AF_12/2015","UN","COEFICIENTE DE REPRESENTATIVIDADE",14.92,"","SINAPI","","","","","","","",6.68,44.785276,8.24,55.214724,0,0,0,0,0,0,"CAIXA REFERENCIAL"]
["INSTALACAO ELETRICA/ELETRIFICACAO E ILUMINACAO EXT","INEL","INTERRUPTOR/TOMADA",170,"","",91963,"INTERRUPTOR SIMPLES (1 MÓDULO) COM INTERRUPTOR PARALELO (2 MÓDULOS), 10A/250V, INCLUINDO SUPORTE E PLACA - FORNECIMENTO E INSTALAÇÃO. AF_12/2015","UN","COEFICIENTE DE REPRESENTATIVIDADE",56.74,"S","SINAPI",91962,1,"UN","COEFICIENTE DE REPRESENTATIVIDADE",1,50.18,50.18,"","","","","","","","","","","CAIXA REFERENCIAL"]
["INSTALACAO ELETRICA/ELETRIFICACAO E ILUMINACAO EXT","INEL","INTERRUPTOR/TOMADA",170,"","",91974,"INTERRUPTOR SIMPLES (4 MÓDULOS), 10A/250V, SEM SUPORTE E SEM PLACA - FORNECIMENTO E INSTALAÇÃO. AF_12/2015","UN","COEFICIENTE DE REPRESENTATIVIDADE",52.76,"","SINAPI","","","","","","","",21.35,40.4798172,31.35,59.4059407,0.06,0.1142421,0,0,0,0,"CAIXA REFERENCIAL"]
["INSTALACAO ELETRICA/ELETRIFICACAO E ILUMINACAO EXT","INEL","INTERRUPTOR/TOMADA",170,"","",91975,"INTERRUPTOR SIMPLES (4 MÓDULOS), 10A/250V, INCLUINDO SUPORTE E PLACA - FORNECIMENTO E INSTALAÇÃO. AF_12/2015","UN","COEFICIENTE DE REPRESENTATIVIDADE",63.24,"S","SINAPI",91974,1,"UN","COEFICIENTE DE REPRESENTATIVIDADE",1,52.76,52.76,"","","","","","","","","","","CAIXA REFERENCIAL"]
["INSTALACAO ELETRICA/ELETRIFICACAO E ILUMINACAO EXT","INEL","INTERRUPTOR/TOMADA",170,"","",91988,"INTERRUPTOR PULSADOR MINUTERIA (1 MÓDULO), 10A/250V, SEM SUPORTE E SEM PLACA - FORNECIMENTO E INSTALAÇÃO. AF_09/2017","UN","COEFICIENTE DE REPRESENTATIVIDADE",17.47,"","SINAPI","","","","","","","",6.66,38.1533101,10.81,61.8466899,0,0,0,0,0,0,"CAIXA REFERENCIAL"]
["INSTALACAO ELETRICA/ELETRIFICACAO E ILUMINACAO EXT","INEL","INTERRUPTOR/TOMADA",170,"","",91999,"TOMADA BAIXA DE EMBUTIR (1 MÓDULO), 2P+T 20 A, SEM SUPORTE E SEM PLACA - FORNECIMENTO E INSTALAÇÃO. AF_12/2015","UN","COEFICIENTE DE REPRESENTATIVIDADE",18.05,"","SINAPI","","","","","","","",6.97,38.6389201,11.08,61.3610799,0,0,0,0,0,0,"CAIXA REFERENCIAL"]
["INSTALACAO ELETRICA/ELETRIFICACAO E ILUMINACAO EXT","INEL","INTERRUPTOR/TOMADA",170,"","",92010,"TOMADA MÉDIA DE EMBUTIR (3 MÓDULOS), 2P+T 10 A, SEM SUPORTE E SEM PLACA - FORNECIMENTO E INSTALAÇÃO. AF_12/2015","UN","COEFICIENTE DE REPRESENTATIVIDADE",52.32,"I","SINAPI",38101,3,"UN","COEFICIENTE DE REPRESENTATIVIDADE",3,6.79,20.37,"","","","","","","","","","","CAIXA REFERENCIAL"]
["INSTALACAO ELETRICA/ELETRIFICACAO E ILUMINACAO EXT","INEL","INTERRUPTOR/TOMADA",170,"","",92013,"TOMADA MÉDIA DE EMBUTIR (3 MÓDULOS), 2P+T 20 A, INCLUINDO SUPORTE E PLACA - FORNECIMENTO E INSTALAÇÃO. AF_12/2015","UN","COEFICIENTE DE REPRESENTATIVIDADE",64.58,"","SINAPI","","","","","","","",25.7,39.7975077,38.8,60.0778818,0.08,0.1246105,0,0,0,0,"CAIXA REFERENCIAL"]
["INSTALACAO ELETRICA/ELETRIFICACAO E ILUMINACAO EXT","INEL","INTERRUPTOR/TOMADA",170,"","",92024,"INTERRUPTOR SIMPLES (1 MÓDULO) COM 2 TOMADAS DE EMBUTIR 2P+T 10 A,  SEM SUPORTE E SEM PLACA - FORNECIMENTO E INSTALAÇÃO. AF_12/2015","UN","COEFICIENTE DE REPRESENTATIVIDADE",48.22,"","SINAPI","","","","","","","",21.17,43.9166666,26.99,55.9583334,0.06,0.125,0,0,0,0,"CAIXA REFERENCIAL"]
["INSTALACAO ELETRICA/ELETRIFICACAO E ILUMINACAO EXT","INEL","INTERRUPTOR/TOMADA",170,"","",92034,"INTERRUPTOR SIMPLES (1 MÓDULO), INTERRUPTOR PARALELO (1 MÓDULO) E 1 TOMADA DE EMBUTIR 2P+T 10 A,  SEM SUPORTE E SEM PLACA - FORNECIMENTO E INSTALAÇÃO. AF_12/2015","UN","COEFICIENTE DE REPRESENTATIVIDADE",49.2,"I","SINAPI",38113,1,"UN","COEFICIENTE DE REPRESENTATIVIDADE",1,7.77,7.77,"","","","","","","","","","","CAIXA REFERENCIAL"]
["INSTALACAO ELETRICA/ELETRIFICACAO E ILUMINACAO EXT","INEL","LUMINARIA INTERNA/BOCAL/LAMPADAS",171,73953,"LUMINARIA INTERNA TP CALHA SOBREPOR","73953/9","LUMINARIA SOBREPOR TP CALHA C/REATOR PART CONVENC LAMP 1X20W E STARTERFIX EM LAJE OU FORRO - FORNECIMENTO E COLOCACAO","UN","COEFICIENTE DE REPRESENTATIVIDADE",46.16,"I","SINAPI",3788,1,"UN","COEFICIENTE DE REPRESENTATIVIDADE",1,27.65,27.65,"","","","","","","","","","","CAIXA REFERENCIAL"]
["INSTALACAO ELETRICA/ELETRIFICACAO E ILUMINACAO EXT","INEL","LUMINARIA INTERNA/BOCAL/LAMPADAS",171,"","",83469,"LAMPADA FLUORESCENTE 40W - FORNECIMENTO E INSTALACAO","UN","COEFICIENTE DE REPRESENTATIVIDADE",5.43,"S","SINAPI",88247,0.015,"H","COEFICIENTE DE REPRESENTATIVIDADE",0.015,17.84,0.26,"","","","","","","","","","","CAIXA REFERENCIAL"]
["INSTALACAO ELETRICA/ELETRIFICACAO E ILUMINACAO EXT","INEL","LUMINARIA INTERNA/BOCAL/LAMPADAS",171,"","",93041,"LÂMPADA FLUORESCENTE ESPIRAL BRANCA 65 W, BASE E27 - FORNECIMENTO E INSTALAÇÃO","UN","COEFICIENTE DE REPRESENTATIVIDADE",57.14,"S","SINAPI",88247,0.1,"H","COEFICIENTE DE REPRESENTATIVIDADE",0.1,17.84,1.78,"","","","","","","","","","","CAIXA REFERENCIAL"]
["INSTALACAO ELETRICA/ELETRIFICACAO E ILUMINACAO EXT","INEL","FORNECIMENTO DE MAT/MO P/ELETRIFICACAO E ILUMINACA",172,"","",41598,"ENTRADA PROVISORIA DE ENERGIA ELETRICA AEREA TRIFASICA 40A EM POSTE MADEIRA","UN","COEFICIENTE DE REPRESENTATIVIDADE",{"v":1372.84,"d":"1,372.84"},"I","SINAPI",2392,1,"UN","COEFICIENTE DE REPRESENTATIVIDADE",1,69.14,69.14,"","","","","","","","","","","CAIXA REFERENCIAL"]
["INSTALACAO ELETRICA/ELETRIFICACAO E ILUMINACAO EXT","INEL","FORNECIMENTO DE MAT/MO P/ELETRIFICACAO E ILUMINACA",172,73781,"DIVERSOS PARA SUBESTACAO","73781/3","ISOLADOR DE SUSPENSAO (DISCO) TP CAVILHA CLASSE 15KV - 6''. FORNECIMENTO E INSTALACAO.","UN","COEFICIENTE DE REPRESENTATIVIDADE",105.08,"I","SINAPI",3405,1,"UN","COEFICIENTE DE REPRESENTATIVIDADE",1,86.57,86.57,"","","","","","","","","","","CAIXA REFERENCIAL"]
["INSTALACAO ELETRICA/ELETRIFICACAO E ILUMINACAO EXT","INEL","POSTE DE CONCRETO",173,73783,"POSTE DE CONCRETO - ASSENTAMENTO","73783/6","POSTE CONCRETO SEÇÃO CIRCULAR COMPRIMENTO=7M CARGA NOMINAL TOPO 200KG INCLUSIVE ESCAVACAO EXCLUSIVE TRANSPORTE - FORNECIMENTO E COLOCAÇÃO","UN","COEFICIENTE DE REPRESENTATIVIDADE",662,"S","SINAPI",88316,5.5,"H","COEFICIENTE DE REPRESENTATIVIDADE",5.5,15.03,82.66,"","","","","","","","","","","CAIXA REFERENCIAL"]
["INSTALACAO ELETRICA/ELETRIFICACAO E ILUMINACAO EXT","INEL","POSTE DE CONCRETO",173,73783,"POSTE DE CONCRETO - ASSENTAMENTO","73783/14","POSTE CONCRETO SEÇÃO CIRCULAR COMPRIMENTO=9M CARGA NOMINAL NO TOPO 200KG INCLUSIVE ESCAVACAO EXCLUSIVE TRANSPORTE - FORNECIMENTO E COLOCAÇÃO","UN","COEFICIENTE DE REPRESENTATIVIDADE",864.49,"I","SINAPI",5044,1,"UN","COEFICIENTE DE REPRESENTATIVIDADE",1,563.27,563.27,"","","","","","","","","","","CAIXA REFERENCIAL"]
["INSTALACAO ELETRICA/ELETRIFICACAO E ILUMINACAO EXT","INEL","POSTE DE CONCRETO",173,73783,"POSTE DE CONCRETO - ASSENTAMENTO","73783/16","POSTE CONCRETO SEÇÃO CIRCULAR COMPRIMENTO=9M CARGA NOMINAL NO TOPO 400KG INCLUSIVE ESCAVACAO EXCLUSIVE TRANSPORTE - FORNECIMENTO E COLOCAÇÃO","UN","COEFICIENTE DE REPRESENTATIVIDADE",{"v":1102,"d":"1,102.00"},"S","SINAPI",92873,0.15,"M3","COEFICIENTE DE REPRESENTATIVIDADE",0.15,164.46,24.66,"","","","","","","","","","","CAIXA REFERENCIAL"]
["INSTALACAO ELETRICA/ELETRIFICACAO E ILUMINACAO EXT","INEL","POSTE METALICO",174,73769,"POSTES DE ACO FORNECIMENTO E ASSENTAMENTO","73769/3","POSTE DE ACO CONICO CONTINUO CURVO DUPLO, FLANGEADO, COM JANELA DE INSPECAO H=9M - FORNECIMENTO E INSTALACAO","UN","COEFICIENTE DE REPRESENTATIVIDADE",{"v":1103.49,"d":"1,103.49"},"I","SINAPI",14164,1,"UN","COEFICIENTE DE REPRESENTATIVIDADE",1,949.42,949.42,"","","","","","","","","","","CAIXA REFERENCIAL"]
["INSTALACAO ELETRICA/ELETRIFICACAO E ILUMINACAO EXT","INEL","LUMINARIA EXTERNA",175,73831,"LAMPADAS E RECEPTACULOS","73831/8","LAMPADA DE VAPOR DE SODIO DE 250WX220V - FORNECIMENTO E INSTALACAO","UN","COEFICIENTE DE REPRESENTATIVIDADE",36.41,"S","SINAPI",88264,0.2,"H","COEFICIENTE DE REPRESENTATIVIDADE",0.2,22.01,4.4,"","","","","","","","","","","CAIXA REFERENCIAL"]
["INSTALACAO ELETRICA/ELETRIFICACAO E ILUMINACAO EXT","INEL","LUMINARIA EXTERNA",175,74246,"REFLETOR PARA LAMPADAS VAPOR DE MERCURIO, VAPOR DE SODIO, VAPOR METALICO","74246/1","REFLETOR RETANGULAR FECHADO COM LAMPADA VAPOR METALICO 400 W","UN","COEFICIENTE DE REPRESENTATIVIDADE",234.91,"I","SINAPI",3752,1,"UN","COEFICIENTE DE REPRESENTATIVIDADE",1,51.28,51.28,"","","","","","","","","","","CAIXA REFERENCIAL"]
["INSTALACAO ELETRICA/ELETRIFICACAO E ILUMINACAO EXT","INEL","LUMINARIA EXTERNA",175,"","",83479,"LUMINARIA ESTANQUE - PROTECAO CONTRA AGUA, POEIRA OU IMPACTOS - TIPO AQUATIC PIAL OU EQUIVALENTE","UN","COEFICIENTE DE REPRESENTATIVIDADE",94.81,"S","SINAPI",88247,0.8,"H","COEFICIENTE DE REPRESENTATIVIDADE",0.8,17.84,14.27,"","","","","","","","","","","CAIXA REFERENCIAL"]
["INSTALACAO ELETRICA/ELETRIFICACAO E ILUMINACAO EXT","INEL","TRANSFORMADORES",176,73857,"TRANSFORMADORES DE DISTRIBUICAO","73857/9","TRANSFORMADOR DISTRIBUICAO  750KVA TRIFASICO 60HZ CLASSE 15KV IMERSO EM ÓLEO MINERAL FORNECIMENTO E INSTALACAO","UN","COEFICIENTE DE REPRESENTATIVIDADE",{"v":45846.97,"d":"45,846.97"},"I","SINAPI",7612,1,"UN","COEFICIENTE DE REPRESENTATIVIDADE",1,{"v":45661.77,"d":"45,661.77"},{"v":45661.77,"d":"45,661.77"},"","","","","","","","","","","CAIXA REFERENCIAL"]
["INSTALACAO ELETRICA/ELETRIFICACAO E ILUMINACAO EXT","INEL","PONTOS DE LUZ/TOMADAS ANTENA TV/CAMPAINHAS/INTERRU",177,"","",93139,"PONTO DE ILUMINAÇÃO RESIDENCIAL INCLUINDO INTERRUPTOR PARALELO (2 MÓDULOS), CAIXA ELÉTRICA, ELETRODUTO, CABO, RASGO, QUEBRA E CHUMBAMENTO (EXCLUINDO LUMINÁRIA E LÂMPADA). AF_01/2016","UN","COEFICIENTE DE REPRESENTATIVIDADE",155.85,"S","SINAPI",90456,1,"UN","COEFICIENTE DE REPRESENTATIVIDADE",1,3.53,3.53,"","","","","","","","","","","CAIXA REFERENCIAL"]
["INSTALACAO ELETRICA/ELETRIFICACAO E ILUMINACAO EXT","INEL","PONTOS DE LUZ/TOMADAS ANTENA TV/CAMPAINHAS/INTERRU",177,"","",93143,"PONTO DE TOMADA RESIDENCIAL INCLUINDO TOMADA 20A/250V, CAIXA ELÉTRICA, ELETRODUTO, CABO, RASGO, QUEBRA E CHUMBAMENTO. AF_01/2016","UN","COEFICIENTE DE REPRESENTATIVIDADE",134.36,"S","SINAPI",90447,2.2,"M","COEFICIENTE DE REPRESENTATIVIDADE",2.2,5.35,11.77,"","","","","","","","","","","CAIXA REFERENCIAL"]
["INSTALACAO ELETRICA/ELETRIFICACAO E ILUMINACAO EXT","INEL","PONTOS DE LUZ/TOMADAS ANTENA TV/CAMPAINHAS/INTERRU",177,"","",93144,"PONTO DE UTILIZAÇÃO DE EQUIPAMENTOS ELÉTRICOS, RESIDENCIAL, INCLUINDO SUPORTE E PLACA, CAIXA ELÉTRICA, ELETRODUTO, CABO, RASGO, QUEBRA E CHUMBAMENTO. AF_01/2016","UN","COEFICIENTE DE REPRESENTATIVIDADE",160.54,"S","SINAPI",90447,2.2,"M","COEFICIENTE DE REPRESENTATIVIDADE",2.2,5.35,11.77,"","","","","","","","","","","CAIXA REFERENCIAL"]
["INSTALACAO ELETRICA/ELETRIFICACAO E ILUMINACAO EXT","INEL","PONTOS DE LUZ/TOMADAS ANTENA TV/CAMPAINHAS/INTERRU",177,"","",93147,"PONTO DE ILUMINAÇÃO E TOMADA, RESIDENCIAL, INCLUINDO INTERRUPTOR SIMPLES, INTERRUPTOR PARALELO E TOMADA 10A/250V, CAIXA ELÉTRICA, ELETRODUTO, CABO, RASGO, QUEBRA E CHUMBAMENTO (EXCLUINDO LUMINÁRIA E LÂMPADA). AF_01/2016","UN","COEFICIENTE DE REPRESENTATIVIDADE",194.36,"S","SINAPI",91937,0.375,"UN","COEFICIENTE DE REPRESENTATIVIDADE",0.375,8.36,3.13,"","","","","","","","","","","CAIXA REFERENCIAL"]
["INSTALACAO ELETRICA/ELETRIFICACAO E ILUMINACAO EXT","INEL","SISTEMAS DE PROTECAO/ATERRAMENTO",243,"","",68070,"PARA-RAIOS TIPO FRANKLIN - CABO E SUPORTE ISOLADOR","M","COEFICIENTE DE REPRESENTATIVIDADE",55.34,"I","SINAPI",3396,0.5,"UN","COEFICIENTE DE REPRESENTATIVIDADE",0.5,4.32,2.16,"","","","","","","","","","","CAIXA REFERENCIAL"]
["INSTALACAO ELETRICA/ELETRIFICACAO E ILUMINACAO EXT","INEL","SISTEMAS DE PROTECAO/ATERRAMENTO",243,"","",83483,"HASTE DE TERRA CANTONEIRA GALVANIZADA L=2,00M COM CONEXOES","UN","COEFICIENTE DE REPRESENTATIVIDADE",54.88,"","SINAPI","","","","","","","",11.76,21.4311859,43.1,78.5322109,0.02,0.0366032,0,0,0,0,"CAIXA REFERENCIAL"]
["INSTALACAO ELETRICA/ELETRIFICACAO E ILUMINACAO EXT","INEL","SISTEMAS DE PROTECAO/ATERRAMENTO",243,"","",83484,"HASTE COPERWELD 3/4\" X 3,00M COM CONECTOR","UN","COEFICIENTE DE REPRESENTATIVIDADE",66.14,"S","SINAPI",88247,0.4,"H","COEFICIENTE DE REPRESENTATIVIDADE",0.4,17.84,7.13,"","","","","","","","","","","CAIXA REFERENCIAL"]
["INSTALACAO ELETRICA/ELETRIFICACAO E ILUMINACAO EXT","INEL","CHAVES EM GERAL/FUSIVEIS E CONECTORES",270,73780,"CHAVES","73780/1","CHAVE FUSIVEL UNIPOLAR, 15KV - 100A, EQUIPADA COM COMANDO PARA HASTE DE MANOBRA .       FORNECIMENTO E INSTALAÇÃO.","UN","COEFICIENTE DE REPRESENTATIVIDADE",201.63,"S","SINAPI",88264,1,"H","COEFICIENTE DE REPRESENTATIVIDADE",1,22.01,22.01,"","","","","","","","","","","CAIXA REFERENCIAL"]
["INSTALACAO ELETRICA/ELETRIFICACAO E ILUMINACAO EXT","INEL","CHAVES EM GERAL/FUSIVEIS E CONECTORES",270,"","",85195,"CHAVE DE BOIA AUTOMÁTICA","UN","COEFICIENTE DE REPRESENTATIVIDADE",68.63,"S","SINAPI",88247,0.8,"H","COEFICIENTE DE REPRESENTATIVIDADE",0.8,17.84,14.27,"","","","","","","","","","","CAIXA REFERENCIAL"]
["INSTALACOES ESPECIAIS","INES","INCENDIO",186,73775,"EXTINTOR DE INCENDIO","73775/2","EXTINTOR INCENDIO AGUA-PRESSURIZADA 10L INCL SUPORTE PAREDE CARGA     COMPLETA FORNECIMENTO E COLOCACAO","UN","COEFICIENTE DE REPRESENTATIVIDADE",175.91,"S","SINAPI",88309,0.5,"H","COEFICIENTE DE REPRESENTATIVIDADE",0.5,21.8,10.9,"","","","","","","","","","","CAIXA REFERENCIAL"]
["INSTALACOES ESPECIAIS","INES","INCENDIO",186,"","",83634,"EXTINTOR INCENDIO TP GAS CARBONICO 4KG COMPLETO - FORNECIMENTO E INSTALACAO","UN","COEFICIENTE DE REPRESENTATIVIDADE",516.87,"S","SINAPI",88316,0.5,"H","COEFICIENTE DE REPRESENTATIVIDADE",0.5,15.03,7.51,"","","","","","","","","","","CAIXA REFERENCIAL"]
["INSTALACOES ESPECIAIS","INES","TELEFONE",187,73749,"CAIXAS PARA INSTALACOES TELEFONICAS","73749/1","CAIXA ENTERRADA PARA INSTALACOES TELEFONICAS TIPO R1 0,60X0,35X0,50M EM BLOCOS DE CONCRETO ESTRUTURAL","UN","COEFICIENTE DE REPRESENTATIVIDADE",177.69,"S","SINAPI",88316,0.92,"H","COEFICIENTE DE REPRESENTATIVIDADE",0.92,15.03,13.82,"","","","","","","","","","","CAIXA REFERENCIAL"]
["INSTALACOES ESPECIAIS","INES","TELEFONE",187,73768,"CABOS TELEFONICOS","73768/4","CABO TELEFONICO CI-50 20PARES (USO INTERNO) - FORNECIMENTO E INSTALACAO","M","COEFICIENTE DE REPRESENTATIVIDADE",9.04,"","SINAPI","","","","","","","",1.87,20.7909604,7.17,79.2090396,0,0,0,0,0,0,"CAIXA REFERENCIAL"]
["INSTALACOES ESPECIAIS","INES","TELEFONE",187,73768,"CABOS TELEFONICOS","73768/13","CABO TELEFONICO CCI-50 5 PARES (USO INTERNO) - FORNECIMENTO E INSTALACAO","M","COEFICIENTE DE REPRESENTATIVIDADE",2.95,"S","SINAPI",88316,0.04,"H","COEFICIENTE DE REPRESENTATIVIDADE",0.04,15.03,0.6,"","","","","","","","","","","CAIXA REFERENCIAL"]
["INSTALACOES ESPECIAIS","INES","TELEFONE",187,"","",83639,"CABO TELEFONICO CT-APL-50, 100 PARES (USO EXTERNO) - FORNECIMENTO E INSTALACAO","M","COEFICIENTE DE REPRESENTATIVIDADE",36.59,"I","SINAPI",11914,1,"M","COEFICIENTE DE REPRESENTATIVIDADE",1,31.41,31.41,"","","","","","","","","","","CAIXA REFERENCIAL"]
["INSTALACOES ESPECIAIS","INES","GAS",274,74003,"INSTALACAO GAS","74003/1","INSTALACOES GAS CENTRAL P/ EDIFICIO RESIDENCIAL C/ 4 PAVTOS 16 UNID.  UMA CENTRAL POR BLOCO COM 16 PONTOS","UN","ATRIBUÍDO SÃO PAULO",{"v":5566.44,"d":"5,566.44"},"","SINAPI","","","","","","","",{"v":2021.48,"d":"2,021.48"},36.3156533,{"v":3536.56,"d":"3,536.56"},63.5334402,8.4,0.1509065,0,0,0,0,"CAIXA REFERENCIAL"]
["INSTALACOES ESPECIAIS","INES","GAS",274,"","",85120,"MANOMETRO 0 A 200 PSI (0 A 14 KGF/CM2), D = 50MM - FORNECIMENTO E COLOCACAO","UN","COEFICIENTE DE REPRESENTATIVIDADE",107.6,"S","SINAPI",88248,0.65,"H","COEFICIENTE DE REPRESENTATIVIDADE",0.65,17.65,11.47,"","","","","","","","","","","CAIXA REFERENCIAL"]
["INSTALACOES ESPECIAIS","INES","BOMBAS P/INSTALACAO PREDIAL",312,"","",83649,"BOMBA RECALQUE D'AGUA PREDIO 6 A 10 PAVTOS - 2UD","UN","COEFICIENTE DE REPRESENTATIVIDADE",{"v":3927.72,"d":"3,927.72"},"I","SINAPI",39209,2,"UN","COEFICIENTE DE REPRESENTATIVIDADE",2,0.36,0.72,"","","","","","","","","","","CAIXA REFERENCIAL"]
["INSTALACOES HIDRO SANITARIAS","INHI","FORNEC. E ASSENTAMENTO DE TUBOS P/INSTALACAO DOMIC",179,"","",89402,"TUBO, PVC, SOLDÁVEL, DN 25MM, INSTALADO EM RAMAL DE DISTRIBUIÇÃO DE ÁGUA - FORNECIMENTO E INSTALAÇÃO. AF_12/2014","M","COEFICIENTE DE REPRESENTATIVIDADE",7.37,"S","SINAPI",88267,0.113,"H","COEFICIENTE DE REPRESENTATIVIDADE",0.113,21.76,2.45,"","","","","","","","","","","CAIXA REFERENCIAL"]
["INSTALACOES HIDRO SANITARIAS","INHI","FORNEC. E ASSENTAMENTO DE TUBOS P/INSTALACAO DOMIC",179,"","",89446,"TUBO, PVC, SOLDÁVEL, DN 25MM, INSTALADO EM PRUMADA DE ÁGUA - FORNECIMENTO E INSTALAÇÃO. AF_12/2014","M","COEFICIENTE DE REPRESENTATIVIDADE",3.5,"","SINAPI","","","","","","","",0.46,13.1964809,3.04,86.8035191,0,0,0,0,0,0,"CAIXA REFERENCIAL"]
["INSTALACOES HIDRO SANITARIAS","INHI","FORNEC. E ASSENTAMENTO DE TUBOS P/INSTALACAO DOMIC",179,"","",89509,"TUBO PVC, SÉRIE R, ÁGUA PLUVIAL, DN 50 MM, FORNECIDO E INSTALADO EM RAMAL DE ENCAMINHAMENTO. AF_12/2014","M","COEFICIENTE DE REPRESENTATIVIDADE",16.85,"S","SINAPI",88248,0.21,"H","COEFICIENTE DE REPRESENTATIVIDADE",0.21,17.65,3.7,"","","","","","","","","","","CAIXA REFERENCIAL"]
["INSTALACOES HIDRO SANITARIAS","INHI","FORNEC. E ASSENTAMENTO DE TUBOS P/INSTALACAO DOMIC",179,"","",89633,"TUBO, CPVC, SOLDÁVEL, DN 15MM, INSTALADO EM RAMAL OU SUB-RAMAL DE ÁGUA - FORNECIMENTO E INSTALAÇÃO. AF_12/2014","M","ATRIBUÍDO SÃO PAULO",19.03,"S","SINAPI",88248,0.268,"H","COEFICIENTE DE REPRESENTATIVIDADE",0.268,17.65,4.73,"","","","","","","","","","","CAIXA REFERENCIAL"]
["INSTALACOES HIDRO SANITARIAS","INHI","FORNEC. E ASSENTAMENTO DE TUBOS P/INSTALACAO DOMIC",179,"","",89714,"TUBO PVC, SERIE NORMAL, ESGOTO PREDIAL, DN 100 MM, FORNECIDO E INSTALADO EM RAMAL DE DESCARGA OU RAMAL DE ESGOTO SANITÁRIO. AF_12/2014","M","COEFICIENTE DE REPRESENTATIVIDADE",41.57,"S","SINAPI",88267,0.74,"H","COEFICIENTE DE REPRESENTATIVIDADE",0.74,21.76,16.1,"","","","","","","","","","","CAIXA REFERENCIAL"]
["INSTALACOES HIDRO SANITARIAS","INHI","FORNEC. E ASSENTAMENTO DE TUBOS P/INSTALACAO DOMIC",179,"","",89770,"TUBO, CPVC, SOLDÁVEL, DN 35MM, INSTALADO EM PRUMADA DE ÁGUA – FORNECIMENTO E INSTALAÇÃO. AF_12/2014","M","ATRIBUÍDO SÃO PAULO",30.68,"I","SINAPI",38130,1.061,"M","ATRIBUÍDO SÃO PAULO",1.061,28.15,29.86,"","","","","","","","","","","CAIXA REFERENCIAL"]
["INSTALACOES HIDRO SANITARIAS","INHI","FORNEC. E ASSENTAMENTO DE TUBOS P/INSTALACAO DOMIC",179,"","",89848,"TUBO PVC, SERIE NORMAL, ESGOTO PREDIAL, DN 100 MM, FORNECIDO E INSTALADO EM SUBCOLETOR AÉREO DE ESGOTO SANITÁRIO. AF_12/2014","M","COEFICIENTE DE REPRESENTATIVIDADE",20.21,"I","SINAPI",20083,0.0225,"UN","COEFICIENTE DE REPRESENTATIVIDADE",0.0225,41.81,0.94,"","","","","","","","","","","CAIXA REFERENCIAL"]
["INSTALACOES HIDRO SANITARIAS","INHI","FORNEC. E ASSENTAMENTO DE TUBOS P/INSTALACAO DOMIC",179,"","",91785,"(COMPOSIÇÃO REPRESENTATIVA) DO SERVIÇO DE INSTALAÇÃO DE TUBOS DE PVC, SOLDÁVEL, ÁGUA FRIA, DN 25 MM (INSTALADO EM RAMAL, SUB-RAMAL, RAMAL DE DISTRIBUIÇÃO OU PRUMADA), INCLUSIVE CONEXÕES, CORTES E FIXAÇÕES, PARA PRÉDIOS. AF_10/2015","M","COEFICIENTE DE REPRESENTATIVIDADE",34.74,"S","SINAPI",89366,0.1694,"UN","COEFICIENTE DE REPRESENTATIVIDADE",0.1694,12.27,2.07,"","","","","","","","","","","CAIXA REFERENCIAL"]
["INSTALACOES HIDRO SANITARIAS","INHI","FORNEC. E ASSENTAMENTO DE TUBOS P/INSTALACAO DOMIC",179,"","",91786,"(COMPOSIÇÃO REPRESENTATIVA) DO SERVIÇO DE INSTALAÇÃO TUBOS DE PVC, SOLDÁVEL, ÁGUA FRIA, DN 32 MM (INSTALADO EM RAMAL, SUB-RAMAL, RAMAL DE DISTRIBUIÇÃO OU PRUMADA), INCLUSIVE CONEXÕES, CORTES E FIXAÇÕES, PARA PRÉDIOS. AF_10/2015","M","COEFICIENTE DE REPRESENTATIVIDADE",20.98,"S","SINAPI",90436,0.0106,"UN","COEFICIENTE DE REPRESENTATIVIDADE",0.0106,12.09,0.12,"","","","","","","","","","","CAIXA REFERENCIAL"]
["INSTALACOES HIDRO SANITARIAS","INHI","FORNEC. E ASSENTAMENTO DE TUBOS P/INSTALACAO DOMIC",179,"","",91789,"(COMPOSIÇÃO REPRESENTATIVA) DO SERVIÇO DE INSTALAÇÃO DE TUBOS DE PVC, SÉRIE R, ÁGUA PLUVIAL, DN 75 MM (INSTALADO EM RAMAL DE ENCAMINHAMENTO, OU CONDUTORES VERTICAIS), INCLUSIVE CONEXÕES, CORTE E FIXAÇÕES, PARA PRÉDIOS. AF_10/2015","M","ATRIBUÍDO SÃO PAULO",24.86,"S","SINAPI",89581,0.0961,"UN","ATRIBUÍDO SÃO PAULO",0.0961,15.39,1.47,"","","","","","","","","","","CAIXA REFERENCIAL"]
["INSTALACOES HIDRO SANITARIAS","INHI","FORNEC. E ASSENTAMENTO DE TUBOS P/INSTALACAO DOMIC",179,"","",91790,"(COMPOSIÇÃO REPRESENTATIVA) DO SERVIÇO DE INSTALAÇÃO DE TUBOS DE PVC, SÉRIE R, ÁGUA PLUVIAL, DN 100 MM (INSTALADO EM RAMAL DE ENCAMINHAMENTO, OU CONDUTORES VERTICAIS), INCLUSIVE CONEXÕES, CORTES E FIXAÇÕES, PARA PRÉDIOS. AF_10/2015","M","ATRIBUÍDO SÃO PAULO",37.94,"S","SINAPI",89512,0.3684,"M","COEFICIENTE DE REPRESENTATIVIDADE",0.3684,38.29,14.1,"","","","","","","","","","","CAIXA REFERENCIAL"]
["INSTALACOES HIDRO SANITARIAS","INHI","FORNEC. E ASSENTAMENTO DE TUBOS P/INSTALACAO DOMIC",179,"","",91793,"(COMPOSIÇÃO REPRESENTATIVA) DO SERVIÇO DE INSTALAÇÃO DE TUBO DE PVC, SÉRIE NORMAL, ESGOTO PREDIAL, DN 50 MM (INSTALADO EM RAMAL DE DESCARGA OU RAMAL DE ESGOTO SANITÁRIO), INCLUSIVE CONEXÕES, CORTES E FIXAÇÕES PARA, PRÉDIOS. AF_10/2015","M","COEFICIENTE DE REPRESENTATIVIDADE",65.03,"S","SINAPI",89732,1.4991,"UN","COEFICIENTE DE REPRESENTATIVIDADE",1.4991,8.87,13.29,"","","","","","","","","","","CAIXA REFERENCIAL"]
["INSTALACOES HIDRO SANITARIAS","INHI","FORNEC. E ASSENTAMENTO DE TUBOS P/INSTALACAO DOMIC",179,"","",91795,"(COMPOSIÇÃO REPRESENTATIVA) DO SERVIÇO DE INST. TUBO PVC, SÉRIE N, ESGOTO PREDIAL, 100 MM (INST. RAMAL DESCARGA, RAMAL DE ESG. SANIT., PRUMADA ESG. SANIT., VENTILAÇÃO OU SUB-COLETOR AÉREO), INCL. CONEXÕES E CORTES, FIXAÇÕES, P/ PRÉDIOS. AF_10/2015","M","COEFICIENTE DE REPRESENTATIVIDADE",48.75,"S","SINAPI",89848,0.2544,"M","COEFICIENTE DE REPRESENTATIVIDADE",0.2544,20.21,5.14,"","","","","","","","","","","CAIXA REFERENCIAL"]
["INSTALACOES HIDRO SANITARIAS","INHI","FORNEC. E ASSENTAMENTO DE TUBOS P/INSTALACAO DOMIC",179,"","",92306,"TUBO EM COBRE RÍGIDO, DN 22 CLASSE E, SEM ISOLAMENTO, INSTALADO EM RAMAL DE DISTRIBUIÇÃO - FORNECIMENTO E INSTALAÇÃO. AF_12/2015","M","ATRIBUÍDO SÃO PAULO",26.65,"I","SINAPI",12743,1.0211,"M","ATRIBUÍDO SÃO PAULO",1.0211,20.55,20.98,"","","","","","","","","","","CAIXA REFERENCIAL"]
["INSTALACOES HIDRO SANITARIAS","INHI","FORNEC. E ASSENTAMENTO DE TUBOS P/INSTALACAO DOMIC",179,"","",92307,"TUBO EM COBRE RÍGIDO, DN 28 CLASSE E, SEM ISOLAMENTO, INSTALADO EM RAMAL DE DISTRIBUIÇÃO - FORNECIMENTO E INSTALAÇÃO. AF_12/2015","M","ATRIBUÍDO SÃO PAULO",32.94,"S","SINAPI",88267,0.16,"H","COEFICIENTE DE REPRESENTATIVIDADE",0.16,21.76,3.48,"","","","","","","","","","","CAIXA REFERENCIAL"]
["INSTALACOES HIDRO SANITARIAS","INHI","FORNEC. E ASSENTAMENTO DE TUBOS P/INSTALACAO DOMIC",179,"","",92343,"TUBO DE AÇO GALVANIZADO COM COSTURA, CLASSE MÉDIA, DN 80 (3\"), CONEXÃO ROSQUEADA, INSTALADO EM PRUMADAS - FORNECIMENTO E INSTALAÇÃO. AF_12/2015","M","COEFICIENTE DE REPRESENTATIVIDADE",99.37,"","SINAPI","","","","","","","",16.24,16.3504238,83.07,83.5890191,0.06,0.0605571,0,0,0,0,"CAIXA REFERENCIAL"]
["INSTALACOES HIDRO SANITARIAS","INHI","FORNEC. E ASSENTAMENTO DE TUBOS P/INSTALACAO DOMIC",179,"","",92649,"TUBO DE AÇO PRETO SEM COSTURA, CONEXÃO SOLDADA, DN 50 (2\"), INSTALADO EM REDE DE ALIMENTAÇÃO PARA SPRINKLER - FORNECIMENTO E INSTALAÇÃO. AF_12/2015","M","COEFICIENTE DE REPRESENTATIVIDADE",61.55,"","SINAPI","","","","","","","",8.42,13.6957231,53.13,86.3042769,0,0,0,0,0,0,"CAIXA REFERENCIAL"]
["INSTALACOES HIDRO SANITARIAS","INHI","FORNEC. E ASSENTAMENTO DE TUBOS P/INSTALACAO DOMIC",179,"","",92689,"TUBO DE AÇO PRETO SEM COSTURA, CLASSE MÉDIA, CONEXÃO SOLDADA, DN 15 (1/2\"), INSTALADO EM RAMAIS E SUB-RAMAIS DE GÁS - FORNECIMENTO E INSTALAÇÃO. AF_12/2015","M","COEFICIENTE DE REPRESENTATIVIDADE",26.65,"I","SINAPI",13127,1.039,"M","COEFICIENTE DE REPRESENTATIVIDADE",1.039,17.76,18.45,"","","","","","","","","","","CAIXA REFERENCIAL"]
["INSTALACOES HIDRO SANITARIAS","INHI","FORNEC. E ASSENTAMENTO DE TUBOS P/INSTALACAO DOMIC",179,"","",94462,"TUBO DE AÇO GALVANIZADO COM COSTURA, CLASSE MÉDIA, DN 50 (2”), CONEXÃO ROSQUEADA, INSTALADO EM RESERVAÇÃO DE ÁGUA DE EDIFICAÇÃO QUE POSSUA RESERVATÓRIO DE FIBRA/FIBROCIMENTO – FORNECIMENTO E INSTALAÇÃO. AF_06/2016","M","COEFICIENTE DE REPRESENTATIVIDADE",65.5,"I","SINAPI",7696,0.958,"M","COEFICIENTE DE REPRESENTATIVIDADE",0.958,44.52,42.65,"","","","","","","","","","","CAIXA REFERENCIAL"]
["INSTALACOES HIDRO SANITARIAS","INHI","FORNEC. E ASSENTAMENTO DE TUBOS P/INSTALACAO DOMIC",179,"","",94716,"TUBO, CPVC, SOLDÁVEL, DN 22 MM, INSTALADO EM RESERVAÇÃO DE ÁGUA DE EDIFICAÇÃO QUE POSSUA RESERVATÓRIO DE FIBRA/FIBROCIMENTO – FORNECIMENTO E INSTALAÇÃO. AF_06/2016","M","ATRIBUÍDO SÃO PAULO",19.42,"I","SINAPI",21124,1.027,"M","ATRIBUÍDO SÃO PAULO",1.027,14.17,14.55,"","","","","","","","","","","CAIXA REFERENCIAL"]
["INSTALACOES HIDRO SANITARIAS","INHI","FORNEC. E ASSENTAMENTO DE TUBOS P/INSTALACAO DOMIC",179,"","",94719,"TUBO, CPVC, SOLDÁVEL, DN 42 MM, INSTALADO EM RESERVAÇÃO DE ÁGUA DE EDIFICAÇÃO QUE POSSUA RESERVATÓRIO DE FIBRA/FIBROCIMENTO – FORNECIMENTO E INSTALAÇÃO. AF_06/2016","M","ATRIBUÍDO SÃO PAULO",45.53,"S","SINAPI",88248,0.164,"H","COEFICIENTE DE REPRESENTATIVIDADE",0.164,17.65,2.89,"","","","","","","","","","","CAIXA REFERENCIAL"]
["INSTALACOES HIDRO SANITARIAS","INHI","FORNEC. E ASSENTAMENTO DE TUBOS P/INSTALACAO DOMIC",179,"","",96648,"TUBO, PPR, DN 32, CLASSE PN 25,  INSTALADO EM RAMAL DE DISTRIBUIÇÃO DE ÁGUA – FORNECIMENTO E INSTALAÇÃO. AF_06/2015","M","ATRIBUÍDO SÃO PAULO",22.47,"","SINAPI","","","","","","","",8.66,38.5791366,13.79,61.3309354,0.02,0.089928,0,0,0,0,"CAIXA REFERENCIAL"]
["INSTALACOES HIDRO SANITARIAS","INHI","FORNEC. E ASSENTAMENTO DE TUBOS P/INSTALACAO DOMIC",179,"","",96675,"TUBO, PPR, DN 110, CLASSE PN 12,  INSTALADO EM PRUMADA DE ÁGUA – FORNECIMENTO E INSTALAÇÃO. AF_06/2015","M","ATRIBUÍDO SÃO PAULO",111.69,"S","SINAPI",88267,0.352,"H","COEFICIENTE DE REPRESENTATIVIDADE",0.352,21.76,7.65,"","","","","","","","","","","CAIXA REFERENCIAL"]
["INSTALACOES HIDRO SANITARIAS","INHI","FORNEC. E ASSENTAMENTO DE TUBOS P/INSTALACAO DOMIC",179,"","",96678,"TUBO, PPR, DN 40, CLASSE PN 25,  INSTALADO EM PRUMADA DE ÁGUA – FORNECIMENTO E INSTALAÇÃO. AF_06/2015","M","ATRIBUÍDO SÃO PAULO",17.35,"I","SINAPI",38981,1.065,"M","ATRIBUÍDO SÃO PAULO",1.065,13.97,14.87,"","","","","","","","","","","CAIXA REFERENCIAL"]
["INSTALACOES HIDRO SANITARIAS","INHI","FORNEC. E ASSENTAMENTO DE TUBOS P/INSTALACAO DOMIC",179,"","",96722,"TUBO, PPR, DN 50, CLASSE PN 12,  INSTALADO EM RESERVAÇÃO DE ÁGUA DE EDIFICAÇÃO QUE POSSUA RESERVATÓRIO DE FIBRA/FIBROCIMENTO – FORNECIMENTO E INSTALAÇÃO. AF_06/2016","M","ATRIBUÍDO SÃO PAULO",24.55,"","SINAPI","","","","","","","",6.78,27.6288659,17.77,72.3711341,0,0,0,0,0,0,"CAIXA REFERENCIAL"]
["INSTALACOES HIDRO SANITARIAS","INHI","FORNEC. E ASSENTAMENTO DE TUBOS P/INSTALACAO DOMIC",179,"","",96731,"TUBO, PPR, DN 50, CLASSE PN 25,  INSTALADO EM RESERVAÇÃO DE ÁGUA DE EDIFICAÇÃO QUE POSSUA RESERVATÓRIO DE FIBRA/FIBROCIMENTO – FORNECIMENTO E INSTALAÇÃO. AF_06/2016","M","ATRIBUÍDO SÃO PAULO",31.5,"S","SINAPI",88267,0.279,"H","COEFICIENTE DE REPRESENTATIVIDADE",0.279,21.76,6.07,"","","","","","","","","","","CAIXA REFERENCIAL"]
["INSTALACOES HIDRO SANITARIAS","INHI","FORNEC. E ASSENTAMENTO DE TUBOS P/INSTALACAO DOMIC",179,"","",96800,"TUBO, PEX, MONOCAMADA, DN 25, INSTALADO EM RAMAL DE DISTRIBUIÇÃO DE ÁGUA – FORNECIMENTO E INSTALAÇÃO. AF_06/2015","M","ATRIBUÍDO SÃO PAULO",12.07,"S","SINAPI",88248,0.059,"H","COEFICIENTE DE REPRESENTATIVIDADE",0.059,17.65,1.04,"","","","","","","","","","","CAIXA REFERENCIAL"]
["INSTALACOES HIDRO SANITARIAS","INHI","CONEXOES",180,"","",72293,"CAP PVC ESGOTO 50MM (TAMPÃO) - FORNECIMENTO E INSTALAÇÃO","UN","COEFICIENTE DE REPRESENTATIVIDADE",5.69,"","SINAPI","","","","","","","",1.74,30.615942,3.95,69.384058,0,0,0,0,0,0,"CAIXA REFERENCIAL"]
["INSTALACOES HIDRO SANITARIAS","INHI","CONEXOES",180,"","",72621,"LUVA DE ACO GALVANIZADO 6\" - FORNECIMENTO E INSTALACAO","UN","COEFICIENTE DE REPRESENTATIVIDADE",248.66,"","SINAPI","","","","","","","",15.74,6.3307441,232.86,93.6451082,0.06,0.0241477,0,0,0,0,"CAIXA REFERENCIAL"]
["INSTALACOES HIDRO SANITARIAS","INHI","CONEXOES",180,"","",72721,"TE DE ACO GALVANIZADO 6\" - FORNECIMENTO E INSTALACAO","UN","COEFICIENTE DE REPRESENTATIVIDADE",566.68,"","SINAPI","","","","","","","",36.75,6.4861238,529.79,93.4891605,0.14,0.0247157,0,0,0,0,"CAIXA REFERENCIAL"]
["INSTALACOES HIDRO SANITARIAS","INHI","CONEXOES",180,"","",89363,"JOELHO 45 GRAUS, PVC, SOLDÁVEL, DN 25MM, INSTALADO EM RAMAL OU SUB-RAMAL DE ÁGUA - FORNECIMENTO E INSTALAÇÃO. AF_12/2014","UN","COEFICIENTE DE REPRESENTATIVIDADE",7.73,"","SINAPI","","","","","","","",4.42,57.1618038,3.31,42.8381962,0,0,0,0,0,0,"CAIXA REFERENCIAL"]
["INSTALACOES HIDRO SANITARIAS","INHI","CONEXOES",180,"","",89369,"CURVA 90 GRAUS, PVC, SOLDÁVEL, DN 32MM, INSTALADO EM RAMAL OU SUB-RAMAL DE ÁGUA - FORNECIMENTO E INSTALAÇÃO. AF_12/2014","UN","COEFICIENTE DE REPRESENTATIVIDADE",13.25,"I","SINAPI",122,0.009,"UN","COEFICIENTE DE REPRESENTATIVIDADE",0.009,48.14,0.43,"","","","","","","","","","","CAIXA REFERENCIAL"]
["INSTALACOES HIDRO SANITARIAS","INHI","CONEXOES",180,"","",89370,"CURVA 45 GRAUS, PVC, SOLDÁVEL, DN 32MM, INSTALADO EM RAMAL OU SUB-RAMAL DE ÁGUA - FORNECIMENTO E INSTALAÇÃO. AF_12/2014","UN","COEFICIENTE DE REPRESENTATIVIDADE",11.37,"","SINAPI","","","","","","","",5.25,46.1951656,6.12,53.8048344,0,0,0,0,0,0,"CAIXA REFERENCIAL"]
["INSTALACOES HIDRO SANITARIAS","INHI","CONEXOES",180,"","",89375,"UNIÃO, PVC, SOLDÁVEL, DN 20MM, INSTALADO EM RAMAL OU SUB-RAMAL DE ÁGUA - FORNECIMENTO E INSTALAÇÃO. AF_12/2014","UN","COEFICIENTE DE REPRESENTATIVIDADE",8.24,"I","SINAPI",38383,0.043,"UN","COEFICIENTE DE REPRESENTATIVIDADE",0.043,1.41,0.06,"","","","","","","","","","","CAIXA REFERENCIAL"]
["INSTALACOES HIDRO SANITARIAS","INHI","CONEXOES",180,"","",89381,"LUVA COM BUCHA DE LATÃO, PVC, SOLDÁVEL, DN 25MM X 3/4”, INSTALADO EM RAMAL OU SUB-RAMAL DE ÁGUA - FORNECIMENTO E INSTALAÇÃO. AF_12/2014","UN","COEFICIENTE DE REPRESENTATIVIDADE",9.11,"S","SINAPI",88248,0.1,"H","COEFICIENTE DE REPRESENTATIVIDADE",0.1,17.65,1.76,"","","","","","","","","","","CAIXA REFERENCIAL"]
["INSTALACOES HIDRO SANITARIAS","INHI","CONEXOES",180,"","",89387,"LUVA DE CORRER, PVC, SOLDÁVEL, DN 32MM, INSTALADO EM RAMAL OU SUB-RAMAL DE ÁGUA   FORNECIMENTO E INSTALAÇÃO. AF_12/2014","UN","COEFICIENTE DE REPRESENTATIVIDADE",18.71,"I","SINAPI",20083,0.011,"UN","COEFICIENTE DE REPRESENTATIVIDADE",0.011,41.81,0.45,"","","","","","","","","","","CAIXA REFERENCIAL"]
["INSTALACOES HIDRO SANITARIAS","INHI","CONEXOES",180,"","",89388,"LUVA DE REDUÇÃO, PVC, SOLDÁVEL, DN 40MM X 32MM, INSTALADO EM RAMAL OU SUB-RAMAL DE ÁGUA - FORNECIMENTO E INSTALAÇÃO. AF_12/2014","UN","COEFICIENTE DE REPRESENTATIVIDADE",8.04,"S","SINAPI",88248,0.119,"H","COEFICIENTE DE REPRESENTATIVIDADE",0.119,17.65,2.1,"","","","","","","","","","","CAIXA REFERENCIAL"]
["INSTALACOES HIDRO SANITARIAS","INHI","CONEXOES",180,"","",89394,"TÊ COM BUCHA DE LATÃO NA BOLSA CENTRAL, PVC, SOLDÁVEL, DN 20MM X 1/2”, INSTALADO EM RAMAL OU SUB-RAMAL DE ÁGUA - FORNECIMENTO E INSTALAÇÃO. AF_12/2014","UN","COEFICIENTE DE REPRESENTATIVIDADE",14.79,"I","SINAPI",7121,1,"UN","COEFICIENTE DE REPRESENTATIVIDADE",1,7.13,7.13,"","","","","","","","","","","CAIXA REFERENCIAL"]
["INSTALACOES HIDRO SANITARIAS","INHI","CONEXOES",180,"","",89399,"TÊ COM BUCHA DE LATÃO NA BOLSA CENTRAL, PVC, SOLDÁVEL, DN 32MM X 3/4”, INSTALADO EM RAMAL OU SUB-RAMAL DE ÁGUA - FORNECIMENTO E INSTALAÇÃO. AF_12/2014","UN","COEFICIENTE DE REPRESENTATIVIDADE",24.29,"S","SINAPI",88267,0.238,"H","COEFICIENTE DE REPRESENTATIVIDADE",0.238,21.76,5.17,"","","","","","","","","","","CAIXA REFERENCIAL"]
["INSTALACOES HIDRO SANITARIAS","INHI","CONEXOES",180,"","",89409,"JOELHO 45 GRAUS, PVC, SOLDÁVEL, DN 25MM, INSTALADO EM RAMAL DE DISTRIBUIÇÃO DE ÁGUA - FORNECIMENTO E INSTALAÇÃO. AF_12/2014","UN","COEFICIENTE DE REPRESENTATIVIDADE",5.33,"","SINAPI","","","","","","","",2.66,50,2.67,50,0,0,0,0,0,0,"CAIXA REFERENCIAL"]
["INSTALACOES HIDRO SANITARIAS","INHI","CONEXOES",180,"","",89413,"JOELHO 90 GRAUS, PVC, SOLDÁVEL, DN 32MM, INSTALADO EM RAMAL DE DISTRIBUIÇÃO DE ÁGUA - FORNECIMENTO E INSTALAÇÃO. AF_12/2014","UN","COEFICIENTE DE REPRESENTATIVIDADE",6.73,"I","SINAPI",20083,0.011,"UN","COEFICIENTE DE REPRESENTATIVIDADE",0.011,41.81,0.45,"","","","","","","","","","","CAIXA REFERENCIAL"]
["INSTALACOES HIDRO SANITARIAS","INHI","CONEXOES",180,"","",89415,"CURVA 90 GRAUS, PVC, SOLDÁVEL, DN 32MM, INSTALADO EM RAMAL DE DISTRIBUIÇÃO DE ÁGUA - FORNECIMENTO E INSTALAÇÃO. AF_12/2014","UN","COEFICIENTE DE REPRESENTATIVIDADE",10.38,"I","SINAPI",38383,0.036,"UN","COEFICIENTE DE REPRESENTATIVIDADE",0.036,1.41,0.05,"","","","","","","","","","","CAIXA REFERENCIAL"]
["INSTALACOES HIDRO SANITARIAS","INHI","CONEXOES",180,"","",89421,"UNIÃO, PVC, SOLDÁVEL, DN 20MM, INSTALADO EM RAMAL DE DISTRIBUIÇÃO DE ÁGUA - FORNECIMENTO E INSTALAÇÃO. AF_12/2014","UN","COEFICIENTE DE REPRESENTATIVIDADE",6.87,"S","SINAPI",88248,0.052,"H","COEFICIENTE DE REPRESENTATIVIDADE",0.052,17.65,0.91,"","","","","","","","","","","CAIXA REFERENCIAL"]
["INSTALACOES HIDRO SANITARIAS","INHI","CONEXOES",180,"","",89427,"LUVA COM BUCHA DE LATÃO, PVC, SOLDÁVEL, DN 25MM X 3/4”, INSTALADO EM RAMAL DE DISTRIBUIÇÃO DE ÁGUA - FORNECIMENTO E INSTALAÇÃO. AF_12/2014","UN","COEFICIENTE DE REPRESENTATIVIDADE",7.5,"I","SINAPI",3870,1,"UN","COEFICIENTE DE REPRESENTATIVIDADE",1,4.45,4.45,"","","","","","","","","","","CAIXA REFERENCIAL"]
["INSTALACOES HIDRO SANITARIAS","INHI","CONEXOES",180,"","",89433,"LUVA DE REDUÇÃO, PVC, SOLDÁVEL, DN 40MM X 32MM, INSTALADO EM RAMAL DE DISTRIBUIÇÃO DE ÁGUA - FORNECIMENTO E INSTALAÇÃO. AF_12/2014","UN","COEFICIENTE DE REPRESENTATIVIDADE",6.12,"I","SINAPI",20083,0.011,"UN","COEFICIENTE DE REPRESENTATIVIDADE",0.011,41.81,0.45,"","","","","","","","","","","CAIXA REFERENCIAL"]
["INSTALACOES HIDRO SANITARIAS","INHI","CONEXOES",180,"","",89434,"LUVA SOLDÁVEL E COM ROSCA, PVC, SOLDÁVEL, DN 32MM X 1”, INSTALADO EM RAMAL DE DISTRIBUIÇÃO DE ÁGUA - FORNECIMENTO E INSTALAÇÃO. AF_12/2014","UN","COEFICIENTE DE REPRESENTATIVIDADE",6.7,"I","SINAPI",3860,1,"UN","COEFICIENTE DE REPRESENTATIVIDADE",1,2.98,2.98,"","","","","","","","","","","CAIXA REFERENCIAL"]
["INSTALACOES HIDRO SANITARIAS","INHI","CONEXOES",180,"","",89439,"TÊ SOLDÁVEL E COM ROSCA NA BOLSA CENTRAL, PVC, SOLDÁVEL, DN 20MM X 1/2”, INSTALADO EM RAMAL DE DISTRIBUIÇÃO DE ÁGUA - FORNECIMENTO E INSTALAÇÃO. AF_12/2014","UN","COEFICIENTE DE REPRESENTATIVIDADE",6.81,"S","SINAPI",88267,0.103,"H","COEFICIENTE DE REPRESENTATIVIDADE",0.103,21.76,2.24,"","","","","","","","","","","CAIXA REFERENCIAL"]
["INSTALACOES HIDRO SANITARIAS","INHI","CONEXOES",180,"","",89481,"JOELHO 90 GRAUS, PVC, SOLDÁVEL, DN 25MM, INSTALADO EM PRUMADA DE ÁGUA - FORNECIMENTO E INSTALAÇÃO. AF_12/2014","UN","COEFICIENTE DE REPRESENTATIVIDADE",3.64,"","SINAPI","","","","","","","",1.79,49.2836676,1.85,50.7163324,0,0,0,0,0,0,"CAIXA REFERENCIAL"]
["INSTALACOES HIDRO SANITARIAS","INHI","CONEXOES",180,"","",89493,"JOELHO 45 GRAUS, PVC, SOLDÁVEL, DN 32MM, INSTALADO EM PRUMADA DE ÁGUA - FORNECIMENTO E INSTALAÇÃO. AF_12/2014","UN","COEFICIENTE DE REPRESENTATIVIDADE",6.7,"I","SINAPI",38383,0.017,"UN","COEFICIENTE DE REPRESENTATIVIDADE",0.017,1.41,0.02,"","","","","","","","","","","CAIXA REFERENCIAL"]
["INSTALACOES HIDRO SANITARIAS","INHI","CONEXOES",180,"","",89496,"CURVA 45 GRAUS, PVC, SOLDÁVEL, DN 32MM, INSTALADO EM PRUMADA DE ÁGUA - FORNECIMENTO E INSTALAÇÃO. AF_12/2014","UN","COEFICIENTE DE REPRESENTATIVIDADE",7.13,"","SINAPI","","","","","","","",2.14,30.0287356,4.99,69.9712644,0,0,0,0,0,0,"CAIXA REFERENCIAL"]
["INSTALACOES HIDRO SANITARIAS","INHI","CONEXOES",180,"","",89501,"JOELHO 90 GRAUS, PVC, SOLDÁVEL, DN 50MM, INSTALADO EM PRUMADA DE ÁGUA - FORNECIMENTO E INSTALAÇÃO. AF_12/2014","UN","COEFICIENTE DE REPRESENTATIVIDADE",10.4,"I","SINAPI",38383,0.024,"UN","COEFICIENTE DE REPRESENTATIVIDADE",0.024,1.41,0.03,"","","","","","","","","","","CAIXA REFERENCIAL"]
["INSTALACOES HIDRO SANITARIAS","INHI","CONEXOES",180,"","",89507,"CURVA 90 GRAUS, PVC, SOLDÁVEL, DN 60MM, INSTALADO EM PRUMADA DE ÁGUA - FORNECIMENTO E INSTALAÇÃO. AF_12/2014","UN","COEFICIENTE DE REPRESENTATIVIDADE",31.71,"I","SINAPI",122,0.024,"UN","COEFICIENTE DE REPRESENTATIVIDADE",0.024,48.14,1.15,"","","","","","","","","","","CAIXA REFERENCIAL"]
["INSTALACOES HIDRO SANITARIAS","INHI","CONEXOES",180,"","",89517,"CURVA 90 GRAUS, PVC, SOLDÁVEL, DN 75MM, INSTALADO EM PRUMADA DE ÁGUA - FORNECIMENTO E INSTALAÇÃO. AF_12/2014","UN","COEFICIENTE DE REPRESENTATIVIDADE",52.18,"I","SINAPI",1960,1,"UN","COEFICIENTE DE REPRESENTATIVIDADE",1,41.87,41.87,"","","","","","","","","","","CAIXA REFERENCIAL"]
["INSTALACOES HIDRO SANITARIAS","INHI","CONEXOES",180,"","",89523,"JOELHO 45 GRAUS, PVC, SOLDÁVEL, DN 85MM, INSTALADO EM PRUMADA DE ÁGUA - FORNECIMENTO E INSTALAÇÃO. AF_12/2014","UN","COEFICIENTE DE REPRESENTATIVIDADE",64.43,"I","SINAPI",3525,1,"UN","COEFICIENTE DE REPRESENTATIVIDADE",1,52.7,52.7,"","","","","","","","","","","CAIXA REFERENCIAL"]
["INSTALACOES HIDRO SANITARIAS","INHI","CONEXOES",180,"","",89524,"JOELHO 45 GRAUS, PVC, SERIE R, ÁGUA PLUVIAL, DN 75 MM, JUNTA ELÁSTICA, FORNECIDO E INSTALADO EM RAMAL DE ENCAMINHAMENTO. AF_12/2014","UN","ATRIBUÍDO SÃO PAULO",16.59,"I","SINAPI",298,1,"UN","COEFICIENTE DE REPRESENTATIVIDADE",1,1.5,1.5,"","","","","","","","","","","CAIXA REFERENCIAL"]
["INSTALACOES HIDRO SANITARIAS","INHI","CONEXOES",180,"","",89530,"LUVA DE CORRER, PVC, SOLDÁVEL, DN 25MM, INSTALADO EM PRUMADA DE ÁGUA - FORNECIMENTO E INSTALAÇÃO. AF_12/2014","UN","COEFICIENTE DE REPRESENTATIVIDADE",9.94,"S","SINAPI",88248,0.04,"H","COEFICIENTE DE REPRESENTATIVIDADE",0.04,17.65,0.7,"","","","","","","","","","","CAIXA REFERENCIAL"]
["INSTALACOES HIDRO SANITARIAS","INHI","CONEXOES",180,"","",89536,"UNIÃO, PVC, SOLDÁVEL, DN 25MM, INSTALADO EM PRUMADA DE ÁGUA - FORNECIMENTO E INSTALAÇÃO. AF_12/2014","UN","COEFICIENTE DE REPRESENTATIVIDADE",7.29,"S","SINAPI",88248,0.04,"H","COEFICIENTE DE REPRESENTATIVIDADE",0.04,17.65,0.7,"","","","","","","","","","","CAIXA REFERENCIAL"]
["INSTALACOES HIDRO SANITARIAS","INHI","CONEXOES",180,"","",89546,"BUCHA DE REDUÇÃO LONGA, PVC, SERIE R, ÁGUA PLUVIAL, DN 50 X 40 MM, JUNTA ELÁSTICA, FORNECIDO E INSTALADO EM RAMAL DE ENCAMINHAMENTO. AF_12/2014","UN","ATRIBUÍDO SÃO PAULO",5.96,"","SINAPI","","","","","","","",1.31,22.0689655,4.65,77.9310345,0,0,0,0,0,0,"CAIXA REFERENCIAL"]
["INSTALACOES HIDRO SANITARIAS","INHI","CONEXOES",180,"","",89547,"LUVA SIMPLES, PVC, SERIE R, ÁGUA PLUVIAL, DN 75 MM, JUNTA ELÁSTICA, FORNECIDO E INSTALADO EM RAMAL DE ENCAMINHAMENTO. AF_12/2014","UN","ATRIBUÍDO SÃO PAULO",11.31,"","SINAPI","","","","","","","",2.03,17.9856115,9.28,82.0143885,0,0,0,0,0,0,"CAIXA REFERENCIAL"]
["INSTALACOES HIDRO SANITARIAS","INHI","CONEXOES",180,"","",89553,"ADAPTADOR CURTO COM BOLSA E ROSCA PARA REGISTRO, PVC, SOLDÁVEL, DN 32MM X 1”, INSTALADO EM PRUMADA DE ÁGUA - FORNECIMENTO E INSTALAÇÃO. AF_12/2014","UN","COEFICIENTE DE REPRESENTATIVIDADE",4.34,"I","SINAPI",108,1,"UN","COEFICIENTE DE REPRESENTATIVIDADE",1,1.52,1.52,"","","","","","","","","","","CAIXA REFERENCIAL"]
["INSTALACOES HIDRO SANITARIAS","INHI","CONEXOES",180,"","",89559,"TÊ DE INSPEÇÃO, PVC, SERIE R, ÁGUA PLUVIAL, DN 100 MM, JUNTA ELÁSTICA, FORNECIDO E INSTALADO EM RAMAL DE ENCAMINHAMENTO. AF_12/2014","UN","ATRIBUÍDO SÃO PAULO",33.36,"S","SINAPI",88267,0.095,"H","COEFICIENTE DE REPRESENTATIVIDADE",0.095,21.76,2.06,"","","","","","","","","","","CAIXA REFERENCIAL"]
["INSTALACOES HIDRO SANITARIAS","INHI","CONEXOES",180,"","",89566,"TÊ, PVC, SERIE R, ÁGUA PLUVIAL, DN 75 MM, JUNTA ELÁSTICA, FORNECIDO E INSTALADO EM RAMAL DE ENCAMINHAMENTO. AF_12/2014","UN","ATRIBUÍDO SÃO PAULO",25.83,"S","SINAPI",88267,0.135,"H","COEFICIENTE DE REPRESENTATIVIDADE",0.135,21.76,2.93,"","","","","","","","","","","CAIXA REFERENCIAL"]
["INSTALACOES HIDRO SANITARIAS","INHI","CONEXOES",180,"","",89570,"ADAPTADOR CURTO COM BOLSA E ROSCA PARA REGISTRO, PVC, SOLDÁVEL, DN 40MM X 1.1/2”, INSTALADO EM PRUMADA DE ÁGUA - FORNECIMENTO E INSTALAÇÃO. AF_12/2014","UN","COEFICIENTE DE REPRESENTATIVIDADE",7.09,"I","SINAPI",20083,0.014,"UN","COEFICIENTE DE REPRESENTATIVIDADE",0.014,41.81,0.58,"","","","","","","","","","","CAIXA REFERENCIAL"]
["INSTALACOES HIDRO SANITARIAS","INHI","CONEXOES",180,"","",89574,"JUNÇÃO DUPLA, PVC, SERIE R, ÁGUA PLUVIAL, DN 100 X 100 X 100 MM, JUNTA ELÁSTICA, FORNECIDO E INSTALADO EM RAMAL DE ENCAMINHAMENTO. AF_12/2014","UN","ATRIBUÍDO SÃO PAULO",59.24,"I","SINAPI",20078,0.092,"UN","COEFICIENTE DE REPRESENTATIVIDADE",0.092,17.63,1.62,"","","","","","","","","","","CAIXA REFERENCIAL"]
["INSTALACOES HIDRO SANITARIAS","INHI","CONEXOES",180,"","",89583,"CURVA 87 GRAUS E 30 MINUTOS, PVC, SERIE R, ÁGUA PLUVIAL, DN 75 MM, JUNTA ELÁSTICA, FORNECIDO E INSTALADO EM CONDUTORES VERTICAIS DE ÁGUAS PLUVIAIS. AF_12/2014","UN","COEFICIENTE DE REPRESENTATIVIDADE",23.82,"I","SINAPI",20078,0.03,"UN","COEFICIENTE DE REPRESENTATIVIDADE",0.03,17.63,0.52,"","","","","","","","","","","CAIXA REFERENCIAL"]
["INSTALACOES HIDRO SANITARIAS","INHI","CONEXOES",180,"","",89592,"CURVA 87 GRAUS E 30 MINUTOS, PVC, SERIE R, ÁGUA PLUVIAL, DN 150 MM, JUNTA ELÁSTICA, FORNECIDO E INSTALADO EM CONDUTORES VERTICAIS DE ÁGUAS PLUVIAIS. AF_12/2014","UN","COEFICIENTE DE REPRESENTATIVIDADE",258.16,"I","SINAPI",20098,1,"UN","COEFICIENTE DE REPRESENTATIVIDADE",1,243.31,243.31,"","","","","","","","","","","CAIXA REFERENCIAL"]
["INSTALACOES HIDRO SANITARIAS","INHI","CONEXOES",180,"","",89598,"LUVA DE CORRER, PVC, SOLDÁVEL, DN 60MM, INSTALADO EM PRUMADA DE ÁGUA   FORNECIMENTO E INSTALAÇÃO. AF_12/2014","UN","COEFICIENTE DE REPRESENTATIVIDADE",29.17,"I","SINAPI",122,0.024,"UN","COEFICIENTE DE REPRESENTATIVIDADE",0.024,48.14,1.15,"","","","","","","","","","","CAIXA REFERENCIAL"]
["INSTALACOES HIDRO SANITARIAS","INHI","CONEXOES",180,"","",89599,"LUVA SIMPLES, PVC, SERIE R, ÁGUA PLUVIAL, DN 75 MM, JUNTA ELÁSTICA, FORNECIDO E INSTALADO EM CONDUTORES VERTICAIS DE ÁGUAS PLUVIAIS. AF_12/2014","UN","ATRIBUÍDO SÃO PAULO",10.13,"","SINAPI","","","","","","","",1.14,11.3113113,8.99,88.6886887,0,0,0,0,0,0,"CAIXA REFERENCIAL"]
["INSTALACOES HIDRO SANITARIAS","INHI","CONEXOES",180,"","",89612,"UNIÃO, PVC, SOLDÁVEL, DN 75MM, INSTALADO EM PRUMADA DE ÁGUA - FORNECIMENTO E INSTALAÇÃO. AF_12/2014","UN","COEFICIENTE DE REPRESENTATIVIDADE",102.41,"I","SINAPI",20083,0.052,"UN","COEFICIENTE DE REPRESENTATIVIDADE",0.052,41.81,2.17,"","","","","","","","","","","CAIXA REFERENCIAL"]
["INSTALACOES HIDRO SANITARIAS","INHI","CONEXOES",180,"","",89618,"TÊ COM BUCHA DE LATÃO NA BOLSA CENTRAL, PVC, SOLDÁVEL, DN 25MM X 1/2”, INSTALADO EM PRUMADA DE ÁGUA - FORNECIMENTO E INSTALAÇÃO. AF_12/2014","UN","COEFICIENTE DE REPRESENTATIVIDADE",11.99,"","SINAPI","","","","","","","",2.33,19.4562446,9.66,80.5437554,0,0,0,0,0,0,"CAIXA REFERENCIAL"]
["INSTALACOES HIDRO SANITARIAS","INHI","CONEXOES",180,"","",89624,"TÊ DE REDUÇÃO, PVC, SOLDÁVEL, DN 40MM X 32MM, INSTALADO EM PRUMADA DE ÁGUA - FORNECIMENTO E INSTALAÇÃO. AF_12/2014","UN","COEFICIENTE DE REPRESENTATIVIDADE",12.98,"I","SINAPI",122,0.018,"UN","COEFICIENTE DE REPRESENTATIVIDADE",0.018,48.14,0.86,"","","","","","","","","","","CAIXA REFERENCIAL"]
["INSTALACOES HIDRO SANITARIAS","INHI","CONEXOES",180,"","",89625,"TE, PVC, SOLDÁVEL, DN 50MM, INSTALADO EM PRUMADA DE ÁGUA - FORNECIMENTO E INSTALAÇÃO. AF_12/2014","UN","COEFICIENTE DE REPRESENTATIVIDADE",15.86,"","SINAPI","","","","","","","",4.19,26.4199106,11.67,73.5800894,0,0,0,0,0,0,"CAIXA REFERENCIAL"]
["INSTALACOES HIDRO SANITARIAS","INHI","CONEXOES",180,"","",89630,"TE DE REDUÇÃO, PVC, SOLDÁVEL, DN 75MM X 50MM, INSTALADO EM PRUMADA DE ÁGUA - FORNECIMENTO E INSTALAÇÃO. AF_12/2014","UN","COEFICIENTE DE REPRESENTATIVIDADE",48.17,"I","SINAPI",38383,0.053,"UN","COEFICIENTE DE REPRESENTATIVIDADE",0.053,1.41,0.07,"","","","","","","","","","","CAIXA REFERENCIAL"]
["INSTALACOES HIDRO SANITARIAS","INHI","CONEXOES",180,"","",89643,"CURVA 90 GRAUS, CPVC, SOLDÁVEL, DN 22MM, INSTALADO EM RAMAL OU SUB-RAMAL DE ÁGUA - FORNECIMENTO E INSTALAÇÃO. AF_12/2014","UN","COEFICIENTE DE REPRESENTATIVIDADE",11.55,"I","SINAPI",21114,0.08,"UN","COEFICIENTE DE REPRESENTATIVIDADE",0.08,13.51,1.08,"","","","","","","","","","","CAIXA REFERENCIAL"]
["INSTALACOES HIDRO SANITARIAS","INHI","CONEXOES",180,"","",89652,"LUVA DE CORRER, CPVC, SOLDÁVEL, DN 15MM, INSTALADO EM RAMAL OU SUB-RAMAL DE ÁGUA – FORNECIMENTO E INSTALAÇÃO. AF_12/2014","UN","COEFICIENTE DE REPRESENTATIVIDADE",7.78,"","SINAPI","","","","","","","",2.13,27.4638633,5.65,72.5361367,0,0,0,0,0,0,"CAIXA REFERENCIAL"]
["INSTALACOES HIDRO SANITARIAS","INHI","CONEXOES",180,"","",89659,"LUVA DE CORRER, CPVC, SOLDÁVEL, DN 22MM, INSTALADO EM RAMAL OU SUB-RAMAL DE ÁGUA – FORNECIMENTO E INSTALAÇÃO. AF_12/2014","UN","COEFICIENTE DE REPRESENTATIVIDADE",11.1,"S","SINAPI",88267,0.092,"H","COEFICIENTE DE REPRESENTATIVIDADE",0.092,21.76,2,"","","","","","","","","","","CAIXA REFERENCIAL"]
["INSTALACOES HIDRO SANITARIAS","INHI","CONEXOES",180,"","",89661,"UNIÃO, CPVC, SOLDÁVEL, DN22MM, INSTALADO EM RAMAL OU SUB-RAMAL DE ÁGUA – FORNECIMENTO E INSTALAÇÃO. AF_12/2014","UN","COEFICIENTE DE REPRESENTATIVIDADE",14.56,"S","SINAPI",88267,0.092,"H","COEFICIENTE DE REPRESENTATIVIDADE",0.092,21.76,2,"","","","","","","","","","","CAIXA REFERENCIAL"]
["INSTALACOES HIDRO SANITARIAS","INHI","CONEXOES",180,"","",89669,"LUVA SIMPLES, PVC, SERIE R, ÁGUA PLUVIAL, DN 100 MM, JUNTA ELÁSTICA, FORNECIDO E INSTALADO EM CONDUTORES VERTICAIS DE ÁGUAS PLUVIAIS. AF_12/2014","UN","ATRIBUÍDO SÃO PAULO",13.14,"I","SINAPI",301,1,"UN","COLETADO",1,1.65,1.65,"","","","","","","","","","","CAIXA REFERENCIAL"]
["INSTALACOES HIDRO SANITARIAS","INHI","CONEXOES",180,"","",89677,"LUVA SIMPLES, PVC, SERIE R, ÁGUA PLUVIAL, DN 150 MM, JUNTA ELÁSTICA, FORNECIDO E INSTALADO EM CONDUTORES VERTICAIS DE ÁGUAS PLUVIAIS. AF_12/2014","UN","ATRIBUÍDO SÃO PAULO",37.35,"","SINAPI","","","","","","","",3.16,8.4837058,34.19,91.5162942,0,0,0,0,0,0,"CAIXA REFERENCIAL"]
["INSTALACOES HIDRO SANITARIAS","INHI","CONEXOES",180,"","",89685,"JUNÇÃO SIMPLES, PVC, SERIE R, ÁGUA PLUVIAL, DN 75 X 75 MM, JUNTA ELÁSTICA, FORNECIDO E INSTALADO EM CONDUTORES VERTICAIS DE ÁGUAS PLUVIAIS. AF_12/2014","UN","ATRIBUÍDO SÃO PAULO",28.38,"I","SINAPI",298,2,"UN","COEFICIENTE DE REPRESENTATIVIDADE",2,1.5,3,"","","","","","","","","","","CAIXA REFERENCIAL"]
["INSTALACOES HIDRO SANITARIAS","INHI","CONEXOES",180,"","",89686,"CONECTOR, CPVC, SOLDÁVEL, DN 35MM X 1 1/4”, INSTALADO EM RAMAL OU SUB-RAMAL DE ÁGUA – FORNECIMENTO E INSTALAÇÃO. AF_12/2014","UN","COEFICIENTE DE REPRESENTATIVIDADE",113.32,"I","SINAPI",21114,0.133,"UN","COEFICIENTE DE REPRESENTATIVIDADE",0.133,13.51,1.79,"","","","","","","","","","","CAIXA REFERENCIAL"]
["INSTALACOES HIDRO SANITARIAS","INHI","CONEXOES",180,"","",89694,"TE DE TRANSIÇÃO, CPVC, SOLDÁVEL, DN 15MM X 1/2”, INSTALADO EM RAMAL OU SUB-RAMAL DE ÁGUA – FORNECIMENTO E INSTALAÇÃO. AF_12/2014","UN","COEFICIENTE DE REPRESENTATIVIDADE",14.25,"S","SINAPI",88267,0.145,"H","COEFICIENTE DE REPRESENTATIVIDADE",0.145,21.76,3.15,"","","","","","","","","","","CAIXA REFERENCIAL"]
["INSTALACOES HIDRO SANITARIAS","INHI","CONEXOES",180,"","",89701,"TÊ, PVC, SERIE R, ÁGUA PLUVIAL, DN 150 X 150 MM, JUNTA ELÁSTICA, FORNECIDO E INSTALADO EM CONDUTORES VERTICAIS DE ÁGUAS PLUVIAIS. AF_12/2014","UN","ATRIBUÍDO SÃO PAULO",86.9,"I","SINAPI",20181,1,"UN","ATRIBUÍDO SÃO PAULO",1,72.09,72.09,"","","","","","","","","","","CAIXA REFERENCIAL"]
["INSTALACOES HIDRO SANITARIAS","INHI","CONEXOES",180,"","",89720,"JOELHO 45 GRAUS, CPVC, SOLDÁVEL, DN 22MM, INSTALADO EM RAMAL DE DISTRIBUIÇÃO DE ÁGUA   FORNECIMENTO E INSTALAÇÃO. AF_12/2014","UN","COEFICIENTE DE REPRESENTATIVIDADE",8.91,"S","SINAPI",88267,0.082,"H","COEFICIENTE DE REPRESENTATIVIDADE",0.082,21.76,1.78,"","","","","","","","","","","CAIXA REFERENCIAL"]
["INSTALACOES HIDRO SANITARIAS","INHI","CONEXOES",180,"","",89726,"JOELHO 45 GRAUS, PVC, SERIE NORMAL, ESGOTO PREDIAL, DN 40 MM, JUNTA SOLDÁVEL, FORNECIDO E INSTALADO EM RAMAL DE DESCARGA OU RAMAL DE ESGOTO SANITÁRIO. AF_12/2014","UN","COEFICIENTE DE REPRESENTATIVIDADE",7.08,"S","SINAPI",88267,0.1,"H","COEFICIENTE DE REPRESENTATIVIDADE",0.1,21.76,2.17,"","","","","","","","","","","CAIXA REFERENCIAL"]
["INSTALACOES HIDRO SANITARIAS","INHI","CONEXOES",180,"","",89729,"JOELHO 90 GRAUS, CPVC, SOLDÁVEL, DN 35MM, INSTALADO EM RAMAL DE DISTRIBUIÇÃO DE ÁGUA   FORNECIMENTO E INSTALAÇÃO. AF_12/2014","UN","COEFICIENTE DE REPRESENTATIVIDADE",18.38,"S","SINAPI",88267,0.114,"H","COEFICIENTE DE REPRESENTATIVIDADE",0.114,21.76,2.48,"","","","","","","","","","","CAIXA REFERENCIAL"]
["INSTALACOES HIDRO SANITARIAS","INHI","CONEXOES",180,"","",89737,"JOELHO 90 GRAUS, PVC, SERIE NORMAL, ESGOTO PREDIAL, DN 75 MM, JUNTA ELÁSTICA, FORNECIDO E INSTALADO EM RAMAL DE DESCARGA OU RAMAL DE ESGOTO SANITÁRIO. AF_12/2014","UN","COEFICIENTE DE REPRESENTATIVIDADE",14.16,"I","SINAPI",297,1,"UN","COEFICIENTE DE REPRESENTATIVIDADE",1,1.31,1.31,"","","","","","","","","","","CAIXA REFERENCIAL"]
["INSTALACOES HIDRO SANITARIAS","INHI","CONEXOES",180,"","",89744,"JOELHO 90 GRAUS, PVC, SERIE NORMAL, ESGOTO PREDIAL, DN 100 MM, JUNTA ELÁSTICA, FORNECIDO E INSTALADO EM RAMAL DE DESCARGA OU RAMAL DE ESGOTO SANITÁRIO. AF_12/2014","UN","COEFICIENTE DE REPRESENTATIVIDADE",18.69,"I","SINAPI",301,1,"UN","COLETADO",1,1.65,1.65,"","","","","","","","","","","CAIXA REFERENCIAL"]
["INSTALACOES HIDRO SANITARIAS","INHI","CONEXOES",180,"","",89751,"BUCHA DE REDUÇÃO, CPVC, SOLDÁVEL, DN 22MM X 15MM, INSTALADO EM RAMAL DE DISTRIBUIÇÃO DE ÁGUA   FORNECIMENTO E INSTALAÇÃO. AF_12/2014","UN","COEFICIENTE DE REPRESENTATIVIDADE",4.01,"I","SINAPI",21114,0.08,"UN","COEFICIENTE DE REPRESENTATIVIDADE",0.08,13.51,1.08,"","","","","","","","","","","CAIXA REFERENCIAL"]
["INSTALACOES HIDRO SANITARIAS","INHI","CONEXOES",180,"","",89753,"LUVA SIMPLES, PVC, SERIE NORMAL, ESGOTO PREDIAL, DN 50 MM, JUNTA ELÁSTICA, FORNECIDO E INSTALADO EM RAMAL DE DESCARGA OU RAMAL DE ESGOTO SANITÁRIO. AF_12/2014","UN","COEFICIENTE DE REPRESENTATIVIDADE",6.33,"","SINAPI","","","","","","","",2.37,37.4795417,3.96,62.5204583,0,0,0,0,0,0,"CAIXA REFERENCIAL"]
["INSTALACOES HIDRO SANITARIAS","INHI","CONEXOES",180,"","",89760,"LUVA, CPVC, SOLDÁVEL, DN 35MM, INSTALADO EM RAMAL DE DISTRIBUIÇÃO DE ÁGUA - FORNECIMENTO E INSTALAÇÃO. AF_12/2014","UN","COEFICIENTE DE REPRESENTATIVIDADE",12.46,"I","SINAPI",37976,1,"UN","COEFICIENTE DE REPRESENTATIVIDADE",1,7.68,7.68,"","","","","","","","","","","CAIXA REFERENCIAL"]
["INSTALACOES HIDRO SANITARIAS","INHI","CONEXOES",180,"","",89769,"TÊ, CPVC, SOLDÁVEL, DN35MM, INSTALADO EM RAMAL DE DISTRIBUIÇÃO DE ÁGUA - FORNECIMENTO E INSTALAÇÃO. AF_12/2014","UN","COEFICIENTE DE REPRESENTATIVIDADE",33.11,"","SINAPI","","","","","","","",4.39,13.2826747,28.72,86.7173253,0,0,0,0,0,0,"CAIXA REFERENCIAL"]
["INSTALACOES HIDRO SANITARIAS","INHI","CONEXOES",180,"","",89780,"JOELHO 45 GRAUS, CPVC, SOLDÁVEL, DN 35MM, INSTALADO EM PRUMADA DE ÁGUA - FORNECIMENTO E INSTALAÇÃO. AF_12/2014","UN","COEFICIENTE DE REPRESENTATIVIDADE",16.99,"I","SINAPI",21114,0.133,"UN","COEFICIENTE DE REPRESENTATIVIDADE",0.133,13.51,1.79,"","","","","","","","","","","CAIXA REFERENCIAL"]
["INSTALACOES HIDRO SANITARIAS","INHI","CONEXOES",180,"","",89781,"JOELHO 90 GRAUS, CPVC, SOLDÁVEL, DN 42MM, INSTALADO EM PRUMADA DE ÁGUA – FORNECIMENTO E INSTALAÇÃO. AF_12/2014","UN","COEFICIENTE DE REPRESENTATIVIDADE",25.23,"I","SINAPI",37959,1,"UN","COEFICIENTE DE REPRESENTATIVIDADE",1,19.41,19.41,"","","","","","","","","","","CAIXA REFERENCIAL"]
["INSTALACOES HIDRO SANITARIAS","INHI","CONEXOES",180,"","",89788,"JOELHO 90 GRAUS, CPVC, SOLDÁVEL, DN 54MM, INSTALADO EM PRUMADA DE ÁGUA – FORNECIMENTO E INSTALAÇÃO. AF_12/2014","UN","COEFICIENTE DE REPRESENTATIVIDADE",49.06,"S","SINAPI",88248,0.116,"H","COEFICIENTE DE REPRESENTATIVIDADE",0.116,17.65,2.04,"","","","","","","","","","","CAIXA REFERENCIAL"]
["INSTALACOES HIDRO SANITARIAS","INHI","CONEXOES",180,"","",89796,"TE, PVC, SERIE NORMAL, ESGOTO PREDIAL, DN 100 X 100 MM, JUNTA ELÁSTICA, FORNECIDO E INSTALADO EM RAMAL DE DESCARGA OU RAMAL DE ESGOTO SANITÁRIO. AF_12/2014","UN","COEFICIENTE DE REPRESENTATIVIDADE",30.01,"I","SINAPI",301,2,"UN","COLETADO",2,1.65,3.3,"","","","","","","","","","","CAIXA REFERENCIAL"]
["INSTALACOES HIDRO SANITARIAS","INHI","CONEXOES",180,"","",89805,"JOELHO 90 GRAUS, PVC, SERIE NORMAL, ESGOTO PREDIAL, DN 75 MM, JUNTA ELÁSTICA, FORNECIDO E INSTALADO EM PRUMADA DE ESGOTO SANITÁRIO OU VENTILAÇÃO. AF_12/2014","UN","COEFICIENTE DE REPRESENTATIVIDADE",9.83,"S","SINAPI",88248,0.08,"H","COEFICIENTE DE REPRESENTATIVIDADE",0.08,17.65,1.41,"","","","","","","","","","","CAIXA REFERENCIAL"]
["INSTALACOES HIDRO SANITARIAS","INHI","CONEXOES",180,"","",89807,"CURVA CURTA 90 GRAUS, PVC, SERIE NORMAL, ESGOTO PREDIAL, DN 75 MM, JUNTA ELÁSTICA, FORNECIDO E INSTALADO EM PRUMADA DE ESGOTO SANITÁRIO OU VENTILAÇÃO. AF_12/2014","UN","COEFICIENTE DE REPRESENTATIVIDADE",21.71,"I","SINAPI",1951,1,"UN","COEFICIENTE DE REPRESENTATIVIDADE",1,16.73,16.73,"","","","","","","","","","","CAIXA REFERENCIAL"]
["INSTALACOES HIDRO SANITARIAS","INHI","CONEXOES",180,"","",89813,"LUVA SIMPLES, PVC, SERIE NORMAL, ESGOTO PREDIAL, DN 50 MM, JUNTA ELÁSTICA, FORNECIDO E INSTALADO EM PRUMADA DE ESGOTO SANITÁRIO OU VENTILAÇÃO. AF_12/2014","UN","COEFICIENTE DE REPRESENTATIVIDADE",4.35,"S","SINAPI",88267,0.03,"H","COEFICIENTE DE REPRESENTATIVIDADE",0.03,21.76,0.65,"","","","","","","","","","","CAIXA REFERENCIAL"]
["INSTALACOES HIDRO SANITARIAS","INHI","CONEXOES",180,"","",89821,"LUVA SIMPLES, PVC, SERIE NORMAL, ESGOTO PREDIAL, DN 100 MM, JUNTA ELÁSTICA, FORNECIDO E INSTALADO EM PRUMADA DE ESGOTO SANITÁRIO OU VENTILAÇÃO. AF_12/2014","UN","COEFICIENTE DE REPRESENTATIVIDADE",9.71,"S","SINAPI",88248,0.08,"H","COEFICIENTE DE REPRESENTATIVIDADE",0.08,17.65,1.41,"","","","","","","","","","","CAIXA REFERENCIAL"]
["INSTALACOES HIDRO SANITARIAS","INHI","CONEXOES",180,"","",89828,"UNIÃO, CPVC, SOLDÁVEL, DN42MM, INSTALADO EM PRUMADA DE ÁGUA – FORNECIMENTO E INSTALAÇÃO. AF_12/2014","UN","COEFICIENTE DE REPRESENTATIVIDADE",39.96,"S","SINAPI",88267,0.062,"H","COEFICIENTE DE REPRESENTATIVIDADE",0.062,21.76,1.34,"","","","","","","","","","","CAIXA REFERENCIAL"]
["INSTALACOES HIDRO SANITARIAS","INHI","CONEXOES",180,"","",89835,"LUVA, CPVC, SOLDÁVEL, DN 54MM, INSTALADO EM PRUMADA DE ÁGUA – FORNECIMENTO E INSTALAÇÃO. AF_12/2014","UN","COEFICIENTE DE REPRESENTATIVIDADE",27.12,"S","SINAPI",88267,0.077,"H","COEFICIENTE DE REPRESENTATIVIDADE",0.077,21.76,1.67,"","","","","","","","","","","CAIXA REFERENCIAL"]
["INSTALACOES HIDRO SANITARIAS","INHI","CONEXOES",180,"","",89837,"UNIÃO, CPVC, SOLDÁVEL, DN 54MM, INSTALADO EM PRUMADA DE ÁGUA – FORNECIMENTO E INSTALAÇÃO. AF_12/2014","UN","COEFICIENTE DE REPRESENTATIVIDADE",90.73,"S","SINAPI",88267,0.077,"H","COEFICIENTE DE REPRESENTATIVIDADE",0.077,21.76,1.67,"","","","","","","","","","","CAIXA REFERENCIAL"]
["INSTALACOES HIDRO SANITARIAS","INHI","CONEXOES",180,"","",89846,"TÊ, CPVC, SOLDÁVEL, DN 73MM, INSTALADO EM PRUMADA DE ÁGUA – FORNECIMENTO E INSTALAÇÃO. AF_12/2014","UN","COEFICIENTE DE REPRESENTATIVIDADE",138.63,"S","SINAPI",88248,0.204,"H","COEFICIENTE DE REPRESENTATIVIDADE",0.204,17.65,3.6,"","","","","","","","","","","CAIXA REFERENCIAL"]
["INSTALACOES HIDRO SANITARIAS","INHI","CONEXOES",180,"","",89856,"LUVA SIMPLES, PVC, SERIE NORMAL, ESGOTO PREDIAL, DN 100 MM, JUNTA ELÁSTICA, FORNECIDO E INSTALADO EM SUBCOLETOR AÉREO DE ESGOTO SANITÁRIO. AF_12/2014","UN","COEFICIENTE DE REPRESENTATIVIDADE",12.86,"","SINAPI","","","","","","","",4.68,36.4500792,8.18,63.5499208,0,0,0,0,0,0,"CAIXA REFERENCIAL"]
["INSTALACOES HIDRO SANITARIAS","INHI","CONEXOES",180,"","",89863,"JUNÇÃO SIMPLES, PVC, SERIE NORMAL, ESGOTO PREDIAL, DN 150 X 150 MM, JUNTA ELÁSTICA, FORNECIDO E INSTALADO EM SUBCOLETOR AÉREO DE ESGOTO SANITÁRIO. AF_12/2014","UN","COEFICIENTE DE REPRESENTATIVIDADE",137.56,"I","SINAPI",20136,1,"UN","COEFICIENTE DE REPRESENTATIVIDADE",1,106.05,106.05,"","","","","","","","","","","CAIXA REFERENCIAL"]
["INSTALACOES HIDRO SANITARIAS","INHI","CONEXOES",180,"","",89980,"LUVA COM BUCHA DE LATÃO, PVC, SOLDÁVEL, DN 25MM X 3/4”, INSTALADO EM PRUMADA DE ÁGUA - FORNECIMENTO E INSTALAÇÃO. AF_12/2014","UN","COEFICIENTE DE REPRESENTATIVIDADE",6.69,"","SINAPI","","","","","","","",1.15,17.2519083,5.54,82.7480917,0,0,0,0,0,0,"CAIXA REFERENCIAL"]
["INSTALACOES HIDRO SANITARIAS","INHI","CONEXOES",180,"","",89981,"LUVA SOLDÁVEL E COM BUCHA DE LATÃO, PVC, SOLDÁVEL, DN 32MM X 1 , INSTALADO EM PRUMADA DE ÁGUA   FORNECIMENTO E INSTALAÇÃO. AF_12/2014","UN","COEFICIENTE DE REPRESENTATIVIDADE",13.08,"S","SINAPI",88248,0.049,"H","COEFICIENTE DE REPRESENTATIVIDADE",0.049,17.65,0.86,"","","","","","","","","","","CAIXA REFERENCIAL"]
["INSTALACOES HIDRO SANITARIAS","INHI","CONEXOES",180,"","",92289,"COTOVELO DE COBRE, 90 GRAUS, SEM ANEL DE SOLDA, DN 35 MM, INSTALADO EM PRUMADA - FORNECIMENTO E INSTALAÇÃO. AF_12/2015_P","UN","ATRIBUÍDO SÃO PAULO",22.45,"","SINAPI","","","","","","","",3.89,17.3423423,18.55,82.6126127,0.01,0.045045,0,0,0,0,"CAIXA REFERENCIAL"]
["INSTALACOES HIDRO SANITARIAS","INHI","CONEXOES",180,"","",92293,"LUVA DE COBRE, SEM ANEL DE SOLDA, DN 22 MM, INSTALADO EM PRUMADA - FORNECIMENTO E INSTALAÇÃO. AF_12/2015_P","UN","ATRIBUÍDO SÃO PAULO",5.68,"S","SINAPI",92716,0.022,"CHP","COEFICIENTE DE REPRESENTATIVIDADE",0.022,14.55,0.32,"","","","","","","","","","","CAIXA REFERENCIAL"]
["INSTALACOES HIDRO SANITARIAS","INHI","CONEXOES",180,"","",92299,"TE DE COBRE, SEM ANEL DE SOLDA, DN 22 MM, INSTALADO EM PRUMADA - FORNECIMENTO E INSTALAÇÃO. AF_12/2015_P","UN","ATRIBUÍDO SÃO PAULO",12.55,"I","SINAPI",12734,1,"UN","ATRIBUÍDO SÃO PAULO",1,5.81,5.81,"","","","","","","","","","","CAIXA REFERENCIAL"]
["INSTALACOES HIDRO SANITARIAS","INHI","CONEXOES",180,"","",92300,"TE DE COBRE, SEM ANEL DE SOLDA, DN 28 MM, INSTALADO EM PRUMADA - FORNECIMENTO E INSTALAÇÃO. AF_12/2015_P","UN","ATRIBUÍDO SÃO PAULO",17.72,"","SINAPI","","","","","","","",4.42,24.9857061,13.29,74.9571184,0.01,0.0571755,0,0,0,0,"CAIXA REFERENCIAL"]
["INSTALACOES HIDRO SANITARIAS","INHI","CONEXOES",180,"","",92311,"COTOVELO DE COBRE, 90 GRAUS, SEM ANEL DE SOLDA, DN 15 MM, INSTALADO EM RAMAL DE DISTRIBUIÇÃO - FORNECIMENTO E INSTALAÇÃO. AF_12/2015_P","UN","ATRIBUÍDO SÃO PAULO",8.51,"I","SINAPI",20078,3.8E-3,"UN","COEFICIENTE DE REPRESENTATIVIDADE",3.8E-3,17.63,0.06,"","","","","","","","","","","CAIXA REFERENCIAL"]
["INSTALACOES HIDRO SANITARIAS","INHI","CONEXOES",180,"","",92316,"LUVA DE COBRE, SEM ANEL DE SOLDA, DN 28 MM, INSTALADO EM RAMAL DE DISTRIBUIÇÃO - FORNECIMENTO E INSTALAÇÃO. AF_12/2015_P","UN","ATRIBUÍDO SÃO PAULO",10.47,"I","SINAPI",12732,0.0064,"UN","ATRIBUÍDO SÃO PAULO",0.0064,112.98,0.72,"","","","","","","","","","","CAIXA REFERENCIAL"]
["INSTALACOES HIDRO SANITARIAS","INHI","CONEXOES",180,"","",92327,"COTOVELO DE COBRE, 90 GRAUS, SEM ANEL DE SOLDA, DN 22 MM, INSTALADO EM RAMAL E SUB-RAMAL - FORNECIMENTO E INSTALAÇÃO. AF_12/2015_P","UN","ATRIBUÍDO SÃO PAULO",14.83,"I","SINAPI",12715,1,"UN","ATRIBUÍDO SÃO PAULO",1,4.53,4.53,"","","","","","","","","","","CAIXA REFERENCIAL"]
["INSTALACOES HIDRO SANITARIAS","INHI","CONEXOES",180,"","",92328,"COTOVELO DE COBRE, 90 GRAUS, SEM ANEL DE SOLDA, DN 28 MM, INSTALADO EM RAMAL E SUB-RAMAL - FORNECIMENTO E INSTALAÇÃO. AF_12/2015_P","UN","ATRIBUÍDO SÃO PAULO",21.06,"I","SINAPI",20078,0.0083,"UN","COEFICIENTE DE REPRESENTATIVIDADE",0.0083,17.63,0.14,"","","","","","","","","","","CAIXA REFERENCIAL"]
["INSTALACOES HIDRO SANITARIAS","INHI","CONEXOES",180,"","",92333,"TE DE COBRE, SEM ANEL DE SOLDA, DN 22 MM, INSTALADO EM RAMAL E SUB-RAMAL - FORNECIMENTO E INSTALAÇÃO. AF_12/2015_P","UN","ATRIBUÍDO SÃO PAULO",19.63,"I","SINAPI",12734,1,"UN","ATRIBUÍDO SÃO PAULO",1,5.81,5.81,"","","","","","","","","","","CAIXA REFERENCIAL"]
["INSTALACOES HIDRO SANITARIAS","INHI","CONEXOES",180,"","",92348,"NIPLE, EM FERRO GALVANIZADO, DN 80 (3\"), CONEXÃO ROSQUEADA, INSTALADO EM PRUMADAS - FORNECIMENTO E INSTALAÇÃO. AF_12/2015","UN","COEFICIENTE DE REPRESENTATIVIDADE",73.64,"S","SINAPI",88267,0.758,"H","COEFICIENTE DE REPRESENTATIVIDADE",0.758,21.76,16.49,"","","","","","","","","","","CAIXA REFERENCIAL"]
["INSTALACOES HIDRO SANITARIAS","INHI","CONEXOES",180,"","",92355,"JOELHO 90 GRAUS, EM FERRO GALVANIZADO, DN 80 (3\"), CONEXÃO ROSQUEADA, INSTALADO EM PRUMADAS - FORNECIMENTO E INSTALAÇÃO. AF_12/2015","UN","COEFICIENTE DE REPRESENTATIVIDADE",108.65,"I","SINAPI",3459,1,"UN","COEFICIENTE DE REPRESENTATIVIDADE",1,63.36,63.36,"","","","","","","","","","","CAIXA REFERENCIAL"]
["INSTALACOES HIDRO SANITARIAS","INHI","CONEXOES",180,"","",92371,"NIPLE, EM FERRO GALVANIZADO, DN 32 (1 1/4\"), CONEXÃO ROSQUEADA, INSTALADO EM REDE DE ALIMENTAÇÃO PARA HIDRANTE - FORNECIMENTO E INSTALAÇÃO. AF_12/2015","UN","COEFICIENTE DE REPRESENTATIVIDADE",29.64,"S","SINAPI",88267,0.533,"H","COEFICIENTE DE REPRESENTATIVIDADE",0.533,21.76,11.59,"","","","","","","","","","","CAIXA REFERENCIAL"]
["INSTALACOES HIDRO SANITARIAS","INHI","CONEXOES",180,"","",92373,"NIPLE, EM FERRO GALVANIZADO, DN 40 (1 1/2\"), CONEXÃO ROSQUEADA, INSTALADO EM REDE DE ALIMENTAÇÃO PARA HIDRANTE - FORNECIMENTO E INSTALAÇÃO. AF_12/2015","UN","COEFICIENTE DE REPRESENTATIVIDADE",34.39,"I","SINAPI",7307,0.005,"L","COEFICIENTE DE REPRESENTATIVIDADE",0.005,23.06,0.11,"","","","","","","","","","","CAIXA REFERENCIAL"]
["INSTALACOES HIDRO SANITARIAS","INHI","CONEXOES",180,"","",92380,"LUVA, EM FERRO GALVANIZADO, DN 80 (3\"), CONEXÃO ROSQUEADA, INSTALADO EM REDE DE ALIMENTAÇÃO PARA HIDRANTE - FORNECIMENTO E INSTALAÇÃO. AF_12/2015","UN","COEFICIENTE DE REPRESENTATIVIDADE",80.93,"","SINAPI","","","","","","","",23.98,29.6328454,56.87,70.2679237,0.08,0.0992309,0,0,0,0,"CAIXA REFERENCIAL"]
["INSTALACOES HIDRO SANITARIAS","INHI","CONEXOES",180,"","",92386,"JOELHO 90 GRAUS, EM FERRO GALVANIZADO, DN 40 (1 1/2\"), CONEXÃO ROSQUEADA, INSTALADO EM REDE DE ALIMENTAÇÃO PARA HIDRANTE - FORNECIMENTO E INSTALAÇÃO. AF_12/2015","UN","COEFICIENTE DE REPRESENTATIVIDADE",50.71,"I","SINAPI",7307,0.004,"L","COEFICIENTE DE REPRESENTATIVIDADE",0.004,23.06,0.09,"","","","","","","","","","","CAIXA REFERENCIAL"]
["INSTALACOES HIDRO SANITARIAS","INHI","CONEXOES",180,"","",92637,"TÊ, EM FERRO GALVANIZADO, CONEXÃO ROSQUEADA, DN 25 (1\"), INSTALADO EM REDE DE ALIMENTAÇÃO PARA HIDRANTE - FORNECIMENTO E INSTALAÇÃO. AF_12/2015","UN","COEFICIENTE DE REPRESENTATIVIDADE",49.57,"S","SINAPI",88248,0.98,"H","COEFICIENTE DE REPRESENTATIVIDADE",0.98,17.65,17.29,"","","","","","","","","","","CAIXA REFERENCIAL"]
["INSTALACOES HIDRO SANITARIAS","INHI","CONEXOES",180,"","",92638,"TÊ, EM FERRO GALVANIZADO, CONEXÃO ROSQUEADA, DN 32 (1 1/4\"), INSTALADO EM REDE DE ALIMENTAÇÃO PARA HIDRANTE - FORNECIMENTO E INSTALAÇÃO. AF_12/2015","UN","COEFICIENTE DE REPRESENTATIVIDADE",58.7,"S","SINAPI",88248,1.066,"H","COEFICIENTE DE REPRESENTATIVIDADE",1.066,17.65,18.81,"","","","","","","","","","","CAIXA REFERENCIAL"]
["INSTALACOES HIDRO SANITARIAS","INHI","CONEXOES",180,"","",92659,"NIPLE, EM FERRO GALVANIZADO, CONEXÃO ROSQUEADA, DN 32 (1 1/4\"), INSTALADO EM REDE DE ALIMENTAÇÃO PARA SPRINKLER - FORNECIMENTO E INSTALAÇÃO. AF_12/2015","UN","COEFICIENTE DE REPRESENTATIVIDADE",21.17,"S","SINAPI",88267,0.318,"H","COEFICIENTE DE REPRESENTATIVIDADE",0.318,21.76,6.91,"","","","","","","","","","","CAIXA REFERENCIAL"]
["INSTALACOES HIDRO SANITARIAS","INHI","CONEXOES",180,"","",92666,"LUVA, EM FERRO GALVANIZADO, CONEXÃO ROSQUEADA, DN 65 (2 1/2\"), INSTALADO EM REDE DE ALIMENTAÇÃO PARA SPRINKLER - FORNECIMENTO E INSTALAÇÃO. AF_12/2015","UN","COEFICIENTE DE REPRESENTATIVIDADE",47.8,"I","SINAPI",3913,1,"UN","COEFICIENTE DE REPRESENTATIVIDADE",1,31.7,31.7,"","","","","","","","","","","CAIXA REFERENCIAL"]
["INSTALACOES HIDRO SANITARIAS","INHI","CONEXOES",180,"","",92672,"JOELHO 90 GRAUS, EM FERRO GALVANIZADO, CONEXÃO ROSQUEADA, DN 32 (1 1/4\"), INSTALADO EM REDE DE ALIMENTAÇÃO PARA SPRINKLER - FORNECIMENTO E INSTALAÇÃO. AF_12/2015","UN","COEFICIENTE DE REPRESENTATIVIDADE",31.09,"I","SINAPI",3457,1,"UN","COEFICIENTE DE REPRESENTATIVIDADE",1,12.07,12.07,"","","","","","","","","","","CAIXA REFERENCIAL"]
["INSTALACOES HIDRO SANITARIAS","INHI","CONEXOES",180,"","",92674,"JOELHO 90 GRAUS, EM FERRO GALVANIZADO, CONEXÃO ROSQUEADA, DN 40 (1 1/2\"), INSTALADO EM REDE DE ALIMENTAÇÃO PARA SPRINKLER - FORNECIMENTO E INSTALAÇÃO. AF_12/2015","UN","COEFICIENTE DE REPRESENTATIVIDADE",36.26,"S","SINAPI",88248,0.506,"H","COEFICIENTE DE REPRESENTATIVIDADE",0.506,17.65,8.93,"","","","","","","","","","","CAIXA REFERENCIAL"]
["INSTALACOES HIDRO SANITARIAS","INHI","CONEXOES",180,"","",92681,"TÊ, EM FERRO GALVANIZADO, CONEXÃO ROSQUEADA, DN 25 (1\"), INSTALADO EM REDE DE ALIMENTAÇÃO PARA SPRINKLER - FORNECIMENTO E INSTALAÇÃO. AF_12/2015","UN","COEFICIENTE DE REPRESENTATIVIDADE",34.63,"I","SINAPI",3148,0.02,"UN","COEFICIENTE DE REPRESENTATIVIDADE",0.02,8.96,0.17,"","","","","","","","","","","CAIXA REFERENCIAL"]
["INSTALACOES HIDRO SANITARIAS","INHI","CONEXOES",180,"","",92692,"NIPLE, EM FERRO GALVANIZADO, CONEXÃO ROSQUEADA, DN 15 (1/2\"), INSTALADO EM RAMAIS E SUB-RAMAIS DE GÁS - FORNECIMENTO E INSTALAÇÃO. AF_12/2015","UN","COEFICIENTE DE REPRESENTATIVIDADE",9.71,"S","SINAPI",88248,0.173,"H","COEFICIENTE DE REPRESENTATIVIDADE",0.173,17.65,3.05,"","","","","","","","","","","CAIXA REFERENCIAL"]
["INSTALACOES HIDRO SANITARIAS","INHI","CONEXOES",180,"","",92699,"JOELHO 90 GRAUS, EM FERRO GALVANIZADO, CONEXÃO ROSQUEADA, DN 15 (1/2\"), INSTALADO EM RAMAIS E SUB-RAMAIS DE GÁS - FORNECIMENTO E INSTALAÇÃO. AF_12/2015","UN","COEFICIENTE DE REPRESENTATIVIDADE",13.74,"S","SINAPI",88267,0.259,"H","COEFICIENTE DE REPRESENTATIVIDADE",0.259,21.76,5.63,"","","","","","","","","","","CAIXA REFERENCIAL"]
["INSTALACOES HIDRO SANITARIAS","INHI","CONEXOES",180,"","",92706,"TÊ, EM FERRO GALVANIZADO, CONEXÃO ROSQUEADA, DN 25 (1\"), INSTALADO EM RAMAIS E SUB-RAMAIS DE GÁS - FORNECIMENTO E INSTALAÇÃO. AF_12/2015","UN","COEFICIENTE DE REPRESENTATIVIDADE",48.98,"I","SINAPI",6323,1,"UN","COEFICIENTE DE REPRESENTATIVIDADE",1,10.68,10.68,"","","","","","","","","","","CAIXA REFERENCIAL"]
["INSTALACOES HIDRO SANITARIAS","INHI","CONEXOES",180,"","",92890,"UNIÃO, EM FERRO GALVANIZADO, DN 65 (2 1/2\"), CONEXÃO ROSQUEADA, INSTALADO EM PRUMADAS - FORNECIMENTO E INSTALAÇÃO. AF_12/2015","UN","COEFICIENTE DE REPRESENTATIVIDADE",111.44,"","SINAPI","","","","","","","",20.29,18.2153458,91.09,81.7306829,0.06,0.0539713,0,0,0,0,"CAIXA REFERENCIAL"]
["INSTALACOES HIDRO SANITARIAS","INHI","CONEXOES",180,"","",92896,"UNIÃO, EM FERRO GALVANIZADO, DN 65 (2 1/2\"), CONEXÃO ROSQUEADA, INSTALADO EM REDE DE ALIMENTAÇÃO PARA HIDRANTE - FORNECIMENTO E INSTALAÇÃO. AF_12/2015","UN","COEFICIENTE DE REPRESENTATIVIDADE",112.78,"I","SINAPI",9889,1,"UN","COEFICIENTE DE REPRESENTATIVIDADE",1,83.36,83.36,"","","","","","","","","","","CAIXA REFERENCIAL"]
["INSTALACOES HIDRO SANITARIAS","INHI","CONEXOES",180,"","",92903,"UNIÃO, EM FERRO GALVANIZADO, CONEXÃO ROSQUEADA, DN 80 (3\"), INSTALADO EM REDE DE ALIMENTAÇÃO PARA SPRINKLER - FORNECIMENTO E INSTALAÇÃO. AF_12/2015","UN","COEFICIENTE DE REPRESENTATIVIDADE",146.77,"","SINAPI","","","","","","","",12.56,8.5612934,134.19,91.4250632,0.02,0.0136434,0,0,0,0,"CAIXA REFERENCIAL"]
["INSTALACOES HIDRO SANITARIAS","INHI","CONEXOES",180,"","",92910,"LUVA DE REDUÇÃO, EM FERRO GALVANIZADO, 2.1/2\" X 1.1/2\", CONEXÃO ROSQUEADA, INSTALADO EM PRUMADAS - FORNECIMENTO E INSTALAÇÃO. AF_12/2015","UN","COEFICIENTE DE REPRESENTATIVIDADE",61.92,"I","SINAPI",3148,0.03,"UN","COEFICIENTE DE REPRESENTATIVIDADE",0.03,8.96,0.26,"","","","","","","","","","","CAIXA REFERENCIAL"]
["INSTALACOES HIDRO SANITARIAS","INHI","CONEXOES",180,"","",92911,"LUVA DE REDUÇÃO, EM FERRO GALVANIZADO, 2.1/2\" X 2\", CONEXÃO ROSQUEADA, INSTALADO EM PRUMADAS - FORNECIMENTO E INSTALAÇÃO. AF_12/2015","UN","COEFICIENTE DE REPRESENTATIVIDADE",61.92,"I","SINAPI",3148,0.03,"UN","COEFICIENTE DE REPRESENTATIVIDADE",0.03,8.96,0.26,"","","","","","","","","","","CAIXA REFERENCIAL"]
["INSTALACOES HIDRO SANITARIAS","INHI","CONEXOES",180,"","",92926,"LUVA DE REDUÇÃO, EM FERRO GALVANIZADO, 1 1/4\" X 1/2\", CONEXÃO ROSQUEADA, INSTALADO EM REDE DE ALIMENTAÇÃO PARA HIDRANTE - FORNECIMENTO E INSTALAÇÃO. AF_12/2015","UN","COEFICIENTE DE REPRESENTATIVIDADE",31.17,"I","SINAPI",3937,1,"UN","COEFICIENTE DE REPRESENTATIVIDADE",1,9.94,9.94,"","","","","","","","","","","CAIXA REFERENCIAL"]
["INSTALACOES HIDRO SANITARIAS","INHI","CONEXOES",180,"","",92932,"LUVA DE REDUÇÃO, EM FERRO GALVANIZADO, 2\" X 1.1/4\", CONEXÃO ROSQUEADA, INSTALADO EM REDE DE ALIMENTAÇÃO PARA HIDRANTE - FORNECIMENTO E INSTALAÇÃO. AF_12/2015","UN","COEFICIENTE DE REPRESENTATIVIDADE",45,"S","SINAPI",88267,0.644,"H","COEFICIENTE DE REPRESENTATIVIDADE",0.644,21.76,14.01,"","","","","","","","","","","CAIXA REFERENCIAL"]
["INSTALACOES HIDRO SANITARIAS","INHI","CONEXOES",180,"","",92939,"LUVA DE REDUÇÃO, EM FERRO GALVANIZADO, 1\" X 3/4\", CONEXÃO ROSQUEADA, INSTALADO EM REDE DE ALIMENTAÇÃO PARA SPRINKLER - FORNECIMENTO E INSTALAÇÃO. AF_12/2015","UN","COEFICIENTE DE REPRESENTATIVIDADE",18.7,"I","SINAPI",3919,1,"UN","COEFICIENTE DE REPRESENTATIVIDADE",1,6.68,6.68,"","","","","","","","","","","CAIXA REFERENCIAL"]
["INSTALACOES HIDRO SANITARIAS","INHI","CONEXOES",180,"","",92941,"LUVA DE REDUÇÃO, EM FERRO GALVANIZADO, 1.1/4\" X 1/2\", CONEXÃO ROSQUEADA, INSTALADO EM REDE DE ALIMENTAÇÃO PARA SPRINKLER - FORNECIMENTO E INSTALAÇÃO. AF_12/2015","UN","COEFICIENTE DE REPRESENTATIVIDADE",22.7,"","SINAPI","","","","","","","",9.28,40.8827463,13.4,59.0280875,0.02,0.0891662,0,0,0,0,"CAIXA REFERENCIAL"]
["INSTALACOES HIDRO SANITARIAS","INHI","CONEXOES",180,"","",92947,"LUVA DE REDUÇÃO, EM FERRO GALVANIZADO, 2\" X 1.1/4\", CONEXÃO ROSQUEADA, INSTALADO EM REDE DE ALIMENTAÇÃO PARA SPRINKLER - FORNECIMENTO E INSTALAÇÃO. AF_12/2015","UN","COEFICIENTE DE REPRESENTATIVIDADE",33.88,"I","SINAPI",7307,0.006,"L","COEFICIENTE DE REPRESENTATIVIDADE",0.006,23.06,0.13,"","","","","","","","","","","CAIXA REFERENCIAL"]
["INSTALACOES HIDRO SANITARIAS","INHI","CONEXOES",180,"","",93050,"LUVA PASSANTE EM COBRE, SEM ANEL DE SOLDA, DN 22 MM, INSTALADO EM PRUMADA   FORNECIMENTO E INSTALAÇÃO. AF_01/2016_P","UN","ATRIBUÍDO SÃO PAULO",6.2,"","SINAPI","","","","","","","",1.89,30.6156405,4.31,69.3843595,0,0,0,0,0,0,"CAIXA REFERENCIAL"]
["INSTALACOES HIDRO SANITARIAS","INHI","CONEXOES",180,"","",93056,"LUVA PASSANTE EM COBRE, SEM ANEL DE SOLDA, DN 28 MM, INSTALADO EM PRUMADA   FORNECIMENTO E INSTALAÇÃO. AF_01/2016_P","UN","ATRIBUÍDO SÃO PAULO",8.59,"I","SINAPI",38383,0.0504,"UN","COEFICIENTE DE REPRESENTATIVIDADE",0.0504,1.41,0.07,"","","","","","","","","","","CAIXA REFERENCIAL"]
["INSTALACOES HIDRO SANITARIAS","INHI","CONEXOES",180,"","",93061,"LUVA PASSANTE EM COBRE, SEM ANEL DE SOLDA, DN 35 MM, INSTALADO EM PRUMADA   FORNECIMENTO E INSTALAÇÃO. AF_01/2016_P","UN","ATRIBUÍDO SÃO PAULO",14.71,"I","SINAPI",20078,0.0108,"UN","COEFICIENTE DE REPRESENTATIVIDADE",0.0108,17.63,0.19,"","","","","","","","","","","CAIXA REFERENCIAL"]
["INSTALACOES HIDRO SANITARIAS","INHI","CONEXOES",180,"","",93062,"BUCHA DE REDUÇÃO EM COBRE, SEM ANEL DE SOLDA, PONTA X BOLSA, 35 X 28 MM, INSTALADO EM PRUMADA   FORNECIMENTO E INSTALAÇÃO. AF_01/2016_P","UN","ATRIBUÍDO SÃO PAULO",13.08,"I","SINAPI",39888,1,"UN","ATRIBUÍDO SÃO PAULO",1,7.92,7.92,"","","","","","","","","","","CAIXA REFERENCIAL"]
["INSTALACOES HIDRO SANITARIAS","INHI","CONEXOES",180,"","",93067,"LUVA PASSANTE EM COBRE, SEM ANEL DE SOLDA, DN 54 MM, INSTALADO EM PRUMADA   FORNECIMENTO E INSTALAÇÃO. AF_01/2016_P","UN","ATRIBUÍDO SÃO PAULO",31.6,"I","SINAPI",38383,0.0846,"UN","COEFICIENTE DE REPRESENTATIVIDADE",0.0846,1.41,0.11,"","","","","","","","","","","CAIXA REFERENCIAL"]
["INSTALACOES HIDRO SANITARIAS","INHI","CONEXOES",180,"","",93072,"JUNTA DE EXPANSÃO EM BRONZE/LATÃO, PONTA X PONTA, DN 66 MM, INSTALADO EM PRUMADA   FORNECIMENTO E INSTALAÇÃO. AF_01/2016_P","UN","ATRIBUÍDO SÃO PAULO",589.63,"I","SINAPI",20078,0.0354,"UN","COEFICIENTE DE REPRESENTATIVIDADE",0.0354,17.63,0.62,"","","","","","","","","","","CAIXA REFERENCIAL"]
["INSTALACOES HIDRO SANITARIAS","INHI","CONEXOES",180,"","",93075,"COTOVELO EM BRONZE/LATÃO, 90 GRAUS, SEM ANEL DE SOLDA, BOLSA X ROSCA F, DN 15 MM X 1/2”, INSTALADO EM RAMAL DE DISTRIBUIÇÃO   FORNECIMENTO E INSTALAÇÃO. AF_01/2016_P","UN","ATRIBUÍDO SÃO PAULO",11.87,"S","SINAPI",92716,0.048,"CHP","COEFICIENTE DE REPRESENTATIVIDADE",0.048,14.55,0.69,"","","","","","","","","","","CAIXA REFERENCIAL"]
["INSTALACOES HIDRO SANITARIAS","INHI","CONEXOES",180,"","",93078,"COTOVELO EM BRONZE/LATÃO, 90 GRAUS, SEM ANEL DE SOLDA, BOLSA X ROSCA F, DN 22 MM X 3/4”, INSTALADO EM RAMAL DE DISTRIBUIÇÃO   FORNECIMENTO E INSTALAÇÃO. AF_01/2016_P","UN","ATRIBUÍDO SÃO PAULO",16.91,"I","SINAPI",39871,1,"UN","ATRIBUÍDO SÃO PAULO",1,9.18,9.18,"","","","","","","","","","","CAIXA REFERENCIAL"]
["INSTALACOES HIDRO SANITARIAS","INHI","CONEXOES",180,"","",93083,"JUNTA DE EXPANSÃO EM COBRE, PONTA X PONTA, DN 15 MM, INSTALADO EM RAMAL DE DISTRIBUIÇÃO   FORNECIMENTO E INSTALAÇÃO. AF_01/2016_P","UN","ATRIBUÍDO SÃO PAULO",177.54,"I","SINAPI",38383,0.0458,"UN","COEFICIENTE DE REPRESENTATIVIDADE",0.0458,1.41,0.06,"","","","","","","","","","","CAIXA REFERENCIAL"]
["INSTALACOES HIDRO SANITARIAS","INHI","CONEXOES",180,"","",93088,"CONECTOR EM BRONZE/LATÃO, SEM ANEL DE SOLDA, BOLSA X ROSCA F, DN 22 MM X 3/4”, INSTALADO EM RAMAL DE DISTRIBUIÇÃO   FORNECIMENTO E INSTALAÇÃO. AF_01/2016_P","UN","ATRIBUÍDO SÃO PAULO",12.21,"S","SINAPI",88267,0.106,"H","COEFICIENTE DE REPRESENTATIVIDADE",0.106,21.76,2.3,"","","","","","","","","","","CAIXA REFERENCIAL"]
["INSTALACOES HIDRO SANITARIAS","INHI","CONEXOES",180,"","",93093,"CONECTOR EM BRONZE/LATÃO, SEM ANEL DE SOLDA, BOLSA X ROSCA F, DN 28 MM X 1/2”, INSTALADO EM RAMAL DE DISTRIBUIÇÃO   FORNECIMENTO E INSTALAÇÃO. AF_01/2016_P","UN","ATRIBUÍDO SÃO PAULO",15.74,"S","SINAPI",88248,0.118,"H","COEFICIENTE DE REPRESENTATIVIDADE",0.118,17.65,2.08,"","","","","","","","","","","CAIXA REFERENCIAL"]
["INSTALACOES HIDRO SANITARIAS","INHI","CONEXOES",180,"","",93094,"CURVA DE TRANSPOSIÇÃO EM BRONZE/LATÃO, SEM ANEL DE SOLDA, BOLSA X BOLSA, DN 28 MM, INSTALADO EM RAMAL DE DISTRIBUIÇÃO   FORNECIMENTO E INSTALAÇÃO. AF_01/2016_P","UN","ATRIBUÍDO SÃO PAULO",34.59,"S","SINAPI",92716,0.041,"CHP","COEFICIENTE DE REPRESENTATIVIDADE",0.041,14.55,0.59,"","","","","","","","","","","CAIXA REFERENCIAL"]
["INSTALACOES HIDRO SANITARIAS","INHI","CONEXOES",180,"","",93099,"CURVA EM COBRE, 45 GRAUS, SEM ANEL DE SOLDA, BOLSA X BOLSA, DN 22 MM, INSTALADO EM RAMAL E SUB-RAMAL   FORNECIMENTO E INSTALAÇÃO. AF_01/2016_P","UN","ATRIBUÍDO SÃO PAULO",14.71,"S","SINAPI",88267,0.215,"H","COEFICIENTE DE REPRESENTATIVIDADE",0.215,21.76,4.67,"","","","","","","","","","","CAIXA REFERENCIAL"]
["INSTALACOES HIDRO SANITARIAS","INHI","CONEXOES",180,"","",93104,"CONECTOR EM BRONZE/LATÃO, SEM ANEL DE SOLDA, BOLSA X ROSCA F, 15 MM X 1/2”,  INSTALADO EM RAMAL E SUB-RAMAL   FORNECIMENTO E INSTALAÇÃO. AF_01/2016_P","UN","ATRIBUÍDO SÃO PAULO",10.03,"S","SINAPI",88248,0.095,"H","COEFICIENTE DE REPRESENTATIVIDADE",0.095,17.65,1.67,"","","","","","","","","","","CAIXA REFERENCIAL"]
["INSTALACOES HIDRO SANITARIAS","INHI","CONEXOES",180,"","",93110,"CONECTOR EM BRONZE/LATÃO, SEM ANEL DE SOLDA, BOLSA X ROSCA F, 22 MM X 1/2”, INSTALADO EM RAMAL E SUB-RAMAL   FORNECIMENTO E INSTALAÇÃO. AF_01/2016_P","UN","ATRIBUÍDO SÃO PAULO",12.57,"","SINAPI","","","","","","","",4.17,33.2255456,8.39,66.6936137,0.01,0.0808407,0,0,0,0,"CAIXA REFERENCIAL"]
["INSTALACOES HIDRO SANITARIAS","INHI","CONEXOES",180,"","",93114,"CONECTOR EM BRONZE/LATÃO, SEM ANEL DE SOLDA, BOLSA X ROSCA F, 28 MM X 1/2”, INSTALADO EM RAMAL E SUB-RAMAL   FORNECIMENTO E INSTALAÇÃO. AF_01/2016_P","UN","ATRIBUÍDO SÃO PAULO",18.77,"S","SINAPI",92716,0.064,"CHP","COEFICIENTE DE REPRESENTATIVIDADE",0.064,14.55,0.93,"","","","","","","","","","","CAIXA REFERENCIAL"]
["INSTALACOES HIDRO SANITARIAS","INHI","CONEXOES",180,"","",93116,"JUNTA DE EXPANSÃO EM COBRE, PONTA X PONTA, DN 28 MM, INSTALADO EM RAMAL E SUB-RAMAL   FORNECIMENTO E INSTALAÇÃO. AF_01/2016_P","UN","ATRIBUÍDO SÃO PAULO",229.7,"I","SINAPI",12732,0.0064,"UN","ATRIBUÍDO SÃO PAULO",0.0064,112.98,0.72,"","","","","","","","","","","CAIXA REFERENCIAL"]
["INSTALACOES HIDRO SANITARIAS","INHI","CONEXOES",180,"","",93121,"COTOVELO EM BRONZE/LATÃO, 90 GRAUS, SEM ANEL DE SOLDA, BOLSA X ROSCA F, DN 22 MM X 3/4”, INSTALADO EM PRUMADA   FORNECIMENTO E INSTALAÇÃO. AF_01/2016_P","UN","ATRIBUÍDO SÃO PAULO",14.14,"","SINAPI","","","","","","","",2.79,19.7849462,11.35,80.2150538,0,0,0,0,0,0,"CAIXA REFERENCIAL"]
["INSTALACOES HIDRO SANITARIAS","INHI","CONEXOES",180,"","",93125,"CURVA EM COBRE, 45 GRAUS, SEM ANEL DE SOLDA, BOLSA X BOLSA, DN 54 MM, INSTALADO EM PRUMADA   FORNECIMENTO E INSTALAÇÃO. AF_01/2016_P","UN","ATRIBUÍDO SÃO PAULO",56.11,"S","SINAPI",92716,0.066,"CHP","COEFICIENTE DE REPRESENTATIVIDADE",0.066,14.55,0.96,"","","","","","","","","","","CAIXA REFERENCIAL"]
["INSTALACOES HIDRO SANITARIAS","INHI","CONEXOES",180,"","",94469,"LUVA, EM FERRO GALVANIZADO, CONEXÃO ROSQUEADA, DN 80 (3”), INSTALADO EM RESERVAÇÃO DE ÁGUA DE EDIFICAÇÃO QUE POSSUA RESERVATÓRIO DE FIBRA/FIBROCIMENTO – FORNECIMENTO E INSTALAÇÃO. AF_06/2016","UN","COEFICIENTE DE REPRESENTATIVIDADE",65.35,"I","SINAPI",3914,1,"UN","COEFICIENTE DE REPRESENTATIVIDADE",1,47.82,47.82,"","","","","","","","","","","CAIXA REFERENCIAL"]
["INSTALACOES HIDRO SANITARIAS","INHI","CONEXOES",180,"","",94470,"NIPLE, EM FERRO GALVANIZADO, CONEXÃO ROSQUEADA, DN 80 (3”), INSTALADO EM RESERVAÇÃO DE ÁGUA DE EDIFICAÇÃO QUE POSSUA RESERVATÓRIO DE FIBRA/FIBROCIMENTO – FORNECIMENTO E INSTALAÇÃO. AF_06/2016","UN","COEFICIENTE DE REPRESENTATIVIDADE",60.82,"I","SINAPI",4182,1,"UN","COEFICIENTE DE REPRESENTATIVIDADE",1,43.29,43.29,"","","","","","","","","","","CAIXA REFERENCIAL"]
["INSTALACOES HIDRO SANITARIAS","INHI","CONEXOES",180,"","",94476,"COTOVELO 45 GRAUS, EM FERRO GALVANIZADO, CONEXÃO ROSQUEADA, DN 80 (3”), INSTALADO EM RESERVAÇÃO DE ÁGUA DE EDIFICAÇÃO QUE POSSUA RESERVATÓRIO DE FIBRA/FIBROCIMENTO – FORNECIMENTO E INSTALAÇÃO. AF_06/2016","UN","COEFICIENTE DE REPRESENTATIVIDADE",99.03,"S","SINAPI",88267,0.652,"H","COEFICIENTE DE REPRESENTATIVIDADE",0.652,21.76,14.18,"","","","","","","","","","","CAIXA REFERENCIAL"]
["INSTALACOES HIDRO SANITARIAS","INHI","CONEXOES",180,"","",94612,"LUVA DE COBRE, SEM ANEL DE SOLDA, DN 104 MM, INSTALADO EM RESERVAÇÃO DE ÁGUA DE EDIFICAÇÃO QUE POSSUA RESERVATÓRIO DE FIBRA/FIBROCIMENTO – FORNECIMENTO E INSTALAÇÃO. AF_06/2016_P","UN","ATRIBUÍDO SÃO PAULO",167.94,"","SINAPI","","","","","","","",12.87,7.6693702,155.03,92.3067749,0.04,0.0238549,0,0,0,0,"CAIXA REFERENCIAL"]
["INSTALACOES HIDRO SANITARIAS","INHI","CONEXOES",180,"","",94617,"CURVA EM COBRE, 45 GRAUS, SEM ANEL DE SOLDA, BOLSA X BOLSA, DN 66 MM,  INSTALADO EM RESERVAÇÃO DE ÁGUA DE EDIFICAÇÃO QUE POSSUA RESERVATÓRIO DE FIBRA/FIBROCIMENTO – FORNECIMENTO E INSTALAÇÃO. AF_06/2016_P","UN","ATRIBUÍDO SÃO PAULO",134.44,"S","SINAPI",92716,0.087,"CHP","COEFICIENTE DE REPRESENTATIVIDADE",0.087,14.55,1.26,"","","","","","","","","","","CAIXA REFERENCIAL"]
["INSTALACOES HIDRO SANITARIAS","INHI","CONEXOES",180,"","",94620,"COTOVELO EM COBRE, 90 GRAUS, SEM ANEL DE SOLDA, DN 104 MM, INSTALADO EM RESERVAÇÃO DE ÁGUA DE EDIFICAÇÃO QUE POSSUA RESERVATÓRIO DE FIBRA/FIBROCIMENTO – FORNECIMENTO E INSTALAÇÃO. AF_06/2016_P","UN","ATRIBUÍDO SÃO PAULO",340.61,"I","SINAPI",12722,1,"UN","ATRIBUÍDO SÃO PAULO",1,307.45,307.45,"","","","","","","","","","","CAIXA REFERENCIAL"]
["INSTALACOES HIDRO SANITARIAS","INHI","CONEXOES",180,"","",94656,"ADAPTADOR CURTO COM BOLSA E ROSCA PARA REGISTRO, PVC, SOLDÁVEL, DN  25 MM X 3/4 , INSTALADO EM RESERVAÇÃO DE ÁGUA DE EDIFICAÇÃO QUE POSSUA RESERVATÓRIO DE FIBRA/FIBROCIMENTO   FORNECIMENTO E INSTALAÇÃO. AF_06/2016","UN","COEFICIENTE DE REPRESENTATIVIDADE",4.95,"","SINAPI","","","","","","","",2.39,48.4143763,2.56,51.5856237,0,0,0,0,0,0,"CAIXA REFERENCIAL"]
["INSTALACOES HIDRO SANITARIAS","INHI","CONEXOES",180,"","",94661,"LUVA, PVC, SOLDÁVEL, DN 40 MM, INSTALADO EM RESERVAÇÃO DE ÁGUA DE EDIFICAÇÃO QUE POSSUA RESERVATÓRIO DE FIBRA/FIBROCIMENTO   FORNECIMENTO E INSTALAÇÃO. AF_06/2016","UN","COEFICIENTE DE REPRESENTATIVIDADE",8.75,"I","SINAPI",38383,0.011,"UN","COEFICIENTE DE REPRESENTATIVIDADE",0.011,1.41,0.01,"","","","","","","","","","","CAIXA REFERENCIAL"]
["INSTALACOES HIDRO SANITARIAS","INHI","CONEXOES",180,"","",94667,"LUVA, PVC, SOLDÁVEL, DN 75 MM, INSTALADO EM RESERVAÇÃO DE ÁGUA DE EDIFICAÇÃO QUE POSSUA RESERVATÓRIO DE FIBRA/FIBROCIMENTO   FORNECIMENTO E INSTALAÇÃO. AF_06/2016","UN","COEFICIENTE DE REPRESENTATIVIDADE",22.94,"S","SINAPI",88248,0.184,"H","COEFICIENTE DE REPRESENTATIVIDADE",0.184,17.65,3.24,"","","","","","","","","","","CAIXA REFERENCIAL"]
["INSTALACOES HIDRO SANITARIAS","INHI","CONEXOES",180,"","",94672,"JOELHO 90 GRAUS COM BUCHA DE LATÃO, PVC, SOLDÁVEL, DN  25 MM, X 3/4” INSTALADO EM RESERVAÇÃO DE ÁGUA DE EDIFICAÇÃO QUE POSSUA RESERVATÓRIO DE FIBRA/FIBROCIMENTO   FORNECIMENTO E INSTALAÇÃO. AF_06/2016","UN","COEFICIENTE DE REPRESENTATIVIDADE",8.14,"I","SINAPI",38383,0.012,"UN","COEFICIENTE DE REPRESENTATIVIDADE",0.012,1.41,0.01,"","","","","","","","","","","CAIXA REFERENCIAL"]
["INSTALACOES HIDRO SANITARIAS","INHI","CONEXOES",180,"","",94674,"JOELHO 90 GRAUS, PVC, SOLDÁVEL, DN 32 MM INSTALADO EM RESERVAÇÃO DE ÁGUA DE EDIFICAÇÃO QUE POSSUA RESERVATÓRIO DE FIBRA/FIBROCIMENTO   FORNECIMENTO E INSTALAÇÃO. AF_06/2016","UN","COEFICIENTE DE REPRESENTATIVIDADE",7.35,"S","SINAPI",88267,0.12,"H","COEFICIENTE DE REPRESENTATIVIDADE",0.12,21.76,2.61,"","","","","","","","","","","CAIXA REFERENCIAL"]
["INSTALACOES HIDRO SANITARIAS","INHI","CONEXOES",180,"","",94680,"JOELHO 90 GRAUS, PVC, SOLDÁVEL, DN 60 MM INSTALADO EM RESERVAÇÃO DE ÁGUA DE EDIFICAÇÃO QUE POSSUA RESERVATÓRIO DE FIBRA/FIBROCIMENTO   FORNECIMENTO E INSTALAÇÃO. AF_06/2016","UN","COEFICIENTE DE REPRESENTATIVIDADE",34.86,"I","SINAPI",20083,0.041,"UN","COEFICIENTE DE REPRESENTATIVIDADE",0.041,41.81,1.71,"","","","","","","","","","","CAIXA REFERENCIAL"]
["INSTALACOES HIDRO SANITARIAS","INHI","CONEXOES",180,"","",94686,"JOELHO 90 GRAUS, PVC, SOLDÁVEL, DN 110 MM INSTALADO EM RESERVAÇÃO DE ÁGUA DE EDIFICAÇÃO QUE POSSUA RESERVATÓRIO DE FIBRA/FIBROCIMENTO   FORNECIMENTO E INSTALAÇÃO. AF_06/2016","UN","COEFICIENTE DE REPRESENTATIVIDADE",192.08,"","SINAPI","","","","","","","",14.01,7.2955778,178.05,92.6939925,0.02,0.0104297,0,0,0,0,"CAIXA REFERENCIAL"]
["INSTALACOES HIDRO SANITARIAS","INHI","CONEXOES",180,"","",94692,"TÊ, PVC, SOLDÁVEL, DN 40 MM INSTALADO EM RESERVAÇÃO DE ÁGUA DE EDIFICAÇÃO QUE POSSUA RESERVATÓRIO DE FIBRA/FIBROCIMENTO   FORNECIMENTO E INSTALAÇÃO. AF_06/2016","UN","COEFICIENTE DE REPRESENTATIVIDADE",18.37,"I","SINAPI",7141,1,"UN","COEFICIENTE DE REPRESENTATIVIDADE",1,6.65,6.65,"","","","","","","","","","","CAIXA REFERENCIAL"]
["INSTALACOES HIDRO SANITARIAS","INHI","CONEXOES",180,"","",94693,"TÊ DE REDUÇÃO, PVC, SOLDÁVEL, DN 40 MM X 32 MM, INSTALADO EM RESERVAÇÃO DE ÁGUA DE EDIFICAÇÃO QUE POSSUA RESERVATÓRIO DE FIBRA/FIBROCIMENTO   FORNECIMENTO E INSTALAÇÃO. AF_06/2016","UN","COEFICIENTE DE REPRESENTATIVIDADE",18.25,"","SINAPI","","","","","","","",6.62,36.2930077,11.63,63.7069923,0,0,0,0,0,0,"CAIXA REFERENCIAL"]
["INSTALACOES HIDRO SANITARIAS","INHI","CONEXOES",180,"","",94698,"TÊ DE REDUÇÃO, PVC, SOLDÁVEL, DN 75 MM X 50 MM, INSTALADO EM RESERVAÇÃO DE ÁGUA DE EDIFICAÇÃO QUE POSSUA RESERVATÓRIO DE FIBRA/FIBROCIMENTO   FORNECIMENTO E INSTALAÇÃO. AF_06/2016","UN","COEFICIENTE DE REPRESENTATIVIDADE",54.41,"I","SINAPI",38383,0.055,"UN","COEFICIENTE DE REPRESENTATIVIDADE",0.055,1.41,0.07,"","","","","","","","","","","CAIXA REFERENCIAL"]
["INSTALACOES HIDRO SANITARIAS","INHI","CONEXOES",180,"","",94704,"ADAPTADOR COM FLANGE E ANEL DE VEDAÇÃO, PVC, SOLDÁVEL, DN 32 MM X 1 , INSTALADO EM RESERVAÇÃO DE ÁGUA DE EDIFICAÇÃO QUE POSSUA RESERVATÓRIO DE FIBRA/FIBROCIMENTO   FORNECIMENTO E INSTALAÇÃO. AF_06/2016","UN","COEFICIENTE DE REPRESENTATIVIDADE",21.88,"S","SINAPI",88248,0.136,"H","COEFICIENTE DE REPRESENTATIVIDADE",0.136,17.65,2.4,"","","","","","","","","","","CAIXA REFERENCIAL"]
["INSTALACOES HIDRO SANITARIAS","INHI","CONEXOES",180,"","",94710,"ADAPTADOR COM FLANGES LIVRES, PVC, SOLDÁVEL, DN 40 MM X 1 1/4 , INSTALADO EM RESERVAÇÃO DE ÁGUA DE EDIFICAÇÃO QUE POSSUA RESERVATÓRIO DE FIBRA/FIBROCIMENTO   FORNECIMENTO E INSTALAÇÃO. AF_06/2016","UN","COEFICIENTE DE REPRESENTATIVIDADE",30.82,"I","SINAPI",20080,0.046,"UN","COEFICIENTE DE REPRESENTATIVIDADE",0.046,15.28,0.7,"","","","","","","","","","","CAIXA REFERENCIAL"]
["INSTALACOES HIDRO SANITARIAS","INHI","CONEXOES",180,"","",94724,"CONECTOR, CPVC, SOLDÁVEL, DN 22 MM X 3/4”, INSTALADO EM RESERVAÇÃO DE ÁGUA DE EDIFICAÇÃO QUE POSSUA RESERVATÓRIO DE FIBRA/FIBROCIMENTO – FORNECIMENTO E INSTALAÇÃO. AF_06/2016","UN","COEFICIENTE DE REPRESENTATIVIDADE",19.52,"S","SINAPI",88248,0.075,"H","COEFICIENTE DE REPRESENTATIVIDADE",0.075,17.65,1.32,"","","","","","","","","","","CAIXA REFERENCIAL"]
["INSTALACOES HIDRO SANITARIAS","INHI","CONEXOES",180,"","",94725,"LUVA, CPVC, SOLDÁVEL, DN 22 MM, INSTALADO EM RESERVAÇÃO DE ÁGUA DE EDIFICAÇÃO QUE POSSUA RESERVATÓRIO DE FIBRA/FIBROCIMENTO – FORNECIMENTO E INSTALAÇÃO. AF_06/2016","UN","COEFICIENTE DE REPRESENTATIVIDADE",5.17,"S","SINAPI",88267,0.075,"H","COEFICIENTE DE REPRESENTATIVIDADE",0.075,21.76,1.63,"","","","","","","","","","","CAIXA REFERENCIAL"]
["INSTALACOES HIDRO SANITARIAS","INHI","CONEXOES",180,"","",94737,"LUVA, CPVC, SOLDÁVEL, DN 89 MM, INSTALADO EM RESERVAÇÃO DE ÁGUA DE EDIFICAÇÃO QUE POSSUA RESERVATÓRIO DE FIBRA/FIBROCIMENTO – FORNECIMENTO E INSTALAÇÃO. AF_06/2016","UN","COEFICIENTE DE REPRESENTATIVIDADE",118.18,"S","SINAPI",88248,0.345,"H","COEFICIENTE DE REPRESENTATIVIDADE",0.345,17.65,6.08,"","","","","","","","","","","CAIXA REFERENCIAL"]
["INSTALACOES HIDRO SANITARIAS","INHI","CONEXOES",180,"","",94752,"JOELHO 90 GRAUS, CPVC, SOLDÁVEL, DN 89 MM, INSTALADO EM RESERVAÇÃO DE ÁGUA DE EDIFICAÇÃO QUE POSSUA RESERVATÓRIO DE FIBRA/FIBROCIMENTO – FORNECIMENTO E INSTALAÇÃO. AF_06/2016","UN","COEFICIENTE DE REPRESENTATIVIDADE",150.52,"I","SINAPI",122,0.026,"UN","COEFICIENTE DE REPRESENTATIVIDADE",0.026,48.14,1.25,"","","","","","","","","","","CAIXA REFERENCIAL"]
["INSTALACOES HIDRO SANITARIAS","INHI","CONEXOES",180,"","",94783,"ADAPTADOR COM FLANGE E ANEL DE VEDAÇÃO, PVC, SOLDÁVEL, DN  20 MM X 1/2 , INSTALADO EM RESERVAÇÃO DE ÁGUA DE EDIFICAÇÃO QUE POSSUA RESERVATÓRIO DE FIBRA/FIBROCIMENTO   FORNECIMENTO E INSTALAÇÃO. AF_06/2016","UN","COEFICIENTE DE REPRESENTATIVIDADE",15.94,"","SINAPI","","","","","","","",3.97,24.920534,11.97,75.079466,0,0,0,0,0,0,"CAIXA REFERENCIAL"]
["INSTALACOES HIDRO SANITARIAS","INHI","CONEXOES",180,"","",94783,"ADAPTADOR COM FLANGE E ANEL DE VEDAÇÃO, PVC, SOLDÁVEL, DN  20 MM X 1/2 , INSTALADO EM RESERVAÇÃO DE ÁGUA DE EDIFICAÇÃO QUE POSSUA RESERVATÓRIO DE FIBRA/FIBROCIMENTO   FORNECIMENTO E INSTALAÇÃO. AF_06/2016","UN","COEFICIENTE DE REPRESENTATIVIDADE",15.94,"S","SINAPI",88267,0.136,"H","COEFICIENTE DE REPRESENTATIVIDADE",0.136,21.76,2.95,"","","","","","","","","","","CAIXA REFERENCIAL"]
["INSTALACOES HIDRO SANITARIAS","INHI","CONEXOES",180,"","",94791,"ADAPTADOR COM FLANGES LIVRES, PVC, SOLDÁVEL LONGO, DN 110 MM X 4 , INSTALADO EM RESERVAÇÃO DE ÁGUA DE EDIFICAÇÃO QUE POSSUA RESERVATÓRIO DE FIBRA/FIBROCIMENTO   FORNECIMENTO E INSTALAÇÃO. AF_06/2016","UN","COEFICIENTE DE REPRESENTATIVIDADE",391.9,"","SINAPI","","","","","","","",8.88,2.2673305,383,97.7275629,0.02,0.0051066,0,0,0,0,"CAIXA REFERENCIAL"]
["INSTALACOES HIDRO SANITARIAS","INHI","CONEXOES",180,"","",95695,"CURVA 90 GRAUS, PVC, SERIE R, ÁGUA PLUVIAL, DN 100 MM, JUNTA ELÁSTICA, FORNECIDO E INSTALADO EM CONDUTORES VERTICAIS DE ÁGUAS PLUVIAIS. AF_12/2014","UN","ATRIBUÍDO SÃO PAULO",37.79,"I","SINAPI",301,1,"UN","COLETADO",1,1.65,1.65,"","","","","","","","","","","CAIXA REFERENCIAL"]
["INSTALACOES HIDRO SANITARIAS","INHI","CONEXOES",180,"","",96651,"JOELHO 45 GRAUS, PPR, DN 25 MM, CLASSE PN 25, INSTALADO EM RAMAL DE DISTRIBUIÇÃO DE ÁGUA – FORNECIMENTO E INSTALAÇÃO . AF_06/2015","UN","ATRIBUÍDO SÃO PAULO",7.65,"","SINAPI","","","","","","","",4.75,62.0782727,2.9,37.9217273,0,0,0,0,0,0,"CAIXA REFERENCIAL"]
["INSTALACOES HIDRO SANITARIAS","INHI","CONEXOES",180,"","",96660,"CONECTOR MACHO, PPR, 32 X 3/4'', CLASSE PN 25, INSTALADO EM RAMAL DE DISTRIBUIÇÃO DE ÁGUA   FORNECIMENTO E INSTALAÇÃO. AF_06/2015","UN","ATRIBUÍDO SÃO PAULO",24.63,"S","SINAPI",88267,0.219,"H","COEFICIENTE DE REPRESENTATIVIDADE",0.219,21.76,4.76,"","","","","","","","","","","CAIXA REFERENCIAL"]
["INSTALACOES HIDRO SANITARIAS","INHI","CONEXOES",180,"","",96662,"BUCHA DE REDUÇÃO, PPR, 32 X 25, CLASSE PN 25, INSTALADO EM RAMAL DE DISTRIBUIÇÃO DE ÁGUA – FORNECIMENTO E INSTALAÇÃO . AF_06/2015","UN","ATRIBUÍDO SÃO PAULO",10.57,"I","SINAPI",38992,1,"UN","ATRIBUÍDO SÃO PAULO",1,1.95,1.95,"","","","","","","","","","","CAIXA REFERENCIAL"]
["INSTALACOES HIDRO SANITARIAS","INHI","CONEXOES",180,"","",96689,"JOELHO 45 GRAUS, PPR, DN 40 MM, CLASSE PN 25, INSTALADO EM PRUMADA DE ÁGUA – FORNECIMENTO E INSTALAÇÃO . AF_06/2015","UN","ATRIBUÍDO SÃO PAULO",8.34,"","SINAPI","","","","","","","",2.87,34.4362745,5.47,65.5637255,0,0,0,0,0,0,"CAIXA REFERENCIAL"]
["INSTALACOES HIDRO SANITARIAS","INHI","CONEXOES",180,"","",96698,"LUVA, PPR, DN 25 MM, CLASSE PN 25, INSTALADO EM PRUMADA DE ÁGUA – FORNECIMENTO E INSTALAÇÃO . AF_06/2015","UN","ATRIBUÍDO SÃO PAULO",2.58,"S","SINAPI",88267,0.031,"H","COEFICIENTE DE REPRESENTATIVIDADE",0.031,21.76,0.67,"","","","","","","","","","","CAIXA REFERENCIAL"]
["INSTALACOES HIDRO SANITARIAS","INHI","CONEXOES",180,"","",96705,"LUVA, PPR, DN 50 MM, CLASSE PN 25, INSTALADO EM PRUMADA DE ÁGUA – FORNECIMENTO E INSTALAÇÃO. AF_06/2015","UN","ATRIBUÍDO SÃO PAULO",10.72,"S","SINAPI",88248,0.097,"H","COEFICIENTE DE REPRESENTATIVIDADE",0.097,17.65,1.71,"","","","","","","","","","","CAIXA REFERENCIAL"]
["INSTALACOES HIDRO SANITARIAS","INHI","CONEXOES",180,"","",96711,"TÊ NORMAL, PPR, DN 32 MM, CLASSE PN 25, INSTALADO EM PRUMADA DE ÁGUA – FORNECIMENTO E INSTALAÇÃO . AF_06/2015","UN","ATRIBUÍDO SÃO PAULO",6.99,"I","SINAPI",38456,1,"UN","ATRIBUÍDO SÃO PAULO",1,3.46,3.46,"","","","","","","","","","","CAIXA REFERENCIAL"]
["INSTALACOES HIDRO SANITARIAS","INHI","CONEXOES",180,"","",96739,"LUVA, PPR, DN 32 MM, CLASSE PN 25, INSTALADO EM RESERVAÇÃO DE ÁGUA DE EDIFICAÇÃO QUE POSSUA RESERVATÓRIO DE FIBRA/FIBROCIMENTO – FORNECIMENTO E INSTALAÇÃO. AF_06/2016","UN","ATRIBUÍDO SÃO PAULO",6.12,"","SINAPI","","","","","","","",3.27,53.3898306,2.85,46.6101694,0,0,0,0,0,0,"CAIXA REFERENCIAL"]
["INSTALACOES HIDRO SANITARIAS","INHI","CONEXOES",180,"","",96749,"JOELHO 90 GRAUS, PPR, DN 32 MM, CLASSE PN 25,  INSTALADO EM RESERVAÇÃO DE ÁGUA DE EDIFICAÇÃO QUE POSSUA RESERVATÓRIO DE FIBRA/FIBROCIMENTO – FORNECIMENTO E INSTALAÇÃO. AF_06/2016","UN","ATRIBUÍDO SÃO PAULO",9.04,"S","SINAPI",88267,0.165,"H","COEFICIENTE DE REPRESENTATIVIDADE",0.165,21.76,3.59,"","","","","","","","","","","CAIXA REFERENCIAL"]
["INSTALACOES HIDRO SANITARIAS","INHI","CONEXOES",180,"","",96759,"TÊ, PPR, DN 40 MM, CLASSE PN 25,  INSTALADO EM RESERVAÇÃO DE ÁGUA DE EDIFICAÇÃO QUE POSSUA RESERVATÓRIO DE FIBRA/FIBROCIMENTO – FORNECIMENTO E INSTALAÇÃO. AF_06/2016","UN","ATRIBUÍDO SÃO PAULO",16.47,"S","SINAPI",88248,0.22,"H","COEFICIENTE DE REPRESENTATIVIDADE",0.22,17.65,3.88,"","","","","","","","","","","CAIXA REFERENCIAL"]
["INSTALACOES HIDRO SANITARIAS","INHI","CONEXOES",180,"","",96806,"KIT CHASSI PEX, PRÉ-FABRICADO, PARA COZINHA COM CUBA SIMPLES E CONEXÕES POR ANEL DESLIZANTE – FORNECIMENTO E INSTALAÇÃO. AF_06/2015","UN","ATRIBUÍDO SÃO PAULO",91.85,"I","SINAPI",39357,1,"UN","ATRIBUÍDO SÃO PAULO",1,76.02,76.02,"","","","","","","","","","","CAIXA REFERENCIAL"]
["INSTALACOES HIDRO SANITARIAS","INHI","CONEXOES",180,"","",96808,"UNIÃO METÁLICA PARA INSTALAÇÕES EM PEX, DN 16 MM, FIXAÇÃO DAS CONEXÕES POR ANEL DESLIZANTE – FORNECIMENTO E INSTALAÇÃO . AF_06/2015","UN","ATRIBUÍDO SÃO PAULO",9.27,"S","SINAPI",88267,0.15,"H","COEFICIENTE DE REPRESENTATIVIDADE",0.15,21.76,3.26,"","","","","","","","","","","CAIXA REFERENCIAL"]
["INSTALACOES HIDRO SANITARIAS","INHI","CONEXOES",180,"","",96818,"UNIÃO DE REDUÇÃO, METÁLICA, PEX, DN 25 X 16 MM, CONEXÃO POR ANEL DESLIZANTE – FORNECIMENTO E INSTALAÇÃO. AF_06/2015","UN","ATRIBUÍDO SÃO PAULO",16.58,"S","SINAPI",88248,0.071,"H","COEFICIENTE DE REPRESENTATIVIDADE",0.071,17.65,1.25,"","","","","","","","","","","CAIXA REFERENCIAL"]
["INSTALACOES HIDRO SANITARIAS","INHI","CONEXOES",180,"","",96829,"LUVA DE REDUÇÃO PARA INSTALAÇÕES EM PEX, DN 20 X 16 MM, CONEXÃO POR CRIMPAGEM – FORNECIMENTO E INSTALAÇÃO. AF_06/2015","UN","ATRIBUÍDO SÃO PAULO",14.43,"I","SINAPI",39312,1,"UN","ATRIBUÍDO SÃO PAULO",1,10.69,10.69,"","","","","","","","","","","CAIXA REFERENCIAL"]
["INSTALACOES HIDRO SANITARIAS","INHI","CONEXOES",180,"","",96839,"JOELHO, ROSCA FÊMEA, COM BASE FIXA, METÁLICO, PARA INSTALAÇÕES EM PEX, DN 16MM X 1/2\", CONEXÃO POR ANEL DESLIZANTE – FORNECIMENTO E INSTALAÇÃO. AF_06/2015","UN","ATRIBUÍDO SÃO PAULO",14.55,"","SINAPI","","","","","","","",4.67,32.1254355,9.88,67.8745645,0,0,0,0,0,0,"CAIXA REFERENCIAL"]
["INSTALACOES HIDRO SANITARIAS","INHI","CONEXOES",180,"","",96840,"JOELHO 90 GRAUS, METÁLICO, PARA INSTALAÇÕES EM PEX, DN 20 MM, CONEXÃO POR ANEL DESLIZANTE – FORNECIMENTO E INSTALAÇÃO . AF_06/2015","UN","ATRIBUÍDO SÃO PAULO",18.62,"S","SINAPI",88248,0.089,"H","COEFICIENTE DE REPRESENTATIVIDADE",0.089,17.65,1.57,"","","","","","","","","","","CAIXA REFERENCIAL"]
["INSTALACOES HIDRO SANITARIAS","INHI","CONEXOES",180,"","",96851,"JOELHO 90 GRAUS, ROSCA FÊMEA TERMINAL, PARA INSTALAÇÕES EM PEX, DN 16MM X 3/4\", CONEXÃO POR CRIMPAGEM – FORNECIMENTO E INSTALAÇÃO. AF_06/2015","UN","ATRIBUÍDO SÃO PAULO",20.19,"I","SINAPI",38924,1,"UN","ATRIBUÍDO SÃO PAULO",1,15.45,15.45,"","","","","","","","","","","CAIXA REFERENCIAL"]
["INSTALACOES HIDRO SANITARIAS","INHI","CONEXOES",180,"","",96861,"TÊ, ROSCA FÊMEA, METÁLICO, PARA INSTALAÇÕES EM PEX, DN 16 MM X ½”, CONEXÃO POR ANEL DESLIZANTE   FORNECIMENTO E INSTALAÇÃO. AF_06/2015","UN","ATRIBUÍDO SÃO PAULO",20.07,"","SINAPI","","","","","","","",6.21,30.9667673,13.85,68.9828803,0.01,0.0503524,0,0,0,0,"CAIXA REFERENCIAL"]
["INSTALACOES HIDRO SANITARIAS","INHI","CONEXOES",180,"","",96871,"TÊ, PARA INSTALAÇÕES EM PEX, DN 32 MM, CONEXÃO POR CRIMPAGEM – FORNECIMENTO E INSTALAÇÃO. AF_06/2015","UN","ATRIBUÍDO SÃO PAULO",54.63,"S","SINAPI",88267,0.398,"H","COEFICIENTE DE REPRESENTATIVIDADE",0.398,21.76,8.66,"","","","","","","","","","","CAIXA REFERENCIAL"]
["INSTALACOES HIDRO SANITARIAS","INHI","CONEXOES",180,"","",96872,"DISTRIBUIDOR 2 SAÍDAS, METÁLICO, PARA INSTALAÇÕES EM PEX, ENTRADA DE 3/4\" X 2 SAÍDAS DE 1/2\", CONEXÃO POR ANEL DESLIZANTE – FORNECIMENTO E INSTALAÇÃO. AF_06/2015","UN","ATRIBUÍDO SÃO PAULO",52.23,"S","SINAPI",88267,0.642,"H","COEFICIENTE DE REPRESENTATIVIDADE",0.642,21.76,13.96,"","","","","","","","","","","CAIXA REFERENCIAL"]
["INSTALACOES HIDRO SANITARIAS","INHI","CONEXOES",180,"","",96879,"DISTRIBUIDOR 3 SAÍDAS, PARA INSTALAÇÕES EM PEX, ENTRADA DE 32 MM X 3 SAÍDAS DE 16 MM, CONEXÃO POR CRIMPAGEM – FORNECIMENTO E INSTALAÇÃO. AF_06/2015","UN","ATRIBUÍDO SÃO PAULO",138.04,"I","SINAPI",3148,0.42,"UN","COEFICIENTE DE REPRESENTATIVIDADE",0.42,8.96,3.76,"","","","","","","","","","","CAIXA REFERENCIAL"]
["INSTALACOES HIDRO SANITARIAS","INHI","CAIXAS D'DAGUA, DE INSPECAO E DE GORDURA",181,"","",72290,"CAIXA DE INSPEÇÃO 90X90X80CM EM ALVENARIA - EXECUÇÃO","UN","COEFICIENTE DE REPRESENTATIVIDADE",400.72,"S","SINAPI",88316,12,"H","COEFICIENTE DE REPRESENTATIVIDADE",12,15.03,180.36,"","","","","","","","","","","CAIXA REFERENCIAL"]
["INSTALACOES HIDRO SANITARIAS","INHI","CAIXAS D'DAGUA, DE INSPECAO E DE GORDURA",181,"","",88503,"CAIXA D´ÁGUA EM POLIETILENO, 1000 LITROS, COM ACESSÓRIOS","UN","COEFICIENTE DE REPRESENTATIVIDADE",663.65,"I","SINAPI",87,1,"UN","COEFICIENTE DE REPRESENTATIVIDADE",1,15.5,15.5,"","","","","","","","","","","CAIXA REFERENCIAL"]
["INSTALACOES HIDRO SANITARIAS","INHI","RALOS/CAIXA SIFONADA",182,"","",89491,"CAIXA SIFONADA, PVC, DN 150 X 185 X 75 MM, FORNECIDA E INSTALADA EM RAMAIS DE ENCAMINHAMENTO DE ÁGUA PLUVIAL. AF_12/2014","UN","COEFICIENTE DE REPRESENTATIVIDADE",43.34,"I","SINAPI",11714,1,"UN","COEFICIENTE DE REPRESENTATIVIDADE",1,31.36,31.36,"","","","","","","","","","","CAIXA REFERENCIAL"]
["INSTALACOES HIDRO SANITARIAS","INHI","RALOS/CAIXA SIFONADA",182,"","",89495,"RALO SIFONADO, PVC, DN 100 X 40 MM, JUNTA SOLDÁVEL, FORNECIDO E INSTALADO EM RAMAIS DE ENCAMINHAMENTO DE ÁGUA PLUVIAL. AF_12/2014","UN","COEFICIENTE DE REPRESENTATIVIDADE",7.05,"I","SINAPI",38383,0.012,"UN","COEFICIENTE DE REPRESENTATIVIDADE",0.012,1.41,0.01,"","","","","","","","","","","CAIXA REFERENCIAL"]
["INSTALACOES HIDRO SANITARIAS","INHI","APARELHOS SANITARIOS, LOUCAS, METAIS E OUTROS",183,"","",72739,"VASO SANITARIO INFANTIL SIFONADO, PARA VALVULA DE DESCARGA, EM LOUCA BRANCA, COM ACESSORIOS, INCLUSIVE ASSENTO PLASTICO, BOLSA DE BORRACHA PARA LIGACAO, TUBO PVC LIGACAO - FORNECIMENTO E INSTALACAO","UN","COEFICIENTE DE REPRESENTATIVIDADE",439.23,"I","SINAPI",11686,1,"UN","COEFICIENTE DE REPRESENTATIVIDADE",1,7.03,7.03,"","","","","","","","","","","CAIXA REFERENCIAL"]
["INSTALACOES HIDRO SANITARIAS","INHI","APARELHOS SANITARIOS, LOUCAS, METAIS E OUTROS",183,"","",86874,"TANQUE DE LOUÇA BRANCA SUSPENSO, 18L OU EQUIVALENTE - FORNECIMENTO E INSTALAÇÃO. AF_12/2013","UN","COEFICIENTE DE REPRESENTATIVIDADE",356.09,"S","SINAPI",88316,0.34,"H","COEFICIENTE DE REPRESENTATIVIDADE",0.34,15.03,5.11,"","","","","","","","","","","CAIXA REFERENCIAL"]
["INSTALACOES HIDRO SANITARIAS","INHI","APARELHOS SANITARIOS, LOUCAS, METAIS E OUTROS",183,"","",86886,"ENGATE FLEXÍVEL EM INOX, 1/2” X 30CM - FORNECIMENTO E INSTALAÇÃO. AF_12/2013","UN","COEFICIENTE DE REPRESENTATIVIDADE",25.67,"","SINAPI","","","","","","","",2.95,11.5294117,22.72,88.4705883,0,0,0,0,0,0,"CAIXA REFERENCIAL"]
["INSTALACOES HIDRO SANITARIAS","INHI","APARELHOS SANITARIOS, LOUCAS, METAIS E OUTROS",183,"","",86887,"ENGATE FLEXÍVEL EM INOX, 1/2” X 40CM - FORNECIMENTO E INSTALAÇÃO. AF_12/2013","UN","COEFICIENTE DE REPRESENTATIVIDADE",27.71,"I","SINAPI",3146,0.0175,"UN","COLETADO",0.0175,2.43,0.04,"","","","","","","","","","","CAIXA REFERENCIAL"]
["INSTALACOES HIDRO SANITARIAS","INHI","APARELHOS SANITARIOS, LOUCAS, METAIS E OUTROS",183,"","",86899,"BANCADA DE MÁRMORE BRANCO POLIDO PARA LAVATÓRIO 0,50 X 0,60 M - FORNECIMENTO E INSTALAÇÃO. AF_12/2013","UN","COEFICIENTE DE REPRESENTATIVIDADE",190.62,"","SINAPI","","","","","","","",39.33,20.6349206,151.15,79.2914959,0.14,0.0735835,0,0,0,0,"CAIXA REFERENCIAL"]
["INSTALACOES HIDRO SANITARIAS","INHI","APARELHOS SANITARIOS, LOUCAS, METAIS E OUTROS",183,"","",86905,"APARELHO MISTURADOR DE MESA PARA LAVATÓRIO, PADRÃO MÉDIO - FORNECIMENTO E INSTALAÇÃO. AF_12/2013","UN","COEFICIENTE DE REPRESENTATIVIDADE",168.49,"S","SINAPI",88267,0.46,"H","COEFICIENTE DE REPRESENTATIVIDADE",0.46,21.76,10,"","","","","","","","","","","CAIXA REFERENCIAL"]
["INSTALACOES HIDRO SANITARIAS","INHI","APARELHOS SANITARIOS, LOUCAS, METAIS E OUTROS",183,"","",86914,"TORNEIRA CROMADA 1/2\" OU 3/4\" PARA TANQUE, PADRÃO MÉDIO - FORNECIMENTO E INSTALAÇÃO. AF_12/2013","UN","COEFICIENTE DE REPRESENTATIVIDADE",30.85,"I","SINAPI",13417,1,"UN","COEFICIENTE DE REPRESENTATIVIDADE",1,26.77,26.77,"","","","","","","","","","","CAIXA REFERENCIAL"]
["INSTALACOES HIDRO SANITARIAS","INHI","APARELHOS SANITARIOS, LOUCAS, METAIS E OUTROS",183,"","",86916,"TORNEIRA PLÁSTICA 3/4\" PARA TANQUE - FORNECIMENTO E INSTALAÇÃO. AF_12/2013","UN","COEFICIENTE DE REPRESENTATIVIDADE",39.01,"I","SINAPI",11831,1,"UN","COEFICIENTE DE REPRESENTATIVIDADE",1,34.93,34.93,"","","","","","","","","","","CAIXA REFERENCIAL"]
["INSTALACOES HIDRO SANITARIAS","INHI","APARELHOS SANITARIOS, LOUCAS, METAIS E OUTROS",183,"","",86926,"TANQUE DE MÁRMORE SINTÉTICO COM COLUNA, 22L OU EQUIVALENTE, INCLUSO SIFÃO FLEXÍVEL EM PVC, VÁLVULA PLÁSTICA E TORNEIRA DE PLÁSTICO - FORNECIMENTO E INSTALAÇÃO. AF_12/2013","UN","COEFICIENTE DE REPRESENTATIVIDADE",293.58,"S","SINAPI",86875,1,"UN","COEFICIENTE DE REPRESENTATIVIDADE",1,240.36,240.36,"","","","","","","","","","","CAIXA REFERENCIAL"]
["INSTALACOES HIDRO SANITARIAS","INHI","APARELHOS SANITARIOS, LOUCAS, METAIS E OUTROS",183,"","",86935,"CUBA DE EMBUTIR DE AÇO INOXIDÁVEL MÉDIA, INCLUSO VÁLVULA TIPO AMERICANA EM METAL CROMADO E SIFÃO FLEXÍVEL EM PVC - FORNECIMENTO E INSTALAÇÃO. AF_12/2013","UN","COEFICIENTE DE REPRESENTATIVIDADE",155.55,"S","SINAPI",86900,1,"UN","COEFICIENTE DE REPRESENTATIVIDADE",1,110.19,110.19,"","","","","","","","","","","CAIXA REFERENCIAL"]
["INSTALACOES HIDRO SANITARIAS","INHI","APARELHOS SANITARIOS, LOUCAS, METAIS E OUTROS",183,"","",86943,"LAVATÓRIO LOUÇA BRANCA SUSPENSO, 29,5 X 39CM OU EQUIVALENTE, PADRÃO POPULAR, INCLUSO SIFÃO FLEXÍVEL EM PVC, VÁLVULA E ENGATE FLEXÍVEL 30CM EM PLÁSTICO E TORNEIRA CROMADA DE MESA, PADRÃO POPULAR - FORNECIMENTO E INSTALAÇÃO. AF_12/2013","UN","COEFICIENTE DE REPRESENTATIVIDADE",161.09,"S","SINAPI",86883,1,"UN","COEFICIENTE DE REPRESENTATIVIDADE",1,8.63,8.63,"","","","","","","","","","","CAIXA REFERENCIAL"]
["INSTALACOES HIDRO SANITARIAS","INHI","APARELHOS SANITARIOS, LOUCAS, METAIS E OUTROS",183,"","",95471,"VASO SANITARIO SIFONADO CONVENCIONAL PARA PCD SEM FURO FRONTAL COM  LOUÇA BRANCA SEM ASSENTO -  FORNECIMENTO E INSTALAÇÃO. AF_10/2016","UN","COEFICIENTE DE REPRESENTATIVIDADE",607.2,"I","SINAPI",4384,2,"UN","COEFICIENTE DE REPRESENTATIVIDADE",2,9.35,18.7,"","","","","","","","","","","CAIXA REFERENCIAL"]
["INSTALACOES HIDRO SANITARIAS","INHI","APARELHOS SANITARIOS, LOUCAS, METAIS E OUTROS",183,"","",95542,"PORTA TOALHA ROSTO EM METAL CROMADO, TIPO ARGOLA, INCLUSO FIXAÇÃO. AF_10/2016","UN","COEFICIENTE DE REPRESENTATIVIDADE",21.55,"I","SINAPI",21101,1,"UN","COEFICIENTE DE REPRESENTATIVIDADE",1,17.63,17.63,"","","","","","","","","","","CAIXA REFERENCIAL"]
["INSTALACOES HIDRO SANITARIAS","INHI","FOSSAS/SUMIDOUROS",184,74198,"SUMIDOURO H=5,0M COM TIJOLOS MACICOS A CRIVO ARGAMASSADOS","74198/1","SUMIDOURO EM ALVENARIA DE TIJOLO CERAMICO MACICO DIAMETRO 1,20M E ALTURA 5,00M, COM TAMPA EM CONCRETO ARMADO DIAMETRO 1,40M E ESPESSURA 10CM","UN","COEFICIENTE DE REPRESENTATIVIDADE",{"v":1410.2,"d":"1,410.20"},"S","SINAPI",88309,9.829,"H","COEFICIENTE DE REPRESENTATIVIDADE",9.829,21.8,214.27,"","","","","","","","","","","CAIXA REFERENCIAL"]
["INSTALACOES HIDRO SANITARIAS","INHI","REGISTROS/VALVULAS",271,"","",40729,"VALVULA DESCARGA 1.1/2\" COM REGISTRO, ACABAMENTO EM METAL CROMADO - FORNECIMENTO E INSTALACAO","UN","COEFICIENTE DE REPRESENTATIVIDADE",217.15,"S","SINAPI",88242,0.7,"H","COEFICIENTE DE REPRESENTATIVIDADE",0.7,17.23,12.06,"","","","","","","","","","","CAIXA REFERENCIAL"]
["INSTALACOES HIDRO SANITARIAS","INHI","REGISTROS/VALVULAS",271,73795,"FORNECIMENTO E COLOCACAO DE VALVULAS DE RETENCAO","73795/8","VÁLVULA DE RETENÇÃO HORIZONTAL Ø 20MM (3/4\") - FORNECIMENTO E INSTALAÇÃO","UN","COEFICIENTE DE REPRESENTATIVIDADE",72.06,"I","SINAPI",10412,1,"UN","COEFICIENTE DE REPRESENTATIVIDADE",1,49.85,49.85,"","","","","","","","","","","CAIXA REFERENCIAL"]
["INSTALACOES HIDRO SANITARIAS","INHI","REGISTROS/VALVULAS",271,73795,"FORNECIMENTO E COLOCACAO DE VALVULAS DE RETENCAO","73795/9","VALVULA DE RETENCAO HORIZONTAL Ø 25MM (1”) - FORNECIMENTO E INSTALACAO","UN","COEFICIENTE DE REPRESENTATIVIDADE",90.1,"S","SINAPI",88267,0.6,"H","COEFICIENTE DE REPRESENTATIVIDADE",0.6,21.76,13.05,"","","","","","","","","","","CAIXA REFERENCIAL"]
["INSTALACOES HIDRO SANITARIAS","INHI","REGISTROS/VALVULAS",271,73796,"FORNECIMENTO E COLOCACAO DE VALVULAS DE PE","73796/3","VÁLVULA DE PÉ COM CRIVO Ø 40MM (1.1/2\") - FORNECIMENTO E INSTALAÇÃO","UN","COEFICIENTE DE REPRESENTATIVIDADE",84.57,"I","SINAPI",13,0.04,"KG","COEFICIENTE DE REPRESENTATIVIDADE",0.04,10,0.4,"","","","","","","","","","","CAIXA REFERENCIAL"]
["INSTALACOES HIDRO SANITARIAS","INHI","REGISTROS/VALVULAS",271,74093,"VALVULA DE RETENCAO DE PE COM CRIVO 1 1/4\"","74093/1","VALVULA PE COM CRIVO BRONZE 1.1/4\" - FORNECIMENTO E INSTALACAO","UN","COEFICIENTE DE REPRESENTATIVIDADE",78.17,"S","SINAPI",88248,0.55,"H","COEFICIENTE DE REPRESENTATIVIDADE",0.55,17.65,9.7,"","","","","","","","","","","CAIXA REFERENCIAL"]
["INSTALACOES HIDRO SANITARIAS","INHI","REGISTROS/VALVULAS",271,"","",89969,"KIT DE REGISTRO DE PRESSÃO BRUTO DE LATÃO ½\", INCLUSIVE CONEXÕES,  ROSCÁVEL, INSTALADO EM RAMAL DE ÁGUA FRIA - FORNECIMENTO E INSTALAÇÃO. AF_12/2014","UN","COEFICIENTE DE REPRESENTATIVIDADE",35.34,"S","SINAPI",89349,1,"UN","COEFICIENTE DE REPRESENTATIVIDADE",1,24.76,24.76,"","","","","","","","","","","CAIXA REFERENCIAL"]
["INSTALACOES HIDRO SANITARIAS","INHI","REGISTROS/VALVULAS",271,"","",89972,"KIT DE REGISTRO DE GAVETA BRUTO DE LATÃO ¾\", INCLUSIVE CONEXÕES, ROSCÁVEL, INSTALADO EM RAMAL DE ÁGUA FRIA - FORNECIMENTO E INSTALAÇÃO. AF_12/2014","UN","COEFICIENTE DE REPRESENTATIVIDADE",43.82,"","SINAPI","","","","","","","",11.64,26.5834489,32.18,73.4165511,0,0,0,0,0,0,"CAIXA REFERENCIAL"]
["INSTALACOES HIDRO SANITARIAS","INHI","REGISTROS/VALVULAS",271,"","",90371,"REGISTRO DE ESFERA, PVC, ROSCÁVEL, 3/4\", FORNECIDO E INSTALADO EM RAMAL DE ÁGUA. AF_03/2015","UN","COEFICIENTE DE REPRESENTATIVIDADE",17.47,"I","SINAPI",3148,0.013,"UN","COEFICIENTE DE REPRESENTATIVIDADE",0.013,8.96,0.11,"","","","","","","","","","","CAIXA REFERENCIAL"]
["INSTALACOES HIDRO SANITARIAS","INHI","REGISTROS/VALVULAS",271,"","",94494,"REGISTRO DE GAVETA BRUTO, LATÃO, ROSCÁVEL, 3/4”, INSTALADO EM RESERVAÇÃO DE ÁGUA DE EDIFICAÇÃO QUE POSSUA RESERVATÓRIO DE FIBRA/FIBROCIMENTO – FORNECIMENTO E INSTALAÇÃO. AF_06/2016","UN","COEFICIENTE DE REPRESENTATIVIDADE",55.56,"S","SINAPI",88267,0.7745,"H","COEFICIENTE DE REPRESENTATIVIDADE",0.7745,21.76,16.85,"","","","","","","","","","","CAIXA REFERENCIAL"]
["INSTALACOES HIDRO SANITARIAS","INHI","REGISTROS/VALVULAS",271,"","",94500,"REGISTRO DE GAVETA BRUTO, LATÃO, ROSCÁVEL, 3”, INSTALADO EM RESERVAÇÃO DE ÁGUA DE EDIFICAÇÃO QUE POSSUA RESERVATÓRIO DE FIBRA/FIBROCIMENTO – FORNECIMENTO E INSTALAÇÃO. AF_06/2016","UN","COEFICIENTE DE REPRESENTATIVIDADE",271.06,"S","SINAPI",88267,0.847,"H","COEFICIENTE DE REPRESENTATIVIDADE",0.847,21.76,18.43,"","","","","","","","","","","CAIXA REFERENCIAL"]
["INSTALACOES HIDRO SANITARIAS","INHI","REGISTROS/VALVULAS",271,"","",94800,"TORNEIRA DE BÓIA REAL, ROSCÁVEL, 2\", FORNECIDA E INSTALADA EM RESERVAÇÃO DE ÁGUA. AF_06/2016","UN","COEFICIENTE DE REPRESENTATIVIDADE",95.46,"S","SINAPI",88248,0.53867,"H","COEFICIENTE DE REPRESENTATIVIDADE",0.53867,17.65,9.5,"","","","","","","","","","","CAIXA REFERENCIAL"]
["INSTALACOES HIDRO SANITARIAS","INHI","REGISTROS/VALVULAS",271,"","",95249,"VÁLVULA DE ESFERA BRUTA, BRONZE, ROSCÁVEL, 3/4'', INSTALADO EM RESERVAÇÃO DE ÁGUA DE EDIFICAÇÃO QUE POSSUA RESERVATÓRIO DE FIBRA/FIBROCIMENTO - FORNECIMENTO E INSTALAÇÃO. AF_06/2016","UN","COEFICIENTE DE REPRESENTATIVIDADE",71.55,"S","SINAPI",88248,0.7745,"H","COEFICIENTE DE REPRESENTATIVIDADE",0.7745,17.65,13.66,"","","","","","","","","","","CAIXA REFERENCIAL"]
["INSTALACOES HIDRO SANITARIAS","INHI","HIDROMETRO",272,"","",95637,"KIT CAVALETE PARA MEDIÇÃO DE ÁGUA - ENTRADA PRINCIPAL, EM AÇO GALVANIZADO DN 32 (1 ¼”) – FORNECIMENTO E INSTALAÇÃO (EXCLUSIVE HIDRÔMETRO). AF_11/2016","UN","COEFICIENTE DE REPRESENTATIVIDADE",389.06,"I","SINAPI",4180,2,"UN","COEFICIENTE DE REPRESENTATIVIDADE",2,8.41,16.82,"","","","","","","","","","","CAIXA REFERENCIAL"]
["INSTALACOES HIDRO SANITARIAS","INHI","HIDROMETRO",272,"","",95641,"KIT CAVALETE PARA MEDIÇÃO DE ÁGUA - ENTRADA INDIVIDUALIZADA, EM PVC DN 25 (¾”), PARA 2 MEDIDORES – FORNECIMENTO E INSTALAÇÃO (EXCLUSIVE HIDRÔMETRO). AF_11/2016","UN","COEFICIENTE DE REPRESENTATIVIDADE",228.59,"S","SINAPI",88248,2.5456,"H","COEFICIENTE DE REPRESENTATIVIDADE",2.5456,17.65,44.92,"","","","","","","","","","","CAIXA REFERENCIAL"]
["INSTALACOES HIDRO SANITARIAS","INHI","HIDROMETRO",272,"","",95645,"KIT CAVALETE PARA MEDIÇÃO DE ÁGUA - ENTRADA INDIVIDUALIZADA, EM PVC DN 32 (1”), PARA 2 MEDIDORES – FORNECIMENTO E INSTALAÇÃO (EXCLUSIVE HIDRÔMETRO). AF_11/2016","UN","COEFICIENTE DE REPRESENTATIVIDADE",299.53,"","SINAPI","","","","","","","",82.69,27.6080999,216.52,72.2849697,0.32,0.1069304,0,0,0,0,"CAIXA REFERENCIAL"]
["INSTALACOES HIDRO SANITARIAS","INHI","HIDROMETRO",272,"","",95645,"KIT CAVALETE PARA MEDIÇÃO DE ÁGUA - ENTRADA INDIVIDUALIZADA, EM PVC DN 32 (1”), PARA 2 MEDIDORES – FORNECIMENTO E INSTALAÇÃO (EXCLUSIVE HIDRÔMETRO). AF_11/2016","UN","COEFICIENTE DE REPRESENTATIVIDADE",299.53,"I","SINAPI",7142,1,"UN","COEFICIENTE DE REPRESENTATIVIDADE",1,7.52,7.52,"","","","","","","","","","","CAIXA REFERENCIAL"]
["INSTALACOES HIDRO SANITARIAS","INHI","HIDROMETRO",272,"","",95674,"HIDRÔMETRO DN 20 (½”), 3,0 M³/H – FORNECIMENTO E INSTALAÇÃO. AF_11/2016","UN","COEFICIENTE DE REPRESENTATIVIDADE",114.66,"I","SINAPI",12773,1,"UN","COEFICIENTE DE REPRESENTATIVIDADE",1,96.61,96.61,"","","","","","","","","","","CAIXA REFERENCIAL"]
["INSTALACOES HIDRO SANITARIAS","INHI","SERVICOS DIVERSOS",297,"","",90439,"FURO EM CONCRETO PARA DIÂMETROS MENORES OU IGUAIS A 40 MM. AF_05/2015","UN","COEFICIENTE DE REPRESENTATIVIDADE",49.43,"S","SINAPI",88267,1.172,"H","COEFICIENTE DE REPRESENTATIVIDADE",1.172,21.76,25.5,"","","","","","","","","","","CAIXA REFERENCIAL"]
["INSTALACOES HIDRO SANITARIAS","INHI","SERVICOS DIVERSOS",297,"","",90452,"PASSANTE TIPO PEÇA EM POLIESTIRENO PARA ABERTURA PARA PASSAGEM DE MAIS DE 1 TUBO, FIXADO EM LAJE. AF_05/2015","UN","COEFICIENTE DE REPRESENTATIVIDADE",9.4,"I","SINAPI",39995,0.031,"M3","COEFICIENTE DE REPRESENTATIVIDADE",0.031,155.37,4.81,"","","","","","","","","","","CAIXA REFERENCIAL"]
["INSTALACOES HIDRO SANITARIAS","INHI","SERVICOS DIVERSOS",297,"","",90454,"PASSANTE TIPO TUBO DE DIÂMETRO MAIORES QUE 40 MM E MENORES OU IGUAIS A 75 MM, FIXADO EM LAJE. AF_05/2015","UN","COEFICIENTE DE REPRESENTATIVIDADE",3.49,"I","SINAPI",9837,0.15,"M","COEFICIENTE DE REPRESENTATIVIDADE",0.15,6.59,0.98,"","","","","","","","","","","CAIXA REFERENCIAL"]
["INSTALACOES HIDRO SANITARIAS","INHI","SERVICOS DIVERSOS",297,"","",90462,"PERFILADO DE SEÇÃO 38X38 MM PARA SUPORTE DE ATÉ 3 TUBOS VERTICAIS. AF_05/2015","M","COEFICIENTE DE REPRESENTATIVIDADE",2.7,"I","SINAPI",39029,0.04,"M","COEFICIENTE DE REPRESENTATIVIDADE",0.04,9.69,0.38,"","","","","","","","","","","CAIXA REFERENCIAL"]
["INSTALACOES HIDRO SANITARIAS","INHI","SERVICOS DIVERSOS",297,"","",91169,"FIXAÇÃO DE TUBOS HORIZONTAIS DE PPR DIÂMETROS MAIORES QUE 75 MM COM ABRAÇADEIRA METÁLICA RÍGIDA TIPO D 3\", FIXADA EM PERFILADO EM LAJE. AF_05/2015","M","COEFICIENTE DE REPRESENTATIVIDADE",8.06,"S","SINAPI",88248,0.033,"H","COEFICIENTE DE REPRESENTATIVIDADE",0.033,17.65,0.58,"","","","","","","","","","","CAIXA REFERENCIAL"]
["INSTALACOES HIDRO SANITARIAS","INHI","SERVICOS DIVERSOS",297,"","",91177,"FIXAÇÃO DE TUBOS HORIZONTAIS DE PPR DIÂMETROS MAIORES QUE 40 MM E MENORES OU IGUAIS A 75 MM COM ABRAÇADEIRA METÁLICA RÍGIDA TIPO  D  1 1/2\" , FIXADA DIRETAMENTE NA LAJE. AF_05/2015","M","COEFICIENTE DE REPRESENTATIVIDADE",14.74,"I","SINAPI",39997,0.979,"UN","COEFICIENTE DE REPRESENTATIVIDADE",0.979,0.12,0.11,"","","","","","","","","","","CAIXA REFERENCIAL"]
["INSTALACOES HIDRO SANITARIAS","INHI","SERVICOS DIVERSOS",297,"","",91182,"FIXAÇÃO DE TUBOS HORIZONTAIS DE PPR DIÂMETROS MENORES OU IGUAIS A 40 MM COM ABRAÇADEIRA METÁLICA FLEXÍVEL 18 MM, FIXADA DIRETAMENTE NA LAJE. AF_05/2015","M","COEFICIENTE DE REPRESENTATIVIDADE",22.4,"S","SINAPI",88267,0.82,"H","COEFICIENTE DE REPRESENTATIVIDADE",0.82,21.76,17.84,"","","","","","","","","","","CAIXA REFERENCIAL"]
["INSTALACOES HIDRO SANITARIAS","INHI","SERVICOS DIVERSOS",297,"","",91184,"FIXAÇÃO DE TUBOS HORIZONTAIS DE PPR DIÂMETROS MAIORES QUE 75 MM COM ABRAÇADEIRA METÁLICA FLEXÍVEL 18 MM, FIXADA DIRETAMENTE NA LAJE. AF_05/2015","M","COEFICIENTE DE REPRESENTATIVIDADE",10.51,"S","SINAPI",88267,0.392,"H","COEFICIENTE DE REPRESENTATIVIDADE",0.392,21.76,8.52,"","","","","","","","","","","CAIXA REFERENCIAL"]
["INSTALACOES HIDRO SANITARIAS","INHI","SERVICOS DIVERSOS",297,"","",91222,"RASGO EM ALVENARIA PARA RAMAIS/ DISTRIBUIÇÃO COM DIÂMETROS MAIORES QUE 40 MM E MENORES OU IGUAIS A 75 MM. AF_05/2015","M","COEFICIENTE DE REPRESENTATIVIDADE",11.85,"S","SINAPI",88248,0.076,"H","COEFICIENTE DE REPRESENTATIVIDADE",0.076,17.65,1.34,"","","","","","","","","","","CAIXA REFERENCIAL"]
["INSTALACOES HIDRO SANITARIAS","INHI","SERVICOS DIVERSOS",297,"","",94481,"CONJUNTO HIDRÁULICO PARA INSTALAÇÃO DE BOMBA EM AÇO ROSCÁVEL, DN SUCÇÃO 50 (2”) E DN RECALQUE 40 (1 1/2”), PARA EDIFICAÇÃO ENTRE 8 E 12 PAVIMENTOS – FORNECIMENTO E INSTALAÇÃO. AF_06/2016","UN","COEFICIENTE DE REPRESENTATIVIDADE",{"v":1256.7,"d":"1,256.70"},"I","SINAPI",10416,1,"UN","COEFICIENTE DE REPRESENTATIVIDADE",1,60.35,60.35,"","","","","","","","","","","CAIXA REFERENCIAL"]
["INSTALACOES HIDRO SANITARIAS","INHI","SERVICOS DIVERSOS",297,"","",95541,"FIXAÇÃO UTILIZANDO PARAFUSO E BUCHA DE NYLON, SOMENTE MÃO DE OBRA. AF_10/2016","UN","COEFICIENTE DE REPRESENTATIVIDADE",3.92,"","SINAPI","","","","","","","",3.07,78.1333334,0.85,21.8666666,0,0,0,0,0,0,"CAIXA REFERENCIAL"]
["INSTALACOES HIDRO SANITARIAS","INHI","SERVICOS DIVERSOS",297,"","",95573,"MÃO-FRANCESA EM AÇO, ABAS IGUAIS 40 CM, CAPACIDADE MÍNIMA 70 KG, BRANCO – FORNECIMENTO E INSTALAÇÃO. AF_11/2016","UN","COEFICIENTE DE REPRESENTATIVIDADE",32.33,"S","SINAPI",88316,0.25,"H","COEFICIENTE DE REPRESENTATIVIDADE",0.25,15.03,3.75,"","","","","","","","","","","CAIXA REFERENCIAL"]
["INSTALACOES HIDRO SANITARIAS","INHI","SERVICOS DIVERSOS",297,"","",96563,"PERFILADO DE SEÇÃO 38X76 MM PARA SUPORTE DE ELETROCALHA LISA OU PERFURADA EM AÇO GALVANIZADO, LARGURA 500 OU 800 MM E ALTURA 50 MM. AF_07/2017","M","COEFICIENTE DE REPRESENTATIVIDADE",34.23,"S","SINAPI",88248,0.023,"H","COEFICIENTE DE REPRESENTATIVIDADE",0.023,17.65,0.4,"","","","","","","","","","","CAIXA REFERENCIAL"]
["INSTALACOES DE PRODUCAO","INPR","INSTALACAO DE BOMBAS EM GERAL",232,73835,"INSTALACAO DE CONJUNTO MOTO BOMBA VERTICAL","73835/2","INSTALACAO DE CONJ.MOTO BOMBA VERTICAL 100 < POT <= 200 CV","UN","COEFICIENTE DE REPRESENTATIVIDADE",{"v":1669.06,"d":"1,669.06"},"S","SINAPI",88277,34,"H","COEFICIENTE DE REPRESENTATIVIDADE",34,23.15,787.1,"","","","","","","","","","","CAIXA REFERENCIAL"]
["INSTALACOES DE PRODUCAO","INPR","INSTALACAO DE BOMBAS EM GERAL",232,73837,"INSTALACAO DE CONJUNTO MOTO BOMBA SUBMERSO/POSICIONAMENTO","73837/3","INSTALACAO DE CONJ.MOTO BOMBA SUBMERSO DE 26 A 50 CV","UN","COEFICIENTE DE REPRESENTATIVIDADE",750.3,"S","SINAPI",88267,10,"H","COEFICIENTE DE REPRESENTATIVIDADE",10,21.76,217.6,"","","","","","","","","","","CAIXA REFERENCIAL"]
["INSTALACOES DE PRODUCAO","INPR","MONTAGENS EM GERAL",240,73873,"LEITO FILTRANTE","73873/3","LEITO FILTRANTE - COLOCACAO DE AREIA NOS FILTROS","M3","COEFICIENTE DE REPRESENTATIVIDADE",77.34,"","SINAPI","","","","","","","",55.33,71.5359689,21.77,28.1529488,0.24,0.3110823,0,0,0,0,"CAIXA REFERENCIAL"]
["INSTALACOES DE PRODUCAO","INPR","MONTAGENS EM GERAL",240,73873,"LEITO FILTRANTE","73873/5","LEITO FILTRANTE - COLOCACAO DE ANTRACITO NOS FILTROS","M3","COEFICIENTE DE REPRESENTATIVIDADE",77.34,"","SINAPI","","","","","","","",55.33,71.5359689,21.77,28.1529488,0.24,0.3110823,0,0,0,0,"CAIXA REFERENCIAL"]
["LIGACOES PREDIAIS AGUA/ESGOTO/ENERGIA/TELEFONE","LIPR","LIGACOES PREDIAIS DE ESGOTO",59,"","",73658,"LIGAÇÃO DOMICILIAR DE ESGOTO DN 100MM, DA CASA ATÉ A CAIXA, COMPOSTO POR 10,0M TUBO DE PVC ESGOTO PREDIAL DN 100MM E CAIXA DE ALVENARIA COM TAMPA DE CONCRETO - FORNECIMENTO E INSTALAÇÃO","UN","COEFICIENTE DE REPRESENTATIVIDADE",509.14,"I","SINAPI",6189,0.3,"M","COEFICIENTE DE REPRESENTATIVIDADE",0.3,19.31,5.79,"","","","","","","","","","","CAIXA REFERENCIAL"]
["LIGACOES PREDIAIS AGUA/ESGOTO/ENERGIA/TELEFONE","LIPR","LIGACOES PREDIAIS DE ESGOTO",59,"","",93353,"COLETOR PREDIAL DE ESGOTO, DA CAIXA ATÉ A REDE (DISTÂNCIA = 4 M, LARGURA DA VALA = 0,65 M), INCLUINDO ESCAVAÇÃO MANUAL, PREPARO DE FUNDO DE VALA E REATERRO MANUAL COM COMPACTAÇÃO MECANIZADA, TUBO  PVC P/ REDE COLETORA ESGOTO JEI DN 100 MM E CONEXÕES - FORNECIMENTO E INSTALAÇÃO. AF_03/2016","UN","ATRIBUÍDO SÃO PAULO",338.26,"I","SINAPI",1970,1,"UN","COEFICIENTE DE REPRESENTATIVIDADE",1,40.78,40.78,"","","","","","","","","","","CAIXA REFERENCIAL"]
["LIGACOES PREDIAIS AGUA/ESGOTO/ENERGIA/TELEFONE","LIPR","LIGACOES PREDIAIS DE ESGOTO",59,"","",93356,"COLETOR PREDIAL DE ESGOTO, DA CAIXA ATÉ A REDE (DISTÂNCIA = 6 M, LARGURA DA VALA = 0,65 M), INCLUINDO ESCAVAÇÃO MECANIZADA, PREPARO DE FUNDO DE VALA E REATERRO COM COMPACTAÇÃO MECANIZADA, TUBO PVC P/ REDE COLETORA ESGOTO JEI DN 100 MM E CONEXÕES - FORNECIMENTO E INSTALAÇÃO. AF_03/2016","UN","ATRIBUÍDO SÃO PAULO",341.59,"S","SINAPI",90105,2.457,"M3","COEFICIENTE DE REPRESENTATIVIDADE",2.457,12.64,31.05,"","","","","","","","","","","CAIXA REFERENCIAL"]
["LIGACOES PREDIAIS AGUA/ESGOTO/ENERGIA/TELEFONE","LIPR","LIGACOES PREDIAIS DE ESGOTO",59,"","",93357,"COLETOR PREDIAL DE ESGOTO, DA CAIXA ATÉ A REDE (DISTÂNCIA = 4 M, LARGURA DA VALA = 0,65 M), INCLUINDO ESCAVAÇÃO MECANIZADA, PREPARO DE FUNDO DE VALA E REATERRO COM COMPACTAÇÃO MECANIZADA, TUBO PVC P/ REDE COLETORA ESGOTO JEI DN 100 MM E CONEXÕES - FORNECIMENTO E INSTALAÇÃO. AF_03/2016","UN","ATRIBUÍDO SÃO PAULO",253.12,"S","SINAPI",88316,0.54,"H","COEFICIENTE DE REPRESENTATIVIDADE",0.54,15.03,8.11,"","","","","","","","","","","CAIXA REFERENCIAL"]
["MOVIMENTO DE TERRA","MOVT","CORTE/ESCAVACAO EM JAZIDAS OU CAMPO ABERTO",18,74155,"ESCAVACAO E TRANSPORTE DMT 50M C/TRATOR ESTEIRAS CAT D8","74155/2","ESCAVACAO E TRANSPORTE DE MATERIAL DE  2A CAT DMT 50M COM TRATOR SOBRE  ESTEIRAS 347 HP COM LAMINA E ESCARIFICADOR","M3","COEFICIENTE DE REPRESENTATIVIDADE",2.94,"","SINAPI","","","","","","","",0.19,6.5743944,1.04,35.6401384,1.71,57.7854672,0,0,0,0,"CAIXA REFERENCIAL"]
["MOVIMENTO DE TERRA","MOVT","CORTE/ESCAVACAO EM JAZIDAS OU CAMPO ABERTO",18,"","",89888,"ESCAVAÇÃO VERTICAL A CÉU ABERTO, INCLUINDO CARGA, DESCARGA E TRANSPORTE, EM SOLO DE 1ª CATEGORIA COM ESCAVADEIRA HIDRÁULICA (CAÇAMBA: 0,8 M³ / 111 HP), FROTA DE 3 CAMINHÕES BASCULANTES DE 14 M³, DMT DE 0,8 KM E VELOCIDADE MÉDIA 14 KM/H. AF_12/2013","M3","COEFICIENTE DE REPRESENTATIVIDADE",7.56,"S","SINAPI",5632,0.0029,"CHI","COEFICIENTE DE REPRESENTATIVIDADE",0.0029,58.95,0.17,"","","","","","","","","","","CAIXA REFERENCIAL"]
["MOVIMENTO DE TERRA","MOVT","CORTE/ESCAVACAO EM JAZIDAS OU CAMPO ABERTO",18,"","",89895,"ESCAVAÇÃO VERTICAL A CÉU ABERTO, INCLUINDO CARGA, DESCARGA E TRANSPORTE, EM SOLO DE 1ª CATEGORIA COM ESCAVADEIRA HIDRÁULICA (CAÇAMBA: 0,8 M³ / 111 HP), FROTA DE 7 CAMINHÕES BASCULANTES DE 14 M³, DMT DE 6 KM E VELOCIDADE MÉDIA 22 KM/H. AF_12/2013","M3","COEFICIENTE DE REPRESENTATIVIDADE",17.77,"S","SINAPI",88316,0.0143,"H","COEFICIENTE DE REPRESENTATIVIDADE",0.0143,15.03,0.21,"","","","","","","","","","","CAIXA REFERENCIAL"]
["MOVIMENTO DE TERRA","MOVT","CORTE/ESCAVACAO EM JAZIDAS OU CAMPO ABERTO",18,"","",89909,"ESCAVAÇÃO VERTICAL A CÉU ABERTO, INCLUINDO CARGA, DESCARGA E TRANSPORTE, EM SOLO DE 1ª CATEGORIA COM ESCAVADEIRA HIDRÁULICA (CAÇAMBA: 0,8 M³ / 111 HP), FROTA DE 4 CAMINHÕES BASCULANTES DE 18 M³, DMT DE 2 KM E VELOCIDADE MÉDIA 22 KM/H. AF_12/2013","M3","COEFICIENTE DE REPRESENTATIVIDADE",10.28,"","SINAPI","","","","","","","",1.48,14.3992055,5.81,56.5044688,2.99,29.0963257,0,0,0,0,"CAIXA REFERENCIAL"]
["MOVIMENTO DE TERRA","MOVT","CORTE/ESCAVACAO EM JAZIDAS OU CAMPO ABERTO",18,"","",89910,"ESCAVAÇÃO VERTICAL A CÉU ABERTO, INCLUINDO CARGA, DESCARGA E TRANSPORTE, EM SOLO DE 1ª CATEGORIA COM ESCAVADEIRA HIDRÁULICA (CAÇAMBA: 0,8 M³ / 111 HP), FROTA DE 3 CAMINHÕES BASCULANTES DE 18 M³, DMT DE 2 KM E VELOCIDADE MÉDIA 35 KM/H. AF_12/2013","M3","COEFICIENTE DE REPRESENTATIVIDADE",8.88,"S","SINAPI",89883,0.0306,"CHP","COEFICIENTE DE REPRESENTATIVIDADE",0.0306,216.55,6.62,"","","","","","","","","","","CAIXA REFERENCIAL"]
["MOVIMENTO DE TERRA","MOVT","CORTE/ESCAVACAO EM JAZIDAS OU CAMPO ABERTO",18,"","",89924,"ESCAVAÇÃO VERTICAL A CÉU ABERTO, INCLUINDO CARGA, DESCARGA E TRANSPORTE, EM SOLO DE 1ª CATEGORIA COM ESCAVADEIRA HIDRÁULICA (CAÇAMBA: 1,2 M³ / 155 HP), FROTA DE 3 CAMINHÕES BASCULANTES DE 14 M³, DMT DE 0,8 KM E VELOCIDADE MÉDIA 14 KM/H. AF_12/2013","M3","COEFICIENTE DE REPRESENTATIVIDADE",6.16,"S","SINAPI",88316,0.0102,"H","COEFICIENTE DE REPRESENTATIVIDADE",0.0102,15.03,0.15,"","","","","","","","","","","CAIXA REFERENCIAL"]
["MOVIMENTO DE TERRA","MOVT","CORTE/ESCAVACAO EM JAZIDAS OU CAMPO ABERTO",18,"","",89930,"ESCAVAÇÃO VERTICAL A CÉU ABERTO, INCLUINDO CARGA, DESCARGA E TRANSPORTE, EM SOLO DE 1ª CATEGORIA COM ESCAVADEIRA HIDRÁULICA (CAÇAMBA: 1,2 M³ / 155 HP), FROTA DE 7 CAMINHÕES BASCULANTES DE 14 M³, DMT DE 4 KM E VELOCIDADE MÉDIA 22 KM/H. AF_12/2013","M3","COEFICIENTE DE REPRESENTATIVIDADE",13.19,"S","SINAPI",89876,0.0559,"CHP","COEFICIENTE DE REPRESENTATIVIDADE",0.0559,195.41,10.92,"","","","","","","","","","","CAIXA REFERENCIAL"]
["MOVIMENTO DE TERRA","MOVT","CORTE/ESCAVACAO EM JAZIDAS OU CAMPO ABERTO",18,"","",89944,"ESCAVAÇÃO VERTICAL A CÉU ABERTO, INCLUINDO CARGA, DESCARGA E TRANSPORTE, EM SOLO DE 1ª CATEGORIA COM ESCAVADEIRA HIDRÁULICA (CAÇAMBA: 1,2 M³ / 155 HP), FROTA DE 5 CAMINHÕES BASCULANTES DE 18 M³, DMT DE 1,5 KM E VELOCIDADE MÉDIA 18 KM/H. AF_12/2013","M3","COEFICIENTE DE REPRESENTATIVIDADE",8.84,"S","SINAPI",89884,0.0154,"CHI","COEFICIENTE DE REPRESENTATIVIDADE",0.0154,46.43,0.71,"","","","","","","","","","","CAIXA REFERENCIAL"]
["MOVIMENTO DE TERRA","MOVT","CORTE/ESCAVACAO EM JAZIDAS OU CAMPO ABERTO",18,"","",89945,"ESCAVAÇÃO VERTICAL A CÉU ABERTO, INCLUINDO CARGA, DESCARGA E TRANSPORTE, EM SOLO DE 1ª CATEGORIA COM ESCAVADEIRA HIDRÁULICA (CAÇAMBA: 1,2 M³ / 155 HP), FROTA DE 5 CAMINHÕES BASCULANTES DE 18 M³, DMT DE 2 KM E VELOCIDADE MÉDIA 22 KM/H. AF_12/2013","M3","COEFICIENTE DE REPRESENTATIVIDADE",9.02,"S","SINAPI",89884,0.0144,"CHI","COEFICIENTE DE REPRESENTATIVIDADE",0.0144,46.43,0.66,"","","","","","","","","","","CAIXA REFERENCIAL"]
["MOVIMENTO DE TERRA","MOVT","CORTE/ESCAVACAO EM JAZIDAS OU CAMPO ABERTO",18,"","",96523,"ESCAVAÇÃO MANUAL PARA BLOCO DE COROAMENTO OU SAPATA, COM PREVISÃO DE FÔRMA. AF_06/2017","M3","COEFICIENTE DE REPRESENTATIVIDADE",71.8,"S","SINAPI",88309,1.189,"H","COEFICIENTE DE REPRESENTATIVIDADE",1.189,21.8,25.92,"","","","","","","","","","","CAIXA REFERENCIAL"]
["MOVIMENTO DE TERRA","MOVT","ESCAVACAO DE VALAS",19,79518,"MARROAMENTO","79518/1","MARROAMENTO EM MATERIAL DE 3A CATEGORIA, ROCHA VIVA PARA REDUÇÃO A PEDRA-DE-MÃO","M3","COEFICIENTE DE REPRESENTATIVIDADE",36.07,"S","SINAPI",88316,2.4,"H","COEFICIENTE DE REPRESENTATIVIDADE",2.4,15.03,36.07,"","","","","","","","","","","CAIXA REFERENCIAL"]
["MOVIMENTO DE TERRA","MOVT","ESCAVACAO DE VALAS",19,"","",90092,"ESCAVAÇÃO MECANIZADA DE VALA COM PROF. MAIOR QUE 1,5 M E ATÉ 3,0 M(MÉDIA ENTRE MONTANTE E JUSANTE/UMA COMPOSIÇÃO POR TRECHO), COM ESCAVADEIRA HIDRÁULICA (0,8 M3/111 HP), LARG. MENOR QUE 1,5 M, EM SOLO DE 1A CATEGORIA, LOCAIS COM BAIXO NÍVEL DE INTERFERÊNCIA. AF_01/2015","M3","COEFICIENTE DE REPRESENTATIVIDADE",4.86,"S","SINAPI",5631,0.023,"CHP","COEFICIENTE DE REPRESENTATIVIDADE",0.023,137.46,3.16,"","","","","","","","","","","CAIXA REFERENCIAL"]
["MOVIMENTO DE TERRA","MOVT","ESCAVACAO DE VALAS",19,"","",90094,"ESCAVAÇÃO MECANIZADA DE VALA COM PROF. MAIOR QUE 3,0 M ATÉ 4,5 M (MÉDIA ENTRE MONTANTE E JUSANTE/UMA COMPOSIÇÃO POR TRECHO), COM ESCAVADEIRA HIDRÁULICA (0,8 M3/111 HP), LARG. MENOR QUE 1,5 M, EM SOLO DE 1A CATEGORIA, LOCAIS COM BAIXO NÍVEL DE INTERFERÊNCIA. AF_01/2015","M3","COEFICIENTE DE REPRESENTATIVIDADE",3.63,"S","SINAPI",88316,0.036,"H","COEFICIENTE DE REPRESENTATIVIDADE",0.036,15.03,0.54,"","","","","","","","","","","CAIXA REFERENCIAL"]
["MOVIMENTO DE TERRA","MOVT","ESCAVACAO DE VALAS",19,"","",90107,"ESCAVAÇÃO MECANIZADA DE VALA COM PROFUNDIDADE MAIOR QUE 1,5 M ATÉ 3,0 M, COM (MÉDIA ENTRE MONTANTE E JUSANTE/UMA COMPOSIÇÃO POR TRECHO) COM RETROESCAVADEIRA (CAPACIDADE DA CAÇAMBA DA RETRO: 0,26 M3 / POTÊNCIA: 88 HP), LARGURA MENOR QUE 0,8 M, EM SOLO DE1A CATEGORIA, LOCAIS COM BAIXO NÍVEL DE INTERFERÊNCIA. AF_01/2015","M3","COEFICIENTE DE REPRESENTATIVIDADE",10.66,"S","SINAPI",5679,0.048,"CHI","COEFICIENTE DE REPRESENTATIVIDADE",0.048,44.39,2.13,"","","","","","","","","","","CAIXA REFERENCIAL"]
["MOVIMENTO DE TERRA","MOVT","ATERRO COM OU S/COMPACTACAO",20,"","",94306,"ATERRO MECANIZADO DE VALA COM ESCAVADEIRA HIDRÁULICA (CAPACIDADE DA CAÇAMBA: 0,8 M³ / POTÊNCIA: 111 HP), LARGURA DE 1,5 A 2,5 M, PROFUNDIDADE DE 1,5 A 3,0 M, COM SOLO ARGILO-ARENOSO. AF_05/2016","M3","COEFICIENTE DE REPRESENTATIVIDADE",18.35,"S","SINAPI",91534,0.018,"CHI","COEFICIENTE DE REPRESENTATIVIDADE",0.018,25.18,0.45,"","","","","","","","","","","CAIXA REFERENCIAL"]
["MOVIMENTO DE TERRA","MOVT","ATERRO COM OU S/COMPACTACAO",20,"","",94310,"ATERRO MECANIZADO DE VALA COM ESCAVADEIRA HIDRÁULICA (CAPACIDADE DA CAÇAMBA: 0,8 M³ / POTÊNCIA: 111 HP), LARGURA DE 1,5 A 2,5 M, PROFUNDIDADE DE 4,5 A 6,0 M, COM SOLO ARGILO-ARENOSO. AF_05/2016","M3","COEFICIENTE DE REPRESENTATIVIDADE",16.24,"S","SINAPI",5903,0.003,"CHI","COEFICIENTE DE REPRESENTATIVIDADE",0.003,37.18,0.11,"","","","","","","","","","","CAIXA REFERENCIAL"]
["MOVIMENTO DE TERRA","MOVT","ATERRO COM OU S/COMPACTACAO",20,"","",94327,"ATERRO MECANIZADO DE VALA COM ESCAVADEIRA HIDRÁULICA (CAPACIDADE DA CAÇAMBA: 0,8 M³ / POTÊNCIA: 111 HP), LARGURA DE 1,5 A 2,5 M, PROFUNDIDADE ATÉ 1,5 M, COM AREIA PARA ATERRO. AF_05/2016","M3","COEFICIENTE DE REPRESENTATIVIDADE",80.49,"S","SINAPI",5632,0.051,"CHI","COEFICIENTE DE REPRESENTATIVIDADE",0.051,58.95,3,"","","","","","","","","","","CAIXA REFERENCIAL"]
["MOVIMENTO DE TERRA","MOVT","ATERRO COM OU S/COMPACTACAO",20,"","",94328,"ATERRO MECANIZADO DE VALA COM ESCAVADEIRA HIDRÁULICA (CAPACIDADE DA CAÇAMBA: 0,8 M³ / POTÊNCIA: 111 HP), LARGURA ATÉ 1,5 M, PROFUNDIDADE DE 1,5 A 3,0 M, COM AREIA PARA ATERRO. AF_05/2016","M3","COEFICIENTE DE REPRESENTATIVIDADE",77.45,"S","SINAPI",5901,0.006,"CHP","COEFICIENTE DE REPRESENTATIVIDADE",0.006,152.01,0.91,"","","","","","","","","","","CAIXA REFERENCIAL"]
["MOVIMENTO DE TERRA","MOVT","ATERRO COM OU S/COMPACTACAO",20,"","",94332,"ATERRO MECANIZADO DE VALA COM ESCAVADEIRA HIDRÁULICA (CAPACIDADE DA CAÇAMBA: 0,8 M³ / POTÊNCIA: 111 HP), LARGURA ATÉ 1,5 M, PROFUNDIDADE DE 4,5 A 6,0 M, COM AREIA PARA ATERRO. AF_05/2016","M3","COEFICIENTE DE REPRESENTATIVIDADE",73.19,"S","SINAPI",91533,0.016,"CHP","COEFICIENTE DE REPRESENTATIVIDADE",0.016,28.49,0.45,"","","","","","","","","","","CAIXA REFERENCIAL"]
["MOVIMENTO DE TERRA","MOVT","ATERRO COM OU S/COMPACTACAO",20,"","",94341,"ATERRO MECANIZADO DE VALA COM RETROESCAVADEIRA (CAPACIDADE DA CAÇAMBA DA RETRO: 0,26 M³ / POTÊNCIA: 88 HP), LARGURA DE 0,8 A 1,5 M, PROFUNDIDADE DE 1,5 A 3,0 M, COM AREIA PARA ATERRO. AF_05/2016","M3","COEFICIENTE DE REPRESENTATIVIDADE",73.04,"I","SINAPI",368,1.25,"M3","COEFICIENTE DE REPRESENTATIVIDADE",1.25,52.42,65.52,"","","","","","","","","","","CAIXA REFERENCIAL"]
["MOVIMENTO DE TERRA","MOVT","ATERRO/REATERRO DE VALAS COM OU S/COMPACTACAO",21,"","",83346,"UMEDECIMENTO DE MATERIAL PARA FECHAMENTO DE VALAS.","M3","COEFICIENTE DE REPRESENTATIVIDADE",0.84,"","SINAPI","","","","","","","",0.17,21.0526315,0.55,64.4736843,0.12,14.4736842,0,0,0,0,"CAIXA REFERENCIAL"]
["MOVIMENTO DE TERRA","MOVT","ATERRO/REATERRO DE VALAS COM OU S/COMPACTACAO",21,"","",93360,"REATERRO MECANIZADO DE VALA COM ESCAVADEIRA HIDRÁULICA (CAPACIDADE DA CAÇAMBA: 0,8 M³ / POTÊNCIA: 111 HP), LARGURA DE 1,5 A 2,5 M, PROFUNDIDADE ATÉ 1,5 M, COM SOLO (SEM SUBSTITUIÇÃO) DE 1ª CATEGORIA EM LOCAIS COM ALTO NÍVEL DE INTERFERÊNCIA. AF_04/2016","M3","COEFICIENTE DE REPRESENTATIVIDADE",15.96,"S","SINAPI",5901,0.006,"CHP","COEFICIENTE DE REPRESENTATIVIDADE",0.006,152.01,0.91,"","","","","","","","","","","CAIXA REFERENCIAL"]
["MOVIMENTO DE TERRA","MOVT","ATERRO/REATERRO DE VALAS COM OU S/COMPACTACAO",21,"","",93365,"REATERRO MECANIZADO DE VALA COM ESCAVADEIRA HIDRÁULICA (CAPACIDADE DA CAÇAMBA: 0,8 M³ / POTÊNCIA: 111 HP), LARGURA ATÉ 1,5 M, PROFUNDIDADE DE 4,5 A 6,0 M, COM SOLO (SEM SUBSTITUIÇÃO) DE 1ª CATEGORIA EM LOCAIS COM ALTO NÍVEL DE INTERFERÊNCIA. AF_04/2016","M3","COEFICIENTE DE REPRESENTATIVIDADE",8.6,"S","SINAPI",5632,0.038,"CHI","COEFICIENTE DE REPRESENTATIVIDADE",0.038,58.95,2.24,"","","","","","","","","","","CAIXA REFERENCIAL"]
["MOVIMENTO DE TERRA","MOVT","ATERRO/REATERRO DE VALAS COM OU S/COMPACTACAO",21,"","",93370,"REATERRO MECANIZADO DE VALA COM ESCAVADEIRA HIDRÁULICA (CAPACIDADE DA CAÇAMBA: 0,8 M³ / POTÊNCIA: 111 HP), LARGURA ATÉ 1,5 M, PROFUNDIDADE DE 3,0 A 4,5 M, COM SOLO (SEM SUBSTITUIÇÃO) DE 1ª CATEGORIA EM LOCAIS COM BAIXO NÍVEL DE INTERFERÊNCIA. AF_04/2016","M3","COEFICIENTE DE REPRESENTATIVIDADE",8.94,"S","SINAPI",88316,0.035,"H","COEFICIENTE DE REPRESENTATIVIDADE",0.035,15.03,0.52,"","","","","","","","","","","CAIXA REFERENCIAL"]
["MOVIMENTO DE TERRA","MOVT","ATERRO/REATERRO DE VALAS COM OU S/COMPACTACAO",21,"","",93375,"REATERRO MECANIZADO DE VALA COM RETROESCAVADEIRA (CAPACIDADE DA CAÇAMBA DA RETRO: 0,26 M³ / POTÊNCIA: 88 HP), LARGURA DE 0,8 A 1,5 M, PROFUNDIDADE ATÉ 1,5 M, COM SOLO (SEM SUBSTITUIÇÃO) DE 1ª CATEGORIA EM LOCAIS COM ALTO NÍVEL DE INTERFERÊNCIA. AF_04/2016","M3","COEFICIENTE DE REPRESENTATIVIDADE",15.96,"S","SINAPI",5903,0.003,"CHI","COEFICIENTE DE REPRESENTATIVIDADE",0.003,37.18,0.11,"","","","","","","","","","","CAIXA REFERENCIAL"]
["MOVIMENTO DE TERRA","MOVT","ATERRO/REATERRO DE VALAS COM OU S/COMPACTACAO",21,"","",93376,"REATERRO MECANIZADO DE VALA COM RETROESCAVADEIRA (CAPACIDADE DA CAÇAMBA DA RETRO: 0,26 M³ / POTÊNCIA: 88 HP), LARGURA ATÉ 0,8 M, PROFUNDIDADE DE 1,5 A 3,0 M, COM SOLO (SEM SUBSTITUIÇÃO) DE 1ª CATEGORIA EM LOCAIS COM ALTO NÍVEL DE INTERFERÊNCIA. AF_04/2016","M3","COEFICIENTE DE REPRESENTATIVIDADE",12.46,"S","SINAPI",91533,0.122,"CHP","COEFICIENTE DE REPRESENTATIVIDADE",0.122,28.49,3.47,"","","","","","","","","","","CAIXA REFERENCIAL"]
["MOVIMENTO DE TERRA","MOVT","ATERRO/REATERRO DE VALAS COM OU S/COMPACTACAO",21,"","",93381,"REATERRO MECANIZADO DE VALA COM RETROESCAVADEIRA (CAPACIDADE DA CAÇAMBA DA RETRO: 0,26 M³ / POTÊNCIA: 88 HP), LARGURA DE 0,8 A 1,5 M, PROFUNDIDADE DE 1,5 A 3,0 M, COM SOLO (SEM SUBSTITUIÇÃO) DE 1ª CATEGORIA EM LOCAIS COM BAIXO NÍVEL DE INTERFERÊNCIA. AF_04/2016","M3","COEFICIENTE DE REPRESENTATIVIDADE",7.52,"S","SINAPI",88316,0.023,"H","COEFICIENTE DE REPRESENTATIVIDADE",0.023,15.03,0.34,"","","","","","","","","","","CAIXA REFERENCIAL"]
["MOVIMENTO DE TERRA","MOVT","CARGA, DESCARGA E/OU TRANSPORTE DE MATERIAIS",22,"","",72883,"TRANSPORTE COMERCIAL COM CAMINHAO CARROCERIA 9 T, RODOVIA COM REVESTIMENTO PRIMARIO","M3XKM","COEFICIENTE DE REPRESENTATIVIDADE",0.99,"","SINAPI","","","","","","","",0.15,15.9574468,0.71,70.212766,0.13,13.8297872,0,0,0,0,"CAIXA REFERENCIAL"]
["MOVIMENTO DE TERRA","MOVT","CARGA, DESCARGA E/OU TRANSPORTE DE MATERIAIS",22,"","",83356,"TRANSPORTE COMERCIAL DE BRITA","M3XKM","COEFICIENTE DE REPRESENTATIVIDADE",0.73,"S","SINAPI",91386,0.0046296,"CHP","COEFICIENTE DE REPRESENTATIVIDADE",0.0046296,157.88,0.73,"","","","","","","","","","","CAIXA REFERENCIAL"]
["MOVIMENTO DE TERRA","MOVT","CARGA, DESCARGA E/OU TRANSPORTE DE MATERIAIS",22,"","",95303,"TRANSPORTE COM CAMINHÃO BASCULANTE 10 M3 DE MASSA ASFALTICA PARA PAVIMENTAÇÃO URBANA","M3XKM","COEFICIENTE DE REPRESENTATIVIDADE",0.93,"","SINAPI","","","","","","","",0.11,12.5,0.62,65.909091,0.2,21.590909,0,0,0,0,"CAIXA REFERENCIAL"]
["MOVIMENTO DE TERRA","MOVT","REGULARIZACAO E APILOAMENTO DE FUNDO DE VALAS",225,"","",94098,"PREPARO DE FUNDO DE VALA  COM LARGURA MENOR QUE 1,5 M, EM LOCAL COM NÍVEL ALTO DE INTERFERÊNCIA. AF_06/2016","M2","COEFICIENTE DE REPRESENTATIVIDADE",5.62,"S","SINAPI",91533,0.007,"CHP","COEFICIENTE DE REPRESENTATIVIDADE",0.007,28.49,0.19,"","","","","","","","","","","CAIXA REFERENCIAL"]
["MOVIMENTO DE TERRA","MOVT","REGULARIZACAO E APILOAMENTO DE FUNDO DE VALAS",225,"","",94106,"LASTRO COM PREPARO DE FUNDO, LARGURA MAIOR OU IGUAL A 1,5 M, COM CAMADA DE AREIA, LANÇAMENTO MANUAL, EM LOCAL COM NÍVEL BAIXO DE INTERFERÊNCIA. AF_06/2016","M3","COEFICIENTE DE REPRESENTATIVIDADE",143.55,"S","SINAPI",88316,2.508,"H","COEFICIENTE DE REPRESENTATIVIDADE",2.508,15.03,37.69,"","","","","","","","","","","CAIXA REFERENCIAL"]
["MOVIMENTO DE TERRA","MOVT","REGULARIZACAO E APILOAMENTO DE FUNDO DE VALAS",225,"","",94113,"LASTRO DE VALA COM PREPARO DE FUNDO, LARGURA MENOR QUE 1,5 M, COM CAMADA DE AREIA, LANÇAMENTO MECANIZADO, EM LOCAL COM NÍVEL ALTO DE INTERFERÊNCIA. AF_06/2016","M3","COEFICIENTE DE REPRESENTATIVIDADE",145.48,"S","SINAPI",5678,0.116,"CHP","COEFICIENTE DE REPRESENTATIVIDADE",0.116,100.23,11.62,"","","","","","","","","","","CAIXA REFERENCIAL"]
["MOVIMENTO DE TERRA","MOVT","REGULARIZACAO E APILOAMENTO DE FUNDO DE VALAS",225,"","",94118,"LASTRO COM PREPARO DE FUNDO, LARGURA MAIOR OU IGUAL A 1,5 M, COM CAMADA DE BRITA, LANÇAMENTO MECANIZADO, EM LOCAL COM NÍVEL ALTO DE INTERFERÊNCIA. AF_06/2016","M3","COEFICIENTE DE REPRESENTATIVIDADE",138.26,"S","SINAPI",88316,0.991,"H","COEFICIENTE DE REPRESENTATIVIDADE",0.991,15.03,14.89,"","","","","","","","","","","CAIXA REFERENCIAL"]
["MOVIMENTO DE TERRA","MOVT","FORNEC. DE MAT. C/OU S/CARGA, DESC. E TRANSPORTE",282,"","",88549,"FORNECIMENTO E ASSENTAMENTO DE BRITA 2-DRENOS E FILTROS   MM","M3","COEFICIENTE DE REPRESENTATIVIDADE",73.17,"","SINAPI","","","","","","","",9.76,13.3388,63.35,86.5791992,0.06,0.0820008,0,0,0,0,"CAIXA REFERENCIAL"]
["MOVIMENTO DE TERRA","MOVT","COMPACTACAO OU APILOAMENTO",283,"","",95606,"UMIDIFICAÇÃO DE MATERIAL PARA VALAS COM CAMINHÃO PIPA 10000L. AF_11/2016","M3","COEFICIENTE DE REPRESENTATIVIDADE",1.15,"","SINAPI","","","","","","","",0.26,23.076923,0.68,58.6538463,0.21,18.2692307,0,0,0,0,"CAIXA REFERENCIAL"]
["PAREDES/PAINEIS","PARE","ALVENARIA DE TIJOLOS CERAMICOS",63,"","",87472,"ALVENARIA DE VEDAÇÃO DE BLOCOS CERÂMICOS FURADOS NA VERTICAL DE 9X19X39CM (ESPESSURA 9CM) DE PAREDES COM ÁREA LÍQUIDA MENOR QUE 6M² SEM VÃOS E ARGAMASSA DE ASSENTAMENTO COM PREPARO MANUAL. AF_06/2014","M2","COEFICIENTE DE REPRESENTATIVIDADE",39.19,"S","SINAPI",87369,0.0104,"M3","COEFICIENTE DE REPRESENTATIVIDADE",0.0104,523.95,5.44,"","","","","","","","","","","CAIXA REFERENCIAL"]
["PAREDES/PAINEIS","PARE","ALVENARIA DE TIJOLOS CERAMICOS",63,"","",87480,"ALVENARIA DE VEDAÇÃO DE BLOCOS CERÂMICOS FURADOS NA VERTICAL DE 14X19X39CM (ESPESSURA 14CM) DE PAREDES COM ÁREA LÍQUIDA MAIOR OU IGUAL A 6M² SEM VÃOS E ARGAMASSA DE ASSENTAMENTO COM PREPARO MANUAL. AF_06/2014","M2","COEFICIENTE DE REPRESENTATIVIDADE",49.59,"I","SINAPI",34547,0.42,"M","COEFICIENTE DE REPRESENTATIVIDADE",0.42,2.24,0.94,"","","","","","","","","","","CAIXA REFERENCIAL"]
["PAREDES/PAINEIS","PARE","ALVENARIA DE TIJOLOS CERAMICOS",63,"","",87481,"ALVENARIA DE VEDAÇÃO DE BLOCOS CERÂMICOS FURADOS NA VERTICAL DE 19X19X39CM (ESPESSURA 19CM) DE PAREDES COM ÁREA LÍQUIDA MAIOR OU IGUAL A 6M² SEM VÃOS E ARGAMASSA DE ASSENTAMENTO COM PREPARO EM BETONEIRA. AF_06/2014","M2","COEFICIENTE DE REPRESENTATIVIDADE",57.84,"S","SINAPI",87292,0.0138,"M3","COEFICIENTE DE REPRESENTATIVIDADE",0.0138,443.23,6.11,"","","","","","","","","","","CAIXA REFERENCIAL"]
["PAREDES/PAINEIS","PARE","ALVENARIA DE TIJOLOS CERAMICOS",63,"","",87488,"ALVENARIA DE VEDAÇÃO DE BLOCOS CERÂMICOS FURADOS NA VERTICAL DE 19X19X39CM (ESPESSURA 19CM) DE PAREDES COM ÁREA LÍQUIDA MENOR QUE 6M² COM VÃOS E ARGAMASSA DE ASSENTAMENTO COM PREPARO MANUAL. AF_06/2014","M2","COEFICIENTE DE REPRESENTATIVIDADE",69.43,"I","SINAPI",34548,0.785,"M","COEFICIENTE DE REPRESENTATIVIDADE",0.785,2.19,1.71,"","","","","","","","","","","CAIXA REFERENCIAL"]
["PAREDES/PAINEIS","PARE","ALVENARIA DE TIJOLOS CERAMICOS",63,"","",87493,"ALVENARIA DE VEDAÇÃO DE BLOCOS CERÂMICOS FURADOS NA VERTICAL DE 19X19X39CM (ESPESSURA 19CM) DE PAREDES COM ÁREA LÍQUIDA MAIOR OU IGUAL A 6M² COM VÃOS E ARGAMASSA DE ASSENTAMENTO COM PREPARO EM BETONEIRA. AF_06/2014","M2","COEFICIENTE DE REPRESENTATIVIDADE",61.52,"S","SINAPI",88309,0.99,"H","COEFICIENTE DE REPRESENTATIVIDADE",0.99,21.8,21.58,"","","","","","","","","","","CAIXA REFERENCIAL"]
["PAREDES/PAINEIS","PARE","ALVENARIA DE TIJOLOS CERAMICOS",63,"","",87499,"ALVENARIA DE VEDAÇÃO DE BLOCOS CERÂMICOS FURADOS NA HORIZONTAL DE 9X14X19CM (ESPESSURA 9CM) DE PAREDES COM ÁREA LÍQUIDA MENOR QUE 6M² SEM VÃOS E ARGAMASSA DE ASSENTAMENTO COM PREPARO EM BETONEIRA. AF_06/2014","M2","COEFICIENTE DE REPRESENTATIVIDADE",75.18,"S","SINAPI",88316,0.964,"H","COEFICIENTE DE REPRESENTATIVIDADE",0.964,15.03,14.48,"","","","","","","","","","","CAIXA REFERENCIAL"]
["PAREDES/PAINEIS","PARE","ALVENARIA DE TIJOLOS CERAMICOS",63,"","",87505,"ALVENARIA DE VEDAÇÃO DE BLOCOS CERÂMICOS FURADOS NA HORIZONTAL DE 11,5X19X19CM (ESPESSURA 11,5M) DE PAREDES COM ÁREA LÍQUIDA MAIOR OU IGUAL A 6M² SEM VÃOS E ARGAMASSA DE ASSENTAMENTO COM PREPARO EM BETONEIRA. AF_06/2014","M2","COEFICIENTE DE REPRESENTATIVIDADE",55.07,"I","SINAPI",38783,27.93,"UN","COEFICIENTE DE REPRESENTATIVIDADE",27.93,0.57,15.92,"","","","","","","","","","","CAIXA REFERENCIAL"]
["PAREDES/PAINEIS","PARE","ALVENARIA DE TIJOLOS CERAMICOS",63,"","",87506,"ALVENARIA DE VEDAÇÃO DE BLOCOS CERÂMICOS FURADOS NA HORIZONTAL DE 11,5X19X19CM (ESPESSURA 11,5M) DE PAREDES COM ÁREA LÍQUIDA MAIOR OU IGUAL A 6M² SEM VÃOS E ARGAMASSA DE ASSENTAMENTO COM PREPARO MANUAL. AF_06/2014","M2","COEFICIENTE DE REPRESENTATIVIDADE",56.07,"I","SINAPI",37395,0.01,"CENTO","COEFICIENTE DE REPRESENTATIVIDADE",0.01,47.25,0.47,"","","","","","","","","","","CAIXA REFERENCIAL"]
["PAREDES/PAINEIS","PARE","ALVENARIA DE TIJOLOS CERAMICOS",63,"","",87512,"ALVENARIA DE VEDAÇÃO DE BLOCOS CERÂMICOS FURADOS NA HORIZONTAL DE 9X19X19CM (ESPESSURA 9CM) DE PAREDES COM ÁREA LÍQUIDA MENOR QUE 6M² COM VÃOS E ARGAMASSA DE ASSENTAMENTO COM PREPARO MANUAL. AF_06/2014","M2","COEFICIENTE DE REPRESENTATIVIDADE",77.72,"I","SINAPI",37395,0.0094,"CENTO","COEFICIENTE DE REPRESENTATIVIDADE",0.0094,47.25,0.44,"","","","","","","","","","","CAIXA REFERENCIAL"]
["PAREDES/PAINEIS","PARE","ALVENARIA DE TIJOLOS CERAMICOS",63,"","",87518,"ALVENARIA DE VEDAÇÃO DE BLOCOS CERÂMICOS FURADOS NA HORIZONTAL DE 14X9X19CM (ESPESSURA 14CM, BLOCO DEITADO) DE PAREDES COM ÁREA LÍQUIDA MENOR QUE 6M² COM VÃOS E ARGAMASSA DE ASSENTAMENTO COM PREPARO MANUAL. AF_06/2014","M2","COEFICIENTE DE REPRESENTATIVIDADE",136.71,"","SINAPI","","","","","","","",79.45,58.1120729,56.95,41.6605544,0.31,0.2273727,0,0,0,0,"CAIXA REFERENCIAL"]
["PAREDES/PAINEIS","PARE","ALVENARIA DE TIJOLOS CERAMICOS",63,"","",87524,"ALVENARIA DE VEDAÇÃO DE BLOCOS CERÂMICOS FURADOS NA HORIZONTAL DE 9X14X19CM (ESPESSURA 9CM) DE PAREDES COM ÁREA LÍQUIDA MAIOR OU IGUAL A 6M² COM VÃOS E ARGAMASSA DE ASSENTAMENTO COM PREPARO MANUAL. AF_06/2014","M2","COEFICIENTE DE REPRESENTATIVIDADE",70.06,"I","SINAPI",7267,37.74,"UN","COEFICIENTE DE REPRESENTATIVIDADE",37.74,0.32,12.07,"","","","","","","","","","","CAIXA REFERENCIAL"]
["PAREDES/PAINEIS","PARE","ALVENARIA DE TIJOLOS CERAMICOS",63,"","",87525,"ALVENARIA DE VEDAÇÃO DE BLOCOS CERÂMICOS FURADOS NA HORIZONTAL DE 14X9X19CM (ESPESSURA 14CM, BLOCO DEITADO) DE PAREDES COM ÁREA LÍQUIDA MAIOR OU IGUAL A 6M² COM VÃOS E ARGAMASSA DE ASSENTAMENTO COM PREPARO EM BETONEIRA. AF_06/2014","M2","COEFICIENTE DE REPRESENTATIVIDADE",106.63,"","SINAPI","","","","","","","",59.22,55.5325557,47.17,44.2416258,0.23,0.2164094,0,0,0.01,0.0094091,"CAIXA REFERENCIAL"]
["PAREDES/PAINEIS","PARE","ALVENARIA DE TIJOLOS CERAMICOS",63,"","",95474,"ALVENARIA DE EMBASAMENTO EM TIJOLOS CERAMICOS MACICOS 5X10X20CM, ASSENTADO  COM ARGAMASSA TRACO 1:2:8 (CIMENTO, CAL E AREIA)","M3","COEFICIENTE DE REPRESENTATIVIDADE",613.01,"S","SINAPI",88309,7,"H","COEFICIENTE DE REPRESENTATIVIDADE",7,21.8,152.6,"","","","","","","","","","","CAIXA REFERENCIAL"]
["PAREDES/PAINEIS","PARE","ALVENARIA DE ELEMENTOS VAZADOS CERAMICOS",64,"","",89286,"ALVENARIA ESTRUTURAL DE BLOCOS CERÂMICOS 14X19X39, (ESPESSURA DE 14 CM), PARA PAREDES COM ÁREA LÍQUIDA MENOR QUE 6M², COM VÃOS, UTILIZANDO PALHETA E ARGAMASSA DE ASSENTAMENTO COM PREPARO EM BETONEIRA. AF_12/2014","M2","COEFICIENTE DE REPRESENTATIVIDADE",52.31,"I","SINAPI",34655,2.01,"UN","COEFICIENTE DE REPRESENTATIVIDADE",2.01,2.27,4.56,"","","","","","","","","","","CAIXA REFERENCIAL"]
["PAREDES/PAINEIS","PARE","ALVENARIA DE ELEMENTOS VAZADOS CERAMICOS",64,"","",89290,"ALVENARIA ESTRUTURAL DE BLOCOS CERÂMICOS 14X19X29, (ESPESSURA DE 14 CM), PARA PAREDES COM ÁREA LÍQUIDA MENOR QUE 6M², SEM VÃOS, UTILIZANDO PALHETA E ARGAMASSA DE ASSENTAMENTO COM PREPARO EM BETONEIRA. AF_12/2014","M2","COEFICIENTE DE REPRESENTATIVIDADE",56.84,"I","SINAPI",34586,15.28,"UN","COEFICIENTE DE REPRESENTATIVIDADE",15.28,1.28,19.55,"","","","","","","","","","","CAIXA REFERENCIAL"]
["PAREDES/PAINEIS","PARE","ALVENARIA DE ELEMENTOS VAZADOS CERAMICOS",64,"","",89291,"ALVENARIA ESTRUTURAL DE BLOCOS CERÂMICOS 14X19X29, (ESPESSURA DE 14 CM), PARA PAREDES COM ÁREA LÍQUIDA MENOR QUE 6M², SEM VÃOS, UTILIZANDO PALHETA E ARGAMASSA DE ASSENTAMENTO COM PREPARO MANUAL. AF_12/2014","M2","COEFICIENTE DE REPRESENTATIVIDADE",58.87,"I","SINAPI",34788,1.53,"UN","COEFICIENTE DE REPRESENTATIVIDADE",1.53,0.79,1.2,"","","","","","","","","","","CAIXA REFERENCIAL"]
["PAREDES/PAINEIS","PARE","ALVENARIA DE ELEMENTOS VAZADOS CERAMICOS",64,"","",89296,"ALVENARIA ESTRUTURAL DE BLOCOS CERÂMICOS 14X19X29, (ESPESSURA DE 14 CM), PARA PAREDES COM ÁREA LÍQUIDA MAIOR OU IGUAL A 6M², COM VÃOS, UTILIZANDO PALHETA E ARGAMASSA DE ASSENTAMENTO COM PREPARO EM BETONEIRA. AF_12/2014","M2","COEFICIENTE DE REPRESENTATIVIDADE",55.79,"I","SINAPI",34649,2.8,"UN","COEFICIENTE DE REPRESENTATIVIDADE",2.8,1.72,4.81,"","","","","","","","","","","CAIXA REFERENCIAL"]
["PAREDES/PAINEIS","PARE","ALVENARIA DE ELEMENTOS VAZADOS CERAMICOS",64,"","",89300,"ALVENARIA ESTRUTURAL DE BLOCOS CERÂMICOS 14X19X39, (ESPESSURA DE 14 CM), PARA PAREDES COM ÁREA LÍQUIDA MAIOR OU IGUAL A 6M², SEM VÃOS, UTILIZANDO COLHER DE PEDREIRO E ARGAMASSA DE ASSENTAMENTO COM PREPARO EM BETONEIRA. AF_12/2014","M2","COEFICIENTE DE REPRESENTATIVIDADE",53.95,"S","SINAPI",88309,0.84,"H","COEFICIENTE DE REPRESENTATIVIDADE",0.84,21.8,18.31,"","","","","","","","","","","CAIXA REFERENCIAL"]
["PAREDES/PAINEIS","PARE","ALVENARIA DE ELEMENTOS VAZADOS CERAMICOS",64,"","",89305,"ALVENARIA ESTRUTURAL DE BLOCOS CERÂMICOS 14X19X39, (ESPESSURA DE 14 CM), PARA PAREDES COM ÁREA LÍQUIDA MAIOR OU IGUAL A 6M², COM VÃOS, UTILIZANDO COLHER DE PEDREIRO E ARGAMASSA DE ASSENTAMENTO COM PREPARO MANUAL. AF_12/2014","M2","COEFICIENTE DE REPRESENTATIVIDADE",60.94,"I","SINAPI",34547,0.395,"M","COEFICIENTE DE REPRESENTATIVIDADE",0.395,2.24,0.88,"","","","","","","","","","","CAIXA REFERENCIAL"]
["PAREDES/PAINEIS","PARE","ALVENARIA DE ELEMENTOS VAZADOS CERAMICOS",64,"","",89309,"ALVENARIA ESTRUTURAL DE BLOCOS CERÂMICOS 14X19X29, (ESPESSURA DE 14 CM), PARA PAREDES COM ÁREA LÍQUIDA MAIOR OU IGUAL A 6M², SEM VÃOS, UTILIZANDO COLHER DE PEDREIRO E ARGAMASSA DE ASSENTAMENTO COM PREPARO MANUAL. AF_12/2014","M2","COEFICIENTE DE REPRESENTATIVIDADE",65.86,"S","SINAPI",88309,1.1,"H","COEFICIENTE DE REPRESENTATIVIDADE",1.1,21.8,23.98,"","","","","","","","","","","CAIXA REFERENCIAL"]
["PAREDES/PAINEIS","PARE","ALVENARIA DE ELEMENTOS VAZADOS CERAMICOS",64,"","",89310,"ALVENARIA ESTRUTURAL DE BLOCOS CERÂMICOS 14X19X29, (ESPESSURA DE 14 CM), PARA PAREDES COM ÁREA LÍQUIDA MENOR QUE 6M², COM VÃOS, UTILIZANDO COLHER DE PEDREIRO E ARGAMASSA DE ASSENTAMENTO COM PREPARO EM BETONEIRA. AF_12/2014","M2","COEFICIENTE DE REPRESENTATIVIDADE",76.23,"I","SINAPI",34788,4.43,"UN","COEFICIENTE DE REPRESENTATIVIDADE",4.43,0.79,3.49,"","","","","","","","","","","CAIXA REFERENCIAL"]
["PAREDES/PAINEIS","PARE","ALVENARIA DE BLOCOS DE CONCRETO",65,"","",87448,"ALVENARIA DE VEDAÇÃO DE BLOCOS VAZADOS DE CONCRETO DE 9X19X39CM (ESPESSURA 9CM) DE PAREDES COM ÁREA LÍQUIDA MENOR QUE 6M² SEM VÃOS E ARGAMASSA DE ASSENTAMENTO COM PREPARO MANUAL. AF_06/2014","M2","COEFICIENTE DE REPRESENTATIVIDADE",43.94,"I","SINAPI",34557,0.785,"M","COEFICIENTE DE REPRESENTATIVIDADE",0.785,1.37,1.07,"","","","","","","","","","","CAIXA REFERENCIAL"]
["PAREDES/PAINEIS","PARE","ALVENARIA DE BLOCOS DE CONCRETO",65,"","",87453,"ALVENARIA DE VEDAÇÃO DE BLOCOS VAZADOS DE CONCRETO DE 9X19X39CM (ESPESSURA 9CM) DE PAREDES COM ÁREA LÍQUIDA MAIOR OU IGUAL A 6M² SEM VÃOS E ARGAMASSA DE ASSENTAMENTO COM PREPARO EM BETONEIRA. AF_06/2014","M2","COEFICIENTE DE REPRESENTATIVIDADE",40,"I","SINAPI",34557,0.42,"M","COEFICIENTE DE REPRESENTATIVIDADE",0.42,1.37,0.57,"","","","","","","","","","","CAIXA REFERENCIAL"]
["PAREDES/PAINEIS","PARE","ALVENARIA DE BLOCOS DE CONCRETO",65,"","",87460,"ALVENARIA DE VEDAÇÃO DE BLOCOS VAZADOS DE CONCRETO DE 9X19X39CM (ESPESSURA 9CM) DE PAREDES COM ÁREA LÍQUIDA MENOR QUE 6M² COM VÃOS E ARGAMASSA DE ASSENTAMENTO COM PREPARO MANUAL. AF_06/2014","M2","COEFICIENTE DE REPRESENTATIVIDADE",50.35,"I","SINAPI",650,13.6,"UN","COLETADO",13.6,1.27,17.27,"","","","","","","","","","","CAIXA REFERENCIAL"]
["PAREDES/PAINEIS","PARE","ALVENARIA DE BLOCOS DE CONCRETO",65,"","",87461,"ALVENARIA DE VEDAÇÃO DE BLOCOS VAZADOS DE CONCRETO DE 14X19X39CM (ESPESSURA 14CM) DE PAREDES COM ÁREA LÍQUIDA MENOR QUE 6M² COM VÃOS E ARGAMASSA DE ASSENTAMENTO COM PREPARO EM BETONEIRA. AF_06/2014","M2","COEFICIENTE DE REPRESENTATIVIDADE",62.34,"","SINAPI","","","","","","","",26.16,41.9771004,36.09,57.8777618,0.09,0.1451378,0,0,0,0,"CAIXA REFERENCIAL"]
["PAREDES/PAINEIS","PARE","ALVENARIA DE BLOCOS DE CONCRETO",65,"","",87466,"ALVENARIA DE VEDAÇÃO DE BLOCOS VAZADOS DE CONCRETO DE 9X19X39CM (ESPESSURA 9CM) DE PAREDES COM ÁREA LÍQUIDA MAIOR OU IGUAL A 6M² COM VÃOS E ARGAMASSA DE ASSENTAMENTO COM PREPARO MANUAL. AF_06/2014","M2","COEFICIENTE DE REPRESENTATIVIDADE",44.07,"S","SINAPI",87369,0.0088,"M3","COEFICIENTE DE REPRESENTATIVIDADE",0.0088,523.95,4.61,"","","","","","","","","","","CAIXA REFERENCIAL"]
["PAREDES/PAINEIS","PARE","ALVENARIA DE BLOCOS DE CONCRETO",65,"","",89978,"(COMPOSIÇÃO REPRESENTATIVA) DO SERVIÇO DE ALVENARIA DE VEDAÇÃO DE BLOCOS VAZADOS DE CONCRETO DE 14X19X39CM (ESPESSURA 14CM), PARA EDIFICAÇÃO HABITACIONAL UNIFAMILIAR (CASA) E EDIFICAÇÃO PÚBLICA PADRÃO. AF_12/2014","M2","COEFICIENTE DE REPRESENTATIVIDADE",56.65,"S","SINAPI",87455,0.2028,"M2","COEFICIENTE DE REPRESENTATIVIDADE",0.2028,51.94,10.53,"","","","","","","","","","","CAIXA REFERENCIAL"]
["PAREDES/PAINEIS","PARE","ALVENARIA DE ELEMENTOS VAZADOS DE CONCRETO",66,"","",89455,"ALVENARIA DE BLOCOS DE CONCRETO ESTRUTURAL 14X19X39 CM, (ESPESSURA 14 CM) FBK = 14,0 MPA, PARA PAREDES COM ÁREA LÍQUIDA MENOR QUE 6M², SEM VÃOS, UTILIZANDO PALHETA. AF_12/2014","M2","COEFICIENTE DE REPRESENTATIVIDADE",57.13,"I","SINAPI",34570,9.94,"UN","COEFICIENTE DE REPRESENTATIVIDADE",9.94,2.35,23.35,"","","","","","","","","","","CAIXA REFERENCIAL"]
["PAREDES/PAINEIS","PARE","ALVENARIA DE ELEMENTOS VAZADOS DE CONCRETO",66,"","",89459,"ALVENARIA DE BLOCOS DE CONCRETO ESTRUTURAL 14X19X39 CM, (ESPESSURA 14 CM) FBK = 14,0 MPA, PARA PAREDES COM ÁREA LÍQUIDA MENOR QUE 6M², COM VÃOS, UTILIZANDO PALHETA. AF_12/2014","M2","COEFICIENTE DE REPRESENTATIVIDADE",61.69,"I","SINAPI",34570,7.45,"UN","COEFICIENTE DE REPRESENTATIVIDADE",7.45,2.35,17.5,"","","","","","","","","","","CAIXA REFERENCIAL"]
["PAREDES/PAINEIS","PARE","ALVENARIA DE ELEMENTOS VAZADOS DE CONCRETO",66,"","",89460,"ALVENARIA DE BLOCOS DE CONCRETO ESTRUTURAL 14X19X39 CM, (ESPESSURA 14 CM) FBK = 14,0 MPA, PARA PAREDES COM ÁREA LÍQUIDA MAIOR OU IGUAL A 6M², COM VÃOS, UTILIZANDO PALHETA. AF_12/2014","M2","COEFICIENTE DE REPRESENTATIVIDADE",57.03,"I","SINAPI",34570,9.27,"UN","COEFICIENTE DE REPRESENTATIVIDADE",9.27,2.35,21.78,"","","","","","","","","","","CAIXA REFERENCIAL"]
["PAREDES/PAINEIS","PARE","ALVENARIA DE ELEMENTOS VAZADOS DE CONCRETO",66,"","",89465,"ALVENARIA DE BLOCOS DE CONCRETO ESTRUTURAL 14X19X29 CM, (ESPESSURA 14 CM) FBK = 14,0 MPA, PARA PAREDES COM ÁREA LÍQUIDA MAIOR OU IGUAL A 6M², SEM VÃOS, UTILIZANDO PALHETA. AF_12/2014","M2","COEFICIENTE DE REPRESENTATIVIDADE",67.72,"S","SINAPI",88626,0.0116,"M3","COEFICIENTE DE REPRESENTATIVIDADE",0.0116,378.73,4.39,"","","","","","","","","","","CAIXA REFERENCIAL"]
["PAREDES/PAINEIS","PARE","ALVENARIA DE ELEMENTOS VAZADOS DE CONCRETO",66,"","",89471,"ALVENARIA DE BLOCOS DE CONCRETO ESTRUTURAL 14X19X39 CM, (ESPESSURA 14 CM), FBK = 4,5 MPA, PARA PAREDES COM ÁREA LÍQUIDA MAIOR OU IGUAL A 6M², SEM VÃOS, UTILIZANDO COLHER DE PEDREIRO. AF_12/2014","M2","COEFICIENTE DE REPRESENTATIVIDADE",57.01,"I","SINAPI",25070,11.21,"UN","COEFICIENTE DE REPRESENTATIVIDADE",11.21,1.8,20.17,"","","","","","","","","","","CAIXA REFERENCIAL"]
["PAREDES/PAINEIS","PARE","ALVENARIA DE ELEMENTOS VAZADOS DE CONCRETO",66,"","",89475,"ALVENARIA DE BLOCOS DE CONCRETO ESTRUTURAL 14X19X39 CM, (ESPESSURA 14 CM), FBK = 4,5 MPA, PARA PAREDES COM ÁREA LÍQUIDA MAIOR OU IGUAL A 6M², COM VÃOS, UTILIZANDO COLHER DE PEDREIRO. AF_12/2014","M2","COEFICIENTE DE REPRESENTATIVIDADE",60.82,"I","SINAPI",25070,9.53,"UN","COEFICIENTE DE REPRESENTATIVIDADE",9.53,1.8,17.15,"","","","","","","","","","","CAIXA REFERENCIAL"]
["PAREDES/PAINEIS","PARE","ALVENARIA DE ELEMENTOS VAZADOS DE CONCRETO",66,"","",89475,"ALVENARIA DE BLOCOS DE CONCRETO ESTRUTURAL 14X19X39 CM, (ESPESSURA 14 CM), FBK = 4,5 MPA, PARA PAREDES COM ÁREA LÍQUIDA MAIOR OU IGUAL A 6M², COM VÃOS, UTILIZANDO COLHER DE PEDREIRO. AF_12/2014","M2","COEFICIENTE DE REPRESENTATIVIDADE",60.82,"S","SINAPI",88309,0.86,"H","COEFICIENTE DE REPRESENTATIVIDADE",0.86,21.8,18.74,"","","","","","","","","","","CAIXA REFERENCIAL"]
["PAREDES/PAINEIS","PARE","ALVENARIA DE ELEMENTOS VAZADOS DE CONCRETO",66,"","",89480,"ALVENARIA DE BLOCOS DE CONCRETO ESTRUTURAL 14X19X29 CM, (ESPESSURA 14 CM) FBK = 14,0 MPA, PARA PAREDES COM ÁREA LÍQUIDA MENOR QUE 6M², SEM VÃOS, UTILIZANDO COLHER DE PEDREIRO. AF_12/2014","M2","COEFICIENTE DE REPRESENTATIVIDADE",82.45,"I","SINAPI",38599,1.26,"UN","COEFICIENTE DE REPRESENTATIVIDADE",1.26,2.41,3.03,"","","","","","","","","","","CAIXA REFERENCIAL"]
["PAREDES/PAINEIS","PARE","ALVENARIA DE ELEMENTOS VAZADOS DE CONCRETO",66,"","",89488,"ALVENARIA DE BLOCOS DE CONCRETO ESTRUTURAL 14X19X29 CM, (ESPESSURA 14 CM) FBK = 14,0 MPA, PARA PAREDES COM ÁREA LÍQUIDA MAIOR OU IGUAL A 6M², COM VÃOS, UTILIZANDO COLHER DE PEDREIRO. AF_12/2014","M2","COEFICIENTE DE REPRESENTATIVIDADE",84.68,"I","SINAPI",38592,1.38,"UN","COEFICIENTE DE REPRESENTATIVIDADE",1.38,1.42,1.95,"","","","","","","","","","","CAIXA REFERENCIAL"]
["PAREDES/PAINEIS","PARE","DIVISORIAS/MARMORE/GRANITO/MARMORITE/CONCRETO/MAD.",70,"","",72180,"RECOLOCACAO DE DIVISORIAS TIPO CHAPAS OU TABUAS, EXCLUSIVE ENTARUGAMENTO, CONSIDERANDO REAPROVEITAMENTO DO MATERIAL","M2","COEFICIENTE DE REPRESENTATIVIDADE",15.28,"S","SINAPI",88316,0.4,"H","COEFICIENTE DE REPRESENTATIVIDADE",0.4,15.03,6.01,"","","","","","","","","","","CAIXA REFERENCIAL"]
["PAREDES/PAINEIS","PARE","DIVISORIAS/MARMORE/GRANITO/MARMORITE/CONCRETO/MAD.",70,"","",96358,"PAREDE COM PLACAS DE GESSO ACARTONADO (DRYWALL), PARA USO INTERNO, COM DUAS FACES SIMPLES E ESTRUTURA METÁLICA COM GUIAS SIMPLES, SEM VÃOS. AF_06/2017_P","M2","COEFICIENTE DE REPRESENTATIVIDADE",53.72,"I","SINAPI",39432,0.7407,"M","COEFICIENTE DE REPRESENTATIVIDADE",0.7407,1.58,1.17,"","","","","","","","","","","CAIXA REFERENCIAL"]
["PAREDES/PAINEIS","PARE","DIVISORIAS/MARMORE/GRANITO/MARMORITE/CONCRETO/MAD.",70,"","",96359,"PAREDE COM PLACAS DE GESSO ACARTONADO (DRYWALL), PARA USO INTERNO, COM DUAS FACES SIMPLES E ESTRUTURA METÁLICA COM GUIAS SIMPLES, COM VÃOS AF_06/2017_P","M2","COEFICIENTE DE REPRESENTATIVIDADE",61.27,"","SINAPI","","","","","","","",8.95,14.6109746,52.29,85.3398854,0.03,0.04914,0,0,0,0,"CAIXA REFERENCIAL"]
["PAREDES/PAINEIS","PARE","DIVISORIAS/MARMORE/GRANITO/MARMORITE/CONCRETO/MAD.",70,"","",96362,"PAREDE COM PLACAS DE GESSO ACARTONADO (DRYWALL), PARA USO INTERNO, COM UMA FACE SIMPLES E OUTRA FACE DUPLA E ESTRUTURA METÁLICA COM GUIAS SIMPLES, SEM VÃOS. AF_06/2017_P","M2","COEFICIENTE DE REPRESENTATIVIDADE",67.89,"I","SINAPI",39434,1.0327,"KG","COEFICIENTE DE REPRESENTATIVIDADE",1.0327,2.13,2.19,"","","","","","","","","","","CAIXA REFERENCIAL"]
["PAREDES/PAINEIS","PARE","DIVISORIAS/MARMORE/GRANITO/MARMORITE/CONCRETO/MAD.",70,"","",96365,"PAREDE COM PLACAS DE GESSO ACARTONADO (DRYWALL), PARA USO INTERNO, COM UMA FACE SIMPLES E OUTRA FACE DUPLA E   ESTRUTURA METÁLICA COM GUIAS DUPLAS, COM VÃOS. AF_06/2017_P","M2","COEFICIENTE DE REPRESENTATIVIDADE",102.36,"I","SINAPI",39434,1.0327,"KG","COEFICIENTE DE REPRESENTATIVIDADE",1.0327,2.13,2.19,"","","","","","","","","","","CAIXA REFERENCIAL"]
["PAREDES/PAINEIS","PARE","DIVISORIAS/MARMORE/GRANITO/MARMORITE/CONCRETO/MAD.",70,"","",96368,"PAREDE COM PLACAS DE GESSO ACARTONADO (DRYWALL), PARA USO INTERNO COM DUAS FACES DUPLAS E ESTRUTURA METÁLICA COM GUIAS DUPLAS, SEM VÃOS. AF_06/2017","M2","COEFICIENTE DE REPRESENTATIVIDADE",101.57,"I","SINAPI",39434,1.0327,"KG","COEFICIENTE DE REPRESENTATIVIDADE",1.0327,2.13,2.19,"","","","","","","","","","","CAIXA REFERENCIAL"]
["PAREDES/PAINEIS","PARE","DIVISORIAS/MARMORE/GRANITO/MARMORITE/CONCRETO/MAD.",70,"","",96369,"PAREDE COM PLACAS DE GESSO ACARTONADO (DRYWALL), PARA USO INTERNO, COM DUAS FACES DUPLAS E ESTRUTURA METÁLICA COM GUIAS DUPLAS, COM VÃOS. AF_06/2017_P","M2","COEFICIENTE DE REPRESENTATIVIDADE",116.8,"I","SINAPI",39422,5.7999,"M","COLETADO",5.7999,5.26,30.5,"","","","","","","","","","","CAIXA REFERENCIAL"]
["PAREDES/PAINEIS","PARE","DIVISORIAS/MARMORE/GRANITO/MARMORITE/CONCRETO/MAD.",70,"","",96373,"INSTALAÇÃO DE REFORÇO METÁLICO EM PAREDE DRYWALL. AF_06/2017","M","COEFICIENTE DE REPRESENTATIVIDADE",6.81,"I","SINAPI",39443,7.6367,"UN","COEFICIENTE DE REPRESENTATIVIDADE",7.6367,0.1,0.76,"","","","","","","","","","","CAIXA REFERENCIAL"]
["PAVIMENTACAO","PAVI","RECOMPOSICAO DE PAVIMENTACAO",54,73790,"REFORMA CONSERVACAO LOGRADOUROS EM PARALELEPIPEDO","73790/4","REASSENTAMENTO DE PARALELEPIPEDO SOBRE COLCHAO DE PO DE PEDRA ESPESSURA 10CM, REJUNTADO COM ARGAMASSA TRACO 1:3 (CIMENTO E AREIA), CONSIDERANDO APROVEITAMENTO DO PARALELEPIPEDO","M2","COEFICIENTE DE REPRESENTATIVIDADE",41.28,"","SINAPI","","","","","","","",20.52,49.7313141,20.66,50.0244261,0.09,0.2198339,0,0,0.01,0.0244259,"CAIXA REFERENCIAL"]
["PAVIMENTACAO","PAVI","EXECUCAO DE SUB-LEITO, LEITO, SUB-BASE, BASE ETC",56,"","",72919,"BASE DE SOLO CIMENTO 4% MISTURA EM USINA, COMPACTACAO 100% PROCTOR NORMAL, EXCLUSIVE ESCAVACAO, CARGA E TRANSPORTE DO SOLO","M3","ATRIBUÍDO SÃO PAULO",47.24,"S","SINAPI",95122,0.003328,"CHI","ATRIBUÍDO SÃO PAULO",0.003328,127.43,0.42,"","","","","","","","","","","CAIXA REFERENCIAL"]
["PAVIMENTACAO","PAVI","EXECUCAO DE SUB-LEITO, LEITO, SUB-BASE, BASE ETC",56,"","",72924,"BASE DE SOLO - BRITA (50/50), MISTURA EM USINA, COMPACTACAO 100% PROCTOR MODIFICADO, EXCLUSIVE ESCAVACAO, CARGA E TRANSPORTE","M3","ATRIBUÍDO SÃO PAULO",50.12,"S","SINAPI",95121,0.01105,"CHP","ATRIBUÍDO SÃO PAULO",0.01105,208.83,2.3,"","","","","","","","","","","CAIXA REFERENCIAL"]
["PAVIMENTACAO","PAVI","EXECUCAO DE SUB-LEITO, LEITO, SUB-BASE, BASE ETC",56,"","",72961,"REGULARIZACAO E COMPACTACAO DE SUBLEITO ATE 20 CM DE ESPESSURA","M2","COEFICIENTE DE REPRESENTATIVIDADE",1.25,"S","SINAPI",96029,0.0013424,"CHI","COEFICIENTE DE REPRESENTATIVIDADE",0.0013424,35.59,0.04,"","","","","","","","","","","CAIXA REFERENCIAL"]
["PAVIMENTACAO","PAVI","EXECUCAO DE SUB-LEITO, LEITO, SUB-BASE, BASE ETC",56,"","",96389,"EXECUÇÃO E COMPACTAÇÃO DE BASE E OU SUB BASE COM SOLO MELHORADO COM CIMENTO (TEOR DE 2%) - EXCLUSIVE ESCAVAÇÃO, CARGA E TRANSPORTE E SOLO. AF_09/2017","M3","COEFICIENTE DE REPRESENTATIVIDADE",34.06,"S","SINAPI",89035,0.0079,"CHP","COEFICIENTE DE REPRESENTATIVIDADE",0.0079,76.38,0.6,"","","","","","","","","","","CAIXA REFERENCIAL"]
["PAVIMENTACAO","PAVI","EXECUCAO DE SUB-LEITO, LEITO, SUB-BASE, BASE ETC",56,"","",96392,"EXECUÇÃO E COMPACTAÇÃO DE BASE E OU SUB BASE COM SOLO CIMENTO (TEOR DE CIMENTO IGUAL A 8%) - EXCLUSIVE ESCAVAÇÃO, CARGA E TRANSPORTE E SOLO. AF_09/2017","M3","COEFICIENTE DE REPRESENTATIVIDADE",109.14,"S","SINAPI",73436,0.0074,"CHP","COEFICIENTE DE REPRESENTATIVIDADE",0.0074,144.54,1.06,"","","","","","","","","","","CAIXA REFERENCIAL"]
["PAVIMENTACAO","PAVI","EXECUCAO DE SUB-LEITO, LEITO, SUB-BASE, BASE ETC",56,"","",96398,"EXECUÇÃO E COMPACTAÇÃO DE BASE E OU SUB BASE COM CONCRETO COMPACTADO COM ROLO - EXCLUSIVE CARGA E TRANSPORTE. AF_09/2017","M3","ATRIBUÍDO SÃO PAULO",159.45,"S","SINAPI",96464,0.0122,"CHI","COEFICIENTE DE REPRESENTATIVIDADE",0.0122,55.29,0.67,"","","","","","","","","","","CAIXA REFERENCIAL"]
["PAVIMENTACAO","PAVI","EXECUCAO DE SUB-LEITO, LEITO, SUB-BASE, BASE ETC",56,"","",96399,"EXECUÇÃO E COMPACTAÇÃO DE BASE E OU SUB BASE COM PEDRA RACHÃO - EXCLUSIVE ESCAVAÇÃO, CARGA E TRANSPORTE. AF_09/2017","M3","COEFICIENTE DE REPRESENTATIVIDADE",81.17,"S","SINAPI",5685,0.0205,"CHI","COEFICIENTE DE REPRESENTATIVIDADE",0.0205,42.66,0.87,"","","","","","","","","","","CAIXA REFERENCIAL"]
["PAVIMENTACAO","PAVI","EXECUCAO DE PAVIMENTACOES DIVERSAS",57,"","",72943,"PINTURA DE LIGACAO COM EMULSAO RR-2C","M2","ATRIBUÍDO SÃO PAULO",1.31,"","SINAPI","","","","","","","",0.17,13.3333333,1.12,85.0000001,0.02,1.6666666,0,0,0,0,"CAIXA REFERENCIAL"]
["PAVIMENTACAO","PAVI","EXECUCAO DE PAVIMENTACOES DIVERSAS",57,"","",72973,"CORTE E PREPARO DE CORDAO DE PEDRA PARA PAVIMENTO POLIEDRICO","M","COEFICIENTE DE REPRESENTATIVIDADE",1.5,"S","SINAPI",88316,0.1,"H","COEFICIENTE DE REPRESENTATIVIDADE",0.1,15.03,1.5,"","","","","","","","","","","CAIXA REFERENCIAL"]
["PAVIMENTACAO","PAVI","EXECUCAO DE PAVIMENTACOES DIVERSAS",57,73849,"FORNECIMENTO AREIA-ASFALTO","73849/2","AREIA ASFALTO A FRIO (AAUF), COM EMULSAO RR-2C INCLUSO USINAGEM E APLICACAO, EXCLUSIVE TRANSPORTE","M3","ATRIBUÍDO SÃO PAULO",459.27,"S","SINAPI",5867,0.04,"CHP","COEFICIENTE DE REPRESENTATIVIDADE",0.04,95.27,3.81,"","","","","","","","","","","CAIXA REFERENCIAL"]
["PAVIMENTACAO","PAVI","EXECUCAO DE PAVIMENTACOES DIVERSAS",57,"","",92391,"EXECUÇÃO DE PAVIMENTO EM PISO INTERTRAVADO, COM BLOCO PISOGRAMA DE 35 X 25 CM, ESPESSURA 6 CM. AF_12/2015","M2","COEFICIENTE DE REPRESENTATIVIDADE",51.82,"I","SINAPI",370,0.0568,"M3","COLETADO",0.0568,61.6,3.49,"","","","","","","","","","","CAIXA REFERENCIAL"]
["PAVIMENTACAO","PAVI","EXECUCAO DE PAVIMENTACOES DIVERSAS",57,"","",92395,"EXECUÇÃO DE PAVIMENTO EM PISO INTERTRAVADO, COM BLOCO SEXTAVADO DE 25 X 25 CM, ESPESSURA 10 CM. AF_12/2015","M2","COEFICIENTE DE REPRESENTATIVIDADE",64.38,"","SINAPI","","","","","","","",7.47,11.612299,56.74,88.1223663,0.17,0.2653347,0,0,0,0,"CAIXA REFERENCIAL"]
["PAVIMENTACAO","PAVI","EXECUCAO DE PAVIMENTACOES DIVERSAS",57,"","",92399,"EXECUÇÃO DE VIA EM PISO INTERTRAVADO, COM BLOCO RETANGULAR COR NATURAL DE 20 X 10 CM, ESPESSURA 8 CM. AF_12/2015","M2","COEFICIENTE DE REPRESENTATIVIDADE",55.94,"I","SINAPI",36196,1.0131,"M2","COEFICIENTE DE REPRESENTATIVIDADE",1.0131,41.1,41.63,"","","","","","","","","","","CAIXA REFERENCIAL"]
["PAVIMENTACAO","PAVI","EXECUCAO DE PAVIMENTACOES DIVERSAS",57,"","",92403,"EXECUÇÃO DE PÁTIO/ESTACIONAMENTO EM PISO INTERTRAVADO, COM BLOCO 16 FACES DE 22 X 11 CM, ESPESSURA 6 CM. AF_12/2015","M2","COEFICIENTE DE REPRESENTATIVIDADE",46.27,"I","SINAPI",4741,0.0064,"M3","COEFICIENTE DE REPRESENTATIVIDADE",0.0064,52.86,0.33,"","","","","","","","","","","CAIXA REFERENCIAL"]
["PAVIMENTACAO","PAVI","EXECUCAO DE PAVIMENTACOES DIVERSAS",57,"","",92407,"EXECUÇÃO DE VIA EM PISO INTERTRAVADO, COM BLOCO 16 FACES DE 22 X 11 CM, ESPESSURA 10 CM. AF_12/2015","M2","COEFICIENTE DE REPRESENTATIVIDADE",67.52,"I","SINAPI",370,0.0568,"M3","COLETADO",0.0568,61.6,3.49,"","","","","","","","","","","CAIXA REFERENCIAL"]
["PAVIMENTACAO","PAVI","EXECUCAO DE PAVIMENTACOES DIVERSAS",57,"","",93679,"EXECUÇÃO DE PASSEIO EM PISO INTERTRAVADO, COM BLOCO RETANGULAR COLORIDO DE 20 X 10 CM, ESPESSURA 6 CM. AF_12/2015","M2","COEFICIENTE DE REPRESENTATIVIDADE",62.41,"I","SINAPI",370,0.0568,"M3","COLETADO",0.0568,61.6,3.49,"","","","","","","","","","","CAIXA REFERENCIAL"]
["PAVIMENTACAO","PAVI","EXECUCAO DE PAVIMENTACOES DIVERSAS",57,"","",97114,"EXECUÇÃO DE JUNTAS DE CONTRAÇÃO PARA PAVIMENTOS DE CONCRETO. AF_11/2017","M","COEFICIENTE DE REPRESENTATIVIDADE",0.33,"","SINAPI","","","","","","","",0.24,70.3703704,0.09,29.6296296,0,0,0,0,0,0,"CAIXA REFERENCIAL"]
["PAVIMENTACAO","PAVI","MURETA DIVISORIA E/OU DE PROTECAO",250,73770,"BARREIRA PRE-MOLDADA CONCR ARMADO/MURETA DIVISORIA DE TRAFEGO","73770/2","BARREIRA DUPLA PRE-MOL INTER CONCRETO ARMADO 0,15X0,65X0,77M FCK=25MPA ACO CA-50 INCL FERROS DE LIGACAO E MATERIAIS.","M","COEFICIENTE DE REPRESENTATIVIDADE",405.94,"S","SINAPI",92873,0.264,"M3","COEFICIENTE DE REPRESENTATIVIDADE",0.264,164.46,43.41,"","","","","","","","","","","CAIXA REFERENCIAL"]
["PAVIMENTACAO","PAVI","FABRICACAO/EXECUCAO DE CBUQ/PRE-MISTURADOS",287,"","",95990,"CONSTRUÇÃO DE PAVIMENTO COM APLICAÇÃO DE CONCRETO BETUMINOSO USINADO A QUENTE (CBUQ), CAMADA DE ROLAMENTO, COM ESPESSURA DE 3,0 CM – EXCLUSIVE TRANSPORTE. AF_03/2017","M3","COEFICIENTE DE REPRESENTATIVIDADE",815.61,"I","SINAPI",1518,2.5548,"T","COLETADO",2.5548,275,702.57,"","","","","","","","","","","CAIXA REFERENCIAL"]
["PAVIMENTACAO","PAVI","FABRICACAO/EXECUCAO DE CBUQ/PRE-MISTURADOS",287,"","",95990,"CONSTRUÇÃO DE PAVIMENTO COM APLICAÇÃO DE CONCRETO BETUMINOSO USINADO A QUENTE (CBUQ), CAMADA DE ROLAMENTO, COM ESPESSURA DE 3,0 CM – EXCLUSIVE TRANSPORTE. AF_03/2017","M3","COEFICIENTE DE REPRESENTATIVIDADE",815.61,"S","SINAPI",96155,0.1785,"CHI","COEFICIENTE DE REPRESENTATIVIDADE",0.1785,35.71,6.37,"","","","","","","","","","","CAIXA REFERENCIAL"]
["PAVIMENTACAO","PAVI","FABRICACAO/EXECUCAO DE CBUQ/PRE-MISTURADOS",287,"","",95995,"CONSTRUÇÃO DE PAVIMENTO COM APLICAÇÃO DE CONCRETO BETUMINOSO USINADO A QUENTE (CBUQ), CAMADA DE ROLAMENTO, COM ESPESSURA DE 5,0 CM – EXCLUSIVE TRANSPORTE. AF_03/2017","M3","COEFICIENTE DE REPRESENTATIVIDADE",772.03,"S","SINAPI",95632,0.0607,"CHI","COEFICIENTE DE REPRESENTATIVIDADE",0.0607,52.17,3.16,"","","","","","","","","","","CAIXA REFERENCIAL"]
["PAVIMENTACAO","PAVI","FABRICACAO/EXECUCAO DE CBUQ/PRE-MISTURADOS",287,"","",95998,"CONSTRUÇÃO DE PAVIMENTO COM APLICAÇÃO DE CONCRETO BETUMINOSO USINADO A QUENTE (CBUQ), BINDER, COM ESPESSURA DE 6,0 CM – EXCLUSIVE TRANSPORTE. AF_03/2017","M3","COEFICIENTE DE REPRESENTATIVIDADE",723.3,"S","SINAPI",95632,0.0282,"CHI","COEFICIENTE DE REPRESENTATIVIDADE",0.0282,52.17,1.47,"","","","","","","","","","","CAIXA REFERENCIAL"]
["PAVIMENTACAO","PAVI","FABRICACAO/EXECUCAO DE CBUQ/PRE-MISTURADOS",287,"","",96002,"FRESAGEM DE PAVIMENTO ASFÁLTICO, EM LOCAIS COM NIVEL ALTO DE INTERFERÊNCIA. AF_03/2017","M2","COEFICIENTE DE REPRESENTATIVIDADE",2.26,"S","SINAPI",96158,0.0017,"CHP","COEFICIENTE DE REPRESENTATIVIDADE",0.0017,77.47,0.13,"","","","","","","","","","","CAIXA REFERENCIAL"]
["PAVIMENTACAO","PAVI","FABRICACAO/EXECUCAO DE CBUQ/PRE-MISTURADOS",287,"","",96394,"USINAGEM DE BRITA GRADUADA TRATADA COM CIMENTO, UTILIZANDO BRITA COMERCIAL COM USINA 300 T/H. AF_06/2017","M3","ATRIBUÍDO SÃO PAULO",135.62,"","SINAPI","","","","","","","",1.09,0.8052005,132.95,98.0276281,1.22,0.9012336,0,0,0.36,0.2659378,"CAIXA REFERENCIAL"]
["PINTURAS","PINT","PINTURA DE PAREDE",155,74133,"EMASSAMENTO P/PINTURA OLEO/ESMALTE","74133/2","EMASSAMENTO COM MASSA A OLEO, DUAS DEMAOS","M2","COEFICIENTE DE REPRESENTATIVIDADE",17.77,"I","SINAPI",4053,0.16,"GL","COEFICIENTE DE REPRESENTATIVIDADE",0.16,38.78,6.2,"","","","","","","","","","","CAIXA REFERENCIAL"]
["PINTURAS","PINT","PINTURA DE PAREDE",155,"","",88417,"APLICAÇÃO MANUAL DE PINTURA COM TINTA TEXTURIZADA ACRÍLICA EM PANOS CEGOS DE FACHADA (SEM PRESENÇA DE VÃOS) DE EDIFÍCIOS DE MÚLTIPLOS PAVIMENTOS, UMA COR. AF_06/2014","M2","COEFICIENTE DE REPRESENTATIVIDADE",10.64,"I","SINAPI",38877,1.938,"KG","COEFICIENTE DE REPRESENTATIVIDADE",1.938,4.55,8.81,"","","","","","","","","","","CAIXA REFERENCIAL"]
["PINTURAS","PINT","PINTURA DE PAREDE",155,"","",88482,"APLICAÇÃO DE FUNDO SELADOR LÁTEX PVA EM TETO, UMA DEMÃO. AF_06/2014","M2","COEFICIENTE DE REPRESENTATIVIDADE",2.94,"","SINAPI","","","","","","","",0.72,24.5614035,2.22,75.4385965,0,0,0,0,0,0,"CAIXA REFERENCIAL"]
["PINTURAS","PINT","PINTURA DE PAREDE",155,"","",88491,"APLICAÇÃO MECÂNICA DE PINTURA COM TINTA LÁTEX PVA EM PAREDES, DUAS DEMÃOS. AF_06/2014","M2","COEFICIENTE DE REPRESENTATIVIDADE",5.6,"S","SINAPI",88316,0.012,"H","COEFICIENTE DE REPRESENTATIVIDADE",0.012,15.03,0.18,"","","","","","","","","","","CAIXA REFERENCIAL"]
["PINTURAS","PINT","PINTURA DE PAREDE",155,"","",88493,"APLICAÇÃO MECÂNICA DE PINTURA COM TINTA LÁTEX ACRÍLICA EM PAREDES, DUAS DEMÃOS. AF_06/2014","M2","COEFICIENTE DE REPRESENTATIVIDADE",6.72,"S","SINAPI",88316,0.017,"H","COEFICIENTE DE REPRESENTATIVIDADE",0.017,15.03,0.25,"","","","","","","","","","","CAIXA REFERENCIAL"]
["PINTURAS","PINT","PINTURA DE PAREDE",155,"","",95624,"APLICAÇÃO MANUAL DE TINTA LÁTEX ACRÍLICA EM SUPERFÍCIES EXTERNAS DE SACADA DE EDIFÍCIOS DE MÚLTIPLOS PAVIMENTOS, DUAS DEMÃOS. AF_11/2016","M2","COEFICIENTE DE REPRESENTATIVIDADE",16.41,"","SINAPI","","","","","","","",10.12,61.6429896,6.26,38.1717109,0.03,0.1852995,0,0,0,0,"CAIXA REFERENCIAL"]
["PINTURAS","PINT","PINTURA DE PAREDE",155,"","",96131,"APLICAÇÃO MANUAL DE MASSA ACRÍLICA EM PANOS DE FACHADA COM PRESENÇA DE VÃOS, DE EDIFÍCIOS DE MÚLTIPLOS PAVIMENTOS, DUAS DEMÃOS. AF_05/2017","M2","COEFICIENTE DE REPRESENTATIVIDADE",18.09,"I","SINAPI",4056,0.244,"GL","COEFICIENTE DE REPRESENTATIVIDADE",0.244,20.39,4.97,"","","","","","","","","","","CAIXA REFERENCIAL"]
["PINTURAS","PINT","PINTURA EM CONCRETO APARENTE",156,"","",84647,"PINTURA EPOXI INCLUSO EMASSAMENTO E FUNDO PREPARADOR","M2","COEFICIENTE DE REPRESENTATIVIDADE",122.13,"S","SINAPI",88310,1.9,"H","COEFICIENTE DE REPRESENTATIVIDADE",1.9,21.72,41.26,"","","","","","","","","","","CAIXA REFERENCIAL"]
["PINTURAS","PINT","PINTURA EM CONCRETO APARENTE",156,"","",84656,"TRATAMENTO EM  CONCRETO COM ESTUQUE E LIXAMENTO","M2","COEFICIENTE DE REPRESENTATIVIDADE",32.39,"I","SINAPI",11849,0.1,"L","COEFICIENTE DE REPRESENTATIVIDADE",0.1,14.35,1.43,"","","","","","","","","","","CAIXA REFERENCIAL"]
["PINTURAS","PINT","PINTURA EM MADEIRA",157,74065,"PINTURA ESMALTE ACETINADO 2 DEMAOS APARELHADA P/MADEIRA","74065/2","PINTURA ESMALTE ACETINADO PARA MADEIRA, DUAS DEMAOS, SOBRE FUNDO NIVELADOR BRANCO","M2","COEFICIENTE DE REPRESENTATIVIDADE",20.95,"I","SINAPI",7311,0.16,"L","COEFICIENTE DE REPRESENTATIVIDADE",0.16,22.86,3.65,"","","","","","","","","","","CAIXA REFERENCIAL"]
["PINTURAS","PINT","PINTURA EM MADEIRA",157,"","",84645,"VERNIZ SINTETICO BRILHANTE, 2 DEMAOS","M2","COEFICIENTE DE REPRESENTATIVIDADE",16.53,"S","SINAPI",88316,0.25,"H","COEFICIENTE DE REPRESENTATIVIDADE",0.25,15.03,3.75,"","","","","","","","","","","CAIXA REFERENCIAL"]
["PINTURAS","PINT","PINTURA PARA METAL",158,73924,"PINTURA ESMALTE","73924/1","PINTURA ESMALTE ALTO BRILHO, DUAS DEMAOS, SOBRE SUPERFICIE METALICA","M2","COEFICIENTE DE REPRESENTATIVIDADE",23.71,"I","SINAPI",3768,0.6,"UN","COEFICIENTE DE REPRESENTATIVIDADE",0.6,1.87,1.12,"","","","","","","","","","","CAIXA REFERENCIAL"]
["PINTURAS","PINT","PINTURA PARA METAL",158,73924,"PINTURA ESMALTE","73924/2","PINTURA ESMALTE ACETINADO, DUAS DEMAOS, SOBRE SUPERFICIE METALICA","M2","COEFICIENTE DE REPRESENTATIVIDADE",23.81,"S","SINAPI",88316,0.5,"H","COEFICIENTE DE REPRESENTATIVIDADE",0.5,15.03,7.51,"","","","","","","","","","","CAIXA REFERENCIAL"]
["PINTURAS","PINT","PINTURA PARA METAL",158,"","",84660,"FUNDO PREPARADOR PRIMER SINTETICO, PARA ESTRUTURA METALICA, UMA DEMÃO, ESPESSURA DE 25 MICRA","M2","COEFICIENTE DE REPRESENTATIVIDADE",5.48,"","SINAPI","","","","","","","",1.74,31.8267419,3.74,68.1732581,0,0,0,0,0,0,"CAIXA REFERENCIAL"]
["PINTURAS","PINT","PINTURA PARA PISO",161,"","",79467,"PINTURA COM TINTA A BASE DE BORRACHA CLORADA , DE FAIXAS DE DEMARCACAO, EM QUADRA POLIESPORTIVA, 5 CM DE LARGURA.","ML","COEFICIENTE DE REPRESENTATIVIDADE",12.35,"I","SINAPI",7314,0.03,"L","COEFICIENTE DE REPRESENTATIVIDADE",0.03,85.51,2.56,"","","","","","","","","","","CAIXA REFERENCIAL"]
["PISOS","PISO","PISO CIMENTADO",111,73922,"CIMENTADO LISO DESEMPENADO","73922/2","PISO CIMENTADO TRACO 1:4 (CIMENTO E AREIA) ACABAMENTO LISO ESPESSURA 2,5CM PREPARO MANUAL DA ARGAMASSA","M2","COEFICIENTE DE REPRESENTATIVIDADE",46.65,"S","SINAPI",88309,1,"H","COEFICIENTE DE REPRESENTATIVIDADE",1,21.8,21.8,"","","","","","","","","","","CAIXA REFERENCIAL"]
["PISOS","PISO","PISO CIMENTADO",111,73991,"PISO CIMENTADO LISO C/ IMPERMEABILIZANTE","73991/2","PISO CIMENTADO TRACO 1:3 (CIMENTO E AREIA) COM ACABAMENTO LISO ESPESSURA 1,5CM PREPARO MANUAL DA ARGAMASSA","M2","COEFICIENTE DE REPRESENTATIVIDADE",43.31,"S","SINAPI",88316,1,"H","COEFICIENTE DE REPRESENTATIVIDADE",1,15.03,15.03,"","","","","","","","","","","CAIXA REFERENCIAL"]
["PISOS","PISO","PISO CIMENTADO",111,73991,"PISO CIMENTADO LISO C/ IMPERMEABILIZANTE","73991/4","PISO CIMENTADO TRACO 1:3 (CIMENTO E AREIA) COM ACABAMENTO LISO ESPESSURA 1,5CM, PREPARO MANUAL DA ARGAMASSA INCLUSO ADITIVO IMPERMEABILIZANTE","M2","COEFICIENTE DE REPRESENTATIVIDADE",44.64,"S","SINAPI",88316,1,"H","COEFICIENTE DE REPRESENTATIVIDADE",1,15.03,15.03,"","","","","","","","","","","CAIXA REFERENCIAL"]
["PISOS","PISO","PISO CIMENTADO",111,"","",84173,"PISO CIMENTADO TRACO 1:3 (CIMENTO/AREIA) ACABAMENTO LISO ESPESSURA 2,0 CM PREPARO MANUAL DA ARGAMASSA INCLUSO ADITIVO IMPERMEABILIZANTE","M2","COEFICIENTE DE REPRESENTATIVIDADE",47.35,"S","SINAPI",88316,1,"H","COEFICIENTE DE REPRESENTATIVIDADE",1,15.03,15.03,"","","","","","","","","","","CAIXA REFERENCIAL"]
["PISOS","PISO","PISO CERAMICO",113,"","",87247,"REVESTIMENTO CERÂMICO PARA PISO COM PLACAS TIPO ESMALTADA EXTRA DE DIMENSÕES 35X35 CM APLICADA EM AMBIENTES DE ÁREA ENTRE 5 M2 E 10 M2. AF_06/2014","M2","COEFICIENTE DE REPRESENTATIVIDADE",32.7,"I","SINAPI",34357,0.24,"KG","COEFICIENTE DE REPRESENTATIVIDADE",0.24,3.82,0.91,"","","","","","","","","","","CAIXA REFERENCIAL"]
["PISOS","PISO","PISO CERAMICO",113,"","",87257,"REVESTIMENTO CERÂMICO PARA PISO COM PLACAS TIPO ESMALTADA EXTRA DE DIMENSÕES 60X60 CM APLICADA EM AMBIENTES DE ÁREA MAIOR QUE 10 M2. AF_06/2014","M2","COEFICIENTE DE REPRESENTATIVIDADE",49.88,"S","SINAPI",88256,0.31,"H","COEFICIENTE DE REPRESENTATIVIDADE",0.31,20.22,6.26,"","","","","","","","","","","CAIXA REFERENCIAL"]
["PISOS","PISO","PISO CERAMICO",113,"","",87258,"REVESTIMENTO CERÂMICO PARA PISO COM PLACAS TIPO PORCELANATO DE DIMENSÕES 45X45 CM APLICADA EM AMBIENTES DE ÁREA MENOR QUE 5 M². AF_06/2014","M2","COEFICIENTE DE REPRESENTATIVIDADE",89.46,"S","SINAPI",88256,0.95,"H","COEFICIENTE DE REPRESENTATIVIDADE",0.95,20.22,19.2,"","","","","","","","","","","CAIXA REFERENCIAL"]
["PISOS","PISO","PISO CERAMICO",113,"","",93389,"REVESTIMENTO CERÂMICO PARA PISO COM PLACAS TIPO ESMALTADA PADRÃO POPULAR DE DIMENSÕES 35X35 CM APLICADA EM AMBIENTES DE ÁREA MENOR QUE 5 M2. AF_06/2014","M2","COEFICIENTE DE REPRESENTATIVIDADE",35.18,"I","SINAPI",34357,0.24,"KG","COEFICIENTE DE REPRESENTATIVIDADE",0.24,3.82,0.91,"","","","","","","","","","","CAIXA REFERENCIAL"]
["PISOS","PISO","PISO VINILICO/BORRACHA",116,"","",72186,"PISO VINILICO SEMIFLEXIVEL PADRAO LISO, ESPESSURA 3,2MM, FIXADO COM COLA","M2","COEFICIENTE DE REPRESENTATIVIDADE",113.51,"I","SINAPI",4791,0.14,"KG","COEFICIENTE DE REPRESENTATIVIDADE",0.14,20.9,2.92,"","","","","","","","","","","CAIXA REFERENCIAL"]
["PISOS","PISO","PISO DE ALTA RESISTENCIA",117,"","",72136,"PISO INDUSTRIAL DE ALTA RESISTENCIA, ESPESSURA 8MM, INCLUSO JUNTAS DE DILATACAO PLASTICAS E POLIMENTO MECANIZADO","M2","COEFICIENTE DE REPRESENTATIVIDADE",75.55,"S","SINAPI",95276,1.5,"CHP","COEFICIENTE DE REPRESENTATIVIDADE",1.5,2.55,3.82,"","","","","","","","","","","CAIXA REFERENCIAL"]
["PISOS","PISO","PISO DE ALTA RESISTENCIA",117,"","",72815,"APLICACAO DE TINTA A BASE DE EPOXI SOBRE PISO","M2","COEFICIENTE DE REPRESENTATIVIDADE",46.11,"I","SINAPI",7304,0.5256,"L","COEFICIENTE DE REPRESENTATIVIDADE",0.5256,52.72,27.7,"","","","","","","","","","","CAIXA REFERENCIAL"]
["PISOS","PISO","RODAPE DE MADEIRA",130,73886,"RODAPES DE MADEIRA","73886/1","RODAPE EM MADEIRA, ALTURA 7CM, FIXADO EM PECAS DE MADEIRA","M","COEFICIENTE DE REPRESENTATIVIDADE",14.57,"I","SINAPI",5061,0.006,"KG","COLETADO",0.006,8.52,0.05,"","","","","","","","","","","CAIXA REFERENCIAL"]
["PISOS","PISO","RODAPE DE MARMORE,GRANITO,MARMORITE,GRANILITE E OU",164,"","",84167,"RODAPE EM MARMORE BRANCO ASSENTADO COM ARGAMASSA TRACO 1:4 (CIMENTO E AREIA) ALTURA 7CM","M","COEFICIENTE DE REPRESENTATIVIDADE",30.71,"","SINAPI","","","","","","","",4.66,15.2052545,26.04,84.7619048,0.01,0.0328407,0,0,0,0,"CAIXA REFERENCIAL"]
["PISOS","PISO","PISO CONCRETO",258,"","",94990,"EXECUÇÃO DE PASSEIO (CALÇADA) OU PISO DE CONCRETO COM CONCRETO MOLDADO IN LOCO, FEITO EM OBRA, ACABAMENTO CONVENCIONAL, NÃO ARMADO. AF_07/2016","M3","COEFICIENTE DE REPRESENTATIVIDADE",566.5,"I","SINAPI",4460,2.5,"M","COEFICIENTE DE REPRESENTATIVIDADE",2.5,9.37,23.42,"","","","","","","","","","","CAIXA REFERENCIAL"]
["PISOS","PISO","PISO CONCRETO",258,"","",94995,"EXECUÇÃO DE PASSEIO (CALÇADA) OU PISO DE CONCRETO COM CONCRETO MOLDADO IN LOCO, USINADO, ACABAMENTO CONVENCIONAL, ESPESSURA 8 CM, ARMADO. AF_07/2016","M2","COEFICIENTE DE REPRESENTATIVIDADE",60.07,"I","SINAPI",3777,1.128,"M2","COLETADO",1.128,1.11,1.25,"","","","","","","","","","","CAIXA REFERENCIAL"]
["PISOS","PISO","PISO CONCRETO",258,"","",94996,"EXECUÇÃO DE PASSEIO (CALÇADA) OU PISO DE CONCRETO COM CONCRETO MOLDADO IN LOCO, FEITO EM OBRA, ACABAMENTO CONVENCIONAL, ESPESSURA 10 CM, ARMADO. AF_07/2016","M2","COEFICIENTE DE REPRESENTATIVIDADE",82.03,"I","SINAPI",4460,0.25,"M","COEFICIENTE DE REPRESENTATIVIDADE",0.25,9.37,2.34,"","","","","","","","","","","CAIXA REFERENCIAL"]
["PISOS","PISO","REGULARIZACAO DE CONTRA-PISOS E OUTRAS SUPERFICIES",264,"","",87620,"CONTRAPISO EM ARGAMASSA TRAÇO 1:4 (CIMENTO E AREIA), PREPARO MECÂNICO COM BETONEIRA 400 L, APLICADO EM ÁREAS SECAS SOBRE LAJE, ADERIDO, ESPESSURA 2CM. AF_06/2014","M2","COEFICIENTE DE REPRESENTATIVIDADE",25.56,"S","SINAPI",88316,0.145,"H","COEFICIENTE DE REPRESENTATIVIDADE",0.145,15.03,2.17,"","","","","","","","","","","CAIXA REFERENCIAL"]
["PISOS","PISO","REGULARIZACAO DE CONTRA-PISOS E OUTRAS SUPERFICIES",264,"","",87634,"CONTRAPISO EM ARGAMASSA PRONTA, PREPARO MANUAL, APLICADO EM ÁREAS SECAS SOBRE LAJE, ADERIDO, ESPESSURA 3CM. AF_06/2014","M2","COEFICIENTE DE REPRESENTATIVIDADE",87.17,"I","SINAPI",7334,0.435,"L","COEFICIENTE DE REPRESENTATIVIDADE",0.435,9.08,3.94,"","","","","","","","","","","CAIXA REFERENCIAL"]
["PISOS","PISO","REGULARIZACAO DE CONTRA-PISOS E OUTRAS SUPERFICIES",264,"","",87684,"CONTRAPISO EM ARGAMASSA PRONTA, PREPARO MANUAL, APLICADO EM ÁREAS SECAS SOBRE LAJE, NÃO ADERIDO, ESPESSURA 4CM. AF_06/2014","M2","COEFICIENTE DE REPRESENTATIVIDADE",98.64,"S","SINAPI",88316,0.145,"H","COEFICIENTE DE REPRESENTATIVIDADE",0.145,15.03,2.17,"","","","","","","","","","","CAIXA REFERENCIAL"]
["PISOS","PISO","REGULARIZACAO DE CONTRA-PISOS E OUTRAS SUPERFICIES",264,"","",87692,"CONTRAPISO EM ARGAMASSA TRAÇO 1:4 (CIMENTO E AREIA), PREPARO MANUAL, APLICADO EM ÁREAS SECAS SOBRE LAJE, NÃO ADERIDO, ESPESSURA 5CM. AF_06/2014","M2","COEFICIENTE DE REPRESENTATIVIDADE",40.38,"S","SINAPI",87373,0.0607,"M3","COEFICIENTE DE REPRESENTATIVIDADE",0.0607,496.26,30.12,"","","","","","","","","","","CAIXA REFERENCIAL"]
["PISOS","PISO","REGULARIZACAO DE CONTRA-PISOS E OUTRAS SUPERFICIES",264,"","",87738,"CONTRAPISO EM ARGAMASSA PRONTA, PREPARO MECÂNICO COM MISTURADOR 300 KG, APLICADO EM ÁREAS MOLHADAS SOBRE LAJE, ADERIDO, ESPESSURA 2CM. AF_06/2014","M2","COEFICIENTE DE REPRESENTATIVIDADE",69.17,"S","SINAPI",88309,0.59,"H","COEFICIENTE DE REPRESENTATIVIDADE",0.59,21.8,12.86,"","","","","","","","","","","CAIXA REFERENCIAL"]
["PISOS","PISO","REGULARIZACAO DE CONTRA-PISOS E OUTRAS SUPERFICIES",264,"","",87757,"CONTRAPISO EM ARGAMASSA TRAÇO 1:4 (CIMENTO E AREIA), PREPARO MANUAL, APLICADO EM ÁREAS MOLHADAS SOBRE IMPERMEABILIZAÇÃO, ESPESSURA 3CM. AF_06/2014","M2","COEFICIENTE DE REPRESENTATIVIDADE",40.97,"S","SINAPI",87373,0.0431,"M3","COEFICIENTE DE REPRESENTATIVIDADE",0.0431,496.26,21.38,"","","","","","","","","","","CAIXA REFERENCIAL"]
["PISOS","PISO","REGULARIZACAO DE CONTRA-PISOS E OUTRAS SUPERFICIES",264,"","",88471,"CONTRAPISO AUTONIVELANTE, APLICADO SOBRE LAJE, NÃO ADERIDO, ESPESSURA 4CM. AF_06/2014","M2","COEFICIENTE DE REPRESENTATIVIDADE",24.31,"S","SINAPI",88309,0.186,"H","COEFICIENTE DE REPRESENTATIVIDADE",0.186,21.8,4.05,"","","","","","","","","","","CAIXA REFERENCIAL"]
["PISOS","PISO","REGULARIZACAO DE CONTRA-PISOS E OUTRAS SUPERFICIES",264,"","",90904,"CONTRAPISO ACÚSTICO EM ARGAMASSA PRONTA, PREPARO MANUAL, APLICADO EM ÁREAS SECAS MENORES QUE 15M2, ESPESSURA 5CM. AF_10/2014","M2","COEFICIENTE DE REPRESENTATIVIDADE",137.28,"S","SINAPI",88309,0.627,"H","COEFICIENTE DE REPRESENTATIVIDADE",0.627,21.8,13.66,"","","","","","","","","","","CAIXA REFERENCIAL"]
["PISOS","PISO","REGULARIZACAO DE CONTRA-PISOS E OUTRAS SUPERFICIES",264,"","",90910,"CONTRAPISO ACÚSTICO EM ARGAMASSA TRAÇO 1:4 (CIMENTO E AREIA), PREPARO MECÂNICO COM BETONEIRA 400L, APLICADO EM ÁREAS SECAS MENORES QUE 15M2, ESPESSURA 6CM. AF_10/2014","M2","COEFICIENTE DE REPRESENTATIVIDADE",62.85,"S","SINAPI",88309,0.674,"H","COEFICIENTE DE REPRESENTATIVIDADE",0.674,21.8,14.69,"","","","","","","","","","","CAIXA REFERENCIAL"]
["PISOS","PISO","REGULARIZACAO DE CONTRA-PISOS E OUTRAS SUPERFICIES",264,"","",90924,"CONTRAPISO ACÚSTICO EM ARGAMASSA PRONTA, PREPARO MANUAL, APLICADO EM ÁREAS SECAS MENORES QUE 15M2, ESPESSURA 7CM. AF_10/2014","M2","COEFICIENTE DE REPRESENTATIVIDADE",167.26,"I","SINAPI",38545,1.5068,"M2","COEFICIENTE DE REPRESENTATIVIDADE",1.5068,3.55,5.34,"","","","","","","","","","","CAIXA REFERENCIAL"]
["PISOS","PISO","REGULARIZACAO DE CONTRA-PISOS E OUTRAS SUPERFICIES",264,"","",90943,"CONTRAPISO ACÚSTICO EM ARGAMASSA PRONTA, PREPARO MECÂNICO COM MISTURADOR 300 KG, APLICADO EM ÁREAS SECAS MAIORES QUE 15M2, ESPESSURA 6CM. AF_10/2014","M2","COEFICIENTE DE REPRESENTATIVIDADE",131.59,"S","SINAPI",87386,0.0661,"M3","COEFICIENTE DE REPRESENTATIVIDADE",0.0661,{"v":1538.12,"d":"1,538.12"},101.66,"","","","","","","","","","","CAIXA REFERENCIAL"]
["PISOS","PISO","REGULARIZACAO DE CONTRA-PISOS E OUTRAS SUPERFICIES",264,"","",94439,"(COMPOSIÇÃO REPRESENTATIVA) DO SERVIÇO DE CONTRAPISO EM ARGAMASSA TRAÇO 1:4 (CIM E AREIA), EM BETONEIRA 400 L, ESPESSURA 4 CM ÁREAS SECAS E AREAS MOLHADAS SOBRE LAJE E 3 CM ÁREAS MOLHADAS SOBRE IMPERMEABILIZAÇÃO, PARA EDIFICAÇÃO HABITACIONAL UNIFAMILIAR(CASA) E EDIFICAÇÃO PÚBLICA PADRÃO. AF_11/2014","M2","COEFICIENTE DE REPRESENTATIVIDADE",38.42,"S","SINAPI",87745,0.1996,"M2","COEFICIENTE DE REPRESENTATIVIDADE",0.1996,40.55,8.09,"","","","","","","","","","","CAIXA REFERENCIAL"]
["PISOS","PISO","RODAPE VINILICO/BORRACHA",308,"","",72189,"RODAPE VINILICO ALTURA 5CM, ESPESSURA 1MM, FIXADO COM COLA","M","COEFICIENTE DE REPRESENTATIVIDADE",23.37,"","SINAPI","","","","","","","",4.6,19.6891191,18.76,80.2677031,0.01,0.0431778,0,0,0,0,"CAIXA REFERENCIAL"]
["REVESTIMENTO E TRATAMENTO DE SUPERFICIES","REVE","CHAPISCO",106,"","",87879,"CHAPISCO APLICADO EM ALVENARIAS E ESTRUTURAS DE CONCRETO INTERNAS, COM COLHER DE PEDREIRO.  ARGAMASSA TRAÇO 1:3 COM PREPARO EM BETONEIRA 400L. AF_06/2014","M2","COEFICIENTE DE REPRESENTATIVIDADE",3.14,"S","SINAPI",87313,0.0042,"M3","COEFICIENTE DE REPRESENTATIVIDADE",0.0042,362.47,1.52,"","","","","","","","","","","CAIXA REFERENCIAL"]
["REVESTIMENTO E TRATAMENTO DE SUPERFICIES","REVE","CHAPISCO",106,"","",87892,"CHAPISCO APLICADO EM ALVENARIA (SEM PRESENÇA DE VÃOS) E ESTRUTURAS DE CONCRETO DE FACHADA, COM ROLO PARA TEXTURA ACRÍLICA.  ARGAMASSA INDUSTRIALIZADA COM PREPARO EM MISTURADOR 300 KG. AF_06/2014","M2","COEFICIENTE DE REPRESENTATIVIDADE",10.05,"","SINAPI","","","","","","","",1.65,16.4467005,8.4,83.5532995,0,0,0,0,0,0,"CAIXA REFERENCIAL"]
["REVESTIMENTO E TRATAMENTO DE SUPERFICIES","REVE","CHAPISCO",106,"","",87904,"CHAPISCO APLICADO EM ALVENARIA (COM PRESENÇA DE VÃOS) E ESTRUTURAS DE CONCRETO DE FACHADA, COM COLHER DE PEDREIRO.  ARGAMASSA TRAÇO 1:3 COM PREPARO MANUAL. AF_06/2014","M2","COEFICIENTE DE REPRESENTATIVIDADE",7.22,"S","SINAPI",88316,0.091,"H","COEFICIENTE DE REPRESENTATIVIDADE",0.091,15.03,1.36,"","","","","","","","","","","CAIXA REFERENCIAL"]
["REVESTIMENTO E TRATAMENTO DE SUPERFICIES","REVE","EMBOCO",107,"","",84024,"BARRA LISA TRACO 1:3 (CIMENTO E AREIA MEDIA), ESPESSURA 1,0CM, PREPARO MANUAL DA ARGAMASSA","M2","COEFICIENTE DE REPRESENTATIVIDADE",37.99,"S","SINAPI",88316,0.9,"H","COEFICIENTE DE REPRESENTATIVIDADE",0.9,15.03,13.52,"","","","","","","","","","","CAIXA REFERENCIAL"]
["REVESTIMENTO E TRATAMENTO DE SUPERFICIES","REVE","EMBOCO",107,"","",84026,"BARRA LISA TRACO 1:4 (CIMENTO E AREIA MEDIA), ESPESSURA 2,0CM, PREPARO MANUAL DA ARGAMASSA","M2","COEFICIENTE DE REPRESENTATIVIDADE",47.28,"S","SINAPI",88316,1,"H","COEFICIENTE DE REPRESENTATIVIDADE",1,15.03,15.03,"","","","","","","","","","","CAIXA REFERENCIAL"]
["REVESTIMENTO E TRATAMENTO DE SUPERFICIES","REVE","EMBOCO",107,"","",87417,"APLICAÇÃO MANUAL DE GESSO DESEMPENADO (SEM TALISCAS) EM PAREDES DE AMBIENTES DE ÁREA MAIOR QUE 10M², ESPESSURA DE 0,5CM. AF_06/2014","M2","COEFICIENTE DE REPRESENTATIVIDADE",10.55,"S","SINAPI",88269,0.33,"H","COEFICIENTE DE REPRESENTATIVIDADE",0.33,19.74,6.51,"","","","","","","","","","","CAIXA REFERENCIAL"]
["REVESTIMENTO E TRATAMENTO DE SUPERFICIES","REVE","EMBOCO",107,"","",87427,"APLICAÇÃO MANUAL DE GESSO SARRAFEADO (COM TALISCAS) EM PAREDES DE AMBIENTES DE ÁREA ENTRE 5M² E 10M², ESPESSURA DE 1,5CM. AF_06/2014","M2","COEFICIENTE DE REPRESENTATIVIDADE",25.33,"I","SINAPI",3315,22.43,"KG","COEFICIENTE DE REPRESENTATIVIDADE",22.43,0.31,6.95,"","","","","","","","","","","CAIXA REFERENCIAL"]
["REVESTIMENTO E TRATAMENTO DE SUPERFICIES","REVE","EMBOCO",107,"","",87438,"APLICAÇÃO DE GESSO PROJETADO COM EQUIPAMENTO DE PROJEÇÃO EM PAREDES DE AMBIENTES DE ÁREA MAIOR QUE 10M², SARRAFEADO (COM TALISCAS), ESPESSURA DE 1,5CM. AF_06/2014","M2","COEFICIENTE DE REPRESENTATIVIDADE",23.07,"","SINAPI","","","","","","","",10.72,46.5024197,11.67,50.5059394,0.64,2.8156621,0,0,0.04,0.1759788,"CAIXA REFERENCIAL"]
["REVESTIMENTO E TRATAMENTO DE SUPERFICIES","REVE","EMBOCO",107,"","",87439,"APLICAÇÃO DE GESSO PROJETADO COM EQUIPAMENTO DE PROJEÇÃO EM PAREDES DE AMBIENTES DE ÁREA ENTRE 5M² E 10M², SARRAFEADO (COM TALISCAS), ESPESSURA DE 1,5CM. AF_06/2014","M2","COEFICIENTE DE REPRESENTATIVIDADE",24.75,"S","SINAPI",88269,0.62,"H","COEFICIENTE DE REPRESENTATIVIDADE",0.62,19.74,12.23,"","","","","","","","","","","CAIXA REFERENCIAL"]
["REVESTIMENTO E TRATAMENTO DE SUPERFICIES","REVE","EMBOCO",107,"","",87537,"EMBOÇO, PARA RECEBIMENTO DE CERÂMICA, EM ARGAMASSA INDUSTRIALIZADA, PREPARO MECÂNICO, APLICADO COM EQUIPAMENTO DE MISTURA E PROJEÇÃO DE 1,5 M3/H DE ARGAMASSA EM FACES INTERNAS DE PAREDES, PARA AMBIENTE COM ÁREA  MENOR QUE 5M2, ESPESSURA DE 20MM, COM EXECUÇÃO DE TALISCAS. AF_06/2014","M2","COEFICIENTE DE REPRESENTATIVIDADE",53.99,"S","SINAPI",87407,0.0376,"M3","COEFICIENTE DE REPRESENTATIVIDADE",0.0376,{"v":1096.41,"d":"1,096.41"},41.22,"","","","","","","","","","","CAIXA REFERENCIAL"]
["REVESTIMENTO E TRATAMENTO DE SUPERFICIES","REVE","EMBOCO",107,"","",87553,"EMBOÇO, PARA RECEBIMENTO DE CERÂMICA, EM ARGAMASSA TRAÇO 1:2:8, PREPARO MECÂNICO COM BETONEIRA 400L, APLICADO MANUALMENTE EM FACES INTERNAS DE PAREDES, PARA AMBIENTE COM ÁREA MAIOR QUE 10M2, ESPESSURA DE 10MM, COM EXECUÇÃO DE TALISCAS. AF_06/2014","M2","COEFICIENTE DE REPRESENTATIVIDADE",14.91,"","SINAPI","","","","","","","",5.3,35.5677154,9.59,64.2954858,0.01,0.0683994,0,0,0.01,0.0683994,"CAIXA REFERENCIAL"]
["REVESTIMENTO E TRATAMENTO DE SUPERFICIES","REVE","EMBOCO",107,"","",87778,"EMBOÇO OU MASSA ÚNICA EM ARGAMASSA INDUSTRIALIZADA, PREPARO MECÂNICO E APLICAÇÃO COM EQUIPAMENTO DE MISTURA E PROJEÇÃO DE 1,5 M3/H DE ARGAMASSA EM PANOS DE FACHADA COM PRESENÇA DE VÃOS, ESPESSURA DE 25 MM. AF_06/2014","M2","COEFICIENTE DE REPRESENTATIVIDADE",59.87,"I","SINAPI",37411,0.1388,"M2","COEFICIENTE DE REPRESENTATIVIDADE",0.1388,11,1.52,"","","","","","","","","","","CAIXA REFERENCIAL"]
["REVESTIMENTO E TRATAMENTO DE SUPERFICIES","REVE","EMBOCO",107,"","",87781,"EMBOÇO OU MASSA ÚNICA EM ARGAMASSA TRAÇO 1:2:8, PREPARO MANUAL, APLICADA MANUALMENTE EM PANOS DE FACHADA COM PRESENÇA DE VÃOS, ESPESSURA DE 35 MM. AF_06/2014","M2","COEFICIENTE DE REPRESENTATIVIDADE",55.23,"I","SINAPI",37411,0.1388,"M2","COEFICIENTE DE REPRESENTATIVIDADE",0.1388,11,1.52,"","","","","","","","","","","CAIXA REFERENCIAL"]
["REVESTIMENTO E TRATAMENTO DE SUPERFICIES","REVE","EMBOCO",107,"","",87792,"EMBOÇO OU MASSA ÚNICA EM ARGAMASSA TRAÇO 1:2:8, PREPARO MECÂNICO COM BETONEIRA 400 L, APLICADA MANUALMENTE EM PANOS CEGOS DE FACHADA (SEM PRESENÇA DE VÃOS), ESPESSURA DE 25 MM. AF_06/2014","M2","COEFICIENTE DE REPRESENTATIVIDADE",29.44,"","SINAPI","","","","","","","",12.27,41.6924664,17.11,58.1011354,0.04,0.1375988,0,0,0.02,0.0687994,"CAIXA REFERENCIAL"]
["REVESTIMENTO E TRATAMENTO DE SUPERFICIES","REVE","EMBOCO",107,"","",87803,"EMBOÇO OU MASSA ÚNICA EM ARGAMASSA TRAÇO 1:2:8, PREPARO MANUAL, APLICADA MANUALMENTE EM PANOS CEGOS DE FACHADA (SEM PRESENÇA DE VÃOS), ESPESSURA DE 45 MM. AF_06/2014","M2","COEFICIENTE DE REPRESENTATIVIDADE",48.17,"S","SINAPI",88316,0.56,"H","COEFICIENTE DE REPRESENTATIVIDADE",0.56,15.03,8.41,"","","","","","","","","","","CAIXA REFERENCIAL"]
["REVESTIMENTO E TRATAMENTO DE SUPERFICIES","REVE","EMBOCO",107,"","",87816,"EMBOÇO OU MASSA ÚNICA EM ARGAMASSA INDUSTRIALIZADA, PREPARO MECÂNICO E APLICAÇÃO COM EQUIPAMENTO DE MISTURA E PROJEÇÃO DE 1,5 M3/H EM SUPERFÍCIES EXTERNAS DA SACADA, ESPESSURA 35 MM, SEM USO DE TELA METÁLICA. AF_06/2014","M2","COEFICIENTE DE REPRESENTATIVIDADE",97.95,"S","SINAPI",88309,1.49,"H","COEFICIENTE DE REPRESENTATIVIDADE",1.49,21.8,32.48,"","","","","","","","","","","CAIXA REFERENCIAL"]
["REVESTIMENTO E TRATAMENTO DE SUPERFICIES","REVE","EMBOCO",107,"","",87829,"EMBOÇO OU MASSA ÚNICA EM ARGAMASSA TRAÇO 1:2:8, PREPARO MECÂNICO COM BETONEIRA 400 L, APLICADA MANUALMENTE NAS PAREDES INTERNAS DA SACADA, ESPESSURA DE 35 MM, SEM USO DE TELA METÁLICA DE REFORÇO CONTRA FISSURAÇÃO. AF_06/2014","M2","COEFICIENTE DE REPRESENTATIVIDADE",64.39,"S","SINAPI",87292,0.0481,"M3","COEFICIENTE DE REPRESENTATIVIDADE",0.0481,443.23,21.31,"","","","","","","","","","","CAIXA REFERENCIAL"]
["REVESTIMENTO E TRATAMENTO DE SUPERFICIES","REVE","EMBOCO",107,"","",87831,"EMBOÇO OU MASSA ÚNICA EM ARGAMASSA TRAÇO 1:2:8, PREPARO MANUAL, APLICADA MANUALMENTE NAS PAREDES INTERNAS DA SACADA, ESPESSURA DE 35 MM, SEM USO DE TELA METÁLICA DE REFORÇO CONTRA FISSURAÇÃO. AF_06/2014","M2","COEFICIENTE DE REPRESENTATIVIDADE",68.28,"S","SINAPI",88316,1.17,"H","COEFICIENTE DE REPRESENTATIVIDADE",1.17,15.03,17.58,"","","","","","","","","","","CAIXA REFERENCIAL"]
["REVESTIMENTO E TRATAMENTO DE SUPERFICIES","REVE","EMBOCO",107,"","",87840,"REVESTIMENTO DECORATIVO MONOCAMADA APLICADO COM EQUIPAMENTO DE PROJEÇÃO EM PANOS DA FACHADA COM PRESENÇA DE VÃOS, DE UM EDIFÍCIO DE ESTRUTURA CONVENCIONAL E ACABAMENTO RASPADO. AF_06/2014","M2","COEFICIENTE DE REPRESENTATIVIDADE",148.28,"","SINAPI","","","","","","","",11.03,7.4424258,136.18,91.8349431,1.01,0.6821098,0,0,0.06,0.0405213,"CAIXA REFERENCIAL"]
["REVESTIMENTO E TRATAMENTO DE SUPERFICIES","REVE","EMBOCO",107,"","",87852,"REVESTIMENTO DECORATIVO MONOCAMADA APLICADO COM EQUIPAMENTO DE PROJEÇÃO EM PANOS DA FACHADA COM PRESENÇA DE VÃOS, DE UM EDIFÍCIO DE ESTRUTURA CONVENCIONAL E ACABAMENTO TRAVERTINO. AF_06/2014","M2","COEFICIENTE DE REPRESENTATIVIDADE",159.79,"","SINAPI","","","","","","","",13.14,8.2293951,145.5,91.0498279,1.08,0.6769037,0,0,0.07,0.0438733,"CAIXA REFERENCIAL"]
["REVESTIMENTO E TRATAMENTO DE SUPERFICIES","REVE","EMBOCO",107,"","",89173,"(COMPOSIÇÃO REPRESENTATIVA) DO SERVIÇO DE EMBOÇO/MASSA ÚNICA, APLICADO MANUALMENTE, TRAÇO 1:2:8, EM BETONEIRA DE 400L, PAREDES INTERNAS, COM EXECUÇÃO DE TALISCAS, EDIFICAÇÃO HABITACIONAL UNIFAMILIAR (CASAS) E EDIFICAÇÃO PÚBLICA PADRÃO. AF_12/2014","M2","COEFICIENTE DE REPRESENTATIVIDADE",29.62,"S","SINAPI",87531,0.154,"M2","COEFICIENTE DE REPRESENTATIVIDADE",0.154,28.4,4.37,"","","","","","","","","","","CAIXA REFERENCIAL"]
["REVESTIMENTO E TRATAMENTO DE SUPERFICIES","REVE","EMBOCO",107,"","",90407,"MASSA ÚNICA, PARA RECEBIMENTO DE PINTURA, EM ARGAMASSA TRAÇO 1:2:8, PREPARO MANUAL, APLICADA MANUALMENTE EM TETO, ESPESSURA DE 20MM, COM EXECUÇÃO DE TALISCAS. AF_03/2015","M2","COEFICIENTE DE REPRESENTATIVIDADE",41.26,"S","SINAPI",87369,0.0376,"M3","COEFICIENTE DE REPRESENTATIVIDADE",0.0376,523.95,19.7,"","","","","","","","","","","CAIXA REFERENCIAL"]
["REVESTIMENTO E TRATAMENTO DE SUPERFICIES","REVE","PASTILHAS,CERAMICAS, PLACAS PRE-MOLDADAS E OUTROS",110,"","",87264,"REVESTIMENTO CERÂMICO PARA PAREDES INTERNAS COM PLACAS TIPO ESMALTADA EXTRA DE DIMENSÕES 20X20 CM APLICADAS EM AMBIENTES DE ÁREA MENOR QUE 5 M² NA ALTURA INTEIRA DAS PAREDES. AF_06/2014","M2","COEFICIENTE DE REPRESENTATIVIDADE",41.17,"I","SINAPI",34357,0.42,"KG","COEFICIENTE DE REPRESENTATIVIDADE",0.42,3.82,1.6,"","","","","","","","","","","CAIXA REFERENCIAL"]
["REVESTIMENTO E TRATAMENTO DE SUPERFICIES","REVE","PASTILHAS,CERAMICAS, PLACAS PRE-MOLDADAS E OUTROS",110,"","",87271,"REVESTIMENTO CERÂMICO PARA PAREDES INTERNAS COM PLACAS TIPO ESMALTADA EXTRA DE DIMENSÕES 25X35 CM APLICADAS EM AMBIENTES DE ÁREA MAIOR QUE 5 M² A MEIA ALTURA DAS PAREDES. AF_06/2014","M2","COEFICIENTE DE REPRESENTATIVIDADE",43.46,"S","SINAPI",88256,0.82,"H","COEFICIENTE DE REPRESENTATIVIDADE",0.82,20.22,16.58,"","","","","","","","","","","CAIXA REFERENCIAL"]
["REVESTIMENTO E TRATAMENTO DE SUPERFICIES","REVE","PASTILHAS,CERAMICAS, PLACAS PRE-MOLDADAS E OUTROS",110,"","",88788,"REVESTIMENTO CERÂMICO PARA PAREDES EXTERNAS EM PASTILHAS DE PORCELANA 2,5 X 2,5 CM (PLACAS DE 30 X 30 CM), ALINHADAS A PRUMO, APLICADO EM SUPERFÍCIES EXTERNAS DA SACADA. AF_10/2014","M2","COEFICIENTE DE REPRESENTATIVIDADE",163.33,"S","SINAPI",88256,1.38,"H","COEFICIENTE DE REPRESENTATIVIDADE",1.38,20.22,27.9,"","","","","","","","","","","CAIXA REFERENCIAL"]
["REVESTIMENTO E TRATAMENTO DE SUPERFICIES","REVE","PASTILHAS,CERAMICAS, PLACAS PRE-MOLDADAS E OUTROS",110,"","",89045,"(COMPOSIÇÃO REPRESENTATIVA) DO SERVIÇO DE REVESTIMENTO CERÂMICO PARA AMBIENTES DE ÁREAS MOLHADAS, MEIA PAREDE OU PAREDE INTEIRA, COM PLACAS TIPO GRÊS OU SEMI-GRÊS, DIMENSÕES 20X20 CM, PARA EDIFICAÇÃO HABITACIONAL MULTIFAMILIAR (PRÉDIO). AF_11/2014","M2","COEFICIENTE DE REPRESENTATIVIDADE",41.01,"S","SINAPI",87266,0.1583,"M2","COEFICIENTE DE REPRESENTATIVIDADE",0.1583,43.39,6.86,"","","","","","","","","","","CAIXA REFERENCIAL"]
["REVESTIMENTO E TRATAMENTO DE SUPERFICIES","REVE","PEITORIL DE MARMORE/GRANITO",125,"","",84089,"PEITORIL EM MARMORE BRANCO, LARGURA DE 25CM, ASSENTADO COM ARGAMASSA TRACO 1:3 (CIMENTO E AREIA MEDIA), PREPARO MANUAL DA ARGAMASSA","M","COEFICIENTE DE REPRESENTATIVIDADE",86.51,"S","SINAPI",88316,0.6,"H","COEFICIENTE DE REPRESENTATIVIDADE",0.6,15.03,9.01,"","","","","","","","","","","CAIXA REFERENCIAL"]
["REVESTIMENTO E TRATAMENTO DE SUPERFICIES","REVE","FORRO DE GESSO",134,"","",96109,"FORRO EM PLACAS DE GESSO, PARA AMBIENTES RESIDENCIAIS. AF_05/2017_P","M2","COEFICIENTE DE REPRESENTATIVIDADE",30.02,"S","SINAPI",88316,0.3987,"H","COEFICIENTE DE REPRESENTATIVIDADE",0.3987,15.03,5.99,"","","","","","","","","","","CAIXA REFERENCIAL"]
["REVESTIMENTO E TRATAMENTO DE SUPERFICIES","REVE","FORRO DE GESSO",134,"","",96123,"ACABAMENTOS PARA FORRO (MOLDURA EM DRYWALL, COM LARGURA DE 15 CM). AF_05/2017_P","M","COEFICIENTE DE REPRESENTATIVIDADE",19.17,"I","SINAPI",39427,1.2,"M","COEFICIENTE DE REPRESENTATIVIDADE",1.2,3.41,4.09,"","","","","","","","","","","CAIXA REFERENCIAL"]
["REVESTIMENTO E TRATAMENTO DE SUPERFICIES","REVE","REVESTIMENTO DE CORRIMAO",290,73807,"CORRIMAO DE GRANITO ARTIFICIAL (MARMORITE) COM 15 CM DE LARGURA","73807/1","CORRIMAO EM MARMORITE, LARGURA 15CM","M","COEFICIENTE DE REPRESENTATIVIDADE",98.26,"S","SINAPI",88242,2.284,"H","COEFICIENTE DE REPRESENTATIVIDADE",2.284,17.23,39.35,"","","","","","","","","","","CAIXA REFERENCIAL"]
["REVESTIMENTO E TRATAMENTO DE SUPERFICIES","REVE","FORRO METALICO/PVC",311,"","",72201,"RECOLOCACO DE FORROS EM REGUA DE PVC E PERFIS, CONSIDERANDO REAPROVEITAMENTO DO MATERIAL","M2","COEFICIENTE DE REPRESENTATIVIDADE",10.94,"S","SINAPI",88316,0.3,"H","COEFICIENTE DE REPRESENTATIVIDADE",0.3,15.03,4.5,"","","","","","","","","","","CAIXA REFERENCIAL"]
["REVESTIMENTO E TRATAMENTO DE SUPERFICIES","REVE","REVESTIMENTO TERMICO E/OU ACUSTICO",315,"","",72198,"ISOLAMENTO TERMICO COM ARGAMASSA TRACO 1:3 (CIMENTO E AREIA GROSSA NAO PENEIRADA), COM ADICAO DE PEROLAS DE ISOPOR, ESPESSURA 6CM, PREPARO MANUAL DA ARGAMASSA","M2","COEFICIENTE DE REPRESENTATIVIDADE",93.13,"S","SINAPI",88309,1.5,"H","COEFICIENTE DE REPRESENTATIVIDADE",1.5,21.8,32.7,"","","","","","","","","","","CAIXA REFERENCIAL"]
["REVESTIMENTO E TRATAMENTO DE SUPERFICIES","REVE","RESTAURO",319,"","",91522,"ESTUCAMENTO, PARA QUALQUER REVESTIMENTO, EM TETO DO SISTEMA DE PAREDES DE CONCRETO. AF_06/2015","M2","COEFICIENTE DE REPRESENTATIVIDADE",2.43,"","SINAPI","","","","","","","",1.83,75.2173914,0.6,24.7826086,0,0,0,0,0,0,"CAIXA REFERENCIAL"]
["SERVICOS DIVERSOS","SEDI","ARGAMASSAS",210,"","",87284,"ARGAMASSA TRAÇO 1:6 (CIMENTO E AREIA MÉDIA) COM ADIÇÃO DE PLASTIFICANTE PARA EMBOÇO/MASSA ÚNICA/ASSENTAMENTO DE ALVENARIA DE VEDAÇÃO, PREPARO MECÂNICO COM BETONEIRA 600 L. AF_06/2014","M3","COEFICIENTE DE REPRESENTATIVIDADE",307.89,"S","SINAPI",89226,2.41,"CHI","COEFICIENTE DE REPRESENTATIVIDADE",2.41,1.07,2.57,"","","","","","","","","","","CAIXA REFERENCIAL"]
["SERVICOS DIVERSOS","SEDI","ARGAMASSAS",210,"","",87286,"ARGAMASSA TRAÇO 1:1:6 (CIMENTO, CAL E AREIA MÉDIA) PARA EMBOÇO/MASSA ÚNICA/ASSENTAMENTO DE ALVENARIA DE VEDAÇÃO, PREPARO MECÂNICO COM BETONEIRA 400 L. AF_06/2014","M3","COEFICIENTE DE REPRESENTATIVIDADE",355.7,"S","SINAPI",88830,1.19,"CHP","COEFICIENTE DE REPRESENTATIVIDADE",1.19,1.26,1.49,"","","","","","","","","","","CAIXA REFERENCIAL"]
["SERVICOS DIVERSOS","SEDI","ARGAMASSAS",210,"","",87294,"ARGAMASSA TRAÇO 1:2:9 (CIMENTO, CAL E AREIA MÉDIA) PARA EMBOÇO/MASSA ÚNICA/ASSENTAMENTO DE ALVENARIA DE VEDAÇÃO, PREPARO MECÂNICO COM BETONEIRA 600 L. AF_06/2014","M3","COEFICIENTE DE REPRESENTATIVIDADE",417.6,"S","SINAPI",89226,2.88,"CHI","COEFICIENTE DE REPRESENTATIVIDADE",2.88,1.07,3.08,"","","","","","","","","","","CAIXA REFERENCIAL"]
["SERVICOS DIVERSOS","SEDI","ARGAMASSAS",210,"","",87304,"ARGAMASSA TRAÇO 1:5 (CIMENTO E AREIA MÉDIA) PARA CONTRAPISO, PREPARO MECÂNICO COM BETONEIRA 400 L. AF_06/2014","M3","COEFICIENTE DE REPRESENTATIVIDADE",384.29,"I","SINAPI",370,1.6,"M3","COLETADO",1.6,61.6,98.56,"","","","","","","","","","","CAIXA REFERENCIAL"]
["SERVICOS DIVERSOS","SEDI","ARGAMASSAS",210,"","",87313,"ARGAMASSA TRAÇO 1:3 (CIMENTO E AREIA GROSSA) PARA CHAPISCO CONVENCIONAL, PREPARO MECÂNICO COM BETONEIRA 400 L. AF_06/2014","M3","COEFICIENTE DE REPRESENTATIVIDADE",362.47,"I","SINAPI",367,1.06,"M3","COLETADO",1.06,69.9,74.09,"","","","","","","","","","","CAIXA REFERENCIAL"]
["SERVICOS DIVERSOS","SEDI","ARGAMASSAS",210,"","",87320,"ARGAMASSA TRAÇO 1:5 (CIMENTO E AREIA GROSSA) COM ADIÇÃO DE EMULSÃO POLIMÉRICA PARA CHAPISCO ROLADO, PREPARO MECÂNICO COM BETONEIRA 600 L. AF_06/2014","M3","COEFICIENTE DE REPRESENTATIVIDADE",{"v":1946.19,"d":"1,946.19"},"S","SINAPI",89226,2.33,"CHI","COEFICIENTE DE REPRESENTATIVIDADE",2.33,1.07,2.49,"","","","","","","","","","","CAIXA REFERENCIAL"]
["SERVICOS DIVERSOS","SEDI","ARGAMASSAS",210,"","",87323,"ARGAMASSA TRAÇO 1:3 (CIMENTO E AREIA GROSSA) COM ADIÇÃO DE EMULSÃO POLIMÉRICA PARA CHAPISCO ROLADO, PREPARO MECÂNICO COM BETONEIRA 600 L. AF_06/2014","M3","COEFICIENTE DE REPRESENTATIVIDADE",{"v":1997.53,"d":"1,997.53"},"I","SINAPI",1379,313.44,"KG","COEFICIENTE DE REPRESENTATIVIDADE",313.44,0.53,166.12,"","","","","","","","","","","CAIXA REFERENCIAL"]
["SERVICOS DIVERSOS","SEDI","ARGAMASSAS",210,"","",87329,"ARGAMASSA TRAÇO 1:6 (CIMENTO E AREIA MÉDIA) COM ADIÇÃO DE PLASTIFICANTE PARA EMBOÇO/MASSA ÚNICA/ASSENTAMENTO DE ALVENARIA DE VEDAÇÃO, PREPARO MECÂNICO COM MISTURADOR DE EIXO HORIZONTAL DE 300 KG. AF_06/2014","M3","COEFICIENTE DE REPRESENTATIVIDADE",345.87,"I","SINAPI",1379,263.92,"KG","COEFICIENTE DE REPRESENTATIVIDADE",263.92,0.53,139.87,"","","","","","","","","","","CAIXA REFERENCIAL"]
["SERVICOS DIVERSOS","SEDI","ARGAMASSAS",210,"","",87335,"ARGAMASSA TRAÇO 1:2:8 (CIMENTO, CAL E AREIA MÉDIA) PARA EMBOÇO/MASSA ÚNICA/ASSENTAMENTO DE ALVENARIA DE VEDAÇÃO, PREPARO MECÂNICO COM MISTURADOR DE EIXO HORIZONTAL DE 300 KG. AF_06/2014","M3","COEFICIENTE DE REPRESENTATIVIDADE",437.38,"I","SINAPI",1106,187.02,"KG","COLETADO",187.02,0.95,177.66,"","","","","","","","","","","CAIXA REFERENCIAL"]
["SERVICOS DIVERSOS","SEDI","ARGAMASSAS",210,"","",87340,"ARGAMASSA TRAÇO 1:3 (CIMENTO E AREIA MÉDIA) PARA CONTRAPISO, PREPARO MECÂNICO COM MISTURADOR DE EIXO HORIZONTAL DE 300 KG. AF_06/2014","M3","COEFICIENTE DE REPRESENTATIVIDADE",456.38,"S","SINAPI",88392,3.69,"CHI","COEFICIENTE DE REPRESENTATIVIDADE",3.69,0.69,2.54,"","","","","","","","","","","CAIXA REFERENCIAL"]
["SERVICOS DIVERSOS","SEDI","ARGAMASSAS",210,"","",87341,"ARGAMASSA TRAÇO 1:3 (CIMENTO E AREIA MÉDIA) PARA CONTRAPISO, PREPARO MECÂNICO COM MISTURADOR DE EIXO HORIZONTAL DE 600 KG. AF_06/2014","M3","COEFICIENTE DE REPRESENTATIVIDADE",440.2,"S","SINAPI",88393,0.75,"CHP","COEFICIENTE DE REPRESENTATIVIDADE",0.75,4.72,3.54,"","","","","","","","","","","CAIXA REFERENCIAL"]
["SERVICOS DIVERSOS","SEDI","ARGAMASSAS",210,"","",87348,"ARGAMASSA TRAÇO 1:6 (CIMENTO E AREIA MÉDIA) PARA CONTRAPISO, PREPARO MECÂNICO COM MISTURADOR DE EIXO HORIZONTAL DE 160 KG. AF_06/2014","M3","COEFICIENTE DE REPRESENTATIVIDADE",381.31,"S","SINAPI",88377,6.76,"H","COEFICIENTE DE REPRESENTATIVIDADE",6.76,16.65,112.55,"","","","","","","","","","","CAIXA REFERENCIAL"]
["SERVICOS DIVERSOS","SEDI","ARGAMASSAS",210,"","",87354,"ARGAMASSA TRAÇO 1:3 (CIMENTO E AREIA GROSSA) PARA CHAPISCO CONVENCIONAL, PREPARO MECÂNICO COM MISTURADOR DE EIXO HORIZONTAL DE 600 KG. AF_06/2014","M3","COEFICIENTE DE REPRESENTATIVIDADE",343.89,"S","SINAPI",88377,2.83,"H","COEFICIENTE DE REPRESENTATIVIDADE",2.83,16.65,47.11,"","","","","","","","","","","CAIXA REFERENCIAL"]
["SERVICOS DIVERSOS","SEDI","ARGAMASSAS",210,"","",87360,"ARGAMASSA TRAÇO 1:3 (CIMENTO E AREIA GROSSA) COM ADIÇÃO DE EMULSÃO POLIMÉRICA PARA CHAPISCO ROLADO, PREPARO MECÂNICO COM MISTURADOR DE EIXO HORIZONTAL DE 160 KG. AF_06/2014","M3","COEFICIENTE DE REPRESENTATIVIDADE",{"v":1997.09,"d":"1,997.09"},"S","SINAPI",88404,5.01,"CHI","COEFICIENTE DE REPRESENTATIVIDADE",5.01,0.66,3.3,"","","","","","","","","","","CAIXA REFERENCIAL"]
["SERVICOS DIVERSOS","SEDI","ARGAMASSAS",210,"","",87361,"ARGAMASSA TRAÇO 1:3 (CIMENTO E AREIA GROSSA) COM ADIÇÃO DE EMULSÃO POLIMÉRICA PARA CHAPISCO ROLADO, PREPARO MECÂNICO COM MISTURADOR DE EIXO HORIZONTAL DE 300 KG. AF_06/2014","M3","COEFICIENTE DE REPRESENTATIVIDADE",{"v":1968.45,"d":"1,968.45"},"S","SINAPI",88386,0.96,"CHP","COEFICIENTE DE REPRESENTATIVIDADE",0.96,3.43,3.29,"","","","","","","","","","","CAIXA REFERENCIAL"]
["SERVICOS DIVERSOS","SEDI","ARGAMASSAS",210,"","",87367,"ARGAMASSA TRAÇO 1:1:6 (CIMENTO, CAL E AREIA MÉDIA) PARA EMBOÇO/MASSA ÚNICA/ASSENTAMENTO DE ALVENARIA DE VEDAÇÃO, PREPARO MANUAL. AF_06/2014","M3","COEFICIENTE DE REPRESENTATIVIDADE",499.93,"S","SINAPI",88316,11.07,"H","COEFICIENTE DE REPRESENTATIVIDADE",11.07,15.03,166.38,"","","","","","","","","","","CAIXA REFERENCIAL"]
["SERVICOS DIVERSOS","SEDI","ARGAMASSAS",210,"","",87377,"ARGAMASSA TRAÇO 1:3 (CIMENTO E AREIA GROSSA) PARA CHAPISCO CONVENCIONAL, PREPARO MANUAL. AF_06/2014","M3","COEFICIENTE DE REPRESENTATIVIDADE",449.63,"I","SINAPI",1379,401.09,"KG","COEFICIENTE DE REPRESENTATIVIDADE",401.09,0.53,212.57,"","","","","","","","","","","CAIXA REFERENCIAL"]
["SERVICOS DIVERSOS","SEDI","ARGAMASSAS",210,"","",87385,"ARGAMASSA PRONTA PARA CONTRAPISO, PREPARO COM MISTURADOR DE EIXO HORIZONTAL DE 160 KG. AF_06/2014","M3","COEFICIENTE DE REPRESENTATIVIDADE",{"v":1543.45,"d":"1,543.45"},"S","SINAPI",88377,5.61,"H","COEFICIENTE DE REPRESENTATIVIDADE",5.61,16.65,93.4,"","","","","","","","","","","CAIXA REFERENCIAL"]
["SERVICOS DIVERSOS","SEDI","ARGAMASSAS",210,"","",87393,"ARGAMASSA INDUSTRIALIZADA PARA CHAPISCO ROLADO, PREPARO COM MISTURADOR DE EIXO HORIZONTAL DE 300 KG. AF_06/2014","M3","COEFICIENTE DE REPRESENTATIVIDADE",{"v":5280.82,"d":"5,280.82"},"S","SINAPI",88392,4.16,"CHI","COEFICIENTE DE REPRESENTATIVIDADE",4.16,0.69,2.87,"","","","","","","","","","","CAIXA REFERENCIAL"]
["SERVICOS DIVERSOS","SEDI","ARGAMASSAS",210,"","",87395,"ARGAMASSA INDUSTRIALIZADA PARA CHAPISCO COLANTE, PREPARO COM MISTURADOR DE EIXO HORIZONTAL DE 160 KG. AF_06/2014","M3","COEFICIENTE DE REPRESENTATIVIDADE",{"v":4091.13,"d":"4,091.13"},"S","SINAPI",88399,1.48,"CHP","COEFICIENTE DE REPRESENTATIVIDADE",1.48,2.56,3.78,"","","","","","","","","","","CAIXA REFERENCIAL"]
["SERVICOS DIVERSOS","SEDI","ARGAMASSAS",210,"","",87407,"ARGAMASSA INDUSTRIALIZADA PARA REVESTIMENTOS, MISTURA E PROJEÇÃO DE 1,5 M³/H DE ARGAMASSA. AF_06/2014","M3","COEFICIENTE DE REPRESENTATIVIDADE",{"v":1096.41,"d":"1,096.41"},"S","SINAPI",88430,3.57,"CHI","COEFICIENTE DE REPRESENTATIVIDADE",3.57,4.33,15.45,"","","","","","","","","","","CAIXA REFERENCIAL"]
["SERVICOS DIVERSOS","SEDI","ARGAMASSAS",210,"","",88715,"ARGAMASSA TRAÇO 1:2:9 (CIMENTO, CAL E AREIA MÉDIA) PARA EMBOÇO/MASSA ÚNICA/ASSENTAMENTO DE ALVENARIA DE VEDAÇÃO, PREPARO MECÂNICO COM BETONEIRA 400 L. AF_09/2014","M3","COEFICIENTE DE REPRESENTATIVIDADE",417.94,"","SINAPI","","","","","","","",53.39,12.7749192,362.37,86.7033626,1.33,0.318296,0,0,0.85,0.2034222,"CAIXA REFERENCIAL"]
["SERVICOS DIVERSOS","SEDI","CARGA, DESCARGA E TRANSPORTE DE MATERIAIS",211,"","",88043,"TRANSPORTE HORIZONTAL, MASSA/GRANEL, MINICARREGADEIRA, 100M. AF_06/2014","M3","COEFICIENTE DE REPRESENTATIVIDADE",27,"S","SINAPI",90692,0.1937,"CHP","COEFICIENTE DE REPRESENTATIVIDADE",0.1937,71.12,13.77,"","","","","","","","","","","CAIXA REFERENCIAL"]
["SERVICOS DIVERSOS","SEDI","CARGA, DESCARGA E TRANSPORTE DE MATERIAIS",211,"","",88046,"TRANSPORTE HORIZONTAL, BLOCOS VAZADOS DE CONCRETO OU CERÂMICO 19X19X39 CM, CARRINHO PLATAFORMA, 30M. AF_06/2014","UN","COEFICIENTE DE REPRESENTATIVIDADE",0.23,"","SINAPI","","","","","","","",0.19,78.9473685,0.04,21.0526315,0,0,0,0,0,0,"CAIXA REFERENCIAL"]
["SERVICOS DIVERSOS","SEDI","CARGA, DESCARGA E TRANSPORTE DE MATERIAIS",211,"","",88079,"TRANSPORTE HORIZONTAL, PLACAS CERÂMICAS, CARRINHO PARA MINI PÁLETES, 30M. AF_06/2014","M2","COEFICIENTE DE REPRESENTATIVIDADE",0.13,"S","SINAPI",88316,0.0093,"H","COEFICIENTE DE REPRESENTATIVIDADE",0.0093,15.03,0.13,"","","","","","","","","","","CAIXA REFERENCIAL"]
["SERVICOS DIVERSOS","SEDI","CARGA, DESCARGA E TRANSPORTE DE MATERIAIS",211,"","",89179,"TRANSPORTE HORIZONTAL, SACOS 50 KG, CARRINHO PLATAFORMA, 50M. AF_06/2014","T","COEFICIENTE DE REPRESENTATIVIDADE",12.02,"","SINAPI","","","","","","","",7.88,65.5462186,4.1,34.117647,0.04,0.3361344,0,0,0,0,"CAIXA REFERENCIAL"]
["SERVICOS DIVERSOS","SEDI","CARGA, DESCARGA E TRANSPORTE DE MATERIAIS",211,"","",91104,"TRANSPORTE HORIZONTAL, TUBOS DE PVC SOLDÁVEL COM DIÂMETRO MENOR OU IGUAL A 60 MM, MANUAL, 30M. AF_06/2015","M","COEFICIENTE DE REPRESENTATIVIDADE",0.05,"S","SINAPI",88316,0.0039,"H","COEFICIENTE DE REPRESENTATIVIDADE",0.0039,15.03,0.05,"","","","","","","","","","","CAIXA REFERENCIAL"]
["SERVICOS DIVERSOS","SEDI","CARGA, DESCARGA E TRANSPORTE DE MATERIAIS",211,"","",91109,"TRANSPORTE HORIZONTAL, TUBOS DE CPVC COM DIÂMETRO MENOR OU IGUAL A 54 MM, MANUAL, 30M. AF_06/2015","M","COEFICIENTE DE REPRESENTATIVIDADE",0.11,"S","SINAPI",88316,0.0078,"H","COEFICIENTE DE REPRESENTATIVIDADE",0.0078,15.03,0.11,"","","","","","","","","","","CAIXA REFERENCIAL"]
["SERVICOS DIVERSOS","SEDI","CARGA, DESCARGA E TRANSPORTE DE MATERIAIS",211,"","",91128,"TRANSPORTE HORIZONTAL, LATA DE 18 L, MANIPULADOR TELESCÓPICO, 30M. AF_06/2014","18L","COEFICIENTE DE REPRESENTATIVIDADE",0.14,"S","SINAPI",90687,0.0009,"CHI","COEFICIENTE DE REPRESENTATIVIDADE",0.0009,59.04,0.05,"","","","","","","","","","","CAIXA REFERENCIAL"]
["SERVICOS DIVERSOS","SEDI","CARGA, DESCARGA E TRANSPORTE DE MATERIAIS",211,"","",91142,"TRANSPORTE HORIZONTAL, BLOCOS CERÂMICOS FURADOS NA VERTICAL 19X19X39 CM, MANIPULADOR TELESCÓPICO, 50M. AF_06/2014","MIL","COEFICIENTE DE REPRESENTATIVIDADE",85.37,"S","SINAPI",90686,0.4,"CHP","COEFICIENTE DE REPRESENTATIVIDADE",0.4,124.6,49.84,"","","","","","","","","","","CAIXA REFERENCIAL"]
["SERVICOS DIVERSOS","SEDI","CARGA, DESCARGA E TRANSPORTE DE MATERIAIS",211,"","",92123,"ENSACAMENTO DE AREIA. AF_11/2015","M3","COEFICIENTE DE REPRESENTATIVIDADE",32.17,"S","SINAPI",92118,0.51,"CHP","COEFICIENTE DE REPRESENTATIVIDADE",0.51,0.16,0.08,"","","","","","","","","","","CAIXA REFERENCIAL"]
["SERVICOS DIVERSOS","SEDI","CARGA, DESCARGA E TRANSPORTE DE MATERIAIS",211,"","",94945,"TRANSPORTE HORIZONTAL DE 100 M COM MANIPULADOR TELESCÓPICO DE TELHAS TERMOACÚSTICA, FIBROCIMENTO ONDULADA, AÇO ZINCADO, FIBROCIMENTO ESTRUTURAL, CANALETE 90 OU KALHETÃO. AF_07/2016","M2","COEFICIENTE DE REPRESENTATIVIDADE",0.23,"S","SINAPI",88316,0.0011,"H","COEFICIENTE DE REPRESENTATIVIDADE",0.0011,15.03,0.01,"","","","","","","","","","","CAIXA REFERENCIAL"]
["SERVICOS DIVERSOS","SEDI","CARGA, DESCARGA E TRANSPORTE DE MATERIAIS",211,"","",94949,"TRANSPORTE HORIZONTAL DE 50 M COM CARRINHO PLATAFORMA COM BACIA SANITÁRIA, CAIXA ACOPLADA, TANQUE OU PIA. AF_07/2016","UN","COEFICIENTE DE REPRESENTATIVIDADE",0.77,"S","SINAPI",88316,0.0517,"H","COEFICIENTE DE REPRESENTATIVIDADE",0.0517,15.03,0.77,"","","","","","","","","","","CAIXA REFERENCIAL"]
["SERVICOS DIVERSOS","SEDI","LIMPEZA E ARREMATES FINAIS",212,73948,"LIMPEZA DIVERSAS DA OBRA","73948/3","LIMPEZA AZULEJO","M2","COEFICIENTE DE REPRESENTATIVIDADE",5.54,"I","SINAPI",13,0.09,"KG","COEFICIENTE DE REPRESENTATIVIDADE",0.09,10,0.9,"","","","","","","","","","","CAIXA REFERENCIAL"]
["SERVICOS DIVERSOS","SEDI","ABERTURA DE POCO | CISTERNA OU CACIMBA |",215,74163,"PERFURACAO DE POCO","74163/1","PERFURACAO DE POCO COM PERFURATRIZ PNEUMATICA","M","COEFICIENTE DE REPRESENTATIVIDADE",41.52,"S","SINAPI",88292,0.36,"H","COEFICIENTE DE REPRESENTATIVIDADE",0.36,16.84,6.06,"","","","","","","","","","","CAIXA REFERENCIAL"]
["SERVICOS DIVERSOS","SEDI","OUTROS",318,"","",73361,"CONCRETO CICLOPICO FCK=10MPA 30% PEDRA DE MAO INCLUSIVE LANCAMENTO","M3","COEFICIENTE DE REPRESENTATIVIDADE",361.31,"S","SINAPI",88309,0.469,"H","COEFICIENTE DE REPRESENTATIVIDADE",0.469,21.8,10.22,"","","","","","","","","","","CAIXA REFERENCIAL"]
["SERVICOS DIVERSOS","SEDI","OUTROS",318,"","",73714,"CAIXA PARA RALO C OM GRELHA FOFO 135 KG DE ALV TIJOLO MACICO (7X10X20) PAREDES DE UMA VEZ (0.20 M) DE 0.90X1.20X1.50 M (EXTERNA) COM ARGAMASSA 1:4 CIMENTO:AREIA, BASE CONC FCK=10 MPA, EXCLUSIVE ESCAVACAO E REATERRO.","UN","COEFICIENTE DE REPRESENTATIVIDADE",{"v":1364.11,"d":"1,364.11"},"I","SINAPI",22,2.2,"KG","COEFICIENTE DE REPRESENTATIVIDADE",2.2,4.06,8.93,"","","","","","","","","","","CAIXA REFERENCIAL"]
["SERVICOS DIVERSOS","SEDI","OUTROS",318,"","",97012,"GUARDA-CORPO FIXADO EM FÔRMA DE MADEIRA COM TRAVESSÕES EM MADEIRA PREGADA E FECHAMENTO EM TELA DE POLIPROPILENO PARA EDIFICAÇÕES COM ALTURA IGUAL OU SUPERIOR A 4 PAVIMENTOS. AF_11/2017","M","COEFICIENTE DE REPRESENTATIVIDADE",21.35,"","SINAPI","","","","","","","",10.42,48.8383119,10.91,51.0668565,0.02,0.0948316,0,0,0,0,"CAIXA REFERENCIAL"]
["SERVICOS DIVERSOS","SEDI","OUTROS",318,"","",97016,"GUARDA-CORPO FIXADO EM FÔRMA DE MADEIRA COM TRAVESSÕES EM MADEIRA PREGADA PRÉ-MONTADA E ENCAIXE NA FÔRMA. PARA EDIFICAÇÕES COM ATÉ 2 PAVIMENTOS. AF_11/2017","M","COEFICIENTE DE REPRESENTATIVIDADE",22.25,"I","SINAPI",20209,0.6607,"M","COEFICIENTE DE REPRESENTATIVIDADE",0.6607,6.01,3.97,"","","","","","","","","","","CAIXA REFERENCIAL"]
["SERVICOS DIVERSOS","SEDI","OUTROS",318,"","",97032,"GUARDA-CORPO EM LAJE PÓS-DESFÔRMA, PARA ESTRUTURAS EM CONCRETO, COM ESCORAS DE MADEIRA ESTRONCADAS NA ESTRUTURA, TRAVESSÕES DE MADEIRA PREGADOS E FECHAMENTO EM TELA DE POLIPROPILENO PARA EDIFICAÇÕES ACIMA DE 4 PAVIMENTOS (2 MONTAGENS POR OBRA). AF_11/2017","M","COEFICIENTE DE REPRESENTATIVIDADE",30.42,"S","SINAPI",88262,0.3852,"H","COEFICIENTE DE REPRESENTATIVIDADE",0.3852,21.68,8.35,"","","","","","","","","","","CAIXA REFERENCIAL"]
["SERVICOS DIVERSOS","SEDI","OUTROS",318,"","",97066,"COBERTURA PARA PROTEÇÃO DE PEDESTRES COM ESTRUTURA DE ANDAIME, INCLUSIVE MONTAGEM E DESMONTAGEM. AF_11/2017","M2","COEFICIENTE DE REPRESENTATIVIDADE",162.83,"","SINAPI","","","","","","","",88.12,54.1154037,74.27,45.6139271,0.44,0.2706692,0,0,0,0,"CAIXA REFERENCIAL"]
["SERVICOS DIVERSOS","SEDI","OUTROS",318,"","",97067,"PLATAFORMA DE PROTEÇÃO PRINCIPAL PARA ALVENARIA ESTRUTURAL PARA SER APOIADA EM ANDAIME, INCLUSIVE MONTAGEM E DESMONTAGEM. AF_11/2017","M","COEFICIENTE DE REPRESENTATIVIDADE",362.81,"I","SINAPI",3993,0.0886,"M2","COEFICIENTE DE REPRESENTATIVIDADE",0.0886,35.77,3.16,"","","","","","","","","","","CAIXA REFERENCIAL"]
["SERVICOS PRELIMINARES","SERP","ACESSOS/PASSADICOS",12,74219,"PASSADICOS E TRAVESSIAS - MONTAGEM, MANUTENCAO E REMOCAO","74219/1","PASSADICOS COM TABUAS DE MADEIRA PARA PEDESTRES","M2","COEFICIENTE DE REPRESENTATIVIDADE",63.9,"","SINAPI","","","","","","","",22.88,35.8162145,40.9,63.9956093,0.12,0.1881762,0,0,0,0,"CAIXA REFERENCIAL"]
["SERVICOS PRELIMINARES","SERP","DEMOLICOES/RETIRADAS",14,"","",73616,"DEMOLICAO DE CONCRETO SIMPLES","M3","COEFICIENTE DE REPRESENTATIVIDADE",223.73,"","SINAPI","","","","","","","",148.45,66.3476589,74.43,33.272215,0.85,0.3801261,0,0,0,0,"CAIXA REFERENCIAL"]
["SERVICOS PRELIMINARES","SERP","DEMOLICOES/RETIRADAS",14,"","",85369,"REMOCAO DE FORRO DE MADEIRA (LAMBRI) C/ REAPROVEITAMENTO","M2","COEFICIENTE DE REPRESENTATIVIDADE",34.39,"S","SINAPI",88262,0.2,"H","COEFICIENTE DE REPRESENTATIVIDADE",0.2,21.68,4.33,"","","","","","","","","","","CAIXA REFERENCIAL"]
["SERVICOS PRELIMINARES","SERP","DEMOLICOES/RETIRADAS",14,"","",85374,"REMOCAO DE DISPOSITIVOS PARA FUNCIONAMENTO DE APARELHOS SANITARIOS","UN","COEFICIENTE DE REPRESENTATIVIDADE",10.02,"S","SINAPI",88316,0.6667,"H","COEFICIENTE DE REPRESENTATIVIDADE",0.6667,15.03,10.02,"","","","","","","","","","","CAIXA REFERENCIAL"]
["SERVICOS PRELIMINARES","SERP","DEMOLICOES/RETIRADAS",14,"","",85417,"RETIRADA DE TUBULACAO HIDROSSANITARIA APARENTE COM CONEXOES, Ø 1/2\" A 2\"","M","COEFICIENTE DE REPRESENTATIVIDADE",3.94,"","SINAPI","","","","","","","",2.96,75.066313,0.98,24.933687,0,0,0,0,0,0,"CAIXA REFERENCIAL"]
["SERVICOS TECNICOS","SERT","CONTROLE TECNOLOGICO",6,73900,"ENSAIOS TECNOLÓGICO DE ASFALTO","73900/11","ENSAIOS DE AREIA ASFALTO A QUENTE","T","COEFICIENTE DE REPRESENTATIVIDADE",33.63,"S","SINAPI","74022/42",1.82E-3,"UN","COEFICIENTE DE REPRESENTATIVIDADE",1.82E-3,67.14,0.12,"","","","","","","","","","","CAIXA REFERENCIAL"]
["SERVICOS TECNICOS","SERT","CONTROLE TECNOLOGICO",6,74021,"ENSAIO TECNOLOGICO DE TERRAPLENAGEM","74021/3","ENSAIOS DE REGULARIZACAO DO SUBLEITO","M2","COEFICIENTE DE REPRESENTATIVIDADE",0.8,"S","SINAPI","74022/19",0.0013,"UN","COEFICIENTE DE REPRESENTATIVIDADE",0.0013,171.6,0.22,"","","","","","","","","","","CAIXA REFERENCIAL"]
["SERVICOS TECNICOS","SERT","CONTROLE TECNOLOGICO",6,74021,"ENSAIO TECNOLOGICO DE TERRAPLENAGEM","74021/8","ENSAIOS DE BASE DE SOLO CIMENTO","M3","COEFICIENTE DE REPRESENTATIVIDADE",1.6,"S","SINAPI","74022/15",0.005,"UN","COEFICIENTE DE REPRESENTATIVIDADE",0.005,59.68,0.29,"","","","","","","","","","","CAIXA REFERENCIAL"]
["SERVICOS TECNICOS","SERT","CONTROLE TECNOLOGICO",6,74022,"ENSAIO TECNOLOGICO","74022/9","ENSAIO DE LIMITE DE PLASTICIDADE - SOLOS","UN","COEFICIENTE DE REPRESENTATIVIDADE",67.14,"S","SINAPI",88321,0.9,"H","COEFICIENTE DE REPRESENTATIVIDADE",0.9,43.31,38.97,"","","","","","","","","","","CAIXA REFERENCIAL"]
["SERVICOS TECNICOS","SERT","CONTROLE TECNOLOGICO",6,74022,"ENSAIO TECNOLOGICO","74022/16","ENSAIO DE DENSIDADE REAL - SOLOS","UN","COEFICIENTE DE REPRESENTATIVIDADE",67.14,"S","SINAPI",88249,1.8,"H","COEFICIENTE DE REPRESENTATIVIDADE",1.8,15.65,28.17,"","","","","","","","","","","CAIXA REFERENCIAL"]
["SERVICOS TECNICOS","SERT","CONTROLE TECNOLOGICO",6,74022,"ENSAIO TECNOLOGICO","74022/29","ENSAIO DE ESPUMA - MATERIAL ASFALTICO","UN","COEFICIENTE DE REPRESENTATIVIDADE",134.29,"S","SINAPI",88249,3.6,"H","COEFICIENTE DE REPRESENTATIVIDADE",3.6,15.65,56.34,"","","","","","","","","","","CAIXA REFERENCIAL"]
["SERVICOS TECNICOS","SERT","CONTROLE TECNOLOGICO",6,74022,"ENSAIO TECNOLOGICO","74022/43","ENSAIO DE MOLDAGEM E CURA DE SOLO CIMENTO","UN","COEFICIENTE DE REPRESENTATIVIDADE",74.61,"S","SINAPI",88321,1,"H","COEFICIENTE DE REPRESENTATIVIDADE",1,43.31,43.31,"","","","","","","","","","","CAIXA REFERENCIAL"]
["SERVICOS TECNICOS","SERT","CONTROLE TECNOLOGICO",6,74022,"ENSAIO TECNOLOGICO","74022/45","ENSAIO DE VISCOSIDADE CINEMATICA - ASFALTO","UN","COEFICIENTE DE REPRESENTATIVIDADE",149.22,"S","SINAPI",88321,2,"H","COEFICIENTE DE REPRESENTATIVIDADE",2,43.31,86.62,"","","","","","","","","","","CAIXA REFERENCIAL"]
["SERVICOS TECNICOS","SERT","SONDAGENS",7,"","",72733,"MOBILIZACAO E INSTALACAO DE 01  EQUIPAMENTO DE SONDAGEM, DISTANCIA ACIMA DE 20KM","UN","COEFICIENTE DE REPRESENTATIVIDADE",779.18,"S","SINAPI",88322,5,"H","COEFICIENTE DE REPRESENTATIVIDADE",5,51.1,255.5,"","","","","","","","","","","CAIXA REFERENCIAL"]
["SERVICOS TECNICOS","SERT","LOCACAO",8,74077,"LOCACAO OBRA C/PECA DE PINHO / REAPROVEITAMENTO","74077/2","LOCACAO CONVENCIONAL DE OBRA, ATRAVÉS DE GABARITO DE TABUAS CORRIDAS PONTALETADAS, COM REAPROVEITAMENTO DE 10 VEZES.","M2","COEFICIENTE DE REPRESENTATIVIDADE",4.54,"S","SINAPI",88316,0.1,"H","COEFICIENTE DE REPRESENTATIVIDADE",0.1,15.03,1.5,"","","","","","","","","","","CAIXA REFERENCIAL"]
["TRANPORTES, CARGAS E DESCARGAS","TRAN","TRANSPORTE COMERCIAL",332,"","",93592,"TRANSPORTE COM CAMINHÃO BASCULANTE DE 14 M3, EM VIA URBANA EM REVESTIMENTO PRIMÁRIO (UNIDADE: M3XKM). AF_04/2016","M3XKM","COEFICIENTE DE REPRESENTATIVIDADE",0.98,"S","SINAPI",89877,0.00119,"CHI","COEFICIENTE DE REPRESENTATIVIDADE",0.00119,45.35,0.05,"","","","","","","","","","","CAIXA REFERENCIAL"]
["TRANPORTES, CARGAS E DESCARGAS","TRAN","TRANSPORTE COMERCIAL",332,"","",93596,"TRANSPORTE COM CAMINHÃO BASCULANTE DE 10 M3, EM VIA URBANA PAVIMENTADA, DMT ACIMA DE 30 KM (UNIDADE: TONXKM). AF_04/2016","TXKM","COEFICIENTE DE REPRESENTATIVIDADE",0.48,"","SINAPI","","","","","","","",0.06,14.2857142,0.33,66.6666668,0.09,19.047619,0,0,0,0,"CAIXA REFERENCIAL"]
["TRANPORTES, CARGAS E DESCARGAS","TRAN","TRANSPORTE COMERCIAL",332,"","",95878,"TRANSPORTE COM CAMINHÃO BASCULANTE DE 10 M3, EM VIA URBANA PAVIMENTADA, DMT ATÉ 30 KM (UNIDADE: TONXKM). AF_12/2016","TXKM","COEFICIENTE DE REPRESENTATIVIDADE",0.69,"","SINAPI","","","","","","","",0.1,15.625,0.45,64.0625,0.14,20.3125,0,0,0,0,"CAIXA REFERENCIAL"]
["URBANIZACAO","URBA","CERCA/PROTETORES",202,74142,"CERCA COM MOUROES - MMA","74142/1","CERCA COM MOUROES DE CONCRETO, RETO, ESPACAMENTO DE 3M, CRAVADOS 0,5M, COM 4 FIOS DE ARAME FARPADO Nº 14 CLASSE 250","M","COEFICIENTE DE REPRESENTATIVIDADE",42.35,"I","SINAPI",339,4,"M","COEFICIENTE DE REPRESENTATIVIDADE",4,0.6,2.4,"","","","","","","","","","","CAIXA REFERENCIAL"]
["URBANIZACAO","URBA","CERCA/PROTETORES",202,"","",85171,"RECOMPOSICAO PARCIAL DO ARAME FARPADO Nº 14 CLASSE 250, FIXADO EM CERCA COM MOURÕES DE CONCRETO, RETO, 15X15CM","M","COEFICIENTE DE REPRESENTATIVIDADE",3.63,"I","SINAPI",339,0.32,"M","COEFICIENTE DE REPRESENTATIVIDADE",0.32,0.6,0.19,"","","","","","","","","","","CAIXA REFERENCIAL"]
["URBANIZACAO","URBA","ARBORIZACAO, INCLUSIVE PREPARO DO SOLO",205,73967,"PLANTIO DE ARBUSTOS E ARVORES","73967/1","PLANTIO DE ARVORE, ALTURA DE 1,00M, EM CAVAS DE 80X80X80CM","UN","COEFICIENTE DE REPRESENTATIVIDADE",109.97,"I","SINAPI",358,1,"UN","COEFICIENTE DE REPRESENTATIVIDADE",1,34.02,34.02,"","","","","","","","","","","CAIXA REFERENCIAL"]
["URBANIZACAO","URBA","ARBORIZACAO, INCLUSIVE PREPARO DO SOLO",205,73967,"PLANTIO DE ARBUSTOS E ARVORES","73967/2","PLANTIO DE ARVORE REGIONAL, ALTURA MAIOR QUE 2,00M, EM CAVAS DE 80X80X80CM","UN","COEFICIENTE DE REPRESENTATIVIDADE",145.83,"I","SINAPI",370,0.0064,"M3","COLETADO",0.0064,61.6,0.39,"","","","","","","","","","","CAIXA REFERENCIAL"]
["URBANIZACAO","URBA","MANUTENCAO E LIMPEZA DE AREAS VERDES",277,"","",85182,"REVOLVIMENTO E DESTORROAMENTO MANUAL DE SUPERFÍCIE GRAMADA COM PROFUNDIDADE ATÉ 20CM","M2","COEFICIENTE DE REPRESENTATIVIDADE",2.4,"","SINAPI","","","","","","","",1.64,67.9824562,0.76,32.0175438,0,0,0,0,0,0,"CAIXA REFERENCIAL"]
["SERVICOS DIVERSOS","SEDI","OUTROS",318,"","",88238,"AJUDANTE DE ARMADOR COM ENCARGOS COMPLEMENTARES","H","COEFICIENTE DE REPRESENTATIVIDADE",17.59,"S","SINAPI",88236,1,"H","COEFICIENTE DE REPRESENTATIVIDADE",1,0.38,0.38,"","","","","","","","","","","ENCARGOS COMPLEMENTARES REFERENCIAL"]
["SERVICOS DIVERSOS","SEDI","OUTROS",318,"","",88243,"AJUDANTE ESPECIALIZADO COM ENCARGOS COMPLEMENTARES","H","COEFICIENTE DE REPRESENTATIVIDADE",15.78,"I","SINAPI",37372,1,"H","COLETADO",1,0.37,0.37,"","","","","","","","","","","ENCARGOS COMPLEMENTARES REFERENCIAL"]
["SERVICOS DIVERSOS","SEDI","OUTROS",318,"","",88245,"ARMADOR COM ENCARGOS COMPLEMENTARES","H","COEFICIENTE DE REPRESENTATIVIDADE",21.68,"I","SINAPI",378,1,"H","COLETADO",1,16.26,16.26,"","","","","","","","","","","ENCARGOS COMPLEMENTARES REFERENCIAL"]
["SERVICOS DIVERSOS","SEDI","OUTROS",318,"","",88249,"AUXILIAR DE LABORATÓRIO COM ENCARGOS COMPLEMENTARES","H","COEFICIENTE DE REPRESENTATIVIDADE",15.65,"S","SINAPI",95318,1,"H","COEFICIENTE DE REPRESENTATIVIDADE",1,0.06,0.06,"","","","","","","","","","","ENCARGOS COMPLEMENTARES REFERENCIAL"]
["SERVICOS DIVERSOS","SEDI","OUTROS",318,"","",88255,"AUXILIAR TÉCNICO DE ENGENHARIA COM ENCARGOS COMPLEMENTARES","H","COEFICIENTE DE REPRESENTATIVIDADE",32.38,"I","SINAPI",37370,1,"H","COLETADO",1,3.09,3.09,"","","","","","","","","","","ENCARGOS COMPLEMENTARES REFERENCIAL"]
["SERVICOS DIVERSOS","SEDI","OUTROS",318,"","",88259,"CALAFETADOR/CALAFATE COM ENCARGOS COMPLEMENTARES","H","COEFICIENTE DE REPRESENTATIVIDADE",20.66,"S","SINAPI",88236,1,"H","COEFICIENTE DE REPRESENTATIVIDADE",1,0.38,0.38,"","","","","","","","","","","ENCARGOS COMPLEMENTARES REFERENCIAL"]
["SERVICOS DIVERSOS","SEDI","OUTROS",318,"","",88260,"CALCETEIRO COM ENCARGOS COMPLEMENTARES","H","COEFICIENTE DE REPRESENTATIVIDADE",22.25,"S","SINAPI",88237,1,"H","COEFICIENTE DE REPRESENTATIVIDADE",1,0.81,0.81,"","","","","","","","","","","ENCARGOS COMPLEMENTARES REFERENCIAL"]
["SERVICOS DIVERSOS","SEDI","OUTROS",318,"","",88264,"ELETRICISTA COM ENCARGOS COMPLEMENTARES","H","COEFICIENTE DE REPRESENTATIVIDADE",22.01,"I","SINAPI",37373,1,"H","COLETADO",1,0.02,0.02,"","","","","","","","","","","ENCARGOS COMPLEMENTARES REFERENCIAL"]
["SERVICOS DIVERSOS","SEDI","OUTROS",318,"","",88269,"GESSEIRO COM ENCARGOS COMPLEMENTARES","H","COEFICIENTE DE REPRESENTATIVIDADE",19.74,"I","SINAPI",37373,1,"H","COLETADO",1,0.02,0.02,"","","","","","","","","","","ENCARGOS COMPLEMENTARES REFERENCIAL"]
["SERVICOS DIVERSOS","SEDI","OUTROS",318,"","",88275,"MECÃNICO DE EQUIPAMENTOS PESADOS COM ENCARGOS COMPLEMENTARES","H","COEFICIENTE DE REPRESENTATIVIDADE",27.24,"I","SINAPI",37371,1,"H","COLETADO",1,0.6,0.6,"","","","","","","","","","","ENCARGOS COMPLEMENTARES REFERENCIAL"]
["SERVICOS DIVERSOS","SEDI","OUTROS",318,"","",88281,"MOTORISTA DE BASCULANTE COM ENCARGOS COMPLEMENTARES","H","COEFICIENTE DE REPRESENTATIVIDADE",23.52,"S","SINAPI",95346,1,"H","COEFICIENTE DE REPRESENTATIVIDADE",1,0.07,0.07,"","","","","","","","","","","ENCARGOS COMPLEMENTARES REFERENCIAL"]
["SERVICOS DIVERSOS","SEDI","OUTROS",318,"","",88283,"MOTORISTA DE CAMINHÃO E CARRETA COM ENCARGOS COMPLEMENTARES","H","COEFICIENTE DE REPRESENTATIVIDADE",23.52,"I","SINAPI",37370,1,"H","COLETADO",1,3.09,3.09,"","","","","","","","","","","ENCARGOS COMPLEMENTARES REFERENCIAL"]
["SERVICOS DIVERSOS","SEDI","OUTROS",318,"","",88290,"OPERADOR DE ACABADORA COM ENCARGOS COMPLEMENTARES","H","COEFICIENTE DE REPRESENTATIVIDADE",24.38,"I","SINAPI",37372,1,"H","COLETADO",1,0.37,0.37,"","","","","","","","","","","ENCARGOS COMPLEMENTARES REFERENCIAL"]
["SERVICOS DIVERSOS","SEDI","OUTROS",318,"","",88295,"OPERADOR DE GUINCHO COM ENCARGOS COMPLEMENTARES","H","COEFICIENTE DE REPRESENTATIVIDADE",16,"I","SINAPI",37371,1,"H","COLETADO",1,0.6,0.6,"","","","","","","","","","","ENCARGOS COMPLEMENTARES REFERENCIAL"]
["SERVICOS DIVERSOS","SEDI","OUTROS",318,"","",88300,"OPERADOR DE MOTONIVELADORA COM ENCARGOS COMPLEMENTARES","H","COEFICIENTE DE REPRESENTATIVIDADE",35.11,"S","SINAPI",88237,1,"H","COEFICIENTE DE REPRESENTATIVIDADE",1,0.81,0.81,"","","","","","","","","","","ENCARGOS COMPLEMENTARES REFERENCIAL"]
["SERVICOS DIVERSOS","SEDI","OUTROS",318,"","",88301,"OPERADOR DE PÁ CARREGADEIRA COM ENCARGOS COMPLEMENTARES","H","COEFICIENTE DE REPRESENTATIVIDADE",26.51,"I","SINAPI",37372,1,"H","COLETADO",1,0.37,0.37,"","","","","","","","","","","ENCARGOS COMPLEMENTARES REFERENCIAL"]
["SERVICOS DIVERSOS","SEDI","OUTROS",318,"","",88307,"OPERADOR PARA BATE ESTACAS COM ENCARGOS COMPLEMENTARES","H","COEFICIENTE DE REPRESENTATIVIDADE",18.89,"S","SINAPI",95369,1,"H","COEFICIENTE DE REPRESENTATIVIDADE",1,0.09,0.09,"","","","","","","","","","","ENCARGOS COMPLEMENTARES REFERENCIAL"]
["SERVICOS DIVERSOS","SEDI","OUTROS",318,"","",88312,"PINTOR PARA TINTA EPÓXI COM ENCARGOS COMPLEMENTARES","H","COEFICIENTE DE REPRESENTATIVIDADE",24.85,"I","SINAPI",37370,1,"H","COLETADO",1,3.09,3.09,"","","","","","","","","","","ENCARGOS COMPLEMENTARES REFERENCIAL"]
["SERVICOS DIVERSOS","SEDI","OUTROS",318,"","",88316,"SERVENTE COM ENCARGOS COMPLEMENTARES","H","COEFICIENTE DE REPRESENTATIVIDADE",15.03,"I","SINAPI",37373,1,"H","COLETADO",1,0.02,0.02,"","","","","","","","","","","ENCARGOS COMPLEMENTARES REFERENCIAL"]
["SERVICOS DIVERSOS","SEDI","OUTROS",318,"","",88317,"SOLDADOR COM ENCARGOS COMPLEMENTARES","H","COEFICIENTE DE REPRESENTATIVIDADE",32.56,"S","SINAPI",88236,1,"H","COEFICIENTE DE REPRESENTATIVIDADE",1,0.38,0.38,"","","","","","","","","","","ENCARGOS COMPLEMENTARES REFERENCIAL"]
["SERVICOS DIVERSOS","SEDI","OUTROS",318,"","",88323,"TELHADISTA COM ENCARGOS COMPLEMENTARES","H","COEFICIENTE DE REPRESENTATIVIDADE",19.44,"","SINAPI","","","","","","","",14.17,72.8909466,5.21,26.8004115,0.06,0.3086419,0,0,0,0,"ENCARGOS COMPLEMENTARES REFERENCIAL"]
["SERVICOS DIVERSOS","SEDI","OUTROS",318,"","",88377,"OPERADOR DE BETONEIRA ESTACIONÁRIA/MISTURADOR COM ENCARGOS COMPLEMENTARES","H","COEFICIENTE DE REPRESENTATIVIDADE",16.65,"I","SINAPI",37623,1,"H","COEFICIENTE DE REPRESENTATIVIDADE",1,11.69,11.69,"","","","","","","","","","","ENCARGOS COMPLEMENTARES REFERENCIAL"]
["SERVICOS DIVERSOS","SEDI","OUTROS",318,"","",90769,"ARQUITETO DE OBRA PLENO COM ENCARGOS COMPLEMENTARES","H","COEFICIENTE DE REPRESENTATIVIDADE",91.54,"I","SINAPI",37372,1,"H","COLETADO",1,0.37,0.37,"","","","","","","","","","","ENCARGOS COMPLEMENTARES REFERENCIAL"]
["SERVICOS DIVERSOS","SEDI","OUTROS",318,"","",90776,"ENCARREGADO GERAL COM ENCARGOS COMPLEMENTARES","H","COEFICIENTE DE REPRESENTATIVIDADE",29.55,"I","SINAPI",37371,1,"H","COLETADO",1,0.6,0.6,"","","","","","","","","","","ENCARGOS COMPLEMENTARES REFERENCIAL"]
["SERVICOS DIVERSOS","SEDI","OUTROS",318,"","",90777,"ENGENHEIRO CIVIL DE OBRA JUNIOR COM ENCARGOS COMPLEMENTARES","H","COEFICIENTE DE REPRESENTATIVIDADE",84.87,"S","SINAPI",95402,1,"H","COLETADO",1,0.99,0.99,"","","","","","","","","","","ENCARGOS COMPLEMENTARES REFERENCIAL"]
["SERVICOS DIVERSOS","SEDI","OUTROS",318,"","",93556,"FERRAMENTAS (ENCARGOS COMPLEMENTARES) - MENSALISTA","MES","COEFICIENTE DE REPRESENTATIVIDADE",84.17,"I","SINAPI",10,1.5117954,"UN","COEFICIENTE DE REPRESENTATIVIDADE",1.5117954,6.64,10.03,"","","","","","","","","","","ENCARGOS COMPLEMENTARES REFERENCIAL"]
["SERVICOS DIVERSOS","SEDI","OUTROS",318,"","",93560,"DESENHISTA COPISTA COM ENCARGOS COMPLEMENTARES","MES","COEFICIENTE DE REPRESENTATIVIDADE",{"v":3407.86,"d":"3,407.86"},"I","SINAPI",40863,1,"MES","COLETADO",1,69.24,69.24,"","","","","","","","","","","ENCARGOS COMPLEMENTARES REFERENCIAL"]
["SERVICOS DIVERSOS","SEDI","OUTROS",318,"","",93566,"AUXILIAR DE ESCRITORIO COM ENCARGOS COMPLEMENTARES","MES","COEFICIENTE DE REPRESENTATIVIDADE",{"v":3372.81,"d":"3,372.81"},"I","SINAPI",40864,1,"MES","COLETADO",1,3.94,3.94,"","","","","","","","","","","ENCARGOS COMPLEMENTARES REFERENCIAL"]
["SERVICOS DIVERSOS","SEDI","OUTROS",318,"","",93572,"ENCARREGADO GERAL DE OBRAS COM ENCARGOS COMPLEMENTARES","MES","COEFICIENTE DE REPRESENTATIVIDADE",{"v":5215.62,"d":"5,215.62"},"I","SINAPI",40818,1,"MES","COEFICIENTE DE REPRESENTATIVIDADE",1,{"v":4381.68,"d":"4,381.68"},{"v":4381.68,"d":"4,381.68"},"","","","","","","","","","","ENCARGOS COMPLEMENTARES REFERENCIAL"]
["SERVICOS DIVERSOS","SEDI","OUTROS",318,"","",93572,"ENCARREGADO GERAL DE OBRAS COM ENCARGOS COMPLEMENTARES","MES","COEFICIENTE DE REPRESENTATIVIDADE",{"v":5215.62,"d":"5,215.62"},"S","SINAPI",95422,1,"MES","COEFICIENTE DE REPRESENTATIVIDADE",1,56.96,56.96,"","","","","","","","","","","ENCARGOS COMPLEMENTARES REFERENCIAL"]
["SERVICOS DIVERSOS","SEDI","OUTROS",318,"","",94295,"MESTRE DE OBRAS COM ENCARGOS COMPLEMENTARES","MES","COEFICIENTE DE REPRESENTATIVIDADE",{"v":7478.84,"d":"7,478.84"},"","SINAPI","","","","","","","",{"v":7397.75,"d":"7,397.75"},98.9157366,81.09,1.0842634,0,0,0,0,0,0,"ENCARGOS COMPLEMENTARES REFERENCIAL"]
["SERVICOS DIVERSOS","SEDI","OUTROS",318,"","",94295,"MESTRE DE OBRAS COM ENCARGOS COMPLEMENTARES","MES","COEFICIENTE DE REPRESENTATIVIDADE",{"v":7478.84,"d":"7,478.84"},"I","SINAPI",40819,1,"MES","COEFICIENTE DE REPRESENTATIVIDADE",1,{"v":7302.79,"d":"7,302.79"},{"v":7302.79,"d":"7,302.79"},"","","","","","","","","","","ENCARGOS COMPLEMENTARES REFERENCIAL"]
["SERVICOS DIVERSOS","SEDI","OUTROS",318,"","",94295,"MESTRE DE OBRAS COM ENCARGOS COMPLEMENTARES","MES","COEFICIENTE DE REPRESENTATIVIDADE",{"v":7478.84,"d":"7,478.84"},"I","SINAPI",40863,1,"MES","COLETADO",1,69.24,69.24,"","","","","","","","","","","ENCARGOS COMPLEMENTARES REFERENCIAL"]
["SERVICOS DIVERSOS","SEDI","OUTROS",318,"","",94295,"MESTRE DE OBRAS COM ENCARGOS COMPLEMENTARES","MES","COEFICIENTE DE REPRESENTATIVIDADE",{"v":7478.84,"d":"7,478.84"},"I","SINAPI",40864,1,"MES","COLETADO",1,3.94,3.94,"","","","","","","","","","","ENCARGOS COMPLEMENTARES REFERENCIAL"]
["SERVICOS DIVERSOS","SEDI","OUTROS",318,"","",94295,"MESTRE DE OBRAS COM ENCARGOS COMPLEMENTARES","MES","COEFICIENTE DE REPRESENTATIVIDADE",{"v":7478.84,"d":"7,478.84"},"S","SINAPI",93557,0.05,"MES","COEFICIENTE DE REPRESENTATIVIDADE",0.05,158.97,7.94,"","","","","","","","","","","ENCARGOS COMPLEMENTARES REFERENCIAL"]
["SERVICOS DIVERSOS","SEDI","OUTROS",318,"","",94295,"MESTRE DE OBRAS COM ENCARGOS COMPLEMENTARES","MES","COEFICIENTE DE REPRESENTATIVIDADE",{"v":7478.84,"d":"7,478.84"},"S","SINAPI",95423,1,"MES","COEFICIENTE DE REPRESENTATIVIDADE",1,94.93,94.93,"","","","","","","","","","","ENCARGOS COMPLEMENTARES REFERENCIAL"]
["SERVICOS DIVERSOS","SEDI","OUTROS",318,"","",94296,"TOPOGRAFO COM ENCARGOS COMPLEMENTARES","MES","COEFICIENTE DE REPRESENTATIVIDADE",{"v":5920.77,"d":"5,920.77"},"","SINAPI","","","","","","","",{"v":5143.82,"d":"5,143.82"},86.877485,776.95,13.122515,0,0,0,0,0,0,"ENCARGOS COMPLEMENTARES REFERENCIAL"]
["SERVICOS DIVERSOS","SEDI","OUTROS",318,"","",94296,"TOPOGRAFO COM ENCARGOS COMPLEMENTARES","MES","COEFICIENTE DE REPRESENTATIVIDADE",{"v":5920.77,"d":"5,920.77"},"I","SINAPI",40820,1,"MES","COEFICIENTE DE REPRESENTATIVIDADE",1,{"v":5117.69,"d":"5,117.69"},{"v":5117.69,"d":"5,117.69"},"","","","","","","","","","","ENCARGOS COMPLEMENTARES REFERENCIAL"]
["SERVICOS DIVERSOS","SEDI","OUTROS",318,"","",94296,"TOPOGRAFO COM ENCARGOS COMPLEMENTARES","MES","COEFICIENTE DE REPRESENTATIVIDADE",{"v":5920.77,"d":"5,920.77"},"I","SINAPI",40861,1,"MES","COLETADO",1,114.07,114.07,"","","","","","","","","","","ENCARGOS COMPLEMENTARES REFERENCIAL"]
["SERVICOS DIVERSOS","SEDI","OUTROS",318,"","",94296,"TOPOGRAFO COM ENCARGOS COMPLEMENTARES","MES","COEFICIENTE DE REPRESENTATIVIDADE",{"v":5920.77,"d":"5,920.77"},"I","SINAPI",40862,1,"MES","COLETADO",1,581.79,581.79,"","","","","","","","","","","ENCARGOS COMPLEMENTARES REFERENCIAL"]
["SERVICOS DIVERSOS","SEDI","OUTROS",318,"","",94296,"TOPOGRAFO COM ENCARGOS COMPLEMENTARES","MES","COEFICIENTE DE REPRESENTATIVIDADE",{"v":5920.77,"d":"5,920.77"},"I","SINAPI",40863,1,"MES","COLETADO",1,69.24,69.24,"","","","","","","","","","","ENCARGOS COMPLEMENTARES REFERENCIAL"]
["SERVICOS DIVERSOS","SEDI","OUTROS",318,"","",94296,"TOPOGRAFO COM ENCARGOS COMPLEMENTARES","MES","COEFICIENTE DE REPRESENTATIVIDADE",{"v":5920.77,"d":"5,920.77"},"I","SINAPI",40864,1,"MES","COLETADO",1,3.94,3.94,"","","","","","","","","","","ENCARGOS COMPLEMENTARES REFERENCIAL"]
["SERVICOS DIVERSOS","SEDI","OUTROS",318,"","",94296,"TOPOGRAFO COM ENCARGOS COMPLEMENTARES","MES","COEFICIENTE DE REPRESENTATIVIDADE",{"v":5920.77,"d":"5,920.77"},"S","SINAPI",93557,0.05,"MES","COEFICIENTE DE REPRESENTATIVIDADE",0.05,158.97,7.94,"","","","","","","","","","","ENCARGOS COMPLEMENTARES REFERENCIAL"]
["SERVICOS DIVERSOS","SEDI","OUTROS",318,"","",94296,"TOPOGRAFO COM ENCARGOS COMPLEMENTARES","MES","COEFICIENTE DE REPRESENTATIVIDADE",{"v":5920.77,"d":"5,920.77"},"S","SINAPI",95424,1,"MES","COEFICIENTE DE REPRESENTATIVIDADE",1,26.1,26.1,"","","","","","","","","","","ENCARGOS COMPLEMENTARES REFERENCIAL"]
["SERVICOS DIVERSOS","SEDI","OUTROS",318,"","",95308,"CURSO DE CAPACITAÇÃO PARA AJUDANTE DE ARMADOR (ENCARGOS COMPLEMENTARES) - HORISTA","H","COEFICIENTE DE REPRESENTATIVIDADE",0.11,"","SINAPI","","","","","","","",0.11,100,0,0,0,0,0,0,0,0,"ENCARGOS COMPLEMENTARES REFERENCIAL"]
["SERVICOS DIVERSOS","SEDI","OUTROS",318,"","",95308,"CURSO DE CAPACITAÇÃO PARA AJUDANTE DE ARMADOR (ENCARGOS COMPLEMENTARES) - HORISTA","H","COEFICIENTE DE REPRESENTATIVIDADE",0.11,"I","SINAPI",6114,0.0093,"H","COEFICIENTE DE REPRESENTATIVIDADE",0.0093,12.21,0.11,"","","","","","","","","","","ENCARGOS COMPLEMENTARES REFERENCIAL"]
["SERVICOS DIVERSOS","SEDI","OUTROS",318,"","",95309,"CURSO DE CAPACITAÇÃO PARA AJUDANTE DE CARPINTEIRO (ENCARGOS COMPLEMENTARES) - HORISTA","H","COEFICIENTE DE REPRESENTATIVIDADE",0.14,"","SINAPI","","","","","","","",0.14,100,0,0,0,0,0,0,0,0,"ENCARGOS COMPLEMENTARES REFERENCIAL"]
["SERVICOS DIVERSOS","SEDI","OUTROS",318,"","",95309,"CURSO DE CAPACITAÇÃO PARA AJUDANTE DE CARPINTEIRO (ENCARGOS COMPLEMENTARES) - HORISTA","H","COEFICIENTE DE REPRESENTATIVIDADE",0.14,"I","SINAPI",6117,0.0119,"H","COEFICIENTE DE REPRESENTATIVIDADE",0.0119,12.21,0.14,"","","","","","","","","","","ENCARGOS COMPLEMENTARES REFERENCIAL"]
["SERVICOS DIVERSOS","SEDI","OUTROS",318,"","",95310,"CURSO DE CAPACITAÇÃO PARA AJUDANTE DE ESTRUTURA METÁLICA (ENCARGOS COMPLEMENTARES) - HORISTA","H","COEFICIENTE DE REPRESENTATIVIDADE",0.06,"","SINAPI","","","","","","","",0.06,100,0,0,0,0,0,0,0,0,"ENCARGOS COMPLEMENTARES REFERENCIAL"]
["SERVICOS DIVERSOS","SEDI","OUTROS",318,"","",95310,"CURSO DE CAPACITAÇÃO PARA AJUDANTE DE ESTRUTURA METÁLICA (ENCARGOS COMPLEMENTARES) - HORISTA","H","COEFICIENTE DE REPRESENTATIVIDADE",0.06,"I","SINAPI",25958,0.0093,"H","COEFICIENTE DE REPRESENTATIVIDADE",0.0093,7.4,0.06,"","","","","","","","","","","ENCARGOS COMPLEMENTARES REFERENCIAL"]
["SERVICOS DIVERSOS","SEDI","OUTROS",318,"","",95311,"CURSO DE CAPACITAÇÃO PARA AJUDANTE DE OPERAÇÃO EM GERAL (ENCARGOS COMPLEMENTARES) - HORISTA","H","COEFICIENTE DE REPRESENTATIVIDADE",0.09,"","SINAPI","","","","","","","",0.09,100,0,0,0,0,0,0,0,0,"ENCARGOS COMPLEMENTARES REFERENCIAL"]
["SERVICOS DIVERSOS","SEDI","OUTROS",318,"","",95311,"CURSO DE CAPACITAÇÃO PARA AJUDANTE DE OPERAÇÃO EM GERAL (ENCARGOS COMPLEMENTARES) - HORISTA","H","COEFICIENTE DE REPRESENTATIVIDADE",0.09,"I","SINAPI",248,0.0093,"H","COEFICIENTE DE REPRESENTATIVIDADE",0.0093,10.42,0.09,"","","","","","","","","","","ENCARGOS COMPLEMENTARES REFERENCIAL"]
["SERVICOS DIVERSOS","SEDI","OUTROS",318,"","",95312,"CURSO DE CAPACITAÇÃO PARA AJUDANTE DE PEDREIRO (ENCARGOS COMPLEMENTARES) - HORISTA","H","COEFICIENTE DE REPRESENTATIVIDADE",0.14,"","SINAPI","","","","","","","",0.14,100,0,0,0,0,0,0,0,0,"ENCARGOS COMPLEMENTARES REFERENCIAL"]
["SERVICOS DIVERSOS","SEDI","OUTROS",318,"","",95312,"CURSO DE CAPACITAÇÃO PARA AJUDANTE DE PEDREIRO (ENCARGOS COMPLEMENTARES) - HORISTA","H","COEFICIENTE DE REPRESENTATIVIDADE",0.14,"I","SINAPI",6127,0.0119,"H","COEFICIENTE DE REPRESENTATIVIDADE",0.0119,11.82,0.14,"","","","","","","","","","","ENCARGOS COMPLEMENTARES REFERENCIAL"]
["SERVICOS DIVERSOS","SEDI","OUTROS",318,"","",95313,"CURSO DE CAPACITAÇÃO PARA AJUDANTE ESPECIALIZADO (ENCARGOS COMPLEMENTARES) - HORISTA","H","COEFICIENTE DE REPRESENTATIVIDADE",0.09,"","SINAPI","","","","","","","",0.09,100,0,0,0,0,0,0,0,0,"ENCARGOS COMPLEMENTARES REFERENCIAL"]
["SERVICOS DIVERSOS","SEDI","OUTROS",318,"","",95313,"CURSO DE CAPACITAÇÃO PARA AJUDANTE ESPECIALIZADO (ENCARGOS COMPLEMENTARES) - HORISTA","H","COEFICIENTE DE REPRESENTATIVIDADE",0.09,"I","SINAPI",242,0.0093,"H","COEFICIENTE DE REPRESENTATIVIDADE",0.0093,10.42,0.09,"","","","","","","","","","","ENCARGOS COMPLEMENTARES REFERENCIAL"]
["SERVICOS DIVERSOS","SEDI","OUTROS",318,"","",95314,"CURSO DE CAPACITAÇÃO PARA ARMADOR (ENCARGOS COMPLEMENTARES) - HORISTA","H","COLETADO",0.15,"","SINAPI","","","","","","","",0.15,100,0,0,0,0,0,0,0,0,"ENCARGOS COMPLEMENTARES REFERENCIAL"]
["SERVICOS DIVERSOS","SEDI","OUTROS",318,"","",95314,"CURSO DE CAPACITAÇÃO PARA ARMADOR (ENCARGOS COMPLEMENTARES) - HORISTA","H","COLETADO",0.15,"I","SINAPI",378,0.0093,"H","COLETADO",0.0093,16.26,0.15,"","","","","","","","","","","ENCARGOS COMPLEMENTARES REFERENCIAL"]
["SERVICOS DIVERSOS","SEDI","OUTROS",318,"","",95315,"CURSO DE CAPACITAÇÃO PARA ASSENTADOR DE TUBOS (ENCARGOS COMPLEMENTARES) - HORISTA","H","COEFICIENTE DE REPRESENTATIVIDADE",0.21,"","SINAPI","","","","","","","",0.21,100,0,0,0,0,0,0,0,0,"ENCARGOS COMPLEMENTARES REFERENCIAL"]
["SERVICOS DIVERSOS","SEDI","OUTROS",318,"","",95315,"CURSO DE CAPACITAÇÃO PARA ASSENTADOR DE TUBOS (ENCARGOS COMPLEMENTARES) - HORISTA","H","COEFICIENTE DE REPRESENTATIVIDADE",0.21,"I","SINAPI",40331,0.0119,"H","COEFICIENTE DE REPRESENTATIVIDADE",0.0119,17.67,0.21,"","","","","","","","","","","ENCARGOS COMPLEMENTARES REFERENCIAL"]
["SERVICOS DIVERSOS","SEDI","OUTROS",318,"","",95316,"CURSO DE CAPACITAÇÃO PARA AUXILIAR DE ELETRICISTA (ENCARGOS COMPLEMENTARES) - HORISTA","H","COEFICIENTE DE REPRESENTATIVIDADE",0.36,"","SINAPI","","","","","","","",0.36,100,0,0,0,0,0,0,0,0,"ENCARGOS COMPLEMENTARES REFERENCIAL"]
["SERVICOS DIVERSOS","SEDI","OUTROS",318,"","",95316,"CURSO DE CAPACITAÇÃO PARA AUXILIAR DE ELETRICISTA (ENCARGOS COMPLEMENTARES) - HORISTA","H","COEFICIENTE DE REPRESENTATIVIDADE",0.36,"I","SINAPI",247,0.0301,"H","COEFICIENTE DE REPRESENTATIVIDADE",0.0301,12.21,0.36,"","","","","","","","","","","ENCARGOS COMPLEMENTARES REFERENCIAL"]
["SERVICOS DIVERSOS","SEDI","OUTROS",318,"","",95317,"CURSO DE CAPACITAÇÃO PARA AUXILIAR DE ENCANADOR OU BOMBEIRO HIDRÁULICO (ENCARGOS COMPLEMENTARES) - HORISTA","H","COEFICIENTE DE REPRESENTATIVIDADE",0.17,"","SINAPI","","","","","","","",0.17,100,0,0,0,0,0,0,0,0,"ENCARGOS COMPLEMENTARES REFERENCIAL"]
["SERVICOS DIVERSOS","SEDI","OUTROS",318,"","",95317,"CURSO DE CAPACITAÇÃO PARA AUXILIAR DE ENCANADOR OU BOMBEIRO HIDRÁULICO (ENCARGOS COMPLEMENTARES) - HORISTA","H","COEFICIENTE DE REPRESENTATIVIDADE",0.17,"I","SINAPI",246,0.0145,"H","COEFICIENTE DE REPRESENTATIVIDADE",0.0145,12.21,0.17,"","","","","","","","","","","ENCARGOS COMPLEMENTARES REFERENCIAL"]
["SERVICOS DIVERSOS","SEDI","OUTROS",318,"","",95318,"CURSO DE CAPACITAÇÃO PARA AUXILIAR DE LABORATÓRIO (ENCARGOS COMPLEMENTARES) - HORISTA","H","COEFICIENTE DE REPRESENTATIVIDADE",0.06,"","SINAPI","","","","","","","",0.06,100,0,0,0,0,0,0,0,0,"ENCARGOS COMPLEMENTARES REFERENCIAL"]
["SERVICOS DIVERSOS","SEDI","OUTROS",318,"","",95318,"CURSO DE CAPACITAÇÃO PARA AUXILIAR DE LABORATÓRIO (ENCARGOS COMPLEMENTARES) - HORISTA","H","COEFICIENTE DE REPRESENTATIVIDADE",0.06,"I","SINAPI",245,0.0067,"H","COEFICIENTE DE REPRESENTATIVIDADE",0.0067,10.32,0.06,"","","","","","","","","","","ENCARGOS COMPLEMENTARES REFERENCIAL"]
["SERVICOS DIVERSOS","SEDI","OUTROS",318,"","",95319,"CURSO DE CAPACITAÇÃO PARA AUXILIAR DE MECÂNICO (ENCARGOS COMPLEMENTARES) - HORISTA","H","COEFICIENTE DE REPRESENTATIVIDADE",0.1,"","SINAPI","","","","","","","",0.1,100,0,0,0,0,0,0,0,0,"ENCARGOS COMPLEMENTARES REFERENCIAL"]
["SERVICOS DIVERSOS","SEDI","OUTROS",318,"","",95319,"CURSO DE CAPACITAÇÃO PARA AUXILIAR DE MECÂNICO (ENCARGOS COMPLEMENTARES) - HORISTA","H","COEFICIENTE DE REPRESENTATIVIDADE",0.1,"I","SINAPI",251,0.0093,"H","COEFICIENTE DE REPRESENTATIVIDADE",0.0093,11.58,0.1,"","","","","","","","","","","ENCARGOS COMPLEMENTARES REFERENCIAL"]
["SERVICOS DIVERSOS","SEDI","OUTROS",318,"","",95320,"CURSO DE CAPACITAÇÃO PARA AUXILIAR DE SERRALHEIRO (ENCARGOS COMPLEMENTARES) - HORISTA","H","COEFICIENTE DE REPRESENTATIVIDADE",0.1,"","SINAPI","","","","","","","",0.1,100,0,0,0,0,0,0,0,0,"ENCARGOS COMPLEMENTARES REFERENCIAL"]
["SERVICOS DIVERSOS","SEDI","OUTROS",318,"","",95320,"CURSO DE CAPACITAÇÃO PARA AUXILIAR DE SERRALHEIRO (ENCARGOS COMPLEMENTARES) - HORISTA","H","COEFICIENTE DE REPRESENTATIVIDADE",0.1,"I","SINAPI",252,0.0093,"H","COEFICIENTE DE REPRESENTATIVIDADE",0.0093,11.53,0.1,"","","","","","","","","","","ENCARGOS COMPLEMENTARES REFERENCIAL"]
["SERVICOS DIVERSOS","SEDI","OUTROS",318,"","",95321,"CURSO DE CAPACITAÇÃO PARA AUXILIAR DE SERVIÇOS GERAIS (ENCARGOS COMPLEMENTARES) - HORISTA","H","COEFICIENTE DE REPRESENTATIVIDADE",0.08,"","SINAPI","","","","","","","",0.08,100,0,0,0,0,0,0,0,0,"ENCARGOS COMPLEMENTARES REFERENCIAL"]
["SERVICOS DIVERSOS","SEDI","OUTROS",318,"","",95321,"CURSO DE CAPACITAÇÃO PARA AUXILIAR DE SERVIÇOS GERAIS (ENCARGOS COMPLEMENTARES) - HORISTA","H","COEFICIENTE DE REPRESENTATIVIDADE",0.08,"I","SINAPI",6121,0.0093,"H","COEFICIENTE DE REPRESENTATIVIDADE",0.0093,8.79,0.08,"","","","","","","","","","","ENCARGOS COMPLEMENTARES REFERENCIAL"]
["SERVICOS DIVERSOS","SEDI","OUTROS",318,"","",95322,"CURSO DE CAPACITAÇÃO PARA AUXILIAR DE TOPÓGRAFO (ENCARGOS COMPLEMENTARES) - HORISTA","H","COEFICIENTE DE REPRESENTATIVIDADE",0.14,"","SINAPI","","","","","","","",0.14,100,0,0,0,0,0,0,0,0,"ENCARGOS COMPLEMENTARES REFERENCIAL"]
["SERVICOS DIVERSOS","SEDI","OUTROS",318,"","",95322,"CURSO DE CAPACITAÇÃO PARA AUXILIAR DE TOPÓGRAFO (ENCARGOS COMPLEMENTARES) - HORISTA","H","COEFICIENTE DE REPRESENTATIVIDADE",0.14,"I","SINAPI",244,0.0067,"H","COEFICIENTE DE REPRESENTATIVIDADE",0.0067,21.94,0.14,"","","","","","","","","","","ENCARGOS COMPLEMENTARES REFERENCIAL"]
["SERVICOS DIVERSOS","SEDI","OUTROS",318,"","",95323,"CURSO DE CAPACITAÇÃO PARA AUXILIAR TÉCNICO DE ENGENHARIA (ENCARGOS COMPLEMENTARES) - HORISTA","H","COEFICIENTE DE REPRESENTATIVIDADE",0.18,"","SINAPI","","","","","","","",0.18,100,0,0,0,0,0,0,0,0,"ENCARGOS COMPLEMENTARES REFERENCIAL"]
["SERVICOS DIVERSOS","SEDI","OUTROS",318,"","",95323,"CURSO DE CAPACITAÇÃO PARA AUXILIAR TÉCNICO DE ENGENHARIA (ENCARGOS COMPLEMENTARES) - HORISTA","H","COEFICIENTE DE REPRESENTATIVIDADE",0.18,"I","SINAPI",532,0.0067,"H","COEFICIENTE DE REPRESENTATIVIDADE",0.0067,26.93,0.18,"","","","","","","","","","","ENCARGOS COMPLEMENTARES REFERENCIAL"]
["SERVICOS DIVERSOS","SEDI","OUTROS",318,"","",95324,"CURSO DE CAPACITAÇÃO PARA AZULEJISTA OU LADRILHISTA (ENCARGOS COMPLEMENTARES) - HORISTA","H","COEFICIENTE DE REPRESENTATIVIDADE",0.17,"","SINAPI","","","","","","","",0.17,100,0,0,0,0,0,0,0,0,"ENCARGOS COMPLEMENTARES REFERENCIAL"]
["SERVICOS DIVERSOS","SEDI","OUTROS",318,"","",95324,"CURSO DE CAPACITAÇÃO PARA AZULEJISTA OU LADRILHISTA (ENCARGOS COMPLEMENTARES) - HORISTA","H","COEFICIENTE DE REPRESENTATIVIDADE",0.17,"I","SINAPI",4760,0.0119,"H","COEFICIENTE DE REPRESENTATIVIDADE",0.0119,14.78,0.17,"","","","","","","","","","","ENCARGOS COMPLEMENTARES REFERENCIAL"]
["SERVICOS DIVERSOS","SEDI","OUTROS",318,"","",95325,"CURSO DE CAPACITAÇÃO PARA BLASTER, DINAMITADOR OU CABO DE FOGO (ENCARGOS COMPLEMENTARES) - HORISTA","H","COEFICIENTE DE REPRESENTATIVIDADE",0.26,"","SINAPI","","","","","","","",0.26,100,0,0,0,0,0,0,0,0,"ENCARGOS COMPLEMENTARES REFERENCIAL"]
["SERVICOS DIVERSOS","SEDI","OUTROS",318,"","",95325,"CURSO DE CAPACITAÇÃO PARA BLASTER, DINAMITADOR OU CABO DE FOGO (ENCARGOS COMPLEMENTARES) - HORISTA","H","COEFICIENTE DE REPRESENTATIVIDADE",0.26,"I","SINAPI",647,0.0145,"H","COEFICIENTE DE REPRESENTATIVIDADE",0.0145,18.44,0.26,"","","","","","","","","","","ENCARGOS COMPLEMENTARES REFERENCIAL"]
["SERVICOS DIVERSOS","SEDI","OUTROS",318,"","",95326,"CURSO DE CAPACITAÇÃO PARA CADASTRISTA DE REDES DE AGUA E ESGOTO (ENCARGOS COMPLEMENTARES) - HORISTA","H","COEFICIENTE DE REPRESENTATIVIDADE",0.08,"","SINAPI","","","","","","","",0.08,100,0,0,0,0,0,0,0,0,"ENCARGOS COMPLEMENTARES REFERENCIAL"]
["SERVICOS DIVERSOS","SEDI","OUTROS",318,"","",95326,"CURSO DE CAPACITAÇÃO PARA CADASTRISTA DE REDES DE AGUA E ESGOTO (ENCARGOS COMPLEMENTARES) - HORISTA","H","COEFICIENTE DE REPRESENTATIVIDADE",0.08,"I","SINAPI",2354,0.0041,"H","COEFICIENTE DE REPRESENTATIVIDADE",0.0041,20.9,0.08,"","","","","","","","","","","ENCARGOS COMPLEMENTARES REFERENCIAL"]
["SERVICOS DIVERSOS","SEDI","OUTROS",318,"","",95327,"CURSO DE CAPACITAÇÃO PARA CALAFETADOR/CALAFATE (ENCARGOS COMPLEMENTARES) - HORISTA","H","COEFICIENTE DE REPRESENTATIVIDADE",0.18,"","SINAPI","","","","","","","",0.18,100,0,0,0,0,0,0,0,0,"ENCARGOS COMPLEMENTARES REFERENCIAL"]
["SERVICOS DIVERSOS","SEDI","OUTROS",318,"","",95327,"CURSO DE CAPACITAÇÃO PARA CALAFETADOR/CALAFATE (ENCARGOS COMPLEMENTARES) - HORISTA","H","COEFICIENTE DE REPRESENTATIVIDADE",0.18,"I","SINAPI",4758,0.0119,"H","COEFICIENTE DE REPRESENTATIVIDADE",0.0119,15.21,0.18,"","","","","","","","","","","ENCARGOS COMPLEMENTARES REFERENCIAL"]
["SERVICOS DIVERSOS","SEDI","OUTROS",318,"","",95328,"CURSO DE CAPACITAÇÃO PARA CALCETEIRO (ENCARGOS COMPLEMENTARES) - HORISTA","H","COEFICIENTE DE REPRESENTATIVIDADE",0.15,"","SINAPI","","","","","","","",0.15,100,0,0,0,0,0,0,0,0,"ENCARGOS COMPLEMENTARES REFERENCIAL"]
["SERVICOS DIVERSOS","SEDI","OUTROS",318,"","",95328,"CURSO DE CAPACITAÇÃO PARA CALCETEIRO (ENCARGOS COMPLEMENTARES) - HORISTA","H","COEFICIENTE DE REPRESENTATIVIDADE",0.15,"I","SINAPI",4759,0.0093,"H","COEFICIENTE DE REPRESENTATIVIDADE",0.0093,16.83,0.15,"","","","","","","","","","","ENCARGOS COMPLEMENTARES REFERENCIAL"]
["SERVICOS DIVERSOS","SEDI","OUTROS",318,"","",95329,"CURSO DE CAPACITAÇÃO PARA CARPINTEIRO DE ESQUADRIA (ENCARGOS COMPLEMENTARES) - HORISTA","H","COEFICIENTE DE REPRESENTATIVIDADE",0.19,"","SINAPI","","","","","","","",0.19,100,0,0,0,0,0,0,0,0,"ENCARGOS COMPLEMENTARES REFERENCIAL"]
["SERVICOS DIVERSOS","SEDI","OUTROS",318,"","",95329,"CURSO DE CAPACITAÇÃO PARA CARPINTEIRO DE ESQUADRIA (ENCARGOS COMPLEMENTARES) - HORISTA","H","COEFICIENTE DE REPRESENTATIVIDADE",0.19,"I","SINAPI",1214,0.0119,"H","COEFICIENTE DE REPRESENTATIVIDADE",0.0119,16.02,0.19,"","","","","","","","","","","ENCARGOS COMPLEMENTARES REFERENCIAL"]
["SERVICOS DIVERSOS","SEDI","OUTROS",318,"","",95330,"CURSO DE CAPACITAÇÃO PARA CARPINTEIRO DE FÔRMAS (ENCARGOS COMPLEMENTARES) - HORISTA","H","COLETADO",0.15,"","SINAPI","","","","","","","",0.15,100,0,0,0,0,0,0,0,0,"ENCARGOS COMPLEMENTARES REFERENCIAL"]
["SERVICOS DIVERSOS","SEDI","OUTROS",318,"","",95330,"CURSO DE CAPACITAÇÃO PARA CARPINTEIRO DE FÔRMAS (ENCARGOS COMPLEMENTARES) - HORISTA","H","COLETADO",0.15,"I","SINAPI",1213,0.0093,"H","COLETADO",0.0093,16.26,0.15,"","","","","","","","","","","ENCARGOS COMPLEMENTARES REFERENCIAL"]
["SERVICOS DIVERSOS","SEDI","OUTROS",318,"","",95331,"CURSO DE CAPACITAÇÃO PARA CAVOUQUEIRO OU OPERADOR PERFURATRIZ/ROMPEDOR (ENCARGOS COMPLEMENTARES) - HORISTA","H","COEFICIENTE DE REPRESENTATIVIDADE",0.11,"","SINAPI","","","","","","","",0.11,100,0,0,0,0,0,0,0,0,"ENCARGOS COMPLEMENTARES REFERENCIAL"]
["SERVICOS DIVERSOS","SEDI","OUTROS",318,"","",95331,"CURSO DE CAPACITAÇÃO PARA CAVOUQUEIRO OU OPERADOR PERFURATRIZ/ROMPEDOR (ENCARGOS COMPLEMENTARES) - HORISTA","H","COEFICIENTE DE REPRESENTATIVIDADE",0.11,"I","SINAPI",4235,0.0093,"H","COEFICIENTE DE REPRESENTATIVIDADE",0.0093,12.38,0.11,"","","","","","","","","","","ENCARGOS COMPLEMENTARES REFERENCIAL"]
["SERVICOS DIVERSOS","SEDI","OUTROS",318,"","",95332,"CURSO DE CAPACITAÇÃO PARA ELETRICISTA (ENCARGOS COMPLEMENTARES) - HORISTA","H","COLETADO",0.48,"","SINAPI","","","","","","","",0.48,100,0,0,0,0,0,0,0,0,"ENCARGOS COMPLEMENTARES REFERENCIAL"]
["SERVICOS DIVERSOS","SEDI","OUTROS",318,"","",95332,"CURSO DE CAPACITAÇÃO PARA ELETRICISTA (ENCARGOS COMPLEMENTARES) - HORISTA","H","COLETADO",0.48,"I","SINAPI",2436,0.0301,"H","COLETADO",0.0301,16.26,0.48,"","","","","","","","","","","ENCARGOS COMPLEMENTARES REFERENCIAL"]
["SERVICOS DIVERSOS","SEDI","OUTROS",318,"","",95333,"CURSO DE CAPACITAÇÃO PARA ELETRICISTA INDUSTRIAL (ENCARGOS COMPLEMENTARES) - HORISTA","H","COEFICIENTE DE REPRESENTATIVIDADE",0.63,"","SINAPI","","","","","","","",0.63,100,0,0,0,0,0,0,0,0,"ENCARGOS COMPLEMENTARES REFERENCIAL"]
["SERVICOS DIVERSOS","SEDI","OUTROS",318,"","",95333,"CURSO DE CAPACITAÇÃO PARA ELETRICISTA INDUSTRIAL (ENCARGOS COMPLEMENTARES) - HORISTA","H","COEFICIENTE DE REPRESENTATIVIDADE",0.63,"I","SINAPI",2439,0.0301,"H","COEFICIENTE DE REPRESENTATIVIDADE",0.0301,20.94,0.63,"","","","","","","","","","","ENCARGOS COMPLEMENTARES REFERENCIAL"]
["SERVICOS DIVERSOS","SEDI","OUTROS",318,"","",95334,"CURSO DE CAPACITAÇÃO PARA ELETROTÉCNICO (ENCARGOS COMPLEMENTARES) - HORISTA","H","COEFICIENTE DE REPRESENTATIVIDADE",0.62,"","SINAPI","","","","","","","",0.62,100,0,0,0,0,0,0,0,0,"ENCARGOS COMPLEMENTARES REFERENCIAL"]
["SERVICOS DIVERSOS","SEDI","OUTROS",318,"","",95334,"CURSO DE CAPACITAÇÃO PARA ELETROTÉCNICO (ENCARGOS COMPLEMENTARES) - HORISTA","H","COEFICIENTE DE REPRESENTATIVIDADE",0.62,"I","SINAPI",2438,0.0249,"H","COEFICIENTE DE REPRESENTATIVIDADE",0.0249,24.93,0.62,"","","","","","","","","","","ENCARGOS COMPLEMENTARES REFERENCIAL"]
["SERVICOS DIVERSOS","SEDI","OUTROS",318,"","",95335,"CURSO DE CAPACITAÇÃO PARA ENCANADOR OU BOMBEIRO HIDRÁULICO (ENCARGOS COMPLEMENTARES) - HORISTA","H","COLETADO",0.23,"","SINAPI","","","","","","","",0.23,100,0,0,0,0,0,0,0,0,"ENCARGOS COMPLEMENTARES REFERENCIAL"]
["SERVICOS DIVERSOS","SEDI","OUTROS",318,"","",95335,"CURSO DE CAPACITAÇÃO PARA ENCANADOR OU BOMBEIRO HIDRÁULICO (ENCARGOS COMPLEMENTARES) - HORISTA","H","COLETADO",0.23,"I","SINAPI",2696,0.0145,"H","COLETADO",0.0145,16.26,0.23,"","","","","","","","","","","ENCARGOS COMPLEMENTARES REFERENCIAL"]
["SERVICOS DIVERSOS","SEDI","OUTROS",318,"","",95336,"CURSO DE CAPACITAÇÃO PARA ESTUCADOR (ENCARGOS COMPLEMENTARES) - HORISTA","H","COEFICIENTE DE REPRESENTATIVIDADE",0.13,"","SINAPI","","","","","","","",0.13,100,0,0,0,0,0,0,0,0,"ENCARGOS COMPLEMENTARES REFERENCIAL"]
["SERVICOS DIVERSOS","SEDI","OUTROS",318,"","",95336,"CURSO DE CAPACITAÇÃO PARA ESTUCADOR (ENCARGOS COMPLEMENTARES) - HORISTA","H","COEFICIENTE DE REPRESENTATIVIDADE",0.13,"I","SINAPI",12865,0.0093,"H","COEFICIENTE DE REPRESENTATIVIDADE",0.0093,14.34,0.13,"","","","","","","","","","","ENCARGOS COMPLEMENTARES REFERENCIAL"]
["SERVICOS DIVERSOS","SEDI","OUTROS",318,"","",95337,"CURSO DE CAPACITAÇÃO PARA GESSEIRO (ENCARGOS COMPLEMENTARES) - HORISTA","H","COEFICIENTE DE REPRESENTATIVIDADE",0.13,"","SINAPI","","","","","","","",0.13,100,0,0,0,0,0,0,0,0,"ENCARGOS COMPLEMENTARES REFERENCIAL"]
["SERVICOS DIVERSOS","SEDI","OUTROS",318,"","",95337,"CURSO DE CAPACITAÇÃO PARA GESSEIRO (ENCARGOS COMPLEMENTARES) - HORISTA","H","COEFICIENTE DE REPRESENTATIVIDADE",0.13,"I","SINAPI",12872,0.0093,"H","COEFICIENTE DE REPRESENTATIVIDADE",0.0093,14.34,0.13,"","","","","","","","","","","ENCARGOS COMPLEMENTARES REFERENCIAL"]
["SERVICOS DIVERSOS","SEDI","OUTROS",318,"","",95338,"CURSO DE CAPACITAÇÃO PARA IMPERMEABILIZADOR (ENCARGOS COMPLEMENTARES) - HORISTA","H","COEFICIENTE DE REPRESENTATIVIDADE",0.29,"","SINAPI","","","","","","","",0.29,100,0,0,0,0,0,0,0,0,"ENCARGOS COMPLEMENTARES REFERENCIAL"]
["SERVICOS DIVERSOS","SEDI","OUTROS",318,"","",95338,"CURSO DE CAPACITAÇÃO PARA IMPERMEABILIZADOR (ENCARGOS COMPLEMENTARES) - HORISTA","H","COEFICIENTE DE REPRESENTATIVIDADE",0.29,"I","SINAPI",12873,0.0171,"H","COEFICIENTE DE REPRESENTATIVIDADE",0.0171,17.09,0.29,"","","","","","","","","","","ENCARGOS COMPLEMENTARES REFERENCIAL"]
["SERVICOS DIVERSOS","SEDI","OUTROS",318,"","",95339,"CURSO DE CAPACITAÇÃO PARA MAÇARIQUEIRO (ENCARGOS COMPLEMENTARES) - HORISTA","H","COEFICIENTE DE REPRESENTATIVIDADE",0.31,"","SINAPI","","","","","","","",0.31,100,0,0,0,0,0,0,0,0,"ENCARGOS COMPLEMENTARES REFERENCIAL"]
["SERVICOS DIVERSOS","SEDI","OUTROS",318,"","",95339,"CURSO DE CAPACITAÇÃO PARA MAÇARIQUEIRO (ENCARGOS COMPLEMENTARES) - HORISTA","H","COEFICIENTE DE REPRESENTATIVIDADE",0.31,"I","SINAPI",4244,0.0145,"H","COEFICIENTE DE REPRESENTATIVIDADE",0.0145,21.83,0.31,"","","","","","","","","","","ENCARGOS COMPLEMENTARES REFERENCIAL"]
["SERVICOS DIVERSOS","SEDI","OUTROS",318,"","",95340,"CURSO DE CAPACITAÇÃO PARA MARCENEIRO (ENCARGOS COMPLEMENTARES) - HORISTA","H","COEFICIENTE DE REPRESENTATIVIDADE",0.17,"","SINAPI","","","","","","","",0.17,100,0,0,0,0,0,0,0,0,"ENCARGOS COMPLEMENTARES REFERENCIAL"]
["SERVICOS DIVERSOS","SEDI","OUTROS",318,"","",95340,"CURSO DE CAPACITAÇÃO PARA MARCENEIRO (ENCARGOS COMPLEMENTARES) - HORISTA","H","COEFICIENTE DE REPRESENTATIVIDADE",0.17,"I","SINAPI",12868,0.0119,"H","COEFICIENTE DE REPRESENTATIVIDADE",0.0119,14.6,0.17,"","","","","","","","","","","ENCARGOS COMPLEMENTARES REFERENCIAL"]
["SERVICOS DIVERSOS","SEDI","OUTROS",318,"","",95341,"CURSO DE CAPACITAÇÃO PARA MARMORISTA/GRANITEIRO (ENCARGOS COMPLEMENTARES) - HORISTA","H","COEFICIENTE DE REPRESENTATIVIDADE",0.18,"","SINAPI","","","","","","","",0.18,100,0,0,0,0,0,0,0,0,"ENCARGOS COMPLEMENTARES REFERENCIAL"]
["SERVICOS DIVERSOS","SEDI","OUTROS",318,"","",95341,"CURSO DE CAPACITAÇÃO PARA MARMORISTA/GRANITEIRO (ENCARGOS COMPLEMENTARES) - HORISTA","H","COEFICIENTE DE REPRESENTATIVIDADE",0.18,"I","SINAPI",4755,0.0119,"H","COEFICIENTE DE REPRESENTATIVIDADE",0.0119,15.3,0.18,"","","","","","","","","","","ENCARGOS COMPLEMENTARES REFERENCIAL"]
["SERVICOS DIVERSOS","SEDI","OUTROS",318,"","",95342,"CURSO DE CAPACITAÇÃO PARA MECÂNICO DE EQUIPAMENTOS PESADOS (ENCARGOS COMPLEMENTARES) - HORISTA","H","COLETADO",0.14,"","SINAPI","","","","","","","",0.14,100,0,0,0,0,0,0,0,0,"ENCARGOS COMPLEMENTARES REFERENCIAL"]
["SERVICOS DIVERSOS","SEDI","OUTROS",318,"","",95342,"CURSO DE CAPACITAÇÃO PARA MECÂNICO DE EQUIPAMENTOS PESADOS (ENCARGOS COMPLEMENTARES) - HORISTA","H","COLETADO",0.14,"I","SINAPI",4058,0.0067,"H","COLETADO",0.0067,21.83,0.14,"","","","","","","","","","","ENCARGOS COMPLEMENTARES REFERENCIAL"]
["SERVICOS DIVERSOS","SEDI","OUTROS",318,"","",95343,"CURSO DE CAPACITAÇÃO PARA MONTADOR  DE TUBO AÇO/EQUIPAMENTOS (ENCARGOS COMPLEMENTARES) - HORISTA","H","COEFICIENTE DE REPRESENTATIVIDADE",0.21,"","SINAPI","","","","","","","",0.21,100,0,0,0,0,0,0,0,0,"ENCARGOS COMPLEMENTARES REFERENCIAL"]
["SERVICOS DIVERSOS","SEDI","OUTROS",318,"","",95343,"CURSO DE CAPACITAÇÃO PARA MONTADOR  DE TUBO AÇO/EQUIPAMENTOS (ENCARGOS COMPLEMENTARES) - HORISTA","H","COEFICIENTE DE REPRESENTATIVIDADE",0.21,"I","SINAPI",2701,0.0119,"H","COEFICIENTE DE REPRESENTATIVIDADE",0.0119,17.67,0.21,"","","","","","","","","","","ENCARGOS COMPLEMENTARES REFERENCIAL"]
["SERVICOS DIVERSOS","SEDI","OUTROS",318,"","",95344,"CURSO DE CAPACITAÇÃO PARA MONTADOR DE ESTRUTURA METÁLICA (ENCARGOS COMPLEMENTARES) - HORISTA","H","COEFICIENTE DE REPRESENTATIVIDADE",0.1,"","SINAPI","","","","","","","",0.1,100,0,0,0,0,0,0,0,0,"ENCARGOS COMPLEMENTARES REFERENCIAL"]
["SERVICOS DIVERSOS","SEDI","OUTROS",318,"","",95344,"CURSO DE CAPACITAÇÃO PARA MONTADOR DE ESTRUTURA METÁLICA (ENCARGOS COMPLEMENTARES) - HORISTA","H","COEFICIENTE DE REPRESENTATIVIDADE",0.1,"I","SINAPI",25957,0.0093,"H","COEFICIENTE DE REPRESENTATIVIDADE",0.0093,11.69,0.1,"","","","","","","","","","","ENCARGOS COMPLEMENTARES REFERENCIAL"]
["SERVICOS DIVERSOS","SEDI","OUTROS",318,"","",95345,"CURSO DE CAPACITAÇÃO PARA MONTADOR ELETROMECÂNICO (ENCARGOS COMPLEMENTARES) - HORISTA","H","COEFICIENTE DE REPRESENTATIVIDADE",0.55,"","SINAPI","","","","","","","",0.55,100,0,0,0,0,0,0,0,0,"ENCARGOS COMPLEMENTARES REFERENCIAL"]
["SERVICOS DIVERSOS","SEDI","OUTROS",318,"","",95345,"CURSO DE CAPACITAÇÃO PARA MONTADOR ELETROMECÂNICO (ENCARGOS COMPLEMENTARES) - HORISTA","H","COEFICIENTE DE REPRESENTATIVIDADE",0.55,"I","SINAPI",2437,0.0249,"H","COEFICIENTE DE REPRESENTATIVIDADE",0.0249,22.18,0.55,"","","","","","","","","","","ENCARGOS COMPLEMENTARES REFERENCIAL"]
["SERVICOS DIVERSOS","SEDI","OUTROS",318,"","",95346,"CURSO DE CAPACITAÇÃO PARA MOTORISTA DE BASCULANTE (ENCARGOS COMPLEMENTARES) - HORISTA","H","COEFICIENTE DE REPRESENTATIVIDADE",0.07,"","SINAPI","","","","","","","",0.07,100,0,0,0,0,0,0,0,0,"ENCARGOS COMPLEMENTARES REFERENCIAL"]
["SERVICOS DIVERSOS","SEDI","OUTROS",318,"","",95346,"CURSO DE CAPACITAÇÃO PARA MOTORISTA DE BASCULANTE (ENCARGOS COMPLEMENTARES) - HORISTA","H","COEFICIENTE DE REPRESENTATIVIDADE",0.07,"I","SINAPI",20020,0.0041,"H","COEFICIENTE DE REPRESENTATIVIDADE",0.0041,19.37,0.07,"","","","","","","","","","","ENCARGOS COMPLEMENTARES REFERENCIAL"]
["SERVICOS DIVERSOS","SEDI","OUTROS",318,"","",95347,"CURSO DE CAPACITAÇÃO PARA MOTORISTA DE CAMINHÃO (ENCARGOS COMPLEMENTARES) - HORISTA","H","COEFICIENTE DE REPRESENTATIVIDADE",0.07,"","SINAPI","","","","","","","",0.07,100,0,0,0,0,0,0,0,0,"ENCARGOS COMPLEMENTARES REFERENCIAL"]
["SERVICOS DIVERSOS","SEDI","OUTROS",318,"","",95347,"CURSO DE CAPACITAÇÃO PARA MOTORISTA DE CAMINHÃO (ENCARGOS COMPLEMENTARES) - HORISTA","H","COEFICIENTE DE REPRESENTATIVIDADE",0.07,"I","SINAPI",4093,0.0041,"H","COEFICIENTE DE REPRESENTATIVIDADE",0.0041,19.37,0.07,"","","","","","","","","","","ENCARGOS COMPLEMENTARES REFERENCIAL"]
["SERVICOS DIVERSOS","SEDI","OUTROS",318,"","",95348,"CURSO DE CAPACITAÇÃO PARA MOTORISTA DE CAMINHÃO E CARRETA (ENCARGOS COMPLEMENTARES) - HORISTA","H","COEFICIENTE DE REPRESENTATIVIDADE",0.07,"","SINAPI","","","","","","","",0.07,100,0,0,0,0,0,0,0,0,"ENCARGOS COMPLEMENTARES REFERENCIAL"]
["SERVICOS DIVERSOS","SEDI","OUTROS",318,"","",95348,"CURSO DE CAPACITAÇÃO PARA MOTORISTA DE CAMINHÃO E CARRETA (ENCARGOS COMPLEMENTARES) - HORISTA","H","COEFICIENTE DE REPRESENTATIVIDADE",0.07,"I","SINAPI",4094,0.0041,"H","COEFICIENTE DE REPRESENTATIVIDADE",0.0041,19.37,0.07,"","","","","","","","","","","ENCARGOS COMPLEMENTARES REFERENCIAL"]
["SERVICOS DIVERSOS","SEDI","OUTROS",318,"","",95349,"CURSO DE CAPACITAÇÃO PARA MOTORISTA DE VEÍCULO LEVE (ENCARGOS COMPLEMENTARES) - HORISTA","H","COEFICIENTE DE REPRESENTATIVIDADE",0.07,"","SINAPI","","","","","","","",0.07,100,0,0,0,0,0,0,0,0,"ENCARGOS COMPLEMENTARES REFERENCIAL"]
["SERVICOS DIVERSOS","SEDI","OUTROS",318,"","",95349,"CURSO DE CAPACITAÇÃO PARA MOTORISTA DE VEÍCULO LEVE (ENCARGOS COMPLEMENTARES) - HORISTA","H","COEFICIENTE DE REPRESENTATIVIDADE",0.07,"I","SINAPI",4095,0.0041,"H","COEFICIENTE DE REPRESENTATIVIDADE",0.0041,17.89,0.07,"","","","","","","","","","","ENCARGOS COMPLEMENTARES REFERENCIAL"]
["SERVICOS DIVERSOS","SEDI","OUTROS",318,"","",95350,"CURSO DE CAPACITAÇÃO PARA MOTORISTA DE VEÍCULO PESADO (ENCARGOS COMPLEMENTARES) - HORISTA","H","COEFICIENTE DE REPRESENTATIVIDADE",0.07,"","SINAPI","","","","","","","",0.07,100,0,0,0,0,0,0,0,0,"ENCARGOS COMPLEMENTARES REFERENCIAL"]
["SERVICOS DIVERSOS","SEDI","OUTROS",318,"","",95350,"CURSO DE CAPACITAÇÃO PARA MOTORISTA DE VEÍCULO PESADO (ENCARGOS COMPLEMENTARES) - HORISTA","H","COEFICIENTE DE REPRESENTATIVIDADE",0.07,"I","SINAPI",4097,0.0041,"H","COEFICIENTE DE REPRESENTATIVIDADE",0.0041,19.37,0.07,"","","","","","","","","","","ENCARGOS COMPLEMENTARES REFERENCIAL"]
["SERVICOS DIVERSOS","SEDI","OUTROS",318,"","",95351,"CURSO DE CAPACITAÇÃO PARA MOTORISTA OPERADOR DE MUNCK (ENCARGOS COMPLEMENTARES) - HORISTA","H","COEFICIENTE DE REPRESENTATIVIDADE",0.27,"","SINAPI","","","","","","","",0.27,100,0,0,0,0,0,0,0,0,"ENCARGOS COMPLEMENTARES REFERENCIAL"]
["SERVICOS DIVERSOS","SEDI","OUTROS",318,"","",95351,"CURSO DE CAPACITAÇÃO PARA MOTORISTA OPERADOR DE MUNCK (ENCARGOS COMPLEMENTARES) - HORISTA","H","COEFICIENTE DE REPRESENTATIVIDADE",0.27,"I","SINAPI",4096,0.0132,"H","COEFICIENTE DE REPRESENTATIVIDADE",0.0132,21.2,0.27,"","","","","","","","","","","ENCARGOS COMPLEMENTARES REFERENCIAL"]
["SERVICOS DIVERSOS","SEDI","OUTROS",318,"","",95352,"CURSO DE CAPACITAÇÃO PARA NIVELADOR (ENCARGOS COMPLEMENTARES) - HORISTA","H","COEFICIENTE DE REPRESENTATIVIDADE",0.15,"","SINAPI","","","","","","","",0.15,100,0,0,0,0,0,0,0,0,"ENCARGOS COMPLEMENTARES REFERENCIAL"]
["SERVICOS DIVERSOS","SEDI","OUTROS",318,"","",95352,"CURSO DE CAPACITAÇÃO PARA NIVELADOR (ENCARGOS COMPLEMENTARES) - HORISTA","H","COEFICIENTE DE REPRESENTATIVIDADE",0.15,"I","SINAPI",7595,0.0067,"H","COEFICIENTE DE REPRESENTATIVIDADE",0.0067,23.71,0.15,"","","","","","","","","","","ENCARGOS COMPLEMENTARES REFERENCIAL"]
["SERVICOS DIVERSOS","SEDI","OUTROS",318,"","",95353,"CURSO DE CAPACITAÇÃO PARA OPERADOR DE ACABADORA (ENCARGOS COMPLEMENTARES) - HORISTA","H","COEFICIENTE DE REPRESENTATIVIDADE",0.12,"","SINAPI","","","","","","","",0.12,100,0,0,0,0,0,0,0,0,"ENCARGOS COMPLEMENTARES REFERENCIAL"]
["SERVICOS DIVERSOS","SEDI","OUTROS",318,"","",95353,"CURSO DE CAPACITAÇÃO PARA OPERADOR DE ACABADORA (ENCARGOS COMPLEMENTARES) - HORISTA","H","COEFICIENTE DE REPRESENTATIVIDADE",0.12,"I","SINAPI",4242,0.0067,"H","COEFICIENTE DE REPRESENTATIVIDADE",0.0067,19.37,0.12,"","","","","","","","","","","ENCARGOS COMPLEMENTARES REFERENCIAL"]
["SERVICOS DIVERSOS","SEDI","OUTROS",318,"","",95354,"CURSO DE CAPACITAÇÃO PARA OPERADOR DE BETONEIRA (CAMINHÃO) (ENCARGOS COMPLEMENTARES) - HORISTA","H","COEFICIENTE DE REPRESENTATIVIDADE",0.13,"","SINAPI","","","","","","","",0.13,100,0,0,0,0,0,0,0,0,"ENCARGOS COMPLEMENTARES REFERENCIAL"]
["SERVICOS DIVERSOS","SEDI","OUTROS",318,"","",95354,"CURSO DE CAPACITAÇÃO PARA OPERADOR DE BETONEIRA (CAMINHÃO) (ENCARGOS COMPLEMENTARES) - HORISTA","H","COEFICIENTE DE REPRESENTATIVIDADE",0.13,"I","SINAPI",4243,0.0067,"H","COEFICIENTE DE REPRESENTATIVIDADE",0.0067,20.48,0.13,"","","","","","","","","","","ENCARGOS COMPLEMENTARES REFERENCIAL"]
["SERVICOS DIVERSOS","SEDI","OUTROS",318,"","",95355,"CURSO DE CAPACITAÇÃO PARA OPERADOR DE COMPRESSOR OU COMPRESSORISTA (ENCARGOS COMPLEMENTARES) - HORISTA","H","COEFICIENTE DE REPRESENTATIVIDADE",0.07,"","SINAPI","","","","","","","",0.07,100,0,0,0,0,0,0,0,0,"ENCARGOS COMPLEMENTARES REFERENCIAL"]
["SERVICOS DIVERSOS","SEDI","OUTROS",318,"","",95355,"CURSO DE CAPACITAÇÃO PARA OPERADOR DE COMPRESSOR OU COMPRESSORISTA (ENCARGOS COMPLEMENTARES) - HORISTA","H","COEFICIENTE DE REPRESENTATIVIDADE",0.07,"I","SINAPI",4250,0.0067,"H","COEFICIENTE DE REPRESENTATIVIDADE",0.0067,11.88,0.07,"","","","","","","","","","","ENCARGOS COMPLEMENTARES REFERENCIAL"]
["SERVICOS DIVERSOS","SEDI","OUTROS",318,"","",95356,"CURSO DE CAPACITAÇÃO PARA OPERADOR DE DEMARCADORA DE FAIXAS (ENCARGOS COMPLEMENTARES) - HORISTA","H","COEFICIENTE DE REPRESENTATIVIDADE",0.14,"","SINAPI","","","","","","","",0.14,100,0,0,0,0,0,0,0,0,"ENCARGOS COMPLEMENTARES REFERENCIAL"]
["SERVICOS DIVERSOS","SEDI","OUTROS",318,"","",95356,"CURSO DE CAPACITAÇÃO PARA OPERADOR DE DEMARCADORA DE FAIXAS (ENCARGOS COMPLEMENTARES) - HORISTA","H","COEFICIENTE DE REPRESENTATIVIDADE",0.14,"I","SINAPI",25960,0.0067,"H","COEFICIENTE DE REPRESENTATIVIDADE",0.0067,21.25,0.14,"","","","","","","","","","","ENCARGOS COMPLEMENTARES REFERENCIAL"]
["SERVICOS DIVERSOS","SEDI","OUTROS",318,"","",95357,"CURSO DE CAPACITAÇÃO PARA OPERADOR DE ESCAVADEIRA (ENCARGOS COMPLEMENTARES) - HORISTA","H","COLETADO",0.21,"","SINAPI","","","","","","","",0.21,100,0,0,0,0,0,0,0,0,"ENCARGOS COMPLEMENTARES REFERENCIAL"]
["SERVICOS DIVERSOS","SEDI","OUTROS",318,"","",95357,"CURSO DE CAPACITAÇÃO PARA OPERADOR DE ESCAVADEIRA (ENCARGOS COMPLEMENTARES) - HORISTA","H","COLETADO",0.21,"I","SINAPI",4234,0.0093,"H","COLETADO",0.0093,22.88,0.21,"","","","","","","","","","","ENCARGOS COMPLEMENTARES REFERENCIAL"]
["SERVICOS DIVERSOS","SEDI","OUTROS",318,"","",95358,"CURSO DE CAPACITAÇÃO PARA OPERADOR DE GUINCHO (ENCARGOS COMPLEMENTARES) - HORISTA","H","COEFICIENTE DE REPRESENTATIVIDADE",0.14,"","SINAPI","","","","","","","",0.14,100,0,0,0,0,0,0,0,0,"ENCARGOS COMPLEMENTARES REFERENCIAL"]
["SERVICOS DIVERSOS","SEDI","OUTROS",318,"","",95358,"CURSO DE CAPACITAÇÃO PARA OPERADOR DE GUINCHO (ENCARGOS COMPLEMENTARES) - HORISTA","H","COEFICIENTE DE REPRESENTATIVIDADE",0.14,"I","SINAPI",4253,0.0132,"H","COEFICIENTE DE REPRESENTATIVIDADE",0.0132,10.97,0.14,"","","","","","","","","","","ENCARGOS COMPLEMENTARES REFERENCIAL"]
["SERVICOS DIVERSOS","SEDI","OUTROS",318,"","",95359,"CURSO DE CAPACITAÇÃO PARA OPERADOR DE GUINDASTE (ENCARGOS COMPLEMENTARES) - HORISTA","H","COEFICIENTE DE REPRESENTATIVIDADE",0.34,"","SINAPI","","","","","","","",0.34,100,0,0,0,0,0,0,0,0,"ENCARGOS COMPLEMENTARES REFERENCIAL"]
["SERVICOS DIVERSOS","SEDI","OUTROS",318,"","",95359,"CURSO DE CAPACITAÇÃO PARA OPERADOR DE GUINDASTE (ENCARGOS COMPLEMENTARES) - HORISTA","H","COEFICIENTE DE REPRESENTATIVIDADE",0.34,"I","SINAPI",4254,0.0132,"H","COEFICIENTE DE REPRESENTATIVIDADE",0.0132,26.49,0.34,"","","","","","","","","","","ENCARGOS COMPLEMENTARES REFERENCIAL"]
["SERVICOS DIVERSOS","SEDI","OUTROS",318,"","",95360,"CURSO DE CAPACITAÇÃO PARA OPERADOR DE MÁQUINAS E EQUIPAMENTOS (ENCARGOS COMPLEMENTARES) - HORISTA","H","COEFICIENTE DE REPRESENTATIVIDADE",0.17,"","SINAPI","","","","","","","",0.17,100,0,0,0,0,0,0,0,0,"ENCARGOS COMPLEMENTARES REFERENCIAL"]
["SERVICOS DIVERSOS","SEDI","OUTROS",318,"","",95360,"CURSO DE CAPACITAÇÃO PARA OPERADOR DE MÁQUINAS E EQUIPAMENTOS (ENCARGOS COMPLEMENTARES) - HORISTA","H","COEFICIENTE DE REPRESENTATIVIDADE",0.17,"I","SINAPI",4230,0.0093,"H","COEFICIENTE DE REPRESENTATIVIDADE",0.0093,19.18,0.17,"","","","","","","","","","","ENCARGOS COMPLEMENTARES REFERENCIAL"]
["SERVICOS DIVERSOS","SEDI","OUTROS",318,"","",95361,"CURSO DE CAPACITAÇÃO PARA OPERADOR DE MARTELETE OU MARTELETEIRO (ENCARGOS COMPLEMENTARES) - HORISTA","H","COEFICIENTE DE REPRESENTATIVIDADE",0.07,"","SINAPI","","","","","","","",0.07,100,0,0,0,0,0,0,0,0,"ENCARGOS COMPLEMENTARES REFERENCIAL"]
["SERVICOS DIVERSOS","SEDI","OUTROS",318,"","",95361,"CURSO DE CAPACITAÇÃO PARA OPERADOR DE MARTELETE OU MARTELETEIRO (ENCARGOS COMPLEMENTARES) - HORISTA","H","COEFICIENTE DE REPRESENTATIVIDADE",0.07,"I","SINAPI",4257,0.0067,"H","COEFICIENTE DE REPRESENTATIVIDADE",0.0067,11.03,0.07,"","","","","","","","","","","ENCARGOS COMPLEMENTARES REFERENCIAL"]
["SERVICOS DIVERSOS","SEDI","OUTROS",318,"","",95362,"CURSO DE CAPACITAÇÃO PARA OPERADOR DE MOTO-ESCREIPER (ENCARGOS COMPLEMENTARES) - HORISTA","H","COEFICIENTE DE REPRESENTATIVIDADE",0.2,"","SINAPI","","","","","","","",0.2,100,0,0,0,0,0,0,0,0,"ENCARGOS COMPLEMENTARES REFERENCIAL"]
["SERVICOS DIVERSOS","SEDI","OUTROS",318,"","",95362,"CURSO DE CAPACITAÇÃO PARA OPERADOR DE MOTO-ESCREIPER (ENCARGOS COMPLEMENTARES) - HORISTA","H","COEFICIENTE DE REPRESENTATIVIDADE",0.2,"I","SINAPI",4240,0.0067,"H","COEFICIENTE DE REPRESENTATIVIDADE",0.0067,30.02,0.2,"","","","","","","","","","","ENCARGOS COMPLEMENTARES REFERENCIAL"]
["SERVICOS DIVERSOS","SEDI","OUTROS",318,"","",95363,"CURSO DE CAPACITAÇÃO PARA OPERADOR DE MOTONIVELADORA (ENCARGOS COMPLEMENTARES) - HORISTA","H","COEFICIENTE DE REPRESENTATIVIDADE",0.2,"","SINAPI","","","","","","","",0.2,100,0,0,0,0,0,0,0,0,"ENCARGOS COMPLEMENTARES REFERENCIAL"]
["SERVICOS DIVERSOS","SEDI","OUTROS",318,"","",95363,"CURSO DE CAPACITAÇÃO PARA OPERADOR DE MOTONIVELADORA (ENCARGOS COMPLEMENTARES) - HORISTA","H","COEFICIENTE DE REPRESENTATIVIDADE",0.2,"I","SINAPI",4239,0.0067,"H","COEFICIENTE DE REPRESENTATIVIDADE",0.0067,30.02,0.2,"","","","","","","","","","","ENCARGOS COMPLEMENTARES REFERENCIAL"]
["SERVICOS DIVERSOS","SEDI","OUTROS",318,"","",95364,"CURSO DE CAPACITAÇÃO PARA OPERADOR DE PÁ CARREGADEIRA (ENCARGOS COMPLEMENTARES) - HORISTA","H","COEFICIENTE DE REPRESENTATIVIDADE",0.14,"","SINAPI","","","","","","","",0.14,100,0,0,0,0,0,0,0,0,"ENCARGOS COMPLEMENTARES REFERENCIAL"]
["SERVICOS DIVERSOS","SEDI","OUTROS",318,"","",95364,"CURSO DE CAPACITAÇÃO PARA OPERADOR DE PÁ CARREGADEIRA (ENCARGOS COMPLEMENTARES) - HORISTA","H","COEFICIENTE DE REPRESENTATIVIDADE",0.14,"I","SINAPI",4248,0.0067,"H","COEFICIENTE DE REPRESENTATIVIDADE",0.0067,21.48,0.14,"","","","","","","","","","","ENCARGOS COMPLEMENTARES REFERENCIAL"]
["SERVICOS DIVERSOS","SEDI","OUTROS",318,"","",95365,"CURSO DE CAPACITAÇÃO PARA OPERADOR DE PAVIMENTADORA (ENCARGOS COMPLEMENTARES) - HORISTA","H","COEFICIENTE DE REPRESENTATIVIDADE",0.14,"","SINAPI","","","","","","","",0.14,100,0,0,0,0,0,0,0,0,"ENCARGOS COMPLEMENTARES REFERENCIAL"]
["SERVICOS DIVERSOS","SEDI","OUTROS",318,"","",95365,"CURSO DE CAPACITAÇÃO PARA OPERADOR DE PAVIMENTADORA (ENCARGOS COMPLEMENTARES) - HORISTA","H","COEFICIENTE DE REPRESENTATIVIDADE",0.14,"I","SINAPI",25959,0.0067,"H","COEFICIENTE DE REPRESENTATIVIDADE",0.0067,21.25,0.14,"","","","","","","","","","","ENCARGOS COMPLEMENTARES REFERENCIAL"]
["SERVICOS DIVERSOS","SEDI","OUTROS",318,"","",95366,"CURSO DE CAPACITAÇÃO PARA OPERADOR DE ROLO COMPACTADOR (ENCARGOS COMPLEMENTARES) - HORISTA","H","COEFICIENTE DE REPRESENTATIVIDADE",0.12,"","SINAPI","","","","","","","",0.12,100,0,0,0,0,0,0,0,0,"ENCARGOS COMPLEMENTARES REFERENCIAL"]
["SERVICOS DIVERSOS","SEDI","OUTROS",318,"","",95366,"CURSO DE CAPACITAÇÃO PARA OPERADOR DE ROLO COMPACTADOR (ENCARGOS COMPLEMENTARES) - HORISTA","H","COEFICIENTE DE REPRESENTATIVIDADE",0.12,"I","SINAPI",4238,0.0067,"H","COEFICIENTE DE REPRESENTATIVIDADE",0.0067,18.5,0.12,"","","","","","","","","","","ENCARGOS COMPLEMENTARES REFERENCIAL"]
["SERVICOS DIVERSOS","SEDI","OUTROS",318,"","",95367,"CURSO DE CAPACITAÇÃO PARA OPERADOR DE USINA DE ASFALTO, DE SOLOS OU DE CONCRETO (ENCARGOS COMPLEMENTARES) - HORISTA","H","COEFICIENTE DE REPRESENTATIVIDADE",0.12,"","SINAPI","","","","","","","",0.12,100,0,0,0,0,0,0,0,0,"ENCARGOS COMPLEMENTARES REFERENCIAL"]
["SERVICOS DIVERSOS","SEDI","OUTROS",318,"","",95367,"CURSO DE CAPACITAÇÃO PARA OPERADOR DE USINA DE ASFALTO, DE SOLOS OU DE CONCRETO (ENCARGOS COMPLEMENTARES) - HORISTA","H","COEFICIENTE DE REPRESENTATIVIDADE",0.12,"I","SINAPI",4233,0.0067,"H","COEFICIENTE DE REPRESENTATIVIDADE",0.0067,19.37,0.12,"","","","","","","","","","","ENCARGOS COMPLEMENTARES REFERENCIAL"]
["SERVICOS DIVERSOS","SEDI","OUTROS",318,"","",95368,"CURSO DE CAPACITAÇÃO PARA OPERADOR JATO DE AREIA OU JATISTA (ENCARGOS COMPLEMENTARES) - HORISTA","H","COEFICIENTE DE REPRESENTATIVIDADE",0.1,"","SINAPI","","","","","","","",0.1,100,0,0,0,0,0,0,0,0,"ENCARGOS COMPLEMENTARES REFERENCIAL"]
["SERVICOS DIVERSOS","SEDI","OUTROS",318,"","",95368,"CURSO DE CAPACITAÇÃO PARA OPERADOR JATO DE AREIA OU JATISTA (ENCARGOS COMPLEMENTARES) - HORISTA","H","COEFICIENTE DE REPRESENTATIVIDADE",0.1,"I","SINAPI",4251,0.0093,"H","COEFICIENTE DE REPRESENTATIVIDADE",0.0093,11.77,0.1,"","","","","","","","","","","ENCARGOS COMPLEMENTARES REFERENCIAL"]
["SERVICOS DIVERSOS","SEDI","OUTROS",318,"","",95369,"CURSO DE CAPACITAÇÃO PARA OPERADOR PARA BATE ESTACAS (ENCARGOS COMPLEMENTARES) - HORISTA","H","COEFICIENTE DE REPRESENTATIVIDADE",0.09,"","SINAPI","","","","","","","",0.09,100,0,0,0,0,0,0,0,0,"ENCARGOS COMPLEMENTARES REFERENCIAL"]
["SERVICOS DIVERSOS","SEDI","OUTROS",318,"","",95369,"CURSO DE CAPACITAÇÃO PARA OPERADOR PARA BATE ESTACAS (ENCARGOS COMPLEMENTARES) - HORISTA","H","COEFICIENTE DE REPRESENTATIVIDADE",0.09,"I","SINAPI",4252,0.0067,"H","COEFICIENTE DE REPRESENTATIVIDADE",0.0067,13.91,0.09,"","","","","","","","","","","ENCARGOS COMPLEMENTARES REFERENCIAL"]
["SERVICOS DIVERSOS","SEDI","OUTROS",318,"","",95370,"CURSO DE CAPACITAÇÃO PARA PASTILHEIRO (ENCARGOS COMPLEMENTARES) - HORISTA","H","COEFICIENTE DE REPRESENTATIVIDADE",0.23,"","SINAPI","","","","","","","",0.23,100,0,0,0,0,0,0,0,0,"ENCARGOS COMPLEMENTARES REFERENCIAL"]
["SERVICOS DIVERSOS","SEDI","OUTROS",318,"","",95370,"CURSO DE CAPACITAÇÃO PARA PASTILHEIRO (ENCARGOS COMPLEMENTARES) - HORISTA","H","COEFICIENTE DE REPRESENTATIVIDADE",0.23,"I","SINAPI",4751,0.0119,"H","COEFICIENTE DE REPRESENTATIVIDADE",0.0119,19.61,0.23,"","","","","","","","","","","ENCARGOS COMPLEMENTARES REFERENCIAL"]
["SERVICOS DIVERSOS","SEDI","OUTROS",318,"","",95371,"CURSO DE CAPACITAÇÃO PARA PEDREIRO (ENCARGOS COMPLEMENTARES) - HORISTA","H","COLETADO",0.27,"","SINAPI","","","","","","","",0.27,100,0,0,0,0,0,0,0,0,"ENCARGOS COMPLEMENTARES REFERENCIAL"]
["SERVICOS DIVERSOS","SEDI","OUTROS",318,"","",95371,"CURSO DE CAPACITAÇÃO PARA PEDREIRO (ENCARGOS COMPLEMENTARES) - HORISTA","H","COLETADO",0.27,"I","SINAPI",4750,0.0171,"H","COLETADO",0.0171,16.26,0.27,"","","","","","","","","","","ENCARGOS COMPLEMENTARES REFERENCIAL"]
["SERVICOS DIVERSOS","SEDI","OUTROS",318,"","",95372,"CURSO DE CAPACITAÇÃO PARA PINTOR (ENCARGOS COMPLEMENTARES) - HORISTA","H","COLETADO",0.19,"","SINAPI","","","","","","","",0.19,100,0,0,0,0,0,0,0,0,"ENCARGOS COMPLEMENTARES REFERENCIAL"]
["SERVICOS DIVERSOS","SEDI","OUTROS",318,"","",95372,"CURSO DE CAPACITAÇÃO PARA PINTOR (ENCARGOS COMPLEMENTARES) - HORISTA","H","COLETADO",0.19,"I","SINAPI",4783,0.0119,"H","COLETADO",0.0119,16.26,0.19,"","","","","","","","","","","ENCARGOS COMPLEMENTARES REFERENCIAL"]
["SERVICOS DIVERSOS","SEDI","OUTROS",318,"","",95373,"CURSO DE CAPACITAÇÃO PARA PINTOR DE LETREIROS (ENCARGOS COMPLEMENTARES) - HORISTA","H","COEFICIENTE DE REPRESENTATIVIDADE",0.2,"","SINAPI","","","","","","","",0.2,100,0,0,0,0,0,0,0,0,"ENCARGOS COMPLEMENTARES REFERENCIAL"]
["SERVICOS DIVERSOS","SEDI","OUTROS",318,"","",95373,"CURSO DE CAPACITAÇÃO PARA PINTOR DE LETREIROS (ENCARGOS COMPLEMENTARES) - HORISTA","H","COEFICIENTE DE REPRESENTATIVIDADE",0.2,"I","SINAPI",12874,0.0119,"H","COEFICIENTE DE REPRESENTATIVIDADE",0.0119,17.17,0.2,"","","","","","","","","","","ENCARGOS COMPLEMENTARES REFERENCIAL"]
["SERVICOS DIVERSOS","SEDI","OUTROS",318,"","",95374,"CURSO DE CAPACITAÇÃO PARA PINTOR PARA TINTA EPÓXI (ENCARGOS COMPLEMENTARES) - HORISTA","H","COEFICIENTE DE REPRESENTATIVIDADE",0.23,"","SINAPI","","","","","","","",0.23,100,0,0,0,0,0,0,0,0,"ENCARGOS COMPLEMENTARES REFERENCIAL"]
["SERVICOS DIVERSOS","SEDI","OUTROS",318,"","",95374,"CURSO DE CAPACITAÇÃO PARA PINTOR PARA TINTA EPÓXI (ENCARGOS COMPLEMENTARES) - HORISTA","H","COEFICIENTE DE REPRESENTATIVIDADE",0.23,"I","SINAPI",4785,0.0119,"H","COEFICIENTE DE REPRESENTATIVIDADE",0.0119,19.35,0.23,"","","","","","","","","","","ENCARGOS COMPLEMENTARES REFERENCIAL"]
["SERVICOS DIVERSOS","SEDI","OUTROS",318,"","",95375,"CURSO DE CAPACITAÇÃO PARA POCEIRO (ENCARGOS COMPLEMENTARES) - HORISTA","H","COEFICIENTE DE REPRESENTATIVIDADE",0.41,"","SINAPI","","","","","","","",0.41,100,0,0,0,0,0,0,0,0,"ENCARGOS COMPLEMENTARES REFERENCIAL"]
["SERVICOS DIVERSOS","SEDI","OUTROS",318,"","",95375,"CURSO DE CAPACITAÇÃO PARA POCEIRO (ENCARGOS COMPLEMENTARES) - HORISTA","H","COEFICIENTE DE REPRESENTATIVIDADE",0.41,"I","SINAPI",4752,0.0171,"H","COEFICIENTE DE REPRESENTATIVIDADE",0.0171,24.51,0.41,"","","","","","","","","","","ENCARGOS COMPLEMENTARES REFERENCIAL"]
["SERVICOS DIVERSOS","SEDI","OUTROS",318,"","",95376,"CURSO DE CAPACITAÇÃO PARA RASTELEIRO (ENCARGOS COMPLEMENTARES) - HORISTA","H","COEFICIENTE DE REPRESENTATIVIDADE",0.03,"","SINAPI","","","","","","","",0.03,100,0,0,0,0,0,0,0,0,"ENCARGOS COMPLEMENTARES REFERENCIAL"]
["SERVICOS DIVERSOS","SEDI","OUTROS",318,"","",95376,"CURSO DE CAPACITAÇÃO PARA RASTELEIRO (ENCARGOS COMPLEMENTARES) - HORISTA","H","COEFICIENTE DE REPRESENTATIVIDADE",0.03,"I","SINAPI",25961,0.0041,"H","COEFICIENTE DE REPRESENTATIVIDADE",0.0041,7.9,0.03,"","","","","","","","","","","ENCARGOS COMPLEMENTARES REFERENCIAL"]
["SERVICOS DIVERSOS","SEDI","OUTROS",318,"","",95377,"CURSO DE CAPACITAÇÃO PARA SERRALHEIRO (ENCARGOS COMPLEMENTARES) - HORISTA","H","COEFICIENTE DE REPRESENTATIVIDADE",0.14,"","SINAPI","","","","","","","",0.14,100,0,0,0,0,0,0,0,0,"ENCARGOS COMPLEMENTARES REFERENCIAL"]
["SERVICOS DIVERSOS","SEDI","OUTROS",318,"","",95377,"CURSO DE CAPACITAÇÃO PARA SERRALHEIRO (ENCARGOS COMPLEMENTARES) - HORISTA","H","COEFICIENTE DE REPRESENTATIVIDADE",0.14,"I","SINAPI",6110,0.0093,"H","COEFICIENTE DE REPRESENTATIVIDADE",0.0093,15.34,0.14,"","","","","","","","","","","ENCARGOS COMPLEMENTARES REFERENCIAL"]
["SERVICOS DIVERSOS","SEDI","OUTROS",318,"","",95378,"CURSO DE CAPACITAÇÃO PARA SERVENTE (ENCARGOS COMPLEMENTARES) - HORISTA","H","COLETADO",0.16,"","SINAPI","","","","","","","",0.16,100,0,0,0,0,0,0,0,0,"ENCARGOS COMPLEMENTARES REFERENCIAL"]
["SERVICOS DIVERSOS","SEDI","OUTROS",318,"","",95378,"CURSO DE CAPACITAÇÃO PARA SERVENTE (ENCARGOS COMPLEMENTARES) - HORISTA","H","COLETADO",0.16,"I","SINAPI",6111,0.0171,"H","COLETADO",0.0171,9.6,0.16,"","","","","","","","","","","ENCARGOS COMPLEMENTARES REFERENCIAL"]
["SERVICOS DIVERSOS","SEDI","OUTROS",318,"","",95379,"CURSO DE CAPACITAÇÃO PARA SOLDADOR (ENCARGOS COMPLEMENTARES) - HORISTA","H","COLETADO",0.25,"","SINAPI","","","","","","","",0.25,100,0,0,0,0,0,0,0,0,"ENCARGOS COMPLEMENTARES REFERENCIAL"]
["SERVICOS DIVERSOS","SEDI","OUTROS",318,"","",95379,"CURSO DE CAPACITAÇÃO PARA SOLDADOR (ENCARGOS COMPLEMENTARES) - HORISTA","H","COLETADO",0.25,"I","SINAPI",6160,0.0093,"H","COLETADO",0.0093,27.04,0.25,"","","","","","","","","","","ENCARGOS COMPLEMENTARES REFERENCIAL"]
["SERVICOS DIVERSOS","SEDI","OUTROS",318,"","",95380,"CURSO DE CAPACITAÇÃO PARA SOLDADOR A (PARA SOLDA A SER TESTADA COM RAIOS  X ) (ENCARGOS COMPLEMENTARES) - HORISTA","H","COEFICIENTE DE REPRESENTATIVIDADE",0.27,"","SINAPI","","","","","","","",0.27,100,0,0,0,0,0,0,0,0,"ENCARGOS COMPLEMENTARES REFERENCIAL"]
["SERVICOS DIVERSOS","SEDI","OUTROS",318,"","",95380,"CURSO DE CAPACITAÇÃO PARA SOLDADOR A (PARA SOLDA A SER TESTADA COM RAIOS  X ) (ENCARGOS COMPLEMENTARES) - HORISTA","H","COEFICIENTE DE REPRESENTATIVIDADE",0.27,"I","SINAPI",6166,0.0093,"H","COEFICIENTE DE REPRESENTATIVIDADE",0.0093,29.52,0.27,"","","","","","","","","","","ENCARGOS COMPLEMENTARES REFERENCIAL"]
["SERVICOS DIVERSOS","SEDI","OUTROS",318,"","",95381,"CURSO DE CAPACITAÇÃO PARA SONDADOR (ENCARGOS COMPLEMENTARES) - HORISTA","H","COEFICIENTE DE REPRESENTATIVIDADE",0.42,"","SINAPI","","","","","","","",0.42,100,0,0,0,0,0,0,0,0,"ENCARGOS COMPLEMENTARES REFERENCIAL"]
["SERVICOS DIVERSOS","SEDI","OUTROS",318,"","",95381,"CURSO DE CAPACITAÇÃO PARA SONDADOR (ENCARGOS COMPLEMENTARES) - HORISTA","H","COEFICIENTE DE REPRESENTATIVIDADE",0.42,"I","SINAPI",6175,0.0093,"H","COEFICIENTE DE REPRESENTATIVIDADE",0.0093,45.41,0.42,"","","","","","","","","","","ENCARGOS COMPLEMENTARES REFERENCIAL"]
["SERVICOS DIVERSOS","SEDI","OUTROS",318,"","",95382,"CURSO DE CAPACITAÇÃO PARA TAQUEADOR OU TAQUEIRO (ENCARGOS COMPLEMENTARES) - HORISTA","H","COEFICIENTE DE REPRESENTATIVIDADE",0.12,"","SINAPI","","","","","","","",0.12,100,0,0,0,0,0,0,0,0,"ENCARGOS COMPLEMENTARES REFERENCIAL"]
["SERVICOS DIVERSOS","SEDI","OUTROS",318,"","",95382,"CURSO DE CAPACITAÇÃO PARA TAQUEADOR OU TAQUEIRO (ENCARGOS COMPLEMENTARES) - HORISTA","H","COEFICIENTE DE REPRESENTATIVIDADE",0.12,"I","SINAPI",4763,0.0093,"H","COEFICIENTE DE REPRESENTATIVIDADE",0.0093,13.34,0.12,"","","","","","","","","","","ENCARGOS COMPLEMENTARES REFERENCIAL"]
["SERVICOS DIVERSOS","SEDI","OUTROS",318,"","",95383,"CURSO DE CAPACITAÇÃO PARA TÉCNICO DE LABORATÓRIO (ENCARGOS COMPLEMENTARES) - HORISTA","H","COEFICIENTE DE REPRESENTATIVIDADE",0.25,"","SINAPI","","","","","","","",0.25,100,0,0,0,0,0,0,0,0,"ENCARGOS COMPLEMENTARES REFERENCIAL"]
["SERVICOS DIVERSOS","SEDI","OUTROS",318,"","",95383,"CURSO DE CAPACITAÇÃO PARA TÉCNICO DE LABORATÓRIO (ENCARGOS COMPLEMENTARES) - HORISTA","H","COEFICIENTE DE REPRESENTATIVIDADE",0.25,"I","SINAPI",7153,0.0067,"H","COEFICIENTE DE REPRESENTATIVIDADE",0.0067,37.79,0.25,"","","","","","","","","","","ENCARGOS COMPLEMENTARES REFERENCIAL"]
["SERVICOS DIVERSOS","SEDI","OUTROS",318,"","",95384,"CURSO DE CAPACITAÇÃO PARA TÉCNICO DE SONDAGEM (ENCARGOS COMPLEMENTARES) - HORISTA","H","COEFICIENTE DE REPRESENTATIVIDADE",0.42,"","SINAPI","","","","","","","",0.42,100,0,0,0,0,0,0,0,0,"ENCARGOS COMPLEMENTARES REFERENCIAL"]
["SERVICOS DIVERSOS","SEDI","OUTROS",318,"","",95384,"CURSO DE CAPACITAÇÃO PARA TÉCNICO DE SONDAGEM (ENCARGOS COMPLEMENTARES) - HORISTA","H","COEFICIENTE DE REPRESENTATIVIDADE",0.42,"I","SINAPI",6175,0.0093,"H","COEFICIENTE DE REPRESENTATIVIDADE",0.0093,45.41,0.42,"","","","","","","","","","","ENCARGOS COMPLEMENTARES REFERENCIAL"]
["SERVICOS DIVERSOS","SEDI","OUTROS",318,"","",95385,"CURSO DE CAPACITAÇÃO PARA TELHADISTA (ENCARGOS COMPLEMENTARES) - HORISTA","H","COEFICIENTE DE REPRESENTATIVIDADE",0.13,"","SINAPI","","","","","","","",0.13,100,0,0,0,0,0,0,0,0,"ENCARGOS COMPLEMENTARES REFERENCIAL"]
["SERVICOS DIVERSOS","SEDI","OUTROS",318,"","",95385,"CURSO DE CAPACITAÇÃO PARA TELHADISTA (ENCARGOS COMPLEMENTARES) - HORISTA","H","COEFICIENTE DE REPRESENTATIVIDADE",0.13,"I","SINAPI",12869,0.0093,"H","COEFICIENTE DE REPRESENTATIVIDADE",0.0093,14.04,0.13,"","","","","","","","","","","ENCARGOS COMPLEMENTARES REFERENCIAL"]
["SERVICOS DIVERSOS","SEDI","OUTROS",318,"","",95386,"CURSO DE CAPACITAÇÃO PARA TRATORISTA (ENCARGOS COMPLEMENTARES) - HORISTA","H","COEFICIENTE DE REPRESENTATIVIDADE",0.18,"","SINAPI","","","","","","","",0.18,100,0,0,0,0,0,0,0,0,"ENCARGOS COMPLEMENTARES REFERENCIAL"]
["SERVICOS DIVERSOS","SEDI","OUTROS",318,"","",95386,"CURSO DE CAPACITAÇÃO PARA TRATORISTA (ENCARGOS COMPLEMENTARES) - HORISTA","H","COEFICIENTE DE REPRESENTATIVIDADE",0.18,"I","SINAPI",4237,0.0093,"H","COEFICIENTE DE REPRESENTATIVIDADE",0.0093,20.22,0.18,"","","","","","","","","","","ENCARGOS COMPLEMENTARES REFERENCIAL"]
["SERVICOS DIVERSOS","SEDI","OUTROS",318,"","",95387,"CURSO DE CAPACITAÇÃO PARA VIDRACEIRO (ENCARGOS COMPLEMENTARES) - HORISTA","H","COEFICIENTE DE REPRESENTATIVIDADE",0.16,"","SINAPI","","","","","","","",0.16,100,0,0,0,0,0,0,0,0,"ENCARGOS COMPLEMENTARES REFERENCIAL"]
["SERVICOS DIVERSOS","SEDI","OUTROS",318,"","",95387,"CURSO DE CAPACITAÇÃO PARA VIDRACEIRO (ENCARGOS COMPLEMENTARES) - HORISTA","H","COEFICIENTE DE REPRESENTATIVIDADE",0.16,"I","SINAPI",10489,0.0119,"H","COEFICIENTE DE REPRESENTATIVIDADE",0.0119,14.02,0.16,"","","","","","","","","","","ENCARGOS COMPLEMENTARES REFERENCIAL"]
["SERVICOS DIVERSOS","SEDI","OUTROS",318,"","",95388,"CURSO DE CAPACITAÇÃO PARA VIGIA NOTURNO (ENCARGOS COMPLEMENTARES) - HORISTA","H","COEFICIENTE DE REPRESENTATIVIDADE",0.09,"","SINAPI","","","","","","","",0.09,100,0,0,0,0,0,0,0,0,"ENCARGOS COMPLEMENTARES REFERENCIAL"]
["SERVICOS DIVERSOS","SEDI","OUTROS",318,"","",95388,"CURSO DE CAPACITAÇÃO PARA VIGIA NOTURNO (ENCARGOS COMPLEMENTARES) - HORISTA","H","COEFICIENTE DE REPRESENTATIVIDADE",0.09,"I","SINAPI",41776,0.0041,"H","COEFICIENTE DE REPRESENTATIVIDADE",0.0041,22.03,0.09,"","","","","","","","","","","ENCARGOS COMPLEMENTARES REFERENCIAL"]
["SERVICOS DIVERSOS","SEDI","OUTROS",318,"","",95389,"CURSO DE CAPACITAÇÃO PARA OPERADOR DE BETONEIRA ESTACIONÁRIA/MISTURADOR (ENCARGOS COMPLEMENTARES) - HORISTA","H","COEFICIENTE DE REPRESENTATIVIDADE",0.07,"","SINAPI","","","","","","","",0.07,100,0,0,0,0,0,0,0,0,"ENCARGOS COMPLEMENTARES REFERENCIAL"]
["SERVICOS DIVERSOS","SEDI","OUTROS",318,"","",95389,"CURSO DE CAPACITAÇÃO PARA OPERADOR DE BETONEIRA ESTACIONÁRIA/MISTURADOR (ENCARGOS COMPLEMENTARES) - HORISTA","H","COEFICIENTE DE REPRESENTATIVIDADE",0.07,"I","SINAPI",37623,0.0067,"H","COEFICIENTE DE REPRESENTATIVIDADE",0.0067,11.69,0.07,"","","","","","","","","","","ENCARGOS COMPLEMENTARES REFERENCIAL"]
["SERVICOS DIVERSOS","SEDI","OUTROS",318,"","",95390,"CURSO DE CAPACITAÇÃO PARA JARDINEIRO (ENCARGOS COMPLEMENTARES) - HORISTA","H","COEFICIENTE DE REPRESENTATIVIDADE",0.05,"","SINAPI","","","","","","","",0.05,100,0,0,0,0,0,0,0,0,"ENCARGOS COMPLEMENTARES REFERENCIAL"]
["SERVICOS DIVERSOS","SEDI","OUTROS",318,"","",95390,"CURSO DE CAPACITAÇÃO PARA JARDINEIRO (ENCARGOS COMPLEMENTARES) - HORISTA","H","COEFICIENTE DE REPRESENTATIVIDADE",0.05,"I","SINAPI",25964,0.0041,"H","COEFICIENTE DE REPRESENTATIVIDADE",0.0041,12.32,0.05,"","","","","","","","","","","ENCARGOS COMPLEMENTARES REFERENCIAL"]
["SERVICOS DIVERSOS","SEDI","OUTROS",318,"","",95391,"CURSO DE CAPACITAÇÃO PARA DESENHISTA DETALHISTA (ENCARGOS COMPLEMENTARES) - HORISTA","H","COLETADO",0.07,"","SINAPI","","","","","","","",0.07,100,0,0,0,0,0,0,0,0,"ENCARGOS COMPLEMENTARES REFERENCIAL"]
["SERVICOS DIVERSOS","SEDI","OUTROS",318,"","",95391,"CURSO DE CAPACITAÇÃO PARA DESENHISTA DETALHISTA (ENCARGOS COMPLEMENTARES) - HORISTA","H","COLETADO",0.07,"I","SINAPI",2355,0.0041,"H","COLETADO",0.0041,18.26,0.07,"","","","","","","","","","","ENCARGOS COMPLEMENTARES REFERENCIAL"]
["SERVICOS DIVERSOS","SEDI","OUTROS",318,"","",95392,"CURSO DE CAPACITAÇÃO PARA ALMOXARIFE (ENCARGOS COMPLEMENTARES) - HORISTA","H","COLETADO",0.08,"","SINAPI","","","","","","","",0.08,100,0,0,0,0,0,0,0,0,"ENCARGOS COMPLEMENTARES REFERENCIAL"]
["SERVICOS DIVERSOS","SEDI","OUTROS",318,"","",95392,"CURSO DE CAPACITAÇÃO PARA ALMOXARIFE (ENCARGOS COMPLEMENTARES) - HORISTA","H","COLETADO",0.08,"I","SINAPI",253,0.0041,"H","COLETADO",0.0041,21.92,0.08,"","","","","","","","","","","ENCARGOS COMPLEMENTARES REFERENCIAL"]
["SERVICOS DIVERSOS","SEDI","OUTROS",318,"","",95393,"CURSO DE CAPACITAÇÃO PARA APONTADOR OU APROPRIADOR (ENCARGOS COMPLEMENTARES) - HORISTA","H","COEFICIENTE DE REPRESENTATIVIDADE",0.35,"","SINAPI","","","","","","","",0.35,100,0,0,0,0,0,0,0,0,"ENCARGOS COMPLEMENTARES REFERENCIAL"]
["SERVICOS DIVERSOS","SEDI","OUTROS",318,"","",95393,"CURSO DE CAPACITAÇÃO PARA APONTADOR OU APROPRIADOR (ENCARGOS COMPLEMENTARES) - HORISTA","H","COEFICIENTE DE REPRESENTATIVIDADE",0.35,"I","SINAPI",6122,0.0171,"H","COEFICIENTE DE REPRESENTATIVIDADE",0.0171,20.7,0.35,"","","","","","","","","","","ENCARGOS COMPLEMENTARES REFERENCIAL"]
["SERVICOS DIVERSOS","SEDI","OUTROS",318,"","",95394,"CURSO DE CAPACITAÇÃO PARA ARQUITETO DE OBRA JÚNIOR (ENCARGOS COMPLEMENTARES) - HORISTA","H","COEFICIENTE DE REPRESENTATIVIDADE",0.52,"","SINAPI","","","","","","","",0.52,100,0,0,0,0,0,0,0,0,"ENCARGOS COMPLEMENTARES REFERENCIAL"]
["SERVICOS DIVERSOS","SEDI","OUTROS",318,"","",95394,"CURSO DE CAPACITAÇÃO PARA ARQUITETO DE OBRA JÚNIOR (ENCARGOS COMPLEMENTARES) - HORISTA","H","COEFICIENTE DE REPRESENTATIVIDADE",0.52,"I","SINAPI",33939,0.0067,"H","COEFICIENTE DE REPRESENTATIVIDADE",0.0067,78.86,0.52,"","","","","","","","","","","ENCARGOS COMPLEMENTARES REFERENCIAL"]
["SERVICOS DIVERSOS","SEDI","OUTROS",318,"","",95395,"CURSO DE CAPACITAÇÃO PARA ARQUITETO DE OBRA PLENO (ENCARGOS COMPLEMENTARES) - HORISTA","H","COEFICIENTE DE REPRESENTATIVIDADE",0.6,"","SINAPI","","","","","","","",0.6,100,0,0,0,0,0,0,0,0,"ENCARGOS COMPLEMENTARES REFERENCIAL"]
["SERVICOS DIVERSOS","SEDI","OUTROS",318,"","",95395,"CURSO DE CAPACITAÇÃO PARA ARQUITETO DE OBRA PLENO (ENCARGOS COMPLEMENTARES) - HORISTA","H","COEFICIENTE DE REPRESENTATIVIDADE",0.6,"I","SINAPI",33952,0.0067,"H","COEFICIENTE DE REPRESENTATIVIDADE",0.0067,90.51,0.6,"","","","","","","","","","","ENCARGOS COMPLEMENTARES REFERENCIAL"]
["SERVICOS DIVERSOS","SEDI","OUTROS",318,"","",95396,"CURSO DE CAPACITAÇÃO PARA ARQUITETO DE OBRA SÊNIOR (ENCARGOS COMPLEMENTARES) - HORISTA","H","COEFICIENTE DE REPRESENTATIVIDADE",0.71,"","SINAPI","","","","","","","",0.71,100,0,0,0,0,0,0,0,0,"ENCARGOS COMPLEMENTARES REFERENCIAL"]
["SERVICOS DIVERSOS","SEDI","OUTROS",318,"","",95396,"CURSO DE CAPACITAÇÃO PARA ARQUITETO DE OBRA SÊNIOR (ENCARGOS COMPLEMENTARES) - HORISTA","H","COEFICIENTE DE REPRESENTATIVIDADE",0.71,"I","SINAPI",33953,0.0067,"H","COEFICIENTE DE REPRESENTATIVIDADE",0.0067,107.23,0.71,"","","","","","","","","","","ENCARGOS COMPLEMENTARES REFERENCIAL"]
["SERVICOS DIVERSOS","SEDI","OUTROS",318,"","",95397,"CURSO DE CAPACITAÇÃO PARA AUXILIAR DE DESENHISTA (ENCARGOS COMPLEMENTARES) - HORISTA","H","COEFICIENTE DE REPRESENTATIVIDADE",0.06,"","SINAPI","","","","","","","",0.06,100,0,0,0,0,0,0,0,0,"ENCARGOS COMPLEMENTARES REFERENCIAL"]
["SERVICOS DIVERSOS","SEDI","OUTROS",318,"","",95397,"CURSO DE CAPACITAÇÃO PARA AUXILIAR DE DESENHISTA (ENCARGOS COMPLEMENTARES) - HORISTA","H","COEFICIENTE DE REPRESENTATIVIDADE",0.06,"I","SINAPI",2359,0.0041,"H","COEFICIENTE DE REPRESENTATIVIDADE",0.0041,14.82,0.06,"","","","","","","","","","","ENCARGOS COMPLEMENTARES REFERENCIAL"]
["SERVICOS DIVERSOS","SEDI","OUTROS",318,"","",95398,"CURSO DE CAPACITAÇÃO PARA AUXILIAR DE ESCRITÓRIO (ENCARGOS COMPLEMENTARES) - HORISTA","H","COEFICIENTE DE REPRESENTATIVIDADE",0.06,"","SINAPI","","","","","","","",0.06,100,0,0,0,0,0,0,0,0,"ENCARGOS COMPLEMENTARES REFERENCIAL"]
["SERVICOS DIVERSOS","SEDI","OUTROS",318,"","",95398,"CURSO DE CAPACITAÇÃO PARA AUXILIAR DE ESCRITÓRIO (ENCARGOS COMPLEMENTARES) - HORISTA","H","COEFICIENTE DE REPRESENTATIVIDADE",0.06,"I","SINAPI",2350,0.0041,"H","COEFICIENTE DE REPRESENTATIVIDADE",0.0041,14.8,0.06,"","","","","","","","","","","ENCARGOS COMPLEMENTARES REFERENCIAL"]
["SERVICOS DIVERSOS","SEDI","OUTROS",318,"","",95399,"CURSO DE CAPACITAÇÃO PARA DESENHISTA COPISTA (ENCARGOS COMPLEMENTARES) - HORISTA","H","COEFICIENTE DE REPRESENTATIVIDADE",0.06,"","SINAPI","","","","","","","",0.06,100,0,0,0,0,0,0,0,0,"ENCARGOS COMPLEMENTARES REFERENCIAL"]
["SERVICOS DIVERSOS","SEDI","OUTROS",318,"","",95399,"CURSO DE CAPACITAÇÃO PARA DESENHISTA COPISTA (ENCARGOS COMPLEMENTARES) - HORISTA","H","COEFICIENTE DE REPRESENTATIVIDADE",0.06,"I","SINAPI",2357,0.0041,"H","COEFICIENTE DE REPRESENTATIVIDADE",0.0041,15,0.06,"","","","","","","","","","","ENCARGOS COMPLEMENTARES REFERENCIAL"]
["SERVICOS DIVERSOS","SEDI","OUTROS",318,"","",95400,"CURSO DE CAPACITAÇÃO PARA DESENHISTA PROJETISTA (ENCARGOS COMPLEMENTARES) - HORISTA","H","COEFICIENTE DE REPRESENTATIVIDADE",0.11,"","SINAPI","","","","","","","",0.11,100,0,0,0,0,0,0,0,0,"ENCARGOS COMPLEMENTARES REFERENCIAL"]
["SERVICOS DIVERSOS","SEDI","OUTROS",318,"","",95400,"CURSO DE CAPACITAÇÃO PARA DESENHISTA PROJETISTA (ENCARGOS COMPLEMENTARES) - HORISTA","H","COEFICIENTE DE REPRESENTATIVIDADE",0.11,"I","SINAPI",2358,0.0041,"H","COEFICIENTE DE REPRESENTATIVIDADE",0.0041,27.3,0.11,"","","","","","","","","","","ENCARGOS COMPLEMENTARES REFERENCIAL"]
["SERVICOS DIVERSOS","SEDI","OUTROS",318,"","",95401,"CURSO DE CAPACITAÇÃO PARA ENCARREGADO GERAL (ENCARGOS COMPLEMENTARES) - HORISTA","H","COLETADO",0.42,"","SINAPI","","","","","","","",0.42,100,0,0,0,0,0,0,0,0,"ENCARGOS COMPLEMENTARES REFERENCIAL"]
["SERVICOS DIVERSOS","SEDI","OUTROS",318,"","",95401,"CURSO DE CAPACITAÇÃO PARA ENCARREGADO GERAL (ENCARGOS COMPLEMENTARES) - HORISTA","H","COLETADO",0.42,"I","SINAPI",4083,0.0171,"H","COLETADO",0.0171,25.01,0.42,"","","","","","","","","","","ENCARGOS COMPLEMENTARES REFERENCIAL"]
["SERVICOS DIVERSOS","SEDI","OUTROS",318,"","",95402,"CURSO DE CAPACITAÇÃO PARA ENGENHEIRO CIVIL DE OBRA JÚNIOR (ENCARGOS COMPLEMENTARES) - HORISTA","H","COLETADO",0.99,"","SINAPI","","","","","","","",0.99,100,0,0,0,0,0,0,0,0,"ENCARGOS COMPLEMENTARES REFERENCIAL"]
["SERVICOS DIVERSOS","SEDI","OUTROS",318,"","",95402,"CURSO DE CAPACITAÇÃO PARA ENGENHEIRO CIVIL DE OBRA JÚNIOR (ENCARGOS COMPLEMENTARES) - HORISTA","H","COLETADO",0.99,"I","SINAPI",2706,0.0119,"H","COLETADO",0.0119,83.45,0.99,"","","","","","","","","","","ENCARGOS COMPLEMENTARES REFERENCIAL"]
["SERVICOS DIVERSOS","SEDI","OUTROS",318,"","",95403,"CURSO DE CAPACITAÇÃO PARA ENGENHEIRO CIVIL DE OBRA PLENO (ENCARGOS COMPLEMENTARES) - HORISTA","H","COEFICIENTE DE REPRESENTATIVIDADE",1.25,"","SINAPI","","","","","","","",1.25,100,0,0,0,0,0,0,0,0,"ENCARGOS COMPLEMENTARES REFERENCIAL"]
["SERVICOS DIVERSOS","SEDI","OUTROS",318,"","",95403,"CURSO DE CAPACITAÇÃO PARA ENGENHEIRO CIVIL DE OBRA PLENO (ENCARGOS COMPLEMENTARES) - HORISTA","H","COEFICIENTE DE REPRESENTATIVIDADE",1.25,"I","SINAPI",2707,0.0119,"H","COEFICIENTE DE REPRESENTATIVIDADE",0.0119,105.09,1.25,"","","","","","","","","","","ENCARGOS COMPLEMENTARES REFERENCIAL"]
["SERVICOS DIVERSOS","SEDI","OUTROS",318,"","",95404,"CURSO DE CAPACITAÇÃO PARA ENGENHEIRO CIVIL DE OBRA SÊNIOR (ENCARGOS COMPLEMENTARES) - HORISTA","H","COEFICIENTE DE REPRESENTATIVIDADE",1.64,"","SINAPI","","","","","","","",1.64,100,0,0,0,0,0,0,0,0,"ENCARGOS COMPLEMENTARES REFERENCIAL"]
["SERVICOS DIVERSOS","SEDI","OUTROS",318,"","",95404,"CURSO DE CAPACITAÇÃO PARA ENGENHEIRO CIVIL DE OBRA SÊNIOR (ENCARGOS COMPLEMENTARES) - HORISTA","H","COEFICIENTE DE REPRESENTATIVIDADE",1.64,"I","SINAPI",2708,0.0119,"H","COEFICIENTE DE REPRESENTATIVIDADE",0.0119,138.06,1.64,"","","","","","","","","","","ENCARGOS COMPLEMENTARES REFERENCIAL"]
["SERVICOS DIVERSOS","SEDI","OUTROS",318,"","",95405,"CURSO DE CAPACITAÇÃO PARA MESTRE DE OBRAS (ENCARGOS COMPLEMENTARES) - HORISTA","H","COEFICIENTE DE REPRESENTATIVIDADE",0.71,"","SINAPI","","","","","","","",0.71,100,0,0,0,0,0,0,0,0,"ENCARGOS COMPLEMENTARES REFERENCIAL"]
["SERVICOS DIVERSOS","SEDI","OUTROS",318,"","",95405,"CURSO DE CAPACITAÇÃO PARA MESTRE DE OBRAS (ENCARGOS COMPLEMENTARES) - HORISTA","H","COEFICIENTE DE REPRESENTATIVIDADE",0.71,"I","SINAPI",4069,0.0171,"H","COEFICIENTE DE REPRESENTATIVIDADE",0.0171,41.67,0.71,"","","","","","","","","","","ENCARGOS COMPLEMENTARES REFERENCIAL"]
["SERVICOS DIVERSOS","SEDI","OUTROS",318,"","",95406,"CURSO DE CAPACITAÇÃO PARA TOPÓGRAFO (ENCARGOS COMPLEMENTARES) - HORISTA","H","COLETADO",0.19,"","SINAPI","","","","","","","",0.19,100,0,0,0,0,0,0,0,0,"ENCARGOS COMPLEMENTARES REFERENCIAL"]
["SERVICOS DIVERSOS","SEDI","OUTROS",318,"","",95406,"CURSO DE CAPACITAÇÃO PARA TOPÓGRAFO (ENCARGOS COMPLEMENTARES) - HORISTA","H","COLETADO",0.19,"I","SINAPI",7592,0.0067,"H","COLETADO",0.0067,29.21,0.19,"","","","","","","","","","","ENCARGOS COMPLEMENTARES REFERENCIAL"]
["SERVICOS DIVERSOS","SEDI","OUTROS",318,"","",95407,"CURSO DE CAPACITAÇÃO PARA ENGENHEIRO ELETRICISTA (ENCARGOS COMPLEMENTARES) - HORISTA","H","COEFICIENTE DE REPRESENTATIVIDADE",2.64,"","SINAPI","","","","","","","",2.64,100,0,0,0,0,0,0,0,0,"ENCARGOS COMPLEMENTARES REFERENCIAL"]
["SERVICOS DIVERSOS","SEDI","OUTROS",318,"","",95407,"CURSO DE CAPACITAÇÃO PARA ENGENHEIRO ELETRICISTA (ENCARGOS COMPLEMENTARES) - HORISTA","H","COEFICIENTE DE REPRESENTATIVIDADE",2.64,"I","SINAPI",34783,0.0275,"H","COEFICIENTE DE REPRESENTATIVIDADE",0.0275,96.36,2.64,"","","","","","","","","","","ENCARGOS COMPLEMENTARES REFERENCIAL"]
["SERVICOS DIVERSOS","SEDI","OUTROS",318,"","",95408,"CURSO DE CAPACITAÇÃO  PARA MOTORISTA DE CAMINHÃO (ENCARGOS COMPLEMENTARES) - MENSALISTA","MES","COEFICIENTE DE REPRESENTATIVIDADE",10.52,"","SINAPI","","","","","","","",10.52,100,0,0,0,0,0,0,0,0,"ENCARGOS COMPLEMENTARES REFERENCIAL"]
["SERVICOS DIVERSOS","SEDI","OUTROS",318,"","",95408,"CURSO DE CAPACITAÇÃO  PARA MOTORISTA DE CAMINHÃO (ENCARGOS COMPLEMENTARES) - MENSALISTA","MES","COEFICIENTE DE REPRESENTATIVIDADE",10.52,"I","SINAPI",10512,0.0031,"MES","COEFICIENTE DE REPRESENTATIVIDADE",0.0031,{"v":3396.59,"d":"3,396.59"},10.52,"","","","","","","","","","","ENCARGOS COMPLEMENTARES REFERENCIAL"]
["SERVICOS DIVERSOS","SEDI","OUTROS",318,"","",95409,"CURSO DE CAPACITAÇÃO PARA DESENHISTA DETALHISTA (ENCARGOS COMPLEMENTARES) - MENSALISTA","MES","COEFICIENTE DE REPRESENTATIVIDADE",9.91,"","SINAPI","","","","","","","",9.91,100,0,0,0,0,0,0,0,0,"ENCARGOS COMPLEMENTARES REFERENCIAL"]
["SERVICOS DIVERSOS","SEDI","OUTROS",318,"","",95409,"CURSO DE CAPACITAÇÃO PARA DESENHISTA DETALHISTA (ENCARGOS COMPLEMENTARES) - MENSALISTA","MES","COEFICIENTE DE REPRESENTATIVIDADE",9.91,"I","SINAPI",40805,0.0031,"MES","COEFICIENTE DE REPRESENTATIVIDADE",0.0031,{"v":3199.5,"d":"3,199.50"},9.91,"","","","","","","","","","","ENCARGOS COMPLEMENTARES REFERENCIAL"]
["SERVICOS DIVERSOS","SEDI","OUTROS",318,"","",95410,"CURSO DE CAPACITAÇÃO PARA DESENHISTA COPISTA (ENCARGOS COMPLEMENTARES) - MENSALISTA","MES","COEFICIENTE DE REPRESENTATIVIDADE",8.15,"","SINAPI","","","","","","","",8.15,100,0,0,0,0,0,0,0,0,"ENCARGOS COMPLEMENTARES REFERENCIAL"]
["SERVICOS DIVERSOS","SEDI","OUTROS",318,"","",95410,"CURSO DE CAPACITAÇÃO PARA DESENHISTA COPISTA (ENCARGOS COMPLEMENTARES) - MENSALISTA","MES","COEFICIENTE DE REPRESENTATIVIDADE",8.15,"I","SINAPI",40806,0.0031,"MES","COEFICIENTE DE REPRESENTATIVIDADE",0.0031,{"v":2630.67,"d":"2,630.67"},8.15,"","","","","","","","","","","ENCARGOS COMPLEMENTARES REFERENCIAL"]
["SERVICOS DIVERSOS","SEDI","OUTROS",318,"","",95411,"CURSO DE CAPACITAÇÃO PARA DESENHISTA PROJETISTA (ENCARGOS COMPLEMENTARES) - MENSALISTA","MES","COEFICIENTE DE REPRESENTATIVIDADE",14.82,"","SINAPI","","","","","","","",14.82,100,0,0,0,0,0,0,0,0,"ENCARGOS COMPLEMENTARES REFERENCIAL"]
["SERVICOS DIVERSOS","SEDI","OUTROS",318,"","",95411,"CURSO DE CAPACITAÇÃO PARA DESENHISTA PROJETISTA (ENCARGOS COMPLEMENTARES) - MENSALISTA","MES","COEFICIENTE DE REPRESENTATIVIDADE",14.82,"I","SINAPI",40807,0.0031,"MES","COEFICIENTE DE REPRESENTATIVIDADE",0.0031,{"v":4782.62,"d":"4,782.62"},14.82,"","","","","","","","","","","ENCARGOS COMPLEMENTARES REFERENCIAL"]
["SERVICOS DIVERSOS","SEDI","OUTROS",318,"","",95412,"CURSO DE CAPACITAÇÃO PARA AUXILIAR DE DESENHISTA (ENCARGOS COMPLEMENTARES) - MENSALISTA","MES","COEFICIENTE DE REPRESENTATIVIDADE",8.05,"","SINAPI","","","","","","","",8.05,100,0,0,0,0,0,0,0,0,"ENCARGOS COMPLEMENTARES REFERENCIAL"]
["SERVICOS DIVERSOS","SEDI","OUTROS",318,"","",95412,"CURSO DE CAPACITAÇÃO PARA AUXILIAR DE DESENHISTA (ENCARGOS COMPLEMENTARES) - MENSALISTA","MES","COEFICIENTE DE REPRESENTATIVIDADE",8.05,"I","SINAPI",40808,0.0031,"MES","COEFICIENTE DE REPRESENTATIVIDADE",0.0031,{"v":2598.1,"d":"2,598.10"},8.05,"","","","","","","","","","","ENCARGOS COMPLEMENTARES REFERENCIAL"]
["SERVICOS DIVERSOS","SEDI","OUTROS",318,"","",95413,"CURSO DE CAPACITAÇÃO PARA ALMOXARIFE (ENCARGOS COMPLEMENTARES) - MENSALISTA","MES","COEFICIENTE DE REPRESENTATIVIDADE",11.9,"","SINAPI","","","","","","","",11.9,100,0,0,0,0,0,0,0,0,"ENCARGOS COMPLEMENTARES REFERENCIAL"]
["SERVICOS DIVERSOS","SEDI","OUTROS",318,"","",95413,"CURSO DE CAPACITAÇÃO PARA ALMOXARIFE (ENCARGOS COMPLEMENTARES) - MENSALISTA","MES","COEFICIENTE DE REPRESENTATIVIDADE",11.9,"I","SINAPI",40809,0.0031,"MES","COEFICIENTE DE REPRESENTATIVIDADE",0.0031,{"v":3840.17,"d":"3,840.17"},11.9,"","","","","","","","","","","ENCARGOS COMPLEMENTARES REFERENCIAL"]
["SERVICOS DIVERSOS","SEDI","OUTROS",318,"","",95414,"CURSO DE CAPACITAÇÃO PARA APONTADOR OU APROPRIADOR (ENCARGOS COMPLEMENTARES) - MENSALISTA","MES","COEFICIENTE DE REPRESENTATIVIDADE",47.16,"","SINAPI","","","","","","","",47.16,100,0,0,0,0,0,0,0,0,"ENCARGOS COMPLEMENTARES REFERENCIAL"]
["SERVICOS DIVERSOS","SEDI","OUTROS",318,"","",95414,"CURSO DE CAPACITAÇÃO PARA APONTADOR OU APROPRIADOR (ENCARGOS COMPLEMENTARES) - MENSALISTA","MES","COEFICIENTE DE REPRESENTATIVIDADE",47.16,"I","SINAPI",40810,0.013,"MES","COEFICIENTE DE REPRESENTATIVIDADE",0.013,{"v":3628,"d":"3,628.00"},47.16,"","","","","","","","","","","ENCARGOS COMPLEMENTARES REFERENCIAL"]
["SERVICOS DIVERSOS","SEDI","OUTROS",318,"","",95415,"CURSO DE CAPACITAÇÃO PARA ENGENHEIRO CIVIL DE OBRA JÚNIOR (ENCARGOS COMPLEMENTARES) - MENSALISTA","MES","COEFICIENTE DE REPRESENTATIVIDADE",133.01,"","SINAPI","","","","","","","",133.01,100,0,0,0,0,0,0,0,0,"ENCARGOS COMPLEMENTARES REFERENCIAL"]
["SERVICOS DIVERSOS","SEDI","OUTROS",318,"","",95415,"CURSO DE CAPACITAÇÃO PARA ENGENHEIRO CIVIL DE OBRA JÚNIOR (ENCARGOS COMPLEMENTARES) - MENSALISTA","MES","COEFICIENTE DE REPRESENTATIVIDADE",133.01,"I","SINAPI",40811,0.0091,"MES","COEFICIENTE DE REPRESENTATIVIDADE",0.0091,{"v":14617.06,"d":"14,617.06"},133.01,"","","","","","","","","","","ENCARGOS COMPLEMENTARES REFERENCIAL"]
["SERVICOS DIVERSOS","SEDI","OUTROS",318,"","",95416,"CURSO DE CAPACITAÇÃO PARA AUXILIAR DE ESCRITÓRIO (ENCARGOS COMPLEMENTARES) - MENSALISTA","MES","COEFICIENTE DE REPRESENTATIVIDADE",8.04,"","SINAPI","","","","","","","",8.04,100,0,0,0,0,0,0,0,0,"ENCARGOS COMPLEMENTARES REFERENCIAL"]
["SERVICOS DIVERSOS","SEDI","OUTROS",318,"","",95416,"CURSO DE CAPACITAÇÃO PARA AUXILIAR DE ESCRITÓRIO (ENCARGOS COMPLEMENTARES) - MENSALISTA","MES","COEFICIENTE DE REPRESENTATIVIDADE",8.04,"I","SINAPI",40812,0.0031,"MES","COEFICIENTE DE REPRESENTATIVIDADE",0.0031,{"v":2595.73,"d":"2,595.73"},8.04,"","","","","","","","","","","ENCARGOS COMPLEMENTARES REFERENCIAL"]
["SERVICOS DIVERSOS","SEDI","OUTROS",318,"","",95417,"CURSO DE CAPACITAÇÃO PARA ENGENHEIRO CIVIL DE OBRA PLENO (ENCARGOS COMPLEMENTARES) - MENSALISTA","MES","COEFICIENTE DE REPRESENTATIVIDADE",167.52,"","SINAPI","","","","","","","",167.52,100,0,0,0,0,0,0,0,0,"ENCARGOS COMPLEMENTARES REFERENCIAL"]
["SERVICOS DIVERSOS","SEDI","OUTROS",318,"","",95417,"CURSO DE CAPACITAÇÃO PARA ENGENHEIRO CIVIL DE OBRA PLENO (ENCARGOS COMPLEMENTARES) - MENSALISTA","MES","COEFICIENTE DE REPRESENTATIVIDADE",167.52,"I","SINAPI",40813,0.0091,"MES","COEFICIENTE DE REPRESENTATIVIDADE",0.0091,{"v":18409.5,"d":"18,409.50"},167.52,"","","","","","","","","","","ENCARGOS COMPLEMENTARES REFERENCIAL"]
["SERVICOS DIVERSOS","SEDI","OUTROS",318,"","",95418,"CURSO DE CAPACITAÇÃO PARA ENGENHEIRO CIVIL DE OBRA SÊNIOR (ENCARGOS COMPLEMENTARES) - MENSALISTA","MES","COEFICIENTE DE REPRESENTATIVIDADE",220.06,"","SINAPI","","","","","","","",220.06,100,0,0,0,0,0,0,0,0,"ENCARGOS COMPLEMENTARES REFERENCIAL"]
["SERVICOS DIVERSOS","SEDI","OUTROS",318,"","",95418,"CURSO DE CAPACITAÇÃO PARA ENGENHEIRO CIVIL DE OBRA SÊNIOR (ENCARGOS COMPLEMENTARES) - MENSALISTA","MES","COEFICIENTE DE REPRESENTATIVIDADE",220.06,"I","SINAPI",40814,0.0091,"MES","COEFICIENTE DE REPRESENTATIVIDADE",0.0091,{"v":24183.28,"d":"24,183.28"},220.06,"","","","","","","","","","","ENCARGOS COMPLEMENTARES REFERENCIAL"]
["SERVICOS DIVERSOS","SEDI","OUTROS",318,"","",95419,"CURSO DE CAPACITAÇÃO PARA ARQUITETO JÚNIOR (ENCARGOS COMPLEMENTARES) - MENSALISTA","MES","COEFICIENTE DE REPRESENTATIVIDADE",70.45,"","SINAPI","","","","","","","",70.45,100,0,0,0,0,0,0,0,0,"ENCARGOS COMPLEMENTARES REFERENCIAL"]
["SERVICOS DIVERSOS","SEDI","OUTROS",318,"","",95419,"CURSO DE CAPACITAÇÃO PARA ARQUITETO JÚNIOR (ENCARGOS COMPLEMENTARES) - MENSALISTA","MES","COEFICIENTE DE REPRESENTATIVIDADE",70.45,"I","SINAPI",40815,0.0051,"MES","COEFICIENTE DE REPRESENTATIVIDADE",0.0051,{"v":13815.14,"d":"13,815.14"},70.45,"","","","","","","","","","","ENCARGOS COMPLEMENTARES REFERENCIAL"]
["SERVICOS DIVERSOS","SEDI","OUTROS",318,"","",95420,"CURSO DE CAPACITAÇÃO PARA ARQUITETO PLENO (ENCARGOS COMPLEMENTARES) - MENSALISTA","MES","COEFICIENTE DE REPRESENTATIVIDADE",80.85,"","SINAPI","","","","","","","",80.85,100,0,0,0,0,0,0,0,0,"ENCARGOS COMPLEMENTARES REFERENCIAL"]
["SERVICOS DIVERSOS","SEDI","OUTROS",318,"","",95420,"CURSO DE CAPACITAÇÃO PARA ARQUITETO PLENO (ENCARGOS COMPLEMENTARES) - MENSALISTA","MES","COEFICIENTE DE REPRESENTATIVIDADE",80.85,"I","SINAPI",40816,0.0051,"MES","COEFICIENTE DE REPRESENTATIVIDADE",0.0051,{"v":15853.24,"d":"15,853.24"},80.85,"","","","","","","","","","","ENCARGOS COMPLEMENTARES REFERENCIAL"]
["SERVICOS DIVERSOS","SEDI","OUTROS",318,"","",95421,"CURSO DE CAPACITAÇÃO PARA ARQUITETO SÊNIOR (ENCARGOS COMPLEMENTARES) - MENSALISTA","MES","COEFICIENTE DE REPRESENTATIVIDADE",95.78,"","SINAPI","","","","","","","",95.78,100,0,0,0,0,0,0,0,0,"ENCARGOS COMPLEMENTARES REFERENCIAL"]
["SERVICOS DIVERSOS","SEDI","OUTROS",318,"","",95421,"CURSO DE CAPACITAÇÃO PARA ARQUITETO SÊNIOR (ENCARGOS COMPLEMENTARES) - MENSALISTA","MES","COEFICIENTE DE REPRESENTATIVIDADE",95.78,"I","SINAPI",40817,0.0051,"MES","COEFICIENTE DE REPRESENTATIVIDADE",0.0051,{"v":18782.08,"d":"18,782.08"},95.78,"","","","","","","","","","","ENCARGOS COMPLEMENTARES REFERENCIAL"]
["SERVICOS DIVERSOS","SEDI","OUTROS",318,"","",95422,"CURSO DE CAPACITAÇÃO PARA ENCARREGADO GERAL DE OBRAS (ENCARGOS COMPLEMENTARES) - MENSALISTA","MES","COEFICIENTE DE REPRESENTATIVIDADE",56.96,"","SINAPI","","","","","","","",56.96,100,0,0,0,0,0,0,0,0,"ENCARGOS COMPLEMENTARES REFERENCIAL"]
["SERVICOS DIVERSOS","SEDI","OUTROS",318,"","",95422,"CURSO DE CAPACITAÇÃO PARA ENCARREGADO GERAL DE OBRAS (ENCARGOS COMPLEMENTARES) - MENSALISTA","MES","COEFICIENTE DE REPRESENTATIVIDADE",56.96,"I","SINAPI",40818,0.013,"MES","COEFICIENTE DE REPRESENTATIVIDADE",0.013,{"v":4381.68,"d":"4,381.68"},56.96,"","","","","","","","","","","ENCARGOS COMPLEMENTARES REFERENCIAL"]
["SERVICOS DIVERSOS","SEDI","OUTROS",318,"","",95423,"CURSO DE CAPACITAÇÃO PARA MESTRE DE OBRAS (ENCARGOS COMPLEMENTARES) - MENSALISTA","MES","COEFICIENTE DE REPRESENTATIVIDADE",94.93,"","SINAPI","","","","","","","",94.93,100,0,0,0,0,0,0,0,0,"ENCARGOS COMPLEMENTARES REFERENCIAL"]
["SERVICOS DIVERSOS","SEDI","OUTROS",318,"","",95423,"CURSO DE CAPACITAÇÃO PARA MESTRE DE OBRAS (ENCARGOS COMPLEMENTARES) - MENSALISTA","MES","COEFICIENTE DE REPRESENTATIVIDADE",94.93,"I","SINAPI",40819,0.013,"MES","COEFICIENTE DE REPRESENTATIVIDADE",0.013,{"v":7302.79,"d":"7,302.79"},94.93,"","","","","","","","","","","ENCARGOS COMPLEMENTARES REFERENCIAL"]
["SERVICOS DIVERSOS","SEDI","OUTROS",318,"","",95424,"CURSO DE CAPACITAÇÃO PARA TOPÓGRAFO (ENCARGOS COMPLEMENTARES) - MENSALISTA","MES","COEFICIENTE DE REPRESENTATIVIDADE",26.1,"","SINAPI","","","","","","","",26.1,100,0,0,0,0,0,0,0,0,"ENCARGOS COMPLEMENTARES REFERENCIAL"]
["SERVICOS DIVERSOS","SEDI","OUTROS",318,"","",95424,"CURSO DE CAPACITAÇÃO PARA TOPÓGRAFO (ENCARGOS COMPLEMENTARES) - MENSALISTA","MES","COEFICIENTE DE REPRESENTATIVIDADE",26.1,"I","SINAPI",40820,0.0051,"MES","COEFICIENTE DE REPRESENTATIVIDADE",0.0051,{"v":5117.69,"d":"5,117.69"},26.1,"","","","","","","","","","","ENCARGOS COMPLEMENTARES REFERENCIAL"]
[{"$nulls":19},{"$f":"SUM(T2052:T2058)","v":283.96}]

{"sheet":"MEMO","index":2,"n_rows":354,"n_cols":9,"rows_kept":354,"merged":[[0,1,0,8],[1,1,1,8],[2,2,2,8],[3,2,3,8]]}
[]
[null,"MEMÓRIA DE CÁLCULO"]
[null,"OBRA:","TROCA DE COBERTURA E REFORMA ELETRICA EMEF PEDRO NOLASCO"]
[null,"LOCAL:","JOÃO NEIVA/ES"]
[null,"CÓDIGO","DESCRIÇÃO SERVIÇO","UNID",{"$nulls":4},"QUANT.  "]
[null,"1.0",{"$f":"VLOOKUP(B6,GLOBAL!B:J,2,FALSE)","v":"ADMINISTRAÇÃO LOCAL"}]
[null,"1.1",{"$f":"VLOOKUP(B7,GLOBAL!B:J,2,FALSE)","v":"EQUIPE DE OBRA, INCLUINDO ENGENHEIRO JUNIOR, TECNICO DE SEGUNDO GRAU."},"UNID","C (m)","L (m)","H (m)","Qnt",{"$f":"SUM(I8:I9)","v":{"v":1,"d":"1.00"}}]
[null,null,"ADMINISTRAÇÃO LOCAL",{"$nulls":4},{"v":1,"d":"1.00"},{"v":1,"d":"1.00"}]
[]
[null,"2.0",{"$f":"VLOOKUP(B10,GLOBAL!B:J,2,FALSE)","v":"SERVIÇOS PRELIMINARES"}]
[null,"2.1",{"$f":"VLOOKUP(B11,GLOBAL!B:J,2,FALSE)","v":"REMOÇÃO DE TELHA ONDULADA DE FIBROCIMENTO, INCLUSIVE CUMEEIRA"},{"$f":"VLOOKUP(B11,GLOBAL!B:J,3,FALSE)","v":"M2"},"C (m)","L (m)","H (m)","Qnt",{"$f":"SUM(I12:I13)","v":{"v":856,"d":"856.00"}}]
[null,null,"Área de projeção da cobertura ",{"$nulls":4},{"v":856,"d":"856.00"},{"$f":"H12","v":{"v":856,"d":"856.00"}}]
[]
[]
[null,"2.2",{"$f":"VLOOKUP(B15,GLOBAL!B:J,2,FALSE)","v":"RETIRADA DE ESTRUTURA EM MADEIRA DO TELHADO"},{"$f":"VLOOKUP(B15,GLOBAL!B:J,3,FALSE)","v":"M2"},"C (m)","L (m)","H (m)","Qnt",{"$f":"SUM(I16:I17)","v":{"v":856,"d":"856.00"}}]
[null,null,"Área de projeção da cobertura ",{"$nulls":4},{"v":856,"d":"856.00"},{"$f":"H16","v":{"v":856,"d":"856.00"}}]
[]
[]
[null,"2.3",{"$f":"VLOOKUP(B19,GLOBAL!B:J,2,FALSE)","v":"DEMOLIÇÃO DE FORRO DE MADEIRA, SEM REAPROVEITAMENTO"},{"$f":"VLOOKUP(B19,GLOBAL!B:J,3,FALSE)","v":"M2"},"C (m)","L (m)","H (m)","Qnt",{"$f":"SUM(I20:I21)","v":{"v":278,"d":"278.00"}}]
[null,null,"Área do patio ",{"$nulls":4},{"v":278,"d":"278.00"},{"$f":"H20","v":{"v":278,"d":"278.00"}}]
[]
[]
[null,"2.4",{"$f":"VLOOKUP(B23,GLOBAL!B:J,2,FALSE)","v":"DEMOLIÇÃO MANUAL DE CONCRETO SIMPLES (EMOP 05.001.001)"},{"$f":"VLOOKUP(B23,GLOBAL!B:J,3,FALSE)","v":"M3"},"C (m)","L (m)","H (m)","Qnt",{"$f":"SUM(I24:I25)","v":{"v":4,"d":"4.00"}}]
[null,null,"Pontas de viga e laje e calha ",{"$nulls":4},{"v":4,"d":"4.00"},{"$f":"H24","v":{"v":4,"d":"4.00"}}]
[]
[]
[null,"2.5",{"$f":"VLOOKUP(B27,GLOBAL!B:J,2,FALSE)","v":"DEMOLIÇÃO DE ALVENARIA"},{"$f":"VLOOKUP(B27,GLOBAL!B:J,3,FALSE)","v":"M3"},"C (m)","L (m)","H (m)","Qnt",{"$f":"SUM(I28:I35)","v":{"v":17.558999999999997,"d":"17.56"}}]
[null,null,"Beiral da cobertura em torno da obra"]
[null,null,"Laterais primeira cobertura (area de trapezio)",null,8.15,0.15,{"v":1,"d":"1.00"},{"v":4,"d":"4.00"},{"$f":"((((G29+0.4)*E29)/2)*F29)*H29","v":{"v":3.423,"d":"3.42"}}]
[null,null,"Beiral interno primeiro telhado ",null,{"v":31.8,"d":"31.80"},0.15,{"v":0.4,"d":"0.40"},{"v":1,"d":"1.00"},{"$f":"E30*G30*F30","v":{"v":1.908,"d":"1.91"}}]
[null,null,"Laterais segunda cobertura (area de trapezio)",null,{"v":8.3,"d":"8.30"},0.15,{"v":1.2,"d":"1.20"},{"v":2,"d":"2.00"},{"$f":"((((G31+0.4)*E31)/2)*F31)*H31","v":{"v":1.992,"d":"1.99"}}]
[null,null,"Divisão entre as duas coberturas",null,{"v":37,"d":"37.00"},0.15,{"v":1.2,"d":"1.20"},{"v":1,"d":"1.00"},{"$f":"E32*F32*G32","v":{"v":6.659999999999999,"d":"6.66"}}]
[null,null,"Beiral frente ",null,{"v":22.6,"d":"22.60"},0.15,{"v":0.4,"d":"0.40"},{"v":1,"d":"1.00"},{"$f":"E33*F33*G33","v":{"v":1.356,"d":"1.36"}}]
[null,null,"Beiral fundos ",null,{"v":37,"d":"37.00"},0.15,{"v":0.4,"d":"0.40"},{"v":1,"d":"1.00"},{"$f":"E34*F34*G34","v":2.22}]
[]
[]
[null,"2.6",{"$f":"VLOOKUP(B37,GLOBAL!B:J,2,FALSE)","v":"RETIRADA DE PONTOS ELÉTRICOS (LUMINÁRIAS, INTERRUPTORES E TOMADAS)"},{"$f":"VLOOKUP(B37,GLOBAL!B:J,3,FALSE)","v":"UND"},"C (m)","L (m)","H (m)","Qnt",{"$f":"SUM(I38:I50)","v":{"v":126,"d":"126.00"}}]
[null,null,"Sala 5",{"$nulls":4},{"v":14,"d":"14.00"},{"$f":"H38","v":{"v":14,"d":"14.00"}}]
[null,null,"Sala 4",{"$nulls":4},{"v":8,"d":"8.00"},{"$f":"H39","v":{"v":8,"d":"8.00"}}]
[null,null,"Sala 3",{"$nulls":4},{"v":9,"d":"9.00"},{"v":9,"d":"9.00"}]
[null,null,"Sala 2",{"$nulls":4},{"v":10,"d":"10.00"},{"v":10,"d":"10.00"}]
[null,null,"Sala 1",{"$nulls":4},{"v":9,"d":"9.00"},{"v":9,"d":"9.00"}]
[null,null,"Biblioteca/ sala professor ",{"$nulls":4},{"v":18,"d":"18.00"},{"v":18,"d":"18.00"}]
[null,null,"Direção/secretaria",{"$nulls":4},{"v":15,"d":"15.00"},{"v":15,"d":"15.00"}]
[null,null,"Banheiro",{"$nulls":4},{"v":3,"d":"3.00"},{"v":3,"d":"3.00"}]
[null,null,"Cubículo ",{"$nulls":4},{"v":2,"d":"2.00"},{"v":2,"d":"2.00"}]
[null,null,"Banheiro",{"$nulls":4},{"v":5,"d":"5.00"},{"v":5,"d":"5.00"}]
[null,null,"Cozinha",{"$nulls":4},{"v":4,"d":"4.00"},{"v":4,"d":"4.00"}]
[null,null,"Patio",{"$nulls":4},{"v":29,"d":"29.00"},{"v":29,"d":"29.00"}]
[]
[]
[null,"2.7",{"$f":"VLOOKUP(B52,GLOBAL!B:J,2,FALSE)","v":"ÍNDICE DE PREÇO PARA REMOÇÃO DE ENTULHO DECORRENTE DA EXECUÇÃO DE OBRAS (CLASSE A CONAMA - NBR 10.004 - CLASSE II-B), INCLUINDO ALUGUEL DA CAÇAMBA, CARGA, TRANSPORTE E DESCARGA EM ÁREA LICENCIADA"},{"$f":"VLOOKUP(B52,GLOBAL!B:J,3,FALSE)","v":"M3"},"C (m)","L (m)","EMPOLAMENTO","Qnt",{"$f":"SUM(I53:I60)","v":{"v":23.476699999999997,"d":"23.48"}}]
[null,null,"Laterais primeira cobertura (area de trapezio)",{"$nulls":3},{"v":1.3,"d":"1.30"},{"v":3.423,"d":"3.42"},{"$f":"G53*H53","v":{"v":4.4499,"d":"4.45"}}]
[null,null,"Beiral interno primeiro telhado ",{"$nulls":3},{"v":1.3,"d":"1.30"},{"v":1.908,"d":"1.91"},{"$f":"G54*H54","v":{"v":2.4804,"d":"2.48"}}]
[null,null,"Laterais segunda cobertura (area de trapezio)",{"$nulls":3},{"v":1.3,"d":"1.30"},{"v":1.992,"d":"1.99"},{"v":2.5896,"d":"2.59"}]
[null,null,"Divisão entre as duas coberturas",{"$nulls":3},{"v":1.3,"d":"1.30"},{"v":6.659999999999999,"d":"6.66"},{"v":8.658,"d":"8.66"}]
[null,null,"Pontas de viga e laje ",{"$nulls":3},{"v":1.3,"d":"1.30"},{"v":0.5,"d":"0.50"},0.65]
[null,null,"Beiral frente ",{"$nulls":3},{"v":1.3,"d":"1.30"},{"v":1.356,"d":"1.36"},{"v":1.7628000000000001,"d":"1.76"}]
[null,null,"Beiral fundos ",{"$nulls":3},{"v":1.3,"d":"1.30"},2.22,{"v":2.8860000000000006,"d":"2.89"}]
[]
[]
[null,"2.8",{"$f":"VLOOKUP(B62,GLOBAL!B:J,2,FALSE)","v":"LOCAÇÃO DE ANDAIME METÁLICO PARA TRABALHO EM FACHADA DE EDIFÍCO (ALUGUEL DE 1 M² POR 1 MÊS) INCLUSIVE FRETE, MONTAGEM E DESMONTAGEM"},{"$f":"VLOOKUP(B62,GLOBAL!B:J,3,FALSE)","v":"M2"},"C (m)","L (m)","MÊS","Qnt",{"$f":"SUM(I63:I64)","v":{"v":420,"d":"420.00"}}]
[null,null,"Andaime para faxada ",{"$nulls":3},{"v":3,"d":"3.00"},{"v":140,"d":"140.00"},{"$f":"G63*H63","v":{"v":420,"d":"420.00"}}]
[]
[]
[null,"2.9",{"$f":"VLOOKUP(B66,GLOBAL!B:J,2,FALSE)","v":"ALUGUEL MENSAL CONTAINER PARA ALMOXARIFADO, INCL. PORTA, 2 JANELAS, 1 PT ILUMINAÇÃO, ISOLAMENTO TÉRMICO (TETO), PISO EM COMP. NAVAL PINTADO, CERT. NR18, INCL. LAUDO DESCONTAMINAÇÃO."},{"$f":"VLOOKUP(B66,GLOBAL!B:J,3,FALSE)","v":"MS"},"C (m)","L (m)","MÊS","Qnt",{"$f":"SUM(I67:I68)","v":{"v":3,"d":"3.00"}}]
[null,null,"Mês",{"$nulls":4},{"v":3,"d":"3.00"},{"$f":"H67","v":{"v":3,"d":"3.00"}}]
[]
[]
[null,"2.10",{"$f":"VLOOKUP(B70,GLOBAL!B:J,2,FALSE)","v":"ABERTURA E FECHAMENTO DE RASGOS EM ALVENARIA, PARA PASSAGEM DE ELETRODUTOS DIÂM. 1/2\" A 1\""},{"$f":"VLOOKUP(B70,GLOBAL!B:J,3,FALSE)","v":"M"},"C (m)","h (m)","H (m)","Qnt",{"$f":"SUM(I71:I72)","v":{"v":120,"d":"120.00"}}]
[null,null,"Para passagem de eletroduto",{"$nulls":4},{"v":120,"d":"120.00"},{"$f":"H71","v":{"v":120,"d":"120.00"}}]
[]
[null,"2.10","PLACA DE OBRA NAS DIMENSÕES DE 2.0X4.0 M, PADRÃO IOPES","M2","C (m)","h (m)","H (m)","Qnt",{"$f":"H74","v":{"v":8,"d":"8.00"}}]
[{"$nulls":4},{"v":4,"d":"4.00"},{"v":2,"d":"2.00"},null,{"$f":"E74*F74","v":{"v":8,"d":"8.00"}}]
[]
[null,"3.0",{"$f":"VLOOKUP(B76,GLOBAL!B:J,2,FALSE)","v":"PAREDES E PAINÉIS DA COBERTURA"}]
[null,"3.1.1",{"$f":"VLOOKUP(B77,GLOBAL!B:J,2,FALSE)","v":"ALVENARIA DE BLOCOS CERÂMICOS 10 FUROS 10X20X20CM, ASSENTADOS C/ARGAMASSA DE CIMENTO, CAL HIDRATADA CH1 E AREIA TRAÇO 1:0,5:8, JUNTAS 12MM E ESP. DAS PAREDES S/REVESTIMENTO, 10CM (BLOCO COMPRADO NA PRAÇA DE VITÓRIA, POSTO OBRA)"},{"$f":"VLOOKUP(B77,GLOBAL!B:J,3,FALSE)","v":"M2"},"C (m)","h (m)","H (m)","Qnt",{"$f":"SUM(I78:I84)","v":{"v":111.65500000000002,"d":"111.66"}}]
[null,null,"Laterais primeira cobertura (area de trapezio)",null,{"v":16.6,"d":"16.60"},{"v":0.2,"d":"0.20"},1.82,{"v":2,"d":"2.00"},{"$f":"(((F78+G78)*E78)/2)*H78","v":{"v":33.532000000000004,"d":"33.53"}}]
[null,null,"Beiral interno primeiro telhado ",null,{"v":31.8,"d":"31.80"},null,{"v":0.2,"d":"0.20"},{"v":1,"d":"1.00"},{"$f":"E79*G79","v":6.36}]
[null,null,"Laterais segunda cobertura (area de trapezio)",null,10.14,{"v":0.2,"d":"0.20"},1.25,{"v":2,"d":"2.00"},{"$f":"(((F80+G80)*E80)/2)*H80","v":{"v":14.703000000000001,"d":"14.70"}}]
[null,null,"Divisão entre as duas coberturas",null,{"v":37,"d":"37.00"},null,1.22,{"v":1,"d":"1.00"},{"$f":"E81*G81","v":45.14}]
[null,null,"Beiral frente ",null,{"v":22.6,"d":"22.60"},null,{"v":0.2,"d":"0.20"},{"v":1,"d":"1.00"},{"$f":"E82*G82","v":{"v":4.5200000000000005,"d":"4.52"}}]
[null,null,"Beiral fundos ",null,{"v":37,"d":"37.00"},null,{"v":0.2,"d":"0.20"},{"v":1,"d":"1.00"},{"$f":"E83*G83","v":{"v":7.4,"d":"7.40"}}]
[]
[]
[null,"3.2.1",{"$f":"VLOOKUP(B86,GLOBAL!B:J,2,FALSE)","v":"FORNECIMENTO E APLICAÇÃO DE CONCRETO USINADO FCK=30 MPA - CONSIDERANDO BOMBEAMENTO (5% DE PERDAS JÁ INCLUÍDO NO CUSTO) (6% DE TAXA P/ CONCR. BOMBEAVEL)"},{"$f":"VLOOKUP(B86,GLOBAL!B:J,3,FALSE)","v":"M3"},"C (m)","L (m)","H (m)","Qnt",{"$f":"SUM(I87:I93)","v":{"v":5.092640000000002,"d":"5.09"}}]
[null,null,"Laterais primeira cobertura (area de trapezio)",null,{"v":16.6,"d":"16.60"},0.14,{"v":0.2,"d":"0.20"},{"v":2,"d":"2.00"},{"$f":"(E87*F87*G87)*H87","v":{"v":0.9296000000000002,"d":"0.93"}}]
[null,null,"Beiral interno primeiro telhado ",null,{"v":31.8,"d":"31.80"},0.14,{"v":0.2,"d":"0.20"},{"v":1,"d":"1.00"},{"$f":"(E88*F88*G88)*H88","v":{"v":0.8904000000000002,"d":"0.89"}}]
[null,null,"Laterais segunda cobertura (area de trapezio)",null,10.14,0.14,{"v":0.2,"d":"0.20"},{"v":2,"d":"2.00"},{"v":0.5678400000000001,"d":"0.57"}]
[null,null,"Divisão entre as duas coberturas",null,{"v":37,"d":"37.00"},0.14,{"v":0.2,"d":"0.20"},{"v":1,"d":"1.00"},{"v":1.0360000000000003,"d":"1.04"}]
[null,null,"Beiral frente ",null,{"v":22.6,"d":"22.60"},0.14,{"v":0.2,"d":"0.20"},{"v":1,"d":"1.00"},{"v":0.6328000000000001,"d":"0.63"}]
[null,null,"Beiral fundos ",null,{"v":37,"d":"37.00"},0.14,{"v":0.2,"d":"0.20"},{"v":1,"d":"1.00"},{"v":1.0360000000000003,"d":"1.04"}]
[]
[]
[null,"3.2.2",{"$f":"VLOOKUP(B95,GLOBAL!B:J,2,FALSE)","v":"FORNECIMENTO, DOBRAGEM E COLOCAÇÃO EM FÔRMA, DE ARMADURA CA-50 A MÉDIA, DIÂMETRO DE 6.3 A 10.0 MM"},{"$f":"VLOOKUP(B95,GLOBAL!B:J,3,FALSE)","v":"KG"},"C (m)","gk/m ","φ","Qnt",{"$f":"SUM(I96:I102)","v":{"v":448.87984000000006,"d":"448.88"}}]
[null,null,"Laterais primeira cobertura (area de trapezio)",null,{"$f":"4*16.6","v":{"v":66.4,"d":"66.40"}},0.617,"10.0",{"v":2,"d":"2.00"},{"$f":"(E96*F96)*H96","v":{"v":81.9376,"d":"81.94"}}]
[null,null,"Beiral interno primeiro telhado ",null,{"$f":"4*31.8","v":{"v":127.2,"d":"127.20"}},0.617,"10.0",{"v":1,"d":"1.00"},{"$f":"(E97*F97)*H97","v":{"v":78.4824,"d":"78.48"}}]
[null,null,"Laterais segunda cobertura (area de trapezio)",null,{"$f":"4*10.14","v":40.56},0.617,"10.0",{"v":2,"d":"2.00"},{"v":50.05104,"d":"50.05"}]
[null,null,"Divisão entre as duas coberturas",null,{"$f":"4*37","v":{"v":148,"d":"148.00"}},0.617,"10.0",{"v":1,"d":"1.00"},{"v":91.316,"d":"91.32"}]
[null,null,"Beiral frente ",null,{"$f":"4*22.6","v":{"v":90.4,"d":"90.40"}},0.617,"10.0",{"v":1,"d":"1.00"},{"v":55.7768,"d":"55.78"}]
[null,null,"Beiral fundos ",null,{"$f":"4*37","v":{"v":148,"d":"148.00"}},0.617,"10.0",{"v":1,"d":"1.00"},{"v":91.316,"d":"91.32"}]
[]
[]
[null,"3.2.3",{"$f":"VLOOKUP(B104,GLOBAL!B:J,2,FALSE)","v":"FORNECIMENTO, DOBRAGEM E COLOCAÇÃO EM FÔRMA, DE ARMADURA CA-60 B FINA, DIÂMETRO DE 4.0 A 7.0MM"},{"$f":"VLOOKUP(B104,GLOBAL!B:J,3,FALSE)","v":"KG"},"C (m)","gk/m ","φ","Qnt",{"$f":"SUM(I105:I111)","v":{"v":560.1904000000001,"d":"560.19"}}]
[null,null,"Laterais primeira cobertura (area de trapezio)",null,{"v":332.00000000000006,"d":"332.00"},0.154,"5.0",{"v":2,"d":"2.00"},{"$f":"(E105*F105)*H105","v":{"v":102.25600000000001,"d":"102.26"}}]
[null,null,"Beiral interno primeiro telhado ",null,{"v":636,"d":"636.00"},0.154,"5.0",{"v":1,"d":"1.00"},{"$f":"(E106*F106)*H106","v":{"v":97.944,"d":"97.94"}}]
[null,null,"Laterais segunda cobertura (area de trapezio)",null,{"v":202.8,"d":"202.80"},0.154,"5.0",{"v":2,"d":"2.00"},{"v":62.4624,"d":"62.46"}]
[null,null,"Divisão entre as duas coberturas",null,{"v":740,"d":"740.00"},0.154,"5.0",{"v":1,"d":"1.00"},113.96]
[null,null,"Beiral frente ",null,{"v":452.00000000000006,"d":"452.00"},0.154,"5.0",{"v":1,"d":"1.00"},{"v":69.608,"d":"69.61"}]
[null,null,"Beiral fundos ",null,{"v":740,"d":"740.00"},0.154,"5.0",{"v":1,"d":"1.00"},113.96]
[]
[]
[null,"3.2.4",{"$f":"VLOOKUP(B113,GLOBAL!B:J,2,FALSE)","v":"FÔRMA DE TÁBUA DE MADEIRA DE 2.5X30.0CM, LEVANDO-SE EM CONTA UTILIZAÇÃO 3 VEZES (INCLUINDO O MATERIAL, CORTE, MONTAGEM, ESCORAMENTO E DESFORMA)"},{"$f":"VLOOKUP(B113,GLOBAL!B:J,3,FALSE)","v":"M2"},"C (m)","L (m)","H (m)","Qnt",{"$f":"SUM(I114:I120)","v":{"v":72.75200000000001,"d":"72.75"}}]
[null,null,"Laterais primeira cobertura (area de trapezio)",null,{"v":16.6,"d":"16.60"},0.14,{"v":0.2,"d":"0.20"},{"v":2,"d":"2.00"},{"$f":"((G114*2)*E114)*H114","v":{"v":13.280000000000001,"d":"13.28"}}]
[null,null,"Beiral interno primeiro telhado ",null,{"v":31.8,"d":"31.80"},0.14,{"v":0.2,"d":"0.20"},{"v":1,"d":"1.00"},{"$f":"((G115*2)*E115)*H115","v":12.72}]
[null,null,"Laterais segunda cobertura (area de trapezio)",null,10.14,0.14,{"v":0.2,"d":"0.20"},{"v":2,"d":"2.00"},{"v":8.112,"d":"8.11"}]
[null,null,"Divisão entre as duas coberturas",null,{"v":37,"d":"37.00"},0.14,{"v":0.2,"d":"0.20"},{"v":1,"d":"1.00"},{"v":14.8,"d":"14.80"}]
[null,null,"Beiral frente ",null,{"v":22.6,"d":"22.60"},0.14,{"v":0.2,"d":"0.20"},{"v":1,"d":"1.00"},{"v":9.040000000000001,"d":"9.04"}]
[null,null,"Beiral fundos ",null,{"v":37,"d":"37.00"},0.14,{"v":0.2,"d":"0.20"},{"v":1,"d":"1.00"},{"v":14.8,"d":"14.80"}]
[]
[]
[null,"3.3.1",{"$f":"VLOOKUP(B122,GLOBAL!B:J,2,FALSE)","v":"IMPERMEABILIZAÇÃO NAS SEGUINTES ETAPAS: CHAPISCO TRAÇO 1:2 C/ SIKA 1 OU EQUIVALENTE, REVEST. DUPLO C/ ARGAMASSA DE CIMENTO E AREIA TRAÇO 1:3 C/ SIKA 1 OU EQUIVALENTE, EM 2X15 MM E ACAB. ARGAMASSA 1:1"},{"$f":"VLOOKUP(B122,GLOBAL!B:J,3,FALSE)","v":"M2"},"C (m)","L (m)","H (m)","Qnt",{"$f":"SUM(I123:I129)","v":{"v":216.95000000000002,"d":"216.95"}}]
[null,null,"Laterais primeira cobertura (area de trapezio)",null,{"v":16.6,"d":"16.60"},{"v":0.2,"d":"0.20"},1.82,{"v":4,"d":"4.00"},{"$f":"(((F123+G123)*E123)/2)*H123","v":{"v":67.06400000000001,"d":"67.06"}}]
[null,null,"Beiral interno primeiro telhado ",null,{"v":31.8,"d":"31.80"},null,{"v":0.2,"d":"0.20"},{"v":2,"d":"2.00"},{"$f":"E124*G124","v":6.36}]
[null,null,"Laterais segunda cobertura (area de trapezio)",null,10.14,{"v":0.2,"d":"0.20"},1.25,{"v":4,"d":"4.00"},{"$f":"(((F125+G125)*E125)/2)*H125","v":{"v":29.406000000000002,"d":"29.41"}}]
[null,null,"Divisão entre as duas coberturas",null,{"v":37,"d":"37.00"},null,1.22,{"v":2,"d":"2.00"},{"$f":"(E126*G126)*H126","v":90.28}]
[null,null,"Beiral frente ",null,{"v":22.6,"d":"22.60"},null,{"v":0.2,"d":"0.20"},{"v":2,"d":"2.00"},{"$f":"(E127*G127)*H127","v":{"v":9.040000000000001,"d":"9.04"}}]
[null,null,"Beiral fundos ",null,{"v":37,"d":"37.00"},null,{"v":0.2,"d":"0.20"},{"v":2,"d":"2.00"},{"v":14.8,"d":"14.80"}]
[]
[]
[null,"3.3.2",{"$f":"VLOOKUP(B131,GLOBAL!B:J,2,FALSE)","v":"CHAPISCO DE ARGAMASSA DE CIMENTO E AREIA MÉDIA OU GROSSA LAVADA, NO TRAÇO 1:3, ESPESSURA 5 MM"},{"$f":"VLOOKUP(B131,GLOBAL!B:J,3,FALSE)","v":"M2"},"C (m)","L (m)","H (m)","Qnt",{"$f":"SUM(I132:I138)","v":{"v":216.95000000000002,"d":"216.95"}}]
[null,null,"Laterais primeira cobertura (area de trapezio)",null,{"v":16.6,"d":"16.60"},{"v":0.2,"d":"0.20"},1.82,{"v":4,"d":"4.00"},{"$f":"(((F132+G132)*E132)/2)*H132","v":{"v":67.06400000000001,"d":"67.06"}}]
[null,null,"Beiral interno primeiro telhado ",null,{"v":31.8,"d":"31.80"},null,{"v":0.2,"d":"0.20"},{"v":2,"d":"2.00"},{"$f":"E133*G133","v":6.36}]
[null,null,"Laterais segunda cobertura (area de trapezio)",null,10.14,{"v":0.2,"d":"0.20"},1.25,{"v":4,"d":"4.00"},{"$f":"(((F134+G134)*E134)/2)*H134","v":{"v":29.406000000000002,"d":"29.41"}}]
[null,null,"Divisão entre as duas coberturas",null,{"v":37,"d":"37.00"},null,1.22,{"v":2,"d":"2.00"},{"$f":"(E135*G135)*H135","v":90.28}]
[null,null,"Beiral frente ",null,{"v":22.6,"d":"22.60"},null,{"v":0.2,"d":"0.20"},{"v":2,"d":"2.00"},{"$f":"(E136*G136)*H136","v":{"v":9.040000000000001,"d":"9.04"}}]
[null,null,"Beiral fundos ",null,{"v":37,"d":"37.00"},null,{"v":0.2,"d":"0.20"},{"v":2,"d":"2.00"},{"v":14.8,"d":"14.80"}]
[]
[]
[null,"3.3.3",{"$f":"VLOOKUP(B140,GLOBAL!B:J,2,FALSE)","v":"REBOCO TIPO PAULISTA DE ARGAMASSA DE CIMENTO, CAL HIDRATADA CH1 E AREIA MÉDIA OU GROSSA LAVADA NO TRAÇO 1:0.5:6, ESPESSURA 25 MM"},{"$f":"VLOOKUP(B140,GLOBAL!B:J,3,FALSE)","v":"M2"},"C (m)","L (m)","H (m)","Qnt",{"$f":"SUM(I141:I147)","v":{"v":216.95000000000002,"d":"216.95"}}]
[null,null,"Laterais primeira cobertura (area de trapezio)",null,{"v":16.6,"d":"16.60"},{"v":0.2,"d":"0.20"},1.82,{"v":4,"d":"4.00"},{"$f":"(((F141+G141)*E141)/2)*H141","v":{"v":67.06400000000001,"d":"67.06"}}]
[null,null,"Beiral interno primeiro telhado ",null,{"v":31.8,"d":"31.80"},null,{"v":0.2,"d":"0.20"},{"v":2,"d":"2.00"},{"$f":"E142*G142","v":6.36}]
[null,null,"Laterais segunda cobertura (area de trapezio)",null,10.14,{"v":0.2,"d":"0.20"},1.25,{"v":4,"d":"4.00"},{"$f":"(((F143+G143)*E143)/2)*H143","v":{"v":29.406000000000002,"d":"29.41"}}]
[null,null,"Divisão entre as duas coberturas",null,{"v":37,"d":"37.00"},null,1.22,{"v":2,"d":"2.00"},{"$f":"(E144*G144)*H144","v":90.28}]
[null,null,"Beiral frente ",null,{"v":22.6,"d":"22.60"},null,{"v":0.2,"d":"0.20"},{"v":2,"d":"2.00"},{"$f":"(E145*G145)*H145","v":{"v":9.040000000000001,"d":"9.04"}}]
[null,null,"Beiral fundos ",null,{"v":37,"d":"37.00"},null,{"v":0.2,"d":"0.20"},{"v":2,"d":"2.00"},{"v":14.8,"d":"14.80"}]
[]
[]
[null,"3.4.1",{"$f":"VLOOKUP(B149,GLOBAL!B:J,2,FALSE)","v":"PINTURA COM TINTA ACRÍLICA SUVINIL, CORAL OU METALATEX, INCLUSIVE SELADOR ACRÍLICO, EM PAREDES EXTERNAS A TRÊS DEMÃOS"},{"$f":"VLOOKUP(B149,GLOBAL!B:J,3,FALSE)","v":"M2"},"C (m)","L (m)","H (m)","Qnt",{"$f":"SUM(I150:I156)","v":{"v":111.65500000000002,"d":"111.66"}}]
[null,null,"Laterais primeira cobertura (area de trapezio)",null,{"v":16.6,"d":"16.60"},{"v":0.2,"d":"0.20"},1.82,{"v":2,"d":"2.00"},{"$f":"(((F150+G150)*E150)/2)*H150","v":{"v":33.532000000000004,"d":"33.53"}}]
[null,null,"Beiral interno primeiro telhado ",null,{"v":31.8,"d":"31.80"},null,{"v":0.2,"d":"0.20"},{"v":1,"d":"1.00"},{"$f":"E151*G151","v":6.36}]
[null,null,"Laterais segunda cobertura (area de trapezio)",null,10.14,{"v":0.2,"d":"0.20"},1.25,{"v":2,"d":"2.00"},{"$f":"(((F152+G152)*E152)/2)*H152","v":{"v":14.703000000000001,"d":"14.70"}}]
[null,null,"Divisão entre as duas coberturas",null,{"v":37,"d":"37.00"},null,1.22,{"v":1,"d":"1.00"},{"$f":"(E153*G153)*H153","v":45.14}]
[null,null,"Beiral frente ",null,{"v":22.6,"d":"22.60"},null,{"v":0.2,"d":"0.20"},{"v":1,"d":"1.00"},{"$f":"(E154*G154)*H154","v":{"v":4.5200000000000005,"d":"4.52"}}]
[null,null,"Beiral fundos ",null,{"v":37,"d":"37.00"},null,{"v":0.2,"d":"0.20"},{"v":1,"d":"1.00"},{"v":7.4,"d":"7.40"}]
[]
[null,"4.0",{"$f":"VLOOKUP(B157,GLOBAL!B:J,2,FALSE)","v":"COBERTURA"}]
[null,"4.1",{"$f":"VLOOKUP(B158,GLOBAL!B:J,2,FALSE)","v":"ESTRUTURA METALICA EM TESOURAS OU TRELICAS, VAO LIVRE DE 12M, FORNECIMENTO E MONTAGEM, NAO SENDO CONSIDERADOS OS FECHAMENTOS METALICOS, AS COLUNAS, OS SERVICOS GERAIS EM ALVENARIA E CONCRETO, AS TELHAS DE COBERTURA E A PINTURA DE ACABAMENTO"},{"$f":"VLOOKUP(B158,GLOBAL!B:J,3,FALSE)","v":"M2"},"C (m)","L (m)","H (m)","Qnt",{"$f":"SUM(I159:I160)","v":{"v":1023.1875,"d":"1023.19"}}]
[null,null,"Projeção da nova cobertura ",null,38.25,26.75,null,null,{"$f":"E159*F159","v":{"v":1023.1875,"d":"1,023.19"}}]
[]
[]
[null,"4.2",{"$f":"VLOOKUP(B162,GLOBAL!B:J,2,FALSE)","v":"ISOLAMENTO TERMOACÚSTICO COM LÃ MINERAL NA SUBCOBERTURA, INCLUSO TRANSPORTE VERTICAL. AF_06/2016"},{"$f":"VLOOKUP(B162,GLOBAL!B:J,3,FALSE)","v":"M2"},"C (m)","L (m)","H (m)","Qnt",{"$f":"SUM(I163:I164)","v":{"v":1023.1875,"d":"1023.19"}}]
[null,null,"Projeção da nova cobertura ",null,38.25,26.75,null,null,{"$f":"E163*F163","v":{"v":1023.1875,"d":"1,023.19"}}]
[]
[]
[null,"4.3",{"$f":"VLOOKUP(B166,GLOBAL!B:J,2,FALSE)","v":"TELHAMENTO COM TELHA DE AÇO/ALUMÍNIO E = 0,5 MM, COM ATÉ 2 ÁGUAS, INCLUSO IÇAMENTO. AF_06/2016"},{"$f":"VLOOKUP(B166,GLOBAL!B:J,3,FALSE)","v":"M2"},"C (m)","L (m)","H (m)","Qnt",{"$f":"SUM(I167:I168)","v":{"v":1023.1875,"d":"1023.19"}}]
[null,null,"Projeção da nova cobertura ",null,38.25,26.75,null,{"v":1,"d":"1.00"},{"$f":"E167*F167","v":{"v":1023.1875,"d":"1,023.19"}}]
[]
[]
[null,"4.4",{"$f":"VLOOKUP(B170,GLOBAL!B:J,2,FALSE)","v":"CALHA EM CHAPA DE AÇO GALVANIZADO NÚMERO 24, DESENVOLVIMENTO DE 33 CM, INCLUSO TRANSPORTE VERTICAL. AF_06/2016"},{"$f":"VLOOKUP(B170,GLOBAL!B:J,3,FALSE)","v":"M"},"C (m)","L (m)","H (m)","Qnt",{"$f":"SUM(I171:I175)","v":78.39}]
[null,null,"Frente ",{"$nulls":4},{"v":13,"d":"13.00"},{"$f":"H171","v":{"v":13,"d":"13.00"}}]
[{"$nulls":7},13.18,{"$f":"H172","v":13.18}]
[{"$nulls":7},{"v":13.5,"d":"13.50"},{"v":13.5,"d":"13.50"}]
[null,null,"Fundos",{"$nulls":4},38.71,{"$f":"H174","v":38.71}]
[]
[]
[null,"4.5",{"$f":"VLOOKUP(B177,GLOBAL!B:J,2,FALSE)","v":"CUMEEIRA EM PERFIL ONDULADO DE ALUMÍNIO"},{"$f":"VLOOKUP(B177,GLOBAL!B:J,3,FALSE)","v":"M"},"C (m)","L (m)","H (m)","Qnt",{"$f":"SUM(I178:I179)","v":38.25}]
[null,null,"Projeção da nova cobertura ",{"$nulls":4},38.25,{"$f":"H178","v":38.25}]
[]
[]
[null,"4.6",{"$f":"VLOOKUP(B181,GLOBAL!B:J,2,FALSE)","v":"TUBO PVC, SÉRIE R, ÁGUA PLUVIAL, DN 100 MM, FORNECIDO E INSTALADO EM RAMAL DE ENCAMINHAMENTO. AF_12/2014"},{"$f":"VLOOKUP(B181,GLOBAL!B:J,3,FALSE)","v":"M"},"C (m)","L (m)","H (m)","Qnt",{"$f":"SUM(I182:I183)","v":{"v":22.4,"d":"22.40"}}]
[null,null,"Descidas das calhas ",{"$nulls":3},{"v":2.8,"d":"2.80"},{"v":8,"d":"8.00"},{"$f":"G182*H182","v":{"v":22.4,"d":"22.40"}}]
[]
[]
[null,"4.7",{"$f":"VLOOKUP(B185,GLOBAL!B:J,2,FALSE)","v":"FORRO PVC BRANCO L = 20 CM, FRISADO, COLOCADO"},{"$f":"VLOOKUP(B185,GLOBAL!B:J,3,FALSE)","v":"M2"},"C (m)","L (m)","H (m)","Qnt",{"$f":"SUM(I186:I187)","v":{"v":278,"d":"278.00"}}]
[null,null,"Área do patio ",{"$nulls":4},{"v":278,"d":"278.00"},{"$f":"H186","v":{"v":278,"d":"278.00"}}]
[]
[]
[null,"4.8",{"$f":"VLOOKUP(B189,GLOBAL!B:J,2,FALSE)","v":"PINTURA ANTI CORROSIVA, PARA ESTRUTURA METALICA DE COBERTURA, COM TELHAS DE AÇO. "},{"$f":"VLOOKUP(B189,GLOBAL!B:J,3,FALSE)","v":"UND"},"C (m)","L (m)","H (m)","Qnt",{"$f":"SUM(I190:I191)","v":{"v":1023.1875,"d":"1023.19"}}]
[null,null,"Projeção da nova cobertura ",null,38.25,26.75,null,null,{"$f":"E190*F190","v":{"v":1023.1875,"d":"1,023.19"}}]
[]
[null,"5.0",{"$f":"VLOOKUP(B192,GLOBAL!B:J,2,FALSE)","v":"INSTALAÇÕES ELÉTRICAS"}]
[null,"5.1.1",{"$f":"VLOOKUP(B193,GLOBAL!B:J,2,FALSE)","v":"CAIXA DE EMBUTIR MARCA DE REFERÊNCIA TIGREFLEX, 4X2\""},{"$f":"VLOOKUP(B193,GLOBAL!B:J,3,FALSE)","v":"UND"},"C (m)","L (m)","H (m)","Qnt",{"$f":"SUM(I194:I195)","v":{"v":104,"d":"104.00"}}]
[null,null,"Retirado do projeto final ",{"$nulls":4},{"v":104,"d":"104.00"},{"$f":"H194","v":{"v":104,"d":"104.00"}}]
[]
[]
[null,"5.1.2",{"$f":"VLOOKUP(B197,GLOBAL!B:J,2,FALSE)","v":"CAIXA SEXTAVADA EM PVC DE 3X3X1 1/2\", MARCA DE REFERÊNCIA TIGREFLEX"},{"$f":"VLOOKUP(B197,GLOBAL!B:J,3,FALSE)","v":"UND"},"C (m)","L (m)","H (m)","Qnt",{"$f":"SUM(I198:I199)","v":{"v":120,"d":"120.00"}}]
[null,null,"Retirado do projeto final ",{"$nulls":4},{"v":120,"d":"120.00"},{"$f":"H198","v":{"v":120,"d":"120.00"}}]
[]
[]
[null,"5.1.2.1",{"$f":"VLOOKUP(B201,GLOBAL!B:J,2,FALSE)","v":"CABO DE COBRE TERMOPLÁSTICO, COM ISOLAMENTO PARA 1000V, SEÇÃO DE 35.0 MM2"},{"$f":"VLOOKUP(B201,GLOBAL!B:J,3,FALSE)","v":"M"},"C (m)","L (m)","H (m)","Qnt",{"$f":"SUM(I202:I203)","v":{"v":170,"d":"170.00"}}]
[null,null,"Retirado do projeto final ",{"$nulls":4},{"v":170,"d":"170.00"},{"$f":"H202","v":{"v":170,"d":"170.00"}}]
[]
[]
[null,"5.1.2.2",{"$f":"VLOOKUP(B205,GLOBAL!B:J,2,FALSE)","v":"CABO DE COBRE TERMOPLÁSTICO, COM ISOLAMENTO PARA 1000V, SEÇÃO DE 70,0MM2"},{"$f":"VLOOKUP(B205,GLOBAL!B:J,3,FALSE)","v":"M"},"C (m)","L (m)","H (m)","Qnt",{"$f":"SUM(I206:I207)","v":{"v":40,"d":"40.00"}}]
[null,null,"Retirado do projeto final ",{"$nulls":4},{"v":40,"d":"40.00"},{"$f":"H206","v":{"v":40,"d":"40.00"}}]
[]
[]
[null,"5.1.2.3",{"$f":"VLOOKUP(B209,GLOBAL!B:J,2,FALSE)","v":"FIO OU CABO DE COBRE TERMOPLÁSTICO, COM ISOLAMENTO PARA 750V, SEÇÃO DE 16.0 MM2"},{"$f":"VLOOKUP(B209,GLOBAL!B:J,3,FALSE)","v":"M"},"C (m)","L (m)","H (m)","Qnt",{"$f":"SUM(I210:I211)","v":{"v":133.4,"d":"133.40"}}]
[null,null,"Retirado do projeto final ",{"$nulls":4},{"v":133.4,"d":"133.40"},{"$f":"H210","v":{"v":133.4,"d":"133.40"}}]
[]
[]
[null,"5.1.2.4",{"$f":"VLOOKUP(B213,GLOBAL!B:J,2,FALSE)","v":"FIO OU CABO DE COBRE TERMOPLÁSTICO, COM ISOLAMENTO PARA 750V, SEÇÃO DE 10.0 MM2"},{"$f":"VLOOKUP(B213,GLOBAL!B:J,3,FALSE)","v":"M"},"C (m)","L (m)","H (m)","Qnt",{"$f":"SUM(I214:I215)","v":{"v":52.4,"d":"52.40"}}]
[null,null,"Retirado do projeto final ",{"$nulls":4},{"v":52.4,"d":"52.40"},{"$f":"H214","v":{"v":52.4,"d":"52.40"}}]
[]
[]
[null,"5.1.2.5",{"$f":"VLOOKUP(B217,GLOBAL!B:J,2,FALSE)","v":"FIO DE COBRE TERMOPLÁSTICO, COM ISOLAMENTO PARA 750V, SEÇÃO DE 2.5 MM2"},{"$f":"VLOOKUP(B217,GLOBAL!B:J,3,FALSE)","v":"M"},"C (m)","L (m)","H (m)","Qnt",{"$f":"SUM(I218:I219)","v":{"v":614,"d":"614.00"}}]
[null,null,"Retirado do projeto final ",{"$nulls":4},{"v":614,"d":"614.00"},{"$f":"H218","v":{"v":614,"d":"614.00"}}]
[]
[]
[null,"5.1.2.6",{"$f":"VLOOKUP(B221,GLOBAL!B:J,2,FALSE)","v":"FIO OU CABO DE COBRE TERMOPLÁSTICO, COM ISOLAMENTO PARA 750V, SEÇÃO DE 4.0 MM2"},{"$f":"VLOOKUP(B221,GLOBAL!B:J,3,FALSE)","v":"M"},"C (m)","L (m)","H (m)","Qnt",{"$f":"SUM(I222:I223)","v":{"v":1704,"d":"1704.00"}}]
[null,null,"Retirado do projeto final ",{"$nulls":4},{"v":1704,"d":"1,704.00"},{"$f":"H222","v":{"v":1704,"d":"1,704.00"}}]
[]
[]
[null,"5.1.2.7",{"$f":"VLOOKUP(B225,GLOBAL!B:J,2,FALSE)","v":"FIO OU CABO DE COBRE TERMOPLÁSTICO, COM ISOLAMENTO PARA 750V, SEÇÃO DE 6.0 MM2"},{"$f":"VLOOKUP(B225,GLOBAL!B:J,3,FALSE)","v":"M"},"C (m)","L (m)","H (m)","Qnt",{"$f":"SUM(I226:I227)","v":{"v":1138,"d":"1138.00"}}]
[null,null,"Retirado do projeto final ",{"$nulls":4},{"v":1138,"d":"1,138.00"},{"$f":"H226","v":{"v":1138,"d":"1,138.00"}}]
[]
[]
[null,"5.1.3.1",{"$f":"VLOOKUP(B229,GLOBAL!B:J,2,FALSE)","v":"INTERRUPTOR DE UMA TECLA PARALELO 10A/250V, COM PLACA 4X2\""},{"$f":"VLOOKUP(B229,GLOBAL!B:J,3,FALSE)","v":"UND"},"C (m)","L (m)","H (m)","Qnt",{"$f":"SUM(I230:I231)","v":{"v":3,"d":"3.00"}}]
[null,null,"Retirado do projeto final ",{"$nulls":4},{"v":3,"d":"3.00"},{"$f":"H230","v":{"v":3,"d":"3.00"}}]
[]
[]
[null,"5.1.3.2",{"$f":"VLOOKUP(B233,GLOBAL!B:J,2,FALSE)","v":"INTERRUPTOR DE DUAS TECLAS SIMPLES 10A/250V, COM PLACA 4X2\""},{"$f":"VLOOKUP(B233,GLOBAL!B:J,3,FALSE)","v":"UND"},"C (m)","L (m)","H (m)","Qnt",{"$f":"SUM(I234:I235)","v":{"v":2,"d":"2.00"}}]
[null,null,"Retirado do projeto final ",{"$nulls":4},{"v":2,"d":"2.00"},{"$f":"H234","v":{"v":2,"d":"2.00"}}]
[]
[]
[null,"5.1.3.3",{"$f":"VLOOKUP(B237,GLOBAL!B:J,2,FALSE)","v":"INTERRUPTOR DE TRÊS TECLAS SIMPLES 10A/250V, C/ PLACA 4X2\""},{"$f":"VLOOKUP(B237,GLOBAL!B:J,3,FALSE)","v":"UND"},"C (m)","L (m)","H (m)","Qnt",{"$f":"SUM(I238:I239)","v":{"v":1,"d":"1.00"}}]
[null,null,"Retirado do projeto final ",{"$nulls":4},{"v":1,"d":"1.00"},{"$f":"H238","v":{"v":1,"d":"1.00"}}]
[]
[]
[null,"5.1.3.4",{"$f":"VLOOKUP(B241,GLOBAL!B:J,2,FALSE)","v":"INTERRUPTOR DE UMA TECLA SIMPLES 10A/250V E UMA TOMADA 3 POLOS 10A/250V, PADRÃO BRASILEIRO, NBR 14136, LINHA BRANCA, COM PLACA 4X2\""},{"$f":"VLOOKUP(B241,GLOBAL!B:J,3,FALSE)","v":"UND"},"C (m)","L (m)","H (m)","Qnt",{"$f":"SUM(I242:I243)","v":{"v":20,"d":"20.00"}}]
[null,null,"Retirado do projeto final ",{"$nulls":4},{"v":20,"d":"20.00"},{"$f":"H242","v":{"v":20,"d":"20.00"}}]
[]
[]
[null,"5.1.3.5",{"$f":"VLOOKUP(B245,GLOBAL!B:J,2,FALSE)","v":"TOMADA PADRÃO BRASILEIRO LINHA BRANCA, NBR 14136 2 POLOS + TERRA 10A/250V, COM PLACA 4X2\""},{"$f":"VLOOKUP(B245,GLOBAL!B:J,3,FALSE)","v":"UND"},"C (m)","L (m)","H (m)","Qnt",{"$f":"SUM(I246:I247)","v":{"v":82,"d":"82.00"}}]
[null,null,"Retirado do projeto final ",{"$nulls":4},{"v":82,"d":"82.00"},{"$f":"H246","v":{"v":82,"d":"82.00"}}]
[]
[]
[null,"5.1.4.1",{"$f":"VLOOKUP(B249,GLOBAL!B:J,2,FALSE)","v":"MINI-DISJUNTOR MONOPOLAR 20 A, CURVA C - 5KA 220/127VCA (NBR IEC 60947-2), REF. SIEMENS, GE, SCHNEIDER OU EQUIVALENTE"},{"$f":"VLOOKUP(B249,GLOBAL!B:J,3,FALSE)","v":"UND"},"C (m)","L (m)","H (m)","Qnt",{"$f":"SUM(I250:I251)","v":{"v":5,"d":"5.00"}}]
[null,null,"Retirado do projeto final ",{"$nulls":4},{"v":5,"d":"5.00"},{"$f":"H250","v":{"v":5,"d":"5.00"}}]
[]
[]
[null,"5.1.4.2",{"$f":"VLOOKUP(B253,GLOBAL!B:J,2,FALSE)","v":"MINI-DISJUNTOR MONOPOLAR 25 A, CURVA C - 5KA 220/127VCA (NBR IEC 60947-2), REF. SIEMENS, GE, SCHNEIDER OU EQUIVALENTE"},{"$f":"VLOOKUP(B253,GLOBAL!B:J,3,FALSE)","v":"UND"},"C (m)","L (m)","H (m)","Qnt",{"$f":"SUM(I254:I255)","v":{"v":19,"d":"19.00"}}]
[null,null,"Retirado do projeto final ",{"$nulls":4},{"v":19,"d":"19.00"},{"$f":"H254","v":{"v":19,"d":"19.00"}}]
[]
[]
[null,"5.1.4.3",{"$f":"VLOOKUP(B257,GLOBAL!B:J,2,FALSE)","v":"MINI-DISJUNTOR MONOPOLAR 32 A, CURVA C - 5KA 220/127VCA (NBR IEC 60947-2), REF. SIEMENS, GE, SCHNEIDER OU EQUIVALENTE"},{"$f":"VLOOKUP(B257,GLOBAL!B:J,3,FALSE)","v":"UND"},"C (m)","L (m)","H (m)","Qnt",{"$f":"SUM(I258:I259)","v":{"v":4,"d":"4.00"}}]
[null,null,"Retirado do projeto final ",{"$nulls":4},{"v":4,"d":"4.00"},{"$f":"H258","v":{"v":4,"d":"4.00"}}]
[]
[]
[null,"5.1.4.4",{"$f":"VLOOKUP(B261,GLOBAL!B:J,2,FALSE)","v":" MINI-DISJUNTOR TRIPOLAR 100 A, CURVA C - 15KA 220/127V (NBR IEC 60947-2), REF. SIEMENS, GE, SCHNEIDER OU EQUIVALENTE"},{"$f":"VLOOKUP(B261,GLOBAL!B:J,3,FALSE)","v":"UND"},"C (m)","L (m)","H (m)","Qnt",{"$f":"SUM(I262:I263)","v":{"v":1,"d":"1.00"}}]
[null,null,"Retirado do projeto final ",{"$nulls":4},{"v":1,"d":"1.00"},{"$f":"H262","v":{"v":1,"d":"1.00"}}]
[]
[]
[null,"5.1.4.5",{"$f":"VLOOKUP(B265,GLOBAL!B:J,2,FALSE)","v":"\nDISJUNTOR CAIXA MOLDADA 150A 45KA JM2-250L-150A - JNG\n"},{"$f":"VLOOKUP(B265,GLOBAL!B:J,3,FALSE)","v":"UND"},"C (m)","L (m)","H (m)","Qnt",{"$f":"SUM(I266:I267)","v":{"v":1,"d":"1.00"}}]
[null,null,"Retirado do projeto final ",{"$nulls":4},{"v":1,"d":"1.00"},{"$f":"H266","v":{"v":1,"d":"1.00"}}]
[]
[]
[null,"5.1.4.6",{"$f":"VLOOKUP(B269,GLOBAL!B:J,2,FALSE)","v":" MINI-DISJUNTOR TRIPOLAR 63 A, CURVA C - 5KA 220/127VCA (NBR IEC 60947-2), REF. SIEMENS, GE, SCHNEIDER OU EQUIVALENTE"},{"$f":"VLOOKUP(B269,GLOBAL!B:J,3,FALSE)","v":"UND"},"C (m)","L (m)","H (m)","Qnt",{"$f":"SUM(I270:I271)","v":{"v":1,"d":"1.00"}}]
[null,null,"Retirado do projeto final ",{"$nulls":4},{"v":1,"d":"1.00"},{"$f":"H270","v":{"v":1,"d":"1.00"}}]
[]
[]
[null,"5.1.4.7",{"$f":"VLOOKUP(B273,GLOBAL!B:J,2,FALSE)","v":"DISPOSITIVO DE PROTEÇÃO CONTRA SURTO (DPS) BIPOLAR, TENSÃO NOMINAL MÁXIMA 275VCA, CORENTE DE SURTO MÁXIMA 40KA."},{"$f":"VLOOKUP(B273,GLOBAL!B:J,3,FALSE)","v":"UND"},"C (m)","L (m)","H (m)","Qnt",{"$f":"SUM(I274:I275)","v":{"v":16,"d":"16.00"}}]
[null,null,"Retirado do projeto final ",{"$nulls":4},{"v":16,"d":"16.00"},{"$f":"H274","v":{"v":16,"d":"16.00"}}]
[]
[]
[null,"5.1.4.8",{"$f":"VLOOKUP(B277,GLOBAL!B:J,2,FALSE)","v":"INTERRUPTOR DIFERENCIAL DR 16A A 25A, 30MA, 2 MÓDULOS"},{"$f":"VLOOKUP(B277,GLOBAL!B:J,3,FALSE)","v":"UND"},"C (m)","L (m)","H (m)","Qnt",{"$f":"SUM(I278:I279)","v":{"v":24,"d":"24.00"}}]
[null,null,"Retirado do projeto final ",{"$nulls":4},{"v":24,"d":"24.00"},{"$f":"H278","v":{"v":24,"d":"24.00"}}]
[]
[]
[null,"5.1.5.1",{"$f":"VLOOKUP(B281,GLOBAL!B:J,2,FALSE)","v":"ELETRODUTO FLEXÍVEL CORRUGADO 1\", MARCA DE REFERÊNCIA TIGRE"},{"$f":"VLOOKUP(B281,GLOBAL!B:J,3,FALSE)","v":"M"},"C (m)","L (m)","H (m)","Qnt",{"$f":"SUM(I282:I283)","v":{"v":156,"d":"156.00"}}]
[null,null,"Retirado do projeto final ",{"$nulls":4},{"v":156,"d":"156.00"},{"$f":"H282","v":{"v":156,"d":"156.00"}}]
[]
[]
[null,"5.1.5.2",{"$f":"VLOOKUP(B285,GLOBAL!B:J,2,FALSE)","v":"ELETRODUTO FLEXÍVEL CORRUGADO 3/4\" , MARCA DE REFERÊNCIA TIGRE"},{"$f":"VLOOKUP(B285,GLOBAL!B:J,3,FALSE)","v":"M"},"C (m)","L (m)","H (m)","Qnt",{"$f":"SUM(I286:I287)","v":{"v":290,"d":"290.00"}}]
[null,null,"Retirado do projeto final ",{"$nulls":4},{"v":290,"d":"290.00"},{"$f":"H286","v":{"v":290,"d":"290.00"}}]
[]
[]
[null,"5.1.5.3",{"$f":"VLOOKUP(B289,GLOBAL!B:J,2,FALSE)","v":"ELETRODUTO PEAD, COR PRETA, DIAM. 1.1/2\", MARCA REF. KANAFLEX OU EQUIVALENTE"},{"$f":"VLOOKUP(B289,GLOBAL!B:J,3,FALSE)","v":"M"},"C (m)","L (m)","H (m)","Qnt",{"$f":"SUM(I290:I291)","v":{"v":145,"d":"145.00"}}]
[null,null,"Retirado do projeto final ",{"$nulls":4},{"v":145,"d":"145.00"},{"$f":"H290","v":{"v":145,"d":"145.00"}}]
[]
[]
[null,"5.1.5.4",{"$f":"VLOOKUP(B293,GLOBAL!B:J,2,FALSE)","v":"ELETRODUTO PEAD, COR PRETA, DIAM. 2\", MARCA REF. KANAFLEX OU EQUIVALENTE"},{"$f":"VLOOKUP(B293,GLOBAL!B:J,3,FALSE)","v":"M"},"C (m)","L (m)","H (m)","Qnt",{"$f":"SUM(I294:I295)","v":{"v":14,"d":"14.00"}}]
[null,null,"Retirado do projeto final ",{"$nulls":4},{"v":14,"d":"14.00"},{"$f":"H294","v":{"v":14,"d":"14.00"}}]
[]
[]
[null,"5.1.5.5",{"$f":"VLOOKUP(B297,GLOBAL!B:J,2,FALSE)","v":"ELETRODUTO PEAD, COR PRETA, DIAM. 3\", MARCA REF. KANAFLEX OU EQUIVALENTE"},{"$f":"VLOOKUP(B297,GLOBAL!B:J,3,FALSE)","v":"M"},"C (m)","L (m)","H (m)","Qnt",{"$f":"SUM(I298:I299)","v":{"v":6,"d":"6.00"}}]
[null,null,"Retirado do projeto final ",{"$nulls":4},{"v":6,"d":"6.00"},{"$f":"H298","v":{"v":6,"d":"6.00"}}]
[]
[]
[null,"5.1.5.6",{"$f":"VLOOKUP(B301,GLOBAL!B:J,2,FALSE)","v":"ELETRODUTO PEAD, COR PRETA, DIAM. 4\", MARCA REF. KANAFLEX OU EQUIVALENTE"},{"$f":"VLOOKUP(B301,GLOBAL!B:J,3,FALSE)","v":"M"},"C (m)","L (m)","H (m)","Qnt",{"$f":"SUM(I302:I303)","v":{"v":27,"d":"27.00"}}]
[null,null,"Retirado do projeto final ",{"$nulls":4},{"v":27,"d":"27.00"},{"$f":"H302","v":{"v":27,"d":"27.00"}}]
[]
[]
[null,"5.1.6.1",{"$f":"VLOOKUP(B305,GLOBAL!B:J,2,FALSE)","v":"ARANDELA COM LÂMPADA INCANDESCENTE DE 100W"},{"$f":"VLOOKUP(B305,GLOBAL!B:J,3,FALSE)","v":"UND"},"C (m)","L (m)","H (m)","Qnt",{"$f":"SUM(I306:I307)","v":{"v":20,"d":"20.00"}}]
[null,null,"Retirado do projeto final ",{"$nulls":4},{"v":20,"d":"20.00"},{"$f":"H306","v":{"v":20,"d":"20.00"}}]
[]
[]
[null,"5.1.6.2",{"$f":"VLOOKUP(B309,GLOBAL!B:J,2,FALSE)","v":"LUMINARIA EMBUTIR COMPL.,CORPO CH. AÇO PINTADA BRANCA,REFLETOR, ALETAS PARABÓLICAS ALUM.ALTA PUREZA E REFLETÂNCIA,2 LÂMP. FLUOR.TUBULARES DE 32W/127V, C/ REATOR DUPLO 127V, PAR.RÁP.AFP, SOQ. ANTIVIB.,REF. CAA01-E232 LUMICENTER OU"},{"$f":"VLOOKUP(B309,GLOBAL!B:J,3,FALSE)","v":"UND"},"C (m)","L (m)","H (m)","Qnt",{"$f":"SUM(I310:I311)","v":{"v":98,"d":"98.00"}}]
[null,null,"Retirado do projeto final ",{"$nulls":4},{"v":98,"d":"98.00"},{"$f":"H310","v":{"v":98,"d":"98.00"}}]
[]
[]
[null,"5.1.7.1",{"$f":"VLOOKUP(B313,GLOBAL!B:J,2,FALSE)","v":"PADRÃO DE ENTRADA DE ENERGIA ELÉTRICA, TRIFÁSICO, ENTRADA AÉREA, A 4 FIOS, CARGA INSTALADA DE 41001 ATÉ 47000W, INSTALADA EM MURO"},{"$f":"VLOOKUP(B313,GLOBAL!B:J,3,FALSE)","v":"UND"},"C (m)","L (m)","H (m)","Qnt",{"$f":"SUM(I314:I315)","v":{"v":1,"d":"1.00"}}]
[null,null,"Retirado do projeto final ",{"$nulls":4},{"v":1,"d":"1.00"},{"$f":"H314","v":{"v":1,"d":"1.00"}}]
[]
[]
[null,"5.1.7.2",{"$f":"VLOOKUP(B317,GLOBAL!B:J,2,FALSE)","v":"QUADRO DE DISTRIBUIÇÃO DE ENERGIA, DE EMBUTIR, COM 24 DIVISÕES MODULARES, COM BARRAMENTO"},{"$f":"VLOOKUP(B317,GLOBAL!B:J,3,FALSE)","v":"UND"},"C (m)","L (m)","H (m)","Qnt",{"$f":"SUM(I318:I319)","v":{"v":2,"d":"2.00"}}]
[null,null,"Retirado do projeto final ",{"$nulls":4},{"v":2,"d":"2.00"},{"$f":"H318","v":{"v":2,"d":"2.00"}}]
[]
[]
[null,"5.1.7.3",{"$f":"VLOOKUP(B321,GLOBAL!B:J,2,FALSE)","v":"QUADRO DE DISTRIBUIÇÃO DE ENERGIA, DE EMBUTIR, COM 32 DIVISÕES MODULARES, COM BARRAMENTO"},{"$f":"VLOOKUP(B321,GLOBAL!B:J,3,FALSE)","v":"UND"},"C (m)","L (m)","H (m)","Qnt",{"$f":"SUM(I322:I323)","v":{"v":1,"d":"1.00"}}]
[null,null,"Retirado do projeto final ",{"$nulls":4},{"v":1,"d":"1.00"},{"$f":"H322","v":{"v":1,"d":"1.00"}}]
[]
[]
[null,"5.2.1",{"$f":"VLOOKUP(B325,GLOBAL!B:J,2,FALSE)","v":"CABO DE COBRE NÚ 50MM2, REF. TEL 5750, MARCA DE REFERÊNCIA TERMOTÉCNICA OU EQUIVALENTE"},{"$f":"VLOOKUP(B325,GLOBAL!B:J,3,FALSE)","v":"M"},"C (m)","L (m)","H (m)","Qnt",{"$f":"SUM(I326:I327)","v":{"v":150,"d":"150.00"}}]
[null,null,"Retirado do projeto final ",{"$nulls":4},{"v":150,"d":"150.00"},{"$f":"H326","v":{"v":150,"d":"150.00"}}]
[]
[]
[null,"5.2.2",{"$f":"VLOOKUP(B329,GLOBAL!B:J,2,FALSE)","v":"CABO DE COBRE NÚ 35MM2, REF. TEL 5735, MARCA DE REFERÊNCIA TERMOTÉCNICA OU EQUIVALENTE"},{"$f":"VLOOKUP(B329,GLOBAL!B:J,3,FALSE)","v":"M"},"C (m)","L (m)","H (m)","Qnt",{"$f":"SUM(I330:I331)","v":{"v":20,"d":"20.00"}}]
[null,null,"Retirado do projeto final ",{"$nulls":4},{"v":20,"d":"20.00"},{"$f":"H330","v":{"v":20,"d":"20.00"}}]
[]
[]
[null,"5.2.3",{"$f":"VLOOKUP(B333,GLOBAL!B:J,2,FALSE)","v":"CAIXA DE INSPEÇÃO EM PVC, DIÂMETRO 300 MM, REF TEL-552, MARCA DE REFERÊNCIA TERMOTÉCNICA OU EQUIVALENTE, INCLUSIVE ESCAVAÇÃO E REATERRO"},{"$f":"VLOOKUP(B333,GLOBAL!B:J,3,FALSE)","v":"UND"},"C (m)","L (m)","H (m)","Qnt",{"$f":"SUM(I334:I335)","v":{"v":4,"d":"4.00"}}]
[null,null,"Retirado do projeto final ",{"$nulls":4},{"v":4,"d":"4.00"},{"$f":"H334","v":{"v":4,"d":"4.00"}}]
[]
[]
[null,"5.2.4",{"$f":"VLOOKUP(B337,GLOBAL!B:J,2,FALSE)","v":"CONECTOR DE MEDIÇÃO EM LATÃO COM 2 PARAFUSOS PARA CABOS DE 16 A 50 MM2, REF. TEL-562, TERMOTÉCNICA OU EQUIVALENTE"},{"$f":"VLOOKUP(B337,GLOBAL!B:J,3,FALSE)","v":"UND"},"C (m)","L (m)","H (m)","Qnt",{"$f":"SUM(I338:I339)","v":{"v":1,"d":"1.00"}}]
[null,null,"Retirado do projeto final ",{"$nulls":4},{"v":1,"d":"1.00"},{"$f":"H338","v":{"v":1,"d":"1.00"}}]
[]
[]
[null,"5.2.5",{"$f":"VLOOKUP(B341,GLOBAL!B:J,2,FALSE)","v":"ATERRAMENTO COM HASTE TERRA 5/8\" X 2.40, CABO DE COBRE NU 6MM2, INCLUSIVE CAIXA DE CONCRETO 30 X 30 CM"},{"$f":"VLOOKUP(B341,GLOBAL!B:J,3,FALSE)","v":"UND"},"C (m)","L (m)","H (m)","Qnt",{"$f":"SUM(I342:I343)","v":{"v":32,"d":"32.00"}}]
[null,null,"Retirado do projeto final ",{"$nulls":4},{"v":32,"d":"32.00"},{"$f":"H342","v":{"v":32,"d":"32.00"}}]
[]
[]
[null,"5.2.6",{"$f":"VLOOKUP(B345,GLOBAL!B:J,2,FALSE)","v":"KIT COMPLETO PARA SOLDA EXOTÉRMICA (MOLDE HCL 5/8\" REF: TEL905611 / CARTUCHO N° 115 REF: TEL 909115 / ALICATE Z 201 REF: TEL 998201), MARCA DE REFERÊNCIA TERMOTÉCNICA OU EQUIVALENTE"},{"$f":"VLOOKUP(B345,GLOBAL!B:J,3,FALSE)","v":"UND"},"C (m)","L (m)","H (m)","Qnt",{"$f":"SUM(I346:I347)","v":{"v":32,"d":"32.00"}}]
[null,null,"Retirado do projeto final ",{"$nulls":4},{"v":32,"d":"32.00"},{"$f":"H346","v":{"v":32,"d":"32.00"}}]
[]
[]
[null,"5.2.7",{"$f":"VLOOKUP(B349,GLOBAL!B:J,2,FALSE)","v":"TERMINAL AÉREO EM LATÃO (CAPTOR), COM CONECTOR E FIXAÇÃO HORIZONTAL 5/16\"X250MM, REF. TEL-024, INCLUSIVE VEDAÇÃO DOS FUROS COM POLIURETANO REF. TEL 5905, MARCA DE REF. TERMOTÉCNICA OU EQUIVALENTE"},{"$f":"VLOOKUP(B349,GLOBAL!B:J,3,FALSE)","v":"UND"},"C (m)","L (m)","H (m)","Qnt",{"$f":"SUM(I350:I351)","v":{"v":32,"d":"32.00"}}]
[null,null,"Retirado do projeto final ",{"$nulls":4},{"v":32,"d":"32.00"},{"$f":"H350","v":{"v":32,"d":"32.00"}}]
[]
[]
[null,"6.1",{"$f":"VLOOKUP(B353,GLOBAL!B:J,2,FALSE)","v":"LIMPEZA GERAL DA OBRA"},{"$f":"VLOOKUP(B353,GLOBAL!B:J,3,FALSE)","v":"M2"},"C (m)","L (m)","H (m)","Qnt",{"$f":"SUM(I354:I355)","v":{"v":1023.1875,"d":"1023.19"}}]
[null,null,"Área de projeção ",{"$nulls":4},{"v":1023.1875,"d":"1,023.19"},{"$f":"H354","v":{"v":1023.1875,"d":"1,023.19"}}]

{"sheet":"COMP","index":3,"n_rows":82,"n_cols":21,"rows_kept":82,"merged":[[1,1,1,12],[3,1,3,2],[3,3,3,4],[3,8,4,11],[4,1,4,2],[18,1,18,2],[18,3,18,4],[18,8,19,11],[19,1,19,2],[35,1,35,2],[35,3,35,4],[35,8,36,11],[36,1,36,2],[51,1,51,2],[51,3,51,4],[51,8,52,11],[52,1,52,2],[67,1,67,2],[67,3,67,4],[67,8,68,11],[68,1,68,2]]}
[{"$nulls":17},"SINAPI","SEINFRA","DESCONTO MA","FATOR DE CORREÇÃO"]
[{"$nulls":14},"DESCONTO (%)",{"v":0,"d":"0.00%"},"LS",{"v":1.1773,"d":"117.73%"},{"v":1.1633,"d":"116.33%"},{"$f":"IF(P2>0,(U2+P2),0)","v":{"v":0,"d":"0.0%"}},{"v":0.05555,"d":"5.56%"}]
[]
[null,"CÓDIGO",null,"COMPOSIÇÃO DE REFERÊNCIA",null,null,"DESCRIÇÃO SERVIÇO","UNIDADE",{"$nulls":4},"CUSTO UNIT.  DO SERVIÇO (R$)"]
[null,"1.1",null,{"$f":"VLOOKUP(B5,GLOBAL!B:J,8,FALSE)","v":"COMP"},{"$f":"VLOOKUP(B5,GLOBAL!B:J,9,FALSE)","v":1},null,"EQUIPE DE OBRA, INCLUINDO ENGENHEIRO JUNIOR, TECNICO DE SEGUNDO GRAU.","UND",{"$nulls":4},{"$f":"M17","v":{"v":23257.44,"d":"23,257.44"}},null,{"$f":"IF(VLOOKUP(B5,'PL LICITADA'!D:J,5,FALSE)=M5,\"OK\",VLOOKUP(B5,'PL LICITADA'!D:J,5,FALSE))","v":{"$error":"#N/A"}}]
[null,null,"TIPO","FONTE","REF.",null,"DESCRIÇÃO DO ITEM","TIPO","UNIDADE","COEF.","V. UNIT.","FATOR AC","V. TOTAL"]
[null,null,"C","LABOR",312005,0.25,"Engenheiro Junior (Leis Sociais = 51,04%)","MA","MS",{"$f":"F7","v":0.25},{"$f":"16975.49*(1-$T$2)","v":16975.49},null,{"$f":"(J7*K7)*(1+L7)","v":{"v":4243.8725,"d":"4243.87"}}]
[null,null,"C","LABOR",312007,3,"Tecnico Segundo Grau-C (Leis Sociais = 51,04%)","MA","MS",{"$f":"F8","v":3},{"$f":"4507.82*(1-$T$2)","v":4507.82},null,{"$f":"(J8*K8)*(1+L8)","v":13523.46}]
[null,null,"LS:","BDI:","DATA-BASE",null,"RESUMO - DISCRIMINAÇÃO","TAXA",null," TOTAL S/ BDI "," BDI ",null,"TOTAL"]
[null,null,{"v":1.2833,"d":"128.33%"},{"v":0.309,"d":"30.90%"},"2018-09-01",null,"MÃO DE OBRA -   (TOTAL MO)",null,null,{"$f":"SUMIF(H7:H8,\"MO\",M7:N8)","v":{"v":0,"d":"0.00"}}]
[{"$nulls":6},"ENCARGOS SOCIAIS",{"$f":"C10","v":{"v":1.2833,"d":"128.33%"}},null,{"$f":"J10*H11","v":{"v":0,"d":"0.00"}}]
[{"$nulls":6},"TOTAL MÃO OBRA",null,null,{"$f":"SUM(J10:J11)","v":{"v":0,"d":"0.00"}},{"$f":"H16*J12","v":{"v":0,"d":"0.00"}},null,{"$f":"J12+K12","v":{"v":0,"d":"0.00"}}]
[{"$nulls":6},"MATERIAIS E EQUIPAMENTOS -   (TOTAL MA)"]
[{"$nulls":6},"TOTAL MATERIAIS E EQUIPAMENTOS",null,null,{"$f":"SUMIF(H7:H8,\"MA\",M7:M8)","v":{"v":17767.3325,"d":"17,767.33"}},{"$f":"H16*J14","v":{"v":5490.1057425,"d":"5,490.11"}},null,{"$f":"J14+K14","v":{"v":23257.4382425,"d":"23,257.44"}}]
[{"$nulls":6},"TOTAL (MÃO DE OBRA + MATERIAIS + EQUIPAMENTOS)",null,null,{"$f":"J14+J12","v":{"v":17767.3325,"d":"17,767.33"}}]
[{"$nulls":6},"BDI ",{"$f":"D10","v":{"v":0.309,"d":"30.90%"}}]
[{"$nulls":6},"TOTAL DO SERVIÇO",{"$nulls":5},{"$f":"ROUND(SUM(M12:M16),2)","v":{"v":23257.44,"d":"23,257.44"}}]
[]
[null,"CÓDIGO",null,"COMPOSIÇÃO DE REFERÊNCIA",null,null,"DESCRIÇÃO SERVIÇO","UNIDADE",{"$nulls":4},"CUSTO UNIT.  DO SERVIÇO (R$)"]
[null,"4.8",null,{"$f":"VLOOKUP(B20,GLOBAL!B:J,8,FALSE)","v":"COMP"},{"$f":"VLOOKUP(B20,GLOBAL!B:J,9,FALSE)","v":4},null,"PINTURA ANTI CORROSIVA, PARA ESTRUTURA METALICA DE COBERTURA, COM TELHAS DE AÇO. ","UND",{"$nulls":4},{"$f":"M34","v":26.05}]
[null,null,"TIPO","FONTE","REF.",null,"DESCRIÇÃO DO ITEM","TIPO","UNIDADE","COEF.","V. UNIT.","FATOR AC","V. TOTAL"]
[null,null,"I","LABOR",10101,{"$f":"10*0.020108","v":0.20108},"AJUDANTE (LABOR)","MO","H",{"$f":"F22","v":0.20108},{"$f":"5.42*(1-$T$2)","v":5.42},null,{"$f":"(J22*K22)*(1+L22)","v":{"v":1.0898536,"d":"1.09"}}]
[null,null,"I","LABOR",10140,{"$f":"10*0.020108","v":0.20108},"PINTOR (LABOR)","MO","H",{"$f":"F23","v":0.20108},{"$f":"6.42*(1-$T$2)","v":6.42},null,{"$f":"(J23*K23)*(1+L23)","v":{"v":1.2909336,"d":"1.29"}}]
[null,null,"I","LABOR",37509,0.20108,"TINTA EPOXI PARA ACABAMENTO (LABOR)","MA","L",0.20108,{"$f":"47.9*(1-$T$2)","v":{"v":47.9,"d":"47.90"}},null,{"v":9.631732,"d":"9.63"}]
[null,null,"I","LABOR",37564,0.20108,"SOLVENTE PARA TINTA A BASE DE EPOXI (LABOR)","MA","L",0.20108,{"$f":"24.05*(1-$T$2)","v":24.05},null,{"v":4.835974,"d":"4.84"}]
[null,null,"LS:","BDI:","DATA-BASE",null,"RESUMO - DISCRIMINAÇÃO","TAXA",null," TOTAL S/ BDI "," BDI ",null,"TOTAL"]
[null,null,{"v":1.2833,"d":"128.33%"},{"v":0.309,"d":"30.90%"},"2018-09-01",null,"MÃO DE OBRA -   (TOTAL MO)",null,null,{"$f":"SUMIF(H22:H25,\"MO\",M22:N25)","v":{"v":2.3807872000000003,"d":"2.38"}}]
[{"$nulls":6},"ENCARGOS SOCIAIS",{"$f":"C27","v":{"v":1.2833,"d":"128.33%"}},null,{"$f":"J27*H28","v":{"v":3.0552642137600006,"d":"3.06"}}]
[{"$nulls":6},"TOTAL MÃO OBRA",null,null,{"$f":"SUM(J27:J28)","v":{"v":5.436051413760001,"d":"5.44"}},{"$f":"H33*J29","v":{"v":1.6797398868518405,"d":"1.68"}},null,{"$f":"J29+K29","v":{"v":7.115791300611842,"d":"7.12"}}]
[{"$nulls":6},"MATERIAIS E EQUIPAMENTOS -   (TOTAL MA)"]
[{"$nulls":6},"TOTAL MATERIAIS E EQUIPAMENTOS",null,null,{"$f":"SUMIF(H22:H25,\"MA\",M22:M25)","v":{"v":14.467706,"d":"14.47"}},{"$f":"H33*J31","v":{"v":4.470521154,"d":"4.47"}},null,{"$f":"J31+K31","v":{"v":18.938227154,"d":"18.94"}}]
[{"$nulls":6},"TOTAL (MÃO DE OBRA + MATERIAIS + EQUIPAMENTOS)",null,null,{"$f":"J31+J29","v":{"v":19.90375741376,"d":"19.90"}}]
[{"$nulls":6},"BDI ",{"$f":"D27","v":{"v":0.309,"d":"30.90%"}}]
[{"$nulls":6},"TOTAL DO SERVIÇO",{"$nulls":5},{"$f":"ROUND(SUM(M29:M33),2)","v":26.05}]
[]
[null,"CÓDIGO",null,"COMPOSIÇÃO DE REFERÊNCIA",null,null,"DESCRIÇÃO SERVIÇO","UNIDADE",{"$nulls":4},"CUSTO UNIT.  DO SERVIÇO (R$)"]
[null,"5.1.4.4",null,{"$f":"VLOOKUP(B37,GLOBAL!B:J,8,FALSE)","v":"COMP"},{"$f":"VLOOKUP(B37,GLOBAL!B:J,9,FALSE)","v":5},null," MINI-DISJUNTOR TRIPOLAR 100 A, CURVA C - 15KA 220/127V (NBR IEC 60947-2), REF. SIEMENS, GE, SCHNEIDER OU EQUIVALENTE","UND",{"$nulls":4},{"$f":"M50","v":343.09}]
[null,null,"TIPO","FONTE","REF.",null,"DESCRIÇÃO DO ITEM","TIPO","UNIDADE","COEF.","V. UNIT.","FATOR AC","V. TOTAL"]
[null,null,"I","LABOR",10101,0.9,"AJUDANTE (LABOR)","MO","H",{"$f":"F39","v":0.9},{"$f":"5.42*(1-$T$2)","v":5.42},null,{"$f":"(J39*K39)*(1+L39)","v":{"v":4.878,"d":"4.88"}}]
[null,null,"I","LABOR",10115,0.9,"ELETRICISTA (LABOR)","MO","H",{"$f":"F40","v":0.9},{"$f":"6.42*(1-$T$2)","v":6.42},null,{"$f":"(J40*K40)*(1+L40)","v":{"v":5.7780000000000005,"d":"5.78"}}]
[null,null,"I","LABOR",44561,1,"MINI-DISJUNTOR TRIPOLAR 100 A, CURVA C - 15KA 220/127V","MA","UND",1,{"$f":"237.77*(1-$T$2)","v":237.77},null,237.77]
[null,null,"LS:","BDI:","DATA-BASE",null,"RESUMO - DISCRIMINAÇÃO","TAXA",null," TOTAL S/ BDI "," BDI ",null,"TOTAL"]
[null,null,{"v":1.2833,"d":"128.33%"},{"v":0.309,"d":"30.90%"},"2018-09-01",null,"MÃO DE OBRA -   (TOTAL MO)",null,null,{"$f":"SUMIF(H39:H41,\"MO\",M39:N41)","v":{"v":10.656,"d":"10.66"}}]
[{"$nulls":6},"ENCARGOS SOCIAIS",{"$f":"C43","v":{"v":1.2833,"d":"128.33%"}},null,{"$f":"J43*H44","v":{"v":13.674844800000002,"d":"13.67"}}]
[{"$nulls":6},"TOTAL MÃO OBRA",null,null,{"$f":"SUM(J43:J44)","v":{"v":24.3308448,"d":"24.33"}},{"$f":"H49*J45","v":{"v":7.5182310432,"d":"7.52"}},null,{"$f":"J45+K45","v":{"v":31.8490758432,"d":"31.85"}}]
[{"$nulls":6},"MATERIAIS E EQUIPAMENTOS -   (TOTAL MA)"]
[{"$nulls":6},"TOTAL MATERIAIS E EQUIPAMENTOS",null,null,{"$f":"SUMIF(H39:H41,\"MA\",M39:M41)","v":237.77},{"$f":"H49*J47","v":{"v":73.47093,"d":"73.47"}},null,{"$f":"J47+K47","v":{"v":311.24093,"d":"311.24"}}]
[{"$nulls":6},"TOTAL (MÃO DE OBRA + MATERIAIS + EQUIPAMENTOS)",null,null,{"$f":"J47+J45","v":{"v":262.1008448,"d":"262.10"}}]
[{"$nulls":6},"BDI ",{"$f":"D43","v":{"v":0.309,"d":"30.90%"}}]
[{"$nulls":6},"TOTAL DO SERVIÇO",{"$nulls":5},{"$f":"ROUND(SUM(M45:M49),2)","v":343.09}]
[]
[null,"CÓDIGO",null,"COMPOSIÇÃO DE REFERÊNCIA",null,null,"DESCRIÇÃO SERVIÇO","UNIDADE",{"$nulls":4},"CUSTO UNIT.  DO SERVIÇO (R$)"]
[null,"5.1.4.5",null,{"$f":"VLOOKUP(B53,GLOBAL!B:J,8,FALSE)","v":"COMP"},{"$f":"VLOOKUP(B53,GLOBAL!B:J,9,FALSE)","v":6},null,"\nDISJUNTOR CAIXA MOLDADA 150A 45KA JM2-250L-150A - JNG\n","UND",{"$nulls":4},{"$f":"M66","v":427.53}]
[null,null,"TIPO","FONTE","REF.",null,"DESCRIÇÃO DO ITEM","TIPO","UNIDADE","COEF.","V. UNIT.","FATOR AC","V. TOTAL"]
[null,null,"I","LABOR",10101,0.9,"AJUDANTE (LABOR)","MO","H",{"$f":"F55","v":0.9},{"$f":"5.42*(1-$T$2)","v":5.42},null,{"$f":"(J55*K55)*(1+L55)","v":{"v":4.878,"d":"4.88"}}]
[null,null,"I","LABOR",10115,0.9,"ELETRICISTA (LABOR)","MO","H",{"$f":"F56","v":0.9},{"$f":"6.42*(1-$T$2)","v":6.42},null,{"$f":"(J56*K56)*(1+L56)","v":{"v":5.7780000000000005,"d":"5.78"}}]
[null,null,"I","COTAÇÃO",null,1,"\nDISJUNTOR CAIXA MOLDADA 150A 45KA JM2-250L-150A - JNG\n","MA","UND",1,{"$f":"COTAÇÃO!D7","v":302.28},null,302.28]
[null,null,"LS:","BDI:","DATA-BASE",null,"RESUMO - DISCRIMINAÇÃO","TAXA",null," TOTAL S/ BDI "," BDI ",null,"TOTAL"]
[null,null,{"v":1.2833,"d":"128.33%"},{"v":0.309,"d":"30.90%"},"2018-09-01",null,"MÃO DE OBRA -   (TOTAL MO)",null,null,{"$f":"SUMIF(H55:H57,\"MO\",M55:N57)","v":{"v":10.656,"d":"10.66"}}]
[{"$nulls":6},"ENCARGOS SOCIAIS",{"$f":"C59","v":{"v":1.2833,"d":"128.33%"}},null,{"$f":"J59*H60","v":{"v":13.674844800000002,"d":"13.67"}}]
[{"$nulls":6},"TOTAL MÃO OBRA",null,null,{"$f":"SUM(J59:J60)","v":{"v":24.3308448,"d":"24.33"}},{"$f":"H65*J61","v":{"v":7.5182310432,"d":"7.52"}},null,{"$f":"J61+K61","v":{"v":31.8490758432,"d":"31.85"}}]
[{"$nulls":6},"MATERIAIS E EQUIPAMENTOS -   (TOTAL MA)"]
[{"$nulls":6},"TOTAL MATERIAIS E EQUIPAMENTOS",null,null,{"$f":"SUMIF(H55:H57,\"MA\",M55:M57)","v":302.28},{"$f":"H65*J63","v":{"v":93.40451999999999,"d":"93.40"}},null,{"$f":"J63+K63","v":{"v":395.68451999999996,"d":"395.68"}}]
[{"$nulls":6},"TOTAL (MÃO DE OBRA + MATERIAIS + EQUIPAMENTOS)",null,null,{"$f":"J63+J61","v":{"v":326.6108448,"d":"326.61"}}]
[{"$nulls":6},"BDI ",{"$f":"D59","v":{"v":0.309,"d":"30.90%"}}]
[{"$nulls":6},"TOTAL DO SERVIÇO",{"$nulls":5},{"$f":"ROUND(SUM(M61:M65),2)","v":427.53}]
[]
[null,"CÓDIGO",null,"COMPOSIÇÃO DE REFERÊNCIA",null,null,"DESCRIÇÃO SERVIÇO","UNIDADE",{"$nulls":4},"CUSTO UNIT.  DO SERVIÇO (R$)"]
[null,"5.1.4.6",null,{"$f":"VLOOKUP(B69,GLOBAL!B:J,8,FALSE)","v":"COMP"},{"$f":"VLOOKUP(B69,GLOBAL!B:J,9,FALSE)","v":7},null," MINI-DISJUNTOR TRIPOLAR 63 A, CURVA C - 5KA 220/127VCA (NBR IEC 60947-2), REF. SIEMENS, GE, SCHNEIDER OU EQUIVALENTE","UND",{"$nulls":4},{"$f":"M82","v":{"v":101.4,"d":"101.40"}}]
[null,null,"TIPO","FONTE","REF.",null,"DESCRIÇÃO DO ITEM","TIPO","UNIDADE","COEF.","V. UNIT.","FATOR AC","V. TOTAL"]
[null,null,"I","LABOR",10101,0.9,"AJUDANTE (LABOR)","MO","H",{"$f":"F71","v":0.9},{"$f":"5.42*(1-$T$2)","v":5.42},null,{"$f":"(J71*K71)*(1+L71)","v":{"v":4.878,"d":"4.88"}}]
[null,null,"I","LABOR",10115,0.9,"ELETRICISTA (LABOR)","MO","H",{"$f":"F72","v":0.9},{"$f":"6.42*(1-$T$2)","v":6.42},null,{"$f":"(J72*K72)*(1+L72)","v":{"v":5.7780000000000005,"d":"5.78"}}]
[null,null,"I","LABOR",44712,1," MINI-DISJUNTOR TRIPOLAR 63 A, CURVA C - 5KA 220/127V ","MA","UND",1,{"$f":"53.13*(1-$T$2)","v":53.13},null,53.13]
[null,null,"LS:","BDI:","DATA-BASE",null,"RESUMO - DISCRIMINAÇÃO","TAXA",null," TOTAL S/ BDI "," BDI ",null,"TOTAL"]
[null,null,{"v":1.2833,"d":"128.33%"},{"v":0.309,"d":"30.90%"},"2018-09-01",null,"MÃO DE OBRA -   (TOTAL MO)",null,null,{"$f":"SUMIF(H71:H73,\"MO\",M71:N73)","v":{"v":10.656,"d":"10.66"}}]
[{"$nulls":6},"ENCARGOS SOCIAIS",{"$f":"C75","v":{"v":1.2833,"d":"128.33%"}},null,{"$f":"J75*H76","v":{"v":13.674844800000002,"d":"13.67"}}]
[{"$nulls":6},"TOTAL MÃO OBRA",null,null,{"$f":"SUM(J75:J76)","v":{"v":24.3308448,"d":"24.33"}},{"$f":"H81*J77","v":{"v":7.5182310432,"d":"7.52"}},null,{"$f":"J77+K77","v":{"v":31.8490758432,"d":"31.85"}}]
[{"$nulls":6},"MATERIAIS E EQUIPAMENTOS -   (TOTAL MA)"]
[{"$nulls":6},"TOTAL MATERIAIS E EQUIPAMENTOS",null,null,{"$f":"SUMIF(H71:H73,\"MA\",M71:M73)","v":53.13},{"$f":"H81*J79","v":{"v":16.417170000000002,"d":"16.42"}},null,{"$f":"J79+K79","v":{"v":69.54717000000001,"d":"69.55"}}]
[{"$nulls":6},"TOTAL (MÃO DE OBRA + MATERIAIS + EQUIPAMENTOS)",null,null,{"$f":"J79+J77","v":{"v":77.4608448,"d":"77.46"}}]
[{"$nulls":6},"BDI ",{"$f":"D75","v":{"v":0.309,"d":"30.90%"}}]
[{"$nulls":6},"TOTAL DO SERVIÇO",{"$nulls":5},{"$f":"ROUND(SUM(M77:M81),2)","v":{"v":101.4,"d":"101.40"}}]

{"sheet":"COTAÇÃO","index":4,"n_rows":7,"n_cols":17,"rows_kept":7,"merged":[[0,0,2,16],[3,0,3,16],[4,0,5,0],[4,1,5,1],[4,2,4,15],[4,16,5,16]]}
["COTAÇÃO DE MERCADO"]
[]
[]
["OBRA: TROCA DE COBERTURA E REFORMA ELETRICA EMEF PEDRO NOLASCO"]
["ITEM","DESCRIÇÃO","COTAÇÕES EFETUADAS",{"$nulls":13},"OBSERVAÇÕES"]
[null,null,"Unidade","PREÇO MÉDIO ","FORNECEDOR 01","CONTATO","PREÇO 01","DATA PREÇO 01","FORNECEDOR 02","CONTATO","PREÇO 02","DATA PREÇO 02","FORNECEDOR 03","CONTATO","PREÇO 03","DATA PREÇO 03"]
["01","Disjuntor Caixa Moldada 150a 45ka Jm2-250l-150a - Jng","und",{"$f":"(G7+K7+O7)/3","v":{"v":302.28,"d":"R$ 302.28"}},"americanas.com","https://www.americanas.com.br/produto/44862837/disjuntor-caixa-moldada-150a-45ka-jm2-250l-150a-jng",{"v":302.28,"d":"R$ 302.28"},"2019-04-01","https://www.submarino.com.br/produto/44862837/disjuntor-caixa-moldada-150a-45ka-jm2-250l-150a-jng?WT.srch=1&acc=d47a04c6f99456bc289220d5d0ff208d&epar=bp_pl_00_go_g35219&gclid=Cj0KCQjw7YblBRDFARIsAKkK-dJgAVucbWfTAXJPwKjZvVh3m5VUqc9GaWcDi3_HeCohU1r2T-D-2uwaAr8JEALw_wcB&i=5b974d0deec3dfb1f8caf78a&o=5be180b7ebb19ac62cdcdad5&opn=XMLGOOGLE&sellerId=20526132000169","submarino.com",302.28,"2019-04-01","https://www.shoptime.com.br/produto/44862837/disjuntor-caixa-moldada-150a-45ka-jm2-250l-150a-jng?WT.srch=1&acc=a76c8289649a0bef0524c56c85e71570&epar=bp_pl_00_go_pla_casaeconst_geral_gmv&gclid=Cj0KCQjw7YblBRDFARIsAKkK-dJtqIHXomfEJTQn3ZBW5AqqH7Id55JHu0kpTHtn5E1tgIz1GWTyMo4aAgexEALw_wcB&i=5b973f05eec3dfb1f8c7625c&o=5be18225ebb19ac62cdcdc0e&opn=GOOGLEXML&sellerId=20526132000169","shoptime.com",{"v":302.28,"d":"R$ 302.28"},"2019-04-01","Valor não pode ser deflacionado pelo INCC para data base set/2018"]

{"sheet":"CRONOGRAMA","index":5,"n_rows":21,"n_cols":9,"rows_kept":21,"merged":[[1,1,1,7],[2,1,3,1],[2,2,3,2],[2,5,3,5],[2,6,3,6],[2,7,3,7],[4,1,5,1],[4,2,5,2],[6,1,7,1],[6,2,7,2],[8,1,9,1],[8,2,9,2],[8,10,8,12],[10,1,11,1],[10,2,11,2],[12,1,13,1],[12,2,13,2],[14,1,15,1],[14,2,15,2]]}
[]
[null,"CRONOGRAMA FÍSICO E FINANCEIRO"]
[null,"ITEM","SERVIÇO","VALORES DO ITEM",null,"30 dias","60 dias","90 dias"]
[{"$nulls":3},"R$","%"]
[null,"1.0",{"$f":"VLOOKUP(B5,GLOBAL!B:J,2,FALSE)","v":"ADMINISTRAÇÃO LOCAL"},null,null,{"$f":"$D6*F6","v":{"v":7751.704752,"d":"7,751.70"}},{"$f":"$D6*G6","v":{"v":7751.704752,"d":"7,751.70"}},{"$f":"$D6*H6","v":{"v":7754.030495999999,"d":"7,754.03"}},{"$f":"D6-SUM(F5:H5)","v":{"v":0,"d":"0.00"}}]
[{"$nulls":3},{"$f":"VLOOKUP(B5,GLOBAL!A:J,7,FALSE)","v":{"v":23257.44,"d":"23,257.44"}},{"$f":"D6/D$17","v":{"v":0.05131756500733596,"d":"5.13%"}},{"v":0.3333,"d":"33.33%"},{"v":0.3333,"d":"33.33%"},{"v":0.3334,"d":"33.34%"},{"$f":"SUM(F6:H6)","v":{"v":1,"d":"100.00%"}}]
[null,"2.0",{"$f":"VLOOKUP(B7,GLOBAL!B:J,2,FALSE)","v":"SERVIÇOS PRELIMINARES"},null,null,{"$f":"$D8*F8","v":{"v":40924.931765999994,"d":"40,924.93"}},null,null,{"$f":"D8-SUM(F7:H7)","v":{"v":0,"d":"0.00"}}]
[{"$nulls":3},{"$f":"VLOOKUP(B7,GLOBAL!A:J,7,FALSE)","v":{"v":40924.931765999994,"d":"40,924.93"}},{"$f":"D8/D$17","v":{"v":0.09030090355269081,"d":"9.03%"}},{"v":1,"d":"100.00%"},null,null,{"$f":"SUM(F8:H8)","v":{"v":1,"d":"100.00%"}}]
[null,"3.0",{"$f":"VLOOKUP(B9,GLOBAL!B:J,2,FALSE)","v":"PAREDES E PAINÉIS DA COBERTURA"},{"$nulls":3},{"$f":"$D10*G10","v":{"v":50693.14616276,"d":"50,693.15"}},{"$f":"$D10*H10","v":{"v":8945.84932284,"d":"8,945.85"}},{"$f":"D10-SUM(F9:H9)","v":{"v":0,"d":"0.00"}}]
[{"$nulls":3},{"$f":"VLOOKUP(B9,GLOBAL!A:J,7,FALSE)","v":{"v":59638.995485600004,"d":"59,639.00"}},{"$f":"D10/D$17","v":{"v":0.13159350417778115,"d":"13.16%"}},null,{"v":0.85,"d":"85.00%"},{"v":0.15,"d":"15.00%"},{"$f":"SUM(F10:H10)","v":{"v":1,"d":"100.00%"}}]
[null,"4.0",{"$f":"VLOOKUP(B11,GLOBAL!B:J,2,FALSE)","v":"COBERTURA"},{"$nulls":3},{"$f":"$D12*G12","v":{"v":84537.35557618999,"d":"84,537.36"}},{"$f":"$D12*H12","v":{"v":126806.03336428499,"d":"126,806.03"}},{"$f":"D12-SUM(F11:H11)","v":{"v":0,"d":"0.00"}}]
[{"$nulls":3},{"$f":"VLOOKUP(B11,GLOBAL!A:J,7,FALSE)","v":{"v":211343.38894047498,"d":"211,343.39"}},{"$f":"D12/D$17","v":{"v":0.4663294025835824,"d":"46.63%"}},null,{"v":0.4,"d":"40.00%"},{"v":0.6,"d":"60.00%"},{"$f":"SUM(F12:H12)","v":{"v":1,"d":"100.00%"}}]
[null,"5.0",{"$f":"VLOOKUP(B13,GLOBAL!B:J,2,FALSE)","v":"INSTALAÇÕES ELÉTRICAS"},null,null,{"$f":"$D14*F14","v":{"v":26983.094500000003,"d":"26,983.09"}},{"$f":"$D14*G14","v":{"v":43172.95120000001,"d":"43,172.95"}},{"$f":"$D14*H14","v":{"v":37776.3323,"d":"37,776.33"}},{"$f":"D14-SUM(F13:H13)","v":{"v":0,"d":"0.00"}}]
[{"$nulls":3},{"$f":"VLOOKUP(B13,GLOBAL!A:J,7,FALSE)","v":{"v":107932.37800000001,"d":"107,932.38"}},{"$f":"D14/D$17","v":{"v":0.23815290179879464,"d":"23.82%"}},{"v":0.25,"d":"25.00%"},{"v":0.4,"d":"40.00%"},{"v":0.35,"d":"35.00%"},{"$f":"SUM(F14:H14)","v":{"v":1,"d":"100.00%"}}]
[null,"6.0",{"$f":"VLOOKUP(B15,GLOBAL!B:J,2,FALSE)","v":"LIMPEZA"},{"$nulls":4},{"$f":"$D16*H16","v":{"v":10109.0925,"d":"10,109.09"}},{"$f":"D16-SUM(F15:H15)","v":{"v":0,"d":"0.00"}}]
[{"$nulls":3},{"$f":"VLOOKUP(B15,GLOBAL!A:J,7,FALSE)","v":{"v":10109.0925,"d":"10,109.09"}},{"$f":"D16/D$17","v":{"v":0.02230572287981491,"d":"2.23%"}},null,null,{"v":1,"d":"100.00%"},{"$f":"SUM(F16:H16)","v":{"v":1,"d":"100.00%"}}]
[null,null,"TOTAL GERAL",{"$f":"SUM(D5:D16)","v":{"v":453206.226692075,"d":"453,206.23"}},{"$f":"SUM(E6:E16)","v":{"v":1,"d":"100.00%"}},{"$nulls":3},{"$f":"SUM(F17:H17)","v":{"v":0,"d":"0.00%"}}]
[{"$nulls":3},"VALOR DO SERVIÇO EXECUTADO NO MÊS","R$",{"$f":"F15+F11+F9+F7+F5+F13","v":{"v":75659.73101799999,"d":"75,659.73"}},{"$f":"G15+G11+G9+G7+G5+G13","v":{"v":186155.15769095,"d":"186,155.16"}},{"v":191391.33798312498,"d":"191,391.34"}]
[{"$nulls":3},"PORCENTAGEM","%",{"$f":"F18/$D$17","v":{"v":0.16694327341933454,"d":"16.69%"}},{"$f":"G18/$D$17","v":{"v":0.4107515447210099,"d":"41.08%"}},{"$f":"H18/$D$17","v":{"v":0.42230518185965543,"d":"42.23%"}},{"$f":"SUM(F19:H19)","v":{"v":0.9999999999999998,"d":"100.00%"}}]
[{"$nulls":3},"VALOR ACUMULADO DOS SERVIÇOS EXECUTADOS ","R$",{"$f":"F18","v":{"v":75659.73101799999,"d":"75,659.73"}},{"$f":"F20+G18","v":{"v":261814.88870895,"d":"261,814.89"}},{"$f":"G20+H18","v":{"v":453206.22669207497,"d":"453,206.23"}}]
[{"$nulls":3},"PORCENTAGEM ACUMULADO","%",{"$f":"F20/$D$17","v":{"v":0.16694327341933454,"d":"16.69%"}},{"$f":"G20/$D$17","v":{"v":0.5776948181403444,"d":"57.77%"}},{"$f":"H20/$D$17","v":{"v":0.9999999999999999,"d":"100.00%"}}]

{"sheet":"SEINFRA-COMP","index":6,"n_rows":60231,"n_cols":8,"rows_kept":4500,"cut":true,"hidden":true,"merged":[[57098,1,57098,3],[57102,1,57102,3],[57107,5,57107,6],[57108,5,57108,6],[57109,5,57109,6],[57110,5,57110,6],[57111,1,57111,7],[57112,1,57112,3],[57116,1,57116,3],[57120,5,57120,6],[57121,5,57121,6],[57162,5,57162,6],[57163,5,57163,6],[57164,5,57164,6],[57165,1,57165,7],[57166,1,57166,3],[57170,1,57170,3],[57174,5,57174,6],[57175,5,57175,6],[57176,5,57176,6],[57177,5,57177,6],[57178,1,57178,7],[57179,1,57179,3],[57183,1,57183,3],[57187,5,57187,6],[57188,5,57188,6],[57189,5,57189,6],[57190,5,57190,6],[57191,1,57191,7],[57192,1,57192,3],[57196,1,57196,3],[57200,5,57200,6],[57201,5,57201,6],[57202,5,57202,6],[57203,5,57203,6],[57204,1,57204,7],[57205,1,57205,3],[57209,1,57209,3],[57213,5,57213,6],[57214,5,57214,6],[57215,5,57215,6],[57216,5,57216,6],[57217,1,57217,7],[57218,1,57218,3],[57222,1,57222,3],[57226,5,57226,6],[57227,5,57227,6],[57228,5,57228,6],[57229,5,57229,6],[57230,1,57230,7],[57231,1,57231,3],[57235,1,57235,3],[57239,5,57239,6],[57240,5,57240,6],[57241,5,57241,6],[57242,5,57242,6],[57243,1,57243,7],[57244,1,57244,3],[57248,1,57248,3],[57252,5,57252,6],[57253,5,57253,6],[57254,5,57254,6],[57255,5,57255,6],[57256,1,57256,7],[57257,1,57257,3],[57261,1,57261,3],[57374,5,57374,6],[57375,1,57375,7],[57376,1,57376,3],[57379,1,57379,3],[57383,1,57383,3],[57388,5,57388,6],[57389,5,57389,6],[57390,5,57390,6],[57391,5,57391,6],[57392,1,57392,7],[57393,1,57393,3],[57396,1,57396,3],[57400,1,57400,3],[57405,5,57405,6],[57406,5,57406,6],[57407,5,57407,6],[57408,5,57408,6],[57409,1,57409,7],[57410,1,57410,3],[57414,1,57414,3],[57419,5,57419,6],[57420,5,57420,6],[57421,5,57421,6],[57422,5,57422,6],[57423,1,57423,7],[57424,1,57424,3],[57428,1,57428,3],[57433,5,57433,6],[57434,5,57434,6],[57435,5,57435,6],[57436,5,57436,6],[57437,1,57437,7],[57438,1,57438,3],[57442,1,57442,3],[57447,5,57447,6],[57448,5,57448,6],[57449,5,57449,6],[57450,5,57450,6],[57451,1,57451,7],[57452,1,57452,3],[57456,1,57456,3],[57461,5,57461,6],[57462,5,57462,6],[57463,5,57463,6],[57464,5,57464,6],[57465,1,57465,7],[57466,1,57466,3],[57470,1,57470,3],[57475,5,57475,6],[57476,5,57476,6],[57477,5,57477,6],[57478,5,57478,6],[57479,1,57479,7],[57480,1,57480,3],[57484,1,57484,3],[57489,5,57489,6],[57490,5,57490,6],[57491,5,57491,6],[57492,5,57492,6],[57493,1,57493,7],[57494,1,57494,3],[57498,1,57498,3],[57503,5,57503,6],[57504,5,57504,6],[57505,5,57505,6],[57506,5,57506,6],[57507,1,57507,7],[57508,1,57508,3],[57512,1,57512,3],[57517,5,57517,6],[57518,5,57518,6],[57519,5,57519,6],[57520,5,57520,6],[57521,1,57521,7],[57522,1,57522,3],[57526,1,57526,3],[57603,5,57603,6],[57604,5,57604,6],[57605,1,57605,7],[57606,1,57606,3],[57612,1,57612,3],[57617,5,57617,6],[57618,5,57618,6],[57619,5,57619,6],[57620,5,57620,6],[57621,1,57621,7],[57622,1,57622,3],[57627,1,57627,3],[57630,5,57630,6],[57631,5,57631,6],[57632,5,57632,6],[57633,5,57633,6],[57634,1,57634,7],[57635,1,57635,3],[57641,1,57641,3],[57647,5,57647,6],[57648,5,57648,6],[57649,5,57649,6],[57650,5,57650,6],[57651,1,57651,7],[57652,1,57652,3],[57656,1,57656,3],[57660,5,57660,6],[57661,5,57661,6],[57662,5,57662,6],[57663,5,57663,6],[57664,1,57664,7],[57665,1,57665,3],[57669,1,57669,3],[57724,1,57724,7],[57725,1,57725,3],[57729,1,57729,3],[57732,5,57732,6],[57733,5,57733,6],[57734,5,57734,6],[57735,5,57735,6],[57736,1,57736,7],[57737,1,57737,3],[57742,1,57742,3],[57747,5,57747,6],[57748,5,57748,6],[57749,5,57749,6],[57750,5,57750,6],[57751,1,57751,7],[57752,1,57752,3],[57756,1,57756,3],[57759,5,57759,6],[57760,5,57760,6],[57761,5,57761,6],[57762,5,57762,6],[57763,1,57763,7],[57764,1,57764,3],[57768,1,57768,3],[57771,5,57771,6],[57772,5,57772,6],[57773,5,57773,6],[57774,5,57774,6],[57775,1,57775,7],[57776,1,57776,3],[57780,1,57780,3],[57784,5,57784,6],[57785,5,57785,6],[57786,5,57786,6],[57787,5,57787,6],[57788,1,57788,7],[57789,1,57789,3],[57793,1,57793,3],[57797,5,57797,6],[57798,5,57798,6],[57799,5,57799,6],[57800,5,57800,6],[57801,1,57801,7],[57802,1,57802,3],[57806,1,57806,3],[57811,5,57811,6],[57812,5,57812,6],[57813,1,57813,7],[57814,1,57814,3],[57818,1,57818,3],[57825,5,57825,6],[57826,5,57826,6],[57827,5,57827,6],[57828,5,57828,6],[57829,1,57829,7],[57830,1,57830,3],[57834,1,57834,3],[57837,5,57837,6],[57838,5,57838,6],[57839,5,57839,6],[57840,5,57840,6],[57841,1,57841,7],[57842,1,57842,3],[57846,1,57846,3],[57953,5,57953,6],[57954,5,57954,6],[57955,1,57955,7],[57956,1,57956,3],[57960,1,57960,3],[57964,5,57964,6],[57965,5,57965,6],[57966,5,57966,6],[57967,5,57967,6],[57968,1,57968,7],[57969,1,57969,3],[57973,1,57973,3],[57976,5,57976,6],[57977,5,57977,6],[57978,5,57978,6],[57979,5,57979,6],[57980,1,57980,7],[57981,1,57981,3],[57985,1,57985,3],[57988,5,57988,6],[57989,5,57989,6],[57990,5,57990,6],[57991,5,57991,6],[57992,1,57992,7],[57993,1,57993,3],[57997,1,57997,3],[58001,5,58001,6],[58002,5,58002,6],[58003,5,58003,6],[58004,5,58004,6],[58005,1,58005,7],[58006,1,58006,3],[58010,1,58010,3],[58013,5,58013,6],[58014,5,58014,6],[58015,5,58015,6],[58016,5,58016,6],[58017,1,58017,7],[58018,1,58018,3],[58022,1,58022,3],[58025,5,58025,6],[58026,5,58026,6],[58027,5,58027,6],[58028,5,58028,6],[58029,1,58029,7],[58030,1,58030,3],[58034,1,58034,3],[58037,5,58037,6],[58038,5,58038,6],[58039,5,58039,6],[58040,5,58040,6],[58041,1,58041,7],[58042,1,58042,3],[58046,1,58046,3],[58049,5,58049,6],[58050,5,58050,6],[58051,5,58051,6],[58052,5,58052,6],[58053,1,58053,7],[58054,1,58054,3],[58058,1,58058,3],[58061,5,58061,6],[58062,5,58062,6],[58063,5,58063,6],[58064,5,58064,6],[58065,1,58065,7],[58066,1,58066,3],[58070,1,58070,3],[58073,5,58073,6],[58074,5,58074,6],[58075,5,58075,6],[58076,5,58076,6],[58077,1,58077,7],[58078,1,58078,3],[58082,1,58082,3],[58088,5,58088,6],[58089,5,58089,6],[58090,5,58090,6],[58091,5,58091,6],[58092,1,58092,7],[58093,1,58093,3],[58097,1,58097,3],[58100,5,58100,6],[58101,5,58101,6],[58102,5,58102,6],[58211,1,58211,3],[58216,5,58216,6],[58217,5,58217,6],[58218,5,58218,6],[58219,5,58219,6],[58220,1,58220,7],[58221,1,58221,3],[58225,1,58225,3],[58230,5,58230,6],[58231,5,58231,6],[58232,5,58232,6],[58233,5,58233,6],[58234,1,58234,7],[58235,1,58235,3],[58239,1,58239,3],[58244,5,58244,6],[58245,5,58245,6],[58246,5,58246,6],[58247,5,58247,6],[58248,1,58248,7],[58249,1,58249,3],[58253,1,58253,3],[58256,5,58256,6],[58257,5,58257,6],[58258,5,58258,6],[58259,5,58259,6],[58260,1,58260,7],[58261,1,58261,3],[58265,1,58265,3],[58270,5,58270,6],[58271,5,58271,6],[58272,5,58272,6],[58273,5,58273,6],[58274,1,58274,7],[58275,1,58275,3],[58279,1,58279,3],[58284,5,58284,6],[58285,5,58285,6],[58286,5,58286,6],[58287,5,58287,6],[58288,1,58288,7],[58289,1,58289,3],[58293,1,58293,3],[58298,5,58298,6],[58299,5,58299,6],[58300,5,58300,6],[58301,5,58301,6],[58302,1,58302,7],[58303,1,58303,3],[58307,1,58307,3],[58312,5,58312,6],[58313,5,58313,6],[58314,5,58314,6],[58315,5,58315,6],[58316,1,58316,7],[58317,1,58317,3],[58321,1,58321,3],[58324,5,58324,6],[58325,5,58325,6],[58326,5,58326,6],[58327,5,58327,6],[58328,1,58328,7],[58329,1,58329,3],[58333,1,58333,3],[58336,5,58336,6],[58337,5,58337,6],[58338,5,58338,6],[58339,5,58339,6],[58340,1,58340,7],[58341,1,58341,3],[58345,1,58345,3],[58348,5,58348,6],[58351,5,58351,6],[58352,1,58352,7],[58353,1,58353,3],[58357,1,58357,3],[58361,5,58361,6],[58362,5,58362,6],[58363,5,58363,6],[58364,5,58364,6],[58365,1,58365,7],[58366,1,58366,3],[58370,1,58370,3],[58374,5,58374,6],[58375,5,58375,6],[58376,5,58376,6],[58377,5,58377,6],[58378,1,58378,7],[58379,1,58379,3],[58383,1,58383,3],[58387,5,58387,6],[58388,5,58388,6],[58389,5,58389,6],[58390,5,58390,6],[58391,1,58391,7],[58392,1,58392,3],[58396,1,58396,3],[58480,5,58480,6],[58481,1,58481,7],[58482,1,58482,3],[58486,1,58486,3],[58489,1,58489,3],[58493,5,58493,6],[58494,5,58494,6],[58495,5,58495,6],[58496,5,58496,6],[58497,1,58497,7],[58498,1,58498,3],[58501,1,58501,3],[58504,5,58504,6],[58505,5,58505,6],[58506,5,58506,6],[58507,5,58507,6],[58508,1,58508,7],[58509,1,58509,3],[58512,1,58512,3],[58515,5,58515,6],[58516,5,58516,6],[58517,5,58517,6],[58518,5,58518,6],[58519,1,58519,7],[58520,1,58520,3],[58525,1,58525,3],[58528,5,58528,6],[58529,5,58529,6],[58530,5,58530,6],[58531,5,58531,6],[58532,1,58532,7],[58533,1,58533,3],[58538,1,58538,3],[58541,5,58541,6],[58542,5,58542,6],[58543,5,58543,6],[58544,5,58544,6],[58545,1,58545,7],[58546,1,58546,3],[58551,1,58551,3],[58554,5,58554,6],[58555,5,58555,6],[58556,5,58556,6],[58557,5,58557,6],[58558,1,58558,7],[58559,1,58559,3],[58564,1,58564,3],[58567,5,58567,6],[58568,5,58568,6],[58569,5,58569,6],[58570,5,58570,6],[58571,1,58571,7],[58572,1,58572,3],[58575,1,58575,3],[58578,5,58578,6],[58579,5,58579,6],[58580,5,58580,6],[58581,5,58581,6],[58582,1,58582,7],[58583,1,58583,3],[58587,1,58587,3],[58593,5,58593,6],[58594,5,58594,6],[58595,5,58595,6],[58596,5,58596,6],[58597,1,58597,7],[58598,1,58598,3],[58601,1,58601,3],[58604,5,58604,6],[58605,5,58605,6],[58606,5,58606,6],[58607,5,58607,6],[58608,1,58608,7],[58609,1,58609,3],[58612,5,58612,6],[58613,5,58613,6],[58614,5,58614,6],[58615,5,58615,6],[58616,1,58616,7],[58617,1,58617,3],[58620,1,58620,3],[58623,5,58623,6],[58624,5,58624,6],[58625,5,58625,6],[58626,5,58626,6],[58627,1,58627,7],[58628,1,58628,3],[58631,5,58631,6],[58632,5,58632,6],[58633,5,58633,6],[58634,5,58634,6],[58635,1,58635,7],[58636,1,58636,3],[58639,5,58639,6],[58720,1,58720,3],[58723,5,58723,6],[58724,5,58724,6],[58725,5,58725,6],[58726,5,58726,6],[58727,1,58727,7],[58728,1,58728,3],[58731,5,58731,6],[58732,5,58732,6],[58733,5,58733,6],[58734,5,58734,6],[58735,1,58735,7],[58736,1,58736,3],[58741,1,58741,3],[58744,1,58744,3],[58747,5,58747,6],[58748,5,58748,6],[58749,5,58749,6],[58750,5,58750,6],[58751,1,58751,7],[58752,1,58752,3],[58757,1,58757,3],[58760,1,58760,3],[58763,5,58763,6],[58764,5,58764,6],[58765,5,58765,6],[58766,5,58766,6],[58767,1,58767,7],[58768,1,58768,3],[58773,1,58773,3],[58776,1,58776,3],[58779,5,58779,6],[58780,5,58780,6],[58781,5,58781,6],[58782,5,58782,6],[58783,1,58783,7],[58784,1,58784,3],[58789,1,58789,3],[58793,5,58793,6],[58794,5,58794,6],[58795,5,58795,6],[58796,5,58796,6],[58797,1,58797,7],[58798,1,58798,3],[58804,1,58804,3],[58811,5,58811,6],[58812,5,58812,6],[58813,5,58813,6],[58814,5,58814,6],[58815,1,58815,7],[58816,1,58816,3],[58822,1,58822,3],[58827,5,58827,6],[58828,5,58828,6],[58829,5,58829,6],[58830,5,58830,6],[58831,1,58831,7],[58832,1,58832,3],[58838,1,58838,3],[58842,5,58842,6],[58843,5,58843,6],[58844,5,58844,6],[58845,5,58845,6],[58846,1,58846,7],[58847,1,58847,3],[58853,1,58853,3],[58860,5,58860,6],[58861,5,58861,6],[58862,5,58862,6],[58863,5,58863,6],[58864,1,58864,7],[58865,1,58865,3],[58871,1,58871,3],[58878,5,58878,6],[58879,5,58879,6],[58880,5,58880,6],[58881,5,58881,6],[58882,1,58882,7],[58883,1,58883,3],[58888,5,58888,6],[58889,5,58889,6],[58890,5,58890,6],[59015,1,59015,3],[59018,5,59018,6],[59019,5,59019,6],[59020,5,59020,6],[59021,5,59021,6],[59022,1,59022,7],[59023,1,59023,3],[59027,1,59027,3],[59031,1,59031,3],[59034,5,59034,6],[59035,5,59035,6],[59036,5,59036,6],[59037,5,59037,6],[59038,1,59038,7],[59039,1,59039,3],[59043,1,59043,3],[59047,1,59047,3],[59050,5,59050,6],[59051,5,59051,6],[59052,5,59052,6],[59053,5,59053,6],[59054,1,59054,7],[59055,1,59055,3],[59060,1,59060,3],[59064,1,59064,3],[59067,5,59067,6],[59068,5,59068,6],[59069,5,59069,6],[59070,5,59070,6],[59071,1,59071,7],[59072,1,59072,3],[59076,1,59076,3],[59080,1,59080,3],[59083,5,59083,6],[59084,5,59084,6],[59085,5,59085,6],[59086,5,59086,6],[59087,1,59087,7],[59088,1,59088,3],[59093,1,59093,3],[59097,1,59097,3],[59100,5,59100,6],[59101,5,59101,6],[59102,5,59102,6],[59103,5,59103,6],[59104,1,59104,7],[59105,1,59105,3],[59110,1,59110,3],[59114,1,59114,3],[59117,5,59117,6],[59118,5,59118,6],[59119,5,59119,6],[59120,5,59120,6],[59121,1,59121,7],[59122,1,59122,3],[59128,1,59128,3],[59132,1,59132,3],[59135,1,59135,3],[59137,3,59138,3],[59140,5,59140,6],[59141,5,59141,6],[59142,5,59142,6],[59143,5,59143,6],[59144,1,59144,7],[59145,1,59145,3],[59149,1,59149,3],[59152,1,59152,3],[59155,1,59155,3],[59157,3,59158,3],[59160,5,59160,6],[59161,5,59161,6],[59162,5,59162,6],[59165,1,59165,3],[59171,1,59171,3],[59175,1,59175,3],[59178,1,59178,3],[59180,3,59181,3],[59183,5,59183,6],[59184,5,59184,6],[59185,5,59185,6],[59186,5,59186,6],[59187,1,59187,7],[59188,1,59188,3],[59193,1,59193,3],[59197,1,59197,3],[59200,5,59200,6],[59201,5,59201,6],[59202,5,59202,6],[59203,5,59203,6],[59204,1,59204,7],[59205,1,59205,3],[59210,1,59210,3],[59214,1,59214,3],[59217,5,59217,6],[59218,5,59218,6],[59219,5,59219,6],[59220,5,59220,6],[59312,5,59312,6],[59313,1,59313,7],[59314,1,59314,3],[59319,1,59319,3],[59323,1,59323,3],[59326,5,59326,6],[59327,5,59327,6],[59328,5,59328,6],[59329,5,59329,6],[59330,1,59330,7],[59331,1,59331,3],[59336,1,59336,3],[59340,1,59340,3],[59343,5,59343,6],[59344,5,59344,6],[59345,5,59345,6],[59346,5,59346,6],[59347,1,59347,7],[59348,1,59348,3],[59352,1,59352,3],[59355,5,59355,6],[59356,5,59356,6],[59357,5,59357,6],[59358,5,59358,6],[59359,1,59359,7],[59360,1,59360,3],[59364,1,59364,3],[59367,5,59367,6],[59368,5,59368,6],[59369,5,59369,6],[59370,5,59370,6],[59371,1,59371,7],[59372,1,59372,3],[59376,1,59376,3],[59379,5,59379,6],[59380,5,59380,6],[59381,5,59381,6],[59382,5,59382,6],[59383,1,59383,7],[59384,1,59384,3],[59387,1,59387,3],[59391,5,59391,6],[59392,5,59392,6],[59393,5,59393,6],[59394,5,59394,6],[59395,1,59395,7],[59396,1,59396,3],[59400,1,59400,3],[59409,5,59409,6],[59410,5,59410,6],[59411,5,59411,6],[59412,5,59412,6],[59413,1,59413,7],[59414,1,59414,3],[59417,1,59417,3],[59421,1,59421,3],[59425,5,59425,6],[59426,5,59426,6],[59427,5,59427,6],[59428,5,59428,6],[59429,1,59429,7],[59430,1,59430,3],[59434,1,59434,3],[59440,5,59440,6],[59441,5,59441,6],[59442,5,59442,6],[59443,5,59443,6],[59444,1,59444,7],[59445,1,59445,3],[59449,1,59449,3],[59452,5,59452,6],[59453,5,59453,6],[59454,5,59454,6],[59455,5,59455,6],[59456,1,59456,7],[59457,1,59457,3],[59461,1,59461,3],[59470,5,59470,6],[59471,5,59471,6],[59472,5,59472,6],[59473,5,59473,6],[59474,1,59474,7],[59475,1,59475,3],[59479,1,59479,3],[59485,5,59485,6],[59486,5,59486,6],[59487,5,59487,6],[59488,5,59488,6],[59489,1,59489,7],[59490,1,59490,3],[59495,5,59495,6],[59584,5,59584,6],[59585,5,59585,6],[59586,1,59586,7],[59587,1,59587,3],[59591,1,59591,3],[59595,5,59595,6],[59596,5,59596,6],[59597,5,59597,6],[59598,5,59598,6],[59599,1,59599,7],[59600,1,59600,3],[59604,1,59604,3],[59608,5,59608,6],[59609,5,59609,6],[59610,5,59610,6],[59611,5,59611,6],[59612,1,59612,7],[59613,1,59613,3],[59617,1,59617,3],[59621,5,59621,6],[59622,5,59622,6],[59623,5,59623,6],[59624,5,59624,6],[59625,1,59625,7],[59626,1,59626,3],[59630,1,59630,3],[59634,5,59634,6],[59635,5,59635,6],[59636,5,59636,6],[59637,5,59637,6],[59638,1,59638,7],[59639,1,59639,3],[59643,1,59643,3],[59647,5,59647,6],[59648,5,59648,6],[59649,5,59649,6],[59650,5,59650,6],[59651,1,59651,7],[59652,1,59652,3],[59656,1,59656,3],[59660,5,59660,6],[59661,5,59661,6],[59662,5,59662,6],[59663,5,59663,6],[59664,1,59664,7],[59665,1,59665,3],[59669,1,59669,3],[59673,5,59673,6],[59674,5,59674,6],[59675,5,59675,6],[59676,5,59676,6],[59677,1,59677,7],[59678,1,59678,3],[59682,1,59682,3],[59686,5,59686,6],[59687,5,59687,6],[59688,5,59688,6],[59689,5,59689,6],[59690,1,59690,7],[59691,1,59691,3],[59695,1,59695,3],[59699,5,59699,6],[59700,5,59700,6],[59701,5,59701,6],[59702,5,59702,6],[59703,1,59703,7],[59704,1,59704,3],[59708,1,59708,3],[59712,5,59712,6],[59713,5,59713,6],[59714,5,59714,6],[59715,5,59715,6],[59716,1,59716,7],[59717,1,59717,3],[59721,5,59721,6],[59722,5,59722,6],[59723,5,59723,6],[59724,5,59724,6],[59725,1,59725,7],[59791,5,59791,6],[59792,5,59792,6],[59793,5,59793,6],[59852,1,59852,3],[59856,1,59856,3],[59866,5,59866,6],[59867,5,59867,6],[59868,5,59868,6],[59869,5,59869,6],[59870,1,59870,7],[59871,1,59871,3],[59875,1,59875,3],[59880,5,59880,6],[59881,5,59881,6],[59882,5,59882,6],[59883,5,59883,6],[59884,1,59884,7],[59885,1,59885,3],[59889,1,59889,3],[59895,5,59895,6],[59896,5,59896,6],[59897,5,59897,6],[59898,5,59898,6],[59899,1,59899,7],[59900,1,59900,3],[59904,1,59904,3],[59909,5,59909,6],[59910,5,59910,6],[59911,5,59911,6],[59912,5,59912,6],[59913,1,59913,7],[59914,1,59914,3],[59918,1,59918,3],[59927,5,59927,6],[59928,5,59928,6],[59929,5,59929,6],[59930,5,59930,6],[59931,1,59931,7],[59932,1,59932,3],[59935,1,59935,3],[59939,1,59939,3],[59944,5,59944,6],[59945,5,59945,6],[59946,5,59946,6],[59947,5,59947,6],[59948,1,59948,7],[59949,1,59949,3],[59953,1,59953,3],[59957,5,59957,6],[59958,5,59958,6],[59959,5,59959,6],[59960,5,59960,6],[59961,1,59961,7],[59962,1,59962,3],[59966,1,59966,3],[59971,5,59971,6],[59972,5,59972,6],[59973,5,59973,6],[59974,5,59974,6],[59975,1,59975,7],[59976,1,59976,3],[59980,1,59980,3],[59986,5,59986,6],[59987,5,59987,6],[59988,5,59988,6],[59989,5,59989,6],[59990,1,59990,7],[59991,1,59991,3],[59997,1,59997,3],[60006,5,60006,6],[60007,5,60007,6],[60008,5,60008,6],[60009,5,60009,6],[60010,1,60010,7],[60011,1,60011,3],[60015,1,60015,3],[60021,5,60021,6],[60022,5,60022,6],[60023,5,60023,6],[60024,5,60024,6],[60025,1,60025,7],[60026,1,60026,3],[60029,5,60029,6],[60030,5,60030,6],[60031,5,60031,6],[60032,5,60032,6],[60033,1,60033,7],[60034,1,60034,3],[60037,1,60037,3],[60041,5,60041,6],[60042,5,60042,6],[60043,5,60043,6],[60044,5,60044,6],[60045,1,60045,7],[60046,1,60046,3],[60049,1,60049,3],[60052,5,60052,6],[60053,5,60053,6],[60054,5,60054,6],[60055,5,60055,6],[60056,1,60056,7],[60057,1,60057,3],[60060,5,60060,6],[60061,5,60061,6],[60062,5,60062,6],[60063,5,60063,6],[60064,1,60064,7],[60065,1,60065,3],[60068,1,60068,3],[60072,5,60072,6],[60073,5,60073,6],[60074,5,60074,6],[60075,5,60075,6],[60076,1,60076,7],[60077,1,60077,3],[60084,1,60084,3],[60153,1,60153,3],[60157,5,60157,6],[60158,5,60158,6],[60159,5,60159,6],[60160,5,60160,6],[60161,1,60161,7],[60162,1,60162,3],[60166,1,60166,3],[60169,5,60169,6],[60170,5,60170,6],[60171,5,60171,6],[60172,5,60172,6],[60173,1,60173,7],[60174,1,60174,3],[60178,1,60178,3],[60181,5,60181,6],[60182,5,60182,6],[60183,5,60183,6],[60184,5,60184,6],[60185,1,60185,7]],"bounds":{"rows_first":2000,"rows_last":500,"rows_between":2000,"halvings":0},"merged_total":30683,"flags":["merged_cut"]}
[{"$nulls":3},"Relatório de Composições"]
[{"$nulls":3},"Tabela 024"]
["SEINFRA","C1802 - BOMBA CENTRÍFUGA DE 1/4 CV, INCLUSIVE MAT.DE SUCÇÃO - UN"]
["SEINFRA","MAO DE OBRA",null,null,"Unidade","Coeficiente","Preço","Total"]
["SEINFRA","I0043",{"v":8,"d":"8.0000"},"AJUDANTE DE ENCANADOR","H",{"v":8,"d":"8.0000"},{"v":5.6,"d":"5.6000"},{"v":44.8,"d":"44.8000"}]
["SEINFRA","I2320",{"v":8,"d":"8.0000"},"ENCANADOR","H",{"v":8,"d":"8.0000"},{"v":7.2,"d":"7.2000"},{"v":57.6,"d":"57.6000"}]
["SEINFRA",{"$nulls":5},"Total:",{"v":102.4,"d":"102.4000"}]
["SEINFRA","MATERIAIS"]
["SEINFRA","I0852",{"v":1,"d":"1.0000"},"BOMBA CENTRIFUGA P=1/4CV","UN",{"v":1,"d":"1.0000"},{"v":325.48,"d":"325.4800"},{"v":325.48,"d":"325.4800"}]
["SEINFRA",{"$nulls":5},"Total:",{"v":325.48,"d":"325.4800"}]
["SEINFRA",{"$nulls":4},"Total Simples:",null,427.88]
["SEINFRA",{"$nulls":4},"Encargos Sociais:",null,119.12]
["SEINFRA",{"$nulls":4},"Valor BDI:",null,{"v":0,"d":"0.00"}]
["SEINFRA",{"$nulls":4},"Valor Geral:",null,{"v":547.0019,"d":"547.00"}]
["SEINFRA","C1803 - MURETA C/TIJOLO MACIÇO, REBOCADA, INCL. FUNDAÇÕES - M2"]
["SEINFRA","MAO DE OBRA",null,null,"Unidade","Coeficiente","Preço","Total"]
["SEINFRA","I2391",{"v":3.86,"d":"3.8600"},"PEDREIRO","H",{"v":3.86,"d":"3.8600"},{"v":7.2,"d":"7.2000"},{"v":27.791999999999998,"d":"27.7920"}]
["SEINFRA","I2543",{"v":6.32,"d":"6.3200"},"SERVENTE","H",{"v":6.32,"d":"6.3200"},{"v":4.88,"d":"4.8800"},30.8416]
["SEINFRA",{"$nulls":5},"Total:",58.6336]
["SEINFRA","MATERIAIS"]
["SEINFRA","I0109",0.1685,"AREIA MEDIA","M3",0.1685,{"v":46,"d":"46.0000"},{"v":7.751,"d":"7.7510"}]
["SEINFRA","I0441",{"v":17.908,"d":"17.9080"},"CAL HIDRATADA","KG",{"v":17.908,"d":"17.9080"},{"v":0.74,"d":"0.7400"},{"v":13.25192,"d":"13.2519"}]
["SEINFRA","I0805",{"v":31.048,"d":"31.0480"},"CIMENTO PORTLAND","KG",{"v":31.048,"d":"31.0480"},{"v":0.5,"d":"0.5000"},{"v":15.524,"d":"15.5240"}]
["SEINFRA","I1600",{"v":0.138,"d":"0.1380"},"PEDRA DE MÃO (RACHÃO)","M3",{"v":0.138,"d":"0.1380"},{"v":45.37,"d":"45.3700"},{"v":6.2610600000000005,"d":"6.2611"}]
["SEINFRA","I2082",{"v":174.9,"d":"174.9000"},"TIJOLO MACIÇO COMUM","UN",{"v":174.9,"d":"174.9000"},{"v":0.25,"d":"0.2500"},{"v":43.725,"d":"43.7250"}]
["SEINFRA",{"$nulls":5},"Total:",{"v":86.513,"d":"86.5130"}]
["SEINFRA",{"$nulls":4},"Total Simples:",null,{"v":145.14658,"d":"145.15"}]
["SEINFRA",{"$nulls":4},"Encargos Sociais:",null,68.21]
["SEINFRA",{"$nulls":4},"Valor BDI:",null,{"v":0,"d":"0.00"}]
["SEINFRA",{"$nulls":4},"Valor Geral:",null,{"v":213.35508000000002,"d":"213.36"}]
["SEINFRA","C1804 - MURO DIVISÓRIO C/BLOCOS DE CONCRETO 14x19x39 CM, H=1.80M, C/ SAPATA CORRIDA DE CONCRETO FCK = 13,5 MPa E PILARES DE CONCRETO - M"]
["SEINFRA","MAO DE OBRA",null,null,"Unidade","Coeficiente","Preço","Total"]
["SEINFRA","I0040",{"v":0.42,"d":"0.4200"},"AJUDANTE DE ARMADOR/FERREIRO","H",{"v":0.42,"d":"0.4200"},{"v":5.6,"d":"5.6000"},{"v":2.352,"d":"2.3520"}]
["SEINFRA","I0121",{"v":0.42,"d":"0.4200"},"ARMADOR/FERREIRO","H",{"v":0.42,"d":"0.4200"},{"v":7.2,"d":"7.2000"},{"v":3.024,"d":"3.0240"}]
["SEINFRA","I2391",{"v":1.37,"d":"1.3700"},"PEDREIRO","H",{"v":1.37,"d":"1.3700"},{"v":7.2,"d":"7.2000"},{"v":9.864,"d":"9.8640"}]
["SEINFRA","I2543",{"v":2.4,"d":"2.4000"},"SERVENTE","H",{"v":2.4,"d":"2.4000"},{"v":4.88,"d":"4.8800"},{"v":11.712,"d":"11.7120"}]
["SEINFRA",{"$nulls":5},"Total:",{"v":26.952,"d":"26.9520"}]
["SEINFRA","MATERIAIS"]
["SEINFRA","I0103",{"v":0.11,"d":"0.1100"},"ARAME RECOZIDO N.18 BWG","KG",{"v":0.11,"d":"0.1100"},{"v":9.97,"d":"9.9700"},1.0967]
["SEINFRA","I0109",{"v":0.088,"d":"0.0880"},"AREIA MEDIA","M3",{"v":0.088,"d":"0.0880"},{"v":46,"d":"46.0000"},{"v":4.048,"d":"4.0480"}]
["SEINFRA","I0163",{"v":6,"d":"6.0000"},"AÇO CA-50","KG",{"v":6,"d":"6.0000"},{"v":3.96,"d":"3.9600"},{"v":23.76,"d":"23.7600"}]
["SEINFRA","I0231",{"v":24,"d":"24.0000"},"BLOCO DE CONCRETO 14x19x39cm - VEDAÇÃO","UN",{"v":24,"d":"24.0000"},{"v":1.78,"d":"1.7800"},{"v":42.72,"d":"42.7200"}]
["SEINFRA","I0280",{"v":0.038,"d":"0.0380"},"BRITA","M3",{"v":0.038,"d":"0.0380"},{"v":56,"d":"56.0000"},{"v":2.128,"d":"2.1280"}]
["SEINFRA","I0441",{"v":4,"d":"4.0000"},"CAL HIDRATADA","KG",{"v":4,"d":"4.0000"},{"v":0.74,"d":"0.7400"},{"v":2.96,"d":"2.9600"}]
["SEINFRA","I0805",{"v":36,"d":"36.0000"},"CIMENTO PORTLAND","KG",{"v":36,"d":"36.0000"},{"v":0.5,"d":"0.5000"},{"v":18,"d":"18.0000"}]
["SEINFRA","I1605",0.0163,"PEDRISCO","M3",0.0163,{"v":63.2,"d":"63.2000"},{"v":1.03016,"d":"1.0302"}]
["SEINFRA","I1916",{"v":1.34,"d":"1.3400"},"TABUA DE 1\" DE 3A. - L = 30cm","M",{"v":1.34,"d":"1.3400"},{"v":6.18,"d":"6.1800"},8.2812]
["SEINFRA",{"$nulls":5},"Total:",104.0241]
["SEINFRA",{"$nulls":4},"Total Simples:",null,{"v":130.97606,"d":"130.98"}]
["SEINFRA",{"$nulls":4},"Encargos Sociais:",null,31.35]
["SEINFRA",{"$nulls":4},"Valor BDI:",null,{"v":0,"d":"0.00"}]
["SEINFRA",{"$nulls":4},"Valor Geral:",null,{"v":162.32936,"d":"162.33"}]
["SEINFRA","C1805 - MURO DIVISÓRIO C/ BLOCOS DE CONCRETO 14x19x39 CM, H=1,80 M, SOBRE SAPATA CORRIDA, C/ PILARETES E CINTA DE AMARRAÇÃO DE CONCRETO C/ PINGADEIRAS - M"]
["SEINFRA","EQUIPAMENTOS (CHORARIO)",null,null,"Unidade","Coeficiente","Preço","Total"]
["SEINFRA","I0682",0.0498,"BETONEIRA ELÉTRICA 580L (CHP)","H",0.0498,{"v":13.8267832,"d":"13.8268"},{"v":0.68857380336,"d":"0.6886"}]
["SEINFRA",{"$nulls":5},"Total:",0.6886]
["SEINFRA","MAO DE OBRA"]
["SEINFRA","I0041",{"v":1.04,"d":"1.0400"},"AJUDANTE DE CARPINTEIRO","H",{"v":1.04,"d":"1.0400"},{"v":5.6,"d":"5.6000"},{"v":5.824,"d":"5.8240"}]
["SEINFRA","I0121",{"v":0.32,"d":"0.3200"},"ARMADOR/FERREIRO","H",{"v":0.32,"d":"0.3200"},{"v":7.2,"d":"7.2000"},{"v":2.3040000000000003,"d":"2.3040"}]
["SEINFRA","I0498",{"v":0.72,"d":"0.7200"},"CARPINTEIRO","H",{"v":0.72,"d":"0.7200"},{"v":7.2,"d":"7.2000"},{"v":5.184,"d":"5.1840"}]
["SEINFRA","I2391",{"v":2.53,"d":"2.5300"},"PEDREIRO","H",{"v":2.53,"d":"2.5300"},{"v":7.2,"d":"7.2000"},{"v":18.215999999999998,"d":"18.2160"}]
["SEINFRA","I2543",{"v":6.39,"d":"6.3900"},"SERVENTE","H",{"v":6.39,"d":"6.3900"},{"v":4.88,"d":"4.8800"},31.1832]
["SEINFRA",{"$nulls":5},"Total:",62.7112]
["SEINFRA","MATERIAIS"]
["SEINFRA","I0103",{"v":0.08,"d":"0.0800"},"ARAME RECOZIDO N.18 BWG","KG",{"v":0.08,"d":"0.0800"},{"v":9.97,"d":"9.9700"},0.7976]
["SEINFRA","I0109",0.0818,"AREIA MEDIA","M3",0.0818,{"v":46,"d":"46.0000"},3.7628]
["SEINFRA","I0157",{"v":2.38,"d":"2.3800"},"AÇO CA-25","KG",{"v":2.38,"d":"2.3800"},{"v":4.06,"d":"4.0600"},{"v":9.662799999999999,"d":"9.6628"}]
["SEINFRA","I0231",{"v":29,"d":"29.0000"},"BLOCO DE CONCRETO 14x19x39cm - VEDAÇÃO","UN",{"v":29,"d":"29.0000"},{"v":1.78,"d":"1.7800"},{"v":51.62,"d":"51.6200"}]
["SEINFRA","I0280",0.0429,"BRITA","M3",0.0429,{"v":56,"d":"56.0000"},2.4024]
["SEINFRA","I0441",{"v":1,"d":"1.0000"},"CAL HIDRATADA","KG",{"v":1,"d":"1.0000"},{"v":0.74,"d":"0.7400"},{"v":0.74,"d":"0.7400"}]
["SEINFRA","I0805",{"v":38,"d":"38.0000"},"CIMENTO PORTLAND","KG",{"v":38,"d":"38.0000"},{"v":0.5,"d":"0.5000"},{"v":19,"d":"19.0000"}]
["SEINFRA","I1605",0.0184,"PEDRISCO","M3",0.0184,{"v":63.2,"d":"63.2000"},{"v":1.16288,"d":"1.1629"}]
["SEINFRA","I1728",{"v":0.08,"d":"0.0800"},"PREGO 18X27 (2 1/2 X 10)","KG",{"v":0.08,"d":"0.0800"},{"v":9.4,"d":"9.4000"},{"v":0.752,"d":"0.7520"}]
["SEINFRA","I1916",{"v":0.28,"d":"0.2800"},"TABUA DE 1\" DE 3A. - L = 30cm","M",{"v":0.28,"d":"0.2800"},{"v":6.18,"d":"6.1800"},{"v":1.7304000000000002,"d":"1.7304"}]
["SEINFRA",{"$nulls":5},"Total:",91.6309]
["SEINFRA",{"$nulls":4},"Total Simples:",null,{"v":155.03065380336,"d":"155.03"}]
["SEINFRA",{"$nulls":4},"Encargos Sociais:",null,73.37]
["SEINFRA",{"$nulls":4},"Valor BDI:",null,{"v":0,"d":"0.00"}]
["SEINFRA",{"$nulls":4},"Valor Geral:",null,{"v":228.39975380336,"d":"228.40"}]
["SEINFRA","C1801 - MOSAICO VIDROSO C/ARGAMASSA MISTA CIMENTO,CAL E AREIA  TRAÇO 1:1:6  INCLUSIVE. LIMPEZA - M2"]
["SEINFRA","MAO DE OBRA",null,null,"Unidade","Coeficiente","Preço","Total"]
["SEINFRA","I1599",{"v":1.5,"d":"1.5000"},"PASTILHEIRO","H",{"v":1.5,"d":"1.5000"},{"v":7.2,"d":"7.2000"},{"v":10.8,"d":"10.8000"}]
["SEINFRA","I2543",{"v":2.2,"d":"2.2000"},"SERVENTE","H",{"v":2.2,"d":"2.2000"},{"v":4.88,"d":"4.8800"},{"v":10.736,"d":"10.7360"}]
["SEINFRA",{"$nulls":5},"Total:",{"v":21.536,"d":"21.5360"}]
["SEINFRA","MATERIAIS"]
["SEINFRA","I0109",0.0243,"AREIA MEDIA","M3",0.0243,{"v":46,"d":"46.0000"},1.1178]
["SEINFRA","I0154",{"v":0.1,"d":"0.1000"},"ÁCIDO MURIÁTICO","L",{"v":0.1,"d":"0.1000"},{"v":3.12,"d":"3.1200"},{"v":0.312,"d":"0.3120"}]
["SEINFRA","I0441",{"v":2.44,"d":"2.4400"},"CAL HIDRATADA","KG",{"v":2.44,"d":"2.4400"},{"v":0.74,"d":"0.7400"},{"v":1.8055999999999999,"d":"1.8056"}]
["SEINFRA","I0805",{"v":6.06,"d":"6.0600"},"CIMENTO PORTLAND","KG",{"v":6.06,"d":"6.0600"},{"v":0.5,"d":"0.5000"},{"v":3.03,"d":"3.0300"}]
["SEINFRA","I1531",{"v":1.1,"d":"1.1000"},"MOSAICO VIDROSO 2X2CM","M2",{"v":1.1,"d":"1.1000"},{"v":177.78,"d":"177.7800"},{"v":195.55800000000002,"d":"195.5580"}]
["SEINFRA","I1871",{"v":0.1,"d":"0.1000"},"SODA CAUSTICA","KG",{"v":0.1,"d":"0.1000"},{"v":4.59,"d":"4.5900"},{"v":0.459,"d":"0.4590"}]
["SEINFRA",{"$nulls":5},"Total:",202.2824]
["SEINFRA",{"$nulls":4},"Total Simples:",null,{"v":223.81840000000003,"d":"223.82"}]
["SEINFRA",{"$nulls":4},"Encargos Sociais:",null,25.05]
["SEINFRA",{"$nulls":4},"Valor BDI:",null,{"v":0,"d":"0.00"}]
["SEINFRA",{"$nulls":4},"Valor Geral:",null,{"v":248.87120000000002,"d":"248.87"}]
["SEINFRA","C1807 - MURO CONTORNO DE ALVENARIA. E CONCRETO(PILAR+CINTA),INCLUSIVE PINTURA - M2"]
["SEINFRA","EQUIPAMENTOS (CHORARIO)",null,null,"Unidade","Coeficiente","Preço","Total"]
["SEINFRA","I0682",{"v":0.03,"d":"0.0300"},"BETONEIRA ELÉTRICA 580L (CHP)","H",{"v":0.03,"d":"0.0300"},{"v":13.8267832,"d":"13.8268"},{"v":0.414803496,"d":"0.4148"}]
["SEINFRA",{"$nulls":5},"Total:",0.4148]
["SEINFRA","MAO DE OBRA"]
["SEINFRA","I0040",{"v":0.15,"d":"0.1500"},"AJUDANTE DE ARMADOR/FERREIRO","H",{"v":0.15,"d":"0.1500"},{"v":5.6,"d":"5.6000"},{"v":0.84,"d":"0.8400"}]
["SEINFRA","I0045",{"v":0.22,"d":"0.2200"},"AJUDANTE DE PINTOR","H",{"v":0.22,"d":"0.2200"},{"v":5.6,"d":"5.6000"},{"v":1.232,"d":"1.2320"}]
["SEINFRA","I0121",{"v":0.15,"d":"0.1500"},"ARMADOR/FERREIRO","H",{"v":0.15,"d":"0.1500"},{"v":7.2,"d":"7.2000"},{"v":1.08,"d":"1.0800"}]
["SEINFRA","I2391",{"v":3.2,"d":"3.2000"},"PEDREIRO","H",{"v":3.2,"d":"3.2000"},{"v":7.2,"d":"7.2000"},{"v":23.040000000000003,"d":"23.0400"}]
["SEINFRA","I2395",{"v":0.75,"d":"0.7500"},"PINTOR","H",{"v":0.75,"d":"0.7500"},{"v":7.2,"d":"7.2000"},{"v":5.4,"d":"5.4000"}]
["SEINFRA","I2543",{"v":5.2,"d":"5.2000"},"SERVENTE","H",{"v":5.2,"d":"5.2000"},{"v":4.88,"d":"4.8800"},{"v":25.376,"d":"25.3760"}]
["SEINFRA",{"$nulls":5},"Total:",{"v":56.968,"d":"56.9680"}]
["SEINFRA","MATERIAIS"]
["SEINFRA","I0103",{"v":0.04,"d":"0.0400"},"ARAME RECOZIDO N.18 BWG","KG",{"v":0.04,"d":"0.0400"},{"v":9.97,"d":"9.9700"},0.3988]
["SEINFRA","I0108",{"v":0.08,"d":"0.0800"},"AREIA GROSSA","M3",{"v":0.08,"d":"0.0800"},{"v":50,"d":"50.0000"},{"v":4,"d":"4.0000"}]
["SEINFRA","I0109",{"v":0.085,"d":"0.0850"},"AREIA MEDIA","M3",{"v":0.085,"d":"0.0850"},{"v":46,"d":"46.0000"},{"v":3.91,"d":"3.9100"}]
["SEINFRA","I0163",{"v":2.18,"d":"2.1800"},"AÇO CA-50","KG",{"v":2.18,"d":"2.1800"},{"v":3.96,"d":"3.9600"},{"v":8.632800000000001,"d":"8.6328"}]
["SEINFRA","I0280",{"v":0.03,"d":"0.0300"},"BRITA","M3",{"v":0.03,"d":"0.0300"},{"v":56,"d":"56.0000"},{"v":1.68,"d":"1.6800"}]
["SEINFRA","I0805",{"v":45,"d":"45.0000"},"CIMENTO PORTLAND","KG",{"v":45,"d":"45.0000"},{"v":0.5,"d":"0.5000"},{"v":22.5,"d":"22.5000"}]
["SEINFRA","I1600",{"v":0.15,"d":"0.1500"},"PEDRA DE MÃO (RACHÃO)","M3",{"v":0.15,"d":"0.1500"},{"v":45.37,"d":"45.3700"},{"v":6.805499999999999,"d":"6.8055"}]
["SEINFRA","I1605",{"v":0.01,"d":"0.0100"},"PEDRISCO","M3",{"v":0.01,"d":"0.0100"},{"v":63.2,"d":"63.2000"},{"v":0.632,"d":"0.6320"}]
["SEINFRA","I1917",{"v":0.45,"d":"0.4500"},"TABUA DE 1\" - L = 12cm","M",{"v":0.45,"d":"0.4500"},{"v":4.41,"d":"4.4100"},{"v":1.9845000000000002,"d":"1.9845"}]
["SEINFRA","I2081",{"v":25,"d":"25.0000"},"TIJOLO CERÂMICO FURADO  9X19X19CM","UN",{"v":25,"d":"25.0000"},{"v":0.42,"d":"0.4200"},{"v":10.5,"d":"10.5000"}]
["SEINFRA","I2082",{"v":18,"d":"18.0000"},"TIJOLO MACIÇO COMUM","UN",{"v":18,"d":"18.0000"},{"v":0.25,"d":"0.2500"},{"v":4.5,"d":"4.5000"}]
["SEINFRA","I2098",{"v":0.87,"d":"0.8700"},"TINTA MINERAL IMPERMEÁVEL EM PÓ","KG",{"v":0.87,"d":"0.8700"},{"v":4.95,"d":"4.9500"},4.3065]
["SEINFRA",{"$nulls":5},"Total:",69.8501]
["SEINFRA",{"$nulls":4},"Total Simples:",null,{"v":127.232903496,"d":"127.23"}]
["SEINFRA",{"$nulls":4},"Encargos Sociais:",null,66.53]
["SEINFRA",{"$nulls":4},"Valor BDI:",null,{"v":0,"d":"0.00"}]
["SEINFRA",{"$nulls":4},"Valor Geral:",null,{"v":193.755003496,"d":"193.76"}]
["SEINFRA","C1806 - MURO C/MOURÕES E PLACAS PRÉ-FABRICADAS DE CONCRETO H=2.00M - M"]
["SEINFRA","MAO DE OBRA",null,null,"Unidade","Coeficiente","Preço","Total"]
["SEINFRA","I2391",{"v":0.8,"d":"0.8000"},"PEDREIRO","H",{"v":0.8,"d":"0.8000"},{"v":7.2,"d":"7.2000"},{"v":5.760000000000001,"d":"5.7600"}]
["SEINFRA","I2543",{"v":1.6,"d":"1.6000"},"SERVENTE","H",{"v":1.6,"d":"1.6000"},{"v":4.88,"d":"4.8800"},{"v":7.808000000000001,"d":"7.8080"}]
["SEINFRA",{"$nulls":5},"Total:",{"v":13.568,"d":"13.5680"}]
["SEINFRA","MATERIAIS"]
["SEINFRA","I0109",0.0388,"AREIA MEDIA","M3",0.0388,{"v":46,"d":"46.0000"},{"v":1.7848000000000002,"d":"1.7848"}]
["SEINFRA","I0280",0.0455,"BRITA","M3",0.0455,{"v":56,"d":"56.0000"},{"v":2.548,"d":"2.5480"}]
["SEINFRA","I0805",{"v":13,"d":"13.0000"},"CIMENTO PORTLAND","KG",{"v":13,"d":"13.0000"},{"v":0.5,"d":"0.5000"},{"v":6.5,"d":"6.5000"}]
["SEINFRA","I1534",{"v":0.5,"d":"0.5000"},"MOURÃO CONCRETO COM ENCAIXE 12X12X260CM","UN",{"v":0.5,"d":"0.5000"},{"v":32,"d":"32.0000"},{"v":16,"d":"16.0000"}]
["SEINFRA","I1671",{"v":2,"d":"2.0000"},"PLACA PRÉ-FABRICADA DE CONCRETO PARA MURO 200X50X3.5CM","UN",{"v":2,"d":"2.0000"},{"v":71.7,"d":"71.7000"},{"v":143.4,"d":"143.4000"}]
["SEINFRA",{"$nulls":5},"Total:",170.2328]
["SEINFRA",{"$nulls":4},"Total Simples:",null,{"v":183.8008,"d":"183.80"}]
["SEINFRA",{"$nulls":4},"Encargos Sociais:",null,15.78]
["SEINFRA",{"$nulls":4},"Valor BDI:",null,{"v":0,"d":"0.00"}]
["SEINFRA",{"$nulls":4},"Valor Geral:",null,{"v":199.5845,"d":"199.58"}]
["SEINFRA","C1809 - MURO DE ARRIMO C/ BLOCOS DE CONCRETO ARTICULADO (60X45X15)cm  C/INJEÇÃO ATÉ 2,5m - M2"]
["SEINFRA","MAO DE OBRA",null,null,"Unidade","Coeficiente","Preço","Total"]
["SEINFRA","I2391",{"v":3,"d":"3.0000"},"PEDREIRO","H",{"v":3,"d":"3.0000"},{"v":7.2,"d":"7.2000"},{"v":21.6,"d":"21.6000"}]
["SEINFRA","I2543",{"v":10,"d":"10.0000"},"SERVENTE","H",{"v":10,"d":"10.0000"},{"v":4.88,"d":"4.8800"},{"v":48.8,"d":"48.8000"}]
["SEINFRA",{"$nulls":5},"Total:",{"v":70.4,"d":"70.4000"}]
["SEINFRA","MATERIAIS"]
["SEINFRA","I0109",{"v":0.12,"d":"0.1200"},"AREIA MEDIA","M3",{"v":0.12,"d":"0.1200"},{"v":46,"d":"46.0000"},{"v":5.52,"d":"5.5200"}]
["SEINFRA","I0157",{"v":0.46,"d":"0.4600"},"AÇO CA-25","KG",{"v":0.46,"d":"0.4600"},{"v":4.06,"d":"4.0600"},{"v":1.8676000000000001,"d":"1.8676"}]
["SEINFRA","I0163",{"v":9.24,"d":"9.2400"},"AÇO CA-50","KG",{"v":9.24,"d":"9.2400"},{"v":3.96,"d":"3.9600"},36.5904]
["SEINFRA","I0236",{"v":5,"d":"5.0000"},"BLOCO DE CONCRETO ARTICULADO 15X45X60CM","UN",{"v":5,"d":"5.0000"},{"v":13.2,"d":"13.2000"},{"v":66,"d":"66.0000"}]
["SEINFRA","I0280",{"v":0.23,"d":"0.2300"},"BRITA","M3",{"v":0.23,"d":"0.2300"},{"v":56,"d":"56.0000"},{"v":12.88,"d":"12.8800"}]
["SEINFRA","I0805",{"v":55,"d":"55.0000"},"CIMENTO PORTLAND","KG",{"v":55,"d":"55.0000"},{"v":0.5,"d":"0.5000"},{"v":27.5,"d":"27.5000"}]
["SEINFRA",{"$nulls":5},"Total:",{"v":150.358,"d":"150.3580"}]
["SEINFRA",{"$nulls":4},"Total Simples:",null,{"v":220.758,"d":"220.76"}]
["SEINFRA",{"$nulls":4},"Encargos Sociais:",null,81.89]
["SEINFRA",{"$nulls":4},"Valor BDI:",null,{"v":0,"d":"0.00"}]
["SEINFRA",{"$nulls":4},"Valor Geral:",null,{"v":302.6543,"d":"302.65"}]
["SEINFRA","C1808 - MURO DE ARRIMO C/ BLOCOS DE CONCRETO ARTICULADO (30X15X28)cm - M2"]
["SEINFRA","MAO DE OBRA",null,null,"Unidade","Coeficiente","Preço","Total"]
["SEINFRA","I2391",{"v":2,"d":"2.0000"},"PEDREIRO","H",{"v":2,"d":"2.0000"},{"v":7.2,"d":"7.2000"},{"v":14.4,"d":"14.4000"}]
["SEINFRA","I2543",{"v":7,"d":"7.0000"},"SERVENTE","H",{"v":7,"d":"7.0000"},{"v":4.88,"d":"4.8800"},{"v":34.16,"d":"34.1600"}]
["SEINFRA",{"$nulls":5},"Total:",{"v":48.56,"d":"48.5600"}]
["SEINFRA","MATERIAIS"]
["SEINFRA","I0109",{"v":0.04,"d":"0.0400"},"AREIA MEDIA","M3",{"v":0.04,"d":"0.0400"},{"v":46,"d":"46.0000"},{"v":1.84,"d":"1.8400"}]
["SEINFRA","I0235",{"v":24,"d":"24.0000"},"BLOCO DE CONCRETO ARTICULADO 15X28X30CM","UN",{"v":24,"d":"24.0000"},{"v":3.4,"d":"3.4000"},{"v":81.6,"d":"81.6000"}]
["SEINFRA","I0280",{"v":0.104,"d":"0.1040"},"BRITA","M3",{"v":0.104,"d":"0.1040"},{"v":56,"d":"56.0000"},{"v":5.824,"d":"5.8240"}]
["SEINFRA","I0805",{"v":15,"d":"15.0000"},"CIMENTO PORTLAND","KG",{"v":15,"d":"15.0000"},{"v":0.5,"d":"0.5000"},{"v":7.5,"d":"7.5000"}]
["SEINFRA",{"$nulls":5},"Total:",{"v":96.764,"d":"96.7640"}]
["SEINFRA",{"$nulls":4},"Total Simples:",null,{"v":145.324,"d":"145.32"}]
["SEINFRA",{"$nulls":4},"Encargos Sociais:",null,56.49]
["SEINFRA",{"$nulls":4},"Valor BDI:",null,{"v":0,"d":"0.00"}]
["SEINFRA",{"$nulls":4},"Valor Geral:",null,{"v":201.8138,"d":"201.81"}]
["SEINFRA","C1821 - NIPLE DUPLO AÇO GALV. D=65mm (2 1/2\") - UN"]
["SEINFRA","MAO DE OBRA",null,null,"Unidade","Coeficiente","Preço","Total"]
["SEINFRA","I0043",{"v":0.4,"d":"0.4000"},"AJUDANTE DE ENCANADOR","H",{"v":0.4,"d":"0.4000"},{"v":5.6,"d":"5.6000"},{"v":2.24,"d":"2.2400"}]
["SEINFRA","I2320",{"v":0.4,"d":"0.4000"},"ENCANADOR","H",{"v":0.4,"d":"0.4000"},{"v":7.2,"d":"7.2000"},{"v":2.8800000000000003,"d":"2.8800"}]
["SEINFRA",{"$nulls":5},"Total:",{"v":5.12,"d":"5.1200"}]
["SEINFRA","MATERIAIS"]
["SEINFRA","I1541",{"v":1,"d":"1.0000"},"NIPLE DUPLO AÇO GALVANIZADO 2 1/2''","UN",{"v":1,"d":"1.0000"},{"v":25.6,"d":"25.6000"},{"v":25.6,"d":"25.6000"}]
["SEINFRA",{"$nulls":5},"Total:",{"v":25.6,"d":"25.6000"}]
["SEINFRA",{"$nulls":4},"Total Simples:",null,30.72]
["SEINFRA",{"$nulls":4},"Encargos Sociais:",null,5.96]
["SEINFRA",{"$nulls":4},"Valor BDI:",null,{"v":0,"d":"0.00"}]
["SEINFRA",{"$nulls":4},"Valor Geral:",null,{"v":36.6761,"d":"36.68"}]
["SEINFRA","C1822 - NIPLE DUPLO DE REDUÇÃO AÇO GALV. D=20X15mm (3/4\"X1/2\") - UN"]
["SEINFRA","MAO DE OBRA",null,null,"Unidade","Coeficiente","Preço","Total"]
["SEINFRA","I0043",{"v":0.2,"d":"0.2000"},"AJUDANTE DE ENCANADOR","H",{"v":0.2,"d":"0.2000"},{"v":5.6,"d":"5.6000"},{"v":1.12,"d":"1.1200"}]
["SEINFRA","I2320",{"v":0.2,"d":"0.2000"},"ENCANADOR","H",{"v":0.2,"d":"0.2000"},{"v":7.2,"d":"7.2000"},{"v":1.4400000000000002,"d":"1.4400"}]
["SEINFRA",{"$nulls":5},"Total:",{"v":2.56,"d":"2.5600"}]
["SEINFRA","MATERIAIS"]
["SEINFRA","I1545",{"v":1,"d":"1.0000"},"NIPLE DUPLO REDUCÃO GALV 3/4X1/2''","UN",{"v":1,"d":"1.0000"},{"v":3.9,"d":"3.9000"},{"v":3.9,"d":"3.9000"}]
["SEINFRA",{"$nulls":5},"Total:",{"v":3.9,"d":"3.9000"}]
["SEINFRA",{"$nulls":4},"Total Simples:",null,6.46]
["SEINFRA",{"$nulls":4},"Encargos Sociais:",null,2.98]
["SEINFRA",{"$nulls":4},"Valor BDI:",null,{"v":0,"d":"0.00"}]
["SEINFRA",{"$nulls":4},"Valor Geral:",null,{"v":9.438,"d":"9.44"}]
["SEINFRA","C1823 - NIPLE DUPLO DE REDUÇÃO AÇO GALV. D=32X15mm (1 1/4\"X1/2\") - UN"]
["SEINFRA","MAO DE OBRA",null,null,"Unidade","Coeficiente","Preço","Total"]
["SEINFRA","I0043",{"v":0.35,"d":"0.3500"},"AJUDANTE DE ENCANADOR","H",{"v":0.35,"d":"0.3500"},{"v":5.6,"d":"5.6000"},{"v":1.96,"d":"1.9600"}]
["SEINFRA","I2320",{"v":0.35,"d":"0.3500"},"ENCANADOR","H",{"v":0.35,"d":"0.3500"},{"v":7.2,"d":"7.2000"},{"v":2.52,"d":"2.5200"}]
["SEINFRA",{"$nulls":5},"Total:",{"v":4.48,"d":"4.4800"}]
["SEINFRA","MATERIAIS"]
["SEINFRA","I1543",{"v":1,"d":"1.0000"},"NIPLE DUPLO REDUCÃO GALV 1 1/4X1/2''","UN",{"v":1,"d":"1.0000"},{"v":8.15,"d":"8.1500"},{"v":8.15,"d":"8.1500"}]
["SEINFRA",{"$nulls":5},"Total:",{"v":8.15,"d":"8.1500"}]
["SEINFRA",{"$nulls":4},"Total Simples:",null,{"v":12.629999999999999,"d":"12.63"}]
["SEINFRA",{"$nulls":4},"Encargos Sociais:",null,5.21]
["SEINFRA",{"$nulls":4},"Valor BDI:",null,{"v":0,"d":"0.00"}]
["SEINFRA",{"$nulls":4},"Valor Geral:",null,{"v":17.8416,"d":"17.84"}]
["SEINFRA","C1824 - NIPLE DUPLO REDUÇÃO AÇO GALV. D=32X15mm (1 1/4\"X1/2\")  À  50X40mm (2\"X1 1/2\") - UN"]
["SEINFRA","MAO DE OBRA",null,null,"Unidade","Coeficiente","Preço","Total"]
["SEINFRA","I0043",{"v":0.35,"d":"0.3500"},"AJUDANTE DE ENCANADOR","H",{"v":0.35,"d":"0.3500"},{"v":5.6,"d":"5.6000"},{"v":1.96,"d":"1.9600"}]
["SEINFRA","I2320",{"v":0.35,"d":"0.3500"},"ENCANADOR","H",{"v":0.35,"d":"0.3500"},{"v":7.2,"d":"7.2000"},{"v":2.52,"d":"2.5200"}]
["SEINFRA",{"$nulls":5},"Total:",{"v":4.48,"d":"4.4800"}]
["SEINFRA","MATERIAIS"]
["SEINFRA","I1543",{"v":1,"d":"1.0000"},"NIPLE DUPLO REDUCÃO GALV 1 1/4X1/2''","UN",{"v":1,"d":"1.0000"},{"v":8.15,"d":"8.1500"},{"v":8.15,"d":"8.1500"}]
["SEINFRA",{"$nulls":5},"Total:",{"v":8.15,"d":"8.1500"}]
["SEINFRA",{"$nulls":4},"Total Simples:",null,{"v":12.629999999999999,"d":"12.63"}]
["SEINFRA",{"$nulls":4},"Encargos Sociais:",null,5.21]
["SEINFRA",{"$nulls":4},"Valor BDI:",null,{"v":0,"d":"0.00"}]
["SEINFRA",{"$nulls":4},"Valor Geral:",null,{"v":17.8416,"d":"17.84"}]
["SEINFRA","C1825 - NIPLE DUPLO DE REDUÇÃO AÇO GALV. D=65X32mm(2 1/2\"X1 1/4\")  À  80X65mm(3\"X2 1/2\") - UN"]
["SEINFRA","MAO DE OBRA",null,null,"Unidade","Coeficiente","Preço","Total"]
["SEINFRA","I0043",{"v":0.4,"d":"0.4000"},"AJUDANTE DE ENCANADOR","H",{"v":0.4,"d":"0.4000"},{"v":5.6,"d":"5.6000"},{"v":2.24,"d":"2.2400"}]
["SEINFRA","I2320",{"v":0.4,"d":"0.4000"},"ENCANADOR","H",{"v":0.4,"d":"0.4000"},{"v":7.2,"d":"7.2000"},{"v":2.8800000000000003,"d":"2.8800"}]
["SEINFRA",{"$nulls":5},"Total:",{"v":5.12,"d":"5.1200"}]
["SEINFRA","MATERIAIS"]
["SEINFRA","I1544",{"v":1,"d":"1.0000"},"NIPLE DUPLO REDUCÃO GALV 2 1/2X1 1/4''","UN",{"v":1,"d":"1.0000"},{"v":25.21,"d":"25.2100"},{"v":25.21,"d":"25.2100"}]
["SEINFRA",{"$nulls":5},"Total:",{"v":25.21,"d":"25.2100"}]
["SEINFRA",{"$nulls":4},"Total Simples:",null,{"v":30.330000000000002,"d":"30.33"}]
["SEINFRA",{"$nulls":4},"Encargos Sociais:",null,5.96]
["SEINFRA",{"$nulls":4},"Valor BDI:",null,{"v":0,"d":"0.00"}]
["SEINFRA",{"$nulls":4},"Valor Geral:",null,{"v":36.2861,"d":"36.29"}]
["SEINFRA","C1826 - NIPLE DUPLO DE REDUÇÃO AÇO GALV. D=20X15mm (3/4\"X1/2\")  À  25X20mm (1\"X3/4\") - UN"]
["SEINFRA","MAO DE OBRA",null,null,"Unidade","Coeficiente","Preço","Total"]
["SEINFRA","I0043",{"v":0.2,"d":"0.2000"},"AJUDANTE DE ENCANADOR","H",{"v":0.2,"d":"0.2000"},{"v":5.6,"d":"5.6000"},{"v":1.12,"d":"1.1200"}]
["SEINFRA","I2320",{"v":0.2,"d":"0.2000"},"ENCANADOR","H",{"v":0.2,"d":"0.2000"},{"v":7.2,"d":"7.2000"},{"v":1.4400000000000002,"d":"1.4400"}]
["SEINFRA",{"$nulls":5},"Total:",{"v":2.56,"d":"2.5600"}]
["SEINFRA","MATERIAIS"]
["SEINFRA","I1545",{"v":1,"d":"1.0000"},"NIPLE DUPLO REDUCÃO GALV 3/4X1/2''","UN",{"v":1,"d":"1.0000"},{"v":3.9,"d":"3.9000"},{"v":3.9,"d":"3.9000"}]
["SEINFRA",{"$nulls":5},"Total:",{"v":3.9,"d":"3.9000"}]
["SEINFRA",{"$nulls":4},"Total Simples:",null,6.46]
["SEINFRA",{"$nulls":4},"Encargos Sociais:",null,2.98]
["SEINFRA",{"$nulls":4},"Valor BDI:",null,{"v":0,"d":"0.00"}]
["SEINFRA",{"$nulls":4},"Valor Geral:",null,{"v":9.438,"d":"9.44"}]
["SEINFRA","C1827 - NIPLE EM PVC C/ ROSCA DE 1 1/4\" - UN"]
["SEINFRA","MAO DE OBRA",null,null,"Unidade","Coeficiente","Preço","Total"]
["SEINFRA","I0043",{"v":0.25,"d":"0.2500"},"AJUDANTE DE ENCANADOR","H",{"v":0.25,"d":"0.2500"},{"v":5.6,"d":"5.6000"},{"v":1.4,"d":"1.4000"}]
["SEINFRA","I2320",{"v":0.25,"d":"0.2500"},"ENCANADOR","H",{"v":0.25,"d":"0.2500"},{"v":7.2,"d":"7.2000"},{"v":1.8,"d":"1.8000"}]
["SEINFRA",{"$nulls":5},"Total:",{"v":3.2,"d":"3.2000"}]
["SEINFRA","MATERIAIS"]
["SEINFRA","I1547",{"v":1,"d":"1.0000"},"NIPLE PVC COM ROSCA DE 1 1/4''","UN",{"v":1,"d":"1.0000"},{"v":4.1,"d":"4.1000"},{"v":4.1,"d":"4.1000"}]
["SEINFRA",{"$nulls":5},"Total:",{"v":4.1,"d":"4.1000"}]
["SEINFRA",{"$nulls":4},"Total Simples:",null,{"v":7.3,"d":"7.30"}]
["SEINFRA",{"$nulls":4},"Encargos Sociais:",null,3.72]
["SEINFRA",{"$nulls":4},"Valor BDI:",null,{"v":0,"d":"0.00"}]
["SEINFRA",{"$nulls":4},"Valor Geral:",null,{"v":11.0226,"d":"11.02"}]
["SEINFRA","C1829 - OURIÇO P/ MURALHA DE PRESÍDIO - M"]
["SEINFRA","MAO DE OBRA",null,null,"Unidade","Coeficiente","Preço","Total"]
["SEINFRA","I0046",{"v":0.8,"d":"0.8000"},"AJUDANTE DE SERRALHEIRO","H",{"v":0.8,"d":"0.8000"},{"v":5.6,"d":"5.6000"},{"v":4.48,"d":"4.4800"}]
["SEINFRA","I1858",{"v":1.2,"d":"1.2000"},"SERRALHEIRO","H",{"v":1.2,"d":"1.2000"},{"v":7.2,"d":"7.2000"},{"v":8.64,"d":"8.6400"}]
["SEINFRA",{"$nulls":5},"Total:",{"v":13.12,"d":"13.1200"}]
["SEINFRA","MATERIAIS"]
["SEINFRA","I0101",{"v":0.85,"d":"0.8500"},"ARAME GALVANIZADO N.16 BWG","KG",{"v":0.85,"d":"0.8500"},{"v":14.6,"d":"14.6000"},{"v":12.41,"d":"12.4100"}]
["SEINFRA","I0191",{"v":1.5,"d":"1.5000"},"FERRO CHATO 2\" x 3/8\"","KG",{"v":1.5,"d":"1.5000"},{"v":6.02,"d":"6.0200"},{"v":9.03,"d":"9.0300"}]
["SEINFRA","I0791",{"v":3,"d":"3.0000"},"CHUMBADOR DE 3/8''","UN",{"v":3,"d":"3.0000"},{"v":2,"d":"2.0000"},{"v":6,"d":"6.0000"}]
["SEINFRA","I1872",{"v":0.08,"d":"0.0800"},"SOLDA 50X50","KG",{"v":0.08,"d":"0.0800"},{"v":53.5,"d":"53.5000"},{"v":4.28,"d":"4.2800"}]
["SEINFRA",{"$nulls":5},"Total:",{"v":31.72,"d":"31.7200"}]
["SEINFRA",{"$nulls":4},"Total Simples:",null,{"v":44.839999999999996,"d":"44.84"}]
["SEINFRA",{"$nulls":4},"Encargos Sociais:",null,15.26]
["SEINFRA",{"$nulls":4},"Valor BDI:",null,{"v":0,"d":"0.00"}]
["SEINFRA",{"$nulls":4},"Valor Geral:",null,{"v":60.1025,"d":"60.10"}]
["SEINFRA","C1828 - NIPLE EM PVC C/ ROSCA DE 2 1/2\" - UN"]
["SEINFRA","MAO DE OBRA",null,null,"Unidade","Coeficiente","Preço","Total"]
["SEINFRA","I0043",{"v":0.25,"d":"0.2500"},"AJUDANTE DE ENCANADOR","H",{"v":0.25,"d":"0.2500"},{"v":5.6,"d":"5.6000"},{"v":1.4,"d":"1.4000"}]
["SEINFRA","I2320",{"v":0.25,"d":"0.2500"},"ENCANADOR","H",{"v":0.25,"d":"0.2500"},{"v":7.2,"d":"7.2000"},{"v":1.8,"d":"1.8000"}]
["SEINFRA",{"$nulls":5},"Total:",{"v":3.2,"d":"3.2000"}]
["SEINFRA","MATERIAIS"]
["SEINFRA","I1548",{"v":1,"d":"1.0000"},"NIPLE PVC COM ROSCA DE 2 1/2''","UN",{"v":1,"d":"1.0000"},{"v":14.13,"d":"14.1300"},{"v":14.13,"d":"14.1300"}]
["SEINFRA",{"$nulls":5},"Total:",{"v":14.13,"d":"14.1300"}]
["SEINFRA",{"$nulls":4},"Total Simples:",null,17.33]
["SEINFRA",{"$nulls":4},"Encargos Sociais:",null,3.72]
["SEINFRA",{"$nulls":4},"Valor BDI:",null,{"v":0,"d":"0.00"}]
["SEINFRA",{"$nulls":4},"Valor Geral:",null,{"v":21.0526,"d":"21.05"}]
["SEINFRA","C1811 - MURO DE ARRIMO C/GABIÃO, ALTURA 4m - M"]
["SEINFRA","EQUIPAMENTOS (CHORARIO)",null,null,"Unidade","Coeficiente","Preço","Total"]
["SEINFRA","I0765",{"v":1.63,"d":"1.6300"},"RETRO ESCAVADEIRA DE PNEUS (CHP)","H",{"v":1.63,"d":"1.6300"},{"v":77.759475,"d":"77.7595"},{"v":126.74794424999999,"d":"126.7479"}]
["SEINFRA",{"$nulls":5},"Total:",126.7479]
["SEINFRA","MAO DE OBRA"]
["SEINFRA","I2543",{"v":17.4,"d":"17.4000"},"SERVENTE","H",{"v":17.4,"d":"17.4000"},{"v":4.88,"d":"4.8800"},{"v":84.91199999999999,"d":"84.9120"}]
["SEINFRA",{"$nulls":5},"Total:",{"v":84.912,"d":"84.9120"}]
["SEINFRA","MATERIAIS"]
["SEINFRA","I1213",{"v":6.5,"d":"6.5000"},"GABIÃO COM MALHA HEXAGONAL 8X10CM - ZINCADO","M3",{"v":6.5,"d":"6.5000"},{"v":278.69,"d":"278.6900"},{"v":1811.485,"d":"1,811.4850"}]
["SEINFRA","I1600",{"v":7.8,"d":"7.8000"},"PEDRA DE MÃO (RACHÃO)","M3",{"v":7.8,"d":"7.8000"},{"v":45.37,"d":"45.3700"},{"v":353.88599999999997,"d":"353.8860"}]
["SEINFRA",{"$nulls":5},"Total:",{"v":2165.371,"d":"2,165.3710"}]
["SEINFRA",{"$nulls":4},"Total Simples:",null,{"v":2377.03094425,"d":"2,377.03"}]
["SEINFRA",{"$nulls":4},"Encargos Sociais:",null,{"v":118.5,"d":"118.50"}]
["SEINFRA",{"$nulls":4},"Valor BDI:",null,{"v":0,"d":"0.00"}]
["SEINFRA",{"$nulls":4},"Valor Geral:",null,{"v":2495.52934425,"d":"2,495.53"}]
["SEINFRA","C1810 - MURO DE ARRIMO C/GABIÃO, ALTURA 2m - M"]
["SEINFRA","EQUIPAMENTOS (CHORARIO)",null,null,"Unidade","Coeficiente","Preço","Total"]
["SEINFRA","I0765",{"v":0.63,"d":"0.6300"},"RETRO ESCAVADEIRA DE PNEUS (CHP)","H",{"v":0.63,"d":"0.6300"},{"v":77.759475,"d":"77.7595"},{"v":48.98846925,"d":"48.9885"}]
["SEINFRA",{"$nulls":5},"Total:",48.9885]
["SEINFRA","MAO DE OBRA"]
["SEINFRA","I2543",{"v":6.7,"d":"6.7000"},"SERVENTE","H",{"v":6.7,"d":"6.7000"},{"v":4.88,"d":"4.8800"},{"v":32.696,"d":"32.6960"}]
["SEINFRA",{"$nulls":5},"Total:",{"v":32.696,"d":"32.6960"}]
["SEINFRA","MATERIAIS"]
["SEINFRA","I0104",{"v":2,"d":"2.0000"},"ARAME ZINCADO DE 2,7MM AMARRAÇÃO DE GABIÕES","KG",{"v":2,"d":"2.0000"},{"v":8.56,"d":"8.5600"},{"v":17.12,"d":"17.1200"}]
["SEINFRA","I1213",{"v":2.5,"d":"2.5000"},"GABIÃO COM MALHA HEXAGONAL 8X10CM - ZINCADO","M3",{"v":2.5,"d":"2.5000"},{"v":278.69,"d":"278.6900"},{"v":696.725,"d":"696.7250"}]
["SEINFRA","I1600",{"v":3,"d":"3.0000"},"PEDRA DE MÃO (RACHÃO)","M3",{"v":3,"d":"3.0000"},{"v":45.37,"d":"45.3700"},{"v":136.11,"d":"136.1100"}]
["SEINFRA",{"$nulls":5},"Total:",{"v":849.955,"d":"849.9550"}]
["SEINFRA",{"$nulls":4},"Total Simples:",null,{"v":931.63946925,"d":"931.64"}]
["SEINFRA",{"$nulls":4},"Encargos Sociais:",null,45.66]
["SEINFRA",{"$nulls":4},"Valor BDI:",null,{"v":0,"d":"0.00"}]
["SEINFRA",{"$nulls":4},"Valor Geral:",null,{"v":977.29666925,"d":"977.30"}]
["SEINFRA","C1815 - NIPLE DUPLO DE REDUÇÃO AÇO GALV. D=80X50mm (3\"X2\")  À  80X65mm (3\"X2 1/2\") - UN"]
["SEINFRA","MAO DE OBRA",null,null,"Unidade","Coeficiente","Preço","Total"]
["SEINFRA","I0043",{"v":0.4,"d":"0.4000"},"AJUDANTE DE ENCANADOR","H",{"v":0.4,"d":"0.4000"},{"v":5.6,"d":"5.6000"},{"v":2.24,"d":"2.2400"}]
["SEINFRA","I2320",{"v":0.4,"d":"0.4000"},"ENCANADOR","H",{"v":0.4,"d":"0.4000"},{"v":7.2,"d":"7.2000"},{"v":2.8800000000000003,"d":"2.8800"}]
["SEINFRA",{"$nulls":5},"Total:",{"v":5.12,"d":"5.1200"}]
["SEINFRA","MATERIAIS"]
["SEINFRA","I1546",{"v":1,"d":"1.0000"},"NIPLE DUPLO REDUCÃO GALV 3X2''","UN",{"v":1,"d":"1.0000"},{"v":35.96,"d":"35.9600"},{"v":35.96,"d":"35.9600"}]
["SEINFRA",{"$nulls":5},"Total:",{"v":35.96,"d":"35.9600"}]
["SEINFRA",{"$nulls":4},"Total Simples:",null,41.08]
["SEINFRA",{"$nulls":4},"Encargos Sociais:",null,5.96]
["SEINFRA",{"$nulls":4},"Valor BDI:",null,{"v":0,"d":"0.00"}]
["SEINFRA",{"$nulls":4},"Valor Geral:",null,{"v":47.0361,"d":"47.04"}]
["SEINFRA","C1816 - NIPLE DUPLO AÇO GALV. D=100mm (4\") - UN"]
["SEINFRA","MAO DE OBRA",null,null,"Unidade","Coeficiente","Preço","Total"]
["SEINFRA","I0043",{"v":0.5,"d":"0.5000"},"AJUDANTE DE ENCANADOR","H",{"v":0.5,"d":"0.5000"},{"v":5.6,"d":"5.6000"},{"v":2.8,"d":"2.8000"}]
["SEINFRA","I2320",{"v":0.5,"d":"0.5000"},"ENCANADOR","H",{"v":0.5,"d":"0.5000"},{"v":7.2,"d":"7.2000"},{"v":3.6,"d":"3.6000"}]
["SEINFRA",{"$nulls":5},"Total:",{"v":6.4,"d":"6.4000"}]
["SEINFRA","MATERIAIS"]
["SEINFRA","I1542",{"v":1,"d":"1.0000"},"NIPLE DUPLO AÇO GALVANIZADO 4''","UN",{"v":1,"d":"1.0000"},{"v":57.3,"d":"57.3000"},{"v":57.3,"d":"57.3000"}]
["SEINFRA",{"$nulls":5},"Total:",{"v":57.3,"d":"57.3000"}]
["SEINFRA",{"$nulls":4},"Total Simples:",null,{"v":63.7,"d":"63.70"}]
["SEINFRA",{"$nulls":4},"Encargos Sociais:",null,7.45]
["SEINFRA",{"$nulls":4},"Valor BDI:",null,{"v":0,"d":"0.00"}]
["SEINFRA",{"$nulls":4},"Valor Geral:",null,{"v":71.1451,"d":"71.15"}]
["SEINFRA","C1814 - NEOPRENE P/ JUNTAS DE DILATAÇÃO - M"]
["SEINFRA","MAO DE OBRA",null,null,"Unidade","Coeficiente","Preço","Total"]
["SEINFRA","I2391",{"v":0.6,"d":"0.6000"},"PEDREIRO","H",{"v":0.6,"d":"0.6000"},{"v":7.2,"d":"7.2000"},{"v":4.32,"d":"4.3200"}]
["SEINFRA","I2543",{"v":0.4,"d":"0.4000"},"SERVENTE","H",{"v":0.4,"d":"0.4000"},{"v":4.88,"d":"4.8800"},{"v":1.9520000000000002,"d":"1.9520"}]
["SEINFRA",{"$nulls":5},"Total:",{"v":6.272,"d":"6.2720"}]
["SEINFRA","MATERIAIS"]
["SEINFRA","I1538",{"v":1,"d":"1.0000"},"NEOPRENE P/ JUNTAS DE DILATAÇÃO","M",{"v":1,"d":"1.0000"},{"v":28.35,"d":"28.3500"},{"v":28.35,"d":"28.3500"}]
["SEINFRA",{"$nulls":5},"Total:",{"v":28.35,"d":"28.3500"}]
["SEINFRA",{"$nulls":4},"Total Simples:",null,{"v":34.622,"d":"34.62"}]
["SEINFRA",{"$nulls":4},"Encargos Sociais:",null,{"v":7.3,"d":"7.30"}]
["SEINFRA",{"$nulls":4},"Valor BDI:",null,{"v":0,"d":"0.00"}]
["SEINFRA",{"$nulls":4},"Valor Geral:",null,{"v":41.9182,"d":"41.92"}]
["SEINFRA","C1819 - NIPLE DUPLO AÇO GALV. D=65mm (2 1/2\")  À 80mm (3\") - UN"]
["SEINFRA","MAO DE OBRA",null,null,"Unidade","Coeficiente","Preço","Total"]
["SEINFRA","I0043",{"v":0.4,"d":"0.4000"},"AJUDANTE DE ENCANADOR","H",{"v":0.4,"d":"0.4000"},{"v":5.6,"d":"5.6000"},{"v":2.24,"d":"2.2400"}]
["SEINFRA","I2320",{"v":0.4,"d":"0.4000"},"ENCANADOR","H",{"v":0.4,"d":"0.4000"},{"v":7.2,"d":"7.2000"},{"v":2.8800000000000003,"d":"2.8800"}]
["SEINFRA",{"$nulls":5},"Total:",{"v":5.12,"d":"5.1200"}]
["SEINFRA","MATERIAIS"]
["SEINFRA","I1541",{"v":1,"d":"1.0000"},"NIPLE DUPLO AÇO GALVANIZADO 2 1/2''","UN",{"v":1,"d":"1.0000"},{"v":25.6,"d":"25.6000"},{"v":25.6,"d":"25.6000"}]
["SEINFRA",{"$nulls":5},"Total:",{"v":25.6,"d":"25.6000"}]
["SEINFRA",{"$nulls":4},"Total Simples:",null,30.72]
["SEINFRA",{"$nulls":4},"Encargos Sociais:",null,5.96]
["SEINFRA",{"$nulls":4},"Valor BDI:",null,{"v":0,"d":"0.00"}]
["SEINFRA",{"$nulls":4},"Valor Geral:",null,{"v":36.6761,"d":"36.68"}]
["SEINFRA","C1818 - NIPLE DUPLO AÇO GALV. D=32mm  (1 1/4\")  À 50mm (2\") - UN"]
["SEINFRA","MAO DE OBRA",null,null,"Unidade","Coeficiente","Preço","Total"]
["SEINFRA","I0043",{"v":0.35,"d":"0.3500"},"AJUDANTE DE ENCANADOR","H",{"v":0.35,"d":"0.3500"},{"v":5.6,"d":"5.6000"},{"v":1.96,"d":"1.9600"}]
["SEINFRA","I2320",{"v":0.35,"d":"0.3500"},"ENCANADOR","H",{"v":0.35,"d":"0.3500"},{"v":7.2,"d":"7.2000"},{"v":2.52,"d":"2.5200"}]
["SEINFRA",{"$nulls":5},"Total:",{"v":4.48,"d":"4.4800"}]
["SEINFRA","MATERIAIS"]
["SEINFRA","I1539",{"v":1,"d":"1.0000"},"NIPLE DUPLO AÇO GALVANIZADO 1 1/4''","UN",{"v":1,"d":"1.0000"},{"v":8,"d":"8.0000"},{"v":8,"d":"8.0000"}]
["SEINFRA",{"$nulls":5},"Total:",{"v":8,"d":"8.0000"}]
["SEINFRA",{"$nulls":4},"Total Simples:",null,12.48]
["SEINFRA",{"$nulls":4},"Encargos Sociais:",null,5.21]
["SEINFRA",{"$nulls":4},"Valor BDI:",null,{"v":0,"d":"0.00"}]
["SEINFRA",{"$nulls":4},"Valor Geral:",null,{"v":17.6916,"d":"17.69"}]
["SEINFRA","C1817 - NIPLE DUPLO AÇO GALV. D=15mm (1/2\")  À 25mm (1\") - UN"]
["SEINFRA","MAO DE OBRA",null,null,"Unidade","Coeficiente","Preço","Total"]
["SEINFRA","I0043",{"v":0.2,"d":"0.2000"},"AJUDANTE DE ENCANADOR","H",{"v":0.2,"d":"0.2000"},{"v":5.6,"d":"5.6000"},{"v":1.12,"d":"1.1200"}]
["SEINFRA","I2320",{"v":0.2,"d":"0.2000"},"ENCANADOR","H",{"v":0.2,"d":"0.2000"},{"v":7.2,"d":"7.2000"},{"v":1.4400000000000002,"d":"1.4400"}]
["SEINFRA",{"$nulls":5},"Total:",{"v":2.56,"d":"2.5600"}]
["SEINFRA","MATERIAIS"]
["SEINFRA","I1540",{"v":1,"d":"1.0000"},"NIPLE DUPLO AÇO GALVANIZADO 1/2''","UN",{"v":1,"d":"1.0000"},{"v":2.5,"d":"2.5000"},{"v":2.5,"d":"2.5000"}]
["SEINFRA",{"$nulls":5},"Total:",{"v":2.5,"d":"2.5000"}]
["SEINFRA",{"$nulls":4},"Total Simples:",null,{"v":5.0600000000000005,"d":"5.06"}]
["SEINFRA",{"$nulls":4},"Encargos Sociais:",null,2.98]
["SEINFRA",{"$nulls":4},"Valor BDI:",null,{"v":0,"d":"0.00"}]
["SEINFRA",{"$nulls":4},"Valor Geral:",null,{"v":8.038,"d":"8.04"}]
["SEINFRA","C1841 - PAINEL PROTENDIDO P/PISOS/PAREDES DE VEDAÇÃO ESP.=25cm - M2"]
["SEINFRA","EQUIPAMENTOS (CHORARIO)",null,null,"Unidade","Coeficiente","Preço","Total"]
["SEINFRA","I0682",0.0072,"BETONEIRA ELÉTRICA 580L (CHP)","H",0.0072,{"v":13.8267832,"d":"13.8268"},{"v":0.09955283904,"d":"0.0996"}]
["SEINFRA","I0743",{"v":0.036,"d":"0.0360"},"GUINDASTE DE TORRE HP 11 (CHP)","H",{"v":0.036,"d":"0.0360"},{"v":44.615035999999996,"d":"44.6150"},{"v":1.6061412959999999,"d":"1.6061"}]
["SEINFRA",{"$nulls":5},"Total:",1.7057]
["SEINFRA","MAO DE OBRA"]
["SEINFRA","I2391",{"v":0.17,"d":"0.1700"},"PEDREIRO","H",{"v":0.17,"d":"0.1700"},{"v":7.2,"d":"7.2000"},{"v":1.2240000000000002,"d":"1.2240"}]
["SEINFRA","I2543",{"v":0.13,"d":"0.1300"},"SERVENTE","H",{"v":0.13,"d":"0.1300"},{"v":4.88,"d":"4.8800"},{"v":0.6344000000000001,"d":"0.6344"}]
["SEINFRA",{"$nulls":5},"Total:",1.8584]
["SEINFRA","MATERIAIS"]
["SEINFRA","I0027",{"v":0.041,"d":"0.0410"},"ADITIVO EXPANSOR","L",{"v":0.041,"d":"0.0410"},{"v":12.1,"d":"12.1000"},{"v":0.49610000000000004,"d":"0.4961"}]
["SEINFRA","I0109",0.0078,"AREIA MEDIA","M3",0.0078,{"v":46,"d":"46.0000"},0.3588]
["SEINFRA","I0805",{"v":3,"d":"3.0000"},"CIMENTO PORTLAND","KG",{"v":3,"d":"3.0000"},{"v":0.5,"d":"0.5000"},{"v":1.5,"d":"1.5000"}]
["SEINFRA","I1555",{"v":1.01,"d":"1.0100"},"PAINEL DE CONCRETO PROTENDIDO 20CM","M2",{"v":1.01,"d":"1.0100"},{"v":221,"d":"221.0000"},{"v":223.21,"d":"223.2100"}]
["SEINFRA","I1605",0.0075,"PEDRISCO","M3",0.0075,{"v":63.2,"d":"63.2000"},{"v":0.474,"d":"0.4740"}]
["SEINFRA",{"$nulls":5},"Total:",226.0389]
["SEINFRA",{"$nulls":4},"Total Simples:",null,{"v":229.60299413504,"d":"229.60"}]
["SEINFRA",{"$nulls":4},"Encargos Sociais:",null,2.66]
["SEINFRA",{"$nulls":4},"Valor BDI:",null,{"v":0,"d":"0.00"}]
["SEINFRA",{"$nulls":4},"Valor Geral:",null,{"v":232.26069413504,"d":"232.26"}]
["SEINFRA","C1840 - PAINEL PROTENDIDO P/PISOS/PAREDES DE VEDAÇÃO ESP.=20cm - M2"]
["SEINFRA","EQUIPAMENTOS (CHORARIO)",null,null,"Unidade","Coeficiente","Preço","Total"]
["SEINFRA","I0682",0.0042,"BETONEIRA ELÉTRICA 580L (CHP)","H",0.0042,{"v":13.8267832,"d":"13.8268"},{"v":0.05807248943999999,"d":"0.0581"}]
["SEINFRA","I0743",{"v":0.022,"d":"0.0220"},"GUINDASTE DE TORRE HP 11 (CHP)","H",{"v":0.022,"d":"0.0220"},{"v":44.615035999999996,"d":"44.6150"},{"v":0.9815307919999999,"d":"0.9815"}]
["SEINFRA",{"$nulls":5},"Total:",1.0396]
["SEINFRA","MAO DE OBRA"]
["SEINFRA","I2391",{"v":0.01,"d":"0.0100"},"PEDREIRO","H",{"v":0.01,"d":"0.0100"},{"v":7.2,"d":"7.2000"},{"v":0.07200000000000001,"d":"0.0720"}]
["SEINFRA","I2543",{"v":0.07,"d":"0.0700"},"SERVENTE","H",{"v":0.07,"d":"0.0700"},{"v":4.88,"d":"4.8800"},0.3416]
["SEINFRA",{"$nulls":5},"Total:",0.4136]
["SEINFRA","MATERIAIS"]
["SEINFRA","I0027",{"v":0.024,"d":"0.0240"},"ADITIVO EXPANSOR","L",{"v":0.024,"d":"0.0240"},{"v":12.1,"d":"12.1000"},0.2904]
["SEINFRA","I0109",{"v":4.3E-3,"d":"0.0043"},"AREIA MEDIA","M3",{"v":4.3E-3,"d":"0.0043"},{"v":46,"d":"46.0000"},0.1978]
["SEINFRA","I0805",{"v":2,"d":"2.0000"},"CIMENTO PORTLAND","KG",{"v":2,"d":"2.0000"},{"v":0.5,"d":"0.5000"},{"v":1,"d":"1.0000"}]
["SEINFRA","I1555",{"v":1.01,"d":"1.0100"},"PAINEL DE CONCRETO PROTENDIDO 20CM","M2",{"v":1.01,"d":"1.0100"},{"v":221,"d":"221.0000"},{"v":223.21,"d":"223.2100"}]
["SEINFRA","I1605",0.0042,"PEDRISCO","M3",0.0042,{"v":63.2,"d":"63.2000"},{"v":0.26544,"d":"0.2654"}]
["SEINFRA",{"$nulls":5},"Total:",224.9636]
["SEINFRA",{"$nulls":4},"Total Simples:",null,{"v":226.41684328144,"d":"226.42"}]
["SEINFRA",{"$nulls":4},"Encargos Sociais:",null,0.78]
["SEINFRA",{"$nulls":4},"Valor BDI:",null,{"v":0,"d":"0.00"}]
["SEINFRA",{"$nulls":4},"Valor Geral:",null,{"v":227.19934328144,"d":"227.20"}]
["SEINFRA","C1847 - PISO DE CONCRETO FCK=13,5MPa ESP=7 cm, INCL. PREPARO DE CAIXA - M2"]
["SEINFRA","EQUIPAMENTOS (CHORARIO)",null,null,"Unidade","Coeficiente","Preço","Total"]
["SEINFRA","I0682",{"v":0.05,"d":"0.0500"},"BETONEIRA ELÉTRICA 580L (CHP)","H",{"v":0.05,"d":"0.0500"},{"v":13.8267832,"d":"13.8268"},{"v":0.6913391600000001,"d":"0.6913"}]
["SEINFRA",{"$nulls":5},"Total:",0.6913]
["SEINFRA","MAO DE OBRA"]
["SEINFRA","I2391",{"v":1.2,"d":"1.2000"},"PEDREIRO","H",{"v":1.2,"d":"1.2000"},{"v":7.2,"d":"7.2000"},{"v":8.64,"d":"8.6400"}]
["SEINFRA","I2543",{"v":1.62,"d":"1.6200"},"SERVENTE","H",{"v":1.62,"d":"1.6200"},{"v":4.88,"d":"4.8800"},{"v":7.905600000000001,"d":"7.9056"}]
["SEINFRA",{"$nulls":5},"Total:",16.5456]
["SEINFRA","MATERIAIS"]
["SEINFRA","I0109",0.0646,"AREIA MEDIA","M3",0.0646,{"v":46,"d":"46.0000"},2.9716]
["SEINFRA","I0280",0.0585,"BRITA","M3",0.0585,{"v":56,"d":"56.0000"},{"v":3.2760000000000002,"d":"3.2760"}]
["SEINFRA","I0805",{"v":20,"d":"20.0000"},"CIMENTO PORTLAND","KG",{"v":20,"d":"20.0000"},{"v":0.5,"d":"0.5000"},{"v":10,"d":"10.0000"}]
["SEINFRA","I1825",{"v":2,"d":"2.0000"},"RIPA DE PEROBA (MADEIRA DE 1A QUALIDADE) DE 1X7CM","M",{"v":2,"d":"2.0000"},{"v":2.63,"d":"2.6300"},{"v":5.26,"d":"5.2600"}]
["SEINFRA",{"$nulls":5},"Total:",21.5076]
["SEINFRA",{"$nulls":4},"Total Simples:",null,{"v":38.74453916,"d":"38.74"}]
["SEINFRA",{"$nulls":4},"Encargos Sociais:",null,19.67]
["SEINFRA",{"$nulls":4},"Valor BDI:",null,{"v":0,"d":"0.00"}]
["SEINFRA",{"$nulls":4},"Valor Geral:",null,{"v":58.41083916,"d":"58.41"}]
["SEINFRA","C1846 - PARQUETES DE MADEIRA FIXADOS C/COLA A BASE DE PVA - M2"]
["SEINFRA","MAO DE OBRA",null,null,"Unidade","Coeficiente","Preço","Total"]
["SEINFRA","I1940",{"v":0.5,"d":"0.5000"},"TAQUEIRO","H",{"v":0.5,"d":"0.5000"},{"v":7.2,"d":"7.2000"},{"v":3.6,"d":"3.6000"}]
["SEINFRA","I2543",{"v":0.7,"d":"0.7000"},"SERVENTE","H",{"v":0.7,"d":"0.7000"},{"v":4.88,"d":"4.8800"},{"v":3.416,"d":"3.4160"}]
["SEINFRA",{"$nulls":5},"Total:",{"v":7.016,"d":"7.0160"}]
["SEINFRA","MATERIAIS"]
["SEINFRA","I0814",{"v":0.5,"d":"0.5000"},"COLA ESPECIAL 'PVA'","KG",{"v":0.5,"d":"0.5000"},{"v":18.3,"d":"18.3000"},{"v":9.15,"d":"9.1500"}]
["SEINFRA","I1594",{"v":1.05,"d":"1.0500"},"PARQUETE DE PEROBA (MADEIRA DE 1A QUALIDADE) DE 12X12CM","M2",{"v":1.05,"d":"1.0500"},{"v":52.76,"d":"52.7600"},{"v":55.398,"d":"55.3980"}]
["SEINFRA",{"$nulls":5},"Total:",{"v":64.548,"d":"64.5480"}]
["SEINFRA",{"$nulls":4},"Total Simples:",null,{"v":71.56400000000001,"d":"71.56"}]
["SEINFRA",{"$nulls":4},"Encargos Sociais:",null,8.17]
["SEINFRA",{"$nulls":4},"Valor BDI:",null,{"v":0,"d":"0.00"}]
["SEINFRA",{"$nulls":4},"Valor Geral:",null,{"v":79.7257,"d":"79.73"}]
["SEINFRA","C1849 - PASTILHAS DE PORCELANA C/ARGAMASSA PRÉ-FABRICADA - M2"]
["SEINFRA","MAO DE OBRA",null,null,"Unidade","Coeficiente","Preço","Total"]
["SEINFRA","I1599",{"v":0.6,"d":"0.6000"},"PASTILHEIRO","H",{"v":0.6,"d":"0.6000"},{"v":7.2,"d":"7.2000"},{"v":4.32,"d":"4.3200"}]
["SEINFRA","I2543",{"v":0.7,"d":"0.7000"},"SERVENTE","H",{"v":0.7,"d":"0.7000"},{"v":4.88,"d":"4.8800"},{"v":3.416,"d":"3.4160"}]
["SEINFRA",{"$nulls":5},"Total:",{"v":7.736,"d":"7.7360"}]
["SEINFRA","MATERIAIS"]
["SEINFRA","I0119",{"v":7,"d":"7.0000"},"ARGAMASSA PRE-FABRICADA TIPO MASSA FINA","KG",{"v":7,"d":"7.0000"},1.6155,11.3085]
["SEINFRA","I0154",{"v":0.1,"d":"0.1000"},"ÁCIDO MURIÁTICO","L",{"v":0.1,"d":"0.1000"},{"v":3.12,"d":"3.1200"},{"v":0.312,"d":"0.3120"}]
["SEINFRA","I1595",{"v":3,"d":"3.0000"},"PASTA DE CIMENTO BRANCO","KG",{"v":3,"d":"3.0000"},{"v":3,"d":"3.0000"},{"v":9,"d":"9.0000"}]
["SEINFRA","I1598",{"v":1.02,"d":"1.0200"},"PASTILHA DE PORCELANA ESMALTADA","M2",{"v":1.02,"d":"1.0200"},{"v":90.37,"d":"90.3700"},92.1774]
["SEINFRA","I1871",{"v":0.05,"d":"0.0500"},"SODA CAUSTICA","KG",{"v":0.05,"d":"0.0500"},{"v":4.59,"d":"4.5900"},0.2295]
["SEINFRA",{"$nulls":5},"Total:",113.0274]
["SEINFRA",{"$nulls":4},"Total Simples:",null,{"v":120.7634,"d":"120.76"}]
["SEINFRA",{"$nulls":4},"Encargos Sociais:",null,{"v":9,"d":"9.00"}]
["SEINFRA",{"$nulls":4},"Valor BDI:",null,{"v":0,"d":"0.00"}]
["SEINFRA",{"$nulls":4},"Valor Geral:",null,{"v":129.7627,"d":"129.76"}]
["SEINFRA","C1848 - PASTA DE CIMENTO COLANTE - KG"]
["SEINFRA","MAO DE OBRA",null,null,"Unidade","Coeficiente","Preço","Total"]
["SEINFRA","I2543",{"v":0.007,"d":"0.0070"},"SERVENTE","H",{"v":0.007,"d":"0.0070"},{"v":4.88,"d":"4.8800"},{"v":0.03416,"d":"0.0342"}]
["SEINFRA",{"$nulls":5},"Total:",0.0342]
["SEINFRA","MATERIAIS"]
["SEINFRA","I0800",{"v":0.84,"d":"0.8400"},"CIMENTO COLANTE","KG",{"v":0.84,"d":"0.8400"},{"v":0.65,"d":"0.6500"},{"v":0.5459999999999999,"d":"0.5460"}]
["SEINFRA",{"$nulls":5},"Total:",{"v":0.546,"d":"0.5460"}]
["SEINFRA",{"$nulls":4},"Total Simples:",null,{"v":0.58016,"d":"0.58"}]
["SEINFRA",{"$nulls":4},"Encargos Sociais:",null,0.04]
["SEINFRA",{"$nulls":4},"Valor BDI:",null,{"v":0,"d":"0.00"}]
["SEINFRA",{"$nulls":4},"Valor Geral:",null,{"v":0.61986,"d":"0.62"}]
["SEINFRA","C1843 - PAINEL-LAJE DE CONCRETO CELULAR AUTOCLAVADO, C/ DIMENSÕES 10X40X280cm - M2"]
["SEINFRA","MAO DE OBRA",null,null,"Unidade","Coeficiente","Preço","Total"]
["SEINFRA","I0121",{"v":0.007,"d":"0.0070"},"ARMADOR/FERREIRO","H",{"v":0.007,"d":"0.0070"},{"v":7.2,"d":"7.2000"},0.0504]
["SEINFRA","I2391",{"v":0.08,"d":"0.0800"},"PEDREIRO","H",{"v":0.08,"d":"0.0800"},{"v":7.2,"d":"7.2000"},{"v":0.5760000000000001,"d":"0.5760"}]
["SEINFRA","I2543",{"v":0.083,"d":"0.0830"},"SERVENTE","H",{"v":0.083,"d":"0.0830"},{"v":4.88,"d":"4.8800"},{"v":0.40504,"d":"0.4050"}]
["SEINFRA",{"$nulls":5},"Total:",1.0314]
["SEINFRA","MATERIAIS"]
["SEINFRA","I0109",0.0061,"AREIA MEDIA","M3",0.0061,{"v":46,"d":"46.0000"},0.2806]
["SEINFRA","I0163",{"v":0.2,"d":"0.2000"},"AÇO CA-50","KG",{"v":0.2,"d":"0.2000"},{"v":3.96,"d":"3.9600"},{"v":0.792,"d":"0.7920"}]
["SEINFRA","I0800",{"v":1.5,"d":"1.5000"},"CIMENTO COLANTE","KG",{"v":1.5,"d":"1.5000"},{"v":0.65,"d":"0.6500"},{"v":0.975,"d":"0.9750"}]
["SEINFRA","I0805",{"v":2.43,"d":"2.4300"},"CIMENTO PORTLAND","KG",{"v":2.43,"d":"2.4300"},{"v":0.5,"d":"0.5000"},{"v":1.215,"d":"1.2150"}]
["SEINFRA","I1560",{"v":1,"d":"1.0000"},"PAINEL-LAJE CONCRETO CELULAR 10X40X280CM","M2",{"v":1,"d":"1.0000"},{"v":71.7,"d":"71.7000"},{"v":71.7,"d":"71.7000"}]
["SEINFRA",{"$nulls":5},"Total:",74.9626]
["SEINFRA",{"$nulls":4},"Total Simples:",null,{"v":75.99404,"d":"75.99"}]
["SEINFRA",{"$nulls":4},"Encargos Sociais:",null,{"v":1.2,"d":"1.20"}]
["SEINFRA",{"$nulls":4},"Valor BDI:",null,{"v":0,"d":"0.00"}]
["SEINFRA",{"$nulls":4},"Valor Geral:",null,{"v":77.19394,"d":"77.19"}]
["SEINFRA","C1842 - PAINEL-COBERTURA DE CONCRETO CELULAR AUTOCLAVADO ARMADO, C/ DIMENSÕES 7,5X40X280cm - M2"]
["SEINFRA","MAO DE OBRA",null,null,"Unidade","Coeficiente","Preço","Total"]
["SEINFRA","I2391",{"v":0.08,"d":"0.0800"},"PEDREIRO","H",{"v":0.08,"d":"0.0800"},{"v":7.2,"d":"7.2000"},{"v":0.5760000000000001,"d":"0.5760"}]
["SEINFRA","I2543",{"v":0.083,"d":"0.0830"},"SERVENTE","H",{"v":0.083,"d":"0.0830"},{"v":4.88,"d":"4.8800"},{"v":0.40504,"d":"0.4050"}]
["SEINFRA",{"$nulls":5},"Total:",{"v":0.981,"d":"0.9810"}]
["SEINFRA","MATERIAIS"]
["SEINFRA","I0109",0.0061,"AREIA MEDIA","M3",0.0061,{"v":46,"d":"46.0000"},0.2806]
["SEINFRA","I0800",{"v":1.5,"d":"1.5000"},"CIMENTO COLANTE","KG",{"v":1.5,"d":"1.5000"},{"v":0.65,"d":"0.6500"},{"v":0.975,"d":"0.9750"}]
["SEINFRA","I0805",{"v":2.43,"d":"2.4300"},"CIMENTO PORTLAND","KG",{"v":2.43,"d":"2.4300"},{"v":0.5,"d":"0.5000"},{"v":1.215,"d":"1.2150"}]
["SEINFRA","I1559",{"v":1,"d":"1.0000"},"PAINEL-COBERTURA CONCR CELULAR 7.5X40X280CM","M2",{"v":1,"d":"1.0000"},{"v":62.3,"d":"62.3000"},{"v":62.3,"d":"62.3000"}]
["SEINFRA",{"$nulls":5},"Total:",64.7706]
["SEINFRA",{"$nulls":4},"Total Simples:",null,{"v":65.75164,"d":"65.75"}]
["SEINFRA",{"$nulls":4},"Encargos Sociais:",null,1.14]
["SEINFRA",{"$nulls":4},"Valor BDI:",null,{"v":0,"d":"0.00"}]
["SEINFRA",{"$nulls":4},"Valor Geral:",null,{"v":66.89284,"d":"66.89"}]
["SEINFRA","C1845 - PAREDE ESTRUTURAL EM CONCRETO ARMADO ESP.=12cm - M2"]
["SEINFRA","EQUIPAMENTOS (CHORARIO)",null,null,"Unidade","Coeficiente","Preço","Total"]
["SEINFRA","I0682",{"v":0.14,"d":"0.1400"},"BETONEIRA ELÉTRICA 580L (CHP)","H",{"v":0.14,"d":"0.1400"},{"v":13.8267832,"d":"13.8268"},{"v":1.9357496480000003,"d":"1.9357"}]
["SEINFRA",{"$nulls":5},"Total:",1.9357]
["SEINFRA","MAO DE OBRA"]
["SEINFRA","I0041",{"v":1.35,"d":"1.3500"},"AJUDANTE DE CARPINTEIRO","H",{"v":1.35,"d":"1.3500"},{"v":5.6,"d":"5.6000"},{"v":7.5600000000000005,"d":"7.5600"}]
["SEINFRA","I0498",{"v":1.35,"d":"1.3500"},"CARPINTEIRO","H",{"v":1.35,"d":"1.3500"},{"v":7.2,"d":"7.2000"},{"v":9.72,"d":"9.7200"}]
["SEINFRA","I2391",{"v":0.37,"d":"0.3700"},"PEDREIRO","H",{"v":0.37,"d":"0.3700"},{"v":7.2,"d":"7.2000"},{"v":2.664,"d":"2.6640"}]
["SEINFRA","I2543",{"v":1.2,"d":"1.2000"},"SERVENTE","H",{"v":1.2,"d":"1.2000"},{"v":4.88,"d":"4.8800"},{"v":5.856,"d":"5.8560"}]
["SEINFRA",{"$nulls":5},"Total:",{"v":25.8,"d":"25.8000"}]
["SEINFRA","MATERIAIS"]
["SEINFRA","I0108",{"v":0.07,"d":"0.0700"},"AREIA GROSSA","M3",{"v":0.07,"d":"0.0700"},{"v":50,"d":"50.0000"},{"v":3.5000000000000004,"d":"3.5000"}]
["SEINFRA","I0280",{"v":0.1,"d":"0.1000"},"BRITA","M3",{"v":0.1,"d":"0.1000"},{"v":56,"d":"56.0000"},{"v":5.6000000000000005,"d":"5.6000"}]
["SEINFRA","I0527",{"v":2.05,"d":"2.0500"},"CHAPA COMPENSADO RESINAD0 6MM (1.10 X 2.20M)","M2",{"v":2.05,"d":"2.0500"},{"v":9.14,"d":"9.1400"},{"v":18.737,"d":"18.7370"}]
["SEINFRA","I0805",{"v":49.52,"d":"49.5200"},"CIMENTO PORTLAND","KG",{"v":49.52,"d":"49.5200"},{"v":0.5,"d":"0.5000"},{"v":24.76,"d":"24.7600"}]
["SEINFRA","I1691",{"v":2.7,"d":"2.7000"},"PONTALETE / BARROTE DE 3\"x3\"","M",{"v":2.7,"d":"2.7000"},{"v":14.79,"d":"14.7900"},{"v":39.933,"d":"39.9330"}]
["SEINFRA","I1724",{"v":0.3,"d":"0.3000"},"PREGO","KG",{"v":0.3,"d":"0.3000"},{"v":9.4,"d":"9.4000"},{"v":2.82,"d":"2.8200"}]
["SEINFRA","I1846",{"v":0.85,"d":"0.8500"},"SARRAFO DE 1\"X4\"","M",{"v":0.85,"d":"0.8500"},{"v":4.74,"d":"4.7400"},{"v":4.029,"d":"4.0290"}]
["SEINFRA","I2040",{"v":2.05,"d":"2.0500"},"TELA SOLDADA EM ACO CA-60 B FIO= 5,0MM MALHA 10 X 10 CM","M2",{"v":2.05,"d":"2.0500"},{"v":11.1,"d":"11.1000"},{"v":22.755,"d":"22.7550"}]
["SEINFRA",{"$nulls":5},"Total:",{"v":122.134,"d":"122.1340"}]
["SEINFRA",{"$nulls":4},"Total Simples:",null,{"v":149.869749648,"d":"149.87"}]
["SEINFRA",{"$nulls":4},"Encargos Sociais:",null,31.19]
["SEINFRA",{"$nulls":4},"Valor BDI:",null,{"v":0,"d":"0.00"}]
["SEINFRA",{"$nulls":4},"Valor Geral:",null,{"v":181.055449648,"d":"181.06"}]
["SEINFRA","C1830 - OURIÇO P/ ALAMBRADO DE PRESÍDIO - M"]
["SEINFRA","MAO DE OBRA",null,null,"Unidade","Coeficiente","Preço","Total"]
["SEINFRA","I0046",{"v":0.8,"d":"0.8000"},"AJUDANTE DE SERRALHEIRO","H",{"v":0.8,"d":"0.8000"},{"v":5.6,"d":"5.6000"},{"v":4.48,"d":"4.4800"}]
["SEINFRA","I1858",{"v":1.2,"d":"1.2000"},"SERRALHEIRO","H",{"v":1.2,"d":"1.2000"},{"v":7.2,"d":"7.2000"},{"v":8.64,"d":"8.6400"}]
["SEINFRA",{"$nulls":5},"Total:",{"v":13.12,"d":"13.1200"}]
["SEINFRA","MATERIAIS"]
["SEINFRA","I0102",{"v":0.85,"d":"0.8500"},"ARAME GALVANIZADO N.18 BWG","KG",{"v":0.85,"d":"0.8500"},{"v":17.84,"d":"17.8400"},{"v":15.164,"d":"15.1640"}]
["SEINFRA","I1872",{"v":0.35,"d":"0.3500"},"SOLDA 50X50","KG",{"v":0.35,"d":"0.3500"},{"v":53.5,"d":"53.5000"},{"v":18.724999999999998,"d":"18.7250"}]
["SEINFRA",{"$nulls":5},"Total:",{"v":33.889,"d":"33.8890"}]
["SEINFRA",{"$nulls":4},"Total Simples:",null,{"v":47.009,"d":"47.01"}]
["SEINFRA",{"$nulls":4},"Encargos Sociais:",null,15.26]
["SEINFRA",{"$nulls":4},"Valor BDI:",null,{"v":0,"d":"0.00"}]
["SEINFRA",{"$nulls":4},"Valor Geral:",null,{"v":62.271499999999996,"d":"62.27"}]
["SEINFRA","C1838 - PAINEL PROTENDIDO P/PISOS/PAREDES DE VEDAÇÃO ESP.=10cm - M2"]
["SEINFRA","EQUIPAMENTOS (CHORARIO)",null,null,"Unidade","Coeficiente","Preço","Total"]
["SEINFRA","I0682",{"v":1.5E-3,"d":"0.0015"},"BETONEIRA ELÉTRICA 580L (CHP)","H",{"v":1.5E-3,"d":"0.0015"},{"v":13.8267832,"d":"13.8268"},{"v":0.0207401748,"d":"0.0207"}]
["SEINFRA","I0743",{"v":0.04,"d":"0.0400"},"GUINDASTE DE TORRE HP 11 (CHP)","H",{"v":0.04,"d":"0.0400"},{"v":44.615035999999996,"d":"44.6150"},{"v":1.78460144,"d":"1.7846"}]
["SEINFRA",{"$nulls":5},"Total:",1.8053]
["SEINFRA","MAO DE OBRA"]
["SEINFRA","I2391",{"v":0.01,"d":"0.0100"},"PEDREIRO","H",{"v":0.01,"d":"0.0100"},{"v":7.2,"d":"7.2000"},{"v":0.07200000000000001,"d":"0.0720"}]
["SEINFRA","I2543",{"v":0.13,"d":"0.1300"},"SERVENTE","H",{"v":0.13,"d":"0.1300"},{"v":4.88,"d":"4.8800"},{"v":0.6344000000000001,"d":"0.6344"}]
["SEINFRA",{"$nulls":5},"Total:",0.7064]
["SEINFRA","MATERIAIS"]
["SEINFRA","I0027",{"v":0.008,"d":"0.0080"},"ADITIVO EXPANSOR","L",{"v":0.008,"d":"0.0080"},{"v":12.1,"d":"12.1000"},0.0968]
["SEINFRA","I0109",0.0017,"AREIA MEDIA","M3",0.0017,{"v":46,"d":"46.0000"},{"v":0.07819999999999999,"d":"0.0782"}]
["SEINFRA","I0805",{"v":1,"d":"1.0000"},"CIMENTO PORTLAND","KG",{"v":1,"d":"1.0000"},{"v":0.5,"d":"0.5000"},{"v":0.5,"d":"0.5000"}]
["SEINFRA","I1553",{"v":1.01,"d":"1.0100"},"PAINEL DE CONCRETO PROTENDIDO 10CM","M2",{"v":1.01,"d":"1.0100"},{"v":146,"d":"146.0000"},{"v":147.46,"d":"147.4600"}]
["SEINFRA","I1605",0.0017,"PEDRISCO","M3",0.0017,{"v":63.2,"d":"63.2000"},{"v":0.10744,"d":"0.1074"}]
["SEINFRA",{"$nulls":5},"Total:",148.2424]
["SEINFRA",{"$nulls":4},"Total Simples:",null,{"v":150.7541816148,"d":"150.75"}]
["SEINFRA",{"$nulls":4},"Encargos Sociais:",null,1.32]
["SEINFRA",{"$nulls":4},"Valor BDI:",null,{"v":0,"d":"0.00"}]
["SEINFRA",{"$nulls":4},"Valor Geral:",null,{"v":152.0724816148,"d":"152.07"}]
["SEINFRA","C1837 - PAINEL INFORMATIVO DUPLO C/PORTA DE CORRER EM VIDRO - M2"]
["SEINFRA","MAO DE OBRA",null,null,"Unidade","Coeficiente","Preço","Total"]
["SEINFRA","I0041",{"v":1.5,"d":"1.5000"},"AJUDANTE DE CARPINTEIRO","H",{"v":1.5,"d":"1.5000"},{"v":5.6,"d":"5.6000"},{"v":8.4,"d":"8.4000"}]
["SEINFRA","I0498",{"v":2.5,"d":"2.5000"},"CARPINTEIRO","H",{"v":2.5,"d":"2.5000"},{"v":7.2,"d":"7.2000"},{"v":18,"d":"18.0000"}]
["SEINFRA","I1530",{"v":3,"d":"3.0000"},"MONTADOR","H",{"v":3,"d":"3.0000"},{"v":7.2,"d":"7.2000"},{"v":21.6,"d":"21.6000"}]
["SEINFRA",{"$nulls":5},"Total:",{"v":48,"d":"48.0000"}]
["SEINFRA","MATERIAIS"]
["SEINFRA","I0541",{"v":2.05,"d":"2.0500"},"CHAPA MADEIRA MINERALIZADA, TIPO CELOTEX","M2",{"v":2.05,"d":"2.0500"},{"v":37.96,"d":"37.9600"},{"v":77.818,"d":"77.8180"}]
["SEINFRA","I1506",{"v":2.25,"d":"2.2500"},"MANTA EM FELTRO P/ REVESTIMENTO","M2",{"v":2.25,"d":"2.2500"},{"v":15.21,"d":"15.2100"},34.2225]
["SEINFRA","I2157",{"v":4,"d":"4.0000"},"TRILHO DE ALUMINIO PARA FORRO DE GESSO","M",{"v":4,"d":"4.0000"},{"v":6.4,"d":"6.4000"},{"v":25.6,"d":"25.6000"}]
["SEINFRA","I2255",{"v":1.8,"d":"1.8000"},"VIDRO LISO, E=6MM (COLOCADO)","M2",{"v":1.8,"d":"1.8000"},{"v":150,"d":"150.0000"},{"v":270,"d":"270.0000"}]
["SEINFRA","I2367",{"v":2.75,"d":"2.7500"},"LINHA DE MADEIRA DE LEI DE 6\"x3\"","M",{"v":2.75,"d":"2.7500"},{"v":31.5,"d":"31.5000"},{"v":86.625,"d":"86.6250"}]
["SEINFRA",{"$nulls":5},"Total:",494.2655]
["SEINFRA",{"$nulls":4},"Total Simples:",null,{"v":542.2655,"d":"542.27"}]
["SEINFRA",{"$nulls":4},"Encargos Sociais:",null,55.83]
["SEINFRA",{"$nulls":4},"Valor BDI:",null,{"v":0,"d":"0.00"}]
["SEINFRA",{"$nulls":4},"Valor Geral:",null,{"v":598.1039,"d":"598.10"}]
["SEINFRA","C1836 - PAINEL ESTRUTURADO AÇO INOX, ESCOVADO CHAPA 20 - M2"]
["SEINFRA","MAO DE OBRA",null,null,"Unidade","Coeficiente","Preço","Total"]
["SEINFRA","I0046",{"v":0.8,"d":"0.8000"},"AJUDANTE DE SERRALHEIRO","H",{"v":0.8,"d":"0.8000"},{"v":5.6,"d":"5.6000"},{"v":4.48,"d":"4.4800"}]
["SEINFRA","I1530",{"v":1.3,"d":"1.3000"},"MONTADOR","H",{"v":1.3,"d":"1.3000"},{"v":7.2,"d":"7.2000"},{"v":9.36,"d":"9.3600"}]
["SEINFRA","I1858",{"v":0.8,"d":"0.8000"},"SERRALHEIRO","H",{"v":0.8,"d":"0.8000"},{"v":7.2,"d":"7.2000"},{"v":5.760000000000001,"d":"5.7600"}]
["SEINFRA","I1879",{"v":0.65,"d":"0.6500"},"SOLDADOR","H",{"v":0.65,"d":"0.6500"},{"v":7.2,"d":"7.2000"},{"v":4.68,"d":"4.6800"}]
["SEINFRA",{"$nulls":5},"Total:",{"v":24.28,"d":"24.2800"}]
["SEINFRA","MATERIAIS"]
["SEINFRA","I0208",{"v":1.65,"d":"1.6500"},"BATENTE DE FERRO","M",{"v":1.65,"d":"1.6500"},{"v":17.9,"d":"17.9000"},{"v":29.535,"d":"29.5350"}]
["SEINFRA","I0521",{"v":1.15,"d":"1.1500"},"CHAPA AÇO INOX, ESCOVADO CHAPA 20","M2",{"v":1.15,"d":"1.1500"},{"v":312.16,"d":"312.1600"},{"v":358.984,"d":"358.9840"}]
["SEINFRA","I1027",{"v":1,"d":"1.0000"},"DOBRADIÇA 3''X2 1/2'' CROMADA","UN",{"v":1,"d":"1.0000"},{"v":9.24,"d":"9.2400"},{"v":9.24,"d":"9.2400"}]
["SEINFRA","I1577",{"v":3,"d":"3.0000"},"PARAFUSO COM ROSCA SOBERBA 8X50MM","UN",{"v":3,"d":"3.0000"},{"v":0.58,"d":"0.5800"},{"v":1.74,"d":"1.7400"}]
["SEINFRA","I1872",{"v":0.35,"d":"0.3500"},"SOLDA 50X50","KG",{"v":0.35,"d":"0.3500"},{"v":53.5,"d":"53.5000"},{"v":18.724999999999998,"d":"18.7250"}]
["SEINFRA",{"$nulls":5},"Total:",{"v":418.224,"d":"418.2240"}]
["SEINFRA",{"$nulls":4},"Total Simples:",null,{"v":442.50399999999996,"d":"442.50"}]
["SEINFRA",{"$nulls":4},"Encargos Sociais:",null,28.25]
["SEINFRA",{"$nulls":4},"Valor BDI:",null,{"v":0,"d":"0.00"}]
["SEINFRA",{"$nulls":4},"Valor Geral:",null,{"v":470.7489,"d":"470.75"}]
["SEINFRA","C1839 - PAINEL PROTENDIDO P/PISOS/PAREDES DE VEDAÇÃO ESP.=15cm - M2"]
["SEINFRA","EQUIPAMENTOS (CHORARIO)",null,null,"Unidade","Coeficiente","Preço","Total"]
["SEINFRA","I0682",0.0025,"BETONEIRA ELÉTRICA 580L (CHP)","H",0.0025,{"v":13.8267832,"d":"13.8268"},{"v":0.034566958,"d":"0.0346"}]
["SEINFRA","I0743",{"v":0.028,"d":"0.0280"},"GUINDASTE DE TORRE HP 11 (CHP)","H",{"v":0.028,"d":"0.0280"},{"v":44.615035999999996,"d":"44.6150"},{"v":1.249221008,"d":"1.2492"}]
["SEINFRA",{"$nulls":5},"Total:",1.2838]
["SEINFRA","MAO DE OBRA"]
["SEINFRA","I2391",{"v":0.01,"d":"0.0100"},"PEDREIRO","H",{"v":0.01,"d":"0.0100"},{"v":7.2,"d":"7.2000"},{"v":0.07200000000000001,"d":"0.0720"}]
["SEINFRA","I2543",{"v":0.09,"d":"0.0900"},"SERVENTE","H",{"v":0.09,"d":"0.0900"},{"v":4.88,"d":"4.8800"},0.4392]
["SEINFRA",{"$nulls":5},"Total:",0.5112]
["SEINFRA","MATERIAIS"]
["SEINFRA","I0027",{"v":0.014,"d":"0.0140"},"ADITIVO EXPANSOR","L",{"v":0.014,"d":"0.0140"},{"v":12.1,"d":"12.1000"},0.1694]
["SEINFRA","I0109",0.0026,"AREIA MEDIA","M3",0.0026,{"v":46,"d":"46.0000"},0.1196]
["SEINFRA","I0805",{"v":1,"d":"1.0000"},"CIMENTO PORTLAND","KG",{"v":1,"d":"1.0000"},{"v":0.5,"d":"0.5000"},{"v":0.5,"d":"0.5000"}]
["SEINFRA","I1554",{"v":1.01,"d":"1.0100"},"PAINEL DE CONCRETO PROTENDIDO 15CM","M2",{"v":1.01,"d":"1.0100"},{"v":181,"d":"181.0000"},{"v":182.81,"d":"182.8100"}]
["SEINFRA","I1605",0.0026,"PEDRISCO","M3",0.0026,{"v":63.2,"d":"63.2000"},{"v":0.16432,"d":"0.1643"}]
["SEINFRA",{"$nulls":5},"Total:",183.7633]
["SEINFRA",{"$nulls":4},"Total Simples:",null,{"v":185.558307966,"d":"185.56"}]
["SEINFRA",{"$nulls":4},"Encargos Sociais:",null,0.95]
["SEINFRA",{"$nulls":4},"Valor BDI:",null,{"v":0,"d":"0.00"}]
["SEINFRA",{"$nulls":4},"Valor Geral:",null,{"v":186.512707966,"d":"186.51"}]
["SEINFRA","C1861 - PASTILHAS DE PORCELANA EM FAIXAS ATÉ 40cm DE LARGURA C/ARGAMASSA PRÉ-FABRICADA - M2"]
["SEINFRA","MAO DE OBRA",null,null,"Unidade","Coeficiente","Preço","Total"]
["SEINFRA","I1599",{"v":0.48,"d":"0.4800"},"PASTILHEIRO","H",{"v":0.48,"d":"0.4800"},{"v":7.2,"d":"7.2000"},{"v":3.456,"d":"3.4560"}]
["SEINFRA","I2543",{"v":0.56,"d":"0.5600"},"SERVENTE","H",{"v":0.56,"d":"0.5600"},{"v":4.88,"d":"4.8800"},2.7328]
["SEINFRA",{"$nulls":5},"Total:",6.1888]
["SEINFRA","MATERIAIS"]
["SEINFRA","I0119",{"v":2.8,"d":"2.8000"},"ARGAMASSA PRE-FABRICADA TIPO MASSA FINA","KG",{"v":2.8,"d":"2.8000"},1.6155,4.5234]
["SEINFRA","I0154",{"v":0.04,"d":"0.0400"},"ÁCIDO MURIÁTICO","L",{"v":0.04,"d":"0.0400"},{"v":3.12,"d":"3.1200"},{"v":0.12480000000000001,"d":"0.1248"}]
["SEINFRA","I1595",{"v":1.2,"d":"1.2000"},"PASTA DE CIMENTO BRANCO","KG",{"v":1.2,"d":"1.2000"},{"v":3,"d":"3.0000"},{"v":3.5999999999999996,"d":"3.6000"}]
["SEINFRA","I1598",{"v":1.02,"d":"1.0200"},"PASTILHA DE PORCELANA ESMALTADA","M2",{"v":1.02,"d":"1.0200"},{"v":90.37,"d":"90.3700"},92.1774]
["SEINFRA","I1871",{"v":0.02,"d":"0.0200"},"SODA CAUSTICA","KG",{"v":0.02,"d":"0.0200"},{"v":4.59,"d":"4.5900"},0.0918]
["SEINFRA",{"$nulls":5},"Total:",100.5174]
["SEINFRA",{"$nulls":4},"Total Simples:",null,{"v":106.7062,"d":"106.71"}]
["SEINFRA",{"$nulls":4},"Encargos Sociais:",null,{"v":7.2,"d":"7.20"}]
["SEINFRA",{"$nulls":4},"Valor BDI:",null,{"v":0,"d":"0.00"}]
["SEINFRA",{"$nulls":4},"Valor Geral:",null,{"v":113.9056,"d":"113.91"}]
["SEINFRA","C1863 - PEDRA CARIRI ESP.= 2cm, C/ ARGAMASSA MISTA DE CIMENTO CAL HIDRATADA E AREIA - M2"]
["SEINFRA","MAO DE OBRA",null,null,"Unidade","Coeficiente","Preço","Total"]
["SEINFRA","I0044",{"v":0.25,"d":"0.2500"},"AJUDANTE DE GRANITEIRO/MARMORISTA","H",{"v":0.25,"d":"0.2500"},{"v":5.6,"d":"5.6000"},{"v":1.4,"d":"1.4000"}]
["SEINFRA","I1227",{"v":0.35,"d":"0.3500"},"GRANITEIRO/MAMORISTA","H",{"v":0.35,"d":"0.3500"},{"v":7.2,"d":"7.2000"},{"v":2.52,"d":"2.5200"}]
["SEINFRA",{"$nulls":5},"Total:",{"v":3.92,"d":"3.9200"}]
["SEINFRA","MATERIAIS"]
["SEINFRA","I0108",0.0304,"AREIA GROSSA","M3",0.0304,{"v":50,"d":"50.0000"},{"v":1.52,"d":"1.5200"}]
["SEINFRA","I0441",{"v":4.55,"d":"4.5500"},"CAL HIDRATADA","KG",{"v":4.55,"d":"4.5500"},{"v":0.74,"d":"0.7400"},{"v":3.367,"d":"3.3670"}]
["SEINFRA","I0805",{"v":9.13,"d":"9.1300"},"CIMENTO PORTLAND","KG",{"v":9.13,"d":"9.1300"},{"v":0.5,"d":"0.5000"},{"v":4.565,"d":"4.5650"}]
["SEINFRA","I1661",{"v":1.05,"d":"1.0500"},"PISO PEDRA CARIRI E=2CM","M2",{"v":1.05,"d":"1.0500"},{"v":20.2,"d":"20.2000"},{"v":21.21,"d":"21.2100"}]
["SEINFRA",{"$nulls":5},"Total:",{"v":30.662,"d":"30.6620"}]
["SEINFRA",{"$nulls":4},"Total Simples:",null,{"v":34.582,"d":"34.58"}]
["SEINFRA",{"$nulls":4},"Encargos Sociais:",null,4.56]
["SEINFRA",{"$nulls":4},"Valor BDI:",null,{"v":0,"d":"0.00"}]
["SEINFRA",{"$nulls":4},"Valor Geral:",null,{"v":39.1421,"d":"39.14"}]
["SEINFRA","C1862 - PAVIMENTAÇÃO RÚSTICA C/CONCRETO P/LASTRO NA ESP.DE 9cm E CAMADA SUPERFICIAL DE  CONCRETO FCK=13.5MPa  NA ESP.DE 3cm - M2"]
["SEINFRA","EQUIPAMENTOS (CHORARIO)",null,null,"Unidade","Coeficiente","Preço","Total"]
["SEINFRA","I0682",{"v":0.086,"d":"0.0860"},"BETONEIRA ELÉTRICA 580L (CHP)","H",{"v":0.086,"d":"0.0860"},{"v":13.8267832,"d":"13.8268"},{"v":1.1891033551999999,"d":"1.1891"}]
["SEINFRA",{"$nulls":5},"Total:",1.1891]
["SEINFRA","MAO DE OBRA"]
["SEINFRA","I2391",{"v":1,"d":"1.0000"},"PEDREIRO","H",{"v":1,"d":"1.0000"},{"v":7.2,"d":"7.2000"},{"v":7.2,"d":"7.2000"}]
["SEINFRA","I2543",{"v":4.72,"d":"4.7200"},"SERVENTE","H",{"v":4.72,"d":"4.7200"},{"v":4.88,"d":"4.8800"},23.0336]
["SEINFRA",{"$nulls":5},"Total:",30.2336]
["SEINFRA","MATERIAIS"]
["SEINFRA","I0109",0.0886,"AREIA MEDIA","M3",0.0886,{"v":46,"d":"46.0000"},4.0756]
["SEINFRA","I0280",0.1042,"BRITA","M3",0.1042,{"v":56,"d":"56.0000"},5.8352]
["SEINFRA","I0805",{"v":27,"d":"27.0000"},"CIMENTO PORTLAND","KG",{"v":27,"d":"27.0000"},{"v":0.5,"d":"0.5000"},{"v":13.5,"d":"13.5000"}]
["SEINFRA",{"$nulls":5},"Total:",23.4108]
["SEINFRA",{"$nulls":4},"Total Simples:",null,{"v":54.8335033552,"d":"54.83"}]
["SEINFRA",{"$nulls":4},"Encargos Sociais:",null,35.89]
["SEINFRA",{"$nulls":4},"Valor BDI:",null,{"v":0,"d":"0.00"}]
["SEINFRA",{"$nulls":4},"Valor Geral:",null,{"v":90.7246033552,"d":"90.72"}]
["SEINFRA","C1865 - PEDRA PORTUGUESA  2 CORES - M2"]
["SEINFRA","MAO DE OBRA",null,null,"Unidade","Coeficiente","Preço","Total"]
["SEINFRA","I2391",{"v":1.6,"d":"1.6000"},"PEDREIRO","H",{"v":1.6,"d":"1.6000"},{"v":7.2,"d":"7.2000"},{"v":11.520000000000001,"d":"11.5200"}]
["SEINFRA","I2543",{"v":1.25,"d":"1.2500"},"SERVENTE","H",{"v":1.25,"d":"1.2500"},{"v":4.88,"d":"4.8800"},{"v":6.1,"d":"6.1000"}]
["SEINFRA",{"$nulls":5},"Total:",{"v":17.62,"d":"17.6200"}]
["SEINFRA","MATERIAIS"]
["SEINFRA","I0108",{"v":0.098,"d":"0.0980"},"AREIA GROSSA","M3",{"v":0.098,"d":"0.0980"},{"v":50,"d":"50.0000"},{"v":4.9,"d":"4.9000"}]
["SEINFRA","I0805",{"v":5.35,"d":"5.3500"},"CIMENTO PORTLAND","KG",{"v":5.35,"d":"5.3500"},{"v":0.5,"d":"0.5000"},{"v":2.675,"d":"2.6750"}]
["SEINFRA","I1601",0.0405,"PEDRA PORTUGUESA  BRANCA","M3",0.0405,{"v":374,"d":"374.0000"},{"v":15.147,"d":"15.1470"}]
["SEINFRA","I1602",0.0405,"PEDRA PORTUGUESA PRETA/VERMELHA","M3",0.0405,{"v":374,"d":"374.0000"},{"v":15.147,"d":"15.1470"}]
["SEINFRA",{"$nulls":5},"Total:",{"v":37.869,"d":"37.8690"}]
["SEINFRA",{"$nulls":4},"Total Simples:",null,{"v":55.489000000000004,"d":"55.49"}]
["SEINFRA",{"$nulls":4},"Encargos Sociais:",null,{"v":20.5,"d":"20.50"}]
["SEINFRA",{"$nulls":4},"Valor BDI:",null,{"v":0,"d":"0.00"}]
["SEINFRA",{"$nulls":4},"Valor Geral:",null,{"v":75.9863,"d":"75.99"}]
["SEINFRA","C1864 - PEDRA PORTUGUESA - COR BRANCA - M2"]
["SEINFRA","MAO DE OBRA",null,null,"Unidade","Coeficiente","Preço","Total"]
["SEINFRA","I2391",{"v":1.6,"d":"1.6000"},"PEDREIRO","H",{"v":1.6,"d":"1.6000"},{"v":7.2,"d":"7.2000"},{"v":11.520000000000001,"d":"11.5200"}]
["SEINFRA","I2543",{"v":1.25,"d":"1.2500"},"SERVENTE","H",{"v":1.25,"d":"1.2500"},{"v":4.88,"d":"4.8800"},{"v":6.1,"d":"6.1000"}]
["SEINFRA",{"$nulls":5},"Total:",{"v":17.62,"d":"17.6200"}]
["SEINFRA","MATERIAIS"]
["SEINFRA","I0108",{"v":0.098,"d":"0.0980"},"AREIA GROSSA","M3",{"v":0.098,"d":"0.0980"},{"v":50,"d":"50.0000"},{"v":4.9,"d":"4.9000"}]
["SEINFRA","I0805",{"v":5.35,"d":"5.3500"},"CIMENTO PORTLAND","KG",{"v":5.35,"d":"5.3500"},{"v":0.5,"d":"0.5000"},{"v":2.675,"d":"2.6750"}]
["SEINFRA","I1601",{"v":0.081,"d":"0.0810"},"PEDRA PORTUGUESA  BRANCA","M3",{"v":0.081,"d":"0.0810"},{"v":374,"d":"374.0000"},{"v":30.294,"d":"30.2940"}]
["SEINFRA",{"$nulls":5},"Total:",{"v":37.869,"d":"37.8690"}]
["SEINFRA",{"$nulls":4},"Total Simples:",null,{"v":55.489000000000004,"d":"55.49"}]
["SEINFRA",{"$nulls":4},"Encargos Sociais:",null,{"v":20.5,"d":"20.50"}]
["SEINFRA",{"$nulls":4},"Valor BDI:",null,{"v":0,"d":"0.00"}]
["SEINFRA",{"$nulls":4},"Valor Geral:",null,{"v":75.9863,"d":"75.99"}]
["SEINFRA","C1867 - PEDRAS NATURAIS DECORATIVAS, C/ARGAMASSA MISTA CIMENTO. CAL HIDRATADA E AREIA - M2"]
["SEINFRA","MAO DE OBRA",null,null,"Unidade","Coeficiente","Preço","Total"]
["SEINFRA","I2391",{"v":0.25,"d":"0.2500"},"PEDREIRO","H",{"v":0.25,"d":"0.2500"},{"v":7.2,"d":"7.2000"},{"v":1.8,"d":"1.8000"}]
["SEINFRA","I2543",{"v":0.55,"d":"0.5500"},"SERVENTE","H",{"v":0.55,"d":"0.5500"},{"v":4.88,"d":"4.8800"},{"v":2.684,"d":"2.6840"}]
["SEINFRA",{"$nulls":5},"Total:",{"v":4.484,"d":"4.4840"}]
["SEINFRA","MATERIAIS"]
["SEINFRA","I0109",0.0365,"AREIA MEDIA","M3",0.0365,{"v":46,"d":"46.0000"},{"v":1.6789999999999998,"d":"1.6790"}]
["SEINFRA","I0441",{"v":4.86,"d":"4.8600"},"CAL HIDRATADA","KG",{"v":4.86,"d":"4.8600"},{"v":0.74,"d":"0.7400"},3.5964]
["SEINFRA","I0805",{"v":10.95,"d":"10.9500"},"CIMENTO PORTLAND","KG",{"v":10.95,"d":"10.9500"},{"v":0.5,"d":"0.5000"},{"v":5.475,"d":"5.4750"}]
["SEINFRA","I1603",{"v":1,"d":"1.0000"},"PEDRAS NATURAIS DECORATIVAS","M2",{"v":1,"d":"1.0000"},{"v":25.85,"d":"25.8500"},{"v":25.85,"d":"25.8500"}]
["SEINFRA",{"$nulls":5},"Total:",36.6004]
["SEINFRA",{"$nulls":4},"Total Simples:",null,{"v":41.0844,"d":"41.08"}]
["SEINFRA",{"$nulls":4},"Encargos Sociais:",null,5.22]
["SEINFRA",{"$nulls":4},"Valor BDI:",null,{"v":0,"d":"0.00"}]
["SEINFRA",{"$nulls":4},"Valor Geral:",null,{"v":46.3006,"d":"46.30"}]
["SEINFRA","C1866 - PEDRAS NATURAIS DECORATIVAS POLIDAS, C/ARGAMASSA MISTA CIMENTO CAL HIDRATADA E AREIA - M2"]
["SEINFRA","MAO DE OBRA",null,null,"Unidade","Coeficiente","Preço","Total"]
["SEINFRA","I2391",{"v":0.25,"d":"0.2500"},"PEDREIRO","H",{"v":0.25,"d":"0.2500"},{"v":7.2,"d":"7.2000"},{"v":1.8,"d":"1.8000"}]
["SEINFRA","I2543",{"v":0.55,"d":"0.5500"},"SERVENTE","H",{"v":0.55,"d":"0.5500"},{"v":4.88,"d":"4.8800"},{"v":2.684,"d":"2.6840"}]
["SEINFRA",{"$nulls":5},"Total:",{"v":4.484,"d":"4.4840"}]
["SEINFRA","MATERIAIS"]
["SEINFRA","I0109",0.0365,"AREIA MEDIA","M3",0.0365,{"v":46,"d":"46.0000"},{"v":1.6789999999999998,"d":"1.6790"}]
["SEINFRA","I0441",{"v":4.86,"d":"4.8600"},"CAL HIDRATADA","KG",{"v":4.86,"d":"4.8600"},{"v":0.74,"d":"0.7400"},3.5964]
["SEINFRA","I0805",{"v":10.95,"d":"10.9500"},"CIMENTO PORTLAND","KG",{"v":10.95,"d":"10.9500"},{"v":0.5,"d":"0.5000"},{"v":5.475,"d":"5.4750"}]
["SEINFRA","I1604",{"v":1,"d":"1.0000"},"PEDRAS NATURAIS DECORATIVAS POLIDAS","M2",{"v":1,"d":"1.0000"},{"v":29.88,"d":"29.8800"},{"v":29.88,"d":"29.8800"}]
["SEINFRA",{"$nulls":5},"Total:",40.6304]
["SEINFRA",{"$nulls":4},"Total Simples:",null,{"v":45.1144,"d":"45.11"}]
["SEINFRA",{"$nulls":4},"Encargos Sociais:",null,5.22]
["SEINFRA",{"$nulls":4},"Valor BDI:",null,{"v":0,"d":"0.00"}]
["SEINFRA",{"$nulls":4},"Valor Geral:",null,{"v":50.3306,"d":"50.33"}]
["SEINFRA","C1869 - PEITORIL DE GRANITO L= 15 cm - M"]
["SEINFRA","MAO DE OBRA",null,null,"Unidade","Coeficiente","Preço","Total"]
["SEINFRA","I2391",{"v":0.5,"d":"0.5000"},"PEDREIRO","H",{"v":0.5,"d":"0.5000"},{"v":7.2,"d":"7.2000"},{"v":3.6,"d":"3.6000"}]
["SEINFRA","I2543",{"v":0.25,"d":"0.2500"},"SERVENTE","H",{"v":0.25,"d":"0.2500"},{"v":4.88,"d":"4.8800"},{"v":1.22,"d":"1.2200"}]
["SEINFRA",{"$nulls":5},"Total:",{"v":4.82,"d":"4.8200"}]
["SEINFRA","MATERIAIS"]
["SEINFRA","I1610",{"v":1,"d":"1.0000"},"PEITORIS DE GRANITO 15CM","M",{"v":1,"d":"1.0000"},{"v":40,"d":"40.0000"},{"v":40,"d":"40.0000"}]
["SEINFRA",{"$nulls":5},"Total:",{"v":40,"d":"40.0000"}]
["SEINFRA","SERVIÇOS"]
["SEINFRA","C0197",{"v":0.00375,"d":"0.0038"},"ARGAMASSA MISTA DE CIMENTO CAL HIDR. E AREIA S/PEN. TRAÇO 1:1:4","M3",{"v":0.00375,"d":"0.0038"},{"v":421.916,"d":"421.9160"},{"v":1.582185,"d":"1.5822"}]
["SEINFRA"]
["SEINFRA",{"$nulls":5},"Total:",1.5822]
["SEINFRA",{"$nulls":4},"Total Simples:",null,{"v":46.402185,"d":"46.40"}]
["SEINFRA",{"$nulls":4},"Encargos Sociais:",null,5.82]
["SEINFRA",{"$nulls":4},"Valor BDI:",null,{"v":0,"d":"0.00"}]
["SEINFRA",{"$nulls":4},"Valor Geral:",null,{"v":52.222185,"d":"52.22"}]
["SEINFRA","C1868 - PEGADOR METÁLICO P/PORTA (INTERNO) - UN"]
["SEINFRA","MAO DE OBRA",null,null,"Unidade","Coeficiente","Preço","Total"]
["SEINFRA","I0041",{"v":0.3,"d":"0.3000"},"AJUDANTE DE CARPINTEIRO","H",{"v":0.3,"d":"0.3000"},{"v":5.6,"d":"5.6000"},{"v":1.68,"d":"1.6800"}]
["SEINFRA","I0498",{"v":0.3,"d":"0.3000"},"CARPINTEIRO","H",{"v":0.3,"d":"0.3000"},{"v":7.2,"d":"7.2000"},{"v":2.16,"d":"2.1600"}]
["SEINFRA",{"$nulls":5},"Total:",{"v":3.84,"d":"3.8400"}]
["SEINFRA","MATERIAIS"]
["SEINFRA","I1574",{"v":4,"d":"4.0000"},"PARAFUSO COM ROSCA SOBERBA 8X180MM","UN",{"v":4,"d":"4.0000"},{"v":1.25,"d":"1.2500"},{"v":5,"d":"5.0000"}]
["SEINFRA","I1606",{"v":1,"d":"1.0000"},"PEGADOR METALICO P/PORTA, INTERNO","UN",{"v":1,"d":"1.0000"},{"v":10.9,"d":"10.9000"},{"v":10.9,"d":"10.9000"}]
["SEINFRA",{"$nulls":5},"Total:",{"v":15.9,"d":"15.9000"}]
["SEINFRA",{"$nulls":4},"Total Simples:",null,19.74]
["SEINFRA",{"$nulls":4},"Encargos Sociais:",null,4.47]
["SEINFRA",{"$nulls":4},"Valor BDI:",null,{"v":0,"d":"0.00"}]
["SEINFRA",{"$nulls":4},"Valor Geral:",null,{"v":24.2071,"d":"24.21"}]
["SEINFRA","C1852 - PASTILHAS DE PORCELANA C/CIMENTO COLANTE - M2"]
["SEINFRA","MAO DE OBRA",null,null,"Unidade","Coeficiente","Preço","Total"]
["SEINFRA","I1599",{"v":0.3,"d":"0.3000"},"PASTILHEIRO","H",{"v":0.3,"d":"0.3000"},{"v":7.2,"d":"7.2000"},{"v":2.16,"d":"2.1600"}]
["SEINFRA","I2543",{"v":0.22,"d":"0.2200"},"SERVENTE","H",{"v":0.22,"d":"0.2200"},{"v":4.88,"d":"4.8800"},1.0736]
["SEINFRA",{"$nulls":5},"Total:",3.2336]
["SEINFRA","MATERIAIS"]
["SEINFRA","I0799",{"v":2.5,"d":"2.5000"},"CIMENTO BRANCO","KG",{"v":2.5,"d":"2.5000"},{"v":2.81,"d":"2.8100"},{"v":7.025,"d":"7.0250"}]
["SEINFRA","I0800",{"v":4.5,"d":"4.5000"},"CIMENTO COLANTE","KG",{"v":4.5,"d":"4.5000"},{"v":0.65,"d":"0.6500"},{"v":2.925,"d":"2.9250"}]
["SEINFRA","I1598",{"v":1.05,"d":"1.0500"},"PASTILHA DE PORCELANA ESMALTADA","M2",{"v":1.05,"d":"1.0500"},{"v":90.37,"d":"90.3700"},{"v":94.88850000000001,"d":"94.8885"}]
["SEINFRA",{"$nulls":5},"Total:",104.8385]
["SEINFRA",{"$nulls":4},"Total Simples:",null,{"v":108.0721,"d":"108.07"}]
["SEINFRA",{"$nulls":4},"Encargos Sociais:",null,3.76]
["SEINFRA",{"$nulls":4},"Valor BDI:",null,{"v":0,"d":"0.00"}]
["SEINFRA",{"$nulls":4},"Valor Geral:",null,{"v":111.83370000000001,"d":"111.83"}]
["SEINFRA","C1851 - PASTILHAS DE PORCELANA C/ARGAMASSA MISTA CIMENTO, CAL HIDRATADA E AREIA TRAÇO 1:3:9 - M2"]
["SEINFRA","MAO DE OBRA",null,null,"Unidade","Coeficiente","Preço","Total"]
["SEINFRA","I1599",{"v":1.5,"d":"1.5000"},"PASTILHEIRO","H",{"v":1.5,"d":"1.5000"},{"v":7.2,"d":"7.2000"},{"v":10.8,"d":"10.8000"}]
["SEINFRA","I2543",{"v":1.69,"d":"1.6900"},"SERVENTE","H",{"v":1.69,"d":"1.6900"},{"v":4.88,"d":"4.8800"},8.2472]
["SEINFRA",{"$nulls":5},"Total:",19.0472]
["SEINFRA","MATERIAIS"]
["SEINFRA","I0109",0.0049,"AREIA MEDIA","M3",0.0049,{"v":46,"d":"46.0000"},0.2254]
["SEINFRA","I0154",{"v":0.1,"d":"0.1000"},"ÁCIDO MURIÁTICO","L",{"v":0.1,"d":"0.1000"},{"v":3.12,"d":"3.1200"},{"v":0.312,"d":"0.3120"}]
["SEINFRA","I0441",{"v":0.97,"d":"0.9700"},"CAL HIDRATADA","KG",{"v":0.97,"d":"0.9700"},{"v":0.74,"d":"0.7400"},0.7178]
["SEINFRA","I0799",{"v":3,"d":"3.0000"},"CIMENTO BRANCO","KG",{"v":3,"d":"3.0000"},{"v":2.81,"d":"2.8100"},{"v":8.43,"d":"8.4300"}]
["SEINFRA","I0805",{"v":0.65,"d":"0.6500"},"CIMENTO PORTLAND","KG",{"v":0.65,"d":"0.6500"},{"v":0.5,"d":"0.5000"},{"v":0.325,"d":"0.3250"}]
["SEINFRA","I1598",{"v":1.02,"d":"1.0200"},"PASTILHA DE PORCELANA ESMALTADA","M2",{"v":1.02,"d":"1.0200"},{"v":90.37,"d":"90.3700"},92.1774]
["SEINFRA","I1871",{"v":0.1,"d":"0.1000"},"SODA CAUSTICA","KG",{"v":0.1,"d":"0.1000"},{"v":4.59,"d":"4.5900"},{"v":0.459,"d":"0.4590"}]
["SEINFRA",{"$nulls":5},"Total:",102.6466]
["SEINFRA",{"$nulls":4},"Total Simples:",null,{"v":121.6938,"d":"121.69"}]
["SEINFRA",{"$nulls":4},"Encargos Sociais:",null,22.16]
["SEINFRA",{"$nulls":4},"Valor BDI:",null,{"v":0,"d":"0.00"}]
["SEINFRA",{"$nulls":4},"Valor Geral:",null,{"v":143.8514,"d":"143.85"}]
["SEINFRA","C1850 - PASTILHAS DE PORCELANA EM SUPERFÍCIES CURVAS - M2"]
["SEINFRA","MAO DE OBRA",null,null,"Unidade","Coeficiente","Preço","Total"]
["SEINFRA","I1599",{"v":0.9,"d":"0.9000"},"PASTILHEIRO","H",{"v":0.9,"d":"0.9000"},{"v":7.2,"d":"7.2000"},{"v":6.48,"d":"6.4800"}]
["SEINFRA","I2543",{"v":1,"d":"1.0000"},"SERVENTE","H",{"v":1,"d":"1.0000"},{"v":4.88,"d":"4.8800"},{"v":4.88,"d":"4.8800"}]
["SEINFRA",{"$nulls":5},"Total:",{"v":11.36,"d":"11.3600"}]
["SEINFRA","MATERIAIS"]
["SEINFRA","I0119",{"v":7,"d":"7.0000"},"ARGAMASSA PRE-FABRICADA TIPO MASSA FINA","KG",{"v":7,"d":"7.0000"},1.6155,11.3085]
["SEINFRA","I0154",{"v":0.1,"d":"0.1000"},"ÁCIDO MURIÁTICO","L",{"v":0.1,"d":"0.1000"},{"v":3.12,"d":"3.1200"},{"v":0.312,"d":"0.3120"}]
["SEINFRA","I1595",{"v":3,"d":"3.0000"},"PASTA DE CIMENTO BRANCO","KG",{"v":3,"d":"3.0000"},{"v":3,"d":"3.0000"},{"v":9,"d":"9.0000"}]
["SEINFRA","I1598",{"v":1.02,"d":"1.0200"},"PASTILHA DE PORCELANA ESMALTADA","M2",{"v":1.02,"d":"1.0200"},{"v":90.37,"d":"90.3700"},92.1774]
["SEINFRA","I1871",{"v":0.05,"d":"0.0500"},"SODA CAUSTICA","KG",{"v":0.05,"d":"0.0500"},{"v":4.59,"d":"4.5900"},0.2295]
["SEINFRA",{"$nulls":5},"Total:",113.0274]
["SEINFRA",{"$nulls":4},"Total Simples:",null,{"v":124.3874,"d":"124.39"}]
["SEINFRA",{"$nulls":4},"Encargos Sociais:",null,13.21]
["SEINFRA",{"$nulls":4},"Valor BDI:",null,{"v":0,"d":"0.00"}]
["SEINFRA",{"$nulls":4},"Valor Geral:",null,{"v":137.6025,"d":"137.60"}]
["SEINFRA","C1856 - PASTILHAS DE PORCELANA EM FAIXAS DE 5 A 14cm, C/ARGAMASSA MISTA DE CIMENTO, CAL HIDRATADA E AREIA - M"]
["SEINFRA","MAO DE OBRA",null,null,"Unidade","Coeficiente","Preço","Total"]
["SEINFRA","I1599",{"v":0.7,"d":"0.7000"},"PASTILHEIRO","H",{"v":0.7,"d":"0.7000"},{"v":7.2,"d":"7.2000"},{"v":5.04,"d":"5.0400"}]
["SEINFRA","I2543",{"v":0.5,"d":"0.5000"},"SERVENTE","H",{"v":0.5,"d":"0.5000"},{"v":4.88,"d":"4.8800"},{"v":2.44,"d":"2.4400"}]
["SEINFRA",{"$nulls":5},"Total:",{"v":7.48,"d":"7.4800"}]
["SEINFRA","MATERIAIS"]
["SEINFRA","I0109",0.0007,"AREIA MEDIA","M3",0.0007,{"v":46,"d":"46.0000"},0.0322]
["SEINFRA","I0154",{"v":0.014,"d":"0.0140"},"ÁCIDO MURIÁTICO","L",{"v":0.014,"d":"0.0140"},{"v":3.12,"d":"3.1200"},{"v":0.043680000000000004,"d":"0.0437"}]
["SEINFRA","I0441",{"v":0.15,"d":"0.1500"},"CAL HIDRATADA","KG",{"v":0.15,"d":"0.1500"},{"v":0.74,"d":"0.7400"},{"v":0.111,"d":"0.1110"}]
["SEINFRA","I0799",{"v":0.42,"d":"0.4200"},"CIMENTO BRANCO","KG",{"v":0.42,"d":"0.4200"},{"v":2.81,"d":"2.8100"},1.1802]
["SEINFRA","I0805",{"v":0.1,"d":"0.1000"},"CIMENTO PORTLAND","KG",{"v":0.1,"d":"0.1000"},{"v":0.5,"d":"0.5000"},{"v":0.05,"d":"0.0500"}]
["SEINFRA","I1598",{"v":0.15,"d":"0.1500"},"PASTILHA DE PORCELANA ESMALTADA","M2",{"v":0.15,"d":"0.1500"},{"v":90.37,"d":"90.3700"},13.5555]
["SEINFRA","I1871",{"v":0.014,"d":"0.0140"},"SODA CAUSTICA","KG",{"v":0.014,"d":"0.0140"},{"v":4.59,"d":"4.5900"},{"v":0.06426,"d":"0.0643"}]
["SEINFRA",{"$nulls":5},"Total:",15.0369]
["SEINFRA",{"$nulls":4},"Total Simples:",null,{"v":22.51684,"d":"22.52"}]
["SEINFRA",{"$nulls":4},"Encargos Sociais:",null,{"v":8.7,"d":"8.70"}]
["SEINFRA",{"$nulls":4},"Valor BDI:",null,{"v":0,"d":"0.00"}]
["SEINFRA",{"$nulls":4},"Valor Geral:",null,{"v":31.218339999999998,"d":"31.22"}]
["SEINFRA","C1855 - PASTILHAS DE PORCELANA EM FAIXAS DE 25 A 40cm, C/ARGAMASSA MISTA DE CIMENTO, CAL HIDRATADA  E AREIA - M"]
["SEINFRA","MAO DE OBRA",null,null,"Unidade","Coeficiente","Preço","Total"]
["SEINFRA","I1599",{"v":0.9,"d":"0.9000"},"PASTILHEIRO","H",{"v":0.9,"d":"0.9000"},{"v":7.2,"d":"7.2000"},{"v":6.48,"d":"6.4800"}]
["SEINFRA","I2543",{"v":0.63,"d":"0.6300"},"SERVENTE","H",{"v":0.63,"d":"0.6300"},{"v":4.88,"d":"4.8800"},3.0744]
["SEINFRA",{"$nulls":5},"Total:",9.5544]
["SEINFRA","MATERIAIS"]
["SEINFRA","I0109",0.0021,"AREIA MEDIA","M3",0.0021,{"v":46,"d":"46.0000"},{"v":0.09659999999999999,"d":"0.0966"}]
["SEINFRA","I0154",{"v":0.042,"d":"0.0420"},"ÁCIDO MURIÁTICO","L",{"v":0.042,"d":"0.0420"},{"v":3.12,"d":"3.1200"},{"v":0.13104000000000002,"d":"0.1310"}]
["SEINFRA","I0441",{"v":0.41,"d":"0.4100"},"CAL HIDRATADA","KG",{"v":0.41,"d":"0.4100"},{"v":0.74,"d":"0.7400"},0.3034]
["SEINFRA","I0799",{"v":1.26,"d":"1.2600"},"CIMENTO BRANCO","KG",{"v":1.26,"d":"1.2600"},{"v":2.81,"d":"2.8100"},3.5406]
["SEINFRA","I0805",{"v":0.28,"d":"0.2800"},"CIMENTO PORTLAND","KG",{"v":0.28,"d":"0.2800"},{"v":0.5,"d":"0.5000"},{"v":0.14,"d":"0.1400"}]
["SEINFRA","I1598",{"v":0.42,"d":"0.4200"},"PASTILHA DE PORCELANA ESMALTADA","M2",{"v":0.42,"d":"0.4200"},{"v":90.37,"d":"90.3700"},37.9554]
["SEINFRA","I1871",{"v":0.042,"d":"0.0420"},"SODA CAUSTICA","KG",{"v":0.042,"d":"0.0420"},{"v":4.59,"d":"4.5900"},{"v":0.19278,"d":"0.1928"}]
["SEINFRA",{"$nulls":5},"Total:",42.3598]
["SEINFRA",{"$nulls":4},"Total Simples:",null,{"v":51.91422,"d":"51.91"}]
["SEINFRA",{"$nulls":4},"Encargos Sociais:",null,11.12]
["SEINFRA",{"$nulls":4},"Valor BDI:",null,{"v":0,"d":"0.00"}]
["SEINFRA",{"$nulls":4},"Valor Geral:",null,{"v":63.028819999999996,"d":"63.03"}]
["SEINFRA","C1854 - PASTILHAS DE PORCELANA EM FAIXAS DE 15 A 24cm, C/ARGAMASSA MISTA DE CIMENTO, CAL HIDRATADA E AREIA - M"]
["SEINFRA","MAO DE OBRA",null,null,"Unidade","Coeficiente","Preço","Total"]
["SEINFRA","I1599",{"v":0.8,"d":"0.8000"},"PASTILHEIRO","H",{"v":0.8,"d":"0.8000"},{"v":7.2,"d":"7.2000"},{"v":5.760000000000001,"d":"5.7600"}]
["SEINFRA","I2543",{"v":0.55,"d":"0.5500"},"SERVENTE","H",{"v":0.55,"d":"0.5500"},{"v":4.88,"d":"4.8800"},{"v":2.684,"d":"2.6840"}]
["SEINFRA",{"$nulls":5},"Total:",{"v":8.444,"d":"8.4440"}]
["SEINFRA","MATERIAIS"]
["SEINFRA","I0109",0.0012,"AREIA MEDIA","M3",0.0012,{"v":46,"d":"46.0000"},{"v":0.05519999999999999,"d":"0.0552"}]
["SEINFRA","I0154",{"v":0.025,"d":"0.0250"},"ÁCIDO MURIÁTICO","L",{"v":0.025,"d":"0.0250"},{"v":3.12,"d":"3.1200"},{"v":0.078,"d":"0.0780"}]
["SEINFRA","I0441",{"v":0.24,"d":"0.2400"},"CAL HIDRATADA","KG",{"v":0.24,"d":"0.2400"},{"v":0.74,"d":"0.7400"},{"v":0.17759999999999998,"d":"0.1776"}]
["SEINFRA","I0799",{"v":0.75,"d":"0.7500"},"CIMENTO BRANCO","KG",{"v":0.75,"d":"0.7500"},{"v":2.81,"d":"2.8100"},2.1075]
["SEINFRA","I0805",{"v":0.16,"d":"0.1600"},"CIMENTO PORTLAND","KG",{"v":0.16,"d":"0.1600"},{"v":0.5,"d":"0.5000"},{"v":0.08,"d":"0.0800"}]
["SEINFRA","I1598",{"v":0.25,"d":"0.2500"},"PASTILHA DE PORCELANA ESMALTADA","M2",{"v":0.25,"d":"0.2500"},{"v":90.37,"d":"90.3700"},22.5925]
["SEINFRA","I1871",{"v":0.025,"d":"0.0250"},"SODA CAUSTICA","KG",{"v":0.025,"d":"0.0250"},{"v":4.59,"d":"4.5900"},{"v":0.11475,"d":"0.1148"}]
["SEINFRA",{"$nulls":5},"Total:",25.2056]
["SEINFRA",{"$nulls":4},"Total Simples:",null,{"v":33.64955,"d":"33.65"}]
["SEINFRA",{"$nulls":4},"Encargos Sociais:",null,9.82]
["SEINFRA",{"$nulls":4},"Valor BDI:",null,{"v":0,"d":"0.00"}]
["SEINFRA",{"$nulls":4},"Valor Geral:",null,{"v":43.47245,"d":"43.47"}]
["SEINFRA","C1853 - PASTILHAS DE PORCELANA C/CIMENTO COLANTE INCLUSIVE LIMPEZA - M2"]
["SEINFRA","MAO DE OBRA",null,null,"Unidade","Coeficiente","Preço","Total"]
["SEINFRA","I1599",{"v":0.3,"d":"0.3000"},"PASTILHEIRO","H",{"v":0.3,"d":"0.3000"},{"v":7.2,"d":"7.2000"},{"v":2.16,"d":"2.1600"}]
["SEINFRA","I2543",{"v":0.72,"d":"0.7200"},"SERVENTE","H",{"v":0.72,"d":"0.7200"},{"v":4.88,"d":"4.8800"},3.5136]
["SEINFRA",{"$nulls":5},"Total:",5.6736]
["SEINFRA","MATERIAIS"]
["SEINFRA","I0154",{"v":0.1,"d":"0.1000"},"ÁCIDO MURIÁTICO","L",{"v":0.1,"d":"0.1000"},{"v":3.12,"d":"3.1200"},{"v":0.312,"d":"0.3120"}]
["SEINFRA","I0799",{"v":2.5,"d":"2.5000"},"CIMENTO BRANCO","KG",{"v":2.5,"d":"2.5000"},{"v":2.81,"d":"2.8100"},{"v":7.025,"d":"7.0250"}]
["SEINFRA","I0800",{"v":4.5,"d":"4.5000"},"CIMENTO COLANTE","KG",{"v":4.5,"d":"4.5000"},{"v":0.65,"d":"0.6500"},{"v":2.925,"d":"2.9250"}]
["SEINFRA","I1598",{"v":1.02,"d":"1.0200"},"PASTILHA DE PORCELANA ESMALTADA","M2",{"v":1.02,"d":"1.0200"},{"v":90.37,"d":"90.3700"},92.1774]
["SEINFRA","I1871",{"v":0.1,"d":"0.1000"},"SODA CAUSTICA","KG",{"v":0.1,"d":"0.1000"},{"v":4.59,"d":"4.5900"},{"v":0.459,"d":"0.4590"}]
["SEINFRA",{"$nulls":5},"Total:",102.8984]
["SEINFRA",{"$nulls":4},"Total Simples:",null,{"v":108.572,"d":"108.57"}]
["SEINFRA",{"$nulls":4},"Encargos Sociais:",null,{"v":6.6,"d":"6.60"}]
["SEINFRA",{"$nulls":4},"Valor BDI:",null,{"v":0,"d":"0.00"}]
["SEINFRA",{"$nulls":4},"Valor Geral:",null,{"v":115.1721,"d":"115.17"}]
["SEINFRA","C1859 - PASTILHAS DE PORCELANA C/ARGAMASSA MISTA CIMENTO, CAL HIDRATADA E AREIA - M2"]
["SEINFRA","MAO DE OBRA",null,null,"Unidade","Coeficiente","Preço","Total"]
["SEINFRA","I1599",{"v":1.5,"d":"1.5000"},"PASTILHEIRO","H",{"v":1.5,"d":"1.5000"},{"v":7.2,"d":"7.2000"},{"v":10.8,"d":"10.8000"}]
["SEINFRA","I2391",{"v":0.7,"d":"0.7000"},"PEDREIRO","H",{"v":0.7,"d":"0.7000"},{"v":7.2,"d":"7.2000"},{"v":5.04,"d":"5.0400"}]
["SEINFRA","I2543",{"v":2.35,"d":"2.3500"},"SERVENTE","H",{"v":2.35,"d":"2.3500"},{"v":4.88,"d":"4.8800"},{"v":11.468,"d":"11.4680"}]
["SEINFRA",{"$nulls":5},"Total:",{"v":27.308,"d":"27.3080"}]
["SEINFRA","MATERIAIS"]
["SEINFRA","I0109",0.0243,"AREIA MEDIA","M3",0.0243,{"v":46,"d":"46.0000"},1.1178]
["SEINFRA","I0441",{"v":4.86,"d":"4.8600"},"CAL HIDRATADA","KG",{"v":4.86,"d":"4.8600"},{"v":0.74,"d":"0.7400"},3.5964]
["SEINFRA","I0799",{"v":3,"d":"3.0000"},"CIMENTO BRANCO","KG",{"v":3,"d":"3.0000"},{"v":2.81,"d":"2.8100"},{"v":8.43,"d":"8.4300"}]
["SEINFRA","I0805",{"v":4.54,"d":"4.5400"},"CIMENTO PORTLAND","KG",{"v":4.54,"d":"4.5400"},{"v":0.5,"d":"0.5000"},{"v":2.27,"d":"2.2700"}]
["SEINFRA","I1598",{"v":1.05,"d":"1.0500"},"PASTILHA DE PORCELANA ESMALTADA","M2",{"v":1.05,"d":"1.0500"},{"v":90.37,"d":"90.3700"},{"v":94.88850000000001,"d":"94.8885"}]
["SEINFRA","I1871",{"v":0.1,"d":"0.1000"},"SODA CAUSTICA","KG",{"v":0.1,"d":"0.1000"},{"v":4.59,"d":"4.5900"},{"v":0.459,"d":"0.4590"}]
["SEINFRA",{"$nulls":5},"Total:",110.7617]
["SEINFRA",{"$nulls":4},"Total Simples:",null,{"v":138.0697,"d":"138.07"}]
["SEINFRA",{"$nulls":4},"Encargos Sociais:",null,31.77]
["SEINFRA",{"$nulls":4},"Valor BDI:",null,{"v":0,"d":"0.00"}]
["SEINFRA",{"$nulls":4},"Valor Geral:",null,{"v":169.8371,"d":"169.84"}]
["SEINFRA","C1858 - PASTILHAS DE PORCELANA EM SUPERFICIES CURVAS - M2"]
["SEINFRA","MAO DE OBRA",null,null,"Unidade","Coeficiente","Preço","Total"]
["SEINFRA","I1599",{"v":2.4,"d":"2.4000"},"PASTILHEIRO","H",{"v":2.4,"d":"2.4000"},{"v":7.2,"d":"7.2000"},{"v":17.28,"d":"17.2800"}]
["SEINFRA","I2543",{"v":2.05,"d":"2.0500"},"SERVENTE","H",{"v":2.05,"d":"2.0500"},{"v":4.88,"d":"4.8800"},{"v":10.004,"d":"10.0040"}]
["SEINFRA",{"$nulls":5},"Total:",{"v":27.284,"d":"27.2840"}]
["SEINFRA","MATERIAIS"]
["SEINFRA","I0109",0.0049,"AREIA MEDIA","M3",0.0049,{"v":46,"d":"46.0000"},0.2254]
["SEINFRA","I0154",{"v":0.1,"d":"0.1000"},"ÁCIDO MURIÁTICO","L",{"v":0.1,"d":"0.1000"},{"v":3.12,"d":"3.1200"},{"v":0.312,"d":"0.3120"}]
["SEINFRA","I0441",{"v":0.97,"d":"0.9700"},"CAL HIDRATADA","KG",{"v":0.97,"d":"0.9700"},{"v":0.74,"d":"0.7400"},0.7178]
["SEINFRA","I0799",{"v":3,"d":"3.0000"},"CIMENTO BRANCO","KG",{"v":3,"d":"3.0000"},{"v":2.81,"d":"2.8100"},{"v":8.43,"d":"8.4300"}]
["SEINFRA","I0805",{"v":0.65,"d":"0.6500"},"CIMENTO PORTLAND","KG",{"v":0.65,"d":"0.6500"},{"v":0.5,"d":"0.5000"},{"v":0.325,"d":"0.3250"}]
["SEINFRA","I1598",{"v":1.05,"d":"1.0500"},"PASTILHA DE PORCELANA ESMALTADA","M2",{"v":1.05,"d":"1.0500"},{"v":90.37,"d":"90.3700"},{"v":94.88850000000001,"d":"94.8885"}]
["SEINFRA","I1871",{"v":0.1,"d":"0.1000"},"SODA CAUSTICA","KG",{"v":0.1,"d":"0.1000"},{"v":4.59,"d":"4.5900"},{"v":0.459,"d":"0.4590"}]
["SEINFRA",{"$nulls":5},"Total:",105.3577]
["SEINFRA",{"$nulls":4},"Total Simples:",null,{"v":132.64170000000001,"d":"132.64"}]
["SEINFRA",{"$nulls":4},"Encargos Sociais:",null,31.74]
["SEINFRA",{"$nulls":4},"Valor BDI:",null,{"v":0,"d":"0.00"}]
["SEINFRA",{"$nulls":4},"Valor Geral:",null,{"v":164.3812,"d":"164.38"}]
["SEINFRA","C1857 - PASTILHAS DE PORCELANA EM FAIXAS DE ATÉ 4cm, C/ARGAMASSA MISTA DE CIMENTO, CAL HIDRATADA E AREIA - M"]
["SEINFRA","MAO DE OBRA",null,null,"Unidade","Coeficiente","Preço","Total"]
["SEINFRA","I1599",{"v":0.6,"d":"0.6000"},"PASTILHEIRO","H",{"v":0.6,"d":"0.6000"},{"v":7.2,"d":"7.2000"},{"v":4.32,"d":"4.3200"}]
["SEINFRA","I2543",{"v":0.41,"d":"0.4100"},"SERVENTE","H",{"v":0.41,"d":"0.4100"},{"v":4.88,"d":"4.8800"},2.0008]
["SEINFRA",{"$nulls":5},"Total:",6.3208]
["SEINFRA","MATERIAIS"]
["SEINFRA","I0109",0.0002,"AREIA MEDIA","M3",0.0002,{"v":46,"d":"46.0000"},0.0092]
["SEINFRA","I0154",0.0004,"ÁCIDO MURIÁTICO","L",0.0004,{"v":3.12,"d":"3.1200"},{"v":1.248E-3,"d":"0.0012"}]
["SEINFRA","I0441",{"v":0.049,"d":"0.0490"},"CAL HIDRATADA","KG",{"v":0.049,"d":"0.0490"},{"v":0.74,"d":"0.7400"},{"v":0.03626,"d":"0.0363"}]
["SEINFRA","I0799",{"v":0.12,"d":"0.1200"},"CIMENTO BRANCO","KG",{"v":0.12,"d":"0.1200"},{"v":2.81,"d":"2.8100"},0.3372]
["SEINFRA","I0805",{"v":0.032,"d":"0.0320"},"CIMENTO PORTLAND","KG",{"v":0.032,"d":"0.0320"},{"v":0.5,"d":"0.5000"},{"v":0.016,"d":"0.0160"}]
["SEINFRA","I1598",{"v":0.04,"d":"0.0400"},"PASTILHA DE PORCELANA ESMALTADA","M2",{"v":0.04,"d":"0.0400"},{"v":90.37,"d":"90.3700"},{"v":3.6148000000000002,"d":"3.6148"}]
["SEINFRA","I1871",0.0004,"SODA CAUSTICA","KG",0.0004,{"v":4.59,"d":"4.5900"},{"v":1.8360000000000002E-3,"d":"0.0018"}]
["SEINFRA",{"$nulls":5},"Total:",4.0165]
["SEINFRA",{"$nulls":4},"Total Simples:",null,{"v":10.337344,"d":"10.34"}]
["SEINFRA",{"$nulls":4},"Encargos Sociais:",null,7.35]
["SEINFRA",{"$nulls":4},"Valor BDI:",null,{"v":0,"d":"0.00"}]
["SEINFRA",{"$nulls":4},"Valor Geral:",null,{"v":17.690344,"d":"17.69"}]
["SEINFRA","C3893 - LIMPEZA DE VALETA DE DRENAGEM - M"]
["SEINFRA","MAO DE OBRA",null,null,"Unidade","Coeficiente","Preço","Total"]
["SEINFRA","I2543",{"v":0.2,"d":"0.2000"},"SERVENTE","H",{"v":0.2,"d":"0.2000"},{"v":4.88,"d":"4.8800"},{"v":0.9760000000000001,"d":"0.9760"}]
["SEINFRA","I6815",{"v":0.01,"d":"0.0100"},"ENCARREGADO DE TURMA / FEITOR","H",{"v":0.01,"d":"0.0100"},{"v":13.44,"d":"13.4400"},0.1344]
["SEINFRA",{"$nulls":5},"Total:",1.1104]
["SEINFRA",{"$nulls":4},"Total Simples:",null,{"v":1.1104,"d":"1.11"}]
["SEINFRA",{"$nulls":4},"Encargos Sociais:",null,1.29]
["SEINFRA",{"$nulls":4},"Valor BDI:",null,{"v":0,"d":"0.00"}]
["SEINFRA",{"$nulls":4},"Valor Geral:",null,{"v":2.4021,"d":"2.40"}]
["SEINFRA","C3894 - LIMPEZA DE DESCIDA D'ÁGUA - M"]
["SEINFRA","MAO DE OBRA",null,null,"Unidade","Coeficiente","Preço","Total"]
["SEINFRA","I2543",{"v":0.0666666666666667,"d":"0.0667"},"SERVENTE","H",{"v":0.0666666666666667,"d":"0.0667"},{"v":4.88,"d":"4.8800"},{"v":0.3253333333333335,"d":"0.3253"}]
["SEINFRA","I6815",{"v":0.00333333333333333,"d":"0.0033"},"ENCARREGADO DE TURMA / FEITOR","H",{"v":0.00333333333333333,"d":"0.0033"},{"v":13.44,"d":"13.4400"},{"v":0.04479999999999996,"d":"0.0448"}]
["SEINFRA",{"$nulls":5},"Total:",0.3701]
["SEINFRA",{"$nulls":4},"Total Simples:",null,{"v":0.3701333333333334,"d":"0.37"}]
["SEINFRA",{"$nulls":4},"Encargos Sociais:",null,0.43]
["SEINFRA",{"$nulls":4},"Valor BDI:",null,{"v":0,"d":"0.00"}]
["SEINFRA",{"$nulls":4},"Valor Geral:",null,{"v":0.8007333333333334,"d":"0.80"}]
["SEINFRA","C3891 - COMBATE À EXSUDAÇÃO COM AREIA - M2"]
["SEINFRA","EQUIPAMENTOS (CHORARIO)",null,null,"Unidade","Coeficiente","Preço","Total"]
["SEINFRA","I0578",{"v":0,"d":"0.0000"},"CAMINHÃO BASCULANTE 6 M3 (CHI)","H",{"v":0,"d":"0.0000"},{"v":18.245308823529413,"d":"18.2453"},{"v":0,"d":"0.0000"}]
["SEINFRA","I0607",{"v":1.1111111111111111E-3,"d":"0.0011"},"COMPAC. DE PNEUS PRES. VAR. AUTOPR. (CHI)","H",{"v":1.1111111111111111E-3,"d":"0.0011"},{"v":28.00582222222222,"d":"28.0058"},{"v":0.031117580246913582,"d":"0.0311"}]
["SEINFRA","I0690",{"v":2.2222222222222222E-3,"d":"0.0022"},"CAMINHÃO BASCULANTE 6 M3 (CHP)","H",{"v":2.2222222222222222E-3,"d":"0.0022"},{"v":99.71089705882353,"d":"99.7109"},{"v":0.22157977124183006,"d":"0.2216"}]
["SEINFRA","I0721",{"v":1.1111111111111111E-3,"d":"0.0011"},"COMPAC. DE PNEUS PRES. VAR. AUTOPR. (CHP)","H",{"v":1.1111111111111111E-3,"d":"0.0011"},{"v":146.15759259259258,"d":"146.1576"},{"v":0.16239732510288066,"d":"0.1624"}]
["SEINFRA",{"$nulls":5},"Total:",0.4151]
["SEINFRA","MAO DE OBRA"]
["SEINFRA","I2543",{"v":0.011111111111111112,"d":"0.0111"},"SERVENTE","H",{"v":0.011111111111111112,"d":"0.0111"},{"v":4.88,"d":"4.8800"},{"v":0.05422222222222223,"d":"0.0542"}]
["SEINFRA","I6815",{"v":2.2222222222222222E-3,"d":"0.0022"},"ENCARREGADO DE TURMA / FEITOR","H",{"v":2.2222222222222222E-3,"d":"0.0022"},{"v":13.44,"d":"13.4400"},{"v":0.029866666666666666,"d":"0.0299"}]
["SEINFRA",{"$nulls":5},"Total:",0.0841]
["SEINFRA","SERVIÇOS"]
["SEINFRA","C3130",{"v":0.003,"d":"0.0030"},"AREIA DE RIO - EXTRAÇÃO","M3",{"v":0.003,"d":"0.0030"},{"v":6.367127882819795,"d":"6.3671"},{"v":0.019101383648459386,"d":"0.0191"}]
["SEINFRA",{"$nulls":5},"Total:",0.0191]
["SEINFRA",{"$nulls":4},"Total Simples:",null,{"v":0.5182849491289726,"d":"0.52"}]
["SEINFRA",{"$nulls":4},"Encargos Sociais:",null,0.15]
["SEINFRA",{"$nulls":4},"Valor BDI:",null,{"v":0,"d":"0.00"}]
["SEINFRA",{"$nulls":4},"Valor Geral:",null,{"v":0.6651849491289725,"d":"0.67"}]
["SEINFRA","C3892 - COMBATE À EXSUDAÇÃO COM PEDRISCO - M2"]
["SEINFRA","EQUIPAMENTOS (CHORARIO)",null,null,"Unidade","Coeficiente","Preço","Total"]
["SEINFRA","I0578",{"v":0,"d":"0.0000"},"CAMINHÃO BASCULANTE 6 M3 (CHI)","H",{"v":0,"d":"0.0000"},{"v":18.245308823529413,"d":"18.2453"},{"v":0,"d":"0.0000"}]
["SEINFRA","I0607",{"v":1.1111111111111111E-3,"d":"0.0011"},"COMPAC. DE PNEUS PRES. VAR. AUTOPR. (CHI)","H",{"v":1.1111111111111111E-3,"d":"0.0011"},{"v":28.00582222222222,"d":"28.0058"},{"v":0.031117580246913582,"d":"0.0311"}]
["SEINFRA","I0690",{"v":2.2222222222222222E-3,"d":"0.0022"},"CAMINHÃO BASCULANTE 6 M3 (CHP)","H",{"v":2.2222222222222222E-3,"d":"0.0022"},{"v":99.71089705882353,"d":"99.7109"},{"v":0.22157977124183006,"d":"0.2216"}]
["SEINFRA","I0721",{"v":1.1111111111111111E-3,"d":"0.0011"},"COMPAC. DE PNEUS PRES. VAR. AUTOPR. (CHP)","H",{"v":1.1111111111111111E-3,"d":"0.0011"},{"v":146.15759259259258,"d":"146.1576"},{"v":0.16239732510288066,"d":"0.1624"}]
["SEINFRA",{"$nulls":5},"Total:",0.4151]
["SEINFRA","MAO DE OBRA"]
["SEINFRA","I2543",{"v":0.011111111111111112,"d":"0.0111"},"SERVENTE","H",{"v":0.011111111111111112,"d":"0.0111"},{"v":4.88,"d":"4.8800"},{"v":0.05422222222222223,"d":"0.0542"}]
["SEINFRA","I6815",{"v":2.2222222222222222E-3,"d":"0.0022"},"ENCARREGADO DE TURMA / FEITOR","H",{"v":2.2222222222222222E-3,"d":"0.0022"},{"v":13.44,"d":"13.4400"},{"v":0.029866666666666666,"d":"0.0299"}]
["SEINFRA",{"$nulls":5},"Total:",0.0841]
["SEINFRA","SERVIÇOS"]
["SEINFRA","C3252",{"v":0.003,"d":"0.0030"},"BRITA PRODUZIDA PARA REVESTIMENTOS BETUMINOSOS","M3",{"v":0.003,"d":"0.0030"},{"v":61.55174944250293,"d":"61.5517"},{"v":0.1846552483275088,"d":"0.1847"}]
["SEINFRA",{"$nulls":5},"Total:",0.1847]
["SEINFRA",{"$nulls":4},"Total Simples:",null,{"v":0.683838813808022,"d":"0.68"}]
["SEINFRA",{"$nulls":4},"Encargos Sociais:",null,0.18]
["SEINFRA",{"$nulls":4},"Valor BDI:",null,{"v":0,"d":"0.00"}]
["SEINFRA",{"$nulls":4},"Valor Geral:",null,{"v":0.858538813808022,"d":"0.86"}]
["SEINFRA","C3897 - RECOMPOSIÇÃO DE PLACA DE SINALIZAÇÃO - M2"]
["SEINFRA","EQUIPAMENTOS (CHORARIO)",null,null,"Unidade","Coeficiente","Preço","Total"]
["SEINFRA","I0583",{"v":0.1,"d":"0.1000"},"CAMINHÃO C/CARROCERIA DE MADEIRA HP 92 (CHI)","H",{"v":0.1,"d":"0.1000"},{"v":13.997992,"d":"13.9980"},{"v":1.3997992000000001,"d":"1.3998"}]
["SEINFRA","I0704",{"v":0.1,"d":"0.1000"},"CAMINHÃO C/CARROCERIA DE MADEIRA HP 92 (CHP)","H",{"v":0.1,"d":"0.1000"},{"v":61.613725333333335,"d":"61.6137"},{"v":6.161372533333333,"d":"6.1614"}]
["SEINFRA",{"$nulls":5},"Total:",7.5612]
["SEINFRA","MAO DE OBRA"]
["SEINFRA","I2543",{"v":0.8,"d":"0.8000"},"SERVENTE","H",{"v":0.8,"d":"0.8000"},{"v":4.88,"d":"4.8800"},{"v":3.9040000000000004,"d":"3.9040"}]
["SEINFRA","I6815",{"v":0.2,"d":"0.2000"},"ENCARREGADO DE TURMA / FEITOR","H",{"v":0.2,"d":"0.2000"},{"v":13.44,"d":"13.4400"},{"v":2.688,"d":"2.6880"}]
["SEINFRA",{"$nulls":5},"Total:",{"v":6.592,"d":"6.5920"}]
["SEINFRA",{"$nulls":4},"Total Simples:",null,{"v":14.153171733333334,"d":"14.15"}]
["SEINFRA",{"$nulls":4},"Encargos Sociais:",null,9.53]
["SEINFRA",{"$nulls":4},"Valor BDI:",null,{"v":0,"d":"0.00"}]
["SEINFRA",{"$nulls":4},"Valor Geral:",null,{"v":23.682971733333332,"d":"23.68"}]
["SEINFRA","C3898 - REMOÇÃO MANUAL DE BARREIRA EM SOLO - M3"]
["SEINFRA","EQUIPAMENTOS (CHORARIO)",null,null,"Unidade","Coeficiente","Preço","Total"]
["SEINFRA","I0578",{"v":0.08333333333333333,"d":"0.0833"},"CAMINHÃO BASCULANTE 6 M3 (CHI)","H",{"v":0.08333333333333333,"d":"0.0833"},{"v":18.245308823529413,"d":"18.2453"},{"v":1.5204424019607843,"d":"1.5204"}]
["SEINFRA","I0690",{"v":0.08333333333333333,"d":"0.0833"},"CAMINHÃO BASCULANTE 6 M3 (CHP)","H",{"v":0.08333333333333333,"d":"0.0833"},{"v":99.71089705882353,"d":"99.7109"},{"v":8.309241421568627,"d":"8.3092"}]
["SEINFRA",{"$nulls":5},"Total:",9.8296]
["SEINFRA","MAO DE OBRA"]
["SEINFRA","I2543",{"v":0.5,"d":"0.5000"},"SERVENTE","H",{"v":0.5,"d":"0.5000"},{"v":4.88,"d":"4.8800"},{"v":2.44,"d":"2.4400"}]
["SEINFRA","I6815",{"v":0.08333333333333333,"d":"0.0833"},"ENCARREGADO DE TURMA / FEITOR","H",{"v":0.08333333333333333,"d":"0.0833"},{"v":13.44,"d":"13.4400"},{"v":1.1199999999999999,"d":"1.1200"}]
["SEINFRA",{"$nulls":5},"Total:",{"v":3.56,"d":"3.5600"}]
["SEINFRA",{"$nulls":4},"Total Simples:",null,{"v":13.389683823529412,"d":"13.39"}]
["SEINFRA",{"$nulls":4},"Encargos Sociais:",null,5.69]
["SEINFRA",{"$nulls":4},"Valor BDI:",null,{"v":0,"d":"0.00"}]
["SEINFRA",{"$nulls":4},"Valor Geral:",null,{"v":19.082083823529413,"d":"19.08"}]
["SEINFRA","C3895 - ENCHIMENTO E COMPACTAÇÃO DA MISTURA BETUMINOSA EM TAPA BURACO - M3"]
["SEINFRA","EQUIPAMENTOS (CHORARIO)",null,null,"Unidade","Coeficiente","Preço","Total"]
["SEINFRA","I0578",{"v":1.8,"d":"1.8000"},"CAMINHÃO BASCULANTE 6 M3 (CHI)","H",{"v":1.8,"d":"1.8000"},{"v":18.245308823529413,"d":"18.2453"},{"v":32.84155588235294,"d":"32.8416"}]
["SEINFRA","I0611",{"v":1.6,"d":"1.6000"},"COMPACTADOR DE PLACA VIBRATÓRIA HP 4 (CHI)","H",{"v":1.6,"d":"1.6000"},{"v":9.116950000000001,"d":"9.1170"},{"v":14.58712,"d":"14.5871"}]
["SEINFRA","I0690",{"v":0.2,"d":"0.2000"},"CAMINHÃO BASCULANTE 6 M3 (CHP)","H",{"v":0.2,"d":"0.2000"},{"v":99.71089705882353,"d":"99.7109"},{"v":19.942179411764705,"d":"19.9422"}]
["SEINFRA","I0724",{"v":0.4,"d":"0.4000"},"COMPACTADOR DE PLACA VIBRATÓRIA HP 4 (CHP)","H",{"v":0.4,"d":"0.4000"},{"v":20.849908333333335,"d":"20.8499"},{"v":8.339963333333333,"d":"8.3400"}]
["SEINFRA",{"$nulls":5},"Total:",75.7109]
["SEINFRA","MAO DE OBRA"]
["SEINFRA","I2543",{"v":12,"d":"12.0000"},"SERVENTE","H",{"v":12,"d":"12.0000"},{"v":4.88,"d":"4.8800"},{"v":58.56,"d":"58.5600"}]
["SEINFRA","I6815",{"v":2,"d":"2.0000"},"ENCARREGADO DE TURMA / FEITOR","H",{"v":2,"d":"2.0000"},{"v":13.44,"d":"13.4400"},{"v":26.88,"d":"26.8800"}]
["SEINFRA",{"$nulls":5},"Total:",{"v":85.44,"d":"85.4400"}]
["SEINFRA",{"$nulls":4},"Total Simples:",null,{"v":161.15081862745097,"d":"161.15"}]
["SEINFRA",{"$nulls":4},"Encargos Sociais:",null,134.76]
["SEINFRA",{"$nulls":4},"Valor BDI:",null,{"v":0,"d":"0.00"}]
["SEINFRA",{"$nulls":4},"Valor Geral:",null,{"v":295.907518627451,"d":"295.91"}]
["SEINFRA","C3896 - LIMPEZA DE PLACA DE SINALIZAÇÃO - M2"]
["SEINFRA","EQUIPAMENTOS (CHORARIO)",null,null,"Unidade","Coeficiente","Preço","Total"]
["SEINFRA","I0583",{"v":0.025,"d":"0.0250"},"CAMINHÃO C/CARROCERIA DE MADEIRA HP 92 (CHI)","H",{"v":0.025,"d":"0.0250"},{"v":13.997992,"d":"13.9980"},{"v":0.34994980000000003,"d":"0.3499"}]
["SEINFRA","I0704",{"v":0.025,"d":"0.0250"},"CAMINHÃO C/CARROCERIA DE MADEIRA HP 92 (CHP)","H",{"v":0.025,"d":"0.0250"},{"v":61.613725333333335,"d":"61.6137"},{"v":1.5403431333333333,"d":"1.5403"}]
["SEINFRA",{"$nulls":5},"Total:",1.8902]
["SEINFRA","MAO DE OBRA"]
["SEINFRA","I2543",{"v":0.2,"d":"0.2000"},"SERVENTE","H",{"v":0.2,"d":"0.2000"},{"v":4.88,"d":"4.8800"},{"v":0.9760000000000001,"d":"0.9760"}]
["SEINFRA","I6815",{"v":0.025,"d":"0.0250"},"ENCARREGADO DE TURMA / FEITOR","H",{"v":0.025,"d":"0.0250"},{"v":13.44,"d":"13.4400"},{"v":0.336,"d":"0.3360"}]
["SEINFRA",{"$nulls":5},"Total:",{"v":1.312,"d":"1.3120"}]
["SEINFRA","MATERIAIS"]
["SEINFRA","I7373",{"v":0.1,"d":"0.1000"},"DETERGENTE","L",{"v":0.1,"d":"0.1000"},{"v":2.83,"d":"2.8300"},{"v":0.28300000000000003,"d":"0.2830"}]
["SEINFRA",{"$nulls":5},"Total:",{"v":0.283,"d":"0.2830"}]
["SEINFRA",{"$nulls":4},"Total Simples:",null,{"v":3.485292933333333,"d":"3.49"}]
["SEINFRA",{"$nulls":4},"Encargos Sociais:",null,1.99]
["SEINFRA",{"$nulls":4},"Valor BDI:",null,{"v":0,"d":"0.00"}]
["SEINFRA",{"$nulls":4},"Valor Geral:",null,{"v":5.476892933333334,"d":"5.48"}]
["SEINFRA","C3899 - REMOÇÃO MANUAL DE BARREIRA EM ROCHA - M3"]
["SEINFRA","EQUIPAMENTOS (CHORARIO)",null,null,"Unidade","Coeficiente","Preço","Total"]
["SEINFRA","I0578",{"v":0.125,"d":"0.1250"},"CAMINHÃO BASCULANTE 6 M3 (CHI)","H",{"v":0.125,"d":"0.1250"},{"v":18.245308823529413,"d":"18.2453"},{"v":2.2806636029411766,"d":"2.2807"}]
["SEINFRA","I0690",{"v":0.125,"d":"0.1250"},"CAMINHÃO BASCULANTE 6 M3 (CHP)","H",{"v":0.125,"d":"0.1250"},{"v":99.71089705882353,"d":"99.7109"},{"v":12.463862132352942,"d":"12.4639"}]
["SEINFRA",{"$nulls":5},"Total:",14.7446]
["SEINFRA","MAO DE OBRA"]
["SEINFRA","I2543",{"v":0.75,"d":"0.7500"},"SERVENTE","H",{"v":0.75,"d":"0.7500"},{"v":4.88,"d":"4.8800"},{"v":3.66,"d":"3.6600"}]
["SEINFRA","I6815",{"v":0.125,"d":"0.1250"},"ENCARREGADO DE TURMA / FEITOR","H",{"v":0.125,"d":"0.1250"},{"v":13.44,"d":"13.4400"},{"v":1.68,"d":"1.6800"}]
["SEINFRA",{"$nulls":5},"Total:",{"v":5.34,"d":"5.3400"}]
["SEINFRA",{"$nulls":4},"Total Simples:",null,{"v":20.084525735294118,"d":"20.08"}]
["SEINFRA",{"$nulls":4},"Encargos Sociais:",null,8.54]
["SEINFRA",{"$nulls":4},"Valor BDI:",null,{"v":0,"d":"0.00"}]
["SEINFRA",{"$nulls":4},"Valor Geral:",null,{"v":28.623125735294117,"d":"28.62"}]
["SEINFRA","C1875 - PENDENTE OU PLAFONIER C/GLOBO LEITOSO C/ 1 LÂMPADA DE 60W - UN"]
["SEINFRA","MAO DE OBRA",null,null,"Unidade","Coeficiente","Preço","Total"]
["SEINFRA","I0042",{"v":0.8,"d":"0.8000"},"AJUDANTE DE ELETRICISTA","H",{"v":0.8,"d":"0.8000"},{"v":5.6,"d":"5.6000"},{"v":4.48,"d":"4.4800"}]
["SEINFRA","I2312",{"v":0.8,"d":"0.8000"},"ELETRICISTA","H",{"v":0.8,"d":"0.8000"},{"v":7.2,"d":"7.2000"},{"v":5.760000000000001,"d":"5.7600"}]
["SEINFRA",{"$nulls":5},"Total:",{"v":10.24,"d":"10.2400"}]
["SEINFRA","MATERIAIS"]
["SEINFRA","I1472",{"v":1,"d":"1.0000"},"LÂMPADA INCANDESCENTE 60W","UN",{"v":1,"d":"1.0000"},{"v":2,"d":"2.0000"},{"v":2,"d":"2.0000"}]
["SEINFRA","I1674",{"v":1,"d":"1.0000"},"PLAFONIER COM GLOBO LEITOSO 9'X4' TIPO BRASIL","UN",{"v":1,"d":"1.0000"},{"v":12.13,"d":"12.1300"},{"v":12.13,"d":"12.1300"}]
["SEINFRA",{"$nulls":5},"Total:",{"v":14.13,"d":"14.1300"}]
["SEINFRA",{"$nulls":4},"Total Simples:",null,24.37]
["SEINFRA",{"$nulls":4},"Encargos Sociais:",null,11.91]
["SEINFRA",{"$nulls":4},"Valor BDI:",null,{"v":0,"d":"0.00"}]
["SEINFRA",{"$nulls":4},"Valor Geral:",null,{"v":36.2822,"d":"36.28"}]
["SEINFRA","C1876 - PENTOX  2 DEMÃOS APLICADO EM MADEIRAS - M2"]
["SEINFRA","MAO DE OBRA",null,null,"Unidade","Coeficiente","Preço","Total"]
["SEINFRA","I0045",{"v":0.35,"d":"0.3500"},"AJUDANTE DE PINTOR","H",{"v":0.35,"d":"0.3500"},{"v":5.6,"d":"5.6000"},{"v":1.96,"d":"1.9600"}]
["SEINFRA","I2395",{"v":0.4,"d":"0.4000"},"PINTOR","H",{"v":0.4,"d":"0.4000"},{"v":7.2,"d":"7.2000"},{"v":2.8800000000000003,"d":"2.8800"}]
["SEINFRA",{"$nulls":5},"Total:",{"v":4.84,"d":"4.8400"}]
["SEINFRA","MATERIAIS"]
["SEINFRA","I0035",{"v":0.05,"d":"0.0500"},"AGUARRAZ MINERAL","L",{"v":0.05,"d":"0.0500"},{"v":10.46,"d":"10.4600"},{"v":0.523,"d":"0.5230"}]
["SEINFRA","I1613",{"v":0.16,"d":"0.1600"},"PENTOX P/ MADEIRAS","L",{"v":0.16,"d":"0.1600"},{"v":17.16,"d":"17.1600"},2.7456]
["SEINFRA",{"$nulls":5},"Total:",3.2686]
["SEINFRA",{"$nulls":4},"Total Simples:",null,{"v":8.108600000000001,"d":"8.11"}]
["SEINFRA",{"$nulls":4},"Encargos Sociais:",null,5.63]
["SEINFRA",{"$nulls":4},"Valor BDI:",null,{"v":0,"d":"0.00"}]
["SEINFRA",{"$nulls":4},"Valor Geral:",null,{"v":13.739,"d":"13.74"}]
["SEINFRA","C3868 - APARELHO DE JANELA CAP. 12.000 BTU (FORNECIMENTO E MONTAGEM) - UN"]
["SEINFRA","MATERIAIS",null,null,"Unidade","Coeficiente","Preço","Total"]
["SEINFRA","I7358",{"v":1,"d":"1.0000"},"APARELHO DE JANELA - CAP 12.000 BTU (FORN. E MONTAGEM)","UN",{"v":1,"d":"1.0000"},{"v":1348,"d":"1,348.0000"},{"v":1348,"d":"1,348.0000"}]
["SEINFRA",{"$nulls":5},"Total:",{"v":1348,"d":"1,348.0000"}]
["SEINFRA",{"$nulls":4},"Total Simples:",null,{"v":1348,"d":"1,348.00"}]
["SEINFRA",{"$nulls":4},"Encargos Sociais:",null,{"v":0,"d":"0.00"}]
["SEINFRA",{"$nulls":4},"Valor BDI:",null,{"v":0,"d":"0.00"}]
["SEINFRA",{"$nulls":4},"Valor Geral:",null,{"v":1348,"d":"1,348.00"}]
["SEINFRA","C1877 - PERFIL DE ALUMÍNIO TIPO ( L- T- U ) - M"]
["SEINFRA","MAO DE OBRA",null,null,"Unidade","Coeficiente","Preço","Total"]
["SEINFRA","I2391",{"v":0.6,"d":"0.6000"},"PEDREIRO","H",{"v":0.6,"d":"0.6000"},{"v":7.2,"d":"7.2000"},{"v":4.32,"d":"4.3200"}]
["SEINFRA","I2543",{"v":0.4,"d":"0.4000"},"SERVENTE","H",{"v":0.4,"d":"0.4000"},{"v":4.88,"d":"4.8800"},{"v":1.9520000000000002,"d":"1.9520"}]
["SEINFRA",{"$nulls":5},"Total:",{"v":6.272,"d":"6.2720"}]
["SEINFRA","MATERIAIS"]
["SEINFRA","I0805",{"v":0.75,"d":"0.7500"},"CIMENTO PORTLAND","KG",{"v":0.75,"d":"0.7500"},{"v":0.5,"d":"0.5000"},{"v":0.375,"d":"0.3750"}]
["SEINFRA","I1624",{"v":1,"d":"1.0000"},"PERFIL DE ALUMINIO TIPO ( L - T - U )","M",{"v":1,"d":"1.0000"},{"v":3.24,"d":"3.2400"},{"v":3.24,"d":"3.2400"}]
["SEINFRA",{"$nulls":5},"Total:",{"v":3.615,"d":"3.6150"}]
["SEINFRA",{"$nulls":4},"Total Simples:",null,{"v":9.887,"d":"9.89"}]
["SEINFRA",{"$nulls":4},"Encargos Sociais:",null,7.29]
["SEINFRA",{"$nulls":4},"Valor BDI:",null,{"v":0,"d":"0.00"}]
["SEINFRA",{"$nulls":4},"Valor Geral:",null,{"v":17.1832,"d":"17.18"}]
["SEINFRA","C3867 - APARELHO DE JANELA CAP. 10.000 BTU (FORNECIMENTO E MONTAGEM) - UN"]
["SEINFRA","MATERIAIS",null,null,"Unidade","Coeficiente","Preço","Total"]
["SEINFRA","I7357",{"v":1,"d":"1.0000"},"APARELHO DE JANELA - CAP 10.000 BTU (FORN. E MONTAGEM)","UN",{"v":1,"d":"1.0000"},{"v":1248,"d":"1,248.0000"},{"v":1248,"d":"1,248.0000"}]
["SEINFRA",{"$nulls":5},"Total:",{"v":1248,"d":"1,248.0000"}]
["SEINFRA",{"$nulls":4},"Total Simples:",null,{"v":1248,"d":"1,248.00"}]
["SEINFRA",{"$nulls":4},"Encargos Sociais:",null,{"v":0,"d":"0.00"}]
["SEINFRA",{"$nulls":4},"Valor BDI:",null,{"v":0,"d":"0.00"}]
["SEINFRA",{"$nulls":4},"Valor Geral:",null,{"v":1248,"d":"1,248.00"}]
["SEINFRA","C1878 - PERFIL METÁLICO  ' I ', PRÉ-PINTADO C/ H=300mm - M"]
["SEINFRA","EQUIPAMENTOS (CHORARIO)",null,null,"Unidade","Coeficiente","Preço","Total"]
["SEINFRA","I0751",{"v":0.5,"d":"0.5000"},"MÁQUINA P/JATEAMENTO (CHP)","H",{"v":0.5,"d":"0.5000"},{"v":21.874157,"d":"21.8742"},{"v":10.9370785,"d":"10.9371"}]
["SEINFRA",{"$nulls":5},"Total:",10.9371]
["SEINFRA","MAO DE OBRA"]
["SEINFRA","I0037",{"v":1.5,"d":"1.5000"},"AJUDANTE","H",{"v":1.5,"d":"1.5000"},{"v":5.6,"d":"5.6000"},{"v":8.4,"d":"8.4000"}]
["SEINFRA","I1278",{"v":0.5,"d":"0.5000"},"JATISTA","H",{"v":0.5,"d":"0.5000"},{"v":7.2,"d":"7.2000"},{"v":3.6,"d":"3.6000"}]
["SEINFRA","I1530",{"v":1.5,"d":"1.5000"},"MONTADOR","H",{"v":1.5,"d":"1.5000"},{"v":7.2,"d":"7.2000"},{"v":10.8,"d":"10.8000"}]
["SEINFRA",{"$nulls":5},"Total:",{"v":22.8,"d":"22.8000"}]
["SEINFRA","MATERIAIS"]
["SEINFRA","I1629",{"v":1,"d":"1.0000"},"PERFIL METÁLICO ' I ' , H=300MM (66,97KG/M)","M",{"v":1,"d":"1.0000"},{"v":371.68,"d":"371.6800"},{"v":371.68,"d":"371.6800"}]
["SEINFRA","I1735",{"v":0.3,"d":"0.3000"},"PRIMER A BASE DE EPOXI","L",{"v":0.3,"d":"0.3000"},{"v":41.94,"d":"41.9400"},{"v":12.581999999999999,"d":"12.5820"}]
["SEINFRA",{"$nulls":5},"Total:",{"v":384.262,"d":"384.2620"}]
["SEINFRA",{"$nulls":4},"Total Simples:",null,{"v":417.9990785,"d":"418.00"}]
["SEINFRA",{"$nulls":4},"Encargos Sociais:",null,30.71]
["SEINFRA",{"$nulls":4},"Valor BDI:",null,{"v":0,"d":"0.00"}]
["SEINFRA",{"$nulls":4},"Valor Geral:",null,{"v":448.7101785,"d":"448.71"}]
["SEINFRA","C3866 - APARELHO DE JANELA CAP. 7.500 BTU (FORNECIMENTO E MONTAGEM) - UN"]
["SEINFRA","MATERIAIS",null,null,"Unidade","Coeficiente","Preço","Total"]
["SEINFRA","I7356",{"v":1,"d":"1.0000"},"APARELHO DE JANELA - CAP 7.500 BTU (FORN. E MONTAGEM)","UN",{"v":1,"d":"1.0000"},{"v":1148,"d":"1,148.0000"},{"v":1148,"d":"1,148.0000"}]
["SEINFRA",{"$nulls":5},"Total:",{"v":1148,"d":"1,148.0000"}]
["SEINFRA",{"$nulls":4},"Total Simples:",null,{"v":1148,"d":"1,148.00"}]
["SEINFRA",{"$nulls":4},"Encargos Sociais:",null,{"v":0,"d":"0.00"}]
["SEINFRA",{"$nulls":4},"Valor BDI:",null,{"v":0,"d":"0.00"}]
["SEINFRA",{"$nulls":4},"Valor Geral:",null,{"v":1148,"d":"1,148.00"}]
["SEINFRA","C1879 - PERFIL METÁLICO ' I ', PRÉ-PINTADO C/ H=200mm - M"]
["SEINFRA","EQUIPAMENTOS (CHORARIO)",null,null,"Unidade","Coeficiente","Preço","Total"]
["SEINFRA","I0751",{"v":0.5,"d":"0.5000"},"MÁQUINA P/JATEAMENTO (CHP)","H",{"v":0.5,"d":"0.5000"},{"v":21.874157,"d":"21.8742"},{"v":10.9370785,"d":"10.9371"}]
["SEINFRA",{"$nulls":5},"Total:",10.9371]
["SEINFRA","MAO DE OBRA"]
["SEINFRA","I0037",{"v":1.5,"d":"1.5000"},"AJUDANTE","H",{"v":1.5,"d":"1.5000"},{"v":5.6,"d":"5.6000"},{"v":8.4,"d":"8.4000"}]
["SEINFRA","I1278",{"v":0.5,"d":"0.5000"},"JATISTA","H",{"v":0.5,"d":"0.5000"},{"v":7.2,"d":"7.2000"},{"v":3.6,"d":"3.6000"}]
["SEINFRA","I1530",{"v":1.5,"d":"1.5000"},"MONTADOR","H",{"v":1.5,"d":"1.5000"},{"v":7.2,"d":"7.2000"},{"v":10.8,"d":"10.8000"}]
["SEINFRA",{"$nulls":5},"Total:",{"v":22.8,"d":"22.8000"}]
["SEINFRA","MATERIAIS"]
["SEINFRA","I1632",{"v":1,"d":"1.0000"},"PERFIL METÁLICO ' I ',  H=200MM (30,50KG/M)","M",{"v":1,"d":"1.0000"},{"v":169.28,"d":"169.2800"},{"v":169.28,"d":"169.2800"}]
["SEINFRA","I1735",{"v":0.3,"d":"0.3000"},"PRIMER A BASE DE EPOXI","L",{"v":0.3,"d":"0.3000"},{"v":41.94,"d":"41.9400"},{"v":12.581999999999999,"d":"12.5820"}]
["SEINFRA",{"$nulls":5},"Total:",{"v":181.862,"d":"181.8620"}]
["SEINFRA",{"$nulls":4},"Total Simples:",null,{"v":215.5990785,"d":"215.60"}]
["SEINFRA",{"$nulls":4},"Encargos Sociais:",null,30.71]
["SEINFRA",{"$nulls":4},"Valor BDI:",null,{"v":0,"d":"0.00"}]
["SEINFRA",{"$nulls":4},"Valor Geral:",null,{"v":246.3101785,"d":"246.31"}]
["SEINFRA","C3861 - SPLIT SYSTEM COMPLETO C/ CONTROLE REMOTO - CAP. 1,50 TR (FORNECIMENTO E MONTAGEM) - UN"]
["SEINFRA","MATERIAIS",null,null,"Unidade","Coeficiente","Preço","Total"]
["SEINFRA","I7351",{"v":1,"d":"1.0000"},"SPLIT SYSTEM COMPLETO C/ CONTROLE REMOTO CAP. 1,50 TR (FORN. E MONTAGEM)","UN",{"v":1,"d":"1.0000"},{"v":3272.25,"d":"3,272.2500"},{"v":3272.25,"d":"3,272.2500"}]
["SEINFRA"]
["SEINFRA",{"$nulls":5},"Total:",{"v":3272.25,"d":"3,272.2500"}]
["SEINFRA",{"$nulls":4},"Total Simples:",null,{"v":3272.25,"d":"3,272.25"}]
["SEINFRA",{"$nulls":4},"Encargos Sociais:",null,{"v":0,"d":"0.00"}]
["SEINFRA",{"$nulls":4},"Valor BDI:",null,{"v":0,"d":"0.00"}]
["SEINFRA",{"$nulls":4},"Valor Geral:",null,{"v":3272.25,"d":"3,272.25"}]
["SEINFRA","C3860 - SPLIT SYSTEM COMPLETO C/ CONTROLE REMOTO - CAP. 1,00 TR (FORNECIMENTO E MONTAGEM) - UN"]
["SEINFRA","MATERIAIS",null,null,"Unidade","Coeficiente","Preço","Total"]
["SEINFRA","I7350",{"v":1,"d":"1.0000"},"SPLIT SYSTEM COMPLETO C/ CONTROLE REMOTO CAP. 1,00 TR (FORN. E MONTAGEM)","UN",{"v":1,"d":"1.0000"},{"v":2488.66,"d":"2,488.6600"},{"v":2488.66,"d":"2,488.6600"}]
["SEINFRA"]
["SEINFRA",{"$nulls":5},"Total:",{"v":2488.66,"d":"2,488.6600"}]
["SEINFRA",{"$nulls":4},"Total Simples:",null,{"v":2488.66,"d":"2,488.66"}]
["SEINFRA",{"$nulls":4},"Encargos Sociais:",null,{"v":0,"d":"0.00"}]
["SEINFRA",{"$nulls":4},"Valor BDI:",null,{"v":0,"d":"0.00"}]
["SEINFRA",{"$nulls":4},"Valor Geral:",null,{"v":2488.66,"d":"2,488.66"}]
["SEINFRA","C1870 - PEITORIL DE MARMORE L= 15cm - M"]
["SEINFRA","MAO DE OBRA",null,null,"Unidade","Coeficiente","Preço","Total"]
["SEINFRA","I2391",{"v":0.08,"d":"0.0800"},"PEDREIRO","H",{"v":0.08,"d":"0.0800"},{"v":7.2,"d":"7.2000"},{"v":0.5760000000000001,"d":"0.5760"}]
["SEINFRA","I2543",{"v":0.04,"d":"0.0400"},"SERVENTE","H",{"v":0.04,"d":"0.0400"},{"v":4.88,"d":"4.8800"},0.1952]
["SEINFRA",{"$nulls":5},"Total:",0.7712]
["SEINFRA","MATERIAIS"]
["SEINFRA","I1607",{"v":1,"d":"1.0000"},"PEITORIL DE MARMORE - 15CM","M",{"v":1,"d":"1.0000"},{"v":31.119,"d":"31.1190"},{"v":31.119,"d":"31.1190"}]
["SEINFRA",{"$nulls":5},"Total:",{"v":31.119,"d":"31.1190"}]
["SEINFRA","SERVIÇOS"]
["SEINFRA","C0197",{"v":0.00375,"d":"0.0038"},"ARGAMASSA MISTA DE CIMENTO CAL HIDR. E AREIA S/PEN. TRAÇO 1:1:4","M3",{"v":0.00375,"d":"0.0038"},{"v":421.916,"d":"421.9160"},{"v":1.582185,"d":"1.5822"}]
["SEINFRA"]
["SEINFRA",{"$nulls":5},"Total:",1.5822]
["SEINFRA",{"$nulls":4},"Total Simples:",null,{"v":33.472385,"d":"33.47"}]
["SEINFRA",{"$nulls":4},"Encargos Sociais:",null,1.11]
["SEINFRA",{"$nulls":4},"Valor BDI:",null,{"v":0,"d":"0.00"}]
["SEINFRA",{"$nulls":4},"Valor Geral:",null,{"v":34.582385,"d":"34.58"}]
["SEINFRA","C3865 - SPLIT SYSTEM COMPLETO C/ CONTROLE REMOTO - CAP. 4,00 TR (FORNECIMENTO E MONTAGEM) - UN"]
["SEINFRA","MATERIAIS",null,null,"Unidade","Coeficiente","Preço","Total"]
["SEINFRA","I7355",{"v":1,"d":"1.0000"},"SPLIT SYSTEM COMPLETO C/ CONTROLE REMOTO CAP. 4,00 TR (FORN. E MONTAGEM)","UN",{"v":1,"d":"1.0000"},{"v":6650,"d":"6,650.0000"},{"v":6650,"d":"6,650.0000"}]
["SEINFRA"]
["SEINFRA",{"$nulls":5},"Total:",{"v":6650,"d":"6,650.0000"}]
["SEINFRA",{"$nulls":4},"Total Simples:",null,{"v":6650,"d":"6,650.00"}]
["SEINFRA",{"$nulls":4},"Encargos Sociais:",null,{"v":0,"d":"0.00"}]
["SEINFRA",{"$nulls":4},"Valor BDI:",null,{"v":0,"d":"0.00"}]
["SEINFRA",{"$nulls":4},"Valor Geral:",null,{"v":6650,"d":"6,650.00"}]
["SEINFRA","C1871 - PEITORIL DE MÁRMORE  L= 25cm - M"]
["SEINFRA","MAO DE OBRA",null,null,"Unidade","Coeficiente","Preço","Total"]
["SEINFRA","I2391",{"v":0.12,"d":"0.1200"},"PEDREIRO","H",{"v":0.12,"d":"0.1200"},{"v":7.2,"d":"7.2000"},{"v":0.864,"d":"0.8640"}]
["SEINFRA","I2543",{"v":0.06,"d":"0.0600"},"SERVENTE","H",{"v":0.06,"d":"0.0600"},{"v":4.88,"d":"4.8800"},0.2928]
["SEINFRA",{"$nulls":5},"Total:",1.1568]
["SEINFRA","MATERIAIS"]
["SEINFRA","I1608",{"v":1,"d":"1.0000"},"PEITORIL DE MARMORE  - 25CM","M",{"v":1,"d":"1.0000"},51.8765,51.8765]
["SEINFRA",{"$nulls":5},"Total:",51.8765]
["SEINFRA","SERVIÇOS"]
["SEINFRA","C0197",0.0062,"ARGAMASSA MISTA DE CIMENTO CAL HIDR. E AREIA S/PEN. TRAÇO 1:1:4","M3",0.0062,{"v":421.916,"d":"421.9160"},{"v":2.6158791999999997,"d":"2.6159"}]
["SEINFRA"]
["SEINFRA",{"$nulls":5},"Total:",2.6159]
["SEINFRA",{"$nulls":4},"Total Simples:",null,{"v":55.6491792,"d":"55.65"}]
["SEINFRA",{"$nulls":4},"Encargos Sociais:",null,{"v":1.7,"d":"1.70"}]
["SEINFRA",{"$nulls":4},"Valor BDI:",null,{"v":0,"d":"0.00"}]
["SEINFRA",{"$nulls":4},"Valor Geral:",null,{"v":57.3468792,"d":"57.35"}]
["SEINFRA","C1872 - PEITORIL PRÉ-MOLDADO DE GRANILITE L= 10cm - M"]
["SEINFRA","MAO DE OBRA",null,null,"Unidade","Coeficiente","Preço","Total"]
["SEINFRA","I2391",{"v":0.6,"d":"0.6000"},"PEDREIRO","H",{"v":0.6,"d":"0.6000"},{"v":7.2,"d":"7.2000"},{"v":4.32,"d":"4.3200"}]
["SEINFRA","I2543",{"v":0.63,"d":"0.6300"},"SERVENTE","H",{"v":0.63,"d":"0.6300"},{"v":4.88,"d":"4.8800"},3.0744]
["SEINFRA",{"$nulls":5},"Total:",7.3944]
["SEINFRA","MATERIAIS"]
["SEINFRA","I0109",{"v":2.3E-3,"d":"0.0023"},"AREIA MEDIA","M3",{"v":2.3E-3,"d":"0.0023"},{"v":46,"d":"46.0000"},0.1058]
["SEINFRA","I0441",{"v":0.38,"d":"0.3800"},"CAL HIDRATADA","KG",{"v":0.38,"d":"0.3800"},{"v":0.74,"d":"0.7400"},0.2812]
["SEINFRA","I0805",{"v":0.76,"d":"0.7600"},"CIMENTO PORTLAND","KG",{"v":0.76,"d":"0.7600"},{"v":0.5,"d":"0.5000"},{"v":0.38,"d":"0.3800"}]
["SEINFRA","I1609",{"v":1,"d":"1.0000"},"PEITORIL PRE-MOLDADO DE GRANILITE DE L= 10 cm","M",{"v":1,"d":"1.0000"},{"v":14.27,"d":"14.2700"},{"v":14.27,"d":"14.2700"}]
["SEINFRA",{"$nulls":5},"Total:",{"v":15.037,"d":"15.0370"}]
["SEINFRA",{"$nulls":4},"Total Simples:",null,{"v":22.4314,"d":"22.43"}]
["SEINFRA",{"$nulls":4},"Encargos Sociais:",null,{"v":8.6,"d":"8.60"}]
["SEINFRA",{"$nulls":4},"Valor BDI:",null,{"v":0,"d":"0.00"}]
["SEINFRA",{"$nulls":4},"Valor Geral:",null,{"v":31.0333,"d":"31.03"}]
["SEINFRA","C3864 - SPLIT SYSTEM COMPLETO C/ CONTROLE REMOTO - CAP. 3,00 TR (FORNECIMENTO E MONTAGEM) - UN"]
["SEINFRA","MATERIAIS",null,null,"Unidade","Coeficiente","Preço","Total"]
["SEINFRA","I7354",{"v":1,"d":"1.0000"},"SPLIT SYSTEM COMPLETO C/ CONTROLE REMOTO CAP. 3,00 TR (FORN. E MONTAGEM)","UN",{"v":1,"d":"1.0000"},{"v":5550,"d":"5,550.0000"},{"v":5550,"d":"5,550.0000"}]
["SEINFRA"]
["SEINFRA",{"$nulls":5},"Total:",{"v":5550,"d":"5,550.0000"}]
["SEINFRA",{"$nulls":4},"Total Simples:",null,{"v":5550,"d":"5,550.00"}]
["SEINFRA",{"$nulls":4},"Encargos Sociais:",null,{"v":0,"d":"0.00"}]
["SEINFRA",{"$nulls":4},"Valor BDI:",null,{"v":0,"d":"0.00"}]
["SEINFRA",{"$nulls":4},"Valor Geral:",null,{"v":5550,"d":"5,550.00"}]
["SEINFRA","C3863 - SPLIT SYSTEM COMPLETO C/ CONTROLE REMOTO - CAP. 2,50 TR (FORNECIMENTO E MONTAGEM) - UN"]
["SEINFRA","MATERIAIS",null,null,"Unidade","Coeficiente","Preço","Total"]
["SEINFRA","I7353",{"v":1,"d":"1.0000"},"SPLIT SYSTEM COMPLETO C/ CONTROLE REMOTO CAP. 2,50 TR (FORN. E MONTAGEM)","UN",{"v":1,"d":"1.0000"},{"v":5197.04,"d":"5,197.0400"},{"v":5197.04,"d":"5,197.0400"}]
["SEINFRA"]
["SEINFRA",{"$nulls":5},"Total:",{"v":5197.04,"d":"5,197.0400"}]
["SEINFRA",{"$nulls":4},"Total Simples:",null,{"v":5197.04,"d":"5,197.04"}]
["SEINFRA",{"$nulls":4},"Encargos Sociais:",null,{"v":0,"d":"0.00"}]
["SEINFRA",{"$nulls":4},"Valor BDI:",null,{"v":0,"d":"0.00"}]
["SEINFRA",{"$nulls":4},"Valor Geral:",null,{"v":5197.04,"d":"5,197.04"}]
["SEINFRA","C1873 - PELÍCULA DE INSULFILM - M2"]
["SEINFRA","MAO DE OBRA",null,null,"Unidade","Coeficiente","Preço","Total"]
["SEINFRA","I1530",{"v":0.25,"d":"0.2500"},"MONTADOR","H",{"v":0.25,"d":"0.2500"},{"v":7.2,"d":"7.2000"},{"v":1.8,"d":"1.8000"}]
["SEINFRA",{"$nulls":5},"Total:",{"v":1.8,"d":"1.8000"}]
["SEINFRA","MATERIAIS"]
["SEINFRA","I1611",{"v":1.05,"d":"1.0500"},"PELICULA DE INSULFILM","M2",{"v":1.05,"d":"1.0500"},{"v":37.45,"d":"37.4500"},{"v":39.322500000000005,"d":"39.3225"}]
["SEINFRA",{"$nulls":5},"Total:",39.3225]
["SEINFRA",{"$nulls":4},"Total Simples:",null,{"v":41.1225,"d":"41.12"}]
["SEINFRA",{"$nulls":4},"Encargos Sociais:",null,{"v":2.1,"d":"2.10"}]
["SEINFRA",{"$nulls":4},"Valor BDI:",null,{"v":0,"d":"0.00"}]
["SEINFRA",{"$nulls":4},"Valor Geral:",null,{"v":43.2164,"d":"43.22"}]
["SEINFRA","C3862 - SPLIT SYSTEM COMPLETO C/ CONTROLE REMOTO - CAP. 2,00 TR (FORNECIMENTO E MONTAGEM) - UN"]
["SEINFRA","MATERIAIS",null,null,"Unidade","Coeficiente","Preço","Total"]
["SEINFRA","I7352",{"v":1,"d":"1.0000"},"SPLIT SYSTEM COMPLETO C/ CONTROLE REMOTO CAP. 2,00 TR (FORN. E MONTAGEM)","UN",{"v":1,"d":"1.0000"},{"v":3637.7,"d":"3,637.7000"},{"v":3637.7,"d":"3,637.7000"}]
["SEINFRA"]
["SEINFRA",{"$nulls":5},"Total:",{"v":3637.7,"d":"3,637.7000"}]
["SEINFRA",{"$nulls":4},"Total Simples:",null,{"v":3637.7,"d":"3,637.70"}]
["SEINFRA",{"$nulls":4},"Encargos Sociais:",null,{"v":0,"d":"0.00"}]
["SEINFRA",{"$nulls":4},"Valor BDI:",null,{"v":0,"d":"0.00"}]
["SEINFRA",{"$nulls":4},"Valor Geral:",null,{"v":3637.7,"d":"3,637.70"}]
["SEINFRA","C1874 - PELÍCULA DE POLIÉSTER, INVESTIGAÇÃO - M2"]
["SEINFRA","MAO DE OBRA",null,null,"Unidade","Coeficiente","Preço","Total"]
["SEINFRA","I1530",{"v":0.35,"d":"0.3500"},"MONTADOR","H",{"v":0.35,"d":"0.3500"},{"v":7.2,"d":"7.2000"},{"v":2.52,"d":"2.5200"}]
["SEINFRA",{"$nulls":5},"Total:",{"v":2.52,"d":"2.5200"}]
["SEINFRA","MATERIAIS"]
["SEINFRA","I1612",{"v":2.1,"d":"2.1000"},"PELÍCULA DE POLIESTER , INVESTIGAÇÃO","M2",{"v":2.1,"d":"2.1000"},{"v":37.45,"d":"37.4500"},{"v":78.64500000000001,"d":"78.6450"}]
["SEINFRA",{"$nulls":5},"Total:",{"v":78.645,"d":"78.6450"}]
["SEINFRA",{"$nulls":4},"Total Simples:",null,{"v":81.165,"d":"81.17"}]
["SEINFRA",{"$nulls":4},"Encargos Sociais:",null,2.93]
["SEINFRA",{"$nulls":4},"Valor BDI:",null,{"v":0,"d":"0.00"}]
["SEINFRA",{"$nulls":4},"Valor Geral:",null,{"v":84.0965,"d":"84.10"}]
["SEINFRA","C1888 - PETROLET ALUMÍNIO DE 3 1/2\", TIPO T - X - L - UN"]
["SEINFRA","MAO DE OBRA",null,null,"Unidade","Coeficiente","Preço","Total"]
["SEINFRA","I0042",{"v":1.7,"d":"1.7000"},"AJUDANTE DE ELETRICISTA","H",{"v":1.7,"d":"1.7000"},{"v":5.6,"d":"5.6000"},{"v":9.52,"d":"9.5200"}]
["SEINFRA","I2312",{"v":1.7,"d":"1.7000"},"ELETRICISTA","H",{"v":1.7,"d":"1.7000"},{"v":7.2,"d":"7.2000"},{"v":12.24,"d":"12.2400"}]
["SEINFRA",{"$nulls":5},"Total:",{"v":21.76,"d":"21.7600"}]
["SEINFRA","MATERIAIS"]
["SEINFRA","I1640",{"v":1,"d":"1.0000"},"PETROLET ALUMÍNIO DE 3 1/2\", TIPO T - X - L","UN",{"v":1,"d":"1.0000"},{"v":96.3,"d":"96.3000"},{"v":96.3,"d":"96.3000"}]
["SEINFRA",{"$nulls":5},"Total:",{"v":96.3,"d":"96.3000"}]
["SEINFRA",{"$nulls":4},"Total Simples:",null,118.06]
["SEINFRA",{"$nulls":4},"Encargos Sociais:",null,25.31]
["SEINFRA",{"$nulls":4},"Valor BDI:",null,{"v":0,"d":"0.00"}]
["SEINFRA",{"$nulls":4},"Valor Geral:",null,{"v":143.3734,"d":"143.37"}]
["SEINFRA","C1889 - PETROLET ALUMÍNIO DE 3\", TIPO T - X - L - UN"]
["SEINFRA","MAO DE OBRA",null,null,"Unidade","Coeficiente","Preço","Total"]
["SEINFRA","I0042",{"v":1.5,"d":"1.5000"},"AJUDANTE DE ELETRICISTA","H",{"v":1.5,"d":"1.5000"},{"v":5.6,"d":"5.6000"},{"v":8.4,"d":"8.4000"}]
["SEINFRA","I2312",{"v":1.5,"d":"1.5000"},"ELETRICISTA","H",{"v":1.5,"d":"1.5000"},{"v":7.2,"d":"7.2000"},{"v":10.8,"d":"10.8000"}]
["SEINFRA",{"$nulls":5},"Total:",{"v":19.2,"d":"19.2000"}]
["SEINFRA","MATERIAIS"]
["SEINFRA","I1641",{"v":1,"d":"1.0000"},"PETROLET ALUMÍNIO DE 3\", TIPO T -  X - L","UN",{"v":1,"d":"1.0000"},{"v":90.44,"d":"90.4400"},{"v":90.44,"d":"90.4400"}]
["SEINFRA",{"$nulls":5},"Total:",{"v":90.44,"d":"90.4400"}]
["SEINFRA",{"$nulls":4},"Total Simples:",null,109.64]
["SEINFRA",{"$nulls":4},"Encargos Sociais:",null,22.34]
["SEINFRA",{"$nulls":4},"Valor BDI:",null,{"v":0,"d":"0.00"}]
["SEINFRA",{"$nulls":4},"Valor Geral:",null,{"v":131.9754,"d":"131.98"}]
["SEINFRA","C1886 - PÉRGOLAS PRÉ-MOLDADAS (PM) DE CONCRETO, ESP.= 5cm - M2"]
["SEINFRA","EQUIPAMENTOS (CHORARIO)",null,null,"Unidade","Coeficiente","Preço","Total"]
["SEINFRA","I0682",{"v":0.04,"d":"0.0400"},"BETONEIRA ELÉTRICA 580L (CHP)","H",{"v":0.04,"d":"0.0400"},{"v":13.8267832,"d":"13.8268"},{"v":0.553071328,"d":"0.5531"}]
["SEINFRA",{"$nulls":5},"Total:",0.5531]
["SEINFRA","MAO DE OBRA"]
["SEINFRA","I0121",{"v":1.5,"d":"1.5000"},"ARMADOR/FERREIRO","H",{"v":1.5,"d":"1.5000"},{"v":7.2,"d":"7.2000"},{"v":10.8,"d":"10.8000"}]
["SEINFRA","I1142",{"v":0.75,"d":"0.7500"},"ESTUCADOR","H",{"v":0.75,"d":"0.7500"},{"v":7.2,"d":"7.2000"},{"v":5.4,"d":"5.4000"}]
["SEINFRA","I2543",{"v":1.5,"d":"1.5000"},"SERVENTE","H",{"v":1.5,"d":"1.5000"},{"v":4.88,"d":"4.8800"},{"v":7.32,"d":"7.3200"}]
["SEINFRA",{"$nulls":5},"Total:",{"v":23.52,"d":"23.5200"}]
["SEINFRA","MATERIAIS"]
["SEINFRA","I0103",{"v":0.75,"d":"0.7500"},"ARAME RECOZIDO N.18 BWG","KG",{"v":0.75,"d":"0.7500"},{"v":9.97,"d":"9.9700"},7.4775]
["SEINFRA","I0108",{"v":0.02,"d":"0.0200"},"AREIA GROSSA","M3",{"v":0.02,"d":"0.0200"},{"v":50,"d":"50.0000"},{"v":1,"d":"1.0000"}]
["SEINFRA","I0163",{"v":38.15,"d":"38.1500"},"AÇO CA-50","KG",{"v":38.15,"d":"38.1500"},{"v":3.96,"d":"3.9600"},{"v":151.07399999999998,"d":"151.0740"}]
["SEINFRA","I0280",{"v":0.01,"d":"0.0100"},"BRITA","M3",{"v":0.01,"d":"0.0100"},{"v":56,"d":"56.0000"},{"v":0.56,"d":"0.5600"}]
["SEINFRA","I0805",{"v":14.95,"d":"14.9500"},"CIMENTO PORTLAND","KG",{"v":14.95,"d":"14.9500"},{"v":0.5,"d":"0.5000"},{"v":7.475,"d":"7.4750"}]
["SEINFRA","I0967",{"v":0.05,"d":"0.0500"},"DISCO DE DESBASTE DE 7'","UN",{"v":0.05,"d":"0.0500"},{"v":16.03,"d":"16.0300"},0.8015]
["SEINFRA","I1345",{"v":0.13,"d":"0.1300"},"LIXA DE CARBURETO DE SILÍCIO DE 7''","UN",{"v":0.13,"d":"0.1300"},{"v":3.94,"d":"3.9400"},0.5122]
["SEINFRA","I1605",{"v":0.03,"d":"0.0300"},"PEDRISCO","M3",{"v":0.03,"d":"0.0300"},{"v":63.2,"d":"63.2000"},{"v":1.896,"d":"1.8960"}]
["SEINFRA","I1870",{"v":1.25,"d":"1.2500"},"SISTEMA PRE-FABRICADO DE FORMA METALICA (ALUGUEL)","M2",{"v":1.25,"d":"1.2500"},{"v":26,"d":"26.0000"},{"v":32.5,"d":"32.5000"}]
["SEINFRA","I2248",{"v":0.29,"d":"0.2900"},"VERNIZ ACRÍLICO PARA CONCRETO","L",{"v":0.29,"d":"0.2900"},{"v":14.47,"d":"14.4700"},4.1963]
["SEINFRA",{"$nulls":5},"Total:",207.4925]
["SEINFRA",{"$nulls":4},"Total Simples:",null,{"v":231.565571328,"d":"231.57"}]
["SEINFRA",{"$nulls":4},"Encargos Sociais:",null,27.69]
["SEINFRA",{"$nulls":4},"Valor BDI:",null,{"v":0,"d":"0.00"}]
["SEINFRA",{"$nulls":4},"Valor Geral:",null,{"v":259.261371328,"d":"259.26"}]
["SEINFRA","C3858 - DESMONTAGEM DE TELHAMENTO EM ESTRUTURAS METÁLICAS - M2"]
["SEINFRA","MAO DE OBRA",null,null,"Unidade","Coeficiente","Preço","Total"]
["SEINFRA","I1530",{"v":0.24,"d":"0.2400"},"MONTADOR","H",{"v":0.24,"d":"0.2400"},{"v":7.2,"d":"7.2000"},{"v":1.728,"d":"1.7280"}]
["SEINFRA","I2543",{"v":0.24,"d":"0.2400"},"SERVENTE","H",{"v":0.24,"d":"0.2400"},{"v":4.88,"d":"4.8800"},1.1712]
["SEINFRA",{"$nulls":5},"Total:",2.8992]
["SEINFRA",{"$nulls":4},"Total Simples:",null,{"v":2.8992,"d":"2.90"}]
["SEINFRA",{"$nulls":4},"Encargos Sociais:",null,3.37]
["SEINFRA",{"$nulls":4},"Valor BDI:",null,{"v":0,"d":"0.00"}]
["SEINFRA",{"$nulls":4},"Valor Geral:",null,{"v":6.2718,"d":"6.27"}]
["SEINFRA","C1887 - PETROLET ALUMÍNIO DE 2 1/2\", TIPO T - X - L - UN"]
["SEINFRA","MAO DE OBRA",null,null,"Unidade","Coeficiente","Preço","Total"]
["SEINFRA","I0042",{"v":1,"d":"1.0000"},"AJUDANTE DE ELETRICISTA","H",{"v":1,"d":"1.0000"},{"v":5.6,"d":"5.6000"},{"v":5.6,"d":"5.6000"}]
["SEINFRA","I2312",{"v":1,"d":"1.0000"},"ELETRICISTA","H",{"v":1,"d":"1.0000"},{"v":7.2,"d":"7.2000"},{"v":7.2,"d":"7.2000"}]
["SEINFRA",{"$nulls":5},"Total:",{"v":12.8,"d":"12.8000"}]
["SEINFRA","MATERIAIS"]
["SEINFRA","I1639",{"v":1,"d":"1.0000"},"PETROLET ALUMÍNIO DE 2 1/2\", TIPO T- X - L","UN",{"v":1,"d":"1.0000"},{"v":70.25,"d":"70.2500"},{"v":70.25,"d":"70.2500"}]
["SEINFRA",{"$nulls":5},"Total:",{"v":70.25,"d":"70.2500"}]
["SEINFRA",{"$nulls":4},"Total Simples:",null,83.05]
["SEINFRA",{"$nulls":4},"Encargos Sociais:",null,14.89]
["SEINFRA",{"$nulls":4},"Valor BDI:",null,{"v":0,"d":"0.00"}]
["SEINFRA",{"$nulls":4},"Valor Geral:",null,{"v":97.9402,"d":"97.94"}]
["SEINFRA","C3859 - MONTAGEM DE TELHAMENTO EM ESTRUTURAS METÁLICAS - M2"]
["SEINFRA","MAO DE OBRA",null,null,"Unidade","Coeficiente","Preço","Total"]
["SEINFRA","I1530",{"v":0.3,"d":"0.3000"},"MONTADOR","H",{"v":0.3,"d":"0.3000"},{"v":7.2,"d":"7.2000"},{"v":2.16,"d":"2.1600"}]
["SEINFRA","I2543",{"v":0.3,"d":"0.3000"},"SERVENTE","H",{"v":0.3,"d":"0.3000"},{"v":4.88,"d":"4.8800"},{"v":1.464,"d":"1.4640"}]
["SEINFRA",{"$nulls":5},"Total:",{"v":3.624,"d":"3.6240"}]
["SEINFRA",{"$nulls":4},"Total Simples:",null,{"v":3.6239999999999997,"d":"3.62"}]
["SEINFRA",{"$nulls":4},"Encargos Sociais:",null,4.22]
["SEINFRA",{"$nulls":4},"Valor BDI:",null,{"v":0,"d":"0.00"}]
["SEINFRA",{"$nulls":4},"Valor Geral:",null,{"v":7.839799999999999,"d":"7.84"}]
["SEINFRA","C1880 - PERFIL METÁLICO ' I ', PRÉ-PINTADO C/ H=400mm - M"]
["SEINFRA","EQUIPAMENTOS (CHORARIO)",null,null,"Unidade","Coeficiente","Preço","Total"]
["SEINFRA","I0751",{"v":0.5,"d":"0.5000"},"MÁQUINA P/JATEAMENTO (CHP)","H",{"v":0.5,"d":"0.5000"},{"v":21.874157,"d":"21.8742"},{"v":10.9370785,"d":"10.9371"}]
["SEINFRA",{"$nulls":5},"Total:",10.9371]
["SEINFRA","MAO DE OBRA"]
["SEINFRA","I0037",{"v":1.5,"d":"1.5000"},"AJUDANTE","H",{"v":1.5,"d":"1.5000"},{"v":5.6,"d":"5.6000"},{"v":8.4,"d":"8.4000"}]
["SEINFRA","I1278",{"v":0.5,"d":"0.5000"},"JATISTA","H",{"v":0.5,"d":"0.5000"},{"v":7.2,"d":"7.2000"},{"v":3.6,"d":"3.6000"}]
["SEINFRA","I1530",{"v":1.5,"d":"1.5000"},"MONTADOR","H",{"v":1.5,"d":"1.5000"},{"v":7.2,"d":"7.2000"},{"v":10.8,"d":"10.8000"}]
["SEINFRA",{"$nulls":5},"Total:",{"v":22.8,"d":"22.8000"}]
["SEINFRA","MATERIAIS"]
["SEINFRA","I1630",{"v":1,"d":"1.0000"},"PERFIL METÁLICO ' I ' , H=400MM (89,29KG/M)","M",{"v":1,"d":"1.0000"},{"v":495.56,"d":"495.5600"},{"v":495.56,"d":"495.5600"}]
["SEINFRA","I1735",{"v":0.35,"d":"0.3500"},"PRIMER A BASE DE EPOXI","L",{"v":0.35,"d":"0.3500"},{"v":41.94,"d":"41.9400"},{"v":14.678999999999998,"d":"14.6790"}]
["SEINFRA",{"$nulls":5},"Total:",{"v":510.239,"d":"510.2390"}]
["SEINFRA",{"$nulls":4},"Total Simples:",null,{"v":543.9760785,"d":"543.98"}]
["SEINFRA",{"$nulls":4},"Encargos Sociais:",null,30.71]
["SEINFRA",{"$nulls":4},"Valor BDI:",null,{"v":0,"d":"0.00"}]
["SEINFRA",{"$nulls":4},"Valor Geral:",null,{"v":574.6871785,"d":"574.69"}]
["SEINFRA","C1881 - PERFIL METÁLICO ' I ', PRÉ-PINTADO C/ H=500mm - M"]
["SEINFRA","EQUIPAMENTOS (CHORARIO)",null,null,"Unidade","Coeficiente","Preço","Total"]
["SEINFRA","I0751",{"v":0.5,"d":"0.5000"},"MÁQUINA P/JATEAMENTO (CHP)","H",{"v":0.5,"d":"0.5000"},{"v":21.874157,"d":"21.8742"},{"v":10.9370785,"d":"10.9371"}]
["SEINFRA",{"$nulls":5},"Total:",10.9371]
["SEINFRA","MAO DE OBRA"]
["SEINFRA","I0037",{"v":1.5,"d":"1.5000"},"AJUDANTE","H",{"v":1.5,"d":"1.5000"},{"v":5.6,"d":"5.6000"},{"v":8.4,"d":"8.4000"}]
["SEINFRA","I1278",{"v":0.5,"d":"0.5000"},"JATISTA","H",{"v":0.5,"d":"0.5000"},{"v":7.2,"d":"7.2000"},{"v":3.6,"d":"3.6000"}]
["SEINFRA","I1530",{"v":1.5,"d":"1.5000"},"MONTADOR","H",{"v":1.5,"d":"1.5000"},{"v":7.2,"d":"7.2000"},{"v":10.8,"d":"10.8000"}]
["SEINFRA",{"$nulls":5},"Total:",{"v":22.8,"d":"22.8000"}]
["SEINFRA","MATERIAIS"]
["SEINFRA","I1631",{"v":1,"d":"1.0000"},"PERFIL METÁLICO ' I ' , H=500MM (126,50KG/M)","M",{"v":1,"d":"1.0000"},{"v":702.08,"d":"702.0800"},{"v":702.08,"d":"702.0800"}]
["SEINFRA","I1735",{"v":0.35,"d":"0.3500"},"PRIMER A BASE DE EPOXI","L",{"v":0.35,"d":"0.3500"},{"v":41.94,"d":"41.9400"},{"v":14.678999999999998,"d":"14.6790"}]
["SEINFRA",{"$nulls":5},"Total:",{"v":716.759,"d":"716.7590"}]
["SEINFRA",{"$nulls":4},"Total Simples:",null,{"v":750.4960785,"d":"750.50"}]
["SEINFRA",{"$nulls":4},"Encargos Sociais:",null,30.71]
["SEINFRA",{"$nulls":4},"Valor BDI:",null,{"v":0,"d":"0.00"}]
["SEINFRA",{"$nulls":4},"Valor Geral:",null,{"v":781.2071785,"d":"781.21"}]
["SEINFRA","C3890 - REATERRO E COMPACTAÇÃO DE BUEIRO - M3"]
["SEINFRA","EQUIPAMENTOS (CHORARIO)",null,null,"Unidade","Coeficiente","Preço","Total"]
["SEINFRA","I0611",{"v":0,"d":"0.0000"},"COMPACTADOR DE PLACA VIBRATÓRIA HP 4 (CHI)","H",{"v":0,"d":"0.0000"},{"v":9.116950000000001,"d":"9.1170"},{"v":0,"d":"0.0000"}]
["SEINFRA","I0724",{"v":0.6666666666666666,"d":"0.6667"},"COMPACTADOR DE PLACA VIBRATÓRIA HP 4 (CHP)","H",{"v":0.6666666666666666,"d":"0.6667"},{"v":20.849908333333335,"d":"20.8499"},{"v":13.899938888888888,"d":"13.8999"}]
["SEINFRA",{"$nulls":5},"Total:",13.8999]
["SEINFRA","MAO DE OBRA"]
["SEINFRA","I2543",{"v":1,"d":"1.0000"},"SERVENTE","H",{"v":1,"d":"1.0000"},{"v":4.88,"d":"4.8800"},{"v":4.88,"d":"4.8800"}]
["SEINFRA","I6815",{"v":0.06666666666666667,"d":"0.0667"},"ENCARREGADO DE TURMA / FEITOR","H",{"v":0.06666666666666667,"d":"0.0667"},{"v":13.44,"d":"13.4400"},{"v":0.896,"d":"0.8960"}]
["SEINFRA",{"$nulls":5},"Total:",{"v":5.776,"d":"5.7760"}]
["SEINFRA",{"$nulls":4},"Total Simples:",null,{"v":19.67593888888889,"d":"19.68"}]
["SEINFRA",{"$nulls":4},"Encargos Sociais:",null,{"v":12.3,"d":"12.30"}]
["SEINFRA",{"$nulls":4},"Valor BDI:",null,{"v":0,"d":"0.00"}]
["SEINFRA",{"$nulls":4},"Valor Geral:",null,{"v":31.97903888888889,"d":"31.98"}]
["SEINFRA","C1897 - PEÇA DE MADEIRA BOLEADA NAS QUINAS FIXADAS EM PAREDES - M"]
["SEINFRA","MAO DE OBRA",null,null,"Unidade","Coeficiente","Preço","Total"]
["SEINFRA","I0041",{"v":0.5,"d":"0.5000"},"AJUDANTE DE CARPINTEIRO","H",{"v":0.5,"d":"0.5000"},{"v":5.6,"d":"5.6000"},{"v":2.8,"d":"2.8000"}]
["SEINFRA","I0498",{"v":0.5,"d":"0.5000"},"CARPINTEIRO","H",{"v":0.5,"d":"0.5000"},{"v":7.2,"d":"7.2000"},{"v":3.6,"d":"3.6000"}]
["SEINFRA",{"$nulls":5},"Total:",{"v":6.4,"d":"6.4000"}]
["SEINFRA","MATERIAIS"]
["SEINFRA","I1566",{"v":16,"d":"16.0000"},"PARAFUSO - 8MM COM BUCHA PLASTICA","UN",{"v":16,"d":"16.0000"},{"v":0.35,"d":"0.3500"},{"v":5.6,"d":"5.6000"}]
["SEINFRA","I1723",{"v":1.05,"d":"1.0500"},"PRANCHA 3 X 16 CM","M",{"v":1.05,"d":"1.0500"},{"v":14.6,"d":"14.6000"},{"v":15.33,"d":"15.3300"}]
["SEINFRA",{"$nulls":5},"Total:",{"v":20.93,"d":"20.9300"}]
["SEINFRA",{"$nulls":4},"Total Simples:",null,{"v":27.330000000000002,"d":"27.33"}]
["SEINFRA",{"$nulls":4},"Encargos Sociais:",null,7.45]
["SEINFRA",{"$nulls":4},"Valor BDI:",null,{"v":0,"d":"0.00"}]
["SEINFRA",{"$nulls":4},"Valor Geral:",null,{"v":34.7751,"d":"34.78"}]
["SEINFRA","C1898 - PEÇAS DE APOIO DEFICIENTES C/TUBO INOX  P/WC'S - M"]
["SEINFRA","MAO DE OBRA",null,null,"Unidade","Coeficiente","Preço","Total"]
["SEINFRA","I1530",{"v":1,"d":"1.0000"},"MONTADOR","H",{"v":1,"d":"1.0000"},{"v":7.2,"d":"7.2000"},{"v":7.2,"d":"7.2000"}]
["SEINFRA","I2391",{"v":0.25,"d":"0.2500"},"PEDREIRO","H",{"v":0.25,"d":"0.2500"},{"v":7.2,"d":"7.2000"},{"v":1.8,"d":"1.8000"}]
["SEINFRA","I2543",{"v":0.35,"d":"0.3500"},"SERVENTE","H",{"v":0.35,"d":"0.3500"},{"v":4.88,"d":"4.8800"},{"v":1.708,"d":"1.7080"}]
["SEINFRA",{"$nulls":5},"Total:",{"v":10.708,"d":"10.7080"}]
["SEINFRA","MATERIAIS"]
["SEINFRA","I0108",0.0005,"AREIA GROSSA","M3",0.0005,{"v":50,"d":"50.0000"},{"v":0.025,"d":"0.0250"}]
["SEINFRA","I0805",{"v":0.15,"d":"0.1500"},"CIMENTO PORTLAND","KG",{"v":0.15,"d":"0.1500"},{"v":0.5,"d":"0.5000"},{"v":0.075,"d":"0.0750"}]
["SEINFRA","I1646",{"v":1,"d":"1.0000"},"PEÇAS DE APOIO DEFICIENTE C/TUBO INOX EM WC'S","M",{"v":1,"d":"1.0000"},{"v":176,"d":"176.0000"},{"v":176,"d":"176.0000"}]
["SEINFRA",{"$nulls":5},"Total:",{"v":176.1,"d":"176.1000"}]
["SEINFRA",{"$nulls":4},"Total Simples:",null,{"v":186.808,"d":"186.81"}]
["SEINFRA",{"$nulls":4},"Encargos Sociais:",null,12.45]
["SEINFRA",{"$nulls":4},"Valor BDI:",null,{"v":0,"d":"0.00"}]
["SEINFRA",{"$nulls":4},"Valor Geral:",null,{"v":199.2646,"d":"199.26"}]
["SEINFRA","C1899 - PEÇAS PRÉ- MOLDADAS (PM) DE CONCRETO, ESP.= 3cm - M2"]
["SEINFRA","EQUIPAMENTOS (CHORARIO)",null,null,"Unidade","Coeficiente","Preço","Total"]
["SEINFRA","I0682",{"v":0.04,"d":"0.0400"},"BETONEIRA ELÉTRICA 580L (CHP)","H",{"v":0.04,"d":"0.0400"},{"v":13.8267832,"d":"13.8268"},{"v":0.553071328,"d":"0.5531"}]
["SEINFRA",{"$nulls":5},"Total:",0.5531]
["SEINFRA","MAO DE OBRA"]
["SEINFRA","I0041",{"v":1.1,"d":"1.1000"},"AJUDANTE DE CARPINTEIRO","H",{"v":1.1,"d":"1.1000"},{"v":5.6,"d":"5.6000"},{"v":6.16,"d":"6.1600"}]
["SEINFRA","I0121",{"v":1.2,"d":"1.2000"},"ARMADOR/FERREIRO","H",{"v":1.2,"d":"1.2000"},{"v":7.2,"d":"7.2000"},{"v":8.64,"d":"8.6400"}]
["SEINFRA","I2543",{"v":0.5,"d":"0.5000"},"SERVENTE","H",{"v":0.5,"d":"0.5000"},{"v":4.88,"d":"4.8800"},{"v":2.44,"d":"2.4400"}]
["SEINFRA",{"$nulls":5},"Total:",{"v":17.24,"d":"17.2400"}]
["SEINFRA","MATERIAIS"]
["SEINFRA","I0103",{"v":0.75,"d":"0.7500"},"ARAME RECOZIDO N.18 BWG","KG",{"v":0.75,"d":"0.7500"},{"v":9.97,"d":"9.9700"},7.4775]
["SEINFRA","I0108",{"v":0.01,"d":"0.0100"},"AREIA GROSSA","M3",{"v":0.01,"d":"0.0100"},{"v":50,"d":"50.0000"},{"v":0.5,"d":"0.5000"}]
["SEINFRA","I0163",{"v":38.15,"d":"38.1500"},"AÇO CA-50","KG",{"v":38.15,"d":"38.1500"},{"v":3.96,"d":"3.9600"},{"v":151.07399999999998,"d":"151.0740"}]
["SEINFRA","I0280",{"v":0.04,"d":"0.0400"},"BRITA","M3",{"v":0.04,"d":"0.0400"},{"v":56,"d":"56.0000"},{"v":2.24,"d":"2.2400"}]
["SEINFRA","I0526",{"v":1.15,"d":"1.1500"},"CHAPA COMPENSADO PLASTIFICADO 12MM (1.22 X 2.44M)","M2",{"v":1.15,"d":"1.1500"},{"v":28.58,"d":"28.5800"},{"v":32.867,"d":"32.8670"}]
["SEINFRA","I0805",{"v":10.82,"d":"10.8200"},"CIMENTO PORTLAND","KG",{"v":10.82,"d":"10.8200"},{"v":0.5,"d":"0.5000"},{"v":5.41,"d":"5.4100"}]
["SEINFRA","I1728",{"v":0.1,"d":"0.1000"},"PREGO 18X27 (2 1/2 X 10)","KG",{"v":0.1,"d":"0.1000"},{"v":9.4,"d":"9.4000"},{"v":0.9400000000000001,"d":"0.9400"}]
["SEINFRA",{"$nulls":5},"Total:",200.5085]
["SEINFRA",{"$nulls":4},"Total Simples:",null,{"v":218.301571328,"d":"218.30"}]
["SEINFRA",{"$nulls":4},"Encargos Sociais:",null,20.39]
["SEINFRA",{"$nulls":4},"Valor BDI:",null,{"v":0,"d":"0.00"}]
["SEINFRA",{"$nulls":4},"Valor Geral:",null,{"v":238.691871328,"d":"238.69"}]
["SEINFRA","C3889 - PENEIRAMENTO MANUAL - M3"]
["SEINFRA","MAO DE OBRA",null,null,"Unidade","Coeficiente","Preço","Total"]
["SEINFRA","I2543",{"v":1,"d":"1.0000"},"SERVENTE","H",{"v":1,"d":"1.0000"},{"v":4.88,"d":"4.8800"},{"v":4.88,"d":"4.8800"}]
["SEINFRA","I6815",{"v":0.5,"d":"0.5000"},"ENCARREGADO DE TURMA / FEITOR","H",{"v":0.5,"d":"0.5000"},{"v":13.44,"d":"13.4400"},{"v":6.72,"d":"6.7200"}]
["SEINFRA",{"$nulls":5},"Total:",{"v":11.6,"d":"11.6000"}]
["SEINFRA",{"$nulls":4},"Total Simples:",null,{"v":11.6,"d":"11.60"}]
["SEINFRA",{"$nulls":4},"Encargos Sociais:",null,13.49]
["SEINFRA",{"$nulls":4},"Valor BDI:",null,{"v":0,"d":"0.00"}]
["SEINFRA",{"$nulls":4},"Valor Geral:",null,{"v":25.0943,"d":"25.09"}]
["SEINFRA","C3888 - REMOÇÃO MANUAL DA CAMADA GRANULAR DO PAVIMENTO - M3"]
["SEINFRA","MAO DE OBRA",null,null,"Unidade","Coeficiente","Preço","Total"]
["SEINFRA","I2543",{"v":6,"d":"6.0000"},"SERVENTE","H",{"v":6,"d":"6.0000"},{"v":4.88,"d":"4.8800"},{"v":29.28,"d":"29.2800"}]
["SEINFRA","I6815",{"v":0.5,"d":"0.5000"},"ENCARREGADO DE TURMA / FEITOR","H",{"v":0.5,"d":"0.5000"},{"v":13.44,"d":"13.4400"},{"v":6.72,"d":"6.7200"}]
["SEINFRA",{"$nulls":5},"Total:",{"v":36,"d":"36.0000"}]
["SEINFRA",{"$nulls":4},"Total Simples:",null,{"v":36,"d":"36.00"}]
["SEINFRA",{"$nulls":4},"Encargos Sociais:",null,41.88]
["SEINFRA",{"$nulls":4},"Valor BDI:",null,{"v":0,"d":"0.00"}]
["SEINFRA",{"$nulls":4},"Valor Geral:",null,{"v":77.8788,"d":"77.88"}]
["SEINFRA","C3887 - REMOÇÃO MECANIZADA DA CAMADA GRANULAR DO PAVIMENTO - M3"]
["SEINFRA","EQUIPAMENTOS (CHORARIO)",null,null,"Unidade","Coeficiente","Preço","Total"]
["SEINFRA","I0594",0.0025,"CARREGADEIRA DE PNEUS HP 111 (CHI)","H",0.0025,{"v":25.78209285714286,"d":"25.7821"},{"v":0.06445523214285716,"d":"0.0645"}]
["SEINFRA","I0642",{"v":0,"d":"0.0000"},"MOTO NIVELADORA (CHI)","H",{"v":0,"d":"0.0000"},{"v":38.6607619047619,"d":"38.6608"},{"v":0,"d":"0.0000"}]
["SEINFRA","I0708",{"v":0.014166666666666666,"d":"0.0142"},"CARREGADEIRA DE PNEUS HP 111 (CHP)","H",{"v":0.014166666666666666,"d":"0.0142"},{"v":136.03280714285714,"d":"136.0328"},{"v":1.9271314345238095,"d":"1.9271"}]
["SEINFRA","I0756",{"v":0.016666666666666666,"d":"0.0167"},"MOTO NIVELADORA (CHP)","H",{"v":0.016666666666666666,"d":"0.0167"},{"v":185.8430476190476,"d":"185.8430"},{"v":3.097384126984127,"d":"3.0974"}]
["SEINFRA",{"$nulls":5},"Total:",{"v":5.089,"d":"5.0890"}]
["SEINFRA","MAO DE OBRA"]
["SEINFRA","I2543",{"v":0.06666666666666667,"d":"0.0667"},"SERVENTE","H",{"v":0.06666666666666667,"d":"0.0667"},{"v":4.88,"d":"4.8800"},{"v":0.3253333333333333,"d":"0.3253"}]
["SEINFRA","I6815",{"v":0.008333333333333333,"d":"0.0083"},"ENCARREGADO DE TURMA / FEITOR","H",{"v":0.008333333333333333,"d":"0.0083"},{"v":13.44,"d":"13.4400"},{"v":0.112,"d":"0.1120"}]
["SEINFRA",{"$nulls":5},"Total:",0.4373]
["SEINFRA",{"$nulls":4},"Total Simples:",null,{"v":5.526304126984127,"d":"5.53"}]
["SEINFRA",{"$nulls":4},"Encargos Sociais:",null,0.94]
["SEINFRA",{"$nulls":4},"Valor BDI:",null,{"v":0,"d":"0.00"}]
["SEINFRA",{"$nulls":4},"Valor Geral:",null,{"v":6.4693041269841265,"d":"6.47"}]
["SEINFRA","C1893 - PETROLET ALUMÍNIO DE 1 1/4\", TIPO T - X - L - UN"]
["SEINFRA","MAO DE OBRA",null,null,"Unidade","Coeficiente","Preço","Total"]
["SEINFRA","I0042",{"v":0.5,"d":"0.5000"},"AJUDANTE DE ELETRICISTA","H",{"v":0.5,"d":"0.5000"},{"v":5.6,"d":"5.6000"},{"v":2.8,"d":"2.8000"}]
["SEINFRA","I2312",{"v":0.5,"d":"0.5000"},"ELETRICISTA","H",{"v":0.5,"d":"0.5000"},{"v":7.2,"d":"7.2000"},{"v":3.6,"d":"3.6000"}]
["SEINFRA",{"$nulls":5},"Total:",{"v":6.4,"d":"6.4000"}]
["SEINFRA","MATERIAIS"]
["SEINFRA","I1636",{"v":1,"d":"1.0000"},"PETROLET ALUMÍNIO DE 1 1/4\", TIPO T- X- L","UN",{"v":1,"d":"1.0000"},{"v":22.73,"d":"22.7300"},{"v":22.73,"d":"22.7300"}]
["SEINFRA",{"$nulls":5},"Total:",{"v":22.73,"d":"22.7300"}]
["SEINFRA",{"$nulls":4},"Total Simples:",null,29.13]
["SEINFRA",{"$nulls":4},"Encargos Sociais:",null,7.45]
["SEINFRA",{"$nulls":4},"Valor BDI:",null,{"v":0,"d":"0.00"}]
["SEINFRA",{"$nulls":4},"Valor Geral:",null,{"v":36.5751,"d":"36.58"}]
["SEINFRA","C1894 - PETROLET ALUMÍNIO DE 1\", TIPO T - X - L - UN"]
["SEINFRA","MAO DE OBRA",null,null,"Unidade","Coeficiente","Preço","Total"]
["SEINFRA","I0042",{"v":0.4,"d":"0.4000"},"AJUDANTE DE ELETRICISTA","H",{"v":0.4,"d":"0.4000"},{"v":5.6,"d":"5.6000"},{"v":2.24,"d":"2.2400"}]
["SEINFRA","I2312",{"v":0.4,"d":"0.4000"},"ELETRICISTA","H",{"v":0.4,"d":"0.4000"},{"v":7.2,"d":"7.2000"},{"v":2.8800000000000003,"d":"2.8800"}]
["SEINFRA",{"$nulls":5},"Total:",{"v":5.12,"d":"5.1200"}]
["SEINFRA","MATERIAIS"]
["SEINFRA","I1637",{"v":1,"d":"1.0000"},"PETROLET ALUMÍNIO DE 1\", TIPO T- X- L","UN",{"v":1,"d":"1.0000"},{"v":13.6,"d":"13.6000"},{"v":13.6,"d":"13.6000"}]
["SEINFRA",{"$nulls":5},"Total:",{"v":13.6,"d":"13.6000"}]
["SEINFRA",{"$nulls":4},"Total Simples:",null,18.72]
["SEINFRA",{"$nulls":4},"Encargos Sociais:",null,5.96]
["SEINFRA",{"$nulls":4},"Valor BDI:",null,{"v":0,"d":"0.00"}]
["SEINFRA",{"$nulls":4},"Valor Geral:",null,{"v":24.6761,"d":"24.68"}]
["SEINFRA","C3886 - REMOÇÃO MANUAL DE REVESTIMENTO BETUMINOSO - M3"]
["SEINFRA","MAO DE OBRA",null,null,"Unidade","Coeficiente","Preço","Total"]
["SEINFRA","I2543",{"v":10,"d":"10.0000"},"SERVENTE","H",{"v":10,"d":"10.0000"},{"v":4.88,"d":"4.8800"},{"v":48.8,"d":"48.8000"}]
["SEINFRA","I6815",{"v":0.5,"d":"0.5000"},"ENCARREGADO DE TURMA / FEITOR","H",{"v":0.5,"d":"0.5000"},{"v":13.44,"d":"13.4400"},{"v":6.72,"d":"6.7200"}]
["SEINFRA",{"$nulls":5},"Total:",{"v":55.52,"d":"55.5200"}]
["SEINFRA",{"$nulls":4},"Total Simples:",null,55.52]
["SEINFRA",{"$nulls":4},"Encargos Sociais:",null,64.59]
["SEINFRA",{"$nulls":4},"Valor BDI:",null,{"v":0,"d":"0.00"}]
["SEINFRA",{"$nulls":4},"Valor Geral:",null,{"v":120.1064,"d":"120.11"}]
["SEINFRA","C1895 - PETROLET ALUMÍNIO DE 1/2\", TIPO T - X - L - UN"]
["SEINFRA","MAO DE OBRA",null,null,"Unidade","Coeficiente","Preço","Total"]
["SEINFRA","I0042",{"v":0.2,"d":"0.2000"},"AJUDANTE DE ELETRICISTA","H",{"v":0.2,"d":"0.2000"},{"v":5.6,"d":"5.6000"},{"v":1.12,"d":"1.1200"}]
["SEINFRA","I2312",{"v":0.2,"d":"0.2000"},"ELETRICISTA","H",{"v":0.2,"d":"0.2000"},{"v":7.2,"d":"7.2000"},{"v":1.4400000000000002,"d":"1.4400"}]
["SEINFRA",{"$nulls":5},"Total:",{"v":2.56,"d":"2.5600"}]
["SEINFRA","MATERIAIS"]
["SEINFRA","I1638",{"v":1,"d":"1.0000"},"PETROLET ALUMÍNIO DE 1/2\", TIPO T- X - L","UN",{"v":1,"d":"1.0000"},{"v":8,"d":"8.0000"},{"v":8,"d":"8.0000"}]
["SEINFRA",{"$nulls":5},"Total:",{"v":8,"d":"8.0000"}]
["SEINFRA",{"$nulls":4},"Total Simples:",null,10.56]
["SEINFRA",{"$nulls":4},"Encargos Sociais:",null,2.98]
["SEINFRA",{"$nulls":4},"Valor BDI:",null,{"v":0,"d":"0.00"}]
["SEINFRA",{"$nulls":4},"Valor Geral:",null,{"v":13.538,"d":"13.54"}]
["SEINFRA","C3885 -  MISTURA DE AREIA ASFALTO À FRIO EM BETONEIRA (S/TRANSP) - M3"]
["SEINFRA","EQUIPAMENTOS (CHORARIO)",null,null,"Unidade","Coeficiente","Preço","Total"]
["SEINFRA","I0568",{"v":0,"d":"0.0000"},"BETONEIRA ELÉTRICA 580L (CHI)","H",{"v":0,"d":"0.0000"},{"v":7.8691392,"d":"7.8691"},{"v":0,"d":"0.0000"}]
["SEINFRA","I0594",0.2375,"CARREGADEIRA DE PNEUS HP 111 (CHI)","H",0.2375,{"v":25.78209285714286,"d":"25.7821"},{"v":6.123247053571429,"d":"6.1232"}]
["SEINFRA","I0661",{"v":0,"d":"0.0000"},"TANQUE DE ESTOCAGEM DE ASFALTO (CHI)","H",{"v":0,"d":"0.0000"},{"v":2.05389,"d":"2.0539"},{"v":0,"d":"0.0000"}]
["SEINFRA","I0682",{"v":0.25,"d":"0.2500"},"BETONEIRA ELÉTRICA 580L (CHP)","H",{"v":0.25,"d":"0.2500"},{"v":13.8267832,"d":"13.8268"},{"v":3.4566958,"d":"3.4567"}]
["SEINFRA","I0708",0.0125,"CARREGADEIRA DE PNEUS HP 111 (CHP)","H",0.0125,{"v":136.03280714285714,"d":"136.0328"},{"v":1.7004100892857144,"d":"1.7004"}]
["SEINFRA","I0774",{"v":0.25,"d":"0.2500"},"TANQUE DE ESTOCAGEM DE ASFALTO (CHP)","H",{"v":0.25,"d":"0.2500"},{"v":7.5689649999999995,"d":"7.5690"},{"v":1.8922412499999999,"d":"1.8922"}]
["SEINFRA",{"$nulls":5},"Total:",13.1725]
["SEINFRA","MAO DE OBRA"]
["SEINFRA","I2543",{"v":1.25,"d":"1.2500"},"SERVENTE","H",{"v":1.25,"d":"1.2500"},{"v":4.88,"d":"4.8800"},{"v":6.1,"d":"6.1000"}]
["SEINFRA",{"$nulls":5},"Total:",{"v":6.1,"d":"6.1000"}]
["SEINFRA","SERVIÇOS"]
["SEINFRA","C3130",{"v":1.2,"d":"1.2000"},"AREIA DE RIO - EXTRAÇÃO","M3",{"v":1.2,"d":"1.2000"},{"v":6.367127882819795,"d":"6.3671"},{"v":7.640553459383754,"d":"7.6406"}]
["SEINFRA",{"$nulls":5},"Total:",7.6406]
["SEINFRA",{"$nulls":4},"Total Simples:",null,{"v":26.913147652240898,"d":"26.91"}]
["SEINFRA",{"$nulls":4},"Encargos Sociais:",null,12.81]
["SEINFRA",{"$nulls":4},"Valor BDI:",null,{"v":0,"d":"0.00"}]
["SEINFRA",{"$nulls":4},"Valor Geral:",null,{"v":39.720347652240896,"d":"39.72"}]
["SEINFRA","C1896 - PETROLET ALUMÍNIO DE 2\", TIPO T - X - L - UN"]
["SEINFRA","MAO DE OBRA",null,null,"Unidade","Coeficiente","Preço","Total"]
["SEINFRA","I0042",{"v":0.5,"d":"0.5000"},"AJUDANTE DE ELETRICISTA","H",{"v":0.5,"d":"0.5000"},{"v":5.6,"d":"5.6000"},{"v":2.8,"d":"2.8000"}]
["SEINFRA","I2312",{"v":0.5,"d":"0.5000"},"ELETRICISTA","H",{"v":0.5,"d":"0.5000"},{"v":7.2,"d":"7.2000"},{"v":3.6,"d":"3.6000"}]
["SEINFRA",{"$nulls":5},"Total:",{"v":6.4,"d":"6.4000"}]
["SEINFRA","MATERIAIS"]
["SEINFRA","I1634",{"v":1,"d":"1.0000"},"PETROLET ALUMÍNIO DE 2\", TIPO T- X - L","UN",{"v":1,"d":"1.0000"},{"v":43.9,"d":"43.9000"},{"v":43.9,"d":"43.9000"}]
["SEINFRA",{"$nulls":5},"Total:",{"v":43.9,"d":"43.9000"}]
["SEINFRA",{"$nulls":4},"Total Simples:",null,{"v":50.3,"d":"50.30"}]
["SEINFRA",{"$nulls":4},"Encargos Sociais:",null,7.45]
["SEINFRA",{"$nulls":4},"Valor BDI:",null,{"v":0,"d":"0.00"}]
["SEINFRA",{"$nulls":4},"Valor Geral:",null,{"v":57.7451,"d":"57.75"}]
["SEINFRA","C3884 - CAPA SELANTE C/ PEDRISCO (S/TRANSP) - M2"]
["SEINFRA","EQUIPAMENTOS (CHORARIO)",null,null,"Unidade","Coeficiente","Preço","Total"]
["SEINFRA","I0585",{"v":4.2105263157894739E-4,"d":"0.0004"},"CAMINHÃO DISTRIBUIDOR DE LIGANTE (CHI)","H",{"v":4.2105263157894739E-4,"d":"0.0004"},{"v":36.8791808,"d":"36.8792"},{"v":0.015528076126315791,"d":"0.0155"}]
["SEINFRA","I0607",{"v":1.8181818181818181E-4,"d":"0.0002"},"COMPAC. DE PNEUS PRES. VAR. AUTOPR. (CHI)","H",{"v":1.8181818181818181E-4,"d":"0.0002"},{"v":28.00582222222222,"d":"28.0058"},{"v":0.005091967676767677,"d":"0.0051"}]
["SEINFRA","I0624",{"v":0,"d":"0.0000"},"ESPALHADOR DE AGREGADOS REBOC. (CHI)","H",{"v":0,"d":"0.0000"},{"v":2.3760000000000003,"d":"2.3760"},{"v":0,"d":"0.0000"}]
["SEINFRA","I0661",{"v":0,"d":"0.0000"},"TANQUE DE ESTOCAGEM DE ASFALTO (CHI)","H",{"v":0,"d":"0.0000"},{"v":2.05389,"d":"2.0539"},{"v":0,"d":"0.0000"}]
["SEINFRA","I0667",{"v":7.3684210526315792E-4,"d":"0.0007"},"TRATOR DE PNEUS (CHI)","H",{"v":7.3684210526315792E-4,"d":"0.0007"},{"v":12.995035294117647,"d":"12.9950"},{"v":0.009575289164086688,"d":"0.0096"}]
["SEINFRA","I0672",{"v":7.3684210526315792E-4,"d":"0.0007"},"VASSOURA MECÂNICA (CHI)","H",{"v":7.3684210526315792E-4,"d":"0.0007"},{"v":2.5064325,"d":"2.5064"},{"v":1.846845E-3,"d":"0.0018"}]
["SEINFRA","I0694",{"v":5.3588516746411489E-4,"d":"0.0005"},"CAMINHÃO DISTRIBUIDOR DE LIGANTE (CHP)","H",{"v":5.3588516746411489E-4,"d":"0.0005"},{"v":172.9300288,"d":"172.9300"},{"v":0.09267063744306221,"d":"0.0927"}]
["SEINFRA","I0721",{"v":7.7511961722488048E-4,"d":"0.0008"},"COMPAC. DE PNEUS PRES. VAR. AUTOPR. (CHP)","H",{"v":7.7511961722488048E-4,"d":"0.0008"},{"v":146.15759259259258,"d":"146.1576"},{"v":0.1132896172248804,"d":"0.1133"}]
["SEINFRA","I0738",{"v":9.5693779904306223E-4,"d":"0.0010"},"ESPALHADOR DE AGREGADOS REBOC. (CHP)","H",{"v":9.5693779904306223E-4,"d":"0.0010"},{"v":7.596,"d":"7.5960"},{"v":7.268899521531101E-3,"d":"0.0073"}]
["SEINFRA","I0774",{"v":1.9138755980861245E-3,"d":"0.0019"},"TANQUE DE ESTOCAGEM DE ASFALTO (CHP)","H",{"v":1.9138755980861245E-3,"d":"0.0019"},{"v":7.5689649999999995,"d":"7.5690"},{"v":0.014486057416267942,"d":"0.0145"}]
["SEINFRA","I0780",{"v":2.2009569377990431E-4,"d":"0.0002"},"TRATOR DE PNEUS (CHP)","H",{"v":2.2009569377990431E-4,"d":"0.0002"},{"v":73.86103529411764,"d":"73.8610"},{"v":0.01625649580636082,"d":"0.0163"}]
["SEINFRA","I0785",{"v":2.2009569377990431E-4,"d":"0.0002"},"VASSOURA MECÂNICA (CHP)","H",{"v":2.2009569377990431E-4,"d":"0.0002"},{"v":8.01298875,"d":"8.0130"},{"v":1.763624318181818E-3,"d":"0.0018"}]
["SEINFRA",{"$nulls":5},"Total:",0.2779]
["SEINFRA","MAO DE OBRA"]
["SEINFRA","I2543",{"v":0.009569377990430622,"d":"0.0096"},"SERVENTE","H",{"v":0.009569377990430622,"d":"0.0096"},{"v":4.88,"d":"4.8800"},{"v":0.046698564593301434,"d":"0.0467"}]
["SEINFRA",{"$nulls":5},"Total:",0.0467]
["SEINFRA","SERVIÇOS"]
["SEINFRA","C3252",{"v":0.006,"d":"0.0060"},"BRITA PRODUZIDA PARA REVESTIMENTOS BETUMINOSOS","M3",{"v":0.006,"d":"0.0060"},{"v":61.55174944250293,"d":"61.5517"},{"v":0.3693104966550176,"d":"0.3693"}]
["SEINFRA",{"$nulls":5},"Total:",0.3693]
["SEINFRA",{"$nulls":4},"Total Simples:",null,{"v":0.6937865709457735,"d":"0.69"}]
["SEINFRA",{"$nulls":4},"Encargos Sociais:",null,0.16]
["SEINFRA",{"$nulls":4},"Valor BDI:",null,{"v":0,"d":"0.00"}]
["SEINFRA",{"$nulls":4},"Valor Geral:",null,{"v":0.8467865709457735,"d":"0.85"}]
["SEINFRA","C3883 - RECOMPOSIÇÃO DE REVESTIMENTO PRIMÁRIO - M3"]
["SEINFRA","EQUIPAMENTOS (CHORARIO)",null,null,"Unidade","Coeficiente","Preço","Total"]
["SEINFRA","I0590",{"v":0.005079365079365079,"d":"0.0051"},"CAMINHÃO TANQUE 8.000 l (CHI)","H",{"v":0.005079365079365079,"d":"0.0051"},{"v":16.69884411764706,"d":"16.6988"},{"v":0.08481952567693744,"d":"0.0848"}]
["SEINFRA","I0609",{"v":5.317460317460318E-3,"d":"0.0053"},"COMPAC. LISO VIBRAT. AUTOPROPELIDO (CHI)","H",{"v":5.317460317460318E-3,"d":"0.0053"},{"v":25.57142,"d":"25.5714"},{"v":0.13597501111111113,"d":"0.1360"}]
["SEINFRA","I0625",{"v":1.984126984126984E-3,"d":"0.0020"},"GRADE DE DISCOS (CHI)","H",{"v":1.984126984126984E-3,"d":"0.0020"},{"v":1.4397900000000001,"d":"1.4398"},{"v":2.8567261904761908E-3,"d":"0.0029"}]
["SEINFRA","I0642",{"v":0,"d":"0.0000"},"MOTO NIVELADORA (CHI)","H",{"v":0,"d":"0.0000"},{"v":38.6607619047619,"d":"38.6608"},{"v":0,"d":"0.0000"}]
["SEINFRA","I0667",{"v":1.984126984126984E-3,"d":"0.0020"},"TRATOR DE PNEUS (CHI)","H",{"v":1.984126984126984E-3,"d":"0.0020"},{"v":12.995035294117647,"d":"12.9950"},{"v":0.02578380018674136,"d":"0.0258"}]
["SEINFRA","I0698",{"v":0.026666666666666665,"d":"0.0267"},"CAMINHÃO TANQUE 8.000 l (CHP)","H",{"v":0.026666666666666665,"d":"0.0267"},{"v":107.79678529411764,"d":"107.7968"},{"v":2.8745809411764704,"d":"2.8746"}]
["SEINFRA","I0722",{"v":2.6190476190476194E-3,"d":"0.0026"},"COMPAC. LISO VIBRAT. AUTOPROPELIDO (CHP)","H",{"v":2.6190476190476194E-3,"d":"0.0026"},{"v":134.80412,"d":"134.8041"},{"v":0.35305840952380957,"d":"0.3531"}]
["SEINFRA","I0739",{"v":0.005952380952380952,"d":"0.0060"},"GRADE DE DISCOS (CHP)","H",{"v":0.005952380952380952,"d":"0.0060"},{"v":4.49389,"d":"4.4939"},{"v":0.02674934523809524,"d":"0.0267"}]
["SEINFRA","I0756",{"v":0.007936507936507936,"d":"0.0079"},"MOTO NIVELADORA (CHP)","H",{"v":0.007936507936507936,"d":"0.0079"},{"v":185.8430476190476,"d":"185.8430"},{"v":1.4749448223733936,"d":"1.4749"}]
["SEINFRA","I0780",{"v":0.005952380952380952,"d":"0.0060"},"TRATOR DE PNEUS (CHP)","H",{"v":0.005952380952380952,"d":"0.0060"},{"v":73.86103529411764,"d":"73.8610"},{"v":0.43964901960784314,"d":"0.4396"}]
["SEINFRA",{"$nulls":5},"Total:",5.4184]
["SEINFRA","MAO DE OBRA"]
["SEINFRA","I2543",{"v":0.047619047619047616,"d":"0.0476"},"SERVENTE","H",{"v":0.047619047619047616,"d":"0.0476"},{"v":4.88,"d":"4.8800"},{"v":0.23238095238095235,"d":"0.2324"}]
["SEINFRA",{"$nulls":5},"Total:",0.2324]
["SEINFRA",{"$nulls":4},"Total Simples:",null,{"v":5.6507985534658305,"d":"5.65"}]
["SEINFRA",{"$nulls":4},"Encargos Sociais:",null,0.85]
["SEINFRA",{"$nulls":4},"Valor BDI:",null,{"v":0,"d":"0.00"}]
["SEINFRA",{"$nulls":4},"Valor Geral:",null,{"v":6.4971985534658305,"d":"6.50"}]
["SEINFRA","C3882 - REMANEJAMENTO DE GRELHA DE INSUFLAMENTO/RETORNO, DE 0,82 M2 À 1,00 M2 - UN"]
["SEINFRA","EMPREITADA",null,null,"Unidade","Coeficiente","Preço","Total"]
["SEINFRA","I7372",{"v":1,"d":"1.0000"},"REMANEJAMENTO DE GRELHA DE INSUFLAMENTO/RETORNO DE 0,81 M2 ATÉ 1,00 M2","UN",{"v":1,"d":"1.0000"},{"v":109.72,"d":"109.7200"},{"v":109.72,"d":"109.7200"}]
["SEINFRA"]
["SEINFRA",{"$nulls":5},"Total:",{"v":109.72,"d":"109.7200"}]
["SEINFRA",{"$nulls":4},"Total Simples:",null,109.72]
["SEINFRA",{"$nulls":4},"Encargos Sociais:",null,{"v":0,"d":"0.00"}]
["SEINFRA",{"$nulls":4},"Valor BDI:",null,{"v":0,"d":"0.00"}]
["SEINFRA",{"$nulls":4},"Valor Geral:",null,109.72]
["SEINFRA","C1890 - PETROLET ALUMÍNIO DE 3/4\", TIPO T - X - L - UN"]
["SEINFRA","MAO DE OBRA",null,null,"Unidade","Coeficiente","Preço","Total"]
["SEINFRA","I0042",{"v":0.3,"d":"0.3000"},"AJUDANTE DE ELETRICISTA","H",{"v":0.3,"d":"0.3000"},{"v":5.6,"d":"5.6000"},{"v":1.68,"d":"1.6800"}]
["SEINFRA","I2312",{"v":0.3,"d":"0.3000"},"ELETRICISTA","H",{"v":0.3,"d":"0.3000"},{"v":7.2,"d":"7.2000"},{"v":2.16,"d":"2.1600"}]
["SEINFRA",{"$nulls":5},"Total:",{"v":3.84,"d":"3.8400"}]
["SEINFRA","MATERIAIS"]
["SEINFRA","I1642",{"v":1,"d":"1.0000"},"PETROLET ALUMÍNIO DE 3/4\", TIPO T- X - L","UN",{"v":1,"d":"1.0000"},{"v":9.83,"d":"9.8300"},{"v":9.83,"d":"9.8300"}]
["SEINFRA",{"$nulls":5},"Total:",{"v":9.83,"d":"9.8300"}]
["SEINFRA",{"$nulls":4},"Total Simples:",null,13.67]
["SEINFRA",{"$nulls":4},"Encargos Sociais:",null,4.47]
["SEINFRA",{"$nulls":4},"Valor BDI:",null,{"v":0,"d":"0.00"}]
["SEINFRA",{"$nulls":4},"Valor Geral:",null,{"v":18.1371,"d":"18.14"}]
["SEINFRA","C1891 - PETROLET ALUMÍNIO DE 4\", TIPO T - X - L - UN"]
["SEINFRA","MAO DE OBRA",null,null,"Unidade","Coeficiente","Preço","Total"]
["SEINFRA","I0042",{"v":1.8,"d":"1.8000"},"AJUDANTE DE ELETRICISTA","H",{"v":1.8,"d":"1.8000"},{"v":5.6,"d":"5.6000"},{"v":10.08,"d":"10.0800"}]
["SEINFRA","I2312",{"v":1.8,"d":"1.8000"},"ELETRICISTA","H",{"v":1.8,"d":"1.8000"},{"v":7.2,"d":"7.2000"},{"v":12.96,"d":"12.9600"}]
["SEINFRA",{"$nulls":5},"Total:",{"v":23.04,"d":"23.0400"}]
["SEINFRA","MATERIAIS"]
["SEINFRA","I1643",{"v":1,"d":"1.0000"},"PETROLET ALUMÍNIO DE 4\", TIPO T - X - L","UN",{"v":1,"d":"1.0000"},{"v":182.13,"d":"182.1300"},{"v":182.13,"d":"182.1300"}]
["SEINFRA",{"$nulls":5},"Total:",{"v":182.13,"d":"182.1300"}]
["SEINFRA",{"$nulls":4},"Total Simples:",null,205.17]
["SEINFRA",{"$nulls":4},"Encargos Sociais:",null,{"v":26.8,"d":"26.80"}]
["SEINFRA",{"$nulls":4},"Valor BDI:",null,{"v":0,"d":"0.00"}]
["SEINFRA",{"$nulls":4},"Valor Geral:",null,{"v":231.9724,"d":"231.97"}]
["SEINFRA","C3881 - REMANEJAMENTO DE GRELHA DE INSUFLAMENTO/RETORNO, DE 0,65 M2 À 0,81 M2 - UN"]
["SEINFRA","EMPREITADA",null,null,"Unidade","Coeficiente","Preço","Total"]
["SEINFRA","I7371",{"v":1,"d":"1.0000"},"REMANEJAMENTO DE GRELHA DE INSUFLAMENTO/RETORNO DE 0,65 M2 À 0,81 M2","UN",{"v":1,"d":"1.0000"},{"v":89.33,"d":"89.3300"},{"v":89.33,"d":"89.3300"}]
["SEINFRA"]
["SEINFRA",{"$nulls":5},"Total:",{"v":89.33,"d":"89.3300"}]
["SEINFRA",{"$nulls":4},"Total Simples:",null,89.33]
["SEINFRA",{"$nulls":4},"Encargos Sociais:",null,{"v":0,"d":"0.00"}]
["SEINFRA",{"$nulls":4},"Valor BDI:",null,{"v":0,"d":"0.00"}]
["SEINFRA",{"$nulls":4},"Valor Geral:",null,89.33]
["SEINFRA","C3880 - REMANEJAMENTO DE GRELHA DE INSUFLAMENTO/RETORNO, DE 0,50 M2 À 0,64 M2 - UN"]
["SEINFRA","EMPREITADA",null,null,"Unidade","Coeficiente","Preço","Total"]
["SEINFRA","I7370",{"v":1,"d":"1.0000"},"REMANEJAMENTO DE GRELHA DE INSUFLAMENTO/RETORNO DE 0,50 M2 ATÉ 0,64M2","UN",{"v":1,"d":"1.0000"},{"v":70.55,"d":"70.5500"},{"v":70.55,"d":"70.5500"}]
["SEINFRA"]
["SEINFRA",{"$nulls":5},"Total:",{"v":70.55,"d":"70.5500"}]
["SEINFRA",{"$nulls":4},"Total Simples:",null,70.55]
["SEINFRA",{"$nulls":4},"Encargos Sociais:",null,{"v":0,"d":"0.00"}]
["SEINFRA",{"$nulls":4},"Valor BDI:",null,{"v":0,"d":"0.00"}]
["SEINFRA",{"$nulls":4},"Valor Geral:",null,70.55]
["SEINFRA","C1892 - PETROLET ALUMÍNIO DE 1 1/2\", TIPO T - X - L - UN"]
["SEINFRA","MAO DE OBRA",null,null,"Unidade","Coeficiente","Preço","Total"]
["SEINFRA","I0042",{"v":0.5,"d":"0.5000"},"AJUDANTE DE ELETRICISTA","H",{"v":0.5,"d":"0.5000"},{"v":5.6,"d":"5.6000"},{"v":2.8,"d":"2.8000"}]
["SEINFRA","I2312",{"v":0.5,"d":"0.5000"},"ELETRICISTA","H",{"v":0.5,"d":"0.5000"},{"v":7.2,"d":"7.2000"},{"v":3.6,"d":"3.6000"}]
["SEINFRA",{"$nulls":5},"Total:",{"v":6.4,"d":"6.4000"}]
["SEINFRA","MATERIAIS"]
["SEINFRA","I1635",{"v":1,"d":"1.0000"},"PETROLET ALUMÍNIO DE 1 1/2\", TIPO T- X - L","UN",{"v":1,"d":"1.0000"},{"v":27.73,"d":"27.7300"},{"v":27.73,"d":"27.7300"}]
["SEINFRA",{"$nulls":5},"Total:",{"v":27.73,"d":"27.7300"}]
["SEINFRA",{"$nulls":4},"Total Simples:",null,34.13]
["SEINFRA",{"$nulls":4},"Encargos Sociais:",null,7.45]
["SEINFRA",{"$nulls":4},"Valor BDI:",null,{"v":0,"d":"0.00"}]
["SEINFRA",{"$nulls":4},"Valor Geral:",null,{"v":41.5751,"d":"41.58"}]
["SEINFRA","C3878 - REMANEJAMENTO DE GRELHA DE INSUFLAMENTO/RETORNO, ATÉ 0,25 M2 - UN"]
["SEINFRA","EMPREITADA",null,null,"Unidade","Coeficiente","Preço","Total"]
["SEINFRA","I7368",{"v":1,"d":"1.0000"},"REMANEJAMENTO DE GRELHA DE INSUFLAMENTO/RETORNO ATÉ 0,25 M2","UN",{"v":1,"d":"1.0000"},{"v":28.21,"d":"28.2100"},{"v":28.21,"d":"28.2100"}]
["SEINFRA"]
["SEINFRA",{"$nulls":5},"Total:",{"v":28.21,"d":"28.2100"}]
["SEINFRA",{"$nulls":4},"Total Simples:",null,28.21]
["SEINFRA",{"$nulls":4},"Encargos Sociais:",null,{"v":0,"d":"0.00"}]
["SEINFRA",{"$nulls":4},"Valor BDI:",null,{"v":0,"d":"0.00"}]
["SEINFRA",{"$nulls":4},"Valor Geral:",null,28.21]
["SEINFRA","C3877 - GRELHA DE INSUFLAMENTO/RETORNO, EM ALUMÍNIO DE 0,82 M2 À 1,00 M2 (FORNECIMENTO E MONTAGEM) - UN"]
["SEINFRA","MATERIAIS",null,null,"Unidade","Coeficiente","Preço","Total"]
["SEINFRA","I7367",{"v":1,"d":"1.0000"},"GRELHAS DE INSUFLAMENTO/RETORNO EM ALUMÍNIO DE 0,82 M2 À 1,00 M2  (FORN. E MONTAGEM)","UN",{"v":1,"d":"1.0000"},{"v":332.77,"d":"332.7700"},{"v":332.77,"d":"332.7700"}]
["SEINFRA"]
["SEINFRA",{"$nulls":5},"Total:",{"v":332.77,"d":"332.7700"}]
["SEINFRA",{"$nulls":4},"Total Simples:",null,332.77]
["SEINFRA",{"$nulls":4},"Encargos Sociais:",null,{"v":0,"d":"0.00"}]
["SEINFRA",{"$nulls":4},"Valor BDI:",null,{"v":0,"d":"0.00"}]
["SEINFRA",{"$nulls":4},"Valor Geral:",null,332.77]
["SEINFRA","C3879 - REMANEJAMENTO DE GRELHA DE INSUFLAMENTO/RETORNO, DE 0,26 M2 À 0,49 M2 - UN"]
["SEINFRA","EMPREITADA",null,null,"Unidade","Coeficiente","Preço","Total"]
["SEINFRA","I7369",{"v":1,"d":"1.0000"},"REMANEJAMENTO DE GRELHA DE INSUFLAMENTO/RETORNO DE 0,26 M2 ATÉ 0,49 M2","UN",{"v":1,"d":"1.0000"},{"v":57.24,"d":"57.2400"},{"v":57.24,"d":"57.2400"}]
["SEINFRA"]
["SEINFRA",{"$nulls":5},"Total:",{"v":57.24,"d":"57.2400"}]
["SEINFRA",{"$nulls":4},"Total Simples:",null,57.24]
["SEINFRA",{"$nulls":4},"Encargos Sociais:",null,{"v":0,"d":"0.00"}]
["SEINFRA",{"$nulls":4},"Valor BDI:",null,{"v":0,"d":"0.00"}]
["SEINFRA",{"$nulls":4},"Valor Geral:",null,57.24]
["SEINFRA","C3874 - GRELHA DE INSUFLAMENTO/RETORNO, EM ALUMÍNIO DE 0,26 M2 À 0,49 M2 (FORNECIMENTO E MONTAGEM) - UN"]
["SEINFRA","MATERIAIS",null,null,"Unidade","Coeficiente","Preço","Total"]
["SEINFRA","I7364",{"v":1,"d":"1.0000"},"GRELHAS DE INSUFLAMENTO/RETORNO EM ALUMÍNIO DE 0,26 M2 À 0,49 M2  (FORN. E MONTAGEM)","UN",{"v":1,"d":"1.0000"},{"v":185.17,"d":"185.1700"},{"v":185.17,"d":"185.1700"}]
["SEINFRA"]
["SEINFRA",{"$nulls":5},"Total:",{"v":185.17,"d":"185.1700"}]
["SEINFRA",{"$nulls":4},"Total Simples:",null,185.17]
["SEINFRA",{"$nulls":4},"Encargos Sociais:",null,{"v":0,"d":"0.00"}]
["SEINFRA",{"$nulls":4},"Valor BDI:",null,{"v":0,"d":"0.00"}]
["SEINFRA",{"$nulls":4},"Valor Geral:",null,185.17]
["SEINFRA","C3873 - GRELHA DE INSUFLAMENTO/RETORNO, EM ALUMÍNIO ATÉ 0,25 M2 (FORNECIMENTO E MONTAGEM) - UN"]
["SEINFRA","MATERIAIS",null,null,"Unidade","Coeficiente","Preço","Total"]
["SEINFRA","I7363",{"v":1,"d":"1.0000"},"GRELHAS DE INSUFLAMENTO/RETORNO EM ALUMÍNIO ATÉ 0,25 M2 (FORN. E MONTAGEM)","UN",{"v":1,"d":"1.0000"},{"v":124.67,"d":"124.6700"},{"v":124.67,"d":"124.6700"}]
["SEINFRA"]
["SEINFRA",{"$nulls":5},"Total:",{"v":124.67,"d":"124.6700"}]
["SEINFRA",{"$nulls":4},"Total Simples:",null,124.67]
["SEINFRA",{"$nulls":4},"Encargos Sociais:",null,{"v":0,"d":"0.00"}]
["SEINFRA",{"$nulls":4},"Valor BDI:",null,{"v":0,"d":"0.00"}]
["SEINFRA",{"$nulls":4},"Valor Geral:",null,124.67]
["SEINFRA","C3876 - GRELHA DE INSUFLAMENTO/RETORNO, EM ALUMÍNIO DE 0,65 M2 À 0,81M2 (FORNECIMENTO E MONTAGEM) - UN"]
["SEINFRA","MATERIAIS",null,null,"Unidade","Coeficiente","Preço","Total"]
["SEINFRA","I7366",{"v":1,"d":"1.0000"},"GRELHAS DE INSUFLAMENTO/RETORNO EM ALUMÍNIO DE 0,65 M2 À 0,81 M2  (FORN. E MONTAGEM)","UN",{"v":1,"d":"1.0000"},{"v":274.43,"d":"274.4300"},{"v":274.43,"d":"274.4300"}]
["SEINFRA"]
["SEINFRA",{"$nulls":5},"Total:",{"v":274.43,"d":"274.4300"}]
["SEINFRA",{"$nulls":4},"Total Simples:",null,274.43]
["SEINFRA",{"$nulls":4},"Encargos Sociais:",null,{"v":0,"d":"0.00"}]
["SEINFRA",{"$nulls":4},"Valor BDI:",null,{"v":0,"d":"0.00"}]
["SEINFRA",{"$nulls":4},"Valor Geral:",null,274.43]
["SEINFRA","C3875 - GRELHA DE INSUFLAMENTO/RETORNO, EM ALUMÍNIO DE 0,50 M2 À 0,64 M2 (FORNECIMENTO E MONTAGEM) - UN"]
["SEINFRA","MATERIAIS",null,null,"Unidade","Coeficiente","Preço","Total"]
["SEINFRA","I7365",{"v":1,"d":"1.0000"},"GRELHAS DE INSUFLAMENTO/RETORNO EM ALUMÍNIO DE 0,50 M2 À 0,64 M2  (FORN. E MONTAGEM)","UN",{"v":1,"d":"1.0000"},{"v":220,"d":"220.0000"},{"v":220,"d":"220.0000"}]
["SEINFRA"]
["SEINFRA",{"$nulls":5},"Total:",{"v":220,"d":"220.0000"}]
["SEINFRA",{"$nulls":4},"Total Simples:",null,{"v":220,"d":"220.00"}]
["SEINFRA",{"$nulls":4},"Encargos Sociais:",null,{"v":0,"d":"0.00"}]
["SEINFRA",{"$nulls":4},"Valor BDI:",null,{"v":0,"d":"0.00"}]
["SEINFRA",{"$nulls":4},"Valor Geral:",null,{"v":220,"d":"220.00"}]
["SEINFRA","C3870 - APARELHO DE JANELA CAP. 18.000 BTU (FORNECIMENTO E MONTAGEM) - UN"]
["SEINFRA","MATERIAIS",null,null,"Unidade","Coeficiente","Preço","Total"]
["SEINFRA","I7360",{"v":1,"d":"1.0000"},"APARELHO DE JANELA - CAP 18.000 BTU (FORN. E MONTAGEM)","UN",{"v":1,"d":"1.0000"},{"v":1870,"d":"1,870.0000"},{"v":1870,"d":"1,870.0000"}]
["SEINFRA",{"$nulls":5},"Total:",{"v":1870,"d":"1,870.0000"}]
["SEINFRA",{"$nulls":4},"Total Simples:",null,{"v":1870,"d":"1,870.00"}]
["SEINFRA",{"$nulls":4},"Encargos Sociais:",null,{"v":0,"d":"0.00"}]
["SEINFRA",{"$nulls":4},"Valor BDI:",null,{"v":0,"d":"0.00"}]
["SEINFRA",{"$nulls":4},"Valor Geral:",null,{"v":1870,"d":"1,870.00"}]
["SEINFRA","C3872 - APARELHO DE JANELA CAP. 30.000 BTU (FORNECIMENTO E MONTAGEM) - UN"]
["SEINFRA","MATERIAIS",null,null,"Unidade","Coeficiente","Preço","Total"]
["SEINFRA","I7362",{"v":1,"d":"1.0000"},"APARELHO DE JANELA - CAP 30.000 BTU (FORN. E MONTAGEM)","UN",{"v":1,"d":"1.0000"},{"v":3138.85,"d":"3,138.8500"},{"v":3138.85,"d":"3,138.8500"}]
["SEINFRA",{"$nulls":5},"Total:",{"v":3138.85,"d":"3,138.8500"}]
["SEINFRA",{"$nulls":4},"Total Simples:",null,{"v":3138.85,"d":"3,138.85"}]
["SEINFRA",{"$nulls":4},"Encargos Sociais:",null,{"v":0,"d":"0.00"}]
["SEINFRA",{"$nulls":4},"Valor BDI:",null,{"v":0,"d":"0.00"}]
["SEINFRA",{"$nulls":4},"Valor Geral:",null,{"v":3138.85,"d":"3,138.85"}]
["SEINFRA","C3871 - APARELHO DE JANELA CAP. 21.000 BTU (FORNECIMENTO E MONTAGEM) - UN"]
["SEINFRA","MATERIAIS",null,null,"Unidade","Coeficiente","Preço","Total"]
["SEINFRA","I7361",{"v":1,"d":"1.0000"},"APARELHO DE JANELA - CAP 21.000 BTU (FORN. E MONTAGEM)","UN",{"v":1,"d":"1.0000"},{"v":2201,"d":"2,201.0000"},{"v":2201,"d":"2,201.0000"}]
["SEINFRA",{"$nulls":5},"Total:",{"v":2201,"d":"2,201.0000"}]
["SEINFRA",{"$nulls":4},"Total Simples:",null,{"v":2201,"d":"2,201.00"}]
["SEINFRA",{"$nulls":4},"Encargos Sociais:",null,{"v":0,"d":"0.00"}]
["SEINFRA",{"$nulls":4},"Valor BDI:",null,{"v":0,"d":"0.00"}]
["SEINFRA",{"$nulls":4},"Valor Geral:",null,{"v":2201,"d":"2,201.00"}]
["SEINFRA","C3822 - PORCA GAIOLA ZINCADA BRANCA P/EQUIP.INFORMÁTICA - UN"]
["SEINFRA","MAO DE OBRA",null,null,"Unidade","Coeficiente","Preço","Total"]
["SEINFRA","I0042",{"v":0.05,"d":"0.0500"},"AJUDANTE DE ELETRICISTA","H",{"v":0.05,"d":"0.0500"},{"v":5.6,"d":"5.6000"},{"v":0.28,"d":"0.2800"}]
["SEINFRA","I2312",{"v":0.05,"d":"0.0500"},"ELETRICISTA","H",{"v":0.05,"d":"0.0500"},{"v":7.2,"d":"7.2000"},{"v":0.36000000000000004,"d":"0.3600"}]
["SEINFRA",{"$nulls":5},"Total:",{"v":0.64,"d":"0.6400"}]
["SEINFRA","MATERIAIS"]
["SEINFRA","I7043",{"v":1,"d":"1.0000"},"PORCA GAIOLA ZINCADA BRANCA P/EQUIPAMENTO DE INFORMÁTICA","UN",{"v":1,"d":"1.0000"},{"v":0.75,"d":"0.7500"},{"v":0.75,"d":"0.7500"}]
["SEINFRA",{"$nulls":5},"Total:",{"v":0.75,"d":"0.7500"}]
["SEINFRA",{"$nulls":4},"Total Simples:",null,0.64]
["SEINFRA",{"$nulls":4},"Encargos Sociais:",null,0.74]
["SEINFRA",{"$nulls":4},"Valor BDI:",null,{"v":0,"d":"0.00"}]
["SEINFRA",{"$nulls":4},"Valor Geral:",null,{"v":1.3845,"d":"1.38"}]
["SEINFRA","C3846 - TUBO AÇO CARBONO PRETO C/ CONEXÕES DE 40mm (1 1/2\") - M"]
["SEINFRA","MAO DE OBRA",null,null,"Unidade","Coeficiente","Preço","Total"]
["SEINFRA","I0043",{"v":1.4,"d":"1.4000"},"AJUDANTE DE ENCANADOR","H",{"v":1.4,"d":"1.4000"},{"v":5.6,"d":"5.6000"},{"v":7.84,"d":"7.8400"}]
["SEINFRA","I2320",{"v":1.4,"d":"1.4000"},"ENCANADOR","H",{"v":1.4,"d":"1.4000"},{"v":7.2,"d":"7.2000"},{"v":10.08,"d":"10.0800"}]
["SEINFRA",{"$nulls":5},"Total:",{"v":17.92,"d":"17.9200"}]
["SEINFRA","MATERIAIS"]
["SEINFRA","I1180",{"v":1.13,"d":"1.1300"},"FITA DE VEDAÇÃO","M",{"v":1.13,"d":"1.1300"},{"v":0.38,"d":"0.3800"},{"v":0.42939999999999995,"d":"0.4294"}]
["SEINFRA","I7335",{"v":1.4,"d":"1.4000"},"TUBO AÇO PRETO C/ CONEXÕES DE 40mm (1 1/2\")","M",{"v":1.4,"d":"1.4000"},{"v":45.54,"d":"45.5400"},{"v":63.75599999999999,"d":"63.7560"}]
["SEINFRA",{"$nulls":5},"Total:",64.1854]
["SEINFRA",{"$nulls":4},"Total Simples:",null,{"v":82.10539999999999,"d":"82.11"}]
["SEINFRA",{"$nulls":4},"Encargos Sociais:",null,20.84]
["SEINFRA",{"$nulls":4},"Valor BDI:",null,{"v":0,"d":"0.00"}]
["SEINFRA",{"$nulls":4},"Valor Geral:",null,{"v":102.95169999999999,"d":"102.95"}]
["SEINFRA","C3844 - FORNECIMENTO, MONTAGEM, INSPEÇÃO E ASSENTAMENTO DE TUBOS E CONEXÕES EM AÇO, J. SOLDADA D=6\", API 5 LX SOLDA, NORMA API 104 - M"]
["SEINFRA","EQUIPAMENTOS (CHORARIO)",null,null,"Unidade","Coeficiente","Preço","Total"]
["SEINFRA","I0737",{"v":0.33,"d":"0.3300"},"ESMERILHADEIRA INDUSTRIAL (CHP)","H",{"v":0.33,"d":"0.3300"},{"v":1.093928,"d":"1.0939"},{"v":0.36099624,"d":"0.3610"}]
["SEINFRA","I0749",{"v":0.6,"d":"0.6000"},"MÁQUINA DE SOLDA (CHP)","H",{"v":0.6,"d":"0.6000"},{"v":13.217253333333334,"d":"13.2173"},{"v":7.930352,"d":"7.9304"}]
["SEINFRA",{"$nulls":5},"Total:",8.2914]
["SEINFRA","MAO DE OBRA"]
["SEINFRA","I0037",{"v":1.39,"d":"1.3900"},"AJUDANTE","H",{"v":1.39,"d":"1.3900"},{"v":5.6,"d":"5.6000"},{"v":7.784,"d":"7.7840"}]
["SEINFRA","I2320",{"v":0.5,"d":"0.5000"},"ENCANADOR","H",{"v":0.5,"d":"0.5000"},{"v":7.2,"d":"7.2000"},{"v":3.6,"d":"3.6000"}]
["SEINFRA","I2325",{"v":0.33,"d":"0.3300"},"ESMERILHADOR","H",{"v":0.33,"d":"0.3300"},{"v":7.2,"d":"7.2000"},{"v":2.3760000000000003,"d":"2.3760"}]
["SEINFRA","I2424",{"v":0.57,"d":"0.5700"},"SOLDADOR RAIO X","H",{"v":0.57,"d":"0.5700"},{"v":10.4,"d":"10.4000"},{"v":5.927999999999999,"d":"5.9280"}]
["SEINFRA",{"$nulls":5},"Total:",{"v":19.688,"d":"19.6880"}]
["SEINFRA","MATERIAIS"]
["SEINFRA","I1061",0.3325,"ELETRODOS","KG",0.3325,{"v":16.5,"d":"16.5000"},{"v":5.48625,"d":"5.4863"}]
["SEINFRA","I2302",{"v":0.373,"d":"0.3730"},"DISCO DE DESBASTE 1/4\" DE 7\"","UN",{"v":0.373,"d":"0.3730"},{"v":16.03,"d":"16.0300"},{"v":5.97919,"d":"5.9792"}]
["SEINFRA","I7334",{"v":1.01,"d":"1.0100"},"TUBO API 5 LX REVESTIDO PE 3C D=6\"","M",{"v":1.01,"d":"1.0100"},{"v":163.07,"d":"163.0700"},164.7007]
["SEINFRA",{"$nulls":5},"Total:",176.1662]
["SEINFRA","SERVIÇOS"]
["SEINFRA","C0704",{"v":0.003,"d":"0.0030"},"CARGA E DESCARGA DE TUBOS E CONEXÕES EM AÇO","T",{"v":0.003,"d":"0.0030"},{"v":31.165204399999997,"d":"31.1652"},{"v":0.0934956132,"d":"0.0935"}]
["SEINFRA","C2980",{"v":0.003,"d":"0.0030"},"TRANSPORTE DE TUBOS E CONEXÕES DE FoFo, AÇO OU CONCRETO","T",{"v":0.003,"d":"0.0030"},{"v":21.54396432,"d":"21.5440"},{"v":0.06463189296,"d":"0.0646"}]
["SEINFRA",{"$nulls":5},"Total:",0.1581]
["SEINFRA",{"$nulls":4},"Total Simples:",null,{"v":204.30361574616,"d":"204.30"}]
["SEINFRA",{"$nulls":4},"Encargos Sociais:",null,27.96]
["SEINFRA",{"$nulls":4},"Valor BDI:",null,{"v":0,"d":"0.00"}]
["SEINFRA",{"$nulls":4},"Valor Geral:",null,{"v":232.26031574616,"d":"232.26"}]
["SEINFRA","C3845 - FORNECIMENTO, MONTAGEM, INSPEÇÃO E ASSENTAMENTO DE TUBOS E CONEXÕES EM AÇO, J. SOLDADA D=4\", API 5 LX SOLDA, NORMA API 104 - M"]
["SEINFRA","EQUIPAMENTOS (CHORARIO)",null,null,"Unidade","Coeficiente","Preço","Total"]
["SEINFRA","I0737",{"v":0.33,"d":"0.3300"},"ESMERILHADEIRA INDUSTRIAL (CHP)","H",{"v":0.33,"d":"0.3300"},{"v":1.093928,"d":"1.0939"},{"v":0.36099624,"d":"0.3610"}]
["SEINFRA","I0749",{"v":0.6,"d":"0.6000"},"MÁQUINA DE SOLDA (CHP)","H",{"v":0.6,"d":"0.6000"},{"v":13.217253333333334,"d":"13.2173"},{"v":7.930352,"d":"7.9304"}]
["SEINFRA",{"$nulls":5},"Total:",8.2914]
["SEINFRA","MAO DE OBRA"]
["SEINFRA","I0037",{"v":1.39,"d":"1.3900"},"AJUDANTE","H",{"v":1.39,"d":"1.3900"},{"v":5.6,"d":"5.6000"},{"v":7.784,"d":"7.7840"}]
["SEINFRA","I2320",{"v":0.5,"d":"0.5000"},"ENCANADOR","H",{"v":0.5,"d":"0.5000"},{"v":7.2,"d":"7.2000"},{"v":3.6,"d":"3.6000"}]
["SEINFRA","I2325",{"v":0.33,"d":"0.3300"},"ESMERILHADOR","H",{"v":0.33,"d":"0.3300"},{"v":7.2,"d":"7.2000"},{"v":2.3760000000000003,"d":"2.3760"}]
["SEINFRA","I2424",{"v":0.57,"d":"0.5700"},"SOLDADOR RAIO X","H",{"v":0.57,"d":"0.5700"},{"v":10.4,"d":"10.4000"},{"v":5.927999999999999,"d":"5.9280"}]
["SEINFRA",{"$nulls":5},"Total:",{"v":19.688,"d":"19.6880"}]
["SEINFRA","MATERIAIS"]
["SEINFRA","I1061",0.3325,"ELETRODOS","KG",0.3325,{"v":16.5,"d":"16.5000"},{"v":5.48625,"d":"5.4863"}]
["SEINFRA","I2163",{"v":1.01,"d":"1.0100"},"TUBO AÇO GALVANIZADO DE 100MM (4')","M",{"v":1.01,"d":"1.0100"},{"v":77.4,"d":"77.4000"},{"v":78.174,"d":"78.1740"}]
["SEINFRA","I2302",{"v":0.373,"d":"0.3730"},"DISCO DE DESBASTE 1/4\" DE 7\"","UN",{"v":0.373,"d":"0.3730"},{"v":16.03,"d":"16.0300"},{"v":5.97919,"d":"5.9792"}]
["SEINFRA",{"$nulls":5},"Total:",89.6395]
["SEINFRA","SERVIÇOS"]
["SEINFRA","C0704",{"v":0.003,"d":"0.0030"},"CARGA E DESCARGA DE TUBOS E CONEXÕES EM AÇO","T",{"v":0.003,"d":"0.0030"},{"v":31.165204399999997,"d":"31.1652"},{"v":0.0934956132,"d":"0.0935"}]
["SEINFRA","C2980",{"v":0.003,"d":"0.0030"},"TRANSPORTE DE TUBOS E CONEXÕES DE FoFo, AÇO OU CONCRETO","T",{"v":0.003,"d":"0.0030"},{"v":21.54396432,"d":"21.5440"},{"v":0.06463189296,"d":"0.0646"}]
["SEINFRA",{"$nulls":5},"Total:",0.1581]
["SEINFRA",{"$nulls":4},"Total Simples:",null,{"v":117.77691574616,"d":"117.78"}]
["SEINFRA",{"$nulls":4},"Encargos Sociais:",null,27.95]
["SEINFRA",{"$nulls":4},"Valor BDI:",null,{"v":0,"d":"0.00"}]
["SEINFRA",{"$nulls":4},"Valor Geral:",null,{"v":145.73361574616,"d":"145.73"}]
["SEINFRA","C1700 - LUVA DUPLA PVC P/ESGOTO D=75mm (3\")-C/ANÉIS - UN"]
["SEINFRA","MAO DE OBRA",null,null,"Unidade","Coeficiente","Preço","Total"]
["SEINFRA","I0043",{"v":0.18,"d":"0.1800"},"AJUDANTE DE ENCANADOR","H",{"v":0.18,"d":"0.1800"},{"v":5.6,"d":"5.6000"},{"v":1.008,"d":"1.0080"}]
["SEINFRA","I2320",{"v":0.18,"d":"0.1800"},"ENCANADOR","H",{"v":0.18,"d":"0.1800"},{"v":7.2,"d":"7.2000"},{"v":1.296,"d":"1.2960"}]
["SEINFRA",{"$nulls":5},"Total:",{"v":2.304,"d":"2.3040"}]
["SEINFRA","MATERIAIS"]
["SEINFRA","I0077",{"v":2,"d":"2.0000"},"ANEL DE BORRACHA P/TUBO PVC 75MM (3'')","UN",{"v":2,"d":"2.0000"},{"v":1.09,"d":"1.0900"},{"v":2.18,"d":"2.1800"}]
["SEINFRA","I1351",{"v":0.03,"d":"0.0300"},"LUBRIFICANTE PARA TUBO DE PVC","KG",{"v":0.03,"d":"0.0300"},{"v":33,"d":"33.0000"},{"v":0.99,"d":"0.9900"}]
["SEINFRA","I1436",{"v":1,"d":"1.0000"},"LUVA DUPLA PVC ESGOTO 75MM","UN",{"v":1,"d":"1.0000"},{"v":6.97,"d":"6.9700"},{"v":6.97,"d":"6.9700"}]
["SEINFRA",{"$nulls":5},"Total:",{"v":10.14,"d":"10.1400"}]
["SEINFRA",{"$nulls":4},"Total Simples:",null,{"v":12.443999999999999,"d":"12.44"}]
["SEINFRA",{"$nulls":4},"Encargos Sociais:",null,2.68]
["SEINFRA",{"$nulls":4},"Valor BDI:",null,{"v":0,"d":"0.00"}]
["SEINFRA",{"$nulls":4},"Valor Geral:",null,{"v":15.1242,"d":"15.12"}]
["SEINFRA","C1701 - LUVA DUPLA PVC P/ESGOTO 100mm JUNTAS SOLDADAS - UN"]
["SEINFRA","MAO DE OBRA",null,null,"Unidade","Coeficiente","Preço","Total"]
["SEINFRA","I0043",{"v":0.23,"d":"0.2300"},"AJUDANTE DE ENCANADOR","H",{"v":0.23,"d":"0.2300"},{"v":5.6,"d":"5.6000"},{"v":1.288,"d":"1.2880"}]
["SEINFRA","I2320",{"v":0.23,"d":"0.2300"},"ENCANADOR","H",{"v":0.23,"d":"0.2300"},{"v":7.2,"d":"7.2000"},{"v":1.6560000000000001,"d":"1.6560"}]
["SEINFRA",{"$nulls":5},"Total:",{"v":2.944,"d":"2.9440"}]
["SEINFRA","MATERIAIS"]
["SEINFRA","I0026",{"v":0.05,"d":"0.0500"},"ADESIVO PARA TUBO DE PVC RIGIDO","KG",{"v":0.05,"d":"0.0500"},{"v":38.25,"d":"38.2500"},1.9125]
["SEINFRA","I1434",{"v":1,"d":"1.0000"},"LUVA DUPLA PVC ESGOTO 100MM","UN",{"v":1,"d":"1.0000"},{"v":8.6,"d":"8.6000"},{"v":8.6,"d":"8.6000"}]
["SEINFRA","I1888",{"v":0.08,"d":"0.0800"},"SOLUÇÃO LIMPADORA PARA PVC RIGIDO","L",{"v":0.08,"d":"0.0800"},{"v":27.3,"d":"27.3000"},{"v":2.184,"d":"2.1840"}]
["SEINFRA",{"$nulls":5},"Total:",12.6965]
["SEINFRA",{"$nulls":4},"Total Simples:",null,{"v":15.6405,"d":"15.64"}]
["SEINFRA",{"$nulls":4},"Encargos Sociais:",null,3.43]
["SEINFRA",{"$nulls":4},"Valor BDI:",null,{"v":0,"d":"0.00"}]
["SEINFRA",{"$nulls":4},"Valor Geral:",null,{"v":19.0653,"d":"19.07"}]
["SEINFRA","C1702 - LUVA DUPLA PVC P/ESGOTO 50mm JUNTAS SOLDADAS - UN"]
["SEINFRA","MAO DE OBRA",null,null,"Unidade","Coeficiente","Preço","Total"]
["SEINFRA","I0043",{"v":0.14,"d":"0.1400"},"AJUDANTE DE ENCANADOR","H",{"v":0.14,"d":"0.1400"},{"v":5.6,"d":"5.6000"},{"v":0.784,"d":"0.7840"}]
["SEINFRA","I2320",{"v":0.14,"d":"0.1400"},"ENCANADOR","H",{"v":0.14,"d":"0.1400"},{"v":7.2,"d":"7.2000"},{"v":1.008,"d":"1.0080"}]
["SEINFRA",{"$nulls":5},"Total:",{"v":1.792,"d":"1.7920"}]
["SEINFRA","MATERIAIS"]
["SEINFRA","I0026",{"v":0.015,"d":"0.0150"},"ADESIVO PARA TUBO DE PVC RIGIDO","KG",{"v":0.015,"d":"0.0150"},{"v":38.25,"d":"38.2500"},{"v":0.57375,"d":"0.5738"}]
["SEINFRA","I1435",{"v":1,"d":"1.0000"},"LUVA DUPLA PVC ESGOTO 50MM","UN",{"v":1,"d":"1.0000"},{"v":4,"d":"4.0000"},{"v":4,"d":"4.0000"}]
["SEINFRA","I1888",{"v":0.022,"d":"0.0220"},"SOLUÇÃO LIMPADORA PARA PVC RIGIDO","L",{"v":0.022,"d":"0.0220"},{"v":27.3,"d":"27.3000"},{"v":0.6005999999999999,"d":"0.6006"}]
["SEINFRA",{"$nulls":5},"Total:",5.1743]
["SEINFRA",{"$nulls":4},"Total Simples:",null,{"v":6.96635,"d":"6.97"}]
["SEINFRA",{"$nulls":4},"Encargos Sociais:",null,2.08]
["SEINFRA",{"$nulls":4},"Valor BDI:",null,{"v":0,"d":"0.00"}]
["SEINFRA",{"$nulls":4},"Valor Geral:",null,{"v":9.05095,"d":"9.05"}]
["SEINFRA","C1703 - LUVA DUPLA PVC P/ESGOTO 75mm JUNTAS SOLDADAS - UN"]
["SEINFRA","MAO DE OBRA",null,null,"Unidade","Coeficiente","Preço","Total"]
["SEINFRA","I0043",{"v":0.18,"d":"0.1800"},"AJUDANTE DE ENCANADOR","H",{"v":0.18,"d":"0.1800"},{"v":5.6,"d":"5.6000"},{"v":1.008,"d":"1.0080"}]
["SEINFRA","I2320",{"v":0.18,"d":"0.1800"},"ENCANADOR","H",{"v":0.18,"d":"0.1800"},{"v":7.2,"d":"7.2000"},{"v":1.296,"d":"1.2960"}]
["SEINFRA",{"$nulls":5},"Total:",{"v":2.304,"d":"2.3040"}]
["SEINFRA","MATERIAIS"]
["SEINFRA","I0026",{"v":0.034,"d":"0.0340"},"ADESIVO PARA TUBO DE PVC RIGIDO","KG",{"v":0.034,"d":"0.0340"},{"v":38.25,"d":"38.2500"},1.3005]
["SEINFRA","I1436",{"v":1,"d":"1.0000"},"LUVA DUPLA PVC ESGOTO 75MM","UN",{"v":1,"d":"1.0000"},{"v":6.97,"d":"6.9700"},{"v":6.97,"d":"6.9700"}]
["SEINFRA","I1888",{"v":0.052,"d":"0.0520"},"SOLUÇÃO LIMPADORA PARA PVC RIGIDO","L",{"v":0.052,"d":"0.0520"},{"v":27.3,"d":"27.3000"},1.4196]
["SEINFRA",{"$nulls":5},"Total:",9.6901]
["SEINFRA",{"$nulls":4},"Total Simples:",null,{"v":11.9941,"d":"11.99"}]
["SEINFRA",{"$nulls":4},"Encargos Sociais:",null,2.68]
["SEINFRA",{"$nulls":4},"Valor BDI:",null,{"v":0,"d":"0.00"}]
["SEINFRA",{"$nulls":4},"Valor Geral:",null,{"v":14.6743,"d":"14.67"}]
["SEINFRA","C1704 - LUVA AÇO GALV. D=100mm (4\") À 50mm (6\") - UN"]
["SEINFRA","MAO DE OBRA",null,null,"Unidade","Coeficiente","Preço","Total"]
["SEINFRA","I0043",{"v":0.5,"d":"0.5000"},"AJUDANTE DE ENCANADOR","H",{"v":0.5,"d":"0.5000"},{"v":5.6,"d":"5.6000"},{"v":2.8,"d":"2.8000"}]
["SEINFRA","I2320",{"v":0.5,"d":"0.5000"},"ENCANADOR","H",{"v":0.5,"d":"0.5000"},{"v":7.2,"d":"7.2000"},{"v":3.6,"d":"3.6000"}]
["SEINFRA",{"$nulls":5},"Total:",{"v":6.4,"d":"6.4000"}]
["SEINFRA","MATERIAIS"]
["SEINFRA","I1390",{"v":1,"d":"1.0000"},"LUVA AÇO GALVANIZADO DE 4''","UN",{"v":1,"d":"1.0000"},{"v":78.76,"d":"78.7600"},{"v":78.76,"d":"78.7600"}]
["SEINFRA",{"$nulls":5},"Total:",{"v":78.76,"d":"78.7600"}]
["SEINFRA",{"$nulls":4},"Total Simples:",null,85.16]
["SEINFRA",{"$nulls":4},"Encargos Sociais:",null,7.45]
["SEINFRA",{"$nulls":4},"Valor BDI:",null,{"v":0,"d":"0.00"}]
["SEINFRA",{"$nulls":4},"Valor Geral:",null,{"v":92.6051,"d":"92.61"}]
["SEINFRA","C1705 - LUVA AÇO GALV. D=15mm (1/2\")  À  25mm (1\") - UN"]
["SEINFRA","MAO DE OBRA",null,null,"Unidade","Coeficiente","Preço","Total"]
["SEINFRA","I0043",{"v":0.2,"d":"0.2000"},"AJUDANTE DE ENCANADOR","H",{"v":0.2,"d":"0.2000"},{"v":5.6,"d":"5.6000"},{"v":1.12,"d":"1.1200"}]
["SEINFRA","I2320",{"v":0.2,"d":"0.2000"},"ENCANADOR","H",{"v":0.2,"d":"0.2000"},{"v":7.2,"d":"7.2000"},{"v":1.4400000000000002,"d":"1.4400"}]
["SEINFRA",{"$nulls":5},"Total:",{"v":2.56,"d":"2.5600"}]
["SEINFRA","MATERIAIS"]
["SEINFRA","I1389",{"v":1,"d":"1.0000"},"LUVA AÇO GALVANIZADO DE 2''","UN",{"v":1,"d":"1.0000"},{"v":20,"d":"20.0000"},{"v":20,"d":"20.0000"}]
["SEINFRA",{"$nulls":5},"Total:",{"v":20,"d":"20.0000"}]
["SEINFRA",{"$nulls":4},"Total Simples:",null,22.56]
["SEINFRA",{"$nulls":4},"Encargos Sociais:",null,2.98]
["SEINFRA",{"$nulls":4},"Valor BDI:",null,{"v":0,"d":"0.00"}]
["SEINFRA",{"$nulls":4},"Valor Geral:",null,{"v":25.538,"d":"25.54"}]
["SEINFRA","C1706 - LUVA AÇO GALV. D=32mm (1 1/4\")  À  50mm (2\") - UN"]
["SEINFRA","MAO DE OBRA",null,null,"Unidade","Coeficiente","Preço","Total"]
["SEINFRA","I0043",{"v":0.35,"d":"0.3500"},"AJUDANTE DE ENCANADOR","H",{"v":0.35,"d":"0.3500"},{"v":5.6,"d":"5.6000"},{"v":1.96,"d":"1.9600"}]
["SEINFRA","I2320",{"v":0.35,"d":"0.3500"},"ENCANADOR","H",{"v":0.35,"d":"0.3500"},{"v":7.2,"d":"7.2000"},{"v":2.52,"d":"2.5200"}]
["SEINFRA",{"$nulls":5},"Total:",{"v":4.48,"d":"4.4800"}]
["SEINFRA","MATERIAIS"]
["SEINFRA","I1387",{"v":1,"d":"1.0000"},"LUVA AÇO GALVANIZADO DE 1 1/4''","UN",{"v":1,"d":"1.0000"},{"v":7,"d":"7.0000"},{"v":7,"d":"7.0000"}]
["SEINFRA",{"$nulls":5},"Total:",{"v":7,"d":"7.0000"}]
["SEINFRA",{"$nulls":4},"Total Simples:",null,11.48]
["SEINFRA",{"$nulls":4},"Encargos Sociais:",null,5.21]
["SEINFRA",{"$nulls":4},"Valor BDI:",null,{"v":0,"d":"0.00"}]
["SEINFRA",{"$nulls":4},"Valor Geral:",null,{"v":16.6916,"d":"16.69"}]
["SEINFRA","C1708 - LUVA P/ELETRODUTO PVC ROSC. D= 20mm (1/2\") - UN"]
["SEINFRA","MAO DE OBRA",null,null,"Unidade","Coeficiente","Preço","Total"]
["SEINFRA","I0042",{"v":0.02,"d":"0.0200"},"AJUDANTE DE ELETRICISTA","H",{"v":0.02,"d":"0.0200"},{"v":5.6,"d":"5.6000"},{"v":0.112,"d":"0.1120"}]
["SEINFRA","I2312",{"v":0.02,"d":"0.0200"},"ELETRICISTA","H",{"v":0.02,"d":"0.0200"},{"v":7.2,"d":"7.2000"},{"v":0.14400000000000002,"d":"0.1440"}]
["SEINFRA",{"$nulls":5},"Total:",{"v":0.256,"d":"0.2560"}]
["SEINFRA","MATERIAIS"]
["SEINFRA","I1407",{"v":1,"d":"1.0000"},"LUVA DE PVC RIGIDO PARA ELETRODUTO 1/2''","UN",{"v":1,"d":"1.0000"},{"v":0.7,"d":"0.7000"},{"v":0.7,"d":"0.7000"}]
["SEINFRA",{"$nulls":5},"Total:",{"v":0.7,"d":"0.7000"}]
["SEINFRA",{"$nulls":4},"Total Simples:",null,{"v":0.956,"d":"0.96"}]
["SEINFRA",{"$nulls":4},"Encargos Sociais:",null,0.29]
["SEINFRA",{"$nulls":4},"Valor BDI:",null,{"v":0,"d":"0.00"}]
["SEINFRA",{"$nulls":4},"Valor Geral:",null,{"v":1.2538,"d":"1.25"}]
["SEINFRA","C1707 - LUVA AÇO GALV. D=65mm (2 1/2\")  À  80mm (3\") - UN"]
["SEINFRA","MAO DE OBRA",null,null,"Unidade","Coeficiente","Preço","Total"]
["SEINFRA","I0043",{"v":0.4,"d":"0.4000"},"AJUDANTE DE ENCANADOR","H",{"v":0.4,"d":"0.4000"},{"v":5.6,"d":"5.6000"},{"v":2.24,"d":"2.2400"}]
["SEINFRA","I2320",{"v":0.4,"d":"0.4000"},"ENCANADOR","H",{"v":0.4,"d":"0.4000"},{"v":7.2,"d":"7.2000"},{"v":2.8800000000000003,"d":"2.8800"}]
["SEINFRA",{"$nulls":5},"Total:",{"v":5.12,"d":"5.1200"}]
["SEINFRA","MATERIAIS"]
["SEINFRA","I1388",{"v":1,"d":"1.0000"},"LUVA AÇO GALVANIZADO DE 2 1/2''","UN",{"v":1,"d":"1.0000"},{"v":25.07,"d":"25.0700"},{"v":25.07,"d":"25.0700"}]
["SEINFRA",{"$nulls":5},"Total:",{"v":25.07,"d":"25.0700"}]
["SEINFRA",{"$nulls":4},"Total Simples:",null,30.19]
["SEINFRA",{"$nulls":4},"Encargos Sociais:",null,5.96]
["SEINFRA",{"$nulls":4},"Valor BDI:",null,{"v":0,"d":"0.00"}]
["SEINFRA",{"$nulls":4},"Valor Geral:",null,{"v":36.1461,"d":"36.15"}]
["SEINFRA","C1709 - LUVA P/ELETRODUTO PVC ROSC. D= 25mm (3/4\") - UN"]
["SEINFRA","MAO DE OBRA",null,null,"Unidade","Coeficiente","Preço","Total"]
["SEINFRA","I0042",{"v":0.03,"d":"0.0300"},"AJUDANTE DE ELETRICISTA","H",{"v":0.03,"d":"0.0300"},{"v":5.6,"d":"5.6000"},{"v":0.16799999999999998,"d":"0.1680"}]
["SEINFRA","I2312",{"v":0.03,"d":"0.0300"},"ELETRICISTA","H",{"v":0.03,"d":"0.0300"},{"v":7.2,"d":"7.2000"},{"v":0.216,"d":"0.2160"}]
["SEINFRA",{"$nulls":5},"Total:",{"v":0.384,"d":"0.3840"}]
["SEINFRA","MATERIAIS"]
["SEINFRA","I1409",{"v":1,"d":"1.0000"},"LUVA DE PVC RIGIDO PARA ELETRODUTO 3/4''","UN",{"v":1,"d":"1.0000"},{"v":0.83,"d":"0.8300"},{"v":0.83,"d":"0.8300"}]
["SEINFRA",{"$nulls":5},"Total:",{"v":0.83,"d":"0.8300"}]
["SEINFRA",{"$nulls":4},"Total Simples:",null,{"v":1.214,"d":"1.21"}]
["SEINFRA",{"$nulls":4},"Encargos Sociais:",null,0.45]
["SEINFRA",{"$nulls":4},"Valor BDI:",null,{"v":0,"d":"0.00"}]
["SEINFRA",{"$nulls":4},"Valor Geral:",null,{"v":1.6607,"d":"1.66"}]
["SEINFRA","C1744 - LUVA REDUÇÃO PVC SOLDÁVEL MARROM D= 32X25mm (1\"X3/4\") - UN"]
["SEINFRA","MAO DE OBRA",null,null,"Unidade","Coeficiente","Preço","Total"]
["SEINFRA","I0043",{"v":0.09,"d":"0.0900"},"AJUDANTE DE ENCANADOR","H",{"v":0.09,"d":"0.0900"},{"v":5.6,"d":"5.6000"},{"v":0.504,"d":"0.5040"}]
["SEINFRA","I2320",{"v":0.09,"d":"0.0900"},"ENCANADOR","H",{"v":0.09,"d":"0.0900"},{"v":7.2,"d":"7.2000"},{"v":0.648,"d":"0.6480"}]
["SEINFRA",{"$nulls":5},"Total:",{"v":1.152,"d":"1.1520"}]
["SEINFRA","MATERIAIS"]
["SEINFRA","I0026",{"v":0.006,"d":"0.0060"},"ADESIVO PARA TUBO DE PVC RIGIDO","KG",{"v":0.006,"d":"0.0060"},{"v":38.25,"d":"38.2500"},0.2295]
["SEINFRA","I1426",{"v":1,"d":"1.0000"},"LUVA REDUÇÃO PVC SOLDAVEL DE 32X25MM","UN",{"v":1,"d":"1.0000"},{"v":2.2,"d":"2.2000"},{"v":2.2,"d":"2.2000"}]
["SEINFRA","I1888",0.0095,"SOLUÇÃO LIMPADORA PARA PVC RIGIDO","L",0.0095,{"v":27.3,"d":"27.3000"},{"v":0.25934999999999997,"d":"0.2594"}]
["SEINFRA",{"$nulls":5},"Total:",2.6888]
["SEINFRA",{"$nulls":4},"Total Simples:",null,{"v":3.84085,"d":"3.84"}]
["SEINFRA",{"$nulls":4},"Encargos Sociais:",null,1.34]
["SEINFRA",{"$nulls":4},"Valor BDI:",null,{"v":0,"d":"0.00"}]
["SEINFRA",{"$nulls":4},"Valor Geral:",null,{"v":5.18095,"d":"5.18"}]
["SEINFRA","C1743 - LUVA REDUÇÃO PVC SOLDÁVEL MARROM D= 25X20mm (3/4\"X1/2\") - UN"]
["SEINFRA","MAO DE OBRA",null,null,"Unidade","Coeficiente","Preço","Total"]
["SEINFRA","I0043",{"v":0.09,"d":"0.0900"},"AJUDANTE DE ENCANADOR","H",{"v":0.09,"d":"0.0900"},{"v":5.6,"d":"5.6000"},{"v":0.504,"d":"0.5040"}]
["SEINFRA","I2320",{"v":0.09,"d":"0.0900"},"ENCANADOR","H",{"v":0.09,"d":"0.0900"},{"v":7.2,"d":"7.2000"},{"v":0.648,"d":"0.6480"}]
["SEINFRA",{"$nulls":5},"Total:",{"v":1.152,"d":"1.1520"}]
["SEINFRA","MATERIAIS"]
["SEINFRA","I0026",{"v":0.004,"d":"0.0040"},"ADESIVO PARA TUBO DE PVC RIGIDO","KG",{"v":0.004,"d":"0.0040"},{"v":38.25,"d":"38.2500"},{"v":0.153,"d":"0.1530"}]
["SEINFRA","I1425",{"v":1,"d":"1.0000"},"LUVA REDUÇÃO PVC SOLDAVEL DE 25X20MM","UN",{"v":1,"d":"1.0000"},{"v":0.9,"d":"0.9000"},{"v":0.9,"d":"0.9000"}]
["SEINFRA","I1888",{"v":0.007,"d":"0.0070"},"SOLUÇÃO LIMPADORA PARA PVC RIGIDO","L",{"v":0.007,"d":"0.0070"},{"v":27.3,"d":"27.3000"},0.1911]
["SEINFRA",{"$nulls":5},"Total:",1.2441]
["SEINFRA",{"$nulls":4},"Total Simples:",null,{"v":2.3961,"d":"2.40"}]
["SEINFRA",{"$nulls":4},"Encargos Sociais:",null,1.34]
["SEINFRA",{"$nulls":4},"Valor BDI:",null,{"v":0,"d":"0.00"}]
["SEINFRA",{"$nulls":4},"Valor Geral:",null,{"v":3.7361999999999997,"d":"3.74"}]
["SEINFRA","C1746 - LUVA REDUÇÃO PVC SOLDÁVEL MARROM D=110X75mm (4\"X2 1/2\") - UN"]
["SEINFRA","MAO DE OBRA",null,null,"Unidade","Coeficiente","Preço","Total"]
["SEINFRA","I0043",{"v":0.23,"d":"0.2300"},"AJUDANTE DE ENCANADOR","H",{"v":0.23,"d":"0.2300"},{"v":5.6,"d":"5.6000"},{"v":1.288,"d":"1.2880"}]
["SEINFRA","I2320",{"v":0.23,"d":"0.2300"},"ENCANADOR","H",{"v":0.23,"d":"0.2300"},{"v":7.2,"d":"7.2000"},{"v":1.6560000000000001,"d":"1.6560"}]
["SEINFRA",{"$nulls":5},"Total:",{"v":2.944,"d":"2.9440"}]
["SEINFRA","MATERIAIS"]
["SEINFRA","I0026",{"v":0.047,"d":"0.0470"},"ADESIVO PARA TUBO DE PVC RIGIDO","KG",{"v":0.047,"d":"0.0470"},{"v":38.25,"d":"38.2500"},{"v":1.79775,"d":"1.7978"}]
["SEINFRA","I1423",{"v":1,"d":"1.0000"},"LUVA REDUÇÃO PVC SOLDAVEL DE 110X75MM","UN",{"v":1,"d":"1.0000"},{"v":38.5,"d":"38.5000"},{"v":38.5,"d":"38.5000"}]
["SEINFRA","I1888",{"v":0.072,"d":"0.0720"},"SOLUÇÃO LIMPADORA PARA PVC RIGIDO","L",{"v":0.072,"d":"0.0720"},{"v":27.3,"d":"27.3000"},{"v":1.9655999999999998,"d":"1.9656"}]
["SEINFRA","I0026",{"v":0.027,"d":"0.0270"},"ADESIVO PARA TUBO DE PVC RIGIDO","KG",{"v":0.027,"d":"0.0270"},{"v":38.25,"d":"38.2500"},{"v":1.03275,"d":"1.0328"}]
["SEINFRA",{"$nulls":5},"Total:",{"v":2.944,"d":"2.9440"}]
["SEINFRA","I1180",{"v":0.5,"d":"0.5000"},"FITA DE VEDAÇÃO","M",{"v":0.5,"d":"0.5000"},{"v":0.38,"d":"0.3800"},{"v":0.19,"d":"0.1900"}]
["SEINFRA",{"$nulls":5},"Total:",9.6774]
["SEINFRA",{"$nulls":4},"Encargos Sociais:",null,2.75]
["SEINFRA","C1732 - LUVA PVC SOLD. MARROM D= 50mm (1 1/2\") - UN"]
["SEINFRA","I2320",{"v":0.15,"d":"0.1500"},"ENCANADOR","H",{"v":0.15,"d":"0.1500"},{"v":7.2,"d":"7.2000"},{"v":1.08,"d":"1.0800"}]
["SEINFRA",{"$nulls":4},"Encargos Sociais:",null,3.43]
["SEINFRA","I1888",{"v":0.011,"d":"0.0110"},"SOLUÇÃO LIMPADORA PARA PVC RIGIDO","L",{"v":0.011,"d":"0.0110"},{"v":27.3,"d":"27.3000"},{"v":0.30029999999999996,"d":"0.3003"}]
["SEINFRA",{"$nulls":4},"Encargos Sociais:",null,4.02]
["SEINFRA",{"$nulls":4},"Valor Geral:",null,{"v":6.245125,"d":"6.25"}]
["SEINFRA",{"$nulls":5},"Total:",{"v":2.816,"d":"2.8160"}]
["SEINFRA",{"$nulls":4},"Total Simples:",null,{"v":24.0344,"d":"24.03"}]
["SEINFRA","C1717 - LUVA PVC BRANCO ROSC. D=1 1/2\"  (50mm) - UN"]
["SEINFRA","MAO DE OBRA",null,null,"Unidade","Coeficiente","Preço","Total"]
["SEINFRA",{"$nulls":4},"Valor Geral:",null,{"v":15.738,"d":"15.74"}]
["SEINFRA",{"$nulls":4},"Valor BDI:",null,{"v":0,"d":"0.00"}]
["SEINFRA","I0705",{"v":1,"d":"1.0000"},"CAMINHÃO COMERC. EQUIP. C/GUINDASTE (CHP)","H",{"v":1,"d":"1.0000"},{"v":99.00401466666666,"d":"99.0040"},{"v":99.00401466666666,"d":"99.0040"}]
["SEINFRA","MATERIAIS"]
["SEINFRA",{"$nulls":4},"Total Simples:",null,9.44]
["SEINFRA",{"$nulls":4},"Valor Geral:",null,{"v":49.0727,"d":"49.07"}]
["SEINFRA","I6829",{"v":1,"d":"1.0000"},"DISTRIBUIDOR INTERNO ÓPTICO PARA 24 FIBRAS","UN",{"v":1,"d":"1.0000"},{"v":1082.52,"d":"1,082.5200"},{"v":1082.52,"d":"1,082.5200"}]
["SEINFRA",{"$nulls":4},"Valor Geral:",null,{"v":2261.488,"d":"2,261.49"}]
["SEINFRA","I6826",{"v":1,"d":"1.0000"},"RACK FECHADO 44 U's, 670mm PROFUNDIDADE PADRÃO 19\"","UN",{"v":1,"d":"1.0000"},{"v":2285.63,"d":"2,285.6300"},{"v":2285.63,"d":"2,285.6300"}]
["SEINFRA",{"$nulls":5},"Total:",{"v":30.9,"d":"30.9000"}]
["SEINFRA","I2312",{"v":0.3,"d":"0.3000"},"ELETRICISTA","H",{"v":0.3,"d":"0.3000"},{"v":7.2,"d":"7.2000"},{"v":2.16,"d":"2.1600"}]
["SEINFRA","MATERIAIS"]
["SEINFRA","I6818",{"v":1.02,"d":"1.0200"},"CABO DE FIBRA ÓTICA, 03 PARES","M",{"v":1.02,"d":"1.0200"},{"v":4.81,"d":"4.8100"},4.9062]
["SEINFRA",{"$nulls":4},"Encargos Sociais:",null,0.02]
["SEINFRA","EQUIPAMENTOS (CHORARIO)",null,null,"Unidade","Coeficiente","Preço","Total"]
["SEINFRA",{"$nulls":4},"Valor BDI:",null,{"v":0,"d":"0.00"}]
["SEINFRA","I2543",{"v":100,"d":"100.0000"},"SERVENTE","H",{"v":100,"d":"100.0000"},{"v":4.88,"d":"4.8800"},{"v":488,"d":"488.0000"}]
["SEINFRA",{"$nulls":4},"Valor BDI:",null,{"v":0,"d":"0.00"}]
["SEINFRA",{"$nulls":4},"Valor Geral:",null,{"v":30.93675,"d":"30.94"}]
["SEINFRA","I2391",{"v":0.66,"d":"0.6600"},"PEDREIRO","H",{"v":0.66,"d":"0.6600"},{"v":7.2,"d":"7.2000"},{"v":4.752000000000001,"d":"4.7520"}]
["SEINFRA",{"$nulls":4},"Encargos Sociais:",null,1.34]
["SEINFRA",{"$nulls":4},"Total Simples:",null,{"v":11.942,"d":"11.94"}]
["SEINFRA",{"$nulls":5},"Total:",{"v":29.998,"d":"29.9980"}]
["SEINFRA","MATERIAIS"]
["SEINFRA","I1460",{"v":1,"d":"1.0000"},"LUVA SIMPLES PVC ESGOTO 75MM","UN",{"v":1,"d":"1.0000"},{"v":3,"d":"3.0000"},{"v":3,"d":"3.0000"}]
["SEINFRA",{"$nulls":4},"Valor BDI:",null,{"v":0,"d":"0.00"}]
["SEINFRA","MAO DE OBRA",null,null,"Unidade","Coeficiente","Preço","Total"]
["SEINFRA",{"$nulls":4},"Encargos Sociais:",null,{"v":0,"d":"0.00"}]
["SEINFRA",{"$nulls":4},"Valor Geral:",null,{"v":285,"d":"285.00"}]
["SEINFRA","MAO DE OBRA",null,null,"Unidade","Coeficiente","Preço","Total"]
["SEINFRA","I6811",{"v":1,"d":"1.0000"},"PORTA FRIGORIFICA TERMOISOLANTE DE ACIONAMENTO MANUAL C/AQUEC. DIM.:2100X1000X150MM - COLOCADA","UN",{"v":1,"d":"1.0000"},{"v":2449.5,"d":"2,449.5000"},{"v":2449.5,"d":"2,449.5000"}]
["SEINFRA",{"$nulls":4},"Valor Geral:",null,{"v":85.07169999999999,"d":"85.07"}]
["SEINFRA","C0279",{"v":3,"d":"3.0000"},"ASSENTAMENTO DE TUBOS E CONEXÕES EM PVC, J.SOLDADA DN 50mm","M",{"v":3,"d":"3.0000"},{"v":0.47112,"d":"0.4711"},{"v":1.41336,"d":"1.4134"}]
["SEINFRA",{"$nulls":4},"Total Simples:",null,4.16]
["SEINFRA","I6795",{"v":1,"d":"1.0000"},"POSTE CONCRETO ARMADO CIRCULAR - H=12M","UN",{"v":1,"d":"1.0000"},{"v":883.4,"d":"883.4000"},{"v":883.4,"d":"883.4000"}]
["SEINFRA","I0805",{"v":53,"d":"53.0000"},"CIMENTO PORTLAND","KG",{"v":53,"d":"53.0000"},{"v":0.5,"d":"0.5000"},{"v":26.5,"d":"26.5000"}]
["SEINFRA",{"$nulls":4},"Encargos Sociais:",null,237.78]
["SEINFRA","I1724",{"v":0.06,"d":"0.0600"},"PREGO","KG",{"v":0.06,"d":"0.0600"},{"v":9.4,"d":"9.4000"},{"v":0.564,"d":"0.5640"}]
["SEINFRA","I0102",{"v":0.05,"d":"0.0500"},"ARAME GALVANIZADO N.18 BWG","KG",{"v":0.05,"d":"0.0500"},{"v":17.84,"d":"17.8400"},{"v":0.892,"d":"0.8920"}]
["SEINFRA","I6784",{"v":1.01,"d":"1.0100"},"CALHA  DUPLA DE POLIESTIRENO EXPANDIDO PARA TUBO DE 2\"","M",{"v":1.01,"d":"1.0100"},{"v":7.32,"d":"7.3200"},7.3932]
["SEINFRA",{"$nulls":5},"Total:",{"v":53.5,"d":"53.5000"}]
["SEINFRA","MAO DE OBRA",null,null,"Unidade","Coeficiente","Preço","Total"]
["SEINFRA","I6777",{"v":1,"d":"1.0000"},"REDUÇÃO AÇO ASTM A-120 ROSCÁVEL DE (1\"x 1 1/2\")  À (1\"x 3/4\")","UN",{"v":1,"d":"1.0000"},{"v":19.23,"d":"19.2300"},{"v":19.23,"d":"19.2300"}]
["SEINFRA","C3703 - COTOVELO 90 AÇO ASTM A-120 ROSCÁVEL DE 40mm (1 1/2\") - UN"]
["SEINFRA","MATERIAIS"]
["SEINFRA",{"$nulls":5},"Total:",{"v":6.4,"d":"6.4000"}]
["SEINFRA",{"$nulls":4},"Valor BDI:",null,{"v":0,"d":"0.00"}]
["SEINFRA","I2543",{"v":4.508,"d":"4.5080"},"SERVENTE","H",{"v":4.508,"d":"4.5080"},{"v":4.88,"d":"4.8800"},{"v":21.99904,"d":"21.9990"}]
["SEINFRA",{"$nulls":4},"Valor BDI:",null,{"v":0,"d":"0.00"}]
["SEINFRA","MAO DE OBRA",null,null,"Unidade","Coeficiente","Preço","Total"]
["SEINFRA","C0949 - COTOVELO AÇO GALV. D=125mm (5\") - UN"]
["SEINFRA","I2391",{"v":1.5,"d":"1.5000"},"PEDREIRO","H",{"v":1.5,"d":"1.5000"},{"v":7.2,"d":"7.2000"},{"v":10.8,"d":"10.8000"}]
["SEINFRA","I1088",{"v":35,"d":"35.0000"},"ELETROTECNICO MONTADOR","H",{"v":35,"d":"35.0000"},{"v":7.2,"d":"7.2000"},{"v":252,"d":"252.0000"}]
["SEINFRA",{"$nulls":5},"Total:",{"v":70468.92,"d":"70,468.9200"}]
["SEINFRA","C3666 - GRUPO GERADOR 291/360 KVA, COM QUADRO AUTOMÁTICO - UN"]
["SEINFRA","MATERIAIS"]
["SEINFRA",{"$nulls":4},"Valor BDI:",null,{"v":0,"d":"0.00"}]
["SEINFRA","I2320",{"v":0.7,"d":"0.7000"},"ENCANADOR","H",{"v":0.7,"d":"0.7000"},{"v":7.2,"d":"7.2000"},{"v":5.04,"d":"5.0400"}]
["SEINFRA",{"$nulls":4},"Valor BDI:",null,{"v":0,"d":"0.00"}]
["SEINFRA","MATERIAIS"]
["SEINFRA","I0163",{"v":11.445,"d":"11.4450"},"AÇO CA-50","KG",{"v":11.445,"d":"11.4450"},{"v":3.96,"d":"3.9600"},45.3222]
["SEINFRA","I0521",{"v":0.3,"d":"0.3000"},"CHAPA AÇO INOX, ESCOVADO CHAPA 20","M2",{"v":0.3,"d":"0.3000"},{"v":312.16,"d":"312.1600"},{"v":93.648,"d":"93.6480"}]
["SEINFRA",{"$nulls":4},"Encargos Sociais:",null,2.23]
["SEINFRA","C3654 - ADAPTADOR PVC P/ REGISTRO 32mm (1\") - UN"]
["SEINFRA",{"$nulls":5},"Total:",{"v":3.584,"d":"3.5840"}]
["SEINFRA","MATERIAIS"]
["SEINFRA","I2320",{"v":0.15,"d":"0.1500"},"ENCANADOR","H",{"v":0.15,"d":"0.1500"},{"v":7.2,"d":"7.2000"},{"v":1.08,"d":"1.0800"}]
["SEINFRA",{"$nulls":4},"Encargos Sociais:",null,5.51]
["SEINFRA",{"$nulls":4},"Valor Geral:",null,{"v":148.20316,"d":"148.20"}]
["SEINFRA","MAO DE OBRA"]
["SEINFRA","I2320",{"v":1.11,"d":"1.1100"},"ENCANADOR","H",{"v":1.11,"d":"1.1100"},{"v":7.2,"d":"7.2000"},{"v":7.992000000000001,"d":"7.9920"}]
["SEINFRA","I6754",{"v":1.01,"d":"1.0100"},"TUBO AÇO ASTM A-120 PRETO C/ ROSCA DE 32mm(1 1/4\")","M",{"v":1.01,"d":"1.0100"},{"v":28.73,"d":"28.7300"},29.0173]
["SEINFRA",{"$nulls":4},"Valor Geral:",null,{"v":52.2994,"d":"52.30"}]
["SEINFRA","C0960 - COTOVELO REDUÇÃO AÇO GALV. D= 20X15mm (3/4X1/2'')  A  25X20mm (1\"x3/4\") - UN"]
["SEINFRA","I0041",{"v":0.5,"d":"0.5000"},"AJUDANTE DE CARPINTEIRO","H",{"v":0.5,"d":"0.5000"},{"v":5.6,"d":"5.6000"},{"v":2.8,"d":"2.8000"}]
["SEINFRA",{"$nulls":4},"Encargos Sociais:",null,7.44]
["SEINFRA","I2320",{"v":0.61,"d":"0.6100"},"ENCANADOR","H",{"v":0.61,"d":"0.6100"},{"v":7.2,"d":"7.2000"},{"v":4.3919999999999995,"d":"4.3920"}]
["SEINFRA",{"$nulls":5},"Total:",{"v":15.872,"d":"15.8720"}]
["SEINFRA",{"$nulls":4},"Valor Geral:",null,{"v":54.0378,"d":"54.04"}]
["SEINFRA","MAO DE OBRA",null,null,"Unidade","Coeficiente","Preço","Total"]
["SEINFRA",{"$nulls":4},"Valor Geral:",null,{"v":269.262,"d":"269.26"}]
["SEINFRA","I2391",{"v":0.15,"d":"0.1500"},"PEDREIRO","H",{"v":0.15,"d":"0.1500"},{"v":7.2,"d":"7.2000"},{"v":1.08,"d":"1.0800"}]
["SEINFRA",{"$nulls":5},"Total:",24.0008]
["SEINFRA",{"$nulls":5},"Total:",{"v":738.725,"d":"738.7250"}]
["SEINFRA",{"$nulls":4},"Valor Geral:",null,{"v":23.2671,"d":"23.27"}]
["SEINFRA",{"$nulls":5},"Total:",{"v":6.144,"d":"6.1440"}]
["SEINFRA",{"$nulls":5},"Total:",4.2571]
["SEINFRA",{"$nulls":4},"Valor BDI:",null,{"v":0,"d":"0.00"}]
["SEINFRA","I2043",{"v":3,"d":"3.0000"},"TELHA CERÂMICA , TIPO CANAL C/ ESBARRO\"TIMON\"","UN",{"v":3,"d":"3.0000"},{"v":1.62,"d":"1.6200"},{"v":4.86,"d":"4.8600"}]
["SEINFRA",{"$nulls":5},"Total:",36.6966]
["SEINFRA","C0985 - CUBA DE INOX PARA BANCADA,COMPLETA - UN"]
["SEINFRA",{"$nulls":5},"Total:",{"v":7.68,"d":"7.6800"}]
["SEINFRA","I0910",{"v":1,"d":"1.0000"},"CRUZETA PVC SOLD. MARROM DIAM. 50MM (1 1/2'')","UN",{"v":1,"d":"1.0000"},{"v":15.35,"d":"15.3500"},{"v":15.35,"d":"15.3500"}]
["SEINFRA",{"$nulls":4},"Encargos Sociais:",null,5.96]
["SEINFRA","C0995 - CUMEEIRA NORMAL DE FIBROCIMENTO P/TELHA CANALETE 49 - M"]
["SEINFRA","I2070",{"v":0.1,"d":"0.1000"},"TELHADISTA","H",{"v":0.1,"d":"0.1000"},{"v":7.2,"d":"7.2000"},{"v":0.7200000000000001,"d":"0.7200"}]
["SEINFRA","MATERIAIS"]
["SEINFRA",{"$nulls":4},"Encargos Sociais:",null,7.14]
["SEINFRA",{"$nulls":5},"Total:",{"v":118,"d":"118.0000"}]
["SEINFRA",{"$nulls":4},"Valor Geral:",null,{"v":122.7519,"d":"122.75"}]
["SEINFRA","I1180",{"v":0.94,"d":"0.9400"},"FITA DE VEDAÇÃO","M",{"v":0.94,"d":"0.9400"},{"v":0.38,"d":"0.3800"},{"v":0.35719999999999996,"d":"0.3572"}]
["SEINFRA",{"$nulls":5},"Total:",{"v":174.88,"d":"174.8800"}]
["SEINFRA","I0280",{"v":0.55,"d":"0.5500"},"BRITA","M3",{"v":0.55,"d":"0.5500"},{"v":56,"d":"56.0000"},{"v":30.800000000000004,"d":"30.8000"}]
["SEINFRA","I0799",{"v":10,"d":"10.0000"},"CIMENTO BRANCO","KG",{"v":10,"d":"10.0000"},{"v":2.81,"d":"2.8100"},{"v":28.1,"d":"28.1000"}]
["SEINFRA","I1879",{"v":8.6,"d":"8.6000"},"SOLDADOR","H",{"v":8.6,"d":"8.6000"},{"v":7.2,"d":"7.2000"},{"v":61.919999999999995,"d":"61.9200"}]
["SEINFRA",{"$nulls":5},"Total:",{"v":147.578,"d":"147.5780"}]
["SEINFRA",{"$nulls":4},"Valor Geral:",null,{"v":102.149,"d":"102.15"}]
["SEINFRA","MAO DE OBRA",null,null,"Unidade","Coeficiente","Preço","Total"]
["SEINFRA","C0057",{"v":5.35,"d":"5.3500"},"ALVENARIA DE PEDRA ARGAMASSADA (TRAÇO 1:4) C/AGREGADOS PRODUZIDOS (S/TRANSP)","M3",{"v":5.35,"d":"5.3500"},{"v":163.46435522830998,"d":"163.4644"},{"v":874.5343004714583,"d":"874.5343"}]
["SEINFRA",{"$nulls":4},"Valor BDI:",null,{"v":0,"d":"0.00"}]
["SEINFRA","C3351",{"v":9,"d":"9.0000"},"ESCORAMENTO P/ OBRAS D'ARTES CORRENTES","M3",{"v":9,"d":"9.0000"},{"v":36.592,"d":"36.5920"},{"v":329.328,"d":"329.3280"}]
["SEINFRA",{"$nulls":4},"Valor Geral:",null,{"v":83.3354,"d":"83.34"}]
["SEINFRA","C3623 - DUTOS FLEXÍVEIS EM PEAD (POLIETILENO DE ALTA DENSIDADE) - D=5\", INCLUSIVE CONEXÕES - M"]
["SEINFRA",{"$nulls":5},"Total:",{"v":10.769,"d":"10.7690"}]
["SEINFRA",{"$nulls":4},"Encargos Sociais:",null,{"v":1703.92,"d":"1,703.92"}]
["SEINFRA",{"$nulls":4},"Total Simples:",null,{"v":2050.585447583101,"d":"2,050.59"}]
["SEINFRA",{"$nulls":5},"Total:",{"v":3103.2619,"d":"3,103.2619"}]
["SEINFRA",{"$nulls":5},"Total:",7.2354]
["SEINFRA","I0805",{"v":2.64,"d":"2.6400"},"CIMENTO PORTLAND","KG",{"v":2.64,"d":"2.6400"},{"v":0.5,"d":"0.5000"},{"v":1.32,"d":"1.3200"}]
["SEINFRA",{"$nulls":4},"Valor BDI:",null,{"v":0,"d":"0.00"}]
["SEINFRA",{"$nulls":4},"Valor BDI:",null,{"v":0,"d":"0.00"}]
["SEINFRA","C0057",{"v":8.32,"d":"8.3200"},"ALVENARIA DE PEDRA ARGAMASSADA (TRAÇO 1:4) C/AGREGADOS PRODUZIDOS (S/TRANSP)","M3",{"v":8.32,"d":"8.3200"},{"v":163.46435522830998,"d":"163.4644"},{"v":1360.0234354995391,"d":"1,360.0234"}]
["SEINFRA",{"$nulls":5},"Total:",{"v":6.4,"d":"6.4000"}]
["SEINFRA",{"$nulls":5},"Total:",65.9568]
["SEINFRA","MAO DE OBRA",null,null,"Unidade","Coeficiente","Preço","Total"]
["SEINFRA","C1256",{"v":0.05,"d":"0.0500"},"ESCAVAÇÃO MANUAL CAMPO ABERTO EM TERRA ATÉ 2M","M3",{"v":0.05,"d":"0.0500"},14.2984,{"v":0.7149200000000001,"d":"0.7149"}]
["SEINFRA",{"$nulls":4},"Valor BDI:",null,{"v":0,"d":"0.00"}]
["SEINFRA",{"$nulls":4},"Valor BDI:",null,{"v":0,"d":"0.00"}]
["SEINFRA",{"$nulls":4},"Valor Geral:",null,{"v":4945.658488343035,"d":"4,945.66"}]
["SEINFRA",{"$nulls":4},"Valor BDI:",null,{"v":0,"d":"0.00"}]
["SEINFRA",{"$nulls":4},"Valor Geral:",null,{"v":60.7882,"d":"60.79"}]
["SEINFRA",{"$nulls":5},"Total:",{"v":67.47,"d":"67.4700"}]
["SEINFRA",{"$nulls":4},"Valor Geral:",null,{"v":780.856486784576,"d":"780.86"}]
["SEINFRA","MATERIAIS",null,null,"Unidade","Coeficiente","Preço","Total"]
["SEINFRA",{"$nulls":5},"Total:",{"v":821,"d":"821.0000"}]
["SEINFRA","C2784",{"v":0.12,"d":"0.1200"},"ESCAVAÇÃO MANUAL SOLO DE 1A.CAT. PROF. ATÉ 1.50m","M3",{"v":0.12,"d":"0.1200"},{"v":12.932,"d":"12.9320"},{"v":1.5518399999999999,"d":"1.5518"}]
["SEINFRA",{"$nulls":5},"Total:",0.3777]
["SEINFRA",{"$nulls":4},"Valor Geral:",null,{"v":40.465091083333334,"d":"40.47"}]
["SEINFRA","C3635 - GALERIA EM PVC HELICOIDAL TIPO RIB LOC D=0,90m - M"]
["SEINFRA","EQUIPAMENTOS (CHORARIO)",null,null,"Unidade","Coeficiente","Preço","Total"]
["SEINFRA","I2391",{"v":0.25,"d":"0.2500"},"PEDREIRO","H",{"v":0.25,"d":"0.2500"},{"v":7.2,"d":"7.2000"},{"v":1.8,"d":"1.8000"}]
["SEINFRA","MATERIAIS"]
["SEINFRA",{"$nulls":4},"Valor BDI:",null,{"v":0,"d":"0.00"}]
["SEINFRA",{"$nulls":5},"Total:",{"v":34.98,"d":"34.9800"}]
["SEINFRA","I0441",{"v":1.72,"d":"1.7200"},"CAL HIDRATADA","KG",{"v":1.72,"d":"1.7200"},{"v":0.74,"d":"0.7400"},1.2728]
["SEINFRA","MATERIAIS"]
["SEINFRA","I0209",{"v":1,"d":"1.0000"},"BATENTE DE PEROBA (MADEIRA DE 1A QUALIDADE) PARA PORTA 1FL.","UN",{"v":1,"d":"1.0000"},{"v":98.05,"d":"98.0500"},{"v":98.05,"d":"98.0500"}]
["SEINFRA"]
["SEINFRA","I1031",{"v":6,"d":"6.0000"},"DOBRADIÇA DE FERRO PARA PORTA INTERNA","UN",{"v":6,"d":"6.0000"},{"v":5.9,"d":"5.9000"},{"v":35.4,"d":"35.4000"}]
["SEINFRA"]
["SEINFRA","I0109",0.0106,"AREIA MEDIA","M3",0.0106,{"v":46,"d":"46.0000"},0.4876]
["SEINFRA","I1155",{"v":1,"d":"1.0000"},"FECHADURA COMPLETA PARA PORTA INTERNA","UN",{"v":1,"d":"1.0000"},{"v":46,"d":"46.0000"},{"v":46,"d":"46.0000"}]
["SEINFRA","I1709",{"v":2,"d":"2.0000"},"PORTA LISA DE CEDRO 0.90X2.10M","UN",{"v":2,"d":"2.0000"},{"v":177,"d":"177.0000"},{"v":354,"d":"354.0000"}]
["SEINFRA","I0441",{"v":1.72,"d":"1.7200"},"CAL HIDRATADA","KG",{"v":1.72,"d":"1.7200"},{"v":0.74,"d":"0.7400"},1.2728]
["SEINFRA"]
["SEINFRA",{"$nulls":5},"Total:",625.9704]
["SEINFRA","I0041",{"v":3.75,"d":"3.7500"},"AJUDANTE DE CARPINTEIRO","H",{"v":3.75,"d":"3.7500"},{"v":5.6,"d":"5.6000"},{"v":21,"d":"21.0000"}]
["SEINFRA",{"$nulls":4},"Total Simples:",null,{"v":436.7924,"d":"436.79"}]
["SEINFRA","C1972 - PORTA DE VIDRO TEMPERADO 1 FOLHA (0.90X2.10)m  E=10mm - CJ"]
["SEINFRA","C1970 - PORTA DE FERRO EM CHAPA - M2"]
["SEINFRA","C1967 - PORTA DE ALUMÍNIO ANODIZADO COMPACTA - M2"]
["SEINFRA",{"$nulls":5},"Total:",{"v":12.568,"d":"12.5680"}]
["SEINFRA","I0498",{"v":3.75,"d":"3.7500"},"CARPINTEIRO","H",{"v":3.75,"d":"3.7500"},{"v":7.2,"d":"7.2000"},{"v":27,"d":"27.0000"}]
["SEINFRA",{"$nulls":4},"Valor Geral:",null,{"v":1811.5975,"d":"1,811.60"}]
["SEINFRA","I0498",{"v":0.9,"d":"0.9000"},"CARPINTEIRO","H",{"v":0.9,"d":"0.9000"},{"v":7.2,"d":"7.2000"},{"v":6.48,"d":"6.4800"}]
["SEINFRA","I1696",{"v":1,"d":"1.0000"},"PORTA COMPLETA BLINDOR/CHUMBO ( 1,20 X 2,10 )m","UN",{"v":1,"d":"1.0000"},{"v":2746.8,"d":"2,746.8000"},{"v":2746.8,"d":"2,746.8000"}]
["SEINFRA","I1896",{"v":3.9,"d":"3.9000"},"SUPORTE DE CANTO (1302)","UN",{"v":3.9,"d":"3.9000"},{"v":18.53,"d":"18.5300"},{"v":72.267,"d":"72.2670"}]
["SEINFRA","I1525",{"v":2.6,"d":"2.6000"},"MOLA HIDRAULICA P/PORTA DE VIDRO (1012)","UN",{"v":2.6,"d":"2.6000"},{"v":564.8,"d":"564.8000"},{"v":1468.48,"d":"1,468.4800"}]
["SEINFRA",{"$nulls":4},"Valor Geral:",null,{"v":5923.08691,"d":"5,923.09"}]
["SEINFRA",{"$nulls":4},"Valor Geral:",null,{"v":4194.1649099999995,"d":"4,194.16"}]
["SEINFRA","I1105",{"v":1,"d":"1.0000"},"ESPELHO 4''X2'' OU 3\"X3\"","UN",{"v":1,"d":"1.0000"},{"v":2.1,"d":"2.1000"},{"v":2.1,"d":"2.1000"}]
["SEINFRA","I0805",{"v":3,"d":"3.0000"},"CIMENTO PORTLAND","KG",{"v":3,"d":"3.0000"},{"v":0.5,"d":"0.5000"},{"v":1.5,"d":"1.5000"}]
["SEINFRA",{"$nulls":4},"Valor Geral:",null,{"v":132.0083,"d":"132.01"}]
["SEINFRA","I0042",{"v":0.3,"d":"0.3000"},"AJUDANTE DE ELETRICISTA","H",{"v":0.3,"d":"0.3000"},{"v":5.6,"d":"5.6000"},{"v":1.68,"d":"1.6800"}]
["SEINFRA","MATERIAIS"]
["SEINFRA","I0046",{"v":0.5,"d":"0.5000"},"AJUDANTE DE SERRALHEIRO","H",{"v":0.5,"d":"0.5000"},{"v":5.6,"d":"5.6000"},{"v":2.8,"d":"2.8000"}]
["SEINFRA","I0419",{"v":1,"d":"1.0000"},"CAIXA ESTAMPADA 3\"X3\", 4''X2'', 4\"X4\" - CHAPA 18","UN",{"v":1,"d":"1.0000"},{"v":1.06,"d":"1.0600"},{"v":1.06,"d":"1.0600"}]
["SEINFRA",{"$nulls":4},"Total Simples:",null,{"v":48.3908,"d":"48.39"}]
["SEINFRA",{"$nulls":4},"Valor Geral:",null,{"v":42.1966,"d":"42.20"}]
["SEINFRA","MAO DE OBRA",null,null,"Unidade","Coeficiente","Preço","Total"]
["SEINFRA",{"$nulls":5},"Total:",1.9772]
["SEINFRA","EQUIPAMENTOS (CHORARIO)",null,null,"Unidade","Coeficiente","Preço","Total"]
["SEINFRA","MAO DE OBRA",null,null,"Unidade","Coeficiente","Preço","Total"]
["SEINFRA","I2391",{"v":1.5,"d":"1.5000"},"PEDREIRO","H",{"v":1.5,"d":"1.5000"},{"v":7.2,"d":"7.2000"},{"v":10.8,"d":"10.8000"}]
["SEINFRA",{"$nulls":4},"Valor BDI:",null,{"v":0,"d":"0.00"}]
["SEINFRA","I0733",{"v":0.2,"d":"0.2000"},"DESEMPENADEIRA ELÉTRICA (CHP)","H",{"v":0.2,"d":"0.2000"},{"v":1.609891111111111,"d":"1.6099"},{"v":0.3219782222222222,"d":"0.3220"}]
["SEINFRA","I0109",0.0016,"AREIA MEDIA","M3",0.0016,{"v":46,"d":"46.0000"},0.0736]
["SEINFRA"]
["SEINFRA","MATERIAIS"]
["SEINFRA",{"$nulls":4},"Total Simples:",null,{"v":16.3892,"d":"16.39"}]
["SEINFRA","I2395",{"v":0.5,"d":"0.5000"},"PINTOR","H",{"v":0.5,"d":"0.5000"},{"v":7.2,"d":"7.2000"},{"v":3.6,"d":"3.6000"}]
["SEINFRA","I0121",{"v":1.5,"d":"1.5000"},"ARMADOR/FERREIRO","H",{"v":1.5,"d":"1.5000"},{"v":7.2,"d":"7.2000"},{"v":10.8,"d":"10.8000"}]
["SEINFRA","I2391",{"v":0.6,"d":"0.6000"},"PEDREIRO","H",{"v":0.6,"d":"0.6000"},{"v":7.2,"d":"7.2000"},{"v":4.32,"d":"4.3200"}]
["SEINFRA","I1863",{"v":2,"d":"2.0000"},"SIFÃO CROMADO 2\"","UN",{"v":2,"d":"2.0000"},{"v":93.7,"d":"93.7000"},{"v":187.4,"d":"187.4000"}]
["SEINFRA","I0121",{"v":1.5,"d":"1.5000"},"ARMADOR/FERREIRO","H",{"v":1.5,"d":"1.5000"},{"v":7.2,"d":"7.2000"},{"v":10.8,"d":"10.8000"}]
["SEINFRA",{"$nulls":5},"Total:",{"v":24.32,"d":"24.3200"}]
["SEINFRA",{"$nulls":5},"Total:",{"v":2.416,"d":"2.4160"}]
["SEINFRA","I2091",{"v":0.28,"d":"0.2800"},"TINTA BETUMINOSA","L",{"v":0.28,"d":"0.2800"},{"v":10.03,"d":"10.0300"},{"v":2.8084000000000002,"d":"2.8084"}]
["SEINFRA","I1530",{"v":16,"d":"16.0000"},"MONTADOR","H",{"v":16,"d":"16.0000"},{"v":7.2,"d":"7.2000"},{"v":115.2,"d":"115.2000"}]
["SEINFRA","I2543",{"v":128,"d":"128.0000"},"SERVENTE","H",{"v":128,"d":"128.0000"},{"v":4.88,"d":"4.8800"},{"v":624.64,"d":"624.6400"}]
["SEINFRA","MATERIAIS"]
["SEINFRA",{"$nulls":5},"Total:",262.6982]
["SEINFRA","I0805",{"v":320,"d":"320.0000"},"CIMENTO PORTLAND","KG",{"v":320,"d":"320.0000"},{"v":0.5,"d":"0.5000"},{"v":160,"d":"160.0000"}]
["SEINFRA",{"$nulls":5},"Total:",260.0594]
["SEINFRA",{"$nulls":4},"Valor Geral:",null,246.84]
["SEINFRA","C3566 - MUTIRÃO MISTO - CURVA P/ELETRODUTO PVC ROSC. D=25mm (3/4\") - UN"]
["SEINFRA",{"$nulls":4},"Valor BDI:",null,{"v":0,"d":"0.00"}]
["SEINFRA",{"$nulls":5},"Total:",9.8723]
["SEINFRA","I1605",{"v":0.836,"d":"0.8360"},"PEDRISCO","M3",{"v":0.836,"d":"0.8360"},{"v":63.2,"d":"63.2000"},52.8352]
["SEINFRA",{"$nulls":4},"Valor Geral:",null,{"v":5.154825,"d":"5.15"}]
["SEINFRA","I0042",{"v":0.2,"d":"0.2000"},"AJUDANTE DE ELETRICISTA","H",{"v":0.2,"d":"0.2000"},{"v":5.6,"d":"5.6000"},{"v":1.12,"d":"1.1200"}]
["SEINFRA",{"$nulls":4},"Total Simples:",null,12.55]
["SEINFRA","I2320",{"v":0.18,"d":"0.1800"},"ENCANADOR","H",{"v":0.18,"d":"0.1800"},{"v":7.2,"d":"7.2000"},{"v":1.296,"d":"1.2960"}]
["SEINFRA",{"$nulls":4},"Total Simples:",null,{"v":3.462625,"d":"3.46"}]
["SEINFRA",{"$nulls":4},"Valor BDI:",null,{"v":0,"d":"0.00"}]
["SEINFRA","I2353",{"v":0.35,"d":"0.3500"},"HIDRACOR","KG",{"v":0.35,"d":"0.3500"},{"v":3.73,"d":"3.7300"},{"v":1.3054999999999999,"d":"1.3055"}]
["SEINFRA","I2391",{"v":2,"d":"2.0000"},"PEDREIRO","H",{"v":2,"d":"2.0000"},{"v":7.2,"d":"7.2000"},{"v":14.4,"d":"14.4000"}]
["SEINFRA","I2391",{"v":1.5,"d":"1.5000"},"PEDREIRO","H",{"v":1.5,"d":"1.5000"},{"v":7.2,"d":"7.2000"},{"v":10.8,"d":"10.8000"}]
["SEINFRA","SERVIÇOS"]
["SEINFRA",{"$nulls":4},"Encargos Sociais:",null,22.74]
["SEINFRA",{"$nulls":4},"Total Simples:",null,{"v":399.0388872,"d":"399.04"}]
["SEINFRA","I0498",{"v":1,"d":"1.0000"},"CARPINTEIRO","H",{"v":1,"d":"1.0000"},{"v":7.2,"d":"7.2000"},{"v":7.2,"d":"7.2000"}]
["SEINFRA","C0820 - COLUNAS P/PÉ DIREITO DE 6m  VÃO DE 40m - M2"]
["SEINFRA","I6109",{"v":5.1,"d":"5.1000"},"FORRAMENTO LISO 10 X 3 CM MADEIRA MISTA (PADRÃO MUTIRÃO)","M",{"v":5.1,"d":"5.1000"},{"v":10.54,"d":"10.5400"},{"v":53.754,"d":"53.7540"}]
["SEINFRA","I1919",{"v":6,"d":"6.0000"},"TACO PARA FIXAÇÃO DE BATENTE/RODAPÉ","UN",{"v":6,"d":"6.0000"},{"v":0.65,"d":"0.6500"},{"v":3.9,"d":"3.9000"}]
["SEINFRA","I6109",{"v":4.9,"d":"4.9000"},"FORRAMENTO LISO 10 X 3 CM MADEIRA MISTA (PADRÃO MUTIRÃO)","M",{"v":4.9,"d":"4.9000"},{"v":10.54,"d":"10.5400"},{"v":51.646,"d":"51.6460"}]
["SEINFRA","I6108",{"v":3.65,"d":"3.6500"},"BATEDOR DE MADEIRA MISTA 2 X 2 CM (PADRÃO MUTIRÃO)","M",{"v":3.65,"d":"3.6500"},{"v":1.65,"d":"1.6500"},6.0225]
["SEINFRA",{"$nulls":4},"Total Simples:",null,{"v":5.2222,"d":"5.22"}]
["SEINFRA",{"$nulls":5},"Total:",222.1414]
["SEINFRA","I1919",{"v":6,"d":"6.0000"},"TACO PARA FIXAÇÃO DE BATENTE/RODAPÉ","UN",{"v":6,"d":"6.0000"},{"v":0.65,"d":"0.6500"},{"v":3.9,"d":"3.9000"}]
["SEINFRA","I2391",{"v":6,"d":"6.0000"},"PEDREIRO","H",{"v":6,"d":"6.0000"},{"v":7.2,"d":"7.2000"},{"v":43.2,"d":"43.2000"}]
["SEINFRA",{"$nulls":4},"Valor Geral:",null,{"v":251.56459999999998,"d":"251.56"}]
["SEINFRA","MATERIAIS"]
["SEINFRA",{"$nulls":4},"Encargos Sociais:",null,43.13]
["SEINFRA","I0114",{"v":1500,"d":"1,500.0000"},"ARGAMASSA DE ALTA RESIST.INICIAL/FINAL P/GRAUT","KG",{"v":1500,"d":"1,500.0000"},{"v":2.76,"d":"2.7600"},{"v":4140,"d":"4,140.0000"}]
["SEINFRA",{"$nulls":5},"Total:",{"v":13.536,"d":"13.5360"}]
["SEINFRA",{"$nulls":4},"Encargos Sociais:",null,125.75]
["SEINFRA","C1402",{"v":18.64,"d":"18.6400"},"FORMA PLANA CHAPA COMPENSADA RESINADA, ESP.= 10mm P/GALERIA  E BUEIROS CAPEADOS","M2",{"v":18.64,"d":"18.6400"},27.0525,504.2586]
["SEINFRA","SERVIÇOS",null,null,"Unidade","Coeficiente","Preço","Total"]
["SEINFRA","C0216",{"v":99.298,"d":"99.2980"},"ARMADURA CA-50A MÉDIA D= 6,3 A 10,0mm","KG",{"v":99.298,"d":"99.2980"},5.7774,{"v":573.6842652,"d":"573.6843"}]
["SEINFRA","C0218",{"v":1.144,"d":"1.1440"},"ARMADURA CA-60 MÉDIA D= 6,4 A 9,5mm","KG",{"v":1.144,"d":"1.1440"},5.9844,{"v":6.846153599999999,"d":"6.8462"}]
["SEINFRA","MAO DE OBRA",null,null,"Unidade","Coeficiente","Preço","Total"]
["SEINFRA","C0885 - CORPO DE BUEIRO DUPLO CAPEADO   (3.00 X 3.00m) - M"]
["SEINFRA","C0891 - CORPO DE BUEIRO SIMPLES CAPEADO (2.00 X 1.00m) - M"]
["SEINFRA","I2320",{"v":2.75,"d":"2.7500"},"ENCANADOR","H",{"v":2.75,"d":"2.7500"},{"v":7.2,"d":"7.2000"},{"v":19.8,"d":"19.8000"}]
["SEINFRA","I2483",{"v":4,"d":"4.0000"},"PARAFUSO DE FIXAÇÃO 8MM","UN",{"v":4,"d":"4.0000"},{"v":0.55,"d":"0.5500"},{"v":2.2,"d":"2.2000"}]
["SEINFRA","MAO DE OBRA",null,null,"Unidade","Coeficiente","Preço","Total"]
["SEINFRA","C1402",{"v":9.62,"d":"9.6200"},"FORMA PLANA CHAPA COMPENSADA RESINADA, ESP.= 10mm P/GALERIA  E BUEIROS CAPEADOS","M2",{"v":9.62,"d":"9.6200"},27.0525,{"v":260.24505,"d":"260.2451"}]
["SEINFRA","C0057",{"v":3.16,"d":"3.1600"},"ALVENARIA DE PEDRA ARGAMASSADA (TRAÇO 1:4) C/AGREGADOS PRODUZIDOS (S/TRANSP)","M3",{"v":3.16,"d":"3.1600"},{"v":163.46435522830998,"d":"163.4644"},{"v":516.5473625214596,"d":"516.5474"}]
["SEINFRA",{"$nulls":4},"Valor Geral:",null,{"v":88.412124,"d":"88.41"}]
["SEINFRA","C0057",{"v":4.92,"d":"4.9200"},"ALVENARIA DE PEDRA ARGAMASSADA (TRAÇO 1:4) C/AGREGADOS PRODUZIDOS (S/TRANSP)","M3",{"v":4.92,"d":"4.9200"},{"v":163.46435522830998,"d":"163.4644"},{"v":804.2446277232851,"d":"804.2446"}]
["SEINFRA"]
["SEINFRA",{"$nulls":5},"Total:",11.4716]
["SEINFRA",{"$nulls":4},"Encargos Sociais:",null,2.51]
["SEINFRA",{"$nulls":4},"Valor Geral:",null,{"v":55.6551,"d":"55.66"}]
["SEINFRA","I0043",{"v":0.5,"d":"0.5000"},"AJUDANTE DE ENCANADOR","H",{"v":0.5,"d":"0.5000"},{"v":5.6,"d":"5.6000"},{"v":2.8,"d":"2.8000"}]
["SEINFRA",{"$nulls":4},"Valor Geral:",null,{"v":29.8179,"d":"29.82"}]
["SEINFRA","MATERIAIS"]
["SEINFRA",{"$nulls":4},"Total Simples:",null,23.73]
["SEINFRA","I1695",{"v":4,"d":"4.0000"},"PORCA SEXTAVADA 5/16'","UN",{"v":4,"d":"4.0000"},{"v":0.24,"d":"0.2400"},{"v":0.96,"d":"0.9600"}]
["SEINFRA","I2173",{"v":10.5,"d":"10.5000"},"TUBO AÇO GALVANIZADO DE 80MM (3')","M",{"v":10.5,"d":"10.5000"},{"v":47.86,"d":"47.8600"},{"v":502.53,"d":"502.5300"}]
["SEINFRA","I2312",{"v":0.37,"d":"0.3700"},"ELETRICISTA","H",{"v":0.37,"d":"0.3700"},{"v":7.2,"d":"7.2000"},{"v":2.664,"d":"2.6640"}]
["SEINFRA","I1888",0.0075,"SOLUÇÃO LIMPADORA PARA PVC RIGIDO","L",0.0075,{"v":27.3,"d":"27.3000"},{"v":0.20475,"d":"0.2048"}]
["SEINFRA","I2312",{"v":0.7,"d":"0.7000"},"ELETRICISTA","H",{"v":0.7,"d":"0.7000"},{"v":7.2,"d":"7.2000"},{"v":5.04,"d":"5.0400"}]
["SEINFRA","C3351",{"v":3,"d":"3.0000"},"ESCORAMENTO P/ OBRAS D'ARTES CORRENTES","M3",{"v":3,"d":"3.0000"},{"v":36.592,"d":"36.5920"},{"v":109.776,"d":"109.7760"}]
["SEINFRA",{"$nulls":4},"Total Simples:",null,{"v":1449.8945141216866,"d":"1,449.89"}]
["SEINFRA",{"$nulls":5},"Total:",{"v":12.8,"d":"12.8000"}]
["SEINFRA","I0042",{"v":0.5,"d":"0.5000"},"AJUDANTE DE ELETRICISTA","H",{"v":0.5,"d":"0.5000"},{"v":5.6,"d":"5.6000"},{"v":2.8,"d":"2.8000"}]
["SEINFRA","C0057",{"v":6.04,"d":"6.0400"},"ALVENARIA DE PEDRA ARGAMASSADA (TRAÇO 1:4) C/AGREGADOS PRODUZIDOS (S/TRANSP)","M3",{"v":6.04,"d":"6.0400"},{"v":163.46435522830998,"d":"163.4644"},{"v":987.3247055789923,"d":"987.3247"}]
["SEINFRA","SERVIÇOS",null,null,"Unidade","Coeficiente","Preço","Total"]
["SEINFRA","C0877 - CORPO DE BUEIRO DUPLO CAPEADO   (2.00 X 2.00m) - M"]
["SEINFRA","C0057",{"v":5.74,"d":"5.7400"},"ALVENARIA DE PEDRA ARGAMASSADA (TRAÇO 1:4) C/AGREGADOS PRODUZIDOS (S/TRANSP)","M3",{"v":5.74,"d":"5.7400"},{"v":163.46435522830998,"d":"163.4644"},{"v":938.2853990104993,"d":"938.2854"}]
["SEINFRA","MAO DE OBRA",null,null,"Unidade","Coeficiente","Preço","Total"]
["SEINFRA","I6177",{"v":1,"d":"1.0000"},"GRAMPO DE SUSTENTAÇÃO DLP","UN",{"v":1,"d":"1.0000"},{"v":2.75,"d":"2.7500"},{"v":2.75,"d":"2.7500"}]
["SEINFRA","I0037",{"v":1,"d":"1.0000"},"AJUDANTE","H",{"v":1,"d":"1.0000"},{"v":5.6,"d":"5.6000"},{"v":5.6,"d":"5.6000"}]
["SEINFRA","I1691",{"v":0.04,"d":"0.0400"},"PONTALETE / BARROTE DE 3\"x3\"","M",{"v":0.04,"d":"0.0400"},{"v":14.79,"d":"14.7900"},0.5916]
["SEINFRA","I2407",{"v":0.008,"d":"0.0080"},"PRANCHA EM MADEIRA DE LEI","M3",{"v":0.008,"d":"0.0080"},{"v":1894.73,"d":"1,894.7300"},{"v":15.15784,"d":"15.1578"}]
["SEINFRA",{"$nulls":4},"Valor BDI:",null,{"v":0,"d":"0.00"}]
["SEINFRA",{"$nulls":4},"Valor BDI:",null,{"v":0,"d":"0.00"}]
["SEINFRA","MAO DE OBRA",null,null,"Unidade","Coeficiente","Preço","Total"]
["SEINFRA",{"$nulls":4},"Encargos Sociais:",null,{"v":0,"d":"0.00"}]
["SEINFRA","I2543",{"v":5,"d":"5.0000"},"SERVENTE","H",{"v":5,"d":"5.0000"},{"v":4.88,"d":"4.8800"},{"v":24.4,"d":"24.4000"}]
["SEINFRA","I1798",{"v":1,"d":"1.0000"},"REGISTRO DE GAVETA BRUTO 20MM (3/4')","UN",{"v":1,"d":"1.0000"},{"v":23.17,"d":"23.1700"},{"v":23.17,"d":"23.1700"}]
["SEINFRA","I2503",{"v":1,"d":"1.0000"},"TORNEIRA DE METAL BRANCO 3/4\", CANO LONGO (PADRÃO POPULAR)","UN",{"v":1,"d":"1.0000"},{"v":35,"d":"35.0000"},{"v":35,"d":"35.0000"}]
["SEINFRA",{"$nulls":4},"Total Simples:",null,{"v":47.60960773333333,"d":"47.61"}]
["SEINFRA",{"$nulls":5},"Total:",30.8069]
["SEINFRA",{"$nulls":5},"Total:",6.9547]
["SEINFRA",{"$nulls":4},"Valor BDI:",null,{"v":0,"d":"0.00"}]
["SEINFRA","I0037",{"v":0.45,"d":"0.4500"},"AJUDANTE","H",{"v":0.45,"d":"0.4500"},{"v":5.6,"d":"5.6000"},{"v":2.52,"d":"2.5200"}]
["SEINFRA","I0824",{"v":4.9,"d":"4.9000"},"COMPONENTES ESTRUTURAIS DE ACO","KG",{"v":4.9,"d":"4.9000"},{"v":4.6,"d":"4.6000"},{"v":22.540000000000003,"d":"22.5400"}]
["SEINFRA","I2391",{"v":0.2,"d":"0.2000"},"PEDREIRO","H",{"v":0.2,"d":"0.2000"},{"v":7.2,"d":"7.2000"},{"v":1.4400000000000002,"d":"1.4400"}]
["SEINFRA",{"$nulls":5},"Total:",{"v":28.9,"d":"28.9000"}]
["SEINFRA","I0771",{"v":32,"d":"32.0000"},"TALHA MANUAL (CHP)","H",{"v":32,"d":"32.0000"},{"v":0.170568,"d":"0.1706"},{"v":5.458176,"d":"5.4582"}]
["SEINFRA","MAO DE OBRA"]
["SEINFRA",{"$nulls":4},"Valor Geral:",null,{"v":80.5714,"d":"80.57"}]
["SEINFRA","MATERIAIS"]
["SEINFRA","I1952",{"v":0.6,"d":"0.6000"},"TE AÇO GALVANIZADO DE 3/4'","UN",{"v":0.6,"d":"0.6000"},{"v":5.93,"d":"5.9300"},{"v":3.558,"d":"3.5580"}]
["SEINFRA","I0498",{"v":2.5,"d":"2.5000"},"CARPINTEIRO","H",{"v":2.5,"d":"2.5000"},{"v":7.2,"d":"7.2000"},{"v":18,"d":"18.0000"}]
["SEINFRA","MAO DE OBRA"]
["SEINFRA","I2543",{"v":4,"d":"4.0000"},"SERVENTE","H",{"v":4,"d":"4.0000"},{"v":4.88,"d":"4.8800"},{"v":19.52,"d":"19.5200"}]
["SEINFRA",{"$nulls":4},"Encargos Sociais:",null,56.21]
["SEINFRA",{"$nulls":4},"Valor BDI:",null,{"v":0,"d":"0.00"}]
["SEINFRA","C0784 - CHAVE SECCIONADORA ACIONAMENTO POR ALAVANCA.TRIPOLAR 100A - UN"]
["SEINFRA",{"$nulls":5},"Total:",{"v":253.1,"d":"253.1000"}]
["SEINFRA","MATERIAIS"]
["SEINFRA",{"$nulls":5},"Total:",{"v":300.2,"d":"300.2000"}]
["SEINFRA","SERVIÇOS",null,null,"Unidade","Coeficiente","Preço","Total"]
["SEINFRA",{"$nulls":4},"Valor BDI:",null,{"v":0,"d":"0.00"}]
["SEINFRA",{"$nulls":5},"Total:",{"v":1.8,"d":"1.8000"}]
["SEINFRA","MAO DE OBRA"]
["SEINFRA","I1530",{"v":1,"d":"1.0000"},"MONTADOR","H",{"v":1,"d":"1.0000"},{"v":7.2,"d":"7.2000"},{"v":7.2,"d":"7.2000"}]
["SEINFRA",{"$nulls":4},"Total Simples:",null,{"v":118.7085,"d":"118.71"}]
["SEINFRA",{"$nulls":4},"Valor Geral:",null,{"v":7.4600800000000005,"d":"7.46"}]
["SEINFRA","MAO DE OBRA",null,null,"Unidade","Coeficiente","Preço","Total"]
["SEINFRA","I0498",{"v":0.7,"d":"0.7000"},"CARPINTEIRO","H",{"v":0.7,"d":"0.7000"},{"v":7.2,"d":"7.2000"},{"v":5.04,"d":"5.0400"}]
["SEINFRA","EMPREITADA",null,null,"Unidade","Coeficiente","Preço","Total"]
["SEINFRA",{"$nulls":4},"Total Simples:",null,{"v":72.1932,"d":"72.19"}]
["SEINFRA",{"$nulls":5},"Total:",2.5816]
["SEINFRA",{"$nulls":4},"Valor Geral:",null,{"v":9.588848002666666,"d":"9.59"}]
["SEINFRA","C0712 - CARGA, DESCARGA E TRANSP. DE TUBOS E CONEXÕES EM MBV DN 200mm ATÉ 15km - M"]
["SEINFRA","MAO DE OBRA"]
["SEINFRA","C0705 - CARGA E DESCARGA DE TUBOS E CONEXÕES EM FoFo - T"]
["SEINFRA",{"$nulls":4},"Valor BDI:",null,{"v":0,"d":"0.00"}]
["SEINFRA",{"$nulls":4},"Total Simples:",null,{"v":2.553238523697479,"d":"2.55"}]
["SEINFRA","MAO DE OBRA"]
["SEINFRA",{"$nulls":4},"Valor BDI:",null,{"v":0,"d":"0.00"}]
["SEINFRA","I2543",{"v":1.2,"d":"1.2000"},"SERVENTE","H",{"v":1.2,"d":"1.2000"},{"v":4.88,"d":"4.8800"},{"v":5.856,"d":"5.8560"}]
["SEINFRA",{"$nulls":4},"Total Simples:",null,{"v":123.4754355712768,"d":"123.48"}]
["SEINFRA","I2543",{"v":2,"d":"2.0000"},"SERVENTE","H",{"v":2,"d":"2.0000"},{"v":4.88,"d":"4.8800"},{"v":9.76,"d":"9.7600"}]
["SEINFRA",{"$nulls":4},"Encargos Sociais:",null,8.36]
["SEINFRA",{"$nulls":5},"Total:",{"v":0.039,"d":"0.0390"}]
["SEINFRA",{"$nulls":4},"Valor BDI:",null,{"v":0,"d":"0.00"}]
["SEINFRA","C0724 - CARGA, TRANSPORTE E DESCARGA DE TUBOS E PEÇAS EM PVC DN 400mm ATÉ 15km - M"]
["SEINFRA","I0163",{"v":14.5,"d":"14.5000"},"AÇO CA-50","KG",{"v":14.5,"d":"14.5000"},{"v":3.96,"d":"3.9600"},{"v":57.42,"d":"57.4200"}]
["SEINFRA",{"$nulls":4},"Valor Geral:",null,{"v":25.8403,"d":"25.84"}]
["SEINFRA",{"$nulls":4},"Total Simples:",null,{"v":6.3314,"d":"6.33"}]
["SEINFRA","MAO DE OBRA",null,null,"Unidade","Coeficiente","Preço","Total"]
["SEINFRA","MATERIAIS"]
["SEINFRA",{"$nulls":4},"Total Simples:",null,{"v":26.127,"d":"26.13"}]
["SEINFRA","C0697 - CAP PVC SOLD. MARROM D= 85mm (3\") - UN"]
["SEINFRA","I2320",{"v":0.07,"d":"0.0700"},"ENCANADOR","H",{"v":0.07,"d":"0.0700"},{"v":7.2,"d":"7.2000"},{"v":0.504,"d":"0.5040"}]
["SEINFRA",{"$nulls":4},"Valor Geral:",null,{"v":7.075475,"d":"7.08"}]
["SEINFRA",{"$nulls":4},"Total Simples:",null,{"v":1.585275,"d":"1.59"}]
["SEINFRA",{"$nulls":4},"Valor Geral:",null,{"v":27.9709,"d":"27.97"}]
["SEINFRA",{"$nulls":5},"Total:",{"v":12.8,"d":"12.8000"}]
["SEINFRA","MATERIAIS"]
["SEINFRA","I0805",{"v":24.3,"d":"24.3000"},"CIMENTO PORTLAND","KG",{"v":24.3,"d":"24.3000"},{"v":0.5,"d":"0.5000"},{"v":12.15,"d":"12.1500"}]
["SEINFRA",{"$nulls":4},"Encargos Sociais:",null,1.04]
["SEINFRA","C0676 - CAP (TAMPÃO) OU PLUG (BUJÃO) PVC P/ESGOTO  D=75mm - SOLD. - UN"]
["SEINFRA","I2070",{"v":0.3,"d":"0.3000"},"TELHADISTA","H",{"v":0.3,"d":"0.3000"},{"v":7.2,"d":"7.2000"},{"v":2.16,"d":"2.1600"}]
["SEINFRA",{"$nulls":4},"Total Simples:",null,{"v":38.080000000000005,"d":"38.08"}]
["SEINFRA","I2312",{"v":0.17,"d":"0.1700"},"ELETRICISTA","H",{"v":0.17,"d":"0.1700"},{"v":7.2,"d":"7.2000"},{"v":1.2240000000000002,"d":"1.2240"}]
["SEINFRA",{"$nulls":4},"Total Simples:",null,{"v":2421.714958477908,"d":"2,421.71"}]
["SEINFRA",{"$nulls":4},"Valor BDI:",null,{"v":0,"d":"0.00"}]
["SEINFRA",{"$nulls":4},"Valor Geral:",null,{"v":45.4822,"d":"45.48"}]
["SEINFRA","I0043",{"v":1.3,"d":"1.3000"},"AJUDANTE DE ENCANADOR","H",{"v":1.3,"d":"1.3000"},{"v":5.6,"d":"5.6000"},{"v":7.28,"d":"7.2800"}]
["SEINFRA","C2920",{"v":0.5,"d":"0.5000"},"REATERRO C/COMPACTAÇÃO MECÂNICA, E CONTROLE, MATERIAL DA VALA","M3",{"v":0.5,"d":"0.5000"},{"v":9.29732914501634,"d":"9.2973"},{"v":4.64866457250817,"d":"4.6487"}]
["SEINFRA",{"$nulls":4},"Encargos Sociais:",null,192.06]
["SEINFRA","C0645 - CAIXA INSPEÇÃO EM ANÉIS D=600mm, P/REDE CONDOMÍNIO (0.50<h<0.80)m - UN"]
["SEINFRA","C0838",0.1847,"CONCRETO P/VIBR., FCK 10 MPa COM AGREGADO ADQUIRIDO","M3",0.1847,{"v":261.2937232048,"d":"261.2937"},{"v":48.26095067592656,"d":"48.2610"}]
["SEINFRA",{"$nulls":5},"Total:",486.0755]
["SEINFRA","C0840",0.0343,"CONCRETO P/VIBR., FCK 15 MPa COM AGREGADO ADQUIRIDO","M3",0.0343,{"v":279.7987232048,"d":"279.7987"},{"v":9.59709620592464,"d":"9.5971"}]
["SEINFRA",{"$nulls":4},"Valor BDI:",null,{"v":0,"d":"0.00"}]
["SEINFRA","I1916",{"v":0.03,"d":"0.0300"},"TABUA DE 1\" DE 3A. - L = 30cm","M",{"v":0.03,"d":"0.0300"},{"v":6.18,"d":"6.1800"},{"v":0.18539999999999998,"d":"0.1854"}]
["SEINFRA",{"$nulls":5},"Total:",{"v":30.224,"d":"30.2240"}]
["SEINFRA","C2123",{"v":4.8,"d":"4.8000"},"REBOCO C/ARGAMASSA DE CAL HIDRATADA E AREIA PENEIRADA TRAÇO 1:3  ESP=5 mm P/PAREDE","M2",{"v":4.8,"d":"4.8000"},7.9554,{"v":38.185919999999996,"d":"38.1859"}]
["SEINFRA","I0040",{"v":0.225,"d":"0.2250"},"AJUDANTE DE ARMADOR/FERREIRO","H",{"v":0.225,"d":"0.2250"},{"v":5.6,"d":"5.6000"},{"v":1.26,"d":"1.2600"}]
["SEINFRA","MATERIAIS"]
["SEINFRA","I0041",{"v":1.96,"d":"1.9600"},"AJUDANTE DE CARPINTEIRO","H",{"v":1.96,"d":"1.9600"},{"v":5.6,"d":"5.6000"},{"v":10.975999999999999,"d":"10.9760"}]
["SEINFRA",{"$nulls":5},"Total:",{"v":60.704,"d":"60.7040"}]
["SEINFRA","I0498",{"v":1.185,"d":"1.1850"},"CARPINTEIRO","H",{"v":1.185,"d":"1.1850"},{"v":7.2,"d":"7.2000"},{"v":8.532,"d":"8.5320"}]
["SEINFRA",{"$nulls":5},"Total:",{"v":7.41,"d":"7.4100"}]
["SEINFRA","SERVIÇOS",null,null,"Unidade","Coeficiente","Preço","Total"]
["SEINFRA","MATERIAIS"]
["SEINFRA","C0611 - CAIXA DE INSPEÇÃO EM ALVENARIA P/LIGAÇÃO CONDOMINIAL, DI= (40X40)cm - UN"]
["SEINFRA","I0280",{"v":0.067,"d":"0.0670"},"BRITA","M3",{"v":0.067,"d":"0.0670"},{"v":56,"d":"56.0000"},{"v":3.7520000000000002,"d":"3.7520"}]
["SEINFRA","I0280",{"v":0.878,"d":"0.8780"},"BRITA","M3",{"v":0.878,"d":"0.8780"},{"v":56,"d":"56.0000"},{"v":49.168,"d":"49.1680"}]
["SEINFRA",{"$nulls":4},"Encargos Sociais:",null,18.85]
["SEINFRA",{"$nulls":4},"Total Simples:",null,{"v":375.37433896918947,"d":"375.37"}]
["SEINFRA",{"$nulls":4},"Valor BDI:",null,{"v":0,"d":"0.00"}]
["SEINFRA","I0121",{"v":0.413,"d":"0.4130"},"ARMADOR/FERREIRO","H",{"v":0.413,"d":"0.4130"},{"v":7.2,"d":"7.2000"},2.9736]
["SEINFRA","MATERIAIS"]
["SEINFRA","C0605 - CAIXA DE INSPEÇÃO EM ALVENARIA - 1/2 TIJOLO COMUM - M2"]
["SEINFRA","I2543",{"v":4.02,"d":"4.0200"},"SERVENTE","H",{"v":4.02,"d":"4.0200"},{"v":4.88,"d":"4.8800"},19.6176]
["SEINFRA",{"$nulls":5},"Total:",57.2055]
["SEINFRA","I0040",{"v":0.225,"d":"0.2250"},"AJUDANTE DE ARMADOR/FERREIRO","H",{"v":0.225,"d":"0.2250"},{"v":5.6,"d":"5.6000"},{"v":1.26,"d":"1.2600"}]
["SEINFRA","I1916",{"v":0.059,"d":"0.0590"},"TABUA DE 1\" DE 3A. - L = 30cm","M",{"v":0.059,"d":"0.0590"},{"v":6.18,"d":"6.1800"},{"v":0.36462,"d":"0.3646"}]
["SEINFRA","I0042",{"v":0.25,"d":"0.2500"},"AJUDANTE DE ELETRICISTA","H",{"v":0.25,"d":"0.2500"},{"v":5.6,"d":"5.6000"},{"v":1.4,"d":"1.4000"}]
["SEINFRA",{"$nulls":4},"Encargos Sociais:",null,3.72]
["SEINFRA","I2312",{"v":0.25,"d":"0.2500"},"ELETRICISTA","H",{"v":0.25,"d":"0.2500"},{"v":7.2,"d":"7.2000"},{"v":1.8,"d":"1.8000"}]
["SEINFRA",{"$nulls":4},"Valor BDI:",null,{"v":0,"d":"0.00"}]
["SEINFRA",{"$nulls":4},"Encargos Sociais:",null,2.38]
["SEINFRA",{"$nulls":5},"Total:",{"v":11.776,"d":"11.7760"}]
["SEINFRA","I0373",{"v":1.02,"d":"1.0200"},"CABO EM PVC 1000V 35MM2","M",{"v":1.02,"d":"1.0200"},{"v":16.17,"d":"16.1700"},16.4934]
["SEINFRA",{"$nulls":5},"Total:",{"v":1.664,"d":"1.6640"}]
["SEINFRA",{"$nulls":4},"Valor Geral:",null,{"v":40.636900000000004,"d":"40.64"}]
["SEINFRA","I0384",{"v":1.02,"d":"1.0200"},"CABO TELEFONICO CCI-4","M",{"v":1.02,"d":"1.0200"},{"v":0.95,"d":"0.9500"},{"v":0.969,"d":"0.9690"}]
["SEINFRA","C0561 - CABO TELEFÔNICO CCE - 3 - M"]
["SEINFRA",{"$nulls":5},"Total:",{"v":1.887,"d":"1.8870"}]
["SEINFRA","I0394",{"v":1.02,"d":"1.0200"},"CABO TELEFONICO CTP-APL 100","M",{"v":1.02,"d":"1.0200"},25.8908,{"v":26.408616000000002,"d":"26.4086"}]
["SEINFRA",{"$nulls":4},"Total Simples:",null,{"v":29.608616,"d":"29.61"}]
["SEINFRA","MAO DE OBRA",null,null,"Unidade","Coeficiente","Preço","Total"]
["SEINFRA","MAO DE OBRA",null,null,"Unidade","Coeficiente","Preço","Total"]
["SEINFRA",{"$nulls":4},"Total Simples:",null,{"v":22.416800000000002,"d":"22.42"}]
["SEINFRA",{"$nulls":5},"Total:",{"v":2.16,"d":"2.1600"}]
["SEINFRA","I2299",{"v":0.02,"d":"0.0200"},"DESENHISTA","H",{"v":0.02,"d":"0.0200"},{"v":11.2,"d":"11.2000"},{"v":0.224,"d":"0.2240"}]
["SEINFRA","I0760",0.0003,"PLOTTER (CHP)","H",0.0003,4.8166,{"v":1.44498E-3,"d":"0.0014"}]
["SEINFRA","EQUIPAMENTOS (CHORARIO)",null,null,"Unidade","Coeficiente","Preço","Total"]
["SEINFRA","MATERIAIS",null,null,"Unidade","Coeficiente","Preço","Total"]
["SEINFRA","MATERIAIS"]
["SEINFRA",{"$nulls":4},"Total Simples:",null,{"v":186.971603392288,"d":"186.97"}]
["SEINFRA",{"$nulls":4},"Valor BDI:",null,{"v":0,"d":"0.00"}]
["SEINFRA","I0441",{"v":26.91,"d":"26.9100"},"CAL HIDRATADA","KG",{"v":26.91,"d":"26.9100"},{"v":0.74,"d":"0.7400"},19.9134]
["SEINFRA",{"$nulls":4},"Total Simples:",null,{"v":19.521,"d":"19.52"}]
["SEINFRA","MAO DE OBRA",null,null,"Unidade","Coeficiente","Preço","Total"]
["SEINFRA",{"$nulls":5},"Total:",{"v":6.2,"d":"6.2000"}]
["SEINFRA","I0043",{"v":0.1,"d":"0.1000"},"AJUDANTE DE ENCANADOR","H",{"v":0.1,"d":"0.1000"},{"v":5.6,"d":"5.6000"},{"v":0.56,"d":"0.5600"}]
["SEINFRA",{"$nulls":4},"Total Simples:",null,2.96]
["SEINFRA","I0043",{"v":0.19,"d":"0.1900"},"AJUDANTE DE ENCANADOR","H",{"v":0.19,"d":"0.1900"},{"v":5.6,"d":"5.6000"},{"v":1.064,"d":"1.0640"}]
["SEINFRA","I1180",{"v":2.13,"d":"2.1300"},"FITA DE VEDAÇÃO","M",{"v":2.13,"d":"2.1300"},{"v":0.38,"d":"0.3800"},0.8094]
["SEINFRA","I0043",{"v":0.19,"d":"0.1900"},"AJUDANTE DE ENCANADOR","H",{"v":0.19,"d":"0.1900"},{"v":5.6,"d":"5.6000"},{"v":1.064,"d":"1.0640"}]
["SEINFRA",{"$nulls":5},"Total:",{"v":151.98,"d":"151.9800"}]
["SEINFRA","I0042",{"v":0.31,"d":"0.3100"},"AJUDANTE DE ELETRICISTA","H",{"v":0.31,"d":"0.3100"},{"v":5.6,"d":"5.6000"},{"v":1.736,"d":"1.7360"}]
["SEINFRA","I0358",{"v":1.02,"d":"1.0200"},"CABO ISOLADO PVC 750V 6MM2","M",{"v":1.02,"d":"1.0200"},{"v":2.52,"d":"2.5200"},{"v":2.5704000000000002,"d":"2.5704"}]
["SEINFRA","I0042",{"v":0.17,"d":"0.1700"},"AJUDANTE DE ELETRICISTA","H",{"v":0.17,"d":"0.1700"},{"v":5.6,"d":"5.6000"},{"v":0.9520000000000001,"d":"0.9520"}]
["SEINFRA",{"$nulls":4},"Total Simples:",null,{"v":128.9906,"d":"128.99"}]
["SEINFRA","I2312",{"v":0.46,"d":"0.4600"},"ELETRICISTA","H",{"v":0.46,"d":"0.4600"},{"v":7.2,"d":"7.2000"},{"v":3.3120000000000003,"d":"3.3120"}]
["SEINFRA",{"$nulls":4},"Valor BDI:",null,{"v":0,"d":"0.00"}]
["SEINFRA",{"$nulls":5},"Total:",{"v":11.776,"d":"11.7760"}]
["SEINFRA",{"$nulls":4},"Valor Geral:",null,{"v":11.2236,"d":"11.22"}]
["SEINFRA","MATERIAIS"]
["SEINFRA","MATERIAIS"]
["SEINFRA","I2312",{"v":0.5,"d":"0.5000"},"ELETRICISTA","H",{"v":0.5,"d":"0.5000"},{"v":7.2,"d":"7.2000"},{"v":3.6,"d":"3.6000"}]
["SEINFRA","I2312",{"v":0.5,"d":"0.5000"},"ELETRICISTA","H",{"v":0.5,"d":"0.5000"},{"v":7.2,"d":"7.2000"},{"v":3.6,"d":"3.6000"}]
["SEINFRA",{"$nulls":4},"Valor BDI:",null,{"v":0,"d":"0.00"}]
["SEINFRA","C0459 - BOMBA INJETORA DE 3/4 CV, MONOFÁSICA INCL. MAT. SUCÇÃO - UN"]
["SEINFRA",{"$nulls":4},"Valor BDI:",null,{"v":0,"d":"0.00"}]
["SEINFRA","I1293",{"v":2,"d":"2.0000"},"JOELHO PVC ROSCAVEL DE 1''","UN",{"v":2,"d":"2.0000"},{"v":3.1,"d":"3.1000"},{"v":6.2,"d":"6.2000"}]
["SEINFRA",{"$nulls":4},"Encargos Sociais:",null,43.93]
["SEINFRA",{"$nulls":4},"Valor Geral:",null,{"v":972.1687,"d":"972.17"}]
["SEINFRA","I2284",{"v":2,"d":"2.0000"},"VÁLVULA RETENÇÃO. PE C/CRIVO - 25MM (1')","UN",{"v":2,"d":"2.0000"},{"v":43.94,"d":"43.9400"},{"v":87.88,"d":"87.8800"}]
["SEINFRA",{"$nulls":5},"Total:",{"v":4757.53,"d":"4,757.5300"}]
["SEINFRA","C1402",{"v":16.26,"d":"16.2600"},"FORMA PLANA CHAPA COMPENSADA RESINADA, ESP.= 10mm P/GALERIA  E BUEIROS CAPEADOS","M2",{"v":16.26,"d":"16.2600"},27.0525,{"v":439.87365000000005,"d":"439.8737"}]
["SEINFRA","C0057",{"v":11.688,"d":"11.6880"},"ALVENARIA DE PEDRA ARGAMASSADA (TRAÇO 1:4) C/AGREGADOS PRODUZIDOS (S/TRANSP)","M3",{"v":11.688,"d":"11.6880"},{"v":163.46435522830998,"d":"163.4644"},{"v":1910.5713839084872,"d":"1,910.5714"}]
["SEINFRA",{"$nulls":4},"Valor BDI:",null,{"v":0,"d":"0.00"}]
["SEINFRA"]
["SEINFRA","C0057",{"v":19.337,"d":"19.3370"},"ALVENARIA DE PEDRA ARGAMASSADA (TRAÇO 1:4) C/AGREGADOS PRODUZIDOS (S/TRANSP)","M3",{"v":19.337,"d":"19.3370"},{"v":163.46435522830998,"d":"163.4644"},{"v":3160.9102370498304,"d":"3,160.9102"}]
["SEINFRA","C0439 - BOCA DE BUEIRO TRIPLO CAPEADO   (3.00 X 3.00m) - UN"]
["SEINFRA",{"$nulls":4},"Valor BDI:",null,{"v":0,"d":"0.00"}]
["SEINFRA",{"$nulls":4},"Valor Geral:",null,{"v":12.2742,"d":"12.27"}]
["SEINFRA",{"$nulls":5},"Total:",{"v":1.792,"d":"1.7920"}]
["SEINFRA","I0026",0.0125,"ADESIVO PARA TUBO DE PVC RIGIDO","KG",0.0125,{"v":38.25,"d":"38.2500"},{"v":0.478125,"d":"0.4781"}]
["SEINFRA","C0484 - BUCHA E ARRUELA DE AÇO GALV. D= 65mm (2 1/2\") - PAR"]
["SEINFRA","I0043",{"v":0.14,"d":"0.1400"},"AJUDANTE DE ENCANADOR","H",{"v":0.14,"d":"0.1400"},{"v":5.6,"d":"5.6000"},{"v":0.784,"d":"0.7840"}]
["SEINFRA",{"$nulls":4},"Total Simples:",null,{"v":6.0822,"d":"6.08"}]
["SEINFRA","MAO DE OBRA",null,null,"Unidade","Coeficiente","Preço","Total"]
["SEINFRA","I0308",{"v":1,"d":"1.0000"},"BUCHA REDUÇÃO PVC ROSCAVEL DE 1 1/4X1/2''","UN",{"v":1,"d":"1.0000"},{"v":3.8,"d":"3.8000"},{"v":3.8,"d":"3.8000"}]
["SEINFRA",{"$nulls":4},"Valor BDI:",null,{"v":0,"d":"0.00"}]
["SEINFRA","I2312",{"v":0.8,"d":"0.8000"},"ELETRICISTA","H",{"v":0.8,"d":"0.8000"},{"v":7.2,"d":"7.2000"},{"v":5.760000000000001,"d":"5.7600"}]
["SEINFRA",{"$nulls":4},"Total Simples:",null,{"v":11.35021,"d":"11.35"}]
["SEINFRA",{"$nulls":4},"Valor Geral:",null,{"v":120.5451,"d":"120.55"}]
["SEINFRA",{"$nulls":4},"Encargos Sociais:",null,1.95]
["SEINFRA","I2391",{"v":0.27,"d":"0.2700"},"PEDREIRO","H",{"v":0.27,"d":"0.2700"},{"v":7.2,"d":"7.2000"},{"v":1.9440000000000002,"d":"1.9440"}]
["SEINFRA",{"$nulls":4},"Valor Geral:",null,{"v":101.0393,"d":"101.04"}]
["SEINFRA","I0042",{"v":0.01,"d":"0.0100"},"AJUDANTE DE ELETRICISTA","H",{"v":0.01,"d":"0.0100"},{"v":5.6,"d":"5.6000"},{"v":0.056,"d":"0.0560"}]
["SEINFRA","I0293",{"v":1,"d":"1.0000"},"BUCHA DE FERRO GALVANIZADO 3/4''","UN",{"v":1,"d":"1.0000"},{"v":0.53,"d":"0.5300"},{"v":0.53,"d":"0.5300"}]
["SEINFRA",{"$nulls":5},"Total:",8.4752]
["SEINFRA",{"$nulls":4},"Valor BDI:",null,{"v":0,"d":"0.00"}]
["SEINFRA","I7409",{"v":3,"d":"3.0000"},"FUSÍVEL DIAZED RETARDADO 2A, C/ BASE","UN",{"v":3,"d":"3.0000"},{"v":23.95,"d":"23.9500"},{"v":71.85,"d":"71.8500"}]
["SEINFRA","I2391",{"v":8,"d":"8.0000"},"PEDREIRO","H",{"v":8,"d":"8.0000"},{"v":7.2,"d":"7.2000"},{"v":57.6,"d":"57.6000"}]
["SEINFRA"]
["SEINFRA",{"$nulls":4},"Valor Geral:",null,{"v":128.5343,"d":"128.53"}]
["SEINFRA","C3913 - MATERIAL DE OPERAÇÃO - RECICLADORA À FRIO - H"]
["SEINFRA",{"$nulls":4},"Valor BDI:",null,{"v":0,"d":"0.00"}]
["SEINFRA",{"$nulls":4},"Encargos Sociais:",null,13.96]
["SEINFRA",{"$nulls":5},"Total:",3.1376]
["SEINFRA",{"$nulls":5},"Total:",34.3232]
["SEINFRA",{"$nulls":4},"Total Simples:",null,{"v":0.06780219866666666,"d":"0.07"}]
["SEINFRA","MAO DE OBRA"]
["SEINFRA","I6815",{"v":0.006172839506172839,"d":"0.0062"},"ENCARREGADO DE TURMA / FEITOR","H",{"v":0.006172839506172839,"d":"0.0062"},{"v":13.44,"d":"13.4400"},{"v":0.08296296296296296,"d":"0.0830"}]
["SEINFRA",{"$nulls":4},"Valor BDI:",null,{"v":0,"d":"0.00"}]
["SEINFRA",{"$nulls":5},"Total:",0.9416]
["SEINFRA","I0611",{"v":0,"d":"0.0000"},"COMPACTADOR DE PLACA VIBRATÓRIA HP 4 (CHI)","H",{"v":0,"d":"0.0000"},{"v":9.116950000000001,"d":"9.1170"},{"v":0,"d":"0.0000"}]
["SEINFRA",{"$nulls":4},"Encargos Sociais:",null,{"v":0,"d":"0.00"}]
["SEINFRA",{"$nulls":5},"Total:",11.6828]
["SEINFRA","SERVIÇOS"]
["SEINFRA","I0726",{"v":0.020666666666666667,"d":"0.0207"},"COMPACTADOR LISO TANDEM AUTOPROPELIDO (CHP)","H",{"v":0.020666666666666667,"d":"0.0207"},{"v":63.016,"d":"63.0160"},{"v":1.3023306666666667,"d":"1.3023"}]
["SEINFRA","C3937 - ESPALHAMENTO E COMPACTAÇÃO DE MISTURA DE AREIA ASFALTO USINADA À QUENTE - M3"]
["SEINFRA","I0594",{"v":0.04533333333333334,"d":"0.0453"},"CARREGADEIRA DE PNEUS HP 111 (CHI)","H",{"v":0.04533333333333334,"d":"0.0453"},{"v":25.78209285714286,"d":"25.7821"},{"v":1.1687882095238098,"d":"1.1688"}]
["SEINFRA",{"$nulls":5},"Total:",{"v":6.1,"d":"6.1000"}]
["SEINFRA","I0721",{"v":1.8518518518518517E-3,"d":"0.0019"},"COMPAC. DE PNEUS PRES. VAR. AUTOPR. (CHP)","H",{"v":1.8518518518518517E-3,"d":"0.0019"},{"v":146.15759259259258,"d":"146.1576"},{"v":0.27066220850480105,"d":"0.2707"}]
["SEINFRA","I7421",{"v":0,"d":"0.0000"},"RECICLADORA À FRIO (CHI)","H",{"v":0,"d":"0.0000"},{"v":121.540935,"d":"121.5409"},{"v":0,"d":"0.0000"}]
["SEINFRA",{"$nulls":5},"Total:",{"v":37.662,"d":"37.6620"}]
["SEINFRA",{"$nulls":4},"Valor BDI:",null,{"v":0,"d":"0.00"}]
["SEINFRA",{"$nulls":5},"Total:",86.5455]
["SEINFRA","MATERIAIS"]
["SEINFRA","I0726",{"v":0.020869565217391303,"d":"0.0209"},"COMPACTADOR LISO TANDEM AUTOPROPELIDO (CHP)","H",{"v":0.020869565217391303,"d":"0.0209"},{"v":63.016,"d":"63.0160"},{"v":1.3151165217391303,"d":"1.3151"}]
["SEINFRA","C3252",{"v":1.047,"d":"1.0470"},"BRITA PRODUZIDA PARA REVESTIMENTOS BETUMINOSOS","M3",{"v":1.047,"d":"1.0470"},{"v":61.55174944250293,"d":"61.5517"},{"v":64.44468166630057,"d":"64.4447"}]
["SEINFRA","I1888",{"v":0.06,"d":"0.0600"},"SOLUÇÃO LIMPADORA PARA PVC RIGIDO","L",{"v":0.06,"d":"0.0600"},{"v":27.3,"d":"27.3000"},{"v":1.638,"d":"1.6380"}]
["SEINFRA","I0184",{"v":1.32,"d":"1.3200"},"BANCADA DE GRANITO C/ L=0,60m E E=0,03m","M2",{"v":1.32,"d":"1.3200"},{"v":328.82,"d":"328.8200"},{"v":434.04240000000004,"d":"434.0424"}]
["SEINFRA","I0041",{"v":1.35,"d":"1.3500"},"AJUDANTE DE CARPINTEIRO","H",{"v":1.35,"d":"1.3500"},{"v":5.6,"d":"5.6000"},{"v":7.5600000000000005,"d":"7.5600"}]
["SEINFRA",{"$nulls":5},"Total:",{"v":23.04,"d":"23.0400"}]
["SEINFRA","I1180",{"v":0.28,"d":"0.2800"},"FITA DE VEDAÇÃO","M",{"v":0.28,"d":"0.2800"},{"v":0.38,"d":"0.3800"},{"v":0.10640000000000001,"d":"0.1064"}]
["SEINFRA",{"$nulls":5},"Total:",{"v":10185.09,"d":"10,185.0900"}]
["SEINFRA",{"$nulls":5},"Total:",{"v":14.496,"d":"14.4960"}]
["SEINFRA","I0988",{"v":130,"d":"130.0000"},"OXIGÊNIO","M3",{"v":130,"d":"130.0000"},{"v":8.27,"d":"8.2700"},{"v":1075.1,"d":"1,075.1000"}]
["SEINFRA","SERVIÇOS",null,null,"Unidade","Coeficiente","Preço","Total"]
["SEINFRA"]
["SEINFRA","SERVIÇOS",null,null,"Unidade","Coeficiente","Preço","Total"]
["SEINFRA","C1402",{"v":32.89,"d":"32.8900"},"FORMA PLANA CHAPA COMPENSADA RESINADA, ESP.= 10mm P/GALERIA  E BUEIROS CAPEADOS","M2",{"v":32.89,"d":"32.8900"},27.0525,{"v":889.756725,"d":"889.7567"}]
["SEINFRA","C0057",{"v":4.11,"d":"4.1100"},"ALVENARIA DE PEDRA ARGAMASSADA (TRAÇO 1:4) C/AGREGADOS PRODUZIDOS (S/TRANSP)","M3",{"v":4.11,"d":"4.1100"},{"v":163.46435522830998,"d":"163.4644"},{"v":671.8384999883541,"d":"671.8385"}]
["SEINFRA","C0404 - BOCA DE BUEIRO DUPLO CAPEADO    (3.00 X 2.50m) - UN"]
["SEINFRA",{"$nulls":4},"Valor BDI:",null,{"v":0,"d":"0.00"}]
["SEINFRA","C1402",{"v":9.1,"d":"9.1000"},"FORMA PLANA CHAPA COMPENSADA RESINADA, ESP.= 10mm P/GALERIA  E BUEIROS CAPEADOS","M2",{"v":9.1,"d":"9.1000"},27.0525,{"v":246.17774999999997,"d":"246.1778"}]
["SEINFRA","C0406 - BOCA DE BUEIRO DUPLO TUBULAR    D= 80cm - UN"]
["SEINFRA","I2410",{"v":1,"d":"1.0000"},"PREGO 2 1/2\" x 10 (18 X 27)","KG",{"v":1,"d":"1.0000"},{"v":9.4,"d":"9.4000"},{"v":9.4,"d":"9.4000"}]
["SEINFRA","MATERIAIS"]
["SEINFRA",{"$nulls":5},"Total:",6.2592]
["SEINFRA",{"$nulls":4},"Encargos Sociais:",null,9.45]
["SEINFRA",{"$nulls":4},"Valor Geral:",null,{"v":67.5506,"d":"67.55"}]
["SEINFRA","I7442",{"v":39,"d":"39.0000"},"FUSE MDL 1.32 AMP FOR AC FIXED HARDWARE PWR SUPPLY, MOD. 1746-F4-AHGB","UN",{"v":39,"d":"39.0000"},{"v":2.75,"d":"2.7500"},{"v":107.25,"d":"107.2500"}]
["SEINFRA","MATERIAIS"]
["SEINFRA",{"$nulls":4},"Total Simples:",null,{"v":217.865,"d":"217.87"}]
["SEINFRA",{"$nulls":5},"Total:",{"v":53204.52,"d":"53,204.5200"}]
["SEINFRA","I7540",{"v":1,"d":"1.0000"},"IMPERMEABILIZAÇÃO DE ACABAMENTO C/ HEYDICRYL PLUS, COR BRANCA,CONSUMO 3,0 KG/M2, REFORÇADO C/ TELA DE PLIESTER MALHA 2x2m","M2",{"v":1,"d":"1.0000"},{"v":14.9,"d":"14.9000"},{"v":14.9,"d":"14.9000"}]
["SEINFRA",{"$nulls":4},"Valor BDI:",null,{"v":0,"d":"0.00"}]
["SEINFRA","I7463",{"v":1,"d":"1.0000"},"MONITOR INDUSTRIAL DE VÍDEO COLORIDO, VÍDEO COMPOSTO, 2 CANAIS DE ENTRADA E 1 DE SAÍDA, DIMENSÕES 14\"","UN",{"v":1,"d":"1.0000"},{"v":816.76,"d":"816.7600"},{"v":816.76,"d":"816.7600"}]
["SEINFRA","MATERIAIS",null,null,"Unidade","Coeficiente","Preço","Total"]
["SEINFRA","I7542",{"v":1,"d":"1.0000"},"TRANSFORMADOR DE CORRENTE 15 KV","UN",{"v":1,"d":"1.0000"},{"v":835.55,"d":"835.5500"},{"v":835.55,"d":"835.5500"}]
["SEINFRA",{"$nulls":4},"Total Simples:",null,{"v":124072.5,"d":"124,072.50"}]
["SEINFRA","MAO DE OBRA",null,null,"Unidade","Coeficiente","Preço","Total"]
["SEINFRA","I2391",{"v":1.5,"d":"1.5000"},"PEDREIRO","H",{"v":1.5,"d":"1.5000"},{"v":7.2,"d":"7.2000"},{"v":10.8,"d":"10.8000"}]
["SEINFRA",{"$nulls":4},"Valor BDI:",null,{"v":0,"d":"0.00"}]
["SEINFRA",{"$nulls":4},"Valor BDI:",null,{"v":0,"d":"0.00"}]
["SEINFRA",{"$nulls":5},"Total:",{"v":12.512,"d":"12.5120"}]
["SEINFRA",{"$nulls":4},"Total Simples:",null,{"v":1445.1,"d":"1,445.10"}]
["SEINFRA",{"$nulls":4},"Valor Geral:",null,{"v":917.1,"d":"917.10"}]
["SEINFRA",{"$nulls":4},"Encargos Sociais:",null,{"v":0,"d":"0.00"}]
["SEINFRA"]
["SEINFRA",{"$nulls":4},"Valor BDI:",null,{"v":0,"d":"0.00"}]
["SEINFRA","MATERIAIS"]
["SEINFRA",{"$nulls":4},"Valor Geral:",null,{"v":16.9816336,"d":"16.98"}]
["SEINFRA","I0108",{"v":0.004,"d":"0.0040"},"AREIA GROSSA","M3",{"v":0.004,"d":"0.0040"},{"v":50,"d":"50.0000"},{"v":0.2,"d":"0.2000"}]
["SEINFRA",{"$nulls":4},"Total Simples:",null,7.38]
["SEINFRA",{"$nulls":4},"Total Simples:",null,207.75]
["SEINFRA","I6815",{"v":0.015,"d":"0.0150"},"ENCARREGADO DE TURMA / FEITOR","H",{"v":0.015,"d":"0.0150"},{"v":13.44,"d":"13.4400"},0.2016]
["SEINFRA","MAO DE OBRA",null,null,"Unidade","Coeficiente","Preço","Total"]
["SEINFRA","I8206",{"v":1,"d":"1.0000"},"FORNECIMENTO E INSTALAÇÃO DE E.T.E.","UN",{"v":1,"d":"1.0000"},{"v":16683.51,"d":"16,683.5100"},{"v":16683.51,"d":"16,683.5100"}]
["SEINFRA","C4324 - ACESSÓRIOS P/ TRILHOS A-100 - KG"]
["SEINFRA","I1879",{"v":0.6,"d":"0.6000"},"SOLDADOR","H",{"v":0.6,"d":"0.6000"},{"v":7.2,"d":"7.2000"},{"v":4.32,"d":"4.3200"}]
["SEINFRA",{"$nulls":5},"Total:",{"v":0.297,"d":"0.2970"}]
["SEINFRA","I0747",{"v":1.04,"d":"1.0400"},"GUINDASTE HIDRÁULICO SOBRE PNEUS HP 142 (CHP)","H",{"v":1.04,"d":"1.0400"},{"v":164.57,"d":"164.5700"},171.1528]
["SEINFRA","C0705",{"v":0.25,"d":"0.2500"},"CARGA E DESCARGA DE TUBOS E CONEXÕES EM FoFo","T",{"v":0.25,"d":"0.2500"},{"v":36.35940513333333,"d":"36.3594"},{"v":9.089851283333333,"d":"9.0899"}]
["SEINFRA","C2980",{"v":0.015,"d":"0.0150"},"TRANSPORTE DE TUBOS E CONEXÕES DE FoFo, AÇO OU CONCRETO","T",{"v":0.015,"d":"0.0150"},{"v":21.54396432,"d":"21.5440"},{"v":0.32315946479999996,"d":"0.3232"}]
["SEINFRA","EQUIPAMENTOS (CHORARIO)",null,null,"Unidade","Coeficiente","Preço","Total"]
["SEINFRA",{"$nulls":5},"Total:",{"v":0.244,"d":"0.2440"}]
["SEINFRA","SERVIÇOS"]
["SEINFRA",{"$nulls":4},"Encargos Sociais:",null,4.04]
["SEINFRA","MAO DE OBRA"]
["SEINFRA","C4304 - HIDRANTE DE PISO - UN"]
["SEINFRA","I8191",{"v":1E-4,"d":"0.0001"},"HASTE P/ PERFURATRIZ","UN",{"v":1E-4,"d":"0.0001"},{"v":629.05,"d":"629.0500"},{"v":0.062905,"d":"0.0629"}]
["SEINFRA",{"$nulls":5},"Total:",0.3054]
["SEINFRA","C4308 - LAVRA, SELEÇÃO E ESTOQUE DE PEDRAS (0,0001 T ATÉ 1,00 T) - M3"]
["SEINFRA","I7487",{"v":0.303,"d":"0.3030"},"CAMINHÃO BETONEIRA 5 M3","H",{"v":0.303,"d":"0.3030"},{"v":92,"d":"92.0000"},{"v":27.875999999999998,"d":"27.8760"}]
["SEINFRA","MAO DE OBRA"]
["SEINFRA","I8209",{"v":0.13,"d":"0.1300"},"PLATAFORMA TIPO \"CANTITRAVELLER\"","H",{"v":0.13,"d":"0.1300"},{"v":701,"d":"701.0000"},{"v":91.13000000000001,"d":"91.1300"}]
["SEINFRA","I7958",{"v":0.007,"d":"0.0070"},"REBOCADOR - 300 HP","H",{"v":0.007,"d":"0.0070"},{"v":342,"d":"342.0000"},{"v":2.394,"d":"2.3940"}]
["SEINFRA",{"$nulls":4},"Encargos Sociais:",null,{"v":1041.38,"d":"1,041.38"}]
["SEINFRA","EQUIPAMENTOS (CHORARIO)",null,null,"Unidade","Coeficiente","Preço","Total"]
["SEINFRA","I7426",2.3057,"GUINDASTE SOBRE PNEUS CAP. 135 TON","H",2.3057,{"v":532,"d":"532.0000"},{"v":1226.6324,"d":"1,226.6324"}]
["SEINFRA",{"$nulls":5},"Total:",{"v":21400,"d":"21,400.0000"}]
["SEINFRA"]
["SEINFRA","I1088",{"v":1070,"d":"1,070.0000"},"ELETROTECNICO MONTADOR","H",{"v":1070,"d":"1,070.0000"},{"v":7.2,"d":"7.2000"},{"v":7704,"d":"7,704.0000"}]
["SEINFRA","C4269 - SUBESTAÇÃO AO TEMPO, AO NÍVEL DO SOLO, DE 15/20 MVA/69.000-13.800 V, COM 1 (UM) VÃO DE ENTRADA (69 KV) E 5 (CINCO) VÃOS DE SAÍDA (13,8 KV) EM ESTRUTURA DE CONCRETO ARMADO, COM DISJUNTOR DE PROTEÇÃO NO PRIMÁRIO E SECUNDÁRIO, TRANSFORMADOR COM REGULAÇÃO INCORPORADA, CASA DE COMANDO E BANCO DE CAPACITORES - UN"]
["SEINFRA","I1088",{"v":19300,"d":"19,300.0000"},"ELETROTECNICO MONTADOR","H",{"v":19300,"d":"19,300.0000"},{"v":7.2,"d":"7.2000"},{"v":138960,"d":"138,960.0000"}]
["SEINFRA","I8141",{"v":1,"d":"1.0000"},"MATERIAIS E ACESSÓRIOS PARA SUBESTAÇÃO AO TEMPO, AO NÍVEL DO SOLO, DE 5 MVA/69.000-13.800 V, COM 1 (UM) VÃO DE ENTRADA (69 KV) E 2 (DOIS) VÃOS DE SAÍDA (13,8 KV) EM ESTRUTURA DE CONCRETO ARMADO, COM DISJUNTOR DE PROTEÇÃO SOMENTE NO SECUNDÁRIO, CASA DE COMANDO E BANCO DE CAPACITORES","UN",{"v":1,"d":"1.0000"},{"v":1239432.33,"d":"1,239,432.3300"},{"v":1239432.33,"d":"1,239,432.3300"}]
["SEINFRA","I8290",{"v":1,"d":"1.0000"},"SANCA DE GESSO P/ FORRO CONVENCIONAL","M",{"v":1,"d":"1.0000"},{"v":12.95,"d":"12.9500"},{"v":12.95,"d":"12.9500"}]
["SEINFRA","I0037",{"v":0.5,"d":"0.5000"},"AJUDANTE","H",{"v":0.5,"d":"0.5000"},{"v":5.6,"d":"5.6000"},{"v":2.8,"d":"2.8000"}]
["SEINFRA","I0042",{"v":1075,"d":"1,075.0000"},"AJUDANTE DE ELETRICISTA","H",{"v":1075,"d":"1,075.0000"},{"v":5.6,"d":"5.6000"},{"v":6020,"d":"6,020.0000"}]
["SEINFRA"]
["SEINFRA"]
["SEINFRA",{"$nulls":4},"Encargos Sociais:",null,{"v":36294.96,"d":"36,294.96"}]
["SEINFRA","MAO DE OBRA",null,null,"Unidade","Coeficiente","Preço","Total"]
["SEINFRA","I2312",{"v":90,"d":"90.0000"},"ELETRICISTA","H",{"v":90,"d":"90.0000"},{"v":7.2,"d":"7.2000"},{"v":648,"d":"648.0000"}]
["SEINFRA","I8119",{"v":1,"d":"1.0000"},"MATERIAIS E ACESSÓRIOS PARA SUBESTAÇÃO AÉREA DE 112,5 KVA / 13.800-380/220V COM QUADRO DE MEDIÇÃO E PROTEÇÃO GERAL","UN",{"v":1,"d":"1.0000"},{"v":11415.63,"d":"11,415.6300"},{"v":11415.63,"d":"11,415.6300"}]
["SEINFRA",{"$nulls":4},"Valor BDI:",null,{"v":0,"d":"0.00"}]
["SEINFRA","C4260 - SUBESTAÇÃO TIPO PEDESTAL DE 75 KVA/13.800-380/220 V, ENTRADA SUBTERRÂNEA, COM FUSÍVEL PRIMÁRIO BAIONETA, FORNECIDA COM PROTEÇÃO, SECCIONAMENTO GERAL E MEDIÇÃO EM BAIXA TENSÃO - UN"]
["SEINFRA","I8136",{"v":1,"d":"1.0000"},"MATERIAIS E ACESSÓRIOS PARA SUBESTAÇÃO TIPO PEDESTAL DE 112,5 KVA/13.800-380/220 V, ENTRADA SUBTERRÂNEA, COM FUSÍVEL PRIMÁRIO BAIONETA, FORNECIDA COM PROTEÇÃO, SECCIONAMENTO GERAL E MEDIÇÃO EM BAIXA TENSÃO","UN",{"v":1,"d":"1.0000"},{"v":28232.5,"d":"28,232.5000"},{"v":28232.5,"d":"28,232.5000"}]
["SEINFRA","I8129",{"v":1,"d":"1.0000"},"MATERIAIS E ACESSÓRIOS PARA SUBESTAÇÃO AO TEMPO AO NÍVEL DO SOLO DE 300 KVA/13.800-380/220 V, COM CONJUNTO DE MEDIÇÃO PRIMÁRIA EM POSTE DE CONCRETO, POSTO DE DISJUNÇÃO EM CUBÍCULO METÁLICO, FORNECIDA COM QUADRO GERAL DE PROTEÇÃO DE BAIXA TENSÃO","UN",{"v":1,"d":"1.0000"},{"v":57600.03,"d":"57,600.0300"},{"v":57600.03,"d":"57,600.0300"}]
["SEINFRA",{"$nulls":4},"Total Simples:",null,{"v":91507.74,"d":"91,507.74"}]
["SEINFRA","C4258 - SUBESTAÇÃO AO TEMPO AO NÍVEL DO SOLO DE 1250 KVA/13.800-380/220 V, COM CONJUNTO DE MEDIÇÃO PRIMÁRIA EM POSTE DE CONCRETO, POSTO DE DISJUNÇÃO EM CUBÍCULO METÁLICO, FORNECIDA COM QUADRO GERAL DE PROTEÇÃO DE BAIXA TENSÃO - UN"]
["SEINFRA","I6815",{"v":0.08,"d":"0.0800"},"ENCARREGADO DE TURMA / FEITOR","H",{"v":0.08,"d":"0.0800"},{"v":13.44,"d":"13.4400"},1.0752]
["SEINFRA","I7989",0.0162,"MESTRE DE LINHA","H",0.0162,{"v":13.6,"d":"13.6000"},{"v":0.22032,"d":"0.2203"}]
["SEINFRA","I2543",{"v":1.7,"d":"1.7000"},"SERVENTE","H",{"v":1.7,"d":"1.7000"},{"v":4.88,"d":"4.8800"},{"v":8.296,"d":"8.2960"}]
["SEINFRA","I2543",{"v":158.7,"d":"158.7000"},"SERVENTE","H",{"v":158.7,"d":"158.7000"},{"v":4.88,"d":"4.8800"},{"v":774.4559999999999,"d":"774.4560"}]
["SEINFRA","I1088",{"v":60,"d":"60.0000"},"ELETROTECNICO MONTADOR","H",{"v":60,"d":"60.0000"},{"v":7.2,"d":"7.2000"},{"v":432,"d":"432.0000"}]
["SEINFRA","I0721",{"v":1.7500000000000003E-3,"d":"0.0018"},"COMPAC. DE PNEUS PRES. VAR. AUTOPR. (CHP)","H",{"v":1.7500000000000003E-3,"d":"0.0018"},{"v":146.15759259259258,"d":"146.1576"},{"v":0.2557757870370371,"d":"0.2558"}]
["SEINFRA","I0738",{"v":0.025,"d":"0.0250"},"ESPALHADOR DE AGREGADOS REBOC. (CHP)","H",{"v":0.025,"d":"0.0250"},{"v":7.596,"d":"7.5960"},0.1899]
["SEINFRA",{"$nulls":4},"Valor Geral:",null,{"v":74.97851993097748,"d":"74.98"}]
["SEINFRA","EQUIPAMENTOS (CHORARIO)",null,null,"Unidade","Coeficiente","Preço","Total"]
["SEINFRA","I6815",{"v":0.069,"d":"0.0690"},"ENCARREGADO DE TURMA / FEITOR","H",{"v":0.069,"d":"0.0690"},{"v":13.44,"d":"13.4400"},{"v":0.9273600000000001,"d":"0.9274"}]
["SEINFRA","MAO DE OBRA",null,null,"Unidade","Coeficiente","Preço","Total"]
["SEINFRA",{"$nulls":4},"Valor BDI:",null,{"v":0,"d":"0.00"}]
["SEINFRA","C4218 - TRAVESSIA MÉTODO NÃO DESTRUTIVO P/ TUBO 300<DN<=500 (COMPLETO) - M"]
["SEINFRA","C1399",{"v":0.128,"d":"0.1280"},"FORMA PLANA CHAPA COMPENSADA PLASTIFICADA, ESP.= 12mm UTIL. 5X","M2",{"v":0.128,"d":"0.1280"},59.2916,{"v":7.5893248,"d":"7.5893"}]
["SEINFRA",{"$nulls":5},"Total:",178.5867]
["SEINFRA","I7989",{"v":1.2,"d":"1.2000"},"MESTRE DE LINHA","H",{"v":1.2,"d":"1.2000"},{"v":13.6,"d":"13.6000"},{"v":16.32,"d":"16.3200"}]
["SEINFRA",{"$nulls":4},"Valor Geral:",null,{"v":700.2247316666667,"d":"700.22"}]
["SEINFRA","I0584",{"v":3,"d":"3.0000"},"CAMINHÃO COMERC. EQUIP. C/GUINDASTE (CHI)","H",{"v":3,"d":"3.0000"},{"v":19.781748,"d":"19.7817"},{"v":59.345244,"d":"59.3452"}]
["SEINFRA","I0950",{"v":5,"d":"5.0000"},"CURVA DE PVC RIGIDO PARA ELETRODUTO DE 1 1/2''","UN",{"v":5,"d":"5.0000"},{"v":4.3,"d":"4.3000"},{"v":21.5,"d":"21.5000"}]
["SEINFRA",{"$nulls":4},"Total Simples:",null,{"v":149.59320026666666,"d":"149.59"}]
["SEINFRA",{"$nulls":5},"Total:",3.4901]
["SEINFRA",{"$nulls":4},"Valor BDI:",null,{"v":0,"d":"0.00"}]
["SEINFRA",{"$nulls":4},"Valor Geral:",null,{"v":843.8324144444445,"d":"843.83"}]
["SEINFRA","I0730",{"v":1.762,"d":"1.7620"},"COMPRESSOR DE AR 765 PCM (CHP)","H",{"v":1.762,"d":"1.7620"},{"v":187.81861111111112,"d":"187.8186"},{"v":330.93639277777777,"d":"330.9364"}]
["SEINFRA"]
["SEINFRA","I7968",{"v":1,"d":"1.0000"},"TRATAMENTO EM VIDROS, ANTI-ADERÊNCIA DE PÓ, MARESIA,ETC.","M2",{"v":1,"d":"1.0000"},{"v":47.69,"d":"47.6900"},{"v":47.69,"d":"47.6900"}]
["SEINFRA",{"$nulls":4},"Encargos Sociais:",null,{"v":0,"d":"0.00"}]
["SEINFRA",{"$nulls":4},"Valor BDI:",null,{"v":0,"d":"0.00"}]
["SEINFRA","I0037",{"v":4.05,"d":"4.0500"},"AJUDANTE","H",{"v":4.05,"d":"4.0500"},{"v":5.6,"d":"5.6000"},{"v":22.68,"d":"22.6800"}]
["SEINFRA",{"$nulls":4},"Encargos Sociais:",null,{"v":0,"d":"0.00"}]
["SEINFRA","I0042",{"v":80,"d":"80.0000"},"AJUDANTE DE ELETRICISTA","H",{"v":80,"d":"80.0000"},{"v":5.6,"d":"5.6000"},{"v":448,"d":"448.0000"}]
["SEINFRA",{"$nulls":4},"Encargos Sociais:",null,0.14]
["SEINFRA","MAO DE OBRA",null,null,"Unidade","Coeficiente","Preço","Total"]
["SEINFRA","I0042",{"v":1,"d":"1.0000"},"AJUDANTE DE ELETRICISTA","H",{"v":1,"d":"1.0000"},{"v":5.6,"d":"5.6000"},{"v":5.6,"d":"5.6000"}]
["SEINFRA",{"$nulls":4},"Encargos Sociais:",null,14.89]
["SEINFRA","I0042",{"v":0.5,"d":"0.5000"},"AJUDANTE DE ELETRICISTA","H",{"v":0.5,"d":"0.5000"},{"v":5.6,"d":"5.6000"},{"v":2.8,"d":"2.8000"}]
["SEINFRA",{"$nulls":4},"Encargos Sociais:",null,22.34]
["SEINFRA","I7936",{"v":1,"d":"1.0000"},"PROJETOR EM ALUMÍNIO POLIDO COM REFLETOR EM ALUMÍNIO ANODIZADO E DIFUSOR EM VIDRO PLANO TEMPERADO TRANSPARENTE DIÂMETRO= 40CM PARA LÂMPADA VAPOR METÁLICO 400W MAIS REATOR E IGNITOR","UN",{"v":1,"d":"1.0000"},{"v":631.5,"d":"631.5000"},{"v":631.5,"d":"631.5000"}]
["SEINFRA",{"$nulls":4},"Valor Geral:",null,{"v":17.9651,"d":"17.97"}]
["SEINFRA",{"$nulls":5},"Total:",{"v":246.65,"d":"246.6500"}]
["SEINFRA","MATERIAIS"]
["SEINFRA",{"$nulls":5},"Total:",{"v":14.09,"d":"14.0900"}]
["SEINFRA",{"$nulls":4},"Total Simples:",null,{"v":5189.79533624,"d":"5,189.80"}]
["SEINFRA","EMPREITADA",null,null,"Unidade","Coeficiente","Preço","Total"]
["SEINFRA","EQUIPAMENTOS (CHORARIO)",null,null,"Unidade","Coeficiente","Preço","Total"]
["SEINFRA",{"$nulls":5},"Total:",1.9224]
["SEINFRA","I2424",{"v":40,"d":"40.0000"},"SOLDADOR RAIO X","H",{"v":40,"d":"40.0000"},{"v":10.4,"d":"10.4000"},{"v":416,"d":"416.0000"}]
["SEINFRA",{"$nulls":5},"Total:",2.9998]
["SEINFRA",{"$nulls":5},"Total:",4.3923]
["SEINFRA","I0705",0.0694,"CAMINHÃO COMERC. EQUIP. C/GUINDASTE (CHP)","H",0.0694,{"v":99.00401466666666,"d":"99.0040"},{"v":6.8708786178666665,"d":"6.8709"}]
["SEINFRA",{"$nulls":4},"Valor Geral:",null,{"v":30.81514651848133,"d":"30.82"}]
["SEINFRA",{"$nulls":4},"Encargos Sociais:",null,4.43]
["SEINFRA",{"$nulls":4},"Valor Geral:",null,{"v":12.903477095585332,"d":"12.90"}]
["SEINFRA",{"$nulls":4},"Total Simples:",null,{"v":10.223818260929333,"d":"10.22"}]
["SEINFRA",{"$nulls":4},"Valor Geral:",null,{"v":15.6347,"d":"15.63"}]
["SEINFRA",{"$nulls":4},"Valor Geral:",null,{"v":321.3,"d":"321.30"}]
["SEINFRA",{"$nulls":4},"Total Simples:",null,311.71]
["SEINFRA","SERVIÇOS"]
["SEINFRA","MAO DE OBRA",null,null,"Unidade","Coeficiente","Preço","Total"]
["SEINFRA",{"$nulls":5},"Total:",{"v":5.888,"d":"5.8880"}]
["SEINFRA",{"$nulls":4},"Valor Geral:",null,{"v":98.4393,"d":"98.44"}]
["SEINFRA","I8371",{"v":1,"d":"1.0000"},"ELETRODUTO DE ALUMÍNIO, INCLUSIVE CONEXÕES 3\"","M",{"v":1,"d":"1.0000"},{"v":55.07,"d":"55.0700"},{"v":55.07,"d":"55.0700"}]
["SEINFRA","I2312",{"v":1.3,"d":"1.3000"},"ELETRICISTA","H",{"v":1.3,"d":"1.3000"},{"v":7.2,"d":"7.2000"},{"v":9.36,"d":"9.3600"}]
["SEINFRA",{"$nulls":4},"Encargos Sociais:",null,3.72]
["SEINFRA",{"$nulls":4},"Valor Geral:",null,{"v":13.4239,"d":"13.42"}]
["SEINFRA",{"$nulls":4},"Valor BDI:",null,{"v":0,"d":"0.00"}]
["SEINFRA","I2543",{"v":4.9,"d":"4.9000"},"SERVENTE","H",{"v":4.9,"d":"4.9000"},{"v":4.88,"d":"4.8800"},{"v":23.912000000000003,"d":"23.9120"}]
["SEINFRA",{"$nulls":4},"Encargos Sociais:",null,{"v":0,"d":"0.00"}]
["SEINFRA"]
["SEINFRA",{"$nulls":4},"Valor BDI:",null,{"v":0,"d":"0.00"}]
["SEINFRA","I8338",{"v":1,"d":"1.0000"},"PORTA EM ALUMÍNIO ANODIZADO NATURAL/FOSCO, DE CORRER, SEM BANDEIROLA E/OU PEITORIL, SEM VIDRO","M2",{"v":1,"d":"1.0000"},{"v":287.5,"d":"287.5000"},{"v":287.5,"d":"287.5000"}]
["SEINFRA",{"$nulls":4},"Valor BDI:",null,{"v":0,"d":"0.00"}]
["SEINFRA","I0163",{"v":8.4,"d":"8.4000"},"AÇO CA-50","KG",{"v":8.4,"d":"8.4000"},{"v":3.96,"d":"3.9600"},{"v":33.264,"d":"33.2640"}]
["SEINFRA",{"$nulls":4},"Encargos Sociais:",null,3.72]
["SEINFRA",{"$nulls":4},"Valor Geral:",null,{"v":310.6326,"d":"310.63"}]
["SEINFRA",{"$nulls":4},"Total Simples:",null,{"v":5451.74,"d":"5,451.74"}]
["SEINFRA","EQUIPAMENTOS (CHORARIO)",null,null,"Unidade","Coeficiente","Preço","Total"]
["SEINFRA",{"$nulls":5},"Total:",1.4012]
["SEINFRA","I0786",0.0082,"VEÍCULO UTILITÁRIO KOMBI (CHP)","H",0.0082,{"v":55.47703166666667,"d":"55.4770"},{"v":0.4549116596666667,"d":"0.4549"}]
["SEINFRA","MAO DE OBRA"]
["SEINFRA","I0037",{"v":2,"d":"2.0000"},"AJUDANTE","H",{"v":2,"d":"2.0000"},{"v":5.6,"d":"5.6000"},{"v":11.2,"d":"11.2000"}]
["SEINFRA","C4576 - PISO PRÉ-MOLDADO ARTICULADO, INTERTRAVADO, SEXTAVADO E COM CUNHAS MACHO E FÊMEA NAS FACES LATERAIS e=8,0cm (fck=35Mpa) P/ TRÁFEGO PESADO - M2"]
["SEINFRA","I1723",{"v":6.75,"d":"6.7500"},"PRANCHA 3 X 16 CM","M",{"v":6.75,"d":"6.7500"},{"v":14.6,"d":"14.6000"},{"v":98.55,"d":"98.5500"}]
["SEINFRA","C0703",{"v":1.25,"d":"1.2500"},"CARGA E DESCARGA DE TUBOS DE CONCRETO","T",{"v":1.25,"d":"1.2500"},{"v":41.553605866666665,"d":"41.5536"},{"v":51.942007333333336,"d":"51.9420"}]
["SEINFRA","I8428",{"v":0.53,"d":"0.5300"},"TINTA ANTI-CORROSIVA","L",{"v":0.53,"d":"0.5300"},{"v":15.49,"d":"15.4900"},8.2097]
["SEINFRA","I2312",{"v":1.5,"d":"1.5000"},"ELETRICISTA","H",{"v":1.5,"d":"1.5000"},{"v":7.2,"d":"7.2000"},{"v":10.8,"d":"10.8000"}]
["SEINFRA","I0225",{"v":13.65,"d":"13.6500"},"BLOCO CERAMICO ESTRUTURAL 14X19X39CM","UN",{"v":13.65,"d":"13.6500"},{"v":1.64,"d":"1.6400"},{"v":22.386,"d":"22.3860"}]
["SEINFRA","C3130",0.0042,"AREIA DE RIO - EXTRAÇÃO","M3",0.0042,{"v":6.367127882819795,"d":"6.3671"},{"v":0.026741937107843138,"d":"0.0267"}]
["SEINFRA","I8399",{"v":0,"d":"0.0000"},"USINA DE MICRO-REVESTIMENTO (CHI)","H",{"v":0,"d":"0.0000"},{"v":87.24601,"d":"87.2460"},{"v":0,"d":"0.0000"}]
["SEINFRA","I2543",{"v":0.03333333333333333,"d":"0.0333"},"SERVENTE","H",{"v":0.03333333333333333,"d":"0.0333"},{"v":4.88,"d":"4.8800"},{"v":0.16266666666666665,"d":"0.1627"}]
["SEINFRA","I0576",{"v":0,"d":"0.0000"},"CAMINHÃO BASCULANTE 12 M3 (CHI)","H",{"v":0,"d":"0.0000"},{"v":20.031358823529413,"d":"20.0314"},{"v":0,"d":"0.0000"}]
["SEINFRA",{"$nulls":4},"Encargos Sociais:",null,4.29]
["SEINFRA"]
["SEINFRA","MAO DE OBRA",null,null,"Unidade","Coeficiente","Preço","Total"]
["SEINFRA","MAO DE OBRA"]
["SEINFRA",{"$nulls":4},"Total Simples:",null,{"v":56.9904,"d":"56.99"}]
["SEINFRA","MATERIAIS"]
["SEINFRA","I2312",{"v":0.17,"d":"0.1700"},"ELETRICISTA","H",{"v":0.17,"d":"0.1700"},{"v":7.2,"d":"7.2000"},{"v":1.2240000000000002,"d":"1.2240"}]
["SEINFRA",{"$nulls":4},"Valor Geral:",null,{"v":13042.103,"d":"13,042.10"}]
["SEINFRA","C2948",{"v":1.06,"d":"1.0600"},"SINALIZAÇÃO DE TRÂNSITO COM BARREIRAS","M",{"v":1.06,"d":"1.0600"},{"v":2.172054,"d":"2.1721"},{"v":2.30237724,"d":"2.3024"}]
["SEINFRA","MATERIAIS"]
["SEINFRA","I6133",{"v":1,"d":"1.0000"},"BOX RETO DE  D=1 1/4\"","UN",{"v":1,"d":"1.0000"},{"v":4.95,"d":"4.9500"},{"v":4.95,"d":"4.9500"}]
["SEINFRA",{"$nulls":4},"Total Simples:",null,6.23]
["SEINFRA","I0498",{"v":1.5,"d":"1.5000"},"CARPINTEIRO","H",{"v":1.5,"d":"1.5000"},{"v":7.2,"d":"7.2000"},{"v":10.8,"d":"10.8000"}]
["SEINFRA","I1347",{"v":1,"d":"1.0000"},"LIXA PARA MADEIRA/MASSA","UN",{"v":1,"d":"1.0000"},{"v":0.55,"d":"0.5500"},{"v":0.55,"d":"0.5500"}]
["SEINFRA","C3494 - MONTAGEM DE TUBOS, CONEXÕES E PÇS, RESERVATÓRIO ELEVADO CAP  DE 100,01 À 300 M3 - UN"]
["SEINFRA",{"$nulls":5},"Total:",172.7781]
["SEINFRA",{"$nulls":5},"Total:",{"v":721.92,"d":"721.9200"}]
["SEINFRA","I1530",{"v":16,"d":"16.0000"},"MONTADOR","H",{"v":16,"d":"16.0000"},{"v":7.2,"d":"7.2000"},{"v":115.2,"d":"115.2000"}]
["SEINFRA",{"$nulls":5},"Total:",2.7438]
["SEINFRA",{"$nulls":4},"Valor Geral:",null,{"v":2537.8105,"d":"2,537.81"}]
["SEINFRA",{"$nulls":4},"Encargos Sociais:",null,{"v":4671.81,"d":"4,671.81"}]
["SEINFRA","I0985",{"v":1,"d":"1.0000"},"CARRO TROLLEY P/ 1,0 a 2,0 T","UN",{"v":1,"d":"1.0000"},{"v":1583,"d":"1,583.0000"},{"v":1583,"d":"1,583.0000"}]
["SEINFRA","MAO DE OBRA"]
["SEINFRA",{"$nulls":5},"Total:",{"v":422.4,"d":"422.4000"}]
["SEINFRA",{"$nulls":4},"Total Simples:",null,{"v":2.304,"d":"2.30"}]
["SEINFRA","MAO DE OBRA",null,null,"Unidade","Coeficiente","Preço","Total"]
["SEINFRA",{"$nulls":4},"Encargos Sociais:",null,{"v":2791.92,"d":"2,791.92"}]
["SEINFRA","C0840",{"v":0.128,"d":"0.1280"},"CONCRETO P/VIBR., FCK 15 MPa COM AGREGADO ADQUIRIDO","M3",{"v":0.128,"d":"0.1280"},{"v":279.7987232048,"d":"279.7987"},{"v":35.8142365702144,"d":"35.8142"}]
["SEINFRA","MAO DE OBRA",null,null,"Unidade","Coeficiente","Preço","Total"]
["SEINFRA",{"$nulls":5},"Total:",8.9985]
["SEINFRA","MAO DE OBRA"]
["SEINFRA",{"$nulls":4},"Encargos Sociais:",null,{"v":6.7,"d":"6.70"}]
["SEINFRA","I2391",{"v":1.7,"d":"1.7000"},"PEDREIRO","H",{"v":1.7,"d":"1.7000"},{"v":7.2,"d":"7.2000"},{"v":12.24,"d":"12.2400"}]
["SEINFRA",{"$nulls":5},"Total:",22.0014]
["SEINFRA","MAO DE OBRA",null,null,"Unidade","Coeficiente","Preço","Total"]
["SEINFRA","MATERIAIS"]
["SEINFRA","C0782",{"v":1.25,"d":"1.2500"},"CHAPISCO MECÂNICO DE ADÔRNO","M2",{"v":1.25,"d":"1.2500"},6.9165,{"v":8.645624999999999,"d":"8.6456"}]
["SEINFRA","C0170",{"v":1E-3,"d":"0.0010"},"ARGAMASSA DE CIMENTO E AREIA S/PEN. TRAÇO 1:3","M3",{"v":1E-3,"d":"0.0010"},{"v":347.736,"d":"347.7360"},{"v":0.347736,"d":"0.3477"}]
["SEINFRA",{"$nulls":4},"Valor BDI:",null,{"v":0,"d":"0.00"}]
["SEINFRA"]
["SEINFRA",{"$nulls":4},"Total Simples:",null,{"v":432.0659816473971,"d":"432.07"}]
["SEINFRA",{"$nulls":4},"Valor Geral:",null,{"v":2982.51629432623,"d":"2,982.52"}]
["SEINFRA","MAO DE OBRA",null,null,"Unidade","Coeficiente","Preço","Total"]
["SEINFRA",{"$nulls":4},"Total Simples:",null,{"v":2472.809088,"d":"2,472.81"}]
["SEINFRA","MAO DE OBRA",null,null,"Unidade","Coeficiente","Preço","Total"]
["SEINFRA","I1530",{"v":117,"d":"117.0000"},"MONTADOR","H",{"v":117,"d":"117.0000"},{"v":7.2,"d":"7.2000"},{"v":842.4,"d":"842.4000"}]
["SEINFRA","MAO DE OBRA"]
["SEINFRA","I6041",{"v":1.044,"d":"1.0440"},"XEROX","UN",{"v":1.044,"d":"1.0440"},{"v":0.14,"d":"0.1400"},{"v":0.14616,"d":"0.1462"}]
["SEINFRA",{"$nulls":4},"Total Simples:",null,{"v":46.37076244592,"d":"46.37"}]
["SEINFRA","C0705",{"v":0.101,"d":"0.1010"},"CARGA E DESCARGA DE TUBOS E CONEXÕES EM FoFo","T",{"v":0.101,"d":"0.1010"},{"v":36.35940513333333,"d":"36.3594"},{"v":3.6722999184666665,"d":"3.6723"}]
["SEINFRA","C2980",0.0875,"TRANSPORTE DE TUBOS E CONEXÕES DE FoFo, AÇO OU CONCRETO","T",0.0875,{"v":21.54396432,"d":"21.5440"},{"v":1.885096878,"d":"1.8851"}]
["SEINFRA",{"$nulls":5},"Total:",5.6001]
["SEINFRA",{"$nulls":5},"Total:",2.4113]
["SEINFRA",{"$nulls":4},"Valor BDI:",null,{"v":0,"d":"0.00"}]
["SEINFRA","I2320",{"v":0.288,"d":"0.2880"},"ENCANADOR","H",{"v":0.288,"d":"0.2880"},{"v":7.2,"d":"7.2000"},2.0736]
["SEINFRA",{"$nulls":5},"Total:",1.5657]
["SEINFRA","C0727",{"v":1,"d":"1.0000"},"CARGA, TRANSPORTE E DESCARGA DE TUBOS E PEÇAS EM PVC DN 50mm ATÉ 15km","M",{"v":1,"d":"1.0000"},{"v":0.16067006133333334,"d":"0.1607"},{"v":0.16067006133333334,"d":"0.1607"}]
["SEINFRA",{"$nulls":4},"Valor BDI:",null,{"v":0,"d":"0.00"}]
["SEINFRA","I2543",{"v":0.106,"d":"0.1060"},"SERVENTE","H",{"v":0.106,"d":"0.1060"},{"v":4.88,"d":"4.8800"},{"v":0.51728,"d":"0.5173"}]
["SEINFRA",{"$nulls":5},"Total:",0.3244]
["SEINFRA","MAO DE OBRA"]
["SEINFRA","MATERIAIS",null,null,"Unidade","Coeficiente","Preço","Total"]
["SEINFRA","I8324",{"v":1,"d":"1.0000"},"DIVISÓRIA PAINEL FIBRAROC, MONTANTE/RODAPÉ DUPLO, PERFIL EM AÇO","M2",{"v":1,"d":"1.0000"},{"v":141,"d":"141.0000"},{"v":141,"d":"141.0000"}]
["SEINFRA",{"$nulls":4},"Total Simples:",null,{"v":84.5,"d":"84.50"}]
["SEINFRA","C4494 - DIVISÓRIA PAINEL PVC, MONTANTE/RODAPÉ SIMPLES, PERFIL EM ALUMÍNIO - FORNECIMENTO E MONTAGEM - M2"]
["SEINFRA","MATERIAIS",null,null,"Unidade","Coeficiente","Preço","Total"]
["SEINFRA",{"$nulls":4},"Valor BDI:",null,{"v":0,"d":"0.00"}]
["SEINFRA","I8301",{"v":1,"d":"1.0000"},"FORRO ACÚSTICO TIPO \"SONEX\" EM ESPUMA FLEXÍVEL DE POLIURETANO, AUTO-EXTINGUÍVEL, C/ SUPERFÍCIE ESCULPIDA, COR BRANCA 20/35","M2",{"v":1,"d":"1.0000"},{"v":96.72,"d":"96.7200"},{"v":96.72,"d":"96.7200"}]
["SEINFRA","MATERIAIS",null,null,"Unidade","Coeficiente","Preço","Total"]
["SEINFRA",{"$nulls":4},"Valor Geral:",null,90.07]
["SEINFRA",{"$nulls":4},"Total Simples:",null,{"v":35.1306,"d":"35.13"}]
["SEINFRA",{"$nulls":5},"Total:",0.6112]
["SEINFRA","I8298",{"v":1,"d":"1.0000"},"FORRO ACÚSTICO TIPO \"SONEX\" EM ESPUMA FLEXÍVEL DE POLIURETANO, AUTO-EXTINGUÍVEL, C/ SUPERFÍCIE ESCULPIDA, COR GRAFITE 20/35","M2",{"v":1,"d":"1.0000"},{"v":80.9,"d":"80.9000"},{"v":80.9,"d":"80.9000"}]
["SEINFRA"]
["SEINFRA",{"$nulls":4},"Encargos Sociais:",null,{"v":0,"d":"0.00"}]
["SEINFRA"]
["SEINFRA",{"$nulls":4},"Valor Geral:",null,{"v":29804.1,"d":"29,804.10"}]
["SEINFRA",{"$nulls":5},"Total:",10.6452]
["SEINFRA",{"$nulls":4},"Valor BDI:",null,{"v":0,"d":"0.00"}]
["SEINFRA","I1691",{"v":1.3,"d":"1.3000"},"PONTALETE / BARROTE DE 3\"x3\"","M",{"v":1.3,"d":"1.3000"},{"v":14.79,"d":"14.7900"},{"v":19.227,"d":"19.2270"}]
["SEINFRA",{"$nulls":4},"Total Simples:",null,{"v":71.060561696144,"d":"71.06"}]
["SEINFRA","MAO DE OBRA",null,null,"Unidade","Coeficiente","Preço","Total"]
["SEINFRA",{"$nulls":4},"Total Simples:",null,{"v":360.29200000000003,"d":"360.29"}]
["SEINFRA","I1916",{"v":0.65,"d":"0.6500"},"TABUA DE 1\" DE 3A. - L = 30cm","M",{"v":0.65,"d":"0.6500"},{"v":6.18,"d":"6.1800"},{"v":4.017,"d":"4.0170"}]
["SEINFRA","I0041",{"v":0.35,"d":"0.3500"},"AJUDANTE DE CARPINTEIRO","H",{"v":0.35,"d":"0.3500"},{"v":5.6,"d":"5.6000"},{"v":1.96,"d":"1.9600"}]
["SEINFRA",{"$nulls":4},"Total Simples:",null,{"v":444.72839999999997,"d":"444.73"}]
["SEINFRA","C4426 - PORTA TIPO PARANÁ (0,70 x 2,10 m), COMPLETA - UN"]
["SEINFRA","I8209",0.0425,"PLATAFORMA TIPO \"CANTITRAVELLER\"","H",0.0425,{"v":701,"d":"701.0000"},29.7925]
["SEINFRA",{"$nulls":4},"Valor BDI:",null,{"v":0,"d":"0.00"}]
["SEINFRA","I1328",{"v":1.4,"d":"1.4000"},"LADRILHISTA","H",{"v":1.4,"d":"1.4000"},{"v":7.2,"d":"7.2000"},{"v":10.08,"d":"10.0800"}]
["SEINFRA",{"$nulls":5},"Total:",{"v":16.912,"d":"16.9120"}]
["SEINFRA","I1328",{"v":1.2,"d":"1.2000"},"LADRILHISTA","H",{"v":1.2,"d":"1.2000"},{"v":7.2,"d":"7.2000"},{"v":8.64,"d":"8.6400"}]
["SEINFRA","I2543",{"v":0.35,"d":"0.3500"},"SERVENTE","H",{"v":0.35,"d":"0.3500"},{"v":4.88,"d":"4.8800"},{"v":1.708,"d":"1.7080"}]
["SEINFRA"]
["SEINFRA","I1728",{"v":0.03,"d":"0.0300"},"PREGO 18X27 (2 1/2 X 10)","KG",{"v":0.03,"d":"0.0300"},{"v":9.4,"d":"9.4000"},{"v":0.282,"d":"0.2820"}]
["SEINFRA","I2543",{"v":0.72,"d":"0.7200"},"SERVENTE","H",{"v":0.72,"d":"0.7200"},{"v":4.88,"d":"4.8800"},3.5136]
["SEINFRA","I0169",{"v":0.74,"d":"0.7400"},"AÇO CA-60","KG",{"v":0.74,"d":"0.7400"},{"v":4.14,"d":"4.1400"},3.0636]
["SEINFRA","I2543",{"v":1.2,"d":"1.2000"},"SERVENTE","H",{"v":1.2,"d":"1.2000"},{"v":4.88,"d":"4.8800"},{"v":5.856,"d":"5.8560"}]
["SEINFRA","I1530",{"v":2.8,"d":"2.8000"},"MONTADOR","H",{"v":2.8,"d":"2.8000"},{"v":7.2,"d":"7.2000"},{"v":20.16,"d":"20.1600"}]
["SEINFRA","I0405",{"v":3.5,"d":"3.5000"},"CAIBRO DE 2\"x1\"","M",{"v":3.5,"d":"3.5000"},{"v":2.84,"d":"2.8400"},{"v":9.94,"d":"9.9400"}]
["SEINFRA","C4459 - MADEIRAMENTO P/ TELHA CERÂMICA - (RIPA, CAIBRO) - M2"]
["SEINFRA","I0041",{"v":0.7,"d":"0.7000"},"AJUDANTE DE CARPINTEIRO","H",{"v":0.7,"d":"0.7000"},{"v":5.6,"d":"5.6000"},{"v":3.92,"d":"3.9200"}]
["SEINFRA",{"$nulls":5},"Total:",67.1174]
["SEINFRA","C4455 - LAJE PRÉ-FABRICADA TRELIÇADA P/ FÔRRO - VÃO ATÉ 2,80 m - M2"]
["SEINFRA","I1846",{"v":0.97,"d":"0.9700"},"SARRAFO DE 1\"X4\"","M",{"v":0.97,"d":"0.9700"},{"v":4.74,"d":"4.7400"},{"v":4.597799999999999,"d":"4.5978"}]
["SEINFRA","MATERIAIS"]
["SEINFRA","I0037",{"v":2,"d":"2.0000"},"AJUDANTE","H",{"v":2,"d":"2.0000"},{"v":5.6,"d":"5.6000"},{"v":11.2,"d":"11.2000"}]
["SEINFRA",{"$nulls":4},"Valor BDI:",null,{"v":0,"d":"0.00"}]
["SEINFRA",{"$nulls":4},"Total Simples:",null,{"v":282.3,"d":"282.30"}]
["SEINFRA","I0064",{"v":1,"d":"1.0000"},"ANCORAGEM PASSIVA PARA CABO COM 2 CORDOALHA DE 12.7mm","UN",{"v":1,"d":"1.0000"},{"v":11.67,"d":"11.6700"},{"v":11.67,"d":"11.6700"}]
["SEINFRA","I0178",{"v":1.3,"d":"1.3000"},"BAINHA METALICA D=35mm","M",{"v":1.3,"d":"1.3000"},{"v":9.45,"d":"9.4500"},{"v":12.285,"d":"12.2850"}]
["SEINFRA","I2391",{"v":5,"d":"5.0000"},"PEDREIRO","H",{"v":5,"d":"5.0000"},{"v":7.2,"d":"7.2000"},{"v":36,"d":"36.0000"}]
["SEINFRA","MAO DE OBRA"]
["SEINFRA","MATERIAIS"]
["SEINFRA",{"$nulls":4},"Total Simples:",null,{"v":28343.0286262682,"d":"28,343.03"}]
["SEINFRA","C3350 - BANDEIRA SIMPLES  (H=1,50M) FORNECIMENTO/MONTAGEM - UN"]
["SEINFRA","I0498",{"v":0.1,"d":"0.1000"},"CARPINTEIRO","H",{"v":0.1,"d":"0.1000"},{"v":7.2,"d":"7.2000"},{"v":0.7200000000000001,"d":"0.7200"}]
["SEINFRA","I2542",{"v":4,"d":"4.0000"},"TRAVESSA DE MADEIRA C/SECAO DE 3\"X1 1/2\"","M",{"v":4,"d":"4.0000"},{"v":7.88,"d":"7.8800"},{"v":31.52,"d":"31.5200"}]
["SEINFRA","I2543",{"v":1,"d":"1.0000"},"SERVENTE","H",{"v":1,"d":"1.0000"},{"v":4.88,"d":"4.8800"},{"v":4.88,"d":"4.8800"}]
["SEINFRA","I2698",{"v":1,"d":"1.0000"},"PLACA SEMI REFLETIVA DE AÇO GALVANIZADO","M2",{"v":1,"d":"1.0000"},{"v":331.09,"d":"331.0900"},{"v":331.09,"d":"331.0900"}]
["SEINFRA","I0581",{"v":0.9,"d":"0.9000"},"CAMINHÃO C/CARROCERIA DE MADEIRA HP 136 (CHI)","H",{"v":0.9,"d":"0.9000"},{"v":16.568559999999998,"d":"16.5686"},{"v":14.911704,"d":"14.9117"}]
["SEINFRA","I2543",{"v":1,"d":"1.0000"},"SERVENTE","H",{"v":1,"d":"1.0000"},{"v":4.88,"d":"4.8800"},{"v":4.88,"d":"4.8800"}]
["SEINFRA","I2699",{"v":1,"d":"1.0000"},"PLACA SEMI REFLETIVA DE ALUMÍNIO","M2",{"v":1,"d":"1.0000"},{"v":479.47,"d":"479.4700"},{"v":479.47,"d":"479.4700"}]
["SEINFRA",{"$nulls":5},"Total:",{"v":5.6,"d":"5.6000"}]
["SEINFRA",{"$nulls":4},"Valor BDI:",null,{"v":0,"d":"0.00"}]
["SEINFRA","MATERIAIS"]
["SEINFRA","I2543",{"v":1,"d":"1.0000"},"SERVENTE","H",{"v":1,"d":"1.0000"},{"v":4.88,"d":"4.8800"},{"v":4.88,"d":"4.8800"}]
["SEINFRA","EQUIPAMENTOS (CHORARIO)",null,null,"Unidade","Coeficiente","Preço","Total"]
["SEINFRA","EQUIPAMENTOS (CHORARIO)",null,null,"Unidade","Coeficiente","Preço","Total"]
["SEINFRA",{"$nulls":4},"Valor BDI:",null,{"v":0,"d":"0.00"}]
["SEINFRA",{"$nulls":4},"Total Simples:",null,{"v":998.5117968499833,"d":"998.51"}]
["SEINFRA",{"$nulls":5},"Total:",4.0047]
["SEINFRA","I2576",{"v":1,"d":"1.0000"},"PLACA SEMI REFLETIVA DE AÇO GALVANIZADO C/PELICULA ANTI-PICHANTE","M2",{"v":1,"d":"1.0000"},{"v":367.89,"d":"367.8900"},{"v":367.89,"d":"367.8900"}]
["SEINFRA","I2543",{"v":1,"d":"1.0000"},"SERVENTE","H",{"v":1,"d":"1.0000"},{"v":4.88,"d":"4.8800"},{"v":4.88,"d":"4.8800"}]
["SEINFRA","I2577",{"v":1,"d":"1.0000"},"PLACA SEMI REFLETIVA DE POLIESTER C/FIBRA DE VIDRO C/PELICULA ANTI-PICHANTE","M2",{"v":1,"d":"1.0000"},{"v":817.92,"d":"817.9200"},{"v":817.92,"d":"817.9200"}]
["SEINFRA",{"$nulls":4},"Encargos Sociais:",null,{"v":12.1,"d":"12.10"}]
["SEINFRA",{"$nulls":5},"Total:",{"v":5.6,"d":"5.6000"}]
["SEINFRA","I2573",{"v":1,"d":"1.0000"},"PLACA REFLETIVA DE AÇO GALVANIZADO C/PELICULA ANTI-PICHANTE","M2",{"v":1,"d":"1.0000"},{"v":522.4,"d":"522.4000"},{"v":522.4,"d":"522.4000"}]
["SEINFRA",{"$nulls":4},"Encargos Sociais:",null,17.64]
["SEINFRA","I2543",{"v":0.34782608695652173,"d":"0.3478"},"SERVENTE","H",{"v":0.34782608695652173,"d":"0.3478"},{"v":4.88,"d":"4.8800"},{"v":1.6973913043478261,"d":"1.6974"}]
["SEINFRA","I0774",{"v":0.13333333333333333,"d":"0.1333"},"TANQUE DE ESTOCAGEM DE ASFALTO (CHP)","H",{"v":0.13333333333333333,"d":"0.1333"},{"v":7.5689649999999995,"d":"7.5690"},{"v":1.0091953333333332,"d":"1.0092"}]
["SEINFRA",{"$nulls":4},"Valor Geral:",null,{"v":65.28604705882353,"d":"65.29"}]
["SEINFRA",{"$nulls":5},"Total:",{"v":1.28,"d":"1.2800"}]
["SEINFRA",{"$nulls":4},"Total Simples:",null,{"v":13.4565,"d":"13.46"}]
["SEINFRA",{"$nulls":4},"Valor Geral:",null,{"v":296.4118275055089,"d":"296.41"}]
["SEINFRA","C3268",{"v":0.054,"d":"0.0540"},"CONCRETO P/VIBR., FCK=10MPa COM AGREGADO PRODUZIDO (S/TRANSP.) ","M3",{"v":0.054,"d":"0.0540"},{"v":222.48352870277188,"d":"222.4835"},{"v":12.014110549949683,"d":"12.0141"}]
["SEINFRA","I0198",{"v":3,"d":"3.0000"},"PONTALETE / BARROTE DE 3\"x3\" - APARELHADO","M",{"v":3,"d":"3.0000"},{"v":18.76,"d":"18.7600"},{"v":56.28,"d":"56.2800"}]
["SEINFRA",{"$nulls":5},"Total:",{"v":5.6,"d":"5.6000"}]
["SEINFRA"]
["SEINFRA",{"$nulls":4},"Valor Geral:",null,{"v":313.777431134623,"d":"313.78"}]
["SEINFRA",{"$nulls":4},"Valor BDI:",null,{"v":0,"d":"0.00"}]
["SEINFRA","I0680",{"v":1,"d":"1.0000"},"BETONEIRA COM MOTOR A DIESEL (CHP)","H",{"v":1,"d":"1.0000"},{"v":13.6904976,"d":"13.6905"},{"v":13.6904976,"d":"13.6905"}]
["SEINFRA","I0566",{"v":0,"d":"0.0000"},"BETONEIRA COM MOTOR A DIESEL (CHI)","H",{"v":0,"d":"0.0000"},{"v":7.7749056,"d":"7.7749"},{"v":0,"d":"0.0000"}]
["SEINFRA",{"$nulls":4},"Total Simples:",null,{"v":104.25659333333333,"d":"104.26"}]
["SEINFRA",{"$nulls":4},"Total Simples:",null,{"v":100.58012,"d":"100.58"}]
["SEINFRA","C3261 - CARREGADEIRA DE PNEUS 3,00 M3 (ALUGUEL) - H"]
["SEINFRA",{"$nulls":4},"Valor Geral:",null,{"v":88.93613647058824,"d":"88.94"}]
["SEINFRA",{"$nulls":4},"Valor Geral:",null,{"v":150.738852,"d":"150.74"}]
["SEINFRA",{"$nulls":5},"Total:",10.6332]
["SEINFRA","I0703",{"v":0.1,"d":"0.1000"},"CAMINHÃO C/CARROCERIA DE MADEIRA HP 136 (CHP)","H",{"v":0.1,"d":"0.1000"},{"v":86.05389333333333,"d":"86.0539"},{"v":8.605389333333333,"d":"8.6054"}]
["SEINFRA",{"$nulls":4},"Valor BDI:",null,{"v":0,"d":"0.00"}]
["SEINFRA","I2577",{"v":1,"d":"1.0000"},"PLACA SEMI REFLETIVA DE POLIESTER C/FIBRA DE VIDRO C/PELICULA ANTI-PICHANTE","M2",{"v":1,"d":"1.0000"},{"v":817.92,"d":"817.9200"},{"v":817.92,"d":"817.9200"}]
["SEINFRA","I2525",{"v":2,"d":"2.0000"},"PARAFUSO C/PORCA E ARRUELA DE 1/4X1 1/2\"","UN",{"v":2,"d":"2.0000"},{"v":0.48,"d":"0.4800"},{"v":0.96,"d":"0.9600"}]
["SEINFRA","C3268",{"v":0.018,"d":"0.0180"},"CONCRETO P/VIBR., FCK=10MPa COM AGREGADO PRODUZIDO (S/TRANSP.) ","M3",{"v":0.018,"d":"0.0180"},{"v":222.48352870277188,"d":"222.4835"},{"v":4.004703516649894,"d":"4.0047"}]
["SEINFRA","C3289 - MOURÃO DE CONCRETO (2,20 x 0,15 x 0,15 M) - UN"]
["SEINFRA","I0654",{"v":0.7,"d":"0.7000"},"ROMPEDOR PNEUMÁTICO (CHI)","H",{"v":0.7,"d":"0.7000"},{"v":7.64976,"d":"7.6498"},{"v":5.354832,"d":"5.3548"}]
["SEINFRA","I2136",{"v":10,"d":"10.0000"},"TRABALHADOR AR COMPRIMIDO","H",{"v":10,"d":"10.0000"},{"v":7.2,"d":"7.2000"},{"v":72,"d":"72.0000"}]
["SEINFRA","I2579",{"v":0.017,"d":"0.0170"},"TORRE METALICA","UN",{"v":0.017,"d":"0.0170"},{"v":2760.21,"d":"2,760.2100"},{"v":46.923570000000005,"d":"46.9236"}]
["SEINFRA","I2543",{"v":1,"d":"1.0000"},"SERVENTE","H",{"v":1,"d":"1.0000"},{"v":4.88,"d":"4.8800"},{"v":4.88,"d":"4.8800"}]
["SEINFRA","MATERIAIS"]
["SEINFRA","MAO DE OBRA"]
["SEINFRA","I0680",{"v":1,"d":"1.0000"},"BETONEIRA COM MOTOR A DIESEL (CHP)","H",{"v":1,"d":"1.0000"},{"v":13.6904976,"d":"13.6905"},{"v":13.6904976,"d":"13.6905"}]
["SEINFRA","I0566",{"v":0,"d":"0.0000"},"BETONEIRA COM MOTOR A DIESEL (CHI)","H",{"v":0,"d":"0.0000"},{"v":7.7749056,"d":"7.7749"},{"v":0,"d":"0.0000"}]
["SEINFRA","MAO DE OBRA",null,null,"Unidade","Coeficiente","Preço","Total"]
["SEINFRA","I2543",{"v":0.05,"d":"0.0500"},"SERVENTE","H",{"v":0.05,"d":"0.0500"},{"v":4.88,"d":"4.8800"},{"v":0.24400000000000002,"d":"0.2440"}]
["SEINFRA","C4356 - PUXAMENTO MANUAL DA LINHA, POR FRAÇÃO DE ATÉ 20 cm, COMPREENDENDO REAPERTO DA FIXAÇÃO, DESGUARNECIMENTO PARCIAL DO OMBRO DO LASTRO, PUXAMENTO, RECOLOCAÇÃO DO LASTRO E ACABAMENTO, BITOLA MÉTRICA - M"]
["SEINFRA","MAO DE OBRA",null,null,"Unidade","Coeficiente","Preço","Total"]
["SEINFRA","I2543",{"v":0.04,"d":"0.0400"},"SERVENTE","H",{"v":0.04,"d":"0.0400"},{"v":4.88,"d":"4.8800"},0.1952]
["SEINFRA",{"$nulls":4},"Valor Geral:",null,{"v":10.4591,"d":"10.46"}]
["SEINFRA","C4352 - CONSOLIDAÇÃO MANUAL DA FIXAÇÃO ELÁSTICA - SUBSTITUIÇÃO OU REPOSICIONAMENTO DE PEÇAS DA FIXAÇÃO DOS DORMENTES DE CONCRETO (SEM FORNECIMENTO) - UN"]
["SEINFRA","I7989",0.0009,"MESTRE DE LINHA","H",0.0009,{"v":13.6,"d":"13.6000"},{"v":0.01224,"d":"0.0122"}]
["SEINFRA",{"$nulls":5},"Total:",{"v":6.4,"d":"6.4000"}]
["SEINFRA","I8231",{"v":22,"d":"22.0000"},"CANTONEIRA EM AÇO (6 x 6 x 1/2\")","KG",{"v":22,"d":"22.0000"},{"v":5.16,"d":"5.1600"},{"v":113.52,"d":"113.5200"}]
["SEINFRA",{"$nulls":5},"Total:",{"v":12.8,"d":"12.8000"}]
["SEINFRA","I0043",{"v":0.4,"d":"0.4000"},"AJUDANTE DE ENCANADOR","H",{"v":0.4,"d":"0.4000"},{"v":5.6,"d":"5.6000"},{"v":2.24,"d":"2.2400"}]
["SEINFRA","MAO DE OBRA",null,null,"Unidade","Coeficiente","Preço","Total"]
["SEINFRA",{"$nulls":4},"Valor Geral:",null,{"v":12.3049,"d":"12.30"}]
["SEINFRA","C4374 - BUCHA DE REDUÇÃO DE AÇO GALVANIZADO 1 1/2\"x 1\" - UN"]
["SEINFRA",{"$nulls":4},"Total Simples:",null,{"v":110105.21,"d":"110,105.21"}]
["SEINFRA","MAO DE OBRA",null,null,"Unidade","Coeficiente","Preço","Total"]
["SEINFRA",{"$nulls":5},"Total:",{"v":28.43,"d":"28.4300"}]
["SEINFRA",{"$nulls":5},"Total:",{"v":6.4,"d":"6.4000"}]
["SEINFRA",{"$nulls":4},"Encargos Sociais:",null,2.98]
["SEINFRA","C4390 - JOELHO 45 PVC BRANCO PARA ESGOTO D=100mm (4\") - UN"]
["SEINFRA",{"$nulls":5},"Total:",{"v":14.4,"d":"14.4000"}]
["SEINFRA","C4785 - REDE FRIGORÍGENA C/ TUBO DE COBRE 1 1/8\", ISOLADO COM BORRACHA ELASTOMÉRICA, SUSTENTAÇÃO, SOLDA E LIMPEZA - M"]
["SEINFRA",{"$nulls":5},"Total:",{"v":74.62,"d":"74.6200"}]
["SEINFRA",{"$nulls":4},"Encargos Sociais:",null,{"v":7.9,"d":"7.90"}]
["SEINFRA",{"$nulls":4},"Total Simples:",null,{"v":107.426146,"d":"107.43"}]
["SEINFRA",{"$nulls":5},"Total:",{"v":26500,"d":"26,500.0000"}]
["SEINFRA",{"$nulls":5},"Total:",{"v":1.92,"d":"1.9200"}]
["SEINFRA",{"$nulls":4},"Total Simples:",null,{"v":31.184540000000002,"d":"31.18"}]
["SEINFRA","I2312",{"v":0.15,"d":"0.1500"},"ELETRICISTA","H",{"v":0.15,"d":"0.1500"},{"v":7.2,"d":"7.2000"},{"v":1.08,"d":"1.0800"}]
["SEINFRA",{"$nulls":4},"Valor Geral:",null,{"v":30.386974000000002,"d":"30.39"}]
["SEINFRA","MAO DE OBRA",null,null,"Unidade","Coeficiente","Preço","Total"]
["SEINFRA","C4775 - VÁLVULA DE RETENÇÃO DE PVC P/ ESGOTO D=150MM - UN"]
["SEINFRA","C1399",{"v":0.172,"d":"0.1720"},"FORMA PLANA CHAPA COMPENSADA PLASTIFICADA, ESP.= 12mm UTIL. 5X","M2",{"v":0.172,"d":"0.1720"},59.2916,{"v":10.198155199999999,"d":"10.1982"}]
["SEINFRA",{"$nulls":4},"Valor BDI:",null,{"v":0,"d":"0.00"}]
["SEINFRA","C4781 - REDE FRIGORÍGENA C/ TUBO DE COBRE 7/8\" FLEXÍVEL, ISOLADO COM BORRACHA ELASTOMÉRICA, SUSTENTAÇÃO, SOLDA E LIMPEZA - M"]
["SEINFRA",{"$nulls":5},"Total:",{"v":12.8,"d":"12.8000"}]
["SEINFRA",{"$nulls":4},"Encargos Sociais:",null,75.85]
["SEINFRA",{"$nulls":5},"Total:",{"v":24.16,"d":"24.1600"}]
["SEINFRA","I2976",{"v":1,"d":"1.0000"},"CALHA PARSHALL EM FIBRA DE VIDRO P/ ÁGUA W:12\"","UN",{"v":1,"d":"1.0000"},{"v":7182.72,"d":"7,182.7200"},{"v":7182.72,"d":"7,182.7200"}]
["SEINFRA",{"$nulls":4},"Encargos Sociais:",null,35.14]
["SEINFRA","I0805",{"v":20.34,"d":"20.3400"},"CIMENTO PORTLAND","KG",{"v":20.34,"d":"20.3400"},{"v":0.5,"d":"0.5000"},{"v":10.17,"d":"10.1700"}]
["SEINFRA",{"$nulls":4},"Valor BDI:",null,{"v":0,"d":"0.00"}]
["SEINFRA","I2543",{"v":0.75,"d":"0.7500"},"SERVENTE","H",{"v":0.75,"d":"0.7500"},{"v":4.88,"d":"4.8800"},{"v":3.66,"d":"3.6600"}]
["SEINFRA","MAO DE OBRA",null,null,"Unidade","Coeficiente","Preço","Total"]
["SEINFRA","C4720 - SUPRESSÃO DO RAMAL PREDIAL DE ÁGUA COM USO DE CHIBAGUA E RETIRADA DE HIDRÔMETRO - UN"]
["SEINFRA",{"$nulls":5},"Total:",0.0416]
["SEINFRA","C4729 - CERCA/GRADIL NYLOFOR H=2,03M, MALHA 5 X 20CM - FIO 4,30MM, COM FIXADORES DE POLIAMIDA EM POSTE 40 x 60 MM CHUMBADOS EM BASE DE CONCRETO (EXCLUSIVE ESTA) , REVESTIDOS EM POLIESTER POR PROCESSO DE PINTURA ELETROSTÁTICA (GRADIL E POSTE), NAS CORES VERDE OU BRANCA - FORNECIMENTO E INSTALAÇÃO - M"]
["SEINFRA"]
["SEINFRA",{"$nulls":4},"Valor BDI:",null,{"v":0,"d":"0.00"}]
["SEINFRA",{"$nulls":4},"Total Simples:",null,{"v":10.172096400000001,"d":"10.17"}]
["SEINFRA","I2507",{"v":0.05,"d":"0.0500"},"DINAMITE 60%","KG",{"v":0.05,"d":"0.0500"},{"v":14.25,"d":"14.2500"},0.7125]
["SEINFRA",{"$nulls":4},"Valor Geral:",null,{"v":16.3215964,"d":"16.32"}]
["SEINFRA","EQUIPAMENTOS (CHORARIO)",null,null,"Unidade","Coeficiente","Preço","Total"]
["SEINFRA",{"$nulls":5},"Total:",25.6806]
["SEINFRA",{"$nulls":5},"Total:",23.1421]
["SEINFRA","I0221",{"v":0.0196078431372549,"d":"0.0196"},"BLASTER","H",{"v":0.0196078431372549,"d":"0.0196"},{"v":10.4,"d":"10.4000"},{"v":0.20392156862745098,"d":"0.2039"}]
["SEINFRA","I0596",{"v":3.7254901960784314E-3,"d":"0.0037"},"CARREGADEIRA DE PNEUS HP 180 (CHI)","H",{"v":3.7254901960784314E-3,"d":"0.0037"},{"v":40.21077714285715,"d":"40.2108"},{"v":0.14980485602240898,"d":"0.1498"}]
["SEINFRA"]
["SEINFRA","I2516",{"v":0.013,"d":"0.0130"},"GRAMPOS PARA CERCA","KG",{"v":0.013,"d":"0.0130"},{"v":10.31,"d":"10.3100"},{"v":0.13402999999999998,"d":"0.1340"}]
["SEINFRA","I0779",{"v":0.013888888888888888,"d":"0.0139"},"TRATOR DE ESTEIRAS C/LÂMINA E ESC. HP 155 (CHP)","H",{"v":0.013888888888888888,"d":"0.0139"},{"v":220.70162000000002,"d":"220.7016"},{"v":3.065300277777778,"d":"3.0653"}]
["SEINFRA","I0596",{"v":0.000196078431372549,"d":"0.0002"},"CARREGADEIRA DE PNEUS HP 180 (CHI)","H",{"v":0.000196078431372549,"d":"0.0002"},{"v":40.21077714285715,"d":"40.2108"},{"v":0.007884466106442578,"d":"0.0079"}]
["SEINFRA",{"$nulls":4},"Valor Geral:",null,{"v":1265.811,"d":"1,265.81"}]
["SEINFRA","I0860",{"v":3,"d":"3.0000"},"CORDEL DETONANTE","M",{"v":3,"d":"3.0000"},{"v":2.72,"d":"2.7200"},{"v":8.16,"d":"8.1600"}]
["SEINFRA","I0498",{"v":1,"d":"1.0000"},"CARPINTEIRO","H",{"v":1,"d":"1.0000"},{"v":7.2,"d":"7.2000"},{"v":7.2,"d":"7.2000"}]
["SEINFRA","SERVIÇOS"]
["SEINFRA"]
["SEINFRA",{"$nulls":5},"Total:",129.6589]
["SEINFRA"]
["SEINFRA","I0037",{"v":12,"d":"12.0000"},"AJUDANTE","H",{"v":12,"d":"12.0000"},{"v":5.6,"d":"5.6000"},{"v":67.2,"d":"67.2000"}]
["SEINFRA",{"$nulls":5},"Total:",{"v":0.486,"d":"0.4860"}]
["SEINFRA","I0037",{"v":9,"d":"9.0000"},"AJUDANTE","H",{"v":9,"d":"9.0000"},{"v":5.6,"d":"5.6000"},{"v":50.4,"d":"50.4000"}]
["SEINFRA","C0330",{"v":5,"d":"5.0000"},"ATERRO C/COMPACTAÇÃO MANUAL S/CONTROLE, MAT. C/AQUISIÇÃO","M3",{"v":5,"d":"5.0000"},{"v":58.896,"d":"58.8960"},{"v":294.48,"d":"294.4800"}]
["SEINFRA","I8973",0.1455,"ALUGUEL DE EQUIPAMENTO PARA COLETA DE DADOS, DO TIPO \"TABLET\", COM SISTEMA OPERACIONAL ANDROID 4.2 OU VERSÃO SUPERIOR","H",0.1455,{"v":0.49,"d":"0.4900"},{"v":0.071295,"d":"0.0713"}]
["SEINFRA",{"$nulls":4},"Total Simples:",null,{"v":4.375062163636364,"d":"4.38"}]
["SEINFRA","I0700",0.3333,"CAMINHONETE SAVEIRO (CHP)","H",0.3333,{"v":54.042831666666665,"d":"54.0428"},{"v":18.0124757945,"d":"18.0125"}]
["SEINFRA","C3240 - TRATAMENTO SUPERFICIAL DUPLO (S/TRANSP) - M2"]
["SEINFRA","I0728",{"v":0.058823529411764705,"d":"0.0588"},"COMPRESSOR DE AR 250 PCM (CHP)","H",{"v":0.058823529411764705,"d":"0.0588"},{"v":78.5809126984127,"d":"78.5809"},{"v":4.622406629318394,"d":"4.6224"}]
["SEINFRA",{"$nulls":4},"Valor Geral:",null,{"v":25.016127805788983,"d":"25.02"}]
["SEINFRA","I2521",{"v":0.55,"d":"0.5500"},"MICRO ESFERA DE VIDRO","KG",{"v":0.55,"d":"0.5500"},{"v":4.51,"d":"4.5100"},2.4805]
["SEINFRA","I0642",{"v":0,"d":"0.0000"},"MOTO NIVELADORA (CHI)","H",{"v":0,"d":"0.0000"},{"v":38.6607619047619,"d":"38.6608"},{"v":0,"d":"0.0000"}]
["SEINFRA","I0698",{"v":0.008888888888888889,"d":"0.0089"},"CAMINHÃO TANQUE 8.000 l (CHP)","H",{"v":0.008888888888888889,"d":"0.0089"},{"v":107.79678529411764,"d":"107.7968"},{"v":0.9581936470588235,"d":"0.9582"}]
["SEINFRA","SERVIÇOS"]
["SEINFRA",{"$nulls":4},"Valor Geral:",null,{"v":27.667787701599458,"d":"27.67"}]
["SEINFRA",{"$nulls":4},"Encargos Sociais:",null,42.15]
["SEINFRA","MAO DE OBRA",null,null,"Unidade","Coeficiente","Preço","Total"]
["SEINFRA","I0596",0.0012,"CARREGADEIRA DE PNEUS HP 180 (CHI)","H",0.0012,{"v":40.21077714285715,"d":"40.2108"},{"v":0.048252932571428576,"d":"0.0483"}]
["SEINFRA","I0608",{"v":4.4061302681992342E-4,"d":"0.0004"},"COMPACTADOR LISO TANDEM AUTOPROPELIDO (CHI)","H",{"v":4.4061302681992342E-4,"d":"0.0004"},{"v":18.274,"d":"18.2740"},{"v":0.008051762452107281,"d":"0.0081"}]
["SEINFRA","I0672",{"v":0.009423076923076923,"d":"0.0094"},"VASSOURA MECÂNICA (CHI)","H",{"v":0.009423076923076923,"d":"0.0094"},{"v":2.5064325,"d":"2.5064"},{"v":0.02361830625,"d":"0.0236"}]
["SEINFRA","I0642",{"v":0,"d":"0.0000"},"MOTO NIVELADORA (CHI)","H",{"v":0,"d":"0.0000"},{"v":38.6607619047619,"d":"38.6608"},{"v":0,"d":"0.0000"}]
["SEINFRA","I0666",{"v":0,"d":"0.0000"},"TRATOR DE ESTEIRAS C/LÂMINA E ESC. HP 155 (CHI)","H",{"v":0,"d":"0.0000"},{"v":39.71211411764706,"d":"39.7121"},{"v":0,"d":"0.0000"}]
["SEINFRA",{"$nulls":5},"Total:",1.5583]
["SEINFRA","I2329",{"v":0.045,"d":"0.0450"},"ESTOPIM","M",{"v":0.045,"d":"0.0450"},{"v":2.75,"d":"2.7500"},{"v":0.12375,"d":"0.1238"}]
["SEINFRA",{"$nulls":4},"Total Simples:",null,{"v":8.244862294117647,"d":"8.24"}]
["SEINFRA","I0683",{"v":0.022222222222222223,"d":"0.0222"},"BOMBA COM MOTOR A DIESEL (CHP)","H",{"v":0.022222222222222223,"d":"0.0222"},{"v":17.2919488,"d":"17.2919"},{"v":0.3842655288888889,"d":"0.3843"}]
["SEINFRA","SERVIÇOS"]
["SEINFRA",{"$nulls":4},"Valor Geral:",null,{"v":27.080929161693224,"d":"27.08"}]
["SEINFRA","MAO DE OBRA"]
["SEINFRA","EQUIPAMENTOS (CHORARIO)",null,null,"Unidade","Coeficiente","Preço","Total"]
["SEINFRA",{"$nulls":4},"Total Simples:",null,{"v":99.82224595357309,"d":"99.82"}]
["SEINFRA",{"$nulls":4},"Valor BDI:",null,{"v":0,"d":"0.00"}]
["SEINFRA","C3220 - FAIXA.HORIZONTAL/TINTA REFLETIVA/RESINA ACRÍLICA - M2"]
["SEINFRA","MAO DE OBRA"]
["SEINFRA","I0779",{"v":0.00980392156862745,"d":"0.0098"},"TRATOR DE ESTEIRAS C/LÂMINA E ESC. HP 155 (CHP)","H",{"v":0.00980392156862745,"d":"0.0098"},{"v":220.70162000000002,"d":"220.7016"},{"v":2.16374137254902,"d":"2.1637"}]
["SEINFRA","C3168 - ESCAVAÇÃO CARGA TRANSP. 1-CAT 3001 A 4000M - M3"]
["SEINFRA",{"$nulls":4},"Valor Geral:",null,{"v":12.68537734223101,"d":"12.69"}]
["SEINFRA",{"$nulls":4},"Valor BDI:",null,{"v":0,"d":"0.00"}]
["SEINFRA","C3172 - ESCAVAÇÃO CARGA TRANSP. 2-CAT 4001 A 5000M - M3"]
["SEINFRA","I2543",{"v":0.0784313725490196,"d":"0.0784"},"SERVENTE","H",{"v":0.0784313725490196,"d":"0.0784"},{"v":4.88,"d":"4.8800"},{"v":0.3827450980392157,"d":"0.3827"}]
["SEINFRA","MATERIAIS"]
["SEINFRA","I0710",{"v":0.009607843137254901,"d":"0.0096"},"CARREGADEIRA DE PNEUS HP 180 (CHP)","H",{"v":0.009607843137254901,"d":"0.0096"},{"v":237.02106285714285,"d":"237.0211"},{"v":2.2772611921568626,"d":"2.2773"}]
["SEINFRA",{"$nulls":4},"Valor BDI:",null,{"v":0,"d":"0.00"}]
["SEINFRA","I0728",{"v":1,"d":"1.0000"},"COMPRESSOR DE AR 250 PCM (CHP)","H",{"v":1,"d":"1.0000"},{"v":78.5809126984127,"d":"78.5809"},{"v":78.5809126984127,"d":"78.5809"}]
["SEINFRA","MAO DE OBRA"]
["SEINFRA",{"$nulls":5},"Total:",0.3754]
["SEINFRA","C3164 - ESCARIFICAÇÃO P/APROVEITAMENTO DE SUB-BASE/BASE/REVESTIMENTO PRIMÁRIO - M3"]
["SEINFRA","SERVIÇOS"]
["SEINFRA","I0742",{"v":1,"d":"1.0000"},"GRUPO GERADOR 36 KVA (CHP)","H",{"v":1,"d":"1.0000"},35.2141,35.2141]
["SEINFRA","I0593",{"v":0,"d":"0.0000"},"CAMPÂNULA DE AR COMPRIMIDO (CHI)","H",{"v":0,"d":"0.0000"},{"v":4.530210461538462,"d":"4.5302"},{"v":0,"d":"0.0000"}]
["SEINFRA","I0651",{"v":0,"d":"0.0000"},"RESERVATÓRIO DE AR COMPRIMIDO (CHI)","H",{"v":0,"d":"0.0000"},{"v":1.1185698461538462,"d":"1.1186"},{"v":0,"d":"0.0000"}]
["SEINFRA","C1405",{"v":6.28,"d":"6.2800"},"FORMA PLANA CHAPA COMPENSADA RESINADA, ESP.= 12mm UTIL. 3 X","M2",{"v":6.28,"d":"6.2800"},74.9093,{"v":470.430404,"d":"470.4304"}]
["SEINFRA","I0610",{"v":0.002711111111111111,"d":"0.0027"},"COMPAC. PÉ DE CARNEIRO VIBRAT. AUTOPROP. (CHI)","H",{"v":0.002711111111111111,"d":"0.0027"},{"v":26.34186,"d":"26.3419"},{"v":0.07141570933333334,"d":"0.0714"}]
["SEINFRA",{"$nulls":5},"Total:",142.3935]
["SEINFRA","C3270",{"v":1.53,"d":"1.5300"},"CONCRETO P/VIBR., FCK=15MPa COM AGREGADO PRODUZIDO (S/ TRANSP.)","M3",{"v":1.53,"d":"1.5300"},{"v":242.27532362100368,"d":"242.2753"},{"v":370.6812451401357,"d":"370.6812"}]
["SEINFRA","SERVIÇOS"]
["SEINFRA","I0683",{"v":0.6,"d":"0.6000"},"BOMBA COM MOTOR A DIESEL (CHP)","H",{"v":0.6,"d":"0.6000"},{"v":17.2919488,"d":"17.2919"},{"v":10.37516928,"d":"10.3752"}]
["SEINFRA","I2528",0.0003,"PEÇAS DE DESGASTE DO BRITADOR","CJ",0.0003,{"v":26583,"d":"26,583.0000"},{"v":7.974899999999999,"d":"7.9749"}]
["SEINFRA",{"$nulls":5},"Total:",0.1952]
["SEINFRA","I0698",{"v":0.006666666666666667,"d":"0.0067"},"CAMINHÃO TANQUE 8.000 l (CHP)","H",{"v":0.006666666666666667,"d":"0.0067"},{"v":107.79678529411764,"d":"107.7968"},{"v":0.7186452352941176,"d":"0.7186"}]
["SEINFRA","I2543",{"v":0.04,"d":"0.0400"},"SERVENTE","H",{"v":0.04,"d":"0.0400"},{"v":4.88,"d":"4.8800"},0.1952]
["SEINFRA","C3218",{"v":0.14,"d":"0.1400"},"EXPURGO DE JAZIDA","M3",{"v":0.14,"d":"0.1400"},{"v":2.6797862790697677,"d":"2.6798"},{"v":0.3751700790697675,"d":"0.3752"}]
["SEINFRA","MAO DE OBRA"]
["SEINFRA",{"$nulls":5},"Total:",61.9721]
["SEINFRA","C3142 - COLCHÃO DRENANTE DE BRITA ( S/TRANSP) - M3"]
["SEINFRA",{"$nulls":5},"Total:",0.0255]
["SEINFRA",{"$nulls":4},"Encargos Sociais:",null,5.54]
["SEINFRA","I2543",{"v":0.0784313725490196,"d":"0.0784"},"SERVENTE","H",{"v":0.0784313725490196,"d":"0.0784"},{"v":4.88,"d":"4.8800"},{"v":0.3827450980392157,"d":"0.3827"}]
["SEINFRA","EQUIPAMENTOS (CHORARIO)",null,null,"Unidade","Coeficiente","Preço","Total"]
["SEINFRA","I0596",{"v":1.8055555555555557E-3,"d":"0.0018"},"CARREGADEIRA DE PNEUS HP 180 (CHI)","H",{"v":1.8055555555555557E-3,"d":"0.0018"},{"v":40.21077714285715,"d":"40.2108"},{"v":0.07260279206349207,"d":"0.0726"}]
["SEINFRA","I0860",{"v":0.84,"d":"0.8400"},"CORDEL DETONANTE","M",{"v":0.84,"d":"0.8400"},{"v":2.72,"d":"2.7200"},{"v":2.2847999999999997,"d":"2.2848"}]
["SEINFRA","I2329",{"v":0.045,"d":"0.0450"},"ESTOPIM","M",{"v":0.045,"d":"0.0450"},{"v":2.75,"d":"2.7500"},{"v":0.12375,"d":"0.1238"}]
["SEINFRA","I2326",{"v":0.007,"d":"0.0070"},"ESPOLETA","UN",{"v":0.007,"d":"0.0070"},{"v":2.35,"d":"2.3500"},{"v":0.01645,"d":"0.0165"}]
["SEINFRA","I0759",{"v":0.29411764705882354,"d":"0.2941"},"PERFURATRIZ PNEUMÁTICA (CHP)","H",{"v":0.29411764705882354,"d":"0.2941"},9.7449,{"v":2.8661470588235294,"d":"2.8661"}]
["SEINFRA",{"$nulls":4},"Total Simples:",null,{"v":11.091303902894492,"d":"11.09"}]
["SEINFRA",{"$nulls":4},"Valor BDI:",null,{"v":0,"d":"0.00"}]
["SEINFRA",{"$nulls":4},"Encargos Sociais:",null,0.68]
["SEINFRA",{"$nulls":4},"Valor Geral:",null,{"v":16.07340225572582,"d":"16.07"}]
["SEINFRA",{"$nulls":4},"Valor BDI:",null,{"v":0,"d":"0.00"}]
["SEINFRA","I0688",{"v":0.051666666666666666,"d":"0.0517"},"CAMINHÃO BASCULANTE 12 M3 (CHP)","H",{"v":0.051666666666666666,"d":"0.0517"},{"v":123.47194705882353,"d":"123.4719"},{"v":6.379383931372549,"d":"6.3794"}]
["SEINFRA",{"$nulls":4},"Valor BDI:",null,{"v":0,"d":"0.00"}]
["SEINFRA",{"$nulls":4},"Encargos Sociais:",null,0.59]
["SEINFRA",{"$nulls":4},"Total Simples:",null,{"v":7.798012463338276,"d":"7.80"}]
["SEINFRA","MAO DE OBRA",null,null,"Unidade","Coeficiente","Preço","Total"]
["SEINFRA",{"$nulls":4},"Encargos Sociais:",null,{"v":653.3,"d":"653.30"}]
["SEINFRA",{"$nulls":5},"Total:",0.1084]
["SEINFRA","I0667",{"v":7.5555555555555565E-4,"d":"0.0008"},"TRATOR DE PNEUS (CHI)","H",{"v":7.5555555555555565E-4,"d":"0.0008"},{"v":12.995035294117647,"d":"12.9950"},{"v":0.009818471111111112,"d":"0.0098"}]
["SEINFRA","I0780",{"v":3.6888888888888887E-3,"d":"0.0037"},"TRATOR DE PNEUS (CHP)","H",{"v":3.6888888888888887E-3,"d":"0.0037"},{"v":73.86103529411764,"d":"73.8610"},{"v":0.27246515241830066,"d":"0.2725"}]
["SEINFRA",{"$nulls":5},"Total:",{"v":3.6,"d":"3.6000"}]
["SEINFRA","I8674",{"v":1,"d":"1.0000"},"TUBO CORRUGADO DUPLA PAREDE PEAD D=60,0cm","M",{"v":1,"d":"1.0000"},{"v":239.83,"d":"239.8300"},{"v":239.83,"d":"239.8300"}]
["SEINFRA","MAO DE OBRA",null,null,"Unidade","Coeficiente","Preço","Total"]
["SEINFRA",{"$nulls":5},"Total:",2.2209]
["SEINFRA","I0766",0.0158,"RETRO ESCAVADEIRA DE PNEUS - ALUGUEL (CHP)","H",0.0158,{"v":58.90972,"d":"58.9097"},{"v":0.9307735760000001,"d":"0.9308"}]
["SEINFRA",{"$nulls":4},"Encargos Sociais:",null,3.06]
["SEINFRA","C0057",{"v":0.684,"d":"0.6840"},"ALVENARIA DE PEDRA ARGAMASSADA (TRAÇO 1:4) C/AGREGADOS PRODUZIDOS (S/TRANSP)","M3",{"v":0.684,"d":"0.6840"},{"v":163.46435522830998,"d":"163.4644"},{"v":111.80961897616405,"d":"111.8096"}]
["SEINFRA","MAO DE OBRA",null,null,"Unidade","Coeficiente","Preço","Total"]
["SEINFRA",{"$nulls":5},"Total:",{"v":431.74,"d":"431.7400"}]
["SEINFRA","I8680",{"v":0.384,"d":"0.3840"},"CONJUNTO MISTURADOR 180 L DE ALTA ROTAÇÃO E BOMBA DE INJEÇÃO","H",{"v":0.384,"d":"0.3840"},{"v":34,"d":"34.0000"},{"v":13.056000000000001,"d":"13.0560"}]
["SEINFRA","I0157",{"v":1,"d":"1.0000"},"AÇO CA-25","KG",{"v":1,"d":"1.0000"},{"v":4.06,"d":"4.0600"},{"v":4.06,"d":"4.0600"}]
["SEINFRA",{"$nulls":5},"Total:",42.2562]
["SEINFRA",{"$nulls":4},"Valor BDI:",null,{"v":0,"d":"0.00"}]
["SEINFRA","I8687",{"v":1,"d":"1.0000"},"SOLDA DE TOPO EM PERFIL METÁLICO \"I\" OU \"H\"","UN",{"v":1,"d":"1.0000"},{"v":178.35,"d":"178.3500"},{"v":178.35,"d":"178.3500"}]
["SEINFRA",{"$nulls":4},"Valor Geral:",null,178.35]
["SEINFRA","I0103",{"v":0.4,"d":"0.4000"},"ARAME RECOZIDO N.18 BWG","KG",{"v":0.4,"d":"0.4000"},{"v":9.97,"d":"9.9700"},{"v":3.9880000000000004,"d":"3.9880"}]
["SEINFRA","I0805",{"v":84.876,"d":"84.8760"},"CIMENTO PORTLAND","KG",{"v":84.876,"d":"84.8760"},{"v":0.5,"d":"0.5000"},{"v":42.438,"d":"42.4380"}]
["SEINFRA",{"$nulls":4},"Total Simples:",null,{"v":367.98972,"d":"367.99"}]
["SEINFRA","I0108",0.0142,"AREIA GROSSA","M3",0.0142,{"v":50,"d":"50.0000"},{"v":0.7100000000000001,"d":"0.7100"}]
["SEINFRA","MAO DE OBRA",null,null,"Unidade","Coeficiente","Preço","Total"]
["SEINFRA",{"$nulls":5},"Total:",6.5768]
["SEINFRA",{"$nulls":4},"Valor Geral:",null,{"v":14.255806,"d":"14.26"}]
["SEINFRA","I2395",{"v":0.05,"d":"0.0500"},"PINTOR","H",{"v":0.05,"d":"0.0500"},{"v":7.2,"d":"7.2000"},{"v":0.36000000000000004,"d":"0.3600"}]
["SEINFRA","I2510",{"v":1,"d":"1.0000"},"ENCARREGADO DE SERVIÇOS","H",{"v":1,"d":"1.0000"},{"v":13.6,"d":"13.6000"},{"v":13.6,"d":"13.6000"}]
["SEINFRA","I2012",{"v":1,"d":"1.0000"},"TE PVC RIGIDO. PARA ESGOTO - 100MM (4')","UN",{"v":1,"d":"1.0000"},{"v":10.45,"d":"10.4500"},{"v":10.45,"d":"10.4500"}]
["SEINFRA","I2193",{"v":0.165,"d":"0.1650"},"TUBO PVC ESGOTO DE 100MM (4')","M",{"v":0.165,"d":"0.1650"},{"v":9.33,"d":"9.3300"},{"v":1.53945,"d":"1.5395"}]
["SEINFRA",{"$nulls":4},"Total Simples:",null,{"v":695.6718,"d":"695.67"}]
["SEINFRA","MAO DE OBRA",null,null,"Unidade","Coeficiente","Preço","Total"]
["SEINFRA",{"$nulls":4},"Encargos Sociais:",null,21.17]
["SEINFRA","MAO DE OBRA",null,null,"Unidade","Coeficiente","Preço","Total"]
["SEINFRA","I1579",{"v":2,"d":"2.0000"},"PARAFUSO CROMADO P/FIXAÇÃO SANITARIOS","UN",{"v":2,"d":"2.0000"},{"v":2.55,"d":"2.5500"},{"v":5.1,"d":"5.1000"}]
["SEINFRA","C4643 - INSTALAÇÃO DE BARRA ANTI-PÂNICO C/ TRAVA EM AÇO INOX DIÂM. 1 1/2 - CJ"]
["SEINFRA",{"$nulls":5},"Total:",{"v":2.8,"d":"2.8000"}]
["SEINFRA","I0037",{"v":0.23,"d":"0.2300"},"AJUDANTE","H",{"v":0.23,"d":"0.2300"},{"v":5.6,"d":"5.6000"},{"v":1.288,"d":"1.2880"}]
["SEINFRA",{"$nulls":5},"Total:",{"v":1.208,"d":"1.2080"}]
["SEINFRA",{"$nulls":4},"Total Simples:",null,{"v":11.207,"d":"11.21"}]
["SEINFRA",{"$nulls":4},"Valor BDI:",null,{"v":0,"d":"0.00"}]
["SEINFRA",{"$nulls":5},"Total:",{"v":4.584,"d":"4.5840"}]
["SEINFRA",{"$nulls":4},"Encargos Sociais:",null,{"v":2.1,"d":"2.10"}]
["SEINFRA",{"$nulls":4},"Valor Geral:",null,{"v":30.125024514630148,"d":"30.13"}]
["SEINFRA","EQUIPAMENTOS (CHORARIO)",null,null,"Unidade","Coeficiente","Preço","Total"]
["SEINFRA","I0786",0.5333,"VEÍCULO UTILITÁRIO KOMBI (CHP)","H",0.5333,{"v":55.47703166666667,"d":"55.4770"},{"v":29.585900987833334,"d":"29.5859"}]
["SEINFRA","I2543",{"v":2.5,"d":"2.5000"},"SERVENTE","H",{"v":2.5,"d":"2.5000"},{"v":4.88,"d":"4.8800"},{"v":12.2,"d":"12.2000"}]
["SEINFRA","I0805",{"v":7.31,"d":"7.3100"},"CIMENTO PORTLAND","KG",{"v":7.31,"d":"7.3100"},{"v":0.5,"d":"0.5000"},{"v":3.655,"d":"3.6550"}]
["SEINFRA","C0073",{"v":1.8,"d":"1.8000"},"ALVENARIA DE TIJOLO CERÂMICO FURADO (9x19x19)cm C/ARGAMASSA MISTA DE CAL HIDRATADA ESP.=10cm (1:2:8)","M2",{"v":1.8,"d":"1.8000"},26.5588,{"v":47.80584,"d":"47.8058"}]
["SEINFRA","I2391",{"v":0.45,"d":"0.4500"},"PEDREIRO","H",{"v":0.45,"d":"0.4500"},{"v":7.2,"d":"7.2000"},{"v":3.24,"d":"3.2400"}]
["SEINFRA",{"$nulls":4},"Valor BDI:",null,{"v":0,"d":"0.00"}]
["SEINFRA","C2784",{"v":16.53,"d":"16.5300"},"ESCAVAÇÃO MANUAL SOLO DE 1A.CAT. PROF. ATÉ 1.50m","M3",{"v":16.53,"d":"16.5300"},{"v":12.932,"d":"12.9320"},{"v":213.76596,"d":"213.7660"}]
["SEINFRA","C0034",0.0735,"ADIÇÃO DE IMPERMEABILIZANTE PARA CONCRETO ESTRUTURAL","M3",0.0735,{"v":60.192,"d":"60.1920"},{"v":4.424112,"d":"4.4241"}]
["SEINFRA","C1604",{"v":0.15,"d":"0.1500"},"LANÇAMENTO E APLICAÇÃO DE CONCRETO S/ ELEVAÇÃO","M3",{"v":0.15,"d":"0.1500"},{"v":43.68,"d":"43.6800"},{"v":6.552,"d":"6.5520"}]
["SEINFRA","SERVIÇOS"]
["SEINFRA","MAO DE OBRA",null,null,"Unidade","Coeficiente","Preço","Total"]
["SEINFRA","MAO DE OBRA",null,null,"Unidade","Coeficiente","Preço","Total"]
["SEINFRA",{"$nulls":5},"Total:",{"v":0.122,"d":"0.1220"}]
["SEINFRA",{"$nulls":4},"Valor BDI:",null,{"v":0,"d":"0.00"}]
["SEINFRA",{"$nulls":4},"Encargos Sociais:",null,0.56]
["SEINFRA",{"$nulls":4},"Encargos Sociais:",null,1.24]
["SEINFRA",{"$nulls":4},"Valor Geral:",null,{"v":179.98259303774708,"d":"179.98"}]
["SEINFRA","I2543",{"v":0.06,"d":"0.0600"},"SERVENTE","H",{"v":0.06,"d":"0.0600"},{"v":4.88,"d":"4.8800"},0.2928]
["SEINFRA","I0704",{"v":0.04,"d":"0.0400"},"CAMINHÃO C/CARROCERIA DE MADEIRA HP 92 (CHP)","H",{"v":0.04,"d":"0.0400"},{"v":61.613725333333335,"d":"61.6137"},{"v":2.4645490133333334,"d":"2.4645"}]
["SEINFRA","I2391",{"v":0.035,"d":"0.0350"},"PEDREIRO","H",{"v":0.035,"d":"0.0350"},{"v":7.2,"d":"7.2000"},{"v":0.252,"d":"0.2520"}]
["SEINFRA","MAO DE OBRA"]
["SEINFRA",{"$nulls":4},"Valor Geral:",null,{"v":58.47854122812403,"d":"58.48"}]
["SEINFRA","I0608",{"v":0.022608695652173914,"d":"0.0226"},"COMPACTADOR LISO TANDEM AUTOPROPELIDO (CHI)","H",{"v":0.022608695652173914,"d":"0.0226"},{"v":18.274,"d":"18.2740"},{"v":0.4131513043478261,"d":"0.4132"}]
["SEINFRA","I0698",{"v":0.002608695652173913,"d":"0.0026"},"CAMINHÃO TANQUE 8.000 l (CHP)","H",{"v":0.002608695652173913,"d":"0.0026"},{"v":107.79678529411764,"d":"107.7968"},{"v":0.28120900511508945,"d":"0.2812"}]
["SEINFRA","I2391",{"v":0.6,"d":"0.6000"},"PEDREIRO","H",{"v":0.6,"d":"0.6000"},{"v":7.2,"d":"7.2000"},{"v":4.32,"d":"4.3200"}]
["SEINFRA",{"$nulls":5},"Total:",0.0734]
["SEINFRA",{"$nulls":4},"Valor BDI:",null,{"v":0,"d":"0.00"}]
["SEINFRA",{"$nulls":5},"Total:",{"v":7.248,"d":"7.2480"}]
["SEINFRA",{"$nulls":4},"Total Simples:",null,{"v":10.8463,"d":"10.85"}]
["SEINFRA","I2391",{"v":0.8,"d":"0.8000"},"PEDREIRO","H",{"v":0.8,"d":"0.8000"},{"v":7.2,"d":"7.2000"},{"v":5.760000000000001,"d":"5.7600"}]
["SEINFRA","I2320",{"v":3.5,"d":"3.5000"},"ENCANADOR","H",{"v":3.5,"d":"3.5000"},{"v":7.2,"d":"7.2000"},{"v":25.2,"d":"25.2000"}]
["SEINFRA","I1863",{"v":1,"d":"1.0000"},"SIFÃO CROMADO 2\"","UN",{"v":1,"d":"1.0000"},{"v":93.7,"d":"93.7000"},{"v":93.7,"d":"93.7000"}]
["SEINFRA","C3016 - PEITORIL DE MARMORITE - M2"]
["SEINFRA","I0445",{"v":0.23,"d":"0.2300"},"CALCETEIRO","H",{"v":0.23,"d":"0.2300"},{"v":7.2,"d":"7.2000"},{"v":1.6560000000000001,"d":"1.6560"}]
["SEINFRA",{"$nulls":4},"Valor Geral:",null,{"v":25.919999999999998,"d":"25.92"}]
["SEINFRA",{"$nulls":5},"Total:",{"v":1854.23,"d":"1,854.2300"}]
["SEINFRA",{"$nulls":4},"Valor BDI:",null,{"v":0,"d":"0.00"}]
["SEINFRA",{"$nulls":4},"Valor BDI:",null,{"v":0,"d":"0.00"}]
["SEINFRA","I2391",{"v":1.2,"d":"1.2000"},"PEDREIRO","H",{"v":1.2,"d":"1.2000"},{"v":7.2,"d":"7.2000"},{"v":8.64,"d":"8.6400"}]
["SEINFRA","C3036 - RECOMPOSIÇÃO DE PAVIMENTAÇÃO C/BLOKRET REAPROVEITADO - M2"]
["SEINFRA","MATERIAIS"]
["SEINFRA",{"$nulls":4},"Valor BDI:",null,{"v":0,"d":"0.00"}]
["SEINFRA",{"$nulls":4},"Valor Geral:",null,{"v":52.2653,"d":"52.27"}]
["SEINFRA",{"$nulls":4},"Valor BDI:",null,{"v":0,"d":"0.00"}]
["SEINFRA",{"$nulls":4},"Valor BDI:",null,{"v":0,"d":"0.00"}]
["SEINFRA",{"$nulls":5},"Total:",{"v":5.088,"d":"5.0880"}]
["SEINFRA",{"$nulls":4},"Valor Geral:",null,{"v":9.059044086238883,"d":"9.06"}]
["SEINFRA",{"$nulls":4},"Valor BDI:",null,{"v":0,"d":"0.00"}]
["SEINFRA","C3071 - DRENO PROFUNDO C/TUBO POROSO D=20cm/AREIA - M"]
["SEINFRA","I7981",{"v":1,"d":"1.0000"},"VÁLVULA PVC P/ TANQUE","UN",{"v":1,"d":"1.0000"},{"v":3.9,"d":"3.9000"},{"v":3.9,"d":"3.9000"}]
["SEINFRA",{"$nulls":4},"Valor Geral:",null,{"v":34.682,"d":"34.68"}]
["SEINFRA","SERVIÇOS",null,null,"Unidade","Coeficiente","Preço","Total"]
["SEINFRA","I2478",{"v":1,"d":"1.0000"},"GRADE PINTADA P/ ARVORE DE 1,50 a 2,00m","UN",{"v":1,"d":"1.0000"},{"v":34,"d":"34.0000"},{"v":34,"d":"34.0000"}]
["SEINFRA",{"$nulls":4},"Encargos Sociais:",null,10.92]
["SEINFRA",{"$nulls":4},"Valor BDI:",null,{"v":0,"d":"0.00"}]
["SEINFRA",{"$nulls":4},"Total Simples:",null,{"v":0.18506666666666655,"d":"0.19"}]
["SEINFRA","MAO DE OBRA",null,null,"Unidade","Coeficiente","Preço","Total"]
["SEINFRA",{"$nulls":5},"Total:",{"v":2.544,"d":"2.5440"}]
["SEINFRA",{"$nulls":4},"Total Simples:",null,13.36]
["SEINFRA","I0769",{"v":0.14,"d":"0.1400"},"ROMPEDOR PNEUMÁTICO (CHP)","H",{"v":0.14,"d":"0.1400"},{"v":9.74864,"d":"9.7486"},{"v":1.3648096,"d":"1.3648"}]
["SEINFRA",{"$nulls":5},"Total:",{"v":1.092,"d":"1.0920"}]
["SEINFRA",{"$nulls":5},"Total:",339.8823]
["SEINFRA","C0216",{"v":169.2,"d":"169.2000"},"ARMADURA CA-50A MÉDIA D= 6,3 A 10,0mm","KG",{"v":169.2,"d":"169.2000"},5.7774,{"v":977.5360799999999,"d":"977.5361"}]
["SEINFRA",{"$nulls":4},"Total Simples:",null,{"v":1100,"d":"1,100.00"}]
["SEINFRA","MATERIAIS"]
["SEINFRA","I2301",{"v":8,"d":"8.0000"},"DISCO DE CORTE 1/8\" DE 7\"","UN",{"v":8,"d":"8.0000"},{"v":6.17,"d":"6.1700"},{"v":49.36,"d":"49.3600"}]
["SEINFRA",{"$nulls":5},"Total:",{"v":4.096,"d":"4.0960"}]
["SEINFRA","I2543",{"v":16,"d":"16.0000"},"SERVENTE","H",{"v":16,"d":"16.0000"},{"v":4.88,"d":"4.8800"},{"v":78.08,"d":"78.0800"}]
["SEINFRA",{"$nulls":4},"Valor BDI:",null,{"v":0,"d":"0.00"}]
["SEINFRA","C4588 - DOBRADIÇA DE FERRO (PADRÃO POPULAR) - UN"]
["SEINFRA","I0041",{"v":2,"d":"2.0000"},"AJUDANTE DE CARPINTEIRO","H",{"v":2,"d":"2.0000"},{"v":5.6,"d":"5.6000"},{"v":11.2,"d":"11.2000"}]
["SEINFRA","MAO DE OBRA",null,null,"Unidade","Coeficiente","Preço","Total"]
["SEINFRA",{"$nulls":5},"Total:",{"v":2,"d":"2.0000"}]
["SEINFRA","I0805",{"v":0.6,"d":"0.6000"},"CIMENTO PORTLAND","KG",{"v":0.6,"d":"0.6000"},{"v":0.5,"d":"0.5000"},{"v":0.3,"d":"0.3000"}]
["SEINFRA",{"$nulls":5},"Total:",8.2765]
["SEINFRA","I1346",{"v":0.25,"d":"0.2500"},"LIXA PARA FERRO","UN",{"v":0.25,"d":"0.2500"},{"v":2.23,"d":"2.2300"},0.5575]
["SEINFRA","I1346",{"v":0.275,"d":"0.2750"},"LIXA PARA FERRO","UN",{"v":0.275,"d":"0.2750"},{"v":2.23,"d":"2.2300"},{"v":0.6132500000000001,"d":"0.6133"}]
["SEINFRA",{"$nulls":4},"Valor BDI:",null,{"v":0,"d":"0.00"}]
["SEINFRA","MAO DE OBRA",null,null,"Unidade","Coeficiente","Preço","Total"]
["SEINFRA","MATERIAIS"]
["SEINFRA","I1691",{"v":9.48,"d":"9.4800"},"PONTALETE / BARROTE DE 3\"x3\"","M",{"v":9.48,"d":"9.4800"},{"v":14.79,"d":"14.7900"},140.2092]
["SEINFRA",{"$nulls":4},"Valor BDI:",null,{"v":0,"d":"0.00"}]
["SEINFRA","I2312",{"v":6,"d":"6.0000"},"ELETRICISTA","H",{"v":6,"d":"6.0000"},{"v":7.2,"d":"7.2000"},{"v":43.2,"d":"43.2000"}]
["SEINFRA",{"$nulls":4},"Encargos Sociais:",null,30.85]
["SEINFRA","I2312",{"v":5,"d":"5.0000"},"ELETRICISTA","H",{"v":5,"d":"5.0000"},{"v":7.2,"d":"7.2000"},{"v":36,"d":"36.0000"}]
["SEINFRA","I0040",{"v":6.35,"d":"6.3500"},"AJUDANTE DE ARMADOR/FERREIRO","H",{"v":6.35,"d":"6.3500"},{"v":5.6,"d":"5.6000"},{"v":35.559999999999995,"d":"35.5600"}]
["SEINFRA","I0682",{"v":0.656,"d":"0.6560"},"BETONEIRA ELÉTRICA 580L (CHP)","H",{"v":0.656,"d":"0.6560"},{"v":13.8267832,"d":"13.8268"},{"v":9.0703697792,"d":"9.0704"}]
["SEINFRA","I1094",{"v":2.65,"d":"2.6500"},"ESCORA DE 20CM","M",{"v":2.65,"d":"2.6500"},{"v":8.15,"d":"8.1500"},21.5975]
["SEINFRA",{"$nulls":4},"Total Simples:",null,{"v":2298.8086,"d":"2,298.81"}]
["SEINFRA","MATERIAIS"]
["SEINFRA","I0805",{"v":52.8,"d":"52.8000"},"CIMENTO PORTLAND","KG",{"v":52.8,"d":"52.8000"},{"v":0.5,"d":"0.5000"},{"v":26.4,"d":"26.4000"}]
["SEINFRA","I0108",{"v":0.167,"d":"0.1670"},"AREIA GROSSA","M3",{"v":0.167,"d":"0.1670"},{"v":50,"d":"50.0000"},{"v":8.35,"d":"8.3500"}]
["SEINFRA","I2162",{"v":3,"d":"3.0000"},"TUBO CERÂMICO DE 300MM","M",{"v":3,"d":"3.0000"},{"v":65.7,"d":"65.7000"},{"v":197.1,"d":"197.1000"}]
["SEINFRA","MATERIAIS"]
["SEINFRA","MATERIAIS"]
["SEINFRA","I2158",{"v":0.08,"d":"0.0800"},"TRINCHA 2'","UN",{"v":0.08,"d":"0.0800"},{"v":3.82,"d":"3.8200"},0.3056]
["SEINFRA",{"$nulls":5},"Total:",{"v":421.79,"d":"421.7900"}]
["SEINFRA",{"$nulls":4},"Encargos Sociais:",null,16.84]
["SEINFRA","I0042",{"v":2,"d":"2.0000"},"AJUDANTE DE ELETRICISTA","H",{"v":2,"d":"2.0000"},{"v":5.6,"d":"5.6000"},{"v":11.2,"d":"11.2000"}]
["SEINFRA","MATERIAIS"]
["SEINFRA",{"$nulls":5},"Total:",{"v":34.78,"d":"34.7800"}]
["SEINFRA",{"$nulls":4},"Valor BDI:",null,{"v":0,"d":"0.00"}]
["SEINFRA","C2059 - PÁRA-RAIOS TIPO CRISTAL VALVER - UN"]
["SEINFRA","I2391",{"v":107.6,"d":"107.6000"},"PEDREIRO","H",{"v":107.6,"d":"107.6000"},{"v":7.2,"d":"7.2000"},{"v":774.7199999999999,"d":"774.7200"}]
["SEINFRA",{"$nulls":4},"Valor Geral:",null,{"v":120.1156,"d":"120.12"}]
["SEINFRA",{"$nulls":4},"Encargos Sociais:",null,93.06]
["SEINFRA","I1747",{"v":1,"d":"1.0000"},"QUADRO DE DISTRIBUIÇÃO SOBREPOR ATÉ 6 DIVISÕES","UN",{"v":1,"d":"1.0000"},{"v":23.9,"d":"23.9000"},{"v":23.9,"d":"23.9000"}]
["SEINFRA","I0436",{"v":1,"d":"1.0000"},"CAIXA TIPO 'J' 50X60X27CM","UN",{"v":1,"d":"1.0000"},{"v":74.31,"d":"74.3100"},{"v":74.31,"d":"74.3100"}]
["SEINFRA","I1756",{"v":1,"d":"1.0000"},"QUADRO DISTRIBUIÇÃO LUZ 332X332X95MM","UN",{"v":1,"d":"1.0000"},{"v":143.75,"d":"143.7500"},{"v":143.75,"d":"143.7500"}]
["SEINFRA",{"$nulls":5},"Total:",{"v":236.6,"d":"236.6000"}]
["SEINFRA",{"$nulls":4},"Total Simples:",null,520.76]
["SEINFRA",{"$nulls":4},"Valor BDI:",null,{"v":0,"d":"0.00"}]
["SEINFRA","MATERIAIS"]
["SEINFRA",{"$nulls":4},"Total Simples:",null,24.56]
["SEINFRA","MATERIAIS"]
["SEINFRA",{"$nulls":4},"Encargos Sociais:",null,52.11]
["SEINFRA","I2312",{"v":3.25,"d":"3.2500"},"ELETRICISTA","H",{"v":3.25,"d":"3.2500"},{"v":7.2,"d":"7.2000"},{"v":23.4,"d":"23.4000"}]
["SEINFRA",{"$nulls":4},"Total Simples:",null,{"v":5330.775,"d":"5,330.78"}]
["SEINFRA","I2320",{"v":0.98,"d":"0.9800"},"ENCANADOR","H",{"v":0.98,"d":"0.9800"},{"v":7.2,"d":"7.2000"},{"v":7.056,"d":"7.0560"}]
["SEINFRA","MATERIAIS"]
["SEINFRA",{"$nulls":4},"Total Simples:",null,2.12]
["SEINFRA",{"$nulls":4},"Total Simples:",null,8.48]
["SEINFRA",{"$nulls":4},"Encargos Sociais:",null,9.34]
["SEINFRA","I0443",{"v":0.6,"d":"0.6000"},"CALAFETADOR","H",{"v":0.6,"d":"0.6000"},{"v":7.2,"d":"7.2000"},{"v":4.32,"d":"4.3200"}]
["SEINFRA",{"$nulls":4},"Valor Geral:",null,{"v":25.9596,"d":"25.96"}]
["SEINFRA",{"$nulls":4},"Total Simples:",null,{"v":4.6959,"d":"4.70"}]
["SEINFRA","I2543",{"v":0.53,"d":"0.5300"},"SERVENTE","H",{"v":0.53,"d":"0.5300"},{"v":4.88,"d":"4.8800"},{"v":2.5864000000000003,"d":"2.5864"}]
["SEINFRA",{"$nulls":4},"Encargos Sociais:",null,14.89]
["SEINFRA",{"$nulls":4},"Valor BDI:",null,{"v":0,"d":"0.00"}]
["SEINFRA","MATERIAIS"]
["SEINFRA",{"$nulls":4},"Valor BDI:",null,{"v":0,"d":"0.00"}]
["SEINFRA","I2543",{"v":0.67,"d":"0.6700"},"SERVENTE","H",{"v":0.67,"d":"0.6700"},{"v":4.88,"d":"4.8800"},3.2696]
["SEINFRA",{"$nulls":4},"Valor BDI:",null,{"v":0,"d":"0.00"}]
["SEINFRA","I2320",{"v":1.15,"d":"1.1500"},"ENCANADOR","H",{"v":1.15,"d":"1.1500"},{"v":7.2,"d":"7.2000"},{"v":8.28,"d":"8.2800"}]
["SEINFRA","I1888",{"v":0.066,"d":"0.0660"},"SOLUÇÃO LIMPADORA PARA PVC RIGIDO","L",{"v":0.066,"d":"0.0660"},{"v":27.3,"d":"27.3000"},1.8018]
["SEINFRA","I1797",{"v":1,"d":"1.0000"},"REGISTRO DE GAVETA BRUTO 15MM (1/2')","UN",{"v":1,"d":"1.0000"},{"v":22,"d":"22.0000"},{"v":22,"d":"22.0000"}]
["SEINFRA","MAO DE OBRA",null,null,"Unidade","Coeficiente","Preço","Total"]
["SEINFRA","I2320",{"v":0.36,"d":"0.3600"},"ENCANADOR","H",{"v":0.36,"d":"0.3600"},{"v":7.2,"d":"7.2000"},{"v":2.592,"d":"2.5920"}]
["SEINFRA","MATERIAIS"]
["SEINFRA",{"$nulls":5},"Total:",9.1983]
["SEINFRA",{"$nulls":4},"Encargos Sociais:",null,{"v":6.7,"d":"6.70"}]
["SEINFRA",{"$nulls":4},"Valor Geral:",null,{"v":14.7309,"d":"14.73"}]
["SEINFRA","I2320",{"v":0.55,"d":"0.5500"},"ENCANADOR","H",{"v":0.55,"d":"0.5500"},{"v":7.2,"d":"7.2000"},{"v":3.9600000000000004,"d":"3.9600"}]
["SEINFRA",{"$nulls":4},"Total Simples:",null,{"v":6.4082,"d":"6.41"}]
["SEINFRA",{"$nulls":5},"Total:",8.0136]
["SEINFRA",{"$nulls":4},"Valor Geral:",null,{"v":15.905825,"d":"15.91"}]
["SEINFRA","I0043",{"v":0.55,"d":"0.5500"},"AJUDANTE DE ENCANADOR","H",{"v":0.55,"d":"0.5500"},{"v":5.6,"d":"5.6000"},{"v":3.08,"d":"3.0800"}]
["SEINFRA","I0026",0.0415,"ADESIVO PARA TUBO DE PVC RIGIDO","KG",0.0415,{"v":38.25,"d":"38.2500"},{"v":1.587375,"d":"1.5874"}]
["SEINFRA",{"$nulls":5},"Total:",{"v":46.57,"d":"46.5700"}]
["SEINFRA",{"$nulls":4},"Encargos Sociais:",null,23.83]
["SEINFRA","MAO DE OBRA",null,null,"Unidade","Coeficiente","Preço","Total"]
["SEINFRA","I1350",{"v":0.039,"d":"0.0390"},"LUBRIFICANTE PARA TUBO DE FERRO FUNDIDO","KG",{"v":0.039,"d":"0.0390"},{"v":42,"d":"42.0000"},{"v":1.638,"d":"1.6380"}]
["SEINFRA","I1621",{"v":3.5,"d":"3.5000"},"PERFIL BATENTE DE AÇO (14/24)X44MM CHAPA 20 (DIVISÓRIA)","KG",{"v":3.5,"d":"3.5000"},{"v":2.7,"d":"2.7000"},{"v":9.45,"d":"9.4500"}]
["SEINFRA",{"$nulls":4},"Total Simples:",null,{"v":223.9244,"d":"223.92"}]
["SEINFRA",{"$nulls":4},"Valor Geral:",null,{"v":113.0898,"d":"113.09"}]
["SEINFRA","I2543",{"v":1.3,"d":"1.3000"},"SERVENTE","H",{"v":1.3,"d":"1.3000"},{"v":4.88,"d":"4.8800"},{"v":6.344,"d":"6.3440"}]
["SEINFRA","I2069",{"v":1,"d":"1.0000"},"TELHA ZINCADA PRE-PINTADA C/ MONTAGEM KP-150","M2",{"v":1,"d":"1.0000"},{"v":153.87,"d":"153.8700"},{"v":153.87,"d":"153.8700"}]
["SEINFRA","MAO DE OBRA",null,null,"Unidade","Coeficiente","Preço","Total"]
["SEINFRA",{"$nulls":5},"Total:",141.9464]
["SEINFRA","I0853",{"v":0.237,"d":"0.2370"},"CONJUNTO VEDAÇÃO ELASTICA","UN",{"v":0.237,"d":"0.2370"},{"v":0.5,"d":"0.5000"},0.1185]
["SEINFRA",{"$nulls":4},"Total Simples:",null,{"v":25.1941,"d":"25.19"}]
["SEINFRA",{"$nulls":5},"Total:",{"v":119.29,"d":"119.2900"}]
["SEINFRA",{"$nulls":4},"Valor BDI:",null,{"v":0,"d":"0.00"}]
["SEINFRA","MAO DE OBRA",null,null,"Unidade","Coeficiente","Preço","Total"]
["SEINFRA","I0041",{"v":0.9,"d":"0.9000"},"AJUDANTE DE CARPINTEIRO","H",{"v":0.9,"d":"0.9000"},{"v":5.6,"d":"5.6000"},{"v":5.04,"d":"5.0400"}]
["SEINFRA","I2072",{"v":1,"d":"1.0000"},"TERMINAL PARA VERGALHÃO DE COBRE 3/8'","UN",{"v":1,"d":"1.0000"},{"v":20,"d":"20.0000"},{"v":20,"d":"20.0000"}]
["SEINFRA","MATERIAIS"]
["SEINFRA","I2074",{"v":1,"d":"1.0000"},"TERMINAL PRESSÃO P/CABO 16MM2","UN",{"v":1,"d":"1.0000"},{"v":3.22,"d":"3.2200"},{"v":3.22,"d":"3.2200"}]
["SEINFRA","MAO DE OBRA",null,null,"Unidade","Coeficiente","Preço","Total"]
["SEINFRA","I1347",{"v":0.4,"d":"0.4000"},"LIXA PARA MADEIRA/MASSA","UN",{"v":0.4,"d":"0.4000"},{"v":0.55,"d":"0.5500"},{"v":0.22,"d":"0.2200"}]
["SEINFRA",{"$nulls":4},"Total Simples:",null,{"v":7.1000000000000005,"d":"7.10"}]
["SEINFRA","I2395",{"v":0.4,"d":"0.4000"},"PINTOR","H",{"v":0.4,"d":"0.4000"},{"v":7.2,"d":"7.2000"},{"v":2.8800000000000003,"d":"2.8800"}]
["SEINFRA",{"$nulls":5},"Total:",{"v":10.32,"d":"10.3200"}]
["SEINFRA","I0045",{"v":0.1,"d":"0.1000"},"AJUDANTE DE PINTOR","H",{"v":0.1,"d":"0.1000"},{"v":5.6,"d":"5.6000"},{"v":0.56,"d":"0.5600"}]
["SEINFRA","I2312",{"v":0.35,"d":"0.3500"},"ELETRICISTA","H",{"v":0.35,"d":"0.3500"},{"v":7.2,"d":"7.2000"},{"v":2.52,"d":"2.5200"}]
["SEINFRA",{"$nulls":5},"Total:",7.2757]
["SEINFRA",{"$nulls":4},"Total Simples:",null,{"v":57.048700000000004,"d":"57.05"}]
["SEINFRA","I1530",{"v":0.3,"d":"0.3000"},"MONTADOR","H",{"v":0.3,"d":"0.3000"},{"v":7.2,"d":"7.2000"},{"v":2.16,"d":"2.1600"}]
["SEINFRA","MATERIAIS"]
["SEINFRA","C2492 - TOMADA UNIVERSAL 10A - 250V, SISTEMA \"X\" - UN"]
["SEINFRA",{"$nulls":5},"Total:",{"v":9,"d":"9.0000"}]
["SEINFRA",{"$nulls":5},"Total:",{"v":27.2,"d":"27.2000"}]
["SEINFRA",{"$nulls":5},"Total:",{"v":6.6,"d":"6.6000"}]
["SEINFRA","I0043",{"v":0.4,"d":"0.4000"},"AJUDANTE DE ENCANADOR","H",{"v":0.4,"d":"0.4000"},{"v":5.6,"d":"5.6000"},{"v":2.24,"d":"2.2400"}]
["SEINFRA","I2122",{"v":1,"d":"1.0000"},"TORNEIRA DE BOIA EM LATÃO (BOIA PLAST) DN 25MM (1')","UN",{"v":1,"d":"1.0000"},{"v":63.9,"d":"63.9000"},{"v":63.9,"d":"63.9000"}]
["SEINFRA",{"$nulls":4},"Valor Geral:",null,{"v":228.0051,"d":"228.01"}]
["SEINFRA",{"$nulls":4},"Encargos Sociais:",null,0.55]
["SEINFRA",{"$nulls":4},"Encargos Sociais:",null,0.85]
["SEINFRA",{"$nulls":4},"Valor BDI:",null,{"v":0,"d":"0.00"}]
["SEINFRA","SERVIÇOS"]
["SEINFRA","EQUIPAMENTOS (CHORARIO)",null,null,"Unidade","Coeficiente","Preço","Total"]
["SEINFRA",{"$nulls":4},"Valor BDI:",null,{"v":0,"d":"0.00"}]
["SEINFRA",{"$nulls":4},"Valor Geral:",null,{"v":44.96870937793334,"d":"44.97"}]
["SEINFRA",{"$nulls":4},"Total Simples:",null,{"v":37.692923816117336,"d":"37.69"}]
["SEINFRA","I2302",1.2747,"DISCO DE DESBASTE 1/4\" DE 7\"","UN",1.2747,{"v":16.03,"d":"16.0300"},{"v":20.433441,"d":"20.4334"}]
["SEINFRA","I1061",1.2768,"ELETRODOS","KG",1.2768,{"v":16.5,"d":"16.5000"},21.0672]
["SEINFRA","I0773",{"v":0.25,"d":"0.2500"},"TALHA TIRFOR 3,2 T (CHP)","H",{"v":0.25,"d":"0.2500"},0.5768,0.1442]
["SEINFRA",{"$nulls":4},"Valor Geral:",null,{"v":80.95743869430133,"d":"80.96"}]
["SEINFRA","EQUIPAMENTOS (CHORARIO)",null,null,"Unidade","Coeficiente","Preço","Total"]
["SEINFRA",{"$nulls":4},"Valor BDI:",null,{"v":0,"d":"0.00"}]
["SEINFRA","C2980",{"v":0.148,"d":"0.1480"},"TRANSPORTE DE TUBOS E CONEXÕES DE FoFo, AÇO OU CONCRETO","T",{"v":0.148,"d":"0.1480"},{"v":21.54396432,"d":"21.5440"},{"v":3.18850671936,"d":"3.1885"}]
["SEINFRA",{"$nulls":5},"Total:",0.5407]
["SEINFRA","C0285 - ASSENTAMENTO DE TUBOS E CONEXÕES EM PVC, JE DN 250mm - M"]
["SEINFRA",{"$nulls":4},"Valor BDI:",null,{"v":0,"d":"0.00"}]
["SEINFRA",{"$nulls":4},"Total Simples:",null,{"v":0.6438700613333334,"d":"0.64"}]
["SEINFRA","MAO DE OBRA",null,null,"Unidade","Coeficiente","Preço","Total"]
["SEINFRA","I2320",{"v":0.05,"d":"0.0500"},"ENCANADOR","H",{"v":0.05,"d":"0.0500"},{"v":7.2,"d":"7.2000"},{"v":0.36000000000000004,"d":"0.3600"}]
["SEINFRA",{"$nulls":4},"Encargos Sociais:",null,1.19]
["SEINFRA","I0040",{"v":0.04,"d":"0.0400"},"AJUDANTE DE ARMADOR/FERREIRO","H",{"v":0.04,"d":"0.0400"},{"v":5.6,"d":"5.6000"},{"v":0.224,"d":"0.2240"}]
["SEINFRA",{"$nulls":5},"Total:",{"v":0.368,"d":"0.3680"}]
["SEINFRA",{"$nulls":5},"Total:",0.0996]
["SEINFRA","C0200 - ARGAMASSA MISTA DE CIMENTO CAL HIDR. E AREIA S/PEN. TRAÇO 1:2:9 - M3"]
["SEINFRA","I2543",{"v":5.36,"d":"5.3600"},"SERVENTE","H",{"v":5.36,"d":"5.3600"},{"v":4.88,"d":"4.8800"},26.1568]
["SEINFRA",{"$nulls":5},"Total:",1.4496]
["SEINFRA","C2980",1.1294,"TRANSPORTE DE TUBOS E CONEXÕES DE FoFo, AÇO OU CONCRETO","T",1.1294,{"v":21.54396432,"d":"21.5440"},{"v":24.331753303008,"d":"24.3318"}]
["SEINFRA","C0230 - ÁRVORES ORNAMENTAIS EM GERAL.INCLUSIVE CONSERVAÇÃO - M2"]
["SEINFRA","I0805",{"v":0.57,"d":"0.5700"},"CIMENTO PORTLAND","KG",{"v":0.57,"d":"0.5700"},{"v":0.5,"d":"0.5000"},{"v":0.285,"d":"0.2850"}]
["SEINFRA",{"$nulls":5},"Total:",{"v":1.812,"d":"1.8120"}]
["SEINFRA",{"$nulls":4},"Total Simples:",null,{"v":6.818594053333333,"d":"6.82"}]
["SEINFRA",{"$nulls":4},"Valor BDI:",null,{"v":0,"d":"0.00"}]
["SEINFRA","MATERIAIS"]
["SEINFRA","I0491",{"v":2.55,"d":"2.5500"},"CAPEADO DE CEREJEIRA","M2",{"v":2.55,"d":"2.5500"},{"v":9.07,"d":"9.0700"},23.1285]
["SEINFRA","I2543",{"v":2.2,"d":"2.2000"},"SERVENTE","H",{"v":2.2,"d":"2.2000"},{"v":4.88,"d":"4.8800"},{"v":10.736,"d":"10.7360"}]
["SEINFRA","I0037",4.1345,"AJUDANTE","H",4.1345,{"v":5.6,"d":"5.6000"},{"v":23.153200000000002,"d":"23.1532"}]
["SEINFRA","I2302",0.4703,"DISCO DE DESBASTE 1/4\" DE 7\"","UN",0.4703,{"v":16.03,"d":"16.0300"},{"v":7.538909,"d":"7.5389"}]
["SEINFRA","I0737",{"v":0.341,"d":"0.3410"},"ESMERILHADEIRA INDUSTRIAL (CHP)","H",{"v":0.341,"d":"0.3410"},{"v":1.093928,"d":"1.0939"},{"v":0.37302944800000004,"d":"0.3730"}]
["SEINFRA","I2302",0.5376,"DISCO DE DESBASTE 1/4\" DE 7\"","UN",0.5376,{"v":16.03,"d":"16.0300"},{"v":8.617728,"d":"8.6177"}]
["SEINFRA",{"$nulls":4},"Encargos Sociais:",null,{"v":38.3,"d":"38.30"}]
["SEINFRA",{"$nulls":4},"Total Simples:",null,{"v":103.67311593764533,"d":"103.67"}]
["SEINFRA","I0737",{"v":0.838,"d":"0.8380"},"ESMERILHADEIRA INDUSTRIAL (CHP)","H",{"v":0.838,"d":"0.8380"},{"v":1.093928,"d":"1.0939"},{"v":0.9167116639999999,"d":"0.9167"}]
["SEINFRA","I2424",{"v":1.729,"d":"1.7290"},"SOLDADOR RAIO X","H",{"v":1.729,"d":"1.7290"},{"v":10.4,"d":"10.4000"},17.9816]
["SEINFRA","I0749",{"v":1.596,"d":"1.5960"},"MÁQUINA DE SOLDA (CHP)","H",{"v":1.596,"d":"1.5960"},{"v":13.217253333333334,"d":"13.2173"},{"v":21.094736320000003,"d":"21.0947"}]
["SEINFRA"]
["SEINFRA","C0240 - ASSENTAMENTO DE TUBOS E CONEXÕES CERÂMICOS, J.ASF. D= 100mm - M"]
["SEINFRA",{"$nulls":5},"Total:",15.6729]
["SEINFRA","MATERIAIS"]
["SEINFRA","C2980",0.0977,"TRANSPORTE DE TUBOS E CONEXÕES DE FoFo, AÇO OU CONCRETO","T",0.0977,{"v":21.54396432,"d":"21.5440"},{"v":2.1048453140639998,"d":"2.1048"}]
["SEINFRA",{"$nulls":4},"Total Simples:",null,{"v":58.81698040261067,"d":"58.82"}]
["SEINFRA","I0747",{"v":1.1,"d":"1.1000"},"GUINDASTE HIDRÁULICO SOBRE PNEUS HP 142 (CHP)","H",{"v":1.1,"d":"1.1000"},{"v":164.57,"d":"164.5700"},{"v":181.02700000000002,"d":"181.0270"}]
["SEINFRA",{"$nulls":4},"Valor Geral:",null,{"v":2.4021,"d":"2.40"}]
["SEINFRA","C1058 - DEMOLIÇÃO DE DEGRAUS DE PEDRA - M"]
["SEINFRA","I2131",{"v":1,"d":"1.0000"},"TORNEIRA DE PRESSÃO CROMADA LONGA P/PIA 3/4'","UN",{"v":1,"d":"1.0000"},{"v":51.85,"d":"51.8500"},{"v":51.85,"d":"51.8500"}]
["SEINFRA",{"$nulls":4},"Valor Geral:",null,{"v":46.5051,"d":"46.51"}]
["SEINFRA",{"$nulls":5},"Total:",{"v":20.256,"d":"20.2560"}]
["SEINFRA","I1180",{"v":1,"d":"1.0000"},"FITA DE VEDAÇÃO","M",{"v":1,"d":"1.0000"},{"v":0.38,"d":"0.3800"},{"v":0.38,"d":"0.3800"}]
["SEINFRA","I0728",{"v":0.1,"d":"0.1000"},"COMPRESSOR DE AR 250 PCM (CHP)","H",{"v":0.1,"d":"0.1000"},{"v":78.5809126984127,"d":"78.5809"},{"v":7.85809126984127,"d":"7.8581"}]
["SEINFRA","I2543",{"v":1.3,"d":"1.3000"},"SERVENTE","H",{"v":1.3,"d":"1.3000"},{"v":4.88,"d":"4.8800"},{"v":6.344,"d":"6.3440"}]
["SEINFRA",{"$nulls":4},"Valor Geral:",null,{"v":16.4065,"d":"16.41"}]
["SEINFRA",{"$nulls":4},"Valor Geral:",null,{"v":121.9179,"d":"121.92"}]
["SEINFRA",{"$nulls":4},"Total Simples:",null,{"v":2.8,"d":"2.80"}]
["SEINFRA","C1072 - DEMOLIÇÃO DE REVESTIMENTO C/LAMBRIS - M2"]
["SEINFRA",{"$nulls":5},"Total:",94.8814]
["SEINFRA",{"$nulls":4},"Total Simples:",null,{"v":54.146,"d":"54.15"}]
["SEINFRA","I0044",{"v":2,"d":"2.0000"},"AJUDANTE DE GRANITEIRO/MARMORISTA","H",{"v":2,"d":"2.0000"},{"v":5.6,"d":"5.6000"},{"v":11.2,"d":"11.2000"}]
["SEINFRA","I2084",{"v":0.035,"d":"0.0350"},"TINTA A BASE DE EMULSÃO ACRÍLICA (PARA PISOS)","L",{"v":0.035,"d":"0.0350"},{"v":11,"d":"11.0000"},{"v":0.385,"d":"0.3850"}]
["SEINFRA",{"$nulls":4},"Total Simples:",null,{"v":5.3500000000000005,"d":"5.35"}]
["SEINFRA",{"$nulls":4},"Total Simples:",null,{"v":280.3670817460317,"d":"280.37"}]
["SEINFRA",{"$nulls":4},"Valor BDI:",null,{"v":0,"d":"0.00"}]
["SEINFRA","I1530",{"v":0.5,"d":"0.5000"},"MONTADOR","H",{"v":0.5,"d":"0.5000"},{"v":7.2,"d":"7.2000"},{"v":3.6,"d":"3.6000"}]
["SEINFRA",{"$nulls":4},"Valor Geral:",null,{"v":103.2522,"d":"103.25"}]
["SEINFRA",{"$nulls":5},"Total:",{"v":12.8,"d":"12.8000"}]
["SEINFRA",{"$nulls":4},"Valor BDI:",null,{"v":0,"d":"0.00"}]
["SEINFRA",{"$nulls":4},"Valor Geral:",null,{"v":66.2703,"d":"66.27"}]
["SEINFRA","MAO DE OBRA",null,null,"Unidade","Coeficiente","Preço","Total"]
["SEINFRA",{"$nulls":5},"Total:",{"v":4.352,"d":"4.3520"}]
["SEINFRA",{"$nulls":5},"Total:",23.6736]
["SEINFRA",{"$nulls":4},"Valor Geral:",null,{"v":39.165,"d":"39.17"}]
["SEINFRA","I1772",{"v":0.4,"d":"0.4000"},"RASPADOR","H",{"v":0.4,"d":"0.4000"},{"v":7.2,"d":"7.2000"},{"v":2.8800000000000003,"d":"2.8800"}]
["SEINFRA",{"$nulls":4},"Encargos Sociais:",null,21.59]
["SEINFRA","I2312",{"v":0.8,"d":"0.8000"},"ELETRICISTA","H",{"v":0.8,"d":"0.8000"},{"v":7.2,"d":"7.2000"},{"v":5.760000000000001,"d":"5.7600"}]
["SEINFRA","I2164",{"v":1.3,"d":"1.3000"},"TUBO AÇO GALVANIZADO DE 125MM (5')","M",{"v":1.3,"d":"1.3000"},{"v":113.33,"d":"113.3300"},{"v":147.329,"d":"147.3290"}]
["SEINFRA","I0043",{"v":1.6,"d":"1.6000"},"AJUDANTE DE ENCANADOR","H",{"v":1.6,"d":"1.6000"},{"v":5.6,"d":"5.6000"},{"v":8.96,"d":"8.9600"}]
["SEINFRA",{"$nulls":5},"Total:",{"v":173.932,"d":"173.9320"}]
["SEINFRA","MAO DE OBRA",null,null,"Unidade","Coeficiente","Preço","Total"]
["SEINFRA","I2172",{"v":1.4,"d":"1.4000"},"TUBO AÇO GALVANIZADO DE 65MM (2 1/2')","M",{"v":1.4,"d":"1.4000"},{"v":44.7,"d":"44.7000"},{"v":62.58,"d":"62.5800"}]
["SEINFRA","MAO DE OBRA",null,null,"Unidade","Coeficiente","Preço","Total"]
["SEINFRA",{"$nulls":4},"Valor BDI:",null,{"v":0,"d":"0.00"}]
["SEINFRA","EQUIPAMENTOS (CHORARIO)",null,null,"Unidade","Coeficiente","Preço","Total"]
["SEINFRA","MATERIAIS"]
["SEINFRA",{"$nulls":5},"Total:",{"v":12.2,"d":"12.2000"}]
["SEINFRA",{"$nulls":5},"Total:",{"v":2.304,"d":"2.3040"}]
["SEINFRA","C1006 - CUMEEIRA UNIVERSAL DE FIBROCIMENTO P/TELHA ONDULADA - M"]
["SEINFRA",{"$nulls":4},"Encargos Sociais:",null,{"v":17.6,"d":"17.60"}]
["SEINFRA","I0690",0.3333,"CAMINHÃO BASCULANTE 6 M3 (CHP)","H",0.3333,{"v":99.71089705882353,"d":"99.7109"},{"v":33.23364198970588,"d":"33.2336"}]
["SEINFRA","MATERIAIS"]
["SEINFRA",{"$nulls":4},"Valor BDI:",null,{"v":0,"d":"0.00"}]
["SEINFRA",{"$nulls":5},"Total:",{"v":19.2,"d":"19.2000"}]
["SEINFRA","I0043",{"v":0.99,"d":"0.9900"},"AJUDANTE DE ENCANADOR","H",{"v":0.99,"d":"0.9900"},{"v":5.6,"d":"5.6000"},{"v":5.544,"d":"5.5440"}]
["SEINFRA",{"$nulls":5},"Total:",{"v":12.672,"d":"12.6720"}]
["SEINFRA",{"$nulls":5},"Total:",11.4716]
["SEINFRA",{"$nulls":4},"Valor BDI:",null,{"v":0,"d":"0.00"}]
["SEINFRA","I0043",{"v":0.48,"d":"0.4800"},"AJUDANTE DE ENCANADOR","H",{"v":0.48,"d":"0.4800"},{"v":5.6,"d":"5.6000"},{"v":2.6879999999999997,"d":"2.6880"}]
["SEINFRA","I0043",{"v":0.1,"d":"0.1000"},"AJUDANTE DE ENCANADOR","H",{"v":0.1,"d":"0.1000"},{"v":5.6,"d":"5.6000"},{"v":0.56,"d":"0.5600"}]
["SEINFRA","I2176",{"v":1.01,"d":"1.0100"},"TUBO COBRE DE 22MM CLASSE E","M",{"v":1.01,"d":"1.0100"},{"v":29,"d":"29.0000"},{"v":29.29,"d":"29.2900"}]
["SEINFRA",{"$nulls":4},"Valor BDI:",null,{"v":0,"d":"0.00"}]
["SEINFRA","I2320",{"v":0.74,"d":"0.7400"},"ENCANADOR","H",{"v":0.74,"d":"0.7400"},{"v":7.2,"d":"7.2000"},{"v":5.328,"d":"5.3280"}]
["SEINFRA",{"$nulls":4},"Total Simples:",null,{"v":78.49042,"d":"78.49"}]
["SEINFRA",{"$nulls":4},"Valor Geral:",null,{"v":250.87062,"d":"250.87"}]
["SEINFRA","I0043",{"v":0.36,"d":"0.3600"},"AJUDANTE DE ENCANADOR","H",{"v":0.36,"d":"0.3600"},{"v":5.6,"d":"5.6000"},{"v":2.016,"d":"2.0160"}]
["SEINFRA","I1596",0.0006,"PASTA PARA SOLDAR","UN",0.0006,{"v":42.7,"d":"42.7000"},{"v":0.025619999999999997,"d":"0.0256"}]
["SEINFRA","MATERIAIS"]
["SEINFRA",{"$nulls":4},"Encargos Sociais:",null,6.26]
["SEINFRA","SERVIÇOS",null,null,"Unidade","Coeficiente","Preço","Total"]
["SEINFRA",{"$nulls":4},"Valor Geral:",null,{"v":4151.645869735587,"d":"4,151.65"}]
["SEINFRA","I0043",{"v":2.5,"d":"2.5000"},"AJUDANTE DE ENCANADOR","H",{"v":2.5,"d":"2.5000"},{"v":5.6,"d":"5.6000"},{"v":14,"d":"14.0000"}]
["SEINFRA",{"$nulls":5},"Total:",{"v":32,"d":"32.0000"}]
["SEINFRA",{"$nulls":5},"Total:",{"v":3.35,"d":"3.3500"}]
["SEINFRA",{"$nulls":4},"Valor Geral:",null,{"v":44.9651,"d":"44.97"}]
["SEINFRA","I0042",{"v":0.3,"d":"0.3000"},"AJUDANTE DE ELETRICISTA","H",{"v":0.3,"d":"0.3000"},{"v":5.6,"d":"5.6000"},{"v":1.68,"d":"1.6800"}]
["SEINFRA",{"$nulls":4},"Valor Geral:",null,{"v":1840.9398457889702,"d":"1,840.94"}]
["SEINFRA",{"$nulls":5},"Total:",3.6711]
["SEINFRA","I0109",0.0243,"AREIA MEDIA","M3",0.0243,{"v":46,"d":"46.0000"},1.1178]
["SEINFRA","I0442",{"v":4.46,"d":"4.4600"},"CAL VIRGEM EM PO","KG",{"v":4.46,"d":"4.4600"},{"v":0.85,"d":"0.8500"},{"v":3.791,"d":"3.7910"}]
["SEINFRA",{"$nulls":5},"Total:",{"v":41.396,"d":"41.3960"}]
["SEINFRA","MAO DE OBRA"]
["SEINFRA","I2543",{"v":1.52,"d":"1.5200"},"SERVENTE","H",{"v":1.52,"d":"1.5200"},{"v":4.88,"d":"4.8800"},7.4176]
["SEINFRA","SERVIÇOS"]
["SEINFRA","I0841",{"v":3,"d":"3.0000"},"CONECTOR PARA HASTE TERRA","UN",{"v":3,"d":"3.0000"},{"v":2.35,"d":"2.3500"},{"v":7.05,"d":"7.0500"}]
["SEINFRA","I0338",{"v":3,"d":"3.0000"},"CABO COBRE NU 25MM2","M",{"v":3,"d":"3.0000"},{"v":8.05,"d":"8.0500"},{"v":24.15,"d":"24.1500"}]
["SEINFRA",{"$nulls":5},"Total:",{"v":5.124,"d":"5.1240"}]
["SEINFRA","C0705",{"v":0.392,"d":"0.3920"},"CARGA E DESCARGA DE TUBOS E CONEXÕES EM FoFo","T",{"v":0.392,"d":"0.3920"},{"v":36.35940513333333,"d":"36.3594"},{"v":14.252886812266667,"d":"14.2529"}]
["SEINFRA","I2543",{"v":0.423,"d":"0.4230"},"SERVENTE","H",{"v":0.423,"d":"0.4230"},{"v":4.88,"d":"4.8800"},{"v":2.06424,"d":"2.0642"}]
["SEINFRA","C0318 - ASSENTAMENTO DE TUBOS, PEÇAS E CONEXÕES EM FoFo, JE DN 500mm - M"]
["SEINFRA","MAO DE OBRA"]
["SEINFRA","I0705",{"v":0.042,"d":"0.0420"},"CAMINHÃO COMERC. EQUIP. C/GUINDASTE (CHP)","H",{"v":0.042,"d":"0.0420"},{"v":99.00401466666666,"d":"99.0040"},{"v":4.158168616,"d":"4.1582"}]
["SEINFRA",{"$nulls":4},"Valor BDI:",null,{"v":0,"d":"0.00"}]
["SEINFRA",{"$nulls":5},"Total:",27.0057]
["SEINFRA","C0705",0.3205,"CARGA E DESCARGA DE TUBOS E CONEXÕES EM FoFo","T",0.3205,{"v":36.35940513333333,"d":"36.3594"},{"v":11.653189345233333,"d":"11.6532"}]
["SEINFRA",{"$nulls":4},"Encargos Sociais:",null,7.17]
["SEINFRA","C2980",{"v":0.289,"d":"0.2890"},"TRANSPORTE DE TUBOS E CONEXÕES DE FoFo, AÇO OU CONCRETO","T",{"v":0.289,"d":"0.2890"},{"v":21.54396432,"d":"21.5440"},{"v":6.2262056884799994,"d":"6.2262"}]
["SEINFRA","C0703",{"v":0.557,"d":"0.5570"},"CARGA E DESCARGA DE TUBOS DE CONCRETO","T",{"v":0.557,"d":"0.5570"},{"v":41.553605866666665,"d":"41.5536"},{"v":23.145358467733335,"d":"23.1454"}]
["SEINFRA","C2980",{"v":0.686,"d":"0.6860"},"TRANSPORTE DE TUBOS E CONEXÕES DE FoFo, AÇO OU CONCRETO","T",{"v":0.686,"d":"0.6860"},{"v":21.54396432,"d":"21.5440"},{"v":14.77915952352,"d":"14.7792"}]
["SEINFRA","MAO DE OBRA",null,null,"Unidade","Coeficiente","Preço","Total"]
["SEINFRA","MATERIAIS"]
["SEINFRA","I2456",{"v":3,"d":"3.0000"},"TUBO PVC ESGOTO PRIMÁRIO DE 100 (NBR 5688)","M",{"v":3,"d":"3.0000"},{"v":9.82,"d":"9.8200"},{"v":29.46,"d":"29.4600"}]
["SEINFRA","I1344",{"v":1,"d":"1.0000"},"LAVATÓRIO DE LOUÇA BRANCA SEM COLUNA","UN",{"v":1,"d":"1.0000"},{"v":72.31,"d":"72.3100"},{"v":72.31,"d":"72.3100"}]
["SEINFRA","I0983",{"v":3,"d":"3.0000"},"DISJUNTOR MONOPOLAR 20A","UN",{"v":3,"d":"3.0000"},{"v":8.3,"d":"8.3000"},{"v":24.9,"d":"24.9000"}]
["SEINFRA","C1915",{"v":131.4,"d":"131.4000"},"PISO CIMENTADO C/ ARGAMASSA DE CIMENTO E AREIA S/ PENEIRAR, TRAÇO 1:4, ESP.= 1.5cm","M2",{"v":131.4,"d":"131.4000"},16.3892,{"v":2153.54088,"d":"2,153.5409"}]
["SEINFRA","I0528",{"v":103,"d":"103.0000"},"CHAPA COMPENSADO RESINADO 10MM (1.10 X 2.20M)","M2",{"v":103,"d":"103.0000"},{"v":14.42,"d":"14.4200"},{"v":1485.26,"d":"1,485.2600"}]
["SEINFRA"]
["SEINFRA","I0042",{"v":0.8,"d":"0.8000"},"AJUDANTE DE ELETRICISTA","H",{"v":0.8,"d":"0.8000"},{"v":5.6,"d":"5.6000"},{"v":4.48,"d":"4.4800"}]
["SEINFRA","I1208",{"v":1,"d":"1.0000"},"FUSIVEL NH 2 - 400A","UN",{"v":1,"d":"1.0000"},{"v":43.14,"d":"43.1400"},{"v":43.14,"d":"43.1400"}]
["SEINFRA","I2357",{"v":3,"d":"3.0000"},"INTERRUPTOR DE SOBREPOR 1 SEÇÃO","UN",{"v":3,"d":"3.0000"},{"v":8.2,"d":"8.2000"},{"v":24.6,"d":"24.6000"}]
["SEINFRA","MATERIAIS"]
["SEINFRA","C3211",{"v":0.037,"d":"0.0370"},"ESCAVAÇÃO E CARGA DE MATERIAL DE JAZIDA","M3",{"v":0.037,"d":"0.0370"},{"v":3.5001096240601504,"d":"3.5001"},{"v":0.12950405609022556,"d":"0.1295"}]
["SEINFRA",{"$nulls":4},"Total Simples:",null,142.85]
["SEINFRA","C0360 - BANCO DE MADEIRA C/ESTRUTURA DE FERRO - L= 3.00m - UN"]
["SEINFRA","SERVIÇOS"]
["SEINFRA","C0364 - BANDEJA SALVA-VIDAS C/TÁBUAS DE 1\"x12\" DE 2ª - M"]
["SEINFRA","I2391",{"v":2,"d":"2.0000"},"PEDREIRO","H",{"v":2,"d":"2.0000"},{"v":7.2,"d":"7.2000"},{"v":14.4,"d":"14.4000"}]
["SEINFRA","MATERIAIS"]
["SEINFRA","I0157",{"v":2,"d":"2.0000"},"AÇO CA-25","KG",{"v":2,"d":"2.0000"},{"v":4.06,"d":"4.0600"},{"v":8.12,"d":"8.1200"}]
["SEINFRA","MAO DE OBRA",null,null,"Unidade","Coeficiente","Preço","Total"]
["SEINFRA",{"$nulls":4},"Valor BDI:",null,{"v":0,"d":"0.00"}]
["SEINFRA",{"$nulls":4},"Total Simples:",null,{"v":234.5404,"d":"234.54"}]
["SEINFRA","I0301",{"v":2,"d":"2.0000"},"BUCHA PLASTICA 8MM","UN",{"v":2,"d":"2.0000"},{"v":0.17,"d":"0.1700"},{"v":0.34,"d":"0.3400"}]
["SEINFRA","I1091",{"v":1,"d":"1.0000"},"ENGATE CROMADO","UN",{"v":1,"d":"1.0000"},{"v":16.06,"d":"16.0600"},{"v":16.06,"d":"16.0600"}]
["SEINFRA","I0805",{"v":3.64,"d":"3.6400"},"CIMENTO PORTLAND","KG",{"v":3.64,"d":"3.6400"},{"v":0.5,"d":"0.5000"},{"v":1.82,"d":"1.8200"}]
["SEINFRA",{"$nulls":5},"Total:",{"v":41.396,"d":"41.3960"}]
["SEINFRA","MAO DE OBRA",null,null,"Unidade","Coeficiente","Preço","Total"]
["SEINFRA","MATERIAIS"]
["SEINFRA","C1111 - DISJUNTOR TRIPOLAR C/ACIONAMENTO NA PORTA DO Q.D.ATE 32A - UN"]
["SEINFRA","I1015",{"v":1,"d":"1.0000"},"DISJUNTOR TRIPOLAR COMPACTO DE - 175A","UN",{"v":1,"d":"1.0000"},{"v":185.05,"d":"185.0500"},{"v":185.05,"d":"185.0500"}]
["SEINFRA","MAO DE OBRA",null,null,"Unidade","Coeficiente","Preço","Total"]
["SEINFRA",{"$nulls":4},"Total Simples:",null,{"v":7.3214,"d":"7.32"}]
["SEINFRA",{"$nulls":5},"Total:",{"v":45.6,"d":"45.6000"}]
["SEINFRA",{"$nulls":4},"Valor BDI:",null,{"v":0,"d":"0.00"}]
["SEINFRA",{"$nulls":5},"Total:",{"v":77.93,"d":"77.9300"}]
["SEINFRA","I2391",{"v":2.4,"d":"2.4000"},"PEDREIRO","H",{"v":2.4,"d":"2.4000"},{"v":7.2,"d":"7.2000"},{"v":17.28,"d":"17.2800"}]
["SEINFRA","MATERIAIS"]
["SEINFRA",{"$nulls":4},"Valor BDI:",null,{"v":0,"d":"0.00"}]
["SEINFRA",{"$nulls":4},"Encargos Sociais:",null,19.99]
["SEINFRA","I2070",{"v":1,"d":"1.0000"},"TELHADISTA","H",{"v":1,"d":"1.0000"},{"v":7.2,"d":"7.2000"},{"v":7.2,"d":"7.2000"}]
["SEINFRA",{"$nulls":4},"Total Simples:",null,47.55]
["SEINFRA","I0042",{"v":1,"d":"1.0000"},"AJUDANTE DE ELETRICISTA","H",{"v":1,"d":"1.0000"},{"v":5.6,"d":"5.6000"},{"v":5.6,"d":"5.6000"}]
["SEINFRA","MAO DE OBRA",null,null,"Unidade","Coeficiente","Preço","Total"]
["SEINFRA",{"$nulls":4},"Total Simples:",null,{"v":18.1552,"d":"18.16"}]
["SEINFRA","I2312",{"v":1.3,"d":"1.3000"},"ELETRICISTA","H",{"v":1.3,"d":"1.3000"},{"v":7.2,"d":"7.2000"},{"v":9.36,"d":"9.3600"}]
["SEINFRA",{"$nulls":5},"Total:",{"v":163.498,"d":"163.4980"}]
["SEINFRA","I0042",{"v":0.8,"d":"0.8000"},"AJUDANTE DE ELETRICISTA","H",{"v":0.8,"d":"0.8000"},{"v":5.6,"d":"5.6000"},{"v":4.48,"d":"4.4800"}]
["SEINFRA",{"$nulls":4},"Total Simples:",null,{"v":27.525000000000002,"d":"27.53"}]
["SEINFRA","I1084",{"v":1,"d":"1.0000"},"ELETRODUTO FLEXIVEL TIPO GARGANTA","M",{"v":1,"d":"1.0000"},{"v":1.98,"d":"1.9800"},{"v":1.98,"d":"1.9800"}]
["SEINFRA",{"$nulls":5},"Total:",4.6944]
["SEINFRA",{"$nulls":4},"Encargos Sociais:",null,28.66]
["SEINFRA",{"$nulls":4},"Valor Geral:",null,{"v":167.26488,"d":"167.26"}]
["SEINFRA","I1073",{"v":1,"d":"1.0000"},"ELETRODUTO DE PVC RIGIDO 2''","M",{"v":1,"d":"1.0000"},{"v":10.13,"d":"10.1300"},{"v":10.13,"d":"10.1300"}]
["SEINFRA","MATERIAIS"]
["SEINFRA","C1187 - ELETRODUTO PVC ROSC. D= 32mm (1\") - M"]
["SEINFRA","I1075",{"v":1,"d":"1.0000"},"ELETRODUTO DE PVC RIGIDO 3/4''","M",{"v":1,"d":"1.0000"},{"v":3.2,"d":"3.2000"},{"v":3.2,"d":"3.2000"}]
["SEINFRA","MAO DE OBRA",null,null,"Unidade","Coeficiente","Preço","Total"]
["SEINFRA","I0043",{"v":0.6,"d":"0.6000"},"AJUDANTE DE ENCANADOR","H",{"v":0.6,"d":"0.6000"},{"v":5.6,"d":"5.6000"},{"v":3.36,"d":"3.3600"}]
["SEINFRA","I1829",{"v":1.03,"d":"1.0300"},"RODAPÉ DE PEROBA (MADEIRA DE 1A QUALIDADE) DE 1.5X7CM","M",{"v":1.03,"d":"1.0300"},{"v":10.2,"d":"10.2000"},{"v":10.506,"d":"10.5060"}]
["SEINFRA",{"$nulls":4},"Encargos Sociais:",null,7.03]
["SEINFRA","I0853",{"v":2.14,"d":"2.1400"},"CONJUNTO VEDAÇÃO ELASTICA","UN",{"v":2.14,"d":"2.1400"},{"v":0.5,"d":"0.5000"},{"v":1.07,"d":"1.0700"}]
["SEINFRA",{"$nulls":4},"Total Simples:",null,215.74]
["SEINFRA",{"$nulls":4},"Valor BDI:",null,{"v":0,"d":"0.00"}]
["SEINFRA",{"$nulls":5},"Total:",{"v":1.024,"d":"1.0240"}]
["SEINFRA",{"$nulls":5},"Total:",{"v":166.17,"d":"166.1700"}]
["SEINFRA","C2263 - SECCIONADOR FUSÍVEL NH TRIPOLAR MANOBRA C/CARGA.ATE 125A - UN"]
["SEINFRA","MATERIAIS"]
["SEINFRA",{"$nulls":4},"Valor BDI:",null,{"v":0,"d":"0.00"}]
["SEINFRA",{"$nulls":5},"Total:",{"v":89.18,"d":"89.1800"}]
["SEINFRA","I1864",{"v":1,"d":"1.0000"},"SIFÃO METALICO TIPO COPO DN 1\"X1 1/2\"","UN",{"v":1,"d":"1.0000"},{"v":77.5,"d":"77.5000"},{"v":77.5,"d":"77.5000"}]
["SEINFRA","C2276 - SINALIZADOR P/ ENTRADA E SAÍDA DE VEÍCULOS - UN"]
["SEINFRA",{"$nulls":4},"Encargos Sociais:",null,2.78]
["SEINFRA","I2391",{"v":0.1,"d":"0.1000"},"PEDREIRO","H",{"v":0.1,"d":"0.1000"},{"v":7.2,"d":"7.2000"},{"v":0.7200000000000001,"d":"0.7200"}]
["SEINFRA","I2543",{"v":0.5,"d":"0.5000"},"SERVENTE","H",{"v":0.5,"d":"0.5000"},{"v":4.88,"d":"4.8800"},{"v":2.44,"d":"2.4400"}]
["SEINFRA",{"$nulls":5},"Total:",{"v":9.6,"d":"9.6000"}]
["SEINFRA","MAO DE OBRA",null,null,"Unidade","Coeficiente","Preço","Total"]
["SEINFRA",{"$nulls":5},"Total:",{"v":10.88,"d":"10.8800"}]
["SEINFRA",{"$nulls":4},"Encargos Sociais:",null,26.45]
["SEINFRA","I0037",{"v":0.18,"d":"0.1800"},"AJUDANTE","H",{"v":0.18,"d":"0.1800"},{"v":5.6,"d":"5.6000"},{"v":1.008,"d":"1.0080"}]
["SEINFRA","I0814",{"v":0.18,"d":"0.1800"},"COLA ESPECIAL 'PVA'","KG",{"v":0.18,"d":"0.1800"},{"v":18.3,"d":"18.3000"},{"v":3.294,"d":"3.2940"}]
["SEINFRA","I0540",{"v":1.05,"d":"1.0500"},"CHAPA LISA DE FIBROCIMENTO DE 6MM","M2",{"v":1.05,"d":"1.0500"},{"v":54.97,"d":"54.9700"},{"v":57.718500000000006,"d":"57.7185"}]
["SEINFRA","I0024",{"v":1.25,"d":"1.2500"},"ADESIVO DE CONTATO","KG",{"v":1.25,"d":"1.2500"},{"v":8.6,"d":"8.6000"},{"v":10.75,"d":"10.7500"}]
["SEINFRA","I0137",{"v":4,"d":"4.0000"},"ARRUELA LISA 1/4''X3/4''","UN",{"v":4,"d":"4.0000"},{"v":0.1,"d":"0.1000"},{"v":0.4,"d":"0.4000"}]
["SEINFRA","C2226 - REVESTIMENTO C/CHAPAS FIBROCIMENTO SOBRE PERFIS ESTRUTURAIS TIPO \" I \"  - M2"]
["SEINFRA","MAO DE OBRA",null,null,"Unidade","Coeficiente","Preço","Total"]
["SEINFRA",{"$nulls":5},"Total:",{"v":12665.8,"d":"12,665.8000"}]
["SEINFRA","I0994",{"v":1,"d":"1.0000"},"DISJUNTOR TIPO COMPACTO 3X250A","UN",{"v":1,"d":"1.0000"},{"v":1899,"d":"1,899.0000"},{"v":1899,"d":"1,899.0000"}]
["SEINFRA","C2233 - REVESTIMENTO TEXTURIZADO EM PAREDES INTERNA/EXTERNA C/ROLO - M2"]
["SEINFRA","I1826",{"v":1.05,"d":"1.0500"},"RIPA DE PEROBA (MADEIRA DE 1A QUALIDADE) DE 2X8CM","M",{"v":1.05,"d":"1.0500"},{"v":2.63,"d":"2.6300"},{"v":2.7615000000000003,"d":"2.7615"}]
["SEINFRA",{"$nulls":5},"Total:",0.0665]
["SEINFRA","I0037",0.0212,"AJUDANTE","H",0.0212,{"v":5.6,"d":"5.6000"},{"v":0.11872,"d":"0.1187"}]
["SEINFRA","MAO DE OBRA",null,null,"Unidade","Coeficiente","Preço","Total"]
["SEINFRA",{"$nulls":4},"Valor Geral:",null,{"v":149.5693,"d":"149.57"}]
["SEINFRA","MATERIAIS"]
["SEINFRA","I0109",0.0693,"AREIA MEDIA","M3",0.0693,{"v":46,"d":"46.0000"},3.1878]
["SEINFRA","I0441",{"v":1.51,"d":"1.5100"},"CAL HIDRATADA","KG",{"v":1.51,"d":"1.5100"},{"v":0.74,"d":"0.7400"},1.1174]
["SEINFRA","I0805",{"v":2.18,"d":"2.1800"},"CIMENTO PORTLAND","KG",{"v":2.18,"d":"2.1800"},{"v":0.5,"d":"0.5000"},{"v":1.09,"d":"1.0900"}]
["SEINFRA",{"$nulls":4},"Total Simples:",null,{"v":44.210100000000004,"d":"44.21"}]
["SEINFRA",{"$nulls":4},"Encargos Sociais:",null,{"v":4.9,"d":"4.90"}]
["SEINFRA",{"$nulls":5},"Total:",{"v":14.917,"d":"14.9170"}]
["SEINFRA",{"$nulls":4},"Valor BDI:",null,{"v":0,"d":"0.00"}]
["SEINFRA","MAO DE OBRA",null,null,"Unidade","Coeficiente","Preço","Total"]
["SEINFRA","I2543",{"v":0.12,"d":"0.1200"},"SERVENTE","H",{"v":0.12,"d":"0.1200"},{"v":4.88,"d":"4.8800"},0.5856]
["SEINFRA",{"$nulls":5},"Total:",{"v":12.301,"d":"12.3010"}]
["SEINFRA",{"$nulls":4},"Total Simples:",null,{"v":407.9066,"d":"407.91"}]
["SEINFRA",{"$nulls":4},"Valor Geral:",null,{"v":248.85420000000002,"d":"248.85"}]
["SEINFRA",{"$nulls":5},"Total:",{"v":2.056,"d":"2.0560"}]
["SEINFRA",{"$nulls":5},"Total:",{"v":9.959,"d":"9.9590"}]
["SEINFRA",{"$nulls":5},"Total:",{"v":103.947,"d":"103.9470"}]
["SEINFRA","I0109",0.0201,"AREIA MEDIA","M3",0.0201,{"v":46,"d":"46.0000"},0.9246]
["SEINFRA",{"$nulls":5},"Total:",{"v":42.87,"d":"42.8700"}]
["SEINFRA","MATERIAIS"]
["SEINFRA",{"$nulls":4},"Total Simples:",null,{"v":11.638,"d":"11.64"}]
["SEINFRA",{"$nulls":4},"Valor BDI:",null,{"v":0,"d":"0.00"}]
["SEINFRA","MAO DE OBRA",null,null,"Unidade","Coeficiente","Preço","Total"]
["SEINFRA",{"$nulls":5},"Total:",{"v":7.808,"d":"7.8080"}]
["SEINFRA","I2320",{"v":0.61,"d":"0.6100"},"ENCANADOR","H",{"v":0.61,"d":"0.6100"},{"v":7.2,"d":"7.2000"},{"v":4.3919999999999995,"d":"4.3920"}]
["SEINFRA",{"$nulls":4},"Encargos Sociais:",null,1.85]
["SEINFRA",{"$nulls":4},"Valor Geral:",null,{"v":37.623290000000004,"d":"37.62"}]
["SEINFRA","I0043",{"v":0.14,"d":"0.1400"},"AJUDANTE DE ENCANADOR","H",{"v":0.14,"d":"0.1400"},{"v":5.6,"d":"5.6000"},{"v":0.784,"d":"0.7840"}]
["SEINFRA","MATERIAIS"]
["SEINFRA",{"$nulls":4},"Total Simples:",null,{"v":68.1408,"d":"68.14"}]
["SEINFRA",{"$nulls":4},"Valor Geral:",null,{"v":123.0857,"d":"123.09"}]
["SEINFRA","I0014",{"v":1,"d":"1.0000"},"ADAPTADOR PVC SOLD. FLANGES LIVRES P/CX. D'ÁGUA 40MM","UN",{"v":1,"d":"1.0000"},{"v":22,"d":"22.0000"},{"v":22,"d":"22.0000"}]
["SEINFRA",{"$nulls":5},"Total:",4.8856]
["SEINFRA",{"$nulls":5},"Total:",{"v":30.2,"d":"30.2000"}]
["SEINFRA","I0109",0.3648,"AREIA MEDIA","M3",0.3648,{"v":46,"d":"46.0000"},16.7808]
["SEINFRA","SERVIÇOS"]
["SEINFRA","C2199 - RETELHAMENTO C/ OUTROS TIPOS DE TELHA MAT. FIXAÇÃO - M2"]
["SEINFRA","I2391",{"v":5,"d":"5.0000"},"PEDREIRO","H",{"v":5,"d":"5.0000"},{"v":7.2,"d":"7.2000"},{"v":36,"d":"36.0000"}]
["SEINFRA","C3324",{"v":0.3,"d":"0.3000"},"ARGAMASSA DE CIMENTO E AREIA TRAÇO 1:4 COM AREIA PRODUZIDA","M3",{"v":0.3,"d":"0.3000"},{"v":239.04242750550887,"d":"239.0424"},{"v":71.71272825165266,"d":"71.7127"}]
["SEINFRA",{"$nulls":4},"Valor BDI:",null,{"v":0,"d":"0.00"}]
["SEINFRA",{"$nulls":4},"Encargos Sociais:",null,9.56]
["SEINFRA","MAO DE OBRA",null,null,"Unidade","Coeficiente","Preço","Total"]
["SEINFRA","I2408",0.1026,"PREGO 1 1/2\" x 14","KG",0.1026,{"v":9.4,"d":"9.4000"},{"v":0.96444,"d":"0.9644"}]
["SEINFRA","I2395",{"v":0.4,"d":"0.4000"},"PINTOR","H",{"v":0.4,"d":"0.4000"},{"v":7.2,"d":"7.2000"},{"v":2.8800000000000003,"d":"2.8800"}]
["SEINFRA","I0109",{"v":0.073,"d":"0.0730"},"AREIA MEDIA","M3",{"v":0.073,"d":"0.0730"},{"v":46,"d":"46.0000"},{"v":3.3579999999999997,"d":"3.3580"}]
["SEINFRA",{"$nulls":4},"Total Simples:",null,{"v":1.7302,"d":"1.73"}]
["SEINFRA","MAO DE OBRA",null,null,"Unidade","Coeficiente","Preço","Total"]
["SEINFRA","I0108",{"v":0.125,"d":"0.1250"},"AREIA GROSSA","M3",{"v":0.125,"d":"0.1250"},{"v":50,"d":"50.0000"},{"v":6.25,"d":"6.2500"}]
["SEINFRA",{"$nulls":4},"Valor BDI:",null,{"v":0,"d":"0.00"}]
["SEINFRA","C1094 - MONTAGEM DE APOIO AOS PÓRTICOS - M"]
["SEINFRA","MATERIAIS"]
["SEINFRA",{"$nulls":5},"Total:",{"v":4.48,"d":"4.4800"}]
["SEINFRA",{"$nulls":5},"Total:",{"v":8.64,"d":"8.6400"}]
["SEINFRA",{"$nulls":4},"Valor BDI:",null,{"v":0,"d":"0.00"}]
["SEINFRA",{"$nulls":5},"Total:",{"v":7.68,"d":"7.6800"}]
["SEINFRA",{"$nulls":5},"Total:",{"v":113.66,"d":"113.6600"}]
["SEINFRA",{"$nulls":5},"Total:",{"v":351.92,"d":"351.9200"}]
["SEINFRA","I0026",{"v":0.005,"d":"0.0050"},"ADESIVO PARA TUBO DE PVC RIGIDO","KG",{"v":0.005,"d":"0.0050"},{"v":38.25,"d":"38.2500"},{"v":0.19125,"d":"0.1913"}]
["SEINFRA","I1180",{"v":0.8,"d":"0.8000"},"FITA DE VEDAÇÃO","M",{"v":0.8,"d":"0.8000"},{"v":0.38,"d":"0.3800"},{"v":0.304,"d":"0.3040"}]
["SEINFRA",{"$nulls":5},"Total:",250.3481]
["SEINFRA",{"$nulls":5},"Total:",{"v":3.84,"d":"3.8400"}]
["SEINFRA","MAO DE OBRA"]
["SEINFRA",{"$nulls":4},"Total Simples:",null,{"v":440.34487657200003,"d":"440.34"}]
["SEINFRA",{"$nulls":4},"Encargos Sociais:",null,69.24]
["SEINFRA","I1068",{"v":12,"d":"12.0000"},"ELETRODUTO DE PVC RIGIDO 1 1/2''","M",{"v":12,"d":"12.0000"},{"v":7.87,"d":"7.8700"},{"v":94.44,"d":"94.4400"}]
["SEINFRA",{"$nulls":5},"Total:",8.9863]
["SEINFRA",{"$nulls":4},"Encargos Sociais:",null,21.45]
["SEINFRA","C2307 - TAMPÃO EM AÇO GALV. D=15mm (1/2\")  À 25mm(1\") - UN"]
["SEINFRA","I1514",{"v":0.3,"d":"0.3000"},"MASSA DE VEDAÇÃO","KG",{"v":0.3,"d":"0.3000"},{"v":11.8,"d":"11.8000"},{"v":3.54,"d":"3.5400"}]
["SEINFRA","I1928",{"v":1,"d":"1.0000"},"TAMPÃO AÇO GALVANIZADO (32MM) 1 1/4'","UN",{"v":1,"d":"1.0000"},{"v":7.8,"d":"7.8000"},{"v":7.8,"d":"7.8000"}]
["SEINFRA",{"$nulls":4},"Total Simples:",null,{"v":133.6,"d":"133.60"}]
["SEINFRA","I0728",0.0634,"COMPRESSOR DE AR 250 PCM (CHP)","H",0.0634,{"v":78.5809126984127,"d":"78.5809"},{"v":4.982029865079365,"d":"4.9820"}]
["SEINFRA","I1933",{"v":2.27,"d":"2.2700"},"TAMPÃO FIBROCIMENTO (KALHETA DELTA)","UN",{"v":2.27,"d":"2.2700"},{"v":15.71,"d":"15.7100"},35.6617]
["SEINFRA",{"$nulls":4},"Valor BDI:",null,{"v":0,"d":"0.00"}]
["SEINFRA","MAO DE OBRA",null,null,"Unidade","Coeficiente","Preço","Total"]
["SEINFRA","MAO DE OBRA",null,null,"Unidade","Coeficiente","Preço","Total"]
["SEINFRA","MAO DE OBRA",null,null,"Unidade","Coeficiente","Preço","Total"]
["SEINFRA","I2543",{"v":0.6,"d":"0.6000"},"SERVENTE","H",{"v":0.6,"d":"0.6000"},{"v":4.88,"d":"4.8800"},{"v":2.928,"d":"2.9280"}]
["SEINFRA","I0966",{"v":0.2,"d":"0.2000"},"DINAMITE 40%","KG",{"v":0.2,"d":"0.2000"},{"v":11,"d":"11.0000"},{"v":2.2,"d":"2.2000"}]
["SEINFRA","I0109",0.0219,"AREIA MEDIA","M3",0.0219,{"v":46,"d":"46.0000"},1.0074]
["SEINFRA",{"$nulls":5},"Total:",{"v":17.5,"d":"17.5000"}]
["SEINFRA","MATERIAIS"]
["SEINFRA",{"$nulls":4},"Total Simples:",null,{"v":3.111892842,"d":"3.11"}]
["SEINFRA","C2314 - TAPETE TIPO TABACOW  ESP.  6,01mm <= ESP <= 10mm - M2"]
["SEINFRA","I2130",{"v":1,"d":"1.0000"},"TORNEIRA DE PRESSÃO CROMADA DE USO GERAL 1/2'","UN",{"v":1,"d":"1.0000"},{"v":28.4,"d":"28.4000"},{"v":28.4,"d":"28.4000"}]
["SEINFRA",{"$nulls":4},"Valor BDI:",null,{"v":0,"d":"0.00"}]
["SEINFRA","MATERIAIS"]
["SEINFRA","I2099",{"v":0.8,"d":"0.8000"},"TINTA PRIMARIA","L",{"v":0.8,"d":"0.8000"},{"v":1.95,"d":"1.9500"},{"v":1.56,"d":"1.5600"}]
["SEINFRA","I0280",{"v":0.836,"d":"0.8360"},"BRITA","M3",{"v":0.836,"d":"0.8360"},{"v":56,"d":"56.0000"},{"v":46.815999999999995,"d":"46.8160"}]
["SEINFRA",{"$nulls":5},"Total:",{"v":84.265,"d":"84.2650"}]
["SEINFRA","I0109",{"v":1E-4,"d":"0.0001"},"AREIA MEDIA","M3",{"v":1E-4,"d":"0.0001"},{"v":46,"d":"46.0000"},0.0046]
["SEINFRA","MATERIAIS"]
["SEINFRA",{"$nulls":5},"Total:",0.3218]
["SEINFRA",{"$nulls":4},"Valor Geral:",null,{"v":15.132200000000001,"d":"15.13"}]
["SEINFRA","I2395",{"v":0.4,"d":"0.4000"},"PINTOR","H",{"v":0.4,"d":"0.4000"},{"v":7.2,"d":"7.2000"},{"v":2.8800000000000003,"d":"2.8800"}]
["SEINFRA",{"$nulls":5},"Total:",0.0539]
["SEINFRA",{"$nulls":4},"Encargos Sociais:",null,17.31]
["SEINFRA","I2543",{"v":0.6,"d":"0.6000"},"SERVENTE","H",{"v":0.6,"d":"0.6000"},{"v":4.88,"d":"4.8800"},{"v":2.928,"d":"2.9280"}]
["SEINFRA",{"$nulls":4},"Valor Geral:",null,{"v":72.7839,"d":"72.78"}]
["SEINFRA",{"$nulls":4},"Encargos Sociais:",null,10.89]
["SEINFRA",{"$nulls":5},"Total:",{"v":9.6,"d":"9.6000"}]
["SEINFRA",{"$nulls":4},"Valor Geral:",null,{"v":1266.8556,"d":"1,266.86"}]
["SEINFRA","I2320",{"v":0.3,"d":"0.3000"},"ENCANADOR","H",{"v":0.3,"d":"0.3000"},{"v":7.2,"d":"7.2000"},{"v":2.16,"d":"2.1600"}]
["SEINFRA","I0026",{"v":0.048,"d":"0.0480"},"ADESIVO PARA TUBO DE PVC RIGIDO","KG",{"v":0.048,"d":"0.0480"},{"v":38.25,"d":"38.2500"},{"v":1.836,"d":"1.8360"}]
["SEINFRA","I2002",{"v":1,"d":"1.0000"},"TE PVC SOLD/ROSCA BOLSA CENTRAL 20X1/2''","UN",{"v":1,"d":"1.0000"},{"v":1.6,"d":"1.6000"},{"v":1.6,"d":"1.6000"}]
["SEINFRA","MATERIAIS"]
["SEINFRA",{"$nulls":4},"Valor BDI:",null,{"v":0,"d":"0.00"}]
["SEINFRA","I2320",{"v":0.36,"d":"0.3600"},"ENCANADOR","H",{"v":0.36,"d":"0.3600"},{"v":7.2,"d":"7.2000"},{"v":2.592,"d":"2.5920"}]
["SEINFRA",{"$nulls":4},"Encargos Sociais:",null,13.85]
["SEINFRA","I2320",{"v":0.36,"d":"0.3600"},"ENCANADOR","H",{"v":0.36,"d":"0.3600"},{"v":7.2,"d":"7.2000"},{"v":2.592,"d":"2.5920"}]
["SEINFRA",{"$nulls":5},"Total:",{"v":5.97,"d":"5.9700"}]
["SEINFRA","C2363 - TÊ PVC BRANCO P/ESGOTO D=75mm (3\")-JUNTAS SOLD. - UN"]
["SEINFRA",{"$nulls":4},"Valor Geral:",null,{"v":23.1691,"d":"23.17"}]
["SEINFRA","I1998",{"v":1,"d":"1.0000"},"TE PVC ROSCAVEL DE 1/2'","UN",{"v":1,"d":"1.0000"},{"v":1.9,"d":"1.9000"},{"v":1.9,"d":"1.9000"}]
["SEINFRA",{"$nulls":4},"Valor Geral:",null,{"v":8.8134,"d":"8.81"}]
["SEINFRA","I2320",{"v":0.57,"d":"0.5700"},"ENCANADOR","H",{"v":0.57,"d":"0.5700"},{"v":7.2,"d":"7.2000"},{"v":4.103999999999999,"d":"4.1040"}]
["SEINFRA","I0026",{"v":0.1,"d":"0.1000"},"ADESIVO PARA TUBO DE PVC RIGIDO","KG",{"v":0.1,"d":"0.1000"},{"v":38.25,"d":"38.2500"},{"v":3.825,"d":"3.8250"}]
["SEINFRA","I2006",{"v":1,"d":"1.0000"},"TE PVC CINZA C/ INSP P/ ESG DIAM 150MM (6')","UN",{"v":1,"d":"1.0000"},{"v":162.88,"d":"162.8800"},{"v":162.88,"d":"162.8800"}]
["SEINFRA",{"$nulls":4},"Valor Geral:",null,{"v":15.044649999999999,"d":"15.04"}]
["SEINFRA","I0043",{"v":0.51,"d":"0.5100"},"AJUDANTE DE ENCANADOR","H",{"v":0.51,"d":"0.5100"},{"v":5.6,"d":"5.6000"},{"v":2.856,"d":"2.8560"}]
["SEINFRA",{"$nulls":4},"Valor Geral:",null,{"v":8.53545,"d":"8.54"}]
["SEINFRA","I0026",{"v":0.05,"d":"0.0500"},"ADESIVO PARA TUBO DE PVC RIGIDO","KG",{"v":0.05,"d":"0.0500"},{"v":38.25,"d":"38.2500"},1.9125]
["SEINFRA",{"$nulls":5},"Total:",25.7901]
["SEINFRA",{"$nulls":4},"Valor Geral:",null,{"v":22.9264,"d":"22.93"}]
["SEINFRA","I2391",{"v":0.6,"d":"0.6000"},"PEDREIRO","H",{"v":0.6,"d":"0.6000"},{"v":7.2,"d":"7.2000"},{"v":4.32,"d":"4.3200"}]
["SEINFRA","I0441",{"v":3.24,"d":"3.2400"},"CAL HIDRATADA","KG",{"v":3.24,"d":"3.2400"},{"v":0.74,"d":"0.7400"},2.3976]
["SEINFRA","I0441",{"v":2.66,"d":"2.6600"},"CAL HIDRATADA","KG",{"v":2.66,"d":"2.6600"},{"v":0.74,"d":"0.7400"},{"v":1.9684000000000001,"d":"1.9684"}]
["SEINFRA","I0043",{"v":0.37,"d":"0.3700"},"AJUDANTE DE ENCANADOR","H",{"v":0.37,"d":"0.3700"},{"v":5.6,"d":"5.6000"},{"v":2.072,"d":"2.0720"}]
["SEINFRA",{"$nulls":4},"Encargos Sociais:",null,6.85]
["SEINFRA","MAO DE OBRA",null,null,"Unidade","Coeficiente","Preço","Total"]
["SEINFRA","MATERIAIS"]
["SEINFRA","I2013",{"v":1,"d":"1.0000"},"TE PVC RIGIDO. PARA ESGOTO - 40MM (1 1/2')","UN",{"v":1,"d":"1.0000"},{"v":3.48,"d":"3.4800"},{"v":3.48,"d":"3.4800"}]
["SEINFRA",{"$nulls":4},"Encargos Sociais:",null,6.85]
["SEINFRA","I0043",{"v":0.29,"d":"0.2900"},"AJUDANTE DE ENCANADOR","H",{"v":0.29,"d":"0.2900"},{"v":5.6,"d":"5.6000"},{"v":1.6239999999999999,"d":"1.6240"}]
["SEINFRA",{"$nulls":5},"Total:",{"v":3.712,"d":"3.7120"}]
["SEINFRA","I1945",{"v":1,"d":"1.0000"},"TE AÇO GALVANIZADO DE 1 1/2'","UN",{"v":1,"d":"1.0000"},{"v":17.6,"d":"17.6000"},{"v":17.6,"d":"17.6000"}]
["SEINFRA","MATERIAIS"]
["SEINFRA","C2328 - TÊ AÇO GALV. D= 80mm (3\") - UN"]
["SEINFRA",{"$nulls":5},"Total:",{"v":42.944,"d":"42.9440"}]
["SEINFRA",{"$nulls":4},"Valor Geral:",null,{"v":36.58986,"d":"36.59"}]
["SEINFRA",{"$nulls":5},"Total:",{"v":5.12,"d":"5.1200"}]
["SEINFRA",{"$nulls":4},"Total Simples:",null,{"v":9.92535,"d":"9.93"}]
["SEINFRA",{"$nulls":4},"Encargos Sociais:",null,21.88]
["SEINFRA","MATERIAIS"]
["SEINFRA","I0043",{"v":0.41,"d":"0.4100"},"AJUDANTE DE ENCANADOR","H",{"v":0.41,"d":"0.4100"},{"v":5.6,"d":"5.6000"},{"v":2.296,"d":"2.2960"}]
["SEINFRA",{"$nulls":5},"Total:",{"v":5.248,"d":"5.2480"}]
["SEINFRA",{"$nulls":4},"Valor BDI:",null,{"v":0,"d":"0.00"}]
["SEINFRA","I2543",{"v":10,"d":"10.0000"},"SERVENTE","H",{"v":10,"d":"10.0000"},{"v":4.88,"d":"4.8800"},{"v":48.8,"d":"48.8000"}]
["SEINFRA","I0805",{"v":182,"d":"182.0000"},"CIMENTO PORTLAND","KG",{"v":182,"d":"182.0000"},{"v":0.5,"d":"0.5000"},{"v":91,"d":"91.0000"}]
["SEINFRA",{"$nulls":4},"Valor Geral:",null,{"v":391.325,"d":"391.33"}]
["SEINFRA",{"$nulls":4},"Valor BDI:",null,{"v":0,"d":"0.00"}]
["SEINFRA",{"$nulls":4},"Encargos Sociais:",null,56.76]
["SEINFRA",{"$nulls":5},"Total:",{"v":48.8,"d":"48.8000"}]
["SEINFRA",{"$nulls":4},"Encargos Sociais:",null,56.76]
["SEINFRA",{"$nulls":4},"Total Simples:",null,{"v":457.29200000000003,"d":"457.29"}]
["SEINFRA",{"$nulls":5},"Total:",{"v":48.8,"d":"48.8000"}]
["SEINFRA","I0109",{"v":0.942,"d":"0.9420"},"AREIA MEDIA","M3",{"v":0.942,"d":"0.9420"},{"v":46,"d":"46.0000"},{"v":43.332,"d":"43.3320"}]
["SEINFRA",{"$nulls":4},"Valor Geral:",null,{"v":233.58565000000002,"d":"233.59"}]
["SEINFRA","I0805",{"v":486,"d":"486.0000"},"CIMENTO PORTLAND","KG",{"v":486,"d":"486.0000"},{"v":0.5,"d":"0.5000"},{"v":243,"d":"243.0000"}]
["SEINFRA",{"$nulls":4},"Valor BDI:",null,{"v":0,"d":"0.00"}]
["SEINFRA","I2312",{"v":0.15,"d":"0.1500"},"ELETRICISTA","H",{"v":0.15,"d":"0.1500"},{"v":7.2,"d":"7.2000"},{"v":1.08,"d":"1.0800"}]
["SEINFRA","MATERIAIS"]
["SEINFRA","I0109",{"v":1.216,"d":"1.2160"},"AREIA MEDIA","M3",{"v":1.216,"d":"1.2160"},{"v":46,"d":"46.0000"},{"v":55.936,"d":"55.9360"}]
["SEINFRA",{"$nulls":4},"Valor BDI:",null,{"v":0,"d":"0.00"}]
["SEINFRA","I2320",{"v":0.35,"d":"0.3500"},"ENCANADOR","H",{"v":0.35,"d":"0.3500"},{"v":7.2,"d":"7.2000"},{"v":2.52,"d":"2.5200"}]
["SEINFRA",{"$nulls":4},"Encargos Sociais:",null,5.85]
["SEINFRA",{"$nulls":4},"Total Simples:",null,{"v":33.472385,"d":"33.47"}]
["SEINFRA",{"$nulls":4},"Valor BDI:",null,{"v":0,"d":"0.00"}]
["SEINFRA",{"$nulls":5},"Total:",{"v":163.651,"d":"163.6510"}]
["SEINFRA","C0129 - ARGAMASSA DE CIMENTO ARENOSO E AREIA S/PEN. TRAÇO 1:2:6 - M3"]
["SEINFRA","I0109",{"v":0.79,"d":"0.7900"},"AREIA MEDIA","M3",{"v":0.79,"d":"0.7900"},{"v":46,"d":"46.0000"},{"v":36.34,"d":"36.3400"}]
["SEINFRA",{"$nulls":4},"Encargos Sociais:",null,56.77]
["SEINFRA",{"$nulls":4},"Total Simples:",null,{"v":211.108,"d":"211.11"}]
["SEINFRA","I0112",{"v":0.948,"d":"0.9480"},"ARENOSO","M3",{"v":0.948,"d":"0.9480"},{"v":37.5,"d":"37.5000"},{"v":35.55,"d":"35.5500"}]
["SEINFRA",{"$nulls":4},"Valor BDI:",null,{"v":0,"d":"0.00"}]
["SEINFRA",{"$nulls":4},"Encargos Sociais:",null,56.78]
["SEINFRA","MATERIAIS"]
["SEINFRA","I0030",{"v":0.064,"d":"0.0640"},"ADUBO MINERAL (10-10-10NPK)","KG",{"v":0.064,"d":"0.0640"},{"v":3,"d":"3.0000"},{"v":0.192,"d":"0.1920"}]
["SEINFRA","I0109",0.0024,"AREIA MEDIA","M3",0.0024,{"v":46,"d":"46.0000"},{"v":0.11039999999999998,"d":"0.1104"}]
["SEINFRA","EQUIPAMENTOS (CHORARIO)",null,null,"Unidade","Coeficiente","Preço","Total"]
["SEINFRA","I0109",0.0426,"AREIA MEDIA","M3",0.0426,{"v":46,"d":"46.0000"},1.9596]
["SEINFRA","I2543",{"v":0.74,"d":"0.7400"},"SERVENTE","H",{"v":0.74,"d":"0.7400"},{"v":4.88,"d":"4.8800"},{"v":3.6111999999999997,"d":"3.6112"}]
["SEINFRA","I2312",{"v":0.5,"d":"0.5000"},"ELETRICISTA","H",{"v":0.5,"d":"0.5000"},{"v":7.2,"d":"7.2000"},{"v":3.6,"d":"3.6000"}]
["SEINFRA",{"$nulls":4},"Total Simples:",null,{"v":16.337,"d":"16.34"}]
["SEINFRA",{"$nulls":4},"Valor BDI:",null,{"v":0,"d":"0.00"}]
["SEINFRA","I0043",{"v":4,"d":"4.0000"},"AJUDANTE DE ENCANADOR","H",{"v":4,"d":"4.0000"},{"v":5.6,"d":"5.6000"},{"v":22.4,"d":"22.4000"}]
["SEINFRA","I0037",{"v":1.56,"d":"1.5600"},"AJUDANTE","H",{"v":1.56,"d":"1.5600"},{"v":5.6,"d":"5.6000"},{"v":8.736,"d":"8.7360"}]
["SEINFRA",{"$nulls":5},"Total:",{"v":24.088,"d":"24.0880"}]
["SEINFRA",{"$nulls":5},"Total:",{"v":36,"d":"36.0000"}]
["SEINFRA","MAO DE OBRA",null,null,"Unidade","Coeficiente","Preço","Total"]
["SEINFRA",{"$nulls":4},"Valor Geral:",null,{"v":177.6388,"d":"177.64"}]
["SEINFRA","I1139",{"v":1,"d":"1.0000"},"ESTRUTURA METALICA P/ BASQUETE","CJ",{"v":1,"d":"1.0000"},{"v":1715.69,"d":"1,715.6900"},{"v":1715.69,"d":"1,715.6900"}]
["SEINFRA",{"$nulls":4},"Encargos Sociais:",null,{"v":0,"d":"0.00"}]
["SEINFRA","MAO DE OBRA",null,null,"Unidade","Coeficiente","Preço","Total"]
["SEINFRA",{"$nulls":4},"Encargos Sociais:",null,29.32]
["SEINFRA",{"$nulls":5},"Total:",{"v":61.176,"d":"61.1760"}]
["SEINFRA",{"$nulls":4},"Valor Geral:",null,{"v":106.31830000000001,"d":"106.32"}]
["SEINFRA",{"$nulls":5},"Total:",{"v":32.344,"d":"32.3440"}]
["SEINFRA",{"$nulls":4},"Encargos Sociais:",null,{"v":26.8,"d":"26.80"}]
["SEINFRA","I1530",{"v":2.1,"d":"2.1000"},"MONTADOR","H",{"v":2.1,"d":"2.1000"},{"v":7.2,"d":"7.2000"},{"v":15.120000000000001,"d":"15.1200"}]
["SEINFRA","C0838",0.0605,"CONCRETO P/VIBR., FCK 10 MPa COM AGREGADO ADQUIRIDO","M3",0.0605,{"v":261.2937232048,"d":"261.2937"},{"v":15.808270253890399,"d":"15.8083"}]
["SEINFRA",{"$nulls":4},"Valor Geral:",null,{"v":321.025301870352,"d":"321.03"}]
["SEINFRA","I0840",{"v":4,"d":"4.0000"},"CONECTOR PARA CABO 10.0MM2","UN",{"v":4,"d":"4.0000"},{"v":2.35,"d":"2.3500"},{"v":9.4,"d":"9.4000"}]
["SEINFRA","C1400",{"v":0.46,"d":"0.4600"},"FORMA DE TÁBUAS DE 1\" DE 3A. P/FUNDAÇÕES UTIL. 5 X","M2",{"v":0.46,"d":"0.4600"},{"v":29.240000000000002,"d":"29.2400"},13.4504]
["SEINFRA","C2845 - INST. DE HIDRÔMETRO E CAVALETE C/ CAIXA NO MURO P002 (CASO I) - UN"]
["SEINFRA","I2320",{"v":0.7,"d":"0.7000"},"ENCANADOR","H",{"v":0.7,"d":"0.7000"},{"v":7.2,"d":"7.2000"},{"v":5.04,"d":"5.0400"}]
["SEINFRA","MATERIAIS"]
["SEINFRA",{"$nulls":4},"Valor BDI:",null,{"v":0,"d":"0.00"}]
["SEINFRA",{"$nulls":4},"Valor BDI:",null,{"v":0,"d":"0.00"}]
["SEINFRA",{"$nulls":4},"Total Simples:",null,{"v":10.716,"d":"10.72"}]
["SEINFRA","I0043",{"v":0.4,"d":"0.4000"},"AJUDANTE DE ENCANADOR","H",{"v":0.4,"d":"0.4000"},{"v":5.6,"d":"5.6000"},{"v":2.24,"d":"2.2400"}]
["SEINFRA",{"$nulls":4},"Valor BDI:",null,{"v":0,"d":"0.00"}]
["SEINFRA","MAO DE OBRA"]
["SEINFRA","I0037",{"v":0.022,"d":"0.0220"},"AJUDANTE","H",{"v":0.022,"d":"0.0220"},{"v":5.6,"d":"5.6000"},{"v":0.12319999999999999,"d":"0.1232"}]
["SEINFRA",{"$nulls":5},"Total:",8.3216]
["SEINFRA","I0108",{"v":1.15,"d":"1.1500"},"AREIA GROSSA","M3",{"v":1.15,"d":"1.1500"},{"v":50,"d":"50.0000"},{"v":57.49999999999999,"d":"57.5000"}]
["SEINFRA",{"$nulls":5},"Total:",{"v":9.76,"d":"9.7600"}]
["SEINFRA",{"$nulls":4},"Encargos Sociais:",null,7.69]
["SEINFRA","EQUIPAMENTOS (CHORARIO)",null,null,"Unidade","Coeficiente","Preço","Total"]
["SEINFRA",{"$nulls":4},"Valor BDI:",null,{"v":0,"d":"0.00"}]
["SEINFRA",{"$nulls":4},"Valor Geral:",null,{"v":26.924755416666667,"d":"26.92"}]
["SEINFRA",{"$nulls":5},"Total:",2.1034]
["SEINFRA",{"$nulls":5},"Total:",{"v":3.584,"d":"3.5840"}]
["SEINFRA","I2430",0.2222,"TABUA EM MADEIRA TAIPA","M2",0.2222,{"v":20.6,"d":"20.6000"},{"v":4.57732,"d":"4.5773"}]
["SEINFRA","I0111",{"v":0.15,"d":"0.1500"},"AREIA VERMELHA","M3",{"v":0.15,"d":"0.1500"},{"v":46,"d":"46.0000"},{"v":6.8999999999999995,"d":"6.9000"}]
["SEINFRA",{"$nulls":4},"Valor BDI:",null,{"v":0,"d":"0.00"}]
["SEINFRA","I2312",{"v":0.08,"d":"0.0800"},"ELETRICISTA","H",{"v":0.08,"d":"0.0800"},{"v":7.2,"d":"7.2000"},{"v":0.5760000000000001,"d":"0.5760"}]
["SEINFRA","EQUIPAMENTOS (CHORARIO)",null,null,"Unidade","Coeficiente","Preço","Total"]
["SEINFRA",{"$nulls":5},"Total:",{"v":1644.5215,"d":"1,644.5215"}]
["SEINFRA",{"$nulls":4},"Valor Geral:",null,{"v":1479.4722,"d":"1,479.47"}]
["SEINFRA","I2320",{"v":0.5,"d":"0.5000"},"ENCANADOR","H",{"v":0.5,"d":"0.5000"},{"v":7.2,"d":"7.2000"},{"v":3.6,"d":"3.6000"}]
["SEINFRA",{"$nulls":4},"Valor BDI:",null,{"v":0,"d":"0.00"}]
["SEINFRA","C2882 - MONTAGEM DE ANEL PRÉ-MOLDADO P/DECANTO DIGESTOR/FILTRO ANAERÓBIO - UN"]
["SEINFRA",{"$nulls":4},"Valor Geral:",null,{"v":353.661342,"d":"353.66"}]
["SEINFRA",{"$nulls":4},"Encargos Sociais:",null,45.98]
["SEINFRA","C0058",{"v":0.16,"d":"0.1600"},"ALVENARIA DE PEDRA ARGAMASSADA (TRAÇO 1:2:8) C/ AGREGADOS ADQUIRIDOS","M3",{"v":0.16,"d":"0.1600"},221.4603,{"v":35.433648,"d":"35.4336"}]
["SEINFRA","SERVIÇOS"]
["SEINFRA","C1385 - FIXO 3 FOLHAS E BASCULANTES 2 FOLHAS DE VIDRO TEMPERADO (0.70X2.10)m  E=10mm - CJ"]
["SEINFRA","MATERIAIS",null,null,"Unidade","Coeficiente","Preço","Total"]
["SEINFRA","I0269",{"v":2.6,"d":"2.6000"},"BOTÃO DE CORREÇÃO (1002)","UN",{"v":2.6,"d":"2.6000"},5.5761,{"v":14.497860000000001,"d":"14.4979"}]
["SEINFRA","C1392 - FLANGE SEXTAVADA EM AÇO GALV. D=32mm (1\")  À  50mm (2\") - UN"]
["SEINFRA","I1191",{"v":1,"d":"1.0000"},"FLANGE C/SEXTAVADO AÇO GALVANIZADO 4''","UN",{"v":1,"d":"1.0000"},{"v":62.7,"d":"62.7000"},{"v":62.7,"d":"62.7000"}]
["SEINFRA",{"$nulls":4},"Encargos Sociais:",null,35.36]
["SEINFRA",{"$nulls":4},"Total Simples:",null,{"v":2.4076,"d":"2.41"}]
["SEINFRA","I2312",{"v":0.15,"d":"0.1500"},"ELETRICISTA","H",{"v":0.15,"d":"0.1500"},{"v":7.2,"d":"7.2000"},{"v":1.08,"d":"1.0800"}]
["SEINFRA",{"$nulls":4},"Encargos Sociais:",null,8.93]
["SEINFRA","C1381 - FIXAÇÃO DE TELHAS KALHETÃO (LINHA DE FIXAÇÃO) - UN"]
["SEINFRA",{"$nulls":5},"Total:",8.5469]
["SEINFRA","I2543",{"v":0.65,"d":"0.6500"},"SERVENTE","H",{"v":0.65,"d":"0.6500"},{"v":4.88,"d":"4.8800"},{"v":3.172,"d":"3.1720"}]
["SEINFRA","I2391",{"v":3,"d":"3.0000"},"PEDREIRO","H",{"v":3,"d":"3.0000"},{"v":7.2,"d":"7.2000"},{"v":21.6,"d":"21.6000"}]
["SEINFRA","I2410",{"v":0.1,"d":"0.1000"},"PREGO 2 1/2\" x 10 (18 X 27)","KG",{"v":0.1,"d":"0.1000"},{"v":9.4,"d":"9.4000"},{"v":0.9400000000000001,"d":"0.9400"}]
["SEINFRA",{"$nulls":5},"Total:",9.4692]
["SEINFRA",{"$nulls":4},"Encargos Sociais:",null,{"v":269.9,"d":"269.90"}]
["SEINFRA","I0498",0.8163,"CARPINTEIRO","H",0.8163,{"v":7.2,"d":"7.2000"},{"v":5.87736,"d":"5.8774"}]
["SEINFRA","I0213",0.0055,"BATERIA PARA CARRO A GASOLINA TIPO 45A","UN",0.0055,{"v":269.33,"d":"269.3300"},{"v":1.481315,"d":"1.4813"}]
["SEINFRA","I0528",{"v":0.43,"d":"0.4300"},"CHAPA COMPENSADO RESINADO 10MM (1.10 X 2.20M)","M2",{"v":0.43,"d":"0.4300"},{"v":14.42,"d":"14.4200"},6.2006]
["SEINFRA",{"$nulls":4},"Total Simples:",null,{"v":4.275,"d":"4.28"}]
["SEINFRA",{"$nulls":5},"Total:",55.3302]
["SEINFRA",{"$nulls":4},"Encargos Sociais:",null,1.13]
["SEINFRA",{"$nulls":5},"Total:",{"v":1060.45,"d":"1,060.4500"}]
["SEINFRA","C2836 - GABIÃO TELA GALV. REVEST. PVC TIPO COLCHÃO RENO ALT.=0,17m - M2"]
["SEINFRA","MATERIAIS"]
["SEINFRA",{"$nulls":5},"Total:",{"v":144.8,"d":"144.8000"}]
["SEINFRA",{"$nulls":4},"Encargos Sociais:",null,168.45]
["SEINFRA","I0109",0.0243,"AREIA MEDIA","M3",0.0243,{"v":46,"d":"46.0000"},1.1178]
["SEINFRA",{"$nulls":4},"Valor BDI:",null,{"v":0,"d":"0.00"}]
["SEINFRA","I0801",{"v":4,"d":"4.0000"},"CIMENTO ESPECIAL IMPERMEABILIZANTE N.1","KG",{"v":4,"d":"4.0000"},{"v":3.54,"d":"3.5400"},{"v":14.16,"d":"14.1600"}]
["SEINFRA",{"$nulls":4},"Encargos Sociais:",null,4.22]
["SEINFRA",{"$nulls":4},"Encargos Sociais:",null,30.71]
["SEINFRA",{"$nulls":5},"Total:",{"v":65.344,"d":"65.3440"}]
["SEINFRA","I2320",{"v":1.15,"d":"1.1500"},"ENCANADOR","H",{"v":1.15,"d":"1.1500"},{"v":7.2,"d":"7.2000"},{"v":8.28,"d":"8.2800"}]
["SEINFRA",{"$nulls":4},"Encargos Sociais:",null,10.99]
["SEINFRA","I1521",{"v":1.6,"d":"1.6000"},"MEMBRANA ACRILICA","KG",{"v":1.6,"d":"1.6000"},{"v":11.72,"d":"11.7200"},{"v":18.752000000000002,"d":"18.7520"}]
["SEINFRA",{"$nulls":4},"Valor BDI:",null,{"v":0,"d":"0.00"}]
["SEINFRA","I2391",{"v":0.35,"d":"0.3500"},"PEDREIRO","H",{"v":0.35,"d":"0.3500"},{"v":7.2,"d":"7.2000"},{"v":2.52,"d":"2.5200"}]
["SEINFRA","I2391",{"v":0.25,"d":"0.2500"},"PEDREIRO","H",{"v":0.25,"d":"0.2500"},{"v":7.2,"d":"7.2000"},{"v":1.8,"d":"1.8000"}]
["SEINFRA","I0037",{"v":0.246,"d":"0.2460"},"AJUDANTE","H",{"v":0.246,"d":"0.2460"},{"v":5.6,"d":"5.6000"},1.3776]
["SEINFRA",{"$nulls":5},"Total:",9.9795]
["SEINFRA","I1061",{"v":1.2,"d":"1.2000"},"ELETRODOS","KG",{"v":1.2,"d":"1.2000"},{"v":16.5,"d":"16.5000"},{"v":19.8,"d":"19.8000"}]
["SEINFRA",{"$nulls":4},"Valor BDI:",null,{"v":0,"d":"0.00"}]
["SEINFRA",{"$nulls":5},"Total:",{"v":2.416,"d":"2.4160"}]
["SEINFRA","I2294",{"v":0.045,"d":"0.0450"},"ÁGUA","M3",{"v":0.045,"d":"0.0450"},{"v":4.2,"d":"4.2000"},{"v":0.189,"d":"0.1890"}]
["SEINFRA",{"$nulls":5},"Total:",{"v":333.134,"d":"333.1340"}]
["SEINFRA","C1419 - FURAÇÃO DE FORRO EM LAJE - E. EÓLICO - UN"]
["SEINFRA","MATERIAIS"]
["SEINFRA",{"$nulls":4},"Total Simples:",null,{"v":25.016000000000002,"d":"25.02"}]
["SEINFRA",{"$nulls":4},"Valor Geral:",null,{"v":44.9208,"d":"44.92"}]
["SEINFRA","C1401 - FORMA DE TÁBUAS DE 1\" DE 3A. P/SUPERESTRUTURA - UTIL. 2 X - M2"]
["SEINFRA","I0041",{"v":1.3,"d":"1.3000"},"AJUDANTE DE CARPINTEIRO","H",{"v":1.3,"d":"1.3000"},{"v":5.6,"d":"5.6000"},{"v":7.28,"d":"7.2800"}]
["SEINFRA",{"$nulls":4},"Encargos Sociais:",null,{"v":58.1,"d":"58.10"}]
["SEINFRA","I0405",{"v":2.2,"d":"2.2000"},"CAIBRO DE 2\"x1\"","M",{"v":2.2,"d":"2.2000"},{"v":2.84,"d":"2.8400"},{"v":6.248,"d":"6.2480"}]
["SEINFRA",{"$nulls":5},"Total:",{"v":85.773,"d":"85.7730"}]
["SEINFRA",{"$nulls":4},"Valor BDI:",null,{"v":0,"d":"0.00"}]
["SEINFRA",{"$nulls":4},"Encargos Sociais:",null,25.13]
["SEINFRA",{"$nulls":4},"Total Simples:",null,{"v":0.7864455226676661,"d":"0.79"}]
["SEINFRA",{"$nulls":4},"Total Simples:",null,{"v":170.551844,"d":"170.55"}]
["SEINFRA",{"$nulls":5},"Total:",60.8297]
["SEINFRA","I0533",0.7361,"CHAPA DE AÇO GALVANIZADA 2.0 x 1.0M,  ESP=1/16\"","UN",0.7361,{"v":167.93,"d":"167.9300"},{"v":123.61327299999999,"d":"123.6133"}]
["SEINFRA","C2979 - TRANSFERÊNCIA DE LIGAÇÃO EM REDE REMANEJADA - UN"]
["SEINFRA","I1879",{"v":2,"d":"2.0000"},"SOLDADOR","H",{"v":2,"d":"2.0000"},{"v":7.2,"d":"7.2000"},{"v":14.4,"d":"14.4000"}]
["SEINFRA","MAO DE OBRA",null,null,"Unidade","Coeficiente","Preço","Total"]
["SEINFRA","MAO DE OBRA"]
["SEINFRA","I2320",{"v":0.3,"d":"0.3000"},"ENCANADOR","H",{"v":0.3,"d":"0.3000"},{"v":7.2,"d":"7.2000"},{"v":2.16,"d":"2.1600"}]
["SEINFRA","I2301",{"v":0.2,"d":"0.2000"},"DISCO DE CORTE 1/8\" DE 7\"","UN",{"v":0.2,"d":"0.2000"},{"v":6.17,"d":"6.1700"},{"v":1.234,"d":"1.2340"}]
["SEINFRA",{"$nulls":5},"Total:",{"v":507.36,"d":"507.3600"}]
["SEINFRA",{"$nulls":4},"Valor BDI:",null,{"v":0,"d":"0.00"}]
["SEINFRA","I1260",{"v":1,"d":"1.0000"},"INTERRUPTOR 1 TECLA SIMPLES 2 PARALELO","UN",{"v":1,"d":"1.0000"},{"v":14.3,"d":"14.3000"},{"v":14.3,"d":"14.3000"}]
["SEINFRA",{"$nulls":4},"Valor BDI:",null,{"v":0,"d":"0.00"}]
["SEINFRA","I2312",{"v":0.77,"d":"0.7700"},"ELETRICISTA","H",{"v":0.77,"d":"0.7700"},{"v":7.2,"d":"7.2000"},{"v":5.5440000000000005,"d":"5.5440"}]
["SEINFRA",{"$nulls":4},"Encargos Sociais:",null,5.51]
["SEINFRA",{"$nulls":5},"Total:",{"v":7.808,"d":"7.8080"}]
["SEINFRA","I2312",{"v":0.29,"d":"0.2900"},"ELETRICISTA","H",{"v":0.29,"d":"0.2900"},{"v":7.2,"d":"7.2000"},{"v":2.088,"d":"2.0880"}]
["SEINFRA",{"$nulls":4},"Valor BDI:",null,{"v":0,"d":"0.00"}]
["SEINFRA",{"$nulls":4},"Total Simples:",null,{"v":33.080799999999996,"d":"33.08"}]
["SEINFRA","MAO DE OBRA",null,null,"Unidade","Coeficiente","Preço","Total"]
["SEINFRA",{"$nulls":5},"Total:",34.4901]
["SEINFRA","I1089",{"v":0.2,"d":"0.2000"},"EMULSÃO ADESIVA","KG",{"v":0.2,"d":"0.2000"},{"v":9.02,"d":"9.0200"},{"v":1.804,"d":"1.8040"}]
["SEINFRA",{"$nulls":4},"Valor BDI:",null,{"v":0,"d":"0.00"}]
["SEINFRA",{"$nulls":4},"Valor Geral:",null,{"v":1027.641,"d":"1,027.64"}]
["SEINFRA",{"$nulls":4},"Encargos Sociais:",null,54.17]
["SEINFRA","I2543",{"v":0.76,"d":"0.7600"},"SERVENTE","H",{"v":0.76,"d":"0.7600"},{"v":4.88,"d":"4.8800"},3.7088]
["SEINFRA",{"$nulls":5},"Total:",{"v":12.08,"d":"12.0800"}]
["SEINFRA","C2904 - PORTÃO DE TUBO DE AÇO GALVANIZADO DE 2\" (4X2)m, INCL.. PILARES DE SUSTENTAÇÃO - UN"]
["SEINFRA",{"$nulls":4},"Valor Geral:",null,{"v":153.692,"d":"153.69"}]
["SEINFRA","SERVIÇOS"]
["SEINFRA",{"$nulls":5},"Total:",0.4107]
["SEINFRA",{"$nulls":5},"Total:",{"v":1.812,"d":"1.8120"}]
["SEINFRA",{"$nulls":5},"Total:",{"v":1.812,"d":"1.8120"}]
["SEINFRA",{"$nulls":4},"Total Simples:",null,{"v":31.724364988739495,"d":"31.72"}]
["SEINFRA","C2784",{"v":0.18,"d":"0.1800"},"ESCAVAÇÃO MANUAL SOLO DE 1A.CAT. PROF. ATÉ 1.50m","M3",{"v":0.18,"d":"0.1800"},{"v":12.932,"d":"12.9320"},{"v":2.32776,"d":"2.3278"}]
["SEINFRA","I2416",0.0684,"REGISTRO DE PRESSÃO EM BRONZE Ø 1/2\"","UN",0.0684,{"v":17.6,"d":"17.6000"},{"v":1.20384,"d":"1.2038"}]
["SEINFRA","I2433",0.1026,"TARGETA DE FERRO 2\"","UN",0.1026,3.9002,{"v":0.40016051999999996,"d":"0.4002"}]
["SEINFRA",{"$nulls":4},"Valor Geral:",null,{"v":3.746254,"d":"3.75"}]
["SEINFRA","I2543",{"v":1.5,"d":"1.5000"},"SERVENTE","H",{"v":1.5,"d":"1.5000"},{"v":4.88,"d":"4.8800"},{"v":7.32,"d":"7.3200"}]
["SEINFRA",{"$nulls":5},"Total:",{"v":2.928,"d":"2.9280"}]
["SEINFRA","I2543",{"v":1,"d":"1.0000"},"SERVENTE","H",{"v":1,"d":"1.0000"},{"v":4.88,"d":"4.8800"},{"v":4.88,"d":"4.8800"}]
["SEINFRA","EQUIPAMENTOS (CHORARIO)",null,null,"Unidade","Coeficiente","Preço","Total"]
["SEINFRA",{"$nulls":5},"Total:",{"v":18.17,"d":"18.1700"}]
["SEINFRA","I2543",{"v":0.124,"d":"0.1240"},"SERVENTE","H",{"v":0.124,"d":"0.1240"},{"v":4.88,"d":"4.8800"},{"v":0.60512,"d":"0.6051"}]
["SEINFRA",{"$nulls":5},"Total:",{"v":5.436,"d":"5.4360"}]
["SEINFRA",{"$nulls":4},"Valor Geral:",null,{"v":24.411446387529413,"d":"24.41"}]
["SEINFRA","MATERIAIS"]
["SEINFRA","I2324",0.0143,"EQUIPAMENTO DE REBAIXAMENTO DE LENÇOL FREATICO","DIA",0.0143,{"v":200,"d":"200.0000"},{"v":2.86,"d":"2.8600"}]
["SEINFRA",{"$nulls":4},"Valor BDI:",null,{"v":0,"d":"0.00"}]
["SEINFRA","C0076",{"v":0.48,"d":"0.4800"},"ALVENARIA DE TIJOLO COMUM C/ARGAMASSA MISTA DE CAL HIDRATADA 1:2:8   ESP=10 cm","M2",{"v":0.48,"d":"0.4800"},48.5884,{"v":23.322432,"d":"23.3224"}]
["SEINFRA",{"$nulls":5},"Total:",{"v":3.71,"d":"3.7100"}]
["SEINFRA",{"$nulls":5},"Total:",9.4471]
["SEINFRA","I0983",0.0342,"DISJUNTOR MONOPOLAR 20A","UN",0.0342,{"v":8.3,"d":"8.3000"},{"v":0.28386,"d":"0.2839"}]
["SEINFRA",{"$nulls":5},"Total:",26.3614]
["SEINFRA",{"$nulls":4},"Total Simples:",null,{"v":44.25411800952381,"d":"44.25"}]
["SEINFRA","I0109",0.0289,"AREIA MEDIA","M3",0.0289,{"v":46,"d":"46.0000"},1.3294]
["SEINFRA","I1279",{"v":1,"d":"1.0000"},"JOELHO 90 C/VISITA PVC ESGOTO DE 100X50MM","UN",{"v":1,"d":"1.0000"},{"v":12.7,"d":"12.7000"},{"v":12.7,"d":"12.7000"}]
["SEINFRA","C1526 - JOELHO 90 PVC SOLD./ROSCA. D= 25mmX3/4\" - UN"]
["SEINFRA","I2320",{"v":0.2,"d":"0.2000"},"ENCANADOR","H",{"v":0.2,"d":"0.2000"},{"v":7.2,"d":"7.2000"},{"v":1.4400000000000002,"d":"1.4400"}]
["SEINFRA",{"$nulls":5},"Total:",{"v":4.28,"d":"4.2800"}]
["SEINFRA",{"$nulls":4},"Total Simples:",null,{"v":219.3114,"d":"219.31"}]
["SEINFRA",{"$nulls":4},"Valor Geral:",null,{"v":230.2477,"d":"230.25"}]
["SEINFRA","MAO DE OBRA",null,null,"Unidade","Coeficiente","Preço","Total"]
["SEINFRA",{"$nulls":4},"Encargos Sociais:",null,5.07]
["SEINFRA",{"$nulls":4},"Total Simples:",null,{"v":12.8408,"d":"12.84"}]
["SEINFRA","MAO DE OBRA",null,null,"Unidade","Coeficiente","Preço","Total"]
["SEINFRA",{"$nulls":4},"Total Simples:",null,{"v":4.9124,"d":"4.91"}]
["SEINFRA",{"$nulls":4},"Valor Geral:",null,{"v":24.025775,"d":"24.03"}]
["SEINFRA","MAO DE OBRA",null,null,"Unidade","Coeficiente","Preço","Total"]
["SEINFRA",{"$nulls":5},"Total:",{"v":14.848,"d":"14.8480"}]
["SEINFRA",{"$nulls":4},"Total Simples:",null,{"v":214.382,"d":"214.38"}]
["SEINFRA",{"$nulls":5},"Total:",116.6036]
["SEINFRA",{"$nulls":4},"Valor BDI:",null,{"v":0,"d":"0.00"}]
["SEINFRA","I2320",{"v":2.13,"d":"2.1300"},"ENCANADOR","H",{"v":2.13,"d":"2.1300"},{"v":7.2,"d":"7.2000"},{"v":15.335999999999999,"d":"15.3360"}]
["SEINFRA",{"$nulls":5},"Total:",70.5872]
["SEINFRA",{"$nulls":4},"Encargos Sociais:",null,8.04]
["SEINFRA","MAO DE OBRA",null,null,"Unidade","Coeficiente","Preço","Total"]
["SEINFRA","I2290",{"v":1,"d":"1.0000"},"VÁLVULA RETENÇÃO. PÉ C/CRIVO - 80MM (3')","UN",{"v":1,"d":"1.0000"},{"v":248.4,"d":"248.4000"},{"v":248.4,"d":"248.4000"}]
["SEINFRA","MAO DE OBRA",null,null,"Unidade","Coeficiente","Preço","Total"]
["SEINFRA","MAO DE OBRA",null,null,"Unidade","Coeficiente","Preço","Total"]
["SEINFRA",{"$nulls":5},"Total:",{"v":2.304,"d":"2.3040"}]
["SEINFRA","MATERIAIS"]
["SEINFRA",{"$nulls":5},"Total:",{"v":5.653,"d":"5.6530"}]
["SEINFRA",{"$nulls":4},"Valor BDI:",null,{"v":0,"d":"0.00"}]
["SEINFRA","I0043",{"v":2,"d":"2.0000"},"AJUDANTE DE ENCANADOR","H",{"v":2,"d":"2.0000"},{"v":5.6,"d":"5.6000"},{"v":11.2,"d":"11.2000"}]
["SEINFRA",{"$nulls":5},"Total:",211.1544]
["SEINFRA",{"$nulls":4},"Total Simples:",null,{"v":8.744,"d":"8.74"}]
["SEINFRA","C2682 - VOLTÍMETRO (72X72)MM, ESC. 0-500V - UN"]
["SEINFRA","MATERIAIS"]
["SEINFRA",{"$nulls":4},"Valor BDI:",null,{"v":0,"d":"0.00"}]
["SEINFRA","I2320",{"v":0.85,"d":"0.8500"},"ENCANADOR","H",{"v":0.85,"d":"0.8500"},{"v":7.2,"d":"7.2000"},{"v":6.12,"d":"6.1200"}]
["SEINFRA","I1319",{"v":1,"d":"1.0000"},"JUNÇÃO PVC PARA ESGOTO 100X50MM (4X2'')","UN",{"v":1,"d":"1.0000"},{"v":8.3,"d":"8.3000"},{"v":8.3,"d":"8.3000"}]
["SEINFRA",{"$nulls":4},"Encargos Sociais:",null,6.85]
["SEINFRA",{"$nulls":5},"Total:",{"v":7.296,"d":"7.2960"}]
["SEINFRA","C1579 - JUNÇÃO SIMPLES DE REDUÇÃO PVC P/ESGOTO 75X50mm (3\"X2\") - UN"]
["SEINFRA","MATERIAIS"]
["SEINFRA","I1319",{"v":1,"d":"1.0000"},"JUNÇÃO PVC PARA ESGOTO 100X50MM (4X2'')","UN",{"v":1,"d":"1.0000"},{"v":8.3,"d":"8.3000"},{"v":8.3,"d":"8.3000"}]
["SEINFRA",{"$nulls":4},"Total Simples:",null,{"v":30.041,"d":"30.04"}]
["SEINFRA",{"$nulls":4},"Valor Geral:",null,{"v":27.415399999999998,"d":"27.42"}]
["SEINFRA","I0043",{"v":0.27,"d":"0.2700"},"AJUDANTE DE ENCANADOR","H",{"v":0.27,"d":"0.2700"},{"v":5.6,"d":"5.6000"},{"v":1.512,"d":"1.5120"}]
["SEINFRA",{"$nulls":4},"Valor BDI:",null,{"v":0,"d":"0.00"}]
["SEINFRA","I2241",{"v":1,"d":"1.0000"},"UNIÃO PVC ROSCÁVEL DE 2'","UN",{"v":1,"d":"1.0000"},{"v":39.45,"d":"39.4500"},{"v":39.45,"d":"39.4500"}]
["SEINFRA",{"$nulls":4},"Encargos Sociais:",null,1.34]
["SEINFRA","C2658 - UNIÃO PVC SOLD. MARROM D= 50mm (1 1/2\") - UN"]
["SEINFRA","MAO DE OBRA",null,null,"Unidade","Coeficiente","Preço","Total"]
["SEINFRA","C2641 - TUBULÃO - CEU ABERTO - C/CONCRETO USINADO FCK 15 MPa - M3"]
["SEINFRA",{"$nulls":5},"Total:",{"v":19.32,"d":"19.3200"}]
["SEINFRA","I2391",{"v":2,"d":"2.0000"},"PEDREIRO","H",{"v":2,"d":"2.0000"},{"v":7.2,"d":"7.2000"},{"v":14.4,"d":"14.4000"}]
["SEINFRA","MATERIAIS"]
["SEINFRA",{"$nulls":4},"Encargos Sociais:",null,2.53]
["SEINFRA",{"$nulls":4},"Encargos Sociais:",null,{"v":0,"d":"0.00"}]
["SEINFRA",{"$nulls":4},"Valor Geral:",null,{"v":143,"d":"143.00"}]
["SEINFRA",{"$nulls":4},"Encargos Sociais:",null,{"v":0,"d":"0.00"}]
["SEINFRA","MAO DE OBRA",null,null,"Unidade","Coeficiente","Preço","Total"]
["SEINFRA","I0682",0.0107,"BETONEIRA ELÉTRICA 580L (CHP)","H",0.0107,{"v":13.8267832,"d":"13.8268"},{"v":0.14794658024,"d":"0.1479"}]
["SEINFRA",{"$nulls":4},"Valor BDI:",null,{"v":0,"d":"0.00"}]
["SEINFRA","C2663 - VENTILADOR DE TETO C/ ALETAS DE MADEIRA - UN"]
["SEINFRA"]
["SEINFRA",{"$nulls":4},"Valor BDI:",null,{"v":0,"d":"0.00"}]
["SEINFRA","I2320",{"v":0.12,"d":"0.1200"},"ENCANADOR","H",{"v":0.12,"d":"0.1200"},{"v":7.2,"d":"7.2000"},{"v":0.864,"d":"0.8640"}]
["SEINFRA","I0026",0.0008,"ADESIVO PARA TUBO DE PVC RIGIDO","KG",0.0008,{"v":38.25,"d":"38.2500"},{"v":0.030600000000000002,"d":"0.0306"}]
["SEINFRA",{"$nulls":4},"Total Simples:",null,{"v":54.7273,"d":"54.73"}]
["SEINFRA","I0026",{"v":0.05,"d":"0.0500"},"ADESIVO PARA TUBO DE PVC RIGIDO","KG",{"v":0.05,"d":"0.0500"},{"v":38.25,"d":"38.2500"},1.9125]
["SEINFRA","I2320",{"v":0.58,"d":"0.5800"},"ENCANADOR","H",{"v":0.58,"d":"0.5800"},{"v":7.2,"d":"7.2000"},{"v":4.176,"d":"4.1760"}]
["SEINFRA",{"$nulls":4},"Valor BDI:",null,{"v":0,"d":"0.00"}]
["SEINFRA","I2320",{"v":0.29,"d":"0.2900"},"ENCANADOR","H",{"v":0.29,"d":"0.2900"},{"v":7.2,"d":"7.2000"},{"v":2.088,"d":"2.0880"}]
["SEINFRA",{"$nulls":4},"Total Simples:",null,{"v":79.69500000000001,"d":"79.70"}]
["SEINFRA","I2320",{"v":0.6,"d":"0.6000"},"ENCANADOR","H",{"v":0.6,"d":"0.6000"},{"v":7.2,"d":"7.2000"},{"v":4.32,"d":"4.3200"}]
["SEINFRA","MAO DE OBRA"]
["SEINFRA","MAO DE OBRA"]
["SEINFRA","I0109",0.9326,"AREIA MEDIA","M3",0.9326,{"v":46,"d":"46.0000"},42.8996]
["SEINFRA",{"$nulls":4},"Total Simples:",null,{"v":312.1155232048,"d":"312.12"}]
["SEINFRA","C2630 - TUBO PVC SOLD. MARROM INCL.CONEXÕES D=110mm(4') - M"]
["SEINFRA","I2320",{"v":1,"d":"1.0000"},"ENCANADOR","H",{"v":1,"d":"1.0000"},{"v":7.2,"d":"7.2000"},{"v":7.2,"d":"7.2000"}]
["SEINFRA","I2199",{"v":1.6,"d":"1.6000"},"TUBO PVC SOLDÁVEL DE 20MM (1/2')","M",{"v":1.6,"d":"1.6000"},{"v":1.85,"d":"1.8500"},{"v":2.96,"d":"2.9600"}]
["SEINFRA",{"$nulls":4},"Encargos Sociais:",null,10.42]
["SEINFRA","C2622 - TUBO PVC SOLD. MARROM D= 85mm (3\") - M"]
["SEINFRA",{"$nulls":4},"Encargos Sociais:",null,{"v":6.1,"d":"6.10"}]
["SEINFRA",{"$nulls":5},"Total:",{"v":7.128,"d":"7.1280"}]
["SEINFRA",{"$nulls":5},"Total:",{"v":2.012,"d":"2.0120"}]
["SEINFRA",{"$nulls":4},"Total Simples:",null,{"v":25.4064,"d":"25.41"}]
["SEINFRA",{"$nulls":4},"Valor BDI:",null,{"v":0,"d":"0.00"}]
["SEINFRA","I0091",{"v":0.4,"d":"0.4000"},"APLICADOR IMPERMEABILIZAÇÃO","H",{"v":0.4,"d":"0.4000"},{"v":7.2,"d":"7.2000"},{"v":2.8800000000000003,"d":"2.8800"}]
["SEINFRA","I2543",{"v":0.8,"d":"0.8000"},"SERVENTE","H",{"v":0.8,"d":"0.8000"},{"v":4.88,"d":"4.8800"},{"v":3.9040000000000004,"d":"3.9040"}]
["SEINFRA",{"$nulls":4},"Total Simples:",null,71.85]
["SEINFRA",{"$nulls":4},"Valor BDI:",null,{"v":0,"d":"0.00"}]
["SEINFRA",{"$nulls":5},"Total:",{"v":38.95,"d":"38.9500"}]
["SEINFRA","MAO DE OBRA",null,null,"Unidade","Coeficiente","Preço","Total"]
["SEINFRA","I2312",{"v":1.5,"d":"1.5000"},"ELETRICISTA","H",{"v":1.5,"d":"1.5000"},{"v":7.2,"d":"7.2000"},{"v":10.8,"d":"10.8000"}]
["SEINFRA",{"$nulls":5},"Total:",{"v":8.96,"d":"8.9600"}]
["SEINFRA","I1222",0.0225,"GRADE DE FERRO","M2",0.0225,{"v":98.62,"d":"98.6200"},{"v":2.21895,"d":"2.2190"}]
["SEINFRA",{"$nulls":4},"Encargos Sociais:",null,22.34]
["SEINFRA",{"$nulls":4},"Valor Geral:",null,{"v":116.3902,"d":"116.39"}]
["SEINFRA","MAO DE OBRA",null,null,"Unidade","Coeficiente","Preço","Total"]
["SEINFRA","I2312",{"v":1.5,"d":"1.5000"},"ELETRICISTA","H",{"v":1.5,"d":"1.5000"},{"v":7.2,"d":"7.2000"},{"v":10.8,"d":"10.8000"}]
["SEINFRA",{"$nulls":4},"Valor Geral:",null,{"v":76.8451,"d":"76.85"}]
["SEINFRA","I1418",{"v":1,"d":"1.0000"},"LUVA REDUÇÃO AÇO GALV 1 1/4X1/2''","UN",{"v":1,"d":"1.0000"},{"v":8.03,"d":"8.0300"},{"v":8.03,"d":"8.0300"}]
["SEINFRA",{"$nulls":4},"Encargos Sociais:",null,3.43]
["SEINFRA","I2320",{"v":1,"d":"1.0000"},"ENCANADOR","H",{"v":1,"d":"1.0000"},{"v":7.2,"d":"7.2000"},{"v":7.2,"d":"7.2000"}]
["SEINFRA","MAO DE OBRA",null,null,"Unidade","Coeficiente","Preço","Total"]
["SEINFRA",{"$nulls":4},"Encargos Sociais:",null,11.62]
["SEINFRA","I0043",{"v":0.58,"d":"0.5800"},"AJUDANTE DE ENCANADOR","H",{"v":0.58,"d":"0.5800"},{"v":5.6,"d":"5.6000"},{"v":3.2479999999999998,"d":"3.2480"}]
["SEINFRA","MATERIAIS"]
["SEINFRA","C1690 - LUVA DE REDUÇÃO AÇO GALV. D=80X65mm (3\"X2 1/2\") - UN"]
["SEINFRA","I1378",{"v":1,"d":"1.0000"},"LUMINARIA TIPO GLOBO DE VIDRO","UN",{"v":1,"d":"1.0000"},{"v":35.9,"d":"35.9000"},{"v":35.9,"d":"35.9000"}]
["SEINFRA",{"$nulls":4},"Valor BDI:",null,{"v":0,"d":"0.00"}]
["SEINFRA",{"$nulls":5},"Total:",{"v":10.24,"d":"10.2400"}]
["SEINFRA","I2320",{"v":0.41,"d":"0.4100"},"ENCANADOR","H",{"v":0.41,"d":"0.4100"},{"v":7.2,"d":"7.2000"},{"v":2.952,"d":"2.9520"}]
["SEINFRA","C1678 - LUMINÁRIA TIPO SPOT SIMPLES C/ LÂMPADA INCANDESCENTE - UN"]
["SEINFRA","I0735",{"v":0.055,"d":"0.0550"},"ESCAVADEIRA HIDRÁULICA (CHP)","H",{"v":0.055,"d":"0.0550"},{"v":191.4815573529412,"d":"191.4816"},{"v":10.531485654411766,"d":"10.5315"}]
["SEINFRA",{"$nulls":4},"Valor BDI:",null,{"v":0,"d":"0.00"}]
["SEINFRA","I0734",{"v":0.179,"d":"0.1790"},"DRAG LINE (CHP)","H",{"v":0.179,"d":"0.1790"},{"v":234.6625205882353,"d":"234.6625"},{"v":42.00459118529412,"d":"42.0046"}]
["SEINFRA",{"$nulls":4},"Encargos Sociais:",null,2.67]
["SEINFRA",{"$nulls":4},"Valor Geral:",null,{"v":6.103471125,"d":"6.10"}]
["SEINFRA","I2543",{"v":4.8,"d":"4.8000"},"SERVENTE","H",{"v":4.8,"d":"4.8000"},{"v":4.88,"d":"4.8800"},{"v":23.424,"d":"23.4240"}]
["SEINFRA","C2785 - ESCAVAÇÃO MANUAL SOLO DE 2A CAT. PROF. ATÉ 1.50m - M3"]
["SEINFRA","I2326",{"v":0.5,"d":"0.5000"},"ESPOLETA","UN",{"v":0.5,"d":"0.5000"},{"v":2.35,"d":"2.3500"},{"v":1.175,"d":"1.1750"}]
["SEINFRA","MAO DE OBRA",null,null,"Unidade","Coeficiente","Preço","Total"]
["SEINFRA","C2775 - ESCADA DE MARINHEIRO, DEGRAUS FERRO REDONDO 3/4\" - M"]
["SEINFRA","I0037",{"v":2.2,"d":"2.2000"},"AJUDANTE","H",{"v":2.2,"d":"2.2000"},{"v":5.6,"d":"5.6000"},{"v":12.32,"d":"12.3200"}]
["SEINFRA","MAO DE OBRA",null,null,"Unidade","Coeficiente","Preço","Total"]
["SEINFRA",{"$nulls":4},"Valor Geral:",null,{"v":468.4411,"d":"468.44"}]
["SEINFRA",{"$nulls":4},"Total Simples:",null,{"v":29.452,"d":"29.45"}]
["SEINFRA",{"$nulls":5},"Total:",{"v":19.52,"d":"19.5200"}]
["SEINFRA","C2784",{"v":1.1,"d":"1.1000"},"ESCAVAÇÃO MANUAL SOLO DE 1A.CAT. PROF. ATÉ 1.50m","M3",{"v":1.1,"d":"1.1000"},{"v":12.932,"d":"12.9320"},{"v":14.225200000000001,"d":"14.2252"}]
["SEINFRA","I2301",{"v":2,"d":"2.0000"},"DISCO DE CORTE 1/8\" DE 7\"","UN",{"v":2,"d":"2.0000"},{"v":6.17,"d":"6.1700"},{"v":12.34,"d":"12.3400"}]
["SEINFRA","I2320",{"v":3,"d":"3.0000"},"ENCANADOR","H",{"v":3,"d":"3.0000"},{"v":7.2,"d":"7.2000"},{"v":21.6,"d":"21.6000"}]
["SEINFRA","C2752 - RETIRADA DE VAZAMENTO EM REDE DE PVC ATÉ DN 100mm, PAVIMENTAÇÃO EM PEDRA TOSCA - UN"]
["SEINFRA",{"$nulls":4},"Valor Geral:",null,{"v":82.82244466666667,"d":"82.82"}]
["SEINFRA","I2372",{"v":0.1,"d":"0.1000"},"LÂMINA DE SERRA PARA PVC","UN",{"v":0.1,"d":"0.1000"},{"v":5.8,"d":"5.8000"},{"v":0.5800000000000001,"d":"0.5800"}]
["SEINFRA",{"$nulls":4},"Encargos Sociais:",null,35.37]
["SEINFRA","MATERIAIS"]
["SEINFRA","C2784",{"v":7.2,"d":"7.2000"},"ESCAVAÇÃO MANUAL SOLO DE 1A.CAT. PROF. ATÉ 1.50m","M3",{"v":7.2,"d":"7.2000"},{"v":12.932,"d":"12.9320"},93.1104]
["SEINFRA","MAO DE OBRA"]
["SEINFRA",{"$nulls":5},"Total:",{"v":3.624,"d":"3.6240"}]
["SEINFRA",{"$nulls":4},"Encargos Sociais:",null,59.56]
["SEINFRA","I2302",{"v":0.18,"d":"0.1800"},"DISCO DE DESBASTE 1/4\" DE 7\"","UN",{"v":0.18,"d":"0.1800"},{"v":16.03,"d":"16.0300"},{"v":2.8853999999999997,"d":"2.8854"}]
["SEINFRA","I2320",{"v":1.5,"d":"1.5000"},"ENCANADOR","H",{"v":1.5,"d":"1.5000"},{"v":7.2,"d":"7.2000"},{"v":10.8,"d":"10.8000"}]
["SEINFRA","I2320",{"v":6,"d":"6.0000"},"ENCANADOR","H",{"v":6,"d":"6.0000"},{"v":7.2,"d":"7.2000"},{"v":43.2,"d":"43.2000"}]
["SEINFRA",{"$nulls":4},"Valor BDI:",null,{"v":0,"d":"0.00"}]
["SEINFRA","MAO DE OBRA"]
["SEINFRA","I2320",{"v":0.3,"d":"0.3000"},"ENCANADOR","H",{"v":0.3,"d":"0.3000"},{"v":7.2,"d":"7.2000"},{"v":2.16,"d":"2.1600"}]
["SEINFRA","I1414",{"v":12,"d":"12.0000"},"LUVA PVC SOLDAVEL DE 50MM","UN",{"v":12,"d":"12.0000"},{"v":3.2,"d":"3.2000"},{"v":38.4,"d":"38.4000"}]
["SEINFRA",{"$nulls":4},"Encargos Sociais:",null,31.06]
["SEINFRA","C2728 - DRENAGEM COM TUBO CERÂMICO PERFURADO, D= 10cm - M"]
["SEINFRA",{"$nulls":4},"Total Simples:",null,{"v":41.054936000000005,"d":"41.05"}]
["SEINFRA",{"$nulls":4},"Valor Geral:",null,{"v":29.104200000000002,"d":"29.10"}]
["SEINFRA","I2283",{"v":1,"d":"1.0000"},"VÁLVULA RETENÇÃO HORIZONTAL - 80MM (3')","UN",{"v":1,"d":"1.0000"},{"v":385,"d":"385.0000"},{"v":385,"d":"385.0000"}]
["SEINFRA",{"$nulls":4},"Valor Geral:",null,{"v":661.0048,"d":"661.00"}]
["SEINFRA",{"$nulls":5},"Total:",{"v":10.88,"d":"10.8800"}]
["SEINFRA",{"$nulls":4},"Total Simples:",null,{"v":195.0388,"d":"195.04"}]
["SEINFRA","MAO DE OBRA",null,null,"Unidade","Coeficiente","Preço","Total"]
["SEINFRA","I2543",{"v":0.7,"d":"0.7000"},"SERVENTE","H",{"v":0.7,"d":"0.7000"},{"v":4.88,"d":"4.8800"},{"v":3.416,"d":"3.4160"}]
["SEINFRA",{"$nulls":5},"Total:",{"v":8.456,"d":"8.4560"}]
["SEINFRA","MATERIAIS"]
["SEINFRA","I0019",{"v":2,"d":"2.0000"},"ADAPTADOR PVC SOLDAVEL CURTO LR P/REG. 25x3/4\"","UN",{"v":2,"d":"2.0000"},{"v":1,"d":"1.0000"},{"v":2,"d":"2.0000"}]
["SEINFRA","I0021",{"v":0.05,"d":"0.0500"},"ADESIVO 90ML","UN",{"v":0.05,"d":"0.0500"},{"v":3.6,"d":"3.6000"},{"v":0.18000000000000002,"d":"0.1800"}]
["SEINFRA","I2200",{"v":1.5,"d":"1.5000"},"TUBO PVC SOLDÁVEL DE 25MM (3/4')","M",{"v":1.5,"d":"1.5000"},{"v":2.45,"d":"2.4500"},{"v":3.675,"d":"3.6750"}]
["SEINFRA","I2344",{"v":0.1,"d":"0.1000"},"FITA VEDA ROSCA 25M x 3/4\"","UN",{"v":0.1,"d":"0.1000"},{"v":6.5,"d":"6.5000"},{"v":0.65,"d":"0.6500"}]
["SEINFRA","I2363",{"v":3,"d":"3.0000"},"JOELHO PVC SOLDAVEL 25MM","UN",{"v":3,"d":"3.0000"},{"v":0.9,"d":"0.9000"},{"v":2.7,"d":"2.7000"}]
["SEINFRA","I2368",0.0006,"LINHA DE NYLON REF. 050","KG",0.0006,{"v":57.2,"d":"57.2000"},{"v":0.034319999999999996,"d":"0.0343"}]
["SEINFRA",{"$nulls":5},"Total:",9.2393]
["SEINFRA","SERVIÇOS"]
["SEINFRA","C0170",0.0087,"ARGAMASSA DE CIMENTO E AREIA S/PEN. TRAÇO 1:3","M3",0.0087,{"v":347.736,"d":"347.7360"},{"v":3.0253031999999997,"d":"3.0253"}]
["SEINFRA","C0589",{"v":0.2,"d":"0.2000"},"CAIAÇÃO EM TRES DEMÃOS EM PAREDES","M2",{"v":0.2,"d":"0.2000"},{"v":2.637,"d":"2.6370"},0.5274]
["SEINFRA",{"$nulls":5},"Total:",3.5527]
["SEINFRA",{"$nulls":4},"Total Simples:",null,{"v":32.343429533333335,"d":"32.34"}]
["SEINFRA",{"$nulls":4},"Encargos Sociais:",null,{"v":12.7,"d":"12.70"}]
["SEINFRA",{"$nulls":4},"Valor BDI:",null,{"v":0,"d":"0.00"}]
["SEINFRA",{"$nulls":4},"Valor Geral:",null,{"v":45.03802953333334,"d":"45.04"}]
["SEINFRA","C2715 - RETIRADA DE VAZAMENTO EM LIGAÇÃO, RUA COM PAVIMENTAÇÃO EM ASFALTO - UN"]
["SEINFRA","EQUIPAMENTOS (CHORARIO)",null,null,"Unidade","Coeficiente","Preço","Total"]
["SEINFRA","I0700",{"v":0.3,"d":"0.3000"},"CAMINHONETE SAVEIRO (CHP)","H",{"v":0.3,"d":"0.3000"},{"v":54.042831666666665,"d":"54.0428"},{"v":16.2128495,"d":"16.2128"}]
["SEINFRA",{"$nulls":5},"Total:",16.2128]
["SEINFRA","MAO DE OBRA"]
["SEINFRA","I2320",{"v":0.66,"d":"0.6600"},"ENCANADOR","H",{"v":0.66,"d":"0.6600"},{"v":7.2,"d":"7.2000"},{"v":4.752000000000001,"d":"4.7520"}]
["SEINFRA","I2543",{"v":0.6,"d":"0.6000"},"SERVENTE","H",{"v":0.6,"d":"0.6000"},{"v":4.88,"d":"4.8800"},{"v":2.928,"d":"2.9280"}]
["SEINFRA",{"$nulls":5},"Total:",{"v":7.68,"d":"7.6800"}]
["SEINFRA",{"$nulls":4},"Total Simples:",null,{"v":23.8928495,"d":"23.89"}]
["SEINFRA",{"$nulls":4},"Encargos Sociais:",null,11.73]
["SEINFRA",{"$nulls":4},"Valor BDI:",null,{"v":0,"d":"0.00"}]
["SEINFRA",{"$nulls":4},"Valor Geral:",null,{"v":35.6189495,"d":"35.62"}]
["SEINFRA","C2716 - DEMOLIÇÃO DE PISO DE LADRILHO - M2"]
["SEINFRA","MAO DE OBRA",null,null,"Unidade","Coeficiente","Preço","Total"]
["SEINFRA","I2543",{"v":1,"d":"1.0000"},"SERVENTE","H",{"v":1,"d":"1.0000"},{"v":4.88,"d":"4.8800"},{"v":4.88,"d":"4.8800"}]
["SEINFRA",{"$nulls":5},"Total:",{"v":4.88,"d":"4.8800"}]
["SEINFRA",{"$nulls":4},"Total Simples:",null,4.88]
["SEINFRA",{"$nulls":4},"Encargos Sociais:",null,5.68]
["SEINFRA",{"$nulls":4},"Valor BDI:",null,{"v":0,"d":"0.00"}]
["SEINFRA",{"$nulls":4},"Valor Geral:",null,{"v":10.5569,"d":"10.56"}]
["SEINFRA","C2713 - VÁLVULA DE RETENÇÃO HORIZONTAL D= 65mm (2 1/2\") - UN"]
["SEINFRA","MAO DE OBRA",null,null,"Unidade","Coeficiente","Preço","Total"]
["SEINFRA","I0043",{"v":1.15,"d":"1.1500"},"AJUDANTE DE ENCANADOR","H",{"v":1.15,"d":"1.1500"},{"v":5.6,"d":"5.6000"},{"v":6.4399999999999995,"d":"6.4400"}]
["SEINFRA","I2320",{"v":1.15,"d":"1.1500"},"ENCANADOR","H",{"v":1.15,"d":"1.1500"},{"v":7.2,"d":"7.2000"},{"v":8.28,"d":"8.2800"}]
["SEINFRA",{"$nulls":5},"Total:",{"v":14.72,"d":"14.7200"}]
["SEINFRA","MATERIAIS"]
["SEINFRA","I1180",{"v":2.82,"d":"2.8200"},"FITA DE VEDAÇÃO","M",{"v":2.82,"d":"2.8200"},{"v":0.38,"d":"0.3800"},{"v":1.0715999999999999,"d":"1.0716"}]
["SEINFRA","I2282",{"v":1,"d":"1.0000"},"VÁLVULA RETENÇÃO HORIZONTAL - 65MM (2 1/2')","UN",{"v":1,"d":"1.0000"},{"v":319.95,"d":"319.9500"},{"v":319.95,"d":"319.9500"}]
["SEINFRA",{"$nulls":5},"Total:",321.0216]
["SEINFRA",{"$nulls":4},"Total Simples:",null,{"v":335.7416,"d":"335.74"}]
["SEINFRA",{"$nulls":4},"Encargos Sociais:",null,17.13]
["SEINFRA",{"$nulls":4},"Valor BDI:",null,{"v":0,"d":"0.00"}]
["SEINFRA",{"$nulls":4},"Valor Geral:",null,{"v":352.8654,"d":"352.87"}]
["SEINFRA","C2714 - VÁLVULA DE RETENÇÃO HORIZONTAL D= 80mm (3\") - UN"]
["SEINFRA","MAO DE OBRA",null,null,"Unidade","Coeficiente","Preço","Total"]
["SEINFRA","I0043",{"v":1.15,"d":"1.1500"},"AJUDANTE DE ENCANADOR","H",{"v":1.15,"d":"1.1500"},{"v":5.6,"d":"5.6000"},{"v":6.4399999999999995,"d":"6.4400"}]
["SEINFRA","I2320",{"v":1.15,"d":"1.1500"},"ENCANADOR","H",{"v":1.15,"d":"1.1500"},{"v":7.2,"d":"7.2000"},{"v":8.28,"d":"8.2800"}]
["SEINFRA",{"$nulls":5},"Total:",{"v":14.72,"d":"14.7200"}]
["SEINFRA","MATERIAIS"]
["SEINFRA","I1180",{"v":3.2,"d":"3.2000"},"FITA DE VEDAÇÃO","M",{"v":3.2,"d":"3.2000"},{"v":0.38,"d":"0.3800"},{"v":1.216,"d":"1.2160"}]
["SEINFRA","I2283",{"v":1,"d":"1.0000"},"VÁLVULA RETENÇÃO HORIZONTAL - 80MM (3')","UN",{"v":1,"d":"1.0000"},{"v":385,"d":"385.0000"},{"v":385,"d":"385.0000"}]
["SEINFRA",{"$nulls":5},"Total:",{"v":386.216,"d":"386.2160"}]
["SEINFRA",{"$nulls":4},"Total Simples:",null,{"v":400.936,"d":"400.94"}]
["SEINFRA",{"$nulls":4},"Encargos Sociais:",null,17.12]
["SEINFRA",{"$nulls":4},"Valor BDI:",null,{"v":0,"d":"0.00"}]
["SEINFRA",{"$nulls":4},"Valor Geral:",null,{"v":418.0598,"d":"418.06"}]
["SEINFRA","C2711 - VÁLVULA DE RETENÇÃO HORIZONTAL D= 40mm (1 1/2\") - UN"]
["SEINFRA","MAO DE OBRA",null,null,"Unidade","Coeficiente","Preço","Total"]
["SEINFRA","I0043",{"v":0.85,"d":"0.8500"},"AJUDANTE DE ENCANADOR","H",{"v":0.85,"d":"0.8500"},{"v":5.6,"d":"5.6000"},{"v":4.76,"d":"4.7600"}]
["SEINFRA","I2320",{"v":0.85,"d":"0.8500"},"ENCANADOR","H",{"v":0.85,"d":"0.8500"},{"v":7.2,"d":"7.2000"},{"v":6.12,"d":"6.1200"}]
["SEINFRA",{"$nulls":5},"Total:",{"v":10.88,"d":"10.8800"}]
["SEINFRA","MATERIAIS"]
["SEINFRA","I1180",{"v":1.88,"d":"1.8800"},"FITA DE VEDAÇÃO","M",{"v":1.88,"d":"1.8800"},{"v":0.38,"d":"0.3800"},{"v":0.7143999999999999,"d":"0.7144"}]
["SEINFRA","I2280",{"v":1,"d":"1.0000"},"VÁLVULA RETENÇÃO HORIZONTAL - 40MM (1 1/2')","UN",{"v":1,"d":"1.0000"},{"v":159.69,"d":"159.6900"},{"v":159.69,"d":"159.6900"}]
["SEINFRA",{"$nulls":5},"Total:",160.4044]
["SEINFRA",{"$nulls":4},"Total Simples:",null,{"v":171.2844,"d":"171.28"}]
["SEINFRA",{"$nulls":4},"Encargos Sociais:",null,12.66]
["SEINFRA",{"$nulls":4},"Valor BDI:",null,{"v":0,"d":"0.00"}]
["SEINFRA",{"$nulls":4},"Valor Geral:",null,{"v":183.9411,"d":"183.94"}]
["SEINFRA","C2712 - VÁLVULA DE RETENÇÃO HORIZONTAL D= 50mm (2\") - UN"]
["SEINFRA","MAO DE OBRA",null,null,"Unidade","Coeficiente","Preço","Total"]
["SEINFRA","I0043",{"v":0.85,"d":"0.8500"},"AJUDANTE DE ENCANADOR","H",{"v":0.85,"d":"0.8500"},{"v":5.6,"d":"5.6000"},{"v":4.76,"d":"4.7600"}]
["SEINFRA","I2320",{"v":0.85,"d":"0.8500"},"ENCANADOR","H",{"v":0.85,"d":"0.8500"},{"v":7.2,"d":"7.2000"},{"v":6.12,"d":"6.1200"}]
["SEINFRA",{"$nulls":5},"Total:",{"v":10.88,"d":"10.8800"}]
["SEINFRA","MATERIAIS"]
["SEINFRA","I1180",{"v":2.26,"d":"2.2600"},"FITA DE VEDAÇÃO","M",{"v":2.26,"d":"2.2600"},{"v":0.38,"d":"0.3800"},{"v":0.8587999999999999,"d":"0.8588"}]
["SEINFRA","I2281",{"v":1,"d":"1.0000"},"VÁLVULA RETENÇÃO HORIZONTAL - 50MM (2')","UN",{"v":1,"d":"1.0000"},{"v":183.3,"d":"183.3000"},{"v":183.3,"d":"183.3000"}]
["SEINFRA",{"$nulls":5},"Total:",184.1588]
["SEINFRA",{"$nulls":4},"Total Simples:",null,{"v":195.0388,"d":"195.04"}]
["SEINFRA",{"$nulls":4},"Encargos Sociais:",null,12.66]
["SEINFRA",{"$nulls":4},"Valor BDI:",null,{"v":0,"d":"0.00"}]
["SEINFRA",{"$nulls":4},"Valor Geral:",null,{"v":207.6955,"d":"207.70"}]
["SEINFRA","C2710 - VÁLVULA DE RETENÇÃO HORIZONTAL D= 32mm (1 1/4\") - UN"]
["SEINFRA","MAO DE OBRA",null,null,"Unidade","Coeficiente","Preço","Total"]
["SEINFRA","I0043",{"v":0.85,"d":"0.8500"},"AJUDANTE DE ENCANADOR","H",{"v":0.85,"d":"0.8500"},{"v":5.6,"d":"5.6000"},{"v":4.76,"d":"4.7600"}]
["SEINFRA","I2320",{"v":0.85,"d":"0.8500"},"ENCANADOR","H",{"v":0.85,"d":"0.8500"},{"v":7.2,"d":"7.2000"},{"v":6.12,"d":"6.1200"}]
["SEINFRA",{"$nulls":5},"Total:",{"v":10.88,"d":"10.8800"}]
["SEINFRA","MATERIAIS"]
["SEINFRA","I1180",{"v":1.5,"d":"1.5000"},"FITA DE VEDAÇÃO","M",{"v":1.5,"d":"1.5000"},{"v":0.38,"d":"0.3800"},{"v":0.57,"d":"0.5700"}]
["SEINFRA","I2279",{"v":1,"d":"1.0000"},"VÁLVULA RETENÇÃO HORIZONTAL - 32MM (1 1/4')","UN",{"v":1,"d":"1.0000"},{"v":109.74,"d":"109.7400"},{"v":109.74,"d":"109.7400"}]
["SEINFRA",{"$nulls":5},"Total:",{"v":110.31,"d":"110.3100"}]
["SEINFRA",{"$nulls":4},"Total Simples:",null,121.19]
["SEINFRA",{"$nulls":4},"Encargos Sociais:",null,12.66]
["SEINFRA",{"$nulls":4},"Valor BDI:",null,{"v":0,"d":"0.00"}]
["SEINFRA",{"$nulls":4},"Valor Geral:",null,{"v":133.8467,"d":"133.85"}]
["SEINFRA","C2719 - DESOBSTRUÇÃO DE REDE EM TUBO FoFo ATÉ 75mm COM VARETAS - M"]
["SEINFRA","EQUIPAMENTOS (CHORARIO)",null,null,"Unidade","Coeficiente","Preço","Total"]
["SEINFRA","I0700",{"v":0.037,"d":"0.0370"},"CAMINHONETE SAVEIRO (CHP)","H",{"v":0.037,"d":"0.0370"},{"v":54.042831666666665,"d":"54.0428"},{"v":1.9995847716666666,"d":"1.9996"}]
["SEINFRA",{"$nulls":5},"Total:",1.9996]
["SEINFRA","MAO DE OBRA"]
["SEINFRA","I2320",{"v":0.053,"d":"0.0530"},"ENCANADOR","H",{"v":0.053,"d":"0.0530"},{"v":7.2,"d":"7.2000"},0.3816]
["SEINFRA","I2543",{"v":0.159,"d":"0.1590"},"SERVENTE","H",{"v":0.159,"d":"0.1590"},{"v":4.88,"d":"4.8800"},{"v":0.77592,"d":"0.7759"}]
["SEINFRA",{"$nulls":5},"Total:",1.1575]
["SEINFRA","MATERIAIS"]
["SEINFRA","I1444",{"v":1.9E-3,"d":"0.0019"},"LUVA PVC ROSCAVEL DE 3/4''","UN",{"v":1.9E-3,"d":"0.0019"},{"v":1.1,"d":"1.1000"},{"v":0.00209,"d":"0.0021"}]
["SEINFRA","I2223",{"v":1.9E-3,"d":"0.0019"},"TUBO PVC RÍGIDO ROSCÁVEL DE 3/4'","M",{"v":1.9E-3,"d":"0.0019"},{"v":5.3,"d":"5.3000"},{"v":0.01007,"d":"0.0101"}]
["SEINFRA","I2381",{"v":1.9E-3,"d":"0.0019"},"NIPLE PVC COM ROSCA DE 3/4\"","UN",{"v":1.9E-3,"d":"0.0019"},{"v":0.75,"d":"0.7500"},{"v":0.001425,"d":"0.0014"}]
["SEINFRA",{"$nulls":5},"Total:",0.0136]
["SEINFRA",{"$nulls":4},"Total Simples:",null,{"v":3.1706897716666664,"d":"3.17"}]
["SEINFRA",{"$nulls":4},"Encargos Sociais:",null,1.69]
["SEINFRA",{"$nulls":4},"Valor BDI:",null,{"v":0,"d":"0.00"}]
["SEINFRA",{"$nulls":4},"Valor Geral:",null,{"v":4.861589771666667,"d":"4.86"}]
["SEINFRA","C1619 - LAVATÓRIO DE LOUÇA BRANCA S/COLUNA C/TORNEIRA E ACESSÓRIOS - UN"]
["SEINFRA","MAO DE OBRA",null,null,"Unidade","Coeficiente","Preço","Total"]
["SEINFRA","I0043",{"v":2.75,"d":"2.7500"},"AJUDANTE DE ENCANADOR","H",{"v":2.75,"d":"2.7500"},{"v":5.6,"d":"5.6000"},{"v":15.4,"d":"15.4000"}]
["SEINFRA","I2320",{"v":2.75,"d":"2.7500"},"ENCANADOR","H",{"v":2.75,"d":"2.7500"},{"v":7.2,"d":"7.2000"},{"v":19.8,"d":"19.8000"}]
["SEINFRA",{"$nulls":5},"Total:",{"v":35.2,"d":"35.2000"}]
["SEINFRA","MATERIAIS"]
["SEINFRA","I0301",{"v":2,"d":"2.0000"},"BUCHA PLASTICA 8MM","UN",{"v":2,"d":"2.0000"},{"v":0.17,"d":"0.1700"},{"v":0.34,"d":"0.3400"}]
["SEINFRA","I1091",{"v":1,"d":"1.0000"},"ENGATE CROMADO","UN",{"v":1,"d":"1.0000"},{"v":16.06,"d":"16.0600"},{"v":16.06,"d":"16.0600"}]
["SEINFRA","I1180",{"v":0.84,"d":"0.8400"},"FITA DE VEDAÇÃO","M",{"v":0.84,"d":"0.8400"},{"v":0.38,"d":"0.3800"},0.3192]
["SEINFRA","I1344",{"v":1,"d":"1.0000"},"LAVATÓRIO DE LOUÇA BRANCA SEM COLUNA","UN",{"v":1,"d":"1.0000"},{"v":72.31,"d":"72.3100"},{"v":72.31,"d":"72.3100"}]
["SEINFRA","I1579",{"v":2,"d":"2.0000"},"PARAFUSO CROMADO P/FIXAÇÃO SANITARIOS","UN",{"v":2,"d":"2.0000"},{"v":2.55,"d":"2.5500"},{"v":5.1,"d":"5.1000"}]
["SEINFRA","I1864",{"v":1,"d":"1.0000"},"SIFÃO METALICO TIPO COPO DN 1\"X1 1/2\"","UN",{"v":1,"d":"1.0000"},{"v":77.5,"d":"77.5000"},{"v":77.5,"d":"77.5000"}]
["SEINFRA","I2132",{"v":1,"d":"1.0000"},"TORNEIRA DE PRESSÃO CROMADA P/LAVATORIO 1/2'","UN",{"v":1,"d":"1.0000"},{"v":43.9,"d":"43.9000"},{"v":43.9,"d":"43.9000"}]
["SEINFRA","I2272",{"v":1,"d":"1.0000"},"VÁLVULA DE METAL 1\"","UN",{"v":1,"d":"1.0000"},{"v":13.6,"d":"13.6000"},{"v":13.6,"d":"13.6000"}]
["SEINFRA",{"$nulls":5},"Total:",229.1292]
["SEINFRA",{"$nulls":4},"Total Simples:",null,{"v":264.3292,"d":"264.33"}]
["SEINFRA",{"$nulls":4},"Encargos Sociais:",null,40.95]
["SEINFRA",{"$nulls":4},"Valor BDI:",null,{"v":0,"d":"0.00"}]
["SEINFRA",{"$nulls":4},"Valor Geral:",null,{"v":305.2774,"d":"305.28"}]
["SEINFRA","C1615 - LATEX DUAS DEMÃOS EM PAREDES INTERNAS S/MASSA - M2"]
["SEINFRA","MAO DE OBRA",null,null,"Unidade","Coeficiente","Preço","Total"]
["SEINFRA","I0045",{"v":0.35,"d":"0.3500"},"AJUDANTE DE PINTOR","H",{"v":0.35,"d":"0.3500"},{"v":5.6,"d":"5.6000"},{"v":1.96,"d":"1.9600"}]
["SEINFRA","I2395",{"v":0.4,"d":"0.4000"},"PINTOR","H",{"v":0.4,"d":"0.4000"},{"v":7.2,"d":"7.2000"},{"v":2.8800000000000003,"d":"2.8800"}]
["SEINFRA",{"$nulls":5},"Total:",{"v":4.84,"d":"4.8400"}]
["SEINFRA","MATERIAIS"]
["SEINFRA","I1347",{"v":0.25,"d":"0.2500"},"LIXA PARA MADEIRA/MASSA","UN",{"v":0.25,"d":"0.2500"},{"v":0.55,"d":"0.5500"},0.1375]
["SEINFRA","I1490",{"v":0.12,"d":"0.1200"},"LÍQUIDO SELADOR PARA PINTURA LATEX","L",{"v":0.12,"d":"0.1200"},{"v":10.04,"d":"10.0400"},{"v":1.2047999999999999,"d":"1.2048"}]
["SEINFRA","I2096",{"v":0.17,"d":"0.1700"},"TINTA LATEX","L",{"v":0.17,"d":"0.1700"},{"v":12.57,"d":"12.5700"},{"v":2.1369000000000002,"d":"2.1369"}]
["SEINFRA",{"$nulls":5},"Total:",3.4792]
["SEINFRA",{"$nulls":4},"Total Simples:",null,{"v":8.3192,"d":"8.32"}]
["SEINFRA",{"$nulls":4},"Encargos Sociais:",null,5.63]
["SEINFRA",{"$nulls":4},"Valor BDI:",null,{"v":0,"d":"0.00"}]
["SEINFRA",{"$nulls":4},"Valor Geral:",null,{"v":13.9496,"d":"13.95"}]
["SEINFRA","C1616 - LATEX TRÊS DEMÃOS EM PAREDES EXTERNAS S/MASSA - M2"]
["SEINFRA","MAO DE OBRA",null,null,"Unidade","Coeficiente","Preço","Total"]
["SEINFRA","I0045",{"v":0.4,"d":"0.4000"},"AJUDANTE DE PINTOR","H",{"v":0.4,"d":"0.4000"},{"v":5.6,"d":"5.6000"},{"v":2.24,"d":"2.2400"}]
["SEINFRA","I2395",{"v":0.5,"d":"0.5000"},"PINTOR","H",{"v":0.5,"d":"0.5000"},{"v":7.2,"d":"7.2000"},{"v":3.6,"d":"3.6000"}]
["SEINFRA",{"$nulls":5},"Total:",{"v":5.84,"d":"5.8400"}]
["SEINFRA","MATERIAIS"]
["SEINFRA","I0035",{"v":0.05,"d":"0.0500"},"AGUARRAZ MINERAL","L",{"v":0.05,"d":"0.0500"},{"v":10.46,"d":"10.4600"},{"v":0.523,"d":"0.5230"}]
["SEINFRA","I1347",{"v":0.25,"d":"0.2500"},"LIXA PARA MADEIRA/MASSA","UN",{"v":0.25,"d":"0.2500"},{"v":0.55,"d":"0.5500"},0.1375]
["SEINFRA","I1488",{"v":0.12,"d":"0.1200"},"LÍQUIDO PREPARADOR DE SUPERFICIES","L",{"v":0.12,"d":"0.1200"},{"v":16.64,"d":"16.6400"},1.9968]
["SEINFRA","I2097",{"v":0.24,"d":"0.2400"},"TINTA LATEX ACRÍLICA","L",{"v":0.24,"d":"0.2400"},{"v":13.45,"d":"13.4500"},{"v":3.2279999999999998,"d":"3.2280"}]
["SEINFRA",{"$nulls":5},"Total:",5.8853]
["SEINFRA",{"$nulls":4},"Total Simples:",null,{"v":11.7253,"d":"11.73"}]
["SEINFRA",{"$nulls":4},"Encargos Sociais:",null,6.79]
["SEINFRA",{"$nulls":4},"Valor BDI:",null,{"v":0,"d":"0.00"}]
["SEINFRA",{"$nulls":4},"Valor Geral:",null,{"v":18.519,"d":"18.52"}]
["SEINFRA","C1617 - LATEX TRÊS DEMÃOS EM PAREDES INTERNAS S/MASSA - M2"]
["SEINFRA","MAO DE OBRA",null,null,"Unidade","Coeficiente","Preço","Total"]
["SEINFRA","I0045",{"v":0.4,"d":"0.4000"},"AJUDANTE DE PINTOR","H",{"v":0.4,"d":"0.4000"},{"v":5.6,"d":"5.6000"},{"v":2.24,"d":"2.2400"}]
["SEINFRA","I2395",{"v":0.5,"d":"0.5000"},"PINTOR","H",{"v":0.5,"d":"0.5000"},{"v":7.2,"d":"7.2000"},{"v":3.6,"d":"3.6000"}]
["SEINFRA",{"$nulls":5},"Total:",{"v":5.84,"d":"5.8400"}]
["SEINFRA","MATERIAIS"]
["SEINFRA","I1347",{"v":0.25,"d":"0.2500"},"LIXA PARA MADEIRA/MASSA","UN",{"v":0.25,"d":"0.2500"},{"v":0.55,"d":"0.5500"},0.1375]
["SEINFRA","I1490",{"v":0.12,"d":"0.1200"},"LÍQUIDO SELADOR PARA PINTURA LATEX","L",{"v":0.12,"d":"0.1200"},{"v":10.04,"d":"10.0400"},{"v":1.2047999999999999,"d":"1.2048"}]
["SEINFRA","I2096",{"v":0.24,"d":"0.2400"},"TINTA LATEX","L",{"v":0.24,"d":"0.2400"},{"v":12.57,"d":"12.5700"},3.0168]
["SEINFRA",{"$nulls":5},"Total:",4.3591]
["SEINFRA",{"$nulls":4},"Total Simples:",null,{"v":10.1991,"d":"10.20"}]
["SEINFRA",{"$nulls":4},"Encargos Sociais:",null,6.79]
["SEINFRA",{"$nulls":4},"Valor BDI:",null,{"v":0,"d":"0.00"}]
["SEINFRA",{"$nulls":4},"Valor Geral:",null,{"v":16.9928,"d":"16.99"}]
["SEINFRA","C1618 - LAVATÓRIO DE LOUÇA BRANCA C/COLUNA, C/ TORNEIRA E ACESSÓRIOS - UN"]
["SEINFRA","MAO DE OBRA",null,null,"Unidade","Coeficiente","Preço","Total"]
["SEINFRA","I0043",{"v":3.3,"d":"3.3000"},"AJUDANTE DE ENCANADOR","H",{"v":3.3,"d":"3.3000"},{"v":5.6,"d":"5.6000"},{"v":18.48,"d":"18.4800"}]
["SEINFRA","I2320",{"v":3.3,"d":"3.3000"},"ENCANADOR","H",{"v":3.3,"d":"3.3000"},{"v":7.2,"d":"7.2000"},{"v":23.759999999999998,"d":"23.7600"}]
["SEINFRA",{"$nulls":5},"Total:",{"v":42.24,"d":"42.2400"}]
["SEINFRA","MATERIAIS"]
["SEINFRA","I0301",{"v":2,"d":"2.0000"},"BUCHA PLASTICA 8MM","UN",{"v":2,"d":"2.0000"},{"v":0.17,"d":"0.1700"},{"v":0.34,"d":"0.3400"}]
["SEINFRA","I1091",{"v":2,"d":"2.0000"},"ENGATE CROMADO","UN",{"v":2,"d":"2.0000"},{"v":16.06,"d":"16.0600"},{"v":32.12,"d":"32.1200"}]
["SEINFRA","I1180",{"v":1.12,"d":"1.1200"},"FITA DE VEDAÇÃO","M",{"v":1.12,"d":"1.1200"},{"v":0.38,"d":"0.3800"},{"v":0.42560000000000003,"d":"0.4256"}]
["SEINFRA","I1343",{"v":1,"d":"1.0000"},"LAVATÓRIO DE LOUÇA BRANCA COM COLUNA","UN",{"v":1,"d":"1.0000"},{"v":163.97,"d":"163.9700"},{"v":163.97,"d":"163.9700"}]
["SEINFRA","I1579",{"v":2,"d":"2.0000"},"PARAFUSO CROMADO P/FIXAÇÃO SANITARIOS","UN",{"v":2,"d":"2.0000"},{"v":2.55,"d":"2.5500"},{"v":5.1,"d":"5.1000"}]
["SEINFRA","I1864",{"v":1,"d":"1.0000"},"SIFÃO METALICO TIPO COPO DN 1\"X1 1/2\"","UN",{"v":1,"d":"1.0000"},{"v":77.5,"d":"77.5000"},{"v":77.5,"d":"77.5000"}]
["SEINFRA","I2132",{"v":1,"d":"1.0000"},"TORNEIRA DE PRESSÃO CROMADA P/LAVATORIO 1/2'","UN",{"v":1,"d":"1.0000"},{"v":43.9,"d":"43.9000"},{"v":43.9,"d":"43.9000"}]
["SEINFRA",{"$nulls":5},"Total:",323.3556]
["SEINFRA",{"$nulls":4},"Total Simples:",null,{"v":365.5956,"d":"365.60"}]
["SEINFRA",{"$nulls":4},"Encargos Sociais:",null,49.13]
["SEINFRA",{"$nulls":4},"Valor BDI:",null,{"v":0,"d":"0.00"}]
["SEINFRA",{"$nulls":4},"Valor Geral:",null,{"v":414.7334,"d":"414.73"}]
["SEINFRA","C1611 - LASTRO DE CONCRETO REGULARIZADO ESP.= 5CM - M2"]
["SEINFRA","EQUIPAMENTOS (CHORARIO)",null,null,"Unidade","Coeficiente","Preço","Total"]
["SEINFRA","I0682",{"v":0.036,"d":"0.0360"},"BETONEIRA ELÉTRICA 580L (CHP)","H",{"v":0.036,"d":"0.0360"},{"v":13.8267832,"d":"13.8268"},{"v":0.4977641952,"d":"0.4978"}]
["SEINFRA",{"$nulls":5},"Total:",0.4978]
["SEINFRA","MAO DE OBRA"]
["SEINFRA","I2391",{"v":0.4,"d":"0.4000"},"PEDREIRO","H",{"v":0.4,"d":"0.4000"},{"v":7.2,"d":"7.2000"},{"v":2.8800000000000003,"d":"2.8800"}]
["SEINFRA","I2543",{"v":1.1,"d":"1.1000"},"SERVENTE","H",{"v":1.1,"d":"1.1000"},{"v":4.88,"d":"4.8800"},{"v":5.368,"d":"5.3680"}]
["SEINFRA",{"$nulls":5},"Total:",{"v":8.248,"d":"8.2480"}]
["SEINFRA","MATERIAIS"]
["SEINFRA","I0109",0.0332,"AREIA MEDIA","M3",0.0332,{"v":46,"d":"46.0000"},{"v":1.5272000000000001,"d":"1.5272"}]
["SEINFRA","I0280",{"v":0.044,"d":"0.0440"},"BRITA","M3",{"v":0.044,"d":"0.0440"},{"v":56,"d":"56.0000"},{"v":2.464,"d":"2.4640"}]
["SEINFRA","I0805",{"v":11,"d":"11.0000"},"CIMENTO PORTLAND","KG",{"v":11,"d":"11.0000"},{"v":0.5,"d":"0.5000"},{"v":5.5,"d":"5.5000"}]
["SEINFRA",{"$nulls":5},"Total:",9.4912]
["SEINFRA",{"$nulls":4},"Total Simples:",null,{"v":18.2369641952,"d":"18.24"}]
["SEINFRA",{"$nulls":4},"Encargos Sociais:",null,9.89]
["SEINFRA",{"$nulls":4},"Valor BDI:",null,{"v":0,"d":"0.00"}]
["SEINFRA",{"$nulls":4},"Valor Geral:",null,{"v":28.133364195200002,"d":"28.13"}]
["SEINFRA","C1612 - LASTRO URBANIZADO C/ SEIXO ROLADO - M2"]
["SEINFRA","MAO DE OBRA",null,null,"Unidade","Coeficiente","Preço","Total"]
["SEINFRA","I2391",{"v":0.5,"d":"0.5000"},"PEDREIRO","H",{"v":0.5,"d":"0.5000"},{"v":7.2,"d":"7.2000"},{"v":3.6,"d":"3.6000"}]
["SEINFRA","I2543",{"v":1.8,"d":"1.8000"},"SERVENTE","H",{"v":1.8,"d":"1.8000"},{"v":4.88,"d":"4.8800"},{"v":8.784,"d":"8.7840"}]
["SEINFRA",{"$nulls":5},"Total:",{"v":12.384,"d":"12.3840"}]
["SEINFRA","MATERIAIS"]
["SEINFRA","I0108",{"v":0.08,"d":"0.0800"},"AREIA GROSSA","M3",{"v":0.08,"d":"0.0800"},{"v":50,"d":"50.0000"},{"v":4,"d":"4.0000"}]
["SEINFRA","I1854",{"v":0.21,"d":"0.2100"},"SEIXO ROLADO","M3",{"v":0.21,"d":"0.2100"},{"v":63.33,"d":"63.3300"},{"v":13.299299999999999,"d":"13.2993"}]
["SEINFRA",{"$nulls":5},"Total:",17.2993]
["SEINFRA",{"$nulls":4},"Total Simples:",null,{"v":29.6833,"d":"29.68"}]
["SEINFRA",{"$nulls":4},"Encargos Sociais:",null,14.41]
["SEINFRA",{"$nulls":4},"Valor BDI:",null,{"v":0,"d":"0.00"}]
["SEINFRA",{"$nulls":4},"Valor Geral:",null,{"v":44.0896,"d":"44.09"}]
["SEINFRA","C1613 - LATEX ACRÍLICO 2 DEMÃOS EM TELHAS DE FIBROCIMENTO - M2"]
["SEINFRA","MAO DE OBRA",null,null,"Unidade","Coeficiente","Preço","Total"]
["SEINFRA","I0045",{"v":0.4,"d":"0.4000"},"AJUDANTE DE PINTOR","H",{"v":0.4,"d":"0.4000"},{"v":5.6,"d":"5.6000"},{"v":2.24,"d":"2.2400"}]
["SEINFRA","I2395",{"v":0.5,"d":"0.5000"},"PINTOR","H",{"v":0.5,"d":"0.5000"},{"v":7.2,"d":"7.2000"},{"v":3.6,"d":"3.6000"}]
["SEINFRA",{"$nulls":5},"Total:",{"v":5.84,"d":"5.8400"}]
["SEINFRA","MATERIAIS"]
["SEINFRA","I0035",{"v":0.036,"d":"0.0360"},"AGUARRAZ MINERAL","L",{"v":0.036,"d":"0.0360"},{"v":10.46,"d":"10.4600"},{"v":0.37655999999999995,"d":"0.3766"}]
["SEINFRA","I1490",{"v":0.072,"d":"0.0720"},"LÍQUIDO SELADOR PARA PINTURA LATEX","L",{"v":0.072,"d":"0.0720"},{"v":10.04,"d":"10.0400"},{"v":0.72288,"d":"0.7229"}]
["SEINFRA","I2097",{"v":0.15,"d":"0.1500"},"TINTA LATEX ACRÍLICA","L",{"v":0.15,"d":"0.1500"},{"v":13.45,"d":"13.4500"},2.0175]
["SEINFRA",{"$nulls":5},"Total:",{"v":3.117,"d":"3.1170"}]
["SEINFRA",{"$nulls":4},"Total Simples:",null,{"v":8.95694,"d":"8.96"}]
["SEINFRA",{"$nulls":4},"Encargos Sociais:",null,6.79]
["SEINFRA",{"$nulls":4},"Valor BDI:",null,{"v":0,"d":"0.00"}]
["SEINFRA",{"$nulls":4},"Valor Geral:",null,{"v":15.75064,"d":"15.75"}]
["SEINFRA","C1614 - LATEX DUAS DEMÃOS EM PAREDES EXTERNAS S/MASSA - M2"]
["SEINFRA","MAO DE OBRA",null,null,"Unidade","Coeficiente","Preço","Total"]
["SEINFRA","I0045",{"v":0.35,"d":"0.3500"},"AJUDANTE DE PINTOR","H",{"v":0.35,"d":"0.3500"},{"v":5.6,"d":"5.6000"},{"v":1.96,"d":"1.9600"}]
["SEINFRA","I2395",{"v":0.4,"d":"0.4000"},"PINTOR","H",{"v":0.4,"d":"0.4000"},{"v":7.2,"d":"7.2000"},{"v":2.8800000000000003,"d":"2.8800"}]
["SEINFRA",{"$nulls":5},"Total:",{"v":4.84,"d":"4.8400"}]
["SEINFRA","MATERIAIS"]
["SEINFRA","I0035",{"v":0.05,"d":"0.0500"},"AGUARRAZ MINERAL","L",{"v":0.05,"d":"0.0500"},{"v":10.46,"d":"10.4600"},{"v":0.523,"d":"0.5230"}]
["SEINFRA","I1347",{"v":0.25,"d":"0.2500"},"LIXA PARA MADEIRA/MASSA","UN",{"v":0.25,"d":"0.2500"},{"v":0.55,"d":"0.5500"},0.1375]
["SEINFRA","I1488",{"v":0.12,"d":"0.1200"},"LÍQUIDO PREPARADOR DE SUPERFICIES","L",{"v":0.12,"d":"0.1200"},{"v":16.64,"d":"16.6400"},1.9968]
["SEINFRA","I2097",{"v":0.17,"d":"0.1700"},"TINTA LATEX ACRÍLICA","L",{"v":0.17,"d":"0.1700"},{"v":13.45,"d":"13.4500"},2.2865]
["SEINFRA",{"$nulls":5},"Total:",4.9438]
["SEINFRA",{"$nulls":4},"Total Simples:",null,{"v":9.7838,"d":"9.78"}]
["SEINFRA",{"$nulls":4},"Encargos Sociais:",null,5.63]
["SEINFRA",{"$nulls":4},"Valor BDI:",null,{"v":0,"d":"0.00"}]
["SEINFRA",{"$nulls":4},"Valor Geral:",null,{"v":15.414200000000001,"d":"15.41"}]
["SEINFRA","C1620 - LETREIRO - LETRA EM CAIXA DE ZINCO, H= 20CM - UN"]
["SEINFRA","MAO DE OBRA",null,null,"Unidade","Coeficiente","Preço","Total"]
["SEINFRA","I0037",{"v":1.1,"d":"1.1000"},"AJUDANTE","H",{"v":1.1,"d":"1.1000"},{"v":5.6,"d":"5.6000"},{"v":6.16,"d":"6.1600"}]
["SEINFRA","I1858",{"v":1.1,"d":"1.1000"},"SERRALHEIRO","H",{"v":1.1,"d":"1.1000"},{"v":7.2,"d":"7.2000"},{"v":7.920000000000001,"d":"7.9200"}]
["SEINFRA","I2391",{"v":0.8,"d":"0.8000"},"PEDREIRO","H",{"v":0.8,"d":"0.8000"},{"v":7.2,"d":"7.2000"},{"v":5.760000000000001,"d":"5.7600"}]
["SEINFRA","I2543",{"v":0.2,"d":"0.2000"},"SERVENTE","H",{"v":0.2,"d":"0.2000"},{"v":4.88,"d":"4.8800"},{"v":0.9760000000000001,"d":"0.9760"}]
["SEINFRA",{"$nulls":5},"Total:",{"v":20.816,"d":"20.8160"}]
["SEINFRA","MATERIAIS"]
["SEINFRA","I0108",{"v":0.004,"d":"0.0040"},"AREIA GROSSA","M3",{"v":0.004,"d":"0.0040"},{"v":50,"d":"50.0000"},{"v":0.2,"d":"0.2000"}]
["SEINFRA","I0301",{"v":3,"d":"3.0000"},"BUCHA PLASTICA 8MM","UN",{"v":3,"d":"3.0000"},{"v":0.17,"d":"0.1700"},{"v":0.51,"d":"0.5100"}]
["SEINFRA","I0539",{"v":0.75,"d":"0.7500"},"CHAPA DE AÇO GALVANIZADA N.26. DESENV 0.50M","M",{"v":0.75,"d":"0.7500"},{"v":28.63,"d":"28.6300"},21.4725]
["SEINFRA","I0805",{"v":1,"d":"1.0000"},"CIMENTO PORTLAND","KG",{"v":1,"d":"1.0000"},{"v":0.5,"d":"0.5000"},{"v":0.5,"d":"0.5000"}]
["SEINFRA","I1100",{"v":0.08,"d":"0.0800"},"ESMALTE SINTETICO","L",{"v":0.08,"d":"0.0800"},{"v":12,"d":"12.0000"},{"v":0.96,"d":"0.9600"}]
["SEINFRA","I1582",{"v":3,"d":"3.0000"},"PARAFUSO N.12X25MM","UN",{"v":3,"d":"3.0000"},{"v":0.62,"d":"0.6200"},{"v":1.86,"d":"1.8600"}]
["SEINFRA","I2293",{"v":0.07,"d":"0.0700"},"ZARCÃO","L",{"v":0.07,"d":"0.0700"},{"v":15.49,"d":"15.4900"},1.0843]
["SEINFRA",{"$nulls":5},"Total:",26.5868]
["SEINFRA",{"$nulls":4},"Total Simples:",null,{"v":47.4028,"d":"47.40"}]
["SEINFRA",{"$nulls":4},"Encargos Sociais:",null,24.22]
["SEINFRA",{"$nulls":4},"Valor BDI:",null,{"v":0,"d":"0.00"}]
["SEINFRA",{"$nulls":4},"Valor Geral:",null,{"v":71.6181,"d":"71.62"}]
["SEINFRA","C1621 - LETREIRO - LETRA EM PAREDES - UN"]
["SEINFRA","MAO DE OBRA",null,null,"Unidade","Coeficiente","Preço","Total"]
["SEINFRA","I0045",{"v":0.25,"d":"0.2500"},"AJUDANTE DE PINTOR","H",{"v":0.25,"d":"0.2500"},{"v":5.6,"d":"5.6000"},{"v":1.4,"d":"1.4000"}]
["SEINFRA","I2395",{"v":0.35,"d":"0.3500"},"PINTOR","H",{"v":0.35,"d":"0.3500"},{"v":7.2,"d":"7.2000"},{"v":2.52,"d":"2.5200"}]
["SEINFRA",{"$nulls":5},"Total:",{"v":3.92,"d":"3.9200"}]
["SEINFRA","MATERIAIS"]
["SEINFRA","I1347",{"v":0.5,"d":"0.5000"},"LIXA PARA MADEIRA/MASSA","UN",{"v":0.5,"d":"0.5000"},{"v":0.55,"d":"0.5500"},{"v":0.275,"d":"0.2750"}]
["SEINFRA","I1490",{"v":0.07,"d":"0.0700"},"LÍQUIDO SELADOR PARA PINTURA LATEX","L",{"v":0.07,"d":"0.0700"},{"v":10.04,"d":"10.0400"},{"v":0.7028000000000001,"d":"0.7028"}]
["SEINFRA","I1513",{"v":0.3,"d":"0.3000"},"MASSA CORRIDA A BASE DE PVA","KG",{"v":0.3,"d":"0.3000"},{"v":5.26,"d":"5.2600"},{"v":1.5779999999999998,"d":"1.5780"}]
["SEINFRA","I2096",{"v":0.08,"d":"0.0800"},"TINTA LATEX","L",{"v":0.08,"d":"0.0800"},{"v":12.57,"d":"12.5700"},1.0056]
["SEINFRA",{"$nulls":5},"Total:",3.5614]
["SEINFRA",{"$nulls":4},"Total Simples:",null,{"v":7.4814,"d":"7.48"}]
["SEINFRA",{"$nulls":4},"Encargos Sociais:",null,4.56]
["SEINFRA",{"$nulls":4},"Valor BDI:",null,{"v":0,"d":"0.00"}]
["SEINFRA",{"$nulls":4},"Valor Geral:",null,{"v":12.0415,"d":"12.04"}]
["SEINFRA","C1628 - LIMPEZA GERAL - M2"]
["SEINFRA","MAO DE OBRA",null,null,"Unidade","Coeficiente","Preço","Total"]
["SEINFRA","I2543",{"v":0.7,"d":"0.7000"},"SERVENTE","H",{"v":0.7,"d":"0.7000"},{"v":4.88,"d":"4.8800"},{"v":3.416,"d":"3.4160"}]
["SEINFRA",{"$nulls":5},"Total:",{"v":3.416,"d":"3.4160"}]
["SEINFRA",{"$nulls":4},"Total Simples:",null,{"v":3.416,"d":"3.42"}]
["SEINFRA",{"$nulls":4},"Encargos Sociais:",null,3.97]
["SEINFRA",{"$nulls":4},"Valor BDI:",null,{"v":0,"d":"0.00"}]
["SEINFRA",{"$nulls":4},"Valor Geral:",null,{"v":7.3898,"d":"7.39"}]
["SEINFRA","C1629 - LIMPEZA, RETIRADA DO PAPEL E LAVAGEM DE MOSAICO VIDROSO - M2"]
["SEINFRA","MAO DE OBRA",null,null,"Unidade","Coeficiente","Preço","Total"]
["SEINFRA","I2543",{"v":0.5,"d":"0.5000"},"SERVENTE","H",{"v":0.5,"d":"0.5000"},{"v":4.88,"d":"4.8800"},{"v":2.44,"d":"2.4400"}]
["SEINFRA",{"$nulls":5},"Total:",{"v":2.44,"d":"2.4400"}]
["SEINFRA","MATERIAIS"]
["SEINFRA","I0154",{"v":0.1,"d":"0.1000"},"ÁCIDO MURIÁTICO","L",{"v":0.1,"d":"0.1000"},{"v":3.12,"d":"3.1200"},{"v":0.312,"d":"0.3120"}]
["SEINFRA","I1871",{"v":0.1,"d":"0.1000"},"SODA CAUSTICA","KG",{"v":0.1,"d":"0.1000"},{"v":4.59,"d":"4.5900"},{"v":0.459,"d":"0.4590"}]
["SEINFRA",{"$nulls":5},"Total:",{"v":0.771,"d":"0.7710"}]
["SEINFRA",{"$nulls":4},"Total Simples:",null,{"v":3.211,"d":"3.21"}]
["SEINFRA",{"$nulls":4},"Encargos Sociais:",null,2.84]
["SEINFRA",{"$nulls":4},"Valor BDI:",null,{"v":0,"d":"0.00"}]
["SEINFRA",{"$nulls":4},"Valor Geral:",null,{"v":6.0495,"d":"6.05"}]
["SEINFRA","C1626 - LIMPEZA DE REVESTIMENTOS CERÂMICOS - M2"]
["SEINFRA","MAO DE OBRA",null,null,"Unidade","Coeficiente","Preço","Total"]
["SEINFRA","I2543",{"v":0.4,"d":"0.4000"},"SERVENTE","H",{"v":0.4,"d":"0.4000"},{"v":4.88,"d":"4.8800"},{"v":1.9520000000000002,"d":"1.9520"}]
["SEINFRA",{"$nulls":5},"Total:",{"v":1.952,"d":"1.9520"}]
["SEINFRA","MATERIAIS"]
["SEINFRA","I0154",{"v":0.14,"d":"0.1400"},"ÁCIDO MURIÁTICO","L",{"v":0.14,"d":"0.1400"},{"v":3.12,"d":"3.1200"},0.4368]
["SEINFRA",{"$nulls":5},"Total:",0.4368]
["SEINFRA",{"$nulls":4},"Total Simples:",null,{"v":2.3888000000000003,"d":"2.39"}]
["SEINFRA",{"$nulls":4},"Encargos Sociais:",null,2.27]
["SEINFRA",{"$nulls":4},"Valor BDI:",null,{"v":0,"d":"0.00"}]
["SEINFRA",{"$nulls":4},"Valor Geral:",null,{"v":4.6596,"d":"4.66"}]
["SEINFRA","C1627 - LIMPEZA DE VIDROS - M2"]
["SEINFRA","MAO DE OBRA",null,null,"Unidade","Coeficiente","Preço","Total"]
["SEINFRA","I2543",{"v":0.6,"d":"0.6000"},"SERVENTE","H",{"v":0.6,"d":"0.6000"},{"v":4.88,"d":"4.8800"},{"v":2.928,"d":"2.9280"}]
["SEINFRA",{"$nulls":5},"Total:",{"v":2.928,"d":"2.9280"}]
["SEINFRA",{"$nulls":4},"Total Simples:",null,{"v":2.928,"d":"2.93"}]
["SEINFRA",{"$nulls":4},"Encargos Sociais:",null,{"v":3.4,"d":"3.40"}]
["SEINFRA",{"$nulls":4},"Valor BDI:",null,{"v":0,"d":"0.00"}]
["SEINFRA",{"$nulls":4},"Valor Geral:",null,{"v":6.3341,"d":"6.33"}]
["SEINFRA","C1625 - LIMPEZA DE PISOS E REVESTIMENTOS - M2"]
["SEINFRA","MAO DE OBRA",null,null,"Unidade","Coeficiente","Preço","Total"]
["SEINFRA","I2543",{"v":0.4,"d":"0.4000"},"SERVENTE","H",{"v":0.4,"d":"0.4000"},{"v":4.88,"d":"4.8800"},{"v":1.9520000000000002,"d":"1.9520"}]
["SEINFRA",{"$nulls":5},"Total:",{"v":1.952,"d":"1.9520"}]
["SEINFRA","MATERIAIS"]
["SEINFRA","I0052",{"v":0.2,"d":"0.2000"},"AMONIA","L",{"v":0.2,"d":"0.2000"},{"v":3,"d":"3.0000"},{"v":0.6000000000000001,"d":"0.6000"}]
["SEINFRA","I0154",{"v":0.14,"d":"0.1400"},"ÁCIDO MURIÁTICO","L",{"v":0.14,"d":"0.1400"},{"v":3.12,"d":"3.1200"},0.4368]
["SEINFRA",{"$nulls":5},"Total:",1.0368]
["SEINFRA",{"$nulls":4},"Total Simples:",null,{"v":2.9888000000000003,"d":"2.99"}]
["SEINFRA",{"$nulls":4},"Encargos Sociais:",null,2.27]
["SEINFRA",{"$nulls":4},"Valor BDI:",null,{"v":0,"d":"0.00"}]
["SEINFRA",{"$nulls":4},"Valor Geral:",null,{"v":5.2596,"d":"5.26"}]
["SEINFRA","C1622 - LIGAÇÃO PROVISÓRIA DE ÁGUA E SANITÁRIO - UN"]
["SEINFRA","MAO DE OBRA",null,null,"Unidade","Coeficiente","Preço","Total"]
["SEINFRA","I0043",{"v":4,"d":"4.0000"},"AJUDANTE DE ENCANADOR","H",{"v":4,"d":"4.0000"},{"v":5.6,"d":"5.6000"},{"v":22.4,"d":"22.4000"}]
["SEINFRA","I0498",{"v":8,"d":"8.0000"},"CARPINTEIRO","H",{"v":8,"d":"8.0000"},{"v":7.2,"d":"7.2000"},{"v":57.6,"d":"57.6000"}]
["SEINFRA","I2320",{"v":8,"d":"8.0000"},"ENCANADOR","H",{"v":8,"d":"8.0000"},{"v":7.2,"d":"7.2000"},{"v":57.6,"d":"57.6000"}]
["SEINFRA","I2391",{"v":8,"d":"8.0000"},"PEDREIRO","H",{"v":8,"d":"8.0000"},{"v":7.2,"d":"7.2000"},{"v":57.6,"d":"57.6000"}]
["SEINFRA","I2543",{"v":8.12,"d":"8.1200"},"SERVENTE","H",{"v":8.12,"d":"8.1200"},{"v":4.88,"d":"4.8800"},39.6256]
["SEINFRA",{"$nulls":5},"Total:",234.8256]
["SEINFRA","MATERIAIS"]
["SEINFRA","I0109",0.0189,"AREIA MEDIA","M3",0.0189,{"v":46,"d":"46.0000"},0.8694]
["SEINFRA","I0177",{"v":1,"d":"1.0000"},"BACIA TURCA DE LOUÇA COM SIFÃO INTEGRADO","UN",{"v":1,"d":"1.0000"},{"v":166.5,"d":"166.5000"},{"v":166.5,"d":"166.5000"}]
["SEINFRA","I0409",{"v":1,"d":"1.0000"},"CAIXA D'AGUA DE FIBROCIMENTO DE 1000 L, COM TAMPA","UN",{"v":1,"d":"1.0000"},{"v":297.91,"d":"297.9100"},{"v":297.91,"d":"297.9100"}]
["SEINFRA","I1691",{"v":25,"d":"25.0000"},"PONTALETE / BARROTE DE 3\"x3\"","M",{"v":25,"d":"25.0000"},{"v":14.79,"d":"14.7900"},{"v":369.75,"d":"369.7500"}]
["SEINFRA","I1725",{"v":1,"d":"1.0000"},"PREGO 15X15","KG",{"v":1,"d":"1.0000"},{"v":9.4,"d":"9.4000"},{"v":9.4,"d":"9.4000"}]
["SEINFRA","I1916",{"v":8,"d":"8.0000"},"TABUA DE 1\" DE 3A. - L = 30cm","M",{"v":8,"d":"8.0000"},{"v":6.18,"d":"6.1800"},{"v":49.44,"d":"49.4400"}]
["SEINFRA","I2082",{"v":30,"d":"30.0000"},"TIJOLO MACIÇO COMUM","UN",{"v":30,"d":"30.0000"},{"v":0.25,"d":"0.2500"},{"v":7.5,"d":"7.5000"}]
["SEINFRA","I2161",{"v":5,"d":"5.0000"},"TUBO CERÂMICO DE 100MM","M",{"v":5,"d":"5.0000"},{"v":10.88,"d":"10.8800"},{"v":54.4,"d":"54.4000"}]
["SEINFRA","I2167",{"v":30,"d":"30.0000"},"TUBO AÇO GALVANIZADO DE 20MM (3/4')","M",{"v":30,"d":"30.0000"},{"v":10.5,"d":"10.5000"},{"v":315,"d":"315.0000"}]
["SEINFRA","I2943",{"v":1,"d":"1.0000"},"HIDROM TIPO TAQUIMÉTRICO 3 m3/h, 3/4\"- COMPLETO","UN",{"v":1,"d":"1.0000"},{"v":68.3,"d":"68.3000"},{"v":68.3,"d":"68.3000"}]
["SEINFRA",{"$nulls":5},"Total:",{"v":1339.0694,"d":"1,339.0694"}]
["SEINFRA",{"$nulls":4},"Total Simples:",null,{"v":1573.895,"d":"1,573.90"}]
["SEINFRA",{"$nulls":4},"Encargos Sociais:",null,273.18]
["SEINFRA",{"$nulls":4},"Valor BDI:",null,{"v":0,"d":"0.00"}]
["SEINFRA",{"$nulls":4},"Valor Geral:",null,{"v":1847.0676,"d":"1,847.07"}]
["SEINFRA","C1623 - LIMPEZA DE BASE OU LASTRO - M2"]
["SEINFRA","MAO DE OBRA",null,null,"Unidade","Coeficiente","Preço","Total"]
["SEINFRA","I2543",{"v":0.1,"d":"0.1000"},"SERVENTE","H",{"v":0.1,"d":"0.1000"},{"v":4.88,"d":"4.8800"},{"v":0.48800000000000004,"d":"0.4880"}]
["SEINFRA",{"$nulls":5},"Total:",{"v":0.488,"d":"0.4880"}]
["SEINFRA",{"$nulls":4},"Total Simples:",null,{"v":0.48800000000000004,"d":"0.49"}]
["SEINFRA",{"$nulls":4},"Encargos Sociais:",null,0.57]
["SEINFRA",{"$nulls":4},"Valor BDI:",null,{"v":0,"d":"0.00"}]
["SEINFRA",{"$nulls":4},"Valor Geral:",null,{"v":1.0557,"d":"1.06"}]
["SEINFRA","C1609 - LASTRO DE CONCRETO INCLUINDO PREPARO E LANÇAMENTO - M3"]
["SEINFRA","MAO DE OBRA",null,null,"Unidade","Coeficiente","Preço","Total"]
["SEINFRA","I2391",{"v":2,"d":"2.0000"},"PEDREIRO","H",{"v":2,"d":"2.0000"},{"v":7.2,"d":"7.2000"},{"v":14.4,"d":"14.4000"}]
["SEINFRA","I2543",{"v":16,"d":"16.0000"},"SERVENTE","H",{"v":16,"d":"16.0000"},{"v":4.88,"d":"4.8800"},{"v":78.08,"d":"78.0800"}]
["SEINFRA",{"$nulls":5},"Total:",{"v":92.48,"d":"92.4800"}]
["SEINFRA","MATERIAIS"]
["SEINFRA","I0109",{"v":0.698,"d":"0.6980"},"AREIA MEDIA","M3",{"v":0.698,"d":"0.6980"},{"v":46,"d":"46.0000"},{"v":32.108,"d":"32.1080"}]
["SEINFRA","I0280",{"v":0.878,"d":"0.8780"},"BRITA","M3",{"v":0.878,"d":"0.8780"},{"v":56,"d":"56.0000"},{"v":49.168,"d":"49.1680"}]
["SEINFRA","I0805",{"v":220,"d":"220.0000"},"CIMENTO PORTLAND","KG",{"v":220,"d":"220.0000"},{"v":0.5,"d":"0.5000"},{"v":110,"d":"110.0000"}]
["SEINFRA",{"$nulls":5},"Total:",{"v":191.276,"d":"191.2760"}]
["SEINFRA",{"$nulls":4},"Total Simples:",null,{"v":283.756,"d":"283.76"}]
["SEINFRA",{"$nulls":4},"Encargos Sociais:",null,107.58]
["SEINFRA",{"$nulls":4},"Valor BDI:",null,{"v":0,"d":"0.00"}]
["SEINFRA",{"$nulls":4},"Valor Geral:",null,{"v":391.338,"d":"391.34"}]
["SEINFRA","C1608 - LASTRO DE CONCRETO IMPERMEABILIZADO E=8CM - M2"]
["SEINFRA","EQUIPAMENTOS (CHORARIO)",null,null,"Unidade","Coeficiente","Preço","Total"]
["SEINFRA","I0682",{"v":0.057,"d":"0.0570"},"BETONEIRA ELÉTRICA 580L (CHP)","H",{"v":0.057,"d":"0.0570"},{"v":13.8267832,"d":"13.8268"},{"v":0.7881266424000001,"d":"0.7881"}]
["SEINFRA",{"$nulls":5},"Total:",0.7881]
["SEINFRA","MAO DE OBRA"]
["SEINFRA","I2391",{"v":0.5,"d":"0.5000"},"PEDREIRO","H",{"v":0.5,"d":"0.5000"},{"v":7.2,"d":"7.2000"},{"v":3.6,"d":"3.6000"}]
["SEINFRA","I2543",{"v":1.8,"d":"1.8000"},"SERVENTE","H",{"v":1.8,"d":"1.8000"},{"v":4.88,"d":"4.8800"},{"v":8.784,"d":"8.7840"}]
["SEINFRA",{"$nulls":5},"Total:",{"v":12.384,"d":"12.3840"}]
["SEINFRA","MATERIAIS"]
["SEINFRA","I0109",0.0541,"AREIA MEDIA","M3",0.0541,{"v":46,"d":"46.0000"},2.4886]
["SEINFRA","I0280",0.0702,"BRITA","M3",0.0702,{"v":56,"d":"56.0000"},3.9312]
["SEINFRA","I0805",{"v":18,"d":"18.0000"},"CIMENTO PORTLAND","KG",{"v":18,"d":"18.0000"},{"v":0.5,"d":"0.5000"},{"v":9,"d":"9.0000"}]
["SEINFRA","I1249",{"v":1.6,"d":"1.6000"},"IMPERMEABILIZANTE","KG",{"v":1.6,"d":"1.6000"},{"v":6.5,"d":"6.5000"},{"v":10.4,"d":"10.4000"}]
["SEINFRA",{"$nulls":5},"Total:",25.8198]
["SEINFRA",{"$nulls":4},"Total Simples:",null,{"v":38.9919266424,"d":"38.99"}]
["SEINFRA",{"$nulls":4},"Encargos Sociais:",null,14.89]
["SEINFRA",{"$nulls":4},"Valor BDI:",null,{"v":0,"d":"0.00"}]
["SEINFRA",{"$nulls":4},"Valor Geral:",null,{"v":53.8756266424,"d":"53.88"}]
["SEINFRA","C1602 - LANTERNIM SIMPLES VÃO DE 40m - M2"]
["SEINFRA","MAO DE OBRA",null,null,"Unidade","Coeficiente","Preço","Total"]
["SEINFRA","I0037",{"v":0.46,"d":"0.4600"},"AJUDANTE","H",{"v":0.46,"d":"0.4600"},{"v":5.6,"d":"5.6000"},{"v":2.576,"d":"2.5760"}]
["SEINFRA","I1530",{"v":0.53,"d":"0.5300"},"MONTADOR","H",{"v":0.53,"d":"0.5300"},{"v":7.2,"d":"7.2000"},{"v":3.8160000000000003,"d":"3.8160"}]
["SEINFRA",{"$nulls":5},"Total:",{"v":6.392,"d":"6.3920"}]
["SEINFRA","MATERIAIS"]
["SEINFRA","I0824",{"v":3.6,"d":"3.6000"},"COMPONENTES ESTRUTURAIS DE ACO","KG",{"v":3.6,"d":"3.6000"},{"v":4.6,"d":"4.6000"},{"v":16.56,"d":"16.5600"}]
["SEINFRA",{"$nulls":5},"Total:",{"v":16.56,"d":"16.5600"}]
["SEINFRA",{"$nulls":4},"Total Simples:",null,{"v":22.952,"d":"22.95"}]
["SEINFRA",{"$nulls":4},"Encargos Sociais:",null,7.44]
["SEINFRA",{"$nulls":4},"Valor BDI:",null,{"v":0,"d":"0.00"}]
["SEINFRA",{"$nulls":4},"Valor Geral:",null,{"v":30.387800000000002,"d":"30.39"}]
["SEINFRA","C1603 - LANÇAMENTO E APLICAÇÃO DE CONCRETO C/ ELEVAÇÃO - M3"]
["SEINFRA","MAO DE OBRA",null,null,"Unidade","Coeficiente","Preço","Total"]
["SEINFRA","I2391",{"v":5,"d":"5.0000"},"PEDREIRO","H",{"v":5,"d":"5.0000"},{"v":7.2,"d":"7.2000"},{"v":36,"d":"36.0000"}]
["SEINFRA","I2543",{"v":8,"d":"8.0000"},"SERVENTE","H",{"v":8,"d":"8.0000"},{"v":4.88,"d":"4.8800"},{"v":39.04,"d":"39.0400"}]
["SEINFRA",{"$nulls":5},"Total:",{"v":75.04,"d":"75.0400"}]
["SEINFRA",{"$nulls":4},"Total Simples:",null,75.04]
["SEINFRA",{"$nulls":4},"Encargos Sociais:",null,87.29]
["SEINFRA",{"$nulls":4},"Valor BDI:",null,{"v":0,"d":"0.00"}]
["SEINFRA",{"$nulls":4},"Valor Geral:",null,{"v":162.334,"d":"162.33"}]
["SEINFRA","C1600 - LANTERNIM SIMPLES VÃO DE 20m - M2"]
["SEINFRA","MAO DE OBRA",null,null,"Unidade","Coeficiente","Preço","Total"]
["SEINFRA","I0037",{"v":0.29,"d":"0.2900"},"AJUDANTE","H",{"v":0.29,"d":"0.2900"},{"v":5.6,"d":"5.6000"},{"v":1.6239999999999999,"d":"1.6240"}]
["SEINFRA","I1530",{"v":0.33,"d":"0.3300"},"MONTADOR","H",{"v":0.33,"d":"0.3300"},{"v":7.2,"d":"7.2000"},{"v":2.3760000000000003,"d":"2.3760"}]
["SEINFRA",{"$nulls":5},"Total:",{"v":4,"d":"4.0000"}]
["SEINFRA","MATERIAIS"]
["SEINFRA","I0824",{"v":2.1,"d":"2.1000"},"COMPONENTES ESTRUTURAIS DE ACO","KG",{"v":2.1,"d":"2.1000"},{"v":4.6,"d":"4.6000"},{"v":9.66,"d":"9.6600"}]
["SEINFRA",{"$nulls":5},"Total:",{"v":9.66,"d":"9.6600"}]
["SEINFRA",{"$nulls":4},"Total Simples:",null,13.66]
["SEINFRA",{"$nulls":4},"Encargos Sociais:",null,4.65]
["SEINFRA",{"$nulls":4},"Valor BDI:",null,{"v":0,"d":"0.00"}]
["SEINFRA",{"$nulls":4},"Valor Geral:",null,{"v":18.313200000000002,"d":"18.31"}]
["SEINFRA","C1601 - LANTERNIM SIMPLES VÃO DE 30m - M2"]
["SEINFRA","MAO DE OBRA",null,null,"Unidade","Coeficiente","Preço","Total"]
["SEINFRA","I0037",{"v":0.37,"d":"0.3700"},"AJUDANTE","H",{"v":0.37,"d":"0.3700"},{"v":5.6,"d":"5.6000"},{"v":2.072,"d":"2.0720"}]
["SEINFRA","I1530",{"v":0.43,"d":"0.4300"},"MONTADOR","H",{"v":0.43,"d":"0.4300"},{"v":7.2,"d":"7.2000"},{"v":3.096,"d":"3.0960"}]
["SEINFRA",{"$nulls":5},"Total:",{"v":5.168,"d":"5.1680"}]
["SEINFRA","MATERIAIS"]
["SEINFRA","I0824",{"v":2.7,"d":"2.7000"},"COMPONENTES ESTRUTURAIS DE ACO","KG",{"v":2.7,"d":"2.7000"},{"v":4.6,"d":"4.6000"},{"v":12.420000000000002,"d":"12.4200"}]
["SEINFRA",{"$nulls":5},"Total:",{"v":12.42,"d":"12.4200"}]
["SEINFRA",{"$nulls":4},"Total Simples:",null,{"v":17.588,"d":"17.59"}]
["SEINFRA",{"$nulls":4},"Encargos Sociais:",null,6.01]
["SEINFRA",{"$nulls":4},"Valor BDI:",null,{"v":0,"d":"0.00"}]
["SEINFRA",{"$nulls":4},"Valor Geral:",null,{"v":23.5999,"d":"23.60"}]
["SEINFRA","C1606 - LASTRO DE BRITA ESP.= 10CM, P/CAIXA EM ALVENARIA - M3"]
["SEINFRA","MAO DE OBRA",null,null,"Unidade","Coeficiente","Preço","Total"]
["SEINFRA","I2543",{"v":1,"d":"1.0000"},"SERVENTE","H",{"v":1,"d":"1.0000"},{"v":4.88,"d":"4.8800"},{"v":4.88,"d":"4.8800"}]
["SEINFRA",{"$nulls":5},"Total:",{"v":4.88,"d":"4.8800"}]
["SEINFRA","MATERIAIS"]
["SEINFRA","I0280",{"v":1.2,"d":"1.2000"},"BRITA","M3",{"v":1.2,"d":"1.2000"},{"v":56,"d":"56.0000"},{"v":67.2,"d":"67.2000"}]
["SEINFRA",{"$nulls":5},"Total:",{"v":67.2,"d":"67.2000"}]
["SEINFRA",{"$nulls":4},"Total Simples:",null,72.08]
["SEINFRA",{"$nulls":4},"Encargos Sociais:",null,5.68]
["SEINFRA",{"$nulls":4},"Valor BDI:",null,{"v":0,"d":"0.00"}]
["SEINFRA",{"$nulls":4},"Valor Geral:",null,{"v":77.7569,"d":"77.76"}]
["SEINFRA","C1607 - LASTRO DE CONCRETO IMPERMEABILIZADO E=6CM - M2"]
["SEINFRA","MAO DE OBRA",null,null,"Unidade","Coeficiente","Preço","Total"]
["SEINFRA","I2391",{"v":0.4,"d":"0.4000"},"PEDREIRO","H",{"v":0.4,"d":"0.4000"},{"v":7.2,"d":"7.2000"},{"v":2.8800000000000003,"d":"2.8800"}]
["SEINFRA","I2543",{"v":1.16,"d":"1.1600"},"SERVENTE","H",{"v":1.16,"d":"1.1600"},{"v":4.88,"d":"4.8800"},5.6608]
["SEINFRA",{"$nulls":5},"Total:",8.5408]
["SEINFRA","MATERIAIS"]
["SEINFRA","I0109",0.0406,"AREIA MEDIA","M3",0.0406,{"v":46,"d":"46.0000"},1.8676]
["SEINFRA","I0280",0.0527,"BRITA","M3",0.0527,{"v":56,"d":"56.0000"},2.9512]
["SEINFRA","I0805",{"v":13,"d":"13.0000"},"CIMENTO PORTLAND","KG",{"v":13,"d":"13.0000"},{"v":0.5,"d":"0.5000"},{"v":6.5,"d":"6.5000"}]
["SEINFRA","I1249",{"v":1.2,"d":"1.2000"},"IMPERMEABILIZANTE","KG",{"v":1.2,"d":"1.2000"},{"v":6.5,"d":"6.5000"},{"v":7.8,"d":"7.8000"}]
["SEINFRA",{"$nulls":5},"Total:",19.1188]
["SEINFRA",{"$nulls":4},"Total Simples:",null,{"v":27.659599999999998,"d":"27.66"}]
["SEINFRA",{"$nulls":4},"Encargos Sociais:",null,9.94]
["SEINFRA",{"$nulls":4},"Valor BDI:",null,{"v":0,"d":"0.00"}]
["SEINFRA",{"$nulls":4},"Valor Geral:",null,{"v":37.5951,"d":"37.60"}]
["SEINFRA","C1604 - LANÇAMENTO E APLICAÇÃO DE CONCRETO S/ ELEVAÇÃO - M3"]
["SEINFRA","MAO DE OBRA",null,null,"Unidade","Coeficiente","Preço","Total"]
["SEINFRA","I2391",{"v":2,"d":"2.0000"},"PEDREIRO","H",{"v":2,"d":"2.0000"},{"v":7.2,"d":"7.2000"},{"v":14.4,"d":"14.4000"}]
["SEINFRA","I2543",{"v":6,"d":"6.0000"},"SERVENTE","H",{"v":6,"d":"6.0000"},{"v":4.88,"d":"4.8800"},{"v":29.28,"d":"29.2800"}]
["SEINFRA",{"$nulls":5},"Total:",{"v":43.68,"d":"43.6800"}]
["SEINFRA",{"$nulls":4},"Total Simples:",null,43.68]
["SEINFRA",{"$nulls":4},"Encargos Sociais:",null,50.81]
["SEINFRA",{"$nulls":4},"Valor BDI:",null,{"v":0,"d":"0.00"}]
["SEINFRA",{"$nulls":4},"Valor Geral:",null,{"v":94.4929,"d":"94.49"}]
["SEINFRA","C1605 - LASTRO DE BRITA  APILOADO MANUALMENTE - M3"]
["SEINFRA","MAO DE OBRA",null,null,"Unidade","Coeficiente","Preço","Total"]
["SEINFRA","I2543",{"v":2.5,"d":"2.5000"},"SERVENTE","H",{"v":2.5,"d":"2.5000"},{"v":4.88,"d":"4.8800"},{"v":12.2,"d":"12.2000"}]
["SEINFRA",{"$nulls":5},"Total:",{"v":12.2,"d":"12.2000"}]
["SEINFRA","MATERIAIS"]
["SEINFRA","I0280",{"v":1.2,"d":"1.2000"},"BRITA","M3",{"v":1.2,"d":"1.2000"},{"v":56,"d":"56.0000"},{"v":67.2,"d":"67.2000"}]
["SEINFRA",{"$nulls":5},"Total:",{"v":67.2,"d":"67.2000"}]
["SEINFRA",{"$nulls":4},"Total Simples:",null,{"v":79.39999999999999,"d":"79.40"}]
["SEINFRA",{"$nulls":4},"Encargos Sociais:",null,14.19]
["SEINFRA",{"$nulls":4},"Valor BDI:",null,{"v":0,"d":"0.00"}]
[{"$nulls":5},"Valor Geral:",null,{"v":93.5923,"d":"93.59"}]

{"sheet":"SEINFRA-INSU","index":7,"n_rows":7387,"n_cols":10,"rows_kept":7387,"hidden":true,"merged":[[0,0,0,4],[1,0,1,4]]}
["Tabela de Preço de Insumos"]
["024"]
["Insumo","Descrição","Unidade","SEM ENCARGOS","COM ENCARGOS"]
["I7501","10 SLOTS CHASSIS MODULAR HARDWARE STYLE , MOD. 1746-A10AB","UN",{"v":1537.41,"d":"1,537.41"},null,null,{"$f":"D4","v":{"v":1537.41,"d":"1,537.41"}}]
["I7447","5/03 RS-232 ROGRAMMER CABLE 3m, MOD. 1747-CP3 AB","UN",67.26,null,null,{"$f":"D5","v":67.26}]
["I8222","ABÓBADA DE POLICARBONATO TRANSPARENTE","M2",597.48,null,null,597.48]
["I6472","ABRAÇADEIRA PARA POSTE DE CONCRETO DUPLO \"T\"","UN",6.01,null,null,6.01]
["I6700","ABRAÇADEIRAS EM FERRO BARRA CHATA 1/4\" PINTURA EPOXI C/PARAFUSOS","UN",{"v":36.4,"d":"36.40"},null,null,{"v":36.4,"d":"36.40"}]
["I0003","ABRIGO P/ HIDRANTE 60 X 90 X 17CM","UN",296.67,null,null,296.67]
["I0004","ABRIGO PRÉ-MOLDADO CONCRETO (FORNECIMENTO/ASSENTAMENTO)","UN",{"v":4685,"d":"4,685.00"},null,null,{"v":4685,"d":"4,685.00"}]
["I7443","AC INPUT MODULE FOR PLC, MOD. 1746-IA16 AB WITH16 CHANNELS","UN",916.71,null,null,916.71]
["I8560","ACELERADOR DE COBALTO 6%","L",{"v":57.6,"d":"57.60"},null,null,{"v":57.6,"d":"57.60"}]
["I7438","ACESSÓRIOS DE BAIXA TENSÃO","CJ",357.45,null,null,357.45]
["I7428","ACESSÓRIOS DE MÉDIA TENSÃO","CJ",{"v":3717.53,"d":"3,717.53"},null,null,{"v":3717.53,"d":"3,717.53"}]
["I8198","ACESSÓRIOS P/ TRILHO -100","KG",6.79,null,null,6.79]
["I8258","ACESSÓRIOS PARA UNIDADE DE PESAGEM (FAROL LUMINOSO, SENSORES DE POSIÇÃO, SOFTWARE DE CONFIGURAÇÃO, CABOS, ETC)","CJ",{"v":21963.05,"d":"21,963.05"},null,null,{"v":21963.05,"d":"21,963.05"}]
["I7469","ACETILENO","KG",37.74,null,null,37.74]
["I0154","ÁCIDO MURIÁTICO","L",3.12,null,null,3.12]
["I0005","ACIONAD.MANUAL, TIPO QUEBRE O VIDRO, MOD. EUROTRON","UN",35.37,null,null,35.37]
["I0157","AÇO CA-25","KG",4.06,null,null,4.06]
["I0163","AÇO CA-50","KG",3.96,null,null,3.96]
["I7952","AÇO CA-50/60","KG",4.05,null,null,4.05]
["I0169","AÇO CA-60","KG",4.14,null,null,4.14]
["I0006","ADAPTADOR - 65X65MM (2 1/2X2 1/2'')","UN",60.87,null,null,60.87]
["I2898","ADAPTADOR PARA POLIETILENO 20 x 1/2\"","UN",2.41,null,null,2.41]
["I2899","ADAPTADOR PARA POLIETILENO 20 x 3/4\"","UN",2.49,null,null,2.49]
["I2900","ADAPTADOR PARA POLIETILENO 32 x 1\"","UN",4.61,null,null,4.61]
["I3082","ADAPTADOR PBA  PONTA / ROSCA DN 75","UN",20.06,null,null,20.06]
["I3085","ADAPTADOR PBA / BOLSA DEFoFo JE DN 100","UN",55.34,null,null,55.34]
["I3083","ADAPTADOR PBA / BOLSA DEFoFo JE DN 50","UN",{"v":14.6,"d":"14.60"},null,null,{"v":14.6,"d":"14.60"}]
["I3084","ADAPTADOR PBA / BOLSA DEFoFo JE DN 75","UN",32.39,null,null,32.39]
["I3088","ADAPTADOR PBA / LUVA DE FIBROCIMENTO DN 100","UN",38.33,null,null,38.33]
["I3086","ADAPTADOR PBA / LUVA DE FIBROCIMENTO DN 50","UN",{"v":28.5,"d":"28.50"},null,null,{"v":28.5,"d":"28.50"}]
["I3087","ADAPTADOR PBA / LUVA DE FIBROCIMENTO DN 75","UN",{"v":43,"d":"43.00"},null,null,{"v":43,"d":"43.00"}]
["I3078","ADAPTADOR PBA BOLSA / ROSCA DN 50","UN",{"v":9.7,"d":"9.70"},null,null,{"v":9.7,"d":"9.70"}]
["I3079","ADAPTADOR PBA BOLSA / ROSCA DN 75","UN",{"v":26,"d":"26.00"},null,null,{"v":26,"d":"26.00"}]
["I3080","ADAPTADOR PBA BOLSA/ ROSCA DN 100","UN",{"v":40,"d":"40.00"},null,null,{"v":40,"d":"40.00"}]
["I3081","ADAPTADOR PBA PONTA / ROSCA DN 50","UN",9.47,null,null,9.47]
["I6846","ADAPTADOR PBS BOLSA ROSCA 150mm x 6'","UN",110.32,null,null,110.32]
["I0007","ADAPTADOR PVC P/SIFÃO 1 1/4''X40MM","UN",{"v":1.6,"d":"1.60"},null,null,{"v":1.6,"d":"1.60"}]
["I6722","ADAPTADOR PVC REGISTRO 25MM (3/4\")","UN",{"v":1,"d":"1.00"},null,null,{"v":1,"d":"1.00"}]
["I6723","ADAPTADOR PVC REGISTRO 32MM (1\")","UN",1.58,null,null,1.58]
["I6724","ADAPTADOR PVC REGISTRO 40MM (1 1/4\")","UN",3.05,null,null,3.05]
["I6725","ADAPTADOR PVC REGISTRO 50MM (1 1/2\")","UN",3.51,null,null,3.51]
["I6726","ADAPTADOR PVC REGISTRO 60MM (2\")","UN",9.24,null,null,9.24]
["I0008","ADAPTADOR PVC REGISTRO 75MM (2 1/2'')","UN",{"v":14.8,"d":"14.80"},null,null,{"v":14.8,"d":"14.80"}]
["I0009","ADAPTADOR PVC REGISTRO 85MM (3'')","UN",{"v":24,"d":"24.00"},null,null,{"v":24,"d":"24.00"}]
["I0010","ADAPTADOR PVC SOLD. FLANGES LIVRES P/CX. D'ÁGUA 110MM","UN",246.63,null,null,246.63]
["I0011","ADAPTADOR PVC SOLD. FLANGES LIVRES P/CX. D'ÁGUA 20MM","UN",{"v":8.8,"d":"8.80"},null,null,{"v":8.8,"d":"8.80"}]
["I0012","ADAPTADOR PVC SOLD. FLANGES LIVRES P/CX. D'ÁGUA 25MM","UN",10.93,null,null,10.93]
["I0013","ADAPTADOR PVC SOLD. FLANGES LIVRES P/CX. D'ÁGUA 32MM","UN",{"v":14.7,"d":"14.70"},null,null,{"v":14.7,"d":"14.70"}]
["I0014","ADAPTADOR PVC SOLD. FLANGES LIVRES P/CX. D'ÁGUA 40MM","UN",{"v":22,"d":"22.00"},null,null,{"v":22,"d":"22.00"}]
["I0015","ADAPTADOR PVC SOLD. FLANGES LIVRES P/CX. D'ÁGUA 50MM","UN",24.49,null,null,24.49]
["I0016","ADAPTADOR PVC SOLD. FLANGES LIVRES P/CX. D'ÁGUA 60MM","UN",36.32,null,null,36.32]
["I0017","ADAPTADOR PVC SOLD. FLANGES LIVRES P/CX. D'ÁGUA 75MM","UN",{"v":132.9,"d":"132.90"},null,null,{"v":132.9,"d":"132.90"}]
["I0018","ADAPTADOR PVC SOLD. FLANGES LIVRES P/CX. D'ÁGUA 85MM","UN",{"v":200,"d":"200.00"},null,null,{"v":200,"d":"200.00"}]
["I0019","ADAPTADOR PVC SOLDAVEL CURTO LR P/REG. 25x3/4\"","UN",{"v":1,"d":"1.00"},null,null,{"v":1,"d":"1.00"}]
["I6267","ADAPTADOR SOLDÁVEL BOLSA/ROSCA DN 60mmX2\"","UN",{"v":5.6,"d":"5.60"},null,null,{"v":5.6,"d":"5.60"}]
["I0020","ADAPTADOR SOLDAVEL C/FLANGE P/CX D'ÁGUA 32x1\"","UN",14.41,null,null,14.41]
["I8367","ADAPTER CABLE, CAT. \"6\" DE 2,50m","UN",9.53,null,null,9.53]
["I0021","ADESIVO 90ML","UN",{"v":3.6,"d":"3.60"},null,null,{"v":3.6,"d":"3.60"}]
["I0022","ADESIVO A BASE ASF.E ELAST.EMULS.P/ ADER.MANTAS","KG",8.09,null,null,8.09]
["I0023","ADESIVO AUTO VULCANIZANTE","L",26.87,null,null,26.87]
["I0024","ADESIVO DE CONTATO","KG",{"v":8.6,"d":"8.60"},null,null,{"v":8.6,"d":"8.60"}]
["I0025","ADESIVO HIDRO-ASFALTICO","L",3.84,null,null,3.84]
["I0026","ADESIVO PARA TUBO DE PVC RIGIDO","KG",38.25,null,null,38.25]
["I0027","ADITIVO EXPANSOR","L",{"v":12.1,"d":"12.10"},null,null,{"v":12.1,"d":"12.10"}]
["I0028","ADITIVO HIDROFUGO","KG",3.83,null,null,3.83]
["I8423","ADITIVO LÍQUIDO CONTROLADOR DE RUPTURA","KG",4.32,null,null,{"$f":"D69","v":4.32}]
["I6801","ADITIVO PLASTIFICANTE DENSIFICADOR E RETARDADOR DE PEGA","KG",5.31,null,null,5.31]
["I0029","ADITIVO PLASTIMENT BV-40","L",4.85,null,null,4.85]
["I0030","ADUBO MINERAL (10-10-10NPK)","KG",{"v":3,"d":"3.00"},null,null,{"v":3,"d":"3.00"}]
["I0031","ADUBO ORGANICO CURTIDO (ESTERCO)","M3",{"v":142,"d":"142.00"},null,null,{"v":142,"d":"142.00"}]
["I6310","AERADOR DE BANDEJAS EM FYBERGLASS CAPACIDADE DE 11,1 à 19,0 l/s","UN",{"v":66944.24,"d":"66,944.24"},null,null,{"v":66944.24,"d":"66,944.24"}]
["I6311","AERADOR DE BANDEJAS EM FYBERGLASS CAPACIDADE DE 19,1 à 32,0 l/s","UN",{"v":88877.69,"d":"88,877.69"},null,null,{"v":88877.69,"d":"88,877.69"}]
["I6312","AERADOR DE BANDEJAS EM FYBERGLASS CAPACIDADE DE 32,1 à 50,0 l/s","UN",{"v":110780.09,"d":"110,780.09"},null,null,{"v":110780.09,"d":"110,780.09"}]
["I6309","AERADOR DE BANDEJAS EM FYBERGLASS CAPACIDADE DE 5,1 à 11,0 l/s","UN",{"v":56741.84,"d":"56,741.84"},null,null,{"v":56741.84,"d":"56,741.84"}]
["I6313","AERADOR DE BANDEJAS EM FYBERGLASS CAPACIDADE DE 50,10 à 72,0 l/s","UN",{"v":133793,"d":"133,793.00"},null,null,{"v":133793,"d":"133,793.00"}]
["I6308","AERADOR DE BANDEJAS EM FYBERGLASS CAPACIDADE DE ATÉ 5,0 l/s","UN",{"v":36268.66,"d":"36,268.66"},null,null,{"v":36268.66,"d":"36,268.66"}]
["I0032","AFASTADOR FIBROCIMENTO (CANALETE 90)","UN",3.98,null,null,3.98]
["I0033","AGLUTINANTE ORGANO-SINTETICO","L",9.18,null,null,9.18]
["I0034","AGREGADO DE ALTA RESISTÊNCIA PARA PISOS","KG",0.41,null,null,0.41]
["I2294","ÁGUA","M3",{"v":4.2,"d":"4.20"},null,null,{"v":4.2,"d":"4.20"}]
["I0035","AGUARRAZ MINERAL","L",10.46,null,null,10.46]
["I0036","AGULHA 125 PARA SACO","UN",0.85,null,null,0.85]
["I0037","AJUDANTE","H",{"v":5.6,"d":"5.60"},{"v":12.1145,"d":"12.11"},"MO",{"$f":"E86","v":{"v":12.1145,"d":"12.11"}}]
["I0039","AJUDANTE DE APLICADOR DE IMPERMEABILIZAÇÃO","H",{"v":5.6,"d":"5.60"},{"v":12.1145,"d":"12.11"},"MO",{"$f":"E87","v":{"v":12.1145,"d":"12.11"}}]
["I0040","AJUDANTE DE ARMADOR/FERREIRO","H",{"v":5.6,"d":"5.60"},{"v":12.1145,"d":"12.11"},"MO",{"v":12.1145,"d":"12.11"}]
["I0041","AJUDANTE DE CARPINTEIRO","H",{"v":5.6,"d":"5.60"},{"v":12.1145,"d":"12.11"},"MO",{"v":12.1145,"d":"12.11"}]
["I0042","AJUDANTE DE ELETRICISTA","H",{"v":5.6,"d":"5.60"},{"v":12.1145,"d":"12.11"},"MO",{"v":12.1145,"d":"12.11"}]
["I0043","AJUDANTE DE ENCANADOR","H",{"v":5.6,"d":"5.60"},{"v":12.1145,"d":"12.11"},"MO",{"v":12.1145,"d":"12.11"}]
["I0044","AJUDANTE DE GRANITEIRO/MARMORISTA","H",{"v":5.6,"d":"5.60"},{"v":12.1145,"d":"12.11"},"MO",{"v":12.1145,"d":"12.11"}]
["I0045","AJUDANTE DE PINTOR","H",{"v":5.6,"d":"5.60"},{"v":12.1145,"d":"12.11"},"MO",{"v":12.1145,"d":"12.11"}]
["I0046","AJUDANTE DE SERRALHEIRO","H",{"v":5.6,"d":"5.60"},{"v":12.1145,"d":"12.11"},"MO",{"v":12.1145,"d":"12.11"}]
["I0047","AJUDANTE DE TELHADISTA","H",{"v":5.6,"d":"5.60"},{"v":12.1145,"d":"12.11"},"MO",{"v":12.1145,"d":"12.11"}]
["I7452","ALARME SONORO/VISUAL, SIRENE 120 dB, COM ACIONADOR MANUAL, ALIMENTAÇÃO 220 VAC","UN",{"v":224.4,"d":"224.40"},null,null,{"$f":"D96","v":{"v":224.4,"d":"224.40"}}]
["I8212","ALÇA PREFORMADA DE DISTRIBUIÇÃO PARA CONDUTOR DE ALUMÍNIO 2,0 AWG","UN",3.95,null,null,{"$f":"D97","v":3.95}]
["I8213","ALÇA PREFORMADA DE DISTRIBUIÇÃO PARA CONDUTOR DE COBRE 2,0 AWG","UN",21.49,null,null,{"$f":"D98","v":21.49}]
["I0048","ALFANGISTA","H",4.88,{"v":10.5569,"d":"10.56"},"MO",{"$f":"E99","v":{"v":10.5569,"d":"10.56"}}]
["I8268","ALIZAR DE MADEIRA L = 5 cm","M",{"v":3,"d":"3.00"},null,null,{"$f":"D100","v":{"v":3,"d":"3.00"}}]
["I8600","ALMOXARIFE (COM ENCARGOS INCLUSOS)","HxMÊS",null,{"v":3734.51,"d":"3,734.51"},"MO",{"$f":"E101","v":{"v":3734.51,"d":"3,734.51"}}]
["I8973","ALUGUEL DE EQUIPAMENTO PARA COLETA DE DADOS, DO TIPO \"TABLET\", COM SISTEMA OPERACIONAL ANDROID 4.2 OU VERSÃO SUPERIOR","H",0.49,null,null,{"$f":"D102","v":0.49}]
["I6787","ALUMINIO CORRUGADO","M2",14.39,null,null,{"$f":"D103","v":14.39}]
["I0050","ALUMINIO ESTRUTURAL USINADO PARA ESTRUTURA","KG",{"v":23.2,"d":"23.20"},null,null,{"v":23.2,"d":"23.20"}]
["I0052","AMONIA","L",{"v":3,"d":"3.00"},null,null,{"v":3,"d":"3.00"}]
["I0053","AMPERIMETRO ( 72 X 72 )MM - ESC. 0 - 250A","UN",{"v":86.4,"d":"86.40"},null,null,{"v":86.4,"d":"86.40"}]
["I0054","AMPERIMETRO (144 X 144)MM - ESC. 0 - 100A","UN",{"v":190.8,"d":"190.80"},null,null,{"v":190.8,"d":"190.80"}]
["I0055","AMPERIMETRO (96 X 96)MM - ESC. 0 A 500A","UN",119.11,null,null,119.11]
["I7448","ANALOG INPUT 4 CHANNEL CARD FOR PLC, MOD. 1746-N14 AB","UN",{"v":1876.42,"d":"1,876.42"},null,null,{"v":1876.42,"d":"1,876.42"}]
["I0056","ANCORAGEM ATIVA PARA CABO COM 1 CORDOALHA DE 12.7mm","UN",41.99,null,null,41.99]
["I0057","ANCORAGEM ATIVA PARA CABO COM 12 CORDOALHA DE 12.7mm","UN",434.51,null,null,434.51]
["I0058","ANCORAGEM ATIVA PARA CABO COM 2 CORDOALHAS DE 12,7mm","UN",66.58,null,null,66.58]
["I0059","ANCORAGEM ATIVA PARA CABO COM 4 CORDOALHA DE 12,7mm","UN",122.51,null,null,122.51]
["I0060","ANCORAGEM ATIVA PARA CABO COM 6 CORDOALHA DE 12.7mm","UN",204.62,null,null,204.62]
["I0061","ANCORAGEM ATIVA PARA CABO COM 7 CORDOALHA DE 12.7mm","UN",{"v":237.5,"d":"237.50"},null,null,{"v":237.5,"d":"237.50"}]
["I0062","ANCORAGEM PASSIVA PARA CABO COM 1 CORDOALHA DE 12.7mm","UN",11.67,null,null,11.67]
["I0063","ANCORAGEM PASSIVA PARA CABO COM 12 CORDOALHA DE 12.7mm","UN",{"v":101.5,"d":"101.50"},null,null,{"v":101.5,"d":"101.50"}]
["I0064","ANCORAGEM PASSIVA PARA CABO COM 2 CORDOALHA DE 12.7mm","UN",11.67,null,null,11.67]
["I0065","ANCORAGEM PASSIVA PARA CABO COM 4 CORDOALHA DE 12.7mm","UN",{"v":29,"d":"29.00"},null,null,{"v":29,"d":"29.00"}]
["I0066","ANCORAGEM PASSIVA PARA CABO COM 6 CORDOALHA DE 12.7mm","UN",48.33,null,null,48.33]
["I0067","ANCORAGEM PASSIVA PARA CABO COM 7 CORDOALHA DE 12.7mm","UN",72.49,null,null,72.49]
["I7947","ANDAIME METÁLICO DE ENCAIXE","M3xMÊS",{"v":2,"d":"2.00"},null,null,{"$f":"D122","v":{"v":2,"d":"2.00"}}]
["I0068","ANDAIME METALICO DE FACHADA - LOCAÇÃO","M2",5.77,null,null,{"$f":"D123","v":5.77}]
["I8216","ANEL BORRACHA P/ FoFo JUNTA ELÁSTICA DN 100 P/ ÁGUA","UN",13.96,null,null,13.96]
["I4159","ANEL BORRACHA P/ FoFo JUNTA ELÁSTICA DN 100 P/ ESGOTO","UN",24.55,null,null,24.55]
["I6409","ANEL BORRACHA P/ FoFo JUNTA ELÁSTICA DN 1000 P/ ÁGUA","UN",434.88,null,null,434.88]
["I4172","ANEL BORRACHA P/ FoFo JUNTA ELÁSTICA DN 1000 P/ ESGOTO","UN",{"v":1024.72,"d":"1,024.72"},null,null,{"v":1024.72,"d":"1,024.72"}]
["I6417","ANEL BORRACHA P/ FoFo JUNTA ELÁSTICA DN 1200 P/ ÁGUA","UN",{"v":698.4,"d":"698.40"},null,null,{"v":698.4,"d":"698.40"}]
["I4173","ANEL BORRACHA P/ FoFo JUNTA ELÁSTICA DN 1200 P/ ESGOTO","UN",{"v":2062.27,"d":"2,062.27"},null,null,{"v":2062.27,"d":"2,062.27"}]
["I8217","ANEL BORRACHA P/ FoFo JUNTA ELÁSTICA DN 150 P/ ÁGUA","UN",19.23,null,null,19.23]
["I4160","ANEL BORRACHA P/ FoFo JUNTA ELÁSTICA DN 150 P/ ESGOTO","UN",{"v":46.9,"d":"46.90"},null,null,{"v":46.9,"d":"46.90"}]
["I8218","ANEL BORRACHA P/ FoFo JUNTA ELÁSTICA DN 200 P/ ÁGUA","UN",24.53,null,null,24.53]
["I4161","ANEL BORRACHA P/ FoFo JUNTA ELÁSTICA DN 200 P/ ESGOTO","UN",{"v":92.1,"d":"92.10"},null,null,{"v":92.1,"d":"92.10"}]
["I8219","ANEL BORRACHA P/ FoFo JUNTA ELÁSTICA DN 250 P/ ÁGUA","UN",31.77,null,null,31.77]
["I4162","ANEL BORRACHA P/ FoFo JUNTA ELÁSTICA DN 250 P/ ESGOTO","UN",113.52,null,null,113.52]
["I8220","ANEL BORRACHA P/ FoFo JUNTA ELÁSTICA DN 300 P/ ÁGUA","UN",45.36,null,null,45.36]
["I4163","ANEL BORRACHA P/ FoFo JUNTA ELÁSTICA DN 300 P/ ESGOTO","UN",{"v":127.1,"d":"127.10"},null,null,{"v":127.1,"d":"127.10"}]
["I8221","ANEL BORRACHA P/ FoFo JUNTA ELÁSTICA DN 350 P/ ÁGUA","UN",71.33,null,null,71.33]
["I4164","ANEL BORRACHA P/ FoFo JUNTA ELÁSTICA DN 350 P/ ESGOTO","UN",134.16,null,null,134.16]
["I6400","ANEL BORRACHA P/ FoFo JUNTA ELÁSTICA DN 400 P/ ÁGUA","UN",62.47,null,null,62.47]
["I4165","ANEL BORRACHA P/ FoFo JUNTA ELÁSTICA DN 400 P/ ESGOTO","UN",162.63,null,null,162.63]
["I6402","ANEL BORRACHA P/ FoFo JUNTA ELÁSTICA DN 450 P/ ÁGUA","UN",{"v":97.9,"d":"97.90"},null,null,{"v":97.9,"d":"97.90"}]
["I4166","ANEL BORRACHA P/ FoFo JUNTA ELÁSTICA DN 450 P/ ESGOTO","UN",195.56,null,null,195.56]
["I4157","ANEL BORRACHA P/ FoFo JUNTA ELÁSTICA DN 50 P/ ESGOTO","UN",2.17,null,null,2.17]
["I6403","ANEL BORRACHA P/ FoFo JUNTA ELÁSTICA DN 500 P/ ÁGUA","UN",93.88,null,null,93.88]
["I4167","ANEL BORRACHA P/ FoFo JUNTA ELÁSTICA DN 500 P/ ESGOTO","UN",256.46,null,null,256.46]
["I6404","ANEL BORRACHA P/ FoFo JUNTA ELÁSTICA DN 600 P/ ÁGUA","UN",123.16,null,null,123.16]
["I4168","ANEL BORRACHA P/ FoFo JUNTA ELÁSTICA DN 600 P/ ESGOTO","UN",{"v":293.4,"d":"293.40"},null,null,{"v":293.4,"d":"293.40"}]
["I6405","ANEL BORRACHA P/ FoFo JUNTA ELÁSTICA DN 700 P/ ÁGUA","UN",258.58,null,null,258.58]
["I4169","ANEL BORRACHA P/ FoFo JUNTA ELÁSTICA DN 700 P/ ESGOTO","UN",681.13,null,null,681.13]
["I8215","ANEL BORRACHA P/ FoFo JUNTA ELÁSTICA DN 80 P/ ÁGUA","UN",{"v":8.1,"d":"8.10"},null,null,{"v":8.1,"d":"8.10"}]
["I7095","ANEL BORRACHA P/ FoFo JUNTA ELÁSTICA DN 80 P/ ESGOTO","UN",18.92,null,null,18.92]
["I6406","ANEL BORRACHA P/ FoFo JUNTA ELÁSTICA DN 800 P/ ÁGUA","UN",299.15,null,null,299.15]
["I4170","ANEL BORRACHA P/ FoFo JUNTA ELÁSTICA DN 800 P/ ESGOTO","UN",783.74,null,null,783.74]
["I6407","ANEL BORRACHA P/ FoFo JUNTA ELÁSTICA DN 900 P/ ÁGUA","UN",353.11,null,null,353.11]
["I4171","ANEL BORRACHA P/ FoFo JUNTA ELÁSTICA DN 900 P/ ESGOTO","UN",{"v":929.2,"d":"929.20"},null,null,{"v":929.2,"d":"929.20"}]
["I2965","ANEL DE BORRACHA OCRE DN 100","UN",{"v":1.4,"d":"1.40"},null,null,{"v":1.4,"d":"1.40"}]
["I2966","ANEL DE BORRACHA OCRE DN 125","UN",5.29,null,null,5.29]
["I2967","ANEL DE BORRACHA OCRE DN 150","UN",3.74,null,null,3.74]
["I2968","ANEL DE BORRACHA OCRE DN 200","UN",5.15,null,null,5.15]
["I2969","ANEL DE BORRACHA OCRE DN 250","UN",10.65,null,null,10.65]
["I2970","ANEL DE BORRACHA OCRE DN 300","UN",26.75,null,null,26.75]
["I2971","ANEL DE BORRACHA OCRE DN 350","UN",{"v":53,"d":"53.00"},null,null,{"v":53,"d":"53.00"}]
["I2972","ANEL DE BORRACHA OCRE DN 400","UN",{"v":59,"d":"59.00"},null,null,{"v":59,"d":"59.00"}]
["I3094","ANEL DE BORRACHA P/ TUBO DE FoFo 1MPa DN 100","UN",{"v":6.8,"d":"6.80"},null,null,{"v":6.8,"d":"6.80"}]
["I3095","ANEL DE BORRACHA P/ TUBO DE FoFo 1MPa DN 150","UN",{"v":9.5,"d":"9.50"},null,null,{"v":9.5,"d":"9.50"}]
["I3096","ANEL DE BORRACHA P/ TUBO DE FoFo 1MPa DN 200","UN",{"v":15.4,"d":"15.40"},null,null,{"v":15.4,"d":"15.40"}]
["I3097","ANEL DE BORRACHA P/ TUBO DE FoFo 1MPa DN 250","UN",48.88,null,null,48.88]
["I3098","ANEL DE BORRACHA P/ TUBO DE FoFo 1MPa DN 300","UN",60.09,null,null,60.09]
["I3091","ANEL DE BORRACHA P/ TUBO PBA DN 100","UN",2.42,null,null,2.42]
["I3089","ANEL DE BORRACHA P/ TUBO PBA DN 50","UN",0.95,null,null,0.95]
["I3090","ANEL DE BORRACHA P/ TUBO PBA DN 75","UN",1.47,null,null,1.47]
["I0069","ANEL DE BORRACHA P/ TUBOS E CONEXÕES F.F. 100M","UN",22.07,null,null,22.07]
["I0070","ANEL DE BORRACHA P/ TUBOS E CONEXÕES F.F. 150MM","UN",28.69,null,null,28.69]
["I0071","ANEL DE BORRACHA P/ TUBOS E CONEXÕES F.F. 50MM","UN",{"v":18.7,"d":"18.70"},null,null,{"v":18.7,"d":"18.70"}]
["I0072","ANEL DE BORRACHA P/ TUBOS E CONEXÕES F.F. 75MM","UN",{"v":19.2,"d":"19.20"},null,null,{"v":19.2,"d":"19.20"}]
["I0073","ANEL DE BORRACHA P/TUBO PVC 100MM (4'')","UN",1.34,null,null,1.34]
["I0074","ANEL DE BORRACHA P/TUBO PVC 150MM (6'')","UN",4.01,null,null,4.01]
["I0075","ANEL DE BORRACHA P/TUBO PVC 40MM","UN",{"v":0.8,"d":"0.80"},null,null,{"v":0.8,"d":"0.80"}]
["I0076","ANEL DE BORRACHA P/TUBO PVC 50MM (2'')","UN",0.91,null,null,0.91]
["I0077","ANEL DE BORRACHA P/TUBO PVC 75MM (3'')","UN",1.09,null,null,1.09]
["I0078","ANEL DE BORRACHA P/TUBO PVC REFORÇADO DE 100MM","UN",1.75,null,null,1.75]
["I0079","ANEL DE BORRACHA P/TUBO PVC REFORÇADO DE 150MM","UN",5.31,null,null,5.31]
["I0080","ANEL DE BORRACHA P/TUBO PVC REFORÇADO DE 50MM","UN",{"v":1.3,"d":"1.30"},null,null,{"v":1.3,"d":"1.30"}]
["I0081","ANEL DE BORRACHA P/TUBO PVC REFORÇADO DE 75MM","UN",{"v":1.4,"d":"1.40"},null,null,{"v":1.4,"d":"1.40"}]
["I2964","ANEL DE BORRACHA P/TUBO VFORT.PAREDE DUPLA DN 150","UN",10.44,null,null,10.44]
["I6847","ANEL DE BORRACHA TIL REDE 150","UN",52.13,null,null,{"$f":"D187","v":52.13}]
["I6848","ANEL DE BORRACHA TIL REDE 300","UN",130.67,null,null,130.67]
["I7412","ANEL DE PROTEÇÃO DIAZED","UN",2.44,null,null,2.44]
["I0082","ANEL DE VEDAÇÃO PARA BACIA","UN",{"v":7,"d":"7.00"},null,null,{"v":7,"d":"7.00"}]
["I5803","ANEL EDUTOR O-RING DN 40","UN",0.48,null,null,0.48]
["I5804","ANEL EDUTOR O-RING DN 50","UN",0.87,null,null,0.87]
["I5805","ANEL EDUTOR O-RING DN 65","UN",1.42,null,null,1.42]
["I0083","ANEL PRE-MOLDADO DE CONCRETO D=0.60M, h = 0.80M","UN",69.98,null,null,69.98]
["I7964","ANEL PRE-MOLDADO DE CONCRETO D=1,20M, h=0,50M","UN",{"v":120,"d":"120.00"},null,null,{"v":120,"d":"120.00"}]
["I6244","ANEL PRÉ-MOLDADO DE CONCRETO,  D=1,50M, H = 0.50M","UN",{"v":201.6,"d":"201.60"},null,null,{"v":201.6,"d":"201.60"}]
["I6410","ANEL PRÉ-MOLDADO DE CONCRETO,  D=4,00M, ESP=12CM","UN",627.78,null,null,627.78]
["I6063","ANEL PRE-MOLDADO DE CONCRETO, D = 0,60M (LIGA. PREDIAL)","UN",{"v":44,"d":"44.00"},null,null,{"v":44,"d":"44.00"}]
["I6061","ANEL PRE-MOLDADO DE CONCRETO, D = 0,60M, H  =  0,50M","UN",57.05,null,null,57.05]
["I6062","ANEL PRE-MOLDADO DE CONCRETO, D = 0,60M, H  =  0,70M","UN",{"v":51,"d":"51.00"},null,null,{"v":51,"d":"51.00"}]
["I6064","ANEL PRE-MOLDADO DE CONCRETO, D = 0,60M, H  =  1,00M","UN",131.89,null,null,131.89]
["I6065","ANEL PRE-MOLDADO DE CONCRETO, D = 1,00M,  H  =  0,50M","UN",{"v":78.5,"d":"78.50"},null,null,{"v":78.5,"d":"78.50"}]
["I6066","ANEL PRE-MOLDADO DE CONCRETO, D = 2,00M, H  =  0,50M","UN",{"v":339,"d":"339.00"},null,null,{"v":339,"d":"339.00"}]
["I6067","ANEL PRE-MOLDADO DE CONCRETO, D = 2,50M, H  =  0,50M","UN",{"v":441,"d":"441.00"},null,null,{"v":441,"d":"441.00"}]
["I6068","ANEL PRE-MOLDADO DE CONCRETO, D = 3,00M, H  =  0,50M","UN",488.84,null,null,488.84]
["I6069","ANEL PRE-MOLDADO DE CONCRETO, D = 3,50M, h= 0,50M","UN",595.43,null,null,595.43]
["I0084","ANEL PRE-MOLDADO DE CONCRETO, D=0.80M, h = 0.50M","UN",101.33,null,null,101.33]
["I0085","ANEL PRE-MOLDADO DE CONCRETO, D=0.80M, h = 1.00M","UN",{"v":111.7,"d":"111.70"},null,null,{"v":111.7,"d":"111.70"}]
["I6411","ANEL PRÉ-MOLDADO DE CONCRETO, D=5,00M, esp.=15CM","UN",981.96,null,null,981.96]
["I6050","ANTRACITO TE  =  0,9; CU  =  1,4 A 1,6","M3",{"v":4173.3,"d":"4,173.30"},null,null,{"v":4173.3,"d":"4,173.30"}]
["I0086","APARELHO DE APOIO EM NEOPRENE","DM3",105.89,null,null,105.89]
["I7357","APARELHO DE JANELA - CAP 10.000 BTU (FORN. E MONTAGEM)","UN",{"v":1248,"d":"1,248.00"},null,null,{"v":1248,"d":"1,248.00"}]
["I7358","APARELHO DE JANELA - CAP 12.000 BTU (FORN. E MONTAGEM)","UN",{"v":1348,"d":"1,348.00"},null,null,{"v":1348,"d":"1,348.00"}]
["I7360","APARELHO DE JANELA - CAP 18.000 BTU (FORN. E MONTAGEM)","UN",{"v":1870,"d":"1,870.00"},null,null,{"v":1870,"d":"1,870.00"}]
["I7361","APARELHO DE JANELA - CAP 21.000 BTU (FORN. E MONTAGEM)","UN",{"v":2201,"d":"2,201.00"},null,null,{"v":2201,"d":"2,201.00"}]
["I7362","APARELHO DE JANELA - CAP 30.000 BTU (FORN. E MONTAGEM)","UN",{"v":3138.85,"d":"3,138.85"},null,null,{"v":3138.85,"d":"3,138.85"}]
["I7356","APARELHO DE JANELA - CAP 7.500 BTU (FORN. E MONTAGEM)","UN",{"v":1148,"d":"1,148.00"},null,null,{"v":1148,"d":"1,148.00"}]
["I8087","APARELHO DE MUDANÇA DE VIA TR 45, TIPO 1:10, COMPLETO, INCLUINDO TODAS AS FIXAÇÕES E A DORMENTAÇÃO ESPECIAL (MADEIRA)","UN",{"v":189663.72,"d":"189,663.72"},null,null,{"v":189663.72,"d":"189,663.72"}]
["I8088","APARELHO DE MUDANÇA DE VIA TR 45, TIPO 1:12, COMPLETO, INCLUINDO TODAS AS FIXAÇÕES E A DORMENTAÇÃO ESPECIAL (MADEIRA)","UN",{"v":207248.44,"d":"207,248.44"},null,null,{"v":207248.44,"d":"207,248.44"}]
["I8089","APARELHO DE MUDANÇA DE VIA TR 45, TIPO 1:14, COMPLETO, INCLUINDO TODAS AS FIXAÇÕES E A DORMENTAÇÃO ESPECIAL (MADEIRA)","UN",{"v":232369.46,"d":"232,369.46"},null,null,{"v":232369.46,"d":"232,369.46"}]
["I8086","APARELHO DE MUDANÇA DE VIA TR 45, TIPO 1:8, COMPLETO, INCLUINDO TODAS AS FIXAÇÕES E A DORMENTAÇÃO ESPECIAL (MADEIRA)","UN",{"v":178359.27,"d":"178,359.27"},null,null,{"v":178359.27,"d":"178,359.27"}]
["I0087","APARELHO MISTURADOR DE MESA PARA PIA","UN",{"v":335.1,"d":"335.10"},null,null,{"v":335.1,"d":"335.10"}]
["I0088","APARELHO MISTURADOR DE PAREDE PARA PIA","UN",{"v":309.4,"d":"309.40"},null,null,{"v":309.4,"d":"309.40"}]
["I0089","APARELHO MISTURADOR PARA LAVATORIO","UN",{"v":331.5,"d":"331.50"},null,null,{"v":331.5,"d":"331.50"}]
["I7459","APARELHO OXI-ACETILENO","H",0.17,null,null,{"$f":"D225","v":0.17}]
["I0090","APARELHO SINALIZADOR OBSTACULOS","UN",{"v":55.1,"d":"55.10"},null,null,{"$f":"D226","v":{"v":55.1,"d":"55.10"}}]
["I6359","APARELHO TELEFÔNICO DIGITAL PARA LIGAÇÃO JNA CPCT EXISTENTE","UN",161.42,null,null,{"$f":"D227","v":161.42}]
["I8574","APLICADOR FLEXÍVEL P/ CÁPSULA DE SUPRESSÃO","UN",{"v":168,"d":"168.00"},null,null,{"$f":"D228","v":{"v":168,"d":"168.00"}}]
["I0091","APLICADOR IMPERMEABILIZAÇÃO","H",{"v":7.2,"d":"7.20"},{"v":15.5758,"d":"15.58"},"MO",{"$f":"E229","v":{"v":15.5758,"d":"15.58"}}]
["I0092","APLICADOR REVESTIMENTO","H",{"v":7.2,"d":"7.20"},{"v":15.5758,"d":"15.58"},"MO",{"$f":"E230","v":{"v":15.5758,"d":"15.58"}}]
["I8414","APOIO DO PORTA DENTE P/ FRESADORA","UN",952.16,null,null,{"$f":"D231","v":952.16}]
["I8599","APONTADOR (COM ENCARGOS INCLUSOS)","HxMÊS",null,{"v":2717.44,"d":"2,717.44"},"MO",{"$f":"E232","v":{"v":2717.44,"d":"2,717.44"}}]
["I0094","AQUECEDOR A GAS 150L","UN",{"v":2848,"d":"2,848.00"},null,null,{"$f":"D233","v":{"v":2848,"d":"2,848.00"}}]
["I0095","AQUECEDOR CENTRAL ELETROAUTOMATICO 220 V","UN",{"v":862.9,"d":"862.90"},null,null,{"$f":"D234","v":{"v":862.9,"d":"862.90"}}]
["I2595","AQUECEDOR DE FLUIDO TÉRMICO","UN",{"v":197719,"d":"197,719.00"},null,null,{"$f":"D235","v":{"v":197719,"d":"197,719.00"}}]
["I0096","AQUECEDOR ELETRICO AGUA CAPAC 200 L","UN",{"v":3600,"d":"3,600.00"},null,null,{"$f":"D236","v":{"v":3600,"d":"3,600.00"}}]
["I0564","AQUECEDOR FLUIDO TÉRMICO (CHI)","H",{"v":15.5412703125,"d":"15.54"},{"v":23.9170703125,"d":"23.92"},null,{"$f":"E237","v":{"v":23.9170703125,"d":"23.92"}},{"$f":"E237-D237","v":{"v":8.375800000000002,"d":"8.38"}},{"$f":"E237/D237","v":{"v":1.538939213563724,"d":"154%"}}]
["I0678","AQUECEDOR FLUIDO TÉRMICO (CHP)","H",{"v":140.62848515625,"d":"140.63"},{"v":149.00428515625,"d":"149.00"},null,{"$f":"E238","v":{"v":149.00428515625,"d":"149.00"}},{"$f":"E238-D238","v":{"v":8.375799999999998,"d":"8.38"}},{"$f":"E238/D238","v":{"v":1.059559768354852,"d":"106%"}}]
["I0097","ARAME FARPADO FIO 16 BWG","M",0.89,null,null,{"$f":"D239","v":0.89}]
["I0098","ARAME GALVANIZADO N.10 BWG","KG",11.67,null,null,11.67]
["I0100","ARAME GALVANIZADO N.14 BWG","KG",{"v":13.5,"d":"13.50"},null,null,{"v":13.5,"d":"13.50"}]
["I0101","ARAME GALVANIZADO N.16 BWG","KG",{"v":14.6,"d":"14.60"},null,null,{"v":14.6,"d":"14.60"}]
["I0102","ARAME GALVANIZADO N.18 BWG","KG",17.84,null,null,17.84]
["I0103","ARAME RECOZIDO N.18 BWG","KG",9.97,null,null,9.97]
["I0104","ARAME ZINCADO DE 2,7MM AMARRAÇÃO DE GABIÕES","KG",8.56,null,null,8.56]
["I7935","ARANDELA APLICADA NA LATERAL DO PILAR EM ALUMÍNIO FUNDIDO PINTADO COM REFLETOR EM ALUMÍNIO ANODIZADO E DIFUSOR EM VIDRO PLANO TEMPERADO TRANSPARENTE PARA LÂMPADA VAPOR METÁLICO 400W MAIS REATOR E IGNITOR","UN",693.45,null,null,693.45]
["I8223","ARANDELA BLINDADA","UN",174.96,null,null,174.96]
["I7927","ARANDELA PARA FLUORESCENTE COMPACTA 18W EM ALUMÍNIO ANODIZADO E PINTADO POR PROCESSO ELETROSTÁTICO COM DOIS VISORES EM VIDRO FOSCO","UN",163.57,null,null,163.57]
["I7926","ARANDELA PARA FLUORESCENTE COMPACTA 18W EM ALUMÍNIO ANODIZADO E PINTADO POR PROCESSO ELETROSTÁTICO COM UM VISOR EM VIDRO FOSCO","UN",137.68,null,null,137.68]
["I7928","ARANDELA PARA LÂMPADA INCANDESCENTE 60W EM ALUMÍNIO ANODIZADO E PINTADO POR PROCESSO ELETROSTÁTICO COM REFLETOR EM ALUMÍNIO ANODIZADO ALTO BRILHO","UN",88.97,null,null,88.97]
["I0105","ARBUSTO ORNAMENTAL","UN",17.81,null,null,17.81]
["I0106","AREIA ASFÁLTICA USINADA A QUENTE - AAUQ","T",189.95,null,null,189.95]
["I0107","AREIA FINA","M3",{"v":35,"d":"35.00"},null,null,{"v":35,"d":"35.00"}]
["I0108","AREIA GROSSA","M3",{"v":50,"d":"50.00"},null,null,{"v":50,"d":"50.00"}]
["I0109","AREIA MEDIA","M3",{"v":46,"d":"46.00"},null,null,{"v":46,"d":"46.00"}]
["I0110","AREIA QUARTZOSA FINA (FILLER P/COMP.5) O.BAUMGART","KG",3.32,null,null,3.32]
["I6049","AREIA SILTOSA, TE  =  0,45 A 0,50; CU  =  1,4 a 1,6","M3",{"v":962.5,"d":"962.50"},null,null,{"v":962.5,"d":"962.50"}]
["I0111","AREIA VERMELHA","M3",{"v":46,"d":"46.00"},null,null,{"v":46,"d":"46.00"}]
["I0112","ARENOSO","M3",{"v":37.5,"d":"37.50"},null,null,{"v":37.5,"d":"37.50"}]
["I6508","ARGAMASSA COLANTE PRÉ-FABRICADA P/ CERÂMICAS E PORCELANATOS","KG",{"v":2,"d":"2.00"},null,null,{"v":2,"d":"2.00"}]
["I0113","ARGAMASSA COLANTE PRE-MISTURADA","KG",1.33,null,null,1.33]
["I0114","ARGAMASSA DE ALTA RESIST.INICIAL/FINAL P/GRAUT","KG",2.76,null,null,2.76]
["I8359","ARGAMASSA FIXABLOCK","KG",2.26,null,null,2.26]
["I8980","ARGAMASSA POLIMÉRICA","KG",{"v":2.3,"d":"2.30"},null,null,{"v":2.3,"d":"2.30"}]
["I9059","ARGAMASSA POLIMÉRICA P/ REPAROS SUPERFICIAIS DE 5MM A 25MM, RENDEROC S2","KG",4.29,null,null,4.29]
["I9058","ARGAMASSA POLIMÉRICA RP PLUS BOTAMENT, COMPOSTO POR PONTE DE ADERÊNCIA E PINTURA PROTETORA CONTRA A CORROSÃO, P/ REPAROS SEMI-PROFUNDOS","KG",{"v":4.8,"d":"4.80"},null,null,{"v":4.8,"d":"4.80"}]
["I0117","ARGAMASSA PRE-FABRICADA PARA REBOCO","KG",{"v":0.6,"d":"0.60"},null,null,{"v":0.6,"d":"0.60"}]
["I0118","ARGAMASSA PRE-FABRICADA PARA REJUNTAMENTO","KG",2.75,null,null,2.75]
["I8287","ARGAMASSA PRÉ-FABRICADA PARA REJUNTAMENTO A BASE DE EPÓXI","KG",2.95,null,null,2.95]
["I0119","ARGAMASSA PRE-FABRICADA TIPO MASSA FINA","KG",{"v":1.6155,"d":"1.62"},null,null,{"v":1.6155,"d":"1.62"}]
["I0120","ARGILA EXPANDIDA","M3",187.91,null,null,187.91]
["I0125","ARMAÇÃO REX TRIFASICA COM ROLDANA","UN",49.69,null,null,49.69]
["I6470","ARMAÇÃO SECUNDÁRIA COM ISOLADOR TIPO ROLDANA","UN",18.97,null,null,18.97]
["I6222","ARMADOR DE EMBUTIR","UN",20.63,null,null,20.63]
["I6118","ARMADOR RABO DE ANDORINHA F.G. (PADRÃO MUTIRÃO)","UN",3.76,null,null,3.76]
["I6223","ARMADOR TIPO RABO DE ANDORINHA","UN",{"v":11.9,"d":"11.90"},null,null,{"v":11.9,"d":"11.90"}]
["I0121","ARMADOR/FERREIRO","H",{"v":7.2,"d":"7.20"},{"v":15.5758,"d":"15.58"},"MO",{"$f":"E277","v":{"v":15.5758,"d":"15.58"}},{"$f":"E277-D277","v":{"v":8.375799999999998,"d":"8.38"}},{"$f":"E277/D277","v":{"v":2.1633055555555556,"d":"216%"}}]
["I0122","ARMARIO DE ACO P/ UTENSILIOS (1,90X0,9X0,5)M","UN",{"v":499,"d":"499.00"},null,null,{"$f":"D278","v":{"v":499,"d":"499.00"}}]
["I0123","ARMARIO DE ACO TIPO ESCANINHO - MOD. 3 PORTAS","UN",195.33,null,null,195.33]
["I0124","ARMARIO PLASTICO DE EMBUTIR 45X60CM","UN",50.35,null,null,50.35]
["I4142","ARRUELA  BORRACHA P/ FLANGES DN 100 PN10 P/ ESGOTO","UN",46.66,null,null,46.66]
["I4155","ARRUELA  BORRACHA P/ FLANGES DN 1000 PN10 P/ ESGOTO","UN",{"v":2053.36,"d":"2,053.36"},null,null,{"v":2053.36,"d":"2,053.36"}]
["I4156","ARRUELA  BORRACHA P/ FLANGES DN 1200 PN10 P/ ESGOTO","UN",{"v":2297.82,"d":"2,297.82"},null,null,{"v":2297.82,"d":"2,297.82"}]
["I4143","ARRUELA  BORRACHA P/ FLANGES DN 150 PN10 P/ ESGOTO","UN",94.02,null,null,94.02]
["I4144","ARRUELA  BORRACHA P/ FLANGES DN 200 PN10 P/ ESGOTO","UN",112.89,null,null,112.89]
["I4145","ARRUELA  BORRACHA P/ FLANGES DN 250 PN10 P/ ESGOTO","UN",130.69,null,null,130.69]
["I4146","ARRUELA  BORRACHA P/ FLANGES DN 300 PN10 P/ ESGOTO","UN",133.51,null,null,133.51]
["I4147","ARRUELA  BORRACHA P/ FLANGES DN 350 PN10 P/ ESGOTO","UN",164.01,null,null,164.01]
["I4148","ARRUELA  BORRACHA P/ FLANGES DN 400 PN10 P/ ESGOTO","UN",230.97,null,null,230.97]
["I4149","ARRUELA  BORRACHA P/ FLANGES DN 450 PN10 P/ ESGOTO","UN",257.22,null,null,257.22]
["I4140","ARRUELA  BORRACHA P/ FLANGES DN 50 PN10 P/ ESGOTO","UN",{"v":17.7,"d":"17.70"},null,null,{"v":17.7,"d":"17.70"}]
["I4150","ARRUELA  BORRACHA P/ FLANGES DN 500 PN10 P/ ESGOTO","UN",290.01,null,null,290.01]
["I4151","ARRUELA  BORRACHA P/ FLANGES DN 600 PN10 P/ ESGOTO","UN",828.37,null,null,828.37]
["I4152","ARRUELA  BORRACHA P/ FLANGES DN 700 PN10 P/ ESGOTO","UN",777.01,null,null,777.01]
["I4141","ARRUELA  BORRACHA P/ FLANGES DN 75 PN10 P/ ESGOTO","UN",17.53,null,null,17.53]
["I7096","ARRUELA  BORRACHA P/ FLANGES DN 80 PN10 P/ ESGOTO","UN",24.66,null,null,24.66]
["I4153","ARRUELA  BORRACHA P/ FLANGES DN 800 PN10 P/ ESGOTO","UN",925.41,null,null,925.41]
["I4154","ARRUELA  BORRACHA P/ FLANGES DN 900 PN10 P/ ESGOTO","UN",{"v":1022.18,"d":"1,022.18"},null,null,{"v":1022.18,"d":"1,022.18"}]
["I6428","ARRUELA BORRACHA P/ FLANGES DN 100 PN10 P/ ÁGUA","UN",29.14,null,null,29.14]
["I6446","ARRUELA BORRACHA P/ FLANGES DN 1000 PN10 P/ ÁGUA","UN",999.46,null,null,999.46]
["I6447","ARRUELA BORRACHA P/ FLANGES DN 1200 PN10 P/ ÁGUA","UN",{"v":1165.17,"d":"1,165.17"},null,null,{"v":1165.17,"d":"1,165.17"}]
["I6429","ARRUELA BORRACHA P/ FLANGES DN 150 PN10 P/ ÁGUA","UN",35.73,null,null,35.73]
["I6430","ARRUELA BORRACHA P/ FLANGES DN 200 PN10 P/ ÁGUA","UN",49.08,null,null,49.08]
["I6436","ARRUELA BORRACHA P/ FLANGES DN 250 PN10 P/ ÁGUA","UN",89.28,null,null,89.28]
["I6437","ARRUELA BORRACHA P/ FLANGES DN 300 PN10 P/ ÁGUA","UN",111.38,null,null,111.38]
["I6438","ARRUELA BORRACHA P/ FLANGES DN 350 PN10 P/ ÁGUA","UN",118.96,null,null,118.96]
["I6439","ARRUELA BORRACHA P/ FLANGES DN 400 PN10 P/ ÁGUA","UN",123.82,null,null,123.82]
["I6440","ARRUELA BORRACHA P/ FLANGES DN 450 PN10 P/ ÁGUA","UN",122.02,null,null,122.02]
["I6418","ARRUELA BORRACHA P/ FLANGES DN 50 PN10 P/ ÁGUA","UN",15.79,null,null,15.79]
["I6441","ARRUELA BORRACHA P/ FLANGES DN 500 PN10 P/ ÁGUA","UN",252.94,null,null,252.94]
["I6442","ARRUELA BORRACHA P/ FLANGES DN 600 PN10 P/ ÁGUA","UN",611.52,null,null,611.52]
["I6443","ARRUELA BORRACHA P/ FLANGES DN 700 PN10 P/ ÁGUA","UN",873.98,null,null,873.98]
["I6419","ARRUELA BORRACHA P/ FLANGES DN 75 PN10 P/ ÁGUA","UN",20.68,null,null,20.68]
["I6420","ARRUELA BORRACHA P/ FLANGES DN 80 PN10 P/ ÁGUA","UN",18.06,null,null,18.06]
["I6444","ARRUELA BORRACHA P/ FLANGES DN 800 PN10 P/ ÁGUA","UN",762.38,null,null,762.38]
["I6445","ARRUELA BORRACHA P/ FLANGES DN 900 PN10 P/ ÁGUA","UN",903.03,null,null,903.03]
["I6467","ARRUELA DE ALUMÍNIO PARA ELETRODUTO DN 1  1/2\"","UN",0.61,null,null,0.61]
["I0126","ARRUELA DE FERRO GALVANIZADO 1 1/2''","UN",0.82,null,null,0.82]
["I0127","ARRUELA DE FERRO GALVANIZADO 1 1/4''","UN",0.77,null,null,0.77]
["I0128","ARRUELA DE FERRO GALVANIZADO 1''","UN",0.52,null,null,0.52]
["I0129","ARRUELA DE FERRO GALVANIZADO 1/2''","UN",0.18,null,null,0.18]
["I0130","ARRUELA DE FERRO GALVANIZADO 2 1/2''","UN",1.85,null,null,1.85]
["I0131","ARRUELA DE FERRO GALVANIZADO 2''","UN",0.95,null,null,0.95]
["I0132","ARRUELA DE FERRO GALVANIZADO 3 1/2''","UN",3.07,null,null,3.07]
["I0133","ARRUELA DE FERRO GALVANIZADO 3''","UN",2.74,null,null,2.74]
["I0134","ARRUELA DE FERRO GALVANIZADO 3/4''","UN",0.39,null,null,0.39]
["I0135","ARRUELA DE FERRO GALVANIZADO 4''","UN",3.31,null,null,3.31]
["I0136","ARRUELA DE PVC RIGIDO","UN",1.09,null,null,1.09]
["I0137","ARRUELA LISA 1/4''X3/4''","UN",{"v":0.1,"d":"0.10"},null,null,{"v":0.1,"d":"0.10"}]
["I0138","ARRUELA LISA 5/16''X5/8''","UN",{"v":0.1,"d":"0.10"},null,null,{"v":0.1,"d":"0.10"}]
["I7396","ARRUELA LISA EM AÇO INOX 3/8\"","UN",{"v":1.9,"d":"1.90"},null,null,{"v":1.9,"d":"1.90"}]
["I0139","ARRUELA PLASTICA 4X16","UN",{"v":0.2,"d":"0.20"},null,null,{"v":0.2,"d":"0.20"}]
["I8070","ARRUELA QUADRADA 50 x 3mm COM FURO DE 15mm","UN",0.72,null,null,0.72]
["I0141","ARRUELA QUADRADA DE 58MM C/FURO DE 18MM","UN",{"v":2.3,"d":"2.30"},null,null,{"v":2.3,"d":"2.30"}]
["I8071","ARRUELA REDONDA 32 x 3mm COM FURO DE 18mm","UN",0.49,null,null,0.49]
["I0142","ARVORE DE 1,50 a 2,00m C/ADUBO, TUTOR, COVA","UN",32.47,null,null,32.47]
["I0143","ARVORE ORNAMENTAL","UN",28.73,null,null,28.73]
["I0146","ASFALTO MODIFICADO","KG",2.07,null,null,2.07]
["I0145","ASFALTO OXIDADO","KG",5.33,null,null,5.33]
["I7556","ASFALTO OXIDADO (PESO ESPECÍFICO 1,02 g/cm3)","KG",4.46,null,null,4.46]
["I8641","ASSENTO / BANCO - ARTICULÁVEL PARA BANHO DE DEFICIENTE","UN",{"v":544.5,"d":"544.50"},null,null,{"v":544.5,"d":"544.50"}]
["I6224","ASSENTO P/BANCO EM \"U\" PREMOLDADO DE CONCRETO","UN",118.67,null,null,{"$f":"D342","v":118.67}]
["I8636","ASSENTO SANITÁRIO COM ABERTURA FRONTAL (PADRÃO ALTO)","UN",{"v":312.1,"d":"312.10"},null,null,{"$f":"D343","v":{"v":312.1,"d":"312.10"}}]
["I6166","ASSOALHO DE PEROBA (MADEIRA DE 1A QUALIDADE) DE 10CM","M2",130.64,null,null,{"$f":"D344","v":130.64}]
["I0148","AUTOMATICO DE BOIA","UN",35.93,null,null,{"$f":"D345","v":35.93}]
["I0149","AUX. ADMINISTRATIVO","H",{"v":5.6,"d":"5.60"},{"v":12.1145,"d":"12.11"},"MO",{"$f":"E346","v":{"v":12.1145,"d":"12.11"}},{"$f":"E346-D346","v":{"v":6.5145,"d":"6.51"}},{"$f":"E346/D346","v":{"v":2.1633035714285715,"d":"216%"}}]
["I0150","AUX. DE OPERAÇÃO INIC. CAGECE","H",{"v":10.4,"d":"10.40"},{"v":22.4983,"d":"22.50"},"MO",{"v":22.4983,"d":"22.50"},{"v":12.0983,"d":"12.10"},{"v":2.163298076923077,"d":"216%"}]
["I0151","AUX. TÉCNICO INICIAL CAGECE","H",{"v":16.4,"d":"16.40"},{"v":35.4781,"d":"35.48"},"MO",{"v":35.4781,"d":"35.48"},{"v":19.0781,"d":"19.08"},{"v":2.1632987804878048,"d":"216%"}]
["I8598","AUXILIAR ADMINISTRATIVO (COM ENCARGOS INCLUSOS)","HxMÊS",null,{"v":2134.32,"d":"2,134.32"},null,{"v":2134.32,"d":"2,134.32"}]
["I8596","AUXILIAR DE LABORATÓRIO (COM ENCARGOS INCLUSOS)","HxMÊS",null,{"v":2717.44,"d":"2,717.44"},null,{"v":2717.44,"d":"2,717.44"}]
["I8595","AUXILIAR DE TOPOGRAFIA (COM ENCARGOS INCLUSOS)","HxMÊS",null,{"v":2717.44,"d":"2,717.44"},null,{"v":2717.44,"d":"2,717.44"}]
["I0152","AZULEJISTA","H",{"v":7.2,"d":"7.20"},{"v":15.5758,"d":"15.58"},"MO",{"v":15.5758,"d":"15.58"},{"v":8.375799999999998,"d":"8.38"},{"v":2.1633055555555556,"d":"216.33%"}]
["I0153","AZULEJO BRANCO 15X15CM","M2",23.07,null,null,{"$f":"D353","v":23.07}]
["I8651","BACIA DE LOUÇA BRANCA C/ CAIXA ACOPLADA, P/ DEFICIENTE","UN",{"v":310,"d":"310.00"},null,null,{"v":310,"d":"310.00"}]
["I0170","BACIA LOUÇA BRANCA COM SAÍDA HORIZONTAL","UN",{"v":110.8,"d":"110.80"},null,null,{"v":110.8,"d":"110.80"}]
["I0171","BACIA LOUÇA BRANCA PARA CAIXA ACOPLADA","UN",{"v":239.7,"d":"239.70"},null,null,{"v":239.7,"d":"239.70"}]
["I0174","BACIA SIFONADA DE LOUÇA BRANCA","UN",{"v":110.8,"d":"110.80"},null,null,{"v":110.8,"d":"110.80"}]
["I0176","BACIA SINFONADA P/ CRIANCA","UN",200.15,null,null,200.15]
["I0177","BACIA TURCA DE LOUÇA COM SIFÃO INTEGRADO","UN",{"v":166.5,"d":"166.50"},null,null,{"v":166.5,"d":"166.50"}]
["I0178","BAINHA METALICA D=35mm","M",9.45,null,null,9.45]
["I0179","BAINHA METALICA D=40mm","M",{"v":11.5,"d":"11.50"},null,null,{"v":11.5,"d":"11.50"}]
["I0180","BAINHA METALICA D=60mm","M",14.93,null,null,14.93]
["I0181","BAINHA METALICA D=70mm","M",17.24,null,null,17.24]
["I8224","BALANÇA ELETRÔNICA C/ OPLATAFORMA 18x3, CAP. 80 TON. (FORN./MONTAGEM)","UN",{"v":110105.21,"d":"110,105.21"},null,null,{"v":110105.21,"d":"110,105.21"}]
["I6714","BALANÇO ANDORINHA C/02 CADEIRAS, CONFEC. EM TUBO VAPOR E PINTURA ESMALTE SINTÉTICO","UN",441.18,null,null,441.18]
["I0182","BALANÇO ANDORINHA C/03 CADEIRAS, CONFEC. EM TUBO VAPOR E PINTURA ESMALTE SINTETICO","UN",588.75,null,null,588.75]
["I0183","BALDE PLASTICO DE 10L","UN",8.19,null,null,8.19]
["I0184","BANCADA DE GRANITO C/ L=0,60m E E=0,03m","M2",328.82,null,null,328.82]
["I7893","BANCADA DE GRANITO CINZA POLIDO E=2cm","M2",187.35,null,null,187.35]
["I7894","BANCADA DE GRANITO OUTRAS CORES E=2cm,","M2",{"v":235,"d":"235.00"},null,null,{"v":235,"d":"235.00"}]
["I1230","BANCADA DE GRANITO OUTRAS CORES, E=3cm","M2",{"v":342.4,"d":"342.40"},null,null,{"v":342.4,"d":"342.40"}]
["I0185","BANCADA DE GRANITO PRETO C/BOLEAMENTO DUPLO","M2",{"v":445.2,"d":"445.20"},null,null,{"v":445.2,"d":"445.20"}]
["I0188","BANCO DE MADEIRA C/ESTRUTURA DE FERRO - L=3,00M","UN",{"v":840,"d":"840.00"},null,null,{"v":840,"d":"840.00"}]
["I2594","BANDEIRA DUPLA","UN",{"v":14996.14,"d":"14,996.14"},null,null,{"v":14996.14,"d":"14,996.14"}]
["I0189","BANDEIRA SIMPLES","UN",{"v":13350.48,"d":"13,350.48"},null,null,{"v":13350.48,"d":"13,350.48"}]
["I8447","BANDEJA MÓVEL, PADRÃO 19\"","UN",28.51,null,null,28.51]
["I6738","BANHEIRA HOSPITAL C/TAMPO E CUBA DE AÇO INOX DIMENSÃO 1800 X600MM","UN",{"v":1511.04,"d":"1,511.04"},null,null,{"v":1511.04,"d":"1,511.04"}]
["I0190","BARITA (ARGAMASSA BARITADA)","KG",{"v":1.5,"d":"1.50"},null,null,{"v":1.5,"d":"1.50"}]
["I8642","BARRA ANTI-PÂNICO C/ TRAVA EM AÇO INOX","CJ",{"v":1080,"d":"1,080.00"},null,null,{"v":1080,"d":"1,080.00"}]
["I7551","BARRA CHATA ALUM. 1\" ESP. 1/4 COM 6m","UN",53.37,null,null,53.37]
["I0192","BARRAMENTO DE COBRE 3/8''","M",36.75,null,null,36.75]
["I7416","BARRAMENTO DE COBRE NÚ 3/4\"x 1/4\"","M",75.74,null,null,75.74]
["I7478","BARRAMENTO DE MÉDIA TENSÃO - FASE - 13,8 kV","UN",{"v":27.5,"d":"27.50"},null,null,{"v":27.5,"d":"27.50"}]
["I7479","BARRAMENTO DE MÉDIA TENSÃO - NEUTRO - 13,8 kV","UN",{"v":27.6,"d":"27.60"},null,null,{"v":27.6,"d":"27.60"}]
["I0193","BARRAMENTO NEUTRO P/ BAIXA TENSÃO","UN",{"v":30.6,"d":"30.60"},null,null,{"v":30.6,"d":"30.60"}]
["I0194","BARRAMENTO PRINCIPAL P/ BAIXA TENSÃO","UN",{"v":30.1,"d":"30.10"},null,null,{"v":30.1,"d":"30.10"}]
["I0195","BARRAMENTO TERRA P/ BAIXA TENSÃO","UN",24.88,null,null,24.88]
["I0196","BARROTE DE 2 1/2\"x2 1/2\"","M",{"v":7.4,"d":"7.40"},null,null,{"v":7.4,"d":"7.40"}]
["I0197","BARROTE DE 2\"x2\"","M",4.74,null,null,4.74]
["I6520","BARROTE DE MASSARANDUBA 2\" x 2\"","M",{"v":7,"d":"7.00"},null,null,{"v":7,"d":"7.00"}]
["I8648","BASE DE FIXAÇÃO COM PARAFUSOS","UN",{"v":36,"d":"36.00"},null,null,{"v":36,"d":"36.00"}]
["I0199","BASE FUSIVEL DIAZED 25A. COMPLETA","UN",21.21,null,null,21.21]
["I0200","BASE FUSIVEL DIAZED 63A. COMPLETA","UN",27.97,null,null,27.97]
["I0201","BASE FUSIVEL NH 00 - 125A","UN",17.05,null,null,17.05]
["I0202","BASE FUSIVEL NH 1 - 250A","UN",50.69,null,null,50.69]
["I0203","BASE FUSIVEL NH 2 - 400A","UN",61.38,null,null,61.38]
["I0204","BASE FUSIVEL NH 3 - 630A","UN",{"v":121,"d":"121.00"},null,null,{"v":121,"d":"121.00"}]
["I0205","BASE FUSIVEL NH 4 - 1250A","UN",{"v":366.2,"d":"366.20"},null,null,{"v":366.2,"d":"366.20"}]
["I6367","BASE ISOLADORA PARA DETECTOR","UN",42.89,null,null,42.89]
["I7374","BASE METÁLICA P/ LUMINÁRIA ELEVADA SN-05","UN",{"v":296,"d":"296.00"},null,null,{"v":296,"d":"296.00"}]
["I0206","BASE PARA MASTRO DE PARA-RAIOS","UN",32.04,null,null,32.04]
["I2693","BATE ESTACA","UN",{"v":207000,"d":"207,000.00"},null,null,{"v":207000,"d":"207,000.00"}]
["I0565","BATE ESTACA (CHI)","H",23.26,{"v":39.0809,"d":"39.08"},null,{"$f":"E403","v":{"v":39.0809,"d":"39.08"}},{"v":8.375799999999998,"d":"8.38"},{"v":2.1633055555555556,"d":"216.33%"},{"$f":"I403-1","v":{"v":1.1633055555555556,"d":"116.33%"}}]
["I0679","BATE ESTACA (CHP)","H",{"v":73.97999999999999,"d":"73.98"},{"v":89.8009,"d":"89.80"},null,{"$f":"E404","v":{"v":89.8009,"d":"89.80"}},{"v":8.375799999999998,"d":"8.38"},{"v":2.1633055555555556,"d":"216.33%"},{"$f":"I404-1","v":{"v":1.1633055555555556,"d":"116.33%"}}]
["I6108","BATEDOR DE MADEIRA MISTA 2 X 2 CM (PADRÃO MUTIRÃO)","M",1.65,null,null,{"$f":"D405","v":1.65}]
["I0207","BATENTE ALUMINIO  L 1.1/2X1X1/8 ANOD 60X210","UN",{"v":51.5405,"d":"51.54"},null,null,{"v":51.5405,"d":"51.54"}]
["I0208","BATENTE DE FERRO","M",{"v":17.9,"d":"17.90"},null,null,{"v":17.9,"d":"17.90"}]
["I0209","BATENTE DE PEROBA (MADEIRA DE 1A QUALIDADE) PARA PORTA 1FL.","UN",98.05,null,null,98.05]
["I0210","BATENTE DE PEROBA (MADEIRA DE 1A QUALIDADE) PARA PORTA 2FL.","UN",111.27,null,null,111.27]
["I0211","BATENTE EM AÇO, L = 12CM (BATENTAÇO)","M",29.03,null,null,29.03]
["I0212","BATERIA ALCALINA 9V","UN",{"v":29,"d":"29.00"},null,null,{"v":29,"d":"29.00"}]
["I0213","BATERIA PARA CARRO A GASOLINA TIPO 45A","UN",269.33,null,null,269.33]
["I0214","BATERIA SELADA 12V/7,5AH, P/ LUMIN.AUTOMAS","UN",221.45,null,null,221.45]
["I0215","BEBEDOURO EM AÇO INOX COM 1,60M","UN",{"v":1819,"d":"1,819.00"},null,null,{"v":1819,"d":"1,819.00"}]
["I6522","BEIRAL DE MASSARANDUBA 1,2 x 10 CM ( 1/2\" x 4\" )","M",6.66,null,null,6.66]
["I0216","BERÇO DE HIDROASFALTO E BORRACHA MOIDA","KG",3.96,null,null,3.96]
["I0566","BETONEIRA COM MOTOR A DIESEL (CHI)","H",{"v":7.7749056,"d":"7.77"},{"v":16.1507056,"d":"16.15"},null,{"$f":"E417","v":{"v":16.1507056,"d":"16.15"}}]
["I0680","BETONEIRA COM MOTOR A DIESEL (CHP)","H",{"v":13.6904976,"d":"13.69"},{"v":22.0662976,"d":"22.07"},null,{"$f":"E418","v":{"v":22.0662976,"d":"22.07"}}]
["I2596","BETONEIRA COM MOTOR DIESEL","UN",{"v":9981,"d":"9,981.00"},null,null,{"$f":"D419","v":{"v":9981,"d":"9,981.00"}}]
["I2665","BETONEIRA ELÉTRICA 320L","UN",{"v":4918,"d":"4,918.00"},null,null,{"$f":"D420","v":{"v":4918,"d":"4,918.00"}}]
["I0567","BETONEIRA ELÉTRICA 320l (CHI)","H",{"v":7.4832768,"d":"7.48"},{"v":15.8590768,"d":"15.86"},null,{"$f":"E421","v":{"v":15.8590768,"d":"15.86"}}]
["I0681","BETONEIRA ELÉTRICA 320l (CHP)","H",{"v":10.7992528,"d":"10.80"},{"v":19.1750528,"d":"19.18"},null,{"$f":"E422","v":{"v":19.1750528,"d":"19.18"}}]
["I2666","BETONEIRA ELÉTRICA 580L","UN",{"v":11617,"d":"11,617.00"},null,null,{"$f":"D423","v":{"v":11617,"d":"11,617.00"}}]
["I0568","BETONEIRA ELÉTRICA 580L (CHI)","H",{"v":7.8691392,"d":"7.87"},{"v":16.2449392,"d":"16.24"},null,{"$f":"E424","v":{"v":16.2449392,"d":"16.24"}}]
["I0682","BETONEIRA ELÉTRICA 580L (CHP)","H",{"v":13.8267832,"d":"13.83"},{"v":22.2025832,"d":"22.20"},null,{"$f":"E425","v":{"v":22.2025832,"d":"22.20"}}]
["I0217","BICO DE JATO 5/16' P/JATEAMENTO DE AREIA","UN",{"v":488.3,"d":"488.30"},null,null,{"$f":"D426","v":{"v":488.3,"d":"488.30"}}]
["I8193","BITS P/ PERFURATRIZ","UN",{"v":1000,"d":"1,000.00"},null,null,{"$f":"D427","v":{"v":1000,"d":"1,000.00"}}]
["I0221","BLASTER","H",{"v":10.4,"d":"10.40"},{"v":22.4983,"d":"22.50"},null,{"$f":"E428","v":{"v":22.4983,"d":"22.50"}}]
["I0222","BLOC.LUMINOSO AUTONOMO, INDIC.DE SETA, MOD.UNITRON","UN",221.45,null,null,{"$f":"D429","v":221.45}]
["I8569","BLOCO CERÂMICO ESTRUTURAL 14x19x29cm","UN",1.48,null,null,1.48]
["I0225","BLOCO CERAMICO ESTRUTURAL 14X19X39CM","UN",1.64,null,null,1.64]
["I0226","BLOCO CERAMICO ESTRUTURAL 19X19X39CM","UN",1.92,null,null,1.92]
["I0227","BLOCO CERAMICO ESTRUTURAL 9X19X39CM","UN",1.36,null,null,1.36]
["I0228","BLOCO CERAMICO FURADO VEDAÇÃO - 19X19X39 CM","UN",{"v":1.6,"d":"1.60"},null,null,{"v":1.6,"d":"1.60"}]
["I0229","BLOCO CERAMICO FURADO VEDAÇÃO - 9X19X39 CM","UN",0.97,null,null,0.97]
["I0230","BLOCO DE CONCRETO 14x19x39cm - ESTRUTURAL","UN",2.31,null,null,2.31]
["I0231","BLOCO DE CONCRETO 14x19x39cm - VEDAÇÃO","UN",1.78,null,null,1.78]
["I0232","BLOCO DE CONCRETO 19x19x39cm - ESTRUTURAL","UN",3.05,null,null,3.05]
["I0233","BLOCO DE CONCRETO 19x19x39cm - VEDAÇÃO","UN",{"v":2.3,"d":"2.30"},null,null,{"v":2.3,"d":"2.30"}]
["I0234","BLOCO DE CONCRETO 6,7x19x39cm - VEDAÇÃO","UN",1.48,null,null,1.48]
["I6813","BLOCO DE CONCRETO 9x19x39cm - VEDAÇÃO","UN",1.52,null,null,1.52]
["I0235","BLOCO DE CONCRETO ARTICULADO 15X28X30CM","UN",{"v":3.4,"d":"3.40"},null,null,{"v":3.4,"d":"3.40"}]
["I0236","BLOCO DE CONCRETO ARTICULADO 15X45X60CM","UN",{"v":13.2,"d":"13.20"},null,null,{"v":13.2,"d":"13.20"}]
["I6683","BLOCO DE CONCRETO CINZA (14X19X49)cm TIPO STONE","UN",{"v":3.3,"d":"3.30"},null,null,{"v":3.3,"d":"3.30"}]
["I6684","BLOCO DE CONCRETO COLORIDO (14X19X49)cm TIPO STONE","UN",{"v":4.8,"d":"4.80"},null,null,{"v":4.8,"d":"4.80"}]
["I8415","BLOCO DE DESGASTE P/ RECICLADORA","UN",{"v":1887.32,"d":"1,887.32"},null,null,{"v":1887.32,"d":"1,887.32"}]
["I0237","BLOCO DE LIGAÇÃO INTERNO BLI - 10","UN",{"v":2.6,"d":"2.60"},null,null,{"v":2.6,"d":"2.60"}]
["I0238","BLOCO DE VIDRO - 20X20X10CM","UN",{"v":17.6,"d":"17.60"},null,null,{"v":17.6,"d":"17.60"}]
["I8446","BLOCO IDC-100 PARES INTERNO, IDC-IDC, PADRÃO 19\"","UN",303.71,null,null,303.71]
["I8095","BLOCO VBV - LVT","PAR",401.93,null,null,401.93]
["I0244","BOCAL PARA CALHA FIBERGLASS","M",19.42,null,null,19.42]
["I6496","BÓIA DE NÍVEL PÊRA C/ CONTRAPESO - 10 METROS DE CABO","UN",230.32,null,null,230.32]
["I6493","BÓIA DE NÍVEL PÊRA C/ CONTRAPESO - 5 METROS DE CABO","UN",31.99,null,null,31.99]
["I0245","BOLSA DE BORRACHA DE 1 1/2'' PARA BACIA","UN",2.43,null,null,2.43]
["I0250","BOMBA CENTRIFUGA P=1.5CV","UN",822.48,null,null,822.48]
["I0251","BOMBA CENTRIFUGA P=1/2CV","UN",{"v":370.7,"d":"370.70"},null,null,{"v":370.7,"d":"370.70"}]
["I0252","BOMBA CENTRIFUGA P=1/3CV","UN",{"v":359,"d":"359.00"},null,null,{"v":359,"d":"359.00"}]
["I0852","BOMBA CENTRIFUGA P=1/4CV","UN",325.48,null,null,325.48]
["I0253","BOMBA CENTRIFUGA P=1CV","UN",623.61,null,null,623.61]
["I0254","BOMBA CENTRIFUGA P=2CV","UN",{"v":1021.35,"d":"1,021.35"},null,null,{"v":1021.35,"d":"1,021.35"}]
["I0255","BOMBA CENTRIFUGA P=3CV","UN",{"v":1078,"d":"1,078.00"},null,null,{"v":1078,"d":"1,078.00"}]
["I0256","BOMBA CENTRIFUGA P=5CV","UN",{"v":1621.55,"d":"1,621.55"},null,null,{"v":1621.55,"d":"1,621.55"}]
["I0246","BOMBA CENTRIFUGA PRESSURISAÇÃO HIDRANTE P=10CV","UN",{"v":2222,"d":"2,222.00"},null,null,{"v":2222,"d":"2,222.00"}]
["I0247","BOMBA CENTRIFUGA PRESSURISAÇÃO HIDRANTE P=15CV","UN",{"v":2500,"d":"2,500.00"},null,null,{"v":2500,"d":"2,500.00"}]
["I0248","BOMBA CENTRIFUGA PRESSURISAÇÃO HIDRANTE P=20 CV","UN",{"v":3906.8,"d":"3,906.80"},null,null,{"v":3906.8,"d":"3,906.80"}]
["I0249","BOMBA CENTRIFUGA PRESSURISAÇÃO HIDRANTE P=25CV","UN",{"v":4757.53,"d":"4,757.53"},null,null,{"v":4757.53,"d":"4,757.53"}]
["I0569","BOMBA COM MOTOR A DIESEL (CHI)","H",{"v":6.6326528,"d":"6.63"},{"v":12.3095528,"d":"12.31"},null,{"$f":"E467","v":{"v":12.3095528,"d":"12.31"}}]
["I0683","BOMBA COM MOTOR A DIESEL (CHP)","H",{"v":17.2919488,"d":"17.29"},{"v":22.9688488,"d":"22.97"},null,{"$f":"E468","v":{"v":22.9688488,"d":"22.97"}}]
["I2597","BOMBA COM MOTOR DIESEL","UN",{"v":30428,"d":"30,428.00"},null,null,{"$f":"D469","v":{"v":30428,"d":"30,428.00"}}]
["I7488","BOMBA DE CONCRETO","H",{"v":80,"d":"80.00"},null,null,{"$f":"D470","v":{"v":80,"d":"80.00"}}]
["I2667","BOMBA ELÉTRICA P/ DRENAGEM (1,3HP)","UN",{"v":3225,"d":"3,225.00"},null,null,{"$f":"D471","v":{"v":3225,"d":"3,225.00"}}]
["I2668","BOMBA ELÉTRICA P/ DRENAGEM (3,6HP)","UN",{"v":5599,"d":"5,599.00"},null,null,{"v":5599,"d":"5,599.00"}]
["I0570","BOMBA ELÉTRICA P/DRENAGEM 1,3 HP (CHI)","H",{"v":0.1419,"d":"0.14"},null,null,{"v":0.1419,"d":"0.14"}]
["I0684","BOMBA ELÉTRICA P/DRENAGEM 1,3 HP (CHP)","H",{"v":1.06215,"d":"1.06"},null,null,{"v":1.06215,"d":"1.06"}]
["I0571","BOMBA ELÉTRICA P/DRENAGEM 3,6 HP (CHI)","H",{"v":0.246356,"d":"0.25"},null,null,{"v":0.246356,"d":"0.25"}]
["I0685","BOMBA ELÉTRICA P/DRENAGEM 3,6 HP (CHP)","H",{"v":2.428246,"d":"2.43"},null,null,{"v":2.428246,"d":"2.43"}]
["I0257","BOMBA INJETORA P=7,5 CV","UN",{"v":2152,"d":"2,152.00"},null,null,{"$f":"D477","v":{"v":2152,"d":"2,152.00"}}]
["I0258","BOMBA INJETORA, MONOFASICA DE 1/2 CV","UN",{"v":619.9,"d":"619.90"},null,null,{"v":619.9,"d":"619.90"}]
["I0259","BOMBA INJETORA, MONOFASICA DE 1/3 CV","UN",{"v":592.3,"d":"592.30"},null,null,{"v":592.3,"d":"592.30"}]
["I0260","BOMBA INJETORA, MONOFASICA DE 3/4 CV","UN",{"v":676.4,"d":"676.40"},null,null,{"v":676.4,"d":"676.40"}]
["I0261","BOMBA INJETORA, TRIFASICA DE 1 1/2 CV","UN",811.67,null,null,811.67]
["I0265","BOMBA INJETORA, TRIFASICA DE 1CV","UN",700.03,null,null,700.03]
["I0262","BOMBA INJETORA, TRIFASICA DE 2  1/2 CV","UN",981.45,null,null,981.45]
["I0263","BOMBA INJETORA, TRIFASICA DE 2 CV","UN",930.73,null,null,930.73]
["I0264","BOMBA INJETORA, TRIFASICA DE 3 CV","UN",{"v":1062.4,"d":"1,062.40"},null,null,{"v":1062.4,"d":"1,062.40"}]
["I2669","BOMBA SUBMERSÍVEL ABS","UN",{"v":4868,"d":"4,868.00"},null,null,{"v":4868,"d":"4,868.00"}]
["I0572","BOMBA SUBMERSÍVEL ABS (CHI)","H",{"v":0.23366399999999998,"d":"0.23"},null,null,{"v":0.23366399999999998,"d":"0.23"}]
["I0686","BOMBA SUBMERSÍVEL ABS (CHP)","H",{"v":3.0446239999999998,"d":"3.04"},null,null,{"v":3.0446239999999998,"d":"3.04"}]
["I2670","BOMBA SUBMERSÍVEL FLYGT","UN",{"v":6573,"d":"6,573.00"},null,null,{"$f":"D489","v":{"v":6573,"d":"6,573.00"}}]
["I0573","BOMBA SUBMERSÍVEL FLYGT (CHI)","H",{"v":0.31550399999999995,"d":"0.32"},null,null,{"$f":"D490","v":{"v":0.31550399999999995,"d":"0.32"}}]
["I0687","BOMBA SUBMERSÍVEL FLYGT (CHP)","H",{"v":3.5015639999999997,"d":"3.50"},null,null,{"$f":"D491","v":{"v":3.5015639999999997,"d":"3.50"}}]
["I0266","BOMBEAMENTO DE CONCRETO","M3",{"v":41,"d":"41.00"},null,null,{"$f":"D492","v":{"v":41,"d":"41.00"}}]
["I0267","BORBOLETA C/CONTADOR DE ACESSO","UN",{"v":2040.44,"d":"2,040.44"},null,null,{"v":2040.44,"d":"2,040.44"}]
["I7554","BORRACHA LENÇOL SINTÉTICO 4,8mm (8,10/m)","KG",2.93,null,null,2.93]
["I7408","BOTÃO DE COMANDO DN 22,5mm 2 CONTATOS","UN",{"v":25.6,"d":"25.60"},null,null,{"v":25.6,"d":"25.60"}]
["I0269","BOTÃO DE CORREÇÃO (1002)","UN",{"v":5.5761,"d":"5.58"},null,null,{"v":5.5761,"d":"5.58"}]
["I0268","BOTOEIRA EM ALUMINIO FUNDIDO ' LIGA-DESLIGA'","UN",{"v":106.7,"d":"106.70"},null,null,{"v":106.7,"d":"106.70"}]
["I6425","BOX RETO DE  D=1 1/2\"","UN",4.93,null,null,4.93]
["I6133","BOX RETO DE  D=1 1/4\"","UN",4.95,null,null,4.95]
["I6426","BOX RETO DE  D=1\"","UN",2.34,null,null,2.34]
["I6132","BOX RETO DE  D=2\"","UN",6.85,null,null,6.85]
["I6427","BOX RETO DE  D=3/4\"","UN",{"v":2.1,"d":"2.10"},null,null,{"v":2.1,"d":"2.10"}]
["I0271","BRAÇADEIRA C/ISOLADOR P/TELEFONE","UN",6.85,null,null,6.85]
["I0272","BRAÇADEIRA P/FIXACAO APARELHO SINALIZADOR","UN",{"v":1.9,"d":"1.90"},null,null,{"v":1.9,"d":"1.90"}]
["I0273","BRAÇADEIRA TIPO \"D\" , METALICA DE 1\"","UN",0.92,null,null,0.92]
["I0274","BRAÇADEIRA TIPO \"D\" , METALICA DE 3\"","UN",2.89,null,null,2.89]
["I0275","BRAÇADEIRA TIPO \"D\", METALICA DE 2\"","UN",{"v":1.9,"d":"1.90"},null,null,{"v":1.9,"d":"1.90"}]
["I0276","BRAÇADEIRA TIPO \"D\", METALICA DE 4''","UN",{"v":3.1,"d":"3.10"},null,null,{"v":3.1,"d":"3.10"}]
["I0277","BRAÇO METALICO DE 3/4\", P/ POSTE DE CONCRETO","UN",{"v":28,"d":"28.00"},null,null,{"v":28,"d":"28.00"}]
["I0278","BRAÇO METALICO P/ LUMINARIA","UN",21.17,null,null,21.17]
["I0270","BRAQUETE COM 3 ISOLADORES","UN",{"v":21.4,"d":"21.40"},null,null,{"v":21.4,"d":"21.40"}]
["I0280","BRITA","M3",{"v":56,"d":"56.00"},null,null,{"v":56,"d":"56.00"}]
["I8630","BROCA 3/8\"","UN",{"v":13,"d":"13.00"},null,null,{"v":13,"d":"13.00"}]
["I1006","BROCA DE WIDEA DE 1\"","UN",{"v":68,"d":"68.00"},null,null,{"v":68,"d":"68.00"}]
["I0284","BRUMASA DE 10MM","UN",60.07,null,null,60.07]
["I6466","BUCHA DE ALUMÍNIO PARA ELETRODUTO DN 1 1/2\"","UN",0.78,null,null,0.78]
["I0285","BUCHA DE FERRO GALVANIZADO 1 1/2''","UN",0.96,null,null,0.96]
["I0286","BUCHA DE FERRO GALVANIZADO 1 1/4''","UN",0.71,null,null,0.71]
["I0287","BUCHA DE FERRO GALVANIZADO 1''","UN",{"v":0.6,"d":"0.60"},null,null,{"v":0.6,"d":"0.60"}]
["I0288","BUCHA DE FERRO GALVANIZADO 1/2''","UN",0.63,null,null,0.63]
["I0289","BUCHA DE FERRO GALVANIZADO 2 1/2''","UN",2.37,null,null,2.37]
["I0290","BUCHA DE FERRO GALVANIZADO 2''","UN",1.95,null,null,1.95]
["I0291","BUCHA DE FERRO GALVANIZADO 3 1/2''","UN",7.75,null,null,7.75]
["I0292","BUCHA DE FERRO GALVANIZADO 3''","UN",4.55,null,null,4.55]
["I0293","BUCHA DE FERRO GALVANIZADO 3/4''","UN",0.53,null,null,0.53]
["I0294","BUCHA DE FERRO GALVANIZADO 4''","UN",4.64,null,null,4.64]
["I0299","BUCHA PARA PIVOTANTE DE DOBRADICA (1201)","UN",{"v":5.7624,"d":"5.76"},null,null,{"v":5.7624,"d":"5.76"}]
["I0300","BUCHA PASSAGEM INTERNA/EXTERNA PORCEL. 15KV","UN",{"v":212,"d":"212.00"},null,null,{"v":212,"d":"212.00"}]
["I0301","BUCHA PLASTICA 8MM","UN",0.17,null,null,0.17]
["I8226","BUCHA REDUÇÃO DE AÇO GALVANIZADO 1 1/2\"x 1\"","UN",12.61,null,null,12.61]
["I8227","BUCHA REDUÇÃO DE AÇO GALVANIZADO 11/2\"x 11/4\"","UN",13.45,null,null,13.45]
["I8225","BUCHA REDUÇÃO DE AÇO GALVANIZADO 11/4\"x 1\"","UN",{"v":9.4,"d":"9.40"},null,null,{"v":9.4,"d":"9.40"}]
["I8228","BUCHA REDUÇÃO DE AÇO GALVANIZADO 2\"x 1/2\"","UN",16.21,null,null,16.21]
["I0297","BUCHA REDUÇÃO DE PVC P/ESGOTO 100X75MM (4\"X3\")","UN",{"v":5.7,"d":"5.70"},null,null,{"v":5.7,"d":"5.70"}]
["I0298","BUCHA REDUÇÃO DE PVC P/ESGOTO 150X100MM (6\"X4\")","UN",{"v":15.3,"d":"15.30"},null,null,{"v":15.3,"d":"15.30"}]
["I0296","BUCHA REDUÇÃO DE PVC P/ESGOTO 75X50MM (3\"X2\")","UN",{"v":5.3,"d":"5.30"},null,null,{"v":5.3,"d":"5.30"}]
["I0322","BUCHA REDUÇÃO FERRO FUNDIDO 100X75MM","UN",71.33,null,null,71.33]
["I0323","BUCHA REDUÇÃO FERRO FUNDIDO 150X100MM","UN",{"v":260.9,"d":"260.90"},null,null,{"v":260.9,"d":"260.90"}]
["I0324","BUCHA REDUÇÃO FERRO FUNDIDO 75X50MM","UN",{"v":60.4,"d":"60.40"},null,null,{"v":60.4,"d":"60.40"}]
["I0325","BUCHA REDUÇÃO LONGA PVC ESGOTO 50X40MM","UN",{"v":2.3,"d":"2.30"},null,null,{"v":2.3,"d":"2.30"}]
["I0302","BUCHA REDUCAO PVC CURTA 75X50MM - AF","UN",{"v":13.6,"d":"13.60"},null,null,{"v":13.6,"d":"13.60"}]
["I0303","BUCHA REDUÇÃO PVC ROSCAVEL DE 1 1/2X1 1/4''","UN",3.51,null,null,3.51]
["I0304","BUCHA REDUÇÃO PVC ROSCAVEL DE 1 1/2X1''","UN",{"v":3.8,"d":"3.80"},null,null,{"v":3.8,"d":"3.80"}]
["I0305","BUCHA REDUÇÃO PVC ROSCAVEL DE 1 1/2X1/2''","UN",4.51,null,null,4.51]
["I0306","BUCHA REDUÇÃO PVC ROSCAVEL DE 1 1/2X3/4''","UN",3.74,null,null,3.74]
["I0307","BUCHA REDUÇÃO PVC ROSCAVEL DE 1 1/4X1''","UN",4.23,null,null,4.23]
["I0308","BUCHA REDUÇÃO PVC ROSCAVEL DE 1 1/4X1/2''","UN",{"v":3.8,"d":"3.80"},null,null,{"v":3.8,"d":"3.80"}]
["I0309","BUCHA REDUÇÃO PVC ROSCAVEL DE 1 1/4X3/4''","UN",{"v":4.1,"d":"4.10"},null,null,{"v":4.1,"d":"4.10"}]
["I0310","BUCHA REDUÇÃO PVC ROSCAVEL DE 1 X1/2''","UN",{"v":2.5,"d":"2.50"},null,null,{"v":2.5,"d":"2.50"}]
["I0311","BUCHA REDUÇÃO PVC ROSCAVEL DE 1X3/4''","UN",{"v":1.5,"d":"1.50"},null,null,{"v":1.5,"d":"1.50"}]
["I0312","BUCHA REDUÇÃO PVC ROSCAVEL DE 2 1/2X1 1/2''","UN",{"v":19.1,"d":"19.10"},null,null,{"v":19.1,"d":"19.10"}]
["I0313","BUCHA REDUÇÃO PVC ROSCAVEL DE 2 1/2X1 1/4''","UN",17.53,null,null,17.53]
["I0314","BUCHA REDUÇÃO PVC ROSCAVEL DE 2 1/2X2''","UN",{"v":23.9,"d":"23.90"},null,null,{"v":23.9,"d":"23.90"}]
["I0315","BUCHA REDUÇÃO PVC ROSCAVEL DE 2X1 1/2''","UN",{"v":8.5,"d":"8.50"},null,null,{"v":8.5,"d":"8.50"}]
["I0316","BUCHA REDUÇÃO PVC ROSCAVEL DE 2X1 1/4''","UN",{"v":9.9,"d":"9.90"},null,null,{"v":9.9,"d":"9.90"}]
["I0317","BUCHA REDUÇÃO PVC ROSCAVEL DE 2X1''","UN",{"v":9.6,"d":"9.60"},null,null,{"$f":"D556","v":{"v":9.6,"d":"9.60"}}]
["I0318","BUCHA REDUÇÃO PVC ROSCAVEL DE 3/4X1/2''","UN",0.73,null,null,0.73]
["I0319","BUCHA REDUÇÃO PVC ROSCAVEL DE 3X1 1/2''","UN",18.55,null,null,18.55]
["I0320","BUCHA REDUÇÃO PVC ROSCAVEL DE 3X2 1/2''","UN",26.71,null,null,26.71]
["I0321","BUCHA REDUÇÃO PVC ROSCAVEL DE 4X3''","UN",{"v":67.8,"d":"67.80"},null,null,{"v":67.8,"d":"67.80"}]
["I0326","BUJÃO AÇO GALVANIZADO 1 1/4''","UN",{"v":6.2,"d":"6.20"},null,null,{"v":6.2,"d":"6.20"}]
["I0327","BUJÃO AÇO GALVANIZADO 1/2''","UN",1.68,null,null,1.68]
["I0328","BUJÃO AÇO GALVANIZADO 2 1/2''","UN",18.97,null,null,18.97]
["I0329","BUJÃO AÇO GALVANIZADO 4''","UN",43.95,null,null,43.95]
["I8107","BUJÃO AUTOMÁTICO","UN",17.61,null,null,17.61]
["I0330","BUQUE NIQUELADO 4 PONTAS","UN",39.92,null,null,39.92]
["I8196","CABEÇOS DE AMARRAÇÃO EM FoFo 1500 KN","UN",{"v":14223.72,"d":"14,223.72"},null,null,{"v":14223.72,"d":"14,223.72"}]
["I0332","CABEÇOTE DE ALUMINIO P/TELEFONE","UN",5.65,null,null,5.65]
["I0333","CABIDE DE LOUÇA BRANCA COM 2 GANCHOS","UN",{"v":5.9,"d":"5.90"},null,null,{"v":5.9,"d":"5.90"}]
["I0334","CABIDE DE LOUÇA DE 1 GANCHO","UN",{"v":10.8,"d":"10.80"},null,null,{"v":10.8,"d":"10.80"}]
["I0335","CABO AÇO 3/16\"","M",4.23,null,null,4.23]
["I6399","CABO BLINDADO 2x18 AWG","M",5.34,null,null,5.34]
["I8500","CABO BLINDADO FLEXÍVEL TETRAPOLAR 3 x 10,0 mm² + 10,0 mm²","M",{"v":16.4,"d":"16.40"},null,null,{"v":16.4,"d":"16.40"}]
["I8507","CABO BLINDADO FLEXÍVEL TETRAPOLAR 3 x 120,0 mm² + 70,0 mm²","M",142.09,null,null,142.09]
["I8508","CABO BLINDADO FLEXÍVEL TETRAPOLAR 3 x 150,0 mm² + 95,0 mm²","M",{"v":179.3,"d":"179.30"},null,null,{"v":179.3,"d":"179.30"}]
["I8501","CABO BLINDADO FLEXÍVEL TETRAPOLAR 3 x 16,0 mm² + 16,0 mm²","M",24.26,null,null,24.26]
["I8509","CABO BLINDADO FLEXÍVEL TETRAPOLAR 3 x 185,0 mm² + 95,0 mm²","M",207.62,null,null,207.62]
["I8497","CABO BLINDADO FLEXÍVEL TETRAPOLAR 3 x 2,5 mm² + 2,5 mm²","M",3.56,null,null,3.56]
["I8510","CABO BLINDADO FLEXÍVEL TETRAPOLAR 3 x 240,0 mm² + 120,0 mm²","M",252.69,null,null,252.69]
["I8502","CABO BLINDADO FLEXÍVEL TETRAPOLAR 3 x 25,0 mm² + 25,0 mm²","M",33.02,null,null,33.02]
["I8503","CABO BLINDADO FLEXÍVEL TETRAPOLAR 3 x 35,0 mm² + 16,0 mm²","M",{"v":42.4,"d":"42.40"},null,null,{"v":42.4,"d":"42.40"}]
["I8498","CABO BLINDADO FLEXÍVEL TETRAPOLAR 3 x 4,0 mm² + 4,0 mm²","M",8.52,null,null,8.52]
["I8504","CABO BLINDADO FLEXÍVEL TETRAPOLAR 3 x 50,0 mm² + 25,0 mm²","M",{"v":60.7,"d":"60.70"},null,null,{"v":60.7,"d":"60.70"}]
["I8499","CABO BLINDADO FLEXÍVEL TETRAPOLAR 3 x 6,0 mm² + 6,0 mm²","M",11.08,null,null,11.08]
["I8505","CABO BLINDADO FLEXÍVEL TETRAPOLAR 3 x 70,0 mm² + 35,0 mm²","M",{"v":87.1,"d":"87.10"},null,null,{"v":87.1,"d":"87.10"}]
["I8506","CABO BLINDADO FLEXÍVEL TETRAPOLAR 3 x 95,0 mm² + 50,0 mm²","M",110.96,null,null,110.96]
["I6139","CABO CLASSE 1KV 2 X 1,5MM2","M",1.55,null,null,1.55]
["I6138","CABO CLASSE 1KV 3 X 1,5MM2","M",2.17,null,null,2.17]
["I6141","CABO CLASSE 1KV 3 X 2,5MM2","M",3.25,null,null,3.25]
["I6143","CABO CLASSE 1KV 4 X 10MM2","M",15.75,null,null,15.75]
["I6144","CABO CLASSE 1KV 4 X 16MM2","M",24.63,null,null,24.63]
["I6140","CABO CLASSE 1KV 4 X 2,5MM2","M",4.22,null,null,4.22]
["I6145","CABO CLASSE 1KV 4 X 25MM2","M",{"v":36.6,"d":"36.60"},null,null,{"v":36.6,"d":"36.60"}]
["I6146","CABO CLASSE 1KV 4 X 35MM2","M",52.13,null,null,52.13]
["I6142","CABO CLASSE 1KV 4 X 6MM2","M",9.36,null,null,9.36]
["I6147","CABO CLASSE 1KV 4 X 70MM2","M",132.61,null,null,132.61]
["I6148","CABO CLASSE 1KV 4 X 95MM2","M",182.59,null,null,182.59]
["I0461","CABO COBRE NU  50MM2","M",16.99,null,null,16.99]
["I0336","CABO COBRE NU 10MM2","M",3.77,null,null,3.77]
["I0337","CABO COBRE NU 120MM2","M",45.84,null,null,45.84]
["I0365","CABO COBRE NU 16MM2","M",5.46,null,null,5.46]
["I0338","CABO COBRE NU 25MM2","M",8.05,null,null,8.05]
["I0339","CABO COBRE NU 35MM2","M",13.75,null,null,13.75]
["I0340","CABO COBRE NU 6MM2","M",3.59,null,null,3.59]
["I0341","CABO COBRE NU 70MM2","M",{"v":23.2,"d":"23.20"},null,null,{"v":23.2,"d":"23.20"}]
["I8438","CABO CORDPLAST (CABO PP) 3 x 2,50 mm²","M",3.44,null,null,3.44]
["I8158","CABO DE ALUMÍNIO COM ALMA DE AÇO, BITOLA 1/0 AWG, FORMAÇÃO 6/1 FIOS - RAVEM","KM",{"v":3773.14,"d":"3,773.14"},null,null,{"v":3773.14,"d":"3,773.14"}]
["I8157","CABO DE ALUMÍNIO COM ALMA DE AÇO, BITOLA 2 AWG, FORMAÇÃO 6/1 FIOS - SPARROW","KM",{"v":2364.73,"d":"2,364.73"},null,null,{"v":2364.73,"d":"2,364.73"}]
["I8159","CABO DE ALUMÍNIO COM ALMA DE AÇO, BITOLA 2/0 AWG, FORMAÇÃO 6/1 FIOS - QUAIL","KM",{"v":4746.86,"d":"4,746.86"},null,null,{"v":4746.86,"d":"4,746.86"}]
["I8162","CABO DE ALUMÍNIO COM ALMA DE AÇO, BITOLA 266,8 MCM, FORMAÇÃO 26/7 FIOS - PARTRIDGE","KM",{"v":9493.71,"d":"9,493.71"},null,null,{"v":9493.71,"d":"9,493.71"}]
["I8160","CABO DE ALUMÍNIO COM ALMA DE AÇO, BITOLA 3/0 AWG, FORMAÇÃO 6/1 FIOS - PIGEON","KM",{"v":5981.38,"d":"5,981.38"},null,null,{"v":5981.38,"d":"5,981.38"}]
["I8163","CABO DE ALUMÍNIO COM ALMA DE AÇO, BITOLA 300 MCM, FORMAÇÃO 26/7 FIOS - OSTRICH","KM",{"v":10693.46,"d":"10,693.46"},null,null,{"v":10693.46,"d":"10,693.46"}]
["I8164","CABO DE ALUMÍNIO COM ALMA DE AÇO, BITOLA 336,6 MCM, FORMAÇÃO 26/7 FIOS - LINNET","KM",{"v":11980.16,"d":"11,980.16"},null,null,{"v":11980.16,"d":"11,980.16"}]
["I8165","CABO DE ALUMÍNIO COM ALMA DE AÇO, BITOLA 397,5 MCM, FORMAÇÃO 26/7 FIOS - IBIS","KM",{"v":14152.73,"d":"14,152.73"},null,null,{"v":14152.73,"d":"14,152.73"}]
["I8156","CABO DE ALUMÍNIO COM ALMA DE AÇO, BITOLA 4 AWG, FORMAÇÃO 6/1 FIOS - SWAN","KM",{"v":1484.91,"d":"1,484.91"},null,null,{"v":1484.91,"d":"1,484.91"}]
["I8161","CABO DE ALUMÍNIO COM ALMA DE AÇO, BITOLA 4/0 AWG, FORMAÇÃO 6/1 FIOS - PENGUIN","KM",{"v":7528.9,"d":"7,528.90"},null,null,{"v":7528.9,"d":"7,528.90"}]
["I8166","CABO DE ALUMÍNIO COM ALMA DE AÇO, BITOLA 477 MCM, FORMAÇÃO 26/7 FIOS - HAWK","KM",{"v":17005.21,"d":"17,005.21"},null,null,{"v":17005.21,"d":"17,005.21"}]
["I8167","CABO DE ALUMÍNIO COM ALMA DE AÇO, BITOLA 556,5 MCM, FORMAÇÃO 26/7 FIOS - DOVE","KM",{"v":19822.03,"d":"19,822.03"},null,null,{"v":19822.03,"d":"19,822.03"}]
["I8815","CABO DE ALUMÍNIO ISOLADO XLPE 06/1KV 10MM2","M",1.43,null,null,1.43]
["I8822","CABO DE ALUMÍNIO ISOLADO XLPE 06/1KV 120MM2","M",10.59,null,null,{"$f":"D620","v":10.59}]
["I8823","CABO DE ALUMÍNIO ISOLADO XLPE 06/1KV 150MM2","M",12.61,null,null,12.61]
["I8816","CABO DE ALUMÍNIO ISOLADO XLPE 06/1KV 16MM2","M",1.82,null,null,1.82]
["I8824","CABO DE ALUMÍNIO ISOLADO XLPE 06/1KV 185MM2","M",16.32,null,null,16.32]
["I8825","CABO DE ALUMÍNIO ISOLADO XLPE 06/1KV 240MM2","M",20.85,null,null,20.85]
["I8817","CABO DE ALUMÍNIO ISOLADO XLPE 06/1KV 25MM2","M",2.72,null,null,2.72]
["I8826","CABO DE ALUMÍNIO ISOLADO XLPE 06/1KV 300MM2","M",34.79,null,null,34.79]
["I8818","CABO DE ALUMÍNIO ISOLADO XLPE 06/1KV 35MM2","M",3.31,null,null,3.31]
["I8819","CABO DE ALUMÍNIO ISOLADO XLPE 06/1KV 50MM2","M",4.57,null,null,4.57]
["I8820","CABO DE ALUMÍNIO ISOLADO XLPE 06/1KV 70MM2","M",6.37,null,null,6.37]
["I8821","CABO DE ALUMÍNIO ISOLADO XLPE 06/1KV 95MM2","M",9.08,null,null,9.08]
["I8175","CABO DE ALUMÍNIO LIGA 6201, FORMAÇÃO 19 FIOS, SEÇÃO 160 mm² - BUTTE","KM",{"v":8445.48,"d":"8,445.48"},null,null,{"v":8445.48,"d":"8,445.48"}]
["I8842","CABO DE ALUMÍNIO MULTIPLEX XLPE 06/1KV 1X1X10+10MM2","M",1.88,null,null,1.88]
["I8843","CABO DE ALUMÍNIO MULTIPLEX XLPE 06/1KV 1X1X16+16MM2","M",2.62,null,null,2.62]
["I8844","CABO DE ALUMÍNIO MULTIPLEX XLPE 06/1KV 1X1X25+25MM2","M",4.02,null,null,4.02]
["I8845","CABO DE ALUMÍNIO MULTIPLEX XLPE 06/1KV 1X1X35+35MM2","M",6.34,null,null,6.34]
["I8846","CABO DE ALUMÍNIO MULTIPLEX XLPE 06/1KV 2X1X10+10MM2","M",2.97,null,null,2.97]
["I8847","CABO DE ALUMÍNIO MULTIPLEX XLPE 06/1KV 2X1X16+16MM2","M",3.67,null,null,3.67]
["I8848","CABO DE ALUMÍNIO MULTIPLEX XLPE 06/1KV 2X1X25+25MM2","M",6.19,null,null,6.19]
["I8849","CABO DE ALUMÍNIO MULTIPLEX XLPE 06/1KV 2X1X35+35MM2","M",9.29,null,null,9.29]
["I8850","CABO DE ALUMÍNIO MULTIPLEX XLPE 06/1KV 2X1X50+50MM2","M",12.65,null,null,12.65]
["I8851","CABO DE ALUMÍNIO MULTIPLEX XLPE 06/1KV 2X1X70+70MM2","M",17.74,null,null,17.74]
["I8852","CABO DE ALUMÍNIO MULTIPLEX XLPE 06/1KV 3X1X10+10MM2","M",4.05,null,null,4.05]
["I8859","CABO DE ALUMÍNIO MULTIPLEX XLPE 06/1KV 3X1X120+70MM2","M",35.25,null,null,35.25]
["I8853","CABO DE ALUMÍNIO MULTIPLEX XLPE 06/1KV 3X1X16+16MM2","M",5.85,null,null,5.85]
["I8854","CABO DE ALUMÍNIO MULTIPLEX XLPE 06/1KV 3X1X25+25MM2","M",{"v":8.4,"d":"8.40"},null,null,{"v":8.4,"d":"8.40"}]
["I8855","CABO DE ALUMÍNIO MULTIPLEX XLPE 06/1KV 3X1X35+35MM2","M",12.23,null,null,12.23]
["I8856","CABO DE ALUMÍNIO MULTIPLEX XLPE 06/1KV 3X1X50+50MM2","M",16.82,null,null,16.82]
["I8857","CABO DE ALUMÍNIO MULTIPLEX XLPE 06/1KV 3X1X70+70MM2","M",23.69,null,null,23.69]
["I8858","CABO DE ALUMÍNIO MULTIPLEX XLPE 06/1KV 3X1X95+70MM2","M",30.06,null,null,30.06]
["I8827","CABO DE ALUMÍNIO PROTEGIDO 15KV  35MM2","M",5.55,null,null,5.55]
["I8828","CABO DE ALUMÍNIO PROTEGIDO 15KV  50MM2","M",6.43,null,null,6.43]
["I8831","CABO DE ALUMÍNIO PROTEGIDO 15KV 120MM2","M",13.25,null,null,13.25]
["I8832","CABO DE ALUMÍNIO PROTEGIDO 15KV 150MM2","M",16.07,null,null,16.07]
["I8833","CABO DE ALUMÍNIO PROTEGIDO 15KV 185MM2","M",18.72,null,null,18.72]
["I8834","CABO DE ALUMÍNIO PROTEGIDO 15KV 240MM2","M",24.08,null,null,24.08]
["I8835","CABO DE ALUMÍNIO PROTEGIDO 15KV 300MM2","M",37.45,null,null,37.45]
["I8829","CABO DE ALUMÍNIO PROTEGIDO 15KV 70MM2","M",8.38,null,null,8.38]
["I8830","CABO DE ALUMÍNIO PROTEGIDO 15KV 95MM2","M",10.61,null,null,10.61]
["I8840","CABO DE ALUMÍNIO PROTEGIDO 25KV 150MM2","M",16.07,null,null,16.07]
["I8841","CABO DE ALUMÍNIO PROTEGIDO 25KV 185MM2","M",18.72,null,null,18.72]
["I8836","CABO DE ALUMÍNIO PROTEGIDO 25KV 35MM2","M",8.13,null,null,8.13]
["I8837","CABO DE ALUMÍNIO PROTEGIDO 25KV 50MM2","M",9.59,null,null,9.59]
["I8838","CABO DE ALUMÍNIO PROTEGIDO 25KV 70MM2","M",12.51,null,null,12.51]
["I8839","CABO DE ALUMÍNIO PROTEGIDO 25KV 95MM2","M",15.39,null,null,15.39]
["I8170","CABO DE ALUMÍNIO SIMPLES, TIPO CA, BITOLA 1/0 AWG, FORMAÇÃO 7/3,12","KM",{"v":2986.83,"d":"2,986.83"},null,null,{"v":2986.83,"d":"2,986.83"}]
["I8169","CABO DE ALUMÍNIO SIMPLES, TIPO CA, BITOLA 2 AWG, FORMAÇÃO 7/2,47","KM",{"v":1877.15,"d":"1,877.15"},null,null,{"v":1877.15,"d":"1,877.15"}]
["I8171","CABO DE ALUMÍNIO SIMPLES, TIPO CA, BITOLA 2/0 AWG, FORMAÇÃO 7/3,50","KM",{"v":3578.73,"d":"3,578.73"},null,null,{"v":3578.73,"d":"3,578.73"}]
["I8174","CABO DE ALUMÍNIO SIMPLES, TIPO CA, BITOLA 266,8 MCM, FORMAÇÃO 7/4,96","KM",{"v":7551.11,"d":"7,551.11"},null,null,{"v":7551.11,"d":"7,551.11"}]
["I8172","CABO DE ALUMÍNIO SIMPLES, TIPO CA, BITOLA 3/0 AWG, FORMAÇÃO 7/3,93","KM",{"v":4748.56,"d":"4,748.56"},null,null,{"v":4748.56,"d":"4,748.56"}]
["I8168","CABO DE ALUMÍNIO SIMPLES, TIPO CA, BITOLA 4 AWG, FORMAÇÃO 7/1,96","KM",{"v":1180.55,"d":"1,180.55"},null,null,{"v":1180.55,"d":"1,180.55"}]
["I8173","CABO DE ALUMÍNIO SIMPLES, TIPO CA, BITOLA 4/0 AWG, FORMAÇÃO 7/4,42","KM",{"v":5985.82,"d":"5,985.82"},null,null,{"v":5985.82,"d":"5,985.82"}]
["I6276","CABO DE COBRE ISOLADO 4x4mm2 / 1KV","M",5.27,null,null,5.27]
["I6149","CABO DE COBRE ISOLADO 750V MULTIPOLAR 2 X 1,50MM2","M",1.67,null,null,1.67]
["I8074","CABO DE COBRE NÚ 25mm²","KG",8.09,null,null,8.09]
["I6495","CABO DE COBRE NÚ PARA ATERRAMENTO, TÊMPERA MOLE, FORMAÇÃO EM FIOS ENCORDOADOS, CONFORME ESPECIFICAÇÕES DA NBR-5111 - 10 mm2","M",3.52,null,null,3.52]
["I7375","CABO DE COBRE NU, FORMAÇÃO 7 FIOS, 10mm²","M",3.63,null,null,3.63]
["I8181","CABO DE COBRE NÚ, TÊMPERA MEIO DURA, SEÇÃO 120mm², FORMAÇÃO 19 FIOS","KM",{"v":36789.81,"d":"36,789.81"},null,null,{"v":36789.81,"d":"36,789.81"}]
["I8182","CABO DE COBRE NÚ, TÊMPERA MEIO DURA, SEÇÃO 150mm², FORMAÇÃO 19 FIOS","KM",{"v":46207.56,"d":"46,207.56"},null,null,{"v":46207.56,"d":"46,207.56"}]
["I8183","CABO DE COBRE NÚ, TÊMPERA MEIO DURA, SEÇÃO 185mm², FORMAÇÃO 19 FIOS","KM",{"v":53772.21,"d":"53,772.21"},null,null,{"v":53772.21,"d":"53,772.21"}]
["I8184","CABO DE COBRE NÚ, TÊMPERA MEIO DURA, SEÇÃO 240mm², FORMAÇÃO 19 FIOS","KM",{"v":72355.02,"d":"72,355.02"},null,null,{"v":72355.02,"d":"72,355.02"}]
["I8176","CABO DE COBRE NÚ, TÊMPERA MEIO DURA, SEÇÃO 25mm², FORMAÇÃO 7 FIOS","KM",{"v":6777.41,"d":"6,777.41"},null,null,{"v":6777.41,"d":"6,777.41"}]
["I8177","CABO DE COBRE NÚ, TÊMPERA MEIO DURA, SEÇÃO 35mm², FORMAÇÃO 7 FIOS","KM",{"v":9984.68,"d":"9,984.68"},null,null,{"v":9984.68,"d":"9,984.68"}]
["I8178","CABO DE COBRE NÚ, TÊMPERA MEIO DURA, SEÇÃO 50mm², FORMAÇÃO 7 FIOS","KM",{"v":14377.7,"d":"14,377.70"},null,null,{"v":14377.7,"d":"14,377.70"}]
["I8179","CABO DE COBRE NÚ, TÊMPERA MEIO DURA, SEÇÃO 70mm², FORMAÇÃO 7 FIOS","KM",{"v":19013.67,"d":"19,013.67"},null,null,{"$f":"D684","v":{"v":19013.67,"d":"19,013.67"}}]
["I8180","CABO DE COBRE NÚ, TÊMPERA MEIO DURA, SEÇÃO 95mm², FORMAÇÃO 19 FIOS","KM",{"v":27112.88,"d":"27,112.88"},null,null,{"v":27112.88,"d":"27,112.88"}]
["I6816","CABO DE FIBRA ÓTICA, 01 PAR","M",3.48,null,null,3.48]
["I6817","CABO DE FIBRA ÓTICA, 02 PARES","M",4.57,null,null,4.57]
["I6818","CABO DE FIBRA ÓTICA, 03 PARES","M",4.81,null,null,4.81]
["I6819","CABO DE FIBRA ÓTICA, 04 PARES","M",5.18,null,null,5.18]
["I0366","CABO EM PVC 1000V 10MM2","M",{"v":5.3,"d":"5.30"},null,null,{"v":5.3,"d":"5.30"}]
["I0367","CABO EM PVC 1000V 120MM2","M",49.56,null,null,49.56]
["I0368","CABO EM PVC 1000V 150MM2","M",62.96,null,null,62.96]
["I0369","CABO EM PVC 1000V 16MM2","M",7.96,null,null,7.96]
["I0370","CABO EM PVC 1000V 185MM2","M",77.15,null,null,77.15]
["I8229","CABO EM PVC 1000V 2,5 mm²","M",1.55,null,null,1.55]
["I0371","CABO EM PVC 1000V 240MM2","M",97.57,null,null,97.57]
["I0372","CABO EM PVC 1000V 25MM2","M",12.28,null,null,12.28]
["I9074","CABO EM PVC 1000V 300MM2","M",114.98,null,null,114.98]
["I0373","CABO EM PVC 1000V 35MM2","M",16.17,null,null,16.17]
["I0374","CABO EM PVC 1000V 4MM2","M",2.77,null,null,2.77]
["I0331","CABO EM PVC 1000V 50MM2","M",20.46,null,null,20.46]
["I0375","CABO EM PVC 1000V 6MM2","M",3.45,null,null,3.45]
["I0376","CABO EM PVC 1000V 70MM2","M",30.61,null,null,30.61]
["I0377","CABO EM PVC 1000V 95MM2","M",{"v":42.9,"d":"42.90"},null,null,{"v":42.9,"d":"42.90"}]
["I8374","CABO EM PVC 15000V 120MM2","M",64.65,null,null,64.65]
["I8373","CABO EM PVC 15000V 35MM2","M",46.03,null,null,46.03]
["I6150","CABO EPROTENAX 3 X 1.5MM2","M",{"v":1.9,"d":"1.90"},null,null,{"v":1.9,"d":"1.90"}]
["I6152","CABO EPROTENAX 3 X 35MM2","M",33.98,null,null,33.98]
["I6151","CABO EPROTENAX 4 X 16MM2","M",20.68,null,null,20.68]
["I8451","CABO FLEXÍVEL TETRAPOLAR 4 x 1,5 mm²","M",2.33,null,null,2.33]
["I8455","CABO FLEXÍVEL TETRAPOLAR 4 x 10,0 mm²","M",11.51,null,null,11.51]
["I8462","CABO FLEXÍVEL TETRAPOLAR 4 x 120,0 mm²","M",143.68,null,null,143.68]
["I8463","CABO FLEXÍVEL TETRAPOLAR 4 x 150,0 mm²","M",178.81,null,null,178.81]
["I8456","CABO FLEXÍVEL TETRAPOLAR 4 x 16,0 mm²","M",18.27,null,null,18.27]
["I8464","CABO FLEXÍVEL TETRAPOLAR 4 x 185,0 mm²","M",214.72,null,null,214.72]
["I8452","CABO FLEXÍVEL TETRAPOLAR 4 x 2,5 mm²","M",3.39,null,null,3.39]
["I8465","CABO FLEXÍVEL TETRAPOLAR 4 x 240,0 mm²","M",283.51,null,null,283.51]
["I8457","CABO FLEXÍVEL TETRAPOLAR 4 x 25,0 mm²","M",28.17,null,null,28.17]
["I8458","CABO FLEXÍVEL TETRAPOLAR 4 x 35,0 mm²","M",39.88,null,null,39.88]
["I8453","CABO FLEXÍVEL TETRAPOLAR 4 x 4,0 mm²","M",5.19,null,null,5.19]
["I8459","CABO FLEXÍVEL TETRAPOLAR 4 x 50,0 mm²","M",61.38,null,null,61.38]
["I8454","CABO FLEXÍVEL TETRAPOLAR 4 x 6,0 mm²","M",6.97,null,null,6.97]
["I8460","CABO FLEXÍVEL TETRAPOLAR 4 x 70,0 mm²","M",82.03,null,null,82.03]
["I8461","CABO FLEXÍVEL TETRAPOLAR 4 x 95,0 mm²","M",104.21,null,null,104.21]
["I8472","CABO FLEXÍVEL TETRAPOLAR BLINDADO 12 x 1,0 mm²","M",6.35,null,null,6.35]
["I8479","CABO FLEXÍVEL TETRAPOLAR BLINDADO 12 x 1,5 mm²","M",10.25,null,null,10.25]
["I8486","CABO FLEXÍVEL TETRAPOLAR BLINDADO 12 x 2,5 mm²","M",13.88,null,null,13.88]
["I8493","CABO FLEXÍVEL TETRAPOLAR BLINDADO 12 x 4,0 mm²","M",29.27,null,null,29.27]
["I8473","CABO FLEXÍVEL TETRAPOLAR BLINDADO 15 x 1,0 mm²","M",12.22,null,null,12.22]
["I8480","CABO FLEXÍVEL TETRAPOLAR BLINDADO 15 x 1,5 mm²","M",16.57,null,null,16.57]
["I8487","CABO FLEXÍVEL TETRAPOLAR BLINDADO 15 x 2,5 mm²","M",{"v":24.4,"d":"24.40"},null,null,{"v":24.4,"d":"24.40"}]
["I8494","CABO FLEXÍVEL TETRAPOLAR BLINDADO 15 x 4,0 mm²","M",35.83,null,null,35.83]
["I8466","CABO FLEXÍVEL TETRAPOLAR BLINDADO 2 x 1,0 mm²","M",3.67,null,null,3.67]
["I8474","CABO FLEXÍVEL TETRAPOLAR BLINDADO 20 x 1,0 mm²","M",15.08,null,null,15.08]
["I8481","CABO FLEXÍVEL TETRAPOLAR BLINDADO 20 x 1,5 mm²","M",15.98,null,null,15.98]
["I8488","CABO FLEXÍVEL TETRAPOLAR BLINDADO 20 x 2,5 mm²","M",22.16,null,null,22.16]
["I8495","CABO FLEXÍVEL TETRAPOLAR BLINDADO 20 x 4,0 mm²","M",45.92,null,null,45.92]
["I8475","CABO FLEXÍVEL TETRAPOLAR BLINDADO 25 x 1,0 mm²","M",{"v":18.1,"d":"18.10"},null,null,{"v":18.1,"d":"18.10"}]
["I8482","CABO FLEXÍVEL TETRAPOLAR BLINDADO 25 x 1,5 mm²","M",24.97,null,null,24.97]
["I8489","CABO FLEXÍVEL TETRAPOLAR BLINDADO 25 x 2,5 mm²","M",26.98,null,null,26.98]
["I8496","CABO FLEXÍVEL TETRAPOLAR BLINDADO 25 x 4,0 mm²","M",56.08,null,null,56.08]
["I8467","CABO FLEXÍVEL TETRAPOLAR BLINDADO 3 x 1,0 mm²","M",4.24,null,null,4.24]
["I8468","CABO FLEXÍVEL TETRAPOLAR BLINDADO 4 x 1,0 mm²","M",6.25,null,null,6.25]
["I8469","CABO FLEXÍVEL TETRAPOLAR BLINDADO 5 x 1,0 mm²","M",6.69,null,null,6.69]
["I8476","CABO FLEXÍVEL TETRAPOLAR BLINDADO 5 x 1,5 mm²","M",5.62,null,null,5.62]
["I8483","CABO FLEXÍVEL TETRAPOLAR BLINDADO 5 x 2,5 mm²","M",6.92,null,null,6.92]
["I8490","CABO FLEXÍVEL TETRAPOLAR BLINDADO 5 x 4,0 mm²","M",8.37,null,null,8.37]
["I8470","CABO FLEXÍVEL TETRAPOLAR BLINDADO 7 x 1,0 mm²","M",4.09,null,null,{"$f":"D748","v":4.09}]
["I8477","CABO FLEXÍVEL TETRAPOLAR BLINDADO 7 x 1,5 mm²","M",6.77,null,null,6.77]
["I8484","CABO FLEXÍVEL TETRAPOLAR BLINDADO 7 x 2,5 mm²","M",8.94,null,null,8.94]
["I8491","CABO FLEXÍVEL TETRAPOLAR BLINDADO 7 x 4,0 mm²","M",11.04,null,null,11.04]
["I8471","CABO FLEXÍVEL TETRAPOLAR BLINDADO 9 x 1,0 mm²","M",4.97,null,null,4.97]
["I8478","CABO FLEXÍVEL TETRAPOLAR BLINDADO 9 x 1,5 mm²","M",8.43,null,null,8.43]
["I8485","CABO FLEXÍVEL TETRAPOLAR BLINDADO 9 x 2,5 mm²","M",11.21,null,null,11.21]
["I8492","CABO FLEXÍVEL TETRAPOLAR BLINDADO 9 x 4,0 mm²","M",24.45,null,null,24.45]
["I0378","CABO ISOLADO DE 35MM2-15KV","M",36.33,null,null,36.33]
["I0342","CABO ISOLADO EM PVC  16MM2 - 750V","M",6.66,null,null,6.66]
["I0343","CABO ISOLADO EM PVC 120MM2 - 750V","M",47.12,null,null,47.12]
["I0344","CABO ISOLADO EM PVC 150MM2 - 750V","M",{"v":57.5,"d":"57.50"},null,null,{"v":57.5,"d":"57.50"}]
["I0345","CABO ISOLADO EM PVC 185MM2 - 750V","M",68.94,null,null,68.94]
["I0346","CABO ISOLADO EM PVC 240MM2 - 750V","M",87.44,null,null,87.44]
["I0347","CABO ISOLADO EM PVC 25MM2 - 750V","M",10.14,null,null,10.14]
["I0348","CABO ISOLADO EM PVC 300MM2 - 750V","M",112.03,null,null,112.03]
["I0349","CABO ISOLADO EM PVC 35MM2 - 750V","M",14.55,null,null,14.55]
["I0350","CABO ISOLADO EM PVC 400MM2 - 750V","M",{"v":149,"d":"149.00"},null,null,{"v":149,"d":"149.00"}]
["I0351","CABO ISOLADO EM PVC 500MM2 - 750V","M",169.55,null,null,169.55]
["I0352","CABO ISOLADO EM PVC 50MM2 - 750V","M",17.75,null,null,17.75]
["I0353","CABO ISOLADO EM PVC 70MM2 - 750V","M",26.05,null,null,26.05]
["I0354","CABO ISOLADO EM PVC 95MM2 - 750V","M",{"v":35.1,"d":"35.10"},null,null,{"v":35.1,"d":"35.10"}]
["I0355","CABO ISOLADO PVC 750V 10MM2","M",4.33,null,null,4.33]
["I0356","CABO ISOLADO PVC 750V 2,5 MM2","M",1.21,null,null,1.21]
["I0357","CABO ISOLADO PVC 750V 4MM2","M",1.72,null,null,1.72]
["I0358","CABO ISOLADO PVC 750V 6MM2","M",2.52,null,null,2.52]
["I0359","CABO LOGICO 4 PARES, CAT. 3 - UTP (10 MBPS)","M",{"v":1.2,"d":"1.20"},null,null,{"v":1.2,"d":"1.20"}]
["I0360","CABO LOGICO 4 PARES, CAT. 4 - UTP (20 MBPS)","M",{"v":1.5,"d":"1.50"},null,null,{"v":1.5,"d":"1.50"}]
["I8368","CABO LÓGICO 4 PARES, CAT. 6 - UTP","M",2.36,null,null,2.36]
["I0361","CABO LOGICO 4 PARES, CAT.5 - UTP (100 MBPS)","M",1.86,null,null,1.86]
["I8369","CABO LÓGICO CTP APL-100 - 50","M",29.95,null,null,29.95]
["I0362","CABO LOGICO/VIDEO COAXIAL 50 (OHMS)","M",{"v":1.4,"d":"1.40"},null,null,{"v":1.4,"d":"1.40"}]
["I0363","CABO LOGICO/VIDEO COAXIAL 75 (OHMS)","M",1.42,null,null,1.42]
["I0364","CABO LOGICO/VIDEO COAXIAL 95 (OHMS)","M",1.96,null,null,1.96]
["I6796","CABO POLIFÁSICO - 4 X 2,5MM","M",{"v":5.2,"d":"5.20"},null,null,{"v":5.2,"d":"5.20"}]
["I6178","CABO SINGELO ISOLAÇÃO 15 kV, DIÂMETRO 240 mm² - INSTALADO","M",120.39,null,null,120.39]
["I7429","CABO SINGELO ISOLAÇÃO 15 kV, DIÂMETRO 25 mm²","M",27.03,null,null,27.03]
["I6134","CABO SINGELO ISOLAÇÃO 15 kV, DIÂMETRO 35 mm² - INSTALADO","M",28.22,null,null,28.22]
["I6162","CABO SINGELO ISOLAÇÃO 15 kV, DIÂMETRO 70 mm² - INSTALADO","M",44.63,null,null,44.63]
["I0379","CABO TELEFONICO CCE - 2","M",1.36,null,null,1.36]
["I0380","CABO TELEFONICO CCE - 3","M",1.58,null,null,1.58]
["I0381","CABO TELEFONICO CCI-1","M",0.44,null,null,0.44]
["I0382","CABO TELEFONICO CCI-2","M",0.81,null,null,0.81]
["I0383","CABO TELEFONICO CCI-3","M",0.87,null,null,0.87]
["I0384","CABO TELEFONICO CCI-4","M",0.95,null,null,0.95]
["I0385","CABO TELEFONICO CCI-5","M",{"v":1,"d":"1.00"},null,null,{"v":1,"d":"1.00"}]
["I0386","CABO TELEFONICO CCI-6","M",1.85,null,null,1.85]
["I0387","CABO TELEFONICO CI 50-10","M",{"v":5,"d":"5.00"},null,null,{"v":5,"d":"5.00"}]
["I0388","CABO TELEFONICO CI 50-100","M",38.24,null,null,38.24]
["I0389","CABO TELEFONICO CI 50-20","M",9.68,null,null,9.68]
["I0390","CABO TELEFONICO CI 50-200","M",{"v":49.712,"d":"49.71"},null,null,{"v":49.712,"d":"49.71"}]
["I0391","CABO TELEFONICO CI 50-30","M",13.18,null,null,13.18]
["I0392","CABO TELEFONICO CI 50-50","M",23.41,null,null,23.41]
["I0393","CABO TELEFONICO CTP-APL 10","M",6.49,null,null,6.49]
["I0394","CABO TELEFONICO CTP-APL 100","M",{"v":25.8908,"d":"25.89"},null,null,{"v":25.8908,"d":"25.89"}]
["I0395","CABO TELEFONICO CTP-APL 20","M",11.29,null,null,11.29]
["I0396","CABO TELEFONICO CTP-APL 200","M",18.84,null,null,18.84]
["I0397","CABO TELEFONICO CTP-APL 30","M",15.32,null,null,15.32]
["I0398","CABO TELEFONICO CTP-APL 50","M",{"v":19.916,"d":"19.92"},null,null,{"v":19.916,"d":"19.92"}]
["I7376","CABO UNIPOLAR ISOLADO EM EPR 3,6/6kV, 10mm²","M",9.97,null,null,9.97]
["I6398","CAÇAMBA METÁLICA DE 5 M³","H",{"v":22,"d":"22.00"},null,null,{"$f":"D808","v":{"v":22,"d":"22.00"}}]
["I6033","CADASTRADOR","H",{"v":5.6,"d":"5.60"},{"v":12.1145,"d":"12.11"},"MO",{"$f":"E809","v":{"v":12.1145,"d":"12.11"}}]
["I0399","CADEADO GRANDE P/ CELAS","UN",26.27,null,null,{"$f":"D810","v":26.27}]
["I0400","CADEADO MEDIO","UN",{"v":15.6,"d":"15.60"},null,null,{"$f":"D811","v":{"v":15.6,"d":"15.60"}}]
["I0401","CADEADO PEQUENO","UN",{"v":10,"d":"10.00"},null,null,{"$f":"D812","v":{"v":10,"d":"10.00"}}]
["I8106","CADINHO LONGA VIDA","UN",520.01,null,null,{"$f":"D813","v":520.01}]
["I8601","CADISTA (COM ENCARGOS INCLUSOS)","HxMÊS",null,{"v":6117.1,"d":"6,117.10"},null,{"$f":"E814","v":{"v":6117.1,"d":"6,117.10"}}]
["I0403","CAGECE - LIGAÇÃO DE ÁGUA","UN",{"v":79,"d":"79.00"},null,null,{"$f":"D815","v":{"v":79,"d":"79.00"}}]
["I0402","CAGECE - LIGAÇÃO DE ESGOTO","UN",{"v":206,"d":"206.00"},null,null,{"v":206,"d":"206.00"}]
["I0405","CAIBRO DE 2\"x1\"","M",2.84,null,null,2.84]
["I0406","CAIXA ACOPLADA DE LOUÇA BRANCA PARA BACIA","UN",{"v":152.6,"d":"152.60"},null,null,{"v":152.6,"d":"152.60"}]
["I0407","CAIXA AQUATIC PVC RIGIDO REF. 921.07 COM ENCAIXE","UN",85.24,null,null,85.24]
["I0408","CAIXA AQUATIC PVC RIGIDO REF.921.06 SEM ENCAIXE","UN",74.83,null,null,74.83]
["I6249","CAIXA D'ÁGUA  EM FYBERGLASS CAP. 2000L, COM TAMPA","UN",907.32,null,null,907.32]
["I6245","CAIXA D'ÁGUA  EM FYBERGLASS CAP. 250L, COM TAMPA","UN",294.25,null,null,294.25]
["I6250","CAIXA D'ÁGUA  EM FYBERGLASS CAP. 5000L, COM TAMPA","UN",{"v":1934.35,"d":"1,934.35"},null,null,{"v":1934.35,"d":"1,934.35"}]
["I0409","CAIXA D'AGUA DE FIBROCIMENTO DE 1000 L, COM TAMPA","UN",297.91,null,null,297.91]
["I6812","CAIXA D'ÁGUA EM FIBRA DE VIDRO CAP. 5.000 L, MONTADA EM ESTRUTURA DE CONCRETO PRE-FABRICADA COMPOSTA DE SAPATA, PILAR CIRCULAR D=0,40m, COM PÉ DIREITO DE 6,00m, LAJE DE APOIO (FORNECIMENTO E MONTAGEM)","UN",{"v":5126.38,"d":"5,126.38"},null,null,{"v":5126.38,"d":"5,126.38"}]
["I8665","CAIXA D'ÁGUA EM FYBERGLASS CAP. 1000L, COM TAMPA","UN",{"v":388.5,"d":"388.50"},null,null,{"v":388.5,"d":"388.50"}]
["I6226","CAIXA D'ÁGUA EM FYBERGLASS CAP.500L, COM TAMPA","UN",208.58,null,null,208.58]
["I8576","CAIXA D'ÁGUA EM POLIETILENO CAP. 310 L COM TAMPA","UN",163.13,null,null,163.13]
["I6070","CAIXA D`ÁGUA DE FIBROCIMENTO DE 250 L, COM TAMPA","UN",{"v":139.9,"d":"139.90"},null,null,{"v":139.9,"d":"139.90"}]
["I6071","CAIXA D`ÁGUA DE FIBROCIMENTO DE 500 L, COM TAMPA","UN",{"v":237,"d":"237.00"},null,null,{"v":237,"d":"237.00"}]
["I0411","CAIXA DE AÇO 40X60CM P/RECALQUE","UN",222.87,null,null,222.87]
["I0414","CAIXA DE DESCARGA DE SOBREPOR COMPLETA","UN",{"v":32.2,"d":"32.20"},null,null,{"v":32.2,"d":"32.20"}]
["I0415","CAIXA DE DESCARGA FIBROC. DE EMBUTIR C/REGISTRO","UN",{"v":167,"d":"167.00"},null,null,{"v":167,"d":"167.00"}]
["I0416","CAIXA DE DESCARGA PLASTICA DE SOBREPOR","UN",{"v":27,"d":"27.00"},null,null,{"v":27,"d":"27.00"}]
["I6431","CAIXA DE EMBUTIR PVC - 3X3 OCTOGONAL","UN",{"v":3.1,"d":"3.10"},null,null,{"v":3.1,"d":"3.10"}]
["I6432","CAIXA DE EMBUTIR PVC - 4X2 RETANGULAR","UN",{"v":1.8,"d":"1.80"},null,null,{"v":1.8,"d":"1.80"}]
["I6433","CAIXA DE EMBUTIR PVC - 4X4 QUADRADA","UN",2.86,null,null,2.86]
["I8526","CAIXA DE EQUALIZAÇÃO DE TERRA EMBUTIR COM 9 TERMINAIS","UN",189.69,null,null,189.69]
["I6123","CAIXA DE GORDURA PRÉ-MOLDADA DE CIMENTO (PADRÃO MUTIRÃO)","UN",41.81,null,null,41.81]
["I8233","CAIXA DE INCÊNDIO 75 x 45 x 17 cm EM ALUMÍNIO","UN",291.13,null,null,291.13]
["I8524","CAIXA DE INSPEÇÃO DE TERRA CILÍNDRICA 300x600mm","UN",20.09,null,null,20.09]
["I0417","CAIXA DE LIGAÇÃO PLASTICA, DE SOBREPOR SISTEMA \"X\"","UN",4.24,null,null,4.24]
["I6620","CAIXA DE MEDIÇÃO E PROTEÇÃO, PADRÃO COELCE, FABRICADA EM CHAPA METÁLICA, COM DIM. 340 X 640 X 210mm","UN",69.19,null,null,69.19]
["I2512","CAIXA DE PISO PARA DUAS TOMADAS EM LATÃO DIAM.=2\"","UN",43.89,null,null,43.89]
["I6124","CAIXA DE PLÁSTICO 4\" X 2\" (PADRÃO MUTIRÃO)","UN",{"v":1.2,"d":"1.20"},null,null,{"v":1.2,"d":"1.20"}]
["I0418","CAIXA DERIVACAO 300X300MM","UN",27.77,null,null,27.77]
["I2942","CAIXA EM FIBRA OU EM POLIPROPILENO - P.CAGECE-P001","UN",40.17,null,null,40.17]
["I0419","CAIXA ESTAMPADA 3\"X3\", 4''X2'', 4\"X4\" - CHAPA 18","UN",1.06,null,null,1.06]
["I0420","CAIXA ESTAMPADA 4''X6''-CHAPA 18","UN",3.27,null,null,3.27]
["I0421","CAIXA INSPEÇÃO DO TERRA","UN",47.03,null,null,47.03]
["I0422","CAIXA LIGAÇÃO 240X180MM","UN",18.67,null,null,18.67]
["I0423","CAIXA LIGAÇÃO 250X250MM","UN",21.67,null,null,21.67]
["I0424","CAIXA LIGAÇÃO DIAM. 90MM","UN",{"v":26.7,"d":"26.70"},null,null,{"v":26.7,"d":"26.70"}]
["I0425","CAIXA MEDIÇÃO ENERGIA ATIVA/REATIVA 60X70X25CM","UN",133.88,null,null,133.88]
["I6275","CAIXA MOLDADA PARA 12 DISJUNTORES COM BARRRAMENTO (PADRÃO COELCE)","UN",132.72,null,null,132.72]
["I6274","CAIXA MOLDADA PARA 16 DISJUNTORES COM BARRRAMENTO (PADRÃO COELCE)","UN",132.72,null,null,132.72]
["I0427","CAIXA PARA CALHA FIBERGLASS","UN",38.62,null,null,38.62]
["I0428","CAIXA PASSAG. CHAPA C/TAMPA PARAF. 100X100X80MM","UN",7.41,null,null,7.41]
["I0429","CAIXA PASSAG. CHAPA C/TAMPA PARAF. 150X150X800MM","UN",{"v":11.6,"d":"11.60"},null,null,{"v":11.6,"d":"11.60"}]
["I0430","CAIXA PASSAG. CHAPA C/TAMPA PARAF. 200X200X100MM","UN",19.09,null,null,19.09]
["I0431","CAIXA PASSAG. CHAPA C/TAMPA PARAF. 400X400X150MM","UN",54.85,null,null,54.85]
["I0432","CAIXA PASSAG. CHAPA C/TAMPA PARAF. 500X500X150MM","UN",76.55,null,null,76.55]
["I0433","CAIXA PRE MOLDADA CONC. P/ AR CONDICIONADO","UN",88.79,null,null,88.79]
["I0434","CAIXA PRE-MOLDADA PARA LIGAÇÃO ESGOTO C/ ALMOFADA","UN",{"v":63.3,"d":"63.30"},null,null,{"v":63.3,"d":"63.30"}]
["I0435","CAIXA SIFONADA 150 x 150 x 50 COM GRELHA","UN",22.03,null,null,22.03]
["I8234","CAIXA SIFONADA DE ÓLEO 20 cm REBOCADA C/ TAMPA","UN",626.73,null,null,626.73]
["I8230","CAIXA SIFONADA EM PVC 185 x 150 x 75 mm C/ GRELHA CROMADA","UN",{"v":26.6,"d":"26.60"},null,null,{"v":26.6,"d":"26.60"}]
["I0436","CAIXA TIPO 'J' 50X60X27CM","UN",74.31,null,null,74.31]
["I0437","CAIXILHO DE ALUMINIO CORRER","M2",{"v":238.2,"d":"238.20"},null,null,{"v":238.2,"d":"238.20"}]
["I0438","CAIXILHO DE FERRO BASCULANTE","M2",178.43,null,null,178.43]
["I0439","CAIXILHO DE FERRO CORRER","M2",178.43,null,null,178.43]
["I0440","CAL EM PO PARA PINTURA","KG",1.06,null,null,1.06]
["I0441","CAL HIDRATADA","KG",0.74,null,null,0.74]
["I0442","CAL VIRGEM EM PO","KG",0.85,null,null,0.85]
["I0443","CALAFETADOR","H",{"v":7.2,"d":"7.20"},{"v":15.5758,"d":"15.58"},"MO",{"$f":"E875","v":{"v":15.5758,"d":"15.58"}}]
["I7457","CALANDRA ROTATIVA","H",{"v":14,"d":"14.00"},null,"MO",{"$f":"E876","v":{"v":0,"d":"0.00"}}]
["I0444","CALCARIO DOLOMITICO","KG",0.23,null,null,{"$f":"D877","v":0.23}]
["I0445","CALCETEIRO","H",{"v":7.2,"d":"7.20"},{"v":15.5758,"d":"15.58"},null,{"$f":"E878","v":{"v":15.5758,"d":"15.58"}}]
["I0446","CALCO PARA TELHA DE MADEIRA COMPENSADA","UN",0.65,null,null,{"$f":"D879","v":0.65}]
["I0453","CALÇO PLASTICO","UN",2.99,null,null,2.99]
["I6784","CALHA  DUPLA DE POLIESTIRENO EXPANDIDO PARA TUBO DE 2\"","M",7.32,null,null,7.32]
["I0447","CALHA DE ALUMINIO DESENVOL. DE 25CM","M",{"v":15,"d":"15.00"},null,null,{"v":15,"d":"15.00"}]
["I2455","CALHA DE CONCRETO ARMADO D=0,30M","M",{"v":33.6,"d":"33.60"},null,null,{"v":33.6,"d":"33.60"}]
["I0448","CALHA DE CONCRETO ARMADO D=0,40M","M",{"v":44,"d":"44.00"},null,null,{"v":44,"d":"44.00"}]
["I2976","CALHA PARSHALL EM FIBRA DE VIDRO P/ ÁGUA W:12\"","UN",{"v":7182.72,"d":"7,182.72"},null,null,{"v":7182.72,"d":"7,182.72"}]
["I2973","CALHA PARSHALL EM FIBRA DE VIDRO P/ ÁGUA W:3\"","UN",{"v":1907.6,"d":"1,907.60"},null,null,{"v":1907.6,"d":"1,907.60"}]
["I2974","CALHA PARSHALL EM FIBRA DE VIDRO P/ ÁGUA W:6\"","UN",{"v":2352.96,"d":"2,352.96"},null,null,{"v":2352.96,"d":"2,352.96"}]
["I2975","CALHA PARSHALL EM FIBRA DE VIDRO P/ ÁGUA W:9\"","UN",{"v":3219.84,"d":"3,219.84"},null,null,{"v":3219.84,"d":"3,219.84"}]
["I7446","CALHA PARSHALL EM FIBRA DE VIDRO P/ ESGOTO W:12\"","UN",{"v":7182.72,"d":"7,182.72"},null,null,{"v":7182.72,"d":"7,182.72"}]
["I7441","CALHA PARSHALL EM FIBRA DE VIDRO P/ ESGOTO W:3\"","UN",{"v":1907.6,"d":"1,907.60"},null,null,{"v":1907.6,"d":"1,907.60"}]
["I7444","CALHA PARSHALL EM FIBRA DE VIDRO P/ ESGOTO W:6\"","UN",{"v":2352.96,"d":"2,352.96"},null,null,{"v":2352.96,"d":"2,352.96"}]
["I7445","CALHA PARSHALL EM FIBRA DE VIDRO P/ ESGOTO W:9\"","UN",{"v":3219.84,"d":"3,219.84"},null,null,{"v":3219.84,"d":"3,219.84"}]
["I6415","CALHA PRÉ-MOLDADA COM VERTEDOURO TRIANGULAR L=4,00m","UN",249.44,null,null,249.44]
["I0452","CALHA. CORTE 300MM. EM FIBERGLASS. ESP. 2MM","M",{"v":18.4,"d":"18.40"},null,null,{"v":18.4,"d":"18.40"}]
["I7066","CÂMARA DE CARGA PARA FILTRO DIMENSÃO 0,40 x 5,80m","UN",{"v":14601.6,"d":"14,601.60"},null,null,{"v":14601.6,"d":"14,601.60"}]
["I6296","CÂMARA DE CARGA PARA FILTRO DIMENSÃO 0,70 x 6,40m","UN",{"v":24336,"d":"24,336.00"},null,null,{"v":24336,"d":"24,336.00"}]
["I6297","CÂMARA DE CARGA PARA FILTRO DIMENSÃO 1,00 x 6,50m","UN",{"v":28641.6,"d":"28,641.60"},null,null,{"v":28641.6,"d":"28,641.60"}]
["I6298","CÂMARA DE CARGA PARA FILTRO DIMENSÃO 1,50 x 6,80m","UN",{"v":58780.8,"d":"58,780.80"},null,null,{"v":58780.8,"d":"58,780.80"}]
["I6299","CÂMARA DE CARGA PARA FILTRO DIMENSÃO 2,00 x 6,80m","UN",{"v":79934.4,"d":"79,934.40"},null,null,{"v":79934.4,"d":"79,934.40"}]
["I6072","CÂMARA DE DECANTAÇÃO P/DECANTO DIGESTOR, D = 2,00M","UN",708.72,null,null,708.72]
["I6073","CÂMARA DE DECANTAÇÃO P/DECANTO DIGESTOR, D = 2,50M","UN",{"v":1035.72,"d":"1,035.72"},null,null,{"v":1035.72,"d":"1,035.72"}]
["I6074","CÂMARA DE DECANTAÇÃO P/DECANTO DIGESTOR, D = 3,00M","UN",{"v":1172.01,"d":"1,172.01"},null,null,{"v":1172.01,"d":"1,172.01"}]
["I6075","CÂMARA DE DECANTAÇÃO P/DECANTO DIGESTOR, D = 3,50M","UN",{"v":1280.78,"d":"1,280.78"},null,null,{"v":1280.78,"d":"1,280.78"}]
["I6414","CÂMARA DE DECANTAÇÃO P/DECANTO DIGESTOR, D=5,00m","UN",{"v":1745.75,"d":"1,745.75"},null,null,{"v":1745.75,"d":"1,745.75"}]
["I7468","CÂMERA COLORIDA FIXA TIPO CCD 1/3\", LENTE AUTO-ÍRIS, FOCO MANUAL 3,5-8mm, COM CAIXA DE PROTEÇÃO IP44 EM ALUMÍNIO, FONTE DE ALIMENTAÇÃO INCLUSA EM 220VAC/12VCC, 100VA MÁX., COM SUPORTES DE FIXAÇÃO","UN",{"v":751.4,"d":"751.40"},null,null,{"v":751.4,"d":"751.40"}]
["I7466","CÂMERA COLORIDA MÓVEL, TIPO DOME, CÂMERA 1/4\", LENTE ZOOM MOTORIZADA 72X, PAN, TILT MOTORIZADOS, LENTES DAY-NIGHT 3,5-8mm, COMPLETA COM SUPORTE DE FIXAÇÃO","UN",{"v":8746.5,"d":"8,746.50"},null,null,{"v":8746.5,"d":"8,746.50"}]
["I7987","CÂMERAS","UN",252.87,null,null,252.87]
["I2598","CAMINHÃO ADAPTADO A JATO","UN",{"v":267767,"d":"267,767.00"},null,null,{"v":267767,"d":"267,767.00"}]
["I0574","CAMINHÃO ADAPTADO A JATO (CHI)","H",{"v":19.781748,"d":"19.78"},{"v":29.088148,"d":"29.09"},null,{"$f":"E909","v":{"v":29.088148,"d":"29.09"}}]
["I0701","CAMINHÃO ADAPTADO A JATO (CHP)","H",{"v":99.00401466666666,"d":"99.00"},{"v":108.31041466666666,"d":"108.31"},null,{"$f":"E910","v":{"v":108.31041466666666,"d":"108.31"}}]
["I2599","CAMINHÃO ADAPTADO A VÁCUO","UN",{"v":279938,"d":"279,938.00"},null,null,{"$f":"D911","v":{"v":279938,"d":"279,938.00"}}]
["I0575","CAMINHÃO ADAPTADO A VACUO (CHI)","H",{"v":20.317272,"d":"20.32"},{"v":29.623672,"d":"29.62"},null,{"$f":"E912","v":{"v":29.623672,"d":"29.62"}}]
["I0702","CAMINHÃO ADAPTADO A VÁCUO (CHP)","H",{"v":101.16233866666667,"d":"101.16"},{"v":110.46873866666667,"d":"110.47"},null,{"$f":"E913","v":{"v":110.46873866666667,"d":"110.47"}}]
["I2600","CAMINHÃO BASCULANTE 12 M3","UN",{"v":303012,"d":"303,012.00"},null,null,{"$f":"D914","v":{"v":303012,"d":"303,012.00"}}]
["I0576","CAMINHÃO BASCULANTE 12 M3 (CHI)","H",{"v":20.031358823529413,"d":"20.03"},{"v":29.337758823529413,"d":"29.34"},null,{"$f":"E915","v":{"v":29.337758823529413,"d":"29.34"}}]
["I0688","CAMINHÃO BASCULANTE 12 M3 (CHP)","H",{"v":123.47194705882353,"d":"123.47"},{"v":132.77834705882353,"d":"132.78"},null,{"$f":"E916","v":{"v":132.77834705882353,"d":"132.78"}}]
["I2601","CAMINHÃO BASCULANTE 12 M3 - ALUGUEL","UN",{"v":303012,"d":"303,012.00"},null,null,{"$f":"D917","v":{"v":303012,"d":"303,012.00"}}]
["I0577","CAMINHÃO BASCULANTE 12m3 - ALUGUEL (CHI)","H",{"v":19.76399529411765,"d":"19.76"},{"v":29.07039529411765,"d":"29.07"},null,{"$f":"E918","v":{"v":29.07039529411765,"d":"29.07"}}]
["I0689","CAMINHÃO BASCULANTE 12m3 - ALUGUEL (CHP)","H",{"v":91.28119529411765,"d":"91.28"},{"v":100.58759529411765,"d":"100.59"},null,{"$f":"E919","v":{"v":100.58759529411765,"d":"100.59"}}]
["I2602","CAMINHÃO BASCULANTE 6 M3","UN",{"v":258030,"d":"258,030.00"},null,null,{"$f":"D920","v":{"v":258030,"d":"258,030.00"}}]
["I0578","CAMINHÃO BASCULANTE 6 M3 (CHI)","H",{"v":18.245308823529413,"d":"18.25"},{"v":27.551708823529413,"d":"27.55"},null,{"$f":"E921","v":{"v":27.551708823529413,"d":"27.55"}}]
["I0690","CAMINHÃO BASCULANTE 6 M3 (CHP)","H",{"v":99.71089705882353,"d":"99.71"},{"v":109.01729705882353,"d":"109.02"},null,{"$f":"E922","v":{"v":109.01729705882353,"d":"109.02"}}]
["I2603","CAMINHÃO BASCULANTE 6 M3 - ALUGUEL","UN",{"v":258030,"d":"258,030.00"},null,null,{"$f":"D923","v":{"v":258030,"d":"258,030.00"}}]
["I0579","CAMINHÃO BASCULANTE 6m3 - ALUGUEL (CHI)","H",{"v":18.017635294117646,"d":"18.02"},{"v":27.324035294117646,"d":"27.32"},null,{"$f":"E924","v":{"v":27.324035294117646,"d":"27.32"}}]
["I0691","CAMINHÃO BASCULANTE 6m3 - ALUGUEL (CHP)","H",{"v":74.28463529411765,"d":"74.28"},{"v":83.59103529411765,"d":"83.59"},null,{"$f":"E925","v":{"v":83.59103529411765,"d":"83.59"}}]
["I2604","CAMINHÃO BASCULANTE P/ ROCHA","UN",{"v":329359,"d":"329,359.00"},null,null,{"$f":"D926","v":{"v":329359,"d":"329,359.00"}}]
["I0580","CAMINHÃO BASCULANTE P/ROCHA (CHI)","H",{"v":21.077489705882353,"d":"21.08"},{"v":30.383889705882353,"d":"30.38"},null,{"$f":"E927","v":{"v":30.383889705882353,"d":"30.38"}}]
["I0692","CAMINHÃO BASCULANTE P/ROCHA (CHP)","H",{"v":128.39263676470588,"d":"128.39"},{"v":137.69903676470588,"d":"137.70"},null,{"$f":"E928","v":{"v":137.69903676470588,"d":"137.70"}}]
["I7487","CAMINHÃO BETONEIRA 5 M3","H",{"v":92,"d":"92.00"},null,null,{"$f":"D929","v":{"v":92,"d":"92.00"}}]
["I8607","CAMINHÃO C/ CARROCERIA EQUIPADO C/ GUINDASTE COM COMBUSTÍVEL E MOTORISTA P/ TRANSPORTES NO CANTEIRO DE OBRA","UNxMÊS",{"v":12000,"d":"12,000.00"},null,null,{"$f":"D930","v":{"v":12000,"d":"12,000.00"}}]
["I2605","CAMINHÃO C/CARROCERIA DE MADEIRA HP 136","UN",{"v":194740,"d":"194,740.00"},null,null,{"$f":"D931","v":{"v":194740,"d":"194,740.00"}}]
["I0581","CAMINHÃO C/CARROCERIA DE MADEIRA HP 136 (CHI)","H",{"v":16.568559999999998,"d":"16.57"},{"v":25.874959999999998,"d":"25.87"},null,{"$f":"E932","v":{"v":25.874959999999998,"d":"25.87"}}]
["I0703","CAMINHÃO C/CARROCERIA DE MADEIRA HP 136 (CHP)","H",{"v":86.05389333333333,"d":"86.05"},{"v":95.36029333333333,"d":"95.36"},null,{"$f":"E933","v":{"v":95.36029333333333,"d":"95.36"}}]
["I2606","CAMINHÃO C/CARROCERIA DE MADEIRA HP 184","UN",{"v":267767,"d":"267,767.00"},null,null,{"$f":"D934","v":{"v":267767,"d":"267,767.00"}}]
["I0582","CAMINHÃO C/CARROCERIA DE MADEIRA HP 184 (CHI)","H",{"v":19.781748,"d":"19.78"},{"v":29.088148,"d":"29.09"},null,{"$f":"E935","v":{"v":29.088148,"d":"29.09"}}]
["I0693","CAMINHÃO C/CARROCERIA DE MADEIRA HP 184 (CHP)","H",{"v":114.36401466666666,"d":"114.36"},{"v":123.67041466666666,"d":"123.67"},null,{"$f":"E936","v":{"v":123.67041466666666,"d":"123.67"}}]
["I2607","CAMINHÃO C/CARROCERIA DE MADEIRA HP 92","UN",{"v":136318,"d":"136,318.00"},null,null,{"$f":"D937","v":{"v":136318,"d":"136,318.00"}}]
["I0583","CAMINHÃO C/CARROCERIA DE MADEIRA HP 92 (CHI)","H",{"v":13.997992,"d":"14.00"},{"v":23.304392,"d":"23.30"},null,{"$f":"E938","v":{"v":23.304392,"d":"23.30"}}]
["I0704","CAMINHÃO C/CARROCERIA DE MADEIRA HP 92 (CHP)","H",{"v":61.613725333333335,"d":"61.61"},{"v":70.92012533333333,"d":"70.92"},null,{"$f":"E939","v":{"v":70.92012533333333,"d":"70.92"}}]
["I0584","CAMINHÃO COMERC. EQUIP. C/GUINDASTE (CHI)","H",{"v":19.781748,"d":"19.78"},{"v":29.088148,"d":"29.09"},null,{"$f":"E940","v":{"v":29.088148,"d":"29.09"}}]
["I0705","CAMINHÃO COMERC. EQUIP. C/GUINDASTE (CHP)","H",{"v":99.00401466666666,"d":"99.00"},{"v":108.31041466666666,"d":"108.31"},null,{"$f":"E941","v":{"v":108.31041466666666,"d":"108.31"}}]
["I2608","CAMINHÃO COMERCIAL EQUIP.C/ GUINDASTE","UN",{"v":267767,"d":"267,767.00"},null,null,{"$f":"D942","v":{"v":267767,"d":"267,767.00"}}]
["I2609","CAMINHÃO DISTRIBUIDOR DE LIGANTE","UN",{"v":365136,"d":"365,136.00"},null,null,{"$f":"D943","v":{"v":365136,"d":"365,136.00"}}]
["I0585","CAMINHÃO DISTRIBUIDOR DE LIGANTE (CHI)","H",{"v":36.8791808,"d":"36.88"},{"v":57.3532808,"d":"57.35"},null,{"$f":"E944","v":{"v":57.3532808,"d":"57.35"}}]
["I0694","CAMINHÃO DISTRIBUIDOR DE LIGANTE (CHP)","H",{"v":172.9300288,"d":"172.93"},{"v":193.4041288,"d":"193.40"},null,{"$f":"E945","v":{"v":193.4041288,"d":"193.40"}}]
["I2610","CAMINHÃO DISTRIBUIDOR DE LIGANTE - ALUGUEL","UN",{"v":365136,"d":"365,136.00"},null,null,{"$f":"D946","v":{"v":365136,"d":"365,136.00"}}]
["I0586","CAMINHÃO DISTRIBUIDOR DE LIGANTE - ALUGUEL (CHI)","H",{"v":36.587072,"d":"36.59"},{"v":57.061172,"d":"57.06"},null,{"$f":"E947","v":{"v":57.061172,"d":"57.06"}}]
["I0695","CAMINHÃO DISTRIBUIDOR DE LIGANTE - ALUGUEL (CHP)","H",{"v":130.264752,"d":"130.26"},{"v":150.738852,"d":"150.74"},null,{"$f":"E948","v":{"v":150.738852,"d":"150.74"}}]
["I0587","CAMINHÃO EQUIP. C/USINA LAMA ASF. (CHI)","H",{"v":44.5908848,"d":"44.59"},{"v":65.0649848,"d":"65.06"},null,{"$f":"E949","v":{"v":65.0649848,"d":"65.06"}}]
["I0696","CAMINHÃO EQUIP. C/USINA LAMA ASF. (CHP)","H",{"v":186.1949728,"d":"186.19"},{"v":206.6690728,"d":"206.67"},null,{"$f":"E950","v":{"v":206.6690728,"d":"206.67"}}]
["I2611","CAMINHÃO EQUIP.C/ USINA LAMA ASF.","UN",{"v":511191,"d":"511,191.00"},null,null,{"$f":"D951","v":{"v":511191,"d":"511,191.00"}}]
["I8650","CAMINHÃO LEVE DE CARROCERIA (92HP) C/ COMBUSTÍVEL E MOTORISTA P/ TRANSPORTES NO CANTEIRO DE OBRA","UNxMÊS",{"v":8270,"d":"8,270.00"},null,null,{"$f":"D952","v":{"v":8270,"d":"8,270.00"}}]
["I2671","CAMINHÃO TANQUE 6.000 l","UN",{"v":212996,"d":"212,996.00"},null,null,{"$f":"D953","v":{"v":212996,"d":"212,996.00"}}]
["I0588","CAMINHÃO TANQUE 6.000 l (CHI)","H",{"v":16.45719411764706,"d":"16.46"},{"v":25.76359411764706,"d":"25.76"},null,{"$f":"E954","v":{"v":25.76359411764706,"d":"25.76"}}]
["I0706","CAMINHÃO TANQUE 6.000 l (CHP)","H",{"v":91.30013529411765,"d":"91.30"},{"v":100.60653529411765,"d":"100.61"},null,{"$f":"E955","v":{"v":100.60653529411765,"d":"100.61"}}]
["I2612","CAMINHÃO TANQUE 6.000 l - ALUGUEL","UN",{"v":212996,"d":"212,996.00"},null,null,{"$f":"D956","v":{"v":212996,"d":"212,996.00"}}]
["I0589","CAMINHÃO TANQUE 6000 l - ALUGUEL (CHI)","H",{"v":16.269256470588235,"d":"16.27"},{"v":25.575656470588235,"d":"25.58"},null,{"$f":"E957","v":{"v":25.575656470588235,"d":"25.58"}}]
["I0697","CAMINHÃO TANQUE 6000 l - ALUGUEL (CHP)","H",{"v":68.03285647058823,"d":"68.03"},{"v":77.33925647058824,"d":"77.34"},null,{"$f":"E958","v":{"v":77.33925647058824,"d":"77.34"}}]
["I2613","CAMINHÃO TANQUE 8.000 l","UN",{"v":219082,"d":"219,082.00"},null,null,{"$f":"D959","v":{"v":219082,"d":"219,082.00"}}]
["I0590","CAMINHÃO TANQUE 8.000 l (CHI)","H",{"v":16.69884411764706,"d":"16.70"},{"v":26.00524411764706,"d":"26.01"},null,{"$f":"E960","v":{"v":26.00524411764706,"d":"26.01"}}]
["I0698","CAMINHÃO TANQUE 8.000 l (CHP)","H",{"v":107.79678529411764,"d":"107.80"},{"v":117.10318529411764,"d":"117.10"},null,{"$f":"E961","v":{"v":117.10318529411764,"d":"117.10"}}]
["I2614","CAMINHÃO TANQUE 8.000 l - ALUGUEL","UN",{"v":219082,"d":"219,082.00"},null,null,{"$f":"D962","v":{"v":219082,"d":"219,082.00"}}]
["I0591","CAMINHÃO TANQUE 8000 l - ALUGUEL (CHI)","H",{"v":16.505536470588236,"d":"16.51"},{"v":25.811936470588236,"d":"25.81"},null,{"$f":"E963","v":{"v":25.811936470588236,"d":"25.81"}}]
["I0699","CAMINHÃO TANQUE 8000 l - ALUGUEL (CHP)","H",{"v":79.62973647058824,"d":"79.63"},{"v":88.93613647058824,"d":"88.94"},null,{"$f":"E964","v":{"v":88.93613647058824,"d":"88.94"}}]
["I2672","CAMINHONETE SAVEIRO","UN",{"v":42599,"d":"42,599.00"},null,null,{"$f":"D965","v":{"v":42599,"d":"42,599.00"}}]
["I0592","CAMINHONETE SAVEIRO (CHI)","H",{"v":9.490965,"d":"9.49"},{"v":18.797365,"d":"18.80"},null,{"$f":"E966","v":{"v":18.797365,"d":"18.80"}}]
["I0700","CAMINHONETE SAVEIRO (CHP)","H",{"v":54.042831666666665,"d":"54.04"},{"v":63.34923166666667,"d":"63.35"},null,{"$f":"E967","v":{"v":63.34923166666667,"d":"63.35"}}]
["I0456","CAMPAINHA TIPO SIRENE ESCOLAR","UN",151.33,null,null,{"$f":"D968","v":151.33}]
["I2615","CAMPÂNULA DE AR COMPRIMIDO","UN",{"v":87638,"d":"87,638.00"},null,null,{"$f":"D969","v":{"v":87638,"d":"87,638.00"}}]
["I0593","CAMPÂNULA DE AR COMPRIMIDO (CHI)","H",{"v":4.530210461538462,"d":"4.53"},null,null,{"$f":"D970","v":{"v":4.530210461538462,"d":"4.53"}}]
["I0707","CAMPÂNULA DE AR COMPRIMIDO (CHP)","H",{"v":12.350216615384616,"d":"12.35"},null,null,{"$f":"D971","v":{"v":12.350216615384616,"d":"12.35"}}]
["I0457","CANALETA 25X30MM PARA CABOS","M",7.73,null,null,{"$f":"D972","v":7.73}]
["I0458","CANALETA PLASTICA (110 X 20)MM, SISTEMA \"X\"","M",{"v":58.3,"d":"58.30"},null,null,{"v":58.3,"d":"58.30"}]
["I0459","CANALETA PLASTICA (20 X 10)MM, SISTEMA \"X\"","M",4.17,null,null,4.17]
["I0460","CANALETA PLASTICA (50 X 20)MM, SISTEMA \"X\"","M",{"v":26.6,"d":"26.60"},null,null,{"v":26.6,"d":"26.60"}]
["I6173","CANALETA SISTEMA DLP 60MM X 50MM","M",{"v":61.4,"d":"61.40"},null,null,{"v":61.4,"d":"61.40"}]
["I6376","CANCELA PARA PONTE MOTORIZADA","UN",{"v":4812.73,"d":"4,812.73"},null,null,{"v":4812.73,"d":"4,812.73"}]
["I8199","CANTONEIRA DE AÇO 3\" x 3\" x 5/16\"","KG",5.22,null,null,5.22]
["I7349","CANTONEIRA DE AÇO DE 1\" x 1\" x 3/16\"","KG",5.69,null,null,5.69]
["I0462","CANTONEIRA DE AJUSTE","UN",{"v":3.6,"d":"3.60"},null,null,{"v":3.6,"d":"3.60"}]
["I0464","CANTONEIRA DE ALUMÍNIO 1 1/4\" X 1 1/4\" (0,516kg/m)","M",18.55,null,null,18.55]
["I0465","CANTONEIRA DE ALUMÍNIO 1/2'' X1/2\" (0,102kg/m)","M",3.42,null,null,3.42]
["I0463","CANTONEIRA DE ALUMINIO PARA AZULEJO","M",3.42,null,null,3.42]
["I0466","CANTONEIRA DE FERRO 1 1/4\" x 1/8\" (L X E)","KG",5.45,null,null,5.45]
["I0467","CANTONEIRA DE FERRO 1\"x 3/16\" (L X E)","KG",5.55,null,null,5.55]
["I0468","CANTONEIRA DE FERRO 3/4\" x 1/8\" (L X E)","KG",5.65,null,null,5.65]
["I0469","CANTONEIRA DE SEPARAÇÃO","UN",3.51,null,null,3.51]
["I8231","CANTONEIRA EM AÇO (6 x 6 x 1/2\")","KG",5.16,null,null,5.16]
["I0470","CANTONEIRA FIBROCIMENTO (ONDULADA)","M",{"v":30.4,"d":"30.40"},null,null,{"v":30.4,"d":"30.40"}]
["I0471","CANTONEIRA METÁLICA DE 4\" X 4\" X 3/8\"","KG",6.49,null,null,6.49]
["I7694","CAP FoFo JTE DN 300","UN",{"v":1367.87,"d":"1,367.87"},null,null,{"v":1367.87,"d":"1,367.87"}]
["I7695","CAP FoFo JTE DN 350","UN",{"v":1657.15,"d":"1,657.15"},null,null,{"v":1657.15,"d":"1,657.15"}]
["I7696","CAP FoFo JTE DN 400","UN",{"v":2039.17,"d":"2,039.17"},null,null,{"v":2039.17,"d":"2,039.17"}]
["I7697","CAP FoFo JTE DN 500","UN",{"v":3094.03,"d":"3,094.03"},null,null,{"v":3094.03,"d":"3,094.03"}]
["I7698","CAP FoFo JTE DN 600","UN",{"v":5615.4,"d":"5,615.40"},null,null,{"v":5615.4,"d":"5,615.40"}]
["I4176","CAP FoFo JUNTA ELÁSTICA DN 100","UN",79.61,null,null,79.61]
["I4177","CAP FoFo JUNTA ELÁSTICA DN 150","UN",126.36,null,null,126.36]
["I4178","CAP FoFo JUNTA ELÁSTICA DN 200","UN",203.02,null,null,203.02]
["I4179","CAP FoFo JUNTA ELÁSTICA DN 250","UN",290.37,null,null,290.37]
["I4180","CAP FoFo JUNTA ELÁSTICA DN 300","UN",583.48,null,null,583.48]
["I4181","CAP FoFo JUNTA ELÁSTICA DN 350","UN",751.83,null,null,751.83]
["I4182","CAP FoFo JUNTA ELÁSTICA DN 400","UN",769.82,null,null,769.82]
["I7097","CAP FoFo JUNTA ELASTICA DN 450","UN",854.93,null,null,854.93]
["I4183","CAP FoFo JUNTA ELÁSTICA DN 500","UN",{"v":1196.64,"d":"1,196.64"},null,null,{"v":1196.64,"d":"1,196.64"}]
["I4184","CAP FoFo JUNTA ELÁSTICA DN 600","UN",{"v":3710.04,"d":"3,710.04"},null,null,{"v":3710.04,"d":"3,710.04"}]
["I4175","CAP FoFo JUNTA ELÁSTICA DN 75","UN",70.41,null,null,70.41]
["I7098","CAP FoFo JUNTA ELASTICA DN 80","UN",70.41,null,null,70.41]
["I3101","CAP PBA DN 100","UN",25.25,null,null,25.25]
["I3099","CAP PBA DN 50","UN",{"v":6,"d":"6.00"},null,null,{"v":6,"d":"6.00"}]
["I3100","CAP PBA DN 75","UN",13.54,null,null,13.54]
["I5782","CAP PVC FEMEA REFORÇADO DN 115","UN",200.85,null,null,200.85]
["I5783","CAP PVC FEMEA REFORÇADO DN 150","UN",221.94,null,null,221.94]
["I5784","CAP PVC FEMEA REFORÇADO DN 200","UN",326.75,null,null,326.75]
["I5785","CAP PVC FEMEA STANDARD DN 100","UN",144.78,null,null,144.78]
["I5786","CAP PVC FEMEA STANDARD DN 154","UN",418.98,null,null,418.98]
["I5787","CAP PVC FEMEA STANDARD DN 206","UN",580.57,null,null,580.57]
["I5788","CAP PVC FEMEA STANDARD DN 250","UN",558.69,null,null,558.69]
["I5789","CAP PVC FEMEA STANDARD DN 300","UN",803.79,null,null,803.79]
["I5790","CAP PVC MACHO REFORÇADO DN 115","UN",235.42,null,null,235.42]
["I5791","CAP PVC MACHO REFORÇADO DN 150","UN",274.25,null,null,274.25]
["I5792","CAP PVC MACHO REFORÇADO DN 200","UN",409.13,null,null,409.13]
["I5793","CAP PVC MACHO STANDARD DN 100","UN",157.83,null,null,157.83]
["I5794","CAP PVC MACHO STANDARD DN 154","UN",271.84,null,null,271.84]
["I5795","CAP PVC MACHO STANDARD DN 206","UN",401.95,null,null,401.95]
["I5796","CAP PVC MACHO STANDARD DN 250","UN",543.01,null,null,543.01]
["I5797","CAP PVC MACHO STANDARD DN 300","UN",741.98,null,null,741.98]
["I6849","CAP PVC PBS DN 150","UN",249.53,null,null,249.53]
["I0482","CAP PVC ROSCAVEL DE 1 1/2''","UN",5.42,null,null,5.42]
["I0483","CAP PVC ROSCAVEL DE 1 1/4''","UN",{"v":4.3,"d":"4.30"},null,null,{"v":4.3,"d":"4.30"}]
["I0484","CAP PVC ROSCAVEL DE 1''","UN",2.25,null,null,2.25]
["I0485","CAP PVC ROSCAVEL DE 1/2''","UN",{"v":0.9,"d":"0.90"},null,null,{"v":0.9,"d":"0.90"}]
["I0486","CAP PVC ROSCAVEL DE 2 1/2''","UN",13.16,null,null,13.16]
["I0487","CAP PVC ROSCAVEL DE 3''","UN",20.07,null,null,20.07]
["I0488","CAP PVC ROSCAVEL DE 3/4''","UN",{"v":1,"d":"1.00"},null,null,{"v":1,"d":"1.00"}]
["I0489","CAP PVC ROSCAVEL DE 4''","UN",{"v":37,"d":"37.00"},null,null,{"v":37,"d":"37.00"}]
["I0473","CAP PVC SOLD. MARROM DIAM. 110MM (4'')","UN",{"v":61,"d":"61.00"},null,null,{"$f":"D1036","v":{"v":61,"d":"61.00"}}]
["I0474","CAP PVC SOLD. MARROM DIAM. 20MM (1/2'')","UN",0.87,null,null,0.87]
["I0475","CAP PVC SOLD. MARROM DIAM. 25MM (3/4'')","UN",0.95,null,null,0.95]
["I0476","CAP PVC SOLD. MARROM DIAM. 40MM (1 1/4'')","UN",2.68,null,null,2.68]
["I0477","CAP PVC SOLD. MARROM DIAM. 50MM (1 1/2'')","UN",4.55,null,null,4.55]
["I0478","CAP PVC SOLD. MARROM DIAM. 60MM (2'')","UN",{"v":6.7,"d":"6.70"},null,null,{"v":6.7,"d":"6.70"}]
["I0479","CAP PVC SOLD. MARROM DIAM. 75MM (2 1/2'')","UN",{"v":13.7,"d":"13.70"},null,null,{"v":13.7,"d":"13.70"}]
["I0480","CAP PVC SOLD. MARROM DIAM. 85MM (3'')","UN",32.43,null,null,32.43]
["I0481","CAP PVC SOLD. MARRON DIAM. 32MM (1'')","UN",1.35,null,null,1.35]
["I7434","CAPACITOR 380 VAC, 25 KVAR - INSTALADO","CJ",971.77,null,null,971.77]
["I6158","CAPACITOR DE 15KVA 380V","UN",{"v":249,"d":"249.00"},null,null,{"v":249,"d":"249.00"}]
["I8860","CAPACITOR DE 1KVAr 380V","UN",66.16,null,null,66.16]
["I6155","CAPACITOR DE 2,5KVA 380V","UN",80.55,null,null,80.55]
["I6159","CAPACITOR DE 25KVA 380V","UN",{"v":490.3,"d":"490.30"},null,null,{"v":490.3,"d":"490.30"}]
["I6156","CAPACITOR DE 5KVA 380V","UN",126.07,null,null,126.07]
["I6157","CAPACITOR DE 7,5KVA 380V","UN",176.81,null,null,176.81]
["I8861","CAPACITOR DE 9KVAr 380V","UN",242.85,null,null,242.85]
["I8862","CAPACITOR TRIFÁSICO DE 50KVA 440V","UN",{"v":1837.76,"d":"1,837.76"},null,null,{"v":1837.76,"d":"1,837.76"}]
["I0490","CAPATAZ DE AR COMPRIMIDO","H",{"v":15.6,"d":"15.60"},{"v":33.7475,"d":"33.75"},null,{"$f":"E1054","v":{"v":33.7475,"d":"33.75"}}]
["I0491","CAPEADO DE CEREJEIRA","M2",9.07,null,null,{"$f":"D1055","v":9.07}]
["I0492","CAPEADO DE MOGNO","M2",11.58,null,null,11.58]
["I0493","CAPEADO DE PAU-MARFIM","M2",11.02,null,null,11.02]
["I8575","CÁPSULA PARA SUPRESSÃO DE ÁGUA EM PVC/PEAD 3/4\"","UN",3.94,null,null,3.94]
["I0494","CAPUCHINHO (1037)","UN",{"v":2.9,"d":"2.90"},null,null,{"v":2.9,"d":"2.90"}]
["I0495","CARGA DE BATERIA A GASOLINA TIPO GOL","UN",11.44,null,null,11.44]
["I0497","CARPETE. ESPESSURA 4MM","M2",29.99,null,null,29.99]
["I0498","CARPINTEIRO","H",{"v":7.2,"d":"7.20"},{"v":15.5758,"d":"15.58"},"MO",{"$f":"E1062","v":{"v":15.5758,"d":"15.58"}}]
["I2616","CARREGADEIRA DE PNEUS HP 111","UN",{"v":398795,"d":"398,795.00"},null,null,{"$f":"D1063","v":{"v":398795,"d":"398,795.00"}}]
["I0594","CARREGADEIRA DE PNEUS HP 111 (CHI)","H",{"v":25.78209285714286,"d":"25.78"},{"v":37.88039285714286,"d":"37.88"},null,{"$f":"E1064","v":{"v":37.88039285714286,"d":"37.88"}}]
["I0708","CARREGADEIRA DE PNEUS HP 111 (CHP)","H",{"v":136.03280714285714,"d":"136.03"},{"v":148.13110714285713,"d":"148.13"},null,{"$f":"E1065","v":{"v":148.13110714285713,"d":"148.13"}}]
["I2617","CARREGADEIRA DE PNEUS HP 111 - ALUGUEL","UN",{"v":398795,"d":"398,795.00"},null,null,{"$f":"D1066","v":{"v":398795,"d":"398,795.00"}}]
["I0595","CARREGADEIRA DE PNEUS HP 111 - ALUGUEL (CHI)","H",{"v":25.44026857142857,"d":"25.44"},{"v":37.53856857142857,"d":"37.54"},null,{"$f":"E1067","v":{"v":37.53856857142857,"d":"37.54"}}]
["I0709","CARREGADEIRA DE PNEUS HP 111 - ALUGUEL (CHP)","H",{"v":101.47635428571428,"d":"101.48"},{"v":113.57465428571429,"d":"113.57"},null,{"$f":"E1068","v":{"v":113.57465428571429,"d":"113.57"}}]
["I2618","CARREGADEIRA DE PNEUS HP 180","UN",{"v":772872,"d":"772,872.00"},null,null,{"$f":"D1069","v":{"v":772872,"d":"772,872.00"}}]
["I0596","CARREGADEIRA DE PNEUS HP 180 (CHI)","H",{"v":40.21077714285715,"d":"40.21"},{"v":52.30907714285715,"d":"52.31"},null,{"$f":"E1070","v":{"v":52.30907714285715,"d":"52.31"}}]
["I0710","CARREGADEIRA DE PNEUS HP 180 (CHP)","H",{"v":237.02106285714285,"d":"237.02"},{"v":249.11936285714287,"d":"249.12"},null,{"$f":"E1071","v":{"v":249.11936285714287,"d":"249.12"}}]
["I2619","CARREGADEIRA DE PNEUS HP 180 - ALUGUEL","UN",{"v":772872,"d":"772,872.00"},null,null,{"$f":"D1072","v":{"v":772872,"d":"772,872.00"}}]
["I0597","CARREGADEIRA DE PNEUS HP 180 - ALUGUEL (CHI)","H",{"v":39.548315428571435,"d":"39.55"},{"v":51.64661542857143,"d":"51.65"},null,{"$f":"E1073","v":{"v":51.64661542857143,"d":"51.65"}}]
["I0711","CARREGADEIRA DE PNEUS HP 180 - ALUGUEL (CHP)","H",{"v":175.10730971428572,"d":"175.11"},{"v":187.2056097142857,"d":"187.21"},null,{"$f":"E1074","v":{"v":187.2056097142857,"d":"187.21"}}]
["I7485","CARRETA ESPECIAL P/TRANSP. DAS ESTACAS PRÉ-MOLDADAS","H",{"v":41,"d":"41.00"},null,null,{"$f":"D1075","v":{"v":41,"d":"41.00"}}]
["I4187","CARRETEL COMPLETO DN 100 x 250 PN10","UN",676.15,null,null,{"$f":"D1076","v":676.15}]
["I4199","CARRETEL COMPLETO DN 1000 x 250 PN10","UN",{"v":11914.48,"d":"11,914.48"},null,null,{"v":11914.48,"d":"11,914.48"}]
["I4200","CARRETEL COMPLETO DN 1200 x 250 PN10","UN",{"v":15078.48,"d":"15,078.48"},null,null,{"v":15078.48,"d":"15,078.48"}]
["I4188","CARRETEL COMPLETO DN 150 x 250 PN10","UN",885.88,null,null,885.88]
["I4189","CARRETEL COMPLETO DN 200 x 250 PN10","UN",984.17,null,null,984.17]
["I4190","CARRETEL COMPLETO DN 250 x 250 PN10","UN",{"v":1464.75,"d":"1,464.75"},null,null,{"v":1464.75,"d":"1,464.75"}]
["I4191","CARRETEL COMPLETO DN 300 x 250 PN10","UN",{"v":1584.05,"d":"1,584.05"},null,null,{"v":1584.05,"d":"1,584.05"}]
["I4192","CARRETEL COMPLETO DN 350 x 250 PN10","UN",{"v":2044.48,"d":"2,044.48"},null,null,{"v":2044.48,"d":"2,044.48"}]
["I4193","CARRETEL COMPLETO DN 400 x 250 PN10","UN",{"v":2164.25,"d":"2,164.25"},null,null,{"v":2164.25,"d":"2,164.25"}]
["I4194","CARRETEL COMPLETO DN 500 x 250 PN10","UN",{"v":3008.48,"d":"3,008.48"},null,null,{"v":3008.48,"d":"3,008.48"}]
["I4195","CARRETEL COMPLETO DN 600 x 250 PN10","UN",{"v":6363.37,"d":"6,363.37"},null,null,{"v":6363.37,"d":"6,363.37"}]
["I4196","CARRETEL COMPLETO DN 700 x 250 PN10","UN",{"v":8320.8,"d":"8,320.80"},null,null,{"v":8320.8,"d":"8,320.80"}]
["I4186","CARRETEL COMPLETO DN 75 x 250 PN10","UN",372.78,null,null,372.78]
["I7100","CARRETEL COMPLETO DN 80 x 250 PN10","UN",372.78,null,null,372.78]
["I4197","CARRETEL COMPLETO DN 800 x 250 PN10","UN",{"v":9985.26,"d":"9,985.26"},null,null,{"v":9985.26,"d":"9,985.26"}]
["I4198","CARRETEL COMPLETO DN 900 x 250 PN10","UN",{"v":11295.37,"d":"11,295.37"},null,null,{"v":11295.37,"d":"11,295.37"}]
["I4203","CARRETEL SIMPLES DN 100 x 250","UN",289.79,null,null,289.79]
["I4215","CARRETEL SIMPLES DN 1000 x 250","UN",{"v":6443.83,"d":"6,443.83"},null,null,{"v":6443.83,"d":"6,443.83"}]
["I4216","CARRETEL SIMPLES DN 1200 x 250","UN",{"v":6980.2,"d":"6,980.20"},null,null,{"v":6980.2,"d":"6,980.20"}]
["I4204","CARRETEL SIMPLES DN 150 x 250","UN",{"v":491.9,"d":"491.90"},null,null,{"v":491.9,"d":"491.90"}]
["I4205","CARRETEL SIMPLES DN 200 x 250","UN",578.02,null,null,578.02]
["I4206","CARRETEL SIMPLES DN 250 x 250","UN",{"v":862.2,"d":"862.20"},null,null,{"v":862.2,"d":"862.20"}]
["I4207","CARRETEL SIMPLES DN 300 x 250","UN",908.05,null,null,908.05]
["I4208","CARRETEL SIMPLES DN 350 x 250","UN",{"v":1136.72,"d":"1,136.72"},null,null,{"v":1136.72,"d":"1,136.72"}]
["I4209","CARRETEL SIMPLES DN 400 x 250","UN",{"v":1211.17,"d":"1,211.17"},null,null,{"v":1211.17,"d":"1,211.17"}]
["I4210","CARRETEL SIMPLES DN 500 x 250","UN",{"v":1862.76,"d":"1,862.76"},null,null,{"v":1862.76,"d":"1,862.76"}]
["I4211","CARRETEL SIMPLES DN 600 x 250","UN",{"v":3664.64,"d":"3,664.64"},null,null,{"v":3664.64,"d":"3,664.64"}]
["I4212","CARRETEL SIMPLES DN 700 x 250","UN",{"v":4511.05,"d":"4,511.05"},null,null,{"v":4511.05,"d":"4,511.05"}]
["I4202","CARRETEL SIMPLES DN 75 x 250","UN",178.72,null,null,178.72]
["I7102","CARRETEL SIMPLES DN 80 x 250","UN",178.72,null,null,178.72]
["I4213","CARRETEL SIMPLES DN 800 x 250","UN",{"v":4958.02,"d":"4,958.02"},null,null,{"v":4958.02,"d":"4,958.02"}]
["I4214","CARRETEL SIMPLES DN 900 x 250","UN",{"v":5202.78,"d":"5,202.78"},null,null,{"v":5202.78,"d":"5,202.78"}]
["I2620","CARRINHO DE MÃO","UN",{"v":146,"d":"146.00"},null,null,{"v":146,"d":"146.00"}]
["I0598","CARRINHO DE MÃO (CHI)","H",{"v":4.9019,"d":"4.90"},{"v":10.5788,"d":"10.58"},null,{"$f":"E1109","v":{"v":10.5788,"d":"10.58"}}]
["I0712","CARRINHO DE MÃO (CHP)","H",{"v":5.17565,"d":"5.18"},{"v":10.85255,"d":"10.85"},null,{"$f":"E1110","v":{"v":10.85255,"d":"10.85"}}]
["I0982","CARRO TROLLEY P/ 0,5 T","UN",{"v":1339,"d":"1,339.00"},null,null,{"$f":"D1111","v":{"v":1339,"d":"1,339.00"}}]
["I0985","CARRO TROLLEY P/ 1,0 a 2,0 T","UN",{"v":1583,"d":"1,583.00"},null,null,{"v":1583,"d":"1,583.00"}]
["I6715","CARROSSEL ESPECIAL C/04 CADEIRAS, CONFEC. EM TUBO VAPOR E PINTURA ESMALTE SINTÉTICO","UN",637.26,null,null,637.26]
["I0496","CARROSSEL TIPO OLA","UN",{"v":821,"d":"821.00"},null,null,{"v":821,"d":"821.00"}]
["I6716","CARROSSEL TIPO OLA, CONFEC. EM TUBO VAPOR E PINTURA ESMALTE SINTÉTICO","UN",{"v":821,"d":"821.00"},null,null,{"v":821,"d":"821.00"}]
["I6248","CARTÃO DI COM 32 CANAIS","UN",{"v":4795.86,"d":"4,795.86"},null,null,{"v":4795.86,"d":"4,795.86"}]
["I6272","CARTÃO DO COM 32 CANAIS","UN",{"v":4795.86,"d":"4,795.86"},null,null,{"v":4795.86,"d":"4,795.86"}]
["I7527","CARTÕES","UN",8.21,null,null,8.21]
["I6154","CARTUCHO COM PO P/SOLDA EXOTERMICA PADRAO 115","UN",9.72,null,null,9.72]
["I6153","CARTUCHO COM PO P/SOLDA EXOTERMICA PADRAO 90","UN",7.82,null,null,7.82]
["I7377","CARTUCHO DE SOLDA EXOTÉRMICA N.º 90","UN",23.85,null,null,23.85]
["I8559","CATALISADOR MEK","L",124.44,null,null,124.44]
["I7522","CATRACAS","UN",{"v":3141.64,"d":"3,141.64"},null,null,{"v":3141.64,"d":"3,141.64"}]
["I0599","CAVALO MEC. C/PRANCHA 2 EIXOS - ALUGUEL (CHI)","H",{"v":24.320825,"d":"24.32"},{"v":36.419125,"d":"36.42"},null,{"$f":"E1124","v":{"v":36.419125,"d":"36.42"}}]
["I0713","CAVALO MEC. C/PRANCHA 2 EIXOS - ALUGUEL (CHP)","H",{"v":119.21764444444445,"d":"119.22"},{"v":131.31594444444445,"d":"131.32"},null,{"$f":"E1125","v":{"v":131.31594444444445,"d":"131.32"}}]
["I0600","CAVALO MEC. C/PRANCHA 3 EIXOS - ALUGUEL (CHI)","H",{"v":25.0054625,"d":"25.01"},{"v":37.1037625,"d":"37.10"},null,{"$f":"E1126","v":{"v":37.1037625,"d":"37.10"}}]
["I0714","CAVALO MEC. C/PRANCHA 3 EIXOS - ALUGUEL (CHP)","H",{"v":146.47362222222222,"d":"146.47"},{"v":158.5719222222222,"d":"158.57"},null,{"$f":"E1127","v":{"v":158.5719222222222,"d":"158.57"}}]
["I2673","CAVALO MECÂNICO C/ PRANCHA 2 EIXOS","UN",{"v":371222,"d":"371,222.00"},null,null,{"$f":"D1128","v":{"v":371222,"d":"371,222.00"}}]
["I2621","CAVALO MECÂNICO C/ PRANCHA 2 EIXOS - ALUGUEL","UN",{"v":371222,"d":"371,222.00"},null,null,{"$f":"D1129","v":{"v":371222,"d":"371,222.00"}}]
["I2674","CAVALO MECÂNICO C/ PRANCHA 3 EIXOS","UN",{"v":389479,"d":"389,479.00"},null,null,{"$f":"D1130","v":{"v":389479,"d":"389,479.00"}}]
["I2622","CAVALO MECÂNICO C/ PRANCHA 3 EIXOS - ALUGUEL","UN",{"v":389479,"d":"389,479.00"},null,null,{"$f":"D1131","v":{"v":389479,"d":"389,479.00"}}]
["I0601","CAVALO MECÂNICO C/PRANC. 2 EIXOS (CHI)","H",{"v":24.83641111111111,"d":"24.84"},{"v":36.93471111111111,"d":"36.93"},null,{"$f":"E1132","v":{"v":36.93471111111111,"d":"36.93"}}]
["I0715","CAVALO MECÂNICO C/PRANC. 2 EIXOS (CHP)","H",{"v":166.54122592592591,"d":"166.54"},{"v":178.63952592592594,"d":"178.64"},null,{"$f":"E1133","v":{"v":178.63952592592594,"d":"178.64"}}]
["I0602","CAVALO MECÂNICO C/PRANC. 3 EIXOS (CHI)","H",{"v":25.546405555555555,"d":"25.55"},{"v":37.644705555555554,"d":"37.64"},null,{"$f":"E1134","v":{"v":37.644705555555554,"d":"37.64"}}]
["I0716","CAVALO MECÂNICO C/PRANC. 3 EIXOS (CHP)","H",{"v":205.5121462962963,"d":"205.51"},{"v":217.61044629629632,"d":"217.61"},null,{"$f":"E1135","v":{"v":217.61044629629632,"d":"217.61"}}]
["I0500","CAVOUQUEIRO","H",4.88,{"v":10.5569,"d":"10.56"},null,{"$f":"E1136","v":{"v":10.5569,"d":"10.56"}}]
["I0502","CELULA FOTOELETRICA P/ LAMPADA 1000W, C/ SUPORTE","UN",{"v":26.4,"d":"26.40"},null,null,{"$f":"D1137","v":{"v":26.4,"d":"26.40"}}]
["I0503","CELULA FOTOELETRICA P/ LAMPADA 250W, C/ SUPORTE","UN",{"v":26.4,"d":"26.40"},null,null,{"v":26.4,"d":"26.40"}]
["I0501","CELULA FOTOELÉTRICA P/ LÂMPADA 400W, C/ SUPORTE","UN",{"v":26.4,"d":"26.40"},null,null,{"v":26.4,"d":"26.40"}]
["I0505","CENTRAL ALARME P/12 LAÇOS SUPERV., MOD. FIRE-LITE","UN",{"v":15211.74,"d":"15,211.74"},null,null,{"v":15211.74,"d":"15,211.74"}]
["I0506","CENTRAL ALARME P/18 LAÇOS SUPERV., MOD. FIRE-LITE","UN",{"v":22817.62,"d":"22,817.62"},null,null,{"v":22817.62,"d":"22,817.62"}]
["I0507","CENTRAL ALARME P/6 LAÇOS SUPERVIS., MOD.FIRE-LITE","UN",{"v":7605.87,"d":"7,605.87"},null,null,{"v":7605.87,"d":"7,605.87"}]
["I5980","CENTRAL DE COMAMDO DE MOTORES TIPO CPD1005","UN",{"v":4800,"d":"4,800.00"},null,null,{"v":4800,"d":"4,800.00"}]
["I5981","CENTRAL DE COMANDO DE MOTORES TIPO CPD2005","UN",{"v":5400,"d":"5,400.00"},null,null,{"v":5400,"d":"5,400.00"}]
["I7544","CENTRAL DE CONTROLE DE DETECÇÃO E ALARME DE INCÊNDIO","UN",{"v":18941.29,"d":"18,941.29"},null,null,{"v":18941.29,"d":"18,941.29"}]
["I7538","CENTRAL DE CONTROLE P/ SEGURANÇA COMPLETA","UN",{"v":3843.53,"d":"3,843.53"},null,null,{"v":3843.53,"d":"3,843.53"}]
["I7545","CENTRAL DE TELEFONIA C/ 50 RAMAIS E 10LINHAS TRONCO (FORN./MONTAGEM)","UN",{"v":21409.34,"d":"21,409.34"},null,null,{"v":21409.34,"d":"21,409.34"}]
["I7955","CENTRAL DOSADORA DE CONCRETO 50 M³/H C/ 4 SILOS","H",{"v":93,"d":"93.00"},null,null,{"$f":"D1148","v":{"v":93,"d":"93.00"}}]
["I8864","CENTRO DE COMANDO DE MOTORES, COMPOSTO DE 2 CHAVES TIPO SOFT STARTER, PARA MOTORES DE 100CV, TIPO CPD, CONFORME PROJETO PADRÃO CAGECE, INCLUSIVE BANCO DE CAPACITORES TRIFÁSICO 15,0KVAR","UN",{"v":39758.17,"d":"39,758.17"},null,null,{"$f":"D1149","v":{"v":39758.17,"d":"39,758.17"}}]
["I8863","CENTRO DE COMANDO DE MOTORES, COMPOSTO DE 2 CHAVES TIPO SOFT STARTER, PARA MOTORES DE 25CV, TIPO CPD, CONFORME PROJETO PADRÃO CAGECE, INCLUSIVE BANCO DE CAPACITORES 5,0KVAR","UN",{"v":22409.01,"d":"22,409.01"},null,null,{"v":22409.01,"d":"22,409.01"}]
["I8865","CENTRO DE COMANDO DE MOTORES, COMPOSTO DE 3 CHAVES TIPO SOFT STARTER, PARA MOTORES DE 20CV, INCLUSIVE BANCO DE CAPACITORES TRIFÁSICO DE 3,0KVAR","UN",{"v":35577.71,"d":"35,577.71"},null,null,{"v":35577.71,"d":"35,577.71"}]
["I0508","CERA","KG",14.66,null,null,14.66]
["I6500","CERÂMICA ESMALTADA DIMENSÕES ACIMA DE 30x30cm (900 cm²) - PEI-5/PEI-4","M2",32.61,null,null,32.61]
["I6497","CERÂMICA ESMALTADA DIMENSÕES ATÉ 10x10cm (100 cm²) - DECORATIVA","M2",30.23,null,null,30.23]
["I6498","CERÂMICA ESMALTADA DIMENSÕES ATÉ 30x30cm (900 cm²) - PEI-5/PEI-4","M2",{"v":26.2,"d":"26.20"},null,null,{"v":26.2,"d":"26.20"}]
["I0519","CERÂMICA VERMELHA 7.5X15CM","M2",12.39,null,null,12.39]
["I0521","CHAPA AÇO INOX, ESCOVADO CHAPA 20","M2",312.16,null,null,312.16]
["I0522","CHAPA COBRE N.26 DESENV 0.33M","M",{"v":57,"d":"57.00"},null,null,{"v":57,"d":"57.00"}]
["I0523","CHAPA COBRE N.26 DESENV 0.50M","M",{"v":79.2,"d":"79.20"},null,null,{"v":79.2,"d":"79.20"}]
["I0524","CHAPA COMPENSADA PLASTIFICADA 18MM (1.22 X 2.44M)","M2",38.75,null,null,38.75]
["I0526","CHAPA COMPENSADO PLASTIFICADO 12MM (1.22 X 2.44M)","M2",28.58,null,null,28.58]
["I0527","CHAPA COMPENSADO RESINAD0 6MM (1.10 X 2.20M)","M2",9.14,null,null,9.14]
["I0528","CHAPA COMPENSADO RESINADO 10MM (1.10 X 2.20M)","M2",14.42,null,null,14.42]
["I0529","CHAPA COMPENSADO RESINADO 12MM (1.10 X 2.20M)","M2",18.37,null,null,18.37]
["I0534","CHAPA DE AÇO  3/16\"","KG",3.81,null,null,3.81]
["I0536","CHAPA DE AÇO  ANTI-DERRAPANTE 1/4\"","KG",4.41,null,null,4.41]
["I8194","CHAPA DE AÇO (3/4\" - 1\")","KG",{"v":6.7,"d":"6.70"},null,null,{"v":6.7,"d":"6.70"}]
["I6043","CHAPA DE AÇO 1/8\"","KG",4.56,null,null,4.56]
["I7480","CHAPA DE AÇO 10 MM","KG",3.91,null,null,3.91]
["I0532","CHAPA DE AÇO 3/16\"","M2",144.78,null,null,144.78]
["I0531","CHAPA DE AÇO 7/8\"","KG",6.71,null,null,6.71]
["I0533","CHAPA DE AÇO GALVANIZADA 2.0 x 1.0M,  ESP=1/16\"","UN",167.93,null,null,167.93]
["I0537","CHAPA DE AÇO GALVANIZADA ESP. 0.3MM","M2",{"v":29.5,"d":"29.50"},null,null,{"v":29.5,"d":"29.50"}]
["I0538","CHAPA DE AÇO GALVANIZADA N.26. DESENV 0.33M","M",14.13,null,null,14.13]
["I0539","CHAPA DE AÇO GALVANIZADA N.26. DESENV 0.50M","M",28.63,null,null,28.63]
["I0535","CHAPA DE AÇO INOX, N.300","M2",665.08,null,null,665.08]
["I8669","CHAPA DE AÇO PARA CAMISAS METÁLICAS","KG",{"v":3,"d":"3.00"},null,null,{"v":3,"d":"3.00"}]
["I0530","CHAPA DE ALUMINIO 2.00  x 1.00m N. 14","UN",195.61,null,null,195.61]
["I8232","CHAPA DE ALUMÍNIO CORRUGADA COM SUPORTE DE PERFIL EM \"L\"","M2",768.03,null,null,768.03]
["I8618","CHAPA DE ALUMÍNIO TIPO XADREZ LAVRADA ESP. 3mm","M2",469.75,null,null,469.75]
["I7546","CHAPA DE ALUMÍNIO XADRÊS DE 1 1/4\" (8,4KG/M2)","M2",97.81,null,null,97.81]
["I8624","CHAPA EM ALUMÍNIO N.16","M2",90.69,null,null,90.69]
["I8356","CHAPA GALVANIZADA PERFURADA DE 2mm COM PINTURA ELETROSTÁTICA","M2",{"v":128,"d":"128.00"},null,null,{"v":128,"d":"128.00"}]
["I0540","CHAPA LISA DE FIBROCIMENTO DE 6MM","M2",54.97,null,null,54.97]
["I0541","CHAPA MADEIRA MINERALIZADA, TIPO CELOTEX","M2",37.96,null,null,37.96]
["I7483","CHAPA METÁLICA EXTERNA","KG",4.99,null,null,4.99]
["I7482","CHAPA METÁLICA INTERNA","KG",4.99,null,null,4.99]
["I0542","CHAPA POLICARBONATO 4MM, FUME","M2",43.78,null,null,43.78]
["I0543","CHAPA POLICARBONATO 4MM, FUME C/ PELICULA REFLETIVA","UN",661.12,null,null,661.12]
["I0544","CHAPA POLICARBONATO 6MM,ALVEOLAR CRISTAL","M2",96.58,null,null,96.58]
["I0545","CHAPA POLICARBONATO 6MM,COMPACTO CRISTAL","M2",349.59,null,null,349.59]
["I6619","CHAPIM DE GRANITO VERDE MERUOCA","M2",{"v":291,"d":"291.00"},null,null,{"v":291,"d":"291.00"}]
["I0546","CHAVE COMUTADORA P/ AMPERIMETRO/VOLTIMETRO","UN",{"v":63.1,"d":"63.10"},null,null,{"v":63.1,"d":"63.10"}]
["I0547","CHAVE FACA 3X200A CLASSE 15KV","UN",{"v":776,"d":"776.00"},null,null,{"v":776,"d":"776.00"}]
["I0549","CHAVE FUSIVEL INDICADORA 15KV/50A-RUPTURA 1200A","UN",{"v":254,"d":"254.00"},null,null,{"v":254,"d":"254.00"}]
["I8211","CHAVE FUSÍVEL INDICADORA UNIPOLAR 15KV-300A CORRENTE RUPTURA 2,0 KV","UN",159.98,null,null,159.98]
["I0551","CHAVE GERAL 3X200A-BASE DE MARMORE","UN",315.71,null,null,315.71]
["I7537","CHAVE PRESSOSTÁTICA 2\"","UN",{"v":391,"d":"391.00"},null,null,{"v":391,"d":"391.00"}]
["I9072","CHAVE REVERSORA TRIPOLAR SOB CARGA 630A","UN",{"v":4288,"d":"4,288.00"},null,null,{"v":4288,"d":"4,288.00"}]
["I0552","CHAVE SECCIONADORA ACION. ALAVANCA 1X40A","UN",{"v":131.6,"d":"131.60"},null,null,{"v":131.6,"d":"131.60"}]
["I0553","CHAVE SECCIONADORA ACION. ALAVANCA 3X100A","UN",{"v":401.7,"d":"401.70"},null,null,{"v":401.7,"d":"401.70"}]
["I0554","CHAVE SECCIONADORA ACION. ALAVANCA 3X40A","UN",147.27,null,null,147.27]
["I0555","CHAVE SECCIONADORA ACION. ALAVANCA 3X63A","UN",{"v":253.1,"d":"253.10"},null,null,{"v":253.1,"d":"253.10"}]
["I7431","CHAVE SECCIONADORA C/ FUSÍVEL, ABERTURA SOB CARGA, 15 kV, 160 A","UN",{"v":1445.1,"d":"1,445.10"},null,null,{"v":1445.1,"d":"1,445.10"}]
["I0556","CHAVE SECCIONADORA ROTATIVA 3X100A","UN",{"v":495.6,"d":"495.60"},null,null,{"v":495.6,"d":"495.60"}]
["I0557","CHAVE SECCIONADORA ROTATIVA 3X125A","UN",546.13,null,null,546.13]
["I0558","CHAVE SECCIONADORA ROTATIVA 3X16A","UN",75.39,null,null,75.39]
["I0559","CHAVE SECCIONADORA ROTATIVA 3X200A","UN",{"v":300.2,"d":"300.20"},null,null,{"v":300.2,"d":"300.20"}]
["I0560","CHAVE SECCIONADORA ROTATIVA 3X250A","UN",{"v":300.2,"d":"300.20"},null,null,{"v":300.2,"d":"300.20"}]
["I0561","CHAVE SECCIONADORA ROTATIVA 3X25A","UN",92.85,null,null,92.85]
["I0562","CHAVE SECCIONADORA ROTATIVA 3X40A","UN",{"v":183.4,"d":"183.40"},null,null,{"v":183.4,"d":"183.40"}]
["I0563","CHAVE SECCIONADORA ROTATIVA 3X63A","UN",{"v":251.8,"d":"251.80"},null,null,{"v":251.8,"d":"251.80"}]
["I7437","CHAVE SELETORA DE 3 POSIÇÕES","UN",{"v":103.5,"d":"103.50"},null,null,{"$f":"D1213","v":{"v":103.5,"d":"103.50"}}]
["I0791","CHUMBADOR DE 3/8''","UN",{"v":2,"d":"2.00"},null,null,{"v":2,"d":"2.00"}]
["I7552","CHUMBADOR FISCHER FCB 1/4\"","UN",{"v":1,"d":"1.00"},null,null,{"v":1,"d":"1.00"}]
["I0793","CHUMBADOR TIPO PARABOULT 1/4 X 1 3/4\"","UN",{"v":1.5,"d":"1.50"},null,null,{"v":1.5,"d":"1.50"}]
["I0990","CHUMBADOR TIPO PARABOULT 3/4\"x6 1/4\"","UN",14.99,null,null,14.99]
["I0794","CHUMBADOR TIPO PARABOULT 3/8 X 3 1/2\"","UN",2.42,null,null,2.42]
["I6167","CHUVEIRO COM ARTICULAÇÃO CROMADO 1/2\"","UN",75.63,null,null,75.63]
["I0795","CHUVEIRO ELETRICO 220V/2500W","UN",{"v":225,"d":"225.00"},null,null,{"v":225,"d":"225.00"}]
["I0796","CHUVEIRO PLASTICO","UN",{"v":6.5,"d":"6.50"},null,null,{"v":6.5,"d":"6.50"}]
["I0797","CHUVEIRO-DUCHA CROMADO 1/2''","UN",{"v":46.2,"d":"46.20"},null,null,{"v":46.2,"d":"46.20"}]
["I0799","CIMENTO BRANCO","KG",2.81,null,null,2.81]
["I0800","CIMENTO COLANTE","KG",0.65,null,null,0.65]
["I0801","CIMENTO ESPECIAL IMPERMEABILIZANTE N.1","KG",3.54,null,null,3.54]
["I0802","CIMENTO ESPECIAL TIPO K11 DA HEI'DI","KG",9.35,null,null,9.35]
["I0803","CIMENTO ESPECIAL TIPO KZ DA HEY\"DI","KG",{"v":11.4,"d":"11.40"},null,null,{"v":11.4,"d":"11.40"}]
["I0804","CIMENTO IMPERMEABILIZANTE DE PEGA ULTRA RAPIDO","KG",3.84,null,null,3.84]
["I0805","CIMENTO PORTLAND","KG",{"v":0.5,"d":"0.50"},null,null,{"v":0.5,"d":"0.50"}]
["I7954","CIMENTO PORTLAND À GRANEL","KG",0.41,null,null,0.41]
["I0806","CINTA DE AÇO GALVANIZADO","UN",8.03,null,null,8.03]
["I6788","CINTA DE ALUMINIO 1/2\"","M",0.83,null,null,0.83]
["I0807","CITIPLAC J-2 - FORNECIMENTO E EXECUÇÃO","M2",{"v":21.6,"d":"21.60"},null,null,{"v":21.6,"d":"21.60"}]
["I7925","CLARABÓIA ARTIFICIAL 60X200CM COM DIFUSOR APOIADO NO FORRO E LUMINÁRIA MAIS REATOR ELETRÔNICO APLICADOS NA LAJE PARA 2 FLUORESCENTES 32W COR QUENTE","UN",109.62,null,null,109.62]
["I0808","CLEATS P/LIGACAO APARENTE","UN",0.37,null,null,0.37]
["I8698","CLORADOR DE PASTILHA PARA CLORO ORGÂNICO - CAPACIDADE E AUTONOMIA MÍNIMA PARA TRATAR 2.500M3 DE ÁGUA POR CARGA DE CLORO","UN",{"v":2648.29,"d":"2,648.29"},null,null,{"v":2648.29,"d":"2,648.29"}]
["I6622","CLORADOR P/ CLORO GASOSO COMPLETO, CAPACIDADE ATÉ 2 Kg/h OU 48 Kg/dia","UN",{"v":1780,"d":"1,780.00"},null,null,{"v":1780,"d":"1,780.00"}]
["I6628","CLORADOR P/CLORO GASOSO COMPLETO, CAPACIDADE 10Kg/h OU 240 Kg/dia","UN",{"v":2240,"d":"2,240.00"},null,null,{"v":2240,"d":"2,240.00"}]
["I6627","CLORADOR P/CLORO GASOSO COMPLETO,CAPACIDADE 4 Kg/h OU 96 Kg/dia","UN",{"v":1920,"d":"1,920.00"},null,null,{"v":1920,"d":"1,920.00"}]
["I0810","COBOGÓ ANTI-CHUVA (50x40)CM","UN",4.21,null,null,4.21]
["I0811","COBOGO DE CIMENTO TIPO DIAMANTE","M2",49.77,null,null,49.77]
["I0822","COBOGO DE CONCRETO TIPO PESTANA (32x12x6)CM","UN",1.88,null,null,1.88]
["I0823","COBOGO DE CONCRETO TIPO VENEZIANO (50X50X6)CM","UN",4.07,null,null,4.07]
["I8360","COBOGÓ DE VIDRO 20x10x18 cm","UN",{"v":16.8,"d":"16.80"},null,null,{"v":16.8,"d":"16.80"}]
["I0812","COELCE - LIGAÇÃO TRIFASICA","UN",369.65,null,null,369.65]
["I0813","COFRE-TRANCA PARA GRADES DE FERRO","UN",{"v":2455,"d":"2,455.00"},null,null,{"v":2455,"d":"2,455.00"}]
["I0814","COLA ESPECIAL 'PVA'","KG",{"v":18.3,"d":"18.30"},null,null,{"v":18.3,"d":"18.30"}]
["I0815","COLA ESPECIAL DE NEOPRENE","KG",20.01,null,null,20.01]
["I0816","COLA FORMICA","KG",15.36,null,null,15.36]
["I0817","COLA PARA PINTURA","KG",8.36,null,null,8.36]
["I8621","COLA VINIL PARA PVC","KG",30.67,null,null,30.67]
["I2911","COLAR  DE TOMADA SAIDA ROSC. BUCHA LATÃO DN 75 x 1/2\"","UN",{"v":6.4,"d":"6.40"},null,null,{"v":6.4,"d":"6.40"}]
["I2917","COLAR DE TOMADA FoFo P/ TUBOS DE PVC DN 100 x 1\"","UN",38.77,null,null,38.77]
["I2919","COLAR DE TOMADA FoFo P/ TUBOS DE PVC DN 150 x 1\"","UN",48.29,null,null,48.29]
["I2918","COLAR DE TOMADA FoFo P/ TUBOS DE PVC DN 150 x 3/4\"","UN",48.29,null,null,48.29]
["I2921","COLAR DE TOMADA FoFo P/ TUBOS DE PVC DN 200 x 1\"","UN",75.89,null,null,75.89]
["I2920","COLAR DE TOMADA FoFo P/ TUBOS DE PVC DN 200 x 3/4\"","UN",75.89,null,null,75.89]
["I2923","COLAR DE TOMADA FoFo P/ TUBOS DE PVC DN 250 x 1\"","UN",84.63,null,null,84.63]
["I2922","COLAR DE TOMADA FoFo P/ TUBOS DE PVC DN 250 x 3/4\"","UN",84.63,null,null,84.63]
["I2925","COLAR DE TOMADA FoFo P/ TUBOS DE PVC DN 300 x 1\"","UN",94.27,null,null,94.27]
["I2924","COLAR DE TOMADA FoFo P/ TUBOS DE PVC DN 300 x 3/4\"","UN",94.27,null,null,94.27]
["I2915","COLAR DE TOMADA FoFo P/ TUBOS DE PVC DN 50 x 1\"","UN",27.54,null,null,27.54]
["I2916","COLAR DE TOMADA FoFo P/ TUBOS DE PVC DN 75 x 1\"","UN",30.52,null,null,30.52]
["I2927","COLAR DE TOMADA FoFo P/TUBOS PVC / DEFoFo DN 100 x 1\"","UN",38.77,null,null,38.77]
["I2926","COLAR DE TOMADA FoFo P/TUBOS PVC / DEFoFo DN 100 x 3/4\"","UN",38.77,null,null,38.77]
["I2929","COLAR DE TOMADA FoFo P/TUBOS PVC / DEFoFo DN 150 x 1\"","UN",48.29,null,null,48.29]
["I2928","COLAR DE TOMADA FoFo P/TUBOS PVC / DEFoFo DN 150 x 3/4\"","UN",48.29,null,null,48.29]
["I2931","COLAR DE TOMADA FoFo P/TUBOS PVC / DEFoFo DN 200 x 1\"","UN",75.89,null,null,75.89]
["I2930","COLAR DE TOMADA FoFo P/TUBOS PVC / DEFoFo DN 200 x 3/4\"","UN",75.89,null,null,75.89]
["I2933","COLAR DE TOMADA FoFo P/TUBOS PVC / DEFoFo DN 250 x 1\"","UN",84.63,null,null,84.63]
["I2932","COLAR DE TOMADA FoFo P/TUBOS PVC / DEFoFo DN 250 x 3/4\"","UN",84.63,null,null,84.63]
["I2935","COLAR DE TOMADA FoFo P/TUBOS PVC / DEFoFo DN 300 x 1\"","UN",94.27,null,null,94.27]
["I2934","COLAR DE TOMADA FoFo P/TUBOS PVC / DEFoFo DN 300 x 3/4\"","UN",94.27,null,null,94.27]
["I8392","COLAR DE TOMADA POLIPROPILENO C/TRAVAS SAÍDA ROSC. DN 100 x 1/2\"","UN",{"v":7.2,"d":"7.20"},null,null,{"v":7.2,"d":"7.20"}]
["I8393","COLAR DE TOMADA POLIPROPILENO C/TRAVAS SAÍDA ROSC. DN 100 x 3/4\"","UN",7.08,null,null,7.08]
["I8386","COLAR DE TOMADA POLIPROPILENO C/TRAVAS SAÍDA ROSC. DN 32 x 1/2\"","UN",4.97,null,null,4.97]
["I8387","COLAR DE TOMADA POLIPROPILENO C/TRAVAS SAÍDA ROSC. DN 32 x 3/4\"","UN",4.79,null,null,{"$f":"D1277","v":4.79}]
["I8388","COLAR DE TOMADA POLIPROPILENO C/TRAVAS SAÍDA ROSC. DN 50 x 1/2\"","UN",3.39,null,null,3.39]
["I8389","COLAR DE TOMADA POLIPROPILENO C/TRAVAS SAÍDA ROSC. DN 50 x 3/4\"","UN",3.16,null,null,3.16]
["I8390","COLAR DE TOMADA POLIPROPILENO C/TRAVAS SAÍDA ROSC. DN 75 x 1/2\"","UN",6.58,null,null,6.58]
["I8391","COLAR DE TOMADA POLIPROPILENO C/TRAVAS SAÍDA ROSC. DN 75 x 3/4\"","UN",6.45,null,null,6.45]
["I2907","COLAR DE TOMADA PVC C/TRAVAS SAIDA ROSC. DN 100 x 1/2\"","UN",{"v":8.2,"d":"8.20"},null,null,{"v":8.2,"d":"8.20"}]
["I2908","COLAR DE TOMADA PVC C/TRAVAS SAIDA ROSC. DN 100 x 3/4\"","UN",7.85,null,null,7.85]
["I2901","COLAR DE TOMADA PVC C/TRAVAS SAIDA ROSC. DN 32 x 1/2\"","UN",4.15,null,null,4.15]
["I2902","COLAR DE TOMADA PVC C/TRAVAS SAIDA ROSC. DN 32 x 3/4\"","UN",4.05,null,null,4.05]
["I2903","COLAR DE TOMADA PVC C/TRAVAS SAIDA ROSC. DN 50 x 1/2\"","UN",{"v":4.9,"d":"4.90"},null,null,{"v":4.9,"d":"4.90"}]
["I2904","COLAR DE TOMADA PVC C/TRAVAS SAIDA ROSC. DN 50 x 3/4\"","UN",{"v":4.6,"d":"4.60"},null,null,{"v":4.6,"d":"4.60"}]
["I2905","COLAR DE TOMADA PVC C/TRAVAS SAIDA ROSC. DN 75 x 1/2\"","UN",{"v":6.6,"d":"6.60"},null,null,{"v":6.6,"d":"6.60"}]
["I2906","COLAR DE TOMADA PVC C/TRAVAS SAIDA ROSC. DN 75 x 3/4\"","UN",6.35,null,null,6.35]
["I2913","COLAR DE TOMADA SAIDA ROSC. BUCHA LATÃO DN 100 x 1/2\"","UN",{"v":10.1,"d":"10.10"},null,null,{"v":10.1,"d":"10.10"}]
["I2914","COLAR DE TOMADA SAIDA ROSC. BUCHA LATÃO DN 100 x 3/4\"","UN",{"v":11.5,"d":"11.50"},null,null,{"v":11.5,"d":"11.50"}]
["I2909","COLAR DE TOMADA SAIDA ROSC. BUCHA LATÃO DN 50 x 1/2\"","UN",10.17,null,null,10.17]
["I2910","COLAR DE TOMADA SAIDA ROSC. BUCHA LATÃO DN 50 x 3/4\"","UN",{"v":8.5,"d":"8.50"},null,null,{"v":8.5,"d":"8.50"}]
["I2912","COLAR DE TOMADA SAIDA ROSC. BUCHA LATÃO DN 75 x 3/4\"","UN",{"v":9.1,"d":"9.10"},null,null,{"v":9.1,"d":"9.10"}]
["I6850","COLARINHO PEAD PN 10 DN 110 mm","UN",142.43,null,null,142.43]
["I6851","COLARINHO PEAD PN 10 DN 160 mm","UN",251.45,null,null,251.45]
["I6852","COLARINHO PEAD PN 10 DN 75 mm","UN",{"v":77.3,"d":"77.30"},null,null,{"v":77.3,"d":"77.30"}]
["I6853","COLARINHO PEAD PN 10 DN 90 mm","UN",115.28,null,null,115.28]
["I0818","COLCHÃO ARAME GALV. REVEST. PVC TIPO RENO h=0,17M","M2",76.32,null,null,76.32]
["I0819","COLCHÃO ARAME GALV. REVEST. PVC TIPO RENO h=0,23M","M2",82.34,null,null,82.34]
["I0820","COLCHÃO ARAME GALV. REVEST. PVC TIPO RENO h=0,30M","M2",90.58,null,null,90.58]
["I8572","COLUNA CÔNICA COM BRAÇO PROJETADO CÔNICO","UN",{"v":9824.61,"d":"9,824.61"},null,null,{"v":9824.61,"d":"9,824.61"}]
["I0603","COMP. DE PNEUS PRESSÃO VAR. AUTOPR. - ALUGUEL (CHI)","H",{"v":27.56567666666666,"d":"27.57"},{"v":39.66397666666666,"d":"39.66"},null,{"$f":"E1303","v":{"v":39.66397666666666,"d":"39.66"}}]
["I0717","COMP. DE PNEUS PRESSÃO VAR. AUTOPR. - ALUGUEL (CHP)","H",{"v":104.25659333333333,"d":"104.26"},{"v":116.35489333333334,"d":"116.35"},null,{"$f":"E1304","v":{"v":116.35489333333334,"d":"116.35"}}]
["I0604","COMP. LISO TANDEM AUTOPROPELIDO - ALUGUEL (CHI)","H",{"v":18.07715,"d":"18.08"},{"v":30.175449999999998,"d":"30.18"},null,{"v":30.175449999999998,"d":"30.18"}]
["I0718","COMP. LISO TANDEM AUTOPROPELIDO - ALUGUEL (CHP)","H",{"v":47.6249,"d":"47.62"},{"v":59.7232,"d":"59.72"},null,{"v":59.7232,"d":"59.72"}]
["I0605","COMP. LISO VIBRATÓRIO AUTOPROPELIDO - ALUGUEL (CHI)","H",{"v":25.342069999999996,"d":"25.34"},{"v":37.440369999999994,"d":"37.44"},null,{"v":37.440369999999994,"d":"37.44"}]
["I0719","COMP. LISO VIBRATÓRIO AUTOPROPELIDO - ALUGUEL (CHP)","H",{"v":100.58012,"d":"100.58"},{"v":112.67842,"d":"112.68"},null,{"v":112.67842,"d":"112.68"}]
["I0606","COMP. PÉ DE CARNEIRO VIB. AUTOPROPELIDO - ALUGUEL (CHI)","H",{"v":26.100316666666664,"d":"26.10"},{"v":38.198616666666666,"d":"38.20"},null,{"v":38.198616666666666,"d":"38.20"}]
["I0720","COMP. PÉ DE CARNEIRO VIB. AUTOPROPELIDO - ALUGUEL (CHP)","H",{"v":102.99095555555556,"d":"102.99"},{"v":115.08925555555555,"d":"115.09"},null,{"v":115.08925555555555,"d":"115.09"}]
["I0607","COMPAC. DE PNEUS PRES. VAR. AUTOPR. (CHI)","H",{"v":28.00582222222222,"d":"28.01"},{"v":40.10412222222222,"d":"40.10"},null,{"v":40.10412222222222,"d":"40.10"}]
["I0721","COMPAC. DE PNEUS PRES. VAR. AUTOPR. (CHP)","H",{"v":146.15759259259258,"d":"146.16"},{"v":158.2558925925926,"d":"158.26"},null,{"v":158.2558925925926,"d":"158.26"}]
["I0609","COMPAC. LISO VIBRAT. AUTOPROPELIDO (CHI)","H",{"v":25.57142,"d":"25.57"},{"v":37.66972,"d":"37.67"},null,{"v":37.66972,"d":"37.67"}]
["I0722","COMPAC. LISO VIBRAT. AUTOPROPELIDO (CHP)","H",{"v":134.80412,"d":"134.80"},{"v":146.90242,"d":"146.90"},null,{"v":146.90242,"d":"146.90"}]
["I0610","COMPAC. PÉ DE CARNEIRO VIBRAT. AUTOPROP. (CHI)","H",{"v":26.34186,"d":"26.34"},{"v":38.44016,"d":"38.44"},null,{"v":38.44016,"d":"38.44"}]
["I0723","COMPAC. PÉ DE CARNEIRO VIBRAT. AUTOPROP. (CHP)","H",{"v":138.02596,"d":"138.03"},{"v":150.12426,"d":"150.12"},null,{"v":150.12426,"d":"150.12"}]
["I2631","COMPACTADOR DE PLACA VIBRATÓRIA HP 4","UN",{"v":32862,"d":"32,862.00"},null,null,{"$f":"D1317","v":{"v":32862,"d":"32,862.00"}}]
["I0611","COMPACTADOR DE PLACA VIBRATÓRIA HP 4 (CHI)","H",{"v":9.116950000000001,"d":"9.12"},{"v":17.49275,"d":"17.49"},null,{"$f":"E1318","v":{"v":17.49275,"d":"17.49"}}]
["I0724","COMPACTADOR DE PLACA VIBRATÓRIA HP 4 (CHP)","H",{"v":20.849908333333335,"d":"20.85"},{"v":29.225708333333333,"d":"29.23"},null,{"$f":"E1319","v":{"v":29.225708333333333,"d":"29.23"}}]
["I2694","COMPACTADOR DE PLACA VIBRATÓRIA HP 7","UN",{"v":48685,"d":"48,685.00"},null,null,{"$f":"D1320","v":{"v":48685,"d":"48,685.00"}}]
["I0612","COMPACTADOR DE PLACA VIBRATÓRIA HP 7 (CHI)","H",{"v":10.039958333333333,"d":"10.04"},{"v":18.415758333333333,"d":"18.42"},null,{"$f":"E1321","v":{"v":18.415758333333333,"d":"18.42"}}]
["I0725","COMPACTADOR DE PLACA VIBRATÓRIA HP 7 (CHP)","H",{"v":27.937840277777777,"d":"27.94"},{"v":36.31364027777778,"d":"36.31"},null,{"$f":"E1322","v":{"v":36.31364027777778,"d":"36.31"}}]
["I2627","COMPACTADOR DE PNEUS PRESSÃO VAR. AUTOPROPELIDO","UN",{"v":396131,"d":"396,131.00"},null,null,{"$f":"D1323","v":{"v":396131,"d":"396,131.00"}}]
["I2623","COMPACTADOR DE PNEUS PRESSÃO VAR. AUTOPROPELIDO - ALUGUEL","UN",{"v":396131,"d":"396,131.00"},null,null,{"$f":"D1324","v":{"v":396131,"d":"396,131.00"}}]
["I2628","COMPACTADOR LISO TANDEM AUTOPROPELIDO","UN",{"v":177165,"d":"177,165.00"},null,null,{"$f":"D1325","v":{"v":177165,"d":"177,165.00"}}]
["I0608","COMPACTADOR LISO TANDEM AUTOPROPELIDO (CHI)","H",{"v":18.274,"d":"18.27"},{"v":30.3723,"d":"30.37"},null,{"$f":"E1326","v":{"v":30.3723,"d":"30.37"}}]
["I0726","COMPACTADOR LISO TANDEM AUTOPROPELIDO (CHP)","H",{"v":63.016,"d":"63.02"},{"v":75.1143,"d":"75.11"},null,{"$f":"E1327","v":{"v":75.1143,"d":"75.11"}}]
["I2624","COMPACTADOR LISO TANDEM AUTOPROPELIDO - ALUGUEL","UN",{"v":177165,"d":"177,165.00"},null,null,{"$f":"D1328","v":{"v":177165,"d":"177,165.00"}}]
["I2629","COMPACTADOR LISO VIBRATÓRIO AUTOPROPELIDO","UN",{"v":344805,"d":"344,805.00"},null,null,{"v":344805,"d":"344,805.00"}]
["I2625","COMPACTADOR LISO VIBRATÓRIO AUTOPROPELIDO - ALUGUEL","UN",{"v":344817,"d":"344,817.00"},null,null,{"v":344817,"d":"344,817.00"}]
["I2630","COMPACTADOR PÉ DE CARNEIRO VIBRATÓRIO AUTOPROPELIDO","UN",{"v":362315,"d":"362,315.00"},null,null,{"v":362315,"d":"362,315.00"}]
["I2626","COMPACTADOR PÉ DE CARNEIRO VIBRATÓRIO AUTOPROPELIDO - ALUGUEL","UN",{"v":362315,"d":"362,315.00"},null,null,{"v":362315,"d":"362,315.00"}]
["I0824","COMPONENTES ESTRUTURAIS DE ACO","KG",{"v":4.6,"d":"4.60"},null,null,{"v":4.6,"d":"4.60"}]
["I4865","COMPORTA CIRCULAR C/DUPLO SENT. DE FLUXO DN 1000","UN",{"v":94176.63,"d":"94,176.63"},null,null,{"v":94176.63,"d":"94,176.63"}]
["I4866","COMPORTA CIRCULAR C/DUPLO SENT. DE FLUXO DN 1200","UN",{"v":108828.84,"d":"108,828.84"},null,null,{"v":108828.84,"d":"108,828.84"}]
["I4867","COMPORTA CIRCULAR C/DUPLO SENT. DE FLUXO DN 1400","UN",{"v":119825.28,"d":"119,825.28"},null,null,{"v":119825.28,"d":"119,825.28"}]
["I4868","COMPORTA CIRCULAR C/DUPLO SENT. DE FLUXO DN 1500","UN",{"v":136964.89,"d":"136,964.89"},null,null,{"v":136964.89,"d":"136,964.89"}]
["I4857","COMPORTA CIRCULAR C/DUPLO SENT. DE FLUXO DN 200","UN",{"v":19925.89,"d":"19,925.89"},null,null,{"v":19925.89,"d":"19,925.89"}]
["I4858","COMPORTA CIRCULAR C/DUPLO SENT. DE FLUXO DN 300","UN",{"v":32802.35,"d":"32,802.35"},null,null,{"v":32802.35,"d":"32,802.35"}]
["I4859","COMPORTA CIRCULAR C/DUPLO SENT. DE FLUXO DN 400","UN",{"v":37217.26,"d":"37,217.26"},null,null,{"v":37217.26,"d":"37,217.26"}]
["I4860","COMPORTA CIRCULAR C/DUPLO SENT. DE FLUXO DN 500","UN",{"v":42576.82,"d":"42,576.82"},null,null,{"v":42576.82,"d":"42,576.82"}]
["I4861","COMPORTA CIRCULAR C/DUPLO SENT. DE FLUXO DN 600","UN",{"v":50327.86,"d":"50,327.86"},null,null,{"v":50327.86,"d":"50,327.86"}]
["I4862","COMPORTA CIRCULAR C/DUPLO SENT. DE FLUXO DN 700","UN",{"v":64274.11,"d":"64,274.11"},null,null,{"v":64274.11,"d":"64,274.11"}]
["I4863","COMPORTA CIRCULAR C/DUPLO SENT. DE FLUXO DN 800","UN",{"v":68948.25,"d":"68,948.25"},null,null,{"v":68948.25,"d":"68,948.25"}]
["I4864","COMPORTA CIRCULAR C/DUPLO SENT. DE FLUXO DN 900","UN",{"v":79213.82,"d":"79,213.82"},null,null,{"v":79213.82,"d":"79,213.82"}]
["I0825","COMPORTA EM FIBRA DE VIDRO","M2",379.18,null,null,379.18]
["I4877","COMPORTA QUADRADA C/DUPLO SENT. DE FLUXO DN 1000","UN",{"v":91466.32,"d":"91,466.32"},null,null,{"v":91466.32,"d":"91,466.32"}]
["I4878","COMPORTA QUADRADA C/DUPLO SENT. DE FLUXO DN 1200","UN",{"v":104071.78,"d":"104,071.78"},null,null,{"v":104071.78,"d":"104,071.78"}]
["I4879","COMPORTA QUADRADA C/DUPLO SENT. DE FLUXO DN 1400","UN",{"v":118941.24,"d":"118,941.24"},null,null,{"v":118941.24,"d":"118,941.24"}]
["I4880","COMPORTA QUADRADA C/DUPLO SENT. DE FLUXO DN 1500","UN",{"v":140321.52,"d":"140,321.52"},null,null,{"v":140321.52,"d":"140,321.52"}]
["I4869","COMPORTA QUADRADA C/DUPLO SENT. DE FLUXO DN 200","UN",{"v":20050.3,"d":"20,050.30"},null,null,{"v":20050.3,"d":"20,050.30"}]
["I4870","COMPORTA QUADRADA C/DUPLO SENT. DE FLUXO DN 300","UN",{"v":34971.94,"d":"34,971.94"},null,null,{"v":34971.94,"d":"34,971.94"}]
["I4871","COMPORTA QUADRADA C/DUPLO SENT. DE FLUXO DN 400","UN",{"v":37331.32,"d":"37,331.32"},null,null,{"v":37331.32,"d":"37,331.32"}]
["I4872","COMPORTA QUADRADA C/DUPLO SENT. DE FLUXO DN 500","UN",{"v":42962.81,"d":"42,962.81"},null,null,{"v":42962.81,"d":"42,962.81"}]
["I4873","COMPORTA QUADRADA C/DUPLO SENT. DE FLUXO DN 600","UN",{"v":50623.84,"d":"50,623.84"},null,null,{"v":50623.84,"d":"50,623.84"}]
["I4874","COMPORTA QUADRADA C/DUPLO SENT. DE FLUXO DN 700","UN",{"v":62569.61,"d":"62,569.61"},null,null,{"v":62569.61,"d":"62,569.61"}]
["I4875","COMPORTA QUADRADA C/DUPLO SENT. DE FLUXO DN 800","UN",{"v":68414.66,"d":"68,414.66"},null,null,{"v":68414.66,"d":"68,414.66"}]
["I4876","COMPORTA QUADRADA C/DUPLO SENT. DE FLUXO DN 900","UN",{"v":78997.31,"d":"78,997.31"},null,null,{"v":78997.31,"d":"78,997.31"}]
["I2632","COMPRESSOR DE AR 170 PCM","UN",{"v":85199,"d":"85,199.00"},null,null,{"v":85199,"d":"85,199.00"}]
["I0613","COMPRESSOR DE AR 170 PCM (CHI)","H",{"v":14.457095238095238,"d":"14.46"},{"v":26.555395238095237,"d":"26.56"},null,{"$f":"E1360","v":{"v":26.555395238095237,"d":"26.56"}}]
["I0727","COMPRESSOR DE AR 170 PCM (CHP)","H",{"v":65.2245634920635,"d":"65.22"},{"v":77.32286349206349,"d":"77.32"},null,{"$f":"E1361","v":{"v":77.32286349206349,"d":"77.32"}}]
["I2633","COMPRESSOR DE AR 250 PCM","UN",{"v":116227,"d":"116,227.00"},null,null,{"$f":"D1362","v":{"v":116227,"d":"116,227.00"}}]
["I0614","COMPRESSOR DE AR 250 PCM (CHI)","H",{"v":15.934619047619048,"d":"15.93"},{"v":28.032919047619046,"d":"28.03"},null,{"$f":"E1363","v":{"v":28.032919047619046,"d":"28.03"}}]
["I0728","COMPRESSOR DE AR 250 PCM (CHP)","H",{"v":78.5809126984127,"d":"78.58"},{"v":90.6792126984127,"d":"90.68"},null,{"$f":"E1364","v":{"v":90.6792126984127,"d":"90.68"}}]
["I2675","COMPRESSOR DE AR 335 PCM","UN",{"v":113000,"d":"113,000.00"},null,null,{"$f":"D1365","v":{"v":113000,"d":"113,000.00"}}]
["I0615","COMPRESSOR DE AR 335 PCM (CHI)","H",{"v":15.780952380952382,"d":"15.78"},{"v":27.87925238095238,"d":"27.88"},null,{"$f":"E1366","v":{"v":27.87925238095238,"d":"27.88"}}]
["I0729","COMPRESSOR DE AR 335 PCM (CHP)","H",{"v":89.94063492063492,"d":"89.94"},{"v":102.03893492063493,"d":"102.04"},null,{"$f":"E1367","v":{"v":102.03893492063493,"d":"102.04"}}]
["I2676","COMPRESSOR DE AR 765 PCM","UN",{"v":243425,"d":"243,425.00"},null,null,{"$f":"D1368","v":{"v":243425,"d":"243,425.00"}}]
["I0616","COMPRESSOR DE AR 765 PCM (CHI)","H",{"v":21.991666666666667,"d":"21.99"},{"v":34.08996666666667,"d":"34.09"},null,{"$f":"E1369","v":{"v":34.08996666666667,"d":"34.09"}}]
["I0730","COMPRESSOR DE AR 765 PCM (CHP)","H",{"v":187.81861111111112,"d":"187.82"},{"v":199.91691111111112,"d":"199.92"},null,{"$f":"E1370","v":{"v":199.91691111111112,"d":"199.92"}}]
["I8682","COMPRESSOR DE AR COMPRIMIDO ATÉ 5 Kg/cm²","H",{"v":1,"d":"1.00"},null,null,{"$f":"D1371","v":{"v":1,"d":"1.00"}}]
["I8427","COMPRESSOR DE AR P/ PINTURA","H",{"v":1,"d":"1.00"},null,null,{"v":1,"d":"1.00"}]
["I8866","COMPRESSOR DE AR PARA KITS DOSADORES DE DIAFRAGMA, ACIONAMENTO DIRETO E ISENTO DE ÓLEO, C/ VAZÃO MÍN. 45L/MIN E VAZÃO MÁX. 65L/MIN, PRESSÃO MÁX. 2,8 bar. POTÊNCIA DO MOTOR 1/3 HP (250 W); TENSÃO: 220V","UN",{"v":485,"d":"485.00"},null,null,{"v":485,"d":"485.00"}]
["I8867","COMPRESSOR DE AR, PRESSÃO MÁX. 40 psi, POTÊNCIA 450 W, TENSÃO: 220V ROT. 1750 rpm E MANGUEIRA DE 3M","UN",428.23,null,null,428.23]
["I8610","COMPUTADOR","UNxMÊS",{"v":170,"d":"170.00"},null,null,{"v":170,"d":"170.00"}]
["I6040","COMPUTADOR C/ CAD (ALUGUEL)","DIA",{"v":15,"d":"15.00"},null,null,{"v":15,"d":"15.00"}]
["I8562","COMPUTADOR DE MÃO (ALUGUEL)","DIA",3.68,null,null,3.68]
["I2677","COMPUTADOR PENTIUM","UN",{"v":3652,"d":"3,652.00"},null,null,{"v":3652,"d":"3,652.00"}]
["I0617","COMPUTADOR PENTIUM (CHI)","H",{"v":0.1947733333333333,"d":"0.19"},null,null,{"v":0.1947733333333333,"d":"0.19"}]
["I0731","COMPUTADOR PENTIUM (CHP)","H",{"v":1.3601733333333335,"d":"1.36"},null,null,{"v":1.3601733333333335,"d":"1.36"}]
["I7453","COMPUTADOR PENTIUM 4 , 2,80 GHz, 512 K CACHE, HD 40 GB, 128 MB DDR SDRAM, INCLUINDO PLACA","UN",{"v":2771.72,"d":"2,771.72"},null,null,{"$f":"D1381","v":{"v":2771.72,"d":"2,771.72"}}]
["I0826","CONCRETO BETUMINOSO USINADO A QUENTE - CBUQ","T",181.08,null,null,181.08]
["I0827","CONCRETO USINADO FCK=10 MPA","M3",{"v":236,"d":"236.00"},null,null,{"v":236,"d":"236.00"}]
["I0834","CONCRETO USINADO FCK=15 MPA","M3",{"v":242,"d":"242.00"},null,null,{"v":242,"d":"242.00"}]
["I0835","CONCRETO USINADO FCK=18 MPA","M3",{"v":247,"d":"247.00"},null,null,{"v":247,"d":"247.00"}]
["I0836","CONCRETO USINADO FCK=20 MPA","M3",{"v":257,"d":"257.00"},null,null,{"v":257,"d":"257.00"}]
["I0828","CONCRETO USINADO FCK=25 MPA","M3",{"v":265,"d":"265.00"},null,null,{"v":265,"d":"265.00"}]
["I0829","CONCRETO USINADO FCK=30 MPA","M3",{"v":278,"d":"278.00"},null,null,{"v":278,"d":"278.00"}]
["I0830","CONCRETO USINADO FCK=35 MPA","M3",289.67,null,null,289.67]
["I0831","CONCRETO USINADO FCK=40MPA","M3",318.33,null,null,318.33]
["I7971","CONCRETO USINADO FCK=50 MPA","M3",{"v":445.5,"d":"445.50"},null,null,{"v":445.5,"d":"445.50"}]
["I7972","CONCRETO USINADO FCK=50 MPA - ALTO DESEMPENHO","M3",505.58,null,null,505.58]
["I7973","CONCRETO USINADO FCK=50 MPA - BOMBEAMENTO SUBMERSO","M3",558.25,null,null,558.25]
["I0837","CONDULETE DE PVC DE 1\", TIPO C - E - LL - LR","UN",12.39,null,null,12.39]
["I0838","CONDULETE DE PVC DE 1/2\" TIPO C - E - LL - LR","UN",7.62,null,null,7.62]
["I0839","CONDULETE DE PVC DE 3/4\"TIPO C  - E - LL - LR","UN",8.71,null,null,8.71]
["I6739","CONE PARA EXPURGO EM AÇO INOX COM TAMPA E GRELHA - L=500MM X C=500MM, ALTURA ATÉ 300MM E SAÍDA D=100MM","UN",{"v":719.9,"d":"719.90"},null,null,{"v":719.9,"d":"719.90"}]
["I7382","CONECTOR DE ATERRAMENTO TIPO K2C17-10mm BURDY","UN",13.11,null,null,13.11]
["I7414","CONECTOR DE COMPRESSÃO P/25mm²","UN",{"v":2,"d":"2.00"},null,null,{"v":2,"d":"2.00"}]
["I8518","CONECTOR EMENDA E MEDIÇÃO PARA CABO ATÉ 50mm² 4P","UN",15.62,null,null,15.62]
["I0840","CONECTOR PARA CABO 10.0MM2","UN",2.35,null,null,2.35]
["I8084","CONECTOR PARA CONDUTOR DE AÇO COBREADO 7 x 10 AWG","UN",15.15,null,null,15.15]
["I0841","CONECTOR PARA HASTE TERRA","UN",2.35,null,null,2.35]
["I0844","CONECTOR SPLIT - BOLT P/ CABOS ATE 12OMM2","UN",{"v":13,"d":"13.00"},null,null,{"v":13,"d":"13.00"}]
["I0845","CONECTOR SPLIT-BOLT P/ CABOS ATE 500MM2","UN",82.45,null,null,82.45]
["I0846","CONECTOR SPLIT-BOLT P/CABO 16MM2","UN",3.59,null,null,3.59]
["I0847","CONECTOR SPLIT-BOLT P/CABO 35MM2","UN",6.01,null,null,6.01]
["I0848","CONEXÃO 4''X48MM PARA BACIA C/SAÍDA HORIZONTAL","UN",22.63,null,null,22.63]
["I6196","CONJUNTO DE BATERIAS","CJ",{"v":17904.67,"d":"17,904.67"},null,null,{"v":17904.67,"d":"17,904.67"}]
["I8643","CONJUNTO DE BOTOEIRAS EM BRAILLE","CJ",352.91,null,null,352.91]
["I2634","CONJUNTO DE BRITAGEM 30 M3/H","UN",{"v":1703971,"d":"1,703,971.00"},null,null,{"v":1703971,"d":"1,703,971.00"}]
["I0618","CONJUNTO DE BRITAGEM 30 M3/H (CHI)","H",{"v":86.13204444444446,"d":"86.13"},{"v":98.23034444444446,"d":"98.23"},null,{"$f":"E1412","v":{"v":98.23034444444446,"d":"98.23"}}]
["I0732","CONJUNTO DE BRITAGEM 30 M3/H (CHP)","H",{"v":363.81620740740743,"d":"363.82"},{"v":375.9145074074074,"d":"375.91"},null,{"$f":"E1413","v":{"v":375.9145074074074,"d":"375.91"}}]
["I8516","CONJUNTO DE CONTRAVENTAGEM COM CABO PARA MASTRO DE 2\"","UN",61.38,null,null,{"$f":"D1414","v":61.38}]
["I7975","CONJUNTO DE CONVERSORES (EMISSOR E RECEPTOR) DE UTP/COAXIAL COM TERMINAIS DE CONEXÃO, CAIXAS DE PROTEÇÃO E FONTE DE ALIMENTAÇÃO","UN",{"v":893.6,"d":"893.60"},null,null,{"v":893.6,"d":"893.60"}]
["I0849","CONJUNTO DE EQUIPAMENTOS PARA PROTENSAO E INJECAO","KG",3.95,null,null,3.95]
["I0850","CONJUNTO DE ESTAIAMENTO PARA PARA-RAIOS","UN",86.95,null,null,86.95]
["I0851","CONJUNTO FIXAÇÃO P/TANQUE","UN",21.63,null,null,21.63]
["I8680","CONJUNTO MISTURADOR 180 L DE ALTA ROTAÇÃO E BOMBA DE INJEÇÃO","H",{"v":34,"d":"34.00"},null,null,{"v":34,"d":"34.00"}]
["I6195","CONJUNTO RETIFICADOR 15 KVA, TRIFÁSICO 380 VAC - 125VCC","CJ",{"v":100265.12,"d":"100,265.12"},null,null,{"v":100265.12,"d":"100,265.12"}]
["I0853","CONJUNTO VEDAÇÃO ELASTICA","UN",{"v":0.5,"d":"0.50"},null,null,{"v":0.5,"d":"0.50"}]
["I0854","CONSERVADO \"P\" , IMPERMEAVEL","KG",{"v":9.4,"d":"9.40"},null,null,{"v":9.4,"d":"9.40"}]
["I2897","CONSTANTE DO TRANSPORTE","UN",{"v":1,"d":"1.00"},null,null,{"v":1,"d":"1.00"}]
["I0855","CONSULTOR DE ENGENHARIA","H",{"v":71.2,"d":"71.20"},{"v":154.027,"d":"154.03"},null,{"$f":"E1424","v":{"v":154.027,"d":"154.03"}}]
["I6005","CONTACTOR 250A, 30Ø, 1KV","UN",{"v":2291.5,"d":"2,291.50"},null,null,{"$f":"D1425","v":{"v":2291.5,"d":"2,291.50"}}]
["I7436","CONTACTOR 65A","UN",{"v":529.3,"d":"529.30"},null,null,{"v":529.3,"d":"529.30"}]
["I0648","CONTACTOR AUXILIAR 2NA + 2NF","UN",116.85,null,null,116.85]
["I7405","CONTATOR DE POTÊNCIA 3TF46 45A 2NA+2NF 220V","UN",417.63,null,null,417.63]
["I0856","CONTRAPLACA DE FECHADURA CENTRAL (1504)","UN",{"v":15.0007,"d":"15.00"},null,null,{"v":15.0007,"d":"15.00"}]
["I8868","CONTROLADOR ANALÍTICO, ENTRADA PARA 2 SENSORES DIGITAIS, 2 SAÍDAS ANALÓGICAS 4-20 MA, 1 ENTRADA ANALÓGICA 4-20 MA, PROTOCOLO DE COMUNICAÇÃO PROFIBUS-DP","UN",{"v":12962.66,"d":"12,962.66"},null,null,{"v":12962.66,"d":"12,962.66"}]
["I2310","CONTROLADOR DE FATOR DE POTÊNCIA COM 8 ESTÁGIOS","UN",{"v":5231.22,"d":"5,231.22"},null,null,{"v":5231.22,"d":"5,231.22"}]
["I7465","CONTROLE TIPO JOYSTICK PARA CÂMERA MÓVEL C/ DISPLAY E TECLADO INCORPORADO","UN",{"v":3775.79,"d":"3,775.79"},null,null,{"v":3775.79,"d":"3,775.79"}]
["I6281","CONVERSOR DE F.O. COAXIAL (EMISSOR + RECEPTOR)","UN",{"v":2148.56,"d":"2,148.56"},null,null,{"v":2148.56,"d":"2,148.56"}]
["I7526","CONVERSOR RS232 P/ LINHA PLUS","UN",477.46,null,null,477.46]
["I0857","COPIA HELIOGRAFICA","M2",12.04,null,null,12.04]
["I8564","CÓPIA HELIOGRÁFICA PLANTA FORMATO A4 P/B","M/L",7.23,null,null,7.23]
["I6220","CORDA DE NYLON DE 4mm","M",0.17,null,null,0.17]
["I0858","CORDA DE SISAL 1\"","KG",{"v":6.6,"d":"6.60"},null,null,{"v":6.6,"d":"6.60"}]
["I0859","CORDA DE SISAL 1/2\"","KG",{"v":6.6,"d":"6.60"},null,null,{"v":6.6,"d":"6.60"}]
["I6751","CORDA DE SISAL DE 1 1/4\"","KG",{"v":6.6,"d":"6.60"},null,null,{"v":6.6,"d":"6.60"}]
["I0862","CORDÃO DE PEROBA (MADEIRA DE 1A QUALIDADE) P/ RODAPE","M",7.83,null,null,7.83]
["I0860","CORDEL DETONANTE","M",2.72,null,null,2.72]
["I0861","CORDOALHA CP-190 RB D=12,7 MM","KG",5.95,null,null,5.95]
["I8519","CORDOALHA DE COBRE 300mm","UN",11.71,null,null,11.71]
["I8520","CORDOALHA DE COBRE 500mm","UN",18.97,null,null,18.97]
["I0863","CORRENTE PARA BASCULANTE (1003)","M",{"v":21.4,"d":"21.40"},null,null,{"v":21.4,"d":"21.40"}]
["I0864","CORRIMÃO EM TUBO GALVANIZADO 2\"","M",67.47,null,null,67.47]
["I0865","CORTE DE PERFIL DUPLO I DE 10\" X 4\"X 5/8\"","UN",53.29,null,null,53.29]
["I0866","CORTE DE PERFIL DUPLO I DE 12\" X 5\"X 1/4\"","UN",{"v":63.7,"d":"63.70"},null,null,{"v":63.7,"d":"63.70"}]
["I0867","CORTE DE PERFIL METALICO I DE 10\"X4\"X5/8\"","UN",29.16,null,null,29.16]
["I0868","CORTE DE PERFIL METALICO I DE 12\"X 5\"X 1/4\"","UN",34.98,null,null,34.98]
["I0869","CORTE DE SUPERFICIE C/DISCO DIAMANTADO","M2",0.52,null,null,0.52]
["I0870","CORTICA ESPESSURA 12MM","M2",{"v":122.2,"d":"122.20"},null,null,{"v":122.2,"d":"122.20"}]
["I6175","COTOVELO 90 INTERNO SISTEMA DLP PARA CANALETA 60MM X 34/50MM","UN",{"v":36.5,"d":"36.50"},null,null,{"v":36.5,"d":"36.50"}]
["I6174","COTOVELO 90 VARIAVEL SISTEMA DLP P/CANALETA 60MM X 34/50MM","UN",{"v":34.6,"d":"34.60"},null,null,{"v":34.6,"d":"34.60"}]
["I6772","COTOVELO AÇO ASTM A-120 ROSCÁVEL DE  100 mm (4\")","UN",{"v":78.1,"d":"78.10"},null,null,{"v":78.1,"d":"78.10"}]
["I6766","COTOVELO AÇO ASTM A-120 ROSCÁVEL DE 20mm (3/4\")","UN",{"v":28.2,"d":"28.20"},null,null,{"v":28.2,"d":"28.20"}]
["I6767","COTOVELO AÇO ASTM A-120 ROSCÁVEL DE 25mm (1\")","UN",{"v":49.9,"d":"49.90"},null,null,{"v":49.9,"d":"49.90"}]
["I6768","COTOVELO AÇO ASTM A-120 ROSCÁVEL DE 32mm (1 1/4\")","UN",{"v":64.2,"d":"64.20"},null,null,{"v":64.2,"d":"64.20"}]
["I6769","COTOVELO AÇO ASTM A-120 ROSCÁVEL DE 40mm (1 1/2\")","UN",{"v":68.9,"d":"68.90"},null,null,{"v":68.9,"d":"68.90"}]
["I6770","COTOVELO AÇO ASTM A-120 ROSCÁVEL DE 50mm (2\")","UN",{"v":73.6,"d":"73.60"},null,null,{"v":73.6,"d":"73.60"}]
["I6771","COTOVELO AÇO ASTM A-120 ROSCÁVEL DE 80mm (3\")","UN",{"v":77.1,"d":"77.10"},null,null,{"v":77.1,"d":"77.10"}]
["I0871","COTOVELO AÇO GALVANIZADO DE 1 1/2''","UN",16.23,null,null,16.23]
["I0872","COTOVELO AÇO GALVANIZADO DE 1 1/4''","UN",12.13,null,null,12.13]
["I0873","COTOVELO AÇO GALVANIZADO DE 1''","UN",7.28,null,null,7.28]
["I0874","COTOVELO AÇO GALVANIZADO DE 1/2''","UN",{"v":3,"d":"3.00"},null,null,{"v":3,"d":"3.00"}]
["I0875","COTOVELO AÇO GALVANIZADO DE 2 1/2''","UN",{"v":36,"d":"36.00"},null,null,{"v":36,"d":"36.00"}]
["I0876","COTOVELO AÇO GALVANIZADO DE 2''","UN",26.77,null,null,26.77]
["I0877","COTOVELO AÇO GALVANIZADO DE 3''","UN",{"v":52.5,"d":"52.50"},null,null,{"v":52.5,"d":"52.50"}]
["I0878","COTOVELO AÇO GALVANIZADO DE 3/4''","UN",4.87,null,null,4.87]
["I0879","COTOVELO AÇO GALVANIZADO DE 4''","UN",84.72,null,null,84.72]
["I0880","COTOVELO AÇO GALVANIZADO DE 5''","UN",{"v":250.8,"d":"250.80"},null,null,{"v":250.8,"d":"250.80"}]
["I0881","COTOVELO AÇO GALVANIZADO DE 6''","UN",260.83,null,null,260.83]
["I0882","COTOVELO PVC SOLDAVEL DE 110MM","UN",133.77,null,null,133.77]
["I0883","COTOVELO PVC SOLDAVEL DE 20MM","UN",{"v":0.6,"d":"0.60"},null,null,{"v":0.6,"d":"0.60"}]
["I0884","COTOVELO PVC SOLDAVEL DE 25MM","UN",{"v":0.8,"d":"0.80"},null,null,{"v":0.8,"d":"0.80"}]
["I0885","COTOVELO PVC SOLDAVEL DE 32MM","UN",{"v":1.6,"d":"1.60"},null,null,{"v":1.6,"d":"1.60"}]
["I0886","COTOVELO PVC SOLDAVEL DE 40MM","UN",{"v":3.2,"d":"3.20"},null,null,{"v":3.2,"d":"3.20"}]
["I0887","COTOVELO PVC SOLDAVEL DE 50MM","UN",{"v":5,"d":"5.00"},null,null,{"v":5,"d":"5.00"}]
["I0888","COTOVELO PVC SOLDAVEL DE 60MM","UN",17.11,null,null,17.11]
["I0889","COTOVELO PVC SOLDAVEL DE 75MM","UN",47.01,null,null,47.01]
["I0890","COTOVELO PVC SOLDAVEL DE 85MM","UN",59.77,null,null,59.77]
["I0891","COTOVELO REDUÇÃO  AÇO GALV 1 1/4X3/4''","UN",{"v":12.3,"d":"12.30"},null,null,{"v":12.3,"d":"12.30"}]
["I0892","COTOVELO REDUÇÃO AÇO GALV 2 1/2X2''","UN",43.45,null,null,43.45]
["I0893","COTOVELO REDUÇÃO AÇO GALV 3/4X1/2''","UN",{"v":4.6,"d":"4.60"},null,null,{"v":4.6,"d":"4.60"}]
["I8686","CRAVAÇÃO DE PERFIL METÁLICO \"I\" OU \"H\"","KG",1.43,null,null,1.43]
["I4882","CRIVO COM FLANGE DN 100 PN10","UN",224.29,null,null,224.29]
["I4883","CRIVO COM FLANGE DN 150 PN10","UN",376.04,null,null,376.04]
["I4884","CRIVO COM FLANGE DN 200 PN10","UN",511.06,null,null,{"$f":"D1489","v":511.06}]
["I4885","CRIVO COM FLANGE DN 250 PN10","UN",600.33,null,null,600.33]
["I4886","CRIVO COM FLANGE DN 300 PN10","UN",871.48,null,null,871.48]
["I4887","CRIVO COM FLANGE DN 350 PN10","UN",{"v":1052.25,"d":"1,052.25"},null,null,{"v":1052.25,"d":"1,052.25"}]
["I4888","CRIVO COM FLANGE DN 400 PN10","UN",{"v":1501.94,"d":"1,501.94"},null,null,{"v":1501.94,"d":"1,501.94"}]
["I4889","CRIVO COM FLANGE DN 450 PN10","UN",{"v":1803.22,"d":"1,803.22"},null,null,{"v":1803.22,"d":"1,803.22"}]
["I4890","CRIVO COM FLANGE DN 500 PN10","UN",{"v":2102.26,"d":"2,102.26"},null,null,{"v":2102.26,"d":"2,102.26"}]
["I4891","CRIVO COM FLANGE DN 600 PN10","UN",{"v":2789.64,"d":"2,789.64"},null,null,{"v":2789.64,"d":"2,789.64"}]
["I4881","CRIVO COM FLANGE DN 75 PN10","UN",180.77,null,null,180.77]
["I0895","CRUZETA AÇO GALVANIZADO 1 1/4''","UN",25.24,null,null,25.24]
["I0896","CRUZETA AÇO GALVANIZADO 1/2''","UN",{"v":9.5,"d":"9.50"},null,null,{"v":9.5,"d":"9.50"}]
["I0897","CRUZETA AÇO GALVANIZADO 2 1/2''","UN",{"v":61.2,"d":"61.20"},null,null,{"v":61.2,"d":"61.20"}]
["I6234","CRUZETA AÇO GALVANIZADO 2\"","UN",{"v":41.2,"d":"41.20"},null,null,{"v":41.2,"d":"41.20"}]
["I6233","CRUZETA AÇO GALVANIZADO 3/4\"","UN",{"v":12.3,"d":"12.30"},null,null,{"v":12.3,"d":"12.30"}]
["I8073","CRUZETA DE CONCRETO ARMADO 1.900mm TIPO NORMAL","UN",38.56,null,null,38.56]
["I3106","CRUZETA DE REDUÇÃO PBA COM BOLSAS DN 100 x 50","UN",{"v":65.3,"d":"65.30"},null,null,{"v":65.3,"d":"65.30"}]
["I8026","CRUZETA DE REDUÇÃO PBA COM BOLSAS DN 100 x 75","UN",{"v":78.2,"d":"78.20"},null,null,{"v":78.2,"d":"78.20"}]
["I3105","CRUZETA DE REDUÇÃO PBA COM BOLSAS DN 75 x 50","UN",39.89,null,null,39.89]
["I0914","CRUZETA EM CONCRETO ARMADO-PADRÃO COELCE","UN",{"v":75,"d":"75.00"},null,null,{"v":75,"d":"75.00"}]
["I7869","CRUZETA FoFo JTE DN 400 x 400","UN",{"v":8481.23,"d":"8,481.23"},null,null,{"v":8481.23,"d":"8,481.23"}]
["I7870","CRUZETA FoFo JTE DN 500 x 300","UN",{"v":8675.35,"d":"8,675.35"},null,null,{"v":8675.35,"d":"8,675.35"}]
["I7871","CRUZETA FoFo JTE DN 500 x 500","UN",{"v":11306.34,"d":"11,306.34"},null,null,{"v":11306.34,"d":"11,306.34"}]
["I7872","CRUZETA FoFo JTE DN 600 x 300","UN",{"v":10178.59,"d":"10,178.59"},null,null,{"v":10178.59,"d":"10,178.59"}]
["I7873","CRUZETA FoFo JTE DN 600 x 400","UN",{"v":11708.98,"d":"11,708.98"},null,null,{"v":11708.98,"d":"11,708.98"}]
["I7874","CRUZETA FoFo JTE DN 600 x 600","UN",{"v":14119.69,"d":"14,119.69"},null,null,{"v":14119.69,"d":"14,119.69"}]
["I3491","CRUZETA FoFo JUNTA ELÁSTICA DN 100 x 100","UN",550.68,null,null,550.68]
["I3490","CRUZETA FoFo JUNTA ELÁSTICA DN 100 x 75","UN",542.82,null,null,542.82]
["I7103","CRUZETA FoFo JUNTA ELASTICA DN 100 x 80","UN",542.82,null,null,542.82]
["I3494","CRUZETA FoFo JUNTA ELÁSTICA DN 150 x 100","UN",569.19,null,null,569.19]
["I3495","CRUZETA FoFo JUNTA ELÁSTICA DN 150 x 150","UN",656.52,null,null,656.52]
["I3493","CRUZETA FoFo JUNTA ELÁSTICA DN 150 x 75","UN",524.05,null,null,524.05]
["I7104","CRUZETA FoFo JUNTA ELASTICA DN 150 x 80","UN",524.05,null,null,524.05]
["I3498","CRUZETA FoFo JUNTA ELÁSTICA DN 200 x 100","UN",999.87,null,null,999.87]
["I7105","CRUZETA FoFo JUNTA ELASTICA DN 200 x 150","UN",{"v":1016.82,"d":"1,016.82"},null,null,{"v":1016.82,"d":"1,016.82"}]
["I3499","CRUZETA FoFo JUNTA ELÁSTICA DN 200 x 200","UN",{"v":1044.62,"d":"1,044.62"},null,null,{"v":1044.62,"d":"1,044.62"}]
["I3497","CRUZETA FoFo JUNTA ELÁSTICA DN 200 x 75","UN",709.46,null,null,709.46]
["I7106","CRUZETA FoFo JUNTA ELASTICA DN 200 x 80","UN",709.46,null,null,709.46]
["I3502","CRUZETA FoFo JUNTA ELÁSTICA DN 250 x 100","UN",{"v":1145.24,"d":"1,145.24"},null,null,{"v":1145.24,"d":"1,145.24"}]
["I3503","CRUZETA FoFo JUNTA ELÁSTICA DN 250 x 250","UN",{"v":1159.41,"d":"1,159.41"},null,null,{"v":1159.41,"d":"1,159.41"}]
["I3501","CRUZETA FoFo JUNTA ELÁSTICA DN 250 x 75","UN",643.74,null,null,643.74]
["I7107","CRUZETA FoFo JUNTA ELASTICA DN 250 x 80","UN",643.74,null,null,643.74]
["I3505","CRUZETA FoFo JUNTA ELÁSTICA DN 300 x 100","UN",870.57,null,null,870.57]
["I3506","CRUZETA FoFo JUNTA ELÁSTICA DN 300 x 200","UN",{"v":1287.65,"d":"1,287.65"},null,null,{"v":1287.65,"d":"1,287.65"}]
["I3507","CRUZETA FoFo JUNTA ELÁSTICA DN 300 x 300","UN",{"v":1573.94,"d":"1,573.94"},null,null,{"v":1573.94,"d":"1,573.94"}]
["I3504","CRUZETA FoFo JUNTA ELÁSTICA DN 300 x 75","UN",761.43,null,null,761.43]
["I7108","CRUZETA FoFo JUNTA ELASTICA DN 300 x 80","UN",761.43,null,null,761.43]
["I7611","CRUZETA FoFo JUNTA ELÁSTICA DN 350 x 100","UN",{"v":1278,"d":"1,278.00"},null,null,{"v":1278,"d":"1,278.00"}]
["I7612","CRUZETA FoFo JUNTA ELÁSTICA DN 350 x 200","UN",{"v":1557.25,"d":"1,557.25"},null,null,{"v":1557.25,"d":"1,557.25"}]
["I7613","CRUZETA FoFo JUNTA ELÁSTICA DN 350 x 250","UN",{"v":1677.33,"d":"1,677.33"},null,null,{"v":1677.33,"d":"1,677.33"}]
["I3509","CRUZETA FoFo JUNTA ELÁSTICA DN 400 x 100","UN",{"v":1507.62,"d":"1,507.62"},null,null,{"v":1507.62,"d":"1,507.62"}]
["I3510","CRUZETA FoFo JUNTA ELÁSTICA DN 400 x 200","UN",{"v":4086.88,"d":"4,086.88"},null,null,{"v":4086.88,"d":"4,086.88"}]
["I3511","CRUZETA FoFo JUNTA ELÁSTICA DN 400 x 300","UN",{"v":4177.92,"d":"4,177.92"},null,null,{"v":4177.92,"d":"4,177.92"}]
["I3512","CRUZETA FoFo JUNTA ELÁSTICA DN 400 x 400","UN",{"v":4254.69,"d":"4,254.69"},null,null,{"v":4254.69,"d":"4,254.69"}]
["I3508","CRUZETA FoFo JUNTA ELÁSTICA DN 400 x 75","UN",{"v":1468.07,"d":"1,468.07"},null,null,{"v":1468.07,"d":"1,468.07"}]
["I7109","CRUZETA FoFo JUNTA ELASTICA DN 400 x 80","UN",{"v":1468.07,"d":"1,468.07"},null,null,{"v":1468.07,"d":"1,468.07"}]
["I3514","CRUZETA FoFo JUNTA ELÁSTICA DN 500 x 100","UN",{"v":2058.13,"d":"2,058.13"},null,null,{"v":2058.13,"d":"2,058.13"}]
["I3515","CRUZETA FoFo JUNTA ELÁSTICA DN 500 x 200","UN",{"v":4109.06,"d":"4,109.06"},null,null,{"v":4109.06,"d":"4,109.06"}]
["I3516","CRUZETA FoFo JUNTA ELÁSTICA DN 500 x 300","UN",{"v":4226.74,"d":"4,226.74"},null,null,{"v":4226.74,"d":"4,226.74"}]
["I3517","CRUZETA FoFo JUNTA ELÁSTICA DN 500 x 500","UN",{"v":5212.74,"d":"5,212.74"},null,null,{"v":5212.74,"d":"5,212.74"}]
["I7614","CRUZETA FoFo JUNTA ELÁSTICA DN 500 x 80","UN",{"v":2051.18,"d":"2,051.18"},null,null,{"v":2051.18,"d":"2,051.18"}]
["I3519","CRUZETA FoFo JUNTA ELÁSTICA DN 600 x 100","UN",{"v":4067,"d":"4,067.00"},null,null,{"v":4067,"d":"4,067.00"}]
["I3520","CRUZETA FoFo JUNTA ELÁSTICA DN 600 x 200","UN",{"v":4342.22,"d":"4,342.22"},null,null,{"v":4342.22,"d":"4,342.22"}]
["I3521","CRUZETA FoFo JUNTA ELÁSTICA DN 600 x 300","UN",{"v":5034.22,"d":"5,034.22"},null,null,{"v":5034.22,"d":"5,034.22"}]
["I3522","CRUZETA FoFo JUNTA ELÁSTICA DN 600 x 400","UN",{"v":6012.35,"d":"6,012.35"},null,null,{"v":6012.35,"d":"6,012.35"}]
["I3523","CRUZETA FoFo JUNTA ELÁSTICA DN 600 x 600","UN",{"v":10330.19,"d":"10,330.19"},null,null,{"$f":"D1553","v":{"v":10330.19,"d":"10,330.19"}}]
["I3488","CRUZETA FoFo JUNTA ELÁSTICA DN 75 x 75","UN",441.34,null,null,441.34]
["I7110","CRUZETA FoFo JUNTA ELASTICA DN 80 x 80","UN",441.34,null,null,441.34]
["I3524","CRUZETA JE FoFo/PVC BBBB DN 100 x 50","UN",652.48,null,null,652.48]
["I3525","CRUZETA JE FoFo/PVC BBBB DN 100 x 75","UN",{"v":669.1,"d":"669.10"},null,null,{"v":669.1,"d":"669.10"}]
["I3528","CRUZETA JE FoFo/PVC BBBB DN 150 x 100","UN",777.85,null,null,777.85]
["I3526","CRUZETA JE FoFo/PVC BBBB DN 150 x 50","UN",{"v":639.4,"d":"639.40"},null,null,{"v":639.4,"d":"639.40"}]
["I3527","CRUZETA JE FoFo/PVC BBBB DN 150 x 75","UN",{"v":660,"d":"660.00"},null,null,{"v":660,"d":"660.00"}]
["I3531","CRUZETA JE FoFo/PVC BBBB DN 200 x 100","UN",{"v":1173.1,"d":"1,173.10"},null,null,{"v":1173.1,"d":"1,173.10"}]
["I3529","CRUZETA JE FoFo/PVC BBBB DN 200 x 50","UN",818.04,null,null,818.04]
["I3530","CRUZETA JE FoFo/PVC BBBB DN 200 x 75","UN",835.91,null,null,835.91]
["I3534","CRUZETA JE FoFo/PVC BBBB DN 250 x 100","UN",{"v":1313.25,"d":"1,313.25"},null,null,{"v":1313.25,"d":"1,313.25"}]
["I3532","CRUZETA JE FoFo/PVC BBBB DN 250 x 50","UN",746.42,null,null,746.42]
["I3533","CRUZETA JE FoFo/PVC BBBB DN 250 x 75","UN",788.33,null,null,788.33]
["I3104","CRUZETA PBA COM BOLSAS DN 100","UN",{"v":92.4,"d":"92.40"},null,null,{"v":92.4,"d":"92.40"}]
["I3102","CRUZETA PBA COM BOLSAS DN 50","UN",{"v":21,"d":"21.00"},null,null,{"v":21,"d":"21.00"}]
["I3103","CRUZETA PBA COM BOLSAS DN 75","UN",{"v":51.5,"d":"51.50"},null,null,{"v":51.5,"d":"51.50"}]
["I0900","CRUZETA PVC ROSCAVEL DE 1 1/2''","UN",{"v":22.8,"d":"22.80"},null,null,{"v":22.8,"d":"22.80"}]
["I0901","CRUZETA PVC ROSCAVEL DE 1 1/4''","UN",{"v":17.1,"d":"17.10"},null,null,{"v":17.1,"d":"17.10"}]
["I0899","CRUZETA PVC ROSCAVEL DE 1\"","UN",{"v":14.2,"d":"14.20"},null,null,{"v":14.2,"d":"14.20"}]
["I0902","CRUZETA PVC ROSCAVEL DE 1/2''","UN",{"v":8.3,"d":"8.30"},null,null,{"v":8.3,"d":"8.30"}]
["I0903","CRUZETA PVC ROSCAVEL DE 2''","UN",{"v":36.5,"d":"36.50"},null,null,{"v":36.5,"d":"36.50"}]
["I0904","CRUZETA PVC ROSCAVEL DE 3/4''","UN",8.37,null,null,8.37]
["I0905","CRUZETA PVC SOLD. MARROM DIAM 32MM (1'')","UN",{"v":5.9,"d":"5.90"},null,null,{"v":5.9,"d":"5.90"}]
["I0906","CRUZETA PVC SOLD. MARROM DIAM. 110MM (4'')","UN",{"v":85.1,"d":"85.10"},null,null,{"v":85.1,"d":"85.10"}]
["I0907","CRUZETA PVC SOLD. MARROM DIAM. 20MM (1/2'')","UN",{"v":3.7,"d":"3.70"},null,null,{"v":3.7,"d":"3.70"}]
["I0908","CRUZETA PVC SOLD. MARROM DIAM. 25MM (3/4'')","UN",{"v":5.5,"d":"5.50"},null,null,{"v":5.5,"d":"5.50"}]
["I0909","CRUZETA PVC SOLD. MARROM DIAM. 40MM (1 1/4'')","UN",7.43,null,null,7.43]
["I0910","CRUZETA PVC SOLD. MARROM DIAM. 50MM (1 1/2'')","UN",15.35,null,null,15.35]
["I0911","CRUZETA PVC SOLD. MARROM DIAM. 60MM (2'')","UN",16.55,null,null,16.55]
["I0912","CRUZETA PVC SOLD. MARROM DIAM. 85MM (3'')","UN",42.25,null,null,42.25]
["I0913","CRUZETA PVC SPLD. MARROM DIAM. 75MM (2 1/2'')","UN",{"v":23.3,"d":"23.30"},null,null,{"v":23.3,"d":"23.30"}]
["I0915","CUBA DE AÇO INOX","UN",{"v":141,"d":"141.00"},null,null,{"v":141,"d":"141.00"}]
["I0916","CUBA DE LOUÇA BRANCA DE EMBUTIR","UN",57.44,null,null,57.44]
["I9073","CUBA DE LOUÇA BRANCA DE SOBREPOR D=41CM, PROFUNDIDADE=8CM, COM VÁLVULA","UN",{"v":145.9,"d":"145.90"},null,null,{"v":145.9,"d":"145.90"}]
["I0917","CUMEEIRA FIBROCIMENTO ARTICULADA (MODULADA)","M",27.48,null,null,27.48]
["I0918","CUMEEIRA FIBROCIMENTO ARTICULADA (VOGATEX)","M",16.53,null,null,16.53]
["I0919","CUMEEIRA FIBROCIMENTO NORMAL (CANALETE 49)","UN",{"v":40,"d":"40.00"},null,null,{"v":40,"d":"40.00"}]
["I0920","CUMEEIRA FIBROCIMENTO NORMAL (CANALETE 90)","UN",77.27,null,null,77.27]
["I0921","CUMEEIRA FIBROCIMENTO NORMAL (KALHETA)","UN",{"v":40,"d":"40.00"},null,null,{"v":40,"d":"40.00"}]
["I0922","CUMEEIRA FIBROCIMENTO NORMAL (KALHETAO)","UN",77.27,null,null,77.27]
["I0923","CUMEEIRA FIBROCIMENTO NORMAL (MAXIPLAC)","UN",59.19,null,null,59.19]
["I0924","CUMEEIRA FIBROCIMENTO NORMAL (ONDULADA)","M",{"v":31.7,"d":"31.70"},null,null,{"v":31.7,"d":"31.70"}]
["I0925","CUMEEIRA FIBROCIMENTO UNIVERSAL (ONDULADA)","M",{"v":31.7,"d":"31.70"},null,null,{"v":31.7,"d":"31.70"}]
["I2296","CUMEEIRA NORMAL P/TELHA DE 6MM, LARGURA 1.10M","UN",34.87,null,null,34.87]
["I0926","CUMEEIRA PARA TELHA CERAMICA","UN",{"v":1.2,"d":"1.20"},null,null,{"v":1.2,"d":"1.20"}]
["I0927","CUMEEIRA PARA TELHA DE CONCRETO","UN",{"v":18.7,"d":"18.70"},null,null,{"v":18.7,"d":"18.70"}]
["I0928","CUMEEIRA PARA TELHA DE MADEIRA - NORMAL","UN",14.26,null,null,14.26]
["I0929","CUMEEIRA TERMOACUSTICA","UN",68.92,null,null,68.92]
["I0930","CUMEEIRA TIPO ONDULINE (0,90 X 0,50)M","M",{"v":31.4,"d":"31.40"},null,null,{"v":31.4,"d":"31.40"}]
["I7599","CURVA 11 15 FoFo BB JUNTA ELÁSTICA DN 450","UN",{"v":1462.9,"d":"1,462.90"},null,null,{"v":1462.9,"d":"1,462.90"}]
["I3314","CURVA 11 15' FoFo BB JUNTA ELÁSTICA DN 100","UN",{"v":165.2,"d":"165.20"},null,null,{"v":165.2,"d":"165.20"}]
["I3326","CURVA 11 15' FoFo BB JUNTA ELÁSTICA DN 1000","UN",{"v":8407.16,"d":"8,407.16"},null,null,{"v":8407.16,"d":"8,407.16"}]
["I3327","CURVA 11 15' FoFo BB JUNTA ELÁSTICA DN 1200","UN",{"v":11542.14,"d":"11,542.14"},null,null,{"v":11542.14,"d":"11,542.14"}]
["I3315","CURVA 11 15' FoFo BB JUNTA ELÁSTICA DN 150","UN",305.15,null,null,305.15]
["I3316","CURVA 11 15' FoFo BB JUNTA ELÁSTICA DN 200","UN",604.93,null,null,604.93]
["I3317","CURVA 11 15' FoFo BB JUNTA ELÁSTICA DN 250","UN",681.22,null,null,681.22]
["I3318","CURVA 11 15' FoFo BB JUNTA ELÁSTICA DN 300","UN",778.66,null,null,778.66]
["I3319","CURVA 11 15' FoFo BB JUNTA ELÁSTICA DN 350","UN",969.65,null,null,969.65]
["I3320","CURVA 11 15' FoFo BB JUNTA ELÁSTICA DN 400","UN",{"v":1189.21,"d":"1,189.21"},null,null,{"v":1189.21,"d":"1,189.21"}]
["I3321","CURVA 11 15' FoFo BB JUNTA ELÁSTICA DN 500","UN",{"v":1615.85,"d":"1,615.85"},null,null,{"v":1615.85,"d":"1,615.85"}]
["I3322","CURVA 11 15' FoFo BB JUNTA ELÁSTICA DN 600","UN",{"v":3576.26,"d":"3,576.26"},null,null,{"v":3576.26,"d":"3,576.26"}]
["I3323","CURVA 11 15' FoFo BB JUNTA ELÁSTICA DN 700","UN",{"v":4747.5,"d":"4,747.50"},null,null,{"v":4747.5,"d":"4,747.50"}]
["I3313","CURVA 11 15' FoFo BB JUNTA ELÁSTICA DN 75","UN",143.39,null,null,143.39]
["I7111","CURVA 11 15' FoFo BB JUNTA ELASTICA DN 80","UN",143.39,null,null,{"$f":"D1617","v":143.39}]
["I3324","CURVA 11 15' FoFo BB JUNTA ELÁSTICA DN 800","UN",{"v":6610.05,"d":"6,610.05"},null,null,{"v":6610.05,"d":"6,610.05"}]
["I3325","CURVA 11 15' FoFo BB JUNTA ELÁSTICA DN 900","UN",{"v":6673.69,"d":"6,673.69"},null,null,{"v":6673.69,"d":"6,673.69"}]
["I3330","CURVA 22 30' FoFo BB JUNTA ELÁSTICA DN 100","UN",151.01,null,null,151.01]
["I3343","CURVA 22 30' FoFo BB JUNTA ELÁSTICA DN 1000","UN",{"v":9881.81,"d":"9,881.81"},null,null,{"v":9881.81,"d":"9,881.81"}]
["I3344","CURVA 22 30' FoFo BB JUNTA ELÁSTICA DN 1200","UN",{"v":11795.73,"d":"11,795.73"},null,null,{"v":11795.73,"d":"11,795.73"}]
["I3331","CURVA 22 30' FoFo BB JUNTA ELÁSTICA DN 150","UN",319.89,null,null,319.89]
["I3332","CURVA 22 30' FoFo BB JUNTA ELÁSTICA DN 200","UN",364.26,null,null,364.26]
["I3333","CURVA 22 30' FoFo BB JUNTA ELÁSTICA DN 250","UN",538.33,null,null,538.33]
["I3334","CURVA 22 30' FoFo BB JUNTA ELÁSTICA DN 300","UN",714.63,null,null,714.63]
["I3335","CURVA 22 30' FoFo BB JUNTA ELÁSTICA DN 350","UN",{"v":1061.82,"d":"1,061.82"},null,null,{"v":1061.82,"d":"1,061.82"}]
["I3336","CURVA 22 30' FoFo BB JUNTA ELÁSTICA DN 400","UN",{"v":1289.82,"d":"1,289.82"},null,null,{"v":1289.82,"d":"1,289.82"}]
["I3337","CURVA 22 30' FoFo BB JUNTA ELÁSTICA DN 450","UN",{"v":1617.13,"d":"1,617.13"},null,null,{"v":1617.13,"d":"1,617.13"}]
["I3338","CURVA 22 30' FoFo BB JUNTA ELÁSTICA DN 500","UN",{"v":1719.22,"d":"1,719.22"},null,null,{"v":1719.22,"d":"1,719.22"}]
["I3339","CURVA 22 30' FoFo BB JUNTA ELÁSTICA DN 600","UN",{"v":4196.71,"d":"4,196.71"},null,null,{"v":4196.71,"d":"4,196.71"}]
["I3340","CURVA 22 30' FoFo BB JUNTA ELÁSTICA DN 700","UN",{"v":5365.57,"d":"5,365.57"},null,null,{"v":5365.57,"d":"5,365.57"}]
["I3329","CURVA 22 30' FoFo BB JUNTA ELÁSTICA DN 75","UN",{"v":134.4,"d":"134.40"},null,null,{"v":134.4,"d":"134.40"}]
["I7112","CURVA 22 30' FoFo BB JUNTA ELASTICA DN 80","UN",{"v":134.4,"d":"134.40"},null,null,{"v":134.4,"d":"134.40"}]
["I3341","CURVA 22 30' FoFo BB JUNTA ELÁSTICA DN 800","UN",{"v":6489.6,"d":"6,489.60"},null,null,{"v":6489.6,"d":"6,489.60"}]
["I3342","CURVA 22 30' FoFo BB JUNTA ELÁSTICA DN 900","UN",{"v":7546.29,"d":"7,546.29"},null,null,{"v":7546.29,"d":"7,546.29"}]
["I3109","CURVA 22 30' PBA COM PONTA E BOLSA DN 100","UN",61.29,null,null,61.29]
["I3107","CURVA 22 30' PBA COM PONTA E BOLSA DN 50","UN",{"v":13.7,"d":"13.70"},null,null,{"v":13.7,"d":"13.70"}]
["I3108","CURVA 22 30' PBA COM PONTA E BOLSA DN 75","UN",40.11,null,null,40.11]
["I3347","CURVA 45 FoFo BB JUNTA ELÁSTICA DN 100","UN",178.79,null,null,178.79]
["I3359","CURVA 45 FoFo BB JUNTA ELÁSTICA DN 1000","UN",{"v":13851.42,"d":"13,851.42"},null,null,{"v":13851.42,"d":"13,851.42"}]
["I3360","CURVA 45 FoFo BB JUNTA ELÁSTICA DN 1200","UN",{"v":17972.35,"d":"17,972.35"},null,null,{"v":17972.35,"d":"17,972.35"}]
["I3348","CURVA 45 FoFo BB JUNTA ELÁSTICA DN 150","UN",{"v":292.8,"d":"292.80"},null,null,{"v":292.8,"d":"292.80"}]
["I3349","CURVA 45 FoFo BB JUNTA ELÁSTICA DN 200","UN",407.68,null,null,407.68]
["I3350","CURVA 45 FoFo BB JUNTA ELÁSTICA DN 250","UN",575.99,null,null,575.99]
["I3351","CURVA 45 FoFo BB JUNTA ELÁSTICA DN 300","UN",736.39,null,null,736.39]
["I3352","CURVA 45 FoFo BB JUNTA ELÁSTICA DN 350","UN",{"v":1165.36,"d":"1,165.36"},null,null,{"v":1165.36,"d":"1,165.36"}]
["I3353","CURVA 45 FoFo BB JUNTA ELÁSTICA DN 400","UN",{"v":1543.83,"d":"1,543.83"},null,null,{"v":1543.83,"d":"1,543.83"}]
["I7113","CURVA 45 FoFo BB JUNTA ELASTICA DN 450","UN",{"v":3873.22,"d":"3,873.22"},null,null,{"v":3873.22,"d":"3,873.22"}]
["I3354","CURVA 45 FoFo BB JUNTA ELÁSTICA DN 500","UN",{"v":4123.63,"d":"4,123.63"},null,null,{"v":4123.63,"d":"4,123.63"}]
["I3355","CURVA 45 FoFo BB JUNTA ELÁSTICA DN 600","UN",{"v":4439.32,"d":"4,439.32"},null,null,{"v":4439.32,"d":"4,439.32"}]
["I3356","CURVA 45 FoFo BB JUNTA ELÁSTICA DN 700","UN",{"v":6170.51,"d":"6,170.51"},null,null,{"v":6170.51,"d":"6,170.51"}]
["I3346","CURVA 45 FoFo BB JUNTA ELÁSTICA DN 75","UN",141.77,null,null,141.77]
["I7114","CURVA 45 FoFo BB JUNTA ELASTICA DN 80","UN",141.77,null,null,141.77]
["I3357","CURVA 45 FoFo BB JUNTA ELÁSTICA DN 800","UN",{"v":8814.22,"d":"8,814.22"},null,null,{"v":8814.22,"d":"8,814.22"}]
["I3358","CURVA 45 FoFo BB JUNTA ELÁSTICA DN 900","UN",{"v":9531.66,"d":"9,531.66"},null,null,{"v":9531.66,"d":"9,531.66"}]
["I2985","CURVA 45 OCRE PB - JE CURTA INJETADA DN 100","UN",10.92,null,null,10.92]
["I2977","CURVA 45 OCRE PB - JE DN 100","UN",{"v":18.1,"d":"18.10"},null,null,{"v":18.1,"d":"18.10"}]
["I2978","CURVA 45 OCRE PB - JE DN 125","UN",{"v":33.2,"d":"33.20"},null,null,{"v":33.2,"d":"33.20"}]
["I2979","CURVA 45 OCRE PB - JE DN 150","UN",{"v":56.3,"d":"56.30"},null,null,{"v":56.3,"d":"56.30"}]
["I2980","CURVA 45 OCRE PB - JE DN 200","UN",105.05,null,null,105.05]
["I2981","CURVA 45 OCRE PB - JE DN 250","UN",{"v":243,"d":"243.00"},null,null,{"v":243,"d":"243.00"}]
["I2982","CURVA 45 OCRE PB - JE DN 300","UN",{"v":402.5,"d":"402.50"},null,null,{"v":402.5,"d":"402.50"}]
["I2983","CURVA 45 OCRE PB - JE DN 350","UN",667.98,null,null,667.98]
["I2984","CURVA 45 OCRE PB - JE DN 400","UN",829.85,null,null,829.85]
["I6862","CURVA 45° OCRE PB - JEI CURTA INJETADA DN 100","UN",12.76,null,null,12.76]
["I7549","CURVA 45 OCRE PB - JEI DN 100","UN",27.57,null,null,27.57]
["I6856","CURVA 45° OCRE PB - JEI DN 150","UN",63.06,null,null,63.06]
["I6857","CURVA 45° OCRE PB - JEI DN 200","UN",{"v":114.2,"d":"114.20"},null,null,{"v":114.2,"d":"114.20"}]
["I6858","CURVA 45° OCRE PB - JEI DN 250","UN",361.68,null,null,361.68]
["I6859","CURVA 45° OCRE PB - JEI DN 300","UN",{"v":689.8,"d":"689.80"},null,null,{"v":689.8,"d":"689.80"}]
["I6860","CURVA 45° OCRE PB - JEI DN 350","UN",868.99,null,null,868.99]
["I6861","CURVA 45° OCRE PB - JEI DN 400","UN",{"v":1103.28,"d":"1,103.28"},null,null,{"v":1103.28,"d":"1,103.28"}]
["I3112","CURVA 45 PBA COM PONTA E BOLSA DN 100","UN",61.29,null,null,61.29]
["I3110","CURVA 45 PBA COM PONTA E BOLSA DN 50","UN",16.38,null,null,16.38]
["I3111","CURVA 45 PBA COM PONTA E BOLSA DN 75","UN",40.11,null,null,40.11]
["I6978","CURVA 45° PRFV PB JE DN 150","UN",269.65,null,null,269.65]
["I6979","CURVA 45° PRFV PB JE DN 200","UN",455.23,null,null,455.23]
["I6980","CURVA 45° PRFV PB JE DN 250","UN",595.68,null,null,595.68]
["I6981","CURVA 45° PRFV PB JE DN 300","UN",945.65,null,null,945.65]
["I6855","CURVA 45 PVC PBS DN 150","UN",{"v":185,"d":"185.00"},null,null,{"$f":"D1681","v":{"v":185,"d":"185.00"}}]
["I6571","CURVA 90 EM PVC SOLDÁVEL 20","UN",1.29,null,null,1.29]
["I3363","CURVA 90 FoFo BB JUNTA ELÁSTICA DN 100","UN",213.48,null,null,213.48]
["I3364","CURVA 90 FoFo BB JUNTA ELÁSTICA DN 150","UN",332.82,null,null,332.82]
["I3365","CURVA 90 FoFo BB JUNTA ELÁSTICA DN 200","UN",505.43,null,null,505.43]
["I3366","CURVA 90 FoFo BB JUNTA ELÁSTICA DN 250","UN",752.18,null,null,752.18]
["I3367","CURVA 90 FoFo BB JUNTA ELÁSTICA DN 300","UN",{"v":1153.64,"d":"1,153.64"},null,null,{"v":1153.64,"d":"1,153.64"}]
["I3368","CURVA 90 FoFo BB JUNTA ELÁSTICA DN 350","UN",{"v":3454.69,"d":"3,454.69"},null,null,{"v":3454.69,"d":"3,454.69"}]
["I3369","CURVA 90 FoFo BB JUNTA ELÁSTICA DN 400","UN",{"v":3753.48,"d":"3,753.48"},null,null,{"v":3753.48,"d":"3,753.48"}]
["I7600","CURVA 90 FoFo BB JUNTA ELÁSTICA DN 450","UN",{"v":4309.9,"d":"4,309.90"},null,null,{"v":4309.9,"d":"4,309.90"}]
["I3370","CURVA 90 FoFo BB JUNTA ELÁSTICA DN 500","UN",{"v":4336.99,"d":"4,336.99"},null,null,{"v":4336.99,"d":"4,336.99"}]
["I3371","CURVA 90 FoFo BB JUNTA ELÁSTICA DN 600","UN",{"v":5949.59,"d":"5,949.59"},null,null,{"v":5949.59,"d":"5,949.59"}]
["I3362","CURVA 90 FoFo BB JUNTA ELÁSTICA DN 75","UN",195.47,null,null,195.47]
["I7115","CURVA 90 FoFo BB JUNTA ELASTICA DN 80","UN",195.47,null,null,195.47]
["I6264","CURVA 90 LONGA F. GALV. COM ROSCA INT./ROSCA EXT. DN 2\"","UN",47.67,null,null,47.67]
["I8660","CURVA 90 LONGA F.GALV. COM ROSCA INT./ROSCA EXT. DN 3\"","UN",87.41,null,null,87.41]
["I2994","CURVA 90 OCRE PB - JE CURTA INJETADA DN 100","UN",13.89,null,null,13.89]
["I2986","CURVA 90 OCRE PB - JE DN 100","UN",{"v":22.5,"d":"22.50"},null,null,{"v":22.5,"d":"22.50"}]
["I2987","CURVA 90 OCRE PB - JE DN 125","UN",41.85,null,null,41.85]
["I2988","CURVA 90 OCRE PB - JE DN 150","UN",62.61,null,null,62.61]
["I2989","CURVA 90 OCRE PB - JE DN 200","UN",147.66,null,null,147.66]
["I2990","CURVA 90 OCRE PB - JE DN 250","UN",{"v":259,"d":"259.00"},null,null,{"v":259,"d":"259.00"}]
["I2991","CURVA 90 OCRE PB - JE DN 300","UN",{"v":453,"d":"453.00"},null,null,{"v":453,"d":"453.00"}]
["I2992","CURVA 90 OCRE PB - JE DN 350","UN",{"v":755,"d":"755.00"},null,null,{"v":755,"d":"755.00"}]
["I2993","CURVA 90 OCRE PB - JE DN 400","UN",{"v":948,"d":"948.00"},null,null,{"v":948,"d":"948.00"}]
["I6864","CURVA 90° OCRE PB - JEI CURTA INJETADA DN 100","UN",{"v":14.6,"d":"14.60"},null,null,{"v":14.6,"d":"14.60"}]
["I7550","CURVA 90 OCRE PB - JEI DN 100","UN",25.79,null,null,25.79]
["I6865","CURVA 90° OCRE PB - JEI DN 150","UN",72.45,null,null,72.45]
["I6866","CURVA 90° OCRE PB - JEI DN 200","UN",{"v":164,"d":"164.00"},null,null,{"v":164,"d":"164.00"}]
["I6867","CURVA 90° OCRE PB - JEI DN 250","UN",{"v":336,"d":"336.00"},null,null,{"v":336,"d":"336.00"}]
["I6868","CURVA 90° OCRE PB - JEI DN 300","UN",{"v":563,"d":"563.00"},null,null,{"v":563,"d":"563.00"}]
["I6869","CURVA 90° OCRE PB - JEI DN 350","UN",{"v":1147.27,"d":"1,147.27"},null,null,{"v":1147.27,"d":"1,147.27"}]
["I6870","CURVA 90° OCRE PB - JEI DN 400","UN",{"v":1164,"d":"1,164.00"},null,null,{"v":1164,"d":"1,164.00"}]
["I3115","CURVA 90 PBA COM PONTA E BOLSA DN 100","UN",72.43,null,null,72.43]
["I3113","CURVA 90 PBA COM PONTA E BOLSA DN 50","UN",{"v":17,"d":"17.00"},null,null,{"v":17,"d":"17.00"}]
["I3114","CURVA 90 PBA COM PONTA E BOLSA DN 75","UN",42.35,null,null,42.35]
["I6982","CURVA 90° PRFV PB JE DN 150","UN",293.82,null,null,293.82]
["I6983","CURVA 90° PRFV PB JE DN 200","UN",506.26,null,null,506.26]
["I6984","CURVA 90° PRFV PB JE DN 250","UN",668.21,null,null,668.21]
["I6985","CURVA 90° PRFV PB JE DN 300","UN",{"v":1097.77,"d":"1,097.77"},null,null,{"v":1097.77,"d":"1,097.77"}]
["I6863","CURVA 90° PVC PBS DN 150","UN",{"v":258,"d":"258.00"},null,null,{"v":258,"d":"258.00"}]
["I0931","CURVA AÇO GALV 1/2'' MACHO-FEMEA","UN",7.75,null,null,7.75]
["I0932","CURVA AÇO GALV 2 1/2'' MACHO-FEMEA","UN",{"v":81.1,"d":"81.10"},null,null,{"v":81.1,"d":"81.10"}]
["I0933","CURVA AÇO GALVANIZADO 4''","UN",{"v":212.2,"d":"212.20"},null,null,{"v":212.2,"d":"212.20"}]
["I8647","CURVA AÇO INOX DIAM 1 1/2\"","UN",{"v":61.9,"d":"61.90"},null,null,{"v":61.9,"d":"61.90"}]
["I0934","CURVA COBRE/BRONZE DIAMETRO 104MM","UN",{"v":501.7,"d":"501.70"},null,null,{"v":501.7,"d":"501.70"}]
["I0937","CURVA COBRE/BRONZE DIAMETRO 15MM","UN",5.97,null,null,5.97]
["I0938","CURVA COBRE/BRONZE DIAMETRO 22MM","UN",13.19,null,null,13.19]
["I0936","CURVA COBRE/BRONZE DIAMETRO 35MM","UN",{"v":21.6,"d":"21.60"},null,null,{"v":21.6,"d":"21.60"}]
["I0940","CURVA COBRE/BRONZE DIAMETRO 42MM","UN",38.97,null,null,38.97]
["I0941","CURVA COBRE/BRONZE DIAMETRO 54MM","UN",64.52,null,null,64.52]
["I0942","CURVA COBRE/BRONZE DIAMETRO 66MM","UN",{"v":195.4,"d":"195.40"},null,null,{"v":195.4,"d":"195.40"}]
["I0935","CURVA COBRE/BRONZE DIAMETRO 79MM","UN",237.65,null,null,237.65]
["I0939","CURVA DE COBRE/BRONZE DIAMETRO 28MM","UN",{"v":16.6,"d":"16.60"},null,null,{"v":16.6,"d":"16.60"}]
["I0943","CURVA DE FERRO PARA ELETRODUTO DE 1 1/2''","UN",{"v":7.7,"d":"7.70"},null,null,{"v":7.7,"d":"7.70"}]
["I0944","CURVA DE FERRO PARA ELETRODUTO DE 1 1/4''","UN",7.36,null,null,7.36]
["I0945","CURVA DE FERRO PARA ELETRODUTO DE 1''","UN",{"v":5.8,"d":"5.80"},null,null,{"v":5.8,"d":"5.80"}]
["I0946","CURVA DE FERRO PARA ELETRODUTO DE 2 1/2''","UN",30.78,null,null,30.78]
["I0947","CURVA DE FERRO PARA ELETRODUTO DE 2''","UN",{"v":16.4,"d":"16.40"},null,null,{"v":16.4,"d":"16.40"}]
["I0949","CURVA DE FERRO PARA ELETRODUTO DE 3/4''","UN",5.53,null,null,5.53]
["I3476","CURVA DE PÉ 90 FF DN 100 PN10","UN",339.83,null,null,339.83]
["I3477","CURVA DE PÉ 90 FF DN 150 PN10","UN",440.35,null,null,440.35]
["I3478","CURVA DE PÉ 90 FF DN 200 PN10","UN",514.62,null,null,514.62]
["I3479","CURVA DE PÉ 90 FF DN 250 PN10","UN",{"v":1171.41,"d":"1,171.41"},null,null,{"v":1171.41,"d":"1,171.41"}]
["I3480","CURVA DE PÉ 90 FF DN 300 PN10","UN",{"v":1598.56,"d":"1,598.56"},null,null,{"$f":"D1745","v":{"v":1598.56,"d":"1,598.56"}}]
["I3481","CURVA DE PÉ 90 FF DN 350 PN10","UN",{"v":1885.64,"d":"1,885.64"},null,null,{"v":1885.64,"d":"1,885.64"}]
["I3482","CURVA DE PÉ 90 FF DN 400 PN10","UN",{"v":4274.13,"d":"4,274.13"},null,null,{"v":4274.13,"d":"4,274.13"}]
["I3483","CURVA DE PÉ 90 FF DN 450 PN10","UN",{"v":5712.98,"d":"5,712.98"},null,null,{"v":5712.98,"d":"5,712.98"}]
["I3484","CURVA DE PÉ 90 FF DN 500 PN10","UN",{"v":7161.46,"d":"7,161.46"},null,null,{"v":7161.46,"d":"7,161.46"}]
["I3485","CURVA DE PÉ 90 FF DN 600 PN10","UN",{"v":9447.47,"d":"9,447.47"},null,null,{"v":9447.47,"d":"9,447.47"}]
["I3475","CURVA DE PÉ 90 FF DN 75 PN10","UN",220.92,null,null,220.92]
["I7548","CURVA DE PÉ 90 FF DN 80 PN10","UN",220.92,null,null,220.92]
["I0950","CURVA DE PVC RIGIDO PARA ELETRODUTO DE 1 1/2''","UN",{"v":4.3,"d":"4.30"},null,null,{"v":4.3,"d":"4.30"}]
["I0951","CURVA DE PVC RIGIDO PARA ELETRODUTO DE 1 1/4''","UN",{"v":4.1,"d":"4.10"},null,null,{"v":4.1,"d":"4.10"}]
["I0952","CURVA DE PVC RIGIDO PARA ELETRODUTO DE 1''","UN",{"v":2.9,"d":"2.90"},null,null,{"v":2.9,"d":"2.90"}]
["I0953","CURVA DE PVC RIGIDO PARA ELETRODUTO DE 1/2''","UN",{"v":1.8,"d":"1.80"},null,null,{"v":1.8,"d":"1.80"}]
["I0954","CURVA DE PVC RIGIDO PARA ELETRODUTO DE 2 1/2''","UN",{"v":12.4,"d":"12.40"},null,null,{"v":12.4,"d":"12.40"}]
["I0955","CURVA DE PVC RIGIDO PARA ELETRODUTO DE 2''","UN",{"v":8.3,"d":"8.30"},null,null,{"v":8.3,"d":"8.30"}]
["I0956","CURVA DE PVC RIGIDO PARA ELETRODUTO DE 3''","UN",{"v":21.7,"d":"21.70"},null,null,{"v":21.7,"d":"21.70"}]
["I0957","CURVA DE PVC RIGIDO PARA ELETRODUTO DE 3/4''","UN",{"v":2.1,"d":"2.10"},null,null,{"v":2.1,"d":"2.10"}]
["I0958","CURVA DE PVC RIGIDO PARA ELETRODUTO DE 4''","UN",{"v":30.5,"d":"30.50"},null,null,{"v":30.5,"d":"30.50"}]
["I6471","CURVA EM AÇO GALV. D= 15 A 25mm  (1/2\")  A  (1\")","UN",26.68,null,null,26.68]
["I7636","CURVA FoFo 11 15 JTE DN 1000","UN",{"v":25215.44,"d":"25,215.44"},null,null,{"v":25215.44,"d":"25,215.44"}]
["I7637","CURVA FoFo 11 15 JTE DN 1200","UN",{"v":27428.43,"d":"27,428.43"},null,null,{"v":27428.43,"d":"27,428.43"}]
["I7628","CURVA FoFo 11 15 JTE DN 300","UN",{"v":2436.07,"d":"2,436.07"},null,null,{"v":2436.07,"d":"2,436.07"}]
["I7629","CURVA FoFo 11 15 JTE DN 350","UN",{"v":2932.42,"d":"2,932.42"},null,null,{"v":2932.42,"d":"2,932.42"}]
["I7630","CURVA FoFo 11 15 JTE DN 400","UN",{"v":3559.98,"d":"3,559.98"},null,null,{"v":3559.98,"d":"3,559.98"}]
["I7631","CURVA FoFo 11 15 JTE DN 500","UN",{"v":5099.48,"d":"5,099.48"},null,null,{"v":5099.48,"d":"5,099.48"}]
["I7632","CURVA FoFo 11 15 JTE DN 600","UN",{"v":7165.66,"d":"7,165.66"},null,null,{"v":7165.66,"d":"7,165.66"}]
["I7633","CURVA FoFo 11 15 JTE DN 700","UN",{"v":13750.49,"d":"13,750.49"},null,null,{"v":13750.49,"d":"13,750.49"}]
["I7634","CURVA FoFo 11 15 JTE DN 800","UN",{"v":16055.97,"d":"16,055.97"},null,null,{"v":16055.97,"d":"16,055.97"}]
["I7635","CURVA FoFo 11 15 JTE DN 900","UN",{"v":17403.54,"d":"17,403.54"},null,null,{"v":17403.54,"d":"17,403.54"}]
["I3387","CURVA FoFo 11 15' FF DN 1000 PN10","UN",{"v":10613.77,"d":"10,613.77"},null,null,{"v":10613.77,"d":"10,613.77"}]
["I3388","CURVA FoFo 11 15' FF DN 1200 PN10","UN",{"v":13004.1,"d":"13,004.10"},null,null,{"v":13004.1,"d":"13,004.10"}]
["I3375","CURVA FoFo 11 15' FF DN 150 PN10","UN",396.61,null,null,396.61]
["I3376","CURVA FoFo 11 15' FF DN 200 PN10","UN",707.84,null,null,707.84]
["I3377","CURVA FoFo 11 15' FF DN 250 PN10","UN",755.34,null,null,755.34]
["I3378","CURVA FoFo 11 15' FF DN 300 PN10","UN",917.31,null,null,917.31]
["I3379","CURVA FoFo 11 15' FF DN 350 PN10","UN",{"v":2108.18,"d":"2,108.18"},null,null,{"v":2108.18,"d":"2,108.18"}]
["I3380","CURVA FoFo 11 15' FF DN 400 PN10","UN",{"v":2157.04,"d":"2,157.04"},null,null,{"v":2157.04,"d":"2,157.04"}]
["I3381","CURVA FoFo 11 15' FF DN 450 PN10","UN",{"v":3652.19,"d":"3,652.19"},null,null,{"v":3652.19,"d":"3,652.19"}]
["I3382","CURVA FoFo 11 15' FF DN 500 PN10","UN",{"v":3992.65,"d":"3,992.65"},null,null,{"v":3992.65,"d":"3,992.65"}]
["I3383","CURVA FoFo 11 15' FF DN 600 PN10","UN",{"v":4391.89,"d":"4,391.89"},null,null,{"v":4391.89,"d":"4,391.89"}]
["I3384","CURVA FoFo 11 15' FF DN 700 PN10","UN",{"v":5231.89,"d":"5,231.89"},null,null,{"v":5231.89,"d":"5,231.89"}]
["I3373","CURVA FoFo 11 15' FF DN 75 PN10","UN",132.07,null,null,132.07]
["I3385","CURVA FoFo 11 15' FF DN 800 PN10","UN",{"v":5688.27,"d":"5,688.27"},null,null,{"v":5688.27,"d":"5,688.27"}]
["I3386","CURVA FoFo 11 15' FF DN 900 PN10","UN",{"v":8136.46,"d":"8,136.46"},null,null,{"v":8136.46,"d":"8,136.46"}]
["I7116","CURVA FoFo 11 15'FF DN 80 PN10","UN",132.07,null,null,132.07]
["I3374","CURVA FoFo 11º15' FF DN 100 PN10","UN",146.11,null,null,146.11]
["I7646","CURVA FoFo 22 30 JTE DN 1000","UN",{"v":26183.56,"d":"26,183.56"},null,null,{"v":26183.56,"d":"26,183.56"}]
["I7647","CURVA FoFo 22 30 JTE DN 1200","UN",{"v":27725.85,"d":"27,725.85"},null,null,{"v":27725.85,"d":"27,725.85"}]
["I7638","CURVA FoFo 22 30 JTE DN 300","UN",{"v":2382.07,"d":"2,382.07"},null,null,{"v":2382.07,"d":"2,382.07"}]
["I7639","CURVA FoFo 22 30 JTE DN 350","UN",{"v":3023.87,"d":"3,023.87"},null,null,{"v":3023.87,"d":"3,023.87"}]
["I7640","CURVA FoFo 22 30 JTE DN 400","UN",{"v":3645.41,"d":"3,645.41"},null,null,{"v":3645.41,"d":"3,645.41"}]
["I7641","CURVA FoFo 22 30 JTE DN 500","UN",{"v":5152.5,"d":"5,152.50"},null,null,{"v":5152.5,"d":"5,152.50"}]
["I7642","CURVA FoFo 22 30 JTE DN 600","UN",{"v":7783.15,"d":"7,783.15"},null,null,{"v":7783.15,"d":"7,783.15"}]
["I7643","CURVA FoFo 22 30 JTE DN 700","UN",{"v":14388.12,"d":"14,388.12"},null,null,{"v":14388.12,"d":"14,388.12"}]
["I7644","CURVA FoFo 22 30 JTE DN 800","UN",{"v":16419.06,"d":"16,419.06"},null,null,{"v":16419.06,"d":"16,419.06"}]
["I7645","CURVA FoFo 22 30 JTE DN 900","UN",{"v":18372.43,"d":"18,372.43"},null,null,{"v":18372.43,"d":"18,372.43"}]
["I3391","CURVA FoFo 22 30' FF DN 100 PN10","UN",332.06,null,null,332.06]
["I3404","CURVA FoFo 22 30' FF DN 1000 PN10","UN",{"v":13368.2,"d":"13,368.20"},null,null,{"v":13368.2,"d":"13,368.20"}]
["I3405","CURVA FoFo 22 30' FF DN 1200 PN10","UN",{"v":16117.14,"d":"16,117.14"},null,null,{"v":16117.14,"d":"16,117.14"}]
["I3392","CURVA FoFo 22 30' FF DN 150 PN10","UN",510.62,null,null,510.62]
["I3393","CURVA FoFo 22 30' FF DN 200 PN10","UN",735.29,null,null,735.29]
["I3394","CURVA FoFo 22 30' FF DN 250 PN10","UN",774.39,null,null,774.39]
["I3395","CURVA FoFo 22 30' FF DN 300 PN10","UN",{"v":1269.73,"d":"1,269.73"},null,null,{"v":1269.73,"d":"1,269.73"}]
["I3396","CURVA FoFo 22 30' FF DN 350 PN10","UN",{"v":1378.52,"d":"1,378.52"},null,null,{"v":1378.52,"d":"1,378.52"}]
["I3397","CURVA FoFo 22 30' FF DN 400 PN10","UN",{"v":3712.68,"d":"3,712.68"},null,null,{"v":3712.68,"d":"3,712.68"}]
["I3398","CURVA FoFo 22 30' FF DN 450 PN10","UN",{"v":3866.8,"d":"3,866.80"},null,null,{"$f":"D1809","v":{"v":3866.8,"d":"3,866.80"}}]
["I3399","CURVA FoFo 22 30' FF DN 500 PN10","UN",{"v":4538.39,"d":"4,538.39"},null,null,{"v":4538.39,"d":"4,538.39"}]
["I3400","CURVA FoFo 22 30' FF DN 600 PN10","UN",{"v":7058.32,"d":"7,058.32"},null,null,{"v":7058.32,"d":"7,058.32"}]
["I3401","CURVA FoFo 22 30' FF DN 700 PN10","UN",{"v":7180.09,"d":"7,180.09"},null,null,{"v":7180.09,"d":"7,180.09"}]
["I3390","CURVA FoFo 22 30' FF DN 75 PN10","UN",192.43,null,null,192.43]
["I7117","CURVA FoFo 22 30' FF DN 80 PN10","UN",192.43,null,null,192.43]
["I3402","CURVA FoFo 22 30' FF DN 800 PN10","UN",{"v":7628.79,"d":"7,628.79"},null,null,{"v":7628.79,"d":"7,628.79"}]
["I3403","CURVA FoFo 22 30' FF DN 900 PN10","UN",{"v":9385.22,"d":"9,385.22"},null,null,{"v":9385.22,"d":"9,385.22"}]
["I3408","CURVA FoFo 45 FF DN 100 PN10","UN",{"v":192.5,"d":"192.50"},null,null,{"v":192.5,"d":"192.50"}]
["I3421","CURVA FoFo 45 FF DN 1000 PN10","UN",{"v":15076.44,"d":"15,076.44"},null,null,{"v":15076.44,"d":"15,076.44"}]
["I3422","CURVA FoFo 45 FF DN 1200 PN10","UN",{"v":18779.16,"d":"18,779.16"},null,null,{"v":18779.16,"d":"18,779.16"}]
["I3409","CURVA FoFo 45 FF DN 150 PN10","UN",310.61,null,null,310.61]
["I3410","CURVA FoFo 45 FF DN 200 PN10","UN",407.73,null,null,407.73]
["I3411","CURVA FoFo 45 FF DN 250 PN10","UN",{"v":1021.56,"d":"1,021.56"},null,null,{"v":1021.56,"d":"1,021.56"}]
["I3412","CURVA FoFo 45 FF DN 300 PN10","UN",{"v":1538.21,"d":"1,538.21"},null,null,{"v":1538.21,"d":"1,538.21"}]
["I3413","CURVA FoFo 45 FF DN 350 PN10","UN",{"v":1717.69,"d":"1,717.69"},null,null,{"v":1717.69,"d":"1,717.69"}]
["I3414","CURVA FoFo 45 FF DN 400 PN10","UN",{"v":1812.63,"d":"1,812.63"},null,null,{"v":1812.63,"d":"1,812.63"}]
["I3415","CURVA FoFo 45 FF DN 450 PN10","UN",{"v":2120.51,"d":"2,120.51"},null,null,{"v":2120.51,"d":"2,120.51"}]
["I3416","CURVA FoFo 45 FF DN 500 PN10","UN",{"v":5053.36,"d":"5,053.36"},null,null,{"v":5053.36,"d":"5,053.36"}]
["I3417","CURVA FoFo 45 FF DN 600 PN10","UN",{"v":5427.58,"d":"5,427.58"},null,null,{"v":5427.58,"d":"5,427.58"}]
["I3418","CURVA FoFo 45 FF DN 700 PN10","UN",{"v":7123.95,"d":"7,123.95"},null,null,{"v":7123.95,"d":"7,123.95"}]
["I3407","CURVA FoFo 45 FF DN 75 PN10","UN",184.31,null,null,184.31]
["I7118","CURVA FoFo 45 FF DN 80 PN10","UN",184.31,null,null,184.31]
["I3419","CURVA FoFo 45 FF DN 800 PN10","UN",{"v":7181.28,"d":"7,181.28"},null,null,{"v":7181.28,"d":"7,181.28"}]
["I3420","CURVA FoFo 45 FF DN 900 PN10","UN",{"v":9126.24,"d":"9,126.24"},null,null,{"v":9126.24,"d":"9,126.24"}]
["I7656","CURVA FoFo 45 JTE DN 1000","UN",{"v":30415.05,"d":"30,415.05"},null,null,{"v":30415.05,"d":"30,415.05"}]
["I7657","CURVA FoFo 45 JTE DN 1200","UN",{"v":33894,"d":"33,894.00"},null,null,{"v":33894,"d":"33,894.00"}]
["I7648","CURVA FoFo 45 JTE DN 300","UN",{"v":2369.19,"d":"2,369.19"},null,null,{"v":2369.19,"d":"2,369.19"}]
["I7649","CURVA FoFo 45 JTE DN 350","UN",{"v":3105.27,"d":"3,105.27"},null,null,{"v":3105.27,"d":"3,105.27"}]
["I7650","CURVA FoFo 45 JTE DN 400","UN",{"v":3849.86,"d":"3,849.86"},null,null,{"v":3849.86,"d":"3,849.86"}]
["I7651","CURVA FoFo 45 JTE DN 500","UN",{"v":7058.18,"d":"7,058.18"},null,null,{"v":7058.18,"d":"7,058.18"}]
["I7652","CURVA FoFo 45 JTE DN 600","UN",{"v":7962.02,"d":"7,962.02"},null,null,{"v":7962.02,"d":"7,962.02"}]
["I7653","CURVA FoFo 45 JTE DN 700","UN",{"v":15127.19,"d":"15,127.19"},null,null,{"v":15127.19,"d":"15,127.19"}]
["I7654","CURVA FoFo 45 JTE DN 800","UN",{"v":18775.47,"d":"18,775.47"},null,null,{"v":18775.47,"d":"18,775.47"}]
["I7655","CURVA FoFo 45 JTE DN 900","UN",{"v":19999.26,"d":"19,999.26"},null,null,{"v":19999.26,"d":"19,999.26"}]
["I3425","CURVA FoFo 90 FF DN 100 PN10","UN",156.74,null,null,156.74]
["I3438","CURVA FoFo 90 FF DN 1000 PN10","UN",{"v":17203.47,"d":"17,203.47"},null,null,{"v":17203.47,"d":"17,203.47"}]
["I3439","CURVA FoFo 90 FF DN 1200 PN10","UN",{"v":21202.56,"d":"21,202.56"},null,null,{"v":21202.56,"d":"21,202.56"}]
["I3426","CURVA FoFo 90 FF DN 150 PN10","UN",335.13,null,null,335.13]
["I3427","CURVA FoFo 90 FF DN 200 PN10","UN",{"v":476.7,"d":"476.70"},null,null,{"v":476.7,"d":"476.70"}]
["I3428","CURVA FoFo 90 FF DN 250 PN10","UN",893.26,null,null,893.26]
["I3429","CURVA FoFo 90 FF DN 300 PN10","UN",{"v":1113.92,"d":"1,113.92"},null,null,{"v":1113.92,"d":"1,113.92"}]
["I3430","CURVA FoFo 90 FF DN 350 PN10","UN",{"v":1489.87,"d":"1,489.87"},null,null,{"v":1489.87,"d":"1,489.87"}]
["I3431","CURVA FoFo 90 FF DN 400 PN10","UN",{"v":3625.66,"d":"3,625.66"},null,null,{"v":3625.66,"d":"3,625.66"}]
["I3432","CURVA FoFo 90 FF DN 450 PN10","UN",{"v":4250.45,"d":"4,250.45"},null,null,{"v":4250.45,"d":"4,250.45"}]
["I3423","CURVA FoFo 90 FF DN 50 PN10","UN",79.86,null,null,79.86]
["I3433","CURVA FoFo 90 FF DN 500 PN10","UN",{"v":4767.92,"d":"4,767.92"},null,null,{"v":4767.92,"d":"4,767.92"}]
["I3434","CURVA FoFo 90 FF DN 600 PN10","UN",{"v":6701.37,"d":"6,701.37"},null,null,{"v":6701.37,"d":"6,701.37"}]
["I3435","CURVA FoFo 90 FF DN 700 PN10","UN",{"v":9158.48,"d":"9,158.48"},null,null,{"v":9158.48,"d":"9,158.48"}]
["I3424","CURVA FoFo 90 FF DN 75 PN10","UN",147.93,null,null,147.93]
["I7119","CURVA FoFo 90 FF DN 80 PN10","UN",147.93,null,null,147.93]
["I3436","CURVA FoFo 90 FF DN 800 PN10","UN",{"v":9807.62,"d":"9,807.62"},null,null,{"v":9807.62,"d":"9,807.62"}]
["I3437","CURVA FoFo 90 FF DN 900 PN10","UN",{"v":13066.89,"d":"13,066.89"},null,null,{"v":13066.89,"d":"13,066.89"}]
["I7658","CURVA FoFo 90 JTE DN 300","UN",{"v":2785.95,"d":"2,785.95"},null,null,{"v":2785.95,"d":"2,785.95"}]
["I7659","CURVA FoFo 90 JTE DN 350","UN",{"v":5183.54,"d":"5,183.54"},null,null,{"v":5183.54,"d":"5,183.54"}]
["I7660","CURVA FoFo 90 JTE DN 400","UN",{"v":5849.15,"d":"5,849.15"},null,null,{"v":5849.15,"d":"5,849.15"}]
["I7661","CURVA FoFo 90 JTE DN 500","UN",{"v":7296.08,"d":"7,296.08"},null,null,{"v":7296.08,"d":"7,296.08"}]
["I7662","CURVA FoFo 90 JTE DN 600","UN",{"v":9163.27,"d":"9,163.27"},null,null,{"v":9163.27,"d":"9,163.27"}]
["I2298","CURVA PVC ESGOTO LONGA DN 100MM","UN",23.37,null,null,23.37]
["I2297","CURVA PVC SOLDÁVEL 25 MM","UN",{"v":2.6,"d":"2.60"},null,null,{"v":2.6,"d":"2.60"}]
["I0959","CURVA SANFONADA","UN",{"v":6.5,"d":"6.50"},null,null,{"v":6.5,"d":"6.50"}]
["I0960","CURVA VERTICAL 90. P/INTERLIGAÇÃO","UN",{"v":29.5,"d":"29.50"},null,null,{"v":29.5,"d":"29.50"}]
["I0961","CX.ALUMINIO FUND.(40X40X15)CM,C/TAMPA CEGA","UN",{"v":216.3,"d":"216.30"},null,null,{"v":216.3,"d":"216.30"}]
["I8195","DEFENSAS E=600 KN","UN",{"v":49783.04,"d":"49,783.04"},null,null,{"v":49783.04,"d":"49,783.04"}]
["I2505","DEFENSAS METALICAS SIMPLES","ML",{"v":242.8,"d":"242.80"},null,null,{"$f":"D1873","v":{"v":242.8,"d":"242.80"}}]
["I0962","DEGRAU DE MARMORE COLOCADO","M",90.21,null,null,90.21]
["I0963","DEGRAU PRE-MOLDADO DE GRANILITE DE 30X100CM","UN",32.02,null,null,32.02]
["I8417","DENTE DE CORTE P/ RECICLADORA","UN",28.55,null,null,28.55]
["I8413","DENTE P/ FRESADORA","UN",23.96,null,null,23.96]
["I2701","DEPRECIAÇÃO","H",{"v":1,"d":"1.00"},null,null,{"v":1,"d":"1.00"}]
["I6179","DERIVAÇÃO SISTEMA DLP 60MM X 50MM","UN",{"v":39,"d":"39.00"},null,null,{"v":39,"d":"39.00"}]
["I2678","DESEMPENADEIRA ELÉTRICA","UN",{"v":2921,"d":"2,921.00"},null,null,{"v":2921,"d":"2,921.00"}]
["I0619","DESEMPENADEIRA ELÉTRICA (CHI)","H",{"v":0.23367999999999997,"d":"0.23"},null,null,{"v":0.23367999999999997,"d":"0.23"}]
["I0733","DESEMPENADEIRA ELÉTRICA (CHP)","H",{"v":1.609891111111111,"d":"1.61"},null,null,{"v":1.609891111111111,"d":"1.61"}]
["I2299","DESENHISTA","H",{"v":11.2,"d":"11.20"},{"v":24.229,"d":"24.23"},"MO",{"$f":"E1883","v":{"v":24.229,"d":"24.23"}}]
["I2300","DESENHISTA COPISTA","H",{"v":7.2,"d":"7.20"},{"v":15.5758,"d":"15.58"},"MO",{"$f":"E1884","v":{"v":15.5758,"d":"15.58"}}]
["I0965","DESMOLDANTE PARA FORMAS","L",{"v":6.6,"d":"6.60"},null,null,{"$f":"D1885","v":{"v":6.6,"d":"6.60"}}]
["I8874","DETECTOR DE GÁS CLORO PARA EMERGÊNCIAS","UN",{"v":3959.78,"d":"3,959.78"},null,null,{"v":3959.78,"d":"3,959.78"}]
["I7976","DETECTOR TERMO-VELOCIMÉTRICO, MONTAGEM DE TETO, C/ BASE ALIMENTAÇÃO 220 VAC, OPERAÇÃO EM REDE - INSTALADO","UN",253.85,null,null,253.85]
["I7373","DETERGENTE","L",2.83,null,null,2.83]
["I7451","DETETOR IÔNICO DE FUMAÇA, MONTAGEM DE TETO, C/ BASE ALIMENTAÇÃO 220VAC, UMA SAÍDA DIGITAL","UN",{"v":214,"d":"214.00"},null,null,{"v":214,"d":"214.00"}]
["I8563","DIÁRIA EM GERAL","DIA",{"v":90,"d":"90.00"},null,null,{"v":90,"d":"90.00"}]
["I7942","DIFUSOR LINEAR DE INSUFLAMENTO, EM ALUMÍNIO, COM REGISTROS ETC.","M",200.21,null,null,200.21]
["I6034","DIGITADOR","H",{"v":5.6,"d":"5.60"},{"v":12.1145,"d":"12.11"},"MO",{"$f":"E1892","v":{"v":12.1145,"d":"12.11"}}]
["I6036","DIGITALIZAÇÃO PLANILHA FORMATO AO","UN",{"v":320,"d":"320.00"},null,null,{"$f":"D1893","v":{"v":320,"d":"320.00"}}]
["I0966","DINAMITE 40%","KG",{"v":11,"d":"11.00"},null,null,{"v":11,"d":"11.00"}]
["I2507","DINAMITE 60%","KG",14.25,null,null,14.25]
["I2568","DINAMITE GRANULADA","KG",{"v":8.3,"d":"8.30"},null,null,{"v":8.3,"d":"8.30"}]
["I2301","DISCO DE CORTE 1/8\" DE 7\"","UN",6.17,null,null,6.17]
["I2302","DISCO DE DESBASTE 1/4\" DE 7\"","UN",16.03,null,null,16.03]
["I0967","DISCO DE DESBASTE DE 7'","UN",16.03,null,null,16.03]
["I8633","DISCO DIAMANTADO PARA MÁQUINA DE CORTE","UN",44.22,null,null,44.22]
["I0968","DISJUNTOR AUT. TRIP. VOL. NORMAL 15KV - 400A","UN",{"v":9558.2,"d":"9,558.20"},null,null,{"v":9558.2,"d":"9,558.20"}]
["I0969","DISJUNTOR BIPOLAR 10A","UN",{"v":44,"d":"44.00"},null,null,{"v":44,"d":"44.00"}]
["I0970","DISJUNTOR BIPOLAR 16A","UN",{"v":44,"d":"44.00"},null,null,{"v":44,"d":"44.00"}]
["I0972","DISJUNTOR BIPOLAR 20A","UN",{"v":44,"d":"44.00"},null,null,{"v":44,"d":"44.00"}]
["I0973","DISJUNTOR BIPOLAR 25A","UN",{"v":44,"d":"44.00"},null,null,{"v":44,"d":"44.00"}]
["I0975","DISJUNTOR BIPOLAR 32A","UN",{"v":44,"d":"44.00"},null,null,{"v":44,"d":"44.00"}]
["I0976","DISJUNTOR BIPOLAR 40A","UN",{"v":45.4,"d":"45.40"},null,null,{"v":45.4,"d":"45.40"}]
["I0978","DISJUNTOR BIPOLAR 50A","UN",{"v":45.4,"d":"45.40"},null,null,{"v":45.4,"d":"45.40"}]
["I7424","DISJUNTOR DE MÉDIA TENSÃO SF6 15 kV, 630 A, 3 PÓLOS, 30 kA/15kV, EXTRAÍVEL","UN",{"v":33878.25,"d":"33,878.25"},null,null,{"v":33878.25,"d":"33,878.25"}]
["I8365","DISJUNTOR DIFERENCIAL DR-16A - 40A, 30mA","UN",117.89,null,null,117.89]
["I8366","DISJUNTOR DIFERENCIAL DR-80A, 30mA","UN",158.22,null,null,158.22]
["I0980","DISJUNTOR MONOPOLAR 10A","UN",{"v":8.3,"d":"8.30"},null,null,{"v":8.3,"d":"8.30"}]
["I0981","DISJUNTOR MONOPOLAR 16A","UN",{"v":8.3,"d":"8.30"},null,null,{"v":8.3,"d":"8.30"}]
["I0983","DISJUNTOR MONOPOLAR 20A","UN",{"v":8.3,"d":"8.30"},null,null,{"v":8.3,"d":"8.30"}]
["I0984","DISJUNTOR MONOPOLAR 25A","UN",{"v":8.3,"d":"8.30"},null,null,{"v":8.3,"d":"8.30"}]
["I6489","DISJUNTOR MONOPOLAR 2A","UN",28.44,null,null,28.44]
["I0986","DISJUNTOR MONOPOLAR 32A","UN",{"v":13.5,"d":"13.50"},null,null,{"v":13.5,"d":"13.50"}]
["I0987","DISJUNTOR MONOPOLAR 40A","UN",{"v":13.5,"d":"13.50"},null,null,{"v":13.5,"d":"13.50"}]
["I6490","DISJUNTOR MONOPOLAR 4A","UN",28.44,null,null,28.44]
["I0989","DISJUNTOR MONOPOLAR 50A","UN",{"v":13.5,"d":"13.50"},null,null,{"v":13.5,"d":"13.50"}]
["I6491","DISJUNTOR MONOPOLAR 6A","UN",21.34,null,null,21.34]
["I9065","DISJUNTOR TÉRMICO E MAGNÉTICO AJUSTÁVEIS,TRIPOLAR DE 450 ATÉ 600A, CAPACIDADE DE INTERRUPÇÃO DE 35KA","UN",{"v":2509.26,"d":"2,509.26"},null,null,{"v":2509.26,"d":"2,509.26"}]
["I0991","DISJUNTOR TIPO COMPACTO 3X100A","UN",143.53,null,null,143.53]
["I0992","DISJUNTOR TIPO COMPACTO 3X160A","UN",185.05,null,null,185.05]
["I0993","DISJUNTOR TIPO COMPACTO 3X16A","UN",46.15,null,null,46.15]
["I0994","DISJUNTOR TIPO COMPACTO 3X250A","UN",{"v":1899,"d":"1,899.00"},null,null,{"v":1899,"d":"1,899.00"}]
["I0995","DISJUNTOR TIPO COMPACTO 3X32A","UN",55.65,null,null,55.65]
["I0996","DISJUNTOR TIPO COMPACTO 3X400A","UN",{"v":2112,"d":"2,112.00"},null,null,{"v":2112,"d":"2,112.00"}]
["I0997","DISJUNTOR TIPO COMPACTO 3X63A","UN",92.96,null,null,92.96]
["I0998","DISJUNTOR TIPO COMPACTO E ABERTO 3X1000A","UN",{"v":12665.8,"d":"12,665.80"},null,null,{"v":12665.8,"d":"12,665.80"}]
["I0999","DISJUNTOR TIPO COMPACTO E ABERTO 3X1250A","UN",{"v":12665.8,"d":"12,665.80"},null,null,{"v":12665.8,"d":"12,665.80"}]
["I1000","DISJUNTOR TIPO COMPACTO E ABERTO 3X1600A","UN",{"v":15424.14,"d":"15,424.14"},null,null,{"v":15424.14,"d":"15,424.14"}]
["I1001","DISJUNTOR TIPO COMPACTO E ABERTO 3X2500A","UN",{"v":28424.9,"d":"28,424.90"},null,null,{"v":28424.9,"d":"28,424.90"}]
["I1002","DISJUNTOR TIPO COMPACTO E ABERTO 3X3150A","UN",{"v":28699.99,"d":"28,699.99"},null,null,{"v":28699.99,"d":"28,699.99"}]
["I1003","DISJUNTOR TIPO COMPACTO E ABERTO 3X630A","UN",{"v":2808.57,"d":"2,808.57"},null,null,{"v":2808.57,"d":"2,808.57"}]
["I1004","DISJUNTOR TRIPOLAR 10A","UN",{"v":45.6,"d":"45.60"},null,null,{"v":45.6,"d":"45.60"}]
["I1005","DISJUNTOR TRIPOLAR 16A","UN",{"v":45.6,"d":"45.60"},null,null,{"v":45.6,"d":"45.60"}]
["I1007","DISJUNTOR TRIPOLAR 20A","UN",{"v":45.6,"d":"45.60"},null,null,{"v":45.6,"d":"45.60"}]
["I1008","DISJUNTOR TRIPOLAR 25A","UN",{"v":45.6,"d":"45.60"},null,null,{"v":45.6,"d":"45.60"}]
["I1010","DISJUNTOR TRIPOLAR 32A","UN",{"v":45.6,"d":"45.60"},null,null,{"v":45.6,"d":"45.60"}]
["I7404","DISJUNTOR TRIPOLAR 35kA ED63B060","UN",{"v":797.2,"d":"797.20"},null,null,{"v":797.2,"d":"797.20"}]
["I7400","DISJUNTOR TRIPOLAR 35kA FXD63B150","UN",{"v":1249.68,"d":"1,249.68"},null,null,{"v":1249.68,"d":"1,249.68"}]
["I1011","DISJUNTOR TRIPOLAR 40A","UN",{"v":45.6,"d":"45.60"},null,null,{"v":45.6,"d":"45.60"}]
["I1013","DISJUNTOR TRIPOLAR 50A","UN",{"v":45.6,"d":"45.60"},null,null,{"v":45.6,"d":"45.60"}]
["I9075","DISJUNTOR TRIPOLAR 800A","UN",{"v":2631.71,"d":"2,631.71"},null,null,{"v":2631.71,"d":"2,631.71"}]
["I1015","DISJUNTOR TRIPOLAR COMPACTO DE - 175A","UN",185.05,null,null,185.05]
["I1016","DISJUNTOR TRIPOLAR DE 100A","UN",77.93,null,null,77.93]
["I1017","DISJUNTOR TRIPOLAR DE 60A","UN",77.93,null,null,77.93]
["I1018","DISJUNTOR TRIPOLAR DE 70A","UN",77.93,null,null,77.93]
["I1019","DISJUNTOR TRIPOLAR DE 90A","UN",77.93,null,null,77.93]
["I8442","DISPOSITIVO DE PROTEÇÃO CONTRA SURTOS DE TENSÃO - DPS's - 40 KA/440V - FORNECIMENTO E INSTALAÇÃO","UN",106.63,null,null,106.63]
["I8875","DISPOSITIVO DIFERENCIAL RESIDUAL TETRAPOLAR 25A, SENSIBILIDADE 300mA 380V","UN",142.64,null,null,142.64]
["I8876","DISPOSITIVO DPS 1 FASE, REDE TN-S/TT 240VAC, CLASSES 1 E 2 INTEGRADOS","UN",{"v":2456.79,"d":"2,456.79"},null,null,{"v":2456.79,"d":"2,456.79"}]
["I8877","DISPOSITIVO DPS P/ REDE DE SINAL 4-20MA","UN",65.82,null,null,65.82]
["I8878","DISPOSITIVO DPS P/ REDE PROFIBUS","UN",634.31,null,null,634.31]
["I8444","DISTRIBUIDOR INTERNO ÓPTICO - D.I.O. PARA 12 FIBRAS MONO-MODO, COM CONCETORES ST, PADRÃO 19\"","UN",412.44,null,null,412.44]
["I8445","DISTRIBUIDOR INTERNO ÓPTICO - D.I.O. PARA 24 FIBRAS MONO-MODO, COM CONECTORES ST, PADRÃO 19\"","UN",745.79,null,null,{"$f":"D1957","v":745.79}]
["I6829","DISTRIBUIDOR INTERNO ÓPTICO PARA 24 FIBRAS","UN",{"v":1082.52,"d":"1,082.52"},null,null,{"v":1082.52,"d":"1,082.52"}]
["I8320","DIVISÓRIA DE GESSO ACARTONADO e=48mm, S/ REVESTIMENTO","M2",{"v":85,"d":"85.00"},null,null,{"v":85,"d":"85.00"}]
["I8321","DIVISÓRIA DE GESSO ACARTONADO e=70mm, S/ REVESTIMENTO","M2",{"v":86.6463,"d":"86.65"},null,null,{"v":86.6463,"d":"86.65"}]
["I7895","DIVISÓRIA DE GRANITO CINZA E=2cm","M2",286.67,null,null,286.67]
["I7917","DIVISÓRIA DE GRANITO CINZA E=3CM","M2",{"v":315,"d":"315.00"},null,null,{"v":315,"d":"315.00"}]
["I8312","DIVISÓRIA PAINEL CELULAR, MONTANTE/RODAPÉ DUPLO, PERFIL EM AÇO","M2",88.14,null,null,88.14]
["I8314","DIVISÓRIA PAINEL CELULAR, MONTANTE/RODAPÉ DUPLO, PERFIL EM ALUMÍNIO","M2",{"v":98,"d":"98.00"},null,null,{"v":98,"d":"98.00"}]
["I8311","DIVISÓRIA PAINEL CELULAR, MONTANTE/RODAPÉ SIMPLES, PERFIL EM AÇO","M2",{"v":75,"d":"75.00"},null,null,{"v":75,"d":"75.00"}]
["I8313","DIVISÓRIA PAINEL CELULAR, MONTANTE/RODAPÉ SIMPLES, PERFIL EM ALUMÍNIO","M2",{"v":81,"d":"81.00"},null,null,{"v":81,"d":"81.00"}]
["I8324","DIVISÓRIA PAINEL FIBRAROC, MONTANTE/RODAPÉ DUPLO, PERFIL EM AÇO","M2",{"v":141,"d":"141.00"},null,null,{"v":141,"d":"141.00"}]
["I8325","DIVISÓRIA PAINEL FIBRAROC, MONTANTE/RODAPÉ DUPLO, PERFIL EM ALUMÍNIO","M2",207.03,null,null,207.03]
["I8322","DIVISÓRIA PAINEL FIBRAROC, MONTANTE/RODAPÉ SIMPLES, PERFIL EM AÇO","M2",137.23,null,null,137.23]
["I8323","DIVISÓRIA PAINEL FIBRAROC, MONTANTE/RODAPÉ SIMPLES, PERFIL EM ALUMÍNIO","M2",{"v":154.2,"d":"154.20"},null,null,{"v":154.2,"d":"154.20"}]
["I8318","DIVISÓRIA PAINEL PVC, MONTANTE/RODAPÉ SIMPLES, PERFIL EM AÇO","M2",{"v":128.2,"d":"128.20"},null,null,{"v":128.2,"d":"128.20"}]
["I8319","DIVISÓRIA PAINEL PVC, MONTANTE/RODAPÉ SIMPLES, PERFIL EM ALUMÍNIO","M2",{"v":155.9,"d":"155.90"},null,null,{"v":155.9,"d":"155.90"}]
["I1027","DOBRADIÇA 3''X2 1/2'' CROMADA","UN",9.24,null,null,9.24]
["I1028","DOBRADIÇA CROMADA 3 1/2''X3'' REF.1523","UN",13.65,null,null,13.65]
["I1029","DOBRADIÇA CROMADA, TIPO \"PALMELA\"","UN",{"v":9,"d":"9.00"},null,null,{"v":9,"d":"9.00"}]
["I8697","DOBRADIÇA DE AÇO CROMADO DE CANTO 4 1/2\" x 3 1/2\"","UN",19.27,null,null,19.27]
["I2311","DOBRADIÇA DE FERRO 3 x 2 1/2\" ( PADRÃO POPULAR )","UN",6.74,null,null,6.74]
["I1030","DOBRADIÇA DE FERRO PARA PORTA EXTERNA","UN",{"v":5.9,"d":"5.90"},null,null,{"v":5.9,"d":"5.90"}]
["I1031","DOBRADIÇA DE FERRO PARA PORTA INTERNA","UN",{"v":5.9,"d":"5.90"},null,null,{"v":5.9,"d":"5.90"}]
["I6114","DOBRADIÇA DE FERRO TIPO CRUZ (PADRÃO MUTIRÃO)","UN",2.04,null,null,2.04]
["I1032","DOBRADIÇA DE LATÃO EM VARA","M",9.33,null,null,9.33]
["I1033","DOBRADIÇA DE PRESSÃO","UN",2.55,null,null,2.55]
["I1034","DOBRADIÇA INFERIOR (1103)","UN",{"v":20.9,"d":"20.90"},null,null,{"v":20.9,"d":"20.90"}]
["I1035","DOBRADIÇA PARA BASCULANTE (1123)","UN",9.85,null,null,9.85]
["I8431","DOBRADIÇA PARA FIXAÇÃO EM GRANITO","UN",{"v":37.9,"d":"37.90"},null,null,{"v":37.9,"d":"37.90"}]
["I1036","DOBRADIÇA SUPERIOR (1101)","UN",{"v":17.9,"d":"17.90"},null,null,{"v":17.9,"d":"17.90"}]
["I1037","DOBRADIÇA VAI - VEM CROMADA","UN",43.45,null,null,43.45]
["I1038","DOLOMITA","M3",20.12,null,null,20.12]
["I1039","DOMO DE ACRILICO - INDIVIDUAL","M2",343.83,null,null,343.83]
["I1040","DOMO DE ACRILICO - MODULAR","M2",430.26,null,null,430.26]
["I1041","DOMO DE FIBRA DE VIDRO - INDIVIDUAL","M2",288.23,null,null,288.23]
["I1042","DOMO DE FIBRA DE VIDRO - MODULAR","M2",466.39,null,null,466.39]
["I8425","DOPE","KG",30.05,null,null,30.05]
["I8093","DORMENTE BIBLOCO","UN",179.29,null,null,179.29]
["I8092","DORMENTE DE CONCRETO MONOBLOCO","UN",255.84,null,null,255.84]
["I8091","DORMENTE DE MADEIRA 2,00 x 0,22 x 0,16 m","UN",154.74,null,null,154.74]
["I8879","DOSADOR DE CLORO GÁS MANUAL (26KG/DIA)","UN",{"v":3660.92,"d":"3,660.92"},null,null,{"v":3660.92,"d":"3,660.92"}]
["I2679","DRAG LINE","UN",{"v":912842,"d":"912,842.00"},null,null,{"v":912842,"d":"912,842.00"}]
["I0620","DRAG LINE (CHI)","H",{"v":46.645197058823534,"d":"46.65"},{"v":58.743497058823536,"d":"58.74"},null,{"$f":"E1999","v":{"v":58.743497058823536,"d":"58.74"}}]
["I0734","DRAG LINE (CHP)","H",{"v":234.6625205882353,"d":"234.66"},{"v":246.7608205882353,"d":"246.76"},null,{"$f":"E2000","v":{"v":246.7608205882353,"d":"246.76"}}]
["I8189","DRAGAGEM INCLUINDO MOBILIZAÇÃO/DESMOBILIZAÇÃO DA DRAGA","M3",21.24,null,null,{"$f":"D2001","v":21.24}]
["I1043","DUTO DE ALONGAMENTO P/EXAUSTOR EOLICO","M",94.68,null,null,94.68]
["I6690","DUTO FLEXIVEL EM PEAD - D=110mm (4\"), C/CONEXÕES","M",{"v":11,"d":"11.00"},null,null,{"v":11,"d":"11.00"}]
["I6692","DUTO FLEXIVEL EM PEAD - D=140mm (5\"), C/CONEXÕES","M",{"v":37.5,"d":"37.50"},null,null,{"v":37.5,"d":"37.50"}]
["I6693","DUTO FLEXIVEL EM PEAD - D=160mm (6\"), C/CONEXÕES","M",{"v":38,"d":"38.00"},null,null,{"v":38,"d":"38.00"}]
["I6686","DUTO FLEXIVEL EM PEAD - D=40mm (1 1/4\"), C/CONEXÕES","M",3.94,null,null,3.94]
["I6687","DUTO FLEXIVEL EM PEAD - D=50mm (1 1/2\"), C/CONEXÕES","M",{"v":5.3,"d":"5.30"},null,null,{"v":5.3,"d":"5.30"}]
["I6688","DUTO FLEXIVEL EM PEAD - D=63mm (2\"), C/CONEXÕES","M",5.77,null,null,5.77]
["I6689","DUTO FLEXIVEL EM PEAD - D=90mm (3\"), C/CONEXÕES","M",9.79,null,null,9.79]
["I1044","DUTO PERFURADO-ELETROCALHA CHAPA DE AÇO (100X100)MM","M",53.55,null,null,53.55]
["I1045","DUTO PERFURADO-ELETROCALHA CHAPA DE AÇO (100X200)MM","M",{"v":71.5,"d":"71.50"},null,null,{"v":71.5,"d":"71.50"}]
["I8370","DUTO PERFURADO-ELETROCALHA CHAPA DE AÇO (100X300)MM","M",173.57,null,null,173.57]
["I1046","DUTO PERFURADO-ELETROCALHA CHAPA DE AÇO (25X50)MM","M",{"v":17.1,"d":"17.10"},null,null,{"v":17.1,"d":"17.10"}]
["I1047","DUTO PERFURADO-ELETROCALHA CHAPA DE AÇO (25X75)MM","M",25.87,null,null,25.87]
["I1048","DUTO PERFURADO-ELETROCALHA CHAPA DE AÇO (50X100)MM","M",{"v":35.5,"d":"35.50"},null,null,{"v":35.5,"d":"35.50"}]
["I1049","DUTO PERFURADO-ELETROCALHA CHAPA DE AÇO (50X50)MM","M",{"v":28.4,"d":"28.40"},null,null,{"v":28.4,"d":"28.40"}]
["I1050","DUTO PERFURADO-ELETROCALHA CHAPA DE AÇO (50X75)MM","M",{"v":30.1,"d":"30.10"},null,null,{"v":30.1,"d":"30.10"}]
["I1051","DUTO PERFURADO-ELETROCALHA CHAPA DE AÇO (75X75)MM","M",{"v":30,"d":"30.00"},null,null,{"v":30,"d":"30.00"}]
["I1052","DUTO PERFURADO-PERFILADOS CHAPA DE AÇO (15 X 35)MM","M",6.17,null,null,6.17]
["I1053","DUTO PERFURADO-PERFILADOS CHAPA DE AÇO (19 X 39)MM","M",{"v":7.9152,"d":"7.92"},null,null,{"v":7.9152,"d":"7.92"}]
["I1054","DUTO PERFURADO-PERFILADOS CHAPA DE AÇO (25 X 25)MM","M",{"v":10.0408,"d":"10.04"},null,null,{"v":10.0408,"d":"10.04"}]
["I1055","DUTO PERFURADO-PERFILADOS CHAPA DE AÇO (35 X 35)MM","M",{"v":10.4729,"d":"10.47"},null,null,{"v":10.4729,"d":"10.47"}]
["I1056","DUTO PERFURADO-PERFILADOS CHAPA DE AÇO (38 X 38)MM","M",{"v":11.674,"d":"11.67"},null,null,{"v":11.674,"d":"11.67"}]
["I1059","ELEMENTO VAZADO CERÂMICO(20x20x10)CM","UN",2.83,null,null,2.83]
["I1060","ELEMENTO VAZADO CONCRETO (20 X 10 X 6)CM","UN",{"v":3.1,"d":"3.10"},null,null,{"v":3.1,"d":"3.10"}]
["I1058","ELEMENTO VAZADO DE CONCRETO (20X20X20)CM","UN",{"v":4.2,"d":"4.20"},null,null,{"v":4.2,"d":"4.20"}]
["I2312","ELETRICISTA","H",{"v":7.2,"d":"7.20"},{"v":15.5758,"d":"15.58"},"MO",{"$f":"E2027","v":{"v":15.5758,"d":"15.58"}}]
["I6125","ELETROD. FLEXÍVEL DE 1/2\" (PADRÃO MUTIRÃO)","M",1.35,null,null,{"$f":"D2028","v":1.35}]
["I8954","ELETRODO DE NÍVEL EM AÇO INOX","UN",12.55,null,null,12.55]
["I1061","ELETRODOS","KG",{"v":16.5,"d":"16.50"},null,null,{"v":16.5,"d":"16.50"}]
["I1062","ELETRODUTO DE ALUMINIO DE 1 1/2\"","M",{"v":18.9,"d":"18.90"},null,null,{"v":18.9,"d":"18.90"}]
["I1063","ELETRODUTO DE ALUMINIO DE 1 1/4\"","M",{"v":15.9,"d":"15.90"},null,null,{"v":15.9,"d":"15.90"}]
["I1064","ELETRODUTO DE ALUMINIO DE 1\"","M",12.55,null,null,12.55]
["I1065","ELETRODUTO DE ALUMINIO DE 2 1/2\"","M",34.93,null,null,34.93]
["I1066","ELETRODUTO DE ALUMINIO DE 2\"","M",29.22,null,null,29.22]
["I1067","ELETRODUTO DE ALUMINIO DE 3/4\"","M",{"v":10.4,"d":"10.40"},null,null,{"v":10.4,"d":"10.40"}]
["I8371","ELETRODUTO DE ALUMÍNIO, INCLUSIVE CONEXÕES 3\"","M",55.07,null,null,55.07]
["I1068","ELETRODUTO DE PVC RIGIDO 1 1/2''","M",7.87,null,null,7.87]
["I1069","ELETRODUTO DE PVC RIGIDO 1 1/4''","M",{"v":6.3,"d":"6.30"},null,null,{"v":6.3,"d":"6.30"}]
["I1070","ELETRODUTO DE PVC RIGIDO 1''","M",4.25,null,null,4.25]
["I1071","ELETRODUTO DE PVC RIGIDO 1/2''","M",{"v":2.2,"d":"2.20"},null,null,{"v":2.2,"d":"2.20"}]
["I1072","ELETRODUTO DE PVC RIGIDO 2 1/2''","M",20.26,null,null,20.26]
["I1073","ELETRODUTO DE PVC RIGIDO 2''","M",10.13,null,null,10.13]
["I1074","ELETRODUTO DE PVC RIGIDO 3''","M",25.63,null,null,25.63]
["I1075","ELETRODUTO DE PVC RIGIDO 3/4''","M",{"v":3.2,"d":"3.20"},null,null,{"v":3.2,"d":"3.20"}]
["I1076","ELETRODUTO DE PVC RIGIDO 4''","M",39.04,null,null,39.04]
["I1077","ELETRODUTO FERRO CLASSE LI ESMALTADO 1 1/2''","M",{"v":15.8,"d":"15.80"},null,null,{"v":15.8,"d":"15.80"}]
["I1078","ELETRODUTO FERRO CLASSE LI ESMALTADO 1 1/4''","M",12.85,null,null,12.85]
["I1079","ELETRODUTO FERRO CLASSE LI ESMALTADO 1''","M",{"v":8.8,"d":"8.80"},null,null,{"v":8.8,"d":"8.80"}]
["I1080","ELETRODUTO FERRO CLASSE LI ESMALTADO 1/2''","M",5.53,null,null,5.53]
["I1081","ELETRODUTO FERRO CLASSE LI ESMALTADO 2''","M",26.37,null,null,26.37]
["I1083","ELETRODUTO FERRO CLASSE LI ESMALTADO 3/4''","M",6.47,null,null,6.47]
["I6277","ELETRODUTO FLEXÍVEL SEALTUBE DN 1\"","M",6.75,null,null,6.75]
["I6279","ELETRODUTO FLEXÍVEL SEALTUBE DN 3/4\"","M",5.21,null,null,5.21]
["I1084","ELETRODUTO FLEXIVEL TIPO GARGANTA","M",1.98,null,null,1.98]
["I1085","ELETRODUTO TIPO CONDULETE DE PVC DE 1\"","M",{"v":8.5,"d":"8.50"},null,null,{"v":8.5,"d":"8.50"}]
["I1086","ELETRODUTO TIPO CONDULETE DE PVC DE 1/2\"","M",4.33,null,null,4.33]
["I1087","ELETRODUTO TIPO CONDULETE DE PVC DE 3/4\"","M",{"v":5.2,"d":"5.20"},null,null,{"v":5.2,"d":"5.20"}]
["I1088","ELETROTECNICO MONTADOR","H",{"v":7.2,"d":"7.20"},{"v":15.5758,"d":"15.58"},"MO",{"$f":"E2059","v":{"v":15.5758,"d":"15.58"}}]
["I9066","ELO FUSÍVEL\n","UN",7.92,null,null,{"$f":"D2060","v":7.92}]
["I2313","ELO FUSIVEL 1H","UN",{"v":1.8,"d":"1.80"},null,null,{"v":1.8,"d":"1.80"}]
["I2315","ELO FUSIVEL 3H","UN",{"v":1.8,"d":"1.80"},null,null,{"v":1.8,"d":"1.80"}]
["I6020","EMENDA PARA LEITO ABA 100mm C/ PARAFUSOS EM INOX","UN",{"v":39.7,"d":"39.70"},null,null,{"v":39.7,"d":"39.70"}]
["I1089","EMULSÃO ADESIVA","KG",9.02,null,null,9.02]
["I1090","EMULSÃO ASFALTICA","KG",7.72,null,null,7.72]
["I2320","ENCANADOR","H",{"v":7.2,"d":"7.20"},{"v":15.5758,"d":"15.58"},"MO",{"$f":"E2066","v":{"v":15.5758,"d":"15.58"}}]
["I2510","ENCARREGADO DE SERVIÇOS","H",{"v":13.6,"d":"13.60"},{"v":29.4209,"d":"29.42"},"MO",{"$f":"E2067","v":{"v":29.4209,"d":"29.42"}}]
["I6815","ENCARREGADO DE TURMA / FEITOR","H",13.44,{"v":29.0748,"d":"29.07"},"MO",{"$f":"E2068","v":{"v":29.0748,"d":"29.07"}}]
["I8591","ENCARREGADO DE TURMA / FEITOR (COM ENCARGOS INCLUSOS)","HxMÊS",null,{"v":3534.1,"d":"3,534.10"},null,{"$f":"E2069","v":{"v":3534.1,"d":"3,534.10"}}]
["I8590","ENCARREGADO GERAL/MESTRE DE OBRA (COM ENCARGOS INCLUSOS)","HxMÊS",null,{"v":5762.66,"d":"5,762.66"},null,{"$f":"E2070","v":{"v":5762.66,"d":"5,762.66"}}]
["I2321","ENERGIA ELETRICA","KWH",0.58,null,null,{"$f":"D2071","v":0.58}]
["I8602","ENFERMEIRO (COM ENCARGOS INCLUSOS)","HxMÊS",null,{"v":3547.91,"d":"3,547.91"},null,{"$f":"E2072","v":{"v":3547.91,"d":"3,547.91"}}]
["I1091","ENGATE CROMADO","UN",16.06,null,null,{"$f":"D2073","v":16.06}]
["I1092","ENGATE DE PVC","UN",4.94,null,null,{"$f":"D2074","v":4.94}]
["I2322","ENGENHEIRO","H",{"v":36.2,"d":"36.20"},{"v":78.3115,"d":"78.31"},"MO",{"$f":"E2075","v":{"v":78.3115,"d":"78.31"}}]
["I8960","ENGENHEIRO COORDENADOR (COM ENCARGOS INCLUSOS)","HXMÊS",null,{"v":26583.68,"d":"26,583.68"},null,{"v":26583.68,"d":"26,583.68"}]
["I8585","ENGENHEIRO DE SEGURANÇA DO TRABALHO (COM ENCARGOS INCLUSOS)","HxMÊS",null,{"v":22244.01,"d":"22,244.01"},null,{"v":22244.01,"d":"22,244.01"}]
["I8584","ENGENHEIRO JÚNIOR (COM ENCARGOS INCLUSOS)","HxMÊS",null,{"v":12958.35,"d":"12,958.35"},null,{"v":12958.35,"d":"12,958.35"}]
["I8583","ENGENHEIRO PLENO (COM ENCARGOS INCLUSOS)","HxMÊS",null,{"v":16769.63,"d":"16,769.63"},null,{"v":16769.63,"d":"16,769.63"}]
["I8582","ENGENHEIRO SENIOR (COM ENCARGOS INCLUSOS)","HxMÊS",null,{"v":21438.45,"d":"21,438.45"},null,{"v":21438.45,"d":"21,438.45"}]
["I2324","EQUIPAMENTO DE REBAIXAMENTO DE LENÇOL FREATICO","DIA",{"v":200,"d":"200.00"},null,null,{"$f":"D2081","v":{"v":200,"d":"200.00"}}]
["I6717","EQUIPAMENTO GINASIUM, CONFEC. EM TUBO VAPOR E PINTURA ESMALTE SINTÉTICO","UN",735.29,null,null,735.29]
["I6242","EQUIPAMENTO P/ CLORAÇÃO, CLORADOR DE PASTILHAS, TIPO SANY-CLOR 5000 INCL. INSTALAÇÃO","UN",{"v":823.6,"d":"823.60"},null,null,{"v":823.6,"d":"823.60"}]
["I7433","EQUIPAMENTO P/ CLORAÇÃO, PASTILHAS TIPO CLOROPLAST 1040","KG",32.65,null,null,32.65]
["I8609","EQUIPAMENTOS DE LABORATÓRIO","UNxMÊS",{"v":2850,"d":"2,850.00"},null,null,{"v":2850,"d":"2,850.00"}]
["I8608","EQUIPAMENTOS DE TOPOGRAFIA","UNxMÊS",{"v":2800,"d":"2,800.00"},null,null,{"v":2800,"d":"2,800.00"}]
["I9061","ESCADA DE MARINHEIRO EM FIBRA DE VIDRO PULTRUDADA, PERFIL QUADRADO, PINTURA PROTETORA CONTRA RAIOS UV, COM GUARDA CORPO","M",{"v":1521.49,"d":"1,521.49"},null,null,{"$f":"D2087","v":{"v":1521.49,"d":"1,521.49"}}]
["I9062","ESCADA DE MARINHEIRO EM FIBRA DE VIDRO PULTRUDADA, PERFIL QUADRADO, PINTURA PROTETORA CONTRA RAIOS UV, SEM GUARDA CORPO","M",{"v":1190,"d":"1,190.00"},null,null,{"v":1190,"d":"1,190.00"}]
["I1093","ESCADA HELICOIDAL PM CONCRETO D=1,0M","M",{"v":538.4615,"d":"538.46"},null,null,{"v":538.4615,"d":"538.46"}]
["I2474","ESCADA HORIZANTAL E VERTICAL, CONFEC. EM TUBO VAPOR E PINTURA ESMALTE SINTETICO","UN",441.18,null,null,441.18]
["I8235","ESCADA PRÉ-MOLDADA EM CONCRETO Ø = 1,80m - h = 3,50m - FORNECIMENTO / MONTAGEM","UN",{"v":2863.42,"d":"2,863.42"},null,null,{"v":2863.42,"d":"2,863.42"}]
["I8566","ESCANERIZAÇÃO DE PLANTA FORMATO A4","M",1.27,null,null,1.27]
["I2635","ESCAVADEIRA HIDRÁULICA","UN",{"v":756727,"d":"756,727.00"},null,null,{"v":756727,"d":"756,727.00"}]
["I0621","ESCAVADEIRA HIDRÁULICA (CHI)","H",{"v":40.44651323529412,"d":"40.45"},{"v":52.54481323529412,"d":"52.54"},null,{"$f":"E2094","v":{"v":52.54481323529412,"d":"52.54"}}]
["I0735","ESCAVADEIRA HIDRÁULICA (CHP)","H",{"v":191.4815573529412,"d":"191.48"},{"v":203.5798573529412,"d":"203.58"},null,{"$f":"E2095","v":{"v":203.5798573529412,"d":"203.58"}}]
["I2636","ESCAVADEIRA HIDRÁULICA - ALUGUEL","UN",{"v":756727,"d":"756,727.00"},null,null,{"$f":"D2096","v":{"v":756727,"d":"756,727.00"}}]
["I0622","ESCAVADEIRA HIDRÁULICA - ALUGUEL (CHI)","H",{"v":39.778812941176476,"d":"39.78"},{"v":51.87711294117647,"d":"51.88"},null,{"$f":"E2097","v":{"v":51.87711294117647,"d":"51.88"}}]
["I0736","ESCAVADEIRA HIDRÁULICA - ALUGUEL (CHP)","H",{"v":142.16484235294118,"d":"142.16"},{"v":154.26314235294117,"d":"154.26"},null,{"$f":"E2098","v":{"v":154.26314235294117,"d":"154.26"}}]
["I1094","ESCORA DE 20CM","M",8.15,null,null,{"$f":"D2099","v":8.15}]
["I1095","ESCORA METALICA - LOCAÇÃO","UN",{"v":8,"d":"8.00"},null,null,{"$f":"D2100","v":{"v":8,"d":"8.00"}}]
["I1014","ESCORAMENTO METÁLICO P/ CIMBRAMENTO C/ CONTRAVENTAMENTO","M3xMÊS",{"v":7,"d":"7.00"},null,null,{"$f":"E2101","v":{"v":0,"d":"0.00"}}]
["I2513","ESCORAMENTO TUBULAR","M3",{"v":29.5,"d":"29.50"},null,null,{"$f":"D2102","v":{"v":29.5,"d":"29.50"}}]
["I2475","ESCORREGADOR GRANDE, CONFEC. EM TUBO VAPOR E PINTURA ESMALTE SINTETICO","UN",635.25,null,null,635.25]
["I6718","ESCORREGADOR PEQUENO,  CONFEC. EM TUBO VAPOR E PINTURA ESMALTE SINTÉTICO","UN",519.75,null,null,519.75]
["I1096","ESFERA PM-CONCRETO, D=25CM","UN",{"v":20.8,"d":"20.80"},null,null,{"v":20.8,"d":"20.80"}]
["I1097","ESFERA PM-CONCRETO, D=40CM","UN",35.23,null,null,35.23]
["I1098","ESGUICHO C/ENGATE RÁPIDO 2 1/2\" X 5/8\"","UN",109.92,null,null,109.92]
["I8237","ESGUICHO DE AGULHA 1/2\" x 1/2\"","UN",70.65,null,null,70.65]
["I1099","ESMALTE A BASE DE BORRACHA CLORADA","L",{"v":42.2,"d":"42.20"},null,null,{"v":42.2,"d":"42.20"}]
["I1100","ESMALTE SINTETICO","L",{"v":12,"d":"12.00"},null,null,{"v":12,"d":"12.00"}]
["I1101","ESMERIL N.36","UN",30.41,null,null,30.41]
["I1102","ESMERIL N.60","UN",30.41,null,null,30.41]
["I2680","ESMERILHADEIRA INDUSTRIAL","UN",{"v":1217,"d":"1,217.00"},null,null,{"v":1217,"d":"1,217.00"}]
["I0623","ESMERILHADEIRA INDUSTRIAL (CHI)","H",{"v":0.06571800000000001,"d":"0.07"},null,null,{"$f":"E2114","v":{"v":0,"d":"0.00"}}]
["I0737","ESMERILHADEIRA INDUSTRIAL (CHP)","H",{"v":1.093928,"d":"1.09"},null,null,{"$f":"E2115","v":{"v":0,"d":"0.00"}}]
["I2325","ESMERILHADOR","H",{"v":7.2,"d":"7.20"},{"v":15.5758,"d":"15.58"},"MO",{"$f":"E2116","v":{"v":15.5758,"d":"15.58"}}]
["I1104","ESPAÇADOR (MAXIPLAC)","UN",2.01,null,null,{"$f":"D2117","v":2.01}]
["I0624","ESPALHADOR DE AGREGADOS REBOC. (CHI)","H",{"v":2.3760000000000003,"d":"2.38"},null,null,{"$f":"D2118","v":{"v":2.3760000000000003,"d":"2.38"}}]
["I0738","ESPALHADOR DE AGREGADOS REBOC. (CHP)","H",{"v":7.596,"d":"7.60"},null,null,{"$f":"D2119","v":{"v":7.596,"d":"7.60"}}]
["I2637","ESPALHADOR DE AGREGADOS REBOCÁVEL","UN",{"v":36000,"d":"36,000.00"},null,null,{"$f":"D2120","v":{"v":36000,"d":"36,000.00"}}]
["I1103","ESPARGIDOR PARA MICTORIO","UN",{"v":27.3,"d":"27.30"},null,null,{"v":27.3,"d":"27.30"}]
["I1105","ESPELHO 4''X2'' OU 3\"X3\"","UN",{"v":2.1,"d":"2.10"},null,null,{"v":2.1,"d":"2.10"}]
["I1106","ESPELHO 4''X4''","UN",4.19,null,null,4.19]
["I8634","ESPELHO EM GRANITO OUTRAS CORES ESP. 3cm E ALTURA 10cm","M",{"v":22.077,"d":"22.08"},null,null,{"v":22.077,"d":"22.08"}]
["I1107","ESPELHO TIPO CRISMETAL,MOD. P/WC (INSTALADO)","UN",82.85,null,null,82.85]
["I2326","ESPOLETA","UN",2.35,null,null,2.35]
["I1108","ESPUMA DE POLIURETANO","M3",67.69,null,null,67.69]
["I1109","ESTABILIZADOR DE TENSÃO/CORRENTE DE 10KVA","UN",{"v":1197.63,"d":"1,197.63"},null,null,{"v":1197.63,"d":"1,197.63"}]
["I1110","ESTABILIZADOR DE TENSÃO/CORRENTE DE 1KV","UN",{"v":172.4,"d":"172.40"},null,null,{"v":172.4,"d":"172.40"}]
["I1111","ESTABILIZADOR DE TENSÃO/CORRENTE DE 3KV","UN",263.48,null,null,263.48]
["I1112","ESTABILIZADOR DE TENSÃO/CORRENTE DE 5KV","UN",{"v":447.1,"d":"447.10"},null,null,{"v":447.1,"d":"447.10"}]
["I1113","ESTABILIZADOR DE TENSÃO/CORRENTE DE 7.5 KVA","UN",745.18,null,null,745.18]
["I2327","ESTACA DE CONCRETO ARMADO PONTA VIRADA, L=2.80M","UN",{"v":29.7,"d":"29.70"},null,null,{"v":29.7,"d":"29.70"}]
["I1114","ESTACA DE MADEIRA  D=22 CM P/ 6 ATÉ 8 TON","M",{"v":27.3,"d":"27.30"},null,null,{"v":27.3,"d":"27.30"}]
["I1115","ESTACA DE MADEIRA  D=25 CM P/ 8 ATÉ 10 TON","M",32.27,null,null,32.27]
["I2329","ESTOPIM","M",2.75,null,null,2.75]
["I2330","ESTRONCA EM MADEIRA ROLIÇA","M",6.52,null,null,6.52]
["I8357","ESTRUTURA DE APOIO CONFECCIONADA EM AÇO INOXIDÁVEL DE 1\" E 2\"","KG",{"v":62.4,"d":"62.40"},null,null,{"v":62.4,"d":"62.40"}]
["I8354","ESTRUTURA METÁLICA DE APOIO - PILARES","KG",12.48,null,null,12.48]
["I1137","ESTRUTURA METALICA DE TRAVES DE FUTSAL","CJ",882.35,null,null,882.35]
["I1138","ESTRUTURA METALICA DE TRAVES FUTEBOL DE CAMPO OFICIAL","CJ",{"v":1960.78,"d":"1,960.78"},null,null,{"v":1960.78,"d":"1,960.78"}]
["I1139","ESTRUTURA METALICA P/ BASQUETE","CJ",{"v":1715.69,"d":"1,715.69"},null,null,{"v":1715.69,"d":"1,715.69"}]
["I1140","ESTRUTURA METALICA P/ REDE DE VOLEY","CJ",355.39,null,null,355.39]
["I8238","ESTRUTURA PRÉ-FABRICADA EM AÇO GALVANIZADO PARA ESCADA (FORNECIMENTO E MONTAGEM)","KG",28.43,null,null,28.43]
["I1142","ESTUCADOR","H",{"v":7.2,"d":"7.20"},{"v":15.5758,"d":"15.58"},"MO",{"$f":"E2145","v":{"v":15.5758,"d":"15.58"}}]
["I1143","EXAUSTOR ELETRICO DOMICILIAR","UN",201.78,null,null,{"$f":"D2146","v":201.78}]
["I1144","EXAUSTOR ELETROMECANICO INDUST. D=400MM","UN",{"v":1457.32,"d":"1,457.32"},null,null,{"v":1457.32,"d":"1,457.32"}]
["I8261","EXECUÇÃO DE FURO EM CONCRETO COM BROCA - Ø 1 1/2\" A 2\"","M",78.37,null,null,78.37]
["I1145","EXTINTOR CO2 DE 6 KG","UN",{"v":690,"d":"690.00"},null,null,{"v":690,"d":"690.00"}]
["I1146","EXTINTOR DE ÁGUA PRESSURIZADA, CAPACIDADE 10L","UN",201.25,null,null,201.25]
["I6217","EXTINTOR DE PO QUIMICO PRESSURIZADO DE 4KG","UN",{"v":118.3,"d":"118.30"},null,null,{"v":118.3,"d":"118.30"}]
["I6218","EXTINTOR DE PO QUIMICO PRESSURIZADO DE 6KG","UN",{"v":142.2,"d":"142.20"},null,null,{"v":142.2,"d":"142.20"}]
["I8571","EXTINTOR EM CARRETA, CAP. 50KG - PO QUIMICO","UN",{"v":3100,"d":"3,100.00"},null,null,{"v":3100,"d":"3,100.00"}]
["I8557","EXTINTOR PARA INCÊNDIO PÓ QUÍMICO DE 20 Kg","UN",{"v":835,"d":"835.00"},null,null,{"v":835,"d":"835.00"}]
["I3761","EXTREMIDADE BF FLANGE JUNTA ELASTICA DN 100 PN10","UN",158.82,null,null,158.82]
["I3774","EXTREMIDADE BF FLANGE JUNTA ELASTICA DN 1000 PN10","UN",{"v":7276.99,"d":"7,276.99"},null,null,{"v":7276.99,"d":"7,276.99"}]
["I3776","EXTREMIDADE BF FLANGE JUNTA ELASTICA DN 1200 PN10","UN",{"v":9279.21,"d":"9,279.21"},null,null,{"v":9279.21,"d":"9,279.21"}]
["I3762","EXTREMIDADE BF FLANGE JUNTA ELASTICA DN 150 PN10","UN",{"v":224.2,"d":"224.20"},null,null,{"v":224.2,"d":"224.20"}]
["I3763","EXTREMIDADE BF FLANGE JUNTA ELASTICA DN 200 PN10","UN",343.09,null,null,343.09]
["I3764","EXTREMIDADE BF FLANGE JUNTA ELASTICA DN 250 PN10","UN",418.43,null,null,418.43]
["I3765","EXTREMIDADE BF FLANGE JUNTA ELASTICA DN 300 PN 10","UN",617.44,null,null,617.44]
["I3766","EXTREMIDADE BF FLANGE JUNTA ELASTICA DN 350 PN10","UN",929.53,null,null,929.53]
["I3767","EXTREMIDADE BF FLANGE JUNTA ELASTICA DN 400 PN10","UN",{"v":1202.17,"d":"1,202.17"},null,null,{"v":1202.17,"d":"1,202.17"}]
["I3768","EXTREMIDADE BF FLANGE JUNTA ELASTICA DN 450 PN10","UN",{"v":1227.74,"d":"1,227.74"},null,null,{"v":1227.74,"d":"1,227.74"}]
["I3769","EXTREMIDADE BF FLANGE JUNTA ELASTICA DN 500 PN10","UN",{"v":1524.82,"d":"1,524.82"},null,null,{"v":1524.82,"d":"1,524.82"}]
["I3770","EXTREMIDADE BF FLANGE JUNTA ELASTICA DN 600 PN10","UN",{"v":3784.28,"d":"3,784.28"},null,null,{"v":3784.28,"d":"3,784.28"}]
["I3771","EXTREMIDADE BF FLANGE JUNTA ELASTICA DN 700 PN10","UN",{"v":4501.9,"d":"4,501.90"},null,null,{"v":4501.9,"d":"4,501.90"}]
["I3760","EXTREMIDADE BF FLANGE JUNTA ELASTICA DN 75 PN10","UN",139.89,null,null,139.89]
["I7120","EXTREMIDADE BF FLANGE JUNTA ELASTICA DN 80 PN10","UN",139.89,null,null,139.89]
["I3772","EXTREMIDADE BF FLANGE JUNTA ELASTICA DN 800 PN10","UN",{"v":5488.57,"d":"5,488.57"},null,null,{"v":5488.57,"d":"5,488.57"}]
["I3773","EXTREMIDADE BF FLANGE JUNTA ELASTICA DN 900 PN10","UN",{"v":6630.35,"d":"6,630.35"},null,null,{"v":6630.35,"d":"6,630.35"}]
["I7672","EXTREMIDADE FJTE DN 1000 PN10","UN",{"v":15299.99,"d":"15,299.99"},null,null,{"v":15299.99,"d":"15,299.99"}]
["I7682","EXTREMIDADE FJTE DN 1000 PN16","UN",{"v":15608.08,"d":"15,608.08"},null,null,{"v":15608.08,"d":"15,608.08"}]
["I7692","EXTREMIDADE FJTE DN 1000 PN25","UN",{"v":15035.15,"d":"15,035.15"},null,null,{"v":15035.15,"d":"15,035.15"}]
["I7673","EXTREMIDADE FJTE DN 1200 PN10","UN",{"v":16934.13,"d":"16,934.13"},null,null,{"v":16934.13,"d":"16,934.13"}]
["I7683","EXTREMIDADE FJTE DN 1200 PN16","UN",{"v":17277.03,"d":"17,277.03"},null,null,{"v":17277.03,"d":"17,277.03"}]
["I7693","EXTREMIDADE FJTE DN 1200 PN25","UN",{"v":16617.7,"d":"16,617.70"},null,null,{"v":16617.7,"d":"16,617.70"}]
["I7663","EXTREMIDADE FJTE DN 300 PN10","UN",{"v":1459.6,"d":"1,459.60"},null,null,{"v":1459.6,"d":"1,459.60"}]
["I7674","EXTREMIDADE FJTE DN 300 PN16","UN",{"v":1487.52,"d":"1,487.52"},null,null,{"v":1487.52,"d":"1,487.52"}]
["I7684","EXTREMIDADE FJTE DN 300 PN25","UN",{"v":1379.32,"d":"1,379.32"},null,null,{"v":1379.32,"d":"1,379.32"}]
["I7664","EXTREMIDADE FJTE DN 350 PN10","UN",{"v":1920.01,"d":"1,920.01"},null,null,{"v":1920.01,"d":"1,920.01"}]
["I7675","EXTREMIDADE FJTE DN 350 PN16","UN",{"v":1941.12,"d":"1,941.12"},null,null,{"v":1941.12,"d":"1,941.12"}]
["I7685","EXTREMIDADE FJTE DN 350 PN25","UN",{"v":1840.31,"d":"1,840.31"},null,null,{"v":1840.31,"d":"1,840.31"}]
["I7665","EXTREMIDADE FJTE DN 400 PN10","UN",{"v":2363.81,"d":"2,363.81"},null,null,{"v":2363.81,"d":"2,363.81"}]
["I7676","EXTREMIDADE FJTE DN 400 PN16","UN",{"v":2387.57,"d":"2,387.57"},null,null,{"v":2387.57,"d":"2,387.57"}]
["I7686","EXTREMIDADE FJTE DN 400 PN25","UN",{"v":2232.25,"d":"2,232.25"},null,null,{"v":2232.25,"d":"2,232.25"}]
["I7666","EXTREMIDADE FJTE DN 450 PN10","UN",{"v":2539.19,"d":"2,539.19"},null,null,{"v":2539.19,"d":"2,539.19"}]
["I7667","EXTREMIDADE FJTE DN 500 PN10","UN",{"v":5310.56,"d":"5,310.56"},null,null,{"v":5310.56,"d":"5,310.56"}]
["I7677","EXTREMIDADE FJTE DN 500 PN16","UN",{"v":5419.38,"d":"5,419.38"},null,null,{"v":5419.38,"d":"5,419.38"}]
["I7687","EXTREMIDADE FJTE DN 500 PN25","UN",{"v":5095.15,"d":"5,095.15"},null,null,{"v":5095.15,"d":"5,095.15"}]
["I7668","EXTREMIDADE FJTE DN 600 PN10","UN",{"v":6945.42,"d":"6,945.42"},null,null,{"v":6945.42,"d":"6,945.42"}]
["I7678","EXTREMIDADE FJTE DN 600 PN16","UN",{"v":7117.21,"d":"7,117.21"},null,null,{"v":7117.21,"d":"7,117.21"}]
["I7688","EXTREMIDADE FJTE DN 600 PN25","UN",{"v":6627.9,"d":"6,627.90"},null,null,{"v":6627.9,"d":"6,627.90"}]
["I7669","EXTREMIDADE FJTE DN 700 PN10","UN",{"v":8779.65,"d":"8,779.65"},null,null,{"v":8779.65,"d":"8,779.65"}]
["I7679","EXTREMIDADE FJTE DN 700 PN16","UN",{"v":9017.5,"d":"9,017.50"},null,null,{"v":9017.5,"d":"9,017.50"}]
["I7689","EXTREMIDADE FJTE DN 700 PN25","UN",{"v":8438.98,"d":"8,438.98"},null,null,{"v":8438.98,"d":"8,438.98"}]
["I7670","EXTREMIDADE FJTE DN 800 PN10","UN",{"v":10559.97,"d":"10,559.97"},null,null,{"v":10559.97,"d":"10,559.97"}]
["I7680","EXTREMIDADE FJTE DN 800 PN16","UN",{"v":10725.14,"d":"10,725.14"},null,null,{"v":10725.14,"d":"10,725.14"}]
["I7690","EXTREMIDADE FJTE DN 800 PN25","UN",{"v":9831.35,"d":"9,831.35"},null,null,{"v":9831.35,"d":"9,831.35"}]
["I7671","EXTREMIDADE FJTE DN 900 PN10","UN",{"v":11616.93,"d":"11,616.93"},null,null,{"v":11616.93,"d":"11,616.93"}]
["I7681","EXTREMIDADE FJTE DN 900 PN16","UN",{"v":11924.32,"d":"11,924.32"},null,null,{"v":11924.32,"d":"11,924.32"}]
["I7691","EXTREMIDADE FJTE DN 900 PN25","UN",{"v":11129.77,"d":"11,129.77"},null,null,{"v":11129.77,"d":"11,129.77"}]
["I3835","EXTREMIDADE FLANGE E JUNTA MECÂNICA DN 1000 PN10","UN",{"v":6931.47,"d":"6,931.47"},null,null,{"v":6931.47,"d":"6,931.47"}]
["I3836","EXTREMIDADE FLANGE E JUNTA MECÂNICA DN 1200 PN10","UN",{"v":7661.07,"d":"7,661.07"},null,null,{"v":7661.07,"d":"7,661.07"}]
["I3826","EXTREMIDADE FLANGE E JUNTA MECÂNICA DN 300 PN10","UN",835.52,null,null,835.52]
["I3827","EXTREMIDADE FLANGE E JUNTA MECÂNICA DN 350 PN10","UN",{"v":1068.97,"d":"1,068.97"},null,null,{"v":1068.97,"d":"1,068.97"}]
["I3828","EXTREMIDADE FLANGE E JUNTA MECÂNICA DN 400 PN10","UN",{"v":1213.85,"d":"1,213.85"},null,null,{"v":1213.85,"d":"1,213.85"}]
["I3829","EXTREMIDADE FLANGE E JUNTA MECÂNICA DN 450 PN10","UN",{"v":1931.5,"d":"1,931.50"},null,null,{"v":1931.5,"d":"1,931.50"}]
["I3830","EXTREMIDADE FLANGE E JUNTA MECÂNICA DN 500 PN10","UN",{"v":3477.06,"d":"3,477.06"},null,null,{"v":3477.06,"d":"3,477.06"}]
["I3831","EXTREMIDADE FLANGE E JUNTA MECÂNICA DN 600 PN10","UN",{"v":3891.56,"d":"3,891.56"},null,null,{"$f":"D2210","v":{"v":3891.56,"d":"3,891.56"}}]
["I3832","EXTREMIDADE FLANGE E JUNTA MECÂNICA DN 700 PN10","UN",{"v":4742.51,"d":"4,742.51"},null,null,{"v":4742.51,"d":"4,742.51"}]
["I3833","EXTREMIDADE FLANGE E JUNTA MECÂNICA DN 800 PN10","UN",{"v":5098.12,"d":"5,098.12"},null,null,{"v":5098.12,"d":"5,098.12"}]
["I3834","EXTREMIDADE FLANGE E JUNTA MECÂNICA DN 900 PN10","UN",{"v":6051.81,"d":"6,051.81"},null,null,{"v":6051.81,"d":"6,051.81"}]
["I3795","EXTREMIDADE FLANGE E PONTA DN 100 PN10","UN",188.15,null,null,188.15]
["I3808","EXTREMIDADE FLANGE E PONTA DN 1000 PN10","UN",{"v":6868,"d":"6,868.00"},null,null,{"v":6868,"d":"6,868.00"}]
["I3809","EXTREMIDADE FLANGE E PONTA DN 1200 PN10","UN",{"v":7814.9,"d":"7,814.90"},null,null,{"v":7814.9,"d":"7,814.90"}]
["I3796","EXTREMIDADE FLANGE E PONTA DN 150 PN10","UN",272.99,null,null,272.99]
["I3797","EXTREMIDADE FLANGE E PONTA DN 200 PN10","UN",517.19,null,null,517.19]
["I3798","EXTREMIDADE FLANGE E PONTA DN 250 PN10","UN",673.19,null,null,673.19]
["I3799","EXTREMIDADE FLANGE E PONTA DN 300 PN10","UN",945.09,null,null,945.09]
["I3800","EXTREMIDADE FLANGE E PONTA DN 350 PN10","UN",{"v":1075.37,"d":"1,075.37"},null,null,{"v":1075.37,"d":"1,075.37"}]
["I3801","EXTREMIDADE FLANGE E PONTA DN 400 PN10","UN",{"v":1198.02,"d":"1,198.02"},null,null,{"v":1198.02,"d":"1,198.02"}]
["I3802","EXTREMIDADE FLANGE E PONTA DN 450 PN10","UN",{"v":3236.87,"d":"3,236.87"},null,null,{"v":3236.87,"d":"3,236.87"}]
["I3793","EXTREMIDADE FLANGE E PONTA DN 50 PN10","UN",131.09,null,null,131.09]
["I3803","EXTREMIDADE FLANGE E PONTA DN 500 PN10","UN",{"v":3484.77,"d":"3,484.77"},null,null,{"v":3484.77,"d":"3,484.77"}]
["I3804","EXTREMIDADE FLANGE E PONTA DN 600 PN10","UN",{"v":3901.15,"d":"3,901.15"},null,null,{"v":3901.15,"d":"3,901.15"}]
["I3805","EXTREMIDADE FLANGE E PONTA DN 700 PN10","UN",{"v":4762.59,"d":"4,762.59"},null,null,{"v":4762.59,"d":"4,762.59"}]
["I3794","EXTREMIDADE FLANGE E PONTA DN 75 PN10","UN",137.53,null,null,137.53]
["I7121","EXTREMIDADE FLANGE E PONTA DN 80 PN10","UN",137.53,null,null,137.53]
["I3806","EXTREMIDADE FLANGE E PONTA DN 800 PN10","UN",{"v":5128.91,"d":"5,128.91"},null,null,{"v":5128.91,"d":"5,128.91"}]
["I3807","EXTREMIDADE FLANGE E PONTA DN 900 PN10","UN",{"v":6015.78,"d":"6,015.78"},null,null,{"v":6015.78,"d":"6,015.78"}]
["I3118","EXTREMIDADE PBA BOLSA / FLANGE DN 100","UN",{"v":113.7,"d":"113.70"},null,null,{"v":113.7,"d":"113.70"}]
["I3116","EXTREMIDADE PBA BOLSA / FLANGE DN 50","UN",45.43,null,null,45.43]
["I3117","EXTREMIDADE PBA BOLSA / FLANGE DN 75","UN",80.81,null,null,80.81]
["I3121","EXTREMIDADE PBA PONTA / FLANGE DN 100","UN",{"v":94.5,"d":"94.50"},null,null,{"v":94.5,"d":"94.50"}]
["I3119","EXTREMIDADE PBA PONTA / FLANGE DN 50","UN",47.67,null,null,47.67]
["I3120","EXTREMIDADE PBA PONTA / FLANGE DN 75","UN",68.25,null,null,68.25]
["I3812","EXTREMIDADE PF C/ ABA DE VEDAÇÃO DN 100 PN10","UN",415.34,null,null,415.34]
["I3824","EXTREMIDADE PF C/ ABA DE VEDAÇÃO DN 1000 PN10","UN",{"v":7830.11,"d":"7,830.11"},null,null,{"v":7830.11,"d":"7,830.11"}]
["I3825","EXTREMIDADE PF C/ ABA DE VEDAÇÃO DN 1200 PN10","UN",{"v":10014.42,"d":"10,014.42"},null,null,{"v":10014.42,"d":"10,014.42"}]
["I3813","EXTREMIDADE PF C/ ABA DE VEDAÇÃO DN 150 PN10","UN",496.73,null,null,496.73]
["I3814","EXTREMIDADE PF C/ ABA DE VEDAÇÃO DN 200 PN10","UN",{"v":875.9,"d":"875.90"},null,null,{"v":875.9,"d":"875.90"}]
["I3815","EXTREMIDADE PF C/ ABA DE VEDAÇÃO DN 250 PN10","UN",952.91,null,null,952.91]
["I3816","EXTREMIDADE PF C/ ABA DE VEDAÇÃO DN 300 PN10","UN",{"v":1165.29,"d":"1,165.29"},null,null,{"v":1165.29,"d":"1,165.29"}]
["I3817","EXTREMIDADE PF C/ ABA DE VEDAÇÃO DN 350 PN10","UN",{"v":1447.69,"d":"1,447.69"},null,null,{"v":1447.69,"d":"1,447.69"}]
["I3818","EXTREMIDADE PF C/ ABA DE VEDAÇÃO DN 400 PN10","UN",{"v":1674.88,"d":"1,674.88"},null,null,{"v":1674.88,"d":"1,674.88"}]
["I7122","EXTREMIDADE PF C/ ABA DE VEDAÇÃO DN 450 PN10","UN",{"v":3691.75,"d":"3,691.75"},null,null,{"v":3691.75,"d":"3,691.75"}]
["I3819","EXTREMIDADE PF C/ ABA DE VEDAÇÃO DN 500 PN10","UN",{"v":3910.06,"d":"3,910.06"},null,null,{"v":3910.06,"d":"3,910.06"}]
["I3820","EXTREMIDADE PF C/ ABA DE VEDAÇÃO DN 600 PN10","UN",{"v":4921.66,"d":"4,921.66"},null,null,{"v":4921.66,"d":"4,921.66"}]
["I3821","EXTREMIDADE PF C/ ABA DE VEDAÇÃO DN 700 PN10","UN",{"v":5358.36,"d":"5,358.36"},null,null,{"v":5358.36,"d":"5,358.36"}]
["I3811","EXTREMIDADE PF C/ ABA DE VEDAÇÃO DN 75 PN10","UN",395.12,null,null,395.12]
["I7123","EXTREMIDADE PF C/ ABA DE VEDAÇÃO DN 80 PN10","UN",395.12,null,null,395.12]
["I3822","EXTREMIDADE PF C/ ABA DE VEDAÇÃO DN 800 PN10","UN",{"v":5708.46,"d":"5,708.46"},null,null,{"v":5708.46,"d":"5,708.46"}]
["I3823","EXTREMIDADE PF C/ ABA DE VEDAÇÃO DN 900 PN10","UN",{"v":7220.24,"d":"7,220.24"},null,null,{"v":7220.24,"d":"7,220.24"}]
["I8567","EXTRUSORA DE PERFIS DE CONCRETO ACOPLADA C/ FORMA E MOTOR DIESL 10 HP","H",{"v":41,"d":"41.00"},null,null,{"$f":"D2255","v":{"v":41,"d":"41.00"}}]
["I6393","FÁBRICA DE CLORO MODELO HIDROGEROX HG 3000 COM CAPACIDADE DE 3.000g/dia/CLORO, CONSUMO DE SAL DE 9 kg/dia, COMPOSTA DE 01 (UM) REATOR, 01 (UMA) FONTE DE TENSÃO 220V, VAZÃO DE 35 m3/h E DOSAGEM DE 3,7 ppm, INCLUINDO FORNECIMENTO E MONTAGEM","UN",{"v":42592.1,"d":"42,592.10"},null,null,{"v":42592.1,"d":"42,592.10"}]
["I6392","FÁBRICA DE CLORO MODELO HIDROGEROX HG plus 12 COM CAPACIDADE DE 12.000g/dia/CLORO, CONSUMO DE SAL DE 36 kg/dia, COMPOSTA DE 01 (UM) REATOR, 01 (UMA) FONTE DE TENSÃO 220V, VAZÃO DE 75 m3/h E DOSAGEM DE 3,7 ppm, INCLUINDO FORNECIMENTO E MONTAGEM","UN",{"v":65075.6,"d":"65,075.60"},null,null,{"v":65075.6,"d":"65,075.60"}]
["I6585","FÁBRICA PARA GERAÇÃO E DOSAGEM DE CLORO COM DOSAGEM DE APLICAÇÃO DE 2 ppm E DOSAG","UN",{"v":24649.15,"d":"24,649.15"},null,null,{"v":24649.15,"d":"24,649.15"}]
["I6583","FÁBRICA PARA GERAÇÃO E DOSAGEM DE CLORO COM DOSAGEM DE APLICAÇÃO DE 2 ppm E DOSAG","UN",{"v":24649.15,"d":"24,649.15"},null,null,{"v":24649.15,"d":"24,649.15"}]
["I8615","FAC-SÍMILE","UNxMÊS",{"v":160,"d":"160.00"},null,null,{"v":160,"d":"160.00"}]
["I1149","FACAO DIREITO PARA LATERAL E BANDEIRA (1210)","UN",80.77,null,null,{"$f":"D2261","v":80.77}]
["I1150","FACAO ESQUERDO PARA LATERAL E BANDEIRA (1211)","UN",84.42,null,null,84.42]
["I1151","FACAO SIMPLES PARA LATERAL E BANDEIRA (1209)","UN",44.75,null,null,44.75]
["I1152","FECHADURA CENTRAL COM 2 CILINDROS (1521)","UN",{"v":71.4,"d":"71.40"},null,null,{"v":71.4,"d":"71.40"}]
["I1154","FECHADURA COMPLETA PARA PORTA EXTERNA","UN",{"v":52.5,"d":"52.50"},null,null,{"v":52.5,"d":"52.50"}]
["I1155","FECHADURA COMPLETA PARA PORTA INTERNA","UN",{"v":46,"d":"46.00"},null,null,{"v":46,"d":"46.00"}]
["I2331","FECHADURA DE SOBREPOR","UN",{"v":35,"d":"35.00"},null,null,{"v":35,"d":"35.00"}]
["I8433","FECHADURA DE TARJETA (LIVRE-OCUPADA) PARA FIXAÇÃO EM GRANITO","UN",{"v":20.5,"d":"20.50"},null,null,{"v":20.5,"d":"20.50"}]
["I7530","FECHADURA ELETROMAGNÉTICA","UN",{"v":621,"d":"621.00"},null,null,{"v":621,"d":"621.00"}]
["I1157","FECHADURA P/ MOVEIS","UN",8.43,null,null,8.43]
["I8696","FECHADURA TUBULAR 90MM EM AÇO CROMADO PARA PORTAS","UN",{"v":48.3,"d":"48.30"},null,null,{"v":48.3,"d":"48.30"}]
["I1158","FECHO DE ALAVANCA DE FERR0 DE 22CM","UN",20.56,null,null,20.56]
["I1159","FECHO TIPO ROLETE P/ARMARIO","UN",1.23,null,null,1.23]
["I6786","FELTRO BETUMINOSO (VEU DE VIDRO)","M2",{"v":4.8,"d":"4.80"},null,null,{"v":4.8,"d":"4.80"}]
["I1160","FERRAGEM PARA PORTAO DE TAPUME","KG",6.66,null,null,6.66]
["I1161","FERRAGEM PARA TELHADOS","KG",{"v":10.9,"d":"10.90"},null,null,{"v":10.9,"d":"10.90"}]
["I2332","FERRO CHATO 1 1/4\" x 1/2\"","KG",{"v":5.6,"d":"5.60"},null,null,{"v":5.6,"d":"5.60"}]
["I2333","FERRO CHATO 2\" x 1/4\"","KG",{"v":5.2,"d":"5.20"},null,null,{"v":5.2,"d":"5.20"}]
["I2334","FERRO CHATO 2\" x 1/8\"","KG",{"v":5,"d":"5.00"},null,null,{"v":5,"d":"5.00"}]
["I0191","FERRO CHATO 2\" x 3/8\"","KG",6.02,null,null,6.02]
["I2335","FERRO CHATO 2.1/2\" x 1/2\"","KG",4.22,null,null,4.22]
["I2336","FERRO CHATO 2.1/2\"x 3/8\"","KG",4.07,null,null,4.07]
["I2337","FERRO CHATO 3/4\" x 3/16\"","KG",6.03,null,null,6.03]
["I2338","FERRO CHATO DE 1/2\" x 3/16\"","KG",4.07,null,null,4.07]
["I2339","FERRO CHATO DE 2\" x 3/16\"","KG",6.33,null,null,6.33]
["I6115","FERROLHO DE FERRO CHATO DE 3\" (PADRÃO MUTIRÃO)","UN",{"v":2.5,"d":"2.50"},null,null,{"v":2.5,"d":"2.50"}]
["I1162","FERROLHO DE SOBREPOR OU EMBUTIR GRANDE","UN",15.77,null,null,15.77]
["I1163","FERROLHO DE SOBREPOR OU EMBUTIR MEDIO","UN",{"v":12.4,"d":"12.40"},null,null,{"v":12.4,"d":"12.40"}]
["I1164","FERROLHO DE SOBREPOR OU EMBUTIR PEQUENO","UN",{"v":6.3,"d":"6.30"},null,null,{"v":6.3,"d":"6.30"}]
["I2937","FERRULE DE BRONZE 1\"","UN",162.46,null,null,162.46]
["I2936","FERRULE DE BRONZE 3/4\"","UN",111.23,null,null,111.23]
["I1165","FILETE DE GRANITO  L = 4CM","M",{"v":9.6,"d":"9.60"},null,null,{"v":9.6,"d":"9.60"}]
["I2570","FILLER (PO CALCÁREO)","KG",{"v":0.2,"d":"0.20"},null,null,{"v":0.2,"d":"0.20"}]
["I8948","FILTRO ASCENDENTE EM FIBRA D=2,00M E H=4,00M","UN",{"v":23594.5,"d":"23,594.50"},null,null,{"v":23594.5,"d":"23,594.50"}]
["I8952","FILTRO ASCENDENTE EM FIBRA D=2,50M E H=3,6M, Q=30M3/H","UN",{"v":45933.42,"d":"45,933.42"},null,null,{"v":45933.42,"d":"45,933.42"}]
["I8947","FILTRO ASCENDENTE EM FIBRA D=3,50M E H=3,78M","UN",{"v":100451.24,"d":"100,451.24"},null,null,{"v":100451.24,"d":"100,451.24"}]
["I7076","FILTRO DE FLUXO ASCENDENTE EM FIBRA COMPLETO COM TAMPA, BARRILETE, ESCADA E MATERIAL FILTRANTE, CAPACIDADE 119,26 m³/h A 178,20 m³/h","UN",{"v":363476.16,"d":"363,476.16"},null,null,{"v":363476.16,"d":"363,476.16"}]
["I7070","FILTRO DE FLUXO ASCENDENTE EM FIBRA COMPLETO COM TAMPA, BARRILETE, ESCADA E MATERIAL FILTRANTE, CAPACIDADE 13,29 m³/h A 23,55 m³/h","UN",{"v":64042.56,"d":"64,042.56"},null,null,{"v":64042.56,"d":"64,042.56"}]
["I7071","FILTRO DE FLUXO ASCENDENTE EM FIBRA COMPLETO COM TAMPA, BARRILETE, ESCADA E MATERIAL FILTRANTE, CAPACIDADE 23,56 m³/h A 36,83 m³/h","UN",{"v":82071.36,"d":"82,071.36"},null,null,{"v":82071.36,"d":"82,071.36"}]
["I7067","FILTRO DE FLUXO ASCENDENTE EM FIBRA COMPLETO COM TAMPA, BARRILETE, ESCADA E MATERIAL FILTRANTE, CAPACIDADE 3,75 m³/h","UN",{"v":18923.04,"d":"18,923.04"},null,null,{"v":18923.04,"d":"18,923.04"}]
["I7068","FILTRO DE FLUXO ASCENDENTE EM FIBRA COMPLETO COM TAMPA, BARRILETE, ESCADA E MATERIAL FILTRANTE, CAPACIDADE 3,76 m³/h A 5,93 m³/h","UN",{"v":25452,"d":"25,452.00"},null,null,{"v":25452,"d":"25,452.00"}]
["I7072","FILTRO DE FLUXO ASCENDENTE EM FIBRA COMPLETO COM TAMPA, BARRILETE, ESCADA E MATERIAL FILTRANTE, CAPACIDADE 36,84 m³/h A 53,03 m³/h","UN",{"v":108321.12,"d":"108,321.12"},null,null,{"v":108321.12,"d":"108,321.12"}]
["I7069","FILTRO DE FLUXO ASCENDENTE EM FIBRA COMPLETO COM TAMPA, BARRILETE, ESCADA E MATERIAL FILTRANTE, CAPACIDADE 5,94 m³/h A 13,28 m³/h","UN",{"v":46438.56,"d":"46,438.56"},null,null,{"v":46438.56,"d":"46,438.56"}]
["I7073","FILTRO DE FLUXO ASCENDENTE EM FIBRA COMPLETO COM TAMPA, BARRILETE, ESCADA E MATERIAL FILTRANTE, CAPACIDADE 53,04 m³/h A 72,15 m³/h","UN",{"v":147676.32,"d":"147,676.32"},null,null,{"v":147676.32,"d":"147,676.32"}]
["I7074","FILTRO DE FLUXO ASCENDENTE EM FIBRA COMPLETO COM TAMPA, BARRILETE, ESCADA E MATERIAL FILTRANTE, CAPACIDADE 72,16 m³/h A 94,28 m³/h","UN",{"v":183562.56,"d":"183,562.56"},null,null,{"v":183562.56,"d":"183,562.56"}]
["I7075","FILTRO DE FLUXO ASCENDENTE EM FIBRA COMPLETO COM TAMPA, BARRILETE, ESCADA E MATERIAL FILTRANTE, CAPACIDADE 94,29 m³/h A 119,25 m³/h","UN",{"v":233259.84,"d":"233,259.84"},null,null,{"v":233259.84,"d":"233,259.84"}]
["I1166","FILTRO DE PAREDE INDUSTRIAL","UN",172.66,null,null,172.66]
["I8950","FILTRO DESCENDENTE EM FIBRA D=1,20M E H=4,00M","UN",{"v":23594.5,"d":"23,594.50"},null,null,{"v":23594.5,"d":"23,594.50"}]
["I8949","FILTRO DESCENDENTE EM FIBRA D=3,00M E H=3,78M","UN",{"v":87762.66,"d":"87,762.66"},null,null,{"v":87762.66,"d":"87,762.66"}]
["I8951","FILTRO DESCENDENTE EM FIBRA DE VIDRO D=1,00M E Q=6,38M3/H","UN",{"v":12408.05,"d":"12,408.05"},null,null,{"v":12408.05,"d":"12,408.05"}]
["I7582","FILTRO PVC NERV. REFORÇADO DN 200x2mx0,50mm","UN",779.43,null,null,779.43]
["I7583","FILTRO PVC NERV. REFORÇADO DN 200x2mx0,75mm","UN",779.43,null,null,779.43]
["I7584","FILTRO PVC NERV. REFORÇADO DN 200x2mx1,00mm","UN",975.96,null,null,975.96]
["I7585","FILTRO PVC NERV. REFORÇADO DN 200x2mx1,50mm","UN",975.96,null,null,975.96]
["I7586","FILTRO PVC NERV. REFORÇADO DN 200x4mx0,50mm","UN",{"v":1958.83,"d":"1,958.83"},null,null,{"v":1958.83,"d":"1,958.83"}]
["I7587","FILTRO PVC NERV. REFORÇADO DN 200x4mx0,75mm","UN",{"v":1558.86,"d":"1,558.86"},null,null,{"v":1558.86,"d":"1,558.86"}]
["I7588","FILTRO PVC NERV. REFORÇADO DN 200x4mx1,00mm","UN",{"v":1871.35,"d":"1,871.35"},null,null,{"v":1871.35,"d":"1,871.35"}]
["I7589","FILTRO PVC NERV. REFORÇADO DN 200x4mx1,50mm","UN",{"v":1871.35,"d":"1,871.35"},null,null,{"v":1871.35,"d":"1,871.35"}]
["I7566","FILTRO PVC NERV. STANDARD DN 154x2mx0,50mm","UN",363.21,null,null,363.21]
["I7567","FILTRO PVC NERV. STANDARD DN 154x2mx0,75mm","UN",363.21,null,null,363.21]
["I7568","FILTRO PVC NERV. STANDARD DN 154x2mx1,00mm","UN",363.21,null,null,363.21]
["I7569","FILTRO PVC NERV. STANDARD DN 154x2mx1,50mm","UN",435.07,null,null,435.07]
["I7570","FILTRO PVC NERV. STANDARD DN 154x4mx0,50mm","UN",728.81,null,null,728.81]
["I7571","FILTRO PVC NERV. STANDARD DN 154x4mx0,75mm","UN",728.81,null,null,728.81]
["I7572","FILTRO PVC NERV. STANDARD DN 154x4mx1,00mm","UN",730.57,null,null,{"$f":"D2325","v":730.57}]
["I7573","FILTRO PVC NERV. STANDARD DN 154x4mx1,50mm","UN",887.08,null,null,887.08]
["I7574","FILTRO PVC NERV. STANDARD DN 206x2mx0,50mm","UN",707.66,null,null,707.66]
["I7575","FILTRO PVC NERV. STANDARD DN 206x2mx0,75mm","UN",707.66,null,null,707.66]
["I7576","FILTRO PVC NERV. STANDARD DN 206x2mx1,00mm","UN",707.66,null,null,707.66]
["I7577","FILTRO PVC NERV. STANDARD DN 206x2mx1,50mm","UN",901.29,null,null,901.29]
["I7578","FILTRO PVC NERV. STANDARD DN 206x4mx0,50mm","UN",{"v":1415.27,"d":"1,415.27"},null,null,{"v":1415.27,"d":"1,415.27"}]
["I7579","FILTRO PVC NERV. STANDARD DN 206x4mx0,75mm","UN",{"v":1415.36,"d":"1,415.36"},null,null,{"v":1415.36,"d":"1,415.36"}]
["I2340","FIO DE COBRE ANTICHAMA 2.5MM2","M",1.07,null,null,1.07]
["I8075","FIO DE COBRE NÚ 25mm²","KG",48.58,null,null,48.58]
["I1167","FIO ISOLADO EM PVC 0.50MM2 - 750V","M",0.44,null,null,0.44]
["I1168","FIO ISOLADO EM PVC 0.75MM2 - 750V","M",0.59,null,null,0.59]
["I1169","FIO ISOLADO EM PVC 1.00MM2 - 750V","M",0.62,null,null,0.62]
["I1170","FIO ISOLADO EM PVC 1.50MM2 - 750V","M",0.67,null,null,0.67]
["I1171","FIO ISOLADO EM PVC 10.0 MM2 - 750V","M",4.61,null,null,4.61]
["I1172","FIO ISOLADO EM PVC 2.50MM2 - 750V","M",0.98,null,null,0.98]
["I1173","FIO ISOLADO EM PVC 4.00MM2 - 750V","M",1.65,null,null,1.65]
["I1174","FIO ISOLADO EM PVC 6.00MM2 - 750V","M",2.07,null,null,2.07]
["I2342","FIO PARA COSTURAR SACO","M",0.09,null,null,0.09]
["I1175","FIO PARALELO ISOLADO, ( 2 X 0,75 )MM2","M",{"v":1.2,"d":"1.20"},null,null,{"v":1.2,"d":"1.20"}]
["I1176","FIO PARALELO ISOLADO, ( 2 X 1,00 )MM2","M",1.21,null,null,1.21]
["I1177","FIO PARALELO ISOLADO, ( 2 X 1,50 )MM2","M",1.79,null,null,1.79]
["I6126","FIO RETORCIDO DE 2 X 0,75 MM2 (PADRÃO MUTIRÃO)","M",{"v":1.1,"d":"1.10"},null,null,{"v":1.1,"d":"1.10"}]
["I8105","FITA ADESIVA INELÁSTICA PARA FIXAÇÃO DAS GALOCHAS E PALMILHAS AO BLOCO LBV (54,8m x 48mm)","RL",91.69,null,null,91.69]
["I8620","FITA ANTIDERRAPANTE LARG. 5cm FOSFORESCENTE 5m","RL",34.92,null,null,34.92]
["I6278","FITA AUTO FUSÃO DE 1A QUALIDADE","UN",8.15,null,null,8.15]
["I1178","FITA CREPE 16MM","M",0.33,null,null,0.33]
["I1179","FITA DE CALDEAÇÃO","M",{"v":2.4,"d":"2.40"},null,null,{"v":2.4,"d":"2.40"}]
["I6422","FITA DE INOX P/ FIXAÇÃO DO ELETRODUTO NO POSTE","M",2.49,null,null,2.49]
["I1180","FITA DE VEDAÇÃO","M",0.38,null,null,0.38]
["I8619","FITA DUPLA FACE ACRÍLICA","M",1.65,null,null,1.65]
["I1181","FITA ISOLANTE","M",0.69,null,null,0.69]
["I7392","FITA ISOLANTE COMUM N.º33","UN",{"v":11.2,"d":"11.20"},null,null,{"v":11.2,"d":"11.20"}]
["I7391","FITA ISOLANTE DE AUTO-FUSÃO N.º23","UN",{"v":12.4,"d":"12.40"},null,null,{"v":12.4,"d":"12.40"}]
["I2515","FITA REFLETIVA","M2",247.72,null,null,247.72]
["I2344","FITA VEDA ROSCA 25M x 3/4\"","UN",{"v":6.5,"d":"6.50"},null,null,{"v":6.5,"d":"6.50"}]
["I8104","FIXAÇÃO PARA BLOCO LVT","CJ",150.72,null,null,150.72]
["I8097","FIXAÇÃO PARA DORMENTE DE CONCRETO BIBLOCO (S-75)","CJ",150.72,null,null,150.72]
["I8096","FIXAÇÃO PARA DORMENTE DE CONCRETO MONOBLOCO, PLACA AMORTECEDORA E PINO ISOLANTE","CJ",129.37,null,null,129.37]
["I8102","FIXAÇÃO RÍGIDA (DORMENTE DE MADEIRA) - TIREFOND","UN",4.27,null,null,4.27]
["I1182","FIXADOR DE ABA (KALHETA DELTA)","UN",2.23,null,null,2.23]
["I1183","FIXADOR DE ABA (KALHETAO)","UN",2.79,null,null,2.79]
["I1184","FIXADOR DE ABAS (MAXIPLAC)","UN",{"v":1.8,"d":"1.80"},null,null,{"v":1.8,"d":"1.80"}]
["I1185","FIXADOR DE ABAS (MODULADA)","UN",{"v":1.4,"d":"1.40"},null,null,{"v":1.4,"d":"1.40"}]
["I1186","FIXADOR DE ABAS C/ ANILHA DE PVC","UN",2.96,null,null,2.96]
["I1187","FIXADOR DE ABAS SIMPLES (CANALETE 90)","UN",2.68,null,null,2.68]
["I9048","FIXADOR POLIAMIDA PARA POSTE, NAS CORES VERDE OU BRANCA","UN",{"v":3.5,"d":"3.50"},null,null,{"v":3.5,"d":"3.50"}]
["I3856","FLANGE AVULSO DN 100 PN10","UN",83.76,null,null,83.76]
["I3869","FLANGE AVULSO DN 1000 PN10","UN",{"v":4850.23,"d":"4,850.23"},null,null,{"v":4850.23,"d":"4,850.23"}]
["I3871","FLANGE AVULSO DN 1200 PN10","UN",{"v":6952.31,"d":"6,952.31"},null,null,{"v":6952.31,"d":"6,952.31"}]
["I3857","FLANGE AVULSO DN 150 PN10","UN",118.32,null,null,118.32]
["I3858","FLANGE AVULSO DN 200 PN10","UN",157.82,null,null,157.82]
["I3859","FLANGE AVULSO DN 250 PN10","UN",262.47,null,null,262.47]
["I3860","FLANGE AVULSO DN 300 PN10","UN",308.05,null,null,308.05]
["I3861","FLANGE AVULSO DN 350 PN10","UN",526.03,null,null,526.03]
["I3862","FLANGE AVULSO DN 400 PN10","UN",564.16,null,null,564.16]
["I3863","FLANGE AVULSO DN 450 PN10","UN",754.14,null,null,754.14]
["I3864","FLANGE AVULSO DN 500 PN10","UN",775.51,null,null,775.51]
["I3865","FLANGE AVULSO DN 600 PN10","UN",809.18,null,null,809.18]
["I3866","FLANGE AVULSO DN 700 PN10","UN",{"v":1657.23,"d":"1,657.23"},null,null,{"v":1657.23,"d":"1,657.23"}]
["I3855","FLANGE AVULSO DN 75 PN10","UN",90.94,null,null,90.94]
["I7124","FLANGE AVULSO DN 80 PN10","UN",90.94,null,null,90.94]
["I3867","FLANGE AVULSO DN 800 PN10","UN",{"v":1835.03,"d":"1,835.03"},null,null,{"v":1835.03,"d":"1,835.03"}]
["I3868","FLANGE AVULSO DN 900 PN10","UN",{"v":4581.04,"d":"4,581.04"},null,null,{"v":4581.04,"d":"4,581.04"}]
["I1188","FLANGE C/SEXTAVADO AÇO GALVANIZADO 1 1/4''","UN",{"v":12.8,"d":"12.80"},null,null,{"$f":"D2389","v":{"v":12.8,"d":"12.80"}}]
["I1189","FLANGE C/SEXTAVADO AÇO GALVANIZADO 1/2''","UN",{"v":8.3,"d":"8.30"},null,null,{"v":8.3,"d":"8.30"}]
["I1190","FLANGE C/SEXTAVADO AÇO GALVANIZADO 2 1/2''","UN",{"v":31.7,"d":"31.70"},null,null,{"v":31.7,"d":"31.70"}]
["I1191","FLANGE C/SEXTAVADO AÇO GALVANIZADO 4''","UN",{"v":62.7,"d":"62.70"},null,null,{"v":62.7,"d":"62.70"}]
["I7125","FLANGE CEGO DN 80 PN10","UN",61.73,null,null,61.73]
["I3839","FLANGE CEGO FoFo C/ FUROS DN 100 PN10","UN",79.68,null,null,79.68]
["I3852","FLANGE CEGO FoFo C/ FUROS DN 1000 PN10","UN",{"v":6756.06,"d":"6,756.06"},null,null,{"v":6756.06,"d":"6,756.06"}]
["I3853","FLANGE CEGO FoFo C/ FUROS DN 1200 PN10","UN",{"v":7624.46,"d":"7,624.46"},null,null,{"v":7624.46,"d":"7,624.46"}]
["I3840","FLANGE CEGO FoFo C/ FUROS DN 150 PN10","UN",115.91,null,null,115.91]
["I3841","FLANGE CEGO FoFo C/ FUROS DN 200 PN10","UN",146.14,null,null,146.14]
["I3842","FLANGE CEGO FoFo C/ FUROS DN 250 PN10","UN",233.04,null,null,233.04]
["I3843","FLANGE CEGO FoFo C/ FUROS DN 300 PN10","UN",480.86,null,null,480.86]
["I3844","FLANGE CEGO FoFo C/ FUROS DN 350 PN10","UN",534.09,null,null,534.09]
["I3845","FLANGE CEGO FoFo C/ FUROS DN 400 PN10","UN",602.53,null,null,602.53]
["I3846","FLANGE CEGO FoFo C/ FUROS DN 450 PN10","UN",867.22,null,null,867.22]
["I3837","FLANGE CEGO FoFo C/ FUROS DN 50 PN10","UN",29.97,null,null,29.97]
["I3847","FLANGE CEGO FoFo C/ FUROS DN 500 PN10","UN",907.55,null,null,907.55]
["I3848","FLANGE CEGO FoFo C/ FUROS DN 600 PN10","UN",{"v":1356.64,"d":"1,356.64"},null,null,{"v":1356.64,"d":"1,356.64"}]
["I3849","FLANGE CEGO FoFo C/ FUROS DN 700 PN10","UN",{"v":4036.84,"d":"4,036.84"},null,null,{"v":4036.84,"d":"4,036.84"}]
["I3838","FLANGE CEGO FoFo C/ FUROS DN 75 PN10","UN",64.46,null,null,64.46]
["I3850","FLANGE CEGO FoFo C/ FUROS DN 800 PN10","UN",{"v":4946.96,"d":"4,946.96"},null,null,{"v":4946.96,"d":"4,946.96"}]
["I3851","FLANGE CEGO FoFo C/ FUROS DN 900 PN10","UN",{"v":5266.82,"d":"5,266.82"},null,null,{"v":5266.82,"d":"5,266.82"}]
["I6871","FLANGE LIVRE C/F P/ CONEX. PVC PBS DN 100","UN",99.19,null,null,99.19]
["I6872","FLANGE LIVRE C/F P/ CONEX. PVC PBS DN 50","UN",40.65,null,null,40.65]
["I6873","FLANGE LIVRE C/F P/ CONEX. PVC PBS DN 75","UN",{"v":55.9,"d":"55.90"},null,null,{"v":55.9,"d":"55.90"}]
["I6874","FLANGE LIVRE C/F P/ TUBOS PVC PBS DN 100","UN",96.79,null,null,96.79]
["I6875","FLANGE LIVRE C/F P/ TUBOS PVC PBS DN 150","UN",193.88,null,null,193.88]
["I6876","FLANGE LIVRE C/F P/ TUBOS PVC PBS DN 50","UN",41.44,null,null,41.44]
["I6877","FLANGE LIVRE C/F P/ TUBOS PVC PBS DN 75","UN",{"v":55.9,"d":"55.90"},null,null,{"v":55.9,"d":"55.90"}]
["I6878","FLANGE LIVRE S/F P/ CONEX. PVC PBS DN 100","UN",97.79,null,null,97.79]
["I6879","FLANGE LIVRE S/F P/ CONEX. PVC PBS DN 75","UN",86.04,null,null,86.04]
["I6880","FLANGE LIVRE S/F P/ TUBOS PVC PBS DN 100","UN",85.54,null,null,85.54]
["I6881","FLANGE LIVRE S/F P/ TUBOS PVC PBS DN 50","UN",47.85,null,null,47.85]
["I6882","FLANGE LIVRE S/F P/ TUBOS PVC PBS DN 75","UN",73.07,null,null,73.07]
["I7418","FLANGE P/ BASE METÁLICA DN 330mm FUROS 3/8\"","UN",{"v":167.8,"d":"167.80"},null,null,{"v":167.8,"d":"167.80"}]
["I7333","FLUTUADOR PARA TUBO PEAD EM FIBRA DN 250 mm","UN",910.49,null,null,910.49]
["I7470","FLUTUANTE EM PRFV COM CAP. ATÉ 1.000Kg","UN",{"v":6607.45,"d":"6,607.45"},null,null,{"v":6607.45,"d":"6,607.45"}]
["I8626","FOLHA DE ADESIVO SILICONADO EM ALTO RELEVO","M2",{"v":44.4,"d":"44.40"},null,null,{"v":44.4,"d":"44.40"}]
["I1192","FOLHA P/PORTA ARM. EMB.C/BAT. E GUARNIÇÃO","M2",{"v":36,"d":"36.00"},null,null,{"v":36,"d":"36.00"}]
["I7467","FONTE DE ALIMENTAÇÃO PARA CÂMERA MÓVEL COM SUPRESSOR DE SURTO, ISOLAMENTO ELÉTRICO DOS CANAIS DE VÍDEOS E DADOS, 220/24 VAC, EM CAIXA IPC-66","UN",{"v":1438.59,"d":"1,438.59"},null,null,{"v":1438.59,"d":"1,438.59"}]
["I7524","FONTE P/ FECHADURA","UN",137.28,null,null,137.28]
["I7456","FORMA DE PAPELÃO RESINADO TIPO ESTRUTUBOS D=1,20 M (FORNECIMENTO/MONTAGEM/DESMONTAGEM)","M",156.75,null,null,156.75]
["I2544","FORMA METÁLICA P/BANQUETAS (ALUGUEL)","M",{"v":3,"d":"3.00"},null,null,{"v":3,"d":"3.00"}]
["I8111","FORMA SOWOS TR 37","PAR",20.86,null,null,20.86]
["I8109","FORMA SOWOS TR 45","PAR",20.86,null,null,20.86]
["I2345","FORMICA LISA FOSCA","UN",68.18,null,null,68.18]
["I1193","FORMICA P/REVESTIMENTO","M2",17.71,null,null,17.71]
["I8206","FORNECIMENTO E INSTALAÇÃO DE E.T.E.","UN",{"v":16683.51,"d":"16,683.51"},null,null,{"v":16683.51,"d":"16,683.51"}]
["I8269","FORRAMENTO DE MADEIRA L = 15 cm","M",18.86,null,null,18.86]
["I8270","FORRAMENTO DE MADEIRA L= 15 cm","CJ",98.05,null,null,98.05]
["I6109","FORRAMENTO LISO 10 X 3 CM MADEIRA MISTA (PADRÃO MUTIRÃO)","M",10.54,null,null,10.54]
["I8274","FORRAMENTO OU BATENTE DE MADEIRA, L = 15 cm","CJ",98.05,null,null,98.05]
["I8301","FORRO ACÚSTICO TIPO \"SONEX\" EM ESPUMA FLEXÍVEL DE POLIURETANO, AUTO-EXTINGUÍVEL, C/ SUPERFÍCIE ESCULPIDA, COR BRANCA 20/35","M2",96.72,null,null,96.72]
["I8302","FORRO ACÚSTICO TIPO \"SONEX\" EM ESPUMA FLEXÍVEL DE POLIURETANO, AUTO-EXTINGUÍVEL, C/ SUPERFÍCIE ESCULPIDA, COR BRANCA 35/35","M2",{"v":134.1,"d":"134.10"},null,null,{"v":134.1,"d":"134.10"}]
["I8303","FORRO ACÚSTICO TIPO \"SONEX\" EM ESPUMA FLEXÍVEL DE POLIURETANO, AUTO-EXTINGUÍVEL, C/ SUPERFÍCIE ESCULPIDA, COR BRANCA 50/75","M2",{"v":145.8,"d":"145.80"},null,null,{"v":145.8,"d":"145.80"}]
["I8298","FORRO ACÚSTICO TIPO \"SONEX\" EM ESPUMA FLEXÍVEL DE POLIURETANO, AUTO-EXTINGUÍVEL, C/ SUPERFÍCIE ESCULPIDA, COR GRAFITE 20/35","M2",{"v":80.9,"d":"80.90"},null,null,{"v":80.9,"d":"80.90"}]
["I8299","FORRO ACÚSTICO TIPO \"SONEX\" EM ESPUMA FLEXÍVEL DE POLIURETANO, AUTO-EXTINGUÍVEL, C/ SUPERFÍCIE ESCULPIDA, COR GRAFITE 35/35","M2",{"v":96.2,"d":"96.20"},null,null,{"v":96.2,"d":"96.20"}]
["I8300","FORRO ACÚSTICO TIPO \"SONEX\" EM ESPUMA FLEXÍVEL DE POLIURETANO, AUTO-EXTINGUÍVEL, C/ SUPERFÍCIE ESCULPIDA, COR GRAFITE 50/75","M2",{"v":115.9,"d":"115.90"},null,null,{"v":115.9,"d":"115.90"}]
["I8306","FORRO ACÚSTICO TIPO \"SONEX\" EM PLACAS DE FIBRA MINERAL C/PERFIL \"CARTOLA\" EM ALUMÍNIO","M2",{"v":92.7,"d":"92.70"},null,null,{"v":92.7,"d":"92.70"}]
["I8304","FORRO ACÚSTICO TIPO \"SONEX\" EM PLACAS DE FIBRA MINERAL C/PERFIL \"T\" EM AÇO","M2",85.27,null,null,85.27]
["I8305","FORRO ACÚSTICO TIPO \"SONEX\" EM PLACAS DE FIBRA MINERAL C/PERFIL \"T\" EM ALUMÍNIO","M2",90.07,null,null,90.07]
["I8291","FORRO DE GESSO ACARTONADO ARAMADO","M2",{"v":35.2,"d":"35.20"},null,null,{"v":35.2,"d":"35.20"}]
["I8292","FORRO DE GESSO ACARTONADO ESTRUTURADO","M2",{"v":46.3,"d":"46.30"},null,null,{"v":46.3,"d":"46.30"}]
["I8288","FORRO DE GESSO CONVENCIONAL (60x60)cm COM TIRO E ARAME GALVANIZADO ENCAPADO","M2",{"v":24.4,"d":"24.40"},null,null,{"v":24.4,"d":"24.40"}]
["I8289","FORRO DE GESSO CONVENCIONAL (60x60)cm SEM TIRO E ARAME GALVANIZADO ENCAPADO","M2",19.52,null,null,{"$f":"D2453","v":19.52}]
["I8309","FORRO PACOTE C/ PERFIL \"CARTOLA\" EM AÇO","M2",61.34,null,null,61.34]
["I8310","FORRO PACOTE C/ PERFIL \"CARTOLA\" EM ALUMÍNIO","M2",{"v":84.5,"d":"84.50"},null,null,{"v":84.5,"d":"84.50"}]
["I8307","FORRO PACOTE C/ PERFIL \"T\" EM AÇO","M2",50.43,null,null,50.43]
["I8308","FORRO PACOTE C/ PERFIL \"T\" EM ALUMÍNIO","M2",54.52,null,null,54.52]
["I8297","FORRO PVC - COLMÉIA","M2",{"v":153.9,"d":"153.90"},null,null,{"v":153.9,"d":"153.90"}]
["I8293","FORRO PVC - LAMBRI (100x6000 OU 200x6000)mm","M2",{"v":36,"d":"36.00"},null,null,{"v":36,"d":"36.00"}]
["I8296","FORRO PVC - MODULADO (618x1250)mm C/ PERFIL \"CARTOLA\" EM ALUMÍNIO","M2",{"v":98.5,"d":"98.50"},null,null,{"v":98.5,"d":"98.50"}]
["I8294","FORRO PVC - MODULADO (618x1250)mm C/ PERFIL \"T\" EM AÇO","M2",69.67,null,null,69.67]
["I8295","FORRO PVC - MODULADO (618x1250)mm C/ PERFIL \"T\" EM ALUMÍNIO","M2",71.73,null,null,71.73]
["I8418","FRESADORA A FRIO","UN",{"v":2100000,"d":"2,100,000.00"},null,null,{"v":2100000,"d":"2,100,000.00"}]
["I8422","FRESADORA A FRIO (CHI)","H",{"v":138,"d":"138.00"},{"v":151.9596,"d":"151.96"},null,{"$f":"E2464","v":{"v":151.9596,"d":"151.96"}}]
["I8421","FRESADORA A FRIO (CHP)","H",910.56,{"v":924.5196,"d":"924.52"},null,{"$f":"E2465","v":{"v":924.5196,"d":"924.52"}}]
["I2708","FUEL OIL","L",2.49,null,null,{"$f":"D2466","v":2.49}]
["I1199","FUNDO BRANCO FOSCO NIVELADOR P/ MADEIRAS","L",16.18,null,null,16.18]
["I1200","FUNDO OXIDO DE FERRO","L",21.71,null,null,21.71]
["I1201","FUNDO PRIMER PARA CONCRETO","L",9.07,null,null,9.07]
["I1202","FUNGENBAND P/ JUNTAS DE DILATAÇÃO","M",{"v":73.7,"d":"73.70"},null,null,{"v":73.7,"d":"73.70"}]
["I1203","FURAÇÃO DE FORRO EM LAJE - E. EOLICO","UN",120.06,null,null,120.06]
["I7442","FUSE MDL 1.32 AMP FOR AC FIXED HARDWARE PWR SUPPLY, MOD. 1746-F4-AHGB","UN",2.75,null,null,2.75]
["I1204","FUSIVEL DIAZED 25A","UN",1.79,null,null,1.79]
["I1205","FUSIVEL DIAZED 63A","UN",3.87,null,null,3.87]
["I7409","FUSÍVEL DIAZED RETARDADO 2A, C/ BASE","UN",23.95,null,null,23.95]
["I1206","FUSIVEL NH 00 - 125A","UN",14.07,null,null,14.07]
["I1207","FUSIVEL NH 1 - 250A","UN",{"v":33.7,"d":"33.70"},null,null,{"v":33.7,"d":"33.70"}]
["I7435","FUSÍVEL NH 100A","UN",{"v":17.1,"d":"17.10"},null,null,{"v":17.1,"d":"17.10"}]
["I1208","FUSIVEL NH 2 - 400A","UN",43.14,null,null,43.14]
["I1209","FUSIVEL NH 3 - 630A","UN",69.97,null,null,69.97]
["I1210","FUSIVEL NH 4 - 1250A","UN",{"v":635.9,"d":"635.90"},null,null,{"v":635.9,"d":"635.90"}]
["I6007","FUSÍVEL ULTRA-RÁPIDO P/ COORDENAÇÃO ----2, 900A","UN",{"v":1370.24,"d":"1,370.24"},null,null,{"v":1370.24,"d":"1,370.24"}]
["I2346","GABIÃO ARAME GALV. REVEST. PVC TIPO CAIXA, h=0,50M","M3",279.95,null,null,279.95]
["I2347","GABIÃO ARAME GALV. REVEST. PVC TIPO CAIXA, h=1,00M","M3",195.71,null,null,195.71]
["I1211","GABIÃO COLCHÃO MALHA HEXAGONAL 6X8CM. ESP 30CM","M2",90.58,null,null,90.58]
["I1213","GABIÃO COM MALHA HEXAGONAL 8X10CM - ZINCADO","M3",278.69,null,null,278.69]
["I9054","GABIÃO SACO MALHA HEXAGONAL 8 X 10 CM (ZN/AL + PVC), FIO 2,4 MM","M3",209.94,null,null,209.94]
["I6719","GAIOLA ESCORREGADOR PEQUENO,  CONFEC. EM TUBO VAPOR E PINTURA ESMALTE SINTÉTICO","UN",588.24,null,null,588.24]
["I8103","GALOCHA DE BORRACHA E PALMILHA MICROCELULAR (02 UN. DE CADA), COMPONENTES ELASTÔMEROS PARA O PAR DE BLOCOS VBV","CJ",301.45,null,null,301.45]
["I1214","GANCHO CHATO DE 110MM","UN",3.06,null,null,3.06]
["I1215","GANCHO COM PORCA E ARRUELA","UN",1.82,null,null,1.82]
["I2348","GANCHO DE 450MM","UN",{"v":2.3,"d":"2.30"},null,null,{"v":2.3,"d":"2.30"}]
["I2349","GANCHO DE 500MM","UN",3.18,null,null,3.18]
["I1216","GANCHO DE ALUMINIO","UN",{"v":4.3,"d":"4.30"},null,null,{"v":4.3,"d":"4.30"}]
["I1217","GANCHO OLHAL","UN",{"v":9.9,"d":"9.90"},null,null,{"v":9.9,"d":"9.90"}]
["I8076","GANCHO OLHAL","UN",7.58,null,null,7.58]
["I6221","GANCHOS GALVANIZADOS P/FIXAÇÃO DAS REDES NOS TUBOS","UN",{"v":3.5,"d":"3.50"},null,null,{"v":3.5,"d":"3.50"}]
["I6720","GANGORRA C/02 PRANCHAS, CONFEC. EM TUBO VAPOR E PINTURA ESMALTE SINTÉTICO","UN",{"v":730,"d":"730.00"},null,null,{"v":730,"d":"730.00"}]
["I2477","GANGORRA C/03 PRANCHAS, CONFEC. EM TUBO VAPOR E PINTURA ESMALTE SINTETICO","UN",{"v":808.5,"d":"808.50"},null,null,{"v":808.5,"d":"808.50"}]
["I1218","GAS","KG",4.52,null,null,4.52]
["I2707","GASOLINA","L",{"v":4,"d":"4.00"},null,null,{"v":4,"d":"4.00"}]
["I2498","GATEWAY ETHERNET, 2 SAÍDAS - RS485","UN",{"v":20590.36,"d":"20,590.36"},null,null,{"v":20590.36,"d":"20,590.36"}]
["I8570","GEOTÊXTIL NÃO-TECIDO 100% POLIÉSTER COM RESISTÊNCIA A TRAÇÃO LONGITUDINAL MÍNIMA DE 10 kN/m (BIDIM RT-10 OU SIMILAR)","M2",{"v":7.2,"d":"7.20"},null,null,{"v":7.2,"d":"7.20"}]
["I8655","GEOTÊXTIL NÃO-TECIDO 100% POLIÉSTER COM RESISTÊNCIA A TRAÇÃO LONGITUDINAL MÍNIMA DE 14 kN/m (BIDIM RT-14 OU SIMILAR)","M2",9.09,null,null,9.09]
["I8656","GEOTÊXTIL NÃO-TECIDO 100% POLIÉSTER COM RESISTÊNCIA A TRAÇÃO LONGITUDINAL MÍNIMA DE 16 kN/m (BIDIM RT-16 OU SIMILAR)","M2",10.76,null,null,10.76]
["I8657","GEOTÊXTIL NÃO-TECIDO 100% POLIÉSTER COM RESISTÊNCIA A TRAÇÃO LONGITUDINAL MÍNIMA DE 21 kN/m (BIDIM RT-21 OU SIMILAR)","M2",13.89,null,null,13.89]
["I8658","GEOTÊXTIL NÃO-TECIDO 100% POLIÉSTER COM RESISTÊNCIA A TRAÇÃO LONGITUDINAL MÍNIMA DE 26 kN/m (BIDIM RT-26 OU SIMILAR)","M2",17.14,null,null,17.14]
["I8659","GEOTÊXTIL NÃO-TECIDO 100% POLIÉSTER COM RESISTÊNCIA A TRAÇÃO LONGITUDINAL MÍNIMA DE 31 kN/m (BIDIM RT-31 OU SIMILAR)","M2",20.84,null,null,20.84]
["I8652","GEOTÊXTIL NÃO-TECIDO 100% POLIÉSTER COM RESISTÊNCIA A TRAÇÃO LONGITUDINAL MÍNIMA DE 7 kN/m (BIDIM RT-07 OU SIMILAR)","M2",4.84,null,null,4.84]
["I8653","GEOTÊXTIL NÃO-TECIDO 100% POLIÉSTER COM RESISTÊNCIA A TRAÇÃO LONGITUDINAL MÍNIMA DE 8 kN/m (BIDIM RT-08 OU SIMILAR)","M2",{"v":5.5,"d":"5.50"},null,null,{"v":5.5,"d":"5.50"}]
["I8654","GEOTÊXTIL NÃO-TECIDO 100% POLIÉSTER COM RESISTÊNCIA A TRAÇÃO LONGITUDINAL MÍNIMA DE 9 kN/m (BIDIM RT-09 OU SIMILAR)","M2",6.34,null,null,6.34]
["I8597","GERENTE ADMINISTRATIVO FINANCEIRO (COM ENCARGOS INCLUSOS)","HxMÊS",null,{"v":5282.97,"d":"5,282.97"},null,{"$f":"E2512","v":{"v":5282.97,"d":"5,282.97"}}]
["I1220","GESSEIRO","H",{"v":7.2,"d":"7.20"},{"v":15.5758,"d":"15.58"},"MO",{"$f":"E2513","v":{"v":15.5758,"d":"15.58"}}]
["I1221","GESSO","KG",0.29,null,null,{"$f":"D2514","v":0.29}]
["I8090","GLIFOSATO NA","L",17.53,null,null,17.53]
["I7387","GLOBO CLARO / ÂMBAR P/ LUMINÁRIA SN-05 (30W)","UN",{"v":377.8,"d":"377.80"},null,null,{"v":377.8,"d":"377.80"}]
["I7386","GLOBO CLARO PARA LUMINÁRIA SN-05 (30W)","UN",{"v":224.8,"d":"224.80"},null,null,{"v":224.8,"d":"224.80"}]
["I7385","GLOBO PRISMÁTICO AZUL PARA LUMINÁRIA SN-05 (45W)","UN",{"v":284.1,"d":"284.10"},null,null,{"v":284.1,"d":"284.10"}]
["I8440","GRADE DE ALUMÍNIO DE PROTEÇÃO","M2",{"v":134.2,"d":"134.20"},null,null,{"v":134.2,"d":"134.20"}]
["I2638","GRADE DE DISCOS","UN",{"v":21815,"d":"21,815.00"},null,null,{"v":21815,"d":"21,815.00"}]
["I0625","GRADE DE DISCOS (CHI)","H",{"v":1.4397900000000001,"d":"1.44"},null,null,{"v":1.4397900000000001,"d":"1.44"}]
["I0739","GRADE DE DISCOS (CHP)","H",{"v":4.49389,"d":"4.49"},null,null,{"v":4.49389,"d":"4.49"}]
["I1222","GRADE DE FERRO","M2",98.62,null,null,{"$f":"D2523","v":98.62}]
["I6748","GRADE DE FERRO EM TUBO DE AÇO GALVANIZADO D=15MM E MOLDURA C/BARRA CHATA DE FERRO 2\"X3/8\"","M2",226.72,null,null,226.72]
["I2478","GRADE PINTADA P/ ARVORE DE 1,50 a 2,00m","UN",{"v":34,"d":"34.00"},null,null,{"v":34,"d":"34.00"}]
["I1223","GRADIL DE FERRO","M2",98.62,null,null,98.62]
["I1224","GRADIL DE FERRO COM BARRA CHATA","M2",{"v":119.8,"d":"119.80"},null,null,{"v":119.8,"d":"119.80"}]
["I2479","GRAMA C/ARBUSTO","M2",4.35,null,null,4.35]
["I6228","GRAMA CAPIM DE BURRO/PAPUAN C/ADUBO VEGETAL","M2",{"v":6.3,"d":"6.30"},null,null,{"v":6.3,"d":"6.30"}]
["I1225","GRAMA TIPO BATATAIS EM PLACA","M2",7.55,null,null,7.55]
["I7381","GRAMPO DE ATERRAMENTO GKP","UN",{"v":4.7,"d":"4.70"},null,null,{"v":4.7,"d":"4.70"}]
["I6423","GRAMPO DE INOX P/ PRENDER FITA DE FIXAÇÃO","UN",0.77,null,null,0.77]
["I6177","GRAMPO DE SUSTENTAÇÃO DLP","UN",2.75,null,null,2.75]
["I2516","GRAMPOS PARA CERCA","KG",10.31,null,null,10.31]
["I1227","GRANITEIRO/MAMORISTA","H",{"v":7.2,"d":"7.20"},{"v":15.5758,"d":"15.58"},"MO",{"$f":"E2535","v":{"v":15.5758,"d":"15.58"}}]
["I2351","GRANITO PARA PISO INDUSTRIAL","KG",0.24,null,null,{"$f":"D2536","v":0.24}]
["I7892","GRANITO POLIDO BRANCO E=2cm","M2",{"v":235,"d":"235.00"},null,null,{"v":235,"d":"235.00"}]
["I1659","GRANITO POLIDO CINZA E=2cm","M2",143.29,null,null,143.29]
["I1229","GRANITO POLIDO OUTRAS CORES E=2cm","M2",{"v":175,"d":"175.00"},null,null,{"v":175,"d":"175.00"}]
["I1231","GRANITO POLIDO PRETO E=2cm","M2",200.73,null,null,200.73]
["I7464","GRAVADOR DE VÍDEO, TIPO TIME HOPSE, 960 HORAS","UN",{"v":1628.3,"d":"1,628.30"},null,null,{"v":1628.3,"d":"1,628.30"}]
["I7461","GRAVADOR DIGITAL COM 16 CANAIS DE ENTRADA, 2 SAÍDAS MULTIPLEXADAS, GRAVADOR DE CD-ROM INCORPORADO, MEMÓRIA DE 960 H, TECLADO, SOFTWARE DE CONFIGURAÇÃO, SEM LOOPE DE ENTRADA, ALIMENTAÇÃO 220 VAC","UN",{"v":31255.97,"d":"31,255.97"},null,null,{"v":31255.97,"d":"31,255.97"}]
["I8200","GRELHA DE FoFo (900 x 500 x 70) mm","UN",{"v":504,"d":"504.00"},null,null,{"v":504,"d":"504.00"}]
["I7493","GRELHA HEMISFÉRICA DE FERRO FUNDIDO D=150 mm (6\")","UN",{"v":109.3,"d":"109.30"},null,null,{"v":109.3,"d":"109.30"}]
["I1232","GRELHA HEMISFERICA DE FF. - 75MM (3'')","UN",48.59,null,null,48.59]
["I7363","GRELHAS DE INSUFLAMENTO/RETORNO EM ALUMÍNIO ATÉ 0,25 M2 (FORN. E MONTAGEM)","UN",124.67,null,null,124.67]
["I7364","GRELHAS DE INSUFLAMENTO/RETORNO EM ALUMÍNIO DE 0,26 M2 À 0,49 M2  (FORN. E MONTAGEM)","UN",185.17,null,null,185.17]
["I7365","GRELHAS DE INSUFLAMENTO/RETORNO EM ALUMÍNIO DE 0,50 M2 À 0,64 M2  (FORN. E MONTAGEM)","UN",{"v":220,"d":"220.00"},null,null,{"v":220,"d":"220.00"}]
["I7366","GRELHAS DE INSUFLAMENTO/RETORNO EM ALUMÍNIO DE 0,65 M2 À 0,81 M2  (FORN. E MONTAGEM)","UN",274.43,null,null,274.43]
["I7367","GRELHAS DE INSUFLAMENTO/RETORNO EM ALUMÍNIO DE 0,82 M2 À 1,00 M2  (FORN. E MONTAGEM)","UN",332.77,null,null,332.77]
["I7960","GRUA","H",{"v":394,"d":"394.00"},null,null,{"$f":"D2551","v":{"v":394,"d":"394.00"}}]
["I6729","GRUPO GERADOR 121/140 KVA, C/ QUADRO AUTOMÁTICO","UN",{"v":49860,"d":"49,860.00"},null,null,{"$f":"D2552","v":{"v":49860,"d":"49,860.00"}}]
["I1234","GRUPO GERADOR 141/170 KVA, C/ QUADRO AUTOMATICO","UN",{"v":58552.5,"d":"58,552.50"},null,null,{"$f":"D2553","v":{"v":58552.5,"d":"58,552.50"}}]
["I2639","GRUPO GERADOR 145 KVA","UN",{"v":74244,"d":"74,244.00"},null,null,{"$f":"D2554","v":{"v":74244,"d":"74,244.00"}}]
["I0626","GRUPO GERADOR 145 KVA (CHI)","H",{"v":10.54098,"d":"10.54"},{"v":18.91678,"d":"18.92"},null,{"$f":"E2555","v":{"v":18.91678,"d":"18.92"}}]
["I0740","GRUPO GERADOR 145 KVA (CHP)","H",{"v":106.22148,"d":"106.22"},{"v":114.59728,"d":"114.60"},null,{"$f":"E2556","v":{"v":114.59728,"d":"114.60"}}]
["I6731","GRUPO GERADOR 171/215 KVA, C/ QUADRO AUTOMÁTICO","UN",{"v":70468.92,"d":"70,468.92"},null,null,{"$f":"D2557","v":{"v":70468.92,"d":"70,468.92"}}]
["I2640","GRUPO GERADOR 180 KVA","UN",{"v":91284,"d":"91,284.00"},null,null,{"$f":"D2558","v":{"v":91284,"d":"91,284.00"}}]
["I0627","GRUPO GERADOR 180 KVA (CHI)","H",{"v":11.30778,"d":"11.31"},{"v":19.68358,"d":"19.68"},null,{"$f":"E2559","v":{"v":19.68358,"d":"19.68"}}]
["I0741","GRUPO GERADOR 180 KVA (CHP)","H",{"v":130.71828,"d":"130.72"},{"v":139.09408,"d":"139.09"},null,{"$f":"E2560","v":{"v":139.09408,"d":"139.09"}}]
["I7983","GRUPO GERADOR 216/235 KVA, C/ QUADRO AUTOMÁTICO","UN",{"v":71045,"d":"71,045.00"},null,null,{"$f":"D2561","v":{"v":71045,"d":"71,045.00"}}]
["I6732","GRUPO GERADOR 236/260 KVA, C/ QUADRO AUTOMÁTICO","UN",{"v":74085,"d":"74,085.00"},null,null,{"$f":"D2562","v":{"v":74085,"d":"74,085.00"}}]
["I1236","GRUPO GERADOR 261/290 KVA, C/ QUADRO AUTOMATICO","UN",{"v":84087.5,"d":"84,087.50"},null,null,{"$f":"D2563","v":{"v":84087.5,"d":"84,087.50"}}]
["I6734","GRUPO GERADOR 291/360 KVA, C/ QUADRO AUTOMÁTICO","UN",{"v":93410,"d":"93,410.00"},null,null,{"$f":"D2564","v":{"v":93410,"d":"93,410.00"}}]
["I2641","GRUPO GERADOR 36 KVA","UN",{"v":37730,"d":"37,730.00"},null,null,{"$f":"D2565","v":{"v":37730,"d":"37,730.00"}}]
["I0628","GRUPO GERADOR 36 KVA (CHI)","H",{"v":8.89785,"d":"8.90"},{"v":17.27365,"d":"17.27"},null,{"$f":"E2566","v":{"v":17.27365,"d":"17.27"}}]
["I0742","GRUPO GERADOR 36 KVA (CHP)","H",{"v":35.2141,"d":"35.21"},{"v":43.5899,"d":"43.59"},null,{"$f":"E2567","v":{"v":43.5899,"d":"43.59"}}]
["I6735","GRUPO GERADOR 361/385 KVA, C/ QUADRO AUTOMÁTICO","UN",{"v":103382.5,"d":"103,382.50"},null,null,{"$f":"D2568","v":{"v":103382.5,"d":"103,382.50"}}]
["I7984","GRUPO GERADOR 386/450 KVA, C/ QUADRO AUTOMÁTICO","UN",{"v":117320,"d":"117,320.00"},null,null,{"v":117320,"d":"117,320.00"}]
["I6728","GRUPO GERADOR 45/55 KVA, C/ QUADRO AUTOMÁTICO","UN",{"v":38408.44,"d":"38,408.44"},null,null,{"v":38408.44,"d":"38,408.44"}]
["I7547","GRUPO GERADOR 451/500 KVA COM QUADRO AUTOMÁTICO","UN",{"v":122872.5,"d":"122,872.50"},null,null,{"v":122872.5,"d":"122,872.50"}]
["I6736","GRUPO GERADOR 501/635 KVA, C/ QUADRO AUTOMÁTICO","UN",{"v":164110,"d":"164,110.00"},null,null,{"v":164110,"d":"164,110.00"}]
["I1237","GRUPO GERADOR 56/85 KVA, C/ QUADRO AUTOMATICO","UN",{"v":40885,"d":"40,885.00"},null,null,{"v":40885,"d":"40,885.00"}]
["I7888","GRUPO GERADOR 636/780 KVA C/ QUADRO AUTOMÁTICO","UN",{"v":287000,"d":"287,000.00"},null,null,{"v":287000,"d":"287,000.00"}]
["I7889","GRUPO GERADOR 781/950 KVA C/ QUADRO AUTOMÁTICO","UN",{"v":348000,"d":"348,000.00"},null,null,{"v":348000,"d":"348,000.00"}]
["I1233","GRUPO GERADOR 86/120 KVA, C/ QUADRO AUTOMATICO","UN",{"v":45940,"d":"45,940.00"},null,null,{"v":45940,"d":"45,940.00"}]
["I7985","GRUPO GERADOR 951/1000 KVA, C/ QUADRO AUTOMÁTICO","UN",{"v":383000,"d":"383,000.00"},null,null,{"v":383000,"d":"383,000.00"}]
["I7003","GRUPO GERADOR PARA MOTOR DE 100 CV PARTIDA SOFT START, AUTOMÁTICO C/ QUADRO DE REVERSÃO, COMPLETO, CONFORME TR-04","UN",{"v":110779,"d":"110,779.00"},null,null,{"v":110779,"d":"110,779.00"}]
["I6997","GRUPO GERADOR PARA MOTOR DE 12,5 A 15 CV PARTIDA SOFT START, AUTOMÁTICO C/ QUADRO DE REVERSÃO, COMPLETO, CONFORME TR-04","UN",{"v":45520,"d":"45,520.00"},null,null,{"v":45520,"d":"45,520.00"}]
["I6994","GRUPO GERADOR PARA MOTOR DE 2 CV PARTIDA DIRETA, AUTOMÁTICO C/ QUADRO DE REVERSÃO, COMPLETO, CONFORME TR-04","UN",{"v":26072,"d":"26,072.00"},null,null,{"v":26072,"d":"26,072.00"}]
["I6998","GRUPO GERADOR PARA MOTOR DE 20 A 25 CV PARTIDA SOFT START, AUTOMÁTICO C/ QUADRO DE REVERSÃO, COMPLETO, CONFORME TR-04","UN",{"v":50800,"d":"50,800.00"},null,null,{"v":50800,"d":"50,800.00"}]
["I6999","GRUPO GERADOR PARA MOTOR DE 25 A 30 CV PARTIDA SOFT START, AUTOMÁTICO C/ QUADRO DE REVERSÃO, COMPLETO, CONFORME TR-04","UN",{"v":50855,"d":"50,855.00"},null,null,{"v":50855,"d":"50,855.00"}]
["I6995","GRUPO GERADOR PARA MOTOR DE 3 A 5 CV PARTIDA DIRETA, AUTOMÁTICO C/ QUADRO DE REVERSÃO, COMPLETO, CONFORME TR-04","UN",{"v":46383,"d":"46,383.00"},null,null,{"v":46383,"d":"46,383.00"}]
["I7000","GRUPO GERADOR PARA MOTOR DE 40 A 50 CV PARTIDA SOFT START, AUTOMÁTICO C/ QUADRO DE REVERSÃO, COMPLETO, CONFORME TR-04","UN",{"v":65751,"d":"65,751.00"},null,null,{"v":65751,"d":"65,751.00"}]
["I7001","GRUPO GERADOR PARA MOTOR DE 60 CV PARTIDA SOFT START, AUTOMÁTICO C/ QUADRO DE REVERSÃO, COMPLETO, CONFORME TR-04","UN",{"v":70110,"d":"70,110.00"},null,null,{"v":70110,"d":"70,110.00"}]
["I6996","GRUPO GERADOR PARA MOTOR DE 7,5 A 10 CV PARTIDA SOFT START, AUTOMÁTICO C/ QUADRO DE REVERSÃO, COMPLETO, CONFORME TR-04","UN",{"v":42728,"d":"42,728.00"},null,null,{"v":42728,"d":"42,728.00"}]
["I7002","GRUPO GERADOR PARA MOTOR DE 75 CV PARTIDA SOFT START, AUTOMÁTICO C/ QUADRO DE REVERSÃO, COMPLETO, CONFORME TR-04","UN",{"v":79543,"d":"79,543.00"},null,null,{"v":79543,"d":"79,543.00"}]
["I9060","GUARDA CORPO EM FIBRA DE VIDRO C/ PERFIS PULTRUDADOS PINTADOS EM ESMALTE PU ACRÍLICO E SISTEMA DE ANCORAGEM EM AÇO INOXIDÁVEL AISI304 - H=1,10M","M",{"v":437.1,"d":"437.10"},null,null,{"v":437.1,"d":"437.10"}]
["I1240","GUARNIÇÃO PEROBA (MADEIRA DE 1A QUALIDADE) 5CM PARA PORTA 1FL.","UN",{"v":15.6,"d":"15.60"},null,null,{"v":15.6,"d":"15.60"}]
["I1241","GUARNIÇÃO PEROBA (MADEIRA DE 1A QUALIDADE) 5CM PARA PORTA 2FL.","UN",{"v":18.3,"d":"18.30"},null,null,{"v":18.3,"d":"18.30"}]
["I6202","GUIAS DE CRAVAÇÃO","KG",9.47,null,null,9.47]
["I7481","GUINCHO HIDRÁULICO","H",{"v":48,"d":"48.00"},null,null,{"$f":"E2592","v":{"v":0,"d":"0.00"}}]
["I2681","GUINDASTE DE TORRE HP 11","UN",{"v":158226,"d":"158,226.00"},null,null,{"$f":"D2593","v":{"v":158226,"d":"158,226.00"}}]
["I0629","GUINDASTE DE TORRE HP 11 (CHI)","H",{"v":16.096135999999998,"d":"16.10"},{"v":28.194436,"d":"28.19"},null,{"$f":"E2594","v":{"v":28.194436,"d":"28.19"}}]
["I0743","GUINDASTE DE TORRE HP 11 (CHP)","H",{"v":44.615035999999996,"d":"44.62"},{"v":56.713336,"d":"56.71"},null,{"$f":"E2595","v":{"v":56.713336,"d":"56.71"}}]
["I2682","GUINDASTE DE TORRE HP 20","UN",{"v":298195,"d":"298,195.00"},null,null,{"$f":"D2596","v":{"v":298195,"d":"298,195.00"}}]
["I0630","GUINDASTE DE TORRE HP 20 (CHI)","H",{"v":21.135019999999997,"d":"21.14"},{"v":33.23332,"d":"33.23"},null,{"$f":"E2597","v":{"v":33.23332,"d":"33.23"}}]
["I0744","GUINDASTE DE TORRE HP 20 (CHP)","H",{"v":74.56427,"d":"74.56"},{"v":86.66257,"d":"86.66"},null,{"$f":"E2598","v":{"v":86.66257,"d":"86.66"}}]
["I2683","GUINDASTE DE TORRE HP 40","UN",{"v":450335,"d":"450,335.00"},null,null,{"$f":"D2599","v":{"v":450335,"d":"450,335.00"}}]
["I0631","GUINDASTE DE TORRE HP 40 (CHI)","H",{"v":26.612059999999996,"d":"26.61"},{"v":38.710359999999994,"d":"38.71"},null,{"$f":"E2600","v":{"v":38.710359999999994,"d":"38.71"}}]
["I0745","GUINDASTE DE TORRE HP 40 (CHP)","H",{"v":111.56231,"d":"111.56"},{"v":123.66061,"d":"123.66"},null,{"$f":"E2601","v":{"v":123.66061,"d":"123.66"}}]
["I2685","GUINDASTE HIDRÁULICO SOBRE PNEUS HP 142","UN",{"v":645075,"d":"645,075.00"},null,null,{"$f":"D2602","v":{"v":645075,"d":"645,075.00"}}]
["I0633","GUINDASTE HIDRÁULICO SOBRE PNEUS HP 142 (CHI)","H",{"v":31.9025,"d":"31.90"},{"v":44.0008,"d":"44.00"},null,{"$f":"E2603","v":{"v":44.0008,"d":"44.00"}}]
["I0747","GUINDASTE HIDRÁULICO SOBRE PNEUS HP 142 (CHP)","H",164.57,{"v":176.66830000000002,"d":"176.67"},null,{"$f":"E2604","v":{"v":176.66830000000002,"d":"176.67"}}]
["I2684","GUINDASTE HIDRÁULICO SOBRE PNEUS HP 45","UN",{"v":182568,"d":"182,568.00"},null,null,{"$f":"D2605","v":{"v":182568,"d":"182,568.00"}}]
["I0632","GUINDASTE HIDRÁULICO SOBRE PNEUS HP 45 (CHI)","H",{"v":16.972448,"d":"16.97"},{"v":29.070748,"d":"29.07"},null,{"$f":"E2606","v":{"v":29.070748,"d":"29.07"}}]
["I0746","GUINDASTE HIDRÁULICO SOBRE PNEUS HP 45 (CHP)","H",{"v":71.434688,"d":"71.43"},{"v":83.532988,"d":"83.53"},null,{"$f":"E2607","v":{"v":83.532988,"d":"83.53"}}]
["I7426","GUINDASTE SOBRE PNEUS CAP. 135 TON","H",{"v":532,"d":"532.00"},null,null,{"$f":"E2608","v":{"v":0,"d":"0.00"}}]
["I7380","HASTE DE ATERRAMENTO 5/8\" x 3,00m GCW 19L30 BURDY","UN",{"v":39.4,"d":"39.40"},null,null,{"$f":"D2609","v":{"v":39.4,"d":"39.40"}}]
["I2352","HASTE DE ATERRAMENTO COPERWELD 5/8\" x 2.40M","UN",25.92,null,null,25.92]
["I1243","HASTE DE ATERRAMENTO COPPERWELD 3/4'' x 3M","UN",48.37,null,null,48.37]
["I1244","HASTE DE ATERRAMENTO COPPERWELD DE 3/4'' x 2.40M","UN",{"v":48.2,"d":"48.20"},null,null,{"v":48.2,"d":"48.20"}]
["I6127","HASTE DE FERRO GALVANIZADO 1,20 M PARA ATERRAMENTO (PADRÃO MUTIRÃO)","UN",{"v":11.9,"d":"11.90"},null,null,{"v":11.9,"d":"11.90"}]
["I8083","HASTE DE TERRA EM AÇO COBREADO, COM SEÇÃO CIRCULAR MÍNIMA DE 13 x 2000mm","UN",20.74,null,null,20.74]
["I8191","HASTE P/ PERFURATRIZ","UN",629.05,null,null,629.05]
["I4900","HASTE PROLONG. C/ ROSCA/ROSCA DN 1.1/8 L=1,00m","UN",975.75,null,null,975.75]
["I4901","HASTE PROLONG. C/ ROSCA/ROSCA DN 1.3/4 L=1,00m","UN",{"v":1205.73,"d":"1,205.73"},null,null,{"v":1205.73,"d":"1,205.73"}]
["I4902","HASTE PROLONG. C/ ROSCA/ROSCA DN 2 x 1 L=1,00m","UN",{"v":1332.27,"d":"1,332.27"},null,null,{"v":1332.27,"d":"1,332.27"}]
["I4903","HASTE PROLONG. C/ ROSCA/ROSCA DN 2.1/2 L=1,00m","UN",{"v":1454.38,"d":"1,454.38"},null,null,{"v":1454.38,"d":"1,454.38"}]
["I4896","HASTE PROLONG.C/ROSCA BOCA CHAVE DN 1.1/8 L=1,00m","UN",{"v":1602.87,"d":"1,602.87"},null,null,{"v":1602.87,"d":"1,602.87"}]
["I4897","HASTE PROLONG.C/ROSCA BOCA CHAVE DN 1.3/4 L=1,00m","UN",{"v":2210.35,"d":"2,210.35"},null,null,{"v":2210.35,"d":"2,210.35"}]
["I4898","HASTE PROLONG.C/ROSCA BOCA CHAVE DN 2 x 1 L=1,00m","UN",{"v":2555.76,"d":"2,555.76"},null,null,{"v":2555.76,"d":"2,555.76"}]
["I4899","HASTE PROLONG.C/ROSCA BOCA CHAVE DN 2.1/2 L=1,00m","UN",{"v":2885.83,"d":"2,885.83"},null,null,{"v":2885.83,"d":"2,885.83"}]
["I4892","HASTE PROLONG.QUADRADO BOCA/CHAVE DN 1.1/8 L=1,00m","UN",{"v":2576.53,"d":"2,576.53"},null,null,{"v":2576.53,"d":"2,576.53"}]
["I4893","HASTE PROLONG.QUADRADO BOCA/CHAVE DN 1.3/4 L=1,00m","UN",{"v":2898.28,"d":"2,898.28"},null,null,{"v":2898.28,"d":"2,898.28"}]
["I4894","HASTE PROLONG.QUADRADO BOCA/CHAVE DN 2 x 1 L=1,00m","UN",{"v":3123.2,"d":"3,123.20"},null,null,{"v":3123.2,"d":"3,123.20"}]
["I4895","HASTE PROLONG.QUADRADO BOCA/CHAVE DN 2.1/2 L=1,00m","UN",{"v":3414.04,"d":"3,414.04"},null,null,{"v":3414.04,"d":"3,414.04"}]
["I1245","HERBACEA ORNAMENTAL-EXTERNA","UN",{"v":5.5,"d":"5.50"},null,null,{"v":5.5,"d":"5.50"}]
["I2353","HIDRACOR","KG",3.73,null,null,3.73]
["I7126","HIDRANTE COLUNA COMPL.C/CURVA DISSIMETRICA DN 80","UN",{"v":6741.36,"d":"6,741.36"},null,null,{"v":6741.36,"d":"6,741.36"}]
["I1246","HIDRANTE COM REGISTRO GLOBO AMARELO 2 1/2''","UN",{"v":608.3,"d":"608.30"},null,null,{"v":608.3,"d":"608.30"}]
["I4905","HIDRANTE DE COLUNA COM CURVA DN 100","UN",{"v":5605.92,"d":"5,605.92"},null,null,{"v":5605.92,"d":"5,605.92"}]
["I4904","HIDRANTE DE COLUNA COM CURVA DN 75","UN",{"v":5578.51,"d":"5,578.51"},null,null,{"v":5578.51,"d":"5,578.51"}]
["I7127","HIDRANTE DE COLUNA COM CURVA DN 80","UN",{"v":5578.51,"d":"5,578.51"},null,null,{"v":5578.51,"d":"5,578.51"}]
["I4907","HIDRANTE DE COLUNA COMPL.C/CURVA DISSIMETRICA DN 100","UN",{"v":6830.03,"d":"6,830.03"},null,null,{"v":6830.03,"d":"6,830.03"}]
["I4906","HIDRANTE DE COLUNA COMPL.C/CURVA DISSIMETRICA DN 75","UN",{"v":6741.36,"d":"6,741.36"},null,null,{"v":6741.36,"d":"6,741.36"}]
["I4908","HIDRANTE DE COLUNA SIMPLES DN 100","UN",{"v":5101.65,"d":"5,101.65"},null,null,{"v":5101.65,"d":"5,101.65"}]
["I8205","HIDRANTE DE PISO","UN",713.53,null,null,713.53]
["I4911","HIDRANTE SUBTERRÂNEO .C/CURVA CURTA E CAIXA DN 75 x 60","UN",{"v":2185.85,"d":"2,185.85"},null,null,{"v":2185.85,"d":"2,185.85"}]
["I4912","HIDRANTE SUBTERRÂNEO .C/CURVA LONGA E CAIXA DN 75 x 60","UN",{"v":2320.38,"d":"2,320.38"},null,null,{"v":2320.38,"d":"2,320.38"}]
["I4909","HIDRANTE SUBTERRÂNEO C/ CURVA CURTA DN 75 x 60","UN",{"v":1614.18,"d":"1,614.18"},null,null,{"v":1614.18,"d":"1,614.18"}]
["I4910","HIDRANTE SUBTERRÂNEO C/ CURVA LONGA DN 75 x 60","UN",{"v":1849.58,"d":"1,849.58"},null,null,{"v":1849.58,"d":"1,849.58"}]
["I2948","HIDROM  TIPO TAQUIMÉTRICO  30 m3/h, 2\" -  COMPLETO","UN",526.82,null,null,526.82]
["I2946","HIDROM  TIPO TAQUIMÉTRICO 10 m3/h, 1\"- COMPLETO","UN",{"v":210,"d":"210.00"},null,null,{"v":210,"d":"210.00"}]
["I2947","HIDROM TIPO TAQUIMÉTRICO  20 m3/h, 1 1/2\" -  COMPLETO","UN",{"v":372,"d":"372.00"},null,null,{"v":372,"d":"372.00"}]
["I2945","HIDROM TIPO TAQUIMÉTRICO  7 m3/h, 1\" - COMPLETO","UN",{"v":190,"d":"190.00"},null,null,{"v":190,"d":"190.00"}]
["I2943","HIDROM TIPO TAQUIMÉTRICO 3 m3/h, 3/4\"- COMPLETO","UN",{"v":68.3,"d":"68.30"},null,null,{"v":68.3,"d":"68.30"}]
["I2944","HIDROM TIPO TAQUIMÉTRICO 5 m3/h, 3/4\"- COMPLETO","UN",78.88,null,null,78.88]
["I8668","HIDRÔMETRO TIPO WOLTMANN HORIZONTAL Qn=150m³/h, Dn 150mm - COMPLETO","UN",{"v":5690,"d":"5,690.00"},null,null,{"v":5690,"d":"5,690.00"}]
["I8666","HIDRÔMETRO TIPO WOLTMANN HORIZONTAL Qn=40m³/h, Dn 80mm - COMPLETO","UN",{"v":2740,"d":"2,740.00"},null,null,{"v":2740,"d":"2,740.00"}]
["I8667","HIDRÔMETRO TIPO WOLTMANN HORIZONTAL Qn=60m³/h, Dn 100mm - COMPLETO","UN",{"v":3060,"d":"3,060.00"},null,null,{"v":3060,"d":"3,060.00"}]
["I1248","HIGIENIZAÇÃO EM METRAGEM DE DUTOS DE AR-CONDICION.","M",89.18,null,null,89.18]
["I6824","HUB TIPO 24 PORTAS","UN",{"v":1702.8,"d":"1,702.80"},null,null,{"v":1702.8,"d":"1,702.80"}]
["I7378","IGNEX - PALITO IGNITOR PARA SOLDA EXOTÉRMICA","UN",3.41,null,null,3.41]
["I6229","IGOL A","KG",13.26,null,null,13.26]
["I7540","IMPERMEABILIZAÇÃO DE ACABAMENTO C/ HEYDICRYL PLUS, COR BRANCA,CONSUMO 3,0 KG/M2, REFORÇADO C/ TELA DE PLIESTER MALHA 2x2m","M2",{"v":14.9,"d":"14.90"},null,null,{"v":14.9,"d":"14.90"}]
["I1249","IMPERMEABILIZANTE","KG",{"v":6.5,"d":"6.50"},null,null,{"v":6.5,"d":"6.50"}]
["I1250","IMPERMEABILIZANTE ESTRUTURAL","KG",2.12,null,null,2.12]
["I8565","IMPRESSÃO MONOCROMÁTICA EM PAPEL VEGETAL","M",{"v":20,"d":"20.00"},null,null,{"v":20,"d":"20.00"}]
["I7986","IMPRESSORA","UN",401.06,null,null,401.06]
["I8611","IMPRESSORA","UNxMÊS",{"v":15,"d":"15.00"},null,null,{"$f":"E2661","v":{"v":0,"d":"0.00"}}]
["I6377","IMPRESSORA DE CARTÕES DE PROXIMIDADE","UN",{"v":1345.22,"d":"1,345.22"},null,null,{"$f":"D2662","v":{"v":1345.22,"d":"1,345.22"}}]
["I2354","INDENIZAÇÃO DE JAZIDA","M3",1.12,null,null,1.12]
["I6008","INDUTÂNCIA DE LINHA TRIFÁSICA 0,1 MH - 250 A","UN",{"v":3288.58,"d":"3,288.58"},null,null,{"v":3288.58,"d":"3,288.58"}]
["I2355","INIBIDOR DE CORROSÃO MIGRATÓRIO MCI2020","L",24.11,null,null,24.11]
["I9056","INIBIDOR NITROPRIMER PARA PROTEÇÃO DE ARMADURA","KG",{"v":42,"d":"42.00"},null,null,{"v":42,"d":"42.00"}]
["I2356","INJETOR P/APLICAÇÃO RESINA POLIURETANA","UN",9.91,null,null,9.91]
["I1251","INSETICIDA TIPO \"JINO CUPIM\" E \"PENETROL\"","L",{"v":16,"d":"16.00"},null,null,{"v":16,"d":"16.00"}]
["I8260","INSTALAÇÃO ELÉTRICA E SISTEMA ATERRAMENTO E PÁRA-RAIOS","CJ",{"v":29804.1,"d":"29,804.10"},null,null,{"v":29804.1,"d":"29,804.10"}]
["I2361","INTERFACE HOMEM/MÁQUINA 5,7\" TOUCHSCREEN, COLORIDA","UN",{"v":10981.53,"d":"10,981.53"},null,null,{"v":10981.53,"d":"10,981.53"}]
["I8616","INTERNET","UNxMÊS",{"v":130,"d":"130.00"},null,null,{"$f":"E2671","v":{"v":0,"d":"0.00"}}]
["I1252","INTERRUPTOR 1 TECLA BIPOLAR PARALELO","UN",{"v":16.7,"d":"16.70"},null,null,{"$f":"D2672","v":{"v":16.7,"d":"16.70"}}]
["I1253","INTERRUPTOR 1 TECLA PARALELO","UN",7.53,null,null,7.53]
["I1254","INTERRUPTOR 1 TECLA PARALELO 1 TOMADA 2POLOS UNIV.","UN",{"v":9.3,"d":"9.30"},null,null,{"v":9.3,"d":"9.30"}]
["I1255","INTERRUPTOR 1 TECLA SIMPLES","UN",{"v":6,"d":"6.00"},null,null,{"v":6,"d":"6.00"}]
["I1256","INTERRUPTOR 1 TECLA SIMPLES 1 CAMPAINHA","UN",6.54,null,null,6.54]
["I1257","INTERRUPTOR 1 TECLA SIMPLES 1 PARALELO","UN",11.93,null,null,11.93]
["I1258","INTERRUPTOR 1 TECLA SIMPLES 1 PARALELO 1TOM. 2POLO","UN",14.43,null,null,14.43]
["I1259","INTERRUPTOR 1 TECLA SIMPLES 1 TOMADA 2POLOS UNIV.","UN",{"v":13.9,"d":"13.90"},null,null,{"v":13.9,"d":"13.90"}]
["I1260","INTERRUPTOR 1 TECLA SIMPLES 2 PARALELO","UN",{"v":14.3,"d":"14.30"},null,null,{"v":14.3,"d":"14.30"}]
["I1261","INTERRUPTOR 2 TECLAS PARALELO","UN",{"v":13.9,"d":"13.90"},null,null,{"v":13.9,"d":"13.90"}]
["I1262","INTERRUPTOR 2 TECLAS PARALELO 1 TOMADA 2POLOS","UN",16.23,null,null,16.23]
["I1263","INTERRUPTOR 2 TECLAS SIMPLES","UN",7.93,null,null,7.93]
["I1264","INTERRUPTOR 2 TECLAS SIMPLES 1 PARALELO","UN",14.63,null,null,14.63]
["I1265","INTERRUPTOR 2 TECLAS SIMPLES 1TOMADA 2POLOS","UN",{"v":16.7,"d":"16.70"},null,null,{"v":16.7,"d":"16.70"}]
["I1266","INTERRUPTOR 3 TECLAS PARALELOS","UN",17.19,null,null,17.19]
["I1267","INTERRUPTOR 3 TECLAS SIMPLES","UN",12.93,null,null,12.93]
["I2357","INTERRUPTOR DE SOBREPOR 1 SEÇÃO","UN",{"v":8.2,"d":"8.20"},null,null,{"v":8.2,"d":"8.20"}]
["I1268","INTERRUPTOR DUAS TECLAS 10A - 250V, SISTEMA \"X\"","UN",{"v":8.2,"d":"8.20"},null,null,{"v":8.2,"d":"8.20"}]
["I1269","INTERRUPTOR PULSADOR CAMPAINHA","UN",6.42,null,null,6.42]
["I1270","INTERRUPTOR UMA TECLA 10A - 250V, SISTEMA \"X\"","UN",{"v":7,"d":"7.00"},null,null,{"v":7,"d":"7.00"}]
["I6006","INVERSOR DE FREQUÊNCIA P/ IM = 250A, SERVIÇO SEVERO, IP 20","UN",{"v":48044.18,"d":"48,044.18"},null,null,{"v":48044.18,"d":"48,044.18"}]
["I9067","ISOLADOR DE PINO PARA DISTRIBUIÇÃO 15KV\n","UN",17.65,null,null,17.65]
["I8958","ISOLADOR DE SUSPENSÃO POLIMÉRICO, 15KV","UN",{"v":1716.09,"d":"1,716.09"},null,null,{"v":1716.09,"d":"1,716.09"}]
["I8081","ISOLADOR DE SUSPENSÃO, VIDRO OU PORCELANA, 15 kV","UN",52.49,null,null,52.49]
["I7415","ISOLADOR EPÓXI 1kV - 25mm","UN",{"v":6.5,"d":"6.50"},null,null,{"v":6.5,"d":"6.50"}]
["I1271","ISOLADOR PORCEL. TIPO PEDESTAL CLASSE 15KV","UN",{"v":57.4,"d":"57.40"},null,null,{"v":57.4,"d":"57.40"}]
["I8515","ISOLADOR REFORÇADO 200mm FIXAÇÃO HORIZONTAL","UN",2.68,null,null,2.68]
["I8514","ISOLADOR SIMPLES DE USO GERAL 200mm ROSCA MECÂNICA","UN",1.79,null,null,1.79]
["I8522","ISOLADOR SIMPLES PARA MASTRO 2\" COM 1 DESCIDA","UN",3.69,null,null,3.69]
["I8523","ISOLADOR SIMPLES PARA MASTRO 2\" COM 2 DESCIDAS","UN",6.36,null,null,6.36]
["I1272","ISOLADOR TIPO DISCO 175MM DE VIDRO","UN",{"v":57.7,"d":"57.70"},null,null,{"v":57.7,"d":"57.70"}]
["I2360","ISOPOR 20MM (PLACA DE 1,20 X 0,60 M)","UN",{"v":4.6,"d":"4.60"},null,null,{"v":4.6,"d":"4.60"}]
["I8339","JANELA EM ALUMÍNIO ANODIZADO NATURAL/FOSCO, DE CORRER, COM BANDEIROLA E/OU PEITORIL, SEM VIDRO","M2",{"v":287.1,"d":"287.10"},null,null,{"v":287.1,"d":"287.10"}]
["I8337","JANELA EM ALUMÍNIO ANODIZADO NATURAL/FOSCO, DE CORRER, SEM BANDEIROLA E/OU PEITORIL, SEM VIDRO","M2",244.51,null,null,244.51]
["I8345","JANELA EM ALUMÍNIO ANODIZADO PRETO, DE CORRER, COM BANDEIROLA E/OU PEITORIL, SEM VIDRO","M2",311.71,null,null,311.71]
["I8343","JANELA EM ALUMÍNIO ANODIZADO PRETO, DE CORRER, SEM BANDEIROLA E/OU PEITORIL, SEM VIDRO","M2",{"v":270.2,"d":"270.20"},null,null,{"v":270.2,"d":"270.20"}]
["I1275","JANELA EM ALUMINIO, TIPO VENEZIANA","M2",321.34,null,null,321.34]
["I6110","JANELA TIPO FICHA 1,40 X 1,00 M MADEIRA MISTA (PADRÃO MUTIRÃO)","UN",{"v":54.6,"d":"54.60"},null,null,{"v":54.6,"d":"54.60"}]
["I1276","JANELA VENEZIANA MOVEL","M2",{"v":160,"d":"160.00"},null,null,{"v":160,"d":"160.00"}]
["I1277","JARDINEIRO","H",{"v":7.2,"d":"7.20"},{"v":15.5758,"d":"15.58"},"MO",{"$f":"E2711","v":{"v":15.5758,"d":"15.58"}}]
["I1278","JATISTA","H",{"v":7.2,"d":"7.20"},{"v":15.5758,"d":"15.58"},"MO",{"$f":"E2712","v":{"v":15.5758,"d":"15.58"}}]
["I8242","JOELHO 45 PVC BRANCO PARA ESGOTO D=100mm","UN",{"v":5.4,"d":"5.40"},null,null,{"$f":"D2713","v":{"v":5.4,"d":"5.40"}}]
["I8240","JOELHO 45 PVC BRANCO PARA ESGOTO D=40mm","UN",{"v":1.4,"d":"1.40"},null,null,{"v":1.4,"d":"1.40"}]
["I6235","JOELHO 45 PVC BRANCO PARA ESGOTO D=50mm","UN",1.82,null,null,1.82]
["I8241","JOELHO 45 PVC BRANCO PARA ESGOTO D=75mm","UN",4.11,null,null,4.11]
["I6883","JOELHO 45° PVC PBS DN 150","UN",{"v":343,"d":"343.00"},null,null,{"v":343,"d":"343.00"}]
["I8243","JOELHO 45 PVC SOLDÁVEL D=25mm","UN",{"v":0.8,"d":"0.80"},null,null,{"v":0.8,"d":"0.80"}]
["I8244","JOELHO 45 PVC SOLDÁVEL D=32mm","UN",1.42,null,null,1.42]
["I8245","JOELHO 45 PVC SOLDÁVEL D=40mm","UN",2.44,null,null,2.44]
["I1279","JOELHO 90 C/VISITA PVC ESGOTO DE 100X50MM","UN",{"v":12.7,"d":"12.70"},null,null,{"v":12.7,"d":"12.70"}]
["I1280","JOELHO 90 C/VISITA PVC ESGOTO DE 100X75MM","UN",16.27,null,null,16.27]
["I1281","JOELHO 90 C/VISITA PVC ESGOTO DE 75X50MM","UN",10.75,null,null,10.75]
["I6884","JOELHO 90° PVC PBS DN 150","UN",{"v":488,"d":"488.00"},null,null,{"v":488,"d":"488.00"}]
["I7885","JOELHO ADAPTADOR EM POLIPROPILENO 20x3/4","UN",4.61,null,null,4.61]
["I1286","JOELHO FERRO FUNDIDO 150MM","UN",358.05,null,null,358.05]
["I1287","JOELHO FERRO FUNDIDO C/VISITA 100X50MM","UN",{"v":110.3,"d":"110.30"},null,null,{"v":110.3,"d":"110.30"}]
["I1288","JOELHO FERRO FUNDIDO DE 100MM","UN",189.95,null,null,189.95]
["I1289","JOELHO FERRO FUNDIDO DE 50MM","UN",101.35,null,null,101.35]
["I1290","JOELHO FERRO FUNDIDO DE 75MM","UN",{"v":123.8,"d":"123.80"},null,null,{"v":123.8,"d":"123.80"}]
["I2364","JOELHO FERRO GALVANIZADO 1\"","UN",{"v":4.8,"d":"4.80"},null,null,{"v":4.8,"d":"4.80"}]
["I1305","JOELHO PVC CINZA P/ ESG DIAM 150MM (6'')","UN",67.02,null,null,67.02]
["I1282","JOELHO PVC PARA ESGOTO DE 100MM","UN",{"v":5.8,"d":"5.80"},null,null,{"v":5.8,"d":"5.80"}]
["I1283","JOELHO PVC PARA ESGOTO DE 40MM","UN",{"v":1.4,"d":"1.40"},null,null,{"v":1.4,"d":"1.40"}]
["I1284","JOELHO PVC PARA ESGOTO DE 50MM","UN",{"v":1.9,"d":"1.90"},null,null,{"v":1.9,"d":"1.90"}]
["I1285","JOELHO PVC PARA ESGOTO DE 75MM","UN",{"v":4.1,"d":"4.10"},null,null,{"v":4.1,"d":"4.10"}]
["I1291","JOELHO PVC ROSCAVEL DE 1 1/2''","UN",9.21,null,null,9.21]
["I1292","JOELHO PVC ROSCAVEL DE 1 1/4''","UN",8.01,null,null,8.01]
["I1293","JOELHO PVC ROSCAVEL DE 1''","UN",{"v":3.1,"d":"3.10"},null,null,{"v":3.1,"d":"3.10"}]
["I1294","JOELHO PVC ROSCAVEL DE 1/2''","UN",1.16,null,null,1.16]
["I1295","JOELHO PVC ROSCAVEL DE 2 1/2''","UN",{"v":44.9,"d":"44.90"},null,null,{"v":44.9,"d":"44.90"}]
["I1296","JOELHO PVC ROSCAVEL DE 2''","UN",{"v":17.335,"d":"17.34"},null,null,{"v":17.335,"d":"17.34"}]
["I1297","JOELHO PVC ROSCAVEL DE 3''","UN",42.95,null,null,42.95]
["I1298","JOELHO PVC ROSCAVEL DE 3/4''","UN",{"v":1.8,"d":"1.80"},null,null,{"v":1.8,"d":"1.80"}]
["I1299","JOELHO PVC ROSCAVEL DE 4''","UN",107.59,null,null,107.59]
["I1300","JOELHO PVC SOLD.AZUL DE 20X1/2''","UN",{"v":4,"d":"4.00"},null,null,{"v":4,"d":"4.00"}]
["I1301","JOELHO PVC SOLD.AZUL DE 25X3/4''","UN",{"v":5.3,"d":"5.30"},null,null,{"v":5.3,"d":"5.30"}]
["I2363","JOELHO PVC SOLDAVEL 25MM","UN",{"v":0.9,"d":"0.90"},null,null,{"v":0.9,"d":"0.90"}]
["I1302","JOELHO PVC SOLDAVEL/ROSCA DE 20X1/2''","UN",1.13,null,null,1.13]
["I1303","JOELHO PVC SOLDAVEL/ROSCA DE 25X3/4''","UN",{"v":1.8,"d":"1.80"},null,null,{"v":1.8,"d":"1.80"}]
["I1304","JOELHO REDUÇÃO PVC DE 32X 1''","UN",{"v":6.3,"d":"6.30"},null,null,{"v":6.3,"d":"6.30"}]
["I1313","JOELHO REDUÇÃO PVC ROSCAVEL 1''X3/4''","UN",3.53,null,null,3.53]
["I1314","JOELHO REDUÇÃO PVC ROSCAVEL 3/4X1/2''","UN",{"v":2.1,"d":"2.10"},null,null,{"v":2.1,"d":"2.10"}]
["I1306","JOELHO REDUÇÃO PVC SOLD.AZUL DE 25X1/2''","UN",{"v":3.9,"d":"3.90"},null,null,{"v":3.9,"d":"3.90"}]
["I1307","JOELHO REDUÇÃO PVC SOLD.AZUL DE 32X3/4''","UN",8.28,null,null,8.28]
["I1308","JOELHO REDUÇÃO PVC SOLD/ROSCA DE 25X1/2''","UN",{"v":1.7,"d":"1.70"},null,null,{"v":1.7,"d":"1.70"}]
["I1309","JOELHO REDUÇÃO PVC SOLD/ROSCA DE 32X3/4''","UN",8.37,null,null,8.37]
["I1310","JOELHO REDUÇÃO PVC SOLDAVEL 25X20MM","UN",1.86,null,null,1.86]
["I1311","JOELHO REDUÇÃO PVC SOLDAVEL 32X25MM","UN",{"v":2.2,"d":"2.20"},null,null,{"v":2.2,"d":"2.20"}]
["I1312","JOELHO REDUÇÃO PVC SOLDAVEL 40X32MM","UN",{"v":3,"d":"3.00"},null,null,{"v":3,"d":"3.00"}]
["I8684","JOGO DE DORMENTE ESPECIAL DE MADEIRA PARA AMV TRATADOS COM CCA","JG",{"v":14143.24,"d":"14,143.24"},null,null,{"v":14143.24,"d":"14,143.24"}]
["I1315","JOGO METAIS PARA MICTORIO","UN",37.24,null,null,37.24]
["I3875","JUNÇÃO 45 FoFo FFF DN 100 x 100 PN10","UN",329.57,null,null,329.57]
["I3874","JUNÇÃO 45 FoFo FFF DN 100 x 75 PN10","UN",322.34,null,null,322.34]
["I7128","JUNÇÃO 45 FoFo FFF DN 100 x 80 PN10","UN",322.34,null,null,322.34]
["I3876","JUNÇÃO 45 FoFo FFF DN 150 x 100 PN10","UN",568.71,null,null,568.71]
["I3877","JUNÇÃO 45 FoFo FFF DN 150 x 150 PN10","UN",926.97,null,null,926.97]
["I3878","JUNÇÃO 45 FoFo FFF DN 200 x 100 PN10","UN",850.58,null,null,850.58]
["I3879","JUNÇÃO 45 FoFo FFF DN 200 x 150 PN10","UN",961.75,null,null,961.75]
["I3880","JUNÇÃO 45 FoFo FFF DN 200 x 200 PN10","UN",{"v":1034.62,"d":"1,034.62"},null,null,{"v":1034.62,"d":"1,034.62"}]
["I3881","JUNÇÃO 45 FoFo FFF DN 250 x 150 PN10","UN",{"v":1237.27,"d":"1,237.27"},null,null,{"v":1237.27,"d":"1,237.27"}]
["I3882","JUNÇÃO 45 FoFo FFF DN 250 x 200 PN10","UN",{"v":1305.84,"d":"1,305.84"},null,null,{"v":1305.84,"d":"1,305.84"}]
["I3883","JUNÇÃO 45 FoFo FFF DN 250 x 250 PN10","UN",{"v":1713.2,"d":"1,713.20"},null,null,{"v":1713.2,"d":"1,713.20"}]
["I7129","JUNÇÃO 45 FoFo FFF DN 250 x 250 PN10","UN",{"v":1765.84,"d":"1,765.84"},null,null,{"v":1765.84,"d":"1,765.84"}]
["I3884","JUNÇÃO 45 FoFo FFF DN 300 x 200 PN10","UN",{"v":1789.97,"d":"1,789.97"},null,null,{"v":1789.97,"d":"1,789.97"}]
["I3885","JUNÇÃO 45 FoFo FFF DN 300 x 250 PN10","UN",{"v":2204.54,"d":"2,204.54"},null,null,{"v":2204.54,"d":"2,204.54"}]
["I3886","JUNÇÃO 45 FoFo FFF DN 300 x 300 PN10","UN",{"v":2250.53,"d":"2,250.53"},null,null,{"$f":"D2777","v":{"v":2250.53,"d":"2,250.53"}}]
["I3887","JUNÇÃO 45 FoFo FFF DN 400 x 300 PN10","UN",{"v":4523.9,"d":"4,523.90"},null,null,{"v":4523.9,"d":"4,523.90"}]
["I3888","JUNÇÃO 45 FoFo FFF DN 400 x 350 PN10","UN",{"v":4861.24,"d":"4,861.24"},null,null,{"v":4861.24,"d":"4,861.24"}]
["I3889","JUNÇÃO 45 FoFo FFF DN 400 x 400 PN10","UN",{"v":5280.97,"d":"5,280.97"},null,null,{"v":5280.97,"d":"5,280.97"}]
["I3873","JUNÇÃO 45 FoFo FFF DN 75 x 75 PN10","UN",276.81,null,null,276.81]
["I7130","JUNÇÃO 45 FoFo FFF DN 80 x 80 PN10","UN",276.81,null,null,276.81]
["I2995","JUNÇÃO 45 OCRE BBB - JE DN 100","UN",{"v":29,"d":"29.00"},null,null,{"v":29,"d":"29.00"}]
["I2996","JUNÇÃO 45 OCRE BBB - JE DN 150","UN",{"v":76,"d":"76.00"},null,null,{"v":76,"d":"76.00"}]
["I2997","JUNÇÃO 45 OCRE BBB - JE DN 200","UN",{"v":151,"d":"151.00"},null,null,{"v":151,"d":"151.00"}]
["I2998","JUNÇÃO 45 OCRE BBB - JE DN 250","UN",{"v":372,"d":"372.00"},null,null,{"v":372,"d":"372.00"}]
["I2999","JUNÇÃO 45 OCRE BBB - JE DN 300","UN",{"v":647,"d":"647.00"},null,null,{"v":647,"d":"647.00"}]
["I3000","JUNÇÃO 45 OCRE BBB - JE DN 350","UN",{"v":1055.25,"d":"1,055.25"},null,null,{"v":1055.25,"d":"1,055.25"}]
["I3001","JUNÇÃO 45 OCRE BBB - JE DN 400","UN",{"v":1837.74,"d":"1,837.74"},null,null,{"v":1837.74,"d":"1,837.74"}]
["I6885","JUNÇÃO 45° OCRE BBB - JEI DN 100","UN",125.06,null,null,125.06]
["I6886","JUNÇÃO 45° OCRE BBB - JEI DN 150","UN",179.71,null,null,179.71]
["I6887","JUNÇÃO 45° OCRE BBB - JEI DN 200","UN",{"v":268.6,"d":"268.60"},null,null,{"v":268.6,"d":"268.60"}]
["I6888","JUNÇÃO 45° OCRE BBB - JEI DN 250","UN",525.82,null,null,525.82]
["I6889","JUNÇÃO 45° OCRE BBB - JEI DN 300","UN",{"v":1051.06,"d":"1,051.06"},null,null,{"v":1051.06,"d":"1,051.06"}]
["I6890","JUNÇÃO 45° OCRE BBB - JEI DN 350","UN",{"v":2059.29,"d":"2,059.29"},null,null,{"v":2059.29,"d":"2,059.29"}]
["I6891","JUNÇÃO 45° OCRE BBB - JEI DN 400","UN",{"v":2078.14,"d":"2,078.14"},null,null,{"v":2078.14,"d":"2,078.14"}]
["I3122","JUNÇÃO 45 PBA COM BOLSAS DN 50","UN",{"v":38,"d":"38.00"},null,null,{"v":38,"d":"38.00"}]
["I2365","JUNÇÃO 45 PVC COM ROSCA DE 1.1/2\"","UN",23.86,null,null,23.86]
["I1322","JUNÇÃO DUPLA 45 FERRO FUND.100X100MM (4X4'')","UN",{"v":380.2,"d":"380.20"},null,null,{"v":380.2,"d":"380.20"}]
["I1323","JUNÇÃO DUPLA PVC ESGOTO DE 100MM","UN",{"v":17.5,"d":"17.50"},null,null,{"v":17.5,"d":"17.50"}]
["I1324","JUNÇÃO DUPLA PVC ESGOTO DE 75MM","UN",{"v":12.8,"d":"12.80"},null,null,{"v":12.8,"d":"12.80"}]
["I7492","JUNÇÃO PVC BRANCO 50 x 50 mm (2\")","UN",{"v":4.1,"d":"4.10"},null,null,{"v":4.1,"d":"4.10"}]
["I1325","JUNÇÃO PVC BRANCO C/INSP P/ESG DIAM 75MM (3'')","UN",{"v":14,"d":"14.00"},null,null,{"v":14,"d":"14.00"}]
["I1319","JUNÇÃO PVC PARA ESGOTO 100X50MM (4X2'')","UN",{"v":8.3,"d":"8.30"},null,null,{"v":8.3,"d":"8.30"}]
["I1318","JUNÇÃO PVC PARA ESGOTO 3X2''","UN",10.33,null,null,10.33]
["I1320","JUNÇÃO PVC PARA ESGOTO 4X3''","UN",18.37,null,null,18.37]
["I1321","JUNÇÃO PVC PARA ESGOTO 6X4''","UN",44.67,null,null,44.67]
["I1326","JUNÇÃO SIMPLES PVC BRANCO C/INSP.P/ESG.DIAM.100MM","UN",16.27,null,null,16.27]
["I6791","JUNTA BORRACHA ROSQUEADA DE 1\"","UN",{"v":179.5,"d":"179.50"},null,null,{"v":179.5,"d":"179.50"}]
["I6790","JUNTA BORRACHA ROSQUEADA DE 3/4\"","UN",{"v":154.2,"d":"154.20"},null,null,{"v":154.2,"d":"154.20"}]
["I7394","JUNTA DE BORRACHA TAMANHO GRANDE","UN",30.28,null,null,30.28]
["I4006","JUNTA DE DESMONTAGEM TRAVADA AXIALMENTE PN10 DN200","UN",{"v":3529.31,"d":"3,529.31"},null,null,{"v":3529.31,"d":"3,529.31"}]
["I7616","JUNTA DE DESMONTAGEM TRAVADA AXIALMENTE PN10 DN250","UN",{"v":4451.27,"d":"4,451.27"},null,null,{"v":4451.27,"d":"4,451.27"}]
["I4007","JUNTA DE DESMONTAGEM TRAVADA AXIALMENTE PN10 DN300","UN",{"v":3325.78,"d":"3,325.78"},null,null,{"v":3325.78,"d":"3,325.78"}]
["I4008","JUNTA DE DESMONTAGEM TRAVADA AXIALMENTE PN10 DN400","UN",{"v":3951.51,"d":"3,951.51"},null,null,{"v":3951.51,"d":"3,951.51"}]
["I4009","JUNTA DE DESMONTAGEM TRAVADA AXIALMENTE PN10 DN500","UN",{"v":4615.73,"d":"4,615.73"},null,null,{"v":4615.73,"d":"4,615.73"}]
["I4010","JUNTA DE DESMONTAGEM TRAVADA AXIALMENTE PN16 DN100","UN",{"v":1596.54,"d":"1,596.54"},null,null,{"v":1596.54,"d":"1,596.54"}]
["I7617","JUNTA DE DESMONTAGEM TRAVADA AXIALMENTE PN16 DN150","UN",{"v":3311.89,"d":"3,311.89"},null,null,{"v":3311.89,"d":"3,311.89"}]
["I4011","JUNTA DE DESMONTAGEM TRAVADA AXIALMENTE PN16 DN200","UN",{"v":4217.05,"d":"4,217.05"},null,null,{"v":4217.05,"d":"4,217.05"}]
["I7618","JUNTA DE DESMONTAGEM TRAVADA AXIALMENTE PN16 DN250","UN",{"v":3314.05,"d":"3,314.05"},null,null,{"v":3314.05,"d":"3,314.05"}]
["I4012","JUNTA DE DESMONTAGEM TRAVADA AXIALMENTE PN16 DN300","UN",{"v":3426.34,"d":"3,426.34"},null,null,{"v":3426.34,"d":"3,426.34"}]
["I4013","JUNTA DE DESMONTAGEM TRAVADA AXIALMENTE PN16 DN400","UN",{"v":4092.64,"d":"4,092.64"},null,null,{"v":4092.64,"d":"4,092.64"}]
["I4014","JUNTA DE DESMONTAGEM TRAVADA AXIALMENTE PN16 DN500","UN",{"v":5250.47,"d":"5,250.47"},null,null,{"v":5250.47,"d":"5,250.47"}]
["I6448","JUNTA DRESSERCOM HARNESS, FABRICADA EM AÇO CARBONO ASTM A 36, DN 100mm, DIMENSÕES CONFORME AWWA M 11, REVESTIMENTO INTERNO CONFORME AWWA C - 210 E EXTERNO CONFORME AWWA C - 204","UN",{"v":2937.71,"d":"2,937.71"},null,null,{"v":2937.71,"d":"2,937.71"}]
["I6449","JUNTA DRESSERCOM HARNESS, FABRICADA EM AÇO CARBONO ASTM A 36, DN 150mm, DIMENSÕES CONFORME AWWA M 11, REVESTIMENTO INTERNO CONFORME AWWA C - 210 E EXTERNO CONFORME AWWA C - 204","UN",{"v":3091.97,"d":"3,091.97"},null,null,{"v":3091.97,"d":"3,091.97"}]
["I6463","JUNTA DRESSERCOM HARNESS, FABRICADA EM AÇO CARBONO ASTM A 36, DN 200mm, DIMENSÕES CONFORME AWWA M 11, REVESTIMENTO INTERNO CONFORME AWWA C - 210 E EXTERNO CONFORME AWWA C - 204","UN",{"v":3782.8,"d":"3,782.80"},null,null,{"v":3782.8,"d":"3,782.80"}]
["I6484","JUNTA DRESSERCOM HARNESS, FABRICADA EM AÇO CARBONO ASTM A 36, DN 250mm, DIMENSÕES CONFORME AWWA M 11, REVESTIMENTO INTERNO CONFORME AWWA C - 210 E EXTERNO CONFORME AWWA C - 204","UN",{"v":4366.32,"d":"4,366.32"},null,null,{"v":4366.32,"d":"4,366.32"}]
["I6485","JUNTA DRESSERCOM HARNESS, FABRICADA EM AÇO CARBONO ASTM A 36, DN 300mm, DIMENSÕES CONFORME AWWA M 11, REVESTIMENTO INTERNO CONFORME AWWA C - 210 E EXTERNO CONFORME AWWA C - 204","UN",{"v":4648.01,"d":"4,648.01"},null,null,{"v":4648.01,"d":"4,648.01"}]
["I6486","JUNTA DRESSERCOM HARNESS, FABRICADA EM AÇO CARBONO ASTM A 36, DN 400mm, DIMENSÕES CONFORME AWWA M 11, REVESTIMENTO INTERNO CONFORME AWWA C - 210 E EXTERNO CONFORME AWWA C - 204","UN",{"v":4795.57,"d":"4,795.57"},null,null,{"v":4795.57,"d":"4,795.57"}]
["I6487","JUNTA DRESSERCOM HARNESS, FABRICADA EM AÇO CARBONO ASTM A 36, DN 500mm, DIMENSÕES CONFORME AWWA M 11, REVESTIMENTO INTERNO CONFORME AWWA C - 210 E EXTERNO CONFORME AWWA C - 204","UN",{"v":6552.84,"d":"6,552.84"},null,null,{"v":6552.84,"d":"6,552.84"}]
["I6488","JUNTA DRESSERCOM HARNESS, FABRICADA EM AÇO CARBONO ASTM A 36, DN 600mm, DIMENSÕES CONFORME AWWA M 11, REVESTIMENTO INTERNO CONFORME AWWA C - 210 E EXTERNO CONFORME AWWA C - 204","UN",{"v":9846.01,"d":"9,846.01"},null,null,{"v":9846.01,"d":"9,846.01"}]
["I3892","JUNTA GIBAULT DN 100","UN",172.01,null,null,172.01]
["I3893","JUNTA GIBAULT DN 150","UN",291.72,null,null,291.72]
["I3894","JUNTA GIBAULT DN 200","UN",340.82,null,null,340.82]
["I3895","JUNTA GIBAULT DN 250","UN",454.97,null,null,454.97]
["I3896","JUNTA GIBAULT DN 300","UN",583.61,null,null,583.61]
["I3897","JUNTA GIBAULT DN 350","UN",910.36,null,null,910.36]
["I3898","JUNTA GIBAULT DN 400","UN",{"v":1004.93,"d":"1,004.93"},null,null,{"v":1004.93,"d":"1,004.93"}]
["I3899","JUNTA GIBAULT DN 450","UN",{"v":1668.9,"d":"1,668.90"},null,null,{"v":1668.9,"d":"1,668.90"}]
["I3890","JUNTA GIBAULT DN 50","UN",118.19,null,null,118.19]
["I3900","JUNTA GIBAULT DN 500","UN",{"v":1810.92,"d":"1,810.92"},null,null,{"$f":"D2841","v":{"v":1810.92,"d":"1,810.92"}}]
["I3901","JUNTA GIBAULT DN 600","UN",{"v":2287.27,"d":"2,287.27"},null,null,{"v":2287.27,"d":"2,287.27"}]
["I3891","JUNTA GIBAULT DN 75","UN",{"v":135.4,"d":"135.40"},null,null,{"v":135.4,"d":"135.40"}]
["I7131","JUNTA GIBAULT DN 80","UN",145.63,null,null,145.63]
["I7491","JUNTA JEENE JJ 5070 VV","M",534.16,null,null,534.16]
["I1316","JUNTA PLASTICA 'I' 27MM PARA PISOS","M",1.03,null,null,1.03]
["I1317","JUNTA PLASTICA 3/4''X1/8'' PARA PISOS","M",1.03,null,null,1.03]
["I2518","JUNTA TRAFLEX-TR-CS","M",{"v":36.8,"d":"36.80"},null,null,{"v":36.8,"d":"36.80"}]
["I2702","JUROS","H",{"v":1,"d":"1.00"},null,null,{"$f":"E2849","v":{"v":0,"d":"0.00"}}]
["I8915","KIT ACÚSTICO ATENUADOR DE RUÍDOS P/ ENTRADA AR FRIO E SAÍDA AR QUENTE C/ PORTA ACÚSTICA 1,20X2,10M","UN",{"v":12279.74,"d":"12,279.74"},null,null,{"$f":"D2850","v":{"v":12279.74,"d":"12,279.74"}}]
["I8383","KIT CAVALETE POLIPROPILENO 3/4\" - P002 (CONEXÕES C/REFORÇO BLIN)","UN",30.05,null,null,30.05]
["I8384","KIT CAVALETE POLIPROPILENO 3/4\" - P003 (CONEXÕES C/REFORÇO BLIN)","UN",38.77,null,null,38.77]
["I8385","KIT CAVALETE POLIPROPILENO 3/4\" - P005 (CONEXÕES C/REFORÇO BLIN)","UN",{"v":46.3,"d":"46.30"},null,null,{"v":46.3,"d":"46.30"}]
["I2938","KIT CAVALETE PVC 3/4\"-P002(CONEXÕES C/REFORÇO BLIN)","UN",{"v":24.8,"d":"24.80"},null,null,{"v":24.8,"d":"24.80"}]
["I2939","KIT CAVALETE PVC 3/4\"-P003(CONEXÕES C/REFORÇO BLIN)","UN",{"v":33.3,"d":"33.30"},null,null,{"v":33.3,"d":"33.30"}]
["I2940","KIT CAVALETE PVC 3/4\"-P005(CONEXÕES C/REFORÇO BLIN)","UN",49.42,null,null,49.42]
["I7397","KIT CONECTOR SN-10, 5kV-20A, CABO 10mm²","UN",{"v":53.4,"d":"53.40"},null,null,{"v":53.4,"d":"53.40"}]
["I7995","KIT DE DOSAGEM CLORO COM TANQUE DE 500L, BOMBA DOSADORA E AGITADOR, COMPLETO","UN",{"v":17539.2,"d":"17,539.20"},null,null,{"v":17539.2,"d":"17,539.20"}]
["I7997","KIT DE DOSAGEM DE CLORO COM TANQUE DE 1000L, BOMBA DOSADORA E AGITADOR, COMPLETO","UN",{"v":20563.2,"d":"20,563.20"},null,null,{"v":20563.2,"d":"20,563.20"}]
["I7998","KIT DE DOSAGEM DE CLORO COM TANQUE DE 1500L, BOMBA DOSADORA E AGITADOR, COMPLETO","UN",{"v":22780.8,"d":"22,780.80"},null,null,{"v":22780.8,"d":"22,780.80"}]
["I7993","KIT DE DOSAGEM DE CLORO COM TANQUE DE 150L, BOMBA DOSADORA E AGITADOR, COMPLETO","UN",{"v":10886.4,"d":"10,886.40"},null,null,{"v":10886.4,"d":"10,886.40"}]
["I7999","KIT DE DOSAGEM DE CLORO COM TANQUE DE 2000L, BOMBA DOSADORA E AGITADOR, COMPLETO","UN",{"v":29836.8,"d":"29,836.80"},null,null,{"v":29836.8,"d":"29,836.80"}]
["I7994","KIT DE DOSAGEM DE CLORO COM TANQUE DE 250L, BOMBA DOSADORA E AGITADOR, COMPLETO","UN",{"v":10886.4,"d":"10,886.40"},null,null,{"v":10886.4,"d":"10,886.40"}]
["I8000","KIT DE DOSAGEM DE CLORO COM TANQUE DE 5000L, BOMBA DOSADORA E AGITADOR, COMPLETO","UN",{"v":44553.6,"d":"44,553.60"},null,null,{"v":44553.6,"d":"44,553.60"}]
["I7992","KIT DE DOSAGEM DE CLORO COM TANQUE DE 70L, BOMBA DOSADORA E AGITADOR, COMPLETO","UN",{"v":7660.8,"d":"7,660.80"},null,null,{"v":7660.8,"d":"7,660.80"}]
["I7996","KIT DE DOSAGEM DE CLORO COM TANQUE DE 750L, BOMBA DOSADORA E AGITADOR, COMPLETO","UN",{"v":19958.4,"d":"19,958.40"},null,null,{"v":19958.4,"d":"19,958.40"}]
["I6302","KIT DE DOSAGEM DE SULFATO DE ALUMÍNIO OU CAL  COM TANQUE DE 500L, BOMBA DOSADORA E AGITADOR, COMPLETO","UN",{"v":16142.4,"d":"16,142.40"},null,null,{"v":16142.4,"d":"16,142.40"}]
["I6304","KIT DE DOSAGEM DE SULFATO DE ALUMÍNIO OU CAL COM TANQUE DE 1000L, BOMBA DOSADORA E AGITADOR, COMPLETO","UN",{"v":19094.4,"d":"19,094.40"},null,null,{"v":19094.4,"d":"19,094.40"}]
["I6305","KIT DE DOSAGEM DE SULFATO DE ALUMÍNIO OU CAL COM TANQUE DE 1500L, BOMBA DOSADORA E AGITADOR, COMPLETO","UN",{"v":21153.6,"d":"21,153.60"},null,null,{"v":21153.6,"d":"21,153.60"}]
["I7991","KIT DE DOSAGEM DE SULFATO DE ALUMÍNIO OU CAL COM TANQUE DE 150L, BOMBA DOSADORA E AGITADOR, COMPLETO","UN",{"v":10108.8,"d":"10,108.80"},null,null,{"v":10108.8,"d":"10,108.80"}]
["I6306","KIT DE DOSAGEM DE SULFATO DE ALUMÍNIO OU CAL COM TANQUE DE 2000L, BOMBA DOSADORA E AGITADOR, COMPLETO","UN",{"v":27705.6,"d":"27,705.60"},null,null,{"v":27705.6,"d":"27,705.60"}]
["I6301","KIT DE DOSAGEM DE SULFATO DE ALUMÍNIO OU CAL COM TANQUE DE 250L, BOMBA DOSADORA E AGITADOR, COMPLETO","UN",{"v":10108.8,"d":"10,108.80"},null,null,{"v":10108.8,"d":"10,108.80"}]
["I6307","KIT DE DOSAGEM DE SULFATO DE ALUMÍNIO OU CAL COM TANQUE DE 5000L, BOMBA DOSADORA E AGITADOR, COMPLETO","UN",{"v":41371.2,"d":"41,371.20"},null,null,{"v":41371.2,"d":"41,371.20"}]
["I7990","KIT DE DOSAGEM DE SULFATO DE ALUMÍNIO OU CAL COM TANQUE DE 70L, BOMBA DOSADORA E AGITADOR, COMPLETO","UN",{"v":7113.6,"d":"7,113.60"},null,null,{"v":7113.6,"d":"7,113.60"}]
["I6303","KIT DE DOSAGEM DE SULFATO DE ALUMÍNIO OU CAL COM TANQUE DE 750L, BOMBA DOSADORA E AGITADOR, COMPLETO","UN",{"v":18532.8,"d":"18,532.80"},null,null,{"v":18532.8,"d":"18,532.80"}]
["I8578","KIT DE RELIGAÇÃO DE ÁGUA","UN",{"v":2.7,"d":"2.70"},null,null,{"v":2.7,"d":"2.70"}]
["I6042","KIT DE VEDAÇÃO P/ CORTE DE LIGAÇÃO D'ÁGUA","UN",{"v":5.8,"d":"5.80"},null,null,{"v":5.8,"d":"5.80"}]
["I8959","KIT MEDIÇÃO COMPARADOR DE CLORO E PH","UN",49.74,null,null,49.74]
["I7528","KIT P/ DEPOSIÇÃO DE CARTÕES","UN",822.14,null,null,822.14]
["I6191","KIT P/ TERMINAL TERMOCONTRÁTIL P/ CABO 8,7 - 15 kV - Ø 240 mm²","UN",{"v":919.2,"d":"919.20"},null,null,{"v":919.2,"d":"919.20"}]
["I6199","KIT P/ TERMINAL TERMOCONTRÁTIL P/ CABO 8,7 - 15 kV - Ø 25 mm²","UN",683.24,null,null,683.24]
["I6180","KIT P/ TERMINAL TERMOCONTRÁTIL P/ CABO 8,7 - 15 kV - Ø 35 mm²","UN",683.24,null,null,683.24]
["I6200","KIT P/ TERMINAL TERMOCONTRÁTIL P/ CABO 8,7 - 15 kV - Ø 50 mm²","UN",795.38,null,null,795.38]
["I6181","KIT P/ TERMINAL TERMOCONTRÁTIL P/ CABO 8,7 - 15 kV - Ø 70 mm²","UN",{"v":797.4,"d":"797.40"},null,null,{"v":797.4,"d":"797.40"}]
["I8594","LABORATORISTA (COM ENCARGOS INCLUSOS)","HxMÊS",null,{"v":3559.74,"d":"3,559.74"},null,{"$f":"E2885","v":{"v":3559.74,"d":"3,559.74"}}]
["I2953","LACRE DE SEGURANÇA TERMOPLÁSTICO C/ARAME, P.CAGECE","MIL",186.65,null,null,{"$f":"D2886","v":186.65}]
["I1328","LADRILHISTA","H",{"v":7.2,"d":"7.20"},{"v":15.5758,"d":"15.58"},"MO",{"$f":"E2887","v":{"v":15.5758,"d":"15.58"}}]
["I1332","LADRILHO HIDRAULICO DE UMA COR","M2",{"v":40.5,"d":"40.50"},null,null,{"$f":"D2888","v":{"v":40.5,"d":"40.50"}}]
["I7966","LAJE DE FUNDO P/ FOSSA DE D=1,20M, E=0,10M","UN",168.23,null,null,168.23]
["I8267","LAJE PRÉ-FABRICADA COMUM DE 8 cm P/ FÔRRO - VÃO ACIMA DE 4,01 m","M2",29.96,null,null,29.96]
["I8276","LAJE PRÉ-FABRICADA COMUM DE 8 cm P/ FÔRRO - VÃO ATÉ 2 m","M2",{"v":22,"d":"22.00"},null,null,{"v":22,"d":"22.00"}]
["I8265","LAJE PRÉ-FABRICADA COMUM DE 8 cm P/ FÔRRO - VÃO ATÉ 2,01 A 3 m","M2",{"v":25,"d":"25.00"},null,null,{"v":25,"d":"25.00"}]
["I8266","LAJE PRÉ-FABRICADA COMUM DE 8 cm P/ FÔRRO - VÃO DE 3,01 A 4 m","M2",{"v":27.5,"d":"27.50"},null,null,{"v":27.5,"d":"27.50"}]
["I8264","LAJE PRÉ-FABRICADA COMUM DE 8 cm P/ PISO - VÃO ACIMA DE 4,01 m","M2",{"v":31.5,"d":"31.50"},null,null,{"v":31.5,"d":"31.50"}]
["I8275","LAJE PRÉ-FABRICADA COMUM DE 8 cm P/ PISO - VÃO ATÉ 2 m","M2",{"v":24.2,"d":"24.20"},null,null,{"v":24.2,"d":"24.20"}]
["I8262","LAJE PRÉ-FABRICADA COMUM DE 8 cm P/ PISO - VÃO DE 2,01 A 3 m","M2",27.73,null,null,27.73]
["I8263","LAJE PRÉ-FABRICADA COMUM DE 8 cm P/ PISO - VÃO DE 3,01 A 4 m","M2",{"v":28,"d":"28.00"},null,null,{"v":28,"d":"28.00"}]
["I1339","LAJE PRE-FABRICADA DE 8CM","M2",{"v":22,"d":"22.00"},null,null,{"v":22,"d":"22.00"}]
["I8285","LAJE PRÉ-FABRICADA TRELIÇADA P/ FÔRRO, DE 12 cm DE ALTURA E 4 cm DE CAPEADO - VÃO ACIMA DE 5,01 m","M2",{"v":40,"d":"40.00"},null,null,{"v":40,"d":"40.00"}]
["I8282","LAJE PRÉ-FABRICADA TRELIÇADA P/ FÔRRO, DE 8 cm DE ALTURA E 2 cm DE CAPEADO - VÃO ATÉ 3 m","M2",{"v":30,"d":"30.00"},null,null,{"v":30,"d":"30.00"}]
["I8283","LAJE PRÉ-FABRICADA TRELIÇADA P/ FÔRRO, DE 8 cm DE ALTURA E 2 cm DE CAPEADO - VÃO DE 3,01 A 4,0 m","M2",{"v":32,"d":"32.00"},null,null,{"v":32,"d":"32.00"}]
["I8284","LAJE PRÉ-FABRICADA TRELIÇADA P/ FÔRRO, DE 8 cm DE ALTURA E 2 cm DE CAPEADO - VÃO DE 4,01 A 5,0 m","M2",35.93,null,null,35.93]
["I8281","LAJE PRÉ-FABRICADA TRELIÇADA P/ PISO, DE 12 cm DE ALTURA E 4 cm DE CAPEADO - VÃO ACIMA 5,01 m","M2",44.63,null,null,44.63]
["I8277","LAJE PRÉ-FABRICADA TRELIÇADA P/ PISO, DE 8 cm DE ALTURA E 2 cm DE CAPEADO - VÃO ATÉ 2 m","M2",{"v":32,"d":"32.00"},null,null,{"v":32,"d":"32.00"}]
["I8278","LAJE PRÉ-FABRICADA TRELIÇADA P/ PISO, DE 8 cm DE ALTURA E 2 cm DE CAPEADO - VÃO DE 2,01 A 3,0 m","M2",{"v":35.7,"d":"35.70"},null,null,{"v":35.7,"d":"35.70"}]
["I8279","LAJE PRÉ-FABRICADA TRELIÇADA P/ PISO, DE 8 cm DE ALTURA E 2 cm DE CAPEADO - VÃO DE 3,01 A 4,0 m","M2",{"v":39.9,"d":"39.90"},null,null,{"v":39.9,"d":"39.90"}]
["I8280","LAJE PRÉ-FABRICADA TRELIÇADA P/ PISO, DE 8 cm DE ALTURA E 2 cm DE CAPEADO - VÃO DE 4,01 A 5,0 m","M2",41.33,null,null,41.33]
["I1341","LAJOTA PRE-MOLDADA DE CONCRETO E = 5cm","M2",{"v":19.5,"d":"19.50"},null,null,{"v":19.5,"d":"19.50"}]
["I2480","LAMBRI 7x1cm EM ANGELIM","M2",71.27,null,null,71.27]
["I2372","LÂMINA DE SERRA PARA PVC","UN",{"v":5.8,"d":"5.80"},null,null,{"v":5.8,"d":"5.80"}]
["I1342","LAMINADO MELAMINICO,  ESP.=1MM","M2",27.94,null,null,27.94]
["I7388","LÂMPADA 30W-6.6A, BASE MÉDIUM PREFOCUS","UN",{"v":113.9,"d":"113.90"},null,null,{"v":113.9,"d":"113.90"}]
["I7389","LÂMPADA 45W-6.6A, BASE MÉDIUM PREFOCUS","UN",{"v":113.9,"d":"113.90"},null,null,{"v":113.9,"d":"113.90"}]
["I1462","LÂMPADA DE SEGURANÇA RED. STANDART 13,9CM","UN",288.03,null,null,288.03]
["I7924","LÂMPADA FLUORESCENTE 32W/3000K MAIS REATOR ELETRÔNICO FIXADOS SOBRE LANÇA","UN",34.47,null,null,34.47]
["I1463","LÂMPADA FLUORESCENTE DE 16W","UN",{"v":8.6,"d":"8.60"},null,null,{"v":8.6,"d":"8.60"}]
["I1464","LÂMPADA FLUORESCENTE DE 32 W","UN",{"v":8.6,"d":"8.60"},null,null,{"v":8.6,"d":"8.60"}]
["I1465","LÂMPADA FLUORESCENTE PL - 13W","UN",11.55,null,null,11.55]
["I1466","LÂMPADA FLUORESCENTE PL - 15W","UN",{"v":12.3,"d":"12.30"},null,null,{"v":12.3,"d":"12.30"}]
["I1467","LÂMPADA FLUORESCENTE PL - 9W","UN",11.55,null,null,11.55]
["I1468","LÂMPADA FLURESCENTE PL - 18W","UN",{"v":12.3,"d":"12.30"},null,null,{"v":12.3,"d":"12.30"}]
["I1469","LÂMPADA HALOGENA DE 1000W","UN",{"v":33,"d":"33.00"},null,null,{"v":33,"d":"33.00"}]
["I1470","LÂMPADA HALOGENA, DUPLO ENVELOPE DE 500W","UN",36.37,null,null,36.37]
["I2373","LÂMPADA INCANDECENTE DE 100W","UN",2.03,null,null,2.03]
["I1471","LÂMPADA INCANDESCENTE ( 25 A 100 )W","UN",{"v":2,"d":"2.00"},null,null,{"v":2,"d":"2.00"}]
["I1472","LÂMPADA INCANDESCENTE 60W","UN",{"v":2,"d":"2.00"},null,null,{"v":2,"d":"2.00"}]
["I1473","LÂMPADA MISTA DE 160 A 500W","UN",{"v":56.5,"d":"56.50"},null,null,{"v":56.5,"d":"56.50"}]
["I1474","LÂMPADA MISTA DE 160W","UN",{"v":15.8,"d":"15.80"},null,null,{"v":15.8,"d":"15.80"}]
["I1475","LÂMPADA MULTIVAPORES METALICOS 2000W","UN",{"v":823,"d":"823.00"},null,null,{"v":823,"d":"823.00"}]
["I1476","LÂMPADA SINALIZADORAS ATE 5W","UN",8.01,null,null,8.01]
["I1477","LÂMPADA VAPOR DE MERCURIO 250W","UN",28.04,null,null,28.04]
["I1478","LÂMPADA VAPOR DE MERCURIO 400W/220V","UN",{"v":44.4,"d":"44.40"},null,null,{"v":44.4,"d":"44.40"}]
["I1479","LÂMPADA VAPOR DE SÓDIO 220W","UN",{"v":44.3,"d":"44.30"},null,null,{"v":44.3,"d":"44.30"}]
["I1480","LÂMPADA VAPOR DE SÓDIO 360W","UN",{"v":49.4,"d":"49.40"},null,null,{"v":49.4,"d":"49.40"}]
["I1481","LÂMPADA VAPOR DE SÓDIO 70W","UN",{"v":30.9,"d":"30.90"},null,null,{"v":30.9,"d":"30.90"}]
["I1482","LÂMPADA VAPOR MERCURIO 160W","UN",{"v":29.4,"d":"29.40"},null,null,{"v":29.4,"d":"29.40"}]
["I8351","LÂMPADA VAPOR METÁLICO 70W","UN",44.12,null,null,44.12]
["I1483","LÂMPADA VAPOR METÁLICO DE 1000W","UN",528.05,null,null,528.05]
["I1484","LÂMPADA VAPOR METÁLICO DE 150W/220V","UN",{"v":67.9,"d":"67.90"},null,null,{"v":67.9,"d":"67.90"}]
["I1485","LÂMPADA VAPOR METÁLICO DE 2000W","UN",{"v":589.7,"d":"589.70"},null,null,{"v":589.7,"d":"589.70"}]
["I1486","LÂMPADA VAPOR METÁLICO DE 250W/220V","UN",{"v":78.6,"d":"78.60"},null,null,{"v":78.6,"d":"78.60"}]
["I1487","LÂMPADA VAPOR METÁLICO DE 400W/220V","UN",{"v":109.6,"d":"109.60"},null,null,{"v":109.6,"d":"109.60"}]
["I6737","LAVA OLHOS DE EMERGÊNCIA C/ CUBA FLEXÍVEL E CHUVEIRO P/ LABORATÓRIO","UN",{"v":1137.5,"d":"1,137.50"},null,null,{"v":1137.5,"d":"1,137.50"}]
["I2481","LAVANDERIA DE MARMORITE 1,10x0,60m","UN",202.93,null,null,202.93]
["I8637","LAVATÓRIO COM COLUNA SUSPENSA","UN",{"v":277.8,"d":"277.80"},null,null,{"v":277.8,"d":"277.80"}]
["I1343","LAVATÓRIO DE LOUÇA BRANCA COM COLUNA","UN",163.97,null,null,163.97]
["I1344","LAVATÓRIO DE LOUÇA BRANCA SEM COLUNA","UN",72.31,null,null,72.31]
["I6018","LEITO EM FIBRA DE VIDRO 0,30 x 0,10 x 3,00m","UN",999.63,null,null,999.63]
["I6019","LEITO EM FIBRA DE VIDRO 0,50 x 0,10 x 3,00m","UN",{"v":1658.68,"d":"1,658.68"},null,null,{"v":1658.68,"d":"1,658.68"}]
["I6374","LEITORA DE CARTÃO TECNOLOGIA DE PROXIMIDADE","UN",{"v":3294.46,"d":"3,294.46"},null,null,{"v":3294.46,"d":"3,294.46"}]
["I7529","LEITORA DE CARTÕES","UN",{"v":1372.7,"d":"1,372.70"},null,null,{"v":1372.7,"d":"1,372.70"}]
["I0175","LEVANTAMENTO BATIMÉTRICO","M2",0.44,null,null,{"$f":"D2952","v":0.44}]
["I7525","LICENÇA PLACA JAM ETHERNET","UN",479.59,null,null,479.59]
["I2367","LINHA DE MADEIRA DE LEI DE 6\"x3\"","M",{"v":31.5,"d":"31.50"},null,null,{"v":31.5,"d":"31.50"}]
["I6519","LINHA DE MASSARANDUBA 12 x 6 CM ( 5\" x 2 1/2\")","M",21.88,null,null,21.88]
["I6509","LINHA DE MASSARANDUBA 14 x 7 CM ( 6\" x 3\")","M",{"v":31.5,"d":"31.50"},null,null,{"v":31.5,"d":"31.50"}]
["I2368","LINHA DE NYLON REF. 050","KG",{"v":57.2,"d":"57.20"},null,null,{"v":57.2,"d":"57.20"}]
["I2369","LINHA EM MADEIRA DE LEI DE 4\"x2\"","M",{"v":14,"d":"14.00"},null,null,{"v":14,"d":"14.00"}]
["I2370","LINHA EM MADEIRA DE LEI DE 5\"x2.1/2\"","M",21.88,null,null,21.88]
["I6165","LIQUIBRILHO INCOLOR","L",14.91,null,null,14.91]
["I1488","LÍQUIDO PREPARADOR DE SUPERFICIES","L",16.64,null,null,16.64]
["I1489","LÍQUIDO SELADOR IF","L",{"v":7.1,"d":"7.10"},null,null,{"v":7.1,"d":"7.10"}]
["I1490","LÍQUIDO SELADOR PARA PINTURA LATEX","L",10.04,null,null,10.04]
["I8627","LIXA D'ÁGUA N.100","UN",1.08,null,null,1.08]
["I1345","LIXA DE CARBURETO DE SILÍCIO DE 7''","UN",3.94,null,null,3.94]
["I1346","LIXA PARA FERRO","UN",2.23,null,null,2.23]
["I1347","LIXA PARA MADEIRA/MASSA","UN",0.55,null,null,0.55]
["I8426","LIXADEIRA","H",{"v":0.1,"d":"0.10"},null,null,{"$f":"D2968","v":{"v":0.1,"d":"0.10"}}]
["I0974","LIXEIRA EM FIBRA DE VIDRO CAP.=40L E DIAM.=35cm","UN",{"v":221,"d":"221.00"},null,null,{"v":221,"d":"221.00"}]
["I9070","LOCAÇÃO DE CUBETAS (61X61)CM H=21CM, PARA LAJE NERVURADA - FORNECIMENTO","M2XMÊS",{"v":5,"d":"5.00"},null,null,{"v":5,"d":"5.00"}]
["I0499","LOCAÇÃO DE JAZIDAS EM MAR","M2",0.51,null,null,0.51]
["I0472","LOCAÇÃO DE OBRAS EM MAR","M2",0.44,null,null,0.44]
["I9081","LOCAÇÃO MENSAL DE CIMBRAMENTO P/ LAJES NERVURADAS","M2XMÊS",{"v":8,"d":"8.00"},null,null,{"v":8,"d":"8.00"}]
["I8395","LONA C/ APLICAÇÃO DE ILHOSES E LACRES, IMPRESSA C/ LOGOMARCAS E DESCRIÇÃO DA OBRA","M2",79.39,null,null,{"$f":"D2974","v":79.39}]
["I1348","LONA PLASTICA PRETA","M2",{"v":2.1,"d":"2.10"},null,null,{"v":2.1,"d":"2.10"}]
["I1350","LUBRIFICANTE PARA TUBO DE FERRO FUNDIDO","KG",{"v":42,"d":"42.00"},null,null,{"v":42,"d":"42.00"}]
["I1351","LUBRIFICANTE PARA TUBO DE PVC","KG",{"v":33,"d":"33.00"},null,null,{"v":33,"d":"33.00"}]
["I1353","LUM.REFLETORA C/LAMP. DICROICA 50W","UN",22.73,null,null,22.73]
["I1354","LUMINARIA A PROVA DE TEMPO, VAPOR, ETC","UN",{"v":46.1,"d":"46.10"},null,null,{"v":46.1,"d":"46.10"}]
["I6697","LUMINARIA ALTO RENDIMENTO, CORPO EM ALUMINIO FUNDIDO MOD. TP-295 VP-40 FAB.TROPICO OU SUMILAR","UN",345.38,null,null,345.38]
["I7932","LUMINÁRIA APLICADA NAS LATERAIS DAS PAREDES EXPOSITORAS EM CHAPA DE AÇO PINTADA COM REFLETOR DE ALUMÍNIO ANODIZADO ALTO BRILHO E DIFUSOR EM VIDRO TRANSPARENTE TEMPERADO COM PONTO DE LUZ DE 300W A 2M DO PISO","UN",246.65,null,null,246.65]
["I7921","LUMINÁRIA CILÍNDRICA DE EMBUTIR COM ANEL DE ARREMATE EM ALUMÍNIO ANODIZADO E PINTADO POR PROCESSO ELETROSTÁTICO COM REFLETOR EM ALUMÍNIO ANODIZADO ALTO BRILHO COM CONTROLE ANTIOFUSCAMENTO PARA LÂMPADA FLUORESCENTE COMPACTA DE 23W","UN",102.78,null,null,102.78]
["I7930","LUMINÁRIA DE APLICAR EM CHAPA DE AÇO TRATADA E PINTADA EM EPÓXI BRANCO COM REFLETOR PARABÓLICO EM CHAPA DE ALUMÍNIO ANODIZADO ALTO BRILHO PARA LÂMPADA FLUORESCENTE 1X32W COR QUENTE MAIS REATOR AFP-PR","UN",109.62,null,null,109.62]
["I7922","LUMINÁRIA DE EMBUTIR COM ANEL DE ARREMATE EM ALUMÍNIO ANODIZADO E PINTADO POR PROCESSO ELETROSTÁTICO COM REFLETOR EM ALUMÍNIO ANODIZADO ALTO BRILHO COM CONTROLE ANTIOFUSCAMENTO PARA LÂMPADA FLUORESCENTE COMPACTA DE 26W","UN",102.78,null,null,102.78]
["I7923","LUMINÁRIA DE EMBUTIR COM ANEL DE ARREMATE EM ALUMÍNIO ANODIZADO E PINTADO POR PROCESSO ELETROSTÁTICO PARA LÂMPADA DICRÓICA DE 50W","UN",{"v":67.2,"d":"67.20"},null,null,{"v":67.2,"d":"67.20"}]
["I8394","LUMINÁRIA DE EMBUTIR CORPO E GRADE DE PROTEÇÃO EM LIGA DE ALUMÍNIO FUNDIDO, REFLETOR EM CHAPA DE ALUMÍNIO ANODIZADO","UN",{"v":84.8,"d":"84.80"},null,null,{"v":84.8,"d":"84.80"}]
["I8353","LUMINÁRIA DE EMBUTIR EM TETO, CIRCULAR, CORPO EM ALUM. ANOD. C/ LÂMPADA HQI DE 70W","UN",31.41,null,null,31.41]
["I8246","LUMINÁRIA DE EMERGÊNCIA","UN",252.78,null,null,252.78]
["I8350","LUMINÁRIA DE PISO MÓVEL, CORPO EM ALUMÍNIO, REFLETOR EM ALUM. ANOD. C/ PROTETOR DE VIDRO EM GRADE DE ALUMÍNIO","UN",{"v":48.6,"d":"48.60"},null,null,{"v":48.6,"d":"48.60"}]
["I6698","LUMINARIA DECORATIVA, CORPO EM ALUMINIO FUNDIDO MOD.TPD-288 VP-40 FAB.TROPICO OU SUMILAR","UN",286.33,null,null,286.33]
["I7399","LUMINÁRIA ELEVADA MÉDIA INTENSIDADE SN-05","UN",257.41,null,null,257.41]
["I1358","LUMINARIA FECHADA C/ LENTE DE VIDRO","UN",134.98,null,null,134.98]
["I2371","LUMINARIA FECHADA DO TIPO INCORPA LP 14/2","UN",79.28,null,null,79.28]
["I1359","LUMINARIA FECHADA P/MURO C/LAMPADA,TIPO\"TROPICOS\"","UN",{"v":41.7,"d":"41.70"},null,null,{"v":41.7,"d":"41.70"}]
["I1360","LUMINARIA FLUOR. 1X20W COMPLETA C/ LAMPADA","UN",{"v":36.5,"d":"36.50"},null,null,{"v":36.5,"d":"36.50"}]
["I1361","LUMINARIA FLUOR. 1X40W COMPLETA C/ LAMPADA","UN",37.38,null,null,37.38]
["I1362","LUMINARIA FLUOR. 3X40 W COMPLETA C/ LAMPADA","UN",71.27,null,null,71.27]
["I1363","LUMINARIA FLUORESCENTE 2X20W COMPLETA COM LAMPADA","UN",{"v":46,"d":"46.00"},null,null,{"v":46,"d":"46.00"}]
["I1364","LUMINARIA FLUORESCENTE 2X40W COMPLETA COM LAMPADA","UN",57.77,null,null,57.77]
["I1365","LUMINARIA FLUORESCENTE 2X65W COMPLETA COM LAMPADA","UN",131.47,null,null,131.47]
["I1366","LUMINARIA FLUORESCENTE 4X20W COMPLETA COM LAMPADA","UN",87.33,null,null,87.33]
["I1367","LUMINARIA FLUORESCENTE 4X40W COMPLETA COM LAMPADA","UN",120.07,null,null,120.07]
["I1368","LUMINARIA FLUORESCENTE COMPLETA ( 1 X 16 )W","UN",38.95,null,null,38.95]
["I1369","LUMINARIA FLUORESCENTE COMPLETA ( 1 X 32 )W","UN",55.36,null,null,55.36]
["I1370","LUMINARIA FLUORESCENTE COMPLETA ( 2 X 16 )W","UN",{"v":61.2,"d":"61.20"},null,null,{"v":61.2,"d":"61.20"}]
["I1371","LUMINARIA FLUORESCENTE COMPLETA ( 2 X 32 )W","UN",94.63,null,null,94.63]
["I1372","LUMINARIA FLUORESCENTE COMPLETA ( 4 X 16 )W","UN",146.36,null,null,146.36]
["I1373","LUMINARIA FLUORESCENTE COMPLETA ( 4 X 32 )W","UN",190.57,null,null,190.57]
["I1374","LUMINARIA PAREDE, TIPO ARANDELA","UN",{"v":26.7,"d":"26.70"},null,null,{"v":26.7,"d":"26.70"}]
["I7929","LUMINÁRIA QUADRADA EMBUTIDA NA PAREDE PARA LÂMPADA FLUORESCENTE COMPACTA 2X26W EM ALUMÍNIO FUNDIDO E PINTADO POR PROCESSO ELETROSTÁTICO COM REFLETOR EM ALUMÍNIO ANODIZADO ALTO BRILHO E DIFUSOR EM VIDRO TRANSPARENTE PRISMÁTICO","UN",390.51,null,null,390.51]
["I1375","LUMINARIA REF.TPD-285,FAB.TROPICO","UN",619.18,null,null,619.18]
["I1352","LUMINARIA REFLETORA C/LAMP. DICROICA 75W","UN",{"v":41.7,"d":"41.70"},null,null,{"v":41.7,"d":"41.70"}]
["I1376","LUMINARIA REFLETORA SIMPLES COM VIDRO","UN",{"v":44.3,"d":"44.30"},null,null,{"v":44.3,"d":"44.30"}]
["I1377","LUMINARIA SPOT DIRECIONAL C/BRACO","UN",{"v":37.2,"d":"37.20"},null,null,{"v":37.2,"d":"37.20"}]
["I1378","LUMINARIA TIPO GLOBO DE VIDRO","UN",{"v":35.9,"d":"35.90"},null,null,{"v":35.9,"d":"35.90"}]
["I1379","LUMINARIA TIPO GLOBO PLASTICO","UN",{"v":15.3,"d":"15.30"},null,null,{"v":15.3,"d":"15.30"}]
["I6793","LUMINÁRIA TIPO PÉTALA FAB.REEME REF.: ZE-157 OU SIMILAR","UN",{"v":255.9,"d":"255.90"},null,null,{"v":255.9,"d":"255.90"}]
["I1380","LUMINARIA TIPO SPOT SIMPLES","UN",{"v":11.1,"d":"11.10"},null,null,{"v":11.1,"d":"11.10"}]
["I3921","LUVA  CORRER JUNTA MECÂNICA DN 100","UN",448.25,null,null,448.25]
["I3934","LUVA  CORRER JUNTA MECÂNICA DN 1000","UN",{"v":18563.58,"d":"18,563.58"},null,null,{"v":18563.58,"d":"18,563.58"}]
["I3935","LUVA  CORRER JUNTA MECÂNICA DN 1200","UN",{"v":21785.31,"d":"21,785.31"},null,null,{"v":21785.31,"d":"21,785.31"}]
["I3922","LUVA  CORRER JUNTA MECÂNICA DN 150","UN",550.26,null,null,550.26]
["I3923","LUVA  CORRER JUNTA MECÂNICA DN 200","UN",666.96,null,null,666.96]
["I3924","LUVA  CORRER JUNTA MECÂNICA DN 250","UN",{"v":1056.97,"d":"1,056.97"},null,null,{"v":1056.97,"d":"1,056.97"}]
["I3925","LUVA  CORRER JUNTA MECÂNICA DN 300","UN",{"v":1618.35,"d":"1,618.35"},null,null,{"v":1618.35,"d":"1,618.35"}]
["I3926","LUVA  CORRER JUNTA MECÂNICA DN 350","UN",{"v":2317.04,"d":"2,317.04"},null,null,{"v":2317.04,"d":"2,317.04"}]
["I3927","LUVA  CORRER JUNTA MECÂNICA DN 400","UN",{"v":2361.98,"d":"2,361.98"},null,null,{"v":2361.98,"d":"2,361.98"}]
["I3928","LUVA  CORRER JUNTA MECÂNICA DN 450","UN",{"v":3163.53,"d":"3,163.53"},null,null,{"v":3163.53,"d":"3,163.53"}]
["I3919","LUVA  CORRER JUNTA MECÂNICA DN 50","UN",238.74,null,null,238.74]
["I3929","LUVA  CORRER JUNTA MECÂNICA DN 500","UN",{"v":3890.04,"d":"3,890.04"},null,null,{"v":3890.04,"d":"3,890.04"}]
["I3930","LUVA  CORRER JUNTA MECÂNICA DN 600","UN",{"v":7180.32,"d":"7,180.32"},null,null,{"v":7180.32,"d":"7,180.32"}]
["I3931","LUVA  CORRER JUNTA MECÂNICA DN 700","UN",{"v":12491.37,"d":"12,491.37"},null,null,{"v":12491.37,"d":"12,491.37"}]
["I3920","LUVA  CORRER JUNTA MECÂNICA DN 75","UN",316.68,null,null,316.68]
["I7132","LUVA  CORRER JUNTA MECÂNICA DN 80","UN",426.89,null,null,426.89]
["I3932","LUVA  CORRER JUNTA MECÂNICA DN 800","UN",{"v":13624.36,"d":"13,624.36"},null,null,{"v":13624.36,"d":"13,624.36"}]
["I3933","LUVA  CORRER JUNTA MECÂNICA DN 900","UN",{"v":14894.65,"d":"14,894.65"},null,null,{"v":14894.65,"d":"14,894.65"}]
["I4938","LUVA  HASTE DN 1","UN",{"v":540.3,"d":"540.30"},null,null,{"v":540.3,"d":"540.30"}]
["I4939","LUVA  HASTE DN 2","UN",578.87,null,null,{"$f":"D3038","v":578.87}]
["I4940","LUVA  HASTE DN 3","UN",734.17,null,null,734.17]
["I4941","LUVA  HASTE DN 4","UN",727.08,null,null,727.08]
["I1385","LUVA AÇO GALVANIZADO 3 X 2 1/2''","UN",{"v":44.7,"d":"44.70"},null,null,{"v":44.7,"d":"44.70"}]
["I1386","LUVA AÇO GALVANIZADO 3/4 X 1/2''","UN",{"v":5.2,"d":"5.20"},null,null,{"v":5.2,"d":"5.20"}]
["I1387","LUVA AÇO GALVANIZADO DE 1 1/4''","UN",{"v":7,"d":"7.00"},null,null,{"v":7,"d":"7.00"}]
["I1388","LUVA AÇO GALVANIZADO DE 2 1/2''","UN",25.07,null,null,25.07]
["I1389","LUVA AÇO GALVANIZADO DE 2''","UN",{"v":20,"d":"20.00"},null,null,{"v":20,"d":"20.00"}]
["I8661","LUVA AÇO GALVANIZADO DE 3\"","UN",32.77,null,null,32.77]
["I1390","LUVA AÇO GALVANIZADO DE 4''","UN",78.76,null,null,78.76]
["I1391","LUVA BIPARTIDA FERRO FUNDIDO 100MM (4'')","UN",{"v":103.9,"d":"103.90"},null,null,{"v":103.9,"d":"103.90"}]
["I1392","LUVA BIPARTIDA FERRO FUNDIDO 150MM (6'')","UN",{"v":185.7,"d":"185.70"},null,null,{"v":185.7,"d":"185.70"}]
["I1393","LUVA BIPARTIDA FERRO FUNDIDO 50MM (2'')","UN",{"v":71.2,"d":"71.20"},null,null,{"v":71.2,"d":"71.20"}]
["I1394","LUVA BIPARTIDA FERRO FUNDIDO 75MM (3'')","UN",{"v":90.6,"d":"90.60"},null,null,{"v":90.6,"d":"90.60"}]
["I7620","LUVA BIPARTIDA P/BOLSAS DN 200","UN",{"v":1017.84,"d":"1,017.84"},null,null,{"v":1017.84,"d":"1,017.84"}]
["I7621","LUVA BIPARTIDA P/BOLSAS DN 250","UN",{"v":2459.69,"d":"2,459.69"},null,null,{"v":2459.69,"d":"2,459.69"}]
["I7622","LUVA BIPARTIDA P/BOLSAS DN 300","UN",{"v":3348.32,"d":"3,348.32"},null,null,{"v":3348.32,"d":"3,348.32"}]
["I7623","LUVA BIPARTIDA P/BOLSAS DN 350","UN",{"v":3886.96,"d":"3,886.96"},null,null,{"v":3886.96,"d":"3,886.96"}]
["I7624","LUVA BIPARTIDA P/BOLSAS DN 400","UN",{"v":5025.29,"d":"5,025.29"},null,null,{"v":5025.29,"d":"5,025.29"}]
["I7625","LUVA BIPARTIDA P/BOLSAS DN 450","UN",{"v":5263.3,"d":"5,263.30"},null,null,{"v":5263.3,"d":"5,263.30"}]
["I7626","LUVA BIPARTIDA P/BOLSAS DN 500","UN",{"v":5277.31,"d":"5,277.31"},null,null,{"v":5277.31,"d":"5,277.31"}]
["I7627","LUVA BIPARTIDA P/BOLSAS DN 600","UN",{"v":6708.79,"d":"6,708.79"},null,null,{"v":6708.79,"d":"6,708.79"}]
["I1395","LUVA BOLSAXBOLSA FERRO FUNDIDO 100MM (4'')","UN",129.71,null,null,129.71]
["I1396","LUVA BOLSAXBOLSA FERRO FUNDIDO 150MM (6'')","UN",165.96,null,null,165.96]
["I1397","LUVA BOLSAXBOLSA FERRO FUNDIDO 50MM (2'')","UN",18.07,null,null,18.07]
["I1398","LUVA BOLSAXBOLSA FERRO FUNDIDO 75MM (3'')","UN",24.57,null,null,24.57]
["I1399","LUVA DE BORRACHA PARA ALTA TENSAO 15KV","UN",{"v":222.6,"d":"222.60"},null,null,{"v":222.6,"d":"222.60"}]
["I3002","LUVA DE CORRER OCRE DN 100","UN",8.25,null,null,8.25]
["I3003","LUVA DE CORRER OCRE DN 125","UN",{"v":24.3,"d":"24.30"},null,null,{"v":24.3,"d":"24.30"}]
["I3004","LUVA DE CORRER OCRE DN 150","UN",{"v":28,"d":"28.00"},null,null,{"v":28,"d":"28.00"}]
["I3005","LUVA DE CORRER OCRE DN 200","UN",{"v":44,"d":"44.00"},null,null,{"v":44,"d":"44.00"}]
["I3006","LUVA DE CORRER OCRE DN 250","UN",82.25,null,null,82.25]
["I3007","LUVA DE CORRER OCRE DN 300","UN",{"v":186,"d":"186.00"},null,null,{"v":186,"d":"186.00"}]
["I3008","LUVA DE CORRER OCRE DN 350","UN",242.84,null,null,242.84]
["I3009","LUVA DE CORRER OCRE DN 400","UN",281.28,null,null,281.28]
["I6892","LUVA DE CORRER OCRE JEI DN 100","UN",10.17,null,null,10.17]
["I6893","LUVA DE CORRER OCRE JEI DN 150","UN",{"v":22.6,"d":"22.60"},null,null,{"v":22.6,"d":"22.60"}]
["I6894","LUVA DE CORRER OCRE JEI DN 200","UN",74.44,null,null,74.44]
["I6895","LUVA DE CORRER OCRE JEI DN 250","UN",128.35,null,null,128.35]
["I6896","LUVA DE CORRER OCRE JEI DN 300","UN",185.22,null,null,185.22]
["I6897","LUVA DE CORRER OCRE JEI DN 350","UN",244.99,null,null,244.99]
["I6898","LUVA DE CORRER OCRE JEI DN 400","UN",{"v":289.4,"d":"289.40"},null,null,{"v":289.4,"d":"289.40"}]
["I3125","LUVA DE CORRER PBA DN 100","UN",{"v":43,"d":"43.00"},null,null,{"v":43,"d":"43.00"}]
["I3123","LUVA DE CORRER PBA DN 50","UN",10.71,null,null,10.71]
["I3124","LUVA DE CORRER PBA DN 75","UN",{"v":17,"d":"17.00"},null,null,{"v":17,"d":"17.00"}]
["I3127","LUVA DE CORRER PVC DEFoFo DN 100","UN",47.25,null,null,47.25]
["I3128","LUVA DE CORRER PVC DEFoFo DN 150","UN",{"v":71.4,"d":"71.40"},null,null,{"v":71.4,"d":"71.40"}]
["I3129","LUVA DE CORRER PVC DEFoFo DN 200","UN",{"v":115,"d":"115.00"},null,null,{"v":115,"d":"115.00"}]
["I3130","LUVA DE CORRER PVC DEFoFo DN 250","UN",{"v":174,"d":"174.00"},null,null,{"v":174,"d":"174.00"}]
["I3131","LUVA DE CORRER PVC DEFoFo DN 300","UN",{"v":356.5,"d":"356.50"},null,null,{"v":356.5,"d":"356.50"}]
["I1401","LUVA DE PVC PARA ELETRODUTO 2 1/2''","UN",{"v":10.2,"d":"10.20"},null,null,{"v":10.2,"d":"10.20"}]
["I1402","LUVA DE PVC PARA ELETRODUTO 3''","UN",{"v":13.5,"d":"13.50"},null,null,{"v":13.5,"d":"13.50"}]
["I1403","LUVA DE PVC PARA ELETRODUTO 4''","UN",25.77,null,null,25.77]
["I1404","LUVA DE PVC RIGIDO PARA ELETRODUTO 1 1/2''","UN",2.25,null,null,2.25]
["I1405","LUVA DE PVC RIGIDO PARA ELETRODUTO 1 1/4''","UN",1.93,null,null,1.93]
["I1406","LUVA DE PVC RIGIDO PARA ELETRODUTO 1''","UN",1.25,null,null,1.25]
["I1407","LUVA DE PVC RIGIDO PARA ELETRODUTO 1/2''","UN",{"v":0.7,"d":"0.70"},null,null,{"v":0.7,"d":"0.70"}]
["I1408","LUVA DE PVC RIGIDO PARA ELETRODUTO 2''","UN",3.56,null,null,3.56]
["I1409","LUVA DE PVC RIGIDO PARA ELETRODUTO 3/4''","UN",0.83,null,null,0.83]
["I6357","LUVA DE REDUÇÃO AÇO GALVANIZADO COM ROSCA DN 3x2\"","UN",34.48,null,null,34.48]
["I8664","LUVA DE REDUÇÃO DE AÇO GALV. 2\"x1/2\"","UN",{"v":7.5,"d":"7.50"},null,null,{"v":7.5,"d":"7.50"}]
["I6265","LUVA DE UNIÃO F. GALV. COM ROSCA DN 2\"","UN",{"v":37.2,"d":"37.20"},null,null,{"v":37.2,"d":"37.20"}]
["I7384","LUVA DE UNIÃO FG DN 2\"","UN",{"v":42,"d":"42.00"},null,null,{"v":42,"d":"42.00"}]
["I1434","LUVA DUPLA PVC ESGOTO 100MM","UN",{"v":8.6,"d":"8.60"},null,null,{"v":8.6,"d":"8.60"}]
["I1435","LUVA DUPLA PVC ESGOTO 50MM","UN",{"v":4,"d":"4.00"},null,null,{"$f":"D3102","v":{"v":4,"d":"4.00"}}]
["I1436","LUVA DUPLA PVC ESGOTO 75MM","UN",6.97,null,null,6.97]
["I5806","LUVA EDUTOR PVC DN 40","UN",{"v":339.6,"d":"339.60"},null,null,{"v":339.6,"d":"339.60"}]
["I5807","LUVA EDUTOR PVC DN 50","UN",496.13,null,null,496.13]
["I8192","LUVA P/ PERFURATRIZ","UN",191.07,null,null,191.07]
["I6176","LUVA PARA CANALETA SISTEMA DLP 60MM X 50MM","UN",12.03,null,null,12.03]
["I6899","LUVA PVC PBS DN 160","UN",113.64,null,null,113.64]
["I1437","LUVA PVC ROSCAVEL DE 1 1/2''","UN",{"v":4.2,"d":"4.20"},null,null,{"v":4.2,"d":"4.20"}]
["I1438","LUVA PVC ROSCAVEL DE 1 1/4''","UN",{"v":4,"d":"4.00"},null,null,{"v":4,"d":"4.00"}]
["I1439","LUVA PVC ROSCAVEL DE 1''","UN",{"v":2,"d":"2.00"},null,null,{"v":2,"d":"2.00"}]
["I1440","LUVA PVC ROSCAVEL DE 1/2''","UN",{"v":0.7,"d":"0.70"},null,null,{"v":0.7,"d":"0.70"}]
["I1441","LUVA PVC ROSCAVEL DE 2 1/2''","UN",13.91,null,null,13.91]
["I1442","LUVA PVC ROSCAVEL DE 2''","UN",9.42,null,null,9.42]
["I1443","LUVA PVC ROSCAVEL DE 3''","UN",{"v":20.2,"d":"20.20"},null,null,{"v":20.2,"d":"20.20"}]
["I1444","LUVA PVC ROSCAVEL DE 3/4''","UN",{"v":1.1,"d":"1.10"},null,null,{"v":1.1,"d":"1.10"}]
["I1445","LUVA PVC ROSCAVEL DE 4''","UN",{"v":27.3,"d":"27.30"},null,null,{"v":27.3,"d":"27.30"}]
["I1446","LUVA PVC SOLDAVEL AZUL DE 20X1/2''","UN",{"v":3.7,"d":"3.70"},null,null,{"v":3.7,"d":"3.70"}]
["I1447","LUVA PVC SOLDAVEL AZUL DE 25X3/4''","UN",{"v":3.4,"d":"3.40"},null,null,{"v":3.4,"d":"3.40"}]
["I1410","LUVA PVC SOLDAVEL DE 20MM","UN",{"v":0.5,"d":"0.50"},null,null,{"v":0.5,"d":"0.50"}]
["I1411","LUVA PVC SOLDAVEL DE 25MM","UN",0.55,null,null,0.55]
["I1412","LUVA PVC SOLDAVEL DE 32MM","UN",{"v":1.2,"d":"1.20"},null,null,{"v":1.2,"d":"1.20"}]
["I1413","LUVA PVC SOLDAVEL DE 40MM","UN",{"v":2.7,"d":"2.70"},null,null,{"v":2.7,"d":"2.70"}]
["I1414","LUVA PVC SOLDAVEL DE 50MM","UN",{"v":3.2,"d":"3.20"},null,null,{"v":3.2,"d":"3.20"}]
["I1415","LUVA PVC SOLDAVEL DE 60MM","UN",{"v":8.6,"d":"8.60"},null,null,{"v":8.6,"d":"8.60"}]
["I1416","LUVA PVC SOLDAVEL DE 75MM","UN",{"v":11.7,"d":"11.70"},null,null,{"v":11.7,"d":"11.70"}]
["I1417","LUVA PVC SOLDAVEL DE 85MM","UN",{"v":30.2,"d":"30.20"},null,null,{"v":30.2,"d":"30.20"}]
["I1448","LUVA PVC SOLDAVEL/ROSCA DE 20X1/2''","UN",{"v":0.9,"d":"0.90"},null,null,{"v":0.9,"d":"0.90"}]
["I1449","LUVA PVC SOLDAVEL/ROSCA DE 25X3/4''","UN",1.17,null,null,1.17]
["I1450","LUVA PVC SOLDAVEL/ROSCA DE 32X1''","UN",{"v":2.3,"d":"2.30"},null,null,{"v":2.3,"d":"2.30"}]
["I1451","LUVA PVC SOLDAVEL/ROSCA DE 40X11/4''","UN",{"v":7.1,"d":"7.10"},null,null,{"v":7.1,"d":"7.10"}]
["I1452","LUVA PVC SOLDAVEL/ROSCA DE 50X1 1/2''","UN",8.79,null,null,8.79]
["I1418","LUVA REDUÇÃO AÇO GALV 1 1/4X1/2''","UN",8.03,null,null,8.03]
["I1419","LUVA REDUÇÃO AÇO GALV 4X2 1/2''","UN",{"v":63,"d":"63.00"},null,null,{"v":63,"d":"63.00"}]
["I1420","LUVA REDUÇÃO AÇO GALV 4X2''","UN",{"v":63,"d":"63.00"},null,null,{"v":63,"d":"63.00"}]
["I1421","LUVA REDUÇÃO AÇO GALV 4X3''","UN",79.89,null,null,79.89]
["I6900","LUVA REDUÇÃO PVC PBS C/ BOLSAS DN 150 x 100 mm","UN",129.14,null,null,129.14]
["I1455","LUVA REDUÇÃO PVC ROSCAVEL DE 1X3/4''","UN",{"v":2.1,"d":"2.10"},null,null,{"v":2.1,"d":"2.10"}]
["I1456","LUVA REDUÇÃO PVC ROSCAVEL DE 3/4X1/2''","UN",{"v":1.5,"d":"1.50"},null,null,{"v":1.5,"d":"1.50"}]
["I1453","LUVA REDUÇÃO PVC SOLD. AZUL DE 25X1/2''","UN",{"v":2.9,"d":"2.90"},null,null,{"v":2.9,"d":"2.90"}]
["I1454","LUVA REDUÇÃO PVC SOLD/ROSCA DE 25X1/2''","UN",1.43,null,null,1.43]
["I1422","LUVA REDUÇÃO PVC SOLDAVEL DE 110X60MM","UN",32.59,null,null,32.59]
["I1423","LUVA REDUÇÃO PVC SOLDAVEL DE 110X75MM","UN",{"v":38.5,"d":"38.50"},null,null,{"v":38.5,"d":"38.50"}]
["I1424","LUVA REDUÇÃO PVC SOLDAVEL DE 110X85MM","UN",{"v":36.9,"d":"36.90"},null,null,{"v":36.9,"d":"36.90"}]
["I1425","LUVA REDUÇÃO PVC SOLDAVEL DE 25X20MM","UN",{"v":0.9,"d":"0.90"},null,null,{"v":0.9,"d":"0.90"}]
["I1426","LUVA REDUÇÃO PVC SOLDAVEL DE 32X25MM","UN",{"v":2.2,"d":"2.20"},null,null,{"v":2.2,"d":"2.20"}]
["I1427","LUVA REDUÇÃO PVC SOLDAVEL DE 40X32MM","UN",{"v":2.3,"d":"2.30"},null,null,{"v":2.3,"d":"2.30"}]
["I1428","LUVA REDUÇÃO PVC SOLDAVEL DE 75X60MM","UN",{"v":11.5,"d":"11.50"},null,null,{"v":11.5,"d":"11.50"}]
["I1429","LUVA REDUÇÃO PVC SOLDAVEL DE 85X60MM","UN",18.98,null,null,18.98]
["I1430","LUVA REDUÇÃO PVC SOLDAVEL DE 85X75MM","UN",22.87,null,null,22.87]
["I6469","LUVA RETA PARA EMENDA DE ELETRODUTO DE AÇO ZINCADO DN 1 1/2\"","UN",4.15,null,null,4.15]
["I6468","LUVA RETA PARA EMENDA DE ELETRODUTO DE AÇO ZINCADO DN 1/2\"","UN",1.31,null,null,1.31]
["I7706","LUVA SIMPLES FoFo JTE DN 1000","UN",{"v":25257,"d":"25,257.00"},null,null,{"v":25257,"d":"25,257.00"}]
["I7707","LUVA SIMPLES FoFo JTE DN 1200","UN",{"v":26772.1,"d":"26,772.10"},null,null,{"v":26772.1,"d":"26,772.10"}]
["I7699","LUVA SIMPLES FoFo JTE DN 300","UN",{"v":2308.29,"d":"2,308.29"},null,null,{"v":2308.29,"d":"2,308.29"}]
["I7700","LUVA SIMPLES FoFo JTE DN 350","UN",{"v":3026.53,"d":"3,026.53"},null,null,{"v":3026.53,"d":"3,026.53"}]
["I7701","LUVA SIMPLES FoFo JTE DN 400","UN",{"v":3952.22,"d":"3,952.22"},null,null,{"v":3952.22,"d":"3,952.22"}]
["I7702","LUVA SIMPLES FoFo JTE DN 500","UN",{"v":5345.25,"d":"5,345.25"},null,null,{"v":5345.25,"d":"5,345.25"}]
["I7703","LUVA SIMPLES FoFo JTE DN 600","UN",{"v":7916.89,"d":"7,916.89"},null,null,{"v":7916.89,"d":"7,916.89"}]
["I7704","LUVA SIMPLES FoFo JTE DN 700","UN",{"v":14173.87,"d":"14,173.87"},null,null,{"v":14173.87,"d":"14,173.87"}]
["I7705","LUVA SIMPLES FoFo JTE DN 800","UN",{"v":16827.54,"d":"16,827.54"},null,null,{"v":16827.54,"d":"16,827.54"}]
["I3904","LUVA SIMPLES FoFo JUNTA ELASTICA DN 100","UN",174.42,null,null,174.42]
["I3916","LUVA SIMPLES FoFo JUNTA ELASTICA DN 1000","UN",{"v":8753.27,"d":"8,753.27"},null,null,{"v":8753.27,"d":"8,753.27"}]
["I3918","LUVA SIMPLES FoFo JUNTA ELASTICA DN 1200","UN",{"v":9453.45,"d":"9,453.45"},null,null,{"v":9453.45,"d":"9,453.45"}]
["I3905","LUVA SIMPLES FoFo JUNTA ELASTICA DN 150","UN",262.51,null,null,262.51]
["I3906","LUVA SIMPLES FoFo JUNTA ELASTICA DN 200","UN",367.38,null,null,{"$f":"D3166","v":367.38}]
["I3907","LUVA SIMPLES FoFo JUNTA ELASTICA DN 250","UN",479.18,null,null,479.18]
["I3908","LUVA SIMPLES FoFo JUNTA ELASTICA DN 300","UN",582.49,null,null,582.49]
["I3909","LUVA SIMPLES FoFo JUNTA ELASTICA DN 350","UN",986.73,null,null,986.73]
["I3910","LUVA SIMPLES FoFo JUNTA ELASTICA DN 400","UN",{"v":1155.51,"d":"1,155.51"},null,null,{"v":1155.51,"d":"1,155.51"}]
["I7604","LUVA SIMPLES FoFo JUNTA ELÁSTICA DN 450","UN",{"v":1444.69,"d":"1,444.69"},null,null,{"v":1444.69,"d":"1,444.69"}]
["I3902","LUVA SIMPLES FoFo JUNTA ELASTICA DN 50","UN",{"v":66.5,"d":"66.50"},null,null,{"v":66.5,"d":"66.50"}]
["I3911","LUVA SIMPLES FoFo JUNTA ELASTICA DN 500","UN",{"v":1617.21,"d":"1,617.21"},null,null,{"v":1617.21,"d":"1,617.21"}]
["I3912","LUVA SIMPLES FoFo JUNTA ELASTICA DN 600","UN",{"v":3959.01,"d":"3,959.01"},null,null,{"v":3959.01,"d":"3,959.01"}]
["I3913","LUVA SIMPLES FoFo JUNTA ELASTICA DN 700","UN",{"v":4787.32,"d":"4,787.32"},null,null,{"v":4787.32,"d":"4,787.32"}]
["I3903","LUVA SIMPLES FoFo JUNTA ELASTICA DN 75","UN",172.05,null,null,172.05]
["I7133","LUVA SIMPLES FoFo JUNTA ELASTICA DN 80","UN",172.05,null,null,172.05]
["I3914","LUVA SIMPLES FoFo JUNTA ELASTICA DN 800","UN",{"v":6248.42,"d":"6,248.42"},null,null,{"v":6248.42,"d":"6,248.42"}]
["I3915","LUVA SIMPLES FoFo JUNTA ELASTICA DN 900","UN",{"v":7898.67,"d":"7,898.67"},null,null,{"v":7898.67,"d":"7,898.67"}]
["I1457","LUVA SIMPLES PVC ESGOTO 100MM","UN",{"v":4.8,"d":"4.80"},null,null,{"v":4.8,"d":"4.80"}]
["I1458","LUVA SIMPLES PVC ESGOTO 40MM","UN",{"v":0.9,"d":"0.90"},null,null,{"v":0.9,"d":"0.90"}]
["I1459","LUVA SIMPLES PVC ESGOTO 50MM","UN",{"v":2,"d":"2.00"},null,null,{"v":2,"d":"2.00"}]
["I1460","LUVA SIMPLES PVC ESGOTO 75MM","UN",{"v":3,"d":"3.00"},null,null,{"v":3,"d":"3.00"}]
["I1461","LUVA SIMPLES PVC ESGOTO DE 150MM","UN",{"v":19.8,"d":"19.80"},null,null,{"v":19.8,"d":"19.80"}]
["I3134","LUVA SIMPLES PVC PBA DN 100","UN",34.15,null,null,34.15]
["I3132","LUVA SIMPLES PVC PBA DN 50","UN",{"v":14,"d":"14.00"},null,null,{"v":14,"d":"14.00"}]
["I3133","LUVA SIMPLES PVC PBA DN 75","UN",{"v":21,"d":"21.00"},null,null,{"v":21,"d":"21.00"}]
["I6778","LUVA UNIÃO AÇO ASTM A-120 DE 20mm (3/4\")","UN",{"v":53.5,"d":"53.50"},null,null,{"v":53.5,"d":"53.50"}]
["I6779","LUVA UNIÃO AÇO ASTM A-120 DE 25mm (1\")","UN",{"v":67.3,"d":"67.30"},null,null,{"v":67.3,"d":"67.30"}]
["I8254","LUVA UNIÃO AÇO ASTM A-120 DE 40mm (1 1/2\")","UN",87.71,null,null,87.71]
["I1433","LUVA UNIÃO AÇO GALVANIZADO (F.G) (2 1/2\")","UN",{"v":60.1,"d":"60.10"},null,null,{"v":60.1,"d":"60.10"}]
["I1431","LUVA UNIÃO AÇO GALVANIZADO (F.G) (3'')","UN",{"v":89.7,"d":"89.70"},null,null,{"v":89.7,"d":"89.70"}]
["I1432","LUVA UNIÃO AÇO GALVANIZADO (F.G) (4'')","UN",{"v":128,"d":"128.00"},null,null,{"v":128,"d":"128.00"}]
["I8916","LUVAS DE PROTEÇÃO EM PVC DE CANO LONGO","UN",8.33,null,null,8.33]
["I7956","MACACO HIDRÁULICO - 200 T","H",{"v":93,"d":"93.00"},null,null,{"$f":"D3195","v":{"v":93,"d":"93.00"}}]
["I1012","MACACO HIDRAULICO DE 50 T(ALUGUEL)","MÊS",{"v":658,"d":"658.00"},null,null,{"$f":"D3196","v":{"v":658,"d":"658.00"}}]
["I8638","MAÇANETA TIPO ALAVANCA CROMADO","PAR",{"v":45,"d":"45.00"},null,null,{"v":45,"d":"45.00"}]
["I1495","MADEIRA (PEROBA)","M3",{"v":2800,"d":"2,800.00"},null,null,{"v":2800,"d":"2,800.00"}]
["I1496","MADEIRA (PINHO) DE 1A.","M3",{"v":1894.73,"d":"1,894.73"},null,null,{"v":1894.73,"d":"1,894.73"}]
["I1497","MADEIRA DE SUCUPIRA","M3",{"v":1894.73,"d":"1,894.73"},null,null,{"v":1894.73,"d":"1,894.73"}]
["I1498","MADEIRA TRABALHADA P/ CORRIMÃO","M",{"v":28.9,"d":"28.90"},null,null,{"v":28.9,"d":"28.90"}]
["I4942","MANCAL INTERMEDIÁRIO DN 1","UN",{"v":1444.23,"d":"1,444.23"},null,null,{"v":1444.23,"d":"1,444.23"}]
["I4943","MANCAL INTERMEDIÁRIO DN 2","UN",{"v":1444.5,"d":"1,444.50"},null,null,{"v":1444.5,"d":"1,444.50"}]
["I4944","MANCAL INTERMEDIÁRIO DN 3","UN",{"v":1443.58,"d":"1,443.58"},null,null,{"v":1443.58,"d":"1,443.58"}]
["I4945","MANCAL INTERMEDIÁRIO DN 4","UN",{"v":1437.13,"d":"1,437.13"},null,null,{"v":1437.13,"d":"1,437.13"}]
["I1499","MANGUEIRA COM UNIÃO ENGATE RÁPIDO 2 1/2''X30M","UN",869.78,null,null,869.78]
["I2374","MANILHA DE BARRO VITRIFICADO PB D=100mm(L=1.00m)","M",10.88,null,null,10.88]
["I2375","MANILHA DE BARRO VITRIFICADO PB D=150mm(L=1.50m)","M",15.09,null,null,15.09]
["I2376","MANILHA DE BARRO VITRIFICADO PB D=200mm(L=1.50m)","M",25.27,null,null,25.27]
["I7402","MANILHA DE CONCRETO CA-2 DN 600mm","UN",136.69,null,null,136.69]
["I8077","MANILHA SAPATILHA PARA ALÇA PREFORMADA","UN",7.32,null,null,7.32]
["I6375","MANÔMETRO 1/2 x 4\" escala 0 -20 kg/cm2","UN",148.14,null,null,148.14]
["I8917","MANÔMETRO GLICERINADO DN 62MM, CONEXÃO 1/4 NPT, CLASSE DE PRECISÃO ABNT, ATÉ 150PSI","UN",111.03,null,null,111.03]
["I1500","MANTA ASFALT.C/ ARMADURA FILME POLIETILENO E= 3MM","M2",27.37,null,null,27.37]
["I1501","MANTA ASFALTICA AUTO-ADESIVA","M2",24.32,null,null,24.32]
["I1502","MANTA ASFALTICA POLIMERICA","M2",24.32,null,null,24.32]
["I1503","MANTA BUTILICA. ESPESSURA 0.8MM","M2",56.16,null,null,56.16]
["I7946","MANTA DE ALUMÍNIO P/ IMPERMEABILIZAÇÃO","M2",24.97,null,null,24.97]
["I8555","MANTA DE FIBRA DE VIDRO 450 g/m²","KG",{"v":12.9,"d":"12.90"},null,null,{"v":12.9,"d":"12.90"}]
["I1504","MANTA DE FIBRA DE VIDRO DE 7.5CM","M2",14.98,null,null,14.98]
["I1505","MANTA DE FIBRA DE VIDRO. ESPESSURA 5CM","M2",50.77,null,null,50.77]
["I1506","MANTA EM FELTRO P/ REVESTIMENTO","M2",15.21,null,null,15.21]
["I9064","MANTA GEOTEXTIL, TECIDA 100% POLIPROPILENO, RESISTÊNCIA A TRAÇÃO DE 55KN/M E DEFORMAÇÃO INFERIOR A 15%","M2",6.44,null,null,6.44]
["I7945","MANTA POLIÉSTER ESTRUTURADA 4mm - TIPO IV (NBR 9952/98)","M2",32.82,null,null,32.82]
["I2703","MANUTENÇÃO","H",{"v":1,"d":"1.00"},null,null,{"$f":"D3225","v":{"v":1,"d":"1.00"}}]
["I2710","MAO DE OBRA DE OPERACAO AQ.FLUIDO TERMICO","H",{"v":7.2,"d":"7.20"},{"v":15.5758,"d":"15.58"},"MO",{"$f":"E3226","v":{"v":15.5758,"d":"15.58"}}]
["I2712","MAO DE OBRA DE OPERAÇÃO BET.ELET.320L","H",{"v":7.2,"d":"7.20"},{"v":15.5758,"d":"15.58"},"MO",{"v":15.5758,"d":"15.58"}]
["I2714","MAO DE OBRA DE OPERAÇÃO BET.ELET.580L","H",{"v":7.2,"d":"7.20"},{"v":15.5758,"d":"15.58"},"MO",{"v":15.5758,"d":"15.58"}]
["I2716","MAO DE OBRA DE OPERAÇÃO BET.MOTOR DIESEL","H",{"v":7.2,"d":"7.20"},{"v":15.5758,"d":"15.58"},"MO",{"v":15.5758,"d":"15.58"}]
["I2751","MÃO DE OBRA DE OPERAÇÃO DA BOMBA C/ MOTOR DIESEL","H",4.88,{"v":10.5569,"d":"10.56"},"MO",{"v":10.5569,"d":"10.56"}]
["I2748","MÃO DE OBRA DE OPERAÇÃO DA CAMINHONETE SAVEIRO","H",{"v":8,"d":"8.00"},{"v":17.3064,"d":"17.31"},"MO",{"v":17.3064,"d":"17.31"}]
["I2753","MÃO DE OBRA DE OPERAÇÃO DA CARREGADEIRA DE PNEUS (111 HP)","H",{"v":10.4,"d":"10.40"},{"v":22.4983,"d":"22.50"},"MO",{"v":22.4983,"d":"22.50"}]
["I2868","MÃO DE OBRA DE OPERAÇÃO DA CARREGADEIRA DE PNEUS (111 HP) (ALUGUEL)","H",{"v":10.4,"d":"10.40"},{"v":22.4983,"d":"22.50"},"MO",{"v":22.4983,"d":"22.50"}]
["I2755","MÃO DE OBRA DE OPERAÇÃO DA CARREGADEIRA DE PNEUS (180 HP)","H",{"v":10.4,"d":"10.40"},{"v":22.4983,"d":"22.50"},"MO",{"v":22.4983,"d":"22.50"}]
["I2870","MÃO DE OBRA DE OPERAÇÃO DA CARREGADEIRA DE PNEUS (180 HP) (ALUGUEL)","H",{"v":10.4,"d":"10.40"},{"v":22.4983,"d":"22.50"},"MO",{"v":22.4983,"d":"22.50"}]
["I2785","MÃO DE OBRA DE OPERAÇÃO DA DRAG LINE","H",{"v":10.4,"d":"10.40"},{"v":22.4983,"d":"22.50"},"MO",{"v":22.4983,"d":"22.50"}]
["I2787","MÃO DE OBRA DE OPERAÇÃO DA ESCAVADEIRA HIDRÁULICA","H",{"v":10.4,"d":"10.40"},{"v":22.4983,"d":"22.50"},"MO",{"v":22.4983,"d":"22.50"}]
["I2884","MÃO DE OBRA DE OPERAÇÃO DA ESCAVADEIRA HIDRÁULICA (ALUGUEL)","H",{"v":10.4,"d":"10.40"},{"v":22.4983,"d":"22.50"},"MO",{"v":22.4983,"d":"22.50"}]
["I8419","MÃO DE OBRA DE OPERAÇÃO DA FRESADORA A FRIO","H",{"v":12,"d":"12.00"},{"v":25.9596,"d":"25.96"},"MO",{"v":25.9596,"d":"25.96"}]
["I2809","MÃO DE OBRA DE OPERAÇÃO DA MÁQUINA DE POLIR","H",4.88,{"v":10.5569,"d":"10.56"},"MO",{"v":10.5569,"d":"10.56"}]
["I2805","MÃO DE OBRA DE OPERAÇÃO DA MÁQUINA DE SOLDA","H",{"v":7.2,"d":"7.20"},{"v":15.5758,"d":"15.58"},"MO",{"v":15.5758,"d":"15.58"}]
["I2807","MÃO DE OBRA DE OPERAÇÃO DA MÁQUINA P/ CONCRETO PROJETADO","H",{"v":7.2,"d":"7.20"},{"v":15.5758,"d":"15.58"},"MO",{"v":15.5758,"d":"15.58"}]
["I2811","MÃO DE OBRA DE OPERAÇÃO DA MÁQUINA P/ JATEAMENTO","H",{"v":7.2,"d":"7.20"},{"v":15.5758,"d":"15.58"},"MO",{"v":15.5758,"d":"15.58"}]
["I2813","MÃO DE OBRA DE OPERAÇÃO DA MÁQUINA P/ PINT. FAIXAS SINALIZ. AUTOP.","H",{"v":7.2,"d":"7.20"},{"v":15.5758,"d":"15.58"},"MO",{"v":15.5758,"d":"15.58"}]
["I2815","MÃO DE OBRA DE OPERAÇÃO DA MESA VIBRATÓRIA E FORMAS","H",4.88,{"v":10.5569,"d":"10.56"},"MO",{"v":10.5569,"d":"10.56"}]
["I2819","MÃO DE OBRA DE OPERAÇÃO DA MOTO ESCAV. TRANSPORTADOR","H",{"v":10.4,"d":"10.40"},{"v":22.4983,"d":"22.50"},"MO",{"v":22.4983,"d":"22.50"}]
["I2821","MÃO DE OBRA DE OPERAÇÃO DA MOTO NIVELADORA","H",{"v":12,"d":"12.00"},{"v":25.9596,"d":"25.96"},"MO",{"v":25.9596,"d":"25.96"}]
["I2886","MÃO DE OBRA DE OPERAÇÃO DA MOTONIVELADORA (ALUGUEL)","H",{"v":12,"d":"12.00"},{"v":25.9596,"d":"25.96"},"MO",{"v":25.9596,"d":"25.96"}]
["I2823","MÃO DE OBRA DE OPERAÇÃO DA PERFURATRIZ PNEUMÁTICA","H",{"v":7.2,"d":"7.20"},{"v":15.5758,"d":"15.58"},"MO",{"v":15.5758,"d":"15.58"}]
["I2830","MÃO DE OBRA DE OPERAÇÃO DA RÉGUA VIBRATÓRIA DE CONCRETO (1,5 HP)","H",4.88,{"v":10.5569,"d":"10.56"},"MO",{"v":10.5569,"d":"10.56"}]
["I2832","MÃO DE OBRA DE OPERAÇÃO DA RÉGUA VIBRATÓRIA DE CONCRETO (3 HP)","H",4.88,{"v":10.5569,"d":"10.56"},"MO",{"v":10.5569,"d":"10.56"}]
["I2827","MÃO DE OBRA DE OPERAÇÃO DA RETRO ESCAVADEIRA DE PNEUS","H",{"v":10.4,"d":"10.40"},{"v":22.4983,"d":"22.50"},"MO",{"v":22.4983,"d":"22.50"}]
["I2888","MÃO DE OBRA DE OPERAÇÃO DA RETRO ESCAVADEIRA DE PNEUS (ALUGUEL)","H",{"v":10.4,"d":"10.40"},{"v":22.4983,"d":"22.50"},"MO",{"v":22.4983,"d":"22.50"}]
["I2834","MÃO DE OBRA DE OPERAÇÃO DA ROÇADEIRA COSTAL","H",4.88,{"v":10.5569,"d":"10.56"},"MO",{"v":10.5569,"d":"10.56"}]
["I2835","MÃO DE OBRA DE OPERAÇÃO DA ROÇADEIRA REBOCÁVEL","H",{"v":5.6,"d":"5.60"},{"v":12.1145,"d":"12.11"},"MO",{"v":12.1145,"d":"12.11"}]
["I8397","MÃO DE OBRA DE OPERAÇÃO DA USINA DE MICRO-REVESTIMENTO","H",{"v":20,"d":"20.00"},{"v":43.266,"d":"43.27"},"MO",{"v":43.266,"d":"43.27"}]
["I2845","MÃO DE OBRA DE OPERAÇÃO DA USINA DE MISTURAS BETUM. A FRIO","H",{"v":9.6,"d":"9.60"},{"v":20.7677,"d":"20.77"},"MO",{"v":20.7677,"d":"20.77"}]
["I2847","MÃO DE OBRA DE OPERAÇÃO DA USINA DE MISTURAS BETUM. A QUENTE","H",{"v":9.6,"d":"9.60"},{"v":20.7677,"d":"20.77"},"MO",{"v":20.7677,"d":"20.77"}]
["I2848","MÃO DE OBRA DE OPERAÇÃO DA USINA MISTURADORA DE SOLOS","H",{"v":10.4,"d":"10.40"},{"v":22.4983,"d":"22.50"},"MO",{"v":22.4983,"d":"22.50"}]
["I2894","MÃO DE OBRA DE OPERAÇÃO DA VIBRO ACABADORA MIST. BETUMINOSAS (ALUGUEL)","H",{"v":10.4,"d":"10.40"},{"v":22.4983,"d":"22.50"},"MO",{"v":22.4983,"d":"22.50"}]
["I2705","MAO DE OBRA DE OPERAÇÃO DO BATE ESTACA","H",{"v":13.6,"d":"13.60"},{"v":29.4209,"d":"29.42"},"MO",{"v":29.4209,"d":"29.42"}]
["I2736","MÃO DE OBRA DE OPERAÇÃO DO CAMINHÃO ADAPTADO A JATO","H",{"v":8,"d":"8.00"},{"v":17.3064,"d":"17.31"},"MO",{"v":17.3064,"d":"17.31"}]
["I2738","MÃO DE OBRA DE OPERAÇÃO DO CAMINHÃO ADAPTADO A VÁCUO","H",{"v":8,"d":"8.00"},{"v":17.3064,"d":"17.31"},"MO",{"v":17.3064,"d":"17.31"}]
["I2860","MÃO DE OBRA DE OPERAÇÃO DO CAMINHÃO BASCULANTE 12 M3 (ALUGUEL)","H",{"v":8,"d":"8.00"},{"v":17.3064,"d":"17.31"},"MO",{"v":17.3064,"d":"17.31"}]
["I2724","MÃO DE OBRA DE OPERAÇÃO DO CAMINHÃO BASCULANTE 12M3","H",{"v":8,"d":"8.00"},{"v":17.3064,"d":"17.31"},"MO",{"v":17.3064,"d":"17.31"}]
["I2722","MÃO DE OBRA DE OPERAÇÃO DO CAMINHÃO BASCULANTE 6M3","H",{"v":8,"d":"8.00"},{"v":17.3064,"d":"17.31"},"MO",{"v":17.3064,"d":"17.31"}]
["I2858","MÃO DE OBRA DE OPERAÇÃO DO CAMINHÃO BASCULANTE 6M3 (ALUGUEL)","H",{"v":8,"d":"8.00"},{"v":17.3064,"d":"17.31"},"MO",{"v":17.3064,"d":"17.31"}]
["I2726","MÃO DE OBRA DE OPERAÇÃO DO CAMINHÃO BASCULANTE P/ ROCHA","H",{"v":8,"d":"8.00"},{"v":17.3064,"d":"17.31"},"MO",{"v":17.3064,"d":"17.31"}]
["I2730","MÃO DE OBRA DE OPERAÇÃO DO CAMINHÃO C/ CARROCERIA DE MADEIRA (136 HP)","H",{"v":8,"d":"8.00"},{"v":17.3064,"d":"17.31"},"MO",{"v":17.3064,"d":"17.31"}]
["I2732","MÃO DE OBRA DE OPERAÇÃO DO CAMINHÃO C/ CARROCERIA DE MADEIRA (184 HP)","H",{"v":8,"d":"8.00"},{"v":17.3064,"d":"17.31"},"MO",{"v":17.3064,"d":"17.31"}]
["I2728","MÃO DE OBRA DE OPERAÇÃO DO CAMINHÃO C/ CARROCERIA DE MADEIRA (92 HP)","H",{"v":8,"d":"8.00"},{"v":17.3064,"d":"17.31"},"MO",{"v":17.3064,"d":"17.31"}]
["I2734","MÃO DE OBRA DE OPERAÇÃO DO CAMINHÃO COMERC. EQUIP. C/ GUINDAUTO","H",{"v":8,"d":"8.00"},{"v":17.3064,"d":"17.31"},"MO",{"v":17.3064,"d":"17.31"}]
["I2740","MÃO DE OBRA DE OPERAÇÃO DO CAMINHÃO DISTRIBUIDOR DE LIGANTE","H",{"v":17.6,"d":"17.60"},{"v":38.0741,"d":"38.07"},"MO",{"v":38.0741,"d":"38.07"}]
["I2866","MÃO DE OBRA DE OPERAÇÃO DO CAMINHÃO DISTRIBUIDOR DE LIGANTE (ALUGUEL)","H",{"v":17.6,"d":"17.60"},{"v":38.0741,"d":"38.07"},"MO",{"v":38.0741,"d":"38.07"}]
["I2742","MÃO DE OBRA DE OPERAÇÃO DO CAMINHÃO EQUIP. C/ USINA LAMA ASF.","H",{"v":17.6,"d":"17.60"},{"v":38.0741,"d":"38.07"},"MO",{"v":38.0741,"d":"38.07"}]
["I2744","MÃO DE OBRA DE OPERAÇÃO DO CAMINHÃO TANQUE 6.000 L","H",{"v":8,"d":"8.00"},{"v":17.3064,"d":"17.31"},"MO",{"v":17.3064,"d":"17.31"}]
["I2862","MÃO DE OBRA DE OPERAÇÃO DO CAMINHÃO TANQUE 6000 L (ALUGUEL)","H",{"v":8,"d":"8.00"},{"v":17.3064,"d":"17.31"},"MO",{"v":17.3064,"d":"17.31"}]
["I2746","MÃO DE OBRA DE OPERAÇÃO DO CAMINHÃO TANQUE 8.000 L","H",{"v":8,"d":"8.00"},{"v":17.3064,"d":"17.31"},"MO",{"v":17.3064,"d":"17.31"}]
["I2864","MÃO DE OBRA DE OPERAÇÃO DO CAMINHÃO TANQUE 8000 L (ALUGUEL)","H",{"v":8,"d":"8.00"},{"v":17.3064,"d":"17.31"},"MO",{"v":17.3064,"d":"17.31"}]
["I2756","MÃO DE OBRA DE OPERAÇÃO DO CARRINHO DE MÃO","H",4.88,{"v":10.5569,"d":"10.56"},"MO",{"v":10.5569,"d":"10.56"}]
["I2758","MÃO DE OBRA DE OPERAÇÃO DO CAVALO MEC. C/ PRANC. 2 EIXOS","H",{"v":10.4,"d":"10.40"},{"v":22.4983,"d":"22.50"},"MO",{"v":22.4983,"d":"22.50"}]
["I2760","MÃO DE OBRA DE OPERAÇÃO DO CAVALO MEC. C/ PRANC. 3 EIXOS","H",{"v":10.4,"d":"10.40"},{"v":22.4983,"d":"22.50"},"MO",{"v":22.4983,"d":"22.50"}]
["I2872","MÃO DE OBRA DE OPERAÇÃO DO CAVALO MEC. C/ PRANCHA 2 EIXOS (ALUGUEL)","H",{"v":10.4,"d":"10.40"},{"v":22.4983,"d":"22.50"},"MO",{"v":22.4983,"d":"22.50"}]
["I2874","MÃO DE OBRA DE OPERAÇÃO DO CAVALO MEC. C/ PRANCHA 3 EIXOS (ALUGUEL)","H",{"v":10.4,"d":"10.40"},{"v":22.4983,"d":"22.50"},"MO",{"v":22.4983,"d":"22.50"}]
["I2882","MÃO DE OBRA DE OPERAÇÃO DO COMP. DE PNEUS PRESSÃO VAR. AUTOP. (ALUGUEL)","H",{"v":10.4,"d":"10.40"},{"v":22.4983,"d":"22.50"},"MO",{"v":22.4983,"d":"22.50"}]
["I2876","MÃO DE OBRA DE OPERAÇÃO DO COMP. LISO TANDEM AUTOPROPELIDO (ALUGUEL)","H",{"v":10.4,"d":"10.40"},{"v":22.4983,"d":"22.50"},"MO",{"v":22.4983,"d":"22.50"}]
["I2878","MÃO DE OBRA DE OPERAÇÃO DO COMP. LISO VIBRATÓRIO AUTOPROPELIDO (ALUGUEL)","H",{"v":10.4,"d":"10.40"},{"v":22.4983,"d":"22.50"},"MO",{"v":22.4983,"d":"22.50"}]
["I2880","MÃO DE OBRA DE OPERAÇÃO DO COMP. PÉ DE CARNEIRO VIB. AUTOPROP. (ALUGUEL)","H",{"v":10.4,"d":"10.40"},{"v":22.4983,"d":"22.50"},"MO",{"v":22.4983,"d":"22.50"}]
["I2768","MÃO DE OBRA DE OPERAÇÃO DO COMPAC. DE PNEUS PRES. VAR. AUTOPR.","H",{"v":10.4,"d":"10.40"},{"v":22.4983,"d":"22.50"},"MO",{"$f":"E3289","v":{"v":22.4983,"d":"22.50"}}]
["I2762","MÃO DE OBRA DE OPERAÇÃO DO COMPAC. LISO TANDEM AUTOPR.","H",{"v":10.4,"d":"10.40"},{"v":22.4983,"d":"22.50"},"MO",{"v":22.4983,"d":"22.50"}]
["I2764","MÃO DE OBRA DE OPERAÇÃO DO COMPAC. LISO VIBRAT. AUTOPROPELIDO","H",{"v":10.4,"d":"10.40"},{"v":22.4983,"d":"22.50"},"MO",{"v":22.4983,"d":"22.50"}]
["I2766","MÃO DE OBRA DE OPERAÇÃO DO COMPAC. PE DE CARN. VIBRAT. AUTOPR.","H",{"v":10.4,"d":"10.40"},{"v":22.4983,"d":"22.50"},"MO",{"v":22.4983,"d":"22.50"}]
["I2770","MÃO DE OBRA DE OPERAÇÃO DO COMPACTADOR DE PLACA VIBRATÓRIA (4 HP)","H",{"v":7.2,"d":"7.20"},{"v":15.5758,"d":"15.58"},"MO",{"v":15.5758,"d":"15.58"}]
["I2772","MÃO DE OBRA DE OPERAÇÃO DO COMPACTADOR DE PLACA VIBRATÓRIA (7 HP)","H",{"v":7.2,"d":"7.20"},{"v":15.5758,"d":"15.58"},"MO",{"v":15.5758,"d":"15.58"}]
["I2774","MÃO DE OBRA DE OPERAÇÃO DO COMPRESSOR DE AR 170PCM","H",{"v":10.4,"d":"10.40"},{"v":22.4983,"d":"22.50"},"MO",{"v":22.4983,"d":"22.50"}]
["I2776","MÃO DE OBRA DE OPERAÇÃO DO COMPRESSOR DE AR 250 PCM","H",{"v":10.4,"d":"10.40"},{"v":22.4983,"d":"22.50"},"MO",{"v":22.4983,"d":"22.50"}]
["I2778","MÃO DE OBRA DE OPERAÇÃO DO COMPRESSOR DE AR 335 PCM","H",{"v":10.4,"d":"10.40"},{"v":22.4983,"d":"22.50"},"MO",{"v":22.4983,"d":"22.50"}]
["I2780","MÃO DE OBRA DE OPERAÇÃO DO COMPRESSOR DE AR 765 PCM","H",{"v":10.4,"d":"10.40"},{"v":22.4983,"d":"22.50"},"MO",{"v":22.4983,"d":"22.50"}]
["I2781","MÃO DE OBRA DE OPERAÇÃO DO CONJUNTO DE BRITAGEM 30 M3/H","H",{"v":10.4,"d":"10.40"},{"v":22.4983,"d":"22.50"},"MO",{"v":22.4983,"d":"22.50"}]
["I2792","MÃO DE OBRA DE OPERAÇÃO DO GRUPO GERADOR 145 KVA","H",{"v":7.2,"d":"7.20"},{"v":15.5758,"d":"15.58"},"MO",{"v":15.5758,"d":"15.58"}]
["I2794","MÃO DE OBRA DE OPERAÇÃO DO GRUPO GERADOR 180 KVA","H",{"v":7.2,"d":"7.20"},{"v":15.5758,"d":"15.58"},"MO",{"v":15.5758,"d":"15.58"}]
["I2790","MÃO DE OBRA DE OPERAÇÃO DO GRUPO GERADOR 36 KVA","H",{"v":7.2,"d":"7.20"},{"v":15.5758,"d":"15.58"},"MO",{"v":15.5758,"d":"15.58"}]
["I2796","MÃO DE OBRA DE OPERAÇÃO DO GUINDASTE DE TORRE (11 HP)","H",{"v":10.4,"d":"10.40"},{"v":22.4983,"d":"22.50"},"MO",{"v":22.4983,"d":"22.50"}]
["I2798","MÃO DE OBRA DE OPERAÇÃO DO GUINDASTE DE TORRE (20 HP)","H",{"v":10.4,"d":"10.40"},{"v":22.4983,"d":"22.50"},"MO",{"v":22.4983,"d":"22.50"}]
["I2800","MÃO DE OBRA DE OPERAÇÃO DO GUINDASTE DE TORRE (40 HP)","H",{"v":10.4,"d":"10.40"},{"v":22.4983,"d":"22.50"},"MO",{"v":22.4983,"d":"22.50"}]
["I2804","MÃO DE OBRA DE OPERAÇÃO DO GUINDASTE HIDRÁULICO SOBRE PNEUS (142 HP)","H",{"v":10.4,"d":"10.40"},{"v":22.4983,"d":"22.50"},"MO",{"v":22.4983,"d":"22.50"}]
["I2802","MÃO DE OBRA DE OPERAÇÃO DO GUINDASTE HIDRÁULICO SOBRE PNEUS (45 HP)","H",{"v":10.4,"d":"10.40"},{"v":22.4983,"d":"22.50"},"MO",{"v":22.4983,"d":"22.50"}]
["I2817","MÃO DE OBRA DE OPERAÇÃO DO MICROTRATOR C/ APAR. DE GRAMA","H",{"v":8,"d":"8.00"},{"v":17.3064,"d":"17.31"},"MO",{"v":17.3064,"d":"17.31"}]
["I2822","MÃO DE OBRA DE OPERAÇÃO DO NÍVEL","H",{"v":11.6,"d":"11.60"},{"v":25.0943,"d":"25.09"},"MO",{"v":25.0943,"d":"25.09"}]
["I2825","MÃO DE OBRA DE OPERAÇÃO DO PULVERIZADOR SOBRE PNEUS","H",4.88,{"v":10.5569,"d":"10.56"},"MO",{"v":10.5569,"d":"10.56"}]
["I2828","MÃO DE OBRA DE OPERAÇÃO DO ROMPEDOR PNEUMÁTICO","H",{"v":7.2,"d":"7.20"},{"v":15.5758,"d":"15.58"},"MO",{"v":15.5758,"d":"15.58"}]
["I2836","MÃO DE OBRA DE OPERAÇÃO DO TEODOLITO","H",{"v":12.4,"d":"12.40"},{"v":26.8249,"d":"26.82"},"MO",{"v":26.8249,"d":"26.82"}]
["I2890","MÃO DE OBRA DE OPERAÇÃO DO TRATOR DE ESTEIRA C/ LÂM. E ESCARIF. (ALUGUEL)","H",{"v":10.4,"d":"10.40"},{"v":22.4983,"d":"22.50"},"MO",{"v":22.4983,"d":"22.50"}]
["I2840","MÃO DE OBRA DE OPERAÇÃO DO TRATOR DE ESTEIRAS C/ LÂMINA","H",{"v":10.4,"d":"10.40"},{"v":22.4983,"d":"22.50"},"MO",{"v":22.4983,"d":"22.50"}]
["I2842","MÃO DE OBRA DE OPERAÇÃO DO TRATOR DE ESTEIRAS C/ LÂMINA E ESC. (155 HP)","H",{"v":10.4,"d":"10.40"},{"v":22.4983,"d":"22.50"},"MO",{"v":22.4983,"d":"22.50"}]
["I2838","MÃO DE OBRA DE OPERAÇÃO DO TRATOR DE ESTEIRAS C/ LÂMINA E ESC. (328 HP)","H",{"v":10.4,"d":"10.40"},{"v":22.4983,"d":"22.50"},"MO",{"v":22.4983,"d":"22.50"}]
["I2844","MÃO DE OBRA DE OPERAÇÃO DO TRATOR DE PNEUS","H",{"v":8,"d":"8.00"},{"v":17.3064,"d":"17.31"},"MO",{"v":17.3064,"d":"17.31"}]
["I2892","MÃO DE OBRA DE OPERAÇÃO DO TRATOR DE PNEUS (ALUGUEL)","H",{"v":8,"d":"8.00"},{"v":17.3064,"d":"17.31"},"MO",{"v":17.3064,"d":"17.31"}]
["I2856","MÃO DE OBRA DE OPERAÇÃO DO VEÍCULO UTILITÁRIO KOMBI","H",{"v":8,"d":"8.00"},{"v":17.3064,"d":"17.31"},"MO",{"v":17.3064,"d":"17.31"}]
["I2850","MÃO DE OBRA DE OPERAÇÃO DO VIBRADOR IMERSÃO C/ MOTOR DIESEL","H",{"v":7.2,"d":"7.20"},{"v":15.5758,"d":"15.58"},"MO",{"v":15.5758,"d":"15.58"}]
["I2852","MÃO DE OBRA DE OPERAÇÃO DO VIBRADOR IMERSÃO C/ MOTOR ELÉTRICO","H",{"v":7.2,"d":"7.20"},{"v":15.5758,"d":"15.58"},"MO",{"v":15.5758,"d":"15.58"}]
["I2854","MÃO DE OBRA DE OPERAÇÃO DO VIBRO ACABAD. DE MISTURAS BETUM.","H",{"v":10.4,"d":"10.40"},{"v":22.4983,"d":"22.50"},"MO",{"v":22.4983,"d":"22.50"}]
["I8971","MÃO DE OBRA DE OPERAÇÃO MOTO CG 125","H",6.49,{"v":14.0398,"d":"14.04"},"MO",{"v":14.0398,"d":"14.04"}]
["I6021","MÃO FRANCESA EM AÇO GALVANIZADO A FOGO REVESTIDA EM FIBRA DE VIDRO PARA ELETROCALHA 300mm","UN",47.17,null,null,{"$f":"D3324","v":47.17}]
["I6022","MÃO FRANCESA EM AÇO GALVANIZADO A FOGO REVESTIDA EM FIBRA DE VIDRO PARA ELETROCALHA 500mm","UN",60.64,null,null,{"$f":"D3325","v":60.64}]
["I8632","MÁQUINA DE CORTE","H",8.87,null,null,{"$f":"E3326","v":{"v":0,"d":"0.00"}}]
["I2686","MÁQUINA DE POLIR","UN",{"v":3894,"d":"3,894.00"},null,null,{"$f":"D3327","v":{"v":3894,"d":"3,894.00"}}]
["I0634","MÁQUINA DE POLIR (CHI)","H",{"v":5.0936137142857145,"d":"5.09"},{"v":10.770513714285714,"d":"10.77"},null,{"$f":"E3328","v":{"v":10.770513714285714,"d":"10.77"}}]
["I0748","MÁQUINA DE POLIR (CHP)","H",{"v":7.043905142857143,"d":"7.04"},{"v":12.720805142857143,"d":"12.72"},null,{"$f":"E3329","v":{"v":12.720805142857143,"d":"12.72"}}]
["I2687","MÁQUINA DE SOLDA","UN",{"v":4504,"d":"4,504.00"},null,null,{"$f":"D3330","v":{"v":4504,"d":"4,504.00"}}]
["I0635","MÁQUINA DE SOLDA (CHI)","H",{"v":7.56032,"d":"7.56"},{"v":15.93612,"d":"15.94"},null,{"$f":"E3331","v":{"v":15.93612,"d":"15.94"}}]
["I0749","MÁQUINA DE SOLDA (CHP)","H",{"v":13.217253333333334,"d":"13.22"},{"v":21.593053333333334,"d":"21.59"},null,{"$f":"E3332","v":{"v":21.593053333333334,"d":"21.59"}}]
["I8410","MÁQUINA ESPARGIDORA C/ CONTROLE COMPUTADORIZADO","H",{"v":321,"d":"321.00"},null,null,{"$f":"E3333","v":{"v":0,"d":"0.00"}}]
["I2642","MÁQUINA P/ CONCRETO PROJETADO","UN",{"v":82764,"d":"82,764.00"},null,null,{"$f":"D3334","v":{"v":82764,"d":"82,764.00"}}]
["I6169","MÁQUINA P/ CRAVAÇÃO (MÉTODO NÃO DESTRUTIVO)","H",{"v":214,"d":"214.00"},null,null,{"$f":"E3335","v":{"v":0,"d":"0.00"}}]
["I2688","MÁQUINA P/ JATEAMENTO","UN",{"v":54443,"d":"54,443.00"},null,null,{"$f":"D3336","v":{"v":54443,"d":"54,443.00"}}]
["I2643","MÁQUINA P/ PINTURA FAIXAS SINAL. AUTOPROPELIDO","UN",{"v":328623,"d":"328,623.00"},null,null,{"$f":"D3337","v":{"v":328623,"d":"328,623.00"}}]
["I0636","MÁQUINA P/CONCRETO PROJETADO (CHI)","H",{"v":11.855475,"d":"11.86"},{"v":20.231275,"d":"20.23"},null,{"$f":"E3338","v":{"v":20.231275,"d":"20.23"}}]
["I0750","MÁQUINA P/CONCRETO PROJETADO (CHP)","H",{"v":38.1975375,"d":"38.20"},{"v":46.5733375,"d":"46.57"},null,{"v":46.5733375,"d":"46.57"}]
["I0637","MÁQUINA P/JATEAMENTO (CHI)","H",{"v":10.139922,"d":"10.14"},{"v":18.515722,"d":"18.52"},null,{"v":18.515722,"d":"18.52"}]
["I0751","MÁQUINA P/JATEAMENTO (CHP)","H",{"v":21.874157,"d":"21.87"},{"v":30.249957,"d":"30.25"},null,{"v":30.249957,"d":"30.25"}]
["I0638","MÁQUINA P/PINT. FAIXAS SINAL. AUTOPR. (CHI)","H",{"v":29.3820525,"d":"29.38"},{"v":37.7578525,"d":"37.76"},null,{"v":37.7578525,"d":"37.76"}]
["I0752","MÁQUINA P/PINT. FAIXAS SINAL. AUTOPR. (CHP)","H",{"v":130.41444,"d":"130.41"},{"v":138.79024,"d":"138.79"},null,{"v":138.79024,"d":"138.79"}]
["I1508","MAQUINISTA ELEVADOR","H",{"v":5.6,"d":"5.60"},{"v":12.1145,"d":"12.11"},"MO",{"v":12.1145,"d":"12.11"}]
["I1509","MARMORE BRANCO, ESP.=3CM","M2",180.42,null,null,{"$f":"D3345","v":180.42}]
["I8918","MARRETA MÉDIA OITAVADA DE 500G","UN",20.19,null,null,{"$f":"D3346","v":20.19}]
["I7430","MARTELO PNEUMÁTICO","H",{"v":135,"d":"135.00"},null,null,{"$f":"D3347","v":{"v":135,"d":"135.00"}}]
["I7959","MARTELO PNEUMÁTICO (VIBRATÓRIO)","H",{"v":183,"d":"183.00"},null,null,{"$f":"D3348","v":{"v":183,"d":"183.00"}}]
["I1510","MASSA A BASE DE EPOXI","KG",2.65,null,null,{"$f":"D3349","v":2.65}]
["I1511","MASSA ACRILICA PARA PINTURA LATEX","KG",6.83,null,null,6.83]
["I1512","MASSA CORRIDA A BASE DE OLEO","KG",9.46,null,null,9.46]
["I1513","MASSA CORRIDA A BASE DE PVA","KG",5.26,null,null,5.26]
["I1514","MASSA DE VEDAÇÃO","KG",{"v":11.8,"d":"11.80"},null,null,{"v":11.8,"d":"11.80"}]
["I1515","MASSA IGAS PARA CAIXILHO DE ALUMINIO","KG",6.59,null,null,6.59]
["I1516","MASSA PARA VIDRO","KG",6.59,null,null,6.59]
["I8554","MASTIQUE BETUMINOSO MODIFICADO COM POLIURETANO, TIXOTRÓPICO, BICOMPONENTE PARA JUNTA DE DILATAÇÃO","KG",20.71,null,null,20.71]
["I1517","MASTIQUE ELASTICO","KG",24.46,null,null,24.46]
["I6804","MASTIQUE ELASTICO A BASE DE POLIURETANO NA COR CINZA - UNIPLAC 400ml","UN",124.01,null,null,124.01]
["I1518","MASTRO SIMPLE FG DE 1 1/2''X3M","M",15.93,null,null,15.93]
["I8517","MASTRO SIMPLES 2,0m x 2\"","UN",45.75,null,null,45.75]
["I6111","MATA JUNTA (PADRÃO MUTIRÃO)","M",{"v":3,"d":"3.00"},null,null,{"v":3,"d":"3.00"}]
["I8155","MATERIAIS E ACESSÓRIOS PARA LINHA DE TRANSMISSÃO, CLASSE 72,5 KV, PADRÃO RURAL, COM CRUZETA DE CONCRETO ARMADO PARA CABO DE ALUMÍNIO LIGA 6201, EM POSTE DE CONCRETO ARMADO DUPLO T1500/17 B (CONDUTOR NÃO INCLUSO)","KM",{"v":100484.76,"d":"100,484.76"},null,null,{"v":100484.76,"d":"100,484.76"}]
["I8154","MATERIAIS E ACESSÓRIOS PARA LINHA DE TRANSMISSÃO, CLASSE 72,5 KV, PADRÃO URBANO, COM ISOLADOR POLIMÉRICO PARA CABO DE ALUMÍNIO LIGA 6201, EM POSTE DE CONCRETO ARMADO DUPLO T600/17 B (CONDUTOR NÃO INCLUSO)","KM",{"v":158568.6,"d":"158,568.60"},null,null,{"v":158568.6,"d":"158,568.60"}]
["I8150","MATERIAIS E ACESSÓRIOS PARA REDE DE DISTRIBUIÇÃO RURAL PRIMÁRIA, TENSÃO DE 13,80 KV, PARA CABO DE ALUMÍNIO, COM ESTRUTURA DE ALINHAMENTO EM POSTE DE CONCRETO ARMADO DUPLO T 150/10 (CONDUTOR NÃO INCLUSO)","KM",{"v":14731.61,"d":"14,731.61"},null,null,{"v":14731.61,"d":"14,731.61"}]
["I8151","MATERIAIS E ACESSÓRIOS PARA REDE DE DISTRIBUIÇÃO RURAL PRIMÁRIA, TENSÃO DE 13,80 KV, PARA CABO DE COBRE, COM ESTRUTURA DE ALINHAMENTO EM POSTE DE CONCRETO ARMADO DUPLO T 150/10 (CONDUTOR NÃO INCLUSO)","KM",{"v":20548.14,"d":"20,548.14"},null,null,{"v":20548.14,"d":"20,548.14"}]
["I8148","MATERIAIS E ACESSÓRIOS PARA REDE DE DISTRIBUIÇÃO SECUNDÁRIA, PARA CABO DE ALUMÍNIO, NA TENSÃO DE 380 V, COM ESTRUTURA DE ALINHAMENTO EM POSTE DE CONCRETO ARMADO DUPLO T 150/9 (CONDUTOR E TRANSFORMADOR NÃO INCLUSOS)","KM",{"v":19080.42,"d":"19,080.42"},null,null,{"v":19080.42,"d":"19,080.42"}]
["I8152","MATERIAIS E ACESSÓRIOS PARA REDE DE DISTRIBUIÇÃO SECUNDÁRIA, PARA CABO DE ALUMÍNIO, TENSÃO DE 380 V, COM ESTRUTURA DE ALINHAMENTO EM POSTE DE CONCRETO ARMADO DUPLO T 150/9 (CONDUTOR E TRANSFORMADOR NÃO INCLUSOS)","KM",{"v":19080.42,"d":"19,080.42"},null,null,{"v":19080.42,"d":"19,080.42"}]
["I8149","MATERIAIS E ACESSÓRIOS PARA REDE DE DISTRIBUIÇÃO SECUNDÁRIA, PARA CABO DE COBRE, NA TENSÃO DE 380 V, COM ESTRUTURA DE ALINHAMENTO EM POSTE DE CONCRETO ARMADO DUPLO T 150/9 (CONDUTOR E TRANSFORMADOR NÃO INCLUSOS)","KM",{"v":25277.48,"d":"25,277.48"},null,null,{"v":25277.48,"d":"25,277.48"}]
["I8153","MATERIAIS E ACESSÓRIOS PARA REDE DE DISTRIBUIÇÃO SECUNDÁRIA, PARA CABO DE COBRE, TENSÃO DE 380 V, COM ESTRUTURA DE ALINHAMENTO EM POSTE DE CONCRETO ARMADO DUPLO T 150/9 (CONDUTOR E TRANSFORMADOR NÃO INCLUSOS)","KM",{"v":25277.48,"d":"25,277.48"},null,null,{"v":25277.48,"d":"25,277.48"}]
["I8146","MATERIAIS E ACESSÓRIOS PARA REDE DE DISTRIBUIÇÃO URBANA PRIMÁRIA NA TENSÃO DE 13,80 KV, PARA CABO DE ALUMÍNIO, COM ESTRUTURA DE ALINHAMENTO EM POSTE DE CONCRETO ARMADO DUPLO T 150/10 (CONDUTOR NÃO INCLUSO)","KM",{"v":38791.41,"d":"38,791.41"},null,null,{"v":38791.41,"d":"38,791.41"}]
["I8147","MATERIAIS E ACESSÓRIOS PARA REDE DE DISTRIBUIÇÃO URBANA PRIMÁRIA NA TENSÃO DE 13,80 KV, PARA CABO DE COBRE, COM ESTRUTURA DE ALINHAMENTO EM POSTE DE CONCRETO ARMADO DUPLO T 150/10 (CONDUTOR NÃO INCLUSO)","KM",{"v":41835.58,"d":"41,835.58"},null,null,{"v":41835.58,"d":"41,835.58"}]
["I8126","MATERIAIS E ACESSÓRIOS PARA SUBESTAÇÃO ABRIGADA EM ALVENARIA DE 1000 KVA/13.800-380/220 V, ENTRADA AÉREA, COM POSTO DE MEDIÇÃO, DISJUNÇÃO E TRANSFORMAÇÃO, FORNECIDA COM QUADRO DE PROTEÇÃO GERAL DE BAIXA TENSÃO","UN",{"v":100979.43,"d":"100,979.43"},null,null,{"v":100979.43,"d":"100,979.43"}]
["I8127","MATERIAIS E ACESSÓRIOS PARA SUBESTAÇÃO ABRIGADA EM ALVENARIA DE 1250 KVA/13.800-380/220 V, ENTRADA AÉREA, COM POSTO DE MEDIÇÃO, DISJUNÇÃO E TRANSFORMAÇÃO, FORNECIDA COM QUADRO DE PROTEÇÃO GERAL DE BAIXA TENSÃO","UN",{"v":117037.43,"d":"117,037.43"},null,null,{"v":117037.43,"d":"117,037.43"}]
["I8128","MATERIAIS E ACESSÓRIOS PARA SUBESTAÇÃO ABRIGADA EM ALVENARIA DE 1500 KVA/13.800-380/220 V, ENTRADA AÉREA, COM POSTO DE MEDIÇÃO, DISJUNÇÃO E TRANSFORMAÇÃO, FORNECIDA COM QUADRO DE PROTEÇÃO GERAL DE BAIXA TENSÃO","UN",{"v":138053.07,"d":"138,053.07"},null,null,{"v":138053.07,"d":"138,053.07"}]
["I8122","MATERIAIS E ACESSÓRIOS PARA SUBESTAÇÃO ABRIGADA EM ALVENARIA DE 225 KVA/13.800-380/220 V, ENTRADA AÉREA, COM POSTO DE TRANSFORMAÇÃO, FORNECIDA COM QUADRO DE MEDIÇÃO E PROTEÇÃO GERAL DE BAIXA TENSÃO","UN",{"v":37899.9,"d":"37,899.90"},null,null,{"v":37899.9,"d":"37,899.90"}]
["I8123","MATERIAIS E ACESSÓRIOS PARA SUBESTAÇÃO ABRIGADA EM ALVENARIA DE 300 KVA/13.800-380/220 V, ENTRADA AÉREA, COM POSTO DE MEDIÇÃO, DISJUNÇÃO E TRANSFORMAÇÃO, FORNECIDA COM QUADRO DE PROTEÇÃO GERAL DE BAIXA TENSÃO","UN",{"v":65871.47,"d":"65,871.47"},null,null,{"v":65871.47,"d":"65,871.47"}]
["I8124","MATERIAIS E ACESSÓRIOS PARA SUBESTAÇÃO ABRIGADA EM ALVENARIA DE 500 KVA/13.800-380/220 V, ENTRADA AÉREA, COM POSTO DE MEDIÇÃO, DISJUNÇÃO E TRANSFORMAÇÃO, FORNECIDA COM QUADRO DE PROTEÇÃO GERAL DE BAIXA TENSÃO","UN",{"v":77571.96,"d":"77,571.96"},null,null,{"v":77571.96,"d":"77,571.96"}]
["I8125","MATERIAIS E ACESSÓRIOS PARA SUBESTAÇÃO ABRIGADA EM ALVENARIA DE 750 KVA/13.800-380/220 V, ENTRADA AÉREA, COM POSTO DE MEDIÇÃO, DISJUNÇÃO E TRANSFORMAÇÃO, FORNECIDA COM QUADRO DE PROTEÇÃO GERAL DE BAIXA TENSÃO","UN",{"v":88661.43,"d":"88,661.43"},null,null,{"v":88661.43,"d":"88,661.43"}]
["I8119","MATERIAIS E ACESSÓRIOS PARA SUBESTAÇÃO AÉREA DE 112,5 KVA / 13.800-380/220V COM QUADRO DE MEDIÇÃO E PROTEÇÃO GERAL","UN",{"v":11415.63,"d":"11,415.63"},null,null,{"v":11415.63,"d":"11,415.63"}]
["I8115","MATERIAIS E ACESSÓRIOS PARA SUBESTAÇÃO AÉREA DE 15 KVA / 13.800-380/220V COM QUADRO DE MEDIÇÃO E PROTEÇÃO GERAL","UN",{"v":6327.52,"d":"6,327.52"},null,null,{"v":6327.52,"d":"6,327.52"}]
["I8120","MATERIAIS E ACESSÓRIOS PARA SUBESTAÇÃO AÉREA DE 150 KVA / 13.800-380/220V COM QUADRO DE MEDIÇÃO E PROTEÇÃO GERAL","UN",{"v":13524.81,"d":"13,524.81"},null,null,{"v":13524.81,"d":"13,524.81"}]
["I8121","MATERIAIS E ACESSÓRIOS PARA SUBESTAÇÃO AÉREA DE 225 KVA / 13.800-380/220V COM QUADRO DE MEDIÇÃO E PROTEÇÃO GERAL","UN",{"v":17351.76,"d":"17,351.76"},null,null,{"v":17351.76,"d":"17,351.76"}]
["I8116","MATERIAIS E ACESSÓRIOS PARA SUBESTAÇÃO AÉREA DE 30 KVA / 13.800-380/220V COM QUADRO DE MEDIÇÃO E PROTEÇÃO GERAL","UN",{"v":7121.19,"d":"7,121.19"},null,null,{"v":7121.19,"d":"7,121.19"}]
["I8117","MATERIAIS E ACESSÓRIOS PARA SUBESTAÇÃO AÉREA DE 45 KVA / 13.800-380/220V COM QUADRO DE MEDIÇÃO E PROTEÇÃO GERAL","UN",{"v":7903.96,"d":"7,903.96"},null,null,{"v":7903.96,"d":"7,903.96"}]
["I8118","MATERIAIS E ACESSÓRIOS PARA SUBESTAÇÃO AÉREA DE 75 KVA / 13.800-380/220V COM QUADRO DE MEDIÇÃO E PROTEÇÃO GERAL","UN",{"v":9458.67,"d":"9,458.67"},null,null,{"v":9458.67,"d":"9,458.67"}]
["I8132","MATERIAIS E ACESSÓRIOS PARA SUBESTAÇÃO AO TEMPO AO NÍVEL DO SOLO DE 1000 KVA/13.800-380/220 V, COM CONJUNTO DE MEDIÇÃO PRIMÁRIA EM POSTE DE CONCRETO, POSTO DE DISJUNÇÃO EM CUBÍCULO METÁLICO, FORNECIDA COM QUADRO GERAL DE PROTEÇÃO DE BAIXA TENSÃO","UN",{"v":86324.22,"d":"86,324.22"},null,null,{"v":86324.22,"d":"86,324.22"}]
["I8133","MATERIAIS E ACESSÓRIOS PARA SUBESTAÇÃO AO TEMPO AO NÍVEL DO SOLO DE 1250 KVA/13.800-380/220 V, COM CONJUNTO DE MEDIÇÃO PRIMÁRIA EM POSTE DE CONCRETO, POSTO DE DISJUNÇÃO EM CUBÍCULO METÁLICO, FORNECIDA COM QUADRO GERAL DE PROTEÇÃO DE BAIXA TENSÃO","UN",{"v":102414.55,"d":"102,414.55"},null,null,{"v":102414.55,"d":"102,414.55"}]
["I8134","MATERIAIS E ACESSÓRIOS PARA SUBESTAÇÃO AO TEMPO AO NÍVEL DO SOLO DE 1500 KVA/13.800-380/220 V, COM CONJUNTO DE MEDIÇÃO PRIMÁRIA EM POSTE DE CONCRETO, POSTO DE DISJUNÇÃO EM CUBÍCULO METÁLICO, FORNECIDA COM QUADRO GERAL DE PROTEÇÃO DE BAIXA TENSÃO","UN",{"v":117635.39,"d":"117,635.39"},null,null,{"v":117635.39,"d":"117,635.39"}]
["I8129","MATERIAIS E ACESSÓRIOS PARA SUBESTAÇÃO AO TEMPO AO NÍVEL DO SOLO DE 300 KVA/13.800-380/220 V, COM CONJUNTO DE MEDIÇÃO PRIMÁRIA EM POSTE DE CONCRETO, POSTO DE DISJUNÇÃO EM CUBÍCULO METÁLICO, FORNECIDA COM QUADRO GERAL DE PROTEÇÃO DE BAIXA TENSÃO","UN",{"v":57600.03,"d":"57,600.03"},null,null,{"v":57600.03,"d":"57,600.03"}]
["I8130","MATERIAIS E ACESSÓRIOS PARA SUBESTAÇÃO AO TEMPO AO NÍVEL DO SOLO DE 500 KVA/13.800-380/220 V, COM CONJUNTO DE MEDIÇÃO PRIMÁRIA EM POSTE DE CONCRETO, POSTO DE DISJUNÇÃO EM CUBÍCULO METÁLICO, FORNECIDA COM QUADRO GERAL DE PROTEÇÃO DE BAIXA TENSÃO","UN",{"v":68102.42,"d":"68,102.42"},null,null,{"v":68102.42,"d":"68,102.42"}]
["I8131","MATERIAIS E ACESSÓRIOS PARA SUBESTAÇÃO AO TEMPO AO NÍVEL DO SOLO DE 750 KVA/13.800-380/220 V, COM CONJUNTO DE MEDIÇÃO PRIMÁRIA EM POSTE DE CONCRETO, POSTO DE DISJUNÇÃO EM CUBÍCULO METÁLICO, FORNECIDA COM QUADRO GERAL DE PROTEÇÃO DE BAIXA TENSÃO","UN",{"v":77207.74,"d":"77,207.74"},null,null,{"v":77207.74,"d":"77,207.74"}]
["I8143","MATERIAIS E ACESSÓRIOS PARA SUBESTAÇÃO AO TEMPO, AO NÍVEL DO SOLO, DE 10/12,5 MVA/69.000-13.800 V, COM 1 (UM) VÃO DE ENTRADA (69 KV) E 4 (QUATRO) VÃOS DE SAÍDA (13,8 KV) EM ESTRUTURA DE CONCRETO ARMADO, COM DISJUNTOR DE PROTEÇÃO NO PRIMÁRIO E SECUNDÁRIO, CASA DE COMANDO E BANCO DE CAPACITORES","UN",{"v":2436205.02,"d":"2,436,205.02"},null,null,{"v":2436205.02,"d":"2,436,205.02"}]
["I8144","MATERIAIS E ACESSÓRIOS PARA SUBESTAÇÃO AO TEMPO, AO NÍVEL DO SOLO, DE 15/20 MVA/69.000-13.800 V, COM 1 (UM) VÃO DE ENTRADA (69 KV) E 5 (CINCO) VÃOS DE SAÍDA (13,8 KV) EM ESTRUTURA DE CONCRETO ARMADO, COM DISJUNTOR DE PROTEÇÃO NO PRIMÁRIO E SECUNDÁRIO, TRANSFORMADOR COM REGULAÇÃO INCORPORADA, CASA DE COMANDO E BANCO DE CAPACITORES","UN",{"v":4316740.46,"d":"4,316,740.46"},null,null,{"v":4316740.46,"d":"4,316,740.46"}]
["I8145","MATERIAIS E ACESSÓRIOS PARA SUBESTAÇÃO AO TEMPO, AO NÍVEL DO SOLO, DE 20/33 MVA/69.000-13.800 V, COM 1 (UM) VÃO DE ENTRADA (69 KV) E 5 (CINCO) VÃOS DE SAÍDA (13,8 KV) EM ESTRUTURA DE CONCRETO ARMADO, COM DISJUNTOR DE PROTEÇÃO NO PRIMÁRIO E SECUNDÁRIO, TRANSFORMADOR COM REGULAÇÃO INCORPORADA, CASA DE COMANDO E BANCO DE CAPACITORES","UN",{"v":4923834.75,"d":"4,923,834.75"},null,null,{"v":4923834.75,"d":"4,923,834.75"}]
["I8141","MATERIAIS E ACESSÓRIOS PARA SUBESTAÇÃO AO TEMPO, AO NÍVEL DO SOLO, DE 5 MVA/69.000-13.800 V, COM 1 (UM) VÃO DE ENTRADA (69 KV) E 2 (DOIS) VÃOS DE SAÍDA (13,8 KV) EM ESTRUTURA DE CONCRETO ARMADO, COM DISJUNTOR DE PROTEÇÃO SOMENTE NO SECUNDÁRIO, CASA DE COMANDO E BANCO DE CAPACITORES","UN",{"v":1239432.33,"d":"1,239,432.33"},null,null,{"v":1239432.33,"d":"1,239,432.33"}]
["I8142","MATERIAIS E ACESSÓRIOS PARA SUBESTAÇÃO AO TEMPO, AO NÍVEL DO SOLO, DE 7,5 MVA/69.000-13.800 V, COM 1 (UM) VÃO DE ENTRADA (69 KV) E 3 (TRÊS) VÃOS DE SAÍDA (13,8 KV) EM ESTRUTURA DE CONCRETO ARMADO, COM DISJUNTOR DE PROTEÇÃO SOMENTE NO SECUNDÁRIO, CASA DE COMANDO E BANCO DE CAPACITORES","UN",{"v":1750417.85,"d":"1,750,417.85"},null,null,{"v":1750417.85,"d":"1,750,417.85"}]
["I8136","MATERIAIS E ACESSÓRIOS PARA SUBESTAÇÃO TIPO PEDESTAL DE 112,5 KVA/13.800-380/220 V, ENTRADA SUBTERRÂNEA, COM FUSÍVEL PRIMÁRIO BAIONETA, FORNECIDA COM PROTEÇÃO, SECCIONAMENTO GERAL E MEDIÇÃO EM BAIXA TENSÃO","UN",{"v":28232.5,"d":"28,232.50"},null,null,{"v":28232.5,"d":"28,232.50"}]
["I8137","MATERIAIS E ACESSÓRIOS PARA SUBESTAÇÃO TIPO PEDESTAL DE 150 KVA/13.800-380/220 V, ENTRADA SUBTERRÂNEA, COM FUSÍVEL PRIMÁRIO BAIONETA, FORNECIDA COM PROTEÇÃO, SECCIONAMENTO GERAL E MEDIÇÃO EM BAIXA TENSÃO","UN",{"v":30311.22,"d":"30,311.22"},null,null,{"v":30311.22,"d":"30,311.22"}]
["I8138","MATERIAIS E ACESSÓRIOS PARA SUBESTAÇÃO TIPO PEDESTAL DE 225 KVA/13.800-380/220 V, ENTRADA SUBTERRÂNEA, COM FUSÍVEL PRIMÁRIO BAIONETA, FORNECIDA COM PROTEÇÃO, SECCIONAMENTO GERAL E MEDIÇÃO EM BAIXA TENSÃO","UN",{"v":34469.78,"d":"34,469.78"},null,null,{"v":34469.78,"d":"34,469.78"}]
["I8139","MATERIAIS E ACESSÓRIOS PARA SUBESTAÇÃO TIPO PEDESTAL DE 300 KVA/13.800-380/220 V, ENTRADA SUBTERRÂNEA, COM FUSÍVEL PRIMÁRIO BAIONETA, FORNECIDA COM PROTEÇÃO, SECCIONAMENTO GERAL E MEDIÇÃO EM BAIXA TENSÃO","UN",{"v":38658.78,"d":"38,658.78"},null,null,{"v":38658.78,"d":"38,658.78"}]
["I8140","MATERIAIS E ACESSÓRIOS PARA SUBESTAÇÃO TIPO PEDESTAL DE 500 KVA/13.800-380/220 V, ENTRADA SUBTERRÂNEA, COM FUSÍVEL PRIMÁRIO BAIONETA, FORNECIDA COM PROTEÇÃO, SECCIONAMENTO GERAL E MEDIÇÃO EM BAIXA TENSÃO","UN",{"v":49780.86,"d":"49,780.86"},null,null,{"v":49780.86,"d":"49,780.86"}]
["I8135","MATERIAIS E ACESSÓRIOS PARA SUBESTAÇÃO TIPO PEDESTAL DE 75 KVA/13.800-380/220 V, ENTRADA SUBTERRÂNEA, COM FUSÍVEL PRIMÁRIO BAIONETA, FORNECIDA COM PROTEÇÃO, SECCIONAMENTO GERAL E MEDIÇÃO EM BAIXA TENSÃO","UN",{"v":26153.76,"d":"26,153.76"},null,null,{"v":26153.76,"d":"26,153.76"}]
["I2841","MATERIAL  DE OPERAÇÃO DO TRATOR DE ESTEIRAS C/ LÂMINA E ESC. (155 HP)","H",{"v":74.4,"d":"74.40"},null,null,{"v":74.4,"d":"74.40"}]
["I2709","MATERIAL DE OPERACAO AQ.FLUIDO TERMICO","H",{"v":99.6,"d":"99.60"},null,null,{"v":99.6,"d":"99.60"}]
["I2711","MATERIAL DE OPERAÇÃO BET.ELET.320L","H",{"v":2.175,"d":"2.18"},null,null,{"v":2.175,"d":"2.18"}]
["I2713","MATERIAL DE OPERAÇÃO BET.ELET.580L","H",{"v":3.2625,"d":"3.26"},null,null,{"v":3.2625,"d":"3.26"}]
["I2715","MATERIAL DE OPERAÇÃO BET.MOTOR DIESEL","H",{"v":3.6,"d":"3.60"},null,null,{"v":3.6,"d":"3.60"}]
["I2750","MATERIAL DE OPERAÇÃO DA BOMBA C/ MOTOR DIESEL","H",{"v":3.6,"d":"3.60"},null,null,{"v":3.6,"d":"3.60"}]
["I2717","MATERIAL DE OPERAÇÃO DA BOMBA ELÉTRICA P/ DRENAGEM (1,3 HP)","H",{"v":0.5655,"d":"0.57"},null,null,{"v":0.5655,"d":"0.57"}]
["I2718","MATERIAL DE OPERAÇÃO DA BOMBA ELÉTRICA P/ DRENAGEM (3,6 HP)","H",{"v":1.566,"d":"1.57"},null,null,{"v":1.566,"d":"1.57"}]
["I2720","MATERIAL DE OPERAÇÃO DA BOMBA SUBMERSÍVEL ABS","H",1.74,null,null,1.74]
["I2719","MATERIAL DE OPERAÇÃO DA BOMBA SUBMERSÍVEL FLYGT","H",1.74,null,null,1.74]
["I2747","MATERIAL DE OPERAÇÃO DA CAMINHONETE SAVEIRO","H",{"v":38.872,"d":"38.87"},null,null,{"$f":"D3413","v":{"v":38.872,"d":"38.87"}}]
["I2749","MATERIAL DE OPERAÇÃO DA CARREGADEIRA DE PNEUS","H",{"v":86.4,"d":"86.40"},null,null,{"v":86.4,"d":"86.40"}]
["I2752","MATERIAL DE OPERAÇÃO DA CARREGADEIRA DE PNEUS (111 HP)","H",{"v":53.279999999999994,"d":"53.28"},null,null,{"v":53.279999999999994,"d":"53.28"}]
["I2867","MATERIAL DE OPERAÇÃO DA CARREGADEIRA DE PNEUS (111 HP) (ALUGUEL)","H",{"v":37.296,"d":"37.30"},null,null,{"v":37.296,"d":"37.30"}]
["I2754","MATERIAL DE OPERAÇÃO DA CARREGADEIRA DE PNEUS (180 HP)","H",{"v":86.4,"d":"86.40"},null,null,{"v":86.4,"d":"86.40"}]
["I2869","MATERIAL DE OPERAÇÃO DA CARREGADEIRA DE PNEUS (180 HP) (ALUGUEL)","H",60.48,null,null,60.48]
["I2783","MATERIAL DE OPERAÇÃO DA DESEMPENADEIRA ELÉTRICA","H",{"v":0.435,"d":"0.44"},null,null,{"v":0.435,"d":"0.44"}]
["I2784","MATERIAL DE OPERAÇÃO DA DRAG LINE","H",{"v":67.2,"d":"67.20"},null,null,{"v":67.2,"d":"67.20"}]
["I2786","MATERIAL DE OPERAÇÃO DA ESCAVADEIRA HIDRÁULICA","H",50.88,null,null,50.88]
["I2883","MATERIAL DE OPERAÇÃO DA ESCAVADEIRA HIDRÁULICA (ALUGUEL)","H",{"v":35.616,"d":"35.62"},null,null,{"v":35.616,"d":"35.62"}]
["I2788","MATERIAL DE OPERAÇÃO DA ESMERILHADEIRA INDUSTRIAL","H",0.87,null,null,0.87]
["I8420","MATERIAL DE OPERAÇÃO DA FRESADORA A FRIO","H",142.56,null,null,142.56]
["I2808","MATERIAL DE OPERAÇÃO DA MÁQUINA DE POLIR","H",{"v":1.305,"d":"1.31"},null,null,{"v":1.305,"d":"1.31"}]
["I2806","MATERIAL DE OPERAÇÃO DA MÁQUINA P/ CONCRETO PROJETADO","H",5.22,null,null,5.22]
["I2810","MATERIAL DE OPERAÇÃO DA MÁQUINA P/ JATEAMENTO","H",3.84,null,null,3.84]
["I2812","MATERIAL DE OPERAÇÃO DA MÁQUINA P/ PINT. FAIXAS SINALIZ. AUTOP.","H",{"v":31.2,"d":"31.20"},null,null,{"v":31.2,"d":"31.20"}]
["I2814","MATERIAL DE OPERAÇÃO DA MESA VIBRATÓRIA E FORMAS","H",4.35,null,null,4.35]
["I2818","MATERIAL DE OPERAÇÃO DA MOTO ESCAV. TRANSPORTADOR","H",166.56,null,null,166.56]
["I2820","MATERIAL DE OPERAÇÃO DA MOTO NIVELADORA","H",{"v":67.2,"d":"67.20"},null,null,{"v":67.2,"d":"67.20"}]
["I2885","MATERIAL DE OPERAÇÃO DA MOTONIVELADORA (ALUGUEL)","H",47.04,null,null,47.04]
["I2829","MATERIAL DE OPERAÇÃO DA RÉGUA VIBRATÓRIA DE CONCRETO (1,5 HP)","H",{"v":0.6525,"d":"0.65"},null,null,{"v":0.6525,"d":"0.65"}]
["I2831","MATERIAL DE OPERAÇÃO DA RÉGUA VIBRATÓRIA DE CONCRETO (3 HP)","H",{"v":1.305,"d":"1.31"},null,null,{"v":1.305,"d":"1.31"}]
["I2826","MATERIAL DE OPERAÇÃO DA RETRO ESCAVADEIRA DE PNEUS","H",{"v":36,"d":"36.00"},null,null,{"v":36,"d":"36.00"}]
["I2887","MATERIAL DE OPERAÇÃO DA RETRO ESCAVADEIRA DE PNEUS (ALUGUEL)","H",{"v":25.2,"d":"25.20"},null,null,{"v":25.2,"d":"25.20"}]
["I2833","MATERIAL DE OPERAÇÃO DA ROÇADEIRA COSTAL","H",{"v":1.356,"d":"1.36"},null,null,{"v":1.356,"d":"1.36"}]
["I8398","MATERIAL DE OPERAÇÃO DA USINA DE MICRO-REVESTIMENTO","H",131.52,null,null,131.52]
["I2846","MATERIAL DE OPERAÇÃO DA USINA DE MISTURAS BETUM. A QUENTE","H",{"v":622.5,"d":"622.50"},null,null,{"v":622.5,"d":"622.50"}]
["I2893","MATERIAL DE OPERAÇÃO DA VIBRO ACABADORA MIST. BETUMINOSAS (ALUGUEL)","H",{"v":16.464,"d":"16.46"},null,null,{"v":16.464,"d":"16.46"}]
["I2895","MATERIAL DE OPERAÇÃO DE MÁQUINA DE SOLDA","H",3.48,null,null,3.48]
["I2704","MATERIAL DE OPERAÇÃO DO BATE ESTACA","H",{"v":13.919999999999998,"d":"13.92"},null,null,{"v":13.919999999999998,"d":"13.92"}]
["I2735","MATERIAL DE OPERAÇÃO DO CAMINHÃO ADAPTADO A JATO","H",{"v":43.519999999999996,"d":"43.52"},null,null,{"v":43.519999999999996,"d":"43.52"}]
["I2737","MATERIAL DE OPERAÇÃO DO CAMINHÃO ADAPTADO A VÁCUO","H",{"v":43.519999999999996,"d":"43.52"},null,null,{"v":43.519999999999996,"d":"43.52"}]
["I2859","MATERIAL DE OPERAÇÃO DO CAMINHÃO BASCULANTE 12 M3 (ALUGUEL)","H",{"v":41.216,"d":"41.22"},null,null,{"v":41.216,"d":"41.22"}]
["I2723","MATERIAL DE OPERAÇÃO DO CAMINHÃO BASCULANTE 12M3","H",{"v":58.879999999999995,"d":"58.88"},null,null,{"v":58.879999999999995,"d":"58.88"}]
["I2721","MATERIAL DE OPERAÇÃO DO CAMINHÃO BASCULANTE 6M3","H",{"v":43.519999999999996,"d":"43.52"},null,null,{"v":43.519999999999996,"d":"43.52"}]
["I2857","MATERIAL DE OPERAÇÃO DO CAMINHÃO BASCULANTE 6M3 (ALUGUEL)","H",{"v":30.464,"d":"30.46"},null,null,{"v":30.464,"d":"30.46"}]
["I2725","MATERIAL DE OPERAÇÃO DO CAMINHÃO BASCULANTE P/ ROCHA","H",{"v":58.879999999999995,"d":"58.88"},null,null,{"v":58.879999999999995,"d":"58.88"}]
["I2729","MATERIAL DE OPERAÇÃO DO CAMINHÃO C/ CARROCERIA DE MADEIRA (136 HP)","H",{"v":43.519999999999996,"d":"43.52"},null,null,{"v":43.519999999999996,"d":"43.52"}]
["I2731","MATERIAL DE OPERAÇÃO DO CAMINHÃO C/ CARROCERIA DE MADEIRA (184 HP)","H",{"v":58.879999999999995,"d":"58.88"},null,null,{"v":58.879999999999995,"d":"58.88"}]
["I2727","MATERIAL DE OPERAÇÃO DO CAMINHÃO C/ CARROCERIA DE MADEIRA (92 HP)","H",{"v":29.439999999999998,"d":"29.44"},null,null,{"v":29.439999999999998,"d":"29.44"}]
["I2733","MATERIAL DE OPERAÇÃO DO CAMINHÃO COMERC. EQUIP. C/ GUINDAUTO","H",{"v":43.519999999999996,"d":"43.52"},null,null,{"v":43.519999999999996,"d":"43.52"}]
["I2739","MATERIAL DE OPERAÇÃO DO CAMINHÃO DISTRIBUIDOR DE LIGANTE","H",{"v":74.708,"d":"74.71"},null,null,{"v":74.708,"d":"74.71"}]
["I2865","MATERIAL DE OPERAÇÃO DO CAMINHÃO DISTRIBUIDOR DE LIGANTE (ALUGUEL)","H",{"v":52.2956,"d":"52.30"},null,null,{"v":52.2956,"d":"52.30"}]
["I2741","MATERIAL DE OPERAÇÃO DO CAMINHÃO EQUIP. C/ USINA LAMA ASF.","H",{"v":55.724,"d":"55.72"},null,null,{"v":55.724,"d":"55.72"}]
["I2743","MATERIAL DE OPERAÇÃO DO CAMINHÃO TANQUE 6.000 L","H",{"v":43.519999999999996,"d":"43.52"},null,null,{"v":43.519999999999996,"d":"43.52"}]
["I2861","MATERIAL DE OPERAÇÃO DO CAMINHÃO TANQUE 6000 L (ALUGUEL)","H",{"v":30.464,"d":"30.46"},null,null,{"v":30.464,"d":"30.46"}]
["I2745","MATERIAL DE OPERAÇÃO DO CAMINHÃO TANQUE 8.000 L","H",{"v":58.879999999999995,"d":"58.88"},null,null,{"v":58.879999999999995,"d":"58.88"}]
["I2863","MATERIAL DE OPERAÇÃO DO CAMINHÃO TANQUE 8000 L (ALUGUEL)","H",{"v":41.216,"d":"41.22"},null,null,{"v":41.216,"d":"41.22"}]
["I2757","MATERIAL DE OPERAÇÃO DO CAVALO MEC. C/ PRANC. 2 EIXOS","H",{"v":72.96000000000001,"d":"72.96"},null,null,{"v":72.96000000000001,"d":"72.96"}]
["I2759","MATERIAL DE OPERAÇÃO DO CAVALO MEC. C/ PRANC. 3 EIXOS","H",107.84,null,null,107.84]
["I2871","MATERIAL DE OPERAÇÃO DO CAVALO MEC. C/ PRANCHA 2 EIXOS (ALUGUEL)","H",{"v":51.072,"d":"51.07"},null,null,{"v":51.072,"d":"51.07"}]
["I2873","MATERIAL DE OPERAÇÃO DO CAVALO MEC. C/ PRANCHA 3 EIXOS (ALUGUEL)","H",{"v":75.488,"d":"75.49"},null,null,{"v":75.488,"d":"75.49"}]
["I2881","MATERIAL DE OPERAÇÃO DO COMP. DE PNEUS PRESSÃO VAR. AUTOP. (ALUGUEL)","H",43.68,null,null,43.68]
["I2875","MATERIAL DE OPERAÇÃO DO COMP. LISO TANDEM AUTOPROPELIDO (ALUGUEL)","H",{"v":14.784,"d":"14.78"},null,null,{"v":14.784,"d":"14.78"}]
["I2877","MATERIAL DE OPERAÇÃO DO COMP. LISO VIBRATÓRIO AUTOPROPELIDO (ALUGUEL)","H",{"v":42.672000000000004,"d":"42.67"},null,null,{"v":42.672000000000004,"d":"42.67"}]
["I2879","MATERIAL DE OPERAÇÃO DO COMP. PÉ DE CARNEIRO VIB. AUTOPROP. (ALUGUEL)","H",{"v":42.672000000000004,"d":"42.67"},null,null,{"v":42.672000000000004,"d":"42.67"}]
["I2767","MATERIAL DE OPERAÇÃO DO COMPAC. DE PNEUS PRES. VAR. AUTOPR.","H",{"v":62.4,"d":"62.40"},null,null,{"v":62.4,"d":"62.40"}]
["I2761","MATERIAL DE OPERAÇÃO DO COMPAC. LISO TANDEM AUTOPR.","H",{"v":21.119999999999997,"d":"21.12"},null,null,{"v":21.119999999999997,"d":"21.12"}]
["I2763","MATERIAL DE OPERAÇÃO DO COMPAC. LISO VIBRAT. AUTOPROPELIDO","H",60.96,null,null,60.96]
["I2765","MATERIAL DE OPERAÇÃO DO COMPAC. PE DE CARN. VIBRAT. AUTOPR.","H",60.96,null,null,60.96]
["I2769","MATERIAL DE OPERAÇÃO DO COMPACTADOR DE PLACA VIBRATÓRIA (4HP)","H",1.92,null,null,1.92]
["I2771","MATERIAL DE OPERAÇÃO DO COMPACTADOR DE PLACA VIBRATÓRIA (7 HP)","H",{"v":3.3600000000000003,"d":"3.36"},null,null,{"v":3.3600000000000003,"d":"3.36"}]
["I2773","MATERIAL DE OPERAÇÃO DO COMPRESSOR DE AR 170PCM","H",37.92,null,null,37.92]
["I2775","MATERIAL DE OPERAÇÃO DO COMPRESSOR DE AR 250 PCM","H",45.12,null,null,45.12]
["I2777","MATERIAL DE OPERAÇÃO DO COMPRESSOR DE AR 335 PCM","H",{"v":57.120000000000005,"d":"57.12"},null,null,{"$f":"D3477","v":{"v":57.120000000000005,"d":"57.12"}}]
["I2779","MATERIAL DE OPERAÇÃO DO COMPRESSOR DE AR 765 PCM","H",129.12,null,null,129.12]
["I2782","MATERIAL DE OPERAÇÃO DO COMPUTADOR PENTIUM","H",{"v":0.435,"d":"0.44"},null,null,{"v":0.435,"d":"0.44"}]
["I2791","MATERIAL DE OPERAÇÃO DO GRUPO GERADOR 145 KVA","H",{"v":86.4,"d":"86.40"},null,null,{"v":86.4,"d":"86.40"}]
["I2793","MATERIAL DE OPERAÇÃO DO GRUPO GERADOR 180 KVA","H",{"v":108,"d":"108.00"},null,null,{"v":108,"d":"108.00"}]
["I2789","MATERIAL DE OPERAÇÃO DO GRUPO GERADOR 36 KVA","H",{"v":21.6,"d":"21.60"},null,null,{"v":21.6,"d":"21.60"}]
["I2795","MATERIAL DE OPERAÇÃO DO GUINDASTE DE TORRE (11 HP)","H",{"v":4.785,"d":"4.79"},null,null,{"v":4.785,"d":"4.79"}]
["I2797","MATERIAL DE OPERAÇÃO DO GUINDASTE DE TORRE (20 HP)","H",{"v":8.7,"d":"8.70"},null,null,{"v":8.7,"d":"8.70"}]
["I2799","MATERIAL DE OPERAÇÃO DO GUINDASTE DE TORRE (40 HP)","H",{"v":17.4,"d":"17.40"},null,null,{"v":17.4,"d":"17.40"}]
["I2803","MATERIAL DE OPERAÇÃO DO GUINDASTE HIDRÁULICO SOBRE PNEUS (142 HP)","H",68.16,null,null,68.16]
["I2801","MATERIAL DE OPERAÇÃO DO GUINDASTE HIDRÁULICO SOBRE PNEUS (45 HP)","H",{"v":21.6,"d":"21.60"},null,null,{"v":21.6,"d":"21.60"}]
["I2816","MATERIAL DE OPERAÇÃO DO MICROTRATOR C/ APAR. DE GRAMA","H",4.32,null,null,4.32]
["I2824","MATERIAL DE OPERAÇÃO DO PLOTTER","H",{"v":0.435,"d":"0.44"},null,null,{"v":0.435,"d":"0.44"}]
["I2889","MATERIAL DE OPERAÇÃO DO TRATOR DE ESTEIRA C/ LÂM. E ESCARIF. (ALUGUEL)","H",52.08,null,null,52.08]
["I2839","MATERIAL DE OPERAÇÃO DO TRATOR DE ESTEIRAS C/ LÂMINA","H",157.44,null,null,157.44]
["I2837","MATERIAL DE OPERAÇÃO DO TRATOR DE ESTEIRAS C/ LÂMINA E ESC. (328 HP)","H",157.44,null,null,157.44]
["I2843","MATERIAL DE OPERAÇÃO DO TRATOR DE PNEUS","H",{"v":48,"d":"48.00"},null,null,{"v":48,"d":"48.00"}]
["I2891","MATERIAL DE OPERAÇÃO DO TRATOR DE PNEUS (ALUGUEL)","H",{"v":33.6,"d":"33.60"},null,null,{"v":33.6,"d":"33.60"}]
["I2855","MATERIAL DE OPERAÇÃO DO VEÍCULO UTILITÁRIO KOMBI","H",{"v":38.872,"d":"38.87"},null,null,{"v":38.872,"d":"38.87"}]
["I2849","MATERIAL DE OPERAÇÃO DO VIBRADOR IMERSÃO C/ MOTOR DIESEL","H",0.96,null,null,0.96]
["I2851","MATERIAL DE OPERAÇÃO DO VIBRADOR IMERSÃO C/ MOTOR ELÉTRICO","H",0.87,null,null,0.87]
["I2853","MATERIAL DE OPERAÇÃO DO VIBRO ACABAD. DE MISTURAS BETUM.","H",23.52,null,null,23.52]
["I8972","MATERIAL DE OPERAÇÃO MOTO CG 125","H",{"v":5.2432,"d":"5.24"},null,null,{"v":5.2432,"d":"5.24"}]
["I1519","MATERIAL PARA EMENDA DE CALHAS DE FIBERGLASS","KG",12.83,null,null,{"$f":"D3500","v":12.83}]
["I7460","MATRIX DE CHAVEAMENTO MICROPROCESSADA, LOOP DE INPUTS INCORPORADO, 24 ENTRADAS, 4 SAÍDAS, CCU INCORPORADA, ALIMENTAÇÃO 220 VAC, CONEXÕES EM BNC","UN",{"v":8355.43,"d":"8,355.43"},null,null,{"$f":"D3501","v":{"v":8355.43,"d":"8,355.43"}}]
["I1520","MEADA","KG",5.25,null,null,{"$f":"D3502","v":5.25}]
["I2378","MECANICO HIDROMETRO INIC. CAGE","H",{"v":10.8,"d":"10.80"},{"v":23.3636,"d":"23.36"},"MO",{"$f":"E3503","v":{"v":23.3636,"d":"23.36"}}]
["I8589","MÉDICO DO TRABALHO (COM ENCARGOS INCLUSOS)","HxMÊS",null,{"v":6673.2,"d":"6,673.20"},null,{"$f":"E3504","v":{"v":6673.2,"d":"6,673.20"}}]
["I8919","MEDIDOR DE COR, IN-LINE, FAIXA, 0 A 300UH, SAÍDA 4-20MA","UN",{"v":103785.24,"d":"103,785.24"},null,null,{"$f":"D3505","v":{"v":103785.24,"d":"103,785.24"}}]
["I7440","MEDIDOR DE GRANDEZAS ELÉTRICAS TIPO \"POWER METER\" PM 600 SCHNEIDER COM DISPLAY NÃO INCORPORADO","UN",{"v":6015.91,"d":"6,015.91"},null,null,{"v":6015.91,"d":"6,015.91"}]
["I8881","MEDIDOR DE VAZÃO ELETROMAGNÉTICO DN 250 C/ CONV./TOTALIZAD","UN",{"v":11025,"d":"11,025.00"},null,null,{"v":11025,"d":"11,025.00"}]
["I8880","MEDIDOR DE VAZÃO ELETROMAGNÉTICO DN 300 C/ CONV./TOTALIZAD","UN",{"v":12852.91,"d":"12,852.91"},null,null,{"v":12852.91,"d":"12,852.91"}]
["I8882","MEDIDOR DE VAZÃO ELETROMAGNÉTICO DN 500 C/ CONV./TOTALIZAD","UN",{"v":25900,"d":"25,900.00"},null,null,{"v":25900,"d":"25,900.00"}]
["I8883","MEDIDOR DE VAZÃO ELETROMAGNÉTICO DN 80 C/ CONV./TOTALIZAD","UN",{"v":6945.75,"d":"6,945.75"},null,null,{"v":6945.75,"d":"6,945.75"}]
["I2956","MEDIDOR DE VAZÃO MAGNÉTICO DN 100 C/ CONV./ TOTALIZAD","UN",{"v":7697.49,"d":"7,697.49"},null,null,{"v":7697.49,"d":"7,697.49"}]
["I2957","MEDIDOR DE VAZÃO MAGNÉTICO DN 150 C/ CONV./ TOTALIZAD","UN",{"v":9615.6,"d":"9,615.60"},null,null,{"v":9615.6,"d":"9,615.60"}]
["I2958","MEDIDOR DE VAZÃO MAGNÉTICO DN 200 C/ CONV./ TOTALIZAD","UN",{"v":11395.8,"d":"11,395.80"},null,null,{"v":11395.8,"d":"11,395.80"}]
["I2959","MEDIDOR DE VAZÃO MAGNÉTICO DN 250 C/ CONV./ TOTALIZAD","UN",{"v":12235.74,"d":"12,235.74"},null,null,{"v":12235.74,"d":"12,235.74"}]
["I2960","MEDIDOR DE VAZÃO MAGNÉTICO DN 350 C/ CONV./ TOTALIZAD","UN",{"v":15984.21,"d":"15,984.21"},null,null,{"v":15984.21,"d":"15,984.21"}]
["I2954","MEDIDOR DE VAZÃO MAGNÉTICO DN 50 C/ CONV./ TOTALIZAD","UN",{"v":5904.75,"d":"5,904.75"},null,null,{"v":5904.75,"d":"5,904.75"}]
["I2955","MEDIDOR DE VAZÃO MAGNÉTICO DN 75 C/ CONV./ TOTALIZAD","UN",{"v":6694.56,"d":"6,694.56"},null,null,{"v":6694.56,"d":"6,694.56"}]
["I2520","MEIO FIO DE PEDRA GRANITICA","M",{"v":8.2528,"d":"8.25"},null,null,{"v":8.2528,"d":"8.25"}]
["I0971","MEIO FIO PRE MOLDADO DIM.=(0,07x0,30x1,00)m","M",11.27,null,null,11.27]
["I1521","MEMBRANA ACRILICA","KG",11.72,null,null,11.72]
["I1522","MEMBRANA ELASTICA","KG",5.62,null,null,5.62]
["I7961","MERGULHADOR","H",{"v":13.6,"d":"13.60"},{"v":29.4209,"d":"29.42"},"MO",{"$f":"E3522","v":{"v":29.4209,"d":"29.42"}}]
["I8920","MESA DE COMANDO PARA VÁLVULAS LAVAGEM FILTROS (8X3/4CV - 380V - 60HZ","UN",{"v":14567.03,"d":"14,567.03"},null,null,{"$f":"D3523","v":{"v":14567.03,"d":"14,567.03"}}]
["I8921","MESA DE PLÁSTICO QUADRADA","UN",73.53,null,null,{"$f":"D3524","v":73.53}]
["I2644","MESA VIBRATÓRIA E FORMAS","UN",{"v":20692,"d":"20,692.00"},null,null,{"$f":"D3525","v":{"v":20692,"d":"20,692.00"}}]
["I0639","MESA VIBRATÓRIA E FORMAS (CHI)","H",{"v":6.245672,"d":"6.25"},{"v":11.922572,"d":"11.92"},null,{"$f":"E3526","v":{"v":11.922572,"d":"11.92"}}]
["I0753","MESA VIBRATÓRIA E FORMAS (CHP)","H",{"v":13.492552,"d":"13.49"},{"v":19.169452,"d":"19.17"},null,{"$f":"E3527","v":{"v":19.169452,"d":"19.17"}}]
["I7989","MESTRE DE LINHA","H",{"v":13.6,"d":"13.60"},{"v":29.4209,"d":"29.42"},"MO",{"$f":"E3528","v":{"v":29.4209,"d":"29.42"}}]
["I2521","MICRO ESFERA DE VIDRO","KG",4.51,null,null,{"$f":"D3529","v":4.51}]
["I9057","MICROCONCRETO PARA REPAROS PROFUNDOS ATÉ 300MM","KG",{"v":2.6,"d":"2.60"},null,null,{"$f":"D3530","v":{"v":2.6,"d":"2.60"}}]
["I2689","MICROTRATOR C/ APAR. DE GRAMA","UN",{"v":24342,"d":"24,342.00"},null,null,{"$f":"D3531","v":{"v":24342,"d":"24,342.00"}}]
["I0640","MICROTRATOR C/APAR. DE GRAMA (CHI)","H",{"v":9.09539,"d":"9.10"},{"v":18.40179,"d":"18.40"},null,{"$f":"E3532","v":{"v":18.40179,"d":"18.40"}}]
["I0754","MICROTRATOR C/APAR. DE GRAMA (CHP)","H",{"v":18.89234,"d":"18.89"},{"v":28.19874,"d":"28.20"},null,{"$f":"E3533","v":{"v":28.19874,"d":"28.20"}}]
["I1523","MICTORIO COLETIVO DE AÇO INOXIDAVEL","M",482.53,null,null,{"$f":"D3534","v":482.53}]
["I1524","MICTORIO DE LOUÇA BRANCA COM ACESSÓRIOS","UN",{"v":201.5,"d":"201.50"},null,null,{"v":201.5,"d":"201.50"}]
["I6128","MINI POSTE 1,50 M, REX MONO E ROLD. (PADRÃO MUTIRÃO)","UN",18.87,null,null,18.87]
["I2379","MINI POSTE F.G. 1 1/14\" C/2.00M E REX MONOFASICO","UN",47.96,null,null,47.96]
["I7988","MISCELÂNEOS","UN",137.03,null,null,137.03]
["I8922","MISTURADOR SUBMERSÍVEL TRIFÁSICO PARA LÍQUIDOS CORROSIVOS - P=4 CV","UN",{"v":6532.3,"d":"6,532.30"},null,null,{"v":6532.3,"d":"6,532.30"}]
["I7503","MODULAR CARD SLOT FILLER FOR PLC MOD. 1746 - N2 AB","UN",24.71,null,null,24.71]
["I8955","MÓDULO ACOPLADOR DP/PA","UN",{"v":5957.05,"d":"5,957.05"},null,null,{"v":5957.05,"d":"5,957.05"}]
["I8923","MÓDULO CAPACITOR TRIFÁSICO 440V, 60HZ, EM CANECA DE ALUMÍNIO CILÍNDRICA, C/ DISPOSITIVO ANTI-EXPLOSÃO, POTÊNCIA DE 1,0KVAr","UN",52.53,null,null,52.53]
["I8924","MÓDULO CAPACITOR TRIFÁSICO 440V, 60HZ, EM CANECA DE ALUMÍNIO CILÍNDRICA, C/ DISPOSITIVO ANTI-EXPLOSÃO, POTÊNCIA DE 10,0KVAr","UN",128.96,null,null,128.96]
["I8925","MÓDULO CAPACITOR TRIFÁSICO 440V, 60HZ, EM CANECA DE ALUMÍNIO CILÍNDRICA, C/ DISPOSITIVO ANTI-EXPLOSÃO, POTÊNCIA DE 2,5KVAr","UN",65.49,null,null,65.49]
["I8926","MÓDULO CAPACITOR TRIFÁSICO 440V, 60HZ, EM CANECA DE ALUMÍNIO CILÍNDRICA, C/ DISPOSITIVO ANTI-EXPLOSÃO, POTÊNCIA DE 3,0KVAr","UN",{"v":68.3,"d":"68.30"},null,null,{"v":68.3,"d":"68.30"}]
["I8884","MÓDULO CPU REMOTA C/ 3 PORTAS ETHERNET INDUSTRIAL TCP/IP E 1 PORTA PROFIBUS-DP INTEGRADA","UN",{"v":3987.92,"d":"3,987.92"},null,null,{"v":3987.92,"d":"3,987.92"}]
["I6368","MÓDULO DE CONTROLE DE SIRENE","UN",54.91,null,null,54.91]
["I8441","MÓDULO DE EMERGÊNCIA PARA LUMINÁRIA COMUM - FORNECIMENTO E INSTALAÇÃO","UN",88.09,null,null,88.09]
["I8927","MÓDULO DE REDUNDÂNCIA DE FONTES VDC 15A","UN",827.56,null,null,827.56]
["I6369","MÓDULO DE SINALIZAÇÃO DE DETECTORES","UN",68.64,null,null,68.64]
["I8885","MÓDULO INTERFACE PROFIBUS-DP MASTER","UN",{"v":2818.2,"d":"2,818.20"},null,null,{"v":2818.2,"d":"2,818.20"}]
["I7980","MÓDULO PARA COMUNICAÇÃO EM REDE RS 485 PROTOCOLO MODBUS RTU","UN",{"v":2293.86,"d":"2,293.86"},null,null,{"v":2293.86,"d":"2,293.86"}]
["I8928","MÓDULO UPS 24 Vdc/6A","UN",852.38,null,null,852.38]
["I1525","MOLA HIDRAULICA P/PORTA DE VIDRO (1012)","UN",{"v":564.8,"d":"564.80"},null,null,{"v":564.8,"d":"564.80"}]
["I1526","MOLA P/ PORTA, TIPO \"COIMBRA\"","UN",173.36,null,null,173.36]
["I7379","MOLDE P/ SOLDA TIPO \"T\" ATÉ 35mm²","UN",176.58,null,null,176.58]
["I1527","MOLDURA 110X110MM P/CAIXA LIGAÇÃO","UN",22.93,null,null,22.93]
["I8929","MONITOR DE COAGULAÇÃO, IN-LINE, SAÍDA 4-20 MA","UN",{"v":48765.23,"d":"48,765.23"},null,null,{"v":48765.23,"d":"48,765.23"}]
["I7462","MONITOR INDUSTRIAL DE VÍDEO COLORIDO, DIGITAL, TELA 19\", PORTA PARALELA","UN",{"v":1430.46,"d":"1,430.46"},null,null,{"v":1430.46,"d":"1,430.46"}]
["I7463","MONITOR INDUSTRIAL DE VÍDEO COLORIDO, VÍDEO COMPOSTO, 2 CANAIS DE ENTRADA E 1 DE SAÍDA, DIMENSÕES 14\"","UN",816.76,null,null,816.76]
["I1530","MONTADOR","H",{"v":7.2,"d":"7.20"},{"v":15.5758,"d":"15.58"},"MO",{"$f":"E3561","v":{"v":15.5758,"d":"15.58"}}]
["I1531","MOSAICO VIDROSO 2X2CM","M2",177.78,null,null,{"$f":"D3562","v":177.78}]
["I8968","MOTO CG 125","UN",{"v":7298,"d":"7,298.00"},null,null,{"$f":"D3563","v":{"v":7298,"d":"7,298.00"}}]
["I8970","MOTO COM MOTOQUEIRO ENCANADOR (CHI)","H",{"v":6.752728,"d":"6.75"},{"v":14.302528,"d":"14.30"},null,{"$f":"E3564","v":{"v":14.302528,"d":"14.30"}}]
["I8969","MOTO COM MOTOQUEIRO ENCANADOR(CHP)","H",{"v":13.309568,"d":"13.31"},{"v":20.859368,"d":"20.86"},null,{"$f":"E3565","v":{"v":20.859368,"d":"20.86"}}]
["I0641","MOTO ESCAV. TRANSPORTADOR (CHI)","H",{"v":178.18887941176473,"d":"178.19"},{"v":190.28717941176473,"d":"190.29"},null,{"$f":"E3566","v":{"v":190.28717941176473,"d":"190.29"}}]
["I0755","MOTO ESCAV. TRANSPORTADOR (CHP)","H",{"v":1059.4052176470589,"d":"1,059.41"},{"v":1071.503517647059,"d":"1,071.50"},null,{"$f":"E3567","v":{"v":1071.503517647059,"d":"1,071.50"}}]
["I2690","MOTO ESCAVO TRANSPORTADOR","UN",{"v":4225794,"d":"4,225,794.00"},null,null,{"$f":"D3568","v":{"v":4225794,"d":"4,225,794.00"}}]
["I0642","MOTO NIVELADORA (CHI)","H",{"v":38.6607619047619,"d":"38.66"},{"v":52.6203619047619,"d":"52.62"},null,{"$f":"E3569","v":{"v":52.6203619047619,"d":"52.62"}}]
["I0756","MOTO NIVELADORA (CHP)","H",{"v":185.8430476190476,"d":"185.84"},{"v":199.8026476190476,"d":"199.80"},null,{"$f":"E3570","v":{"v":199.8026476190476,"d":"199.80"}}]
["I8683","MOTOBOMBA DE LAVAGEM","H",{"v":2.6,"d":"2.60"},null,null,{"$f":"E3571","v":{"v":0,"d":"0.00"}}]
["I2645","MOTONIVELADORA","UN",{"v":699845,"d":"699,845.00"},null,null,{"$f":"D3572","v":{"v":699845,"d":"699,845.00"}}]
["I2646","MOTONIVELADORA - ALUGUEL","UN",{"v":699845,"d":"699,845.00"},null,null,{"$f":"D3573","v":{"v":699845,"d":"699,845.00"}}]
["I0643","MOTONIVELADORA - ALUGUEL (CHI)","H",{"v":37.99424285714285,"d":"37.99"},{"v":51.95384285714285,"d":"51.95"},null,{"$f":"E3574","v":{"v":51.95384285714285,"d":"51.95"}}]
["I0757","MOTONIVELADORA - ALUGUEL (CHP)","H",{"v":135.02317142857143,"d":"135.02"},{"v":148.98277142857143,"d":"148.98"},null,{"$f":"E3575","v":{"v":148.98277142857143,"d":"148.98"}}]
["I8978","MOTOQUEIRO/ENCANADOR","H",6.49,{"v":14.0398,"d":"14.04"},"MO",{"$f":"E3576","v":{"v":14.0398,"d":"14.04"}}]
["I8886","MOTOR ELÉTRICO P/ ACIONAMENTO DE COMPORTAS, P=1 CV","UN",{"v":15813.88,"d":"15,813.88"},null,null,{"$f":"D3577","v":{"v":15813.88,"d":"15,813.88"}}]
["I8887","MOTOR ELÉTRICO P/ ACIONAMENTO DE VÁLVULAS BORBOLETAS 250 MM, P=1CV","UN",{"v":13674.13,"d":"13,674.13"},null,null,{"$f":"D3578","v":{"v":13674.13,"d":"13,674.13"}}]
["I8888","MOTOR ELÉTRICO P/ ACIONAMENTO DE VÁLVULAS BORBOLETAS 400 MM, P=1CV","UN",{"v":16750.81,"d":"16,750.81"},null,null,{"$f":"D3579","v":{"v":16750.81,"d":"16,750.81"}}]
["I8889","MOTOR ELÉTRICO P/ ACIONAMENTO DE VÁLVULAS BORBOLETAS 600 MM, P=1CV","UN",{"v":16750.81,"d":"16,750.81"},null,null,{"$f":"D3580","v":{"v":16750.81,"d":"16,750.81"}}]
["I2380","MOTORISTA","H",{"v":8,"d":"8.00"},{"v":17.3064,"d":"17.31"},"MO",{"$f":"E3581","v":{"v":17.3064,"d":"17.31"}}]
["I8603","MOTORISTA (COM ENCARGOS INCLUSOS)","HxMÊS",null,{"v":3049.02,"d":"3,049.02"},null,{"$f":"E3582","v":{"v":3049.02,"d":"3,049.02"}}]
["I2545","MOTORISTA DE CARRETA","H",{"v":10.4,"d":"10.40"},{"v":22.4983,"d":"22.50"},"MO",{"$f":"E3583","v":{"v":22.4983,"d":"22.50"}}]
["I1532","MOURÃO CONCRETO 'T' H=2.7M C/45CM INCL. 3 FUROS","UN",{"v":29.7,"d":"29.70"},null,null,{"$f":"D3584","v":{"v":29.7,"d":"29.70"}}]
["I1533","MOURÃO CONCRETO BASE 15X15CM H=2.3 C/ 12 FUROS","UN",{"v":26.7,"d":"26.70"},null,null,{"v":26.7,"d":"26.70"}]
["I1534","MOURÃO CONCRETO COM ENCAIXE 12X12X260CM","UN",{"v":32,"d":"32.00"},null,null,{"v":32,"d":"32.00"}]
["I1535","MUFLA INTERNA/EXTERNA 15KV","UN",{"v":659.2,"d":"659.20"},null,null,{"v":659.2,"d":"659.20"}]
["I8930","MULTIMEDIDOR DE GRANDEZAS ELÉTRICAS, DIGITAL, COM MEMÓRIA DE MASSA 800KB, 4 REGISTROS DE DADOS, DISPLAY LCD, SAÍDA 485/234, OU ACOMPANHADO DE CONVERSOR, ENTRADA TRIFÁSICA ATÉ 600VCA, ENTRADA DE CORRENTE 5A","UN",{"v":2033,"d":"2,033.00"},null,null,{"v":2033,"d":"2,033.00"}]
["I1538","NEOPRENE P/ JUNTAS DE DILATAÇÃO","M",28.35,null,null,28.35]
["I7506","NET CONVERTER USB/DH 485 MODULAR, MOD. 1747 - UIC","UN",778.07,null,null,778.07]
["I6358","NIPLE DUPLO AÇO GALV. COM ROSCA DN 1\"","UN",{"v":4.4,"d":"4.40"},null,null,{"v":4.4,"d":"4.40"}]
["I6355","NIPLE DUPLO AÇO GALV. COM ROSCA DN 2\"","UN",13.74,null,null,13.74]
["I1539","NIPLE DUPLO AÇO GALVANIZADO 1 1/4''","UN",{"v":8,"d":"8.00"},null,null,{"v":8,"d":"8.00"}]
["I1540","NIPLE DUPLO AÇO GALVANIZADO 1/2''","UN",{"v":2.5,"d":"2.50"},null,null,{"v":2.5,"d":"2.50"}]
["I1541","NIPLE DUPLO AÇO GALVANIZADO 2 1/2''","UN",{"v":25.6,"d":"25.60"},null,null,{"v":25.6,"d":"25.60"}]
["I8662","NIPLE DUPLO AÇO GALVANIZADO 3\"","UN",24.48,null,null,24.48]
["I1542","NIPLE DUPLO AÇO GALVANIZADO 4''","UN",{"v":57.3,"d":"57.30"},null,null,{"v":57.3,"d":"57.30"}]
["I1543","NIPLE DUPLO REDUCÃO GALV 1 1/4X1/2''","UN",8.15,null,null,8.15]
["I1544","NIPLE DUPLO REDUCÃO GALV 2 1/2X1 1/4''","UN",25.21,null,null,25.21]
["I1545","NIPLE DUPLO REDUCÃO GALV 3/4X1/2''","UN",{"v":3.9,"d":"3.90"},null,null,{"v":3.9,"d":"3.90"}]
["I1546","NIPLE DUPLO REDUCÃO GALV 3X2''","UN",35.96,null,null,35.96]
["I1547","NIPLE PVC COM ROSCA DE 1 1/4''","UN",{"v":4.1,"d":"4.10"},null,null,{"v":4.1,"d":"4.10"}]
["I1548","NIPLE PVC COM ROSCA DE 2 1/2''","UN",14.13,null,null,14.13]
["I2381","NIPLE PVC COM ROSCA DE 3/4\"","UN",0.75,null,null,0.75]
["I9055","NITOBOND AR EMULSÃO P/APLICAÇÃO DE PONTE DE ADERÊNCIA","KG",5.52,null,null,5.52]
["I2691","NÍVEL","UN",{"v":5234,"d":"5,234.00"},null,null,{"v":5234,"d":"5,234.00"}]
["I0644","NÍVEL (CHI)","H",{"v":11.797396571428571,"d":"11.80"},{"v":25.29169657142857,"d":"25.29"},null,{"$f":"E3607","v":{"v":25.29169657142857,"d":"25.29"}}]
["I0758","NÍVEL (CHP)","H",{"v":12.186208,"d":"12.19"},{"v":25.680508,"d":"25.68"},null,{"$f":"E3608","v":{"v":25.680508,"d":"25.68"}}]
["I2382","NIVELADOR","H",{"v":11.6,"d":"11.60"},{"v":25.0943,"d":"25.09"},"MO",{"$f":"E3609","v":{"v":25.0943,"d":"25.09"}}]
["I8593","NIVELADOR (COM ENCARGOS INCLUSOS)","HxMÊS",null,{"v":4421.08,"d":"4,421.08"},null,{"$f":"E3610","v":{"v":4421.08,"d":"4,421.08"}}]
["I7432","NO-BREAK 3Ø, 380/380 VAC-LL, 60 Hz, 2000VA, BATERIAS INCORPORADAS, AUTO-PORTANTE EM GABINETE IP-44","CJ",{"v":917.1,"d":"917.10"},null,null,{"$f":"D3611","v":{"v":917.1,"d":"917.10"}}]
["I2383","NOFUSE DE 70 A.","UN",70.24,null,null,70.24]
["I6395","NOTEBOOK, 40 GB, 516MB, 2,5MHz, DRIVERS","UN",{"v":2343.44,"d":"2,343.44"},null,null,{"v":2343.44,"d":"2,343.44"}]
["I6794","NÚCLEO P/01 LUMINÁRIA   FAB. REEME REF.:ZE-157 OU SIMILAR","UN",{"v":57.7,"d":"57.70"},null,null,{"v":57.7,"d":"57.70"}]
["I6797","NÚCLEO P/02 LUMINÁRIAS FAB. REEME REF.:ZE-157 OU SIMILAR","UN",{"v":72,"d":"72.00"},null,null,{"v":72,"d":"72.00"}]
["I6798","NÚCLEO P/03 LUMINÁRIAS FAB. REEME REF.:ZE-157 OU SIMILAR","UN",{"v":94.7,"d":"94.70"},null,null,{"v":94.7,"d":"94.70"}]
["I6799","NÚCLEO P/04 LUMINÁRIAS FAB. REEME REF.:ZE-157 OU SIMILAR","UN",{"v":129.9163,"d":"129.92"},null,null,{"v":129.9163,"d":"129.92"}]
["I8931","ÓCULOS DE PLÁSTICO TRANSPARENTE C/ PROTEÇÃO DE PARTÍCULAS VOLANTES","UN",{"v":5.5,"d":"5.50"},null,null,{"v":5.5,"d":"5.50"}]
["I8932","ÓCULOS INCOLOR ANTIEMBAÇANTE","UN",18.69,null,null,18.69]
["I2295","ÓLEO DE LINHACA","L",17.54,null,null,17.54]
["I2706","OLEO DIESEL","L",{"v":3.2,"d":"3.20"},null,null,{"v":3.2,"d":"3.20"}]
["I8078","OLHAL PARA PARAFUSO","UN",8.46,null,null,8.46]
["I1549","OLHAL PARA PARAFUSO DE 5/8''","UN",12.41,null,null,12.41]
["I1550","OPERADOR BOMBA CONCRETO","H",{"v":7.2,"d":"7.20"},{"v":15.5758,"d":"15.58"},"MO",{"$f":"E3624","v":{"v":15.5758,"d":"15.58"}}]
["I2546","OPERADOR DE AQUECEDOR DE FLUIDO TERMICO","H",{"v":7.2,"d":"7.20"},{"v":15.5758,"d":"15.58"},"MO",{"v":15.5758,"d":"15.58"}]
["I2547","OPERADOR DE BATE ESTACA","H",{"v":13.6,"d":"13.60"},{"v":29.4209,"d":"29.42"},"MO",{"v":29.4209,"d":"29.42"}]
["I2548","OPERADOR DE BETONEIRA","H",{"v":7.2,"d":"7.20"},{"v":15.5758,"d":"15.58"},"MO",{"v":15.5758,"d":"15.58"}]
["I1551","OPERADOR DE BOMBA A JATO","H",{"v":7.2,"d":"7.20"},{"v":15.5758,"d":"15.58"},"MO",{"v":15.5758,"d":"15.58"}]
["I2549","OPERADOR DE CALDEIRA ESPARGIDORA DE ASFALTO","H",{"v":9.6,"d":"9.60"},{"v":20.7677,"d":"20.77"},"MO",{"v":20.7677,"d":"20.77"}]
["I2550","OPERADOR DE CARREGADEIRA","H",{"v":10.4,"d":"10.40"},{"v":22.4983,"d":"22.50"},"MO",{"v":22.4983,"d":"22.50"}]
["I2551","OPERADOR DE COMPACTADOR AUTO PROPELIDO","H",{"v":10.4,"d":"10.40"},{"v":22.4983,"d":"22.50"},"MO",{"v":22.4983,"d":"22.50"}]
["I2552","OPERADOR DE COMPACTADOR DE PLACA VIBRATORIA","H",{"v":7.2,"d":"7.20"},{"v":15.5758,"d":"15.58"},"MO",{"v":15.5758,"d":"15.58"}]
["I2553","OPERADOR DE COMPRESSOR DE AR","H",{"v":10.4,"d":"10.40"},{"v":22.4983,"d":"22.50"},"MO",{"v":22.4983,"d":"22.50"}]
["I2384","OPERADOR DE COMPUTADOR","H",{"v":10.8,"d":"10.80"},{"v":23.3636,"d":"23.36"},"MO",{"v":23.3636,"d":"23.36"}]
["I2554","OPERADOR DE CONJUNTO DE BRITAGEM","H",{"v":10.4,"d":"10.40"},{"v":22.4983,"d":"22.50"},"MO",{"v":22.4983,"d":"22.50"}]
["I1009","OPERADOR DE EQUIPAMENTOS","H",{"v":8.8,"d":"8.80"},{"v":19.037,"d":"19.04"},"MO",{"v":19.037,"d":"19.04"}]
["I2555","OPERADOR DE GRUPO GERADOR","H",{"v":7.2,"d":"7.20"},{"v":15.5758,"d":"15.58"},"MO",{"v":15.5758,"d":"15.58"}]
["I2556","OPERADOR DE MAQUINA DE CONCRETO PROJETADO","H",{"v":7.2,"d":"7.20"},{"v":15.5758,"d":"15.58"},"MO",{"v":15.5758,"d":"15.58"}]
["I2557","OPERADOR DE MAQUINA DE PINTAR FAIXAS","H",{"v":7.2,"d":"7.20"},{"v":15.5758,"d":"15.58"},"MO",{"v":15.5758,"d":"15.58"}]
["I2559","OPERADOR DE MOTO ESCAVO TRASPORTADOR","H",{"v":10.4,"d":"10.40"},{"v":22.4983,"d":"22.50"},"MO",{"v":22.4983,"d":"22.50"}]
["I2560","OPERADOR DE MOTONIVELADORA","H",{"v":12,"d":"12.00"},{"v":25.9596,"d":"25.96"},"MO",{"v":25.9596,"d":"25.96"}]
["I2523","OPERADOR DE PERFURATRIZ/ROMPEDOR PNEUMATICO","H",{"v":7.2,"d":"7.20"},{"v":15.5758,"d":"15.58"},"MO",{"v":15.5758,"d":"15.58"}]
["I7422","OPERADOR DE RECICLADORA","H",{"v":12,"d":"12.00"},{"v":25.9596,"d":"25.96"},"MO",{"v":25.9596,"d":"25.96"}]
["I2561","OPERADOR DE RETRO ESCAVADEIRA","H",{"v":10.4,"d":"10.40"},{"v":22.4983,"d":"22.50"},"MO",{"v":22.4983,"d":"22.50"}]
["I2562","OPERADOR DE TRATOR DE ESTEIRAS","H",{"v":10.4,"d":"10.40"},{"v":22.4983,"d":"22.50"},"MO",{"v":22.4983,"d":"22.50"}]
["I2563","OPERADOR DE TRATOR DE PNEUS","H",{"v":8,"d":"8.00"},{"v":17.3064,"d":"17.31"},"MO",{"v":17.3064,"d":"17.31"}]
["I2564","OPERADOR DE USINA DE MISTURA BETUMINOSA","H",{"v":9.6,"d":"9.60"},{"v":20.7677,"d":"20.77"},"MO",{"v":20.7677,"d":"20.77"}]
["I2524","OPERADOR DE USINA MISTURADORA DE SOLOS E AGREGADOS","H",{"v":10.4,"d":"10.40"},{"v":22.4983,"d":"22.50"},"MO",{"v":22.4983,"d":"22.50"}]
["I2565","OPERADOR DE VIBRADOR DE IMERSAO","H",{"v":7.2,"d":"7.20"},{"v":15.5758,"d":"15.58"},"MO",{"v":15.5758,"d":"15.58"}]
["I2566","OPERADOR DE VIBRO ACABADORA DE MISTURAS BETUMINOSAS","H",{"v":10.4,"d":"10.40"},{"v":22.4983,"d":"22.50"},"MO",{"v":22.4983,"d":"22.50"}]
["I1552","OPERADOR GUINCHO","H",{"v":7.2,"d":"7.20"},{"v":15.5758,"d":"15.58"},"MO",{"v":15.5758,"d":"15.58"}]
["I8448","ORGANIZADOR DE CABOS HORIZONTAL, ABERTO, PADRÃO RACK 19\"","UN",39.59,null,null,{"$f":"D3652","v":39.59}]
["I8628","ORQUIMOL","L",{"v":10.9,"d":"10.90"},null,null,{"v":10.9,"d":"10.90"}]
["I0988","OXIGÊNIO","M3",8.27,null,null,8.27]
["I8933","PÁ DE BICO","UN",25.36,null,null,25.36]
["I1553","PAINEL DE CONCRETO PROTENDIDO 10CM","M2",{"v":146,"d":"146.00"},null,null,{"v":146,"d":"146.00"}]
["I1554","PAINEL DE CONCRETO PROTENDIDO 15CM","M2",{"v":181,"d":"181.00"},null,null,{"v":181,"d":"181.00"}]
["I1555","PAINEL DE CONCRETO PROTENDIDO 20CM","M2",{"v":221,"d":"221.00"},null,null,{"v":221,"d":"221.00"}]
["I6197","PAINEL DE CORRENTE CONTÍNUA 125VCC","UN",{"v":2740.48,"d":"2,740.48"},null,null,{"v":2740.48,"d":"2,740.48"}]
["I1556","PAINEL DIV.COMP.NAVAL.E=40MM REV C/PLACA FIBROC.","M2",134.08,null,null,134.08]
["I8934","PAINEL DO MÓDULO - CAIXA METÁLICA 1100X1800X360MM, AUTO-SUPORTADA, PARA MONTAGEM DE COMPONENTES, PORTA COM VISOR EM ACRÍLICO 900X1600, DOIS COMPARTIMENTOS INTERNOS SEPARADOS POR PLACA METÁLICA, COM ENTRADA DE AR LATERAL COM GRELHA E FILTRO E EXAUSTÃO INDIVIDUAL NOS DOIS COMPARTIMENTOS","UN",{"v":9613.53,"d":"9,613.53"},null,null,{"v":9613.53,"d":"9,613.53"}]
["I8935","PAINEL DO MÓDULO - CAIXA METÁLICA 1100X1800X360MM, AUTO-SUPORTADA, PARA MONTAGEM DE COMPONENTES, PORTA COM VISOR EM ACRÍLICO, COM ENTRADA DE AR LATERAL COM GRELHA E FILTRO E EXAUSTÃO INDIVIDUAL","UN",{"v":420.8,"d":"420.80"},null,null,{"v":420.8,"d":"420.80"}]
["I8936","PAINEL ELÉTRICO C/ 2 INVERSORES DE FREQUÊNCIA 0,5 CV, 380 V / 60HZ","UN",{"v":21830.21,"d":"21,830.21"},null,null,{"v":21830.21,"d":"21,830.21"}]
["I8528","PAINEL ELÉTRICO C/ 2 INVERSORES DE FREQUÊNCIA 10 CV, 380 V / 60 Hz","UN",{"v":18460,"d":"18,460.00"},null,null,{"v":18460,"d":"18,460.00"}]
["I8529","PAINEL ELÉTRICO C/ 2 INVERSORES DE FREQUÊNCIA 15 CV, 380 V / 60 Hz","UN",{"v":21820,"d":"21,820.00"},null,null,{"v":21820,"d":"21,820.00"}]
["I8530","PAINEL ELÉTRICO C/ 2 INVERSORES DE FREQUÊNCIA 20 CV, 380 V / 60 Hz","UN",{"v":27110,"d":"27,110.00"},null,null,{"v":27110,"d":"27,110.00"}]
["I8938","PAINEL ELÉTRICO C/ 2 INVERSORES DE FREQUÊNCIA 250 CV, 380 V / 60HZ","UN",{"v":69710.24,"d":"69,710.24"},null,null,{"v":69710.24,"d":"69,710.24"}]
["I8531","PAINEL ELÉTRICO C/ 2 INVERSORES DE FREQUÊNCIA 30 CV, 380 V / 60 Hz","UN",{"v":30780,"d":"30,780.00"},null,null,{"v":30780,"d":"30,780.00"}]
["I8532","PAINEL ELÉTRICO C/ 2 INVERSORES DE FREQUÊNCIA 40 CV, 380 V / 60 Hz","UN",{"v":33380,"d":"33,380.00"},null,null,{"v":33380,"d":"33,380.00"}]
["I8533","PAINEL ELÉTRICO C/ 2 INVERSORES DE FREQUÊNCIA 50 CV, 380 V / 60 Hz","UN",{"v":35640,"d":"35,640.00"},null,null,{"v":35640,"d":"35,640.00"}]
["I8534","PAINEL ELÉTRICO C/ 2 INVERSORES DE FREQUÊNCIA 60 CV, 380 V / 60 Hz","UN",{"v":38670,"d":"38,670.00"},null,null,{"v":38670,"d":"38,670.00"}]
["I8527","PAINEL ELÉTRICO C/ 2 INVERSORES DE FREQUÊNCIA 7,5 CV, 380 V / 60 Hz","UN",{"v":17090,"d":"17,090.00"},null,null,{"v":17090,"d":"17,090.00"}]
["I8535","PAINEL ELÉTRICO C/ 2 INVERSORES DE FREQUÊNCIA 75 CV, 380 V / 60 Hz","UN",{"v":42770,"d":"42,770.00"},null,null,{"v":42770,"d":"42,770.00"}]
["I8939","PAINEL ELÉTRICO C/ 2 INVERSORES DE FREQUÊNCIA 80 CV, 380 V / 60HZ","UN",{"v":56054.97,"d":"56,054.97"},null,null,{"v":56054.97,"d":"56,054.97"}]
["I8940","PAINEL ELÉTRICO C/ 2 SOFT START 35 CV, 380 V / 60HZ","UN",{"v":15350,"d":"15,350.00"},null,null,{"v":15350,"d":"15,350.00"}]
["I6004","PAINEL ELÉTRICO C/ 2 SOFT START 60CV,380V,60Hz","UN",{"v":18600,"d":"18,600.00"},null,null,{"v":18600,"d":"18,600.00"}]
["I8937","PAINEL ELÉTRICO C/ 3 INVERSORES DE FREQUÊNCIA 15 CV, 380 V / 60HZ","UN",{"v":57314.53,"d":"57,314.53"},null,null,{"v":57314.53,"d":"57,314.53"}]
["I6010","PAINEL ELETRICO C/1 SOFT START 10CV,380V,60Hz","UN",{"v":11720,"d":"11,720.00"},null,null,{"v":11720,"d":"11,720.00"}]
["I6011","PAINEL ELETRICO C/1 SOFT START 12.5CV,380,60Hz","UN",{"v":12350,"d":"12,350.00"},null,null,{"v":12350,"d":"12,350.00"}]
["I6013","PAINEL ELETRICO C/1 SOFT START 20CV,380V,60Hz","UN",{"v":11880,"d":"11,880.00"},null,null,{"v":11880,"d":"11,880.00"}]
["I6014","PAINEL ELETRICO C/1 SOFT START 25CV,380V,60Hz","UN",{"v":12280,"d":"12,280.00"},null,null,{"v":12280,"d":"12,280.00"}]
["I6015","PAINEL ELETRICO C/1 SOFT START 30CV,380V,60Hz","UN",{"v":12920,"d":"12,920.00"},null,null,{"v":12920,"d":"12,920.00"}]
["I6016","PAINEL ELETRICO C/1 SOFT START 40CV,380V,60Hz","UN",{"v":13370,"d":"13,370.00"},null,null,{"v":13370,"d":"13,370.00"}]
["I6017","PAINEL ELETRICO C/1 SOFT START 50CV,380V,60Hz","UN",{"v":13540,"d":"13,540.00"},null,null,{"v":13540,"d":"13,540.00"}]
["I6009","PAINEL ELETRICO C/1 SOFT START 7,5CV,380V,60Hz","UN",{"v":11540,"d":"11,540.00"},null,null,{"v":11540,"d":"11,540.00"}]
["I5996","PAINEL ELETRICO C/2 SOFT START 10CV,380V,60Hz","UN",{"v":13640,"d":"13,640.00"},null,null,{"v":13640,"d":"13,640.00"}]
["I5997","PAINEL ELETRICO C/2 SOFT START 12,5CV,380/60Hz","UN",{"v":13930,"d":"13,930.00"},null,null,{"v":13930,"d":"13,930.00"}]
["I5998","PAINEL ELETRICO C/2 SOFT START 15CV,380V,60Hz","UN",{"v":14320,"d":"14,320.00"},null,null,{"v":14320,"d":"14,320.00"}]
["I5999","PAINEL ELETRICO C/2 SOFT START 20CV,380,60Hz","UN",{"v":14650,"d":"14,650.00"},null,null,{"v":14650,"d":"14,650.00"}]
["I6000","PAINEL ELETRICO C/2 SOFT START 25CV,380V,60Hz","UN",{"v":14810,"d":"14,810.00"},null,null,{"v":14810,"d":"14,810.00"}]
["I6001","PAINEL ELETRICO C/2 SOFT START 30CV,380V,60Hz","UN",{"v":14900,"d":"14,900.00"},null,null,{"v":14900,"d":"14,900.00"}]
["I6002","PAINEL ELETRICO C/2 SOFT START 40CV,380V,60Hz","UN",{"v":15610,"d":"15,610.00"},null,null,{"v":15610,"d":"15,610.00"}]
["I6003","PAINEL ELETRICO C/2 SOFT START 50CV,380V,60Hz","UN",{"v":17380,"d":"17,380.00"},null,null,{"v":17380,"d":"17,380.00"}]
["I5995","PAINEL ELETRICO C/2 SOFT START 7,5CV,380V/60Hz","UN",{"v":13400,"d":"13,400.00"},null,null,{"v":13400,"d":"13,400.00"}]
["I1557","PAINEL FLEXIVEL DE LA DE VIDRO. ESPESSURA 50MM","M2",20.12,null,null,20.12]
["I9044","PAINEL NYLOFOR 1,53M x 2,5M (A X L) - MALHA 5 x 20 CM - FIO 4,30MM, REVESTIDO EM POLIESTER POR PROCESSO DE PINTURA ELETROSTÁTICA, NAS CORES VERDE OU BRANCA","UN",285.89,null,null,285.89]
["I9041","PAINEL NYLOFOR 1,53M x 2,5M (A X L) - MALHA 5 x 20 CM - FIO 5,00MM, REVESTIDO EM POLIESTER POR PROCESSO DE PINTURA ELETROSTÁTICA, NAS CORES VERDE OU BRANCA","UN",395.72,null,null,395.72]
["I9043","PAINEL NYLOFOR 2,03M x 2,5M (A X L) - MALHA 5 x 20 CM - FIO 4,30MM, REVESTIDO EM POLIESTER POR PROCESSO DE PINTURA ELETROSTÁTICA, NAS CORES VERDE OU BRANCA","UN",344.51,null,null,344.51]
["I9040","PAINEL NYLOFOR 2,03M x 2,5M (A X L) - MALHA 5 x 20 CM - FIO 5,00MM, REVESTIDO EM POLIESTER POR PROCESSO DE PINTURA ELETROSTÁTICA, NAS CORES VERDE OU BRANCA","UN",476.67,null,null,476.67]
["I9042","PAINEL NYLOFOR 2,43M x 2,5M (A X L) - MALHA 5 x 20 CM - FIO 4,30MM, REVESTIDO EM POLIESTER POR PROCESSO DE PINTURA ELETROSTÁTICA, NAS CORES VERDE OU BRANCA","UN",418.64,null,null,418.64]
["I9039","PAINEL NYLOFOR 2,43M x 2,5M (A X L) - MALHA 5 x 20 CM - FIO 5MM, REVESTIDO EM POLIESTER POR PROCESSO DE PINTURA ELETROSTÁTICA, NAS CORES VERDE OU BRANCA\n\n","UN",562.83,null,null,562.83]
["I1558","PAINEL RIGIDO DE LA DE VIDRO. ESPESSURA 25MM","M2",59.01,null,null,59.01]
["I1559","PAINEL-COBERTURA CONCR CELULAR 7.5X40X280CM","M2",{"v":62.3,"d":"62.30"},null,null,{"v":62.3,"d":"62.30"}]
["I1560","PAINEL-LAJE CONCRETO CELULAR 10X40X280CM","M2",{"v":71.7,"d":"71.70"},null,null,{"v":71.7,"d":"71.70"}]
["I6750","PALHAS DE CARNAÚBA","UN",0.15,null,null,0.15]
["I1561","PAPEL DE PAREDE","M2",42.03,null,null,42.03]
["I1562","PAPEL KRAFT BETUMADO DUPLO","M2",{"v":3.9,"d":"3.90"},null,null,{"v":3.9,"d":"3.90"}]
["I6039","PAPEL OFÍCIO","UN",0.06,null,null,0.06]
["I2385","PAPEL VEGETAL GRAMATURA 90/95g","M2",{"v":6.8,"d":"6.80"},null,null,{"v":6.8,"d":"6.80"}]
["I8082","PÁRA-RAIO TIPO VÁLVULA PARA SISTEMA DE DISTRIBUIÇÃO DE 15 kV","UN",56.42,null,null,56.42]
["I1563","PARA-RAIOS TIPO CRISTAL VALVER","UN",{"v":202.2,"d":"202.20"},null,null,{"v":202.2,"d":"202.20"}]
["I1564","PARA-RAIOS TIPO VALVULA - 15KV","UN",{"v":188,"d":"188.00"},null,null,{"v":188,"d":"188.00"}]
["I1565","PARAF GALV 5/16''X50 C/BUCHA S 10 PUMEX","UN",0.67,null,null,0.67]
["I1566","PARAFUSO - 8MM COM BUCHA PLASTICA","UN",0.35,null,null,0.35]
["I1568","PARAFUSO ABAULADO M16X150MM","UN",5.66,null,null,5.66]
["I6397","PARAFUSO C/ PORCA E ARRUELA P/ TALA DE JUNÇÃO DE TRILHO TR 37","UN",13.81,null,null,{"$f":"D3716","v":13.81}]
["I4241","PARAFUSO C/ PORCAS PARA FLANGES DN 16 x 80","UN",31.88,null,null,31.88]
["I4242","PARAFUSO C/ PORCAS PARA FLANGES DN 20 x 90","UN",{"v":51.2,"d":"51.20"},null,null,{"v":51.2,"d":"51.20"}]
["I4243","PARAFUSO C/ PORCAS PARA FLANGES DN 24 x 100","UN",66.51,null,null,66.51]
["I4244","PARAFUSO C/ PORCAS PARA FLANGES DN 27 x 120","UN",103.15,null,null,103.15]
["I4245","PARAFUSO C/ PORCAS PARA FLANGES DN 30 x 130","UN",107.19,null,null,107.19]
["I4246","PARAFUSO C/ PORCAS PARA FLANGES DN 33 x 130","UN",141.01,null,null,141.01]
["I4247","PARAFUSO C/ PORCAS PARA FLANGES DN 36 x 140","UN",{"v":223.5,"d":"223.50"},null,null,{"v":223.5,"d":"223.50"}]
["I4248","PARAFUSO C/ PORCAS PARA FLANGES DN 39 x 150","UN",404.97,null,null,404.97]
["I4249","PARAFUSO C/ PORCAS PARA FLANGES DN 45 x 180","UN",37.36,null,null,37.36]
["I4250","PARAFUSO C/ PORCAS PARA FLANGES DN 52 x 200","UN",50.49,null,null,50.49]
["I2525","PARAFUSO C/PORCA E ARRUELA DE 1/4X1 1/2\"","UN",0.48,null,null,0.48]
["I2526","PARAFUSO C/PORCA E ARRUELA DE 5/16X3 1/2\"","UN",0.84,null,null,0.84]
["I8079","PARAFUSO CABEÇA QUADRADA M16 x 2 C-350, R-220","UN",6.78,null,null,6.78]
["I8080","PARAFUSO CABEÇA QUADRADA M16 x 2 C-400, R-320","UN",7.61,null,null,7.61]
["I8100","PARAFUSO COM PORCA E ARRUELA TR 45","UN",14.44,null,null,14.44]
["I1570","PARAFUSO COM ROSCA SOBERBA 1/4X 1 1/2''","UN",{"v":0.2,"d":"0.20"},null,null,{"v":0.2,"d":"0.20"}]
["I1571","PARAFUSO COM ROSCA SOBERBA 8X110MM","UN",1.03,null,null,1.03]
["I1572","PARAFUSO COM ROSCA SOBERBA 8X130MM","UN",1.15,null,null,1.15]
["I1573","PARAFUSO COM ROSCA SOBERBA 8X165MM","UN",1.15,null,null,1.15]
["I1574","PARAFUSO COM ROSCA SOBERBA 8X180MM","UN",1.25,null,null,1.25]
["I1575","PARAFUSO COM ROSCA SOBERBA 8X230MM","UN",1.31,null,null,1.31]
["I1576","PARAFUSO COM ROSCA SOBERBA 8X250MM","UN",1.44,null,null,1.44]
["I1577","PARAFUSO COM ROSCA SOBERBA 8X50MM","UN",0.58,null,null,0.58]
["I1578","PARAFUSO COM ROSCA SOBERBA 8X85MM","UN",0.81,null,null,0.81]
["I1579","PARAFUSO CROMADO P/FIXAÇÃO SANITARIOS","UN",2.55,null,null,2.55]
["I2387","PARAFUSO DE 5/16\"x 110MM C/ARRUELA","UN",{"v":1,"d":"1.00"},null,null,{"v":1,"d":"1.00"}]
["I7348","PARAFUSO DE AÇO C/ PORCA E ARRUELA - 1/2\" x  4\"","UN",{"v":2.7,"d":"2.70"},null,null,{"v":2.7,"d":"2.70"}]
["I8114","PARAFUSO DE AÇO COM PORCA E ARRUELA 1\" x 10\"","UN",22.55,null,null,22.55]
["I7411","PARAFUSO DE AJUSTE 16A","UN",3.49,null,null,3.49]
["I2483","PARAFUSO DE FIXAÇÃO 8MM","UN",0.55,null,null,0.55]
["I2388","PARAFUSO EM AÇO C/PORCA, CABEÇA SEXTAVADA 1/2 x  2\"","UN",1.37,null,null,1.37]
["I7395","PARAFUSO EM AÇO INOX 3/8\" x 3/4\" ROSCA 16NC-2","UN",{"v":6.5,"d":"6.50"},null,null,{"v":6.5,"d":"6.50"}]
["I1580","PARAFUSO FRANCES 1/2''X8'' COM 2 PORCAS","UN",3.89,null,null,3.89]
["I1581","PARAFUSO FRANCES 1/2''X9'' COM 2 PORCAS","UN",4.56,null,null,4.56]
["I2389","PARAFUSO MAQUINA ZINCADO 5/8 x 14\" C/ ARRUELAS/PORCA","UN",5.66,null,null,5.66]
["I2390","PARAFUSO MAQUINA ZINCADO 5/8 x 16\" C/ ARRUELAS/PORCA","UN",{"v":12,"d":"12.00"},null,null,{"v":12,"d":"12.00"}]
["I1582","PARAFUSO N.12X25MM","UN",0.62,null,null,0.62]
["I1583","PARAFUSO N.14X40MM","UN",{"v":1.6,"d":"1.60"},null,null,{"v":1.6,"d":"1.60"}]
["I4234","PARAFUSO P/ JUNTA MECÂNICA DN 16 x 80","UN",23.56,null,null,23.56]
["I4236","PARAFUSO P/ JUNTA MECÂNICA DN 18 x 110","UN",24.96,null,null,24.96]
["I4237","PARAFUSO P/ JUNTA MECÂNICA DN 18 x 120","UN",{"v":24.8,"d":"24.80"},null,null,{"v":24.8,"d":"24.80"}]
["I4235","PARAFUSO P/ JUNTA MECÂNICA DN 18 x 90","UN",24.99,null,null,24.99]
["I4238","PARAFUSO P/ JUNTA MECÂNICA DN 20 x 120","UN",50.11,null,null,50.11]
["I4239","PARAFUSO P/ JUNTA MECÂNICA DN 20 x 130","UN",30.14,null,null,30.14]
["I4240","PARAFUSO P/ JUNTA MECÂNICA DN 24 x 160","UN",35.73,null,null,35.73]
["I1584","PARAFUSO P/ MADEIRA CABEÇA CHATA 3.8 X 30MM","UN",0.06,null,null,0.06]
["I1586","PARAFUSO P/MADEIRA CABEÇA CHATA 2.8X16MM","UN",0.07,null,null,0.07]
["I8432","PARAFUSO PARA GRANITO","UN",{"v":2.6484,"d":"2.65"},null,null,{"v":2.6484,"d":"2.65"}]
["I1587","PARAFUSO PARA MADEIRA 1 3/4''X10MM","UN",0.15,null,null,0.15]
["I1588","PARAFUSO PARA MADEIRA 1''X10MM","UN",{"v":0.2,"d":"0.20"},null,null,{"v":0.2,"d":"0.20"}]
["I1589","PARAFUSO PARA MADEIRA COM CABEÇA REDONDA 5X38","UN",{"v":0.2,"d":"0.20"},null,null,{"v":0.2,"d":"0.20"}]
["I1590","PARAFUSO PARA MADEIRA DE 80MM","UN",0.27,null,null,0.27]
["I7553","PARAFUSO SEXT. UNC. GALVANIZADO 1/4\"x2\"","UN",0.47,null,null,0.47]
["I1592","PARAFUSO SEXTAVADO 1/4''X2''","UN",{"v":0.4,"d":"0.40"},null,null,{"v":0.4,"d":"0.40"}]
["I1593","PARAFUSO SEXTAVADO 5/16''X1''","UN",0.43,null,null,0.43]
["I2527","PARALELEPIPEDO (11 X 18 CM)","UN",0.71,null,null,0.71]
["I8333","PAREDE DE BLOCO DE GESSO HIDROFUGANTE, INCLUSIVE EMASSAMENTO","M2",55.31,null,null,55.31]
["I8332","PAREDE DE BLOCO DE GESSO STAND, INCLUSIVE EMASSAMENTO","M2",44.54,null,null,44.54]
["I1594","PARQUETE DE PEROBA (MADEIRA DE 1A QUALIDADE) DE 12X12CM","M2",52.76,null,null,52.76]
["I1595","PASTA DE CIMENTO BRANCO","KG",{"v":3,"d":"3.00"},null,null,{"v":3,"d":"3.00"}]
["I7500","PASTA LUBRIFICANTE - BISNAGA 1000 g","UN",42.94,null,null,42.94]
["I7475","PASTA LUBRIFICANTE - BISNAGA 160 g","UN",7.73,null,null,7.73]
["I7476","PASTA LUBRIFICANTE - BISNAGA 400 g","UN",{"v":19.7,"d":"19.70"},null,null,{"v":19.7,"d":"19.70"}]
["I7474","PASTA LUBRIFICANTE - POTE 2400 g","UN",117.08,null,null,{"$f":"D3780","v":117.08}]
["I1596","PASTA PARA SOLDAR","UN",{"v":42.7,"d":"42.70"},null,null,{"v":42.7,"d":"42.70"}]
["I8112","PASTA VEDAÇÃO THERMIT - 1,5 Kg","UN",4.16,null,null,4.16]
["I8349","PASTILHA 5x5cm","M2",89.68,null,null,89.68]
["I8699","PASTILHA DE CLORO ORGÂNICO - TRICOLO-S-TRIAZINA-TRIONA 99%","KG",31.78,null,null,31.78]
["I1598","PASTILHA DE PORCELANA ESMALTADA","M2",90.37,null,null,90.37]
["I1599","PASTILHEIRO","H",{"v":7.2,"d":"7.20"},{"v":15.5758,"d":"15.58"},"MO",{"$f":"E3786","v":{"v":15.5758,"d":"15.58"}}]
["I8361","PATCH CABLE EXTRA-FLEXÍVEL RJ-45/RJ-45 - 2,50m","UN",12.26,null,null,{"$f":"D3787","v":12.26}]
["I6834","PATCH CABLE EXTRA-FLEXÍVEL RJ-45/RJ-45 DE 1,50m","UN",7.88,null,null,7.88]
["I6832","PATCH PANEL 24 PORTAS, CATEGORIA \"5\" FURUKAWA","UN",{"v":297.2,"d":"297.20"},null,null,{"v":297.2,"d":"297.20"}]
["I0242","PAVIMENTO ARTICULADO COM 6 FACES e = 4,5 cm","M2",{"v":25,"d":"25.00"},null,null,{"v":25,"d":"25.00"}]
["I0243","PAVIMENTO ARTICULADO COM 6 FACES e = 6,0 cm","M2",{"v":27,"d":"27.00"},null,null,{"v":27,"d":"27.00"}]
["I1644","PEÇA ' L' DE ANCORAGEM","UN",{"v":0.3,"d":"0.30"},null,null,{"v":0.3,"d":"0.30"}]
["I9052","PEÇA DE MADEIRA ROLIÇA (EUCALIPTO OU REGIONAL EQUIVALENTE) D = 10CM (DE 7 ATÉ 11CM), H = 2,20M","UN",3.59,null,null,3.59]
["I9053","PEÇA DE MADEIRA ROLIÇA (EUCALIPTO OU REGIONAL EQUIVALENTE) D = 12CM (DE 10 ATÉ 15CM), H = 2,20M","UN",3.74,null,null,3.74]
["I1645","PEÇA DE MAMORITE POLIDO 1 FACE","M2",85.13,null,null,85.13]
["I1646","PEÇAS DE APOIO DEFICIENTE C/TUBO INOX EM WC'S","M",{"v":176,"d":"176.00"},null,null,{"v":176,"d":"176.00"}]
["I2528","PEÇAS DE DESGASTE DO BRITADOR","CJ",{"v":26583,"d":"26,583.00"},null,null,{"v":26583,"d":"26,583.00"}]
["I1647","PEÇAS DE MARMORITE NATURAL, POLIDA 2 FACES","M2",103.06,null,null,103.06]
["I8207","PEÇAS METÁLICAS P/ FORMAS","KG",7.55,null,null,7.55]
["I4974","PEDESTAL MANOBRA C/ ENGRENAGEM DN 06","UN",{"v":10752.52,"d":"10,752.52"},null,null,{"v":10752.52,"d":"10,752.52"}]
["I4975","PEDESTAL MANOBRA C/ ENGRENAGEM DN 07","UN",{"v":10822.87,"d":"10,822.87"},null,null,{"v":10822.87,"d":"10,822.87"}]
["I4976","PEDESTAL MANOBRA C/ENGRENAGEM E INDICADOR DN 18x62","UN",{"v":14978.87,"d":"14,978.87"},null,null,{"v":14978.87,"d":"14,978.87"}]
["I4977","PEDESTAL MANOBRA C/ENGRENAGEM E INDICADOR DN 18x63","UN",{"v":14948.44,"d":"14,948.44"},null,null,{"v":14948.44,"d":"14,948.44"}]
["I4978","PEDESTAL MANOBRA C/ENGRENAGEM E INDICADOR DN 18x65","UN",{"v":14929.43,"d":"14,929.43"},null,null,{"v":14929.43,"d":"14,929.43"}]
["I4979","PEDESTAL MANOBRA C/ENGRENAGEM E INDICADOR DN 18x78","UN",{"v":14931.74,"d":"14,931.74"},null,null,{"v":14931.74,"d":"14,931.74"}]
["I4980","PEDESTAL MANOBRA C/ENGRENAGEM E INDICADOR DN 18x79","UN",{"v":15007.6,"d":"15,007.60"},null,null,{"v":15007.6,"d":"15,007.60"}]
["I4981","PEDESTAL MANOBRA C/ENGRENAGEM E INDICADOR DN 20x65","UN",{"v":15241.47,"d":"15,241.47"},null,null,{"v":15241.47,"d":"15,241.47"}]
["I4982","PEDESTAL MANOBRA C/ENGRENAGEM E INDICADOR DN 20x66","UN",{"v":15197.91,"d":"15,197.91"},null,null,{"v":15197.91,"d":"15,197.91"}]
["I4983","PEDESTAL MANOBRA C/ENGRENAGEM E INDICADOR DN 20x67","UN",{"v":15331.38,"d":"15,331.38"},null,null,{"v":15331.38,"d":"15,331.38"}]
["I4984","PEDESTAL MANOBRA C/ENGRENAGEM E INDICADOR DN 20x80","UN",{"v":15248.81,"d":"15,248.81"},null,null,{"v":15248.81,"d":"15,248.81"}]
["I4985","PEDESTAL MANOBRA C/ENGRENAGEM E INDICADOR DN 20x98","UN",{"v":15251.35,"d":"15,251.35"},null,null,{"v":15251.35,"d":"15,251.35"}]
["I4986","PEDESTAL MANOBRA C/ENGRENAGEM E INDICADOR DN 20x99","UN",{"v":15185.26,"d":"15,185.26"},null,null,{"v":15185.26,"d":"15,185.26"}]
["I4987","PEDESTAL MANOBRA SIMPLES DN 1","UN",{"v":5198.25,"d":"5,198.25"},null,null,{"v":5198.25,"d":"5,198.25"}]
["I4988","PEDESTAL MANOBRA SIMPLES DN 2","UN",{"v":5253.53,"d":"5,253.53"},null,null,{"v":5253.53,"d":"5,253.53"}]
["I4989","PEDESTAL MANOBRA SIMPLES DN 3","UN",{"v":7301.38,"d":"7,301.38"},null,null,{"v":7301.38,"d":"7,301.38"}]
["I4990","PEDESTAL MANOBRA SIMPLES DN 4","UN",{"v":7349.13,"d":"7,349.13"},null,null,{"v":7349.13,"d":"7,349.13"}]
["I4992","PEDESTAL MANOBRA SIMPLES INDIC. ABERTURA DN 08x50","UN",{"v":6202.78,"d":"6,202.78"},null,null,{"v":6202.78,"d":"6,202.78"}]
["I4993","PEDESTAL MANOBRA SIMPLES INDIC. ABERTURA DN 08x52","UN",{"v":6217.92,"d":"6,217.92"},null,null,{"v":6217.92,"d":"6,217.92"}]
["I4994","PEDESTAL MANOBRA SIMPLES INDIC. ABERTURA DN 08x53","UN",{"v":6210.1,"d":"6,210.10"},null,null,{"v":6210.1,"d":"6,210.10"}]
["I4995","PEDESTAL MANOBRA SIMPLES INDIC. ABERTURA DN 09x55","UN",{"v":6186.84,"d":"6,186.84"},null,null,{"v":6186.84,"d":"6,186.84"}]
["I4996","PEDESTAL MANOBRA SIMPLES INDIC. ABERTURA DN 09x56","UN",{"v":6508.52,"d":"6,508.52"},null,null,{"v":6508.52,"d":"6,508.52"}]
["I4997","PEDESTAL MANOBRA SIMPLES INDIC. ABERTURA DN 09x58","UN",{"v":6199.5,"d":"6,199.50"},null,null,{"v":6199.5,"d":"6,199.50"}]
["I4998","PEDESTAL MANOBRA SIMPLES INDIC. ABERTURA DN 09x59","UN",{"v":6198.8,"d":"6,198.80"},null,null,{"v":6198.8,"d":"6,198.80"}]
["I4999","PEDESTAL MANOBRA SIMPLES INDIC. ABERTURA DN 09x60","UN",{"v":6214.89,"d":"6,214.89"},null,null,{"v":6214.89,"d":"6,214.89"}]
["I5000","PEDESTAL MANOBRA SIMPLES INDIC. ABERTURA DN 10x55","UN",{"v":6483.08,"d":"6,483.08"},null,null,{"v":6483.08,"d":"6,483.08"}]
["I5001","PEDESTAL MANOBRA SIMPLES INDIC. ABERTURA DN 10x56","UN",{"v":6414.17,"d":"6,414.17"},null,null,{"v":6414.17,"d":"6,414.17"}]
["I5002","PEDESTAL MANOBRA SIMPLES INDIC. ABERTURA DN 10x58","UN",{"v":6444.64,"d":"6,444.64"},null,null,{"v":6444.64,"d":"6,444.64"}]
["I5003","PEDESTAL MANOBRA SIMPLES INDIC. ABERTURA DN 10x60","UN",{"v":6471.53,"d":"6,471.53"},null,null,{"v":6471.53,"d":"6,471.53"}]
["I5004","PEDESTAL MANOBRA SIMPLES INDIC. ABERTURA DN 10x61","UN",{"v":6453.01,"d":"6,453.01"},null,null,{"v":6453.01,"d":"6,453.01"}]
["I5005","PEDESTAL MANOBRA SIMPLES INDIC. ABERTURA DN 10x62","UN",{"v":6434.18,"d":"6,434.18"},null,null,{"v":6434.18,"d":"6,434.18"}]
["I5006","PEDESTAL MANOBRA SIMPLES INDIC. ABERTURA DN 12x63","UN",{"v":6474.59,"d":"6,474.59"},null,null,{"v":6474.59,"d":"6,474.59"}]
["I5007","PEDESTAL MANOBRA SIMPLES INDIC. ABERTURA DN 12x65","UN",{"v":6474.59,"d":"6,474.59"},null,null,{"v":6474.59,"d":"6,474.59"}]
["I5008","PEDESTAL MANOBRA SIMPLES INDIC. ABERTURA DN 13x62","UN",{"v":9463.35,"d":"9,463.35"},null,null,{"v":9463.35,"d":"9,463.35"}]
["I5009","PEDESTAL MANOBRA SIMPLES INDIC. ABERTURA DN 13x63","UN",{"v":9381.29,"d":"9,381.29"},null,null,{"v":9381.29,"d":"9,381.29"}]
["I5010","PEDESTAL MANOBRA SIMPLES INDIC. ABERTURA DN 13x65","UN",{"v":9339.84,"d":"9,339.84"},null,null,{"v":9339.84,"d":"9,339.84"}]
["I5011","PEDESTAL MANOBRA SIMPLES INDIC. ABERTURA DN 13x77","UN",{"v":9345.06,"d":"9,345.06"},null,null,{"v":9345.06,"d":"9,345.06"}]
["I5012","PEDESTAL MANOBRA SIMPLES INDIC. ABERTURA DN 13x78","UN",{"v":9424.33,"d":"9,424.33"},null,null,{"v":9424.33,"d":"9,424.33"}]
["I5013","PEDESTAL MANOBRA SIMPLES INDIC. ABERTURA DN 13x79","UN",{"v":9433.22,"d":"9,433.22"},null,null,{"v":9433.22,"d":"9,433.22"}]
["I5014","PEDESTAL MANOBRA SIMPLES INDIC. ABERTURA DN 14x65","UN",{"v":9748.09,"d":"9,748.09"},null,null,{"v":9748.09,"d":"9,748.09"}]
["I5015","PEDESTAL MANOBRA SIMPLES INDIC. ABERTURA DN 14x66","UN",{"v":9804.47,"d":"9,804.47"},null,null,{"v":9804.47,"d":"9,804.47"}]
["I5016","PEDESTAL MANOBRA SIMPLES INDIC. ABERTURA DN 14x67","UN",{"v":9748.9,"d":"9,748.90"},null,null,{"v":9748.9,"d":"9,748.90"}]
["I5017","PEDESTAL MANOBRA SIMPLES INDIC. ABERTURA DN 14x68","UN",{"v":9752.85,"d":"9,752.85"},null,null,{"v":9752.85,"d":"9,752.85"}]
["I5018","PEDESTAL MANOBRA SIMPLES INDIC. ABERTURA DN 14x69","UN",{"v":9828.83,"d":"9,828.83"},null,null,{"v":9828.83,"d":"9,828.83"}]
["I4953","PEDESTAL SUSPENSÃO C/ ENGRENAGEM DN 46","UN",{"v":14290.95,"d":"14,290.95"},null,null,{"v":14290.95,"d":"14,290.95"}]
["I4954","PEDESTAL SUSPENSÃO C/ ENGRENAGEM DN 47","UN",{"v":14982.11,"d":"14,982.11"},null,null,{"v":14982.11,"d":"14,982.11"}]
["I4955","PEDESTAL SUSPENSÃO C/ ENGRENAGEM DN 48","UN",{"v":15014.13,"d":"15,014.13"},null,null,{"v":15014.13,"d":"15,014.13"}]
["I4956","PEDESTAL SUSPENSÃO C/ ENGRENAGEM DN 49","UN",{"v":15026.9,"d":"15,026.90"},null,null,{"v":15026.9,"d":"15,026.90"}]
["I4957","PEDESTAL SUSPENSÃO C/ ENGRENAGEM DN 50","UN",{"v":15564.5,"d":"15,564.50"},null,null,{"v":15564.5,"d":"15,564.50"}]
["I4958","PEDESTAL SUSPENSÃO C/ ENGRENAGEM DN 51","UN",{"v":15590.09,"d":"15,590.09"},null,null,{"v":15590.09,"d":"15,590.09"}]
["I4959","PEDESTAL SUSPENSÃO C/ ENGRENAGEM DN 52","UN",{"v":15980.47,"d":"15,980.47"},null,null,{"v":15980.47,"d":"15,980.47"}]
["I4967","PEDESTAL SUSPENSÃO C/ENGRENAGEM E INDICADOR DN 35x92","UN",{"v":19203.7,"d":"19,203.70"},null,null,{"$f":"D3851","v":{"v":19203.7,"d":"19,203.70"}}]
["I4968","PEDESTAL SUSPENSÃO C/ENGRENAGEM E INDICADOR DN 36x93","UN",{"v":18787.17,"d":"18,787.17"},null,null,{"v":18787.17,"d":"18,787.17"}]
["I4969","PEDESTAL SUSPENSÃO C/ENGRENAGEM E INDICADOR DN 37x94","UN",{"v":18599.16,"d":"18,599.16"},null,null,{"v":18599.16,"d":"18,599.16"}]
["I4970","PEDESTAL SUSPENSÃO C/ENGRENAGEM E INDICADOR DN 38x95","UN",{"v":18763.83,"d":"18,763.83"},null,null,{"v":18763.83,"d":"18,763.83"}]
["I4971","PEDESTAL SUSPENSÃO C/ENGRENAGEM E INDICADOR DN 39x96","UN",{"v":18972.35,"d":"18,972.35"},null,null,{"v":18972.35,"d":"18,972.35"}]
["I4972","PEDESTAL SUSPENSÃO C/ENGRENAGEM E INDICADOR DN 40x97","UN",{"v":19004.61,"d":"19,004.61"},null,null,{"v":19004.61,"d":"19,004.61"}]
["I4973","PEDESTAL SUSPENSÃO C/ENGRENAGEM E INDICADOR DN 41x98","UN",{"v":20840.55,"d":"20,840.55"},null,null,{"v":20840.55,"d":"20,840.55"}]
["I5045","PEDESTAL SUSPENSÃO SIMPLES C/INDIC. ABERTURA DN 54x10","UN",{"v":8500.68,"d":"8,500.68"},null,null,{"v":8500.68,"d":"8,500.68"}]
["I5046","PEDESTAL SUSPENSÃO SIMPLES C/INDIC. ABERTURA DN 55x11","UN",{"v":8766.76,"d":"8,766.76"},null,null,{"v":8766.76,"d":"8,766.76"}]
["I5047","PEDESTAL SUSPENSÃO SIMPLES C/INDIC. ABERTURA DN 56x12","UN",{"v":9080.19,"d":"9,080.19"},null,null,{"v":9080.19,"d":"9,080.19"}]
["I5026","PEDESTAL SUSPENSÃO SIMPLES DN 01","UN",{"v":8192.16,"d":"8,192.16"},null,null,{"v":8192.16,"d":"8,192.16"}]
["I1600","PEDRA DE MÃO (RACHÃO)","M3",45.37,null,null,45.37]
["I1601","PEDRA PORTUGUESA  BRANCA","M3",{"v":374,"d":"374.00"},null,null,{"v":374,"d":"374.00"}]
["I1602","PEDRA PORTUGUESA PRETA/VERMELHA","M3",{"v":374,"d":"374.00"},null,null,{"v":374,"d":"374.00"}]
["I2484","PEDRA SÃO TOMÉ","M2",85.27,null,null,85.27]
["I1603","PEDRAS NATURAIS DECORATIVAS","M2",25.85,null,null,25.85]
["I1604","PEDRAS NATURAIS DECORATIVAS POLIDAS","M2",29.88,null,null,29.88]
["I6046","PEDREGULHO 12,70 A 6,35MM","M3",{"v":922.5,"d":"922.50"},null,null,{"v":922.5,"d":"922.50"}]
["I6045","PEDREGULHO 19,05 A 12,70MM","M3",{"v":922.5,"d":"922.50"},null,null,{"v":922.5,"d":"922.50"}]
["I6044","PEDREGULHO 25,40 A 19,05MM","M3",{"v":922.5,"d":"922.50"},null,null,{"v":922.5,"d":"922.50"}]
["I6048","PEDREGULHO 3,20 A 2,362MM","M3",{"v":922.5,"d":"922.50"},null,null,{"v":922.5,"d":"922.50"}]
["I6047","PEDREGULHO 6,35 A 3,20MM","M3",{"v":922.5,"d":"922.50"},null,null,{"v":922.5,"d":"922.50"}]
["I2391","PEDREIRO","H",{"v":7.2,"d":"7.20"},{"v":15.5758,"d":"15.58"},"MO",{"$f":"E3873","v":{"v":15.5758,"d":"15.58"}}]
["I1605","PEDRISCO","M3",{"v":63.2,"d":"63.20"},null,null,{"$f":"D3874","v":{"v":63.2,"d":"63.20"}}]
["I1606","PEGADOR METALICO P/PORTA, INTERNO","UN",{"v":10.9,"d":"10.90"},null,null,{"v":10.9,"d":"10.90"}]
["I1608","PEITORIL DE MARMORE  - 25CM","M",{"v":51.8765,"d":"51.88"},null,null,{"v":51.8765,"d":"51.88"}]
["I1607","PEITORIL DE MARMORE - 15CM","M",{"v":31.119,"d":"31.12"},null,null,{"v":31.119,"d":"31.12"}]
["I2485","PEITORIL DE MARMORITE","M2",64.32,null,null,64.32]
["I1609","PEITORIL PRE-MOLDADO DE GRANILITE DE L= 10 cm","M",14.27,null,null,14.27]
["I1610","PEITORIS DE GRANITO 15CM","M",{"v":40,"d":"40.00"},null,null,{"v":40,"d":"40.00"}]
["I1611","PELICULA DE INSULFILM","M2",37.45,null,null,37.45]
["I1612","PELÍCULA DE POLIESTER , INVESTIGAÇÃO","M2",37.45,null,null,37.45]
["I8430","PELÍCULA REFLETIVA LENTES EXPOSTAS","M2",119.54,null,null,119.54]
["I8429","PELÍCULA REFLETIVA LENTES INCLUSAS","M2",80.41,null,null,80.41]
["I1613","PENTOX P/ MADEIRAS","L",17.16,null,null,17.16]
["I7951","PERFIL \"I\" 12\" ASTM A36 (ALMA 6,6 mm)","KG",5.55,null,null,5.55]
["I1614","PERFIL \"U\" EM ALUMÍNIO  (1X1) CM P/ FACHADAS","M",3.42,null,null,3.42]
["I8247","PERFIL \"U\" EM ALUMÍNIO 3/4\" x 3/4\"","M",10.03,null,null,10.03]
["I2392","PERFIL ' I '  10\" 1A. ALMA","KG",5.55,null,null,5.55]
["I1618","PERFIL 'U' - CHAPA 20 (ACO) 41.5X15MM","KG",{"v":1.7,"d":"1.70"},null,null,{"v":1.7,"d":"1.70"}]
["I1619","PERFIL 'U' DE AÇO 1 1/2X3X1/8' CHAPA 26 (DIVISÓRIA)","M",{"v":8.9,"d":"8.90"},null,null,{"v":8.9,"d":"8.90"}]
["I1135","PERFIL 'U' DE AÇO ENRIJECIDO, C/PRIMER CHAPA 10 (DIVISÓRIA)","KG",{"v":1.2,"d":"1.20"},null,null,{"v":1.2,"d":"1.20"}]
["I1621","PERFIL BATENTE DE AÇO (14/24)X44MM CHAPA 20 (DIVISÓRIA)","KG",{"v":2.7,"d":"2.70"},null,null,{"v":2.7,"d":"2.70"}]
["I8355","PERFIL C (VENEZIANA) DE 2\" x 1\" EM CHAPA GALVANIZADA DE 2mm COM PINTURA ELETROSTÁTICA","M2",{"v":88.5,"d":"88.50"},null,null,{"v":88.5,"d":"88.50"}]
["I6809","PERFIL DE ALUMINIO (5X5)CM","M",15.03,null,null,15.03]
["I1623","PERFIL DE ALUMINIO ANODIZADO FOSCO (DIVISORIA)","KG",41.94,null,null,41.94]
["I1624","PERFIL DE ALUMINIO TIPO ( L - T - U )","M",3.24,null,null,3.24]
["I1625","PERFIL ESTRUTURAL 100X50X15X2.65MM","M",16.95,null,null,16.95]
["I1626","PERFIL ESTRUTURAL 35X35X15X1.25MM","M",10.79,null,null,10.79]
["I1627","PERFIL ESTRUTURAL 35X35X7X1.5MM","M",2.82,null,null,2.82]
["I1628","PERFIL ESTRUTURAL 75X50X15X2.65MM","M",15.52,null,null,15.52]
["I8685","PERFIL METÁLICO \"I\" OU \"H\"","KG",5.55,null,null,5.55]
["I1629","PERFIL METÁLICO ' I ' , H=300MM (66,97KG/M)","M",371.68,null,null,371.68]
["I1630","PERFIL METÁLICO ' I ' , H=400MM (89,29KG/M)","M",495.56,null,null,495.56]
["I1631","PERFIL METÁLICO ' I ' , H=500MM (126,50KG/M)","M",702.08,null,null,702.08]
["I1632","PERFIL METÁLICO ' I ',  H=200MM (30,50KG/M)","M",169.28,null,null,169.28]
["I6740","PERFIL METÁLICO EM \" U \" -  6\"x2\"x3/16\"","M",26.42,null,null,26.42]
["I1633","PERFIS LEVES DE AÇO CHAPA 20 (DIVISÓRIA)","KG",{"v":2.7,"d":"2.70"},null,null,{"v":2.7,"d":"2.70"}]
["I7332","PERFURAÇÃO DE POÇO PROFUNDO D=6\" COMPLETAMENTE EXECUTADO\n","M",{"v":265,"d":"265.00"},null,null,{"v":265,"d":"265.00"}]
["I2647","PERFURATRIZ PNEUMÁTICA","UN",{"v":7485,"d":"7,485.00"},null,null,{"v":7485,"d":"7,485.00"}]
["I0645","PERFURATRIZ PNEUMÁTICA (CHI)","H",{"v":7.6491,"d":"7.65"},{"v":16.0249,"d":"16.02"},null,{"$f":"E3911","v":{"v":16.0249,"d":"16.02"}}]
["I0759","PERFURATRIZ PNEUMÁTICA (CHP)","H",{"v":9.7449,"d":"9.74"},{"v":18.1207,"d":"18.12"},null,{"$f":"E3912","v":{"v":18.1207,"d":"18.12"}}]
["I8208","PERFURATRIZ PNEUMÁTICA MONTADA EM CARRETA","H",{"v":160,"d":"160.00"},null,null,{"$f":"D3913","v":{"v":160,"d":"160.00"}}]
["I8681","PERFURATRIZ ROTATIVA HIDRÁULICA COM SACA TUBOS E MOTOR ELÉTRICO","H",{"v":136,"d":"136.00"},null,null,{"$f":"D3914","v":{"v":136,"d":"136.00"}}]
["I7439","PERFURATRIZ WIRTH C/ ACESSÓRIOS","H",{"v":726,"d":"726.00"},null,null,{"$f":"D3915","v":{"v":726,"d":"726.00"}}]
["I1635","PETROLET ALUMÍNIO DE 1 1/2\", TIPO T- X - L","UN",27.73,null,null,{"$f":"D3916","v":27.73}]
["I1636","PETROLET ALUMÍNIO DE 1 1/4\", TIPO T- X- L","UN",22.73,null,null,22.73]
["I1637","PETROLET ALUMÍNIO DE 1\", TIPO T- X- L","UN",{"v":13.6,"d":"13.60"},null,null,{"v":13.6,"d":"13.60"}]
["I1638","PETROLET ALUMÍNIO DE 1/2\", TIPO T- X - L","UN",{"v":8,"d":"8.00"},null,null,{"v":8,"d":"8.00"}]
["I1639","PETROLET ALUMÍNIO DE 2 1/2\", TIPO T- X - L","UN",70.25,null,null,70.25]
["I1634","PETROLET ALUMÍNIO DE 2\", TIPO T- X - L","UN",{"v":43.9,"d":"43.90"},null,null,{"v":43.9,"d":"43.90"}]
["I1640","PETROLET ALUMÍNIO DE 3 1/2\", TIPO T - X - L","UN",{"v":96.3,"d":"96.30"},null,null,{"v":96.3,"d":"96.30"}]
["I1641","PETROLET ALUMÍNIO DE 3\", TIPO T -  X - L","UN",90.44,null,null,90.44]
["I1642","PETROLET ALUMÍNIO DE 3/4\", TIPO T- X - L","UN",9.83,null,null,9.83]
["I1643","PETROLET ALUMÍNIO DE 4\", TIPO T - X - L","UN",182.13,null,null,182.13]
["I6119","PIA DE COZINHA DE CIMENTO - 1,20 M (PADRÃO MUTIRÃO)","UN",32.16,null,null,32.16]
["I2486","PIA DE MARMORITE (1,00x0,50)m  C/CUBA (0,45x0,36x0,15)m  (PADRÃO POPULAR)","UN",{"v":139.5,"d":"139.50"},null,null,{"v":139.5,"d":"139.50"}]
["I2487","PIA EM INOX 1,20x0,60 C/ 1 CUBA - C18/A304","UN",{"v":136.5,"d":"136.50"},null,null,{"v":136.5,"d":"136.50"}]
["I1649","PIA EM INOX 1.50x0.58 C/ 1 CUBA","UN",{"v":188.5,"d":"188.50"},null,null,{"v":188.5,"d":"188.50"}]
["I2490","PIA EM INOX 2,20x0,60 C/ 1 CUBA - C18/A304","UN",370.77,null,null,370.77]
["I1648","PIA EM INOX 2.00x0.58 C/ 2 CUBAS","UN",370.77,null,null,370.77]
["I2491","PIA EM INOX 3,00x0,60 C/ 1 CUBA - C18/A304","UN",{"v":917,"d":"917.00"},null,null,{"v":917,"d":"917.00"}]
["I2492","PIA EM INOX 4,20x0,60m C/ 2 CUBAS","UN",{"v":1483.14,"d":"1,483.14"},null,null,{"v":1483.14,"d":"1,483.14"}]
["I2493","PIÇARRA","M3",46.45,null,null,46.45]
["I1650","PIGMENTO PARA TINTA","KG",12.62,null,null,12.62]
["I6617","PILAR EM MADEIRA LIMPA DE 1A QUALIDADE  20x20cm","M",75.79,null,null,75.79]
["I6131","PINCEL DE TUCUM PARA CAIAÇÃO (PADRÃO MUTIRÃO)","KG",{"v":4.8,"d":"4.80"},null,null,{"v":4.8,"d":"4.80"}]
["I2394","PINO DE FIXAÇÃO COM CARTUCHO","UN",{"v":1.1,"d":"1.10"},null,null,{"v":1.1,"d":"1.10"}]
["I1651","PINO PARA ISOLADOR 15KV","UN",19.11,null,null,19.11]
["I2395","PINTOR","H",{"v":7.2,"d":"7.20"},{"v":15.5758,"d":"15.58"},"MO",{"$f":"E3940","v":{"v":15.5758,"d":"15.58"}}]
["I1652","PIQUETE DE PEROBA (MADEIRA DE 1A QUALIDADE)","M",1.43,null,null,{"$f":"D3941","v":1.43}]
["I1653","PISO ANTIDERR. NITROPISO TF-5000, SELADO C/FC-140","M2",{"v":107.6,"d":"107.60"},null,null,{"v":107.6,"d":"107.60"}]
["I1655","PISO CERÂMICO GAIL 240X115X14 MM","M2",89.98,null,null,89.98]
["I1657","PISO DE BORRACHA 50X50CM ESPESSURA 13MM","M2",{"v":187,"d":"187.00"},null,null,{"v":187,"d":"187.00"}]
["I1656","PISO DE BORRACHA 50x50cm ESPESSURA 7,5mm","M2",{"v":148,"d":"148.00"},null,null,{"v":148,"d":"148.00"}]
["I1658","PISO ELEVADO COMPOSTO DE PLACAS DE AÇO GALVANIZADO ESTAMPADO, MIOLO EM CONCRETO LEVE, REVESTIMENTO EM PAVIFLEX, MONTADO EM ESTRUTURA DE SUSTENTAÇÃO REGULÁVEL ( FORNECIMENTO E MONTAGEM )","M2",462.48,null,null,462.48]
["I2396","PISO EM BORRACHA ANTI-DERRAPANTE (COLOCADO)","M2",139.72,null,null,139.72]
["I1660","PISO LENCOL  BORRACHA ANTIDER. TIPO GRAO DE ARROZ","M2",82.45,null,null,82.45]
["I7969","PISO MONOLÍTICO DE POLIURETANO, ANTIDERRAPANTE, AUTONIVELANTE, S/ JUNTA","M2",{"v":161.1,"d":"161.10"},null,null,{"v":161.1,"d":"161.10"}]
["I1661","PISO PEDRA CARIRI E=2CM","M2",{"v":20.2,"d":"20.20"},null,null,{"v":20.2,"d":"20.20"}]
["I1662","PISO PRÉ-MOLDADO ARTICULADO E INTERTRAVADO DE 16 FACES - e = 4,5 cm P/ PASSEIO","M2",25.83,null,null,25.83]
["I6201","PISO PRÉ-MOLDADO ARTICULADO E INTERTRAVADO DE 16 FACES - e = 6,0 cm P/ TRÁFEGO LEVE","M2",{"v":30,"d":"30.00"},null,null,{"v":30,"d":"30.00"}]
["I7004","PISO PRÉ-MOLDADO ARTICULADO E INTERTRAVADO DE 16 FACES - e = 8,0 cm (35 MPa) P/ TRÁFEGO PESADO","M2",{"v":35,"d":"35.00"},null,null,{"v":35,"d":"35.00"}]
["I8558","PISO PRÉ-MOLDADO ARTICULADO, INTERTRAVADO, SEXTAVADO E COM CUNHAS MACHO E FÊMEA NAS FACES LATERAIS e=8,0cm (fck=35Mpa) P/ TRÁFEGO PESADO","M2",40.43,null,null,40.43]
["I8623","PISO TÁTIL ALERTA OU DIRECIONAL EM PMC ESP. 3cm","M2",25.31,null,null,25.31]
["I8622","PISO TÁTIL ALERTA OU DIRECIONAL EMBORRACHADO COR PRETO","M2",{"v":87.3,"d":"87.30"},null,null,{"v":87.3,"d":"87.30"}]
["I7541","PISO TIPO MONOLÍTICO DE ALTA RESISTÊNCIA, DE BAIXA ESPESSURA, DE POLIURETAMO ANTIDERRAPANTE, S/ JUNTAS, TIPO DUROCOR OU SIMILAR (FORN/MONT)","M2",235.12,null,null,235.12]
["I8328","PISO VINÍLICO TIPO \"PAVIFLEX\", e=1,6mm (COLOCADO)","M2",{"v":44,"d":"44.00"},null,null,{"v":44,"d":"44.00"}]
["I8329","PISO VINÍLICO TIPO \"PAVIFLEX\", e=2,0mm (COLOCADO)","M2",{"v":55,"d":"55.00"},null,null,{"v":55,"d":"55.00"}]
["I2397","PISTOLA WALSYVA","UN",{"v":1061.98,"d":"1,061.98"},null,null,{"v":1061.98,"d":"1,061.98"}]
["I4015","PLACA  REDUÇÃO DN 100 x 50 PN10","UN",112.99,null,null,112.99]
["I4032","PLACA  REDUÇÃO DN 1000 x 700 PN10","UN",{"v":4917.03,"d":"4,917.03"},null,null,{"v":4917.03,"d":"4,917.03"}]
["I4033","PLACA  REDUÇÃO DN 1000 x 800 PN10","UN",{"v":5057.07,"d":"5,057.07"},null,null,{"v":5057.07,"d":"5,057.07"}]
["I4017","PLACA  REDUÇÃO DN 200 x 100 PN10","UN",422.22,null,null,422.22]
["I4016","PLACA  REDUÇÃO DN 200 x 75 PN10","UN",262.56,null,null,262.56]
["I7135","PLACA  REDUÇÃO DN 200 x 80 PN10","UN",261.62,null,null,261.62]
["I4018","PLACA  REDUÇÃO DN 250 x 200 PN10","UN",715.72,null,null,715.72]
["I4019","PLACA  REDUÇÃO DN 350 x 150 PN10","UN",846.07,null,null,846.07]
["I4020","PLACA  REDUÇÃO DN 350 x 250 PN10","UN",869.23,null,null,869.23]
["I4021","PLACA  REDUÇÃO DN 400 x 150 PN10","UN",896.93,null,null,896.93]
["I4022","PLACA  REDUÇÃO DN 400 x 200 PN10","UN",923.23,null,null,923.23]
["I4023","PLACA  REDUÇÃO DN 400 x 250 PN10","UN",{"v":960,"d":"960.00"},null,null,{"v":960,"d":"960.00"}]
["I4024","PLACA  REDUÇÃO DN 400 x 300 PN10","UN",978.49,null,null,978.49]
["I4025","PLACA  REDUÇÃO DN 450 x 350 PN10","UN",799.47,null,null,799.47]
["I4026","PLACA  REDUÇÃO DN 500 x 350 PN10","UN",{"v":2929.34,"d":"2,929.34"},null,null,{"v":2929.34,"d":"2,929.34"}]
["I4027","PLACA  REDUÇÃO DN 500 x 400 PN10","UN",{"v":3198.66,"d":"3,198.66"},null,null,{"v":3198.66,"d":"3,198.66"}]
["I4029","PLACA  REDUÇÃO DN 600 x 450 PN10","UN",{"v":4071.43,"d":"4,071.43"},null,null,{"v":4071.43,"d":"4,071.43"}]
["I4030","PLACA  REDUÇÃO DN 700 x 500 PN10","UN",{"v":4172.44,"d":"4,172.44"},null,null,{"v":4172.44,"d":"4,172.44"}]
["I4031","PLACA  REDUÇÃO DN 900 x 700 PN10","UN",{"v":4230.08,"d":"4,230.08"},null,null,{"v":4230.08,"d":"4,230.08"}]
["I1664","PLACA 30X20CM 'NÃO MANOBRAR CHAVE EM CARGA'","UN",{"v":23.4,"d":"23.40"},null,null,{"v":23.4,"d":"23.40"}]
["I1665","PLACA 30X20CM 'PERIGO DE MORTE - AT'","UN",{"v":23.4,"d":"23.40"},null,null,{"v":23.4,"d":"23.40"}]
["I8967","PLACA ACRÍLICA TRANSPARENTE ESP.=5MM","M2",{"v":200,"d":"200.00"},null,null,{"v":200,"d":"200.00"}]
["I8101","PLACA DE APOIO TR 45","UN",{"v":31.4,"d":"31.40"},null,null,{"v":31.4,"d":"31.40"}]
["I1667","PLACA DE CONCRETO CELULAR 5CM","M2",{"v":16.5,"d":"16.50"},null,null,{"v":16.5,"d":"16.50"}]
["I8424","PLACA DE INAUGURAÇÃO DE OBRA (35x35)cm, EM AÇO INOX, COM IMPRESSÃO EM BAIXO RELEVO","UN",{"v":318.7,"d":"318.70"},null,null,{"v":318.7,"d":"318.70"}]
["I1670","PLACA DE MÁRMORE PADRONIZADA 15X30CM","M2",{"v":175,"d":"175.00"},null,null,{"v":175,"d":"175.00"}]
["I8890","PLACA DE PVC DE 2,00MX1,00M, ESP=25MM P/ FLOCULADOR C/ FUROS CONF. PROJETO","UN",{"v":1355.74,"d":"1,355.74"},null,null,{"v":1355.74,"d":"1,355.74"}]
["I8891","PLACA DE PVC DE 2,47MX0,75M, ESP=6MM P/ FLOCULADOR","UN",218.42,null,null,218.42]
["I8892","PLACA DE PVC DE 2,65MX0,75M, ESP=6MM P/ FLOCULADOR","UN",234.34,null,null,234.34]
["I8893","PLACA DE PVC DE 2,80MX0,75M, ESP=6MM P/ FLOCULADOR","UN",{"v":247.6,"d":"247.60"},null,null,{"v":247.6,"d":"247.60"}]
["I8894","PLACA DE PVC DE 2,92MX0,75M, ESP=6MM P/ FLOCULADOR","UN",258.22,null,null,258.22]
["I8895","PLACA DE PVC DE 5,00MX0,65M, ESP=10MM P/ FLOCULADOR C/ FUROS","UN",{"v":1443.88,"d":"1,443.88"},null,null,{"v":1443.88,"d":"1,443.88"}]
["I2398","PLACA DE VENTILAÇÃO P/TELHA 49","UN",4.59,null,null,4.59]
["I2399","PLACA DE VENTILAÇÃO P/TELHA 90","UN",9.19,null,null,9.19]
["I8635","PLACA EM ACRÍLICO 60x40cm COM TEXTOS EM BRAILLE E ALTO RELEVO","UN",559.98,null,null,559.98]
["I6699","PLACA EM CHAPA GALV. C/ESTRUT. INT. METALON, PINT.ESMALTE SINT. E IMPRESSÃO EM VINIL 02 FACES","M2",{"v":332.2,"d":"332.20"},null,null,{"v":332.2,"d":"332.20"}]
["I2400","PLACA EM CHAPA PRETA PARA OBRA","M2",65.14,null,null,65.14]
["I6632","PLACA EM FIBRA DE VIDRO ESP=3mm","M2",{"v":107.6,"d":"107.60"},null,null,{"v":107.6,"d":"107.60"}]
["I1671","PLACA PRÉ-FABRICADA DE CONCRETO PARA MURO 200X50X3.5CM","UN",{"v":71.7,"d":"71.70"},null,null,{"v":71.7,"d":"71.70"}]
["I1672","PLACA PRÉ-MOLDADA DE GRANILITE DE 3CM","M2",103.06,null,null,103.06]
["I4028","PLACA REDUÇÃO DN 600 x 150 PN10","UN",{"v":4009.48,"d":"4,009.48"},null,null,{"v":4009.48,"d":"4,009.48"}]
["I2695","PLACA REFLECTIVA DE ACO GALVANIZADO","M2",{"v":485.6,"d":"485.60"},null,null,{"v":485.6,"d":"485.60"}]
["I2573","PLACA REFLETIVA DE AÇO GALVANIZADO C/PELICULA ANTI-PICHANTE","M2",{"v":522.4,"d":"522.40"},null,null,{"v":522.4,"d":"522.40"}]
["I2696","PLACA REFLETIVA DE ALUMÍNIO","M2",{"v":513.8,"d":"513.80"},null,null,{"v":513.8,"d":"513.80"}]
["I2572","PLACA REFLETIVA DE ALUMINIO C/PELICULA ANTI-PICHANTE","M2",550.59,null,null,{"$f":"D4005","v":550.59}]
["I2697","PLACA REFLETIVA DE POLIÉSTER DE FIBRA DE VIDRO","M2",897.63,null,null,897.63]
["I2574","PLACA REFLETIVA DE POLIESTER DE FIBRA DE VIDRO C/PELICULA ANTI-PICHANTE","M2",934.42,null,null,934.42]
["I2698","PLACA SEMI REFLETIVA DE AÇO GALVANIZADO","M2",331.09,null,null,331.09]
["I2576","PLACA SEMI REFLETIVA DE AÇO GALVANIZADO C/PELICULA ANTI-PICHANTE","M2",367.89,null,null,367.89]
["I2699","PLACA SEMI REFLETIVA DE ALUMÍNIO","M2",479.47,null,null,479.47]
["I2575","PLACA SEMI REFLETIVA DE ALUMINIO C/PELICULA ANTI-PICHANTE","M2",516.26,null,null,516.26]
["I2700","PLACA SEMI REFLETIVA DE POLIÉSTER C/ FIBRA DE VIDRO","M2",781.13,null,null,781.13]
["I2577","PLACA SEMI REFLETIVA DE POLIESTER C/FIBRA DE VIDRO C/PELICULA ANTI-PICHANTE","M2",817.92,null,null,817.92]
["I7393","PLACA SUPORTE P/ LUMINÁRIA SN-05","UN",65.67,null,null,65.67]
["I8649","PLACAS COM BRAILLE PARA SINALIZAÇÃO TÁTIL","UN",46.54,null,null,46.54]
["I1674","PLAFONIER COM GLOBO LEITOSO 9'X4' TIPO BRASIL","UN",12.13,null,null,12.13]
["I8974","PLANO DE SERVIÇO INTERNET PARA USO DO TABLET","H",0.26,null,null,{"$f":"D4017","v":0.26}]
["I7413","PLAQUETA DE IDENTIFICAÇÀO ALUM. 2,5x5,0","UN",6.33,null,null,6.33]
["I7957","PLATAFORMA \"OFF-SHORE\"","H",{"v":775,"d":"775.00"},null,null,{"v":775,"d":"775.00"}]
["I8210","PLATAFORMA FLUTUANTE COMPLETA","H",{"v":632,"d":"632.00"},null,null,{"v":632,"d":"632.00"}]
["I8209","PLATAFORMA TIPO \"CANTITRAVELLER\"","H",{"v":701,"d":"701.00"},null,null,{"v":701,"d":"701.00"}]
["I8612","PLOTTER","UNxMÊS",{"v":320,"d":"320.00"},null,null,{"v":320,"d":"320.00"}]
["I2692","PLOTTER","UN",{"v":21908,"d":"21,908.00"},null,null,{"v":21908,"d":"21,908.00"}]
["I0646","PLOTTER (CHI)","H",{"v":1.0954,"d":"1.10"},null,null,{"v":1.0954,"d":"1.10"}]
["I0760","PLOTTER (CHP)","H",{"v":4.8166,"d":"4.82"},null,null,{"v":4.8166,"d":"4.82"}]
["I6577","PLUG AÇO GALVANIZADO 2\"","UN",9.23,null,null,{"$f":"D4026","v":9.23}]
["I1676","PLUG FERRO FUNDIDO 100MM (4')","UN",{"v":43.9,"d":"43.90"},null,null,{"v":43.9,"d":"43.90"}]
["I1677","PLUG FERRO FUNDIDO 150MM (6')","UN",{"v":58.2,"d":"58.20"},null,null,{"v":58.2,"d":"58.20"}]
["I1678","PLUG FERRO FUNDIDO 50MM (2')","UN",17.27,null,null,17.27]
["I1679","PLUG FERRO FUNDIDO 75MM (3')","UN",{"v":25,"d":"25.00"},null,null,{"v":25,"d":"25.00"}]
["I3010","PLUG OCRE DN 100","UN",{"v":10,"d":"10.00"},null,null,{"v":10,"d":"10.00"}]
["I3011","PLUG OCRE DN 125","UN",33.23,null,null,33.23]
["I3012","PLUG OCRE DN 150","UN",24.83,null,null,24.83]
["I3013","PLUG OCRE DN 200","UN",{"v":53,"d":"53.00"},null,null,{"v":53,"d":"53.00"}]
["I3014","PLUG OCRE DN 250","UN",73.16,null,null,73.16]
["I3015","PLUG OCRE DN 300","UN",140.93,null,null,140.93]
["I3016","PLUG OCRE DN 350","UN",{"v":189,"d":"189.00"},null,null,{"v":189,"d":"189.00"}]
["I3017","PLUG OCRE DN 400","UN",{"v":241.5,"d":"241.50"},null,null,{"v":241.5,"d":"241.50"}]
["I2401","PLUG PVC COM ROSCA DE 3/4\"","UN",{"v":0.5,"d":"0.50"},null,null,{"v":0.5,"d":"0.50"}]
["I1680","PLUG PVC ESGOTO DE 100MM","UN",{"v":7.5,"d":"7.50"},null,null,{"v":7.5,"d":"7.50"}]
["I1681","PLUG PVC ESGOTO DE 50MM","UN",{"v":2.6,"d":"2.60"},null,null,{"v":2.6,"d":"2.60"}]
["I1682","PLUG PVC ESGOTO DE 75MM","UN",{"v":5.8,"d":"5.80"},null,null,{"v":5.8,"d":"5.80"}]
["I1683","PLUG TRIPOLAR ( 3P+T ) - 32A / 380V","UN",{"v":37.3,"d":"37.30"},null,null,{"v":37.3,"d":"37.30"}]
["I1684","PO DE MARMORE","KG",0.25,null,null,0.25]
["I2403","PO DE PEDRA","M3",{"v":29,"d":"29.00"},null,null,{"v":29,"d":"29.00"}]
["I1685","POCEIRO","H",{"v":7.2,"d":"7.20"},{"v":15.5758,"d":"15.58"},"MO",{"$f":"E4046","v":{"v":15.5758,"d":"15.58"}}]
["I6097","POÇO DE VISITA PRE-MOLDADO CONF. PROJETO CAGECE","UN",608.26,null,null,{"$f":"D4047","v":608.26}]
["I9069","POÇO TUBULAR C/ TUBO GEOMECÂNICO DE 6`` PROFUNDIDADE 100M, COMPLETAMENTE EXECUTADO, INCLUSIVE MARCAÇÃO (FORNECIMENTO E EXECUÇÃO)","UN",{"v":26500,"d":"26,500.00"},null,null,{"v":26500,"d":"26,500.00"}]
["I7919","POLIESTIRENO EXPANDIDO (ISOPOR) EM CAIXÃO PERDIDO","M3",172.88,null,null,172.88]
["I1686","POLIESTIRENO EXPANDIDO DE 5CM (ISOPOR)","M2",{"v":16,"d":"16.00"},null,null,{"v":16,"d":"16.00"}]
["I7920","POLIMENTO EM CONCRETO NIVELADO À LASER","M2",12.67,null,null,12.67]
["I8941","POLÍMERO CATIÔNICO","L",{"v":15.8,"d":"15.80"},null,null,{"v":15.8,"d":"15.80"}]
["I1687","PONTA DE LANÇA METÁLICA EM EXTREMIDADES","M",59.35,null,null,59.35]
["I1688","PONTA PLÁSTICA","UN",2.57,null,null,2.57]
["I1691","PONTALETE / BARROTE DE 3\"x3\"","M",14.79,null,null,14.79]
["I0198","PONTALETE / BARROTE DE 3\"x3\" - APARELHADO","M",18.76,null,null,18.76]
["I1692","PONTE DE CRUZAMENTO EM CAIXAS DERIVAÇÃO/LIGACÃO","UN",9.02,null,null,9.02]
["I7458","PONTE ROLANTE","H",{"v":63,"d":"63.00"},null,null,{"$f":"D4058","v":{"v":63,"d":"63.00"}}]
["I8072","PORCA QUADRADA PARA PARAFUSO M16 x 2","UN",0.74,null,null,{"$f":"D4059","v":0.74}]
["I1694","PORCA SEXTAVADA 1/4'","UN",0.21,null,null,0.21]
["I1695","PORCA SEXTAVADA 5/16'","UN",0.24,null,null,0.24]
["I8110","PORÇÃO DE SOLDA THERMIT TR 37 SOWOS 80","UN",129.96,null,null,129.96]
["I8108","PORÇÃO DE SOLDA THERMIT TR 45 SOWOS 80","UN",142.96,null,null,142.96]
["I6503","PORCELANATO NATURAL (FOSCO)","M2",35.49,null,null,35.49]
["I6501","PORCELANATO POLIDO","M2",56.65,null,null,56.65]
["I1697","PORTA COMPLETA BLINDOR/CHUMBO ( 0,60 X 2,10 )m","UN",{"v":1373.4,"d":"1,373.40"},null,null,{"v":1373.4,"d":"1,373.40"}]
["I1698","PORTA COMPLETA BLINDOR/CHUMBO ( 0,80 X 2,10 )m","UN",{"v":1831.2,"d":"1,831.20"},null,null,{"v":1831.2,"d":"1,831.20"}]
["I1696","PORTA COMPLETA BLINDOR/CHUMBO ( 1,20 X 2,10 )m","UN",{"v":2746.8,"d":"2,746.80"},null,null,{"v":2746.8,"d":"2,746.80"}]
["I1700","PORTA CORTA-FOGO (0,80X2,10)m","UN",{"v":1012.3,"d":"1,012.30"},null,null,{"v":1012.3,"d":"1,012.30"}]
["I1699","PORTA CORTA-FOGO (1,60X2,10)m","UN",{"v":1714.9,"d":"1,714.90"},null,null,{"v":1714.9,"d":"1,714.90"}]
["I1701","PORTA CORTA-FOGO DE CORRER INDUSTRIAL","M2",{"v":1466.3,"d":"1,466.30"},null,null,{"v":1466.3,"d":"1,466.30"}]
["I1703","PORTA DE AÇO DE CHAPA ONDULADA","M2",{"v":187.5,"d":"187.50"},null,null,{"v":187.5,"d":"187.50"}]
["I1702","PORTA DE ALUMÍNIO","M2",{"v":330.2,"d":"330.20"},null,null,{"v":330.2,"d":"330.20"}]
["I1704","PORTA DE FERRO EM CHAPA DUPLA N.14","M2",{"v":108.6,"d":"108.60"},null,null,{"v":108.6,"d":"108.60"}]
["I1705","PORTA DE FICHA EMBUTIDA","M2",201.48,null,null,201.48]
["I8248","PORTA DE MADEIRA TIPO VENEZIANA 0,60 x 1,80 (FORNECIMENTO E MONTAGEM)","UN",{"v":375.8,"d":"375.80"},null,null,{"v":375.8,"d":"375.80"}]
["I8577","PORTA DE MUIRACATIARA 0,60x2,10x0,03","UN",{"v":271,"d":"271.00"},null,null,{"v":271,"d":"271.00"}]
["I8412","PORTA DENTE P/ FRESADORA","UN",217.75,null,null,217.75]
["I8416","PORTA DENTES P/ RECICLADORA","UN",229.77,null,null,229.77]
["I8342","PORTA EM ALUMÍNIO ANODIZADO NATURAL/FOSCO, DE ABRIR, COM BANDEIROLA E/OU PEITORIL, SEM VIDRO","M2",{"v":319.5,"d":"319.50"},null,null,{"v":319.5,"d":"319.50"}]
["I8341","PORTA EM ALUMÍNIO ANODIZADO NATURAL/FOSCO, DE ABRIR, SEM BANDEIROLA E/OU PEITORIL, SEM VIDRO","M2",{"v":290,"d":"290.00"},null,null,{"v":290,"d":"290.00"}]
["I8340","PORTA EM ALUMÍNIO ANODIZADO NATURAL/FOSCO, DE CORRER, COM BANDEIROLA E/OU PEITORIL, SEM VIDRO","M2",311.57,null,null,311.57]
["I8338","PORTA EM ALUMÍNIO ANODIZADO NATURAL/FOSCO, DE CORRER, SEM BANDEIROLA E/OU PEITORIL, SEM VIDRO","M2",{"v":287.5,"d":"287.50"},null,null,{"v":287.5,"d":"287.50"}]
["I8348","PORTA EM ALUMÍNIO ANODIZADO PRETO, DE ABRIR, COM BANDEIROLA E/OU PEITORIL, SEM VIDRO","M2",{"v":351.5,"d":"351.50"},null,null,{"v":351.5,"d":"351.50"}]
["I8347","PORTA EM ALUMÍNIO ANODIZADO PRETO, DE ABRIR, SEM BANDEIROLA E/OU PEITORIL, SEM VIDRO","M2",{"v":321.3,"d":"321.30"},null,null,{"v":321.3,"d":"321.30"}]
["I8346","PORTA EM ALUMÍNIO ANODIZADO PRETO, DE CORRER, COM BANDEIROLA E/OU PEITORIL, SEM VIDRO","M2",{"v":330.2,"d":"330.20"},null,null,{"v":330.2,"d":"330.20"}]
["I8344","PORTA EM ALUMÍNIO ANODIZADO PRETO, DE CORRER, SEM BANDEIROLA E/OU PEITORIL, SEM VIDRO","M2",{"v":319.5,"d":"319.50"},null,null,{"v":319.5,"d":"319.50"}]
["I6743","PORTA EM PVC P/DIVISÓRIA (0,80 X 2,10)M INCLUS. FECHADURA, DOBRADIÇA E REQUADRO ( FORNECIMENTO E MONTAGEM )","UN",{"v":372,"d":"372.00"},null,null,{"v":372,"d":"372.00"}]
["I6742","PORTA EM PVC SANFONADA (0,80 X 2,10)M, INCLUS. PERFIL \"U\",  FECHO E TRILHO ( FORNECIMENTO E MONTAGEM )","UN",{"v":120,"d":"120.00"},null,null,{"v":120,"d":"120.00"}]
["I6811","PORTA FRIGORIFICA TERMOISOLANTE DE ACIONAMENTO MANUAL C/AQUEC. DIM.:2100X1000X150MM - COLOCADA","UN",{"v":2449.5,"d":"2,449.50"},null,null,{"v":2449.5,"d":"2,449.50"}]
["I1706","PORTA LISA DE CEDRO 0.60X2.10M","UN",{"v":118,"d":"118.00"},null,null,{"v":118,"d":"118.00"}]
["I1707","PORTA LISA DE CEDRO 0.70X2.10M","UN",{"v":138,"d":"138.00"},null,null,{"v":138,"d":"138.00"}]
["I1708","PORTA LISA DE CEDRO 0.80X2.10M","UN",{"v":158,"d":"158.00"},null,null,{"v":158,"d":"158.00"}]
["I1709","PORTA LISA DE CEDRO 0.90X2.10M","UN",{"v":177,"d":"177.00"},null,null,{"v":177,"d":"177.00"}]
["I1710","PORTA LISA DE CEDRO 1.00X2.10M","UN",{"v":197,"d":"197.00"},null,null,{"v":197,"d":"197.00"}]
["I1711","PORTA PAPEL DE LOUÇA BRANCA 15X15CM","UN",{"v":21.9,"d":"21.90"},null,null,{"v":21.9,"d":"21.90"}]
["I8670","PORTA PAPEL METÁLICO","UN",{"v":19.8,"d":"19.80"},null,null,{"v":19.8,"d":"19.80"}]
["I8271","PORTA PARANÁ (0,60 x 2,10 m)","UN",{"v":68,"d":"68.00"},null,null,{"v":68,"d":"68.00"}]
["I8272","PORTA PARANÁ (0,70 x 2,10 m)","UN",{"v":73.6,"d":"73.60"},null,null,{"v":73.6,"d":"73.60"}]
["I8273","PORTA PARANÁ (0,80 x 2,10 m)","UN",{"v":80,"d":"80.00"},null,null,{"v":80,"d":"80.00"}]
["I1712","PORTA SABÃO LÍQUIDO DE VIDRO","UN",{"v":28.9,"d":"28.90"},null,null,{"v":28.9,"d":"28.90"}]
["I1713","PORTA SASAZAKI-VENEZIANA, INCLUS. BATENTES E FERRAGENS","M2",{"v":212.8,"d":"212.80"},null,null,{"v":212.8,"d":"212.80"}]
["I1714","PORTA TIPO EUCATEX - PADRÃO","UN",128.63,null,null,128.63]
["I6112","PORTA TIPO FICHA 0,60 X 2,10 M MADEIRA MISTA (PADRÃO MUTIRÃO)","UN",77.04,null,null,77.04]
["I6113","PORTA TIPO FICHA 0,80 X 2,10 M ROLADA MADEIRA MISTA (PADRÃO MUTIRÃO)","UN",82.59,null,null,82.59]
["I1715","PORTA TIPO PARANÁ","M2",47.62,null,null,47.62]
["I1716","PORTA TOALHA DE LOUÇA BRANCA","UN",{"v":16.7,"d":"16.70"},null,null,{"v":16.7,"d":"16.70"}]
["I1717","PORTA TOALHA DE PAPEL - METÁLICO","UN",{"v":31.2,"d":"31.20"},null,null,{"v":31.2,"d":"31.20"}]
["I6805","PORTÃO DE ALUMÍNIO ANODIZADO NATURAL, FECHAMENTO COM  LAMBRI BOLA E CORREDIÇO (FORNECIMENTO E MONTAGEM)","M2",{"v":285,"d":"285.00"},null,null,{"v":285,"d":"285.00"}]
["I8437","PORTÃO DESLIZANTE NYLOFOR, COMPOSTO DE QUADRO, PAINÉIS E ACESSÓRIOS COM PINTURA ELETROSTÁTICA COM TINTA POLIESTER, NAS CORES VERDE OU BRANCA, COM POSTE EM AÇO REVESTIDO, COR VERDE OU BRANCA - FORNECIMENTO E MONTAGEM\n","M2",{"v":440,"d":"440.00"},null,null,{"v":440,"d":"440.00"}]
["I8249","PORTÃO EM ALUMÍNIO EM TUBOS DE 20 mm (FORNECIMENTO E MONTAGEM)","M2",{"v":319.1,"d":"319.10"},null,null,{"v":319.1,"d":"319.10"}]
["I6727","PORTÃO EM METALON E BARRA CHATA DE FERRO C/FECHADURA E DOBRADIÇAS, INCLUS. PINTURA ESMALTE SINTÉTICO (=1M2)","UN",{"v":290.4,"d":"290.40"},null,null,{"v":290.4,"d":"290.40"}]
["I8436","PORTÃO PIVOTANTE NYLOFOR, COMPOSTO DE QUADRO, PAINÉIS E ACESSÓRIOS COM PINTURA ELETROSTÁTICA COM TINTA POLIESTER, NAS CORES VERDE OU BRANCA, COM POSTE EM AÇO REVESTIDO, COR VERDE OU BRANCA - FORNECIMENTO E MONTAGEM\n","M2",{"v":440,"d":"440.00"},null,null,{"v":440,"d":"440.00"}]
["I8573","PÓRTICO","UN",{"v":40990.38,"d":"40,990.38"},null,null,{"v":40990.38,"d":"40,990.38"}]
["I7486","PÓRTICO 27 TON","H",{"v":63,"d":"63.00"},null,null,{"$f":"D4115","v":{"v":63,"d":"63.00"}}]
["I2530","PORTICO DUPLO","UN",{"v":35389.14,"d":"35,389.14"},null,null,{"$f":"D4116","v":{"v":35389.14,"d":"35,389.14"}}]
["I2531","PORTICO SIMPLES","UN",{"v":25889.16,"d":"25,889.16"},null,null,{"v":25889.16,"d":"25,889.16"}]
["I9046","POSTE 40 x 60 MM, PINTURA ELETROSTÁTICA EM POLIESTER, NAS CORES VERDE OU BRANCA ( H=2,50M - COM TAMPA) CHUMBADO","UN",83.38,null,null,83.38]
["I9047","POSTE 40 x 60 MM, PINTURA ELETROSTÁTICA EM POLIESTER, NAS CORES VERDE OU BRANCA (H=2,00M - COM TAMPA) CHUMBADO","UN",66.37,null,null,66.37]
["I9045","POSTE 40 x 60 MM, PINTURA ELETROSTÁTICA EM POLIESTER, NAS CORES VERDE OU BRANCA (H=3,20M - COM TAMPA) CHUMBADO","UN",104.92,null,null,104.92]
["I6795","POSTE CONCRETO ARMADO CIRCULAR - H=12M","UN",{"v":883.4,"d":"883.40"},null,null,{"v":883.4,"d":"883.40"}]
["I6518","POSTE CONCRETO ARMADO CIRCULAR, H = 22 m","UN",{"v":4175.85,"d":"4,175.85"},null,null,{"v":4175.85,"d":"4,175.85"}]
["I1718","POSTE DE ACO - 6MX4 1/2'","UN",206.82,null,null,206.82]
["I1719","POSTE DE CONCRETO 11MX400KG","UN",{"v":880.3,"d":"880.30"},null,null,{"v":880.3,"d":"880.30"}]
["I1720","POSTE DE CONCRETO 8MX300KG","UN",{"v":542.9,"d":"542.90"},null,null,{"v":542.9,"d":"542.90"}]
["I9068","POSTE DE CONCRETO DUPLO T 12/1000","UN",{"v":1950,"d":"1,950.00"},null,null,{"v":1950,"d":"1,950.00"}]
["I2405","POSTE DE CONCRETO DUPLO T 150/9","UN",{"v":420,"d":"420.00"},null,null,{"v":420,"d":"420.00"}]
["I1721","POSTE DE FERRO, H= 2,80M C/GLOBO DE VIDRO","UN",{"v":236.5,"d":"236.50"},null,null,{"v":236.5,"d":"236.50"}]
["I6694","POSTE METALICO CONICO RETO H=10.0m,  MOD. LP-531.B/100.GJ  - FAB.TROPICO OU SIMILAR","UN",{"v":631.5,"d":"631.50"},null,null,{"v":631.5,"d":"631.50"}]
["I6696","POSTE METALICO DECORATIVO H=4.0m , MOD. LP-588.B/140.GJ - FAB.TROPICO OU SIMILAR","UN",414.64,null,null,414.64]
["I7504","POWER SUPLLY RACK MOUNT, 5 AMP FOR MODULAR PLC MOD. 1746 - P4 AB","UN",{"v":1964.74,"d":"1,964.74"},null,null,{"v":1964.74,"d":"1,964.74"}]
["I1723","PRANCHA 3 X 16 CM","M",{"v":14.6,"d":"14.60"},null,null,{"v":14.6,"d":"14.60"}]
["I1349","PRANCHA 6 X 16 CM","M",{"v":24.3,"d":"24.30"},null,null,{"v":24.3,"d":"24.30"}]
["I6682","PRANCHA DE MADEIRA MAÇARANDUBA (2,15X0,20X0,05)m","UN",{"v":112.5,"d":"112.50"},null,null,{"v":112.5,"d":"112.50"}]
["I6681","PRANCHA DE MADEIRA MAÇARANDUBA (2,15X0,25X0,05)m","UN",143.08,null,null,143.08]
["I2407","PRANCHA EM MADEIRA DE LEI","M3",{"v":1894.73,"d":"1,894.73"},null,null,{"v":1894.73,"d":"1,894.73"}]
["I2532","PRANCHÃO DE 50MM X 300MM","M",28.42,null,null,28.42]
["I8956","PRANCHETA DE MADEIRA C/ PRENDEDOR DE METAL","UN",4.41,null,null,4.41]
["I1724","PREGO","KG",{"v":9.4,"d":"9.40"},null,null,{"v":9.4,"d":"9.40"}]
["I2408","PREGO 1 1/2\" x 14","KG",{"v":9.4,"d":"9.40"},null,null,{"v":9.4,"d":"9.40"}]
["I2409","PREGO 1 1/4\" x 14","KG",{"v":9.4,"d":"9.40"},null,null,{"v":9.4,"d":"9.40"}]
["I2494","PREGO 12 x 12","KG",{"v":9.4,"d":"9.40"},null,null,{"v":9.4,"d":"9.40"}]
["I1725","PREGO 15X15","KG",{"v":9.4,"d":"9.40"},null,null,{"v":9.4,"d":"9.40"}]
["I1726","PREGO 16X24","KG",10.09,null,null,10.09]
["I1727","PREGO 18 X 27 C/ ANILHA DE PVC","UN",{"v":0.3,"d":"0.30"},null,null,{"v":0.3,"d":"0.30"}]
["I1728","PREGO 18X27 (2 1/2 X 10)","KG",{"v":9.4,"d":"9.40"},null,null,{"v":9.4,"d":"9.40"}]
["I1729","PREGO 18X27 GALVANIZADO","UN",{"v":0.1,"d":"0.10"},null,null,{"v":0.1,"d":"0.10"}]
["I1730","PREGO 18X30","KG",9.77,null,null,9.77]
["I1731","PREGO 19X33","KG",{"v":9.4,"d":"9.40"},null,null,{"v":9.4,"d":"9.40"}]
["I2410","PREGO 2 1/2\" x 10 (18 X 27)","KG",{"v":9.4,"d":"9.40"},null,null,{"v":9.4,"d":"9.40"}]
["I1732","PREGO 22X48","KG",7.88,null,null,7.88]
["I1733","PRENDEDOR METÁLICO PARA PORTA","UN",15.65,null,null,15.65]
["I1734","PRIMER A BASE DE BORRACHA CLORADA","L",39.09,null,null,39.09]
["I1735","PRIMER A BASE DE EPOXI","L",41.94,null,null,41.94]
["I1736","PRIMER P/ MANTA FK","KG",3.92,null,null,3.92]
["I1737","PRIMER SINTÉTICO","L",19.81,null,null,19.81]
["I7936","PROJETOR EM ALUMÍNIO POLIDO COM REFLETOR EM ALUMÍNIO ANODIZADO E DIFUSOR EM VIDRO PLANO TEMPERADO TRANSPARENTE DIÂMETRO= 40CM PARA LÂMPADA VAPOR METÁLICO 400W MAIS REATOR E IGNITOR","UN",{"v":631.5,"d":"631.50"},null,null,{"v":631.5,"d":"631.50"}]
["I7933","PROJETOR EMBUTIDO NO FORRO EM CHAPA DE AÇO PINTADA COM REFLETOR DE ALUMÍNIO ANODIZADO ALTO BRILHO E DIFUSOR EM VIDRO TRANSPARENTE TEMPERADO PARA LÂMPADA VAPOR METÁLICO 400W MAIS REATOR E IGNITOR","UN",357.45,null,null,357.45]
["I1738","PROJETOR EXTERNO COM ÂNGULO ELEV REGULÁVEL","UN",74.15,null,null,74.15]
["I8957","PROJETOR FECHADO, CORPO EM CHAPA DE ALUMÍNIO, COM ALOJAMENTO PARA EQUIPAMENTO AUXILIAR TEMPERADO, COM SOQUETE E40 PARA LÂMPADA MULTIVAPORES METÁLICOS DE 70W, COM REATOR DE ALTO FATOR DE POTÊNCIA","UN",142.72,null,null,142.72]
["I6193","PROJETOR PROVA EXPLOSÃO REF. MAC EXN 105/15 EM AÇO INOX","UN",{"v":2196.31,"d":"2,196.31"},null,null,{"v":2196.31,"d":"2,196.31"}]
["I1739","PROJETOR REF. MA - 331, FAB. REEME","UN",{"v":165,"d":"165.00"},null,null,{"v":165,"d":"165.00"}]
["I1740","PROJETOR TIPO CANHÃO","UN",970.23,null,null,970.23]
["I8942","PROTETOR DE SURTOS, CLASSE I, 30KA","UN",50.39,null,null,50.39]
["I8943","PROTETOR DE SURTOS, CLASSE II, 5KA","UN",50.39,null,null,50.39]
["I8944","PROVETA GRADUADA 500ML","UN",32.39,null,null,32.39]
["I2580","PULVERIZADOR SOBRE PNEUS","UN",{"v":13410,"d":"13,410.00"},null,null,{"v":13410,"d":"13,410.00"}]
["I0647","PULVERIZADOR SOBRE PNEUS (CHI)","H",{"v":5.36276,"d":"5.36"},{"v":11.03966,"d":"11.04"},null,{"$f":"E4168","v":{"v":11.03966,"d":"11.04"}}]
["I0761","PULVERIZADOR SOBRE PNEUS (CHP)","H",{"v":7.10606,"d":"7.11"},{"v":12.78296,"d":"12.78"},null,{"$f":"E4169","v":{"v":12.78296,"d":"12.78"}}]
["I8190","PUNHO P/ PERFURATRIZ","UN",{"v":661.9,"d":"661.90"},null,null,{"$f":"D4170","v":{"v":661.9,"d":"661.90"}}]
["I1742","PURGADOR PLÁSTICO PARA ANCORAGEM","UN",{"v":6.1,"d":"6.10"},null,null,{"v":6.1,"d":"6.10"}]
["I1743","PUXADOR CONCHA (1606)","UN",{"v":12,"d":"12.00"},null,null,{"v":12,"d":"12.00"}]
["I8639","PUXADOR HORIZONTAL/VERTICAL PARA PORTA","M",220.51,null,null,220.51]
["I1744","PUXADOR P/PORTAS DE MÓVEIS","UN",{"v":4.2,"d":"4.20"},null,null,{"v":4.2,"d":"4.20"}]
["I2412","QUADRO DE DISTRIBUIÇÃO PARA 6 CIRCUITOS","UN",{"v":23.9,"d":"23.90"},null,null,{"v":23.9,"d":"23.90"}]
["I1747","QUADRO DE DISTRIBUIÇÃO SOBREPOR ATÉ 6 DIVISÕES","UN",{"v":23.9,"d":"23.90"},null,null,{"v":23.9,"d":"23.90"}]
["I1751","QUADRO DE FORÇA  (0,90 X 1,90 X 0,60)M","UN",{"v":2262,"d":"2,262.00"},null,null,{"v":2262,"d":"2,262.00"}]
["I1752","QUADRO DE FORÇA  (1,80 X 1,90 X 0,60)M","UN",{"v":4900.1,"d":"4,900.10"},null,null,{"v":4900.1,"d":"4,900.10"}]
["I2413","QUADRO DE MEDIÇÃO TRIFASICA EM POSTE","UN",{"v":272.4,"d":"272.40"},null,null,{"v":272.4,"d":"272.40"}]
["I6424","QUADRO DE MEDIÇÃO TRIFÁSICO PADRÃO COELCE","UN",242.93,null,null,242.93]
["I1753","QUADRO DISTRIBUIÇÃO EMBUTIR, C/3 DIVISÕES","UN",{"v":9.2,"d":"9.20"},null,null,{"v":9.2,"d":"9.20"}]
["I1754","QUADRO DISTRIBUIÇÃO LUZ 207X332X95MM","UN",123.93,null,null,123.93]
["I1755","QUADRO DISTRIBUIÇÃO LUZ 255X315X135MM","UN",151.02,null,null,151.02]
["I1756","QUADRO DISTRIBUIÇÃO LUZ 332X332X95MM","UN",143.75,null,null,143.75]
["I1757","QUADRO DISTRIBUIÇÃO LUZ 450X315X135MM","UN",217.13,null,null,217.13]
["I1758","QUADRO DISTRIBUIÇÃO LUZ 457X332X95MM","UN",151.02,null,null,151.02]
["I1759","QUADRO DISTRIBUIÇÃO LUZ 457X646X95MM","UN",{"v":340,"d":"340.00"},null,null,{"v":340,"d":"340.00"}]
["I1760","QUADRO DISTRIBUIÇÃO LUZ 45X646X150MM","UN",371.18,null,null,371.18]
["I1761","QUADRO DISTRIBUIÇÃO LUZ 650X440X205MM","UN",371.18,null,null,371.18]
["I1762","QUADRO DISTRIBUIÇÃO LUZ 650X875X205MM","UN",496.35,null,null,496.35]
["I1746","QUADRO EM CHAPA 'TELEBRAS' 1200X1000X150MM","UN",{"v":360,"d":"360.00"},null,null,{"v":360,"d":"360.00"}]
["I1748","QUADRO EM CHAPA 'TELEBRAS' 1200X1200X150MM","UN",{"v":410,"d":"410.00"},null,null,{"v":410,"d":"410.00"}]
["I1749","QUADRO EM CHAPA 'TELEBRAS' 1200X1500X150MM","UN",453.86,null,null,453.86]
["I1750","QUADRO EM CHAPA 'TELEBRAS' 1200X1700X150MM","UN",{"v":761.9158,"d":"761.92"},null,null,{"v":761.9158,"d":"761.92"}]
["I1763","QUADRO EM CHAPA 'TELEBRAS' 200X200X120MM","UN",26.86,null,null,26.86]
["I1764","QUADRO EM CHAPA 'TELEBRAS' 400X400X120MM","UN",62.75,null,null,62.75]
["I1765","QUADRO EM CHAPA 'TELEBRAS' 600X600X120MM","UN",110.34,null,null,110.34]
["I1766","QUADRO EM CHAPA 'TELEBRAS' 800X800X120MM","UN",{"v":207,"d":"207.00"},null,null,{"v":207,"d":"207.00"}]
["I7423","QUADRO GERAL, COM BARRAMENTO - 15 kV, METÁLICO CHAPA 11MSG, PINTURA EPÓXI, 2,30 x 1,00 x 2,00","CJ",{"v":8922.49,"d":"8,922.49"},null,null,{"v":8922.49,"d":"8,922.49"}]
["I6129","QUADRO MEDIÇÃO PADRÃO COELCE (PADRÃO MUTIRÃO)","UN",{"v":44.8,"d":"44.80"},null,null,{"v":44.8,"d":"44.80"}]
["I7477","QUADRO METÁLICO (600 x 400 x 400)mm INSTALADO","UN",{"v":1037.9,"d":"1,037.90"},null,null,{"v":1037.9,"d":"1,037.90"}]
["I7383","QUADRO METÁLICO 800x1054x360mm INSTALADO","UN",{"v":1516.68,"d":"1,516.68"},null,null,{"v":1516.68,"d":"1,516.68"}]
["I1767","QUADRO METÁLICO P/QGBT (1,90 X 0,90 X 0,60)M","UN",953.67,null,null,953.67]
["I1768","QUADRO P/ MEDIÇÃO PRIMÁRIA 15KV","UN",{"v":631,"d":"631.00"},null,null,{"v":631,"d":"631.00"}]
["I1769","QUADRO P/MEDIÇÃO PRIMÁRIA 15KV HORO-SAZONAL","UN",{"v":631,"d":"631.00"},null,null,{"v":631,"d":"631.00"}]
["I6828","RACK FECHADO 24 U's, 670mm PROFUNDIDADE PADRÃO 19\"","UN",{"v":1787.52,"d":"1,787.52"},null,null,{"v":1787.52,"d":"1,787.52"}]
["I6827","RACK FECHADO 36 U's, 670mm PROFUNDIDADE PADRÃO 19\"","UN",{"v":1915.36,"d":"1,915.36"},null,null,{"v":1915.36,"d":"1,915.36"}]
["I6826","RACK FECHADO 44 U's, 670mm PROFUNDIDADE PADRÃO 19\"","UN",{"v":2285.63,"d":"2,285.63"},null,null,{"v":2285.63,"d":"2,285.63"}]
["I6362","RÁDIO VMF - 1W PORTÁTIL ICOM","UN",{"v":3228.52,"d":"3,228.52"},null,null,{"v":3228.52,"d":"3,228.52"}]
["I1770","RALO SECO PVC 10 CM","UN",{"v":6.8,"d":"6.80"},null,null,{"v":6.8,"d":"6.80"}]
["I1771","RALO SIFONADO F.FUNDIDO DN 150MM","UN",{"v":30.2,"d":"30.20"},null,null,{"v":30.2,"d":"30.20"}]
["I1772","RASPADOR","H",{"v":7.2,"d":"7.20"},{"v":15.5758,"d":"15.58"},"MO",{"$f":"E4212","v":{"v":15.5758,"d":"15.58"}}]
["I8409","RASTELEIRO","H",{"v":5.6,"d":"5.60"},{"v":12.1145,"d":"12.11"},"MO",{"$f":"E4213","v":{"v":12.1145,"d":"12.11"}}]
["I8352","REATOR / IGNITOR","UN",38.01,null,null,{"$f":"D4214","v":38.01}]
["I1780","REATOR AFP P/ LÂMP. FLORESC.","UN",{"v":23.7,"d":"23.70"},null,null,{"v":23.7,"d":"23.70"}]
["I1773","REATOR AFP P/ LÂMP. FLUORESC. COMPACTA","UN",{"v":23.7,"d":"23.70"},null,null,{"v":23.7,"d":"23.70"}]
["I1781","REATOR AFP P/ LÂMP. V. MERCÚRIO 250 W","UN",69.33,null,null,69.33]
["I1775","REATOR AFP P/ LÂMP. V. MERCÚRIO 400W","UN",{"v":82,"d":"82.00"},null,null,{"v":82,"d":"82.00"}]
["I1777","REATOR AFP P/ LÂMP. V. METÁLICO 1000W","UN",{"v":380.3,"d":"380.30"},null,null,{"v":380.3,"d":"380.30"}]
["I1778","REATOR AFP P/ LÂMP. V. METÁLICO 400W","UN",120.79,null,null,120.79]
["I1782","REATOR AFP P/ LÂMP. V. SÓDIO 360W","UN",{"v":122.3,"d":"122.30"},null,null,{"v":122.3,"d":"122.30"}]
["I1776","REATOR AFP P/ LÂMP. V. SODIO 70W","UN",{"v":69.2,"d":"69.20"},null,null,{"v":69.2,"d":"69.20"}]
["I6316","REATOR ANAERÓBIO EM FIBRA CAPACIDADE 100 m3/DIA","UN",{"v":146952,"d":"146,952.00"},null,null,{"v":146952,"d":"146,952.00"}]
["I6317","REATOR ANAERÓBIO EM FIBRA CAPACIDADE 145 m3/DIA","UN",{"v":162864,"d":"162,864.00"},null,null,{"v":162864,"d":"162,864.00"}]
["I6318","REATOR ANAERÓBIO EM FIBRA CAPACIDADE 180 m3/DIA","UN",{"v":208915,"d":"208,915.00"},null,null,{"v":208915,"d":"208,915.00"}]
["I6319","REATOR ANAERÓBIO EM FIBRA CAPACIDADE 270 m3/DIA","UN",{"v":252720,"d":"252,720.00"},null,null,{"v":252720,"d":"252,720.00"}]
["I6320","REATOR ANAERÓBIO EM FIBRA CAPACIDADE 350 m3/DIA","UN",{"v":342576,"d":"342,576.00"},null,null,{"v":342576,"d":"342,576.00"}]
["I6315","REATOR ANAERÓBIO EM FIBRA CAPACIDADE 80 m3/DIA","UN",{"v":114192,"d":"114,192.00"},null,null,{"v":114192,"d":"114,192.00"}]
["I1779","REATOR DUPLO  AFP P/ LÂMP. FLUORESC.","UN",{"v":32.8,"d":"32.80"},null,null,{"v":32.8,"d":"32.80"}]
["I1783","REBITE DIAM.5MM COMPR. 12MM","UN",{"v":0.1,"d":"0.10"},null,null,{"v":0.1,"d":"0.10"}]
["I1784","REBITES","KG",{"v":37.4,"d":"37.40"},null,null,{"v":37.4,"d":"37.40"}]
["I7958","REBOCADOR - 300 HP","H",{"v":342,"d":"342.00"},null,null,{"$f":"D4232","v":{"v":342,"d":"342.00"}}]
["I8335","REBOCO DE GESSO SOBRE BLOCO DE CONCRETO E/OU TIJOLO CERÂMICO","M2",15.52,null,null,{"$f":"D4233","v":15.52}]
["I8334","REBOCO DE GESSO SOBRE GESSO E/OU EMBOÇO","M2",12.15,null,null,{"$f":"D4234","v":12.15}]
["I8113","REBOLO DE ESMERIL","UN",70.84,null,null,{"$f":"D4235","v":70.84}]
["I7419","RECICLADORA À FRIO","UN",{"v":2434243,"d":"2,434,243.00"},null,null,{"$f":"D4236","v":{"v":2434243,"d":"2,434,243.00"}}]
["I7421","RECICLADORA À FRIO (CHI)","H",{"v":121.540935,"d":"121.54"},{"v":135.500535,"d":"135.50"},null,{"$f":"E4237","v":{"v":135.500535,"d":"135.50"}}]
["I7420","RECICLADORA À FRIO (CHP)","H",{"v":647.477385,"d":"647.48"},{"v":661.436985,"d":"661.44"},null,{"$f":"E4238","v":{"v":661.436985,"d":"661.44"}}]
["I1786","RECONSTITUIÇÃO ARGAM.POLIMERICA-RENDEROC.S2","M2",89.28,null,null,{"$f":"D4239","v":89.28}]
["I7509","REDE DE GÁS P/ COZINHA","M",19.75,null,null,19.75]
["I7944","REDE DE INSUFLAMENTO/RETORNO C/ DUTOS EM CHAPA GALVANIZADA, DEFLETORES, CHAVEAMENTOS, FIXAÇÕES, ISOLAMENTO TÉRMICO EM CHAPAS DE ISOPOR AUTO-EXTINGUÍVEL, DUTOS FLEXÍVEIS DE LIGAÇÃO ETC.","KG",10.91,null,null,10.91]
["I7940","REDE DE INSUFLAMENTO/RETORNO, C/ DUTOS EM CHAPA GALVANIZADA, DEFLETORES, CHAVEAMENTOS, FIXAÇÕES, ISOLAMENTO TÉRMICO EM MANTAS DE LÃ DE ROCHA OU VIDRO, DUTOS FLEXÍVEIS DE LIGAÇÃO ETC.","KG",14.09,null,null,14.09]
["I6777","REDUÇÃO AÇO ASTM A-120 ROSCÁVEL DE (1\"x 1 1/2\")  À (1\"x 3/4\")","UN",19.23,null,null,19.23]
["I6776","REDUÇÃO AÇO ASTM A-120 ROSCÁVEL DE (2\"x 1 1/2\")  À (2\"x 3/4\")","UN",19.23,null,null,19.23]
["I6775","REDUÇÃO AÇO ASTM A-120 ROSCÁVEL DE (3\"x 2 1/2\")  À (3\"x 3/4\")","UN",19.27,null,null,19.27]
["I6774","REDUÇÃO AÇO ASTM A-120 ROSCÁVEL DE (4\"x 2\")","UN",29.37,null,null,29.37]
["I6773","REDUÇÃO AÇO ASTM A-120 ROSCÁVEL DE (4\"x 3\")","UN",25.83,null,null,25.83]
["I4066","REDUÇÃO EXCÊNTRICA C/ FLANGES DN 100 x 75 PN10","UN",279.98,null,null,279.98]
["I7136","REDUÇÃO EXCENTRICA C/ FLANGES DN 100 x 80 PN10","UN",279.98,null,null,279.98]
["I4068","REDUÇÃO EXCÊNTRICA C/ FLANGES DN 150 x 100 PN10","UN",446.78,null,null,446.78]
["I4067","REDUÇÃO EXCÊNTRICA C/ FLANGES DN 150 x 75 PN10","UN",437.66,null,null,437.66]
["I7605","REDUÇÃO EXCÊNTRICA C/ FLANGES DN 150 x 80 PN10","UN",440.98,null,null,440.98]
["I4070","REDUÇÃO EXCÊNTRICA C/ FLANGES DN 200 x 100 PN10","UN",751.16,null,null,751.16]
["I4071","REDUÇÃO EXCÊNTRICA C/ FLANGES DN 200 x 150 PN10","UN",767.29,null,null,767.29]
["I4072","REDUÇÃO EXCÊNTRICA C/ FLANGES DN 250 x 150 PN10","UN",{"v":828.5,"d":"828.50"},null,null,{"v":828.5,"d":"828.50"}]
["I4073","REDUÇÃO EXCÊNTRICA C/ FLANGES DN 250 x 200 PN10","UN",847.04,null,null,847.04]
["I4074","REDUÇÃO EXCÊNTRICA C/ FLANGES DN 300 x 150 PN10","UN",955.93,null,null,955.93]
["I4075","REDUÇÃO EXCÊNTRICA C/ FLANGES DN 300 x 200 PN10","UN",{"v":995.8,"d":"995.80"},null,null,{"v":995.8,"d":"995.80"}]
["I4076","REDUÇÃO EXCÊNTRICA C/ FLANGES DN 300 x 250 PN10","UN",{"v":1015.67,"d":"1,015.67"},null,null,{"v":1015.67,"d":"1,015.67"}]
["I4077","REDUÇÃO EXCÊNTRICA C/ FLANGES DN 400 x 250 PN10","UN",{"v":1570.03,"d":"1,570.03"},null,null,{"v":1570.03,"d":"1,570.03"}]
["I4078","REDUÇÃO EXCÊNTRICA C/ FLANGES DN 400 x 300 PN10","UN",{"v":1788.92,"d":"1,788.92"},null,null,{"v":1788.92,"d":"1,788.92"}]
["I4064","REDUÇÃO EXCÊNTRICA C/ FLANGES DN 75 x 50 PN10","UN",95.28,null,null,95.28]
["I7137","REDUÇÃO EXCENTRICA C/ FLANGES DN 80 x 50 PN10","UN",104.53,null,null,104.53]
["I3018","REDUÇÃO EXCÊNTRICA OCRE PB - JE DN 125 x 100","UN",11.81,null,null,11.81]
["I3019","REDUÇÃO EXCÊNTRICA OCRE PB - JE DN 150 x 10","UN",{"v":21,"d":"21.00"},null,null,{"v":21,"d":"21.00"}]
["I3020","REDUÇÃO EXCÊNTRICA OCRE PB - JE DN 150 x 125","UN",{"v":41.8,"d":"41.80"},null,null,{"v":41.8,"d":"41.80"}]
["I3021","REDUÇÃO EXCÊNTRICA OCRE PB - JE DN 200 x 150","UN",30.31,null,null,30.31]
["I3022","REDUÇÃO EXCÊNTRICA OCRE PB - JE DN 250 x 200","UN",49.35,null,null,49.35]
["I3023","REDUÇÃO EXCÊNTRICA OCRE PB - JE DN 300 x 250","UN",174.71,null,null,174.71]
["I3024","REDUÇÃO EXCÊNTRICA OCRE PB - JE DN 350 x 300","UN",251.68,null,null,251.68]
["I3025","REDUÇÃO EXCÊNTRICA OCRE PB - JE DN 400 x 300","UN",331.34,null,null,331.34]
["I3026","REDUÇÃO EXCÊNTRICA OCRE PB - JE DN 400 x 350","UN",{"v":442.2,"d":"442.20"},null,null,{"v":442.2,"d":"442.20"}]
["I6901","REDUÇÃO EXCÊNTRICA OCRE PB - JEI DN 125 x 100","UN",22.93,null,null,22.93]
["I6902","REDUÇÃO EXCÊNTRICA OCRE PB - JEI DN 150 x 100","UN",26.52,null,null,26.52]
["I6903","REDUÇÃO EXCÊNTRICA OCRE PB - JEI DN 200 x 150","UN",44.14,null,null,44.14]
["I6904","REDUÇÃO EXCÊNTRICA OCRE PB - JEI DN 250 x 200","UN",77.63,null,null,77.63]
["I6906","REDUÇÃO EXCÊNTRICA OCRE PB - JEI DN 300 x 250","UN",{"v":171.6,"d":"171.60"},null,null,{"v":171.6,"d":"171.60"}]
["I6905","REDUÇÃO EXCÊNTRICA OCRE PB - JEI DN 300x 200","UN",239.45,null,null,239.45]
["I6907","REDUÇÃO EXCÊNTRICA OCRE PB - JEI DN 350 x 300","UN",230.34,null,null,230.34]
["I6908","REDUÇÃO EXCÊNTRICA OCRE PB - JEI DN 400 x 300","UN",282.79,null,null,282.79]
["I6909","REDUÇÃO EXCÊNTRICA OCRE PB - JEI DN 400 x 350","UN",362.77,null,null,362.77]
["I8024","REDUÇÃO EXCÊNTRICA OCRE PB- JE DN 300 X 200","UN",{"v":286,"d":"286.00"},null,null,{"v":286,"d":"286.00"}]
["I1789","REDUÇÃO EXCÊNTRICA PVC BRANCO 100X75MM","UN",7.15,null,null,7.15]
["I1788","REDUÇÃO EXCÊNTRICA PVC BRANCO 150X150MM = (150 X 100MM)","UN",{"v":22.5,"d":"22.50"},null,null,{"v":22.5,"d":"22.50"}]
["I1790","REDUÇÃO EXCENTRICA PVC ESGOTO 100X50MM","UN",6.13,null,null,6.13]
["I1791","REDUÇÃO EXCENTRICA PVC ESGOTO 75X50MM","UN",5.13,null,null,5.13]
["I4080","REDUÇÃO FoFo FF DN 100 x 50 PN10","UN",238.06,null,null,238.06]
["I4081","REDUÇÃO FoFo FF DN 100 x 75 PN10","UN",262.23,null,null,262.23]
["I7138","REDUÇÃO FoFo FF DN 100 x 80 PN10","UN",263.73,null,null,263.73]
["I4111","REDUÇÃO FoFo FF DN 1000 x 900 PN10","UN",{"v":7950.27,"d":"7,950.27"},null,null,{"v":7950.27,"d":"7,950.27"}]
["I4112","REDUÇÃO FoFo FF DN 1200 x 1000 PN10","UN",{"v":13248.85,"d":"13,248.85"},null,null,{"v":13248.85,"d":"13,248.85"}]
["I4084","REDUÇÃO FoFo FF DN 150 x 100 PN10","UN",367.79,null,null,367.79]
["I4083","REDUÇÃO FoFo FF DN 150 x 75 PN10","UN",359.91,null,null,359.91]
["I7139","REDUÇÃO FoFo FF DN 150 x 80 PN10","UN",361.71,null,null,361.71]
["I4086","REDUÇÃO FoFo FF DN 200 x 100 PN10","UN",845.72,null,null,845.72]
["I4087","REDUÇÃO FoFo FF DN 200 x 150 PN10","UN",867.67,null,null,867.67]
["I4088","REDUÇÃO FoFo FF DN 250 x 150 PN10","UN",901.07,null,null,901.07]
["I4089","REDUÇÃO FoFo FF DN 250 x 200 PN10","UN",908.39,null,null,908.39]
["I4090","REDUÇÃO FoFo FF DN 300 x 150 PN10","UN",{"v":1003.18,"d":"1,003.18"},null,null,{"v":1003.18,"d":"1,003.18"}]
["I4091","REDUÇÃO FoFo FF DN 300 x 200 PN10","UN",{"v":1013.68,"d":"1,013.68"},null,null,{"v":1013.68,"d":"1,013.68"}]
["I4092","REDUÇÃO FoFo FF DN 300 x 250 PN10","UN",{"v":1030.55,"d":"1,030.55"},null,null,{"v":1030.55,"d":"1,030.55"}]
["I4093","REDUÇÃO FoFo FF DN 350 x 200 PN10","UN",{"v":1227.75,"d":"1,227.75"},null,null,{"v":1227.75,"d":"1,227.75"}]
["I4094","REDUÇÃO FoFo FF DN 350 x 250 PN10","UN",{"v":1402.34,"d":"1,402.34"},null,null,{"$f":"D4303","v":{"v":1402.34,"d":"1,402.34"}}]
["I4095","REDUÇÃO FoFo FF DN 350 x 300 PN10","UN",{"v":1389.96,"d":"1,389.96"},null,null,{"v":1389.96,"d":"1,389.96"}]
["I4096","REDUÇÃO FoFo FF DN 400 x 250 PN10","UN",{"v":1267.31,"d":"1,267.31"},null,null,{"v":1267.31,"d":"1,267.31"}]
["I4097","REDUÇÃO FoFo FF DN 400 x 300 PN10","UN",{"v":1259,"d":"1,259.00"},null,null,{"v":1259,"d":"1,259.00"}]
["I4098","REDUÇÃO FoFo FF DN 400 x 350 PN10","UN",{"v":1355.08,"d":"1,355.08"},null,null,{"v":1355.08,"d":"1,355.08"}]
["I4099","REDUÇÃO FoFo FF DN 450 x 300 PN10","UN",{"v":1695.79,"d":"1,695.79"},null,null,{"v":1695.79,"d":"1,695.79"}]
["I4100","REDUÇÃO FoFo FF DN 450 x 350 PN10","UN",{"v":1745.98,"d":"1,745.98"},null,null,{"v":1745.98,"d":"1,745.98"}]
["I4101","REDUÇÃO FoFo FF DN 450 x 400 PN10","UN",{"v":1769.15,"d":"1,769.15"},null,null,{"v":1769.15,"d":"1,769.15"}]
["I4102","REDUÇÃO FoFo FF DN 500 x 350 PN10","UN",{"v":1936.09,"d":"1,936.09"},null,null,{"v":1936.09,"d":"1,936.09"}]
["I4103","REDUÇÃO FoFo FF DN 500 x 400 PN10","UN",{"v":3627.74,"d":"3,627.74"},null,null,{"v":3627.74,"d":"3,627.74"}]
["I4104","REDUÇÃO FoFo FF DN 500 x 450 PN10","UN",{"v":3900.68,"d":"3,900.68"},null,null,{"v":3900.68,"d":"3,900.68"}]
["I4105","REDUÇÃO FoFo FF DN 600 x 400 PN10","UN",{"v":4137.43,"d":"4,137.43"},null,null,{"v":4137.43,"d":"4,137.43"}]
["I4106","REDUÇÃO FoFo FF DN 600 x 450 PN10","UN",{"v":4790.44,"d":"4,790.44"},null,null,{"v":4790.44,"d":"4,790.44"}]
["I4107","REDUÇÃO FoFo FF DN 600 x 500 PN10","UN",{"v":5072.17,"d":"5,072.17"},null,null,{"v":5072.17,"d":"5,072.17"}]
["I4108","REDUÇÃO FoFo FF DN 700 x 600 PN10","UN",{"v":5590.25,"d":"5,590.25"},null,null,{"v":5590.25,"d":"5,590.25"}]
["I4079","REDUÇÃO FoFo FF DN 75 x 50 PN10","UN",94.82,null,null,94.82]
["I7140","REDUÇÃO FoFo FF DN 80 x 50 PN10","UN",94.82,null,null,94.82]
["I7619","REDUÇÃO FoFo FF DN 80 x 75 PN10","UN",118.45,null,null,118.45]
["I4109","REDUÇÃO FoFo FF DN 800 x 700 PN10","UN",{"v":5817.81,"d":"5,817.81"},null,null,{"v":5817.81,"d":"5,817.81"}]
["I4110","REDUÇÃO FoFo FF DN 900 x 800 PN10","UN",{"v":7203.49,"d":"7,203.49"},null,null,{"v":7203.49,"d":"7,203.49"}]
["I7725","REDUÇÃO FoFo JTE DN 1000 x 800","UN",{"v":21018.77,"d":"21,018.77"},null,null,{"v":21018.77,"d":"21,018.77"}]
["I7726","REDUÇÃO FoFo JTE DN 1000 x 900","UN",{"v":21121.57,"d":"21,121.57"},null,null,{"v":21121.57,"d":"21,121.57"}]
["I7727","REDUÇÃO FoFo JTE DN 1200 x 1000","UN",{"v":26469.28,"d":"26,469.28"},null,null,{"v":26469.28,"d":"26,469.28"}]
["I7712","REDUÇÃO FoFo JTE DN 350 x 300","UN",{"v":2559.47,"d":"2,559.47"},null,null,{"v":2559.47,"d":"2,559.47"}]
["I7713","REDUÇÃO FoFo JTE DN 400 x 300","UN",{"v":3050.99,"d":"3,050.99"},null,null,{"v":3050.99,"d":"3,050.99"}]
["I7714","REDUÇÃO FoFo JTE DN 400 x 350","UN",{"v":3195.31,"d":"3,195.31"},null,null,{"v":3195.31,"d":"3,195.31"}]
["I7715","REDUÇÃO FoFo JTE DN 500 x 350","UN",{"v":4222.04,"d":"4,222.04"},null,null,{"v":4222.04,"d":"4,222.04"}]
["I7716","REDUÇÃO FoFo JTE DN 500 x 400","UN",{"v":4423.86,"d":"4,423.86"},null,null,{"v":4423.86,"d":"4,423.86"}]
["I7717","REDUÇÃO FoFo JTE DN 600 x 400","UN",{"v":6552.41,"d":"6,552.41"},null,null,{"v":6552.41,"d":"6,552.41"}]
["I7718","REDUÇÃO FoFo JTE DN 600 x 500","UN",{"v":7625.26,"d":"7,625.26"},null,null,{"v":7625.26,"d":"7,625.26"}]
["I7719","REDUÇÃO FoFo JTE DN 700 x 500","UN",{"v":12202.15,"d":"12,202.15"},null,null,{"v":12202.15,"d":"12,202.15"}]
["I7720","REDUÇÃO FoFo JTE DN 700 x 600","UN",{"v":19249.42,"d":"19,249.42"},null,null,{"v":19249.42,"d":"19,249.42"}]
["I7721","REDUÇÃO FoFo JTE DN 800 x 600","UN",{"v":7325.15,"d":"7,325.15"},null,null,{"v":7325.15,"d":"7,325.15"}]
["I7722","REDUÇÃO FoFo JTE DN 800 x 700","UN",{"v":14767.97,"d":"14,767.97"},null,null,{"v":14767.97,"d":"14,767.97"}]
["I7723","REDUÇÃO FoFo JTE DN 900 x 700","UN",{"v":17336.63,"d":"17,336.63"},null,null,{"v":17336.63,"d":"17,336.63"}]
["I7724","REDUÇÃO FoFo JTE DN 900 x 800","UN",{"v":17853.61,"d":"17,853.61"},null,null,{"v":17853.61,"d":"17,853.61"}]
["I7708","REDUÇÃO FoFo JTI DN 350 x 200","UN",{"v":1959.18,"d":"1,959.18"},null,null,{"v":1959.18,"d":"1,959.18"}]
["I7709","REDUÇÃO FoFo JTI DN 350 x 250","UN",{"v":2045.75,"d":"2,045.75"},null,null,{"v":2045.75,"d":"2,045.75"}]
["I7710","REDUÇÃO FoFo JTI DN 400 x 250","UN",{"v":2598.1,"d":"2,598.10"},null,null,{"v":2598.1,"d":"2,598.10"}]
["I4059","REDUÇÃO PB JE FoFo/PVC DN 100 x 50","UN",{"v":200.8,"d":"200.80"},null,null,{"v":200.8,"d":"200.80"}]
["I4060","REDUÇÃO PB JE FoFo/PVC DN 100 x 75","UN",204.66,null,null,204.66]
["I4062","REDUÇÃO PB JE FoFo/PVC DN 150 x 100","UN",264.04,null,null,264.04]
["I7141","REDUÇÃO PB JE FoFo/PVC DN 150 x 50","UN",223.78,null,null,223.78]
["I4061","REDUÇÃO PB JE FoFo/PVC DN 150 x 75","UN",226.54,null,null,226.54]
["I4063","REDUÇÃO PB JE FoFo/PVC DN 200 x 100","UN",277.39,null,null,277.39]
["I7142","REDUÇÃO PB JE FoFo/PVC DN 250 x 100","UN",394.78,null,null,394.78]
["I7728","REDUÇÃO PJTI FoFo DN 150 x 80","UN",297.42,null,null,297.42]
["I7730","REDUÇÃO PJTI FoFo DN 200 x 100","UN",581.74,null,null,581.74]
["I7729","REDUÇÃO PJTI FoFo DN 200 x 80","UN",568.72,null,null,568.72]
["I7731","REDUÇÃO PJTI FoFo DN 250 x 150","UN",614.07,null,null,614.07]
["I7732","REDUÇÃO PJTI FoFo DN 300 x 200","UN",655.93,null,null,655.93]
["I4037","REDUÇÃO PONTA/BOLSA JE FoFo DN 100 x 75","UN",148.43,null,null,148.43]
["I7143","REDUÇÃO PONTA/BOLSA JE FoFo DN 100 x 80","UN",148.43,null,null,148.43]
["I4040","REDUÇÃO PONTA/BOLSA JE FoFo DN 150 x 100","UN",187.81,null,null,187.81]
["I4039","REDUÇÃO PONTA/BOLSA JE FoFo DN 150 x 75","UN",170.23,null,null,170.23]
["I7144","REDUÇÃO PONTA/BOLSA JE FoFo DN 150 x 80","UN",170.23,null,null,170.23]
["I4041","REDUÇÃO PONTA/BOLSA JE FoFo DN 200 x 100","UN",458.14,null,null,458.14]
["I4042","REDUÇÃO PONTA/BOLSA JE FoFo DN 200 x 150","UN",466.16,null,null,466.16]
["I7145","REDUÇÃO PONTA/BOLSA JE FoFo DN 200 x 80","UN",448.65,null,null,448.65]
["I4044","REDUÇÃO PONTA/BOLSA JE FoFo DN 250 x 150","UN",480.25,null,null,480.25]
["I4045","REDUÇÃO PONTA/BOLSA JE FoFo DN 250 x 200","UN",486.98,null,null,486.98]
["I4046","REDUÇÃO PONTA/BOLSA JE FoFo DN 300 x 150","UN",406.45,null,null,406.45]
["I4047","REDUÇÃO PONTA/BOLSA JE FoFo DN 300 X 200","UN",417.71,null,null,417.71]
["I4048","REDUÇÃO PONTA/BOLSA JE FoFo DN 300 x 250","UN",726.64,null,null,726.64]
["I4049","REDUÇÃO PONTA/BOLSA JE FoFo DN 350 x 200","UN",{"v":746.6,"d":"746.60"},null,null,{"$f":"D4367","v":{"v":746.6,"d":"746.60"}}]
["I4050","REDUÇÃO PONTA/BOLSA JE FoFo DN 350 x 250","UN",794.94,null,null,794.94]
["I4051","REDUÇÃO PONTA/BOLSA JE FoFo DN 350 x 300","UN",813.22,null,null,813.22]
["I4052","REDUÇÃO PONTA/BOLSA JE FoFo DN 400 x 250","UN",858.76,null,null,858.76]
["I4053","REDUÇÃO PONTA/BOLSA JE FoFo DN 400 x 300","UN",875.36,null,null,875.36]
["I4054","REDUÇÃO PONTA/BOLSA JE FoFo DN 400 x 350","UN",883.72,null,null,883.72]
["I4055","REDUÇÃO PONTA/BOLSA JE FoFo DN 500 x 350","UN",{"v":1368.02,"d":"1,368.02"},null,null,{"v":1368.02,"d":"1,368.02"}]
["I4056","REDUÇÃO PONTA/BOLSA JE FoFo DN 500 x 400","UN",{"v":1404.27,"d":"1,404.27"},null,null,{"v":1404.27,"d":"1,404.27"}]
["I4057","REDUÇÃO PONTA/BOLSA JE FoFo DN 600 x 400","UN",{"v":3346.27,"d":"3,346.27"},null,null,{"v":3346.27,"d":"3,346.27"}]
["I4058","REDUÇÃO PONTA/BOLSA JE FoFo DN 600 x 500","UN",{"v":3418.43,"d":"3,418.43"},null,null,{"v":3418.43,"d":"3,418.43"}]
["I7146","REDUÇÃO PONTA/BOLSA JE FoFo DN 80 x 50","UN",{"v":78.9,"d":"78.90"},null,null,{"v":78.9,"d":"78.90"}]
["I1792","REDUÇÃO PVC PBA 3 X 2","UN",{"v":5.2,"d":"5.20"},null,null,{"v":5.2,"d":"5.20"}]
["I1793","REDUÇÃO PVC PBA 4 X 2","UN",{"v":5.3,"d":"5.30"},null,null,{"v":5.3,"d":"5.30"}]
["I1794","REDUÇÃO PVC PBA 4 X 3","UN",{"v":5.8,"d":"5.80"},null,null,{"v":5.8,"d":"5.80"}]
["I1795","REDUÇÃO PVC PBA 6 X 4","UN",{"v":23.8,"d":"23.80"},null,null,{"v":23.8,"d":"23.80"}]
["I3138","REDUÇÃO PVC PBA BOLSA / BOLSA DN 75 x 50","UN",{"v":35,"d":"35.00"},null,null,{"v":35,"d":"35.00"}]
["I3140","REDUÇÃO PVC PBA PONTA / BOLSA DN 100 x 50","UN",27.95,null,null,27.95]
["I3141","REDUÇÃO PVC PBA PONTA / BOLSA DN 100 x 75","UN",32.58,null,null,32.58]
["I3139","REDUÇÃO PVC PBA PONTA / BOLSA DN 75 x 50","UN",21.72,null,null,21.72]
["I5798","REDUÇÃO PVC REFORÇADO DN 154 x 115","UN",{"v":384.5,"d":"384.50"},null,null,{"v":384.5,"d":"384.50"}]
["I5799","REDUÇÃO PVC REFORÇADO DN 200 x 150","UN",{"v":627.5,"d":"627.50"},null,null,{"v":627.5,"d":"627.50"}]
["I5800","REDUÇÃO PVC REFORÇADO DN 206 x 150","UN",631.06,null,null,631.06]
["I5801","REDUÇÃO PVC REFORÇADO DN 250 x 200","UN",884.21,null,null,884.21]
["I6182","REGISTO ESFERA PVC ROSCA EXTERNA 2\"","UN",{"v":81.4,"d":"81.40"},null,null,{"v":81.4,"d":"81.40"}]
["I5094","REGISTRO C/ VOLANTE E FLANGE DN 200 PN10","UN",{"v":2713.49,"d":"2,713.49"},null,null,{"v":2713.49,"d":"2,713.49"}]
["I5095","REGISTRO C/ VOLANTE E FLANGE DN 250 PN10","UN",{"v":4253.6,"d":"4,253.60"},null,null,{"v":4253.6,"d":"4,253.60"}]
["I5096","REGISTRO C/ VOLANTE E FLANGE DN 300 PN10","UN",{"v":7953.15,"d":"7,953.15"},null,null,{"v":7953.15,"d":"7,953.15"}]
["I5097","REGISTRO C/ VOLANTE E FLANGE DN 350 PN10","UN",{"v":10258.6,"d":"10,258.60"},null,null,{"v":10258.6,"d":"10,258.60"}]
["I5098","REGISTRO C/ VOLANTE E FLANGE DN 400 PN10","UN",{"v":22359.85,"d":"22,359.85"},null,null,{"v":22359.85,"d":"22,359.85"}]
["I5099","REGISTRO C/ VOLANTE E FLANGE DN 450 PN10","UN",{"v":35580.7,"d":"35,580.70"},null,null,{"v":35580.7,"d":"35,580.70"}]
["I5100","REGISTRO C/ VOLANTE E FLANGE DN 500 PN10","UN",{"v":42920.44,"d":"42,920.44"},null,null,{"v":42920.44,"d":"42,920.44"}]
["I5101","REGISTRO C/ VOLANTE E FLANGE DN 600 PN10","UN",{"v":55629.88,"d":"55,629.88"},null,null,{"v":55629.88,"d":"55,629.88"}]
["I5315","REGISTRO CABEÇOTE/FLANGE C/REDUTOR DN 350 PN10","UN",{"v":34689.1,"d":"34,689.10"},null,null,{"v":34689.1,"d":"34,689.10"}]
["I5316","REGISTRO CABEÇOTE/FLANGE C/REDUTOR DN 400 PN10","UN",{"v":37809.55,"d":"37,809.55"},null,null,{"v":37809.55,"d":"37,809.55"}]
["I5317","REGISTRO CABEÇOTE/FLANGE C/REDUTOR DN 450 PN10","UN",{"v":42943.58,"d":"42,943.58"},null,null,{"v":42943.58,"d":"42,943.58"}]
["I5318","REGISTRO CABEÇOTE/FLANGE C/REDUTOR DN 500 PN10","UN",{"v":50505.85,"d":"50,505.85"},null,null,{"v":50505.85,"d":"50,505.85"}]
["I5319","REGISTRO CABEÇOTE/FLANGE C/REDUTOR DN 600 PN10","UN",{"v":63657.35,"d":"63,657.35"},null,null,{"v":63657.35,"d":"63,657.35"}]
["I6185","REGISTRO DE ESFERA COM BORBOLETA 1/2\"","UN",6.13,null,null,6.13]
["I2415","REGISTRO DE ESFERA COM BORBOLETA 3/4\"","UN",{"v":9.9,"d":"9.90"},null,null,{"v":9.9,"d":"9.90"}]
["I6186","REGISTRO DE ESFERA COM BORBOLETA 3/4\"","UN",8.36,null,null,8.36]
["I6183","REGISTRO DE ESFERA COM CABECA QUADRADA 1/2\"","UN",5.56,null,null,5.56]
["I6184","REGISTRO DE ESFERA COM CABECA QUADRADA 3/4\"","UN",8.45,null,null,8.45]
["I1796","REGISTRO DE GAVETA BRUTO 100MM (4')","UN",572.83,null,null,572.83]
["I1797","REGISTRO DE GAVETA BRUTO 15MM (1/2')","UN",{"v":22,"d":"22.00"},null,null,{"v":22,"d":"22.00"}]
["I1798","REGISTRO DE GAVETA BRUTO 20MM (3/4')","UN",23.17,null,null,23.17]
["I1799","REGISTRO DE GAVETA BRUTO 25MM (1')","UN",36.57,null,null,36.57]
["I1800","REGISTRO DE GAVETA BRUTO 32MM (1 1/4')","UN",49.84,null,null,49.84]
["I1801","REGISTRO DE GAVETA BRUTO 40MM (1 1/2')","UN",{"v":62.2,"d":"62.20"},null,null,{"v":62.2,"d":"62.20"}]
["I1802","REGISTRO DE GAVETA BRUTO 50MM (2')","UN",87.31,null,null,87.31]
["I1803","REGISTRO DE GAVETA BRUTO 65MM (2 1/2')","UN",211.89,null,null,211.89]
["I1804","REGISTRO DE GAVETA BRUTO 80MM (3')","UN",339.09,null,null,339.09]
["I1805","REGISTRO DE GAVETA CROMADO 15MM (1/2')","UN",60.12,null,null,60.12]
["I1806","REGISTRO DE GAVETA CROMADO 20MM (3/4')","UN",{"v":60.5,"d":"60.50"},null,null,{"v":60.5,"d":"60.50"}]
["I1807","REGISTRO DE GAVETA CROMADO 25MM (1')","UN",{"v":70.6,"d":"70.60"},null,null,{"v":70.6,"d":"70.60"}]
["I1808","REGISTRO DE GAVETA CROMADO 32MM (1 1/4')","UN",96.21,null,null,96.21]
["I1809","REGISTRO DE GAVETA CROMADO 40MM (1 1/2')","UN",{"v":118.5,"d":"118.50"},null,null,{"v":118.5,"d":"118.50"}]
["I1810","REGISTRO DE PRESSÃO CROMADO 15MM (1/2')","UN",51.58,null,null,51.58]
["I1811","REGISTRO DE PRESSÃO CROMADO 20MM (3/4')","UN",53.31,null,null,53.31]
["I2593","REGISTRO DE PRESSÃO CROMADO 25MM (1\")","UN",{"v":57.7,"d":"57.70"},null,null,{"v":57.7,"d":"57.70"}]
["I2416","REGISTRO DE PRESSÃO EM BRONZE Ø 1/2\"","UN",{"v":17.6,"d":"17.60"},null,null,{"v":17.6,"d":"17.60"}]
["I6189","REGISTRO DE PRESSAO S-30 ROSCAVEL 1/2\"","UN",{"v":9.6,"d":"9.60"},null,null,{"v":9.6,"d":"9.60"}]
["I6190","REGISTRO DE PRESSAO S-30 ROSCAVEL 3/4\"","UN",23.56,null,null,23.56]
["I6187","REGISTRO DE PRESSAO S-30 SOLDAVEL 20","UN",22.93,null,null,22.93]
["I6188","REGISTRO DE PRESSAO S-30 SOLDAVEL 25","UN",{"v":29.6,"d":"29.60"},null,null,{"v":29.6,"d":"29.60"}]
["I6121","REGISTRO DE PRESSÃO SIMPLES 3/4\" (PADRÃO MUTIRÃO)","UN",15.57,null,null,{"$f":"D4431","v":15.57}]
["I6057","REGISTRO FECHO RÁPIDO 1/2\" ROSCA INTERNA/EXTERNA","UN",20.33,null,null,20.33]
["I6058","REGISTRO FECHO RÁPIDO 3/4\"ROSCA INTERNA/EXTERNA","UN",31.07,null,null,31.07]
["I5310","REGISTRO FLANGE/CABEÇOTE C/ BY-PASS DN 350 PN10","UN",{"v":27317.72,"d":"27,317.72"},null,null,{"v":27317.72,"d":"27,317.72"}]
["I5311","REGISTRO FLANGE/CABEÇOTE C/ BY-PASS DN 400 PN10","UN",{"v":31174.62,"d":"31,174.62"},null,null,{"v":31174.62,"d":"31,174.62"}]
["I5312","REGISTRO FLANGE/CABEÇOTE C/ BY-PASS DN 450 PN10","UN",{"v":35711.11,"d":"35,711.11"},null,null,{"v":35711.11,"d":"35,711.11"}]
["I5313","REGISTRO FLANGE/CABEÇOTE C/ BY-PASS DN 500 PN10","UN",{"v":42321.03,"d":"42,321.03"},null,null,{"v":42321.03,"d":"42,321.03"}]
["I5314","REGISTRO FLANGE/CABEÇOTE C/ BY-PASS DN 600 PN10","UN",{"v":55614.13,"d":"55,614.13"},null,null,{"v":55614.13,"d":"55,614.13"}]
["I5320","REGISTRO FLANGE/CABEÇOTE C/ BY-PASS E REDUTOR DN 350 PN10","UN",{"v":41220.64,"d":"41,220.64"},null,null,{"v":41220.64,"d":"41,220.64"}]
["I5321","REGISTRO FLANGE/CABEÇOTE C/ BY-PASS E REDUTOR DN 400 PN10","UN",{"v":43758.31,"d":"43,758.31"},null,null,{"v":43758.31,"d":"43,758.31"}]
["I5322","REGISTRO FLANGE/CABEÇOTE C/ BY-PASS E REDUTOR DN 450 PN10","UN",{"v":52102.82,"d":"52,102.82"},null,null,{"v":52102.82,"d":"52,102.82"}]
["I5323","REGISTRO FLANGE/CABEÇOTE C/ BY-PASS E REDUTOR DN 500 PN10","UN",{"v":60096.32,"d":"60,096.32"},null,null,{"v":60096.32,"d":"60,096.32"}]
["I5324","REGISTRO FLANGE/CABEÇOTE C/ BY-PASS E REDUTOR DN 600 PN10","UN",{"v":73167.05,"d":"73,167.05"},null,null,{"v":73167.05,"d":"73,167.05"}]
["I5307","REGISTRO FLANGE/CABEÇOTE DN 100 PN16","UN",841.43,null,null,841.43]
["I5308","REGISTRO FLANGE/CABEÇOTE DN 150 PN16","UN",{"v":1572.66,"d":"1,572.66"},null,null,{"v":1572.66,"d":"1,572.66"}]
["I5297","REGISTRO FLANGE/CABEÇOTE DN 200 PN10","UN",{"v":2545.8,"d":"2,545.80"},null,null,{"v":2545.8,"d":"2,545.80"}]
["I5309","REGISTRO FLANGE/CABEÇOTE DN 200 PN16","UN",{"v":2595.96,"d":"2,595.96"},null,null,{"v":2595.96,"d":"2,595.96"}]
["I5298","REGISTRO FLANGE/CABEÇOTE DN 250 PN10","UN",{"v":3727.69,"d":"3,727.69"},null,null,{"v":3727.69,"d":"3,727.69"}]
["I5299","REGISTRO FLANGE/CABEÇOTE DN 300 PN10","UN",{"v":7198.43,"d":"7,198.43"},null,null,{"v":7198.43,"d":"7,198.43"}]
["I5300","REGISTRO FLANGE/CABEÇOTE DN 350 PN10","UN",{"v":8971.17,"d":"8,971.17"},null,null,{"v":8971.17,"d":"8,971.17"}]
["I5301","REGISTRO FLANGE/CABEÇOTE DN 400 PN10","UN",{"v":19664.67,"d":"19,664.67"},null,null,{"v":19664.67,"d":"19,664.67"}]
["I5302","REGISTRO FLANGE/CABEÇOTE DN 450 PN10","UN",{"v":33334.82,"d":"33,334.82"},null,null,{"v":33334.82,"d":"33,334.82"}]
["I5305","REGISTRO FLANGE/CABEÇOTE DN 50 PN16","UN",575.03,null,null,575.03]
["I5303","REGISTRO FLANGE/CABEÇOTE DN 500 PN10","UN",{"v":39477.87,"d":"39,477.87"},null,null,{"v":39477.87,"d":"39,477.87"}]
["I5304","REGISTRO FLANGE/CABEÇOTE DN 600 PN10","UN",{"v":51656.75,"d":"51,656.75"},null,null,{"v":51656.75,"d":"51,656.75"}]
["I5306","REGISTRO FLANGE/CABEÇOTE DN 75 PN16","UN",772.03,null,null,772.03]
["I7147","REGISTRO FLANGE/CABEÇOTE DN 80 PN16","UN",718.77,null,null,718.77]
["I5448","REGISTRO GAV, OVAL C/ CABEÇOTE/FLANGE DN 700 PN25","UN",{"v":90108.66,"d":"90,108.66"},null,null,{"v":90108.66,"d":"90,108.66"}]
["I5438","REGISTRO GAV. OVAL C/ CABEÇOTE/FLANGE DN 100 PN25","UN",{"v":11225.84,"d":"11,225.84"},null,null,{"v":11225.84,"d":"11,225.84"}]
["I5451","REGISTRO GAV. OVAL C/ CABEÇOTE/FLANGE DN 1000 PN25","UN",{"v":152474.63,"d":"152,474.63"},null,null,{"v":152474.63,"d":"152,474.63"}]
["I5439","REGISTRO GAV. OVAL C/ CABEÇOTE/FLANGE DN 150 PN25","UN",{"v":13468.27,"d":"13,468.27"},null,null,{"v":13468.27,"d":"13,468.27"}]
["I5440","REGISTRO GAV. OVAL C/ CABEÇOTE/FLANGE DN 200 PN25","UN",{"v":15932.19,"d":"15,932.19"},null,null,{"v":15932.19,"d":"15,932.19"}]
["I5441","REGISTRO GAV. OVAL C/ CABEÇOTE/FLANGE DN 250 PN25","UN",{"v":22941.1,"d":"22,941.10"},null,null,{"v":22941.1,"d":"22,941.10"}]
["I5442","REGISTRO GAV. OVAL C/ CABEÇOTE/FLANGE DN 300 PN25","UN",{"v":24113.9,"d":"24,113.90"},null,null,{"v":24113.9,"d":"24,113.90"}]
["I5443","REGISTRO GAV. OVAL C/ CABEÇOTE/FLANGE DN 350 PN25","UN",{"v":29009.33,"d":"29,009.33"},null,null,{"v":29009.33,"d":"29,009.33"}]
["I5444","REGISTRO GAV. OVAL C/ CABEÇOTE/FLANGE DN 400 PN25","UN",{"v":33975.8,"d":"33,975.80"},null,null,{"v":33975.8,"d":"33,975.80"}]
["I5445","REGISTRO GAV. OVAL C/ CABEÇOTE/FLANGE DN 450 PN25","UN",{"v":42632.14,"d":"42,632.14"},null,null,{"v":42632.14,"d":"42,632.14"}]
["I5436","REGISTRO GAV. OVAL C/ CABEÇOTE/FLANGE DN 50 PN25","UN",{"v":8240.75,"d":"8,240.75"},null,null,{"v":8240.75,"d":"8,240.75"}]
["I5446","REGISTRO GAV. OVAL C/ CABEÇOTE/FLANGE DN 500 PN25","UN",{"v":45931.11,"d":"45,931.11"},null,null,{"v":45931.11,"d":"45,931.11"}]
["I5447","REGISTRO GAV. OVAL C/ CABEÇOTE/FLANGE DN 600 PN25","UN",{"v":69217.16,"d":"69,217.16"},null,null,{"v":69217.16,"d":"69,217.16"}]
["I5437","REGISTRO GAV. OVAL C/ CABEÇOTE/FLANGE DN 75 PN25","UN",{"v":8166.15,"d":"8,166.15"},null,null,{"v":8166.15,"d":"8,166.15"}]
["I5449","REGISTRO GAV. OVAL C/ CABEÇOTE/FLANGE DN 800 PN25","UN",{"v":102676.79,"d":"102,676.79"},null,null,{"v":102676.79,"d":"102,676.79"}]
["I5450","REGISTRO GAV. OVAL C/ CABEÇOTE/FLANGE DN 900 PN25","UN",{"v":122743.37,"d":"122,743.37"},null,null,{"v":122743.37,"d":"122,743.37"}]
["I7148","REGISTRO GAV. OVAL CABEÇOTE E FLANGE DN 80 PN25","UN",{"v":8727.53,"d":"8,727.53"},null,null,{"v":8727.53,"d":"8,727.53"}]
["I5083","REGISTRO GAVETA  OVAL B/C REDUTOR/BY-PASS DN 350 PN10/16","UN",{"v":38273.84,"d":"38,273.84"},null,null,{"v":38273.84,"d":"38,273.84"}]
["I5054","REGISTRO GAVETA BOLSA / CABEÇOTE DN 100 PN10/16","UN",{"v":1014.14,"d":"1,014.14"},null,null,{"v":1014.14,"d":"1,014.14"}]
["I5053","REGISTRO GAVETA BOLSA / CABEÇOTE DN 75 PN10/16","UN",759.88,null,null,759.88]
["I7149","REGISTRO GAVETA BOLSA/CABEÇOTE DN 80 PN10/16","UN",798.93,null,null,798.93]
["I5090","REGISTRO GAVETA BOLSA/VOLANTE DN 100 PN10/16","UN",{"v":1086.12,"d":"1,086.12"},null,null,{"v":1086.12,"d":"1,086.12"}]
["I5089","REGISTRO GAVETA BOLSA/VOLANTE DN 75 PN10/16","UN",808.69,null,null,808.69]
["I7150","REGISTRO GAVETA BOLSA/VOLANTE DN 80 PN10/16","UN",{"v":827.7,"d":"827.70"},null,null,{"v":827.7,"d":"827.70"}]
["I5058","REGISTRO GAVETA C/ BOLSA E CABEÇOTE DN 150 PN10","UN",{"v":1549.36,"d":"1,549.36"},null,null,{"v":1549.36,"d":"1,549.36"}]
["I5059","REGISTRO GAVETA C/ BOLSA E CABEÇOTE DN 200 PN10","UN",{"v":2551.25,"d":"2,551.25"},null,null,{"v":2551.25,"d":"2,551.25"}]
["I5060","REGISTRO GAVETA C/ BOLSA E CABEÇOTE DN 250 PN10","UN",{"v":3997.44,"d":"3,997.44"},null,null,{"v":3997.44,"d":"3,997.44"}]
["I5061","REGISTRO GAVETA C/ BOLSA E CABEÇOTE DN 300 PN10","UN",{"v":7691.42,"d":"7,691.42"},null,null,{"v":7691.42,"d":"7,691.42"}]
["I5117","REGISTRO GAVETA C/ BOLSA E VOLANTE DN 150 PN10","UN",{"v":1626.41,"d":"1,626.41"},null,null,{"v":1626.41,"d":"1,626.41"}]
["I5118","REGISTRO GAVETA C/ BOLSA E VOLANTE DN 200 PN10","UN",{"v":2682.66,"d":"2,682.66"},null,null,{"v":2682.66,"d":"2,682.66"}]
["I5119","REGISTRO GAVETA C/ BOLSA E VOLANTE DN 250 PN10","UN",{"v":4151.21,"d":"4,151.21"},null,null,{"v":4151.21,"d":"4,151.21"}]
["I5120","REGISTRO GAVETA C/ BOLSA E VOLANTE DN 300 PN10","UN",{"v":7815.81,"d":"7,815.81"},null,null,{"v":7815.81,"d":"7,815.81"}]
["I5071","REGISTRO GAVETA OVAL B/C BY-PASS DN 350 PN10/16","UN",{"v":28262.4,"d":"28,262.40"},null,null,{"v":28262.4,"d":"28,262.40"}]
["I5072","REGISTRO GAVETA OVAL B/C BY-PASS DN 400 PN10/16","UN",{"v":33715.06,"d":"33,715.06"},null,null,{"v":33715.06,"d":"33,715.06"}]
["I5073","REGISTRO GAVETA OVAL B/C BY-PASS DN 450 PN10/16","UN",{"v":41372.83,"d":"41,372.83"},null,null,{"v":41372.83,"d":"41,372.83"}]
["I5074","REGISTRO GAVETA OVAL B/C BY-PASS DN 500 PN10/16","UN",{"v":43356.02,"d":"43,356.02"},null,null,{"v":43356.02,"d":"43,356.02"}]
["I5075","REGISTRO GAVETA OVAL B/C BY-PASS DN 600 PN10/16","UN",{"v":62724.13,"d":"62,724.13"},null,null,{"v":62724.13,"d":"62,724.13"}]
["I5077","REGISTRO GAVETA OVAL B/C REDUTOR DN 350 PN10/16","UN",{"v":38666.68,"d":"38,666.68"},null,null,{"$f":"D4495","v":{"v":38666.68,"d":"38,666.68"}}]
["I5078","REGISTRO GAVETA OVAL B/C REDUTOR DN 400 PN10/16","UN",{"v":42749.41,"d":"42,749.41"},null,null,{"v":42749.41,"d":"42,749.41"}]
["I5079","REGISTRO GAVETA OVAL B/C REDUTOR DN 450 PN10/16","UN",{"v":50085.04,"d":"50,085.04"},null,null,{"v":50085.04,"d":"50,085.04"}]
["I5080","REGISTRO GAVETA OVAL B/C REDUTOR DN 500 PN10/16","UN",{"v":52206.16,"d":"52,206.16"},null,null,{"v":52206.16,"d":"52,206.16"}]
["I5081","REGISTRO GAVETA OVAL B/C REDUTOR DN 600 PN10/16","UN",{"v":72132.08,"d":"72,132.08"},null,null,{"v":72132.08,"d":"72,132.08"}]
["I5084","REGISTRO GAVETA OVAL B/C REDUTOR/BY-PASS DN 400 PN10/16","UN",{"v":42219.2,"d":"42,219.20"},null,null,{"v":42219.2,"d":"42,219.20"}]
["I5085","REGISTRO GAVETA OVAL B/C REDUTOR/BY-PASS DN 450 PN10/16","UN",{"v":49345.2,"d":"49,345.20"},null,null,{"v":49345.2,"d":"49,345.20"}]
["I5086","REGISTRO GAVETA OVAL B/C REDUTOR/BY-PASS DN 500 PN10/16","UN",{"v":60042.48,"d":"60,042.48"},null,null,{"v":60042.48,"d":"60,042.48"}]
["I5087","REGISTRO GAVETA OVAL B/C REDUTOR/BY-PASS DN 600 PN10/16","UN",{"v":72205.44,"d":"72,205.44"},null,null,{"v":72205.44,"d":"72,205.44"}]
["I5278","REGISTRO GAVETA OVAL B/V COM BY-PASS DN 250 PN10/16","UN",{"v":4370.2,"d":"4,370.20"},null,null,{"v":4370.2,"d":"4,370.20"}]
["I5279","REGISTRO GAVETA OVAL B/V COM BY-PASS DN 300 PN10/16","UN",{"v":5539.43,"d":"5,539.43"},null,null,{"v":5539.43,"d":"5,539.43"}]
["I5280","REGISTRO GAVETA OVAL B/V COM BY-PASS DN 350 PN10/16","UN",{"v":29886.34,"d":"29,886.34"},null,null,{"v":29886.34,"d":"29,886.34"}]
["I5281","REGISTRO GAVETA OVAL B/V COM BY-PASS DN 400 PN10/16","UN",{"v":35506.22,"d":"35,506.22"},null,null,{"v":35506.22,"d":"35,506.22"}]
["I5282","REGISTRO GAVETA OVAL B/V COM BY-PASS DN 450 PN10/16","UN",{"v":43490.03,"d":"43,490.03"},null,null,{"v":43490.03,"d":"43,490.03"}]
["I5283","REGISTRO GAVETA OVAL B/V COM BY-PASS DN 500 PN10/16","UN",{"v":46019.22,"d":"46,019.22"},null,null,{"v":46019.22,"d":"46,019.22"}]
["I5284","REGISTRO GAVETA OVAL B/V COM BY-PASS DN 600 PN10/16","UN",{"v":65866.93,"d":"65,866.93"},null,null,{"v":65866.93,"d":"65,866.93"}]
["I5286","REGISTRO GAVETA OVAL B/V MEC/REDUTOR DN 350 PN10/16","UN",{"v":35407.66,"d":"35,407.66"},null,null,{"v":35407.66,"d":"35,407.66"}]
["I5287","REGISTRO GAVETA OVAL B/V MEC/REDUTOR DN 400 PN10/16","UN",{"v":38624.76,"d":"38,624.76"},null,null,{"v":38624.76,"d":"38,624.76"}]
["I5288","REGISTRO GAVETA OVAL B/V MEC/REDUTOR DN 450 PN10/16","UN",{"v":45324.46,"d":"45,324.46"},null,null,{"v":45324.46,"d":"45,324.46"}]
["I5289","REGISTRO GAVETA OVAL B/V MEC/REDUTOR DN 500 PN10/16","UN",{"v":47672.24,"d":"47,672.24"},null,null,{"v":47672.24,"d":"47,672.24"}]
["I5290","REGISTRO GAVETA OVAL B/V MEC/REDUTOR DN 600 PN10/16","UN",{"v":65391.91,"d":"65,391.91"},null,null,{"v":65391.91,"d":"65,391.91"}]
["I5292","REGISTRO GAVETA OVAL B/V REDUTOR/BY-PASS DN 350 PN10/16","UN",{"v":39632.7,"d":"39,632.70"},null,null,{"v":39632.7,"d":"39,632.70"}]
["I5293","REGISTRO GAVETA OVAL B/V REDUTOR/BY-PASS DN 400 PN10/16","UN",{"v":43945.79,"d":"43,945.79"},null,null,{"v":43945.79,"d":"43,945.79"}]
["I5294","REGISTRO GAVETA OVAL B/V REDUTOR/BY-PASS DN 450 PN10/16","UN",{"v":50947.81,"d":"50,947.81"},null,null,{"v":50947.81,"d":"50,947.81"}]
["I5295","REGISTRO GAVETA OVAL B/V REDUTOR/BY-PASS DN 500 PN10/16","UN",{"v":62356.03,"d":"62,356.03"},null,null,{"v":62356.03,"d":"62,356.03"}]
["I5296","REGISTRO GAVETA OVAL B/V REDUTOR/BY-PASS DN 600 PN10/16","UN",{"v":73660.87,"d":"73,660.87"},null,null,{"v":73660.87,"d":"73,660.87"}]
["I5064","REGISTRO GAVETA OVAL BOLSA / CABEÇOTE DN 350 PN10/16","UN",{"v":28606.94,"d":"28,606.94"},null,null,{"v":28606.94,"d":"28,606.94"}]
["I5066","REGISTRO GAVETA OVAL BOLSA / CABEÇOTE DN 450 PN10/16","UN",{"v":41199.89,"d":"41,199.89"},null,null,{"v":41199.89,"d":"41,199.89"}]
["I5067","REGISTRO GAVETA OVAL BOLSA / CABEÇOTE DN 500 PN10/16","UN",{"v":43991.94,"d":"43,991.94"},null,null,{"v":43991.94,"d":"43,991.94"}]
["I5068","REGISTRO GAVETA OVAL BOLSA / CABEÇOTE DN 600 PN10/16","UN",{"v":62322.09,"d":"62,322.09"},null,null,{"v":62322.09,"d":"62,322.09"}]
["I5271","REGISTRO GAVETA OVAL BOLSA/VOLANTE DN 250 PN10/16","UN",{"v":3704.76,"d":"3,704.76"},null,null,{"v":3704.76,"d":"3,704.76"}]
["I5272","REGISTRO GAVETA OVAL BOLSA/VOLANTE DN 300 PN10/16","UN",{"v":4879.8,"d":"4,879.80"},null,null,{"v":4879.8,"d":"4,879.80"}]
["I5273","REGISTRO GAVETA OVAL BOLSA/VOLANTE DN 350 PN10/16","UN",{"v":29272.12,"d":"29,272.12"},null,null,{"v":29272.12,"d":"29,272.12"}]
["I5274","REGISTRO GAVETA OVAL BOLSA/VOLANTE DN 400 PN10/16","UN",{"v":34018.58,"d":"34,018.58"},null,null,{"v":34018.58,"d":"34,018.58"}]
["I5275","REGISTRO GAVETA OVAL BOLSA/VOLANTE DN 450 PN10/16","UN",{"v":42224.61,"d":"42,224.61"},null,null,{"v":42224.61,"d":"42,224.61"}]
["I5276","REGISTRO GAVETA OVAL BOLSA/VOLANTE DN 500 PN10/16","UN",{"v":45116.11,"d":"45,116.11"},null,null,{"v":45116.11,"d":"45,116.11"}]
["I5277","REGISTRO GAVETA OVAL BOLSA/VOLANTE DN 600 PN10/16","UN",{"v":63804.17,"d":"63,804.17"},null,null,{"v":63804.17,"d":"63,804.17"}]
["I5383","REGISTRO GAVETA OVAL C/F E BY-PASS DN 1000 PN10","UN",{"v":153309.56,"d":"153,309.56"},null,null,{"v":153309.56,"d":"153,309.56"}]
["I5394","REGISTRO GAVETA OVAL C/F E BY-PASS DN 1000 PN16","UN",{"v":154493.75,"d":"154,493.75"},null,null,{"v":154493.75,"d":"154,493.75"}]
["I5405","REGISTRO GAVETA OVAL C/F E BY-PASS DN 1000 PN25","UN",{"v":164973.63,"d":"164,973.63"},null,null,{"v":164973.63,"d":"164,973.63"}]
["I5373","REGISTRO GAVETA OVAL C/F E BY-PASS DN 250 PN10","UN",{"v":4604.82,"d":"4,604.82"},null,null,{"v":4604.82,"d":"4,604.82"}]
["I5384","REGISTRO GAVETA OVAL C/F E BY-PASS DN 250 PN16","UN",{"v":4576.68,"d":"4,576.68"},null,null,{"v":4576.68,"d":"4,576.68"}]
["I5395","REGISTRO GAVETA OVAL C/F E BY-PASS DN 250 PN25","UN",{"v":4851.42,"d":"4,851.42"},null,null,{"v":4851.42,"d":"4,851.42"}]
["I5374","REGISTRO GAVETA OVAL C/F E BY-PASS DN 300 PN10","UN",{"v":5794.62,"d":"5,794.62"},null,null,{"v":5794.62,"d":"5,794.62"}]
["I5385","REGISTRO GAVETA OVAL C/F E BY-PASS DN 300 PN16","UN",{"v":5863.65,"d":"5,863.65"},null,null,{"v":5863.65,"d":"5,863.65"}]
["I5396","REGISTRO GAVETA OVAL C/F E BY-PASS DN 300 PN25","UN",{"v":5942.42,"d":"5,942.42"},null,null,{"v":5942.42,"d":"5,942.42"}]
["I5375","REGISTRO GAVETA OVAL C/F E BY-PASS DN 350 PN10","UN",{"v":29228.2,"d":"29,228.20"},null,null,{"v":29228.2,"d":"29,228.20"}]
["I5386","REGISTRO GAVETA OVAL C/F E BY-PASS DN 350 PN16","UN",{"v":32481.41,"d":"32,481.41"},null,null,{"v":32481.41,"d":"32,481.41"}]
["I5397","REGISTRO GAVETA OVAL C/F E BY-PASS DN 350 PN25","UN",{"v":29754.58,"d":"29,754.58"},null,null,{"v":29754.58,"d":"29,754.58"}]
["I5376","REGISTRO GAVETA OVAL C/F E BY-PASS DN 400 PN10","UN",{"v":34212.58,"d":"34,212.58"},null,null,{"v":34212.58,"d":"34,212.58"}]
["I5387","REGISTRO GAVETA OVAL C/F E BY-PASS DN 400 PN16","UN",{"v":35373.41,"d":"35,373.41"},null,null,{"v":35373.41,"d":"35,373.41"}]
["I5398","REGISTRO GAVETA OVAL C/F E BY-PASS DN 400 PN25","UN",{"v":35451.23,"d":"35,451.23"},null,null,{"v":35451.23,"d":"35,451.23"}]
["I5377","REGISTRO GAVETA OVAL C/F E BY-PASS DN 450 PN10","UN",{"v":43110.42,"d":"43,110.42"},null,null,{"v":43110.42,"d":"43,110.42"}]
["I5388","REGISTRO GAVETA OVAL C/F E BY-PASS DN 450 PN16","UN",{"v":43347.26,"d":"43,347.26"},null,null,{"v":43347.26,"d":"43,347.26"}]
["I5399","REGISTRO GAVETA OVAL C/F E BY-PASS DN 450 PN25","UN",{"v":43549.12,"d":"43,549.12"},null,null,{"v":43549.12,"d":"43,549.12"}]
["I5378","REGISTRO GAVETA OVAL C/F E BY-PASS DN 500 PN10","UN",{"v":45401.8,"d":"45,401.80"},null,null,{"v":45401.8,"d":"45,401.80"}]
["I5389","REGISTRO GAVETA OVAL C/F E BY-PASS DN 500 PN16","UN",{"v":45106.69,"d":"45,106.69"},null,null,{"v":45106.69,"d":"45,106.69"}]
["I5400","REGISTRO GAVETA OVAL C/F E BY-PASS DN 500 PN25","UN",{"v":55129.87,"d":"55,129.87"},null,null,{"v":55129.87,"d":"55,129.87"}]
["I5379","REGISTRO GAVETA OVAL C/F E BY-PASS DN 600 PN10","UN",{"v":64648.07,"d":"64,648.07"},null,null,{"v":64648.07,"d":"64,648.07"}]
["I5390","REGISTRO GAVETA OVAL C/F E BY-PASS DN 600 PN16","UN",{"v":65197.31,"d":"65,197.31"},null,null,{"v":65197.31,"d":"65,197.31"}]
["I5401","REGISTRO GAVETA OVAL C/F E BY-PASS DN 600 PN25","UN",{"v":76591.94,"d":"76,591.94"},null,null,{"v":76591.94,"d":"76,591.94"}]
["I5380","REGISTRO GAVETA OVAL C/F E BY-PASS DN 700 PN10","UN",{"v":89543.21,"d":"89,543.21"},null,null,{"v":89543.21,"d":"89,543.21"}]
["I5391","REGISTRO GAVETA OVAL C/F E BY-PASS DN 700 PN16","UN",{"v":90673.2,"d":"90,673.20"},null,null,{"v":90673.2,"d":"90,673.20"}]
["I5402","REGISTRO GAVETA OVAL C/F E BY-PASS DN 700 PN25","UN",{"v":92319.91,"d":"92,319.91"},null,null,{"v":92319.91,"d":"92,319.91"}]
["I5381","REGISTRO GAVETA OVAL C/F E BY-PASS DN 800 PN10","UN",{"v":102313.15,"d":"102,313.15"},null,null,{"$f":"D4559","v":{"v":102313.15,"d":"102,313.15"}}]
["I5392","REGISTRO GAVETA OVAL C/F E BY-PASS DN 800 PN16","UN",{"v":109050.83,"d":"109,050.83"},null,null,{"v":109050.83,"d":"109,050.83"}]
["I5403","REGISTRO GAVETA OVAL C/F E BY-PASS DN 800 PN25","UN",{"v":104188.55,"d":"104,188.55"},null,null,{"v":104188.55,"d":"104,188.55"}]
["I5382","REGISTRO GAVETA OVAL C/F E BY-PASS DN 900 PN10","UN",{"v":125650.74,"d":"125,650.74"},null,null,{"v":125650.74,"d":"125,650.74"}]
["I5393","REGISTRO GAVETA OVAL C/F E BY-PASS DN 900 PN16","UN",{"v":121886.41,"d":"121,886.41"},null,null,{"v":121886.41,"d":"121,886.41"}]
["I5404","REGISTRO GAVETA OVAL C/F E BY-PASS DN 900 PN25","UN",{"v":129779.12,"d":"129,779.12"},null,null,{"v":129779.12,"d":"129,779.12"}]
["I5415","REGISTRO GAVETA OVAL C/F E MEC/REDUTOR DN 1000 PN10","UN",{"v":161368.73,"d":"161,368.73"},null,null,{"v":161368.73,"d":"161,368.73"}]
["I5425","REGISTRO GAVETA OVAL C/F E MEC/REDUTOR DN 1000 PN16","UN",{"v":168334.61,"d":"168,334.61"},null,null,{"v":168334.61,"d":"168,334.61"}]
["I5435","REGISTRO GAVETA OVAL C/F E MEC/REDUTOR DN 1000 PN25","UN",{"v":162170.67,"d":"162,170.67"},null,null,{"v":162170.67,"d":"162,170.67"}]
["I5407","REGISTRO GAVETA OVAL C/F E MEC/REDUTOR DN 350 PN10","UN",{"v":39442.42,"d":"39,442.42"},null,null,{"v":39442.42,"d":"39,442.42"}]
["I5417","REGISTRO GAVETA OVAL C/F E MEC/REDUTOR DN 350 PN16","UN",{"v":40993.07,"d":"40,993.07"},null,null,{"v":40993.07,"d":"40,993.07"}]
["I5427","REGISTRO GAVETA OVAL C/F E MEC/REDUTOR DN 350 PN25","UN",{"v":39855.98,"d":"39,855.98"},null,null,{"v":39855.98,"d":"39,855.98"}]
["I5408","REGISTRO GAVETA OVAL C/F E MEC/REDUTOR DN 400 PN10","UN",{"v":42895.16,"d":"42,895.16"},null,null,{"v":42895.16,"d":"42,895.16"}]
["I5418","REGISTRO GAVETA OVAL C/F E MEC/REDUTOR DN 400 PN16","UN",{"v":44679.39,"d":"44,679.39"},null,null,{"v":44679.39,"d":"44,679.39"}]
["I5428","REGISTRO GAVETA OVAL C/F E MEC/REDUTOR DN 400 PN25","UN",{"v":44061.18,"d":"44,061.18"},null,null,{"v":44061.18,"d":"44,061.18"}]
["I5409","REGISTRO GAVETA OVAL C/F E MEC/REDUTOR DN 450 PN10","UN",{"v":51079.03,"d":"51,079.03"},null,null,{"v":51079.03,"d":"51,079.03"}]
["I5419","REGISTRO GAVETA OVAL C/F E MEC/REDUTOR DN 450 PN16","UN",{"v":51972.41,"d":"51,972.41"},null,null,{"v":51972.41,"d":"51,972.41"}]
["I5429","REGISTRO GAVETA OVAL C/F E MEC/REDUTOR DN 450 PN25","UN",{"v":52270.36,"d":"52,270.36"},null,null,{"v":52270.36,"d":"52,270.36"}]
["I5410","REGISTRO GAVETA OVAL C/F E MEC/REDUTOR DN 500 PN10","UN",{"v":53859.14,"d":"53,859.14"},null,null,{"v":53859.14,"d":"53,859.14"}]
["I5420","REGISTRO GAVETA OVAL C/F E MEC/REDUTOR DN 500 PN16","UN",{"v":54005.8,"d":"54,005.80"},null,null,{"v":54005.8,"d":"54,005.80"}]
["I5430","REGISTRO GAVETA OVAL C/F E MEC/REDUTOR DN 500 PN25","UN",{"v":55975.73,"d":"55,975.73"},null,null,{"v":55975.73,"d":"55,975.73"}]
["I5411","REGISTRO GAVETA OVAL C/F E MEC/REDUTOR DN 600 PN10","UN",{"v":73017.85,"d":"73,017.85"},null,null,{"v":73017.85,"d":"73,017.85"}]
["I5421","REGISTRO GAVETA OVAL C/F E MEC/REDUTOR DN 600 PN16","UN",{"v":73700.61,"d":"73,700.61"},null,null,{"v":73700.61,"d":"73,700.61"}]
["I5431","REGISTRO GAVETA OVAL C/F E MEC/REDUTOR DN 600 PN25","UN",{"v":86864.78,"d":"86,864.78"},null,null,{"v":86864.78,"d":"86,864.78"}]
["I5412","REGISTRO GAVETA OVAL C/F E MEC/REDUTOR DN 700 PN10","UN",{"v":97188.66,"d":"97,188.66"},null,null,{"v":97188.66,"d":"97,188.66"}]
["I5422","REGISTRO GAVETA OVAL C/F E MEC/REDUTOR DN 700 PN16","UN",{"v":98038.3,"d":"98,038.30"},null,null,{"v":98038.3,"d":"98,038.30"}]
["I5432","REGISTRO GAVETA OVAL C/F E MEC/REDUTOR DN 700 PN25","UN",{"v":99772.09,"d":"99,772.09"},null,null,{"v":99772.09,"d":"99,772.09"}]
["I5413","REGISTRO GAVETA OVAL C/F E MEC/REDUTOR DN 800 PN10","UN",{"v":110660.49,"d":"110,660.49"},null,null,{"v":110660.49,"d":"110,660.49"}]
["I5423","REGISTRO GAVETA OVAL C/F E MEC/REDUTOR DN 800 PN16","UN",{"v":117196.96,"d":"117,196.96"},null,null,{"v":117196.96,"d":"117,196.96"}]
["I5433","REGISTRO GAVETA OVAL C/F E MEC/REDUTOR DN 800 PN25","UN",{"v":116346.45,"d":"116,346.45"},null,null,{"v":116346.45,"d":"116,346.45"}]
["I5414","REGISTRO GAVETA OVAL C/F E MEC/REDUTOR DN 900 PN10","UN",{"v":131519.84,"d":"131,519.84"},null,null,{"v":131519.84,"d":"131,519.84"}]
["I5424","REGISTRO GAVETA OVAL C/F E MEC/REDUTOR DN 900 PN16","UN",{"v":129531.33,"d":"129,531.33"},null,null,{"v":129531.33,"d":"129,531.33"}]
["I5434","REGISTRO GAVETA OVAL C/F E MEC/REDUTOR DN 900 PN25","UN",{"v":132498.98,"d":"132,498.98"},null,null,{"v":132498.98,"d":"132,498.98"}]
["I5343","REGISTRO GAVETA OVAL CABEÇOTE E FLANGE DN 100 PN16","UN",{"v":1437.08,"d":"1,437.08"},null,null,{"v":1437.08,"d":"1,437.08"}]
["I5341","REGISTRO GAVETA OVAL CABEÇOTE E FLANGE DN 1000 PN10","UN",{"v":148529.51,"d":"148,529.51"},null,null,{"v":148529.51,"d":"148,529.51"}]
["I5356","REGISTRO GAVETA OVAL CABEÇOTE E FLANGE DN 1000 PN16","UN",{"v":150460.68,"d":"150,460.68"},null,null,{"v":150460.68,"d":"150,460.68"}]
["I5344","REGISTRO GAVETA OVAL CABEÇOTE E FLANGE DN 150 PN16","UN",{"v":1933.88,"d":"1,933.88"},null,null,{"v":1933.88,"d":"1,933.88"}]
["I5330","REGISTRO GAVETA OVAL CABEÇOTE E FLANGE DN 200 PN10","UN",{"v":2360.94,"d":"2,360.94"},null,null,{"v":2360.94,"d":"2,360.94"}]
["I5345","REGISTRO GAVETA OVAL CABEÇOTE E FLANGE DN 200 PN16","UN",{"v":2531.51,"d":"2,531.51"},null,null,{"v":2531.51,"d":"2,531.51"}]
["I5331","REGISTRO GAVETA OVAL CABEÇOTE E FLANGE DN 250 PN10","UN",{"v":3773.52,"d":"3,773.52"},null,null,{"v":3773.52,"d":"3,773.52"}]
["I5332","REGISTRO GAVETA OVAL CABEÇOTE E FLANGE DN 300 PN10","UN",{"v":4986.48,"d":"4,986.48"},null,null,{"v":4986.48,"d":"4,986.48"}]
["I5347","REGISTRO GAVETA OVAL CABEÇOTE E FLANGE DN 300 PN16","UN",{"v":5502.98,"d":"5,502.98"},null,null,{"v":5502.98,"d":"5,502.98"}]
["I5333","REGISTRO GAVETA OVAL CABEÇOTE E FLANGE DN 350 PN10","UN",{"v":28654.12,"d":"28,654.12"},null,null,{"v":28654.12,"d":"28,654.12"}]
["I5348","REGISTRO GAVETA OVAL CABEÇOTE E FLANGE DN 350 PN16","UN",{"v":28933.45,"d":"28,933.45"},null,null,{"v":28933.45,"d":"28,933.45"}]
["I5334","REGISTRO GAVETA OVAL CABEÇOTE E FLANGE DN 400 PN10","UN",{"v":33395.31,"d":"33,395.31"},null,null,{"v":33395.31,"d":"33,395.31"}]
["I5349","REGISTRO GAVETA OVAL CABEÇOTE E FLANGE DN 400 PN16","UN",{"v":34443.59,"d":"34,443.59"},null,null,{"v":34443.59,"d":"34,443.59"}]
["I5335","REGISTRO GAVETA OVAL CABEÇOTE E FLANGE DN 450 PN10","UN",{"v":42251.53,"d":"42,251.53"},null,null,{"v":42251.53,"d":"42,251.53"}]
["I5350","REGISTRO GAVETA OVAL CABEÇOTE E FLANGE DN 450 PN16","UN",{"v":42764.24,"d":"42,764.24"},null,null,{"v":42764.24,"d":"42,764.24"}]
["I5351","REGISTRO GAVETA OVAL CABEÇOTE E FLANGE DN 500 PN16","UN",{"v":44760.27,"d":"44,760.27"},null,null,{"v":44760.27,"d":"44,760.27"}]
["I5337","REGISTRO GAVETA OVAL CABEÇOTE E FLANGE DN 600 PN10","UN",{"v":63871.02,"d":"63,871.02"},null,null,{"v":63871.02,"d":"63,871.02"}]
["I5352","REGISTRO GAVETA OVAL CABEÇOTE E FLANGE DN 600 PN16","UN",{"v":64704.46,"d":"64,704.46"},null,null,{"v":64704.46,"d":"64,704.46"}]
["I5338","REGISTRO GAVETA OVAL CABEÇOTE E FLANGE DN 700 PN10","UN",{"v":87308.44,"d":"87,308.44"},null,null,{"v":87308.44,"d":"87,308.44"}]
["I5353","REGISTRO GAVETA OVAL CABEÇOTE E FLANGE DN 700 PN16","UN",{"v":88247.83,"d":"88,247.83"},null,null,{"v":88247.83,"d":"88,247.83"}]
["I5342","REGISTRO GAVETA OVAL CABEÇOTE E FLANGE DN 75 PN16","UN",992.51,null,null,992.51]
["I5339","REGISTRO GAVETA OVAL CABEÇOTE E FLANGE DN 800 PN10","UN",{"v":101425.57,"d":"101,425.57"},null,null,{"v":101425.57,"d":"101,425.57"}]
["I5354","REGISTRO GAVETA OVAL CABEÇOTE E FLANGE DN 800 PN16","UN",{"v":105762.64,"d":"105,762.64"},null,null,{"v":105762.64,"d":"105,762.64"}]
["I5340","REGISTRO GAVETA OVAL CABEÇOTE E FLANGE DN 900 PN10","UN",{"v":124179.83,"d":"124,179.83"},null,null,{"v":124179.83,"d":"124,179.83"}]
["I5355","REGISTRO GAVETA OVAL CABEÇOTE E FLANGE DN 900 PN16","UN",{"v":121006.19,"d":"121,006.19"},null,null,{"v":121006.19,"d":"121,006.19"}]
["I5229","REGISTRO GAVETA OVAL F/V COM REDUTOR DN 900 PN16","UN",{"v":130964.77,"d":"130,964.77"},null,null,{"v":130964.77,"d":"130,964.77"}]
["I5188","REGISTRO GAVETA OVAL V/F COM BY-PASS DN 1000 PN10","UN",{"v":151556.21,"d":"151,556.21"},null,null,{"v":151556.21,"d":"151,556.21"}]
["I5199","REGISTRO GAVETA OVAL V/F COM BY-PASS DN 1000 PN16","UN",{"v":153104.17,"d":"153,104.17"},null,null,{"v":153104.17,"d":"153,104.17"}]
["I5210","REGISTRO GAVETA OVAL V/F COM BY-PASS DN 1000 PN25","UN",{"v":163986.61,"d":"163,986.61"},null,null,{"v":163986.61,"d":"163,986.61"}]
["I5178","REGISTRO GAVETA OVAL V/F COM BY-PASS DN 250 PN10","UN",{"v":4755.39,"d":"4,755.39"},null,null,{"v":4755.39,"d":"4,755.39"}]
["I5189","REGISTRO GAVETA OVAL V/F COM BY-PASS DN 250 PN16","UN",{"v":4740.43,"d":"4,740.43"},null,null,{"v":4740.43,"d":"4,740.43"}]
["I5200","REGISTRO GAVETA OVAL V/F COM BY-PASS DN 250 PN25","UN",{"v":5053.96,"d":"5,053.96"},null,null,{"$f":"D4623","v":{"v":5053.96,"d":"5,053.96"}}]
["I5179","REGISTRO GAVETA OVAL V/F COM BY-PASS DN 300 PN10","UN",{"v":6003.11,"d":"6,003.11"},null,null,{"v":6003.11,"d":"6,003.11"}]
["I5190","REGISTRO GAVETA OVAL V/F COM BY-PASS DN 300 PN16","UN",{"v":5927.32,"d":"5,927.32"},null,null,{"v":5927.32,"d":"5,927.32"}]
["I5201","REGISTRO GAVETA OVAL V/F COM BY-PASS DN 300 PN25","UN",{"v":6139.59,"d":"6,139.59"},null,null,{"v":6139.59,"d":"6,139.59"}]
["I5180","REGISTRO GAVETA OVAL V/F COM BY-PASS DN 350 PN10","UN",{"v":30323.42,"d":"30,323.42"},null,null,{"v":30323.42,"d":"30,323.42"}]
["I5191","REGISTRO GAVETA OVAL V/F COM BY-PASS DN 350 PN16","UN",{"v":33512.49,"d":"33,512.49"},null,null,{"v":33512.49,"d":"33,512.49"}]
["I5202","REGISTRO GAVETA OVAL V/F COM BY-PASS DN 350 PN25","UN",{"v":30599.07,"d":"30,599.07"},null,null,{"v":30599.07,"d":"30,599.07"}]
["I5181","REGISTRO GAVETA OVAL V/F COM BY-PASS DN 400 PN10","UN",{"v":34928.42,"d":"34,928.42"},null,null,{"v":34928.42,"d":"34,928.42"}]
["I5192","REGISTRO GAVETA OVAL V/F COM BY-PASS DN 400 PN16","UN",{"v":36263.44,"d":"36,263.44"},null,null,{"v":36263.44,"d":"36,263.44"}]
["I5203","REGISTRO GAVETA OVAL V/F COM BY-PASS DN 400 PN25","UN",{"v":35893.87,"d":"35,893.87"},null,null,{"v":35893.87,"d":"35,893.87"}]
["I5182","REGISTRO GAVETA OVAL V/F COM BY-PASS DN 450 PN10","UN",{"v":43871.05,"d":"43,871.05"},null,null,{"v":43871.05,"d":"43,871.05"}]
["I5193","REGISTRO GAVETA OVAL V/F COM BY-PASS DN 450 PN16","UN",{"v":43996.47,"d":"43,996.47"},null,null,{"v":43996.47,"d":"43,996.47"}]
["I5204","REGISTRO GAVETA OVAL V/F COM BY-PASS DN 450 PN25","UN",{"v":44332.19,"d":"44,332.19"},null,null,{"v":44332.19,"d":"44,332.19"}]
["I5183","REGISTRO GAVETA OVAL V/F COM BY-PASS DN 500 PN10","UN",{"v":45422.23,"d":"45,422.23"},null,null,{"v":45422.23,"d":"45,422.23"}]
["I5194","REGISTRO GAVETA OVAL V/F COM BY-PASS DN 500 PN16","UN",{"v":45344.86,"d":"45,344.86"},null,null,{"v":45344.86,"d":"45,344.86"}]
["I5205","REGISTRO GAVETA OVAL V/F COM BY-PASS DN 500 PN25","UN",{"v":55539.83,"d":"55,539.83"},null,null,{"v":55539.83,"d":"55,539.83"}]
["I5184","REGISTRO GAVETA OVAL V/F COM BY-PASS DN 600 PN10","UN",{"v":64842.44,"d":"64,842.44"},null,null,{"v":64842.44,"d":"64,842.44"}]
["I5195","REGISTRO GAVETA OVAL V/F COM BY-PASS DN 600 PN16","UN",{"v":65713.8,"d":"65,713.80"},null,null,{"v":65713.8,"d":"65,713.80"}]
["I5206","REGISTRO GAVETA OVAL V/F COM BY-PASS DN 600 PN25","UN",{"v":76671.45,"d":"76,671.45"},null,null,{"v":76671.45,"d":"76,671.45"}]
["I5185","REGISTRO GAVETA OVAL V/F COM BY-PASS DN 700 PN10","UN",{"v":90365.31,"d":"90,365.31"},null,null,{"v":90365.31,"d":"90,365.31"}]
["I5196","REGISTRO GAVETA OVAL V/F COM BY-PASS DN 700 PN16","UN",{"v":90886.51,"d":"90,886.51"},null,null,{"v":90886.51,"d":"90,886.51"}]
["I5207","REGISTRO GAVETA OVAL V/F COM BY-PASS DN 700 PN25","UN",{"v":93162.79,"d":"93,162.79"},null,null,{"v":93162.79,"d":"93,162.79"}]
["I5186","REGISTRO GAVETA OVAL V/F COM BY-PASS DN 800 PN10","UN",{"v":103204.71,"d":"103,204.71"},null,null,{"v":103204.71,"d":"103,204.71"}]
["I5197","REGISTRO GAVETA OVAL V/F COM BY-PASS DN 800 PN16","UN",{"v":110301.23,"d":"110,301.23"},null,null,{"v":110301.23,"d":"110,301.23"}]
["I5208","REGISTRO GAVETA OVAL V/F COM BY-PASS DN 800 PN25","UN",{"v":105550.26,"d":"105,550.26"},null,null,{"v":105550.26,"d":"105,550.26"}]
["I5187","REGISTRO GAVETA OVAL V/F COM BY-PASS DN 900 PN10","UN",{"v":127958.56,"d":"127,958.56"},null,null,{"v":127958.56,"d":"127,958.56"}]
["I5198","REGISTRO GAVETA OVAL V/F COM BY-PASS DN 900 PN16","UN",{"v":123187.63,"d":"123,187.63"},null,null,{"v":123187.63,"d":"123,187.63"}]
["I5209","REGISTRO GAVETA OVAL V/F COM BY-PASS DN 900 PN25","UN",{"v":131523.32,"d":"131,523.32"},null,null,{"v":131523.32,"d":"131,523.32"}]
["I5220","REGISTRO GAVETA OVAL V/F COM REDUTOR DN 1000 PN10","UN",{"v":162687.7,"d":"162,687.70"},null,null,{"v":162687.7,"d":"162,687.70"}]
["I5230","REGISTRO GAVETA OVAL V/F COM REDUTOR DN 1000 PN16","UN",{"v":167581.02,"d":"167,581.02"},null,null,{"v":167581.02,"d":"167,581.02"}]
["I5240","REGISTRO GAVETA OVAL V/F COM REDUTOR DN 1000 PN25","UN",{"v":163135.39,"d":"163,135.39"},null,null,{"v":163135.39,"d":"163,135.39"}]
["I5212","REGISTRO GAVETA OVAL V/F COM REDUTOR DN 350 PN10","UN",{"v":40805.18,"d":"40,805.18"},null,null,{"v":40805.18,"d":"40,805.18"}]
["I5222","REGISTRO GAVETA OVAL V/F COM REDUTOR DN 350 PN16","UN",{"v":41072.81,"d":"41,072.81"},null,null,{"v":41072.81,"d":"41,072.81"}]
["I5232","REGISTRO GAVETA OVAL V/F COM REDUTOR DN 350 PN25","UN",{"v":41391.94,"d":"41,391.94"},null,null,{"v":41391.94,"d":"41,391.94"}]
["I5213","REGISTRO GAVETA OVAL V/F COM REDUTOR DN 400 PN10","UN",{"v":43175.85,"d":"43,175.85"},null,null,{"v":43175.85,"d":"43,175.85"}]
["I5223","REGISTRO GAVETA OVAL V/F COM REDUTOR DN 400 PN16","UN",{"v":45067.59,"d":"45,067.59"},null,null,{"v":45067.59,"d":"45,067.59"}]
["I5233","REGISTRO GAVETA OVAL V/F COM REDUTOR DN 400 PN25","UN",{"v":44845.88,"d":"44,845.88"},null,null,{"v":44845.88,"d":"44,845.88"}]
["I5214","REGISTRO GAVETA OVAL V/F COM REDUTOR DN 450 PN10","UN",{"v":51398.35,"d":"51,398.35"},null,null,{"v":51398.35,"d":"51,398.35"}]
["I5224","REGISTRO GAVETA OVAL V/F COM REDUTOR DN 450 PN16","UN",{"v":52492.7,"d":"52,492.70"},null,null,{"v":52492.7,"d":"52,492.70"}]
["I5234","REGISTRO GAVETA OVAL V/F COM REDUTOR DN 450 PN25","UN",{"v":52293.55,"d":"52,293.55"},null,null,{"v":52293.55,"d":"52,293.55"}]
["I5215","REGISTRO GAVETA OVAL V/F COM REDUTOR DN 500 PN10","UN",{"v":53955.37,"d":"53,955.37"},null,null,{"v":53955.37,"d":"53,955.37"}]
["I5225","REGISTRO GAVETA OVAL V/F COM REDUTOR DN 500 PN16","UN",{"v":54020.53,"d":"54,020.53"},null,null,{"v":54020.53,"d":"54,020.53"}]
["I5235","REGISTRO GAVETA OVAL V/F COM REDUTOR DN 500 PN25","UN",{"v":55867.69,"d":"55,867.69"},null,null,{"v":55867.69,"d":"55,867.69"}]
["I5216","REGISTRO GAVETA OVAL V/F COM REDUTOR DN 600 PN10","UN",{"v":72866.24,"d":"72,866.24"},null,null,{"v":72866.24,"d":"72,866.24"}]
["I5226","REGISTRO GAVETA OVAL V/F COM REDUTOR DN 600 PN16","UN",{"v":73790.56,"d":"73,790.56"},null,null,{"v":73790.56,"d":"73,790.56"}]
["I5236","REGISTRO GAVETA OVAL V/F COM REDUTOR DN 600 PN25","UN",{"v":86235.55,"d":"86,235.55"},null,null,{"v":86235.55,"d":"86,235.55"}]
["I5217","REGISTRO GAVETA OVAL V/F COM REDUTOR DN 700 PN10","UN",{"v":97442.96,"d":"97,442.96"},null,null,{"v":97442.96,"d":"97,442.96"}]
["I5227","REGISTRO GAVETA OVAL V/F COM REDUTOR DN 700 PN16","UN",{"v":97712.15,"d":"97,712.15"},null,null,{"v":97712.15,"d":"97,712.15"}]
["I5237","REGISTRO GAVETA OVAL V/F COM REDUTOR DN 700 PN25","UN",{"v":100480.1,"d":"100,480.10"},null,null,{"v":100480.1,"d":"100,480.10"}]
["I5218","REGISTRO GAVETA OVAL V/F COM REDUTOR DN 800 PN10","UN",{"v":111045.13,"d":"111,045.13"},null,null,{"v":111045.13,"d":"111,045.13"}]
["I5228","REGISTRO GAVETA OVAL V/F COM REDUTOR DN 800 PN16","UN",{"v":117218.37,"d":"117,218.37"},null,null,{"v":117218.37,"d":"117,218.37"}]
["I5238","REGISTRO GAVETA OVAL V/F COM REDUTOR DN 800 PN25","UN",{"v":116607.34,"d":"116,607.34"},null,null,{"v":116607.34,"d":"116,607.34"}]
["I5219","REGISTRO GAVETA OVAL V/F COM REDUTOR DN 900 PN10","UN",{"v":131591.7,"d":"131,591.70"},null,null,{"v":131591.7,"d":"131,591.70"}]
["I5239","REGISTRO GAVETA OVAL V/F COM REDUTOR DN 900 PN25","UN",{"v":130846.13,"d":"130,846.13"},null,null,{"v":130846.13,"d":"130,846.13"}]
["I5250","REGISTRO GAVETA OVAL V/F REDUTOR/BY-PASS DN 1000 PN10","UN",{"v":165316.35,"d":"165,316.35"},null,null,{"v":165316.35,"d":"165,316.35"}]
["I5260","REGISTRO GAVETA OVAL V/F REDUTOR/BY-PASS DN 1000 PN16","UN",{"v":165340.55,"d":"165,340.55"},null,null,{"v":165340.55,"d":"165,340.55"}]
["I5270","REGISTRO GAVETA OVAL V/F REDUTOR/BY-PASS DN 1000 PN25","UN",{"v":177680.85,"d":"177,680.85"},null,null,{"v":177680.85,"d":"177,680.85"}]
["I5242","REGISTRO GAVETA OVAL V/F REDUTOR/BY-PASS DN 350 PN10","UN",{"v":41546.16,"d":"41,546.16"},null,null,{"v":41546.16,"d":"41,546.16"}]
["I5252","REGISTRO GAVETA OVAL V/F REDUTOR/BY-PASS DN 350 PN16","UN",{"v":41853.08,"d":"41,853.08"},null,null,{"v":41853.08,"d":"41,853.08"}]
["I5262","REGISTRO GAVETA OVAL V/F REDUTOR/BY-PASS DN 350 PN25","UN",{"v":42026.8,"d":"42,026.80"},null,null,{"v":42026.8,"d":"42,026.80"}]
["I5243","REGISTRO GAVETA OVAL V/F REDUTOR/BY-PASS DN 400 PN10","UN",{"v":43862.89,"d":"43,862.89"},null,null,{"v":43862.89,"d":"43,862.89"}]
["I5253","REGISTRO GAVETA OVAL V/F REDUTOR/BY-PASS DN 400 PN16","UN",{"v":44577.2,"d":"44,577.20"},null,null,{"v":44577.2,"d":"44,577.20"}]
["I5263","REGISTRO GAVETA OVAL V/F REDUTOR/BY-PASS DN 400 PN25","UN",{"v":45257.4,"d":"45,257.40"},null,null,{"v":45257.4,"d":"45,257.40"}]
["I5244","REGISTRO GAVETA OVAL V/F REDUTOR/BY-PASS DN 450 PN10","UN",{"v":51908.53,"d":"51,908.53"},null,null,{"v":51908.53,"d":"51,908.53"}]
["I5254","REGISTRO GAVETA OVAL V/F REDUTOR/BY-PASS DN 450 PN16","UN",{"v":51815.86,"d":"51,815.86"},null,null,{"$f":"D4687","v":{"v":51815.86,"d":"51,815.86"}}]
["I5264","REGISTRO GAVETA OVAL V/F REDUTOR/BY-PASS DN 450 PN25","UN",{"v":52630.78,"d":"52,630.78"},null,null,{"v":52630.78,"d":"52,630.78"}]
["I5245","REGISTRO GAVETA OVAL V/F REDUTOR/BY-PASS DN 500 PN10","UN",{"v":60590.42,"d":"60,590.42"},null,null,{"v":60590.42,"d":"60,590.42"}]
["I5255","REGISTRO GAVETA OVAL V/F REDUTOR/BY-PASS DN 500 PN16","UN",{"v":54723.02,"d":"54,723.02"},null,null,{"v":54723.02,"d":"54,723.02"}]
["I5265","REGISTRO GAVETA OVAL V/F REDUTOR/BY-PASS DN 500 PN25","UN",{"v":64706.41,"d":"64,706.41"},null,null,{"v":64706.41,"d":"64,706.41"}]
["I5246","REGISTRO GAVETA OVAL V/F REDUTOR/BY-PASS DN 600 PN10","UN",{"v":73568.93,"d":"73,568.93"},null,null,{"v":73568.93,"d":"73,568.93"}]
["I5256","REGISTRO GAVETA OVAL V/F REDUTOR/BY-PASS DN 600 PN16","UN",{"v":73818,"d":"73,818.00"},null,null,{"v":73818,"d":"73,818.00"}]
["I5266","REGISTRO GAVETA OVAL V/F REDUTOR/BY-PASS DN 600 PN25","UN",{"v":86502.5,"d":"86,502.50"},null,null,{"v":86502.5,"d":"86,502.50"}]
["I5247","REGISTRO GAVETA OVAL V/F REDUTOR/BY-PASS DN 700 PN10","UN",{"v":97459.9,"d":"97,459.90"},null,null,{"v":97459.9,"d":"97,459.90"}]
["I5267","REGISTRO GAVETA OVAL V/F REDUTOR/BY-PASS DN 700 PN25","UN",{"v":107695.43,"d":"107,695.43"},null,null,{"v":107695.43,"d":"107,695.43"}]
["I5248","REGISTRO GAVETA OVAL V/F REDUTOR/BY-PASS DN 800 PN10","UN",{"v":112246.09,"d":"112,246.09"},null,null,{"v":112246.09,"d":"112,246.09"}]
["I5258","REGISTRO GAVETA OVAL V/F REDUTOR/BY-PASS DN 800 PN16","UN",{"v":117632.39,"d":"117,632.39"},null,null,{"v":117632.39,"d":"117,632.39"}]
["I5268","REGISTRO GAVETA OVAL V/F REDUTOR/BY-PASS DN 800 PN25","UN",{"v":119902.44,"d":"119,902.44"},null,null,{"v":119902.44,"d":"119,902.44"}]
["I5249","REGISTRO GAVETA OVAL V/F REDUTOR/BY-PASS DN 900 PN10","UN",{"v":133763.51,"d":"133,763.51"},null,null,{"v":133763.51,"d":"133,763.51"}]
["I5259","REGISTRO GAVETA OVAL V/F REDUTOR/BY-PASS DN 900 PN16","UN",{"v":135453.46,"d":"135,453.46"},null,null,{"v":135453.46,"d":"135,453.46"}]
["I5164","REGISTRO GAVETA OVAL VOLANTE E FLANGE DN 100 PN16","UN",{"v":1527.57,"d":"1,527.57"},null,null,{"v":1527.57,"d":"1,527.57"}]
["I5162","REGISTRO GAVETA OVAL VOLANTE E FLANGE DN 1000 PN10","UN",{"v":154431.26,"d":"154,431.26"},null,null,{"v":154431.26,"d":"154,431.26"}]
["I5177","REGISTRO GAVETA OVAL VOLANTE E FLANGE DN 1000 PN16","UN",{"v":151491.71,"d":"151,491.71"},null,null,{"v":151491.71,"d":"151,491.71"}]
["I5165","REGISTRO GAVETA OVAL VOLANTE E FLANGE DN 150 PN16","UN",{"v":2128.55,"d":"2,128.55"},null,null,{"v":2128.55,"d":"2,128.55"}]
["I5166","REGISTRO GAVETA OVAL VOLANTE E FLANGE DN 200 PN16","UN",{"v":2726.43,"d":"2,726.43"},null,null,{"v":2726.43,"d":"2,726.43"}]
["I5152","REGISTRO GAVETA OVAL VOLANTE E FLANGE DN 250 PN10","UN",{"v":4002.48,"d":"4,002.48"},null,null,{"v":4002.48,"d":"4,002.48"}]
["I5167","REGISTRO GAVETA OVAL VOLANTE E FLANGE DN 250 PN16","UN",{"v":4381.99,"d":"4,381.99"},null,null,{"v":4381.99,"d":"4,381.99"}]
["I5153","REGISTRO GAVETA OVAL VOLANTE E FLANGE DN 300 PN10","UN",{"v":5211.47,"d":"5,211.47"},null,null,{"v":5211.47,"d":"5,211.47"}]
["I5168","REGISTRO GAVETA OVAL VOLANTE E FLANGE DN 300 PN16","UN",{"v":5747.5,"d":"5,747.50"},null,null,{"v":5747.5,"d":"5,747.50"}]
["I5154","REGISTRO GAVETA OVAL VOLANTE E FLANGE DN 350 PN10","UN",{"v":29184.44,"d":"29,184.44"},null,null,{"v":29184.44,"d":"29,184.44"}]
["I51